{"text_format":"1","workbook":"xlsx","n_sheets":18,"sheets":["NOVO","MENU","DADOS","BDI","ORÇAMENTO","EVENTOS","CÁLCULO","CRONOPLE","CRONO","QCI","PLE","BM","RRE","OFÍCIO","PO-PLE","CFF-PLE","PO-BM","CFF-BM"],"not_rendered":{"charts":0,"images":2,"macros":1,"external_links":0,"defined_names":349,"comments":7,"pivot_tables":0},"unopened":[],"bounds":{"document_bytes":16777216,"sheet_cells":100000,"rows_first":2000,"rows_last":500,"rows_between":2000,"halvings":0,"cell_chars":16384,"cell_head_chars":4096},"cells_cut":0,"cells_raw":0,"read":"whole","date_system":"1900"}

{"sheet":"NOVO","index":0,"n_rows":128,"n_cols":4,"rows_kept":128,"cut":false,"hidden":false,"merged":[]}
[]
[]
[null,"Novidades da Versão"]
[]
[]
["V3.00"]
[null,"GERAL"]
[null,null,{"$f":"IF(D8<>\"\",\"▪\",\"\")","v":"▪"},"Lançamento: Adequação à Portaria 424/2016. Acompanhamento por Eventos."]
[null,null,{"$f":"IF(D9<>\"\",\"▪\",\"\")","v":""}]
["V3.01"]
[null,"GERAL"]
[null,null,{"$f":"IF(D12<>\"\",\"▪\",\"\")","v":"▪"},"Ajustes de formatações."]
[null,"PO"]
[null,null,{"$f":"IF(D14<>\"\",\"▪\",\"\")","v":"▪"},"Correção da aplicação do BDI não desonerado."]
[null,null,{"$f":"IF(D15<>\"\",\"▪\",\"\")","v":"▪"},"Inclusão de coluna exclusiva \"Preço Unitário Edital\", para o Modo 'Orçamento Licitado'."]
[]
["V3.02"]
[null,"GERAL"]
[null,null,{"$f":"IF(D19<>\"\",\"▪\",\"\")","v":"▪"},"Ajustes de formatações."]
[null,null,{"$f":"IF(D20<>\"\",\"▪\",\"\")","v":"▪"},"Correção do Problema de Guias ocultas no BROFFICE."]
[null,"ORÇAMENTO"]
[null,null,{"$f":"IF(D22<>\"\",\"▪\",\"\")","v":"▪"},"Ampliada obtenção de dados da Planilha Referência de 20.000 para 65.536 linhas."]
[null,"CRONOGRAMA"]
[null,null,{"$f":"IF(D24<>\"\",\"▪\",\"\")","v":"▪"},"Correção na formulação do total acumulado por Repasse, CP e Outros"]
[null,"QCI"]
[null,null,{"$f":"IF(D26<>\"\",\"▪\",\"\")","v":"▪"},"Correção na formulação do arredondamento no rateio dos valores do QCI."]
[null,"RRE"]
[null,null,{"$f":"IF(D28<>\"\",\"▪\",\"\")","v":"▪"},"Correção na formulação do total por Repasse, CP e Outros."]
[]
["V3.03"]
[null,"GERAL"]
[null,null,{"$f":"IF(D32<>\"\",\"▪\",\"\")","v":"▪"},"Correção do Problema de Guias ocultas no BROFFICE."]
[null,"CÁLCULO"]
[null,null,{"$f":"IF(D34<>\"\",\"▪\",\"\")","v":"▪"},"Corrigida lentidão e travamento ao incluir e excluir frentes."]
[]
[]
["V3.04"]
[null,"BDI"]
[null,null,{"$f":"IF(D39<>\"\",\"▪\",\"\")","v":"▪"},"Correção da CPRB que exibia 4,5% mesmo quando não desonerado."]
[null,"CRONOGRAMA"]
[null,null,{"$f":"IF(D41<>\"\",\"▪\",\"\")","v":"▪"},"Correção da distribuição de Repasse, CP e Outros para as metas manuais."]
[null,"QCI"]
[null,null,{"$f":"IF(D43<>\"\",\"▪\",\"\")","v":"▪"},"Adicionado botão para adotar a CP do QCI como CP do contrato (zera saldo a reprogramar de CP)."]
[]
["V3.05"]
[null,"GERAL"]
[null,null,{"$f":"IF(D47<>\"\",\"▪\",\"\")","v":"▪"},"Corrigido modo de Cálculo da Planilha para Automático."]
[]
["V3.06"]
[null,"GERAL"]
[null,null,{"$f":"IF(D51<>\"\",\"▪\",\"\")","v":"▪"},"Adicionado modo de arredondamento para compatibilidade com o TransfereGOV, altera na aba DADOS"]
[null,null,{"$f":"IF(D52<>\"\",\"▪\",\"\")","v":"▪"},"A planilha passará a ser disponibilizada com o formato .xlsm. Deve ser usado arquivo referência 1.9 ou superior, também no formato .xlsm"]
[]
["V3.07"]
[null,"GERAL"]
[null,null,{"$f":"IF(D56<>\"\",\"▪\",\"\")","v":"▪"},"Alterada a posição da aba NOVO para antes da aba MENU."]
[null,null,{"$f":"IF(D57<>\"\",\"▪\",\"\")","v":"▪"},"Alterada a posição da aba CÁLCULO para depois da aba EVENTOS. Pois, no caso de acompanhamento por PLE, a lista supensa na coluna \"Nº  Agrupador de Eventos\" na aba CÁLCULO depende do preenchimento prévio da aba EVENTOS."]
[null,null,"▪","Alterada a posição da aba CRONO para depois da aba CRONOPLE. Pois, no caso de acompanhamento por PLE, a aba CRONO tem o preenchimento automático a partir da aba CRONOPLE."]
[null,null,"▪","Alterada a posição da aba PLE para depois da aba QCI. Com a finalidade de deixar agrupadas todas as abas de acompanhamento (PLE, BM, RRE, OFÍCIO)."]
[null,null,"▪","Acrescentados botões de navegação (cor azul claro) em várias abas. Em relação a esses botões, também foram ajustados os links, nomes e formatação."]
[null,null,"▪","Criada macro para exibir apenas as abas pertinentes (exemplo: caso o acompanhamento seja por PLE, a aba BM fica oculta)."]
[null,null,"▪","Ajuste na macro para correção automática do Nº AGRUPADOR DE EVENTOS na aba CÁLCULO, quando se ADCIONAR ou EXCLUIR LINHAS na aba EVENTOS."]
[null,"MENU"]
[null,null,{"$f":"IF(D64<>\"\",\"▪\",\"\")","v":"▪"},"Acrescentado o botão \"IMPORTAR DE OUTROS MODELOS CAIXA\": PO (MO27476); PLE (MO27477); e QCI (MO41211)."]
[null,null,{"$f":"IF(D65<>\"\",\"▪\",\"\")","v":"▪"},"Acrescentado o botão de seleção \"Importar Fórmulas para o Custo Unitário (aba ORÇAMENTO)\". "]
[null,null,null,"Caso selecionada, será importada a fórmula (se houver) do custo unitário; Caso desmarcada, será importado somente o valor."]
[null,null,{"$f":"IF(D67<>\"\",\"▪\",\"\")","v":"▪"},"Acrescentado o botão de seleção \"Importar Fórmulas para as Quantidades da PLQ (aba CÁLCULO)\". "]
[null,null,null,"Caso selecionada, será importada a fórmula (se houver) do quantitativo; Caso desmarcada, será importado somente o valor."]
[null,null,{"$f":"IF(D69<>\"\",\"▪\",\"\")","v":"▪"},"Atualizada a macro de Importação para incluir a importar da coluna \"Nº Agrupador de Eventos\" da aba CÁLCULO."]
[null,null,{"$f":"IF(D70<>\"\",\"▪\",\"\")","v":"▪"},"Atualizada a macro de Imprimir Documentos (para englobar as abas EVENTOS e CRONOPLE)."]
[null,"BDI"]
[null,null,{"$f":"IF(D72<>\"\",\"▪\",\"\")","v":"▪"},"Ajuste automático do valor da CPRB em função da data base do orçamento (para atendimento do Art. 9-A da Lei 12.546 de 14/12/2011)."]
[null,"EVENTOS"]
[null,null,{"$f":"IF(D74<>\"\",\"▪\",\"\")","v":"▪"},"Acrescentados os dados de identificação do Contrato de Repasse."]
[null,null,{"$f":"IF(D75<>\"\",\"▪\",\"\")","v":"▪"},"Acrescentadas as colunas dos totais dos Eventos por Frentes de Obra."]
[null,null,{"$f":"IF(D76<>\"\",\"▪\",\"\")","v":"▪"},"Acrescentados os dados de Local, Data e Responsável Técnico."]
[null,null,{"$f":"IF(D77<>\"\",\"▪\",\"\")","v":"▪"},"Acrescentado FILTRO para exibir apenas as linhas preenchidas."]
[null,"CRONOPLE"]
[null,null,{"$f":"IF(D79<>\"\",\"▪\",\"\")","v":"▪"},"Acrescentados os dados de identificação do Contrato de Repasse."]
[null,null,{"$f":"IF(D80<>\"\",\"▪\",\"\")","v":"▪"},"Acrescentado o quadro \"Cronograma\" com percentual e valor da parcela e percentual e valor acumulado."]
[null,null,{"$f":"IF(D81<>\"\",\"▪\",\"\")","v":"▪"},"Acrescentados os dados de Local, Data e Responsável Técnico."]
[null,null,{"$f":"IF(D82<>\"\",\"▪\",\"\")","v":"▪"},"Acrescentado FILTRO para exibir apenas as linhas preenchidas."]
[null,"RRE"]
[null,null,{"$f":"IF(D84<>\"\",\"▪\",\"\")","v":"▪"},"Correção na fórmula da data, para replicar a “Data de fechamento do RRE” na aba DADOS."]
[null,"OFÍCIO"]
[null,null,{"$f":"IF(D86<>\"\",\"▪\",\"\")","v":"▪"},"Exclusão do quadro \"Resumo de Valores por CTEF\"."]
[]
["V3.08"]
[null,"GERAL"]
[null,null,{"$f":"IF(D90<>\"\",\"▪\",\"\")","v":"▪"},"Incluídos alertas de erro de preenchimento em todas as abas."]
[null,"MENU"]
[null,null,{"$f":"IF(D92<>\"\",\"▪\",\"\")","v":"▪"},"Incluído botão de macro para gerar arquivo (em xlsx) para upload da PO e CFF no TransfereGOV."]
[null,null,{"$f":"IF(D93<>\"\",\"▪\",\"\")","v":"▪"},"Ajustada a macro \"Importar de outra Planilha Múltipla\" para importar o Cronograma da aba CRONO. Também foram incluídas as importações dos campos: Data do preenchimento (DADOS), Data de fechamento do RRE (DADOS); nº da 1ª Parcela do Cronograma (CRONO), mês da 1ª Parcela do Cronograma (CRONO), nº da Medição (BM) e nº da Medição (PLE)."]
[null,null,{"$f":"IF(D94<>\"\",\"▪\",\"\")","v":"▪"},"Incluída a informação do progresso na macro \"Importar de outra Planilha Múltipla\", por meio de uma barra de progresso (janela que será exibida na tela) e da indicação das etapas de importação na barra de status do Excel (canto inferior esquerdo da janela do Excel)."]
[null,"BDI"]
[null,null,{"$f":"IF(D96<>\"\",\"▪\",\"\")","v":"▪"},"Incluídos botões de navegação para os formulários de BDI (BDI 1, BDI 2, BDI 3)."]
[null,"ORÇAMENTO"]
[null,null,{"$f":"IF(D98<>\"\",\"▪\",\"\")","v":"▪"},"Incluído botão de macro para padronizar as siglas de unidades, conforme lista de siglas válidas no TransfereGOV."]
[null,"EVENTOS"]
[null,null,{"$f":"IF(D100<>\"\",\"▪\",\"\")","v":"▪"},"O Título de Evento \"Administração Local\" com preenchimento automático proporcional agora é exibido apenas no modo Arredondamento de Frentes \"Tradicional\" e para a opção Agrupadores de Eventos \"Definir Manualmente\"."]
[null,null,{"$f":"IF(D101<>\"\",\"▪\",\"\")","v":"▪"},"Não é mais possível deixar Eventos em branco (sem nome ou sem valor)."]
[null,"CÁLCULO"]
[null,null,{"$f":"IF(D103<>\"\",\"▪\",\"\")","v":"▪"},"Não é mais possível deixar Frentes de Obra em branco (sem nome ou sem quantidades)."]
[null,"CRONOPLE"]
[null,null,{"$f":"IF(D105<>\"\",\"▪\",\"\")","v":"▪"},"Incluído campo para selecionar o Título do Evento referente à Administração Local (acompanhamento por PLE)."]
[null,null,{"$f":"IF(D106<>\"\",\"▪\",\"\")","v":"▪"},"Incluída linha com o percentual acumulado da Administração Local em cada período."]
[null,"CRONO"]
[null,null,{"$f":"IF(D108<>\"\",\"▪\",\"\")","v":"▪"},"Ajustada a fórmula do % acumulado a partir da parcela 13 (para manter o padrão da fórmula das parcelas 1 a 12)."]
[null,null,{"$f":"IF(D109<>\"\",\"▪\",\"\")","v":"▪"},"Incluído campo para selecionar o Macrosserviço referente à Administração Local (acompanhamento por BM)."]
[null,null,{"$f":"IF(D110<>\"\",\"▪\",\"\")","v":"▪"},"Incluída linha com o percentual acumulado da Administração Local em cada parcela."]
[null,"RRE"]
[null,null,{"$f":"IF(D112<>\"\",\"▪\",\"\")","v":"▪"},"Corrigida a fórmula do % no quadro \"Percentual previsto em:\". Que estava limitada a buscar o % previsto até a parcela 12."]
[null,"PLE"]
[null,null,{"$f":"IF(D114<>\"\",\"▪\",\"\")","v":"▪"},"Incluída linha com o percentual acumulado da Administração Local em cada medição."]
[null,"BM"]
[null,null,{"$f":"IF(D116<>\"\",\"▪\",\"\")","v":"▪"},"Incluído campo com o percentual medido acumulado da Administração Local."]
[]
["V3.09"]
[null,"MENU"]
[null,null,{"$f":"IF(D120<>\"\",\"▪\",\"\")","v":"▪"},"Atualizada a macro \"Gerar arquivo para upload no TransfereGOV\" para ajustar os códigos de composições SINAPI (acrescentar zeros a esquerda até completar dez dígitos) para Data base igual ou superior a JAN/2025."]
[null,"ORÇAMENTO"]
[null,null,{"$f":"IF(D122<>\"\",\"▪\",\"\")","v":"▪"},"Acrescentada formatação condicional na coluna \"Descrição\" para exibir os textos de alerta de erro, textos que começam com \"(\", na cor vermelha."]
[null,"BDI"]
[null,null,{"$f":"IF(D124<>\"\",\"▪\",\"\")","v":"▪"},"Corrigida a macro dos botões de navegação para os formulários do BDI."]
[]
["V3.10"]
[null,"GERAL"]
[null,null,{"$f":"IF(D128<>\"\",\"▪\",\"\")","v":"▪"},"Corrigidas as fórmulas da v3.08 / v3.09 que eram incompatíveis com as versões do Excel anteriores ao Office 365."]

{"sheet":"MENU","index":1,"n_rows":24,"n_cols":15,"rows_kept":24,"cut":false,"hidden":false,"merged":[[19,1,19,7],[7,1,7,7],[1,4,2,6],[15,1,15,7]]}
[null,null,null,null,null,null,null,null,null,"PM",true]
[null,null,null,null,{"$f":"CHOOSE(MATCH(Objeto,{\"PM\",\"PO\"}),\"PLANILHA MÚLTIPLA \",\"PLANILHA ORÇAMENTÁRIA \")& Versao","v":"PLANILHA MÚLTIPLA v3.10"},null,null,null,null,"v3.10",true]
[null,null,null,null,null,null,null,null,null,null,null,null,null,null,1]
[null,null,null,null,null,null,null,null,null,{"$f":"IF(VALUE(MENU!$O$4)=2,\"BM\",\"PLE\")","v":"BM"},null,null,null,null,2]
[null,null,null,null,null,null,null,null,null,"Proposto"]
[null,null,null,null,"DADOS DO CONTRATO",null,"NOVIDADES DA VERSÃO",null,null,"Licitado"]
[null,null,null,null,null,null,null,null,null,"PLE"]
[null,{"$f":"IF($O$3<>2,\"DOCUMENTAÇÃO DA PROPOSTA\",\"PROPOSTA: Para visualizar/preencher esta seção, altere o TIPO DE ORÇAMENTO para 'Proposto'\")","v":"DOCUMENTAÇÃO DA PROPOSTA"},null,null,null,null,null,null,null,"BM",null,"LEGENDA:"]
[null,null,null,null,null,null,null,null,null,null,null,"Cores das células:"]
[null,null,{"$f":"IF(TIPOORCAMENTO<>\"Proposto\",\"\",\"                    BDI                    \")","v":"                    BDI                    "},null,{"$f":"IF(TIPOORCAMENTO<>\"Proposto\",\"\",\"             ORÇAMENTO             \")","v":"             ORÇAMENTO             "},null,{"$f":"IF(TIPOORCAMENTO<>\"Proposto\",\"\",\"MEMÓRIA DE CÁLCULO / PLQ\")","v":"MEMÓRIA DE CÁLCULO / PLQ"},null,null,null,null,null,null,"Fundo amarelo: células para preencher"]
[]
[null,null,{"$f":"IF(TIPOORCAMENTO<>\"Proposto\",\"\",\"                    QCI                    \")","v":"                    QCI                    "},null,{"$f":"IF(TIPOORCAMENTO<>\"Proposto\",\"\",\"CRONOGRAMA FÍSICO-FINANCEIRO\")","v":"CRONOGRAMA FÍSICO-FINANCEIRO"},null,null,null,null,null,null,null,null,"Fundo azul: células para seleção de opções"]
[]
[null,null,{"$f":"IF(TIPOORCAMENTO<>\"Proposto\",\"\",\"Obs: Composições e Cotações devem ser preenchidas diretamente no arquivo Referência \"&IF(ISBLANK(Import.DataBase),\"mm-aaaa\",TEXT(Import.DataBase,\"mm-aaaa\"))&\".xlsm.\")","v":"Obs: Composições e Cotações devem ser preenchidas diretamente no arquivo Referência 09-2025.xlsm."}]
[null,null,null,null,null,null,null,null,null,null,null,"Cores dos botões:"]
[null,{"$f":"IF($O$3<>2,\"PÓS-LICITADO: Para visualizar/preencher esta seção, altere o TIPO DE ORÇAMENTO para 'Licitado'\",\"RESULTADO DO PROCESSO LICITATÓRIO\")","v":"PÓS-LICITADO: Para visualizar/preencher esta seção, altere o TIPO DE ORÇAMENTO para 'Licitado'"},null,null,null,null,null,null,null,null,null,null,null,"Fundo azul claro: navegação entre abas"]
[]
[null,null,{"$f":"IF(TIPOORCAMENTO<>\"Licitado\",\"\",\"             ORÇAMENTO             \")","v":""},null,{"$f":"IF(TIPOORCAMENTO<>\"Licitado\",\"\",\"                    QCI                    \")","v":""},null,{"$f":"IF(TIPOORCAMENTO<>\"Licitado\",\"\",\"CRONOGRAMA FÍSICO-FINANCEIRO\")","v":""},null,null,null,null,null,null,"Fundo laranja: execução de macro"]
[]
[null,{"$f":"IF($O$3<>2,\"ACOMPANHAMENTO: Para visualizar/preencher esta seção, altere o TIPO DE ORÇAMENTO para 'Licitado'\",\"ACOMPANHAMENTO DO EMPREENDIMENTO\")","v":"ACOMPANHAMENTO: Para visualizar/preencher esta seção, altere o TIPO DE ORÇAMENTO para 'Licitado'"}]
[]
[null,null,{"$f":"IF(OR(_xlfn.SINGLE(TIPOORCAMENTO)<>\"Licitado\",ACOMPANHAMENTO<>\"PLE\"),\"\",\"PLAN. DE LEVANT. DE EVENTOS - PLE\")","v":""},null,{"$f":"IF(TIPOORCAMENTO<>\"Licitado\",\"\",\"                    RRE                    \")","v":""},null,{"$f":"IF(OR(_xlfn.SINGLE(TIPOORCAMENTO)<>\"Licitado\",ACOMPANHAMENTO<>\"BM\"),\"\",\"  BOLETIM DE MEDIÇÃO - BM  \")","v":""}]
[]
[null,null,null,null,{"$f":"IF(TIPOORCAMENTO<>\"Licitado\",\"\",\"OF. DE SOLICITAÇÃO DE DESBLOQUEIO\")","v":""}]

{"sheet":"DADOS","index":2,"n_rows":220,"n_cols":44,"rows_kept":220,"cut":false,"hidden":false,"merged":[[49,1,49,2],[58,1,58,2],[0,8,0,40],[2,1,2,2],[14,1,14,2],[20,1,20,2],[26,1,26,2],[34,1,34,2],[45,1,45,2]]}
[null,"A. DOCUMENTAÇÃO DA PROPOSTA",null,{"$f":"IF(D3<>\"\",\"Falta preencher os Dados do Contrato\",IF(D15<>\"\",\"Falta preencher os Dados do Empreendimento\",IF(D21<>\"\",\"Falta preencher os Dados do Responsável pelo Orçamento\",IF(D27<>\"\",\"Falta preencher os Dados do Responsável pelo Tomador\",IF(D31<>\"\",\"Falta definir o método de arredondamento das frentes de obra\",IF(D35<>\"\",\"Falta preencher os Dados da Licitação\",IF(D46<>\"\",\"Falta preencher os Dados da Obra\",IF(D50<>\"\",\"Falta preencher os Dados do Responsável pela Fiscalização\",\"\"))))))))","v":"Falta preencher os Dados do Contrato"},null,null,null,null,"Sub-Itens de Investimento",null,null,null,null,null,null,null,null,null,null,null,null,null,null,null,null,null,null,null,null,null,null,null,null,null,null,null,null,null,null,null,null,null,"Unidades válidas no Tgov"]
[null,null,null,null,null,null,"Itens de Investimento","Unidades habitacionais",{"$f":"COUNTA(H:H)-1","v":3},"Equipamentos comunitários",{"$f":"COUNTA(J:J)-1","v":6},"Pavimentação",{"$f":"COUNTA(L:L)-1","v":6},"Drenagem ",{"$f":"COUNTA(N:N)-1","v":6},"Abastecimento de água",{"$f":"COUNTA(P:P)-1","v":11},"Esgotamento sanitário",{"$f":"COUNTA(R:R)-1","v":8},"Energia elétrica e iluminação pública",{"$f":"COUNTA(T:T)-1","v":4},"Coleta e tratamento de resíduos sólidos",{"$f":"COUNTA(V:V)-1","v":6},"Contenção e estabilização de encostas ",{"$f":"COUNTA(X:X)-1","v":2},"Regularização fundiária",{"$f":"COUNTA(Z:Z)-1","v":2},"Aquisição de terreno",{"$f":"COUNTA(AB:AB)-1","v":2},"Aquisição de equipamentos e insumos",{"$f":"COUNTA(AD:AD)-1","v":1},"Elaboração de estudos e projetos",{"$f":"COUNTA(AF:AF)-1","v":1},"Instrumentos e ações em planejamento e gestão pública",{"$f":"COUNTA(AH:AH)-1","v":1},"Ações complementares às obras",{"$f":"COUNTA(AJ:AJ)-1","v":3},"Gerenciamento",{"$f":"COUNTA(AL:AL)-1","v":1},"Trabalho social",{"$f":"COUNTA(AN:AN)-1","v":4},null,"Sigla","Descrição"]
[null,"Dados do Contrato (Inicial)",null,{"$f":"IF(COUNTIF(D4:D13,\"◄\")=0,\"\",\"Falta preencher a linha \"&MATCH(\"◄\",D4:D13,0)+ROW(D3))","v":"Falta preencher a linha 7"},null,null,"Unidades habitacionais","Aquisição","un","Convivência comunitária, assistência social e/ou comunitária","m²","Capeamento de vias","m²","Obras de microdrenagem ","m","Captação subterrânea","m³/s","Ligações domiciliares e/ou intradomiciliares","un","Iluminação pública - luminárias","un","Acondicionamento ","un","Estabilização de taludes","m²","Desapropriacões/Indenizações","m²","Aquisição de terreno","m²","Aquisição de equipamentos e insumos","un","Elaboração de estudos e projetos","un","Instrumentos e ações em planejamento e gestão pública","un","Avaliação pós intervenção","un","Gerenciamento","%CT","Projeto de Trabalho Social Preliminar","nº fam",null,"%CT","%CT"]
[null,"Fonte de recursos:","OGU",{"$f":"IF(OR(OFFSET(D4,0,-1)=\"\",OFFSET(D4,0,-1)=\"(SELECIONAR)\"),\"◄\",\"\")","v":""},null,null,"Equipamentos comunitários","Construção","un","Educação e cultura","m²","Recapeamento de vias","m²","Desassoreamento de cursos de água","m","Captação superficial","m³/s","Rede coletora e/ou condominial","m","Ligações domiciliares","un","Aterro sanitário e/ou disposição final","m³","Obras complementares a ações de redução de risco e/ou contenções","m²","Projeto de Regularização Fundiária","m²","Benfeitorias","m²",null,null,null,null,null,null,"Demolições","un",null,null,"Projeto de Trabalho Social","nº fam",null,"°C","GRAU CELSIUS"]
[null,"Proponente/Tomador:","MUNICIPIO DE SIDROLÂNDIA",{"$f":"IF(OFFSET(D5,0,-1)=\"\",\"◄\",\"\")","v":""},null,null,"Pavimentação","Reforma e/ou melhoria","un","Esportes","m²","Obras de artes especiais","m","Canalização de cursos de água","m","Estação de bombeamento de água bruta","m³/s","Coletor tronco e/ou interceptores","m","Linhas de distribuição - baixa tensão ","m","Erradicação de lixões","m³",null,null,null,null,null,null,null,null,null,null,null,null,"Plano de Reassentamento e medidas compensatórias","un",null,null,"Plano de Desenvolvimento Socioterritorial","nº fam",null,"°F","GRAU FAHRENHEIT"]
[null,"Município/UF:","MUNICIPIO DE SIDROLÂNDIA","",null,null,"Drenagem ",null,null,"Lazer e turismo","m²","Pavimentação de calçadas","m²","Recomposição de vegetação ciliar, renaturalização de cursos de água ou restauração de margens","m²","Adução","m","Emissário","m","Linhas de transmissão - alta tensão ","m","Sistema de coleta seletiva tradicional, transporte e/ou equipamentos","un",null,null,null,null,null,null,null,null,null,null,null,null,null,null,null,null,"Plano de Gestão Condominial","nº fam",null,"100M","100 METROS"]
[null,"Nº da Operação (0000000-00):",null,"◄",null,null,"Abastecimento de água",null,null,"Saúde","m²","Pavimentação de vias","m²","Reservatório de amortecimento de cheias","m³","Estação de Tratamento de Água (ETA)","m³/s","Estação Elevatória","m³/s",null,null,"Tratamento local ","un",null,null,null,null,null,null,null,null,null,null,null,null,null,null,null,null,null,null,null,"18L","18 LITROS"]
[null,"Nº do TransfereGOV (000000):",null,{"$f":"IF(AND(Import.TipoArredondamento=\"TransfereGOV\",OFFSET(D8,0,-1)=\"\"),\"◄\",\"\")","v":"◄"},null,null,"Esgotamento sanitário",null,null,"Segurança pública","m²","Sinalização","m²","Estação de Bombeamento","m³/s","Estação de bombeamento de água tratada","m³/s","Estação de Tratamento de Esgoto (ETE)","m³/s",null,null,"Usinas de reciclagem ","m²",null,null,null,null,null,null,null,null,null,null,null,null,null,null,null,null,null,null,null,"200KG","200 QUILOS"]
[null,{"$f":"IF(C4=\"FGTS\",\"Valor de Financiamento Contratado (R$):\",\"Valor do Repasse Contratado (R$):\")","v":"Valor do Repasse Contratado (R$):"},1000000,"",null,null,"Energia elétrica e iluminação pública",null,null,null,null,null,null,null,null,"Linha de recalque","m","Sistema simplificado de tratamento","m³/s",null,null,null,null,null,null,null,null,null,null,null,null,null,null,null,null,null,null,null,null,null,null,null,"250G","250 GRAMAS"]
[null,"Valor de Contrapartida Contratada (R$):",453184.15,"",null,null,"Coleta e tratamento de resíduos sólidos",null,null,null,null,null,null,null,null,"Reservação","m³","Unidades sanitárias","un",null,null,null,null,null,null,null,null,null,null,null,null,null,null,null,null,null,null,null,null,null,null,null,"310ML","310 MILILITROS"]
[null,"% mínimo de Contrapartida:",null,"◄",null,null,"Contenção e estabilização de encostas ",null,null,null,null,null,null,null,null,"Rede de distribuição","m",null,null,null,null,null,null,null,null,null,null,null,null,null,null,null,null,null,null,null,null,null,null,null,null,null,"50KG","50 QUILOS"]
[null,"R$ mínimo de Contrapartida (se houver):",null,null,null,null,"Regularização fundiária",null,null,null,null,null,null,null,null,"Ligações domiciliares e/ou intradomiciliares","un",null,null,null,null,null,null,null,null,null,null,null,null,null,null,null,null,null,null,null,null,null,null,null,null,null,"A","AMPÈRE"]
[null,"% máximo de Contrapartida:",null,null,null,null,"Aquisição de terreno",null,null,null,null,null,null,null,null,"Sistema simplificado de abastecimento","m",null,null,null,null,null,null,null,null,null,null,null,null,null,null,null,null,null,null,null,null,null,null,null,null,null,"ACA/ACC","A.CORR.ALTERN/CONT."]
[null,null,null,null,null,null,"Aquisição de equipamentos e insumos",null,null,null,null,null,null,null,null,null,null,null,null,null,null,null,null,null,null,null,null,null,null,null,null,null,null,null,null,null,null,null,null,null,null,null,"AH","AMPÈRE HORA"]
[null,"Dados do Empreendimento e Orçamento",null,{"$f":"IF(COUNTIF(D16:D19,\"◄\")=0,\"\",\"Falta preencher a linha \"&MATCH(\"◄\",D16:D19,0)+ROW(D15))","v":""},null,null,"Elaboração de estudos e projetos",null,null,null,null,null,null,null,null,null,null,null,null,null,null,null,null,null,null,null,null,null,null,null,null,null,null,null,null,null,null,null,null,null,null,null,"AH/H/V","AMPÉRE-H/H/VOLT"]
[null,"Nome/apelido:","ELABORAÇÃO DE PROJETO EXECUTIVO DE PAVIMENTAÇÃO ASFÁLTICA E DRENAGEM DE ÁGUAS PLUVIAIS DO BAIRRO JATOBÁ E ADJACENTES NO MUNICÍPIO DE SIDROLÂNDIA - MS.",{"$f":"IF(OFFSET(D16,0,-1)=\"\",\"◄\",\"\")","v":""},null,null,"Instrumentos e ações em planejamento e gestão pública",null,null,null,null,null,null,null,null,null,null,null,null,null,null,null,null,null,null,null,null,null,null,null,null,null,null,null,null,null,null,null,null,null,null,null,"AM","AMPOLA"]
[null,"Descrição do Objeto do Lote / CTEF:","ELABORAÇÃO DE PROJETO EXECUTIVO DE PAVIMENTAÇÃO ASFÁLTICA E DRENAGEM DE ÁGUAS PLUVIAIS DO BAIRRO JATOBÁ E ADJACENTES NO MUNICÍPIO DE SIDROLÂNDIA - MS.","",null,null,"Ações complementares às obras",null,null,null,null,null,null,null,null,null,null,null,null,null,null,null,null,null,null,null,null,null,null,null,null,null,null,null,null,null,null,null,null,null,null,null,"AM0/4ML","AMPOLA COM 0,4 Ml"]
[null,"Regime previdenciário previsto para a obra:","NÃO DESONERADO",{"$f":"IF(OR(OFFSET(D18,0,-1)=\"\",OFFSET(D18,0,-1)=\"(SELECIONAR)\"),\"◄\",\"\")","v":""},null,null,"Gerenciamento",null,null,null,null,null,null,null,null,null,null,null,null,null,null,null,null,null,null,null,null,null,null,null,null,null,null,null,null,null,null,null,null,null,null,null,"AM0/5ML","AMPOLA COM 0,5 mL"]
[null,"Data base do Orçamento:","2025-09-01","",null,null,"Trabalho social",null,null,null,null,null,null,null,null,null,null,null,null,null,null,null,null,null,null,null,null,null,null,null,null,null,null,null,null,null,null,null,null,null,null,null,"AM1/5ML","AMPOLA COM 1,5 mL"]
[null,null,null,null,null,null,null,null,null,null,null,null,null,null,null,null,null,null,null,null,null,null,null,null,null,null,null,null,null,null,null,null,null,null,null,null,null,null,null,null,null,null,"AM10ML","AMPOLA COM 10 mL"]
[null,"Responsável pelo Orçamento",null,{"$f":"IF(COUNTIF(D22:D25,\"◄\")=0,\"\",\"Falta preencher a linha \"&MATCH(\"◄\",D22:D25,0)+ROW(D21))","v":""},null,null,null,null,null,null,null,null,null,null,null,null,null,null,null,null,null,null,null,null,null,null,null,null,null,null,null,null,null,null,null,null,null,null,null,null,null,null,"AM1ML","AMPOLA COM 1 mL"]
[null,"Nome:","ALAN PINHEIRO TRINDADE",{"$f":"IF(OFFSET(D22,0,-1)=\"\",\"◄\",\"\")","v":""},null,null,null,null,null,null,null,null,null,null,null,null,null,null,null,null,null,null,null,null,null,null,null,null,null,null,null,null,null,null,null,null,null,null,null,null,null,null,"AM2/5ML","AMPOLA COM 2,5 mL"]
[null,"CREA/CAU:","70161/MS","",null,null,null,null,null,null,null,null,null,null,null,null,null,null,null,null,null,null,null,null,null,null,null,null,null,null,null,null,null,null,null,null,null,null,null,null,null,null,"AM2ML","AMPOLA COM 2 mL"]
[null,"ART/RRT:","1320250132544","",null,null,null,null,null,null,null,null,null,null,null,null,null,null,null,null,null,null,null,null,null,null,null,null,null,null,null,null,null,null,null,null,null,null,null,null,null,null,"AM3ML","AMPOLA COM 3 mL"]
[null,"Data do preenchimento:","2025-09-01","",null,null,null,null,null,null,null,null,null,null,null,null,null,null,null,null,null,null,null,null,null,null,null,null,null,null,null,null,null,null,null,null,null,null,null,null,null,null,"AM4ML","AMPOLA COM 4 mL"]
[null,null,null,null,null,null,null,null,null,null,null,null,null,null,null,null,null,null,null,null,null,null,null,null,null,null,null,null,null,null,null,null,null,null,null,null,null,null,null,null,null,null,"AM5ML","AMPOLA COM 5 mL"]
[null,"Responsável pelo Tomador (Prefeito, no caso de Municípios)",null,{"$f":"IF(COUNTIF(D28:D29,\"◄\")=0,\"\",\"Falta preencher a linha \"&MATCH(\"◄\",D28:D29,0)+ROW(D27))","v":""},null,null,null,null,null,null,null,null,null,null,null,null,null,null,null,null,null,null,null,null,null,null,null,null,null,null,null,null,null,null,null,null,null,null,null,null,null,null,"AM6ML","AMPOLA COM 6 mL"]
[null,"Nome:","RODRIGO BASSO",{"$f":"IF(OFFSET(D28,0,-1)=\"\",\"◄\",\"\")","v":""},null,null,null,null,null,null,null,null,null,null,null,null,null,null,null,null,null,null,null,null,null,null,null,null,null,null,null,null,null,null,null,null,null,null,null,null,null,null,"AM7ML","AMPOLA COM 7 mL"]
[null,"Cargo:","PREFEITO MUNICIPAL","",null,null,null,null,null,null,null,null,null,null,null,null,null,null,null,null,null,null,null,null,null,null,null,null,null,null,null,null,null,null,null,null,null,null,null,null,null,null,"ANO","ANO/ANOS"]
[null,null,null,null,null,null,null,null,null,null,null,null,null,null,null,null,null,null,null,null,null,null,null,null,null,null,null,null,null,null,null,null,null,null,null,null,null,null,null,null,null,null,"ANOS","ANO/ANOS"]
[null,"Arredondamento das frentes:","TransfereGOV",{"$f":"IF(OFFSET(D31,0,-1)=\"\",\"◄ Falta definir o método de arredondamento.\",\"\")","v":""},null,null,null,null,null,null,null,null,null,null,null,null,null,null,null,null,null,null,null,null,null,null,null,null,null,null,null,null,null,null,null,null,null,null,null,null,null,null,"ARR","ARROBA"]
[null,null,null,null,null,null,null,null,null,null,null,null,null,null,null,null,null,null,null,null,null,null,null,null,null,null,null,null,null,null,null,null,null,null,null,null,null,null,null,null,null,null,"AWG","AMERICAN WIRE GAUGE"]
[null,"B. RESULTADO DO PROCESSO LICITATÓRIO",null,null,null,null,null,null,null,null,null,null,null,null,null,null,null,null,null,null,null,null,null,null,null,null,null,null,null,null,null,null,null,null,null,null,null,null,null,null,null,null,"BAR","BARRIL"]
[null,null,null,null,null,null,null,null,null,null,null,null,null,null,null,null,null,null,null,null,null,null,null,null,null,null,null,null,null,null,null,null,null,null,null,null,null,null,null,null,null,null,"BAR.","BAR"]
[null,"Licitação",null,{"$f":"IF(COUNTIF(D36:D39,\"◄\")=0,\"\",\"Falta preencher a linha \"&MATCH(\"◄\",D36:D39,0)+ROW(D35))","v":""},null,null,null,null,null,null,null,null,null,null,null,null,null,null,null,null,null,null,null,null,null,null,null,null,null,null,null,null,null,null,null,null,null,null,null,null,null,null,"BD","BALDE"]
[null,"Data de emissão dos documentos de licitação:",null,{"$f":"IF(AND(TIPOORCAMENTO=\"Licitado\",OFFSET(D36,0,-1)=\"\"),\"◄\",\"\")","v":""},null,null,null,null,null,null,null,null,null,null,null,null,null,null,null,null,null,null,null,null,null,null,null,null,null,null,null,null,null,null,null,null,null,null,null,null,null,null,"BIS","BISNAGA"]
[null,"Nº do CTEF (contrato com empresa):",null,{"$f":"IF(AND(TIPOORCAMENTO=\"Licitado\",OFFSET(D37,0,-1)=\"\"),\"◄\",\"\")","v":""},null,null,null,null,null,null,null,null,null,null,null,null,null,null,null,null,null,null,null,null,null,null,null,null,null,null,null,null,null,null,null,null,null,null,null,null,null,null,"BIS/GL","BISNAGA POR GALÃO"]
[null,"Nome da empresa:",null,{"$f":"IF(AND(TIPOORCAMENTO=\"Licitado\",OFFSET(D38,0,-1)=\"\"),\"◄\",\"\")","v":""},null,null,null,null,null,null,null,null,null,null,null,null,null,null,null,null,null,null,null,null,null,null,null,null,null,null,null,null,null,null,null,null,null,null,null,null,null,null,"BIS1/65G","BISNAGA COM 1,65 g"]
[null,"CNPJ da empresa:",null,{"$f":"IF(AND(TIPOORCAMENTO=\"Licitado\",OFFSET(D39,0,-1)=\"\"),\"◄\",\"\")","v":""},null,null,null,null,null,null,null,null,null,null,null,null,null,null,null,null,null,null,null,null,null,null,null,null,null,null,null,null,null,null,null,null,null,null,null,null,null,null,"BIS1/8G","BISNAGA COM 1,8 g"]
[null,"Regime de execução do CTEF:","(SELECIONAR)",{"$f":"IF(AND(TIPOORCAMENTO=\"Licitado\",OR(OFFSET(D40,0,-1)=\"\",OFFSET(D40,0,-1)=\"(SELECIONAR)\")),\"◄\",\"\")","v":""},null,null,null,null,null,null,null,null,null,null,null,null,null,null,null,null,null,null,null,null,null,null,null,null,null,null,null,null,null,null,null,null,null,null,null,null,null,null,"BIS100G","BISNAGA COM 100 g"]
[null,"Data base do CTEF:",null,{"$f":"IF(AND(TIPOORCAMENTO=\"Licitado\",OFFSET(D41,0,-1)=\"\"),\"◄\",\"\")","v":""},null,null,null,null,null,null,null,null,null,null,null,null,null,null,null,null,null,null,null,null,null,null,null,null,null,null,null,null,null,null,null,null,null,null,null,null,null,null,"BIS10G","BISNAGA COM 10 g"]
[null,null,null,null,null,null,null,null,null,null,null,null,null,null,null,null,null,null,null,null,null,null,null,null,null,null,null,null,null,null,null,null,null,null,null,null,null,null,null,null,null,null,"BIS135G","BISNAGA COM 135 g"]
[null,null,null,null,null,null,null,null,null,null,null,null,null,null,null,null,null,null,null,null,null,null,null,null,null,null,null,null,null,null,null,null,null,null,null,null,null,null,null,null,null,null,"BIS13G","BISNAGA COM 13 g"]
[null,"C. ACOMPANHAMENTO DO EMPREENDIMENTO",null,null,null,null,null,null,null,null,null,null,null,null,null,null,null,null,null,null,null,null,null,null,null,null,null,null,null,null,null,null,null,null,null,null,null,null,null,null,null,null,"BIS14G","BISNAGA COM 14 g"]
[null,null,null,null,null,null,null,null,null,null,null,null,null,null,null,null,null,null,null,null,null,null,null,null,null,null,null,null,null,null,null,null,null,null,null,null,null,null,null,null,null,null,"BIS15G","BISNAGA COM 15 g"]
[null,"Dados da obra",null,{"$f":"IF(COUNTIF(D47:D48,\"◄\")=0,\"\",\"Falta preencher a linha \"&MATCH(\"◄\",D47:D48,0)+ROW(D46))","v":""},null,null,null,null,null,null,null,null,null,null,null,null,null,null,null,null,null,null,null,null,null,null,null,null,null,null,null,null,null,null,null,null,null,null,null,null,null,null,"BIS1G","BISNAGA COM 1 g"]
[null,"Data do Início da Obra:","2025-12-01",{"$f":"IF(AND(TIPOORCAMENTO=\"Licitado\",OFFSET(D47,0,-1)=\"\",IFERROR(RRE!$O$28,0)>0),\"◄\",\"\")","v":""},null,null,null,null,null,null,null,null,null,null,null,null,null,null,null,null,null,null,null,null,null,null,null,null,null,null,null,null,null,null,null,null,null,null,null,null,null,null,"BIS20G","BISNAGA COM 20 g"]
[null,"Data de fechamento do RRE:",null,{"$f":"IF(AND(TIPOORCAMENTO=\"Licitado\",OFFSET(D48,0,-1)=\"\",IFERROR(RRE!$O$28,0)>0),\"◄\",\"\")","v":""},null,null,null,null,null,null,null,null,null,null,null,null,null,null,null,null,null,null,null,null,null,null,null,null,null,null,null,null,null,null,null,null,null,null,null,null,null,null,"BIS25G","BISNAGA COM 25 g"]
[null,null,null,null,null,null,null,null,null,null,null,null,null,null,null,null,null,null,null,null,null,null,null,null,null,null,null,null,null,null,null,null,null,null,null,null,null,null,null,null,null,null,"BIS28/8G","BISNAGA COM 28,8 g"]
[null,"Responsável pela Fiscalização",null,{"$f":"IF(COUNTIF(D51:D54,\"◄\")=0,\"\",\"Falta preencher a linha \"&MATCH(\"◄\",D51:D54,0)+ROW(D50))","v":""},null,null,null,null,null,null,null,null,null,null,null,null,null,null,null,null,null,null,null,null,null,null,null,null,null,null,null,null,null,null,null,null,null,null,null,null,null,null,"BIS28G","BISNAGA COM 28 g"]
[null,"Nome:",null,{"$f":"IF(AND(TIPOORCAMENTO=\"Licitado\",OFFSET(D51,0,-1)=\"\",IFERROR(RRE!$O$28,0)>0),\"◄\",\"\")","v":""},null,null,null,null,null,null,null,null,null,null,null,null,null,null,null,null,null,null,null,null,null,null,null,null,null,null,null,null,null,null,null,null,null,null,null,null,null,null,"BIS2G","BISNAGA COM 2 g"]
[null,"Profissão:",null,{"$f":"IF(AND(TIPOORCAMENTO=\"Licitado\",OFFSET(D52,0,-1)=\"\",IFERROR(RRE!$O$28,0)>0),\"◄\",\"\")","v":""},null,null,null,null,null,null,null,null,null,null,null,null,null,null,null,null,null,null,null,null,null,null,null,null,null,null,null,null,null,null,null,null,null,null,null,null,null,null,"BIS3/5G","BISNAGA COM 3,5 g"]
[null,"CREA/CAU (para obras/projetos):",null,{"$f":"IF(AND(TIPOORCAMENTO=\"Licitado\",OFFSET(D53,0,-1)=\"\",IFERROR(RRE!$O$28,0)>0),\"◄\",\"\")","v":""},null,null,null,null,null,null,null,null,null,null,null,null,null,null,null,null,null,null,null,null,null,null,null,null,null,null,null,null,null,null,null,null,null,null,null,null,null,null,"BIS30G","BISNAGA COM 30 g"]
[null,"ART/RRT (para obras/projetos):",null,{"$f":"IF(AND(TIPOORCAMENTO=\"Licitado\",OFFSET(D54,0,-1)=\"\",IFERROR(RRE!$O$28,0)>0),\"◄\",\"\")","v":""},null,null,null,null,null,null,null,null,null,null,null,null,null,null,null,null,null,null,null,null,null,null,null,null,null,null,null,null,null,null,null,null,null,null,null,null,null,null,"BIS30ML","BISNAGA COM 30 mL"]
[null,null,null,null,null,null,null,null,null,null,null,null,null,null,null,null,null,null,null,null,null,null,null,null,null,null,null,null,null,null,null,null,null,null,null,null,null,null,null,null,null,null,"BIS40G","BISNAGA COM 40 g"]
[null,null,null,null,null,null,null,null,null,null,null,null,null,null,null,null,null,null,null,null,null,null,null,null,null,null,null,null,null,null,null,null,null,null,null,null,null,null,null,null,null,null,"BIS43G","BISNAGA COM 43 g"]
[null,"D. ACOMPANHAMENTO CAIXA",null,null,null,null,null,null,null,null,null,null,null,null,null,null,null,null,null,null,null,null,null,null,null,null,null,null,null,null,null,null,null,null,null,null,null,null,null,null,null,null,"BIS45G","BISNAGA COM 45 g"]
[null,null,null,null,null,null,null,null,null,null,null,null,null,null,null,null,null,null,null,null,null,null,null,null,null,null,null,null,null,null,null,null,null,null,null,null,null,null,null,null,null,null,"BIS47G","BISNAGA COM 47 g"]
[null,"Responsável Gerencial",null,null,null,null,null,null,null,null,null,null,null,null,null,null,null,null,null,null,null,null,null,null,null,null,null,null,null,null,null,null,null,null,null,null,null,null,null,null,null,null,"BIS4G","BISNAGA COM 4 g"]
[null,"Nome:",null,null,null,null,null,null,null,null,null,null,null,null,null,null,null,null,null,null,null,null,null,null,null,null,null,null,null,null,null,null,null,null,null,null,null,null,null,null,null,null,"BIS50G","BISNAGA COM 50 g"]
[null,"Função:",null,null,null,null,null,null,null,null,null,null,null,null,null,null,null,null,null,null,null,null,null,null,null,null,null,null,null,null,null,null,null,null,null,null,null,null,null,null,null,null,"BIS55G","BISNAGA COM 55 g"]
[null,null,null,null,null,null,null,null,null,null,null,null,null,null,null,null,null,null,null,null,null,null,null,null,null,null,null,null,null,null,null,null,null,null,null,null,null,null,null,null,null,null,"BIS56G","BISNAGA COM 56 g"]
[null,null,null,null,null,null,null,null,null,null,null,null,null,null,null,null,null,null,null,null,null,null,null,null,null,null,null,null,null,null,null,null,null,null,null,null,null,null,null,null,null,null,"BIS5G","BISNAGA COM 5 g"]
[null,null,null,null,null,null,null,null,null,null,null,null,null,null,null,null,null,null,null,null,null,null,null,null,null,null,null,null,null,null,null,null,null,null,null,null,null,null,null,null,null,null,"BIS60G","BISNAGA COM 60 g"]
[null,null,null,null,null,null,null,null,null,null,null,null,null,null,null,null,null,null,null,null,null,null,null,null,null,null,null,null,null,null,null,null,null,null,null,null,null,null,null,null,null,null,"BIS6G","BISNAGA COM 6 g"]
[null,null,null,null,null,null,null,null,null,null,null,null,null,null,null,null,null,null,null,null,null,null,null,null,null,null,null,null,null,null,null,null,null,null,null,null,null,null,null,null,null,null,"BIS7/5G","BISNAGA COM 7,5 g"]
[null,null,null,null,null,null,null,null,null,null,null,null,null,null,null,null,null,null,null,null,null,null,null,null,null,null,null,null,null,null,null,null,null,null,null,null,null,null,null,null,null,null,"BIS70G","BISNAGA COM 70 g"]
[null,null,null,null,null,null,null,null,null,null,null,null,null,null,null,null,null,null,null,null,null,null,null,null,null,null,null,null,null,null,null,null,null,null,null,null,null,null,null,null,null,null,"BIS80G","BISNAGA COM 80 g"]
[null,null,null,null,null,null,null,null,null,null,null,null,null,null,null,null,null,null,null,null,null,null,null,null,null,null,null,null,null,null,null,null,null,null,null,null,null,null,null,null,null,null,"BIS90G","BISNAGA COM 90 g"]
[null,null,null,null,null,null,null,null,null,null,null,null,null,null,null,null,null,null,null,null,null,null,null,null,null,null,null,null,null,null,null,null,null,null,null,null,null,null,null,null,null,null,"BIT","BITS"]
[null,null,null,null,null,null,null,null,null,null,null,null,null,null,null,null,null,null,null,null,null,null,null,null,null,null,null,null,null,null,null,null,null,null,null,null,null,null,null,null,null,null,"BL","BLOCO"]
[null,null,null,null,null,null,null,null,null,null,null,null,null,null,null,null,null,null,null,null,null,null,null,null,null,null,null,null,null,null,null,null,null,null,null,null,null,null,null,null,null,null,"BLIS","BLISTER"]
[null,null,null,null,null,null,null,null,null,null,null,null,null,null,null,null,null,null,null,null,null,null,null,null,null,null,null,null,null,null,null,null,null,null,null,null,null,null,null,null,null,null,"BLIS21CP","BLISTER COM 21 COMPRIMIDOS"]
[null,null,null,null,null,null,null,null,null,null,null,null,null,null,null,null,null,null,null,null,null,null,null,null,null,null,null,null,null,null,null,null,null,null,null,null,null,null,null,null,null,null,"BLIS35CP","BLISTER COM 35 COMPRIMIDOS"]
[null,null,null,null,null,null,null,null,null,null,null,null,null,null,null,null,null,null,null,null,null,null,null,null,null,null,null,null,null,null,null,null,null,null,null,null,null,null,null,null,null,null,"BOB","BOBINA"]
[null,null,null,null,null,null,null,null,null,null,null,null,null,null,null,null,null,null,null,null,null,null,null,null,null,null,null,null,null,null,null,null,null,null,null,null,null,null,null,null,null,null,"BOL","BOLSA"]
[null,null,null,null,null,null,null,null,null,null,null,null,null,null,null,null,null,null,null,null,null,null,null,null,null,null,null,null,null,null,null,null,null,null,null,null,null,null,null,null,null,null,"BOM","BOMBONA"]
[null,null,null,null,null,null,null,null,null,null,null,null,null,null,null,null,null,null,null,null,null,null,null,null,null,null,null,null,null,null,null,null,null,null,null,null,null,null,null,null,null,null,"BPM","BATIDA POR MINUTO"]
[null,null,null,null,null,null,null,null,null,null,null,null,null,null,null,null,null,null,null,null,null,null,null,null,null,null,null,null,null,null,null,null,null,null,null,null,null,null,null,null,null,null,"BPS","BYTE POR SEGUNDO"]
[null,null,null,null,null,null,null,null,null,null,null,null,null,null,null,null,null,null,null,null,null,null,null,null,null,null,null,null,null,null,null,null,null,null,null,null,null,null,null,null,null,null,"BR","BARRA"]
[null,null,null,null,null,null,null,null,null,null,null,null,null,null,null,null,null,null,null,null,null,null,null,null,null,null,null,null,null,null,null,null,null,null,null,null,null,null,null,null,null,null,"BRI","BARRICA"]
[null,null,null,null,null,null,null,null,null,null,null,null,null,null,null,null,null,null,null,null,null,null,null,null,null,null,null,null,null,null,null,null,null,null,null,null,null,null,null,null,null,null,"BTJ","BOTIJÃO"]
[null,null,null,null,null,null,null,null,null,null,null,null,null,null,null,null,null,null,null,null,null,null,null,null,null,null,null,null,null,null,null,null,null,null,null,null,null,null,null,null,null,null,"BTU","BRITISH THERMAL UNIT"]
[null,null,null,null,null,null,null,null,null,null,null,null,null,null,null,null,null,null,null,null,null,null,null,null,null,null,null,null,null,null,null,null,null,null,null,null,null,null,null,null,null,null,"BTU/H","BTU POR HORA"]
[null,null,null,null,null,null,null,null,null,null,null,null,null,null,null,null,null,null,null,null,null,null,null,null,null,null,null,null,null,null,null,null,null,null,null,null,null,null,null,null,null,null,"BWG","FIEIRA DE BIRMINGHAN"]
[null,null,null,null,null,null,null,null,null,null,null,null,null,null,null,null,null,null,null,null,null,null,null,null,null,null,null,null,null,null,null,null,null,null,null,null,null,null,null,null,null,null,"C","CENTENA"]
[null,null,null,null,null,null,null,null,null,null,null,null,null,null,null,null,null,null,null,null,null,null,null,null,null,null,null,null,null,null,null,null,null,null,null,null,null,null,null,null,null,null,"CA","CARTUCHO"]
[null,null,null,null,null,null,null,null,null,null,null,null,null,null,null,null,null,null,null,null,null,null,null,null,null,null,null,null,null,null,null,null,null,null,null,null,null,null,null,null,null,null,"CAD","CADERNO"]
[null,null,null,null,null,null,null,null,null,null,null,null,null,null,null,null,null,null,null,null,null,null,null,null,null,null,null,null,null,null,null,null,null,null,null,null,null,null,null,null,null,null,"CAL/G","CALORIA/GRAMA"]
[null,null,null,null,null,null,null,null,null,null,null,null,null,null,null,null,null,null,null,null,null,null,null,null,null,null,null,null,null,null,null,null,null,null,null,null,null,null,null,null,null,null,"CAPS","CÁPSULA"]
[null,null,null,null,null,null,null,null,null,null,null,null,null,null,null,null,null,null,null,null,null,null,null,null,null,null,null,null,null,null,null,null,null,null,null,null,null,null,null,null,null,null,"CAR","CARACTER"]
[null,null,null,null,null,null,null,null,null,null,null,null,null,null,null,null,null,null,null,null,null,null,null,null,null,null,null,null,null,null,null,null,null,null,null,null,null,null,null,null,null,null,"CC","CILINDRADA"]
[null,null,null,null,null,null,null,null,null,null,null,null,null,null,null,null,null,null,null,null,null,null,null,null,null,null,null,null,null,null,null,null,null,null,null,null,null,null,null,null,null,null,"CD","CANDELA"]
[null,null,null,null,null,null,null,null,null,null,null,null,null,null,null,null,null,null,null,null,null,null,null,null,null,null,null,null,null,null,null,null,null,null,null,null,null,null,null,null,null,null,"CD/M2","CANDELA/METRO 2"]
[null,null,null,null,null,null,null,null,null,null,null,null,null,null,null,null,null,null,null,null,null,null,null,null,null,null,null,null,null,null,null,null,null,null,null,null,null,null,null,null,null,null,"CENTO","CENTO"]
[null,null,null,null,null,null,null,null,null,null,null,null,null,null,null,null,null,null,null,null,null,null,null,null,null,null,null,null,null,null,null,null,null,null,null,null,null,null,null,null,null,null,"CG","CENTIGRAMA"]
[null,null,null,null,null,null,null,null,null,null,null,null,null,null,null,null,null,null,null,null,null,null,null,null,null,null,null,null,null,null,null,null,null,null,null,null,null,null,null,null,null,null,"CH","CHAPA"]
[null,null,null,null,null,null,null,null,null,null,null,null,null,null,null,null,null,null,null,null,null,null,null,null,null,null,null,null,null,null,null,null,null,null,null,null,null,null,null,null,null,null,"CHI","CHI"]
[null,null,null,null,null,null,null,null,null,null,null,null,null,null,null,null,null,null,null,null,null,null,null,null,null,null,null,null,null,null,null,null,null,null,null,null,null,null,null,null,null,null,"CHP","CHP"]
[null,null,null,null,null,null,null,null,null,null,null,null,null,null,null,null,null,null,null,null,null,null,null,null,null,null,null,null,null,null,null,null,null,null,null,null,null,null,null,null,null,null,"CHP","CHP"]
[null,null,null,null,null,null,null,null,null,null,null,null,null,null,null,null,null,null,null,null,null,null,null,null,null,null,null,null,null,null,null,null,null,null,null,null,null,null,null,null,null,null,"CI","CURIE"]
[null,null,null,null,null,null,null,null,null,null,null,null,null,null,null,null,null,null,null,null,null,null,null,null,null,null,null,null,null,null,null,null,null,null,null,null,null,null,null,null,null,null,"CIL","CILINDRO"]
[null,null,null,null,null,null,null,null,null,null,null,null,null,null,null,null,null,null,null,null,null,null,null,null,null,null,null,null,null,null,null,null,null,null,null,null,null,null,null,null,null,null,"CIN","CINQUENTA"]
[null,null,null,null,null,null,null,null,null,null,null,null,null,null,null,null,null,null,null,null,null,null,null,null,null,null,null,null,null,null,null,null,null,null,null,null,null,null,null,null,null,null,"CJ","CONJUNTO"]
[null,null,null,null,null,null,null,null,null,null,null,null,null,null,null,null,null,null,null,null,null,null,null,null,null,null,null,null,null,null,null,null,null,null,null,null,null,null,null,null,null,null,"CL","CENTILITRO"]
[null,null,null,null,null,null,null,null,null,null,null,null,null,null,null,null,null,null,null,null,null,null,null,null,null,null,null,null,null,null,null,null,null,null,null,null,null,null,null,null,null,null,"CM","CENTÍMETRO"]
[null,null,null,null,null,null,null,null,null,null,null,null,null,null,null,null,null,null,null,null,null,null,null,null,null,null,null,null,null,null,null,null,null,null,null,null,null,null,null,null,null,null,"CM/POL","CENTÍMETRO/POLEGADA"]
[null,null,null,null,null,null,null,null,null,null,null,null,null,null,null,null,null,null,null,null,null,null,null,null,null,null,null,null,null,null,null,null,null,null,null,null,null,null,null,null,null,null,"CM2","CENTIMETRO QUADRADO"]
[null,null,null,null,null,null,null,null,null,null,null,null,null,null,null,null,null,null,null,null,null,null,null,null,null,null,null,null,null,null,null,null,null,null,null,null,null,null,null,null,null,null,"CM2/H","CENT.QUAD/HORA"]
[null,null,null,null,null,null,null,null,null,null,null,null,null,null,null,null,null,null,null,null,null,null,null,null,null,null,null,null,null,null,null,null,null,null,null,null,null,null,null,null,null,null,"CM2/M","CENT.QUADRADO/METRO"]
[null,null,null,null,null,null,null,null,null,null,null,null,null,null,null,null,null,null,null,null,null,null,null,null,null,null,null,null,null,null,null,null,null,null,null,null,null,null,null,null,null,null,"CM3","CENTÍMETRO CÚBICO"]
[null,null,null,null,null,null,null,null,null,null,null,null,null,null,null,null,null,null,null,null,null,null,null,null,null,null,null,null,null,null,null,null,null,null,null,null,null,null,null,null,null,null,"CM³/H","CENT.CÚBICO POR HORA"]
[null,null,null,null,null,null,null,null,null,null,null,null,null,null,null,null,null,null,null,null,null,null,null,null,null,null,null,null,null,null,null,null,null,null,null,null,null,null,null,null,null,null,"CM³/MIN","CM³/MINUTO"]
[null,null,null,null,null,null,null,null,null,null,null,null,null,null,null,null,null,null,null,null,null,null,null,null,null,null,null,null,null,null,null,null,null,null,null,null,null,null,null,null,null,null,"CNT","RECIPIENTE"]
[null,null,null,null,null,null,null,null,null,null,null,null,null,null,null,null,null,null,null,null,null,null,null,null,null,null,null,null,null,null,null,null,null,null,null,null,null,null,null,null,null,null,"CO","CONTEINER"]
[null,null,null,null,null,null,null,null,null,null,null,null,null,null,null,null,null,null,null,null,null,null,null,null,null,null,null,null,null,null,null,null,null,null,null,null,null,null,null,null,null,null,"COL","COLEÇÃO"]
[null,null,null,null,null,null,null,null,null,null,null,null,null,null,null,null,null,null,null,null,null,null,null,null,null,null,null,null,null,null,null,null,null,null,null,null,null,null,null,null,null,null,"COMP","COMPRIMENTO"]
[null,null,null,null,null,null,null,null,null,null,null,null,null,null,null,null,null,null,null,null,null,null,null,null,null,null,null,null,null,null,null,null,null,null,null,null,null,null,null,null,null,null,"COMPR","COMPRIMIDO"]
[null,null,null,null,null,null,null,null,null,null,null,null,null,null,null,null,null,null,null,null,null,null,null,null,null,null,null,null,null,null,null,null,null,null,null,null,null,null,null,null,null,null,"CÓPIA","CÓPIA"]
[null,null,null,null,null,null,null,null,null,null,null,null,null,null,null,null,null,null,null,null,null,null,null,null,null,null,null,null,null,null,null,null,null,null,null,null,null,null,null,null,null,null,"COPO","COPO"]
[null,null,null,null,null,null,null,null,null,null,null,null,null,null,null,null,null,null,null,null,null,null,null,null,null,null,null,null,null,null,null,null,null,null,null,null,null,null,null,null,null,null,"CP","CENTIPOISE"]
[null,null,null,null,null,null,null,null,null,null,null,null,null,null,null,null,null,null,null,null,null,null,null,null,null,null,null,null,null,null,null,null,null,null,null,null,null,null,null,null,null,null,"CPL","CARACTERES POR LINHA"]
[null,null,null,null,null,null,null,null,null,null,null,null,null,null,null,null,null,null,null,null,null,null,null,null,null,null,null,null,null,null,null,null,null,null,null,null,null,null,null,null,null,null,"CPM","CÓPIA POR MINUTO"]
[null,null,null,null,null,null,null,null,null,null,null,null,null,null,null,null,null,null,null,null,null,null,null,null,null,null,null,null,null,null,null,null,null,null,null,null,null,null,null,null,null,null,"CPS","CARACTER POR SEGUNDO"]
[null,null,null,null,null,null,null,null,null,null,null,null,null,null,null,null,null,null,null,null,null,null,null,null,null,null,null,null,null,null,null,null,null,null,null,null,null,null,null,null,null,null,"CRT","CARRETEL"]
[null,null,null,null,null,null,null,null,null,null,null,null,null,null,null,null,null,null,null,null,null,null,null,null,null,null,null,null,null,null,null,null,null,null,null,null,null,null,null,null,null,null,"CS","GRADEADO DE JAULA"]
[null,null,null,null,null,null,null,null,null,null,null,null,null,null,null,null,null,null,null,null,null,null,null,null,null,null,null,null,null,null,null,null,null,null,null,null,null,null,null,null,null,null,"CST","CENTISTOCKS"]
[null,null,null,null,null,null,null,null,null,null,null,null,null,null,null,null,null,null,null,null,null,null,null,null,null,null,null,null,null,null,null,null,null,null,null,null,null,null,null,null,null,null,"CT","CARTAO"]
[null,null,null,null,null,null,null,null,null,null,null,null,null,null,null,null,null,null,null,null,null,null,null,null,null,null,null,null,null,null,null,null,null,null,null,null,null,null,null,null,null,null,"CTE","CARTELA"]
[null,null,null,null,null,null,null,null,null,null,null,null,null,null,null,null,null,null,null,null,null,null,null,null,null,null,null,null,null,null,null,null,null,null,null,null,null,null,null,null,null,null,"CV","CAVALO VAPOR"]
[null,null,null,null,null,null,null,null,null,null,null,null,null,null,null,null,null,null,null,null,null,null,null,null,null,null,null,null,null,null,null,null,null,null,null,null,null,null,null,null,null,null,"CX","CAIXA"]
[null,null,null,null,null,null,null,null,null,null,null,null,null,null,null,null,null,null,null,null,null,null,null,null,null,null,null,null,null,null,null,null,null,null,null,null,null,null,null,null,null,null,"CX100UN","CAIXA COM 100 UNIDADES"]
[null,null,null,null,null,null,null,null,null,null,null,null,null,null,null,null,null,null,null,null,null,null,null,null,null,null,null,null,null,null,null,null,null,null,null,null,null,null,null,null,null,null,"CX40UN","CAIXA COM 40 UNIDADES"]
[null,null,null,null,null,null,null,null,null,null,null,null,null,null,null,null,null,null,null,null,null,null,null,null,null,null,null,null,null,null,null,null,null,null,null,null,null,null,null,null,null,null,"D","DIA"]
[null,null,null,null,null,null,null,null,null,null,null,null,null,null,null,null,null,null,null,null,null,null,null,null,null,null,null,null,null,null,null,null,null,null,null,null,null,null,null,null,null,null,"DAG","DECAGRAMA"]
[null,null,null,null,null,null,null,null,null,null,null,null,null,null,null,null,null,null,null,null,null,null,null,null,null,null,null,null,null,null,null,null,null,null,null,null,null,null,null,null,null,null,"DAL","DECALITRO"]
[null,null,null,null,null,null,null,null,null,null,null,null,null,null,null,null,null,null,null,null,null,null,null,null,null,null,null,null,null,null,null,null,null,null,null,null,null,null,null,null,null,null,"DAM","DECAMETRO"]
[null,null,null,null,null,null,null,null,null,null,null,null,null,null,null,null,null,null,null,null,null,null,null,null,null,null,null,null,null,null,null,null,null,null,null,null,null,null,null,null,null,null,"DAN","DECANEWTON"]
[null,null,null,null,null,null,null,null,null,null,null,null,null,null,null,null,null,null,null,null,null,null,null,null,null,null,null,null,null,null,null,null,null,null,null,null,null,null,null,null,null,null,"DB","DECIBEL"]
[null,null,null,null,null,null,null,null,null,null,null,null,null,null,null,null,null,null,null,null,null,null,null,null,null,null,null,null,null,null,null,null,null,null,null,null,null,null,null,null,null,null,"DBM","DECIBEL MILIWATT"]
[null,null,null,null,null,null,null,null,null,null,null,null,null,null,null,null,null,null,null,null,null,null,null,null,null,null,null,null,null,null,null,null,null,null,null,null,null,null,null,null,null,null,"DG","DECIGRAMA"]
[null,null,null,null,null,null,null,null,null,null,null,null,null,null,null,null,null,null,null,null,null,null,null,null,null,null,null,null,null,null,null,null,null,null,null,null,null,null,null,null,null,null,"DGT","DÍGITO"]
[null,null,null,null,null,null,null,null,null,null,null,null,null,null,null,null,null,null,null,null,null,null,null,null,null,null,null,null,null,null,null,null,null,null,null,null,null,null,null,null,null,null,"DIA","DIA"]
[null,null,null,null,null,null,null,null,null,null,null,null,null,null,null,null,null,null,null,null,null,null,null,null,null,null,null,null,null,null,null,null,null,null,null,null,null,null,null,null,null,null,"DIAS","DIAS"]
[null,null,null,null,null,null,null,null,null,null,null,null,null,null,null,null,null,null,null,null,null,null,null,null,null,null,null,null,null,null,null,null,null,null,null,null,null,null,null,null,null,null,"DISCO","DISCO"]
[null,null,null,null,null,null,null,null,null,null,null,null,null,null,null,null,null,null,null,null,null,null,null,null,null,null,null,null,null,null,null,null,null,null,null,null,null,null,null,null,null,null,"DL","DECALITRO"]
[null,null,null,null,null,null,null,null,null,null,null,null,null,null,null,null,null,null,null,null,null,null,null,null,null,null,null,null,null,null,null,null,null,null,null,null,null,null,null,null,null,null,"DM","DECIMETRO"]
[null,null,null,null,null,null,null,null,null,null,null,null,null,null,null,null,null,null,null,null,null,null,null,null,null,null,null,null,null,null,null,null,null,null,null,null,null,null,null,null,null,null,"DM2","DECIMETRO QUADRADO"]
[null,null,null,null,null,null,null,null,null,null,null,null,null,null,null,null,null,null,null,null,null,null,null,null,null,null,null,null,null,null,null,null,null,null,null,null,null,null,null,null,null,null,"DM3","DECIMETRO CUBICO"]
[null,null,null,null,null,null,null,null,null,null,null,null,null,null,null,null,null,null,null,null,null,null,null,null,null,null,null,null,null,null,null,null,null,null,null,null,null,null,null,null,null,null,"DM3","DECIMETRO CUBICO"]
[null,null,null,null,null,null,null,null,null,null,null,null,null,null,null,null,null,null,null,null,null,null,null,null,null,null,null,null,null,null,null,null,null,null,null,null,null,null,null,null,null,null,"DOSES","DOSES"]
[null,null,null,null,null,null,null,null,null,null,null,null,null,null,null,null,null,null,null,null,null,null,null,null,null,null,null,null,null,null,null,null,null,null,null,null,null,null,null,null,null,null,"DPI","PONTOS DE DEFINIÇÃO"]
[null,null,null,null,null,null,null,null,null,null,null,null,null,null,null,null,null,null,null,null,null,null,null,null,null,null,null,null,null,null,null,null,null,null,null,null,null,null,null,null,null,null,"DPT","DIOPTRIA"]
[null,null,null,null,null,null,null,null,null,null,null,null,null,null,null,null,null,null,null,null,null,null,null,null,null,null,null,null,null,null,null,null,null,null,null,null,null,null,null,null,null,null,"DRAG","DRÁGEA"]
[null,null,null,null,null,null,null,null,null,null,null,null,null,null,null,null,null,null,null,null,null,null,null,null,null,null,null,null,null,null,null,null,null,null,null,null,null,null,null,null,null,null,"DZ","DUZIA"]
[null,null,null,null,null,null,null,null,null,null,null,null,null,null,null,null,null,null,null,null,null,null,null,null,null,null,null,null,null,null,null,null,null,null,null,null,null,null,null,null,null,null,"EMB","EMBALAGEM"]
[null,null,null,null,null,null,null,null,null,null,null,null,null,null,null,null,null,null,null,null,null,null,null,null,null,null,null,null,null,null,null,null,null,null,null,null,null,null,null,null,null,null,"EMB/H","EMBALAGEM POR HORA"]
[null,null,null,null,null,null,null,null,null,null,null,null,null,null,null,null,null,null,null,null,null,null,null,null,null,null,null,null,null,null,null,null,null,null,null,null,null,null,null,null,null,null,"EMP","EMPLASTRO"]
[null,null,null,null,null,null,null,null,null,null,null,null,null,null,null,null,null,null,null,null,null,null,null,null,null,null,null,null,null,null,null,null,null,null,null,null,null,null,null,null,null,null,"ENV","ENVELOPE"]
[null,null,null,null,null,null,null,null,null,null,null,null,null,null,null,null,null,null,null,null,null,null,null,null,null,null,null,null,null,null,null,null,null,null,null,null,null,null,null,null,null,null,"ENV27/9G","ENVELOPE COM 27,9 g"]
[null,null,null,null,null,null,null,null,null,null,null,null,null,null,null,null,null,null,null,null,null,null,null,null,null,null,null,null,null,null,null,null,null,null,null,null,null,null,null,null,null,null,"ENV30G","ENVELOPE COM 30 g"]
[null,null,null,null,null,null,null,null,null,null,null,null,null,null,null,null,null,null,null,null,null,null,null,null,null,null,null,null,null,null,null,null,null,null,null,null,null,null,null,null,null,null,"EQP","EQUIPAMENTO"]
[null,null,null,null,null,null,null,null,null,null,null,null,null,null,null,null,null,null,null,null,null,null,null,null,null,null,null,null,null,null,null,null,null,null,null,null,null,null,null,null,null,null,"EST","ESTUDANTE"]
[null,null,null,null,null,null,null,null,null,null,null,null,null,null,null,null,null,null,null,null,null,null,null,null,null,null,null,null,null,null,null,null,null,null,null,null,null,null,null,null,null,null,"EV","ELÉTRON-VOLT"]
[null,null,null,null,null,null,null,null,null,null,null,null,null,null,null,null,null,null,null,null,null,null,null,null,null,null,null,null,null,null,null,null,null,null,null,null,null,null,null,null,null,null,"F","FARAD"]
[null,null,null,null,null,null,null,null,null,null,null,null,null,null,null,null,null,null,null,null,null,null,null,null,null,null,null,null,null,null,null,null,null,null,null,null,null,null,null,null,null,null,"FCK","FCK"]
[null,null,null,null,null,null,null,null,null,null,null,null,null,null,null,null,null,null,null,null,null,null,null,null,null,null,null,null,null,null,null,null,null,null,null,null,null,null,null,null,null,null,"FD","FARDO"]
[null,null,null,null,null,null,null,null,null,null,null,null,null,null,null,null,null,null,null,null,null,null,null,null,null,null,null,null,null,null,null,null,null,null,null,null,null,null,null,null,null,null,"FL","FOLHA"]
[null,null,null,null,null,null,null,null,null,null,null,null,null,null,null,null,null,null,null,null,null,null,null,null,null,null,null,null,null,null,null,null,null,null,null,null,null,null,null,null,null,null,"FLAC","FLACONETE"]
[null,null,null,null,null,null,null,null,null,null,null,null,null,null,null,null,null,null,null,null,null,null,null,null,null,null,null,null,null,null,null,null,null,null,null,null,null,null,null,null,null,null,"FLS/H","FOLHAS POR HORA"]
[null,null,null,null,null,null,null,null,null,null,null,null,null,null,null,null,null,null,null,null,null,null,null,null,null,null,null,null,null,null,null,null,null,null,null,null,null,null,null,null,null,null,"FPM","FLASH POR MINUTO"]
[null,null,null,null,null,null,null,null,null,null,null,null,null,null,null,null,null,null,null,null,null,null,null,null,null,null,null,null,null,null,null,null,null,null,null,null,null,null,null,null,null,null,"FPS","FOTOS P/SEGUNDO"]
[null,null,null,null,null,null,null,null,null,null,null,null,null,null,null,null,null,null,null,null,null,null,null,null,null,null,null,null,null,null,null,null,null,null,null,null,null,null,null,null,null,null,"FR","FRASCO"]
[null,null,null,null,null,null,null,null,null,null,null,null,null,null,null,null,null,null,null,null,null,null,null,null,null,null,null,null,null,null,null,null,null,null,null,null,null,null,null,null,null,null,"FR1000ML","FRASCO COM 1000 mL"]
[null,null,null,null,null,null,null,null,null,null,null,null,null,null,null,null,null,null,null,null,null,null,null,null,null,null,null,null,null,null,null,null,null,null,null,null,null,null,null,null,null,null,"FR100DS","FRASCO COM 100 DOSES"]
[null,null,null,null,null,null,null,null,null,null,null,null,null,null,null,null,null,null,null,null,null,null,null,null,null,null,null,null,null,null,null,null,null,null,null,null,null,null,null,null,null,null,"FR100ML","FRASCO COM 100 mL"]
[null,null,null,null,null,null,null,null,null,null,null,null,null,null,null,null,null,null,null,null,null,null,null,null,null,null,null,null,null,null,null,null,null,null,null,null,null,null,null,null,null,null,"FR105ML","FRASCO COM 105 mL"]
[null,null,null,null,null,null,null,null,null,null,null,null,null,null,null,null,null,null,null,null,null,null,null,null,null,null,null,null,null,null,null,null,null,null,null,null,null,null,null,null,null,null,"FR10ML","FRASCO COM 10 mL"]
[null,null,null,null,null,null,null,null,null,null,null,null,null,null,null,null,null,null,null,null,null,null,null,null,null,null,null,null,null,null,null,null,null,null,null,null,null,null,null,null,null,null,"FR110ML","FRASCO COM 110 mL"]
[null,null,null,null,null,null,null,null,null,null,null,null,null,null,null,null,null,null,null,null,null,null,null,null,null,null,null,null,null,null,null,null,null,null,null,null,null,null,null,null,null,null,"FR1200MG","FRASCO COM 1200 MG"]
[null,null,null,null,null,null,null,null,null,null,null,null,null,null,null,null,null,null,null,null,null,null,null,null,null,null,null,null,null,null,null,null,null,null,null,null,null,null,null,null,null,null,"FR120DS","FRASCO COM 120 DOSES"]
[null,null,null,null,null,null,null,null,null,null,null,null,null,null,null,null,null,null,null,null,null,null,null,null,null,null,null,null,null,null,null,null,null,null,null,null,null,null,null,null,null,null,"FR120ML","FRASCO COM 120 mL"]
[null,null,null,null,null,null,null,null,null,null,null,null,null,null,null,null,null,null,null,null,null,null,null,null,null,null,null,null,null,null,null,null,null,null,null,null,null,null,null,null,null,null,"FR125ML","FRASCO COM 125 mL"]
[null,null,null,null,null,null,null,null,null,null,null,null,null,null,null,null,null,null,null,null,null,null,null,null,null,null,null,null,null,null,null,null,null,null,null,null,null,null,null,null,null,null,"FR130DS","FRASCO COM 130 DOSES"]
[null,null,null,null,null,null,null,null,null,null,null,null,null,null,null,null,null,null,null,null,null,null,null,null,null,null,null,null,null,null,null,null,null,null,null,null,null,null,null,null,null,null,"FR1500MG","FRASCO COM 1500 MG"]
[null,null,null,null,null,null,null,null,null,null,null,null,null,null,null,null,null,null,null,null,null,null,null,null,null,null,null,null,null,null,null,null,null,null,null,null,null,null,null,null,null,null,"FR150DS","FRASCO COM 150 DOSES"]
[null,null,null,null,null,null,null,null,null,null,null,null,null,null,null,null,null,null,null,null,null,null,null,null,null,null,null,null,null,null,null,null,null,null,null,null,null,null,null,null,null,null,"FR150ML","FRASCO COM 150 mL"]
[null,null,null,null,null,null,null,null,null,null,null,null,null,null,null,null,null,null,null,null,null,null,null,null,null,null,null,null,null,null,null,null,null,null,null,null,null,null,null,null,null,null,"FR15ML","FRASCO COM 15 mL"]
[null,null,null,null,null,null,null,null,null,null,null,null,null,null,null,null,null,null,null,null,null,null,null,null,null,null,null,null,null,null,null,null,null,null,null,null,null,null,null,null,null,null,"FR160ML","FRASCO COM 160 mL"]
[null,null,null,null,null,null,null,null,null,null,null,null,null,null,null,null,null,null,null,null,null,null,null,null,null,null,null,null,null,null,null,null,null,null,null,null,null,null,null,null,null,null,"FR200DS","FRASCO COM 200 DOSES"]
[null,null,null,null,null,null,null,null,null,null,null,null,null,null,null,null,null,null,null,null,null,null,null,null,null,null,null,null,null,null,null,null,null,null,null,null,null,null,null,null,null,null,"FR200ML","FRASCO COM 200 mL"]
[null,null,null,null,null,null,null,null,null,null,null,null,null,null,null,null,null,null,null,null,null,null,null,null,null,null,null,null,null,null,null,null,null,null,null,null,null,null,null,null,null,null,"FR20ML","FRASCO COM 20 mL"]
[null,null,null,null,null,null,null,null,null,null,null,null,null,null,null,null,null,null,null,null,null,null,null,null,null,null,null,null,null,null,null,null,null,null,null,null,null,null,null,null,null,null,"FR240ML","FRASCO COM 240 mL"]
[null,null,null,null,null,null,null,null,null,null,null,null,null,null,null,null,null,null,null,null,null,null,null,null,null,null,null,null,null,null,null,null,null,null,null,null,null,null,null,null,null,null,"FR250ML","FRASCO COM 250 mL"]
[null,null,null,null,null,null,null,null,null,null,null,null,null,null,null,null,null,null,null,null,null,null,null,null,null,null,null,null,null,null,null,null,null,null,null,null,null,null,null,null,null,null,"FR300DS","FRASCO COM 300 DOSES"]
[null,null,null,null,null,null,null,null,null,null,null,null,null,null,null,null,null,null,null,null,null,null,null,null,null,null,null,null,null,null,null,null,null,null,null,null,null,null,null,null,null,null,"FR300ML","FRASCO COM 300 mL"]
[null,null,null,null,null,null,null,null,null,null,null,null,null,null,null,null,null,null,null,null,null,null,null,null,null,null,null,null,null,null,null,null,null,null,null,null,null,null,null,null,null,null,"FR30DS","FRASCO COM 30 DOSES"]
[null,null,null,null,null,null,null,null,null,null,null,null,null,null,null,null,null,null,null,null,null,null,null,null,null,null,null,null,null,null,null,null,null,null,null,null,null,null,null,null,null,null,"FR30G","FRASCO COM 30 g"]
[null,null,null,null,null,null,null,null,null,null,null,null,null,null,null,null,null,null,null,null,null,null,null,null,null,null,null,null,null,null,null,null,null,null,null,null,null,null,null,null,null,null,"FR30ML","FRASCO COM 30 mL"]
[null,null,null,null,null,null,null,null,null,null,null,null,null,null,null,null,null,null,null,null,null,null,null,null,null,null,null,null,null,null,null,null,null,null,null,null,null,null,null,null,null,null,"FR340ML","FRASCO COM 340 mL"]
[null,null,null,null,null,null,null,null,null,null,null,null,null,null,null,null,null,null,null,null,null,null,null,null,null,null,null,null,null,null,null,null,null,null,null,null,null,null,null,null,null,null,"FR350ML","FRASCO COM 350 mL"]
[null,null,null,null,null,null,null,null,null,null,null,null,null,null,null,null,null,null,null,null,null,null,null,null,null,null,null,null,null,null,null,null,null,null,null,null,null,null,null,null,null,null,"FR40ML","FRASCO COM 40 mL"]
[null,null,null,null,null,null,null,null,null,null,null,null,null,null,null,null,null,null,null,null,null,null,null,null,null,null,null,null,null,null,null,null,null,null,null,null,null,null,null,null,null,null,"FR45ML","FRASCO COM 45 mL"]
[null,null,null,null,null,null,null,null,null,null,null,null,null,null,null,null,null,null,null,null,null,null,null,null,null,null,null,null,null,null,null,null,null,null,null,null,null,null,null,null,null,null,"FR500ML","FRASCO COM 500 mL"]
[null,null,null,null,null,null,null,null,null,null,null,null,null,null,null,null,null,null,null,null,null,null,null,null,null,null,null,null,null,null,null,null,null,null,null,null,null,null,null,null,null,null,"H","HORA"]
[null,null,null,null,null,null,null,null,null,null,null,null,null,null,null,null,null,null,null,null,null,null,null,null,null,null,null,null,null,null,null,null,null,null,null,null,null,null,null,null,null,null,"KG","QUILOGRAMA"]
[null,null,null,null,null,null,null,null,null,null,null,null,null,null,null,null,null,null,null,null,null,null,null,null,null,null,null,null,null,null,null,null,null,null,null,null,null,null,null,null,null,null,"KM","QUILOMETRO"]
[null,null,null,null,null,null,null,null,null,null,null,null,null,null,null,null,null,null,null,null,null,null,null,null,null,null,null,null,null,null,null,null,null,null,null,null,null,null,null,null,null,null,"M","METRO"]
[null,null,null,null,null,null,null,null,null,null,null,null,null,null,null,null,null,null,null,null,null,null,null,null,null,null,null,null,null,null,null,null,null,null,null,null,null,null,null,null,null,null,"M2","METRO QUADRADO"]
[null,null,null,null,null,null,null,null,null,null,null,null,null,null,null,null,null,null,null,null,null,null,null,null,null,null,null,null,null,null,null,null,null,null,null,null,null,null,null,null,null,null,"M3","METRO CÚBICO"]
[null,null,null,null,null,null,null,null,null,null,null,null,null,null,null,null,null,null,null,null,null,null,null,null,null,null,null,null,null,null,null,null,null,null,null,null,null,null,null,null,null,null,"M3XKM","M3XKM"]
[null,null,null,null,null,null,null,null,null,null,null,null,null,null,null,null,null,null,null,null,null,null,null,null,null,null,null,null,null,null,null,null,null,null,null,null,null,null,null,null,null,null,"MES","MES"]
[null,null,null,null,null,null,null,null,null,null,null,null,null,null,null,null,null,null,null,null,null,null,null,null,null,null,null,null,null,null,null,null,null,null,null,null,null,null,null,null,null,null,"MÊS","MÊS/MESES"]
[null,null,null,null,null,null,null,null,null,null,null,null,null,null,null,null,null,null,null,null,null,null,null,null,null,null,null,null,null,null,null,null,null,null,null,null,null,null,null,null,null,null,"MESES","MÊS/MESES"]
[null,null,null,null,null,null,null,null,null,null,null,null,null,null,null,null,null,null,null,null,null,null,null,null,null,null,null,null,null,null,null,null,null,null,null,null,null,null,null,null,null,null,"OUTRAS","OUTRAS"]
[null,null,null,null,null,null,null,null,null,null,null,null,null,null,null,null,null,null,null,null,null,null,null,null,null,null,null,null,null,null,null,null,null,null,null,null,null,null,null,null,null,null,"PAR","PAR"]
[null,null,null,null,null,null,null,null,null,null,null,null,null,null,null,null,null,null,null,null,null,null,null,null,null,null,null,null,null,null,null,null,null,null,null,null,null,null,null,null,null,null,"PC","PEÇA"]
[null,null,null,null,null,null,null,null,null,null,null,null,null,null,null,null,null,null,null,null,null,null,null,null,null,null,null,null,null,null,null,null,null,null,null,null,null,null,null,null,null,null,"T","TONELADA"]
[null,null,null,null,null,null,null,null,null,null,null,null,null,null,null,null,null,null,null,null,null,null,null,null,null,null,null,null,null,null,null,null,null,null,null,null,null,null,null,null,null,null,"TXKM","TXKM"]
[null,null,null,null,null,null,null,null,null,null,null,null,null,null,null,null,null,null,null,null,null,null,null,null,null,null,null,null,null,null,null,null,null,null,null,null,null,null,null,null,null,null,"UN","UNIDADE"]

{"sheet":"BDI","index":3,"n_rows":146,"n_cols":26,"rows_kept":146,"cut":false,"hidden":false,"merged":[[4,9,4,10],[4,11,4,12],[4,13,4,18],[0,17,0,18],[1,17,1,18],[3,9,3,10],[3,11,3,12],[3,13,3,18],[10,9,10,16],[10,17,10,18],[6,9,6,18],[7,9,7,18],[9,9,9,16],[9,17,9,18],[18,23,19,23],[18,24,19,24],[16,9,16,18],[18,25,19,25],[18,20,19,22],[18,9,19,16],[18,17,19,17],[18,18,19,18],[13,9,13,18],[15,9,15,18],[22,9,22,16],[22,20,22,22],[20,9,20,16],[20,20,20,22],[21,9,21,16],[21,20,21,22],[24,9,24,16],[24,20,24,22],[25,9,25,16],[25,20,25,22],[26,9,26,16],[26,20,26,22],[27,9,27,16],[27,20,27,22],[23,9,23,16],[23,20,23,22],[35,13,35,15],[37,9,37,18],[29,9,29,16],[31,10,31,18],[28,9,28,16],[28,20,28,22],[33,9,33,18],[34,12,35,12],[48,9,48,12],[53,9,53,18],[44,9,44,12],[44,15,44,18],[45,9,45,12],[47,9,47,12],[34,13,34,15],[34,16,35,16],[39,9,39,18],[42,9,42,18],[58,24,59,24],[58,25,59,25],[58,9,59,16],[58,17,59,17],[58,18,59,18],[58,20,59,22],[58,23,59,23],[60,9,60,16],[60,20,60,22],[55,9,55,18],[56,9,56,18],[63,9,63,16],[63,20,63,22],[61,9,61,16],[61,20,61,22],[62,9,62,16],[62,20,62,22],[64,9,64,16],[64,20,64,22],[65,9,65,16],[65,20,65,22],[66,20,66,22],[67,9,67,16],[67,20,67,22],[93,9,93,18],[84,9,84,12],[84,15,84,18],[66,9,66,16],[77,9,77,18],[69,9,69,16],[71,10,71,18],[88,9,88,12],[68,20,68,22],[85,9,85,12],[87,9,87,12],[73,9,73,18],[74,12,75,12],[79,9,79,18],[82,9,82,18],[75,13,75,15],[74,13,74,15],[74,16,75,16],[98,24,99,24],[98,25,99,25],[98,9,99,16],[98,17,99,17],[98,18,99,18],[98,23,99,23],[100,9,100,16],[100,20,100,22],[95,9,95,18],[96,9,96,18],[98,20,99,22],[107,20,107,22],[108,9,108,16],[108,20,108,22],[109,9,109,16],[111,10,111,18],[117,9,117,18],[5,8,9,8],[113,9,113,18],[106,9,106,16],[114,12,115,12],[104,9,104,16],[102,9,102,16],[68,9,68,16],[114,13,114,15],[114,16,115,16],[101,9,101,16],[101,20,101,22],[104,20,104,22],[105,9,105,16],[105,20,105,22],[103,9,103,16],[103,20,103,22],[102,20,102,22],[106,20,106,22],[128,9,128,12],[119,9,119,18],[122,9,122,18],[124,9,124,12],[124,15,124,18],[125,9,125,12],[127,9,127,12],[115,13,115,15],[107,9,107,16]]}
[null,null,null,null,"MIN","MED","MAX",null,null,null,null,null,null,null,{"$f":"\"Quadro de Composição do BDI\"","v":"Quadro de Composição do BDI"},null,null,"Grau de Sigilo"]
["Construção e Reforma de Edifícios","AC",{"$f":"CONCATENATE(A2,\"-\",B2)","v":"Construção e Reforma de Edifícios-AC"},null,0.03,0.04,5.5E-2,null,null,null,null,null,null,null,null,null,null,"#PUBLICO"]
[{"$f":"A2","v":"Construção e Reforma de Edifícios"},"SG","Construção e Reforma de Edifícios-SG",null,8.0000000000000002E-3,8.0000000000000002E-3,0.01]
[{"$f":"A3","v":"Construção e Reforma de Edifícios"},"R","Construção e Reforma de Edifícios-R",null,9.7000000000000003E-3,1.2699999999999999E-2,1.2699999999999999E-2,null,null,"Nº OPERAÇÃO",null,"Nº TRANSFEREGOV",null,"PROPONENTE / TOMADOR"]
[{"$f":"A4","v":"Construção e Reforma de Edifícios"},"DF","Construção e Reforma de Edifícios-DF",null,5.8999999999999999E-3,1.23E-2,1.3899999999999999E-2,null,null,{"$f":"Import.CR","v":0},null,{"$f":"Import.TransfereGOV","v":0},null,{"$f":"Import.Proponente","v":"MUNICIPIO DE SIDROLÂNDIA"}]
[{"$f":"A5","v":"Construção e Reforma de Edifícios"},"L","Construção e Reforma de Edifícios-L",null,6.1600000000000002E-2,7.400000000000001E-2,8.9600000000000013E-2,null,"FILTRO"]
[{"$f":"A6","v":"Construção e Reforma de Edifícios"},"BDI PAD","Construção e Reforma de Edifícios-BDI PAD",null,0.2034,0.22120000000000001,0.25,null,null,"APELIDO DO EMPREENDIMENTO / DESCRIÇÃO DO LOTE",null,null,null,null,null,null,null,null,null,null,{"$f":"IF(OR(U10<>\"\",U11<>\"\"),\"Falta preencher os percentuais do ISS\",IF(U14<>\"\",\"Falta preencher o BDI 1\",IF(U54<>\"\",\"Falta preencher o BDI 2\",IF(U94<>\"\",\"Falta preencher o BDI 3\",\"\"))))","v":""}]
["Construção de Praças Urbanas, Rodovias, Ferrovias e recapeamento e pavimentação de vias urbanas","AC","Construção de Praças Urbanas, Rodovias, Ferrovias e recapeamento e pavimentação de vias urbanas-AC",null,3.7999999999999999E-2,4.0099999999999997E-2,4.6699999999999998E-2,null,null,{"$f":"Import.Apelido&\" / \"&Import.DescLote","v":"ELABORAÇÃO DE PROJETO EXECUTIVO DE PAVIMENTAÇÃO ASFÁLTICA E DRENAGEM DE ÁGUAS PLUVIAIS DO BAIRRO JATOBÁ E ADJACENTES NO MUNICÍPIO DE SIDROLÂNDIA - MS. / ELABORAÇÃO DE PROJETO EXECUTIVO DE PAVIMENTAÇÃO ASFÁLTICA E DRENAGEM DE ÁGUAS PLUVIAIS DO BAIRRO JATOBÁ E ADJACENTES NO MUNICÍPIO DE SIDROLÂNDIA - MS."},null,null,null,null,null,null,null,null,null,null,{"$f":"IF(U29=\"FORA DO INTERVALO\",\"BDI 1 fora do intervalo\",IF(U69=\"FORA DO INTERVALO\",\"BDI 2 fora do intervalo\",IF(U109=\"FORA DO INTERVALO\",\"BDI 3 fora do intervalo\",\"\")))","v":""}]
["Construção de Praças Urbanas, Rodovias, Ferrovias e recapeamento e pavimentação de vias urbanas","SG","Construção de Praças Urbanas, Rodovias, Ferrovias e recapeamento e pavimentação de vias urbanas-SG",null,3.2000000000000002E-3,4.0000000000000001E-3,7.4000000000000003E-3]
["Construção de Praças Urbanas, Rodovias, Ferrovias e recapeamento e pavimentação de vias urbanas","R","Construção de Praças Urbanas, Rodovias, Ferrovias e recapeamento e pavimentação de vias urbanas-R",null,5.0000000000000001E-3,5.6000000000000008E-3,9.7000000000000003E-3,null,null,"Conforme legislação tributária municipal, definir estimativa de percentual da base de cálculo para o ISS:",null,null,null,null,null,null,null,1,null,null,{"$f":"IF(R10=0,\"Falta definir a base de cálculo para o ISS\",\"\")","v":""}]
["Construção de Praças Urbanas, Rodovias, Ferrovias e recapeamento e pavimentação de vias urbanas","DF","Construção de Praças Urbanas, Rodovias, Ferrovias e recapeamento e pavimentação de vias urbanas-DF",null,1.0200000000000001E-2,1.11E-2,1.21E-2,null,"↓","Sobre a base de cálculo, definir a respectiva alíquota do ISS (entre 2% e 5%):",null,null,null,null,null,null,null,0.05,null,null,{"$f":"IF(R11=0,\"Falta definir a alíquota do ISS\",\"\")","v":""}]
["Construção de Praças Urbanas, Rodovias, Ferrovias e recapeamento e pavimentação de vias urbanas","L","Construção de Praças Urbanas, Rodovias, Ferrovias e recapeamento e pavimentação de vias urbanas-L",null,6.6400000000000001E-2,7.2999999999999995E-2,8.6899999999999991E-2,null,"F"]
["Construção de Praças Urbanas, Rodovias, Ferrovias e recapeamento e pavimentação de vias urbanas","BDI PAD","Construção de Praças Urbanas, Rodovias, Ferrovias e recapeamento e pavimentação de vias urbanas-BDI PAD",null,0.19600000000000001,0.2097,0.24230000000000002,null,"F"]
["Construção de Redes de Abastecimento de Água, Coleta de Esgoto","AC","Construção de Redes de Abastecimento de Água, Coleta de Esgoto-AC",null,3.4300000000000004E-2,4.9299999999999997E-2,6.7099999999999993E-2,null,"F","BDI 1",null,null,null,null,null,null,null,null,null,null,{"$f":"IF(COUNTIF(ORÇAMENTO!$V$15:$V$110,BDI_1.Título)=0,\"\",IF(OR(Import.BDI.Tipo1=\"(SELECIONAR)\",Import.BDI.Tipo1=\"\",U17<>\"\",S21=0,S22=0,S23=0,S24=0,S25=0,S26=0),\"Falta preencher o BDI 1\",\"\"))","v":""}]
[{"$f":"A14","v":"Construção de Redes de Abastecimento de Água, Coleta de Esgoto"},"SG","Construção de Redes de Abastecimento de Água, Coleta de Esgoto-SG",null,2.8000000000000004E-3,4.8999999999999998E-3,7.4999999999999997E-3,null,"F"]
[{"$f":"A15","v":"Construção de Redes de Abastecimento de Água, Coleta de Esgoto"},"R","Construção de Redes de Abastecimento de Água, Coleta de Esgoto-R",null,0.01,1.3899999999999999E-2,1.7399999999999999E-2,null,"F","TIPO DE OBRA"]
[{"$f":"A16","v":"Construção de Redes de Abastecimento de Água, Coleta de Esgoto"},"DF","Construção de Redes de Abastecimento de Água, Coleta de Esgoto-DF",null,9.3999999999999986E-3,9.8999999999999991E-3,1.1699999999999999E-2,null,"F","Construção de Praças Urbanas, Rodovias, Ferrovias e recapeamento e pavimentação de vias urbanas",null,null,null,null,null,null,null,null,null,{"$f":"IF(U17=\"\",\"\",\"◄\")","v":""},{"$f":"IF(AND(OR(S29>0,COUNTIF(ORÇAMENTO!$V$15:$V$110,BDI_1.Título)>0),OR(Import.BDI.Tipo1=\"(SELECIONAR)\",Import.BDI.Tipo1=\"\")),\"Selecione o Tipo de obra\",\"\")","v":""}]
[{"$f":"A17","v":"Construção de Redes de Abastecimento de Água, Coleta de Esgoto"},"L","Construção de Redes de Abastecimento de Água, Coleta de Esgoto-L",null,6.7400000000000002E-2,8.0399999999999985E-2,9.4E-2,null,"F"]
[{"$f":"A18","v":"Construção de Redes de Abastecimento de Água, Coleta de Esgoto"},"BDI PAD","Construção de Redes de Abastecimento de Água, Coleta de Esgoto-BDI PAD",null,0.20760000000000001,0.24179999999999999,0.26440000000000002,null,"F","Itens",null,null,null,null,null,null,null,"Siglas","% Adotado",null,"Situação",null,null,"1º Quartil","Médio","3º Quartil"]
["Construção e Manutenção de Estações e Redes de Distribuição de Energia Elétrica","AC","Construção e Manutenção de Estações e Redes de Distribuição de Energia Elétrica-AC",null,5.2900000000000003E-2,5.9200000000000003E-2,7.9299999999999995E-2,null,"F"]
[{"$f":"A20","v":"Construção e Manutenção de Estações e Redes de Distribuição de Energia Elétrica"},"SG","Construção e Manutenção de Estações e Redes de Distribuição de Energia Elétrica-SG",null,2.5000000000000001E-3,5.1000000000000004E-3,5.6000000000000008E-3,null,"F",{"$f":"IF($J$17=$A$146,\"Encargos Sociais incidentes sobre a mão de obra\",\"Administração Central\")","v":"Administração Central"},null,null,null,null,null,null,null,{"$f":"IF($J17=$A$146,\"K1\",\"AC\")","v":"AC"},3.7999999999999999E-2,{"$f":"IF(AND($U$14<>\"\",S21=\"\"),\"◄\",\"\")","v":""},{"$f":"IFERROR(IF(AND(S21>=X21,S21<=Z21),\"OK\",\"FORA DO INTERVALO\"),\"-\")","v":"OK"},null,null,{"$f":"VLOOKUP(CONCATENATE(J17,\"-\",R21),$C$2:$G$136,3,FALSE)","v":3.7999999999999999E-2},{"$f":"VLOOKUP(CONCATENATE(J17,\"-\",R21),$C$2:$G$136,4,FALSE)","v":4.0099999999999997E-2},{"$f":"VLOOKUP(CONCATENATE(J17,\"-\",R21),$C$2:$G$136,5,FALSE)","v":4.6699999999999998E-2}]
[{"$f":"A21","v":"Construção e Manutenção de Estações e Redes de Distribuição de Energia Elétrica"},"R","Construção e Manutenção de Estações e Redes de Distribuição de Energia Elétrica-R",null,0.01,1.4800000000000001E-2,1.9699999999999999E-2,null,"F",{"$f":"IF($J$17=$A$146,\"Administração Central da empresa ou consultoria - overhead\",\"Seguro e Garantia\")","v":"Seguro e Garantia"},null,null,null,null,null,null,null,{"$f":"IF($J17=$A$146,\"K2\",\"SG\")","v":"SG"},3.2000000000000002E-3,{"$f":"IF(AND($U$14<>\"\",S22=\"\"),\"◄\",\"\")","v":""},{"$f":"IFERROR(IF(AND(S22>=X22,S22<=Z22),\"OK\",\"FORA DO INTERVALO\"),\"-\")","v":"OK"},null,null,{"$f":"VLOOKUP(CONCATENATE(J17,\"-\",R22),$C$2:$G$136,3,FALSE)","v":3.2000000000000002E-3},{"$f":"VLOOKUP(CONCATENATE(J17,\"-\",R22),$C$2:$G$136,4,FALSE)","v":4.0000000000000001E-3},{"$f":"VLOOKUP(CONCATENATE(J17,\"-\",R22),$C$2:$G$136,5,FALSE)","v":7.4000000000000003E-3}]
[{"$f":"A22","v":"Construção e Manutenção de Estações e Redes de Distribuição de Energia Elétrica"},"DF","Construção e Manutenção de Estações e Redes de Distribuição de Energia Elétrica-DF",null,1.01E-2,1.0700000000000001E-2,1.11E-2,null,"F",{"$f":"IF($J$17=$A$146,\"\",\"Risco\")","v":"Risco"},null,null,null,null,null,null,null,{"$f":"IF($J17=$A$146,\"\",\"R\")","v":"R"},5.0000000000000001E-3,"","OK",null,null,{"$f":"VLOOKUP(CONCATENATE(J17,\"-\",R23),$C$2:$G$136,3,FALSE)","v":5.0000000000000001E-3},{"$f":"VLOOKUP(CONCATENATE(J17,\"-\",R23),$C$2:$G$136,4,FALSE)","v":5.6000000000000008E-3},{"$f":"VLOOKUP(CONCATENATE(J17,\"-\",R23),$C$2:$G$136,5,FALSE)","v":9.7000000000000003E-3}]
[{"$f":"A23","v":"Construção e Manutenção de Estações e Redes de Distribuição de Energia Elétrica"},"L","Construção e Manutenção de Estações e Redes de Distribuição de Energia Elétrica-L",null,0.08,8.3100000000000007E-2,9.5100000000000004E-2,null,"F",{"$f":"IF($J$17=$A$146,\"\",\"Despesas Financeiras\")","v":"Despesas Financeiras"},null,null,null,null,null,null,null,{"$f":"IF($J17=$A$146,\"\",\"DF\")","v":"DF"},1.0200000000000001E-2,"","OK",null,null,{"$f":"VLOOKUP(CONCATENATE(J17,\"-\",R24),$C$2:$G$136,3,FALSE)","v":1.0200000000000001E-2},{"$f":"VLOOKUP(CONCATENATE(J17,\"-\",R24),$C$2:$G$136,4,FALSE)","v":1.11E-2},{"$f":"VLOOKUP(CONCATENATE(J17,\"-\",R24),$C$2:$G$136,5,FALSE)","v":1.21E-2}]
[{"$f":"A24","v":"Construção e Manutenção de Estações e Redes de Distribuição de Energia Elétrica"},"BDI PAD","Construção e Manutenção de Estações e Redes de Distribuição de Energia Elétrica-BDI PAD",null,0.24,0.25840000000000002,0.27860000000000001,null,"F",{"$f":"IF($J$17=$A$146,\"Margem bruta da empresa de consultoria\",\"Lucro\")","v":"Lucro"},null,null,null,null,null,null,null,{"$f":"IF($J17=$A$146,\"K3\",\"L\")","v":"L"},6.6400000000000001E-2,"","OK",null,null,{"$f":"VLOOKUP(CONCATENATE(J17,\"-\",R25),$C$2:$G$136,3,FALSE)","v":6.6400000000000001E-2},{"$f":"VLOOKUP(CONCATENATE(J17,\"-\",R25),$C$2:$G$136,4,FALSE)","v":7.2999999999999995E-2},{"$f":"VLOOKUP(CONCATENATE(J17,\"-\",R25),$C$2:$G$136,5,FALSE)","v":8.6899999999999991E-2}]
["Obras Portuárias, Marítimas e Fluviais","AC","Obras Portuárias, Marítimas e Fluviais-AC",null,0.04,5.5199999999999999E-2,7.85E-2,null,"F","Tributos (impostos COFINS 3%, e  PIS 0,65%)",null,null,null,null,null,null,null,"CP",3.6499999999999998E-2,"","OK",null,null,3.6499999999999998E-2,3.6499999999999998E-2,3.6499999999999998E-2]
[{"$f":"A26","v":"Obras Portuárias, Marítimas e Fluviais"},"SG","Obras Portuárias, Marítimas e Fluviais-SG",null,8.1000000000000013E-3,1.2199999999999999E-2,1.9900000000000001E-2,null,"F","Tributos (ISS, variável de acordo com o município)",null,null,null,null,null,null,null,"ISS",{"$f":"IF(AND($J17<>$A$145,COUNTA(OFFSET(S20,1,0,6))>0),$R$11*$R$10,0)","v":0.05},null,"OK",null,null,0,2.5000000000000001E-2,0.05]
[{"$f":"A27","v":"Obras Portuárias, Marítimas e Fluviais"},"R","Obras Portuárias, Marítimas e Fluviais-R",null,1.46E-2,2.3199999999999998E-2,3.1600000000000003E-2,null,"F","Tributos (Contribuição Previdenciária sobre a Receita Bruta - Lei 12.546 de 14/12/2011 - Desoneração)",null,null,null,null,null,null,null,"CPRB",{"$f":"IF(BDI.Opcao<>\"Desonerado\",0,IF(AND($J17<>$A$145,COUNTA(OFFSET(S20,1,0,6))>0),IF(YEAR(Import.DataBase)<2025,4.5%,IF(YEAR(Import.DataBase)=2025,3.6%,IF(YEAR(Import.DataBase)=2026,2.7%,IF(YEAR(Import.DataBase)=2027,1.8%,0%)))),0%))","v":0},null,"OK",null,null,{"$f":"$S28","v":0},{"$f":"$S28","v":0},{"$f":"$S28","v":0}]
[{"$f":"A28","v":"Obras Portuárias, Marítimas e Fluviais"},"DF","Obras Portuárias, Marítimas e Fluviais-DF",null,9.3999999999999986E-3,1.0200000000000001E-2,1.3300000000000001E-2,null,"F","BDI SEM desoneração (Fórmula Acórdão TCU)",null,null,null,null,null,null,null,"BDI PAD",{"$f":"IF($J17=$A$145,0,ROUND((((1+S21+S22+S23)*(1+S24)*(1+S25)/(1-(S26+S27)))-1),4))","v":0.23380000000000001},null,{"$f":"IFERROR(IF(OR($J$17=$A$146,$J$17=$A$145,AND(S29>=X29,S29<=Z29)),\"OK\",\"FORA DO INTERVALO\"),IF(S29=0,\"OK\",\"Selecione o Tipo de obra\"))","v":"OK"},null,null,{"$f":"IF($J17=$A$145,0,VLOOKUP(CONCATENATE($J17,\"-\",$R29),$C$2:$G$136,3,FALSE))","v":0.19600000000000001},{"$f":"IF($J17=$A$145,0,VLOOKUP(CONCATENATE($J17,\"-\",$R29),$C$2:$G$136,4,FALSE))","v":0.2097},{"$f":"IF($J17=$A$145,0,VLOOKUP(CONCATENATE($J17,\"-\",$R29),$C$2:$G$136,5,FALSE))","v":0.24230000000000002}]
[{"$f":"A29","v":"Obras Portuárias, Marítimas e Fluviais"},"L","Obras Portuárias, Marítimas e Fluviais-L",null,7.1399999999999991E-2,8.4000000000000005E-2,0.1043,null,"F","BDI COM desoneração",null,null,null,null,null,null,null,"BDI DES",{"$f":"IF($J17=$A$145,0,ROUND((((1+S21+S22+S23)*(1+S24)*(1+S25)/(1-(S26+S27+S28)))-1),4))","v":0.23380000000000001}]
[{"$f":"A30","v":"Obras Portuárias, Marítimas e Fluviais"},"BDI PAD","Obras Portuárias, Marítimas e Fluviais-BDI PAD",null,0.22800000000000001,0.27479999999999999,0.3095,null,"F"]
["Fornecimento de Materiais e Equipamentos (aquisição indireta - em conjunto com licitação de obras)","AC","Fornecimento de Materiais e Equipamentos (aquisição indireta - em conjunto com licitação de obras)-AC",null,1.4999999999999999E-2,3.4500000000000003E-2,4.4900000000000002E-2,null,"F",{"$f":"IF(U29<>\"ok\",\"X\",\"\")","v":""},{"$f":"IF(U29<>\"ok\",\"Anexo: Relatório Técnico Circunstanciado justificando a adoção do percentual de cada parcela do BDI.\",\"\")","v":""}]
[{"$f":"A32","v":"Fornecimento de Materiais e Equipamentos (aquisição indireta - em conjunto com licitação de obras)"},"SG","Fornecimento de Materiais e Equipamentos (aquisição indireta - em conjunto com licitação de obras)-SG",null,3.0000000000000001E-3,4.7999999999999996E-3,8.199999999999999E-3,null,"F"]
[{"$f":"A33","v":"Fornecimento de Materiais e Equipamentos (aquisição indireta - em conjunto com licitação de obras)"},"R","Fornecimento de Materiais e Equipamentos (aquisição indireta - em conjunto com licitação de obras)-R",null,5.6000000000000008E-3,8.5000000000000006E-3,8.8999999999999999E-3,null,"F","Os valores de BDI foram calculados com o emprego da fórmula:"]
[{"$f":"A34","v":"Fornecimento de Materiais e Equipamentos (aquisição indireta - em conjunto com licitação de obras)"},"DF","Fornecimento de Materiais e Equipamentos (aquisição indireta - em conjunto com licitação de obras)-DF",null,8.5000000000000006E-3,8.5000000000000006E-3,1.11E-2,null,"F",null,null,null,"BDI =",{"$f":"IF($J17=$A$146,\"(1+K1+K2)*(1+K3)\",\"(1+AC + S + R + G)*(1 + DF)*(1+L)\")","v":"(1+AC + S + R + G)*(1 + DF)*(1+L)"},null,null," - 1"]
[{"$f":"A35","v":"Fornecimento de Materiais e Equipamentos (aquisição indireta - em conjunto com licitação de obras)"},"L","Fornecimento de Materiais e Equipamentos (aquisição indireta - em conjunto com licitação de obras)-L",null,3.5000000000000003E-2,5.1100000000000007E-2,6.2199999999999998E-2,null,"F",null,null,null,null,"(1-CP-ISS-CRPB)"]
[{"$f":"A36","v":"Fornecimento de Materiais e Equipamentos (aquisição indireta - em conjunto com licitação de obras)"},"BDI PAD","Fornecimento de Materiais e Equipamentos (aquisição indireta - em conjunto com licitação de obras)-BDI PAD",null,0.111,0.14019999999999999,0.16800000000000001,null,"F"]
["Fornecimento de Materiais e Equipamentos (aquisição direta)","AC","Fornecimento de Materiais e Equipamentos (aquisição direta)-AC",null,"-","-","-",null,"F",{"$f":"CONCATENATE(\"Declaro para os devidos fins que, conforme legislação tributária municipal, a base de cálculo deste tipo de obra corresponde à \",$R$10*100,\"%, com a respectiva alíquota de \",$R$11*100,\"%.\")","v":"Declaro para os devidos fins que, conforme legislação tributária municipal, a base de cálculo deste tipo de obra corresponde à 100%, com a respectiva alíquota de 5%."}]
["Fornecimento de Materiais e Equipamentos (aquisição direta)","SG","Fornecimento de Materiais e Equipamentos (aquisição direta)-SG",null,"-","-","-",null,"F"]
["Fornecimento de Materiais e Equipamentos (aquisição direta)","R","Fornecimento de Materiais e Equipamentos (aquisição direta)-R",null,"-","-","-",null,"F",{"$f":"CONCATENATE(\"Declaro para os devidos fins que o regime de Contribuição Previdenciária sobre a Receita Bruta adotado para elaboração do orçamento foi \",IF(DESONERACAO=\"Sim\",\"COM\",\"SEM\"),\" Desoneração, e que esta é a alternativa mais adequada para a Administração Pública.\")","v":"Declaro para os devidos fins que o regime de Contribuição Previdenciária sobre a Receita Bruta adotado para elaboração do orçamento foi SEM Desoneração, e que esta é a alternativa mais adequada para a Administração Pública."}]
["Fornecimento de Materiais e Equipamentos (aquisição direta)","DF","Fornecimento de Materiais e Equipamentos (aquisição direta)-DF",null,"-","-","-",null,"F"]
["Fornecimento de Materiais e Equipamentos (aquisição direta)","L","Fornecimento de Materiais e Equipamentos (aquisição direta)-L",null,"-","-","-",null,"F","Observações:"]
["Fornecimento de Materiais e Equipamentos (aquisição direta)","BDI PAD","Fornecimento de Materiais e Equipamentos (aquisição direta)-BDI PAD",null,"-","-","-",null,"F"]
["Estudos e Projetos, Planos e Gerenciamento e outros correlatos","K1","Estudos e Projetos, Planos e Gerenciamento e outros correlatos-K1",null,"-","-","-",null,"F"]
[{"$f":"A44","v":"Estudos e Projetos, Planos e Gerenciamento e outros correlatos"},"K2","Estudos e Projetos, Planos e Gerenciamento e outros correlatos-K2",null,"-",0.2,"-",null,"F",{"$f":"Import.Município","v":"MUNICIPIO DE SIDROLÂNDIA"},null,null,null,null,null,{"$f":"DADOS!$C$25","v":"2025-09-01"}]
[{"$f":"A45","v":"Estudos e Projetos, Planos e Gerenciamento e outros correlatos"},null,"Estudos e Projetos, Planos e Gerenciamento e outros correlatos-",null,"-","-","-",null,"F","Local",null,null,null,null,null,"Data"]
[{"$f":"A46","v":"Estudos e Projetos, Planos e Gerenciamento e outros correlatos"},null,"Estudos e Projetos, Planos e Gerenciamento e outros correlatos-",null,"-","-","-",null,"F"]
[{"$f":"A47","v":"Estudos e Projetos, Planos e Gerenciamento e outros correlatos"},"K3","Estudos e Projetos, Planos e Gerenciamento e outros correlatos-K3",null,"-",0.12,"-",null,"F"]
[{"$f":"A48","v":"Estudos e Projetos, Planos e Gerenciamento e outros correlatos"},"BDI PAD","Estudos e Projetos, Planos e Gerenciamento e outros correlatos-BDI PAD",null,"-","-","-",null,"F","Responsável Técnico"]
[null,null,null,null,null,null,null,null,"F","Nome:",{"$f":"Import.RespOrçamento","v":"ALAN PINHEIRO TRINDADE"}]
[null,null,null,null,null,null,null,null,"F","CREA/CAU:","70161/MS"]
[null,null,null,null,null,null,null,null,"F","ART/RRT:","1320250132544"]
[null,null,null,null,null,null,null,null,"F"]
[null,null,null,null,null,null,null,null,{"$f":"IF($S$69=0,\"\",\"F\")","v":""},"BDI 2",null,null,null,null,null,null,null,null,null,null,{"$f":"IF(COUNTIF(ORÇAMENTO!$V$15:$V$110,BDI_2.Título)=0,\"\",IF(OR(Import.BDI.Tipo2=\"(SELECIONAR)\",Import.BDI.Tipo2=\"\",U57<>\"\",S61=0,S62=0,S63=0,S64=0,S65=0,S66=0),\"Falta preencher o BDI 2\",\"\"))","v":""}]
[null,null,null,null,null,null,null,null,{"$f":"IF($S$69=0,\"\",\"F\")","v":""}]
[null,null,null,null,null,null,null,null,"","TIPO DE OBRA"]
[null,null,null,null,null,null,null,null,"","(SELECIONAR)",null,null,null,null,null,null,null,null,null,{"$f":"IF(U57=\"\",\"\",\"◄\")","v":""},{"$f":"IF(AND(OR(S69>0,COUNTIF(ORÇAMENTO!$V$15:$V$110,BDI_2.Título)>0),OR(Import.BDI.Tipo2=\"(SELECIONAR)\",Import.BDI.Tipo2=\"\")),\"Selecione o Tipo de obra\",\"\")","v":""}]
[null,null,null,null,null,null,null,null,""]
[null,null,null,null,null,null,null,null,"","Itens",null,null,null,null,null,null,null,"Siglas","% Adotado",null,"Situação",null,null,"1º Quartil","Médio","3º Quartil"]
[null,null,null,null,null,null,null,null,""]
[null,null,null,null,null,null,null,null,"",{"$f":"IF($J$17=$A$146,\"Encargos Sociais incidentes sobre a mão de obra\",\"Administração Central\")","v":"Administração Central"},null,null,null,null,null,null,null,{"$f":"IF($J57=$A$146,\"K1\",\"AC\")","v":"AC"},null,{"$f":"IF(AND($U$14<>\"\",S61=\"\"),\"◄\",\"\")","v":""},{"$f":"IFERROR(IF(AND(S61>=X61,S61<=Z61),\"OK\",\"FORA DO INTERVALO\"),\"-\")","v":"-"},null,null,{"$f":"VLOOKUP(CONCATENATE(J57,\"-\",R61),$C$2:$G$136,3,FALSE)","v":{"$error":"#N/A"}},{"$f":"VLOOKUP(CONCATENATE(J57,\"-\",R61),$C$2:$G$136,4,FALSE)","v":{"$error":"#N/A"}},{"$f":"VLOOKUP(CONCATENATE(J57,\"-\",R61),$C$2:$G$136,5,FALSE)","v":{"$error":"#N/A"}}]
[null,null,null,null,null,null,null,null,"",{"$f":"IF($J$17=$A$146,\"Administração Central da empresa ou consultoria - overhead\",\"Seguro e Garantia\")","v":"Seguro e Garantia"},null,null,null,null,null,null,null,{"$f":"IF($J57=$A$146,\"K2\",\"SG\")","v":"SG"},null,{"$f":"IF(AND($U$14<>\"\",S62=\"\"),\"◄\",\"\")","v":""},{"$f":"IFERROR(IF(AND(S62>=X62,S62<=Z62),\"OK\",\"FORA DO INTERVALO\"),\"-\")","v":"-"},null,null,{"$f":"VLOOKUP(CONCATENATE(J57,\"-\",R62),$C$2:$G$136,3,FALSE)","v":{"$error":"#N/A"}},{"$f":"VLOOKUP(CONCATENATE(J57,\"-\",R62),$C$2:$G$136,4,FALSE)","v":{"$error":"#N/A"}},{"$f":"VLOOKUP(CONCATENATE(J57,\"-\",R62),$C$2:$G$136,5,FALSE)","v":{"$error":"#N/A"}}]
[null,null,null,null,null,null,null,null,"",{"$f":"IF($J$17=$A$146,\"\",\"Risco\")","v":"Risco"},null,null,null,null,null,null,null,{"$f":"IF($J57=$A$146,\"\",\"R\")","v":"R"},null,"","-",null,null,{"$f":"VLOOKUP(CONCATENATE(J57,\"-\",R63),$C$2:$G$136,3,FALSE)","v":{"$error":"#N/A"}},{"$f":"VLOOKUP(CONCATENATE(J57,\"-\",R63),$C$2:$G$136,4,FALSE)","v":{"$error":"#N/A"}},{"$f":"VLOOKUP(CONCATENATE(J57,\"-\",R63),$C$2:$G$136,5,FALSE)","v":{"$error":"#N/A"}}]
[null,null,null,null,null,null,null,null,"",{"$f":"IF($J$17=$A$146,\"\",\"Despesas Financeiras\")","v":"Despesas Financeiras"},null,null,null,null,null,null,null,{"$f":"IF($J57=$A$146,\"\",\"DF\")","v":"DF"},null,"","-",null,null,{"$f":"VLOOKUP(CONCATENATE(J57,\"-\",R64),$C$2:$G$136,3,FALSE)","v":{"$error":"#N/A"}},{"$f":"VLOOKUP(CONCATENATE(J57,\"-\",R64),$C$2:$G$136,4,FALSE)","v":{"$error":"#N/A"}},{"$f":"VLOOKUP(CONCATENATE(J57,\"-\",R64),$C$2:$G$136,5,FALSE)","v":{"$error":"#N/A"}}]
[null,null,null,null,null,null,null,null,"",{"$f":"IF($J$17=$A$146,\"Margem bruta da empresa de consultoria\",\"Lucro\")","v":"Lucro"},null,null,null,null,null,null,null,{"$f":"IF($J57=$A$146,\"K3\",\"L\")","v":"L"},null,"","-",null,null,{"$f":"VLOOKUP(CONCATENATE(J57,\"-\",R65),$C$2:$G$136,3,FALSE)","v":{"$error":"#N/A"}},{"$f":"VLOOKUP(CONCATENATE(J57,\"-\",R65),$C$2:$G$136,4,FALSE)","v":{"$error":"#N/A"}},{"$f":"VLOOKUP(CONCATENATE(J57,\"-\",R65),$C$2:$G$136,5,FALSE)","v":{"$error":"#N/A"}}]
[null,null,null,null,null,null,null,null,"","Tributos (impostos COFINS 3%, e  PIS 0,65%)",null,null,null,null,null,null,null,"CP",null,"","FORA DO INTERVALO",null,null,3.6499999999999998E-2,3.6499999999999998E-2,3.6499999999999998E-2]
[null,null,null,null,null,null,null,null,"","Tributos (ISS, variável de acordo com o município)",null,null,null,null,null,null,null,"ISS",{"$f":"IF(AND($J57<>$A$145,COUNTA(OFFSET(S60,1,0,6))>0),$R$11*$R$10,0)","v":0},null,"OK",null,null,0,2.5000000000000001E-2,0.05]
[null,null,null,null,null,null,null,null,"","Tributos (Contribuição Previdenciária sobre a Receita Bruta - Lei 12.546 de 14/12/2011 - Desoneração)",null,null,null,null,null,null,null,"CPRB",{"$f":"IF(BDI.Opcao<>\"Desonerado\",0,IF(AND($J57<>$A$145,COUNTA(OFFSET(S60,1,0,6))>0),IF(YEAR(Import.DataBase)<2025,4.5%,IF(YEAR(Import.DataBase)=2025,3.6%,IF(YEAR(Import.DataBase)=2026,2.7%,IF(YEAR(Import.DataBase)=2027,1.8%,0%)))),0%))","v":0},null,"OK",null,null,{"$f":"$S68","v":0},{"$f":"$S68","v":0},{"$f":"$S68","v":0}]
[null,null,null,null,null,null,null,null,"","BDI SEM desoneração (Fórmula Acórdão TCU)",null,null,null,null,null,null,null,"BDI PAD",{"$f":"IF($J57=$A$145,0,ROUND((((1+S61+S62+S63)*(1+S64)*(1+S65)/(1-(S66+S67)))-1),4))","v":0},null,{"$f":"IFERROR(IF(OR($J$17=$A$146,$J$17=$A$145,AND(S69>=X69,S69<=Z69)),\"OK\",\"FORA DO INTERVALO\"),IF(S69=0,\"OK\",\"Selecione o Tipo de obra\"))","v":"OK"},null,null,{"$f":"IF($J57=$A$145,0,VLOOKUP(CONCATENATE($J57,\"-\",$R69),$C$2:$G$136,3,FALSE))","v":{"$error":"#N/A"}},{"$f":"IF($J57=$A$145,0,VLOOKUP(CONCATENATE($J57,\"-\",$R69),$C$2:$G$136,4,FALSE))","v":{"$error":"#N/A"}},{"$f":"IF($J57=$A$145,0,VLOOKUP(CONCATENATE($J57,\"-\",$R69),$C$2:$G$136,5,FALSE))","v":{"$error":"#N/A"}}]
[null,null,null,null,null,null,null,null,"","BDI COM desoneração",null,null,null,null,null,null,null,"BDI DES",{"$f":"IF($J57=$A$145,0,ROUND((((1+S61+S62+S63)*(1+S64)*(1+S65)/(1-(S66+S67+S68)))-1),4))","v":0}]
[null,null,null,null,null,null,null,null,""]
[null,null,null,null,null,null,null,null,"",{"$f":"IF(U69<>\"ok\",\"X\",\"\")","v":""},{"$f":"IF(U69<>\"ok\",\"Anexo: Relatório Técnico Circunstanciado justificando a adoção do percentual de cada parcela do BDI.\",\"\")","v":""}]
[null,null,null,null,null,null,null,null,""]
[null,null,null,null,null,null,null,null,"","Os valores de BDI foram calculados com o emprego da fórmula:"]
[null,null,null,null,null,null,null,null,"",null,null,null,"BDI =",{"$f":"IF($J57=$A$146,\"(1+K1+K2)*(1+K3)\",\"(1+AC + S + R + G)*(1 + DF)*(1+L)\")","v":"(1+AC + S + R + G)*(1 + DF)*(1+L)"},null,null," - 1"]
[null,null,null,null,null,null,null,null,"",null,null,null,null,"(1-CP-ISS-CRPB)"]
[null,null,null,null,null,null,null,null,""]
[null,null,null,null,null,null,null,null,"",{"$f":"CONCATENATE(\"Declaro para os devidos fins que, conforme legislação tributária municipal, a base de cálculo deste tipo de obra corresponde à \",$R$10*100,\"%, com a respectiva alíquota de \",$R$11*100,\"%.\")","v":"Declaro para os devidos fins que, conforme legislação tributária municipal, a base de cálculo deste tipo de obra corresponde à 100%, com a respectiva alíquota de 5%."}]
[null,null,null,null,null,null,null,null,""]
[null,null,null,null,null,null,null,null,"",{"$f":"CONCATENATE(\"Declaro para os devidos fins que o regime de Contribuição Previdenciária sobre a Receita Bruta adotado para elaboração do orçamento foi \",IF(DESONERACAO=\"Sim\",\"COM\",\"SEM\"),\" Desoneração, e que esta é a alternativa mais adequada para a Administração Pública.\")","v":"Declaro para os devidos fins que o regime de Contribuição Previdenciária sobre a Receita Bruta adotado para elaboração do orçamento foi SEM Desoneração, e que esta é a alternativa mais adequada para a Administração Pública."}]
[null,null,null,null,null,null,null,null,""]
[null,null,null,null,null,null,null,null,"","Observações:"]
[null,null,null,null,null,null,null,null,""]
[null,null,null,null,null,null,null,null,""]
[null,null,null,null,null,null,null,null,"",{"$f":"Import.Município","v":"MUNICIPIO DE SIDROLÂNDIA"},null,null,null,null,null,{"$f":"DADOS!$C$25","v":"2025-09-01"}]
[null,null,null,null,null,null,null,null,"","Local",null,null,null,null,null,"Data"]
[null,null,null,null,null,null,null,null,""]
[null,null,null,null,null,null,null,null,""]
[null,null,null,null,null,null,null,null,"","Responsável Técnico"]
[null,null,null,null,null,null,null,null,"","Nome:",{"$f":"Import.RespOrçamento","v":"ALAN PINHEIRO TRINDADE"}]
[null,null,null,null,null,null,null,null,"","CREA/CAU:","70161/MS"]
[null,null,null,null,null,null,null,null,"","ART/RRT:","1320250132544"]
[null,null,null,null,null,null,null,null,""]
[null,null,null,null,null,null,null,null,{"$f":"IF($S$109=0,\"\",\"F\")","v":""},"BDI 3",null,null,null,null,null,null,null,null,null,null,{"$f":"IF(COUNTIF(ORÇAMENTO!$V$15:$V$110,BDI_3.Título)=0,\"\",IF(OR(Import.BDI.Tipo3=\"(SELECIONAR)\",Import.BDI.Tipo3=\"\",U97<>\"\",S101=0,S102=0,S103=0,S104=0,S105=0,S106=0),\"Falta preencher o BDI 3\",\"\"))","v":""}]
[null,null,null,null,null,null,null,null,{"$f":"IF($S$109=0,\"\",\"F\")","v":""}]
[null,null,null,null,null,null,null,null,"","TIPO DE OBRA"]
[null,null,null,null,null,null,null,null,"","(SELECIONAR)",null,null,null,null,null,null,null,null,null,{"$f":"IF(U97=\"\",\"\",\"◄\")","v":""},{"$f":"IF(AND(OR(S109>0,COUNTIF(ORÇAMENTO!$V$15:$V$110,BDI_3.Título)>0),OR(Import.BDI.Tipo3=\"(SELECIONAR)\",Import.BDI.Tipo3=\"\")),\"Selecione o Tipo de obra\",\"\")","v":""}]
[null,null,null,null,null,null,null,null,""]
[null,null,null,null,null,null,null,null,"","Itens",null,null,null,null,null,null,null,"Siglas","% Adotado",null,"Situação",null,null,"1º Quartil","Médio","3º Quartil"]
[null,null,null,null,null,null,null,null,""]
[null,null,null,null,null,null,null,null,"",{"$f":"IF($J$17=$A$146,\"Encargos Sociais incidentes sobre a mão de obra\",\"Administração Central\")","v":"Administração Central"},null,null,null,null,null,null,null,{"$f":"IF($J97=$A$146,\"K1\",\"AC\")","v":"AC"},null,{"$f":"IF(AND($U$14<>\"\",S101=\"\"),\"◄\",\"\")","v":""},{"$f":"IFERROR(IF(AND(S101>=X101,S101<=Z101),\"OK\",\"FORA DO INTERVALO\"),\"-\")","v":"-"},null,null,{"$f":"VLOOKUP(CONCATENATE(J97,\"-\",R101),$C$2:$G$136,3,FALSE)","v":{"$error":"#N/A"}},{"$f":"VLOOKUP(CONCATENATE(J97,\"-\",R101),$C$2:$G$136,4,FALSE)","v":{"$error":"#N/A"}},{"$f":"VLOOKUP(CONCATENATE(J97,\"-\",R101),$C$2:$G$136,5,FALSE)","v":{"$error":"#N/A"}}]
[null,null,null,null,null,null,null,null,"",{"$f":"IF($J$17=$A$146,\"Administração Central da empresa ou consultoria - overhead\",\"Seguro e Garantia\")","v":"Seguro e Garantia"},null,null,null,null,null,null,null,{"$f":"IF($J97=$A$146,\"K2\",\"SG\")","v":"SG"},null,{"$f":"IF(AND($U$14<>\"\",S102=\"\"),\"◄\",\"\")","v":""},{"$f":"IFERROR(IF(AND(S102>=X102,S102<=Z102),\"OK\",\"FORA DO INTERVALO\"),\"-\")","v":"-"},null,null,{"$f":"VLOOKUP(CONCATENATE(J97,\"-\",R102),$C$2:$G$136,3,FALSE)","v":{"$error":"#N/A"}},{"$f":"VLOOKUP(CONCATENATE(J97,\"-\",R102),$C$2:$G$136,4,FALSE)","v":{"$error":"#N/A"}},{"$f":"VLOOKUP(CONCATENATE(J97,\"-\",R102),$C$2:$G$136,5,FALSE)","v":{"$error":"#N/A"}}]
[null,null,null,null,null,null,null,null,"",{"$f":"IF($J$17=$A$146,\"\",\"Risco\")","v":"Risco"},null,null,null,null,null,null,null,{"$f":"IF($J97=$A$146,\"\",\"R\")","v":"R"},null,"","-",null,null,{"$f":"VLOOKUP(CONCATENATE(J97,\"-\",R103),$C$2:$G$136,3,FALSE)","v":{"$error":"#N/A"}},{"$f":"VLOOKUP(CONCATENATE(J97,\"-\",R103),$C$2:$G$136,4,FALSE)","v":{"$error":"#N/A"}},{"$f":"VLOOKUP(CONCATENATE(J97,\"-\",R103),$C$2:$G$136,5,FALSE)","v":{"$error":"#N/A"}}]
[null,null,null,null,null,null,null,null,"",{"$f":"IF($J$17=$A$146,\"\",\"Despesas Financeiras\")","v":"Despesas Financeiras"},null,null,null,null,null,null,null,{"$f":"IF($J97=$A$146,\"\",\"DF\")","v":"DF"},null,"","-",null,null,{"$f":"VLOOKUP(CONCATENATE(J97,\"-\",R104),$C$2:$G$136,3,FALSE)","v":{"$error":"#N/A"}},{"$f":"VLOOKUP(CONCATENATE(J97,\"-\",R104),$C$2:$G$136,4,FALSE)","v":{"$error":"#N/A"}},{"$f":"VLOOKUP(CONCATENATE(J97,\"-\",R104),$C$2:$G$136,5,FALSE)","v":{"$error":"#N/A"}}]
[null,null,null,null,null,null,null,null,"",{"$f":"IF($J$17=$A$146,\"Margem bruta da empresa de consultoria\",\"Lucro\")","v":"Lucro"},null,null,null,null,null,null,null,{"$f":"IF($J97=$A$146,\"K3\",\"L\")","v":"L"},null,"","-",null,null,{"$f":"VLOOKUP(CONCATENATE(J97,\"-\",R105),$C$2:$G$136,3,FALSE)","v":{"$error":"#N/A"}},{"$f":"VLOOKUP(CONCATENATE(J97,\"-\",R105),$C$2:$G$136,4,FALSE)","v":{"$error":"#N/A"}},{"$f":"VLOOKUP(CONCATENATE(J97,\"-\",R105),$C$2:$G$136,5,FALSE)","v":{"$error":"#N/A"}}]
[null,null,null,null,null,null,null,null,"","Tributos (impostos COFINS 3%, e  PIS 0,65%)",null,null,null,null,null,null,null,"CP",null,"","FORA DO INTERVALO",null,null,3.6499999999999998E-2,3.6499999999999998E-2,3.6499999999999998E-2]
[null,null,null,null,null,null,null,null,"","Tributos (ISS, variável de acordo com o município)",null,null,null,null,null,null,null,"ISS",{"$f":"IF(AND($J97<>$A$145,COUNTA(OFFSET(S100,1,0,6))>0),$R$11*$R$10,0)","v":0},null,"OK",null,null,0,2.5000000000000001E-2,0.05]
[null,null,null,null,null,null,null,null,"","Tributos (Contribuição Previdenciária sobre a Receita Bruta - Lei 12.546 de 14/12/2011 - Desoneração)",null,null,null,null,null,null,null,"CPRB",{"$f":"IF(BDI.Opcao<>\"Desonerado\",0,IF(AND($J97<>$A$145,COUNTA(OFFSET(S100,1,0,6))>0),IF(YEAR(Import.DataBase)<2025,4.5%,IF(YEAR(Import.DataBase)=2025,3.6%,IF(YEAR(Import.DataBase)=2026,2.7%,IF(YEAR(Import.DataBase)=2027,1.8%,0%)))),0%))","v":0},null,"OK",null,null,{"$f":"$S108","v":0},{"$f":"$S108","v":0},{"$f":"$S108","v":0}]
[null,null,null,null,null,null,null,null,"","BDI SEM desoneração (Fórmula Acórdão TCU)",null,null,null,null,null,null,null,"BDI PAD",{"$f":"IF($J97=$A$145,0,ROUND((((1+S101+S102+S103)*(1+S104)*(1+S105)/(1-(S106+S107)))-1),4))","v":0},null,{"$f":"IFERROR(IF(OR($J$17=$A$146,$J$17=$A$145,AND(S109>=X109,S109<=Z109)),\"OK\",\"FORA DO INTERVALO\"),IF(S109=0,\"OK\",\"Selecione o Tipo de obra\"))","v":"OK"},null,null,{"$f":"IF($J97=$A$145,0,VLOOKUP(CONCATENATE($J97,\"-\",$R109),$C$2:$G$136,3,FALSE))","v":{"$error":"#N/A"}},{"$f":"IF($J97=$A$145,0,VLOOKUP(CONCATENATE($J97,\"-\",$R109),$C$2:$G$136,4,FALSE))","v":{"$error":"#N/A"}},{"$f":"IF($J97=$A$145,0,VLOOKUP(CONCATENATE($J97,\"-\",$R109),$C$2:$G$136,5,FALSE))","v":{"$error":"#N/A"}}]
[null,null,null,null,null,null,null,null,"","BDI COM desoneração",null,null,null,null,null,null,null,"BDI DES",{"$f":"IF($J97=$A$145,0,ROUND((((1+S101+S102+S103)*(1+S104)*(1+S105)/(1-(S106+S107+S108)))-1),4))","v":0}]
[null,null,null,null,null,null,null,null,""]
[null,null,null,null,null,null,null,null,"",{"$f":"IF(U109<>\"ok\",\"X\",\"\")","v":""},{"$f":"IF(U109<>\"ok\",\"Anexo: Relatório Técnico Circunstanciado justificando a adoção do percentual de cada parcela do BDI.\",\"\")","v":""}]
[null,null,null,null,null,null,null,null,""]
[null,null,null,null,null,null,null,null,"","Os valores de BDI foram calculados com o emprego da fórmula:"]
[null,null,null,null,null,null,null,null,"",null,null,null,"BDI =",{"$f":"IF($J97=$A$146,\"(1+K1+K2)*(1+K3)\",\"(1+AC + S + R + G)*(1 + DF)*(1+L)\")","v":"(1+AC + S + R + G)*(1 + DF)*(1+L)"},null,null," - 1"]
[null,null,null,null,null,null,null,null,"",null,null,null,null,"(1-CP-ISS-CRPB)"]
[null,null,null,null,null,null,null,null,""]
[null,null,null,null,null,null,null,null,"",{"$f":"CONCATENATE(\"Declaro para os devidos fins que, conforme legislação tributária municipal, a base de cálculo deste tipo de obra corresponde à \",$R$10*100,\"%, com a respectiva alíquota de \",$R$11*100,\"%.\")","v":"Declaro para os devidos fins que, conforme legislação tributária municipal, a base de cálculo deste tipo de obra corresponde à 100%, com a respectiva alíquota de 5%."}]
[null,null,null,null,null,null,null,null,""]
[null,null,null,null,null,null,null,null,"",{"$f":"CONCATENATE(\"Declaro para os devidos fins que o regime de Contribuição Previdenciária sobre a Receita Bruta adotado para elaboração do orçamento foi \",IF(DESONERACAO=\"Sim\",\"COM\",\"SEM\"),\" Desoneração, e que esta é a alternativa mais adequada para a Administração Pública.\")","v":"Declaro para os devidos fins que o regime de Contribuição Previdenciária sobre a Receita Bruta adotado para elaboração do orçamento foi SEM Desoneração, e que esta é a alternativa mais adequada para a Administração Pública."}]
[null,null,null,null,null,null,null,null,""]
[null,null,null,null,null,null,null,null,"","Observações:"]
[null,null,null,null,null,null,null,null,""]
[null,null,null,null,null,null,null,null,""]
[null,null,null,null,null,null,null,null,"",{"$f":"Import.Município","v":"MUNICIPIO DE SIDROLÂNDIA"},null,null,null,null,null,{"$f":"DADOS!$C$25","v":"2025-09-01"}]
[null,null,null,null,null,null,null,null,"","Local",null,null,null,null,null,"Data"]
[null,null,null,null,null,null,null,null,""]
[null,null,null,null,null,null,null,null,""]
[null,null,null,null,null,null,null,null,"","Responsável Técnico"]
[null,null,null,null,null,null,null,null,"","Nome:",{"$f":"Import.RespOrçamento","v":"ALAN PINHEIRO TRINDADE"}]
[null,null,null,null,null,null,null,null,"","CREA/CAU:","70161/MS"]
[null,null,null,null,null,null,null,null,"","ART/RRT:","1320250132544"]
[]
[]
[]
[]
[]
["(SELECIONAR)"]
["Construção e Reforma de Edifícios"]
["Construção de Praças Urbanas, Rodovias, Ferrovias e recapeamento e pavimentação de vias urbanas"]
["Construção de Redes de Abastecimento de Água, Coleta de Esgoto"]
["Construção e Manutenção de Estações e Redes de Distribuição de Energia Elétrica"]
["Obras Portuárias, Marítimas e Fluviais"]
["Fornecimento de Materiais e Equipamentos (aquisição indireta - em conjunto com licitação de obras)"]
["Fornecimento de Materiais e Equipamentos (aquisição direta)"]
["Estudos e Projetos, Planos e Gerenciamento e outros correlatos"]

{"sheet":"ORÇAMENTO","index":4,"n_rows":127,"n_cols":40,"rows_kept":127,"cut":false,"hidden":false,"merged":[[125,14,125,16],[14,14,14,17],[112,16,112,23],[115,14,117,23],[119,14,119,23],[122,14,122,16],[120,14,120,23],[3,14,3,15],[3,18,3,23],[4,14,4,15],[4,18,4,23],[7,5,7,10],[7,11,11,11],[7,14,7,15],[7,18,7,20],[8,5,8,10],[4,30,4,31],[6,14,6,15],[6,18,6,20],[6,37,10,37],[7,24,11,24],[7,25,11,25],[11,26,11,27],[6,35,10,35]]}
[null,null,null,null,null,null,null,null,null,null,null,null,null,null,null,null,null,"PO - PLANILHA ORÇAMENTÁRIA",null,null,null,null,null,"Grau de Sigilo"]
[null,null,null,"LOTE","Meta","Nível 2","Nível 3","Nível 4","Serviço",null,null,null,null,null,null,null,null,{"$f":"IF(TIPOORCAMENTO=\"licitado\",\"Orçamento Licitado\",\"Orçamento Base para Licitação\")&\" - \"&import.recurso","v":"Orçamento Base para Licitação - OGU"},null,null,null,null,null,"#PUBLICO"]
[]
["Nmax",null,null,null,null,"BDI 1","BDI 2","BDI 3",0,null,null,null,null,null,"Nº OPERAÇÃO",null,"Nº TransfereGOV","PROPONENTE / TOMADOR","APELIDO DO EMPREENDIMENTO"]
[{"$f":"MAX($C$15:$C$110)","v":2},null,null,null,null,{"$f":"IF(BDI.Opcao=\"DESONERADO\",BDI!$S$30,BDI!$S$29)","v":0.23380000000000001},{"$f":"IF(BDI.Opcao=\"DESONERADO\",BDI!$S$70,BDI!$S$69)","v":0},{"$f":"IF(BDI.Opcao=\"DESONERADO\",BDI!$S$110,BDI!$S$109)","v":0},null,null,null,null,null,null,{"$f":"Import.CR","v":0},null,{"$f":"Import.TransfereGOV","v":0},{"$f":"Import.Proponente","v":"MUNICIPIO DE SIDROLÂNDIA"},{"$f":"Import.Apelido","v":"ELABORAÇÃO DE PROJETO EXECUTIVO DE PAVIMENTAÇÃO ASFÁLTICA E DRENAGEM DE ÁGUAS PLUVIAIS DO BAIRRO JATOBÁ E ADJACENTES NO MUNICÍPIO DE SIDROLÂNDIA - MS."},null,null,null,null,null,null,null,null,null,null,null,"Arredondamento"]
[]
[null,null,null,null,null,null,null,null,null,null,null,null,null,null,"LOCALIDADE SINAPI",null,"DATA BASE",{"$f":"IF(TIPOORCAMENTO=\"Licitado\",\"NOME DA EMPRESA\",\"DESCRIÇÃO DO LOTE\")","v":"DESCRIÇÃO DO LOTE"},{"$f":"IF(TIPOORCAMENTO=\"Licitado\",\"REGIME DE EXECUÇÃO\",\"MUNICÍPIO / UF\")","v":"MUNICÍPIO / UF"},null,null,{"$f":"IF(TIPOORCAMENTO=\"Licitado\",\"\",\"BDI 1\")","v":"BDI 1"},{"$f":"IF(TIPOORCAMENTO=\"Licitado\",\"\",\"BDI 2\")","v":"BDI 2"},{"$f":"IF(TIPOORCAMENTO=\"Licitado\",\"Nº CTEF\",\"BDI 3\")","v":"BDI 3"},null,null,null,null,null,null,"Quantidade",true,null,null,null,"QUANTIDADES: ACOMP. POR BM",null,"PREÇO UNITÁRIO LICITADO"]
[null,null,null,null,null,{"$f":"IF(LEN(INFO(\"release\"))>5,\"'Referência \"&Excel_BuiltIn_Database&\".xlsm'#Banco.$a5:$a$65536\",\"'[Referência \"&Excel_BuiltIn_Database&\".xlsm]Banco'!$a5:$a$65536\")","v":"'[Referência 09-2025.xlsm]Banco'!$a5:$a$65536"},null,null,null,null,null,"FILTRO",null,null,{"$f":"IF(ISERROR(INDIRECT($F$9)),\"(N/D: 'Referência \"&Excel_BuiltIn_Database&\".xlsm)\",INDIRECT($F$9))","v":"CAMPO GRANDE"},null,{"$f":"TEXT(Import.DataBase,\"mm-aa\")&IF(DESONERACAO=\"Sim\",\" (DES.)\",\" (N DES.)\")","v":"09-25 (N DES.)"},{"$f":"IF(TIPOORCAMENTO=\"Licitado\",Import.empresa,Import.DescLote)","v":"ELABORAÇÃO DE PROJETO EXECUTIVO DE PAVIMENTAÇÃO ASFÁLTICA E DRENAGEM DE ÁGUAS PLUVIAIS DO BAIRRO JATOBÁ E ADJACENTES NO MUNICÍPIO DE SIDROLÂNDIA - MS."},{"$f":"IF(TIPOORCAMENTO=\"Licitado\",Import.RegimeExecução,Import.Município)","v":"MUNICIPIO DE SIDROLÂNDIA"},null,null,{"$f":"IF(TIPOORCAMENTO=\"Licitado\",\"\",TEXT(F5,\"0,00%\"))","v":"23,38%"},{"$f":"IF(TIPOORCAMENTO=\"Licitado\",\"\",TEXT(G5,\"0,00%\"))","v":"0,00%"},{"$f":"IF(TIPOORCAMENTO=\"Licitado\",Import.CTEF,TEXT(H5,\"0,00%\"))","v":"0,00%"},"RECURSO","SGL RECURSO",null,null,null,null,"Custo Unitáro",true]
[null,null,null,null,null,{"$f":"IF(LEN(INFO(\"release\"))>5,\"'Referência \"&Excel_BuiltIn_Database&\".xlsm'#Banco.$d$3\",\"'[Referência \"&Excel_BuiltIn_Database&\".xlsm]Banco'!$d$3\")","v":"'[Referência 09-2025.xlsm]Banco'!$d$3"},null,null,null,null,null,null,null,null,null,null,null,null,null,null,null,null,null,null,null,null,null,null,null,null,"BDI",true]
[null,null,null,null,null,null,null,null,null,null,null,null,null,null,null,null,null,null,null,null,null,null,null,null,null,null,null,null,"ERRO GERAL",null,"Preço Unitário",true]
[null,null,null,null,null,null,null,null,null,null,null,null,null,null,null,null,null,null,null,null,null,null,null,null,null,null,null,null,{"$f":"IF(COUNTIFS($L$15:$L$110,\"F\",$AC$15:$AC$110,\"<>\"&\" \")>0,\"NÃO OK\",\"OK\")","v":"OK"},null,"Preço Total",true]
[null,null,null,null,null,null,null,null,null,null,null,null,null,null,{"$f":"IF(COUNTIF($AC$15:$AC$110,\"FONTE\")>0,\"Falta preencher a Fonte (coluna P) na Linha \"&(14+MATCH(\"FONTE\",$AC$15:$AC$110,0)),\n IF(COUNTIF($AC$15:$AC$110,\"CÓDIGO\")>0,\"Falta preencher o Código (coluna Q) na Linha \"&(14+MATCH(\"CÓDIGO\",$AC$15:$AC$110,0)),\n IF(COUNTIF($AC$15:$AC$110,\"CÓDIGO N/ID\")>0,\"Código (coluna Q) não identificado na Linha \"&(14+MATCH(\"CÓDIGO N/ID\",$AC$15:$AC$110,0))&\". Verifique se o código está correto ou busque outro código\",\n IF(COUNTIF($AC$15:$AC$110,\"DESCRIÇÃO\")>0,\"Falta preencher a Descrição (coluna R) na Linha \"&(14+MATCH(\"DESCRIÇÃO\",$AC$15:$AC$110,0)),\n IF(COUNTIF($AC$15:$AC$110,\"UNIDADE\")>0,\"Falta preencher a Unidade (coluna S) na Linha \"&(14+MATCH(\"UNIDADE\",$AC$15:$AC$110,0)),\n IF(COUNTIF($AC$15:$AC$110,\"SEM CUSTO\")>0,\"Falta preencher o Custo Unitário (coluna U) na Linha \"&(14+MATCH(\"SEM CUSTO\",$AC$15:$AC$110,0)),\n IF(COUNTIF($AC$15:$AC$110,\"SEM PREÇO\")>0,\"Falta preencher o Preço Unitário licitado (coluna AL) na Linha \"&(14+MATCH(\"SEM CUSTO\",$AC$15:$AC$110,0)),\n IF(COUNTIF($AC$15:$AC$110,\"BDI\")>0,\"Falta definir o BDI (coluna V) na Linha \"&(14+MATCH(\"BDI\",$AC$15:$AC$110,0)),\n IF(COUNTIF($AC$15:$AC$110,\"ACIMA REF.\")>0,\n         IF(_xlfn.SINGLE(TIPOORCAMENTO)=\"Proposto\",\"O custo unitário (coluna U) na Linha \"&(14+MATCH(\"ACIMA REF.\",$AC$15:$AC$110,0))&\" está acima do custo referencial (coluna AG)\",\n            \"O preço unitário licitado (coluna AL) na Linha \"&(14+MATCH(\"ACIMA REF.\",$AC$15:$AC$110,0))&\" está acima do preço referencial do edital (coluna AN)\"),\n IF(COUNTIF($AC$15:$AC$110,\"QUANT.\")>0,\"Falta a Quantidade do serviço na Linha \"&(14+MATCH(\"QUANT.\",$AC$15:$AC$110,0))&IF(ACOMPANHAMENTO=\"PLE\",\". Preencher na aba CÁLCULO\",\". Preencher na coluna AJ\"),\n IF(COUNTIF($AC$15:$AC$110,\"Código >13\")>0,\"O tamanho do código do serviço no TransfereGOV é limitado a 13 caracteres. Resuma o código (coluna Q) na Linha \"&(14+MATCH(\"Código >13\",$AC$15:$AC$110,0)),\n IF(COUNTIF($AC$15:$AC$110,\"Descrição >100\")>0,\"O tamanho da descrição de macrosserviço no TransfereGOV é limitado a 100 caracteres. Resuma a descrição (coluna R) na Linha \"&(14+MATCH(\"Descrição >100\",$AC$15:$AC$110,0)),\n IF(COUNTIF($AC$15:$AC$110,\"Descrição >500\")>0,\"O tamanho da descrição de serviço no TransfereGOV é limitado a 500 caracteres. Resuma a descrição (coluna R) na Linha \"&(14+MATCH(\"Descrição >500\",$AC$15:$AC$110,0)),\n IF(COUNTIF($AC$15:$AC$110,\"Unid. Não Disp\")>0,\"Unidade não disponível na lista do TransfereGOV. Reveja a unidade (coluna S) na Linha \"&(14+MATCH(\"Unid. Não Disp\",$AC$15:$AC$110,0)),\"\"))))))))))))))","v":""},null,null,null,null,null,null,null,null,null,null,null,"Valores não Arredondados",null,null,null,null,null,null,null,null,"↓",null,"↓"]
["Nível E","Save Nivel","Nível C","Altura","n1","n2","n3","n4","n5","Czero","Cnível","↓","Nível","Nível Corrigido","Item","Fonte","Código","Descrição","Unidade","Quantidade",{"$f":"IF(TIPOORCAMENTO=\"Licitado\",\"\",\"Custo Unitário (sem BDI) (R$)\")","v":"Custo Unitário (sem BDI) (R$)"},{"$f":"IF(TIPOORCAMENTO=\"Licitado\",\"\",\"BDI\n(%)\")","v":"BDI\n(%)"},"Preço Unitário (com BDI) (R$)","Preço Total\n(R$)","↓","↓","Contrapartida (R$)","Outros (R$)","Erro de Dados","Lista Crono","Concatenação Fonte-Código","BancoDesloc","Custo Unitário Referência (R$)",{"$f":"IF(TIPOORCAMENTO=\"LICITADO\",\"Valor BDI Edital\",\"Valor BDI\")","v":"Valor BDI"},null,"Quantidade",null,"Preço Unitário (com BDI) (R$)","Preço Total\nLicit. (R$)","Preço Unitário Edital (R$)"]
[{"$f":"CHOOSE(1+LOG(1+2*(ORÇAMENTO.Nivel=\"Meta\")+4*(ORÇAMENTO.Nivel=\"Nível 2\")+8*(ORÇAMENTO.Nivel=\"Nível 3\")+16*(ORÇAMENTO.Nivel=\"Nível 4\")+32*(ORÇAMENTO.Nivel=\"Serviço\"),2),0,1,2,3,4,\"S\")","v":"S"},{"$f":"IF(OR(C14=\"s\",C14=0),OFFSET(B14,-1,0),C14)","v":"Save Nivel"},{"$f":"IF(OFFSET(C14,-1,0)=\"L\",1,IF(OFFSET(C14,-1,0)=1,2,IF(OR(A14=\"s\",A14=0),\"S\",IF(AND(OFFSET(C14,-1,0)=2,A14=4),3,IF(AND(OR(OFFSET(C14,-1,0)=\"s\",OFFSET(C14,-1,0)=0),A14<>\"s\",A14>OFFSET(B14,-1,0)),OFFSET(B14,-1,0),A14)))))","v":"S"},{"$f":"IF(OR(C14=\"S\",C14=0),0,IF(ISERROR(K14),J14,SMALL(J14:K14,1)))","v":0},{"$f":"IF($C14=1,OFFSET(E14,-1,0)+MAX(1,COUNTIF(QCI!$A$13:$A$24,OFFSET(ORÇAMENTO!E14,-1,0))),OFFSET(E14,-1,0))","v":"n1"},{"$f":"IF($C14=1,0,IF($C14=2,OFFSET(F14,-1,0)+1,OFFSET(F14,-1,0)))","v":"n2"},{"$f":"IF(AND($C14<=2,$C14<>0),0,IF($C14=3,OFFSET(G14,-1,0)+1,OFFSET(G14,-1,0)))","v":"n3"},{"$f":"IF(AND($C14<=3,$C14<>0),0,IF($C14=4,OFFSET(H14,-1,0)+1,OFFSET(H14,-1,0)))","v":"n4"},{"$f":"IF(AND($C14<=4,$C14<>0),0,IF(AND($C14=\"S\",$X14>0),OFFSET(I14,-1,0)+1,OFFSET(I14,-1,0)))","v":"n5"},{"$f":"IF(OR($C14=\"S\",$C14=0),0,MATCH(0,OFFSET($D14,1,$C14,ROW($C$110)-ROW($C14)),0))","v":0},{"$f":"IF(OR($C14=\"S\",$C14=0),0,MATCH(OFFSET($D14,0,$C14)+IF($C14<>1,1,COUNTIF(QCI!$A$13:$A$24,ORÇAMENTO!E14)),OFFSET($D14,1,$C14,ROW($C$110)-ROW($C14)),0))","v":0},{"$f":"IF(OR($X14>0,$C14=1,$C14=2,$C14=3,$C14=4),\"F\",\"\")","v":""},"Serviço",{"$f":"CHOOSE(1+LOG(1+2*(C14=1)+4*(C14=2)+8*(C14=3)+16*(C14=4)+32*(C14=\"S\"),2),\"\",\"Meta\",\"Nível 2\",\"Nível 3\",\"Nível 4\",\"Serviço\")","v":"Serviço"},{"$f":"IF(OR($C14=0,$L14=\"\"),\"-\",CONCATENATE(E14&\".\",IF(AND($A$5>=2,$C14>=2),F14&\".\",\"\"),IF(AND($A$5>=3,$C14>=3),G14&\".\",\"\"),IF(AND($A$5>=4,$C14>=4),H14&\".\",\"\"),IF($C14=\"S\",I14&\".\",\"\")))","v":"-"},"SINAPI",null,{"$f":"IF($C14=\"S\",REFERENCIA.Descricao,\"(digite a descrição aqui)\")","v":"(Sem Código)"},{"$f":"REFERENCIA.Unidade","v":"-"},{"$f":"OFFSET(CÁLCULO!H$15,ROW($T14)-ROW(T$15),0)","v":0},null,"BDI 1",{"$f":"IF($C14=\"S\",ROUND(IF(TIPOORCAMENTO=\"Proposto\",ORÇAMENTO.CustoUnitario*(1+$AH14),ORÇAMENTO.PrecoUnitarioLicitado),15-13*$AF$10),0)","v":0},{"$f":"IF($C14=\"S\",IF(OR(Import.TipoArredondamento<>\"TransfereGOV\",ACOMPANHAMENTO=\"BM\"),VTOTAL1,SUM(OFFSET(CÁLCULO!$AI$15,ROW($X14)-ROW($X$15),1):OFFSET(CÁLCULO!$BB$15,ROW($X14)-ROW($X$15),-1))),IF($C14=0,0,ROUND(SomaAgrup,15-13*$AF$11)))","v":0},"RA",{"$f":"IF(AND($C14=\"S\",$X14>0),IF(ISBLANK($Y14),\"RA\",LEFT($Y14,2)),\"\")","v":""},{"$f":"IF($C14=\"S\",IF($Z14=\"CP\",$X14,IF($Z14=\"RA\",(($X14)*QCI!$AA$3),0)),SomaAgrup)","v":0},{"$f":"IF($C14=\"S\",IF($Z14=\"OU\",ROUND($X14,2),0),SomaAgrup)","v":0},{"$f":"IF($N14=\"\",\" \",\nIF(AND($C14<>\"S\",OR($R14=\"\",$R14=\"(digite a descrição aqui)\")),\"DESCRIÇÃO\",\nIF(AND($C14=\"S\",OR($Q14<>0,$T14>0,$U14>0),$P14=0),\"FONTE\",\nIF(AND($C14=\"S\",$P14<>0,OR($T14>0,$U14>0),$Q14=0),\"CÓDIGO\",\nIF(AND($C14=\"S\",$P14<>0,$Q14<>0,$R14=\"(Código não identificado nas referências)\"),\"CÓDIGO N/ID\",\nIF(AND($C14=\"S\",OR($R14=\"\",$R14=\"(digite a descrição aqui)\"),OR($Q14<>0,$T14>0,$U14>0)),\"DESCRIÇÃO\",\nIF(AND($C14=\"S\",$P14<>0,$Q14<>0,$S14=\"\"),\"UNIDADE\",\nIF(AND($C14=\"S\",$P14<>0,$Q14<>0,$U14=0),\"SEM CUSTO\",\nIF(AND(TIPOORCAMENTO=\"Licitado\",$AL14=0,$AN14>0),\"SEM PREÇO\",\nIF(AND($C14=\"S\",$P14<>0,$Q14<>0,$U14>0,$V14=0),\"BDI\",\nIF(OR(AND(TIPOORCAMENTO=\"Proposto\",$AG14<>\"\",$AG14>0,ORÇAMENTO.CustoUnitario>$AG14),AND(TIPOORCAMENTO=\"LICITADO\",ORÇAMENTO.PrecoUnitarioLicitado>$AN14)),\"ACIMA REF.\",\nIF(AND($C14=\"S\",$P14<>0,$Q14<>0,$T14=0,$U14>0),\"QUANT.\",\nIF(AND(Import.TipoArredondamento=\"TransfereGOV\",$L14=\"F\",$C14=\"S\",LEN($Q14)>13),\"Código >13\",\nIF(AND(Import.TipoArredondamento=\"TransfereGOV\",$L14=\"F\",$C14<>\"S\",LEN($R14)>100),\"Descrição >100\",\nIF(AND(Import.TipoArredondamento=\"TransfereGOV\",$L14=\"F\",$C14=\"S\",LEN($R14)>500),\"Descrição >500\",\nIF(AND(Import.TipoArredondamento=\"TransfereGOV\",$L14=\"F\",$C14=\"S\",LEFT(TRIM(UPPER($P14)),6)<>\"SINAPI\",ISNA(VLOOKUP(TRIM(UPPER($S14)),ListaTgov.Unidades,1,FALSE))),\"Unid. Não Disp\",\n\" \"))))))))))))))))","v":" "},{"$f":"IF(C14<=CRONO.NivelExibicao,MAX($AD$15:OFFSET(AD14,-1,0))+IF($C14<>1,1,MAX(1,COUNTIF(QCI!$A$13:$A$24,OFFSET($E14,-1,0)))),\"\")","v":""},{"$f":"IF(AND($C14=\"S\",ORÇAMENTO.CodBarra<>\"\"),IF(ORÇAMENTO.Fonte=\"\",ORÇAMENTO.CodBarra,CONCATENATE(ORÇAMENTO.Fonte,\" \",ORÇAMENTO.CodBarra)))","v":false},{"$f":"IF(ISERROR(INDIRECT(ORÇAMENTO.BancoRef)),\"(abra o arquivo 'Referência \"&Excel_BuiltIn_Database&\".xlsm)\",IF(OR($C14<>\"S\",ORÇAMENTO.CodBarra=\"\"),\"(Sem Código)\",IF(ISERROR(MATCH($AE14,INDIRECT(ORÇAMENTO.BancoRef),0)),\"(Código não identificado nas referências)\",MATCH($AE14,INDIRECT(ORÇAMENTO.BancoRef),0))))","v":"(Sem Código)"},{"$f":"ROUND(IF(DESONERACAO=\"sim\",REFERENCIA.Desonerado,REFERENCIA.NaoDesonerado),2)","v":0},{"$f":"ROUND(IF(ISNUMBER(ORÇAMENTO.OpcaoBDI),ORÇAMENTO.OpcaoBDI,IF(LEFT(ORÇAMENTO.OpcaoBDI,3)=\"BDI\",HLOOKUP(ORÇAMENTO.OpcaoBDI,$F$4:$H$5,2,FALSE),0)),15-11*$AF$9)","v":0.23380000000000001},null,null,null,null,{"$f":"$X14","v":0},{"$f":"ROUND(ORÇAMENTO.CustoUnitario*(1+$AH14),2)","v":0}]
[0,null,"L",{"$f":"COUNTA(OFFSET(D15,1,0):D$110)","v":94},0,null,null,null,null,null,null,"F",{"$f":"IF(TIPOORCAMENTO=\"LICITADO\",\"CTEF\",\"LOTE\")","v":"LOTE"},{"$f":"IF(TIPOORCAMENTO=\"LICITADO\",\"CTEF\",\"LOTE\")","v":"LOTE"},{"$f":"Import.DescLote","v":"ELABORAÇÃO DE PROJETO EXECUTIVO DE PAVIMENTAÇÃO ASFÁLTICA E DRENAGEM DE ÁGUAS PLUVIAIS DO BAIRRO JATOBÁ E ADJACENTES NO MUNICÍPIO DE SIDROLÂNDIA - MS."},null,null,null,null,null,null,null,null,{"$f":"SUMIF(OFFSET($C15,1,0,ROW(X110)-ROW(X15)-1),\"S\",OFFSET(X15,1,0,ROW(X110)-ROW(X15)-1))","v":1453184.1500000004},null,{"$f":"IF(AND($C15=\"S\",$X15>0),LEFT($Y15,2),\"\")","v":""},{"$f":"SUMIF(OFFSET($C15,1,0,ROW(AA110)-ROW(AA15)-1),\"S\",OFFSET(AA15,1,0,ROW(AA110)-ROW(AA15)-1))","v":453184.14999999979},{"$f":"SUMIF(OFFSET($C15,1,0,ROW(AB110)-ROW(AB15)-1),\"S\",OFFSET(AB15,1,0,ROW(AB110)-ROW(AB15)-1))","v":0}," ",null,null,null,null,null,null,null,null,null,1453184.1500000004]
[{"$f":"CHOOSE(1+LOG(1+2*(ORÇAMENTO.Nivel=\"Meta\")+4*(ORÇAMENTO.Nivel=\"Nível 2\")+8*(ORÇAMENTO.Nivel=\"Nível 3\")+16*(ORÇAMENTO.Nivel=\"Nível 4\")+32*(ORÇAMENTO.Nivel=\"Serviço\"),2),0,1,2,3,4,\"S\")","v":1},{"$f":"IF(OR(C16=\"s\",C16=0),OFFSET(B16,-1,0),C16)","v":1},{"$f":"IF(OFFSET(C16,-1,0)=\"L\",1,IF(OFFSET(C16,-1,0)=1,2,IF(OR(A16=\"s\",A16=0),\"S\",IF(AND(OFFSET(C16,-1,0)=2,A16=4),3,IF(AND(OR(OFFSET(C16,-1,0)=\"s\",OFFSET(C16,-1,0)=0),A16<>\"s\",A16>OFFSET(B16,-1,0)),OFFSET(B16,-1,0),A16)))))","v":1},{"$f":"IF(OR(C16=\"S\",C16=0),0,IF(ISERROR(K16),J16,SMALL(J16:K16,1)))","v":94},{"$f":"IF($C16=1,OFFSET(E16,-1,0)+MAX(1,COUNTIF(QCI!$A$13:$A$24,OFFSET(ORÇAMENTO!E16,-1,0))),OFFSET(E16,-1,0))","v":1},{"$f":"IF($C16=1,0,IF($C16=2,OFFSET(F16,-1,0)+1,OFFSET(F16,-1,0)))","v":0},{"$f":"IF(AND($C16<=2,$C16<>0),0,IF($C16=3,OFFSET(G16,-1,0)+1,OFFSET(G16,-1,0)))","v":0},{"$f":"IF(AND($C16<=3,$C16<>0),0,IF($C16=4,OFFSET(H16,-1,0)+1,OFFSET(H16,-1,0)))","v":0},{"$f":"IF(AND($C16<=4,$C16<>0),0,IF(AND($C16=\"S\",$X16>0),OFFSET(I16,-1,0)+1,OFFSET(I16,-1,0)))","v":0},{"$f":"IF(OR($C16=\"S\",$C16=0),0,MATCH(0,OFFSET($D16,1,$C16,ROW($C$110)-ROW($C16)),0))","v":94},{"$f":"IF(OR($C16=\"S\",$C16=0),0,MATCH(OFFSET($D16,0,$C16)+IF($C16<>1,1,COUNTIF(QCI!$A$13:$A$24,ORÇAMENTO!E16)),OFFSET($D16,1,$C16,ROW($C$110)-ROW($C16)),0))","v":{"$error":"#N/A"}},{"$f":"IF(OR($X16>0,$C16=1,$C16=2,$C16=3,$C16=4),\"F\",\"\")","v":"F"},"Meta",{"$f":"CHOOSE(1+LOG(1+2*(C16=1)+4*(C16=2)+8*(C16=3)+16*(C16=4)+32*(C16=\"S\"),2),\"\",\"Meta\",\"Nível 2\",\"Nível 3\",\"Nível 4\",\"Serviço\")","v":"Meta"},{"$f":"IF(OR($C16=0,$L16=\"\"),\"-\",CONCATENATE(E16&\".\",IF(AND($A$5>=2,$C16>=2),F16&\".\",\"\"),IF(AND($A$5>=3,$C16>=3),G16&\".\",\"\"),IF(AND($A$5>=4,$C16>=4),H16&\".\",\"\"),IF($C16=\"S\",I16&\".\",\"\")))","v":"1."},"SINAPI",null,"Pavimentação e Drenagem no Bairro Jatobá, no Município de Sidrolândia/MS.",{"$f":"REFERENCIA.Unidade","v":"-"},{"$f":"OFFSET(CÁLCULO!H$15,ROW($T16)-ROW(T$15),0)","v":0},null,"BDI 1",{"$f":"IF($C16=\"S\",ROUND(IF(TIPOORCAMENTO=\"Proposto\",ORÇAMENTO.CustoUnitario*(1+$AH16),ORÇAMENTO.PrecoUnitarioLicitado),15-13*$AF$10),0)","v":0},{"$f":"IF($C16=\"S\",IF(OR(Import.TipoArredondamento<>\"TransfereGOV\",ACOMPANHAMENTO=\"BM\"),VTOTAL1,SUM(OFFSET(CÁLCULO!$AI$15,ROW($X16)-ROW($X$15),1):OFFSET(CÁLCULO!$BB$15,ROW($X16)-ROW($X$15),-1))),IF($C16=0,0,ROUND(SomaAgrup,15-13*$AF$11)))","v":1453184.15},"RA",{"$f":"IF(AND($C16=\"S\",$X16>0),IF(ISBLANK($Y16),\"RA\",LEFT($Y16,2)),\"\")","v":""},{"$f":"IF($C16=\"S\",IF($Z16=\"CP\",$X16,IF($Z16=\"RA\",(($X16)*QCI!$AA$3),0)),SomaAgrup)","v":453184.14999999979},{"$f":"IF($C16=\"S\",IF($Z16=\"OU\",ROUND($X16,2),0),SomaAgrup)","v":0},{"$f":"IF($N16=\"\",\" \",\nIF(AND($C16<>\"S\",OR($R16=\"\",$R16=\"(digite a descrição aqui)\")),\"DESCRIÇÃO\",\nIF(AND($C16=\"S\",OR($Q16<>0,$T16>0,$U16>0),$P16=0),\"FONTE\",\nIF(AND($C16=\"S\",$P16<>0,OR($T16>0,$U16>0),$Q16=0),\"CÓDIGO\",\nIF(AND($C16=\"S\",$P16<>0,$Q16<>0,$R16=\"(Código não identificado nas referências)\"),\"CÓDIGO N/ID\",\nIF(AND($C16=\"S\",OR($R16=\"\",$R16=\"(digite a descrição aqui)\"),OR($Q16<>0,$T16>0,$U16>0)),\"DESCRIÇÃO\",\nIF(AND($C16=\"S\",$P16<>0,$Q16<>0,$S16=\"\"),\"UNIDADE\",\nIF(AND($C16=\"S\",$P16<>0,$Q16<>0,$U16=0),\"SEM CUSTO\",\nIF(AND(TIPOORCAMENTO=\"Licitado\",$AL16=0,$AN16>0),\"SEM PREÇO\",\nIF(AND($C16=\"S\",$P16<>0,$Q16<>0,$U16>0,$V16=0),\"BDI\",\nIF(OR(AND(TIPOORCAMENTO=\"Proposto\",$AG16<>\"\",$AG16>0,ORÇAMENTO.CustoUnitario>$AG16),AND(TIPOORCAMENTO=\"LICITADO\",ORÇAMENTO.PrecoUnitarioLicitado>$AN16)),\"ACIMA REF.\",\nIF(AND($C16=\"S\",$P16<>0,$Q16<>0,$T16=0,$U16>0),\"QUANT.\",\nIF(AND(Import.TipoArredondamento=\"TransfereGOV\",$L16=\"F\",$C16=\"S\",LEN($Q16)>13),\"Código >13\",\nIF(AND(Import.TipoArredondamento=\"TransfereGOV\",$L16=\"F\",$C16<>\"S\",LEN($R16)>100),\"Descrição >100\",\nIF(AND(Import.TipoArredondamento=\"TransfereGOV\",$L16=\"F\",$C16=\"S\",LEN($R16)>500),\"Descrição >500\",\nIF(AND(Import.TipoArredondamento=\"TransfereGOV\",$L16=\"F\",$C16=\"S\",LEFT(TRIM(UPPER($P16)),6)<>\"SINAPI\",ISNA(VLOOKUP(TRIM(UPPER($S16)),ListaTgov.Unidades,1,FALSE))),\"Unid. Não Disp\",\n\" \"))))))))))))))))","v":" "},{"$f":"IF(C16<=CRONO.NivelExibicao,MAX($AD$15:OFFSET(AD16,-1,0))+IF($C16<>1,1,MAX(1,COUNTIF(QCI!$A$13:$A$24,OFFSET($E16,-1,0)))),\"\")","v":1},{"$f":"IF(AND($C16=\"S\",ORÇAMENTO.CodBarra<>\"\"),IF(ORÇAMENTO.Fonte=\"\",ORÇAMENTO.CodBarra,CONCATENATE(ORÇAMENTO.Fonte,\" \",ORÇAMENTO.CodBarra)))","v":false},{"$f":"IF(ISERROR(INDIRECT(ORÇAMENTO.BancoRef)),\"(abra o arquivo 'Referência \"&Excel_BuiltIn_Database&\".xlsm)\",IF(OR($C16<>\"S\",ORÇAMENTO.CodBarra=\"\"),\"(Sem Código)\",IF(ISERROR(MATCH($AE16,INDIRECT(ORÇAMENTO.BancoRef),0)),\"(Código não identificado nas referências)\",MATCH($AE16,INDIRECT(ORÇAMENTO.BancoRef),0))))","v":"(Sem Código)"},{"$f":"ROUND(IF(DESONERACAO=\"sim\",REFERENCIA.Desonerado,REFERENCIA.NaoDesonerado),2)","v":0},{"$f":"ROUND(IF(ISNUMBER(ORÇAMENTO.OpcaoBDI),ORÇAMENTO.OpcaoBDI,IF(LEFT(ORÇAMENTO.OpcaoBDI,3)=\"BDI\",HLOOKUP(ORÇAMENTO.OpcaoBDI,$F$4:$H$5,2,FALSE),0)),15-11*$AF$9)","v":0.23380000000000001},null,null,null,null,1453184.15,{"$f":"ROUND(ORÇAMENTO.CustoUnitario*(1+$AH16),2)","v":0}]
[2,2,2,7,{"$f":"IF($C17=1,OFFSET(E17,-1,0)+MAX(1,COUNTIF(QCI!$A$13:$A$24,OFFSET(ORÇAMENTO!E17,-1,0))),OFFSET(E17,-1,0))","v":1},1,0,0,0,{"$f":"IF(OR($C17=\"S\",$C17=0),0,MATCH(0,OFFSET($D17,1,$C17,ROW($C$110)-ROW($C17)),0))","v":93},{"$f":"IF(OR($C17=\"S\",$C17=0),0,MATCH(OFFSET($D17,0,$C17)+IF($C17<>1,1,COUNTIF(QCI!$A$13:$A$24,ORÇAMENTO!E17)),OFFSET($D17,1,$C17,ROW($C$110)-ROW($C17)),0))","v":7},"F","Nível 2","Nível 2","1.1.","SINAPI",null,"SERVIÇOS PRELIMINARES",{"$f":"REFERENCIA.Unidade","v":"-"},{"$f":"OFFSET(CÁLCULO!H$15,ROW($T17)-ROW(T$15),0)","v":0},null,"BDI 1",{"$f":"IF($C17=\"S\",ROUND(IF(TIPOORCAMENTO=\"Proposto\",ORÇAMENTO.CustoUnitario*(1+$AH17),ORÇAMENTO.PrecoUnitarioLicitado),15-13*$AF$10),0)","v":0},{"$f":"IF($C17=\"S\",IF(OR(Import.TipoArredondamento<>\"TransfereGOV\",ACOMPANHAMENTO=\"BM\"),VTOTAL1,SUM(OFFSET(CÁLCULO!$AI$15,ROW($X17)-ROW($X$15),1):OFFSET(CÁLCULO!$BB$15,ROW($X17)-ROW($X$15),-1))),IF($C17=0,0,ROUND(SomaAgrup,15-13*$AF$11)))","v":33051.51},"RA","",{"$f":"IF($C17=\"S\",IF($Z17=\"CP\",$X17,IF($Z17=\"RA\",(($X17)*QCI!$AA$3),0)),SomaAgrup)","v":10307.310649903864},0,{"$f":"IF($N17=\"\",\" \",\nIF(AND($C17<>\"S\",OR($R17=\"\",$R17=\"(digite a descrição aqui)\")),\"DESCRIÇÃO\",\nIF(AND($C17=\"S\",OR($Q17<>0,$T17>0,$U17>0),$P17=0),\"FONTE\",\nIF(AND($C17=\"S\",$P17<>0,OR($T17>0,$U17>0),$Q17=0),\"CÓDIGO\",\nIF(AND($C17=\"S\",$P17<>0,$Q17<>0,$R17=\"(Código não identificado nas referências)\"),\"CÓDIGO N/ID\",\nIF(AND($C17=\"S\",OR($R17=\"\",$R17=\"(digite a descrição aqui)\"),OR($Q17<>0,$T17>0,$U17>0)),\"DESCRIÇÃO\",\nIF(AND($C17=\"S\",$P17<>0,$Q17<>0,$S17=\"\"),\"UNIDADE\",\nIF(AND($C17=\"S\",$P17<>0,$Q17<>0,$U17=0),\"SEM CUSTO\",\nIF(AND(TIPOORCAMENTO=\"Licitado\",$AL17=0,$AN17>0),\"SEM PREÇO\",\nIF(AND($C17=\"S\",$P17<>0,$Q17<>0,$U17>0,$V17=0),\"BDI\",\nIF(OR(AND(TIPOORCAMENTO=\"Proposto\",$AG17<>\"\",$AG17>0,ORÇAMENTO.CustoUnitario>$AG17),AND(TIPOORCAMENTO=\"LICITADO\",ORÇAMENTO.PrecoUnitarioLicitado>$AN17)),\"ACIMA REF.\",\nIF(AND($C17=\"S\",$P17<>0,$Q17<>0,$T17=0,$U17>0),\"QUANT.\",\nIF(AND(Import.TipoArredondamento=\"TransfereGOV\",$L17=\"F\",$C17=\"S\",LEN($Q17)>13),\"Código >13\",\nIF(AND(Import.TipoArredondamento=\"TransfereGOV\",$L17=\"F\",$C17<>\"S\",LEN($R17)>100),\"Descrição >100\",\nIF(AND(Import.TipoArredondamento=\"TransfereGOV\",$L17=\"F\",$C17=\"S\",LEN($R17)>500),\"Descrição >500\",\nIF(AND(Import.TipoArredondamento=\"TransfereGOV\",$L17=\"F\",$C17=\"S\",LEFT(TRIM(UPPER($P17)),6)<>\"SINAPI\",ISNA(VLOOKUP(TRIM(UPPER($S17)),ListaTgov.Unidades,1,FALSE))),\"Unid. Não Disp\",\n\" \"))))))))))))))))","v":" "},{"$f":"IF(C17<=CRONO.NivelExibicao,MAX($AD$15:OFFSET(AD17,-1,0))+IF($C17<>1,1,MAX(1,COUNTIF(QCI!$A$13:$A$24,OFFSET($E17,-1,0)))),\"\")","v":2},{"$f":"IF(AND($C17=\"S\",ORÇAMENTO.CodBarra<>\"\"),IF(ORÇAMENTO.Fonte=\"\",ORÇAMENTO.CodBarra,CONCATENATE(ORÇAMENTO.Fonte,\" \",ORÇAMENTO.CodBarra)))","v":false},{"$f":"IF(ISERROR(INDIRECT(ORÇAMENTO.BancoRef)),\"(abra o arquivo 'Referência \"&Excel_BuiltIn_Database&\".xlsm)\",IF(OR($C17<>\"S\",ORÇAMENTO.CodBarra=\"\"),\"(Sem Código)\",IF(ISERROR(MATCH($AE17,INDIRECT(ORÇAMENTO.BancoRef),0)),\"(Código não identificado nas referências)\",MATCH($AE17,INDIRECT(ORÇAMENTO.BancoRef),0))))","v":"(Sem Código)"},{"$f":"ROUND(IF(DESONERACAO=\"sim\",REFERENCIA.Desonerado,REFERENCIA.NaoDesonerado),2)","v":0},0.23380000000000001,null,null,null,null,33051.51,0]
["S",2,"S",0,{"$f":"IF($C18=1,OFFSET(E18,-1,0)+MAX(1,COUNTIF(QCI!$A$13:$A$24,OFFSET(ORÇAMENTO!E18,-1,0))),OFFSET(E18,-1,0))","v":1},1,0,0,1,{"$f":"IF(OR($C18=\"S\",$C18=0),0,MATCH(0,OFFSET($D18,1,$C18,ROW($C$110)-ROW($C18)),0))","v":0},{"$f":"IF(OR($C18=\"S\",$C18=0),0,MATCH(OFFSET($D18,0,$C18)+IF($C18<>1,1,COUNTIF(QCI!$A$13:$A$24,ORÇAMENTO!E18)),OFFSET($D18,1,$C18,ROW($C$110)-ROW($C18)),0))","v":0},"F","Serviço","Serviço","1.1.1.","Composição","IUS0001",{"$f":"IF($C18=\"S\",REFERENCIA.Descricao,\"(digite a descrição aqui)\")","v":"Placa de obra em chapa de aço galvanizado (REF 74209/001 descontinuado em 01/01/2020)"},"M2",{"$f":"OFFSET(CÁLCULO!H$15,ROW($T18)-ROW(T$15),0)","v":8},{"$f":"AG18","v":511.92},"BDI 1",{"$f":"IF($C18=\"S\",ROUND(IF(TIPOORCAMENTO=\"Proposto\",ORÇAMENTO.CustoUnitario*(1+$AH18),ORÇAMENTO.PrecoUnitarioLicitado),15-13*$AF$10),0)","v":631.61},{"$f":"IF($C18=\"S\",IF(OR(Import.TipoArredondamento<>\"TransfereGOV\",ACOMPANHAMENTO=\"BM\"),VTOTAL1,SUM(OFFSET(CÁLCULO!$AI$15,ROW($X18)-ROW($X$15),1):OFFSET(CÁLCULO!$BB$15,ROW($X18)-ROW($X$15),-1))),IF($C18=0,0,ROUND(SomaAgrup,15-13*$AF$11)))","v":5052.88},"RA","RA",{"$f":"IF($C18=\"S\",IF($Z18=\"CP\",$X18,IF($Z18=\"RA\",(($X18)*QCI!$AA$3),0)),SomaAgrup)","v":1575.7707843510402},0,{"$f":"IF($N18=\"\",\" \",\nIF(AND($C18<>\"S\",OR($R18=\"\",$R18=\"(digite a descrição aqui)\")),\"DESCRIÇÃO\",\nIF(AND($C18=\"S\",OR($Q18<>0,$T18>0,$U18>0),$P18=0),\"FONTE\",\nIF(AND($C18=\"S\",$P18<>0,OR($T18>0,$U18>0),$Q18=0),\"CÓDIGO\",\nIF(AND($C18=\"S\",$P18<>0,$Q18<>0,$R18=\"(Código não identificado nas referências)\"),\"CÓDIGO N/ID\",\nIF(AND($C18=\"S\",OR($R18=\"\",$R18=\"(digite a descrição aqui)\"),OR($Q18<>0,$T18>0,$U18>0)),\"DESCRIÇÃO\",\nIF(AND($C18=\"S\",$P18<>0,$Q18<>0,$S18=\"\"),\"UNIDADE\",\nIF(AND($C18=\"S\",$P18<>0,$Q18<>0,$U18=0),\"SEM CUSTO\",\nIF(AND(TIPOORCAMENTO=\"Licitado\",$AL18=0,$AN18>0),\"SEM PREÇO\",\nIF(AND($C18=\"S\",$P18<>0,$Q18<>0,$U18>0,$V18=0),\"BDI\",\nIF(OR(AND(TIPOORCAMENTO=\"Proposto\",$AG18<>\"\",$AG18>0,ORÇAMENTO.CustoUnitario>$AG18),AND(TIPOORCAMENTO=\"LICITADO\",ORÇAMENTO.PrecoUnitarioLicitado>$AN18)),\"ACIMA REF.\",\nIF(AND($C18=\"S\",$P18<>0,$Q18<>0,$T18=0,$U18>0),\"QUANT.\",\nIF(AND(Import.TipoArredondamento=\"TransfereGOV\",$L18=\"F\",$C18=\"S\",LEN($Q18)>13),\"Código >13\",\nIF(AND(Import.TipoArredondamento=\"TransfereGOV\",$L18=\"F\",$C18<>\"S\",LEN($R18)>100),\"Descrição >100\",\nIF(AND(Import.TipoArredondamento=\"TransfereGOV\",$L18=\"F\",$C18=\"S\",LEN($R18)>500),\"Descrição >500\",\nIF(AND(Import.TipoArredondamento=\"TransfereGOV\",$L18=\"F\",$C18=\"S\",LEFT(TRIM(UPPER($P18)),6)<>\"SINAPI\",ISNA(VLOOKUP(TRIM(UPPER($S18)),ListaTgov.Unidades,1,FALSE))),\"Unid. Não Disp\",\n\" \"))))))))))))))))","v":" "},{"$f":"IF(C18<=CRONO.NivelExibicao,MAX($AD$15:OFFSET(AD18,-1,0))+IF($C18<>1,1,MAX(1,COUNTIF(QCI!$A$13:$A$24,OFFSET($E18,-1,0)))),\"\")","v":""},{"$f":"IF(AND($C18=\"S\",ORÇAMENTO.CodBarra<>\"\"),IF(ORÇAMENTO.Fonte=\"\",ORÇAMENTO.CodBarra,CONCATENATE(ORÇAMENTO.Fonte,\" \",ORÇAMENTO.CodBarra)))","v":"Composição IUS0001"},{"$f":"IF(ISERROR(INDIRECT(ORÇAMENTO.BancoRef)),\"(abra o arquivo 'Referência \"&Excel_BuiltIn_Database&\".xlsm)\",IF(OR($C18<>\"S\",ORÇAMENTO.CodBarra=\"\"),\"(Sem Código)\",IF(ISERROR(MATCH($AE18,INDIRECT(ORÇAMENTO.BancoRef),0)),\"(Código não identificado nas referências)\",MATCH($AE18,INDIRECT(ORÇAMENTO.BancoRef),0))))","v":4},{"$f":"ROUND(IF(DESONERACAO=\"sim\",REFERENCIA.Desonerado,REFERENCIA.NaoDesonerado),2)","v":511.92},0.23380000000000001,null,8,null,null,5052.88,631.61]
["S",2,"S",0,{"$f":"IF($C19=1,OFFSET(E19,-1,0)+MAX(1,COUNTIF(QCI!$A$13:$A$24,OFFSET(ORÇAMENTO!E19,-1,0))),OFFSET(E19,-1,0))","v":1},1,0,0,2,{"$f":"IF(OR($C19=\"S\",$C19=0),0,MATCH(0,OFFSET($D19,1,$C19,ROW($C$110)-ROW($C19)),0))","v":0},{"$f":"IF(OR($C19=\"S\",$C19=0),0,MATCH(OFFSET($D19,0,$C19)+IF($C19<>1,1,COUNTIF(QCI!$A$13:$A$24,ORÇAMENTO!E19)),OFFSET($D19,1,$C19,ROW($C$110)-ROW($C19)),0))","v":0},"F","Serviço","Serviço","1.1.2.","Cotação","10775",{"$f":"IF($C19=\"S\",REFERENCIA.Descricao,\"(digite a descrição aqui)\")","v":"LOCACAO DE CONTAINER 2,30 X 6,00 M, ALT. 2,50 M, COM 1 SANITARIO, PARA ESCRITORIO, COMPLETO, SEM DIVISORIAS INTERNAS (NAO INCLUI MOBILIZACAO/DESMOBILIZACAO)"},"MES",{"$f":"OFFSET(CÁLCULO!H$15,ROW($T19)-ROW(T$15),0)","v":12},903.5,"BDI 1",{"$f":"IF($C19=\"S\",ROUND(IF(TIPOORCAMENTO=\"Proposto\",ORÇAMENTO.CustoUnitario*(1+$AH19),ORÇAMENTO.PrecoUnitarioLicitado),15-13*$AF$10),0)","v":1114.74},{"$f":"IF($C19=\"S\",IF(OR(Import.TipoArredondamento<>\"TransfereGOV\",ACOMPANHAMENTO=\"BM\"),VTOTAL1,SUM(OFFSET(CÁLCULO!$AI$15,ROW($X19)-ROW($X$15),1):OFFSET(CÁLCULO!$BB$15,ROW($X19)-ROW($X$15),-1))),IF($C19=0,0,ROUND(SomaAgrup,15-13*$AF$11)))","v":13376.88},"RA","RA",{"$f":"IF($C19=\"S\",IF($Z19=\"CP\",$X19,IF($Z19=\"RA\",(($X19)*QCI!$AA$3),0)),SomaAgrup)","v":4171.6598632403184},0,{"$f":"IF($N19=\"\",\" \",\nIF(AND($C19<>\"S\",OR($R19=\"\",$R19=\"(digite a descrição aqui)\")),\"DESCRIÇÃO\",\nIF(AND($C19=\"S\",OR($Q19<>0,$T19>0,$U19>0),$P19=0),\"FONTE\",\nIF(AND($C19=\"S\",$P19<>0,OR($T19>0,$U19>0),$Q19=0),\"CÓDIGO\",\nIF(AND($C19=\"S\",$P19<>0,$Q19<>0,$R19=\"(Código não identificado nas referências)\"),\"CÓDIGO N/ID\",\nIF(AND($C19=\"S\",OR($R19=\"\",$R19=\"(digite a descrição aqui)\"),OR($Q19<>0,$T19>0,$U19>0)),\"DESCRIÇÃO\",\nIF(AND($C19=\"S\",$P19<>0,$Q19<>0,$S19=\"\"),\"UNIDADE\",\nIF(AND($C19=\"S\",$P19<>0,$Q19<>0,$U19=0),\"SEM CUSTO\",\nIF(AND(TIPOORCAMENTO=\"Licitado\",$AL19=0,$AN19>0),\"SEM PREÇO\",\nIF(AND($C19=\"S\",$P19<>0,$Q19<>0,$U19>0,$V19=0),\"BDI\",\nIF(OR(AND(TIPOORCAMENTO=\"Proposto\",$AG19<>\"\",$AG19>0,ORÇAMENTO.CustoUnitario>$AG19),AND(TIPOORCAMENTO=\"LICITADO\",ORÇAMENTO.PrecoUnitarioLicitado>$AN19)),\"ACIMA REF.\",\nIF(AND($C19=\"S\",$P19<>0,$Q19<>0,$T19=0,$U19>0),\"QUANT.\",\nIF(AND(Import.TipoArredondamento=\"TransfereGOV\",$L19=\"F\",$C19=\"S\",LEN($Q19)>13),\"Código >13\",\nIF(AND(Import.TipoArredondamento=\"TransfereGOV\",$L19=\"F\",$C19<>\"S\",LEN($R19)>100),\"Descrição >100\",\nIF(AND(Import.TipoArredondamento=\"TransfereGOV\",$L19=\"F\",$C19=\"S\",LEN($R19)>500),\"Descrição >500\",\nIF(AND(Import.TipoArredondamento=\"TransfereGOV\",$L19=\"F\",$C19=\"S\",LEFT(TRIM(UPPER($P19)),6)<>\"SINAPI\",ISNA(VLOOKUP(TRIM(UPPER($S19)),ListaTgov.Unidades,1,FALSE))),\"Unid. Não Disp\",\n\" \"))))))))))))))))","v":" "},{"$f":"IF(C19<=CRONO.NivelExibicao,MAX($AD$15:OFFSET(AD19,-1,0))+IF($C19<>1,1,MAX(1,COUNTIF(QCI!$A$13:$A$24,OFFSET($E19,-1,0)))),\"\")","v":""},{"$f":"IF(AND($C19=\"S\",ORÇAMENTO.CodBarra<>\"\"),IF(ORÇAMENTO.Fonte=\"\",ORÇAMENTO.CodBarra,CONCATENATE(ORÇAMENTO.Fonte,\" \",ORÇAMENTO.CodBarra)))","v":"Cotação 10775"},{"$f":"IF(ISERROR(INDIRECT(ORÇAMENTO.BancoRef)),\"(abra o arquivo 'Referência \"&Excel_BuiltIn_Database&\".xlsm)\",IF(OR($C19<>\"S\",ORÇAMENTO.CodBarra=\"\"),\"(Sem Código)\",IF(ISERROR(MATCH($AE19,INDIRECT(ORÇAMENTO.BancoRef),0)),\"(Código não identificado nas referências)\",MATCH($AE19,INDIRECT(ORÇAMENTO.BancoRef),0))))","v":35},{"$f":"ROUND(IF(DESONERACAO=\"sim\",REFERENCIA.Desonerado,REFERENCIA.NaoDesonerado),2)","v":903.5},0.23380000000000001,null,12,null,null,13376.88,1114.74]
["S",2,"S",0,{"$f":"IF($C20=1,OFFSET(E20,-1,0)+MAX(1,COUNTIF(QCI!$A$13:$A$24,OFFSET(ORÇAMENTO!E20,-1,0))),OFFSET(E20,-1,0))","v":1},1,0,0,3,{"$f":"IF(OR($C20=\"S\",$C20=0),0,MATCH(0,OFFSET($D20,1,$C20,ROW($C$110)-ROW($C20)),0))","v":0},{"$f":"IF(OR($C20=\"S\",$C20=0),0,MATCH(OFFSET($D20,0,$C20)+IF($C20<>1,1,COUNTIF(QCI!$A$13:$A$24,ORÇAMENTO!E20)),OFFSET($D20,1,$C20,ROW($C$110)-ROW($C20)),0))","v":0},"F","Serviço","Serviço","1.1.3.","Composição","IUD20017",{"$f":"IF($C20=\"S\",REFERENCIA.Descricao,\"(digite a descrição aqui)\")","v":"Ligação provisória de água"},"UN",{"$f":"OFFSET(CÁLCULO!H$15,ROW($T20)-ROW(T$15),0)","v":1},490.93,"BDI 1",{"$f":"IF($C20=\"S\",ROUND(IF(TIPOORCAMENTO=\"Proposto\",ORÇAMENTO.CustoUnitario*(1+$AH20),ORÇAMENTO.PrecoUnitarioLicitado),15-13*$AF$10),0)","v":605.71},{"$f":"IF($C20=\"S\",IF(OR(Import.TipoArredondamento<>\"TransfereGOV\",ACOMPANHAMENTO=\"BM\"),VTOTAL1,SUM(OFFSET(CÁLCULO!$AI$15,ROW($X20)-ROW($X$15),1):OFFSET(CÁLCULO!$BB$15,ROW($X20)-ROW($X$15),-1))),IF($C20=0,0,ROUND(SomaAgrup,15-13*$AF$11)))","v":605.71},"RA","RA",{"$f":"IF($C20=\"S\",IF($Z20=\"CP\",$X20,IF($Z20=\"RA\",(($X20)*QCI!$AA$3),0)),SomaAgrup)","v":188.89427846876802},0,{"$f":"IF($N20=\"\",\" \",\nIF(AND($C20<>\"S\",OR($R20=\"\",$R20=\"(digite a descrição aqui)\")),\"DESCRIÇÃO\",\nIF(AND($C20=\"S\",OR($Q20<>0,$T20>0,$U20>0),$P20=0),\"FONTE\",\nIF(AND($C20=\"S\",$P20<>0,OR($T20>0,$U20>0),$Q20=0),\"CÓDIGO\",\nIF(AND($C20=\"S\",$P20<>0,$Q20<>0,$R20=\"(Código não identificado nas referências)\"),\"CÓDIGO N/ID\",\nIF(AND($C20=\"S\",OR($R20=\"\",$R20=\"(digite a descrição aqui)\"),OR($Q20<>0,$T20>0,$U20>0)),\"DESCRIÇÃO\",\nIF(AND($C20=\"S\",$P20<>0,$Q20<>0,$S20=\"\"),\"UNIDADE\",\nIF(AND($C20=\"S\",$P20<>0,$Q20<>0,$U20=0),\"SEM CUSTO\",\nIF(AND(TIPOORCAMENTO=\"Licitado\",$AL20=0,$AN20>0),\"SEM PREÇO\",\nIF(AND($C20=\"S\",$P20<>0,$Q20<>0,$U20>0,$V20=0),\"BDI\",\nIF(OR(AND(TIPOORCAMENTO=\"Proposto\",$AG20<>\"\",$AG20>0,ORÇAMENTO.CustoUnitario>$AG20),AND(TIPOORCAMENTO=\"LICITADO\",ORÇAMENTO.PrecoUnitarioLicitado>$AN20)),\"ACIMA REF.\",\nIF(AND($C20=\"S\",$P20<>0,$Q20<>0,$T20=0,$U20>0),\"QUANT.\",\nIF(AND(Import.TipoArredondamento=\"TransfereGOV\",$L20=\"F\",$C20=\"S\",LEN($Q20)>13),\"Código >13\",\nIF(AND(Import.TipoArredondamento=\"TransfereGOV\",$L20=\"F\",$C20<>\"S\",LEN($R20)>100),\"Descrição >100\",\nIF(AND(Import.TipoArredondamento=\"TransfereGOV\",$L20=\"F\",$C20=\"S\",LEN($R20)>500),\"Descrição >500\",\nIF(AND(Import.TipoArredondamento=\"TransfereGOV\",$L20=\"F\",$C20=\"S\",LEFT(TRIM(UPPER($P20)),6)<>\"SINAPI\",ISNA(VLOOKUP(TRIM(UPPER($S20)),ListaTgov.Unidades,1,FALSE))),\"Unid. Não Disp\",\n\" \"))))))))))))))))","v":" "},{"$f":"IF(C20<=CRONO.NivelExibicao,MAX($AD$15:OFFSET(AD20,-1,0))+IF($C20<>1,1,MAX(1,COUNTIF(QCI!$A$13:$A$24,OFFSET($E20,-1,0)))),\"\")","v":""},{"$f":"IF(AND($C20=\"S\",ORÇAMENTO.CodBarra<>\"\"),IF(ORÇAMENTO.Fonte=\"\",ORÇAMENTO.CodBarra,CONCATENATE(ORÇAMENTO.Fonte,\" \",ORÇAMENTO.CodBarra)))","v":"Composição IUD20017"},{"$f":"IF(ISERROR(INDIRECT(ORÇAMENTO.BancoRef)),\"(abra o arquivo 'Referência \"&Excel_BuiltIn_Database&\".xlsm)\",IF(OR($C20<>\"S\",ORÇAMENTO.CodBarra=\"\"),\"(Sem Código)\",IF(ISERROR(MATCH($AE20,INDIRECT(ORÇAMENTO.BancoRef),0)),\"(Código não identificado nas referências)\",MATCH($AE20,INDIRECT(ORÇAMENTO.BancoRef),0))))","v":5},{"$f":"ROUND(IF(DESONERACAO=\"sim\",REFERENCIA.Desonerado,REFERENCIA.NaoDesonerado),2)","v":490.93},0.23380000000000001,null,1,null,null,605.71,605.71]
["S",2,"S",0,{"$f":"IF($C21=1,OFFSET(E21,-1,0)+MAX(1,COUNTIF(QCI!$A$13:$A$24,OFFSET(ORÇAMENTO!E21,-1,0))),OFFSET(E21,-1,0))","v":1},1,0,0,4,{"$f":"IF(OR($C21=\"S\",$C21=0),0,MATCH(0,OFFSET($D21,1,$C21,ROW($C$110)-ROW($C21)),0))","v":0},{"$f":"IF(OR($C21=\"S\",$C21=0),0,MATCH(OFFSET($D21,0,$C21)+IF($C21<>1,1,COUNTIF(QCI!$A$13:$A$24,ORÇAMENTO!E21)),OFFSET($D21,1,$C21,ROW($C$110)-ROW($C21)),0))","v":0},"F","Serviço","Serviço","1.1.4.","Composição","IUI00003",{"$f":"IF($C21=\"S\",REFERENCIA.Descricao,\"(digite a descrição aqui)\")","v":"Sinalização de advertência de obra com placa (fundo laranja) sobre cavalete, conforme ABNT-NBR-7678"},"UN",{"$f":"OFFSET(CÁLCULO!H$15,ROW($T21)-ROW(T$15),0)","v":20},488.64,"BDI 1",{"$f":"IF($C21=\"S\",ROUND(IF(TIPOORCAMENTO=\"Proposto\",ORÇAMENTO.CustoUnitario*(1+$AH21),ORÇAMENTO.PrecoUnitarioLicitado),15-13*$AF$10),0)","v":602.88},{"$f":"IF($C21=\"S\",IF(OR(Import.TipoArredondamento<>\"TransfereGOV\",ACOMPANHAMENTO=\"BM\"),VTOTAL1,SUM(OFFSET(CÁLCULO!$AI$15,ROW($X21)-ROW($X$15),1):OFFSET(CÁLCULO!$BB$15,ROW($X21)-ROW($X$15),-1))),IF($C21=0,0,ROUND(SomaAgrup,15-13*$AF$11)))","v":12057.6},"RA","RA",{"$f":"IF($C21=\"S\",IF($Z21=\"CP\",$X21,IF($Z21=\"RA\",(($X21)*QCI!$AA$3),0)),SomaAgrup)","v":3760.2345215780115},0,{"$f":"IF($N21=\"\",\" \",\nIF(AND($C21<>\"S\",OR($R21=\"\",$R21=\"(digite a descrição aqui)\")),\"DESCRIÇÃO\",\nIF(AND($C21=\"S\",OR($Q21<>0,$T21>0,$U21>0),$P21=0),\"FONTE\",\nIF(AND($C21=\"S\",$P21<>0,OR($T21>0,$U21>0),$Q21=0),\"CÓDIGO\",\nIF(AND($C21=\"S\",$P21<>0,$Q21<>0,$R21=\"(Código não identificado nas referências)\"),\"CÓDIGO N/ID\",\nIF(AND($C21=\"S\",OR($R21=\"\",$R21=\"(digite a descrição aqui)\"),OR($Q21<>0,$T21>0,$U21>0)),\"DESCRIÇÃO\",\nIF(AND($C21=\"S\",$P21<>0,$Q21<>0,$S21=\"\"),\"UNIDADE\",\nIF(AND($C21=\"S\",$P21<>0,$Q21<>0,$U21=0),\"SEM CUSTO\",\nIF(AND(TIPOORCAMENTO=\"Licitado\",$AL21=0,$AN21>0),\"SEM PREÇO\",\nIF(AND($C21=\"S\",$P21<>0,$Q21<>0,$U21>0,$V21=0),\"BDI\",\nIF(OR(AND(TIPOORCAMENTO=\"Proposto\",$AG21<>\"\",$AG21>0,ORÇAMENTO.CustoUnitario>$AG21),AND(TIPOORCAMENTO=\"LICITADO\",ORÇAMENTO.PrecoUnitarioLicitado>$AN21)),\"ACIMA REF.\",\nIF(AND($C21=\"S\",$P21<>0,$Q21<>0,$T21=0,$U21>0),\"QUANT.\",\nIF(AND(Import.TipoArredondamento=\"TransfereGOV\",$L21=\"F\",$C21=\"S\",LEN($Q21)>13),\"Código >13\",\nIF(AND(Import.TipoArredondamento=\"TransfereGOV\",$L21=\"F\",$C21<>\"S\",LEN($R21)>100),\"Descrição >100\",\nIF(AND(Import.TipoArredondamento=\"TransfereGOV\",$L21=\"F\",$C21=\"S\",LEN($R21)>500),\"Descrição >500\",\nIF(AND(Import.TipoArredondamento=\"TransfereGOV\",$L21=\"F\",$C21=\"S\",LEFT(TRIM(UPPER($P21)),6)<>\"SINAPI\",ISNA(VLOOKUP(TRIM(UPPER($S21)),ListaTgov.Unidades,1,FALSE))),\"Unid. Não Disp\",\n\" \"))))))))))))))))","v":" "},{"$f":"IF(C21<=CRONO.NivelExibicao,MAX($AD$15:OFFSET(AD21,-1,0))+IF($C21<>1,1,MAX(1,COUNTIF(QCI!$A$13:$A$24,OFFSET($E21,-1,0)))),\"\")","v":""},{"$f":"IF(AND($C21=\"S\",ORÇAMENTO.CodBarra<>\"\"),IF(ORÇAMENTO.Fonte=\"\",ORÇAMENTO.CodBarra,CONCATENATE(ORÇAMENTO.Fonte,\" \",ORÇAMENTO.CodBarra)))","v":"Composição IUI00003"},{"$f":"IF(ISERROR(INDIRECT(ORÇAMENTO.BancoRef)),\"(abra o arquivo 'Referência \"&Excel_BuiltIn_Database&\".xlsm)\",IF(OR($C21<>\"S\",ORÇAMENTO.CodBarra=\"\"),\"(Sem Código)\",IF(ISERROR(MATCH($AE21,INDIRECT(ORÇAMENTO.BancoRef),0)),\"(Código não identificado nas referências)\",MATCH($AE21,INDIRECT(ORÇAMENTO.BancoRef),0))))","v":6},{"$f":"ROUND(IF(DESONERACAO=\"sim\",REFERENCIA.Desonerado,REFERENCIA.NaoDesonerado),2)","v":488.64},0.23380000000000001,null,20,null,null,12057.6,602.88]
["S",2,"S",0,{"$f":"IF($C22=1,OFFSET(E22,-1,0)+MAX(1,COUNTIF(QCI!$A$13:$A$24,OFFSET(ORÇAMENTO!E22,-1,0))),OFFSET(E22,-1,0))","v":1},1,0,0,5,{"$f":"IF(OR($C22=\"S\",$C22=0),0,MATCH(0,OFFSET($D22,1,$C22,ROW($C$110)-ROW($C22)),0))","v":0},{"$f":"IF(OR($C22=\"S\",$C22=0),0,MATCH(OFFSET($D22,0,$C22)+IF($C22<>1,1,COUNTIF(QCI!$A$13:$A$24,ORÇAMENTO!E22)),OFFSET($D22,1,$C22,ROW($C$110)-ROW($C22)),0))","v":0},"F","Serviço","Serviço","1.1.5.","SINAPI-I",13244,{"$f":"IF($C22=\"S\",REFERENCIA.Descricao,\"(digite a descrição aqui)\")","v":"CONE DE SINALIZACAO EM PVC RIGIDO COM FAIXA REFLETIVA, H = 70 / 76 CM"},{"$f":"REFERENCIA.Unidade","v":"UN"},{"$f":"OFFSET(CÁLCULO!H$15,ROW($T22)-ROW(T$15),0)","v":20},39.24,"BDI 1",{"$f":"IF($C22=\"S\",ROUND(IF(TIPOORCAMENTO=\"Proposto\",ORÇAMENTO.CustoUnitario*(1+$AH22),ORÇAMENTO.PrecoUnitarioLicitado),15-13*$AF$10),0)","v":48.41},{"$f":"IF($C22=\"S\",IF(OR(Import.TipoArredondamento<>\"TransfereGOV\",ACOMPANHAMENTO=\"BM\"),VTOTAL1,SUM(OFFSET(CÁLCULO!$AI$15,ROW($X22)-ROW($X$15),1):OFFSET(CÁLCULO!$BB$15,ROW($X22)-ROW($X$15),-1))),IF($C22=0,0,ROUND(SomaAgrup,15-13*$AF$11)))","v":968.2},"RA","RA",{"$f":"IF($C22=\"S\",IF($Z22=\"CP\",$X22,IF($Z22=\"RA\",(($X22)*QCI!$AA$3),0)),SomaAgrup)","v":301.93894836383947},0,{"$f":"IF($N22=\"\",\" \",\nIF(AND($C22<>\"S\",OR($R22=\"\",$R22=\"(digite a descrição aqui)\")),\"DESCRIÇÃO\",\nIF(AND($C22=\"S\",OR($Q22<>0,$T22>0,$U22>0),$P22=0),\"FONTE\",\nIF(AND($C22=\"S\",$P22<>0,OR($T22>0,$U22>0),$Q22=0),\"CÓDIGO\",\nIF(AND($C22=\"S\",$P22<>0,$Q22<>0,$R22=\"(Código não identificado nas referências)\"),\"CÓDIGO N/ID\",\nIF(AND($C22=\"S\",OR($R22=\"\",$R22=\"(digite a descrição aqui)\"),OR($Q22<>0,$T22>0,$U22>0)),\"DESCRIÇÃO\",\nIF(AND($C22=\"S\",$P22<>0,$Q22<>0,$S22=\"\"),\"UNIDADE\",\nIF(AND($C22=\"S\",$P22<>0,$Q22<>0,$U22=0),\"SEM CUSTO\",\nIF(AND(TIPOORCAMENTO=\"Licitado\",$AL22=0,$AN22>0),\"SEM PREÇO\",\nIF(AND($C22=\"S\",$P22<>0,$Q22<>0,$U22>0,$V22=0),\"BDI\",\nIF(OR(AND(TIPOORCAMENTO=\"Proposto\",$AG22<>\"\",$AG22>0,ORÇAMENTO.CustoUnitario>$AG22),AND(TIPOORCAMENTO=\"LICITADO\",ORÇAMENTO.PrecoUnitarioLicitado>$AN22)),\"ACIMA REF.\",\nIF(AND($C22=\"S\",$P22<>0,$Q22<>0,$T22=0,$U22>0),\"QUANT.\",\nIF(AND(Import.TipoArredondamento=\"TransfereGOV\",$L22=\"F\",$C22=\"S\",LEN($Q22)>13),\"Código >13\",\nIF(AND(Import.TipoArredondamento=\"TransfereGOV\",$L22=\"F\",$C22<>\"S\",LEN($R22)>100),\"Descrição >100\",\nIF(AND(Import.TipoArredondamento=\"TransfereGOV\",$L22=\"F\",$C22=\"S\",LEN($R22)>500),\"Descrição >500\",\nIF(AND(Import.TipoArredondamento=\"TransfereGOV\",$L22=\"F\",$C22=\"S\",LEFT(TRIM(UPPER($P22)),6)<>\"SINAPI\",ISNA(VLOOKUP(TRIM(UPPER($S22)),ListaTgov.Unidades,1,FALSE))),\"Unid. Não Disp\",\n\" \"))))))))))))))))","v":" "},{"$f":"IF(C22<=CRONO.NivelExibicao,MAX($AD$15:OFFSET(AD22,-1,0))+IF($C22<>1,1,MAX(1,COUNTIF(QCI!$A$13:$A$24,OFFSET($E22,-1,0)))),\"\")","v":""},{"$f":"IF(AND($C22=\"S\",ORÇAMENTO.CodBarra<>\"\"),IF(ORÇAMENTO.Fonte=\"\",ORÇAMENTO.CodBarra,CONCATENATE(ORÇAMENTO.Fonte,\" \",ORÇAMENTO.CodBarra)))","v":"SINAPI-I 13244"},{"$f":"IF(ISERROR(INDIRECT(ORÇAMENTO.BancoRef)),\"(abra o arquivo 'Referência \"&Excel_BuiltIn_Database&\".xlsm)\",IF(OR($C22<>\"S\",ORÇAMENTO.CodBarra=\"\"),\"(Sem Código)\",IF(ISERROR(MATCH($AE22,INDIRECT(ORÇAMENTO.BancoRef),0)),\"(Código não identificado nas referências)\",MATCH($AE22,INDIRECT(ORÇAMENTO.BancoRef),0))))","v":1343},{"$f":"ROUND(IF(DESONERACAO=\"sim\",REFERENCIA.Desonerado,REFERENCIA.NaoDesonerado),2)","v":39.24},0.23380000000000001,null,20,null,null,968.2,48.41]
[{"$f":"CHOOSE(1+LOG(1+2*(ORÇAMENTO.Nivel=\"Meta\")+4*(ORÇAMENTO.Nivel=\"Nível 2\")+8*(ORÇAMENTO.Nivel=\"Nível 3\")+16*(ORÇAMENTO.Nivel=\"Nível 4\")+32*(ORÇAMENTO.Nivel=\"Serviço\"),2),0,1,2,3,4,\"S\")","v":"S"},{"$f":"IF(OR(C23=\"s\",C23=0),OFFSET(B23,-1,0),C23)","v":2},{"$f":"IF(OFFSET(C23,-1,0)=\"L\",1,IF(OFFSET(C23,-1,0)=1,2,IF(OR(A23=\"s\",A23=0),\"S\",IF(AND(OFFSET(C23,-1,0)=2,A23=4),3,IF(AND(OR(OFFSET(C23,-1,0)=\"s\",OFFSET(C23,-1,0)=0),A23<>\"s\",A23>OFFSET(B23,-1,0)),OFFSET(B23,-1,0),A23)))))","v":"S"},{"$f":"IF(OR(C23=\"S\",C23=0),0,IF(ISERROR(K23),J23,SMALL(J23:K23,1)))","v":0},{"$f":"IF($C23=1,OFFSET(E23,-1,0)+MAX(1,COUNTIF(QCI!$A$13:$A$24,OFFSET(ORÇAMENTO!E23,-1,0))),OFFSET(E23,-1,0))","v":1},{"$f":"IF($C23=1,0,IF($C23=2,OFFSET(F23,-1,0)+1,OFFSET(F23,-1,0)))","v":1},{"$f":"IF(AND($C23<=2,$C23<>0),0,IF($C23=3,OFFSET(G23,-1,0)+1,OFFSET(G23,-1,0)))","v":0},{"$f":"IF(AND($C23<=3,$C23<>0),0,IF($C23=4,OFFSET(H23,-1,0)+1,OFFSET(H23,-1,0)))","v":0},{"$f":"IF(AND($C23<=4,$C23<>0),0,IF(AND($C23=\"S\",$X23>0),OFFSET(I23,-1,0)+1,OFFSET(I23,-1,0)))","v":6},{"$f":"IF(OR($C23=\"S\",$C23=0),0,MATCH(0,OFFSET($D23,1,$C23,ROW($C$110)-ROW($C23)),0))","v":0},{"$f":"IF(OR($C23=\"S\",$C23=0),0,MATCH(OFFSET($D23,0,$C23)+IF($C23<>1,1,COUNTIF(QCI!$A$13:$A$24,ORÇAMENTO!E23)),OFFSET($D23,1,$C23,ROW($C$110)-ROW($C23)),0))","v":0},{"$f":"IF(OR($X23>0,$C23=1,$C23=2,$C23=3,$C23=4),\"F\",\"\")","v":"F"},"Serviço",{"$f":"CHOOSE(1+LOG(1+2*(C23=1)+4*(C23=2)+8*(C23=3)+16*(C23=4)+32*(C23=\"S\"),2),\"\",\"Meta\",\"Nível 2\",\"Nível 3\",\"Nível 4\",\"Serviço\")","v":"Serviço"},{"$f":"IF(OR($C23=0,$L23=\"\"),\"-\",CONCATENATE(E23&\".\",IF(AND($A$5>=2,$C23>=2),F23&\".\",\"\"),IF(AND($A$5>=3,$C23>=3),G23&\".\",\"\"),IF(AND($A$5>=4,$C23>=4),H23&\".\",\"\"),IF($C23=\"S\",I23&\".\",\"\")))","v":"1.1.6."},"Composição","011299000",{"$f":"IF($C23=\"S\",REFERENCIA.Descricao,\"(digite a descrição aqui)\")","v":"INSTALAÇÃO/LIGAÇÃO PROVISÓRIA DE ENERGIA ELÉTRICA DE BAIXA TENSÃO "},{"$f":"REFERENCIA.Unidade","v":"UN"},{"$f":"OFFSET(CÁLCULO!H$15,ROW($T23)-ROW(T$15),0)","v":1},802.59,"BDI 1",{"$f":"IF($C23=\"S\",ROUND(IF(TIPOORCAMENTO=\"Proposto\",ORÇAMENTO.CustoUnitario*(1+$AH23),ORÇAMENTO.PrecoUnitarioLicitado),15-13*$AF$10),0)","v":990.24},{"$f":"IF($C23=\"S\",IF(OR(Import.TipoArredondamento<>\"TransfereGOV\",ACOMPANHAMENTO=\"BM\"),VTOTAL1,SUM(OFFSET(CÁLCULO!$AI$15,ROW($X23)-ROW($X$15),1):OFFSET(CÁLCULO!$BB$15,ROW($X23)-ROW($X$15),-1))),IF($C23=0,0,ROUND(SomaAgrup,15-13*$AF$11)))","v":990.24},"RA",{"$f":"IF(AND($C23=\"S\",$X23>0),IF(ISBLANK($Y23),\"RA\",LEFT($Y23,2)),\"\")","v":"RA"},{"$f":"IF($C23=\"S\",IF($Z23=\"CP\",$X23,IF($Z23=\"RA\",(($X23)*QCI!$AA$3),0)),SomaAgrup)","v":308.81225390188843},{"$f":"IF($C23=\"S\",IF($Z23=\"OU\",ROUND($X23,2),0),SomaAgrup)","v":0},{"$f":"IF($N23=\"\",\" \",\nIF(AND($C23<>\"S\",OR($R23=\"\",$R23=\"(digite a descrição aqui)\")),\"DESCRIÇÃO\",\nIF(AND($C23=\"S\",OR($Q23<>0,$T23>0,$U23>0),$P23=0),\"FONTE\",\nIF(AND($C23=\"S\",$P23<>0,OR($T23>0,$U23>0),$Q23=0),\"CÓDIGO\",\nIF(AND($C23=\"S\",$P23<>0,$Q23<>0,$R23=\"(Código não identificado nas referências)\"),\"CÓDIGO N/ID\",\nIF(AND($C23=\"S\",OR($R23=\"\",$R23=\"(digite a descrição aqui)\"),OR($Q23<>0,$T23>0,$U23>0)),\"DESCRIÇÃO\",\nIF(AND($C23=\"S\",$P23<>0,$Q23<>0,$S23=\"\"),\"UNIDADE\",\nIF(AND($C23=\"S\",$P23<>0,$Q23<>0,$U23=0),\"SEM CUSTO\",\nIF(AND(TIPOORCAMENTO=\"Licitado\",$AL23=0,$AN23>0),\"SEM PREÇO\",\nIF(AND($C23=\"S\",$P23<>0,$Q23<>0,$U23>0,$V23=0),\"BDI\",\nIF(OR(AND(TIPOORCAMENTO=\"Proposto\",$AG23<>\"\",$AG23>0,ORÇAMENTO.CustoUnitario>$AG23),AND(TIPOORCAMENTO=\"LICITADO\",ORÇAMENTO.PrecoUnitarioLicitado>$AN23)),\"ACIMA REF.\",\nIF(AND($C23=\"S\",$P23<>0,$Q23<>0,$T23=0,$U23>0),\"QUANT.\",\nIF(AND(Import.TipoArredondamento=\"TransfereGOV\",$L23=\"F\",$C23=\"S\",LEN($Q23)>13),\"Código >13\",\nIF(AND(Import.TipoArredondamento=\"TransfereGOV\",$L23=\"F\",$C23<>\"S\",LEN($R23)>100),\"Descrição >100\",\nIF(AND(Import.TipoArredondamento=\"TransfereGOV\",$L23=\"F\",$C23=\"S\",LEN($R23)>500),\"Descrição >500\",\nIF(AND(Import.TipoArredondamento=\"TransfereGOV\",$L23=\"F\",$C23=\"S\",LEFT(TRIM(UPPER($P23)),6)<>\"SINAPI\",ISNA(VLOOKUP(TRIM(UPPER($S23)),ListaTgov.Unidades,1,FALSE))),\"Unid. Não Disp\",\n\" \"))))))))))))))))","v":" "},{"$f":"IF(C23<=CRONO.NivelExibicao,MAX($AD$15:OFFSET(AD23,-1,0))+IF($C23<>1,1,MAX(1,COUNTIF(QCI!$A$13:$A$24,OFFSET($E23,-1,0)))),\"\")","v":""},{"$f":"IF(AND($C23=\"S\",ORÇAMENTO.CodBarra<>\"\"),IF(ORÇAMENTO.Fonte=\"\",ORÇAMENTO.CodBarra,CONCATENATE(ORÇAMENTO.Fonte,\" \",ORÇAMENTO.CodBarra)))","v":"Composição 011299000"},{"$f":"IF(ISERROR(INDIRECT(ORÇAMENTO.BancoRef)),\"(abra o arquivo 'Referência \"&Excel_BuiltIn_Database&\".xlsm)\",IF(OR($C23<>\"S\",ORÇAMENTO.CodBarra=\"\"),\"(Sem Código)\",IF(ISERROR(MATCH($AE23,INDIRECT(ORÇAMENTO.BancoRef),0)),\"(Código não identificado nas referências)\",MATCH($AE23,INDIRECT(ORÇAMENTO.BancoRef),0))))","v":25},{"$f":"ROUND(IF(DESONERACAO=\"sim\",REFERENCIA.Desonerado,REFERENCIA.NaoDesonerado),2)","v":802.59},{"$f":"ROUND(IF(ISNUMBER(ORÇAMENTO.OpcaoBDI),ORÇAMENTO.OpcaoBDI,IF(LEFT(ORÇAMENTO.OpcaoBDI,3)=\"BDI\",HLOOKUP(ORÇAMENTO.OpcaoBDI,$F$4:$H$5,2,FALSE),0)),15-11*$AF$9)","v":0.23380000000000001},null,1,null,null,990.24,{"$f":"ROUND(ORÇAMENTO.CustoUnitario*(1+$AH23),2)","v":990.24}]
[2,2,2,12,{"$f":"IF($C24=1,OFFSET(E24,-1,0)+MAX(1,COUNTIF(QCI!$A$13:$A$24,OFFSET(ORÇAMENTO!E24,-1,0))),OFFSET(E24,-1,0))","v":1},2,0,0,0,{"$f":"IF(OR($C24=\"S\",$C24=0),0,MATCH(0,OFFSET($D24,1,$C24,ROW($C$110)-ROW($C24)),0))","v":86},{"$f":"IF(OR($C24=\"S\",$C24=0),0,MATCH(OFFSET($D24,0,$C24)+IF($C24<>1,1,COUNTIF(QCI!$A$13:$A$24,ORÇAMENTO!E24)),OFFSET($D24,1,$C24,ROW($C$110)-ROW($C24)),0))","v":12},"F","Nível 2","Nível 2","1.2.","SINAPI",null,"DRENAGEM DE ÁGUAS PLUVIAIS - MOVIMENTAÇÃO DE TERRA",{"$f":"REFERENCIA.Unidade","v":"-"},{"$f":"OFFSET(CÁLCULO!H$15,ROW($T24)-ROW(T$15),0)","v":0},{"$f":"AG24","v":0},"BDI 1",{"$f":"IF($C24=\"S\",ROUND(IF(TIPOORCAMENTO=\"Proposto\",ORÇAMENTO.CustoUnitario*(1+$AH24),ORÇAMENTO.PrecoUnitarioLicitado),15-13*$AF$10),0)","v":0},{"$f":"IF($C24=\"S\",IF(OR(Import.TipoArredondamento<>\"TransfereGOV\",ACOMPANHAMENTO=\"BM\"),VTOTAL1,SUM(OFFSET(CÁLCULO!$AI$15,ROW($X24)-ROW($X$15),1):OFFSET(CÁLCULO!$BB$15,ROW($X24)-ROW($X$15),-1))),IF($C24=0,0,ROUND(SomaAgrup,15-13*$AF$11)))","v":249112.57},"RA","",{"$f":"IF($C24=\"S\",IF($Z24=\"CP\",$X24,IF($Z24=\"RA\",(($X24)*QCI!$AA$3),0)),SomaAgrup)","v":77687.24169594438},0,{"$f":"IF($N24=\"\",\" \",\nIF(AND($C24<>\"S\",OR($R24=\"\",$R24=\"(digite a descrição aqui)\")),\"DESCRIÇÃO\",\nIF(AND($C24=\"S\",OR($Q24<>0,$T24>0,$U24>0),$P24=0),\"FONTE\",\nIF(AND($C24=\"S\",$P24<>0,OR($T24>0,$U24>0),$Q24=0),\"CÓDIGO\",\nIF(AND($C24=\"S\",$P24<>0,$Q24<>0,$R24=\"(Código não identificado nas referências)\"),\"CÓDIGO N/ID\",\nIF(AND($C24=\"S\",OR($R24=\"\",$R24=\"(digite a descrição aqui)\"),OR($Q24<>0,$T24>0,$U24>0)),\"DESCRIÇÃO\",\nIF(AND($C24=\"S\",$P24<>0,$Q24<>0,$S24=\"\"),\"UNIDADE\",\nIF(AND($C24=\"S\",$P24<>0,$Q24<>0,$U24=0),\"SEM CUSTO\",\nIF(AND(TIPOORCAMENTO=\"Licitado\",$AL24=0,$AN24>0),\"SEM PREÇO\",\nIF(AND($C24=\"S\",$P24<>0,$Q24<>0,$U24>0,$V24=0),\"BDI\",\nIF(OR(AND(TIPOORCAMENTO=\"Proposto\",$AG24<>\"\",$AG24>0,ORÇAMENTO.CustoUnitario>$AG24),AND(TIPOORCAMENTO=\"LICITADO\",ORÇAMENTO.PrecoUnitarioLicitado>$AN24)),\"ACIMA REF.\",\nIF(AND($C24=\"S\",$P24<>0,$Q24<>0,$T24=0,$U24>0),\"QUANT.\",\nIF(AND(Import.TipoArredondamento=\"TransfereGOV\",$L24=\"F\",$C24=\"S\",LEN($Q24)>13),\"Código >13\",\nIF(AND(Import.TipoArredondamento=\"TransfereGOV\",$L24=\"F\",$C24<>\"S\",LEN($R24)>100),\"Descrição >100\",\nIF(AND(Import.TipoArredondamento=\"TransfereGOV\",$L24=\"F\",$C24=\"S\",LEN($R24)>500),\"Descrição >500\",\nIF(AND(Import.TipoArredondamento=\"TransfereGOV\",$L24=\"F\",$C24=\"S\",LEFT(TRIM(UPPER($P24)),6)<>\"SINAPI\",ISNA(VLOOKUP(TRIM(UPPER($S24)),ListaTgov.Unidades,1,FALSE))),\"Unid. Não Disp\",\n\" \"))))))))))))))))","v":" "},{"$f":"IF(C24<=CRONO.NivelExibicao,MAX($AD$15:OFFSET(AD24,-1,0))+IF($C24<>1,1,MAX(1,COUNTIF(QCI!$A$13:$A$24,OFFSET($E24,-1,0)))),\"\")","v":3},{"$f":"IF(AND($C24=\"S\",ORÇAMENTO.CodBarra<>\"\"),IF(ORÇAMENTO.Fonte=\"\",ORÇAMENTO.CodBarra,CONCATENATE(ORÇAMENTO.Fonte,\" \",ORÇAMENTO.CodBarra)))","v":false},{"$f":"IF(ISERROR(INDIRECT(ORÇAMENTO.BancoRef)),\"(abra o arquivo 'Referência \"&Excel_BuiltIn_Database&\".xlsm)\",IF(OR($C24<>\"S\",ORÇAMENTO.CodBarra=\"\"),\"(Sem Código)\",IF(ISERROR(MATCH($AE24,INDIRECT(ORÇAMENTO.BancoRef),0)),\"(Código não identificado nas referências)\",MATCH($AE24,INDIRECT(ORÇAMENTO.BancoRef),0))))","v":"(Sem Código)"},{"$f":"ROUND(IF(DESONERACAO=\"sim\",REFERENCIA.Desonerado,REFERENCIA.NaoDesonerado),2)","v":0},0.23380000000000001,null,null,null,null,249112.57,0]
["S",2,"S",0,{"$f":"IF($C25=1,OFFSET(E25,-1,0)+MAX(1,COUNTIF(QCI!$A$13:$A$24,OFFSET(ORÇAMENTO!E25,-1,0))),OFFSET(E25,-1,0))","v":1},2,0,0,1,{"$f":"IF(OR($C25=\"S\",$C25=0),0,MATCH(0,OFFSET($D25,1,$C25,ROW($C$110)-ROW($C25)),0))","v":0},{"$f":"IF(OR($C25=\"S\",$C25=0),0,MATCH(OFFSET($D25,0,$C25)+IF($C25<>1,1,COUNTIF(QCI!$A$13:$A$24,ORÇAMENTO!E25)),OFFSET($D25,1,$C25,ROW($C$110)-ROW($C25)),0))","v":0},"F","Serviço","Serviço","1.2.1.","Composição","IUD20080",{"$f":"IF($C25=\"S\",REFERENCIA.Descricao,\"(digite a descrição aqui)\")","v":"Escavação manual em solo-prof. até 1,50 m"},"M3",{"$f":"OFFSET(CÁLCULO!H$15,ROW($T25)-ROW(T$15),0)","v":218.72},{"$f":"AG25","v":43.44},"BDI 1",{"$f":"IF($C25=\"S\",ROUND(IF(TIPOORCAMENTO=\"Proposto\",ORÇAMENTO.CustoUnitario*(1+$AH25),ORÇAMENTO.PrecoUnitarioLicitado),15-13*$AF$10),0)","v":53.6},{"$f":"IF($C25=\"S\",IF(OR(Import.TipoArredondamento<>\"TransfereGOV\",ACOMPANHAMENTO=\"BM\"),VTOTAL1,SUM(OFFSET(CÁLCULO!$AI$15,ROW($X25)-ROW($X$15),1):OFFSET(CÁLCULO!$BB$15,ROW($X25)-ROW($X$15),-1))),IF($C25=0,0,ROUND(SomaAgrup,15-13*$AF$11)))","v":11723.39},"RA","RA",{"$f":"IF($C25=\"S\",IF($Z25=\"CP\",$X25,IF($Z25=\"RA\",(($X25)*QCI!$AA$3),0)),SomaAgrup)","v":3656.009138462251},0,{"$f":"IF($N25=\"\",\" \",\nIF(AND($C25<>\"S\",OR($R25=\"\",$R25=\"(digite a descrição aqui)\")),\"DESCRIÇÃO\",\nIF(AND($C25=\"S\",OR($Q25<>0,$T25>0,$U25>0),$P25=0),\"FONTE\",\nIF(AND($C25=\"S\",$P25<>0,OR($T25>0,$U25>0),$Q25=0),\"CÓDIGO\",\nIF(AND($C25=\"S\",$P25<>0,$Q25<>0,$R25=\"(Código não identificado nas referências)\"),\"CÓDIGO N/ID\",\nIF(AND($C25=\"S\",OR($R25=\"\",$R25=\"(digite a descrição aqui)\"),OR($Q25<>0,$T25>0,$U25>0)),\"DESCRIÇÃO\",\nIF(AND($C25=\"S\",$P25<>0,$Q25<>0,$S25=\"\"),\"UNIDADE\",\nIF(AND($C25=\"S\",$P25<>0,$Q25<>0,$U25=0),\"SEM CUSTO\",\nIF(AND(TIPOORCAMENTO=\"Licitado\",$AL25=0,$AN25>0),\"SEM PREÇO\",\nIF(AND($C25=\"S\",$P25<>0,$Q25<>0,$U25>0,$V25=0),\"BDI\",\nIF(OR(AND(TIPOORCAMENTO=\"Proposto\",$AG25<>\"\",$AG25>0,ORÇAMENTO.CustoUnitario>$AG25),AND(TIPOORCAMENTO=\"LICITADO\",ORÇAMENTO.PrecoUnitarioLicitado>$AN25)),\"ACIMA REF.\",\nIF(AND($C25=\"S\",$P25<>0,$Q25<>0,$T25=0,$U25>0),\"QUANT.\",\nIF(AND(Import.TipoArredondamento=\"TransfereGOV\",$L25=\"F\",$C25=\"S\",LEN($Q25)>13),\"Código >13\",\nIF(AND(Import.TipoArredondamento=\"TransfereGOV\",$L25=\"F\",$C25<>\"S\",LEN($R25)>100),\"Descrição >100\",\nIF(AND(Import.TipoArredondamento=\"TransfereGOV\",$L25=\"F\",$C25=\"S\",LEN($R25)>500),\"Descrição >500\",\nIF(AND(Import.TipoArredondamento=\"TransfereGOV\",$L25=\"F\",$C25=\"S\",LEFT(TRIM(UPPER($P25)),6)<>\"SINAPI\",ISNA(VLOOKUP(TRIM(UPPER($S25)),ListaTgov.Unidades,1,FALSE))),\"Unid. Não Disp\",\n\" \"))))))))))))))))","v":" "},{"$f":"IF(C25<=CRONO.NivelExibicao,MAX($AD$15:OFFSET(AD25,-1,0))+IF($C25<>1,1,MAX(1,COUNTIF(QCI!$A$13:$A$24,OFFSET($E25,-1,0)))),\"\")","v":""},{"$f":"IF(AND($C25=\"S\",ORÇAMENTO.CodBarra<>\"\"),IF(ORÇAMENTO.Fonte=\"\",ORÇAMENTO.CodBarra,CONCATENATE(ORÇAMENTO.Fonte,\" \",ORÇAMENTO.CodBarra)))","v":"Composição IUD20080"},{"$f":"IF(ISERROR(INDIRECT(ORÇAMENTO.BancoRef)),\"(abra o arquivo 'Referência \"&Excel_BuiltIn_Database&\".xlsm)\",IF(OR($C25<>\"S\",ORÇAMENTO.CodBarra=\"\"),\"(Sem Código)\",IF(ISERROR(MATCH($AE25,INDIRECT(ORÇAMENTO.BancoRef),0)),\"(Código não identificado nas referências)\",MATCH($AE25,INDIRECT(ORÇAMENTO.BancoRef),0))))","v":3},{"$f":"ROUND(IF(DESONERACAO=\"sim\",REFERENCIA.Desonerado,REFERENCIA.NaoDesonerado),2)","v":43.44},0.23380000000000001,null,218.72,null,null,11723.39,53.6]
["S",2,"S",0,{"$f":"IF($C26=1,OFFSET(E26,-1,0)+MAX(1,COUNTIF(QCI!$A$13:$A$24,OFFSET(ORÇAMENTO!E26,-1,0))),OFFSET(E26,-1,0))","v":1},2,0,0,2,{"$f":"IF(OR($C26=\"S\",$C26=0),0,MATCH(0,OFFSET($D26,1,$C26,ROW($C$110)-ROW($C26)),0))","v":0},{"$f":"IF(OR($C26=\"S\",$C26=0),0,MATCH(OFFSET($D26,0,$C26)+IF($C26<>1,1,COUNTIF(QCI!$A$13:$A$24,ORÇAMENTO!E26)),OFFSET($D26,1,$C26,ROW($C$110)-ROW($C26)),0))","v":0},"F","Serviço","Serviço","1.2.2.","SINAPI",102276,{"$f":"IF($C26=\"S\",REFERENCIA.Descricao,\"(digite a descrição aqui)\")","v":"ESCAVAÇÃO MECANIZADA DE VALA COM PROF. ATÉ 1,5 M (MÉDIA MONTANTE E JUSANTE/UMA COMPOSIÇÃO POR TRECHO), ESCAVADEIRA (0,8 M3), LARG. MENOR QUE 1,5 M, EM SOLO DE 1A CATEGORIA, EM LOCAIS COM ALTO NÍVEL DE INTERFERÊNCIA. AF_09/2024"},{"$f":"REFERENCIA.Unidade","v":"M3"},{"$f":"OFFSET(CÁLCULO!H$15,ROW($T26)-ROW(T$15),0)","v":292.10000000000002},10.74,"BDI 1",{"$f":"IF($C26=\"S\",ROUND(IF(TIPOORCAMENTO=\"Proposto\",ORÇAMENTO.CustoUnitario*(1+$AH26),ORÇAMENTO.PrecoUnitarioLicitado),15-13*$AF$10),0)","v":13.25},{"$f":"IF($C26=\"S\",IF(OR(Import.TipoArredondamento<>\"TransfereGOV\",ACOMPANHAMENTO=\"BM\"),VTOTAL1,SUM(OFFSET(CÁLCULO!$AI$15,ROW($X26)-ROW($X$15),1):OFFSET(CÁLCULO!$BB$15,ROW($X26)-ROW($X$15),-1))),IF($C26=0,0,ROUND(SomaAgrup,15-13*$AF$11)))","v":3870.33},"RA","RA",{"$f":"IF($C26=\"S\",IF($Z26=\"CP\",$X26,IF($Z26=\"RA\",(($X26)*QCI!$AA$3),0)),SomaAgrup)","v":1206.9855092140247},0,{"$f":"IF($N26=\"\",\" \",\nIF(AND($C26<>\"S\",OR($R26=\"\",$R26=\"(digite a descrição aqui)\")),\"DESCRIÇÃO\",\nIF(AND($C26=\"S\",OR($Q26<>0,$T26>0,$U26>0),$P26=0),\"FONTE\",\nIF(AND($C26=\"S\",$P26<>0,OR($T26>0,$U26>0),$Q26=0),\"CÓDIGO\",\nIF(AND($C26=\"S\",$P26<>0,$Q26<>0,$R26=\"(Código não identificado nas referências)\"),\"CÓDIGO N/ID\",\nIF(AND($C26=\"S\",OR($R26=\"\",$R26=\"(digite a descrição aqui)\"),OR($Q26<>0,$T26>0,$U26>0)),\"DESCRIÇÃO\",\nIF(AND($C26=\"S\",$P26<>0,$Q26<>0,$S26=\"\"),\"UNIDADE\",\nIF(AND($C26=\"S\",$P26<>0,$Q26<>0,$U26=0),\"SEM CUSTO\",\nIF(AND(TIPOORCAMENTO=\"Licitado\",$AL26=0,$AN26>0),\"SEM PREÇO\",\nIF(AND($C26=\"S\",$P26<>0,$Q26<>0,$U26>0,$V26=0),\"BDI\",\nIF(OR(AND(TIPOORCAMENTO=\"Proposto\",$AG26<>\"\",$AG26>0,ORÇAMENTO.CustoUnitario>$AG26),AND(TIPOORCAMENTO=\"LICITADO\",ORÇAMENTO.PrecoUnitarioLicitado>$AN26)),\"ACIMA REF.\",\nIF(AND($C26=\"S\",$P26<>0,$Q26<>0,$T26=0,$U26>0),\"QUANT.\",\nIF(AND(Import.TipoArredondamento=\"TransfereGOV\",$L26=\"F\",$C26=\"S\",LEN($Q26)>13),\"Código >13\",\nIF(AND(Import.TipoArredondamento=\"TransfereGOV\",$L26=\"F\",$C26<>\"S\",LEN($R26)>100),\"Descrição >100\",\nIF(AND(Import.TipoArredondamento=\"TransfereGOV\",$L26=\"F\",$C26=\"S\",LEN($R26)>500),\"Descrição >500\",\nIF(AND(Import.TipoArredondamento=\"TransfereGOV\",$L26=\"F\",$C26=\"S\",LEFT(TRIM(UPPER($P26)),6)<>\"SINAPI\",ISNA(VLOOKUP(TRIM(UPPER($S26)),ListaTgov.Unidades,1,FALSE))),\"Unid. Não Disp\",\n\" \"))))))))))))))))","v":" "},{"$f":"IF(C26<=CRONO.NivelExibicao,MAX($AD$15:OFFSET(AD26,-1,0))+IF($C26<>1,1,MAX(1,COUNTIF(QCI!$A$13:$A$24,OFFSET($E26,-1,0)))),\"\")","v":""},{"$f":"IF(AND($C26=\"S\",ORÇAMENTO.CodBarra<>\"\"),IF(ORÇAMENTO.Fonte=\"\",ORÇAMENTO.CodBarra,CONCATENATE(ORÇAMENTO.Fonte,\" \",ORÇAMENTO.CodBarra)))","v":"SINAPI 102276"},{"$f":"IF(ISERROR(INDIRECT(ORÇAMENTO.BancoRef)),\"(abra o arquivo 'Referência \"&Excel_BuiltIn_Database&\".xlsm)\",IF(OR($C26<>\"S\",ORÇAMENTO.CodBarra=\"\"),\"(Sem Código)\",IF(ISERROR(MATCH($AE26,INDIRECT(ORÇAMENTO.BancoRef),0)),\"(Código não identificado nas referências)\",MATCH($AE26,INDIRECT(ORÇAMENTO.BancoRef),0))))","v":9294},{"$f":"ROUND(IF(DESONERACAO=\"sim\",REFERENCIA.Desonerado,REFERENCIA.NaoDesonerado),2)","v":10.74},0.23380000000000001,null,292.10000000000002,null,null,3870.33,13.25]
["S",2,"S",0,{"$f":"IF($C27=1,OFFSET(E27,-1,0)+MAX(1,COUNTIF(QCI!$A$13:$A$24,OFFSET(ORÇAMENTO!E27,-1,0))),OFFSET(E27,-1,0))","v":1},2,0,0,3,{"$f":"IF(OR($C27=\"S\",$C27=0),0,MATCH(0,OFFSET($D27,1,$C27,ROW($C$110)-ROW($C27)),0))","v":0},{"$f":"IF(OR($C27=\"S\",$C27=0),0,MATCH(OFFSET($D27,0,$C27)+IF($C27<>1,1,COUNTIF(QCI!$A$13:$A$24,ORÇAMENTO!E27)),OFFSET($D27,1,$C27,ROW($C$110)-ROW($C27)),0))","v":0},"F","Serviço","Serviço","1.2.3.","SINAPI","102278",{"$f":"IF($C27=\"S\",REFERENCIA.Descricao,\"(digite a descrição aqui)\")","v":"ESCAVAÇÃO MECANIZADA DE VALA COM PROF. MAIOR QUE 1,50 M ATÉ 3,0 M (MÉDIA MONTANTE E JUSANTE/UMA COMPOSIÇÃO POR TRECHO), ESCAVADEIRA (1,2 M3), LARG. DE 1,5 M A 2,5 M, EM SOLO DE 1A CATEGORIA, EM LOCAIS COM ALTO NÍVEL DE INTERFERÊNCIA. AF_09/2024"},{"$f":"REFERENCIA.Unidade","v":"M3"},{"$f":"OFFSET(CÁLCULO!H$15,ROW($T27)-ROW(T$15),0)","v":2378.5},8.9600000000000009,"BDI 1",{"$f":"IF($C27=\"S\",ROUND(IF(TIPOORCAMENTO=\"Proposto\",ORÇAMENTO.CustoUnitario*(1+$AH27),ORÇAMENTO.PrecoUnitarioLicitado),15-13*$AF$10),0)","v":11.05},{"$f":"IF($C27=\"S\",IF(OR(Import.TipoArredondamento<>\"TransfereGOV\",ACOMPANHAMENTO=\"BM\"),VTOTAL1,SUM(OFFSET(CÁLCULO!$AI$15,ROW($X27)-ROW($X$15),1):OFFSET(CÁLCULO!$BB$15,ROW($X27)-ROW($X$15),-1))),IF($C27=0,0,ROUND(SomaAgrup,15-13*$AF$11)))","v":26282.43},"RA","RA",{"$f":"IF($C27=\"S\",IF($Z27=\"CP\",$X27,IF($Z27=\"RA\",(($X27)*QCI!$AA$3),0)),SomaAgrup)","v":8196.3326530120066},0,{"$f":"IF($N27=\"\",\" \",\nIF(AND($C27<>\"S\",OR($R27=\"\",$R27=\"(digite a descrição aqui)\")),\"DESCRIÇÃO\",\nIF(AND($C27=\"S\",OR($Q27<>0,$T27>0,$U27>0),$P27=0),\"FONTE\",\nIF(AND($C27=\"S\",$P27<>0,OR($T27>0,$U27>0),$Q27=0),\"CÓDIGO\",\nIF(AND($C27=\"S\",$P27<>0,$Q27<>0,$R27=\"(Código não identificado nas referências)\"),\"CÓDIGO N/ID\",\nIF(AND($C27=\"S\",OR($R27=\"\",$R27=\"(digite a descrição aqui)\"),OR($Q27<>0,$T27>0,$U27>0)),\"DESCRIÇÃO\",\nIF(AND($C27=\"S\",$P27<>0,$Q27<>0,$S27=\"\"),\"UNIDADE\",\nIF(AND($C27=\"S\",$P27<>0,$Q27<>0,$U27=0),\"SEM CUSTO\",\nIF(AND(TIPOORCAMENTO=\"Licitado\",$AL27=0,$AN27>0),\"SEM PREÇO\",\nIF(AND($C27=\"S\",$P27<>0,$Q27<>0,$U27>0,$V27=0),\"BDI\",\nIF(OR(AND(TIPOORCAMENTO=\"Proposto\",$AG27<>\"\",$AG27>0,ORÇAMENTO.CustoUnitario>$AG27),AND(TIPOORCAMENTO=\"LICITADO\",ORÇAMENTO.PrecoUnitarioLicitado>$AN27)),\"ACIMA REF.\",\nIF(AND($C27=\"S\",$P27<>0,$Q27<>0,$T27=0,$U27>0),\"QUANT.\",\nIF(AND(Import.TipoArredondamento=\"TransfereGOV\",$L27=\"F\",$C27=\"S\",LEN($Q27)>13),\"Código >13\",\nIF(AND(Import.TipoArredondamento=\"TransfereGOV\",$L27=\"F\",$C27<>\"S\",LEN($R27)>100),\"Descrição >100\",\nIF(AND(Import.TipoArredondamento=\"TransfereGOV\",$L27=\"F\",$C27=\"S\",LEN($R27)>500),\"Descrição >500\",\nIF(AND(Import.TipoArredondamento=\"TransfereGOV\",$L27=\"F\",$C27=\"S\",LEFT(TRIM(UPPER($P27)),6)<>\"SINAPI\",ISNA(VLOOKUP(TRIM(UPPER($S27)),ListaTgov.Unidades,1,FALSE))),\"Unid. Não Disp\",\n\" \"))))))))))))))))","v":" "},{"$f":"IF(C27<=CRONO.NivelExibicao,MAX($AD$15:OFFSET(AD27,-1,0))+IF($C27<>1,1,MAX(1,COUNTIF(QCI!$A$13:$A$24,OFFSET($E27,-1,0)))),\"\")","v":""},{"$f":"IF(AND($C27=\"S\",ORÇAMENTO.CodBarra<>\"\"),IF(ORÇAMENTO.Fonte=\"\",ORÇAMENTO.CodBarra,CONCATENATE(ORÇAMENTO.Fonte,\" \",ORÇAMENTO.CodBarra)))","v":"SINAPI 102278"},{"$f":"IF(ISERROR(INDIRECT(ORÇAMENTO.BancoRef)),\"(abra o arquivo 'Referência \"&Excel_BuiltIn_Database&\".xlsm)\",IF(OR($C27<>\"S\",ORÇAMENTO.CodBarra=\"\"),\"(Sem Código)\",IF(ISERROR(MATCH($AE27,INDIRECT(ORÇAMENTO.BancoRef),0)),\"(Código não identificado nas referências)\",MATCH($AE27,INDIRECT(ORÇAMENTO.BancoRef),0))))","v":9334},{"$f":"ROUND(IF(DESONERACAO=\"sim\",REFERENCIA.Desonerado,REFERENCIA.NaoDesonerado),2)","v":8.9600000000000009},0.23380000000000001,null,2378.5,null,null,26282.43,11.05]
["S",2,"S",0,{"$f":"IF($C28=1,OFFSET(E28,-1,0)+MAX(1,COUNTIF(QCI!$A$13:$A$24,OFFSET(ORÇAMENTO!E28,-1,0))),OFFSET(E28,-1,0))","v":1},2,0,0,4,{"$f":"IF(OR($C28=\"S\",$C28=0),0,MATCH(0,OFFSET($D28,1,$C28,ROW($C$110)-ROW($C28)),0))","v":0},{"$f":"IF(OR($C28=\"S\",$C28=0),0,MATCH(OFFSET($D28,0,$C28)+IF($C28<>1,1,COUNTIF(QCI!$A$13:$A$24,ORÇAMENTO!E28)),OFFSET($D28,1,$C28,ROW($C$110)-ROW($C28)),0))","v":0},"F","Serviço","Serviço","1.2.4.","SINAPI","90087",{"$f":"IF($C28=\"S\",REFERENCIA.Descricao,\"(digite a descrição aqui)\")","v":"ESCAVAÇÃO MECANIZADA DE VALA COM PROF. DE 3,0 M ATÉ 4,5 M(MÉDIA MONTANTE E JUSANTE/UMA COMPOSIÇÃO POR TRECHO), ESCAVADEIRA (1,2 M3), LARG. DE 1,5 M A 2,5 M, EM SOLO DE 1A CATEGORIA, EM LOCAIS COM ALTO NÍVEL DE INTERFERÊNCIA. AF_09/2024"},{"$f":"REFERENCIA.Unidade","v":"M3"},{"$f":"OFFSET(CÁLCULO!H$15,ROW($T28)-ROW(T$15),0)","v":1703.77},8.6199999999999992,"BDI 1",{"$f":"IF($C28=\"S\",ROUND(IF(TIPOORCAMENTO=\"Proposto\",ORÇAMENTO.CustoUnitario*(1+$AH28),ORÇAMENTO.PrecoUnitarioLicitado),15-13*$AF$10),0)","v":10.64},{"$f":"IF($C28=\"S\",IF(OR(Import.TipoArredondamento<>\"TransfereGOV\",ACOMPANHAMENTO=\"BM\"),VTOTAL1,SUM(OFFSET(CÁLCULO!$AI$15,ROW($X28)-ROW($X$15),1):OFFSET(CÁLCULO!$BB$15,ROW($X28)-ROW($X$15),-1))),IF($C28=0,0,ROUND(SomaAgrup,15-13*$AF$11)))","v":18128.11},"RA","RA",{"$f":"IF($C28=\"S\",IF($Z28=\"CP\",$X28,IF($Z28=\"RA\",(($X28)*QCI!$AA$3),0)),SomaAgrup)","v":5653.3592947985971},0,{"$f":"IF($N28=\"\",\" \",\nIF(AND($C28<>\"S\",OR($R28=\"\",$R28=\"(digite a descrição aqui)\")),\"DESCRIÇÃO\",\nIF(AND($C28=\"S\",OR($Q28<>0,$T28>0,$U28>0),$P28=0),\"FONTE\",\nIF(AND($C28=\"S\",$P28<>0,OR($T28>0,$U28>0),$Q28=0),\"CÓDIGO\",\nIF(AND($C28=\"S\",$P28<>0,$Q28<>0,$R28=\"(Código não identificado nas referências)\"),\"CÓDIGO N/ID\",\nIF(AND($C28=\"S\",OR($R28=\"\",$R28=\"(digite a descrição aqui)\"),OR($Q28<>0,$T28>0,$U28>0)),\"DESCRIÇÃO\",\nIF(AND($C28=\"S\",$P28<>0,$Q28<>0,$S28=\"\"),\"UNIDADE\",\nIF(AND($C28=\"S\",$P28<>0,$Q28<>0,$U28=0),\"SEM CUSTO\",\nIF(AND(TIPOORCAMENTO=\"Licitado\",$AL28=0,$AN28>0),\"SEM PREÇO\",\nIF(AND($C28=\"S\",$P28<>0,$Q28<>0,$U28>0,$V28=0),\"BDI\",\nIF(OR(AND(TIPOORCAMENTO=\"Proposto\",$AG28<>\"\",$AG28>0,ORÇAMENTO.CustoUnitario>$AG28),AND(TIPOORCAMENTO=\"LICITADO\",ORÇAMENTO.PrecoUnitarioLicitado>$AN28)),\"ACIMA REF.\",\nIF(AND($C28=\"S\",$P28<>0,$Q28<>0,$T28=0,$U28>0),\"QUANT.\",\nIF(AND(Import.TipoArredondamento=\"TransfereGOV\",$L28=\"F\",$C28=\"S\",LEN($Q28)>13),\"Código >13\",\nIF(AND(Import.TipoArredondamento=\"TransfereGOV\",$L28=\"F\",$C28<>\"S\",LEN($R28)>100),\"Descrição >100\",\nIF(AND(Import.TipoArredondamento=\"TransfereGOV\",$L28=\"F\",$C28=\"S\",LEN($R28)>500),\"Descrição >500\",\nIF(AND(Import.TipoArredondamento=\"TransfereGOV\",$L28=\"F\",$C28=\"S\",LEFT(TRIM(UPPER($P28)),6)<>\"SINAPI\",ISNA(VLOOKUP(TRIM(UPPER($S28)),ListaTgov.Unidades,1,FALSE))),\"Unid. Não Disp\",\n\" \"))))))))))))))))","v":" "},{"$f":"IF(C28<=CRONO.NivelExibicao,MAX($AD$15:OFFSET(AD28,-1,0))+IF($C28<>1,1,MAX(1,COUNTIF(QCI!$A$13:$A$24,OFFSET($E28,-1,0)))),\"\")","v":""},{"$f":"IF(AND($C28=\"S\",ORÇAMENTO.CodBarra<>\"\"),IF(ORÇAMENTO.Fonte=\"\",ORÇAMENTO.CodBarra,CONCATENATE(ORÇAMENTO.Fonte,\" \",ORÇAMENTO.CodBarra)))","v":"SINAPI 90087"},{"$f":"IF(ISERROR(INDIRECT(ORÇAMENTO.BancoRef)),\"(abra o arquivo 'Referência \"&Excel_BuiltIn_Database&\".xlsm)\",IF(OR($C28<>\"S\",ORÇAMENTO.CodBarra=\"\"),\"(Sem Código)\",IF(ISERROR(MATCH($AE28,INDIRECT(ORÇAMENTO.BancoRef),0)),\"(Código não identificado nas referências)\",MATCH($AE28,INDIRECT(ORÇAMENTO.BancoRef),0))))","v":9312},{"$f":"ROUND(IF(DESONERACAO=\"sim\",REFERENCIA.Desonerado,REFERENCIA.NaoDesonerado),2)","v":8.6199999999999992},0.23380000000000001,null,1703.77,null,null,18128.11,10.64]
["S",2,"S",0,{"$f":"IF($C29=1,OFFSET(E29,-1,0)+MAX(1,COUNTIF(QCI!$A$13:$A$24,OFFSET(ORÇAMENTO!E29,-1,0))),OFFSET(E29,-1,0))","v":1},2,0,0,5,{"$f":"IF(OR($C29=\"S\",$C29=0),0,MATCH(0,OFFSET($D29,1,$C29,ROW($C$110)-ROW($C29)),0))","v":0},{"$f":"IF(OR($C29=\"S\",$C29=0),0,MATCH(OFFSET($D29,0,$C29)+IF($C29<>1,1,COUNTIF(QCI!$A$13:$A$24,ORÇAMENTO!E29)),OFFSET($D29,1,$C29,ROW($C$110)-ROW($C29)),0))","v":0},"F","Serviço","Serviço","1.2.5.","SINAPI","101573",{"$f":"IF($C29=\"S\",REFERENCIA.Descricao,\"(digite a descrição aqui)\")","v":"ESCORAMENTO DE VALA, TIPO PONTALETEAMENTO, COM PROFUNDIDADE DE 1,5 A 3,0 M, LARGURA MAIOR OU IGUAL A 1,5 M E MENOR QUE 2,5 M. AF_08/2020"},{"$f":"REFERENCIA.Unidade","v":"M2"},{"$f":"OFFSET(CÁLCULO!H$15,ROW($T29)-ROW(T$15),0)","v":1906.13},27.47,"BDI 1",{"$f":"IF($C29=\"S\",ROUND(IF(TIPOORCAMENTO=\"Proposto\",ORÇAMENTO.CustoUnitario*(1+$AH29),ORÇAMENTO.PrecoUnitarioLicitado),15-13*$AF$10),0)","v":33.89},{"$f":"IF($C29=\"S\",IF(OR(Import.TipoArredondamento<>\"TransfereGOV\",ACOMPANHAMENTO=\"BM\"),VTOTAL1,SUM(OFFSET(CÁLCULO!$AI$15,ROW($X29)-ROW($X$15),1):OFFSET(CÁLCULO!$BB$15,ROW($X29)-ROW($X$15),-1))),IF($C29=0,0,ROUND(SomaAgrup,15-13*$AF$11)))","v":64598.75},"RA","RA",{"$f":"IF($C29=\"S\",IF($Z29=\"CP\",$X29,IF($Z29=\"RA\",(($X29)*QCI!$AA$3),0)),SomaAgrup)","v":20145.505722597165},0,{"$f":"IF($N29=\"\",\" \",\nIF(AND($C29<>\"S\",OR($R29=\"\",$R29=\"(digite a descrição aqui)\")),\"DESCRIÇÃO\",\nIF(AND($C29=\"S\",OR($Q29<>0,$T29>0,$U29>0),$P29=0),\"FONTE\",\nIF(AND($C29=\"S\",$P29<>0,OR($T29>0,$U29>0),$Q29=0),\"CÓDIGO\",\nIF(AND($C29=\"S\",$P29<>0,$Q29<>0,$R29=\"(Código não identificado nas referências)\"),\"CÓDIGO N/ID\",\nIF(AND($C29=\"S\",OR($R29=\"\",$R29=\"(digite a descrição aqui)\"),OR($Q29<>0,$T29>0,$U29>0)),\"DESCRIÇÃO\",\nIF(AND($C29=\"S\",$P29<>0,$Q29<>0,$S29=\"\"),\"UNIDADE\",\nIF(AND($C29=\"S\",$P29<>0,$Q29<>0,$U29=0),\"SEM CUSTO\",\nIF(AND(TIPOORCAMENTO=\"Licitado\",$AL29=0,$AN29>0),\"SEM PREÇO\",\nIF(AND($C29=\"S\",$P29<>0,$Q29<>0,$U29>0,$V29=0),\"BDI\",\nIF(OR(AND(TIPOORCAMENTO=\"Proposto\",$AG29<>\"\",$AG29>0,ORÇAMENTO.CustoUnitario>$AG29),AND(TIPOORCAMENTO=\"LICITADO\",ORÇAMENTO.PrecoUnitarioLicitado>$AN29)),\"ACIMA REF.\",\nIF(AND($C29=\"S\",$P29<>0,$Q29<>0,$T29=0,$U29>0),\"QUANT.\",\nIF(AND(Import.TipoArredondamento=\"TransfereGOV\",$L29=\"F\",$C29=\"S\",LEN($Q29)>13),\"Código >13\",\nIF(AND(Import.TipoArredondamento=\"TransfereGOV\",$L29=\"F\",$C29<>\"S\",LEN($R29)>100),\"Descrição >100\",\nIF(AND(Import.TipoArredondamento=\"TransfereGOV\",$L29=\"F\",$C29=\"S\",LEN($R29)>500),\"Descrição >500\",\nIF(AND(Import.TipoArredondamento=\"TransfereGOV\",$L29=\"F\",$C29=\"S\",LEFT(TRIM(UPPER($P29)),6)<>\"SINAPI\",ISNA(VLOOKUP(TRIM(UPPER($S29)),ListaTgov.Unidades,1,FALSE))),\"Unid. Não Disp\",\n\" \"))))))))))))))))","v":" "},{"$f":"IF(C29<=CRONO.NivelExibicao,MAX($AD$15:OFFSET(AD29,-1,0))+IF($C29<>1,1,MAX(1,COUNTIF(QCI!$A$13:$A$24,OFFSET($E29,-1,0)))),\"\")","v":""},{"$f":"IF(AND($C29=\"S\",ORÇAMENTO.CodBarra<>\"\"),IF(ORÇAMENTO.Fonte=\"\",ORÇAMENTO.CodBarra,CONCATENATE(ORÇAMENTO.Fonte,\" \",ORÇAMENTO.CodBarra)))","v":"SINAPI 101573"},{"$f":"IF(ISERROR(INDIRECT(ORÇAMENTO.BancoRef)),\"(abra o arquivo 'Referência \"&Excel_BuiltIn_Database&\".xlsm)\",IF(OR($C29<>\"S\",ORÇAMENTO.CodBarra=\"\"),\"(Sem Código)\",IF(ISERROR(MATCH($AE29,INDIRECT(ORÇAMENTO.BancoRef),0)),\"(Código não identificado nas referências)\",MATCH($AE29,INDIRECT(ORÇAMENTO.BancoRef),0))))","v":9410},{"$f":"ROUND(IF(DESONERACAO=\"sim\",REFERENCIA.Desonerado,REFERENCIA.NaoDesonerado),2)","v":27.47},0.23380000000000001,null,1906.13,null,null,64598.75,33.89]
["S",2,"S",0,{"$f":"IF($C30=1,OFFSET(E30,-1,0)+MAX(1,COUNTIF(QCI!$A$13:$A$24,OFFSET(ORÇAMENTO!E30,-1,0))),OFFSET(E30,-1,0))","v":1},2,0,0,6,{"$f":"IF(OR($C30=\"S\",$C30=0),0,MATCH(0,OFFSET($D30,1,$C30,ROW($C$110)-ROW($C30)),0))","v":0},{"$f":"IF(OR($C30=\"S\",$C30=0),0,MATCH(OFFSET($D30,0,$C30)+IF($C30<>1,1,COUNTIF(QCI!$A$13:$A$24,ORÇAMENTO!E30)),OFFSET($D30,1,$C30,ROW($C$110)-ROW($C30)),0))","v":0},"F","Serviço","Serviço","1.2.6.","SINAPI","101575",{"$f":"IF($C30=\"S\",REFERENCIA.Descricao,\"(digite a descrição aqui)\")","v":"ESCORAMENTO DE VALA, TIPO PONTALETEAMENTO, COM PROFUNDIDADE DE 3,0 A 4,5 M, LARGURA MAIOR OU IGUAL A 1,5 M E MENOR QUE 2,5 M. AF_08/2020"},{"$f":"REFERENCIA.Unidade","v":"M2"},{"$f":"OFFSET(CÁLCULO!H$15,ROW($T30)-ROW(T$15),0)","v":1309.8499999999999},23.58,"BDI 1",{"$f":"IF($C30=\"S\",ROUND(IF(TIPOORCAMENTO=\"Proposto\",ORÇAMENTO.CustoUnitario*(1+$AH30),ORÇAMENTO.PrecoUnitarioLicitado),15-13*$AF$10),0)","v":29.09},{"$f":"IF($C30=\"S\",IF(OR(Import.TipoArredondamento<>\"TransfereGOV\",ACOMPANHAMENTO=\"BM\"),VTOTAL1,SUM(OFFSET(CÁLCULO!$AI$15,ROW($X30)-ROW($X$15),1):OFFSET(CÁLCULO!$BB$15,ROW($X30)-ROW($X$15),-1))),IF($C30=0,0,ROUND(SomaAgrup,15-13*$AF$11)))","v":38103.54},"RA","RA",{"$f":"IF($C30=\"S\",IF($Z30=\"CP\",$X30,IF($Z30=\"RA\",(($X30)*QCI!$AA$3),0)),SomaAgrup)","v":11882.816356681979},0,{"$f":"IF($N30=\"\",\" \",\nIF(AND($C30<>\"S\",OR($R30=\"\",$R30=\"(digite a descrição aqui)\")),\"DESCRIÇÃO\",\nIF(AND($C30=\"S\",OR($Q30<>0,$T30>0,$U30>0),$P30=0),\"FONTE\",\nIF(AND($C30=\"S\",$P30<>0,OR($T30>0,$U30>0),$Q30=0),\"CÓDIGO\",\nIF(AND($C30=\"S\",$P30<>0,$Q30<>0,$R30=\"(Código não identificado nas referências)\"),\"CÓDIGO N/ID\",\nIF(AND($C30=\"S\",OR($R30=\"\",$R30=\"(digite a descrição aqui)\"),OR($Q30<>0,$T30>0,$U30>0)),\"DESCRIÇÃO\",\nIF(AND($C30=\"S\",$P30<>0,$Q30<>0,$S30=\"\"),\"UNIDADE\",\nIF(AND($C30=\"S\",$P30<>0,$Q30<>0,$U30=0),\"SEM CUSTO\",\nIF(AND(TIPOORCAMENTO=\"Licitado\",$AL30=0,$AN30>0),\"SEM PREÇO\",\nIF(AND($C30=\"S\",$P30<>0,$Q30<>0,$U30>0,$V30=0),\"BDI\",\nIF(OR(AND(TIPOORCAMENTO=\"Proposto\",$AG30<>\"\",$AG30>0,ORÇAMENTO.CustoUnitario>$AG30),AND(TIPOORCAMENTO=\"LICITADO\",ORÇAMENTO.PrecoUnitarioLicitado>$AN30)),\"ACIMA REF.\",\nIF(AND($C30=\"S\",$P30<>0,$Q30<>0,$T30=0,$U30>0),\"QUANT.\",\nIF(AND(Import.TipoArredondamento=\"TransfereGOV\",$L30=\"F\",$C30=\"S\",LEN($Q30)>13),\"Código >13\",\nIF(AND(Import.TipoArredondamento=\"TransfereGOV\",$L30=\"F\",$C30<>\"S\",LEN($R30)>100),\"Descrição >100\",\nIF(AND(Import.TipoArredondamento=\"TransfereGOV\",$L30=\"F\",$C30=\"S\",LEN($R30)>500),\"Descrição >500\",\nIF(AND(Import.TipoArredondamento=\"TransfereGOV\",$L30=\"F\",$C30=\"S\",LEFT(TRIM(UPPER($P30)),6)<>\"SINAPI\",ISNA(VLOOKUP(TRIM(UPPER($S30)),ListaTgov.Unidades,1,FALSE))),\"Unid. Não Disp\",\n\" \"))))))))))))))))","v":" "},{"$f":"IF(C30<=CRONO.NivelExibicao,MAX($AD$15:OFFSET(AD30,-1,0))+IF($C30<>1,1,MAX(1,COUNTIF(QCI!$A$13:$A$24,OFFSET($E30,-1,0)))),\"\")","v":""},{"$f":"IF(AND($C30=\"S\",ORÇAMENTO.CodBarra<>\"\"),IF(ORÇAMENTO.Fonte=\"\",ORÇAMENTO.CodBarra,CONCATENATE(ORÇAMENTO.Fonte,\" \",ORÇAMENTO.CodBarra)))","v":"SINAPI 101575"},{"$f":"IF(ISERROR(INDIRECT(ORÇAMENTO.BancoRef)),\"(abra o arquivo 'Referência \"&Excel_BuiltIn_Database&\".xlsm)\",IF(OR($C30<>\"S\",ORÇAMENTO.CodBarra=\"\"),\"(Sem Código)\",IF(ISERROR(MATCH($AE30,INDIRECT(ORÇAMENTO.BancoRef),0)),\"(Código não identificado nas referências)\",MATCH($AE30,INDIRECT(ORÇAMENTO.BancoRef),0))))","v":9412},{"$f":"ROUND(IF(DESONERACAO=\"sim\",REFERENCIA.Desonerado,REFERENCIA.NaoDesonerado),2)","v":23.58},0.23380000000000001,null,1309.8499999999999,null,null,38103.54,29.09]
["S",2,"S",0,{"$f":"IF($C31=1,OFFSET(E31,-1,0)+MAX(1,COUNTIF(QCI!$A$13:$A$24,OFFSET(ORÇAMENTO!E31,-1,0))),OFFSET(E31,-1,0))","v":1},2,0,0,7,{"$f":"IF(OR($C31=\"S\",$C31=0),0,MATCH(0,OFFSET($D31,1,$C31,ROW($C$110)-ROW($C31)),0))","v":0},{"$f":"IF(OR($C31=\"S\",$C31=0),0,MATCH(OFFSET($D31,0,$C31)+IF($C31<>1,1,COUNTIF(QCI!$A$13:$A$24,ORÇAMENTO!E31)),OFFSET($D31,1,$C31,ROW($C$110)-ROW($C31)),0))","v":0},"F","Serviço","Serviço","1.2.7.","SINAPI","93379",{"$f":"IF($C31=\"S\",REFERENCIA.Descricao,\"(digite a descrição aqui)\")","v":"REATERRO MECANIZADO DE VALA COM RETROESCAVADEIRA (CAPACIDADE DA CAÇAMBA DA RETRO: 0,26 M³/POTÊNCIA: 88 HP), LARGURA 0,8 A 1,5 M, PROFUNDIDADE ATÉ 1,5 M, COM SOLO (SEM SUBSTITUIÇÃO) DE 1ª CATEGORIA, COM COMPACTADOR DE SOLOS DE PERCUSSÃO AF_08/2023"},{"$f":"REFERENCIA.Unidade","v":"M3"},{"$f":"OFFSET(CÁLCULO!H$15,ROW($T31)-ROW(T$15),0)","v":256.04000000000002},18.059999999999999,"BDI 1",{"$f":"IF($C31=\"S\",ROUND(IF(TIPOORCAMENTO=\"Proposto\",ORÇAMENTO.CustoUnitario*(1+$AH31),ORÇAMENTO.PrecoUnitarioLicitado),15-13*$AF$10),0)","v":22.28},{"$f":"IF($C31=\"S\",IF(OR(Import.TipoArredondamento<>\"TransfereGOV\",ACOMPANHAMENTO=\"BM\"),VTOTAL1,SUM(OFFSET(CÁLCULO!$AI$15,ROW($X31)-ROW($X$15),1):OFFSET(CÁLCULO!$BB$15,ROW($X31)-ROW($X$15),-1))),IF($C31=0,0,ROUND(SomaAgrup,15-13*$AF$11)))","v":5704.57},"RA","RA",{"$f":"IF($C31=\"S\",IF($Z31=\"CP\",$X31,IF($Z31=\"RA\",(($X31)*QCI!$AA$3),0)),SomaAgrup)","v":1779.004200235393},0,{"$f":"IF($N31=\"\",\" \",\nIF(AND($C31<>\"S\",OR($R31=\"\",$R31=\"(digite a descrição aqui)\")),\"DESCRIÇÃO\",\nIF(AND($C31=\"S\",OR($Q31<>0,$T31>0,$U31>0),$P31=0),\"FONTE\",\nIF(AND($C31=\"S\",$P31<>0,OR($T31>0,$U31>0),$Q31=0),\"CÓDIGO\",\nIF(AND($C31=\"S\",$P31<>0,$Q31<>0,$R31=\"(Código não identificado nas referências)\"),\"CÓDIGO N/ID\",\nIF(AND($C31=\"S\",OR($R31=\"\",$R31=\"(digite a descrição aqui)\"),OR($Q31<>0,$T31>0,$U31>0)),\"DESCRIÇÃO\",\nIF(AND($C31=\"S\",$P31<>0,$Q31<>0,$S31=\"\"),\"UNIDADE\",\nIF(AND($C31=\"S\",$P31<>0,$Q31<>0,$U31=0),\"SEM CUSTO\",\nIF(AND(TIPOORCAMENTO=\"Licitado\",$AL31=0,$AN31>0),\"SEM PREÇO\",\nIF(AND($C31=\"S\",$P31<>0,$Q31<>0,$U31>0,$V31=0),\"BDI\",\nIF(OR(AND(TIPOORCAMENTO=\"Proposto\",$AG31<>\"\",$AG31>0,ORÇAMENTO.CustoUnitario>$AG31),AND(TIPOORCAMENTO=\"LICITADO\",ORÇAMENTO.PrecoUnitarioLicitado>$AN31)),\"ACIMA REF.\",\nIF(AND($C31=\"S\",$P31<>0,$Q31<>0,$T31=0,$U31>0),\"QUANT.\",\nIF(AND(Import.TipoArredondamento=\"TransfereGOV\",$L31=\"F\",$C31=\"S\",LEN($Q31)>13),\"Código >13\",\nIF(AND(Import.TipoArredondamento=\"TransfereGOV\",$L31=\"F\",$C31<>\"S\",LEN($R31)>100),\"Descrição >100\",\nIF(AND(Import.TipoArredondamento=\"TransfereGOV\",$L31=\"F\",$C31=\"S\",LEN($R31)>500),\"Descrição >500\",\nIF(AND(Import.TipoArredondamento=\"TransfereGOV\",$L31=\"F\",$C31=\"S\",LEFT(TRIM(UPPER($P31)),6)<>\"SINAPI\",ISNA(VLOOKUP(TRIM(UPPER($S31)),ListaTgov.Unidades,1,FALSE))),\"Unid. Não Disp\",\n\" \"))))))))))))))))","v":" "},{"$f":"IF(C31<=CRONO.NivelExibicao,MAX($AD$15:OFFSET(AD31,-1,0))+IF($C31<>1,1,MAX(1,COUNTIF(QCI!$A$13:$A$24,OFFSET($E31,-1,0)))),\"\")","v":""},{"$f":"IF(AND($C31=\"S\",ORÇAMENTO.CodBarra<>\"\"),IF(ORÇAMENTO.Fonte=\"\",ORÇAMENTO.CodBarra,CONCATENATE(ORÇAMENTO.Fonte,\" \",ORÇAMENTO.CodBarra)))","v":"SINAPI 93379"},{"$f":"IF(ISERROR(INDIRECT(ORÇAMENTO.BancoRef)),\"(abra o arquivo 'Referência \"&Excel_BuiltIn_Database&\".xlsm)\",IF(OR($C31<>\"S\",ORÇAMENTO.CodBarra=\"\"),\"(Sem Código)\",IF(ISERROR(MATCH($AE31,INDIRECT(ORÇAMENTO.BancoRef),0)),\"(Código não identificado nas referências)\",MATCH($AE31,INDIRECT(ORÇAMENTO.BancoRef),0))))","v":6771},{"$f":"ROUND(IF(DESONERACAO=\"sim\",REFERENCIA.Desonerado,REFERENCIA.NaoDesonerado),2)","v":18.059999999999999},0.23380000000000001,null,256.04000000000002,null,null,5704.57,22.28]
["S",2,"S",0,{"$f":"IF($C32=1,OFFSET(E32,-1,0)+MAX(1,COUNTIF(QCI!$A$13:$A$24,OFFSET(ORÇAMENTO!E32,-1,0))),OFFSET(E32,-1,0))","v":1},2,0,0,8,{"$f":"IF(OR($C32=\"S\",$C32=0),0,MATCH(0,OFFSET($D32,1,$C32,ROW($C$110)-ROW($C32)),0))","v":0},{"$f":"IF(OR($C32=\"S\",$C32=0),0,MATCH(OFFSET($D32,0,$C32)+IF($C32<>1,1,COUNTIF(QCI!$A$13:$A$24,ORÇAMENTO!E32)),OFFSET($D32,1,$C32,ROW($C$110)-ROW($C32)),0))","v":0},"F","Serviço","Serviço","1.2.8.","SINAPI","93369",{"$f":"IF($C32=\"S\",REFERENCIA.Descricao,\"(digite a descrição aqui)\")","v":"REATERRO MECANIZADO DE VALA COM ESCAVADEIRA HIDRÁULICA (CAPACIDADE DA CAÇAMBA: 0,8 M³/POTÊNCIA: 111 HP), LARGURA 1,5 A 2,5 M, PROFUNDIDADE 1,5 A 3,0 M, COM SOLO (SEM SUBSTITUIÇÃO) DE 1ª CATEGORIA, COM COMPACTADOR DE SOLOS DE PERCUSSÃO. AF_08/2023"},{"$f":"REFERENCIA.Unidade","v":"M3"},{"$f":"OFFSET(CÁLCULO!H$15,ROW($T32)-ROW(T$15),0)","v":1921.36},16.739999999999998,"BDI 1",{"$f":"IF($C32=\"S\",ROUND(IF(TIPOORCAMENTO=\"Proposto\",ORÇAMENTO.CustoUnitario*(1+$AH32),ORÇAMENTO.PrecoUnitarioLicitado),15-13*$AF$10),0)","v":20.65},{"$f":"IF($C32=\"S\",IF(OR(Import.TipoArredondamento<>\"TransfereGOV\",ACOMPANHAMENTO=\"BM\"),VTOTAL1,SUM(OFFSET(CÁLCULO!$AI$15,ROW($X32)-ROW($X$15),1):OFFSET(CÁLCULO!$BB$15,ROW($X32)-ROW($X$15),-1))),IF($C32=0,0,ROUND(SomaAgrup,15-13*$AF$11)))","v":39676.080000000002},"RA","RA",{"$f":"IF($C32=\"S\",IF($Z32=\"CP\",$X32,IF($Z32=\"RA\",(($X32)*QCI!$AA$3),0)),SomaAgrup)","v":12373.22234083822},0,{"$f":"IF($N32=\"\",\" \",\nIF(AND($C32<>\"S\",OR($R32=\"\",$R32=\"(digite a descrição aqui)\")),\"DESCRIÇÃO\",\nIF(AND($C32=\"S\",OR($Q32<>0,$T32>0,$U32>0),$P32=0),\"FONTE\",\nIF(AND($C32=\"S\",$P32<>0,OR($T32>0,$U32>0),$Q32=0),\"CÓDIGO\",\nIF(AND($C32=\"S\",$P32<>0,$Q32<>0,$R32=\"(Código não identificado nas referências)\"),\"CÓDIGO N/ID\",\nIF(AND($C32=\"S\",OR($R32=\"\",$R32=\"(digite a descrição aqui)\"),OR($Q32<>0,$T32>0,$U32>0)),\"DESCRIÇÃO\",\nIF(AND($C32=\"S\",$P32<>0,$Q32<>0,$S32=\"\"),\"UNIDADE\",\nIF(AND($C32=\"S\",$P32<>0,$Q32<>0,$U32=0),\"SEM CUSTO\",\nIF(AND(TIPOORCAMENTO=\"Licitado\",$AL32=0,$AN32>0),\"SEM PREÇO\",\nIF(AND($C32=\"S\",$P32<>0,$Q32<>0,$U32>0,$V32=0),\"BDI\",\nIF(OR(AND(TIPOORCAMENTO=\"Proposto\",$AG32<>\"\",$AG32>0,ORÇAMENTO.CustoUnitario>$AG32),AND(TIPOORCAMENTO=\"LICITADO\",ORÇAMENTO.PrecoUnitarioLicitado>$AN32)),\"ACIMA REF.\",\nIF(AND($C32=\"S\",$P32<>0,$Q32<>0,$T32=0,$U32>0),\"QUANT.\",\nIF(AND(Import.TipoArredondamento=\"TransfereGOV\",$L32=\"F\",$C32=\"S\",LEN($Q32)>13),\"Código >13\",\nIF(AND(Import.TipoArredondamento=\"TransfereGOV\",$L32=\"F\",$C32<>\"S\",LEN($R32)>100),\"Descrição >100\",\nIF(AND(Import.TipoArredondamento=\"TransfereGOV\",$L32=\"F\",$C32=\"S\",LEN($R32)>500),\"Descrição >500\",\nIF(AND(Import.TipoArredondamento=\"TransfereGOV\",$L32=\"F\",$C32=\"S\",LEFT(TRIM(UPPER($P32)),6)<>\"SINAPI\",ISNA(VLOOKUP(TRIM(UPPER($S32)),ListaTgov.Unidades,1,FALSE))),\"Unid. Não Disp\",\n\" \"))))))))))))))))","v":" "},{"$f":"IF(C32<=CRONO.NivelExibicao,MAX($AD$15:OFFSET(AD32,-1,0))+IF($C32<>1,1,MAX(1,COUNTIF(QCI!$A$13:$A$24,OFFSET($E32,-1,0)))),\"\")","v":""},{"$f":"IF(AND($C32=\"S\",ORÇAMENTO.CodBarra<>\"\"),IF(ORÇAMENTO.Fonte=\"\",ORÇAMENTO.CodBarra,CONCATENATE(ORÇAMENTO.Fonte,\" \",ORÇAMENTO.CodBarra)))","v":"SINAPI 93369"},{"$f":"IF(ISERROR(INDIRECT(ORÇAMENTO.BancoRef)),\"(abra o arquivo 'Referência \"&Excel_BuiltIn_Database&\".xlsm)\",IF(OR($C32<>\"S\",ORÇAMENTO.CodBarra=\"\"),\"(Sem Código)\",IF(ISERROR(MATCH($AE32,INDIRECT(ORÇAMENTO.BancoRef),0)),\"(Código não identificado nas referências)\",MATCH($AE32,INDIRECT(ORÇAMENTO.BancoRef),0))))","v":6758},{"$f":"ROUND(IF(DESONERACAO=\"sim\",REFERENCIA.Desonerado,REFERENCIA.NaoDesonerado),2)","v":16.739999999999998},0.23380000000000001,null,1921.36,null,null,39676.080000000002,20.65]
["S",2,"S",0,{"$f":"IF($C33=1,OFFSET(E33,-1,0)+MAX(1,COUNTIF(QCI!$A$13:$A$24,OFFSET(ORÇAMENTO!E33,-1,0))),OFFSET(E33,-1,0))","v":1},2,0,0,9,{"$f":"IF(OR($C33=\"S\",$C33=0),0,MATCH(0,OFFSET($D33,1,$C33,ROW($C$110)-ROW($C33)),0))","v":0},{"$f":"IF(OR($C33=\"S\",$C33=0),0,MATCH(OFFSET($D33,0,$C33)+IF($C33<>1,1,COUNTIF(QCI!$A$13:$A$24,ORÇAMENTO!E33)),OFFSET($D33,1,$C33,ROW($C$110)-ROW($C33)),0))","v":0},"F","Serviço","Serviço","1.2.9.","SINAPI","93373",{"$f":"IF($C33=\"S\",REFERENCIA.Descricao,\"(digite a descrição aqui)\")","v":"REATERRO MECANIZADO DE VALA COM ESCAVADEIRA HIDRÁULICA (CAPACIDADE DA CAÇAMBA: 0,8 M³/POTÊNCIA: 111 HP), LARGURA 1,5 A 2,5 M, PROFUNDIDADE 3,0 A 6,0 M, COM SOLO (SEM SUBSTITUIÇÃO) DE 1ª CATEGORIA, COM COMPACTADOR DE SOLOS DE PERCUSSÃO. AF_08/2023"},{"$f":"REFERENCIA.Unidade","v":"M3"},{"$f":"OFFSET(CÁLCULO!H$15,ROW($T33)-ROW(T$15),0)","v":1583.78},13.79,"BDI 1",{"$f":"IF($C33=\"S\",ROUND(IF(TIPOORCAMENTO=\"Proposto\",ORÇAMENTO.CustoUnitario*(1+$AH33),ORÇAMENTO.PrecoUnitarioLicitado),15-13*$AF$10),0)","v":17.010000000000002},{"$f":"IF($C33=\"S\",IF(OR(Import.TipoArredondamento<>\"TransfereGOV\",ACOMPANHAMENTO=\"BM\"),VTOTAL1,SUM(OFFSET(CÁLCULO!$AI$15,ROW($X33)-ROW($X$15),1):OFFSET(CÁLCULO!$BB$15,ROW($X33)-ROW($X$15),-1))),IF($C33=0,0,ROUND(SomaAgrup,15-13*$AF$11)))","v":26940.1},"RA","RA",{"$f":"IF($C33=\"S\",IF($Z33=\"CP\",$X33,IF($Z33=\"RA\",(($X33)*QCI!$AA$3),0)),SomaAgrup)","v":8401.4309675859022},0,{"$f":"IF($N33=\"\",\" \",\nIF(AND($C33<>\"S\",OR($R33=\"\",$R33=\"(digite a descrição aqui)\")),\"DESCRIÇÃO\",\nIF(AND($C33=\"S\",OR($Q33<>0,$T33>0,$U33>0),$P33=0),\"FONTE\",\nIF(AND($C33=\"S\",$P33<>0,OR($T33>0,$U33>0),$Q33=0),\"CÓDIGO\",\nIF(AND($C33=\"S\",$P33<>0,$Q33<>0,$R33=\"(Código não identificado nas referências)\"),\"CÓDIGO N/ID\",\nIF(AND($C33=\"S\",OR($R33=\"\",$R33=\"(digite a descrição aqui)\"),OR($Q33<>0,$T33>0,$U33>0)),\"DESCRIÇÃO\",\nIF(AND($C33=\"S\",$P33<>0,$Q33<>0,$S33=\"\"),\"UNIDADE\",\nIF(AND($C33=\"S\",$P33<>0,$Q33<>0,$U33=0),\"SEM CUSTO\",\nIF(AND(TIPOORCAMENTO=\"Licitado\",$AL33=0,$AN33>0),\"SEM PREÇO\",\nIF(AND($C33=\"S\",$P33<>0,$Q33<>0,$U33>0,$V33=0),\"BDI\",\nIF(OR(AND(TIPOORCAMENTO=\"Proposto\",$AG33<>\"\",$AG33>0,ORÇAMENTO.CustoUnitario>$AG33),AND(TIPOORCAMENTO=\"LICITADO\",ORÇAMENTO.PrecoUnitarioLicitado>$AN33)),\"ACIMA REF.\",\nIF(AND($C33=\"S\",$P33<>0,$Q33<>0,$T33=0,$U33>0),\"QUANT.\",\nIF(AND(Import.TipoArredondamento=\"TransfereGOV\",$L33=\"F\",$C33=\"S\",LEN($Q33)>13),\"Código >13\",\nIF(AND(Import.TipoArredondamento=\"TransfereGOV\",$L33=\"F\",$C33<>\"S\",LEN($R33)>100),\"Descrição >100\",\nIF(AND(Import.TipoArredondamento=\"TransfereGOV\",$L33=\"F\",$C33=\"S\",LEN($R33)>500),\"Descrição >500\",\nIF(AND(Import.TipoArredondamento=\"TransfereGOV\",$L33=\"F\",$C33=\"S\",LEFT(TRIM(UPPER($P33)),6)<>\"SINAPI\",ISNA(VLOOKUP(TRIM(UPPER($S33)),ListaTgov.Unidades,1,FALSE))),\"Unid. Não Disp\",\n\" \"))))))))))))))))","v":" "},{"$f":"IF(C33<=CRONO.NivelExibicao,MAX($AD$15:OFFSET(AD33,-1,0))+IF($C33<>1,1,MAX(1,COUNTIF(QCI!$A$13:$A$24,OFFSET($E33,-1,0)))),\"\")","v":""},{"$f":"IF(AND($C33=\"S\",ORÇAMENTO.CodBarra<>\"\"),IF(ORÇAMENTO.Fonte=\"\",ORÇAMENTO.CodBarra,CONCATENATE(ORÇAMENTO.Fonte,\" \",ORÇAMENTO.CodBarra)))","v":"SINAPI 93373"},{"$f":"IF(ISERROR(INDIRECT(ORÇAMENTO.BancoRef)),\"(abra o arquivo 'Referência \"&Excel_BuiltIn_Database&\".xlsm)\",IF(OR($C33<>\"S\",ORÇAMENTO.CodBarra=\"\"),\"(Sem Código)\",IF(ISERROR(MATCH($AE33,INDIRECT(ORÇAMENTO.BancoRef),0)),\"(Código não identificado nas referências)\",MATCH($AE33,INDIRECT(ORÇAMENTO.BancoRef),0))))","v":6759},{"$f":"ROUND(IF(DESONERACAO=\"sim\",REFERENCIA.Desonerado,REFERENCIA.NaoDesonerado),2)","v":13.79},0.23380000000000001,null,1583.78,null,null,26940.1,17.010000000000002]
["S",2,"S",0,{"$f":"IF($C34=1,OFFSET(E34,-1,0)+MAX(1,COUNTIF(QCI!$A$13:$A$24,OFFSET(ORÇAMENTO!E34,-1,0))),OFFSET(E34,-1,0))","v":1},2,0,0,10,{"$f":"IF(OR($C34=\"S\",$C34=0),0,MATCH(0,OFFSET($D34,1,$C34,ROW($C$110)-ROW($C34)),0))","v":0},{"$f":"IF(OR($C34=\"S\",$C34=0),0,MATCH(OFFSET($D34,0,$C34)+IF($C34<>1,1,COUNTIF(QCI!$A$13:$A$24,ORÇAMENTO!E34)),OFFSET($D34,1,$C34,ROW($C$110)-ROW($C34)),0))","v":0},"F","Serviço","Serviço","1.2.10.","SINAPI","100979",{"$f":"IF($C34=\"S\",REFERENCIA.Descricao,\"(digite a descrição aqui)\")","v":"CARGA, MANOBRA E DESCARGA DE SOLOS E MATERIAIS GRANULARES EM CAMINHÃO BASCULANTE 14 M³ - CARGA COM ESCAVADEIRA HIDRÁULICA (CAÇAMBA DE 1,20 M³ / 155 HP) E DESCARGA LIVRE (UNIDADE: M3). AF_07/2020"},{"$f":"REFERENCIA.Unidade","v":"M3"},{"$f":"OFFSET(CÁLCULO!H$15,ROW($T34)-ROW(T$15),0)","v":658.19},6.65,"BDI 1",{"$f":"IF($C34=\"S\",ROUND(IF(TIPOORCAMENTO=\"Proposto\",ORÇAMENTO.CustoUnitario*(1+$AH34),ORÇAMENTO.PrecoUnitarioLicitado),15-13*$AF$10),0)","v":8.1999999999999993},{"$f":"IF($C34=\"S\",IF(OR(Import.TipoArredondamento<>\"TransfereGOV\",ACOMPANHAMENTO=\"BM\"),VTOTAL1,SUM(OFFSET(CÁLCULO!$AI$15,ROW($X34)-ROW($X$15),1):OFFSET(CÁLCULO!$BB$15,ROW($X34)-ROW($X$15),-1))),IF($C34=0,0,ROUND(SomaAgrup,15-13*$AF$11)))","v":5397.16},"RA","RA",{"$f":"IF($C34=\"S\",IF($Z34=\"CP\",$X34,IF($Z34=\"RA\",(($X34)*QCI!$AA$3),0)),SomaAgrup)","v":1683.136557066081},0,{"$f":"IF($N34=\"\",\" \",\nIF(AND($C34<>\"S\",OR($R34=\"\",$R34=\"(digite a descrição aqui)\")),\"DESCRIÇÃO\",\nIF(AND($C34=\"S\",OR($Q34<>0,$T34>0,$U34>0),$P34=0),\"FONTE\",\nIF(AND($C34=\"S\",$P34<>0,OR($T34>0,$U34>0),$Q34=0),\"CÓDIGO\",\nIF(AND($C34=\"S\",$P34<>0,$Q34<>0,$R34=\"(Código não identificado nas referências)\"),\"CÓDIGO N/ID\",\nIF(AND($C34=\"S\",OR($R34=\"\",$R34=\"(digite a descrição aqui)\"),OR($Q34<>0,$T34>0,$U34>0)),\"DESCRIÇÃO\",\nIF(AND($C34=\"S\",$P34<>0,$Q34<>0,$S34=\"\"),\"UNIDADE\",\nIF(AND($C34=\"S\",$P34<>0,$Q34<>0,$U34=0),\"SEM CUSTO\",\nIF(AND(TIPOORCAMENTO=\"Licitado\",$AL34=0,$AN34>0),\"SEM PREÇO\",\nIF(AND($C34=\"S\",$P34<>0,$Q34<>0,$U34>0,$V34=0),\"BDI\",\nIF(OR(AND(TIPOORCAMENTO=\"Proposto\",$AG34<>\"\",$AG34>0,ORÇAMENTO.CustoUnitario>$AG34),AND(TIPOORCAMENTO=\"LICITADO\",ORÇAMENTO.PrecoUnitarioLicitado>$AN34)),\"ACIMA REF.\",\nIF(AND($C34=\"S\",$P34<>0,$Q34<>0,$T34=0,$U34>0),\"QUANT.\",\nIF(AND(Import.TipoArredondamento=\"TransfereGOV\",$L34=\"F\",$C34=\"S\",LEN($Q34)>13),\"Código >13\",\nIF(AND(Import.TipoArredondamento=\"TransfereGOV\",$L34=\"F\",$C34<>\"S\",LEN($R34)>100),\"Descrição >100\",\nIF(AND(Import.TipoArredondamento=\"TransfereGOV\",$L34=\"F\",$C34=\"S\",LEN($R34)>500),\"Descrição >500\",\nIF(AND(Import.TipoArredondamento=\"TransfereGOV\",$L34=\"F\",$C34=\"S\",LEFT(TRIM(UPPER($P34)),6)<>\"SINAPI\",ISNA(VLOOKUP(TRIM(UPPER($S34)),ListaTgov.Unidades,1,FALSE))),\"Unid. Não Disp\",\n\" \"))))))))))))))))","v":" "},{"$f":"IF(C34<=CRONO.NivelExibicao,MAX($AD$15:OFFSET(AD34,-1,0))+IF($C34<>1,1,MAX(1,COUNTIF(QCI!$A$13:$A$24,OFFSET($E34,-1,0)))),\"\")","v":""},{"$f":"IF(AND($C34=\"S\",ORÇAMENTO.CodBarra<>\"\"),IF(ORÇAMENTO.Fonte=\"\",ORÇAMENTO.CodBarra,CONCATENATE(ORÇAMENTO.Fonte,\" \",ORÇAMENTO.CodBarra)))","v":"SINAPI 100979"},{"$f":"IF(ISERROR(INDIRECT(ORÇAMENTO.BancoRef)),\"(abra o arquivo 'Referência \"&Excel_BuiltIn_Database&\".xlsm)\",IF(OR($C34<>\"S\",ORÇAMENTO.CodBarra=\"\"),\"(Sem Código)\",IF(ISERROR(MATCH($AE34,INDIRECT(ORÇAMENTO.BancoRef),0)),\"(Código não identificado nas referências)\",MATCH($AE34,INDIRECT(ORÇAMENTO.BancoRef),0))))","v":15335},{"$f":"ROUND(IF(DESONERACAO=\"sim\",REFERENCIA.Desonerado,REFERENCIA.NaoDesonerado),2)","v":6.65},0.23380000000000001,null,658.19,null,null,5397.16,8.1999999999999993]
["S",2,"S",0,{"$f":"IF($C35=1,OFFSET(E35,-1,0)+MAX(1,COUNTIF(QCI!$A$13:$A$24,OFFSET(ORÇAMENTO!E35,-1,0))),OFFSET(E35,-1,0))","v":1},2,0,0,11,{"$f":"IF(OR($C35=\"S\",$C35=0),0,MATCH(0,OFFSET($D35,1,$C35,ROW($C$110)-ROW($C35)),0))","v":0},{"$f":"IF(OR($C35=\"S\",$C35=0),0,MATCH(OFFSET($D35,0,$C35)+IF($C35<>1,1,COUNTIF(QCI!$A$13:$A$24,ORÇAMENTO!E35)),OFFSET($D35,1,$C35,ROW($C$110)-ROW($C35)),0))","v":0},"F","Serviço","Serviço","1.2.11.","SINAPI","95876",{"$f":"IF($C35=\"S\",REFERENCIA.Descricao,\"(digite a descrição aqui)\")","v":"TRANSPORTE COM CAMINHÃO BASCULANTE DE 14 M³, EM VIA URBANA PAVIMENTADA, DMT ATÉ 30 KM (UNIDADE: M3XKM). AF_07/2020"},{"$f":"REFERENCIA.Unidade","v":"M3XKM"},{"$f":"OFFSET(CÁLCULO!H$15,ROW($T35)-ROW(T$15),0)","v":3290.95},2.14,"BDI 1",{"$f":"IF($C35=\"S\",ROUND(IF(TIPOORCAMENTO=\"Proposto\",ORÇAMENTO.CustoUnitario*(1+$AH35),ORÇAMENTO.PrecoUnitarioLicitado),15-13*$AF$10),0)","v":2.64},{"$f":"IF($C35=\"S\",IF(OR(Import.TipoArredondamento<>\"TransfereGOV\",ACOMPANHAMENTO=\"BM\"),VTOTAL1,SUM(OFFSET(CÁLCULO!$AI$15,ROW($X35)-ROW($X$15),1):OFFSET(CÁLCULO!$BB$15,ROW($X35)-ROW($X$15),-1))),IF($C35=0,0,ROUND(SomaAgrup,15-13*$AF$11)))","v":8688.11},"RA","RA",{"$f":"IF($C35=\"S\",IF($Z35=\"CP\",$X35,IF($Z35=\"RA\",(($X35)*QCI!$AA$3),0)),SomaAgrup)","v":2709.4389554527552},0,{"$f":"IF($N35=\"\",\" \",\nIF(AND($C35<>\"S\",OR($R35=\"\",$R35=\"(digite a descrição aqui)\")),\"DESCRIÇÃO\",\nIF(AND($C35=\"S\",OR($Q35<>0,$T35>0,$U35>0),$P35=0),\"FONTE\",\nIF(AND($C35=\"S\",$P35<>0,OR($T35>0,$U35>0),$Q35=0),\"CÓDIGO\",\nIF(AND($C35=\"S\",$P35<>0,$Q35<>0,$R35=\"(Código não identificado nas referências)\"),\"CÓDIGO N/ID\",\nIF(AND($C35=\"S\",OR($R35=\"\",$R35=\"(digite a descrição aqui)\"),OR($Q35<>0,$T35>0,$U35>0)),\"DESCRIÇÃO\",\nIF(AND($C35=\"S\",$P35<>0,$Q35<>0,$S35=\"\"),\"UNIDADE\",\nIF(AND($C35=\"S\",$P35<>0,$Q35<>0,$U35=0),\"SEM CUSTO\",\nIF(AND(TIPOORCAMENTO=\"Licitado\",$AL35=0,$AN35>0),\"SEM PREÇO\",\nIF(AND($C35=\"S\",$P35<>0,$Q35<>0,$U35>0,$V35=0),\"BDI\",\nIF(OR(AND(TIPOORCAMENTO=\"Proposto\",$AG35<>\"\",$AG35>0,ORÇAMENTO.CustoUnitario>$AG35),AND(TIPOORCAMENTO=\"LICITADO\",ORÇAMENTO.PrecoUnitarioLicitado>$AN35)),\"ACIMA REF.\",\nIF(AND($C35=\"S\",$P35<>0,$Q35<>0,$T35=0,$U35>0),\"QUANT.\",\nIF(AND(Import.TipoArredondamento=\"TransfereGOV\",$L35=\"F\",$C35=\"S\",LEN($Q35)>13),\"Código >13\",\nIF(AND(Import.TipoArredondamento=\"TransfereGOV\",$L35=\"F\",$C35<>\"S\",LEN($R35)>100),\"Descrição >100\",\nIF(AND(Import.TipoArredondamento=\"TransfereGOV\",$L35=\"F\",$C35=\"S\",LEN($R35)>500),\"Descrição >500\",\nIF(AND(Import.TipoArredondamento=\"TransfereGOV\",$L35=\"F\",$C35=\"S\",LEFT(TRIM(UPPER($P35)),6)<>\"SINAPI\",ISNA(VLOOKUP(TRIM(UPPER($S35)),ListaTgov.Unidades,1,FALSE))),\"Unid. Não Disp\",\n\" \"))))))))))))))))","v":" "},{"$f":"IF(C35<=CRONO.NivelExibicao,MAX($AD$15:OFFSET(AD35,-1,0))+IF($C35<>1,1,MAX(1,COUNTIF(QCI!$A$13:$A$24,OFFSET($E35,-1,0)))),\"\")","v":""},{"$f":"IF(AND($C35=\"S\",ORÇAMENTO.CodBarra<>\"\"),IF(ORÇAMENTO.Fonte=\"\",ORÇAMENTO.CodBarra,CONCATENATE(ORÇAMENTO.Fonte,\" \",ORÇAMENTO.CodBarra)))","v":"SINAPI 95876"},{"$f":"IF(ISERROR(INDIRECT(ORÇAMENTO.BancoRef)),\"(abra o arquivo 'Referência \"&Excel_BuiltIn_Database&\".xlsm)\",IF(OR($C35<>\"S\",ORÇAMENTO.CodBarra=\"\"),\"(Sem Código)\",IF(ISERROR(MATCH($AE35,INDIRECT(ORÇAMENTO.BancoRef),0)),\"(Código não identificado nas referências)\",MATCH($AE35,INDIRECT(ORÇAMENTO.BancoRef),0))))","v":15401},{"$f":"ROUND(IF(DESONERACAO=\"sim\",REFERENCIA.Desonerado,REFERENCIA.NaoDesonerado),2)","v":2.14},0.23380000000000001,null,{"$f":"AJ34*5","v":3290.9500000000003},null,null,8688.11,2.64]
[{"$f":"CHOOSE(1+LOG(1+2*(ORÇAMENTO.Nivel=\"Meta\")+4*(ORÇAMENTO.Nivel=\"Nível 2\")+8*(ORÇAMENTO.Nivel=\"Nível 3\")+16*(ORÇAMENTO.Nivel=\"Nível 4\")+32*(ORÇAMENTO.Nivel=\"Serviço\"),2),0,1,2,3,4,\"S\")","v":2},{"$f":"IF(OR(C36=\"s\",C36=0),OFFSET(B36,-1,0),C36)","v":2},{"$f":"IF(OFFSET(C36,-1,0)=\"L\",1,IF(OFFSET(C36,-1,0)=1,2,IF(OR(A36=\"s\",A36=0),\"S\",IF(AND(OFFSET(C36,-1,0)=2,A36=4),3,IF(AND(OR(OFFSET(C36,-1,0)=\"s\",OFFSET(C36,-1,0)=0),A36<>\"s\",A36>OFFSET(B36,-1,0)),OFFSET(B36,-1,0),A36)))))","v":2},{"$f":"IF(OR(C36=\"S\",C36=0),0,IF(ISERROR(K36),J36,SMALL(J36:K36,1)))","v":14},{"$f":"IF($C36=1,OFFSET(E36,-1,0)+MAX(1,COUNTIF(QCI!$A$13:$A$24,OFFSET(ORÇAMENTO!E36,-1,0))),OFFSET(E36,-1,0))","v":1},{"$f":"IF($C36=1,0,IF($C36=2,OFFSET(F36,-1,0)+1,OFFSET(F36,-1,0)))","v":3},{"$f":"IF(AND($C36<=2,$C36<>0),0,IF($C36=3,OFFSET(G36,-1,0)+1,OFFSET(G36,-1,0)))","v":0},{"$f":"IF(AND($C36<=3,$C36<>0),0,IF($C36=4,OFFSET(H36,-1,0)+1,OFFSET(H36,-1,0)))","v":0},{"$f":"IF(AND($C36<=4,$C36<>0),0,IF(AND($C36=\"S\",$X36>0),OFFSET(I36,-1,0)+1,OFFSET(I36,-1,0)))","v":0},{"$f":"IF(OR($C36=\"S\",$C36=0),0,MATCH(0,OFFSET($D36,1,$C36,ROW($C$110)-ROW($C36)),0))","v":74},{"$f":"IF(OR($C36=\"S\",$C36=0),0,MATCH(OFFSET($D36,0,$C36)+IF($C36<>1,1,COUNTIF(QCI!$A$13:$A$24,ORÇAMENTO!E36)),OFFSET($D36,1,$C36,ROW($C$110)-ROW($C36)),0))","v":14},{"$f":"IF(OR($X36>0,$C36=1,$C36=2,$C36=3,$C36=4),\"F\",\"\")","v":"F"},"Nível 2",{"$f":"CHOOSE(1+LOG(1+2*(C36=1)+4*(C36=2)+8*(C36=3)+16*(C36=4)+32*(C36=\"S\"),2),\"\",\"Meta\",\"Nível 2\",\"Nível 3\",\"Nível 4\",\"Serviço\")","v":"Nível 2"},{"$f":"IF(OR($C36=0,$L36=\"\"),\"-\",CONCATENATE(E36&\".\",IF(AND($A$5>=2,$C36>=2),F36&\".\",\"\"),IF(AND($A$5>=3,$C36>=3),G36&\".\",\"\"),IF(AND($A$5>=4,$C36>=4),H36&\".\",\"\"),IF($C36=\"S\",I36&\".\",\"\")))","v":"1.3."},"SINAPI",null,"DRENAGEM - DISPOSITIVOS ESTRUTURAIS",{"$f":"REFERENCIA.Unidade","v":"-"},{"$f":"OFFSET(CÁLCULO!H$15,ROW($T36)-ROW(T$15),0)","v":0},null,"BDI 1",{"$f":"IF($C36=\"S\",ROUND(IF(TIPOORCAMENTO=\"Proposto\",ORÇAMENTO.CustoUnitario*(1+$AH36),ORÇAMENTO.PrecoUnitarioLicitado),15-13*$AF$10),0)","v":0},{"$f":"IF($C36=\"S\",IF(OR(Import.TipoArredondamento<>\"TransfereGOV\",ACOMPANHAMENTO=\"BM\"),VTOTAL1,SUM(OFFSET(CÁLCULO!$AI$15,ROW($X36)-ROW($X$15),1):OFFSET(CÁLCULO!$BB$15,ROW($X36)-ROW($X$15),-1))),IF($C36=0,0,ROUND(SomaAgrup,15-13*$AF$11)))","v":655047.62},"RA",{"$f":"IF(AND($C36=\"S\",$X36>0),IF(ISBLANK($Y36),\"RA\",LEFT($Y36,2)),\"\")","v":""},{"$f":"IF($C36=\"S\",IF($Z36=\"CP\",$X36,IF($Z36=\"RA\",(($X36)*QCI!$AA$3),0)),SomaAgrup)","v":204280.50972013621},{"$f":"IF($C36=\"S\",IF($Z36=\"OU\",ROUND($X36,2),0),SomaAgrup)","v":0},{"$f":"IF($N36=\"\",\" \",\nIF(AND($C36<>\"S\",OR($R36=\"\",$R36=\"(digite a descrição aqui)\")),\"DESCRIÇÃO\",\nIF(AND($C36=\"S\",OR($Q36<>0,$T36>0,$U36>0),$P36=0),\"FONTE\",\nIF(AND($C36=\"S\",$P36<>0,OR($T36>0,$U36>0),$Q36=0),\"CÓDIGO\",\nIF(AND($C36=\"S\",$P36<>0,$Q36<>0,$R36=\"(Código não identificado nas referências)\"),\"CÓDIGO N/ID\",\nIF(AND($C36=\"S\",OR($R36=\"\",$R36=\"(digite a descrição aqui)\"),OR($Q36<>0,$T36>0,$U36>0)),\"DESCRIÇÃO\",\nIF(AND($C36=\"S\",$P36<>0,$Q36<>0,$S36=\"\"),\"UNIDADE\",\nIF(AND($C36=\"S\",$P36<>0,$Q36<>0,$U36=0),\"SEM CUSTO\",\nIF(AND(TIPOORCAMENTO=\"Licitado\",$AL36=0,$AN36>0),\"SEM PREÇO\",\nIF(AND($C36=\"S\",$P36<>0,$Q36<>0,$U36>0,$V36=0),\"BDI\",\nIF(OR(AND(TIPOORCAMENTO=\"Proposto\",$AG36<>\"\",$AG36>0,ORÇAMENTO.CustoUnitario>$AG36),AND(TIPOORCAMENTO=\"LICITADO\",ORÇAMENTO.PrecoUnitarioLicitado>$AN36)),\"ACIMA REF.\",\nIF(AND($C36=\"S\",$P36<>0,$Q36<>0,$T36=0,$U36>0),\"QUANT.\",\nIF(AND(Import.TipoArredondamento=\"TransfereGOV\",$L36=\"F\",$C36=\"S\",LEN($Q36)>13),\"Código >13\",\nIF(AND(Import.TipoArredondamento=\"TransfereGOV\",$L36=\"F\",$C36<>\"S\",LEN($R36)>100),\"Descrição >100\",\nIF(AND(Import.TipoArredondamento=\"TransfereGOV\",$L36=\"F\",$C36=\"S\",LEN($R36)>500),\"Descrição >500\",\nIF(AND(Import.TipoArredondamento=\"TransfereGOV\",$L36=\"F\",$C36=\"S\",LEFT(TRIM(UPPER($P36)),6)<>\"SINAPI\",ISNA(VLOOKUP(TRIM(UPPER($S36)),ListaTgov.Unidades,1,FALSE))),\"Unid. Não Disp\",\n\" \"))))))))))))))))","v":" "},{"$f":"IF(C36<=CRONO.NivelExibicao,MAX($AD$15:OFFSET(AD36,-1,0))+IF($C36<>1,1,MAX(1,COUNTIF(QCI!$A$13:$A$24,OFFSET($E36,-1,0)))),\"\")","v":4},{"$f":"IF(AND($C36=\"S\",ORÇAMENTO.CodBarra<>\"\"),IF(ORÇAMENTO.Fonte=\"\",ORÇAMENTO.CodBarra,CONCATENATE(ORÇAMENTO.Fonte,\" \",ORÇAMENTO.CodBarra)))","v":false},{"$f":"IF(ISERROR(INDIRECT(ORÇAMENTO.BancoRef)),\"(abra o arquivo 'Referência \"&Excel_BuiltIn_Database&\".xlsm)\",IF(OR($C36<>\"S\",ORÇAMENTO.CodBarra=\"\"),\"(Sem Código)\",IF(ISERROR(MATCH($AE36,INDIRECT(ORÇAMENTO.BancoRef),0)),\"(Código não identificado nas referências)\",MATCH($AE36,INDIRECT(ORÇAMENTO.BancoRef),0))))","v":"(Sem Código)"},{"$f":"ROUND(IF(DESONERACAO=\"sim\",REFERENCIA.Desonerado,REFERENCIA.NaoDesonerado),2)","v":0},{"$f":"ROUND(IF(ISNUMBER(ORÇAMENTO.OpcaoBDI),ORÇAMENTO.OpcaoBDI,IF(LEFT(ORÇAMENTO.OpcaoBDI,3)=\"BDI\",HLOOKUP(ORÇAMENTO.OpcaoBDI,$F$4:$H$5,2,FALSE),0)),15-11*$AF$9)","v":0.23380000000000001},null,null,null,null,655047.62,{"$f":"ROUND(ORÇAMENTO.CustoUnitario*(1+$AH36),2)","v":0}]
["S",2,"S",0,{"$f":"IF($C37=1,OFFSET(E37,-1,0)+MAX(1,COUNTIF(QCI!$A$13:$A$24,OFFSET(ORÇAMENTO!E37,-1,0))),OFFSET(E37,-1,0))","v":1},3,0,0,1,{"$f":"IF(OR($C37=\"S\",$C37=0),0,MATCH(0,OFFSET($D37,1,$C37,ROW($C$110)-ROW($C37)),0))","v":0},{"$f":"IF(OR($C37=\"S\",$C37=0),0,MATCH(OFFSET($D37,0,$C37)+IF($C37<>1,1,COUNTIF(QCI!$A$13:$A$24,ORÇAMENTO!E37)),OFFSET($D37,1,$C37,ROW($C$110)-ROW($C37)),0))","v":0},"F","Serviço","Serviço","1.3.1.","SINAPI","92210",{"$f":"IF($C37=\"S\",REFERENCIA.Descricao,\"(digite a descrição aqui)\")","v":"TUBO DE CONCRETO PARA REDES COLETORAS DE ÁGUAS PLUVIAIS, DIÂMETRO DE 400 MM, JUNTA RÍGIDA, INSTALADO EM LOCAL COM BAIXO NÍVEL DE INTERFERÊNCIAS - FORNECIMENTO E ASSENTAMENTO. AF_03/2024"},{"$f":"REFERENCIA.Unidade","v":"M"},{"$f":"OFFSET(CÁLCULO!H$15,ROW($T37)-ROW(T$15),0)","v":196},158.69999999999999,"BDI 1",{"$f":"IF($C37=\"S\",ROUND(IF(TIPOORCAMENTO=\"Proposto\",ORÇAMENTO.CustoUnitario*(1+$AH37),ORÇAMENTO.PrecoUnitarioLicitado),15-13*$AF$10),0)","v":195.8},{"$f":"IF($C37=\"S\",IF(OR(Import.TipoArredondamento<>\"TransfereGOV\",ACOMPANHAMENTO=\"BM\"),VTOTAL1,SUM(OFFSET(CÁLCULO!$AI$15,ROW($X37)-ROW($X$15),1):OFFSET(CÁLCULO!$BB$15,ROW($X37)-ROW($X$15),-1))),IF($C37=0,0,ROUND(SomaAgrup,15-13*$AF$11)))","v":38376.800000000003},"RA","RA",{"$f":"IF($C37=\"S\",IF($Z37=\"CP\",$X37,IF($Z37=\"RA\",(($X37)*QCI!$AA$3),0)),SomaAgrup)","v":11968.034118538933},0,{"$f":"IF($N37=\"\",\" \",\nIF(AND($C37<>\"S\",OR($R37=\"\",$R37=\"(digite a descrição aqui)\")),\"DESCRIÇÃO\",\nIF(AND($C37=\"S\",OR($Q37<>0,$T37>0,$U37>0),$P37=0),\"FONTE\",\nIF(AND($C37=\"S\",$P37<>0,OR($T37>0,$U37>0),$Q37=0),\"CÓDIGO\",\nIF(AND($C37=\"S\",$P37<>0,$Q37<>0,$R37=\"(Código não identificado nas referências)\"),\"CÓDIGO N/ID\",\nIF(AND($C37=\"S\",OR($R37=\"\",$R37=\"(digite a descrição aqui)\"),OR($Q37<>0,$T37>0,$U37>0)),\"DESCRIÇÃO\",\nIF(AND($C37=\"S\",$P37<>0,$Q37<>0,$S37=\"\"),\"UNIDADE\",\nIF(AND($C37=\"S\",$P37<>0,$Q37<>0,$U37=0),\"SEM CUSTO\",\nIF(AND(TIPOORCAMENTO=\"Licitado\",$AL37=0,$AN37>0),\"SEM PREÇO\",\nIF(AND($C37=\"S\",$P37<>0,$Q37<>0,$U37>0,$V37=0),\"BDI\",\nIF(OR(AND(TIPOORCAMENTO=\"Proposto\",$AG37<>\"\",$AG37>0,ORÇAMENTO.CustoUnitario>$AG37),AND(TIPOORCAMENTO=\"LICITADO\",ORÇAMENTO.PrecoUnitarioLicitado>$AN37)),\"ACIMA REF.\",\nIF(AND($C37=\"S\",$P37<>0,$Q37<>0,$T37=0,$U37>0),\"QUANT.\",\nIF(AND(Import.TipoArredondamento=\"TransfereGOV\",$L37=\"F\",$C37=\"S\",LEN($Q37)>13),\"Código >13\",\nIF(AND(Import.TipoArredondamento=\"TransfereGOV\",$L37=\"F\",$C37<>\"S\",LEN($R37)>100),\"Descrição >100\",\nIF(AND(Import.TipoArredondamento=\"TransfereGOV\",$L37=\"F\",$C37=\"S\",LEN($R37)>500),\"Descrição >500\",\nIF(AND(Import.TipoArredondamento=\"TransfereGOV\",$L37=\"F\",$C37=\"S\",LEFT(TRIM(UPPER($P37)),6)<>\"SINAPI\",ISNA(VLOOKUP(TRIM(UPPER($S37)),ListaTgov.Unidades,1,FALSE))),\"Unid. Não Disp\",\n\" \"))))))))))))))))","v":" "},{"$f":"IF(C37<=CRONO.NivelExibicao,MAX($AD$15:OFFSET(AD37,-1,0))+IF($C37<>1,1,MAX(1,COUNTIF(QCI!$A$13:$A$24,OFFSET($E37,-1,0)))),\"\")","v":""},{"$f":"IF(AND($C37=\"S\",ORÇAMENTO.CodBarra<>\"\"),IF(ORÇAMENTO.Fonte=\"\",ORÇAMENTO.CodBarra,CONCATENATE(ORÇAMENTO.Fonte,\" \",ORÇAMENTO.CodBarra)))","v":"SINAPI 92210"},{"$f":"IF(ISERROR(INDIRECT(ORÇAMENTO.BancoRef)),\"(abra o arquivo 'Referência \"&Excel_BuiltIn_Database&\".xlsm)\",IF(OR($C37<>\"S\",ORÇAMENTO.CodBarra=\"\"),\"(Sem Código)\",IF(ISERROR(MATCH($AE37,INDIRECT(ORÇAMENTO.BancoRef),0)),\"(Código não identificado nas referências)\",MATCH($AE37,INDIRECT(ORÇAMENTO.BancoRef),0))))","v":6730},{"$f":"ROUND(IF(DESONERACAO=\"sim\",REFERENCIA.Desonerado,REFERENCIA.NaoDesonerado),2)","v":158.69999999999999},0.23380000000000001,null,196,null,null,38376.800000000003,195.8]
["S",2,"S",0,{"$f":"IF($C38=1,OFFSET(E38,-1,0)+MAX(1,COUNTIF(QCI!$A$13:$A$24,OFFSET(ORÇAMENTO!E38,-1,0))),OFFSET(E38,-1,0))","v":1},3,0,0,2,{"$f":"IF(OR($C38=\"S\",$C38=0),0,MATCH(0,OFFSET($D38,1,$C38,ROW($C$110)-ROW($C38)),0))","v":0},{"$f":"IF(OR($C38=\"S\",$C38=0),0,MATCH(OFFSET($D38,0,$C38)+IF($C38<>1,1,COUNTIF(QCI!$A$13:$A$24,ORÇAMENTO!E38)),OFFSET($D38,1,$C38,ROW($C$110)-ROW($C38)),0))","v":0},"F","Serviço","Serviço","1.3.2.","SINAPI","92214",{"$f":"IF($C38=\"S\",REFERENCIA.Descricao,\"(digite a descrição aqui)\")","v":"TUBO DE CONCRETO PARA REDES COLETORAS DE ÁGUAS PLUVIAIS, DIÂMETRO DE 800 MM, JUNTA RÍGIDA, INSTALADO EM LOCAL COM BAIXO NÍVEL DE INTERFERÊNCIAS - FORNECIMENTO E ASSENTAMENTO. AF_03/2024"},{"$f":"REFERENCIA.Unidade","v":"M"},{"$f":"OFFSET(CÁLCULO!H$15,ROW($T38)-ROW(T$15),0)","v":69.3},477.56,"BDI 1",{"$f":"IF($C38=\"S\",ROUND(IF(TIPOORCAMENTO=\"Proposto\",ORÇAMENTO.CustoUnitario*(1+$AH38),ORÇAMENTO.PrecoUnitarioLicitado),15-13*$AF$10),0)","v":589.21},{"$f":"IF($C38=\"S\",IF(OR(Import.TipoArredondamento<>\"TransfereGOV\",ACOMPANHAMENTO=\"BM\"),VTOTAL1,SUM(OFFSET(CÁLCULO!$AI$15,ROW($X38)-ROW($X$15),1):OFFSET(CÁLCULO!$BB$15,ROW($X38)-ROW($X$15),-1))),IF($C38=0,0,ROUND(SomaAgrup,15-13*$AF$11)))","v":40832.25},"RA","RA",{"$f":"IF($C38=\"S\",IF($Z38=\"CP\",$X38,IF($Z38=\"RA\",(($X38)*QCI!$AA$3),0)),SomaAgrup)","v":12733.78085553541},0,{"$f":"IF($N38=\"\",\" \",\nIF(AND($C38<>\"S\",OR($R38=\"\",$R38=\"(digite a descrição aqui)\")),\"DESCRIÇÃO\",\nIF(AND($C38=\"S\",OR($Q38<>0,$T38>0,$U38>0),$P38=0),\"FONTE\",\nIF(AND($C38=\"S\",$P38<>0,OR($T38>0,$U38>0),$Q38=0),\"CÓDIGO\",\nIF(AND($C38=\"S\",$P38<>0,$Q38<>0,$R38=\"(Código não identificado nas referências)\"),\"CÓDIGO N/ID\",\nIF(AND($C38=\"S\",OR($R38=\"\",$R38=\"(digite a descrição aqui)\"),OR($Q38<>0,$T38>0,$U38>0)),\"DESCRIÇÃO\",\nIF(AND($C38=\"S\",$P38<>0,$Q38<>0,$S38=\"\"),\"UNIDADE\",\nIF(AND($C38=\"S\",$P38<>0,$Q38<>0,$U38=0),\"SEM CUSTO\",\nIF(AND(TIPOORCAMENTO=\"Licitado\",$AL38=0,$AN38>0),\"SEM PREÇO\",\nIF(AND($C38=\"S\",$P38<>0,$Q38<>0,$U38>0,$V38=0),\"BDI\",\nIF(OR(AND(TIPOORCAMENTO=\"Proposto\",$AG38<>\"\",$AG38>0,ORÇAMENTO.CustoUnitario>$AG38),AND(TIPOORCAMENTO=\"LICITADO\",ORÇAMENTO.PrecoUnitarioLicitado>$AN38)),\"ACIMA REF.\",\nIF(AND($C38=\"S\",$P38<>0,$Q38<>0,$T38=0,$U38>0),\"QUANT.\",\nIF(AND(Import.TipoArredondamento=\"TransfereGOV\",$L38=\"F\",$C38=\"S\",LEN($Q38)>13),\"Código >13\",\nIF(AND(Import.TipoArredondamento=\"TransfereGOV\",$L38=\"F\",$C38<>\"S\",LEN($R38)>100),\"Descrição >100\",\nIF(AND(Import.TipoArredondamento=\"TransfereGOV\",$L38=\"F\",$C38=\"S\",LEN($R38)>500),\"Descrição >500\",\nIF(AND(Import.TipoArredondamento=\"TransfereGOV\",$L38=\"F\",$C38=\"S\",LEFT(TRIM(UPPER($P38)),6)<>\"SINAPI\",ISNA(VLOOKUP(TRIM(UPPER($S38)),ListaTgov.Unidades,1,FALSE))),\"Unid. Não Disp\",\n\" \"))))))))))))))))","v":" "},{"$f":"IF(C38<=CRONO.NivelExibicao,MAX($AD$15:OFFSET(AD38,-1,0))+IF($C38<>1,1,MAX(1,COUNTIF(QCI!$A$13:$A$24,OFFSET($E38,-1,0)))),\"\")","v":""},{"$f":"IF(AND($C38=\"S\",ORÇAMENTO.CodBarra<>\"\"),IF(ORÇAMENTO.Fonte=\"\",ORÇAMENTO.CodBarra,CONCATENATE(ORÇAMENTO.Fonte,\" \",ORÇAMENTO.CodBarra)))","v":"SINAPI 92214"},{"$f":"IF(ISERROR(INDIRECT(ORÇAMENTO.BancoRef)),\"(abra o arquivo 'Referência \"&Excel_BuiltIn_Database&\".xlsm)\",IF(OR($C38<>\"S\",ORÇAMENTO.CodBarra=\"\"),\"(Sem Código)\",IF(ISERROR(MATCH($AE38,INDIRECT(ORÇAMENTO.BancoRef),0)),\"(Código não identificado nas referências)\",MATCH($AE38,INDIRECT(ORÇAMENTO.BancoRef),0))))","v":6738},{"$f":"ROUND(IF(DESONERACAO=\"sim\",REFERENCIA.Desonerado,REFERENCIA.NaoDesonerado),2)","v":477.56},0.23380000000000001,null,69.3,null,null,40832.25,589.21]
[{"$f":"CHOOSE(1+LOG(1+2*(ORÇAMENTO.Nivel=\"Meta\")+4*(ORÇAMENTO.Nivel=\"Nível 2\")+8*(ORÇAMENTO.Nivel=\"Nível 3\")+16*(ORÇAMENTO.Nivel=\"Nível 4\")+32*(ORÇAMENTO.Nivel=\"Serviço\"),2),0,1,2,3,4,\"S\")","v":"S"},{"$f":"IF(OR(C39=\"s\",C39=0),OFFSET(B39,-1,0),C39)","v":2},{"$f":"IF(OFFSET(C39,-1,0)=\"L\",1,IF(OFFSET(C39,-1,0)=1,2,IF(OR(A39=\"s\",A39=0),\"S\",IF(AND(OFFSET(C39,-1,0)=2,A39=4),3,IF(AND(OR(OFFSET(C39,-1,0)=\"s\",OFFSET(C39,-1,0)=0),A39<>\"s\",A39>OFFSET(B39,-1,0)),OFFSET(B39,-1,0),A39)))))","v":"S"},{"$f":"IF(OR(C39=\"S\",C39=0),0,IF(ISERROR(K39),J39,SMALL(J39:K39,1)))","v":0},{"$f":"IF($C39=1,OFFSET(E39,-1,0)+MAX(1,COUNTIF(QCI!$A$13:$A$24,OFFSET(ORÇAMENTO!E39,-1,0))),OFFSET(E39,-1,0))","v":1},{"$f":"IF($C39=1,0,IF($C39=2,OFFSET(F39,-1,0)+1,OFFSET(F39,-1,0)))","v":3},{"$f":"IF(AND($C39<=2,$C39<>0),0,IF($C39=3,OFFSET(G39,-1,0)+1,OFFSET(G39,-1,0)))","v":0},{"$f":"IF(AND($C39<=3,$C39<>0),0,IF($C39=4,OFFSET(H39,-1,0)+1,OFFSET(H39,-1,0)))","v":0},{"$f":"IF(AND($C39<=4,$C39<>0),0,IF(AND($C39=\"S\",$X39>0),OFFSET(I39,-1,0)+1,OFFSET(I39,-1,0)))","v":3},{"$f":"IF(OR($C39=\"S\",$C39=0),0,MATCH(0,OFFSET($D39,1,$C39,ROW($C$110)-ROW($C39)),0))","v":0},{"$f":"IF(OR($C39=\"S\",$C39=0),0,MATCH(OFFSET($D39,0,$C39)+IF($C39<>1,1,COUNTIF(QCI!$A$13:$A$24,ORÇAMENTO!E39)),OFFSET($D39,1,$C39,ROW($C$110)-ROW($C39)),0))","v":0},{"$f":"IF(OR($X39>0,$C39=1,$C39=2,$C39=3,$C39=4),\"F\",\"\")","v":"F"},"Serviço",{"$f":"CHOOSE(1+LOG(1+2*(C39=1)+4*(C39=2)+8*(C39=3)+16*(C39=4)+32*(C39=\"S\"),2),\"\",\"Meta\",\"Nível 2\",\"Nível 3\",\"Nível 4\",\"Serviço\")","v":"Serviço"},{"$f":"IF(OR($C39=0,$L39=\"\"),\"-\",CONCATENATE(E39&\".\",IF(AND($A$5>=2,$C39>=2),F39&\".\",\"\"),IF(AND($A$5>=3,$C39>=3),G39&\".\",\"\"),IF(AND($A$5>=4,$C39>=4),H39&\".\",\"\"),IF($C39=\"S\",I39&\".\",\"\")))","v":"1.3.3."},"SINAPI","92216",{"$f":"IF($C39=\"S\",REFERENCIA.Descricao,\"(digite a descrição aqui)\")","v":"TUBO DE CONCRETO PARA REDES COLETORAS DE ÁGUAS PLUVIAIS, DIÂMETRO DE 1000 MM, JUNTA RÍGIDA, INSTALADO EM LOCAL COM BAIXO NÍVEL DE INTERFERÊNCIAS - FORNECIMENTO E ASSENTAMENTO. AF_03/2024"},{"$f":"REFERENCIA.Unidade","v":"M"},{"$f":"OFFSET(CÁLCULO!H$15,ROW($T39)-ROW(T$15),0)","v":496.68},568.58000000000004,"BDI 1",{"$f":"IF($C39=\"S\",ROUND(IF(TIPOORCAMENTO=\"Proposto\",ORÇAMENTO.CustoUnitario*(1+$AH39),ORÇAMENTO.PrecoUnitarioLicitado),15-13*$AF$10),0)","v":701.51},{"$f":"IF($C39=\"S\",IF(OR(Import.TipoArredondamento<>\"TransfereGOV\",ACOMPANHAMENTO=\"BM\"),VTOTAL1,SUM(OFFSET(CÁLCULO!$AI$15,ROW($X39)-ROW($X$15),1):OFFSET(CÁLCULO!$BB$15,ROW($X39)-ROW($X$15),-1))),IF($C39=0,0,ROUND(SomaAgrup,15-13*$AF$11)))","v":348425.99},"RA",{"$f":"IF(AND($C39=\"S\",$X39>0),IF(ISBLANK($Y39),\"RA\",LEFT($Y39,2)),\"\")","v":"RA"},{"$f":"IF($C39=\"S\",IF($Z39=\"CP\",$X39,IF($Z39=\"RA\",(($X39)*QCI!$AA$3),0)),SomaAgrup)","v":108658.72444043549},{"$f":"IF($C39=\"S\",IF($Z39=\"OU\",ROUND($X39,2),0),SomaAgrup)","v":0},{"$f":"IF($N39=\"\",\" \",\nIF(AND($C39<>\"S\",OR($R39=\"\",$R39=\"(digite a descrição aqui)\")),\"DESCRIÇÃO\",\nIF(AND($C39=\"S\",OR($Q39<>0,$T39>0,$U39>0),$P39=0),\"FONTE\",\nIF(AND($C39=\"S\",$P39<>0,OR($T39>0,$U39>0),$Q39=0),\"CÓDIGO\",\nIF(AND($C39=\"S\",$P39<>0,$Q39<>0,$R39=\"(Código não identificado nas referências)\"),\"CÓDIGO N/ID\",\nIF(AND($C39=\"S\",OR($R39=\"\",$R39=\"(digite a descrição aqui)\"),OR($Q39<>0,$T39>0,$U39>0)),\"DESCRIÇÃO\",\nIF(AND($C39=\"S\",$P39<>0,$Q39<>0,$S39=\"\"),\"UNIDADE\",\nIF(AND($C39=\"S\",$P39<>0,$Q39<>0,$U39=0),\"SEM CUSTO\",\nIF(AND(TIPOORCAMENTO=\"Licitado\",$AL39=0,$AN39>0),\"SEM PREÇO\",\nIF(AND($C39=\"S\",$P39<>0,$Q39<>0,$U39>0,$V39=0),\"BDI\",\nIF(OR(AND(TIPOORCAMENTO=\"Proposto\",$AG39<>\"\",$AG39>0,ORÇAMENTO.CustoUnitario>$AG39),AND(TIPOORCAMENTO=\"LICITADO\",ORÇAMENTO.PrecoUnitarioLicitado>$AN39)),\"ACIMA REF.\",\nIF(AND($C39=\"S\",$P39<>0,$Q39<>0,$T39=0,$U39>0),\"QUANT.\",\nIF(AND(Import.TipoArredondamento=\"TransfereGOV\",$L39=\"F\",$C39=\"S\",LEN($Q39)>13),\"Código >13\",\nIF(AND(Import.TipoArredondamento=\"TransfereGOV\",$L39=\"F\",$C39<>\"S\",LEN($R39)>100),\"Descrição >100\",\nIF(AND(Import.TipoArredondamento=\"TransfereGOV\",$L39=\"F\",$C39=\"S\",LEN($R39)>500),\"Descrição >500\",\nIF(AND(Import.TipoArredondamento=\"TransfereGOV\",$L39=\"F\",$C39=\"S\",LEFT(TRIM(UPPER($P39)),6)<>\"SINAPI\",ISNA(VLOOKUP(TRIM(UPPER($S39)),ListaTgov.Unidades,1,FALSE))),\"Unid. Não Disp\",\n\" \"))))))))))))))))","v":" "},{"$f":"IF(C39<=CRONO.NivelExibicao,MAX($AD$15:OFFSET(AD39,-1,0))+IF($C39<>1,1,MAX(1,COUNTIF(QCI!$A$13:$A$24,OFFSET($E39,-1,0)))),\"\")","v":""},{"$f":"IF(AND($C39=\"S\",ORÇAMENTO.CodBarra<>\"\"),IF(ORÇAMENTO.Fonte=\"\",ORÇAMENTO.CodBarra,CONCATENATE(ORÇAMENTO.Fonte,\" \",ORÇAMENTO.CodBarra)))","v":"SINAPI 92216"},{"$f":"IF(ISERROR(INDIRECT(ORÇAMENTO.BancoRef)),\"(abra o arquivo 'Referência \"&Excel_BuiltIn_Database&\".xlsm)\",IF(OR($C39<>\"S\",ORÇAMENTO.CodBarra=\"\"),\"(Sem Código)\",IF(ISERROR(MATCH($AE39,INDIRECT(ORÇAMENTO.BancoRef),0)),\"(Código não identificado nas referências)\",MATCH($AE39,INDIRECT(ORÇAMENTO.BancoRef),0))))","v":6722},{"$f":"ROUND(IF(DESONERACAO=\"sim\",REFERENCIA.Desonerado,REFERENCIA.NaoDesonerado),2)","v":568.58000000000004},{"$f":"ROUND(IF(ISNUMBER(ORÇAMENTO.OpcaoBDI),ORÇAMENTO.OpcaoBDI,IF(LEFT(ORÇAMENTO.OpcaoBDI,3)=\"BDI\",HLOOKUP(ORÇAMENTO.OpcaoBDI,$F$4:$H$5,2,FALSE),0)),15-11*$AF$9)","v":0.23380000000000001},null,496.67999999999995,null,null,348425.99,{"$f":"ROUND(ORÇAMENTO.CustoUnitario*(1+$AH39),2)","v":701.51}]
["S",2,"S",0,{"$f":"IF($C40=1,OFFSET(E40,-1,0)+MAX(1,COUNTIF(QCI!$A$13:$A$24,OFFSET(ORÇAMENTO!E40,-1,0))),OFFSET(E40,-1,0))","v":1},3,0,0,4,{"$f":"IF(OR($C40=\"S\",$C40=0),0,MATCH(0,OFFSET($D40,1,$C40,ROW($C$110)-ROW($C40)),0))","v":0},{"$f":"IF(OR($C40=\"S\",$C40=0),0,MATCH(OFFSET($D40,0,$C40)+IF($C40<>1,1,COUNTIF(QCI!$A$13:$A$24,ORÇAMENTO!E40)),OFFSET($D40,1,$C40,ROW($C$110)-ROW($C40)),0))","v":0},"F","Serviço","Serviço","1.3.4.","SINAPI","100952",{"$f":"IF($C40=\"S\",REFERENCIA.Descricao,\"(digite a descrição aqui)\")","v":"TRANSPORTE COM CAMINHÃO CARROCERIA COM GUINDAUTO (MUNCK), MOMENTO MÁXIMO DE CARGA 11,7 TM, EM VIA URBANA PAVIMENTADA, DMT ATÉ 30KM (UNIDADE: TXKM). AF_07/2020"},{"$f":"REFERENCIA.Unidade","v":"TXKM"},{"$f":"OFFSET(CÁLCULO!H$15,ROW($T40)-ROW(T$15),0)","v":15391.5},2.82,"BDI 1",{"$f":"IF($C40=\"S\",ROUND(IF(TIPOORCAMENTO=\"Proposto\",ORÇAMENTO.CustoUnitario*(1+$AH40),ORÇAMENTO.PrecoUnitarioLicitado),15-13*$AF$10),0)","v":3.48},{"$f":"IF($C40=\"S\",IF(OR(Import.TipoArredondamento<>\"TransfereGOV\",ACOMPANHAMENTO=\"BM\"),VTOTAL1,SUM(OFFSET(CÁLCULO!$AI$15,ROW($X40)-ROW($X$15),1):OFFSET(CÁLCULO!$BB$15,ROW($X40)-ROW($X$15),-1))),IF($C40=0,0,ROUND(SomaAgrup,15-13*$AF$11)))","v":53562.42},"RA","RA",{"$f":"IF($C40=\"S\",IF($Z40=\"CP\",$X40,IF($Z40=\"RA\",(($X40)*QCI!$AA$3),0)),SomaAgrup)","v":16703.760345612765},0,{"$f":"IF($N40=\"\",\" \",\nIF(AND($C40<>\"S\",OR($R40=\"\",$R40=\"(digite a descrição aqui)\")),\"DESCRIÇÃO\",\nIF(AND($C40=\"S\",OR($Q40<>0,$T40>0,$U40>0),$P40=0),\"FONTE\",\nIF(AND($C40=\"S\",$P40<>0,OR($T40>0,$U40>0),$Q40=0),\"CÓDIGO\",\nIF(AND($C40=\"S\",$P40<>0,$Q40<>0,$R40=\"(Código não identificado nas referências)\"),\"CÓDIGO N/ID\",\nIF(AND($C40=\"S\",OR($R40=\"\",$R40=\"(digite a descrição aqui)\"),OR($Q40<>0,$T40>0,$U40>0)),\"DESCRIÇÃO\",\nIF(AND($C40=\"S\",$P40<>0,$Q40<>0,$S40=\"\"),\"UNIDADE\",\nIF(AND($C40=\"S\",$P40<>0,$Q40<>0,$U40=0),\"SEM CUSTO\",\nIF(AND(TIPOORCAMENTO=\"Licitado\",$AL40=0,$AN40>0),\"SEM PREÇO\",\nIF(AND($C40=\"S\",$P40<>0,$Q40<>0,$U40>0,$V40=0),\"BDI\",\nIF(OR(AND(TIPOORCAMENTO=\"Proposto\",$AG40<>\"\",$AG40>0,ORÇAMENTO.CustoUnitario>$AG40),AND(TIPOORCAMENTO=\"LICITADO\",ORÇAMENTO.PrecoUnitarioLicitado>$AN40)),\"ACIMA REF.\",\nIF(AND($C40=\"S\",$P40<>0,$Q40<>0,$T40=0,$U40>0),\"QUANT.\",\nIF(AND(Import.TipoArredondamento=\"TransfereGOV\",$L40=\"F\",$C40=\"S\",LEN($Q40)>13),\"Código >13\",\nIF(AND(Import.TipoArredondamento=\"TransfereGOV\",$L40=\"F\",$C40<>\"S\",LEN($R40)>100),\"Descrição >100\",\nIF(AND(Import.TipoArredondamento=\"TransfereGOV\",$L40=\"F\",$C40=\"S\",LEN($R40)>500),\"Descrição >500\",\nIF(AND(Import.TipoArredondamento=\"TransfereGOV\",$L40=\"F\",$C40=\"S\",LEFT(TRIM(UPPER($P40)),6)<>\"SINAPI\",ISNA(VLOOKUP(TRIM(UPPER($S40)),ListaTgov.Unidades,1,FALSE))),\"Unid. Não Disp\",\n\" \"))))))))))))))))","v":" "},{"$f":"IF(C40<=CRONO.NivelExibicao,MAX($AD$15:OFFSET(AD40,-1,0))+IF($C40<>1,1,MAX(1,COUNTIF(QCI!$A$13:$A$24,OFFSET($E40,-1,0)))),\"\")","v":""},{"$f":"IF(AND($C40=\"S\",ORÇAMENTO.CodBarra<>\"\"),IF(ORÇAMENTO.Fonte=\"\",ORÇAMENTO.CodBarra,CONCATENATE(ORÇAMENTO.Fonte,\" \",ORÇAMENTO.CodBarra)))","v":"SINAPI 100952"},{"$f":"IF(ISERROR(INDIRECT(ORÇAMENTO.BancoRef)),\"(abra o arquivo 'Referência \"&Excel_BuiltIn_Database&\".xlsm)\",IF(OR($C40<>\"S\",ORÇAMENTO.CodBarra=\"\"),\"(Sem Código)\",IF(ISERROR(MATCH($AE40,INDIRECT(ORÇAMENTO.BancoRef),0)),\"(Código não identificado nas referências)\",MATCH($AE40,INDIRECT(ORÇAMENTO.BancoRef),0))))","v":15432},{"$f":"ROUND(IF(DESONERACAO=\"sim\",REFERENCIA.Desonerado,REFERENCIA.NaoDesonerado),2)","v":2.82},0.23380000000000001,null,{"$f":"513.05*30","v":15391.499999999998},null,null,53562.42,3.48]
[{"$f":"CHOOSE(1+LOG(1+2*(ORÇAMENTO.Nivel=\"Meta\")+4*(ORÇAMENTO.Nivel=\"Nível 2\")+8*(ORÇAMENTO.Nivel=\"Nível 3\")+16*(ORÇAMENTO.Nivel=\"Nível 4\")+32*(ORÇAMENTO.Nivel=\"Serviço\"),2),0,1,2,3,4,\"S\")","v":"S"},{"$f":"IF(OR(C41=\"s\",C41=0),OFFSET(B41,-1,0),C41)","v":2},{"$f":"IF(OFFSET(C41,-1,0)=\"L\",1,IF(OFFSET(C41,-1,0)=1,2,IF(OR(A41=\"s\",A41=0),\"S\",IF(AND(OFFSET(C41,-1,0)=2,A41=4),3,IF(AND(OR(OFFSET(C41,-1,0)=\"s\",OFFSET(C41,-1,0)=0),A41<>\"s\",A41>OFFSET(B41,-1,0)),OFFSET(B41,-1,0),A41)))))","v":"S"},{"$f":"IF(OR(C41=\"S\",C41=0),0,IF(ISERROR(K41),J41,SMALL(J41:K41,1)))","v":0},{"$f":"IF($C41=1,OFFSET(E41,-1,0)+MAX(1,COUNTIF(QCI!$A$13:$A$24,OFFSET(ORÇAMENTO!E41,-1,0))),OFFSET(E41,-1,0))","v":1},{"$f":"IF($C41=1,0,IF($C41=2,OFFSET(F41,-1,0)+1,OFFSET(F41,-1,0)))","v":3},{"$f":"IF(AND($C41<=2,$C41<>0),0,IF($C41=3,OFFSET(G41,-1,0)+1,OFFSET(G41,-1,0)))","v":0},{"$f":"IF(AND($C41<=3,$C41<>0),0,IF($C41=4,OFFSET(H41,-1,0)+1,OFFSET(H41,-1,0)))","v":0},{"$f":"IF(AND($C41<=4,$C41<>0),0,IF(AND($C41=\"S\",$X41>0),OFFSET(I41,-1,0)+1,OFFSET(I41,-1,0)))","v":5},{"$f":"IF(OR($C41=\"S\",$C41=0),0,MATCH(0,OFFSET($D41,1,$C41,ROW($C$110)-ROW($C41)),0))","v":0},{"$f":"IF(OR($C41=\"S\",$C41=0),0,MATCH(OFFSET($D41,0,$C41)+IF($C41<>1,1,COUNTIF(QCI!$A$13:$A$24,ORÇAMENTO!E41)),OFFSET($D41,1,$C41,ROW($C$110)-ROW($C41)),0))","v":0},{"$f":"IF(OR($X41>0,$C41=1,$C41=2,$C41=3,$C41=4),\"F\",\"\")","v":"F"},"Serviço",{"$f":"CHOOSE(1+LOG(1+2*(C41=1)+4*(C41=2)+8*(C41=3)+16*(C41=4)+32*(C41=\"S\"),2),\"\",\"Meta\",\"Nível 2\",\"Nível 3\",\"Nível 4\",\"Serviço\")","v":"Serviço"},{"$f":"IF(OR($C41=0,$L41=\"\"),\"-\",CONCATENATE(E41&\".\",IF(AND($A$5>=2,$C41>=2),F41&\".\",\"\"),IF(AND($A$5>=3,$C41>=3),G41&\".\",\"\"),IF(AND($A$5>=4,$C41>=4),H41&\".\",\"\"),IF($C41=\"S\",I41&\".\",\"\")))","v":"1.3.5."},"SINAPI","100953",{"$f":"IF($C41=\"S\",REFERENCIA.Descricao,\"(digite a descrição aqui)\")","v":"TRANSPORTE COM CAMINHÃO CARROCERIA COM GUINDAUTO (MUNCK), MOMENTO MÁXIMO DE CARGA 11,7 TM, EM VIA URBANA PAVIMENTADA, ADICIONAL PARA DMT EXCEDENTE A 30 KM (UNIDADE: TXKM). AF_07/2020"},{"$f":"REFERENCIA.Unidade","v":"TXKM"},{"$f":"OFFSET(CÁLCULO!H$15,ROW($T41)-ROW(T$15),0)","v":25139.45},1.1200000000000001,"BDI 1",{"$f":"IF($C41=\"S\",ROUND(IF(TIPOORCAMENTO=\"Proposto\",ORÇAMENTO.CustoUnitario*(1+$AH41),ORÇAMENTO.PrecoUnitarioLicitado),15-13*$AF$10),0)","v":1.38},{"$f":"IF($C41=\"S\",IF(OR(Import.TipoArredondamento<>\"TransfereGOV\",ACOMPANHAMENTO=\"BM\"),VTOTAL1,SUM(OFFSET(CÁLCULO!$AI$15,ROW($X41)-ROW($X$15),1):OFFSET(CÁLCULO!$BB$15,ROW($X41)-ROW($X$15),-1))),IF($C41=0,0,ROUND(SomaAgrup,15-13*$AF$11)))","v":34692.44},"RA",{"$f":"IF(AND($C41=\"S\",$X41>0),IF(ISBLANK($Y41),\"RA\",LEFT($Y41,2)),\"\")","v":"RA"},{"$f":"IF($C41=\"S\",IF($Z41=\"CP\",$X41,IF($Z41=\"RA\",(($X41)*QCI!$AA$3),0)),SomaAgrup)","v":10819.044463721957},{"$f":"IF($C41=\"S\",IF($Z41=\"OU\",ROUND($X41,2),0),SomaAgrup)","v":0},{"$f":"IF($N41=\"\",\" \",\nIF(AND($C41<>\"S\",OR($R41=\"\",$R41=\"(digite a descrição aqui)\")),\"DESCRIÇÃO\",\nIF(AND($C41=\"S\",OR($Q41<>0,$T41>0,$U41>0),$P41=0),\"FONTE\",\nIF(AND($C41=\"S\",$P41<>0,OR($T41>0,$U41>0),$Q41=0),\"CÓDIGO\",\nIF(AND($C41=\"S\",$P41<>0,$Q41<>0,$R41=\"(Código não identificado nas referências)\"),\"CÓDIGO N/ID\",\nIF(AND($C41=\"S\",OR($R41=\"\",$R41=\"(digite a descrição aqui)\"),OR($Q41<>0,$T41>0,$U41>0)),\"DESCRIÇÃO\",\nIF(AND($C41=\"S\",$P41<>0,$Q41<>0,$S41=\"\"),\"UNIDADE\",\nIF(AND($C41=\"S\",$P41<>0,$Q41<>0,$U41=0),\"SEM CUSTO\",\nIF(AND(TIPOORCAMENTO=\"Licitado\",$AL41=0,$AN41>0),\"SEM PREÇO\",\nIF(AND($C41=\"S\",$P41<>0,$Q41<>0,$U41>0,$V41=0),\"BDI\",\nIF(OR(AND(TIPOORCAMENTO=\"Proposto\",$AG41<>\"\",$AG41>0,ORÇAMENTO.CustoUnitario>$AG41),AND(TIPOORCAMENTO=\"LICITADO\",ORÇAMENTO.PrecoUnitarioLicitado>$AN41)),\"ACIMA REF.\",\nIF(AND($C41=\"S\",$P41<>0,$Q41<>0,$T41=0,$U41>0),\"QUANT.\",\nIF(AND(Import.TipoArredondamento=\"TransfereGOV\",$L41=\"F\",$C41=\"S\",LEN($Q41)>13),\"Código >13\",\nIF(AND(Import.TipoArredondamento=\"TransfereGOV\",$L41=\"F\",$C41<>\"S\",LEN($R41)>100),\"Descrição >100\",\nIF(AND(Import.TipoArredondamento=\"TransfereGOV\",$L41=\"F\",$C41=\"S\",LEN($R41)>500),\"Descrição >500\",\nIF(AND(Import.TipoArredondamento=\"TransfereGOV\",$L41=\"F\",$C41=\"S\",LEFT(TRIM(UPPER($P41)),6)<>\"SINAPI\",ISNA(VLOOKUP(TRIM(UPPER($S41)),ListaTgov.Unidades,1,FALSE))),\"Unid. Não Disp\",\n\" \"))))))))))))))))","v":" "},{"$f":"IF(C41<=CRONO.NivelExibicao,MAX($AD$15:OFFSET(AD41,-1,0))+IF($C41<>1,1,MAX(1,COUNTIF(QCI!$A$13:$A$24,OFFSET($E41,-1,0)))),\"\")","v":""},{"$f":"IF(AND($C41=\"S\",ORÇAMENTO.CodBarra<>\"\"),IF(ORÇAMENTO.Fonte=\"\",ORÇAMENTO.CodBarra,CONCATENATE(ORÇAMENTO.Fonte,\" \",ORÇAMENTO.CodBarra)))","v":"SINAPI 100953"},{"$f":"IF(ISERROR(INDIRECT(ORÇAMENTO.BancoRef)),\"(abra o arquivo 'Referência \"&Excel_BuiltIn_Database&\".xlsm)\",IF(OR($C41<>\"S\",ORÇAMENTO.CodBarra=\"\"),\"(Sem Código)\",IF(ISERROR(MATCH($AE41,INDIRECT(ORÇAMENTO.BancoRef),0)),\"(Código não identificado nas referências)\",MATCH($AE41,INDIRECT(ORÇAMENTO.BancoRef),0))))","v":15431},{"$f":"ROUND(IF(DESONERACAO=\"sim\",REFERENCIA.Desonerado,REFERENCIA.NaoDesonerado),2)","v":1.1200000000000001},{"$f":"ROUND(IF(ISNUMBER(ORÇAMENTO.OpcaoBDI),ORÇAMENTO.OpcaoBDI,IF(LEFT(ORÇAMENTO.OpcaoBDI,3)=\"BDI\",HLOOKUP(ORÇAMENTO.OpcaoBDI,$F$4:$H$5,2,FALSE),0)),15-11*$AF$9)","v":0.23380000000000001},null,{"$f":"513.05*49","v":25139.449999999997},null,null,34692.44,{"$f":"ROUND(ORÇAMENTO.CustoUnitario*(1+$AH41),2)","v":1.38}]
["S",{"$f":"IF(OR(C42=\"s\",C42=0),OFFSET(B42,-1,0),C42)","v":2},{"$f":"IF(OFFSET(C42,-1,0)=\"L\",1,IF(OFFSET(C42,-1,0)=1,2,IF(OR(A42=\"s\",A42=0),\"S\",IF(AND(OFFSET(C42,-1,0)=2,A42=4),3,IF(AND(OR(OFFSET(C42,-1,0)=\"s\",OFFSET(C42,-1,0)=0),A42<>\"s\",A42>OFFSET(B42,-1,0)),OFFSET(B42,-1,0),A42)))))","v":"S"},{"$f":"IF(OR(C42=\"S\",C42=0),0,IF(ISERROR(K42),J42,SMALL(J42:K42,1)))","v":0},{"$f":"IF($C42=1,OFFSET(E42,-1,0)+MAX(1,COUNTIF(QCI!$A$13:$A$24,OFFSET(ORÇAMENTO!E42,-1,0))),OFFSET(E42,-1,0))","v":1},{"$f":"IF($C42=1,0,IF($C42=2,OFFSET(F42,-1,0)+1,OFFSET(F42,-1,0)))","v":3},{"$f":"IF(AND($C42<=2,$C42<>0),0,IF($C42=3,OFFSET(G42,-1,0)+1,OFFSET(G42,-1,0)))","v":0},{"$f":"IF(AND($C42<=3,$C42<>0),0,IF($C42=4,OFFSET(H42,-1,0)+1,OFFSET(H42,-1,0)))","v":0},{"$f":"IF(AND($C42<=4,$C42<>0),0,IF(AND($C42=\"S\",$X42>0),OFFSET(I42,-1,0)+1,OFFSET(I42,-1,0)))","v":6},{"$f":"IF(OR($C42=\"S\",$C42=0),0,MATCH(0,OFFSET($D42,1,$C42,ROW($C$110)-ROW($C42)),0))","v":0},{"$f":"IF(OR($C42=\"S\",$C42=0),0,MATCH(OFFSET($D42,0,$C42)+IF($C42<>1,1,COUNTIF(QCI!$A$13:$A$24,ORÇAMENTO!E42)),OFFSET($D42,1,$C42,ROW($C$110)-ROW($C42)),0))","v":0},{"$f":"IF(OR($X42>0,$C42=1,$C42=2,$C42=3,$C42=4),\"F\",\"\")","v":"F"},"Serviço",{"$f":"CHOOSE(1+LOG(1+2*(C42=1)+4*(C42=2)+8*(C42=3)+16*(C42=4)+32*(C42=\"S\"),2),\"\",\"Meta\",\"Nível 2\",\"Nível 3\",\"Nível 4\",\"Serviço\")","v":"Serviço"},{"$f":"IF(OR($C42=0,$L42=\"\"),\"-\",CONCATENATE(E42&\".\",IF(AND($A$5>=2,$C42>=2),F42&\".\",\"\"),IF(AND($A$5>=3,$C42>=3),G42&\".\",\"\"),IF(AND($A$5>=4,$C42>=4),H42&\".\",\"\"),IF($C42=\"S\",I42&\".\",\"\")))","v":"1.3.6."},"Composição","IUD20006",{"$f":"IF($C42=\"S\",REFERENCIA.Descricao,\"(digite a descrição aqui)\")","v":"BLSC - Boca-de-lobo simples, em concreto simples fck 20 MPa, incluindo forma, escavação, calçamento ao redor e grelha em FoFo tipo pesada, conforme projeto"},"UN",{"$f":"OFFSET(CÁLCULO!H$15,ROW($T42)-ROW(T$15),0)","v":6},1741.43,"BDI 1",{"$f":"IF($C42=\"S\",ROUND(IF(TIPOORCAMENTO=\"Proposto\",ORÇAMENTO.CustoUnitario*(1+$AH42),ORÇAMENTO.PrecoUnitarioLicitado),15-13*$AF$10),0)","v":2148.58},{"$f":"IF($C42=\"S\",IF(OR(Import.TipoArredondamento<>\"TransfereGOV\",ACOMPANHAMENTO=\"BM\"),VTOTAL1,SUM(OFFSET(CÁLCULO!$AI$15,ROW($X42)-ROW($X$15),1):OFFSET(CÁLCULO!$BB$15,ROW($X42)-ROW($X$15),-1))),IF($C42=0,0,ROUND(SomaAgrup,15-13*$AF$11)))","v":12891.48},"RA",{"$f":"IF(AND($C42=\"S\",$X42>0),IF(ISBLANK($Y42),\"RA\",LEFT($Y42,2)),\"\")","v":"RA"},{"$f":"IF($C42=\"S\",IF($Z42=\"CP\",$X42,IF($Z42=\"RA\",(($X42)*QCI!$AA$3),0)),SomaAgrup)","v":4020.2849762998026},0,{"$f":"IF($N42=\"\",\" \",\nIF(AND($C42<>\"S\",OR($R42=\"\",$R42=\"(digite a descrição aqui)\")),\"DESCRIÇÃO\",\nIF(AND($C42=\"S\",OR($Q42<>0,$T42>0,$U42>0),$P42=0),\"FONTE\",\nIF(AND($C42=\"S\",$P42<>0,OR($T42>0,$U42>0),$Q42=0),\"CÓDIGO\",\nIF(AND($C42=\"S\",$P42<>0,$Q42<>0,$R42=\"(Código não identificado nas referências)\"),\"CÓDIGO N/ID\",\nIF(AND($C42=\"S\",OR($R42=\"\",$R42=\"(digite a descrição aqui)\"),OR($Q42<>0,$T42>0,$U42>0)),\"DESCRIÇÃO\",\nIF(AND($C42=\"S\",$P42<>0,$Q42<>0,$S42=\"\"),\"UNIDADE\",\nIF(AND($C42=\"S\",$P42<>0,$Q42<>0,$U42=0),\"SEM CUSTO\",\nIF(AND(TIPOORCAMENTO=\"Licitado\",$AL42=0,$AN42>0),\"SEM PREÇO\",\nIF(AND($C42=\"S\",$P42<>0,$Q42<>0,$U42>0,$V42=0),\"BDI\",\nIF(OR(AND(TIPOORCAMENTO=\"Proposto\",$AG42<>\"\",$AG42>0,ORÇAMENTO.CustoUnitario>$AG42),AND(TIPOORCAMENTO=\"LICITADO\",ORÇAMENTO.PrecoUnitarioLicitado>$AN42)),\"ACIMA REF.\",\nIF(AND($C42=\"S\",$P42<>0,$Q42<>0,$T42=0,$U42>0),\"QUANT.\",\nIF(AND(Import.TipoArredondamento=\"TransfereGOV\",$L42=\"F\",$C42=\"S\",LEN($Q42)>13),\"Código >13\",\nIF(AND(Import.TipoArredondamento=\"TransfereGOV\",$L42=\"F\",$C42<>\"S\",LEN($R42)>100),\"Descrição >100\",\nIF(AND(Import.TipoArredondamento=\"TransfereGOV\",$L42=\"F\",$C42=\"S\",LEN($R42)>500),\"Descrição >500\",\nIF(AND(Import.TipoArredondamento=\"TransfereGOV\",$L42=\"F\",$C42=\"S\",LEFT(TRIM(UPPER($P42)),6)<>\"SINAPI\",ISNA(VLOOKUP(TRIM(UPPER($S42)),ListaTgov.Unidades,1,FALSE))),\"Unid. Não Disp\",\n\" \"))))))))))))))))","v":" "},{"$f":"IF(C42<=CRONO.NivelExibicao,MAX($AD$15:OFFSET(AD42,-1,0))+IF($C42<>1,1,MAX(1,COUNTIF(QCI!$A$13:$A$24,OFFSET($E42,-1,0)))),\"\")","v":""},{"$f":"IF(AND($C42=\"S\",ORÇAMENTO.CodBarra<>\"\"),IF(ORÇAMENTO.Fonte=\"\",ORÇAMENTO.CodBarra,CONCATENATE(ORÇAMENTO.Fonte,\" \",ORÇAMENTO.CodBarra)))","v":"Composição IUD20006"},{"$f":"IF(ISERROR(INDIRECT(ORÇAMENTO.BancoRef)),\"(abra o arquivo 'Referência \"&Excel_BuiltIn_Database&\".xlsm)\",IF(OR($C42<>\"S\",ORÇAMENTO.CodBarra=\"\"),\"(Sem Código)\",IF(ISERROR(MATCH($AE42,INDIRECT(ORÇAMENTO.BancoRef),0)),\"(Código não identificado nas referências)\",MATCH($AE42,INDIRECT(ORÇAMENTO.BancoRef),0))))","v":8},{"$f":"ROUND(IF(DESONERACAO=\"sim\",REFERENCIA.Desonerado,REFERENCIA.NaoDesonerado),2)","v":1741.43},0.23380000000000001,null,6,null,null,12891.48,2148.58]
["S",2,"S",0,{"$f":"IF($C43=1,OFFSET(E43,-1,0)+MAX(1,COUNTIF(QCI!$A$13:$A$24,OFFSET(ORÇAMENTO!E43,-1,0))),OFFSET(E43,-1,0))","v":1},3,0,0,7,0,{"$f":"IF(OR($C43=\"S\",$C43=0),0,MATCH(OFFSET($D43,0,$C43)+IF($C43<>1,1,COUNTIF(QCI!$A$13:$A$24,ORÇAMENTO!E43)),OFFSET($D43,1,$C43,ROW($C$110)-ROW($C43)),0))","v":0},"F","Serviço","Serviço","1.3.7.","Composição","IUD20007",{"$f":"IF($C43=\"S\",REFERENCIA.Descricao,\"(digite a descrição aqui)\")","v":"BLDC - Boca-de-lobo dupla, em concreto simples fck 20 MPa, com guia chapeu, incluindo forma, escavação, calçamento ao redor e grelhas em FoFo tipo pesada, conforme projeto"},"UN",{"$f":"OFFSET(CÁLCULO!H$15,ROW($T43)-ROW(T$15),0)","v":7},3239.64,"BDI 1",{"$f":"IF($C43=\"S\",ROUND(IF(TIPOORCAMENTO=\"Proposto\",ORÇAMENTO.CustoUnitario*(1+$AH43),ORÇAMENTO.PrecoUnitarioLicitado),15-13*$AF$10),0)","v":3997.07},{"$f":"IF($C43=\"S\",IF(OR(Import.TipoArredondamento<>\"TransfereGOV\",ACOMPANHAMENTO=\"BM\"),VTOTAL1,SUM(OFFSET(CÁLCULO!$AI$15,ROW($X43)-ROW($X$15),1):OFFSET(CÁLCULO!$BB$15,ROW($X43)-ROW($X$15),-1))),IF($C43=0,0,ROUND(SomaAgrup,15-13*$AF$11)))","v":27979.49},"RA","RA",{"$f":"IF($C43=\"S\",IF($Z43=\"CP\",$X43,IF($Z43=\"RA\",(($X43)*QCI!$AA$3),0)),SomaAgrup)","v":8725.5709423224162},0,{"$f":"IF($N43=\"\",\" \",\nIF(AND($C43<>\"S\",OR($R43=\"\",$R43=\"(digite a descrição aqui)\")),\"DESCRIÇÃO\",\nIF(AND($C43=\"S\",OR($Q43<>0,$T43>0,$U43>0),$P43=0),\"FONTE\",\nIF(AND($C43=\"S\",$P43<>0,OR($T43>0,$U43>0),$Q43=0),\"CÓDIGO\",\nIF(AND($C43=\"S\",$P43<>0,$Q43<>0,$R43=\"(Código não identificado nas referências)\"),\"CÓDIGO N/ID\",\nIF(AND($C43=\"S\",OR($R43=\"\",$R43=\"(digite a descrição aqui)\"),OR($Q43<>0,$T43>0,$U43>0)),\"DESCRIÇÃO\",\nIF(AND($C43=\"S\",$P43<>0,$Q43<>0,$S43=\"\"),\"UNIDADE\",\nIF(AND($C43=\"S\",$P43<>0,$Q43<>0,$U43=0),\"SEM CUSTO\",\nIF(AND(TIPOORCAMENTO=\"Licitado\",$AL43=0,$AN43>0),\"SEM PREÇO\",\nIF(AND($C43=\"S\",$P43<>0,$Q43<>0,$U43>0,$V43=0),\"BDI\",\nIF(OR(AND(TIPOORCAMENTO=\"Proposto\",$AG43<>\"\",$AG43>0,ORÇAMENTO.CustoUnitario>$AG43),AND(TIPOORCAMENTO=\"LICITADO\",ORÇAMENTO.PrecoUnitarioLicitado>$AN43)),\"ACIMA REF.\",\nIF(AND($C43=\"S\",$P43<>0,$Q43<>0,$T43=0,$U43>0),\"QUANT.\",\nIF(AND(Import.TipoArredondamento=\"TransfereGOV\",$L43=\"F\",$C43=\"S\",LEN($Q43)>13),\"Código >13\",\nIF(AND(Import.TipoArredondamento=\"TransfereGOV\",$L43=\"F\",$C43<>\"S\",LEN($R43)>100),\"Descrição >100\",\nIF(AND(Import.TipoArredondamento=\"TransfereGOV\",$L43=\"F\",$C43=\"S\",LEN($R43)>500),\"Descrição >500\",\nIF(AND(Import.TipoArredondamento=\"TransfereGOV\",$L43=\"F\",$C43=\"S\",LEFT(TRIM(UPPER($P43)),6)<>\"SINAPI\",ISNA(VLOOKUP(TRIM(UPPER($S43)),ListaTgov.Unidades,1,FALSE))),\"Unid. Não Disp\",\n\" \"))))))))))))))))","v":" "},{"$f":"IF(C43<=CRONO.NivelExibicao,MAX($AD$15:OFFSET(AD43,-1,0))+IF($C43<>1,1,MAX(1,COUNTIF(QCI!$A$13:$A$24,OFFSET($E43,-1,0)))),\"\")","v":""},{"$f":"IF(AND($C43=\"S\",ORÇAMENTO.CodBarra<>\"\"),IF(ORÇAMENTO.Fonte=\"\",ORÇAMENTO.CodBarra,CONCATENATE(ORÇAMENTO.Fonte,\" \",ORÇAMENTO.CodBarra)))","v":"Composição IUD20007"},{"$f":"IF(ISERROR(INDIRECT(ORÇAMENTO.BancoRef)),\"(abra o arquivo 'Referência \"&Excel_BuiltIn_Database&\".xlsm)\",IF(OR($C43<>\"S\",ORÇAMENTO.CodBarra=\"\"),\"(Sem Código)\",IF(ISERROR(MATCH($AE43,INDIRECT(ORÇAMENTO.BancoRef),0)),\"(Código não identificado nas referências)\",MATCH($AE43,INDIRECT(ORÇAMENTO.BancoRef),0))))","v":9},{"$f":"ROUND(IF(DESONERACAO=\"sim\",REFERENCIA.Desonerado,REFERENCIA.NaoDesonerado),2)","v":3239.64},0.23380000000000001,null,7,null,null,27979.49,3997.07]
["S",2,"S",0,{"$f":"IF($C44=1,OFFSET(E44,-1,0)+MAX(1,COUNTIF(QCI!$A$13:$A$24,OFFSET(ORÇAMENTO!E44,-1,0))),OFFSET(E44,-1,0))","v":1},3,0,0,8,0,{"$f":"IF(OR($C44=\"S\",$C44=0),0,MATCH(OFFSET($D44,0,$C44)+IF($C44<>1,1,COUNTIF(QCI!$A$13:$A$24,ORÇAMENTO!E44)),OFFSET($D44,1,$C44,ROW($C$110)-ROW($C44)),0))","v":0},"F","Serviço","Serviço","1.3.8.","Composição","IUD20008",{"$f":"IF($C44=\"S\",REFERENCIA.Descricao,\"(digite a descrição aqui)\")","v":"BLTC - Boca-de-lobo tripla, em concreto simples fck 20 MPa,  com guia chapeu, incluindo forma, escavação, calçamento ao redor e grelhas em f°f° tipo pesada, conforme projeto"},"UN",{"$f":"OFFSET(CÁLCULO!H$15,ROW($T44)-ROW(T$15),0)","v":3},4742.04,"BDI 1",{"$f":"IF($C44=\"S\",ROUND(IF(TIPOORCAMENTO=\"Proposto\",ORÇAMENTO.CustoUnitario*(1+$AH44),ORÇAMENTO.PrecoUnitarioLicitado),15-13*$AF$10),0)","v":5850.73},{"$f":"IF($C44=\"S\",IF(OR(Import.TipoArredondamento<>\"TransfereGOV\",ACOMPANHAMENTO=\"BM\"),VTOTAL1,SUM(OFFSET(CÁLCULO!$AI$15,ROW($X44)-ROW($X$15),1):OFFSET(CÁLCULO!$BB$15,ROW($X44)-ROW($X$15),-1))),IF($C44=0,0,ROUND(SomaAgrup,15-13*$AF$11)))","v":17552.189999999999},"RA","RA",{"$f":"IF($C44=\"S\",IF($Z44=\"CP\",$X44,IF($Z44=\"RA\",(($X44)*QCI!$AA$3),0)),SomaAgrup)","v":5473.7552056210479},0,{"$f":"IF($N44=\"\",\" \",\nIF(AND($C44<>\"S\",OR($R44=\"\",$R44=\"(digite a descrição aqui)\")),\"DESCRIÇÃO\",\nIF(AND($C44=\"S\",OR($Q44<>0,$T44>0,$U44>0),$P44=0),\"FONTE\",\nIF(AND($C44=\"S\",$P44<>0,OR($T44>0,$U44>0),$Q44=0),\"CÓDIGO\",\nIF(AND($C44=\"S\",$P44<>0,$Q44<>0,$R44=\"(Código não identificado nas referências)\"),\"CÓDIGO N/ID\",\nIF(AND($C44=\"S\",OR($R44=\"\",$R44=\"(digite a descrição aqui)\"),OR($Q44<>0,$T44>0,$U44>0)),\"DESCRIÇÃO\",\nIF(AND($C44=\"S\",$P44<>0,$Q44<>0,$S44=\"\"),\"UNIDADE\",\nIF(AND($C44=\"S\",$P44<>0,$Q44<>0,$U44=0),\"SEM CUSTO\",\nIF(AND(TIPOORCAMENTO=\"Licitado\",$AL44=0,$AN44>0),\"SEM PREÇO\",\nIF(AND($C44=\"S\",$P44<>0,$Q44<>0,$U44>0,$V44=0),\"BDI\",\nIF(OR(AND(TIPOORCAMENTO=\"Proposto\",$AG44<>\"\",$AG44>0,ORÇAMENTO.CustoUnitario>$AG44),AND(TIPOORCAMENTO=\"LICITADO\",ORÇAMENTO.PrecoUnitarioLicitado>$AN44)),\"ACIMA REF.\",\nIF(AND($C44=\"S\",$P44<>0,$Q44<>0,$T44=0,$U44>0),\"QUANT.\",\nIF(AND(Import.TipoArredondamento=\"TransfereGOV\",$L44=\"F\",$C44=\"S\",LEN($Q44)>13),\"Código >13\",\nIF(AND(Import.TipoArredondamento=\"TransfereGOV\",$L44=\"F\",$C44<>\"S\",LEN($R44)>100),\"Descrição >100\",\nIF(AND(Import.TipoArredondamento=\"TransfereGOV\",$L44=\"F\",$C44=\"S\",LEN($R44)>500),\"Descrição >500\",\nIF(AND(Import.TipoArredondamento=\"TransfereGOV\",$L44=\"F\",$C44=\"S\",LEFT(TRIM(UPPER($P44)),6)<>\"SINAPI\",ISNA(VLOOKUP(TRIM(UPPER($S44)),ListaTgov.Unidades,1,FALSE))),\"Unid. Não Disp\",\n\" \"))))))))))))))))","v":" "},{"$f":"IF(C44<=CRONO.NivelExibicao,MAX($AD$15:OFFSET(AD44,-1,0))+IF($C44<>1,1,MAX(1,COUNTIF(QCI!$A$13:$A$24,OFFSET($E44,-1,0)))),\"\")","v":""},{"$f":"IF(AND($C44=\"S\",ORÇAMENTO.CodBarra<>\"\"),IF(ORÇAMENTO.Fonte=\"\",ORÇAMENTO.CodBarra,CONCATENATE(ORÇAMENTO.Fonte,\" \",ORÇAMENTO.CodBarra)))","v":"Composição IUD20008"},{"$f":"IF(ISERROR(INDIRECT(ORÇAMENTO.BancoRef)),\"(abra o arquivo 'Referência \"&Excel_BuiltIn_Database&\".xlsm)\",IF(OR($C44<>\"S\",ORÇAMENTO.CodBarra=\"\"),\"(Sem Código)\",IF(ISERROR(MATCH($AE44,INDIRECT(ORÇAMENTO.BancoRef),0)),\"(Código não identificado nas referências)\",MATCH($AE44,INDIRECT(ORÇAMENTO.BancoRef),0))))","v":10},{"$f":"ROUND(IF(DESONERACAO=\"sim\",REFERENCIA.Desonerado,REFERENCIA.NaoDesonerado),2)","v":4742.04},0.23380000000000001,null,3,null,null,17552.189999999999,5850.73]
["S",2,"S",0,{"$f":"IF($C45=1,OFFSET(E45,-1,0)+MAX(1,COUNTIF(QCI!$A$13:$A$24,OFFSET(ORÇAMENTO!E45,-1,0))),OFFSET(E45,-1,0))","v":1},3,0,0,9,0,{"$f":"IF(OR($C45=\"S\",$C45=0),0,MATCH(OFFSET($D45,0,$C45)+IF($C45<>1,1,COUNTIF(QCI!$A$13:$A$24,ORÇAMENTO!E45)),OFFSET($D45,1,$C45,ROW($C$110)-ROW($C45)),0))","v":0},"F","Serviço","Serviço","1.3.9.","Composição","IUD20087",{"$f":"IF($C45=\"S\",REFERENCIA.Descricao,\"(digite a descrição aqui)\")","v":"PV-1 - Poço-de-visita 2,32x2,32m, em alv. de bloco estrutural, rev. int. com argam.  1:3, lastro de brita 12cm, berço 18cm em conc. fck = 15 MPa, laje de 12cm em conc. armado fck = 20 MPa, incl. forma, escav. manual e reat. apiloado. Excl. pescoço e tampão"},"UN",{"$f":"OFFSET(CÁLCULO!H$15,ROW($T45)-ROW(T$15),0)","v":7},5342.49,"BDI 1",{"$f":"IF($C45=\"S\",ROUND(IF(TIPOORCAMENTO=\"Proposto\",ORÇAMENTO.CustoUnitario*(1+$AH45),ORÇAMENTO.PrecoUnitarioLicitado),15-13*$AF$10),0)","v":6591.56},{"$f":"IF($C45=\"S\",IF(OR(Import.TipoArredondamento<>\"TransfereGOV\",ACOMPANHAMENTO=\"BM\"),VTOTAL1,SUM(OFFSET(CÁLCULO!$AI$15,ROW($X45)-ROW($X$15),1):OFFSET(CÁLCULO!$BB$15,ROW($X45)-ROW($X$15),-1))),IF($C45=0,0,ROUND(SomaAgrup,15-13*$AF$11)))","v":46140.92},"RA","RA",{"$f":"IF($C45=\"S\",IF($Z45=\"CP\",$X45,IF($Z45=\"RA\",(($X45)*QCI!$AA$3),0)),SomaAgrup)","v":14389.321277979805},0,{"$f":"IF($N45=\"\",\" \",\nIF(AND($C45<>\"S\",OR($R45=\"\",$R45=\"(digite a descrição aqui)\")),\"DESCRIÇÃO\",\nIF(AND($C45=\"S\",OR($Q45<>0,$T45>0,$U45>0),$P45=0),\"FONTE\",\nIF(AND($C45=\"S\",$P45<>0,OR($T45>0,$U45>0),$Q45=0),\"CÓDIGO\",\nIF(AND($C45=\"S\",$P45<>0,$Q45<>0,$R45=\"(Código não identificado nas referências)\"),\"CÓDIGO N/ID\",\nIF(AND($C45=\"S\",OR($R45=\"\",$R45=\"(digite a descrição aqui)\"),OR($Q45<>0,$T45>0,$U45>0)),\"DESCRIÇÃO\",\nIF(AND($C45=\"S\",$P45<>0,$Q45<>0,$S45=\"\"),\"UNIDADE\",\nIF(AND($C45=\"S\",$P45<>0,$Q45<>0,$U45=0),\"SEM CUSTO\",\nIF(AND(TIPOORCAMENTO=\"Licitado\",$AL45=0,$AN45>0),\"SEM PREÇO\",\nIF(AND($C45=\"S\",$P45<>0,$Q45<>0,$U45>0,$V45=0),\"BDI\",\nIF(OR(AND(TIPOORCAMENTO=\"Proposto\",$AG45<>\"\",$AG45>0,ORÇAMENTO.CustoUnitario>$AG45),AND(TIPOORCAMENTO=\"LICITADO\",ORÇAMENTO.PrecoUnitarioLicitado>$AN45)),\"ACIMA REF.\",\nIF(AND($C45=\"S\",$P45<>0,$Q45<>0,$T45=0,$U45>0),\"QUANT.\",\nIF(AND(Import.TipoArredondamento=\"TransfereGOV\",$L45=\"F\",$C45=\"S\",LEN($Q45)>13),\"Código >13\",\nIF(AND(Import.TipoArredondamento=\"TransfereGOV\",$L45=\"F\",$C45<>\"S\",LEN($R45)>100),\"Descrição >100\",\nIF(AND(Import.TipoArredondamento=\"TransfereGOV\",$L45=\"F\",$C45=\"S\",LEN($R45)>500),\"Descrição >500\",\nIF(AND(Import.TipoArredondamento=\"TransfereGOV\",$L45=\"F\",$C45=\"S\",LEFT(TRIM(UPPER($P45)),6)<>\"SINAPI\",ISNA(VLOOKUP(TRIM(UPPER($S45)),ListaTgov.Unidades,1,FALSE))),\"Unid. Não Disp\",\n\" \"))))))))))))))))","v":" "},{"$f":"IF(C45<=CRONO.NivelExibicao,MAX($AD$15:OFFSET(AD45,-1,0))+IF($C45<>1,1,MAX(1,COUNTIF(QCI!$A$13:$A$24,OFFSET($E45,-1,0)))),\"\")","v":""},{"$f":"IF(AND($C45=\"S\",ORÇAMENTO.CodBarra<>\"\"),IF(ORÇAMENTO.Fonte=\"\",ORÇAMENTO.CodBarra,CONCATENATE(ORÇAMENTO.Fonte,\" \",ORÇAMENTO.CodBarra)))","v":"Composição IUD20087"},{"$f":"IF(ISERROR(INDIRECT(ORÇAMENTO.BancoRef)),\"(abra o arquivo 'Referência \"&Excel_BuiltIn_Database&\".xlsm)\",IF(OR($C45<>\"S\",ORÇAMENTO.CodBarra=\"\"),\"(Sem Código)\",IF(ISERROR(MATCH($AE45,INDIRECT(ORÇAMENTO.BancoRef),0)),\"(Código não identificado nas referências)\",MATCH($AE45,INDIRECT(ORÇAMENTO.BancoRef),0))))","v":11},{"$f":"ROUND(IF(DESONERACAO=\"sim\",REFERENCIA.Desonerado,REFERENCIA.NaoDesonerado),2)","v":5342.49},0.23380000000000001,null,7,null,null,46140.92,6591.56]
["S",2,"S",0,{"$f":"IF($C46=1,OFFSET(E46,-1,0)+MAX(1,COUNTIF(QCI!$A$13:$A$24,OFFSET(ORÇAMENTO!E46,-1,0))),OFFSET(E46,-1,0))","v":1},3,0,0,10,0,{"$f":"IF(OR($C46=\"S\",$C46=0),0,MATCH(OFFSET($D46,0,$C46)+IF($C46<>1,1,COUNTIF(QCI!$A$13:$A$24,ORÇAMENTO!E46)),OFFSET($D46,1,$C46,ROW($C$110)-ROW($C46)),0))","v":0},"F","Serviço","Serviço","1.3.10.","Cotação","6243",{"$f":"IF($C46=\"S\",REFERENCIA.Descricao,\"(digite a descrição aqui)\")","v":"TAMPAO FOFO SIMPLES COM BASE / REQUADRO, CLASSE B125 CARGA MAX. 12,5 T, REDONDO, TAMPA 600 MM (COM INSCRICAO EM RELEVO DO TIPO DE REDE)"},"UN",{"$f":"OFFSET(CÁLCULO!H$15,ROW($T46)-ROW(T$15),0)","v":7},510,"BDI 1",{"$f":"IF($C46=\"S\",ROUND(IF(TIPOORCAMENTO=\"Proposto\",ORÇAMENTO.CustoUnitario*(1+$AH46),ORÇAMENTO.PrecoUnitarioLicitado),15-13*$AF$10),0)","v":629.24},{"$f":"IF($C46=\"S\",IF(OR(Import.TipoArredondamento<>\"TransfereGOV\",ACOMPANHAMENTO=\"BM\"),VTOTAL1,SUM(OFFSET(CÁLCULO!$AI$15,ROW($X46)-ROW($X$15),1):OFFSET(CÁLCULO!$BB$15,ROW($X46)-ROW($X$15),-1))),IF($C46=0,0,ROUND(SomaAgrup,15-13*$AF$11)))","v":4404.68},"RA","RA",{"$f":"IF($C46=\"S\",IF($Z46=\"CP\",$X46,IF($Z46=\"RA\",(($X46)*QCI!$AA$3),0)),SomaAgrup)","v":1373.6257457955344},0,{"$f":"IF($N46=\"\",\" \",\nIF(AND($C46<>\"S\",OR($R46=\"\",$R46=\"(digite a descrição aqui)\")),\"DESCRIÇÃO\",\nIF(AND($C46=\"S\",OR($Q46<>0,$T46>0,$U46>0),$P46=0),\"FONTE\",\nIF(AND($C46=\"S\",$P46<>0,OR($T46>0,$U46>0),$Q46=0),\"CÓDIGO\",\nIF(AND($C46=\"S\",$P46<>0,$Q46<>0,$R46=\"(Código não identificado nas referências)\"),\"CÓDIGO N/ID\",\nIF(AND($C46=\"S\",OR($R46=\"\",$R46=\"(digite a descrição aqui)\"),OR($Q46<>0,$T46>0,$U46>0)),\"DESCRIÇÃO\",\nIF(AND($C46=\"S\",$P46<>0,$Q46<>0,$S46=\"\"),\"UNIDADE\",\nIF(AND($C46=\"S\",$P46<>0,$Q46<>0,$U46=0),\"SEM CUSTO\",\nIF(AND(TIPOORCAMENTO=\"Licitado\",$AL46=0,$AN46>0),\"SEM PREÇO\",\nIF(AND($C46=\"S\",$P46<>0,$Q46<>0,$U46>0,$V46=0),\"BDI\",\nIF(OR(AND(TIPOORCAMENTO=\"Proposto\",$AG46<>\"\",$AG46>0,ORÇAMENTO.CustoUnitario>$AG46),AND(TIPOORCAMENTO=\"LICITADO\",ORÇAMENTO.PrecoUnitarioLicitado>$AN46)),\"ACIMA REF.\",\nIF(AND($C46=\"S\",$P46<>0,$Q46<>0,$T46=0,$U46>0),\"QUANT.\",\nIF(AND(Import.TipoArredondamento=\"TransfereGOV\",$L46=\"F\",$C46=\"S\",LEN($Q46)>13),\"Código >13\",\nIF(AND(Import.TipoArredondamento=\"TransfereGOV\",$L46=\"F\",$C46<>\"S\",LEN($R46)>100),\"Descrição >100\",\nIF(AND(Import.TipoArredondamento=\"TransfereGOV\",$L46=\"F\",$C46=\"S\",LEN($R46)>500),\"Descrição >500\",\nIF(AND(Import.TipoArredondamento=\"TransfereGOV\",$L46=\"F\",$C46=\"S\",LEFT(TRIM(UPPER($P46)),6)<>\"SINAPI\",ISNA(VLOOKUP(TRIM(UPPER($S46)),ListaTgov.Unidades,1,FALSE))),\"Unid. Não Disp\",\n\" \"))))))))))))))))","v":" "},{"$f":"IF(C46<=CRONO.NivelExibicao,MAX($AD$15:OFFSET(AD46,-1,0))+IF($C46<>1,1,MAX(1,COUNTIF(QCI!$A$13:$A$24,OFFSET($E46,-1,0)))),\"\")","v":""},{"$f":"IF(AND($C46=\"S\",ORÇAMENTO.CodBarra<>\"\"),IF(ORÇAMENTO.Fonte=\"\",ORÇAMENTO.CodBarra,CONCATENATE(ORÇAMENTO.Fonte,\" \",ORÇAMENTO.CodBarra)))","v":"Cotação 6243"},{"$f":"IF(ISERROR(INDIRECT(ORÇAMENTO.BancoRef)),\"(abra o arquivo 'Referência \"&Excel_BuiltIn_Database&\".xlsm)\",IF(OR($C46<>\"S\",ORÇAMENTO.CodBarra=\"\"),\"(Sem Código)\",IF(ISERROR(MATCH($AE46,INDIRECT(ORÇAMENTO.BancoRef),0)),\"(Código não identificado nas referências)\",MATCH($AE46,INDIRECT(ORÇAMENTO.BancoRef),0))))","v":34},{"$f":"ROUND(IF(DESONERACAO=\"sim\",REFERENCIA.Desonerado,REFERENCIA.NaoDesonerado),2)","v":510},0.23380000000000001,null,7,null,null,4404.68,629.24]
["S",2,"S",0,{"$f":"IF($C47=1,OFFSET(E47,-1,0)+MAX(1,COUNTIF(QCI!$A$13:$A$24,OFFSET(ORÇAMENTO!E47,-1,0))),OFFSET(E47,-1,0))","v":1},3,0,0,11,0,{"$f":"IF(OR($C47=\"S\",$C47=0),0,MATCH(OFFSET($D47,0,$C47)+IF($C47<>1,1,COUNTIF(QCI!$A$13:$A$24,ORÇAMENTO!E47)),OFFSET($D47,1,$C47,ROW($C$110)-ROW($C47)),0))","v":0},"F","Serviço","Serviço","1.3.11.","SINAPI","99319",{"$f":"IF($C47=\"S\",REFERENCIA.Descricao,\"(digite a descrição aqui)\")","v":"CHAMINÉ CIRCULAR PARA POÇO DE VISITA PARA DRENAGEM, EM ALVENARIA COM TIJOLOS CERÂMICOS MACIÇOS, DIÂMETRO INTERNO = 0,6 M. AF_12/2020"},{"$f":"REFERENCIA.Unidade","v":"M"},{"$f":"OFFSET(CÁLCULO!H$15,ROW($T47)-ROW(T$15),0)","v":7},905.68,"BDI 1",{"$f":"IF($C47=\"S\",ROUND(IF(TIPOORCAMENTO=\"Proposto\",ORÇAMENTO.CustoUnitario*(1+$AH47),ORÇAMENTO.PrecoUnitarioLicitado),15-13*$AF$10),0)","v":1117.43},{"$f":"IF($C47=\"S\",IF(OR(Import.TipoArredondamento<>\"TransfereGOV\",ACOMPANHAMENTO=\"BM\"),VTOTAL1,SUM(OFFSET(CÁLCULO!$AI$15,ROW($X47)-ROW($X$15),1):OFFSET(CÁLCULO!$BB$15,ROW($X47)-ROW($X$15),-1))),IF($C47=0,0,ROUND(SomaAgrup,15-13*$AF$11)))","v":7822.01},"RA","RA",{"$f":"IF($C47=\"S\",IF($Z47=\"CP\",$X47,IF($Z47=\"RA\",(($X47)*QCI!$AA$3),0)),SomaAgrup)","v":2439.3405014371369},0,{"$f":"IF($N47=\"\",\" \",\nIF(AND($C47<>\"S\",OR($R47=\"\",$R47=\"(digite a descrição aqui)\")),\"DESCRIÇÃO\",\nIF(AND($C47=\"S\",OR($Q47<>0,$T47>0,$U47>0),$P47=0),\"FONTE\",\nIF(AND($C47=\"S\",$P47<>0,OR($T47>0,$U47>0),$Q47=0),\"CÓDIGO\",\nIF(AND($C47=\"S\",$P47<>0,$Q47<>0,$R47=\"(Código não identificado nas referências)\"),\"CÓDIGO N/ID\",\nIF(AND($C47=\"S\",OR($R47=\"\",$R47=\"(digite a descrição aqui)\"),OR($Q47<>0,$T47>0,$U47>0)),\"DESCRIÇÃO\",\nIF(AND($C47=\"S\",$P47<>0,$Q47<>0,$S47=\"\"),\"UNIDADE\",\nIF(AND($C47=\"S\",$P47<>0,$Q47<>0,$U47=0),\"SEM CUSTO\",\nIF(AND(TIPOORCAMENTO=\"Licitado\",$AL47=0,$AN47>0),\"SEM PREÇO\",\nIF(AND($C47=\"S\",$P47<>0,$Q47<>0,$U47>0,$V47=0),\"BDI\",\nIF(OR(AND(TIPOORCAMENTO=\"Proposto\",$AG47<>\"\",$AG47>0,ORÇAMENTO.CustoUnitario>$AG47),AND(TIPOORCAMENTO=\"LICITADO\",ORÇAMENTO.PrecoUnitarioLicitado>$AN47)),\"ACIMA REF.\",\nIF(AND($C47=\"S\",$P47<>0,$Q47<>0,$T47=0,$U47>0),\"QUANT.\",\nIF(AND(Import.TipoArredondamento=\"TransfereGOV\",$L47=\"F\",$C47=\"S\",LEN($Q47)>13),\"Código >13\",\nIF(AND(Import.TipoArredondamento=\"TransfereGOV\",$L47=\"F\",$C47<>\"S\",LEN($R47)>100),\"Descrição >100\",\nIF(AND(Import.TipoArredondamento=\"TransfereGOV\",$L47=\"F\",$C47=\"S\",LEN($R47)>500),\"Descrição >500\",\nIF(AND(Import.TipoArredondamento=\"TransfereGOV\",$L47=\"F\",$C47=\"S\",LEFT(TRIM(UPPER($P47)),6)<>\"SINAPI\",ISNA(VLOOKUP(TRIM(UPPER($S47)),ListaTgov.Unidades,1,FALSE))),\"Unid. Não Disp\",\n\" \"))))))))))))))))","v":" "},{"$f":"IF(C47<=CRONO.NivelExibicao,MAX($AD$15:OFFSET(AD47,-1,0))+IF($C47<>1,1,MAX(1,COUNTIF(QCI!$A$13:$A$24,OFFSET($E47,-1,0)))),\"\")","v":""},{"$f":"IF(AND($C47=\"S\",ORÇAMENTO.CodBarra<>\"\"),IF(ORÇAMENTO.Fonte=\"\",ORÇAMENTO.CodBarra,CONCATENATE(ORÇAMENTO.Fonte,\" \",ORÇAMENTO.CodBarra)))","v":"SINAPI 99319"},{"$f":"IF(ISERROR(INDIRECT(ORÇAMENTO.BancoRef)),\"(abra o arquivo 'Referência \"&Excel_BuiltIn_Database&\".xlsm)\",IF(OR($C47<>\"S\",ORÇAMENTO.CodBarra=\"\"),\"(Sem Código)\",IF(ISERROR(MATCH($AE47,INDIRECT(ORÇAMENTO.BancoRef),0)),\"(Código não identificado nas referências)\",MATCH($AE47,INDIRECT(ORÇAMENTO.BancoRef),0))))","v":14317},{"$f":"ROUND(IF(DESONERACAO=\"sim\",REFERENCIA.Desonerado,REFERENCIA.NaoDesonerado),2)","v":905.68},0.23380000000000001,null,7,null,null,7822.01,1117.43]
["S",2,"S",0,{"$f":"IF($C48=1,OFFSET(E48,-1,0)+MAX(1,COUNTIF(QCI!$A$13:$A$24,OFFSET(ORÇAMENTO!E48,-1,0))),OFFSET(E48,-1,0))","v":1},3,0,0,12,0,{"$f":"IF(OR($C48=\"S\",$C48=0),0,MATCH(OFFSET($D48,0,$C48)+IF($C48<>1,1,COUNTIF(QCI!$A$13:$A$24,ORÇAMENTO!E48)),OFFSET($D48,1,$C48,ROW($C$110)-ROW($C48)),0))","v":0},"F","Serviço","Serviço","1.3.12.","SINAPI","95876",{"$f":"IF($C48=\"S\",REFERENCIA.Descricao,\"(digite a descrição aqui)\")","v":"TRANSPORTE COM CAMINHÃO BASCULANTE DE 14 M³, EM VIA URBANA PAVIMENTADA, DMT ATÉ 30 KM (UNIDADE: M3XKM). AF_07/2020"},"M3",{"$f":"OFFSET(CÁLCULO!H$15,ROW($T48)-ROW(T$15),0)","v":828},2.14,"BDI 1",{"$f":"IF($C48=\"S\",ROUND(IF(TIPOORCAMENTO=\"Proposto\",ORÇAMENTO.CustoUnitario*(1+$AH48),ORÇAMENTO.PrecoUnitarioLicitado),15-13*$AF$10),0)","v":2.64},{"$f":"IF($C48=\"S\",IF(OR(Import.TipoArredondamento<>\"TransfereGOV\",ACOMPANHAMENTO=\"BM\"),VTOTAL1,SUM(OFFSET(CÁLCULO!$AI$15,ROW($X48)-ROW($X$15),1):OFFSET(CÁLCULO!$BB$15,ROW($X48)-ROW($X$15),-1))),IF($C48=0,0,ROUND(SomaAgrup,15-13*$AF$11)))","v":2185.92},"RA","RA",{"$f":"IF($C48=\"S\",IF($Z48=\"CP\",$X48,IF($Z48=\"RA\",(($X48)*QCI!$AA$3),0)),SomaAgrup)","v":681.69219790072702},0,{"$f":"IF($N48=\"\",\" \",\nIF(AND($C48<>\"S\",OR($R48=\"\",$R48=\"(digite a descrição aqui)\")),\"DESCRIÇÃO\",\nIF(AND($C48=\"S\",OR($Q48<>0,$T48>0,$U48>0),$P48=0),\"FONTE\",\nIF(AND($C48=\"S\",$P48<>0,OR($T48>0,$U48>0),$Q48=0),\"CÓDIGO\",\nIF(AND($C48=\"S\",$P48<>0,$Q48<>0,$R48=\"(Código não identificado nas referências)\"),\"CÓDIGO N/ID\",\nIF(AND($C48=\"S\",OR($R48=\"\",$R48=\"(digite a descrição aqui)\"),OR($Q48<>0,$T48>0,$U48>0)),\"DESCRIÇÃO\",\nIF(AND($C48=\"S\",$P48<>0,$Q48<>0,$S48=\"\"),\"UNIDADE\",\nIF(AND($C48=\"S\",$P48<>0,$Q48<>0,$U48=0),\"SEM CUSTO\",\nIF(AND(TIPOORCAMENTO=\"Licitado\",$AL48=0,$AN48>0),\"SEM PREÇO\",\nIF(AND($C48=\"S\",$P48<>0,$Q48<>0,$U48>0,$V48=0),\"BDI\",\nIF(OR(AND(TIPOORCAMENTO=\"Proposto\",$AG48<>\"\",$AG48>0,ORÇAMENTO.CustoUnitario>$AG48),AND(TIPOORCAMENTO=\"LICITADO\",ORÇAMENTO.PrecoUnitarioLicitado>$AN48)),\"ACIMA REF.\",\nIF(AND($C48=\"S\",$P48<>0,$Q48<>0,$T48=0,$U48>0),\"QUANT.\",\nIF(AND(Import.TipoArredondamento=\"TransfereGOV\",$L48=\"F\",$C48=\"S\",LEN($Q48)>13),\"Código >13\",\nIF(AND(Import.TipoArredondamento=\"TransfereGOV\",$L48=\"F\",$C48<>\"S\",LEN($R48)>100),\"Descrição >100\",\nIF(AND(Import.TipoArredondamento=\"TransfereGOV\",$L48=\"F\",$C48=\"S\",LEN($R48)>500),\"Descrição >500\",\nIF(AND(Import.TipoArredondamento=\"TransfereGOV\",$L48=\"F\",$C48=\"S\",LEFT(TRIM(UPPER($P48)),6)<>\"SINAPI\",ISNA(VLOOKUP(TRIM(UPPER($S48)),ListaTgov.Unidades,1,FALSE))),\"Unid. Não Disp\",\n\" \"))))))))))))))))","v":" "},{"$f":"IF(C48<=CRONO.NivelExibicao,MAX($AD$15:OFFSET(AD48,-1,0))+IF($C48<>1,1,MAX(1,COUNTIF(QCI!$A$13:$A$24,OFFSET($E48,-1,0)))),\"\")","v":""},{"$f":"IF(AND($C48=\"S\",ORÇAMENTO.CodBarra<>\"\"),IF(ORÇAMENTO.Fonte=\"\",ORÇAMENTO.CodBarra,CONCATENATE(ORÇAMENTO.Fonte,\" \",ORÇAMENTO.CodBarra)))","v":"SINAPI 95876"},{"$f":"IF(ISERROR(INDIRECT(ORÇAMENTO.BancoRef)),\"(abra o arquivo 'Referência \"&Excel_BuiltIn_Database&\".xlsm)\",IF(OR($C48<>\"S\",ORÇAMENTO.CodBarra=\"\"),\"(Sem Código)\",IF(ISERROR(MATCH($AE48,INDIRECT(ORÇAMENTO.BancoRef),0)),\"(Código não identificado nas referências)\",MATCH($AE48,INDIRECT(ORÇAMENTO.BancoRef),0))))","v":15401},{"$f":"ROUND(IF(DESONERACAO=\"sim\",REFERENCIA.Desonerado,REFERENCIA.NaoDesonerado),2)","v":2.14},0.23380000000000001,null,{"$f":"27.6*30","v":828},null,null,2185.92,2.64]
["S",2,"S",0,{"$f":"IF($C49=1,OFFSET(E49,-1,0)+MAX(1,COUNTIF(QCI!$A$13:$A$24,OFFSET(ORÇAMENTO!E49,-1,0))),OFFSET(E49,-1,0))","v":1},3,0,0,13,0,{"$f":"IF(OR($C49=\"S\",$C49=0),0,MATCH(OFFSET($D49,0,$C49)+IF($C49<>1,1,COUNTIF(QCI!$A$13:$A$24,ORÇAMENTO!E49)),OFFSET($D49,1,$C49,ROW($C$110)-ROW($C49)),0))","v":0},"F","Serviço","Serviço","1.3.13.","Composição","IUD30165",{"$f":"IF($C49=\"S\",REFERENCIA.Descricao,\"(digite a descrição aqui)\")","v":"Dissipador de energia hidráulica em concreto armado Tipo-02 vazão entre 2 e 3 m3/s"},{"$f":"REFERENCIA.Unidade","v":"UN"},{"$f":"OFFSET(CÁLCULO!H$15,ROW($T49)-ROW(T$15),0)","v":1},16356.81,"BDI 1",{"$f":"IF($C49=\"S\",ROUND(IF(TIPOORCAMENTO=\"Proposto\",ORÇAMENTO.CustoUnitario*(1+$AH49),ORÇAMENTO.PrecoUnitarioLicitado),15-13*$AF$10),0)","v":20181.03},{"$f":"IF($C49=\"S\",IF(OR(Import.TipoArredondamento<>\"TransfereGOV\",ACOMPANHAMENTO=\"BM\"),VTOTAL1,SUM(OFFSET(CÁLCULO!$AI$15,ROW($X49)-ROW($X$15),1):OFFSET(CÁLCULO!$BB$15,ROW($X49)-ROW($X$15),-1))),IF($C49=0,0,ROUND(SomaAgrup,15-13*$AF$11)))","v":20181.03},"RA","RA",{"$f":"IF($C49=\"S\",IF($Z49=\"CP\",$X49,IF($Z49=\"RA\",(($X49)*QCI!$AA$3),0)),SomaAgrup)","v":6293.574648935235},0,{"$f":"IF($N49=\"\",\" \",\nIF(AND($C49<>\"S\",OR($R49=\"\",$R49=\"(digite a descrição aqui)\")),\"DESCRIÇÃO\",\nIF(AND($C49=\"S\",OR($Q49<>0,$T49>0,$U49>0),$P49=0),\"FONTE\",\nIF(AND($C49=\"S\",$P49<>0,OR($T49>0,$U49>0),$Q49=0),\"CÓDIGO\",\nIF(AND($C49=\"S\",$P49<>0,$Q49<>0,$R49=\"(Código não identificado nas referências)\"),\"CÓDIGO N/ID\",\nIF(AND($C49=\"S\",OR($R49=\"\",$R49=\"(digite a descrição aqui)\"),OR($Q49<>0,$T49>0,$U49>0)),\"DESCRIÇÃO\",\nIF(AND($C49=\"S\",$P49<>0,$Q49<>0,$S49=\"\"),\"UNIDADE\",\nIF(AND($C49=\"S\",$P49<>0,$Q49<>0,$U49=0),\"SEM CUSTO\",\nIF(AND(TIPOORCAMENTO=\"Licitado\",$AL49=0,$AN49>0),\"SEM PREÇO\",\nIF(AND($C49=\"S\",$P49<>0,$Q49<>0,$U49>0,$V49=0),\"BDI\",\nIF(OR(AND(TIPOORCAMENTO=\"Proposto\",$AG49<>\"\",$AG49>0,ORÇAMENTO.CustoUnitario>$AG49),AND(TIPOORCAMENTO=\"LICITADO\",ORÇAMENTO.PrecoUnitarioLicitado>$AN49)),\"ACIMA REF.\",\nIF(AND($C49=\"S\",$P49<>0,$Q49<>0,$T49=0,$U49>0),\"QUANT.\",\nIF(AND(Import.TipoArredondamento=\"TransfereGOV\",$L49=\"F\",$C49=\"S\",LEN($Q49)>13),\"Código >13\",\nIF(AND(Import.TipoArredondamento=\"TransfereGOV\",$L49=\"F\",$C49<>\"S\",LEN($R49)>100),\"Descrição >100\",\nIF(AND(Import.TipoArredondamento=\"TransfereGOV\",$L49=\"F\",$C49=\"S\",LEN($R49)>500),\"Descrição >500\",\nIF(AND(Import.TipoArredondamento=\"TransfereGOV\",$L49=\"F\",$C49=\"S\",LEFT(TRIM(UPPER($P49)),6)<>\"SINAPI\",ISNA(VLOOKUP(TRIM(UPPER($S49)),ListaTgov.Unidades,1,FALSE))),\"Unid. Não Disp\",\n\" \"))))))))))))))))","v":" "},{"$f":"IF(C49<=CRONO.NivelExibicao,MAX($AD$15:OFFSET(AD49,-1,0))+IF($C49<>1,1,MAX(1,COUNTIF(QCI!$A$13:$A$24,OFFSET($E49,-1,0)))),\"\")","v":""},{"$f":"IF(AND($C49=\"S\",ORÇAMENTO.CodBarra<>\"\"),IF(ORÇAMENTO.Fonte=\"\",ORÇAMENTO.CodBarra,CONCATENATE(ORÇAMENTO.Fonte,\" \",ORÇAMENTO.CodBarra)))","v":"Composição IUD30165"},{"$f":"IF(ISERROR(INDIRECT(ORÇAMENTO.BancoRef)),\"(abra o arquivo 'Referência \"&Excel_BuiltIn_Database&\".xlsm)\",IF(OR($C49<>\"S\",ORÇAMENTO.CodBarra=\"\"),\"(Sem Código)\",IF(ISERROR(MATCH($AE49,INDIRECT(ORÇAMENTO.BancoRef),0)),\"(Código não identificado nas referências)\",MATCH($AE49,INDIRECT(ORÇAMENTO.BancoRef),0))))","v":12},{"$f":"ROUND(IF(DESONERACAO=\"sim\",REFERENCIA.Desonerado,REFERENCIA.NaoDesonerado),2)","v":16356.81},0.23380000000000001,null,1,null,null,20181.03,20181.03]
[2,2,2,16,{"$f":"IF($C50=1,OFFSET(E50,-1,0)+MAX(1,COUNTIF(QCI!$A$13:$A$24,OFFSET(ORÇAMENTO!E50,-1,0))),OFFSET(E50,-1,0))","v":1},4,0,0,0,60,{"$f":"IF(OR($C50=\"S\",$C50=0),0,MATCH(OFFSET($D50,0,$C50)+IF($C50<>1,1,COUNTIF(QCI!$A$13:$A$24,ORÇAMENTO!E50)),OFFSET($D50,1,$C50,ROW($C$110)-ROW($C50)),0))","v":16},"F","Nível 2","Nível 2","1.4.","SINAPI","IUD20038","RECOMPOSIÇÃO DO PAVIMENTO",{"$f":"REFERENCIA.Unidade","v":"-"},{"$f":"OFFSET(CÁLCULO!H$15,ROW($T50)-ROW(T$15),0)","v":0},0,"BDI 1",{"$f":"IF($C50=\"S\",ROUND(IF(TIPOORCAMENTO=\"Proposto\",ORÇAMENTO.CustoUnitario*(1+$AH50),ORÇAMENTO.PrecoUnitarioLicitado),15-13*$AF$10),0)","v":0},{"$f":"IF($C50=\"S\",IF(OR(Import.TipoArredondamento<>\"TransfereGOV\",ACOMPANHAMENTO=\"BM\"),VTOTAL1,SUM(OFFSET(CÁLCULO!$AI$15,ROW($X50)-ROW($X$15),1):OFFSET(CÁLCULO!$BB$15,ROW($X50)-ROW($X$15),-1))),IF($C50=0,0,ROUND(SomaAgrup,15-13*$AF$11)))","v":108404.6},"RA","",{"$f":"IF($C50=\"S\",IF($Z50=\"CP\",$X50,IF($Z50=\"RA\",(($X50)*QCI!$AA$3),0)),SomaAgrup)","v":33806.621485026517},0,{"$f":"IF($N50=\"\",\" \",\nIF(AND($C50<>\"S\",OR($R50=\"\",$R50=\"(digite a descrição aqui)\")),\"DESCRIÇÃO\",\nIF(AND($C50=\"S\",OR($Q50<>0,$T50>0,$U50>0),$P50=0),\"FONTE\",\nIF(AND($C50=\"S\",$P50<>0,OR($T50>0,$U50>0),$Q50=0),\"CÓDIGO\",\nIF(AND($C50=\"S\",$P50<>0,$Q50<>0,$R50=\"(Código não identificado nas referências)\"),\"CÓDIGO N/ID\",\nIF(AND($C50=\"S\",OR($R50=\"\",$R50=\"(digite a descrição aqui)\"),OR($Q50<>0,$T50>0,$U50>0)),\"DESCRIÇÃO\",\nIF(AND($C50=\"S\",$P50<>0,$Q50<>0,$S50=\"\"),\"UNIDADE\",\nIF(AND($C50=\"S\",$P50<>0,$Q50<>0,$U50=0),\"SEM CUSTO\",\nIF(AND(TIPOORCAMENTO=\"Licitado\",$AL50=0,$AN50>0),\"SEM PREÇO\",\nIF(AND($C50=\"S\",$P50<>0,$Q50<>0,$U50>0,$V50=0),\"BDI\",\nIF(OR(AND(TIPOORCAMENTO=\"Proposto\",$AG50<>\"\",$AG50>0,ORÇAMENTO.CustoUnitario>$AG50),AND(TIPOORCAMENTO=\"LICITADO\",ORÇAMENTO.PrecoUnitarioLicitado>$AN50)),\"ACIMA REF.\",\nIF(AND($C50=\"S\",$P50<>0,$Q50<>0,$T50=0,$U50>0),\"QUANT.\",\nIF(AND(Import.TipoArredondamento=\"TransfereGOV\",$L50=\"F\",$C50=\"S\",LEN($Q50)>13),\"Código >13\",\nIF(AND(Import.TipoArredondamento=\"TransfereGOV\",$L50=\"F\",$C50<>\"S\",LEN($R50)>100),\"Descrição >100\",\nIF(AND(Import.TipoArredondamento=\"TransfereGOV\",$L50=\"F\",$C50=\"S\",LEN($R50)>500),\"Descrição >500\",\nIF(AND(Import.TipoArredondamento=\"TransfereGOV\",$L50=\"F\",$C50=\"S\",LEFT(TRIM(UPPER($P50)),6)<>\"SINAPI\",ISNA(VLOOKUP(TRIM(UPPER($S50)),ListaTgov.Unidades,1,FALSE))),\"Unid. Não Disp\",\n\" \"))))))))))))))))","v":" "},{"$f":"IF(C50<=CRONO.NivelExibicao,MAX($AD$15:OFFSET(AD50,-1,0))+IF($C50<>1,1,MAX(1,COUNTIF(QCI!$A$13:$A$24,OFFSET($E50,-1,0)))),\"\")","v":5},{"$f":"IF(AND($C50=\"S\",ORÇAMENTO.CodBarra<>\"\"),IF(ORÇAMENTO.Fonte=\"\",ORÇAMENTO.CodBarra,CONCATENATE(ORÇAMENTO.Fonte,\" \",ORÇAMENTO.CodBarra)))","v":false},{"$f":"IF(ISERROR(INDIRECT(ORÇAMENTO.BancoRef)),\"(abra o arquivo 'Referência \"&Excel_BuiltIn_Database&\".xlsm)\",IF(OR($C50<>\"S\",ORÇAMENTO.CodBarra=\"\"),\"(Sem Código)\",IF(ISERROR(MATCH($AE50,INDIRECT(ORÇAMENTO.BancoRef),0)),\"(Código não identificado nas referências)\",MATCH($AE50,INDIRECT(ORÇAMENTO.BancoRef),0))))","v":"(Sem Código)"},{"$f":"ROUND(IF(DESONERACAO=\"sim\",REFERENCIA.Desonerado,REFERENCIA.NaoDesonerado),2)","v":0},0.23380000000000001,null,null,null,null,108404.6,0]
["S",2,"S",0,{"$f":"IF($C51=1,OFFSET(E51,-1,0)+MAX(1,COUNTIF(QCI!$A$13:$A$24,OFFSET(ORÇAMENTO!E51,-1,0))),OFFSET(E51,-1,0))","v":1},4,0,0,1,0,{"$f":"IF(OR($C51=\"S\",$C51=0),0,MATCH(OFFSET($D51,0,$C51)+IF($C51<>1,1,COUNTIF(QCI!$A$13:$A$24,ORÇAMENTO!E51)),OFFSET($D51,1,$C51,ROW($C$110)-ROW($C51)),0))","v":0},"F","Serviço","Serviço","1.4.1.","Composição","IUP30005",{"$f":"IF($C51=\"S\",REFERENCIA.Descricao,\"(digite a descrição aqui)\")","v":"Demolição de pavimento asfáltico com emprego de retro-escavadeira e serra de disco, exclusive bota-fora do material"},{"$f":"REFERENCIA.Unidade","v":"M3"},{"$f":"OFFSET(CÁLCULO!H$15,ROW($T51)-ROW(T$15),0)","v":10.66},18.55,"BDI 1",{"$f":"IF($C51=\"S\",ROUND(IF(TIPOORCAMENTO=\"Proposto\",ORÇAMENTO.CustoUnitario*(1+$AH51),ORÇAMENTO.PrecoUnitarioLicitado),15-13*$AF$10),0)","v":22.89},{"$f":"IF($C51=\"S\",IF(OR(Import.TipoArredondamento<>\"TransfereGOV\",ACOMPANHAMENTO=\"BM\"),VTOTAL1,SUM(OFFSET(CÁLCULO!$AI$15,ROW($X51)-ROW($X$15),1):OFFSET(CÁLCULO!$BB$15,ROW($X51)-ROW($X$15),-1))),IF($C51=0,0,ROUND(SomaAgrup,15-13*$AF$11)))","v":244.01},"RA","RA",{"$f":"IF($C51=\"S\",IF($Z51=\"CP\",$X51,IF($Z51=\"RA\",(($X51)*QCI!$AA$3),0)),SomaAgrup)","v":76.095974788535898},0,{"$f":"IF($N51=\"\",\" \",\nIF(AND($C51<>\"S\",OR($R51=\"\",$R51=\"(digite a descrição aqui)\")),\"DESCRIÇÃO\",\nIF(AND($C51=\"S\",OR($Q51<>0,$T51>0,$U51>0),$P51=0),\"FONTE\",\nIF(AND($C51=\"S\",$P51<>0,OR($T51>0,$U51>0),$Q51=0),\"CÓDIGO\",\nIF(AND($C51=\"S\",$P51<>0,$Q51<>0,$R51=\"(Código não identificado nas referências)\"),\"CÓDIGO N/ID\",\nIF(AND($C51=\"S\",OR($R51=\"\",$R51=\"(digite a descrição aqui)\"),OR($Q51<>0,$T51>0,$U51>0)),\"DESCRIÇÃO\",\nIF(AND($C51=\"S\",$P51<>0,$Q51<>0,$S51=\"\"),\"UNIDADE\",\nIF(AND($C51=\"S\",$P51<>0,$Q51<>0,$U51=0),\"SEM CUSTO\",\nIF(AND(TIPOORCAMENTO=\"Licitado\",$AL51=0,$AN51>0),\"SEM PREÇO\",\nIF(AND($C51=\"S\",$P51<>0,$Q51<>0,$U51>0,$V51=0),\"BDI\",\nIF(OR(AND(TIPOORCAMENTO=\"Proposto\",$AG51<>\"\",$AG51>0,ORÇAMENTO.CustoUnitario>$AG51),AND(TIPOORCAMENTO=\"LICITADO\",ORÇAMENTO.PrecoUnitarioLicitado>$AN51)),\"ACIMA REF.\",\nIF(AND($C51=\"S\",$P51<>0,$Q51<>0,$T51=0,$U51>0),\"QUANT.\",\nIF(AND(Import.TipoArredondamento=\"TransfereGOV\",$L51=\"F\",$C51=\"S\",LEN($Q51)>13),\"Código >13\",\nIF(AND(Import.TipoArredondamento=\"TransfereGOV\",$L51=\"F\",$C51<>\"S\",LEN($R51)>100),\"Descrição >100\",\nIF(AND(Import.TipoArredondamento=\"TransfereGOV\",$L51=\"F\",$C51=\"S\",LEN($R51)>500),\"Descrição >500\",\nIF(AND(Import.TipoArredondamento=\"TransfereGOV\",$L51=\"F\",$C51=\"S\",LEFT(TRIM(UPPER($P51)),6)<>\"SINAPI\",ISNA(VLOOKUP(TRIM(UPPER($S51)),ListaTgov.Unidades,1,FALSE))),\"Unid. Não Disp\",\n\" \"))))))))))))))))","v":" "},{"$f":"IF(C51<=CRONO.NivelExibicao,MAX($AD$15:OFFSET(AD51,-1,0))+IF($C51<>1,1,MAX(1,COUNTIF(QCI!$A$13:$A$24,OFFSET($E51,-1,0)))),\"\")","v":""},{"$f":"IF(AND($C51=\"S\",ORÇAMENTO.CodBarra<>\"\"),IF(ORÇAMENTO.Fonte=\"\",ORÇAMENTO.CodBarra,CONCATENATE(ORÇAMENTO.Fonte,\" \",ORÇAMENTO.CodBarra)))","v":"Composição IUP30005"},{"$f":"IF(ISERROR(INDIRECT(ORÇAMENTO.BancoRef)),\"(abra o arquivo 'Referência \"&Excel_BuiltIn_Database&\".xlsm)\",IF(OR($C51<>\"S\",ORÇAMENTO.CodBarra=\"\"),\"(Sem Código)\",IF(ISERROR(MATCH($AE51,INDIRECT(ORÇAMENTO.BancoRef),0)),\"(Código não identificado nas referências)\",MATCH($AE51,INDIRECT(ORÇAMENTO.BancoRef),0))))","v":13},{"$f":"ROUND(IF(DESONERACAO=\"sim\",REFERENCIA.Desonerado,REFERENCIA.NaoDesonerado),2)","v":18.55},0.23380000000000001,null,10.66,null,null,244.01,22.89]
["S",2,"S",0,{"$f":"IF($C52=1,OFFSET(E52,-1,0)+MAX(1,COUNTIF(QCI!$A$13:$A$24,OFFSET(ORÇAMENTO!E52,-1,0))),OFFSET(E52,-1,0))","v":1},4,0,0,2,0,{"$f":"IF(OR($C52=\"S\",$C52=0),0,MATCH(OFFSET($D52,0,$C52)+IF($C52<>1,1,COUNTIF(QCI!$A$13:$A$24,ORÇAMENTO!E52)),OFFSET($D52,1,$C52,ROW($C$110)-ROW($C52)),0))","v":0},"F","Serviço","Serviço","1.4.2.","SINAPI","100979",{"$f":"IF($C52=\"S\",REFERENCIA.Descricao,\"(digite a descrição aqui)\")","v":"CARGA, MANOBRA E DESCARGA DE SOLOS E MATERIAIS GRANULARES EM CAMINHÃO BASCULANTE 14 M³ - CARGA COM ESCAVADEIRA HIDRÁULICA (CAÇAMBA DE 1,20 M³ / 155 HP) E DESCARGA LIVRE (UNIDADE: M3). AF_07/2020"},{"$f":"REFERENCIA.Unidade","v":"M3"},{"$f":"OFFSET(CÁLCULO!H$15,ROW($T52)-ROW(T$15),0)","v":13.86},6.65,"BDI 1",{"$f":"IF($C52=\"S\",ROUND(IF(TIPOORCAMENTO=\"Proposto\",ORÇAMENTO.CustoUnitario*(1+$AH52),ORÇAMENTO.PrecoUnitarioLicitado),15-13*$AF$10),0)","v":8.1999999999999993},{"$f":"IF($C52=\"S\",IF(OR(Import.TipoArredondamento<>\"TransfereGOV\",ACOMPANHAMENTO=\"BM\"),VTOTAL1,SUM(OFFSET(CÁLCULO!$AI$15,ROW($X52)-ROW($X$15),1):OFFSET(CÁLCULO!$BB$15,ROW($X52)-ROW($X$15),-1))),IF($C52=0,0,ROUND(SomaAgrup,15-13*$AF$11)))","v":113.65},"RA","RA",{"$f":"IF($C52=\"S\",IF($Z52=\"CP\",$X52,IF($Z52=\"RA\",(($X52)*QCI!$AA$3),0)),SomaAgrup)","v":35.442430780365996},0,{"$f":"IF($N52=\"\",\" \",\nIF(AND($C52<>\"S\",OR($R52=\"\",$R52=\"(digite a descrição aqui)\")),\"DESCRIÇÃO\",\nIF(AND($C52=\"S\",OR($Q52<>0,$T52>0,$U52>0),$P52=0),\"FONTE\",\nIF(AND($C52=\"S\",$P52<>0,OR($T52>0,$U52>0),$Q52=0),\"CÓDIGO\",\nIF(AND($C52=\"S\",$P52<>0,$Q52<>0,$R52=\"(Código não identificado nas referências)\"),\"CÓDIGO N/ID\",\nIF(AND($C52=\"S\",OR($R52=\"\",$R52=\"(digite a descrição aqui)\"),OR($Q52<>0,$T52>0,$U52>0)),\"DESCRIÇÃO\",\nIF(AND($C52=\"S\",$P52<>0,$Q52<>0,$S52=\"\"),\"UNIDADE\",\nIF(AND($C52=\"S\",$P52<>0,$Q52<>0,$U52=0),\"SEM CUSTO\",\nIF(AND(TIPOORCAMENTO=\"Licitado\",$AL52=0,$AN52>0),\"SEM PREÇO\",\nIF(AND($C52=\"S\",$P52<>0,$Q52<>0,$U52>0,$V52=0),\"BDI\",\nIF(OR(AND(TIPOORCAMENTO=\"Proposto\",$AG52<>\"\",$AG52>0,ORÇAMENTO.CustoUnitario>$AG52),AND(TIPOORCAMENTO=\"LICITADO\",ORÇAMENTO.PrecoUnitarioLicitado>$AN52)),\"ACIMA REF.\",\nIF(AND($C52=\"S\",$P52<>0,$Q52<>0,$T52=0,$U52>0),\"QUANT.\",\nIF(AND(Import.TipoArredondamento=\"TransfereGOV\",$L52=\"F\",$C52=\"S\",LEN($Q52)>13),\"Código >13\",\nIF(AND(Import.TipoArredondamento=\"TransfereGOV\",$L52=\"F\",$C52<>\"S\",LEN($R52)>100),\"Descrição >100\",\nIF(AND(Import.TipoArredondamento=\"TransfereGOV\",$L52=\"F\",$C52=\"S\",LEN($R52)>500),\"Descrição >500\",\nIF(AND(Import.TipoArredondamento=\"TransfereGOV\",$L52=\"F\",$C52=\"S\",LEFT(TRIM(UPPER($P52)),6)<>\"SINAPI\",ISNA(VLOOKUP(TRIM(UPPER($S52)),ListaTgov.Unidades,1,FALSE))),\"Unid. Não Disp\",\n\" \"))))))))))))))))","v":" "},{"$f":"IF(C52<=CRONO.NivelExibicao,MAX($AD$15:OFFSET(AD52,-1,0))+IF($C52<>1,1,MAX(1,COUNTIF(QCI!$A$13:$A$24,OFFSET($E52,-1,0)))),\"\")","v":""},{"$f":"IF(AND($C52=\"S\",ORÇAMENTO.CodBarra<>\"\"),IF(ORÇAMENTO.Fonte=\"\",ORÇAMENTO.CodBarra,CONCATENATE(ORÇAMENTO.Fonte,\" \",ORÇAMENTO.CodBarra)))","v":"SINAPI 100979"},{"$f":"IF(ISERROR(INDIRECT(ORÇAMENTO.BancoRef)),\"(abra o arquivo 'Referência \"&Excel_BuiltIn_Database&\".xlsm)\",IF(OR($C52<>\"S\",ORÇAMENTO.CodBarra=\"\"),\"(Sem Código)\",IF(ISERROR(MATCH($AE52,INDIRECT(ORÇAMENTO.BancoRef),0)),\"(Código não identificado nas referências)\",MATCH($AE52,INDIRECT(ORÇAMENTO.BancoRef),0))))","v":15335},{"$f":"ROUND(IF(DESONERACAO=\"sim\",REFERENCIA.Desonerado,REFERENCIA.NaoDesonerado),2)","v":6.65},0.23380000000000001,null,{"$f":"AJ51*1.3","v":13.858000000000001},null,null,113.65,8.1999999999999993]
["S",2,"S",0,{"$f":"IF($C53=1,OFFSET(E53,-1,0)+MAX(1,COUNTIF(QCI!$A$13:$A$24,OFFSET(ORÇAMENTO!E53,-1,0))),OFFSET(E53,-1,0))","v":1},4,0,0,3,0,{"$f":"IF(OR($C53=\"S\",$C53=0),0,MATCH(OFFSET($D53,0,$C53)+IF($C53<>1,1,COUNTIF(QCI!$A$13:$A$24,ORÇAMENTO!E53)),OFFSET($D53,1,$C53,ROW($C$110)-ROW($C53)),0))","v":0},"F","Serviço","Serviço","1.4.3.","SINAPI","95876",{"$f":"IF($C53=\"S\",REFERENCIA.Descricao,\"(digite a descrição aqui)\")","v":"TRANSPORTE COM CAMINHÃO BASCULANTE DE 14 M³, EM VIA URBANA PAVIMENTADA, DMT ATÉ 30 KM (UNIDADE: M3XKM). AF_07/2020"},{"$f":"REFERENCIA.Unidade","v":"M3XKM"},{"$f":"OFFSET(CÁLCULO!H$15,ROW($T53)-ROW(T$15),0)","v":69.290000000000006},2.14,"BDI 1",{"$f":"IF($C53=\"S\",ROUND(IF(TIPOORCAMENTO=\"Proposto\",ORÇAMENTO.CustoUnitario*(1+$AH53),ORÇAMENTO.PrecoUnitarioLicitado),15-13*$AF$10),0)","v":2.64},{"$f":"IF($C53=\"S\",IF(OR(Import.TipoArredondamento<>\"TransfereGOV\",ACOMPANHAMENTO=\"BM\"),VTOTAL1,SUM(OFFSET(CÁLCULO!$AI$15,ROW($X53)-ROW($X$15),1):OFFSET(CÁLCULO!$BB$15,ROW($X53)-ROW($X$15),-1))),IF($C53=0,0,ROUND(SomaAgrup,15-13*$AF$11)))","v":182.93},"RA","RA",{"$f":"IF($C53=\"S\",IF($Z53=\"CP\",$X53,IF($Z53=\"RA\",(($X53)*QCI!$AA$3),0)),SomaAgrup)","v":57.047812253870227},0,{"$f":"IF($N53=\"\",\" \",\nIF(AND($C53<>\"S\",OR($R53=\"\",$R53=\"(digite a descrição aqui)\")),\"DESCRIÇÃO\",\nIF(AND($C53=\"S\",OR($Q53<>0,$T53>0,$U53>0),$P53=0),\"FONTE\",\nIF(AND($C53=\"S\",$P53<>0,OR($T53>0,$U53>0),$Q53=0),\"CÓDIGO\",\nIF(AND($C53=\"S\",$P53<>0,$Q53<>0,$R53=\"(Código não identificado nas referências)\"),\"CÓDIGO N/ID\",\nIF(AND($C53=\"S\",OR($R53=\"\",$R53=\"(digite a descrição aqui)\"),OR($Q53<>0,$T53>0,$U53>0)),\"DESCRIÇÃO\",\nIF(AND($C53=\"S\",$P53<>0,$Q53<>0,$S53=\"\"),\"UNIDADE\",\nIF(AND($C53=\"S\",$P53<>0,$Q53<>0,$U53=0),\"SEM CUSTO\",\nIF(AND(TIPOORCAMENTO=\"Licitado\",$AL53=0,$AN53>0),\"SEM PREÇO\",\nIF(AND($C53=\"S\",$P53<>0,$Q53<>0,$U53>0,$V53=0),\"BDI\",\nIF(OR(AND(TIPOORCAMENTO=\"Proposto\",$AG53<>\"\",$AG53>0,ORÇAMENTO.CustoUnitario>$AG53),AND(TIPOORCAMENTO=\"LICITADO\",ORÇAMENTO.PrecoUnitarioLicitado>$AN53)),\"ACIMA REF.\",\nIF(AND($C53=\"S\",$P53<>0,$Q53<>0,$T53=0,$U53>0),\"QUANT.\",\nIF(AND(Import.TipoArredondamento=\"TransfereGOV\",$L53=\"F\",$C53=\"S\",LEN($Q53)>13),\"Código >13\",\nIF(AND(Import.TipoArredondamento=\"TransfereGOV\",$L53=\"F\",$C53<>\"S\",LEN($R53)>100),\"Descrição >100\",\nIF(AND(Import.TipoArredondamento=\"TransfereGOV\",$L53=\"F\",$C53=\"S\",LEN($R53)>500),\"Descrição >500\",\nIF(AND(Import.TipoArredondamento=\"TransfereGOV\",$L53=\"F\",$C53=\"S\",LEFT(TRIM(UPPER($P53)),6)<>\"SINAPI\",ISNA(VLOOKUP(TRIM(UPPER($S53)),ListaTgov.Unidades,1,FALSE))),\"Unid. Não Disp\",\n\" \"))))))))))))))))","v":" "},{"$f":"IF(C53<=CRONO.NivelExibicao,MAX($AD$15:OFFSET(AD53,-1,0))+IF($C53<>1,1,MAX(1,COUNTIF(QCI!$A$13:$A$24,OFFSET($E53,-1,0)))),\"\")","v":""},{"$f":"IF(AND($C53=\"S\",ORÇAMENTO.CodBarra<>\"\"),IF(ORÇAMENTO.Fonte=\"\",ORÇAMENTO.CodBarra,CONCATENATE(ORÇAMENTO.Fonte,\" \",ORÇAMENTO.CodBarra)))","v":"SINAPI 95876"},{"$f":"IF(ISERROR(INDIRECT(ORÇAMENTO.BancoRef)),\"(abra o arquivo 'Referência \"&Excel_BuiltIn_Database&\".xlsm)\",IF(OR($C53<>\"S\",ORÇAMENTO.CodBarra=\"\"),\"(Sem Código)\",IF(ISERROR(MATCH($AE53,INDIRECT(ORÇAMENTO.BancoRef),0)),\"(Código não identificado nas referências)\",MATCH($AE53,INDIRECT(ORÇAMENTO.BancoRef),0))))","v":15401},{"$f":"ROUND(IF(DESONERACAO=\"sim\",REFERENCIA.Desonerado,REFERENCIA.NaoDesonerado),2)","v":2.14},0.23380000000000001,null,{"$f":"AJ52*5","v":69.290000000000006},null,null,182.93,2.64]
["S",2,"S",0,{"$f":"IF($C54=1,OFFSET(E54,-1,0)+MAX(1,COUNTIF(QCI!$A$13:$A$24,OFFSET(ORÇAMENTO!E54,-1,0))),OFFSET(E54,-1,0))","v":1},4,0,0,4,0,{"$f":"IF(OR($C54=\"S\",$C54=0),0,MATCH(OFFSET($D54,0,$C54)+IF($C54<>1,1,COUNTIF(QCI!$A$13:$A$24,ORÇAMENTO!E54)),OFFSET($D54,1,$C54,ROW($C$110)-ROW($C54)),0))","v":0},"F","Serviço","Serviço","1.4.4.","SINAPI","100577",{"$f":"IF($C54=\"S\",REFERENCIA.Descricao,\"(digite a descrição aqui)\")","v":"REGULARIZAÇÃO E COMPACTAÇÃO DE SUBLEITO DE SOLO PREDOMINANTEMENTE ARENOSO, PARA OBRAS DE CONSTRUÇÃO DE PAVIMENTOS. AF_09/2024"},{"$f":"REFERENCIA.Unidade","v":"M2"},{"$f":"OFFSET(CÁLCULO!H$15,ROW($T54)-ROW(T$15),0)","v":355.31},1.44,"BDI 1",{"$f":"IF($C54=\"S\",ROUND(IF(TIPOORCAMENTO=\"Proposto\",ORÇAMENTO.CustoUnitario*(1+$AH54),ORÇAMENTO.PrecoUnitarioLicitado),15-13*$AF$10),0)","v":1.78},{"$f":"IF($C54=\"S\",IF(OR(Import.TipoArredondamento<>\"TransfereGOV\",ACOMPANHAMENTO=\"BM\"),VTOTAL1,SUM(OFFSET(CÁLCULO!$AI$15,ROW($X54)-ROW($X$15),1):OFFSET(CÁLCULO!$BB$15,ROW($X54)-ROW($X$15),-1))),IF($C54=0,0,ROUND(SomaAgrup,15-13*$AF$11)))","v":632.45000000000005},"RA","RA",{"$f":"IF($C54=\"S\",IF($Z54=\"CP\",$X54,IF($Z54=\"RA\",(($X54)*QCI!$AA$3),0)),SomaAgrup)","v":197.23330705712692},0,{"$f":"IF($N54=\"\",\" \",\nIF(AND($C54<>\"S\",OR($R54=\"\",$R54=\"(digite a descrição aqui)\")),\"DESCRIÇÃO\",\nIF(AND($C54=\"S\",OR($Q54<>0,$T54>0,$U54>0),$P54=0),\"FONTE\",\nIF(AND($C54=\"S\",$P54<>0,OR($T54>0,$U54>0),$Q54=0),\"CÓDIGO\",\nIF(AND($C54=\"S\",$P54<>0,$Q54<>0,$R54=\"(Código não identificado nas referências)\"),\"CÓDIGO N/ID\",\nIF(AND($C54=\"S\",OR($R54=\"\",$R54=\"(digite a descrição aqui)\"),OR($Q54<>0,$T54>0,$U54>0)),\"DESCRIÇÃO\",\nIF(AND($C54=\"S\",$P54<>0,$Q54<>0,$S54=\"\"),\"UNIDADE\",\nIF(AND($C54=\"S\",$P54<>0,$Q54<>0,$U54=0),\"SEM CUSTO\",\nIF(AND(TIPOORCAMENTO=\"Licitado\",$AL54=0,$AN54>0),\"SEM PREÇO\",\nIF(AND($C54=\"S\",$P54<>0,$Q54<>0,$U54>0,$V54=0),\"BDI\",\nIF(OR(AND(TIPOORCAMENTO=\"Proposto\",$AG54<>\"\",$AG54>0,ORÇAMENTO.CustoUnitario>$AG54),AND(TIPOORCAMENTO=\"LICITADO\",ORÇAMENTO.PrecoUnitarioLicitado>$AN54)),\"ACIMA REF.\",\nIF(AND($C54=\"S\",$P54<>0,$Q54<>0,$T54=0,$U54>0),\"QUANT.\",\nIF(AND(Import.TipoArredondamento=\"TransfereGOV\",$L54=\"F\",$C54=\"S\",LEN($Q54)>13),\"Código >13\",\nIF(AND(Import.TipoArredondamento=\"TransfereGOV\",$L54=\"F\",$C54<>\"S\",LEN($R54)>100),\"Descrição >100\",\nIF(AND(Import.TipoArredondamento=\"TransfereGOV\",$L54=\"F\",$C54=\"S\",LEN($R54)>500),\"Descrição >500\",\nIF(AND(Import.TipoArredondamento=\"TransfereGOV\",$L54=\"F\",$C54=\"S\",LEFT(TRIM(UPPER($P54)),6)<>\"SINAPI\",ISNA(VLOOKUP(TRIM(UPPER($S54)),ListaTgov.Unidades,1,FALSE))),\"Unid. Não Disp\",\n\" \"))))))))))))))))","v":" "},{"$f":"IF(C54<=CRONO.NivelExibicao,MAX($AD$15:OFFSET(AD54,-1,0))+IF($C54<>1,1,MAX(1,COUNTIF(QCI!$A$13:$A$24,OFFSET($E54,-1,0)))),\"\")","v":""},{"$f":"IF(AND($C54=\"S\",ORÇAMENTO.CodBarra<>\"\"),IF(ORÇAMENTO.Fonte=\"\",ORÇAMENTO.CodBarra,CONCATENATE(ORÇAMENTO.Fonte,\" \",ORÇAMENTO.CodBarra)))","v":"SINAPI 100577"},{"$f":"IF(ISERROR(INDIRECT(ORÇAMENTO.BancoRef)),\"(abra o arquivo 'Referência \"&Excel_BuiltIn_Database&\".xlsm)\",IF(OR($C54<>\"S\",ORÇAMENTO.CodBarra=\"\"),\"(Sem Código)\",IF(ISERROR(MATCH($AE54,INDIRECT(ORÇAMENTO.BancoRef),0)),\"(Código não identificado nas referências)\",MATCH($AE54,INDIRECT(ORÇAMENTO.BancoRef),0))))","v":7006},{"$f":"ROUND(IF(DESONERACAO=\"sim\",REFERENCIA.Desonerado,REFERENCIA.NaoDesonerado),2)","v":1.44},0.23380000000000001,null,355.31,null,null,632.45000000000005,1.78]
["S",2,"S",0,{"$f":"IF($C55=1,OFFSET(E55,-1,0)+MAX(1,COUNTIF(QCI!$A$13:$A$24,OFFSET(ORÇAMENTO!E55,-1,0))),OFFSET(E55,-1,0))","v":1},4,0,0,5,0,{"$f":"IF(OR($C55=\"S\",$C55=0),0,MATCH(OFFSET($D55,0,$C55)+IF($C55<>1,1,COUNTIF(QCI!$A$13:$A$24,ORÇAMENTO!E55)),OFFSET($D55,1,$C55,ROW($C$110)-ROW($C55)),0))","v":0},"F","Serviço","Serviço","1.4.5.","Composição","IUP30069",{"$f":"IF($C55=\"S\",REFERENCIA.Descricao,\"(digite a descrição aqui)\")","v":"Execução e compactação de base para pavimentação com pedra britada ou bica corrida"},"M3",{"$f":"OFFSET(CÁLCULO!H$15,ROW($T55)-ROW(T$15),0)","v":53.3},95.58,"BDI 1",{"$f":"IF($C55=\"S\",ROUND(IF(TIPOORCAMENTO=\"Proposto\",ORÇAMENTO.CustoUnitario*(1+$AH55),ORÇAMENTO.PrecoUnitarioLicitado),15-13*$AF$10),0)","v":117.93},{"$f":"IF($C55=\"S\",IF(OR(Import.TipoArredondamento<>\"TransfereGOV\",ACOMPANHAMENTO=\"BM\"),VTOTAL1,SUM(OFFSET(CÁLCULO!$AI$15,ROW($X55)-ROW($X$15),1):OFFSET(CÁLCULO!$BB$15,ROW($X55)-ROW($X$15),-1))),IF($C55=0,0,ROUND(SomaAgrup,15-13*$AF$11)))","v":6285.67},"RA","RA",{"$f":"IF($C55=\"S\",IF($Z55=\"CP\",$X55,IF($Z55=\"RA\",(($X55)*QCI!$AA$3),0)),SomaAgrup)","v":1960.2237033279639},0,{"$f":"IF($N55=\"\",\" \",\nIF(AND($C55<>\"S\",OR($R55=\"\",$R55=\"(digite a descrição aqui)\")),\"DESCRIÇÃO\",\nIF(AND($C55=\"S\",OR($Q55<>0,$T55>0,$U55>0),$P55=0),\"FONTE\",\nIF(AND($C55=\"S\",$P55<>0,OR($T55>0,$U55>0),$Q55=0),\"CÓDIGO\",\nIF(AND($C55=\"S\",$P55<>0,$Q55<>0,$R55=\"(Código não identificado nas referências)\"),\"CÓDIGO N/ID\",\nIF(AND($C55=\"S\",OR($R55=\"\",$R55=\"(digite a descrição aqui)\"),OR($Q55<>0,$T55>0,$U55>0)),\"DESCRIÇÃO\",\nIF(AND($C55=\"S\",$P55<>0,$Q55<>0,$S55=\"\"),\"UNIDADE\",\nIF(AND($C55=\"S\",$P55<>0,$Q55<>0,$U55=0),\"SEM CUSTO\",\nIF(AND(TIPOORCAMENTO=\"Licitado\",$AL55=0,$AN55>0),\"SEM PREÇO\",\nIF(AND($C55=\"S\",$P55<>0,$Q55<>0,$U55>0,$V55=0),\"BDI\",\nIF(OR(AND(TIPOORCAMENTO=\"Proposto\",$AG55<>\"\",$AG55>0,ORÇAMENTO.CustoUnitario>$AG55),AND(TIPOORCAMENTO=\"LICITADO\",ORÇAMENTO.PrecoUnitarioLicitado>$AN55)),\"ACIMA REF.\",\nIF(AND($C55=\"S\",$P55<>0,$Q55<>0,$T55=0,$U55>0),\"QUANT.\",\nIF(AND(Import.TipoArredondamento=\"TransfereGOV\",$L55=\"F\",$C55=\"S\",LEN($Q55)>13),\"Código >13\",\nIF(AND(Import.TipoArredondamento=\"TransfereGOV\",$L55=\"F\",$C55<>\"S\",LEN($R55)>100),\"Descrição >100\",\nIF(AND(Import.TipoArredondamento=\"TransfereGOV\",$L55=\"F\",$C55=\"S\",LEN($R55)>500),\"Descrição >500\",\nIF(AND(Import.TipoArredondamento=\"TransfereGOV\",$L55=\"F\",$C55=\"S\",LEFT(TRIM(UPPER($P55)),6)<>\"SINAPI\",ISNA(VLOOKUP(TRIM(UPPER($S55)),ListaTgov.Unidades,1,FALSE))),\"Unid. Não Disp\",\n\" \"))))))))))))))))","v":" "},{"$f":"IF(C55<=CRONO.NivelExibicao,MAX($AD$15:OFFSET(AD55,-1,0))+IF($C55<>1,1,MAX(1,COUNTIF(QCI!$A$13:$A$24,OFFSET($E55,-1,0)))),\"\")","v":""},{"$f":"IF(AND($C55=\"S\",ORÇAMENTO.CodBarra<>\"\"),IF(ORÇAMENTO.Fonte=\"\",ORÇAMENTO.CodBarra,CONCATENATE(ORÇAMENTO.Fonte,\" \",ORÇAMENTO.CodBarra)))","v":"Composição IUP30069"},{"$f":"IF(ISERROR(INDIRECT(ORÇAMENTO.BancoRef)),\"(abra o arquivo 'Referência \"&Excel_BuiltIn_Database&\".xlsm)\",IF(OR($C55<>\"S\",ORÇAMENTO.CodBarra=\"\"),\"(Sem Código)\",IF(ISERROR(MATCH($AE55,INDIRECT(ORÇAMENTO.BancoRef),0)),\"(Código não identificado nas referências)\",MATCH($AE55,INDIRECT(ORÇAMENTO.BancoRef),0))))","v":17},{"$f":"ROUND(IF(DESONERACAO=\"sim\",REFERENCIA.Desonerado,REFERENCIA.NaoDesonerado),2)","v":95.58},0.23380000000000001,null,{"$f":"AJ54*0.15","v":53.296500000000002},null,null,6285.67,117.93]
[{"$f":"CHOOSE(1+LOG(1+2*(ORÇAMENTO.Nivel=\"Meta\")+4*(ORÇAMENTO.Nivel=\"Nível 2\")+8*(ORÇAMENTO.Nivel=\"Nível 3\")+16*(ORÇAMENTO.Nivel=\"Nível 4\")+32*(ORÇAMENTO.Nivel=\"Serviço\"),2),0,1,2,3,4,\"S\")","v":"S"},{"$f":"IF(OR(C56=\"s\",C56=0),OFFSET(B56,-1,0),C56)","v":2},{"$f":"IF(OFFSET(C56,-1,0)=\"L\",1,IF(OFFSET(C56,-1,0)=1,2,IF(OR(A56=\"s\",A56=0),\"S\",IF(AND(OFFSET(C56,-1,0)=2,A56=4),3,IF(AND(OR(OFFSET(C56,-1,0)=\"s\",OFFSET(C56,-1,0)=0),A56<>\"s\",A56>OFFSET(B56,-1,0)),OFFSET(B56,-1,0),A56)))))","v":"S"},{"$f":"IF(OR(C56=\"S\",C56=0),0,IF(ISERROR(K56),J56,SMALL(J56:K56,1)))","v":0},{"$f":"IF($C56=1,OFFSET(E56,-1,0)+MAX(1,COUNTIF(QCI!$A$13:$A$24,OFFSET(ORÇAMENTO!E56,-1,0))),OFFSET(E56,-1,0))","v":1},{"$f":"IF($C56=1,0,IF($C56=2,OFFSET(F56,-1,0)+1,OFFSET(F56,-1,0)))","v":4},{"$f":"IF(AND($C56<=2,$C56<>0),0,IF($C56=3,OFFSET(G56,-1,0)+1,OFFSET(G56,-1,0)))","v":0},{"$f":"IF(AND($C56<=3,$C56<>0),0,IF($C56=4,OFFSET(H56,-1,0)+1,OFFSET(H56,-1,0)))","v":0},{"$f":"IF(AND($C56<=4,$C56<>0),0,IF(AND($C56=\"S\",$X56>0),OFFSET(I56,-1,0)+1,OFFSET(I56,-1,0)))","v":6},0,{"$f":"IF(OR($C56=\"S\",$C56=0),0,MATCH(OFFSET($D56,0,$C56)+IF($C56<>1,1,COUNTIF(QCI!$A$13:$A$24,ORÇAMENTO!E56)),OFFSET($D56,1,$C56,ROW($C$110)-ROW($C56)),0))","v":0},{"$f":"IF(OR($X56>0,$C56=1,$C56=2,$C56=3,$C56=4),\"F\",\"\")","v":"F"},"Serviço",{"$f":"CHOOSE(1+LOG(1+2*(C56=1)+4*(C56=2)+8*(C56=3)+16*(C56=4)+32*(C56=\"S\"),2),\"\",\"Meta\",\"Nível 2\",\"Nível 3\",\"Nível 4\",\"Serviço\")","v":"Serviço"},{"$f":"IF(OR($C56=0,$L56=\"\"),\"-\",CONCATENATE(E56&\".\",IF(AND($A$5>=2,$C56>=2),F56&\".\",\"\"),IF(AND($A$5>=3,$C56>=3),G56&\".\",\"\"),IF(AND($A$5>=4,$C56>=4),H56&\".\",\"\"),IF($C56=\"S\",I56&\".\",\"\")))","v":"1.4.6."},"SINAPI","95876",{"$f":"IF($C56=\"S\",REFERENCIA.Descricao,\"(digite a descrição aqui)\")","v":"TRANSPORTE COM CAMINHÃO BASCULANTE DE 14 M³, EM VIA URBANA PAVIMENTADA, DMT ATÉ 30 KM (UNIDADE: M3XKM). AF_07/2020"},{"$f":"REFERENCIA.Unidade","v":"M3XKM"},{"$f":"OFFSET(CÁLCULO!H$15,ROW($T56)-ROW(T$15),0)","v":1598.9},2.14,"BDI 1",{"$f":"IF($C56=\"S\",ROUND(IF(TIPOORCAMENTO=\"Proposto\",ORÇAMENTO.CustoUnitario*(1+$AH56),ORÇAMENTO.PrecoUnitarioLicitado),15-13*$AF$10),0)","v":2.64},{"$f":"IF($C56=\"S\",IF(OR(Import.TipoArredondamento<>\"TransfereGOV\",ACOMPANHAMENTO=\"BM\"),VTOTAL1,SUM(OFFSET(CÁLCULO!$AI$15,ROW($X56)-ROW($X$15),1):OFFSET(CÁLCULO!$BB$15,ROW($X56)-ROW($X$15),-1))),IF($C56=0,0,ROUND(SomaAgrup,15-13*$AF$11)))","v":4221.1000000000004},"RA",{"$f":"IF(AND($C56=\"S\",$X56>0),IF(ISBLANK($Y56),\"RA\",LEFT($Y56,2)),\"\")","v":"RA"},{"$f":"IF($C56=\"S\",IF($Z56=\"CP\",$X56,IF($Z56=\"RA\",(($X56)*QCI!$AA$3),0)),SomaAgrup)","v":1316.3752271623659},{"$f":"IF($C56=\"S\",IF($Z56=\"OU\",ROUND($X56,2),0),SomaAgrup)","v":0},{"$f":"IF($N56=\"\",\" \",\nIF(AND($C56<>\"S\",OR($R56=\"\",$R56=\"(digite a descrição aqui)\")),\"DESCRIÇÃO\",\nIF(AND($C56=\"S\",OR($Q56<>0,$T56>0,$U56>0),$P56=0),\"FONTE\",\nIF(AND($C56=\"S\",$P56<>0,OR($T56>0,$U56>0),$Q56=0),\"CÓDIGO\",\nIF(AND($C56=\"S\",$P56<>0,$Q56<>0,$R56=\"(Código não identificado nas referências)\"),\"CÓDIGO N/ID\",\nIF(AND($C56=\"S\",OR($R56=\"\",$R56=\"(digite a descrição aqui)\"),OR($Q56<>0,$T56>0,$U56>0)),\"DESCRIÇÃO\",\nIF(AND($C56=\"S\",$P56<>0,$Q56<>0,$S56=\"\"),\"UNIDADE\",\nIF(AND($C56=\"S\",$P56<>0,$Q56<>0,$U56=0),\"SEM CUSTO\",\nIF(AND(TIPOORCAMENTO=\"Licitado\",$AL56=0,$AN56>0),\"SEM PREÇO\",\nIF(AND($C56=\"S\",$P56<>0,$Q56<>0,$U56>0,$V56=0),\"BDI\",\nIF(OR(AND(TIPOORCAMENTO=\"Proposto\",$AG56<>\"\",$AG56>0,ORÇAMENTO.CustoUnitario>$AG56),AND(TIPOORCAMENTO=\"LICITADO\",ORÇAMENTO.PrecoUnitarioLicitado>$AN56)),\"ACIMA REF.\",\nIF(AND($C56=\"S\",$P56<>0,$Q56<>0,$T56=0,$U56>0),\"QUANT.\",\nIF(AND(Import.TipoArredondamento=\"TransfereGOV\",$L56=\"F\",$C56=\"S\",LEN($Q56)>13),\"Código >13\",\nIF(AND(Import.TipoArredondamento=\"TransfereGOV\",$L56=\"F\",$C56<>\"S\",LEN($R56)>100),\"Descrição >100\",\nIF(AND(Import.TipoArredondamento=\"TransfereGOV\",$L56=\"F\",$C56=\"S\",LEN($R56)>500),\"Descrição >500\",\nIF(AND(Import.TipoArredondamento=\"TransfereGOV\",$L56=\"F\",$C56=\"S\",LEFT(TRIM(UPPER($P56)),6)<>\"SINAPI\",ISNA(VLOOKUP(TRIM(UPPER($S56)),ListaTgov.Unidades,1,FALSE))),\"Unid. Não Disp\",\n\" \"))))))))))))))))","v":" "},{"$f":"IF(C56<=CRONO.NivelExibicao,MAX($AD$15:OFFSET(AD56,-1,0))+IF($C56<>1,1,MAX(1,COUNTIF(QCI!$A$13:$A$24,OFFSET($E56,-1,0)))),\"\")","v":""},{"$f":"IF(AND($C56=\"S\",ORÇAMENTO.CodBarra<>\"\"),IF(ORÇAMENTO.Fonte=\"\",ORÇAMENTO.CodBarra,CONCATENATE(ORÇAMENTO.Fonte,\" \",ORÇAMENTO.CodBarra)))","v":"SINAPI 95876"},{"$f":"IF(ISERROR(INDIRECT(ORÇAMENTO.BancoRef)),\"(abra o arquivo 'Referência \"&Excel_BuiltIn_Database&\".xlsm)\",IF(OR($C56<>\"S\",ORÇAMENTO.CodBarra=\"\"),\"(Sem Código)\",IF(ISERROR(MATCH($AE56,INDIRECT(ORÇAMENTO.BancoRef),0)),\"(Código não identificado nas referências)\",MATCH($AE56,INDIRECT(ORÇAMENTO.BancoRef),0))))","v":15401},{"$f":"ROUND(IF(DESONERACAO=\"sim\",REFERENCIA.Desonerado,REFERENCIA.NaoDesonerado),2)","v":2.14},{"$f":"ROUND(IF(ISNUMBER(ORÇAMENTO.OpcaoBDI),ORÇAMENTO.OpcaoBDI,IF(LEFT(ORÇAMENTO.OpcaoBDI,3)=\"BDI\",HLOOKUP(ORÇAMENTO.OpcaoBDI,$F$4:$H$5,2,FALSE),0)),15-11*$AF$9)","v":0.23380000000000001},null,{"$f":"AJ55*30","v":1598.895},null,null,4221.1000000000004,{"$f":"ROUND(ORÇAMENTO.CustoUnitario*(1+$AH56),2)","v":2.64}]
["S",{"$f":"IF(OR(C57=\"s\",C57=0),OFFSET(B57,-1,0),C57)","v":2},{"$f":"IF(OFFSET(C57,-1,0)=\"L\",1,IF(OFFSET(C57,-1,0)=1,2,IF(OR(A57=\"s\",A57=0),\"S\",IF(AND(OFFSET(C57,-1,0)=2,A57=4),3,IF(AND(OR(OFFSET(C57,-1,0)=\"s\",OFFSET(C57,-1,0)=0),A57<>\"s\",A57>OFFSET(B57,-1,0)),OFFSET(B57,-1,0),A57)))))","v":"S"},{"$f":"IF(OR(C57=\"S\",C57=0),0,IF(ISERROR(K57),J57,SMALL(J57:K57,1)))","v":0},{"$f":"IF($C57=1,OFFSET(E57,-1,0)+MAX(1,COUNTIF(QCI!$A$13:$A$24,OFFSET(ORÇAMENTO!E57,-1,0))),OFFSET(E57,-1,0))","v":1},{"$f":"IF($C57=1,0,IF($C57=2,OFFSET(F57,-1,0)+1,OFFSET(F57,-1,0)))","v":4},{"$f":"IF(AND($C57<=2,$C57<>0),0,IF($C57=3,OFFSET(G57,-1,0)+1,OFFSET(G57,-1,0)))","v":0},{"$f":"IF(AND($C57<=3,$C57<>0),0,IF($C57=4,OFFSET(H57,-1,0)+1,OFFSET(H57,-1,0)))","v":0},{"$f":"IF(AND($C57<=4,$C57<>0),0,IF(AND($C57=\"S\",$X57>0),OFFSET(I57,-1,0)+1,OFFSET(I57,-1,0)))","v":7},0,{"$f":"IF(OR($C57=\"S\",$C57=0),0,MATCH(OFFSET($D57,0,$C57)+IF($C57<>1,1,COUNTIF(QCI!$A$13:$A$24,ORÇAMENTO!E57)),OFFSET($D57,1,$C57,ROW($C$110)-ROW($C57)),0))","v":0},{"$f":"IF(OR($X57>0,$C57=1,$C57=2,$C57=3,$C57=4),\"F\",\"\")","v":"F"},"Serviço",{"$f":"CHOOSE(1+LOG(1+2*(C57=1)+4*(C57=2)+8*(C57=3)+16*(C57=4)+32*(C57=\"S\"),2),\"\",\"Meta\",\"Nível 2\",\"Nível 3\",\"Nível 4\",\"Serviço\")","v":"Serviço"},{"$f":"IF(OR($C57=0,$L57=\"\"),\"-\",CONCATENATE(E57&\".\",IF(AND($A$5>=2,$C57>=2),F57&\".\",\"\"),IF(AND($A$5>=3,$C57>=3),G57&\".\",\"\"),IF(AND($A$5>=4,$C57>=4),H57&\".\",\"\"),IF($C57=\"S\",I57&\".\",\"\")))","v":"1.4.7."},"Composição","IUP30094",{"$f":"IF($C57=\"S\",REFERENCIA.Descricao,\"(digite a descrição aqui)\")","v":"EXECUÇÃO DE PINTURA DE LIGAÇÃO COM EMULSÃO ASFÁLTICA RR-1C"},{"$f":"REFERENCIA.Unidade","v":"M2"},{"$f":"OFFSET(CÁLCULO!H$15,ROW($T57)-ROW(T$15),0)","v":1259.03},3.18,"BDI 1",{"$f":"IF($C57=\"S\",ROUND(IF(TIPOORCAMENTO=\"Proposto\",ORÇAMENTO.CustoUnitario*(1+$AH57),ORÇAMENTO.PrecoUnitarioLicitado),15-13*$AF$10),0)","v":3.92},{"$f":"IF($C57=\"S\",IF(OR(Import.TipoArredondamento<>\"TransfereGOV\",ACOMPANHAMENTO=\"BM\"),VTOTAL1,SUM(OFFSET(CÁLCULO!$AI$15,ROW($X57)-ROW($X$15),1):OFFSET(CÁLCULO!$BB$15,ROW($X57)-ROW($X$15),-1))),IF($C57=0,0,ROUND(SomaAgrup,15-13*$AF$11)))","v":4935.3999999999996},"RA",{"$f":"IF(AND($C57=\"S\",$X57>0),IF(ISBLANK($Y57),\"RA\",LEFT($Y57,2)),\"\")","v":"RA"},{"$f":"IF($C57=\"S\",IF($Z57=\"CP\",$X57,IF($Z57=\"RA\",(($X57)*QCI!$AA$3),0)),SomaAgrup)","v":1539.1339452126556},0,{"$f":"IF($N57=\"\",\" \",\nIF(AND($C57<>\"S\",OR($R57=\"\",$R57=\"(digite a descrição aqui)\")),\"DESCRIÇÃO\",\nIF(AND($C57=\"S\",OR($Q57<>0,$T57>0,$U57>0),$P57=0),\"FONTE\",\nIF(AND($C57=\"S\",$P57<>0,OR($T57>0,$U57>0),$Q57=0),\"CÓDIGO\",\nIF(AND($C57=\"S\",$P57<>0,$Q57<>0,$R57=\"(Código não identificado nas referências)\"),\"CÓDIGO N/ID\",\nIF(AND($C57=\"S\",OR($R57=\"\",$R57=\"(digite a descrição aqui)\"),OR($Q57<>0,$T57>0,$U57>0)),\"DESCRIÇÃO\",\nIF(AND($C57=\"S\",$P57<>0,$Q57<>0,$S57=\"\"),\"UNIDADE\",\nIF(AND($C57=\"S\",$P57<>0,$Q57<>0,$U57=0),\"SEM CUSTO\",\nIF(AND(TIPOORCAMENTO=\"Licitado\",$AL57=0,$AN57>0),\"SEM PREÇO\",\nIF(AND($C57=\"S\",$P57<>0,$Q57<>0,$U57>0,$V57=0),\"BDI\",\nIF(OR(AND(TIPOORCAMENTO=\"Proposto\",$AG57<>\"\",$AG57>0,ORÇAMENTO.CustoUnitario>$AG57),AND(TIPOORCAMENTO=\"LICITADO\",ORÇAMENTO.PrecoUnitarioLicitado>$AN57)),\"ACIMA REF.\",\nIF(AND($C57=\"S\",$P57<>0,$Q57<>0,$T57=0,$U57>0),\"QUANT.\",\nIF(AND(Import.TipoArredondamento=\"TransfereGOV\",$L57=\"F\",$C57=\"S\",LEN($Q57)>13),\"Código >13\",\nIF(AND(Import.TipoArredondamento=\"TransfereGOV\",$L57=\"F\",$C57<>\"S\",LEN($R57)>100),\"Descrição >100\",\nIF(AND(Import.TipoArredondamento=\"TransfereGOV\",$L57=\"F\",$C57=\"S\",LEN($R57)>500),\"Descrição >500\",\nIF(AND(Import.TipoArredondamento=\"TransfereGOV\",$L57=\"F\",$C57=\"S\",LEFT(TRIM(UPPER($P57)),6)<>\"SINAPI\",ISNA(VLOOKUP(TRIM(UPPER($S57)),ListaTgov.Unidades,1,FALSE))),\"Unid. Não Disp\",\n\" \"))))))))))))))))","v":" "},{"$f":"IF(C57<=CRONO.NivelExibicao,MAX($AD$15:OFFSET(AD57,-1,0))+IF($C57<>1,1,MAX(1,COUNTIF(QCI!$A$13:$A$24,OFFSET($E57,-1,0)))),\"\")","v":""},{"$f":"IF(AND($C57=\"S\",ORÇAMENTO.CodBarra<>\"\"),IF(ORÇAMENTO.Fonte=\"\",ORÇAMENTO.CodBarra,CONCATENATE(ORÇAMENTO.Fonte,\" \",ORÇAMENTO.CodBarra)))","v":"Composição IUP30094"},{"$f":"IF(ISERROR(INDIRECT(ORÇAMENTO.BancoRef)),\"(abra o arquivo 'Referência \"&Excel_BuiltIn_Database&\".xlsm)\",IF(OR($C57<>\"S\",ORÇAMENTO.CodBarra=\"\"),\"(Sem Código)\",IF(ISERROR(MATCH($AE57,INDIRECT(ORÇAMENTO.BancoRef),0)),\"(Código não identificado nas referências)\",MATCH($AE57,INDIRECT(ORÇAMENTO.BancoRef),0))))","v":14},{"$f":"ROUND(IF(DESONERACAO=\"sim\",REFERENCIA.Desonerado,REFERENCIA.NaoDesonerado),2)","v":3.18},0.23380000000000001,null,1259.03,null,null,4935.3999999999996,3.92]
["S",2,"S",0,{"$f":"IF($C58=1,OFFSET(E58,-1,0)+MAX(1,COUNTIF(QCI!$A$13:$A$24,OFFSET(ORÇAMENTO!E58,-1,0))),OFFSET(E58,-1,0))","v":1},4,0,0,8,0,{"$f":"IF(OR($C58=\"S\",$C58=0),0,MATCH(OFFSET($D58,0,$C58)+IF($C58<>1,1,COUNTIF(QCI!$A$13:$A$24,ORÇAMENTO!E58)),OFFSET($D58,1,$C58,ROW($C$110)-ROW($C58)),0))","v":0},"F","Serviço","Serviço","1.4.8.","SINAPI","102330",{"$f":"IF($C58=\"S\",REFERENCIA.Descricao,\"(digite a descrição aqui)\")","v":"TRANSPORTE COM CAMINHÃO TANQUE DE TRANSPORTE DE MATERIAL ASFÁLTICO DE 30000 L, EM VIA URBANA PAVIMENTADA, DMT ATÉ 30KM (UNIDADE: TXKM). AF_07/2020"},{"$f":"REFERENCIA.Unidade","v":"TXKM"},{"$f":"OFFSET(CÁLCULO!H$15,ROW($T58)-ROW(T$15),0)","v":17},1.41,"BDI 1",{"$f":"IF($C58=\"S\",ROUND(IF(TIPOORCAMENTO=\"Proposto\",ORÇAMENTO.CustoUnitario*(1+$AH58),ORÇAMENTO.PrecoUnitarioLicitado),15-13*$AF$10),0)","v":1.74},{"$f":"IF($C58=\"S\",IF(OR(Import.TipoArredondamento<>\"TransfereGOV\",ACOMPANHAMENTO=\"BM\"),VTOTAL1,SUM(OFFSET(CÁLCULO!$AI$15,ROW($X58)-ROW($X$15),1):OFFSET(CÁLCULO!$BB$15,ROW($X58)-ROW($X$15),-1))),IF($C58=0,0,ROUND(SomaAgrup,15-13*$AF$11)))","v":29.58},"RA","RA",{"$f":"IF($C58=\"S\",IF($Z58=\"CP\",$X58,IF($Z58=\"RA\",(($X58)*QCI!$AA$3),0)),SomaAgrup)","v":9.2246995379078403},0,{"$f":"IF($N58=\"\",\" \",\nIF(AND($C58<>\"S\",OR($R58=\"\",$R58=\"(digite a descrição aqui)\")),\"DESCRIÇÃO\",\nIF(AND($C58=\"S\",OR($Q58<>0,$T58>0,$U58>0),$P58=0),\"FONTE\",\nIF(AND($C58=\"S\",$P58<>0,OR($T58>0,$U58>0),$Q58=0),\"CÓDIGO\",\nIF(AND($C58=\"S\",$P58<>0,$Q58<>0,$R58=\"(Código não identificado nas referências)\"),\"CÓDIGO N/ID\",\nIF(AND($C58=\"S\",OR($R58=\"\",$R58=\"(digite a descrição aqui)\"),OR($Q58<>0,$T58>0,$U58>0)),\"DESCRIÇÃO\",\nIF(AND($C58=\"S\",$P58<>0,$Q58<>0,$S58=\"\"),\"UNIDADE\",\nIF(AND($C58=\"S\",$P58<>0,$Q58<>0,$U58=0),\"SEM CUSTO\",\nIF(AND(TIPOORCAMENTO=\"Licitado\",$AL58=0,$AN58>0),\"SEM PREÇO\",\nIF(AND($C58=\"S\",$P58<>0,$Q58<>0,$U58>0,$V58=0),\"BDI\",\nIF(OR(AND(TIPOORCAMENTO=\"Proposto\",$AG58<>\"\",$AG58>0,ORÇAMENTO.CustoUnitario>$AG58),AND(TIPOORCAMENTO=\"LICITADO\",ORÇAMENTO.PrecoUnitarioLicitado>$AN58)),\"ACIMA REF.\",\nIF(AND($C58=\"S\",$P58<>0,$Q58<>0,$T58=0,$U58>0),\"QUANT.\",\nIF(AND(Import.TipoArredondamento=\"TransfereGOV\",$L58=\"F\",$C58=\"S\",LEN($Q58)>13),\"Código >13\",\nIF(AND(Import.TipoArredondamento=\"TransfereGOV\",$L58=\"F\",$C58<>\"S\",LEN($R58)>100),\"Descrição >100\",\nIF(AND(Import.TipoArredondamento=\"TransfereGOV\",$L58=\"F\",$C58=\"S\",LEN($R58)>500),\"Descrição >500\",\nIF(AND(Import.TipoArredondamento=\"TransfereGOV\",$L58=\"F\",$C58=\"S\",LEFT(TRIM(UPPER($P58)),6)<>\"SINAPI\",ISNA(VLOOKUP(TRIM(UPPER($S58)),ListaTgov.Unidades,1,FALSE))),\"Unid. Não Disp\",\n\" \"))))))))))))))))","v":" "},{"$f":"IF(C58<=CRONO.NivelExibicao,MAX($AD$15:OFFSET(AD58,-1,0))+IF($C58<>1,1,MAX(1,COUNTIF(QCI!$A$13:$A$24,OFFSET($E58,-1,0)))),\"\")","v":""},{"$f":"IF(AND($C58=\"S\",ORÇAMENTO.CodBarra<>\"\"),IF(ORÇAMENTO.Fonte=\"\",ORÇAMENTO.CodBarra,CONCATENATE(ORÇAMENTO.Fonte,\" \",ORÇAMENTO.CodBarra)))","v":"SINAPI 102330"},{"$f":"IF(ISERROR(INDIRECT(ORÇAMENTO.BancoRef)),\"(abra o arquivo 'Referência \"&Excel_BuiltIn_Database&\".xlsm)\",IF(OR($C58<>\"S\",ORÇAMENTO.CodBarra=\"\"),\"(Sem Código)\",IF(ISERROR(MATCH($AE58,INDIRECT(ORÇAMENTO.BancoRef),0)),\"(Código não identificado nas referências)\",MATCH($AE58,INDIRECT(ORÇAMENTO.BancoRef),0))))","v":15450},{"$f":"ROUND(IF(DESONERACAO=\"sim\",REFERENCIA.Desonerado,REFERENCIA.NaoDesonerado),2)","v":1.41},0.23380000000000001,null,{"$f":"AJ57*0.00045*30","v":16.996904999999998},null,null,29.58,1.74]
["S",2,"S",0,{"$f":"IF($C59=1,OFFSET(E59,-1,0)+MAX(1,COUNTIF(QCI!$A$13:$A$24,OFFSET(ORÇAMENTO!E59,-1,0))),OFFSET(E59,-1,0))","v":1},4,0,0,9,0,{"$f":"IF(OR($C59=\"S\",$C59=0),0,MATCH(OFFSET($D59,0,$C59)+IF($C59<>1,1,COUNTIF(QCI!$A$13:$A$24,ORÇAMENTO!E59)),OFFSET($D59,1,$C59,ROW($C$110)-ROW($C59)),0))","v":0},"F","Serviço","Serviço","1.4.9.","SINAPI","102331",{"$f":"IF($C59=\"S\",REFERENCIA.Descricao,\"(digite a descrição aqui)\")","v":"TRANSPORTE COM CAMINHÃO TANQUE DE TRANSPORTE DE MATERIAL ASFÁLTICO DE 30000 L, EM VIA URBANA PAVIMENTADA, ADICIONAL PARA DMT EXCEDENTE A 30 KM (UNIDADE: TXKM). AF_07/2020"},{"$f":"REFERENCIA.Unidade","v":"TXKM"},{"$f":"OFFSET(CÁLCULO!H$15,ROW($T59)-ROW(T$15),0)","v":22.1},0.55000000000000004,"BDI 1",{"$f":"IF($C59=\"S\",ROUND(IF(TIPOORCAMENTO=\"Proposto\",ORÇAMENTO.CustoUnitario*(1+$AH59),ORÇAMENTO.PrecoUnitarioLicitado),15-13*$AF$10),0)","v":0.68},{"$f":"IF($C59=\"S\",IF(OR(Import.TipoArredondamento<>\"TransfereGOV\",ACOMPANHAMENTO=\"BM\"),VTOTAL1,SUM(OFFSET(CÁLCULO!$AI$15,ROW($X59)-ROW($X$15),1):OFFSET(CÁLCULO!$BB$15,ROW($X59)-ROW($X$15),-1))),IF($C59=0,0,ROUND(SomaAgrup,15-13*$AF$11)))","v":15.03},"RA","RA",{"$f":"IF($C59=\"S\",IF($Z59=\"CP\",$X59,IF($Z59=\"RA\",(($X59)*QCI!$AA$3),0)),SomaAgrup)","v":4.6871952013101703},0,{"$f":"IF($N59=\"\",\" \",\nIF(AND($C59<>\"S\",OR($R59=\"\",$R59=\"(digite a descrição aqui)\")),\"DESCRIÇÃO\",\nIF(AND($C59=\"S\",OR($Q59<>0,$T59>0,$U59>0),$P59=0),\"FONTE\",\nIF(AND($C59=\"S\",$P59<>0,OR($T59>0,$U59>0),$Q59=0),\"CÓDIGO\",\nIF(AND($C59=\"S\",$P59<>0,$Q59<>0,$R59=\"(Código não identificado nas referências)\"),\"CÓDIGO N/ID\",\nIF(AND($C59=\"S\",OR($R59=\"\",$R59=\"(digite a descrição aqui)\"),OR($Q59<>0,$T59>0,$U59>0)),\"DESCRIÇÃO\",\nIF(AND($C59=\"S\",$P59<>0,$Q59<>0,$S59=\"\"),\"UNIDADE\",\nIF(AND($C59=\"S\",$P59<>0,$Q59<>0,$U59=0),\"SEM CUSTO\",\nIF(AND(TIPOORCAMENTO=\"Licitado\",$AL59=0,$AN59>0),\"SEM PREÇO\",\nIF(AND($C59=\"S\",$P59<>0,$Q59<>0,$U59>0,$V59=0),\"BDI\",\nIF(OR(AND(TIPOORCAMENTO=\"Proposto\",$AG59<>\"\",$AG59>0,ORÇAMENTO.CustoUnitario>$AG59),AND(TIPOORCAMENTO=\"LICITADO\",ORÇAMENTO.PrecoUnitarioLicitado>$AN59)),\"ACIMA REF.\",\nIF(AND($C59=\"S\",$P59<>0,$Q59<>0,$T59=0,$U59>0),\"QUANT.\",\nIF(AND(Import.TipoArredondamento=\"TransfereGOV\",$L59=\"F\",$C59=\"S\",LEN($Q59)>13),\"Código >13\",\nIF(AND(Import.TipoArredondamento=\"TransfereGOV\",$L59=\"F\",$C59<>\"S\",LEN($R59)>100),\"Descrição >100\",\nIF(AND(Import.TipoArredondamento=\"TransfereGOV\",$L59=\"F\",$C59=\"S\",LEN($R59)>500),\"Descrição >500\",\nIF(AND(Import.TipoArredondamento=\"TransfereGOV\",$L59=\"F\",$C59=\"S\",LEFT(TRIM(UPPER($P59)),6)<>\"SINAPI\",ISNA(VLOOKUP(TRIM(UPPER($S59)),ListaTgov.Unidades,1,FALSE))),\"Unid. Não Disp\",\n\" \"))))))))))))))))","v":" "},{"$f":"IF(C59<=CRONO.NivelExibicao,MAX($AD$15:OFFSET(AD59,-1,0))+IF($C59<>1,1,MAX(1,COUNTIF(QCI!$A$13:$A$24,OFFSET($E59,-1,0)))),\"\")","v":""},{"$f":"IF(AND($C59=\"S\",ORÇAMENTO.CodBarra<>\"\"),IF(ORÇAMENTO.Fonte=\"\",ORÇAMENTO.CodBarra,CONCATENATE(ORÇAMENTO.Fonte,\" \",ORÇAMENTO.CodBarra)))","v":"SINAPI 102331"},{"$f":"IF(ISERROR(INDIRECT(ORÇAMENTO.BancoRef)),\"(abra o arquivo 'Referência \"&Excel_BuiltIn_Database&\".xlsm)\",IF(OR($C59<>\"S\",ORÇAMENTO.CodBarra=\"\"),\"(Sem Código)\",IF(ISERROR(MATCH($AE59,INDIRECT(ORÇAMENTO.BancoRef),0)),\"(Código não identificado nas referências)\",MATCH($AE59,INDIRECT(ORÇAMENTO.BancoRef),0))))","v":15449},{"$f":"ROUND(IF(DESONERACAO=\"sim\",REFERENCIA.Desonerado,REFERENCIA.NaoDesonerado),2)","v":0.55000000000000004},0.23380000000000001,null,{"$f":"AJ57*0.00045*39","v":22.095976499999999},null,null,15.03,0.68]
["S",2,"S",0,{"$f":"IF($C60=1,OFFSET(E60,-1,0)+MAX(1,COUNTIF(QCI!$A$13:$A$24,OFFSET(ORÇAMENTO!E60,-1,0))),OFFSET(E60,-1,0))","v":1},4,0,0,10,0,{"$f":"IF(OR($C60=\"S\",$C60=0),0,MATCH(OFFSET($D60,0,$C60)+IF($C60<>1,1,COUNTIF(QCI!$A$13:$A$24,ORÇAMENTO!E60)),OFFSET($D60,1,$C60,ROW($C$110)-ROW($C60)),0))","v":0},"F","Serviço","Serviço","1.4.10.","Composição","IUP30075",{"$f":"IF($C60=\"S\",REFERENCIA.Descricao,\"(digite a descrição aqui)\")","v":"Execução de imprimação com emulsão asfáltica a base d'água."},{"$f":"REFERENCIA.Unidade","v":"M2"},{"$f":"OFFSET(CÁLCULO!H$15,ROW($T60)-ROW(T$15),0)","v":355.31},6.58,"BDI 1",{"$f":"IF($C60=\"S\",ROUND(IF(TIPOORCAMENTO=\"Proposto\",ORÇAMENTO.CustoUnitario*(1+$AH60),ORÇAMENTO.PrecoUnitarioLicitado),15-13*$AF$10),0)","v":8.1199999999999992},{"$f":"IF($C60=\"S\",IF(OR(Import.TipoArredondamento<>\"TransfereGOV\",ACOMPANHAMENTO=\"BM\"),VTOTAL1,SUM(OFFSET(CÁLCULO!$AI$15,ROW($X60)-ROW($X$15),1):OFFSET(CÁLCULO!$BB$15,ROW($X60)-ROW($X$15),-1))),IF($C60=0,0,ROUND(SomaAgrup,15-13*$AF$11)))","v":2885.12},"RA","RA",{"$f":"IF($C60=\"S\",IF($Z60=\"CP\",$X60,IF($Z60=\"RA\",(($X60)*QCI!$AA$3),0)),SomaAgrup)","v":899.74189083193596},0,{"$f":"IF($N60=\"\",\" \",\nIF(AND($C60<>\"S\",OR($R60=\"\",$R60=\"(digite a descrição aqui)\")),\"DESCRIÇÃO\",\nIF(AND($C60=\"S\",OR($Q60<>0,$T60>0,$U60>0),$P60=0),\"FONTE\",\nIF(AND($C60=\"S\",$P60<>0,OR($T60>0,$U60>0),$Q60=0),\"CÓDIGO\",\nIF(AND($C60=\"S\",$P60<>0,$Q60<>0,$R60=\"(Código não identificado nas referências)\"),\"CÓDIGO N/ID\",\nIF(AND($C60=\"S\",OR($R60=\"\",$R60=\"(digite a descrição aqui)\"),OR($Q60<>0,$T60>0,$U60>0)),\"DESCRIÇÃO\",\nIF(AND($C60=\"S\",$P60<>0,$Q60<>0,$S60=\"\"),\"UNIDADE\",\nIF(AND($C60=\"S\",$P60<>0,$Q60<>0,$U60=0),\"SEM CUSTO\",\nIF(AND(TIPOORCAMENTO=\"Licitado\",$AL60=0,$AN60>0),\"SEM PREÇO\",\nIF(AND($C60=\"S\",$P60<>0,$Q60<>0,$U60>0,$V60=0),\"BDI\",\nIF(OR(AND(TIPOORCAMENTO=\"Proposto\",$AG60<>\"\",$AG60>0,ORÇAMENTO.CustoUnitario>$AG60),AND(TIPOORCAMENTO=\"LICITADO\",ORÇAMENTO.PrecoUnitarioLicitado>$AN60)),\"ACIMA REF.\",\nIF(AND($C60=\"S\",$P60<>0,$Q60<>0,$T60=0,$U60>0),\"QUANT.\",\nIF(AND(Import.TipoArredondamento=\"TransfereGOV\",$L60=\"F\",$C60=\"S\",LEN($Q60)>13),\"Código >13\",\nIF(AND(Import.TipoArredondamento=\"TransfereGOV\",$L60=\"F\",$C60<>\"S\",LEN($R60)>100),\"Descrição >100\",\nIF(AND(Import.TipoArredondamento=\"TransfereGOV\",$L60=\"F\",$C60=\"S\",LEN($R60)>500),\"Descrição >500\",\nIF(AND(Import.TipoArredondamento=\"TransfereGOV\",$L60=\"F\",$C60=\"S\",LEFT(TRIM(UPPER($P60)),6)<>\"SINAPI\",ISNA(VLOOKUP(TRIM(UPPER($S60)),ListaTgov.Unidades,1,FALSE))),\"Unid. Não Disp\",\n\" \"))))))))))))))))","v":" "},{"$f":"IF(C60<=CRONO.NivelExibicao,MAX($AD$15:OFFSET(AD60,-1,0))+IF($C60<>1,1,MAX(1,COUNTIF(QCI!$A$13:$A$24,OFFSET($E60,-1,0)))),\"\")","v":""},{"$f":"IF(AND($C60=\"S\",ORÇAMENTO.CodBarra<>\"\"),IF(ORÇAMENTO.Fonte=\"\",ORÇAMENTO.CodBarra,CONCATENATE(ORÇAMENTO.Fonte,\" \",ORÇAMENTO.CodBarra)))","v":"Composição IUP30075"},{"$f":"IF(ISERROR(INDIRECT(ORÇAMENTO.BancoRef)),\"(abra o arquivo 'Referência \"&Excel_BuiltIn_Database&\".xlsm)\",IF(OR($C60<>\"S\",ORÇAMENTO.CodBarra=\"\"),\"(Sem Código)\",IF(ISERROR(MATCH($AE60,INDIRECT(ORÇAMENTO.BancoRef),0)),\"(Código não identificado nas referências)\",MATCH($AE60,INDIRECT(ORÇAMENTO.BancoRef),0))))","v":15},{"$f":"ROUND(IF(DESONERACAO=\"sim\",REFERENCIA.Desonerado,REFERENCIA.NaoDesonerado),2)","v":6.58},0.23380000000000001,null,355.31,null,null,2885.12,8.1199999999999992]
["S",2,"S",0,{"$f":"IF($C61=1,OFFSET(E61,-1,0)+MAX(1,COUNTIF(QCI!$A$13:$A$24,OFFSET(ORÇAMENTO!E61,-1,0))),OFFSET(E61,-1,0))","v":1},4,0,0,11,0,{"$f":"IF(OR($C61=\"S\",$C61=0),0,MATCH(OFFSET($D61,0,$C61)+IF($C61<>1,1,COUNTIF(QCI!$A$13:$A$24,ORÇAMENTO!E61)),OFFSET($D61,1,$C61,ROW($C$110)-ROW($C61)),0))","v":0},"F","Serviço","Serviço","1.4.11.","SINAPI","102330",{"$f":"IF($C61=\"S\",REFERENCIA.Descricao,\"(digite a descrição aqui)\")","v":"TRANSPORTE COM CAMINHÃO TANQUE DE TRANSPORTE DE MATERIAL ASFÁLTICO DE 30000 L, EM VIA URBANA PAVIMENTADA, DMT ATÉ 30KM (UNIDADE: TXKM). AF_07/2020"},{"$f":"REFERENCIA.Unidade","v":"TXKM"},{"$f":"OFFSET(CÁLCULO!H$15,ROW($T61)-ROW(T$15),0)","v":12.79},1.41,"BDI 1",{"$f":"IF($C61=\"S\",ROUND(IF(TIPOORCAMENTO=\"Proposto\",ORÇAMENTO.CustoUnitario*(1+$AH61),ORÇAMENTO.PrecoUnitarioLicitado),15-13*$AF$10),0)","v":1.74},{"$f":"IF($C61=\"S\",IF(OR(Import.TipoArredondamento<>\"TransfereGOV\",ACOMPANHAMENTO=\"BM\"),VTOTAL1,SUM(OFFSET(CÁLCULO!$AI$15,ROW($X61)-ROW($X$15),1):OFFSET(CÁLCULO!$BB$15,ROW($X61)-ROW($X$15),-1))),IF($C61=0,0,ROUND(SomaAgrup,15-13*$AF$11)))","v":22.25},"RA","RA",{"$f":"IF($C61=\"S\",IF($Z61=\"CP\",$X61,IF($Z61=\"RA\",(($X61)*QCI!$AA$3),0)),SomaAgrup)","v":6.9387952913606981},0,{"$f":"IF($N61=\"\",\" \",\nIF(AND($C61<>\"S\",OR($R61=\"\",$R61=\"(digite a descrição aqui)\")),\"DESCRIÇÃO\",\nIF(AND($C61=\"S\",OR($Q61<>0,$T61>0,$U61>0),$P61=0),\"FONTE\",\nIF(AND($C61=\"S\",$P61<>0,OR($T61>0,$U61>0),$Q61=0),\"CÓDIGO\",\nIF(AND($C61=\"S\",$P61<>0,$Q61<>0,$R61=\"(Código não identificado nas referências)\"),\"CÓDIGO N/ID\",\nIF(AND($C61=\"S\",OR($R61=\"\",$R61=\"(digite a descrição aqui)\"),OR($Q61<>0,$T61>0,$U61>0)),\"DESCRIÇÃO\",\nIF(AND($C61=\"S\",$P61<>0,$Q61<>0,$S61=\"\"),\"UNIDADE\",\nIF(AND($C61=\"S\",$P61<>0,$Q61<>0,$U61=0),\"SEM CUSTO\",\nIF(AND(TIPOORCAMENTO=\"Licitado\",$AL61=0,$AN61>0),\"SEM PREÇO\",\nIF(AND($C61=\"S\",$P61<>0,$Q61<>0,$U61>0,$V61=0),\"BDI\",\nIF(OR(AND(TIPOORCAMENTO=\"Proposto\",$AG61<>\"\",$AG61>0,ORÇAMENTO.CustoUnitario>$AG61),AND(TIPOORCAMENTO=\"LICITADO\",ORÇAMENTO.PrecoUnitarioLicitado>$AN61)),\"ACIMA REF.\",\nIF(AND($C61=\"S\",$P61<>0,$Q61<>0,$T61=0,$U61>0),\"QUANT.\",\nIF(AND(Import.TipoArredondamento=\"TransfereGOV\",$L61=\"F\",$C61=\"S\",LEN($Q61)>13),\"Código >13\",\nIF(AND(Import.TipoArredondamento=\"TransfereGOV\",$L61=\"F\",$C61<>\"S\",LEN($R61)>100),\"Descrição >100\",\nIF(AND(Import.TipoArredondamento=\"TransfereGOV\",$L61=\"F\",$C61=\"S\",LEN($R61)>500),\"Descrição >500\",\nIF(AND(Import.TipoArredondamento=\"TransfereGOV\",$L61=\"F\",$C61=\"S\",LEFT(TRIM(UPPER($P61)),6)<>\"SINAPI\",ISNA(VLOOKUP(TRIM(UPPER($S61)),ListaTgov.Unidades,1,FALSE))),\"Unid. Não Disp\",\n\" \"))))))))))))))))","v":" "},{"$f":"IF(C61<=CRONO.NivelExibicao,MAX($AD$15:OFFSET(AD61,-1,0))+IF($C61<>1,1,MAX(1,COUNTIF(QCI!$A$13:$A$24,OFFSET($E61,-1,0)))),\"\")","v":""},{"$f":"IF(AND($C61=\"S\",ORÇAMENTO.CodBarra<>\"\"),IF(ORÇAMENTO.Fonte=\"\",ORÇAMENTO.CodBarra,CONCATENATE(ORÇAMENTO.Fonte,\" \",ORÇAMENTO.CodBarra)))","v":"SINAPI 102330"},{"$f":"IF(ISERROR(INDIRECT(ORÇAMENTO.BancoRef)),\"(abra o arquivo 'Referência \"&Excel_BuiltIn_Database&\".xlsm)\",IF(OR($C61<>\"S\",ORÇAMENTO.CodBarra=\"\"),\"(Sem Código)\",IF(ISERROR(MATCH($AE61,INDIRECT(ORÇAMENTO.BancoRef),0)),\"(Código não identificado nas referências)\",MATCH($AE61,INDIRECT(ORÇAMENTO.BancoRef),0))))","v":15450},{"$f":"ROUND(IF(DESONERACAO=\"sim\",REFERENCIA.Desonerado,REFERENCIA.NaoDesonerado),2)","v":1.41},0.23380000000000001,null,{"$f":"AJ60*0.0012*30","v":12.79116},null,null,22.25,1.74]
["S",2,"S",0,{"$f":"IF($C62=1,OFFSET(E62,-1,0)+MAX(1,COUNTIF(QCI!$A$13:$A$24,OFFSET(ORÇAMENTO!E62,-1,0))),OFFSET(E62,-1,0))","v":1},4,0,0,12,0,{"$f":"IF(OR($C62=\"S\",$C62=0),0,MATCH(OFFSET($D62,0,$C62)+IF($C62<>1,1,COUNTIF(QCI!$A$13:$A$24,ORÇAMENTO!E62)),OFFSET($D62,1,$C62,ROW($C$110)-ROW($C62)),0))","v":0},"F","Serviço","Serviço","1.4.12.","SINAPI","102331",{"$f":"IF($C62=\"S\",REFERENCIA.Descricao,\"(digite a descrição aqui)\")","v":"TRANSPORTE COM CAMINHÃO TANQUE DE TRANSPORTE DE MATERIAL ASFÁLTICO DE 30000 L, EM VIA URBANA PAVIMENTADA, ADICIONAL PARA DMT EXCEDENTE A 30 KM (UNIDADE: TXKM). AF_07/2020"},{"$f":"REFERENCIA.Unidade","v":"TXKM"},{"$f":"OFFSET(CÁLCULO!H$15,ROW($T62)-ROW(T$15),0)","v":16.63},0.55000000000000004,"BDI 1",{"$f":"IF($C62=\"S\",ROUND(IF(TIPOORCAMENTO=\"Proposto\",ORÇAMENTO.CustoUnitario*(1+$AH62),ORÇAMENTO.PrecoUnitarioLicitado),15-13*$AF$10),0)","v":0.68},{"$f":"IF($C62=\"S\",IF(OR(Import.TipoArredondamento<>\"TransfereGOV\",ACOMPANHAMENTO=\"BM\"),VTOTAL1,SUM(OFFSET(CÁLCULO!$AI$15,ROW($X62)-ROW($X$15),1):OFFSET(CÁLCULO!$BB$15,ROW($X62)-ROW($X$15),-1))),IF($C62=0,0,ROUND(SomaAgrup,15-13*$AF$11)))","v":11.31},"RA","RA",{"$f":"IF($C62=\"S\",IF($Z62=\"CP\",$X62,IF($Z62=\"RA\",(($X62)*QCI!$AA$3),0)),SomaAgrup)","v":3.527090999788292},0,{"$f":"IF($N62=\"\",\" \",\nIF(AND($C62<>\"S\",OR($R62=\"\",$R62=\"(digite a descrição aqui)\")),\"DESCRIÇÃO\",\nIF(AND($C62=\"S\",OR($Q62<>0,$T62>0,$U62>0),$P62=0),\"FONTE\",\nIF(AND($C62=\"S\",$P62<>0,OR($T62>0,$U62>0),$Q62=0),\"CÓDIGO\",\nIF(AND($C62=\"S\",$P62<>0,$Q62<>0,$R62=\"(Código não identificado nas referências)\"),\"CÓDIGO N/ID\",\nIF(AND($C62=\"S\",OR($R62=\"\",$R62=\"(digite a descrição aqui)\"),OR($Q62<>0,$T62>0,$U62>0)),\"DESCRIÇÃO\",\nIF(AND($C62=\"S\",$P62<>0,$Q62<>0,$S62=\"\"),\"UNIDADE\",\nIF(AND($C62=\"S\",$P62<>0,$Q62<>0,$U62=0),\"SEM CUSTO\",\nIF(AND(TIPOORCAMENTO=\"Licitado\",$AL62=0,$AN62>0),\"SEM PREÇO\",\nIF(AND($C62=\"S\",$P62<>0,$Q62<>0,$U62>0,$V62=0),\"BDI\",\nIF(OR(AND(TIPOORCAMENTO=\"Proposto\",$AG62<>\"\",$AG62>0,ORÇAMENTO.CustoUnitario>$AG62),AND(TIPOORCAMENTO=\"LICITADO\",ORÇAMENTO.PrecoUnitarioLicitado>$AN62)),\"ACIMA REF.\",\nIF(AND($C62=\"S\",$P62<>0,$Q62<>0,$T62=0,$U62>0),\"QUANT.\",\nIF(AND(Import.TipoArredondamento=\"TransfereGOV\",$L62=\"F\",$C62=\"S\",LEN($Q62)>13),\"Código >13\",\nIF(AND(Import.TipoArredondamento=\"TransfereGOV\",$L62=\"F\",$C62<>\"S\",LEN($R62)>100),\"Descrição >100\",\nIF(AND(Import.TipoArredondamento=\"TransfereGOV\",$L62=\"F\",$C62=\"S\",LEN($R62)>500),\"Descrição >500\",\nIF(AND(Import.TipoArredondamento=\"TransfereGOV\",$L62=\"F\",$C62=\"S\",LEFT(TRIM(UPPER($P62)),6)<>\"SINAPI\",ISNA(VLOOKUP(TRIM(UPPER($S62)),ListaTgov.Unidades,1,FALSE))),\"Unid. Não Disp\",\n\" \"))))))))))))))))","v":" "},{"$f":"IF(C62<=CRONO.NivelExibicao,MAX($AD$15:OFFSET(AD62,-1,0))+IF($C62<>1,1,MAX(1,COUNTIF(QCI!$A$13:$A$24,OFFSET($E62,-1,0)))),\"\")","v":""},{"$f":"IF(AND($C62=\"S\",ORÇAMENTO.CodBarra<>\"\"),IF(ORÇAMENTO.Fonte=\"\",ORÇAMENTO.CodBarra,CONCATENATE(ORÇAMENTO.Fonte,\" \",ORÇAMENTO.CodBarra)))","v":"SINAPI 102331"},{"$f":"IF(ISERROR(INDIRECT(ORÇAMENTO.BancoRef)),\"(abra o arquivo 'Referência \"&Excel_BuiltIn_Database&\".xlsm)\",IF(OR($C62<>\"S\",ORÇAMENTO.CodBarra=\"\"),\"(Sem Código)\",IF(ISERROR(MATCH($AE62,INDIRECT(ORÇAMENTO.BancoRef),0)),\"(Código não identificado nas referências)\",MATCH($AE62,INDIRECT(ORÇAMENTO.BancoRef),0))))","v":15449},{"$f":"ROUND(IF(DESONERACAO=\"sim\",REFERENCIA.Desonerado,REFERENCIA.NaoDesonerado),2)","v":0.55000000000000004},0.23380000000000001,null,{"$f":"AJ60*0.0012*39","v":16.628508},null,null,11.31,0.68]
["S",2,"S",0,{"$f":"IF($C63=1,OFFSET(E63,-1,0)+MAX(1,COUNTIF(QCI!$A$13:$A$24,OFFSET(ORÇAMENTO!E63,-1,0))),OFFSET(E63,-1,0))","v":1},4,0,0,13,0,{"$f":"IF(OR($C63=\"S\",$C63=0),0,MATCH(OFFSET($D63,0,$C63)+IF($C63<>1,1,COUNTIF(QCI!$A$13:$A$24,ORÇAMENTO!E63)),OFFSET($D63,1,$C63,ROW($C$110)-ROW($C63)),0))","v":0},"F","Serviço","Serviço","1.4.13.","SINAPI","95995",{"$f":"IF($C63=\"S\",REFERENCIA.Descricao,\"(digite a descrição aqui)\")","v":"EXECUÇÃO DE PAVIMENTO COM APLICAÇÃO DE CONCRETO ASFÁLTICO, CAMADA DE ROLAMENTO - EXCLUSIVE CARGA E TRANSPORTE. AF_11/2019"},{"$f":"REFERENCIA.Unidade","v":"M3"},{"$f":"OFFSET(CÁLCULO!H$15,ROW($T63)-ROW(T$15),0)","v":37.770000000000003},1789.51,"BDI 1",{"$f":"IF($C63=\"S\",ROUND(IF(TIPOORCAMENTO=\"Proposto\",ORÇAMENTO.CustoUnitario*(1+$AH63),ORÇAMENTO.PrecoUnitarioLicitado),15-13*$AF$10),0)","v":2207.9},{"$f":"IF($C63=\"S\",IF(OR(Import.TipoArredondamento<>\"TransfereGOV\",ACOMPANHAMENTO=\"BM\"),VTOTAL1,SUM(OFFSET(CÁLCULO!$AI$15,ROW($X63)-ROW($X$15),1):OFFSET(CÁLCULO!$BB$15,ROW($X63)-ROW($X$15),-1))),IF($C63=0,0,ROUND(SomaAgrup,15-13*$AF$11)))","v":83392.38},"RA","RA",{"$f":"IF($C63=\"S\",IF($Z63=\"CP\",$X63,IF($Z63=\"RA\",(($X63)*QCI!$AA$3),0)),SomaAgrup)","v":26006.411401319645},0,{"$f":"IF($N63=\"\",\" \",\nIF(AND($C63<>\"S\",OR($R63=\"\",$R63=\"(digite a descrição aqui)\")),\"DESCRIÇÃO\",\nIF(AND($C63=\"S\",OR($Q63<>0,$T63>0,$U63>0),$P63=0),\"FONTE\",\nIF(AND($C63=\"S\",$P63<>0,OR($T63>0,$U63>0),$Q63=0),\"CÓDIGO\",\nIF(AND($C63=\"S\",$P63<>0,$Q63<>0,$R63=\"(Código não identificado nas referências)\"),\"CÓDIGO N/ID\",\nIF(AND($C63=\"S\",OR($R63=\"\",$R63=\"(digite a descrição aqui)\"),OR($Q63<>0,$T63>0,$U63>0)),\"DESCRIÇÃO\",\nIF(AND($C63=\"S\",$P63<>0,$Q63<>0,$S63=\"\"),\"UNIDADE\",\nIF(AND($C63=\"S\",$P63<>0,$Q63<>0,$U63=0),\"SEM CUSTO\",\nIF(AND(TIPOORCAMENTO=\"Licitado\",$AL63=0,$AN63>0),\"SEM PREÇO\",\nIF(AND($C63=\"S\",$P63<>0,$Q63<>0,$U63>0,$V63=0),\"BDI\",\nIF(OR(AND(TIPOORCAMENTO=\"Proposto\",$AG63<>\"\",$AG63>0,ORÇAMENTO.CustoUnitario>$AG63),AND(TIPOORCAMENTO=\"LICITADO\",ORÇAMENTO.PrecoUnitarioLicitado>$AN63)),\"ACIMA REF.\",\nIF(AND($C63=\"S\",$P63<>0,$Q63<>0,$T63=0,$U63>0),\"QUANT.\",\nIF(AND(Import.TipoArredondamento=\"TransfereGOV\",$L63=\"F\",$C63=\"S\",LEN($Q63)>13),\"Código >13\",\nIF(AND(Import.TipoArredondamento=\"TransfereGOV\",$L63=\"F\",$C63<>\"S\",LEN($R63)>100),\"Descrição >100\",\nIF(AND(Import.TipoArredondamento=\"TransfereGOV\",$L63=\"F\",$C63=\"S\",LEN($R63)>500),\"Descrição >500\",\nIF(AND(Import.TipoArredondamento=\"TransfereGOV\",$L63=\"F\",$C63=\"S\",LEFT(TRIM(UPPER($P63)),6)<>\"SINAPI\",ISNA(VLOOKUP(TRIM(UPPER($S63)),ListaTgov.Unidades,1,FALSE))),\"Unid. Não Disp\",\n\" \"))))))))))))))))","v":" "},{"$f":"IF(C63<=CRONO.NivelExibicao,MAX($AD$15:OFFSET(AD63,-1,0))+IF($C63<>1,1,MAX(1,COUNTIF(QCI!$A$13:$A$24,OFFSET($E63,-1,0)))),\"\")","v":""},{"$f":"IF(AND($C63=\"S\",ORÇAMENTO.CodBarra<>\"\"),IF(ORÇAMENTO.Fonte=\"\",ORÇAMENTO.CodBarra,CONCATENATE(ORÇAMENTO.Fonte,\" \",ORÇAMENTO.CodBarra)))","v":"SINAPI 95995"},{"$f":"IF(ISERROR(INDIRECT(ORÇAMENTO.BancoRef)),\"(abra o arquivo 'Referência \"&Excel_BuiltIn_Database&\".xlsm)\",IF(OR($C63<>\"S\",ORÇAMENTO.CodBarra=\"\"),\"(Sem Código)\",IF(ISERROR(MATCH($AE63,INDIRECT(ORÇAMENTO.BancoRef),0)),\"(Código não identificado nas referências)\",MATCH($AE63,INDIRECT(ORÇAMENTO.BancoRef),0))))","v":6369},{"$f":"ROUND(IF(DESONERACAO=\"sim\",REFERENCIA.Desonerado,REFERENCIA.NaoDesonerado),2)","v":1789.51},0.23380000000000001,null,{"$f":"AJ57*0.03","v":37.770899999999997},null,null,83392.38,2207.9]
["S",2,"S",0,{"$f":"IF($C64=1,OFFSET(E64,-1,0)+MAX(1,COUNTIF(QCI!$A$13:$A$24,OFFSET(ORÇAMENTO!E64,-1,0))),OFFSET(E64,-1,0))","v":1},4,0,0,14,0,{"$f":"IF(OR($C64=\"S\",$C64=0),0,MATCH(OFFSET($D64,0,$C64)+IF($C64<>1,1,COUNTIF(QCI!$A$13:$A$24,ORÇAMENTO!E64)),OFFSET($D64,1,$C64,ROW($C$110)-ROW($C64)),0))","v":0},"F","Serviço","Serviço","1.4.14.","SINAPI","95876",{"$f":"IF($C64=\"S\",REFERENCIA.Descricao,\"(digite a descrição aqui)\")","v":"TRANSPORTE COM CAMINHÃO BASCULANTE DE 14 M³, EM VIA URBANA PAVIMENTADA, DMT ATÉ 30 KM (UNIDADE: M3XKM). AF_07/2020"},{"$f":"REFERENCIA.Unidade","v":"M3XKM"},{"$f":"OFFSET(CÁLCULO!H$15,ROW($T64)-ROW(T$15),0)","v":1133.1300000000001},2.14,"BDI 1",{"$f":"IF($C64=\"S\",ROUND(IF(TIPOORCAMENTO=\"Proposto\",ORÇAMENTO.CustoUnitario*(1+$AH64),ORÇAMENTO.PrecoUnitarioLicitado),15-13*$AF$10),0)","v":2.64},{"$f":"IF($C64=\"S\",IF(OR(Import.TipoArredondamento<>\"TransfereGOV\",ACOMPANHAMENTO=\"BM\"),VTOTAL1,SUM(OFFSET(CÁLCULO!$AI$15,ROW($X64)-ROW($X$15),1):OFFSET(CÁLCULO!$BB$15,ROW($X64)-ROW($X$15),-1))),IF($C64=0,0,ROUND(SomaAgrup,15-13*$AF$11)))","v":2991.46},"RA","RA",{"$f":"IF($C64=\"S\",IF($Z64=\"CP\",$X64,IF($Z64=\"RA\",(($X64)*QCI!$AA$3),0)),SomaAgrup)","v":932.90465448511793},0,{"$f":"IF($N64=\"\",\" \",\nIF(AND($C64<>\"S\",OR($R64=\"\",$R64=\"(digite a descrição aqui)\")),\"DESCRIÇÃO\",\nIF(AND($C64=\"S\",OR($Q64<>0,$T64>0,$U64>0),$P64=0),\"FONTE\",\nIF(AND($C64=\"S\",$P64<>0,OR($T64>0,$U64>0),$Q64=0),\"CÓDIGO\",\nIF(AND($C64=\"S\",$P64<>0,$Q64<>0,$R64=\"(Código não identificado nas referências)\"),\"CÓDIGO N/ID\",\nIF(AND($C64=\"S\",OR($R64=\"\",$R64=\"(digite a descrição aqui)\"),OR($Q64<>0,$T64>0,$U64>0)),\"DESCRIÇÃO\",\nIF(AND($C64=\"S\",$P64<>0,$Q64<>0,$S64=\"\"),\"UNIDADE\",\nIF(AND($C64=\"S\",$P64<>0,$Q64<>0,$U64=0),\"SEM CUSTO\",\nIF(AND(TIPOORCAMENTO=\"Licitado\",$AL64=0,$AN64>0),\"SEM PREÇO\",\nIF(AND($C64=\"S\",$P64<>0,$Q64<>0,$U64>0,$V64=0),\"BDI\",\nIF(OR(AND(TIPOORCAMENTO=\"Proposto\",$AG64<>\"\",$AG64>0,ORÇAMENTO.CustoUnitario>$AG64),AND(TIPOORCAMENTO=\"LICITADO\",ORÇAMENTO.PrecoUnitarioLicitado>$AN64)),\"ACIMA REF.\",\nIF(AND($C64=\"S\",$P64<>0,$Q64<>0,$T64=0,$U64>0),\"QUANT.\",\nIF(AND(Import.TipoArredondamento=\"TransfereGOV\",$L64=\"F\",$C64=\"S\",LEN($Q64)>13),\"Código >13\",\nIF(AND(Import.TipoArredondamento=\"TransfereGOV\",$L64=\"F\",$C64<>\"S\",LEN($R64)>100),\"Descrição >100\",\nIF(AND(Import.TipoArredondamento=\"TransfereGOV\",$L64=\"F\",$C64=\"S\",LEN($R64)>500),\"Descrição >500\",\nIF(AND(Import.TipoArredondamento=\"TransfereGOV\",$L64=\"F\",$C64=\"S\",LEFT(TRIM(UPPER($P64)),6)<>\"SINAPI\",ISNA(VLOOKUP(TRIM(UPPER($S64)),ListaTgov.Unidades,1,FALSE))),\"Unid. Não Disp\",\n\" \"))))))))))))))))","v":" "},{"$f":"IF(C64<=CRONO.NivelExibicao,MAX($AD$15:OFFSET(AD64,-1,0))+IF($C64<>1,1,MAX(1,COUNTIF(QCI!$A$13:$A$24,OFFSET($E64,-1,0)))),\"\")","v":""},{"$f":"IF(AND($C64=\"S\",ORÇAMENTO.CodBarra<>\"\"),IF(ORÇAMENTO.Fonte=\"\",ORÇAMENTO.CodBarra,CONCATENATE(ORÇAMENTO.Fonte,\" \",ORÇAMENTO.CodBarra)))","v":"SINAPI 95876"},{"$f":"IF(ISERROR(INDIRECT(ORÇAMENTO.BancoRef)),\"(abra o arquivo 'Referência \"&Excel_BuiltIn_Database&\".xlsm)\",IF(OR($C64<>\"S\",ORÇAMENTO.CodBarra=\"\"),\"(Sem Código)\",IF(ISERROR(MATCH($AE64,INDIRECT(ORÇAMENTO.BancoRef),0)),\"(Código não identificado nas referências)\",MATCH($AE64,INDIRECT(ORÇAMENTO.BancoRef),0))))","v":15401},{"$f":"ROUND(IF(DESONERACAO=\"sim\",REFERENCIA.Desonerado,REFERENCIA.NaoDesonerado),2)","v":2.14},0.23380000000000001,null,{"$f":"AJ63*30","v":1133.127},null,null,2991.46,2.64]
["S",2,"S",0,{"$f":"IF($C65=1,OFFSET(E65,-1,0)+MAX(1,COUNTIF(QCI!$A$13:$A$24,OFFSET(ORÇAMENTO!E65,-1,0))),OFFSET(E65,-1,0))","v":1},4,0,0,15,0,{"$f":"IF(OR($C65=\"S\",$C65=0),0,MATCH(OFFSET($D65,0,$C65)+IF($C65<>1,1,COUNTIF(QCI!$A$13:$A$24,ORÇAMENTO!E65)),OFFSET($D65,1,$C65,ROW($C$110)-ROW($C65)),0))","v":0},"F","Serviço","Serviço","1.4.15.","SINAPI","93593",{"$f":"IF($C65=\"S\",REFERENCIA.Descricao,\"(digite a descrição aqui)\")","v":"TRANSPORTE COM CAMINHÃO BASCULANTE DE 14 M³, EM VIA URBANA PAVIMENTADA, ADICIONAL PARA DMT EXCEDENTE A 30 KM (UNIDADE: M3XKM). AF_07/2020"},{"$f":"REFERENCIA.Unidade","v":"M3XKM"},{"$f":"OFFSET(CÁLCULO!H$15,ROW($T65)-ROW(T$15),0)","v":2304.02},0.86,"BDI 1",{"$f":"IF($C65=\"S\",ROUND(IF(TIPOORCAMENTO=\"Proposto\",ORÇAMENTO.CustoUnitario*(1+$AH65),ORÇAMENTO.PrecoUnitarioLicitado),15-13*$AF$10),0)","v":1.06},{"$f":"IF($C65=\"S\",IF(OR(Import.TipoArredondamento<>\"TransfereGOV\",ACOMPANHAMENTO=\"BM\"),VTOTAL1,SUM(OFFSET(CÁLCULO!$AI$15,ROW($X65)-ROW($X$15),1):OFFSET(CÁLCULO!$BB$15,ROW($X65)-ROW($X$15),-1))),IF($C65=0,0,ROUND(SomaAgrup,15-13*$AF$11)))","v":2442.2600000000002},"RA","RA",{"$f":"IF($C65=\"S\",IF($Z65=\"CP\",$X65,IF($Z65=\"RA\",(($X65)*QCI!$AA$3),0)),SomaAgrup)","v":761.63335677656539},0,{"$f":"IF($N65=\"\",\" \",\nIF(AND($C65<>\"S\",OR($R65=\"\",$R65=\"(digite a descrição aqui)\")),\"DESCRIÇÃO\",\nIF(AND($C65=\"S\",OR($Q65<>0,$T65>0,$U65>0),$P65=0),\"FONTE\",\nIF(AND($C65=\"S\",$P65<>0,OR($T65>0,$U65>0),$Q65=0),\"CÓDIGO\",\nIF(AND($C65=\"S\",$P65<>0,$Q65<>0,$R65=\"(Código não identificado nas referências)\"),\"CÓDIGO N/ID\",\nIF(AND($C65=\"S\",OR($R65=\"\",$R65=\"(digite a descrição aqui)\"),OR($Q65<>0,$T65>0,$U65>0)),\"DESCRIÇÃO\",\nIF(AND($C65=\"S\",$P65<>0,$Q65<>0,$S65=\"\"),\"UNIDADE\",\nIF(AND($C65=\"S\",$P65<>0,$Q65<>0,$U65=0),\"SEM CUSTO\",\nIF(AND(TIPOORCAMENTO=\"Licitado\",$AL65=0,$AN65>0),\"SEM PREÇO\",\nIF(AND($C65=\"S\",$P65<>0,$Q65<>0,$U65>0,$V65=0),\"BDI\",\nIF(OR(AND(TIPOORCAMENTO=\"Proposto\",$AG65<>\"\",$AG65>0,ORÇAMENTO.CustoUnitario>$AG65),AND(TIPOORCAMENTO=\"LICITADO\",ORÇAMENTO.PrecoUnitarioLicitado>$AN65)),\"ACIMA REF.\",\nIF(AND($C65=\"S\",$P65<>0,$Q65<>0,$T65=0,$U65>0),\"QUANT.\",\nIF(AND(Import.TipoArredondamento=\"TransfereGOV\",$L65=\"F\",$C65=\"S\",LEN($Q65)>13),\"Código >13\",\nIF(AND(Import.TipoArredondamento=\"TransfereGOV\",$L65=\"F\",$C65<>\"S\",LEN($R65)>100),\"Descrição >100\",\nIF(AND(Import.TipoArredondamento=\"TransfereGOV\",$L65=\"F\",$C65=\"S\",LEN($R65)>500),\"Descrição >500\",\nIF(AND(Import.TipoArredondamento=\"TransfereGOV\",$L65=\"F\",$C65=\"S\",LEFT(TRIM(UPPER($P65)),6)<>\"SINAPI\",ISNA(VLOOKUP(TRIM(UPPER($S65)),ListaTgov.Unidades,1,FALSE))),\"Unid. Não Disp\",\n\" \"))))))))))))))))","v":" "},{"$f":"IF(C65<=CRONO.NivelExibicao,MAX($AD$15:OFFSET(AD65,-1,0))+IF($C65<>1,1,MAX(1,COUNTIF(QCI!$A$13:$A$24,OFFSET($E65,-1,0)))),\"\")","v":""},{"$f":"IF(AND($C65=\"S\",ORÇAMENTO.CodBarra<>\"\"),IF(ORÇAMENTO.Fonte=\"\",ORÇAMENTO.CodBarra,CONCATENATE(ORÇAMENTO.Fonte,\" \",ORÇAMENTO.CodBarra)))","v":"SINAPI 93593"},{"$f":"IF(ISERROR(INDIRECT(ORÇAMENTO.BancoRef)),\"(abra o arquivo 'Referência \"&Excel_BuiltIn_Database&\".xlsm)\",IF(OR($C65<>\"S\",ORÇAMENTO.CodBarra=\"\"),\"(Sem Código)\",IF(ISERROR(MATCH($AE65,INDIRECT(ORÇAMENTO.BancoRef),0)),\"(Código não identificado nas referências)\",MATCH($AE65,INDIRECT(ORÇAMENTO.BancoRef),0))))","v":15399},{"$f":"ROUND(IF(DESONERACAO=\"sim\",REFERENCIA.Desonerado,REFERENCIA.NaoDesonerado),2)","v":0.86},0.23380000000000001,null,{"$f":"AJ63*61","v":2304.0248999999999},null,null,2442.2600000000002,1.06]
[2,2,2,5,{"$f":"IF($C66=1,OFFSET(E66,-1,0)+MAX(1,COUNTIF(QCI!$A$13:$A$24,OFFSET(ORÇAMENTO!E66,-1,0))),OFFSET(E66,-1,0))","v":1},5,0,0,0,44,{"$f":"IF(OR($C66=\"S\",$C66=0),0,MATCH(OFFSET($D66,0,$C66)+IF($C66<>1,1,COUNTIF(QCI!$A$13:$A$24,ORÇAMENTO!E66)),OFFSET($D66,1,$C66,ROW($C$110)-ROW($C66)),0))","v":5},"F","Nível 2","Nível 2","1.5.","SINAPI","92263","IMPLANTAÇÃO ASFÁLTICA - TERRAPLENAGEM",{"$f":"REFERENCIA.Unidade","v":"-"},{"$f":"OFFSET(CÁLCULO!H$15,ROW($T66)-ROW(T$15),0)","v":0},0,"BDI 1",{"$f":"IF($C66=\"S\",ROUND(IF(TIPOORCAMENTO=\"Proposto\",ORÇAMENTO.CustoUnitario*(1+$AH66),ORÇAMENTO.PrecoUnitarioLicitado),15-13*$AF$10),0)","v":0},{"$f":"IF($C66=\"S\",IF(OR(Import.TipoArredondamento<>\"TransfereGOV\",ACOMPANHAMENTO=\"BM\"),VTOTAL1,SUM(OFFSET(CÁLCULO!$AI$15,ROW($X66)-ROW($X$15),1):OFFSET(CÁLCULO!$BB$15,ROW($X66)-ROW($X$15),-1))),IF($C66=0,0,ROUND(SomaAgrup,15-13*$AF$11)))","v":10751.26},"RA","",{"$f":"IF($C66=\"S\",IF($Z66=\"CP\",$X66,IF($Z66=\"RA\",(($X66)*QCI!$AA$3),0)),SomaAgrup)","v":3352.8445961435782},0,{"$f":"IF($N66=\"\",\" \",\nIF(AND($C66<>\"S\",OR($R66=\"\",$R66=\"(digite a descrição aqui)\")),\"DESCRIÇÃO\",\nIF(AND($C66=\"S\",OR($Q66<>0,$T66>0,$U66>0),$P66=0),\"FONTE\",\nIF(AND($C66=\"S\",$P66<>0,OR($T66>0,$U66>0),$Q66=0),\"CÓDIGO\",\nIF(AND($C66=\"S\",$P66<>0,$Q66<>0,$R66=\"(Código não identificado nas referências)\"),\"CÓDIGO N/ID\",\nIF(AND($C66=\"S\",OR($R66=\"\",$R66=\"(digite a descrição aqui)\"),OR($Q66<>0,$T66>0,$U66>0)),\"DESCRIÇÃO\",\nIF(AND($C66=\"S\",$P66<>0,$Q66<>0,$S66=\"\"),\"UNIDADE\",\nIF(AND($C66=\"S\",$P66<>0,$Q66<>0,$U66=0),\"SEM CUSTO\",\nIF(AND(TIPOORCAMENTO=\"Licitado\",$AL66=0,$AN66>0),\"SEM PREÇO\",\nIF(AND($C66=\"S\",$P66<>0,$Q66<>0,$U66>0,$V66=0),\"BDI\",\nIF(OR(AND(TIPOORCAMENTO=\"Proposto\",$AG66<>\"\",$AG66>0,ORÇAMENTO.CustoUnitario>$AG66),AND(TIPOORCAMENTO=\"LICITADO\",ORÇAMENTO.PrecoUnitarioLicitado>$AN66)),\"ACIMA REF.\",\nIF(AND($C66=\"S\",$P66<>0,$Q66<>0,$T66=0,$U66>0),\"QUANT.\",\nIF(AND(Import.TipoArredondamento=\"TransfereGOV\",$L66=\"F\",$C66=\"S\",LEN($Q66)>13),\"Código >13\",\nIF(AND(Import.TipoArredondamento=\"TransfereGOV\",$L66=\"F\",$C66<>\"S\",LEN($R66)>100),\"Descrição >100\",\nIF(AND(Import.TipoArredondamento=\"TransfereGOV\",$L66=\"F\",$C66=\"S\",LEN($R66)>500),\"Descrição >500\",\nIF(AND(Import.TipoArredondamento=\"TransfereGOV\",$L66=\"F\",$C66=\"S\",LEFT(TRIM(UPPER($P66)),6)<>\"SINAPI\",ISNA(VLOOKUP(TRIM(UPPER($S66)),ListaTgov.Unidades,1,FALSE))),\"Unid. Não Disp\",\n\" \"))))))))))))))))","v":" "},{"$f":"IF(C66<=CRONO.NivelExibicao,MAX($AD$15:OFFSET(AD66,-1,0))+IF($C66<>1,1,MAX(1,COUNTIF(QCI!$A$13:$A$24,OFFSET($E66,-1,0)))),\"\")","v":6},{"$f":"IF(AND($C66=\"S\",ORÇAMENTO.CodBarra<>\"\"),IF(ORÇAMENTO.Fonte=\"\",ORÇAMENTO.CodBarra,CONCATENATE(ORÇAMENTO.Fonte,\" \",ORÇAMENTO.CodBarra)))","v":false},{"$f":"IF(ISERROR(INDIRECT(ORÇAMENTO.BancoRef)),\"(abra o arquivo 'Referência \"&Excel_BuiltIn_Database&\".xlsm)\",IF(OR($C66<>\"S\",ORÇAMENTO.CodBarra=\"\"),\"(Sem Código)\",IF(ISERROR(MATCH($AE66,INDIRECT(ORÇAMENTO.BancoRef),0)),\"(Código não identificado nas referências)\",MATCH($AE66,INDIRECT(ORÇAMENTO.BancoRef),0))))","v":"(Sem Código)"},{"$f":"ROUND(IF(DESONERACAO=\"sim\",REFERENCIA.Desonerado,REFERENCIA.NaoDesonerado),2)","v":0},0.23380000000000001,null,1471.4610299999999,null,null,10751.26,0]
["S",2,"S",0,{"$f":"IF($C67=1,OFFSET(E67,-1,0)+MAX(1,COUNTIF(QCI!$A$13:$A$24,OFFSET(ORÇAMENTO!E67,-1,0))),OFFSET(E67,-1,0))","v":1},5,0,0,1,0,{"$f":"IF(OR($C67=\"S\",$C67=0),0,MATCH(OFFSET($D67,0,$C67)+IF($C67<>1,1,COUNTIF(QCI!$A$13:$A$24,ORÇAMENTO!E67)),OFFSET($D67,1,$C67,ROW($C$110)-ROW($C67)),0))","v":0},"F","Serviço","Serviço","1.5.1.","Composição","IUP30023",{"$f":"IF($C67=\"S\",REFERENCIA.Descricao,\"(digite a descrição aqui)\")","v":"Escavação mecânica de material 1­ª categoria, proveniente de corte do subleito (com motoniveladora 125 HP)"},"M3",{"$f":"OFFSET(CÁLCULO!H$15,ROW($T67)-ROW(T$15),0)","v":325.47000000000003},2.42,"BDI 1",{"$f":"IF($C67=\"S\",ROUND(IF(TIPOORCAMENTO=\"Proposto\",ORÇAMENTO.CustoUnitario*(1+$AH67),ORÇAMENTO.PrecoUnitarioLicitado),15-13*$AF$10),0)","v":2.99},{"$f":"IF($C67=\"S\",IF(OR(Import.TipoArredondamento<>\"TransfereGOV\",ACOMPANHAMENTO=\"BM\"),VTOTAL1,SUM(OFFSET(CÁLCULO!$AI$15,ROW($X67)-ROW($X$15),1):OFFSET(CÁLCULO!$BB$15,ROW($X67)-ROW($X$15),-1))),IF($C67=0,0,ROUND(SomaAgrup,15-13*$AF$11)))","v":973.16},"RA","RA",{"$f":"IF($C67=\"S\",IF($Z67=\"CP\",$X67,IF($Z67=\"RA\",(($X67)*QCI!$AA$3),0)),SomaAgrup)","v":303.48575396586864},0,{"$f":"IF($N67=\"\",\" \",\nIF(AND($C67<>\"S\",OR($R67=\"\",$R67=\"(digite a descrição aqui)\")),\"DESCRIÇÃO\",\nIF(AND($C67=\"S\",OR($Q67<>0,$T67>0,$U67>0),$P67=0),\"FONTE\",\nIF(AND($C67=\"S\",$P67<>0,OR($T67>0,$U67>0),$Q67=0),\"CÓDIGO\",\nIF(AND($C67=\"S\",$P67<>0,$Q67<>0,$R67=\"(Código não identificado nas referências)\"),\"CÓDIGO N/ID\",\nIF(AND($C67=\"S\",OR($R67=\"\",$R67=\"(digite a descrição aqui)\"),OR($Q67<>0,$T67>0,$U67>0)),\"DESCRIÇÃO\",\nIF(AND($C67=\"S\",$P67<>0,$Q67<>0,$S67=\"\"),\"UNIDADE\",\nIF(AND($C67=\"S\",$P67<>0,$Q67<>0,$U67=0),\"SEM CUSTO\",\nIF(AND(TIPOORCAMENTO=\"Licitado\",$AL67=0,$AN67>0),\"SEM PREÇO\",\nIF(AND($C67=\"S\",$P67<>0,$Q67<>0,$U67>0,$V67=0),\"BDI\",\nIF(OR(AND(TIPOORCAMENTO=\"Proposto\",$AG67<>\"\",$AG67>0,ORÇAMENTO.CustoUnitario>$AG67),AND(TIPOORCAMENTO=\"LICITADO\",ORÇAMENTO.PrecoUnitarioLicitado>$AN67)),\"ACIMA REF.\",\nIF(AND($C67=\"S\",$P67<>0,$Q67<>0,$T67=0,$U67>0),\"QUANT.\",\nIF(AND(Import.TipoArredondamento=\"TransfereGOV\",$L67=\"F\",$C67=\"S\",LEN($Q67)>13),\"Código >13\",\nIF(AND(Import.TipoArredondamento=\"TransfereGOV\",$L67=\"F\",$C67<>\"S\",LEN($R67)>100),\"Descrição >100\",\nIF(AND(Import.TipoArredondamento=\"TransfereGOV\",$L67=\"F\",$C67=\"S\",LEN($R67)>500),\"Descrição >500\",\nIF(AND(Import.TipoArredondamento=\"TransfereGOV\",$L67=\"F\",$C67=\"S\",LEFT(TRIM(UPPER($P67)),6)<>\"SINAPI\",ISNA(VLOOKUP(TRIM(UPPER($S67)),ListaTgov.Unidades,1,FALSE))),\"Unid. Não Disp\",\n\" \"))))))))))))))))","v":" "},{"$f":"IF(C67<=CRONO.NivelExibicao,MAX($AD$15:OFFSET(AD67,-1,0))+IF($C67<>1,1,MAX(1,COUNTIF(QCI!$A$13:$A$24,OFFSET($E67,-1,0)))),\"\")","v":""},{"$f":"IF(AND($C67=\"S\",ORÇAMENTO.CodBarra<>\"\"),IF(ORÇAMENTO.Fonte=\"\",ORÇAMENTO.CodBarra,CONCATENATE(ORÇAMENTO.Fonte,\" \",ORÇAMENTO.CodBarra)))","v":"Composição IUP30023"},{"$f":"IF(ISERROR(INDIRECT(ORÇAMENTO.BancoRef)),\"(abra o arquivo 'Referência \"&Excel_BuiltIn_Database&\".xlsm)\",IF(OR($C67<>\"S\",ORÇAMENTO.CodBarra=\"\"),\"(Sem Código)\",IF(ISERROR(MATCH($AE67,INDIRECT(ORÇAMENTO.BancoRef),0)),\"(Código não identificado nas referências)\",MATCH($AE67,INDIRECT(ORÇAMENTO.BancoRef),0))))","v":16},{"$f":"ROUND(IF(DESONERACAO=\"sim\",REFERENCIA.Desonerado,REFERENCIA.NaoDesonerado),2)","v":2.42},0.23380000000000001,null,325.47000000000003,null,null,973.16,2.99]
["S",2,"S",0,{"$f":"IF($C68=1,OFFSET(E68,-1,0)+MAX(1,COUNTIF(QCI!$A$13:$A$24,OFFSET(ORÇAMENTO!E68,-1,0))),OFFSET(E68,-1,0))","v":1},5,0,0,2,0,{"$f":"IF(OR($C68=\"S\",$C68=0),0,MATCH(OFFSET($D68,0,$C68)+IF($C68<>1,1,COUNTIF(QCI!$A$13:$A$24,ORÇAMENTO!E68)),OFFSET($D68,1,$C68,ROW($C$110)-ROW($C68)),0))","v":0},"F","Serviço","Serviço","1.5.2.","SINAPI","100979",{"$f":"IF($C68=\"S\",REFERENCIA.Descricao,\"(digite a descrição aqui)\")","v":"CARGA, MANOBRA E DESCARGA DE SOLOS E MATERIAIS GRANULARES EM CAMINHÃO BASCULANTE 14 M³ - CARGA COM ESCAVADEIRA HIDRÁULICA (CAÇAMBA DE 1,20 M³ / 155 HP) E DESCARGA LIVRE (UNIDADE: M3). AF_07/2020"},{"$f":"REFERENCIA.Unidade","v":"M3"},{"$f":"OFFSET(CÁLCULO!H$15,ROW($T68)-ROW(T$15),0)","v":423.11},{"$f":"AG68","v":6.65},"BDI 1",{"$f":"IF($C68=\"S\",ROUND(IF(TIPOORCAMENTO=\"Proposto\",ORÇAMENTO.CustoUnitario*(1+$AH68),ORÇAMENTO.PrecoUnitarioLicitado),15-13*$AF$10),0)","v":8.1999999999999993},{"$f":"IF($C68=\"S\",IF(OR(Import.TipoArredondamento<>\"TransfereGOV\",ACOMPANHAMENTO=\"BM\"),VTOTAL1,SUM(OFFSET(CÁLCULO!$AI$15,ROW($X68)-ROW($X$15),1):OFFSET(CÁLCULO!$BB$15,ROW($X68)-ROW($X$15),-1))),IF($C68=0,0,ROUND(SomaAgrup,15-13*$AF$11)))","v":3469.5},"RA","RA",{"$f":"IF($C68=\"S\",IF($Z68=\"CP\",$X68,IF($Z68=\"RA\",(($X68)*QCI!$AA$3),0)),SomaAgrup)","v":1081.9842815000422},0,{"$f":"IF($N68=\"\",\" \",\nIF(AND($C68<>\"S\",OR($R68=\"\",$R68=\"(digite a descrição aqui)\")),\"DESCRIÇÃO\",\nIF(AND($C68=\"S\",OR($Q68<>0,$T68>0,$U68>0),$P68=0),\"FONTE\",\nIF(AND($C68=\"S\",$P68<>0,OR($T68>0,$U68>0),$Q68=0),\"CÓDIGO\",\nIF(AND($C68=\"S\",$P68<>0,$Q68<>0,$R68=\"(Código não identificado nas referências)\"),\"CÓDIGO N/ID\",\nIF(AND($C68=\"S\",OR($R68=\"\",$R68=\"(digite a descrição aqui)\"),OR($Q68<>0,$T68>0,$U68>0)),\"DESCRIÇÃO\",\nIF(AND($C68=\"S\",$P68<>0,$Q68<>0,$S68=\"\"),\"UNIDADE\",\nIF(AND($C68=\"S\",$P68<>0,$Q68<>0,$U68=0),\"SEM CUSTO\",\nIF(AND(TIPOORCAMENTO=\"Licitado\",$AL68=0,$AN68>0),\"SEM PREÇO\",\nIF(AND($C68=\"S\",$P68<>0,$Q68<>0,$U68>0,$V68=0),\"BDI\",\nIF(OR(AND(TIPOORCAMENTO=\"Proposto\",$AG68<>\"\",$AG68>0,ORÇAMENTO.CustoUnitario>$AG68),AND(TIPOORCAMENTO=\"LICITADO\",ORÇAMENTO.PrecoUnitarioLicitado>$AN68)),\"ACIMA REF.\",\nIF(AND($C68=\"S\",$P68<>0,$Q68<>0,$T68=0,$U68>0),\"QUANT.\",\nIF(AND(Import.TipoArredondamento=\"TransfereGOV\",$L68=\"F\",$C68=\"S\",LEN($Q68)>13),\"Código >13\",\nIF(AND(Import.TipoArredondamento=\"TransfereGOV\",$L68=\"F\",$C68<>\"S\",LEN($R68)>100),\"Descrição >100\",\nIF(AND(Import.TipoArredondamento=\"TransfereGOV\",$L68=\"F\",$C68=\"S\",LEN($R68)>500),\"Descrição >500\",\nIF(AND(Import.TipoArredondamento=\"TransfereGOV\",$L68=\"F\",$C68=\"S\",LEFT(TRIM(UPPER($P68)),6)<>\"SINAPI\",ISNA(VLOOKUP(TRIM(UPPER($S68)),ListaTgov.Unidades,1,FALSE))),\"Unid. Não Disp\",\n\" \"))))))))))))))))","v":" "},{"$f":"IF(C68<=CRONO.NivelExibicao,MAX($AD$15:OFFSET(AD68,-1,0))+IF($C68<>1,1,MAX(1,COUNTIF(QCI!$A$13:$A$24,OFFSET($E68,-1,0)))),\"\")","v":""},{"$f":"IF(AND($C68=\"S\",ORÇAMENTO.CodBarra<>\"\"),IF(ORÇAMENTO.Fonte=\"\",ORÇAMENTO.CodBarra,CONCATENATE(ORÇAMENTO.Fonte,\" \",ORÇAMENTO.CodBarra)))","v":"SINAPI 100979"},{"$f":"IF(ISERROR(INDIRECT(ORÇAMENTO.BancoRef)),\"(abra o arquivo 'Referência \"&Excel_BuiltIn_Database&\".xlsm)\",IF(OR($C68<>\"S\",ORÇAMENTO.CodBarra=\"\"),\"(Sem Código)\",IF(ISERROR(MATCH($AE68,INDIRECT(ORÇAMENTO.BancoRef),0)),\"(Código não identificado nas referências)\",MATCH($AE68,INDIRECT(ORÇAMENTO.BancoRef),0))))","v":15335},{"$f":"ROUND(IF(DESONERACAO=\"sim\",REFERENCIA.Desonerado,REFERENCIA.NaoDesonerado),2)","v":6.65},0.23380000000000001,null,{"$f":"AJ67*1.3","v":423.11100000000005},null,null,3469.5,8.1999999999999993]
[{"$f":"CHOOSE(1+LOG(1+2*(ORÇAMENTO.Nivel=\"Meta\")+4*(ORÇAMENTO.Nivel=\"Nível 2\")+8*(ORÇAMENTO.Nivel=\"Nível 3\")+16*(ORÇAMENTO.Nivel=\"Nível 4\")+32*(ORÇAMENTO.Nivel=\"Serviço\"),2),0,1,2,3,4,\"S\")","v":"S"},{"$f":"IF(OR(C69=\"s\",C69=0),OFFSET(B69,-1,0),C69)","v":2},{"$f":"IF(OFFSET(C69,-1,0)=\"L\",1,IF(OFFSET(C69,-1,0)=1,2,IF(OR(A69=\"s\",A69=0),\"S\",IF(AND(OFFSET(C69,-1,0)=2,A69=4),3,IF(AND(OR(OFFSET(C69,-1,0)=\"s\",OFFSET(C69,-1,0)=0),A69<>\"s\",A69>OFFSET(B69,-1,0)),OFFSET(B69,-1,0),A69)))))","v":"S"},{"$f":"IF(OR(C69=\"S\",C69=0),0,IF(ISERROR(K69),J69,SMALL(J69:K69,1)))","v":0},{"$f":"IF($C69=1,OFFSET(E69,-1,0)+MAX(1,COUNTIF(QCI!$A$13:$A$24,OFFSET(ORÇAMENTO!E69,-1,0))),OFFSET(E69,-1,0))","v":1},{"$f":"IF($C69=1,0,IF($C69=2,OFFSET(F69,-1,0)+1,OFFSET(F69,-1,0)))","v":5},{"$f":"IF(AND($C69<=2,$C69<>0),0,IF($C69=3,OFFSET(G69,-1,0)+1,OFFSET(G69,-1,0)))","v":0},{"$f":"IF(AND($C69<=3,$C69<>0),0,IF($C69=4,OFFSET(H69,-1,0)+1,OFFSET(H69,-1,0)))","v":0},{"$f":"IF(AND($C69<=4,$C69<>0),0,IF(AND($C69=\"S\",$X69>0),OFFSET(I69,-1,0)+1,OFFSET(I69,-1,0)))","v":3},0,{"$f":"IF(OR($C69=\"S\",$C69=0),0,MATCH(OFFSET($D69,0,$C69)+IF($C69<>1,1,COUNTIF(QCI!$A$13:$A$24,ORÇAMENTO!E69)),OFFSET($D69,1,$C69,ROW($C$110)-ROW($C69)),0))","v":0},{"$f":"IF(OR($X69>0,$C69=1,$C69=2,$C69=3,$C69=4),\"F\",\"\")","v":"F"},"Serviço",{"$f":"CHOOSE(1+LOG(1+2*(C69=1)+4*(C69=2)+8*(C69=3)+16*(C69=4)+32*(C69=\"S\"),2),\"\",\"Meta\",\"Nível 2\",\"Nível 3\",\"Nível 4\",\"Serviço\")","v":"Serviço"},{"$f":"IF(OR($C69=0,$L69=\"\"),\"-\",CONCATENATE(E69&\".\",IF(AND($A$5>=2,$C69>=2),F69&\".\",\"\"),IF(AND($A$5>=3,$C69>=3),G69&\".\",\"\"),IF(AND($A$5>=4,$C69>=4),H69&\".\",\"\"),IF($C69=\"S\",I69&\".\",\"\")))","v":"1.5.3."},"SINAPI","95876",{"$f":"IF($C69=\"S\",REFERENCIA.Descricao,\"(digite a descrição aqui)\")","v":"TRANSPORTE COM CAMINHÃO BASCULANTE DE 14 M³, EM VIA URBANA PAVIMENTADA, DMT ATÉ 30 KM (UNIDADE: M3XKM). AF_07/2020"},{"$f":"REFERENCIA.Unidade","v":"M3XKM"},{"$f":"OFFSET(CÁLCULO!H$15,ROW($T69)-ROW(T$15),0)","v":2115.56},{"$f":"AG69","v":2.14},"BDI 1",{"$f":"IF($C69=\"S\",ROUND(IF(TIPOORCAMENTO=\"Proposto\",ORÇAMENTO.CustoUnitario*(1+$AH69),ORÇAMENTO.PrecoUnitarioLicitado),15-13*$AF$10),0)","v":2.64},{"$f":"IF($C69=\"S\",IF(OR(Import.TipoArredondamento<>\"TransfereGOV\",ACOMPANHAMENTO=\"BM\"),VTOTAL1,SUM(OFFSET(CÁLCULO!$AI$15,ROW($X69)-ROW($X$15),1):OFFSET(CÁLCULO!$BB$15,ROW($X69)-ROW($X$15),-1))),IF($C69=0,0,ROUND(SomaAgrup,15-13*$AF$11)))","v":5585.08},"RA",{"$f":"IF(AND($C69=\"S\",$X69>0),IF(ISBLANK($Y69),\"RA\",LEFT($Y69,2)),\"\")","v":"RA"},{"$f":"IF($C69=\"S\",IF($Z69=\"CP\",$X69,IF($Z69=\"RA\",(($X69)*QCI!$AA$3),0)),SomaAgrup)","v":1741.7405306010251},{"$f":"IF($C69=\"S\",IF($Z69=\"OU\",ROUND($X69,2),0),SomaAgrup)","v":0},{"$f":"IF($N69=\"\",\" \",\nIF(AND($C69<>\"S\",OR($R69=\"\",$R69=\"(digite a descrição aqui)\")),\"DESCRIÇÃO\",\nIF(AND($C69=\"S\",OR($Q69<>0,$T69>0,$U69>0),$P69=0),\"FONTE\",\nIF(AND($C69=\"S\",$P69<>0,OR($T69>0,$U69>0),$Q69=0),\"CÓDIGO\",\nIF(AND($C69=\"S\",$P69<>0,$Q69<>0,$R69=\"(Código não identificado nas referências)\"),\"CÓDIGO N/ID\",\nIF(AND($C69=\"S\",OR($R69=\"\",$R69=\"(digite a descrição aqui)\"),OR($Q69<>0,$T69>0,$U69>0)),\"DESCRIÇÃO\",\nIF(AND($C69=\"S\",$P69<>0,$Q69<>0,$S69=\"\"),\"UNIDADE\",\nIF(AND($C69=\"S\",$P69<>0,$Q69<>0,$U69=0),\"SEM CUSTO\",\nIF(AND(TIPOORCAMENTO=\"Licitado\",$AL69=0,$AN69>0),\"SEM PREÇO\",\nIF(AND($C69=\"S\",$P69<>0,$Q69<>0,$U69>0,$V69=0),\"BDI\",\nIF(OR(AND(TIPOORCAMENTO=\"Proposto\",$AG69<>\"\",$AG69>0,ORÇAMENTO.CustoUnitario>$AG69),AND(TIPOORCAMENTO=\"LICITADO\",ORÇAMENTO.PrecoUnitarioLicitado>$AN69)),\"ACIMA REF.\",\nIF(AND($C69=\"S\",$P69<>0,$Q69<>0,$T69=0,$U69>0),\"QUANT.\",\nIF(AND(Import.TipoArredondamento=\"TransfereGOV\",$L69=\"F\",$C69=\"S\",LEN($Q69)>13),\"Código >13\",\nIF(AND(Import.TipoArredondamento=\"TransfereGOV\",$L69=\"F\",$C69<>\"S\",LEN($R69)>100),\"Descrição >100\",\nIF(AND(Import.TipoArredondamento=\"TransfereGOV\",$L69=\"F\",$C69=\"S\",LEN($R69)>500),\"Descrição >500\",\nIF(AND(Import.TipoArredondamento=\"TransfereGOV\",$L69=\"F\",$C69=\"S\",LEFT(TRIM(UPPER($P69)),6)<>\"SINAPI\",ISNA(VLOOKUP(TRIM(UPPER($S69)),ListaTgov.Unidades,1,FALSE))),\"Unid. Não Disp\",\n\" \"))))))))))))))))","v":" "},{"$f":"IF(C69<=CRONO.NivelExibicao,MAX($AD$15:OFFSET(AD69,-1,0))+IF($C69<>1,1,MAX(1,COUNTIF(QCI!$A$13:$A$24,OFFSET($E69,-1,0)))),\"\")","v":""},{"$f":"IF(AND($C69=\"S\",ORÇAMENTO.CodBarra<>\"\"),IF(ORÇAMENTO.Fonte=\"\",ORÇAMENTO.CodBarra,CONCATENATE(ORÇAMENTO.Fonte,\" \",ORÇAMENTO.CodBarra)))","v":"SINAPI 95876"},{"$f":"IF(ISERROR(INDIRECT(ORÇAMENTO.BancoRef)),\"(abra o arquivo 'Referência \"&Excel_BuiltIn_Database&\".xlsm)\",IF(OR($C69<>\"S\",ORÇAMENTO.CodBarra=\"\"),\"(Sem Código)\",IF(ISERROR(MATCH($AE69,INDIRECT(ORÇAMENTO.BancoRef),0)),\"(Código não identificado nas referências)\",MATCH($AE69,INDIRECT(ORÇAMENTO.BancoRef),0))))","v":15401},{"$f":"ROUND(IF(DESONERACAO=\"sim\",REFERENCIA.Desonerado,REFERENCIA.NaoDesonerado),2)","v":2.14},{"$f":"ROUND(IF(ISNUMBER(ORÇAMENTO.OpcaoBDI),ORÇAMENTO.OpcaoBDI,IF(LEFT(ORÇAMENTO.OpcaoBDI,3)=\"BDI\",HLOOKUP(ORÇAMENTO.OpcaoBDI,$F$4:$H$5,2,FALSE),0)),15-11*$AF$9)","v":0.23380000000000001},null,{"$f":"AJ68*5","v":2115.5550000000003},null,null,5585.08,{"$f":"ROUND(ORÇAMENTO.CustoUnitario*(1+$AH69),2)","v":2.64}]
[{"$f":"CHOOSE(1+LOG(1+2*(ORÇAMENTO.Nivel=\"Meta\")+4*(ORÇAMENTO.Nivel=\"Nível 2\")+8*(ORÇAMENTO.Nivel=\"Nível 3\")+16*(ORÇAMENTO.Nivel=\"Nível 4\")+32*(ORÇAMENTO.Nivel=\"Serviço\"),2),0,1,2,3,4,\"S\")","v":"S"},{"$f":"IF(OR(C70=\"s\",C70=0),OFFSET(B70,-1,0),C70)","v":2},{"$f":"IF(OFFSET(C70,-1,0)=\"L\",1,IF(OFFSET(C70,-1,0)=1,2,IF(OR(A70=\"s\",A70=0),\"S\",IF(AND(OFFSET(C70,-1,0)=2,A70=4),3,IF(AND(OR(OFFSET(C70,-1,0)=\"s\",OFFSET(C70,-1,0)=0),A70<>\"s\",A70>OFFSET(B70,-1,0)),OFFSET(B70,-1,0),A70)))))","v":"S"},{"$f":"IF(OR(C70=\"S\",C70=0),0,IF(ISERROR(K70),J70,SMALL(J70:K70,1)))","v":0},{"$f":"IF($C70=1,OFFSET(E70,-1,0)+MAX(1,COUNTIF(QCI!$A$13:$A$24,OFFSET(ORÇAMENTO!E70,-1,0))),OFFSET(E70,-1,0))","v":1},{"$f":"IF($C70=1,0,IF($C70=2,OFFSET(F70,-1,0)+1,OFFSET(F70,-1,0)))","v":5},{"$f":"IF(AND($C70<=2,$C70<>0),0,IF($C70=3,OFFSET(G70,-1,0)+1,OFFSET(G70,-1,0)))","v":0},{"$f":"IF(AND($C70<=3,$C70<>0),0,IF($C70=4,OFFSET(H70,-1,0)+1,OFFSET(H70,-1,0)))","v":0},{"$f":"IF(AND($C70<=4,$C70<>0),0,IF(AND($C70=\"S\",$X70>0),OFFSET(I70,-1,0)+1,OFFSET(I70,-1,0)))","v":4},0,{"$f":"IF(OR($C70=\"S\",$C70=0),0,MATCH(OFFSET($D70,0,$C70)+IF($C70<>1,1,COUNTIF(QCI!$A$13:$A$24,ORÇAMENTO!E70)),OFFSET($D70,1,$C70,ROW($C$110)-ROW($C70)),0))","v":0},{"$f":"IF(OR($X70>0,$C70=1,$C70=2,$C70=3,$C70=4),\"F\",\"\")","v":"F"},"Serviço",{"$f":"CHOOSE(1+LOG(1+2*(C70=1)+4*(C70=2)+8*(C70=3)+16*(C70=4)+32*(C70=\"S\"),2),\"\",\"Meta\",\"Nível 2\",\"Nível 3\",\"Nível 4\",\"Serviço\")","v":"Serviço"},{"$f":"IF(OR($C70=0,$L70=\"\"),\"-\",CONCATENATE(E70&\".\",IF(AND($A$5>=2,$C70>=2),F70&\".\",\"\"),IF(AND($A$5>=3,$C70>=3),G70&\".\",\"\"),IF(AND($A$5>=4,$C70>=4),H70&\".\",\"\"),IF($C70=\"S\",I70&\".\",\"\")))","v":"1.5.4."},"SINAPI","100574",{"$f":"IF($C70=\"S\",REFERENCIA.Descricao,\"(digite a descrição aqui)\")","v":"ESPALHAMENTO DE MATERIAL COM TRATOR DE ESTEIRAS. AF_09/2024"},{"$f":"REFERENCIA.Unidade","v":"M3"},{"$f":"OFFSET(CÁLCULO!H$15,ROW($T70)-ROW(T$15),0)","v":423.11},1.39,"BDI 1",{"$f":"IF($C70=\"S\",ROUND(IF(TIPOORCAMENTO=\"Proposto\",ORÇAMENTO.CustoUnitario*(1+$AH70),ORÇAMENTO.PrecoUnitarioLicitado),15-13*$AF$10),0)","v":1.71},{"$f":"IF($C70=\"S\",IF(OR(Import.TipoArredondamento<>\"TransfereGOV\",ACOMPANHAMENTO=\"BM\"),VTOTAL1,SUM(OFFSET(CÁLCULO!$AI$15,ROW($X70)-ROW($X$15),1):OFFSET(CÁLCULO!$BB$15,ROW($X70)-ROW($X$15),-1))),IF($C70=0,0,ROUND(SomaAgrup,15-13*$AF$11)))","v":723.52},"RA",{"$f":"IF(AND($C70=\"S\",$X70>0),IF(ISBLANK($Y70),\"RA\",LEFT($Y70,2)),\"\")","v":"RA"},{"$f":"IF($C70=\"S\",IF($Z70=\"CP\",$X70,IF($Z70=\"RA\",(($X70)*QCI!$AA$3),0)),SomaAgrup)","v":225.63403007664235},{"$f":"IF($C70=\"S\",IF($Z70=\"OU\",ROUND($X70,2),0),SomaAgrup)","v":0},{"$f":"IF($N70=\"\",\" \",\nIF(AND($C70<>\"S\",OR($R70=\"\",$R70=\"(digite a descrição aqui)\")),\"DESCRIÇÃO\",\nIF(AND($C70=\"S\",OR($Q70<>0,$T70>0,$U70>0),$P70=0),\"FONTE\",\nIF(AND($C70=\"S\",$P70<>0,OR($T70>0,$U70>0),$Q70=0),\"CÓDIGO\",\nIF(AND($C70=\"S\",$P70<>0,$Q70<>0,$R70=\"(Código não identificado nas referências)\"),\"CÓDIGO N/ID\",\nIF(AND($C70=\"S\",OR($R70=\"\",$R70=\"(digite a descrição aqui)\"),OR($Q70<>0,$T70>0,$U70>0)),\"DESCRIÇÃO\",\nIF(AND($C70=\"S\",$P70<>0,$Q70<>0,$S70=\"\"),\"UNIDADE\",\nIF(AND($C70=\"S\",$P70<>0,$Q70<>0,$U70=0),\"SEM CUSTO\",\nIF(AND(TIPOORCAMENTO=\"Licitado\",$AL70=0,$AN70>0),\"SEM PREÇO\",\nIF(AND($C70=\"S\",$P70<>0,$Q70<>0,$U70>0,$V70=0),\"BDI\",\nIF(OR(AND(TIPOORCAMENTO=\"Proposto\",$AG70<>\"\",$AG70>0,ORÇAMENTO.CustoUnitario>$AG70),AND(TIPOORCAMENTO=\"LICITADO\",ORÇAMENTO.PrecoUnitarioLicitado>$AN70)),\"ACIMA REF.\",\nIF(AND($C70=\"S\",$P70<>0,$Q70<>0,$T70=0,$U70>0),\"QUANT.\",\nIF(AND(Import.TipoArredondamento=\"TransfereGOV\",$L70=\"F\",$C70=\"S\",LEN($Q70)>13),\"Código >13\",\nIF(AND(Import.TipoArredondamento=\"TransfereGOV\",$L70=\"F\",$C70<>\"S\",LEN($R70)>100),\"Descrição >100\",\nIF(AND(Import.TipoArredondamento=\"TransfereGOV\",$L70=\"F\",$C70=\"S\",LEN($R70)>500),\"Descrição >500\",\nIF(AND(Import.TipoArredondamento=\"TransfereGOV\",$L70=\"F\",$C70=\"S\",LEFT(TRIM(UPPER($P70)),6)<>\"SINAPI\",ISNA(VLOOKUP(TRIM(UPPER($S70)),ListaTgov.Unidades,1,FALSE))),\"Unid. Não Disp\",\n\" \"))))))))))))))))","v":" "},{"$f":"IF(C70<=CRONO.NivelExibicao,MAX($AD$15:OFFSET(AD70,-1,0))+IF($C70<>1,1,MAX(1,COUNTIF(QCI!$A$13:$A$24,OFFSET($E70,-1,0)))),\"\")","v":""},{"$f":"IF(AND($C70=\"S\",ORÇAMENTO.CodBarra<>\"\"),IF(ORÇAMENTO.Fonte=\"\",ORÇAMENTO.CodBarra,CONCATENATE(ORÇAMENTO.Fonte,\" \",ORÇAMENTO.CodBarra)))","v":"SINAPI 100574"},{"$f":"IF(ISERROR(INDIRECT(ORÇAMENTO.BancoRef)),\"(abra o arquivo 'Referência \"&Excel_BuiltIn_Database&\".xlsm)\",IF(OR($C70<>\"S\",ORÇAMENTO.CodBarra=\"\"),\"(Sem Código)\",IF(ISERROR(MATCH($AE70,INDIRECT(ORÇAMENTO.BancoRef),0)),\"(Código não identificado nas referências)\",MATCH($AE70,INDIRECT(ORÇAMENTO.BancoRef),0))))","v":6884},{"$f":"ROUND(IF(DESONERACAO=\"sim\",REFERENCIA.Desonerado,REFERENCIA.NaoDesonerado),2)","v":1.39},{"$f":"ROUND(IF(ISNUMBER(ORÇAMENTO.OpcaoBDI),ORÇAMENTO.OpcaoBDI,IF(LEFT(ORÇAMENTO.OpcaoBDI,3)=\"BDI\",HLOOKUP(ORÇAMENTO.OpcaoBDI,$F$4:$H$5,2,FALSE),0)),15-11*$AF$9)","v":0.23380000000000001},null,{"$f":"AJ68","v":423.11100000000005},null,null,723.52,{"$f":"ROUND(ORÇAMENTO.CustoUnitario*(1+$AH70),2)","v":1.71}]
[2,2,2,5,{"$f":"IF($C71=1,OFFSET(E71,-1,0)+MAX(1,COUNTIF(QCI!$A$13:$A$24,OFFSET(ORÇAMENTO!E71,-1,0))),OFFSET(E71,-1,0))","v":1},6,0,0,0,39,{"$f":"IF(OR($C71=\"S\",$C71=0),0,MATCH(OFFSET($D71,0,$C71)+IF($C71<>1,1,COUNTIF(QCI!$A$13:$A$24,ORÇAMENTO!E71)),OFFSET($D71,1,$C71,ROW($C$110)-ROW($C71)),0))","v":5},"F","Nível 2","Nível 2","1.6.","SINAPI",null,"IMPLANTAÇÃO ASFÁLTICA - BASE",{"$f":"REFERENCIA.Unidade","v":"-"},{"$f":"OFFSET(CÁLCULO!H$15,ROW($T71)-ROW(T$15),0)","v":0},0,"BDI 1",{"$f":"IF($C71=\"S\",ROUND(IF(TIPOORCAMENTO=\"Proposto\",ORÇAMENTO.CustoUnitario*(1+$AH71),ORÇAMENTO.PrecoUnitarioLicitado),15-13*$AF$10),0)","v":0},{"$f":"IF($C71=\"S\",IF(OR(Import.TipoArredondamento<>\"TransfereGOV\",ACOMPANHAMENTO=\"BM\"),VTOTAL1,SUM(OFFSET(CÁLCULO!$AI$15,ROW($X71)-ROW($X$15),1):OFFSET(CÁLCULO!$BB$15,ROW($X71)-ROW($X$15),-1))),IF($C71=0,0,ROUND(SomaAgrup,15-13*$AF$11)))","v":57298.86},"RA","",{"$f":"IF($C71=\"S\",IF($Z71=\"CP\",$X71,IF($Z71=\"RA\",(($X71)*QCI!$AA$3),0)),SomaAgrup)","v":17868.99145925105},0,{"$f":"IF($N71=\"\",\" \",\nIF(AND($C71<>\"S\",OR($R71=\"\",$R71=\"(digite a descrição aqui)\")),\"DESCRIÇÃO\",\nIF(AND($C71=\"S\",OR($Q71<>0,$T71>0,$U71>0),$P71=0),\"FONTE\",\nIF(AND($C71=\"S\",$P71<>0,OR($T71>0,$U71>0),$Q71=0),\"CÓDIGO\",\nIF(AND($C71=\"S\",$P71<>0,$Q71<>0,$R71=\"(Código não identificado nas referências)\"),\"CÓDIGO N/ID\",\nIF(AND($C71=\"S\",OR($R71=\"\",$R71=\"(digite a descrição aqui)\"),OR($Q71<>0,$T71>0,$U71>0)),\"DESCRIÇÃO\",\nIF(AND($C71=\"S\",$P71<>0,$Q71<>0,$S71=\"\"),\"UNIDADE\",\nIF(AND($C71=\"S\",$P71<>0,$Q71<>0,$U71=0),\"SEM CUSTO\",\nIF(AND(TIPOORCAMENTO=\"Licitado\",$AL71=0,$AN71>0),\"SEM PREÇO\",\nIF(AND($C71=\"S\",$P71<>0,$Q71<>0,$U71>0,$V71=0),\"BDI\",\nIF(OR(AND(TIPOORCAMENTO=\"Proposto\",$AG71<>\"\",$AG71>0,ORÇAMENTO.CustoUnitario>$AG71),AND(TIPOORCAMENTO=\"LICITADO\",ORÇAMENTO.PrecoUnitarioLicitado>$AN71)),\"ACIMA REF.\",\nIF(AND($C71=\"S\",$P71<>0,$Q71<>0,$T71=0,$U71>0),\"QUANT.\",\nIF(AND(Import.TipoArredondamento=\"TransfereGOV\",$L71=\"F\",$C71=\"S\",LEN($Q71)>13),\"Código >13\",\nIF(AND(Import.TipoArredondamento=\"TransfereGOV\",$L71=\"F\",$C71<>\"S\",LEN($R71)>100),\"Descrição >100\",\nIF(AND(Import.TipoArredondamento=\"TransfereGOV\",$L71=\"F\",$C71=\"S\",LEN($R71)>500),\"Descrição >500\",\nIF(AND(Import.TipoArredondamento=\"TransfereGOV\",$L71=\"F\",$C71=\"S\",LEFT(TRIM(UPPER($P71)),6)<>\"SINAPI\",ISNA(VLOOKUP(TRIM(UPPER($S71)),ListaTgov.Unidades,1,FALSE))),\"Unid. Não Disp\",\n\" \"))))))))))))))))","v":" "},{"$f":"IF(C71<=CRONO.NivelExibicao,MAX($AD$15:OFFSET(AD71,-1,0))+IF($C71<>1,1,MAX(1,COUNTIF(QCI!$A$13:$A$24,OFFSET($E71,-1,0)))),\"\")","v":7},{"$f":"IF(AND($C71=\"S\",ORÇAMENTO.CodBarra<>\"\"),IF(ORÇAMENTO.Fonte=\"\",ORÇAMENTO.CodBarra,CONCATENATE(ORÇAMENTO.Fonte,\" \",ORÇAMENTO.CodBarra)))","v":false},{"$f":"IF(ISERROR(INDIRECT(ORÇAMENTO.BancoRef)),\"(abra o arquivo 'Referência \"&Excel_BuiltIn_Database&\".xlsm)\",IF(OR($C71<>\"S\",ORÇAMENTO.CodBarra=\"\"),\"(Sem Código)\",IF(ISERROR(MATCH($AE71,INDIRECT(ORÇAMENTO.BancoRef),0)),\"(Código não identificado nas referências)\",MATCH($AE71,INDIRECT(ORÇAMENTO.BancoRef),0))))","v":"(Sem Código)"},{"$f":"ROUND(IF(DESONERACAO=\"sim\",REFERENCIA.Desonerado,REFERENCIA.NaoDesonerado),2)","v":0},0.23380000000000001,null,null,null,null,57298.86,0]
["S",2,"S",0,{"$f":"IF($C72=1,OFFSET(E72,-1,0)+MAX(1,COUNTIF(QCI!$A$13:$A$24,OFFSET(ORÇAMENTO!E72,-1,0))),OFFSET(E72,-1,0))","v":1},6,0,0,1,0,{"$f":"IF(OR($C72=\"S\",$C72=0),0,MATCH(OFFSET($D72,0,$C72)+IF($C72<>1,1,COUNTIF(QCI!$A$13:$A$24,ORÇAMENTO!E72)),OFFSET($D72,1,$C72,ROW($C$110)-ROW($C72)),0))","v":0},"F","Serviço","Serviço","1.6.1.","SINAPI","100577",{"$f":"IF($C72=\"S\",REFERENCIA.Descricao,\"(digite a descrição aqui)\")","v":"REGULARIZAÇÃO E COMPACTAÇÃO DE SUBLEITO DE SOLO PREDOMINANTEMENTE ARENOSO, PARA OBRAS DE CONSTRUÇÃO DE PAVIMENTOS. AF_09/2024"},{"$f":"REFERENCIA.Unidade","v":"M2"},{"$f":"OFFSET(CÁLCULO!H$15,ROW($T72)-ROW(T$15),0)","v":1829.86},1.44,"BDI 1",{"$f":"IF($C72=\"S\",ROUND(IF(TIPOORCAMENTO=\"Proposto\",ORÇAMENTO.CustoUnitario*(1+$AH72),ORÇAMENTO.PrecoUnitarioLicitado),15-13*$AF$10),0)","v":1.78},{"$f":"IF($C72=\"S\",IF(OR(Import.TipoArredondamento<>\"TransfereGOV\",ACOMPANHAMENTO=\"BM\"),VTOTAL1,SUM(OFFSET(CÁLCULO!$AI$15,ROW($X72)-ROW($X$15),1):OFFSET(CÁLCULO!$BB$15,ROW($X72)-ROW($X$15),-1))),IF($C72=0,0,ROUND(SomaAgrup,15-13*$AF$11)))","v":3257.15},"RA","RA",{"$f":"IF($C72=\"S\",IF($Z72=\"CP\",$X72,IF($Z72=\"RA\",(($X72)*QCI!$AA$3),0)),SomaAgrup)","v":1015.7616666631684},0,{"$f":"IF($N72=\"\",\" \",\nIF(AND($C72<>\"S\",OR($R72=\"\",$R72=\"(digite a descrição aqui)\")),\"DESCRIÇÃO\",\nIF(AND($C72=\"S\",OR($Q72<>0,$T72>0,$U72>0),$P72=0),\"FONTE\",\nIF(AND($C72=\"S\",$P72<>0,OR($T72>0,$U72>0),$Q72=0),\"CÓDIGO\",\nIF(AND($C72=\"S\",$P72<>0,$Q72<>0,$R72=\"(Código não identificado nas referências)\"),\"CÓDIGO N/ID\",\nIF(AND($C72=\"S\",OR($R72=\"\",$R72=\"(digite a descrição aqui)\"),OR($Q72<>0,$T72>0,$U72>0)),\"DESCRIÇÃO\",\nIF(AND($C72=\"S\",$P72<>0,$Q72<>0,$S72=\"\"),\"UNIDADE\",\nIF(AND($C72=\"S\",$P72<>0,$Q72<>0,$U72=0),\"SEM CUSTO\",\nIF(AND(TIPOORCAMENTO=\"Licitado\",$AL72=0,$AN72>0),\"SEM PREÇO\",\nIF(AND($C72=\"S\",$P72<>0,$Q72<>0,$U72>0,$V72=0),\"BDI\",\nIF(OR(AND(TIPOORCAMENTO=\"Proposto\",$AG72<>\"\",$AG72>0,ORÇAMENTO.CustoUnitario>$AG72),AND(TIPOORCAMENTO=\"LICITADO\",ORÇAMENTO.PrecoUnitarioLicitado>$AN72)),\"ACIMA REF.\",\nIF(AND($C72=\"S\",$P72<>0,$Q72<>0,$T72=0,$U72>0),\"QUANT.\",\nIF(AND(Import.TipoArredondamento=\"TransfereGOV\",$L72=\"F\",$C72=\"S\",LEN($Q72)>13),\"Código >13\",\nIF(AND(Import.TipoArredondamento=\"TransfereGOV\",$L72=\"F\",$C72<>\"S\",LEN($R72)>100),\"Descrição >100\",\nIF(AND(Import.TipoArredondamento=\"TransfereGOV\",$L72=\"F\",$C72=\"S\",LEN($R72)>500),\"Descrição >500\",\nIF(AND(Import.TipoArredondamento=\"TransfereGOV\",$L72=\"F\",$C72=\"S\",LEFT(TRIM(UPPER($P72)),6)<>\"SINAPI\",ISNA(VLOOKUP(TRIM(UPPER($S72)),ListaTgov.Unidades,1,FALSE))),\"Unid. Não Disp\",\n\" \"))))))))))))))))","v":" "},{"$f":"IF(C72<=CRONO.NivelExibicao,MAX($AD$15:OFFSET(AD72,-1,0))+IF($C72<>1,1,MAX(1,COUNTIF(QCI!$A$13:$A$24,OFFSET($E72,-1,0)))),\"\")","v":""},{"$f":"IF(AND($C72=\"S\",ORÇAMENTO.CodBarra<>\"\"),IF(ORÇAMENTO.Fonte=\"\",ORÇAMENTO.CodBarra,CONCATENATE(ORÇAMENTO.Fonte,\" \",ORÇAMENTO.CodBarra)))","v":"SINAPI 100577"},{"$f":"IF(ISERROR(INDIRECT(ORÇAMENTO.BancoRef)),\"(abra o arquivo 'Referência \"&Excel_BuiltIn_Database&\".xlsm)\",IF(OR($C72<>\"S\",ORÇAMENTO.CodBarra=\"\"),\"(Sem Código)\",IF(ISERROR(MATCH($AE72,INDIRECT(ORÇAMENTO.BancoRef),0)),\"(Código não identificado nas referências)\",MATCH($AE72,INDIRECT(ORÇAMENTO.BancoRef),0))))","v":7006},{"$f":"ROUND(IF(DESONERACAO=\"sim\",REFERENCIA.Desonerado,REFERENCIA.NaoDesonerado),2)","v":1.44},0.23380000000000001,null,1829.86,null,null,3257.15,1.78]
[{"$f":"CHOOSE(1+LOG(1+2*(ORÇAMENTO.Nivel=\"Meta\")+4*(ORÇAMENTO.Nivel=\"Nível 2\")+8*(ORÇAMENTO.Nivel=\"Nível 3\")+16*(ORÇAMENTO.Nivel=\"Nível 4\")+32*(ORÇAMENTO.Nivel=\"Serviço\"),2),0,1,2,3,4,\"S\")","v":"S"},{"$f":"IF(OR(C73=\"s\",C73=0),OFFSET(B73,-1,0),C73)","v":2},{"$f":"IF(OFFSET(C73,-1,0)=\"L\",1,IF(OFFSET(C73,-1,0)=1,2,IF(OR(A73=\"s\",A73=0),\"S\",IF(AND(OFFSET(C73,-1,0)=2,A73=4),3,IF(AND(OR(OFFSET(C73,-1,0)=\"s\",OFFSET(C73,-1,0)=0),A73<>\"s\",A73>OFFSET(B73,-1,0)),OFFSET(B73,-1,0),A73)))))","v":"S"},{"$f":"IF(OR(C73=\"S\",C73=0),0,IF(ISERROR(K73),J73,SMALL(J73:K73,1)))","v":0},{"$f":"IF($C73=1,OFFSET(E73,-1,0)+MAX(1,COUNTIF(QCI!$A$13:$A$24,OFFSET(ORÇAMENTO!E73,-1,0))),OFFSET(E73,-1,0))","v":1},{"$f":"IF($C73=1,0,IF($C73=2,OFFSET(F73,-1,0)+1,OFFSET(F73,-1,0)))","v":6},{"$f":"IF(AND($C73<=2,$C73<>0),0,IF($C73=3,OFFSET(G73,-1,0)+1,OFFSET(G73,-1,0)))","v":0},{"$f":"IF(AND($C73<=3,$C73<>0),0,IF($C73=4,OFFSET(H73,-1,0)+1,OFFSET(H73,-1,0)))","v":0},{"$f":"IF(AND($C73<=4,$C73<>0),0,IF(AND($C73=\"S\",$X73>0),OFFSET(I73,-1,0)+1,OFFSET(I73,-1,0)))","v":2},0,{"$f":"IF(OR($C73=\"S\",$C73=0),0,MATCH(OFFSET($D73,0,$C73)+IF($C73<>1,1,COUNTIF(QCI!$A$13:$A$24,ORÇAMENTO!E73)),OFFSET($D73,1,$C73,ROW($C$110)-ROW($C73)),0))","v":0},{"$f":"IF(OR($X73>0,$C73=1,$C73=2,$C73=3,$C73=4),\"F\",\"\")","v":"F"},"Serviço",{"$f":"CHOOSE(1+LOG(1+2*(C73=1)+4*(C73=2)+8*(C73=3)+16*(C73=4)+32*(C73=\"S\"),2),\"\",\"Meta\",\"Nível 2\",\"Nível 3\",\"Nível 4\",\"Serviço\")","v":"Serviço"},{"$f":"IF(OR($C73=0,$L73=\"\"),\"-\",CONCATENATE(E73&\".\",IF(AND($A$5>=2,$C73>=2),F73&\".\",\"\"),IF(AND($A$5>=3,$C73>=3),G73&\".\",\"\"),IF(AND($A$5>=4,$C73>=4),H73&\".\",\"\"),IF($C73=\"S\",I73&\".\",\"\")))","v":"1.6.2."},"Composição","IUP30069",{"$f":"IF($C73=\"S\",REFERENCIA.Descricao,\"(digite a descrição aqui)\")","v":"Execução e compactação de base para pavimentação com pedra britada ou bica corrida"},{"$f":"REFERENCIA.Unidade","v":"M3"},{"$f":"OFFSET(CÁLCULO!H$15,ROW($T73)-ROW(T$15),0)","v":233.39},95.58,"BDI 1",{"$f":"IF($C73=\"S\",ROUND(IF(TIPOORCAMENTO=\"Proposto\",ORÇAMENTO.CustoUnitario*(1+$AH73),ORÇAMENTO.PrecoUnitarioLicitado),15-13*$AF$10),0)","v":117.93},{"$f":"IF($C73=\"S\",IF(OR(Import.TipoArredondamento<>\"TransfereGOV\",ACOMPANHAMENTO=\"BM\"),VTOTAL1,SUM(OFFSET(CÁLCULO!$AI$15,ROW($X73)-ROW($X$15),1):OFFSET(CÁLCULO!$BB$15,ROW($X73)-ROW($X$15),-1))),IF($C73=0,0,ROUND(SomaAgrup,15-13*$AF$11)))","v":27523.68},"RA",{"$f":"IF(AND($C73=\"S\",$X73>0),IF(ISBLANK($Y73),\"RA\",LEFT($Y73,2)),\"\")","v":"RA"},{"$f":"IF($C73=\"S\",IF($Z73=\"CP\",$X73,IF($Z73=\"RA\",(($X73)*QCI!$AA$3),0)),SomaAgrup)","v":8583.423873479489},{"$f":"IF($C73=\"S\",IF($Z73=\"OU\",ROUND($X73,2),0),SomaAgrup)","v":0},{"$f":"IF($N73=\"\",\" \",\nIF(AND($C73<>\"S\",OR($R73=\"\",$R73=\"(digite a descrição aqui)\")),\"DESCRIÇÃO\",\nIF(AND($C73=\"S\",OR($Q73<>0,$T73>0,$U73>0),$P73=0),\"FONTE\",\nIF(AND($C73=\"S\",$P73<>0,OR($T73>0,$U73>0),$Q73=0),\"CÓDIGO\",\nIF(AND($C73=\"S\",$P73<>0,$Q73<>0,$R73=\"(Código não identificado nas referências)\"),\"CÓDIGO N/ID\",\nIF(AND($C73=\"S\",OR($R73=\"\",$R73=\"(digite a descrição aqui)\"),OR($Q73<>0,$T73>0,$U73>0)),\"DESCRIÇÃO\",\nIF(AND($C73=\"S\",$P73<>0,$Q73<>0,$S73=\"\"),\"UNIDADE\",\nIF(AND($C73=\"S\",$P73<>0,$Q73<>0,$U73=0),\"SEM CUSTO\",\nIF(AND(TIPOORCAMENTO=\"Licitado\",$AL73=0,$AN73>0),\"SEM PREÇO\",\nIF(AND($C73=\"S\",$P73<>0,$Q73<>0,$U73>0,$V73=0),\"BDI\",\nIF(OR(AND(TIPOORCAMENTO=\"Proposto\",$AG73<>\"\",$AG73>0,ORÇAMENTO.CustoUnitario>$AG73),AND(TIPOORCAMENTO=\"LICITADO\",ORÇAMENTO.PrecoUnitarioLicitado>$AN73)),\"ACIMA REF.\",\nIF(AND($C73=\"S\",$P73<>0,$Q73<>0,$T73=0,$U73>0),\"QUANT.\",\nIF(AND(Import.TipoArredondamento=\"TransfereGOV\",$L73=\"F\",$C73=\"S\",LEN($Q73)>13),\"Código >13\",\nIF(AND(Import.TipoArredondamento=\"TransfereGOV\",$L73=\"F\",$C73<>\"S\",LEN($R73)>100),\"Descrição >100\",\nIF(AND(Import.TipoArredondamento=\"TransfereGOV\",$L73=\"F\",$C73=\"S\",LEN($R73)>500),\"Descrição >500\",\nIF(AND(Import.TipoArredondamento=\"TransfereGOV\",$L73=\"F\",$C73=\"S\",LEFT(TRIM(UPPER($P73)),6)<>\"SINAPI\",ISNA(VLOOKUP(TRIM(UPPER($S73)),ListaTgov.Unidades,1,FALSE))),\"Unid. Não Disp\",\n\" \"))))))))))))))))","v":" "},{"$f":"IF(C73<=CRONO.NivelExibicao,MAX($AD$15:OFFSET(AD73,-1,0))+IF($C73<>1,1,MAX(1,COUNTIF(QCI!$A$13:$A$24,OFFSET($E73,-1,0)))),\"\")","v":""},{"$f":"IF(AND($C73=\"S\",ORÇAMENTO.CodBarra<>\"\"),IF(ORÇAMENTO.Fonte=\"\",ORÇAMENTO.CodBarra,CONCATENATE(ORÇAMENTO.Fonte,\" \",ORÇAMENTO.CodBarra)))","v":"Composição IUP30069"},{"$f":"IF(ISERROR(INDIRECT(ORÇAMENTO.BancoRef)),\"(abra o arquivo 'Referência \"&Excel_BuiltIn_Database&\".xlsm)\",IF(OR($C73<>\"S\",ORÇAMENTO.CodBarra=\"\"),\"(Sem Código)\",IF(ISERROR(MATCH($AE73,INDIRECT(ORÇAMENTO.BancoRef),0)),\"(Código não identificado nas referências)\",MATCH($AE73,INDIRECT(ORÇAMENTO.BancoRef),0))))","v":17},{"$f":"ROUND(IF(DESONERACAO=\"sim\",REFERENCIA.Desonerado,REFERENCIA.NaoDesonerado),2)","v":95.58},{"$f":"ROUND(IF(ISNUMBER(ORÇAMENTO.OpcaoBDI),ORÇAMENTO.OpcaoBDI,IF(LEFT(ORÇAMENTO.OpcaoBDI,3)=\"BDI\",HLOOKUP(ORÇAMENTO.OpcaoBDI,$F$4:$H$5,2,FALSE),0)),15-11*$AF$9)","v":0.23380000000000001},null,233.39,null,null,27523.68,{"$f":"ROUND(ORÇAMENTO.CustoUnitario*(1+$AH73),2)","v":117.93}]
["S",2,"S",0,{"$f":"IF($C74=1,OFFSET(E74,-1,0)+MAX(1,COUNTIF(QCI!$A$13:$A$24,OFFSET(ORÇAMENTO!E74,-1,0))),OFFSET(E74,-1,0))","v":1},6,0,0,3,0,{"$f":"IF(OR($C74=\"S\",$C74=0),0,MATCH(OFFSET($D74,0,$C74)+IF($C74<>1,1,COUNTIF(QCI!$A$13:$A$24,ORÇAMENTO!E74)),OFFSET($D74,1,$C74,ROW($C$110)-ROW($C74)),0))","v":0},"F","Serviço","Serviço","1.6.3.","SINAPI","100979",{"$f":"IF($C74=\"S\",REFERENCIA.Descricao,\"(digite a descrição aqui)\")","v":"CARGA, MANOBRA E DESCARGA DE SOLOS E MATERIAIS GRANULARES EM CAMINHÃO BASCULANTE 14 M³ - CARGA COM ESCAVADEIRA HIDRÁULICA (CAÇAMBA DE 1,20 M³ / 155 HP) E DESCARGA LIVRE (UNIDADE: M3). AF_07/2020"},{"$f":"REFERENCIA.Unidade","v":"M3"},{"$f":"OFFSET(CÁLCULO!H$15,ROW($T74)-ROW(T$15),0)","v":303.41000000000003},6.65,"BDI 1",{"$f":"IF($C74=\"S\",ROUND(IF(TIPOORCAMENTO=\"Proposto\",ORÇAMENTO.CustoUnitario*(1+$AH74),ORÇAMENTO.PrecoUnitarioLicitado),15-13*$AF$10),0)","v":8.1999999999999993},{"$f":"IF($C74=\"S\",IF(OR(Import.TipoArredondamento<>\"TransfereGOV\",ACOMPANHAMENTO=\"BM\"),VTOTAL1,SUM(OFFSET(CÁLCULO!$AI$15,ROW($X74)-ROW($X$15),1):OFFSET(CÁLCULO!$BB$15,ROW($X74)-ROW($X$15),-1))),IF($C74=0,0,ROUND(SomaAgrup,15-13*$AF$11)))","v":2487.96},"RA","RA",{"$f":"IF($C74=\"S\",IF($Z74=\"CP\",$X74,IF($Z74=\"RA\",(($X74)*QCI!$AA$3),0)),SomaAgrup)","v":775.88517452106794},0,{"$f":"IF($N74=\"\",\" \",\nIF(AND($C74<>\"S\",OR($R74=\"\",$R74=\"(digite a descrição aqui)\")),\"DESCRIÇÃO\",\nIF(AND($C74=\"S\",OR($Q74<>0,$T74>0,$U74>0),$P74=0),\"FONTE\",\nIF(AND($C74=\"S\",$P74<>0,OR($T74>0,$U74>0),$Q74=0),\"CÓDIGO\",\nIF(AND($C74=\"S\",$P74<>0,$Q74<>0,$R74=\"(Código não identificado nas referências)\"),\"CÓDIGO N/ID\",\nIF(AND($C74=\"S\",OR($R74=\"\",$R74=\"(digite a descrição aqui)\"),OR($Q74<>0,$T74>0,$U74>0)),\"DESCRIÇÃO\",\nIF(AND($C74=\"S\",$P74<>0,$Q74<>0,$S74=\"\"),\"UNIDADE\",\nIF(AND($C74=\"S\",$P74<>0,$Q74<>0,$U74=0),\"SEM CUSTO\",\nIF(AND(TIPOORCAMENTO=\"Licitado\",$AL74=0,$AN74>0),\"SEM PREÇO\",\nIF(AND($C74=\"S\",$P74<>0,$Q74<>0,$U74>0,$V74=0),\"BDI\",\nIF(OR(AND(TIPOORCAMENTO=\"Proposto\",$AG74<>\"\",$AG74>0,ORÇAMENTO.CustoUnitario>$AG74),AND(TIPOORCAMENTO=\"LICITADO\",ORÇAMENTO.PrecoUnitarioLicitado>$AN74)),\"ACIMA REF.\",\nIF(AND($C74=\"S\",$P74<>0,$Q74<>0,$T74=0,$U74>0),\"QUANT.\",\nIF(AND(Import.TipoArredondamento=\"TransfereGOV\",$L74=\"F\",$C74=\"S\",LEN($Q74)>13),\"Código >13\",\nIF(AND(Import.TipoArredondamento=\"TransfereGOV\",$L74=\"F\",$C74<>\"S\",LEN($R74)>100),\"Descrição >100\",\nIF(AND(Import.TipoArredondamento=\"TransfereGOV\",$L74=\"F\",$C74=\"S\",LEN($R74)>500),\"Descrição >500\",\nIF(AND(Import.TipoArredondamento=\"TransfereGOV\",$L74=\"F\",$C74=\"S\",LEFT(TRIM(UPPER($P74)),6)<>\"SINAPI\",ISNA(VLOOKUP(TRIM(UPPER($S74)),ListaTgov.Unidades,1,FALSE))),\"Unid. Não Disp\",\n\" \"))))))))))))))))","v":" "},{"$f":"IF(C74<=CRONO.NivelExibicao,MAX($AD$15:OFFSET(AD74,-1,0))+IF($C74<>1,1,MAX(1,COUNTIF(QCI!$A$13:$A$24,OFFSET($E74,-1,0)))),\"\")","v":""},{"$f":"IF(AND($C74=\"S\",ORÇAMENTO.CodBarra<>\"\"),IF(ORÇAMENTO.Fonte=\"\",ORÇAMENTO.CodBarra,CONCATENATE(ORÇAMENTO.Fonte,\" \",ORÇAMENTO.CodBarra)))","v":"SINAPI 100979"},{"$f":"IF(ISERROR(INDIRECT(ORÇAMENTO.BancoRef)),\"(abra o arquivo 'Referência \"&Excel_BuiltIn_Database&\".xlsm)\",IF(OR($C74<>\"S\",ORÇAMENTO.CodBarra=\"\"),\"(Sem Código)\",IF(ISERROR(MATCH($AE74,INDIRECT(ORÇAMENTO.BancoRef),0)),\"(Código não identificado nas referências)\",MATCH($AE74,INDIRECT(ORÇAMENTO.BancoRef),0))))","v":15335},{"$f":"ROUND(IF(DESONERACAO=\"sim\",REFERENCIA.Desonerado,REFERENCIA.NaoDesonerado),2)","v":6.65},0.23380000000000001,null,303.41000000000003,null,null,2487.96,8.1999999999999993]
["S",2,"S",0,{"$f":"IF($C75=1,OFFSET(E75,-1,0)+MAX(1,COUNTIF(QCI!$A$13:$A$24,OFFSET(ORÇAMENTO!E75,-1,0))),OFFSET(E75,-1,0))","v":1},6,0,0,4,0,{"$f":"IF(OR($C75=\"S\",$C75=0),0,MATCH(OFFSET($D75,0,$C75)+IF($C75<>1,1,COUNTIF(QCI!$A$13:$A$24,ORÇAMENTO!E75)),OFFSET($D75,1,$C75,ROW($C$110)-ROW($C75)),0))","v":0},"F","Serviço","Serviço","1.6.4.","SINAPI","95876",{"$f":"IF($C75=\"S\",REFERENCIA.Descricao,\"(digite a descrição aqui)\")","v":"TRANSPORTE COM CAMINHÃO BASCULANTE DE 14 M³, EM VIA URBANA PAVIMENTADA, DMT ATÉ 30 KM (UNIDADE: M3XKM). AF_07/2020"},{"$f":"REFERENCIA.Unidade","v":"M3XKM"},{"$f":"OFFSET(CÁLCULO!H$15,ROW($T75)-ROW(T$15),0)","v":9102.2999999999993},2.14,"BDI 1",{"$f":"IF($C75=\"S\",ROUND(IF(TIPOORCAMENTO=\"Proposto\",ORÇAMENTO.CustoUnitario*(1+$AH75),ORÇAMENTO.PrecoUnitarioLicitado),15-13*$AF$10),0)","v":2.64},{"$f":"IF($C75=\"S\",IF(OR(Import.TipoArredondamento<>\"TransfereGOV\",ACOMPANHAMENTO=\"BM\"),VTOTAL1,SUM(OFFSET(CÁLCULO!$AI$15,ROW($X75)-ROW($X$15),1):OFFSET(CÁLCULO!$BB$15,ROW($X75)-ROW($X$15),-1))),IF($C75=0,0,ROUND(SomaAgrup,15-13*$AF$11)))","v":24030.07},"RA","RA",{"$f":"IF($C75=\"S\",IF($Z75=\"CP\",$X75,IF($Z75=\"RA\",(($X75)*QCI!$AA$3),0)),SomaAgrup)","v":7493.9207445873244},0,{"$f":"IF($N75=\"\",\" \",\nIF(AND($C75<>\"S\",OR($R75=\"\",$R75=\"(digite a descrição aqui)\")),\"DESCRIÇÃO\",\nIF(AND($C75=\"S\",OR($Q75<>0,$T75>0,$U75>0),$P75=0),\"FONTE\",\nIF(AND($C75=\"S\",$P75<>0,OR($T75>0,$U75>0),$Q75=0),\"CÓDIGO\",\nIF(AND($C75=\"S\",$P75<>0,$Q75<>0,$R75=\"(Código não identificado nas referências)\"),\"CÓDIGO N/ID\",\nIF(AND($C75=\"S\",OR($R75=\"\",$R75=\"(digite a descrição aqui)\"),OR($Q75<>0,$T75>0,$U75>0)),\"DESCRIÇÃO\",\nIF(AND($C75=\"S\",$P75<>0,$Q75<>0,$S75=\"\"),\"UNIDADE\",\nIF(AND($C75=\"S\",$P75<>0,$Q75<>0,$U75=0),\"SEM CUSTO\",\nIF(AND(TIPOORCAMENTO=\"Licitado\",$AL75=0,$AN75>0),\"SEM PREÇO\",\nIF(AND($C75=\"S\",$P75<>0,$Q75<>0,$U75>0,$V75=0),\"BDI\",\nIF(OR(AND(TIPOORCAMENTO=\"Proposto\",$AG75<>\"\",$AG75>0,ORÇAMENTO.CustoUnitario>$AG75),AND(TIPOORCAMENTO=\"LICITADO\",ORÇAMENTO.PrecoUnitarioLicitado>$AN75)),\"ACIMA REF.\",\nIF(AND($C75=\"S\",$P75<>0,$Q75<>0,$T75=0,$U75>0),\"QUANT.\",\nIF(AND(Import.TipoArredondamento=\"TransfereGOV\",$L75=\"F\",$C75=\"S\",LEN($Q75)>13),\"Código >13\",\nIF(AND(Import.TipoArredondamento=\"TransfereGOV\",$L75=\"F\",$C75<>\"S\",LEN($R75)>100),\"Descrição >100\",\nIF(AND(Import.TipoArredondamento=\"TransfereGOV\",$L75=\"F\",$C75=\"S\",LEN($R75)>500),\"Descrição >500\",\nIF(AND(Import.TipoArredondamento=\"TransfereGOV\",$L75=\"F\",$C75=\"S\",LEFT(TRIM(UPPER($P75)),6)<>\"SINAPI\",ISNA(VLOOKUP(TRIM(UPPER($S75)),ListaTgov.Unidades,1,FALSE))),\"Unid. Não Disp\",\n\" \"))))))))))))))))","v":" "},{"$f":"IF(C75<=CRONO.NivelExibicao,MAX($AD$15:OFFSET(AD75,-1,0))+IF($C75<>1,1,MAX(1,COUNTIF(QCI!$A$13:$A$24,OFFSET($E75,-1,0)))),\"\")","v":""},{"$f":"IF(AND($C75=\"S\",ORÇAMENTO.CodBarra<>\"\"),IF(ORÇAMENTO.Fonte=\"\",ORÇAMENTO.CodBarra,CONCATENATE(ORÇAMENTO.Fonte,\" \",ORÇAMENTO.CodBarra)))","v":"SINAPI 95876"},{"$f":"IF(ISERROR(INDIRECT(ORÇAMENTO.BancoRef)),\"(abra o arquivo 'Referência \"&Excel_BuiltIn_Database&\".xlsm)\",IF(OR($C75<>\"S\",ORÇAMENTO.CodBarra=\"\"),\"(Sem Código)\",IF(ISERROR(MATCH($AE75,INDIRECT(ORÇAMENTO.BancoRef),0)),\"(Código não identificado nas referências)\",MATCH($AE75,INDIRECT(ORÇAMENTO.BancoRef),0))))","v":15401},{"$f":"ROUND(IF(DESONERACAO=\"sim\",REFERENCIA.Desonerado,REFERENCIA.NaoDesonerado),2)","v":2.14},0.23380000000000001,null,{"$f":"AJ74*30","v":9102.3000000000011},null,null,24030.07,2.64]
[2,2,2,4,{"$f":"IF($C76=1,OFFSET(E76,-1,0)+MAX(1,COUNTIF(QCI!$A$13:$A$24,OFFSET(ORÇAMENTO!E76,-1,0))),OFFSET(E76,-1,0))","v":1},7,0,0,0,34,{"$f":"IF(OR($C76=\"S\",$C76=0),0,MATCH(OFFSET($D76,0,$C76)+IF($C76<>1,1,COUNTIF(QCI!$A$13:$A$24,ORÇAMENTO!E76)),OFFSET($D76,1,$C76,ROW($C$110)-ROW($C76)),0))","v":4},"F","Nível 2","Nível 2","1.7.","SINAPI",null,"IMPLANTAÇÃO ASFÁLTICA -  PINTURA DE LIGAÇÃO",{"$f":"REFERENCIA.Unidade","v":"-"},{"$f":"OFFSET(CÁLCULO!H$15,ROW($T76)-ROW(T$15),0)","v":0},0,"BDI 1",{"$f":"IF($C76=\"S\",ROUND(IF(TIPOORCAMENTO=\"Proposto\",ORÇAMENTO.CustoUnitario*(1+$AH76),ORÇAMENTO.PrecoUnitarioLicitado),15-13*$AF$10),0)","v":0},{"$f":"IF($C76=\"S\",IF(OR(Import.TipoArredondamento<>\"TransfereGOV\",ACOMPANHAMENTO=\"BM\"),VTOTAL1,SUM(OFFSET(CÁLCULO!$AI$15,ROW($X76)-ROW($X$15),1):OFFSET(CÁLCULO!$BB$15,ROW($X76)-ROW($X$15),-1))),IF($C76=0,0,ROUND(SomaAgrup,15-13*$AF$11)))","v":6154.35},"RA","",{"$f":"IF($C76=\"S\",IF($Z76=\"CP\",$X76,IF($Z76=\"RA\",(($X76)*QCI!$AA$3),0)),SomaAgrup)","v":1919.2707775903691},0,{"$f":"IF($N76=\"\",\" \",\nIF(AND($C76<>\"S\",OR($R76=\"\",$R76=\"(digite a descrição aqui)\")),\"DESCRIÇÃO\",\nIF(AND($C76=\"S\",OR($Q76<>0,$T76>0,$U76>0),$P76=0),\"FONTE\",\nIF(AND($C76=\"S\",$P76<>0,OR($T76>0,$U76>0),$Q76=0),\"CÓDIGO\",\nIF(AND($C76=\"S\",$P76<>0,$Q76<>0,$R76=\"(Código não identificado nas referências)\"),\"CÓDIGO N/ID\",\nIF(AND($C76=\"S\",OR($R76=\"\",$R76=\"(digite a descrição aqui)\"),OR($Q76<>0,$T76>0,$U76>0)),\"DESCRIÇÃO\",\nIF(AND($C76=\"S\",$P76<>0,$Q76<>0,$S76=\"\"),\"UNIDADE\",\nIF(AND($C76=\"S\",$P76<>0,$Q76<>0,$U76=0),\"SEM CUSTO\",\nIF(AND(TIPOORCAMENTO=\"Licitado\",$AL76=0,$AN76>0),\"SEM PREÇO\",\nIF(AND($C76=\"S\",$P76<>0,$Q76<>0,$U76>0,$V76=0),\"BDI\",\nIF(OR(AND(TIPOORCAMENTO=\"Proposto\",$AG76<>\"\",$AG76>0,ORÇAMENTO.CustoUnitario>$AG76),AND(TIPOORCAMENTO=\"LICITADO\",ORÇAMENTO.PrecoUnitarioLicitado>$AN76)),\"ACIMA REF.\",\nIF(AND($C76=\"S\",$P76<>0,$Q76<>0,$T76=0,$U76>0),\"QUANT.\",\nIF(AND(Import.TipoArredondamento=\"TransfereGOV\",$L76=\"F\",$C76=\"S\",LEN($Q76)>13),\"Código >13\",\nIF(AND(Import.TipoArredondamento=\"TransfereGOV\",$L76=\"F\",$C76<>\"S\",LEN($R76)>100),\"Descrição >100\",\nIF(AND(Import.TipoArredondamento=\"TransfereGOV\",$L76=\"F\",$C76=\"S\",LEN($R76)>500),\"Descrição >500\",\nIF(AND(Import.TipoArredondamento=\"TransfereGOV\",$L76=\"F\",$C76=\"S\",LEFT(TRIM(UPPER($P76)),6)<>\"SINAPI\",ISNA(VLOOKUP(TRIM(UPPER($S76)),ListaTgov.Unidades,1,FALSE))),\"Unid. Não Disp\",\n\" \"))))))))))))))))","v":" "},{"$f":"IF(C76<=CRONO.NivelExibicao,MAX($AD$15:OFFSET(AD76,-1,0))+IF($C76<>1,1,MAX(1,COUNTIF(QCI!$A$13:$A$24,OFFSET($E76,-1,0)))),\"\")","v":8},{"$f":"IF(AND($C76=\"S\",ORÇAMENTO.CodBarra<>\"\"),IF(ORÇAMENTO.Fonte=\"\",ORÇAMENTO.CodBarra,CONCATENATE(ORÇAMENTO.Fonte,\" \",ORÇAMENTO.CodBarra)))","v":false},{"$f":"IF(ISERROR(INDIRECT(ORÇAMENTO.BancoRef)),\"(abra o arquivo 'Referência \"&Excel_BuiltIn_Database&\".xlsm)\",IF(OR($C76<>\"S\",ORÇAMENTO.CodBarra=\"\"),\"(Sem Código)\",IF(ISERROR(MATCH($AE76,INDIRECT(ORÇAMENTO.BancoRef),0)),\"(Código não identificado nas referências)\",MATCH($AE76,INDIRECT(ORÇAMENTO.BancoRef),0))))","v":"(Sem Código)"},{"$f":"ROUND(IF(DESONERACAO=\"sim\",REFERENCIA.Desonerado,REFERENCIA.NaoDesonerado),2)","v":0},0.23380000000000001,null,null,null,null,6154.35,0]
["S",2,"S",0,{"$f":"IF($C77=1,OFFSET(E77,-1,0)+MAX(1,COUNTIF(QCI!$A$13:$A$24,OFFSET(ORÇAMENTO!E77,-1,0))),OFFSET(E77,-1,0))","v":1},7,0,0,1,{"$f":"IF(OR($C77=\"S\",$C77=0),0,MATCH(0,OFFSET($D77,1,$C77,ROW($C$110)-ROW($C77)),0))","v":0},{"$f":"IF(OR($C77=\"S\",$C77=0),0,MATCH(OFFSET($D77,0,$C77)+IF($C77<>1,1,COUNTIF(QCI!$A$13:$A$24,ORÇAMENTO!E77)),OFFSET($D77,1,$C77,ROW($C$110)-ROW($C77)),0))","v":0},"F","Serviço","Serviço","1.7.1.","Composição","IUP30094",{"$f":"IF($C77=\"S\",REFERENCIA.Descricao,\"(digite a descrição aqui)\")","v":"EXECUÇÃO DE PINTURA DE LIGAÇÃO COM EMULSÃO ASFÁLTICA RR-1C"},{"$f":"REFERENCIA.Unidade","v":"M2"},{"$f":"OFFSET(CÁLCULO!H$15,ROW($T77)-ROW(T$15),0)","v":1555.93},3.18,"BDI 1",{"$f":"IF($C77=\"S\",ROUND(IF(TIPOORCAMENTO=\"Proposto\",ORÇAMENTO.CustoUnitario*(1+$AH77),ORÇAMENTO.PrecoUnitarioLicitado),15-13*$AF$10),0)","v":3.92},{"$f":"IF($C77=\"S\",IF(OR(Import.TipoArredondamento<>\"TransfereGOV\",ACOMPANHAMENTO=\"BM\"),VTOTAL1,SUM(OFFSET(CÁLCULO!$AI$15,ROW($X77)-ROW($X$15),1):OFFSET(CÁLCULO!$BB$15,ROW($X77)-ROW($X$15),-1))),IF($C77=0,0,ROUND(SomaAgrup,15-13*$AF$11)))","v":6099.25},"RA","RA",{"$f":"IF($C77=\"S\",IF($Z77=\"CP\",$X77,IF($Z77=\"RA\",(($X77)*QCI!$AA$3),0)),SomaAgrup)","v":1902.0875137452467},0,{"$f":"IF($N77=\"\",\" \",\nIF(AND($C77<>\"S\",OR($R77=\"\",$R77=\"(digite a descrição aqui)\")),\"DESCRIÇÃO\",\nIF(AND($C77=\"S\",OR($Q77<>0,$T77>0,$U77>0),$P77=0),\"FONTE\",\nIF(AND($C77=\"S\",$P77<>0,OR($T77>0,$U77>0),$Q77=0),\"CÓDIGO\",\nIF(AND($C77=\"S\",$P77<>0,$Q77<>0,$R77=\"(Código não identificado nas referências)\"),\"CÓDIGO N/ID\",\nIF(AND($C77=\"S\",OR($R77=\"\",$R77=\"(digite a descrição aqui)\"),OR($Q77<>0,$T77>0,$U77>0)),\"DESCRIÇÃO\",\nIF(AND($C77=\"S\",$P77<>0,$Q77<>0,$S77=\"\"),\"UNIDADE\",\nIF(AND($C77=\"S\",$P77<>0,$Q77<>0,$U77=0),\"SEM CUSTO\",\nIF(AND(TIPOORCAMENTO=\"Licitado\",$AL77=0,$AN77>0),\"SEM PREÇO\",\nIF(AND($C77=\"S\",$P77<>0,$Q77<>0,$U77>0,$V77=0),\"BDI\",\nIF(OR(AND(TIPOORCAMENTO=\"Proposto\",$AG77<>\"\",$AG77>0,ORÇAMENTO.CustoUnitario>$AG77),AND(TIPOORCAMENTO=\"LICITADO\",ORÇAMENTO.PrecoUnitarioLicitado>$AN77)),\"ACIMA REF.\",\nIF(AND($C77=\"S\",$P77<>0,$Q77<>0,$T77=0,$U77>0),\"QUANT.\",\nIF(AND(Import.TipoArredondamento=\"TransfereGOV\",$L77=\"F\",$C77=\"S\",LEN($Q77)>13),\"Código >13\",\nIF(AND(Import.TipoArredondamento=\"TransfereGOV\",$L77=\"F\",$C77<>\"S\",LEN($R77)>100),\"Descrição >100\",\nIF(AND(Import.TipoArredondamento=\"TransfereGOV\",$L77=\"F\",$C77=\"S\",LEN($R77)>500),\"Descrição >500\",\nIF(AND(Import.TipoArredondamento=\"TransfereGOV\",$L77=\"F\",$C77=\"S\",LEFT(TRIM(UPPER($P77)),6)<>\"SINAPI\",ISNA(VLOOKUP(TRIM(UPPER($S77)),ListaTgov.Unidades,1,FALSE))),\"Unid. Não Disp\",\n\" \"))))))))))))))))","v":" "},{"$f":"IF(C77<=CRONO.NivelExibicao,MAX($AD$15:OFFSET(AD77,-1,0))+IF($C77<>1,1,MAX(1,COUNTIF(QCI!$A$13:$A$24,OFFSET($E77,-1,0)))),\"\")","v":""},{"$f":"IF(AND($C77=\"S\",ORÇAMENTO.CodBarra<>\"\"),IF(ORÇAMENTO.Fonte=\"\",ORÇAMENTO.CodBarra,CONCATENATE(ORÇAMENTO.Fonte,\" \",ORÇAMENTO.CodBarra)))","v":"Composição IUP30094"},{"$f":"IF(ISERROR(INDIRECT(ORÇAMENTO.BancoRef)),\"(abra o arquivo 'Referência \"&Excel_BuiltIn_Database&\".xlsm)\",IF(OR($C77<>\"S\",ORÇAMENTO.CodBarra=\"\"),\"(Sem Código)\",IF(ISERROR(MATCH($AE77,INDIRECT(ORÇAMENTO.BancoRef),0)),\"(Código não identificado nas referências)\",MATCH($AE77,INDIRECT(ORÇAMENTO.BancoRef),0))))","v":14},{"$f":"ROUND(IF(DESONERACAO=\"sim\",REFERENCIA.Desonerado,REFERENCIA.NaoDesonerado),2)","v":3.18},0.23380000000000001,null,1555.93,null,null,6099.25,3.92]
["S",2,"S",0,{"$f":"IF($C78=1,OFFSET(E78,-1,0)+MAX(1,COUNTIF(QCI!$A$13:$A$24,OFFSET(ORÇAMENTO!E78,-1,0))),OFFSET(E78,-1,0))","v":1},7,0,0,2,0,{"$f":"IF(OR($C78=\"S\",$C78=0),0,MATCH(OFFSET($D78,0,$C78)+IF($C78<>1,1,COUNTIF(QCI!$A$13:$A$24,ORÇAMENTO!E78)),OFFSET($D78,1,$C78,ROW($C$110)-ROW($C78)),0))","v":0},"F","Serviço","Serviço","1.7.2.","SINAPI","102330",{"$f":"IF($C78=\"S\",REFERENCIA.Descricao,\"(digite a descrição aqui)\")","v":"TRANSPORTE COM CAMINHÃO TANQUE DE TRANSPORTE DE MATERIAL ASFÁLTICO DE 30000 L, EM VIA URBANA PAVIMENTADA, DMT ATÉ 30KM (UNIDADE: TXKM). AF_07/2020"},{"$f":"REFERENCIA.Unidade","v":"TXKM"},{"$f":"OFFSET(CÁLCULO!H$15,ROW($T78)-ROW(T$15),0)","v":21},1.41,"BDI 1",{"$f":"IF($C78=\"S\",ROUND(IF(TIPOORCAMENTO=\"Proposto\",ORÇAMENTO.CustoUnitario*(1+$AH78),ORÇAMENTO.PrecoUnitarioLicitado),15-13*$AF$10),0)","v":1.74},{"$f":"IF($C78=\"S\",IF(OR(Import.TipoArredondamento<>\"TransfereGOV\",ACOMPANHAMENTO=\"BM\"),VTOTAL1,SUM(OFFSET(CÁLCULO!$AI$15,ROW($X78)-ROW($X$15),1):OFFSET(CÁLCULO!$BB$15,ROW($X78)-ROW($X$15),-1))),IF($C78=0,0,ROUND(SomaAgrup,15-13*$AF$11)))","v":36.54},"RA","RA",{"$f":"IF($C78=\"S\",IF($Z78=\"CP\",$X78,IF($Z78=\"RA\",(($X78)*QCI!$AA$3),0)),SomaAgrup)","v":11.395217076239097},0,{"$f":"IF($N78=\"\",\" \",\nIF(AND($C78<>\"S\",OR($R78=\"\",$R78=\"(digite a descrição aqui)\")),\"DESCRIÇÃO\",\nIF(AND($C78=\"S\",OR($Q78<>0,$T78>0,$U78>0),$P78=0),\"FONTE\",\nIF(AND($C78=\"S\",$P78<>0,OR($T78>0,$U78>0),$Q78=0),\"CÓDIGO\",\nIF(AND($C78=\"S\",$P78<>0,$Q78<>0,$R78=\"(Código não identificado nas referências)\"),\"CÓDIGO N/ID\",\nIF(AND($C78=\"S\",OR($R78=\"\",$R78=\"(digite a descrição aqui)\"),OR($Q78<>0,$T78>0,$U78>0)),\"DESCRIÇÃO\",\nIF(AND($C78=\"S\",$P78<>0,$Q78<>0,$S78=\"\"),\"UNIDADE\",\nIF(AND($C78=\"S\",$P78<>0,$Q78<>0,$U78=0),\"SEM CUSTO\",\nIF(AND(TIPOORCAMENTO=\"Licitado\",$AL78=0,$AN78>0),\"SEM PREÇO\",\nIF(AND($C78=\"S\",$P78<>0,$Q78<>0,$U78>0,$V78=0),\"BDI\",\nIF(OR(AND(TIPOORCAMENTO=\"Proposto\",$AG78<>\"\",$AG78>0,ORÇAMENTO.CustoUnitario>$AG78),AND(TIPOORCAMENTO=\"LICITADO\",ORÇAMENTO.PrecoUnitarioLicitado>$AN78)),\"ACIMA REF.\",\nIF(AND($C78=\"S\",$P78<>0,$Q78<>0,$T78=0,$U78>0),\"QUANT.\",\nIF(AND(Import.TipoArredondamento=\"TransfereGOV\",$L78=\"F\",$C78=\"S\",LEN($Q78)>13),\"Código >13\",\nIF(AND(Import.TipoArredondamento=\"TransfereGOV\",$L78=\"F\",$C78<>\"S\",LEN($R78)>100),\"Descrição >100\",\nIF(AND(Import.TipoArredondamento=\"TransfereGOV\",$L78=\"F\",$C78=\"S\",LEN($R78)>500),\"Descrição >500\",\nIF(AND(Import.TipoArredondamento=\"TransfereGOV\",$L78=\"F\",$C78=\"S\",LEFT(TRIM(UPPER($P78)),6)<>\"SINAPI\",ISNA(VLOOKUP(TRIM(UPPER($S78)),ListaTgov.Unidades,1,FALSE))),\"Unid. Não Disp\",\n\" \"))))))))))))))))","v":" "},{"$f":"IF(C78<=CRONO.NivelExibicao,MAX($AD$15:OFFSET(AD78,-1,0))+IF($C78<>1,1,MAX(1,COUNTIF(QCI!$A$13:$A$24,OFFSET($E78,-1,0)))),\"\")","v":""},{"$f":"IF(AND($C78=\"S\",ORÇAMENTO.CodBarra<>\"\"),IF(ORÇAMENTO.Fonte=\"\",ORÇAMENTO.CodBarra,CONCATENATE(ORÇAMENTO.Fonte,\" \",ORÇAMENTO.CodBarra)))","v":"SINAPI 102330"},{"$f":"IF(ISERROR(INDIRECT(ORÇAMENTO.BancoRef)),\"(abra o arquivo 'Referência \"&Excel_BuiltIn_Database&\".xlsm)\",IF(OR($C78<>\"S\",ORÇAMENTO.CodBarra=\"\"),\"(Sem Código)\",IF(ISERROR(MATCH($AE78,INDIRECT(ORÇAMENTO.BancoRef),0)),\"(Código não identificado nas referências)\",MATCH($AE78,INDIRECT(ORÇAMENTO.BancoRef),0))))","v":15450},{"$f":"ROUND(IF(DESONERACAO=\"sim\",REFERENCIA.Desonerado,REFERENCIA.NaoDesonerado),2)","v":1.41},0.23380000000000001,null,{"$f":"0.7*30","v":21},null,null,36.54,1.74]
["S",2,"S",0,{"$f":"IF($C79=1,OFFSET(E79,-1,0)+MAX(1,COUNTIF(QCI!$A$13:$A$24,OFFSET(ORÇAMENTO!E79,-1,0))),OFFSET(E79,-1,0))","v":1},7,0,0,3,0,{"$f":"IF(OR($C79=\"S\",$C79=0),0,MATCH(OFFSET($D79,0,$C79)+IF($C79<>1,1,COUNTIF(QCI!$A$13:$A$24,ORÇAMENTO!E79)),OFFSET($D79,1,$C79,ROW($C$110)-ROW($C79)),0))","v":0},"F","Serviço","Serviço","1.7.3.","SINAPI","102331",{"$f":"IF($C79=\"S\",REFERENCIA.Descricao,\"(digite a descrição aqui)\")","v":"TRANSPORTE COM CAMINHÃO TANQUE DE TRANSPORTE DE MATERIAL ASFÁLTICO DE 30000 L, EM VIA URBANA PAVIMENTADA, ADICIONAL PARA DMT EXCEDENTE A 30 KM (UNIDADE: TXKM). AF_07/2020"},{"$f":"REFERENCIA.Unidade","v":"TXKM"},{"$f":"OFFSET(CÁLCULO!H$15,ROW($T79)-ROW(T$15),0)","v":27.3},0.55000000000000004,"BDI 1",{"$f":"IF($C79=\"S\",ROUND(IF(TIPOORCAMENTO=\"Proposto\",ORÇAMENTO.CustoUnitario*(1+$AH79),ORÇAMENTO.PrecoUnitarioLicitado),15-13*$AF$10),0)","v":0.68},{"$f":"IF($C79=\"S\",IF(OR(Import.TipoArredondamento<>\"TransfereGOV\",ACOMPANHAMENTO=\"BM\"),VTOTAL1,SUM(OFFSET(CÁLCULO!$AI$15,ROW($X79)-ROW($X$15),1):OFFSET(CÁLCULO!$BB$15,ROW($X79)-ROW($X$15),-1))),IF($C79=0,0,ROUND(SomaAgrup,15-13*$AF$11)))","v":18.559999999999999},"RA","RA",{"$f":"IF($C79=\"S\",IF($Z79=\"CP\",$X79,IF($Z79=\"RA\",(($X79)*QCI!$AA$3),0)),SomaAgrup)","v":5.7880467688833503},0,{"$f":"IF($N79=\"\",\" \",\nIF(AND($C79<>\"S\",OR($R79=\"\",$R79=\"(digite a descrição aqui)\")),\"DESCRIÇÃO\",\nIF(AND($C79=\"S\",OR($Q79<>0,$T79>0,$U79>0),$P79=0),\"FONTE\",\nIF(AND($C79=\"S\",$P79<>0,OR($T79>0,$U79>0),$Q79=0),\"CÓDIGO\",\nIF(AND($C79=\"S\",$P79<>0,$Q79<>0,$R79=\"(Código não identificado nas referências)\"),\"CÓDIGO N/ID\",\nIF(AND($C79=\"S\",OR($R79=\"\",$R79=\"(digite a descrição aqui)\"),OR($Q79<>0,$T79>0,$U79>0)),\"DESCRIÇÃO\",\nIF(AND($C79=\"S\",$P79<>0,$Q79<>0,$S79=\"\"),\"UNIDADE\",\nIF(AND($C79=\"S\",$P79<>0,$Q79<>0,$U79=0),\"SEM CUSTO\",\nIF(AND(TIPOORCAMENTO=\"Licitado\",$AL79=0,$AN79>0),\"SEM PREÇO\",\nIF(AND($C79=\"S\",$P79<>0,$Q79<>0,$U79>0,$V79=0),\"BDI\",\nIF(OR(AND(TIPOORCAMENTO=\"Proposto\",$AG79<>\"\",$AG79>0,ORÇAMENTO.CustoUnitario>$AG79),AND(TIPOORCAMENTO=\"LICITADO\",ORÇAMENTO.PrecoUnitarioLicitado>$AN79)),\"ACIMA REF.\",\nIF(AND($C79=\"S\",$P79<>0,$Q79<>0,$T79=0,$U79>0),\"QUANT.\",\nIF(AND(Import.TipoArredondamento=\"TransfereGOV\",$L79=\"F\",$C79=\"S\",LEN($Q79)>13),\"Código >13\",\nIF(AND(Import.TipoArredondamento=\"TransfereGOV\",$L79=\"F\",$C79<>\"S\",LEN($R79)>100),\"Descrição >100\",\nIF(AND(Import.TipoArredondamento=\"TransfereGOV\",$L79=\"F\",$C79=\"S\",LEN($R79)>500),\"Descrição >500\",\nIF(AND(Import.TipoArredondamento=\"TransfereGOV\",$L79=\"F\",$C79=\"S\",LEFT(TRIM(UPPER($P79)),6)<>\"SINAPI\",ISNA(VLOOKUP(TRIM(UPPER($S79)),ListaTgov.Unidades,1,FALSE))),\"Unid. Não Disp\",\n\" \"))))))))))))))))","v":" "},{"$f":"IF(C79<=CRONO.NivelExibicao,MAX($AD$15:OFFSET(AD79,-1,0))+IF($C79<>1,1,MAX(1,COUNTIF(QCI!$A$13:$A$24,OFFSET($E79,-1,0)))),\"\")","v":""},{"$f":"IF(AND($C79=\"S\",ORÇAMENTO.CodBarra<>\"\"),IF(ORÇAMENTO.Fonte=\"\",ORÇAMENTO.CodBarra,CONCATENATE(ORÇAMENTO.Fonte,\" \",ORÇAMENTO.CodBarra)))","v":"SINAPI 102331"},{"$f":"IF(ISERROR(INDIRECT(ORÇAMENTO.BancoRef)),\"(abra o arquivo 'Referência \"&Excel_BuiltIn_Database&\".xlsm)\",IF(OR($C79<>\"S\",ORÇAMENTO.CodBarra=\"\"),\"(Sem Código)\",IF(ISERROR(MATCH($AE79,INDIRECT(ORÇAMENTO.BancoRef),0)),\"(Código não identificado nas referências)\",MATCH($AE79,INDIRECT(ORÇAMENTO.BancoRef),0))))","v":15449},{"$f":"ROUND(IF(DESONERACAO=\"sim\",REFERENCIA.Desonerado,REFERENCIA.NaoDesonerado),2)","v":0.55000000000000004},0.23380000000000001,null,{"$f":"0.7*39","v":27.299999999999997},null,null,18.559999999999999,0.68]
[2,2,2,4,{"$f":"IF($C80=1,OFFSET(E80,-1,0)+MAX(1,COUNTIF(QCI!$A$13:$A$24,OFFSET(ORÇAMENTO!E80,-1,0))),OFFSET(E80,-1,0))","v":1},8,0,0,0,30,{"$f":"IF(OR($C80=\"S\",$C80=0),0,MATCH(OFFSET($D80,0,$C80)+IF($C80<>1,1,COUNTIF(QCI!$A$13:$A$24,ORÇAMENTO!E80)),OFFSET($D80,1,$C80,ROW($C$110)-ROW($C80)),0))","v":4},"F","Nível 2","Nível 2","1.8.","SINAPI",null,"IMPLANTAÇÃO ASFÁLTICA -  IMPRIMAÇÃO",{"$f":"REFERENCIA.Unidade","v":"-"},{"$f":"OFFSET(CÁLCULO!H$15,ROW($T80)-ROW(T$15),0)","v":0},null,"BDI 1",{"$f":"IF($C80=\"S\",ROUND(IF(TIPOORCAMENTO=\"Proposto\",ORÇAMENTO.CustoUnitario*(1+$AH80),ORÇAMENTO.PrecoUnitarioLicitado),15-13*$AF$10),0)","v":0},{"$f":"IF($C80=\"S\",IF(OR(Import.TipoArredondamento<>\"TransfereGOV\",ACOMPANHAMENTO=\"BM\"),VTOTAL1,SUM(OFFSET(CÁLCULO!$AI$15,ROW($X80)-ROW($X$15),1):OFFSET(CÁLCULO!$BB$15,ROW($X80)-ROW($X$15),-1))),IF($C80=0,0,ROUND(SomaAgrup,15-13*$AF$11)))","v":12781.35},"RA","",{"$f":"IF($C80=\"S\",IF($Z80=\"CP\",$X80,IF($Z80=\"RA\",(($X80)*QCI!$AA$3),0)),SomaAgrup)","v":3985.9402785273282},0,{"$f":"IF($N80=\"\",\" \",\nIF(AND($C80<>\"S\",OR($R80=\"\",$R80=\"(digite a descrição aqui)\")),\"DESCRIÇÃO\",\nIF(AND($C80=\"S\",OR($Q80<>0,$T80>0,$U80>0),$P80=0),\"FONTE\",\nIF(AND($C80=\"S\",$P80<>0,OR($T80>0,$U80>0),$Q80=0),\"CÓDIGO\",\nIF(AND($C80=\"S\",$P80<>0,$Q80<>0,$R80=\"(Código não identificado nas referências)\"),\"CÓDIGO N/ID\",\nIF(AND($C80=\"S\",OR($R80=\"\",$R80=\"(digite a descrição aqui)\"),OR($Q80<>0,$T80>0,$U80>0)),\"DESCRIÇÃO\",\nIF(AND($C80=\"S\",$P80<>0,$Q80<>0,$S80=\"\"),\"UNIDADE\",\nIF(AND($C80=\"S\",$P80<>0,$Q80<>0,$U80=0),\"SEM CUSTO\",\nIF(AND(TIPOORCAMENTO=\"Licitado\",$AL80=0,$AN80>0),\"SEM PREÇO\",\nIF(AND($C80=\"S\",$P80<>0,$Q80<>0,$U80>0,$V80=0),\"BDI\",\nIF(OR(AND(TIPOORCAMENTO=\"Proposto\",$AG80<>\"\",$AG80>0,ORÇAMENTO.CustoUnitario>$AG80),AND(TIPOORCAMENTO=\"LICITADO\",ORÇAMENTO.PrecoUnitarioLicitado>$AN80)),\"ACIMA REF.\",\nIF(AND($C80=\"S\",$P80<>0,$Q80<>0,$T80=0,$U80>0),\"QUANT.\",\nIF(AND(Import.TipoArredondamento=\"TransfereGOV\",$L80=\"F\",$C80=\"S\",LEN($Q80)>13),\"Código >13\",\nIF(AND(Import.TipoArredondamento=\"TransfereGOV\",$L80=\"F\",$C80<>\"S\",LEN($R80)>100),\"Descrição >100\",\nIF(AND(Import.TipoArredondamento=\"TransfereGOV\",$L80=\"F\",$C80=\"S\",LEN($R80)>500),\"Descrição >500\",\nIF(AND(Import.TipoArredondamento=\"TransfereGOV\",$L80=\"F\",$C80=\"S\",LEFT(TRIM(UPPER($P80)),6)<>\"SINAPI\",ISNA(VLOOKUP(TRIM(UPPER($S80)),ListaTgov.Unidades,1,FALSE))),\"Unid. Não Disp\",\n\" \"))))))))))))))))","v":" "},{"$f":"IF(C80<=CRONO.NivelExibicao,MAX($AD$15:OFFSET(AD80,-1,0))+IF($C80<>1,1,MAX(1,COUNTIF(QCI!$A$13:$A$24,OFFSET($E80,-1,0)))),\"\")","v":9},{"$f":"IF(AND($C80=\"S\",ORÇAMENTO.CodBarra<>\"\"),IF(ORÇAMENTO.Fonte=\"\",ORÇAMENTO.CodBarra,CONCATENATE(ORÇAMENTO.Fonte,\" \",ORÇAMENTO.CodBarra)))","v":false},{"$f":"IF(ISERROR(INDIRECT(ORÇAMENTO.BancoRef)),\"(abra o arquivo 'Referência \"&Excel_BuiltIn_Database&\".xlsm)\",IF(OR($C80<>\"S\",ORÇAMENTO.CodBarra=\"\"),\"(Sem Código)\",IF(ISERROR(MATCH($AE80,INDIRECT(ORÇAMENTO.BancoRef),0)),\"(Código não identificado nas referências)\",MATCH($AE80,INDIRECT(ORÇAMENTO.BancoRef),0))))","v":"(Sem Código)"},{"$f":"ROUND(IF(DESONERACAO=\"sim\",REFERENCIA.Desonerado,REFERENCIA.NaoDesonerado),2)","v":0},0.23380000000000001,null,null,null,null,12781.35,0]
["S",2,"S",0,{"$f":"IF($C81=1,OFFSET(E81,-1,0)+MAX(1,COUNTIF(QCI!$A$13:$A$24,OFFSET(ORÇAMENTO!E81,-1,0))),OFFSET(E81,-1,0))","v":1},8,0,0,1,{"$f":"IF(OR($C81=\"S\",$C81=0),0,MATCH(0,OFFSET($D81,1,$C81,ROW($C$110)-ROW($C81)),0))","v":0},{"$f":"IF(OR($C81=\"S\",$C81=0),0,MATCH(OFFSET($D81,0,$C81)+IF($C81<>1,1,COUNTIF(QCI!$A$13:$A$24,ORÇAMENTO!E81)),OFFSET($D81,1,$C81,ROW($C$110)-ROW($C81)),0))","v":0},"F","Serviço","Serviço","1.8.1.","Composição","IUP30075",{"$f":"IF($C81=\"S\",REFERENCIA.Descricao,\"(digite a descrição aqui)\")","v":"Execução de imprimação com emulsão asfáltica a base d'água."},"M2",{"$f":"OFFSET(CÁLCULO!H$15,ROW($T81)-ROW(T$15),0)","v":1555.93},6.58,"BDI 1",{"$f":"IF($C81=\"S\",ROUND(IF(TIPOORCAMENTO=\"Proposto\",ORÇAMENTO.CustoUnitario*(1+$AH81),ORÇAMENTO.PrecoUnitarioLicitado),15-13*$AF$10),0)","v":8.1199999999999992},{"$f":"IF($C81=\"S\",IF(OR(Import.TipoArredondamento<>\"TransfereGOV\",ACOMPANHAMENTO=\"BM\"),VTOTAL1,SUM(OFFSET(CÁLCULO!$AI$15,ROW($X81)-ROW($X$15),1):OFFSET(CÁLCULO!$BB$15,ROW($X81)-ROW($X$15),-1))),IF($C81=0,0,ROUND(SomaAgrup,15-13*$AF$11)))","v":12634.15},"RA","RA",{"$f":"IF($C81=\"S\",IF($Z81=\"CP\",$X81,IF($Z81=\"RA\",(($X81)*QCI!$AA$3),0)),SomaAgrup)","v":3940.0350800154947},0,{"$f":"IF($N81=\"\",\" \",\nIF(AND($C81<>\"S\",OR($R81=\"\",$R81=\"(digite a descrição aqui)\")),\"DESCRIÇÃO\",\nIF(AND($C81=\"S\",OR($Q81<>0,$T81>0,$U81>0),$P81=0),\"FONTE\",\nIF(AND($C81=\"S\",$P81<>0,OR($T81>0,$U81>0),$Q81=0),\"CÓDIGO\",\nIF(AND($C81=\"S\",$P81<>0,$Q81<>0,$R81=\"(Código não identificado nas referências)\"),\"CÓDIGO N/ID\",\nIF(AND($C81=\"S\",OR($R81=\"\",$R81=\"(digite a descrição aqui)\"),OR($Q81<>0,$T81>0,$U81>0)),\"DESCRIÇÃO\",\nIF(AND($C81=\"S\",$P81<>0,$Q81<>0,$S81=\"\"),\"UNIDADE\",\nIF(AND($C81=\"S\",$P81<>0,$Q81<>0,$U81=0),\"SEM CUSTO\",\nIF(AND(TIPOORCAMENTO=\"Licitado\",$AL81=0,$AN81>0),\"SEM PREÇO\",\nIF(AND($C81=\"S\",$P81<>0,$Q81<>0,$U81>0,$V81=0),\"BDI\",\nIF(OR(AND(TIPOORCAMENTO=\"Proposto\",$AG81<>\"\",$AG81>0,ORÇAMENTO.CustoUnitario>$AG81),AND(TIPOORCAMENTO=\"LICITADO\",ORÇAMENTO.PrecoUnitarioLicitado>$AN81)),\"ACIMA REF.\",\nIF(AND($C81=\"S\",$P81<>0,$Q81<>0,$T81=0,$U81>0),\"QUANT.\",\nIF(AND(Import.TipoArredondamento=\"TransfereGOV\",$L81=\"F\",$C81=\"S\",LEN($Q81)>13),\"Código >13\",\nIF(AND(Import.TipoArredondamento=\"TransfereGOV\",$L81=\"F\",$C81<>\"S\",LEN($R81)>100),\"Descrição >100\",\nIF(AND(Import.TipoArredondamento=\"TransfereGOV\",$L81=\"F\",$C81=\"S\",LEN($R81)>500),\"Descrição >500\",\nIF(AND(Import.TipoArredondamento=\"TransfereGOV\",$L81=\"F\",$C81=\"S\",LEFT(TRIM(UPPER($P81)),6)<>\"SINAPI\",ISNA(VLOOKUP(TRIM(UPPER($S81)),ListaTgov.Unidades,1,FALSE))),\"Unid. Não Disp\",\n\" \"))))))))))))))))","v":" "},{"$f":"IF(C81<=CRONO.NivelExibicao,MAX($AD$15:OFFSET(AD81,-1,0))+IF($C81<>1,1,MAX(1,COUNTIF(QCI!$A$13:$A$24,OFFSET($E81,-1,0)))),\"\")","v":""},{"$f":"IF(AND($C81=\"S\",ORÇAMENTO.CodBarra<>\"\"),IF(ORÇAMENTO.Fonte=\"\",ORÇAMENTO.CodBarra,CONCATENATE(ORÇAMENTO.Fonte,\" \",ORÇAMENTO.CodBarra)))","v":"Composição IUP30075"},{"$f":"IF(ISERROR(INDIRECT(ORÇAMENTO.BancoRef)),\"(abra o arquivo 'Referência \"&Excel_BuiltIn_Database&\".xlsm)\",IF(OR($C81<>\"S\",ORÇAMENTO.CodBarra=\"\"),\"(Sem Código)\",IF(ISERROR(MATCH($AE81,INDIRECT(ORÇAMENTO.BancoRef),0)),\"(Código não identificado nas referências)\",MATCH($AE81,INDIRECT(ORÇAMENTO.BancoRef),0))))","v":15},{"$f":"ROUND(IF(DESONERACAO=\"sim\",REFERENCIA.Desonerado,REFERENCIA.NaoDesonerado),2)","v":6.58},0.23380000000000001,null,1555.93,null,null,12634.15,8.1199999999999992]
["S",2,"S",0,{"$f":"IF($C82=1,OFFSET(E82,-1,0)+MAX(1,COUNTIF(QCI!$A$13:$A$24,OFFSET(ORÇAMENTO!E82,-1,0))),OFFSET(E82,-1,0))","v":1},8,0,0,2,0,{"$f":"IF(OR($C82=\"S\",$C82=0),0,MATCH(OFFSET($D82,0,$C82)+IF($C82<>1,1,COUNTIF(QCI!$A$13:$A$24,ORÇAMENTO!E82)),OFFSET($D82,1,$C82,ROW($C$110)-ROW($C82)),0))","v":0},"F","Serviço","Serviço","1.8.2.","SINAPI","102330",{"$f":"IF($C82=\"S\",REFERENCIA.Descricao,\"(digite a descrição aqui)\")","v":"TRANSPORTE COM CAMINHÃO TANQUE DE TRANSPORTE DE MATERIAL ASFÁLTICO DE 30000 L, EM VIA URBANA PAVIMENTADA, DMT ATÉ 30KM (UNIDADE: TXKM). AF_07/2020"},{"$f":"REFERENCIA.Unidade","v":"TXKM"},{"$f":"OFFSET(CÁLCULO!H$15,ROW($T82)-ROW(T$15),0)","v":56.1},1.41,"BDI 1",{"$f":"IF($C82=\"S\",ROUND(IF(TIPOORCAMENTO=\"Proposto\",ORÇAMENTO.CustoUnitario*(1+$AH82),ORÇAMENTO.PrecoUnitarioLicitado),15-13*$AF$10),0)","v":1.74},{"$f":"IF($C82=\"S\",IF(OR(Import.TipoArredondamento<>\"TransfereGOV\",ACOMPANHAMENTO=\"BM\"),VTOTAL1,SUM(OFFSET(CÁLCULO!$AI$15,ROW($X82)-ROW($X$15),1):OFFSET(CÁLCULO!$BB$15,ROW($X82)-ROW($X$15),-1))),IF($C82=0,0,ROUND(SomaAgrup,15-13*$AF$11)))","v":97.61},"RA","RA",{"$f":"IF($C82=\"S\",IF($Z82=\"CP\",$X82,IF($Z82=\"RA\",(($X82)*QCI!$AA$3),0)),SomaAgrup)","v":30.440261051223267},0,{"$f":"IF($N82=\"\",\" \",\nIF(AND($C82<>\"S\",OR($R82=\"\",$R82=\"(digite a descrição aqui)\")),\"DESCRIÇÃO\",\nIF(AND($C82=\"S\",OR($Q82<>0,$T82>0,$U82>0),$P82=0),\"FONTE\",\nIF(AND($C82=\"S\",$P82<>0,OR($T82>0,$U82>0),$Q82=0),\"CÓDIGO\",\nIF(AND($C82=\"S\",$P82<>0,$Q82<>0,$R82=\"(Código não identificado nas referências)\"),\"CÓDIGO N/ID\",\nIF(AND($C82=\"S\",OR($R82=\"\",$R82=\"(digite a descrição aqui)\"),OR($Q82<>0,$T82>0,$U82>0)),\"DESCRIÇÃO\",\nIF(AND($C82=\"S\",$P82<>0,$Q82<>0,$S82=\"\"),\"UNIDADE\",\nIF(AND($C82=\"S\",$P82<>0,$Q82<>0,$U82=0),\"SEM CUSTO\",\nIF(AND(TIPOORCAMENTO=\"Licitado\",$AL82=0,$AN82>0),\"SEM PREÇO\",\nIF(AND($C82=\"S\",$P82<>0,$Q82<>0,$U82>0,$V82=0),\"BDI\",\nIF(OR(AND(TIPOORCAMENTO=\"Proposto\",$AG82<>\"\",$AG82>0,ORÇAMENTO.CustoUnitario>$AG82),AND(TIPOORCAMENTO=\"LICITADO\",ORÇAMENTO.PrecoUnitarioLicitado>$AN82)),\"ACIMA REF.\",\nIF(AND($C82=\"S\",$P82<>0,$Q82<>0,$T82=0,$U82>0),\"QUANT.\",\nIF(AND(Import.TipoArredondamento=\"TransfereGOV\",$L82=\"F\",$C82=\"S\",LEN($Q82)>13),\"Código >13\",\nIF(AND(Import.TipoArredondamento=\"TransfereGOV\",$L82=\"F\",$C82<>\"S\",LEN($R82)>100),\"Descrição >100\",\nIF(AND(Import.TipoArredondamento=\"TransfereGOV\",$L82=\"F\",$C82=\"S\",LEN($R82)>500),\"Descrição >500\",\nIF(AND(Import.TipoArredondamento=\"TransfereGOV\",$L82=\"F\",$C82=\"S\",LEFT(TRIM(UPPER($P82)),6)<>\"SINAPI\",ISNA(VLOOKUP(TRIM(UPPER($S82)),ListaTgov.Unidades,1,FALSE))),\"Unid. Não Disp\",\n\" \"))))))))))))))))","v":" "},{"$f":"IF(C82<=CRONO.NivelExibicao,MAX($AD$15:OFFSET(AD82,-1,0))+IF($C82<>1,1,MAX(1,COUNTIF(QCI!$A$13:$A$24,OFFSET($E82,-1,0)))),\"\")","v":""},{"$f":"IF(AND($C82=\"S\",ORÇAMENTO.CodBarra<>\"\"),IF(ORÇAMENTO.Fonte=\"\",ORÇAMENTO.CodBarra,CONCATENATE(ORÇAMENTO.Fonte,\" \",ORÇAMENTO.CodBarra)))","v":"SINAPI 102330"},{"$f":"IF(ISERROR(INDIRECT(ORÇAMENTO.BancoRef)),\"(abra o arquivo 'Referência \"&Excel_BuiltIn_Database&\".xlsm)\",IF(OR($C82<>\"S\",ORÇAMENTO.CodBarra=\"\"),\"(Sem Código)\",IF(ISERROR(MATCH($AE82,INDIRECT(ORÇAMENTO.BancoRef),0)),\"(Código não identificado nas referências)\",MATCH($AE82,INDIRECT(ORÇAMENTO.BancoRef),0))))","v":15450},{"$f":"ROUND(IF(DESONERACAO=\"sim\",REFERENCIA.Desonerado,REFERENCIA.NaoDesonerado),2)","v":1.41},0.23380000000000001,null,{"$f":"1.87*30","v":56.1},null,null,97.61,1.74]
[{"$f":"CHOOSE(1+LOG(1+2*(ORÇAMENTO.Nivel=\"Meta\")+4*(ORÇAMENTO.Nivel=\"Nível 2\")+8*(ORÇAMENTO.Nivel=\"Nível 3\")+16*(ORÇAMENTO.Nivel=\"Nível 4\")+32*(ORÇAMENTO.Nivel=\"Serviço\"),2),0,1,2,3,4,\"S\")","v":"S"},{"$f":"IF(OR(C83=\"s\",C83=0),OFFSET(B83,-1,0),C83)","v":2},{"$f":"IF(OFFSET(C83,-1,0)=\"L\",1,IF(OFFSET(C83,-1,0)=1,2,IF(OR(A83=\"s\",A83=0),\"S\",IF(AND(OFFSET(C83,-1,0)=2,A83=4),3,IF(AND(OR(OFFSET(C83,-1,0)=\"s\",OFFSET(C83,-1,0)=0),A83<>\"s\",A83>OFFSET(B83,-1,0)),OFFSET(B83,-1,0),A83)))))","v":"S"},{"$f":"IF(OR(C83=\"S\",C83=0),0,IF(ISERROR(K83),J83,SMALL(J83:K83,1)))","v":0},{"$f":"IF($C83=1,OFFSET(E83,-1,0)+MAX(1,COUNTIF(QCI!$A$13:$A$24,OFFSET(ORÇAMENTO!E83,-1,0))),OFFSET(E83,-1,0))","v":1},{"$f":"IF($C83=1,0,IF($C83=2,OFFSET(F83,-1,0)+1,OFFSET(F83,-1,0)))","v":8},{"$f":"IF(AND($C83<=2,$C83<>0),0,IF($C83=3,OFFSET(G83,-1,0)+1,OFFSET(G83,-1,0)))","v":0},{"$f":"IF(AND($C83<=3,$C83<>0),0,IF($C83=4,OFFSET(H83,-1,0)+1,OFFSET(H83,-1,0)))","v":0},{"$f":"IF(AND($C83<=4,$C83<>0),0,IF(AND($C83=\"S\",$X83>0),OFFSET(I83,-1,0)+1,OFFSET(I83,-1,0)))","v":3},0,{"$f":"IF(OR($C83=\"S\",$C83=0),0,MATCH(OFFSET($D83,0,$C83)+IF($C83<>1,1,COUNTIF(QCI!$A$13:$A$24,ORÇAMENTO!E83)),OFFSET($D83,1,$C83,ROW($C$110)-ROW($C83)),0))","v":0},{"$f":"IF(OR($X83>0,$C83=1,$C83=2,$C83=3,$C83=4),\"F\",\"\")","v":"F"},"Serviço",{"$f":"CHOOSE(1+LOG(1+2*(C83=1)+4*(C83=2)+8*(C83=3)+16*(C83=4)+32*(C83=\"S\"),2),\"\",\"Meta\",\"Nível 2\",\"Nível 3\",\"Nível 4\",\"Serviço\")","v":"Serviço"},{"$f":"IF(OR($C83=0,$L83=\"\"),\"-\",CONCATENATE(E83&\".\",IF(AND($A$5>=2,$C83>=2),F83&\".\",\"\"),IF(AND($A$5>=3,$C83>=3),G83&\".\",\"\"),IF(AND($A$5>=4,$C83>=4),H83&\".\",\"\"),IF($C83=\"S\",I83&\".\",\"\")))","v":"1.8.3."},"SINAPI","102331",{"$f":"IF($C83=\"S\",REFERENCIA.Descricao,\"(digite a descrição aqui)\")","v":"TRANSPORTE COM CAMINHÃO TANQUE DE TRANSPORTE DE MATERIAL ASFÁLTICO DE 30000 L, EM VIA URBANA PAVIMENTADA, ADICIONAL PARA DMT EXCEDENTE A 30 KM (UNIDADE: TXKM). AF_07/2020"},{"$f":"REFERENCIA.Unidade","v":"TXKM"},{"$f":"OFFSET(CÁLCULO!H$15,ROW($T83)-ROW(T$15),0)","v":72.930000000000007},0.55000000000000004,"BDI 1",{"$f":"IF($C83=\"S\",ROUND(IF(TIPOORCAMENTO=\"Proposto\",ORÇAMENTO.CustoUnitario*(1+$AH83),ORÇAMENTO.PrecoUnitarioLicitado),15-13*$AF$10),0)","v":0.68},{"$f":"IF($C83=\"S\",IF(OR(Import.TipoArredondamento<>\"TransfereGOV\",ACOMPANHAMENTO=\"BM\"),VTOTAL1,SUM(OFFSET(CÁLCULO!$AI$15,ROW($X83)-ROW($X$15),1):OFFSET(CÁLCULO!$BB$15,ROW($X83)-ROW($X$15),-1))),IF($C83=0,0,ROUND(SomaAgrup,15-13*$AF$11)))","v":49.59},"RA",{"$f":"IF(AND($C83=\"S\",$X83>0),IF(ISBLANK($Y83),\"RA\",LEFT($Y83,2)),\"\")","v":"RA"},{"$f":"IF($C83=\"S\",IF($Z83=\"CP\",$X83,IF($Z83=\"RA\",(($X83)*QCI!$AA$3),0)),SomaAgrup)","v":15.464937460610203},{"$f":"IF($C83=\"S\",IF($Z83=\"OU\",ROUND($X83,2),0),SomaAgrup)","v":0},{"$f":"IF($N83=\"\",\" \",\nIF(AND($C83<>\"S\",OR($R83=\"\",$R83=\"(digite a descrição aqui)\")),\"DESCRIÇÃO\",\nIF(AND($C83=\"S\",OR($Q83<>0,$T83>0,$U83>0),$P83=0),\"FONTE\",\nIF(AND($C83=\"S\",$P83<>0,OR($T83>0,$U83>0),$Q83=0),\"CÓDIGO\",\nIF(AND($C83=\"S\",$P83<>0,$Q83<>0,$R83=\"(Código não identificado nas referências)\"),\"CÓDIGO N/ID\",\nIF(AND($C83=\"S\",OR($R83=\"\",$R83=\"(digite a descrição aqui)\"),OR($Q83<>0,$T83>0,$U83>0)),\"DESCRIÇÃO\",\nIF(AND($C83=\"S\",$P83<>0,$Q83<>0,$S83=\"\"),\"UNIDADE\",\nIF(AND($C83=\"S\",$P83<>0,$Q83<>0,$U83=0),\"SEM CUSTO\",\nIF(AND(TIPOORCAMENTO=\"Licitado\",$AL83=0,$AN83>0),\"SEM PREÇO\",\nIF(AND($C83=\"S\",$P83<>0,$Q83<>0,$U83>0,$V83=0),\"BDI\",\nIF(OR(AND(TIPOORCAMENTO=\"Proposto\",$AG83<>\"\",$AG83>0,ORÇAMENTO.CustoUnitario>$AG83),AND(TIPOORCAMENTO=\"LICITADO\",ORÇAMENTO.PrecoUnitarioLicitado>$AN83)),\"ACIMA REF.\",\nIF(AND($C83=\"S\",$P83<>0,$Q83<>0,$T83=0,$U83>0),\"QUANT.\",\nIF(AND(Import.TipoArredondamento=\"TransfereGOV\",$L83=\"F\",$C83=\"S\",LEN($Q83)>13),\"Código >13\",\nIF(AND(Import.TipoArredondamento=\"TransfereGOV\",$L83=\"F\",$C83<>\"S\",LEN($R83)>100),\"Descrição >100\",\nIF(AND(Import.TipoArredondamento=\"TransfereGOV\",$L83=\"F\",$C83=\"S\",LEN($R83)>500),\"Descrição >500\",\nIF(AND(Import.TipoArredondamento=\"TransfereGOV\",$L83=\"F\",$C83=\"S\",LEFT(TRIM(UPPER($P83)),6)<>\"SINAPI\",ISNA(VLOOKUP(TRIM(UPPER($S83)),ListaTgov.Unidades,1,FALSE))),\"Unid. Não Disp\",\n\" \"))))))))))))))))","v":" "},{"$f":"IF(C83<=CRONO.NivelExibicao,MAX($AD$15:OFFSET(AD83,-1,0))+IF($C83<>1,1,MAX(1,COUNTIF(QCI!$A$13:$A$24,OFFSET($E83,-1,0)))),\"\")","v":""},{"$f":"IF(AND($C83=\"S\",ORÇAMENTO.CodBarra<>\"\"),IF(ORÇAMENTO.Fonte=\"\",ORÇAMENTO.CodBarra,CONCATENATE(ORÇAMENTO.Fonte,\" \",ORÇAMENTO.CodBarra)))","v":"SINAPI 102331"},{"$f":"IF(ISERROR(INDIRECT(ORÇAMENTO.BancoRef)),\"(abra o arquivo 'Referência \"&Excel_BuiltIn_Database&\".xlsm)\",IF(OR($C83<>\"S\",ORÇAMENTO.CodBarra=\"\"),\"(Sem Código)\",IF(ISERROR(MATCH($AE83,INDIRECT(ORÇAMENTO.BancoRef),0)),\"(Código não identificado nas referências)\",MATCH($AE83,INDIRECT(ORÇAMENTO.BancoRef),0))))","v":15449},{"$f":"ROUND(IF(DESONERACAO=\"sim\",REFERENCIA.Desonerado,REFERENCIA.NaoDesonerado),2)","v":0.55000000000000004},{"$f":"ROUND(IF(ISNUMBER(ORÇAMENTO.OpcaoBDI),ORÇAMENTO.OpcaoBDI,IF(LEFT(ORÇAMENTO.OpcaoBDI,3)=\"BDI\",HLOOKUP(ORÇAMENTO.OpcaoBDI,$F$4:$H$5,2,FALSE),0)),15-11*$AF$9)","v":0.23380000000000001},null,{"$f":"1.87*39","v":72.930000000000007},null,null,49.59,{"$f":"ROUND(ORÇAMENTO.CustoUnitario*(1+$AH83),2)","v":0.68}]
[2,2,2,4,{"$f":"IF($C84=1,OFFSET(E84,-1,0)+MAX(1,COUNTIF(QCI!$A$13:$A$24,OFFSET(ORÇAMENTO!E84,-1,0))),OFFSET(E84,-1,0))","v":1},9,0,0,0,26,{"$f":"IF(OR($C84=\"S\",$C84=0),0,MATCH(OFFSET($D84,0,$C84)+IF($C84<>1,1,COUNTIF(QCI!$A$13:$A$24,ORÇAMENTO!E84)),OFFSET($D84,1,$C84,ROW($C$110)-ROW($C84)),0))","v":4},"F","Nível 2","Nível 2","1.9.","SINAPI",null,"IMPLANTAÇÃO ASFÁLTICA -  CBUQ",{"$f":"REFERENCIA.Unidade","v":"-"},{"$f":"OFFSET(CÁLCULO!H$15,ROW($T84)-ROW(T$15),0)","v":0},0,"BDI 1",{"$f":"IF($C84=\"S\",ROUND(IF(TIPOORCAMENTO=\"Proposto\",ORÇAMENTO.CustoUnitario*(1+$AH84),ORÇAMENTO.PrecoUnitarioLicitado),15-13*$AF$10),0)","v":0},{"$f":"IF($C84=\"S\",IF(OR(Import.TipoArredondamento<>\"TransfereGOV\",ACOMPANHAMENTO=\"BM\"),VTOTAL1,SUM(OFFSET(CÁLCULO!$AI$15,ROW($X84)-ROW($X$15),1):OFFSET(CÁLCULO!$BB$15,ROW($X84)-ROW($X$15),-1))),IF($C84=0,0,ROUND(SomaAgrup,15-13*$AF$11)))","v":215891.57},"RA","",{"$f":"IF($C84=\"S\",IF($Z84=\"CP\",$X84,IF($Z84=\"RA\",(($X84)*QCI!$AA$3),0)),SomaAgrup)","v":67327.074577998588},0,{"$f":"IF($N84=\"\",\" \",\nIF(AND($C84<>\"S\",OR($R84=\"\",$R84=\"(digite a descrição aqui)\")),\"DESCRIÇÃO\",\nIF(AND($C84=\"S\",OR($Q84<>0,$T84>0,$U84>0),$P84=0),\"FONTE\",\nIF(AND($C84=\"S\",$P84<>0,OR($T84>0,$U84>0),$Q84=0),\"CÓDIGO\",\nIF(AND($C84=\"S\",$P84<>0,$Q84<>0,$R84=\"(Código não identificado nas referências)\"),\"CÓDIGO N/ID\",\nIF(AND($C84=\"S\",OR($R84=\"\",$R84=\"(digite a descrição aqui)\"),OR($Q84<>0,$T84>0,$U84>0)),\"DESCRIÇÃO\",\nIF(AND($C84=\"S\",$P84<>0,$Q84<>0,$S84=\"\"),\"UNIDADE\",\nIF(AND($C84=\"S\",$P84<>0,$Q84<>0,$U84=0),\"SEM CUSTO\",\nIF(AND(TIPOORCAMENTO=\"Licitado\",$AL84=0,$AN84>0),\"SEM PREÇO\",\nIF(AND($C84=\"S\",$P84<>0,$Q84<>0,$U84>0,$V84=0),\"BDI\",\nIF(OR(AND(TIPOORCAMENTO=\"Proposto\",$AG84<>\"\",$AG84>0,ORÇAMENTO.CustoUnitario>$AG84),AND(TIPOORCAMENTO=\"LICITADO\",ORÇAMENTO.PrecoUnitarioLicitado>$AN84)),\"ACIMA REF.\",\nIF(AND($C84=\"S\",$P84<>0,$Q84<>0,$T84=0,$U84>0),\"QUANT.\",\nIF(AND(Import.TipoArredondamento=\"TransfereGOV\",$L84=\"F\",$C84=\"S\",LEN($Q84)>13),\"Código >13\",\nIF(AND(Import.TipoArredondamento=\"TransfereGOV\",$L84=\"F\",$C84<>\"S\",LEN($R84)>100),\"Descrição >100\",\nIF(AND(Import.TipoArredondamento=\"TransfereGOV\",$L84=\"F\",$C84=\"S\",LEN($R84)>500),\"Descrição >500\",\nIF(AND(Import.TipoArredondamento=\"TransfereGOV\",$L84=\"F\",$C84=\"S\",LEFT(TRIM(UPPER($P84)),6)<>\"SINAPI\",ISNA(VLOOKUP(TRIM(UPPER($S84)),ListaTgov.Unidades,1,FALSE))),\"Unid. Não Disp\",\n\" \"))))))))))))))))","v":" "},{"$f":"IF(C84<=CRONO.NivelExibicao,MAX($AD$15:OFFSET(AD84,-1,0))+IF($C84<>1,1,MAX(1,COUNTIF(QCI!$A$13:$A$24,OFFSET($E84,-1,0)))),\"\")","v":10},{"$f":"IF(AND($C84=\"S\",ORÇAMENTO.CodBarra<>\"\"),IF(ORÇAMENTO.Fonte=\"\",ORÇAMENTO.CodBarra,CONCATENATE(ORÇAMENTO.Fonte,\" \",ORÇAMENTO.CodBarra)))","v":false},{"$f":"IF(ISERROR(INDIRECT(ORÇAMENTO.BancoRef)),\"(abra o arquivo 'Referência \"&Excel_BuiltIn_Database&\".xlsm)\",IF(OR($C84<>\"S\",ORÇAMENTO.CodBarra=\"\"),\"(Sem Código)\",IF(ISERROR(MATCH($AE84,INDIRECT(ORÇAMENTO.BancoRef),0)),\"(Código não identificado nas referências)\",MATCH($AE84,INDIRECT(ORÇAMENTO.BancoRef),0))))","v":"(Sem Código)"},{"$f":"ROUND(IF(DESONERACAO=\"sim\",REFERENCIA.Desonerado,REFERENCIA.NaoDesonerado),2)","v":0},0.23380000000000001,null,null,null,null,215891.57,0]
["S",2,"S",0,{"$f":"IF($C85=1,OFFSET(E85,-1,0)+MAX(1,COUNTIF(QCI!$A$13:$A$24,OFFSET(ORÇAMENTO!E85,-1,0))),OFFSET(E85,-1,0))","v":1},9,0,0,1,0,{"$f":"IF(OR($C85=\"S\",$C85=0),0,MATCH(OFFSET($D85,0,$C85)+IF($C85<>1,1,COUNTIF(QCI!$A$13:$A$24,ORÇAMENTO!E85)),OFFSET($D85,1,$C85,ROW($C$110)-ROW($C85)),0))","v":0},"F","Serviço","Serviço","1.9.1.","SINAPI","95995",{"$f":"IF($C85=\"S\",REFERENCIA.Descricao,\"(digite a descrição aqui)\")","v":"EXECUÇÃO DE PAVIMENTO COM APLICAÇÃO DE CONCRETO ASFÁLTICO, CAMADA DE ROLAMENTO - EXCLUSIVE CARGA E TRANSPORTE. AF_11/2019"},{"$f":"REFERENCIA.Unidade","v":"M3"},{"$f":"OFFSET(CÁLCULO!H$15,ROW($T85)-ROW(T$15),0)","v":91.8},1789.51,"BDI 1",{"$f":"IF($C85=\"S\",ROUND(IF(TIPOORCAMENTO=\"Proposto\",ORÇAMENTO.CustoUnitario*(1+$AH85),ORÇAMENTO.PrecoUnitarioLicitado),15-13*$AF$10),0)","v":2207.9},{"$f":"IF($C85=\"S\",IF(OR(Import.TipoArredondamento<>\"TransfereGOV\",ACOMPANHAMENTO=\"BM\"),VTOTAL1,SUM(OFFSET(CÁLCULO!$AI$15,ROW($X85)-ROW($X$15),1):OFFSET(CÁLCULO!$BB$15,ROW($X85)-ROW($X$15),-1))),IF($C85=0,0,ROUND(SomaAgrup,15-13*$AF$11)))","v":202685.22},"RA","RA",{"$f":"IF($C85=\"S\",IF($Z85=\"CP\",$X85,IF($Z85=\"RA\",(($X85)*QCI!$AA$3),0)),SomaAgrup)","v":63208.595513007065},0,{"$f":"IF($N85=\"\",\" \",\nIF(AND($C85<>\"S\",OR($R85=\"\",$R85=\"(digite a descrição aqui)\")),\"DESCRIÇÃO\",\nIF(AND($C85=\"S\",OR($Q85<>0,$T85>0,$U85>0),$P85=0),\"FONTE\",\nIF(AND($C85=\"S\",$P85<>0,OR($T85>0,$U85>0),$Q85=0),\"CÓDIGO\",\nIF(AND($C85=\"S\",$P85<>0,$Q85<>0,$R85=\"(Código não identificado nas referências)\"),\"CÓDIGO N/ID\",\nIF(AND($C85=\"S\",OR($R85=\"\",$R85=\"(digite a descrição aqui)\"),OR($Q85<>0,$T85>0,$U85>0)),\"DESCRIÇÃO\",\nIF(AND($C85=\"S\",$P85<>0,$Q85<>0,$S85=\"\"),\"UNIDADE\",\nIF(AND($C85=\"S\",$P85<>0,$Q85<>0,$U85=0),\"SEM CUSTO\",\nIF(AND(TIPOORCAMENTO=\"Licitado\",$AL85=0,$AN85>0),\"SEM PREÇO\",\nIF(AND($C85=\"S\",$P85<>0,$Q85<>0,$U85>0,$V85=0),\"BDI\",\nIF(OR(AND(TIPOORCAMENTO=\"Proposto\",$AG85<>\"\",$AG85>0,ORÇAMENTO.CustoUnitario>$AG85),AND(TIPOORCAMENTO=\"LICITADO\",ORÇAMENTO.PrecoUnitarioLicitado>$AN85)),\"ACIMA REF.\",\nIF(AND($C85=\"S\",$P85<>0,$Q85<>0,$T85=0,$U85>0),\"QUANT.\",\nIF(AND(Import.TipoArredondamento=\"TransfereGOV\",$L85=\"F\",$C85=\"S\",LEN($Q85)>13),\"Código >13\",\nIF(AND(Import.TipoArredondamento=\"TransfereGOV\",$L85=\"F\",$C85<>\"S\",LEN($R85)>100),\"Descrição >100\",\nIF(AND(Import.TipoArredondamento=\"TransfereGOV\",$L85=\"F\",$C85=\"S\",LEN($R85)>500),\"Descrição >500\",\nIF(AND(Import.TipoArredondamento=\"TransfereGOV\",$L85=\"F\",$C85=\"S\",LEFT(TRIM(UPPER($P85)),6)<>\"SINAPI\",ISNA(VLOOKUP(TRIM(UPPER($S85)),ListaTgov.Unidades,1,FALSE))),\"Unid. Não Disp\",\n\" \"))))))))))))))))","v":" "},{"$f":"IF(C85<=CRONO.NivelExibicao,MAX($AD$15:OFFSET(AD85,-1,0))+IF($C85<>1,1,MAX(1,COUNTIF(QCI!$A$13:$A$24,OFFSET($E85,-1,0)))),\"\")","v":""},{"$f":"IF(AND($C85=\"S\",ORÇAMENTO.CodBarra<>\"\"),IF(ORÇAMENTO.Fonte=\"\",ORÇAMENTO.CodBarra,CONCATENATE(ORÇAMENTO.Fonte,\" \",ORÇAMENTO.CodBarra)))","v":"SINAPI 95995"},{"$f":"IF(ISERROR(INDIRECT(ORÇAMENTO.BancoRef)),\"(abra o arquivo 'Referência \"&Excel_BuiltIn_Database&\".xlsm)\",IF(OR($C85<>\"S\",ORÇAMENTO.CodBarra=\"\"),\"(Sem Código)\",IF(ISERROR(MATCH($AE85,INDIRECT(ORÇAMENTO.BancoRef),0)),\"(Código não identificado nas referências)\",MATCH($AE85,INDIRECT(ORÇAMENTO.BancoRef),0))))","v":6369},{"$f":"ROUND(IF(DESONERACAO=\"sim\",REFERENCIA.Desonerado,REFERENCIA.NaoDesonerado),2)","v":1789.51},0.23380000000000001,null,91.8,null,null,202685.22,2207.9]
["S",2,"S",0,{"$f":"IF($C86=1,OFFSET(E86,-1,0)+MAX(1,COUNTIF(QCI!$A$13:$A$24,OFFSET(ORÇAMENTO!E86,-1,0))),OFFSET(E86,-1,0))","v":1},9,0,0,2,0,{"$f":"IF(OR($C86=\"S\",$C86=0),0,MATCH(OFFSET($D86,0,$C86)+IF($C86<>1,1,COUNTIF(QCI!$A$13:$A$24,ORÇAMENTO!E86)),OFFSET($D86,1,$C86,ROW($C$110)-ROW($C86)),0))","v":0},"F","Serviço","Serviço","1.9.2.","SINAPI","95876",{"$f":"IF($C86=\"S\",REFERENCIA.Descricao,\"(digite a descrição aqui)\")","v":"TRANSPORTE COM CAMINHÃO BASCULANTE DE 14 M³, EM VIA URBANA PAVIMENTADA, DMT ATÉ 30 KM (UNIDADE: M3XKM). AF_07/2020"},{"$f":"REFERENCIA.Unidade","v":"M3XKM"},{"$f":"OFFSET(CÁLCULO!H$15,ROW($T86)-ROW(T$15),0)","v":2754},2.14,"BDI 1",{"$f":"IF($C86=\"S\",ROUND(IF(TIPOORCAMENTO=\"Proposto\",ORÇAMENTO.CustoUnitario*(1+$AH86),ORÇAMENTO.PrecoUnitarioLicitado),15-13*$AF$10),0)","v":2.64},{"$f":"IF($C86=\"S\",IF(OR(Import.TipoArredondamento<>\"TransfereGOV\",ACOMPANHAMENTO=\"BM\"),VTOTAL1,SUM(OFFSET(CÁLCULO!$AI$15,ROW($X86)-ROW($X$15),1):OFFSET(CÁLCULO!$BB$15,ROW($X86)-ROW($X$15),-1))),IF($C86=0,0,ROUND(SomaAgrup,15-13*$AF$11)))","v":7270.56},"RA","RA",{"$f":"IF($C86=\"S\",IF($Z86=\"CP\",$X86,IF($Z86=\"RA\",(($X86)*QCI!$AA$3),0)),SomaAgrup)","v":2267.3675278002443},0,{"$f":"IF($N86=\"\",\" \",\nIF(AND($C86<>\"S\",OR($R86=\"\",$R86=\"(digite a descrição aqui)\")),\"DESCRIÇÃO\",\nIF(AND($C86=\"S\",OR($Q86<>0,$T86>0,$U86>0),$P86=0),\"FONTE\",\nIF(AND($C86=\"S\",$P86<>0,OR($T86>0,$U86>0),$Q86=0),\"CÓDIGO\",\nIF(AND($C86=\"S\",$P86<>0,$Q86<>0,$R86=\"(Código não identificado nas referências)\"),\"CÓDIGO N/ID\",\nIF(AND($C86=\"S\",OR($R86=\"\",$R86=\"(digite a descrição aqui)\"),OR($Q86<>0,$T86>0,$U86>0)),\"DESCRIÇÃO\",\nIF(AND($C86=\"S\",$P86<>0,$Q86<>0,$S86=\"\"),\"UNIDADE\",\nIF(AND($C86=\"S\",$P86<>0,$Q86<>0,$U86=0),\"SEM CUSTO\",\nIF(AND(TIPOORCAMENTO=\"Licitado\",$AL86=0,$AN86>0),\"SEM PREÇO\",\nIF(AND($C86=\"S\",$P86<>0,$Q86<>0,$U86>0,$V86=0),\"BDI\",\nIF(OR(AND(TIPOORCAMENTO=\"Proposto\",$AG86<>\"\",$AG86>0,ORÇAMENTO.CustoUnitario>$AG86),AND(TIPOORCAMENTO=\"LICITADO\",ORÇAMENTO.PrecoUnitarioLicitado>$AN86)),\"ACIMA REF.\",\nIF(AND($C86=\"S\",$P86<>0,$Q86<>0,$T86=0,$U86>0),\"QUANT.\",\nIF(AND(Import.TipoArredondamento=\"TransfereGOV\",$L86=\"F\",$C86=\"S\",LEN($Q86)>13),\"Código >13\",\nIF(AND(Import.TipoArredondamento=\"TransfereGOV\",$L86=\"F\",$C86<>\"S\",LEN($R86)>100),\"Descrição >100\",\nIF(AND(Import.TipoArredondamento=\"TransfereGOV\",$L86=\"F\",$C86=\"S\",LEN($R86)>500),\"Descrição >500\",\nIF(AND(Import.TipoArredondamento=\"TransfereGOV\",$L86=\"F\",$C86=\"S\",LEFT(TRIM(UPPER($P86)),6)<>\"SINAPI\",ISNA(VLOOKUP(TRIM(UPPER($S86)),ListaTgov.Unidades,1,FALSE))),\"Unid. Não Disp\",\n\" \"))))))))))))))))","v":" "},{"$f":"IF(C86<=CRONO.NivelExibicao,MAX($AD$15:OFFSET(AD86,-1,0))+IF($C86<>1,1,MAX(1,COUNTIF(QCI!$A$13:$A$24,OFFSET($E86,-1,0)))),\"\")","v":""},{"$f":"IF(AND($C86=\"S\",ORÇAMENTO.CodBarra<>\"\"),IF(ORÇAMENTO.Fonte=\"\",ORÇAMENTO.CodBarra,CONCATENATE(ORÇAMENTO.Fonte,\" \",ORÇAMENTO.CodBarra)))","v":"SINAPI 95876"},{"$f":"IF(ISERROR(INDIRECT(ORÇAMENTO.BancoRef)),\"(abra o arquivo 'Referência \"&Excel_BuiltIn_Database&\".xlsm)\",IF(OR($C86<>\"S\",ORÇAMENTO.CodBarra=\"\"),\"(Sem Código)\",IF(ISERROR(MATCH($AE86,INDIRECT(ORÇAMENTO.BancoRef),0)),\"(Código não identificado nas referências)\",MATCH($AE86,INDIRECT(ORÇAMENTO.BancoRef),0))))","v":15401},{"$f":"ROUND(IF(DESONERACAO=\"sim\",REFERENCIA.Desonerado,REFERENCIA.NaoDesonerado),2)","v":2.14},0.23380000000000001,null,{"$f":"AJ85*30","v":2754},null,null,7270.56,2.64]
[{"$f":"CHOOSE(1+LOG(1+2*(ORÇAMENTO.Nivel=\"Meta\")+4*(ORÇAMENTO.Nivel=\"Nível 2\")+8*(ORÇAMENTO.Nivel=\"Nível 3\")+16*(ORÇAMENTO.Nivel=\"Nível 4\")+32*(ORÇAMENTO.Nivel=\"Serviço\"),2),0,1,2,3,4,\"S\")","v":"S"},{"$f":"IF(OR(C87=\"s\",C87=0),OFFSET(B87,-1,0),C87)","v":2},{"$f":"IF(OFFSET(C87,-1,0)=\"L\",1,IF(OFFSET(C87,-1,0)=1,2,IF(OR(A87=\"s\",A87=0),\"S\",IF(AND(OFFSET(C87,-1,0)=2,A87=4),3,IF(AND(OR(OFFSET(C87,-1,0)=\"s\",OFFSET(C87,-1,0)=0),A87<>\"s\",A87>OFFSET(B87,-1,0)),OFFSET(B87,-1,0),A87)))))","v":"S"},{"$f":"IF(OR(C87=\"S\",C87=0),0,IF(ISERROR(K87),J87,SMALL(J87:K87,1)))","v":0},{"$f":"IF($C87=1,OFFSET(E87,-1,0)+MAX(1,COUNTIF(QCI!$A$13:$A$24,OFFSET(ORÇAMENTO!E87,-1,0))),OFFSET(E87,-1,0))","v":1},{"$f":"IF($C87=1,0,IF($C87=2,OFFSET(F87,-1,0)+1,OFFSET(F87,-1,0)))","v":9},{"$f":"IF(AND($C87<=2,$C87<>0),0,IF($C87=3,OFFSET(G87,-1,0)+1,OFFSET(G87,-1,0)))","v":0},{"$f":"IF(AND($C87<=3,$C87<>0),0,IF($C87=4,OFFSET(H87,-1,0)+1,OFFSET(H87,-1,0)))","v":0},{"$f":"IF(AND($C87<=4,$C87<>0),0,IF(AND($C87=\"S\",$X87>0),OFFSET(I87,-1,0)+1,OFFSET(I87,-1,0)))","v":3},0,{"$f":"IF(OR($C87=\"S\",$C87=0),0,MATCH(OFFSET($D87,0,$C87)+IF($C87<>1,1,COUNTIF(QCI!$A$13:$A$24,ORÇAMENTO!E87)),OFFSET($D87,1,$C87,ROW($C$110)-ROW($C87)),0))","v":0},{"$f":"IF(OR($X87>0,$C87=1,$C87=2,$C87=3,$C87=4),\"F\",\"\")","v":"F"},"Serviço",{"$f":"CHOOSE(1+LOG(1+2*(C87=1)+4*(C87=2)+8*(C87=3)+16*(C87=4)+32*(C87=\"S\"),2),\"\",\"Meta\",\"Nível 2\",\"Nível 3\",\"Nível 4\",\"Serviço\")","v":"Serviço"},{"$f":"IF(OR($C87=0,$L87=\"\"),\"-\",CONCATENATE(E87&\".\",IF(AND($A$5>=2,$C87>=2),F87&\".\",\"\"),IF(AND($A$5>=3,$C87>=3),G87&\".\",\"\"),IF(AND($A$5>=4,$C87>=4),H87&\".\",\"\"),IF($C87=\"S\",I87&\".\",\"\")))","v":"1.9.3."},"SINAPI","93593",{"$f":"IF($C87=\"S\",REFERENCIA.Descricao,\"(digite a descrição aqui)\")","v":"TRANSPORTE COM CAMINHÃO BASCULANTE DE 14 M³, EM VIA URBANA PAVIMENTADA, ADICIONAL PARA DMT EXCEDENTE A 30 KM (UNIDADE: M3XKM). AF_07/2020"},{"$f":"REFERENCIA.Unidade","v":"M3XKM"},{"$f":"OFFSET(CÁLCULO!H$15,ROW($T87)-ROW(T$15),0)","v":5599.8},0.86,"BDI 1",{"$f":"IF($C87=\"S\",ROUND(IF(TIPOORCAMENTO=\"Proposto\",ORÇAMENTO.CustoUnitario*(1+$AH87),ORÇAMENTO.PrecoUnitarioLicitado),15-13*$AF$10),0)","v":1.06},{"$f":"IF($C87=\"S\",IF(OR(Import.TipoArredondamento<>\"TransfereGOV\",ACOMPANHAMENTO=\"BM\"),VTOTAL1,SUM(OFFSET(CÁLCULO!$AI$15,ROW($X87)-ROW($X$15),1):OFFSET(CÁLCULO!$BB$15,ROW($X87)-ROW($X$15),-1))),IF($C87=0,0,ROUND(SomaAgrup,15-13*$AF$11)))","v":5935.79},"RA",{"$f":"IF(AND($C87=\"S\",$X87>0),IF(ISBLANK($Y87),\"RA\",LEFT($Y87,2)),\"\")","v":"RA"},{"$f":"IF($C87=\"S\",IF($Z87=\"CP\",$X87,IF($Z87=\"RA\",(($X87)*QCI!$AA$3),0)),SomaAgrup)","v":1851.1115371912772},{"$f":"IF($C87=\"S\",IF($Z87=\"OU\",ROUND($X87,2),0),SomaAgrup)","v":0},{"$f":"IF($N87=\"\",\" \",\nIF(AND($C87<>\"S\",OR($R87=\"\",$R87=\"(digite a descrição aqui)\")),\"DESCRIÇÃO\",\nIF(AND($C87=\"S\",OR($Q87<>0,$T87>0,$U87>0),$P87=0),\"FONTE\",\nIF(AND($C87=\"S\",$P87<>0,OR($T87>0,$U87>0),$Q87=0),\"CÓDIGO\",\nIF(AND($C87=\"S\",$P87<>0,$Q87<>0,$R87=\"(Código não identificado nas referências)\"),\"CÓDIGO N/ID\",\nIF(AND($C87=\"S\",OR($R87=\"\",$R87=\"(digite a descrição aqui)\"),OR($Q87<>0,$T87>0,$U87>0)),\"DESCRIÇÃO\",\nIF(AND($C87=\"S\",$P87<>0,$Q87<>0,$S87=\"\"),\"UNIDADE\",\nIF(AND($C87=\"S\",$P87<>0,$Q87<>0,$U87=0),\"SEM CUSTO\",\nIF(AND(TIPOORCAMENTO=\"Licitado\",$AL87=0,$AN87>0),\"SEM PREÇO\",\nIF(AND($C87=\"S\",$P87<>0,$Q87<>0,$U87>0,$V87=0),\"BDI\",\nIF(OR(AND(TIPOORCAMENTO=\"Proposto\",$AG87<>\"\",$AG87>0,ORÇAMENTO.CustoUnitario>$AG87),AND(TIPOORCAMENTO=\"LICITADO\",ORÇAMENTO.PrecoUnitarioLicitado>$AN87)),\"ACIMA REF.\",\nIF(AND($C87=\"S\",$P87<>0,$Q87<>0,$T87=0,$U87>0),\"QUANT.\",\nIF(AND(Import.TipoArredondamento=\"TransfereGOV\",$L87=\"F\",$C87=\"S\",LEN($Q87)>13),\"Código >13\",\nIF(AND(Import.TipoArredondamento=\"TransfereGOV\",$L87=\"F\",$C87<>\"S\",LEN($R87)>100),\"Descrição >100\",\nIF(AND(Import.TipoArredondamento=\"TransfereGOV\",$L87=\"F\",$C87=\"S\",LEN($R87)>500),\"Descrição >500\",\nIF(AND(Import.TipoArredondamento=\"TransfereGOV\",$L87=\"F\",$C87=\"S\",LEFT(TRIM(UPPER($P87)),6)<>\"SINAPI\",ISNA(VLOOKUP(TRIM(UPPER($S87)),ListaTgov.Unidades,1,FALSE))),\"Unid. Não Disp\",\n\" \"))))))))))))))))","v":" "},{"$f":"IF(C87<=CRONO.NivelExibicao,MAX($AD$15:OFFSET(AD87,-1,0))+IF($C87<>1,1,MAX(1,COUNTIF(QCI!$A$13:$A$24,OFFSET($E87,-1,0)))),\"\")","v":""},{"$f":"IF(AND($C87=\"S\",ORÇAMENTO.CodBarra<>\"\"),IF(ORÇAMENTO.Fonte=\"\",ORÇAMENTO.CodBarra,CONCATENATE(ORÇAMENTO.Fonte,\" \",ORÇAMENTO.CodBarra)))","v":"SINAPI 93593"},{"$f":"IF(ISERROR(INDIRECT(ORÇAMENTO.BancoRef)),\"(abra o arquivo 'Referência \"&Excel_BuiltIn_Database&\".xlsm)\",IF(OR($C87<>\"S\",ORÇAMENTO.CodBarra=\"\"),\"(Sem Código)\",IF(ISERROR(MATCH($AE87,INDIRECT(ORÇAMENTO.BancoRef),0)),\"(Código não identificado nas referências)\",MATCH($AE87,INDIRECT(ORÇAMENTO.BancoRef),0))))","v":15399},{"$f":"ROUND(IF(DESONERACAO=\"sim\",REFERENCIA.Desonerado,REFERENCIA.NaoDesonerado),2)","v":0.86},{"$f":"ROUND(IF(ISNUMBER(ORÇAMENTO.OpcaoBDI),ORÇAMENTO.OpcaoBDI,IF(LEFT(ORÇAMENTO.OpcaoBDI,3)=\"BDI\",HLOOKUP(ORÇAMENTO.OpcaoBDI,$F$4:$H$5,2,FALSE),0)),15-11*$AF$9)","v":0.23380000000000001},null,{"$f":"AJ85*61","v":5599.8},null,null,5935.79,{"$f":"ROUND(ORÇAMENTO.CustoUnitario*(1+$AH87),2)","v":1.06}]
[2,2,2,4,{"$f":"IF($C88=1,OFFSET(E88,-1,0)+MAX(1,COUNTIF(QCI!$A$13:$A$24,OFFSET(ORÇAMENTO!E88,-1,0))),OFFSET(E88,-1,0))","v":1},10,0,0,0,22,{"$f":"IF(OR($C88=\"S\",$C88=0),0,MATCH(OFFSET($D88,0,$C88)+IF($C88<>1,1,COUNTIF(QCI!$A$13:$A$24,ORÇAMENTO!E88)),OFFSET($D88,1,$C88,ROW($C$110)-ROW($C88)),0))","v":4},"F","Nível 2","Nível 2","1.10.","SINAPI",null,"IMPLANTAÇÃO ASFÁLTICA -  SERVIÇOS COMPLEMENTARES",{"$f":"REFERENCIA.Unidade","v":"-"},{"$f":"OFFSET(CÁLCULO!H$15,ROW($T88)-ROW(T$15),0)","v":0},0,"BDI 1",{"$f":"IF($C88=\"S\",ROUND(IF(TIPOORCAMENTO=\"Proposto\",ORÇAMENTO.CustoUnitario*(1+$AH88),ORÇAMENTO.PrecoUnitarioLicitado),15-13*$AF$10),0)","v":0},{"$f":"IF($C88=\"S\",IF(OR(Import.TipoArredondamento<>\"TransfereGOV\",ACOMPANHAMENTO=\"BM\"),VTOTAL1,SUM(OFFSET(CÁLCULO!$AI$15,ROW($X88)-ROW($X$15),1):OFFSET(CÁLCULO!$BB$15,ROW($X88)-ROW($X$15),-1))),IF($C88=0,0,ROUND(SomaAgrup,15-13*$AF$11)))","v":35388.57},"RA","",{"$f":"IF($C88=\"S\",IF($Z88=\"CP\",$X88,IF($Z88=\"RA\",(($X88)*QCI!$AA$3),0)),SomaAgrup)","v":11036.136758830944},0,{"$f":"IF($N88=\"\",\" \",\nIF(AND($C88<>\"S\",OR($R88=\"\",$R88=\"(digite a descrição aqui)\")),\"DESCRIÇÃO\",\nIF(AND($C88=\"S\",OR($Q88<>0,$T88>0,$U88>0),$P88=0),\"FONTE\",\nIF(AND($C88=\"S\",$P88<>0,OR($T88>0,$U88>0),$Q88=0),\"CÓDIGO\",\nIF(AND($C88=\"S\",$P88<>0,$Q88<>0,$R88=\"(Código não identificado nas referências)\"),\"CÓDIGO N/ID\",\nIF(AND($C88=\"S\",OR($R88=\"\",$R88=\"(digite a descrição aqui)\"),OR($Q88<>0,$T88>0,$U88>0)),\"DESCRIÇÃO\",\nIF(AND($C88=\"S\",$P88<>0,$Q88<>0,$S88=\"\"),\"UNIDADE\",\nIF(AND($C88=\"S\",$P88<>0,$Q88<>0,$U88=0),\"SEM CUSTO\",\nIF(AND(TIPOORCAMENTO=\"Licitado\",$AL88=0,$AN88>0),\"SEM PREÇO\",\nIF(AND($C88=\"S\",$P88<>0,$Q88<>0,$U88>0,$V88=0),\"BDI\",\nIF(OR(AND(TIPOORCAMENTO=\"Proposto\",$AG88<>\"\",$AG88>0,ORÇAMENTO.CustoUnitario>$AG88),AND(TIPOORCAMENTO=\"LICITADO\",ORÇAMENTO.PrecoUnitarioLicitado>$AN88)),\"ACIMA REF.\",\nIF(AND($C88=\"S\",$P88<>0,$Q88<>0,$T88=0,$U88>0),\"QUANT.\",\nIF(AND(Import.TipoArredondamento=\"TransfereGOV\",$L88=\"F\",$C88=\"S\",LEN($Q88)>13),\"Código >13\",\nIF(AND(Import.TipoArredondamento=\"TransfereGOV\",$L88=\"F\",$C88<>\"S\",LEN($R88)>100),\"Descrição >100\",\nIF(AND(Import.TipoArredondamento=\"TransfereGOV\",$L88=\"F\",$C88=\"S\",LEN($R88)>500),\"Descrição >500\",\nIF(AND(Import.TipoArredondamento=\"TransfereGOV\",$L88=\"F\",$C88=\"S\",LEFT(TRIM(UPPER($P88)),6)<>\"SINAPI\",ISNA(VLOOKUP(TRIM(UPPER($S88)),ListaTgov.Unidades,1,FALSE))),\"Unid. Não Disp\",\n\" \"))))))))))))))))","v":" "},{"$f":"IF(C88<=CRONO.NivelExibicao,MAX($AD$15:OFFSET(AD88,-1,0))+IF($C88<>1,1,MAX(1,COUNTIF(QCI!$A$13:$A$24,OFFSET($E88,-1,0)))),\"\")","v":11},{"$f":"IF(AND($C88=\"S\",ORÇAMENTO.CodBarra<>\"\"),IF(ORÇAMENTO.Fonte=\"\",ORÇAMENTO.CodBarra,CONCATENATE(ORÇAMENTO.Fonte,\" \",ORÇAMENTO.CodBarra)))","v":false},{"$f":"IF(ISERROR(INDIRECT(ORÇAMENTO.BancoRef)),\"(abra o arquivo 'Referência \"&Excel_BuiltIn_Database&\".xlsm)\",IF(OR($C88<>\"S\",ORÇAMENTO.CodBarra=\"\"),\"(Sem Código)\",IF(ISERROR(MATCH($AE88,INDIRECT(ORÇAMENTO.BancoRef),0)),\"(Código não identificado nas referências)\",MATCH($AE88,INDIRECT(ORÇAMENTO.BancoRef),0))))","v":"(Sem Código)"},{"$f":"ROUND(IF(DESONERACAO=\"sim\",REFERENCIA.Desonerado,REFERENCIA.NaoDesonerado),2)","v":0},0.23380000000000001,null,null,null,null,35388.57,0]
["S",2,"S",0,{"$f":"IF($C89=1,OFFSET(E89,-1,0)+MAX(1,COUNTIF(QCI!$A$13:$A$24,OFFSET(ORÇAMENTO!E89,-1,0))),OFFSET(E89,-1,0))","v":1},10,0,0,1,0,{"$f":"IF(OR($C89=\"S\",$C89=0),0,MATCH(OFFSET($D89,0,$C89)+IF($C89<>1,1,COUNTIF(QCI!$A$13:$A$24,ORÇAMENTO!E89)),OFFSET($D89,1,$C89,ROW($C$110)-ROW($C89)),0))","v":0},"F","Serviço","Serviço","1.10.1.","Composição","IUP30001",{"$f":"IF($C89=\"S\",REFERENCIA.Descricao,\"(digite a descrição aqui)\")","v":"Meio-fio com sarjeta, concreto fck=20 MPa, seção 615 cm², moldado no local, inclusive escavação e pintura a cal em uma demão"},"M",{"$f":"OFFSET(CÁLCULO!H$15,ROW($T89)-ROW(T$15),0)","v":533.88},51.16,"BDI 1",{"$f":"IF($C89=\"S\",ROUND(IF(TIPOORCAMENTO=\"Proposto\",ORÇAMENTO.CustoUnitario*(1+$AH89),ORÇAMENTO.PrecoUnitarioLicitado),15-13*$AF$10),0)","v":63.12},{"$f":"IF($C89=\"S\",IF(OR(Import.TipoArredondamento<>\"TransfereGOV\",ACOMPANHAMENTO=\"BM\"),VTOTAL1,SUM(OFFSET(CÁLCULO!$AI$15,ROW($X89)-ROW($X$15),1):OFFSET(CÁLCULO!$BB$15,ROW($X89)-ROW($X$15),-1))),IF($C89=0,0,ROUND(SomaAgrup,15-13*$AF$11)))","v":33698.51},"RA","RA",{"$f":"IF($C89=\"S\",IF($Z89=\"CP\",$X89,IF($Z89=\"RA\",(($X89)*QCI!$AA$3),0)),SomaAgrup)","v":10509.081461297592},0,{"$f":"IF($N89=\"\",\" \",\nIF(AND($C89<>\"S\",OR($R89=\"\",$R89=\"(digite a descrição aqui)\")),\"DESCRIÇÃO\",\nIF(AND($C89=\"S\",OR($Q89<>0,$T89>0,$U89>0),$P89=0),\"FONTE\",\nIF(AND($C89=\"S\",$P89<>0,OR($T89>0,$U89>0),$Q89=0),\"CÓDIGO\",\nIF(AND($C89=\"S\",$P89<>0,$Q89<>0,$R89=\"(Código não identificado nas referências)\"),\"CÓDIGO N/ID\",\nIF(AND($C89=\"S\",OR($R89=\"\",$R89=\"(digite a descrição aqui)\"),OR($Q89<>0,$T89>0,$U89>0)),\"DESCRIÇÃO\",\nIF(AND($C89=\"S\",$P89<>0,$Q89<>0,$S89=\"\"),\"UNIDADE\",\nIF(AND($C89=\"S\",$P89<>0,$Q89<>0,$U89=0),\"SEM CUSTO\",\nIF(AND(TIPOORCAMENTO=\"Licitado\",$AL89=0,$AN89>0),\"SEM PREÇO\",\nIF(AND($C89=\"S\",$P89<>0,$Q89<>0,$U89>0,$V89=0),\"BDI\",\nIF(OR(AND(TIPOORCAMENTO=\"Proposto\",$AG89<>\"\",$AG89>0,ORÇAMENTO.CustoUnitario>$AG89),AND(TIPOORCAMENTO=\"LICITADO\",ORÇAMENTO.PrecoUnitarioLicitado>$AN89)),\"ACIMA REF.\",\nIF(AND($C89=\"S\",$P89<>0,$Q89<>0,$T89=0,$U89>0),\"QUANT.\",\nIF(AND(Import.TipoArredondamento=\"TransfereGOV\",$L89=\"F\",$C89=\"S\",LEN($Q89)>13),\"Código >13\",\nIF(AND(Import.TipoArredondamento=\"TransfereGOV\",$L89=\"F\",$C89<>\"S\",LEN($R89)>100),\"Descrição >100\",\nIF(AND(Import.TipoArredondamento=\"TransfereGOV\",$L89=\"F\",$C89=\"S\",LEN($R89)>500),\"Descrição >500\",\nIF(AND(Import.TipoArredondamento=\"TransfereGOV\",$L89=\"F\",$C89=\"S\",LEFT(TRIM(UPPER($P89)),6)<>\"SINAPI\",ISNA(VLOOKUP(TRIM(UPPER($S89)),ListaTgov.Unidades,1,FALSE))),\"Unid. Não Disp\",\n\" \"))))))))))))))))","v":" "},{"$f":"IF(C89<=CRONO.NivelExibicao,MAX($AD$15:OFFSET(AD89,-1,0))+IF($C89<>1,1,MAX(1,COUNTIF(QCI!$A$13:$A$24,OFFSET($E89,-1,0)))),\"\")","v":""},{"$f":"IF(AND($C89=\"S\",ORÇAMENTO.CodBarra<>\"\"),IF(ORÇAMENTO.Fonte=\"\",ORÇAMENTO.CodBarra,CONCATENATE(ORÇAMENTO.Fonte,\" \",ORÇAMENTO.CodBarra)))","v":"Composição IUP30001"},{"$f":"IF(ISERROR(INDIRECT(ORÇAMENTO.BancoRef)),\"(abra o arquivo 'Referência \"&Excel_BuiltIn_Database&\".xlsm)\",IF(OR($C89<>\"S\",ORÇAMENTO.CodBarra=\"\"),\"(Sem Código)\",IF(ISERROR(MATCH($AE89,INDIRECT(ORÇAMENTO.BancoRef),0)),\"(Código não identificado nas referências)\",MATCH($AE89,INDIRECT(ORÇAMENTO.BancoRef),0))))","v":18},{"$f":"ROUND(IF(DESONERACAO=\"sim\",REFERENCIA.Desonerado,REFERENCIA.NaoDesonerado),2)","v":51.16},0.23380000000000001,null,533.88,null,null,33698.51,63.12]
["S",2,"S",0,{"$f":"IF($C90=1,OFFSET(E90,-1,0)+MAX(1,COUNTIF(QCI!$A$13:$A$24,OFFSET(ORÇAMENTO!E90,-1,0))),OFFSET(E90,-1,0))","v":1},10,0,0,2,0,{"$f":"IF(OR($C90=\"S\",$C90=0),0,MATCH(OFFSET($D90,0,$C90)+IF($C90<>1,1,COUNTIF(QCI!$A$13:$A$24,ORÇAMENTO!E90)),OFFSET($D90,1,$C90,ROW($C$110)-ROW($C90)),0))","v":0},"F","Serviço","Serviço","1.10.2.","Composição","IUP30003",{"$f":"IF($C90=\"S\",REFERENCIA.Descricao,\"(digite a descrição aqui)\")","v":"Tento  (acabamento de limpa-rodas), concreto fck = 15 MPa, seção 330 cm², moldado no local, inclusive escavação"},"M",{"$f":"OFFSET(CÁLCULO!H$15,ROW($T90)-ROW(T$15),0)","v":5.9},29.04,"BDI 1",{"$f":"IF($C90=\"S\",ROUND(IF(TIPOORCAMENTO=\"Proposto\",ORÇAMENTO.CustoUnitario*(1+$AH90),ORÇAMENTO.PrecoUnitarioLicitado),15-13*$AF$10),0)","v":35.83},{"$f":"IF($C90=\"S\",IF(OR(Import.TipoArredondamento<>\"TransfereGOV\",ACOMPANHAMENTO=\"BM\"),VTOTAL1,SUM(OFFSET(CÁLCULO!$AI$15,ROW($X90)-ROW($X$15),1):OFFSET(CÁLCULO!$BB$15,ROW($X90)-ROW($X$15),-1))),IF($C90=0,0,ROUND(SomaAgrup,15-13*$AF$11)))","v":211.4},"RA","RA",{"$f":"IF($C90=\"S\",IF($Z90=\"CP\",$X90,IF($Z90=\"RA\",(($X90)*QCI!$AA$3),0)),SomaAgrup)","v":65.926351667130405},0,{"$f":"IF($N90=\"\",\" \",\nIF(AND($C90<>\"S\",OR($R90=\"\",$R90=\"(digite a descrição aqui)\")),\"DESCRIÇÃO\",\nIF(AND($C90=\"S\",OR($Q90<>0,$T90>0,$U90>0),$P90=0),\"FONTE\",\nIF(AND($C90=\"S\",$P90<>0,OR($T90>0,$U90>0),$Q90=0),\"CÓDIGO\",\nIF(AND($C90=\"S\",$P90<>0,$Q90<>0,$R90=\"(Código não identificado nas referências)\"),\"CÓDIGO N/ID\",\nIF(AND($C90=\"S\",OR($R90=\"\",$R90=\"(digite a descrição aqui)\"),OR($Q90<>0,$T90>0,$U90>0)),\"DESCRIÇÃO\",\nIF(AND($C90=\"S\",$P90<>0,$Q90<>0,$S90=\"\"),\"UNIDADE\",\nIF(AND($C90=\"S\",$P90<>0,$Q90<>0,$U90=0),\"SEM CUSTO\",\nIF(AND(TIPOORCAMENTO=\"Licitado\",$AL90=0,$AN90>0),\"SEM PREÇO\",\nIF(AND($C90=\"S\",$P90<>0,$Q90<>0,$U90>0,$V90=0),\"BDI\",\nIF(OR(AND(TIPOORCAMENTO=\"Proposto\",$AG90<>\"\",$AG90>0,ORÇAMENTO.CustoUnitario>$AG90),AND(TIPOORCAMENTO=\"LICITADO\",ORÇAMENTO.PrecoUnitarioLicitado>$AN90)),\"ACIMA REF.\",\nIF(AND($C90=\"S\",$P90<>0,$Q90<>0,$T90=0,$U90>0),\"QUANT.\",\nIF(AND(Import.TipoArredondamento=\"TransfereGOV\",$L90=\"F\",$C90=\"S\",LEN($Q90)>13),\"Código >13\",\nIF(AND(Import.TipoArredondamento=\"TransfereGOV\",$L90=\"F\",$C90<>\"S\",LEN($R90)>100),\"Descrição >100\",\nIF(AND(Import.TipoArredondamento=\"TransfereGOV\",$L90=\"F\",$C90=\"S\",LEN($R90)>500),\"Descrição >500\",\nIF(AND(Import.TipoArredondamento=\"TransfereGOV\",$L90=\"F\",$C90=\"S\",LEFT(TRIM(UPPER($P90)),6)<>\"SINAPI\",ISNA(VLOOKUP(TRIM(UPPER($S90)),ListaTgov.Unidades,1,FALSE))),\"Unid. Não Disp\",\n\" \"))))))))))))))))","v":" "},{"$f":"IF(C90<=CRONO.NivelExibicao,MAX($AD$15:OFFSET(AD90,-1,0))+IF($C90<>1,1,MAX(1,COUNTIF(QCI!$A$13:$A$24,OFFSET($E90,-1,0)))),\"\")","v":""},{"$f":"IF(AND($C90=\"S\",ORÇAMENTO.CodBarra<>\"\"),IF(ORÇAMENTO.Fonte=\"\",ORÇAMENTO.CodBarra,CONCATENATE(ORÇAMENTO.Fonte,\" \",ORÇAMENTO.CodBarra)))","v":"Composição IUP30003"},{"$f":"IF(ISERROR(INDIRECT(ORÇAMENTO.BancoRef)),\"(abra o arquivo 'Referência \"&Excel_BuiltIn_Database&\".xlsm)\",IF(OR($C90<>\"S\",ORÇAMENTO.CodBarra=\"\"),\"(Sem Código)\",IF(ISERROR(MATCH($AE90,INDIRECT(ORÇAMENTO.BancoRef),0)),\"(Código não identificado nas referências)\",MATCH($AE90,INDIRECT(ORÇAMENTO.BancoRef),0))))","v":19},{"$f":"ROUND(IF(DESONERACAO=\"sim\",REFERENCIA.Desonerado,REFERENCIA.NaoDesonerado),2)","v":29.04},0.23380000000000001,null,5.9,null,null,211.4,35.83]
["S",2,"S",0,{"$f":"IF($C91=1,OFFSET(E91,-1,0)+MAX(1,COUNTIF(QCI!$A$13:$A$24,OFFSET(ORÇAMENTO!E91,-1,0))),OFFSET(E91,-1,0))","v":1},10,0,0,3,0,{"$f":"IF(OR($C91=\"S\",$C91=0),0,MATCH(OFFSET($D91,0,$C91)+IF($C91<>1,1,COUNTIF(QCI!$A$13:$A$24,ORÇAMENTO!E91)),OFFSET($D91,1,$C91,ROW($C$110)-ROW($C91)),0))","v":0},"F","Serviço","Serviço","1.10.3.","SINAPI","95876",{"$f":"IF($C91=\"S\",REFERENCIA.Descricao,\"(digite a descrição aqui)\")","v":"TRANSPORTE COM CAMINHÃO BASCULANTE DE 14 M³, EM VIA URBANA PAVIMENTADA, DMT ATÉ 30 KM (UNIDADE: M3XKM). AF_07/2020"},{"$f":"REFERENCIA.Unidade","v":"M3XKM"},{"$f":"OFFSET(CÁLCULO!H$15,ROW($T91)-ROW(T$15),0)","v":560.1},2.14,"BDI 1",{"$f":"IF($C91=\"S\",ROUND(IF(TIPOORCAMENTO=\"Proposto\",ORÇAMENTO.CustoUnitario*(1+$AH91),ORÇAMENTO.PrecoUnitarioLicitado),15-13*$AF$10),0)","v":2.64},{"$f":"IF($C91=\"S\",IF(OR(Import.TipoArredondamento<>\"TransfereGOV\",ACOMPANHAMENTO=\"BM\"),VTOTAL1,SUM(OFFSET(CÁLCULO!$AI$15,ROW($X91)-ROW($X$15),1):OFFSET(CÁLCULO!$BB$15,ROW($X91)-ROW($X$15),-1))),IF($C91=0,0,ROUND(SomaAgrup,15-13*$AF$11)))","v":1478.66},"RA","RA",{"$f":"IF($C91=\"S\",IF($Z91=\"CP\",$X91,IF($Z91=\"RA\",(($X91)*QCI!$AA$3),0)),SomaAgrup)","v":461.1289458662207},0,{"$f":"IF($N91=\"\",\" \",\nIF(AND($C91<>\"S\",OR($R91=\"\",$R91=\"(digite a descrição aqui)\")),\"DESCRIÇÃO\",\nIF(AND($C91=\"S\",OR($Q91<>0,$T91>0,$U91>0),$P91=0),\"FONTE\",\nIF(AND($C91=\"S\",$P91<>0,OR($T91>0,$U91>0),$Q91=0),\"CÓDIGO\",\nIF(AND($C91=\"S\",$P91<>0,$Q91<>0,$R91=\"(Código não identificado nas referências)\"),\"CÓDIGO N/ID\",\nIF(AND($C91=\"S\",OR($R91=\"\",$R91=\"(digite a descrição aqui)\"),OR($Q91<>0,$T91>0,$U91>0)),\"DESCRIÇÃO\",\nIF(AND($C91=\"S\",$P91<>0,$Q91<>0,$S91=\"\"),\"UNIDADE\",\nIF(AND($C91=\"S\",$P91<>0,$Q91<>0,$U91=0),\"SEM CUSTO\",\nIF(AND(TIPOORCAMENTO=\"Licitado\",$AL91=0,$AN91>0),\"SEM PREÇO\",\nIF(AND($C91=\"S\",$P91<>0,$Q91<>0,$U91>0,$V91=0),\"BDI\",\nIF(OR(AND(TIPOORCAMENTO=\"Proposto\",$AG91<>\"\",$AG91>0,ORÇAMENTO.CustoUnitario>$AG91),AND(TIPOORCAMENTO=\"LICITADO\",ORÇAMENTO.PrecoUnitarioLicitado>$AN91)),\"ACIMA REF.\",\nIF(AND($C91=\"S\",$P91<>0,$Q91<>0,$T91=0,$U91>0),\"QUANT.\",\nIF(AND(Import.TipoArredondamento=\"TransfereGOV\",$L91=\"F\",$C91=\"S\",LEN($Q91)>13),\"Código >13\",\nIF(AND(Import.TipoArredondamento=\"TransfereGOV\",$L91=\"F\",$C91<>\"S\",LEN($R91)>100),\"Descrição >100\",\nIF(AND(Import.TipoArredondamento=\"TransfereGOV\",$L91=\"F\",$C91=\"S\",LEN($R91)>500),\"Descrição >500\",\nIF(AND(Import.TipoArredondamento=\"TransfereGOV\",$L91=\"F\",$C91=\"S\",LEFT(TRIM(UPPER($P91)),6)<>\"SINAPI\",ISNA(VLOOKUP(TRIM(UPPER($S91)),ListaTgov.Unidades,1,FALSE))),\"Unid. Não Disp\",\n\" \"))))))))))))))))","v":" "},{"$f":"IF(C91<=CRONO.NivelExibicao,MAX($AD$15:OFFSET(AD91,-1,0))+IF($C91<>1,1,MAX(1,COUNTIF(QCI!$A$13:$A$24,OFFSET($E91,-1,0)))),\"\")","v":""},{"$f":"IF(AND($C91=\"S\",ORÇAMENTO.CodBarra<>\"\"),IF(ORÇAMENTO.Fonte=\"\",ORÇAMENTO.CodBarra,CONCATENATE(ORÇAMENTO.Fonte,\" \",ORÇAMENTO.CodBarra)))","v":"SINAPI 95876"},{"$f":"IF(ISERROR(INDIRECT(ORÇAMENTO.BancoRef)),\"(abra o arquivo 'Referência \"&Excel_BuiltIn_Database&\".xlsm)\",IF(OR($C91<>\"S\",ORÇAMENTO.CodBarra=\"\"),\"(Sem Código)\",IF(ISERROR(MATCH($AE91,INDIRECT(ORÇAMENTO.BancoRef),0)),\"(Código não identificado nas referências)\",MATCH($AE91,INDIRECT(ORÇAMENTO.BancoRef),0))))","v":15401},{"$f":"ROUND(IF(DESONERACAO=\"sim\",REFERENCIA.Desonerado,REFERENCIA.NaoDesonerado),2)","v":2.14},0.23380000000000001,null,{"$f":"18.67*30","v":560.1},null,null,1478.66,2.64]
[2,2,2,6,{"$f":"IF($C92=1,OFFSET(E92,-1,0)+MAX(1,COUNTIF(QCI!$A$13:$A$24,OFFSET(ORÇAMENTO!E92,-1,0))),OFFSET(E92,-1,0))","v":1},11,0,0,0,18,{"$f":"IF(OR($C92=\"S\",$C92=0),0,MATCH(OFFSET($D92,0,$C92)+IF($C92<>1,1,COUNTIF(QCI!$A$13:$A$24,ORÇAMENTO!E92)),OFFSET($D92,1,$C92,ROW($C$110)-ROW($C92)),0))","v":6},"F","Nível 2","Nível 2","1.11.","SINAPI",null,"PASSEIO COM ACESSIBILIDADE",{"$f":"REFERENCIA.Unidade","v":"-"},{"$f":"OFFSET(CÁLCULO!H$15,ROW($T92)-ROW(T$15),0)","v":0},0,"BDI 1",{"$f":"IF($C92=\"S\",ROUND(IF(TIPOORCAMENTO=\"Proposto\",ORÇAMENTO.CustoUnitario*(1+$AH92),ORÇAMENTO.PrecoUnitarioLicitado),15-13*$AF$10),0)","v":0},{"$f":"IF($C92=\"S\",IF(OR(Import.TipoArredondamento<>\"TransfereGOV\",ACOMPANHAMENTO=\"BM\"),VTOTAL1,SUM(OFFSET(CÁLCULO!$AI$15,ROW($X92)-ROW($X$15),1):OFFSET(CÁLCULO!$BB$15,ROW($X92)-ROW($X$15),-1))),IF($C92=0,0,ROUND(SomaAgrup,15-13*$AF$11)))","v":2692.06},"RA","",{"$f":"IF($C92=\"S\",IF($Z92=\"CP\",$X92,IF($Z92=\"RA\",(($X92)*QCI!$AA$3),0)),SomaAgrup)","v":839.53497762069571},0,{"$f":"IF($N92=\"\",\" \",\nIF(AND($C92<>\"S\",OR($R92=\"\",$R92=\"(digite a descrição aqui)\")),\"DESCRIÇÃO\",\nIF(AND($C92=\"S\",OR($Q92<>0,$T92>0,$U92>0),$P92=0),\"FONTE\",\nIF(AND($C92=\"S\",$P92<>0,OR($T92>0,$U92>0),$Q92=0),\"CÓDIGO\",\nIF(AND($C92=\"S\",$P92<>0,$Q92<>0,$R92=\"(Código não identificado nas referências)\"),\"CÓDIGO N/ID\",\nIF(AND($C92=\"S\",OR($R92=\"\",$R92=\"(digite a descrição aqui)\"),OR($Q92<>0,$T92>0,$U92>0)),\"DESCRIÇÃO\",\nIF(AND($C92=\"S\",$P92<>0,$Q92<>0,$S92=\"\"),\"UNIDADE\",\nIF(AND($C92=\"S\",$P92<>0,$Q92<>0,$U92=0),\"SEM CUSTO\",\nIF(AND(TIPOORCAMENTO=\"Licitado\",$AL92=0,$AN92>0),\"SEM PREÇO\",\nIF(AND($C92=\"S\",$P92<>0,$Q92<>0,$U92>0,$V92=0),\"BDI\",\nIF(OR(AND(TIPOORCAMENTO=\"Proposto\",$AG92<>\"\",$AG92>0,ORÇAMENTO.CustoUnitario>$AG92),AND(TIPOORCAMENTO=\"LICITADO\",ORÇAMENTO.PrecoUnitarioLicitado>$AN92)),\"ACIMA REF.\",\nIF(AND($C92=\"S\",$P92<>0,$Q92<>0,$T92=0,$U92>0),\"QUANT.\",\nIF(AND(Import.TipoArredondamento=\"TransfereGOV\",$L92=\"F\",$C92=\"S\",LEN($Q92)>13),\"Código >13\",\nIF(AND(Import.TipoArredondamento=\"TransfereGOV\",$L92=\"F\",$C92<>\"S\",LEN($R92)>100),\"Descrição >100\",\nIF(AND(Import.TipoArredondamento=\"TransfereGOV\",$L92=\"F\",$C92=\"S\",LEN($R92)>500),\"Descrição >500\",\nIF(AND(Import.TipoArredondamento=\"TransfereGOV\",$L92=\"F\",$C92=\"S\",LEFT(TRIM(UPPER($P92)),6)<>\"SINAPI\",ISNA(VLOOKUP(TRIM(UPPER($S92)),ListaTgov.Unidades,1,FALSE))),\"Unid. Não Disp\",\n\" \"))))))))))))))))","v":" "},{"$f":"IF(C92<=CRONO.NivelExibicao,MAX($AD$15:OFFSET(AD92,-1,0))+IF($C92<>1,1,MAX(1,COUNTIF(QCI!$A$13:$A$24,OFFSET($E92,-1,0)))),\"\")","v":12},{"$f":"IF(AND($C92=\"S\",ORÇAMENTO.CodBarra<>\"\"),IF(ORÇAMENTO.Fonte=\"\",ORÇAMENTO.CodBarra,CONCATENATE(ORÇAMENTO.Fonte,\" \",ORÇAMENTO.CodBarra)))","v":false},{"$f":"IF(ISERROR(INDIRECT(ORÇAMENTO.BancoRef)),\"(abra o arquivo 'Referência \"&Excel_BuiltIn_Database&\".xlsm)\",IF(OR($C92<>\"S\",ORÇAMENTO.CodBarra=\"\"),\"(Sem Código)\",IF(ISERROR(MATCH($AE92,INDIRECT(ORÇAMENTO.BancoRef),0)),\"(Código não identificado nas referências)\",MATCH($AE92,INDIRECT(ORÇAMENTO.BancoRef),0))))","v":"(Sem Código)"},{"$f":"ROUND(IF(DESONERACAO=\"sim\",REFERENCIA.Desonerado,REFERENCIA.NaoDesonerado),2)","v":0},0.23380000000000001,null,null,null,null,2692.06,0]
["S",2,"S",0,{"$f":"IF($C93=1,OFFSET(E93,-1,0)+MAX(1,COUNTIF(QCI!$A$13:$A$24,OFFSET(ORÇAMENTO!E93,-1,0))),OFFSET(E93,-1,0))","v":1},11,0,0,1,{"$f":"IF(OR($C93=\"S\",$C93=0),0,MATCH(0,OFFSET($D93,1,$C93,ROW($C$110)-ROW($C93)),0))","v":0},{"$f":"IF(OR($C93=\"S\",$C93=0),0,MATCH(OFFSET($D93,0,$C93)+IF($C93<>1,1,COUNTIF(QCI!$A$13:$A$24,ORÇAMENTO!E93)),OFFSET($D93,1,$C93,ROW($C$110)-ROW($C93)),0))","v":0},"F","Serviço","Serviço","1.11.1.","SINAPI","94990",{"$f":"IF($C93=\"S\",REFERENCIA.Descricao,\"(digite a descrição aqui)\")","v":"EXECUÇÃO DE PASSEIO (CALÇADA) OU PISO DE CONCRETO COM CONCRETO MOLDADO IN LOCO, FEITO EM OBRA, ACABAMENTO CONVENCIONAL, NÃO ARMADO. AF_08/2022"},{"$f":"REFERENCIA.Unidade","v":"M3"},{"$f":"OFFSET(CÁLCULO!H$15,ROW($T93)-ROW(T$15),0)","v":1.93},778.8,"BDI 1",{"$f":"IF($C93=\"S\",ROUND(IF(TIPOORCAMENTO=\"Proposto\",ORÇAMENTO.CustoUnitario*(1+$AH93),ORÇAMENTO.PrecoUnitarioLicitado),15-13*$AF$10),0)","v":960.88},{"$f":"IF($C93=\"S\",IF(OR(Import.TipoArredondamento<>\"TransfereGOV\",ACOMPANHAMENTO=\"BM\"),VTOTAL1,SUM(OFFSET(CÁLCULO!$AI$15,ROW($X93)-ROW($X$15),1):OFFSET(CÁLCULO!$BB$15,ROW($X93)-ROW($X$15),-1))),IF($C93=0,0,ROUND(SomaAgrup,15-13*$AF$11)))","v":1854.5},"RA","RA",{"$f":"IF($C93=\"S\",IF($Z93=\"CP\",$X93,IF($Z93=\"RA\",(($X93)*QCI!$AA$3),0)),SomaAgrup)","v":578.33689293610848},0,{"$f":"IF($N93=\"\",\" \",\nIF(AND($C93<>\"S\",OR($R93=\"\",$R93=\"(digite a descrição aqui)\")),\"DESCRIÇÃO\",\nIF(AND($C93=\"S\",OR($Q93<>0,$T93>0,$U93>0),$P93=0),\"FONTE\",\nIF(AND($C93=\"S\",$P93<>0,OR($T93>0,$U93>0),$Q93=0),\"CÓDIGO\",\nIF(AND($C93=\"S\",$P93<>0,$Q93<>0,$R93=\"(Código não identificado nas referências)\"),\"CÓDIGO N/ID\",\nIF(AND($C93=\"S\",OR($R93=\"\",$R93=\"(digite a descrição aqui)\"),OR($Q93<>0,$T93>0,$U93>0)),\"DESCRIÇÃO\",\nIF(AND($C93=\"S\",$P93<>0,$Q93<>0,$S93=\"\"),\"UNIDADE\",\nIF(AND($C93=\"S\",$P93<>0,$Q93<>0,$U93=0),\"SEM CUSTO\",\nIF(AND(TIPOORCAMENTO=\"Licitado\",$AL93=0,$AN93>0),\"SEM PREÇO\",\nIF(AND($C93=\"S\",$P93<>0,$Q93<>0,$U93>0,$V93=0),\"BDI\",\nIF(OR(AND(TIPOORCAMENTO=\"Proposto\",$AG93<>\"\",$AG93>0,ORÇAMENTO.CustoUnitario>$AG93),AND(TIPOORCAMENTO=\"LICITADO\",ORÇAMENTO.PrecoUnitarioLicitado>$AN93)),\"ACIMA REF.\",\nIF(AND($C93=\"S\",$P93<>0,$Q93<>0,$T93=0,$U93>0),\"QUANT.\",\nIF(AND(Import.TipoArredondamento=\"TransfereGOV\",$L93=\"F\",$C93=\"S\",LEN($Q93)>13),\"Código >13\",\nIF(AND(Import.TipoArredondamento=\"TransfereGOV\",$L93=\"F\",$C93<>\"S\",LEN($R93)>100),\"Descrição >100\",\nIF(AND(Import.TipoArredondamento=\"TransfereGOV\",$L93=\"F\",$C93=\"S\",LEN($R93)>500),\"Descrição >500\",\nIF(AND(Import.TipoArredondamento=\"TransfereGOV\",$L93=\"F\",$C93=\"S\",LEFT(TRIM(UPPER($P93)),6)<>\"SINAPI\",ISNA(VLOOKUP(TRIM(UPPER($S93)),ListaTgov.Unidades,1,FALSE))),\"Unid. Não Disp\",\n\" \"))))))))))))))))","v":" "},{"$f":"IF(C93<=CRONO.NivelExibicao,MAX($AD$15:OFFSET(AD93,-1,0))+IF($C93<>1,1,MAX(1,COUNTIF(QCI!$A$13:$A$24,OFFSET($E93,-1,0)))),\"\")","v":""},{"$f":"IF(AND($C93=\"S\",ORÇAMENTO.CodBarra<>\"\"),IF(ORÇAMENTO.Fonte=\"\",ORÇAMENTO.CodBarra,CONCATENATE(ORÇAMENTO.Fonte,\" \",ORÇAMENTO.CodBarra)))","v":"SINAPI 94990"},{"$f":"IF(ISERROR(INDIRECT(ORÇAMENTO.BancoRef)),\"(abra o arquivo 'Referência \"&Excel_BuiltIn_Database&\".xlsm)\",IF(OR($C93<>\"S\",ORÇAMENTO.CodBarra=\"\"),\"(Sem Código)\",IF(ISERROR(MATCH($AE93,INDIRECT(ORÇAMENTO.BancoRef),0)),\"(Código não identificado nas referências)\",MATCH($AE93,INDIRECT(ORÇAMENTO.BancoRef),0))))","v":13693},{"$f":"ROUND(IF(DESONERACAO=\"sim\",REFERENCIA.Desonerado,REFERENCIA.NaoDesonerado),2)","v":778.8},0.23380000000000001,null,1.93,null,null,1854.5,960.88]
["S",2,"S",0,{"$f":"IF($C94=1,OFFSET(E94,-1,0)+MAX(1,COUNTIF(QCI!$A$13:$A$24,OFFSET(ORÇAMENTO!E94,-1,0))),OFFSET(E94,-1,0))","v":1},11,0,0,2,0,{"$f":"IF(OR($C94=\"S\",$C94=0),0,MATCH(OFFSET($D94,0,$C94)+IF($C94<>1,1,COUNTIF(QCI!$A$13:$A$24,ORÇAMENTO!E94)),OFFSET($D94,1,$C94,ROW($C$110)-ROW($C94)),0))","v":0},"F","Serviço","Serviço","1.11.2.","SINAPI","95876",{"$f":"IF($C94=\"S\",REFERENCIA.Descricao,\"(digite a descrição aqui)\")","v":"TRANSPORTE COM CAMINHÃO BASCULANTE DE 14 M³, EM VIA URBANA PAVIMENTADA, DMT ATÉ 30 KM (UNIDADE: M3XKM). AF_07/2020"},{"$f":"REFERENCIA.Unidade","v":"M3XKM"},{"$f":"OFFSET(CÁLCULO!H$15,ROW($T94)-ROW(T$15),0)","v":57.9},2.14,"BDI 1",{"$f":"IF($C94=\"S\",ROUND(IF(TIPOORCAMENTO=\"Proposto\",ORÇAMENTO.CustoUnitario*(1+$AH94),ORÇAMENTO.PrecoUnitarioLicitado),15-13*$AF$10),0)","v":2.64},{"$f":"IF($C94=\"S\",IF(OR(Import.TipoArredondamento<>\"TransfereGOV\",ACOMPANHAMENTO=\"BM\"),VTOTAL1,SUM(OFFSET(CÁLCULO!$AI$15,ROW($X94)-ROW($X$15),1):OFFSET(CÁLCULO!$BB$15,ROW($X94)-ROW($X$15),-1))),IF($C94=0,0,ROUND(SomaAgrup,15-13*$AF$11)))","v":152.86000000000001},"RA","RA",{"$f":"IF($C94=\"S\",IF($Z94=\"CP\",$X94,IF($Z94=\"RA\",(($X94)*QCI!$AA$3),0)),SomaAgrup)","v":47.670303291568374},0,{"$f":"IF($N94=\"\",\" \",\nIF(AND($C94<>\"S\",OR($R94=\"\",$R94=\"(digite a descrição aqui)\")),\"DESCRIÇÃO\",\nIF(AND($C94=\"S\",OR($Q94<>0,$T94>0,$U94>0),$P94=0),\"FONTE\",\nIF(AND($C94=\"S\",$P94<>0,OR($T94>0,$U94>0),$Q94=0),\"CÓDIGO\",\nIF(AND($C94=\"S\",$P94<>0,$Q94<>0,$R94=\"(Código não identificado nas referências)\"),\"CÓDIGO N/ID\",\nIF(AND($C94=\"S\",OR($R94=\"\",$R94=\"(digite a descrição aqui)\"),OR($Q94<>0,$T94>0,$U94>0)),\"DESCRIÇÃO\",\nIF(AND($C94=\"S\",$P94<>0,$Q94<>0,$S94=\"\"),\"UNIDADE\",\nIF(AND($C94=\"S\",$P94<>0,$Q94<>0,$U94=0),\"SEM CUSTO\",\nIF(AND(TIPOORCAMENTO=\"Licitado\",$AL94=0,$AN94>0),\"SEM PREÇO\",\nIF(AND($C94=\"S\",$P94<>0,$Q94<>0,$U94>0,$V94=0),\"BDI\",\nIF(OR(AND(TIPOORCAMENTO=\"Proposto\",$AG94<>\"\",$AG94>0,ORÇAMENTO.CustoUnitario>$AG94),AND(TIPOORCAMENTO=\"LICITADO\",ORÇAMENTO.PrecoUnitarioLicitado>$AN94)),\"ACIMA REF.\",\nIF(AND($C94=\"S\",$P94<>0,$Q94<>0,$T94=0,$U94>0),\"QUANT.\",\nIF(AND(Import.TipoArredondamento=\"TransfereGOV\",$L94=\"F\",$C94=\"S\",LEN($Q94)>13),\"Código >13\",\nIF(AND(Import.TipoArredondamento=\"TransfereGOV\",$L94=\"F\",$C94<>\"S\",LEN($R94)>100),\"Descrição >100\",\nIF(AND(Import.TipoArredondamento=\"TransfereGOV\",$L94=\"F\",$C94=\"S\",LEN($R94)>500),\"Descrição >500\",\nIF(AND(Import.TipoArredondamento=\"TransfereGOV\",$L94=\"F\",$C94=\"S\",LEFT(TRIM(UPPER($P94)),6)<>\"SINAPI\",ISNA(VLOOKUP(TRIM(UPPER($S94)),ListaTgov.Unidades,1,FALSE))),\"Unid. Não Disp\",\n\" \"))))))))))))))))","v":" "},{"$f":"IF(C94<=CRONO.NivelExibicao,MAX($AD$15:OFFSET(AD94,-1,0))+IF($C94<>1,1,MAX(1,COUNTIF(QCI!$A$13:$A$24,OFFSET($E94,-1,0)))),\"\")","v":""},{"$f":"IF(AND($C94=\"S\",ORÇAMENTO.CodBarra<>\"\"),IF(ORÇAMENTO.Fonte=\"\",ORÇAMENTO.CodBarra,CONCATENATE(ORÇAMENTO.Fonte,\" \",ORÇAMENTO.CodBarra)))","v":"SINAPI 95876"},{"$f":"IF(ISERROR(INDIRECT(ORÇAMENTO.BancoRef)),\"(abra o arquivo 'Referência \"&Excel_BuiltIn_Database&\".xlsm)\",IF(OR($C94<>\"S\",ORÇAMENTO.CodBarra=\"\"),\"(Sem Código)\",IF(ISERROR(MATCH($AE94,INDIRECT(ORÇAMENTO.BancoRef),0)),\"(Código não identificado nas referências)\",MATCH($AE94,INDIRECT(ORÇAMENTO.BancoRef),0))))","v":15401},{"$f":"ROUND(IF(DESONERACAO=\"sim\",REFERENCIA.Desonerado,REFERENCIA.NaoDesonerado),2)","v":2.14},0.23380000000000001,null,{"$f":"AJ93*30","v":57.9},null,null,152.86000000000001,2.64]
["S",2,"S",0,{"$f":"IF($C95=1,OFFSET(E95,-1,0)+MAX(1,COUNTIF(QCI!$A$13:$A$24,OFFSET(ORÇAMENTO!E95,-1,0))),OFFSET(E95,-1,0))","v":1},11,0,0,3,0,{"$f":"IF(OR($C95=\"S\",$C95=0),0,MATCH(OFFSET($D95,0,$C95)+IF($C95<>1,1,COUNTIF(QCI!$A$13:$A$24,ORÇAMENTO!E95)),OFFSET($D95,1,$C95,ROW($C$110)-ROW($C95)),0))","v":0},"F","Serviço","Serviço","1.11.3.","Composição","IUP30008",{"$f":"IF($C95=\"S\",REFERENCIA.Descricao,\"(digite a descrição aqui)\")","v":"Piso tátil direcional e de alerta com ladrilho hidráulico de 20x20x2,0 cm, em concreto simples fck = 35MPa (NBR 9050 e com o Decreto 5296), incluindo fornecimento e assentamento com argamassa ou cimento colante sobre coxim preparado no piso rústico"},"M",{"$f":"OFFSET(CÁLCULO!H$15,ROW($T95)-ROW(T$15),0)","v":18},29.73,"BDI 1",{"$f":"IF($C95=\"S\",ROUND(IF(TIPOORCAMENTO=\"Proposto\",ORÇAMENTO.CustoUnitario*(1+$AH95),ORÇAMENTO.PrecoUnitarioLicitado),15-13*$AF$10),0)","v":36.68},{"$f":"IF($C95=\"S\",IF(OR(Import.TipoArredondamento<>\"TransfereGOV\",ACOMPANHAMENTO=\"BM\"),VTOTAL1,SUM(OFFSET(CÁLCULO!$AI$15,ROW($X95)-ROW($X$15),1):OFFSET(CÁLCULO!$BB$15,ROW($X95)-ROW($X$15),-1))),IF($C95=0,0,ROUND(SomaAgrup,15-13*$AF$11)))","v":660.24},"RA","RA",{"$f":"IF($C95=\"S\",IF($Z95=\"CP\",$X95,IF($Z95=\"RA\",(($X95)*QCI!$AA$3),0)),SomaAgrup)","v":205.89978441204437},0,{"$f":"IF($N95=\"\",\" \",\nIF(AND($C95<>\"S\",OR($R95=\"\",$R95=\"(digite a descrição aqui)\")),\"DESCRIÇÃO\",\nIF(AND($C95=\"S\",OR($Q95<>0,$T95>0,$U95>0),$P95=0),\"FONTE\",\nIF(AND($C95=\"S\",$P95<>0,OR($T95>0,$U95>0),$Q95=0),\"CÓDIGO\",\nIF(AND($C95=\"S\",$P95<>0,$Q95<>0,$R95=\"(Código não identificado nas referências)\"),\"CÓDIGO N/ID\",\nIF(AND($C95=\"S\",OR($R95=\"\",$R95=\"(digite a descrição aqui)\"),OR($Q95<>0,$T95>0,$U95>0)),\"DESCRIÇÃO\",\nIF(AND($C95=\"S\",$P95<>0,$Q95<>0,$S95=\"\"),\"UNIDADE\",\nIF(AND($C95=\"S\",$P95<>0,$Q95<>0,$U95=0),\"SEM CUSTO\",\nIF(AND(TIPOORCAMENTO=\"Licitado\",$AL95=0,$AN95>0),\"SEM PREÇO\",\nIF(AND($C95=\"S\",$P95<>0,$Q95<>0,$U95>0,$V95=0),\"BDI\",\nIF(OR(AND(TIPOORCAMENTO=\"Proposto\",$AG95<>\"\",$AG95>0,ORÇAMENTO.CustoUnitario>$AG95),AND(TIPOORCAMENTO=\"LICITADO\",ORÇAMENTO.PrecoUnitarioLicitado>$AN95)),\"ACIMA REF.\",\nIF(AND($C95=\"S\",$P95<>0,$Q95<>0,$T95=0,$U95>0),\"QUANT.\",\nIF(AND(Import.TipoArredondamento=\"TransfereGOV\",$L95=\"F\",$C95=\"S\",LEN($Q95)>13),\"Código >13\",\nIF(AND(Import.TipoArredondamento=\"TransfereGOV\",$L95=\"F\",$C95<>\"S\",LEN($R95)>100),\"Descrição >100\",\nIF(AND(Import.TipoArredondamento=\"TransfereGOV\",$L95=\"F\",$C95=\"S\",LEN($R95)>500),\"Descrição >500\",\nIF(AND(Import.TipoArredondamento=\"TransfereGOV\",$L95=\"F\",$C95=\"S\",LEFT(TRIM(UPPER($P95)),6)<>\"SINAPI\",ISNA(VLOOKUP(TRIM(UPPER($S95)),ListaTgov.Unidades,1,FALSE))),\"Unid. Não Disp\",\n\" \"))))))))))))))))","v":" "},{"$f":"IF(C95<=CRONO.NivelExibicao,MAX($AD$15:OFFSET(AD95,-1,0))+IF($C95<>1,1,MAX(1,COUNTIF(QCI!$A$13:$A$24,OFFSET($E95,-1,0)))),\"\")","v":""},{"$f":"IF(AND($C95=\"S\",ORÇAMENTO.CodBarra<>\"\"),IF(ORÇAMENTO.Fonte=\"\",ORÇAMENTO.CodBarra,CONCATENATE(ORÇAMENTO.Fonte,\" \",ORÇAMENTO.CodBarra)))","v":"Composição IUP30008"},{"$f":"IF(ISERROR(INDIRECT(ORÇAMENTO.BancoRef)),\"(abra o arquivo 'Referência \"&Excel_BuiltIn_Database&\".xlsm)\",IF(OR($C95<>\"S\",ORÇAMENTO.CodBarra=\"\"),\"(Sem Código)\",IF(ISERROR(MATCH($AE95,INDIRECT(ORÇAMENTO.BancoRef),0)),\"(Código não identificado nas referências)\",MATCH($AE95,INDIRECT(ORÇAMENTO.BancoRef),0))))","v":20},{"$f":"ROUND(IF(DESONERACAO=\"sim\",REFERENCIA.Desonerado,REFERENCIA.NaoDesonerado),2)","v":29.73},0.23380000000000001,null,18,null,null,660.24,36.68]
["S",2,"S",0,{"$f":"IF($C96=1,OFFSET(E96,-1,0)+MAX(1,COUNTIF(QCI!$A$13:$A$24,OFFSET(ORÇAMENTO!E96,-1,0))),OFFSET(E96,-1,0))","v":1},11,0,0,4,0,{"$f":"IF(OR($C96=\"S\",$C96=0),0,MATCH(OFFSET($D96,0,$C96)+IF($C96<>1,1,COUNTIF(QCI!$A$13:$A$24,ORÇAMENTO!E96)),OFFSET($D96,1,$C96,ROW($C$110)-ROW($C96)),0))","v":0},"F","Serviço","Serviço","1.11.4.","SINAPI","100947",{"$f":"IF($C96=\"S\",REFERENCIA.Descricao,\"(digite a descrição aqui)\")","v":"TRANSPORTE COM CAMINHÃO CARROCERIA 9T, EM VIA URBANA PAVIMENTADA, DMT ATÉ 30KM (UNIDADE: TXKM). AF_07/2020"},{"$f":"REFERENCIA.Unidade","v":"TXKM"},{"$f":"OFFSET(CÁLCULO!H$15,ROW($T96)-ROW(T$15),0)","v":5.4},2.23,"BDI 1",{"$f":"IF($C96=\"S\",ROUND(IF(TIPOORCAMENTO=\"Proposto\",ORÇAMENTO.CustoUnitario*(1+$AH96),ORÇAMENTO.PrecoUnitarioLicitado),15-13*$AF$10),0)","v":2.75},{"$f":"IF($C96=\"S\",IF(OR(Import.TipoArredondamento<>\"TransfereGOV\",ACOMPANHAMENTO=\"BM\"),VTOTAL1,SUM(OFFSET(CÁLCULO!$AI$15,ROW($X96)-ROW($X$15),1):OFFSET(CÁLCULO!$BB$15,ROW($X96)-ROW($X$15),-1))),IF($C96=0,0,ROUND(SomaAgrup,15-13*$AF$11)))","v":14.85},"RA","RA",{"$f":"IF($C96=\"S\",IF($Z96=\"CP\",$X96,IF($Z96=\"RA\",(($X96)*QCI!$AA$3),0)),SomaAgrup)","v":4.6310611270429822},0,{"$f":"IF($N96=\"\",\" \",\nIF(AND($C96<>\"S\",OR($R96=\"\",$R96=\"(digite a descrição aqui)\")),\"DESCRIÇÃO\",\nIF(AND($C96=\"S\",OR($Q96<>0,$T96>0,$U96>0),$P96=0),\"FONTE\",\nIF(AND($C96=\"S\",$P96<>0,OR($T96>0,$U96>0),$Q96=0),\"CÓDIGO\",\nIF(AND($C96=\"S\",$P96<>0,$Q96<>0,$R96=\"(Código não identificado nas referências)\"),\"CÓDIGO N/ID\",\nIF(AND($C96=\"S\",OR($R96=\"\",$R96=\"(digite a descrição aqui)\"),OR($Q96<>0,$T96>0,$U96>0)),\"DESCRIÇÃO\",\nIF(AND($C96=\"S\",$P96<>0,$Q96<>0,$S96=\"\"),\"UNIDADE\",\nIF(AND($C96=\"S\",$P96<>0,$Q96<>0,$U96=0),\"SEM CUSTO\",\nIF(AND(TIPOORCAMENTO=\"Licitado\",$AL96=0,$AN96>0),\"SEM PREÇO\",\nIF(AND($C96=\"S\",$P96<>0,$Q96<>0,$U96>0,$V96=0),\"BDI\",\nIF(OR(AND(TIPOORCAMENTO=\"Proposto\",$AG96<>\"\",$AG96>0,ORÇAMENTO.CustoUnitario>$AG96),AND(TIPOORCAMENTO=\"LICITADO\",ORÇAMENTO.PrecoUnitarioLicitado>$AN96)),\"ACIMA REF.\",\nIF(AND($C96=\"S\",$P96<>0,$Q96<>0,$T96=0,$U96>0),\"QUANT.\",\nIF(AND(Import.TipoArredondamento=\"TransfereGOV\",$L96=\"F\",$C96=\"S\",LEN($Q96)>13),\"Código >13\",\nIF(AND(Import.TipoArredondamento=\"TransfereGOV\",$L96=\"F\",$C96<>\"S\",LEN($R96)>100),\"Descrição >100\",\nIF(AND(Import.TipoArredondamento=\"TransfereGOV\",$L96=\"F\",$C96=\"S\",LEN($R96)>500),\"Descrição >500\",\nIF(AND(Import.TipoArredondamento=\"TransfereGOV\",$L96=\"F\",$C96=\"S\",LEFT(TRIM(UPPER($P96)),6)<>\"SINAPI\",ISNA(VLOOKUP(TRIM(UPPER($S96)),ListaTgov.Unidades,1,FALSE))),\"Unid. Não Disp\",\n\" \"))))))))))))))))","v":" "},{"$f":"IF(C96<=CRONO.NivelExibicao,MAX($AD$15:OFFSET(AD96,-1,0))+IF($C96<>1,1,MAX(1,COUNTIF(QCI!$A$13:$A$24,OFFSET($E96,-1,0)))),\"\")","v":""},{"$f":"IF(AND($C96=\"S\",ORÇAMENTO.CodBarra<>\"\"),IF(ORÇAMENTO.Fonte=\"\",ORÇAMENTO.CodBarra,CONCATENATE(ORÇAMENTO.Fonte,\" \",ORÇAMENTO.CodBarra)))","v":"SINAPI 100947"},{"$f":"IF(ISERROR(INDIRECT(ORÇAMENTO.BancoRef)),\"(abra o arquivo 'Referência \"&Excel_BuiltIn_Database&\".xlsm)\",IF(OR($C96<>\"S\",ORÇAMENTO.CodBarra=\"\"),\"(Sem Código)\",IF(ISERROR(MATCH($AE96,INDIRECT(ORÇAMENTO.BancoRef),0)),\"(Código não identificado nas referências)\",MATCH($AE96,INDIRECT(ORÇAMENTO.BancoRef),0))))","v":15427},{"$f":"ROUND(IF(DESONERACAO=\"sim\",REFERENCIA.Desonerado,REFERENCIA.NaoDesonerado),2)","v":2.23},0.23380000000000001,null,{"$f":"0.18*30","v":5.3999999999999995},null,null,14.85,2.75]
[{"$f":"CHOOSE(1+LOG(1+2*(ORÇAMENTO.Nivel=\"Meta\")+4*(ORÇAMENTO.Nivel=\"Nível 2\")+8*(ORÇAMENTO.Nivel=\"Nível 3\")+16*(ORÇAMENTO.Nivel=\"Nível 4\")+32*(ORÇAMENTO.Nivel=\"Serviço\"),2),0,1,2,3,4,\"S\")","v":"S"},{"$f":"IF(OR(C97=\"s\",C97=0),OFFSET(B97,-1,0),C97)","v":2},{"$f":"IF(OFFSET(C97,-1,0)=\"L\",1,IF(OFFSET(C97,-1,0)=1,2,IF(OR(A97=\"s\",A97=0),\"S\",IF(AND(OFFSET(C97,-1,0)=2,A97=4),3,IF(AND(OR(OFFSET(C97,-1,0)=\"s\",OFFSET(C97,-1,0)=0),A97<>\"s\",A97>OFFSET(B97,-1,0)),OFFSET(B97,-1,0),A97)))))","v":"S"},{"$f":"IF(OR(C97=\"S\",C97=0),0,IF(ISERROR(K97),J97,SMALL(J97:K97,1)))","v":0},{"$f":"IF($C97=1,OFFSET(E97,-1,0)+MAX(1,COUNTIF(QCI!$A$13:$A$24,OFFSET(ORÇAMENTO!E97,-1,0))),OFFSET(E97,-1,0))","v":1},{"$f":"IF($C97=1,0,IF($C97=2,OFFSET(F97,-1,0)+1,OFFSET(F97,-1,0)))","v":11},{"$f":"IF(AND($C97<=2,$C97<>0),0,IF($C97=3,OFFSET(G97,-1,0)+1,OFFSET(G97,-1,0)))","v":0},{"$f":"IF(AND($C97<=3,$C97<>0),0,IF($C97=4,OFFSET(H97,-1,0)+1,OFFSET(H97,-1,0)))","v":0},{"$f":"IF(AND($C97<=4,$C97<>0),0,IF(AND($C97=\"S\",$X97>0),OFFSET(I97,-1,0)+1,OFFSET(I97,-1,0)))","v":5},{"$f":"IF(OR($C97=\"S\",$C97=0),0,MATCH(0,OFFSET($D97,1,$C97,ROW($C$110)-ROW($C97)),0))","v":0},{"$f":"IF(OR($C97=\"S\",$C97=0),0,MATCH(OFFSET($D97,0,$C97)+IF($C97<>1,1,COUNTIF(QCI!$A$13:$A$24,ORÇAMENTO!E97)),OFFSET($D97,1,$C97,ROW($C$110)-ROW($C97)),0))","v":0},{"$f":"IF(OR($X97>0,$C97=1,$C97=2,$C97=3,$C97=4),\"F\",\"\")","v":"F"},"Serviço",{"$f":"CHOOSE(1+LOG(1+2*(C97=1)+4*(C97=2)+8*(C97=3)+16*(C97=4)+32*(C97=\"S\"),2),\"\",\"Meta\",\"Nível 2\",\"Nível 3\",\"Nível 4\",\"Serviço\")","v":"Serviço"},{"$f":"IF(OR($C97=0,$L97=\"\"),\"-\",CONCATENATE(E97&\".\",IF(AND($A$5>=2,$C97>=2),F97&\".\",\"\"),IF(AND($A$5>=3,$C97>=3),G97&\".\",\"\"),IF(AND($A$5>=4,$C97>=4),H97&\".\",\"\"),IF($C97=\"S\",I97&\".\",\"\")))","v":"1.11.5."},"SINAPI","100948",{"$f":"IF($C97=\"S\",REFERENCIA.Descricao,\"(digite a descrição aqui)\")","v":"TRANSPORTE COM CAMINHÃO CARROCERIA 9T, EM VIA URBANA PAVIMENTADA, ADICIONAL PARA DMT EXCEDENTE A 30 KM (UNIDADE: TXKM). AF_07/2020"},{"$f":"REFERENCIA.Unidade","v":"TXKM"},{"$f":"OFFSET(CÁLCULO!H$15,ROW($T97)-ROW(T$15),0)","v":8.82},0.88,"BDI 1",{"$f":"IF($C97=\"S\",ROUND(IF(TIPOORCAMENTO=\"Proposto\",ORÇAMENTO.CustoUnitario*(1+$AH97),ORÇAMENTO.PrecoUnitarioLicitado),15-13*$AF$10),0)","v":1.0900000000000001},{"$f":"IF($C97=\"S\",IF(OR(Import.TipoArredondamento<>\"TransfereGOV\",ACOMPANHAMENTO=\"BM\"),VTOTAL1,SUM(OFFSET(CÁLCULO!$AI$15,ROW($X97)-ROW($X$15),1):OFFSET(CÁLCULO!$BB$15,ROW($X97)-ROW($X$15),-1))),IF($C97=0,0,ROUND(SomaAgrup,15-13*$AF$11)))","v":9.61},"RA",{"$f":"IF(AND($C97=\"S\",$X97>0),IF(ISBLANK($Y97),\"RA\",LEFT($Y97,2)),\"\")","v":"RA"},{"$f":"IF($C97=\"S\",IF($Z97=\"CP\",$X97,IF($Z97=\"RA\",(($X97)*QCI!$AA$3),0)),SomaAgrup)","v":2.9969358539315194},{"$f":"IF($C97=\"S\",IF($Z97=\"OU\",ROUND($X97,2),0),SomaAgrup)","v":0},{"$f":"IF($N97=\"\",\" \",\nIF(AND($C97<>\"S\",OR($R97=\"\",$R97=\"(digite a descrição aqui)\")),\"DESCRIÇÃO\",\nIF(AND($C97=\"S\",OR($Q97<>0,$T97>0,$U97>0),$P97=0),\"FONTE\",\nIF(AND($C97=\"S\",$P97<>0,OR($T97>0,$U97>0),$Q97=0),\"CÓDIGO\",\nIF(AND($C97=\"S\",$P97<>0,$Q97<>0,$R97=\"(Código não identificado nas referências)\"),\"CÓDIGO N/ID\",\nIF(AND($C97=\"S\",OR($R97=\"\",$R97=\"(digite a descrição aqui)\"),OR($Q97<>0,$T97>0,$U97>0)),\"DESCRIÇÃO\",\nIF(AND($C97=\"S\",$P97<>0,$Q97<>0,$S97=\"\"),\"UNIDADE\",\nIF(AND($C97=\"S\",$P97<>0,$Q97<>0,$U97=0),\"SEM CUSTO\",\nIF(AND(TIPOORCAMENTO=\"Licitado\",$AL97=0,$AN97>0),\"SEM PREÇO\",\nIF(AND($C97=\"S\",$P97<>0,$Q97<>0,$U97>0,$V97=0),\"BDI\",\nIF(OR(AND(TIPOORCAMENTO=\"Proposto\",$AG97<>\"\",$AG97>0,ORÇAMENTO.CustoUnitario>$AG97),AND(TIPOORCAMENTO=\"LICITADO\",ORÇAMENTO.PrecoUnitarioLicitado>$AN97)),\"ACIMA REF.\",\nIF(AND($C97=\"S\",$P97<>0,$Q97<>0,$T97=0,$U97>0),\"QUANT.\",\nIF(AND(Import.TipoArredondamento=\"TransfereGOV\",$L97=\"F\",$C97=\"S\",LEN($Q97)>13),\"Código >13\",\nIF(AND(Import.TipoArredondamento=\"TransfereGOV\",$L97=\"F\",$C97<>\"S\",LEN($R97)>100),\"Descrição >100\",\nIF(AND(Import.TipoArredondamento=\"TransfereGOV\",$L97=\"F\",$C97=\"S\",LEN($R97)>500),\"Descrição >500\",\nIF(AND(Import.TipoArredondamento=\"TransfereGOV\",$L97=\"F\",$C97=\"S\",LEFT(TRIM(UPPER($P97)),6)<>\"SINAPI\",ISNA(VLOOKUP(TRIM(UPPER($S97)),ListaTgov.Unidades,1,FALSE))),\"Unid. Não Disp\",\n\" \"))))))))))))))))","v":" "},{"$f":"IF(C97<=CRONO.NivelExibicao,MAX($AD$15:OFFSET(AD97,-1,0))+IF($C97<>1,1,MAX(1,COUNTIF(QCI!$A$13:$A$24,OFFSET($E97,-1,0)))),\"\")","v":""},{"$f":"IF(AND($C97=\"S\",ORÇAMENTO.CodBarra<>\"\"),IF(ORÇAMENTO.Fonte=\"\",ORÇAMENTO.CodBarra,CONCATENATE(ORÇAMENTO.Fonte,\" \",ORÇAMENTO.CodBarra)))","v":"SINAPI 100948"},{"$f":"IF(ISERROR(INDIRECT(ORÇAMENTO.BancoRef)),\"(abra o arquivo 'Referência \"&Excel_BuiltIn_Database&\".xlsm)\",IF(OR($C97<>\"S\",ORÇAMENTO.CodBarra=\"\"),\"(Sem Código)\",IF(ISERROR(MATCH($AE97,INDIRECT(ORÇAMENTO.BancoRef),0)),\"(Código não identificado nas referências)\",MATCH($AE97,INDIRECT(ORÇAMENTO.BancoRef),0))))","v":15426},{"$f":"ROUND(IF(DESONERACAO=\"sim\",REFERENCIA.Desonerado,REFERENCIA.NaoDesonerado),2)","v":0.88},{"$f":"ROUND(IF(ISNUMBER(ORÇAMENTO.OpcaoBDI),ORÇAMENTO.OpcaoBDI,IF(LEFT(ORÇAMENTO.OpcaoBDI,3)=\"BDI\",HLOOKUP(ORÇAMENTO.OpcaoBDI,$F$4:$H$5,2,FALSE),0)),15-11*$AF$9)","v":0.23380000000000001},null,{"$f":"0.18*49","v":8.82},null,null,9.61,{"$f":"ROUND(ORÇAMENTO.CustoUnitario*(1+$AH97),2)","v":1.0900000000000001}]
[{"$f":"CHOOSE(1+LOG(1+2*(ORÇAMENTO.Nivel=\"Meta\")+4*(ORÇAMENTO.Nivel=\"Nível 2\")+8*(ORÇAMENTO.Nivel=\"Nível 3\")+16*(ORÇAMENTO.Nivel=\"Nível 4\")+32*(ORÇAMENTO.Nivel=\"Serviço\"),2),0,1,2,3,4,\"S\")","v":2},{"$f":"IF(OR(C98=\"s\",C98=0),OFFSET(B98,-1,0),C98)","v":2},{"$f":"IF(OFFSET(C98,-1,0)=\"L\",1,IF(OFFSET(C98,-1,0)=1,2,IF(OR(A98=\"s\",A98=0),\"S\",IF(AND(OFFSET(C98,-1,0)=2,A98=4),3,IF(AND(OR(OFFSET(C98,-1,0)=\"s\",OFFSET(C98,-1,0)=0),A98<>\"s\",A98>OFFSET(B98,-1,0)),OFFSET(B98,-1,0),A98)))))","v":2},{"$f":"IF(OR(C98=\"S\",C98=0),0,IF(ISERROR(K98),J98,SMALL(J98:K98,1)))","v":5},{"$f":"IF($C98=1,OFFSET(E98,-1,0)+MAX(1,COUNTIF(QCI!$A$13:$A$24,OFFSET(ORÇAMENTO!E98,-1,0))),OFFSET(E98,-1,0))","v":1},{"$f":"IF($C98=1,0,IF($C98=2,OFFSET(F98,-1,0)+1,OFFSET(F98,-1,0)))","v":12},{"$f":"IF(AND($C98<=2,$C98<>0),0,IF($C98=3,OFFSET(G98,-1,0)+1,OFFSET(G98,-1,0)))","v":0},{"$f":"IF(AND($C98<=3,$C98<>0),0,IF($C98=4,OFFSET(H98,-1,0)+1,OFFSET(H98,-1,0)))","v":0},{"$f":"IF(AND($C98<=4,$C98<>0),0,IF(AND($C98=\"S\",$X98>0),OFFSET(I98,-1,0)+1,OFFSET(I98,-1,0)))","v":0},12,{"$f":"IF(OR($C98=\"S\",$C98=0),0,MATCH(OFFSET($D98,0,$C98)+IF($C98<>1,1,COUNTIF(QCI!$A$13:$A$24,ORÇAMENTO!E98)),OFFSET($D98,1,$C98,ROW($C$110)-ROW($C98)),0))","v":5},{"$f":"IF(OR($X98>0,$C98=1,$C98=2,$C98=3,$C98=4),\"F\",\"\")","v":"F"},"Nível 2",{"$f":"CHOOSE(1+LOG(1+2*(C98=1)+4*(C98=2)+8*(C98=3)+16*(C98=4)+32*(C98=\"S\"),2),\"\",\"Meta\",\"Nível 2\",\"Nível 3\",\"Nível 4\",\"Serviço\")","v":"Nível 2"},{"$f":"IF(OR($C98=0,$L98=\"\"),\"-\",CONCATENATE(E98&\".\",IF(AND($A$5>=2,$C98>=2),F98&\".\",\"\"),IF(AND($A$5>=3,$C98>=3),G98&\".\",\"\"),IF(AND($A$5>=4,$C98>=4),H98&\".\",\"\"),IF($C98=\"S\",I98&\".\",\"\")))","v":"1.12."},"SINAPI",null,"SINALIZAÇÃO VIÁRIA",{"$f":"REFERENCIA.Unidade","v":"-"},{"$f":"OFFSET(CÁLCULO!H$15,ROW($T98)-ROW(T$15),0)","v":0},null,"BDI 1",{"$f":"IF($C98=\"S\",ROUND(IF(TIPOORCAMENTO=\"Proposto\",ORÇAMENTO.CustoUnitario*(1+$AH98),ORÇAMENTO.PrecoUnitarioLicitado),15-13*$AF$10),0)","v":0},{"$f":"IF($C98=\"S\",IF(OR(Import.TipoArredondamento<>\"TransfereGOV\",ACOMPANHAMENTO=\"BM\"),VTOTAL1,SUM(OFFSET(CÁLCULO!$AI$15,ROW($X98)-ROW($X$15),1):OFFSET(CÁLCULO!$BB$15,ROW($X98)-ROW($X$15),-1))),IF($C98=0,0,ROUND(SomaAgrup,15-13*$AF$11)))","v":2005.63},"RA",{"$f":"IF(AND($C98=\"S\",$X98>0),IF(ISBLANK($Y98),\"RA\",LEFT($Y98,2)),\"\")","v":""},{"$f":"IF($C98=\"S\",IF($Z98=\"CP\",$X98,IF($Z98=\"RA\",(($X98)*QCI!$AA$3),0)),SomaAgrup)","v":625.4676854027756},{"$f":"IF($C98=\"S\",IF($Z98=\"OU\",ROUND($X98,2),0),SomaAgrup)","v":0},{"$f":"IF($N98=\"\",\" \",\nIF(AND($C98<>\"S\",OR($R98=\"\",$R98=\"(digite a descrição aqui)\")),\"DESCRIÇÃO\",\nIF(AND($C98=\"S\",OR($Q98<>0,$T98>0,$U98>0),$P98=0),\"FONTE\",\nIF(AND($C98=\"S\",$P98<>0,OR($T98>0,$U98>0),$Q98=0),\"CÓDIGO\",\nIF(AND($C98=\"S\",$P98<>0,$Q98<>0,$R98=\"(Código não identificado nas referências)\"),\"CÓDIGO N/ID\",\nIF(AND($C98=\"S\",OR($R98=\"\",$R98=\"(digite a descrição aqui)\"),OR($Q98<>0,$T98>0,$U98>0)),\"DESCRIÇÃO\",\nIF(AND($C98=\"S\",$P98<>0,$Q98<>0,$S98=\"\"),\"UNIDADE\",\nIF(AND($C98=\"S\",$P98<>0,$Q98<>0,$U98=0),\"SEM CUSTO\",\nIF(AND(TIPOORCAMENTO=\"Licitado\",$AL98=0,$AN98>0),\"SEM PREÇO\",\nIF(AND($C98=\"S\",$P98<>0,$Q98<>0,$U98>0,$V98=0),\"BDI\",\nIF(OR(AND(TIPOORCAMENTO=\"Proposto\",$AG98<>\"\",$AG98>0,ORÇAMENTO.CustoUnitario>$AG98),AND(TIPOORCAMENTO=\"LICITADO\",ORÇAMENTO.PrecoUnitarioLicitado>$AN98)),\"ACIMA REF.\",\nIF(AND($C98=\"S\",$P98<>0,$Q98<>0,$T98=0,$U98>0),\"QUANT.\",\nIF(AND(Import.TipoArredondamento=\"TransfereGOV\",$L98=\"F\",$C98=\"S\",LEN($Q98)>13),\"Código >13\",\nIF(AND(Import.TipoArredondamento=\"TransfereGOV\",$L98=\"F\",$C98<>\"S\",LEN($R98)>100),\"Descrição >100\",\nIF(AND(Import.TipoArredondamento=\"TransfereGOV\",$L98=\"F\",$C98=\"S\",LEN($R98)>500),\"Descrição >500\",\nIF(AND(Import.TipoArredondamento=\"TransfereGOV\",$L98=\"F\",$C98=\"S\",LEFT(TRIM(UPPER($P98)),6)<>\"SINAPI\",ISNA(VLOOKUP(TRIM(UPPER($S98)),ListaTgov.Unidades,1,FALSE))),\"Unid. Não Disp\",\n\" \"))))))))))))))))","v":" "},{"$f":"IF(C98<=CRONO.NivelExibicao,MAX($AD$15:OFFSET(AD98,-1,0))+IF($C98<>1,1,MAX(1,COUNTIF(QCI!$A$13:$A$24,OFFSET($E98,-1,0)))),\"\")","v":13},{"$f":"IF(AND($C98=\"S\",ORÇAMENTO.CodBarra<>\"\"),IF(ORÇAMENTO.Fonte=\"\",ORÇAMENTO.CodBarra,CONCATENATE(ORÇAMENTO.Fonte,\" \",ORÇAMENTO.CodBarra)))","v":false},{"$f":"IF(ISERROR(INDIRECT(ORÇAMENTO.BancoRef)),\"(abra o arquivo 'Referência \"&Excel_BuiltIn_Database&\".xlsm)\",IF(OR($C98<>\"S\",ORÇAMENTO.CodBarra=\"\"),\"(Sem Código)\",IF(ISERROR(MATCH($AE98,INDIRECT(ORÇAMENTO.BancoRef),0)),\"(Código não identificado nas referências)\",MATCH($AE98,INDIRECT(ORÇAMENTO.BancoRef),0))))","v":"(Sem Código)"},{"$f":"ROUND(IF(DESONERACAO=\"sim\",REFERENCIA.Desonerado,REFERENCIA.NaoDesonerado),2)","v":0},{"$f":"ROUND(IF(ISNUMBER(ORÇAMENTO.OpcaoBDI),ORÇAMENTO.OpcaoBDI,IF(LEFT(ORÇAMENTO.OpcaoBDI,3)=\"BDI\",HLOOKUP(ORÇAMENTO.OpcaoBDI,$F$4:$H$5,2,FALSE),0)),15-11*$AF$9)","v":0.23380000000000001},null,null,null,null,2005.63,{"$f":"ROUND(ORÇAMENTO.CustoUnitario*(1+$AH98),2)","v":0}]
["S",2,"S",0,{"$f":"IF($C99=1,OFFSET(E99,-1,0)+MAX(1,COUNTIF(QCI!$A$13:$A$24,OFFSET(ORÇAMENTO!E99,-1,0))),OFFSET(E99,-1,0))","v":1},12,0,0,1,0,{"$f":"IF(OR($C99=\"S\",$C99=0),0,MATCH(OFFSET($D99,0,$C99)+IF($C99<>1,1,COUNTIF(QCI!$A$13:$A$24,ORÇAMENTO!E99)),OFFSET($D99,1,$C99,ROW($C$110)-ROW($C99)),0))","v":0},"F","Serviço","Serviço","1.12.1.","SINAPI","102509",{"$f":"IF($C99=\"S\",REFERENCIA.Descricao,\"(digite a descrição aqui)\")","v":"PINTURA DE FAIXA DE PEDESTRE OU ZEBRADA TINTA RETRORREFLETIVA A BASE DE RESINA ACRÍLICA COM MICROESFERAS DE VIDRO, E = 30 CM, APLICAÇÃO MANUAL. AF_05/2021"},{"$f":"REFERENCIA.Unidade","v":"M2"},{"$f":"OFFSET(CÁLCULO!H$15,ROW($T99)-ROW(T$15),0)","v":4.3600000000000003},30.77,"BDI 1",{"$f":"IF($C99=\"S\",ROUND(IF(TIPOORCAMENTO=\"Proposto\",ORÇAMENTO.CustoUnitario*(1+$AH99),ORÇAMENTO.PrecoUnitarioLicitado),15-13*$AF$10),0)","v":37.96},{"$f":"IF($C99=\"S\",IF(OR(Import.TipoArredondamento<>\"TransfereGOV\",ACOMPANHAMENTO=\"BM\"),VTOTAL1,SUM(OFFSET(CÁLCULO!$AI$15,ROW($X99)-ROW($X$15),1):OFFSET(CÁLCULO!$BB$15,ROW($X99)-ROW($X$15),-1))),IF($C99=0,0,ROUND(SomaAgrup,15-13*$AF$11)))","v":165.51},"RA","RA",{"$f":"IF($C99=\"S\",IF($Z99=\"CP\",$X99,IF($Z99=\"RA\",(($X99)*QCI!$AA$3),0)),SomaAgrup)","v":51.615281288679057},0,{"$f":"IF($N99=\"\",\" \",\nIF(AND($C99<>\"S\",OR($R99=\"\",$R99=\"(digite a descrição aqui)\")),\"DESCRIÇÃO\",\nIF(AND($C99=\"S\",OR($Q99<>0,$T99>0,$U99>0),$P99=0),\"FONTE\",\nIF(AND($C99=\"S\",$P99<>0,OR($T99>0,$U99>0),$Q99=0),\"CÓDIGO\",\nIF(AND($C99=\"S\",$P99<>0,$Q99<>0,$R99=\"(Código não identificado nas referências)\"),\"CÓDIGO N/ID\",\nIF(AND($C99=\"S\",OR($R99=\"\",$R99=\"(digite a descrição aqui)\"),OR($Q99<>0,$T99>0,$U99>0)),\"DESCRIÇÃO\",\nIF(AND($C99=\"S\",$P99<>0,$Q99<>0,$S99=\"\"),\"UNIDADE\",\nIF(AND($C99=\"S\",$P99<>0,$Q99<>0,$U99=0),\"SEM CUSTO\",\nIF(AND(TIPOORCAMENTO=\"Licitado\",$AL99=0,$AN99>0),\"SEM PREÇO\",\nIF(AND($C99=\"S\",$P99<>0,$Q99<>0,$U99>0,$V99=0),\"BDI\",\nIF(OR(AND(TIPOORCAMENTO=\"Proposto\",$AG99<>\"\",$AG99>0,ORÇAMENTO.CustoUnitario>$AG99),AND(TIPOORCAMENTO=\"LICITADO\",ORÇAMENTO.PrecoUnitarioLicitado>$AN99)),\"ACIMA REF.\",\nIF(AND($C99=\"S\",$P99<>0,$Q99<>0,$T99=0,$U99>0),\"QUANT.\",\nIF(AND(Import.TipoArredondamento=\"TransfereGOV\",$L99=\"F\",$C99=\"S\",LEN($Q99)>13),\"Código >13\",\nIF(AND(Import.TipoArredondamento=\"TransfereGOV\",$L99=\"F\",$C99<>\"S\",LEN($R99)>100),\"Descrição >100\",\nIF(AND(Import.TipoArredondamento=\"TransfereGOV\",$L99=\"F\",$C99=\"S\",LEN($R99)>500),\"Descrição >500\",\nIF(AND(Import.TipoArredondamento=\"TransfereGOV\",$L99=\"F\",$C99=\"S\",LEFT(TRIM(UPPER($P99)),6)<>\"SINAPI\",ISNA(VLOOKUP(TRIM(UPPER($S99)),ListaTgov.Unidades,1,FALSE))),\"Unid. Não Disp\",\n\" \"))))))))))))))))","v":" "},{"$f":"IF(C99<=CRONO.NivelExibicao,MAX($AD$15:OFFSET(AD99,-1,0))+IF($C99<>1,1,MAX(1,COUNTIF(QCI!$A$13:$A$24,OFFSET($E99,-1,0)))),\"\")","v":""},{"$f":"IF(AND($C99=\"S\",ORÇAMENTO.CodBarra<>\"\"),IF(ORÇAMENTO.Fonte=\"\",ORÇAMENTO.CodBarra,CONCATENATE(ORÇAMENTO.Fonte,\" \",ORÇAMENTO.CodBarra)))","v":"SINAPI 102509"},{"$f":"IF(ISERROR(INDIRECT(ORÇAMENTO.BancoRef)),\"(abra o arquivo 'Referência \"&Excel_BuiltIn_Database&\".xlsm)\",IF(OR($C99<>\"S\",ORÇAMENTO.CodBarra=\"\"),\"(Sem Código)\",IF(ISERROR(MATCH($AE99,INDIRECT(ORÇAMENTO.BancoRef),0)),\"(Código não identificado nas referências)\",MATCH($AE99,INDIRECT(ORÇAMENTO.BancoRef),0))))","v":14008},{"$f":"ROUND(IF(DESONERACAO=\"sim\",REFERENCIA.Desonerado,REFERENCIA.NaoDesonerado),2)","v":30.77},0.23380000000000001,null,4.3600000000000003,null,null,165.51,37.96]
["S",2,"S",0,{"$f":"IF($C100=1,OFFSET(E100,-1,0)+MAX(1,COUNTIF(QCI!$A$13:$A$24,OFFSET(ORÇAMENTO!E100,-1,0))),OFFSET(E100,-1,0))","v":1},12,0,0,2,0,{"$f":"IF(OR($C100=\"S\",$C100=0),0,MATCH(OFFSET($D100,0,$C100)+IF($C100<>1,1,COUNTIF(QCI!$A$13:$A$24,ORÇAMENTO!E100)),OFFSET($D100,1,$C100,ROW($C$110)-ROW($C100)),0))","v":0},"F","Serviço","Serviço","1.12.2.","SINAPI","102512",{"$f":"IF($C100=\"S\",REFERENCIA.Descricao,\"(digite a descrição aqui)\")","v":"PINTURA DE EIXO VIÁRIO SOBRE ASFALTO COM TINTA RETRORREFLETIVA A BASE DE RESINA ACRÍLICA COM MICROESFERAS DE VIDRO, E = 10 CM, APLICAÇÃO MECÂNICA COM DEMARCADORA AUTOPROPELIDA. AF_05/2021"},{"$f":"REFERENCIA.Unidade","v":"M"},{"$f":"OFFSET(CÁLCULO!H$15,ROW($T100)-ROW(T$15),0)","v":42},{"$f":"AG100","v":6.59},"BDI 1",{"$f":"IF($C100=\"S\",ROUND(IF(TIPOORCAMENTO=\"Proposto\",ORÇAMENTO.CustoUnitario*(1+$AH100),ORÇAMENTO.PrecoUnitarioLicitado),15-13*$AF$10),0)","v":8.1300000000000008},{"$f":"IF($C100=\"S\",IF(OR(Import.TipoArredondamento<>\"TransfereGOV\",ACOMPANHAMENTO=\"BM\"),VTOTAL1,SUM(OFFSET(CÁLCULO!$AI$15,ROW($X100)-ROW($X$15),1):OFFSET(CÁLCULO!$BB$15,ROW($X100)-ROW($X$15),-1))),IF($C100=0,0,ROUND(SomaAgrup,15-13*$AF$11)))","v":341.46},"RA","RA",{"$f":"IF($C100=\"S\",IF($Z100=\"CP\",$X100,IF($Z100=\"RA\",(($X100)*QCI!$AA$3),0)),SomaAgrup)","v":106.486338884855},0,{"$f":"IF($N100=\"\",\" \",\nIF(AND($C100<>\"S\",OR($R100=\"\",$R100=\"(digite a descrição aqui)\")),\"DESCRIÇÃO\",\nIF(AND($C100=\"S\",OR($Q100<>0,$T100>0,$U100>0),$P100=0),\"FONTE\",\nIF(AND($C100=\"S\",$P100<>0,OR($T100>0,$U100>0),$Q100=0),\"CÓDIGO\",\nIF(AND($C100=\"S\",$P100<>0,$Q100<>0,$R100=\"(Código não identificado nas referências)\"),\"CÓDIGO N/ID\",\nIF(AND($C100=\"S\",OR($R100=\"\",$R100=\"(digite a descrição aqui)\"),OR($Q100<>0,$T100>0,$U100>0)),\"DESCRIÇÃO\",\nIF(AND($C100=\"S\",$P100<>0,$Q100<>0,$S100=\"\"),\"UNIDADE\",\nIF(AND($C100=\"S\",$P100<>0,$Q100<>0,$U100=0),\"SEM CUSTO\",\nIF(AND(TIPOORCAMENTO=\"Licitado\",$AL100=0,$AN100>0),\"SEM PREÇO\",\nIF(AND($C100=\"S\",$P100<>0,$Q100<>0,$U100>0,$V100=0),\"BDI\",\nIF(OR(AND(TIPOORCAMENTO=\"Proposto\",$AG100<>\"\",$AG100>0,ORÇAMENTO.CustoUnitario>$AG100),AND(TIPOORCAMENTO=\"LICITADO\",ORÇAMENTO.PrecoUnitarioLicitado>$AN100)),\"ACIMA REF.\",\nIF(AND($C100=\"S\",$P100<>0,$Q100<>0,$T100=0,$U100>0),\"QUANT.\",\nIF(AND(Import.TipoArredondamento=\"TransfereGOV\",$L100=\"F\",$C100=\"S\",LEN($Q100)>13),\"Código >13\",\nIF(AND(Import.TipoArredondamento=\"TransfereGOV\",$L100=\"F\",$C100<>\"S\",LEN($R100)>100),\"Descrição >100\",\nIF(AND(Import.TipoArredondamento=\"TransfereGOV\",$L100=\"F\",$C100=\"S\",LEN($R100)>500),\"Descrição >500\",\nIF(AND(Import.TipoArredondamento=\"TransfereGOV\",$L100=\"F\",$C100=\"S\",LEFT(TRIM(UPPER($P100)),6)<>\"SINAPI\",ISNA(VLOOKUP(TRIM(UPPER($S100)),ListaTgov.Unidades,1,FALSE))),\"Unid. Não Disp\",\n\" \"))))))))))))))))","v":" "},{"$f":"IF(C100<=CRONO.NivelExibicao,MAX($AD$15:OFFSET(AD100,-1,0))+IF($C100<>1,1,MAX(1,COUNTIF(QCI!$A$13:$A$24,OFFSET($E100,-1,0)))),\"\")","v":""},{"$f":"IF(AND($C100=\"S\",ORÇAMENTO.CodBarra<>\"\"),IF(ORÇAMENTO.Fonte=\"\",ORÇAMENTO.CodBarra,CONCATENATE(ORÇAMENTO.Fonte,\" \",ORÇAMENTO.CodBarra)))","v":"SINAPI 102512"},{"$f":"IF(ISERROR(INDIRECT(ORÇAMENTO.BancoRef)),\"(abra o arquivo 'Referência \"&Excel_BuiltIn_Database&\".xlsm)\",IF(OR($C100<>\"S\",ORÇAMENTO.CodBarra=\"\"),\"(Sem Código)\",IF(ISERROR(MATCH($AE100,INDIRECT(ORÇAMENTO.BancoRef),0)),\"(Código não identificado nas referências)\",MATCH($AE100,INDIRECT(ORÇAMENTO.BancoRef),0))))","v":14003},{"$f":"ROUND(IF(DESONERACAO=\"sim\",REFERENCIA.Desonerado,REFERENCIA.NaoDesonerado),2)","v":6.59},0.23380000000000001,null,42,null,null,341.46,8.1300000000000008]
["S",2,"S",0,{"$f":"IF($C101=1,OFFSET(E101,-1,0)+MAX(1,COUNTIF(QCI!$A$13:$A$24,OFFSET(ORÇAMENTO!E101,-1,0))),OFFSET(E101,-1,0))","v":1},12,0,0,3,0,{"$f":"IF(OR($C101=\"S\",$C101=0),0,MATCH(OFFSET($D101,0,$C101)+IF($C101<>1,1,COUNTIF(QCI!$A$13:$A$24,ORÇAMENTO!E101)),OFFSET($D101,1,$C101,ROW($C$110)-ROW($C101)),0))","v":0},"F","Serviço","Serviço","1.12.3.","Composição","IUS20016",{"$f":"IF($C101=\"S\",REFERENCIA.Descricao,\"(digite a descrição aqui)\")","v":"Placa de sinalização vertical totalmente refletiva, fornecimento e instalação. Exclusive poste (suporte)"},{"$f":"REFERENCIA.Unidade","v":"M2"},{"$f":"OFFSET(CÁLCULO!H$15,ROW($T101)-ROW(T$15),0)","v":0.56000000000000005},942.44,"BDI 1",{"$f":"IF($C101=\"S\",ROUND(IF(TIPOORCAMENTO=\"Proposto\",ORÇAMENTO.CustoUnitario*(1+$AH101),ORÇAMENTO.PrecoUnitarioLicitado),15-13*$AF$10),0)","v":1162.78},{"$f":"IF($C101=\"S\",IF(OR(Import.TipoArredondamento<>\"TransfereGOV\",ACOMPANHAMENTO=\"BM\"),VTOTAL1,SUM(OFFSET(CÁLCULO!$AI$15,ROW($X101)-ROW($X$15),1):OFFSET(CÁLCULO!$BB$15,ROW($X101)-ROW($X$15),-1))),IF($C101=0,0,ROUND(SomaAgrup,15-13*$AF$11)))","v":651.16},"RA","RA",{"$f":"IF($C101=\"S\",IF($Z101=\"CP\",$X101,IF($Z101=\"RA\",(($X101)*QCI!$AA$3),0)),SomaAgrup)","v":203.0681322212329},0,{"$f":"IF($N101=\"\",\" \",\nIF(AND($C101<>\"S\",OR($R101=\"\",$R101=\"(digite a descrição aqui)\")),\"DESCRIÇÃO\",\nIF(AND($C101=\"S\",OR($Q101<>0,$T101>0,$U101>0),$P101=0),\"FONTE\",\nIF(AND($C101=\"S\",$P101<>0,OR($T101>0,$U101>0),$Q101=0),\"CÓDIGO\",\nIF(AND($C101=\"S\",$P101<>0,$Q101<>0,$R101=\"(Código não identificado nas referências)\"),\"CÓDIGO N/ID\",\nIF(AND($C101=\"S\",OR($R101=\"\",$R101=\"(digite a descrição aqui)\"),OR($Q101<>0,$T101>0,$U101>0)),\"DESCRIÇÃO\",\nIF(AND($C101=\"S\",$P101<>0,$Q101<>0,$S101=\"\"),\"UNIDADE\",\nIF(AND($C101=\"S\",$P101<>0,$Q101<>0,$U101=0),\"SEM CUSTO\",\nIF(AND(TIPOORCAMENTO=\"Licitado\",$AL101=0,$AN101>0),\"SEM PREÇO\",\nIF(AND($C101=\"S\",$P101<>0,$Q101<>0,$U101>0,$V101=0),\"BDI\",\nIF(OR(AND(TIPOORCAMENTO=\"Proposto\",$AG101<>\"\",$AG101>0,ORÇAMENTO.CustoUnitario>$AG101),AND(TIPOORCAMENTO=\"LICITADO\",ORÇAMENTO.PrecoUnitarioLicitado>$AN101)),\"ACIMA REF.\",\nIF(AND($C101=\"S\",$P101<>0,$Q101<>0,$T101=0,$U101>0),\"QUANT.\",\nIF(AND(Import.TipoArredondamento=\"TransfereGOV\",$L101=\"F\",$C101=\"S\",LEN($Q101)>13),\"Código >13\",\nIF(AND(Import.TipoArredondamento=\"TransfereGOV\",$L101=\"F\",$C101<>\"S\",LEN($R101)>100),\"Descrição >100\",\nIF(AND(Import.TipoArredondamento=\"TransfereGOV\",$L101=\"F\",$C101=\"S\",LEN($R101)>500),\"Descrição >500\",\nIF(AND(Import.TipoArredondamento=\"TransfereGOV\",$L101=\"F\",$C101=\"S\",LEFT(TRIM(UPPER($P101)),6)<>\"SINAPI\",ISNA(VLOOKUP(TRIM(UPPER($S101)),ListaTgov.Unidades,1,FALSE))),\"Unid. Não Disp\",\n\" \"))))))))))))))))","v":" "},{"$f":"IF(C101<=CRONO.NivelExibicao,MAX($AD$15:OFFSET(AD101,-1,0))+IF($C101<>1,1,MAX(1,COUNTIF(QCI!$A$13:$A$24,OFFSET($E101,-1,0)))),\"\")","v":""},{"$f":"IF(AND($C101=\"S\",ORÇAMENTO.CodBarra<>\"\"),IF(ORÇAMENTO.Fonte=\"\",ORÇAMENTO.CodBarra,CONCATENATE(ORÇAMENTO.Fonte,\" \",ORÇAMENTO.CodBarra)))","v":"Composição IUS20016"},{"$f":"IF(ISERROR(INDIRECT(ORÇAMENTO.BancoRef)),\"(abra o arquivo 'Referência \"&Excel_BuiltIn_Database&\".xlsm)\",IF(OR($C101<>\"S\",ORÇAMENTO.CodBarra=\"\"),\"(Sem Código)\",IF(ISERROR(MATCH($AE101,INDIRECT(ORÇAMENTO.BancoRef),0)),\"(Código não identificado nas referências)\",MATCH($AE101,INDIRECT(ORÇAMENTO.BancoRef),0))))","v":21},{"$f":"ROUND(IF(DESONERACAO=\"sim\",REFERENCIA.Desonerado,REFERENCIA.NaoDesonerado),2)","v":942.44},0.23380000000000001,null,0.56000000000000005,null,null,651.16,1162.78]
["S",2,"S",0,{"$f":"IF($C102=1,OFFSET(E102,-1,0)+MAX(1,COUNTIF(QCI!$A$13:$A$24,OFFSET(ORÇAMENTO!E102,-1,0))),OFFSET(E102,-1,0))","v":1},12,0,0,4,0,{"$f":"IF(OR($C102=\"S\",$C102=0),0,MATCH(OFFSET($D102,0,$C102)+IF($C102<>1,1,COUNTIF(QCI!$A$13:$A$24,ORÇAMENTO!E102)),OFFSET($D102,1,$C102,ROW($C$110)-ROW($C102)),0))","v":0},"F","Serviço","Serviço","1.12.4.","Cotação","IUS87012",{"$f":"IF($C102=\"S\",REFERENCIA.Descricao,\"(digite a descrição aqui)\")","v":"Fornecimento e implantação de coluna simples dn de 2”, espessura da parede 3,0mm, altura total de 3,50m, em aço galvanizado por imersão à quente. Inclusive instalação da placa de sinalização e elementos de fixação, exclusive fornecimento da placa"},{"$f":"REFERENCIA.Unidade","v":"UN"},{"$f":"OFFSET(CÁLCULO!H$15,ROW($T102)-ROW(T$15),0)","v":2},343.45,"BDI 1",{"$f":"IF($C102=\"S\",ROUND(IF(TIPOORCAMENTO=\"Proposto\",ORÇAMENTO.CustoUnitario*(1+$AH102),ORÇAMENTO.PrecoUnitarioLicitado),15-13*$AF$10),0)","v":423.75},{"$f":"IF($C102=\"S\",IF(OR(Import.TipoArredondamento<>\"TransfereGOV\",ACOMPANHAMENTO=\"BM\"),VTOTAL1,SUM(OFFSET(CÁLCULO!$AI$15,ROW($X102)-ROW($X$15),1):OFFSET(CÁLCULO!$BB$15,ROW($X102)-ROW($X$15),-1))),IF($C102=0,0,ROUND(SomaAgrup,15-13*$AF$11)))","v":847.5},"RA","RA",{"$f":"IF($C102=\"S\",IF($Z102=\"CP\",$X102,IF($Z102=\"RA\",(($X102)*QCI!$AA$3),0)),SomaAgrup)","v":264.29793300800861},0,{"$f":"IF($N102=\"\",\" \",\nIF(AND($C102<>\"S\",OR($R102=\"\",$R102=\"(digite a descrição aqui)\")),\"DESCRIÇÃO\",\nIF(AND($C102=\"S\",OR($Q102<>0,$T102>0,$U102>0),$P102=0),\"FONTE\",\nIF(AND($C102=\"S\",$P102<>0,OR($T102>0,$U102>0),$Q102=0),\"CÓDIGO\",\nIF(AND($C102=\"S\",$P102<>0,$Q102<>0,$R102=\"(Código não identificado nas referências)\"),\"CÓDIGO N/ID\",\nIF(AND($C102=\"S\",OR($R102=\"\",$R102=\"(digite a descrição aqui)\"),OR($Q102<>0,$T102>0,$U102>0)),\"DESCRIÇÃO\",\nIF(AND($C102=\"S\",$P102<>0,$Q102<>0,$S102=\"\"),\"UNIDADE\",\nIF(AND($C102=\"S\",$P102<>0,$Q102<>0,$U102=0),\"SEM CUSTO\",\nIF(AND(TIPOORCAMENTO=\"Licitado\",$AL102=0,$AN102>0),\"SEM PREÇO\",\nIF(AND($C102=\"S\",$P102<>0,$Q102<>0,$U102>0,$V102=0),\"BDI\",\nIF(OR(AND(TIPOORCAMENTO=\"Proposto\",$AG102<>\"\",$AG102>0,ORÇAMENTO.CustoUnitario>$AG102),AND(TIPOORCAMENTO=\"LICITADO\",ORÇAMENTO.PrecoUnitarioLicitado>$AN102)),\"ACIMA REF.\",\nIF(AND($C102=\"S\",$P102<>0,$Q102<>0,$T102=0,$U102>0),\"QUANT.\",\nIF(AND(Import.TipoArredondamento=\"TransfereGOV\",$L102=\"F\",$C102=\"S\",LEN($Q102)>13),\"Código >13\",\nIF(AND(Import.TipoArredondamento=\"TransfereGOV\",$L102=\"F\",$C102<>\"S\",LEN($R102)>100),\"Descrição >100\",\nIF(AND(Import.TipoArredondamento=\"TransfereGOV\",$L102=\"F\",$C102=\"S\",LEN($R102)>500),\"Descrição >500\",\nIF(AND(Import.TipoArredondamento=\"TransfereGOV\",$L102=\"F\",$C102=\"S\",LEFT(TRIM(UPPER($P102)),6)<>\"SINAPI\",ISNA(VLOOKUP(TRIM(UPPER($S102)),ListaTgov.Unidades,1,FALSE))),\"Unid. Não Disp\",\n\" \"))))))))))))))))","v":" "},{"$f":"IF(C102<=CRONO.NivelExibicao,MAX($AD$15:OFFSET(AD102,-1,0))+IF($C102<>1,1,MAX(1,COUNTIF(QCI!$A$13:$A$24,OFFSET($E102,-1,0)))),\"\")","v":""},{"$f":"IF(AND($C102=\"S\",ORÇAMENTO.CodBarra<>\"\"),IF(ORÇAMENTO.Fonte=\"\",ORÇAMENTO.CodBarra,CONCATENATE(ORÇAMENTO.Fonte,\" \",ORÇAMENTO.CodBarra)))","v":"Cotação IUS87012"},{"$f":"IF(ISERROR(INDIRECT(ORÇAMENTO.BancoRef)),\"(abra o arquivo 'Referência \"&Excel_BuiltIn_Database&\".xlsm)\",IF(OR($C102<>\"S\",ORÇAMENTO.CodBarra=\"\"),\"(Sem Código)\",IF(ISERROR(MATCH($AE102,INDIRECT(ORÇAMENTO.BancoRef),0)),\"(Código não identificado nas referências)\",MATCH($AE102,INDIRECT(ORÇAMENTO.BancoRef),0))))","v":33},{"$f":"ROUND(IF(DESONERACAO=\"sim\",REFERENCIA.Desonerado,REFERENCIA.NaoDesonerado),2)","v":343.45},0.23380000000000001,null,2,null,null,847.5,423.75]
[2,2,2,7,{"$f":"IF($C103=1,OFFSET(E103,-1,0)+MAX(1,COUNTIF(QCI!$A$13:$A$24,OFFSET(ORÇAMENTO!E103,-1,0))),OFFSET(E103,-1,0))","v":1},13,0,0,0,7,{"$f":"IF(OR($C103=\"S\",$C103=0),0,MATCH(OFFSET($D103,0,$C103)+IF($C103<>1,1,COUNTIF(QCI!$A$13:$A$24,ORÇAMENTO!E103)),OFFSET($D103,1,$C103,ROW($C$110)-ROW($C103)),0))","v":{"$error":"#N/A"}},"F","Nível 2","Nível 2","1.13.","SINAPI",null,"ADMINISTRAÇÃO LOCAL DE OBRA",{"$f":"REFERENCIA.Unidade","v":"-"},{"$f":"OFFSET(CÁLCULO!H$15,ROW($T103)-ROW(T$15),0)","v":0},null,"BDI 1",{"$f":"IF($C103=\"S\",ROUND(IF(TIPOORCAMENTO=\"Proposto\",ORÇAMENTO.CustoUnitario*(1+$AH103),ORÇAMENTO.PrecoUnitarioLicitado),15-13*$AF$10),0)","v":0},{"$f":"IF($C103=\"S\",IF(OR(Import.TipoArredondamento<>\"TransfereGOV\",ACOMPANHAMENTO=\"BM\"),VTOTAL1,SUM(OFFSET(CÁLCULO!$AI$15,ROW($X103)-ROW($X$15),1):OFFSET(CÁLCULO!$BB$15,ROW($X103)-ROW($X$15),-1))),IF($C103=0,0,ROUND(SomaAgrup,15-13*$AF$11)))","v":64604.2},"RA","",{"$f":"IF($C103=\"S\",IF($Z103=\"CP\",$X103,IF($Z103=\"RA\",(($X103)*QCI!$AA$3),0)),SomaAgrup)","v":20147.205337623589},0,{"$f":"IF($N103=\"\",\" \",\nIF(AND($C103<>\"S\",OR($R103=\"\",$R103=\"(digite a descrição aqui)\")),\"DESCRIÇÃO\",\nIF(AND($C103=\"S\",OR($Q103<>0,$T103>0,$U103>0),$P103=0),\"FONTE\",\nIF(AND($C103=\"S\",$P103<>0,OR($T103>0,$U103>0),$Q103=0),\"CÓDIGO\",\nIF(AND($C103=\"S\",$P103<>0,$Q103<>0,$R103=\"(Código não identificado nas referências)\"),\"CÓDIGO N/ID\",\nIF(AND($C103=\"S\",OR($R103=\"\",$R103=\"(digite a descrição aqui)\"),OR($Q103<>0,$T103>0,$U103>0)),\"DESCRIÇÃO\",\nIF(AND($C103=\"S\",$P103<>0,$Q103<>0,$S103=\"\"),\"UNIDADE\",\nIF(AND($C103=\"S\",$P103<>0,$Q103<>0,$U103=0),\"SEM CUSTO\",\nIF(AND(TIPOORCAMENTO=\"Licitado\",$AL103=0,$AN103>0),\"SEM PREÇO\",\nIF(AND($C103=\"S\",$P103<>0,$Q103<>0,$U103>0,$V103=0),\"BDI\",\nIF(OR(AND(TIPOORCAMENTO=\"Proposto\",$AG103<>\"\",$AG103>0,ORÇAMENTO.CustoUnitario>$AG103),AND(TIPOORCAMENTO=\"LICITADO\",ORÇAMENTO.PrecoUnitarioLicitado>$AN103)),\"ACIMA REF.\",\nIF(AND($C103=\"S\",$P103<>0,$Q103<>0,$T103=0,$U103>0),\"QUANT.\",\nIF(AND(Import.TipoArredondamento=\"TransfereGOV\",$L103=\"F\",$C103=\"S\",LEN($Q103)>13),\"Código >13\",\nIF(AND(Import.TipoArredondamento=\"TransfereGOV\",$L103=\"F\",$C103<>\"S\",LEN($R103)>100),\"Descrição >100\",\nIF(AND(Import.TipoArredondamento=\"TransfereGOV\",$L103=\"F\",$C103=\"S\",LEN($R103)>500),\"Descrição >500\",\nIF(AND(Import.TipoArredondamento=\"TransfereGOV\",$L103=\"F\",$C103=\"S\",LEFT(TRIM(UPPER($P103)),6)<>\"SINAPI\",ISNA(VLOOKUP(TRIM(UPPER($S103)),ListaTgov.Unidades,1,FALSE))),\"Unid. Não Disp\",\n\" \"))))))))))))))))","v":" "},{"$f":"IF(C103<=CRONO.NivelExibicao,MAX($AD$15:OFFSET(AD103,-1,0))+IF($C103<>1,1,MAX(1,COUNTIF(QCI!$A$13:$A$24,OFFSET($E103,-1,0)))),\"\")","v":14},{"$f":"IF(AND($C103=\"S\",ORÇAMENTO.CodBarra<>\"\"),IF(ORÇAMENTO.Fonte=\"\",ORÇAMENTO.CodBarra,CONCATENATE(ORÇAMENTO.Fonte,\" \",ORÇAMENTO.CodBarra)))","v":false},{"$f":"IF(ISERROR(INDIRECT(ORÇAMENTO.BancoRef)),\"(abra o arquivo 'Referência \"&Excel_BuiltIn_Database&\".xlsm)\",IF(OR($C103<>\"S\",ORÇAMENTO.CodBarra=\"\"),\"(Sem Código)\",IF(ISERROR(MATCH($AE103,INDIRECT(ORÇAMENTO.BancoRef),0)),\"(Código não identificado nas referências)\",MATCH($AE103,INDIRECT(ORÇAMENTO.BancoRef),0))))","v":"(Sem Código)"},{"$f":"ROUND(IF(DESONERACAO=\"sim\",REFERENCIA.Desonerado,REFERENCIA.NaoDesonerado),2)","v":0},0.23380000000000001,null,null,null,null,64604.2,0]
["S",2,"S",0,{"$f":"IF($C104=1,OFFSET(E104,-1,0)+MAX(1,COUNTIF(QCI!$A$13:$A$24,OFFSET(ORÇAMENTO!E104,-1,0))),OFFSET(E104,-1,0))","v":1},13,0,0,1,0,{"$f":"IF(OR($C104=\"S\",$C104=0),0,MATCH(OFFSET($D104,0,$C104)+IF($C104<>1,1,COUNTIF(QCI!$A$13:$A$24,ORÇAMENTO!E104)),OFFSET($D104,1,$C104,ROW($C$110)-ROW($C104)),0))","v":0},"F","Serviço","Serviço","1.13.1.","SINAPI","90778",{"$f":"IF($C104=\"S\",REFERENCIA.Descricao,\"(digite a descrição aqui)\")","v":"ENGENHEIRO CIVIL DE OBRA PLENO COM ENCARGOS COMPLEMENTARES"},{"$f":"REFERENCIA.Unidade","v":"H"},{"$f":"OFFSET(CÁLCULO!H$15,ROW($T104)-ROW(T$15),0)","v":200},{"$f":"AG104","v":132.66999999999999},"BDI 1",{"$f":"IF($C104=\"S\",ROUND(IF(TIPOORCAMENTO=\"Proposto\",ORÇAMENTO.CustoUnitario*(1+$AH104),ORÇAMENTO.PrecoUnitarioLicitado),15-13*$AF$10),0)","v":163.69},{"$f":"IF($C104=\"S\",IF(OR(Import.TipoArredondamento<>\"TransfereGOV\",ACOMPANHAMENTO=\"BM\"),VTOTAL1,SUM(OFFSET(CÁLCULO!$AI$15,ROW($X104)-ROW($X$15),1):OFFSET(CÁLCULO!$BB$15,ROW($X104)-ROW($X$15),-1))),IF($C104=0,0,ROUND(SomaAgrup,15-13*$AF$11)))","v":32738},"RA","RA",{"$f":"IF($C104=\"S\",IF($Z104=\"CP\",$X104,IF($Z104=\"RA\",(($X104)*QCI!$AA$3),0)),SomaAgrup)","v":10209.540685328833},0,{"$f":"IF($N104=\"\",\" \",\nIF(AND($C104<>\"S\",OR($R104=\"\",$R104=\"(digite a descrição aqui)\")),\"DESCRIÇÃO\",\nIF(AND($C104=\"S\",OR($Q104<>0,$T104>0,$U104>0),$P104=0),\"FONTE\",\nIF(AND($C104=\"S\",$P104<>0,OR($T104>0,$U104>0),$Q104=0),\"CÓDIGO\",\nIF(AND($C104=\"S\",$P104<>0,$Q104<>0,$R104=\"(Código não identificado nas referências)\"),\"CÓDIGO N/ID\",\nIF(AND($C104=\"S\",OR($R104=\"\",$R104=\"(digite a descrição aqui)\"),OR($Q104<>0,$T104>0,$U104>0)),\"DESCRIÇÃO\",\nIF(AND($C104=\"S\",$P104<>0,$Q104<>0,$S104=\"\"),\"UNIDADE\",\nIF(AND($C104=\"S\",$P104<>0,$Q104<>0,$U104=0),\"SEM CUSTO\",\nIF(AND(TIPOORCAMENTO=\"Licitado\",$AL104=0,$AN104>0),\"SEM PREÇO\",\nIF(AND($C104=\"S\",$P104<>0,$Q104<>0,$U104>0,$V104=0),\"BDI\",\nIF(OR(AND(TIPOORCAMENTO=\"Proposto\",$AG104<>\"\",$AG104>0,ORÇAMENTO.CustoUnitario>$AG104),AND(TIPOORCAMENTO=\"LICITADO\",ORÇAMENTO.PrecoUnitarioLicitado>$AN104)),\"ACIMA REF.\",\nIF(AND($C104=\"S\",$P104<>0,$Q104<>0,$T104=0,$U104>0),\"QUANT.\",\nIF(AND(Import.TipoArredondamento=\"TransfereGOV\",$L104=\"F\",$C104=\"S\",LEN($Q104)>13),\"Código >13\",\nIF(AND(Import.TipoArredondamento=\"TransfereGOV\",$L104=\"F\",$C104<>\"S\",LEN($R104)>100),\"Descrição >100\",\nIF(AND(Import.TipoArredondamento=\"TransfereGOV\",$L104=\"F\",$C104=\"S\",LEN($R104)>500),\"Descrição >500\",\nIF(AND(Import.TipoArredondamento=\"TransfereGOV\",$L104=\"F\",$C104=\"S\",LEFT(TRIM(UPPER($P104)),6)<>\"SINAPI\",ISNA(VLOOKUP(TRIM(UPPER($S104)),ListaTgov.Unidades,1,FALSE))),\"Unid. Não Disp\",\n\" \"))))))))))))))))","v":" "},{"$f":"IF(C104<=CRONO.NivelExibicao,MAX($AD$15:OFFSET(AD104,-1,0))+IF($C104<>1,1,MAX(1,COUNTIF(QCI!$A$13:$A$24,OFFSET($E104,-1,0)))),\"\")","v":""},{"$f":"IF(AND($C104=\"S\",ORÇAMENTO.CodBarra<>\"\"),IF(ORÇAMENTO.Fonte=\"\",ORÇAMENTO.CodBarra,CONCATENATE(ORÇAMENTO.Fonte,\" \",ORÇAMENTO.CodBarra)))","v":"SINAPI 90778"},{"$f":"IF(ISERROR(INDIRECT(ORÇAMENTO.BancoRef)),\"(abra o arquivo 'Referência \"&Excel_BuiltIn_Database&\".xlsm)\",IF(OR($C104<>\"S\",ORÇAMENTO.CodBarra=\"\"),\"(Sem Código)\",IF(ISERROR(MATCH($AE104,INDIRECT(ORÇAMENTO.BancoRef),0)),\"(Código não identificado nas referências)\",MATCH($AE104,INDIRECT(ORÇAMENTO.BancoRef),0))))","v":13067},{"$f":"ROUND(IF(DESONERACAO=\"sim\",REFERENCIA.Desonerado,REFERENCIA.NaoDesonerado),2)","v":132.66999999999999},0.23380000000000001,null,200,null,null,32738,163.69]
["S",2,"S",0,{"$f":"IF($C105=1,OFFSET(E105,-1,0)+MAX(1,COUNTIF(QCI!$A$13:$A$24,OFFSET(ORÇAMENTO!E105,-1,0))),OFFSET(E105,-1,0))","v":1},13,0,0,2,0,{"$f":"IF(OR($C105=\"S\",$C105=0),0,MATCH(OFFSET($D105,0,$C105)+IF($C105<>1,1,COUNTIF(QCI!$A$13:$A$24,ORÇAMENTO!E105)),OFFSET($D105,1,$C105,ROW($C$110)-ROW($C105)),0))","v":0},"F","Serviço","Serviço","1.13.2.","SINAPI","90780",{"$f":"IF($C105=\"S\",REFERENCIA.Descricao,\"(digite a descrição aqui)\")","v":"MESTRE DE OBRAS COM ENCARGOS COMPLEMENTARES"},{"$f":"REFERENCIA.Unidade","v":"H"},{"$f":"OFFSET(CÁLCULO!H$15,ROW($T105)-ROW(T$15),0)","v":500},38.380000000000003,"BDI 1",{"$f":"IF($C105=\"S\",ROUND(IF(TIPOORCAMENTO=\"Proposto\",ORÇAMENTO.CustoUnitario*(1+$AH105),ORÇAMENTO.PrecoUnitarioLicitado),15-13*$AF$10),0)","v":47.35},{"$f":"IF($C105=\"S\",IF(OR(Import.TipoArredondamento<>\"TransfereGOV\",ACOMPANHAMENTO=\"BM\"),VTOTAL1,SUM(OFFSET(CÁLCULO!$AI$15,ROW($X105)-ROW($X$15),1):OFFSET(CÁLCULO!$BB$15,ROW($X105)-ROW($X$15),-1))),IF($C105=0,0,ROUND(SomaAgrup,15-13*$AF$11)))","v":23675},"RA","RA",{"$f":"IF($C105=\"S\",IF($Z105=\"CP\",$X105,IF($Z105=\"RA\",(($X105)*QCI!$AA$3),0)),SomaAgrup)","v":7383.1900459759336},0,{"$f":"IF($N105=\"\",\" \",\nIF(AND($C105<>\"S\",OR($R105=\"\",$R105=\"(digite a descrição aqui)\")),\"DESCRIÇÃO\",\nIF(AND($C105=\"S\",OR($Q105<>0,$T105>0,$U105>0),$P105=0),\"FONTE\",\nIF(AND($C105=\"S\",$P105<>0,OR($T105>0,$U105>0),$Q105=0),\"CÓDIGO\",\nIF(AND($C105=\"S\",$P105<>0,$Q105<>0,$R105=\"(Código não identificado nas referências)\"),\"CÓDIGO N/ID\",\nIF(AND($C105=\"S\",OR($R105=\"\",$R105=\"(digite a descrição aqui)\"),OR($Q105<>0,$T105>0,$U105>0)),\"DESCRIÇÃO\",\nIF(AND($C105=\"S\",$P105<>0,$Q105<>0,$S105=\"\"),\"UNIDADE\",\nIF(AND($C105=\"S\",$P105<>0,$Q105<>0,$U105=0),\"SEM CUSTO\",\nIF(AND(TIPOORCAMENTO=\"Licitado\",$AL105=0,$AN105>0),\"SEM PREÇO\",\nIF(AND($C105=\"S\",$P105<>0,$Q105<>0,$U105>0,$V105=0),\"BDI\",\nIF(OR(AND(TIPOORCAMENTO=\"Proposto\",$AG105<>\"\",$AG105>0,ORÇAMENTO.CustoUnitario>$AG105),AND(TIPOORCAMENTO=\"LICITADO\",ORÇAMENTO.PrecoUnitarioLicitado>$AN105)),\"ACIMA REF.\",\nIF(AND($C105=\"S\",$P105<>0,$Q105<>0,$T105=0,$U105>0),\"QUANT.\",\nIF(AND(Import.TipoArredondamento=\"TransfereGOV\",$L105=\"F\",$C105=\"S\",LEN($Q105)>13),\"Código >13\",\nIF(AND(Import.TipoArredondamento=\"TransfereGOV\",$L105=\"F\",$C105<>\"S\",LEN($R105)>100),\"Descrição >100\",\nIF(AND(Import.TipoArredondamento=\"TransfereGOV\",$L105=\"F\",$C105=\"S\",LEN($R105)>500),\"Descrição >500\",\nIF(AND(Import.TipoArredondamento=\"TransfereGOV\",$L105=\"F\",$C105=\"S\",LEFT(TRIM(UPPER($P105)),6)<>\"SINAPI\",ISNA(VLOOKUP(TRIM(UPPER($S105)),ListaTgov.Unidades,1,FALSE))),\"Unid. Não Disp\",\n\" \"))))))))))))))))","v":" "},{"$f":"IF(C105<=CRONO.NivelExibicao,MAX($AD$15:OFFSET(AD105,-1,0))+IF($C105<>1,1,MAX(1,COUNTIF(QCI!$A$13:$A$24,OFFSET($E105,-1,0)))),\"\")","v":""},{"$f":"IF(AND($C105=\"S\",ORÇAMENTO.CodBarra<>\"\"),IF(ORÇAMENTO.Fonte=\"\",ORÇAMENTO.CodBarra,CONCATENATE(ORÇAMENTO.Fonte,\" \",ORÇAMENTO.CodBarra)))","v":"SINAPI 90780"},{"$f":"IF(ISERROR(INDIRECT(ORÇAMENTO.BancoRef)),\"(abra o arquivo 'Referência \"&Excel_BuiltIn_Database&\".xlsm)\",IF(OR($C105<>\"S\",ORÇAMENTO.CodBarra=\"\"),\"(Sem Código)\",IF(ISERROR(MATCH($AE105,INDIRECT(ORÇAMENTO.BancoRef),0)),\"(Código não identificado nas referências)\",MATCH($AE105,INDIRECT(ORÇAMENTO.BancoRef),0))))","v":13089},{"$f":"ROUND(IF(DESONERACAO=\"sim\",REFERENCIA.Desonerado,REFERENCIA.NaoDesonerado),2)","v":38.380000000000003},0.23380000000000001,null,500,null,null,23675,47.35]
["S",2,"S",0,{"$f":"IF($C106=1,OFFSET(E106,-1,0)+MAX(1,COUNTIF(QCI!$A$13:$A$24,OFFSET(ORÇAMENTO!E106,-1,0))),OFFSET(E106,-1,0))","v":1},13,0,0,3,0,{"$f":"IF(OR($C106=\"S\",$C106=0),0,MATCH(OFFSET($D106,0,$C106)+IF($C106<>1,1,COUNTIF(QCI!$A$13:$A$24,ORÇAMENTO!E106)),OFFSET($D106,1,$C106,ROW($C$110)-ROW($C106)),0))","v":0},"F","Serviço","Serviço","1.13.3.","SINAPI","90781",{"$f":"IF($C106=\"S\",REFERENCIA.Descricao,\"(digite a descrição aqui)\")","v":"TOPOGRAFO COM ENCARGOS COMPLEMENTARES"},{"$f":"REFERENCIA.Unidade","v":"H"},{"$f":"OFFSET(CÁLCULO!H$15,ROW($T106)-ROW(T$15),0)","v":60},29.99,"BDI 1",{"$f":"IF($C106=\"S\",ROUND(IF(TIPOORCAMENTO=\"Proposto\",ORÇAMENTO.CustoUnitario*(1+$AH106),ORÇAMENTO.PrecoUnitarioLicitado),15-13*$AF$10),0)","v":37},{"$f":"IF($C106=\"S\",IF(OR(Import.TipoArredondamento<>\"TransfereGOV\",ACOMPANHAMENTO=\"BM\"),VTOTAL1,SUM(OFFSET(CÁLCULO!$AI$15,ROW($X106)-ROW($X$15),1):OFFSET(CÁLCULO!$BB$15,ROW($X106)-ROW($X$15),-1))),IF($C106=0,0,ROUND(SomaAgrup,15-13*$AF$11)))","v":2220},"RA","RA",{"$f":"IF($C106=\"S\",IF($Z106=\"CP\",$X106,IF($Z106=\"RA\",(($X106)*QCI!$AA$3),0)),SomaAgrup)","v":692.32024929531462},0,{"$f":"IF($N106=\"\",\" \",\nIF(AND($C106<>\"S\",OR($R106=\"\",$R106=\"(digite a descrição aqui)\")),\"DESCRIÇÃO\",\nIF(AND($C106=\"S\",OR($Q106<>0,$T106>0,$U106>0),$P106=0),\"FONTE\",\nIF(AND($C106=\"S\",$P106<>0,OR($T106>0,$U106>0),$Q106=0),\"CÓDIGO\",\nIF(AND($C106=\"S\",$P106<>0,$Q106<>0,$R106=\"(Código não identificado nas referências)\"),\"CÓDIGO N/ID\",\nIF(AND($C106=\"S\",OR($R106=\"\",$R106=\"(digite a descrição aqui)\"),OR($Q106<>0,$T106>0,$U106>0)),\"DESCRIÇÃO\",\nIF(AND($C106=\"S\",$P106<>0,$Q106<>0,$S106=\"\"),\"UNIDADE\",\nIF(AND($C106=\"S\",$P106<>0,$Q106<>0,$U106=0),\"SEM CUSTO\",\nIF(AND(TIPOORCAMENTO=\"Licitado\",$AL106=0,$AN106>0),\"SEM PREÇO\",\nIF(AND($C106=\"S\",$P106<>0,$Q106<>0,$U106>0,$V106=0),\"BDI\",\nIF(OR(AND(TIPOORCAMENTO=\"Proposto\",$AG106<>\"\",$AG106>0,ORÇAMENTO.CustoUnitario>$AG106),AND(TIPOORCAMENTO=\"LICITADO\",ORÇAMENTO.PrecoUnitarioLicitado>$AN106)),\"ACIMA REF.\",\nIF(AND($C106=\"S\",$P106<>0,$Q106<>0,$T106=0,$U106>0),\"QUANT.\",\nIF(AND(Import.TipoArredondamento=\"TransfereGOV\",$L106=\"F\",$C106=\"S\",LEN($Q106)>13),\"Código >13\",\nIF(AND(Import.TipoArredondamento=\"TransfereGOV\",$L106=\"F\",$C106<>\"S\",LEN($R106)>100),\"Descrição >100\",\nIF(AND(Import.TipoArredondamento=\"TransfereGOV\",$L106=\"F\",$C106=\"S\",LEN($R106)>500),\"Descrição >500\",\nIF(AND(Import.TipoArredondamento=\"TransfereGOV\",$L106=\"F\",$C106=\"S\",LEFT(TRIM(UPPER($P106)),6)<>\"SINAPI\",ISNA(VLOOKUP(TRIM(UPPER($S106)),ListaTgov.Unidades,1,FALSE))),\"Unid. Não Disp\",\n\" \"))))))))))))))))","v":" "},{"$f":"IF(C106<=CRONO.NivelExibicao,MAX($AD$15:OFFSET(AD106,-1,0))+IF($C106<>1,1,MAX(1,COUNTIF(QCI!$A$13:$A$24,OFFSET($E106,-1,0)))),\"\")","v":""},{"$f":"IF(AND($C106=\"S\",ORÇAMENTO.CodBarra<>\"\"),IF(ORÇAMENTO.Fonte=\"\",ORÇAMENTO.CodBarra,CONCATENATE(ORÇAMENTO.Fonte,\" \",ORÇAMENTO.CodBarra)))","v":"SINAPI 90781"},{"$f":"IF(ISERROR(INDIRECT(ORÇAMENTO.BancoRef)),\"(abra o arquivo 'Referência \"&Excel_BuiltIn_Database&\".xlsm)\",IF(OR($C106<>\"S\",ORÇAMENTO.CodBarra=\"\"),\"(Sem Código)\",IF(ISERROR(MATCH($AE106,INDIRECT(ORÇAMENTO.BancoRef),0)),\"(Código não identificado nas referências)\",MATCH($AE106,INDIRECT(ORÇAMENTO.BancoRef),0))))","v":13170},{"$f":"ROUND(IF(DESONERACAO=\"sim\",REFERENCIA.Desonerado,REFERENCIA.NaoDesonerado),2)","v":29.99},0.23380000000000001,null,60,null,null,2220,37]
["S",2,"S",0,{"$f":"IF($C107=1,OFFSET(E107,-1,0)+MAX(1,COUNTIF(QCI!$A$13:$A$24,OFFSET(ORÇAMENTO!E107,-1,0))),OFFSET(E107,-1,0))","v":1},13,0,0,4,0,{"$f":"IF(OR($C107=\"S\",$C107=0),0,MATCH(OFFSET($D107,0,$C107)+IF($C107<>1,1,COUNTIF(QCI!$A$13:$A$24,ORÇAMENTO!E107)),OFFSET($D107,1,$C107,ROW($C$110)-ROW($C107)),0))","v":0},"F","Serviço","Serviço","1.13.4.","SINAPI","88253",{"$f":"IF($C107=\"S\",REFERENCIA.Descricao,\"(digite a descrição aqui)\")","v":"AUXILIAR DE TOPÓGRAFO COM ENCARGOS COMPLEMENTARES"},{"$f":"REFERENCIA.Unidade","v":"H"},{"$f":"OFFSET(CÁLCULO!H$15,ROW($T107)-ROW(T$15),0)","v":60},14.74,"BDI 1",{"$f":"IF($C107=\"S\",ROUND(IF(TIPOORCAMENTO=\"Proposto\",ORÇAMENTO.CustoUnitario*(1+$AH107),ORÇAMENTO.PrecoUnitarioLicitado),15-13*$AF$10),0)","v":18.190000000000001},{"$f":"IF($C107=\"S\",IF(OR(Import.TipoArredondamento<>\"TransfereGOV\",ACOMPANHAMENTO=\"BM\"),VTOTAL1,SUM(OFFSET(CÁLCULO!$AI$15,ROW($X107)-ROW($X$15),1):OFFSET(CÁLCULO!$BB$15,ROW($X107)-ROW($X$15),-1))),IF($C107=0,0,ROUND(SomaAgrup,15-13*$AF$11)))","v":1091.4000000000001},"RA","RA",{"$f":"IF($C107=\"S\",IF($Z107=\"CP\",$X107,IF($Z107=\"RA\",(($X107)*QCI!$AA$3),0)),SomaAgrup)","v":340.35960364004791},0,{"$f":"IF($N107=\"\",\" \",\nIF(AND($C107<>\"S\",OR($R107=\"\",$R107=\"(digite a descrição aqui)\")),\"DESCRIÇÃO\",\nIF(AND($C107=\"S\",OR($Q107<>0,$T107>0,$U107>0),$P107=0),\"FONTE\",\nIF(AND($C107=\"S\",$P107<>0,OR($T107>0,$U107>0),$Q107=0),\"CÓDIGO\",\nIF(AND($C107=\"S\",$P107<>0,$Q107<>0,$R107=\"(Código não identificado nas referências)\"),\"CÓDIGO N/ID\",\nIF(AND($C107=\"S\",OR($R107=\"\",$R107=\"(digite a descrição aqui)\"),OR($Q107<>0,$T107>0,$U107>0)),\"DESCRIÇÃO\",\nIF(AND($C107=\"S\",$P107<>0,$Q107<>0,$S107=\"\"),\"UNIDADE\",\nIF(AND($C107=\"S\",$P107<>0,$Q107<>0,$U107=0),\"SEM CUSTO\",\nIF(AND(TIPOORCAMENTO=\"Licitado\",$AL107=0,$AN107>0),\"SEM PREÇO\",\nIF(AND($C107=\"S\",$P107<>0,$Q107<>0,$U107>0,$V107=0),\"BDI\",\nIF(OR(AND(TIPOORCAMENTO=\"Proposto\",$AG107<>\"\",$AG107>0,ORÇAMENTO.CustoUnitario>$AG107),AND(TIPOORCAMENTO=\"LICITADO\",ORÇAMENTO.PrecoUnitarioLicitado>$AN107)),\"ACIMA REF.\",\nIF(AND($C107=\"S\",$P107<>0,$Q107<>0,$T107=0,$U107>0),\"QUANT.\",\nIF(AND(Import.TipoArredondamento=\"TransfereGOV\",$L107=\"F\",$C107=\"S\",LEN($Q107)>13),\"Código >13\",\nIF(AND(Import.TipoArredondamento=\"TransfereGOV\",$L107=\"F\",$C107<>\"S\",LEN($R107)>100),\"Descrição >100\",\nIF(AND(Import.TipoArredondamento=\"TransfereGOV\",$L107=\"F\",$C107=\"S\",LEN($R107)>500),\"Descrição >500\",\nIF(AND(Import.TipoArredondamento=\"TransfereGOV\",$L107=\"F\",$C107=\"S\",LEFT(TRIM(UPPER($P107)),6)<>\"SINAPI\",ISNA(VLOOKUP(TRIM(UPPER($S107)),ListaTgov.Unidades,1,FALSE))),\"Unid. Não Disp\",\n\" \"))))))))))))))))","v":" "},{"$f":"IF(C107<=CRONO.NivelExibicao,MAX($AD$15:OFFSET(AD107,-1,0))+IF($C107<>1,1,MAX(1,COUNTIF(QCI!$A$13:$A$24,OFFSET($E107,-1,0)))),\"\")","v":""},{"$f":"IF(AND($C107=\"S\",ORÇAMENTO.CodBarra<>\"\"),IF(ORÇAMENTO.Fonte=\"\",ORÇAMENTO.CodBarra,CONCATENATE(ORÇAMENTO.Fonte,\" \",ORÇAMENTO.CodBarra)))","v":"SINAPI 88253"},{"$f":"IF(ISERROR(INDIRECT(ORÇAMENTO.BancoRef)),\"(abra o arquivo 'Referência \"&Excel_BuiltIn_Database&\".xlsm)\",IF(OR($C107<>\"S\",ORÇAMENTO.CodBarra=\"\"),\"(Sem Código)\",IF(ISERROR(MATCH($AE107,INDIRECT(ORÇAMENTO.BancoRef),0)),\"(Código não identificado nas referências)\",MATCH($AE107,INDIRECT(ORÇAMENTO.BancoRef),0))))","v":12850},{"$f":"ROUND(IF(DESONERACAO=\"sim\",REFERENCIA.Desonerado,REFERENCIA.NaoDesonerado),2)","v":14.74},0.23380000000000001,null,60,null,null,1091.4000000000001,18.190000000000001]
["S",2,"S",0,{"$f":"IF($C108=1,OFFSET(E108,-1,0)+MAX(1,COUNTIF(QCI!$A$13:$A$24,OFFSET(ORÇAMENTO!E108,-1,0))),OFFSET(E108,-1,0))","v":1},13,0,0,5,0,{"$f":"IF(OR($C108=\"S\",$C108=0),0,MATCH(OFFSET($D108,0,$C108)+IF($C108<>1,1,COUNTIF(QCI!$A$13:$A$24,ORÇAMENTO!E108)),OFFSET($D108,1,$C108,ROW($C$110)-ROW($C108)),0))","v":0},"F","Serviço","Serviço","1.13.5.","SINAPI","88321",{"$f":"IF($C108=\"S\",REFERENCIA.Descricao,\"(digite a descrição aqui)\")","v":"TÉCNICO DE LABORATÓRIO COM ENCARGOS COMPLEMENTARES"},{"$f":"REFERENCIA.Unidade","v":"H"},{"$f":"OFFSET(CÁLCULO!H$15,ROW($T108)-ROW(T$15),0)","v":60},35.81,"BDI 1",{"$f":"IF($C108=\"S\",ROUND(IF(TIPOORCAMENTO=\"Proposto\",ORÇAMENTO.CustoUnitario*(1+$AH108),ORÇAMENTO.PrecoUnitarioLicitado),15-13*$AF$10),0)","v":44.18},{"$f":"IF($C108=\"S\",IF(OR(Import.TipoArredondamento<>\"TransfereGOV\",ACOMPANHAMENTO=\"BM\"),VTOTAL1,SUM(OFFSET(CÁLCULO!$AI$15,ROW($X108)-ROW($X$15),1):OFFSET(CÁLCULO!$BB$15,ROW($X108)-ROW($X$15),-1))),IF($C108=0,0,ROUND(SomaAgrup,15-13*$AF$11)))","v":2650.8},"RA","RA",{"$f":"IF($C108=\"S\",IF($Z108=\"CP\",$X108,IF($Z108=\"RA\",(($X108)*QCI!$AA$3),0)),SomaAgrup)","v":826.66780037478384},0,{"$f":"IF($N108=\"\",\" \",\nIF(AND($C108<>\"S\",OR($R108=\"\",$R108=\"(digite a descrição aqui)\")),\"DESCRIÇÃO\",\nIF(AND($C108=\"S\",OR($Q108<>0,$T108>0,$U108>0),$P108=0),\"FONTE\",\nIF(AND($C108=\"S\",$P108<>0,OR($T108>0,$U108>0),$Q108=0),\"CÓDIGO\",\nIF(AND($C108=\"S\",$P108<>0,$Q108<>0,$R108=\"(Código não identificado nas referências)\"),\"CÓDIGO N/ID\",\nIF(AND($C108=\"S\",OR($R108=\"\",$R108=\"(digite a descrição aqui)\"),OR($Q108<>0,$T108>0,$U108>0)),\"DESCRIÇÃO\",\nIF(AND($C108=\"S\",$P108<>0,$Q108<>0,$S108=\"\"),\"UNIDADE\",\nIF(AND($C108=\"S\",$P108<>0,$Q108<>0,$U108=0),\"SEM CUSTO\",\nIF(AND(TIPOORCAMENTO=\"Licitado\",$AL108=0,$AN108>0),\"SEM PREÇO\",\nIF(AND($C108=\"S\",$P108<>0,$Q108<>0,$U108>0,$V108=0),\"BDI\",\nIF(OR(AND(TIPOORCAMENTO=\"Proposto\",$AG108<>\"\",$AG108>0,ORÇAMENTO.CustoUnitario>$AG108),AND(TIPOORCAMENTO=\"LICITADO\",ORÇAMENTO.PrecoUnitarioLicitado>$AN108)),\"ACIMA REF.\",\nIF(AND($C108=\"S\",$P108<>0,$Q108<>0,$T108=0,$U108>0),\"QUANT.\",\nIF(AND(Import.TipoArredondamento=\"TransfereGOV\",$L108=\"F\",$C108=\"S\",LEN($Q108)>13),\"Código >13\",\nIF(AND(Import.TipoArredondamento=\"TransfereGOV\",$L108=\"F\",$C108<>\"S\",LEN($R108)>100),\"Descrição >100\",\nIF(AND(Import.TipoArredondamento=\"TransfereGOV\",$L108=\"F\",$C108=\"S\",LEN($R108)>500),\"Descrição >500\",\nIF(AND(Import.TipoArredondamento=\"TransfereGOV\",$L108=\"F\",$C108=\"S\",LEFT(TRIM(UPPER($P108)),6)<>\"SINAPI\",ISNA(VLOOKUP(TRIM(UPPER($S108)),ListaTgov.Unidades,1,FALSE))),\"Unid. Não Disp\",\n\" \"))))))))))))))))","v":" "},{"$f":"IF(C108<=CRONO.NivelExibicao,MAX($AD$15:OFFSET(AD108,-1,0))+IF($C108<>1,1,MAX(1,COUNTIF(QCI!$A$13:$A$24,OFFSET($E108,-1,0)))),\"\")","v":""},{"$f":"IF(AND($C108=\"S\",ORÇAMENTO.CodBarra<>\"\"),IF(ORÇAMENTO.Fonte=\"\",ORÇAMENTO.CodBarra,CONCATENATE(ORÇAMENTO.Fonte,\" \",ORÇAMENTO.CodBarra)))","v":"SINAPI 88321"},{"$f":"IF(ISERROR(INDIRECT(ORÇAMENTO.BancoRef)),\"(abra o arquivo 'Referência \"&Excel_BuiltIn_Database&\".xlsm)\",IF(OR($C108<>\"S\",ORÇAMENTO.CodBarra=\"\"),\"(Sem Código)\",IF(ISERROR(MATCH($AE108,INDIRECT(ORÇAMENTO.BancoRef),0)),\"(Código não identificado nas referências)\",MATCH($AE108,INDIRECT(ORÇAMENTO.BancoRef),0))))","v":13173},{"$f":"ROUND(IF(DESONERACAO=\"sim\",REFERENCIA.Desonerado,REFERENCIA.NaoDesonerado),2)","v":35.81},0.23380000000000001,null,60,null,null,2650.8,44.18]
["S",2,"S",0,{"$f":"IF($C109=1,OFFSET(E109,-1,0)+MAX(1,COUNTIF(QCI!$A$13:$A$24,OFFSET(ORÇAMENTO!E109,-1,0))),OFFSET(E109,-1,0))","v":1},13,0,0,6,0,{"$f":"IF(OR($C109=\"S\",$C109=0),0,MATCH(OFFSET($D109,0,$C109)+IF($C109<>1,1,COUNTIF(QCI!$A$13:$A$24,ORÇAMENTO!E109)),OFFSET($D109,1,$C109,ROW($C$110)-ROW($C109)),0))","v":0},"F","Serviço","Serviço","1.13.6.","SINAPI","88249",{"$f":"IF($C109=\"S\",REFERENCIA.Descricao,\"(digite a descrição aqui)\")","v":"AUXILIAR DE LABORATÓRIO COM ENCARGOS COMPLEMENTARES"},{"$f":"REFERENCIA.Unidade","v":"H"},{"$f":"OFFSET(CÁLCULO!H$15,ROW($T109)-ROW(T$15),0)","v":60},30.11,"BDI 1",{"$f":"IF($C109=\"S\",ROUND(IF(TIPOORCAMENTO=\"Proposto\",ORÇAMENTO.CustoUnitario*(1+$AH109),ORÇAMENTO.PrecoUnitarioLicitado),15-13*$AF$10),0)","v":37.15},{"$f":"IF($C109=\"S\",IF(OR(Import.TipoArredondamento<>\"TransfereGOV\",ACOMPANHAMENTO=\"BM\"),VTOTAL1,SUM(OFFSET(CÁLCULO!$AI$15,ROW($X109)-ROW($X$15),1):OFFSET(CÁLCULO!$BB$15,ROW($X109)-ROW($X$15),-1))),IF($C109=0,0,ROUND(SomaAgrup,15-13*$AF$11)))","v":2229},"RA","RA",{"$f":"IF($C109=\"S\",IF($Z109=\"CP\",$X109,IF($Z109=\"RA\",(($X109)*QCI!$AA$3),0)),SomaAgrup)","v":695.12695300867392},0,{"$f":"IF($N109=\"\",\" \",\nIF(AND($C109<>\"S\",OR($R109=\"\",$R109=\"(digite a descrição aqui)\")),\"DESCRIÇÃO\",\nIF(AND($C109=\"S\",OR($Q109<>0,$T109>0,$U109>0),$P109=0),\"FONTE\",\nIF(AND($C109=\"S\",$P109<>0,OR($T109>0,$U109>0),$Q109=0),\"CÓDIGO\",\nIF(AND($C109=\"S\",$P109<>0,$Q109<>0,$R109=\"(Código não identificado nas referências)\"),\"CÓDIGO N/ID\",\nIF(AND($C109=\"S\",OR($R109=\"\",$R109=\"(digite a descrição aqui)\"),OR($Q109<>0,$T109>0,$U109>0)),\"DESCRIÇÃO\",\nIF(AND($C109=\"S\",$P109<>0,$Q109<>0,$S109=\"\"),\"UNIDADE\",\nIF(AND($C109=\"S\",$P109<>0,$Q109<>0,$U109=0),\"SEM CUSTO\",\nIF(AND(TIPOORCAMENTO=\"Licitado\",$AL109=0,$AN109>0),\"SEM PREÇO\",\nIF(AND($C109=\"S\",$P109<>0,$Q109<>0,$U109>0,$V109=0),\"BDI\",\nIF(OR(AND(TIPOORCAMENTO=\"Proposto\",$AG109<>\"\",$AG109>0,ORÇAMENTO.CustoUnitario>$AG109),AND(TIPOORCAMENTO=\"LICITADO\",ORÇAMENTO.PrecoUnitarioLicitado>$AN109)),\"ACIMA REF.\",\nIF(AND($C109=\"S\",$P109<>0,$Q109<>0,$T109=0,$U109>0),\"QUANT.\",\nIF(AND(Import.TipoArredondamento=\"TransfereGOV\",$L109=\"F\",$C109=\"S\",LEN($Q109)>13),\"Código >13\",\nIF(AND(Import.TipoArredondamento=\"TransfereGOV\",$L109=\"F\",$C109<>\"S\",LEN($R109)>100),\"Descrição >100\",\nIF(AND(Import.TipoArredondamento=\"TransfereGOV\",$L109=\"F\",$C109=\"S\",LEN($R109)>500),\"Descrição >500\",\nIF(AND(Import.TipoArredondamento=\"TransfereGOV\",$L109=\"F\",$C109=\"S\",LEFT(TRIM(UPPER($P109)),6)<>\"SINAPI\",ISNA(VLOOKUP(TRIM(UPPER($S109)),ListaTgov.Unidades,1,FALSE))),\"Unid. Não Disp\",\n\" \"))))))))))))))))","v":" "},{"$f":"IF(C109<=CRONO.NivelExibicao,MAX($AD$15:OFFSET(AD109,-1,0))+IF($C109<>1,1,MAX(1,COUNTIF(QCI!$A$13:$A$24,OFFSET($E109,-1,0)))),\"\")","v":""},{"$f":"IF(AND($C109=\"S\",ORÇAMENTO.CodBarra<>\"\"),IF(ORÇAMENTO.Fonte=\"\",ORÇAMENTO.CodBarra,CONCATENATE(ORÇAMENTO.Fonte,\" \",ORÇAMENTO.CodBarra)))","v":"SINAPI 88249"},{"$f":"IF(ISERROR(INDIRECT(ORÇAMENTO.BancoRef)),\"(abra o arquivo 'Referência \"&Excel_BuiltIn_Database&\".xlsm)\",IF(OR($C109<>\"S\",ORÇAMENTO.CodBarra=\"\"),\"(Sem Código)\",IF(ISERROR(MATCH($AE109,INDIRECT(ORÇAMENTO.BancoRef),0)),\"(Código não identificado nas referências)\",MATCH($AE109,INDIRECT(ORÇAMENTO.BancoRef),0))))","v":12843},{"$f":"ROUND(IF(DESONERACAO=\"sim\",REFERENCIA.Desonerado,REFERENCIA.NaoDesonerado),2)","v":30.11},0.23380000000000001,null,60,null,null,2229,37.15]
[-1,null,-1,null,0,0,0,0,0,null,null,"F",null,null,null,null,null,null,null,null,null,null,null,null,null,null,null,null,{"$f":"IF($N110=\"\",\" \",\nIF(AND($C110<>\"S\",OR($R110=\"\",$R110=\"(digite a descrição aqui)\")),\"DESCRIÇÃO\",\nIF(AND($C110=\"S\",OR($Q110<>0,$T110>0,$U110>0),$P110=0),\"FONTE\",\nIF(AND($C110=\"S\",$P110<>0,OR($T110>0,$U110>0),$Q110=0),\"CÓDIGO\",\nIF(AND($C110=\"S\",$P110<>0,$Q110<>0,$R110=\"(Código não identificado nas referências)\"),\"CÓDIGO N/ID\",\nIF(AND($C110=\"S\",OR($R110=\"\",$R110=\"(digite a descrição aqui)\"),OR($Q110<>0,$T110>0,$U110>0)),\"DESCRIÇÃO\",\nIF(AND($C110=\"S\",$P110<>0,$Q110<>0,$S110=\"\"),\"UNIDADE\",\nIF(AND($C110=\"S\",$P110<>0,$Q110<>0,$U110=0),\"SEM CUSTO\",\nIF(AND(TIPOORCAMENTO=\"Licitado\",$AL110=0,$AN110>0),\"SEM PREÇO\",\nIF(AND($C110=\"S\",$P110<>0,$Q110<>0,$U110>0,$V110=0),\"BDI\",\nIF(OR(AND(TIPOORCAMENTO=\"Proposto\",$AG110<>\"\",$AG110>0,ORÇAMENTO.CustoUnitario>$AG110),AND(TIPOORCAMENTO=\"LICITADO\",ORÇAMENTO.PrecoUnitarioLicitado>$AN110)),\"ACIMA REF.\",\nIF(AND($C110=\"S\",$P110<>0,$Q110<>0,$T110=0,$U110>0),\"QUANT.\",\nIF(AND(Import.TipoArredondamento=\"TransfereGOV\",$L110=\"F\",$C110=\"S\",LEN($Q110)>13),\"Código >13\",\nIF(AND(Import.TipoArredondamento=\"TransfereGOV\",$L110=\"F\",$C110<>\"S\",LEN($R110)>100),\"Descrição >100\",\nIF(AND(Import.TipoArredondamento=\"TransfereGOV\",$L110=\"F\",$C110=\"S\",LEN($R110)>500),\"Descrição >500\",\nIF(AND(Import.TipoArredondamento=\"TransfereGOV\",$L110=\"F\",$C110=\"S\",LEFT(TRIM(UPPER($P110)),6)<>\"SINAPI\",ISNA(VLOOKUP(TRIM(UPPER($S110)),ListaTgov.Unidades,1,FALSE))),\"Unid. Não Disp\",\n\" \"))))))))))))))))","v":" "}]
[]
[]
[null,null,null,null,null,null,null,null,null,null,null,null,null,null,"Encargos sociais:",null,"Para elaboração deste orçamento, foram utilizados os encargos sociais do SINAPI para a Unidade da Federação indicada."]
[]
[null,null,null,null,null,null,null,null,null,null,null,null,null,null,"Observações:"]
[]
[]
[]
[]
[null,null,null,null,null,null,null,null,null,null,null,null,null,null,{"$f":"IF(AND($AF$7=FALSE,$AF$8=FALSE,$AF$9=FALSE,$AF$10=FALSE,$AF$11=FALSE),\"Não foi considerado arredondamento nos valores da planilha.\",CONCATENATE(\"Foi considerado arredondamento de duas casas decimais para \",IF($AF$7=TRUE,\"Quantidade; \",\"\"),IF($AF$8=TRUE,\"Custo Unitário; \",\"\"),IF($AF$9=TRUE,\"BDI; \",\"\"),IF($AF$10=TRUE,\"Preço Unitário; \",\"\"),IF($AF$11=TRUE,\"Preço Total.\",\"\")))","v":"Foi considerado arredondamento de duas casas decimais para Quantidade; Custo Unitário; BDI; Preço Unitário; Preço Total."}]
[null,null,null,null,null,null,null,null,null,null,null,null,null,null,"Siglas da Composição do Investimento: RA - Rateio proporcional entre Repasse e Contrapartida; RP - 100% Repasse; CP - 100% Contrapartida; OU - 100% Outros."]
[]
[null,null,null,null,null,null,null,null,null,null,null,null,null,null,{"$f":"Import.Município","v":"MUNICIPIO DE SIDROLÂNDIA"}]
[null,null,null,null,null,null,null,null,null,null,null,null,null,null,"Local",null,null,null,"Responsável Técnico"]
[null,null,null,null,null,null,null,null,null,null,null,null,null,null,null,null,null,null,"Nome:",{"$f":"Import.RespOrçamento","v":"ALAN PINHEIRO TRINDADE"}]
[null,null,null,null,null,null,null,null,null,null,null,null,null,null,{"$f":"DADOS!$C$25","v":"2025-09-01"},null,null,null,"CREA/CAU:","70161/MS"]
[null,null,null,null,null,null,null,null,null,null,null,null,null,null,"Data",null,null,null,"ART/RRT:","1320250132544"]

{"sheet":"EVENTOS","index":5,"n_rows":73,"n_cols":26,"rows_kept":73,"cut":false,"hidden":true,"merged":[[9,23,11,23],[9,24,11,24],[7,2,7,3],[9,15,11,15],[9,16,11,16],[9,7,11,7],[9,8,11,8],[9,12,11,12],[9,13,11,13],[9,14,11,14],[9,18,11,18],[9,19,11,19],[9,20,11,20],[9,21,11,21],[9,22,11,22],[10,2,10,3],[4,5,4,12],[4,15,4,22],[9,4,11,4],[9,9,11,9],[9,10,11,10],[9,11,11,11],[9,17,11,17],[9,6,11,6]]}
[{"$f":"IF(D1=\"\",\"\",\"F\")","v":""},{"$f":"IF(OR(C1=\" \",D1=\"\"),\"\",CONCATENATE(C1,\". \",D1))","v":{"$error":"#REF!"}},{"$f":"IF(OR(ROW(C1)=ROW(EVENTOS.firstrow)+1,AND(OFFSET(C1,-1,0)<>\" \",OFFSET(C1,-1,1)<>\"\")),OFFSET(C1,-1,0)+1,\" \")","v":{"$error":"#REF!"}},null,{"$f":"IF(AUTOEVENTO=\"Manual\",ROUND(SUMPRODUCT((CÁLCULO!$M$15:$M$110=EVENTOS!$C1)*(OFFSET(CÁLCULO!$AI$15:$AI$110,0,E$13))),2),0)","v":{"$error":"#REF!"}},{"$f":"IF(AUTOEVENTO=\"Manual\",ROUND(SUMPRODUCT((CÁLCULO!$M$15:$M$110=EVENTOS!$C1)*(OFFSET(CÁLCULO!$AI$15,0,1):OFFSET(CÁLCULO!$BB$110,0,-1))),2),0)","v":{"$error":"#REF!"}},{"$f":"IF(AND(D1=0,F1>0),\"NOME\",\n IF(AND(D1<>0,$F$14>0,F1=0),\"VALOR\",\n IF(AND(Import.TipoArredondamento=\"TransfereGOV\",$A1=\"F\",LEN(D1)>100),\"Nome >100\",\"\")))","v":{"$error":"#REF!"}},{"$f":"IF(AUTOEVENTO=\"Manual\",ROUND(SUMPRODUCT((CÁLCULO!$M$15:$M$110=EVENTOS!$C1)*(OFFSET(CÁLCULO!$AI$15:$AI$110,0,H$13))),2),0)","v":{"$error":"#REF!"}},{"$f":"IF(AUTOEVENTO=\"Manual\",ROUND(SUMPRODUCT((CÁLCULO!$M$15:$M$110=EVENTOS!$C1)*(OFFSET(CÁLCULO!$AI$15:$AI$110,0,I$13))),2),0)","v":{"$error":"#REF!"}},{"$f":"IF(AUTOEVENTO=\"Manual\",ROUND(SUMPRODUCT((CÁLCULO!$M$15:$M$110=EVENTOS!$C1)*(OFFSET(CÁLCULO!$AI$15:$AI$110,0,J$13))),2),0)","v":{"$error":"#REF!"}},{"$f":"IF(AUTOEVENTO=\"Manual\",ROUND(SUMPRODUCT((CÁLCULO!$M$15:$M$110=EVENTOS!$C1)*(OFFSET(CÁLCULO!$AI$15:$AI$110,0,K$13))),2),0)","v":{"$error":"#REF!"}},{"$f":"IF(AUTOEVENTO=\"Manual\",ROUND(SUMPRODUCT((CÁLCULO!$M$15:$M$110=EVENTOS!$C1)*(OFFSET(CÁLCULO!$AI$15:$AI$110,0,L$13))),2),0)","v":{"$error":"#REF!"}},{"$f":"IF(AUTOEVENTO=\"Manual\",ROUND(SUMPRODUCT((CÁLCULO!$M$15:$M$110=EVENTOS!$C1)*(OFFSET(CÁLCULO!$AI$15:$AI$110,0,M$13))),2),0)","v":{"$error":"#REF!"}},{"$f":"IF(AUTOEVENTO=\"Manual\",ROUND(SUMPRODUCT((CÁLCULO!$M$15:$M$110=EVENTOS!$C1)*(OFFSET(CÁLCULO!$AI$15:$AI$110,0,N$13))),2),0)","v":{"$error":"#REF!"}},{"$f":"IF(AUTOEVENTO=\"Manual\",ROUND(SUMPRODUCT((CÁLCULO!$M$15:$M$110=EVENTOS!$C1)*(OFFSET(CÁLCULO!$AI$15:$AI$110,0,O$13))),2),0)","v":{"$error":"#REF!"}},{"$f":"IF(AUTOEVENTO=\"Manual\",ROUND(SUMPRODUCT((CÁLCULO!$M$15:$M$110=EVENTOS!$C1)*(OFFSET(CÁLCULO!$AI$15:$AI$110,0,P$13))),2),0)","v":{"$error":"#REF!"}},{"$f":"IF(AUTOEVENTO=\"Manual\",ROUND(SUMPRODUCT((CÁLCULO!$M$15:$M$110=EVENTOS!$C1)*(OFFSET(CÁLCULO!$AI$15:$AI$110,0,Q$13))),2),0)","v":{"$error":"#REF!"}},{"$f":"IF(AUTOEVENTO=\"Manual\",ROUND(SUMPRODUCT((CÁLCULO!$M$15:$M$110=EVENTOS!$C1)*(OFFSET(CÁLCULO!$AI$15:$AI$110,0,R$13))),2),0)","v":{"$error":"#REF!"}},{"$f":"IF(AUTOEVENTO=\"Manual\",ROUND(SUMPRODUCT((CÁLCULO!$M$15:$M$110=EVENTOS!$C1)*(OFFSET(CÁLCULO!$AI$15:$AI$110,0,S$13))),2),0)","v":{"$error":"#REF!"}},{"$f":"IF(AUTOEVENTO=\"Manual\",ROUND(SUMPRODUCT((CÁLCULO!$M$15:$M$110=EVENTOS!$C1)*(OFFSET(CÁLCULO!$AI$15:$AI$110,0,T$13))),2),0)","v":{"$error":"#REF!"}},{"$f":"IF(AUTOEVENTO=\"Manual\",ROUND(SUMPRODUCT((CÁLCULO!$M$15:$M$110=EVENTOS!$C1)*(OFFSET(CÁLCULO!$AI$15:$AI$110,0,U$13))),2),0)","v":{"$error":"#REF!"}},{"$f":"IF(AUTOEVENTO=\"Manual\",ROUND(SUMPRODUCT((CÁLCULO!$M$15:$M$110=EVENTOS!$C1)*(OFFSET(CÁLCULO!$AI$15:$AI$110,0,V$13))),2),0)","v":{"$error":"#REF!"}},{"$f":"IF(AUTOEVENTO=\"Manual\",ROUND(SUMPRODUCT((CÁLCULO!$M$15:$M$110=EVENTOS!$C1)*(OFFSET(CÁLCULO!$AI$15:$AI$110,0,W$13))),2),0)","v":{"$error":"#REF!"}},{"$f":"IF(AUTOEVENTO=\"Manual\",ROUND(SUMPRODUCT((CÁLCULO!$M$15:$M$110=EVENTOS!$C1)*(OFFSET(CÁLCULO!$AI$15:$AI$110,0,X$13))),2),0)","v":{"$error":"#REF!"}},{"$f":"IF(AUTOEVENTO=\"Manual\",ROUND(SUMPRODUCT((CÁLCULO!$M$15:$M$110=EVENTOS!$C1)*(OFFSET(CÁLCULO!$AI$15:$AI$110,0,Y$13))),2),0)","v":{"$error":"#REF!"}}]
[null,null,null,null,null,"AGRUPADORES DE EVENTOS",null,null,null,null,null,null,null,null,"Grau de Sigilo\n#PUBLICO",null,null,null,null,null,null,null,null,null,"Grau de Sigilo\n#PUBLICO"]
[]
[null,null,"PROPONENTE / TOMADOR",null,null,"APELIDO EMPREENDIMENTO",null,null,null,null,null,null,null,"Nº OPERAÇÃO","Nº TransfereGOV","APELIDO EMPREENDIMENTO",null,null,null,null,null,null,null,"Nº OPERAÇÃO","Nº TransfereGOV"]
[null,null,{"$f":"Import.Proponente","v":"MUNICIPIO DE SIDROLÂNDIA"},null,null,{"$f":"Import.Apelido","v":"ELABORAÇÃO DE PROJETO EXECUTIVO DE PAVIMENTAÇÃO ASFÁLTICA E DRENAGEM DE ÁGUAS PLUVIAIS DO BAIRRO JATOBÁ E ADJACENTES NO MUNICÍPIO DE SIDROLÂNDIA - MS."},null,null,null,null,null,null,null,{"$f":"Import.CR","v":0},{"$f":"Import.SICONV","v":0},{"$f":"Import.Apelido","v":"ELABORAÇÃO DE PROJETO EXECUTIVO DE PAVIMENTAÇÃO ASFÁLTICA E DRENAGEM DE ÁGUAS PLUVIAIS DO BAIRRO JATOBÁ E ADJACENTES NO MUNICÍPIO DE SIDROLÂNDIA - MS."},null,null,null,null,null,null,null,{"$f":"Import.CR","v":0},{"$f":"Import.SICONV","v":0}," "]
[null,null,"1. Selecione abaixo a forma de definição dos agrupadores de eventos:",null,null,{"$f":"IF(AUTOEVENTO=\"MANUAL\",\n  IF(COUNTIF($G$15:$G$66,\"NOME\")>0,\"Falta preencher o nome do Título do Evento nº \"&INDEX($C$15:$C$66,MATCH(\"NOME\",$G$15:$G$66,0)),\n  IF(COUNTIF($G$15:$G$66,\"VALOR\")>0,\"Falta atribuir serviços ao Evento nº \"&INDEX($C$15:$C$66,MATCH(\"VALOR\",$G$15:$G$66,0))&\". Corrigir a atribuição dos eventos na aba CÁLCULO. Ou excluir linhas dos eventos não utilizados.\",\n  IF($F$14<>ORÇAMENTO!$X$15,\"O valor total dos Eventos é diferente do valor total do Orçamento. Corrigir a atribuição dos eventos na aba CÁLCULO\",\n  IF(COUNTIF($G$15:$G$66,\"Nome >100\")>0,\"O tamanho do Título do Evento no TransfereGOV é limitado a 100 caracteres. Resuma o nome do Título do Evento nº \"&INDEX($C$15:$C$66,MATCH(\"Nome >100\",$G$15:$G$66,0)),\"\")))),\"\")","v":"O valor total dos Eventos é diferente do valor total do Orçamento. Corrigir a atribuição dos eventos na aba CÁLCULO"}]
[]
[null,null,"Definir Manualmente",null,null,{"$f":"IF(ACOMPANHAMENTO=\"BM\",\"\",\n IF(Import.Eventos.Nível=\"\",\"◄ Selecione a forma de definição dos agrupadores de eventos\",\n IF(Import.Eventos.Nível=\"\",\"◄ Selecione a forma de definição dos agrupadores de eventos\",\"\")))","v":""}]
[]
[null,null,{"$f":"COUNTIF($C$15:$C$66,\">0\")-1","v":6}," ",{"$f":"OFFSET(CÁLCULO!$P$12,0,EVENTOS!E$13)","v":"FRENTE ÚNICA"}," ",null,{"$f":"OFFSET(CÁLCULO!$P$12,0,EVENTOS!H$13)","v":"FRENTE ÚNICA"},{"$f":"OFFSET(CÁLCULO!$P$12,0,EVENTOS!I$13)","v":"."},{"$f":"OFFSET(CÁLCULO!$P$12,0,EVENTOS!J$13)","v":"."},{"$f":"OFFSET(CÁLCULO!$P$12,0,EVENTOS!K$13)","v":"."},{"$f":"OFFSET(CÁLCULO!$P$12,0,EVENTOS!L$13)","v":"."},{"$f":"OFFSET(CÁLCULO!$P$12,0,EVENTOS!M$13)","v":"."},{"$f":"OFFSET(CÁLCULO!$P$12,0,EVENTOS!N$13)","v":"."},{"$f":"OFFSET(CÁLCULO!$P$12,0,EVENTOS!O$13)","v":"."},{"$f":"OFFSET(CÁLCULO!$P$12,0,EVENTOS!P$13)","v":"."},{"$f":"OFFSET(CÁLCULO!$P$12,0,EVENTOS!Q$13)","v":"."},{"$f":"OFFSET(CÁLCULO!$P$12,0,EVENTOS!R$13)","v":"."},{"$f":"OFFSET(CÁLCULO!$P$12,0,EVENTOS!S$13)","v":"."},{"$f":"OFFSET(CÁLCULO!$P$12,0,EVENTOS!T$13)","v":"."},{"$f":"OFFSET(CÁLCULO!$P$12,0,EVENTOS!U$13)","v":"."},{"$f":"OFFSET(CÁLCULO!$P$12,0,EVENTOS!V$13)","v":"."},{"$f":"OFFSET(CÁLCULO!$P$12,0,EVENTOS!W$13)","v":"."},{"$f":"OFFSET(CÁLCULO!$P$12,0,EVENTOS!X$13)","v":"."},{"$f":"OFFSET(CÁLCULO!$P$12,0,EVENTOS!Y$13)","v":"."}]
["FILTRO",null,{"$f":"IF(ACOMPANHAMENTO=\"BM\",\"Foi selecionado na aba 'MENU' o acompanhamento por BM. Não há necessidade de definição de Eventos.\",IF(AND(Import.Eventos.Nível<>\"Definir Manualmente\",Import.Eventos.Nível<>\"\"),\"Foi selecionada a forma automática de definição dos agrupadores de eventos.\",\"\"))","v":"Foi selecionado na aba 'MENU' o acompanhamento por BM. Não há necessidade de definição de Eventos."}]
["↓"]
[null,null,"Nº do Evento","Título do Evento",{"$f":"IF(NOT(ISNUMBER(OFFSET(E13,0,-1))),1,IF(OR(OFFSET(E13,0,-1)=0,OFFSET(E13,0,-1)+1>CÁLCULO.FrentesPreenchidas),0,OFFSET(E13,0,-1)+1))","v":1},"Valor Total dos Eventos (R$)",null,{"$f":"IF(NOT(ISNUMBER(OFFSET(H13,0,-1))),1,IF(OR(OFFSET(H13,0,-1)=0,OFFSET(H13,0,-1)+1>CÁLCULO.FrentesPreenchidas),0,OFFSET(H13,0,-1)+1))","v":1},0,0,0,0,0,0,0,0,0,0,0,0,0,0,0,0,0]
["F",null,null,"Total:",{"$f":"SUM(E$15:E$66)","v":0},{"$f":"SUM(F$15:F$66)","v":0},null,{"$f":"SUM(H$15:H$66)","v":0},0,0,0,0,0,0,0,0,0,0,0,0,0,0,0,0,0]
[{"$f":"IF(D15=\"\",\"\",\"F\")","v":""},{"$f":"IF(OR(C15=\" \",D15=\"\"),\"\",CONCATENATE(C15,\". \",D15))","v":""},{"$f":"IF(AdmLocal=\"Automática\",1,0)","v":0},{"$f":"IF(C15=1,\"Administração Local\",\"\")","v":""},{"$f":"IF($F$15=0,0,IF(E13=1,$F$15-SUM($I$15:$Z$15),ROUND(SUM(OFFSET(E15,1,0):OFFSET(E$66,-1,0))/SUM(OFFSET($F15,1,0):OFFSET($F$66,-1,0))*$F$15,2)))","v":0},{"$f":"IF($C$15=0,0,ROUND(SUMPRODUCT((CÁLCULO!$M$15:$M$110=EVENTOS!$C15)*(ORÇAMENTO!$X$15:'ORÇAMENTO'!$X$110)),2))","v":0},null,{"$f":"IF($F$15=0,0,IF(H13=1,$F$15-SUM($I$15:$Z$15),ROUND(SUM(OFFSET(H15,1,0):OFFSET(H$66,-1,0))/SUM(OFFSET($F15,1,0):OFFSET($F$66,-1,0))*$F$15,2)))","v":0},{"$f":"IF($F$15=0,0,IF(I13=1,$F$15-SUM($I$15:$Z$15),ROUND(SUM(OFFSET(I15,1,0):OFFSET(I$66,-1,0))/SUM(OFFSET($F15,1,0):OFFSET($F$66,-1,0))*$F$15,2)))","v":0},{"$f":"IF($F$15=0,0,IF(J13=1,$F$15-SUM($I$15:$Z$15),ROUND(SUM(OFFSET(J15,1,0):OFFSET(J$66,-1,0))/SUM(OFFSET($F15,1,0):OFFSET($F$66,-1,0))*$F$15,2)))","v":0},{"$f":"IF($F$15=0,0,IF(K13=1,$F$15-SUM($I$15:$Z$15),ROUND(SUM(OFFSET(K15,1,0):OFFSET(K$66,-1,0))/SUM(OFFSET($F15,1,0):OFFSET($F$66,-1,0))*$F$15,2)))","v":0},{"$f":"IF($F$15=0,0,IF(L13=1,$F$15-SUM($I$15:$Z$15),ROUND(SUM(OFFSET(L15,1,0):OFFSET(L$66,-1,0))/SUM(OFFSET($F15,1,0):OFFSET($F$66,-1,0))*$F$15,2)))","v":0},{"$f":"IF($F$15=0,0,IF(M13=1,$F$15-SUM($I$15:$Z$15),ROUND(SUM(OFFSET(M15,1,0):OFFSET(M$66,-1,0))/SUM(OFFSET($F15,1,0):OFFSET($F$66,-1,0))*$F$15,2)))","v":0},{"$f":"IF($F$15=0,0,IF(N13=1,$F$15-SUM($I$15:$Z$15),ROUND(SUM(OFFSET(N15,1,0):OFFSET(N$66,-1,0))/SUM(OFFSET($F15,1,0):OFFSET($F$66,-1,0))*$F$15,2)))","v":0},{"$f":"IF($F$15=0,0,IF(O13=1,$F$15-SUM($I$15:$Z$15),ROUND(SUM(OFFSET(O15,1,0):OFFSET(O$66,-1,0))/SUM(OFFSET($F15,1,0):OFFSET($F$66,-1,0))*$F$15,2)))","v":0},{"$f":"IF($F$15=0,0,IF(P13=1,$F$15-SUM($I$15:$Z$15),ROUND(SUM(OFFSET(P15,1,0):OFFSET(P$66,-1,0))/SUM(OFFSET($F15,1,0):OFFSET($F$66,-1,0))*$F$15,2)))","v":0},{"$f":"IF($F$15=0,0,IF(Q13=1,$F$15-SUM($I$15:$Z$15),ROUND(SUM(OFFSET(Q15,1,0):OFFSET(Q$66,-1,0))/SUM(OFFSET($F15,1,0):OFFSET($F$66,-1,0))*$F$15,2)))","v":0},{"$f":"IF($F$15=0,0,IF(R13=1,$F$15-SUM($I$15:$Z$15),ROUND(SUM(OFFSET(R15,1,0):OFFSET(R$66,-1,0))/SUM(OFFSET($F15,1,0):OFFSET($F$66,-1,0))*$F$15,2)))","v":0},{"$f":"IF($F$15=0,0,IF(S13=1,$F$15-SUM($I$15:$Z$15),ROUND(SUM(OFFSET(S15,1,0):OFFSET(S$66,-1,0))/SUM(OFFSET($F15,1,0):OFFSET($F$66,-1,0))*$F$15,2)))","v":0},{"$f":"IF($F$15=0,0,IF(T13=1,$F$15-SUM($I$15:$Z$15),ROUND(SUM(OFFSET(T15,1,0):OFFSET(T$66,-1,0))/SUM(OFFSET($F15,1,0):OFFSET($F$66,-1,0))*$F$15,2)))","v":0},{"$f":"IF($F$15=0,0,IF(U13=1,$F$15-SUM($I$15:$Z$15),ROUND(SUM(OFFSET(U15,1,0):OFFSET(U$66,-1,0))/SUM(OFFSET($F15,1,0):OFFSET($F$66,-1,0))*$F$15,2)))","v":0},{"$f":"IF($F$15=0,0,IF(V13=1,$F$15-SUM($I$15:$Z$15),ROUND(SUM(OFFSET(V15,1,0):OFFSET(V$66,-1,0))/SUM(OFFSET($F15,1,0):OFFSET($F$66,-1,0))*$F$15,2)))","v":0},{"$f":"IF($F$15=0,0,IF(W13=1,$F$15-SUM($I$15:$Z$15),ROUND(SUM(OFFSET(W15,1,0):OFFSET(W$66,-1,0))/SUM(OFFSET($F15,1,0):OFFSET($F$66,-1,0))*$F$15,2)))","v":0},{"$f":"IF($F$15=0,0,IF(X13=1,$F$15-SUM($I$15:$Z$15),ROUND(SUM(OFFSET(X15,1,0):OFFSET(X$66,-1,0))/SUM(OFFSET($F15,1,0):OFFSET($F$66,-1,0))*$F$15,2)))","v":0},{"$f":"IF($F$15=0,0,IF(Y13=1,$F$15-SUM($I$15:$Z$15),ROUND(SUM(OFFSET(Y15,1,0):OFFSET(Y$66,-1,0))/SUM(OFFSET($F15,1,0):OFFSET($F$66,-1,0))*$F$15,2)))","v":0}]
["F",{"$f":"IF(OR(C16=\" \",D16=\"\"),\"\",CONCATENATE(C16,\". \",D16))","v":"1. SERVIÇOS PRELIMINARES"},{"$f":"IF(OR(ROW(C16)=ROW(EVENTOS.firstrow)+1,AND(OFFSET(C16,-1,0)<>\" \",OFFSET(C16,-1,1)<>\"\")),OFFSET(C16,-1,0)+1,\" \")","v":1},"SERVIÇOS PRELIMINARES",{"$f":"IF(AUTOEVENTO=\"Manual\",ROUND(SUMPRODUCT((CÁLCULO!$M$15:$M$110=EVENTOS!$C16)*(OFFSET(CÁLCULO!$AI$15:$AI$110,0,E$13))),2),0)","v":0},{"$f":"IF(AUTOEVENTO=\"Manual\",ROUND(SUMPRODUCT((CÁLCULO!$M$15:$M$110=EVENTOS!$C16)*(OFFSET(CÁLCULO!$AI$15,0,1):OFFSET(CÁLCULO!$BB$110,0,-1))),2),0)","v":0},{"$f":"IF(AND(D16=0,F16>0),\"NOME\",\n IF(AND(D16<>0,$F$14>0,F16=0),\"VALOR\",\n IF(AND(Import.TipoArredondamento=\"TransfereGOV\",$A16=\"F\",LEN(D16)>100),\"Nome >100\",\"\")))","v":""},{"$f":"IF(AUTOEVENTO=\"Manual\",ROUND(SUMPRODUCT((CÁLCULO!$M$15:$M$110=EVENTOS!$C16)*(OFFSET(CÁLCULO!$AI$15:$AI$110,0,H$13))),2),0)","v":0},{"$f":"IF(AUTOEVENTO=\"Manual\",ROUND(SUMPRODUCT((CÁLCULO!$M$15:$M$110=EVENTOS!$C16)*(OFFSET(CÁLCULO!$AI$15:$AI$110,0,I$13))),2),0)","v":0},{"$f":"IF(AUTOEVENTO=\"Manual\",ROUND(SUMPRODUCT((CÁLCULO!$M$15:$M$110=EVENTOS!$C16)*(OFFSET(CÁLCULO!$AI$15:$AI$110,0,J$13))),2),0)","v":0},{"$f":"IF(AUTOEVENTO=\"Manual\",ROUND(SUMPRODUCT((CÁLCULO!$M$15:$M$110=EVENTOS!$C16)*(OFFSET(CÁLCULO!$AI$15:$AI$110,0,K$13))),2),0)","v":0},{"$f":"IF(AUTOEVENTO=\"Manual\",ROUND(SUMPRODUCT((CÁLCULO!$M$15:$M$110=EVENTOS!$C16)*(OFFSET(CÁLCULO!$AI$15:$AI$110,0,L$13))),2),0)","v":0},{"$f":"IF(AUTOEVENTO=\"Manual\",ROUND(SUMPRODUCT((CÁLCULO!$M$15:$M$110=EVENTOS!$C16)*(OFFSET(CÁLCULO!$AI$15:$AI$110,0,M$13))),2),0)","v":0},{"$f":"IF(AUTOEVENTO=\"Manual\",ROUND(SUMPRODUCT((CÁLCULO!$M$15:$M$110=EVENTOS!$C16)*(OFFSET(CÁLCULO!$AI$15:$AI$110,0,N$13))),2),0)","v":0},{"$f":"IF(AUTOEVENTO=\"Manual\",ROUND(SUMPRODUCT((CÁLCULO!$M$15:$M$110=EVENTOS!$C16)*(OFFSET(CÁLCULO!$AI$15:$AI$110,0,O$13))),2),0)","v":0},{"$f":"IF(AUTOEVENTO=\"Manual\",ROUND(SUMPRODUCT((CÁLCULO!$M$15:$M$110=EVENTOS!$C16)*(OFFSET(CÁLCULO!$AI$15:$AI$110,0,P$13))),2),0)","v":0},{"$f":"IF(AUTOEVENTO=\"Manual\",ROUND(SUMPRODUCT((CÁLCULO!$M$15:$M$110=EVENTOS!$C16)*(OFFSET(CÁLCULO!$AI$15:$AI$110,0,Q$13))),2),0)","v":0},{"$f":"IF(AUTOEVENTO=\"Manual\",ROUND(SUMPRODUCT((CÁLCULO!$M$15:$M$110=EVENTOS!$C16)*(OFFSET(CÁLCULO!$AI$15:$AI$110,0,R$13))),2),0)","v":0},{"$f":"IF(AUTOEVENTO=\"Manual\",ROUND(SUMPRODUCT((CÁLCULO!$M$15:$M$110=EVENTOS!$C16)*(OFFSET(CÁLCULO!$AI$15:$AI$110,0,S$13))),2),0)","v":0},{"$f":"IF(AUTOEVENTO=\"Manual\",ROUND(SUMPRODUCT((CÁLCULO!$M$15:$M$110=EVENTOS!$C16)*(OFFSET(CÁLCULO!$AI$15:$AI$110,0,T$13))),2),0)","v":0},{"$f":"IF(AUTOEVENTO=\"Manual\",ROUND(SUMPRODUCT((CÁLCULO!$M$15:$M$110=EVENTOS!$C16)*(OFFSET(CÁLCULO!$AI$15:$AI$110,0,U$13))),2),0)","v":0},{"$f":"IF(AUTOEVENTO=\"Manual\",ROUND(SUMPRODUCT((CÁLCULO!$M$15:$M$110=EVENTOS!$C16)*(OFFSET(CÁLCULO!$AI$15:$AI$110,0,V$13))),2),0)","v":0},{"$f":"IF(AUTOEVENTO=\"Manual\",ROUND(SUMPRODUCT((CÁLCULO!$M$15:$M$110=EVENTOS!$C16)*(OFFSET(CÁLCULO!$AI$15:$AI$110,0,W$13))),2),0)","v":0},{"$f":"IF(AUTOEVENTO=\"Manual\",ROUND(SUMPRODUCT((CÁLCULO!$M$15:$M$110=EVENTOS!$C16)*(OFFSET(CÁLCULO!$AI$15:$AI$110,0,X$13))),2),0)","v":0},{"$f":"IF(AUTOEVENTO=\"Manual\",ROUND(SUMPRODUCT((CÁLCULO!$M$15:$M$110=EVENTOS!$C16)*(OFFSET(CÁLCULO!$AI$15:$AI$110,0,Y$13))),2),0)","v":0}]
["F","2. DRENAGEM DE ÁGUAS PLUVIAIS",{"$f":"IF(OR(ROW(C17)=ROW(EVENTOS.firstrow)+1,AND(OFFSET(C17,-1,0)<>\" \",OFFSET(C17,-1,1)<>\"\")),OFFSET(C17,-1,0)+1,\" \")","v":2},"DRENAGEM DE ÁGUAS PLUVIAIS",{"$f":"IF(AUTOEVENTO=\"Manual\",ROUND(SUMPRODUCT((CÁLCULO!$M$15:$M$110=EVENTOS!$C17)*(OFFSET(CÁLCULO!$AI$15:$AI$110,0,E$13))),2),0)","v":0},{"$f":"IF(AUTOEVENTO=\"Manual\",ROUND(SUMPRODUCT((CÁLCULO!$M$15:$M$110=EVENTOS!$C17)*(OFFSET(CÁLCULO!$AI$15,0,1):OFFSET(CÁLCULO!$BB$110,0,-1))),2),0)","v":0},"",{"$f":"IF(AUTOEVENTO=\"Manual\",ROUND(SUMPRODUCT((CÁLCULO!$M$15:$M$110=EVENTOS!$C17)*(OFFSET(CÁLCULO!$AI$15:$AI$110,0,H$13))),2),0)","v":0},{"$f":"IF(AUTOEVENTO=\"Manual\",ROUND(SUMPRODUCT((CÁLCULO!$M$15:$M$110=EVENTOS!$C17)*(OFFSET(CÁLCULO!$AI$15:$AI$110,0,I$13))),2),0)","v":0},{"$f":"IF(AUTOEVENTO=\"Manual\",ROUND(SUMPRODUCT((CÁLCULO!$M$15:$M$110=EVENTOS!$C17)*(OFFSET(CÁLCULO!$AI$15:$AI$110,0,J$13))),2),0)","v":0},{"$f":"IF(AUTOEVENTO=\"Manual\",ROUND(SUMPRODUCT((CÁLCULO!$M$15:$M$110=EVENTOS!$C17)*(OFFSET(CÁLCULO!$AI$15:$AI$110,0,K$13))),2),0)","v":0},{"$f":"IF(AUTOEVENTO=\"Manual\",ROUND(SUMPRODUCT((CÁLCULO!$M$15:$M$110=EVENTOS!$C17)*(OFFSET(CÁLCULO!$AI$15:$AI$110,0,L$13))),2),0)","v":0},{"$f":"IF(AUTOEVENTO=\"Manual\",ROUND(SUMPRODUCT((CÁLCULO!$M$15:$M$110=EVENTOS!$C17)*(OFFSET(CÁLCULO!$AI$15:$AI$110,0,M$13))),2),0)","v":0},{"$f":"IF(AUTOEVENTO=\"Manual\",ROUND(SUMPRODUCT((CÁLCULO!$M$15:$M$110=EVENTOS!$C17)*(OFFSET(CÁLCULO!$AI$15:$AI$110,0,N$13))),2),0)","v":0},{"$f":"IF(AUTOEVENTO=\"Manual\",ROUND(SUMPRODUCT((CÁLCULO!$M$15:$M$110=EVENTOS!$C17)*(OFFSET(CÁLCULO!$AI$15:$AI$110,0,O$13))),2),0)","v":0},{"$f":"IF(AUTOEVENTO=\"Manual\",ROUND(SUMPRODUCT((CÁLCULO!$M$15:$M$110=EVENTOS!$C17)*(OFFSET(CÁLCULO!$AI$15:$AI$110,0,P$13))),2),0)","v":0},{"$f":"IF(AUTOEVENTO=\"Manual\",ROUND(SUMPRODUCT((CÁLCULO!$M$15:$M$110=EVENTOS!$C17)*(OFFSET(CÁLCULO!$AI$15:$AI$110,0,Q$13))),2),0)","v":0},{"$f":"IF(AUTOEVENTO=\"Manual\",ROUND(SUMPRODUCT((CÁLCULO!$M$15:$M$110=EVENTOS!$C17)*(OFFSET(CÁLCULO!$AI$15:$AI$110,0,R$13))),2),0)","v":0},{"$f":"IF(AUTOEVENTO=\"Manual\",ROUND(SUMPRODUCT((CÁLCULO!$M$15:$M$110=EVENTOS!$C17)*(OFFSET(CÁLCULO!$AI$15:$AI$110,0,S$13))),2),0)","v":0},{"$f":"IF(AUTOEVENTO=\"Manual\",ROUND(SUMPRODUCT((CÁLCULO!$M$15:$M$110=EVENTOS!$C17)*(OFFSET(CÁLCULO!$AI$15:$AI$110,0,T$13))),2),0)","v":0},{"$f":"IF(AUTOEVENTO=\"Manual\",ROUND(SUMPRODUCT((CÁLCULO!$M$15:$M$110=EVENTOS!$C17)*(OFFSET(CÁLCULO!$AI$15:$AI$110,0,U$13))),2),0)","v":0},{"$f":"IF(AUTOEVENTO=\"Manual\",ROUND(SUMPRODUCT((CÁLCULO!$M$15:$M$110=EVENTOS!$C17)*(OFFSET(CÁLCULO!$AI$15:$AI$110,0,V$13))),2),0)","v":0},{"$f":"IF(AUTOEVENTO=\"Manual\",ROUND(SUMPRODUCT((CÁLCULO!$M$15:$M$110=EVENTOS!$C17)*(OFFSET(CÁLCULO!$AI$15:$AI$110,0,W$13))),2),0)","v":0},{"$f":"IF(AUTOEVENTO=\"Manual\",ROUND(SUMPRODUCT((CÁLCULO!$M$15:$M$110=EVENTOS!$C17)*(OFFSET(CÁLCULO!$AI$15:$AI$110,0,X$13))),2),0)","v":0},{"$f":"IF(AUTOEVENTO=\"Manual\",ROUND(SUMPRODUCT((CÁLCULO!$M$15:$M$110=EVENTOS!$C17)*(OFFSET(CÁLCULO!$AI$15:$AI$110,0,Y$13))),2),0)","v":0}]
["F","3. IMPLANTAÇÃO ASFÁLTICA",{"$f":"IF(OR(ROW(C18)=ROW(EVENTOS.firstrow)+1,AND(OFFSET(C18,-1,0)<>\" \",OFFSET(C18,-1,1)<>\"\")),OFFSET(C18,-1,0)+1,\" \")","v":3},"IMPLANTAÇÃO ASFÁLTICA",{"$f":"IF(AUTOEVENTO=\"Manual\",ROUND(SUMPRODUCT((CÁLCULO!$M$15:$M$110=EVENTOS!$C18)*(OFFSET(CÁLCULO!$AI$15:$AI$110,0,E$13))),2),0)","v":0},{"$f":"IF(AUTOEVENTO=\"Manual\",ROUND(SUMPRODUCT((CÁLCULO!$M$15:$M$110=EVENTOS!$C18)*(OFFSET(CÁLCULO!$AI$15,0,1):OFFSET(CÁLCULO!$BB$110,0,-1))),2),0)","v":0},"",{"$f":"IF(AUTOEVENTO=\"Manual\",ROUND(SUMPRODUCT((CÁLCULO!$M$15:$M$110=EVENTOS!$C18)*(OFFSET(CÁLCULO!$AI$15:$AI$110,0,H$13))),2),0)","v":0},{"$f":"IF(AUTOEVENTO=\"Manual\",ROUND(SUMPRODUCT((CÁLCULO!$M$15:$M$110=EVENTOS!$C18)*(OFFSET(CÁLCULO!$AI$15:$AI$110,0,I$13))),2),0)","v":0},{"$f":"IF(AUTOEVENTO=\"Manual\",ROUND(SUMPRODUCT((CÁLCULO!$M$15:$M$110=EVENTOS!$C18)*(OFFSET(CÁLCULO!$AI$15:$AI$110,0,J$13))),2),0)","v":0},{"$f":"IF(AUTOEVENTO=\"Manual\",ROUND(SUMPRODUCT((CÁLCULO!$M$15:$M$110=EVENTOS!$C18)*(OFFSET(CÁLCULO!$AI$15:$AI$110,0,K$13))),2),0)","v":0},{"$f":"IF(AUTOEVENTO=\"Manual\",ROUND(SUMPRODUCT((CÁLCULO!$M$15:$M$110=EVENTOS!$C18)*(OFFSET(CÁLCULO!$AI$15:$AI$110,0,L$13))),2),0)","v":0},{"$f":"IF(AUTOEVENTO=\"Manual\",ROUND(SUMPRODUCT((CÁLCULO!$M$15:$M$110=EVENTOS!$C18)*(OFFSET(CÁLCULO!$AI$15:$AI$110,0,M$13))),2),0)","v":0},{"$f":"IF(AUTOEVENTO=\"Manual\",ROUND(SUMPRODUCT((CÁLCULO!$M$15:$M$110=EVENTOS!$C18)*(OFFSET(CÁLCULO!$AI$15:$AI$110,0,N$13))),2),0)","v":0},{"$f":"IF(AUTOEVENTO=\"Manual\",ROUND(SUMPRODUCT((CÁLCULO!$M$15:$M$110=EVENTOS!$C18)*(OFFSET(CÁLCULO!$AI$15:$AI$110,0,O$13))),2),0)","v":0},{"$f":"IF(AUTOEVENTO=\"Manual\",ROUND(SUMPRODUCT((CÁLCULO!$M$15:$M$110=EVENTOS!$C18)*(OFFSET(CÁLCULO!$AI$15:$AI$110,0,P$13))),2),0)","v":0},{"$f":"IF(AUTOEVENTO=\"Manual\",ROUND(SUMPRODUCT((CÁLCULO!$M$15:$M$110=EVENTOS!$C18)*(OFFSET(CÁLCULO!$AI$15:$AI$110,0,Q$13))),2),0)","v":0},{"$f":"IF(AUTOEVENTO=\"Manual\",ROUND(SUMPRODUCT((CÁLCULO!$M$15:$M$110=EVENTOS!$C18)*(OFFSET(CÁLCULO!$AI$15:$AI$110,0,R$13))),2),0)","v":0},{"$f":"IF(AUTOEVENTO=\"Manual\",ROUND(SUMPRODUCT((CÁLCULO!$M$15:$M$110=EVENTOS!$C18)*(OFFSET(CÁLCULO!$AI$15:$AI$110,0,S$13))),2),0)","v":0},{"$f":"IF(AUTOEVENTO=\"Manual\",ROUND(SUMPRODUCT((CÁLCULO!$M$15:$M$110=EVENTOS!$C18)*(OFFSET(CÁLCULO!$AI$15:$AI$110,0,T$13))),2),0)","v":0},{"$f":"IF(AUTOEVENTO=\"Manual\",ROUND(SUMPRODUCT((CÁLCULO!$M$15:$M$110=EVENTOS!$C18)*(OFFSET(CÁLCULO!$AI$15:$AI$110,0,U$13))),2),0)","v":0},{"$f":"IF(AUTOEVENTO=\"Manual\",ROUND(SUMPRODUCT((CÁLCULO!$M$15:$M$110=EVENTOS!$C18)*(OFFSET(CÁLCULO!$AI$15:$AI$110,0,V$13))),2),0)","v":0},{"$f":"IF(AUTOEVENTO=\"Manual\",ROUND(SUMPRODUCT((CÁLCULO!$M$15:$M$110=EVENTOS!$C18)*(OFFSET(CÁLCULO!$AI$15:$AI$110,0,W$13))),2),0)","v":0},{"$f":"IF(AUTOEVENTO=\"Manual\",ROUND(SUMPRODUCT((CÁLCULO!$M$15:$M$110=EVENTOS!$C18)*(OFFSET(CÁLCULO!$AI$15:$AI$110,0,X$13))),2),0)","v":0},{"$f":"IF(AUTOEVENTO=\"Manual\",ROUND(SUMPRODUCT((CÁLCULO!$M$15:$M$110=EVENTOS!$C18)*(OFFSET(CÁLCULO!$AI$15:$AI$110,0,Y$13))),2),0)","v":0}]
["F","4. PASSEIO COM ACESSIBILIDADE",{"$f":"IF(OR(ROW(C19)=ROW(EVENTOS.firstrow)+1,AND(OFFSET(C19,-1,0)<>\" \",OFFSET(C19,-1,1)<>\"\")),OFFSET(C19,-1,0)+1,\" \")","v":4},"PASSEIO COM ACESSIBILIDADE",{"$f":"IF(AUTOEVENTO=\"Manual\",ROUND(SUMPRODUCT((CÁLCULO!$M$15:$M$110=EVENTOS!$C19)*(OFFSET(CÁLCULO!$AI$15:$AI$110,0,E$13))),2),0)","v":0},{"$f":"IF(AUTOEVENTO=\"Manual\",ROUND(SUMPRODUCT((CÁLCULO!$M$15:$M$110=EVENTOS!$C19)*(OFFSET(CÁLCULO!$AI$15,0,1):OFFSET(CÁLCULO!$BB$110,0,-1))),2),0)","v":0},"",{"$f":"IF(AUTOEVENTO=\"Manual\",ROUND(SUMPRODUCT((CÁLCULO!$M$15:$M$110=EVENTOS!$C19)*(OFFSET(CÁLCULO!$AI$15:$AI$110,0,H$13))),2),0)","v":0},{"$f":"IF(AUTOEVENTO=\"Manual\",ROUND(SUMPRODUCT((CÁLCULO!$M$15:$M$110=EVENTOS!$C19)*(OFFSET(CÁLCULO!$AI$15:$AI$110,0,I$13))),2),0)","v":0},{"$f":"IF(AUTOEVENTO=\"Manual\",ROUND(SUMPRODUCT((CÁLCULO!$M$15:$M$110=EVENTOS!$C19)*(OFFSET(CÁLCULO!$AI$15:$AI$110,0,J$13))),2),0)","v":0},{"$f":"IF(AUTOEVENTO=\"Manual\",ROUND(SUMPRODUCT((CÁLCULO!$M$15:$M$110=EVENTOS!$C19)*(OFFSET(CÁLCULO!$AI$15:$AI$110,0,K$13))),2),0)","v":0},{"$f":"IF(AUTOEVENTO=\"Manual\",ROUND(SUMPRODUCT((CÁLCULO!$M$15:$M$110=EVENTOS!$C19)*(OFFSET(CÁLCULO!$AI$15:$AI$110,0,L$13))),2),0)","v":0},{"$f":"IF(AUTOEVENTO=\"Manual\",ROUND(SUMPRODUCT((CÁLCULO!$M$15:$M$110=EVENTOS!$C19)*(OFFSET(CÁLCULO!$AI$15:$AI$110,0,M$13))),2),0)","v":0},{"$f":"IF(AUTOEVENTO=\"Manual\",ROUND(SUMPRODUCT((CÁLCULO!$M$15:$M$110=EVENTOS!$C19)*(OFFSET(CÁLCULO!$AI$15:$AI$110,0,N$13))),2),0)","v":0},{"$f":"IF(AUTOEVENTO=\"Manual\",ROUND(SUMPRODUCT((CÁLCULO!$M$15:$M$110=EVENTOS!$C19)*(OFFSET(CÁLCULO!$AI$15:$AI$110,0,O$13))),2),0)","v":0},{"$f":"IF(AUTOEVENTO=\"Manual\",ROUND(SUMPRODUCT((CÁLCULO!$M$15:$M$110=EVENTOS!$C19)*(OFFSET(CÁLCULO!$AI$15:$AI$110,0,P$13))),2),0)","v":0},{"$f":"IF(AUTOEVENTO=\"Manual\",ROUND(SUMPRODUCT((CÁLCULO!$M$15:$M$110=EVENTOS!$C19)*(OFFSET(CÁLCULO!$AI$15:$AI$110,0,Q$13))),2),0)","v":0},{"$f":"IF(AUTOEVENTO=\"Manual\",ROUND(SUMPRODUCT((CÁLCULO!$M$15:$M$110=EVENTOS!$C19)*(OFFSET(CÁLCULO!$AI$15:$AI$110,0,R$13))),2),0)","v":0},{"$f":"IF(AUTOEVENTO=\"Manual\",ROUND(SUMPRODUCT((CÁLCULO!$M$15:$M$110=EVENTOS!$C19)*(OFFSET(CÁLCULO!$AI$15:$AI$110,0,S$13))),2),0)","v":0},{"$f":"IF(AUTOEVENTO=\"Manual\",ROUND(SUMPRODUCT((CÁLCULO!$M$15:$M$110=EVENTOS!$C19)*(OFFSET(CÁLCULO!$AI$15:$AI$110,0,T$13))),2),0)","v":0},{"$f":"IF(AUTOEVENTO=\"Manual\",ROUND(SUMPRODUCT((CÁLCULO!$M$15:$M$110=EVENTOS!$C19)*(OFFSET(CÁLCULO!$AI$15:$AI$110,0,U$13))),2),0)","v":0},{"$f":"IF(AUTOEVENTO=\"Manual\",ROUND(SUMPRODUCT((CÁLCULO!$M$15:$M$110=EVENTOS!$C19)*(OFFSET(CÁLCULO!$AI$15:$AI$110,0,V$13))),2),0)","v":0},{"$f":"IF(AUTOEVENTO=\"Manual\",ROUND(SUMPRODUCT((CÁLCULO!$M$15:$M$110=EVENTOS!$C19)*(OFFSET(CÁLCULO!$AI$15:$AI$110,0,W$13))),2),0)","v":0},{"$f":"IF(AUTOEVENTO=\"Manual\",ROUND(SUMPRODUCT((CÁLCULO!$M$15:$M$110=EVENTOS!$C19)*(OFFSET(CÁLCULO!$AI$15:$AI$110,0,X$13))),2),0)","v":0},{"$f":"IF(AUTOEVENTO=\"Manual\",ROUND(SUMPRODUCT((CÁLCULO!$M$15:$M$110=EVENTOS!$C19)*(OFFSET(CÁLCULO!$AI$15:$AI$110,0,Y$13))),2),0)","v":0}]
["F","5. SINALIZAÇÃO VIÁRIA",{"$f":"IF(OR(ROW(C20)=ROW(EVENTOS.firstrow)+1,AND(OFFSET(C20,-1,0)<>\" \",OFFSET(C20,-1,1)<>\"\")),OFFSET(C20,-1,0)+1,\" \")","v":5},"SINALIZAÇÃO VIÁRIA",{"$f":"IF(AUTOEVENTO=\"Manual\",ROUND(SUMPRODUCT((CÁLCULO!$M$15:$M$110=EVENTOS!$C20)*(OFFSET(CÁLCULO!$AI$15:$AI$110,0,E$13))),2),0)","v":0},{"$f":"IF(AUTOEVENTO=\"Manual\",ROUND(SUMPRODUCT((CÁLCULO!$M$15:$M$110=EVENTOS!$C20)*(OFFSET(CÁLCULO!$AI$15,0,1):OFFSET(CÁLCULO!$BB$110,0,-1))),2),0)","v":0},"",{"$f":"IF(AUTOEVENTO=\"Manual\",ROUND(SUMPRODUCT((CÁLCULO!$M$15:$M$110=EVENTOS!$C20)*(OFFSET(CÁLCULO!$AI$15:$AI$110,0,H$13))),2),0)","v":0},{"$f":"IF(AUTOEVENTO=\"Manual\",ROUND(SUMPRODUCT((CÁLCULO!$M$15:$M$110=EVENTOS!$C20)*(OFFSET(CÁLCULO!$AI$15:$AI$110,0,I$13))),2),0)","v":0},{"$f":"IF(AUTOEVENTO=\"Manual\",ROUND(SUMPRODUCT((CÁLCULO!$M$15:$M$110=EVENTOS!$C20)*(OFFSET(CÁLCULO!$AI$15:$AI$110,0,J$13))),2),0)","v":0},{"$f":"IF(AUTOEVENTO=\"Manual\",ROUND(SUMPRODUCT((CÁLCULO!$M$15:$M$110=EVENTOS!$C20)*(OFFSET(CÁLCULO!$AI$15:$AI$110,0,K$13))),2),0)","v":0},{"$f":"IF(AUTOEVENTO=\"Manual\",ROUND(SUMPRODUCT((CÁLCULO!$M$15:$M$110=EVENTOS!$C20)*(OFFSET(CÁLCULO!$AI$15:$AI$110,0,L$13))),2),0)","v":0},{"$f":"IF(AUTOEVENTO=\"Manual\",ROUND(SUMPRODUCT((CÁLCULO!$M$15:$M$110=EVENTOS!$C20)*(OFFSET(CÁLCULO!$AI$15:$AI$110,0,M$13))),2),0)","v":0},{"$f":"IF(AUTOEVENTO=\"Manual\",ROUND(SUMPRODUCT((CÁLCULO!$M$15:$M$110=EVENTOS!$C20)*(OFFSET(CÁLCULO!$AI$15:$AI$110,0,N$13))),2),0)","v":0},{"$f":"IF(AUTOEVENTO=\"Manual\",ROUND(SUMPRODUCT((CÁLCULO!$M$15:$M$110=EVENTOS!$C20)*(OFFSET(CÁLCULO!$AI$15:$AI$110,0,O$13))),2),0)","v":0},{"$f":"IF(AUTOEVENTO=\"Manual\",ROUND(SUMPRODUCT((CÁLCULO!$M$15:$M$110=EVENTOS!$C20)*(OFFSET(CÁLCULO!$AI$15:$AI$110,0,P$13))),2),0)","v":0},{"$f":"IF(AUTOEVENTO=\"Manual\",ROUND(SUMPRODUCT((CÁLCULO!$M$15:$M$110=EVENTOS!$C20)*(OFFSET(CÁLCULO!$AI$15:$AI$110,0,Q$13))),2),0)","v":0},{"$f":"IF(AUTOEVENTO=\"Manual\",ROUND(SUMPRODUCT((CÁLCULO!$M$15:$M$110=EVENTOS!$C20)*(OFFSET(CÁLCULO!$AI$15:$AI$110,0,R$13))),2),0)","v":0},{"$f":"IF(AUTOEVENTO=\"Manual\",ROUND(SUMPRODUCT((CÁLCULO!$M$15:$M$110=EVENTOS!$C20)*(OFFSET(CÁLCULO!$AI$15:$AI$110,0,S$13))),2),0)","v":0},{"$f":"IF(AUTOEVENTO=\"Manual\",ROUND(SUMPRODUCT((CÁLCULO!$M$15:$M$110=EVENTOS!$C20)*(OFFSET(CÁLCULO!$AI$15:$AI$110,0,T$13))),2),0)","v":0},{"$f":"IF(AUTOEVENTO=\"Manual\",ROUND(SUMPRODUCT((CÁLCULO!$M$15:$M$110=EVENTOS!$C20)*(OFFSET(CÁLCULO!$AI$15:$AI$110,0,U$13))),2),0)","v":0},{"$f":"IF(AUTOEVENTO=\"Manual\",ROUND(SUMPRODUCT((CÁLCULO!$M$15:$M$110=EVENTOS!$C20)*(OFFSET(CÁLCULO!$AI$15:$AI$110,0,V$13))),2),0)","v":0},{"$f":"IF(AUTOEVENTO=\"Manual\",ROUND(SUMPRODUCT((CÁLCULO!$M$15:$M$110=EVENTOS!$C20)*(OFFSET(CÁLCULO!$AI$15:$AI$110,0,W$13))),2),0)","v":0},{"$f":"IF(AUTOEVENTO=\"Manual\",ROUND(SUMPRODUCT((CÁLCULO!$M$15:$M$110=EVENTOS!$C20)*(OFFSET(CÁLCULO!$AI$15:$AI$110,0,X$13))),2),0)","v":0},{"$f":"IF(AUTOEVENTO=\"Manual\",ROUND(SUMPRODUCT((CÁLCULO!$M$15:$M$110=EVENTOS!$C20)*(OFFSET(CÁLCULO!$AI$15:$AI$110,0,Y$13))),2),0)","v":0}]
["F","6. ADMINISTRAÇÃO LOCAL DE OBRA",{"$f":"IF(OR(ROW(C21)=ROW(EVENTOS.firstrow)+1,AND(OFFSET(C21,-1,0)<>\" \",OFFSET(C21,-1,1)<>\"\")),OFFSET(C21,-1,0)+1,\" \")","v":6},"ADMINISTRAÇÃO LOCAL DE OBRA",{"$f":"IF(AUTOEVENTO=\"Manual\",ROUND(SUMPRODUCT((CÁLCULO!$M$15:$M$110=EVENTOS!$C21)*(OFFSET(CÁLCULO!$AI$15:$AI$110,0,E$13))),2),0)","v":0},{"$f":"IF(AUTOEVENTO=\"Manual\",ROUND(SUMPRODUCT((CÁLCULO!$M$15:$M$110=EVENTOS!$C21)*(OFFSET(CÁLCULO!$AI$15,0,1):OFFSET(CÁLCULO!$BB$110,0,-1))),2),0)","v":0},"",{"$f":"IF(AUTOEVENTO=\"Manual\",ROUND(SUMPRODUCT((CÁLCULO!$M$15:$M$110=EVENTOS!$C21)*(OFFSET(CÁLCULO!$AI$15:$AI$110,0,H$13))),2),0)","v":0},{"$f":"IF(AUTOEVENTO=\"Manual\",ROUND(SUMPRODUCT((CÁLCULO!$M$15:$M$110=EVENTOS!$C21)*(OFFSET(CÁLCULO!$AI$15:$AI$110,0,I$13))),2),0)","v":0},{"$f":"IF(AUTOEVENTO=\"Manual\",ROUND(SUMPRODUCT((CÁLCULO!$M$15:$M$110=EVENTOS!$C21)*(OFFSET(CÁLCULO!$AI$15:$AI$110,0,J$13))),2),0)","v":0},{"$f":"IF(AUTOEVENTO=\"Manual\",ROUND(SUMPRODUCT((CÁLCULO!$M$15:$M$110=EVENTOS!$C21)*(OFFSET(CÁLCULO!$AI$15:$AI$110,0,K$13))),2),0)","v":0},{"$f":"IF(AUTOEVENTO=\"Manual\",ROUND(SUMPRODUCT((CÁLCULO!$M$15:$M$110=EVENTOS!$C21)*(OFFSET(CÁLCULO!$AI$15:$AI$110,0,L$13))),2),0)","v":0},{"$f":"IF(AUTOEVENTO=\"Manual\",ROUND(SUMPRODUCT((CÁLCULO!$M$15:$M$110=EVENTOS!$C21)*(OFFSET(CÁLCULO!$AI$15:$AI$110,0,M$13))),2),0)","v":0},{"$f":"IF(AUTOEVENTO=\"Manual\",ROUND(SUMPRODUCT((CÁLCULO!$M$15:$M$110=EVENTOS!$C21)*(OFFSET(CÁLCULO!$AI$15:$AI$110,0,N$13))),2),0)","v":0},{"$f":"IF(AUTOEVENTO=\"Manual\",ROUND(SUMPRODUCT((CÁLCULO!$M$15:$M$110=EVENTOS!$C21)*(OFFSET(CÁLCULO!$AI$15:$AI$110,0,O$13))),2),0)","v":0},{"$f":"IF(AUTOEVENTO=\"Manual\",ROUND(SUMPRODUCT((CÁLCULO!$M$15:$M$110=EVENTOS!$C21)*(OFFSET(CÁLCULO!$AI$15:$AI$110,0,P$13))),2),0)","v":0},{"$f":"IF(AUTOEVENTO=\"Manual\",ROUND(SUMPRODUCT((CÁLCULO!$M$15:$M$110=EVENTOS!$C21)*(OFFSET(CÁLCULO!$AI$15:$AI$110,0,Q$13))),2),0)","v":0},{"$f":"IF(AUTOEVENTO=\"Manual\",ROUND(SUMPRODUCT((CÁLCULO!$M$15:$M$110=EVENTOS!$C21)*(OFFSET(CÁLCULO!$AI$15:$AI$110,0,R$13))),2),0)","v":0},{"$f":"IF(AUTOEVENTO=\"Manual\",ROUND(SUMPRODUCT((CÁLCULO!$M$15:$M$110=EVENTOS!$C21)*(OFFSET(CÁLCULO!$AI$15:$AI$110,0,S$13))),2),0)","v":0},{"$f":"IF(AUTOEVENTO=\"Manual\",ROUND(SUMPRODUCT((CÁLCULO!$M$15:$M$110=EVENTOS!$C21)*(OFFSET(CÁLCULO!$AI$15:$AI$110,0,T$13))),2),0)","v":0},{"$f":"IF(AUTOEVENTO=\"Manual\",ROUND(SUMPRODUCT((CÁLCULO!$M$15:$M$110=EVENTOS!$C21)*(OFFSET(CÁLCULO!$AI$15:$AI$110,0,U$13))),2),0)","v":0},{"$f":"IF(AUTOEVENTO=\"Manual\",ROUND(SUMPRODUCT((CÁLCULO!$M$15:$M$110=EVENTOS!$C21)*(OFFSET(CÁLCULO!$AI$15:$AI$110,0,V$13))),2),0)","v":0},{"$f":"IF(AUTOEVENTO=\"Manual\",ROUND(SUMPRODUCT((CÁLCULO!$M$15:$M$110=EVENTOS!$C21)*(OFFSET(CÁLCULO!$AI$15:$AI$110,0,W$13))),2),0)","v":0},{"$f":"IF(AUTOEVENTO=\"Manual\",ROUND(SUMPRODUCT((CÁLCULO!$M$15:$M$110=EVENTOS!$C21)*(OFFSET(CÁLCULO!$AI$15:$AI$110,0,X$13))),2),0)","v":0},{"$f":"IF(AUTOEVENTO=\"Manual\",ROUND(SUMPRODUCT((CÁLCULO!$M$15:$M$110=EVENTOS!$C21)*(OFFSET(CÁLCULO!$AI$15:$AI$110,0,Y$13))),2),0)","v":0}]
["","",{"$f":"IF(OR(ROW(C22)=ROW(EVENTOS.firstrow)+1,AND(OFFSET(C22,-1,0)<>\" \",OFFSET(C22,-1,1)<>\"\")),OFFSET(C22,-1,0)+1,\" \")","v":7},null,{"$f":"IF(AUTOEVENTO=\"Manual\",ROUND(SUMPRODUCT((CÁLCULO!$M$15:$M$110=EVENTOS!$C22)*(OFFSET(CÁLCULO!$AI$15:$AI$110,0,E$13))),2),0)","v":0},{"$f":"IF(AUTOEVENTO=\"Manual\",ROUND(SUMPRODUCT((CÁLCULO!$M$15:$M$110=EVENTOS!$C22)*(OFFSET(CÁLCULO!$AI$15,0,1):OFFSET(CÁLCULO!$BB$110,0,-1))),2),0)","v":0},"",{"$f":"IF(AUTOEVENTO=\"Manual\",ROUND(SUMPRODUCT((CÁLCULO!$M$15:$M$110=EVENTOS!$C22)*(OFFSET(CÁLCULO!$AI$15:$AI$110,0,H$13))),2),0)","v":0},{"$f":"IF(AUTOEVENTO=\"Manual\",ROUND(SUMPRODUCT((CÁLCULO!$M$15:$M$110=EVENTOS!$C22)*(OFFSET(CÁLCULO!$AI$15:$AI$110,0,I$13))),2),0)","v":0},{"$f":"IF(AUTOEVENTO=\"Manual\",ROUND(SUMPRODUCT((CÁLCULO!$M$15:$M$110=EVENTOS!$C22)*(OFFSET(CÁLCULO!$AI$15:$AI$110,0,J$13))),2),0)","v":0},{"$f":"IF(AUTOEVENTO=\"Manual\",ROUND(SUMPRODUCT((CÁLCULO!$M$15:$M$110=EVENTOS!$C22)*(OFFSET(CÁLCULO!$AI$15:$AI$110,0,K$13))),2),0)","v":0},{"$f":"IF(AUTOEVENTO=\"Manual\",ROUND(SUMPRODUCT((CÁLCULO!$M$15:$M$110=EVENTOS!$C22)*(OFFSET(CÁLCULO!$AI$15:$AI$110,0,L$13))),2),0)","v":0},{"$f":"IF(AUTOEVENTO=\"Manual\",ROUND(SUMPRODUCT((CÁLCULO!$M$15:$M$110=EVENTOS!$C22)*(OFFSET(CÁLCULO!$AI$15:$AI$110,0,M$13))),2),0)","v":0},{"$f":"IF(AUTOEVENTO=\"Manual\",ROUND(SUMPRODUCT((CÁLCULO!$M$15:$M$110=EVENTOS!$C22)*(OFFSET(CÁLCULO!$AI$15:$AI$110,0,N$13))),2),0)","v":0},{"$f":"IF(AUTOEVENTO=\"Manual\",ROUND(SUMPRODUCT((CÁLCULO!$M$15:$M$110=EVENTOS!$C22)*(OFFSET(CÁLCULO!$AI$15:$AI$110,0,O$13))),2),0)","v":0},{"$f":"IF(AUTOEVENTO=\"Manual\",ROUND(SUMPRODUCT((CÁLCULO!$M$15:$M$110=EVENTOS!$C22)*(OFFSET(CÁLCULO!$AI$15:$AI$110,0,P$13))),2),0)","v":0},{"$f":"IF(AUTOEVENTO=\"Manual\",ROUND(SUMPRODUCT((CÁLCULO!$M$15:$M$110=EVENTOS!$C22)*(OFFSET(CÁLCULO!$AI$15:$AI$110,0,Q$13))),2),0)","v":0},{"$f":"IF(AUTOEVENTO=\"Manual\",ROUND(SUMPRODUCT((CÁLCULO!$M$15:$M$110=EVENTOS!$C22)*(OFFSET(CÁLCULO!$AI$15:$AI$110,0,R$13))),2),0)","v":0},{"$f":"IF(AUTOEVENTO=\"Manual\",ROUND(SUMPRODUCT((CÁLCULO!$M$15:$M$110=EVENTOS!$C22)*(OFFSET(CÁLCULO!$AI$15:$AI$110,0,S$13))),2),0)","v":0},{"$f":"IF(AUTOEVENTO=\"Manual\",ROUND(SUMPRODUCT((CÁLCULO!$M$15:$M$110=EVENTOS!$C22)*(OFFSET(CÁLCULO!$AI$15:$AI$110,0,T$13))),2),0)","v":0},{"$f":"IF(AUTOEVENTO=\"Manual\",ROUND(SUMPRODUCT((CÁLCULO!$M$15:$M$110=EVENTOS!$C22)*(OFFSET(CÁLCULO!$AI$15:$AI$110,0,U$13))),2),0)","v":0},{"$f":"IF(AUTOEVENTO=\"Manual\",ROUND(SUMPRODUCT((CÁLCULO!$M$15:$M$110=EVENTOS!$C22)*(OFFSET(CÁLCULO!$AI$15:$AI$110,0,V$13))),2),0)","v":0},{"$f":"IF(AUTOEVENTO=\"Manual\",ROUND(SUMPRODUCT((CÁLCULO!$M$15:$M$110=EVENTOS!$C22)*(OFFSET(CÁLCULO!$AI$15:$AI$110,0,W$13))),2),0)","v":0},{"$f":"IF(AUTOEVENTO=\"Manual\",ROUND(SUMPRODUCT((CÁLCULO!$M$15:$M$110=EVENTOS!$C22)*(OFFSET(CÁLCULO!$AI$15:$AI$110,0,X$13))),2),0)","v":0},{"$f":"IF(AUTOEVENTO=\"Manual\",ROUND(SUMPRODUCT((CÁLCULO!$M$15:$M$110=EVENTOS!$C22)*(OFFSET(CÁLCULO!$AI$15:$AI$110,0,Y$13))),2),0)","v":0}]
["","",{"$f":"IF(OR(ROW(C23)=ROW(EVENTOS.firstrow)+1,AND(OFFSET(C23,-1,0)<>\" \",OFFSET(C23,-1,1)<>\"\")),OFFSET(C23,-1,0)+1,\" \")","v":" "},null,{"$f":"IF(AUTOEVENTO=\"Manual\",ROUND(SUMPRODUCT((CÁLCULO!$M$15:$M$110=EVENTOS!$C23)*(OFFSET(CÁLCULO!$AI$15:$AI$110,0,E$13))),2),0)","v":0},{"$f":"IF(AUTOEVENTO=\"Manual\",ROUND(SUMPRODUCT((CÁLCULO!$M$15:$M$110=EVENTOS!$C23)*(OFFSET(CÁLCULO!$AI$15,0,1):OFFSET(CÁLCULO!$BB$110,0,-1))),2),0)","v":0},"",{"$f":"IF(AUTOEVENTO=\"Manual\",ROUND(SUMPRODUCT((CÁLCULO!$M$15:$M$110=EVENTOS!$C23)*(OFFSET(CÁLCULO!$AI$15:$AI$110,0,H$13))),2),0)","v":0},{"$f":"IF(AUTOEVENTO=\"Manual\",ROUND(SUMPRODUCT((CÁLCULO!$M$15:$M$110=EVENTOS!$C23)*(OFFSET(CÁLCULO!$AI$15:$AI$110,0,I$13))),2),0)","v":0},{"$f":"IF(AUTOEVENTO=\"Manual\",ROUND(SUMPRODUCT((CÁLCULO!$M$15:$M$110=EVENTOS!$C23)*(OFFSET(CÁLCULO!$AI$15:$AI$110,0,J$13))),2),0)","v":0},{"$f":"IF(AUTOEVENTO=\"Manual\",ROUND(SUMPRODUCT((CÁLCULO!$M$15:$M$110=EVENTOS!$C23)*(OFFSET(CÁLCULO!$AI$15:$AI$110,0,K$13))),2),0)","v":0},{"$f":"IF(AUTOEVENTO=\"Manual\",ROUND(SUMPRODUCT((CÁLCULO!$M$15:$M$110=EVENTOS!$C23)*(OFFSET(CÁLCULO!$AI$15:$AI$110,0,L$13))),2),0)","v":0},{"$f":"IF(AUTOEVENTO=\"Manual\",ROUND(SUMPRODUCT((CÁLCULO!$M$15:$M$110=EVENTOS!$C23)*(OFFSET(CÁLCULO!$AI$15:$AI$110,0,M$13))),2),0)","v":0},{"$f":"IF(AUTOEVENTO=\"Manual\",ROUND(SUMPRODUCT((CÁLCULO!$M$15:$M$110=EVENTOS!$C23)*(OFFSET(CÁLCULO!$AI$15:$AI$110,0,N$13))),2),0)","v":0},{"$f":"IF(AUTOEVENTO=\"Manual\",ROUND(SUMPRODUCT((CÁLCULO!$M$15:$M$110=EVENTOS!$C23)*(OFFSET(CÁLCULO!$AI$15:$AI$110,0,O$13))),2),0)","v":0},{"$f":"IF(AUTOEVENTO=\"Manual\",ROUND(SUMPRODUCT((CÁLCULO!$M$15:$M$110=EVENTOS!$C23)*(OFFSET(CÁLCULO!$AI$15:$AI$110,0,P$13))),2),0)","v":0},{"$f":"IF(AUTOEVENTO=\"Manual\",ROUND(SUMPRODUCT((CÁLCULO!$M$15:$M$110=EVENTOS!$C23)*(OFFSET(CÁLCULO!$AI$15:$AI$110,0,Q$13))),2),0)","v":0},{"$f":"IF(AUTOEVENTO=\"Manual\",ROUND(SUMPRODUCT((CÁLCULO!$M$15:$M$110=EVENTOS!$C23)*(OFFSET(CÁLCULO!$AI$15:$AI$110,0,R$13))),2),0)","v":0},{"$f":"IF(AUTOEVENTO=\"Manual\",ROUND(SUMPRODUCT((CÁLCULO!$M$15:$M$110=EVENTOS!$C23)*(OFFSET(CÁLCULO!$AI$15:$AI$110,0,S$13))),2),0)","v":0},{"$f":"IF(AUTOEVENTO=\"Manual\",ROUND(SUMPRODUCT((CÁLCULO!$M$15:$M$110=EVENTOS!$C23)*(OFFSET(CÁLCULO!$AI$15:$AI$110,0,T$13))),2),0)","v":0},{"$f":"IF(AUTOEVENTO=\"Manual\",ROUND(SUMPRODUCT((CÁLCULO!$M$15:$M$110=EVENTOS!$C23)*(OFFSET(CÁLCULO!$AI$15:$AI$110,0,U$13))),2),0)","v":0},{"$f":"IF(AUTOEVENTO=\"Manual\",ROUND(SUMPRODUCT((CÁLCULO!$M$15:$M$110=EVENTOS!$C23)*(OFFSET(CÁLCULO!$AI$15:$AI$110,0,V$13))),2),0)","v":0},{"$f":"IF(AUTOEVENTO=\"Manual\",ROUND(SUMPRODUCT((CÁLCULO!$M$15:$M$110=EVENTOS!$C23)*(OFFSET(CÁLCULO!$AI$15:$AI$110,0,W$13))),2),0)","v":0},{"$f":"IF(AUTOEVENTO=\"Manual\",ROUND(SUMPRODUCT((CÁLCULO!$M$15:$M$110=EVENTOS!$C23)*(OFFSET(CÁLCULO!$AI$15:$AI$110,0,X$13))),2),0)","v":0},{"$f":"IF(AUTOEVENTO=\"Manual\",ROUND(SUMPRODUCT((CÁLCULO!$M$15:$M$110=EVENTOS!$C23)*(OFFSET(CÁLCULO!$AI$15:$AI$110,0,Y$13))),2),0)","v":0}]
["","",{"$f":"IF(OR(ROW(C24)=ROW(EVENTOS.firstrow)+1,AND(OFFSET(C24,-1,0)<>\" \",OFFSET(C24,-1,1)<>\"\")),OFFSET(C24,-1,0)+1,\" \")","v":" "},null,{"$f":"IF(AUTOEVENTO=\"Manual\",ROUND(SUMPRODUCT((CÁLCULO!$M$15:$M$110=EVENTOS!$C24)*(OFFSET(CÁLCULO!$AI$15:$AI$110,0,E$13))),2),0)","v":0},{"$f":"IF(AUTOEVENTO=\"Manual\",ROUND(SUMPRODUCT((CÁLCULO!$M$15:$M$110=EVENTOS!$C24)*(OFFSET(CÁLCULO!$AI$15,0,1):OFFSET(CÁLCULO!$BB$110,0,-1))),2),0)","v":0},"",{"$f":"IF(AUTOEVENTO=\"Manual\",ROUND(SUMPRODUCT((CÁLCULO!$M$15:$M$110=EVENTOS!$C24)*(OFFSET(CÁLCULO!$AI$15:$AI$110,0,H$13))),2),0)","v":0},{"$f":"IF(AUTOEVENTO=\"Manual\",ROUND(SUMPRODUCT((CÁLCULO!$M$15:$M$110=EVENTOS!$C24)*(OFFSET(CÁLCULO!$AI$15:$AI$110,0,I$13))),2),0)","v":0},{"$f":"IF(AUTOEVENTO=\"Manual\",ROUND(SUMPRODUCT((CÁLCULO!$M$15:$M$110=EVENTOS!$C24)*(OFFSET(CÁLCULO!$AI$15:$AI$110,0,J$13))),2),0)","v":0},{"$f":"IF(AUTOEVENTO=\"Manual\",ROUND(SUMPRODUCT((CÁLCULO!$M$15:$M$110=EVENTOS!$C24)*(OFFSET(CÁLCULO!$AI$15:$AI$110,0,K$13))),2),0)","v":0},{"$f":"IF(AUTOEVENTO=\"Manual\",ROUND(SUMPRODUCT((CÁLCULO!$M$15:$M$110=EVENTOS!$C24)*(OFFSET(CÁLCULO!$AI$15:$AI$110,0,L$13))),2),0)","v":0},{"$f":"IF(AUTOEVENTO=\"Manual\",ROUND(SUMPRODUCT((CÁLCULO!$M$15:$M$110=EVENTOS!$C24)*(OFFSET(CÁLCULO!$AI$15:$AI$110,0,M$13))),2),0)","v":0},{"$f":"IF(AUTOEVENTO=\"Manual\",ROUND(SUMPRODUCT((CÁLCULO!$M$15:$M$110=EVENTOS!$C24)*(OFFSET(CÁLCULO!$AI$15:$AI$110,0,N$13))),2),0)","v":0},{"$f":"IF(AUTOEVENTO=\"Manual\",ROUND(SUMPRODUCT((CÁLCULO!$M$15:$M$110=EVENTOS!$C24)*(OFFSET(CÁLCULO!$AI$15:$AI$110,0,O$13))),2),0)","v":0},{"$f":"IF(AUTOEVENTO=\"Manual\",ROUND(SUMPRODUCT((CÁLCULO!$M$15:$M$110=EVENTOS!$C24)*(OFFSET(CÁLCULO!$AI$15:$AI$110,0,P$13))),2),0)","v":0},{"$f":"IF(AUTOEVENTO=\"Manual\",ROUND(SUMPRODUCT((CÁLCULO!$M$15:$M$110=EVENTOS!$C24)*(OFFSET(CÁLCULO!$AI$15:$AI$110,0,Q$13))),2),0)","v":0},{"$f":"IF(AUTOEVENTO=\"Manual\",ROUND(SUMPRODUCT((CÁLCULO!$M$15:$M$110=EVENTOS!$C24)*(OFFSET(CÁLCULO!$AI$15:$AI$110,0,R$13))),2),0)","v":0},{"$f":"IF(AUTOEVENTO=\"Manual\",ROUND(SUMPRODUCT((CÁLCULO!$M$15:$M$110=EVENTOS!$C24)*(OFFSET(CÁLCULO!$AI$15:$AI$110,0,S$13))),2),0)","v":0},{"$f":"IF(AUTOEVENTO=\"Manual\",ROUND(SUMPRODUCT((CÁLCULO!$M$15:$M$110=EVENTOS!$C24)*(OFFSET(CÁLCULO!$AI$15:$AI$110,0,T$13))),2),0)","v":0},{"$f":"IF(AUTOEVENTO=\"Manual\",ROUND(SUMPRODUCT((CÁLCULO!$M$15:$M$110=EVENTOS!$C24)*(OFFSET(CÁLCULO!$AI$15:$AI$110,0,U$13))),2),0)","v":0},{"$f":"IF(AUTOEVENTO=\"Manual\",ROUND(SUMPRODUCT((CÁLCULO!$M$15:$M$110=EVENTOS!$C24)*(OFFSET(CÁLCULO!$AI$15:$AI$110,0,V$13))),2),0)","v":0},{"$f":"IF(AUTOEVENTO=\"Manual\",ROUND(SUMPRODUCT((CÁLCULO!$M$15:$M$110=EVENTOS!$C24)*(OFFSET(CÁLCULO!$AI$15:$AI$110,0,W$13))),2),0)","v":0},{"$f":"IF(AUTOEVENTO=\"Manual\",ROUND(SUMPRODUCT((CÁLCULO!$M$15:$M$110=EVENTOS!$C24)*(OFFSET(CÁLCULO!$AI$15:$AI$110,0,X$13))),2),0)","v":0},{"$f":"IF(AUTOEVENTO=\"Manual\",ROUND(SUMPRODUCT((CÁLCULO!$M$15:$M$110=EVENTOS!$C24)*(OFFSET(CÁLCULO!$AI$15:$AI$110,0,Y$13))),2),0)","v":0}]
["","",{"$f":"IF(OR(ROW(C25)=ROW(EVENTOS.firstrow)+1,AND(OFFSET(C25,-1,0)<>\" \",OFFSET(C25,-1,1)<>\"\")),OFFSET(C25,-1,0)+1,\" \")","v":" "},null,{"$f":"IF(AUTOEVENTO=\"Manual\",ROUND(SUMPRODUCT((CÁLCULO!$M$15:$M$110=EVENTOS!$C25)*(OFFSET(CÁLCULO!$AI$15:$AI$110,0,E$13))),2),0)","v":0},{"$f":"IF(AUTOEVENTO=\"Manual\",ROUND(SUMPRODUCT((CÁLCULO!$M$15:$M$110=EVENTOS!$C25)*(OFFSET(CÁLCULO!$AI$15,0,1):OFFSET(CÁLCULO!$BB$110,0,-1))),2),0)","v":0},"",{"$f":"IF(AUTOEVENTO=\"Manual\",ROUND(SUMPRODUCT((CÁLCULO!$M$15:$M$110=EVENTOS!$C25)*(OFFSET(CÁLCULO!$AI$15:$AI$110,0,H$13))),2),0)","v":0},{"$f":"IF(AUTOEVENTO=\"Manual\",ROUND(SUMPRODUCT((CÁLCULO!$M$15:$M$110=EVENTOS!$C25)*(OFFSET(CÁLCULO!$AI$15:$AI$110,0,I$13))),2),0)","v":0},{"$f":"IF(AUTOEVENTO=\"Manual\",ROUND(SUMPRODUCT((CÁLCULO!$M$15:$M$110=EVENTOS!$C25)*(OFFSET(CÁLCULO!$AI$15:$AI$110,0,J$13))),2),0)","v":0},{"$f":"IF(AUTOEVENTO=\"Manual\",ROUND(SUMPRODUCT((CÁLCULO!$M$15:$M$110=EVENTOS!$C25)*(OFFSET(CÁLCULO!$AI$15:$AI$110,0,K$13))),2),0)","v":0},{"$f":"IF(AUTOEVENTO=\"Manual\",ROUND(SUMPRODUCT((CÁLCULO!$M$15:$M$110=EVENTOS!$C25)*(OFFSET(CÁLCULO!$AI$15:$AI$110,0,L$13))),2),0)","v":0},{"$f":"IF(AUTOEVENTO=\"Manual\",ROUND(SUMPRODUCT((CÁLCULO!$M$15:$M$110=EVENTOS!$C25)*(OFFSET(CÁLCULO!$AI$15:$AI$110,0,M$13))),2),0)","v":0},{"$f":"IF(AUTOEVENTO=\"Manual\",ROUND(SUMPRODUCT((CÁLCULO!$M$15:$M$110=EVENTOS!$C25)*(OFFSET(CÁLCULO!$AI$15:$AI$110,0,N$13))),2),0)","v":0},{"$f":"IF(AUTOEVENTO=\"Manual\",ROUND(SUMPRODUCT((CÁLCULO!$M$15:$M$110=EVENTOS!$C25)*(OFFSET(CÁLCULO!$AI$15:$AI$110,0,O$13))),2),0)","v":0},{"$f":"IF(AUTOEVENTO=\"Manual\",ROUND(SUMPRODUCT((CÁLCULO!$M$15:$M$110=EVENTOS!$C25)*(OFFSET(CÁLCULO!$AI$15:$AI$110,0,P$13))),2),0)","v":0},{"$f":"IF(AUTOEVENTO=\"Manual\",ROUND(SUMPRODUCT((CÁLCULO!$M$15:$M$110=EVENTOS!$C25)*(OFFSET(CÁLCULO!$AI$15:$AI$110,0,Q$13))),2),0)","v":0},{"$f":"IF(AUTOEVENTO=\"Manual\",ROUND(SUMPRODUCT((CÁLCULO!$M$15:$M$110=EVENTOS!$C25)*(OFFSET(CÁLCULO!$AI$15:$AI$110,0,R$13))),2),0)","v":0},{"$f":"IF(AUTOEVENTO=\"Manual\",ROUND(SUMPRODUCT((CÁLCULO!$M$15:$M$110=EVENTOS!$C25)*(OFFSET(CÁLCULO!$AI$15:$AI$110,0,S$13))),2),0)","v":0},{"$f":"IF(AUTOEVENTO=\"Manual\",ROUND(SUMPRODUCT((CÁLCULO!$M$15:$M$110=EVENTOS!$C25)*(OFFSET(CÁLCULO!$AI$15:$AI$110,0,T$13))),2),0)","v":0},{"$f":"IF(AUTOEVENTO=\"Manual\",ROUND(SUMPRODUCT((CÁLCULO!$M$15:$M$110=EVENTOS!$C25)*(OFFSET(CÁLCULO!$AI$15:$AI$110,0,U$13))),2),0)","v":0},{"$f":"IF(AUTOEVENTO=\"Manual\",ROUND(SUMPRODUCT((CÁLCULO!$M$15:$M$110=EVENTOS!$C25)*(OFFSET(CÁLCULO!$AI$15:$AI$110,0,V$13))),2),0)","v":0},{"$f":"IF(AUTOEVENTO=\"Manual\",ROUND(SUMPRODUCT((CÁLCULO!$M$15:$M$110=EVENTOS!$C25)*(OFFSET(CÁLCULO!$AI$15:$AI$110,0,W$13))),2),0)","v":0},{"$f":"IF(AUTOEVENTO=\"Manual\",ROUND(SUMPRODUCT((CÁLCULO!$M$15:$M$110=EVENTOS!$C25)*(OFFSET(CÁLCULO!$AI$15:$AI$110,0,X$13))),2),0)","v":0},{"$f":"IF(AUTOEVENTO=\"Manual\",ROUND(SUMPRODUCT((CÁLCULO!$M$15:$M$110=EVENTOS!$C25)*(OFFSET(CÁLCULO!$AI$15:$AI$110,0,Y$13))),2),0)","v":0}]
["","",{"$f":"IF(OR(ROW(C26)=ROW(EVENTOS.firstrow)+1,AND(OFFSET(C26,-1,0)<>\" \",OFFSET(C26,-1,1)<>\"\")),OFFSET(C26,-1,0)+1,\" \")","v":" "},null,{"$f":"IF(AUTOEVENTO=\"Manual\",ROUND(SUMPRODUCT((CÁLCULO!$M$15:$M$110=EVENTOS!$C26)*(OFFSET(CÁLCULO!$AI$15:$AI$110,0,E$13))),2),0)","v":0},{"$f":"IF(AUTOEVENTO=\"Manual\",ROUND(SUMPRODUCT((CÁLCULO!$M$15:$M$110=EVENTOS!$C26)*(OFFSET(CÁLCULO!$AI$15,0,1):OFFSET(CÁLCULO!$BB$110,0,-1))),2),0)","v":0},"",{"$f":"IF(AUTOEVENTO=\"Manual\",ROUND(SUMPRODUCT((CÁLCULO!$M$15:$M$110=EVENTOS!$C26)*(OFFSET(CÁLCULO!$AI$15:$AI$110,0,H$13))),2),0)","v":0},{"$f":"IF(AUTOEVENTO=\"Manual\",ROUND(SUMPRODUCT((CÁLCULO!$M$15:$M$110=EVENTOS!$C26)*(OFFSET(CÁLCULO!$AI$15:$AI$110,0,I$13))),2),0)","v":0},{"$f":"IF(AUTOEVENTO=\"Manual\",ROUND(SUMPRODUCT((CÁLCULO!$M$15:$M$110=EVENTOS!$C26)*(OFFSET(CÁLCULO!$AI$15:$AI$110,0,J$13))),2),0)","v":0},{"$f":"IF(AUTOEVENTO=\"Manual\",ROUND(SUMPRODUCT((CÁLCULO!$M$15:$M$110=EVENTOS!$C26)*(OFFSET(CÁLCULO!$AI$15:$AI$110,0,K$13))),2),0)","v":0},{"$f":"IF(AUTOEVENTO=\"Manual\",ROUND(SUMPRODUCT((CÁLCULO!$M$15:$M$110=EVENTOS!$C26)*(OFFSET(CÁLCULO!$AI$15:$AI$110,0,L$13))),2),0)","v":0},{"$f":"IF(AUTOEVENTO=\"Manual\",ROUND(SUMPRODUCT((CÁLCULO!$M$15:$M$110=EVENTOS!$C26)*(OFFSET(CÁLCULO!$AI$15:$AI$110,0,M$13))),2),0)","v":0},{"$f":"IF(AUTOEVENTO=\"Manual\",ROUND(SUMPRODUCT((CÁLCULO!$M$15:$M$110=EVENTOS!$C26)*(OFFSET(CÁLCULO!$AI$15:$AI$110,0,N$13))),2),0)","v":0},{"$f":"IF(AUTOEVENTO=\"Manual\",ROUND(SUMPRODUCT((CÁLCULO!$M$15:$M$110=EVENTOS!$C26)*(OFFSET(CÁLCULO!$AI$15:$AI$110,0,O$13))),2),0)","v":0},{"$f":"IF(AUTOEVENTO=\"Manual\",ROUND(SUMPRODUCT((CÁLCULO!$M$15:$M$110=EVENTOS!$C26)*(OFFSET(CÁLCULO!$AI$15:$AI$110,0,P$13))),2),0)","v":0},{"$f":"IF(AUTOEVENTO=\"Manual\",ROUND(SUMPRODUCT((CÁLCULO!$M$15:$M$110=EVENTOS!$C26)*(OFFSET(CÁLCULO!$AI$15:$AI$110,0,Q$13))),2),0)","v":0},{"$f":"IF(AUTOEVENTO=\"Manual\",ROUND(SUMPRODUCT((CÁLCULO!$M$15:$M$110=EVENTOS!$C26)*(OFFSET(CÁLCULO!$AI$15:$AI$110,0,R$13))),2),0)","v":0},{"$f":"IF(AUTOEVENTO=\"Manual\",ROUND(SUMPRODUCT((CÁLCULO!$M$15:$M$110=EVENTOS!$C26)*(OFFSET(CÁLCULO!$AI$15:$AI$110,0,S$13))),2),0)","v":0},{"$f":"IF(AUTOEVENTO=\"Manual\",ROUND(SUMPRODUCT((CÁLCULO!$M$15:$M$110=EVENTOS!$C26)*(OFFSET(CÁLCULO!$AI$15:$AI$110,0,T$13))),2),0)","v":0},{"$f":"IF(AUTOEVENTO=\"Manual\",ROUND(SUMPRODUCT((CÁLCULO!$M$15:$M$110=EVENTOS!$C26)*(OFFSET(CÁLCULO!$AI$15:$AI$110,0,U$13))),2),0)","v":0},{"$f":"IF(AUTOEVENTO=\"Manual\",ROUND(SUMPRODUCT((CÁLCULO!$M$15:$M$110=EVENTOS!$C26)*(OFFSET(CÁLCULO!$AI$15:$AI$110,0,V$13))),2),0)","v":0},{"$f":"IF(AUTOEVENTO=\"Manual\",ROUND(SUMPRODUCT((CÁLCULO!$M$15:$M$110=EVENTOS!$C26)*(OFFSET(CÁLCULO!$AI$15:$AI$110,0,W$13))),2),0)","v":0},{"$f":"IF(AUTOEVENTO=\"Manual\",ROUND(SUMPRODUCT((CÁLCULO!$M$15:$M$110=EVENTOS!$C26)*(OFFSET(CÁLCULO!$AI$15:$AI$110,0,X$13))),2),0)","v":0},{"$f":"IF(AUTOEVENTO=\"Manual\",ROUND(SUMPRODUCT((CÁLCULO!$M$15:$M$110=EVENTOS!$C26)*(OFFSET(CÁLCULO!$AI$15:$AI$110,0,Y$13))),2),0)","v":0}]
["","",{"$f":"IF(OR(ROW(C27)=ROW(EVENTOS.firstrow)+1,AND(OFFSET(C27,-1,0)<>\" \",OFFSET(C27,-1,1)<>\"\")),OFFSET(C27,-1,0)+1,\" \")","v":" "},null,{"$f":"IF(AUTOEVENTO=\"Manual\",ROUND(SUMPRODUCT((CÁLCULO!$M$15:$M$110=EVENTOS!$C27)*(OFFSET(CÁLCULO!$AI$15:$AI$110,0,E$13))),2),0)","v":0},{"$f":"IF(AUTOEVENTO=\"Manual\",ROUND(SUMPRODUCT((CÁLCULO!$M$15:$M$110=EVENTOS!$C27)*(OFFSET(CÁLCULO!$AI$15,0,1):OFFSET(CÁLCULO!$BB$110,0,-1))),2),0)","v":0},"",{"$f":"IF(AUTOEVENTO=\"Manual\",ROUND(SUMPRODUCT((CÁLCULO!$M$15:$M$110=EVENTOS!$C27)*(OFFSET(CÁLCULO!$AI$15:$AI$110,0,H$13))),2),0)","v":0},{"$f":"IF(AUTOEVENTO=\"Manual\",ROUND(SUMPRODUCT((CÁLCULO!$M$15:$M$110=EVENTOS!$C27)*(OFFSET(CÁLCULO!$AI$15:$AI$110,0,I$13))),2),0)","v":0},{"$f":"IF(AUTOEVENTO=\"Manual\",ROUND(SUMPRODUCT((CÁLCULO!$M$15:$M$110=EVENTOS!$C27)*(OFFSET(CÁLCULO!$AI$15:$AI$110,0,J$13))),2),0)","v":0},{"$f":"IF(AUTOEVENTO=\"Manual\",ROUND(SUMPRODUCT((CÁLCULO!$M$15:$M$110=EVENTOS!$C27)*(OFFSET(CÁLCULO!$AI$15:$AI$110,0,K$13))),2),0)","v":0},{"$f":"IF(AUTOEVENTO=\"Manual\",ROUND(SUMPRODUCT((CÁLCULO!$M$15:$M$110=EVENTOS!$C27)*(OFFSET(CÁLCULO!$AI$15:$AI$110,0,L$13))),2),0)","v":0},{"$f":"IF(AUTOEVENTO=\"Manual\",ROUND(SUMPRODUCT((CÁLCULO!$M$15:$M$110=EVENTOS!$C27)*(OFFSET(CÁLCULO!$AI$15:$AI$110,0,M$13))),2),0)","v":0},{"$f":"IF(AUTOEVENTO=\"Manual\",ROUND(SUMPRODUCT((CÁLCULO!$M$15:$M$110=EVENTOS!$C27)*(OFFSET(CÁLCULO!$AI$15:$AI$110,0,N$13))),2),0)","v":0},{"$f":"IF(AUTOEVENTO=\"Manual\",ROUND(SUMPRODUCT((CÁLCULO!$M$15:$M$110=EVENTOS!$C27)*(OFFSET(CÁLCULO!$AI$15:$AI$110,0,O$13))),2),0)","v":0},{"$f":"IF(AUTOEVENTO=\"Manual\",ROUND(SUMPRODUCT((CÁLCULO!$M$15:$M$110=EVENTOS!$C27)*(OFFSET(CÁLCULO!$AI$15:$AI$110,0,P$13))),2),0)","v":0},{"$f":"IF(AUTOEVENTO=\"Manual\",ROUND(SUMPRODUCT((CÁLCULO!$M$15:$M$110=EVENTOS!$C27)*(OFFSET(CÁLCULO!$AI$15:$AI$110,0,Q$13))),2),0)","v":0},{"$f":"IF(AUTOEVENTO=\"Manual\",ROUND(SUMPRODUCT((CÁLCULO!$M$15:$M$110=EVENTOS!$C27)*(OFFSET(CÁLCULO!$AI$15:$AI$110,0,R$13))),2),0)","v":0},{"$f":"IF(AUTOEVENTO=\"Manual\",ROUND(SUMPRODUCT((CÁLCULO!$M$15:$M$110=EVENTOS!$C27)*(OFFSET(CÁLCULO!$AI$15:$AI$110,0,S$13))),2),0)","v":0},{"$f":"IF(AUTOEVENTO=\"Manual\",ROUND(SUMPRODUCT((CÁLCULO!$M$15:$M$110=EVENTOS!$C27)*(OFFSET(CÁLCULO!$AI$15:$AI$110,0,T$13))),2),0)","v":0},{"$f":"IF(AUTOEVENTO=\"Manual\",ROUND(SUMPRODUCT((CÁLCULO!$M$15:$M$110=EVENTOS!$C27)*(OFFSET(CÁLCULO!$AI$15:$AI$110,0,U$13))),2),0)","v":0},{"$f":"IF(AUTOEVENTO=\"Manual\",ROUND(SUMPRODUCT((CÁLCULO!$M$15:$M$110=EVENTOS!$C27)*(OFFSET(CÁLCULO!$AI$15:$AI$110,0,V$13))),2),0)","v":0},{"$f":"IF(AUTOEVENTO=\"Manual\",ROUND(SUMPRODUCT((CÁLCULO!$M$15:$M$110=EVENTOS!$C27)*(OFFSET(CÁLCULO!$AI$15:$AI$110,0,W$13))),2),0)","v":0},{"$f":"IF(AUTOEVENTO=\"Manual\",ROUND(SUMPRODUCT((CÁLCULO!$M$15:$M$110=EVENTOS!$C27)*(OFFSET(CÁLCULO!$AI$15:$AI$110,0,X$13))),2),0)","v":0},{"$f":"IF(AUTOEVENTO=\"Manual\",ROUND(SUMPRODUCT((CÁLCULO!$M$15:$M$110=EVENTOS!$C27)*(OFFSET(CÁLCULO!$AI$15:$AI$110,0,Y$13))),2),0)","v":0}]
["","",{"$f":"IF(OR(ROW(C28)=ROW(EVENTOS.firstrow)+1,AND(OFFSET(C28,-1,0)<>\" \",OFFSET(C28,-1,1)<>\"\")),OFFSET(C28,-1,0)+1,\" \")","v":" "},null,{"$f":"IF(AUTOEVENTO=\"Manual\",ROUND(SUMPRODUCT((CÁLCULO!$M$15:$M$110=EVENTOS!$C28)*(OFFSET(CÁLCULO!$AI$15:$AI$110,0,E$13))),2),0)","v":0},{"$f":"IF(AUTOEVENTO=\"Manual\",ROUND(SUMPRODUCT((CÁLCULO!$M$15:$M$110=EVENTOS!$C28)*(OFFSET(CÁLCULO!$AI$15,0,1):OFFSET(CÁLCULO!$BB$110,0,-1))),2),0)","v":0},"",{"$f":"IF(AUTOEVENTO=\"Manual\",ROUND(SUMPRODUCT((CÁLCULO!$M$15:$M$110=EVENTOS!$C28)*(OFFSET(CÁLCULO!$AI$15:$AI$110,0,H$13))),2),0)","v":0},{"$f":"IF(AUTOEVENTO=\"Manual\",ROUND(SUMPRODUCT((CÁLCULO!$M$15:$M$110=EVENTOS!$C28)*(OFFSET(CÁLCULO!$AI$15:$AI$110,0,I$13))),2),0)","v":0},{"$f":"IF(AUTOEVENTO=\"Manual\",ROUND(SUMPRODUCT((CÁLCULO!$M$15:$M$110=EVENTOS!$C28)*(OFFSET(CÁLCULO!$AI$15:$AI$110,0,J$13))),2),0)","v":0},{"$f":"IF(AUTOEVENTO=\"Manual\",ROUND(SUMPRODUCT((CÁLCULO!$M$15:$M$110=EVENTOS!$C28)*(OFFSET(CÁLCULO!$AI$15:$AI$110,0,K$13))),2),0)","v":0},{"$f":"IF(AUTOEVENTO=\"Manual\",ROUND(SUMPRODUCT((CÁLCULO!$M$15:$M$110=EVENTOS!$C28)*(OFFSET(CÁLCULO!$AI$15:$AI$110,0,L$13))),2),0)","v":0},{"$f":"IF(AUTOEVENTO=\"Manual\",ROUND(SUMPRODUCT((CÁLCULO!$M$15:$M$110=EVENTOS!$C28)*(OFFSET(CÁLCULO!$AI$15:$AI$110,0,M$13))),2),0)","v":0},{"$f":"IF(AUTOEVENTO=\"Manual\",ROUND(SUMPRODUCT((CÁLCULO!$M$15:$M$110=EVENTOS!$C28)*(OFFSET(CÁLCULO!$AI$15:$AI$110,0,N$13))),2),0)","v":0},{"$f":"IF(AUTOEVENTO=\"Manual\",ROUND(SUMPRODUCT((CÁLCULO!$M$15:$M$110=EVENTOS!$C28)*(OFFSET(CÁLCULO!$AI$15:$AI$110,0,O$13))),2),0)","v":0},{"$f":"IF(AUTOEVENTO=\"Manual\",ROUND(SUMPRODUCT((CÁLCULO!$M$15:$M$110=EVENTOS!$C28)*(OFFSET(CÁLCULO!$AI$15:$AI$110,0,P$13))),2),0)","v":0},{"$f":"IF(AUTOEVENTO=\"Manual\",ROUND(SUMPRODUCT((CÁLCULO!$M$15:$M$110=EVENTOS!$C28)*(OFFSET(CÁLCULO!$AI$15:$AI$110,0,Q$13))),2),0)","v":0},{"$f":"IF(AUTOEVENTO=\"Manual\",ROUND(SUMPRODUCT((CÁLCULO!$M$15:$M$110=EVENTOS!$C28)*(OFFSET(CÁLCULO!$AI$15:$AI$110,0,R$13))),2),0)","v":0},{"$f":"IF(AUTOEVENTO=\"Manual\",ROUND(SUMPRODUCT((CÁLCULO!$M$15:$M$110=EVENTOS!$C28)*(OFFSET(CÁLCULO!$AI$15:$AI$110,0,S$13))),2),0)","v":0},{"$f":"IF(AUTOEVENTO=\"Manual\",ROUND(SUMPRODUCT((CÁLCULO!$M$15:$M$110=EVENTOS!$C28)*(OFFSET(CÁLCULO!$AI$15:$AI$110,0,T$13))),2),0)","v":0},{"$f":"IF(AUTOEVENTO=\"Manual\",ROUND(SUMPRODUCT((CÁLCULO!$M$15:$M$110=EVENTOS!$C28)*(OFFSET(CÁLCULO!$AI$15:$AI$110,0,U$13))),2),0)","v":0},{"$f":"IF(AUTOEVENTO=\"Manual\",ROUND(SUMPRODUCT((CÁLCULO!$M$15:$M$110=EVENTOS!$C28)*(OFFSET(CÁLCULO!$AI$15:$AI$110,0,V$13))),2),0)","v":0},{"$f":"IF(AUTOEVENTO=\"Manual\",ROUND(SUMPRODUCT((CÁLCULO!$M$15:$M$110=EVENTOS!$C28)*(OFFSET(CÁLCULO!$AI$15:$AI$110,0,W$13))),2),0)","v":0},{"$f":"IF(AUTOEVENTO=\"Manual\",ROUND(SUMPRODUCT((CÁLCULO!$M$15:$M$110=EVENTOS!$C28)*(OFFSET(CÁLCULO!$AI$15:$AI$110,0,X$13))),2),0)","v":0},{"$f":"IF(AUTOEVENTO=\"Manual\",ROUND(SUMPRODUCT((CÁLCULO!$M$15:$M$110=EVENTOS!$C28)*(OFFSET(CÁLCULO!$AI$15:$AI$110,0,Y$13))),2),0)","v":0}]
["","",{"$f":"IF(OR(ROW(C29)=ROW(EVENTOS.firstrow)+1,AND(OFFSET(C29,-1,0)<>\" \",OFFSET(C29,-1,1)<>\"\")),OFFSET(C29,-1,0)+1,\" \")","v":" "},null,{"$f":"IF(AUTOEVENTO=\"Manual\",ROUND(SUMPRODUCT((CÁLCULO!$M$15:$M$110=EVENTOS!$C29)*(OFFSET(CÁLCULO!$AI$15:$AI$110,0,E$13))),2),0)","v":0},{"$f":"IF(AUTOEVENTO=\"Manual\",ROUND(SUMPRODUCT((CÁLCULO!$M$15:$M$110=EVENTOS!$C29)*(OFFSET(CÁLCULO!$AI$15,0,1):OFFSET(CÁLCULO!$BB$110,0,-1))),2),0)","v":0},"",{"$f":"IF(AUTOEVENTO=\"Manual\",ROUND(SUMPRODUCT((CÁLCULO!$M$15:$M$110=EVENTOS!$C29)*(OFFSET(CÁLCULO!$AI$15:$AI$110,0,H$13))),2),0)","v":0},{"$f":"IF(AUTOEVENTO=\"Manual\",ROUND(SUMPRODUCT((CÁLCULO!$M$15:$M$110=EVENTOS!$C29)*(OFFSET(CÁLCULO!$AI$15:$AI$110,0,I$13))),2),0)","v":0},{"$f":"IF(AUTOEVENTO=\"Manual\",ROUND(SUMPRODUCT((CÁLCULO!$M$15:$M$110=EVENTOS!$C29)*(OFFSET(CÁLCULO!$AI$15:$AI$110,0,J$13))),2),0)","v":0},{"$f":"IF(AUTOEVENTO=\"Manual\",ROUND(SUMPRODUCT((CÁLCULO!$M$15:$M$110=EVENTOS!$C29)*(OFFSET(CÁLCULO!$AI$15:$AI$110,0,K$13))),2),0)","v":0},{"$f":"IF(AUTOEVENTO=\"Manual\",ROUND(SUMPRODUCT((CÁLCULO!$M$15:$M$110=EVENTOS!$C29)*(OFFSET(CÁLCULO!$AI$15:$AI$110,0,L$13))),2),0)","v":0},{"$f":"IF(AUTOEVENTO=\"Manual\",ROUND(SUMPRODUCT((CÁLCULO!$M$15:$M$110=EVENTOS!$C29)*(OFFSET(CÁLCULO!$AI$15:$AI$110,0,M$13))),2),0)","v":0},{"$f":"IF(AUTOEVENTO=\"Manual\",ROUND(SUMPRODUCT((CÁLCULO!$M$15:$M$110=EVENTOS!$C29)*(OFFSET(CÁLCULO!$AI$15:$AI$110,0,N$13))),2),0)","v":0},{"$f":"IF(AUTOEVENTO=\"Manual\",ROUND(SUMPRODUCT((CÁLCULO!$M$15:$M$110=EVENTOS!$C29)*(OFFSET(CÁLCULO!$AI$15:$AI$110,0,O$13))),2),0)","v":0},{"$f":"IF(AUTOEVENTO=\"Manual\",ROUND(SUMPRODUCT((CÁLCULO!$M$15:$M$110=EVENTOS!$C29)*(OFFSET(CÁLCULO!$AI$15:$AI$110,0,P$13))),2),0)","v":0},{"$f":"IF(AUTOEVENTO=\"Manual\",ROUND(SUMPRODUCT((CÁLCULO!$M$15:$M$110=EVENTOS!$C29)*(OFFSET(CÁLCULO!$AI$15:$AI$110,0,Q$13))),2),0)","v":0},{"$f":"IF(AUTOEVENTO=\"Manual\",ROUND(SUMPRODUCT((CÁLCULO!$M$15:$M$110=EVENTOS!$C29)*(OFFSET(CÁLCULO!$AI$15:$AI$110,0,R$13))),2),0)","v":0},{"$f":"IF(AUTOEVENTO=\"Manual\",ROUND(SUMPRODUCT((CÁLCULO!$M$15:$M$110=EVENTOS!$C29)*(OFFSET(CÁLCULO!$AI$15:$AI$110,0,S$13))),2),0)","v":0},{"$f":"IF(AUTOEVENTO=\"Manual\",ROUND(SUMPRODUCT((CÁLCULO!$M$15:$M$110=EVENTOS!$C29)*(OFFSET(CÁLCULO!$AI$15:$AI$110,0,T$13))),2),0)","v":0},{"$f":"IF(AUTOEVENTO=\"Manual\",ROUND(SUMPRODUCT((CÁLCULO!$M$15:$M$110=EVENTOS!$C29)*(OFFSET(CÁLCULO!$AI$15:$AI$110,0,U$13))),2),0)","v":0},{"$f":"IF(AUTOEVENTO=\"Manual\",ROUND(SUMPRODUCT((CÁLCULO!$M$15:$M$110=EVENTOS!$C29)*(OFFSET(CÁLCULO!$AI$15:$AI$110,0,V$13))),2),0)","v":0},{"$f":"IF(AUTOEVENTO=\"Manual\",ROUND(SUMPRODUCT((CÁLCULO!$M$15:$M$110=EVENTOS!$C29)*(OFFSET(CÁLCULO!$AI$15:$AI$110,0,W$13))),2),0)","v":0},{"$f":"IF(AUTOEVENTO=\"Manual\",ROUND(SUMPRODUCT((CÁLCULO!$M$15:$M$110=EVENTOS!$C29)*(OFFSET(CÁLCULO!$AI$15:$AI$110,0,X$13))),2),0)","v":0},{"$f":"IF(AUTOEVENTO=\"Manual\",ROUND(SUMPRODUCT((CÁLCULO!$M$15:$M$110=EVENTOS!$C29)*(OFFSET(CÁLCULO!$AI$15:$AI$110,0,Y$13))),2),0)","v":0}]
["","",{"$f":"IF(OR(ROW(C30)=ROW(EVENTOS.firstrow)+1,AND(OFFSET(C30,-1,0)<>\" \",OFFSET(C30,-1,1)<>\"\")),OFFSET(C30,-1,0)+1,\" \")","v":" "},null,{"$f":"IF(AUTOEVENTO=\"Manual\",ROUND(SUMPRODUCT((CÁLCULO!$M$15:$M$110=EVENTOS!$C30)*(OFFSET(CÁLCULO!$AI$15:$AI$110,0,E$13))),2),0)","v":0},{"$f":"IF(AUTOEVENTO=\"Manual\",ROUND(SUMPRODUCT((CÁLCULO!$M$15:$M$110=EVENTOS!$C30)*(OFFSET(CÁLCULO!$AI$15,0,1):OFFSET(CÁLCULO!$BB$110,0,-1))),2),0)","v":0},"",{"$f":"IF(AUTOEVENTO=\"Manual\",ROUND(SUMPRODUCT((CÁLCULO!$M$15:$M$110=EVENTOS!$C30)*(OFFSET(CÁLCULO!$AI$15:$AI$110,0,H$13))),2),0)","v":0},{"$f":"IF(AUTOEVENTO=\"Manual\",ROUND(SUMPRODUCT((CÁLCULO!$M$15:$M$110=EVENTOS!$C30)*(OFFSET(CÁLCULO!$AI$15:$AI$110,0,I$13))),2),0)","v":0},{"$f":"IF(AUTOEVENTO=\"Manual\",ROUND(SUMPRODUCT((CÁLCULO!$M$15:$M$110=EVENTOS!$C30)*(OFFSET(CÁLCULO!$AI$15:$AI$110,0,J$13))),2),0)","v":0},{"$f":"IF(AUTOEVENTO=\"Manual\",ROUND(SUMPRODUCT((CÁLCULO!$M$15:$M$110=EVENTOS!$C30)*(OFFSET(CÁLCULO!$AI$15:$AI$110,0,K$13))),2),0)","v":0},{"$f":"IF(AUTOEVENTO=\"Manual\",ROUND(SUMPRODUCT((CÁLCULO!$M$15:$M$110=EVENTOS!$C30)*(OFFSET(CÁLCULO!$AI$15:$AI$110,0,L$13))),2),0)","v":0},{"$f":"IF(AUTOEVENTO=\"Manual\",ROUND(SUMPRODUCT((CÁLCULO!$M$15:$M$110=EVENTOS!$C30)*(OFFSET(CÁLCULO!$AI$15:$AI$110,0,M$13))),2),0)","v":0},{"$f":"IF(AUTOEVENTO=\"Manual\",ROUND(SUMPRODUCT((CÁLCULO!$M$15:$M$110=EVENTOS!$C30)*(OFFSET(CÁLCULO!$AI$15:$AI$110,0,N$13))),2),0)","v":0},{"$f":"IF(AUTOEVENTO=\"Manual\",ROUND(SUMPRODUCT((CÁLCULO!$M$15:$M$110=EVENTOS!$C30)*(OFFSET(CÁLCULO!$AI$15:$AI$110,0,O$13))),2),0)","v":0},{"$f":"IF(AUTOEVENTO=\"Manual\",ROUND(SUMPRODUCT((CÁLCULO!$M$15:$M$110=EVENTOS!$C30)*(OFFSET(CÁLCULO!$AI$15:$AI$110,0,P$13))),2),0)","v":0},{"$f":"IF(AUTOEVENTO=\"Manual\",ROUND(SUMPRODUCT((CÁLCULO!$M$15:$M$110=EVENTOS!$C30)*(OFFSET(CÁLCULO!$AI$15:$AI$110,0,Q$13))),2),0)","v":0},{"$f":"IF(AUTOEVENTO=\"Manual\",ROUND(SUMPRODUCT((CÁLCULO!$M$15:$M$110=EVENTOS!$C30)*(OFFSET(CÁLCULO!$AI$15:$AI$110,0,R$13))),2),0)","v":0},{"$f":"IF(AUTOEVENTO=\"Manual\",ROUND(SUMPRODUCT((CÁLCULO!$M$15:$M$110=EVENTOS!$C30)*(OFFSET(CÁLCULO!$AI$15:$AI$110,0,S$13))),2),0)","v":0},{"$f":"IF(AUTOEVENTO=\"Manual\",ROUND(SUMPRODUCT((CÁLCULO!$M$15:$M$110=EVENTOS!$C30)*(OFFSET(CÁLCULO!$AI$15:$AI$110,0,T$13))),2),0)","v":0},{"$f":"IF(AUTOEVENTO=\"Manual\",ROUND(SUMPRODUCT((CÁLCULO!$M$15:$M$110=EVENTOS!$C30)*(OFFSET(CÁLCULO!$AI$15:$AI$110,0,U$13))),2),0)","v":0},{"$f":"IF(AUTOEVENTO=\"Manual\",ROUND(SUMPRODUCT((CÁLCULO!$M$15:$M$110=EVENTOS!$C30)*(OFFSET(CÁLCULO!$AI$15:$AI$110,0,V$13))),2),0)","v":0},{"$f":"IF(AUTOEVENTO=\"Manual\",ROUND(SUMPRODUCT((CÁLCULO!$M$15:$M$110=EVENTOS!$C30)*(OFFSET(CÁLCULO!$AI$15:$AI$110,0,W$13))),2),0)","v":0},{"$f":"IF(AUTOEVENTO=\"Manual\",ROUND(SUMPRODUCT((CÁLCULO!$M$15:$M$110=EVENTOS!$C30)*(OFFSET(CÁLCULO!$AI$15:$AI$110,0,X$13))),2),0)","v":0},{"$f":"IF(AUTOEVENTO=\"Manual\",ROUND(SUMPRODUCT((CÁLCULO!$M$15:$M$110=EVENTOS!$C30)*(OFFSET(CÁLCULO!$AI$15:$AI$110,0,Y$13))),2),0)","v":0}]
["","",{"$f":"IF(OR(ROW(C31)=ROW(EVENTOS.firstrow)+1,AND(OFFSET(C31,-1,0)<>\" \",OFFSET(C31,-1,1)<>\"\")),OFFSET(C31,-1,0)+1,\" \")","v":" "},null,{"$f":"IF(AUTOEVENTO=\"Manual\",ROUND(SUMPRODUCT((CÁLCULO!$M$15:$M$110=EVENTOS!$C31)*(OFFSET(CÁLCULO!$AI$15:$AI$110,0,E$13))),2),0)","v":0},{"$f":"IF(AUTOEVENTO=\"Manual\",ROUND(SUMPRODUCT((CÁLCULO!$M$15:$M$110=EVENTOS!$C31)*(OFFSET(CÁLCULO!$AI$15,0,1):OFFSET(CÁLCULO!$BB$110,0,-1))),2),0)","v":0},"",{"$f":"IF(AUTOEVENTO=\"Manual\",ROUND(SUMPRODUCT((CÁLCULO!$M$15:$M$110=EVENTOS!$C31)*(OFFSET(CÁLCULO!$AI$15:$AI$110,0,H$13))),2),0)","v":0},{"$f":"IF(AUTOEVENTO=\"Manual\",ROUND(SUMPRODUCT((CÁLCULO!$M$15:$M$110=EVENTOS!$C31)*(OFFSET(CÁLCULO!$AI$15:$AI$110,0,I$13))),2),0)","v":0},{"$f":"IF(AUTOEVENTO=\"Manual\",ROUND(SUMPRODUCT((CÁLCULO!$M$15:$M$110=EVENTOS!$C31)*(OFFSET(CÁLCULO!$AI$15:$AI$110,0,J$13))),2),0)","v":0},{"$f":"IF(AUTOEVENTO=\"Manual\",ROUND(SUMPRODUCT((CÁLCULO!$M$15:$M$110=EVENTOS!$C31)*(OFFSET(CÁLCULO!$AI$15:$AI$110,0,K$13))),2),0)","v":0},{"$f":"IF(AUTOEVENTO=\"Manual\",ROUND(SUMPRODUCT((CÁLCULO!$M$15:$M$110=EVENTOS!$C31)*(OFFSET(CÁLCULO!$AI$15:$AI$110,0,L$13))),2),0)","v":0},{"$f":"IF(AUTOEVENTO=\"Manual\",ROUND(SUMPRODUCT((CÁLCULO!$M$15:$M$110=EVENTOS!$C31)*(OFFSET(CÁLCULO!$AI$15:$AI$110,0,M$13))),2),0)","v":0},{"$f":"IF(AUTOEVENTO=\"Manual\",ROUND(SUMPRODUCT((CÁLCULO!$M$15:$M$110=EVENTOS!$C31)*(OFFSET(CÁLCULO!$AI$15:$AI$110,0,N$13))),2),0)","v":0},{"$f":"IF(AUTOEVENTO=\"Manual\",ROUND(SUMPRODUCT((CÁLCULO!$M$15:$M$110=EVENTOS!$C31)*(OFFSET(CÁLCULO!$AI$15:$AI$110,0,O$13))),2),0)","v":0},{"$f":"IF(AUTOEVENTO=\"Manual\",ROUND(SUMPRODUCT((CÁLCULO!$M$15:$M$110=EVENTOS!$C31)*(OFFSET(CÁLCULO!$AI$15:$AI$110,0,P$13))),2),0)","v":0},{"$f":"IF(AUTOEVENTO=\"Manual\",ROUND(SUMPRODUCT((CÁLCULO!$M$15:$M$110=EVENTOS!$C31)*(OFFSET(CÁLCULO!$AI$15:$AI$110,0,Q$13))),2),0)","v":0},{"$f":"IF(AUTOEVENTO=\"Manual\",ROUND(SUMPRODUCT((CÁLCULO!$M$15:$M$110=EVENTOS!$C31)*(OFFSET(CÁLCULO!$AI$15:$AI$110,0,R$13))),2),0)","v":0},{"$f":"IF(AUTOEVENTO=\"Manual\",ROUND(SUMPRODUCT((CÁLCULO!$M$15:$M$110=EVENTOS!$C31)*(OFFSET(CÁLCULO!$AI$15:$AI$110,0,S$13))),2),0)","v":0},{"$f":"IF(AUTOEVENTO=\"Manual\",ROUND(SUMPRODUCT((CÁLCULO!$M$15:$M$110=EVENTOS!$C31)*(OFFSET(CÁLCULO!$AI$15:$AI$110,0,T$13))),2),0)","v":0},{"$f":"IF(AUTOEVENTO=\"Manual\",ROUND(SUMPRODUCT((CÁLCULO!$M$15:$M$110=EVENTOS!$C31)*(OFFSET(CÁLCULO!$AI$15:$AI$110,0,U$13))),2),0)","v":0},{"$f":"IF(AUTOEVENTO=\"Manual\",ROUND(SUMPRODUCT((CÁLCULO!$M$15:$M$110=EVENTOS!$C31)*(OFFSET(CÁLCULO!$AI$15:$AI$110,0,V$13))),2),0)","v":0},{"$f":"IF(AUTOEVENTO=\"Manual\",ROUND(SUMPRODUCT((CÁLCULO!$M$15:$M$110=EVENTOS!$C31)*(OFFSET(CÁLCULO!$AI$15:$AI$110,0,W$13))),2),0)","v":0},{"$f":"IF(AUTOEVENTO=\"Manual\",ROUND(SUMPRODUCT((CÁLCULO!$M$15:$M$110=EVENTOS!$C31)*(OFFSET(CÁLCULO!$AI$15:$AI$110,0,X$13))),2),0)","v":0},{"$f":"IF(AUTOEVENTO=\"Manual\",ROUND(SUMPRODUCT((CÁLCULO!$M$15:$M$110=EVENTOS!$C31)*(OFFSET(CÁLCULO!$AI$15:$AI$110,0,Y$13))),2),0)","v":0}]
["","",{"$f":"IF(OR(ROW(C32)=ROW(EVENTOS.firstrow)+1,AND(OFFSET(C32,-1,0)<>\" \",OFFSET(C32,-1,1)<>\"\")),OFFSET(C32,-1,0)+1,\" \")","v":" "},null,{"$f":"IF(AUTOEVENTO=\"Manual\",ROUND(SUMPRODUCT((CÁLCULO!$M$15:$M$110=EVENTOS!$C32)*(OFFSET(CÁLCULO!$AI$15:$AI$110,0,E$13))),2),0)","v":0},{"$f":"IF(AUTOEVENTO=\"Manual\",ROUND(SUMPRODUCT((CÁLCULO!$M$15:$M$110=EVENTOS!$C32)*(OFFSET(CÁLCULO!$AI$15,0,1):OFFSET(CÁLCULO!$BB$110,0,-1))),2),0)","v":0},"",{"$f":"IF(AUTOEVENTO=\"Manual\",ROUND(SUMPRODUCT((CÁLCULO!$M$15:$M$110=EVENTOS!$C32)*(OFFSET(CÁLCULO!$AI$15:$AI$110,0,H$13))),2),0)","v":0},{"$f":"IF(AUTOEVENTO=\"Manual\",ROUND(SUMPRODUCT((CÁLCULO!$M$15:$M$110=EVENTOS!$C32)*(OFFSET(CÁLCULO!$AI$15:$AI$110,0,I$13))),2),0)","v":0},{"$f":"IF(AUTOEVENTO=\"Manual\",ROUND(SUMPRODUCT((CÁLCULO!$M$15:$M$110=EVENTOS!$C32)*(OFFSET(CÁLCULO!$AI$15:$AI$110,0,J$13))),2),0)","v":0},{"$f":"IF(AUTOEVENTO=\"Manual\",ROUND(SUMPRODUCT((CÁLCULO!$M$15:$M$110=EVENTOS!$C32)*(OFFSET(CÁLCULO!$AI$15:$AI$110,0,K$13))),2),0)","v":0},{"$f":"IF(AUTOEVENTO=\"Manual\",ROUND(SUMPRODUCT((CÁLCULO!$M$15:$M$110=EVENTOS!$C32)*(OFFSET(CÁLCULO!$AI$15:$AI$110,0,L$13))),2),0)","v":0},{"$f":"IF(AUTOEVENTO=\"Manual\",ROUND(SUMPRODUCT((CÁLCULO!$M$15:$M$110=EVENTOS!$C32)*(OFFSET(CÁLCULO!$AI$15:$AI$110,0,M$13))),2),0)","v":0},{"$f":"IF(AUTOEVENTO=\"Manual\",ROUND(SUMPRODUCT((CÁLCULO!$M$15:$M$110=EVENTOS!$C32)*(OFFSET(CÁLCULO!$AI$15:$AI$110,0,N$13))),2),0)","v":0},{"$f":"IF(AUTOEVENTO=\"Manual\",ROUND(SUMPRODUCT((CÁLCULO!$M$15:$M$110=EVENTOS!$C32)*(OFFSET(CÁLCULO!$AI$15:$AI$110,0,O$13))),2),0)","v":0},{"$f":"IF(AUTOEVENTO=\"Manual\",ROUND(SUMPRODUCT((CÁLCULO!$M$15:$M$110=EVENTOS!$C32)*(OFFSET(CÁLCULO!$AI$15:$AI$110,0,P$13))),2),0)","v":0},{"$f":"IF(AUTOEVENTO=\"Manual\",ROUND(SUMPRODUCT((CÁLCULO!$M$15:$M$110=EVENTOS!$C32)*(OFFSET(CÁLCULO!$AI$15:$AI$110,0,Q$13))),2),0)","v":0},{"$f":"IF(AUTOEVENTO=\"Manual\",ROUND(SUMPRODUCT((CÁLCULO!$M$15:$M$110=EVENTOS!$C32)*(OFFSET(CÁLCULO!$AI$15:$AI$110,0,R$13))),2),0)","v":0},{"$f":"IF(AUTOEVENTO=\"Manual\",ROUND(SUMPRODUCT((CÁLCULO!$M$15:$M$110=EVENTOS!$C32)*(OFFSET(CÁLCULO!$AI$15:$AI$110,0,S$13))),2),0)","v":0},{"$f":"IF(AUTOEVENTO=\"Manual\",ROUND(SUMPRODUCT((CÁLCULO!$M$15:$M$110=EVENTOS!$C32)*(OFFSET(CÁLCULO!$AI$15:$AI$110,0,T$13))),2),0)","v":0},{"$f":"IF(AUTOEVENTO=\"Manual\",ROUND(SUMPRODUCT((CÁLCULO!$M$15:$M$110=EVENTOS!$C32)*(OFFSET(CÁLCULO!$AI$15:$AI$110,0,U$13))),2),0)","v":0},{"$f":"IF(AUTOEVENTO=\"Manual\",ROUND(SUMPRODUCT((CÁLCULO!$M$15:$M$110=EVENTOS!$C32)*(OFFSET(CÁLCULO!$AI$15:$AI$110,0,V$13))),2),0)","v":0},{"$f":"IF(AUTOEVENTO=\"Manual\",ROUND(SUMPRODUCT((CÁLCULO!$M$15:$M$110=EVENTOS!$C32)*(OFFSET(CÁLCULO!$AI$15:$AI$110,0,W$13))),2),0)","v":0},{"$f":"IF(AUTOEVENTO=\"Manual\",ROUND(SUMPRODUCT((CÁLCULO!$M$15:$M$110=EVENTOS!$C32)*(OFFSET(CÁLCULO!$AI$15:$AI$110,0,X$13))),2),0)","v":0},{"$f":"IF(AUTOEVENTO=\"Manual\",ROUND(SUMPRODUCT((CÁLCULO!$M$15:$M$110=EVENTOS!$C32)*(OFFSET(CÁLCULO!$AI$15:$AI$110,0,Y$13))),2),0)","v":0}]
["","",{"$f":"IF(OR(ROW(C33)=ROW(EVENTOS.firstrow)+1,AND(OFFSET(C33,-1,0)<>\" \",OFFSET(C33,-1,1)<>\"\")),OFFSET(C33,-1,0)+1,\" \")","v":" "},null,{"$f":"IF(AUTOEVENTO=\"Manual\",ROUND(SUMPRODUCT((CÁLCULO!$M$15:$M$110=EVENTOS!$C33)*(OFFSET(CÁLCULO!$AI$15:$AI$110,0,E$13))),2),0)","v":0},{"$f":"IF(AUTOEVENTO=\"Manual\",ROUND(SUMPRODUCT((CÁLCULO!$M$15:$M$110=EVENTOS!$C33)*(OFFSET(CÁLCULO!$AI$15,0,1):OFFSET(CÁLCULO!$BB$110,0,-1))),2),0)","v":0},"",{"$f":"IF(AUTOEVENTO=\"Manual\",ROUND(SUMPRODUCT((CÁLCULO!$M$15:$M$110=EVENTOS!$C33)*(OFFSET(CÁLCULO!$AI$15:$AI$110,0,H$13))),2),0)","v":0},{"$f":"IF(AUTOEVENTO=\"Manual\",ROUND(SUMPRODUCT((CÁLCULO!$M$15:$M$110=EVENTOS!$C33)*(OFFSET(CÁLCULO!$AI$15:$AI$110,0,I$13))),2),0)","v":0},{"$f":"IF(AUTOEVENTO=\"Manual\",ROUND(SUMPRODUCT((CÁLCULO!$M$15:$M$110=EVENTOS!$C33)*(OFFSET(CÁLCULO!$AI$15:$AI$110,0,J$13))),2),0)","v":0},{"$f":"IF(AUTOEVENTO=\"Manual\",ROUND(SUMPRODUCT((CÁLCULO!$M$15:$M$110=EVENTOS!$C33)*(OFFSET(CÁLCULO!$AI$15:$AI$110,0,K$13))),2),0)","v":0},{"$f":"IF(AUTOEVENTO=\"Manual\",ROUND(SUMPRODUCT((CÁLCULO!$M$15:$M$110=EVENTOS!$C33)*(OFFSET(CÁLCULO!$AI$15:$AI$110,0,L$13))),2),0)","v":0},{"$f":"IF(AUTOEVENTO=\"Manual\",ROUND(SUMPRODUCT((CÁLCULO!$M$15:$M$110=EVENTOS!$C33)*(OFFSET(CÁLCULO!$AI$15:$AI$110,0,M$13))),2),0)","v":0},{"$f":"IF(AUTOEVENTO=\"Manual\",ROUND(SUMPRODUCT((CÁLCULO!$M$15:$M$110=EVENTOS!$C33)*(OFFSET(CÁLCULO!$AI$15:$AI$110,0,N$13))),2),0)","v":0},{"$f":"IF(AUTOEVENTO=\"Manual\",ROUND(SUMPRODUCT((CÁLCULO!$M$15:$M$110=EVENTOS!$C33)*(OFFSET(CÁLCULO!$AI$15:$AI$110,0,O$13))),2),0)","v":0},{"$f":"IF(AUTOEVENTO=\"Manual\",ROUND(SUMPRODUCT((CÁLCULO!$M$15:$M$110=EVENTOS!$C33)*(OFFSET(CÁLCULO!$AI$15:$AI$110,0,P$13))),2),0)","v":0},{"$f":"IF(AUTOEVENTO=\"Manual\",ROUND(SUMPRODUCT((CÁLCULO!$M$15:$M$110=EVENTOS!$C33)*(OFFSET(CÁLCULO!$AI$15:$AI$110,0,Q$13))),2),0)","v":0},{"$f":"IF(AUTOEVENTO=\"Manual\",ROUND(SUMPRODUCT((CÁLCULO!$M$15:$M$110=EVENTOS!$C33)*(OFFSET(CÁLCULO!$AI$15:$AI$110,0,R$13))),2),0)","v":0},{"$f":"IF(AUTOEVENTO=\"Manual\",ROUND(SUMPRODUCT((CÁLCULO!$M$15:$M$110=EVENTOS!$C33)*(OFFSET(CÁLCULO!$AI$15:$AI$110,0,S$13))),2),0)","v":0},{"$f":"IF(AUTOEVENTO=\"Manual\",ROUND(SUMPRODUCT((CÁLCULO!$M$15:$M$110=EVENTOS!$C33)*(OFFSET(CÁLCULO!$AI$15:$AI$110,0,T$13))),2),0)","v":0},{"$f":"IF(AUTOEVENTO=\"Manual\",ROUND(SUMPRODUCT((CÁLCULO!$M$15:$M$110=EVENTOS!$C33)*(OFFSET(CÁLCULO!$AI$15:$AI$110,0,U$13))),2),0)","v":0},{"$f":"IF(AUTOEVENTO=\"Manual\",ROUND(SUMPRODUCT((CÁLCULO!$M$15:$M$110=EVENTOS!$C33)*(OFFSET(CÁLCULO!$AI$15:$AI$110,0,V$13))),2),0)","v":0},{"$f":"IF(AUTOEVENTO=\"Manual\",ROUND(SUMPRODUCT((CÁLCULO!$M$15:$M$110=EVENTOS!$C33)*(OFFSET(CÁLCULO!$AI$15:$AI$110,0,W$13))),2),0)","v":0},{"$f":"IF(AUTOEVENTO=\"Manual\",ROUND(SUMPRODUCT((CÁLCULO!$M$15:$M$110=EVENTOS!$C33)*(OFFSET(CÁLCULO!$AI$15:$AI$110,0,X$13))),2),0)","v":0},{"$f":"IF(AUTOEVENTO=\"Manual\",ROUND(SUMPRODUCT((CÁLCULO!$M$15:$M$110=EVENTOS!$C33)*(OFFSET(CÁLCULO!$AI$15:$AI$110,0,Y$13))),2),0)","v":0}]
["","",{"$f":"IF(OR(ROW(C34)=ROW(EVENTOS.firstrow)+1,AND(OFFSET(C34,-1,0)<>\" \",OFFSET(C34,-1,1)<>\"\")),OFFSET(C34,-1,0)+1,\" \")","v":" "},null,{"$f":"IF(AUTOEVENTO=\"Manual\",ROUND(SUMPRODUCT((CÁLCULO!$M$15:$M$110=EVENTOS!$C34)*(OFFSET(CÁLCULO!$AI$15:$AI$110,0,E$13))),2),0)","v":0},{"$f":"IF(AUTOEVENTO=\"Manual\",ROUND(SUMPRODUCT((CÁLCULO!$M$15:$M$110=EVENTOS!$C34)*(OFFSET(CÁLCULO!$AI$15,0,1):OFFSET(CÁLCULO!$BB$110,0,-1))),2),0)","v":0},"",{"$f":"IF(AUTOEVENTO=\"Manual\",ROUND(SUMPRODUCT((CÁLCULO!$M$15:$M$110=EVENTOS!$C34)*(OFFSET(CÁLCULO!$AI$15:$AI$110,0,H$13))),2),0)","v":0},{"$f":"IF(AUTOEVENTO=\"Manual\",ROUND(SUMPRODUCT((CÁLCULO!$M$15:$M$110=EVENTOS!$C34)*(OFFSET(CÁLCULO!$AI$15:$AI$110,0,I$13))),2),0)","v":0},{"$f":"IF(AUTOEVENTO=\"Manual\",ROUND(SUMPRODUCT((CÁLCULO!$M$15:$M$110=EVENTOS!$C34)*(OFFSET(CÁLCULO!$AI$15:$AI$110,0,J$13))),2),0)","v":0},{"$f":"IF(AUTOEVENTO=\"Manual\",ROUND(SUMPRODUCT((CÁLCULO!$M$15:$M$110=EVENTOS!$C34)*(OFFSET(CÁLCULO!$AI$15:$AI$110,0,K$13))),2),0)","v":0},{"$f":"IF(AUTOEVENTO=\"Manual\",ROUND(SUMPRODUCT((CÁLCULO!$M$15:$M$110=EVENTOS!$C34)*(OFFSET(CÁLCULO!$AI$15:$AI$110,0,L$13))),2),0)","v":0},{"$f":"IF(AUTOEVENTO=\"Manual\",ROUND(SUMPRODUCT((CÁLCULO!$M$15:$M$110=EVENTOS!$C34)*(OFFSET(CÁLCULO!$AI$15:$AI$110,0,M$13))),2),0)","v":0},{"$f":"IF(AUTOEVENTO=\"Manual\",ROUND(SUMPRODUCT((CÁLCULO!$M$15:$M$110=EVENTOS!$C34)*(OFFSET(CÁLCULO!$AI$15:$AI$110,0,N$13))),2),0)","v":0},{"$f":"IF(AUTOEVENTO=\"Manual\",ROUND(SUMPRODUCT((CÁLCULO!$M$15:$M$110=EVENTOS!$C34)*(OFFSET(CÁLCULO!$AI$15:$AI$110,0,O$13))),2),0)","v":0},{"$f":"IF(AUTOEVENTO=\"Manual\",ROUND(SUMPRODUCT((CÁLCULO!$M$15:$M$110=EVENTOS!$C34)*(OFFSET(CÁLCULO!$AI$15:$AI$110,0,P$13))),2),0)","v":0},{"$f":"IF(AUTOEVENTO=\"Manual\",ROUND(SUMPRODUCT((CÁLCULO!$M$15:$M$110=EVENTOS!$C34)*(OFFSET(CÁLCULO!$AI$15:$AI$110,0,Q$13))),2),0)","v":0},{"$f":"IF(AUTOEVENTO=\"Manual\",ROUND(SUMPRODUCT((CÁLCULO!$M$15:$M$110=EVENTOS!$C34)*(OFFSET(CÁLCULO!$AI$15:$AI$110,0,R$13))),2),0)","v":0},{"$f":"IF(AUTOEVENTO=\"Manual\",ROUND(SUMPRODUCT((CÁLCULO!$M$15:$M$110=EVENTOS!$C34)*(OFFSET(CÁLCULO!$AI$15:$AI$110,0,S$13))),2),0)","v":0},{"$f":"IF(AUTOEVENTO=\"Manual\",ROUND(SUMPRODUCT((CÁLCULO!$M$15:$M$110=EVENTOS!$C34)*(OFFSET(CÁLCULO!$AI$15:$AI$110,0,T$13))),2),0)","v":0},{"$f":"IF(AUTOEVENTO=\"Manual\",ROUND(SUMPRODUCT((CÁLCULO!$M$15:$M$110=EVENTOS!$C34)*(OFFSET(CÁLCULO!$AI$15:$AI$110,0,U$13))),2),0)","v":0},{"$f":"IF(AUTOEVENTO=\"Manual\",ROUND(SUMPRODUCT((CÁLCULO!$M$15:$M$110=EVENTOS!$C34)*(OFFSET(CÁLCULO!$AI$15:$AI$110,0,V$13))),2),0)","v":0},{"$f":"IF(AUTOEVENTO=\"Manual\",ROUND(SUMPRODUCT((CÁLCULO!$M$15:$M$110=EVENTOS!$C34)*(OFFSET(CÁLCULO!$AI$15:$AI$110,0,W$13))),2),0)","v":0},{"$f":"IF(AUTOEVENTO=\"Manual\",ROUND(SUMPRODUCT((CÁLCULO!$M$15:$M$110=EVENTOS!$C34)*(OFFSET(CÁLCULO!$AI$15:$AI$110,0,X$13))),2),0)","v":0},{"$f":"IF(AUTOEVENTO=\"Manual\",ROUND(SUMPRODUCT((CÁLCULO!$M$15:$M$110=EVENTOS!$C34)*(OFFSET(CÁLCULO!$AI$15:$AI$110,0,Y$13))),2),0)","v":0}]
["","",{"$f":"IF(OR(ROW(C35)=ROW(EVENTOS.firstrow)+1,AND(OFFSET(C35,-1,0)<>\" \",OFFSET(C35,-1,1)<>\"\")),OFFSET(C35,-1,0)+1,\" \")","v":" "},null,{"$f":"IF(AUTOEVENTO=\"Manual\",ROUND(SUMPRODUCT((CÁLCULO!$M$15:$M$110=EVENTOS!$C35)*(OFFSET(CÁLCULO!$AI$15:$AI$110,0,E$13))),2),0)","v":0},{"$f":"IF(AUTOEVENTO=\"Manual\",ROUND(SUMPRODUCT((CÁLCULO!$M$15:$M$110=EVENTOS!$C35)*(OFFSET(CÁLCULO!$AI$15,0,1):OFFSET(CÁLCULO!$BB$110,0,-1))),2),0)","v":0},"",{"$f":"IF(AUTOEVENTO=\"Manual\",ROUND(SUMPRODUCT((CÁLCULO!$M$15:$M$110=EVENTOS!$C35)*(OFFSET(CÁLCULO!$AI$15:$AI$110,0,H$13))),2),0)","v":0},{"$f":"IF(AUTOEVENTO=\"Manual\",ROUND(SUMPRODUCT((CÁLCULO!$M$15:$M$110=EVENTOS!$C35)*(OFFSET(CÁLCULO!$AI$15:$AI$110,0,I$13))),2),0)","v":0},{"$f":"IF(AUTOEVENTO=\"Manual\",ROUND(SUMPRODUCT((CÁLCULO!$M$15:$M$110=EVENTOS!$C35)*(OFFSET(CÁLCULO!$AI$15:$AI$110,0,J$13))),2),0)","v":0},{"$f":"IF(AUTOEVENTO=\"Manual\",ROUND(SUMPRODUCT((CÁLCULO!$M$15:$M$110=EVENTOS!$C35)*(OFFSET(CÁLCULO!$AI$15:$AI$110,0,K$13))),2),0)","v":0},{"$f":"IF(AUTOEVENTO=\"Manual\",ROUND(SUMPRODUCT((CÁLCULO!$M$15:$M$110=EVENTOS!$C35)*(OFFSET(CÁLCULO!$AI$15:$AI$110,0,L$13))),2),0)","v":0},{"$f":"IF(AUTOEVENTO=\"Manual\",ROUND(SUMPRODUCT((CÁLCULO!$M$15:$M$110=EVENTOS!$C35)*(OFFSET(CÁLCULO!$AI$15:$AI$110,0,M$13))),2),0)","v":0},{"$f":"IF(AUTOEVENTO=\"Manual\",ROUND(SUMPRODUCT((CÁLCULO!$M$15:$M$110=EVENTOS!$C35)*(OFFSET(CÁLCULO!$AI$15:$AI$110,0,N$13))),2),0)","v":0},{"$f":"IF(AUTOEVENTO=\"Manual\",ROUND(SUMPRODUCT((CÁLCULO!$M$15:$M$110=EVENTOS!$C35)*(OFFSET(CÁLCULO!$AI$15:$AI$110,0,O$13))),2),0)","v":0},{"$f":"IF(AUTOEVENTO=\"Manual\",ROUND(SUMPRODUCT((CÁLCULO!$M$15:$M$110=EVENTOS!$C35)*(OFFSET(CÁLCULO!$AI$15:$AI$110,0,P$13))),2),0)","v":0},{"$f":"IF(AUTOEVENTO=\"Manual\",ROUND(SUMPRODUCT((CÁLCULO!$M$15:$M$110=EVENTOS!$C35)*(OFFSET(CÁLCULO!$AI$15:$AI$110,0,Q$13))),2),0)","v":0},{"$f":"IF(AUTOEVENTO=\"Manual\",ROUND(SUMPRODUCT((CÁLCULO!$M$15:$M$110=EVENTOS!$C35)*(OFFSET(CÁLCULO!$AI$15:$AI$110,0,R$13))),2),0)","v":0},{"$f":"IF(AUTOEVENTO=\"Manual\",ROUND(SUMPRODUCT((CÁLCULO!$M$15:$M$110=EVENTOS!$C35)*(OFFSET(CÁLCULO!$AI$15:$AI$110,0,S$13))),2),0)","v":0},{"$f":"IF(AUTOEVENTO=\"Manual\",ROUND(SUMPRODUCT((CÁLCULO!$M$15:$M$110=EVENTOS!$C35)*(OFFSET(CÁLCULO!$AI$15:$AI$110,0,T$13))),2),0)","v":0},{"$f":"IF(AUTOEVENTO=\"Manual\",ROUND(SUMPRODUCT((CÁLCULO!$M$15:$M$110=EVENTOS!$C35)*(OFFSET(CÁLCULO!$AI$15:$AI$110,0,U$13))),2),0)","v":0},{"$f":"IF(AUTOEVENTO=\"Manual\",ROUND(SUMPRODUCT((CÁLCULO!$M$15:$M$110=EVENTOS!$C35)*(OFFSET(CÁLCULO!$AI$15:$AI$110,0,V$13))),2),0)","v":0},{"$f":"IF(AUTOEVENTO=\"Manual\",ROUND(SUMPRODUCT((CÁLCULO!$M$15:$M$110=EVENTOS!$C35)*(OFFSET(CÁLCULO!$AI$15:$AI$110,0,W$13))),2),0)","v":0},{"$f":"IF(AUTOEVENTO=\"Manual\",ROUND(SUMPRODUCT((CÁLCULO!$M$15:$M$110=EVENTOS!$C35)*(OFFSET(CÁLCULO!$AI$15:$AI$110,0,X$13))),2),0)","v":0},{"$f":"IF(AUTOEVENTO=\"Manual\",ROUND(SUMPRODUCT((CÁLCULO!$M$15:$M$110=EVENTOS!$C35)*(OFFSET(CÁLCULO!$AI$15:$AI$110,0,Y$13))),2),0)","v":0}]
["","",{"$f":"IF(OR(ROW(C36)=ROW(EVENTOS.firstrow)+1,AND(OFFSET(C36,-1,0)<>\" \",OFFSET(C36,-1,1)<>\"\")),OFFSET(C36,-1,0)+1,\" \")","v":" "},null,{"$f":"IF(AUTOEVENTO=\"Manual\",ROUND(SUMPRODUCT((CÁLCULO!$M$15:$M$110=EVENTOS!$C36)*(OFFSET(CÁLCULO!$AI$15:$AI$110,0,E$13))),2),0)","v":0},{"$f":"IF(AUTOEVENTO=\"Manual\",ROUND(SUMPRODUCT((CÁLCULO!$M$15:$M$110=EVENTOS!$C36)*(OFFSET(CÁLCULO!$AI$15,0,1):OFFSET(CÁLCULO!$BB$110,0,-1))),2),0)","v":0},"",{"$f":"IF(AUTOEVENTO=\"Manual\",ROUND(SUMPRODUCT((CÁLCULO!$M$15:$M$110=EVENTOS!$C36)*(OFFSET(CÁLCULO!$AI$15:$AI$110,0,H$13))),2),0)","v":0},{"$f":"IF(AUTOEVENTO=\"Manual\",ROUND(SUMPRODUCT((CÁLCULO!$M$15:$M$110=EVENTOS!$C36)*(OFFSET(CÁLCULO!$AI$15:$AI$110,0,I$13))),2),0)","v":0},{"$f":"IF(AUTOEVENTO=\"Manual\",ROUND(SUMPRODUCT((CÁLCULO!$M$15:$M$110=EVENTOS!$C36)*(OFFSET(CÁLCULO!$AI$15:$AI$110,0,J$13))),2),0)","v":0},{"$f":"IF(AUTOEVENTO=\"Manual\",ROUND(SUMPRODUCT((CÁLCULO!$M$15:$M$110=EVENTOS!$C36)*(OFFSET(CÁLCULO!$AI$15:$AI$110,0,K$13))),2),0)","v":0},{"$f":"IF(AUTOEVENTO=\"Manual\",ROUND(SUMPRODUCT((CÁLCULO!$M$15:$M$110=EVENTOS!$C36)*(OFFSET(CÁLCULO!$AI$15:$AI$110,0,L$13))),2),0)","v":0},{"$f":"IF(AUTOEVENTO=\"Manual\",ROUND(SUMPRODUCT((CÁLCULO!$M$15:$M$110=EVENTOS!$C36)*(OFFSET(CÁLCULO!$AI$15:$AI$110,0,M$13))),2),0)","v":0},{"$f":"IF(AUTOEVENTO=\"Manual\",ROUND(SUMPRODUCT((CÁLCULO!$M$15:$M$110=EVENTOS!$C36)*(OFFSET(CÁLCULO!$AI$15:$AI$110,0,N$13))),2),0)","v":0},{"$f":"IF(AUTOEVENTO=\"Manual\",ROUND(SUMPRODUCT((CÁLCULO!$M$15:$M$110=EVENTOS!$C36)*(OFFSET(CÁLCULO!$AI$15:$AI$110,0,O$13))),2),0)","v":0},{"$f":"IF(AUTOEVENTO=\"Manual\",ROUND(SUMPRODUCT((CÁLCULO!$M$15:$M$110=EVENTOS!$C36)*(OFFSET(CÁLCULO!$AI$15:$AI$110,0,P$13))),2),0)","v":0},{"$f":"IF(AUTOEVENTO=\"Manual\",ROUND(SUMPRODUCT((CÁLCULO!$M$15:$M$110=EVENTOS!$C36)*(OFFSET(CÁLCULO!$AI$15:$AI$110,0,Q$13))),2),0)","v":0},{"$f":"IF(AUTOEVENTO=\"Manual\",ROUND(SUMPRODUCT((CÁLCULO!$M$15:$M$110=EVENTOS!$C36)*(OFFSET(CÁLCULO!$AI$15:$AI$110,0,R$13))),2),0)","v":0},{"$f":"IF(AUTOEVENTO=\"Manual\",ROUND(SUMPRODUCT((CÁLCULO!$M$15:$M$110=EVENTOS!$C36)*(OFFSET(CÁLCULO!$AI$15:$AI$110,0,S$13))),2),0)","v":0},{"$f":"IF(AUTOEVENTO=\"Manual\",ROUND(SUMPRODUCT((CÁLCULO!$M$15:$M$110=EVENTOS!$C36)*(OFFSET(CÁLCULO!$AI$15:$AI$110,0,T$13))),2),0)","v":0},{"$f":"IF(AUTOEVENTO=\"Manual\",ROUND(SUMPRODUCT((CÁLCULO!$M$15:$M$110=EVENTOS!$C36)*(OFFSET(CÁLCULO!$AI$15:$AI$110,0,U$13))),2),0)","v":0},{"$f":"IF(AUTOEVENTO=\"Manual\",ROUND(SUMPRODUCT((CÁLCULO!$M$15:$M$110=EVENTOS!$C36)*(OFFSET(CÁLCULO!$AI$15:$AI$110,0,V$13))),2),0)","v":0},{"$f":"IF(AUTOEVENTO=\"Manual\",ROUND(SUMPRODUCT((CÁLCULO!$M$15:$M$110=EVENTOS!$C36)*(OFFSET(CÁLCULO!$AI$15:$AI$110,0,W$13))),2),0)","v":0},{"$f":"IF(AUTOEVENTO=\"Manual\",ROUND(SUMPRODUCT((CÁLCULO!$M$15:$M$110=EVENTOS!$C36)*(OFFSET(CÁLCULO!$AI$15:$AI$110,0,X$13))),2),0)","v":0},{"$f":"IF(AUTOEVENTO=\"Manual\",ROUND(SUMPRODUCT((CÁLCULO!$M$15:$M$110=EVENTOS!$C36)*(OFFSET(CÁLCULO!$AI$15:$AI$110,0,Y$13))),2),0)","v":0}]
["","",{"$f":"IF(OR(ROW(C37)=ROW(EVENTOS.firstrow)+1,AND(OFFSET(C37,-1,0)<>\" \",OFFSET(C37,-1,1)<>\"\")),OFFSET(C37,-1,0)+1,\" \")","v":" "},null,{"$f":"IF(AUTOEVENTO=\"Manual\",ROUND(SUMPRODUCT((CÁLCULO!$M$15:$M$110=EVENTOS!$C37)*(OFFSET(CÁLCULO!$AI$15:$AI$110,0,E$13))),2),0)","v":0},{"$f":"IF(AUTOEVENTO=\"Manual\",ROUND(SUMPRODUCT((CÁLCULO!$M$15:$M$110=EVENTOS!$C37)*(OFFSET(CÁLCULO!$AI$15,0,1):OFFSET(CÁLCULO!$BB$110,0,-1))),2),0)","v":0},"",{"$f":"IF(AUTOEVENTO=\"Manual\",ROUND(SUMPRODUCT((CÁLCULO!$M$15:$M$110=EVENTOS!$C37)*(OFFSET(CÁLCULO!$AI$15:$AI$110,0,H$13))),2),0)","v":0},{"$f":"IF(AUTOEVENTO=\"Manual\",ROUND(SUMPRODUCT((CÁLCULO!$M$15:$M$110=EVENTOS!$C37)*(OFFSET(CÁLCULO!$AI$15:$AI$110,0,I$13))),2),0)","v":0},{"$f":"IF(AUTOEVENTO=\"Manual\",ROUND(SUMPRODUCT((CÁLCULO!$M$15:$M$110=EVENTOS!$C37)*(OFFSET(CÁLCULO!$AI$15:$AI$110,0,J$13))),2),0)","v":0},{"$f":"IF(AUTOEVENTO=\"Manual\",ROUND(SUMPRODUCT((CÁLCULO!$M$15:$M$110=EVENTOS!$C37)*(OFFSET(CÁLCULO!$AI$15:$AI$110,0,K$13))),2),0)","v":0},{"$f":"IF(AUTOEVENTO=\"Manual\",ROUND(SUMPRODUCT((CÁLCULO!$M$15:$M$110=EVENTOS!$C37)*(OFFSET(CÁLCULO!$AI$15:$AI$110,0,L$13))),2),0)","v":0},{"$f":"IF(AUTOEVENTO=\"Manual\",ROUND(SUMPRODUCT((CÁLCULO!$M$15:$M$110=EVENTOS!$C37)*(OFFSET(CÁLCULO!$AI$15:$AI$110,0,M$13))),2),0)","v":0},{"$f":"IF(AUTOEVENTO=\"Manual\",ROUND(SUMPRODUCT((CÁLCULO!$M$15:$M$110=EVENTOS!$C37)*(OFFSET(CÁLCULO!$AI$15:$AI$110,0,N$13))),2),0)","v":0},{"$f":"IF(AUTOEVENTO=\"Manual\",ROUND(SUMPRODUCT((CÁLCULO!$M$15:$M$110=EVENTOS!$C37)*(OFFSET(CÁLCULO!$AI$15:$AI$110,0,O$13))),2),0)","v":0},{"$f":"IF(AUTOEVENTO=\"Manual\",ROUND(SUMPRODUCT((CÁLCULO!$M$15:$M$110=EVENTOS!$C37)*(OFFSET(CÁLCULO!$AI$15:$AI$110,0,P$13))),2),0)","v":0},{"$f":"IF(AUTOEVENTO=\"Manual\",ROUND(SUMPRODUCT((CÁLCULO!$M$15:$M$110=EVENTOS!$C37)*(OFFSET(CÁLCULO!$AI$15:$AI$110,0,Q$13))),2),0)","v":0},{"$f":"IF(AUTOEVENTO=\"Manual\",ROUND(SUMPRODUCT((CÁLCULO!$M$15:$M$110=EVENTOS!$C37)*(OFFSET(CÁLCULO!$AI$15:$AI$110,0,R$13))),2),0)","v":0},{"$f":"IF(AUTOEVENTO=\"Manual\",ROUND(SUMPRODUCT((CÁLCULO!$M$15:$M$110=EVENTOS!$C37)*(OFFSET(CÁLCULO!$AI$15:$AI$110,0,S$13))),2),0)","v":0},{"$f":"IF(AUTOEVENTO=\"Manual\",ROUND(SUMPRODUCT((CÁLCULO!$M$15:$M$110=EVENTOS!$C37)*(OFFSET(CÁLCULO!$AI$15:$AI$110,0,T$13))),2),0)","v":0},{"$f":"IF(AUTOEVENTO=\"Manual\",ROUND(SUMPRODUCT((CÁLCULO!$M$15:$M$110=EVENTOS!$C37)*(OFFSET(CÁLCULO!$AI$15:$AI$110,0,U$13))),2),0)","v":0},{"$f":"IF(AUTOEVENTO=\"Manual\",ROUND(SUMPRODUCT((CÁLCULO!$M$15:$M$110=EVENTOS!$C37)*(OFFSET(CÁLCULO!$AI$15:$AI$110,0,V$13))),2),0)","v":0},{"$f":"IF(AUTOEVENTO=\"Manual\",ROUND(SUMPRODUCT((CÁLCULO!$M$15:$M$110=EVENTOS!$C37)*(OFFSET(CÁLCULO!$AI$15:$AI$110,0,W$13))),2),0)","v":0},{"$f":"IF(AUTOEVENTO=\"Manual\",ROUND(SUMPRODUCT((CÁLCULO!$M$15:$M$110=EVENTOS!$C37)*(OFFSET(CÁLCULO!$AI$15:$AI$110,0,X$13))),2),0)","v":0},{"$f":"IF(AUTOEVENTO=\"Manual\",ROUND(SUMPRODUCT((CÁLCULO!$M$15:$M$110=EVENTOS!$C37)*(OFFSET(CÁLCULO!$AI$15:$AI$110,0,Y$13))),2),0)","v":0}]
["","",{"$f":"IF(OR(ROW(C38)=ROW(EVENTOS.firstrow)+1,AND(OFFSET(C38,-1,0)<>\" \",OFFSET(C38,-1,1)<>\"\")),OFFSET(C38,-1,0)+1,\" \")","v":" "},null,{"$f":"IF(AUTOEVENTO=\"Manual\",ROUND(SUMPRODUCT((CÁLCULO!$M$15:$M$110=EVENTOS!$C38)*(OFFSET(CÁLCULO!$AI$15:$AI$110,0,E$13))),2),0)","v":0},{"$f":"IF(AUTOEVENTO=\"Manual\",ROUND(SUMPRODUCT((CÁLCULO!$M$15:$M$110=EVENTOS!$C38)*(OFFSET(CÁLCULO!$AI$15,0,1):OFFSET(CÁLCULO!$BB$110,0,-1))),2),0)","v":0},"",{"$f":"IF(AUTOEVENTO=\"Manual\",ROUND(SUMPRODUCT((CÁLCULO!$M$15:$M$110=EVENTOS!$C38)*(OFFSET(CÁLCULO!$AI$15:$AI$110,0,H$13))),2),0)","v":0},{"$f":"IF(AUTOEVENTO=\"Manual\",ROUND(SUMPRODUCT((CÁLCULO!$M$15:$M$110=EVENTOS!$C38)*(OFFSET(CÁLCULO!$AI$15:$AI$110,0,I$13))),2),0)","v":0},{"$f":"IF(AUTOEVENTO=\"Manual\",ROUND(SUMPRODUCT((CÁLCULO!$M$15:$M$110=EVENTOS!$C38)*(OFFSET(CÁLCULO!$AI$15:$AI$110,0,J$13))),2),0)","v":0},{"$f":"IF(AUTOEVENTO=\"Manual\",ROUND(SUMPRODUCT((CÁLCULO!$M$15:$M$110=EVENTOS!$C38)*(OFFSET(CÁLCULO!$AI$15:$AI$110,0,K$13))),2),0)","v":0},{"$f":"IF(AUTOEVENTO=\"Manual\",ROUND(SUMPRODUCT((CÁLCULO!$M$15:$M$110=EVENTOS!$C38)*(OFFSET(CÁLCULO!$AI$15:$AI$110,0,L$13))),2),0)","v":0},{"$f":"IF(AUTOEVENTO=\"Manual\",ROUND(SUMPRODUCT((CÁLCULO!$M$15:$M$110=EVENTOS!$C38)*(OFFSET(CÁLCULO!$AI$15:$AI$110,0,M$13))),2),0)","v":0},{"$f":"IF(AUTOEVENTO=\"Manual\",ROUND(SUMPRODUCT((CÁLCULO!$M$15:$M$110=EVENTOS!$C38)*(OFFSET(CÁLCULO!$AI$15:$AI$110,0,N$13))),2),0)","v":0},{"$f":"IF(AUTOEVENTO=\"Manual\",ROUND(SUMPRODUCT((CÁLCULO!$M$15:$M$110=EVENTOS!$C38)*(OFFSET(CÁLCULO!$AI$15:$AI$110,0,O$13))),2),0)","v":0},{"$f":"IF(AUTOEVENTO=\"Manual\",ROUND(SUMPRODUCT((CÁLCULO!$M$15:$M$110=EVENTOS!$C38)*(OFFSET(CÁLCULO!$AI$15:$AI$110,0,P$13))),2),0)","v":0},{"$f":"IF(AUTOEVENTO=\"Manual\",ROUND(SUMPRODUCT((CÁLCULO!$M$15:$M$110=EVENTOS!$C38)*(OFFSET(CÁLCULO!$AI$15:$AI$110,0,Q$13))),2),0)","v":0},{"$f":"IF(AUTOEVENTO=\"Manual\",ROUND(SUMPRODUCT((CÁLCULO!$M$15:$M$110=EVENTOS!$C38)*(OFFSET(CÁLCULO!$AI$15:$AI$110,0,R$13))),2),0)","v":0},{"$f":"IF(AUTOEVENTO=\"Manual\",ROUND(SUMPRODUCT((CÁLCULO!$M$15:$M$110=EVENTOS!$C38)*(OFFSET(CÁLCULO!$AI$15:$AI$110,0,S$13))),2),0)","v":0},{"$f":"IF(AUTOEVENTO=\"Manual\",ROUND(SUMPRODUCT((CÁLCULO!$M$15:$M$110=EVENTOS!$C38)*(OFFSET(CÁLCULO!$AI$15:$AI$110,0,T$13))),2),0)","v":0},{"$f":"IF(AUTOEVENTO=\"Manual\",ROUND(SUMPRODUCT((CÁLCULO!$M$15:$M$110=EVENTOS!$C38)*(OFFSET(CÁLCULO!$AI$15:$AI$110,0,U$13))),2),0)","v":0},{"$f":"IF(AUTOEVENTO=\"Manual\",ROUND(SUMPRODUCT((CÁLCULO!$M$15:$M$110=EVENTOS!$C38)*(OFFSET(CÁLCULO!$AI$15:$AI$110,0,V$13))),2),0)","v":0},{"$f":"IF(AUTOEVENTO=\"Manual\",ROUND(SUMPRODUCT((CÁLCULO!$M$15:$M$110=EVENTOS!$C38)*(OFFSET(CÁLCULO!$AI$15:$AI$110,0,W$13))),2),0)","v":0},{"$f":"IF(AUTOEVENTO=\"Manual\",ROUND(SUMPRODUCT((CÁLCULO!$M$15:$M$110=EVENTOS!$C38)*(OFFSET(CÁLCULO!$AI$15:$AI$110,0,X$13))),2),0)","v":0},{"$f":"IF(AUTOEVENTO=\"Manual\",ROUND(SUMPRODUCT((CÁLCULO!$M$15:$M$110=EVENTOS!$C38)*(OFFSET(CÁLCULO!$AI$15:$AI$110,0,Y$13))),2),0)","v":0}]
["","",{"$f":"IF(OR(ROW(C39)=ROW(EVENTOS.firstrow)+1,AND(OFFSET(C39,-1,0)<>\" \",OFFSET(C39,-1,1)<>\"\")),OFFSET(C39,-1,0)+1,\" \")","v":" "},null,{"$f":"IF(AUTOEVENTO=\"Manual\",ROUND(SUMPRODUCT((CÁLCULO!$M$15:$M$110=EVENTOS!$C39)*(OFFSET(CÁLCULO!$AI$15:$AI$110,0,E$13))),2),0)","v":0},{"$f":"IF(AUTOEVENTO=\"Manual\",ROUND(SUMPRODUCT((CÁLCULO!$M$15:$M$110=EVENTOS!$C39)*(OFFSET(CÁLCULO!$AI$15,0,1):OFFSET(CÁLCULO!$BB$110,0,-1))),2),0)","v":0},"",{"$f":"IF(AUTOEVENTO=\"Manual\",ROUND(SUMPRODUCT((CÁLCULO!$M$15:$M$110=EVENTOS!$C39)*(OFFSET(CÁLCULO!$AI$15:$AI$110,0,H$13))),2),0)","v":0},{"$f":"IF(AUTOEVENTO=\"Manual\",ROUND(SUMPRODUCT((CÁLCULO!$M$15:$M$110=EVENTOS!$C39)*(OFFSET(CÁLCULO!$AI$15:$AI$110,0,I$13))),2),0)","v":0},{"$f":"IF(AUTOEVENTO=\"Manual\",ROUND(SUMPRODUCT((CÁLCULO!$M$15:$M$110=EVENTOS!$C39)*(OFFSET(CÁLCULO!$AI$15:$AI$110,0,J$13))),2),0)","v":0},{"$f":"IF(AUTOEVENTO=\"Manual\",ROUND(SUMPRODUCT((CÁLCULO!$M$15:$M$110=EVENTOS!$C39)*(OFFSET(CÁLCULO!$AI$15:$AI$110,0,K$13))),2),0)","v":0},{"$f":"IF(AUTOEVENTO=\"Manual\",ROUND(SUMPRODUCT((CÁLCULO!$M$15:$M$110=EVENTOS!$C39)*(OFFSET(CÁLCULO!$AI$15:$AI$110,0,L$13))),2),0)","v":0},{"$f":"IF(AUTOEVENTO=\"Manual\",ROUND(SUMPRODUCT((CÁLCULO!$M$15:$M$110=EVENTOS!$C39)*(OFFSET(CÁLCULO!$AI$15:$AI$110,0,M$13))),2),0)","v":0},{"$f":"IF(AUTOEVENTO=\"Manual\",ROUND(SUMPRODUCT((CÁLCULO!$M$15:$M$110=EVENTOS!$C39)*(OFFSET(CÁLCULO!$AI$15:$AI$110,0,N$13))),2),0)","v":0},{"$f":"IF(AUTOEVENTO=\"Manual\",ROUND(SUMPRODUCT((CÁLCULO!$M$15:$M$110=EVENTOS!$C39)*(OFFSET(CÁLCULO!$AI$15:$AI$110,0,O$13))),2),0)","v":0},{"$f":"IF(AUTOEVENTO=\"Manual\",ROUND(SUMPRODUCT((CÁLCULO!$M$15:$M$110=EVENTOS!$C39)*(OFFSET(CÁLCULO!$AI$15:$AI$110,0,P$13))),2),0)","v":0},{"$f":"IF(AUTOEVENTO=\"Manual\",ROUND(SUMPRODUCT((CÁLCULO!$M$15:$M$110=EVENTOS!$C39)*(OFFSET(CÁLCULO!$AI$15:$AI$110,0,Q$13))),2),0)","v":0},{"$f":"IF(AUTOEVENTO=\"Manual\",ROUND(SUMPRODUCT((CÁLCULO!$M$15:$M$110=EVENTOS!$C39)*(OFFSET(CÁLCULO!$AI$15:$AI$110,0,R$13))),2),0)","v":0},{"$f":"IF(AUTOEVENTO=\"Manual\",ROUND(SUMPRODUCT((CÁLCULO!$M$15:$M$110=EVENTOS!$C39)*(OFFSET(CÁLCULO!$AI$15:$AI$110,0,S$13))),2),0)","v":0},{"$f":"IF(AUTOEVENTO=\"Manual\",ROUND(SUMPRODUCT((CÁLCULO!$M$15:$M$110=EVENTOS!$C39)*(OFFSET(CÁLCULO!$AI$15:$AI$110,0,T$13))),2),0)","v":0},{"$f":"IF(AUTOEVENTO=\"Manual\",ROUND(SUMPRODUCT((CÁLCULO!$M$15:$M$110=EVENTOS!$C39)*(OFFSET(CÁLCULO!$AI$15:$AI$110,0,U$13))),2),0)","v":0},{"$f":"IF(AUTOEVENTO=\"Manual\",ROUND(SUMPRODUCT((CÁLCULO!$M$15:$M$110=EVENTOS!$C39)*(OFFSET(CÁLCULO!$AI$15:$AI$110,0,V$13))),2),0)","v":0},{"$f":"IF(AUTOEVENTO=\"Manual\",ROUND(SUMPRODUCT((CÁLCULO!$M$15:$M$110=EVENTOS!$C39)*(OFFSET(CÁLCULO!$AI$15:$AI$110,0,W$13))),2),0)","v":0},{"$f":"IF(AUTOEVENTO=\"Manual\",ROUND(SUMPRODUCT((CÁLCULO!$M$15:$M$110=EVENTOS!$C39)*(OFFSET(CÁLCULO!$AI$15:$AI$110,0,X$13))),2),0)","v":0},{"$f":"IF(AUTOEVENTO=\"Manual\",ROUND(SUMPRODUCT((CÁLCULO!$M$15:$M$110=EVENTOS!$C39)*(OFFSET(CÁLCULO!$AI$15:$AI$110,0,Y$13))),2),0)","v":0}]
["","",{"$f":"IF(OR(ROW(C40)=ROW(EVENTOS.firstrow)+1,AND(OFFSET(C40,-1,0)<>\" \",OFFSET(C40,-1,1)<>\"\")),OFFSET(C40,-1,0)+1,\" \")","v":" "},null,{"$f":"IF(AUTOEVENTO=\"Manual\",ROUND(SUMPRODUCT((CÁLCULO!$M$15:$M$110=EVENTOS!$C40)*(OFFSET(CÁLCULO!$AI$15:$AI$110,0,E$13))),2),0)","v":0},{"$f":"IF(AUTOEVENTO=\"Manual\",ROUND(SUMPRODUCT((CÁLCULO!$M$15:$M$110=EVENTOS!$C40)*(OFFSET(CÁLCULO!$AI$15,0,1):OFFSET(CÁLCULO!$BB$110,0,-1))),2),0)","v":0},"",{"$f":"IF(AUTOEVENTO=\"Manual\",ROUND(SUMPRODUCT((CÁLCULO!$M$15:$M$110=EVENTOS!$C40)*(OFFSET(CÁLCULO!$AI$15:$AI$110,0,H$13))),2),0)","v":0},{"$f":"IF(AUTOEVENTO=\"Manual\",ROUND(SUMPRODUCT((CÁLCULO!$M$15:$M$110=EVENTOS!$C40)*(OFFSET(CÁLCULO!$AI$15:$AI$110,0,I$13))),2),0)","v":0},{"$f":"IF(AUTOEVENTO=\"Manual\",ROUND(SUMPRODUCT((CÁLCULO!$M$15:$M$110=EVENTOS!$C40)*(OFFSET(CÁLCULO!$AI$15:$AI$110,0,J$13))),2),0)","v":0},{"$f":"IF(AUTOEVENTO=\"Manual\",ROUND(SUMPRODUCT((CÁLCULO!$M$15:$M$110=EVENTOS!$C40)*(OFFSET(CÁLCULO!$AI$15:$AI$110,0,K$13))),2),0)","v":0},{"$f":"IF(AUTOEVENTO=\"Manual\",ROUND(SUMPRODUCT((CÁLCULO!$M$15:$M$110=EVENTOS!$C40)*(OFFSET(CÁLCULO!$AI$15:$AI$110,0,L$13))),2),0)","v":0},{"$f":"IF(AUTOEVENTO=\"Manual\",ROUND(SUMPRODUCT((CÁLCULO!$M$15:$M$110=EVENTOS!$C40)*(OFFSET(CÁLCULO!$AI$15:$AI$110,0,M$13))),2),0)","v":0},{"$f":"IF(AUTOEVENTO=\"Manual\",ROUND(SUMPRODUCT((CÁLCULO!$M$15:$M$110=EVENTOS!$C40)*(OFFSET(CÁLCULO!$AI$15:$AI$110,0,N$13))),2),0)","v":0},{"$f":"IF(AUTOEVENTO=\"Manual\",ROUND(SUMPRODUCT((CÁLCULO!$M$15:$M$110=EVENTOS!$C40)*(OFFSET(CÁLCULO!$AI$15:$AI$110,0,O$13))),2),0)","v":0},{"$f":"IF(AUTOEVENTO=\"Manual\",ROUND(SUMPRODUCT((CÁLCULO!$M$15:$M$110=EVENTOS!$C40)*(OFFSET(CÁLCULO!$AI$15:$AI$110,0,P$13))),2),0)","v":0},{"$f":"IF(AUTOEVENTO=\"Manual\",ROUND(SUMPRODUCT((CÁLCULO!$M$15:$M$110=EVENTOS!$C40)*(OFFSET(CÁLCULO!$AI$15:$AI$110,0,Q$13))),2),0)","v":0},{"$f":"IF(AUTOEVENTO=\"Manual\",ROUND(SUMPRODUCT((CÁLCULO!$M$15:$M$110=EVENTOS!$C40)*(OFFSET(CÁLCULO!$AI$15:$AI$110,0,R$13))),2),0)","v":0},{"$f":"IF(AUTOEVENTO=\"Manual\",ROUND(SUMPRODUCT((CÁLCULO!$M$15:$M$110=EVENTOS!$C40)*(OFFSET(CÁLCULO!$AI$15:$AI$110,0,S$13))),2),0)","v":0},{"$f":"IF(AUTOEVENTO=\"Manual\",ROUND(SUMPRODUCT((CÁLCULO!$M$15:$M$110=EVENTOS!$C40)*(OFFSET(CÁLCULO!$AI$15:$AI$110,0,T$13))),2),0)","v":0},{"$f":"IF(AUTOEVENTO=\"Manual\",ROUND(SUMPRODUCT((CÁLCULO!$M$15:$M$110=EVENTOS!$C40)*(OFFSET(CÁLCULO!$AI$15:$AI$110,0,U$13))),2),0)","v":0},{"$f":"IF(AUTOEVENTO=\"Manual\",ROUND(SUMPRODUCT((CÁLCULO!$M$15:$M$110=EVENTOS!$C40)*(OFFSET(CÁLCULO!$AI$15:$AI$110,0,V$13))),2),0)","v":0},{"$f":"IF(AUTOEVENTO=\"Manual\",ROUND(SUMPRODUCT((CÁLCULO!$M$15:$M$110=EVENTOS!$C40)*(OFFSET(CÁLCULO!$AI$15:$AI$110,0,W$13))),2),0)","v":0},{"$f":"IF(AUTOEVENTO=\"Manual\",ROUND(SUMPRODUCT((CÁLCULO!$M$15:$M$110=EVENTOS!$C40)*(OFFSET(CÁLCULO!$AI$15:$AI$110,0,X$13))),2),0)","v":0},{"$f":"IF(AUTOEVENTO=\"Manual\",ROUND(SUMPRODUCT((CÁLCULO!$M$15:$M$110=EVENTOS!$C40)*(OFFSET(CÁLCULO!$AI$15:$AI$110,0,Y$13))),2),0)","v":0}]
["","",{"$f":"IF(OR(ROW(C41)=ROW(EVENTOS.firstrow)+1,AND(OFFSET(C41,-1,0)<>\" \",OFFSET(C41,-1,1)<>\"\")),OFFSET(C41,-1,0)+1,\" \")","v":" "},null,{"$f":"IF(AUTOEVENTO=\"Manual\",ROUND(SUMPRODUCT((CÁLCULO!$M$15:$M$110=EVENTOS!$C41)*(OFFSET(CÁLCULO!$AI$15:$AI$110,0,E$13))),2),0)","v":0},{"$f":"IF(AUTOEVENTO=\"Manual\",ROUND(SUMPRODUCT((CÁLCULO!$M$15:$M$110=EVENTOS!$C41)*(OFFSET(CÁLCULO!$AI$15,0,1):OFFSET(CÁLCULO!$BB$110,0,-1))),2),0)","v":0},"",{"$f":"IF(AUTOEVENTO=\"Manual\",ROUND(SUMPRODUCT((CÁLCULO!$M$15:$M$110=EVENTOS!$C41)*(OFFSET(CÁLCULO!$AI$15:$AI$110,0,H$13))),2),0)","v":0},{"$f":"IF(AUTOEVENTO=\"Manual\",ROUND(SUMPRODUCT((CÁLCULO!$M$15:$M$110=EVENTOS!$C41)*(OFFSET(CÁLCULO!$AI$15:$AI$110,0,I$13))),2),0)","v":0},{"$f":"IF(AUTOEVENTO=\"Manual\",ROUND(SUMPRODUCT((CÁLCULO!$M$15:$M$110=EVENTOS!$C41)*(OFFSET(CÁLCULO!$AI$15:$AI$110,0,J$13))),2),0)","v":0},{"$f":"IF(AUTOEVENTO=\"Manual\",ROUND(SUMPRODUCT((CÁLCULO!$M$15:$M$110=EVENTOS!$C41)*(OFFSET(CÁLCULO!$AI$15:$AI$110,0,K$13))),2),0)","v":0},{"$f":"IF(AUTOEVENTO=\"Manual\",ROUND(SUMPRODUCT((CÁLCULO!$M$15:$M$110=EVENTOS!$C41)*(OFFSET(CÁLCULO!$AI$15:$AI$110,0,L$13))),2),0)","v":0},{"$f":"IF(AUTOEVENTO=\"Manual\",ROUND(SUMPRODUCT((CÁLCULO!$M$15:$M$110=EVENTOS!$C41)*(OFFSET(CÁLCULO!$AI$15:$AI$110,0,M$13))),2),0)","v":0},{"$f":"IF(AUTOEVENTO=\"Manual\",ROUND(SUMPRODUCT((CÁLCULO!$M$15:$M$110=EVENTOS!$C41)*(OFFSET(CÁLCULO!$AI$15:$AI$110,0,N$13))),2),0)","v":0},{"$f":"IF(AUTOEVENTO=\"Manual\",ROUND(SUMPRODUCT((CÁLCULO!$M$15:$M$110=EVENTOS!$C41)*(OFFSET(CÁLCULO!$AI$15:$AI$110,0,O$13))),2),0)","v":0},{"$f":"IF(AUTOEVENTO=\"Manual\",ROUND(SUMPRODUCT((CÁLCULO!$M$15:$M$110=EVENTOS!$C41)*(OFFSET(CÁLCULO!$AI$15:$AI$110,0,P$13))),2),0)","v":0},{"$f":"IF(AUTOEVENTO=\"Manual\",ROUND(SUMPRODUCT((CÁLCULO!$M$15:$M$110=EVENTOS!$C41)*(OFFSET(CÁLCULO!$AI$15:$AI$110,0,Q$13))),2),0)","v":0},{"$f":"IF(AUTOEVENTO=\"Manual\",ROUND(SUMPRODUCT((CÁLCULO!$M$15:$M$110=EVENTOS!$C41)*(OFFSET(CÁLCULO!$AI$15:$AI$110,0,R$13))),2),0)","v":0},{"$f":"IF(AUTOEVENTO=\"Manual\",ROUND(SUMPRODUCT((CÁLCULO!$M$15:$M$110=EVENTOS!$C41)*(OFFSET(CÁLCULO!$AI$15:$AI$110,0,S$13))),2),0)","v":0},{"$f":"IF(AUTOEVENTO=\"Manual\",ROUND(SUMPRODUCT((CÁLCULO!$M$15:$M$110=EVENTOS!$C41)*(OFFSET(CÁLCULO!$AI$15:$AI$110,0,T$13))),2),0)","v":0},{"$f":"IF(AUTOEVENTO=\"Manual\",ROUND(SUMPRODUCT((CÁLCULO!$M$15:$M$110=EVENTOS!$C41)*(OFFSET(CÁLCULO!$AI$15:$AI$110,0,U$13))),2),0)","v":0},{"$f":"IF(AUTOEVENTO=\"Manual\",ROUND(SUMPRODUCT((CÁLCULO!$M$15:$M$110=EVENTOS!$C41)*(OFFSET(CÁLCULO!$AI$15:$AI$110,0,V$13))),2),0)","v":0},{"$f":"IF(AUTOEVENTO=\"Manual\",ROUND(SUMPRODUCT((CÁLCULO!$M$15:$M$110=EVENTOS!$C41)*(OFFSET(CÁLCULO!$AI$15:$AI$110,0,W$13))),2),0)","v":0},{"$f":"IF(AUTOEVENTO=\"Manual\",ROUND(SUMPRODUCT((CÁLCULO!$M$15:$M$110=EVENTOS!$C41)*(OFFSET(CÁLCULO!$AI$15:$AI$110,0,X$13))),2),0)","v":0},{"$f":"IF(AUTOEVENTO=\"Manual\",ROUND(SUMPRODUCT((CÁLCULO!$M$15:$M$110=EVENTOS!$C41)*(OFFSET(CÁLCULO!$AI$15:$AI$110,0,Y$13))),2),0)","v":0}]
["","",{"$f":"IF(OR(ROW(C42)=ROW(EVENTOS.firstrow)+1,AND(OFFSET(C42,-1,0)<>\" \",OFFSET(C42,-1,1)<>\"\")),OFFSET(C42,-1,0)+1,\" \")","v":" "},null,{"$f":"IF(AUTOEVENTO=\"Manual\",ROUND(SUMPRODUCT((CÁLCULO!$M$15:$M$110=EVENTOS!$C42)*(OFFSET(CÁLCULO!$AI$15:$AI$110,0,E$13))),2),0)","v":0},{"$f":"IF(AUTOEVENTO=\"Manual\",ROUND(SUMPRODUCT((CÁLCULO!$M$15:$M$110=EVENTOS!$C42)*(OFFSET(CÁLCULO!$AI$15,0,1):OFFSET(CÁLCULO!$BB$110,0,-1))),2),0)","v":0},"",{"$f":"IF(AUTOEVENTO=\"Manual\",ROUND(SUMPRODUCT((CÁLCULO!$M$15:$M$110=EVENTOS!$C42)*(OFFSET(CÁLCULO!$AI$15:$AI$110,0,H$13))),2),0)","v":0},{"$f":"IF(AUTOEVENTO=\"Manual\",ROUND(SUMPRODUCT((CÁLCULO!$M$15:$M$110=EVENTOS!$C42)*(OFFSET(CÁLCULO!$AI$15:$AI$110,0,I$13))),2),0)","v":0},{"$f":"IF(AUTOEVENTO=\"Manual\",ROUND(SUMPRODUCT((CÁLCULO!$M$15:$M$110=EVENTOS!$C42)*(OFFSET(CÁLCULO!$AI$15:$AI$110,0,J$13))),2),0)","v":0},{"$f":"IF(AUTOEVENTO=\"Manual\",ROUND(SUMPRODUCT((CÁLCULO!$M$15:$M$110=EVENTOS!$C42)*(OFFSET(CÁLCULO!$AI$15:$AI$110,0,K$13))),2),0)","v":0},{"$f":"IF(AUTOEVENTO=\"Manual\",ROUND(SUMPRODUCT((CÁLCULO!$M$15:$M$110=EVENTOS!$C42)*(OFFSET(CÁLCULO!$AI$15:$AI$110,0,L$13))),2),0)","v":0},{"$f":"IF(AUTOEVENTO=\"Manual\",ROUND(SUMPRODUCT((CÁLCULO!$M$15:$M$110=EVENTOS!$C42)*(OFFSET(CÁLCULO!$AI$15:$AI$110,0,M$13))),2),0)","v":0},{"$f":"IF(AUTOEVENTO=\"Manual\",ROUND(SUMPRODUCT((CÁLCULO!$M$15:$M$110=EVENTOS!$C42)*(OFFSET(CÁLCULO!$AI$15:$AI$110,0,N$13))),2),0)","v":0},{"$f":"IF(AUTOEVENTO=\"Manual\",ROUND(SUMPRODUCT((CÁLCULO!$M$15:$M$110=EVENTOS!$C42)*(OFFSET(CÁLCULO!$AI$15:$AI$110,0,O$13))),2),0)","v":0},{"$f":"IF(AUTOEVENTO=\"Manual\",ROUND(SUMPRODUCT((CÁLCULO!$M$15:$M$110=EVENTOS!$C42)*(OFFSET(CÁLCULO!$AI$15:$AI$110,0,P$13))),2),0)","v":0},{"$f":"IF(AUTOEVENTO=\"Manual\",ROUND(SUMPRODUCT((CÁLCULO!$M$15:$M$110=EVENTOS!$C42)*(OFFSET(CÁLCULO!$AI$15:$AI$110,0,Q$13))),2),0)","v":0},{"$f":"IF(AUTOEVENTO=\"Manual\",ROUND(SUMPRODUCT((CÁLCULO!$M$15:$M$110=EVENTOS!$C42)*(OFFSET(CÁLCULO!$AI$15:$AI$110,0,R$13))),2),0)","v":0},{"$f":"IF(AUTOEVENTO=\"Manual\",ROUND(SUMPRODUCT((CÁLCULO!$M$15:$M$110=EVENTOS!$C42)*(OFFSET(CÁLCULO!$AI$15:$AI$110,0,S$13))),2),0)","v":0},{"$f":"IF(AUTOEVENTO=\"Manual\",ROUND(SUMPRODUCT((CÁLCULO!$M$15:$M$110=EVENTOS!$C42)*(OFFSET(CÁLCULO!$AI$15:$AI$110,0,T$13))),2),0)","v":0},{"$f":"IF(AUTOEVENTO=\"Manual\",ROUND(SUMPRODUCT((CÁLCULO!$M$15:$M$110=EVENTOS!$C42)*(OFFSET(CÁLCULO!$AI$15:$AI$110,0,U$13))),2),0)","v":0},{"$f":"IF(AUTOEVENTO=\"Manual\",ROUND(SUMPRODUCT((CÁLCULO!$M$15:$M$110=EVENTOS!$C42)*(OFFSET(CÁLCULO!$AI$15:$AI$110,0,V$13))),2),0)","v":0},{"$f":"IF(AUTOEVENTO=\"Manual\",ROUND(SUMPRODUCT((CÁLCULO!$M$15:$M$110=EVENTOS!$C42)*(OFFSET(CÁLCULO!$AI$15:$AI$110,0,W$13))),2),0)","v":0},{"$f":"IF(AUTOEVENTO=\"Manual\",ROUND(SUMPRODUCT((CÁLCULO!$M$15:$M$110=EVENTOS!$C42)*(OFFSET(CÁLCULO!$AI$15:$AI$110,0,X$13))),2),0)","v":0},{"$f":"IF(AUTOEVENTO=\"Manual\",ROUND(SUMPRODUCT((CÁLCULO!$M$15:$M$110=EVENTOS!$C42)*(OFFSET(CÁLCULO!$AI$15:$AI$110,0,Y$13))),2),0)","v":0}]
["","",{"$f":"IF(OR(ROW(C43)=ROW(EVENTOS.firstrow)+1,AND(OFFSET(C43,-1,0)<>\" \",OFFSET(C43,-1,1)<>\"\")),OFFSET(C43,-1,0)+1,\" \")","v":" "},null,{"$f":"IF(AUTOEVENTO=\"Manual\",ROUND(SUMPRODUCT((CÁLCULO!$M$15:$M$110=EVENTOS!$C43)*(OFFSET(CÁLCULO!$AI$15:$AI$110,0,E$13))),2),0)","v":0},{"$f":"IF(AUTOEVENTO=\"Manual\",ROUND(SUMPRODUCT((CÁLCULO!$M$15:$M$110=EVENTOS!$C43)*(OFFSET(CÁLCULO!$AI$15,0,1):OFFSET(CÁLCULO!$BB$110,0,-1))),2),0)","v":0},"",{"$f":"IF(AUTOEVENTO=\"Manual\",ROUND(SUMPRODUCT((CÁLCULO!$M$15:$M$110=EVENTOS!$C43)*(OFFSET(CÁLCULO!$AI$15:$AI$110,0,H$13))),2),0)","v":0},{"$f":"IF(AUTOEVENTO=\"Manual\",ROUND(SUMPRODUCT((CÁLCULO!$M$15:$M$110=EVENTOS!$C43)*(OFFSET(CÁLCULO!$AI$15:$AI$110,0,I$13))),2),0)","v":0},{"$f":"IF(AUTOEVENTO=\"Manual\",ROUND(SUMPRODUCT((CÁLCULO!$M$15:$M$110=EVENTOS!$C43)*(OFFSET(CÁLCULO!$AI$15:$AI$110,0,J$13))),2),0)","v":0},{"$f":"IF(AUTOEVENTO=\"Manual\",ROUND(SUMPRODUCT((CÁLCULO!$M$15:$M$110=EVENTOS!$C43)*(OFFSET(CÁLCULO!$AI$15:$AI$110,0,K$13))),2),0)","v":0},{"$f":"IF(AUTOEVENTO=\"Manual\",ROUND(SUMPRODUCT((CÁLCULO!$M$15:$M$110=EVENTOS!$C43)*(OFFSET(CÁLCULO!$AI$15:$AI$110,0,L$13))),2),0)","v":0},{"$f":"IF(AUTOEVENTO=\"Manual\",ROUND(SUMPRODUCT((CÁLCULO!$M$15:$M$110=EVENTOS!$C43)*(OFFSET(CÁLCULO!$AI$15:$AI$110,0,M$13))),2),0)","v":0},{"$f":"IF(AUTOEVENTO=\"Manual\",ROUND(SUMPRODUCT((CÁLCULO!$M$15:$M$110=EVENTOS!$C43)*(OFFSET(CÁLCULO!$AI$15:$AI$110,0,N$13))),2),0)","v":0},{"$f":"IF(AUTOEVENTO=\"Manual\",ROUND(SUMPRODUCT((CÁLCULO!$M$15:$M$110=EVENTOS!$C43)*(OFFSET(CÁLCULO!$AI$15:$AI$110,0,O$13))),2),0)","v":0},{"$f":"IF(AUTOEVENTO=\"Manual\",ROUND(SUMPRODUCT((CÁLCULO!$M$15:$M$110=EVENTOS!$C43)*(OFFSET(CÁLCULO!$AI$15:$AI$110,0,P$13))),2),0)","v":0},{"$f":"IF(AUTOEVENTO=\"Manual\",ROUND(SUMPRODUCT((CÁLCULO!$M$15:$M$110=EVENTOS!$C43)*(OFFSET(CÁLCULO!$AI$15:$AI$110,0,Q$13))),2),0)","v":0},{"$f":"IF(AUTOEVENTO=\"Manual\",ROUND(SUMPRODUCT((CÁLCULO!$M$15:$M$110=EVENTOS!$C43)*(OFFSET(CÁLCULO!$AI$15:$AI$110,0,R$13))),2),0)","v":0},{"$f":"IF(AUTOEVENTO=\"Manual\",ROUND(SUMPRODUCT((CÁLCULO!$M$15:$M$110=EVENTOS!$C43)*(OFFSET(CÁLCULO!$AI$15:$AI$110,0,S$13))),2),0)","v":0},{"$f":"IF(AUTOEVENTO=\"Manual\",ROUND(SUMPRODUCT((CÁLCULO!$M$15:$M$110=EVENTOS!$C43)*(OFFSET(CÁLCULO!$AI$15:$AI$110,0,T$13))),2),0)","v":0},{"$f":"IF(AUTOEVENTO=\"Manual\",ROUND(SUMPRODUCT((CÁLCULO!$M$15:$M$110=EVENTOS!$C43)*(OFFSET(CÁLCULO!$AI$15:$AI$110,0,U$13))),2),0)","v":0},{"$f":"IF(AUTOEVENTO=\"Manual\",ROUND(SUMPRODUCT((CÁLCULO!$M$15:$M$110=EVENTOS!$C43)*(OFFSET(CÁLCULO!$AI$15:$AI$110,0,V$13))),2),0)","v":0},{"$f":"IF(AUTOEVENTO=\"Manual\",ROUND(SUMPRODUCT((CÁLCULO!$M$15:$M$110=EVENTOS!$C43)*(OFFSET(CÁLCULO!$AI$15:$AI$110,0,W$13))),2),0)","v":0},{"$f":"IF(AUTOEVENTO=\"Manual\",ROUND(SUMPRODUCT((CÁLCULO!$M$15:$M$110=EVENTOS!$C43)*(OFFSET(CÁLCULO!$AI$15:$AI$110,0,X$13))),2),0)","v":0},{"$f":"IF(AUTOEVENTO=\"Manual\",ROUND(SUMPRODUCT((CÁLCULO!$M$15:$M$110=EVENTOS!$C43)*(OFFSET(CÁLCULO!$AI$15:$AI$110,0,Y$13))),2),0)","v":0}]
["","",{"$f":"IF(OR(ROW(C44)=ROW(EVENTOS.firstrow)+1,AND(OFFSET(C44,-1,0)<>\" \",OFFSET(C44,-1,1)<>\"\")),OFFSET(C44,-1,0)+1,\" \")","v":" "},null,{"$f":"IF(AUTOEVENTO=\"Manual\",ROUND(SUMPRODUCT((CÁLCULO!$M$15:$M$110=EVENTOS!$C44)*(OFFSET(CÁLCULO!$AI$15:$AI$110,0,E$13))),2),0)","v":0},{"$f":"IF(AUTOEVENTO=\"Manual\",ROUND(SUMPRODUCT((CÁLCULO!$M$15:$M$110=EVENTOS!$C44)*(OFFSET(CÁLCULO!$AI$15,0,1):OFFSET(CÁLCULO!$BB$110,0,-1))),2),0)","v":0},"",{"$f":"IF(AUTOEVENTO=\"Manual\",ROUND(SUMPRODUCT((CÁLCULO!$M$15:$M$110=EVENTOS!$C44)*(OFFSET(CÁLCULO!$AI$15:$AI$110,0,H$13))),2),0)","v":0},{"$f":"IF(AUTOEVENTO=\"Manual\",ROUND(SUMPRODUCT((CÁLCULO!$M$15:$M$110=EVENTOS!$C44)*(OFFSET(CÁLCULO!$AI$15:$AI$110,0,I$13))),2),0)","v":0},{"$f":"IF(AUTOEVENTO=\"Manual\",ROUND(SUMPRODUCT((CÁLCULO!$M$15:$M$110=EVENTOS!$C44)*(OFFSET(CÁLCULO!$AI$15:$AI$110,0,J$13))),2),0)","v":0},{"$f":"IF(AUTOEVENTO=\"Manual\",ROUND(SUMPRODUCT((CÁLCULO!$M$15:$M$110=EVENTOS!$C44)*(OFFSET(CÁLCULO!$AI$15:$AI$110,0,K$13))),2),0)","v":0},{"$f":"IF(AUTOEVENTO=\"Manual\",ROUND(SUMPRODUCT((CÁLCULO!$M$15:$M$110=EVENTOS!$C44)*(OFFSET(CÁLCULO!$AI$15:$AI$110,0,L$13))),2),0)","v":0},{"$f":"IF(AUTOEVENTO=\"Manual\",ROUND(SUMPRODUCT((CÁLCULO!$M$15:$M$110=EVENTOS!$C44)*(OFFSET(CÁLCULO!$AI$15:$AI$110,0,M$13))),2),0)","v":0},{"$f":"IF(AUTOEVENTO=\"Manual\",ROUND(SUMPRODUCT((CÁLCULO!$M$15:$M$110=EVENTOS!$C44)*(OFFSET(CÁLCULO!$AI$15:$AI$110,0,N$13))),2),0)","v":0},{"$f":"IF(AUTOEVENTO=\"Manual\",ROUND(SUMPRODUCT((CÁLCULO!$M$15:$M$110=EVENTOS!$C44)*(OFFSET(CÁLCULO!$AI$15:$AI$110,0,O$13))),2),0)","v":0},{"$f":"IF(AUTOEVENTO=\"Manual\",ROUND(SUMPRODUCT((CÁLCULO!$M$15:$M$110=EVENTOS!$C44)*(OFFSET(CÁLCULO!$AI$15:$AI$110,0,P$13))),2),0)","v":0},{"$f":"IF(AUTOEVENTO=\"Manual\",ROUND(SUMPRODUCT((CÁLCULO!$M$15:$M$110=EVENTOS!$C44)*(OFFSET(CÁLCULO!$AI$15:$AI$110,0,Q$13))),2),0)","v":0},{"$f":"IF(AUTOEVENTO=\"Manual\",ROUND(SUMPRODUCT((CÁLCULO!$M$15:$M$110=EVENTOS!$C44)*(OFFSET(CÁLCULO!$AI$15:$AI$110,0,R$13))),2),0)","v":0},{"$f":"IF(AUTOEVENTO=\"Manual\",ROUND(SUMPRODUCT((CÁLCULO!$M$15:$M$110=EVENTOS!$C44)*(OFFSET(CÁLCULO!$AI$15:$AI$110,0,S$13))),2),0)","v":0},{"$f":"IF(AUTOEVENTO=\"Manual\",ROUND(SUMPRODUCT((CÁLCULO!$M$15:$M$110=EVENTOS!$C44)*(OFFSET(CÁLCULO!$AI$15:$AI$110,0,T$13))),2),0)","v":0},{"$f":"IF(AUTOEVENTO=\"Manual\",ROUND(SUMPRODUCT((CÁLCULO!$M$15:$M$110=EVENTOS!$C44)*(OFFSET(CÁLCULO!$AI$15:$AI$110,0,U$13))),2),0)","v":0},{"$f":"IF(AUTOEVENTO=\"Manual\",ROUND(SUMPRODUCT((CÁLCULO!$M$15:$M$110=EVENTOS!$C44)*(OFFSET(CÁLCULO!$AI$15:$AI$110,0,V$13))),2),0)","v":0},{"$f":"IF(AUTOEVENTO=\"Manual\",ROUND(SUMPRODUCT((CÁLCULO!$M$15:$M$110=EVENTOS!$C44)*(OFFSET(CÁLCULO!$AI$15:$AI$110,0,W$13))),2),0)","v":0},{"$f":"IF(AUTOEVENTO=\"Manual\",ROUND(SUMPRODUCT((CÁLCULO!$M$15:$M$110=EVENTOS!$C44)*(OFFSET(CÁLCULO!$AI$15:$AI$110,0,X$13))),2),0)","v":0},{"$f":"IF(AUTOEVENTO=\"Manual\",ROUND(SUMPRODUCT((CÁLCULO!$M$15:$M$110=EVENTOS!$C44)*(OFFSET(CÁLCULO!$AI$15:$AI$110,0,Y$13))),2),0)","v":0}]
["","",{"$f":"IF(OR(ROW(C45)=ROW(EVENTOS.firstrow)+1,AND(OFFSET(C45,-1,0)<>\" \",OFFSET(C45,-1,1)<>\"\")),OFFSET(C45,-1,0)+1,\" \")","v":" "},null,{"$f":"IF(AUTOEVENTO=\"Manual\",ROUND(SUMPRODUCT((CÁLCULO!$M$15:$M$110=EVENTOS!$C45)*(OFFSET(CÁLCULO!$AI$15:$AI$110,0,E$13))),2),0)","v":0},{"$f":"IF(AUTOEVENTO=\"Manual\",ROUND(SUMPRODUCT((CÁLCULO!$M$15:$M$110=EVENTOS!$C45)*(OFFSET(CÁLCULO!$AI$15,0,1):OFFSET(CÁLCULO!$BB$110,0,-1))),2),0)","v":0},"",{"$f":"IF(AUTOEVENTO=\"Manual\",ROUND(SUMPRODUCT((CÁLCULO!$M$15:$M$110=EVENTOS!$C45)*(OFFSET(CÁLCULO!$AI$15:$AI$110,0,H$13))),2),0)","v":0},{"$f":"IF(AUTOEVENTO=\"Manual\",ROUND(SUMPRODUCT((CÁLCULO!$M$15:$M$110=EVENTOS!$C45)*(OFFSET(CÁLCULO!$AI$15:$AI$110,0,I$13))),2),0)","v":0},{"$f":"IF(AUTOEVENTO=\"Manual\",ROUND(SUMPRODUCT((CÁLCULO!$M$15:$M$110=EVENTOS!$C45)*(OFFSET(CÁLCULO!$AI$15:$AI$110,0,J$13))),2),0)","v":0},{"$f":"IF(AUTOEVENTO=\"Manual\",ROUND(SUMPRODUCT((CÁLCULO!$M$15:$M$110=EVENTOS!$C45)*(OFFSET(CÁLCULO!$AI$15:$AI$110,0,K$13))),2),0)","v":0},{"$f":"IF(AUTOEVENTO=\"Manual\",ROUND(SUMPRODUCT((CÁLCULO!$M$15:$M$110=EVENTOS!$C45)*(OFFSET(CÁLCULO!$AI$15:$AI$110,0,L$13))),2),0)","v":0},{"$f":"IF(AUTOEVENTO=\"Manual\",ROUND(SUMPRODUCT((CÁLCULO!$M$15:$M$110=EVENTOS!$C45)*(OFFSET(CÁLCULO!$AI$15:$AI$110,0,M$13))),2),0)","v":0},{"$f":"IF(AUTOEVENTO=\"Manual\",ROUND(SUMPRODUCT((CÁLCULO!$M$15:$M$110=EVENTOS!$C45)*(OFFSET(CÁLCULO!$AI$15:$AI$110,0,N$13))),2),0)","v":0},{"$f":"IF(AUTOEVENTO=\"Manual\",ROUND(SUMPRODUCT((CÁLCULO!$M$15:$M$110=EVENTOS!$C45)*(OFFSET(CÁLCULO!$AI$15:$AI$110,0,O$13))),2),0)","v":0},{"$f":"IF(AUTOEVENTO=\"Manual\",ROUND(SUMPRODUCT((CÁLCULO!$M$15:$M$110=EVENTOS!$C45)*(OFFSET(CÁLCULO!$AI$15:$AI$110,0,P$13))),2),0)","v":0},{"$f":"IF(AUTOEVENTO=\"Manual\",ROUND(SUMPRODUCT((CÁLCULO!$M$15:$M$110=EVENTOS!$C45)*(OFFSET(CÁLCULO!$AI$15:$AI$110,0,Q$13))),2),0)","v":0},{"$f":"IF(AUTOEVENTO=\"Manual\",ROUND(SUMPRODUCT((CÁLCULO!$M$15:$M$110=EVENTOS!$C45)*(OFFSET(CÁLCULO!$AI$15:$AI$110,0,R$13))),2),0)","v":0},{"$f":"IF(AUTOEVENTO=\"Manual\",ROUND(SUMPRODUCT((CÁLCULO!$M$15:$M$110=EVENTOS!$C45)*(OFFSET(CÁLCULO!$AI$15:$AI$110,0,S$13))),2),0)","v":0},{"$f":"IF(AUTOEVENTO=\"Manual\",ROUND(SUMPRODUCT((CÁLCULO!$M$15:$M$110=EVENTOS!$C45)*(OFFSET(CÁLCULO!$AI$15:$AI$110,0,T$13))),2),0)","v":0},{"$f":"IF(AUTOEVENTO=\"Manual\",ROUND(SUMPRODUCT((CÁLCULO!$M$15:$M$110=EVENTOS!$C45)*(OFFSET(CÁLCULO!$AI$15:$AI$110,0,U$13))),2),0)","v":0},{"$f":"IF(AUTOEVENTO=\"Manual\",ROUND(SUMPRODUCT((CÁLCULO!$M$15:$M$110=EVENTOS!$C45)*(OFFSET(CÁLCULO!$AI$15:$AI$110,0,V$13))),2),0)","v":0},{"$f":"IF(AUTOEVENTO=\"Manual\",ROUND(SUMPRODUCT((CÁLCULO!$M$15:$M$110=EVENTOS!$C45)*(OFFSET(CÁLCULO!$AI$15:$AI$110,0,W$13))),2),0)","v":0},{"$f":"IF(AUTOEVENTO=\"Manual\",ROUND(SUMPRODUCT((CÁLCULO!$M$15:$M$110=EVENTOS!$C45)*(OFFSET(CÁLCULO!$AI$15:$AI$110,0,X$13))),2),0)","v":0},{"$f":"IF(AUTOEVENTO=\"Manual\",ROUND(SUMPRODUCT((CÁLCULO!$M$15:$M$110=EVENTOS!$C45)*(OFFSET(CÁLCULO!$AI$15:$AI$110,0,Y$13))),2),0)","v":0}]
["","",{"$f":"IF(OR(ROW(C46)=ROW(EVENTOS.firstrow)+1,AND(OFFSET(C46,-1,0)<>\" \",OFFSET(C46,-1,1)<>\"\")),OFFSET(C46,-1,0)+1,\" \")","v":" "},null,{"$f":"IF(AUTOEVENTO=\"Manual\",ROUND(SUMPRODUCT((CÁLCULO!$M$15:$M$110=EVENTOS!$C46)*(OFFSET(CÁLCULO!$AI$15:$AI$110,0,E$13))),2),0)","v":0},{"$f":"IF(AUTOEVENTO=\"Manual\",ROUND(SUMPRODUCT((CÁLCULO!$M$15:$M$110=EVENTOS!$C46)*(OFFSET(CÁLCULO!$AI$15,0,1):OFFSET(CÁLCULO!$BB$110,0,-1))),2),0)","v":0},"",{"$f":"IF(AUTOEVENTO=\"Manual\",ROUND(SUMPRODUCT((CÁLCULO!$M$15:$M$110=EVENTOS!$C46)*(OFFSET(CÁLCULO!$AI$15:$AI$110,0,H$13))),2),0)","v":0},{"$f":"IF(AUTOEVENTO=\"Manual\",ROUND(SUMPRODUCT((CÁLCULO!$M$15:$M$110=EVENTOS!$C46)*(OFFSET(CÁLCULO!$AI$15:$AI$110,0,I$13))),2),0)","v":0},{"$f":"IF(AUTOEVENTO=\"Manual\",ROUND(SUMPRODUCT((CÁLCULO!$M$15:$M$110=EVENTOS!$C46)*(OFFSET(CÁLCULO!$AI$15:$AI$110,0,J$13))),2),0)","v":0},{"$f":"IF(AUTOEVENTO=\"Manual\",ROUND(SUMPRODUCT((CÁLCULO!$M$15:$M$110=EVENTOS!$C46)*(OFFSET(CÁLCULO!$AI$15:$AI$110,0,K$13))),2),0)","v":0},{"$f":"IF(AUTOEVENTO=\"Manual\",ROUND(SUMPRODUCT((CÁLCULO!$M$15:$M$110=EVENTOS!$C46)*(OFFSET(CÁLCULO!$AI$15:$AI$110,0,L$13))),2),0)","v":0},{"$f":"IF(AUTOEVENTO=\"Manual\",ROUND(SUMPRODUCT((CÁLCULO!$M$15:$M$110=EVENTOS!$C46)*(OFFSET(CÁLCULO!$AI$15:$AI$110,0,M$13))),2),0)","v":0},{"$f":"IF(AUTOEVENTO=\"Manual\",ROUND(SUMPRODUCT((CÁLCULO!$M$15:$M$110=EVENTOS!$C46)*(OFFSET(CÁLCULO!$AI$15:$AI$110,0,N$13))),2),0)","v":0},{"$f":"IF(AUTOEVENTO=\"Manual\",ROUND(SUMPRODUCT((CÁLCULO!$M$15:$M$110=EVENTOS!$C46)*(OFFSET(CÁLCULO!$AI$15:$AI$110,0,O$13))),2),0)","v":0},{"$f":"IF(AUTOEVENTO=\"Manual\",ROUND(SUMPRODUCT((CÁLCULO!$M$15:$M$110=EVENTOS!$C46)*(OFFSET(CÁLCULO!$AI$15:$AI$110,0,P$13))),2),0)","v":0},{"$f":"IF(AUTOEVENTO=\"Manual\",ROUND(SUMPRODUCT((CÁLCULO!$M$15:$M$110=EVENTOS!$C46)*(OFFSET(CÁLCULO!$AI$15:$AI$110,0,Q$13))),2),0)","v":0},{"$f":"IF(AUTOEVENTO=\"Manual\",ROUND(SUMPRODUCT((CÁLCULO!$M$15:$M$110=EVENTOS!$C46)*(OFFSET(CÁLCULO!$AI$15:$AI$110,0,R$13))),2),0)","v":0},{"$f":"IF(AUTOEVENTO=\"Manual\",ROUND(SUMPRODUCT((CÁLCULO!$M$15:$M$110=EVENTOS!$C46)*(OFFSET(CÁLCULO!$AI$15:$AI$110,0,S$13))),2),0)","v":0},{"$f":"IF(AUTOEVENTO=\"Manual\",ROUND(SUMPRODUCT((CÁLCULO!$M$15:$M$110=EVENTOS!$C46)*(OFFSET(CÁLCULO!$AI$15:$AI$110,0,T$13))),2),0)","v":0},{"$f":"IF(AUTOEVENTO=\"Manual\",ROUND(SUMPRODUCT((CÁLCULO!$M$15:$M$110=EVENTOS!$C46)*(OFFSET(CÁLCULO!$AI$15:$AI$110,0,U$13))),2),0)","v":0},{"$f":"IF(AUTOEVENTO=\"Manual\",ROUND(SUMPRODUCT((CÁLCULO!$M$15:$M$110=EVENTOS!$C46)*(OFFSET(CÁLCULO!$AI$15:$AI$110,0,V$13))),2),0)","v":0},{"$f":"IF(AUTOEVENTO=\"Manual\",ROUND(SUMPRODUCT((CÁLCULO!$M$15:$M$110=EVENTOS!$C46)*(OFFSET(CÁLCULO!$AI$15:$AI$110,0,W$13))),2),0)","v":0},{"$f":"IF(AUTOEVENTO=\"Manual\",ROUND(SUMPRODUCT((CÁLCULO!$M$15:$M$110=EVENTOS!$C46)*(OFFSET(CÁLCULO!$AI$15:$AI$110,0,X$13))),2),0)","v":0},{"$f":"IF(AUTOEVENTO=\"Manual\",ROUND(SUMPRODUCT((CÁLCULO!$M$15:$M$110=EVENTOS!$C46)*(OFFSET(CÁLCULO!$AI$15:$AI$110,0,Y$13))),2),0)","v":0}]
["","",{"$f":"IF(OR(ROW(C47)=ROW(EVENTOS.firstrow)+1,AND(OFFSET(C47,-1,0)<>\" \",OFFSET(C47,-1,1)<>\"\")),OFFSET(C47,-1,0)+1,\" \")","v":" "},null,{"$f":"IF(AUTOEVENTO=\"Manual\",ROUND(SUMPRODUCT((CÁLCULO!$M$15:$M$110=EVENTOS!$C47)*(OFFSET(CÁLCULO!$AI$15:$AI$110,0,E$13))),2),0)","v":0},{"$f":"IF(AUTOEVENTO=\"Manual\",ROUND(SUMPRODUCT((CÁLCULO!$M$15:$M$110=EVENTOS!$C47)*(OFFSET(CÁLCULO!$AI$15,0,1):OFFSET(CÁLCULO!$BB$110,0,-1))),2),0)","v":0},"",{"$f":"IF(AUTOEVENTO=\"Manual\",ROUND(SUMPRODUCT((CÁLCULO!$M$15:$M$110=EVENTOS!$C47)*(OFFSET(CÁLCULO!$AI$15:$AI$110,0,H$13))),2),0)","v":0},{"$f":"IF(AUTOEVENTO=\"Manual\",ROUND(SUMPRODUCT((CÁLCULO!$M$15:$M$110=EVENTOS!$C47)*(OFFSET(CÁLCULO!$AI$15:$AI$110,0,I$13))),2),0)","v":0},{"$f":"IF(AUTOEVENTO=\"Manual\",ROUND(SUMPRODUCT((CÁLCULO!$M$15:$M$110=EVENTOS!$C47)*(OFFSET(CÁLCULO!$AI$15:$AI$110,0,J$13))),2),0)","v":0},{"$f":"IF(AUTOEVENTO=\"Manual\",ROUND(SUMPRODUCT((CÁLCULO!$M$15:$M$110=EVENTOS!$C47)*(OFFSET(CÁLCULO!$AI$15:$AI$110,0,K$13))),2),0)","v":0},{"$f":"IF(AUTOEVENTO=\"Manual\",ROUND(SUMPRODUCT((CÁLCULO!$M$15:$M$110=EVENTOS!$C47)*(OFFSET(CÁLCULO!$AI$15:$AI$110,0,L$13))),2),0)","v":0},{"$f":"IF(AUTOEVENTO=\"Manual\",ROUND(SUMPRODUCT((CÁLCULO!$M$15:$M$110=EVENTOS!$C47)*(OFFSET(CÁLCULO!$AI$15:$AI$110,0,M$13))),2),0)","v":0},{"$f":"IF(AUTOEVENTO=\"Manual\",ROUND(SUMPRODUCT((CÁLCULO!$M$15:$M$110=EVENTOS!$C47)*(OFFSET(CÁLCULO!$AI$15:$AI$110,0,N$13))),2),0)","v":0},{"$f":"IF(AUTOEVENTO=\"Manual\",ROUND(SUMPRODUCT((CÁLCULO!$M$15:$M$110=EVENTOS!$C47)*(OFFSET(CÁLCULO!$AI$15:$AI$110,0,O$13))),2),0)","v":0},{"$f":"IF(AUTOEVENTO=\"Manual\",ROUND(SUMPRODUCT((CÁLCULO!$M$15:$M$110=EVENTOS!$C47)*(OFFSET(CÁLCULO!$AI$15:$AI$110,0,P$13))),2),0)","v":0},{"$f":"IF(AUTOEVENTO=\"Manual\",ROUND(SUMPRODUCT((CÁLCULO!$M$15:$M$110=EVENTOS!$C47)*(OFFSET(CÁLCULO!$AI$15:$AI$110,0,Q$13))),2),0)","v":0},{"$f":"IF(AUTOEVENTO=\"Manual\",ROUND(SUMPRODUCT((CÁLCULO!$M$15:$M$110=EVENTOS!$C47)*(OFFSET(CÁLCULO!$AI$15:$AI$110,0,R$13))),2),0)","v":0},{"$f":"IF(AUTOEVENTO=\"Manual\",ROUND(SUMPRODUCT((CÁLCULO!$M$15:$M$110=EVENTOS!$C47)*(OFFSET(CÁLCULO!$AI$15:$AI$110,0,S$13))),2),0)","v":0},{"$f":"IF(AUTOEVENTO=\"Manual\",ROUND(SUMPRODUCT((CÁLCULO!$M$15:$M$110=EVENTOS!$C47)*(OFFSET(CÁLCULO!$AI$15:$AI$110,0,T$13))),2),0)","v":0},{"$f":"IF(AUTOEVENTO=\"Manual\",ROUND(SUMPRODUCT((CÁLCULO!$M$15:$M$110=EVENTOS!$C47)*(OFFSET(CÁLCULO!$AI$15:$AI$110,0,U$13))),2),0)","v":0},{"$f":"IF(AUTOEVENTO=\"Manual\",ROUND(SUMPRODUCT((CÁLCULO!$M$15:$M$110=EVENTOS!$C47)*(OFFSET(CÁLCULO!$AI$15:$AI$110,0,V$13))),2),0)","v":0},{"$f":"IF(AUTOEVENTO=\"Manual\",ROUND(SUMPRODUCT((CÁLCULO!$M$15:$M$110=EVENTOS!$C47)*(OFFSET(CÁLCULO!$AI$15:$AI$110,0,W$13))),2),0)","v":0},{"$f":"IF(AUTOEVENTO=\"Manual\",ROUND(SUMPRODUCT((CÁLCULO!$M$15:$M$110=EVENTOS!$C47)*(OFFSET(CÁLCULO!$AI$15:$AI$110,0,X$13))),2),0)","v":0},{"$f":"IF(AUTOEVENTO=\"Manual\",ROUND(SUMPRODUCT((CÁLCULO!$M$15:$M$110=EVENTOS!$C47)*(OFFSET(CÁLCULO!$AI$15:$AI$110,0,Y$13))),2),0)","v":0}]
["","",{"$f":"IF(OR(ROW(C48)=ROW(EVENTOS.firstrow)+1,AND(OFFSET(C48,-1,0)<>\" \",OFFSET(C48,-1,1)<>\"\")),OFFSET(C48,-1,0)+1,\" \")","v":" "},null,{"$f":"IF(AUTOEVENTO=\"Manual\",ROUND(SUMPRODUCT((CÁLCULO!$M$15:$M$110=EVENTOS!$C48)*(OFFSET(CÁLCULO!$AI$15:$AI$110,0,E$13))),2),0)","v":0},{"$f":"IF(AUTOEVENTO=\"Manual\",ROUND(SUMPRODUCT((CÁLCULO!$M$15:$M$110=EVENTOS!$C48)*(OFFSET(CÁLCULO!$AI$15,0,1):OFFSET(CÁLCULO!$BB$110,0,-1))),2),0)","v":0},"",{"$f":"IF(AUTOEVENTO=\"Manual\",ROUND(SUMPRODUCT((CÁLCULO!$M$15:$M$110=EVENTOS!$C48)*(OFFSET(CÁLCULO!$AI$15:$AI$110,0,H$13))),2),0)","v":0},{"$f":"IF(AUTOEVENTO=\"Manual\",ROUND(SUMPRODUCT((CÁLCULO!$M$15:$M$110=EVENTOS!$C48)*(OFFSET(CÁLCULO!$AI$15:$AI$110,0,I$13))),2),0)","v":0},{"$f":"IF(AUTOEVENTO=\"Manual\",ROUND(SUMPRODUCT((CÁLCULO!$M$15:$M$110=EVENTOS!$C48)*(OFFSET(CÁLCULO!$AI$15:$AI$110,0,J$13))),2),0)","v":0},{"$f":"IF(AUTOEVENTO=\"Manual\",ROUND(SUMPRODUCT((CÁLCULO!$M$15:$M$110=EVENTOS!$C48)*(OFFSET(CÁLCULO!$AI$15:$AI$110,0,K$13))),2),0)","v":0},{"$f":"IF(AUTOEVENTO=\"Manual\",ROUND(SUMPRODUCT((CÁLCULO!$M$15:$M$110=EVENTOS!$C48)*(OFFSET(CÁLCULO!$AI$15:$AI$110,0,L$13))),2),0)","v":0},{"$f":"IF(AUTOEVENTO=\"Manual\",ROUND(SUMPRODUCT((CÁLCULO!$M$15:$M$110=EVENTOS!$C48)*(OFFSET(CÁLCULO!$AI$15:$AI$110,0,M$13))),2),0)","v":0},{"$f":"IF(AUTOEVENTO=\"Manual\",ROUND(SUMPRODUCT((CÁLCULO!$M$15:$M$110=EVENTOS!$C48)*(OFFSET(CÁLCULO!$AI$15:$AI$110,0,N$13))),2),0)","v":0},{"$f":"IF(AUTOEVENTO=\"Manual\",ROUND(SUMPRODUCT((CÁLCULO!$M$15:$M$110=EVENTOS!$C48)*(OFFSET(CÁLCULO!$AI$15:$AI$110,0,O$13))),2),0)","v":0},{"$f":"IF(AUTOEVENTO=\"Manual\",ROUND(SUMPRODUCT((CÁLCULO!$M$15:$M$110=EVENTOS!$C48)*(OFFSET(CÁLCULO!$AI$15:$AI$110,0,P$13))),2),0)","v":0},{"$f":"IF(AUTOEVENTO=\"Manual\",ROUND(SUMPRODUCT((CÁLCULO!$M$15:$M$110=EVENTOS!$C48)*(OFFSET(CÁLCULO!$AI$15:$AI$110,0,Q$13))),2),0)","v":0},{"$f":"IF(AUTOEVENTO=\"Manual\",ROUND(SUMPRODUCT((CÁLCULO!$M$15:$M$110=EVENTOS!$C48)*(OFFSET(CÁLCULO!$AI$15:$AI$110,0,R$13))),2),0)","v":0},{"$f":"IF(AUTOEVENTO=\"Manual\",ROUND(SUMPRODUCT((CÁLCULO!$M$15:$M$110=EVENTOS!$C48)*(OFFSET(CÁLCULO!$AI$15:$AI$110,0,S$13))),2),0)","v":0},{"$f":"IF(AUTOEVENTO=\"Manual\",ROUND(SUMPRODUCT((CÁLCULO!$M$15:$M$110=EVENTOS!$C48)*(OFFSET(CÁLCULO!$AI$15:$AI$110,0,T$13))),2),0)","v":0},{"$f":"IF(AUTOEVENTO=\"Manual\",ROUND(SUMPRODUCT((CÁLCULO!$M$15:$M$110=EVENTOS!$C48)*(OFFSET(CÁLCULO!$AI$15:$AI$110,0,U$13))),2),0)","v":0},{"$f":"IF(AUTOEVENTO=\"Manual\",ROUND(SUMPRODUCT((CÁLCULO!$M$15:$M$110=EVENTOS!$C48)*(OFFSET(CÁLCULO!$AI$15:$AI$110,0,V$13))),2),0)","v":0},{"$f":"IF(AUTOEVENTO=\"Manual\",ROUND(SUMPRODUCT((CÁLCULO!$M$15:$M$110=EVENTOS!$C48)*(OFFSET(CÁLCULO!$AI$15:$AI$110,0,W$13))),2),0)","v":0},{"$f":"IF(AUTOEVENTO=\"Manual\",ROUND(SUMPRODUCT((CÁLCULO!$M$15:$M$110=EVENTOS!$C48)*(OFFSET(CÁLCULO!$AI$15:$AI$110,0,X$13))),2),0)","v":0},{"$f":"IF(AUTOEVENTO=\"Manual\",ROUND(SUMPRODUCT((CÁLCULO!$M$15:$M$110=EVENTOS!$C48)*(OFFSET(CÁLCULO!$AI$15:$AI$110,0,Y$13))),2),0)","v":0}]
["","",{"$f":"IF(OR(ROW(C49)=ROW(EVENTOS.firstrow)+1,AND(OFFSET(C49,-1,0)<>\" \",OFFSET(C49,-1,1)<>\"\")),OFFSET(C49,-1,0)+1,\" \")","v":" "},null,{"$f":"IF(AUTOEVENTO=\"Manual\",ROUND(SUMPRODUCT((CÁLCULO!$M$15:$M$110=EVENTOS!$C49)*(OFFSET(CÁLCULO!$AI$15:$AI$110,0,E$13))),2),0)","v":0},{"$f":"IF(AUTOEVENTO=\"Manual\",ROUND(SUMPRODUCT((CÁLCULO!$M$15:$M$110=EVENTOS!$C49)*(OFFSET(CÁLCULO!$AI$15,0,1):OFFSET(CÁLCULO!$BB$110,0,-1))),2),0)","v":0},{"$f":"IF(AND(D49=0,F49>0),\"NOME\",\n IF(AND(D49<>0,$F$14>0,F49=0),\"VALOR\",\n IF(AND(Import.TipoArredondamento=\"TransfereGOV\",$A49=\"F\",LEN(D49)>100),\"Nome >100\",\"\")))","v":""},{"$f":"IF(AUTOEVENTO=\"Manual\",ROUND(SUMPRODUCT((CÁLCULO!$M$15:$M$110=EVENTOS!$C49)*(OFFSET(CÁLCULO!$AI$15:$AI$110,0,H$13))),2),0)","v":0},{"$f":"IF(AUTOEVENTO=\"Manual\",ROUND(SUMPRODUCT((CÁLCULO!$M$15:$M$110=EVENTOS!$C49)*(OFFSET(CÁLCULO!$AI$15:$AI$110,0,I$13))),2),0)","v":0},{"$f":"IF(AUTOEVENTO=\"Manual\",ROUND(SUMPRODUCT((CÁLCULO!$M$15:$M$110=EVENTOS!$C49)*(OFFSET(CÁLCULO!$AI$15:$AI$110,0,J$13))),2),0)","v":0},{"$f":"IF(AUTOEVENTO=\"Manual\",ROUND(SUMPRODUCT((CÁLCULO!$M$15:$M$110=EVENTOS!$C49)*(OFFSET(CÁLCULO!$AI$15:$AI$110,0,K$13))),2),0)","v":0},{"$f":"IF(AUTOEVENTO=\"Manual\",ROUND(SUMPRODUCT((CÁLCULO!$M$15:$M$110=EVENTOS!$C49)*(OFFSET(CÁLCULO!$AI$15:$AI$110,0,L$13))),2),0)","v":0},{"$f":"IF(AUTOEVENTO=\"Manual\",ROUND(SUMPRODUCT((CÁLCULO!$M$15:$M$110=EVENTOS!$C49)*(OFFSET(CÁLCULO!$AI$15:$AI$110,0,M$13))),2),0)","v":0},{"$f":"IF(AUTOEVENTO=\"Manual\",ROUND(SUMPRODUCT((CÁLCULO!$M$15:$M$110=EVENTOS!$C49)*(OFFSET(CÁLCULO!$AI$15:$AI$110,0,N$13))),2),0)","v":0},{"$f":"IF(AUTOEVENTO=\"Manual\",ROUND(SUMPRODUCT((CÁLCULO!$M$15:$M$110=EVENTOS!$C49)*(OFFSET(CÁLCULO!$AI$15:$AI$110,0,O$13))),2),0)","v":0},{"$f":"IF(AUTOEVENTO=\"Manual\",ROUND(SUMPRODUCT((CÁLCULO!$M$15:$M$110=EVENTOS!$C49)*(OFFSET(CÁLCULO!$AI$15:$AI$110,0,P$13))),2),0)","v":0},{"$f":"IF(AUTOEVENTO=\"Manual\",ROUND(SUMPRODUCT((CÁLCULO!$M$15:$M$110=EVENTOS!$C49)*(OFFSET(CÁLCULO!$AI$15:$AI$110,0,Q$13))),2),0)","v":0},{"$f":"IF(AUTOEVENTO=\"Manual\",ROUND(SUMPRODUCT((CÁLCULO!$M$15:$M$110=EVENTOS!$C49)*(OFFSET(CÁLCULO!$AI$15:$AI$110,0,R$13))),2),0)","v":0},{"$f":"IF(AUTOEVENTO=\"Manual\",ROUND(SUMPRODUCT((CÁLCULO!$M$15:$M$110=EVENTOS!$C49)*(OFFSET(CÁLCULO!$AI$15:$AI$110,0,S$13))),2),0)","v":0},{"$f":"IF(AUTOEVENTO=\"Manual\",ROUND(SUMPRODUCT((CÁLCULO!$M$15:$M$110=EVENTOS!$C49)*(OFFSET(CÁLCULO!$AI$15:$AI$110,0,T$13))),2),0)","v":0},{"$f":"IF(AUTOEVENTO=\"Manual\",ROUND(SUMPRODUCT((CÁLCULO!$M$15:$M$110=EVENTOS!$C49)*(OFFSET(CÁLCULO!$AI$15:$AI$110,0,U$13))),2),0)","v":0},{"$f":"IF(AUTOEVENTO=\"Manual\",ROUND(SUMPRODUCT((CÁLCULO!$M$15:$M$110=EVENTOS!$C49)*(OFFSET(CÁLCULO!$AI$15:$AI$110,0,V$13))),2),0)","v":0},{"$f":"IF(AUTOEVENTO=\"Manual\",ROUND(SUMPRODUCT((CÁLCULO!$M$15:$M$110=EVENTOS!$C49)*(OFFSET(CÁLCULO!$AI$15:$AI$110,0,W$13))),2),0)","v":0},{"$f":"IF(AUTOEVENTO=\"Manual\",ROUND(SUMPRODUCT((CÁLCULO!$M$15:$M$110=EVENTOS!$C49)*(OFFSET(CÁLCULO!$AI$15:$AI$110,0,X$13))),2),0)","v":0},{"$f":"IF(AUTOEVENTO=\"Manual\",ROUND(SUMPRODUCT((CÁLCULO!$M$15:$M$110=EVENTOS!$C49)*(OFFSET(CÁLCULO!$AI$15:$AI$110,0,Y$13))),2),0)","v":0}]
["","",{"$f":"IF(OR(ROW(C50)=ROW(EVENTOS.firstrow)+1,AND(OFFSET(C50,-1,0)<>\" \",OFFSET(C50,-1,1)<>\"\")),OFFSET(C50,-1,0)+1,\" \")","v":" "},null,{"$f":"IF(AUTOEVENTO=\"Manual\",ROUND(SUMPRODUCT((CÁLCULO!$M$15:$M$110=EVENTOS!$C50)*(OFFSET(CÁLCULO!$AI$15:$AI$110,0,E$13))),2),0)","v":0},{"$f":"IF(AUTOEVENTO=\"Manual\",ROUND(SUMPRODUCT((CÁLCULO!$M$15:$M$110=EVENTOS!$C50)*(OFFSET(CÁLCULO!$AI$15,0,1):OFFSET(CÁLCULO!$BB$110,0,-1))),2),0)","v":0},"",{"$f":"IF(AUTOEVENTO=\"Manual\",ROUND(SUMPRODUCT((CÁLCULO!$M$15:$M$110=EVENTOS!$C50)*(OFFSET(CÁLCULO!$AI$15:$AI$110,0,H$13))),2),0)","v":0},{"$f":"IF(AUTOEVENTO=\"Manual\",ROUND(SUMPRODUCT((CÁLCULO!$M$15:$M$110=EVENTOS!$C50)*(OFFSET(CÁLCULO!$AI$15:$AI$110,0,I$13))),2),0)","v":0},{"$f":"IF(AUTOEVENTO=\"Manual\",ROUND(SUMPRODUCT((CÁLCULO!$M$15:$M$110=EVENTOS!$C50)*(OFFSET(CÁLCULO!$AI$15:$AI$110,0,J$13))),2),0)","v":0},{"$f":"IF(AUTOEVENTO=\"Manual\",ROUND(SUMPRODUCT((CÁLCULO!$M$15:$M$110=EVENTOS!$C50)*(OFFSET(CÁLCULO!$AI$15:$AI$110,0,K$13))),2),0)","v":0},{"$f":"IF(AUTOEVENTO=\"Manual\",ROUND(SUMPRODUCT((CÁLCULO!$M$15:$M$110=EVENTOS!$C50)*(OFFSET(CÁLCULO!$AI$15:$AI$110,0,L$13))),2),0)","v":0},{"$f":"IF(AUTOEVENTO=\"Manual\",ROUND(SUMPRODUCT((CÁLCULO!$M$15:$M$110=EVENTOS!$C50)*(OFFSET(CÁLCULO!$AI$15:$AI$110,0,M$13))),2),0)","v":0},{"$f":"IF(AUTOEVENTO=\"Manual\",ROUND(SUMPRODUCT((CÁLCULO!$M$15:$M$110=EVENTOS!$C50)*(OFFSET(CÁLCULO!$AI$15:$AI$110,0,N$13))),2),0)","v":0},{"$f":"IF(AUTOEVENTO=\"Manual\",ROUND(SUMPRODUCT((CÁLCULO!$M$15:$M$110=EVENTOS!$C50)*(OFFSET(CÁLCULO!$AI$15:$AI$110,0,O$13))),2),0)","v":0},{"$f":"IF(AUTOEVENTO=\"Manual\",ROUND(SUMPRODUCT((CÁLCULO!$M$15:$M$110=EVENTOS!$C50)*(OFFSET(CÁLCULO!$AI$15:$AI$110,0,P$13))),2),0)","v":0},{"$f":"IF(AUTOEVENTO=\"Manual\",ROUND(SUMPRODUCT((CÁLCULO!$M$15:$M$110=EVENTOS!$C50)*(OFFSET(CÁLCULO!$AI$15:$AI$110,0,Q$13))),2),0)","v":0},{"$f":"IF(AUTOEVENTO=\"Manual\",ROUND(SUMPRODUCT((CÁLCULO!$M$15:$M$110=EVENTOS!$C50)*(OFFSET(CÁLCULO!$AI$15:$AI$110,0,R$13))),2),0)","v":0},{"$f":"IF(AUTOEVENTO=\"Manual\",ROUND(SUMPRODUCT((CÁLCULO!$M$15:$M$110=EVENTOS!$C50)*(OFFSET(CÁLCULO!$AI$15:$AI$110,0,S$13))),2),0)","v":0},{"$f":"IF(AUTOEVENTO=\"Manual\",ROUND(SUMPRODUCT((CÁLCULO!$M$15:$M$110=EVENTOS!$C50)*(OFFSET(CÁLCULO!$AI$15:$AI$110,0,T$13))),2),0)","v":0},{"$f":"IF(AUTOEVENTO=\"Manual\",ROUND(SUMPRODUCT((CÁLCULO!$M$15:$M$110=EVENTOS!$C50)*(OFFSET(CÁLCULO!$AI$15:$AI$110,0,U$13))),2),0)","v":0},{"$f":"IF(AUTOEVENTO=\"Manual\",ROUND(SUMPRODUCT((CÁLCULO!$M$15:$M$110=EVENTOS!$C50)*(OFFSET(CÁLCULO!$AI$15:$AI$110,0,V$13))),2),0)","v":0},{"$f":"IF(AUTOEVENTO=\"Manual\",ROUND(SUMPRODUCT((CÁLCULO!$M$15:$M$110=EVENTOS!$C50)*(OFFSET(CÁLCULO!$AI$15:$AI$110,0,W$13))),2),0)","v":0},{"$f":"IF(AUTOEVENTO=\"Manual\",ROUND(SUMPRODUCT((CÁLCULO!$M$15:$M$110=EVENTOS!$C50)*(OFFSET(CÁLCULO!$AI$15:$AI$110,0,X$13))),2),0)","v":0},{"$f":"IF(AUTOEVENTO=\"Manual\",ROUND(SUMPRODUCT((CÁLCULO!$M$15:$M$110=EVENTOS!$C50)*(OFFSET(CÁLCULO!$AI$15:$AI$110,0,Y$13))),2),0)","v":0}]
["","",{"$f":"IF(OR(ROW(C51)=ROW(EVENTOS.firstrow)+1,AND(OFFSET(C51,-1,0)<>\" \",OFFSET(C51,-1,1)<>\"\")),OFFSET(C51,-1,0)+1,\" \")","v":" "},null,{"$f":"IF(AUTOEVENTO=\"Manual\",ROUND(SUMPRODUCT((CÁLCULO!$M$15:$M$110=EVENTOS!$C51)*(OFFSET(CÁLCULO!$AI$15:$AI$110,0,E$13))),2),0)","v":0},{"$f":"IF(AUTOEVENTO=\"Manual\",ROUND(SUMPRODUCT((CÁLCULO!$M$15:$M$110=EVENTOS!$C51)*(OFFSET(CÁLCULO!$AI$15,0,1):OFFSET(CÁLCULO!$BB$110,0,-1))),2),0)","v":0},"",{"$f":"IF(AUTOEVENTO=\"Manual\",ROUND(SUMPRODUCT((CÁLCULO!$M$15:$M$110=EVENTOS!$C51)*(OFFSET(CÁLCULO!$AI$15:$AI$110,0,H$13))),2),0)","v":0},{"$f":"IF(AUTOEVENTO=\"Manual\",ROUND(SUMPRODUCT((CÁLCULO!$M$15:$M$110=EVENTOS!$C51)*(OFFSET(CÁLCULO!$AI$15:$AI$110,0,I$13))),2),0)","v":0},{"$f":"IF(AUTOEVENTO=\"Manual\",ROUND(SUMPRODUCT((CÁLCULO!$M$15:$M$110=EVENTOS!$C51)*(OFFSET(CÁLCULO!$AI$15:$AI$110,0,J$13))),2),0)","v":0},{"$f":"IF(AUTOEVENTO=\"Manual\",ROUND(SUMPRODUCT((CÁLCULO!$M$15:$M$110=EVENTOS!$C51)*(OFFSET(CÁLCULO!$AI$15:$AI$110,0,K$13))),2),0)","v":0},{"$f":"IF(AUTOEVENTO=\"Manual\",ROUND(SUMPRODUCT((CÁLCULO!$M$15:$M$110=EVENTOS!$C51)*(OFFSET(CÁLCULO!$AI$15:$AI$110,0,L$13))),2),0)","v":0},{"$f":"IF(AUTOEVENTO=\"Manual\",ROUND(SUMPRODUCT((CÁLCULO!$M$15:$M$110=EVENTOS!$C51)*(OFFSET(CÁLCULO!$AI$15:$AI$110,0,M$13))),2),0)","v":0},{"$f":"IF(AUTOEVENTO=\"Manual\",ROUND(SUMPRODUCT((CÁLCULO!$M$15:$M$110=EVENTOS!$C51)*(OFFSET(CÁLCULO!$AI$15:$AI$110,0,N$13))),2),0)","v":0},{"$f":"IF(AUTOEVENTO=\"Manual\",ROUND(SUMPRODUCT((CÁLCULO!$M$15:$M$110=EVENTOS!$C51)*(OFFSET(CÁLCULO!$AI$15:$AI$110,0,O$13))),2),0)","v":0},{"$f":"IF(AUTOEVENTO=\"Manual\",ROUND(SUMPRODUCT((CÁLCULO!$M$15:$M$110=EVENTOS!$C51)*(OFFSET(CÁLCULO!$AI$15:$AI$110,0,P$13))),2),0)","v":0},{"$f":"IF(AUTOEVENTO=\"Manual\",ROUND(SUMPRODUCT((CÁLCULO!$M$15:$M$110=EVENTOS!$C51)*(OFFSET(CÁLCULO!$AI$15:$AI$110,0,Q$13))),2),0)","v":0},{"$f":"IF(AUTOEVENTO=\"Manual\",ROUND(SUMPRODUCT((CÁLCULO!$M$15:$M$110=EVENTOS!$C51)*(OFFSET(CÁLCULO!$AI$15:$AI$110,0,R$13))),2),0)","v":0},{"$f":"IF(AUTOEVENTO=\"Manual\",ROUND(SUMPRODUCT((CÁLCULO!$M$15:$M$110=EVENTOS!$C51)*(OFFSET(CÁLCULO!$AI$15:$AI$110,0,S$13))),2),0)","v":0},{"$f":"IF(AUTOEVENTO=\"Manual\",ROUND(SUMPRODUCT((CÁLCULO!$M$15:$M$110=EVENTOS!$C51)*(OFFSET(CÁLCULO!$AI$15:$AI$110,0,T$13))),2),0)","v":0},{"$f":"IF(AUTOEVENTO=\"Manual\",ROUND(SUMPRODUCT((CÁLCULO!$M$15:$M$110=EVENTOS!$C51)*(OFFSET(CÁLCULO!$AI$15:$AI$110,0,U$13))),2),0)","v":0},{"$f":"IF(AUTOEVENTO=\"Manual\",ROUND(SUMPRODUCT((CÁLCULO!$M$15:$M$110=EVENTOS!$C51)*(OFFSET(CÁLCULO!$AI$15:$AI$110,0,V$13))),2),0)","v":0},{"$f":"IF(AUTOEVENTO=\"Manual\",ROUND(SUMPRODUCT((CÁLCULO!$M$15:$M$110=EVENTOS!$C51)*(OFFSET(CÁLCULO!$AI$15:$AI$110,0,W$13))),2),0)","v":0},{"$f":"IF(AUTOEVENTO=\"Manual\",ROUND(SUMPRODUCT((CÁLCULO!$M$15:$M$110=EVENTOS!$C51)*(OFFSET(CÁLCULO!$AI$15:$AI$110,0,X$13))),2),0)","v":0},{"$f":"IF(AUTOEVENTO=\"Manual\",ROUND(SUMPRODUCT((CÁLCULO!$M$15:$M$110=EVENTOS!$C51)*(OFFSET(CÁLCULO!$AI$15:$AI$110,0,Y$13))),2),0)","v":0}]
["","",{"$f":"IF(OR(ROW(C52)=ROW(EVENTOS.firstrow)+1,AND(OFFSET(C52,-1,0)<>\" \",OFFSET(C52,-1,1)<>\"\")),OFFSET(C52,-1,0)+1,\" \")","v":" "},null,{"$f":"IF(AUTOEVENTO=\"Manual\",ROUND(SUMPRODUCT((CÁLCULO!$M$15:$M$110=EVENTOS!$C52)*(OFFSET(CÁLCULO!$AI$15:$AI$110,0,E$13))),2),0)","v":0},{"$f":"IF(AUTOEVENTO=\"Manual\",ROUND(SUMPRODUCT((CÁLCULO!$M$15:$M$110=EVENTOS!$C52)*(OFFSET(CÁLCULO!$AI$15,0,1):OFFSET(CÁLCULO!$BB$110,0,-1))),2),0)","v":0},"",{"$f":"IF(AUTOEVENTO=\"Manual\",ROUND(SUMPRODUCT((CÁLCULO!$M$15:$M$110=EVENTOS!$C52)*(OFFSET(CÁLCULO!$AI$15:$AI$110,0,H$13))),2),0)","v":0},{"$f":"IF(AUTOEVENTO=\"Manual\",ROUND(SUMPRODUCT((CÁLCULO!$M$15:$M$110=EVENTOS!$C52)*(OFFSET(CÁLCULO!$AI$15:$AI$110,0,I$13))),2),0)","v":0},{"$f":"IF(AUTOEVENTO=\"Manual\",ROUND(SUMPRODUCT((CÁLCULO!$M$15:$M$110=EVENTOS!$C52)*(OFFSET(CÁLCULO!$AI$15:$AI$110,0,J$13))),2),0)","v":0},{"$f":"IF(AUTOEVENTO=\"Manual\",ROUND(SUMPRODUCT((CÁLCULO!$M$15:$M$110=EVENTOS!$C52)*(OFFSET(CÁLCULO!$AI$15:$AI$110,0,K$13))),2),0)","v":0},{"$f":"IF(AUTOEVENTO=\"Manual\",ROUND(SUMPRODUCT((CÁLCULO!$M$15:$M$110=EVENTOS!$C52)*(OFFSET(CÁLCULO!$AI$15:$AI$110,0,L$13))),2),0)","v":0},{"$f":"IF(AUTOEVENTO=\"Manual\",ROUND(SUMPRODUCT((CÁLCULO!$M$15:$M$110=EVENTOS!$C52)*(OFFSET(CÁLCULO!$AI$15:$AI$110,0,M$13))),2),0)","v":0},{"$f":"IF(AUTOEVENTO=\"Manual\",ROUND(SUMPRODUCT((CÁLCULO!$M$15:$M$110=EVENTOS!$C52)*(OFFSET(CÁLCULO!$AI$15:$AI$110,0,N$13))),2),0)","v":0},{"$f":"IF(AUTOEVENTO=\"Manual\",ROUND(SUMPRODUCT((CÁLCULO!$M$15:$M$110=EVENTOS!$C52)*(OFFSET(CÁLCULO!$AI$15:$AI$110,0,O$13))),2),0)","v":0},{"$f":"IF(AUTOEVENTO=\"Manual\",ROUND(SUMPRODUCT((CÁLCULO!$M$15:$M$110=EVENTOS!$C52)*(OFFSET(CÁLCULO!$AI$15:$AI$110,0,P$13))),2),0)","v":0},{"$f":"IF(AUTOEVENTO=\"Manual\",ROUND(SUMPRODUCT((CÁLCULO!$M$15:$M$110=EVENTOS!$C52)*(OFFSET(CÁLCULO!$AI$15:$AI$110,0,Q$13))),2),0)","v":0},{"$f":"IF(AUTOEVENTO=\"Manual\",ROUND(SUMPRODUCT((CÁLCULO!$M$15:$M$110=EVENTOS!$C52)*(OFFSET(CÁLCULO!$AI$15:$AI$110,0,R$13))),2),0)","v":0},{"$f":"IF(AUTOEVENTO=\"Manual\",ROUND(SUMPRODUCT((CÁLCULO!$M$15:$M$110=EVENTOS!$C52)*(OFFSET(CÁLCULO!$AI$15:$AI$110,0,S$13))),2),0)","v":0},{"$f":"IF(AUTOEVENTO=\"Manual\",ROUND(SUMPRODUCT((CÁLCULO!$M$15:$M$110=EVENTOS!$C52)*(OFFSET(CÁLCULO!$AI$15:$AI$110,0,T$13))),2),0)","v":0},{"$f":"IF(AUTOEVENTO=\"Manual\",ROUND(SUMPRODUCT((CÁLCULO!$M$15:$M$110=EVENTOS!$C52)*(OFFSET(CÁLCULO!$AI$15:$AI$110,0,U$13))),2),0)","v":0},{"$f":"IF(AUTOEVENTO=\"Manual\",ROUND(SUMPRODUCT((CÁLCULO!$M$15:$M$110=EVENTOS!$C52)*(OFFSET(CÁLCULO!$AI$15:$AI$110,0,V$13))),2),0)","v":0},{"$f":"IF(AUTOEVENTO=\"Manual\",ROUND(SUMPRODUCT((CÁLCULO!$M$15:$M$110=EVENTOS!$C52)*(OFFSET(CÁLCULO!$AI$15:$AI$110,0,W$13))),2),0)","v":0},{"$f":"IF(AUTOEVENTO=\"Manual\",ROUND(SUMPRODUCT((CÁLCULO!$M$15:$M$110=EVENTOS!$C52)*(OFFSET(CÁLCULO!$AI$15:$AI$110,0,X$13))),2),0)","v":0},{"$f":"IF(AUTOEVENTO=\"Manual\",ROUND(SUMPRODUCT((CÁLCULO!$M$15:$M$110=EVENTOS!$C52)*(OFFSET(CÁLCULO!$AI$15:$AI$110,0,Y$13))),2),0)","v":0}]
["","",{"$f":"IF(OR(ROW(C53)=ROW(EVENTOS.firstrow)+1,AND(OFFSET(C53,-1,0)<>\" \",OFFSET(C53,-1,1)<>\"\")),OFFSET(C53,-1,0)+1,\" \")","v":" "},null,{"$f":"IF(AUTOEVENTO=\"Manual\",ROUND(SUMPRODUCT((CÁLCULO!$M$15:$M$110=EVENTOS!$C53)*(OFFSET(CÁLCULO!$AI$15:$AI$110,0,E$13))),2),0)","v":0},{"$f":"IF(AUTOEVENTO=\"Manual\",ROUND(SUMPRODUCT((CÁLCULO!$M$15:$M$110=EVENTOS!$C53)*(OFFSET(CÁLCULO!$AI$15,0,1):OFFSET(CÁLCULO!$BB$110,0,-1))),2),0)","v":0},"",{"$f":"IF(AUTOEVENTO=\"Manual\",ROUND(SUMPRODUCT((CÁLCULO!$M$15:$M$110=EVENTOS!$C53)*(OFFSET(CÁLCULO!$AI$15:$AI$110,0,H$13))),2),0)","v":0},{"$f":"IF(AUTOEVENTO=\"Manual\",ROUND(SUMPRODUCT((CÁLCULO!$M$15:$M$110=EVENTOS!$C53)*(OFFSET(CÁLCULO!$AI$15:$AI$110,0,I$13))),2),0)","v":0},{"$f":"IF(AUTOEVENTO=\"Manual\",ROUND(SUMPRODUCT((CÁLCULO!$M$15:$M$110=EVENTOS!$C53)*(OFFSET(CÁLCULO!$AI$15:$AI$110,0,J$13))),2),0)","v":0},{"$f":"IF(AUTOEVENTO=\"Manual\",ROUND(SUMPRODUCT((CÁLCULO!$M$15:$M$110=EVENTOS!$C53)*(OFFSET(CÁLCULO!$AI$15:$AI$110,0,K$13))),2),0)","v":0},{"$f":"IF(AUTOEVENTO=\"Manual\",ROUND(SUMPRODUCT((CÁLCULO!$M$15:$M$110=EVENTOS!$C53)*(OFFSET(CÁLCULO!$AI$15:$AI$110,0,L$13))),2),0)","v":0},{"$f":"IF(AUTOEVENTO=\"Manual\",ROUND(SUMPRODUCT((CÁLCULO!$M$15:$M$110=EVENTOS!$C53)*(OFFSET(CÁLCULO!$AI$15:$AI$110,0,M$13))),2),0)","v":0},{"$f":"IF(AUTOEVENTO=\"Manual\",ROUND(SUMPRODUCT((CÁLCULO!$M$15:$M$110=EVENTOS!$C53)*(OFFSET(CÁLCULO!$AI$15:$AI$110,0,N$13))),2),0)","v":0},{"$f":"IF(AUTOEVENTO=\"Manual\",ROUND(SUMPRODUCT((CÁLCULO!$M$15:$M$110=EVENTOS!$C53)*(OFFSET(CÁLCULO!$AI$15:$AI$110,0,O$13))),2),0)","v":0},{"$f":"IF(AUTOEVENTO=\"Manual\",ROUND(SUMPRODUCT((CÁLCULO!$M$15:$M$110=EVENTOS!$C53)*(OFFSET(CÁLCULO!$AI$15:$AI$110,0,P$13))),2),0)","v":0},{"$f":"IF(AUTOEVENTO=\"Manual\",ROUND(SUMPRODUCT((CÁLCULO!$M$15:$M$110=EVENTOS!$C53)*(OFFSET(CÁLCULO!$AI$15:$AI$110,0,Q$13))),2),0)","v":0},{"$f":"IF(AUTOEVENTO=\"Manual\",ROUND(SUMPRODUCT((CÁLCULO!$M$15:$M$110=EVENTOS!$C53)*(OFFSET(CÁLCULO!$AI$15:$AI$110,0,R$13))),2),0)","v":0},{"$f":"IF(AUTOEVENTO=\"Manual\",ROUND(SUMPRODUCT((CÁLCULO!$M$15:$M$110=EVENTOS!$C53)*(OFFSET(CÁLCULO!$AI$15:$AI$110,0,S$13))),2),0)","v":0},{"$f":"IF(AUTOEVENTO=\"Manual\",ROUND(SUMPRODUCT((CÁLCULO!$M$15:$M$110=EVENTOS!$C53)*(OFFSET(CÁLCULO!$AI$15:$AI$110,0,T$13))),2),0)","v":0},{"$f":"IF(AUTOEVENTO=\"Manual\",ROUND(SUMPRODUCT((CÁLCULO!$M$15:$M$110=EVENTOS!$C53)*(OFFSET(CÁLCULO!$AI$15:$AI$110,0,U$13))),2),0)","v":0},{"$f":"IF(AUTOEVENTO=\"Manual\",ROUND(SUMPRODUCT((CÁLCULO!$M$15:$M$110=EVENTOS!$C53)*(OFFSET(CÁLCULO!$AI$15:$AI$110,0,V$13))),2),0)","v":0},{"$f":"IF(AUTOEVENTO=\"Manual\",ROUND(SUMPRODUCT((CÁLCULO!$M$15:$M$110=EVENTOS!$C53)*(OFFSET(CÁLCULO!$AI$15:$AI$110,0,W$13))),2),0)","v":0},{"$f":"IF(AUTOEVENTO=\"Manual\",ROUND(SUMPRODUCT((CÁLCULO!$M$15:$M$110=EVENTOS!$C53)*(OFFSET(CÁLCULO!$AI$15:$AI$110,0,X$13))),2),0)","v":0},{"$f":"IF(AUTOEVENTO=\"Manual\",ROUND(SUMPRODUCT((CÁLCULO!$M$15:$M$110=EVENTOS!$C53)*(OFFSET(CÁLCULO!$AI$15:$AI$110,0,Y$13))),2),0)","v":0}]
["","",{"$f":"IF(OR(ROW(C54)=ROW(EVENTOS.firstrow)+1,AND(OFFSET(C54,-1,0)<>\" \",OFFSET(C54,-1,1)<>\"\")),OFFSET(C54,-1,0)+1,\" \")","v":" "},null,{"$f":"IF(AUTOEVENTO=\"Manual\",ROUND(SUMPRODUCT((CÁLCULO!$M$15:$M$110=EVENTOS!$C54)*(OFFSET(CÁLCULO!$AI$15:$AI$110,0,E$13))),2),0)","v":0},{"$f":"IF(AUTOEVENTO=\"Manual\",ROUND(SUMPRODUCT((CÁLCULO!$M$15:$M$110=EVENTOS!$C54)*(OFFSET(CÁLCULO!$AI$15,0,1):OFFSET(CÁLCULO!$BB$110,0,-1))),2),0)","v":0},"",{"$f":"IF(AUTOEVENTO=\"Manual\",ROUND(SUMPRODUCT((CÁLCULO!$M$15:$M$110=EVENTOS!$C54)*(OFFSET(CÁLCULO!$AI$15:$AI$110,0,H$13))),2),0)","v":0},{"$f":"IF(AUTOEVENTO=\"Manual\",ROUND(SUMPRODUCT((CÁLCULO!$M$15:$M$110=EVENTOS!$C54)*(OFFSET(CÁLCULO!$AI$15:$AI$110,0,I$13))),2),0)","v":0},{"$f":"IF(AUTOEVENTO=\"Manual\",ROUND(SUMPRODUCT((CÁLCULO!$M$15:$M$110=EVENTOS!$C54)*(OFFSET(CÁLCULO!$AI$15:$AI$110,0,J$13))),2),0)","v":0},{"$f":"IF(AUTOEVENTO=\"Manual\",ROUND(SUMPRODUCT((CÁLCULO!$M$15:$M$110=EVENTOS!$C54)*(OFFSET(CÁLCULO!$AI$15:$AI$110,0,K$13))),2),0)","v":0},{"$f":"IF(AUTOEVENTO=\"Manual\",ROUND(SUMPRODUCT((CÁLCULO!$M$15:$M$110=EVENTOS!$C54)*(OFFSET(CÁLCULO!$AI$15:$AI$110,0,L$13))),2),0)","v":0},{"$f":"IF(AUTOEVENTO=\"Manual\",ROUND(SUMPRODUCT((CÁLCULO!$M$15:$M$110=EVENTOS!$C54)*(OFFSET(CÁLCULO!$AI$15:$AI$110,0,M$13))),2),0)","v":0},{"$f":"IF(AUTOEVENTO=\"Manual\",ROUND(SUMPRODUCT((CÁLCULO!$M$15:$M$110=EVENTOS!$C54)*(OFFSET(CÁLCULO!$AI$15:$AI$110,0,N$13))),2),0)","v":0},{"$f":"IF(AUTOEVENTO=\"Manual\",ROUND(SUMPRODUCT((CÁLCULO!$M$15:$M$110=EVENTOS!$C54)*(OFFSET(CÁLCULO!$AI$15:$AI$110,0,O$13))),2),0)","v":0},{"$f":"IF(AUTOEVENTO=\"Manual\",ROUND(SUMPRODUCT((CÁLCULO!$M$15:$M$110=EVENTOS!$C54)*(OFFSET(CÁLCULO!$AI$15:$AI$110,0,P$13))),2),0)","v":0},{"$f":"IF(AUTOEVENTO=\"Manual\",ROUND(SUMPRODUCT((CÁLCULO!$M$15:$M$110=EVENTOS!$C54)*(OFFSET(CÁLCULO!$AI$15:$AI$110,0,Q$13))),2),0)","v":0},{"$f":"IF(AUTOEVENTO=\"Manual\",ROUND(SUMPRODUCT((CÁLCULO!$M$15:$M$110=EVENTOS!$C54)*(OFFSET(CÁLCULO!$AI$15:$AI$110,0,R$13))),2),0)","v":0},{"$f":"IF(AUTOEVENTO=\"Manual\",ROUND(SUMPRODUCT((CÁLCULO!$M$15:$M$110=EVENTOS!$C54)*(OFFSET(CÁLCULO!$AI$15:$AI$110,0,S$13))),2),0)","v":0},{"$f":"IF(AUTOEVENTO=\"Manual\",ROUND(SUMPRODUCT((CÁLCULO!$M$15:$M$110=EVENTOS!$C54)*(OFFSET(CÁLCULO!$AI$15:$AI$110,0,T$13))),2),0)","v":0},{"$f":"IF(AUTOEVENTO=\"Manual\",ROUND(SUMPRODUCT((CÁLCULO!$M$15:$M$110=EVENTOS!$C54)*(OFFSET(CÁLCULO!$AI$15:$AI$110,0,U$13))),2),0)","v":0},{"$f":"IF(AUTOEVENTO=\"Manual\",ROUND(SUMPRODUCT((CÁLCULO!$M$15:$M$110=EVENTOS!$C54)*(OFFSET(CÁLCULO!$AI$15:$AI$110,0,V$13))),2),0)","v":0},{"$f":"IF(AUTOEVENTO=\"Manual\",ROUND(SUMPRODUCT((CÁLCULO!$M$15:$M$110=EVENTOS!$C54)*(OFFSET(CÁLCULO!$AI$15:$AI$110,0,W$13))),2),0)","v":0},{"$f":"IF(AUTOEVENTO=\"Manual\",ROUND(SUMPRODUCT((CÁLCULO!$M$15:$M$110=EVENTOS!$C54)*(OFFSET(CÁLCULO!$AI$15:$AI$110,0,X$13))),2),0)","v":0},{"$f":"IF(AUTOEVENTO=\"Manual\",ROUND(SUMPRODUCT((CÁLCULO!$M$15:$M$110=EVENTOS!$C54)*(OFFSET(CÁLCULO!$AI$15:$AI$110,0,Y$13))),2),0)","v":0}]
["","",{"$f":"IF(OR(ROW(C55)=ROW(EVENTOS.firstrow)+1,AND(OFFSET(C55,-1,0)<>\" \",OFFSET(C55,-1,1)<>\"\")),OFFSET(C55,-1,0)+1,\" \")","v":" "},null,{"$f":"IF(AUTOEVENTO=\"Manual\",ROUND(SUMPRODUCT((CÁLCULO!$M$15:$M$110=EVENTOS!$C55)*(OFFSET(CÁLCULO!$AI$15:$AI$110,0,E$13))),2),0)","v":0},{"$f":"IF(AUTOEVENTO=\"Manual\",ROUND(SUMPRODUCT((CÁLCULO!$M$15:$M$110=EVENTOS!$C55)*(OFFSET(CÁLCULO!$AI$15,0,1):OFFSET(CÁLCULO!$BB$110,0,-1))),2),0)","v":0},"",{"$f":"IF(AUTOEVENTO=\"Manual\",ROUND(SUMPRODUCT((CÁLCULO!$M$15:$M$110=EVENTOS!$C55)*(OFFSET(CÁLCULO!$AI$15:$AI$110,0,H$13))),2),0)","v":0},{"$f":"IF(AUTOEVENTO=\"Manual\",ROUND(SUMPRODUCT((CÁLCULO!$M$15:$M$110=EVENTOS!$C55)*(OFFSET(CÁLCULO!$AI$15:$AI$110,0,I$13))),2),0)","v":0},{"$f":"IF(AUTOEVENTO=\"Manual\",ROUND(SUMPRODUCT((CÁLCULO!$M$15:$M$110=EVENTOS!$C55)*(OFFSET(CÁLCULO!$AI$15:$AI$110,0,J$13))),2),0)","v":0},{"$f":"IF(AUTOEVENTO=\"Manual\",ROUND(SUMPRODUCT((CÁLCULO!$M$15:$M$110=EVENTOS!$C55)*(OFFSET(CÁLCULO!$AI$15:$AI$110,0,K$13))),2),0)","v":0},{"$f":"IF(AUTOEVENTO=\"Manual\",ROUND(SUMPRODUCT((CÁLCULO!$M$15:$M$110=EVENTOS!$C55)*(OFFSET(CÁLCULO!$AI$15:$AI$110,0,L$13))),2),0)","v":0},{"$f":"IF(AUTOEVENTO=\"Manual\",ROUND(SUMPRODUCT((CÁLCULO!$M$15:$M$110=EVENTOS!$C55)*(OFFSET(CÁLCULO!$AI$15:$AI$110,0,M$13))),2),0)","v":0},{"$f":"IF(AUTOEVENTO=\"Manual\",ROUND(SUMPRODUCT((CÁLCULO!$M$15:$M$110=EVENTOS!$C55)*(OFFSET(CÁLCULO!$AI$15:$AI$110,0,N$13))),2),0)","v":0},{"$f":"IF(AUTOEVENTO=\"Manual\",ROUND(SUMPRODUCT((CÁLCULO!$M$15:$M$110=EVENTOS!$C55)*(OFFSET(CÁLCULO!$AI$15:$AI$110,0,O$13))),2),0)","v":0},{"$f":"IF(AUTOEVENTO=\"Manual\",ROUND(SUMPRODUCT((CÁLCULO!$M$15:$M$110=EVENTOS!$C55)*(OFFSET(CÁLCULO!$AI$15:$AI$110,0,P$13))),2),0)","v":0},{"$f":"IF(AUTOEVENTO=\"Manual\",ROUND(SUMPRODUCT((CÁLCULO!$M$15:$M$110=EVENTOS!$C55)*(OFFSET(CÁLCULO!$AI$15:$AI$110,0,Q$13))),2),0)","v":0},{"$f":"IF(AUTOEVENTO=\"Manual\",ROUND(SUMPRODUCT((CÁLCULO!$M$15:$M$110=EVENTOS!$C55)*(OFFSET(CÁLCULO!$AI$15:$AI$110,0,R$13))),2),0)","v":0},{"$f":"IF(AUTOEVENTO=\"Manual\",ROUND(SUMPRODUCT((CÁLCULO!$M$15:$M$110=EVENTOS!$C55)*(OFFSET(CÁLCULO!$AI$15:$AI$110,0,S$13))),2),0)","v":0},{"$f":"IF(AUTOEVENTO=\"Manual\",ROUND(SUMPRODUCT((CÁLCULO!$M$15:$M$110=EVENTOS!$C55)*(OFFSET(CÁLCULO!$AI$15:$AI$110,0,T$13))),2),0)","v":0},{"$f":"IF(AUTOEVENTO=\"Manual\",ROUND(SUMPRODUCT((CÁLCULO!$M$15:$M$110=EVENTOS!$C55)*(OFFSET(CÁLCULO!$AI$15:$AI$110,0,U$13))),2),0)","v":0},{"$f":"IF(AUTOEVENTO=\"Manual\",ROUND(SUMPRODUCT((CÁLCULO!$M$15:$M$110=EVENTOS!$C55)*(OFFSET(CÁLCULO!$AI$15:$AI$110,0,V$13))),2),0)","v":0},{"$f":"IF(AUTOEVENTO=\"Manual\",ROUND(SUMPRODUCT((CÁLCULO!$M$15:$M$110=EVENTOS!$C55)*(OFFSET(CÁLCULO!$AI$15:$AI$110,0,W$13))),2),0)","v":0},{"$f":"IF(AUTOEVENTO=\"Manual\",ROUND(SUMPRODUCT((CÁLCULO!$M$15:$M$110=EVENTOS!$C55)*(OFFSET(CÁLCULO!$AI$15:$AI$110,0,X$13))),2),0)","v":0},{"$f":"IF(AUTOEVENTO=\"Manual\",ROUND(SUMPRODUCT((CÁLCULO!$M$15:$M$110=EVENTOS!$C55)*(OFFSET(CÁLCULO!$AI$15:$AI$110,0,Y$13))),2),0)","v":0}]
["","",{"$f":"IF(OR(ROW(C56)=ROW(EVENTOS.firstrow)+1,AND(OFFSET(C56,-1,0)<>\" \",OFFSET(C56,-1,1)<>\"\")),OFFSET(C56,-1,0)+1,\" \")","v":" "},null,{"$f":"IF(AUTOEVENTO=\"Manual\",ROUND(SUMPRODUCT((CÁLCULO!$M$15:$M$110=EVENTOS!$C56)*(OFFSET(CÁLCULO!$AI$15:$AI$110,0,E$13))),2),0)","v":0},{"$f":"IF(AUTOEVENTO=\"Manual\",ROUND(SUMPRODUCT((CÁLCULO!$M$15:$M$110=EVENTOS!$C56)*(OFFSET(CÁLCULO!$AI$15,0,1):OFFSET(CÁLCULO!$BB$110,0,-1))),2),0)","v":0},"",{"$f":"IF(AUTOEVENTO=\"Manual\",ROUND(SUMPRODUCT((CÁLCULO!$M$15:$M$110=EVENTOS!$C56)*(OFFSET(CÁLCULO!$AI$15:$AI$110,0,H$13))),2),0)","v":0},{"$f":"IF(AUTOEVENTO=\"Manual\",ROUND(SUMPRODUCT((CÁLCULO!$M$15:$M$110=EVENTOS!$C56)*(OFFSET(CÁLCULO!$AI$15:$AI$110,0,I$13))),2),0)","v":0},{"$f":"IF(AUTOEVENTO=\"Manual\",ROUND(SUMPRODUCT((CÁLCULO!$M$15:$M$110=EVENTOS!$C56)*(OFFSET(CÁLCULO!$AI$15:$AI$110,0,J$13))),2),0)","v":0},{"$f":"IF(AUTOEVENTO=\"Manual\",ROUND(SUMPRODUCT((CÁLCULO!$M$15:$M$110=EVENTOS!$C56)*(OFFSET(CÁLCULO!$AI$15:$AI$110,0,K$13))),2),0)","v":0},{"$f":"IF(AUTOEVENTO=\"Manual\",ROUND(SUMPRODUCT((CÁLCULO!$M$15:$M$110=EVENTOS!$C56)*(OFFSET(CÁLCULO!$AI$15:$AI$110,0,L$13))),2),0)","v":0},{"$f":"IF(AUTOEVENTO=\"Manual\",ROUND(SUMPRODUCT((CÁLCULO!$M$15:$M$110=EVENTOS!$C56)*(OFFSET(CÁLCULO!$AI$15:$AI$110,0,M$13))),2),0)","v":0},{"$f":"IF(AUTOEVENTO=\"Manual\",ROUND(SUMPRODUCT((CÁLCULO!$M$15:$M$110=EVENTOS!$C56)*(OFFSET(CÁLCULO!$AI$15:$AI$110,0,N$13))),2),0)","v":0},{"$f":"IF(AUTOEVENTO=\"Manual\",ROUND(SUMPRODUCT((CÁLCULO!$M$15:$M$110=EVENTOS!$C56)*(OFFSET(CÁLCULO!$AI$15:$AI$110,0,O$13))),2),0)","v":0},{"$f":"IF(AUTOEVENTO=\"Manual\",ROUND(SUMPRODUCT((CÁLCULO!$M$15:$M$110=EVENTOS!$C56)*(OFFSET(CÁLCULO!$AI$15:$AI$110,0,P$13))),2),0)","v":0},{"$f":"IF(AUTOEVENTO=\"Manual\",ROUND(SUMPRODUCT((CÁLCULO!$M$15:$M$110=EVENTOS!$C56)*(OFFSET(CÁLCULO!$AI$15:$AI$110,0,Q$13))),2),0)","v":0},{"$f":"IF(AUTOEVENTO=\"Manual\",ROUND(SUMPRODUCT((CÁLCULO!$M$15:$M$110=EVENTOS!$C56)*(OFFSET(CÁLCULO!$AI$15:$AI$110,0,R$13))),2),0)","v":0},{"$f":"IF(AUTOEVENTO=\"Manual\",ROUND(SUMPRODUCT((CÁLCULO!$M$15:$M$110=EVENTOS!$C56)*(OFFSET(CÁLCULO!$AI$15:$AI$110,0,S$13))),2),0)","v":0},{"$f":"IF(AUTOEVENTO=\"Manual\",ROUND(SUMPRODUCT((CÁLCULO!$M$15:$M$110=EVENTOS!$C56)*(OFFSET(CÁLCULO!$AI$15:$AI$110,0,T$13))),2),0)","v":0},{"$f":"IF(AUTOEVENTO=\"Manual\",ROUND(SUMPRODUCT((CÁLCULO!$M$15:$M$110=EVENTOS!$C56)*(OFFSET(CÁLCULO!$AI$15:$AI$110,0,U$13))),2),0)","v":0},{"$f":"IF(AUTOEVENTO=\"Manual\",ROUND(SUMPRODUCT((CÁLCULO!$M$15:$M$110=EVENTOS!$C56)*(OFFSET(CÁLCULO!$AI$15:$AI$110,0,V$13))),2),0)","v":0},{"$f":"IF(AUTOEVENTO=\"Manual\",ROUND(SUMPRODUCT((CÁLCULO!$M$15:$M$110=EVENTOS!$C56)*(OFFSET(CÁLCULO!$AI$15:$AI$110,0,W$13))),2),0)","v":0},{"$f":"IF(AUTOEVENTO=\"Manual\",ROUND(SUMPRODUCT((CÁLCULO!$M$15:$M$110=EVENTOS!$C56)*(OFFSET(CÁLCULO!$AI$15:$AI$110,0,X$13))),2),0)","v":0},{"$f":"IF(AUTOEVENTO=\"Manual\",ROUND(SUMPRODUCT((CÁLCULO!$M$15:$M$110=EVENTOS!$C56)*(OFFSET(CÁLCULO!$AI$15:$AI$110,0,Y$13))),2),0)","v":0}]
["","",{"$f":"IF(OR(ROW(C57)=ROW(EVENTOS.firstrow)+1,AND(OFFSET(C57,-1,0)<>\" \",OFFSET(C57,-1,1)<>\"\")),OFFSET(C57,-1,0)+1,\" \")","v":" "},null,{"$f":"IF(AUTOEVENTO=\"Manual\",ROUND(SUMPRODUCT((CÁLCULO!$M$15:$M$110=EVENTOS!$C57)*(OFFSET(CÁLCULO!$AI$15:$AI$110,0,E$13))),2),0)","v":0},{"$f":"IF(AUTOEVENTO=\"Manual\",ROUND(SUMPRODUCT((CÁLCULO!$M$15:$M$110=EVENTOS!$C57)*(OFFSET(CÁLCULO!$AI$15,0,1):OFFSET(CÁLCULO!$BB$110,0,-1))),2),0)","v":0},"",{"$f":"IF(AUTOEVENTO=\"Manual\",ROUND(SUMPRODUCT((CÁLCULO!$M$15:$M$110=EVENTOS!$C57)*(OFFSET(CÁLCULO!$AI$15:$AI$110,0,H$13))),2),0)","v":0},{"$f":"IF(AUTOEVENTO=\"Manual\",ROUND(SUMPRODUCT((CÁLCULO!$M$15:$M$110=EVENTOS!$C57)*(OFFSET(CÁLCULO!$AI$15:$AI$110,0,I$13))),2),0)","v":0},{"$f":"IF(AUTOEVENTO=\"Manual\",ROUND(SUMPRODUCT((CÁLCULO!$M$15:$M$110=EVENTOS!$C57)*(OFFSET(CÁLCULO!$AI$15:$AI$110,0,J$13))),2),0)","v":0},{"$f":"IF(AUTOEVENTO=\"Manual\",ROUND(SUMPRODUCT((CÁLCULO!$M$15:$M$110=EVENTOS!$C57)*(OFFSET(CÁLCULO!$AI$15:$AI$110,0,K$13))),2),0)","v":0},{"$f":"IF(AUTOEVENTO=\"Manual\",ROUND(SUMPRODUCT((CÁLCULO!$M$15:$M$110=EVENTOS!$C57)*(OFFSET(CÁLCULO!$AI$15:$AI$110,0,L$13))),2),0)","v":0},{"$f":"IF(AUTOEVENTO=\"Manual\",ROUND(SUMPRODUCT((CÁLCULO!$M$15:$M$110=EVENTOS!$C57)*(OFFSET(CÁLCULO!$AI$15:$AI$110,0,M$13))),2),0)","v":0},{"$f":"IF(AUTOEVENTO=\"Manual\",ROUND(SUMPRODUCT((CÁLCULO!$M$15:$M$110=EVENTOS!$C57)*(OFFSET(CÁLCULO!$AI$15:$AI$110,0,N$13))),2),0)","v":0},{"$f":"IF(AUTOEVENTO=\"Manual\",ROUND(SUMPRODUCT((CÁLCULO!$M$15:$M$110=EVENTOS!$C57)*(OFFSET(CÁLCULO!$AI$15:$AI$110,0,O$13))),2),0)","v":0},{"$f":"IF(AUTOEVENTO=\"Manual\",ROUND(SUMPRODUCT((CÁLCULO!$M$15:$M$110=EVENTOS!$C57)*(OFFSET(CÁLCULO!$AI$15:$AI$110,0,P$13))),2),0)","v":0},{"$f":"IF(AUTOEVENTO=\"Manual\",ROUND(SUMPRODUCT((CÁLCULO!$M$15:$M$110=EVENTOS!$C57)*(OFFSET(CÁLCULO!$AI$15:$AI$110,0,Q$13))),2),0)","v":0},{"$f":"IF(AUTOEVENTO=\"Manual\",ROUND(SUMPRODUCT((CÁLCULO!$M$15:$M$110=EVENTOS!$C57)*(OFFSET(CÁLCULO!$AI$15:$AI$110,0,R$13))),2),0)","v":0},{"$f":"IF(AUTOEVENTO=\"Manual\",ROUND(SUMPRODUCT((CÁLCULO!$M$15:$M$110=EVENTOS!$C57)*(OFFSET(CÁLCULO!$AI$15:$AI$110,0,S$13))),2),0)","v":0},{"$f":"IF(AUTOEVENTO=\"Manual\",ROUND(SUMPRODUCT((CÁLCULO!$M$15:$M$110=EVENTOS!$C57)*(OFFSET(CÁLCULO!$AI$15:$AI$110,0,T$13))),2),0)","v":0},{"$f":"IF(AUTOEVENTO=\"Manual\",ROUND(SUMPRODUCT((CÁLCULO!$M$15:$M$110=EVENTOS!$C57)*(OFFSET(CÁLCULO!$AI$15:$AI$110,0,U$13))),2),0)","v":0},{"$f":"IF(AUTOEVENTO=\"Manual\",ROUND(SUMPRODUCT((CÁLCULO!$M$15:$M$110=EVENTOS!$C57)*(OFFSET(CÁLCULO!$AI$15:$AI$110,0,V$13))),2),0)","v":0},{"$f":"IF(AUTOEVENTO=\"Manual\",ROUND(SUMPRODUCT((CÁLCULO!$M$15:$M$110=EVENTOS!$C57)*(OFFSET(CÁLCULO!$AI$15:$AI$110,0,W$13))),2),0)","v":0},{"$f":"IF(AUTOEVENTO=\"Manual\",ROUND(SUMPRODUCT((CÁLCULO!$M$15:$M$110=EVENTOS!$C57)*(OFFSET(CÁLCULO!$AI$15:$AI$110,0,X$13))),2),0)","v":0},{"$f":"IF(AUTOEVENTO=\"Manual\",ROUND(SUMPRODUCT((CÁLCULO!$M$15:$M$110=EVENTOS!$C57)*(OFFSET(CÁLCULO!$AI$15:$AI$110,0,Y$13))),2),0)","v":0}]
["","",{"$f":"IF(OR(ROW(C58)=ROW(EVENTOS.firstrow)+1,AND(OFFSET(C58,-1,0)<>\" \",OFFSET(C58,-1,1)<>\"\")),OFFSET(C58,-1,0)+1,\" \")","v":" "},null,{"$f":"IF(AUTOEVENTO=\"Manual\",ROUND(SUMPRODUCT((CÁLCULO!$M$15:$M$110=EVENTOS!$C58)*(OFFSET(CÁLCULO!$AI$15:$AI$110,0,E$13))),2),0)","v":0},{"$f":"IF(AUTOEVENTO=\"Manual\",ROUND(SUMPRODUCT((CÁLCULO!$M$15:$M$110=EVENTOS!$C58)*(OFFSET(CÁLCULO!$AI$15,0,1):OFFSET(CÁLCULO!$BB$110,0,-1))),2),0)","v":0},"",{"$f":"IF(AUTOEVENTO=\"Manual\",ROUND(SUMPRODUCT((CÁLCULO!$M$15:$M$110=EVENTOS!$C58)*(OFFSET(CÁLCULO!$AI$15:$AI$110,0,H$13))),2),0)","v":0},{"$f":"IF(AUTOEVENTO=\"Manual\",ROUND(SUMPRODUCT((CÁLCULO!$M$15:$M$110=EVENTOS!$C58)*(OFFSET(CÁLCULO!$AI$15:$AI$110,0,I$13))),2),0)","v":0},{"$f":"IF(AUTOEVENTO=\"Manual\",ROUND(SUMPRODUCT((CÁLCULO!$M$15:$M$110=EVENTOS!$C58)*(OFFSET(CÁLCULO!$AI$15:$AI$110,0,J$13))),2),0)","v":0},{"$f":"IF(AUTOEVENTO=\"Manual\",ROUND(SUMPRODUCT((CÁLCULO!$M$15:$M$110=EVENTOS!$C58)*(OFFSET(CÁLCULO!$AI$15:$AI$110,0,K$13))),2),0)","v":0},{"$f":"IF(AUTOEVENTO=\"Manual\",ROUND(SUMPRODUCT((CÁLCULO!$M$15:$M$110=EVENTOS!$C58)*(OFFSET(CÁLCULO!$AI$15:$AI$110,0,L$13))),2),0)","v":0},{"$f":"IF(AUTOEVENTO=\"Manual\",ROUND(SUMPRODUCT((CÁLCULO!$M$15:$M$110=EVENTOS!$C58)*(OFFSET(CÁLCULO!$AI$15:$AI$110,0,M$13))),2),0)","v":0},{"$f":"IF(AUTOEVENTO=\"Manual\",ROUND(SUMPRODUCT((CÁLCULO!$M$15:$M$110=EVENTOS!$C58)*(OFFSET(CÁLCULO!$AI$15:$AI$110,0,N$13))),2),0)","v":0},{"$f":"IF(AUTOEVENTO=\"Manual\",ROUND(SUMPRODUCT((CÁLCULO!$M$15:$M$110=EVENTOS!$C58)*(OFFSET(CÁLCULO!$AI$15:$AI$110,0,O$13))),2),0)","v":0},{"$f":"IF(AUTOEVENTO=\"Manual\",ROUND(SUMPRODUCT((CÁLCULO!$M$15:$M$110=EVENTOS!$C58)*(OFFSET(CÁLCULO!$AI$15:$AI$110,0,P$13))),2),0)","v":0},{"$f":"IF(AUTOEVENTO=\"Manual\",ROUND(SUMPRODUCT((CÁLCULO!$M$15:$M$110=EVENTOS!$C58)*(OFFSET(CÁLCULO!$AI$15:$AI$110,0,Q$13))),2),0)","v":0},{"$f":"IF(AUTOEVENTO=\"Manual\",ROUND(SUMPRODUCT((CÁLCULO!$M$15:$M$110=EVENTOS!$C58)*(OFFSET(CÁLCULO!$AI$15:$AI$110,0,R$13))),2),0)","v":0},{"$f":"IF(AUTOEVENTO=\"Manual\",ROUND(SUMPRODUCT((CÁLCULO!$M$15:$M$110=EVENTOS!$C58)*(OFFSET(CÁLCULO!$AI$15:$AI$110,0,S$13))),2),0)","v":0},{"$f":"IF(AUTOEVENTO=\"Manual\",ROUND(SUMPRODUCT((CÁLCULO!$M$15:$M$110=EVENTOS!$C58)*(OFFSET(CÁLCULO!$AI$15:$AI$110,0,T$13))),2),0)","v":0},{"$f":"IF(AUTOEVENTO=\"Manual\",ROUND(SUMPRODUCT((CÁLCULO!$M$15:$M$110=EVENTOS!$C58)*(OFFSET(CÁLCULO!$AI$15:$AI$110,0,U$13))),2),0)","v":0},{"$f":"IF(AUTOEVENTO=\"Manual\",ROUND(SUMPRODUCT((CÁLCULO!$M$15:$M$110=EVENTOS!$C58)*(OFFSET(CÁLCULO!$AI$15:$AI$110,0,V$13))),2),0)","v":0},{"$f":"IF(AUTOEVENTO=\"Manual\",ROUND(SUMPRODUCT((CÁLCULO!$M$15:$M$110=EVENTOS!$C58)*(OFFSET(CÁLCULO!$AI$15:$AI$110,0,W$13))),2),0)","v":0},{"$f":"IF(AUTOEVENTO=\"Manual\",ROUND(SUMPRODUCT((CÁLCULO!$M$15:$M$110=EVENTOS!$C58)*(OFFSET(CÁLCULO!$AI$15:$AI$110,0,X$13))),2),0)","v":0},{"$f":"IF(AUTOEVENTO=\"Manual\",ROUND(SUMPRODUCT((CÁLCULO!$M$15:$M$110=EVENTOS!$C58)*(OFFSET(CÁLCULO!$AI$15:$AI$110,0,Y$13))),2),0)","v":0}]
["","",{"$f":"IF(OR(ROW(C59)=ROW(EVENTOS.firstrow)+1,AND(OFFSET(C59,-1,0)<>\" \",OFFSET(C59,-1,1)<>\"\")),OFFSET(C59,-1,0)+1,\" \")","v":" "},null,{"$f":"IF(AUTOEVENTO=\"Manual\",ROUND(SUMPRODUCT((CÁLCULO!$M$15:$M$110=EVENTOS!$C59)*(OFFSET(CÁLCULO!$AI$15:$AI$110,0,E$13))),2),0)","v":0},{"$f":"IF(AUTOEVENTO=\"Manual\",ROUND(SUMPRODUCT((CÁLCULO!$M$15:$M$110=EVENTOS!$C59)*(OFFSET(CÁLCULO!$AI$15,0,1):OFFSET(CÁLCULO!$BB$110,0,-1))),2),0)","v":0},"",{"$f":"IF(AUTOEVENTO=\"Manual\",ROUND(SUMPRODUCT((CÁLCULO!$M$15:$M$110=EVENTOS!$C59)*(OFFSET(CÁLCULO!$AI$15:$AI$110,0,H$13))),2),0)","v":0},{"$f":"IF(AUTOEVENTO=\"Manual\",ROUND(SUMPRODUCT((CÁLCULO!$M$15:$M$110=EVENTOS!$C59)*(OFFSET(CÁLCULO!$AI$15:$AI$110,0,I$13))),2),0)","v":0},{"$f":"IF(AUTOEVENTO=\"Manual\",ROUND(SUMPRODUCT((CÁLCULO!$M$15:$M$110=EVENTOS!$C59)*(OFFSET(CÁLCULO!$AI$15:$AI$110,0,J$13))),2),0)","v":0},{"$f":"IF(AUTOEVENTO=\"Manual\",ROUND(SUMPRODUCT((CÁLCULO!$M$15:$M$110=EVENTOS!$C59)*(OFFSET(CÁLCULO!$AI$15:$AI$110,0,K$13))),2),0)","v":0},{"$f":"IF(AUTOEVENTO=\"Manual\",ROUND(SUMPRODUCT((CÁLCULO!$M$15:$M$110=EVENTOS!$C59)*(OFFSET(CÁLCULO!$AI$15:$AI$110,0,L$13))),2),0)","v":0},{"$f":"IF(AUTOEVENTO=\"Manual\",ROUND(SUMPRODUCT((CÁLCULO!$M$15:$M$110=EVENTOS!$C59)*(OFFSET(CÁLCULO!$AI$15:$AI$110,0,M$13))),2),0)","v":0},{"$f":"IF(AUTOEVENTO=\"Manual\",ROUND(SUMPRODUCT((CÁLCULO!$M$15:$M$110=EVENTOS!$C59)*(OFFSET(CÁLCULO!$AI$15:$AI$110,0,N$13))),2),0)","v":0},{"$f":"IF(AUTOEVENTO=\"Manual\",ROUND(SUMPRODUCT((CÁLCULO!$M$15:$M$110=EVENTOS!$C59)*(OFFSET(CÁLCULO!$AI$15:$AI$110,0,O$13))),2),0)","v":0},{"$f":"IF(AUTOEVENTO=\"Manual\",ROUND(SUMPRODUCT((CÁLCULO!$M$15:$M$110=EVENTOS!$C59)*(OFFSET(CÁLCULO!$AI$15:$AI$110,0,P$13))),2),0)","v":0},{"$f":"IF(AUTOEVENTO=\"Manual\",ROUND(SUMPRODUCT((CÁLCULO!$M$15:$M$110=EVENTOS!$C59)*(OFFSET(CÁLCULO!$AI$15:$AI$110,0,Q$13))),2),0)","v":0},{"$f":"IF(AUTOEVENTO=\"Manual\",ROUND(SUMPRODUCT((CÁLCULO!$M$15:$M$110=EVENTOS!$C59)*(OFFSET(CÁLCULO!$AI$15:$AI$110,0,R$13))),2),0)","v":0},{"$f":"IF(AUTOEVENTO=\"Manual\",ROUND(SUMPRODUCT((CÁLCULO!$M$15:$M$110=EVENTOS!$C59)*(OFFSET(CÁLCULO!$AI$15:$AI$110,0,S$13))),2),0)","v":0},{"$f":"IF(AUTOEVENTO=\"Manual\",ROUND(SUMPRODUCT((CÁLCULO!$M$15:$M$110=EVENTOS!$C59)*(OFFSET(CÁLCULO!$AI$15:$AI$110,0,T$13))),2),0)","v":0},{"$f":"IF(AUTOEVENTO=\"Manual\",ROUND(SUMPRODUCT((CÁLCULO!$M$15:$M$110=EVENTOS!$C59)*(OFFSET(CÁLCULO!$AI$15:$AI$110,0,U$13))),2),0)","v":0},{"$f":"IF(AUTOEVENTO=\"Manual\",ROUND(SUMPRODUCT((CÁLCULO!$M$15:$M$110=EVENTOS!$C59)*(OFFSET(CÁLCULO!$AI$15:$AI$110,0,V$13))),2),0)","v":0},{"$f":"IF(AUTOEVENTO=\"Manual\",ROUND(SUMPRODUCT((CÁLCULO!$M$15:$M$110=EVENTOS!$C59)*(OFFSET(CÁLCULO!$AI$15:$AI$110,0,W$13))),2),0)","v":0},{"$f":"IF(AUTOEVENTO=\"Manual\",ROUND(SUMPRODUCT((CÁLCULO!$M$15:$M$110=EVENTOS!$C59)*(OFFSET(CÁLCULO!$AI$15:$AI$110,0,X$13))),2),0)","v":0},{"$f":"IF(AUTOEVENTO=\"Manual\",ROUND(SUMPRODUCT((CÁLCULO!$M$15:$M$110=EVENTOS!$C59)*(OFFSET(CÁLCULO!$AI$15:$AI$110,0,Y$13))),2),0)","v":0}]
["","",{"$f":"IF(OR(ROW(C60)=ROW(EVENTOS.firstrow)+1,AND(OFFSET(C60,-1,0)<>\" \",OFFSET(C60,-1,1)<>\"\")),OFFSET(C60,-1,0)+1,\" \")","v":" "},null,{"$f":"IF(AUTOEVENTO=\"Manual\",ROUND(SUMPRODUCT((CÁLCULO!$M$15:$M$110=EVENTOS!$C60)*(OFFSET(CÁLCULO!$AI$15:$AI$110,0,E$13))),2),0)","v":0},{"$f":"IF(AUTOEVENTO=\"Manual\",ROUND(SUMPRODUCT((CÁLCULO!$M$15:$M$110=EVENTOS!$C60)*(OFFSET(CÁLCULO!$AI$15,0,1):OFFSET(CÁLCULO!$BB$110,0,-1))),2),0)","v":0},"",{"$f":"IF(AUTOEVENTO=\"Manual\",ROUND(SUMPRODUCT((CÁLCULO!$M$15:$M$110=EVENTOS!$C60)*(OFFSET(CÁLCULO!$AI$15:$AI$110,0,H$13))),2),0)","v":0},{"$f":"IF(AUTOEVENTO=\"Manual\",ROUND(SUMPRODUCT((CÁLCULO!$M$15:$M$110=EVENTOS!$C60)*(OFFSET(CÁLCULO!$AI$15:$AI$110,0,I$13))),2),0)","v":0},{"$f":"IF(AUTOEVENTO=\"Manual\",ROUND(SUMPRODUCT((CÁLCULO!$M$15:$M$110=EVENTOS!$C60)*(OFFSET(CÁLCULO!$AI$15:$AI$110,0,J$13))),2),0)","v":0},{"$f":"IF(AUTOEVENTO=\"Manual\",ROUND(SUMPRODUCT((CÁLCULO!$M$15:$M$110=EVENTOS!$C60)*(OFFSET(CÁLCULO!$AI$15:$AI$110,0,K$13))),2),0)","v":0},{"$f":"IF(AUTOEVENTO=\"Manual\",ROUND(SUMPRODUCT((CÁLCULO!$M$15:$M$110=EVENTOS!$C60)*(OFFSET(CÁLCULO!$AI$15:$AI$110,0,L$13))),2),0)","v":0},{"$f":"IF(AUTOEVENTO=\"Manual\",ROUND(SUMPRODUCT((CÁLCULO!$M$15:$M$110=EVENTOS!$C60)*(OFFSET(CÁLCULO!$AI$15:$AI$110,0,M$13))),2),0)","v":0},{"$f":"IF(AUTOEVENTO=\"Manual\",ROUND(SUMPRODUCT((CÁLCULO!$M$15:$M$110=EVENTOS!$C60)*(OFFSET(CÁLCULO!$AI$15:$AI$110,0,N$13))),2),0)","v":0},{"$f":"IF(AUTOEVENTO=\"Manual\",ROUND(SUMPRODUCT((CÁLCULO!$M$15:$M$110=EVENTOS!$C60)*(OFFSET(CÁLCULO!$AI$15:$AI$110,0,O$13))),2),0)","v":0},{"$f":"IF(AUTOEVENTO=\"Manual\",ROUND(SUMPRODUCT((CÁLCULO!$M$15:$M$110=EVENTOS!$C60)*(OFFSET(CÁLCULO!$AI$15:$AI$110,0,P$13))),2),0)","v":0},{"$f":"IF(AUTOEVENTO=\"Manual\",ROUND(SUMPRODUCT((CÁLCULO!$M$15:$M$110=EVENTOS!$C60)*(OFFSET(CÁLCULO!$AI$15:$AI$110,0,Q$13))),2),0)","v":0},{"$f":"IF(AUTOEVENTO=\"Manual\",ROUND(SUMPRODUCT((CÁLCULO!$M$15:$M$110=EVENTOS!$C60)*(OFFSET(CÁLCULO!$AI$15:$AI$110,0,R$13))),2),0)","v":0},{"$f":"IF(AUTOEVENTO=\"Manual\",ROUND(SUMPRODUCT((CÁLCULO!$M$15:$M$110=EVENTOS!$C60)*(OFFSET(CÁLCULO!$AI$15:$AI$110,0,S$13))),2),0)","v":0},{"$f":"IF(AUTOEVENTO=\"Manual\",ROUND(SUMPRODUCT((CÁLCULO!$M$15:$M$110=EVENTOS!$C60)*(OFFSET(CÁLCULO!$AI$15:$AI$110,0,T$13))),2),0)","v":0},{"$f":"IF(AUTOEVENTO=\"Manual\",ROUND(SUMPRODUCT((CÁLCULO!$M$15:$M$110=EVENTOS!$C60)*(OFFSET(CÁLCULO!$AI$15:$AI$110,0,U$13))),2),0)","v":0},{"$f":"IF(AUTOEVENTO=\"Manual\",ROUND(SUMPRODUCT((CÁLCULO!$M$15:$M$110=EVENTOS!$C60)*(OFFSET(CÁLCULO!$AI$15:$AI$110,0,V$13))),2),0)","v":0},{"$f":"IF(AUTOEVENTO=\"Manual\",ROUND(SUMPRODUCT((CÁLCULO!$M$15:$M$110=EVENTOS!$C60)*(OFFSET(CÁLCULO!$AI$15:$AI$110,0,W$13))),2),0)","v":0},{"$f":"IF(AUTOEVENTO=\"Manual\",ROUND(SUMPRODUCT((CÁLCULO!$M$15:$M$110=EVENTOS!$C60)*(OFFSET(CÁLCULO!$AI$15:$AI$110,0,X$13))),2),0)","v":0},{"$f":"IF(AUTOEVENTO=\"Manual\",ROUND(SUMPRODUCT((CÁLCULO!$M$15:$M$110=EVENTOS!$C60)*(OFFSET(CÁLCULO!$AI$15:$AI$110,0,Y$13))),2),0)","v":0}]
["","",{"$f":"IF(OR(ROW(C61)=ROW(EVENTOS.firstrow)+1,AND(OFFSET(C61,-1,0)<>\" \",OFFSET(C61,-1,1)<>\"\")),OFFSET(C61,-1,0)+1,\" \")","v":" "},null,{"$f":"IF(AUTOEVENTO=\"Manual\",ROUND(SUMPRODUCT((CÁLCULO!$M$15:$M$110=EVENTOS!$C61)*(OFFSET(CÁLCULO!$AI$15:$AI$110,0,E$13))),2),0)","v":0},{"$f":"IF(AUTOEVENTO=\"Manual\",ROUND(SUMPRODUCT((CÁLCULO!$M$15:$M$110=EVENTOS!$C61)*(OFFSET(CÁLCULO!$AI$15,0,1):OFFSET(CÁLCULO!$BB$110,0,-1))),2),0)","v":0},"",{"$f":"IF(AUTOEVENTO=\"Manual\",ROUND(SUMPRODUCT((CÁLCULO!$M$15:$M$110=EVENTOS!$C61)*(OFFSET(CÁLCULO!$AI$15:$AI$110,0,H$13))),2),0)","v":0},{"$f":"IF(AUTOEVENTO=\"Manual\",ROUND(SUMPRODUCT((CÁLCULO!$M$15:$M$110=EVENTOS!$C61)*(OFFSET(CÁLCULO!$AI$15:$AI$110,0,I$13))),2),0)","v":0},{"$f":"IF(AUTOEVENTO=\"Manual\",ROUND(SUMPRODUCT((CÁLCULO!$M$15:$M$110=EVENTOS!$C61)*(OFFSET(CÁLCULO!$AI$15:$AI$110,0,J$13))),2),0)","v":0},{"$f":"IF(AUTOEVENTO=\"Manual\",ROUND(SUMPRODUCT((CÁLCULO!$M$15:$M$110=EVENTOS!$C61)*(OFFSET(CÁLCULO!$AI$15:$AI$110,0,K$13))),2),0)","v":0},{"$f":"IF(AUTOEVENTO=\"Manual\",ROUND(SUMPRODUCT((CÁLCULO!$M$15:$M$110=EVENTOS!$C61)*(OFFSET(CÁLCULO!$AI$15:$AI$110,0,L$13))),2),0)","v":0},{"$f":"IF(AUTOEVENTO=\"Manual\",ROUND(SUMPRODUCT((CÁLCULO!$M$15:$M$110=EVENTOS!$C61)*(OFFSET(CÁLCULO!$AI$15:$AI$110,0,M$13))),2),0)","v":0},{"$f":"IF(AUTOEVENTO=\"Manual\",ROUND(SUMPRODUCT((CÁLCULO!$M$15:$M$110=EVENTOS!$C61)*(OFFSET(CÁLCULO!$AI$15:$AI$110,0,N$13))),2),0)","v":0},{"$f":"IF(AUTOEVENTO=\"Manual\",ROUND(SUMPRODUCT((CÁLCULO!$M$15:$M$110=EVENTOS!$C61)*(OFFSET(CÁLCULO!$AI$15:$AI$110,0,O$13))),2),0)","v":0},{"$f":"IF(AUTOEVENTO=\"Manual\",ROUND(SUMPRODUCT((CÁLCULO!$M$15:$M$110=EVENTOS!$C61)*(OFFSET(CÁLCULO!$AI$15:$AI$110,0,P$13))),2),0)","v":0},{"$f":"IF(AUTOEVENTO=\"Manual\",ROUND(SUMPRODUCT((CÁLCULO!$M$15:$M$110=EVENTOS!$C61)*(OFFSET(CÁLCULO!$AI$15:$AI$110,0,Q$13))),2),0)","v":0},{"$f":"IF(AUTOEVENTO=\"Manual\",ROUND(SUMPRODUCT((CÁLCULO!$M$15:$M$110=EVENTOS!$C61)*(OFFSET(CÁLCULO!$AI$15:$AI$110,0,R$13))),2),0)","v":0},{"$f":"IF(AUTOEVENTO=\"Manual\",ROUND(SUMPRODUCT((CÁLCULO!$M$15:$M$110=EVENTOS!$C61)*(OFFSET(CÁLCULO!$AI$15:$AI$110,0,S$13))),2),0)","v":0},{"$f":"IF(AUTOEVENTO=\"Manual\",ROUND(SUMPRODUCT((CÁLCULO!$M$15:$M$110=EVENTOS!$C61)*(OFFSET(CÁLCULO!$AI$15:$AI$110,0,T$13))),2),0)","v":0},{"$f":"IF(AUTOEVENTO=\"Manual\",ROUND(SUMPRODUCT((CÁLCULO!$M$15:$M$110=EVENTOS!$C61)*(OFFSET(CÁLCULO!$AI$15:$AI$110,0,U$13))),2),0)","v":0},{"$f":"IF(AUTOEVENTO=\"Manual\",ROUND(SUMPRODUCT((CÁLCULO!$M$15:$M$110=EVENTOS!$C61)*(OFFSET(CÁLCULO!$AI$15:$AI$110,0,V$13))),2),0)","v":0},{"$f":"IF(AUTOEVENTO=\"Manual\",ROUND(SUMPRODUCT((CÁLCULO!$M$15:$M$110=EVENTOS!$C61)*(OFFSET(CÁLCULO!$AI$15:$AI$110,0,W$13))),2),0)","v":0},{"$f":"IF(AUTOEVENTO=\"Manual\",ROUND(SUMPRODUCT((CÁLCULO!$M$15:$M$110=EVENTOS!$C61)*(OFFSET(CÁLCULO!$AI$15:$AI$110,0,X$13))),2),0)","v":0},{"$f":"IF(AUTOEVENTO=\"Manual\",ROUND(SUMPRODUCT((CÁLCULO!$M$15:$M$110=EVENTOS!$C61)*(OFFSET(CÁLCULO!$AI$15:$AI$110,0,Y$13))),2),0)","v":0}]
["","",{"$f":"IF(OR(ROW(C62)=ROW(EVENTOS.firstrow)+1,AND(OFFSET(C62,-1,0)<>\" \",OFFSET(C62,-1,1)<>\"\")),OFFSET(C62,-1,0)+1,\" \")","v":" "},null,{"$f":"IF(AUTOEVENTO=\"Manual\",ROUND(SUMPRODUCT((CÁLCULO!$M$15:$M$110=EVENTOS!$C62)*(OFFSET(CÁLCULO!$AI$15:$AI$110,0,E$13))),2),0)","v":0},{"$f":"IF(AUTOEVENTO=\"Manual\",ROUND(SUMPRODUCT((CÁLCULO!$M$15:$M$110=EVENTOS!$C62)*(OFFSET(CÁLCULO!$AI$15,0,1):OFFSET(CÁLCULO!$BB$110,0,-1))),2),0)","v":0},"",{"$f":"IF(AUTOEVENTO=\"Manual\",ROUND(SUMPRODUCT((CÁLCULO!$M$15:$M$110=EVENTOS!$C62)*(OFFSET(CÁLCULO!$AI$15:$AI$110,0,H$13))),2),0)","v":0},{"$f":"IF(AUTOEVENTO=\"Manual\",ROUND(SUMPRODUCT((CÁLCULO!$M$15:$M$110=EVENTOS!$C62)*(OFFSET(CÁLCULO!$AI$15:$AI$110,0,I$13))),2),0)","v":0},{"$f":"IF(AUTOEVENTO=\"Manual\",ROUND(SUMPRODUCT((CÁLCULO!$M$15:$M$110=EVENTOS!$C62)*(OFFSET(CÁLCULO!$AI$15:$AI$110,0,J$13))),2),0)","v":0},{"$f":"IF(AUTOEVENTO=\"Manual\",ROUND(SUMPRODUCT((CÁLCULO!$M$15:$M$110=EVENTOS!$C62)*(OFFSET(CÁLCULO!$AI$15:$AI$110,0,K$13))),2),0)","v":0},{"$f":"IF(AUTOEVENTO=\"Manual\",ROUND(SUMPRODUCT((CÁLCULO!$M$15:$M$110=EVENTOS!$C62)*(OFFSET(CÁLCULO!$AI$15:$AI$110,0,L$13))),2),0)","v":0},{"$f":"IF(AUTOEVENTO=\"Manual\",ROUND(SUMPRODUCT((CÁLCULO!$M$15:$M$110=EVENTOS!$C62)*(OFFSET(CÁLCULO!$AI$15:$AI$110,0,M$13))),2),0)","v":0},{"$f":"IF(AUTOEVENTO=\"Manual\",ROUND(SUMPRODUCT((CÁLCULO!$M$15:$M$110=EVENTOS!$C62)*(OFFSET(CÁLCULO!$AI$15:$AI$110,0,N$13))),2),0)","v":0},{"$f":"IF(AUTOEVENTO=\"Manual\",ROUND(SUMPRODUCT((CÁLCULO!$M$15:$M$110=EVENTOS!$C62)*(OFFSET(CÁLCULO!$AI$15:$AI$110,0,O$13))),2),0)","v":0},{"$f":"IF(AUTOEVENTO=\"Manual\",ROUND(SUMPRODUCT((CÁLCULO!$M$15:$M$110=EVENTOS!$C62)*(OFFSET(CÁLCULO!$AI$15:$AI$110,0,P$13))),2),0)","v":0},{"$f":"IF(AUTOEVENTO=\"Manual\",ROUND(SUMPRODUCT((CÁLCULO!$M$15:$M$110=EVENTOS!$C62)*(OFFSET(CÁLCULO!$AI$15:$AI$110,0,Q$13))),2),0)","v":0},{"$f":"IF(AUTOEVENTO=\"Manual\",ROUND(SUMPRODUCT((CÁLCULO!$M$15:$M$110=EVENTOS!$C62)*(OFFSET(CÁLCULO!$AI$15:$AI$110,0,R$13))),2),0)","v":0},{"$f":"IF(AUTOEVENTO=\"Manual\",ROUND(SUMPRODUCT((CÁLCULO!$M$15:$M$110=EVENTOS!$C62)*(OFFSET(CÁLCULO!$AI$15:$AI$110,0,S$13))),2),0)","v":0},{"$f":"IF(AUTOEVENTO=\"Manual\",ROUND(SUMPRODUCT((CÁLCULO!$M$15:$M$110=EVENTOS!$C62)*(OFFSET(CÁLCULO!$AI$15:$AI$110,0,T$13))),2),0)","v":0},{"$f":"IF(AUTOEVENTO=\"Manual\",ROUND(SUMPRODUCT((CÁLCULO!$M$15:$M$110=EVENTOS!$C62)*(OFFSET(CÁLCULO!$AI$15:$AI$110,0,U$13))),2),0)","v":0},{"$f":"IF(AUTOEVENTO=\"Manual\",ROUND(SUMPRODUCT((CÁLCULO!$M$15:$M$110=EVENTOS!$C62)*(OFFSET(CÁLCULO!$AI$15:$AI$110,0,V$13))),2),0)","v":0},{"$f":"IF(AUTOEVENTO=\"Manual\",ROUND(SUMPRODUCT((CÁLCULO!$M$15:$M$110=EVENTOS!$C62)*(OFFSET(CÁLCULO!$AI$15:$AI$110,0,W$13))),2),0)","v":0},{"$f":"IF(AUTOEVENTO=\"Manual\",ROUND(SUMPRODUCT((CÁLCULO!$M$15:$M$110=EVENTOS!$C62)*(OFFSET(CÁLCULO!$AI$15:$AI$110,0,X$13))),2),0)","v":0},{"$f":"IF(AUTOEVENTO=\"Manual\",ROUND(SUMPRODUCT((CÁLCULO!$M$15:$M$110=EVENTOS!$C62)*(OFFSET(CÁLCULO!$AI$15:$AI$110,0,Y$13))),2),0)","v":0}]
["","",{"$f":"IF(OR(ROW(C63)=ROW(EVENTOS.firstrow)+1,AND(OFFSET(C63,-1,0)<>\" \",OFFSET(C63,-1,1)<>\"\")),OFFSET(C63,-1,0)+1,\" \")","v":" "},null,{"$f":"IF(AUTOEVENTO=\"Manual\",ROUND(SUMPRODUCT((CÁLCULO!$M$15:$M$110=EVENTOS!$C63)*(OFFSET(CÁLCULO!$AI$15:$AI$110,0,E$13))),2),0)","v":0},{"$f":"IF(AUTOEVENTO=\"Manual\",ROUND(SUMPRODUCT((CÁLCULO!$M$15:$M$110=EVENTOS!$C63)*(OFFSET(CÁLCULO!$AI$15,0,1):OFFSET(CÁLCULO!$BB$110,0,-1))),2),0)","v":0},"",{"$f":"IF(AUTOEVENTO=\"Manual\",ROUND(SUMPRODUCT((CÁLCULO!$M$15:$M$110=EVENTOS!$C63)*(OFFSET(CÁLCULO!$AI$15:$AI$110,0,H$13))),2),0)","v":0},{"$f":"IF(AUTOEVENTO=\"Manual\",ROUND(SUMPRODUCT((CÁLCULO!$M$15:$M$110=EVENTOS!$C63)*(OFFSET(CÁLCULO!$AI$15:$AI$110,0,I$13))),2),0)","v":0},{"$f":"IF(AUTOEVENTO=\"Manual\",ROUND(SUMPRODUCT((CÁLCULO!$M$15:$M$110=EVENTOS!$C63)*(OFFSET(CÁLCULO!$AI$15:$AI$110,0,J$13))),2),0)","v":0},{"$f":"IF(AUTOEVENTO=\"Manual\",ROUND(SUMPRODUCT((CÁLCULO!$M$15:$M$110=EVENTOS!$C63)*(OFFSET(CÁLCULO!$AI$15:$AI$110,0,K$13))),2),0)","v":0},{"$f":"IF(AUTOEVENTO=\"Manual\",ROUND(SUMPRODUCT((CÁLCULO!$M$15:$M$110=EVENTOS!$C63)*(OFFSET(CÁLCULO!$AI$15:$AI$110,0,L$13))),2),0)","v":0},{"$f":"IF(AUTOEVENTO=\"Manual\",ROUND(SUMPRODUCT((CÁLCULO!$M$15:$M$110=EVENTOS!$C63)*(OFFSET(CÁLCULO!$AI$15:$AI$110,0,M$13))),2),0)","v":0},{"$f":"IF(AUTOEVENTO=\"Manual\",ROUND(SUMPRODUCT((CÁLCULO!$M$15:$M$110=EVENTOS!$C63)*(OFFSET(CÁLCULO!$AI$15:$AI$110,0,N$13))),2),0)","v":0},{"$f":"IF(AUTOEVENTO=\"Manual\",ROUND(SUMPRODUCT((CÁLCULO!$M$15:$M$110=EVENTOS!$C63)*(OFFSET(CÁLCULO!$AI$15:$AI$110,0,O$13))),2),0)","v":0},{"$f":"IF(AUTOEVENTO=\"Manual\",ROUND(SUMPRODUCT((CÁLCULO!$M$15:$M$110=EVENTOS!$C63)*(OFFSET(CÁLCULO!$AI$15:$AI$110,0,P$13))),2),0)","v":0},{"$f":"IF(AUTOEVENTO=\"Manual\",ROUND(SUMPRODUCT((CÁLCULO!$M$15:$M$110=EVENTOS!$C63)*(OFFSET(CÁLCULO!$AI$15:$AI$110,0,Q$13))),2),0)","v":0},{"$f":"IF(AUTOEVENTO=\"Manual\",ROUND(SUMPRODUCT((CÁLCULO!$M$15:$M$110=EVENTOS!$C63)*(OFFSET(CÁLCULO!$AI$15:$AI$110,0,R$13))),2),0)","v":0},{"$f":"IF(AUTOEVENTO=\"Manual\",ROUND(SUMPRODUCT((CÁLCULO!$M$15:$M$110=EVENTOS!$C63)*(OFFSET(CÁLCULO!$AI$15:$AI$110,0,S$13))),2),0)","v":0},{"$f":"IF(AUTOEVENTO=\"Manual\",ROUND(SUMPRODUCT((CÁLCULO!$M$15:$M$110=EVENTOS!$C63)*(OFFSET(CÁLCULO!$AI$15:$AI$110,0,T$13))),2),0)","v":0},{"$f":"IF(AUTOEVENTO=\"Manual\",ROUND(SUMPRODUCT((CÁLCULO!$M$15:$M$110=EVENTOS!$C63)*(OFFSET(CÁLCULO!$AI$15:$AI$110,0,U$13))),2),0)","v":0},{"$f":"IF(AUTOEVENTO=\"Manual\",ROUND(SUMPRODUCT((CÁLCULO!$M$15:$M$110=EVENTOS!$C63)*(OFFSET(CÁLCULO!$AI$15:$AI$110,0,V$13))),2),0)","v":0},{"$f":"IF(AUTOEVENTO=\"Manual\",ROUND(SUMPRODUCT((CÁLCULO!$M$15:$M$110=EVENTOS!$C63)*(OFFSET(CÁLCULO!$AI$15:$AI$110,0,W$13))),2),0)","v":0},{"$f":"IF(AUTOEVENTO=\"Manual\",ROUND(SUMPRODUCT((CÁLCULO!$M$15:$M$110=EVENTOS!$C63)*(OFFSET(CÁLCULO!$AI$15:$AI$110,0,X$13))),2),0)","v":0},{"$f":"IF(AUTOEVENTO=\"Manual\",ROUND(SUMPRODUCT((CÁLCULO!$M$15:$M$110=EVENTOS!$C63)*(OFFSET(CÁLCULO!$AI$15:$AI$110,0,Y$13))),2),0)","v":0}]
["","",{"$f":"IF(OR(ROW(C64)=ROW(EVENTOS.firstrow)+1,AND(OFFSET(C64,-1,0)<>\" \",OFFSET(C64,-1,1)<>\"\")),OFFSET(C64,-1,0)+1,\" \")","v":" "},null,{"$f":"IF(AUTOEVENTO=\"Manual\",ROUND(SUMPRODUCT((CÁLCULO!$M$15:$M$110=EVENTOS!$C64)*(OFFSET(CÁLCULO!$AI$15:$AI$110,0,E$13))),2),0)","v":0},{"$f":"IF(AUTOEVENTO=\"Manual\",ROUND(SUMPRODUCT((CÁLCULO!$M$15:$M$110=EVENTOS!$C64)*(OFFSET(CÁLCULO!$AI$15,0,1):OFFSET(CÁLCULO!$BB$110,0,-1))),2),0)","v":0},"",{"$f":"IF(AUTOEVENTO=\"Manual\",ROUND(SUMPRODUCT((CÁLCULO!$M$15:$M$110=EVENTOS!$C64)*(OFFSET(CÁLCULO!$AI$15:$AI$110,0,H$13))),2),0)","v":0},{"$f":"IF(AUTOEVENTO=\"Manual\",ROUND(SUMPRODUCT((CÁLCULO!$M$15:$M$110=EVENTOS!$C64)*(OFFSET(CÁLCULO!$AI$15:$AI$110,0,I$13))),2),0)","v":0},{"$f":"IF(AUTOEVENTO=\"Manual\",ROUND(SUMPRODUCT((CÁLCULO!$M$15:$M$110=EVENTOS!$C64)*(OFFSET(CÁLCULO!$AI$15:$AI$110,0,J$13))),2),0)","v":0},{"$f":"IF(AUTOEVENTO=\"Manual\",ROUND(SUMPRODUCT((CÁLCULO!$M$15:$M$110=EVENTOS!$C64)*(OFFSET(CÁLCULO!$AI$15:$AI$110,0,K$13))),2),0)","v":0},{"$f":"IF(AUTOEVENTO=\"Manual\",ROUND(SUMPRODUCT((CÁLCULO!$M$15:$M$110=EVENTOS!$C64)*(OFFSET(CÁLCULO!$AI$15:$AI$110,0,L$13))),2),0)","v":0},{"$f":"IF(AUTOEVENTO=\"Manual\",ROUND(SUMPRODUCT((CÁLCULO!$M$15:$M$110=EVENTOS!$C64)*(OFFSET(CÁLCULO!$AI$15:$AI$110,0,M$13))),2),0)","v":0},{"$f":"IF(AUTOEVENTO=\"Manual\",ROUND(SUMPRODUCT((CÁLCULO!$M$15:$M$110=EVENTOS!$C64)*(OFFSET(CÁLCULO!$AI$15:$AI$110,0,N$13))),2),0)","v":0},{"$f":"IF(AUTOEVENTO=\"Manual\",ROUND(SUMPRODUCT((CÁLCULO!$M$15:$M$110=EVENTOS!$C64)*(OFFSET(CÁLCULO!$AI$15:$AI$110,0,O$13))),2),0)","v":0},{"$f":"IF(AUTOEVENTO=\"Manual\",ROUND(SUMPRODUCT((CÁLCULO!$M$15:$M$110=EVENTOS!$C64)*(OFFSET(CÁLCULO!$AI$15:$AI$110,0,P$13))),2),0)","v":0},{"$f":"IF(AUTOEVENTO=\"Manual\",ROUND(SUMPRODUCT((CÁLCULO!$M$15:$M$110=EVENTOS!$C64)*(OFFSET(CÁLCULO!$AI$15:$AI$110,0,Q$13))),2),0)","v":0},{"$f":"IF(AUTOEVENTO=\"Manual\",ROUND(SUMPRODUCT((CÁLCULO!$M$15:$M$110=EVENTOS!$C64)*(OFFSET(CÁLCULO!$AI$15:$AI$110,0,R$13))),2),0)","v":0},{"$f":"IF(AUTOEVENTO=\"Manual\",ROUND(SUMPRODUCT((CÁLCULO!$M$15:$M$110=EVENTOS!$C64)*(OFFSET(CÁLCULO!$AI$15:$AI$110,0,S$13))),2),0)","v":0},{"$f":"IF(AUTOEVENTO=\"Manual\",ROUND(SUMPRODUCT((CÁLCULO!$M$15:$M$110=EVENTOS!$C64)*(OFFSET(CÁLCULO!$AI$15:$AI$110,0,T$13))),2),0)","v":0},{"$f":"IF(AUTOEVENTO=\"Manual\",ROUND(SUMPRODUCT((CÁLCULO!$M$15:$M$110=EVENTOS!$C64)*(OFFSET(CÁLCULO!$AI$15:$AI$110,0,U$13))),2),0)","v":0},{"$f":"IF(AUTOEVENTO=\"Manual\",ROUND(SUMPRODUCT((CÁLCULO!$M$15:$M$110=EVENTOS!$C64)*(OFFSET(CÁLCULO!$AI$15:$AI$110,0,V$13))),2),0)","v":0},{"$f":"IF(AUTOEVENTO=\"Manual\",ROUND(SUMPRODUCT((CÁLCULO!$M$15:$M$110=EVENTOS!$C64)*(OFFSET(CÁLCULO!$AI$15:$AI$110,0,W$13))),2),0)","v":0},{"$f":"IF(AUTOEVENTO=\"Manual\",ROUND(SUMPRODUCT((CÁLCULO!$M$15:$M$110=EVENTOS!$C64)*(OFFSET(CÁLCULO!$AI$15:$AI$110,0,X$13))),2),0)","v":0},{"$f":"IF(AUTOEVENTO=\"Manual\",ROUND(SUMPRODUCT((CÁLCULO!$M$15:$M$110=EVENTOS!$C64)*(OFFSET(CÁLCULO!$AI$15:$AI$110,0,Y$13))),2),0)","v":0}]
["","",{"$f":"IF(OR(ROW(C65)=ROW(EVENTOS.firstrow)+1,AND(OFFSET(C65,-1,0)<>\" \",OFFSET(C65,-1,1)<>\"\")),OFFSET(C65,-1,0)+1,\" \")","v":" "},null,{"$f":"IF(AUTOEVENTO=\"Manual\",ROUND(SUMPRODUCT((CÁLCULO!$M$15:$M$110=EVENTOS!$C65)*(OFFSET(CÁLCULO!$AI$15:$AI$110,0,E$13))),2),0)","v":0},{"$f":"IF(AUTOEVENTO=\"Manual\",ROUND(SUMPRODUCT((CÁLCULO!$M$15:$M$110=EVENTOS!$C65)*(OFFSET(CÁLCULO!$AI$15,0,1):OFFSET(CÁLCULO!$BB$110,0,-1))),2),0)","v":0},"",{"$f":"IF(AUTOEVENTO=\"Manual\",ROUND(SUMPRODUCT((CÁLCULO!$M$15:$M$110=EVENTOS!$C65)*(OFFSET(CÁLCULO!$AI$15:$AI$110,0,H$13))),2),0)","v":0},{"$f":"IF(AUTOEVENTO=\"Manual\",ROUND(SUMPRODUCT((CÁLCULO!$M$15:$M$110=EVENTOS!$C65)*(OFFSET(CÁLCULO!$AI$15:$AI$110,0,I$13))),2),0)","v":0},{"$f":"IF(AUTOEVENTO=\"Manual\",ROUND(SUMPRODUCT((CÁLCULO!$M$15:$M$110=EVENTOS!$C65)*(OFFSET(CÁLCULO!$AI$15:$AI$110,0,J$13))),2),0)","v":0},{"$f":"IF(AUTOEVENTO=\"Manual\",ROUND(SUMPRODUCT((CÁLCULO!$M$15:$M$110=EVENTOS!$C65)*(OFFSET(CÁLCULO!$AI$15:$AI$110,0,K$13))),2),0)","v":0},{"$f":"IF(AUTOEVENTO=\"Manual\",ROUND(SUMPRODUCT((CÁLCULO!$M$15:$M$110=EVENTOS!$C65)*(OFFSET(CÁLCULO!$AI$15:$AI$110,0,L$13))),2),0)","v":0},{"$f":"IF(AUTOEVENTO=\"Manual\",ROUND(SUMPRODUCT((CÁLCULO!$M$15:$M$110=EVENTOS!$C65)*(OFFSET(CÁLCULO!$AI$15:$AI$110,0,M$13))),2),0)","v":0},{"$f":"IF(AUTOEVENTO=\"Manual\",ROUND(SUMPRODUCT((CÁLCULO!$M$15:$M$110=EVENTOS!$C65)*(OFFSET(CÁLCULO!$AI$15:$AI$110,0,N$13))),2),0)","v":0},{"$f":"IF(AUTOEVENTO=\"Manual\",ROUND(SUMPRODUCT((CÁLCULO!$M$15:$M$110=EVENTOS!$C65)*(OFFSET(CÁLCULO!$AI$15:$AI$110,0,O$13))),2),0)","v":0},{"$f":"IF(AUTOEVENTO=\"Manual\",ROUND(SUMPRODUCT((CÁLCULO!$M$15:$M$110=EVENTOS!$C65)*(OFFSET(CÁLCULO!$AI$15:$AI$110,0,P$13))),2),0)","v":0},{"$f":"IF(AUTOEVENTO=\"Manual\",ROUND(SUMPRODUCT((CÁLCULO!$M$15:$M$110=EVENTOS!$C65)*(OFFSET(CÁLCULO!$AI$15:$AI$110,0,Q$13))),2),0)","v":0},{"$f":"IF(AUTOEVENTO=\"Manual\",ROUND(SUMPRODUCT((CÁLCULO!$M$15:$M$110=EVENTOS!$C65)*(OFFSET(CÁLCULO!$AI$15:$AI$110,0,R$13))),2),0)","v":0},{"$f":"IF(AUTOEVENTO=\"Manual\",ROUND(SUMPRODUCT((CÁLCULO!$M$15:$M$110=EVENTOS!$C65)*(OFFSET(CÁLCULO!$AI$15:$AI$110,0,S$13))),2),0)","v":0},{"$f":"IF(AUTOEVENTO=\"Manual\",ROUND(SUMPRODUCT((CÁLCULO!$M$15:$M$110=EVENTOS!$C65)*(OFFSET(CÁLCULO!$AI$15:$AI$110,0,T$13))),2),0)","v":0},{"$f":"IF(AUTOEVENTO=\"Manual\",ROUND(SUMPRODUCT((CÁLCULO!$M$15:$M$110=EVENTOS!$C65)*(OFFSET(CÁLCULO!$AI$15:$AI$110,0,U$13))),2),0)","v":0},{"$f":"IF(AUTOEVENTO=\"Manual\",ROUND(SUMPRODUCT((CÁLCULO!$M$15:$M$110=EVENTOS!$C65)*(OFFSET(CÁLCULO!$AI$15:$AI$110,0,V$13))),2),0)","v":0},{"$f":"IF(AUTOEVENTO=\"Manual\",ROUND(SUMPRODUCT((CÁLCULO!$M$15:$M$110=EVENTOS!$C65)*(OFFSET(CÁLCULO!$AI$15:$AI$110,0,W$13))),2),0)","v":0},{"$f":"IF(AUTOEVENTO=\"Manual\",ROUND(SUMPRODUCT((CÁLCULO!$M$15:$M$110=EVENTOS!$C65)*(OFFSET(CÁLCULO!$AI$15:$AI$110,0,X$13))),2),0)","v":0},{"$f":"IF(AUTOEVENTO=\"Manual\",ROUND(SUMPRODUCT((CÁLCULO!$M$15:$M$110=EVENTOS!$C65)*(OFFSET(CÁLCULO!$AI$15:$AI$110,0,Y$13))),2),0)","v":0}]
["F"]
["F"]
["F"]
["F",null,null,{"$f":"Import.Município","v":"MUNICIPIO DE SIDROLÂNDIA"}]
["F",null,null,"Local",null,null,null,null,null,null,null,"Responsável Técnico",null,null,null,null,null,null,null,null,null,"Responsável Técnico"]
["F",null,null,null,null,null,null,null,null,null,null,{"$f":"OFFSET(Import.RespOrçamento,0,-1) & \" \" & Import.RespOrçamento","v":"Nome: ALAN PINHEIRO TRINDADE"},null,null,null,null,null,null,null,null,null,{"$f":"OFFSET(Import.RespOrçamento,0,-1) & \" \" & Import.RespOrçamento","v":"Nome: ALAN PINHEIRO TRINDADE"}]
["F",null,null,{"$f":"DADOS!$C$25","v":"2025-09-01"},null,null,null,null,null,null,null,"CREA/CAU: 70161/MS",null,null,null,null,null,null,null,null,null,"CREA/CAU: 70161/MS"]
["F",null,null,"Data",null,null,null,null,null,null,null,"ART/RRT: 1320250132544",null,null,null,null,null,null,null,null,null,"ART/RRT: 1320250132544"]

{"sheet":"CÁLCULO","index":6,"n_rows":118,"n_cols":91,"rows_kept":118,"cut":false,"hidden":false,"merged":[[5,32,5,33],[6,32,6,33],[8,26,8,27],[8,28,8,33],[9,26,9,27],[9,28,9,33],[5,5,5,7],[5,16,5,17],[5,24,5,25],[6,5,6,7],[6,16,6,17],[6,24,6,25],[14,4,14,7],[8,4,8,5],[8,6,8,7],[8,18,8,19],[8,20,8,25],[9,4,9,5],[9,6,9,7],[9,18,9,19],[9,20,9,25]]}
[null,null,null,null,null,null,null,null,null,null,null,null,{"$f":"SUM(OFFSET(CÁLCULO!$P$1,0,1):OFFSET(CÁLCULO!$AI$1,0,-1))","v":0},null,{"$f":"IF(OR(ACOMPANHAMENTO=\"BM\",N1=0,O12=\"\"),0,1)","v":0},".",{"$f":"IF(OR(ACOMPANHAMENTO=\"BM\",P1=0,Q12=\"\"),0,1)","v":0},{"$f":"IF(OR(ACOMPANHAMENTO=\"BM\",Q1=0,R12=\"\"),0,1)","v":0},{"$f":"IF(OR(ACOMPANHAMENTO=\"BM\",R1=0,S12=\"\"),0,1)","v":0},{"$f":"IF(OR(ACOMPANHAMENTO=\"BM\",S1=0,T12=\"\"),0,1)","v":0},{"$f":"IF(OR(ACOMPANHAMENTO=\"BM\",T1=0,U12=\"\"),0,1)","v":0},{"$f":"IF(OR(ACOMPANHAMENTO=\"BM\",U1=0,V12=\"\"),0,1)","v":0},{"$f":"IF(OR(ACOMPANHAMENTO=\"BM\",V1=0,W12=\"\"),0,1)","v":0},{"$f":"IF(OR(ACOMPANHAMENTO=\"BM\",W1=0,X12=\"\"),0,1)","v":0},{"$f":"IF(OR(ACOMPANHAMENTO=\"BM\",X1=0,Y12=\"\"),0,1)","v":0},{"$f":"IF(OR(ACOMPANHAMENTO=\"BM\",Y1=0,Z12=\"\"),0,1)","v":0},{"$f":"IF(OR(ACOMPANHAMENTO=\"BM\",Z1=0,AA12=\"\"),0,1)","v":0},{"$f":"IF(OR(ACOMPANHAMENTO=\"BM\",AA1=0,AB12=\"\"),0,1)","v":0},{"$f":"IF(OR(ACOMPANHAMENTO=\"BM\",AB1=0,AC12=\"\"),0,1)","v":0},{"$f":"IF(OR(ACOMPANHAMENTO=\"BM\",AC1=0,AD12=\"\"),0,1)","v":0},{"$f":"IF(OR(ACOMPANHAMENTO=\"BM\",AD1=0,AE12=\"\"),0,1)","v":0},{"$f":"IF(OR(ACOMPANHAMENTO=\"BM\",AE1=0,AF12=\"\"),0,1)","v":0},{"$f":"IF(OR(ACOMPANHAMENTO=\"BM\",AF1=0,AG12=\"\"),0,1)","v":0},{"$f":"IF(OR(ACOMPANHAMENTO=\"BM\",AG1=0,AH12=\"\"),0,1)","v":0},null,"Preços dos serviços por frente",null,null,null,null,null,null,null,null,null,null,null,null,null,null,null,null,null,null,"Mês do cronograma",null,null,null,null,null,null,null,null,null,null,null,null,null,null,null,null,null,null,"Número da Medição"]
[]
[]
[]
[]
[null,null,null,null,null,{"$f":"IF(ACOMPANHAMENTO=\"BM\",\"MEMÓRIA DE CÁLCULO\",\"PLQ - PLANILHA DE LEVANTAMENTO DE QUANTIDADES\")","v":"MEMÓRIA DE CÁLCULO"},null,null,null,null,null,null,null,null,null,null,"Grau de Sigilo",null,null,null,null,null,null,null,"Grau de Sigilo",null,null,null,null,null,null,null,"Grau de Sigilo"]
[null,null,null,null,null,{"$f":"IF(ACOMPANHAMENTO=\"BM\",\"\",\"Memória de Cálculo\")&\" - \"&import.recurso","v":" - OGU"},null,null,null,null,null,null,null,null,null,null,"#PUBLICO",null,null,null,null,null,null,null,"#PUBLICO",null,null,null,null,null,null,null,"#PUBLICO"]
[]
[null,null,null,null,"APELIDO DO EMPREENDIMENTO",null,"Nº TransfereGOV",null,"Nº OPERAÇÃO",null,"PROPONENTE / TOMADOR",null,null,null,null,null,null,null,"Nº OPERAÇÃO",null,"PROPONENTE / TOMADOR",null,null,null,null,null,"Nº OPERAÇÃO",null,"PROPONENTE / TOMADOR"]
["AdmLocal",null,null,null,{"$f":"Import.Apelido","v":"ELABORAÇÃO DE PROJETO EXECUTIVO DE PAVIMENTAÇÃO ASFÁLTICA E DRENAGEM DE ÁGUAS PLUVIAIS DO BAIRRO JATOBÁ E ADJACENTES NO MUNICÍPIO DE SIDROLÂNDIA - MS."},null,{"$f":"Import.TransfereGOV","v":0},null,{"$f":"Import.CR","v":0},null,{"$f":"Import.Proponente","v":"MUNICIPIO DE SIDROLÂNDIA"},null,null,null,null,null,null,null,{"$f":"Import.CR","v":0},null,{"$f":"Import.Proponente","v":"MUNICIPIO DE SIDROLÂNDIA"},null,null,null,null,null,{"$f":"Import.CR","v":0},null,{"$f":"Import.Proponente","v":"MUNICIPIO DE SIDROLÂNDIA"}]
[{"$f":"IF(AND(Import.TipoArredondamento=\"Tradicional\",AUTOEVENTO=\"Manual\"),\"Automática\",IF(CRONOPLE!$B$8=\"\",\"Sem Adm\",\"Manual\"))","v":"Manual"},null,null,null,null,{"$f":"IF(AND(ACOMPANHAMENTO=\"PLE\",CÁLCULO.FrentesPreenchidas=0),\"Preencher os nomes das Frentes de Obra\",\n  IF(COUNTIF($J$15:$J$110,\"►\")>0,\"Não pode haver serviços sem agrupador de eventos\",\n  IF(COUNTIF($P$11:$AI$11,\"▼\")>0,\"Não pode haver frentes de obra sem quantidades\",\n  IF(COUNTIF($P$11:$AI$11,\"Nome >100\")>0,\"Nome da frente de obra com mais de 100 caracteres\",\"\"))))","v":""},null,null,null,null,null,null,null,{"$f":"IF(OR(COUNTIF($J$15:$J$110,\"►\")>0,COUNTIF($J$15:$J$110,\"►►\")>0),\"\",\nIF(COUNTIF($P$11:$AI$11,\"▼\")>0,\"Falta preencher a frente de obra nº \" & HLOOKUP(\"▼\",$P$11:$AI$13,3,FALSE),\nIF(COUNTIF($P$11:$AI$11,\"Nome >100\")>0,\"Resuma o nome da frente de obra nº \" & HLOOKUP(\"Nome >100\",$P$11:$AI$13,3,FALSE),\"\")))","v":""},{"$f":"IF(AND(O1=1,O15=0),\"▼\",IF(AND(O1=1,LEN(O12)>100),\"Nome >100\",\"\"))","v":{"$error":"#VALUE!"}},null,{"$f":"IF(AND(Q1=1,Q15=0),\"▼\",IF(AND(Q1=1,LEN(Q12)>100),\"Nome >100\",\"\"))","v":""},{"$f":"IF(AND(R1=1,R15=0),\"▼\",IF(AND(R1=1,LEN(R12)>100),\"Nome >100\",\"\"))","v":""},"","","","","","","","",{"$f":"IF(AND(AA1=1,AA15=0),\"▼\",IF(AND(AA1=1,LEN(AA12)>100),\"Nome >100\",\"\"))","v":""},"","","","","","",""]
[{"$f":"IF(OFFSET(EVENTOS!$C$7,1,0)=\"Automática, conforme os agrupadores Nível 4 do Orçamento\",4,IF(OFFSET(EVENTOS!$C$7,1,0)=\"Automática, conforme os agrupadores Nível 3 do Orçamento\",3,IF(OFFSET(EVENTOS!$C$7,1,0)=\"Definir Manualmente\",\"Manual\",2)))","v":"Manual"},"Empty","FILTRO",null,null,null,null,null,{"$f":"IF(COUNTIF($J$15:$J$110,\"►\")>0,\"Falta Definir o Agrupador de Evento na linha \"&MATCH(\"►\",$J$15:$J$110,0)+ROW($J$14),\n  IF(COUNTIF($J$15:$J$110,\"►►\")>0,\"Falta preencher a quantidade do serviço na linha \"&MATCH(\"►►\",$J$15:$J$110,0)+ROW($J$14),\n  IF(AND(COUNTIF($P$11:$AI$11,\"▼\")=0,COUNTIF($J$15:$J$110,\"◄\")>0),\"Falta Preencher o Memorial de Cálculo na linha \"&MATCH(\"◄\",$J$15:$J$110,0)+ROW($J$14),\"\")))","v":"Falta Preencher o Memorial de Cálculo na linha 18"},".","Nº AGRUPADOR DE EVENTOS",".",{"$f":"IF(ACOMPANHAMENTO=\"BM\",0,MAX($M$15:$M$110))","v":0},"FRENTES DE OBRA:",null,".","FRENTE ÚNICA","FRENTE 50%","FRENTE 100%",null,null,null,null,null,null,null,null,null,null,null,null,null,null,null,".",{"$f":"IF(OFFSET($P$1,0,AJ$13)=0,0,OFFSET($P$12,0,AJ$13))","v":0},{"$f":"IF(OFFSET($P$1,0,AK$13)=0,0,OFFSET($P$12,0,AK$13))","v":0},0,0,0,0,0,0,0,0,0,0,0,0,0,0,0,0,null,{"$f":"IF(OFFSET($P$1,0,BC$13)=0,0,OFFSET($P$12,0,BC$13))","v":0},0,0,0,0,0,0,0,0,0,0,0,0,0,0,0,0,0,null,0,0,0,0,0,0,0,0,0,0,0,0,0,0,0,0,0,0]
["AUTOEVENTO","Empty","↓","Nível","Item","Descrição","Unidade","Quantidade","Memória de Cálculo",null,"Nº",null,"# Evento","Agrupador de Eventos",{"$f":"OFFSET(O13,0,-1)+1","v":{"$error":"#VALUE!"}},null,{"$f":"OFFSET(Q13,0,-1)+1","v":1},2,3,4,5,6,7,8,9,10,11,12,13,14,15,16,17,18,null,{"$f":"OFFSET(AJ13,0,-1)+1","v":1},2,3,4,5,6,7,8,9,10,11,12,13,14,15,16,17,18,null,1,2,3,4,5,6,7,8,9,10,11,12,13,14,15,16,17,18,null,1,2,3,4,5,6,7,8,9,10,11,12,13,14,15,16,17,18]
[{"$f":"IF(AUTOEVENTO=\"Manual\",IF(K14<>\"\",MIN(VALUE(LEFT(K14,FIND(\".\",K14)-1)),COUNTA(EVENTOS.Lista)),0),IF(OR($B14>AUTOEVENTO,$B14=\"S\",$B14=0),SUBSTITUTE(OFFSET($A14,-1,0),IF($D14=\"Serviço\",\".\",\"\"),\"\"),ROW(A14)-ROW($A$15)&\".\"))","v":0},{"$f":"OFFSET(ORÇAMENTO!C$15,ROW(B14)-ROW(B$15),0)","v":"S"},{"$f":"OFFSET(ORÇAMENTO!L$15,ROW(C14)-ROW(C$15),0)","v":""},{"$f":"OFFSET(ORÇAMENTO!N$15,ROW(D14)-ROW(D$15),0)","v":"Serviço"},{"$f":"OFFSET(ORÇAMENTO!O$15,ROW(E14)-ROW(E$15),0)","v":"-"},{"$f":"OFFSET(ORÇAMENTO!R$15,ROW(F14)-ROW(F$15),0)","v":"(Sem Código)"},{"$f":"IF($D14<>\"Serviço\",\"\",OFFSET(ORÇAMENTO!S$15,ROW(G14)-ROW(G$15),0))","v":"-"},{"$f":"IF($D14<>\"Serviço\",0,IF(ACOMPANHAMENTO=\"BM\",ROUND(OFFSET(ORÇAMENTO!AJ$15,ROW(H14)-ROW(H$15),0),15-13*ORÇAMENTO!$AF$7),SUMPRODUCT(($Q$1:$AI$1=1)*ROUND($Q14:$AI14,15-13*ORÇAMENTO!$AF$7))))","v":0},null,{"$f":"IF(B14<>\"S\",\"\",IF(AND(ACOMPANHAMENTO=\"PLE\",AUTOEVENTO=\"Manual\",OR(H14>0,ORÇAMENTO!AC14=\"QUANT.\"),OR(K14=\"\",M14=0,N14=\"\")),\"►\",IF(AND(ACOMPANHAMENTO=\"PLE\",ORÇAMENTO!AC14=\"QUANT.\"),\"►►\",IF(AND(COUNTIF($P$11:$AI$11,\"▼\")=0,H14>0,I14=\"\"),\"◄\",\"\"))))","v":""},null,".",{"$f":"IF($D14<>\"Serviço\",\"\",\n          IF(AUTOEVENTO=\"manual\",$A14,\n                IF(ISERROR(MATCH($A14,$A$15:OFFSET($A14,-1,0),0)),MAX($M$15:OFFSET(M14,-1,0))+1,\n                      INDEX($M$15:OFFSET(M14,-1,0),MATCH($A14,$A$15:OFFSET($A14,-1,0),0)))))","v":0},{"$f":"IF($D14<>\"Serviço\",\"\",\n         IF(AUTOEVENTO=\"Manual\",\n                IF($A14=0,\"<-- defina o número do agrupador\",\n                       OFFSET(EVENTOS!$D$15,$A14-$A$15,0)),\n                OFFSET($F$15,$A14,0)))","v":"<-- defina o número do agrupador"},null,null,null,null,null,null,null,null,null,null,null,null,null,null,null,null,null,null,null,null,null,{"$f":"IF(AND($D14=\"Serviço\",AJ$12<>0,$H14>0,OR(AUTOEVENTO<>\"manual\",$M14<>$A$15)),\n        IF(Import.TipoArredondamento<>\"TransfereGOV\",\n              ROUND(OFFSET($P14,0,AJ$13),15-13*ORÇAMENTO!$AF$7)/$H14*OFFSET(ORÇAMENTO!$X$15,ROW(AJ14)-ROW(AJ$15),0),\n              ROUND(ROUND(OFFSET($P14,0,AJ$13),15-13*ORÇAMENTO!$AF$7)*OFFSET(ORÇAMENTO!$W$15,ROW(AJ14)-ROW(AJ$15),0),15-13*ORÇAMENTO!$AF$11)),\n         0)","v":0},{"$f":"IF(AND($D14=\"Serviço\",AK$12<>0,$H14>0,OR(AUTOEVENTO<>\"manual\",$M14<>$A$15)),\n        IF(Import.TipoArredondamento<>\"TransfereGOV\",\n              ROUND(OFFSET($P14,0,AK$13),15-13*ORÇAMENTO!$AF$7)/$H14*OFFSET(ORÇAMENTO!$X$15,ROW(AK14)-ROW(AK$15),0),\n              ROUND(ROUND(OFFSET($P14,0,AK$13),15-13*ORÇAMENTO!$AF$7)*OFFSET(ORÇAMENTO!$W$15,ROW(AK14)-ROW(AK$15),0),15-13*ORÇAMENTO!$AF$11)),\n         0)","v":0},{"$f":"IF(AND($D14=\"Serviço\",AL$12<>0,$H14>0,OR(AUTOEVENTO<>\"manual\",$M14<>$A$15)),\n        IF(Import.TipoArredondamento<>\"TransfereGOV\",\n              ROUND(OFFSET($P14,0,AL$13),15-13*ORÇAMENTO!$AF$7)/$H14*OFFSET(ORÇAMENTO!$X$15,ROW(AL14)-ROW(AL$15),0),\n              ROUND(ROUND(OFFSET($P14,0,AL$13),15-13*ORÇAMENTO!$AF$7)*OFFSET(ORÇAMENTO!$W$15,ROW(AL14)-ROW(AL$15),0),15-13*ORÇAMENTO!$AF$11)),\n         0)","v":0},{"$f":"IF(AND($D14=\"Serviço\",AM$12<>0,$H14>0,OR(AUTOEVENTO<>\"manual\",$M14<>$A$15)),\n        IF(Import.TipoArredondamento<>\"TransfereGOV\",\n              ROUND(OFFSET($P14,0,AM$13),15-13*ORÇAMENTO!$AF$7)/$H14*OFFSET(ORÇAMENTO!$X$15,ROW(AM14)-ROW(AM$15),0),\n              ROUND(ROUND(OFFSET($P14,0,AM$13),15-13*ORÇAMENTO!$AF$7)*OFFSET(ORÇAMENTO!$W$15,ROW(AM14)-ROW(AM$15),0),15-13*ORÇAMENTO!$AF$11)),\n         0)","v":0},{"$f":"IF(AND($D14=\"Serviço\",AN$12<>0,$H14>0,OR(AUTOEVENTO<>\"manual\",$M14<>$A$15)),\n        IF(Import.TipoArredondamento<>\"TransfereGOV\",\n              ROUND(OFFSET($P14,0,AN$13),15-13*ORÇAMENTO!$AF$7)/$H14*OFFSET(ORÇAMENTO!$X$15,ROW(AN14)-ROW(AN$15),0),\n              ROUND(ROUND(OFFSET($P14,0,AN$13),15-13*ORÇAMENTO!$AF$7)*OFFSET(ORÇAMENTO!$W$15,ROW(AN14)-ROW(AN$15),0),15-13*ORÇAMENTO!$AF$11)),\n         0)","v":0},{"$f":"IF(AND($D14=\"Serviço\",AO$12<>0,$H14>0,OR(AUTOEVENTO<>\"manual\",$M14<>$A$15)),\n        IF(Import.TipoArredondamento<>\"TransfereGOV\",\n              ROUND(OFFSET($P14,0,AO$13),15-13*ORÇAMENTO!$AF$7)/$H14*OFFSET(ORÇAMENTO!$X$15,ROW(AO14)-ROW(AO$15),0),\n              ROUND(ROUND(OFFSET($P14,0,AO$13),15-13*ORÇAMENTO!$AF$7)*OFFSET(ORÇAMENTO!$W$15,ROW(AO14)-ROW(AO$15),0),15-13*ORÇAMENTO!$AF$11)),\n         0)","v":0},{"$f":"IF(AND($D14=\"Serviço\",AP$12<>0,$H14>0,OR(AUTOEVENTO<>\"manual\",$M14<>$A$15)),\n        IF(Import.TipoArredondamento<>\"TransfereGOV\",\n              ROUND(OFFSET($P14,0,AP$13),15-13*ORÇAMENTO!$AF$7)/$H14*OFFSET(ORÇAMENTO!$X$15,ROW(AP14)-ROW(AP$15),0),\n              ROUND(ROUND(OFFSET($P14,0,AP$13),15-13*ORÇAMENTO!$AF$7)*OFFSET(ORÇAMENTO!$W$15,ROW(AP14)-ROW(AP$15),0),15-13*ORÇAMENTO!$AF$11)),\n         0)","v":0},{"$f":"IF(AND($D14=\"Serviço\",AQ$12<>0,$H14>0,OR(AUTOEVENTO<>\"manual\",$M14<>$A$15)),\n        IF(Import.TipoArredondamento<>\"TransfereGOV\",\n              ROUND(OFFSET($P14,0,AQ$13),15-13*ORÇAMENTO!$AF$7)/$H14*OFFSET(ORÇAMENTO!$X$15,ROW(AQ14)-ROW(AQ$15),0),\n              ROUND(ROUND(OFFSET($P14,0,AQ$13),15-13*ORÇAMENTO!$AF$7)*OFFSET(ORÇAMENTO!$W$15,ROW(AQ14)-ROW(AQ$15),0),15-13*ORÇAMENTO!$AF$11)),\n         0)","v":0},{"$f":"IF(AND($D14=\"Serviço\",AR$12<>0,$H14>0,OR(AUTOEVENTO<>\"manual\",$M14<>$A$15)),\n        IF(Import.TipoArredondamento<>\"TransfereGOV\",\n              ROUND(OFFSET($P14,0,AR$13),15-13*ORÇAMENTO!$AF$7)/$H14*OFFSET(ORÇAMENTO!$X$15,ROW(AR14)-ROW(AR$15),0),\n              ROUND(ROUND(OFFSET($P14,0,AR$13),15-13*ORÇAMENTO!$AF$7)*OFFSET(ORÇAMENTO!$W$15,ROW(AR14)-ROW(AR$15),0),15-13*ORÇAMENTO!$AF$11)),\n         0)","v":0},{"$f":"IF(AND($D14=\"Serviço\",AS$12<>0,$H14>0,OR(AUTOEVENTO<>\"manual\",$M14<>$A$15)),\n        IF(Import.TipoArredondamento<>\"TransfereGOV\",\n              ROUND(OFFSET($P14,0,AS$13),15-13*ORÇAMENTO!$AF$7)/$H14*OFFSET(ORÇAMENTO!$X$15,ROW(AS14)-ROW(AS$15),0),\n              ROUND(ROUND(OFFSET($P14,0,AS$13),15-13*ORÇAMENTO!$AF$7)*OFFSET(ORÇAMENTO!$W$15,ROW(AS14)-ROW(AS$15),0),15-13*ORÇAMENTO!$AF$11)),\n         0)","v":0},{"$f":"IF(AND($D14=\"Serviço\",AT$12<>0,$H14>0,OR(AUTOEVENTO<>\"manual\",$M14<>$A$15)),\n        IF(Import.TipoArredondamento<>\"TransfereGOV\",\n              ROUND(OFFSET($P14,0,AT$13),15-13*ORÇAMENTO!$AF$7)/$H14*OFFSET(ORÇAMENTO!$X$15,ROW(AT14)-ROW(AT$15),0),\n              ROUND(ROUND(OFFSET($P14,0,AT$13),15-13*ORÇAMENTO!$AF$7)*OFFSET(ORÇAMENTO!$W$15,ROW(AT14)-ROW(AT$15),0),15-13*ORÇAMENTO!$AF$11)),\n         0)","v":0},{"$f":"IF(AND($D14=\"Serviço\",AU$12<>0,$H14>0,OR(AUTOEVENTO<>\"manual\",$M14<>$A$15)),\n        IF(Import.TipoArredondamento<>\"TransfereGOV\",\n              ROUND(OFFSET($P14,0,AU$13),15-13*ORÇAMENTO!$AF$7)/$H14*OFFSET(ORÇAMENTO!$X$15,ROW(AU14)-ROW(AU$15),0),\n              ROUND(ROUND(OFFSET($P14,0,AU$13),15-13*ORÇAMENTO!$AF$7)*OFFSET(ORÇAMENTO!$W$15,ROW(AU14)-ROW(AU$15),0),15-13*ORÇAMENTO!$AF$11)),\n         0)","v":0},{"$f":"IF(AND($D14=\"Serviço\",AV$12<>0,$H14>0,OR(AUTOEVENTO<>\"manual\",$M14<>$A$15)),\n        IF(Import.TipoArredondamento<>\"TransfereGOV\",\n              ROUND(OFFSET($P14,0,AV$13),15-13*ORÇAMENTO!$AF$7)/$H14*OFFSET(ORÇAMENTO!$X$15,ROW(AV14)-ROW(AV$15),0),\n              ROUND(ROUND(OFFSET($P14,0,AV$13),15-13*ORÇAMENTO!$AF$7)*OFFSET(ORÇAMENTO!$W$15,ROW(AV14)-ROW(AV$15),0),15-13*ORÇAMENTO!$AF$11)),\n         0)","v":0},{"$f":"IF(AND($D14=\"Serviço\",AW$12<>0,$H14>0,OR(AUTOEVENTO<>\"manual\",$M14<>$A$15)),\n        IF(Import.TipoArredondamento<>\"TransfereGOV\",\n              ROUND(OFFSET($P14,0,AW$13),15-13*ORÇAMENTO!$AF$7)/$H14*OFFSET(ORÇAMENTO!$X$15,ROW(AW14)-ROW(AW$15),0),\n              ROUND(ROUND(OFFSET($P14,0,AW$13),15-13*ORÇAMENTO!$AF$7)*OFFSET(ORÇAMENTO!$W$15,ROW(AW14)-ROW(AW$15),0),15-13*ORÇAMENTO!$AF$11)),\n         0)","v":0},{"$f":"IF(AND($D14=\"Serviço\",AX$12<>0,$H14>0,OR(AUTOEVENTO<>\"manual\",$M14<>$A$15)),\n        IF(Import.TipoArredondamento<>\"TransfereGOV\",\n              ROUND(OFFSET($P14,0,AX$13),15-13*ORÇAMENTO!$AF$7)/$H14*OFFSET(ORÇAMENTO!$X$15,ROW(AX14)-ROW(AX$15),0),\n              ROUND(ROUND(OFFSET($P14,0,AX$13),15-13*ORÇAMENTO!$AF$7)*OFFSET(ORÇAMENTO!$W$15,ROW(AX14)-ROW(AX$15),0),15-13*ORÇAMENTO!$AF$11)),\n         0)","v":0},{"$f":"IF(AND($D14=\"Serviço\",AY$12<>0,$H14>0,OR(AUTOEVENTO<>\"manual\",$M14<>$A$15)),\n        IF(Import.TipoArredondamento<>\"TransfereGOV\",\n              ROUND(OFFSET($P14,0,AY$13),15-13*ORÇAMENTO!$AF$7)/$H14*OFFSET(ORÇAMENTO!$X$15,ROW(AY14)-ROW(AY$15),0),\n              ROUND(ROUND(OFFSET($P14,0,AY$13),15-13*ORÇAMENTO!$AF$7)*OFFSET(ORÇAMENTO!$W$15,ROW(AY14)-ROW(AY$15),0),15-13*ORÇAMENTO!$AF$11)),\n         0)","v":0},{"$f":"IF(AND($D14=\"Serviço\",AZ$12<>0,$H14>0,OR(AUTOEVENTO<>\"manual\",$M14<>$A$15)),\n        IF(Import.TipoArredondamento<>\"TransfereGOV\",\n              ROUND(OFFSET($P14,0,AZ$13),15-13*ORÇAMENTO!$AF$7)/$H14*OFFSET(ORÇAMENTO!$X$15,ROW(AZ14)-ROW(AZ$15),0),\n              ROUND(ROUND(OFFSET($P14,0,AZ$13),15-13*ORÇAMENTO!$AF$7)*OFFSET(ORÇAMENTO!$W$15,ROW(AZ14)-ROW(AZ$15),0),15-13*ORÇAMENTO!$AF$11)),\n         0)","v":0},{"$f":"IF(AND($D14=\"Serviço\",BA$12<>0,$H14>0,OR(AUTOEVENTO<>\"manual\",$M14<>$A$15)),\n        IF(Import.TipoArredondamento<>\"TransfereGOV\",\n              ROUND(OFFSET($P14,0,BA$13),15-13*ORÇAMENTO!$AF$7)/$H14*OFFSET(ORÇAMENTO!$X$15,ROW(BA14)-ROW(BA$15),0),\n              ROUND(ROUND(OFFSET($P14,0,BA$13),15-13*ORÇAMENTO!$AF$7)*OFFSET(ORÇAMENTO!$W$15,ROW(BA14)-ROW(BA$15),0),15-13*ORÇAMENTO!$AF$11)),\n         0)","v":0},null,{"$f":"IF(OR($D14<>\"Serviço\",AND(AUTOEVENTO=\"Manual\",$M14=$A$15)),0,\n         IF(OFFSET(CRONOPLE!$F$15,$M14-$A$15,BC$13)=\"\",10^12,OFFSET(CRONOPLE!$F$15,$M14-$A$15,BC$13)))","v":0},{"$f":"IF(OR($D14<>\"Serviço\",AND(AUTOEVENTO=\"Manual\",$M14=$A$15)),0,\n         IF(OFFSET(CRONOPLE!$F$15,$M14-$A$15,BD$13)=\"\",10^12,OFFSET(CRONOPLE!$F$15,$M14-$A$15,BD$13)))","v":0},{"$f":"IF(OR($D14<>\"Serviço\",AND(AUTOEVENTO=\"Manual\",$M14=$A$15)),0,\n         IF(OFFSET(CRONOPLE!$F$15,$M14-$A$15,BE$13)=\"\",10^12,OFFSET(CRONOPLE!$F$15,$M14-$A$15,BE$13)))","v":0},{"$f":"IF(OR($D14<>\"Serviço\",AND(AUTOEVENTO=\"Manual\",$M14=$A$15)),0,\n         IF(OFFSET(CRONOPLE!$F$15,$M14-$A$15,BF$13)=\"\",10^12,OFFSET(CRONOPLE!$F$15,$M14-$A$15,BF$13)))","v":0},{"$f":"IF(OR($D14<>\"Serviço\",AND(AUTOEVENTO=\"Manual\",$M14=$A$15)),0,\n         IF(OFFSET(CRONOPLE!$F$15,$M14-$A$15,BG$13)=\"\",10^12,OFFSET(CRONOPLE!$F$15,$M14-$A$15,BG$13)))","v":0},{"$f":"IF(OR($D14<>\"Serviço\",AND(AUTOEVENTO=\"Manual\",$M14=$A$15)),0,\n         IF(OFFSET(CRONOPLE!$F$15,$M14-$A$15,BH$13)=\"\",10^12,OFFSET(CRONOPLE!$F$15,$M14-$A$15,BH$13)))","v":0},{"$f":"IF(OR($D14<>\"Serviço\",AND(AUTOEVENTO=\"Manual\",$M14=$A$15)),0,\n         IF(OFFSET(CRONOPLE!$F$15,$M14-$A$15,BI$13)=\"\",10^12,OFFSET(CRONOPLE!$F$15,$M14-$A$15,BI$13)))","v":0},{"$f":"IF(OR($D14<>\"Serviço\",AND(AUTOEVENTO=\"Manual\",$M14=$A$15)),0,\n         IF(OFFSET(CRONOPLE!$F$15,$M14-$A$15,BJ$13)=\"\",10^12,OFFSET(CRONOPLE!$F$15,$M14-$A$15,BJ$13)))","v":0},{"$f":"IF(OR($D14<>\"Serviço\",AND(AUTOEVENTO=\"Manual\",$M14=$A$15)),0,\n         IF(OFFSET(CRONOPLE!$F$15,$M14-$A$15,BK$13)=\"\",10^12,OFFSET(CRONOPLE!$F$15,$M14-$A$15,BK$13)))","v":0},{"$f":"IF(OR($D14<>\"Serviço\",AND(AUTOEVENTO=\"Manual\",$M14=$A$15)),0,\n         IF(OFFSET(CRONOPLE!$F$15,$M14-$A$15,BL$13)=\"\",10^12,OFFSET(CRONOPLE!$F$15,$M14-$A$15,BL$13)))","v":0},{"$f":"IF(OR($D14<>\"Serviço\",AND(AUTOEVENTO=\"Manual\",$M14=$A$15)),0,\n         IF(OFFSET(CRONOPLE!$F$15,$M14-$A$15,BM$13)=\"\",10^12,OFFSET(CRONOPLE!$F$15,$M14-$A$15,BM$13)))","v":0},{"$f":"IF(OR($D14<>\"Serviço\",AND(AUTOEVENTO=\"Manual\",$M14=$A$15)),0,\n         IF(OFFSET(CRONOPLE!$F$15,$M14-$A$15,BN$13)=\"\",10^12,OFFSET(CRONOPLE!$F$15,$M14-$A$15,BN$13)))","v":0},{"$f":"IF(OR($D14<>\"Serviço\",AND(AUTOEVENTO=\"Manual\",$M14=$A$15)),0,\n         IF(OFFSET(CRONOPLE!$F$15,$M14-$A$15,BO$13)=\"\",10^12,OFFSET(CRONOPLE!$F$15,$M14-$A$15,BO$13)))","v":0},{"$f":"IF(OR($D14<>\"Serviço\",AND(AUTOEVENTO=\"Manual\",$M14=$A$15)),0,\n         IF(OFFSET(CRONOPLE!$F$15,$M14-$A$15,BP$13)=\"\",10^12,OFFSET(CRONOPLE!$F$15,$M14-$A$15,BP$13)))","v":0},{"$f":"IF(OR($D14<>\"Serviço\",AND(AUTOEVENTO=\"Manual\",$M14=$A$15)),0,\n         IF(OFFSET(CRONOPLE!$F$15,$M14-$A$15,BQ$13)=\"\",10^12,OFFSET(CRONOPLE!$F$15,$M14-$A$15,BQ$13)))","v":0},{"$f":"IF(OR($D14<>\"Serviço\",AND(AUTOEVENTO=\"Manual\",$M14=$A$15)),0,\n         IF(OFFSET(CRONOPLE!$F$15,$M14-$A$15,BR$13)=\"\",10^12,OFFSET(CRONOPLE!$F$15,$M14-$A$15,BR$13)))","v":0},{"$f":"IF(OR($D14<>\"Serviço\",AND(AUTOEVENTO=\"Manual\",$M14=$A$15)),0,\n         IF(OFFSET(CRONOPLE!$F$15,$M14-$A$15,BS$13)=\"\",10^12,OFFSET(CRONOPLE!$F$15,$M14-$A$15,BS$13)))","v":0},{"$f":"IF(OR($D14<>\"Serviço\",AND(AUTOEVENTO=\"Manual\",$M14=$A$15)),0,\n         IF(OFFSET(CRONOPLE!$F$15,$M14-$A$15,BT$13)=\"\",10^12,OFFSET(CRONOPLE!$F$15,$M14-$A$15,BT$13)))","v":0},null,{"$f":"IF(OR($D14<>\"Serviço\",AND(AUTOEVENTO=\"Manual\",$M14=$A$15),$M14>(ROW(PLE.lastrow)-ROW(PLE.firstrow))),0,\n           IF(OFFSET(PLE!$G$15,$M14-$A$15,BV$13)=\"\",10^12,OFFSET(PLE!$G$15,$M14-$A$15,BV$13)))","v":0},{"$f":"IF(OR($D14<>\"Serviço\",AND(AUTOEVENTO=\"Manual\",$M14=$A$15),$M14>(ROW(PLE.lastrow)-ROW(PLE.firstrow))),0,\n           IF(OFFSET(PLE!$G$15,$M14-$A$15,BW$13)=\"\",10^12,OFFSET(PLE!$G$15,$M14-$A$15,BW$13)))","v":0},{"$f":"IF(OR($D14<>\"Serviço\",AND(AUTOEVENTO=\"Manual\",$M14=$A$15),$M14>(ROW(PLE.lastrow)-ROW(PLE.firstrow))),0,\n           IF(OFFSET(PLE!$G$15,$M14-$A$15,BX$13)=\"\",10^12,OFFSET(PLE!$G$15,$M14-$A$15,BX$13)))","v":0},{"$f":"IF(OR($D14<>\"Serviço\",AND(AUTOEVENTO=\"Manual\",$M14=$A$15),$M14>(ROW(PLE.lastrow)-ROW(PLE.firstrow))),0,\n           IF(OFFSET(PLE!$G$15,$M14-$A$15,BY$13)=\"\",10^12,OFFSET(PLE!$G$15,$M14-$A$15,BY$13)))","v":0},{"$f":"IF(OR($D14<>\"Serviço\",AND(AUTOEVENTO=\"Manual\",$M14=$A$15),$M14>(ROW(PLE.lastrow)-ROW(PLE.firstrow))),0,\n           IF(OFFSET(PLE!$G$15,$M14-$A$15,BZ$13)=\"\",10^12,OFFSET(PLE!$G$15,$M14-$A$15,BZ$13)))","v":0},{"$f":"IF(OR($D14<>\"Serviço\",AND(AUTOEVENTO=\"Manual\",$M14=$A$15),$M14>(ROW(PLE.lastrow)-ROW(PLE.firstrow))),0,\n           IF(OFFSET(PLE!$G$15,$M14-$A$15,CA$13)=\"\",10^12,OFFSET(PLE!$G$15,$M14-$A$15,CA$13)))","v":0},{"$f":"IF(OR($D14<>\"Serviço\",AND(AUTOEVENTO=\"Manual\",$M14=$A$15),$M14>(ROW(PLE.lastrow)-ROW(PLE.firstrow))),0,\n           IF(OFFSET(PLE!$G$15,$M14-$A$15,CB$13)=\"\",10^12,OFFSET(PLE!$G$15,$M14-$A$15,CB$13)))","v":0},{"$f":"IF(OR($D14<>\"Serviço\",AND(AUTOEVENTO=\"Manual\",$M14=$A$15),$M14>(ROW(PLE.lastrow)-ROW(PLE.firstrow))),0,\n           IF(OFFSET(PLE!$G$15,$M14-$A$15,CC$13)=\"\",10^12,OFFSET(PLE!$G$15,$M14-$A$15,CC$13)))","v":0},{"$f":"IF(OR($D14<>\"Serviço\",AND(AUTOEVENTO=\"Manual\",$M14=$A$15),$M14>(ROW(PLE.lastrow)-ROW(PLE.firstrow))),0,\n           IF(OFFSET(PLE!$G$15,$M14-$A$15,CD$13)=\"\",10^12,OFFSET(PLE!$G$15,$M14-$A$15,CD$13)))","v":0},{"$f":"IF(OR($D14<>\"Serviço\",AND(AUTOEVENTO=\"Manual\",$M14=$A$15),$M14>(ROW(PLE.lastrow)-ROW(PLE.firstrow))),0,\n           IF(OFFSET(PLE!$G$15,$M14-$A$15,CE$13)=\"\",10^12,OFFSET(PLE!$G$15,$M14-$A$15,CE$13)))","v":0},{"$f":"IF(OR($D14<>\"Serviço\",AND(AUTOEVENTO=\"Manual\",$M14=$A$15),$M14>(ROW(PLE.lastrow)-ROW(PLE.firstrow))),0,\n           IF(OFFSET(PLE!$G$15,$M14-$A$15,CF$13)=\"\",10^12,OFFSET(PLE!$G$15,$M14-$A$15,CF$13)))","v":0},{"$f":"IF(OR($D14<>\"Serviço\",AND(AUTOEVENTO=\"Manual\",$M14=$A$15),$M14>(ROW(PLE.lastrow)-ROW(PLE.firstrow))),0,\n           IF(OFFSET(PLE!$G$15,$M14-$A$15,CG$13)=\"\",10^12,OFFSET(PLE!$G$15,$M14-$A$15,CG$13)))","v":0},{"$f":"IF(OR($D14<>\"Serviço\",AND(AUTOEVENTO=\"Manual\",$M14=$A$15),$M14>(ROW(PLE.lastrow)-ROW(PLE.firstrow))),0,\n           IF(OFFSET(PLE!$G$15,$M14-$A$15,CH$13)=\"\",10^12,OFFSET(PLE!$G$15,$M14-$A$15,CH$13)))","v":0},{"$f":"IF(OR($D14<>\"Serviço\",AND(AUTOEVENTO=\"Manual\",$M14=$A$15),$M14>(ROW(PLE.lastrow)-ROW(PLE.firstrow))),0,\n           IF(OFFSET(PLE!$G$15,$M14-$A$15,CI$13)=\"\",10^12,OFFSET(PLE!$G$15,$M14-$A$15,CI$13)))","v":0},{"$f":"IF(OR($D14<>\"Serviço\",AND(AUTOEVENTO=\"Manual\",$M14=$A$15),$M14>(ROW(PLE.lastrow)-ROW(PLE.firstrow))),0,\n           IF(OFFSET(PLE!$G$15,$M14-$A$15,CJ$13)=\"\",10^12,OFFSET(PLE!$G$15,$M14-$A$15,CJ$13)))","v":0},{"$f":"IF(OR($D14<>\"Serviço\",AND(AUTOEVENTO=\"Manual\",$M14=$A$15),$M14>(ROW(PLE.lastrow)-ROW(PLE.firstrow))),0,\n           IF(OFFSET(PLE!$G$15,$M14-$A$15,CK$13)=\"\",10^12,OFFSET(PLE!$G$15,$M14-$A$15,CK$13)))","v":0},{"$f":"IF(OR($D14<>\"Serviço\",AND(AUTOEVENTO=\"Manual\",$M14=$A$15),$M14>(ROW(PLE.lastrow)-ROW(PLE.firstrow))),0,\n           IF(OFFSET(PLE!$G$15,$M14-$A$15,CL$13)=\"\",10^12,OFFSET(PLE!$G$15,$M14-$A$15,CL$13)))","v":0},{"$f":"IF(OR($D14<>\"Serviço\",AND(AUTOEVENTO=\"Manual\",$M14=$A$15),$M14>(ROW(PLE.lastrow)-ROW(PLE.firstrow))),0,\n           IF(OFFSET(PLE!$G$15,$M14-$A$15,CM$13)=\"\",10^12,OFFSET(PLE!$G$15,$M14-$A$15,CM$13)))","v":0}]
[{"$f":"IF(AdmLocal=\"Automática\",1,0)","v":0},{"$f":"OFFSET(ORÇAMENTO!C$15,ROW(B15)-ROW(B$15),0)","v":"L"},{"$f":"OFFSET(ORÇAMENTO!L$15,ROW(C15)-ROW(C$15),0)","v":"F"},{"$f":"IF(TIPOORCAMENTO=\"LICITADO\",\"CTEF\",\"LOTE\")","v":"LOTE"},{"$f":"Import.DescLote","v":"ELABORAÇÃO DE PROJETO EXECUTIVO DE PAVIMENTAÇÃO ASFÁLTICA E DRENAGEM DE ÁGUAS PLUVIAIS DO BAIRRO JATOBÁ E ADJACENTES NO MUNICÍPIO DE SIDROLÂNDIA - MS."},null,null,null,null,null,null,".",0,"TOTAL FINANC. POR FRENTE (R$):",{"$f":"OFFSET($AI$15,0,O$13)","v":{"$error":"#VALUE!"}},null,{"$f":"OFFSET($AI$15,0,Q$13)","v":0},0,0,0,0,0,0,0,0,0,{"$f":"OFFSET($AI$15,0,AA$13)","v":0},0,0,0,0,0,0,0,null,{"$f":"ROUND(SUM(OFFSET(AJ$15,1,0):AJ$110),2)","v":0},{"$f":"SUM(OFFSET(AK$15,1,0):AK$110)","v":0},{"$f":"SUM(OFFSET(AL$15,1,0):AL$110)","v":0},{"$f":"SUM(OFFSET(AM$15,1,0):AM$110)","v":0},{"$f":"SUM(OFFSET(AN$15,1,0):AN$110)","v":0},{"$f":"SUM(OFFSET(AO$15,1,0):AO$110)","v":0},{"$f":"SUM(OFFSET(AP$15,1,0):AP$110)","v":0},{"$f":"SUM(OFFSET(AQ$15,1,0):AQ$110)","v":0},{"$f":"SUM(OFFSET(AR$15,1,0):AR$110)","v":0},{"$f":"SUM(OFFSET(AS$15,1,0):AS$110)","v":0},{"$f":"SUM(OFFSET(AT$15,1,0):AT$110)","v":0},{"$f":"SUM(OFFSET(AU$15,1,0):AU$110)","v":0},{"$f":"SUM(OFFSET(AV$15,1,0):AV$110)","v":0},{"$f":"SUM(OFFSET(AW$15,1,0):AW$110)","v":0},{"$f":"SUM(OFFSET(AX$15,1,0):AX$110)","v":0},{"$f":"SUM(OFFSET(AY$15,1,0):AY$110)","v":0},{"$f":"SUM(OFFSET(AZ$15,1,0):AZ$110)","v":0},{"$f":"SUM(OFFSET(BA$15,1,0):BA$110)","v":0},null,{"$f":"10^12","v":1000000000000},{"$f":"10^12","v":1000000000000},1000000000000,1000000000000,1000000000000,1000000000000,1000000000000,1000000000000,1000000000000,1000000000000,1000000000000,1000000000000,1000000000000,1000000000000,1000000000000,1000000000000,1000000000000,1000000000000,null,{"$f":"10^12","v":1000000000000},1000000000000,1000000000000,1000000000000,1000000000000,1000000000000,1000000000000,1000000000000,1000000000000,1000000000000,1000000000000,1000000000000,1000000000000,1000000000000,1000000000000,1000000000000,1000000000000,1000000000000]
[{"$f":"IF(AUTOEVENTO=\"Manual\",IF(K16<>\"\",MIN(VALUE(LEFT(K16,FIND(\".\",K16)-1)),COUNTA(EVENTOS.Lista)),0),IF(OR($B16>AUTOEVENTO,$B16=\"S\",$B16=0),SUBSTITUTE(OFFSET($A16,-1,0),IF($D16=\"Serviço\",\".\",\"\"),\"\"),ROW(A16)-ROW($A$15)&\".\"))","v":0},{"$f":"OFFSET(ORÇAMENTO!C$15,ROW(B16)-ROW(B$15),0)","v":1},{"$f":"OFFSET(ORÇAMENTO!L$15,ROW(C16)-ROW(C$15),0)","v":"F"},{"$f":"OFFSET(ORÇAMENTO!N$15,ROW(D16)-ROW(D$15),0)","v":"Meta"},{"$f":"OFFSET(ORÇAMENTO!O$15,ROW(E16)-ROW(E$15),0)","v":"1."},{"$f":"OFFSET(ORÇAMENTO!R$15,ROW(F16)-ROW(F$15),0)","v":"Pavimentação e Drenagem no Bairro Jatobá, no Município de Sidrolândia/MS."},{"$f":"IF($D16<>\"Serviço\",\"\",OFFSET(ORÇAMENTO!S$15,ROW(G16)-ROW(G$15),0))","v":""},{"$f":"IF($D16<>\"Serviço\",0,IF(ACOMPANHAMENTO=\"BM\",ROUND(OFFSET(ORÇAMENTO!AJ$15,ROW(H16)-ROW(H$15),0),15-13*ORÇAMENTO!$AF$7),SUMPRODUCT(($Q$1:$AI$1=1)*ROUND($Q16:$AI16,15-13*ORÇAMENTO!$AF$7))))","v":0},null,{"$f":"IF(B16<>\"S\",\"\",IF(AND(ACOMPANHAMENTO=\"PLE\",AUTOEVENTO=\"Manual\",OR(H16>0,ORÇAMENTO!AC16=\"QUANT.\"),OR(K16=\"\",M16=0,N16=\"\")),\"►\",IF(AND(ACOMPANHAMENTO=\"PLE\",ORÇAMENTO!AC16=\"QUANT.\"),\"►►\",IF(AND(COUNTIF($P$11:$AI$11,\"▼\")=0,H16>0,I16=\"\"),\"◄\",\"\"))))","v":""},null,".",{"$f":"IF($D16<>\"Serviço\",\"\",\n          IF(AUTOEVENTO=\"manual\",$A16,\n                IF(ISERROR(MATCH($A16,$A$15:OFFSET($A16,-1,0),0)),MAX($M$15:OFFSET(M16,-1,0))+1,\n                      INDEX($M$15:OFFSET(M16,-1,0),MATCH($A16,$A$15:OFFSET($A16,-1,0),0)))))","v":""},{"$f":"IF($D16<>\"Serviço\",\"\",\n         IF(AUTOEVENTO=\"Manual\",\n                IF($A16=0,\"<-- defina o número do agrupador\",\n                       OFFSET(EVENTOS!$D$15,$A16-$A$15,0)),\n                OFFSET($F$15,$A16,0)))","v":""},null,null,null,null,null,null,null,null,null,null,null,null,null,null,null,null,null,null,null,null,null,{"$f":"IF(AND($D16=\"Serviço\",AJ$12<>0,$H16>0,OR(AUTOEVENTO<>\"manual\",$M16<>$A$15)),\n        IF(Import.TipoArredondamento<>\"TransfereGOV\",\n              ROUND(OFFSET($P16,0,AJ$13),15-13*ORÇAMENTO!$AF$7)/$H16*OFFSET(ORÇAMENTO!$X$15,ROW(AJ16)-ROW(AJ$15),0),\n              ROUND(ROUND(OFFSET($P16,0,AJ$13),15-13*ORÇAMENTO!$AF$7)*OFFSET(ORÇAMENTO!$W$15,ROW(AJ16)-ROW(AJ$15),0),15-13*ORÇAMENTO!$AF$11)),\n         0)","v":0},{"$f":"IF(AND($D16=\"Serviço\",AK$12<>0,$H16>0,OR(AUTOEVENTO<>\"manual\",$M16<>$A$15)),\n        IF(Import.TipoArredondamento<>\"TransfereGOV\",\n              ROUND(OFFSET($P16,0,AK$13),15-13*ORÇAMENTO!$AF$7)/$H16*OFFSET(ORÇAMENTO!$X$15,ROW(AK16)-ROW(AK$15),0),\n              ROUND(ROUND(OFFSET($P16,0,AK$13),15-13*ORÇAMENTO!$AF$7)*OFFSET(ORÇAMENTO!$W$15,ROW(AK16)-ROW(AK$15),0),15-13*ORÇAMENTO!$AF$11)),\n         0)","v":0},{"$f":"IF(AND($D16=\"Serviço\",AL$12<>0,$H16>0,OR(AUTOEVENTO<>\"manual\",$M16<>$A$15)),\n        IF(Import.TipoArredondamento<>\"TransfereGOV\",\n              ROUND(OFFSET($P16,0,AL$13),15-13*ORÇAMENTO!$AF$7)/$H16*OFFSET(ORÇAMENTO!$X$15,ROW(AL16)-ROW(AL$15),0),\n              ROUND(ROUND(OFFSET($P16,0,AL$13),15-13*ORÇAMENTO!$AF$7)*OFFSET(ORÇAMENTO!$W$15,ROW(AL16)-ROW(AL$15),0),15-13*ORÇAMENTO!$AF$11)),\n         0)","v":0},{"$f":"IF(AND($D16=\"Serviço\",AM$12<>0,$H16>0,OR(AUTOEVENTO<>\"manual\",$M16<>$A$15)),\n        IF(Import.TipoArredondamento<>\"TransfereGOV\",\n              ROUND(OFFSET($P16,0,AM$13),15-13*ORÇAMENTO!$AF$7)/$H16*OFFSET(ORÇAMENTO!$X$15,ROW(AM16)-ROW(AM$15),0),\n              ROUND(ROUND(OFFSET($P16,0,AM$13),15-13*ORÇAMENTO!$AF$7)*OFFSET(ORÇAMENTO!$W$15,ROW(AM16)-ROW(AM$15),0),15-13*ORÇAMENTO!$AF$11)),\n         0)","v":0},{"$f":"IF(AND($D16=\"Serviço\",AN$12<>0,$H16>0,OR(AUTOEVENTO<>\"manual\",$M16<>$A$15)),\n        IF(Import.TipoArredondamento<>\"TransfereGOV\",\n              ROUND(OFFSET($P16,0,AN$13),15-13*ORÇAMENTO!$AF$7)/$H16*OFFSET(ORÇAMENTO!$X$15,ROW(AN16)-ROW(AN$15),0),\n              ROUND(ROUND(OFFSET($P16,0,AN$13),15-13*ORÇAMENTO!$AF$7)*OFFSET(ORÇAMENTO!$W$15,ROW(AN16)-ROW(AN$15),0),15-13*ORÇAMENTO!$AF$11)),\n         0)","v":0},{"$f":"IF(AND($D16=\"Serviço\",AO$12<>0,$H16>0,OR(AUTOEVENTO<>\"manual\",$M16<>$A$15)),\n        IF(Import.TipoArredondamento<>\"TransfereGOV\",\n              ROUND(OFFSET($P16,0,AO$13),15-13*ORÇAMENTO!$AF$7)/$H16*OFFSET(ORÇAMENTO!$X$15,ROW(AO16)-ROW(AO$15),0),\n              ROUND(ROUND(OFFSET($P16,0,AO$13),15-13*ORÇAMENTO!$AF$7)*OFFSET(ORÇAMENTO!$W$15,ROW(AO16)-ROW(AO$15),0),15-13*ORÇAMENTO!$AF$11)),\n         0)","v":0},{"$f":"IF(AND($D16=\"Serviço\",AP$12<>0,$H16>0,OR(AUTOEVENTO<>\"manual\",$M16<>$A$15)),\n        IF(Import.TipoArredondamento<>\"TransfereGOV\",\n              ROUND(OFFSET($P16,0,AP$13),15-13*ORÇAMENTO!$AF$7)/$H16*OFFSET(ORÇAMENTO!$X$15,ROW(AP16)-ROW(AP$15),0),\n              ROUND(ROUND(OFFSET($P16,0,AP$13),15-13*ORÇAMENTO!$AF$7)*OFFSET(ORÇAMENTO!$W$15,ROW(AP16)-ROW(AP$15),0),15-13*ORÇAMENTO!$AF$11)),\n         0)","v":0},{"$f":"IF(AND($D16=\"Serviço\",AQ$12<>0,$H16>0,OR(AUTOEVENTO<>\"manual\",$M16<>$A$15)),\n        IF(Import.TipoArredondamento<>\"TransfereGOV\",\n              ROUND(OFFSET($P16,0,AQ$13),15-13*ORÇAMENTO!$AF$7)/$H16*OFFSET(ORÇAMENTO!$X$15,ROW(AQ16)-ROW(AQ$15),0),\n              ROUND(ROUND(OFFSET($P16,0,AQ$13),15-13*ORÇAMENTO!$AF$7)*OFFSET(ORÇAMENTO!$W$15,ROW(AQ16)-ROW(AQ$15),0),15-13*ORÇAMENTO!$AF$11)),\n         0)","v":0},{"$f":"IF(AND($D16=\"Serviço\",AR$12<>0,$H16>0,OR(AUTOEVENTO<>\"manual\",$M16<>$A$15)),\n        IF(Import.TipoArredondamento<>\"TransfereGOV\",\n              ROUND(OFFSET($P16,0,AR$13),15-13*ORÇAMENTO!$AF$7)/$H16*OFFSET(ORÇAMENTO!$X$15,ROW(AR16)-ROW(AR$15),0),\n              ROUND(ROUND(OFFSET($P16,0,AR$13),15-13*ORÇAMENTO!$AF$7)*OFFSET(ORÇAMENTO!$W$15,ROW(AR16)-ROW(AR$15),0),15-13*ORÇAMENTO!$AF$11)),\n         0)","v":0},{"$f":"IF(AND($D16=\"Serviço\",AS$12<>0,$H16>0,OR(AUTOEVENTO<>\"manual\",$M16<>$A$15)),\n        IF(Import.TipoArredondamento<>\"TransfereGOV\",\n              ROUND(OFFSET($P16,0,AS$13),15-13*ORÇAMENTO!$AF$7)/$H16*OFFSET(ORÇAMENTO!$X$15,ROW(AS16)-ROW(AS$15),0),\n              ROUND(ROUND(OFFSET($P16,0,AS$13),15-13*ORÇAMENTO!$AF$7)*OFFSET(ORÇAMENTO!$W$15,ROW(AS16)-ROW(AS$15),0),15-13*ORÇAMENTO!$AF$11)),\n         0)","v":0},{"$f":"IF(AND($D16=\"Serviço\",AT$12<>0,$H16>0,OR(AUTOEVENTO<>\"manual\",$M16<>$A$15)),\n        IF(Import.TipoArredondamento<>\"TransfereGOV\",\n              ROUND(OFFSET($P16,0,AT$13),15-13*ORÇAMENTO!$AF$7)/$H16*OFFSET(ORÇAMENTO!$X$15,ROW(AT16)-ROW(AT$15),0),\n              ROUND(ROUND(OFFSET($P16,0,AT$13),15-13*ORÇAMENTO!$AF$7)*OFFSET(ORÇAMENTO!$W$15,ROW(AT16)-ROW(AT$15),0),15-13*ORÇAMENTO!$AF$11)),\n         0)","v":0},{"$f":"IF(AND($D16=\"Serviço\",AU$12<>0,$H16>0,OR(AUTOEVENTO<>\"manual\",$M16<>$A$15)),\n        IF(Import.TipoArredondamento<>\"TransfereGOV\",\n              ROUND(OFFSET($P16,0,AU$13),15-13*ORÇAMENTO!$AF$7)/$H16*OFFSET(ORÇAMENTO!$X$15,ROW(AU16)-ROW(AU$15),0),\n              ROUND(ROUND(OFFSET($P16,0,AU$13),15-13*ORÇAMENTO!$AF$7)*OFFSET(ORÇAMENTO!$W$15,ROW(AU16)-ROW(AU$15),0),15-13*ORÇAMENTO!$AF$11)),\n         0)","v":0},{"$f":"IF(AND($D16=\"Serviço\",AV$12<>0,$H16>0,OR(AUTOEVENTO<>\"manual\",$M16<>$A$15)),\n        IF(Import.TipoArredondamento<>\"TransfereGOV\",\n              ROUND(OFFSET($P16,0,AV$13),15-13*ORÇAMENTO!$AF$7)/$H16*OFFSET(ORÇAMENTO!$X$15,ROW(AV16)-ROW(AV$15),0),\n              ROUND(ROUND(OFFSET($P16,0,AV$13),15-13*ORÇAMENTO!$AF$7)*OFFSET(ORÇAMENTO!$W$15,ROW(AV16)-ROW(AV$15),0),15-13*ORÇAMENTO!$AF$11)),\n         0)","v":0},{"$f":"IF(AND($D16=\"Serviço\",AW$12<>0,$H16>0,OR(AUTOEVENTO<>\"manual\",$M16<>$A$15)),\n        IF(Import.TipoArredondamento<>\"TransfereGOV\",\n              ROUND(OFFSET($P16,0,AW$13),15-13*ORÇAMENTO!$AF$7)/$H16*OFFSET(ORÇAMENTO!$X$15,ROW(AW16)-ROW(AW$15),0),\n              ROUND(ROUND(OFFSET($P16,0,AW$13),15-13*ORÇAMENTO!$AF$7)*OFFSET(ORÇAMENTO!$W$15,ROW(AW16)-ROW(AW$15),0),15-13*ORÇAMENTO!$AF$11)),\n         0)","v":0},{"$f":"IF(AND($D16=\"Serviço\",AX$12<>0,$H16>0,OR(AUTOEVENTO<>\"manual\",$M16<>$A$15)),\n        IF(Import.TipoArredondamento<>\"TransfereGOV\",\n              ROUND(OFFSET($P16,0,AX$13),15-13*ORÇAMENTO!$AF$7)/$H16*OFFSET(ORÇAMENTO!$X$15,ROW(AX16)-ROW(AX$15),0),\n              ROUND(ROUND(OFFSET($P16,0,AX$13),15-13*ORÇAMENTO!$AF$7)*OFFSET(ORÇAMENTO!$W$15,ROW(AX16)-ROW(AX$15),0),15-13*ORÇAMENTO!$AF$11)),\n         0)","v":0},{"$f":"IF(AND($D16=\"Serviço\",AY$12<>0,$H16>0,OR(AUTOEVENTO<>\"manual\",$M16<>$A$15)),\n        IF(Import.TipoArredondamento<>\"TransfereGOV\",\n              ROUND(OFFSET($P16,0,AY$13),15-13*ORÇAMENTO!$AF$7)/$H16*OFFSET(ORÇAMENTO!$X$15,ROW(AY16)-ROW(AY$15),0),\n              ROUND(ROUND(OFFSET($P16,0,AY$13),15-13*ORÇAMENTO!$AF$7)*OFFSET(ORÇAMENTO!$W$15,ROW(AY16)-ROW(AY$15),0),15-13*ORÇAMENTO!$AF$11)),\n         0)","v":0},{"$f":"IF(AND($D16=\"Serviço\",AZ$12<>0,$H16>0,OR(AUTOEVENTO<>\"manual\",$M16<>$A$15)),\n        IF(Import.TipoArredondamento<>\"TransfereGOV\",\n              ROUND(OFFSET($P16,0,AZ$13),15-13*ORÇAMENTO!$AF$7)/$H16*OFFSET(ORÇAMENTO!$X$15,ROW(AZ16)-ROW(AZ$15),0),\n              ROUND(ROUND(OFFSET($P16,0,AZ$13),15-13*ORÇAMENTO!$AF$7)*OFFSET(ORÇAMENTO!$W$15,ROW(AZ16)-ROW(AZ$15),0),15-13*ORÇAMENTO!$AF$11)),\n         0)","v":0},{"$f":"IF(AND($D16=\"Serviço\",BA$12<>0,$H16>0,OR(AUTOEVENTO<>\"manual\",$M16<>$A$15)),\n        IF(Import.TipoArredondamento<>\"TransfereGOV\",\n              ROUND(OFFSET($P16,0,BA$13),15-13*ORÇAMENTO!$AF$7)/$H16*OFFSET(ORÇAMENTO!$X$15,ROW(BA16)-ROW(BA$15),0),\n              ROUND(ROUND(OFFSET($P16,0,BA$13),15-13*ORÇAMENTO!$AF$7)*OFFSET(ORÇAMENTO!$W$15,ROW(BA16)-ROW(BA$15),0),15-13*ORÇAMENTO!$AF$11)),\n         0)","v":0},null,{"$f":"IF(OR($D16<>\"Serviço\",AND(AUTOEVENTO=\"Manual\",$M16=$A$15)),0,\n         IF(OFFSET(CRONOPLE!$F$15,$M16-$A$15,BC$13)=\"\",10^12,OFFSET(CRONOPLE!$F$15,$M16-$A$15,BC$13)))","v":0},{"$f":"IF(OR($D16<>\"Serviço\",AND(AUTOEVENTO=\"Manual\",$M16=$A$15)),0,\n         IF(OFFSET(CRONOPLE!$F$15,$M16-$A$15,BD$13)=\"\",10^12,OFFSET(CRONOPLE!$F$15,$M16-$A$15,BD$13)))","v":0},{"$f":"IF(OR($D16<>\"Serviço\",AND(AUTOEVENTO=\"Manual\",$M16=$A$15)),0,\n         IF(OFFSET(CRONOPLE!$F$15,$M16-$A$15,BE$13)=\"\",10^12,OFFSET(CRONOPLE!$F$15,$M16-$A$15,BE$13)))","v":0},{"$f":"IF(OR($D16<>\"Serviço\",AND(AUTOEVENTO=\"Manual\",$M16=$A$15)),0,\n         IF(OFFSET(CRONOPLE!$F$15,$M16-$A$15,BF$13)=\"\",10^12,OFFSET(CRONOPLE!$F$15,$M16-$A$15,BF$13)))","v":0},{"$f":"IF(OR($D16<>\"Serviço\",AND(AUTOEVENTO=\"Manual\",$M16=$A$15)),0,\n         IF(OFFSET(CRONOPLE!$F$15,$M16-$A$15,BG$13)=\"\",10^12,OFFSET(CRONOPLE!$F$15,$M16-$A$15,BG$13)))","v":0},{"$f":"IF(OR($D16<>\"Serviço\",AND(AUTOEVENTO=\"Manual\",$M16=$A$15)),0,\n         IF(OFFSET(CRONOPLE!$F$15,$M16-$A$15,BH$13)=\"\",10^12,OFFSET(CRONOPLE!$F$15,$M16-$A$15,BH$13)))","v":0},{"$f":"IF(OR($D16<>\"Serviço\",AND(AUTOEVENTO=\"Manual\",$M16=$A$15)),0,\n         IF(OFFSET(CRONOPLE!$F$15,$M16-$A$15,BI$13)=\"\",10^12,OFFSET(CRONOPLE!$F$15,$M16-$A$15,BI$13)))","v":0},{"$f":"IF(OR($D16<>\"Serviço\",AND(AUTOEVENTO=\"Manual\",$M16=$A$15)),0,\n         IF(OFFSET(CRONOPLE!$F$15,$M16-$A$15,BJ$13)=\"\",10^12,OFFSET(CRONOPLE!$F$15,$M16-$A$15,BJ$13)))","v":0},{"$f":"IF(OR($D16<>\"Serviço\",AND(AUTOEVENTO=\"Manual\",$M16=$A$15)),0,\n         IF(OFFSET(CRONOPLE!$F$15,$M16-$A$15,BK$13)=\"\",10^12,OFFSET(CRONOPLE!$F$15,$M16-$A$15,BK$13)))","v":0},{"$f":"IF(OR($D16<>\"Serviço\",AND(AUTOEVENTO=\"Manual\",$M16=$A$15)),0,\n         IF(OFFSET(CRONOPLE!$F$15,$M16-$A$15,BL$13)=\"\",10^12,OFFSET(CRONOPLE!$F$15,$M16-$A$15,BL$13)))","v":0},{"$f":"IF(OR($D16<>\"Serviço\",AND(AUTOEVENTO=\"Manual\",$M16=$A$15)),0,\n         IF(OFFSET(CRONOPLE!$F$15,$M16-$A$15,BM$13)=\"\",10^12,OFFSET(CRONOPLE!$F$15,$M16-$A$15,BM$13)))","v":0},{"$f":"IF(OR($D16<>\"Serviço\",AND(AUTOEVENTO=\"Manual\",$M16=$A$15)),0,\n         IF(OFFSET(CRONOPLE!$F$15,$M16-$A$15,BN$13)=\"\",10^12,OFFSET(CRONOPLE!$F$15,$M16-$A$15,BN$13)))","v":0},{"$f":"IF(OR($D16<>\"Serviço\",AND(AUTOEVENTO=\"Manual\",$M16=$A$15)),0,\n         IF(OFFSET(CRONOPLE!$F$15,$M16-$A$15,BO$13)=\"\",10^12,OFFSET(CRONOPLE!$F$15,$M16-$A$15,BO$13)))","v":0},{"$f":"IF(OR($D16<>\"Serviço\",AND(AUTOEVENTO=\"Manual\",$M16=$A$15)),0,\n         IF(OFFSET(CRONOPLE!$F$15,$M16-$A$15,BP$13)=\"\",10^12,OFFSET(CRONOPLE!$F$15,$M16-$A$15,BP$13)))","v":0},{"$f":"IF(OR($D16<>\"Serviço\",AND(AUTOEVENTO=\"Manual\",$M16=$A$15)),0,\n         IF(OFFSET(CRONOPLE!$F$15,$M16-$A$15,BQ$13)=\"\",10^12,OFFSET(CRONOPLE!$F$15,$M16-$A$15,BQ$13)))","v":0},{"$f":"IF(OR($D16<>\"Serviço\",AND(AUTOEVENTO=\"Manual\",$M16=$A$15)),0,\n         IF(OFFSET(CRONOPLE!$F$15,$M16-$A$15,BR$13)=\"\",10^12,OFFSET(CRONOPLE!$F$15,$M16-$A$15,BR$13)))","v":0},{"$f":"IF(OR($D16<>\"Serviço\",AND(AUTOEVENTO=\"Manual\",$M16=$A$15)),0,\n         IF(OFFSET(CRONOPLE!$F$15,$M16-$A$15,BS$13)=\"\",10^12,OFFSET(CRONOPLE!$F$15,$M16-$A$15,BS$13)))","v":0},{"$f":"IF(OR($D16<>\"Serviço\",AND(AUTOEVENTO=\"Manual\",$M16=$A$15)),0,\n         IF(OFFSET(CRONOPLE!$F$15,$M16-$A$15,BT$13)=\"\",10^12,OFFSET(CRONOPLE!$F$15,$M16-$A$15,BT$13)))","v":0},null,{"$f":"IF(OR($D16<>\"Serviço\",AND(AUTOEVENTO=\"Manual\",$M16=$A$15),$M16>(ROW(PLE.lastrow)-ROW(PLE.firstrow))),0,\n           IF(OFFSET(PLE!$G$15,$M16-$A$15,BV$13)=\"\",10^12,OFFSET(PLE!$G$15,$M16-$A$15,BV$13)))","v":0},{"$f":"IF(OR($D16<>\"Serviço\",AND(AUTOEVENTO=\"Manual\",$M16=$A$15),$M16>(ROW(PLE.lastrow)-ROW(PLE.firstrow))),0,\n           IF(OFFSET(PLE!$G$15,$M16-$A$15,BW$13)=\"\",10^12,OFFSET(PLE!$G$15,$M16-$A$15,BW$13)))","v":0},{"$f":"IF(OR($D16<>\"Serviço\",AND(AUTOEVENTO=\"Manual\",$M16=$A$15),$M16>(ROW(PLE.lastrow)-ROW(PLE.firstrow))),0,\n           IF(OFFSET(PLE!$G$15,$M16-$A$15,BX$13)=\"\",10^12,OFFSET(PLE!$G$15,$M16-$A$15,BX$13)))","v":0},{"$f":"IF(OR($D16<>\"Serviço\",AND(AUTOEVENTO=\"Manual\",$M16=$A$15),$M16>(ROW(PLE.lastrow)-ROW(PLE.firstrow))),0,\n           IF(OFFSET(PLE!$G$15,$M16-$A$15,BY$13)=\"\",10^12,OFFSET(PLE!$G$15,$M16-$A$15,BY$13)))","v":0},{"$f":"IF(OR($D16<>\"Serviço\",AND(AUTOEVENTO=\"Manual\",$M16=$A$15),$M16>(ROW(PLE.lastrow)-ROW(PLE.firstrow))),0,\n           IF(OFFSET(PLE!$G$15,$M16-$A$15,BZ$13)=\"\",10^12,OFFSET(PLE!$G$15,$M16-$A$15,BZ$13)))","v":0},{"$f":"IF(OR($D16<>\"Serviço\",AND(AUTOEVENTO=\"Manual\",$M16=$A$15),$M16>(ROW(PLE.lastrow)-ROW(PLE.firstrow))),0,\n           IF(OFFSET(PLE!$G$15,$M16-$A$15,CA$13)=\"\",10^12,OFFSET(PLE!$G$15,$M16-$A$15,CA$13)))","v":0},{"$f":"IF(OR($D16<>\"Serviço\",AND(AUTOEVENTO=\"Manual\",$M16=$A$15),$M16>(ROW(PLE.lastrow)-ROW(PLE.firstrow))),0,\n           IF(OFFSET(PLE!$G$15,$M16-$A$15,CB$13)=\"\",10^12,OFFSET(PLE!$G$15,$M16-$A$15,CB$13)))","v":0},{"$f":"IF(OR($D16<>\"Serviço\",AND(AUTOEVENTO=\"Manual\",$M16=$A$15),$M16>(ROW(PLE.lastrow)-ROW(PLE.firstrow))),0,\n           IF(OFFSET(PLE!$G$15,$M16-$A$15,CC$13)=\"\",10^12,OFFSET(PLE!$G$15,$M16-$A$15,CC$13)))","v":0},{"$f":"IF(OR($D16<>\"Serviço\",AND(AUTOEVENTO=\"Manual\",$M16=$A$15),$M16>(ROW(PLE.lastrow)-ROW(PLE.firstrow))),0,\n           IF(OFFSET(PLE!$G$15,$M16-$A$15,CD$13)=\"\",10^12,OFFSET(PLE!$G$15,$M16-$A$15,CD$13)))","v":0},{"$f":"IF(OR($D16<>\"Serviço\",AND(AUTOEVENTO=\"Manual\",$M16=$A$15),$M16>(ROW(PLE.lastrow)-ROW(PLE.firstrow))),0,\n           IF(OFFSET(PLE!$G$15,$M16-$A$15,CE$13)=\"\",10^12,OFFSET(PLE!$G$15,$M16-$A$15,CE$13)))","v":0},{"$f":"IF(OR($D16<>\"Serviço\",AND(AUTOEVENTO=\"Manual\",$M16=$A$15),$M16>(ROW(PLE.lastrow)-ROW(PLE.firstrow))),0,\n           IF(OFFSET(PLE!$G$15,$M16-$A$15,CF$13)=\"\",10^12,OFFSET(PLE!$G$15,$M16-$A$15,CF$13)))","v":0},{"$f":"IF(OR($D16<>\"Serviço\",AND(AUTOEVENTO=\"Manual\",$M16=$A$15),$M16>(ROW(PLE.lastrow)-ROW(PLE.firstrow))),0,\n           IF(OFFSET(PLE!$G$15,$M16-$A$15,CG$13)=\"\",10^12,OFFSET(PLE!$G$15,$M16-$A$15,CG$13)))","v":0},{"$f":"IF(OR($D16<>\"Serviço\",AND(AUTOEVENTO=\"Manual\",$M16=$A$15),$M16>(ROW(PLE.lastrow)-ROW(PLE.firstrow))),0,\n           IF(OFFSET(PLE!$G$15,$M16-$A$15,CH$13)=\"\",10^12,OFFSET(PLE!$G$15,$M16-$A$15,CH$13)))","v":0},{"$f":"IF(OR($D16<>\"Serviço\",AND(AUTOEVENTO=\"Manual\",$M16=$A$15),$M16>(ROW(PLE.lastrow)-ROW(PLE.firstrow))),0,\n           IF(OFFSET(PLE!$G$15,$M16-$A$15,CI$13)=\"\",10^12,OFFSET(PLE!$G$15,$M16-$A$15,CI$13)))","v":0},{"$f":"IF(OR($D16<>\"Serviço\",AND(AUTOEVENTO=\"Manual\",$M16=$A$15),$M16>(ROW(PLE.lastrow)-ROW(PLE.firstrow))),0,\n           IF(OFFSET(PLE!$G$15,$M16-$A$15,CJ$13)=\"\",10^12,OFFSET(PLE!$G$15,$M16-$A$15,CJ$13)))","v":0},{"$f":"IF(OR($D16<>\"Serviço\",AND(AUTOEVENTO=\"Manual\",$M16=$A$15),$M16>(ROW(PLE.lastrow)-ROW(PLE.firstrow))),0,\n           IF(OFFSET(PLE!$G$15,$M16-$A$15,CK$13)=\"\",10^12,OFFSET(PLE!$G$15,$M16-$A$15,CK$13)))","v":0},{"$f":"IF(OR($D16<>\"Serviço\",AND(AUTOEVENTO=\"Manual\",$M16=$A$15),$M16>(ROW(PLE.lastrow)-ROW(PLE.firstrow))),0,\n           IF(OFFSET(PLE!$G$15,$M16-$A$15,CL$13)=\"\",10^12,OFFSET(PLE!$G$15,$M16-$A$15,CL$13)))","v":0},{"$f":"IF(OR($D16<>\"Serviço\",AND(AUTOEVENTO=\"Manual\",$M16=$A$15),$M16>(ROW(PLE.lastrow)-ROW(PLE.firstrow))),0,\n           IF(OFFSET(PLE!$G$15,$M16-$A$15,CM$13)=\"\",10^12,OFFSET(PLE!$G$15,$M16-$A$15,CM$13)))","v":0}]
[0,{"$f":"OFFSET(ORÇAMENTO!C$15,ROW(B17)-ROW(B$15),0)","v":2},{"$f":"OFFSET(ORÇAMENTO!L$15,ROW(C17)-ROW(C$15),0)","v":"F"},{"$f":"OFFSET(ORÇAMENTO!N$15,ROW(D17)-ROW(D$15),0)","v":"Nível 2"},{"$f":"OFFSET(ORÇAMENTO!O$15,ROW(E17)-ROW(E$15),0)","v":"1.1."},{"$f":"OFFSET(ORÇAMENTO!R$15,ROW(F17)-ROW(F$15),0)","v":"SERVIÇOS PRELIMINARES"},{"$f":"IF($D17<>\"Serviço\",\"\",OFFSET(ORÇAMENTO!S$15,ROW(G17)-ROW(G$15),0))","v":""},{"$f":"IF($D17<>\"Serviço\",0,IF(ACOMPANHAMENTO=\"BM\",ROUND(OFFSET(ORÇAMENTO!AJ$15,ROW(H17)-ROW(H$15),0),15-13*ORÇAMENTO!$AF$7),SUMPRODUCT(($Q$1:$AI$1=1)*ROUND($Q17:$AI17,15-13*ORÇAMENTO!$AF$7))))","v":0},null,{"$f":"IF(B17<>\"S\",\"\",IF(AND(ACOMPANHAMENTO=\"PLE\",AUTOEVENTO=\"Manual\",OR(H17>0,ORÇAMENTO!AC17=\"QUANT.\"),OR(K17=\"\",M17=0,N17=\"\")),\"►\",IF(AND(ACOMPANHAMENTO=\"PLE\",ORÇAMENTO!AC17=\"QUANT.\"),\"►►\",IF(AND(COUNTIF($P$11:$AI$11,\"▼\")=0,H17>0,I17=\"\"),\"◄\",\"\"))))","v":""},null,".",{"$f":"IF($D17<>\"Serviço\",\"\",\n          IF(AUTOEVENTO=\"manual\",$A17,\n                IF(ISERROR(MATCH($A17,$A$15:OFFSET($A17,-1,0),0)),MAX($M$15:OFFSET(M17,-1,0))+1,\n                      INDEX($M$15:OFFSET(M17,-1,0),MATCH($A17,$A$15:OFFSET($A17,-1,0),0)))))","v":""},{"$f":"IF($D17<>\"Serviço\",\"\",\n         IF(AUTOEVENTO=\"Manual\",\n                IF($A17=0,\"<-- defina o número do agrupador\",\n                       OFFSET(EVENTOS!$D$15,$A17-$A$15,0)),\n                OFFSET($F$15,$A17,0)))","v":""},null,null,null,null,null,null,null,null,null,null,null,null,null,null,null,null,null,null,null,null,null,{"$f":"IF(AND($D17=\"Serviço\",AJ$12<>0,$H17>0,OR(AUTOEVENTO<>\"manual\",$M17<>$A$15)),\n        IF(Import.TipoArredondamento<>\"TransfereGOV\",\n              ROUND(OFFSET($P17,0,AJ$13),15-13*ORÇAMENTO!$AF$7)/$H17*OFFSET(ORÇAMENTO!$X$15,ROW(AJ17)-ROW(AJ$15),0),\n              ROUND(ROUND(OFFSET($P17,0,AJ$13),15-13*ORÇAMENTO!$AF$7)*OFFSET(ORÇAMENTO!$W$15,ROW(AJ17)-ROW(AJ$15),0),15-13*ORÇAMENTO!$AF$11)),\n         0)","v":0},{"$f":"IF(AND($D17=\"Serviço\",AK$12<>0,$H17>0,OR(AUTOEVENTO<>\"manual\",$M17<>$A$15)),\n        IF(Import.TipoArredondamento<>\"TransfereGOV\",\n              ROUND(OFFSET($P17,0,AK$13),15-13*ORÇAMENTO!$AF$7)/$H17*OFFSET(ORÇAMENTO!$X$15,ROW(AK17)-ROW(AK$15),0),\n              ROUND(ROUND(OFFSET($P17,0,AK$13),15-13*ORÇAMENTO!$AF$7)*OFFSET(ORÇAMENTO!$W$15,ROW(AK17)-ROW(AK$15),0),15-13*ORÇAMENTO!$AF$11)),\n         0)","v":0},{"$f":"IF(AND($D17=\"Serviço\",AL$12<>0,$H17>0,OR(AUTOEVENTO<>\"manual\",$M17<>$A$15)),\n        IF(Import.TipoArredondamento<>\"TransfereGOV\",\n              ROUND(OFFSET($P17,0,AL$13),15-13*ORÇAMENTO!$AF$7)/$H17*OFFSET(ORÇAMENTO!$X$15,ROW(AL17)-ROW(AL$15),0),\n              ROUND(ROUND(OFFSET($P17,0,AL$13),15-13*ORÇAMENTO!$AF$7)*OFFSET(ORÇAMENTO!$W$15,ROW(AL17)-ROW(AL$15),0),15-13*ORÇAMENTO!$AF$11)),\n         0)","v":0},{"$f":"IF(AND($D17=\"Serviço\",AM$12<>0,$H17>0,OR(AUTOEVENTO<>\"manual\",$M17<>$A$15)),\n        IF(Import.TipoArredondamento<>\"TransfereGOV\",\n              ROUND(OFFSET($P17,0,AM$13),15-13*ORÇAMENTO!$AF$7)/$H17*OFFSET(ORÇAMENTO!$X$15,ROW(AM17)-ROW(AM$15),0),\n              ROUND(ROUND(OFFSET($P17,0,AM$13),15-13*ORÇAMENTO!$AF$7)*OFFSET(ORÇAMENTO!$W$15,ROW(AM17)-ROW(AM$15),0),15-13*ORÇAMENTO!$AF$11)),\n         0)","v":0},{"$f":"IF(AND($D17=\"Serviço\",AN$12<>0,$H17>0,OR(AUTOEVENTO<>\"manual\",$M17<>$A$15)),\n        IF(Import.TipoArredondamento<>\"TransfereGOV\",\n              ROUND(OFFSET($P17,0,AN$13),15-13*ORÇAMENTO!$AF$7)/$H17*OFFSET(ORÇAMENTO!$X$15,ROW(AN17)-ROW(AN$15),0),\n              ROUND(ROUND(OFFSET($P17,0,AN$13),15-13*ORÇAMENTO!$AF$7)*OFFSET(ORÇAMENTO!$W$15,ROW(AN17)-ROW(AN$15),0),15-13*ORÇAMENTO!$AF$11)),\n         0)","v":0},{"$f":"IF(AND($D17=\"Serviço\",AO$12<>0,$H17>0,OR(AUTOEVENTO<>\"manual\",$M17<>$A$15)),\n        IF(Import.TipoArredondamento<>\"TransfereGOV\",\n              ROUND(OFFSET($P17,0,AO$13),15-13*ORÇAMENTO!$AF$7)/$H17*OFFSET(ORÇAMENTO!$X$15,ROW(AO17)-ROW(AO$15),0),\n              ROUND(ROUND(OFFSET($P17,0,AO$13),15-13*ORÇAMENTO!$AF$7)*OFFSET(ORÇAMENTO!$W$15,ROW(AO17)-ROW(AO$15),0),15-13*ORÇAMENTO!$AF$11)),\n         0)","v":0},{"$f":"IF(AND($D17=\"Serviço\",AP$12<>0,$H17>0,OR(AUTOEVENTO<>\"manual\",$M17<>$A$15)),\n        IF(Import.TipoArredondamento<>\"TransfereGOV\",\n              ROUND(OFFSET($P17,0,AP$13),15-13*ORÇAMENTO!$AF$7)/$H17*OFFSET(ORÇAMENTO!$X$15,ROW(AP17)-ROW(AP$15),0),\n              ROUND(ROUND(OFFSET($P17,0,AP$13),15-13*ORÇAMENTO!$AF$7)*OFFSET(ORÇAMENTO!$W$15,ROW(AP17)-ROW(AP$15),0),15-13*ORÇAMENTO!$AF$11)),\n         0)","v":0},{"$f":"IF(AND($D17=\"Serviço\",AQ$12<>0,$H17>0,OR(AUTOEVENTO<>\"manual\",$M17<>$A$15)),\n        IF(Import.TipoArredondamento<>\"TransfereGOV\",\n              ROUND(OFFSET($P17,0,AQ$13),15-13*ORÇAMENTO!$AF$7)/$H17*OFFSET(ORÇAMENTO!$X$15,ROW(AQ17)-ROW(AQ$15),0),\n              ROUND(ROUND(OFFSET($P17,0,AQ$13),15-13*ORÇAMENTO!$AF$7)*OFFSET(ORÇAMENTO!$W$15,ROW(AQ17)-ROW(AQ$15),0),15-13*ORÇAMENTO!$AF$11)),\n         0)","v":0},{"$f":"IF(AND($D17=\"Serviço\",AR$12<>0,$H17>0,OR(AUTOEVENTO<>\"manual\",$M17<>$A$15)),\n        IF(Import.TipoArredondamento<>\"TransfereGOV\",\n              ROUND(OFFSET($P17,0,AR$13),15-13*ORÇAMENTO!$AF$7)/$H17*OFFSET(ORÇAMENTO!$X$15,ROW(AR17)-ROW(AR$15),0),\n              ROUND(ROUND(OFFSET($P17,0,AR$13),15-13*ORÇAMENTO!$AF$7)*OFFSET(ORÇAMENTO!$W$15,ROW(AR17)-ROW(AR$15),0),15-13*ORÇAMENTO!$AF$11)),\n         0)","v":0},{"$f":"IF(AND($D17=\"Serviço\",AS$12<>0,$H17>0,OR(AUTOEVENTO<>\"manual\",$M17<>$A$15)),\n        IF(Import.TipoArredondamento<>\"TransfereGOV\",\n              ROUND(OFFSET($P17,0,AS$13),15-13*ORÇAMENTO!$AF$7)/$H17*OFFSET(ORÇAMENTO!$X$15,ROW(AS17)-ROW(AS$15),0),\n              ROUND(ROUND(OFFSET($P17,0,AS$13),15-13*ORÇAMENTO!$AF$7)*OFFSET(ORÇAMENTO!$W$15,ROW(AS17)-ROW(AS$15),0),15-13*ORÇAMENTO!$AF$11)),\n         0)","v":0},{"$f":"IF(AND($D17=\"Serviço\",AT$12<>0,$H17>0,OR(AUTOEVENTO<>\"manual\",$M17<>$A$15)),\n        IF(Import.TipoArredondamento<>\"TransfereGOV\",\n              ROUND(OFFSET($P17,0,AT$13),15-13*ORÇAMENTO!$AF$7)/$H17*OFFSET(ORÇAMENTO!$X$15,ROW(AT17)-ROW(AT$15),0),\n              ROUND(ROUND(OFFSET($P17,0,AT$13),15-13*ORÇAMENTO!$AF$7)*OFFSET(ORÇAMENTO!$W$15,ROW(AT17)-ROW(AT$15),0),15-13*ORÇAMENTO!$AF$11)),\n         0)","v":0},{"$f":"IF(AND($D17=\"Serviço\",AU$12<>0,$H17>0,OR(AUTOEVENTO<>\"manual\",$M17<>$A$15)),\n        IF(Import.TipoArredondamento<>\"TransfereGOV\",\n              ROUND(OFFSET($P17,0,AU$13),15-13*ORÇAMENTO!$AF$7)/$H17*OFFSET(ORÇAMENTO!$X$15,ROW(AU17)-ROW(AU$15),0),\n              ROUND(ROUND(OFFSET($P17,0,AU$13),15-13*ORÇAMENTO!$AF$7)*OFFSET(ORÇAMENTO!$W$15,ROW(AU17)-ROW(AU$15),0),15-13*ORÇAMENTO!$AF$11)),\n         0)","v":0},{"$f":"IF(AND($D17=\"Serviço\",AV$12<>0,$H17>0,OR(AUTOEVENTO<>\"manual\",$M17<>$A$15)),\n        IF(Import.TipoArredondamento<>\"TransfereGOV\",\n              ROUND(OFFSET($P17,0,AV$13),15-13*ORÇAMENTO!$AF$7)/$H17*OFFSET(ORÇAMENTO!$X$15,ROW(AV17)-ROW(AV$15),0),\n              ROUND(ROUND(OFFSET($P17,0,AV$13),15-13*ORÇAMENTO!$AF$7)*OFFSET(ORÇAMENTO!$W$15,ROW(AV17)-ROW(AV$15),0),15-13*ORÇAMENTO!$AF$11)),\n         0)","v":0},{"$f":"IF(AND($D17=\"Serviço\",AW$12<>0,$H17>0,OR(AUTOEVENTO<>\"manual\",$M17<>$A$15)),\n        IF(Import.TipoArredondamento<>\"TransfereGOV\",\n              ROUND(OFFSET($P17,0,AW$13),15-13*ORÇAMENTO!$AF$7)/$H17*OFFSET(ORÇAMENTO!$X$15,ROW(AW17)-ROW(AW$15),0),\n              ROUND(ROUND(OFFSET($P17,0,AW$13),15-13*ORÇAMENTO!$AF$7)*OFFSET(ORÇAMENTO!$W$15,ROW(AW17)-ROW(AW$15),0),15-13*ORÇAMENTO!$AF$11)),\n         0)","v":0},{"$f":"IF(AND($D17=\"Serviço\",AX$12<>0,$H17>0,OR(AUTOEVENTO<>\"manual\",$M17<>$A$15)),\n        IF(Import.TipoArredondamento<>\"TransfereGOV\",\n              ROUND(OFFSET($P17,0,AX$13),15-13*ORÇAMENTO!$AF$7)/$H17*OFFSET(ORÇAMENTO!$X$15,ROW(AX17)-ROW(AX$15),0),\n              ROUND(ROUND(OFFSET($P17,0,AX$13),15-13*ORÇAMENTO!$AF$7)*OFFSET(ORÇAMENTO!$W$15,ROW(AX17)-ROW(AX$15),0),15-13*ORÇAMENTO!$AF$11)),\n         0)","v":0},{"$f":"IF(AND($D17=\"Serviço\",AY$12<>0,$H17>0,OR(AUTOEVENTO<>\"manual\",$M17<>$A$15)),\n        IF(Import.TipoArredondamento<>\"TransfereGOV\",\n              ROUND(OFFSET($P17,0,AY$13),15-13*ORÇAMENTO!$AF$7)/$H17*OFFSET(ORÇAMENTO!$X$15,ROW(AY17)-ROW(AY$15),0),\n              ROUND(ROUND(OFFSET($P17,0,AY$13),15-13*ORÇAMENTO!$AF$7)*OFFSET(ORÇAMENTO!$W$15,ROW(AY17)-ROW(AY$15),0),15-13*ORÇAMENTO!$AF$11)),\n         0)","v":0},{"$f":"IF(AND($D17=\"Serviço\",AZ$12<>0,$H17>0,OR(AUTOEVENTO<>\"manual\",$M17<>$A$15)),\n        IF(Import.TipoArredondamento<>\"TransfereGOV\",\n              ROUND(OFFSET($P17,0,AZ$13),15-13*ORÇAMENTO!$AF$7)/$H17*OFFSET(ORÇAMENTO!$X$15,ROW(AZ17)-ROW(AZ$15),0),\n              ROUND(ROUND(OFFSET($P17,0,AZ$13),15-13*ORÇAMENTO!$AF$7)*OFFSET(ORÇAMENTO!$W$15,ROW(AZ17)-ROW(AZ$15),0),15-13*ORÇAMENTO!$AF$11)),\n         0)","v":0},{"$f":"IF(AND($D17=\"Serviço\",BA$12<>0,$H17>0,OR(AUTOEVENTO<>\"manual\",$M17<>$A$15)),\n        IF(Import.TipoArredondamento<>\"TransfereGOV\",\n              ROUND(OFFSET($P17,0,BA$13),15-13*ORÇAMENTO!$AF$7)/$H17*OFFSET(ORÇAMENTO!$X$15,ROW(BA17)-ROW(BA$15),0),\n              ROUND(ROUND(OFFSET($P17,0,BA$13),15-13*ORÇAMENTO!$AF$7)*OFFSET(ORÇAMENTO!$W$15,ROW(BA17)-ROW(BA$15),0),15-13*ORÇAMENTO!$AF$11)),\n         0)","v":0},null,{"$f":"IF(OR($D17<>\"Serviço\",AND(AUTOEVENTO=\"Manual\",$M17=$A$15)),0,\n         IF(OFFSET(CRONOPLE!$F$15,$M17-$A$15,BC$13)=\"\",10^12,OFFSET(CRONOPLE!$F$15,$M17-$A$15,BC$13)))","v":0},{"$f":"IF(OR($D17<>\"Serviço\",AND(AUTOEVENTO=\"Manual\",$M17=$A$15)),0,\n         IF(OFFSET(CRONOPLE!$F$15,$M17-$A$15,BD$13)=\"\",10^12,OFFSET(CRONOPLE!$F$15,$M17-$A$15,BD$13)))","v":0},{"$f":"IF(OR($D17<>\"Serviço\",AND(AUTOEVENTO=\"Manual\",$M17=$A$15)),0,\n         IF(OFFSET(CRONOPLE!$F$15,$M17-$A$15,BE$13)=\"\",10^12,OFFSET(CRONOPLE!$F$15,$M17-$A$15,BE$13)))","v":0},{"$f":"IF(OR($D17<>\"Serviço\",AND(AUTOEVENTO=\"Manual\",$M17=$A$15)),0,\n         IF(OFFSET(CRONOPLE!$F$15,$M17-$A$15,BF$13)=\"\",10^12,OFFSET(CRONOPLE!$F$15,$M17-$A$15,BF$13)))","v":0},{"$f":"IF(OR($D17<>\"Serviço\",AND(AUTOEVENTO=\"Manual\",$M17=$A$15)),0,\n         IF(OFFSET(CRONOPLE!$F$15,$M17-$A$15,BG$13)=\"\",10^12,OFFSET(CRONOPLE!$F$15,$M17-$A$15,BG$13)))","v":0},{"$f":"IF(OR($D17<>\"Serviço\",AND(AUTOEVENTO=\"Manual\",$M17=$A$15)),0,\n         IF(OFFSET(CRONOPLE!$F$15,$M17-$A$15,BH$13)=\"\",10^12,OFFSET(CRONOPLE!$F$15,$M17-$A$15,BH$13)))","v":0},{"$f":"IF(OR($D17<>\"Serviço\",AND(AUTOEVENTO=\"Manual\",$M17=$A$15)),0,\n         IF(OFFSET(CRONOPLE!$F$15,$M17-$A$15,BI$13)=\"\",10^12,OFFSET(CRONOPLE!$F$15,$M17-$A$15,BI$13)))","v":0},{"$f":"IF(OR($D17<>\"Serviço\",AND(AUTOEVENTO=\"Manual\",$M17=$A$15)),0,\n         IF(OFFSET(CRONOPLE!$F$15,$M17-$A$15,BJ$13)=\"\",10^12,OFFSET(CRONOPLE!$F$15,$M17-$A$15,BJ$13)))","v":0},{"$f":"IF(OR($D17<>\"Serviço\",AND(AUTOEVENTO=\"Manual\",$M17=$A$15)),0,\n         IF(OFFSET(CRONOPLE!$F$15,$M17-$A$15,BK$13)=\"\",10^12,OFFSET(CRONOPLE!$F$15,$M17-$A$15,BK$13)))","v":0},{"$f":"IF(OR($D17<>\"Serviço\",AND(AUTOEVENTO=\"Manual\",$M17=$A$15)),0,\n         IF(OFFSET(CRONOPLE!$F$15,$M17-$A$15,BL$13)=\"\",10^12,OFFSET(CRONOPLE!$F$15,$M17-$A$15,BL$13)))","v":0},{"$f":"IF(OR($D17<>\"Serviço\",AND(AUTOEVENTO=\"Manual\",$M17=$A$15)),0,\n         IF(OFFSET(CRONOPLE!$F$15,$M17-$A$15,BM$13)=\"\",10^12,OFFSET(CRONOPLE!$F$15,$M17-$A$15,BM$13)))","v":0},{"$f":"IF(OR($D17<>\"Serviço\",AND(AUTOEVENTO=\"Manual\",$M17=$A$15)),0,\n         IF(OFFSET(CRONOPLE!$F$15,$M17-$A$15,BN$13)=\"\",10^12,OFFSET(CRONOPLE!$F$15,$M17-$A$15,BN$13)))","v":0},{"$f":"IF(OR($D17<>\"Serviço\",AND(AUTOEVENTO=\"Manual\",$M17=$A$15)),0,\n         IF(OFFSET(CRONOPLE!$F$15,$M17-$A$15,BO$13)=\"\",10^12,OFFSET(CRONOPLE!$F$15,$M17-$A$15,BO$13)))","v":0},{"$f":"IF(OR($D17<>\"Serviço\",AND(AUTOEVENTO=\"Manual\",$M17=$A$15)),0,\n         IF(OFFSET(CRONOPLE!$F$15,$M17-$A$15,BP$13)=\"\",10^12,OFFSET(CRONOPLE!$F$15,$M17-$A$15,BP$13)))","v":0},{"$f":"IF(OR($D17<>\"Serviço\",AND(AUTOEVENTO=\"Manual\",$M17=$A$15)),0,\n         IF(OFFSET(CRONOPLE!$F$15,$M17-$A$15,BQ$13)=\"\",10^12,OFFSET(CRONOPLE!$F$15,$M17-$A$15,BQ$13)))","v":0},{"$f":"IF(OR($D17<>\"Serviço\",AND(AUTOEVENTO=\"Manual\",$M17=$A$15)),0,\n         IF(OFFSET(CRONOPLE!$F$15,$M17-$A$15,BR$13)=\"\",10^12,OFFSET(CRONOPLE!$F$15,$M17-$A$15,BR$13)))","v":0},{"$f":"IF(OR($D17<>\"Serviço\",AND(AUTOEVENTO=\"Manual\",$M17=$A$15)),0,\n         IF(OFFSET(CRONOPLE!$F$15,$M17-$A$15,BS$13)=\"\",10^12,OFFSET(CRONOPLE!$F$15,$M17-$A$15,BS$13)))","v":0},{"$f":"IF(OR($D17<>\"Serviço\",AND(AUTOEVENTO=\"Manual\",$M17=$A$15)),0,\n         IF(OFFSET(CRONOPLE!$F$15,$M17-$A$15,BT$13)=\"\",10^12,OFFSET(CRONOPLE!$F$15,$M17-$A$15,BT$13)))","v":0},null,{"$f":"IF(OR($D17<>\"Serviço\",AND(AUTOEVENTO=\"Manual\",$M17=$A$15),$M17>(ROW(PLE.lastrow)-ROW(PLE.firstrow))),0,\n           IF(OFFSET(PLE!$G$15,$M17-$A$15,BV$13)=\"\",10^12,OFFSET(PLE!$G$15,$M17-$A$15,BV$13)))","v":0},{"$f":"IF(OR($D17<>\"Serviço\",AND(AUTOEVENTO=\"Manual\",$M17=$A$15),$M17>(ROW(PLE.lastrow)-ROW(PLE.firstrow))),0,\n           IF(OFFSET(PLE!$G$15,$M17-$A$15,BW$13)=\"\",10^12,OFFSET(PLE!$G$15,$M17-$A$15,BW$13)))","v":0},{"$f":"IF(OR($D17<>\"Serviço\",AND(AUTOEVENTO=\"Manual\",$M17=$A$15),$M17>(ROW(PLE.lastrow)-ROW(PLE.firstrow))),0,\n           IF(OFFSET(PLE!$G$15,$M17-$A$15,BX$13)=\"\",10^12,OFFSET(PLE!$G$15,$M17-$A$15,BX$13)))","v":0},{"$f":"IF(OR($D17<>\"Serviço\",AND(AUTOEVENTO=\"Manual\",$M17=$A$15),$M17>(ROW(PLE.lastrow)-ROW(PLE.firstrow))),0,\n           IF(OFFSET(PLE!$G$15,$M17-$A$15,BY$13)=\"\",10^12,OFFSET(PLE!$G$15,$M17-$A$15,BY$13)))","v":0},{"$f":"IF(OR($D17<>\"Serviço\",AND(AUTOEVENTO=\"Manual\",$M17=$A$15),$M17>(ROW(PLE.lastrow)-ROW(PLE.firstrow))),0,\n           IF(OFFSET(PLE!$G$15,$M17-$A$15,BZ$13)=\"\",10^12,OFFSET(PLE!$G$15,$M17-$A$15,BZ$13)))","v":0},{"$f":"IF(OR($D17<>\"Serviço\",AND(AUTOEVENTO=\"Manual\",$M17=$A$15),$M17>(ROW(PLE.lastrow)-ROW(PLE.firstrow))),0,\n           IF(OFFSET(PLE!$G$15,$M17-$A$15,CA$13)=\"\",10^12,OFFSET(PLE!$G$15,$M17-$A$15,CA$13)))","v":0},{"$f":"IF(OR($D17<>\"Serviço\",AND(AUTOEVENTO=\"Manual\",$M17=$A$15),$M17>(ROW(PLE.lastrow)-ROW(PLE.firstrow))),0,\n           IF(OFFSET(PLE!$G$15,$M17-$A$15,CB$13)=\"\",10^12,OFFSET(PLE!$G$15,$M17-$A$15,CB$13)))","v":0},{"$f":"IF(OR($D17<>\"Serviço\",AND(AUTOEVENTO=\"Manual\",$M17=$A$15),$M17>(ROW(PLE.lastrow)-ROW(PLE.firstrow))),0,\n           IF(OFFSET(PLE!$G$15,$M17-$A$15,CC$13)=\"\",10^12,OFFSET(PLE!$G$15,$M17-$A$15,CC$13)))","v":0},{"$f":"IF(OR($D17<>\"Serviço\",AND(AUTOEVENTO=\"Manual\",$M17=$A$15),$M17>(ROW(PLE.lastrow)-ROW(PLE.firstrow))),0,\n           IF(OFFSET(PLE!$G$15,$M17-$A$15,CD$13)=\"\",10^12,OFFSET(PLE!$G$15,$M17-$A$15,CD$13)))","v":0},{"$f":"IF(OR($D17<>\"Serviço\",AND(AUTOEVENTO=\"Manual\",$M17=$A$15),$M17>(ROW(PLE.lastrow)-ROW(PLE.firstrow))),0,\n           IF(OFFSET(PLE!$G$15,$M17-$A$15,CE$13)=\"\",10^12,OFFSET(PLE!$G$15,$M17-$A$15,CE$13)))","v":0},{"$f":"IF(OR($D17<>\"Serviço\",AND(AUTOEVENTO=\"Manual\",$M17=$A$15),$M17>(ROW(PLE.lastrow)-ROW(PLE.firstrow))),0,\n           IF(OFFSET(PLE!$G$15,$M17-$A$15,CF$13)=\"\",10^12,OFFSET(PLE!$G$15,$M17-$A$15,CF$13)))","v":0},{"$f":"IF(OR($D17<>\"Serviço\",AND(AUTOEVENTO=\"Manual\",$M17=$A$15),$M17>(ROW(PLE.lastrow)-ROW(PLE.firstrow))),0,\n           IF(OFFSET(PLE!$G$15,$M17-$A$15,CG$13)=\"\",10^12,OFFSET(PLE!$G$15,$M17-$A$15,CG$13)))","v":0},{"$f":"IF(OR($D17<>\"Serviço\",AND(AUTOEVENTO=\"Manual\",$M17=$A$15),$M17>(ROW(PLE.lastrow)-ROW(PLE.firstrow))),0,\n           IF(OFFSET(PLE!$G$15,$M17-$A$15,CH$13)=\"\",10^12,OFFSET(PLE!$G$15,$M17-$A$15,CH$13)))","v":0},{"$f":"IF(OR($D17<>\"Serviço\",AND(AUTOEVENTO=\"Manual\",$M17=$A$15),$M17>(ROW(PLE.lastrow)-ROW(PLE.firstrow))),0,\n           IF(OFFSET(PLE!$G$15,$M17-$A$15,CI$13)=\"\",10^12,OFFSET(PLE!$G$15,$M17-$A$15,CI$13)))","v":0},{"$f":"IF(OR($D17<>\"Serviço\",AND(AUTOEVENTO=\"Manual\",$M17=$A$15),$M17>(ROW(PLE.lastrow)-ROW(PLE.firstrow))),0,\n           IF(OFFSET(PLE!$G$15,$M17-$A$15,CJ$13)=\"\",10^12,OFFSET(PLE!$G$15,$M17-$A$15,CJ$13)))","v":0},{"$f":"IF(OR($D17<>\"Serviço\",AND(AUTOEVENTO=\"Manual\",$M17=$A$15),$M17>(ROW(PLE.lastrow)-ROW(PLE.firstrow))),0,\n           IF(OFFSET(PLE!$G$15,$M17-$A$15,CK$13)=\"\",10^12,OFFSET(PLE!$G$15,$M17-$A$15,CK$13)))","v":0},{"$f":"IF(OR($D17<>\"Serviço\",AND(AUTOEVENTO=\"Manual\",$M17=$A$15),$M17>(ROW(PLE.lastrow)-ROW(PLE.firstrow))),0,\n           IF(OFFSET(PLE!$G$15,$M17-$A$15,CL$13)=\"\",10^12,OFFSET(PLE!$G$15,$M17-$A$15,CL$13)))","v":0},{"$f":"IF(OR($D17<>\"Serviço\",AND(AUTOEVENTO=\"Manual\",$M17=$A$15),$M17>(ROW(PLE.lastrow)-ROW(PLE.firstrow))),0,\n           IF(OFFSET(PLE!$G$15,$M17-$A$15,CM$13)=\"\",10^12,OFFSET(PLE!$G$15,$M17-$A$15,CM$13)))","v":0}]
[1,{"$f":"OFFSET(ORÇAMENTO!C$15,ROW(B18)-ROW(B$15),0)","v":"S"},{"$f":"OFFSET(ORÇAMENTO!L$15,ROW(C18)-ROW(C$15),0)","v":"F"},{"$f":"OFFSET(ORÇAMENTO!N$15,ROW(D18)-ROW(D$15),0)","v":"Serviço"},{"$f":"OFFSET(ORÇAMENTO!O$15,ROW(E18)-ROW(E$15),0)","v":"1.1.1."},{"$f":"OFFSET(ORÇAMENTO!R$15,ROW(F18)-ROW(F$15),0)","v":"Placa de obra em chapa de aço galvanizado (REF 74209/001 descontinuado em 01/01/2020)"},{"$f":"IF($D18<>\"Serviço\",\"\",OFFSET(ORÇAMENTO!S$15,ROW(G18)-ROW(G$15),0))","v":"M2"},{"$f":"IF($D18<>\"Serviço\",0,IF(ACOMPANHAMENTO=\"BM\",ROUND(OFFSET(ORÇAMENTO!AJ$15,ROW(H18)-ROW(H$15),0),15-13*ORÇAMENTO!$AF$7),SUMPRODUCT(($Q$1:$AI$1=1)*ROUND($Q18:$AI18,15-13*ORÇAMENTO!$AF$7))))","v":8},null,{"$f":"IF(B18<>\"S\",\"\",IF(AND(ACOMPANHAMENTO=\"PLE\",AUTOEVENTO=\"Manual\",OR(H18>0,ORÇAMENTO!AC18=\"QUANT.\"),OR(K18=\"\",M18=0,N18=\"\")),\"►\",IF(AND(ACOMPANHAMENTO=\"PLE\",ORÇAMENTO!AC18=\"QUANT.\"),\"►►\",IF(AND(COUNTIF($P$11:$AI$11,\"▼\")=0,H18>0,I18=\"\"),\"◄\",\"\"))))","v":"◄"},"1. SERVIÇOS PRELIMINARES",".",{"$f":"IF($D18<>\"Serviço\",\"\",\n          IF(AUTOEVENTO=\"manual\",$A18,\n                IF(ISERROR(MATCH($A18,$A$15:OFFSET($A18,-1,0),0)),MAX($M$15:OFFSET(M18,-1,0))+1,\n                      INDEX($M$15:OFFSET(M18,-1,0),MATCH($A18,$A$15:OFFSET($A18,-1,0),0)))))","v":1},{"$f":"IF($D18<>\"Serviço\",\"\",\n         IF(AUTOEVENTO=\"Manual\",\n                IF($A18=0,\"<-- defina o número do agrupador\",\n                       OFFSET(EVENTOS!$D$15,$A18-$A$15,0)),\n                OFFSET($F$15,$A18,0)))","v":"SERVIÇOS PRELIMINARES"},null,null,16,null,null,null,null,null,null,null,null,null,null,null,null,null,null,null,null,null,null,{"$f":"IF(AND($D18=\"Serviço\",AJ$12<>0,$H18>0,OR(AUTOEVENTO<>\"manual\",$M18<>$A$15)),\n        IF(Import.TipoArredondamento<>\"TransfereGOV\",\n              ROUND(OFFSET($P18,0,AJ$13),15-13*ORÇAMENTO!$AF$7)/$H18*OFFSET(ORÇAMENTO!$X$15,ROW(AJ18)-ROW(AJ$15),0),\n              ROUND(ROUND(OFFSET($P18,0,AJ$13),15-13*ORÇAMENTO!$AF$7)*OFFSET(ORÇAMENTO!$W$15,ROW(AJ18)-ROW(AJ$15),0),15-13*ORÇAMENTO!$AF$11)),\n         0)","v":0},{"$f":"IF(AND($D18=\"Serviço\",AK$12<>0,$H18>0,OR(AUTOEVENTO<>\"manual\",$M18<>$A$15)),\n        IF(Import.TipoArredondamento<>\"TransfereGOV\",\n              ROUND(OFFSET($P18,0,AK$13),15-13*ORÇAMENTO!$AF$7)/$H18*OFFSET(ORÇAMENTO!$X$15,ROW(AK18)-ROW(AK$15),0),\n              ROUND(ROUND(OFFSET($P18,0,AK$13),15-13*ORÇAMENTO!$AF$7)*OFFSET(ORÇAMENTO!$W$15,ROW(AK18)-ROW(AK$15),0),15-13*ORÇAMENTO!$AF$11)),\n         0)","v":0},{"$f":"IF(AND($D18=\"Serviço\",AL$12<>0,$H18>0,OR(AUTOEVENTO<>\"manual\",$M18<>$A$15)),\n        IF(Import.TipoArredondamento<>\"TransfereGOV\",\n              ROUND(OFFSET($P18,0,AL$13),15-13*ORÇAMENTO!$AF$7)/$H18*OFFSET(ORÇAMENTO!$X$15,ROW(AL18)-ROW(AL$15),0),\n              ROUND(ROUND(OFFSET($P18,0,AL$13),15-13*ORÇAMENTO!$AF$7)*OFFSET(ORÇAMENTO!$W$15,ROW(AL18)-ROW(AL$15),0),15-13*ORÇAMENTO!$AF$11)),\n         0)","v":0},{"$f":"IF(AND($D18=\"Serviço\",AM$12<>0,$H18>0,OR(AUTOEVENTO<>\"manual\",$M18<>$A$15)),\n        IF(Import.TipoArredondamento<>\"TransfereGOV\",\n              ROUND(OFFSET($P18,0,AM$13),15-13*ORÇAMENTO!$AF$7)/$H18*OFFSET(ORÇAMENTO!$X$15,ROW(AM18)-ROW(AM$15),0),\n              ROUND(ROUND(OFFSET($P18,0,AM$13),15-13*ORÇAMENTO!$AF$7)*OFFSET(ORÇAMENTO!$W$15,ROW(AM18)-ROW(AM$15),0),15-13*ORÇAMENTO!$AF$11)),\n         0)","v":0},{"$f":"IF(AND($D18=\"Serviço\",AN$12<>0,$H18>0,OR(AUTOEVENTO<>\"manual\",$M18<>$A$15)),\n        IF(Import.TipoArredondamento<>\"TransfereGOV\",\n              ROUND(OFFSET($P18,0,AN$13),15-13*ORÇAMENTO!$AF$7)/$H18*OFFSET(ORÇAMENTO!$X$15,ROW(AN18)-ROW(AN$15),0),\n              ROUND(ROUND(OFFSET($P18,0,AN$13),15-13*ORÇAMENTO!$AF$7)*OFFSET(ORÇAMENTO!$W$15,ROW(AN18)-ROW(AN$15),0),15-13*ORÇAMENTO!$AF$11)),\n         0)","v":0},{"$f":"IF(AND($D18=\"Serviço\",AO$12<>0,$H18>0,OR(AUTOEVENTO<>\"manual\",$M18<>$A$15)),\n        IF(Import.TipoArredondamento<>\"TransfereGOV\",\n              ROUND(OFFSET($P18,0,AO$13),15-13*ORÇAMENTO!$AF$7)/$H18*OFFSET(ORÇAMENTO!$X$15,ROW(AO18)-ROW(AO$15),0),\n              ROUND(ROUND(OFFSET($P18,0,AO$13),15-13*ORÇAMENTO!$AF$7)*OFFSET(ORÇAMENTO!$W$15,ROW(AO18)-ROW(AO$15),0),15-13*ORÇAMENTO!$AF$11)),\n         0)","v":0},{"$f":"IF(AND($D18=\"Serviço\",AP$12<>0,$H18>0,OR(AUTOEVENTO<>\"manual\",$M18<>$A$15)),\n        IF(Import.TipoArredondamento<>\"TransfereGOV\",\n              ROUND(OFFSET($P18,0,AP$13),15-13*ORÇAMENTO!$AF$7)/$H18*OFFSET(ORÇAMENTO!$X$15,ROW(AP18)-ROW(AP$15),0),\n              ROUND(ROUND(OFFSET($P18,0,AP$13),15-13*ORÇAMENTO!$AF$7)*OFFSET(ORÇAMENTO!$W$15,ROW(AP18)-ROW(AP$15),0),15-13*ORÇAMENTO!$AF$11)),\n         0)","v":0},{"$f":"IF(AND($D18=\"Serviço\",AQ$12<>0,$H18>0,OR(AUTOEVENTO<>\"manual\",$M18<>$A$15)),\n        IF(Import.TipoArredondamento<>\"TransfereGOV\",\n              ROUND(OFFSET($P18,0,AQ$13),15-13*ORÇAMENTO!$AF$7)/$H18*OFFSET(ORÇAMENTO!$X$15,ROW(AQ18)-ROW(AQ$15),0),\n              ROUND(ROUND(OFFSET($P18,0,AQ$13),15-13*ORÇAMENTO!$AF$7)*OFFSET(ORÇAMENTO!$W$15,ROW(AQ18)-ROW(AQ$15),0),15-13*ORÇAMENTO!$AF$11)),\n         0)","v":0},{"$f":"IF(AND($D18=\"Serviço\",AR$12<>0,$H18>0,OR(AUTOEVENTO<>\"manual\",$M18<>$A$15)),\n        IF(Import.TipoArredondamento<>\"TransfereGOV\",\n              ROUND(OFFSET($P18,0,AR$13),15-13*ORÇAMENTO!$AF$7)/$H18*OFFSET(ORÇAMENTO!$X$15,ROW(AR18)-ROW(AR$15),0),\n              ROUND(ROUND(OFFSET($P18,0,AR$13),15-13*ORÇAMENTO!$AF$7)*OFFSET(ORÇAMENTO!$W$15,ROW(AR18)-ROW(AR$15),0),15-13*ORÇAMENTO!$AF$11)),\n         0)","v":0},{"$f":"IF(AND($D18=\"Serviço\",AS$12<>0,$H18>0,OR(AUTOEVENTO<>\"manual\",$M18<>$A$15)),\n        IF(Import.TipoArredondamento<>\"TransfereGOV\",\n              ROUND(OFFSET($P18,0,AS$13),15-13*ORÇAMENTO!$AF$7)/$H18*OFFSET(ORÇAMENTO!$X$15,ROW(AS18)-ROW(AS$15),0),\n              ROUND(ROUND(OFFSET($P18,0,AS$13),15-13*ORÇAMENTO!$AF$7)*OFFSET(ORÇAMENTO!$W$15,ROW(AS18)-ROW(AS$15),0),15-13*ORÇAMENTO!$AF$11)),\n         0)","v":0},{"$f":"IF(AND($D18=\"Serviço\",AT$12<>0,$H18>0,OR(AUTOEVENTO<>\"manual\",$M18<>$A$15)),\n        IF(Import.TipoArredondamento<>\"TransfereGOV\",\n              ROUND(OFFSET($P18,0,AT$13),15-13*ORÇAMENTO!$AF$7)/$H18*OFFSET(ORÇAMENTO!$X$15,ROW(AT18)-ROW(AT$15),0),\n              ROUND(ROUND(OFFSET($P18,0,AT$13),15-13*ORÇAMENTO!$AF$7)*OFFSET(ORÇAMENTO!$W$15,ROW(AT18)-ROW(AT$15),0),15-13*ORÇAMENTO!$AF$11)),\n         0)","v":0},{"$f":"IF(AND($D18=\"Serviço\",AU$12<>0,$H18>0,OR(AUTOEVENTO<>\"manual\",$M18<>$A$15)),\n        IF(Import.TipoArredondamento<>\"TransfereGOV\",\n              ROUND(OFFSET($P18,0,AU$13),15-13*ORÇAMENTO!$AF$7)/$H18*OFFSET(ORÇAMENTO!$X$15,ROW(AU18)-ROW(AU$15),0),\n              ROUND(ROUND(OFFSET($P18,0,AU$13),15-13*ORÇAMENTO!$AF$7)*OFFSET(ORÇAMENTO!$W$15,ROW(AU18)-ROW(AU$15),0),15-13*ORÇAMENTO!$AF$11)),\n         0)","v":0},{"$f":"IF(AND($D18=\"Serviço\",AV$12<>0,$H18>0,OR(AUTOEVENTO<>\"manual\",$M18<>$A$15)),\n        IF(Import.TipoArredondamento<>\"TransfereGOV\",\n              ROUND(OFFSET($P18,0,AV$13),15-13*ORÇAMENTO!$AF$7)/$H18*OFFSET(ORÇAMENTO!$X$15,ROW(AV18)-ROW(AV$15),0),\n              ROUND(ROUND(OFFSET($P18,0,AV$13),15-13*ORÇAMENTO!$AF$7)*OFFSET(ORÇAMENTO!$W$15,ROW(AV18)-ROW(AV$15),0),15-13*ORÇAMENTO!$AF$11)),\n         0)","v":0},{"$f":"IF(AND($D18=\"Serviço\",AW$12<>0,$H18>0,OR(AUTOEVENTO<>\"manual\",$M18<>$A$15)),\n        IF(Import.TipoArredondamento<>\"TransfereGOV\",\n              ROUND(OFFSET($P18,0,AW$13),15-13*ORÇAMENTO!$AF$7)/$H18*OFFSET(ORÇAMENTO!$X$15,ROW(AW18)-ROW(AW$15),0),\n              ROUND(ROUND(OFFSET($P18,0,AW$13),15-13*ORÇAMENTO!$AF$7)*OFFSET(ORÇAMENTO!$W$15,ROW(AW18)-ROW(AW$15),0),15-13*ORÇAMENTO!$AF$11)),\n         0)","v":0},{"$f":"IF(AND($D18=\"Serviço\",AX$12<>0,$H18>0,OR(AUTOEVENTO<>\"manual\",$M18<>$A$15)),\n        IF(Import.TipoArredondamento<>\"TransfereGOV\",\n              ROUND(OFFSET($P18,0,AX$13),15-13*ORÇAMENTO!$AF$7)/$H18*OFFSET(ORÇAMENTO!$X$15,ROW(AX18)-ROW(AX$15),0),\n              ROUND(ROUND(OFFSET($P18,0,AX$13),15-13*ORÇAMENTO!$AF$7)*OFFSET(ORÇAMENTO!$W$15,ROW(AX18)-ROW(AX$15),0),15-13*ORÇAMENTO!$AF$11)),\n         0)","v":0},{"$f":"IF(AND($D18=\"Serviço\",AY$12<>0,$H18>0,OR(AUTOEVENTO<>\"manual\",$M18<>$A$15)),\n        IF(Import.TipoArredondamento<>\"TransfereGOV\",\n              ROUND(OFFSET($P18,0,AY$13),15-13*ORÇAMENTO!$AF$7)/$H18*OFFSET(ORÇAMENTO!$X$15,ROW(AY18)-ROW(AY$15),0),\n              ROUND(ROUND(OFFSET($P18,0,AY$13),15-13*ORÇAMENTO!$AF$7)*OFFSET(ORÇAMENTO!$W$15,ROW(AY18)-ROW(AY$15),0),15-13*ORÇAMENTO!$AF$11)),\n         0)","v":0},{"$f":"IF(AND($D18=\"Serviço\",AZ$12<>0,$H18>0,OR(AUTOEVENTO<>\"manual\",$M18<>$A$15)),\n        IF(Import.TipoArredondamento<>\"TransfereGOV\",\n              ROUND(OFFSET($P18,0,AZ$13),15-13*ORÇAMENTO!$AF$7)/$H18*OFFSET(ORÇAMENTO!$X$15,ROW(AZ18)-ROW(AZ$15),0),\n              ROUND(ROUND(OFFSET($P18,0,AZ$13),15-13*ORÇAMENTO!$AF$7)*OFFSET(ORÇAMENTO!$W$15,ROW(AZ18)-ROW(AZ$15),0),15-13*ORÇAMENTO!$AF$11)),\n         0)","v":0},{"$f":"IF(AND($D18=\"Serviço\",BA$12<>0,$H18>0,OR(AUTOEVENTO<>\"manual\",$M18<>$A$15)),\n        IF(Import.TipoArredondamento<>\"TransfereGOV\",\n              ROUND(OFFSET($P18,0,BA$13),15-13*ORÇAMENTO!$AF$7)/$H18*OFFSET(ORÇAMENTO!$X$15,ROW(BA18)-ROW(BA$15),0),\n              ROUND(ROUND(OFFSET($P18,0,BA$13),15-13*ORÇAMENTO!$AF$7)*OFFSET(ORÇAMENTO!$W$15,ROW(BA18)-ROW(BA$15),0),15-13*ORÇAMENTO!$AF$11)),\n         0)","v":0},null,{"$f":"IF(OR($D18<>\"Serviço\",AND(AUTOEVENTO=\"Manual\",$M18=$A$15)),0,\n         IF(OFFSET(CRONOPLE!$F$15,$M18-$A$15,BC$13)=\"\",10^12,OFFSET(CRONOPLE!$F$15,$M18-$A$15,BC$13)))","v":1000000000000},{"$f":"IF(OR($D18<>\"Serviço\",AND(AUTOEVENTO=\"Manual\",$M18=$A$15)),0,\n         IF(OFFSET(CRONOPLE!$F$15,$M18-$A$15,BD$13)=\"\",10^12,OFFSET(CRONOPLE!$F$15,$M18-$A$15,BD$13)))","v":1000000000000},{"$f":"IF(OR($D18<>\"Serviço\",AND(AUTOEVENTO=\"Manual\",$M18=$A$15)),0,\n         IF(OFFSET(CRONOPLE!$F$15,$M18-$A$15,BE$13)=\"\",10^12,OFFSET(CRONOPLE!$F$15,$M18-$A$15,BE$13)))","v":1000000000000},{"$f":"IF(OR($D18<>\"Serviço\",AND(AUTOEVENTO=\"Manual\",$M18=$A$15)),0,\n         IF(OFFSET(CRONOPLE!$F$15,$M18-$A$15,BF$13)=\"\",10^12,OFFSET(CRONOPLE!$F$15,$M18-$A$15,BF$13)))","v":1000000000000},{"$f":"IF(OR($D18<>\"Serviço\",AND(AUTOEVENTO=\"Manual\",$M18=$A$15)),0,\n         IF(OFFSET(CRONOPLE!$F$15,$M18-$A$15,BG$13)=\"\",10^12,OFFSET(CRONOPLE!$F$15,$M18-$A$15,BG$13)))","v":1000000000000},{"$f":"IF(OR($D18<>\"Serviço\",AND(AUTOEVENTO=\"Manual\",$M18=$A$15)),0,\n         IF(OFFSET(CRONOPLE!$F$15,$M18-$A$15,BH$13)=\"\",10^12,OFFSET(CRONOPLE!$F$15,$M18-$A$15,BH$13)))","v":1000000000000},{"$f":"IF(OR($D18<>\"Serviço\",AND(AUTOEVENTO=\"Manual\",$M18=$A$15)),0,\n         IF(OFFSET(CRONOPLE!$F$15,$M18-$A$15,BI$13)=\"\",10^12,OFFSET(CRONOPLE!$F$15,$M18-$A$15,BI$13)))","v":1000000000000},{"$f":"IF(OR($D18<>\"Serviço\",AND(AUTOEVENTO=\"Manual\",$M18=$A$15)),0,\n         IF(OFFSET(CRONOPLE!$F$15,$M18-$A$15,BJ$13)=\"\",10^12,OFFSET(CRONOPLE!$F$15,$M18-$A$15,BJ$13)))","v":1000000000000},{"$f":"IF(OR($D18<>\"Serviço\",AND(AUTOEVENTO=\"Manual\",$M18=$A$15)),0,\n         IF(OFFSET(CRONOPLE!$F$15,$M18-$A$15,BK$13)=\"\",10^12,OFFSET(CRONOPLE!$F$15,$M18-$A$15,BK$13)))","v":1000000000000},{"$f":"IF(OR($D18<>\"Serviço\",AND(AUTOEVENTO=\"Manual\",$M18=$A$15)),0,\n         IF(OFFSET(CRONOPLE!$F$15,$M18-$A$15,BL$13)=\"\",10^12,OFFSET(CRONOPLE!$F$15,$M18-$A$15,BL$13)))","v":1000000000000},{"$f":"IF(OR($D18<>\"Serviço\",AND(AUTOEVENTO=\"Manual\",$M18=$A$15)),0,\n         IF(OFFSET(CRONOPLE!$F$15,$M18-$A$15,BM$13)=\"\",10^12,OFFSET(CRONOPLE!$F$15,$M18-$A$15,BM$13)))","v":1000000000000},{"$f":"IF(OR($D18<>\"Serviço\",AND(AUTOEVENTO=\"Manual\",$M18=$A$15)),0,\n         IF(OFFSET(CRONOPLE!$F$15,$M18-$A$15,BN$13)=\"\",10^12,OFFSET(CRONOPLE!$F$15,$M18-$A$15,BN$13)))","v":1000000000000},{"$f":"IF(OR($D18<>\"Serviço\",AND(AUTOEVENTO=\"Manual\",$M18=$A$15)),0,\n         IF(OFFSET(CRONOPLE!$F$15,$M18-$A$15,BO$13)=\"\",10^12,OFFSET(CRONOPLE!$F$15,$M18-$A$15,BO$13)))","v":1000000000000},{"$f":"IF(OR($D18<>\"Serviço\",AND(AUTOEVENTO=\"Manual\",$M18=$A$15)),0,\n         IF(OFFSET(CRONOPLE!$F$15,$M18-$A$15,BP$13)=\"\",10^12,OFFSET(CRONOPLE!$F$15,$M18-$A$15,BP$13)))","v":1000000000000},{"$f":"IF(OR($D18<>\"Serviço\",AND(AUTOEVENTO=\"Manual\",$M18=$A$15)),0,\n         IF(OFFSET(CRONOPLE!$F$15,$M18-$A$15,BQ$13)=\"\",10^12,OFFSET(CRONOPLE!$F$15,$M18-$A$15,BQ$13)))","v":1000000000000},{"$f":"IF(OR($D18<>\"Serviço\",AND(AUTOEVENTO=\"Manual\",$M18=$A$15)),0,\n         IF(OFFSET(CRONOPLE!$F$15,$M18-$A$15,BR$13)=\"\",10^12,OFFSET(CRONOPLE!$F$15,$M18-$A$15,BR$13)))","v":1000000000000},{"$f":"IF(OR($D18<>\"Serviço\",AND(AUTOEVENTO=\"Manual\",$M18=$A$15)),0,\n         IF(OFFSET(CRONOPLE!$F$15,$M18-$A$15,BS$13)=\"\",10^12,OFFSET(CRONOPLE!$F$15,$M18-$A$15,BS$13)))","v":1000000000000},{"$f":"IF(OR($D18<>\"Serviço\",AND(AUTOEVENTO=\"Manual\",$M18=$A$15)),0,\n         IF(OFFSET(CRONOPLE!$F$15,$M18-$A$15,BT$13)=\"\",10^12,OFFSET(CRONOPLE!$F$15,$M18-$A$15,BT$13)))","v":1000000000000},null,{"$f":"IF(OR($D18<>\"Serviço\",AND(AUTOEVENTO=\"Manual\",$M18=$A$15),$M18>(ROW(PLE.lastrow)-ROW(PLE.firstrow))),0,\n           IF(OFFSET(PLE!$G$15,$M18-$A$15,BV$13)=\"\",10^12,OFFSET(PLE!$G$15,$M18-$A$15,BV$13)))","v":1000000000000},{"$f":"IF(OR($D18<>\"Serviço\",AND(AUTOEVENTO=\"Manual\",$M18=$A$15),$M18>(ROW(PLE.lastrow)-ROW(PLE.firstrow))),0,\n           IF(OFFSET(PLE!$G$15,$M18-$A$15,BW$13)=\"\",10^12,OFFSET(PLE!$G$15,$M18-$A$15,BW$13)))","v":1000000000000},{"$f":"IF(OR($D18<>\"Serviço\",AND(AUTOEVENTO=\"Manual\",$M18=$A$15),$M18>(ROW(PLE.lastrow)-ROW(PLE.firstrow))),0,\n           IF(OFFSET(PLE!$G$15,$M18-$A$15,BX$13)=\"\",10^12,OFFSET(PLE!$G$15,$M18-$A$15,BX$13)))","v":1000000000000},{"$f":"IF(OR($D18<>\"Serviço\",AND(AUTOEVENTO=\"Manual\",$M18=$A$15),$M18>(ROW(PLE.lastrow)-ROW(PLE.firstrow))),0,\n           IF(OFFSET(PLE!$G$15,$M18-$A$15,BY$13)=\"\",10^12,OFFSET(PLE!$G$15,$M18-$A$15,BY$13)))","v":1000000000000},{"$f":"IF(OR($D18<>\"Serviço\",AND(AUTOEVENTO=\"Manual\",$M18=$A$15),$M18>(ROW(PLE.lastrow)-ROW(PLE.firstrow))),0,\n           IF(OFFSET(PLE!$G$15,$M18-$A$15,BZ$13)=\"\",10^12,OFFSET(PLE!$G$15,$M18-$A$15,BZ$13)))","v":1000000000000},{"$f":"IF(OR($D18<>\"Serviço\",AND(AUTOEVENTO=\"Manual\",$M18=$A$15),$M18>(ROW(PLE.lastrow)-ROW(PLE.firstrow))),0,\n           IF(OFFSET(PLE!$G$15,$M18-$A$15,CA$13)=\"\",10^12,OFFSET(PLE!$G$15,$M18-$A$15,CA$13)))","v":1000000000000},{"$f":"IF(OR($D18<>\"Serviço\",AND(AUTOEVENTO=\"Manual\",$M18=$A$15),$M18>(ROW(PLE.lastrow)-ROW(PLE.firstrow))),0,\n           IF(OFFSET(PLE!$G$15,$M18-$A$15,CB$13)=\"\",10^12,OFFSET(PLE!$G$15,$M18-$A$15,CB$13)))","v":1000000000000},{"$f":"IF(OR($D18<>\"Serviço\",AND(AUTOEVENTO=\"Manual\",$M18=$A$15),$M18>(ROW(PLE.lastrow)-ROW(PLE.firstrow))),0,\n           IF(OFFSET(PLE!$G$15,$M18-$A$15,CC$13)=\"\",10^12,OFFSET(PLE!$G$15,$M18-$A$15,CC$13)))","v":1000000000000},{"$f":"IF(OR($D18<>\"Serviço\",AND(AUTOEVENTO=\"Manual\",$M18=$A$15),$M18>(ROW(PLE.lastrow)-ROW(PLE.firstrow))),0,\n           IF(OFFSET(PLE!$G$15,$M18-$A$15,CD$13)=\"\",10^12,OFFSET(PLE!$G$15,$M18-$A$15,CD$13)))","v":1000000000000},{"$f":"IF(OR($D18<>\"Serviço\",AND(AUTOEVENTO=\"Manual\",$M18=$A$15),$M18>(ROW(PLE.lastrow)-ROW(PLE.firstrow))),0,\n           IF(OFFSET(PLE!$G$15,$M18-$A$15,CE$13)=\"\",10^12,OFFSET(PLE!$G$15,$M18-$A$15,CE$13)))","v":1000000000000},{"$f":"IF(OR($D18<>\"Serviço\",AND(AUTOEVENTO=\"Manual\",$M18=$A$15),$M18>(ROW(PLE.lastrow)-ROW(PLE.firstrow))),0,\n           IF(OFFSET(PLE!$G$15,$M18-$A$15,CF$13)=\"\",10^12,OFFSET(PLE!$G$15,$M18-$A$15,CF$13)))","v":1000000000000},{"$f":"IF(OR($D18<>\"Serviço\",AND(AUTOEVENTO=\"Manual\",$M18=$A$15),$M18>(ROW(PLE.lastrow)-ROW(PLE.firstrow))),0,\n           IF(OFFSET(PLE!$G$15,$M18-$A$15,CG$13)=\"\",10^12,OFFSET(PLE!$G$15,$M18-$A$15,CG$13)))","v":1000000000000},{"$f":"IF(OR($D18<>\"Serviço\",AND(AUTOEVENTO=\"Manual\",$M18=$A$15),$M18>(ROW(PLE.lastrow)-ROW(PLE.firstrow))),0,\n           IF(OFFSET(PLE!$G$15,$M18-$A$15,CH$13)=\"\",10^12,OFFSET(PLE!$G$15,$M18-$A$15,CH$13)))","v":1000000000000},{"$f":"IF(OR($D18<>\"Serviço\",AND(AUTOEVENTO=\"Manual\",$M18=$A$15),$M18>(ROW(PLE.lastrow)-ROW(PLE.firstrow))),0,\n           IF(OFFSET(PLE!$G$15,$M18-$A$15,CI$13)=\"\",10^12,OFFSET(PLE!$G$15,$M18-$A$15,CI$13)))","v":1000000000000},{"$f":"IF(OR($D18<>\"Serviço\",AND(AUTOEVENTO=\"Manual\",$M18=$A$15),$M18>(ROW(PLE.lastrow)-ROW(PLE.firstrow))),0,\n           IF(OFFSET(PLE!$G$15,$M18-$A$15,CJ$13)=\"\",10^12,OFFSET(PLE!$G$15,$M18-$A$15,CJ$13)))","v":1000000000000},{"$f":"IF(OR($D18<>\"Serviço\",AND(AUTOEVENTO=\"Manual\",$M18=$A$15),$M18>(ROW(PLE.lastrow)-ROW(PLE.firstrow))),0,\n           IF(OFFSET(PLE!$G$15,$M18-$A$15,CK$13)=\"\",10^12,OFFSET(PLE!$G$15,$M18-$A$15,CK$13)))","v":1000000000000},{"$f":"IF(OR($D18<>\"Serviço\",AND(AUTOEVENTO=\"Manual\",$M18=$A$15),$M18>(ROW(PLE.lastrow)-ROW(PLE.firstrow))),0,\n           IF(OFFSET(PLE!$G$15,$M18-$A$15,CL$13)=\"\",10^12,OFFSET(PLE!$G$15,$M18-$A$15,CL$13)))","v":1000000000000},{"$f":"IF(OR($D18<>\"Serviço\",AND(AUTOEVENTO=\"Manual\",$M18=$A$15),$M18>(ROW(PLE.lastrow)-ROW(PLE.firstrow))),0,\n           IF(OFFSET(PLE!$G$15,$M18-$A$15,CM$13)=\"\",10^12,OFFSET(PLE!$G$15,$M18-$A$15,CM$13)))","v":1000000000000}]
[1,{"$f":"OFFSET(ORÇAMENTO!C$15,ROW(B19)-ROW(B$15),0)","v":"S"},{"$f":"OFFSET(ORÇAMENTO!L$15,ROW(C19)-ROW(C$15),0)","v":"F"},{"$f":"OFFSET(ORÇAMENTO!N$15,ROW(D19)-ROW(D$15),0)","v":"Serviço"},{"$f":"OFFSET(ORÇAMENTO!O$15,ROW(E19)-ROW(E$15),0)","v":"1.1.2."},{"$f":"OFFSET(ORÇAMENTO!R$15,ROW(F19)-ROW(F$15),0)","v":"LOCACAO DE CONTAINER 2,30 X 6,00 M, ALT. 2,50 M, COM 1 SANITARIO, PARA ESCRITORIO, COMPLETO, SEM DIVISORIAS INTERNAS (NAO INCLUI MOBILIZACAO/DESMOBILIZACAO)"},{"$f":"IF($D19<>\"Serviço\",\"\",OFFSET(ORÇAMENTO!S$15,ROW(G19)-ROW(G$15),0))","v":"MES"},{"$f":"IF($D19<>\"Serviço\",0,IF(ACOMPANHAMENTO=\"BM\",ROUND(OFFSET(ORÇAMENTO!AJ$15,ROW(H19)-ROW(H$15),0),15-13*ORÇAMENTO!$AF$7),SUMPRODUCT(($Q$1:$AI$1=1)*ROUND($Q19:$AI19,15-13*ORÇAMENTO!$AF$7))))","v":12},null,{"$f":"IF(B19<>\"S\",\"\",IF(AND(ACOMPANHAMENTO=\"PLE\",AUTOEVENTO=\"Manual\",OR(H19>0,ORÇAMENTO!AC19=\"QUANT.\"),OR(K19=\"\",M19=0,N19=\"\")),\"►\",IF(AND(ACOMPANHAMENTO=\"PLE\",ORÇAMENTO!AC19=\"QUANT.\"),\"►►\",IF(AND(COUNTIF($P$11:$AI$11,\"▼\")=0,H19>0,I19=\"\"),\"◄\",\"\"))))","v":"◄"},"1. SERVIÇOS PRELIMINARES",".",{"$f":"IF($D19<>\"Serviço\",\"\",\n          IF(AUTOEVENTO=\"manual\",$A19,\n                IF(ISERROR(MATCH($A19,$A$15:OFFSET($A19,-1,0),0)),MAX($M$15:OFFSET(M19,-1,0))+1,\n                      INDEX($M$15:OFFSET(M19,-1,0),MATCH($A19,$A$15:OFFSET($A19,-1,0),0)))))","v":1},{"$f":"IF($D19<>\"Serviço\",\"\",\n         IF(AUTOEVENTO=\"Manual\",\n                IF($A19=0,\"<-- defina o número do agrupador\",\n                       OFFSET(EVENTOS!$D$15,$A19-$A$15,0)),\n                OFFSET($F$15,$A19,0)))","v":"SERVIÇOS PRELIMINARES"},null,null,8,null,null,null,null,null,null,null,null,null,null,null,null,null,null,null,null,null,null,{"$f":"IF(AND($D19=\"Serviço\",AJ$12<>0,$H19>0,OR(AUTOEVENTO<>\"manual\",$M19<>$A$15)),\n        IF(Import.TipoArredondamento<>\"TransfereGOV\",\n              ROUND(OFFSET($P19,0,AJ$13),15-13*ORÇAMENTO!$AF$7)/$H19*OFFSET(ORÇAMENTO!$X$15,ROW(AJ19)-ROW(AJ$15),0),\n              ROUND(ROUND(OFFSET($P19,0,AJ$13),15-13*ORÇAMENTO!$AF$7)*OFFSET(ORÇAMENTO!$W$15,ROW(AJ19)-ROW(AJ$15),0),15-13*ORÇAMENTO!$AF$11)),\n         0)","v":0},{"$f":"IF(AND($D19=\"Serviço\",AK$12<>0,$H19>0,OR(AUTOEVENTO<>\"manual\",$M19<>$A$15)),\n        IF(Import.TipoArredondamento<>\"TransfereGOV\",\n              ROUND(OFFSET($P19,0,AK$13),15-13*ORÇAMENTO!$AF$7)/$H19*OFFSET(ORÇAMENTO!$X$15,ROW(AK19)-ROW(AK$15),0),\n              ROUND(ROUND(OFFSET($P19,0,AK$13),15-13*ORÇAMENTO!$AF$7)*OFFSET(ORÇAMENTO!$W$15,ROW(AK19)-ROW(AK$15),0),15-13*ORÇAMENTO!$AF$11)),\n         0)","v":0},{"$f":"IF(AND($D19=\"Serviço\",AL$12<>0,$H19>0,OR(AUTOEVENTO<>\"manual\",$M19<>$A$15)),\n        IF(Import.TipoArredondamento<>\"TransfereGOV\",\n              ROUND(OFFSET($P19,0,AL$13),15-13*ORÇAMENTO!$AF$7)/$H19*OFFSET(ORÇAMENTO!$X$15,ROW(AL19)-ROW(AL$15),0),\n              ROUND(ROUND(OFFSET($P19,0,AL$13),15-13*ORÇAMENTO!$AF$7)*OFFSET(ORÇAMENTO!$W$15,ROW(AL19)-ROW(AL$15),0),15-13*ORÇAMENTO!$AF$11)),\n         0)","v":0},{"$f":"IF(AND($D19=\"Serviço\",AM$12<>0,$H19>0,OR(AUTOEVENTO<>\"manual\",$M19<>$A$15)),\n        IF(Import.TipoArredondamento<>\"TransfereGOV\",\n              ROUND(OFFSET($P19,0,AM$13),15-13*ORÇAMENTO!$AF$7)/$H19*OFFSET(ORÇAMENTO!$X$15,ROW(AM19)-ROW(AM$15),0),\n              ROUND(ROUND(OFFSET($P19,0,AM$13),15-13*ORÇAMENTO!$AF$7)*OFFSET(ORÇAMENTO!$W$15,ROW(AM19)-ROW(AM$15),0),15-13*ORÇAMENTO!$AF$11)),\n         0)","v":0},{"$f":"IF(AND($D19=\"Serviço\",AN$12<>0,$H19>0,OR(AUTOEVENTO<>\"manual\",$M19<>$A$15)),\n        IF(Import.TipoArredondamento<>\"TransfereGOV\",\n              ROUND(OFFSET($P19,0,AN$13),15-13*ORÇAMENTO!$AF$7)/$H19*OFFSET(ORÇAMENTO!$X$15,ROW(AN19)-ROW(AN$15),0),\n              ROUND(ROUND(OFFSET($P19,0,AN$13),15-13*ORÇAMENTO!$AF$7)*OFFSET(ORÇAMENTO!$W$15,ROW(AN19)-ROW(AN$15),0),15-13*ORÇAMENTO!$AF$11)),\n         0)","v":0},{"$f":"IF(AND($D19=\"Serviço\",AO$12<>0,$H19>0,OR(AUTOEVENTO<>\"manual\",$M19<>$A$15)),\n        IF(Import.TipoArredondamento<>\"TransfereGOV\",\n              ROUND(OFFSET($P19,0,AO$13),15-13*ORÇAMENTO!$AF$7)/$H19*OFFSET(ORÇAMENTO!$X$15,ROW(AO19)-ROW(AO$15),0),\n              ROUND(ROUND(OFFSET($P19,0,AO$13),15-13*ORÇAMENTO!$AF$7)*OFFSET(ORÇAMENTO!$W$15,ROW(AO19)-ROW(AO$15),0),15-13*ORÇAMENTO!$AF$11)),\n         0)","v":0},{"$f":"IF(AND($D19=\"Serviço\",AP$12<>0,$H19>0,OR(AUTOEVENTO<>\"manual\",$M19<>$A$15)),\n        IF(Import.TipoArredondamento<>\"TransfereGOV\",\n              ROUND(OFFSET($P19,0,AP$13),15-13*ORÇAMENTO!$AF$7)/$H19*OFFSET(ORÇAMENTO!$X$15,ROW(AP19)-ROW(AP$15),0),\n              ROUND(ROUND(OFFSET($P19,0,AP$13),15-13*ORÇAMENTO!$AF$7)*OFFSET(ORÇAMENTO!$W$15,ROW(AP19)-ROW(AP$15),0),15-13*ORÇAMENTO!$AF$11)),\n         0)","v":0},{"$f":"IF(AND($D19=\"Serviço\",AQ$12<>0,$H19>0,OR(AUTOEVENTO<>\"manual\",$M19<>$A$15)),\n        IF(Import.TipoArredondamento<>\"TransfereGOV\",\n              ROUND(OFFSET($P19,0,AQ$13),15-13*ORÇAMENTO!$AF$7)/$H19*OFFSET(ORÇAMENTO!$X$15,ROW(AQ19)-ROW(AQ$15),0),\n              ROUND(ROUND(OFFSET($P19,0,AQ$13),15-13*ORÇAMENTO!$AF$7)*OFFSET(ORÇAMENTO!$W$15,ROW(AQ19)-ROW(AQ$15),0),15-13*ORÇAMENTO!$AF$11)),\n         0)","v":0},{"$f":"IF(AND($D19=\"Serviço\",AR$12<>0,$H19>0,OR(AUTOEVENTO<>\"manual\",$M19<>$A$15)),\n        IF(Import.TipoArredondamento<>\"TransfereGOV\",\n              ROUND(OFFSET($P19,0,AR$13),15-13*ORÇAMENTO!$AF$7)/$H19*OFFSET(ORÇAMENTO!$X$15,ROW(AR19)-ROW(AR$15),0),\n              ROUND(ROUND(OFFSET($P19,0,AR$13),15-13*ORÇAMENTO!$AF$7)*OFFSET(ORÇAMENTO!$W$15,ROW(AR19)-ROW(AR$15),0),15-13*ORÇAMENTO!$AF$11)),\n         0)","v":0},{"$f":"IF(AND($D19=\"Serviço\",AS$12<>0,$H19>0,OR(AUTOEVENTO<>\"manual\",$M19<>$A$15)),\n        IF(Import.TipoArredondamento<>\"TransfereGOV\",\n              ROUND(OFFSET($P19,0,AS$13),15-13*ORÇAMENTO!$AF$7)/$H19*OFFSET(ORÇAMENTO!$X$15,ROW(AS19)-ROW(AS$15),0),\n              ROUND(ROUND(OFFSET($P19,0,AS$13),15-13*ORÇAMENTO!$AF$7)*OFFSET(ORÇAMENTO!$W$15,ROW(AS19)-ROW(AS$15),0),15-13*ORÇAMENTO!$AF$11)),\n         0)","v":0},{"$f":"IF(AND($D19=\"Serviço\",AT$12<>0,$H19>0,OR(AUTOEVENTO<>\"manual\",$M19<>$A$15)),\n        IF(Import.TipoArredondamento<>\"TransfereGOV\",\n              ROUND(OFFSET($P19,0,AT$13),15-13*ORÇAMENTO!$AF$7)/$H19*OFFSET(ORÇAMENTO!$X$15,ROW(AT19)-ROW(AT$15),0),\n              ROUND(ROUND(OFFSET($P19,0,AT$13),15-13*ORÇAMENTO!$AF$7)*OFFSET(ORÇAMENTO!$W$15,ROW(AT19)-ROW(AT$15),0),15-13*ORÇAMENTO!$AF$11)),\n         0)","v":0},{"$f":"IF(AND($D19=\"Serviço\",AU$12<>0,$H19>0,OR(AUTOEVENTO<>\"manual\",$M19<>$A$15)),\n        IF(Import.TipoArredondamento<>\"TransfereGOV\",\n              ROUND(OFFSET($P19,0,AU$13),15-13*ORÇAMENTO!$AF$7)/$H19*OFFSET(ORÇAMENTO!$X$15,ROW(AU19)-ROW(AU$15),0),\n              ROUND(ROUND(OFFSET($P19,0,AU$13),15-13*ORÇAMENTO!$AF$7)*OFFSET(ORÇAMENTO!$W$15,ROW(AU19)-ROW(AU$15),0),15-13*ORÇAMENTO!$AF$11)),\n         0)","v":0},{"$f":"IF(AND($D19=\"Serviço\",AV$12<>0,$H19>0,OR(AUTOEVENTO<>\"manual\",$M19<>$A$15)),\n        IF(Import.TipoArredondamento<>\"TransfereGOV\",\n              ROUND(OFFSET($P19,0,AV$13),15-13*ORÇAMENTO!$AF$7)/$H19*OFFSET(ORÇAMENTO!$X$15,ROW(AV19)-ROW(AV$15),0),\n              ROUND(ROUND(OFFSET($P19,0,AV$13),15-13*ORÇAMENTO!$AF$7)*OFFSET(ORÇAMENTO!$W$15,ROW(AV19)-ROW(AV$15),0),15-13*ORÇAMENTO!$AF$11)),\n         0)","v":0},{"$f":"IF(AND($D19=\"Serviço\",AW$12<>0,$H19>0,OR(AUTOEVENTO<>\"manual\",$M19<>$A$15)),\n        IF(Import.TipoArredondamento<>\"TransfereGOV\",\n              ROUND(OFFSET($P19,0,AW$13),15-13*ORÇAMENTO!$AF$7)/$H19*OFFSET(ORÇAMENTO!$X$15,ROW(AW19)-ROW(AW$15),0),\n              ROUND(ROUND(OFFSET($P19,0,AW$13),15-13*ORÇAMENTO!$AF$7)*OFFSET(ORÇAMENTO!$W$15,ROW(AW19)-ROW(AW$15),0),15-13*ORÇAMENTO!$AF$11)),\n         0)","v":0},{"$f":"IF(AND($D19=\"Serviço\",AX$12<>0,$H19>0,OR(AUTOEVENTO<>\"manual\",$M19<>$A$15)),\n        IF(Import.TipoArredondamento<>\"TransfereGOV\",\n              ROUND(OFFSET($P19,0,AX$13),15-13*ORÇAMENTO!$AF$7)/$H19*OFFSET(ORÇAMENTO!$X$15,ROW(AX19)-ROW(AX$15),0),\n              ROUND(ROUND(OFFSET($P19,0,AX$13),15-13*ORÇAMENTO!$AF$7)*OFFSET(ORÇAMENTO!$W$15,ROW(AX19)-ROW(AX$15),0),15-13*ORÇAMENTO!$AF$11)),\n         0)","v":0},{"$f":"IF(AND($D19=\"Serviço\",AY$12<>0,$H19>0,OR(AUTOEVENTO<>\"manual\",$M19<>$A$15)),\n        IF(Import.TipoArredondamento<>\"TransfereGOV\",\n              ROUND(OFFSET($P19,0,AY$13),15-13*ORÇAMENTO!$AF$7)/$H19*OFFSET(ORÇAMENTO!$X$15,ROW(AY19)-ROW(AY$15),0),\n              ROUND(ROUND(OFFSET($P19,0,AY$13),15-13*ORÇAMENTO!$AF$7)*OFFSET(ORÇAMENTO!$W$15,ROW(AY19)-ROW(AY$15),0),15-13*ORÇAMENTO!$AF$11)),\n         0)","v":0},{"$f":"IF(AND($D19=\"Serviço\",AZ$12<>0,$H19>0,OR(AUTOEVENTO<>\"manual\",$M19<>$A$15)),\n        IF(Import.TipoArredondamento<>\"TransfereGOV\",\n              ROUND(OFFSET($P19,0,AZ$13),15-13*ORÇAMENTO!$AF$7)/$H19*OFFSET(ORÇAMENTO!$X$15,ROW(AZ19)-ROW(AZ$15),0),\n              ROUND(ROUND(OFFSET($P19,0,AZ$13),15-13*ORÇAMENTO!$AF$7)*OFFSET(ORÇAMENTO!$W$15,ROW(AZ19)-ROW(AZ$15),0),15-13*ORÇAMENTO!$AF$11)),\n         0)","v":0},{"$f":"IF(AND($D19=\"Serviço\",BA$12<>0,$H19>0,OR(AUTOEVENTO<>\"manual\",$M19<>$A$15)),\n        IF(Import.TipoArredondamento<>\"TransfereGOV\",\n              ROUND(OFFSET($P19,0,BA$13),15-13*ORÇAMENTO!$AF$7)/$H19*OFFSET(ORÇAMENTO!$X$15,ROW(BA19)-ROW(BA$15),0),\n              ROUND(ROUND(OFFSET($P19,0,BA$13),15-13*ORÇAMENTO!$AF$7)*OFFSET(ORÇAMENTO!$W$15,ROW(BA19)-ROW(BA$15),0),15-13*ORÇAMENTO!$AF$11)),\n         0)","v":0},null,{"$f":"IF(OR($D19<>\"Serviço\",AND(AUTOEVENTO=\"Manual\",$M19=$A$15)),0,\n         IF(OFFSET(CRONOPLE!$F$15,$M19-$A$15,BC$13)=\"\",10^12,OFFSET(CRONOPLE!$F$15,$M19-$A$15,BC$13)))","v":1000000000000},{"$f":"IF(OR($D19<>\"Serviço\",AND(AUTOEVENTO=\"Manual\",$M19=$A$15)),0,\n         IF(OFFSET(CRONOPLE!$F$15,$M19-$A$15,BD$13)=\"\",10^12,OFFSET(CRONOPLE!$F$15,$M19-$A$15,BD$13)))","v":1000000000000},{"$f":"IF(OR($D19<>\"Serviço\",AND(AUTOEVENTO=\"Manual\",$M19=$A$15)),0,\n         IF(OFFSET(CRONOPLE!$F$15,$M19-$A$15,BE$13)=\"\",10^12,OFFSET(CRONOPLE!$F$15,$M19-$A$15,BE$13)))","v":1000000000000},{"$f":"IF(OR($D19<>\"Serviço\",AND(AUTOEVENTO=\"Manual\",$M19=$A$15)),0,\n         IF(OFFSET(CRONOPLE!$F$15,$M19-$A$15,BF$13)=\"\",10^12,OFFSET(CRONOPLE!$F$15,$M19-$A$15,BF$13)))","v":1000000000000},{"$f":"IF(OR($D19<>\"Serviço\",AND(AUTOEVENTO=\"Manual\",$M19=$A$15)),0,\n         IF(OFFSET(CRONOPLE!$F$15,$M19-$A$15,BG$13)=\"\",10^12,OFFSET(CRONOPLE!$F$15,$M19-$A$15,BG$13)))","v":1000000000000},{"$f":"IF(OR($D19<>\"Serviço\",AND(AUTOEVENTO=\"Manual\",$M19=$A$15)),0,\n         IF(OFFSET(CRONOPLE!$F$15,$M19-$A$15,BH$13)=\"\",10^12,OFFSET(CRONOPLE!$F$15,$M19-$A$15,BH$13)))","v":1000000000000},{"$f":"IF(OR($D19<>\"Serviço\",AND(AUTOEVENTO=\"Manual\",$M19=$A$15)),0,\n         IF(OFFSET(CRONOPLE!$F$15,$M19-$A$15,BI$13)=\"\",10^12,OFFSET(CRONOPLE!$F$15,$M19-$A$15,BI$13)))","v":1000000000000},{"$f":"IF(OR($D19<>\"Serviço\",AND(AUTOEVENTO=\"Manual\",$M19=$A$15)),0,\n         IF(OFFSET(CRONOPLE!$F$15,$M19-$A$15,BJ$13)=\"\",10^12,OFFSET(CRONOPLE!$F$15,$M19-$A$15,BJ$13)))","v":1000000000000},{"$f":"IF(OR($D19<>\"Serviço\",AND(AUTOEVENTO=\"Manual\",$M19=$A$15)),0,\n         IF(OFFSET(CRONOPLE!$F$15,$M19-$A$15,BK$13)=\"\",10^12,OFFSET(CRONOPLE!$F$15,$M19-$A$15,BK$13)))","v":1000000000000},{"$f":"IF(OR($D19<>\"Serviço\",AND(AUTOEVENTO=\"Manual\",$M19=$A$15)),0,\n         IF(OFFSET(CRONOPLE!$F$15,$M19-$A$15,BL$13)=\"\",10^12,OFFSET(CRONOPLE!$F$15,$M19-$A$15,BL$13)))","v":1000000000000},{"$f":"IF(OR($D19<>\"Serviço\",AND(AUTOEVENTO=\"Manual\",$M19=$A$15)),0,\n         IF(OFFSET(CRONOPLE!$F$15,$M19-$A$15,BM$13)=\"\",10^12,OFFSET(CRONOPLE!$F$15,$M19-$A$15,BM$13)))","v":1000000000000},{"$f":"IF(OR($D19<>\"Serviço\",AND(AUTOEVENTO=\"Manual\",$M19=$A$15)),0,\n         IF(OFFSET(CRONOPLE!$F$15,$M19-$A$15,BN$13)=\"\",10^12,OFFSET(CRONOPLE!$F$15,$M19-$A$15,BN$13)))","v":1000000000000},{"$f":"IF(OR($D19<>\"Serviço\",AND(AUTOEVENTO=\"Manual\",$M19=$A$15)),0,\n         IF(OFFSET(CRONOPLE!$F$15,$M19-$A$15,BO$13)=\"\",10^12,OFFSET(CRONOPLE!$F$15,$M19-$A$15,BO$13)))","v":1000000000000},{"$f":"IF(OR($D19<>\"Serviço\",AND(AUTOEVENTO=\"Manual\",$M19=$A$15)),0,\n         IF(OFFSET(CRONOPLE!$F$15,$M19-$A$15,BP$13)=\"\",10^12,OFFSET(CRONOPLE!$F$15,$M19-$A$15,BP$13)))","v":1000000000000},{"$f":"IF(OR($D19<>\"Serviço\",AND(AUTOEVENTO=\"Manual\",$M19=$A$15)),0,\n         IF(OFFSET(CRONOPLE!$F$15,$M19-$A$15,BQ$13)=\"\",10^12,OFFSET(CRONOPLE!$F$15,$M19-$A$15,BQ$13)))","v":1000000000000},{"$f":"IF(OR($D19<>\"Serviço\",AND(AUTOEVENTO=\"Manual\",$M19=$A$15)),0,\n         IF(OFFSET(CRONOPLE!$F$15,$M19-$A$15,BR$13)=\"\",10^12,OFFSET(CRONOPLE!$F$15,$M19-$A$15,BR$13)))","v":1000000000000},{"$f":"IF(OR($D19<>\"Serviço\",AND(AUTOEVENTO=\"Manual\",$M19=$A$15)),0,\n         IF(OFFSET(CRONOPLE!$F$15,$M19-$A$15,BS$13)=\"\",10^12,OFFSET(CRONOPLE!$F$15,$M19-$A$15,BS$13)))","v":1000000000000},{"$f":"IF(OR($D19<>\"Serviço\",AND(AUTOEVENTO=\"Manual\",$M19=$A$15)),0,\n         IF(OFFSET(CRONOPLE!$F$15,$M19-$A$15,BT$13)=\"\",10^12,OFFSET(CRONOPLE!$F$15,$M19-$A$15,BT$13)))","v":1000000000000},null,{"$f":"IF(OR($D19<>\"Serviço\",AND(AUTOEVENTO=\"Manual\",$M19=$A$15),$M19>(ROW(PLE.lastrow)-ROW(PLE.firstrow))),0,\n           IF(OFFSET(PLE!$G$15,$M19-$A$15,BV$13)=\"\",10^12,OFFSET(PLE!$G$15,$M19-$A$15,BV$13)))","v":1000000000000},{"$f":"IF(OR($D19<>\"Serviço\",AND(AUTOEVENTO=\"Manual\",$M19=$A$15),$M19>(ROW(PLE.lastrow)-ROW(PLE.firstrow))),0,\n           IF(OFFSET(PLE!$G$15,$M19-$A$15,BW$13)=\"\",10^12,OFFSET(PLE!$G$15,$M19-$A$15,BW$13)))","v":1000000000000},{"$f":"IF(OR($D19<>\"Serviço\",AND(AUTOEVENTO=\"Manual\",$M19=$A$15),$M19>(ROW(PLE.lastrow)-ROW(PLE.firstrow))),0,\n           IF(OFFSET(PLE!$G$15,$M19-$A$15,BX$13)=\"\",10^12,OFFSET(PLE!$G$15,$M19-$A$15,BX$13)))","v":1000000000000},{"$f":"IF(OR($D19<>\"Serviço\",AND(AUTOEVENTO=\"Manual\",$M19=$A$15),$M19>(ROW(PLE.lastrow)-ROW(PLE.firstrow))),0,\n           IF(OFFSET(PLE!$G$15,$M19-$A$15,BY$13)=\"\",10^12,OFFSET(PLE!$G$15,$M19-$A$15,BY$13)))","v":1000000000000},{"$f":"IF(OR($D19<>\"Serviço\",AND(AUTOEVENTO=\"Manual\",$M19=$A$15),$M19>(ROW(PLE.lastrow)-ROW(PLE.firstrow))),0,\n           IF(OFFSET(PLE!$G$15,$M19-$A$15,BZ$13)=\"\",10^12,OFFSET(PLE!$G$15,$M19-$A$15,BZ$13)))","v":1000000000000},{"$f":"IF(OR($D19<>\"Serviço\",AND(AUTOEVENTO=\"Manual\",$M19=$A$15),$M19>(ROW(PLE.lastrow)-ROW(PLE.firstrow))),0,\n           IF(OFFSET(PLE!$G$15,$M19-$A$15,CA$13)=\"\",10^12,OFFSET(PLE!$G$15,$M19-$A$15,CA$13)))","v":1000000000000},{"$f":"IF(OR($D19<>\"Serviço\",AND(AUTOEVENTO=\"Manual\",$M19=$A$15),$M19>(ROW(PLE.lastrow)-ROW(PLE.firstrow))),0,\n           IF(OFFSET(PLE!$G$15,$M19-$A$15,CB$13)=\"\",10^12,OFFSET(PLE!$G$15,$M19-$A$15,CB$13)))","v":1000000000000},{"$f":"IF(OR($D19<>\"Serviço\",AND(AUTOEVENTO=\"Manual\",$M19=$A$15),$M19>(ROW(PLE.lastrow)-ROW(PLE.firstrow))),0,\n           IF(OFFSET(PLE!$G$15,$M19-$A$15,CC$13)=\"\",10^12,OFFSET(PLE!$G$15,$M19-$A$15,CC$13)))","v":1000000000000},{"$f":"IF(OR($D19<>\"Serviço\",AND(AUTOEVENTO=\"Manual\",$M19=$A$15),$M19>(ROW(PLE.lastrow)-ROW(PLE.firstrow))),0,\n           IF(OFFSET(PLE!$G$15,$M19-$A$15,CD$13)=\"\",10^12,OFFSET(PLE!$G$15,$M19-$A$15,CD$13)))","v":1000000000000},{"$f":"IF(OR($D19<>\"Serviço\",AND(AUTOEVENTO=\"Manual\",$M19=$A$15),$M19>(ROW(PLE.lastrow)-ROW(PLE.firstrow))),0,\n           IF(OFFSET(PLE!$G$15,$M19-$A$15,CE$13)=\"\",10^12,OFFSET(PLE!$G$15,$M19-$A$15,CE$13)))","v":1000000000000},{"$f":"IF(OR($D19<>\"Serviço\",AND(AUTOEVENTO=\"Manual\",$M19=$A$15),$M19>(ROW(PLE.lastrow)-ROW(PLE.firstrow))),0,\n           IF(OFFSET(PLE!$G$15,$M19-$A$15,CF$13)=\"\",10^12,OFFSET(PLE!$G$15,$M19-$A$15,CF$13)))","v":1000000000000},{"$f":"IF(OR($D19<>\"Serviço\",AND(AUTOEVENTO=\"Manual\",$M19=$A$15),$M19>(ROW(PLE.lastrow)-ROW(PLE.firstrow))),0,\n           IF(OFFSET(PLE!$G$15,$M19-$A$15,CG$13)=\"\",10^12,OFFSET(PLE!$G$15,$M19-$A$15,CG$13)))","v":1000000000000},{"$f":"IF(OR($D19<>\"Serviço\",AND(AUTOEVENTO=\"Manual\",$M19=$A$15),$M19>(ROW(PLE.lastrow)-ROW(PLE.firstrow))),0,\n           IF(OFFSET(PLE!$G$15,$M19-$A$15,CH$13)=\"\",10^12,OFFSET(PLE!$G$15,$M19-$A$15,CH$13)))","v":1000000000000},{"$f":"IF(OR($D19<>\"Serviço\",AND(AUTOEVENTO=\"Manual\",$M19=$A$15),$M19>(ROW(PLE.lastrow)-ROW(PLE.firstrow))),0,\n           IF(OFFSET(PLE!$G$15,$M19-$A$15,CI$13)=\"\",10^12,OFFSET(PLE!$G$15,$M19-$A$15,CI$13)))","v":1000000000000},{"$f":"IF(OR($D19<>\"Serviço\",AND(AUTOEVENTO=\"Manual\",$M19=$A$15),$M19>(ROW(PLE.lastrow)-ROW(PLE.firstrow))),0,\n           IF(OFFSET(PLE!$G$15,$M19-$A$15,CJ$13)=\"\",10^12,OFFSET(PLE!$G$15,$M19-$A$15,CJ$13)))","v":1000000000000},{"$f":"IF(OR($D19<>\"Serviço\",AND(AUTOEVENTO=\"Manual\",$M19=$A$15),$M19>(ROW(PLE.lastrow)-ROW(PLE.firstrow))),0,\n           IF(OFFSET(PLE!$G$15,$M19-$A$15,CK$13)=\"\",10^12,OFFSET(PLE!$G$15,$M19-$A$15,CK$13)))","v":1000000000000},{"$f":"IF(OR($D19<>\"Serviço\",AND(AUTOEVENTO=\"Manual\",$M19=$A$15),$M19>(ROW(PLE.lastrow)-ROW(PLE.firstrow))),0,\n           IF(OFFSET(PLE!$G$15,$M19-$A$15,CL$13)=\"\",10^12,OFFSET(PLE!$G$15,$M19-$A$15,CL$13)))","v":1000000000000},{"$f":"IF(OR($D19<>\"Serviço\",AND(AUTOEVENTO=\"Manual\",$M19=$A$15),$M19>(ROW(PLE.lastrow)-ROW(PLE.firstrow))),0,\n           IF(OFFSET(PLE!$G$15,$M19-$A$15,CM$13)=\"\",10^12,OFFSET(PLE!$G$15,$M19-$A$15,CM$13)))","v":1000000000000}]
[1,{"$f":"OFFSET(ORÇAMENTO!C$15,ROW(B20)-ROW(B$15),0)","v":"S"},{"$f":"OFFSET(ORÇAMENTO!L$15,ROW(C20)-ROW(C$15),0)","v":"F"},{"$f":"OFFSET(ORÇAMENTO!N$15,ROW(D20)-ROW(D$15),0)","v":"Serviço"},{"$f":"OFFSET(ORÇAMENTO!O$15,ROW(E20)-ROW(E$15),0)","v":"1.1.3."},{"$f":"OFFSET(ORÇAMENTO!R$15,ROW(F20)-ROW(F$15),0)","v":"Ligação provisória de água"},{"$f":"IF($D20<>\"Serviço\",\"\",OFFSET(ORÇAMENTO!S$15,ROW(G20)-ROW(G$15),0))","v":"UN"},{"$f":"IF($D20<>\"Serviço\",0,IF(ACOMPANHAMENTO=\"BM\",ROUND(OFFSET(ORÇAMENTO!AJ$15,ROW(H20)-ROW(H$15),0),15-13*ORÇAMENTO!$AF$7),SUMPRODUCT(($Q$1:$AI$1=1)*ROUND($Q20:$AI20,15-13*ORÇAMENTO!$AF$7))))","v":1},null,{"$f":"IF(B20<>\"S\",\"\",IF(AND(ACOMPANHAMENTO=\"PLE\",AUTOEVENTO=\"Manual\",OR(H20>0,ORÇAMENTO!AC20=\"QUANT.\"),OR(K20=\"\",M20=0,N20=\"\")),\"►\",IF(AND(ACOMPANHAMENTO=\"PLE\",ORÇAMENTO!AC20=\"QUANT.\"),\"►►\",IF(AND(COUNTIF($P$11:$AI$11,\"▼\")=0,H20>0,I20=\"\"),\"◄\",\"\"))))","v":"◄"},"1. SERVIÇOS PRELIMINARES",".",{"$f":"IF($D20<>\"Serviço\",\"\",\n          IF(AUTOEVENTO=\"manual\",$A20,\n                IF(ISERROR(MATCH($A20,$A$15:OFFSET($A20,-1,0),0)),MAX($M$15:OFFSET(M20,-1,0))+1,\n                      INDEX($M$15:OFFSET(M20,-1,0),MATCH($A20,$A$15:OFFSET($A20,-1,0),0)))))","v":1},{"$f":"IF($D20<>\"Serviço\",\"\",\n         IF(AUTOEVENTO=\"Manual\",\n                IF($A20=0,\"<-- defina o número do agrupador\",\n                       OFFSET(EVENTOS!$D$15,$A20-$A$15,0)),\n                OFFSET($F$15,$A20,0)))","v":"SERVIÇOS PRELIMINARES"},null,null,1,null,null,null,null,null,null,null,null,null,null,null,null,null,null,null,null,null,null,{"$f":"IF(AND($D20=\"Serviço\",AJ$12<>0,$H20>0,OR(AUTOEVENTO<>\"manual\",$M20<>$A$15)),\n        IF(Import.TipoArredondamento<>\"TransfereGOV\",\n              ROUND(OFFSET($P20,0,AJ$13),15-13*ORÇAMENTO!$AF$7)/$H20*OFFSET(ORÇAMENTO!$X$15,ROW(AJ20)-ROW(AJ$15),0),\n              ROUND(ROUND(OFFSET($P20,0,AJ$13),15-13*ORÇAMENTO!$AF$7)*OFFSET(ORÇAMENTO!$W$15,ROW(AJ20)-ROW(AJ$15),0),15-13*ORÇAMENTO!$AF$11)),\n         0)","v":0},{"$f":"IF(AND($D20=\"Serviço\",AK$12<>0,$H20>0,OR(AUTOEVENTO<>\"manual\",$M20<>$A$15)),\n        IF(Import.TipoArredondamento<>\"TransfereGOV\",\n              ROUND(OFFSET($P20,0,AK$13),15-13*ORÇAMENTO!$AF$7)/$H20*OFFSET(ORÇAMENTO!$X$15,ROW(AK20)-ROW(AK$15),0),\n              ROUND(ROUND(OFFSET($P20,0,AK$13),15-13*ORÇAMENTO!$AF$7)*OFFSET(ORÇAMENTO!$W$15,ROW(AK20)-ROW(AK$15),0),15-13*ORÇAMENTO!$AF$11)),\n         0)","v":0},{"$f":"IF(AND($D20=\"Serviço\",AL$12<>0,$H20>0,OR(AUTOEVENTO<>\"manual\",$M20<>$A$15)),\n        IF(Import.TipoArredondamento<>\"TransfereGOV\",\n              ROUND(OFFSET($P20,0,AL$13),15-13*ORÇAMENTO!$AF$7)/$H20*OFFSET(ORÇAMENTO!$X$15,ROW(AL20)-ROW(AL$15),0),\n              ROUND(ROUND(OFFSET($P20,0,AL$13),15-13*ORÇAMENTO!$AF$7)*OFFSET(ORÇAMENTO!$W$15,ROW(AL20)-ROW(AL$15),0),15-13*ORÇAMENTO!$AF$11)),\n         0)","v":0},{"$f":"IF(AND($D20=\"Serviço\",AM$12<>0,$H20>0,OR(AUTOEVENTO<>\"manual\",$M20<>$A$15)),\n        IF(Import.TipoArredondamento<>\"TransfereGOV\",\n              ROUND(OFFSET($P20,0,AM$13),15-13*ORÇAMENTO!$AF$7)/$H20*OFFSET(ORÇAMENTO!$X$15,ROW(AM20)-ROW(AM$15),0),\n              ROUND(ROUND(OFFSET($P20,0,AM$13),15-13*ORÇAMENTO!$AF$7)*OFFSET(ORÇAMENTO!$W$15,ROW(AM20)-ROW(AM$15),0),15-13*ORÇAMENTO!$AF$11)),\n         0)","v":0},{"$f":"IF(AND($D20=\"Serviço\",AN$12<>0,$H20>0,OR(AUTOEVENTO<>\"manual\",$M20<>$A$15)),\n        IF(Import.TipoArredondamento<>\"TransfereGOV\",\n              ROUND(OFFSET($P20,0,AN$13),15-13*ORÇAMENTO!$AF$7)/$H20*OFFSET(ORÇAMENTO!$X$15,ROW(AN20)-ROW(AN$15),0),\n              ROUND(ROUND(OFFSET($P20,0,AN$13),15-13*ORÇAMENTO!$AF$7)*OFFSET(ORÇAMENTO!$W$15,ROW(AN20)-ROW(AN$15),0),15-13*ORÇAMENTO!$AF$11)),\n         0)","v":0},{"$f":"IF(AND($D20=\"Serviço\",AO$12<>0,$H20>0,OR(AUTOEVENTO<>\"manual\",$M20<>$A$15)),\n        IF(Import.TipoArredondamento<>\"TransfereGOV\",\n              ROUND(OFFSET($P20,0,AO$13),15-13*ORÇAMENTO!$AF$7)/$H20*OFFSET(ORÇAMENTO!$X$15,ROW(AO20)-ROW(AO$15),0),\n              ROUND(ROUND(OFFSET($P20,0,AO$13),15-13*ORÇAMENTO!$AF$7)*OFFSET(ORÇAMENTO!$W$15,ROW(AO20)-ROW(AO$15),0),15-13*ORÇAMENTO!$AF$11)),\n         0)","v":0},{"$f":"IF(AND($D20=\"Serviço\",AP$12<>0,$H20>0,OR(AUTOEVENTO<>\"manual\",$M20<>$A$15)),\n        IF(Import.TipoArredondamento<>\"TransfereGOV\",\n              ROUND(OFFSET($P20,0,AP$13),15-13*ORÇAMENTO!$AF$7)/$H20*OFFSET(ORÇAMENTO!$X$15,ROW(AP20)-ROW(AP$15),0),\n              ROUND(ROUND(OFFSET($P20,0,AP$13),15-13*ORÇAMENTO!$AF$7)*OFFSET(ORÇAMENTO!$W$15,ROW(AP20)-ROW(AP$15),0),15-13*ORÇAMENTO!$AF$11)),\n         0)","v":0},{"$f":"IF(AND($D20=\"Serviço\",AQ$12<>0,$H20>0,OR(AUTOEVENTO<>\"manual\",$M20<>$A$15)),\n        IF(Import.TipoArredondamento<>\"TransfereGOV\",\n              ROUND(OFFSET($P20,0,AQ$13),15-13*ORÇAMENTO!$AF$7)/$H20*OFFSET(ORÇAMENTO!$X$15,ROW(AQ20)-ROW(AQ$15),0),\n              ROUND(ROUND(OFFSET($P20,0,AQ$13),15-13*ORÇAMENTO!$AF$7)*OFFSET(ORÇAMENTO!$W$15,ROW(AQ20)-ROW(AQ$15),0),15-13*ORÇAMENTO!$AF$11)),\n         0)","v":0},{"$f":"IF(AND($D20=\"Serviço\",AR$12<>0,$H20>0,OR(AUTOEVENTO<>\"manual\",$M20<>$A$15)),\n        IF(Import.TipoArredondamento<>\"TransfereGOV\",\n              ROUND(OFFSET($P20,0,AR$13),15-13*ORÇAMENTO!$AF$7)/$H20*OFFSET(ORÇAMENTO!$X$15,ROW(AR20)-ROW(AR$15),0),\n              ROUND(ROUND(OFFSET($P20,0,AR$13),15-13*ORÇAMENTO!$AF$7)*OFFSET(ORÇAMENTO!$W$15,ROW(AR20)-ROW(AR$15),0),15-13*ORÇAMENTO!$AF$11)),\n         0)","v":0},{"$f":"IF(AND($D20=\"Serviço\",AS$12<>0,$H20>0,OR(AUTOEVENTO<>\"manual\",$M20<>$A$15)),\n        IF(Import.TipoArredondamento<>\"TransfereGOV\",\n              ROUND(OFFSET($P20,0,AS$13),15-13*ORÇAMENTO!$AF$7)/$H20*OFFSET(ORÇAMENTO!$X$15,ROW(AS20)-ROW(AS$15),0),\n              ROUND(ROUND(OFFSET($P20,0,AS$13),15-13*ORÇAMENTO!$AF$7)*OFFSET(ORÇAMENTO!$W$15,ROW(AS20)-ROW(AS$15),0),15-13*ORÇAMENTO!$AF$11)),\n         0)","v":0},{"$f":"IF(AND($D20=\"Serviço\",AT$12<>0,$H20>0,OR(AUTOEVENTO<>\"manual\",$M20<>$A$15)),\n        IF(Import.TipoArredondamento<>\"TransfereGOV\",\n              ROUND(OFFSET($P20,0,AT$13),15-13*ORÇAMENTO!$AF$7)/$H20*OFFSET(ORÇAMENTO!$X$15,ROW(AT20)-ROW(AT$15),0),\n              ROUND(ROUND(OFFSET($P20,0,AT$13),15-13*ORÇAMENTO!$AF$7)*OFFSET(ORÇAMENTO!$W$15,ROW(AT20)-ROW(AT$15),0),15-13*ORÇAMENTO!$AF$11)),\n         0)","v":0},{"$f":"IF(AND($D20=\"Serviço\",AU$12<>0,$H20>0,OR(AUTOEVENTO<>\"manual\",$M20<>$A$15)),\n        IF(Import.TipoArredondamento<>\"TransfereGOV\",\n              ROUND(OFFSET($P20,0,AU$13),15-13*ORÇAMENTO!$AF$7)/$H20*OFFSET(ORÇAMENTO!$X$15,ROW(AU20)-ROW(AU$15),0),\n              ROUND(ROUND(OFFSET($P20,0,AU$13),15-13*ORÇAMENTO!$AF$7)*OFFSET(ORÇAMENTO!$W$15,ROW(AU20)-ROW(AU$15),0),15-13*ORÇAMENTO!$AF$11)),\n         0)","v":0},{"$f":"IF(AND($D20=\"Serviço\",AV$12<>0,$H20>0,OR(AUTOEVENTO<>\"manual\",$M20<>$A$15)),\n        IF(Import.TipoArredondamento<>\"TransfereGOV\",\n              ROUND(OFFSET($P20,0,AV$13),15-13*ORÇAMENTO!$AF$7)/$H20*OFFSET(ORÇAMENTO!$X$15,ROW(AV20)-ROW(AV$15),0),\n              ROUND(ROUND(OFFSET($P20,0,AV$13),15-13*ORÇAMENTO!$AF$7)*OFFSET(ORÇAMENTO!$W$15,ROW(AV20)-ROW(AV$15),0),15-13*ORÇAMENTO!$AF$11)),\n         0)","v":0},{"$f":"IF(AND($D20=\"Serviço\",AW$12<>0,$H20>0,OR(AUTOEVENTO<>\"manual\",$M20<>$A$15)),\n        IF(Import.TipoArredondamento<>\"TransfereGOV\",\n              ROUND(OFFSET($P20,0,AW$13),15-13*ORÇAMENTO!$AF$7)/$H20*OFFSET(ORÇAMENTO!$X$15,ROW(AW20)-ROW(AW$15),0),\n              ROUND(ROUND(OFFSET($P20,0,AW$13),15-13*ORÇAMENTO!$AF$7)*OFFSET(ORÇAMENTO!$W$15,ROW(AW20)-ROW(AW$15),0),15-13*ORÇAMENTO!$AF$11)),\n         0)","v":0},{"$f":"IF(AND($D20=\"Serviço\",AX$12<>0,$H20>0,OR(AUTOEVENTO<>\"manual\",$M20<>$A$15)),\n        IF(Import.TipoArredondamento<>\"TransfereGOV\",\n              ROUND(OFFSET($P20,0,AX$13),15-13*ORÇAMENTO!$AF$7)/$H20*OFFSET(ORÇAMENTO!$X$15,ROW(AX20)-ROW(AX$15),0),\n              ROUND(ROUND(OFFSET($P20,0,AX$13),15-13*ORÇAMENTO!$AF$7)*OFFSET(ORÇAMENTO!$W$15,ROW(AX20)-ROW(AX$15),0),15-13*ORÇAMENTO!$AF$11)),\n         0)","v":0},{"$f":"IF(AND($D20=\"Serviço\",AY$12<>0,$H20>0,OR(AUTOEVENTO<>\"manual\",$M20<>$A$15)),\n        IF(Import.TipoArredondamento<>\"TransfereGOV\",\n              ROUND(OFFSET($P20,0,AY$13),15-13*ORÇAMENTO!$AF$7)/$H20*OFFSET(ORÇAMENTO!$X$15,ROW(AY20)-ROW(AY$15),0),\n              ROUND(ROUND(OFFSET($P20,0,AY$13),15-13*ORÇAMENTO!$AF$7)*OFFSET(ORÇAMENTO!$W$15,ROW(AY20)-ROW(AY$15),0),15-13*ORÇAMENTO!$AF$11)),\n         0)","v":0},{"$f":"IF(AND($D20=\"Serviço\",AZ$12<>0,$H20>0,OR(AUTOEVENTO<>\"manual\",$M20<>$A$15)),\n        IF(Import.TipoArredondamento<>\"TransfereGOV\",\n              ROUND(OFFSET($P20,0,AZ$13),15-13*ORÇAMENTO!$AF$7)/$H20*OFFSET(ORÇAMENTO!$X$15,ROW(AZ20)-ROW(AZ$15),0),\n              ROUND(ROUND(OFFSET($P20,0,AZ$13),15-13*ORÇAMENTO!$AF$7)*OFFSET(ORÇAMENTO!$W$15,ROW(AZ20)-ROW(AZ$15),0),15-13*ORÇAMENTO!$AF$11)),\n         0)","v":0},{"$f":"IF(AND($D20=\"Serviço\",BA$12<>0,$H20>0,OR(AUTOEVENTO<>\"manual\",$M20<>$A$15)),\n        IF(Import.TipoArredondamento<>\"TransfereGOV\",\n              ROUND(OFFSET($P20,0,BA$13),15-13*ORÇAMENTO!$AF$7)/$H20*OFFSET(ORÇAMENTO!$X$15,ROW(BA20)-ROW(BA$15),0),\n              ROUND(ROUND(OFFSET($P20,0,BA$13),15-13*ORÇAMENTO!$AF$7)*OFFSET(ORÇAMENTO!$W$15,ROW(BA20)-ROW(BA$15),0),15-13*ORÇAMENTO!$AF$11)),\n         0)","v":0},null,{"$f":"IF(OR($D20<>\"Serviço\",AND(AUTOEVENTO=\"Manual\",$M20=$A$15)),0,\n         IF(OFFSET(CRONOPLE!$F$15,$M20-$A$15,BC$13)=\"\",10^12,OFFSET(CRONOPLE!$F$15,$M20-$A$15,BC$13)))","v":1000000000000},{"$f":"IF(OR($D20<>\"Serviço\",AND(AUTOEVENTO=\"Manual\",$M20=$A$15)),0,\n         IF(OFFSET(CRONOPLE!$F$15,$M20-$A$15,BD$13)=\"\",10^12,OFFSET(CRONOPLE!$F$15,$M20-$A$15,BD$13)))","v":1000000000000},{"$f":"IF(OR($D20<>\"Serviço\",AND(AUTOEVENTO=\"Manual\",$M20=$A$15)),0,\n         IF(OFFSET(CRONOPLE!$F$15,$M20-$A$15,BE$13)=\"\",10^12,OFFSET(CRONOPLE!$F$15,$M20-$A$15,BE$13)))","v":1000000000000},{"$f":"IF(OR($D20<>\"Serviço\",AND(AUTOEVENTO=\"Manual\",$M20=$A$15)),0,\n         IF(OFFSET(CRONOPLE!$F$15,$M20-$A$15,BF$13)=\"\",10^12,OFFSET(CRONOPLE!$F$15,$M20-$A$15,BF$13)))","v":1000000000000},{"$f":"IF(OR($D20<>\"Serviço\",AND(AUTOEVENTO=\"Manual\",$M20=$A$15)),0,\n         IF(OFFSET(CRONOPLE!$F$15,$M20-$A$15,BG$13)=\"\",10^12,OFFSET(CRONOPLE!$F$15,$M20-$A$15,BG$13)))","v":1000000000000},{"$f":"IF(OR($D20<>\"Serviço\",AND(AUTOEVENTO=\"Manual\",$M20=$A$15)),0,\n         IF(OFFSET(CRONOPLE!$F$15,$M20-$A$15,BH$13)=\"\",10^12,OFFSET(CRONOPLE!$F$15,$M20-$A$15,BH$13)))","v":1000000000000},{"$f":"IF(OR($D20<>\"Serviço\",AND(AUTOEVENTO=\"Manual\",$M20=$A$15)),0,\n         IF(OFFSET(CRONOPLE!$F$15,$M20-$A$15,BI$13)=\"\",10^12,OFFSET(CRONOPLE!$F$15,$M20-$A$15,BI$13)))","v":1000000000000},{"$f":"IF(OR($D20<>\"Serviço\",AND(AUTOEVENTO=\"Manual\",$M20=$A$15)),0,\n         IF(OFFSET(CRONOPLE!$F$15,$M20-$A$15,BJ$13)=\"\",10^12,OFFSET(CRONOPLE!$F$15,$M20-$A$15,BJ$13)))","v":1000000000000},{"$f":"IF(OR($D20<>\"Serviço\",AND(AUTOEVENTO=\"Manual\",$M20=$A$15)),0,\n         IF(OFFSET(CRONOPLE!$F$15,$M20-$A$15,BK$13)=\"\",10^12,OFFSET(CRONOPLE!$F$15,$M20-$A$15,BK$13)))","v":1000000000000},{"$f":"IF(OR($D20<>\"Serviço\",AND(AUTOEVENTO=\"Manual\",$M20=$A$15)),0,\n         IF(OFFSET(CRONOPLE!$F$15,$M20-$A$15,BL$13)=\"\",10^12,OFFSET(CRONOPLE!$F$15,$M20-$A$15,BL$13)))","v":1000000000000},{"$f":"IF(OR($D20<>\"Serviço\",AND(AUTOEVENTO=\"Manual\",$M20=$A$15)),0,\n         IF(OFFSET(CRONOPLE!$F$15,$M20-$A$15,BM$13)=\"\",10^12,OFFSET(CRONOPLE!$F$15,$M20-$A$15,BM$13)))","v":1000000000000},{"$f":"IF(OR($D20<>\"Serviço\",AND(AUTOEVENTO=\"Manual\",$M20=$A$15)),0,\n         IF(OFFSET(CRONOPLE!$F$15,$M20-$A$15,BN$13)=\"\",10^12,OFFSET(CRONOPLE!$F$15,$M20-$A$15,BN$13)))","v":1000000000000},{"$f":"IF(OR($D20<>\"Serviço\",AND(AUTOEVENTO=\"Manual\",$M20=$A$15)),0,\n         IF(OFFSET(CRONOPLE!$F$15,$M20-$A$15,BO$13)=\"\",10^12,OFFSET(CRONOPLE!$F$15,$M20-$A$15,BO$13)))","v":1000000000000},{"$f":"IF(OR($D20<>\"Serviço\",AND(AUTOEVENTO=\"Manual\",$M20=$A$15)),0,\n         IF(OFFSET(CRONOPLE!$F$15,$M20-$A$15,BP$13)=\"\",10^12,OFFSET(CRONOPLE!$F$15,$M20-$A$15,BP$13)))","v":1000000000000},{"$f":"IF(OR($D20<>\"Serviço\",AND(AUTOEVENTO=\"Manual\",$M20=$A$15)),0,\n         IF(OFFSET(CRONOPLE!$F$15,$M20-$A$15,BQ$13)=\"\",10^12,OFFSET(CRONOPLE!$F$15,$M20-$A$15,BQ$13)))","v":1000000000000},{"$f":"IF(OR($D20<>\"Serviço\",AND(AUTOEVENTO=\"Manual\",$M20=$A$15)),0,\n         IF(OFFSET(CRONOPLE!$F$15,$M20-$A$15,BR$13)=\"\",10^12,OFFSET(CRONOPLE!$F$15,$M20-$A$15,BR$13)))","v":1000000000000},{"$f":"IF(OR($D20<>\"Serviço\",AND(AUTOEVENTO=\"Manual\",$M20=$A$15)),0,\n         IF(OFFSET(CRONOPLE!$F$15,$M20-$A$15,BS$13)=\"\",10^12,OFFSET(CRONOPLE!$F$15,$M20-$A$15,BS$13)))","v":1000000000000},{"$f":"IF(OR($D20<>\"Serviço\",AND(AUTOEVENTO=\"Manual\",$M20=$A$15)),0,\n         IF(OFFSET(CRONOPLE!$F$15,$M20-$A$15,BT$13)=\"\",10^12,OFFSET(CRONOPLE!$F$15,$M20-$A$15,BT$13)))","v":1000000000000},null,{"$f":"IF(OR($D20<>\"Serviço\",AND(AUTOEVENTO=\"Manual\",$M20=$A$15),$M20>(ROW(PLE.lastrow)-ROW(PLE.firstrow))),0,\n           IF(OFFSET(PLE!$G$15,$M20-$A$15,BV$13)=\"\",10^12,OFFSET(PLE!$G$15,$M20-$A$15,BV$13)))","v":1000000000000},{"$f":"IF(OR($D20<>\"Serviço\",AND(AUTOEVENTO=\"Manual\",$M20=$A$15),$M20>(ROW(PLE.lastrow)-ROW(PLE.firstrow))),0,\n           IF(OFFSET(PLE!$G$15,$M20-$A$15,BW$13)=\"\",10^12,OFFSET(PLE!$G$15,$M20-$A$15,BW$13)))","v":1000000000000},{"$f":"IF(OR($D20<>\"Serviço\",AND(AUTOEVENTO=\"Manual\",$M20=$A$15),$M20>(ROW(PLE.lastrow)-ROW(PLE.firstrow))),0,\n           IF(OFFSET(PLE!$G$15,$M20-$A$15,BX$13)=\"\",10^12,OFFSET(PLE!$G$15,$M20-$A$15,BX$13)))","v":1000000000000},{"$f":"IF(OR($D20<>\"Serviço\",AND(AUTOEVENTO=\"Manual\",$M20=$A$15),$M20>(ROW(PLE.lastrow)-ROW(PLE.firstrow))),0,\n           IF(OFFSET(PLE!$G$15,$M20-$A$15,BY$13)=\"\",10^12,OFFSET(PLE!$G$15,$M20-$A$15,BY$13)))","v":1000000000000},{"$f":"IF(OR($D20<>\"Serviço\",AND(AUTOEVENTO=\"Manual\",$M20=$A$15),$M20>(ROW(PLE.lastrow)-ROW(PLE.firstrow))),0,\n           IF(OFFSET(PLE!$G$15,$M20-$A$15,BZ$13)=\"\",10^12,OFFSET(PLE!$G$15,$M20-$A$15,BZ$13)))","v":1000000000000},{"$f":"IF(OR($D20<>\"Serviço\",AND(AUTOEVENTO=\"Manual\",$M20=$A$15),$M20>(ROW(PLE.lastrow)-ROW(PLE.firstrow))),0,\n           IF(OFFSET(PLE!$G$15,$M20-$A$15,CA$13)=\"\",10^12,OFFSET(PLE!$G$15,$M20-$A$15,CA$13)))","v":1000000000000},{"$f":"IF(OR($D20<>\"Serviço\",AND(AUTOEVENTO=\"Manual\",$M20=$A$15),$M20>(ROW(PLE.lastrow)-ROW(PLE.firstrow))),0,\n           IF(OFFSET(PLE!$G$15,$M20-$A$15,CB$13)=\"\",10^12,OFFSET(PLE!$G$15,$M20-$A$15,CB$13)))","v":1000000000000},{"$f":"IF(OR($D20<>\"Serviço\",AND(AUTOEVENTO=\"Manual\",$M20=$A$15),$M20>(ROW(PLE.lastrow)-ROW(PLE.firstrow))),0,\n           IF(OFFSET(PLE!$G$15,$M20-$A$15,CC$13)=\"\",10^12,OFFSET(PLE!$G$15,$M20-$A$15,CC$13)))","v":1000000000000},{"$f":"IF(OR($D20<>\"Serviço\",AND(AUTOEVENTO=\"Manual\",$M20=$A$15),$M20>(ROW(PLE.lastrow)-ROW(PLE.firstrow))),0,\n           IF(OFFSET(PLE!$G$15,$M20-$A$15,CD$13)=\"\",10^12,OFFSET(PLE!$G$15,$M20-$A$15,CD$13)))","v":1000000000000},{"$f":"IF(OR($D20<>\"Serviço\",AND(AUTOEVENTO=\"Manual\",$M20=$A$15),$M20>(ROW(PLE.lastrow)-ROW(PLE.firstrow))),0,\n           IF(OFFSET(PLE!$G$15,$M20-$A$15,CE$13)=\"\",10^12,OFFSET(PLE!$G$15,$M20-$A$15,CE$13)))","v":1000000000000},{"$f":"IF(OR($D20<>\"Serviço\",AND(AUTOEVENTO=\"Manual\",$M20=$A$15),$M20>(ROW(PLE.lastrow)-ROW(PLE.firstrow))),0,\n           IF(OFFSET(PLE!$G$15,$M20-$A$15,CF$13)=\"\",10^12,OFFSET(PLE!$G$15,$M20-$A$15,CF$13)))","v":1000000000000},{"$f":"IF(OR($D20<>\"Serviço\",AND(AUTOEVENTO=\"Manual\",$M20=$A$15),$M20>(ROW(PLE.lastrow)-ROW(PLE.firstrow))),0,\n           IF(OFFSET(PLE!$G$15,$M20-$A$15,CG$13)=\"\",10^12,OFFSET(PLE!$G$15,$M20-$A$15,CG$13)))","v":1000000000000},{"$f":"IF(OR($D20<>\"Serviço\",AND(AUTOEVENTO=\"Manual\",$M20=$A$15),$M20>(ROW(PLE.lastrow)-ROW(PLE.firstrow))),0,\n           IF(OFFSET(PLE!$G$15,$M20-$A$15,CH$13)=\"\",10^12,OFFSET(PLE!$G$15,$M20-$A$15,CH$13)))","v":1000000000000},{"$f":"IF(OR($D20<>\"Serviço\",AND(AUTOEVENTO=\"Manual\",$M20=$A$15),$M20>(ROW(PLE.lastrow)-ROW(PLE.firstrow))),0,\n           IF(OFFSET(PLE!$G$15,$M20-$A$15,CI$13)=\"\",10^12,OFFSET(PLE!$G$15,$M20-$A$15,CI$13)))","v":1000000000000},{"$f":"IF(OR($D20<>\"Serviço\",AND(AUTOEVENTO=\"Manual\",$M20=$A$15),$M20>(ROW(PLE.lastrow)-ROW(PLE.firstrow))),0,\n           IF(OFFSET(PLE!$G$15,$M20-$A$15,CJ$13)=\"\",10^12,OFFSET(PLE!$G$15,$M20-$A$15,CJ$13)))","v":1000000000000},{"$f":"IF(OR($D20<>\"Serviço\",AND(AUTOEVENTO=\"Manual\",$M20=$A$15),$M20>(ROW(PLE.lastrow)-ROW(PLE.firstrow))),0,\n           IF(OFFSET(PLE!$G$15,$M20-$A$15,CK$13)=\"\",10^12,OFFSET(PLE!$G$15,$M20-$A$15,CK$13)))","v":1000000000000},{"$f":"IF(OR($D20<>\"Serviço\",AND(AUTOEVENTO=\"Manual\",$M20=$A$15),$M20>(ROW(PLE.lastrow)-ROW(PLE.firstrow))),0,\n           IF(OFFSET(PLE!$G$15,$M20-$A$15,CL$13)=\"\",10^12,OFFSET(PLE!$G$15,$M20-$A$15,CL$13)))","v":1000000000000},{"$f":"IF(OR($D20<>\"Serviço\",AND(AUTOEVENTO=\"Manual\",$M20=$A$15),$M20>(ROW(PLE.lastrow)-ROW(PLE.firstrow))),0,\n           IF(OFFSET(PLE!$G$15,$M20-$A$15,CM$13)=\"\",10^12,OFFSET(PLE!$G$15,$M20-$A$15,CM$13)))","v":1000000000000}]
[1,{"$f":"OFFSET(ORÇAMENTO!C$15,ROW(B21)-ROW(B$15),0)","v":"S"},{"$f":"OFFSET(ORÇAMENTO!L$15,ROW(C21)-ROW(C$15),0)","v":"F"},{"$f":"OFFSET(ORÇAMENTO!N$15,ROW(D21)-ROW(D$15),0)","v":"Serviço"},{"$f":"OFFSET(ORÇAMENTO!O$15,ROW(E21)-ROW(E$15),0)","v":"1.1.4."},{"$f":"OFFSET(ORÇAMENTO!R$15,ROW(F21)-ROW(F$15),0)","v":"Sinalização de advertência de obra com placa (fundo laranja) sobre cavalete, conforme ABNT-NBR-7678"},{"$f":"IF($D21<>\"Serviço\",\"\",OFFSET(ORÇAMENTO!S$15,ROW(G21)-ROW(G$15),0))","v":"UN"},{"$f":"IF($D21<>\"Serviço\",0,IF(ACOMPANHAMENTO=\"BM\",ROUND(OFFSET(ORÇAMENTO!AJ$15,ROW(H21)-ROW(H$15),0),15-13*ORÇAMENTO!$AF$7),SUMPRODUCT(($Q$1:$AI$1=1)*ROUND($Q21:$AI21,15-13*ORÇAMENTO!$AF$7))))","v":20},null,{"$f":"IF(B21<>\"S\",\"\",IF(AND(ACOMPANHAMENTO=\"PLE\",AUTOEVENTO=\"Manual\",OR(H21>0,ORÇAMENTO!AC21=\"QUANT.\"),OR(K21=\"\",M21=0,N21=\"\")),\"►\",IF(AND(ACOMPANHAMENTO=\"PLE\",ORÇAMENTO!AC21=\"QUANT.\"),\"►►\",IF(AND(COUNTIF($P$11:$AI$11,\"▼\")=0,H21>0,I21=\"\"),\"◄\",\"\"))))","v":"◄"},"1. SERVIÇOS PRELIMINARES",".",{"$f":"IF($D21<>\"Serviço\",\"\",\n          IF(AUTOEVENTO=\"manual\",$A21,\n                IF(ISERROR(MATCH($A21,$A$15:OFFSET($A21,-1,0),0)),MAX($M$15:OFFSET(M21,-1,0))+1,\n                      INDEX($M$15:OFFSET(M21,-1,0),MATCH($A21,$A$15:OFFSET($A21,-1,0),0)))))","v":1},{"$f":"IF($D21<>\"Serviço\",\"\",\n         IF(AUTOEVENTO=\"Manual\",\n                IF($A21=0,\"<-- defina o número do agrupador\",\n                       OFFSET(EVENTOS!$D$15,$A21-$A$15,0)),\n                OFFSET($F$15,$A21,0)))","v":"SERVIÇOS PRELIMINARES"},null,null,10,null,null,null,null,null,null,null,null,null,null,null,null,null,null,null,null,null,null,{"$f":"IF(AND($D21=\"Serviço\",AJ$12<>0,$H21>0,OR(AUTOEVENTO<>\"manual\",$M21<>$A$15)),\n        IF(Import.TipoArredondamento<>\"TransfereGOV\",\n              ROUND(OFFSET($P21,0,AJ$13),15-13*ORÇAMENTO!$AF$7)/$H21*OFFSET(ORÇAMENTO!$X$15,ROW(AJ21)-ROW(AJ$15),0),\n              ROUND(ROUND(OFFSET($P21,0,AJ$13),15-13*ORÇAMENTO!$AF$7)*OFFSET(ORÇAMENTO!$W$15,ROW(AJ21)-ROW(AJ$15),0),15-13*ORÇAMENTO!$AF$11)),\n         0)","v":0},{"$f":"IF(AND($D21=\"Serviço\",AK$12<>0,$H21>0,OR(AUTOEVENTO<>\"manual\",$M21<>$A$15)),\n        IF(Import.TipoArredondamento<>\"TransfereGOV\",\n              ROUND(OFFSET($P21,0,AK$13),15-13*ORÇAMENTO!$AF$7)/$H21*OFFSET(ORÇAMENTO!$X$15,ROW(AK21)-ROW(AK$15),0),\n              ROUND(ROUND(OFFSET($P21,0,AK$13),15-13*ORÇAMENTO!$AF$7)*OFFSET(ORÇAMENTO!$W$15,ROW(AK21)-ROW(AK$15),0),15-13*ORÇAMENTO!$AF$11)),\n         0)","v":0},{"$f":"IF(AND($D21=\"Serviço\",AL$12<>0,$H21>0,OR(AUTOEVENTO<>\"manual\",$M21<>$A$15)),\n        IF(Import.TipoArredondamento<>\"TransfereGOV\",\n              ROUND(OFFSET($P21,0,AL$13),15-13*ORÇAMENTO!$AF$7)/$H21*OFFSET(ORÇAMENTO!$X$15,ROW(AL21)-ROW(AL$15),0),\n              ROUND(ROUND(OFFSET($P21,0,AL$13),15-13*ORÇAMENTO!$AF$7)*OFFSET(ORÇAMENTO!$W$15,ROW(AL21)-ROW(AL$15),0),15-13*ORÇAMENTO!$AF$11)),\n         0)","v":0},{"$f":"IF(AND($D21=\"Serviço\",AM$12<>0,$H21>0,OR(AUTOEVENTO<>\"manual\",$M21<>$A$15)),\n        IF(Import.TipoArredondamento<>\"TransfereGOV\",\n              ROUND(OFFSET($P21,0,AM$13),15-13*ORÇAMENTO!$AF$7)/$H21*OFFSET(ORÇAMENTO!$X$15,ROW(AM21)-ROW(AM$15),0),\n              ROUND(ROUND(OFFSET($P21,0,AM$13),15-13*ORÇAMENTO!$AF$7)*OFFSET(ORÇAMENTO!$W$15,ROW(AM21)-ROW(AM$15),0),15-13*ORÇAMENTO!$AF$11)),\n         0)","v":0},{"$f":"IF(AND($D21=\"Serviço\",AN$12<>0,$H21>0,OR(AUTOEVENTO<>\"manual\",$M21<>$A$15)),\n        IF(Import.TipoArredondamento<>\"TransfereGOV\",\n              ROUND(OFFSET($P21,0,AN$13),15-13*ORÇAMENTO!$AF$7)/$H21*OFFSET(ORÇAMENTO!$X$15,ROW(AN21)-ROW(AN$15),0),\n              ROUND(ROUND(OFFSET($P21,0,AN$13),15-13*ORÇAMENTO!$AF$7)*OFFSET(ORÇAMENTO!$W$15,ROW(AN21)-ROW(AN$15),0),15-13*ORÇAMENTO!$AF$11)),\n         0)","v":0},{"$f":"IF(AND($D21=\"Serviço\",AO$12<>0,$H21>0,OR(AUTOEVENTO<>\"manual\",$M21<>$A$15)),\n        IF(Import.TipoArredondamento<>\"TransfereGOV\",\n              ROUND(OFFSET($P21,0,AO$13),15-13*ORÇAMENTO!$AF$7)/$H21*OFFSET(ORÇAMENTO!$X$15,ROW(AO21)-ROW(AO$15),0),\n              ROUND(ROUND(OFFSET($P21,0,AO$13),15-13*ORÇAMENTO!$AF$7)*OFFSET(ORÇAMENTO!$W$15,ROW(AO21)-ROW(AO$15),0),15-13*ORÇAMENTO!$AF$11)),\n         0)","v":0},{"$f":"IF(AND($D21=\"Serviço\",AP$12<>0,$H21>0,OR(AUTOEVENTO<>\"manual\",$M21<>$A$15)),\n        IF(Import.TipoArredondamento<>\"TransfereGOV\",\n              ROUND(OFFSET($P21,0,AP$13),15-13*ORÇAMENTO!$AF$7)/$H21*OFFSET(ORÇAMENTO!$X$15,ROW(AP21)-ROW(AP$15),0),\n              ROUND(ROUND(OFFSET($P21,0,AP$13),15-13*ORÇAMENTO!$AF$7)*OFFSET(ORÇAMENTO!$W$15,ROW(AP21)-ROW(AP$15),0),15-13*ORÇAMENTO!$AF$11)),\n         0)","v":0},{"$f":"IF(AND($D21=\"Serviço\",AQ$12<>0,$H21>0,OR(AUTOEVENTO<>\"manual\",$M21<>$A$15)),\n        IF(Import.TipoArredondamento<>\"TransfereGOV\",\n              ROUND(OFFSET($P21,0,AQ$13),15-13*ORÇAMENTO!$AF$7)/$H21*OFFSET(ORÇAMENTO!$X$15,ROW(AQ21)-ROW(AQ$15),0),\n              ROUND(ROUND(OFFSET($P21,0,AQ$13),15-13*ORÇAMENTO!$AF$7)*OFFSET(ORÇAMENTO!$W$15,ROW(AQ21)-ROW(AQ$15),0),15-13*ORÇAMENTO!$AF$11)),\n         0)","v":0},{"$f":"IF(AND($D21=\"Serviço\",AR$12<>0,$H21>0,OR(AUTOEVENTO<>\"manual\",$M21<>$A$15)),\n        IF(Import.TipoArredondamento<>\"TransfereGOV\",\n              ROUND(OFFSET($P21,0,AR$13),15-13*ORÇAMENTO!$AF$7)/$H21*OFFSET(ORÇAMENTO!$X$15,ROW(AR21)-ROW(AR$15),0),\n              ROUND(ROUND(OFFSET($P21,0,AR$13),15-13*ORÇAMENTO!$AF$7)*OFFSET(ORÇAMENTO!$W$15,ROW(AR21)-ROW(AR$15),0),15-13*ORÇAMENTO!$AF$11)),\n         0)","v":0},{"$f":"IF(AND($D21=\"Serviço\",AS$12<>0,$H21>0,OR(AUTOEVENTO<>\"manual\",$M21<>$A$15)),\n        IF(Import.TipoArredondamento<>\"TransfereGOV\",\n              ROUND(OFFSET($P21,0,AS$13),15-13*ORÇAMENTO!$AF$7)/$H21*OFFSET(ORÇAMENTO!$X$15,ROW(AS21)-ROW(AS$15),0),\n              ROUND(ROUND(OFFSET($P21,0,AS$13),15-13*ORÇAMENTO!$AF$7)*OFFSET(ORÇAMENTO!$W$15,ROW(AS21)-ROW(AS$15),0),15-13*ORÇAMENTO!$AF$11)),\n         0)","v":0},{"$f":"IF(AND($D21=\"Serviço\",AT$12<>0,$H21>0,OR(AUTOEVENTO<>\"manual\",$M21<>$A$15)),\n        IF(Import.TipoArredondamento<>\"TransfereGOV\",\n              ROUND(OFFSET($P21,0,AT$13),15-13*ORÇAMENTO!$AF$7)/$H21*OFFSET(ORÇAMENTO!$X$15,ROW(AT21)-ROW(AT$15),0),\n              ROUND(ROUND(OFFSET($P21,0,AT$13),15-13*ORÇAMENTO!$AF$7)*OFFSET(ORÇAMENTO!$W$15,ROW(AT21)-ROW(AT$15),0),15-13*ORÇAMENTO!$AF$11)),\n         0)","v":0},{"$f":"IF(AND($D21=\"Serviço\",AU$12<>0,$H21>0,OR(AUTOEVENTO<>\"manual\",$M21<>$A$15)),\n        IF(Import.TipoArredondamento<>\"TransfereGOV\",\n              ROUND(OFFSET($P21,0,AU$13),15-13*ORÇAMENTO!$AF$7)/$H21*OFFSET(ORÇAMENTO!$X$15,ROW(AU21)-ROW(AU$15),0),\n              ROUND(ROUND(OFFSET($P21,0,AU$13),15-13*ORÇAMENTO!$AF$7)*OFFSET(ORÇAMENTO!$W$15,ROW(AU21)-ROW(AU$15),0),15-13*ORÇAMENTO!$AF$11)),\n         0)","v":0},{"$f":"IF(AND($D21=\"Serviço\",AV$12<>0,$H21>0,OR(AUTOEVENTO<>\"manual\",$M21<>$A$15)),\n        IF(Import.TipoArredondamento<>\"TransfereGOV\",\n              ROUND(OFFSET($P21,0,AV$13),15-13*ORÇAMENTO!$AF$7)/$H21*OFFSET(ORÇAMENTO!$X$15,ROW(AV21)-ROW(AV$15),0),\n              ROUND(ROUND(OFFSET($P21,0,AV$13),15-13*ORÇAMENTO!$AF$7)*OFFSET(ORÇAMENTO!$W$15,ROW(AV21)-ROW(AV$15),0),15-13*ORÇAMENTO!$AF$11)),\n         0)","v":0},{"$f":"IF(AND($D21=\"Serviço\",AW$12<>0,$H21>0,OR(AUTOEVENTO<>\"manual\",$M21<>$A$15)),\n        IF(Import.TipoArredondamento<>\"TransfereGOV\",\n              ROUND(OFFSET($P21,0,AW$13),15-13*ORÇAMENTO!$AF$7)/$H21*OFFSET(ORÇAMENTO!$X$15,ROW(AW21)-ROW(AW$15),0),\n              ROUND(ROUND(OFFSET($P21,0,AW$13),15-13*ORÇAMENTO!$AF$7)*OFFSET(ORÇAMENTO!$W$15,ROW(AW21)-ROW(AW$15),0),15-13*ORÇAMENTO!$AF$11)),\n         0)","v":0},{"$f":"IF(AND($D21=\"Serviço\",AX$12<>0,$H21>0,OR(AUTOEVENTO<>\"manual\",$M21<>$A$15)),\n        IF(Import.TipoArredondamento<>\"TransfereGOV\",\n              ROUND(OFFSET($P21,0,AX$13),15-13*ORÇAMENTO!$AF$7)/$H21*OFFSET(ORÇAMENTO!$X$15,ROW(AX21)-ROW(AX$15),0),\n              ROUND(ROUND(OFFSET($P21,0,AX$13),15-13*ORÇAMENTO!$AF$7)*OFFSET(ORÇAMENTO!$W$15,ROW(AX21)-ROW(AX$15),0),15-13*ORÇAMENTO!$AF$11)),\n         0)","v":0},{"$f":"IF(AND($D21=\"Serviço\",AY$12<>0,$H21>0,OR(AUTOEVENTO<>\"manual\",$M21<>$A$15)),\n        IF(Import.TipoArredondamento<>\"TransfereGOV\",\n              ROUND(OFFSET($P21,0,AY$13),15-13*ORÇAMENTO!$AF$7)/$H21*OFFSET(ORÇAMENTO!$X$15,ROW(AY21)-ROW(AY$15),0),\n              ROUND(ROUND(OFFSET($P21,0,AY$13),15-13*ORÇAMENTO!$AF$7)*OFFSET(ORÇAMENTO!$W$15,ROW(AY21)-ROW(AY$15),0),15-13*ORÇAMENTO!$AF$11)),\n         0)","v":0},{"$f":"IF(AND($D21=\"Serviço\",AZ$12<>0,$H21>0,OR(AUTOEVENTO<>\"manual\",$M21<>$A$15)),\n        IF(Import.TipoArredondamento<>\"TransfereGOV\",\n              ROUND(OFFSET($P21,0,AZ$13),15-13*ORÇAMENTO!$AF$7)/$H21*OFFSET(ORÇAMENTO!$X$15,ROW(AZ21)-ROW(AZ$15),0),\n              ROUND(ROUND(OFFSET($P21,0,AZ$13),15-13*ORÇAMENTO!$AF$7)*OFFSET(ORÇAMENTO!$W$15,ROW(AZ21)-ROW(AZ$15),0),15-13*ORÇAMENTO!$AF$11)),\n         0)","v":0},{"$f":"IF(AND($D21=\"Serviço\",BA$12<>0,$H21>0,OR(AUTOEVENTO<>\"manual\",$M21<>$A$15)),\n        IF(Import.TipoArredondamento<>\"TransfereGOV\",\n              ROUND(OFFSET($P21,0,BA$13),15-13*ORÇAMENTO!$AF$7)/$H21*OFFSET(ORÇAMENTO!$X$15,ROW(BA21)-ROW(BA$15),0),\n              ROUND(ROUND(OFFSET($P21,0,BA$13),15-13*ORÇAMENTO!$AF$7)*OFFSET(ORÇAMENTO!$W$15,ROW(BA21)-ROW(BA$15),0),15-13*ORÇAMENTO!$AF$11)),\n         0)","v":0},null,{"$f":"IF(OR($D21<>\"Serviço\",AND(AUTOEVENTO=\"Manual\",$M21=$A$15)),0,\n         IF(OFFSET(CRONOPLE!$F$15,$M21-$A$15,BC$13)=\"\",10^12,OFFSET(CRONOPLE!$F$15,$M21-$A$15,BC$13)))","v":1000000000000},{"$f":"IF(OR($D21<>\"Serviço\",AND(AUTOEVENTO=\"Manual\",$M21=$A$15)),0,\n         IF(OFFSET(CRONOPLE!$F$15,$M21-$A$15,BD$13)=\"\",10^12,OFFSET(CRONOPLE!$F$15,$M21-$A$15,BD$13)))","v":1000000000000},{"$f":"IF(OR($D21<>\"Serviço\",AND(AUTOEVENTO=\"Manual\",$M21=$A$15)),0,\n         IF(OFFSET(CRONOPLE!$F$15,$M21-$A$15,BE$13)=\"\",10^12,OFFSET(CRONOPLE!$F$15,$M21-$A$15,BE$13)))","v":1000000000000},{"$f":"IF(OR($D21<>\"Serviço\",AND(AUTOEVENTO=\"Manual\",$M21=$A$15)),0,\n         IF(OFFSET(CRONOPLE!$F$15,$M21-$A$15,BF$13)=\"\",10^12,OFFSET(CRONOPLE!$F$15,$M21-$A$15,BF$13)))","v":1000000000000},{"$f":"IF(OR($D21<>\"Serviço\",AND(AUTOEVENTO=\"Manual\",$M21=$A$15)),0,\n         IF(OFFSET(CRONOPLE!$F$15,$M21-$A$15,BG$13)=\"\",10^12,OFFSET(CRONOPLE!$F$15,$M21-$A$15,BG$13)))","v":1000000000000},{"$f":"IF(OR($D21<>\"Serviço\",AND(AUTOEVENTO=\"Manual\",$M21=$A$15)),0,\n         IF(OFFSET(CRONOPLE!$F$15,$M21-$A$15,BH$13)=\"\",10^12,OFFSET(CRONOPLE!$F$15,$M21-$A$15,BH$13)))","v":1000000000000},{"$f":"IF(OR($D21<>\"Serviço\",AND(AUTOEVENTO=\"Manual\",$M21=$A$15)),0,\n         IF(OFFSET(CRONOPLE!$F$15,$M21-$A$15,BI$13)=\"\",10^12,OFFSET(CRONOPLE!$F$15,$M21-$A$15,BI$13)))","v":1000000000000},{"$f":"IF(OR($D21<>\"Serviço\",AND(AUTOEVENTO=\"Manual\",$M21=$A$15)),0,\n         IF(OFFSET(CRONOPLE!$F$15,$M21-$A$15,BJ$13)=\"\",10^12,OFFSET(CRONOPLE!$F$15,$M21-$A$15,BJ$13)))","v":1000000000000},{"$f":"IF(OR($D21<>\"Serviço\",AND(AUTOEVENTO=\"Manual\",$M21=$A$15)),0,\n         IF(OFFSET(CRONOPLE!$F$15,$M21-$A$15,BK$13)=\"\",10^12,OFFSET(CRONOPLE!$F$15,$M21-$A$15,BK$13)))","v":1000000000000},{"$f":"IF(OR($D21<>\"Serviço\",AND(AUTOEVENTO=\"Manual\",$M21=$A$15)),0,\n         IF(OFFSET(CRONOPLE!$F$15,$M21-$A$15,BL$13)=\"\",10^12,OFFSET(CRONOPLE!$F$15,$M21-$A$15,BL$13)))","v":1000000000000},{"$f":"IF(OR($D21<>\"Serviço\",AND(AUTOEVENTO=\"Manual\",$M21=$A$15)),0,\n         IF(OFFSET(CRONOPLE!$F$15,$M21-$A$15,BM$13)=\"\",10^12,OFFSET(CRONOPLE!$F$15,$M21-$A$15,BM$13)))","v":1000000000000},{"$f":"IF(OR($D21<>\"Serviço\",AND(AUTOEVENTO=\"Manual\",$M21=$A$15)),0,\n         IF(OFFSET(CRONOPLE!$F$15,$M21-$A$15,BN$13)=\"\",10^12,OFFSET(CRONOPLE!$F$15,$M21-$A$15,BN$13)))","v":1000000000000},{"$f":"IF(OR($D21<>\"Serviço\",AND(AUTOEVENTO=\"Manual\",$M21=$A$15)),0,\n         IF(OFFSET(CRONOPLE!$F$15,$M21-$A$15,BO$13)=\"\",10^12,OFFSET(CRONOPLE!$F$15,$M21-$A$15,BO$13)))","v":1000000000000},{"$f":"IF(OR($D21<>\"Serviço\",AND(AUTOEVENTO=\"Manual\",$M21=$A$15)),0,\n         IF(OFFSET(CRONOPLE!$F$15,$M21-$A$15,BP$13)=\"\",10^12,OFFSET(CRONOPLE!$F$15,$M21-$A$15,BP$13)))","v":1000000000000},{"$f":"IF(OR($D21<>\"Serviço\",AND(AUTOEVENTO=\"Manual\",$M21=$A$15)),0,\n         IF(OFFSET(CRONOPLE!$F$15,$M21-$A$15,BQ$13)=\"\",10^12,OFFSET(CRONOPLE!$F$15,$M21-$A$15,BQ$13)))","v":1000000000000},{"$f":"IF(OR($D21<>\"Serviço\",AND(AUTOEVENTO=\"Manual\",$M21=$A$15)),0,\n         IF(OFFSET(CRONOPLE!$F$15,$M21-$A$15,BR$13)=\"\",10^12,OFFSET(CRONOPLE!$F$15,$M21-$A$15,BR$13)))","v":1000000000000},{"$f":"IF(OR($D21<>\"Serviço\",AND(AUTOEVENTO=\"Manual\",$M21=$A$15)),0,\n         IF(OFFSET(CRONOPLE!$F$15,$M21-$A$15,BS$13)=\"\",10^12,OFFSET(CRONOPLE!$F$15,$M21-$A$15,BS$13)))","v":1000000000000},{"$f":"IF(OR($D21<>\"Serviço\",AND(AUTOEVENTO=\"Manual\",$M21=$A$15)),0,\n         IF(OFFSET(CRONOPLE!$F$15,$M21-$A$15,BT$13)=\"\",10^12,OFFSET(CRONOPLE!$F$15,$M21-$A$15,BT$13)))","v":1000000000000},null,{"$f":"IF(OR($D21<>\"Serviço\",AND(AUTOEVENTO=\"Manual\",$M21=$A$15),$M21>(ROW(PLE.lastrow)-ROW(PLE.firstrow))),0,\n           IF(OFFSET(PLE!$G$15,$M21-$A$15,BV$13)=\"\",10^12,OFFSET(PLE!$G$15,$M21-$A$15,BV$13)))","v":1000000000000},{"$f":"IF(OR($D21<>\"Serviço\",AND(AUTOEVENTO=\"Manual\",$M21=$A$15),$M21>(ROW(PLE.lastrow)-ROW(PLE.firstrow))),0,\n           IF(OFFSET(PLE!$G$15,$M21-$A$15,BW$13)=\"\",10^12,OFFSET(PLE!$G$15,$M21-$A$15,BW$13)))","v":1000000000000},{"$f":"IF(OR($D21<>\"Serviço\",AND(AUTOEVENTO=\"Manual\",$M21=$A$15),$M21>(ROW(PLE.lastrow)-ROW(PLE.firstrow))),0,\n           IF(OFFSET(PLE!$G$15,$M21-$A$15,BX$13)=\"\",10^12,OFFSET(PLE!$G$15,$M21-$A$15,BX$13)))","v":1000000000000},{"$f":"IF(OR($D21<>\"Serviço\",AND(AUTOEVENTO=\"Manual\",$M21=$A$15),$M21>(ROW(PLE.lastrow)-ROW(PLE.firstrow))),0,\n           IF(OFFSET(PLE!$G$15,$M21-$A$15,BY$13)=\"\",10^12,OFFSET(PLE!$G$15,$M21-$A$15,BY$13)))","v":1000000000000},{"$f":"IF(OR($D21<>\"Serviço\",AND(AUTOEVENTO=\"Manual\",$M21=$A$15),$M21>(ROW(PLE.lastrow)-ROW(PLE.firstrow))),0,\n           IF(OFFSET(PLE!$G$15,$M21-$A$15,BZ$13)=\"\",10^12,OFFSET(PLE!$G$15,$M21-$A$15,BZ$13)))","v":1000000000000},{"$f":"IF(OR($D21<>\"Serviço\",AND(AUTOEVENTO=\"Manual\",$M21=$A$15),$M21>(ROW(PLE.lastrow)-ROW(PLE.firstrow))),0,\n           IF(OFFSET(PLE!$G$15,$M21-$A$15,CA$13)=\"\",10^12,OFFSET(PLE!$G$15,$M21-$A$15,CA$13)))","v":1000000000000},{"$f":"IF(OR($D21<>\"Serviço\",AND(AUTOEVENTO=\"Manual\",$M21=$A$15),$M21>(ROW(PLE.lastrow)-ROW(PLE.firstrow))),0,\n           IF(OFFSET(PLE!$G$15,$M21-$A$15,CB$13)=\"\",10^12,OFFSET(PLE!$G$15,$M21-$A$15,CB$13)))","v":1000000000000},{"$f":"IF(OR($D21<>\"Serviço\",AND(AUTOEVENTO=\"Manual\",$M21=$A$15),$M21>(ROW(PLE.lastrow)-ROW(PLE.firstrow))),0,\n           IF(OFFSET(PLE!$G$15,$M21-$A$15,CC$13)=\"\",10^12,OFFSET(PLE!$G$15,$M21-$A$15,CC$13)))","v":1000000000000},{"$f":"IF(OR($D21<>\"Serviço\",AND(AUTOEVENTO=\"Manual\",$M21=$A$15),$M21>(ROW(PLE.lastrow)-ROW(PLE.firstrow))),0,\n           IF(OFFSET(PLE!$G$15,$M21-$A$15,CD$13)=\"\",10^12,OFFSET(PLE!$G$15,$M21-$A$15,CD$13)))","v":1000000000000},{"$f":"IF(OR($D21<>\"Serviço\",AND(AUTOEVENTO=\"Manual\",$M21=$A$15),$M21>(ROW(PLE.lastrow)-ROW(PLE.firstrow))),0,\n           IF(OFFSET(PLE!$G$15,$M21-$A$15,CE$13)=\"\",10^12,OFFSET(PLE!$G$15,$M21-$A$15,CE$13)))","v":1000000000000},{"$f":"IF(OR($D21<>\"Serviço\",AND(AUTOEVENTO=\"Manual\",$M21=$A$15),$M21>(ROW(PLE.lastrow)-ROW(PLE.firstrow))),0,\n           IF(OFFSET(PLE!$G$15,$M21-$A$15,CF$13)=\"\",10^12,OFFSET(PLE!$G$15,$M21-$A$15,CF$13)))","v":1000000000000},{"$f":"IF(OR($D21<>\"Serviço\",AND(AUTOEVENTO=\"Manual\",$M21=$A$15),$M21>(ROW(PLE.lastrow)-ROW(PLE.firstrow))),0,\n           IF(OFFSET(PLE!$G$15,$M21-$A$15,CG$13)=\"\",10^12,OFFSET(PLE!$G$15,$M21-$A$15,CG$13)))","v":1000000000000},{"$f":"IF(OR($D21<>\"Serviço\",AND(AUTOEVENTO=\"Manual\",$M21=$A$15),$M21>(ROW(PLE.lastrow)-ROW(PLE.firstrow))),0,\n           IF(OFFSET(PLE!$G$15,$M21-$A$15,CH$13)=\"\",10^12,OFFSET(PLE!$G$15,$M21-$A$15,CH$13)))","v":1000000000000},{"$f":"IF(OR($D21<>\"Serviço\",AND(AUTOEVENTO=\"Manual\",$M21=$A$15),$M21>(ROW(PLE.lastrow)-ROW(PLE.firstrow))),0,\n           IF(OFFSET(PLE!$G$15,$M21-$A$15,CI$13)=\"\",10^12,OFFSET(PLE!$G$15,$M21-$A$15,CI$13)))","v":1000000000000},{"$f":"IF(OR($D21<>\"Serviço\",AND(AUTOEVENTO=\"Manual\",$M21=$A$15),$M21>(ROW(PLE.lastrow)-ROW(PLE.firstrow))),0,\n           IF(OFFSET(PLE!$G$15,$M21-$A$15,CJ$13)=\"\",10^12,OFFSET(PLE!$G$15,$M21-$A$15,CJ$13)))","v":1000000000000},{"$f":"IF(OR($D21<>\"Serviço\",AND(AUTOEVENTO=\"Manual\",$M21=$A$15),$M21>(ROW(PLE.lastrow)-ROW(PLE.firstrow))),0,\n           IF(OFFSET(PLE!$G$15,$M21-$A$15,CK$13)=\"\",10^12,OFFSET(PLE!$G$15,$M21-$A$15,CK$13)))","v":1000000000000},{"$f":"IF(OR($D21<>\"Serviço\",AND(AUTOEVENTO=\"Manual\",$M21=$A$15),$M21>(ROW(PLE.lastrow)-ROW(PLE.firstrow))),0,\n           IF(OFFSET(PLE!$G$15,$M21-$A$15,CL$13)=\"\",10^12,OFFSET(PLE!$G$15,$M21-$A$15,CL$13)))","v":1000000000000},{"$f":"IF(OR($D21<>\"Serviço\",AND(AUTOEVENTO=\"Manual\",$M21=$A$15),$M21>(ROW(PLE.lastrow)-ROW(PLE.firstrow))),0,\n           IF(OFFSET(PLE!$G$15,$M21-$A$15,CM$13)=\"\",10^12,OFFSET(PLE!$G$15,$M21-$A$15,CM$13)))","v":1000000000000}]
[1,{"$f":"OFFSET(ORÇAMENTO!C$15,ROW(B22)-ROW(B$15),0)","v":"S"},{"$f":"OFFSET(ORÇAMENTO!L$15,ROW(C22)-ROW(C$15),0)","v":"F"},{"$f":"OFFSET(ORÇAMENTO!N$15,ROW(D22)-ROW(D$15),0)","v":"Serviço"},{"$f":"OFFSET(ORÇAMENTO!O$15,ROW(E22)-ROW(E$15),0)","v":"1.1.5."},{"$f":"OFFSET(ORÇAMENTO!R$15,ROW(F22)-ROW(F$15),0)","v":"CONE DE SINALIZACAO EM PVC RIGIDO COM FAIXA REFLETIVA, H = 70 / 76 CM"},{"$f":"IF($D22<>\"Serviço\",\"\",OFFSET(ORÇAMENTO!S$15,ROW(G22)-ROW(G$15),0))","v":"UN"},{"$f":"IF($D22<>\"Serviço\",0,IF(ACOMPANHAMENTO=\"BM\",ROUND(OFFSET(ORÇAMENTO!AJ$15,ROW(H22)-ROW(H$15),0),15-13*ORÇAMENTO!$AF$7),SUMPRODUCT(($Q$1:$AI$1=1)*ROUND($Q22:$AI22,15-13*ORÇAMENTO!$AF$7))))","v":20},null,{"$f":"IF(B22<>\"S\",\"\",IF(AND(ACOMPANHAMENTO=\"PLE\",AUTOEVENTO=\"Manual\",OR(H22>0,ORÇAMENTO!AC22=\"QUANT.\"),OR(K22=\"\",M22=0,N22=\"\")),\"►\",IF(AND(ACOMPANHAMENTO=\"PLE\",ORÇAMENTO!AC22=\"QUANT.\"),\"►►\",IF(AND(COUNTIF($P$11:$AI$11,\"▼\")=0,H22>0,I22=\"\"),\"◄\",\"\"))))","v":"◄"},"1. SERVIÇOS PRELIMINARES",".",{"$f":"IF($D22<>\"Serviço\",\"\",\n          IF(AUTOEVENTO=\"manual\",$A22,\n                IF(ISERROR(MATCH($A22,$A$15:OFFSET($A22,-1,0),0)),MAX($M$15:OFFSET(M22,-1,0))+1,\n                      INDEX($M$15:OFFSET(M22,-1,0),MATCH($A22,$A$15:OFFSET($A22,-1,0),0)))))","v":1},{"$f":"IF($D22<>\"Serviço\",\"\",\n         IF(AUTOEVENTO=\"Manual\",\n                IF($A22=0,\"<-- defina o número do agrupador\",\n                       OFFSET(EVENTOS!$D$15,$A22-$A$15,0)),\n                OFFSET($F$15,$A22,0)))","v":"SERVIÇOS PRELIMINARES"},null,null,16,null,null,null,null,null,null,null,null,null,null,null,null,null,null,null,null,null,null,{"$f":"IF(AND($D22=\"Serviço\",AJ$12<>0,$H22>0,OR(AUTOEVENTO<>\"manual\",$M22<>$A$15)),\n        IF(Import.TipoArredondamento<>\"TransfereGOV\",\n              ROUND(OFFSET($P22,0,AJ$13),15-13*ORÇAMENTO!$AF$7)/$H22*OFFSET(ORÇAMENTO!$X$15,ROW(AJ22)-ROW(AJ$15),0),\n              ROUND(ROUND(OFFSET($P22,0,AJ$13),15-13*ORÇAMENTO!$AF$7)*OFFSET(ORÇAMENTO!$W$15,ROW(AJ22)-ROW(AJ$15),0),15-13*ORÇAMENTO!$AF$11)),\n         0)","v":0},{"$f":"IF(AND($D22=\"Serviço\",AK$12<>0,$H22>0,OR(AUTOEVENTO<>\"manual\",$M22<>$A$15)),\n        IF(Import.TipoArredondamento<>\"TransfereGOV\",\n              ROUND(OFFSET($P22,0,AK$13),15-13*ORÇAMENTO!$AF$7)/$H22*OFFSET(ORÇAMENTO!$X$15,ROW(AK22)-ROW(AK$15),0),\n              ROUND(ROUND(OFFSET($P22,0,AK$13),15-13*ORÇAMENTO!$AF$7)*OFFSET(ORÇAMENTO!$W$15,ROW(AK22)-ROW(AK$15),0),15-13*ORÇAMENTO!$AF$11)),\n         0)","v":0},{"$f":"IF(AND($D22=\"Serviço\",AL$12<>0,$H22>0,OR(AUTOEVENTO<>\"manual\",$M22<>$A$15)),\n        IF(Import.TipoArredondamento<>\"TransfereGOV\",\n              ROUND(OFFSET($P22,0,AL$13),15-13*ORÇAMENTO!$AF$7)/$H22*OFFSET(ORÇAMENTO!$X$15,ROW(AL22)-ROW(AL$15),0),\n              ROUND(ROUND(OFFSET($P22,0,AL$13),15-13*ORÇAMENTO!$AF$7)*OFFSET(ORÇAMENTO!$W$15,ROW(AL22)-ROW(AL$15),0),15-13*ORÇAMENTO!$AF$11)),\n         0)","v":0},{"$f":"IF(AND($D22=\"Serviço\",AM$12<>0,$H22>0,OR(AUTOEVENTO<>\"manual\",$M22<>$A$15)),\n        IF(Import.TipoArredondamento<>\"TransfereGOV\",\n              ROUND(OFFSET($P22,0,AM$13),15-13*ORÇAMENTO!$AF$7)/$H22*OFFSET(ORÇAMENTO!$X$15,ROW(AM22)-ROW(AM$15),0),\n              ROUND(ROUND(OFFSET($P22,0,AM$13),15-13*ORÇAMENTO!$AF$7)*OFFSET(ORÇAMENTO!$W$15,ROW(AM22)-ROW(AM$15),0),15-13*ORÇAMENTO!$AF$11)),\n         0)","v":0},{"$f":"IF(AND($D22=\"Serviço\",AN$12<>0,$H22>0,OR(AUTOEVENTO<>\"manual\",$M22<>$A$15)),\n        IF(Import.TipoArredondamento<>\"TransfereGOV\",\n              ROUND(OFFSET($P22,0,AN$13),15-13*ORÇAMENTO!$AF$7)/$H22*OFFSET(ORÇAMENTO!$X$15,ROW(AN22)-ROW(AN$15),0),\n              ROUND(ROUND(OFFSET($P22,0,AN$13),15-13*ORÇAMENTO!$AF$7)*OFFSET(ORÇAMENTO!$W$15,ROW(AN22)-ROW(AN$15),0),15-13*ORÇAMENTO!$AF$11)),\n         0)","v":0},{"$f":"IF(AND($D22=\"Serviço\",AO$12<>0,$H22>0,OR(AUTOEVENTO<>\"manual\",$M22<>$A$15)),\n        IF(Import.TipoArredondamento<>\"TransfereGOV\",\n              ROUND(OFFSET($P22,0,AO$13),15-13*ORÇAMENTO!$AF$7)/$H22*OFFSET(ORÇAMENTO!$X$15,ROW(AO22)-ROW(AO$15),0),\n              ROUND(ROUND(OFFSET($P22,0,AO$13),15-13*ORÇAMENTO!$AF$7)*OFFSET(ORÇAMENTO!$W$15,ROW(AO22)-ROW(AO$15),0),15-13*ORÇAMENTO!$AF$11)),\n         0)","v":0},{"$f":"IF(AND($D22=\"Serviço\",AP$12<>0,$H22>0,OR(AUTOEVENTO<>\"manual\",$M22<>$A$15)),\n        IF(Import.TipoArredondamento<>\"TransfereGOV\",\n              ROUND(OFFSET($P22,0,AP$13),15-13*ORÇAMENTO!$AF$7)/$H22*OFFSET(ORÇAMENTO!$X$15,ROW(AP22)-ROW(AP$15),0),\n              ROUND(ROUND(OFFSET($P22,0,AP$13),15-13*ORÇAMENTO!$AF$7)*OFFSET(ORÇAMENTO!$W$15,ROW(AP22)-ROW(AP$15),0),15-13*ORÇAMENTO!$AF$11)),\n         0)","v":0},{"$f":"IF(AND($D22=\"Serviço\",AQ$12<>0,$H22>0,OR(AUTOEVENTO<>\"manual\",$M22<>$A$15)),\n        IF(Import.TipoArredondamento<>\"TransfereGOV\",\n              ROUND(OFFSET($P22,0,AQ$13),15-13*ORÇAMENTO!$AF$7)/$H22*OFFSET(ORÇAMENTO!$X$15,ROW(AQ22)-ROW(AQ$15),0),\n              ROUND(ROUND(OFFSET($P22,0,AQ$13),15-13*ORÇAMENTO!$AF$7)*OFFSET(ORÇAMENTO!$W$15,ROW(AQ22)-ROW(AQ$15),0),15-13*ORÇAMENTO!$AF$11)),\n         0)","v":0},{"$f":"IF(AND($D22=\"Serviço\",AR$12<>0,$H22>0,OR(AUTOEVENTO<>\"manual\",$M22<>$A$15)),\n        IF(Import.TipoArredondamento<>\"TransfereGOV\",\n              ROUND(OFFSET($P22,0,AR$13),15-13*ORÇAMENTO!$AF$7)/$H22*OFFSET(ORÇAMENTO!$X$15,ROW(AR22)-ROW(AR$15),0),\n              ROUND(ROUND(OFFSET($P22,0,AR$13),15-13*ORÇAMENTO!$AF$7)*OFFSET(ORÇAMENTO!$W$15,ROW(AR22)-ROW(AR$15),0),15-13*ORÇAMENTO!$AF$11)),\n         0)","v":0},{"$f":"IF(AND($D22=\"Serviço\",AS$12<>0,$H22>0,OR(AUTOEVENTO<>\"manual\",$M22<>$A$15)),\n        IF(Import.TipoArredondamento<>\"TransfereGOV\",\n              ROUND(OFFSET($P22,0,AS$13),15-13*ORÇAMENTO!$AF$7)/$H22*OFFSET(ORÇAMENTO!$X$15,ROW(AS22)-ROW(AS$15),0),\n              ROUND(ROUND(OFFSET($P22,0,AS$13),15-13*ORÇAMENTO!$AF$7)*OFFSET(ORÇAMENTO!$W$15,ROW(AS22)-ROW(AS$15),0),15-13*ORÇAMENTO!$AF$11)),\n         0)","v":0},{"$f":"IF(AND($D22=\"Serviço\",AT$12<>0,$H22>0,OR(AUTOEVENTO<>\"manual\",$M22<>$A$15)),\n        IF(Import.TipoArredondamento<>\"TransfereGOV\",\n              ROUND(OFFSET($P22,0,AT$13),15-13*ORÇAMENTO!$AF$7)/$H22*OFFSET(ORÇAMENTO!$X$15,ROW(AT22)-ROW(AT$15),0),\n              ROUND(ROUND(OFFSET($P22,0,AT$13),15-13*ORÇAMENTO!$AF$7)*OFFSET(ORÇAMENTO!$W$15,ROW(AT22)-ROW(AT$15),0),15-13*ORÇAMENTO!$AF$11)),\n         0)","v":0},{"$f":"IF(AND($D22=\"Serviço\",AU$12<>0,$H22>0,OR(AUTOEVENTO<>\"manual\",$M22<>$A$15)),\n        IF(Import.TipoArredondamento<>\"TransfereGOV\",\n              ROUND(OFFSET($P22,0,AU$13),15-13*ORÇAMENTO!$AF$7)/$H22*OFFSET(ORÇAMENTO!$X$15,ROW(AU22)-ROW(AU$15),0),\n              ROUND(ROUND(OFFSET($P22,0,AU$13),15-13*ORÇAMENTO!$AF$7)*OFFSET(ORÇAMENTO!$W$15,ROW(AU22)-ROW(AU$15),0),15-13*ORÇAMENTO!$AF$11)),\n         0)","v":0},{"$f":"IF(AND($D22=\"Serviço\",AV$12<>0,$H22>0,OR(AUTOEVENTO<>\"manual\",$M22<>$A$15)),\n        IF(Import.TipoArredondamento<>\"TransfereGOV\",\n              ROUND(OFFSET($P22,0,AV$13),15-13*ORÇAMENTO!$AF$7)/$H22*OFFSET(ORÇAMENTO!$X$15,ROW(AV22)-ROW(AV$15),0),\n              ROUND(ROUND(OFFSET($P22,0,AV$13),15-13*ORÇAMENTO!$AF$7)*OFFSET(ORÇAMENTO!$W$15,ROW(AV22)-ROW(AV$15),0),15-13*ORÇAMENTO!$AF$11)),\n         0)","v":0},{"$f":"IF(AND($D22=\"Serviço\",AW$12<>0,$H22>0,OR(AUTOEVENTO<>\"manual\",$M22<>$A$15)),\n        IF(Import.TipoArredondamento<>\"TransfereGOV\",\n              ROUND(OFFSET($P22,0,AW$13),15-13*ORÇAMENTO!$AF$7)/$H22*OFFSET(ORÇAMENTO!$X$15,ROW(AW22)-ROW(AW$15),0),\n              ROUND(ROUND(OFFSET($P22,0,AW$13),15-13*ORÇAMENTO!$AF$7)*OFFSET(ORÇAMENTO!$W$15,ROW(AW22)-ROW(AW$15),0),15-13*ORÇAMENTO!$AF$11)),\n         0)","v":0},{"$f":"IF(AND($D22=\"Serviço\",AX$12<>0,$H22>0,OR(AUTOEVENTO<>\"manual\",$M22<>$A$15)),\n        IF(Import.TipoArredondamento<>\"TransfereGOV\",\n              ROUND(OFFSET($P22,0,AX$13),15-13*ORÇAMENTO!$AF$7)/$H22*OFFSET(ORÇAMENTO!$X$15,ROW(AX22)-ROW(AX$15),0),\n              ROUND(ROUND(OFFSET($P22,0,AX$13),15-13*ORÇAMENTO!$AF$7)*OFFSET(ORÇAMENTO!$W$15,ROW(AX22)-ROW(AX$15),0),15-13*ORÇAMENTO!$AF$11)),\n         0)","v":0},{"$f":"IF(AND($D22=\"Serviço\",AY$12<>0,$H22>0,OR(AUTOEVENTO<>\"manual\",$M22<>$A$15)),\n        IF(Import.TipoArredondamento<>\"TransfereGOV\",\n              ROUND(OFFSET($P22,0,AY$13),15-13*ORÇAMENTO!$AF$7)/$H22*OFFSET(ORÇAMENTO!$X$15,ROW(AY22)-ROW(AY$15),0),\n              ROUND(ROUND(OFFSET($P22,0,AY$13),15-13*ORÇAMENTO!$AF$7)*OFFSET(ORÇAMENTO!$W$15,ROW(AY22)-ROW(AY$15),0),15-13*ORÇAMENTO!$AF$11)),\n         0)","v":0},{"$f":"IF(AND($D22=\"Serviço\",AZ$12<>0,$H22>0,OR(AUTOEVENTO<>\"manual\",$M22<>$A$15)),\n        IF(Import.TipoArredondamento<>\"TransfereGOV\",\n              ROUND(OFFSET($P22,0,AZ$13),15-13*ORÇAMENTO!$AF$7)/$H22*OFFSET(ORÇAMENTO!$X$15,ROW(AZ22)-ROW(AZ$15),0),\n              ROUND(ROUND(OFFSET($P22,0,AZ$13),15-13*ORÇAMENTO!$AF$7)*OFFSET(ORÇAMENTO!$W$15,ROW(AZ22)-ROW(AZ$15),0),15-13*ORÇAMENTO!$AF$11)),\n         0)","v":0},{"$f":"IF(AND($D22=\"Serviço\",BA$12<>0,$H22>0,OR(AUTOEVENTO<>\"manual\",$M22<>$A$15)),\n        IF(Import.TipoArredondamento<>\"TransfereGOV\",\n              ROUND(OFFSET($P22,0,BA$13),15-13*ORÇAMENTO!$AF$7)/$H22*OFFSET(ORÇAMENTO!$X$15,ROW(BA22)-ROW(BA$15),0),\n              ROUND(ROUND(OFFSET($P22,0,BA$13),15-13*ORÇAMENTO!$AF$7)*OFFSET(ORÇAMENTO!$W$15,ROW(BA22)-ROW(BA$15),0),15-13*ORÇAMENTO!$AF$11)),\n         0)","v":0},null,{"$f":"IF(OR($D22<>\"Serviço\",AND(AUTOEVENTO=\"Manual\",$M22=$A$15)),0,\n         IF(OFFSET(CRONOPLE!$F$15,$M22-$A$15,BC$13)=\"\",10^12,OFFSET(CRONOPLE!$F$15,$M22-$A$15,BC$13)))","v":1000000000000},{"$f":"IF(OR($D22<>\"Serviço\",AND(AUTOEVENTO=\"Manual\",$M22=$A$15)),0,\n         IF(OFFSET(CRONOPLE!$F$15,$M22-$A$15,BD$13)=\"\",10^12,OFFSET(CRONOPLE!$F$15,$M22-$A$15,BD$13)))","v":1000000000000},{"$f":"IF(OR($D22<>\"Serviço\",AND(AUTOEVENTO=\"Manual\",$M22=$A$15)),0,\n         IF(OFFSET(CRONOPLE!$F$15,$M22-$A$15,BE$13)=\"\",10^12,OFFSET(CRONOPLE!$F$15,$M22-$A$15,BE$13)))","v":1000000000000},{"$f":"IF(OR($D22<>\"Serviço\",AND(AUTOEVENTO=\"Manual\",$M22=$A$15)),0,\n         IF(OFFSET(CRONOPLE!$F$15,$M22-$A$15,BF$13)=\"\",10^12,OFFSET(CRONOPLE!$F$15,$M22-$A$15,BF$13)))","v":1000000000000},{"$f":"IF(OR($D22<>\"Serviço\",AND(AUTOEVENTO=\"Manual\",$M22=$A$15)),0,\n         IF(OFFSET(CRONOPLE!$F$15,$M22-$A$15,BG$13)=\"\",10^12,OFFSET(CRONOPLE!$F$15,$M22-$A$15,BG$13)))","v":1000000000000},{"$f":"IF(OR($D22<>\"Serviço\",AND(AUTOEVENTO=\"Manual\",$M22=$A$15)),0,\n         IF(OFFSET(CRONOPLE!$F$15,$M22-$A$15,BH$13)=\"\",10^12,OFFSET(CRONOPLE!$F$15,$M22-$A$15,BH$13)))","v":1000000000000},{"$f":"IF(OR($D22<>\"Serviço\",AND(AUTOEVENTO=\"Manual\",$M22=$A$15)),0,\n         IF(OFFSET(CRONOPLE!$F$15,$M22-$A$15,BI$13)=\"\",10^12,OFFSET(CRONOPLE!$F$15,$M22-$A$15,BI$13)))","v":1000000000000},{"$f":"IF(OR($D22<>\"Serviço\",AND(AUTOEVENTO=\"Manual\",$M22=$A$15)),0,\n         IF(OFFSET(CRONOPLE!$F$15,$M22-$A$15,BJ$13)=\"\",10^12,OFFSET(CRONOPLE!$F$15,$M22-$A$15,BJ$13)))","v":1000000000000},{"$f":"IF(OR($D22<>\"Serviço\",AND(AUTOEVENTO=\"Manual\",$M22=$A$15)),0,\n         IF(OFFSET(CRONOPLE!$F$15,$M22-$A$15,BK$13)=\"\",10^12,OFFSET(CRONOPLE!$F$15,$M22-$A$15,BK$13)))","v":1000000000000},{"$f":"IF(OR($D22<>\"Serviço\",AND(AUTOEVENTO=\"Manual\",$M22=$A$15)),0,\n         IF(OFFSET(CRONOPLE!$F$15,$M22-$A$15,BL$13)=\"\",10^12,OFFSET(CRONOPLE!$F$15,$M22-$A$15,BL$13)))","v":1000000000000},{"$f":"IF(OR($D22<>\"Serviço\",AND(AUTOEVENTO=\"Manual\",$M22=$A$15)),0,\n         IF(OFFSET(CRONOPLE!$F$15,$M22-$A$15,BM$13)=\"\",10^12,OFFSET(CRONOPLE!$F$15,$M22-$A$15,BM$13)))","v":1000000000000},{"$f":"IF(OR($D22<>\"Serviço\",AND(AUTOEVENTO=\"Manual\",$M22=$A$15)),0,\n         IF(OFFSET(CRONOPLE!$F$15,$M22-$A$15,BN$13)=\"\",10^12,OFFSET(CRONOPLE!$F$15,$M22-$A$15,BN$13)))","v":1000000000000},{"$f":"IF(OR($D22<>\"Serviço\",AND(AUTOEVENTO=\"Manual\",$M22=$A$15)),0,\n         IF(OFFSET(CRONOPLE!$F$15,$M22-$A$15,BO$13)=\"\",10^12,OFFSET(CRONOPLE!$F$15,$M22-$A$15,BO$13)))","v":1000000000000},{"$f":"IF(OR($D22<>\"Serviço\",AND(AUTOEVENTO=\"Manual\",$M22=$A$15)),0,\n         IF(OFFSET(CRONOPLE!$F$15,$M22-$A$15,BP$13)=\"\",10^12,OFFSET(CRONOPLE!$F$15,$M22-$A$15,BP$13)))","v":1000000000000},{"$f":"IF(OR($D22<>\"Serviço\",AND(AUTOEVENTO=\"Manual\",$M22=$A$15)),0,\n         IF(OFFSET(CRONOPLE!$F$15,$M22-$A$15,BQ$13)=\"\",10^12,OFFSET(CRONOPLE!$F$15,$M22-$A$15,BQ$13)))","v":1000000000000},{"$f":"IF(OR($D22<>\"Serviço\",AND(AUTOEVENTO=\"Manual\",$M22=$A$15)),0,\n         IF(OFFSET(CRONOPLE!$F$15,$M22-$A$15,BR$13)=\"\",10^12,OFFSET(CRONOPLE!$F$15,$M22-$A$15,BR$13)))","v":1000000000000},{"$f":"IF(OR($D22<>\"Serviço\",AND(AUTOEVENTO=\"Manual\",$M22=$A$15)),0,\n         IF(OFFSET(CRONOPLE!$F$15,$M22-$A$15,BS$13)=\"\",10^12,OFFSET(CRONOPLE!$F$15,$M22-$A$15,BS$13)))","v":1000000000000},{"$f":"IF(OR($D22<>\"Serviço\",AND(AUTOEVENTO=\"Manual\",$M22=$A$15)),0,\n         IF(OFFSET(CRONOPLE!$F$15,$M22-$A$15,BT$13)=\"\",10^12,OFFSET(CRONOPLE!$F$15,$M22-$A$15,BT$13)))","v":1000000000000},null,{"$f":"IF(OR($D22<>\"Serviço\",AND(AUTOEVENTO=\"Manual\",$M22=$A$15),$M22>(ROW(PLE.lastrow)-ROW(PLE.firstrow))),0,\n           IF(OFFSET(PLE!$G$15,$M22-$A$15,BV$13)=\"\",10^12,OFFSET(PLE!$G$15,$M22-$A$15,BV$13)))","v":1000000000000},{"$f":"IF(OR($D22<>\"Serviço\",AND(AUTOEVENTO=\"Manual\",$M22=$A$15),$M22>(ROW(PLE.lastrow)-ROW(PLE.firstrow))),0,\n           IF(OFFSET(PLE!$G$15,$M22-$A$15,BW$13)=\"\",10^12,OFFSET(PLE!$G$15,$M22-$A$15,BW$13)))","v":1000000000000},{"$f":"IF(OR($D22<>\"Serviço\",AND(AUTOEVENTO=\"Manual\",$M22=$A$15),$M22>(ROW(PLE.lastrow)-ROW(PLE.firstrow))),0,\n           IF(OFFSET(PLE!$G$15,$M22-$A$15,BX$13)=\"\",10^12,OFFSET(PLE!$G$15,$M22-$A$15,BX$13)))","v":1000000000000},{"$f":"IF(OR($D22<>\"Serviço\",AND(AUTOEVENTO=\"Manual\",$M22=$A$15),$M22>(ROW(PLE.lastrow)-ROW(PLE.firstrow))),0,\n           IF(OFFSET(PLE!$G$15,$M22-$A$15,BY$13)=\"\",10^12,OFFSET(PLE!$G$15,$M22-$A$15,BY$13)))","v":1000000000000},{"$f":"IF(OR($D22<>\"Serviço\",AND(AUTOEVENTO=\"Manual\",$M22=$A$15),$M22>(ROW(PLE.lastrow)-ROW(PLE.firstrow))),0,\n           IF(OFFSET(PLE!$G$15,$M22-$A$15,BZ$13)=\"\",10^12,OFFSET(PLE!$G$15,$M22-$A$15,BZ$13)))","v":1000000000000},{"$f":"IF(OR($D22<>\"Serviço\",AND(AUTOEVENTO=\"Manual\",$M22=$A$15),$M22>(ROW(PLE.lastrow)-ROW(PLE.firstrow))),0,\n           IF(OFFSET(PLE!$G$15,$M22-$A$15,CA$13)=\"\",10^12,OFFSET(PLE!$G$15,$M22-$A$15,CA$13)))","v":1000000000000},{"$f":"IF(OR($D22<>\"Serviço\",AND(AUTOEVENTO=\"Manual\",$M22=$A$15),$M22>(ROW(PLE.lastrow)-ROW(PLE.firstrow))),0,\n           IF(OFFSET(PLE!$G$15,$M22-$A$15,CB$13)=\"\",10^12,OFFSET(PLE!$G$15,$M22-$A$15,CB$13)))","v":1000000000000},{"$f":"IF(OR($D22<>\"Serviço\",AND(AUTOEVENTO=\"Manual\",$M22=$A$15),$M22>(ROW(PLE.lastrow)-ROW(PLE.firstrow))),0,\n           IF(OFFSET(PLE!$G$15,$M22-$A$15,CC$13)=\"\",10^12,OFFSET(PLE!$G$15,$M22-$A$15,CC$13)))","v":1000000000000},{"$f":"IF(OR($D22<>\"Serviço\",AND(AUTOEVENTO=\"Manual\",$M22=$A$15),$M22>(ROW(PLE.lastrow)-ROW(PLE.firstrow))),0,\n           IF(OFFSET(PLE!$G$15,$M22-$A$15,CD$13)=\"\",10^12,OFFSET(PLE!$G$15,$M22-$A$15,CD$13)))","v":1000000000000},{"$f":"IF(OR($D22<>\"Serviço\",AND(AUTOEVENTO=\"Manual\",$M22=$A$15),$M22>(ROW(PLE.lastrow)-ROW(PLE.firstrow))),0,\n           IF(OFFSET(PLE!$G$15,$M22-$A$15,CE$13)=\"\",10^12,OFFSET(PLE!$G$15,$M22-$A$15,CE$13)))","v":1000000000000},{"$f":"IF(OR($D22<>\"Serviço\",AND(AUTOEVENTO=\"Manual\",$M22=$A$15),$M22>(ROW(PLE.lastrow)-ROW(PLE.firstrow))),0,\n           IF(OFFSET(PLE!$G$15,$M22-$A$15,CF$13)=\"\",10^12,OFFSET(PLE!$G$15,$M22-$A$15,CF$13)))","v":1000000000000},{"$f":"IF(OR($D22<>\"Serviço\",AND(AUTOEVENTO=\"Manual\",$M22=$A$15),$M22>(ROW(PLE.lastrow)-ROW(PLE.firstrow))),0,\n           IF(OFFSET(PLE!$G$15,$M22-$A$15,CG$13)=\"\",10^12,OFFSET(PLE!$G$15,$M22-$A$15,CG$13)))","v":1000000000000},{"$f":"IF(OR($D22<>\"Serviço\",AND(AUTOEVENTO=\"Manual\",$M22=$A$15),$M22>(ROW(PLE.lastrow)-ROW(PLE.firstrow))),0,\n           IF(OFFSET(PLE!$G$15,$M22-$A$15,CH$13)=\"\",10^12,OFFSET(PLE!$G$15,$M22-$A$15,CH$13)))","v":1000000000000},{"$f":"IF(OR($D22<>\"Serviço\",AND(AUTOEVENTO=\"Manual\",$M22=$A$15),$M22>(ROW(PLE.lastrow)-ROW(PLE.firstrow))),0,\n           IF(OFFSET(PLE!$G$15,$M22-$A$15,CI$13)=\"\",10^12,OFFSET(PLE!$G$15,$M22-$A$15,CI$13)))","v":1000000000000},{"$f":"IF(OR($D22<>\"Serviço\",AND(AUTOEVENTO=\"Manual\",$M22=$A$15),$M22>(ROW(PLE.lastrow)-ROW(PLE.firstrow))),0,\n           IF(OFFSET(PLE!$G$15,$M22-$A$15,CJ$13)=\"\",10^12,OFFSET(PLE!$G$15,$M22-$A$15,CJ$13)))","v":1000000000000},{"$f":"IF(OR($D22<>\"Serviço\",AND(AUTOEVENTO=\"Manual\",$M22=$A$15),$M22>(ROW(PLE.lastrow)-ROW(PLE.firstrow))),0,\n           IF(OFFSET(PLE!$G$15,$M22-$A$15,CK$13)=\"\",10^12,OFFSET(PLE!$G$15,$M22-$A$15,CK$13)))","v":1000000000000},{"$f":"IF(OR($D22<>\"Serviço\",AND(AUTOEVENTO=\"Manual\",$M22=$A$15),$M22>(ROW(PLE.lastrow)-ROW(PLE.firstrow))),0,\n           IF(OFFSET(PLE!$G$15,$M22-$A$15,CL$13)=\"\",10^12,OFFSET(PLE!$G$15,$M22-$A$15,CL$13)))","v":1000000000000},{"$f":"IF(OR($D22<>\"Serviço\",AND(AUTOEVENTO=\"Manual\",$M22=$A$15),$M22>(ROW(PLE.lastrow)-ROW(PLE.firstrow))),0,\n           IF(OFFSET(PLE!$G$15,$M22-$A$15,CM$13)=\"\",10^12,OFFSET(PLE!$G$15,$M22-$A$15,CM$13)))","v":1000000000000}]
[{"$f":"IF(AUTOEVENTO=\"Manual\",IF(K23<>\"\",MIN(VALUE(LEFT(K23,FIND(\".\",K23)-1)),COUNTA(EVENTOS.Lista)),0),IF(OR($B23>AUTOEVENTO,$B23=\"S\",$B23=0),SUBSTITUTE(OFFSET($A23,-1,0),IF($D23=\"Serviço\",\".\",\"\"),\"\"),ROW(A23)-ROW($A$15)&\".\"))","v":0},{"$f":"OFFSET(ORÇAMENTO!C$15,ROW(B23)-ROW(B$15),0)","v":"S"},{"$f":"OFFSET(ORÇAMENTO!L$15,ROW(C23)-ROW(C$15),0)","v":"F"},{"$f":"OFFSET(ORÇAMENTO!N$15,ROW(D23)-ROW(D$15),0)","v":"Serviço"},{"$f":"OFFSET(ORÇAMENTO!O$15,ROW(E23)-ROW(E$15),0)","v":"1.1.6."},{"$f":"OFFSET(ORÇAMENTO!R$15,ROW(F23)-ROW(F$15),0)","v":"INSTALAÇÃO/LIGAÇÃO PROVISÓRIA DE ENERGIA ELÉTRICA DE BAIXA TENSÃO "},{"$f":"IF($D23<>\"Serviço\",\"\",OFFSET(ORÇAMENTO!S$15,ROW(G23)-ROW(G$15),0))","v":"UN"},{"$f":"IF($D23<>\"Serviço\",0,IF(ACOMPANHAMENTO=\"BM\",ROUND(OFFSET(ORÇAMENTO!AJ$15,ROW(H23)-ROW(H$15),0),15-13*ORÇAMENTO!$AF$7),SUMPRODUCT(($Q$1:$AI$1=1)*ROUND($Q23:$AI23,15-13*ORÇAMENTO!$AF$7))))","v":1},null,{"$f":"IF(B23<>\"S\",\"\",IF(AND(ACOMPANHAMENTO=\"PLE\",AUTOEVENTO=\"Manual\",OR(H23>0,ORÇAMENTO!AC23=\"QUANT.\"),OR(K23=\"\",M23=0,N23=\"\")),\"►\",IF(AND(ACOMPANHAMENTO=\"PLE\",ORÇAMENTO!AC23=\"QUANT.\"),\"►►\",IF(AND(COUNTIF($P$11:$AI$11,\"▼\")=0,H23>0,I23=\"\"),\"◄\",\"\"))))","v":"◄"},null,".",{"$f":"IF($D23<>\"Serviço\",\"\",\n          IF(AUTOEVENTO=\"manual\",$A23,\n                IF(ISERROR(MATCH($A23,$A$15:OFFSET($A23,-1,0),0)),MAX($M$15:OFFSET(M23,-1,0))+1,\n                      INDEX($M$15:OFFSET(M23,-1,0),MATCH($A23,$A$15:OFFSET($A23,-1,0),0)))))","v":0},{"$f":"IF($D23<>\"Serviço\",\"\",\n         IF(AUTOEVENTO=\"Manual\",\n                IF($A23=0,\"<-- defina o número do agrupador\",\n                       OFFSET(EVENTOS!$D$15,$A23-$A$15,0)),\n                OFFSET($F$15,$A23,0)))","v":"<-- defina o número do agrupador"},null,null,null,null,null,null,null,null,null,null,null,null,null,null,null,null,null,null,null,null,null,{"$f":"IF(AND($D23=\"Serviço\",AJ$12<>0,$H23>0,OR(AUTOEVENTO<>\"manual\",$M23<>$A$15)),\n        IF(Import.TipoArredondamento<>\"TransfereGOV\",\n              ROUND(OFFSET($P23,0,AJ$13),15-13*ORÇAMENTO!$AF$7)/$H23*OFFSET(ORÇAMENTO!$X$15,ROW(AJ23)-ROW(AJ$15),0),\n              ROUND(ROUND(OFFSET($P23,0,AJ$13),15-13*ORÇAMENTO!$AF$7)*OFFSET(ORÇAMENTO!$W$15,ROW(AJ23)-ROW(AJ$15),0),15-13*ORÇAMENTO!$AF$11)),\n         0)","v":0},{"$f":"IF(AND($D23=\"Serviço\",AK$12<>0,$H23>0,OR(AUTOEVENTO<>\"manual\",$M23<>$A$15)),\n        IF(Import.TipoArredondamento<>\"TransfereGOV\",\n              ROUND(OFFSET($P23,0,AK$13),15-13*ORÇAMENTO!$AF$7)/$H23*OFFSET(ORÇAMENTO!$X$15,ROW(AK23)-ROW(AK$15),0),\n              ROUND(ROUND(OFFSET($P23,0,AK$13),15-13*ORÇAMENTO!$AF$7)*OFFSET(ORÇAMENTO!$W$15,ROW(AK23)-ROW(AK$15),0),15-13*ORÇAMENTO!$AF$11)),\n         0)","v":0},{"$f":"IF(AND($D23=\"Serviço\",AL$12<>0,$H23>0,OR(AUTOEVENTO<>\"manual\",$M23<>$A$15)),\n        IF(Import.TipoArredondamento<>\"TransfereGOV\",\n              ROUND(OFFSET($P23,0,AL$13),15-13*ORÇAMENTO!$AF$7)/$H23*OFFSET(ORÇAMENTO!$X$15,ROW(AL23)-ROW(AL$15),0),\n              ROUND(ROUND(OFFSET($P23,0,AL$13),15-13*ORÇAMENTO!$AF$7)*OFFSET(ORÇAMENTO!$W$15,ROW(AL23)-ROW(AL$15),0),15-13*ORÇAMENTO!$AF$11)),\n         0)","v":0},{"$f":"IF(AND($D23=\"Serviço\",AM$12<>0,$H23>0,OR(AUTOEVENTO<>\"manual\",$M23<>$A$15)),\n        IF(Import.TipoArredondamento<>\"TransfereGOV\",\n              ROUND(OFFSET($P23,0,AM$13),15-13*ORÇAMENTO!$AF$7)/$H23*OFFSET(ORÇAMENTO!$X$15,ROW(AM23)-ROW(AM$15),0),\n              ROUND(ROUND(OFFSET($P23,0,AM$13),15-13*ORÇAMENTO!$AF$7)*OFFSET(ORÇAMENTO!$W$15,ROW(AM23)-ROW(AM$15),0),15-13*ORÇAMENTO!$AF$11)),\n         0)","v":0},{"$f":"IF(AND($D23=\"Serviço\",AN$12<>0,$H23>0,OR(AUTOEVENTO<>\"manual\",$M23<>$A$15)),\n        IF(Import.TipoArredondamento<>\"TransfereGOV\",\n              ROUND(OFFSET($P23,0,AN$13),15-13*ORÇAMENTO!$AF$7)/$H23*OFFSET(ORÇAMENTO!$X$15,ROW(AN23)-ROW(AN$15),0),\n              ROUND(ROUND(OFFSET($P23,0,AN$13),15-13*ORÇAMENTO!$AF$7)*OFFSET(ORÇAMENTO!$W$15,ROW(AN23)-ROW(AN$15),0),15-13*ORÇAMENTO!$AF$11)),\n         0)","v":0},{"$f":"IF(AND($D23=\"Serviço\",AO$12<>0,$H23>0,OR(AUTOEVENTO<>\"manual\",$M23<>$A$15)),\n        IF(Import.TipoArredondamento<>\"TransfereGOV\",\n              ROUND(OFFSET($P23,0,AO$13),15-13*ORÇAMENTO!$AF$7)/$H23*OFFSET(ORÇAMENTO!$X$15,ROW(AO23)-ROW(AO$15),0),\n              ROUND(ROUND(OFFSET($P23,0,AO$13),15-13*ORÇAMENTO!$AF$7)*OFFSET(ORÇAMENTO!$W$15,ROW(AO23)-ROW(AO$15),0),15-13*ORÇAMENTO!$AF$11)),\n         0)","v":0},{"$f":"IF(AND($D23=\"Serviço\",AP$12<>0,$H23>0,OR(AUTOEVENTO<>\"manual\",$M23<>$A$15)),\n        IF(Import.TipoArredondamento<>\"TransfereGOV\",\n              ROUND(OFFSET($P23,0,AP$13),15-13*ORÇAMENTO!$AF$7)/$H23*OFFSET(ORÇAMENTO!$X$15,ROW(AP23)-ROW(AP$15),0),\n              ROUND(ROUND(OFFSET($P23,0,AP$13),15-13*ORÇAMENTO!$AF$7)*OFFSET(ORÇAMENTO!$W$15,ROW(AP23)-ROW(AP$15),0),15-13*ORÇAMENTO!$AF$11)),\n         0)","v":0},{"$f":"IF(AND($D23=\"Serviço\",AQ$12<>0,$H23>0,OR(AUTOEVENTO<>\"manual\",$M23<>$A$15)),\n        IF(Import.TipoArredondamento<>\"TransfereGOV\",\n              ROUND(OFFSET($P23,0,AQ$13),15-13*ORÇAMENTO!$AF$7)/$H23*OFFSET(ORÇAMENTO!$X$15,ROW(AQ23)-ROW(AQ$15),0),\n              ROUND(ROUND(OFFSET($P23,0,AQ$13),15-13*ORÇAMENTO!$AF$7)*OFFSET(ORÇAMENTO!$W$15,ROW(AQ23)-ROW(AQ$15),0),15-13*ORÇAMENTO!$AF$11)),\n         0)","v":0},{"$f":"IF(AND($D23=\"Serviço\",AR$12<>0,$H23>0,OR(AUTOEVENTO<>\"manual\",$M23<>$A$15)),\n        IF(Import.TipoArredondamento<>\"TransfereGOV\",\n              ROUND(OFFSET($P23,0,AR$13),15-13*ORÇAMENTO!$AF$7)/$H23*OFFSET(ORÇAMENTO!$X$15,ROW(AR23)-ROW(AR$15),0),\n              ROUND(ROUND(OFFSET($P23,0,AR$13),15-13*ORÇAMENTO!$AF$7)*OFFSET(ORÇAMENTO!$W$15,ROW(AR23)-ROW(AR$15),0),15-13*ORÇAMENTO!$AF$11)),\n         0)","v":0},{"$f":"IF(AND($D23=\"Serviço\",AS$12<>0,$H23>0,OR(AUTOEVENTO<>\"manual\",$M23<>$A$15)),\n        IF(Import.TipoArredondamento<>\"TransfereGOV\",\n              ROUND(OFFSET($P23,0,AS$13),15-13*ORÇAMENTO!$AF$7)/$H23*OFFSET(ORÇAMENTO!$X$15,ROW(AS23)-ROW(AS$15),0),\n              ROUND(ROUND(OFFSET($P23,0,AS$13),15-13*ORÇAMENTO!$AF$7)*OFFSET(ORÇAMENTO!$W$15,ROW(AS23)-ROW(AS$15),0),15-13*ORÇAMENTO!$AF$11)),\n         0)","v":0},{"$f":"IF(AND($D23=\"Serviço\",AT$12<>0,$H23>0,OR(AUTOEVENTO<>\"manual\",$M23<>$A$15)),\n        IF(Import.TipoArredondamento<>\"TransfereGOV\",\n              ROUND(OFFSET($P23,0,AT$13),15-13*ORÇAMENTO!$AF$7)/$H23*OFFSET(ORÇAMENTO!$X$15,ROW(AT23)-ROW(AT$15),0),\n              ROUND(ROUND(OFFSET($P23,0,AT$13),15-13*ORÇAMENTO!$AF$7)*OFFSET(ORÇAMENTO!$W$15,ROW(AT23)-ROW(AT$15),0),15-13*ORÇAMENTO!$AF$11)),\n         0)","v":0},{"$f":"IF(AND($D23=\"Serviço\",AU$12<>0,$H23>0,OR(AUTOEVENTO<>\"manual\",$M23<>$A$15)),\n        IF(Import.TipoArredondamento<>\"TransfereGOV\",\n              ROUND(OFFSET($P23,0,AU$13),15-13*ORÇAMENTO!$AF$7)/$H23*OFFSET(ORÇAMENTO!$X$15,ROW(AU23)-ROW(AU$15),0),\n              ROUND(ROUND(OFFSET($P23,0,AU$13),15-13*ORÇAMENTO!$AF$7)*OFFSET(ORÇAMENTO!$W$15,ROW(AU23)-ROW(AU$15),0),15-13*ORÇAMENTO!$AF$11)),\n         0)","v":0},{"$f":"IF(AND($D23=\"Serviço\",AV$12<>0,$H23>0,OR(AUTOEVENTO<>\"manual\",$M23<>$A$15)),\n        IF(Import.TipoArredondamento<>\"TransfereGOV\",\n              ROUND(OFFSET($P23,0,AV$13),15-13*ORÇAMENTO!$AF$7)/$H23*OFFSET(ORÇAMENTO!$X$15,ROW(AV23)-ROW(AV$15),0),\n              ROUND(ROUND(OFFSET($P23,0,AV$13),15-13*ORÇAMENTO!$AF$7)*OFFSET(ORÇAMENTO!$W$15,ROW(AV23)-ROW(AV$15),0),15-13*ORÇAMENTO!$AF$11)),\n         0)","v":0},{"$f":"IF(AND($D23=\"Serviço\",AW$12<>0,$H23>0,OR(AUTOEVENTO<>\"manual\",$M23<>$A$15)),\n        IF(Import.TipoArredondamento<>\"TransfereGOV\",\n              ROUND(OFFSET($P23,0,AW$13),15-13*ORÇAMENTO!$AF$7)/$H23*OFFSET(ORÇAMENTO!$X$15,ROW(AW23)-ROW(AW$15),0),\n              ROUND(ROUND(OFFSET($P23,0,AW$13),15-13*ORÇAMENTO!$AF$7)*OFFSET(ORÇAMENTO!$W$15,ROW(AW23)-ROW(AW$15),0),15-13*ORÇAMENTO!$AF$11)),\n         0)","v":0},{"$f":"IF(AND($D23=\"Serviço\",AX$12<>0,$H23>0,OR(AUTOEVENTO<>\"manual\",$M23<>$A$15)),\n        IF(Import.TipoArredondamento<>\"TransfereGOV\",\n              ROUND(OFFSET($P23,0,AX$13),15-13*ORÇAMENTO!$AF$7)/$H23*OFFSET(ORÇAMENTO!$X$15,ROW(AX23)-ROW(AX$15),0),\n              ROUND(ROUND(OFFSET($P23,0,AX$13),15-13*ORÇAMENTO!$AF$7)*OFFSET(ORÇAMENTO!$W$15,ROW(AX23)-ROW(AX$15),0),15-13*ORÇAMENTO!$AF$11)),\n         0)","v":0},{"$f":"IF(AND($D23=\"Serviço\",AY$12<>0,$H23>0,OR(AUTOEVENTO<>\"manual\",$M23<>$A$15)),\n        IF(Import.TipoArredondamento<>\"TransfereGOV\",\n              ROUND(OFFSET($P23,0,AY$13),15-13*ORÇAMENTO!$AF$7)/$H23*OFFSET(ORÇAMENTO!$X$15,ROW(AY23)-ROW(AY$15),0),\n              ROUND(ROUND(OFFSET($P23,0,AY$13),15-13*ORÇAMENTO!$AF$7)*OFFSET(ORÇAMENTO!$W$15,ROW(AY23)-ROW(AY$15),0),15-13*ORÇAMENTO!$AF$11)),\n         0)","v":0},{"$f":"IF(AND($D23=\"Serviço\",AZ$12<>0,$H23>0,OR(AUTOEVENTO<>\"manual\",$M23<>$A$15)),\n        IF(Import.TipoArredondamento<>\"TransfereGOV\",\n              ROUND(OFFSET($P23,0,AZ$13),15-13*ORÇAMENTO!$AF$7)/$H23*OFFSET(ORÇAMENTO!$X$15,ROW(AZ23)-ROW(AZ$15),0),\n              ROUND(ROUND(OFFSET($P23,0,AZ$13),15-13*ORÇAMENTO!$AF$7)*OFFSET(ORÇAMENTO!$W$15,ROW(AZ23)-ROW(AZ$15),0),15-13*ORÇAMENTO!$AF$11)),\n         0)","v":0},{"$f":"IF(AND($D23=\"Serviço\",BA$12<>0,$H23>0,OR(AUTOEVENTO<>\"manual\",$M23<>$A$15)),\n        IF(Import.TipoArredondamento<>\"TransfereGOV\",\n              ROUND(OFFSET($P23,0,BA$13),15-13*ORÇAMENTO!$AF$7)/$H23*OFFSET(ORÇAMENTO!$X$15,ROW(BA23)-ROW(BA$15),0),\n              ROUND(ROUND(OFFSET($P23,0,BA$13),15-13*ORÇAMENTO!$AF$7)*OFFSET(ORÇAMENTO!$W$15,ROW(BA23)-ROW(BA$15),0),15-13*ORÇAMENTO!$AF$11)),\n         0)","v":0},null,{"$f":"IF(OR($D23<>\"Serviço\",AND(AUTOEVENTO=\"Manual\",$M23=$A$15)),0,\n         IF(OFFSET(CRONOPLE!$F$15,$M23-$A$15,BC$13)=\"\",10^12,OFFSET(CRONOPLE!$F$15,$M23-$A$15,BC$13)))","v":0},{"$f":"IF(OR($D23<>\"Serviço\",AND(AUTOEVENTO=\"Manual\",$M23=$A$15)),0,\n         IF(OFFSET(CRONOPLE!$F$15,$M23-$A$15,BD$13)=\"\",10^12,OFFSET(CRONOPLE!$F$15,$M23-$A$15,BD$13)))","v":0},{"$f":"IF(OR($D23<>\"Serviço\",AND(AUTOEVENTO=\"Manual\",$M23=$A$15)),0,\n         IF(OFFSET(CRONOPLE!$F$15,$M23-$A$15,BE$13)=\"\",10^12,OFFSET(CRONOPLE!$F$15,$M23-$A$15,BE$13)))","v":0},{"$f":"IF(OR($D23<>\"Serviço\",AND(AUTOEVENTO=\"Manual\",$M23=$A$15)),0,\n         IF(OFFSET(CRONOPLE!$F$15,$M23-$A$15,BF$13)=\"\",10^12,OFFSET(CRONOPLE!$F$15,$M23-$A$15,BF$13)))","v":0},{"$f":"IF(OR($D23<>\"Serviço\",AND(AUTOEVENTO=\"Manual\",$M23=$A$15)),0,\n         IF(OFFSET(CRONOPLE!$F$15,$M23-$A$15,BG$13)=\"\",10^12,OFFSET(CRONOPLE!$F$15,$M23-$A$15,BG$13)))","v":0},{"$f":"IF(OR($D23<>\"Serviço\",AND(AUTOEVENTO=\"Manual\",$M23=$A$15)),0,\n         IF(OFFSET(CRONOPLE!$F$15,$M23-$A$15,BH$13)=\"\",10^12,OFFSET(CRONOPLE!$F$15,$M23-$A$15,BH$13)))","v":0},{"$f":"IF(OR($D23<>\"Serviço\",AND(AUTOEVENTO=\"Manual\",$M23=$A$15)),0,\n         IF(OFFSET(CRONOPLE!$F$15,$M23-$A$15,BI$13)=\"\",10^12,OFFSET(CRONOPLE!$F$15,$M23-$A$15,BI$13)))","v":0},{"$f":"IF(OR($D23<>\"Serviço\",AND(AUTOEVENTO=\"Manual\",$M23=$A$15)),0,\n         IF(OFFSET(CRONOPLE!$F$15,$M23-$A$15,BJ$13)=\"\",10^12,OFFSET(CRONOPLE!$F$15,$M23-$A$15,BJ$13)))","v":0},{"$f":"IF(OR($D23<>\"Serviço\",AND(AUTOEVENTO=\"Manual\",$M23=$A$15)),0,\n         IF(OFFSET(CRONOPLE!$F$15,$M23-$A$15,BK$13)=\"\",10^12,OFFSET(CRONOPLE!$F$15,$M23-$A$15,BK$13)))","v":0},{"$f":"IF(OR($D23<>\"Serviço\",AND(AUTOEVENTO=\"Manual\",$M23=$A$15)),0,\n         IF(OFFSET(CRONOPLE!$F$15,$M23-$A$15,BL$13)=\"\",10^12,OFFSET(CRONOPLE!$F$15,$M23-$A$15,BL$13)))","v":0},{"$f":"IF(OR($D23<>\"Serviço\",AND(AUTOEVENTO=\"Manual\",$M23=$A$15)),0,\n         IF(OFFSET(CRONOPLE!$F$15,$M23-$A$15,BM$13)=\"\",10^12,OFFSET(CRONOPLE!$F$15,$M23-$A$15,BM$13)))","v":0},{"$f":"IF(OR($D23<>\"Serviço\",AND(AUTOEVENTO=\"Manual\",$M23=$A$15)),0,\n         IF(OFFSET(CRONOPLE!$F$15,$M23-$A$15,BN$13)=\"\",10^12,OFFSET(CRONOPLE!$F$15,$M23-$A$15,BN$13)))","v":0},{"$f":"IF(OR($D23<>\"Serviço\",AND(AUTOEVENTO=\"Manual\",$M23=$A$15)),0,\n         IF(OFFSET(CRONOPLE!$F$15,$M23-$A$15,BO$13)=\"\",10^12,OFFSET(CRONOPLE!$F$15,$M23-$A$15,BO$13)))","v":0},{"$f":"IF(OR($D23<>\"Serviço\",AND(AUTOEVENTO=\"Manual\",$M23=$A$15)),0,\n         IF(OFFSET(CRONOPLE!$F$15,$M23-$A$15,BP$13)=\"\",10^12,OFFSET(CRONOPLE!$F$15,$M23-$A$15,BP$13)))","v":0},{"$f":"IF(OR($D23<>\"Serviço\",AND(AUTOEVENTO=\"Manual\",$M23=$A$15)),0,\n         IF(OFFSET(CRONOPLE!$F$15,$M23-$A$15,BQ$13)=\"\",10^12,OFFSET(CRONOPLE!$F$15,$M23-$A$15,BQ$13)))","v":0},{"$f":"IF(OR($D23<>\"Serviço\",AND(AUTOEVENTO=\"Manual\",$M23=$A$15)),0,\n         IF(OFFSET(CRONOPLE!$F$15,$M23-$A$15,BR$13)=\"\",10^12,OFFSET(CRONOPLE!$F$15,$M23-$A$15,BR$13)))","v":0},{"$f":"IF(OR($D23<>\"Serviço\",AND(AUTOEVENTO=\"Manual\",$M23=$A$15)),0,\n         IF(OFFSET(CRONOPLE!$F$15,$M23-$A$15,BS$13)=\"\",10^12,OFFSET(CRONOPLE!$F$15,$M23-$A$15,BS$13)))","v":0},{"$f":"IF(OR($D23<>\"Serviço\",AND(AUTOEVENTO=\"Manual\",$M23=$A$15)),0,\n         IF(OFFSET(CRONOPLE!$F$15,$M23-$A$15,BT$13)=\"\",10^12,OFFSET(CRONOPLE!$F$15,$M23-$A$15,BT$13)))","v":0},null,{"$f":"IF(OR($D23<>\"Serviço\",AND(AUTOEVENTO=\"Manual\",$M23=$A$15),$M23>(ROW(PLE.lastrow)-ROW(PLE.firstrow))),0,\n           IF(OFFSET(PLE!$G$15,$M23-$A$15,BV$13)=\"\",10^12,OFFSET(PLE!$G$15,$M23-$A$15,BV$13)))","v":0},{"$f":"IF(OR($D23<>\"Serviço\",AND(AUTOEVENTO=\"Manual\",$M23=$A$15),$M23>(ROW(PLE.lastrow)-ROW(PLE.firstrow))),0,\n           IF(OFFSET(PLE!$G$15,$M23-$A$15,BW$13)=\"\",10^12,OFFSET(PLE!$G$15,$M23-$A$15,BW$13)))","v":0},{"$f":"IF(OR($D23<>\"Serviço\",AND(AUTOEVENTO=\"Manual\",$M23=$A$15),$M23>(ROW(PLE.lastrow)-ROW(PLE.firstrow))),0,\n           IF(OFFSET(PLE!$G$15,$M23-$A$15,BX$13)=\"\",10^12,OFFSET(PLE!$G$15,$M23-$A$15,BX$13)))","v":0},{"$f":"IF(OR($D23<>\"Serviço\",AND(AUTOEVENTO=\"Manual\",$M23=$A$15),$M23>(ROW(PLE.lastrow)-ROW(PLE.firstrow))),0,\n           IF(OFFSET(PLE!$G$15,$M23-$A$15,BY$13)=\"\",10^12,OFFSET(PLE!$G$15,$M23-$A$15,BY$13)))","v":0},{"$f":"IF(OR($D23<>\"Serviço\",AND(AUTOEVENTO=\"Manual\",$M23=$A$15),$M23>(ROW(PLE.lastrow)-ROW(PLE.firstrow))),0,\n           IF(OFFSET(PLE!$G$15,$M23-$A$15,BZ$13)=\"\",10^12,OFFSET(PLE!$G$15,$M23-$A$15,BZ$13)))","v":0},{"$f":"IF(OR($D23<>\"Serviço\",AND(AUTOEVENTO=\"Manual\",$M23=$A$15),$M23>(ROW(PLE.lastrow)-ROW(PLE.firstrow))),0,\n           IF(OFFSET(PLE!$G$15,$M23-$A$15,CA$13)=\"\",10^12,OFFSET(PLE!$G$15,$M23-$A$15,CA$13)))","v":0},{"$f":"IF(OR($D23<>\"Serviço\",AND(AUTOEVENTO=\"Manual\",$M23=$A$15),$M23>(ROW(PLE.lastrow)-ROW(PLE.firstrow))),0,\n           IF(OFFSET(PLE!$G$15,$M23-$A$15,CB$13)=\"\",10^12,OFFSET(PLE!$G$15,$M23-$A$15,CB$13)))","v":0},{"$f":"IF(OR($D23<>\"Serviço\",AND(AUTOEVENTO=\"Manual\",$M23=$A$15),$M23>(ROW(PLE.lastrow)-ROW(PLE.firstrow))),0,\n           IF(OFFSET(PLE!$G$15,$M23-$A$15,CC$13)=\"\",10^12,OFFSET(PLE!$G$15,$M23-$A$15,CC$13)))","v":0},{"$f":"IF(OR($D23<>\"Serviço\",AND(AUTOEVENTO=\"Manual\",$M23=$A$15),$M23>(ROW(PLE.lastrow)-ROW(PLE.firstrow))),0,\n           IF(OFFSET(PLE!$G$15,$M23-$A$15,CD$13)=\"\",10^12,OFFSET(PLE!$G$15,$M23-$A$15,CD$13)))","v":0},{"$f":"IF(OR($D23<>\"Serviço\",AND(AUTOEVENTO=\"Manual\",$M23=$A$15),$M23>(ROW(PLE.lastrow)-ROW(PLE.firstrow))),0,\n           IF(OFFSET(PLE!$G$15,$M23-$A$15,CE$13)=\"\",10^12,OFFSET(PLE!$G$15,$M23-$A$15,CE$13)))","v":0},{"$f":"IF(OR($D23<>\"Serviço\",AND(AUTOEVENTO=\"Manual\",$M23=$A$15),$M23>(ROW(PLE.lastrow)-ROW(PLE.firstrow))),0,\n           IF(OFFSET(PLE!$G$15,$M23-$A$15,CF$13)=\"\",10^12,OFFSET(PLE!$G$15,$M23-$A$15,CF$13)))","v":0},{"$f":"IF(OR($D23<>\"Serviço\",AND(AUTOEVENTO=\"Manual\",$M23=$A$15),$M23>(ROW(PLE.lastrow)-ROW(PLE.firstrow))),0,\n           IF(OFFSET(PLE!$G$15,$M23-$A$15,CG$13)=\"\",10^12,OFFSET(PLE!$G$15,$M23-$A$15,CG$13)))","v":0},{"$f":"IF(OR($D23<>\"Serviço\",AND(AUTOEVENTO=\"Manual\",$M23=$A$15),$M23>(ROW(PLE.lastrow)-ROW(PLE.firstrow))),0,\n           IF(OFFSET(PLE!$G$15,$M23-$A$15,CH$13)=\"\",10^12,OFFSET(PLE!$G$15,$M23-$A$15,CH$13)))","v":0},{"$f":"IF(OR($D23<>\"Serviço\",AND(AUTOEVENTO=\"Manual\",$M23=$A$15),$M23>(ROW(PLE.lastrow)-ROW(PLE.firstrow))),0,\n           IF(OFFSET(PLE!$G$15,$M23-$A$15,CI$13)=\"\",10^12,OFFSET(PLE!$G$15,$M23-$A$15,CI$13)))","v":0},{"$f":"IF(OR($D23<>\"Serviço\",AND(AUTOEVENTO=\"Manual\",$M23=$A$15),$M23>(ROW(PLE.lastrow)-ROW(PLE.firstrow))),0,\n           IF(OFFSET(PLE!$G$15,$M23-$A$15,CJ$13)=\"\",10^12,OFFSET(PLE!$G$15,$M23-$A$15,CJ$13)))","v":0},{"$f":"IF(OR($D23<>\"Serviço\",AND(AUTOEVENTO=\"Manual\",$M23=$A$15),$M23>(ROW(PLE.lastrow)-ROW(PLE.firstrow))),0,\n           IF(OFFSET(PLE!$G$15,$M23-$A$15,CK$13)=\"\",10^12,OFFSET(PLE!$G$15,$M23-$A$15,CK$13)))","v":0},{"$f":"IF(OR($D23<>\"Serviço\",AND(AUTOEVENTO=\"Manual\",$M23=$A$15),$M23>(ROW(PLE.lastrow)-ROW(PLE.firstrow))),0,\n           IF(OFFSET(PLE!$G$15,$M23-$A$15,CL$13)=\"\",10^12,OFFSET(PLE!$G$15,$M23-$A$15,CL$13)))","v":0},{"$f":"IF(OR($D23<>\"Serviço\",AND(AUTOEVENTO=\"Manual\",$M23=$A$15),$M23>(ROW(PLE.lastrow)-ROW(PLE.firstrow))),0,\n           IF(OFFSET(PLE!$G$15,$M23-$A$15,CM$13)=\"\",10^12,OFFSET(PLE!$G$15,$M23-$A$15,CM$13)))","v":0}]
[0,{"$f":"OFFSET(ORÇAMENTO!C$15,ROW(B24)-ROW(B$15),0)","v":2},{"$f":"OFFSET(ORÇAMENTO!L$15,ROW(C24)-ROW(C$15),0)","v":"F"},{"$f":"OFFSET(ORÇAMENTO!N$15,ROW(D24)-ROW(D$15),0)","v":"Nível 2"},{"$f":"OFFSET(ORÇAMENTO!O$15,ROW(E24)-ROW(E$15),0)","v":"1.2."},{"$f":"OFFSET(ORÇAMENTO!R$15,ROW(F24)-ROW(F$15),0)","v":"DRENAGEM DE ÁGUAS PLUVIAIS - MOVIMENTAÇÃO DE TERRA"},{"$f":"IF($D24<>\"Serviço\",\"\",OFFSET(ORÇAMENTO!S$15,ROW(G24)-ROW(G$15),0))","v":""},{"$f":"IF($D24<>\"Serviço\",0,IF(ACOMPANHAMENTO=\"BM\",ROUND(OFFSET(ORÇAMENTO!AJ$15,ROW(H24)-ROW(H$15),0),15-13*ORÇAMENTO!$AF$7),SUMPRODUCT(($Q$1:$AI$1=1)*ROUND($Q24:$AI24,15-13*ORÇAMENTO!$AF$7))))","v":0},null,{"$f":"IF(B24<>\"S\",\"\",IF(AND(ACOMPANHAMENTO=\"PLE\",AUTOEVENTO=\"Manual\",OR(H24>0,ORÇAMENTO!AC24=\"QUANT.\"),OR(K24=\"\",M24=0,N24=\"\")),\"►\",IF(AND(ACOMPANHAMENTO=\"PLE\",ORÇAMENTO!AC24=\"QUANT.\"),\"►►\",IF(AND(COUNTIF($P$11:$AI$11,\"▼\")=0,H24>0,I24=\"\"),\"◄\",\"\"))))","v":""},null,".",{"$f":"IF($D24<>\"Serviço\",\"\",\n          IF(AUTOEVENTO=\"manual\",$A24,\n                IF(ISERROR(MATCH($A24,$A$15:OFFSET($A24,-1,0),0)),MAX($M$15:OFFSET(M24,-1,0))+1,\n                      INDEX($M$15:OFFSET(M24,-1,0),MATCH($A24,$A$15:OFFSET($A24,-1,0),0)))))","v":""},{"$f":"IF($D24<>\"Serviço\",\"\",\n         IF(AUTOEVENTO=\"Manual\",\n                IF($A24=0,\"<-- defina o número do agrupador\",\n                       OFFSET(EVENTOS!$D$15,$A24-$A$15,0)),\n                OFFSET($F$15,$A24,0)))","v":""},null,null,null,null,null,null,null,null,null,null,null,null,null,null,null,null,null,null,null,null,null,{"$f":"IF(AND($D24=\"Serviço\",AJ$12<>0,$H24>0,OR(AUTOEVENTO<>\"manual\",$M24<>$A$15)),\n        IF(Import.TipoArredondamento<>\"TransfereGOV\",\n              ROUND(OFFSET($P24,0,AJ$13),15-13*ORÇAMENTO!$AF$7)/$H24*OFFSET(ORÇAMENTO!$X$15,ROW(AJ24)-ROW(AJ$15),0),\n              ROUND(ROUND(OFFSET($P24,0,AJ$13),15-13*ORÇAMENTO!$AF$7)*OFFSET(ORÇAMENTO!$W$15,ROW(AJ24)-ROW(AJ$15),0),15-13*ORÇAMENTO!$AF$11)),\n         0)","v":0},{"$f":"IF(AND($D24=\"Serviço\",AK$12<>0,$H24>0,OR(AUTOEVENTO<>\"manual\",$M24<>$A$15)),\n        IF(Import.TipoArredondamento<>\"TransfereGOV\",\n              ROUND(OFFSET($P24,0,AK$13),15-13*ORÇAMENTO!$AF$7)/$H24*OFFSET(ORÇAMENTO!$X$15,ROW(AK24)-ROW(AK$15),0),\n              ROUND(ROUND(OFFSET($P24,0,AK$13),15-13*ORÇAMENTO!$AF$7)*OFFSET(ORÇAMENTO!$W$15,ROW(AK24)-ROW(AK$15),0),15-13*ORÇAMENTO!$AF$11)),\n         0)","v":0},{"$f":"IF(AND($D24=\"Serviço\",AL$12<>0,$H24>0,OR(AUTOEVENTO<>\"manual\",$M24<>$A$15)),\n        IF(Import.TipoArredondamento<>\"TransfereGOV\",\n              ROUND(OFFSET($P24,0,AL$13),15-13*ORÇAMENTO!$AF$7)/$H24*OFFSET(ORÇAMENTO!$X$15,ROW(AL24)-ROW(AL$15),0),\n              ROUND(ROUND(OFFSET($P24,0,AL$13),15-13*ORÇAMENTO!$AF$7)*OFFSET(ORÇAMENTO!$W$15,ROW(AL24)-ROW(AL$15),0),15-13*ORÇAMENTO!$AF$11)),\n         0)","v":0},{"$f":"IF(AND($D24=\"Serviço\",AM$12<>0,$H24>0,OR(AUTOEVENTO<>\"manual\",$M24<>$A$15)),\n        IF(Import.TipoArredondamento<>\"TransfereGOV\",\n              ROUND(OFFSET($P24,0,AM$13),15-13*ORÇAMENTO!$AF$7)/$H24*OFFSET(ORÇAMENTO!$X$15,ROW(AM24)-ROW(AM$15),0),\n              ROUND(ROUND(OFFSET($P24,0,AM$13),15-13*ORÇAMENTO!$AF$7)*OFFSET(ORÇAMENTO!$W$15,ROW(AM24)-ROW(AM$15),0),15-13*ORÇAMENTO!$AF$11)),\n         0)","v":0},{"$f":"IF(AND($D24=\"Serviço\",AN$12<>0,$H24>0,OR(AUTOEVENTO<>\"manual\",$M24<>$A$15)),\n        IF(Import.TipoArredondamento<>\"TransfereGOV\",\n              ROUND(OFFSET($P24,0,AN$13),15-13*ORÇAMENTO!$AF$7)/$H24*OFFSET(ORÇAMENTO!$X$15,ROW(AN24)-ROW(AN$15),0),\n              ROUND(ROUND(OFFSET($P24,0,AN$13),15-13*ORÇAMENTO!$AF$7)*OFFSET(ORÇAMENTO!$W$15,ROW(AN24)-ROW(AN$15),0),15-13*ORÇAMENTO!$AF$11)),\n         0)","v":0},{"$f":"IF(AND($D24=\"Serviço\",AO$12<>0,$H24>0,OR(AUTOEVENTO<>\"manual\",$M24<>$A$15)),\n        IF(Import.TipoArredondamento<>\"TransfereGOV\",\n              ROUND(OFFSET($P24,0,AO$13),15-13*ORÇAMENTO!$AF$7)/$H24*OFFSET(ORÇAMENTO!$X$15,ROW(AO24)-ROW(AO$15),0),\n              ROUND(ROUND(OFFSET($P24,0,AO$13),15-13*ORÇAMENTO!$AF$7)*OFFSET(ORÇAMENTO!$W$15,ROW(AO24)-ROW(AO$15),0),15-13*ORÇAMENTO!$AF$11)),\n         0)","v":0},{"$f":"IF(AND($D24=\"Serviço\",AP$12<>0,$H24>0,OR(AUTOEVENTO<>\"manual\",$M24<>$A$15)),\n        IF(Import.TipoArredondamento<>\"TransfereGOV\",\n              ROUND(OFFSET($P24,0,AP$13),15-13*ORÇAMENTO!$AF$7)/$H24*OFFSET(ORÇAMENTO!$X$15,ROW(AP24)-ROW(AP$15),0),\n              ROUND(ROUND(OFFSET($P24,0,AP$13),15-13*ORÇAMENTO!$AF$7)*OFFSET(ORÇAMENTO!$W$15,ROW(AP24)-ROW(AP$15),0),15-13*ORÇAMENTO!$AF$11)),\n         0)","v":0},{"$f":"IF(AND($D24=\"Serviço\",AQ$12<>0,$H24>0,OR(AUTOEVENTO<>\"manual\",$M24<>$A$15)),\n        IF(Import.TipoArredondamento<>\"TransfereGOV\",\n              ROUND(OFFSET($P24,0,AQ$13),15-13*ORÇAMENTO!$AF$7)/$H24*OFFSET(ORÇAMENTO!$X$15,ROW(AQ24)-ROW(AQ$15),0),\n              ROUND(ROUND(OFFSET($P24,0,AQ$13),15-13*ORÇAMENTO!$AF$7)*OFFSET(ORÇAMENTO!$W$15,ROW(AQ24)-ROW(AQ$15),0),15-13*ORÇAMENTO!$AF$11)),\n         0)","v":0},{"$f":"IF(AND($D24=\"Serviço\",AR$12<>0,$H24>0,OR(AUTOEVENTO<>\"manual\",$M24<>$A$15)),\n        IF(Import.TipoArredondamento<>\"TransfereGOV\",\n              ROUND(OFFSET($P24,0,AR$13),15-13*ORÇAMENTO!$AF$7)/$H24*OFFSET(ORÇAMENTO!$X$15,ROW(AR24)-ROW(AR$15),0),\n              ROUND(ROUND(OFFSET($P24,0,AR$13),15-13*ORÇAMENTO!$AF$7)*OFFSET(ORÇAMENTO!$W$15,ROW(AR24)-ROW(AR$15),0),15-13*ORÇAMENTO!$AF$11)),\n         0)","v":0},{"$f":"IF(AND($D24=\"Serviço\",AS$12<>0,$H24>0,OR(AUTOEVENTO<>\"manual\",$M24<>$A$15)),\n        IF(Import.TipoArredondamento<>\"TransfereGOV\",\n              ROUND(OFFSET($P24,0,AS$13),15-13*ORÇAMENTO!$AF$7)/$H24*OFFSET(ORÇAMENTO!$X$15,ROW(AS24)-ROW(AS$15),0),\n              ROUND(ROUND(OFFSET($P24,0,AS$13),15-13*ORÇAMENTO!$AF$7)*OFFSET(ORÇAMENTO!$W$15,ROW(AS24)-ROW(AS$15),0),15-13*ORÇAMENTO!$AF$11)),\n         0)","v":0},{"$f":"IF(AND($D24=\"Serviço\",AT$12<>0,$H24>0,OR(AUTOEVENTO<>\"manual\",$M24<>$A$15)),\n        IF(Import.TipoArredondamento<>\"TransfereGOV\",\n              ROUND(OFFSET($P24,0,AT$13),15-13*ORÇAMENTO!$AF$7)/$H24*OFFSET(ORÇAMENTO!$X$15,ROW(AT24)-ROW(AT$15),0),\n              ROUND(ROUND(OFFSET($P24,0,AT$13),15-13*ORÇAMENTO!$AF$7)*OFFSET(ORÇAMENTO!$W$15,ROW(AT24)-ROW(AT$15),0),15-13*ORÇAMENTO!$AF$11)),\n         0)","v":0},{"$f":"IF(AND($D24=\"Serviço\",AU$12<>0,$H24>0,OR(AUTOEVENTO<>\"manual\",$M24<>$A$15)),\n        IF(Import.TipoArredondamento<>\"TransfereGOV\",\n              ROUND(OFFSET($P24,0,AU$13),15-13*ORÇAMENTO!$AF$7)/$H24*OFFSET(ORÇAMENTO!$X$15,ROW(AU24)-ROW(AU$15),0),\n              ROUND(ROUND(OFFSET($P24,0,AU$13),15-13*ORÇAMENTO!$AF$7)*OFFSET(ORÇAMENTO!$W$15,ROW(AU24)-ROW(AU$15),0),15-13*ORÇAMENTO!$AF$11)),\n         0)","v":0},{"$f":"IF(AND($D24=\"Serviço\",AV$12<>0,$H24>0,OR(AUTOEVENTO<>\"manual\",$M24<>$A$15)),\n        IF(Import.TipoArredondamento<>\"TransfereGOV\",\n              ROUND(OFFSET($P24,0,AV$13),15-13*ORÇAMENTO!$AF$7)/$H24*OFFSET(ORÇAMENTO!$X$15,ROW(AV24)-ROW(AV$15),0),\n              ROUND(ROUND(OFFSET($P24,0,AV$13),15-13*ORÇAMENTO!$AF$7)*OFFSET(ORÇAMENTO!$W$15,ROW(AV24)-ROW(AV$15),0),15-13*ORÇAMENTO!$AF$11)),\n         0)","v":0},{"$f":"IF(AND($D24=\"Serviço\",AW$12<>0,$H24>0,OR(AUTOEVENTO<>\"manual\",$M24<>$A$15)),\n        IF(Import.TipoArredondamento<>\"TransfereGOV\",\n              ROUND(OFFSET($P24,0,AW$13),15-13*ORÇAMENTO!$AF$7)/$H24*OFFSET(ORÇAMENTO!$X$15,ROW(AW24)-ROW(AW$15),0),\n              ROUND(ROUND(OFFSET($P24,0,AW$13),15-13*ORÇAMENTO!$AF$7)*OFFSET(ORÇAMENTO!$W$15,ROW(AW24)-ROW(AW$15),0),15-13*ORÇAMENTO!$AF$11)),\n         0)","v":0},{"$f":"IF(AND($D24=\"Serviço\",AX$12<>0,$H24>0,OR(AUTOEVENTO<>\"manual\",$M24<>$A$15)),\n        IF(Import.TipoArredondamento<>\"TransfereGOV\",\n              ROUND(OFFSET($P24,0,AX$13),15-13*ORÇAMENTO!$AF$7)/$H24*OFFSET(ORÇAMENTO!$X$15,ROW(AX24)-ROW(AX$15),0),\n              ROUND(ROUND(OFFSET($P24,0,AX$13),15-13*ORÇAMENTO!$AF$7)*OFFSET(ORÇAMENTO!$W$15,ROW(AX24)-ROW(AX$15),0),15-13*ORÇAMENTO!$AF$11)),\n         0)","v":0},{"$f":"IF(AND($D24=\"Serviço\",AY$12<>0,$H24>0,OR(AUTOEVENTO<>\"manual\",$M24<>$A$15)),\n        IF(Import.TipoArredondamento<>\"TransfereGOV\",\n              ROUND(OFFSET($P24,0,AY$13),15-13*ORÇAMENTO!$AF$7)/$H24*OFFSET(ORÇAMENTO!$X$15,ROW(AY24)-ROW(AY$15),0),\n              ROUND(ROUND(OFFSET($P24,0,AY$13),15-13*ORÇAMENTO!$AF$7)*OFFSET(ORÇAMENTO!$W$15,ROW(AY24)-ROW(AY$15),0),15-13*ORÇAMENTO!$AF$11)),\n         0)","v":0},{"$f":"IF(AND($D24=\"Serviço\",AZ$12<>0,$H24>0,OR(AUTOEVENTO<>\"manual\",$M24<>$A$15)),\n        IF(Import.TipoArredondamento<>\"TransfereGOV\",\n              ROUND(OFFSET($P24,0,AZ$13),15-13*ORÇAMENTO!$AF$7)/$H24*OFFSET(ORÇAMENTO!$X$15,ROW(AZ24)-ROW(AZ$15),0),\n              ROUND(ROUND(OFFSET($P24,0,AZ$13),15-13*ORÇAMENTO!$AF$7)*OFFSET(ORÇAMENTO!$W$15,ROW(AZ24)-ROW(AZ$15),0),15-13*ORÇAMENTO!$AF$11)),\n         0)","v":0},{"$f":"IF(AND($D24=\"Serviço\",BA$12<>0,$H24>0,OR(AUTOEVENTO<>\"manual\",$M24<>$A$15)),\n        IF(Import.TipoArredondamento<>\"TransfereGOV\",\n              ROUND(OFFSET($P24,0,BA$13),15-13*ORÇAMENTO!$AF$7)/$H24*OFFSET(ORÇAMENTO!$X$15,ROW(BA24)-ROW(BA$15),0),\n              ROUND(ROUND(OFFSET($P24,0,BA$13),15-13*ORÇAMENTO!$AF$7)*OFFSET(ORÇAMENTO!$W$15,ROW(BA24)-ROW(BA$15),0),15-13*ORÇAMENTO!$AF$11)),\n         0)","v":0},null,{"$f":"IF(OR($D24<>\"Serviço\",AND(AUTOEVENTO=\"Manual\",$M24=$A$15)),0,\n         IF(OFFSET(CRONOPLE!$F$15,$M24-$A$15,BC$13)=\"\",10^12,OFFSET(CRONOPLE!$F$15,$M24-$A$15,BC$13)))","v":0},{"$f":"IF(OR($D24<>\"Serviço\",AND(AUTOEVENTO=\"Manual\",$M24=$A$15)),0,\n         IF(OFFSET(CRONOPLE!$F$15,$M24-$A$15,BD$13)=\"\",10^12,OFFSET(CRONOPLE!$F$15,$M24-$A$15,BD$13)))","v":0},{"$f":"IF(OR($D24<>\"Serviço\",AND(AUTOEVENTO=\"Manual\",$M24=$A$15)),0,\n         IF(OFFSET(CRONOPLE!$F$15,$M24-$A$15,BE$13)=\"\",10^12,OFFSET(CRONOPLE!$F$15,$M24-$A$15,BE$13)))","v":0},{"$f":"IF(OR($D24<>\"Serviço\",AND(AUTOEVENTO=\"Manual\",$M24=$A$15)),0,\n         IF(OFFSET(CRONOPLE!$F$15,$M24-$A$15,BF$13)=\"\",10^12,OFFSET(CRONOPLE!$F$15,$M24-$A$15,BF$13)))","v":0},{"$f":"IF(OR($D24<>\"Serviço\",AND(AUTOEVENTO=\"Manual\",$M24=$A$15)),0,\n         IF(OFFSET(CRONOPLE!$F$15,$M24-$A$15,BG$13)=\"\",10^12,OFFSET(CRONOPLE!$F$15,$M24-$A$15,BG$13)))","v":0},{"$f":"IF(OR($D24<>\"Serviço\",AND(AUTOEVENTO=\"Manual\",$M24=$A$15)),0,\n         IF(OFFSET(CRONOPLE!$F$15,$M24-$A$15,BH$13)=\"\",10^12,OFFSET(CRONOPLE!$F$15,$M24-$A$15,BH$13)))","v":0},{"$f":"IF(OR($D24<>\"Serviço\",AND(AUTOEVENTO=\"Manual\",$M24=$A$15)),0,\n         IF(OFFSET(CRONOPLE!$F$15,$M24-$A$15,BI$13)=\"\",10^12,OFFSET(CRONOPLE!$F$15,$M24-$A$15,BI$13)))","v":0},{"$f":"IF(OR($D24<>\"Serviço\",AND(AUTOEVENTO=\"Manual\",$M24=$A$15)),0,\n         IF(OFFSET(CRONOPLE!$F$15,$M24-$A$15,BJ$13)=\"\",10^12,OFFSET(CRONOPLE!$F$15,$M24-$A$15,BJ$13)))","v":0},{"$f":"IF(OR($D24<>\"Serviço\",AND(AUTOEVENTO=\"Manual\",$M24=$A$15)),0,\n         IF(OFFSET(CRONOPLE!$F$15,$M24-$A$15,BK$13)=\"\",10^12,OFFSET(CRONOPLE!$F$15,$M24-$A$15,BK$13)))","v":0},{"$f":"IF(OR($D24<>\"Serviço\",AND(AUTOEVENTO=\"Manual\",$M24=$A$15)),0,\n         IF(OFFSET(CRONOPLE!$F$15,$M24-$A$15,BL$13)=\"\",10^12,OFFSET(CRONOPLE!$F$15,$M24-$A$15,BL$13)))","v":0},{"$f":"IF(OR($D24<>\"Serviço\",AND(AUTOEVENTO=\"Manual\",$M24=$A$15)),0,\n         IF(OFFSET(CRONOPLE!$F$15,$M24-$A$15,BM$13)=\"\",10^12,OFFSET(CRONOPLE!$F$15,$M24-$A$15,BM$13)))","v":0},{"$f":"IF(OR($D24<>\"Serviço\",AND(AUTOEVENTO=\"Manual\",$M24=$A$15)),0,\n         IF(OFFSET(CRONOPLE!$F$15,$M24-$A$15,BN$13)=\"\",10^12,OFFSET(CRONOPLE!$F$15,$M24-$A$15,BN$13)))","v":0},{"$f":"IF(OR($D24<>\"Serviço\",AND(AUTOEVENTO=\"Manual\",$M24=$A$15)),0,\n         IF(OFFSET(CRONOPLE!$F$15,$M24-$A$15,BO$13)=\"\",10^12,OFFSET(CRONOPLE!$F$15,$M24-$A$15,BO$13)))","v":0},{"$f":"IF(OR($D24<>\"Serviço\",AND(AUTOEVENTO=\"Manual\",$M24=$A$15)),0,\n         IF(OFFSET(CRONOPLE!$F$15,$M24-$A$15,BP$13)=\"\",10^12,OFFSET(CRONOPLE!$F$15,$M24-$A$15,BP$13)))","v":0},{"$f":"IF(OR($D24<>\"Serviço\",AND(AUTOEVENTO=\"Manual\",$M24=$A$15)),0,\n         IF(OFFSET(CRONOPLE!$F$15,$M24-$A$15,BQ$13)=\"\",10^12,OFFSET(CRONOPLE!$F$15,$M24-$A$15,BQ$13)))","v":0},{"$f":"IF(OR($D24<>\"Serviço\",AND(AUTOEVENTO=\"Manual\",$M24=$A$15)),0,\n         IF(OFFSET(CRONOPLE!$F$15,$M24-$A$15,BR$13)=\"\",10^12,OFFSET(CRONOPLE!$F$15,$M24-$A$15,BR$13)))","v":0},{"$f":"IF(OR($D24<>\"Serviço\",AND(AUTOEVENTO=\"Manual\",$M24=$A$15)),0,\n         IF(OFFSET(CRONOPLE!$F$15,$M24-$A$15,BS$13)=\"\",10^12,OFFSET(CRONOPLE!$F$15,$M24-$A$15,BS$13)))","v":0},{"$f":"IF(OR($D24<>\"Serviço\",AND(AUTOEVENTO=\"Manual\",$M24=$A$15)),0,\n         IF(OFFSET(CRONOPLE!$F$15,$M24-$A$15,BT$13)=\"\",10^12,OFFSET(CRONOPLE!$F$15,$M24-$A$15,BT$13)))","v":0},null,{"$f":"IF(OR($D24<>\"Serviço\",AND(AUTOEVENTO=\"Manual\",$M24=$A$15),$M24>(ROW(PLE.lastrow)-ROW(PLE.firstrow))),0,\n           IF(OFFSET(PLE!$G$15,$M24-$A$15,BV$13)=\"\",10^12,OFFSET(PLE!$G$15,$M24-$A$15,BV$13)))","v":0},{"$f":"IF(OR($D24<>\"Serviço\",AND(AUTOEVENTO=\"Manual\",$M24=$A$15),$M24>(ROW(PLE.lastrow)-ROW(PLE.firstrow))),0,\n           IF(OFFSET(PLE!$G$15,$M24-$A$15,BW$13)=\"\",10^12,OFFSET(PLE!$G$15,$M24-$A$15,BW$13)))","v":0},{"$f":"IF(OR($D24<>\"Serviço\",AND(AUTOEVENTO=\"Manual\",$M24=$A$15),$M24>(ROW(PLE.lastrow)-ROW(PLE.firstrow))),0,\n           IF(OFFSET(PLE!$G$15,$M24-$A$15,BX$13)=\"\",10^12,OFFSET(PLE!$G$15,$M24-$A$15,BX$13)))","v":0},{"$f":"IF(OR($D24<>\"Serviço\",AND(AUTOEVENTO=\"Manual\",$M24=$A$15),$M24>(ROW(PLE.lastrow)-ROW(PLE.firstrow))),0,\n           IF(OFFSET(PLE!$G$15,$M24-$A$15,BY$13)=\"\",10^12,OFFSET(PLE!$G$15,$M24-$A$15,BY$13)))","v":0},{"$f":"IF(OR($D24<>\"Serviço\",AND(AUTOEVENTO=\"Manual\",$M24=$A$15),$M24>(ROW(PLE.lastrow)-ROW(PLE.firstrow))),0,\n           IF(OFFSET(PLE!$G$15,$M24-$A$15,BZ$13)=\"\",10^12,OFFSET(PLE!$G$15,$M24-$A$15,BZ$13)))","v":0},{"$f":"IF(OR($D24<>\"Serviço\",AND(AUTOEVENTO=\"Manual\",$M24=$A$15),$M24>(ROW(PLE.lastrow)-ROW(PLE.firstrow))),0,\n           IF(OFFSET(PLE!$G$15,$M24-$A$15,CA$13)=\"\",10^12,OFFSET(PLE!$G$15,$M24-$A$15,CA$13)))","v":0},{"$f":"IF(OR($D24<>\"Serviço\",AND(AUTOEVENTO=\"Manual\",$M24=$A$15),$M24>(ROW(PLE.lastrow)-ROW(PLE.firstrow))),0,\n           IF(OFFSET(PLE!$G$15,$M24-$A$15,CB$13)=\"\",10^12,OFFSET(PLE!$G$15,$M24-$A$15,CB$13)))","v":0},{"$f":"IF(OR($D24<>\"Serviço\",AND(AUTOEVENTO=\"Manual\",$M24=$A$15),$M24>(ROW(PLE.lastrow)-ROW(PLE.firstrow))),0,\n           IF(OFFSET(PLE!$G$15,$M24-$A$15,CC$13)=\"\",10^12,OFFSET(PLE!$G$15,$M24-$A$15,CC$13)))","v":0},{"$f":"IF(OR($D24<>\"Serviço\",AND(AUTOEVENTO=\"Manual\",$M24=$A$15),$M24>(ROW(PLE.lastrow)-ROW(PLE.firstrow))),0,\n           IF(OFFSET(PLE!$G$15,$M24-$A$15,CD$13)=\"\",10^12,OFFSET(PLE!$G$15,$M24-$A$15,CD$13)))","v":0},{"$f":"IF(OR($D24<>\"Serviço\",AND(AUTOEVENTO=\"Manual\",$M24=$A$15),$M24>(ROW(PLE.lastrow)-ROW(PLE.firstrow))),0,\n           IF(OFFSET(PLE!$G$15,$M24-$A$15,CE$13)=\"\",10^12,OFFSET(PLE!$G$15,$M24-$A$15,CE$13)))","v":0},{"$f":"IF(OR($D24<>\"Serviço\",AND(AUTOEVENTO=\"Manual\",$M24=$A$15),$M24>(ROW(PLE.lastrow)-ROW(PLE.firstrow))),0,\n           IF(OFFSET(PLE!$G$15,$M24-$A$15,CF$13)=\"\",10^12,OFFSET(PLE!$G$15,$M24-$A$15,CF$13)))","v":0},{"$f":"IF(OR($D24<>\"Serviço\",AND(AUTOEVENTO=\"Manual\",$M24=$A$15),$M24>(ROW(PLE.lastrow)-ROW(PLE.firstrow))),0,\n           IF(OFFSET(PLE!$G$15,$M24-$A$15,CG$13)=\"\",10^12,OFFSET(PLE!$G$15,$M24-$A$15,CG$13)))","v":0},{"$f":"IF(OR($D24<>\"Serviço\",AND(AUTOEVENTO=\"Manual\",$M24=$A$15),$M24>(ROW(PLE.lastrow)-ROW(PLE.firstrow))),0,\n           IF(OFFSET(PLE!$G$15,$M24-$A$15,CH$13)=\"\",10^12,OFFSET(PLE!$G$15,$M24-$A$15,CH$13)))","v":0},{"$f":"IF(OR($D24<>\"Serviço\",AND(AUTOEVENTO=\"Manual\",$M24=$A$15),$M24>(ROW(PLE.lastrow)-ROW(PLE.firstrow))),0,\n           IF(OFFSET(PLE!$G$15,$M24-$A$15,CI$13)=\"\",10^12,OFFSET(PLE!$G$15,$M24-$A$15,CI$13)))","v":0},{"$f":"IF(OR($D24<>\"Serviço\",AND(AUTOEVENTO=\"Manual\",$M24=$A$15),$M24>(ROW(PLE.lastrow)-ROW(PLE.firstrow))),0,\n           IF(OFFSET(PLE!$G$15,$M24-$A$15,CJ$13)=\"\",10^12,OFFSET(PLE!$G$15,$M24-$A$15,CJ$13)))","v":0},{"$f":"IF(OR($D24<>\"Serviço\",AND(AUTOEVENTO=\"Manual\",$M24=$A$15),$M24>(ROW(PLE.lastrow)-ROW(PLE.firstrow))),0,\n           IF(OFFSET(PLE!$G$15,$M24-$A$15,CK$13)=\"\",10^12,OFFSET(PLE!$G$15,$M24-$A$15,CK$13)))","v":0},{"$f":"IF(OR($D24<>\"Serviço\",AND(AUTOEVENTO=\"Manual\",$M24=$A$15),$M24>(ROW(PLE.lastrow)-ROW(PLE.firstrow))),0,\n           IF(OFFSET(PLE!$G$15,$M24-$A$15,CL$13)=\"\",10^12,OFFSET(PLE!$G$15,$M24-$A$15,CL$13)))","v":0},{"$f":"IF(OR($D24<>\"Serviço\",AND(AUTOEVENTO=\"Manual\",$M24=$A$15),$M24>(ROW(PLE.lastrow)-ROW(PLE.firstrow))),0,\n           IF(OFFSET(PLE!$G$15,$M24-$A$15,CM$13)=\"\",10^12,OFFSET(PLE!$G$15,$M24-$A$15,CM$13)))","v":0}]
[2,{"$f":"OFFSET(ORÇAMENTO!C$15,ROW(B25)-ROW(B$15),0)","v":"S"},{"$f":"OFFSET(ORÇAMENTO!L$15,ROW(C25)-ROW(C$15),0)","v":"F"},{"$f":"OFFSET(ORÇAMENTO!N$15,ROW(D25)-ROW(D$15),0)","v":"Serviço"},{"$f":"OFFSET(ORÇAMENTO!O$15,ROW(E25)-ROW(E$15),0)","v":"1.2.1."},{"$f":"OFFSET(ORÇAMENTO!R$15,ROW(F25)-ROW(F$15),0)","v":"Escavação manual em solo-prof. até 1,50 m"},{"$f":"IF($D25<>\"Serviço\",\"\",OFFSET(ORÇAMENTO!S$15,ROW(G25)-ROW(G$15),0))","v":"M3"},{"$f":"IF($D25<>\"Serviço\",0,IF(ACOMPANHAMENTO=\"BM\",ROUND(OFFSET(ORÇAMENTO!AJ$15,ROW(H25)-ROW(H$15),0),15-13*ORÇAMENTO!$AF$7),SUMPRODUCT(($Q$1:$AI$1=1)*ROUND($Q25:$AI25,15-13*ORÇAMENTO!$AF$7))))","v":218.72},null,{"$f":"IF(B25<>\"S\",\"\",IF(AND(ACOMPANHAMENTO=\"PLE\",AUTOEVENTO=\"Manual\",OR(H25>0,ORÇAMENTO!AC25=\"QUANT.\"),OR(K25=\"\",M25=0,N25=\"\")),\"►\",IF(AND(ACOMPANHAMENTO=\"PLE\",ORÇAMENTO!AC25=\"QUANT.\"),\"►►\",IF(AND(COUNTIF($P$11:$AI$11,\"▼\")=0,H25>0,I25=\"\"),\"◄\",\"\"))))","v":"◄"},"2. DRENAGEM DE ÁGUAS PLUVIAIS",".",{"$f":"IF($D25<>\"Serviço\",\"\",\n          IF(AUTOEVENTO=\"manual\",$A25,\n                IF(ISERROR(MATCH($A25,$A$15:OFFSET($A25,-1,0),0)),MAX($M$15:OFFSET(M25,-1,0))+1,\n                      INDEX($M$15:OFFSET(M25,-1,0),MATCH($A25,$A$15:OFFSET($A25,-1,0),0)))))","v":2},{"$f":"IF($D25<>\"Serviço\",\"\",\n         IF(AUTOEVENTO=\"Manual\",\n                IF($A25=0,\"<-- defina o número do agrupador\",\n                       OFFSET(EVENTOS!$D$15,$A25-$A$15,0)),\n                OFFSET($F$15,$A25,0)))","v":"DRENAGEM DE ÁGUAS PLUVIAIS"},null,null,126.92864943749947,null,null,null,null,null,null,null,null,null,null,null,null,null,null,null,null,null,null,{"$f":"IF(AND($D25=\"Serviço\",AJ$12<>0,$H25>0,OR(AUTOEVENTO<>\"manual\",$M25<>$A$15)),\n        IF(Import.TipoArredondamento<>\"TransfereGOV\",\n              ROUND(OFFSET($P25,0,AJ$13),15-13*ORÇAMENTO!$AF$7)/$H25*OFFSET(ORÇAMENTO!$X$15,ROW(AJ25)-ROW(AJ$15),0),\n              ROUND(ROUND(OFFSET($P25,0,AJ$13),15-13*ORÇAMENTO!$AF$7)*OFFSET(ORÇAMENTO!$W$15,ROW(AJ25)-ROW(AJ$15),0),15-13*ORÇAMENTO!$AF$11)),\n         0)","v":0},{"$f":"IF(AND($D25=\"Serviço\",AK$12<>0,$H25>0,OR(AUTOEVENTO<>\"manual\",$M25<>$A$15)),\n        IF(Import.TipoArredondamento<>\"TransfereGOV\",\n              ROUND(OFFSET($P25,0,AK$13),15-13*ORÇAMENTO!$AF$7)/$H25*OFFSET(ORÇAMENTO!$X$15,ROW(AK25)-ROW(AK$15),0),\n              ROUND(ROUND(OFFSET($P25,0,AK$13),15-13*ORÇAMENTO!$AF$7)*OFFSET(ORÇAMENTO!$W$15,ROW(AK25)-ROW(AK$15),0),15-13*ORÇAMENTO!$AF$11)),\n         0)","v":0},{"$f":"IF(AND($D25=\"Serviço\",AL$12<>0,$H25>0,OR(AUTOEVENTO<>\"manual\",$M25<>$A$15)),\n        IF(Import.TipoArredondamento<>\"TransfereGOV\",\n              ROUND(OFFSET($P25,0,AL$13),15-13*ORÇAMENTO!$AF$7)/$H25*OFFSET(ORÇAMENTO!$X$15,ROW(AL25)-ROW(AL$15),0),\n              ROUND(ROUND(OFFSET($P25,0,AL$13),15-13*ORÇAMENTO!$AF$7)*OFFSET(ORÇAMENTO!$W$15,ROW(AL25)-ROW(AL$15),0),15-13*ORÇAMENTO!$AF$11)),\n         0)","v":0},{"$f":"IF(AND($D25=\"Serviço\",AM$12<>0,$H25>0,OR(AUTOEVENTO<>\"manual\",$M25<>$A$15)),\n        IF(Import.TipoArredondamento<>\"TransfereGOV\",\n              ROUND(OFFSET($P25,0,AM$13),15-13*ORÇAMENTO!$AF$7)/$H25*OFFSET(ORÇAMENTO!$X$15,ROW(AM25)-ROW(AM$15),0),\n              ROUND(ROUND(OFFSET($P25,0,AM$13),15-13*ORÇAMENTO!$AF$7)*OFFSET(ORÇAMENTO!$W$15,ROW(AM25)-ROW(AM$15),0),15-13*ORÇAMENTO!$AF$11)),\n         0)","v":0},{"$f":"IF(AND($D25=\"Serviço\",AN$12<>0,$H25>0,OR(AUTOEVENTO<>\"manual\",$M25<>$A$15)),\n        IF(Import.TipoArredondamento<>\"TransfereGOV\",\n              ROUND(OFFSET($P25,0,AN$13),15-13*ORÇAMENTO!$AF$7)/$H25*OFFSET(ORÇAMENTO!$X$15,ROW(AN25)-ROW(AN$15),0),\n              ROUND(ROUND(OFFSET($P25,0,AN$13),15-13*ORÇAMENTO!$AF$7)*OFFSET(ORÇAMENTO!$W$15,ROW(AN25)-ROW(AN$15),0),15-13*ORÇAMENTO!$AF$11)),\n         0)","v":0},{"$f":"IF(AND($D25=\"Serviço\",AO$12<>0,$H25>0,OR(AUTOEVENTO<>\"manual\",$M25<>$A$15)),\n        IF(Import.TipoArredondamento<>\"TransfereGOV\",\n              ROUND(OFFSET($P25,0,AO$13),15-13*ORÇAMENTO!$AF$7)/$H25*OFFSET(ORÇAMENTO!$X$15,ROW(AO25)-ROW(AO$15),0),\n              ROUND(ROUND(OFFSET($P25,0,AO$13),15-13*ORÇAMENTO!$AF$7)*OFFSET(ORÇAMENTO!$W$15,ROW(AO25)-ROW(AO$15),0),15-13*ORÇAMENTO!$AF$11)),\n         0)","v":0},{"$f":"IF(AND($D25=\"Serviço\",AP$12<>0,$H25>0,OR(AUTOEVENTO<>\"manual\",$M25<>$A$15)),\n        IF(Import.TipoArredondamento<>\"TransfereGOV\",\n              ROUND(OFFSET($P25,0,AP$13),15-13*ORÇAMENTO!$AF$7)/$H25*OFFSET(ORÇAMENTO!$X$15,ROW(AP25)-ROW(AP$15),0),\n              ROUND(ROUND(OFFSET($P25,0,AP$13),15-13*ORÇAMENTO!$AF$7)*OFFSET(ORÇAMENTO!$W$15,ROW(AP25)-ROW(AP$15),0),15-13*ORÇAMENTO!$AF$11)),\n         0)","v":0},{"$f":"IF(AND($D25=\"Serviço\",AQ$12<>0,$H25>0,OR(AUTOEVENTO<>\"manual\",$M25<>$A$15)),\n        IF(Import.TipoArredondamento<>\"TransfereGOV\",\n              ROUND(OFFSET($P25,0,AQ$13),15-13*ORÇAMENTO!$AF$7)/$H25*OFFSET(ORÇAMENTO!$X$15,ROW(AQ25)-ROW(AQ$15),0),\n              ROUND(ROUND(OFFSET($P25,0,AQ$13),15-13*ORÇAMENTO!$AF$7)*OFFSET(ORÇAMENTO!$W$15,ROW(AQ25)-ROW(AQ$15),0),15-13*ORÇAMENTO!$AF$11)),\n         0)","v":0},{"$f":"IF(AND($D25=\"Serviço\",AR$12<>0,$H25>0,OR(AUTOEVENTO<>\"manual\",$M25<>$A$15)),\n        IF(Import.TipoArredondamento<>\"TransfereGOV\",\n              ROUND(OFFSET($P25,0,AR$13),15-13*ORÇAMENTO!$AF$7)/$H25*OFFSET(ORÇAMENTO!$X$15,ROW(AR25)-ROW(AR$15),0),\n              ROUND(ROUND(OFFSET($P25,0,AR$13),15-13*ORÇAMENTO!$AF$7)*OFFSET(ORÇAMENTO!$W$15,ROW(AR25)-ROW(AR$15),0),15-13*ORÇAMENTO!$AF$11)),\n         0)","v":0},{"$f":"IF(AND($D25=\"Serviço\",AS$12<>0,$H25>0,OR(AUTOEVENTO<>\"manual\",$M25<>$A$15)),\n        IF(Import.TipoArredondamento<>\"TransfereGOV\",\n              ROUND(OFFSET($P25,0,AS$13),15-13*ORÇAMENTO!$AF$7)/$H25*OFFSET(ORÇAMENTO!$X$15,ROW(AS25)-ROW(AS$15),0),\n              ROUND(ROUND(OFFSET($P25,0,AS$13),15-13*ORÇAMENTO!$AF$7)*OFFSET(ORÇAMENTO!$W$15,ROW(AS25)-ROW(AS$15),0),15-13*ORÇAMENTO!$AF$11)),\n         0)","v":0},{"$f":"IF(AND($D25=\"Serviço\",AT$12<>0,$H25>0,OR(AUTOEVENTO<>\"manual\",$M25<>$A$15)),\n        IF(Import.TipoArredondamento<>\"TransfereGOV\",\n              ROUND(OFFSET($P25,0,AT$13),15-13*ORÇAMENTO!$AF$7)/$H25*OFFSET(ORÇAMENTO!$X$15,ROW(AT25)-ROW(AT$15),0),\n              ROUND(ROUND(OFFSET($P25,0,AT$13),15-13*ORÇAMENTO!$AF$7)*OFFSET(ORÇAMENTO!$W$15,ROW(AT25)-ROW(AT$15),0),15-13*ORÇAMENTO!$AF$11)),\n         0)","v":0},{"$f":"IF(AND($D25=\"Serviço\",AU$12<>0,$H25>0,OR(AUTOEVENTO<>\"manual\",$M25<>$A$15)),\n        IF(Import.TipoArredondamento<>\"TransfereGOV\",\n              ROUND(OFFSET($P25,0,AU$13),15-13*ORÇAMENTO!$AF$7)/$H25*OFFSET(ORÇAMENTO!$X$15,ROW(AU25)-ROW(AU$15),0),\n              ROUND(ROUND(OFFSET($P25,0,AU$13),15-13*ORÇAMENTO!$AF$7)*OFFSET(ORÇAMENTO!$W$15,ROW(AU25)-ROW(AU$15),0),15-13*ORÇAMENTO!$AF$11)),\n         0)","v":0},{"$f":"IF(AND($D25=\"Serviço\",AV$12<>0,$H25>0,OR(AUTOEVENTO<>\"manual\",$M25<>$A$15)),\n        IF(Import.TipoArredondamento<>\"TransfereGOV\",\n              ROUND(OFFSET($P25,0,AV$13),15-13*ORÇAMENTO!$AF$7)/$H25*OFFSET(ORÇAMENTO!$X$15,ROW(AV25)-ROW(AV$15),0),\n              ROUND(ROUND(OFFSET($P25,0,AV$13),15-13*ORÇAMENTO!$AF$7)*OFFSET(ORÇAMENTO!$W$15,ROW(AV25)-ROW(AV$15),0),15-13*ORÇAMENTO!$AF$11)),\n         0)","v":0},{"$f":"IF(AND($D25=\"Serviço\",AW$12<>0,$H25>0,OR(AUTOEVENTO<>\"manual\",$M25<>$A$15)),\n        IF(Import.TipoArredondamento<>\"TransfereGOV\",\n              ROUND(OFFSET($P25,0,AW$13),15-13*ORÇAMENTO!$AF$7)/$H25*OFFSET(ORÇAMENTO!$X$15,ROW(AW25)-ROW(AW$15),0),\n              ROUND(ROUND(OFFSET($P25,0,AW$13),15-13*ORÇAMENTO!$AF$7)*OFFSET(ORÇAMENTO!$W$15,ROW(AW25)-ROW(AW$15),0),15-13*ORÇAMENTO!$AF$11)),\n         0)","v":0},{"$f":"IF(AND($D25=\"Serviço\",AX$12<>0,$H25>0,OR(AUTOEVENTO<>\"manual\",$M25<>$A$15)),\n        IF(Import.TipoArredondamento<>\"TransfereGOV\",\n              ROUND(OFFSET($P25,0,AX$13),15-13*ORÇAMENTO!$AF$7)/$H25*OFFSET(ORÇAMENTO!$X$15,ROW(AX25)-ROW(AX$15),0),\n              ROUND(ROUND(OFFSET($P25,0,AX$13),15-13*ORÇAMENTO!$AF$7)*OFFSET(ORÇAMENTO!$W$15,ROW(AX25)-ROW(AX$15),0),15-13*ORÇAMENTO!$AF$11)),\n         0)","v":0},{"$f":"IF(AND($D25=\"Serviço\",AY$12<>0,$H25>0,OR(AUTOEVENTO<>\"manual\",$M25<>$A$15)),\n        IF(Import.TipoArredondamento<>\"TransfereGOV\",\n              ROUND(OFFSET($P25,0,AY$13),15-13*ORÇAMENTO!$AF$7)/$H25*OFFSET(ORÇAMENTO!$X$15,ROW(AY25)-ROW(AY$15),0),\n              ROUND(ROUND(OFFSET($P25,0,AY$13),15-13*ORÇAMENTO!$AF$7)*OFFSET(ORÇAMENTO!$W$15,ROW(AY25)-ROW(AY$15),0),15-13*ORÇAMENTO!$AF$11)),\n         0)","v":0},{"$f":"IF(AND($D25=\"Serviço\",AZ$12<>0,$H25>0,OR(AUTOEVENTO<>\"manual\",$M25<>$A$15)),\n        IF(Import.TipoArredondamento<>\"TransfereGOV\",\n              ROUND(OFFSET($P25,0,AZ$13),15-13*ORÇAMENTO!$AF$7)/$H25*OFFSET(ORÇAMENTO!$X$15,ROW(AZ25)-ROW(AZ$15),0),\n              ROUND(ROUND(OFFSET($P25,0,AZ$13),15-13*ORÇAMENTO!$AF$7)*OFFSET(ORÇAMENTO!$W$15,ROW(AZ25)-ROW(AZ$15),0),15-13*ORÇAMENTO!$AF$11)),\n         0)","v":0},{"$f":"IF(AND($D25=\"Serviço\",BA$12<>0,$H25>0,OR(AUTOEVENTO<>\"manual\",$M25<>$A$15)),\n        IF(Import.TipoArredondamento<>\"TransfereGOV\",\n              ROUND(OFFSET($P25,0,BA$13),15-13*ORÇAMENTO!$AF$7)/$H25*OFFSET(ORÇAMENTO!$X$15,ROW(BA25)-ROW(BA$15),0),\n              ROUND(ROUND(OFFSET($P25,0,BA$13),15-13*ORÇAMENTO!$AF$7)*OFFSET(ORÇAMENTO!$W$15,ROW(BA25)-ROW(BA$15),0),15-13*ORÇAMENTO!$AF$11)),\n         0)","v":0},null,{"$f":"IF(OR($D25<>\"Serviço\",AND(AUTOEVENTO=\"Manual\",$M25=$A$15)),0,\n         IF(OFFSET(CRONOPLE!$F$15,$M25-$A$15,BC$13)=\"\",10^12,OFFSET(CRONOPLE!$F$15,$M25-$A$15,BC$13)))","v":1},{"$f":"IF(OR($D25<>\"Serviço\",AND(AUTOEVENTO=\"Manual\",$M25=$A$15)),0,\n         IF(OFFSET(CRONOPLE!$F$15,$M25-$A$15,BD$13)=\"\",10^12,OFFSET(CRONOPLE!$F$15,$M25-$A$15,BD$13)))","v":1000000000000},{"$f":"IF(OR($D25<>\"Serviço\",AND(AUTOEVENTO=\"Manual\",$M25=$A$15)),0,\n         IF(OFFSET(CRONOPLE!$F$15,$M25-$A$15,BE$13)=\"\",10^12,OFFSET(CRONOPLE!$F$15,$M25-$A$15,BE$13)))","v":1000000000000},{"$f":"IF(OR($D25<>\"Serviço\",AND(AUTOEVENTO=\"Manual\",$M25=$A$15)),0,\n         IF(OFFSET(CRONOPLE!$F$15,$M25-$A$15,BF$13)=\"\",10^12,OFFSET(CRONOPLE!$F$15,$M25-$A$15,BF$13)))","v":1000000000000},{"$f":"IF(OR($D25<>\"Serviço\",AND(AUTOEVENTO=\"Manual\",$M25=$A$15)),0,\n         IF(OFFSET(CRONOPLE!$F$15,$M25-$A$15,BG$13)=\"\",10^12,OFFSET(CRONOPLE!$F$15,$M25-$A$15,BG$13)))","v":1000000000000},{"$f":"IF(OR($D25<>\"Serviço\",AND(AUTOEVENTO=\"Manual\",$M25=$A$15)),0,\n         IF(OFFSET(CRONOPLE!$F$15,$M25-$A$15,BH$13)=\"\",10^12,OFFSET(CRONOPLE!$F$15,$M25-$A$15,BH$13)))","v":1000000000000},{"$f":"IF(OR($D25<>\"Serviço\",AND(AUTOEVENTO=\"Manual\",$M25=$A$15)),0,\n         IF(OFFSET(CRONOPLE!$F$15,$M25-$A$15,BI$13)=\"\",10^12,OFFSET(CRONOPLE!$F$15,$M25-$A$15,BI$13)))","v":1000000000000},{"$f":"IF(OR($D25<>\"Serviço\",AND(AUTOEVENTO=\"Manual\",$M25=$A$15)),0,\n         IF(OFFSET(CRONOPLE!$F$15,$M25-$A$15,BJ$13)=\"\",10^12,OFFSET(CRONOPLE!$F$15,$M25-$A$15,BJ$13)))","v":1000000000000},{"$f":"IF(OR($D25<>\"Serviço\",AND(AUTOEVENTO=\"Manual\",$M25=$A$15)),0,\n         IF(OFFSET(CRONOPLE!$F$15,$M25-$A$15,BK$13)=\"\",10^12,OFFSET(CRONOPLE!$F$15,$M25-$A$15,BK$13)))","v":1000000000000},{"$f":"IF(OR($D25<>\"Serviço\",AND(AUTOEVENTO=\"Manual\",$M25=$A$15)),0,\n         IF(OFFSET(CRONOPLE!$F$15,$M25-$A$15,BL$13)=\"\",10^12,OFFSET(CRONOPLE!$F$15,$M25-$A$15,BL$13)))","v":1000000000000},{"$f":"IF(OR($D25<>\"Serviço\",AND(AUTOEVENTO=\"Manual\",$M25=$A$15)),0,\n         IF(OFFSET(CRONOPLE!$F$15,$M25-$A$15,BM$13)=\"\",10^12,OFFSET(CRONOPLE!$F$15,$M25-$A$15,BM$13)))","v":1000000000000},{"$f":"IF(OR($D25<>\"Serviço\",AND(AUTOEVENTO=\"Manual\",$M25=$A$15)),0,\n         IF(OFFSET(CRONOPLE!$F$15,$M25-$A$15,BN$13)=\"\",10^12,OFFSET(CRONOPLE!$F$15,$M25-$A$15,BN$13)))","v":1000000000000},{"$f":"IF(OR($D25<>\"Serviço\",AND(AUTOEVENTO=\"Manual\",$M25=$A$15)),0,\n         IF(OFFSET(CRONOPLE!$F$15,$M25-$A$15,BO$13)=\"\",10^12,OFFSET(CRONOPLE!$F$15,$M25-$A$15,BO$13)))","v":1000000000000},{"$f":"IF(OR($D25<>\"Serviço\",AND(AUTOEVENTO=\"Manual\",$M25=$A$15)),0,\n         IF(OFFSET(CRONOPLE!$F$15,$M25-$A$15,BP$13)=\"\",10^12,OFFSET(CRONOPLE!$F$15,$M25-$A$15,BP$13)))","v":1000000000000},{"$f":"IF(OR($D25<>\"Serviço\",AND(AUTOEVENTO=\"Manual\",$M25=$A$15)),0,\n         IF(OFFSET(CRONOPLE!$F$15,$M25-$A$15,BQ$13)=\"\",10^12,OFFSET(CRONOPLE!$F$15,$M25-$A$15,BQ$13)))","v":1000000000000},{"$f":"IF(OR($D25<>\"Serviço\",AND(AUTOEVENTO=\"Manual\",$M25=$A$15)),0,\n         IF(OFFSET(CRONOPLE!$F$15,$M25-$A$15,BR$13)=\"\",10^12,OFFSET(CRONOPLE!$F$15,$M25-$A$15,BR$13)))","v":1000000000000},{"$f":"IF(OR($D25<>\"Serviço\",AND(AUTOEVENTO=\"Manual\",$M25=$A$15)),0,\n         IF(OFFSET(CRONOPLE!$F$15,$M25-$A$15,BS$13)=\"\",10^12,OFFSET(CRONOPLE!$F$15,$M25-$A$15,BS$13)))","v":1000000000000},{"$f":"IF(OR($D25<>\"Serviço\",AND(AUTOEVENTO=\"Manual\",$M25=$A$15)),0,\n         IF(OFFSET(CRONOPLE!$F$15,$M25-$A$15,BT$13)=\"\",10^12,OFFSET(CRONOPLE!$F$15,$M25-$A$15,BT$13)))","v":1000000000000},null,{"$f":"IF(OR($D25<>\"Serviço\",AND(AUTOEVENTO=\"Manual\",$M25=$A$15),$M25>(ROW(PLE.lastrow)-ROW(PLE.firstrow))),0,\n           IF(OFFSET(PLE!$G$15,$M25-$A$15,BV$13)=\"\",10^12,OFFSET(PLE!$G$15,$M25-$A$15,BV$13)))","v":1000000000000},{"$f":"IF(OR($D25<>\"Serviço\",AND(AUTOEVENTO=\"Manual\",$M25=$A$15),$M25>(ROW(PLE.lastrow)-ROW(PLE.firstrow))),0,\n           IF(OFFSET(PLE!$G$15,$M25-$A$15,BW$13)=\"\",10^12,OFFSET(PLE!$G$15,$M25-$A$15,BW$13)))","v":1000000000000},{"$f":"IF(OR($D25<>\"Serviço\",AND(AUTOEVENTO=\"Manual\",$M25=$A$15),$M25>(ROW(PLE.lastrow)-ROW(PLE.firstrow))),0,\n           IF(OFFSET(PLE!$G$15,$M25-$A$15,BX$13)=\"\",10^12,OFFSET(PLE!$G$15,$M25-$A$15,BX$13)))","v":1000000000000},{"$f":"IF(OR($D25<>\"Serviço\",AND(AUTOEVENTO=\"Manual\",$M25=$A$15),$M25>(ROW(PLE.lastrow)-ROW(PLE.firstrow))),0,\n           IF(OFFSET(PLE!$G$15,$M25-$A$15,BY$13)=\"\",10^12,OFFSET(PLE!$G$15,$M25-$A$15,BY$13)))","v":1000000000000},{"$f":"IF(OR($D25<>\"Serviço\",AND(AUTOEVENTO=\"Manual\",$M25=$A$15),$M25>(ROW(PLE.lastrow)-ROW(PLE.firstrow))),0,\n           IF(OFFSET(PLE!$G$15,$M25-$A$15,BZ$13)=\"\",10^12,OFFSET(PLE!$G$15,$M25-$A$15,BZ$13)))","v":1000000000000},{"$f":"IF(OR($D25<>\"Serviço\",AND(AUTOEVENTO=\"Manual\",$M25=$A$15),$M25>(ROW(PLE.lastrow)-ROW(PLE.firstrow))),0,\n           IF(OFFSET(PLE!$G$15,$M25-$A$15,CA$13)=\"\",10^12,OFFSET(PLE!$G$15,$M25-$A$15,CA$13)))","v":1000000000000},{"$f":"IF(OR($D25<>\"Serviço\",AND(AUTOEVENTO=\"Manual\",$M25=$A$15),$M25>(ROW(PLE.lastrow)-ROW(PLE.firstrow))),0,\n           IF(OFFSET(PLE!$G$15,$M25-$A$15,CB$13)=\"\",10^12,OFFSET(PLE!$G$15,$M25-$A$15,CB$13)))","v":1000000000000},{"$f":"IF(OR($D25<>\"Serviço\",AND(AUTOEVENTO=\"Manual\",$M25=$A$15),$M25>(ROW(PLE.lastrow)-ROW(PLE.firstrow))),0,\n           IF(OFFSET(PLE!$G$15,$M25-$A$15,CC$13)=\"\",10^12,OFFSET(PLE!$G$15,$M25-$A$15,CC$13)))","v":1000000000000},{"$f":"IF(OR($D25<>\"Serviço\",AND(AUTOEVENTO=\"Manual\",$M25=$A$15),$M25>(ROW(PLE.lastrow)-ROW(PLE.firstrow))),0,\n           IF(OFFSET(PLE!$G$15,$M25-$A$15,CD$13)=\"\",10^12,OFFSET(PLE!$G$15,$M25-$A$15,CD$13)))","v":1000000000000},{"$f":"IF(OR($D25<>\"Serviço\",AND(AUTOEVENTO=\"Manual\",$M25=$A$15),$M25>(ROW(PLE.lastrow)-ROW(PLE.firstrow))),0,\n           IF(OFFSET(PLE!$G$15,$M25-$A$15,CE$13)=\"\",10^12,OFFSET(PLE!$G$15,$M25-$A$15,CE$13)))","v":1000000000000},{"$f":"IF(OR($D25<>\"Serviço\",AND(AUTOEVENTO=\"Manual\",$M25=$A$15),$M25>(ROW(PLE.lastrow)-ROW(PLE.firstrow))),0,\n           IF(OFFSET(PLE!$G$15,$M25-$A$15,CF$13)=\"\",10^12,OFFSET(PLE!$G$15,$M25-$A$15,CF$13)))","v":1000000000000},{"$f":"IF(OR($D25<>\"Serviço\",AND(AUTOEVENTO=\"Manual\",$M25=$A$15),$M25>(ROW(PLE.lastrow)-ROW(PLE.firstrow))),0,\n           IF(OFFSET(PLE!$G$15,$M25-$A$15,CG$13)=\"\",10^12,OFFSET(PLE!$G$15,$M25-$A$15,CG$13)))","v":1000000000000},{"$f":"IF(OR($D25<>\"Serviço\",AND(AUTOEVENTO=\"Manual\",$M25=$A$15),$M25>(ROW(PLE.lastrow)-ROW(PLE.firstrow))),0,\n           IF(OFFSET(PLE!$G$15,$M25-$A$15,CH$13)=\"\",10^12,OFFSET(PLE!$G$15,$M25-$A$15,CH$13)))","v":1000000000000},{"$f":"IF(OR($D25<>\"Serviço\",AND(AUTOEVENTO=\"Manual\",$M25=$A$15),$M25>(ROW(PLE.lastrow)-ROW(PLE.firstrow))),0,\n           IF(OFFSET(PLE!$G$15,$M25-$A$15,CI$13)=\"\",10^12,OFFSET(PLE!$G$15,$M25-$A$15,CI$13)))","v":1000000000000},{"$f":"IF(OR($D25<>\"Serviço\",AND(AUTOEVENTO=\"Manual\",$M25=$A$15),$M25>(ROW(PLE.lastrow)-ROW(PLE.firstrow))),0,\n           IF(OFFSET(PLE!$G$15,$M25-$A$15,CJ$13)=\"\",10^12,OFFSET(PLE!$G$15,$M25-$A$15,CJ$13)))","v":1000000000000},{"$f":"IF(OR($D25<>\"Serviço\",AND(AUTOEVENTO=\"Manual\",$M25=$A$15),$M25>(ROW(PLE.lastrow)-ROW(PLE.firstrow))),0,\n           IF(OFFSET(PLE!$G$15,$M25-$A$15,CK$13)=\"\",10^12,OFFSET(PLE!$G$15,$M25-$A$15,CK$13)))","v":1000000000000},{"$f":"IF(OR($D25<>\"Serviço\",AND(AUTOEVENTO=\"Manual\",$M25=$A$15),$M25>(ROW(PLE.lastrow)-ROW(PLE.firstrow))),0,\n           IF(OFFSET(PLE!$G$15,$M25-$A$15,CL$13)=\"\",10^12,OFFSET(PLE!$G$15,$M25-$A$15,CL$13)))","v":1000000000000},{"$f":"IF(OR($D25<>\"Serviço\",AND(AUTOEVENTO=\"Manual\",$M25=$A$15),$M25>(ROW(PLE.lastrow)-ROW(PLE.firstrow))),0,\n           IF(OFFSET(PLE!$G$15,$M25-$A$15,CM$13)=\"\",10^12,OFFSET(PLE!$G$15,$M25-$A$15,CM$13)))","v":1000000000000}]
[2,{"$f":"OFFSET(ORÇAMENTO!C$15,ROW(B26)-ROW(B$15),0)","v":"S"},{"$f":"OFFSET(ORÇAMENTO!L$15,ROW(C26)-ROW(C$15),0)","v":"F"},{"$f":"OFFSET(ORÇAMENTO!N$15,ROW(D26)-ROW(D$15),0)","v":"Serviço"},{"$f":"OFFSET(ORÇAMENTO!O$15,ROW(E26)-ROW(E$15),0)","v":"1.2.2."},{"$f":"OFFSET(ORÇAMENTO!R$15,ROW(F26)-ROW(F$15),0)","v":"ESCAVAÇÃO MECANIZADA DE VALA COM PROF. ATÉ 1,5 M (MÉDIA MONTANTE E JUSANTE/UMA COMPOSIÇÃO POR TRECHO), ESCAVADEIRA (0,8 M3), LARG. MENOR QUE 1,5 M, EM SOLO DE 1A CATEGORIA, EM LOCAIS COM ALTO NÍVEL DE INTERFERÊNCIA. AF_09/2024"},{"$f":"IF($D26<>\"Serviço\",\"\",OFFSET(ORÇAMENTO!S$15,ROW(G26)-ROW(G$15),0))","v":"M3"},{"$f":"IF($D26<>\"Serviço\",0,IF(ACOMPANHAMENTO=\"BM\",ROUND(OFFSET(ORÇAMENTO!AJ$15,ROW(H26)-ROW(H$15),0),15-13*ORÇAMENTO!$AF$7),SUMPRODUCT(($Q$1:$AI$1=1)*ROUND($Q26:$AI26,15-13*ORÇAMENTO!$AF$7))))","v":292.10000000000002},null,{"$f":"IF(B26<>\"S\",\"\",IF(AND(ACOMPANHAMENTO=\"PLE\",AUTOEVENTO=\"Manual\",OR(H26>0,ORÇAMENTO!AC26=\"QUANT.\"),OR(K26=\"\",M26=0,N26=\"\")),\"►\",IF(AND(ACOMPANHAMENTO=\"PLE\",ORÇAMENTO!AC26=\"QUANT.\"),\"►►\",IF(AND(COUNTIF($P$11:$AI$11,\"▼\")=0,H26>0,I26=\"\"),\"◄\",\"\"))))","v":"◄"},"2. DRENAGEM DE ÁGUAS PLUVIAIS",".",{"$f":"IF($D26<>\"Serviço\",\"\",\n          IF(AUTOEVENTO=\"manual\",$A26,\n                IF(ISERROR(MATCH($A26,$A$15:OFFSET($A26,-1,0),0)),MAX($M$15:OFFSET(M26,-1,0))+1,\n                      INDEX($M$15:OFFSET(M26,-1,0),MATCH($A26,$A$15:OFFSET($A26,-1,0),0)))))","v":2},{"$f":"IF($D26<>\"Serviço\",\"\",\n         IF(AUTOEVENTO=\"Manual\",\n                IF($A26=0,\"<-- defina o número do agrupador\",\n                       OFFSET(EVENTOS!$D$15,$A26-$A$15,0)),\n                OFFSET($F$15,$A26,0)))","v":"DRENAGEM DE ÁGUAS PLUVIAIS"},null,null,574.31136000000004,null,null,null,null,null,null,null,null,null,null,null,null,null,null,null,null,null,null,{"$f":"IF(AND($D26=\"Serviço\",AJ$12<>0,$H26>0,OR(AUTOEVENTO<>\"manual\",$M26<>$A$15)),\n        IF(Import.TipoArredondamento<>\"TransfereGOV\",\n              ROUND(OFFSET($P26,0,AJ$13),15-13*ORÇAMENTO!$AF$7)/$H26*OFFSET(ORÇAMENTO!$X$15,ROW(AJ26)-ROW(AJ$15),0),\n              ROUND(ROUND(OFFSET($P26,0,AJ$13),15-13*ORÇAMENTO!$AF$7)*OFFSET(ORÇAMENTO!$W$15,ROW(AJ26)-ROW(AJ$15),0),15-13*ORÇAMENTO!$AF$11)),\n         0)","v":0},{"$f":"IF(AND($D26=\"Serviço\",AK$12<>0,$H26>0,OR(AUTOEVENTO<>\"manual\",$M26<>$A$15)),\n        IF(Import.TipoArredondamento<>\"TransfereGOV\",\n              ROUND(OFFSET($P26,0,AK$13),15-13*ORÇAMENTO!$AF$7)/$H26*OFFSET(ORÇAMENTO!$X$15,ROW(AK26)-ROW(AK$15),0),\n              ROUND(ROUND(OFFSET($P26,0,AK$13),15-13*ORÇAMENTO!$AF$7)*OFFSET(ORÇAMENTO!$W$15,ROW(AK26)-ROW(AK$15),0),15-13*ORÇAMENTO!$AF$11)),\n         0)","v":0},{"$f":"IF(AND($D26=\"Serviço\",AL$12<>0,$H26>0,OR(AUTOEVENTO<>\"manual\",$M26<>$A$15)),\n        IF(Import.TipoArredondamento<>\"TransfereGOV\",\n              ROUND(OFFSET($P26,0,AL$13),15-13*ORÇAMENTO!$AF$7)/$H26*OFFSET(ORÇAMENTO!$X$15,ROW(AL26)-ROW(AL$15),0),\n              ROUND(ROUND(OFFSET($P26,0,AL$13),15-13*ORÇAMENTO!$AF$7)*OFFSET(ORÇAMENTO!$W$15,ROW(AL26)-ROW(AL$15),0),15-13*ORÇAMENTO!$AF$11)),\n         0)","v":0},{"$f":"IF(AND($D26=\"Serviço\",AM$12<>0,$H26>0,OR(AUTOEVENTO<>\"manual\",$M26<>$A$15)),\n        IF(Import.TipoArredondamento<>\"TransfereGOV\",\n              ROUND(OFFSET($P26,0,AM$13),15-13*ORÇAMENTO!$AF$7)/$H26*OFFSET(ORÇAMENTO!$X$15,ROW(AM26)-ROW(AM$15),0),\n              ROUND(ROUND(OFFSET($P26,0,AM$13),15-13*ORÇAMENTO!$AF$7)*OFFSET(ORÇAMENTO!$W$15,ROW(AM26)-ROW(AM$15),0),15-13*ORÇAMENTO!$AF$11)),\n         0)","v":0},{"$f":"IF(AND($D26=\"Serviço\",AN$12<>0,$H26>0,OR(AUTOEVENTO<>\"manual\",$M26<>$A$15)),\n        IF(Import.TipoArredondamento<>\"TransfereGOV\",\n              ROUND(OFFSET($P26,0,AN$13),15-13*ORÇAMENTO!$AF$7)/$H26*OFFSET(ORÇAMENTO!$X$15,ROW(AN26)-ROW(AN$15),0),\n              ROUND(ROUND(OFFSET($P26,0,AN$13),15-13*ORÇAMENTO!$AF$7)*OFFSET(ORÇAMENTO!$W$15,ROW(AN26)-ROW(AN$15),0),15-13*ORÇAMENTO!$AF$11)),\n         0)","v":0},{"$f":"IF(AND($D26=\"Serviço\",AO$12<>0,$H26>0,OR(AUTOEVENTO<>\"manual\",$M26<>$A$15)),\n        IF(Import.TipoArredondamento<>\"TransfereGOV\",\n              ROUND(OFFSET($P26,0,AO$13),15-13*ORÇAMENTO!$AF$7)/$H26*OFFSET(ORÇAMENTO!$X$15,ROW(AO26)-ROW(AO$15),0),\n              ROUND(ROUND(OFFSET($P26,0,AO$13),15-13*ORÇAMENTO!$AF$7)*OFFSET(ORÇAMENTO!$W$15,ROW(AO26)-ROW(AO$15),0),15-13*ORÇAMENTO!$AF$11)),\n         0)","v":0},{"$f":"IF(AND($D26=\"Serviço\",AP$12<>0,$H26>0,OR(AUTOEVENTO<>\"manual\",$M26<>$A$15)),\n        IF(Import.TipoArredondamento<>\"TransfereGOV\",\n              ROUND(OFFSET($P26,0,AP$13),15-13*ORÇAMENTO!$AF$7)/$H26*OFFSET(ORÇAMENTO!$X$15,ROW(AP26)-ROW(AP$15),0),\n              ROUND(ROUND(OFFSET($P26,0,AP$13),15-13*ORÇAMENTO!$AF$7)*OFFSET(ORÇAMENTO!$W$15,ROW(AP26)-ROW(AP$15),0),15-13*ORÇAMENTO!$AF$11)),\n         0)","v":0},{"$f":"IF(AND($D26=\"Serviço\",AQ$12<>0,$H26>0,OR(AUTOEVENTO<>\"manual\",$M26<>$A$15)),\n        IF(Import.TipoArredondamento<>\"TransfereGOV\",\n              ROUND(OFFSET($P26,0,AQ$13),15-13*ORÇAMENTO!$AF$7)/$H26*OFFSET(ORÇAMENTO!$X$15,ROW(AQ26)-ROW(AQ$15),0),\n              ROUND(ROUND(OFFSET($P26,0,AQ$13),15-13*ORÇAMENTO!$AF$7)*OFFSET(ORÇAMENTO!$W$15,ROW(AQ26)-ROW(AQ$15),0),15-13*ORÇAMENTO!$AF$11)),\n         0)","v":0},{"$f":"IF(AND($D26=\"Serviço\",AR$12<>0,$H26>0,OR(AUTOEVENTO<>\"manual\",$M26<>$A$15)),\n        IF(Import.TipoArredondamento<>\"TransfereGOV\",\n              ROUND(OFFSET($P26,0,AR$13),15-13*ORÇAMENTO!$AF$7)/$H26*OFFSET(ORÇAMENTO!$X$15,ROW(AR26)-ROW(AR$15),0),\n              ROUND(ROUND(OFFSET($P26,0,AR$13),15-13*ORÇAMENTO!$AF$7)*OFFSET(ORÇAMENTO!$W$15,ROW(AR26)-ROW(AR$15),0),15-13*ORÇAMENTO!$AF$11)),\n         0)","v":0},{"$f":"IF(AND($D26=\"Serviço\",AS$12<>0,$H26>0,OR(AUTOEVENTO<>\"manual\",$M26<>$A$15)),\n        IF(Import.TipoArredondamento<>\"TransfereGOV\",\n              ROUND(OFFSET($P26,0,AS$13),15-13*ORÇAMENTO!$AF$7)/$H26*OFFSET(ORÇAMENTO!$X$15,ROW(AS26)-ROW(AS$15),0),\n              ROUND(ROUND(OFFSET($P26,0,AS$13),15-13*ORÇAMENTO!$AF$7)*OFFSET(ORÇAMENTO!$W$15,ROW(AS26)-ROW(AS$15),0),15-13*ORÇAMENTO!$AF$11)),\n         0)","v":0},{"$f":"IF(AND($D26=\"Serviço\",AT$12<>0,$H26>0,OR(AUTOEVENTO<>\"manual\",$M26<>$A$15)),\n        IF(Import.TipoArredondamento<>\"TransfereGOV\",\n              ROUND(OFFSET($P26,0,AT$13),15-13*ORÇAMENTO!$AF$7)/$H26*OFFSET(ORÇAMENTO!$X$15,ROW(AT26)-ROW(AT$15),0),\n              ROUND(ROUND(OFFSET($P26,0,AT$13),15-13*ORÇAMENTO!$AF$7)*OFFSET(ORÇAMENTO!$W$15,ROW(AT26)-ROW(AT$15),0),15-13*ORÇAMENTO!$AF$11)),\n         0)","v":0},{"$f":"IF(AND($D26=\"Serviço\",AU$12<>0,$H26>0,OR(AUTOEVENTO<>\"manual\",$M26<>$A$15)),\n        IF(Import.TipoArredondamento<>\"TransfereGOV\",\n              ROUND(OFFSET($P26,0,AU$13),15-13*ORÇAMENTO!$AF$7)/$H26*OFFSET(ORÇAMENTO!$X$15,ROW(AU26)-ROW(AU$15),0),\n              ROUND(ROUND(OFFSET($P26,0,AU$13),15-13*ORÇAMENTO!$AF$7)*OFFSET(ORÇAMENTO!$W$15,ROW(AU26)-ROW(AU$15),0),15-13*ORÇAMENTO!$AF$11)),\n         0)","v":0},{"$f":"IF(AND($D26=\"Serviço\",AV$12<>0,$H26>0,OR(AUTOEVENTO<>\"manual\",$M26<>$A$15)),\n        IF(Import.TipoArredondamento<>\"TransfereGOV\",\n              ROUND(OFFSET($P26,0,AV$13),15-13*ORÇAMENTO!$AF$7)/$H26*OFFSET(ORÇAMENTO!$X$15,ROW(AV26)-ROW(AV$15),0),\n              ROUND(ROUND(OFFSET($P26,0,AV$13),15-13*ORÇAMENTO!$AF$7)*OFFSET(ORÇAMENTO!$W$15,ROW(AV26)-ROW(AV$15),0),15-13*ORÇAMENTO!$AF$11)),\n         0)","v":0},{"$f":"IF(AND($D26=\"Serviço\",AW$12<>0,$H26>0,OR(AUTOEVENTO<>\"manual\",$M26<>$A$15)),\n        IF(Import.TipoArredondamento<>\"TransfereGOV\",\n              ROUND(OFFSET($P26,0,AW$13),15-13*ORÇAMENTO!$AF$7)/$H26*OFFSET(ORÇAMENTO!$X$15,ROW(AW26)-ROW(AW$15),0),\n              ROUND(ROUND(OFFSET($P26,0,AW$13),15-13*ORÇAMENTO!$AF$7)*OFFSET(ORÇAMENTO!$W$15,ROW(AW26)-ROW(AW$15),0),15-13*ORÇAMENTO!$AF$11)),\n         0)","v":0},{"$f":"IF(AND($D26=\"Serviço\",AX$12<>0,$H26>0,OR(AUTOEVENTO<>\"manual\",$M26<>$A$15)),\n        IF(Import.TipoArredondamento<>\"TransfereGOV\",\n              ROUND(OFFSET($P26,0,AX$13),15-13*ORÇAMENTO!$AF$7)/$H26*OFFSET(ORÇAMENTO!$X$15,ROW(AX26)-ROW(AX$15),0),\n              ROUND(ROUND(OFFSET($P26,0,AX$13),15-13*ORÇAMENTO!$AF$7)*OFFSET(ORÇAMENTO!$W$15,ROW(AX26)-ROW(AX$15),0),15-13*ORÇAMENTO!$AF$11)),\n         0)","v":0},{"$f":"IF(AND($D26=\"Serviço\",AY$12<>0,$H26>0,OR(AUTOEVENTO<>\"manual\",$M26<>$A$15)),\n        IF(Import.TipoArredondamento<>\"TransfereGOV\",\n              ROUND(OFFSET($P26,0,AY$13),15-13*ORÇAMENTO!$AF$7)/$H26*OFFSET(ORÇAMENTO!$X$15,ROW(AY26)-ROW(AY$15),0),\n              ROUND(ROUND(OFFSET($P26,0,AY$13),15-13*ORÇAMENTO!$AF$7)*OFFSET(ORÇAMENTO!$W$15,ROW(AY26)-ROW(AY$15),0),15-13*ORÇAMENTO!$AF$11)),\n         0)","v":0},{"$f":"IF(AND($D26=\"Serviço\",AZ$12<>0,$H26>0,OR(AUTOEVENTO<>\"manual\",$M26<>$A$15)),\n        IF(Import.TipoArredondamento<>\"TransfereGOV\",\n              ROUND(OFFSET($P26,0,AZ$13),15-13*ORÇAMENTO!$AF$7)/$H26*OFFSET(ORÇAMENTO!$X$15,ROW(AZ26)-ROW(AZ$15),0),\n              ROUND(ROUND(OFFSET($P26,0,AZ$13),15-13*ORÇAMENTO!$AF$7)*OFFSET(ORÇAMENTO!$W$15,ROW(AZ26)-ROW(AZ$15),0),15-13*ORÇAMENTO!$AF$11)),\n         0)","v":0},{"$f":"IF(AND($D26=\"Serviço\",BA$12<>0,$H26>0,OR(AUTOEVENTO<>\"manual\",$M26<>$A$15)),\n        IF(Import.TipoArredondamento<>\"TransfereGOV\",\n              ROUND(OFFSET($P26,0,BA$13),15-13*ORÇAMENTO!$AF$7)/$H26*OFFSET(ORÇAMENTO!$X$15,ROW(BA26)-ROW(BA$15),0),\n              ROUND(ROUND(OFFSET($P26,0,BA$13),15-13*ORÇAMENTO!$AF$7)*OFFSET(ORÇAMENTO!$W$15,ROW(BA26)-ROW(BA$15),0),15-13*ORÇAMENTO!$AF$11)),\n         0)","v":0},null,{"$f":"IF(OR($D26<>\"Serviço\",AND(AUTOEVENTO=\"Manual\",$M26=$A$15)),0,\n         IF(OFFSET(CRONOPLE!$F$15,$M26-$A$15,BC$13)=\"\",10^12,OFFSET(CRONOPLE!$F$15,$M26-$A$15,BC$13)))","v":1},{"$f":"IF(OR($D26<>\"Serviço\",AND(AUTOEVENTO=\"Manual\",$M26=$A$15)),0,\n         IF(OFFSET(CRONOPLE!$F$15,$M26-$A$15,BD$13)=\"\",10^12,OFFSET(CRONOPLE!$F$15,$M26-$A$15,BD$13)))","v":1000000000000},{"$f":"IF(OR($D26<>\"Serviço\",AND(AUTOEVENTO=\"Manual\",$M26=$A$15)),0,\n         IF(OFFSET(CRONOPLE!$F$15,$M26-$A$15,BE$13)=\"\",10^12,OFFSET(CRONOPLE!$F$15,$M26-$A$15,BE$13)))","v":1000000000000},{"$f":"IF(OR($D26<>\"Serviço\",AND(AUTOEVENTO=\"Manual\",$M26=$A$15)),0,\n         IF(OFFSET(CRONOPLE!$F$15,$M26-$A$15,BF$13)=\"\",10^12,OFFSET(CRONOPLE!$F$15,$M26-$A$15,BF$13)))","v":1000000000000},{"$f":"IF(OR($D26<>\"Serviço\",AND(AUTOEVENTO=\"Manual\",$M26=$A$15)),0,\n         IF(OFFSET(CRONOPLE!$F$15,$M26-$A$15,BG$13)=\"\",10^12,OFFSET(CRONOPLE!$F$15,$M26-$A$15,BG$13)))","v":1000000000000},{"$f":"IF(OR($D26<>\"Serviço\",AND(AUTOEVENTO=\"Manual\",$M26=$A$15)),0,\n         IF(OFFSET(CRONOPLE!$F$15,$M26-$A$15,BH$13)=\"\",10^12,OFFSET(CRONOPLE!$F$15,$M26-$A$15,BH$13)))","v":1000000000000},{"$f":"IF(OR($D26<>\"Serviço\",AND(AUTOEVENTO=\"Manual\",$M26=$A$15)),0,\n         IF(OFFSET(CRONOPLE!$F$15,$M26-$A$15,BI$13)=\"\",10^12,OFFSET(CRONOPLE!$F$15,$M26-$A$15,BI$13)))","v":1000000000000},{"$f":"IF(OR($D26<>\"Serviço\",AND(AUTOEVENTO=\"Manual\",$M26=$A$15)),0,\n         IF(OFFSET(CRONOPLE!$F$15,$M26-$A$15,BJ$13)=\"\",10^12,OFFSET(CRONOPLE!$F$15,$M26-$A$15,BJ$13)))","v":1000000000000},{"$f":"IF(OR($D26<>\"Serviço\",AND(AUTOEVENTO=\"Manual\",$M26=$A$15)),0,\n         IF(OFFSET(CRONOPLE!$F$15,$M26-$A$15,BK$13)=\"\",10^12,OFFSET(CRONOPLE!$F$15,$M26-$A$15,BK$13)))","v":1000000000000},{"$f":"IF(OR($D26<>\"Serviço\",AND(AUTOEVENTO=\"Manual\",$M26=$A$15)),0,\n         IF(OFFSET(CRONOPLE!$F$15,$M26-$A$15,BL$13)=\"\",10^12,OFFSET(CRONOPLE!$F$15,$M26-$A$15,BL$13)))","v":1000000000000},{"$f":"IF(OR($D26<>\"Serviço\",AND(AUTOEVENTO=\"Manual\",$M26=$A$15)),0,\n         IF(OFFSET(CRONOPLE!$F$15,$M26-$A$15,BM$13)=\"\",10^12,OFFSET(CRONOPLE!$F$15,$M26-$A$15,BM$13)))","v":1000000000000},{"$f":"IF(OR($D26<>\"Serviço\",AND(AUTOEVENTO=\"Manual\",$M26=$A$15)),0,\n         IF(OFFSET(CRONOPLE!$F$15,$M26-$A$15,BN$13)=\"\",10^12,OFFSET(CRONOPLE!$F$15,$M26-$A$15,BN$13)))","v":1000000000000},{"$f":"IF(OR($D26<>\"Serviço\",AND(AUTOEVENTO=\"Manual\",$M26=$A$15)),0,\n         IF(OFFSET(CRONOPLE!$F$15,$M26-$A$15,BO$13)=\"\",10^12,OFFSET(CRONOPLE!$F$15,$M26-$A$15,BO$13)))","v":1000000000000},{"$f":"IF(OR($D26<>\"Serviço\",AND(AUTOEVENTO=\"Manual\",$M26=$A$15)),0,\n         IF(OFFSET(CRONOPLE!$F$15,$M26-$A$15,BP$13)=\"\",10^12,OFFSET(CRONOPLE!$F$15,$M26-$A$15,BP$13)))","v":1000000000000},{"$f":"IF(OR($D26<>\"Serviço\",AND(AUTOEVENTO=\"Manual\",$M26=$A$15)),0,\n         IF(OFFSET(CRONOPLE!$F$15,$M26-$A$15,BQ$13)=\"\",10^12,OFFSET(CRONOPLE!$F$15,$M26-$A$15,BQ$13)))","v":1000000000000},{"$f":"IF(OR($D26<>\"Serviço\",AND(AUTOEVENTO=\"Manual\",$M26=$A$15)),0,\n         IF(OFFSET(CRONOPLE!$F$15,$M26-$A$15,BR$13)=\"\",10^12,OFFSET(CRONOPLE!$F$15,$M26-$A$15,BR$13)))","v":1000000000000},{"$f":"IF(OR($D26<>\"Serviço\",AND(AUTOEVENTO=\"Manual\",$M26=$A$15)),0,\n         IF(OFFSET(CRONOPLE!$F$15,$M26-$A$15,BS$13)=\"\",10^12,OFFSET(CRONOPLE!$F$15,$M26-$A$15,BS$13)))","v":1000000000000},{"$f":"IF(OR($D26<>\"Serviço\",AND(AUTOEVENTO=\"Manual\",$M26=$A$15)),0,\n         IF(OFFSET(CRONOPLE!$F$15,$M26-$A$15,BT$13)=\"\",10^12,OFFSET(CRONOPLE!$F$15,$M26-$A$15,BT$13)))","v":1000000000000},null,{"$f":"IF(OR($D26<>\"Serviço\",AND(AUTOEVENTO=\"Manual\",$M26=$A$15),$M26>(ROW(PLE.lastrow)-ROW(PLE.firstrow))),0,\n           IF(OFFSET(PLE!$G$15,$M26-$A$15,BV$13)=\"\",10^12,OFFSET(PLE!$G$15,$M26-$A$15,BV$13)))","v":1000000000000},{"$f":"IF(OR($D26<>\"Serviço\",AND(AUTOEVENTO=\"Manual\",$M26=$A$15),$M26>(ROW(PLE.lastrow)-ROW(PLE.firstrow))),0,\n           IF(OFFSET(PLE!$G$15,$M26-$A$15,BW$13)=\"\",10^12,OFFSET(PLE!$G$15,$M26-$A$15,BW$13)))","v":1000000000000},{"$f":"IF(OR($D26<>\"Serviço\",AND(AUTOEVENTO=\"Manual\",$M26=$A$15),$M26>(ROW(PLE.lastrow)-ROW(PLE.firstrow))),0,\n           IF(OFFSET(PLE!$G$15,$M26-$A$15,BX$13)=\"\",10^12,OFFSET(PLE!$G$15,$M26-$A$15,BX$13)))","v":1000000000000},{"$f":"IF(OR($D26<>\"Serviço\",AND(AUTOEVENTO=\"Manual\",$M26=$A$15),$M26>(ROW(PLE.lastrow)-ROW(PLE.firstrow))),0,\n           IF(OFFSET(PLE!$G$15,$M26-$A$15,BY$13)=\"\",10^12,OFFSET(PLE!$G$15,$M26-$A$15,BY$13)))","v":1000000000000},{"$f":"IF(OR($D26<>\"Serviço\",AND(AUTOEVENTO=\"Manual\",$M26=$A$15),$M26>(ROW(PLE.lastrow)-ROW(PLE.firstrow))),0,\n           IF(OFFSET(PLE!$G$15,$M26-$A$15,BZ$13)=\"\",10^12,OFFSET(PLE!$G$15,$M26-$A$15,BZ$13)))","v":1000000000000},{"$f":"IF(OR($D26<>\"Serviço\",AND(AUTOEVENTO=\"Manual\",$M26=$A$15),$M26>(ROW(PLE.lastrow)-ROW(PLE.firstrow))),0,\n           IF(OFFSET(PLE!$G$15,$M26-$A$15,CA$13)=\"\",10^12,OFFSET(PLE!$G$15,$M26-$A$15,CA$13)))","v":1000000000000},{"$f":"IF(OR($D26<>\"Serviço\",AND(AUTOEVENTO=\"Manual\",$M26=$A$15),$M26>(ROW(PLE.lastrow)-ROW(PLE.firstrow))),0,\n           IF(OFFSET(PLE!$G$15,$M26-$A$15,CB$13)=\"\",10^12,OFFSET(PLE!$G$15,$M26-$A$15,CB$13)))","v":1000000000000},{"$f":"IF(OR($D26<>\"Serviço\",AND(AUTOEVENTO=\"Manual\",$M26=$A$15),$M26>(ROW(PLE.lastrow)-ROW(PLE.firstrow))),0,\n           IF(OFFSET(PLE!$G$15,$M26-$A$15,CC$13)=\"\",10^12,OFFSET(PLE!$G$15,$M26-$A$15,CC$13)))","v":1000000000000},{"$f":"IF(OR($D26<>\"Serviço\",AND(AUTOEVENTO=\"Manual\",$M26=$A$15),$M26>(ROW(PLE.lastrow)-ROW(PLE.firstrow))),0,\n           IF(OFFSET(PLE!$G$15,$M26-$A$15,CD$13)=\"\",10^12,OFFSET(PLE!$G$15,$M26-$A$15,CD$13)))","v":1000000000000},{"$f":"IF(OR($D26<>\"Serviço\",AND(AUTOEVENTO=\"Manual\",$M26=$A$15),$M26>(ROW(PLE.lastrow)-ROW(PLE.firstrow))),0,\n           IF(OFFSET(PLE!$G$15,$M26-$A$15,CE$13)=\"\",10^12,OFFSET(PLE!$G$15,$M26-$A$15,CE$13)))","v":1000000000000},{"$f":"IF(OR($D26<>\"Serviço\",AND(AUTOEVENTO=\"Manual\",$M26=$A$15),$M26>(ROW(PLE.lastrow)-ROW(PLE.firstrow))),0,\n           IF(OFFSET(PLE!$G$15,$M26-$A$15,CF$13)=\"\",10^12,OFFSET(PLE!$G$15,$M26-$A$15,CF$13)))","v":1000000000000},{"$f":"IF(OR($D26<>\"Serviço\",AND(AUTOEVENTO=\"Manual\",$M26=$A$15),$M26>(ROW(PLE.lastrow)-ROW(PLE.firstrow))),0,\n           IF(OFFSET(PLE!$G$15,$M26-$A$15,CG$13)=\"\",10^12,OFFSET(PLE!$G$15,$M26-$A$15,CG$13)))","v":1000000000000},{"$f":"IF(OR($D26<>\"Serviço\",AND(AUTOEVENTO=\"Manual\",$M26=$A$15),$M26>(ROW(PLE.lastrow)-ROW(PLE.firstrow))),0,\n           IF(OFFSET(PLE!$G$15,$M26-$A$15,CH$13)=\"\",10^12,OFFSET(PLE!$G$15,$M26-$A$15,CH$13)))","v":1000000000000},{"$f":"IF(OR($D26<>\"Serviço\",AND(AUTOEVENTO=\"Manual\",$M26=$A$15),$M26>(ROW(PLE.lastrow)-ROW(PLE.firstrow))),0,\n           IF(OFFSET(PLE!$G$15,$M26-$A$15,CI$13)=\"\",10^12,OFFSET(PLE!$G$15,$M26-$A$15,CI$13)))","v":1000000000000},{"$f":"IF(OR($D26<>\"Serviço\",AND(AUTOEVENTO=\"Manual\",$M26=$A$15),$M26>(ROW(PLE.lastrow)-ROW(PLE.firstrow))),0,\n           IF(OFFSET(PLE!$G$15,$M26-$A$15,CJ$13)=\"\",10^12,OFFSET(PLE!$G$15,$M26-$A$15,CJ$13)))","v":1000000000000},{"$f":"IF(OR($D26<>\"Serviço\",AND(AUTOEVENTO=\"Manual\",$M26=$A$15),$M26>(ROW(PLE.lastrow)-ROW(PLE.firstrow))),0,\n           IF(OFFSET(PLE!$G$15,$M26-$A$15,CK$13)=\"\",10^12,OFFSET(PLE!$G$15,$M26-$A$15,CK$13)))","v":1000000000000},{"$f":"IF(OR($D26<>\"Serviço\",AND(AUTOEVENTO=\"Manual\",$M26=$A$15),$M26>(ROW(PLE.lastrow)-ROW(PLE.firstrow))),0,\n           IF(OFFSET(PLE!$G$15,$M26-$A$15,CL$13)=\"\",10^12,OFFSET(PLE!$G$15,$M26-$A$15,CL$13)))","v":1000000000000},{"$f":"IF(OR($D26<>\"Serviço\",AND(AUTOEVENTO=\"Manual\",$M26=$A$15),$M26>(ROW(PLE.lastrow)-ROW(PLE.firstrow))),0,\n           IF(OFFSET(PLE!$G$15,$M26-$A$15,CM$13)=\"\",10^12,OFFSET(PLE!$G$15,$M26-$A$15,CM$13)))","v":1000000000000}]
[2,{"$f":"OFFSET(ORÇAMENTO!C$15,ROW(B27)-ROW(B$15),0)","v":"S"},{"$f":"OFFSET(ORÇAMENTO!L$15,ROW(C27)-ROW(C$15),0)","v":"F"},{"$f":"OFFSET(ORÇAMENTO!N$15,ROW(D27)-ROW(D$15),0)","v":"Serviço"},{"$f":"OFFSET(ORÇAMENTO!O$15,ROW(E27)-ROW(E$15),0)","v":"1.2.3."},{"$f":"OFFSET(ORÇAMENTO!R$15,ROW(F27)-ROW(F$15),0)","v":"ESCAVAÇÃO MECANIZADA DE VALA COM PROF. MAIOR QUE 1,50 M ATÉ 3,0 M (MÉDIA MONTANTE E JUSANTE/UMA COMPOSIÇÃO POR TRECHO), ESCAVADEIRA (1,2 M3), LARG. DE 1,5 M A 2,5 M, EM SOLO DE 1A CATEGORIA, EM LOCAIS COM ALTO NÍVEL DE INTERFERÊNCIA. AF_09/2024"},{"$f":"IF($D27<>\"Serviço\",\"\",OFFSET(ORÇAMENTO!S$15,ROW(G27)-ROW(G$15),0))","v":"M3"},{"$f":"IF($D27<>\"Serviço\",0,IF(ACOMPANHAMENTO=\"BM\",ROUND(OFFSET(ORÇAMENTO!AJ$15,ROW(H27)-ROW(H$15),0),15-13*ORÇAMENTO!$AF$7),SUMPRODUCT(($Q$1:$AI$1=1)*ROUND($Q27:$AI27,15-13*ORÇAMENTO!$AF$7))))","v":2378.5},null,{"$f":"IF(B27<>\"S\",\"\",IF(AND(ACOMPANHAMENTO=\"PLE\",AUTOEVENTO=\"Manual\",OR(H27>0,ORÇAMENTO!AC27=\"QUANT.\"),OR(K27=\"\",M27=0,N27=\"\")),\"►\",IF(AND(ACOMPANHAMENTO=\"PLE\",ORÇAMENTO!AC27=\"QUANT.\"),\"►►\",IF(AND(COUNTIF($P$11:$AI$11,\"▼\")=0,H27>0,I27=\"\"),\"◄\",\"\"))))","v":"◄"},"2. DRENAGEM DE ÁGUAS PLUVIAIS",".",{"$f":"IF($D27<>\"Serviço\",\"\",\n          IF(AUTOEVENTO=\"manual\",$A27,\n                IF(ISERROR(MATCH($A27,$A$15:OFFSET($A27,-1,0),0)),MAX($M$15:OFFSET(M27,-1,0))+1,\n                      INDEX($M$15:OFFSET(M27,-1,0),MATCH($A27,$A$15:OFFSET($A27,-1,0),0)))))","v":2},{"$f":"IF($D27<>\"Serviço\",\"\",\n         IF(AUTOEVENTO=\"Manual\",\n                IF($A27=0,\"<-- defina o número do agrupador\",\n                       OFFSET(EVENTOS!$D$15,$A27-$A$15,0)),\n                OFFSET($F$15,$A27,0)))","v":"DRENAGEM DE ÁGUAS PLUVIAIS"},null,null,519.11609035055028,null,null,null,null,null,null,null,null,null,null,null,null,null,null,null,null,null,null,{"$f":"IF(AND($D27=\"Serviço\",AJ$12<>0,$H27>0,OR(AUTOEVENTO<>\"manual\",$M27<>$A$15)),\n        IF(Import.TipoArredondamento<>\"TransfereGOV\",\n              ROUND(OFFSET($P27,0,AJ$13),15-13*ORÇAMENTO!$AF$7)/$H27*OFFSET(ORÇAMENTO!$X$15,ROW(AJ27)-ROW(AJ$15),0),\n              ROUND(ROUND(OFFSET($P27,0,AJ$13),15-13*ORÇAMENTO!$AF$7)*OFFSET(ORÇAMENTO!$W$15,ROW(AJ27)-ROW(AJ$15),0),15-13*ORÇAMENTO!$AF$11)),\n         0)","v":0},{"$f":"IF(AND($D27=\"Serviço\",AK$12<>0,$H27>0,OR(AUTOEVENTO<>\"manual\",$M27<>$A$15)),\n        IF(Import.TipoArredondamento<>\"TransfereGOV\",\n              ROUND(OFFSET($P27,0,AK$13),15-13*ORÇAMENTO!$AF$7)/$H27*OFFSET(ORÇAMENTO!$X$15,ROW(AK27)-ROW(AK$15),0),\n              ROUND(ROUND(OFFSET($P27,0,AK$13),15-13*ORÇAMENTO!$AF$7)*OFFSET(ORÇAMENTO!$W$15,ROW(AK27)-ROW(AK$15),0),15-13*ORÇAMENTO!$AF$11)),\n         0)","v":0},{"$f":"IF(AND($D27=\"Serviço\",AL$12<>0,$H27>0,OR(AUTOEVENTO<>\"manual\",$M27<>$A$15)),\n        IF(Import.TipoArredondamento<>\"TransfereGOV\",\n              ROUND(OFFSET($P27,0,AL$13),15-13*ORÇAMENTO!$AF$7)/$H27*OFFSET(ORÇAMENTO!$X$15,ROW(AL27)-ROW(AL$15),0),\n              ROUND(ROUND(OFFSET($P27,0,AL$13),15-13*ORÇAMENTO!$AF$7)*OFFSET(ORÇAMENTO!$W$15,ROW(AL27)-ROW(AL$15),0),15-13*ORÇAMENTO!$AF$11)),\n         0)","v":0},{"$f":"IF(AND($D27=\"Serviço\",AM$12<>0,$H27>0,OR(AUTOEVENTO<>\"manual\",$M27<>$A$15)),\n        IF(Import.TipoArredondamento<>\"TransfereGOV\",\n              ROUND(OFFSET($P27,0,AM$13),15-13*ORÇAMENTO!$AF$7)/$H27*OFFSET(ORÇAMENTO!$X$15,ROW(AM27)-ROW(AM$15),0),\n              ROUND(ROUND(OFFSET($P27,0,AM$13),15-13*ORÇAMENTO!$AF$7)*OFFSET(ORÇAMENTO!$W$15,ROW(AM27)-ROW(AM$15),0),15-13*ORÇAMENTO!$AF$11)),\n         0)","v":0},{"$f":"IF(AND($D27=\"Serviço\",AN$12<>0,$H27>0,OR(AUTOEVENTO<>\"manual\",$M27<>$A$15)),\n        IF(Import.TipoArredondamento<>\"TransfereGOV\",\n              ROUND(OFFSET($P27,0,AN$13),15-13*ORÇAMENTO!$AF$7)/$H27*OFFSET(ORÇAMENTO!$X$15,ROW(AN27)-ROW(AN$15),0),\n              ROUND(ROUND(OFFSET($P27,0,AN$13),15-13*ORÇAMENTO!$AF$7)*OFFSET(ORÇAMENTO!$W$15,ROW(AN27)-ROW(AN$15),0),15-13*ORÇAMENTO!$AF$11)),\n         0)","v":0},{"$f":"IF(AND($D27=\"Serviço\",AO$12<>0,$H27>0,OR(AUTOEVENTO<>\"manual\",$M27<>$A$15)),\n        IF(Import.TipoArredondamento<>\"TransfereGOV\",\n              ROUND(OFFSET($P27,0,AO$13),15-13*ORÇAMENTO!$AF$7)/$H27*OFFSET(ORÇAMENTO!$X$15,ROW(AO27)-ROW(AO$15),0),\n              ROUND(ROUND(OFFSET($P27,0,AO$13),15-13*ORÇAMENTO!$AF$7)*OFFSET(ORÇAMENTO!$W$15,ROW(AO27)-ROW(AO$15),0),15-13*ORÇAMENTO!$AF$11)),\n         0)","v":0},{"$f":"IF(AND($D27=\"Serviço\",AP$12<>0,$H27>0,OR(AUTOEVENTO<>\"manual\",$M27<>$A$15)),\n        IF(Import.TipoArredondamento<>\"TransfereGOV\",\n              ROUND(OFFSET($P27,0,AP$13),15-13*ORÇAMENTO!$AF$7)/$H27*OFFSET(ORÇAMENTO!$X$15,ROW(AP27)-ROW(AP$15),0),\n              ROUND(ROUND(OFFSET($P27,0,AP$13),15-13*ORÇAMENTO!$AF$7)*OFFSET(ORÇAMENTO!$W$15,ROW(AP27)-ROW(AP$15),0),15-13*ORÇAMENTO!$AF$11)),\n         0)","v":0},{"$f":"IF(AND($D27=\"Serviço\",AQ$12<>0,$H27>0,OR(AUTOEVENTO<>\"manual\",$M27<>$A$15)),\n        IF(Import.TipoArredondamento<>\"TransfereGOV\",\n              ROUND(OFFSET($P27,0,AQ$13),15-13*ORÇAMENTO!$AF$7)/$H27*OFFSET(ORÇAMENTO!$X$15,ROW(AQ27)-ROW(AQ$15),0),\n              ROUND(ROUND(OFFSET($P27,0,AQ$13),15-13*ORÇAMENTO!$AF$7)*OFFSET(ORÇAMENTO!$W$15,ROW(AQ27)-ROW(AQ$15),0),15-13*ORÇAMENTO!$AF$11)),\n         0)","v":0},{"$f":"IF(AND($D27=\"Serviço\",AR$12<>0,$H27>0,OR(AUTOEVENTO<>\"manual\",$M27<>$A$15)),\n        IF(Import.TipoArredondamento<>\"TransfereGOV\",\n              ROUND(OFFSET($P27,0,AR$13),15-13*ORÇAMENTO!$AF$7)/$H27*OFFSET(ORÇAMENTO!$X$15,ROW(AR27)-ROW(AR$15),0),\n              ROUND(ROUND(OFFSET($P27,0,AR$13),15-13*ORÇAMENTO!$AF$7)*OFFSET(ORÇAMENTO!$W$15,ROW(AR27)-ROW(AR$15),0),15-13*ORÇAMENTO!$AF$11)),\n         0)","v":0},{"$f":"IF(AND($D27=\"Serviço\",AS$12<>0,$H27>0,OR(AUTOEVENTO<>\"manual\",$M27<>$A$15)),\n        IF(Import.TipoArredondamento<>\"TransfereGOV\",\n              ROUND(OFFSET($P27,0,AS$13),15-13*ORÇAMENTO!$AF$7)/$H27*OFFSET(ORÇAMENTO!$X$15,ROW(AS27)-ROW(AS$15),0),\n              ROUND(ROUND(OFFSET($P27,0,AS$13),15-13*ORÇAMENTO!$AF$7)*OFFSET(ORÇAMENTO!$W$15,ROW(AS27)-ROW(AS$15),0),15-13*ORÇAMENTO!$AF$11)),\n         0)","v":0},{"$f":"IF(AND($D27=\"Serviço\",AT$12<>0,$H27>0,OR(AUTOEVENTO<>\"manual\",$M27<>$A$15)),\n        IF(Import.TipoArredondamento<>\"TransfereGOV\",\n              ROUND(OFFSET($P27,0,AT$13),15-13*ORÇAMENTO!$AF$7)/$H27*OFFSET(ORÇAMENTO!$X$15,ROW(AT27)-ROW(AT$15),0),\n              ROUND(ROUND(OFFSET($P27,0,AT$13),15-13*ORÇAMENTO!$AF$7)*OFFSET(ORÇAMENTO!$W$15,ROW(AT27)-ROW(AT$15),0),15-13*ORÇAMENTO!$AF$11)),\n         0)","v":0},{"$f":"IF(AND($D27=\"Serviço\",AU$12<>0,$H27>0,OR(AUTOEVENTO<>\"manual\",$M27<>$A$15)),\n        IF(Import.TipoArredondamento<>\"TransfereGOV\",\n              ROUND(OFFSET($P27,0,AU$13),15-13*ORÇAMENTO!$AF$7)/$H27*OFFSET(ORÇAMENTO!$X$15,ROW(AU27)-ROW(AU$15),0),\n              ROUND(ROUND(OFFSET($P27,0,AU$13),15-13*ORÇAMENTO!$AF$7)*OFFSET(ORÇAMENTO!$W$15,ROW(AU27)-ROW(AU$15),0),15-13*ORÇAMENTO!$AF$11)),\n         0)","v":0},{"$f":"IF(AND($D27=\"Serviço\",AV$12<>0,$H27>0,OR(AUTOEVENTO<>\"manual\",$M27<>$A$15)),\n        IF(Import.TipoArredondamento<>\"TransfereGOV\",\n              ROUND(OFFSET($P27,0,AV$13),15-13*ORÇAMENTO!$AF$7)/$H27*OFFSET(ORÇAMENTO!$X$15,ROW(AV27)-ROW(AV$15),0),\n              ROUND(ROUND(OFFSET($P27,0,AV$13),15-13*ORÇAMENTO!$AF$7)*OFFSET(ORÇAMENTO!$W$15,ROW(AV27)-ROW(AV$15),0),15-13*ORÇAMENTO!$AF$11)),\n         0)","v":0},{"$f":"IF(AND($D27=\"Serviço\",AW$12<>0,$H27>0,OR(AUTOEVENTO<>\"manual\",$M27<>$A$15)),\n        IF(Import.TipoArredondamento<>\"TransfereGOV\",\n              ROUND(OFFSET($P27,0,AW$13),15-13*ORÇAMENTO!$AF$7)/$H27*OFFSET(ORÇAMENTO!$X$15,ROW(AW27)-ROW(AW$15),0),\n              ROUND(ROUND(OFFSET($P27,0,AW$13),15-13*ORÇAMENTO!$AF$7)*OFFSET(ORÇAMENTO!$W$15,ROW(AW27)-ROW(AW$15),0),15-13*ORÇAMENTO!$AF$11)),\n         0)","v":0},{"$f":"IF(AND($D27=\"Serviço\",AX$12<>0,$H27>0,OR(AUTOEVENTO<>\"manual\",$M27<>$A$15)),\n        IF(Import.TipoArredondamento<>\"TransfereGOV\",\n              ROUND(OFFSET($P27,0,AX$13),15-13*ORÇAMENTO!$AF$7)/$H27*OFFSET(ORÇAMENTO!$X$15,ROW(AX27)-ROW(AX$15),0),\n              ROUND(ROUND(OFFSET($P27,0,AX$13),15-13*ORÇAMENTO!$AF$7)*OFFSET(ORÇAMENTO!$W$15,ROW(AX27)-ROW(AX$15),0),15-13*ORÇAMENTO!$AF$11)),\n         0)","v":0},{"$f":"IF(AND($D27=\"Serviço\",AY$12<>0,$H27>0,OR(AUTOEVENTO<>\"manual\",$M27<>$A$15)),\n        IF(Import.TipoArredondamento<>\"TransfereGOV\",\n              ROUND(OFFSET($P27,0,AY$13),15-13*ORÇAMENTO!$AF$7)/$H27*OFFSET(ORÇAMENTO!$X$15,ROW(AY27)-ROW(AY$15),0),\n              ROUND(ROUND(OFFSET($P27,0,AY$13),15-13*ORÇAMENTO!$AF$7)*OFFSET(ORÇAMENTO!$W$15,ROW(AY27)-ROW(AY$15),0),15-13*ORÇAMENTO!$AF$11)),\n         0)","v":0},{"$f":"IF(AND($D27=\"Serviço\",AZ$12<>0,$H27>0,OR(AUTOEVENTO<>\"manual\",$M27<>$A$15)),\n        IF(Import.TipoArredondamento<>\"TransfereGOV\",\n              ROUND(OFFSET($P27,0,AZ$13),15-13*ORÇAMENTO!$AF$7)/$H27*OFFSET(ORÇAMENTO!$X$15,ROW(AZ27)-ROW(AZ$15),0),\n              ROUND(ROUND(OFFSET($P27,0,AZ$13),15-13*ORÇAMENTO!$AF$7)*OFFSET(ORÇAMENTO!$W$15,ROW(AZ27)-ROW(AZ$15),0),15-13*ORÇAMENTO!$AF$11)),\n         0)","v":0},{"$f":"IF(AND($D27=\"Serviço\",BA$12<>0,$H27>0,OR(AUTOEVENTO<>\"manual\",$M27<>$A$15)),\n        IF(Import.TipoArredondamento<>\"TransfereGOV\",\n              ROUND(OFFSET($P27,0,BA$13),15-13*ORÇAMENTO!$AF$7)/$H27*OFFSET(ORÇAMENTO!$X$15,ROW(BA27)-ROW(BA$15),0),\n              ROUND(ROUND(OFFSET($P27,0,BA$13),15-13*ORÇAMENTO!$AF$7)*OFFSET(ORÇAMENTO!$W$15,ROW(BA27)-ROW(BA$15),0),15-13*ORÇAMENTO!$AF$11)),\n         0)","v":0},null,{"$f":"IF(OR($D27<>\"Serviço\",AND(AUTOEVENTO=\"Manual\",$M27=$A$15)),0,\n         IF(OFFSET(CRONOPLE!$F$15,$M27-$A$15,BC$13)=\"\",10^12,OFFSET(CRONOPLE!$F$15,$M27-$A$15,BC$13)))","v":1},{"$f":"IF(OR($D27<>\"Serviço\",AND(AUTOEVENTO=\"Manual\",$M27=$A$15)),0,\n         IF(OFFSET(CRONOPLE!$F$15,$M27-$A$15,BD$13)=\"\",10^12,OFFSET(CRONOPLE!$F$15,$M27-$A$15,BD$13)))","v":1000000000000},{"$f":"IF(OR($D27<>\"Serviço\",AND(AUTOEVENTO=\"Manual\",$M27=$A$15)),0,\n         IF(OFFSET(CRONOPLE!$F$15,$M27-$A$15,BE$13)=\"\",10^12,OFFSET(CRONOPLE!$F$15,$M27-$A$15,BE$13)))","v":1000000000000},{"$f":"IF(OR($D27<>\"Serviço\",AND(AUTOEVENTO=\"Manual\",$M27=$A$15)),0,\n         IF(OFFSET(CRONOPLE!$F$15,$M27-$A$15,BF$13)=\"\",10^12,OFFSET(CRONOPLE!$F$15,$M27-$A$15,BF$13)))","v":1000000000000},{"$f":"IF(OR($D27<>\"Serviço\",AND(AUTOEVENTO=\"Manual\",$M27=$A$15)),0,\n         IF(OFFSET(CRONOPLE!$F$15,$M27-$A$15,BG$13)=\"\",10^12,OFFSET(CRONOPLE!$F$15,$M27-$A$15,BG$13)))","v":1000000000000},{"$f":"IF(OR($D27<>\"Serviço\",AND(AUTOEVENTO=\"Manual\",$M27=$A$15)),0,\n         IF(OFFSET(CRONOPLE!$F$15,$M27-$A$15,BH$13)=\"\",10^12,OFFSET(CRONOPLE!$F$15,$M27-$A$15,BH$13)))","v":1000000000000},{"$f":"IF(OR($D27<>\"Serviço\",AND(AUTOEVENTO=\"Manual\",$M27=$A$15)),0,\n         IF(OFFSET(CRONOPLE!$F$15,$M27-$A$15,BI$13)=\"\",10^12,OFFSET(CRONOPLE!$F$15,$M27-$A$15,BI$13)))","v":1000000000000},{"$f":"IF(OR($D27<>\"Serviço\",AND(AUTOEVENTO=\"Manual\",$M27=$A$15)),0,\n         IF(OFFSET(CRONOPLE!$F$15,$M27-$A$15,BJ$13)=\"\",10^12,OFFSET(CRONOPLE!$F$15,$M27-$A$15,BJ$13)))","v":1000000000000},{"$f":"IF(OR($D27<>\"Serviço\",AND(AUTOEVENTO=\"Manual\",$M27=$A$15)),0,\n         IF(OFFSET(CRONOPLE!$F$15,$M27-$A$15,BK$13)=\"\",10^12,OFFSET(CRONOPLE!$F$15,$M27-$A$15,BK$13)))","v":1000000000000},{"$f":"IF(OR($D27<>\"Serviço\",AND(AUTOEVENTO=\"Manual\",$M27=$A$15)),0,\n         IF(OFFSET(CRONOPLE!$F$15,$M27-$A$15,BL$13)=\"\",10^12,OFFSET(CRONOPLE!$F$15,$M27-$A$15,BL$13)))","v":1000000000000},{"$f":"IF(OR($D27<>\"Serviço\",AND(AUTOEVENTO=\"Manual\",$M27=$A$15)),0,\n         IF(OFFSET(CRONOPLE!$F$15,$M27-$A$15,BM$13)=\"\",10^12,OFFSET(CRONOPLE!$F$15,$M27-$A$15,BM$13)))","v":1000000000000},{"$f":"IF(OR($D27<>\"Serviço\",AND(AUTOEVENTO=\"Manual\",$M27=$A$15)),0,\n         IF(OFFSET(CRONOPLE!$F$15,$M27-$A$15,BN$13)=\"\",10^12,OFFSET(CRONOPLE!$F$15,$M27-$A$15,BN$13)))","v":1000000000000},{"$f":"IF(OR($D27<>\"Serviço\",AND(AUTOEVENTO=\"Manual\",$M27=$A$15)),0,\n         IF(OFFSET(CRONOPLE!$F$15,$M27-$A$15,BO$13)=\"\",10^12,OFFSET(CRONOPLE!$F$15,$M27-$A$15,BO$13)))","v":1000000000000},{"$f":"IF(OR($D27<>\"Serviço\",AND(AUTOEVENTO=\"Manual\",$M27=$A$15)),0,\n         IF(OFFSET(CRONOPLE!$F$15,$M27-$A$15,BP$13)=\"\",10^12,OFFSET(CRONOPLE!$F$15,$M27-$A$15,BP$13)))","v":1000000000000},{"$f":"IF(OR($D27<>\"Serviço\",AND(AUTOEVENTO=\"Manual\",$M27=$A$15)),0,\n         IF(OFFSET(CRONOPLE!$F$15,$M27-$A$15,BQ$13)=\"\",10^12,OFFSET(CRONOPLE!$F$15,$M27-$A$15,BQ$13)))","v":1000000000000},{"$f":"IF(OR($D27<>\"Serviço\",AND(AUTOEVENTO=\"Manual\",$M27=$A$15)),0,\n         IF(OFFSET(CRONOPLE!$F$15,$M27-$A$15,BR$13)=\"\",10^12,OFFSET(CRONOPLE!$F$15,$M27-$A$15,BR$13)))","v":1000000000000},{"$f":"IF(OR($D27<>\"Serviço\",AND(AUTOEVENTO=\"Manual\",$M27=$A$15)),0,\n         IF(OFFSET(CRONOPLE!$F$15,$M27-$A$15,BS$13)=\"\",10^12,OFFSET(CRONOPLE!$F$15,$M27-$A$15,BS$13)))","v":1000000000000},{"$f":"IF(OR($D27<>\"Serviço\",AND(AUTOEVENTO=\"Manual\",$M27=$A$15)),0,\n         IF(OFFSET(CRONOPLE!$F$15,$M27-$A$15,BT$13)=\"\",10^12,OFFSET(CRONOPLE!$F$15,$M27-$A$15,BT$13)))","v":1000000000000},null,{"$f":"IF(OR($D27<>\"Serviço\",AND(AUTOEVENTO=\"Manual\",$M27=$A$15),$M27>(ROW(PLE.lastrow)-ROW(PLE.firstrow))),0,\n           IF(OFFSET(PLE!$G$15,$M27-$A$15,BV$13)=\"\",10^12,OFFSET(PLE!$G$15,$M27-$A$15,BV$13)))","v":1000000000000},{"$f":"IF(OR($D27<>\"Serviço\",AND(AUTOEVENTO=\"Manual\",$M27=$A$15),$M27>(ROW(PLE.lastrow)-ROW(PLE.firstrow))),0,\n           IF(OFFSET(PLE!$G$15,$M27-$A$15,BW$13)=\"\",10^12,OFFSET(PLE!$G$15,$M27-$A$15,BW$13)))","v":1000000000000},{"$f":"IF(OR($D27<>\"Serviço\",AND(AUTOEVENTO=\"Manual\",$M27=$A$15),$M27>(ROW(PLE.lastrow)-ROW(PLE.firstrow))),0,\n           IF(OFFSET(PLE!$G$15,$M27-$A$15,BX$13)=\"\",10^12,OFFSET(PLE!$G$15,$M27-$A$15,BX$13)))","v":1000000000000},{"$f":"IF(OR($D27<>\"Serviço\",AND(AUTOEVENTO=\"Manual\",$M27=$A$15),$M27>(ROW(PLE.lastrow)-ROW(PLE.firstrow))),0,\n           IF(OFFSET(PLE!$G$15,$M27-$A$15,BY$13)=\"\",10^12,OFFSET(PLE!$G$15,$M27-$A$15,BY$13)))","v":1000000000000},{"$f":"IF(OR($D27<>\"Serviço\",AND(AUTOEVENTO=\"Manual\",$M27=$A$15),$M27>(ROW(PLE.lastrow)-ROW(PLE.firstrow))),0,\n           IF(OFFSET(PLE!$G$15,$M27-$A$15,BZ$13)=\"\",10^12,OFFSET(PLE!$G$15,$M27-$A$15,BZ$13)))","v":1000000000000},{"$f":"IF(OR($D27<>\"Serviço\",AND(AUTOEVENTO=\"Manual\",$M27=$A$15),$M27>(ROW(PLE.lastrow)-ROW(PLE.firstrow))),0,\n           IF(OFFSET(PLE!$G$15,$M27-$A$15,CA$13)=\"\",10^12,OFFSET(PLE!$G$15,$M27-$A$15,CA$13)))","v":1000000000000},{"$f":"IF(OR($D27<>\"Serviço\",AND(AUTOEVENTO=\"Manual\",$M27=$A$15),$M27>(ROW(PLE.lastrow)-ROW(PLE.firstrow))),0,\n           IF(OFFSET(PLE!$G$15,$M27-$A$15,CB$13)=\"\",10^12,OFFSET(PLE!$G$15,$M27-$A$15,CB$13)))","v":1000000000000},{"$f":"IF(OR($D27<>\"Serviço\",AND(AUTOEVENTO=\"Manual\",$M27=$A$15),$M27>(ROW(PLE.lastrow)-ROW(PLE.firstrow))),0,\n           IF(OFFSET(PLE!$G$15,$M27-$A$15,CC$13)=\"\",10^12,OFFSET(PLE!$G$15,$M27-$A$15,CC$13)))","v":1000000000000},{"$f":"IF(OR($D27<>\"Serviço\",AND(AUTOEVENTO=\"Manual\",$M27=$A$15),$M27>(ROW(PLE.lastrow)-ROW(PLE.firstrow))),0,\n           IF(OFFSET(PLE!$G$15,$M27-$A$15,CD$13)=\"\",10^12,OFFSET(PLE!$G$15,$M27-$A$15,CD$13)))","v":1000000000000},{"$f":"IF(OR($D27<>\"Serviço\",AND(AUTOEVENTO=\"Manual\",$M27=$A$15),$M27>(ROW(PLE.lastrow)-ROW(PLE.firstrow))),0,\n           IF(OFFSET(PLE!$G$15,$M27-$A$15,CE$13)=\"\",10^12,OFFSET(PLE!$G$15,$M27-$A$15,CE$13)))","v":1000000000000},{"$f":"IF(OR($D27<>\"Serviço\",AND(AUTOEVENTO=\"Manual\",$M27=$A$15),$M27>(ROW(PLE.lastrow)-ROW(PLE.firstrow))),0,\n           IF(OFFSET(PLE!$G$15,$M27-$A$15,CF$13)=\"\",10^12,OFFSET(PLE!$G$15,$M27-$A$15,CF$13)))","v":1000000000000},{"$f":"IF(OR($D27<>\"Serviço\",AND(AUTOEVENTO=\"Manual\",$M27=$A$15),$M27>(ROW(PLE.lastrow)-ROW(PLE.firstrow))),0,\n           IF(OFFSET(PLE!$G$15,$M27-$A$15,CG$13)=\"\",10^12,OFFSET(PLE!$G$15,$M27-$A$15,CG$13)))","v":1000000000000},{"$f":"IF(OR($D27<>\"Serviço\",AND(AUTOEVENTO=\"Manual\",$M27=$A$15),$M27>(ROW(PLE.lastrow)-ROW(PLE.firstrow))),0,\n           IF(OFFSET(PLE!$G$15,$M27-$A$15,CH$13)=\"\",10^12,OFFSET(PLE!$G$15,$M27-$A$15,CH$13)))","v":1000000000000},{"$f":"IF(OR($D27<>\"Serviço\",AND(AUTOEVENTO=\"Manual\",$M27=$A$15),$M27>(ROW(PLE.lastrow)-ROW(PLE.firstrow))),0,\n           IF(OFFSET(PLE!$G$15,$M27-$A$15,CI$13)=\"\",10^12,OFFSET(PLE!$G$15,$M27-$A$15,CI$13)))","v":1000000000000},{"$f":"IF(OR($D27<>\"Serviço\",AND(AUTOEVENTO=\"Manual\",$M27=$A$15),$M27>(ROW(PLE.lastrow)-ROW(PLE.firstrow))),0,\n           IF(OFFSET(PLE!$G$15,$M27-$A$15,CJ$13)=\"\",10^12,OFFSET(PLE!$G$15,$M27-$A$15,CJ$13)))","v":1000000000000},{"$f":"IF(OR($D27<>\"Serviço\",AND(AUTOEVENTO=\"Manual\",$M27=$A$15),$M27>(ROW(PLE.lastrow)-ROW(PLE.firstrow))),0,\n           IF(OFFSET(PLE!$G$15,$M27-$A$15,CK$13)=\"\",10^12,OFFSET(PLE!$G$15,$M27-$A$15,CK$13)))","v":1000000000000},{"$f":"IF(OR($D27<>\"Serviço\",AND(AUTOEVENTO=\"Manual\",$M27=$A$15),$M27>(ROW(PLE.lastrow)-ROW(PLE.firstrow))),0,\n           IF(OFFSET(PLE!$G$15,$M27-$A$15,CL$13)=\"\",10^12,OFFSET(PLE!$G$15,$M27-$A$15,CL$13)))","v":1000000000000},{"$f":"IF(OR($D27<>\"Serviço\",AND(AUTOEVENTO=\"Manual\",$M27=$A$15),$M27>(ROW(PLE.lastrow)-ROW(PLE.firstrow))),0,\n           IF(OFFSET(PLE!$G$15,$M27-$A$15,CM$13)=\"\",10^12,OFFSET(PLE!$G$15,$M27-$A$15,CM$13)))","v":1000000000000}]
[2,{"$f":"OFFSET(ORÇAMENTO!C$15,ROW(B28)-ROW(B$15),0)","v":"S"},{"$f":"OFFSET(ORÇAMENTO!L$15,ROW(C28)-ROW(C$15),0)","v":"F"},{"$f":"OFFSET(ORÇAMENTO!N$15,ROW(D28)-ROW(D$15),0)","v":"Serviço"},{"$f":"OFFSET(ORÇAMENTO!O$15,ROW(E28)-ROW(E$15),0)","v":"1.2.4."},{"$f":"OFFSET(ORÇAMENTO!R$15,ROW(F28)-ROW(F$15),0)","v":"ESCAVAÇÃO MECANIZADA DE VALA COM PROF. DE 3,0 M ATÉ 4,5 M(MÉDIA MONTANTE E JUSANTE/UMA COMPOSIÇÃO POR TRECHO), ESCAVADEIRA (1,2 M3), LARG. DE 1,5 M A 2,5 M, EM SOLO DE 1A CATEGORIA, EM LOCAIS COM ALTO NÍVEL DE INTERFERÊNCIA. AF_09/2024"},{"$f":"IF($D28<>\"Serviço\",\"\",OFFSET(ORÇAMENTO!S$15,ROW(G28)-ROW(G$15),0))","v":"M3"},{"$f":"IF($D28<>\"Serviço\",0,IF(ACOMPANHAMENTO=\"BM\",ROUND(OFFSET(ORÇAMENTO!AJ$15,ROW(H28)-ROW(H$15),0),15-13*ORÇAMENTO!$AF$7),SUMPRODUCT(($Q$1:$AI$1=1)*ROUND($Q28:$AI28,15-13*ORÇAMENTO!$AF$7))))","v":1703.77},null,{"$f":"IF(B28<>\"S\",\"\",IF(AND(ACOMPANHAMENTO=\"PLE\",AUTOEVENTO=\"Manual\",OR(H28>0,ORÇAMENTO!AC28=\"QUANT.\"),OR(K28=\"\",M28=0,N28=\"\")),\"►\",IF(AND(ACOMPANHAMENTO=\"PLE\",ORÇAMENTO!AC28=\"QUANT.\"),\"►►\",IF(AND(COUNTIF($P$11:$AI$11,\"▼\")=0,H28>0,I28=\"\"),\"◄\",\"\"))))","v":"◄"},"2. DRENAGEM DE ÁGUAS PLUVIAIS",".",{"$f":"IF($D28<>\"Serviço\",\"\",\n          IF(AUTOEVENTO=\"manual\",$A28,\n                IF(ISERROR(MATCH($A28,$A$15:OFFSET($A28,-1,0),0)),MAX($M$15:OFFSET(M28,-1,0))+1,\n                      INDEX($M$15:OFFSET(M28,-1,0),MATCH($A28,$A$15:OFFSET($A28,-1,0),0)))))","v":2},{"$f":"IF($D28<>\"Serviço\",\"\",\n         IF(AUTOEVENTO=\"Manual\",\n                IF($A28=0,\"<-- defina o número do agrupador\",\n                       OFFSET(EVENTOS!$D$15,$A28-$A$15,0)),\n                OFFSET($F$15,$A28,0)))","v":"DRENAGEM DE ÁGUAS PLUVIAIS"},null,null,1708.0175894024185,null,null,null,null,null,null,null,null,null,null,null,null,null,null,null,null,null,null,{"$f":"IF(AND($D28=\"Serviço\",AJ$12<>0,$H28>0,OR(AUTOEVENTO<>\"manual\",$M28<>$A$15)),\n        IF(Import.TipoArredondamento<>\"TransfereGOV\",\n              ROUND(OFFSET($P28,0,AJ$13),15-13*ORÇAMENTO!$AF$7)/$H28*OFFSET(ORÇAMENTO!$X$15,ROW(AJ28)-ROW(AJ$15),0),\n              ROUND(ROUND(OFFSET($P28,0,AJ$13),15-13*ORÇAMENTO!$AF$7)*OFFSET(ORÇAMENTO!$W$15,ROW(AJ28)-ROW(AJ$15),0),15-13*ORÇAMENTO!$AF$11)),\n         0)","v":0},{"$f":"IF(AND($D28=\"Serviço\",AK$12<>0,$H28>0,OR(AUTOEVENTO<>\"manual\",$M28<>$A$15)),\n        IF(Import.TipoArredondamento<>\"TransfereGOV\",\n              ROUND(OFFSET($P28,0,AK$13),15-13*ORÇAMENTO!$AF$7)/$H28*OFFSET(ORÇAMENTO!$X$15,ROW(AK28)-ROW(AK$15),0),\n              ROUND(ROUND(OFFSET($P28,0,AK$13),15-13*ORÇAMENTO!$AF$7)*OFFSET(ORÇAMENTO!$W$15,ROW(AK28)-ROW(AK$15),0),15-13*ORÇAMENTO!$AF$11)),\n         0)","v":0},{"$f":"IF(AND($D28=\"Serviço\",AL$12<>0,$H28>0,OR(AUTOEVENTO<>\"manual\",$M28<>$A$15)),\n        IF(Import.TipoArredondamento<>\"TransfereGOV\",\n              ROUND(OFFSET($P28,0,AL$13),15-13*ORÇAMENTO!$AF$7)/$H28*OFFSET(ORÇAMENTO!$X$15,ROW(AL28)-ROW(AL$15),0),\n              ROUND(ROUND(OFFSET($P28,0,AL$13),15-13*ORÇAMENTO!$AF$7)*OFFSET(ORÇAMENTO!$W$15,ROW(AL28)-ROW(AL$15),0),15-13*ORÇAMENTO!$AF$11)),\n         0)","v":0},{"$f":"IF(AND($D28=\"Serviço\",AM$12<>0,$H28>0,OR(AUTOEVENTO<>\"manual\",$M28<>$A$15)),\n        IF(Import.TipoArredondamento<>\"TransfereGOV\",\n              ROUND(OFFSET($P28,0,AM$13),15-13*ORÇAMENTO!$AF$7)/$H28*OFFSET(ORÇAMENTO!$X$15,ROW(AM28)-ROW(AM$15),0),\n              ROUND(ROUND(OFFSET($P28,0,AM$13),15-13*ORÇAMENTO!$AF$7)*OFFSET(ORÇAMENTO!$W$15,ROW(AM28)-ROW(AM$15),0),15-13*ORÇAMENTO!$AF$11)),\n         0)","v":0},{"$f":"IF(AND($D28=\"Serviço\",AN$12<>0,$H28>0,OR(AUTOEVENTO<>\"manual\",$M28<>$A$15)),\n        IF(Import.TipoArredondamento<>\"TransfereGOV\",\n              ROUND(OFFSET($P28,0,AN$13),15-13*ORÇAMENTO!$AF$7)/$H28*OFFSET(ORÇAMENTO!$X$15,ROW(AN28)-ROW(AN$15),0),\n              ROUND(ROUND(OFFSET($P28,0,AN$13),15-13*ORÇAMENTO!$AF$7)*OFFSET(ORÇAMENTO!$W$15,ROW(AN28)-ROW(AN$15),0),15-13*ORÇAMENTO!$AF$11)),\n         0)","v":0},{"$f":"IF(AND($D28=\"Serviço\",AO$12<>0,$H28>0,OR(AUTOEVENTO<>\"manual\",$M28<>$A$15)),\n        IF(Import.TipoArredondamento<>\"TransfereGOV\",\n              ROUND(OFFSET($P28,0,AO$13),15-13*ORÇAMENTO!$AF$7)/$H28*OFFSET(ORÇAMENTO!$X$15,ROW(AO28)-ROW(AO$15),0),\n              ROUND(ROUND(OFFSET($P28,0,AO$13),15-13*ORÇAMENTO!$AF$7)*OFFSET(ORÇAMENTO!$W$15,ROW(AO28)-ROW(AO$15),0),15-13*ORÇAMENTO!$AF$11)),\n         0)","v":0},{"$f":"IF(AND($D28=\"Serviço\",AP$12<>0,$H28>0,OR(AUTOEVENTO<>\"manual\",$M28<>$A$15)),\n        IF(Import.TipoArredondamento<>\"TransfereGOV\",\n              ROUND(OFFSET($P28,0,AP$13),15-13*ORÇAMENTO!$AF$7)/$H28*OFFSET(ORÇAMENTO!$X$15,ROW(AP28)-ROW(AP$15),0),\n              ROUND(ROUND(OFFSET($P28,0,AP$13),15-13*ORÇAMENTO!$AF$7)*OFFSET(ORÇAMENTO!$W$15,ROW(AP28)-ROW(AP$15),0),15-13*ORÇAMENTO!$AF$11)),\n         0)","v":0},{"$f":"IF(AND($D28=\"Serviço\",AQ$12<>0,$H28>0,OR(AUTOEVENTO<>\"manual\",$M28<>$A$15)),\n        IF(Import.TipoArredondamento<>\"TransfereGOV\",\n              ROUND(OFFSET($P28,0,AQ$13),15-13*ORÇAMENTO!$AF$7)/$H28*OFFSET(ORÇAMENTO!$X$15,ROW(AQ28)-ROW(AQ$15),0),\n              ROUND(ROUND(OFFSET($P28,0,AQ$13),15-13*ORÇAMENTO!$AF$7)*OFFSET(ORÇAMENTO!$W$15,ROW(AQ28)-ROW(AQ$15),0),15-13*ORÇAMENTO!$AF$11)),\n         0)","v":0},{"$f":"IF(AND($D28=\"Serviço\",AR$12<>0,$H28>0,OR(AUTOEVENTO<>\"manual\",$M28<>$A$15)),\n        IF(Import.TipoArredondamento<>\"TransfereGOV\",\n              ROUND(OFFSET($P28,0,AR$13),15-13*ORÇAMENTO!$AF$7)/$H28*OFFSET(ORÇAMENTO!$X$15,ROW(AR28)-ROW(AR$15),0),\n              ROUND(ROUND(OFFSET($P28,0,AR$13),15-13*ORÇAMENTO!$AF$7)*OFFSET(ORÇAMENTO!$W$15,ROW(AR28)-ROW(AR$15),0),15-13*ORÇAMENTO!$AF$11)),\n         0)","v":0},{"$f":"IF(AND($D28=\"Serviço\",AS$12<>0,$H28>0,OR(AUTOEVENTO<>\"manual\",$M28<>$A$15)),\n        IF(Import.TipoArredondamento<>\"TransfereGOV\",\n              ROUND(OFFSET($P28,0,AS$13),15-13*ORÇAMENTO!$AF$7)/$H28*OFFSET(ORÇAMENTO!$X$15,ROW(AS28)-ROW(AS$15),0),\n              ROUND(ROUND(OFFSET($P28,0,AS$13),15-13*ORÇAMENTO!$AF$7)*OFFSET(ORÇAMENTO!$W$15,ROW(AS28)-ROW(AS$15),0),15-13*ORÇAMENTO!$AF$11)),\n         0)","v":0},{"$f":"IF(AND($D28=\"Serviço\",AT$12<>0,$H28>0,OR(AUTOEVENTO<>\"manual\",$M28<>$A$15)),\n        IF(Import.TipoArredondamento<>\"TransfereGOV\",\n              ROUND(OFFSET($P28,0,AT$13),15-13*ORÇAMENTO!$AF$7)/$H28*OFFSET(ORÇAMENTO!$X$15,ROW(AT28)-ROW(AT$15),0),\n              ROUND(ROUND(OFFSET($P28,0,AT$13),15-13*ORÇAMENTO!$AF$7)*OFFSET(ORÇAMENTO!$W$15,ROW(AT28)-ROW(AT$15),0),15-13*ORÇAMENTO!$AF$11)),\n         0)","v":0},{"$f":"IF(AND($D28=\"Serviço\",AU$12<>0,$H28>0,OR(AUTOEVENTO<>\"manual\",$M28<>$A$15)),\n        IF(Import.TipoArredondamento<>\"TransfereGOV\",\n              ROUND(OFFSET($P28,0,AU$13),15-13*ORÇAMENTO!$AF$7)/$H28*OFFSET(ORÇAMENTO!$X$15,ROW(AU28)-ROW(AU$15),0),\n              ROUND(ROUND(OFFSET($P28,0,AU$13),15-13*ORÇAMENTO!$AF$7)*OFFSET(ORÇAMENTO!$W$15,ROW(AU28)-ROW(AU$15),0),15-13*ORÇAMENTO!$AF$11)),\n         0)","v":0},{"$f":"IF(AND($D28=\"Serviço\",AV$12<>0,$H28>0,OR(AUTOEVENTO<>\"manual\",$M28<>$A$15)),\n        IF(Import.TipoArredondamento<>\"TransfereGOV\",\n              ROUND(OFFSET($P28,0,AV$13),15-13*ORÇAMENTO!$AF$7)/$H28*OFFSET(ORÇAMENTO!$X$15,ROW(AV28)-ROW(AV$15),0),\n              ROUND(ROUND(OFFSET($P28,0,AV$13),15-13*ORÇAMENTO!$AF$7)*OFFSET(ORÇAMENTO!$W$15,ROW(AV28)-ROW(AV$15),0),15-13*ORÇAMENTO!$AF$11)),\n         0)","v":0},{"$f":"IF(AND($D28=\"Serviço\",AW$12<>0,$H28>0,OR(AUTOEVENTO<>\"manual\",$M28<>$A$15)),\n        IF(Import.TipoArredondamento<>\"TransfereGOV\",\n              ROUND(OFFSET($P28,0,AW$13),15-13*ORÇAMENTO!$AF$7)/$H28*OFFSET(ORÇAMENTO!$X$15,ROW(AW28)-ROW(AW$15),0),\n              ROUND(ROUND(OFFSET($P28,0,AW$13),15-13*ORÇAMENTO!$AF$7)*OFFSET(ORÇAMENTO!$W$15,ROW(AW28)-ROW(AW$15),0),15-13*ORÇAMENTO!$AF$11)),\n         0)","v":0},{"$f":"IF(AND($D28=\"Serviço\",AX$12<>0,$H28>0,OR(AUTOEVENTO<>\"manual\",$M28<>$A$15)),\n        IF(Import.TipoArredondamento<>\"TransfereGOV\",\n              ROUND(OFFSET($P28,0,AX$13),15-13*ORÇAMENTO!$AF$7)/$H28*OFFSET(ORÇAMENTO!$X$15,ROW(AX28)-ROW(AX$15),0),\n              ROUND(ROUND(OFFSET($P28,0,AX$13),15-13*ORÇAMENTO!$AF$7)*OFFSET(ORÇAMENTO!$W$15,ROW(AX28)-ROW(AX$15),0),15-13*ORÇAMENTO!$AF$11)),\n         0)","v":0},{"$f":"IF(AND($D28=\"Serviço\",AY$12<>0,$H28>0,OR(AUTOEVENTO<>\"manual\",$M28<>$A$15)),\n        IF(Import.TipoArredondamento<>\"TransfereGOV\",\n              ROUND(OFFSET($P28,0,AY$13),15-13*ORÇAMENTO!$AF$7)/$H28*OFFSET(ORÇAMENTO!$X$15,ROW(AY28)-ROW(AY$15),0),\n              ROUND(ROUND(OFFSET($P28,0,AY$13),15-13*ORÇAMENTO!$AF$7)*OFFSET(ORÇAMENTO!$W$15,ROW(AY28)-ROW(AY$15),0),15-13*ORÇAMENTO!$AF$11)),\n         0)","v":0},{"$f":"IF(AND($D28=\"Serviço\",AZ$12<>0,$H28>0,OR(AUTOEVENTO<>\"manual\",$M28<>$A$15)),\n        IF(Import.TipoArredondamento<>\"TransfereGOV\",\n              ROUND(OFFSET($P28,0,AZ$13),15-13*ORÇAMENTO!$AF$7)/$H28*OFFSET(ORÇAMENTO!$X$15,ROW(AZ28)-ROW(AZ$15),0),\n              ROUND(ROUND(OFFSET($P28,0,AZ$13),15-13*ORÇAMENTO!$AF$7)*OFFSET(ORÇAMENTO!$W$15,ROW(AZ28)-ROW(AZ$15),0),15-13*ORÇAMENTO!$AF$11)),\n         0)","v":0},{"$f":"IF(AND($D28=\"Serviço\",BA$12<>0,$H28>0,OR(AUTOEVENTO<>\"manual\",$M28<>$A$15)),\n        IF(Import.TipoArredondamento<>\"TransfereGOV\",\n              ROUND(OFFSET($P28,0,BA$13),15-13*ORÇAMENTO!$AF$7)/$H28*OFFSET(ORÇAMENTO!$X$15,ROW(BA28)-ROW(BA$15),0),\n              ROUND(ROUND(OFFSET($P28,0,BA$13),15-13*ORÇAMENTO!$AF$7)*OFFSET(ORÇAMENTO!$W$15,ROW(BA28)-ROW(BA$15),0),15-13*ORÇAMENTO!$AF$11)),\n         0)","v":0},null,{"$f":"IF(OR($D28<>\"Serviço\",AND(AUTOEVENTO=\"Manual\",$M28=$A$15)),0,\n         IF(OFFSET(CRONOPLE!$F$15,$M28-$A$15,BC$13)=\"\",10^12,OFFSET(CRONOPLE!$F$15,$M28-$A$15,BC$13)))","v":1},{"$f":"IF(OR($D28<>\"Serviço\",AND(AUTOEVENTO=\"Manual\",$M28=$A$15)),0,\n         IF(OFFSET(CRONOPLE!$F$15,$M28-$A$15,BD$13)=\"\",10^12,OFFSET(CRONOPLE!$F$15,$M28-$A$15,BD$13)))","v":1000000000000},{"$f":"IF(OR($D28<>\"Serviço\",AND(AUTOEVENTO=\"Manual\",$M28=$A$15)),0,\n         IF(OFFSET(CRONOPLE!$F$15,$M28-$A$15,BE$13)=\"\",10^12,OFFSET(CRONOPLE!$F$15,$M28-$A$15,BE$13)))","v":1000000000000},{"$f":"IF(OR($D28<>\"Serviço\",AND(AUTOEVENTO=\"Manual\",$M28=$A$15)),0,\n         IF(OFFSET(CRONOPLE!$F$15,$M28-$A$15,BF$13)=\"\",10^12,OFFSET(CRONOPLE!$F$15,$M28-$A$15,BF$13)))","v":1000000000000},{"$f":"IF(OR($D28<>\"Serviço\",AND(AUTOEVENTO=\"Manual\",$M28=$A$15)),0,\n         IF(OFFSET(CRONOPLE!$F$15,$M28-$A$15,BG$13)=\"\",10^12,OFFSET(CRONOPLE!$F$15,$M28-$A$15,BG$13)))","v":1000000000000},{"$f":"IF(OR($D28<>\"Serviço\",AND(AUTOEVENTO=\"Manual\",$M28=$A$15)),0,\n         IF(OFFSET(CRONOPLE!$F$15,$M28-$A$15,BH$13)=\"\",10^12,OFFSET(CRONOPLE!$F$15,$M28-$A$15,BH$13)))","v":1000000000000},{"$f":"IF(OR($D28<>\"Serviço\",AND(AUTOEVENTO=\"Manual\",$M28=$A$15)),0,\n         IF(OFFSET(CRONOPLE!$F$15,$M28-$A$15,BI$13)=\"\",10^12,OFFSET(CRONOPLE!$F$15,$M28-$A$15,BI$13)))","v":1000000000000},{"$f":"IF(OR($D28<>\"Serviço\",AND(AUTOEVENTO=\"Manual\",$M28=$A$15)),0,\n         IF(OFFSET(CRONOPLE!$F$15,$M28-$A$15,BJ$13)=\"\",10^12,OFFSET(CRONOPLE!$F$15,$M28-$A$15,BJ$13)))","v":1000000000000},{"$f":"IF(OR($D28<>\"Serviço\",AND(AUTOEVENTO=\"Manual\",$M28=$A$15)),0,\n         IF(OFFSET(CRONOPLE!$F$15,$M28-$A$15,BK$13)=\"\",10^12,OFFSET(CRONOPLE!$F$15,$M28-$A$15,BK$13)))","v":1000000000000},{"$f":"IF(OR($D28<>\"Serviço\",AND(AUTOEVENTO=\"Manual\",$M28=$A$15)),0,\n         IF(OFFSET(CRONOPLE!$F$15,$M28-$A$15,BL$13)=\"\",10^12,OFFSET(CRONOPLE!$F$15,$M28-$A$15,BL$13)))","v":1000000000000},{"$f":"IF(OR($D28<>\"Serviço\",AND(AUTOEVENTO=\"Manual\",$M28=$A$15)),0,\n         IF(OFFSET(CRONOPLE!$F$15,$M28-$A$15,BM$13)=\"\",10^12,OFFSET(CRONOPLE!$F$15,$M28-$A$15,BM$13)))","v":1000000000000},{"$f":"IF(OR($D28<>\"Serviço\",AND(AUTOEVENTO=\"Manual\",$M28=$A$15)),0,\n         IF(OFFSET(CRONOPLE!$F$15,$M28-$A$15,BN$13)=\"\",10^12,OFFSET(CRONOPLE!$F$15,$M28-$A$15,BN$13)))","v":1000000000000},{"$f":"IF(OR($D28<>\"Serviço\",AND(AUTOEVENTO=\"Manual\",$M28=$A$15)),0,\n         IF(OFFSET(CRONOPLE!$F$15,$M28-$A$15,BO$13)=\"\",10^12,OFFSET(CRONOPLE!$F$15,$M28-$A$15,BO$13)))","v":1000000000000},{"$f":"IF(OR($D28<>\"Serviço\",AND(AUTOEVENTO=\"Manual\",$M28=$A$15)),0,\n         IF(OFFSET(CRONOPLE!$F$15,$M28-$A$15,BP$13)=\"\",10^12,OFFSET(CRONOPLE!$F$15,$M28-$A$15,BP$13)))","v":1000000000000},{"$f":"IF(OR($D28<>\"Serviço\",AND(AUTOEVENTO=\"Manual\",$M28=$A$15)),0,\n         IF(OFFSET(CRONOPLE!$F$15,$M28-$A$15,BQ$13)=\"\",10^12,OFFSET(CRONOPLE!$F$15,$M28-$A$15,BQ$13)))","v":1000000000000},{"$f":"IF(OR($D28<>\"Serviço\",AND(AUTOEVENTO=\"Manual\",$M28=$A$15)),0,\n         IF(OFFSET(CRONOPLE!$F$15,$M28-$A$15,BR$13)=\"\",10^12,OFFSET(CRONOPLE!$F$15,$M28-$A$15,BR$13)))","v":1000000000000},{"$f":"IF(OR($D28<>\"Serviço\",AND(AUTOEVENTO=\"Manual\",$M28=$A$15)),0,\n         IF(OFFSET(CRONOPLE!$F$15,$M28-$A$15,BS$13)=\"\",10^12,OFFSET(CRONOPLE!$F$15,$M28-$A$15,BS$13)))","v":1000000000000},{"$f":"IF(OR($D28<>\"Serviço\",AND(AUTOEVENTO=\"Manual\",$M28=$A$15)),0,\n         IF(OFFSET(CRONOPLE!$F$15,$M28-$A$15,BT$13)=\"\",10^12,OFFSET(CRONOPLE!$F$15,$M28-$A$15,BT$13)))","v":1000000000000},null,{"$f":"IF(OR($D28<>\"Serviço\",AND(AUTOEVENTO=\"Manual\",$M28=$A$15),$M28>(ROW(PLE.lastrow)-ROW(PLE.firstrow))),0,\n           IF(OFFSET(PLE!$G$15,$M28-$A$15,BV$13)=\"\",10^12,OFFSET(PLE!$G$15,$M28-$A$15,BV$13)))","v":1000000000000},{"$f":"IF(OR($D28<>\"Serviço\",AND(AUTOEVENTO=\"Manual\",$M28=$A$15),$M28>(ROW(PLE.lastrow)-ROW(PLE.firstrow))),0,\n           IF(OFFSET(PLE!$G$15,$M28-$A$15,BW$13)=\"\",10^12,OFFSET(PLE!$G$15,$M28-$A$15,BW$13)))","v":1000000000000},{"$f":"IF(OR($D28<>\"Serviço\",AND(AUTOEVENTO=\"Manual\",$M28=$A$15),$M28>(ROW(PLE.lastrow)-ROW(PLE.firstrow))),0,\n           IF(OFFSET(PLE!$G$15,$M28-$A$15,BX$13)=\"\",10^12,OFFSET(PLE!$G$15,$M28-$A$15,BX$13)))","v":1000000000000},{"$f":"IF(OR($D28<>\"Serviço\",AND(AUTOEVENTO=\"Manual\",$M28=$A$15),$M28>(ROW(PLE.lastrow)-ROW(PLE.firstrow))),0,\n           IF(OFFSET(PLE!$G$15,$M28-$A$15,BY$13)=\"\",10^12,OFFSET(PLE!$G$15,$M28-$A$15,BY$13)))","v":1000000000000},{"$f":"IF(OR($D28<>\"Serviço\",AND(AUTOEVENTO=\"Manual\",$M28=$A$15),$M28>(ROW(PLE.lastrow)-ROW(PLE.firstrow))),0,\n           IF(OFFSET(PLE!$G$15,$M28-$A$15,BZ$13)=\"\",10^12,OFFSET(PLE!$G$15,$M28-$A$15,BZ$13)))","v":1000000000000},{"$f":"IF(OR($D28<>\"Serviço\",AND(AUTOEVENTO=\"Manual\",$M28=$A$15),$M28>(ROW(PLE.lastrow)-ROW(PLE.firstrow))),0,\n           IF(OFFSET(PLE!$G$15,$M28-$A$15,CA$13)=\"\",10^12,OFFSET(PLE!$G$15,$M28-$A$15,CA$13)))","v":1000000000000},{"$f":"IF(OR($D28<>\"Serviço\",AND(AUTOEVENTO=\"Manual\",$M28=$A$15),$M28>(ROW(PLE.lastrow)-ROW(PLE.firstrow))),0,\n           IF(OFFSET(PLE!$G$15,$M28-$A$15,CB$13)=\"\",10^12,OFFSET(PLE!$G$15,$M28-$A$15,CB$13)))","v":1000000000000},{"$f":"IF(OR($D28<>\"Serviço\",AND(AUTOEVENTO=\"Manual\",$M28=$A$15),$M28>(ROW(PLE.lastrow)-ROW(PLE.firstrow))),0,\n           IF(OFFSET(PLE!$G$15,$M28-$A$15,CC$13)=\"\",10^12,OFFSET(PLE!$G$15,$M28-$A$15,CC$13)))","v":1000000000000},{"$f":"IF(OR($D28<>\"Serviço\",AND(AUTOEVENTO=\"Manual\",$M28=$A$15),$M28>(ROW(PLE.lastrow)-ROW(PLE.firstrow))),0,\n           IF(OFFSET(PLE!$G$15,$M28-$A$15,CD$13)=\"\",10^12,OFFSET(PLE!$G$15,$M28-$A$15,CD$13)))","v":1000000000000},{"$f":"IF(OR($D28<>\"Serviço\",AND(AUTOEVENTO=\"Manual\",$M28=$A$15),$M28>(ROW(PLE.lastrow)-ROW(PLE.firstrow))),0,\n           IF(OFFSET(PLE!$G$15,$M28-$A$15,CE$13)=\"\",10^12,OFFSET(PLE!$G$15,$M28-$A$15,CE$13)))","v":1000000000000},{"$f":"IF(OR($D28<>\"Serviço\",AND(AUTOEVENTO=\"Manual\",$M28=$A$15),$M28>(ROW(PLE.lastrow)-ROW(PLE.firstrow))),0,\n           IF(OFFSET(PLE!$G$15,$M28-$A$15,CF$13)=\"\",10^12,OFFSET(PLE!$G$15,$M28-$A$15,CF$13)))","v":1000000000000},{"$f":"IF(OR($D28<>\"Serviço\",AND(AUTOEVENTO=\"Manual\",$M28=$A$15),$M28>(ROW(PLE.lastrow)-ROW(PLE.firstrow))),0,\n           IF(OFFSET(PLE!$G$15,$M28-$A$15,CG$13)=\"\",10^12,OFFSET(PLE!$G$15,$M28-$A$15,CG$13)))","v":1000000000000},{"$f":"IF(OR($D28<>\"Serviço\",AND(AUTOEVENTO=\"Manual\",$M28=$A$15),$M28>(ROW(PLE.lastrow)-ROW(PLE.firstrow))),0,\n           IF(OFFSET(PLE!$G$15,$M28-$A$15,CH$13)=\"\",10^12,OFFSET(PLE!$G$15,$M28-$A$15,CH$13)))","v":1000000000000},{"$f":"IF(OR($D28<>\"Serviço\",AND(AUTOEVENTO=\"Manual\",$M28=$A$15),$M28>(ROW(PLE.lastrow)-ROW(PLE.firstrow))),0,\n           IF(OFFSET(PLE!$G$15,$M28-$A$15,CI$13)=\"\",10^12,OFFSET(PLE!$G$15,$M28-$A$15,CI$13)))","v":1000000000000},{"$f":"IF(OR($D28<>\"Serviço\",AND(AUTOEVENTO=\"Manual\",$M28=$A$15),$M28>(ROW(PLE.lastrow)-ROW(PLE.firstrow))),0,\n           IF(OFFSET(PLE!$G$15,$M28-$A$15,CJ$13)=\"\",10^12,OFFSET(PLE!$G$15,$M28-$A$15,CJ$13)))","v":1000000000000},{"$f":"IF(OR($D28<>\"Serviço\",AND(AUTOEVENTO=\"Manual\",$M28=$A$15),$M28>(ROW(PLE.lastrow)-ROW(PLE.firstrow))),0,\n           IF(OFFSET(PLE!$G$15,$M28-$A$15,CK$13)=\"\",10^12,OFFSET(PLE!$G$15,$M28-$A$15,CK$13)))","v":1000000000000},{"$f":"IF(OR($D28<>\"Serviço\",AND(AUTOEVENTO=\"Manual\",$M28=$A$15),$M28>(ROW(PLE.lastrow)-ROW(PLE.firstrow))),0,\n           IF(OFFSET(PLE!$G$15,$M28-$A$15,CL$13)=\"\",10^12,OFFSET(PLE!$G$15,$M28-$A$15,CL$13)))","v":1000000000000},{"$f":"IF(OR($D28<>\"Serviço\",AND(AUTOEVENTO=\"Manual\",$M28=$A$15),$M28>(ROW(PLE.lastrow)-ROW(PLE.firstrow))),0,\n           IF(OFFSET(PLE!$G$15,$M28-$A$15,CM$13)=\"\",10^12,OFFSET(PLE!$G$15,$M28-$A$15,CM$13)))","v":1000000000000}]
[2,{"$f":"OFFSET(ORÇAMENTO!C$15,ROW(B29)-ROW(B$15),0)","v":"S"},{"$f":"OFFSET(ORÇAMENTO!L$15,ROW(C29)-ROW(C$15),0)","v":"F"},{"$f":"OFFSET(ORÇAMENTO!N$15,ROW(D29)-ROW(D$15),0)","v":"Serviço"},{"$f":"OFFSET(ORÇAMENTO!O$15,ROW(E29)-ROW(E$15),0)","v":"1.2.5."},{"$f":"OFFSET(ORÇAMENTO!R$15,ROW(F29)-ROW(F$15),0)","v":"ESCORAMENTO DE VALA, TIPO PONTALETEAMENTO, COM PROFUNDIDADE DE 1,5 A 3,0 M, LARGURA MAIOR OU IGUAL A 1,5 M E MENOR QUE 2,5 M. AF_08/2020"},{"$f":"IF($D29<>\"Serviço\",\"\",OFFSET(ORÇAMENTO!S$15,ROW(G29)-ROW(G$15),0))","v":"M2"},{"$f":"IF($D29<>\"Serviço\",0,IF(ACOMPANHAMENTO=\"BM\",ROUND(OFFSET(ORÇAMENTO!AJ$15,ROW(H29)-ROW(H$15),0),15-13*ORÇAMENTO!$AF$7),SUMPRODUCT(($Q$1:$AI$1=1)*ROUND($Q29:$AI29,15-13*ORÇAMENTO!$AF$7))))","v":1906.13},null,{"$f":"IF(B29<>\"S\",\"\",IF(AND(ACOMPANHAMENTO=\"PLE\",AUTOEVENTO=\"Manual\",OR(H29>0,ORÇAMENTO!AC29=\"QUANT.\"),OR(K29=\"\",M29=0,N29=\"\")),\"►\",IF(AND(ACOMPANHAMENTO=\"PLE\",ORÇAMENTO!AC29=\"QUANT.\"),\"►►\",IF(AND(COUNTIF($P$11:$AI$11,\"▼\")=0,H29>0,I29=\"\"),\"◄\",\"\"))))","v":"◄"},"2. DRENAGEM DE ÁGUAS PLUVIAIS",".",{"$f":"IF($D29<>\"Serviço\",\"\",\n          IF(AUTOEVENTO=\"manual\",$A29,\n                IF(ISERROR(MATCH($A29,$A$15:OFFSET($A29,-1,0),0)),MAX($M$15:OFFSET(M29,-1,0))+1,\n                      INDEX($M$15:OFFSET(M29,-1,0),MATCH($A29,$A$15:OFFSET($A29,-1,0),0)))))","v":2},{"$f":"IF($D29<>\"Serviço\",\"\",\n         IF(AUTOEVENTO=\"Manual\",\n                IF($A29=0,\"<-- defina o número do agrupador\",\n                       OFFSET(EVENTOS!$D$15,$A29-$A$15,0)),\n                OFFSET($F$15,$A29,0)))","v":"DRENAGEM DE ÁGUAS PLUVIAIS"},null,null,{"$f":"#REF!*I29","v":{"$error":"#REF!"}},null,null,null,null,null,null,null,null,null,null,null,null,null,null,null,null,null,null,{"$f":"IF(AND($D29=\"Serviço\",AJ$12<>0,$H29>0,OR(AUTOEVENTO<>\"manual\",$M29<>$A$15)),\n        IF(Import.TipoArredondamento<>\"TransfereGOV\",\n              ROUND(OFFSET($P29,0,AJ$13),15-13*ORÇAMENTO!$AF$7)/$H29*OFFSET(ORÇAMENTO!$X$15,ROW(AJ29)-ROW(AJ$15),0),\n              ROUND(ROUND(OFFSET($P29,0,AJ$13),15-13*ORÇAMENTO!$AF$7)*OFFSET(ORÇAMENTO!$W$15,ROW(AJ29)-ROW(AJ$15),0),15-13*ORÇAMENTO!$AF$11)),\n         0)","v":0},{"$f":"IF(AND($D29=\"Serviço\",AK$12<>0,$H29>0,OR(AUTOEVENTO<>\"manual\",$M29<>$A$15)),\n        IF(Import.TipoArredondamento<>\"TransfereGOV\",\n              ROUND(OFFSET($P29,0,AK$13),15-13*ORÇAMENTO!$AF$7)/$H29*OFFSET(ORÇAMENTO!$X$15,ROW(AK29)-ROW(AK$15),0),\n              ROUND(ROUND(OFFSET($P29,0,AK$13),15-13*ORÇAMENTO!$AF$7)*OFFSET(ORÇAMENTO!$W$15,ROW(AK29)-ROW(AK$15),0),15-13*ORÇAMENTO!$AF$11)),\n         0)","v":0},{"$f":"IF(AND($D29=\"Serviço\",AL$12<>0,$H29>0,OR(AUTOEVENTO<>\"manual\",$M29<>$A$15)),\n        IF(Import.TipoArredondamento<>\"TransfereGOV\",\n              ROUND(OFFSET($P29,0,AL$13),15-13*ORÇAMENTO!$AF$7)/$H29*OFFSET(ORÇAMENTO!$X$15,ROW(AL29)-ROW(AL$15),0),\n              ROUND(ROUND(OFFSET($P29,0,AL$13),15-13*ORÇAMENTO!$AF$7)*OFFSET(ORÇAMENTO!$W$15,ROW(AL29)-ROW(AL$15),0),15-13*ORÇAMENTO!$AF$11)),\n         0)","v":0},{"$f":"IF(AND($D29=\"Serviço\",AM$12<>0,$H29>0,OR(AUTOEVENTO<>\"manual\",$M29<>$A$15)),\n        IF(Import.TipoArredondamento<>\"TransfereGOV\",\n              ROUND(OFFSET($P29,0,AM$13),15-13*ORÇAMENTO!$AF$7)/$H29*OFFSET(ORÇAMENTO!$X$15,ROW(AM29)-ROW(AM$15),0),\n              ROUND(ROUND(OFFSET($P29,0,AM$13),15-13*ORÇAMENTO!$AF$7)*OFFSET(ORÇAMENTO!$W$15,ROW(AM29)-ROW(AM$15),0),15-13*ORÇAMENTO!$AF$11)),\n         0)","v":0},{"$f":"IF(AND($D29=\"Serviço\",AN$12<>0,$H29>0,OR(AUTOEVENTO<>\"manual\",$M29<>$A$15)),\n        IF(Import.TipoArredondamento<>\"TransfereGOV\",\n              ROUND(OFFSET($P29,0,AN$13),15-13*ORÇAMENTO!$AF$7)/$H29*OFFSET(ORÇAMENTO!$X$15,ROW(AN29)-ROW(AN$15),0),\n              ROUND(ROUND(OFFSET($P29,0,AN$13),15-13*ORÇAMENTO!$AF$7)*OFFSET(ORÇAMENTO!$W$15,ROW(AN29)-ROW(AN$15),0),15-13*ORÇAMENTO!$AF$11)),\n         0)","v":0},{"$f":"IF(AND($D29=\"Serviço\",AO$12<>0,$H29>0,OR(AUTOEVENTO<>\"manual\",$M29<>$A$15)),\n        IF(Import.TipoArredondamento<>\"TransfereGOV\",\n              ROUND(OFFSET($P29,0,AO$13),15-13*ORÇAMENTO!$AF$7)/$H29*OFFSET(ORÇAMENTO!$X$15,ROW(AO29)-ROW(AO$15),0),\n              ROUND(ROUND(OFFSET($P29,0,AO$13),15-13*ORÇAMENTO!$AF$7)*OFFSET(ORÇAMENTO!$W$15,ROW(AO29)-ROW(AO$15),0),15-13*ORÇAMENTO!$AF$11)),\n         0)","v":0},{"$f":"IF(AND($D29=\"Serviço\",AP$12<>0,$H29>0,OR(AUTOEVENTO<>\"manual\",$M29<>$A$15)),\n        IF(Import.TipoArredondamento<>\"TransfereGOV\",\n              ROUND(OFFSET($P29,0,AP$13),15-13*ORÇAMENTO!$AF$7)/$H29*OFFSET(ORÇAMENTO!$X$15,ROW(AP29)-ROW(AP$15),0),\n              ROUND(ROUND(OFFSET($P29,0,AP$13),15-13*ORÇAMENTO!$AF$7)*OFFSET(ORÇAMENTO!$W$15,ROW(AP29)-ROW(AP$15),0),15-13*ORÇAMENTO!$AF$11)),\n         0)","v":0},{"$f":"IF(AND($D29=\"Serviço\",AQ$12<>0,$H29>0,OR(AUTOEVENTO<>\"manual\",$M29<>$A$15)),\n        IF(Import.TipoArredondamento<>\"TransfereGOV\",\n              ROUND(OFFSET($P29,0,AQ$13),15-13*ORÇAMENTO!$AF$7)/$H29*OFFSET(ORÇAMENTO!$X$15,ROW(AQ29)-ROW(AQ$15),0),\n              ROUND(ROUND(OFFSET($P29,0,AQ$13),15-13*ORÇAMENTO!$AF$7)*OFFSET(ORÇAMENTO!$W$15,ROW(AQ29)-ROW(AQ$15),0),15-13*ORÇAMENTO!$AF$11)),\n         0)","v":0},{"$f":"IF(AND($D29=\"Serviço\",AR$12<>0,$H29>0,OR(AUTOEVENTO<>\"manual\",$M29<>$A$15)),\n        IF(Import.TipoArredondamento<>\"TransfereGOV\",\n              ROUND(OFFSET($P29,0,AR$13),15-13*ORÇAMENTO!$AF$7)/$H29*OFFSET(ORÇAMENTO!$X$15,ROW(AR29)-ROW(AR$15),0),\n              ROUND(ROUND(OFFSET($P29,0,AR$13),15-13*ORÇAMENTO!$AF$7)*OFFSET(ORÇAMENTO!$W$15,ROW(AR29)-ROW(AR$15),0),15-13*ORÇAMENTO!$AF$11)),\n         0)","v":0},{"$f":"IF(AND($D29=\"Serviço\",AS$12<>0,$H29>0,OR(AUTOEVENTO<>\"manual\",$M29<>$A$15)),\n        IF(Import.TipoArredondamento<>\"TransfereGOV\",\n              ROUND(OFFSET($P29,0,AS$13),15-13*ORÇAMENTO!$AF$7)/$H29*OFFSET(ORÇAMENTO!$X$15,ROW(AS29)-ROW(AS$15),0),\n              ROUND(ROUND(OFFSET($P29,0,AS$13),15-13*ORÇAMENTO!$AF$7)*OFFSET(ORÇAMENTO!$W$15,ROW(AS29)-ROW(AS$15),0),15-13*ORÇAMENTO!$AF$11)),\n         0)","v":0},{"$f":"IF(AND($D29=\"Serviço\",AT$12<>0,$H29>0,OR(AUTOEVENTO<>\"manual\",$M29<>$A$15)),\n        IF(Import.TipoArredondamento<>\"TransfereGOV\",\n              ROUND(OFFSET($P29,0,AT$13),15-13*ORÇAMENTO!$AF$7)/$H29*OFFSET(ORÇAMENTO!$X$15,ROW(AT29)-ROW(AT$15),0),\n              ROUND(ROUND(OFFSET($P29,0,AT$13),15-13*ORÇAMENTO!$AF$7)*OFFSET(ORÇAMENTO!$W$15,ROW(AT29)-ROW(AT$15),0),15-13*ORÇAMENTO!$AF$11)),\n         0)","v":0},{"$f":"IF(AND($D29=\"Serviço\",AU$12<>0,$H29>0,OR(AUTOEVENTO<>\"manual\",$M29<>$A$15)),\n        IF(Import.TipoArredondamento<>\"TransfereGOV\",\n              ROUND(OFFSET($P29,0,AU$13),15-13*ORÇAMENTO!$AF$7)/$H29*OFFSET(ORÇAMENTO!$X$15,ROW(AU29)-ROW(AU$15),0),\n              ROUND(ROUND(OFFSET($P29,0,AU$13),15-13*ORÇAMENTO!$AF$7)*OFFSET(ORÇAMENTO!$W$15,ROW(AU29)-ROW(AU$15),0),15-13*ORÇAMENTO!$AF$11)),\n         0)","v":0},{"$f":"IF(AND($D29=\"Serviço\",AV$12<>0,$H29>0,OR(AUTOEVENTO<>\"manual\",$M29<>$A$15)),\n        IF(Import.TipoArredondamento<>\"TransfereGOV\",\n              ROUND(OFFSET($P29,0,AV$13),15-13*ORÇAMENTO!$AF$7)/$H29*OFFSET(ORÇAMENTO!$X$15,ROW(AV29)-ROW(AV$15),0),\n              ROUND(ROUND(OFFSET($P29,0,AV$13),15-13*ORÇAMENTO!$AF$7)*OFFSET(ORÇAMENTO!$W$15,ROW(AV29)-ROW(AV$15),0),15-13*ORÇAMENTO!$AF$11)),\n         0)","v":0},{"$f":"IF(AND($D29=\"Serviço\",AW$12<>0,$H29>0,OR(AUTOEVENTO<>\"manual\",$M29<>$A$15)),\n        IF(Import.TipoArredondamento<>\"TransfereGOV\",\n              ROUND(OFFSET($P29,0,AW$13),15-13*ORÇAMENTO!$AF$7)/$H29*OFFSET(ORÇAMENTO!$X$15,ROW(AW29)-ROW(AW$15),0),\n              ROUND(ROUND(OFFSET($P29,0,AW$13),15-13*ORÇAMENTO!$AF$7)*OFFSET(ORÇAMENTO!$W$15,ROW(AW29)-ROW(AW$15),0),15-13*ORÇAMENTO!$AF$11)),\n         0)","v":0},{"$f":"IF(AND($D29=\"Serviço\",AX$12<>0,$H29>0,OR(AUTOEVENTO<>\"manual\",$M29<>$A$15)),\n        IF(Import.TipoArredondamento<>\"TransfereGOV\",\n              ROUND(OFFSET($P29,0,AX$13),15-13*ORÇAMENTO!$AF$7)/$H29*OFFSET(ORÇAMENTO!$X$15,ROW(AX29)-ROW(AX$15),0),\n              ROUND(ROUND(OFFSET($P29,0,AX$13),15-13*ORÇAMENTO!$AF$7)*OFFSET(ORÇAMENTO!$W$15,ROW(AX29)-ROW(AX$15),0),15-13*ORÇAMENTO!$AF$11)),\n         0)","v":0},{"$f":"IF(AND($D29=\"Serviço\",AY$12<>0,$H29>0,OR(AUTOEVENTO<>\"manual\",$M29<>$A$15)),\n        IF(Import.TipoArredondamento<>\"TransfereGOV\",\n              ROUND(OFFSET($P29,0,AY$13),15-13*ORÇAMENTO!$AF$7)/$H29*OFFSET(ORÇAMENTO!$X$15,ROW(AY29)-ROW(AY$15),0),\n              ROUND(ROUND(OFFSET($P29,0,AY$13),15-13*ORÇAMENTO!$AF$7)*OFFSET(ORÇAMENTO!$W$15,ROW(AY29)-ROW(AY$15),0),15-13*ORÇAMENTO!$AF$11)),\n         0)","v":0},{"$f":"IF(AND($D29=\"Serviço\",AZ$12<>0,$H29>0,OR(AUTOEVENTO<>\"manual\",$M29<>$A$15)),\n        IF(Import.TipoArredondamento<>\"TransfereGOV\",\n              ROUND(OFFSET($P29,0,AZ$13),15-13*ORÇAMENTO!$AF$7)/$H29*OFFSET(ORÇAMENTO!$X$15,ROW(AZ29)-ROW(AZ$15),0),\n              ROUND(ROUND(OFFSET($P29,0,AZ$13),15-13*ORÇAMENTO!$AF$7)*OFFSET(ORÇAMENTO!$W$15,ROW(AZ29)-ROW(AZ$15),0),15-13*ORÇAMENTO!$AF$11)),\n         0)","v":0},{"$f":"IF(AND($D29=\"Serviço\",BA$12<>0,$H29>0,OR(AUTOEVENTO<>\"manual\",$M29<>$A$15)),\n        IF(Import.TipoArredondamento<>\"TransfereGOV\",\n              ROUND(OFFSET($P29,0,BA$13),15-13*ORÇAMENTO!$AF$7)/$H29*OFFSET(ORÇAMENTO!$X$15,ROW(BA29)-ROW(BA$15),0),\n              ROUND(ROUND(OFFSET($P29,0,BA$13),15-13*ORÇAMENTO!$AF$7)*OFFSET(ORÇAMENTO!$W$15,ROW(BA29)-ROW(BA$15),0),15-13*ORÇAMENTO!$AF$11)),\n         0)","v":0},null,{"$f":"IF(OR($D29<>\"Serviço\",AND(AUTOEVENTO=\"Manual\",$M29=$A$15)),0,\n         IF(OFFSET(CRONOPLE!$F$15,$M29-$A$15,BC$13)=\"\",10^12,OFFSET(CRONOPLE!$F$15,$M29-$A$15,BC$13)))","v":1},{"$f":"IF(OR($D29<>\"Serviço\",AND(AUTOEVENTO=\"Manual\",$M29=$A$15)),0,\n         IF(OFFSET(CRONOPLE!$F$15,$M29-$A$15,BD$13)=\"\",10^12,OFFSET(CRONOPLE!$F$15,$M29-$A$15,BD$13)))","v":1000000000000},{"$f":"IF(OR($D29<>\"Serviço\",AND(AUTOEVENTO=\"Manual\",$M29=$A$15)),0,\n         IF(OFFSET(CRONOPLE!$F$15,$M29-$A$15,BE$13)=\"\",10^12,OFFSET(CRONOPLE!$F$15,$M29-$A$15,BE$13)))","v":1000000000000},{"$f":"IF(OR($D29<>\"Serviço\",AND(AUTOEVENTO=\"Manual\",$M29=$A$15)),0,\n         IF(OFFSET(CRONOPLE!$F$15,$M29-$A$15,BF$13)=\"\",10^12,OFFSET(CRONOPLE!$F$15,$M29-$A$15,BF$13)))","v":1000000000000},{"$f":"IF(OR($D29<>\"Serviço\",AND(AUTOEVENTO=\"Manual\",$M29=$A$15)),0,\n         IF(OFFSET(CRONOPLE!$F$15,$M29-$A$15,BG$13)=\"\",10^12,OFFSET(CRONOPLE!$F$15,$M29-$A$15,BG$13)))","v":1000000000000},{"$f":"IF(OR($D29<>\"Serviço\",AND(AUTOEVENTO=\"Manual\",$M29=$A$15)),0,\n         IF(OFFSET(CRONOPLE!$F$15,$M29-$A$15,BH$13)=\"\",10^12,OFFSET(CRONOPLE!$F$15,$M29-$A$15,BH$13)))","v":1000000000000},{"$f":"IF(OR($D29<>\"Serviço\",AND(AUTOEVENTO=\"Manual\",$M29=$A$15)),0,\n         IF(OFFSET(CRONOPLE!$F$15,$M29-$A$15,BI$13)=\"\",10^12,OFFSET(CRONOPLE!$F$15,$M29-$A$15,BI$13)))","v":1000000000000},{"$f":"IF(OR($D29<>\"Serviço\",AND(AUTOEVENTO=\"Manual\",$M29=$A$15)),0,\n         IF(OFFSET(CRONOPLE!$F$15,$M29-$A$15,BJ$13)=\"\",10^12,OFFSET(CRONOPLE!$F$15,$M29-$A$15,BJ$13)))","v":1000000000000},{"$f":"IF(OR($D29<>\"Serviço\",AND(AUTOEVENTO=\"Manual\",$M29=$A$15)),0,\n         IF(OFFSET(CRONOPLE!$F$15,$M29-$A$15,BK$13)=\"\",10^12,OFFSET(CRONOPLE!$F$15,$M29-$A$15,BK$13)))","v":1000000000000},{"$f":"IF(OR($D29<>\"Serviço\",AND(AUTOEVENTO=\"Manual\",$M29=$A$15)),0,\n         IF(OFFSET(CRONOPLE!$F$15,$M29-$A$15,BL$13)=\"\",10^12,OFFSET(CRONOPLE!$F$15,$M29-$A$15,BL$13)))","v":1000000000000},{"$f":"IF(OR($D29<>\"Serviço\",AND(AUTOEVENTO=\"Manual\",$M29=$A$15)),0,\n         IF(OFFSET(CRONOPLE!$F$15,$M29-$A$15,BM$13)=\"\",10^12,OFFSET(CRONOPLE!$F$15,$M29-$A$15,BM$13)))","v":1000000000000},{"$f":"IF(OR($D29<>\"Serviço\",AND(AUTOEVENTO=\"Manual\",$M29=$A$15)),0,\n         IF(OFFSET(CRONOPLE!$F$15,$M29-$A$15,BN$13)=\"\",10^12,OFFSET(CRONOPLE!$F$15,$M29-$A$15,BN$13)))","v":1000000000000},{"$f":"IF(OR($D29<>\"Serviço\",AND(AUTOEVENTO=\"Manual\",$M29=$A$15)),0,\n         IF(OFFSET(CRONOPLE!$F$15,$M29-$A$15,BO$13)=\"\",10^12,OFFSET(CRONOPLE!$F$15,$M29-$A$15,BO$13)))","v":1000000000000},{"$f":"IF(OR($D29<>\"Serviço\",AND(AUTOEVENTO=\"Manual\",$M29=$A$15)),0,\n         IF(OFFSET(CRONOPLE!$F$15,$M29-$A$15,BP$13)=\"\",10^12,OFFSET(CRONOPLE!$F$15,$M29-$A$15,BP$13)))","v":1000000000000},{"$f":"IF(OR($D29<>\"Serviço\",AND(AUTOEVENTO=\"Manual\",$M29=$A$15)),0,\n         IF(OFFSET(CRONOPLE!$F$15,$M29-$A$15,BQ$13)=\"\",10^12,OFFSET(CRONOPLE!$F$15,$M29-$A$15,BQ$13)))","v":1000000000000},{"$f":"IF(OR($D29<>\"Serviço\",AND(AUTOEVENTO=\"Manual\",$M29=$A$15)),0,\n         IF(OFFSET(CRONOPLE!$F$15,$M29-$A$15,BR$13)=\"\",10^12,OFFSET(CRONOPLE!$F$15,$M29-$A$15,BR$13)))","v":1000000000000},{"$f":"IF(OR($D29<>\"Serviço\",AND(AUTOEVENTO=\"Manual\",$M29=$A$15)),0,\n         IF(OFFSET(CRONOPLE!$F$15,$M29-$A$15,BS$13)=\"\",10^12,OFFSET(CRONOPLE!$F$15,$M29-$A$15,BS$13)))","v":1000000000000},{"$f":"IF(OR($D29<>\"Serviço\",AND(AUTOEVENTO=\"Manual\",$M29=$A$15)),0,\n         IF(OFFSET(CRONOPLE!$F$15,$M29-$A$15,BT$13)=\"\",10^12,OFFSET(CRONOPLE!$F$15,$M29-$A$15,BT$13)))","v":1000000000000},null,{"$f":"IF(OR($D29<>\"Serviço\",AND(AUTOEVENTO=\"Manual\",$M29=$A$15),$M29>(ROW(PLE.lastrow)-ROW(PLE.firstrow))),0,\n           IF(OFFSET(PLE!$G$15,$M29-$A$15,BV$13)=\"\",10^12,OFFSET(PLE!$G$15,$M29-$A$15,BV$13)))","v":1000000000000},{"$f":"IF(OR($D29<>\"Serviço\",AND(AUTOEVENTO=\"Manual\",$M29=$A$15),$M29>(ROW(PLE.lastrow)-ROW(PLE.firstrow))),0,\n           IF(OFFSET(PLE!$G$15,$M29-$A$15,BW$13)=\"\",10^12,OFFSET(PLE!$G$15,$M29-$A$15,BW$13)))","v":1000000000000},{"$f":"IF(OR($D29<>\"Serviço\",AND(AUTOEVENTO=\"Manual\",$M29=$A$15),$M29>(ROW(PLE.lastrow)-ROW(PLE.firstrow))),0,\n           IF(OFFSET(PLE!$G$15,$M29-$A$15,BX$13)=\"\",10^12,OFFSET(PLE!$G$15,$M29-$A$15,BX$13)))","v":1000000000000},{"$f":"IF(OR($D29<>\"Serviço\",AND(AUTOEVENTO=\"Manual\",$M29=$A$15),$M29>(ROW(PLE.lastrow)-ROW(PLE.firstrow))),0,\n           IF(OFFSET(PLE!$G$15,$M29-$A$15,BY$13)=\"\",10^12,OFFSET(PLE!$G$15,$M29-$A$15,BY$13)))","v":1000000000000},{"$f":"IF(OR($D29<>\"Serviço\",AND(AUTOEVENTO=\"Manual\",$M29=$A$15),$M29>(ROW(PLE.lastrow)-ROW(PLE.firstrow))),0,\n           IF(OFFSET(PLE!$G$15,$M29-$A$15,BZ$13)=\"\",10^12,OFFSET(PLE!$G$15,$M29-$A$15,BZ$13)))","v":1000000000000},{"$f":"IF(OR($D29<>\"Serviço\",AND(AUTOEVENTO=\"Manual\",$M29=$A$15),$M29>(ROW(PLE.lastrow)-ROW(PLE.firstrow))),0,\n           IF(OFFSET(PLE!$G$15,$M29-$A$15,CA$13)=\"\",10^12,OFFSET(PLE!$G$15,$M29-$A$15,CA$13)))","v":1000000000000},{"$f":"IF(OR($D29<>\"Serviço\",AND(AUTOEVENTO=\"Manual\",$M29=$A$15),$M29>(ROW(PLE.lastrow)-ROW(PLE.firstrow))),0,\n           IF(OFFSET(PLE!$G$15,$M29-$A$15,CB$13)=\"\",10^12,OFFSET(PLE!$G$15,$M29-$A$15,CB$13)))","v":1000000000000},{"$f":"IF(OR($D29<>\"Serviço\",AND(AUTOEVENTO=\"Manual\",$M29=$A$15),$M29>(ROW(PLE.lastrow)-ROW(PLE.firstrow))),0,\n           IF(OFFSET(PLE!$G$15,$M29-$A$15,CC$13)=\"\",10^12,OFFSET(PLE!$G$15,$M29-$A$15,CC$13)))","v":1000000000000},{"$f":"IF(OR($D29<>\"Serviço\",AND(AUTOEVENTO=\"Manual\",$M29=$A$15),$M29>(ROW(PLE.lastrow)-ROW(PLE.firstrow))),0,\n           IF(OFFSET(PLE!$G$15,$M29-$A$15,CD$13)=\"\",10^12,OFFSET(PLE!$G$15,$M29-$A$15,CD$13)))","v":1000000000000},{"$f":"IF(OR($D29<>\"Serviço\",AND(AUTOEVENTO=\"Manual\",$M29=$A$15),$M29>(ROW(PLE.lastrow)-ROW(PLE.firstrow))),0,\n           IF(OFFSET(PLE!$G$15,$M29-$A$15,CE$13)=\"\",10^12,OFFSET(PLE!$G$15,$M29-$A$15,CE$13)))","v":1000000000000},{"$f":"IF(OR($D29<>\"Serviço\",AND(AUTOEVENTO=\"Manual\",$M29=$A$15),$M29>(ROW(PLE.lastrow)-ROW(PLE.firstrow))),0,\n           IF(OFFSET(PLE!$G$15,$M29-$A$15,CF$13)=\"\",10^12,OFFSET(PLE!$G$15,$M29-$A$15,CF$13)))","v":1000000000000},{"$f":"IF(OR($D29<>\"Serviço\",AND(AUTOEVENTO=\"Manual\",$M29=$A$15),$M29>(ROW(PLE.lastrow)-ROW(PLE.firstrow))),0,\n           IF(OFFSET(PLE!$G$15,$M29-$A$15,CG$13)=\"\",10^12,OFFSET(PLE!$G$15,$M29-$A$15,CG$13)))","v":1000000000000},{"$f":"IF(OR($D29<>\"Serviço\",AND(AUTOEVENTO=\"Manual\",$M29=$A$15),$M29>(ROW(PLE.lastrow)-ROW(PLE.firstrow))),0,\n           IF(OFFSET(PLE!$G$15,$M29-$A$15,CH$13)=\"\",10^12,OFFSET(PLE!$G$15,$M29-$A$15,CH$13)))","v":1000000000000},{"$f":"IF(OR($D29<>\"Serviço\",AND(AUTOEVENTO=\"Manual\",$M29=$A$15),$M29>(ROW(PLE.lastrow)-ROW(PLE.firstrow))),0,\n           IF(OFFSET(PLE!$G$15,$M29-$A$15,CI$13)=\"\",10^12,OFFSET(PLE!$G$15,$M29-$A$15,CI$13)))","v":1000000000000},{"$f":"IF(OR($D29<>\"Serviço\",AND(AUTOEVENTO=\"Manual\",$M29=$A$15),$M29>(ROW(PLE.lastrow)-ROW(PLE.firstrow))),0,\n           IF(OFFSET(PLE!$G$15,$M29-$A$15,CJ$13)=\"\",10^12,OFFSET(PLE!$G$15,$M29-$A$15,CJ$13)))","v":1000000000000},{"$f":"IF(OR($D29<>\"Serviço\",AND(AUTOEVENTO=\"Manual\",$M29=$A$15),$M29>(ROW(PLE.lastrow)-ROW(PLE.firstrow))),0,\n           IF(OFFSET(PLE!$G$15,$M29-$A$15,CK$13)=\"\",10^12,OFFSET(PLE!$G$15,$M29-$A$15,CK$13)))","v":1000000000000},{"$f":"IF(OR($D29<>\"Serviço\",AND(AUTOEVENTO=\"Manual\",$M29=$A$15),$M29>(ROW(PLE.lastrow)-ROW(PLE.firstrow))),0,\n           IF(OFFSET(PLE!$G$15,$M29-$A$15,CL$13)=\"\",10^12,OFFSET(PLE!$G$15,$M29-$A$15,CL$13)))","v":1000000000000},{"$f":"IF(OR($D29<>\"Serviço\",AND(AUTOEVENTO=\"Manual\",$M29=$A$15),$M29>(ROW(PLE.lastrow)-ROW(PLE.firstrow))),0,\n           IF(OFFSET(PLE!$G$15,$M29-$A$15,CM$13)=\"\",10^12,OFFSET(PLE!$G$15,$M29-$A$15,CM$13)))","v":1000000000000}]
[2,{"$f":"OFFSET(ORÇAMENTO!C$15,ROW(B30)-ROW(B$15),0)","v":"S"},{"$f":"OFFSET(ORÇAMENTO!L$15,ROW(C30)-ROW(C$15),0)","v":"F"},{"$f":"OFFSET(ORÇAMENTO!N$15,ROW(D30)-ROW(D$15),0)","v":"Serviço"},{"$f":"OFFSET(ORÇAMENTO!O$15,ROW(E30)-ROW(E$15),0)","v":"1.2.6."},{"$f":"OFFSET(ORÇAMENTO!R$15,ROW(F30)-ROW(F$15),0)","v":"ESCORAMENTO DE VALA, TIPO PONTALETEAMENTO, COM PROFUNDIDADE DE 3,0 A 4,5 M, LARGURA MAIOR OU IGUAL A 1,5 M E MENOR QUE 2,5 M. AF_08/2020"},{"$f":"IF($D30<>\"Serviço\",\"\",OFFSET(ORÇAMENTO!S$15,ROW(G30)-ROW(G$15),0))","v":"M2"},{"$f":"IF($D30<>\"Serviço\",0,IF(ACOMPANHAMENTO=\"BM\",ROUND(OFFSET(ORÇAMENTO!AJ$15,ROW(H30)-ROW(H$15),0),15-13*ORÇAMENTO!$AF$7),SUMPRODUCT(($Q$1:$AI$1=1)*ROUND($Q30:$AI30,15-13*ORÇAMENTO!$AF$7))))","v":1309.8499999999999},null,{"$f":"IF(B30<>\"S\",\"\",IF(AND(ACOMPANHAMENTO=\"PLE\",AUTOEVENTO=\"Manual\",OR(H30>0,ORÇAMENTO!AC30=\"QUANT.\"),OR(K30=\"\",M30=0,N30=\"\")),\"►\",IF(AND(ACOMPANHAMENTO=\"PLE\",ORÇAMENTO!AC30=\"QUANT.\"),\"►►\",IF(AND(COUNTIF($P$11:$AI$11,\"▼\")=0,H30>0,I30=\"\"),\"◄\",\"\"))))","v":"◄"},"2. DRENAGEM DE ÁGUAS PLUVIAIS",".",{"$f":"IF($D30<>\"Serviço\",\"\",\n          IF(AUTOEVENTO=\"manual\",$A30,\n                IF(ISERROR(MATCH($A30,$A$15:OFFSET($A30,-1,0),0)),MAX($M$15:OFFSET(M30,-1,0))+1,\n                      INDEX($M$15:OFFSET(M30,-1,0),MATCH($A30,$A$15:OFFSET($A30,-1,0),0)))))","v":2},{"$f":"IF($D30<>\"Serviço\",\"\",\n         IF(AUTOEVENTO=\"Manual\",\n                IF($A30=0,\"<-- defina o número do agrupador\",\n                       OFFSET(EVENTOS!$D$15,$A30-$A$15,0)),\n                OFFSET($F$15,$A30,0)))","v":"DRENAGEM DE ÁGUAS PLUVIAIS"},null,null,1010.4,null,null,null,null,null,null,null,null,null,null,null,null,null,null,null,null,null,null,{"$f":"IF(AND($D30=\"Serviço\",AJ$12<>0,$H30>0,OR(AUTOEVENTO<>\"manual\",$M30<>$A$15)),\n        IF(Import.TipoArredondamento<>\"TransfereGOV\",\n              ROUND(OFFSET($P30,0,AJ$13),15-13*ORÇAMENTO!$AF$7)/$H30*OFFSET(ORÇAMENTO!$X$15,ROW(AJ30)-ROW(AJ$15),0),\n              ROUND(ROUND(OFFSET($P30,0,AJ$13),15-13*ORÇAMENTO!$AF$7)*OFFSET(ORÇAMENTO!$W$15,ROW(AJ30)-ROW(AJ$15),0),15-13*ORÇAMENTO!$AF$11)),\n         0)","v":0},{"$f":"IF(AND($D30=\"Serviço\",AK$12<>0,$H30>0,OR(AUTOEVENTO<>\"manual\",$M30<>$A$15)),\n        IF(Import.TipoArredondamento<>\"TransfereGOV\",\n              ROUND(OFFSET($P30,0,AK$13),15-13*ORÇAMENTO!$AF$7)/$H30*OFFSET(ORÇAMENTO!$X$15,ROW(AK30)-ROW(AK$15),0),\n              ROUND(ROUND(OFFSET($P30,0,AK$13),15-13*ORÇAMENTO!$AF$7)*OFFSET(ORÇAMENTO!$W$15,ROW(AK30)-ROW(AK$15),0),15-13*ORÇAMENTO!$AF$11)),\n         0)","v":0},{"$f":"IF(AND($D30=\"Serviço\",AL$12<>0,$H30>0,OR(AUTOEVENTO<>\"manual\",$M30<>$A$15)),\n        IF(Import.TipoArredondamento<>\"TransfereGOV\",\n              ROUND(OFFSET($P30,0,AL$13),15-13*ORÇAMENTO!$AF$7)/$H30*OFFSET(ORÇAMENTO!$X$15,ROW(AL30)-ROW(AL$15),0),\n              ROUND(ROUND(OFFSET($P30,0,AL$13),15-13*ORÇAMENTO!$AF$7)*OFFSET(ORÇAMENTO!$W$15,ROW(AL30)-ROW(AL$15),0),15-13*ORÇAMENTO!$AF$11)),\n         0)","v":0},{"$f":"IF(AND($D30=\"Serviço\",AM$12<>0,$H30>0,OR(AUTOEVENTO<>\"manual\",$M30<>$A$15)),\n        IF(Import.TipoArredondamento<>\"TransfereGOV\",\n              ROUND(OFFSET($P30,0,AM$13),15-13*ORÇAMENTO!$AF$7)/$H30*OFFSET(ORÇAMENTO!$X$15,ROW(AM30)-ROW(AM$15),0),\n              ROUND(ROUND(OFFSET($P30,0,AM$13),15-13*ORÇAMENTO!$AF$7)*OFFSET(ORÇAMENTO!$W$15,ROW(AM30)-ROW(AM$15),0),15-13*ORÇAMENTO!$AF$11)),\n         0)","v":0},{"$f":"IF(AND($D30=\"Serviço\",AN$12<>0,$H30>0,OR(AUTOEVENTO<>\"manual\",$M30<>$A$15)),\n        IF(Import.TipoArredondamento<>\"TransfereGOV\",\n              ROUND(OFFSET($P30,0,AN$13),15-13*ORÇAMENTO!$AF$7)/$H30*OFFSET(ORÇAMENTO!$X$15,ROW(AN30)-ROW(AN$15),0),\n              ROUND(ROUND(OFFSET($P30,0,AN$13),15-13*ORÇAMENTO!$AF$7)*OFFSET(ORÇAMENTO!$W$15,ROW(AN30)-ROW(AN$15),0),15-13*ORÇAMENTO!$AF$11)),\n         0)","v":0},{"$f":"IF(AND($D30=\"Serviço\",AO$12<>0,$H30>0,OR(AUTOEVENTO<>\"manual\",$M30<>$A$15)),\n        IF(Import.TipoArredondamento<>\"TransfereGOV\",\n              ROUND(OFFSET($P30,0,AO$13),15-13*ORÇAMENTO!$AF$7)/$H30*OFFSET(ORÇAMENTO!$X$15,ROW(AO30)-ROW(AO$15),0),\n              ROUND(ROUND(OFFSET($P30,0,AO$13),15-13*ORÇAMENTO!$AF$7)*OFFSET(ORÇAMENTO!$W$15,ROW(AO30)-ROW(AO$15),0),15-13*ORÇAMENTO!$AF$11)),\n         0)","v":0},{"$f":"IF(AND($D30=\"Serviço\",AP$12<>0,$H30>0,OR(AUTOEVENTO<>\"manual\",$M30<>$A$15)),\n        IF(Import.TipoArredondamento<>\"TransfereGOV\",\n              ROUND(OFFSET($P30,0,AP$13),15-13*ORÇAMENTO!$AF$7)/$H30*OFFSET(ORÇAMENTO!$X$15,ROW(AP30)-ROW(AP$15),0),\n              ROUND(ROUND(OFFSET($P30,0,AP$13),15-13*ORÇAMENTO!$AF$7)*OFFSET(ORÇAMENTO!$W$15,ROW(AP30)-ROW(AP$15),0),15-13*ORÇAMENTO!$AF$11)),\n         0)","v":0},{"$f":"IF(AND($D30=\"Serviço\",AQ$12<>0,$H30>0,OR(AUTOEVENTO<>\"manual\",$M30<>$A$15)),\n        IF(Import.TipoArredondamento<>\"TransfereGOV\",\n              ROUND(OFFSET($P30,0,AQ$13),15-13*ORÇAMENTO!$AF$7)/$H30*OFFSET(ORÇAMENTO!$X$15,ROW(AQ30)-ROW(AQ$15),0),\n              ROUND(ROUND(OFFSET($P30,0,AQ$13),15-13*ORÇAMENTO!$AF$7)*OFFSET(ORÇAMENTO!$W$15,ROW(AQ30)-ROW(AQ$15),0),15-13*ORÇAMENTO!$AF$11)),\n         0)","v":0},{"$f":"IF(AND($D30=\"Serviço\",AR$12<>0,$H30>0,OR(AUTOEVENTO<>\"manual\",$M30<>$A$15)),\n        IF(Import.TipoArredondamento<>\"TransfereGOV\",\n              ROUND(OFFSET($P30,0,AR$13),15-13*ORÇAMENTO!$AF$7)/$H30*OFFSET(ORÇAMENTO!$X$15,ROW(AR30)-ROW(AR$15),0),\n              ROUND(ROUND(OFFSET($P30,0,AR$13),15-13*ORÇAMENTO!$AF$7)*OFFSET(ORÇAMENTO!$W$15,ROW(AR30)-ROW(AR$15),0),15-13*ORÇAMENTO!$AF$11)),\n         0)","v":0},{"$f":"IF(AND($D30=\"Serviço\",AS$12<>0,$H30>0,OR(AUTOEVENTO<>\"manual\",$M30<>$A$15)),\n        IF(Import.TipoArredondamento<>\"TransfereGOV\",\n              ROUND(OFFSET($P30,0,AS$13),15-13*ORÇAMENTO!$AF$7)/$H30*OFFSET(ORÇAMENTO!$X$15,ROW(AS30)-ROW(AS$15),0),\n              ROUND(ROUND(OFFSET($P30,0,AS$13),15-13*ORÇAMENTO!$AF$7)*OFFSET(ORÇAMENTO!$W$15,ROW(AS30)-ROW(AS$15),0),15-13*ORÇAMENTO!$AF$11)),\n         0)","v":0},{"$f":"IF(AND($D30=\"Serviço\",AT$12<>0,$H30>0,OR(AUTOEVENTO<>\"manual\",$M30<>$A$15)),\n        IF(Import.TipoArredondamento<>\"TransfereGOV\",\n              ROUND(OFFSET($P30,0,AT$13),15-13*ORÇAMENTO!$AF$7)/$H30*OFFSET(ORÇAMENTO!$X$15,ROW(AT30)-ROW(AT$15),0),\n              ROUND(ROUND(OFFSET($P30,0,AT$13),15-13*ORÇAMENTO!$AF$7)*OFFSET(ORÇAMENTO!$W$15,ROW(AT30)-ROW(AT$15),0),15-13*ORÇAMENTO!$AF$11)),\n         0)","v":0},{"$f":"IF(AND($D30=\"Serviço\",AU$12<>0,$H30>0,OR(AUTOEVENTO<>\"manual\",$M30<>$A$15)),\n        IF(Import.TipoArredondamento<>\"TransfereGOV\",\n              ROUND(OFFSET($P30,0,AU$13),15-13*ORÇAMENTO!$AF$7)/$H30*OFFSET(ORÇAMENTO!$X$15,ROW(AU30)-ROW(AU$15),0),\n              ROUND(ROUND(OFFSET($P30,0,AU$13),15-13*ORÇAMENTO!$AF$7)*OFFSET(ORÇAMENTO!$W$15,ROW(AU30)-ROW(AU$15),0),15-13*ORÇAMENTO!$AF$11)),\n         0)","v":0},{"$f":"IF(AND($D30=\"Serviço\",AV$12<>0,$H30>0,OR(AUTOEVENTO<>\"manual\",$M30<>$A$15)),\n        IF(Import.TipoArredondamento<>\"TransfereGOV\",\n              ROUND(OFFSET($P30,0,AV$13),15-13*ORÇAMENTO!$AF$7)/$H30*OFFSET(ORÇAMENTO!$X$15,ROW(AV30)-ROW(AV$15),0),\n              ROUND(ROUND(OFFSET($P30,0,AV$13),15-13*ORÇAMENTO!$AF$7)*OFFSET(ORÇAMENTO!$W$15,ROW(AV30)-ROW(AV$15),0),15-13*ORÇAMENTO!$AF$11)),\n         0)","v":0},{"$f":"IF(AND($D30=\"Serviço\",AW$12<>0,$H30>0,OR(AUTOEVENTO<>\"manual\",$M30<>$A$15)),\n        IF(Import.TipoArredondamento<>\"TransfereGOV\",\n              ROUND(OFFSET($P30,0,AW$13),15-13*ORÇAMENTO!$AF$7)/$H30*OFFSET(ORÇAMENTO!$X$15,ROW(AW30)-ROW(AW$15),0),\n              ROUND(ROUND(OFFSET($P30,0,AW$13),15-13*ORÇAMENTO!$AF$7)*OFFSET(ORÇAMENTO!$W$15,ROW(AW30)-ROW(AW$15),0),15-13*ORÇAMENTO!$AF$11)),\n         0)","v":0},{"$f":"IF(AND($D30=\"Serviço\",AX$12<>0,$H30>0,OR(AUTOEVENTO<>\"manual\",$M30<>$A$15)),\n        IF(Import.TipoArredondamento<>\"TransfereGOV\",\n              ROUND(OFFSET($P30,0,AX$13),15-13*ORÇAMENTO!$AF$7)/$H30*OFFSET(ORÇAMENTO!$X$15,ROW(AX30)-ROW(AX$15),0),\n              ROUND(ROUND(OFFSET($P30,0,AX$13),15-13*ORÇAMENTO!$AF$7)*OFFSET(ORÇAMENTO!$W$15,ROW(AX30)-ROW(AX$15),0),15-13*ORÇAMENTO!$AF$11)),\n         0)","v":0},{"$f":"IF(AND($D30=\"Serviço\",AY$12<>0,$H30>0,OR(AUTOEVENTO<>\"manual\",$M30<>$A$15)),\n        IF(Import.TipoArredondamento<>\"TransfereGOV\",\n              ROUND(OFFSET($P30,0,AY$13),15-13*ORÇAMENTO!$AF$7)/$H30*OFFSET(ORÇAMENTO!$X$15,ROW(AY30)-ROW(AY$15),0),\n              ROUND(ROUND(OFFSET($P30,0,AY$13),15-13*ORÇAMENTO!$AF$7)*OFFSET(ORÇAMENTO!$W$15,ROW(AY30)-ROW(AY$15),0),15-13*ORÇAMENTO!$AF$11)),\n         0)","v":0},{"$f":"IF(AND($D30=\"Serviço\",AZ$12<>0,$H30>0,OR(AUTOEVENTO<>\"manual\",$M30<>$A$15)),\n        IF(Import.TipoArredondamento<>\"TransfereGOV\",\n              ROUND(OFFSET($P30,0,AZ$13),15-13*ORÇAMENTO!$AF$7)/$H30*OFFSET(ORÇAMENTO!$X$15,ROW(AZ30)-ROW(AZ$15),0),\n              ROUND(ROUND(OFFSET($P30,0,AZ$13),15-13*ORÇAMENTO!$AF$7)*OFFSET(ORÇAMENTO!$W$15,ROW(AZ30)-ROW(AZ$15),0),15-13*ORÇAMENTO!$AF$11)),\n         0)","v":0},{"$f":"IF(AND($D30=\"Serviço\",BA$12<>0,$H30>0,OR(AUTOEVENTO<>\"manual\",$M30<>$A$15)),\n        IF(Import.TipoArredondamento<>\"TransfereGOV\",\n              ROUND(OFFSET($P30,0,BA$13),15-13*ORÇAMENTO!$AF$7)/$H30*OFFSET(ORÇAMENTO!$X$15,ROW(BA30)-ROW(BA$15),0),\n              ROUND(ROUND(OFFSET($P30,0,BA$13),15-13*ORÇAMENTO!$AF$7)*OFFSET(ORÇAMENTO!$W$15,ROW(BA30)-ROW(BA$15),0),15-13*ORÇAMENTO!$AF$11)),\n         0)","v":0},null,{"$f":"IF(OR($D30<>\"Serviço\",AND(AUTOEVENTO=\"Manual\",$M30=$A$15)),0,\n         IF(OFFSET(CRONOPLE!$F$15,$M30-$A$15,BC$13)=\"\",10^12,OFFSET(CRONOPLE!$F$15,$M30-$A$15,BC$13)))","v":1},{"$f":"IF(OR($D30<>\"Serviço\",AND(AUTOEVENTO=\"Manual\",$M30=$A$15)),0,\n         IF(OFFSET(CRONOPLE!$F$15,$M30-$A$15,BD$13)=\"\",10^12,OFFSET(CRONOPLE!$F$15,$M30-$A$15,BD$13)))","v":1000000000000},{"$f":"IF(OR($D30<>\"Serviço\",AND(AUTOEVENTO=\"Manual\",$M30=$A$15)),0,\n         IF(OFFSET(CRONOPLE!$F$15,$M30-$A$15,BE$13)=\"\",10^12,OFFSET(CRONOPLE!$F$15,$M30-$A$15,BE$13)))","v":1000000000000},{"$f":"IF(OR($D30<>\"Serviço\",AND(AUTOEVENTO=\"Manual\",$M30=$A$15)),0,\n         IF(OFFSET(CRONOPLE!$F$15,$M30-$A$15,BF$13)=\"\",10^12,OFFSET(CRONOPLE!$F$15,$M30-$A$15,BF$13)))","v":1000000000000},{"$f":"IF(OR($D30<>\"Serviço\",AND(AUTOEVENTO=\"Manual\",$M30=$A$15)),0,\n         IF(OFFSET(CRONOPLE!$F$15,$M30-$A$15,BG$13)=\"\",10^12,OFFSET(CRONOPLE!$F$15,$M30-$A$15,BG$13)))","v":1000000000000},{"$f":"IF(OR($D30<>\"Serviço\",AND(AUTOEVENTO=\"Manual\",$M30=$A$15)),0,\n         IF(OFFSET(CRONOPLE!$F$15,$M30-$A$15,BH$13)=\"\",10^12,OFFSET(CRONOPLE!$F$15,$M30-$A$15,BH$13)))","v":1000000000000},{"$f":"IF(OR($D30<>\"Serviço\",AND(AUTOEVENTO=\"Manual\",$M30=$A$15)),0,\n         IF(OFFSET(CRONOPLE!$F$15,$M30-$A$15,BI$13)=\"\",10^12,OFFSET(CRONOPLE!$F$15,$M30-$A$15,BI$13)))","v":1000000000000},{"$f":"IF(OR($D30<>\"Serviço\",AND(AUTOEVENTO=\"Manual\",$M30=$A$15)),0,\n         IF(OFFSET(CRONOPLE!$F$15,$M30-$A$15,BJ$13)=\"\",10^12,OFFSET(CRONOPLE!$F$15,$M30-$A$15,BJ$13)))","v":1000000000000},{"$f":"IF(OR($D30<>\"Serviço\",AND(AUTOEVENTO=\"Manual\",$M30=$A$15)),0,\n         IF(OFFSET(CRONOPLE!$F$15,$M30-$A$15,BK$13)=\"\",10^12,OFFSET(CRONOPLE!$F$15,$M30-$A$15,BK$13)))","v":1000000000000},{"$f":"IF(OR($D30<>\"Serviço\",AND(AUTOEVENTO=\"Manual\",$M30=$A$15)),0,\n         IF(OFFSET(CRONOPLE!$F$15,$M30-$A$15,BL$13)=\"\",10^12,OFFSET(CRONOPLE!$F$15,$M30-$A$15,BL$13)))","v":1000000000000},{"$f":"IF(OR($D30<>\"Serviço\",AND(AUTOEVENTO=\"Manual\",$M30=$A$15)),0,\n         IF(OFFSET(CRONOPLE!$F$15,$M30-$A$15,BM$13)=\"\",10^12,OFFSET(CRONOPLE!$F$15,$M30-$A$15,BM$13)))","v":1000000000000},{"$f":"IF(OR($D30<>\"Serviço\",AND(AUTOEVENTO=\"Manual\",$M30=$A$15)),0,\n         IF(OFFSET(CRONOPLE!$F$15,$M30-$A$15,BN$13)=\"\",10^12,OFFSET(CRONOPLE!$F$15,$M30-$A$15,BN$13)))","v":1000000000000},{"$f":"IF(OR($D30<>\"Serviço\",AND(AUTOEVENTO=\"Manual\",$M30=$A$15)),0,\n         IF(OFFSET(CRONOPLE!$F$15,$M30-$A$15,BO$13)=\"\",10^12,OFFSET(CRONOPLE!$F$15,$M30-$A$15,BO$13)))","v":1000000000000},{"$f":"IF(OR($D30<>\"Serviço\",AND(AUTOEVENTO=\"Manual\",$M30=$A$15)),0,\n         IF(OFFSET(CRONOPLE!$F$15,$M30-$A$15,BP$13)=\"\",10^12,OFFSET(CRONOPLE!$F$15,$M30-$A$15,BP$13)))","v":1000000000000},{"$f":"IF(OR($D30<>\"Serviço\",AND(AUTOEVENTO=\"Manual\",$M30=$A$15)),0,\n         IF(OFFSET(CRONOPLE!$F$15,$M30-$A$15,BQ$13)=\"\",10^12,OFFSET(CRONOPLE!$F$15,$M30-$A$15,BQ$13)))","v":1000000000000},{"$f":"IF(OR($D30<>\"Serviço\",AND(AUTOEVENTO=\"Manual\",$M30=$A$15)),0,\n         IF(OFFSET(CRONOPLE!$F$15,$M30-$A$15,BR$13)=\"\",10^12,OFFSET(CRONOPLE!$F$15,$M30-$A$15,BR$13)))","v":1000000000000},{"$f":"IF(OR($D30<>\"Serviço\",AND(AUTOEVENTO=\"Manual\",$M30=$A$15)),0,\n         IF(OFFSET(CRONOPLE!$F$15,$M30-$A$15,BS$13)=\"\",10^12,OFFSET(CRONOPLE!$F$15,$M30-$A$15,BS$13)))","v":1000000000000},{"$f":"IF(OR($D30<>\"Serviço\",AND(AUTOEVENTO=\"Manual\",$M30=$A$15)),0,\n         IF(OFFSET(CRONOPLE!$F$15,$M30-$A$15,BT$13)=\"\",10^12,OFFSET(CRONOPLE!$F$15,$M30-$A$15,BT$13)))","v":1000000000000},null,{"$f":"IF(OR($D30<>\"Serviço\",AND(AUTOEVENTO=\"Manual\",$M30=$A$15),$M30>(ROW(PLE.lastrow)-ROW(PLE.firstrow))),0,\n           IF(OFFSET(PLE!$G$15,$M30-$A$15,BV$13)=\"\",10^12,OFFSET(PLE!$G$15,$M30-$A$15,BV$13)))","v":1000000000000},{"$f":"IF(OR($D30<>\"Serviço\",AND(AUTOEVENTO=\"Manual\",$M30=$A$15),$M30>(ROW(PLE.lastrow)-ROW(PLE.firstrow))),0,\n           IF(OFFSET(PLE!$G$15,$M30-$A$15,BW$13)=\"\",10^12,OFFSET(PLE!$G$15,$M30-$A$15,BW$13)))","v":1000000000000},{"$f":"IF(OR($D30<>\"Serviço\",AND(AUTOEVENTO=\"Manual\",$M30=$A$15),$M30>(ROW(PLE.lastrow)-ROW(PLE.firstrow))),0,\n           IF(OFFSET(PLE!$G$15,$M30-$A$15,BX$13)=\"\",10^12,OFFSET(PLE!$G$15,$M30-$A$15,BX$13)))","v":1000000000000},{"$f":"IF(OR($D30<>\"Serviço\",AND(AUTOEVENTO=\"Manual\",$M30=$A$15),$M30>(ROW(PLE.lastrow)-ROW(PLE.firstrow))),0,\n           IF(OFFSET(PLE!$G$15,$M30-$A$15,BY$13)=\"\",10^12,OFFSET(PLE!$G$15,$M30-$A$15,BY$13)))","v":1000000000000},{"$f":"IF(OR($D30<>\"Serviço\",AND(AUTOEVENTO=\"Manual\",$M30=$A$15),$M30>(ROW(PLE.lastrow)-ROW(PLE.firstrow))),0,\n           IF(OFFSET(PLE!$G$15,$M30-$A$15,BZ$13)=\"\",10^12,OFFSET(PLE!$G$15,$M30-$A$15,BZ$13)))","v":1000000000000},{"$f":"IF(OR($D30<>\"Serviço\",AND(AUTOEVENTO=\"Manual\",$M30=$A$15),$M30>(ROW(PLE.lastrow)-ROW(PLE.firstrow))),0,\n           IF(OFFSET(PLE!$G$15,$M30-$A$15,CA$13)=\"\",10^12,OFFSET(PLE!$G$15,$M30-$A$15,CA$13)))","v":1000000000000},{"$f":"IF(OR($D30<>\"Serviço\",AND(AUTOEVENTO=\"Manual\",$M30=$A$15),$M30>(ROW(PLE.lastrow)-ROW(PLE.firstrow))),0,\n           IF(OFFSET(PLE!$G$15,$M30-$A$15,CB$13)=\"\",10^12,OFFSET(PLE!$G$15,$M30-$A$15,CB$13)))","v":1000000000000},{"$f":"IF(OR($D30<>\"Serviço\",AND(AUTOEVENTO=\"Manual\",$M30=$A$15),$M30>(ROW(PLE.lastrow)-ROW(PLE.firstrow))),0,\n           IF(OFFSET(PLE!$G$15,$M30-$A$15,CC$13)=\"\",10^12,OFFSET(PLE!$G$15,$M30-$A$15,CC$13)))","v":1000000000000},{"$f":"IF(OR($D30<>\"Serviço\",AND(AUTOEVENTO=\"Manual\",$M30=$A$15),$M30>(ROW(PLE.lastrow)-ROW(PLE.firstrow))),0,\n           IF(OFFSET(PLE!$G$15,$M30-$A$15,CD$13)=\"\",10^12,OFFSET(PLE!$G$15,$M30-$A$15,CD$13)))","v":1000000000000},{"$f":"IF(OR($D30<>\"Serviço\",AND(AUTOEVENTO=\"Manual\",$M30=$A$15),$M30>(ROW(PLE.lastrow)-ROW(PLE.firstrow))),0,\n           IF(OFFSET(PLE!$G$15,$M30-$A$15,CE$13)=\"\",10^12,OFFSET(PLE!$G$15,$M30-$A$15,CE$13)))","v":1000000000000},{"$f":"IF(OR($D30<>\"Serviço\",AND(AUTOEVENTO=\"Manual\",$M30=$A$15),$M30>(ROW(PLE.lastrow)-ROW(PLE.firstrow))),0,\n           IF(OFFSET(PLE!$G$15,$M30-$A$15,CF$13)=\"\",10^12,OFFSET(PLE!$G$15,$M30-$A$15,CF$13)))","v":1000000000000},{"$f":"IF(OR($D30<>\"Serviço\",AND(AUTOEVENTO=\"Manual\",$M30=$A$15),$M30>(ROW(PLE.lastrow)-ROW(PLE.firstrow))),0,\n           IF(OFFSET(PLE!$G$15,$M30-$A$15,CG$13)=\"\",10^12,OFFSET(PLE!$G$15,$M30-$A$15,CG$13)))","v":1000000000000},{"$f":"IF(OR($D30<>\"Serviço\",AND(AUTOEVENTO=\"Manual\",$M30=$A$15),$M30>(ROW(PLE.lastrow)-ROW(PLE.firstrow))),0,\n           IF(OFFSET(PLE!$G$15,$M30-$A$15,CH$13)=\"\",10^12,OFFSET(PLE!$G$15,$M30-$A$15,CH$13)))","v":1000000000000},{"$f":"IF(OR($D30<>\"Serviço\",AND(AUTOEVENTO=\"Manual\",$M30=$A$15),$M30>(ROW(PLE.lastrow)-ROW(PLE.firstrow))),0,\n           IF(OFFSET(PLE!$G$15,$M30-$A$15,CI$13)=\"\",10^12,OFFSET(PLE!$G$15,$M30-$A$15,CI$13)))","v":1000000000000},{"$f":"IF(OR($D30<>\"Serviço\",AND(AUTOEVENTO=\"Manual\",$M30=$A$15),$M30>(ROW(PLE.lastrow)-ROW(PLE.firstrow))),0,\n           IF(OFFSET(PLE!$G$15,$M30-$A$15,CJ$13)=\"\",10^12,OFFSET(PLE!$G$15,$M30-$A$15,CJ$13)))","v":1000000000000},{"$f":"IF(OR($D30<>\"Serviço\",AND(AUTOEVENTO=\"Manual\",$M30=$A$15),$M30>(ROW(PLE.lastrow)-ROW(PLE.firstrow))),0,\n           IF(OFFSET(PLE!$G$15,$M30-$A$15,CK$13)=\"\",10^12,OFFSET(PLE!$G$15,$M30-$A$15,CK$13)))","v":1000000000000},{"$f":"IF(OR($D30<>\"Serviço\",AND(AUTOEVENTO=\"Manual\",$M30=$A$15),$M30>(ROW(PLE.lastrow)-ROW(PLE.firstrow))),0,\n           IF(OFFSET(PLE!$G$15,$M30-$A$15,CL$13)=\"\",10^12,OFFSET(PLE!$G$15,$M30-$A$15,CL$13)))","v":1000000000000},{"$f":"IF(OR($D30<>\"Serviço\",AND(AUTOEVENTO=\"Manual\",$M30=$A$15),$M30>(ROW(PLE.lastrow)-ROW(PLE.firstrow))),0,\n           IF(OFFSET(PLE!$G$15,$M30-$A$15,CM$13)=\"\",10^12,OFFSET(PLE!$G$15,$M30-$A$15,CM$13)))","v":1000000000000}]
[2,{"$f":"OFFSET(ORÇAMENTO!C$15,ROW(B31)-ROW(B$15),0)","v":"S"},{"$f":"OFFSET(ORÇAMENTO!L$15,ROW(C31)-ROW(C$15),0)","v":"F"},{"$f":"OFFSET(ORÇAMENTO!N$15,ROW(D31)-ROW(D$15),0)","v":"Serviço"},{"$f":"OFFSET(ORÇAMENTO!O$15,ROW(E31)-ROW(E$15),0)","v":"1.2.7."},{"$f":"OFFSET(ORÇAMENTO!R$15,ROW(F31)-ROW(F$15),0)","v":"REATERRO MECANIZADO DE VALA COM RETROESCAVADEIRA (CAPACIDADE DA CAÇAMBA DA RETRO: 0,26 M³/POTÊNCIA: 88 HP), LARGURA 0,8 A 1,5 M, PROFUNDIDADE ATÉ 1,5 M, COM SOLO (SEM SUBSTITUIÇÃO) DE 1ª CATEGORIA, COM COMPACTADOR DE SOLOS DE PERCUSSÃO AF_08/2023"},{"$f":"IF($D31<>\"Serviço\",\"\",OFFSET(ORÇAMENTO!S$15,ROW(G31)-ROW(G$15),0))","v":"M3"},{"$f":"IF($D31<>\"Serviço\",0,IF(ACOMPANHAMENTO=\"BM\",ROUND(OFFSET(ORÇAMENTO!AJ$15,ROW(H31)-ROW(H$15),0),15-13*ORÇAMENTO!$AF$7),SUMPRODUCT(($Q$1:$AI$1=1)*ROUND($Q31:$AI31,15-13*ORÇAMENTO!$AF$7))))","v":256.04000000000002},null,{"$f":"IF(B31<>\"S\",\"\",IF(AND(ACOMPANHAMENTO=\"PLE\",AUTOEVENTO=\"Manual\",OR(H31>0,ORÇAMENTO!AC31=\"QUANT.\"),OR(K31=\"\",M31=0,N31=\"\")),\"►\",IF(AND(ACOMPANHAMENTO=\"PLE\",ORÇAMENTO!AC31=\"QUANT.\"),\"►►\",IF(AND(COUNTIF($P$11:$AI$11,\"▼\")=0,H31>0,I31=\"\"),\"◄\",\"\"))))","v":"◄"},"2. DRENAGEM DE ÁGUAS PLUVIAIS",".",{"$f":"IF($D31<>\"Serviço\",\"\",\n          IF(AUTOEVENTO=\"manual\",$A31,\n                IF(ISERROR(MATCH($A31,$A$15:OFFSET($A31,-1,0),0)),MAX($M$15:OFFSET(M31,-1,0))+1,\n                      INDEX($M$15:OFFSET(M31,-1,0),MATCH($A31,$A$15:OFFSET($A31,-1,0),0)))))","v":2},{"$f":"IF($D31<>\"Serviço\",\"\",\n         IF(AUTOEVENTO=\"Manual\",\n                IF($A31=0,\"<-- defina o número do agrupador\",\n                       OFFSET(EVENTOS!$D$15,$A31-$A$15,0)),\n                OFFSET($F$15,$A31,0)))","v":"DRENAGEM DE ÁGUAS PLUVIAIS"},null,null,2057.42,null,null,null,null,null,null,null,null,null,null,null,null,null,null,null,null,null,null,{"$f":"IF(AND($D31=\"Serviço\",AJ$12<>0,$H31>0,OR(AUTOEVENTO<>\"manual\",$M31<>$A$15)),\n        IF(Import.TipoArredondamento<>\"TransfereGOV\",\n              ROUND(OFFSET($P31,0,AJ$13),15-13*ORÇAMENTO!$AF$7)/$H31*OFFSET(ORÇAMENTO!$X$15,ROW(AJ31)-ROW(AJ$15),0),\n              ROUND(ROUND(OFFSET($P31,0,AJ$13),15-13*ORÇAMENTO!$AF$7)*OFFSET(ORÇAMENTO!$W$15,ROW(AJ31)-ROW(AJ$15),0),15-13*ORÇAMENTO!$AF$11)),\n         0)","v":0},{"$f":"IF(AND($D31=\"Serviço\",AK$12<>0,$H31>0,OR(AUTOEVENTO<>\"manual\",$M31<>$A$15)),\n        IF(Import.TipoArredondamento<>\"TransfereGOV\",\n              ROUND(OFFSET($P31,0,AK$13),15-13*ORÇAMENTO!$AF$7)/$H31*OFFSET(ORÇAMENTO!$X$15,ROW(AK31)-ROW(AK$15),0),\n              ROUND(ROUND(OFFSET($P31,0,AK$13),15-13*ORÇAMENTO!$AF$7)*OFFSET(ORÇAMENTO!$W$15,ROW(AK31)-ROW(AK$15),0),15-13*ORÇAMENTO!$AF$11)),\n         0)","v":0},{"$f":"IF(AND($D31=\"Serviço\",AL$12<>0,$H31>0,OR(AUTOEVENTO<>\"manual\",$M31<>$A$15)),\n        IF(Import.TipoArredondamento<>\"TransfereGOV\",\n              ROUND(OFFSET($P31,0,AL$13),15-13*ORÇAMENTO!$AF$7)/$H31*OFFSET(ORÇAMENTO!$X$15,ROW(AL31)-ROW(AL$15),0),\n              ROUND(ROUND(OFFSET($P31,0,AL$13),15-13*ORÇAMENTO!$AF$7)*OFFSET(ORÇAMENTO!$W$15,ROW(AL31)-ROW(AL$15),0),15-13*ORÇAMENTO!$AF$11)),\n         0)","v":0},{"$f":"IF(AND($D31=\"Serviço\",AM$12<>0,$H31>0,OR(AUTOEVENTO<>\"manual\",$M31<>$A$15)),\n        IF(Import.TipoArredondamento<>\"TransfereGOV\",\n              ROUND(OFFSET($P31,0,AM$13),15-13*ORÇAMENTO!$AF$7)/$H31*OFFSET(ORÇAMENTO!$X$15,ROW(AM31)-ROW(AM$15),0),\n              ROUND(ROUND(OFFSET($P31,0,AM$13),15-13*ORÇAMENTO!$AF$7)*OFFSET(ORÇAMENTO!$W$15,ROW(AM31)-ROW(AM$15),0),15-13*ORÇAMENTO!$AF$11)),\n         0)","v":0},{"$f":"IF(AND($D31=\"Serviço\",AN$12<>0,$H31>0,OR(AUTOEVENTO<>\"manual\",$M31<>$A$15)),\n        IF(Import.TipoArredondamento<>\"TransfereGOV\",\n              ROUND(OFFSET($P31,0,AN$13),15-13*ORÇAMENTO!$AF$7)/$H31*OFFSET(ORÇAMENTO!$X$15,ROW(AN31)-ROW(AN$15),0),\n              ROUND(ROUND(OFFSET($P31,0,AN$13),15-13*ORÇAMENTO!$AF$7)*OFFSET(ORÇAMENTO!$W$15,ROW(AN31)-ROW(AN$15),0),15-13*ORÇAMENTO!$AF$11)),\n         0)","v":0},{"$f":"IF(AND($D31=\"Serviço\",AO$12<>0,$H31>0,OR(AUTOEVENTO<>\"manual\",$M31<>$A$15)),\n        IF(Import.TipoArredondamento<>\"TransfereGOV\",\n              ROUND(OFFSET($P31,0,AO$13),15-13*ORÇAMENTO!$AF$7)/$H31*OFFSET(ORÇAMENTO!$X$15,ROW(AO31)-ROW(AO$15),0),\n              ROUND(ROUND(OFFSET($P31,0,AO$13),15-13*ORÇAMENTO!$AF$7)*OFFSET(ORÇAMENTO!$W$15,ROW(AO31)-ROW(AO$15),0),15-13*ORÇAMENTO!$AF$11)),\n         0)","v":0},{"$f":"IF(AND($D31=\"Serviço\",AP$12<>0,$H31>0,OR(AUTOEVENTO<>\"manual\",$M31<>$A$15)),\n        IF(Import.TipoArredondamento<>\"TransfereGOV\",\n              ROUND(OFFSET($P31,0,AP$13),15-13*ORÇAMENTO!$AF$7)/$H31*OFFSET(ORÇAMENTO!$X$15,ROW(AP31)-ROW(AP$15),0),\n              ROUND(ROUND(OFFSET($P31,0,AP$13),15-13*ORÇAMENTO!$AF$7)*OFFSET(ORÇAMENTO!$W$15,ROW(AP31)-ROW(AP$15),0),15-13*ORÇAMENTO!$AF$11)),\n         0)","v":0},{"$f":"IF(AND($D31=\"Serviço\",AQ$12<>0,$H31>0,OR(AUTOEVENTO<>\"manual\",$M31<>$A$15)),\n        IF(Import.TipoArredondamento<>\"TransfereGOV\",\n              ROUND(OFFSET($P31,0,AQ$13),15-13*ORÇAMENTO!$AF$7)/$H31*OFFSET(ORÇAMENTO!$X$15,ROW(AQ31)-ROW(AQ$15),0),\n              ROUND(ROUND(OFFSET($P31,0,AQ$13),15-13*ORÇAMENTO!$AF$7)*OFFSET(ORÇAMENTO!$W$15,ROW(AQ31)-ROW(AQ$15),0),15-13*ORÇAMENTO!$AF$11)),\n         0)","v":0},{"$f":"IF(AND($D31=\"Serviço\",AR$12<>0,$H31>0,OR(AUTOEVENTO<>\"manual\",$M31<>$A$15)),\n        IF(Import.TipoArredondamento<>\"TransfereGOV\",\n              ROUND(OFFSET($P31,0,AR$13),15-13*ORÇAMENTO!$AF$7)/$H31*OFFSET(ORÇAMENTO!$X$15,ROW(AR31)-ROW(AR$15),0),\n              ROUND(ROUND(OFFSET($P31,0,AR$13),15-13*ORÇAMENTO!$AF$7)*OFFSET(ORÇAMENTO!$W$15,ROW(AR31)-ROW(AR$15),0),15-13*ORÇAMENTO!$AF$11)),\n         0)","v":0},{"$f":"IF(AND($D31=\"Serviço\",AS$12<>0,$H31>0,OR(AUTOEVENTO<>\"manual\",$M31<>$A$15)),\n        IF(Import.TipoArredondamento<>\"TransfereGOV\",\n              ROUND(OFFSET($P31,0,AS$13),15-13*ORÇAMENTO!$AF$7)/$H31*OFFSET(ORÇAMENTO!$X$15,ROW(AS31)-ROW(AS$15),0),\n              ROUND(ROUND(OFFSET($P31,0,AS$13),15-13*ORÇAMENTO!$AF$7)*OFFSET(ORÇAMENTO!$W$15,ROW(AS31)-ROW(AS$15),0),15-13*ORÇAMENTO!$AF$11)),\n         0)","v":0},{"$f":"IF(AND($D31=\"Serviço\",AT$12<>0,$H31>0,OR(AUTOEVENTO<>\"manual\",$M31<>$A$15)),\n        IF(Import.TipoArredondamento<>\"TransfereGOV\",\n              ROUND(OFFSET($P31,0,AT$13),15-13*ORÇAMENTO!$AF$7)/$H31*OFFSET(ORÇAMENTO!$X$15,ROW(AT31)-ROW(AT$15),0),\n              ROUND(ROUND(OFFSET($P31,0,AT$13),15-13*ORÇAMENTO!$AF$7)*OFFSET(ORÇAMENTO!$W$15,ROW(AT31)-ROW(AT$15),0),15-13*ORÇAMENTO!$AF$11)),\n         0)","v":0},{"$f":"IF(AND($D31=\"Serviço\",AU$12<>0,$H31>0,OR(AUTOEVENTO<>\"manual\",$M31<>$A$15)),\n        IF(Import.TipoArredondamento<>\"TransfereGOV\",\n              ROUND(OFFSET($P31,0,AU$13),15-13*ORÇAMENTO!$AF$7)/$H31*OFFSET(ORÇAMENTO!$X$15,ROW(AU31)-ROW(AU$15),0),\n              ROUND(ROUND(OFFSET($P31,0,AU$13),15-13*ORÇAMENTO!$AF$7)*OFFSET(ORÇAMENTO!$W$15,ROW(AU31)-ROW(AU$15),0),15-13*ORÇAMENTO!$AF$11)),\n         0)","v":0},{"$f":"IF(AND($D31=\"Serviço\",AV$12<>0,$H31>0,OR(AUTOEVENTO<>\"manual\",$M31<>$A$15)),\n        IF(Import.TipoArredondamento<>\"TransfereGOV\",\n              ROUND(OFFSET($P31,0,AV$13),15-13*ORÇAMENTO!$AF$7)/$H31*OFFSET(ORÇAMENTO!$X$15,ROW(AV31)-ROW(AV$15),0),\n              ROUND(ROUND(OFFSET($P31,0,AV$13),15-13*ORÇAMENTO!$AF$7)*OFFSET(ORÇAMENTO!$W$15,ROW(AV31)-ROW(AV$15),0),15-13*ORÇAMENTO!$AF$11)),\n         0)","v":0},{"$f":"IF(AND($D31=\"Serviço\",AW$12<>0,$H31>0,OR(AUTOEVENTO<>\"manual\",$M31<>$A$15)),\n        IF(Import.TipoArredondamento<>\"TransfereGOV\",\n              ROUND(OFFSET($P31,0,AW$13),15-13*ORÇAMENTO!$AF$7)/$H31*OFFSET(ORÇAMENTO!$X$15,ROW(AW31)-ROW(AW$15),0),\n              ROUND(ROUND(OFFSET($P31,0,AW$13),15-13*ORÇAMENTO!$AF$7)*OFFSET(ORÇAMENTO!$W$15,ROW(AW31)-ROW(AW$15),0),15-13*ORÇAMENTO!$AF$11)),\n         0)","v":0},{"$f":"IF(AND($D31=\"Serviço\",AX$12<>0,$H31>0,OR(AUTOEVENTO<>\"manual\",$M31<>$A$15)),\n        IF(Import.TipoArredondamento<>\"TransfereGOV\",\n              ROUND(OFFSET($P31,0,AX$13),15-13*ORÇAMENTO!$AF$7)/$H31*OFFSET(ORÇAMENTO!$X$15,ROW(AX31)-ROW(AX$15),0),\n              ROUND(ROUND(OFFSET($P31,0,AX$13),15-13*ORÇAMENTO!$AF$7)*OFFSET(ORÇAMENTO!$W$15,ROW(AX31)-ROW(AX$15),0),15-13*ORÇAMENTO!$AF$11)),\n         0)","v":0},{"$f":"IF(AND($D31=\"Serviço\",AY$12<>0,$H31>0,OR(AUTOEVENTO<>\"manual\",$M31<>$A$15)),\n        IF(Import.TipoArredondamento<>\"TransfereGOV\",\n              ROUND(OFFSET($P31,0,AY$13),15-13*ORÇAMENTO!$AF$7)/$H31*OFFSET(ORÇAMENTO!$X$15,ROW(AY31)-ROW(AY$15),0),\n              ROUND(ROUND(OFFSET($P31,0,AY$13),15-13*ORÇAMENTO!$AF$7)*OFFSET(ORÇAMENTO!$W$15,ROW(AY31)-ROW(AY$15),0),15-13*ORÇAMENTO!$AF$11)),\n         0)","v":0},{"$f":"IF(AND($D31=\"Serviço\",AZ$12<>0,$H31>0,OR(AUTOEVENTO<>\"manual\",$M31<>$A$15)),\n        IF(Import.TipoArredondamento<>\"TransfereGOV\",\n              ROUND(OFFSET($P31,0,AZ$13),15-13*ORÇAMENTO!$AF$7)/$H31*OFFSET(ORÇAMENTO!$X$15,ROW(AZ31)-ROW(AZ$15),0),\n              ROUND(ROUND(OFFSET($P31,0,AZ$13),15-13*ORÇAMENTO!$AF$7)*OFFSET(ORÇAMENTO!$W$15,ROW(AZ31)-ROW(AZ$15),0),15-13*ORÇAMENTO!$AF$11)),\n         0)","v":0},{"$f":"IF(AND($D31=\"Serviço\",BA$12<>0,$H31>0,OR(AUTOEVENTO<>\"manual\",$M31<>$A$15)),\n        IF(Import.TipoArredondamento<>\"TransfereGOV\",\n              ROUND(OFFSET($P31,0,BA$13),15-13*ORÇAMENTO!$AF$7)/$H31*OFFSET(ORÇAMENTO!$X$15,ROW(BA31)-ROW(BA$15),0),\n              ROUND(ROUND(OFFSET($P31,0,BA$13),15-13*ORÇAMENTO!$AF$7)*OFFSET(ORÇAMENTO!$W$15,ROW(BA31)-ROW(BA$15),0),15-13*ORÇAMENTO!$AF$11)),\n         0)","v":0},null,{"$f":"IF(OR($D31<>\"Serviço\",AND(AUTOEVENTO=\"Manual\",$M31=$A$15)),0,\n         IF(OFFSET(CRONOPLE!$F$15,$M31-$A$15,BC$13)=\"\",10^12,OFFSET(CRONOPLE!$F$15,$M31-$A$15,BC$13)))","v":1},{"$f":"IF(OR($D31<>\"Serviço\",AND(AUTOEVENTO=\"Manual\",$M31=$A$15)),0,\n         IF(OFFSET(CRONOPLE!$F$15,$M31-$A$15,BD$13)=\"\",10^12,OFFSET(CRONOPLE!$F$15,$M31-$A$15,BD$13)))","v":1000000000000},{"$f":"IF(OR($D31<>\"Serviço\",AND(AUTOEVENTO=\"Manual\",$M31=$A$15)),0,\n         IF(OFFSET(CRONOPLE!$F$15,$M31-$A$15,BE$13)=\"\",10^12,OFFSET(CRONOPLE!$F$15,$M31-$A$15,BE$13)))","v":1000000000000},{"$f":"IF(OR($D31<>\"Serviço\",AND(AUTOEVENTO=\"Manual\",$M31=$A$15)),0,\n         IF(OFFSET(CRONOPLE!$F$15,$M31-$A$15,BF$13)=\"\",10^12,OFFSET(CRONOPLE!$F$15,$M31-$A$15,BF$13)))","v":1000000000000},{"$f":"IF(OR($D31<>\"Serviço\",AND(AUTOEVENTO=\"Manual\",$M31=$A$15)),0,\n         IF(OFFSET(CRONOPLE!$F$15,$M31-$A$15,BG$13)=\"\",10^12,OFFSET(CRONOPLE!$F$15,$M31-$A$15,BG$13)))","v":1000000000000},{"$f":"IF(OR($D31<>\"Serviço\",AND(AUTOEVENTO=\"Manual\",$M31=$A$15)),0,\n         IF(OFFSET(CRONOPLE!$F$15,$M31-$A$15,BH$13)=\"\",10^12,OFFSET(CRONOPLE!$F$15,$M31-$A$15,BH$13)))","v":1000000000000},{"$f":"IF(OR($D31<>\"Serviço\",AND(AUTOEVENTO=\"Manual\",$M31=$A$15)),0,\n         IF(OFFSET(CRONOPLE!$F$15,$M31-$A$15,BI$13)=\"\",10^12,OFFSET(CRONOPLE!$F$15,$M31-$A$15,BI$13)))","v":1000000000000},{"$f":"IF(OR($D31<>\"Serviço\",AND(AUTOEVENTO=\"Manual\",$M31=$A$15)),0,\n         IF(OFFSET(CRONOPLE!$F$15,$M31-$A$15,BJ$13)=\"\",10^12,OFFSET(CRONOPLE!$F$15,$M31-$A$15,BJ$13)))","v":1000000000000},{"$f":"IF(OR($D31<>\"Serviço\",AND(AUTOEVENTO=\"Manual\",$M31=$A$15)),0,\n         IF(OFFSET(CRONOPLE!$F$15,$M31-$A$15,BK$13)=\"\",10^12,OFFSET(CRONOPLE!$F$15,$M31-$A$15,BK$13)))","v":1000000000000},{"$f":"IF(OR($D31<>\"Serviço\",AND(AUTOEVENTO=\"Manual\",$M31=$A$15)),0,\n         IF(OFFSET(CRONOPLE!$F$15,$M31-$A$15,BL$13)=\"\",10^12,OFFSET(CRONOPLE!$F$15,$M31-$A$15,BL$13)))","v":1000000000000},{"$f":"IF(OR($D31<>\"Serviço\",AND(AUTOEVENTO=\"Manual\",$M31=$A$15)),0,\n         IF(OFFSET(CRONOPLE!$F$15,$M31-$A$15,BM$13)=\"\",10^12,OFFSET(CRONOPLE!$F$15,$M31-$A$15,BM$13)))","v":1000000000000},{"$f":"IF(OR($D31<>\"Serviço\",AND(AUTOEVENTO=\"Manual\",$M31=$A$15)),0,\n         IF(OFFSET(CRONOPLE!$F$15,$M31-$A$15,BN$13)=\"\",10^12,OFFSET(CRONOPLE!$F$15,$M31-$A$15,BN$13)))","v":1000000000000},{"$f":"IF(OR($D31<>\"Serviço\",AND(AUTOEVENTO=\"Manual\",$M31=$A$15)),0,\n         IF(OFFSET(CRONOPLE!$F$15,$M31-$A$15,BO$13)=\"\",10^12,OFFSET(CRONOPLE!$F$15,$M31-$A$15,BO$13)))","v":1000000000000},{"$f":"IF(OR($D31<>\"Serviço\",AND(AUTOEVENTO=\"Manual\",$M31=$A$15)),0,\n         IF(OFFSET(CRONOPLE!$F$15,$M31-$A$15,BP$13)=\"\",10^12,OFFSET(CRONOPLE!$F$15,$M31-$A$15,BP$13)))","v":1000000000000},{"$f":"IF(OR($D31<>\"Serviço\",AND(AUTOEVENTO=\"Manual\",$M31=$A$15)),0,\n         IF(OFFSET(CRONOPLE!$F$15,$M31-$A$15,BQ$13)=\"\",10^12,OFFSET(CRONOPLE!$F$15,$M31-$A$15,BQ$13)))","v":1000000000000},{"$f":"IF(OR($D31<>\"Serviço\",AND(AUTOEVENTO=\"Manual\",$M31=$A$15)),0,\n         IF(OFFSET(CRONOPLE!$F$15,$M31-$A$15,BR$13)=\"\",10^12,OFFSET(CRONOPLE!$F$15,$M31-$A$15,BR$13)))","v":1000000000000},{"$f":"IF(OR($D31<>\"Serviço\",AND(AUTOEVENTO=\"Manual\",$M31=$A$15)),0,\n         IF(OFFSET(CRONOPLE!$F$15,$M31-$A$15,BS$13)=\"\",10^12,OFFSET(CRONOPLE!$F$15,$M31-$A$15,BS$13)))","v":1000000000000},{"$f":"IF(OR($D31<>\"Serviço\",AND(AUTOEVENTO=\"Manual\",$M31=$A$15)),0,\n         IF(OFFSET(CRONOPLE!$F$15,$M31-$A$15,BT$13)=\"\",10^12,OFFSET(CRONOPLE!$F$15,$M31-$A$15,BT$13)))","v":1000000000000},null,{"$f":"IF(OR($D31<>\"Serviço\",AND(AUTOEVENTO=\"Manual\",$M31=$A$15),$M31>(ROW(PLE.lastrow)-ROW(PLE.firstrow))),0,\n           IF(OFFSET(PLE!$G$15,$M31-$A$15,BV$13)=\"\",10^12,OFFSET(PLE!$G$15,$M31-$A$15,BV$13)))","v":1000000000000},{"$f":"IF(OR($D31<>\"Serviço\",AND(AUTOEVENTO=\"Manual\",$M31=$A$15),$M31>(ROW(PLE.lastrow)-ROW(PLE.firstrow))),0,\n           IF(OFFSET(PLE!$G$15,$M31-$A$15,BW$13)=\"\",10^12,OFFSET(PLE!$G$15,$M31-$A$15,BW$13)))","v":1000000000000},{"$f":"IF(OR($D31<>\"Serviço\",AND(AUTOEVENTO=\"Manual\",$M31=$A$15),$M31>(ROW(PLE.lastrow)-ROW(PLE.firstrow))),0,\n           IF(OFFSET(PLE!$G$15,$M31-$A$15,BX$13)=\"\",10^12,OFFSET(PLE!$G$15,$M31-$A$15,BX$13)))","v":1000000000000},{"$f":"IF(OR($D31<>\"Serviço\",AND(AUTOEVENTO=\"Manual\",$M31=$A$15),$M31>(ROW(PLE.lastrow)-ROW(PLE.firstrow))),0,\n           IF(OFFSET(PLE!$G$15,$M31-$A$15,BY$13)=\"\",10^12,OFFSET(PLE!$G$15,$M31-$A$15,BY$13)))","v":1000000000000},{"$f":"IF(OR($D31<>\"Serviço\",AND(AUTOEVENTO=\"Manual\",$M31=$A$15),$M31>(ROW(PLE.lastrow)-ROW(PLE.firstrow))),0,\n           IF(OFFSET(PLE!$G$15,$M31-$A$15,BZ$13)=\"\",10^12,OFFSET(PLE!$G$15,$M31-$A$15,BZ$13)))","v":1000000000000},{"$f":"IF(OR($D31<>\"Serviço\",AND(AUTOEVENTO=\"Manual\",$M31=$A$15),$M31>(ROW(PLE.lastrow)-ROW(PLE.firstrow))),0,\n           IF(OFFSET(PLE!$G$15,$M31-$A$15,CA$13)=\"\",10^12,OFFSET(PLE!$G$15,$M31-$A$15,CA$13)))","v":1000000000000},{"$f":"IF(OR($D31<>\"Serviço\",AND(AUTOEVENTO=\"Manual\",$M31=$A$15),$M31>(ROW(PLE.lastrow)-ROW(PLE.firstrow))),0,\n           IF(OFFSET(PLE!$G$15,$M31-$A$15,CB$13)=\"\",10^12,OFFSET(PLE!$G$15,$M31-$A$15,CB$13)))","v":1000000000000},{"$f":"IF(OR($D31<>\"Serviço\",AND(AUTOEVENTO=\"Manual\",$M31=$A$15),$M31>(ROW(PLE.lastrow)-ROW(PLE.firstrow))),0,\n           IF(OFFSET(PLE!$G$15,$M31-$A$15,CC$13)=\"\",10^12,OFFSET(PLE!$G$15,$M31-$A$15,CC$13)))","v":1000000000000},{"$f":"IF(OR($D31<>\"Serviço\",AND(AUTOEVENTO=\"Manual\",$M31=$A$15),$M31>(ROW(PLE.lastrow)-ROW(PLE.firstrow))),0,\n           IF(OFFSET(PLE!$G$15,$M31-$A$15,CD$13)=\"\",10^12,OFFSET(PLE!$G$15,$M31-$A$15,CD$13)))","v":1000000000000},{"$f":"IF(OR($D31<>\"Serviço\",AND(AUTOEVENTO=\"Manual\",$M31=$A$15),$M31>(ROW(PLE.lastrow)-ROW(PLE.firstrow))),0,\n           IF(OFFSET(PLE!$G$15,$M31-$A$15,CE$13)=\"\",10^12,OFFSET(PLE!$G$15,$M31-$A$15,CE$13)))","v":1000000000000},{"$f":"IF(OR($D31<>\"Serviço\",AND(AUTOEVENTO=\"Manual\",$M31=$A$15),$M31>(ROW(PLE.lastrow)-ROW(PLE.firstrow))),0,\n           IF(OFFSET(PLE!$G$15,$M31-$A$15,CF$13)=\"\",10^12,OFFSET(PLE!$G$15,$M31-$A$15,CF$13)))","v":1000000000000},{"$f":"IF(OR($D31<>\"Serviço\",AND(AUTOEVENTO=\"Manual\",$M31=$A$15),$M31>(ROW(PLE.lastrow)-ROW(PLE.firstrow))),0,\n           IF(OFFSET(PLE!$G$15,$M31-$A$15,CG$13)=\"\",10^12,OFFSET(PLE!$G$15,$M31-$A$15,CG$13)))","v":1000000000000},{"$f":"IF(OR($D31<>\"Serviço\",AND(AUTOEVENTO=\"Manual\",$M31=$A$15),$M31>(ROW(PLE.lastrow)-ROW(PLE.firstrow))),0,\n           IF(OFFSET(PLE!$G$15,$M31-$A$15,CH$13)=\"\",10^12,OFFSET(PLE!$G$15,$M31-$A$15,CH$13)))","v":1000000000000},{"$f":"IF(OR($D31<>\"Serviço\",AND(AUTOEVENTO=\"Manual\",$M31=$A$15),$M31>(ROW(PLE.lastrow)-ROW(PLE.firstrow))),0,\n           IF(OFFSET(PLE!$G$15,$M31-$A$15,CI$13)=\"\",10^12,OFFSET(PLE!$G$15,$M31-$A$15,CI$13)))","v":1000000000000},{"$f":"IF(OR($D31<>\"Serviço\",AND(AUTOEVENTO=\"Manual\",$M31=$A$15),$M31>(ROW(PLE.lastrow)-ROW(PLE.firstrow))),0,\n           IF(OFFSET(PLE!$G$15,$M31-$A$15,CJ$13)=\"\",10^12,OFFSET(PLE!$G$15,$M31-$A$15,CJ$13)))","v":1000000000000},{"$f":"IF(OR($D31<>\"Serviço\",AND(AUTOEVENTO=\"Manual\",$M31=$A$15),$M31>(ROW(PLE.lastrow)-ROW(PLE.firstrow))),0,\n           IF(OFFSET(PLE!$G$15,$M31-$A$15,CK$13)=\"\",10^12,OFFSET(PLE!$G$15,$M31-$A$15,CK$13)))","v":1000000000000},{"$f":"IF(OR($D31<>\"Serviço\",AND(AUTOEVENTO=\"Manual\",$M31=$A$15),$M31>(ROW(PLE.lastrow)-ROW(PLE.firstrow))),0,\n           IF(OFFSET(PLE!$G$15,$M31-$A$15,CL$13)=\"\",10^12,OFFSET(PLE!$G$15,$M31-$A$15,CL$13)))","v":1000000000000},{"$f":"IF(OR($D31<>\"Serviço\",AND(AUTOEVENTO=\"Manual\",$M31=$A$15),$M31>(ROW(PLE.lastrow)-ROW(PLE.firstrow))),0,\n           IF(OFFSET(PLE!$G$15,$M31-$A$15,CM$13)=\"\",10^12,OFFSET(PLE!$G$15,$M31-$A$15,CM$13)))","v":1000000000000}]
[0,{"$f":"OFFSET(ORÇAMENTO!C$15,ROW(B32)-ROW(B$15),0)","v":"S"},{"$f":"OFFSET(ORÇAMENTO!L$15,ROW(C32)-ROW(C$15),0)","v":"F"},{"$f":"OFFSET(ORÇAMENTO!N$15,ROW(D32)-ROW(D$15),0)","v":"Serviço"},{"$f":"OFFSET(ORÇAMENTO!O$15,ROW(E32)-ROW(E$15),0)","v":"1.2.8."},{"$f":"OFFSET(ORÇAMENTO!R$15,ROW(F32)-ROW(F$15),0)","v":"REATERRO MECANIZADO DE VALA COM ESCAVADEIRA HIDRÁULICA (CAPACIDADE DA CAÇAMBA: 0,8 M³/POTÊNCIA: 111 HP), LARGURA 1,5 A 2,5 M, PROFUNDIDADE 1,5 A 3,0 M, COM SOLO (SEM SUBSTITUIÇÃO) DE 1ª CATEGORIA, COM COMPACTADOR DE SOLOS DE PERCUSSÃO. AF_08/2023"},{"$f":"IF($D32<>\"Serviço\",\"\",OFFSET(ORÇAMENTO!S$15,ROW(G32)-ROW(G$15),0))","v":"M3"},{"$f":"IF($D32<>\"Serviço\",0,IF(ACOMPANHAMENTO=\"BM\",ROUND(OFFSET(ORÇAMENTO!AJ$15,ROW(H32)-ROW(H$15),0),15-13*ORÇAMENTO!$AF$7),SUMPRODUCT(($Q$1:$AI$1=1)*ROUND($Q32:$AI32,15-13*ORÇAMENTO!$AF$7))))","v":1921.36},null,{"$f":"IF(B32<>\"S\",\"\",IF(AND(ACOMPANHAMENTO=\"PLE\",AUTOEVENTO=\"Manual\",OR(H32>0,ORÇAMENTO!AC32=\"QUANT.\"),OR(K32=\"\",M32=0,N32=\"\")),\"►\",IF(AND(ACOMPANHAMENTO=\"PLE\",ORÇAMENTO!AC32=\"QUANT.\"),\"►►\",IF(AND(COUNTIF($P$11:$AI$11,\"▼\")=0,H32>0,I32=\"\"),\"◄\",\"\"))))","v":"◄"},null,".",{"$f":"IF($D32<>\"Serviço\",\"\",\n          IF(AUTOEVENTO=\"manual\",$A32,\n                IF(ISERROR(MATCH($A32,$A$15:OFFSET($A32,-1,0),0)),MAX($M$15:OFFSET(M32,-1,0))+1,\n                      INDEX($M$15:OFFSET(M32,-1,0),MATCH($A32,$A$15:OFFSET($A32,-1,0),0)))))","v":0},{"$f":"IF($D32<>\"Serviço\",\"\",\n         IF(AUTOEVENTO=\"Manual\",\n                IF($A32=0,\"<-- defina o número do agrupador\",\n                       OFFSET(EVENTOS!$D$15,$A32-$A$15,0)),\n                OFFSET($F$15,$A32,0)))","v":"<-- defina o número do agrupador"},null,null,null,null,null,null,null,null,null,null,null,null,null,null,null,null,null,null,null,null,null,{"$f":"IF(AND($D32=\"Serviço\",AJ$12<>0,$H32>0,OR(AUTOEVENTO<>\"manual\",$M32<>$A$15)),\n        IF(Import.TipoArredondamento<>\"TransfereGOV\",\n              ROUND(OFFSET($P32,0,AJ$13),15-13*ORÇAMENTO!$AF$7)/$H32*OFFSET(ORÇAMENTO!$X$15,ROW(AJ32)-ROW(AJ$15),0),\n              ROUND(ROUND(OFFSET($P32,0,AJ$13),15-13*ORÇAMENTO!$AF$7)*OFFSET(ORÇAMENTO!$W$15,ROW(AJ32)-ROW(AJ$15),0),15-13*ORÇAMENTO!$AF$11)),\n         0)","v":0},{"$f":"IF(AND($D32=\"Serviço\",AK$12<>0,$H32>0,OR(AUTOEVENTO<>\"manual\",$M32<>$A$15)),\n        IF(Import.TipoArredondamento<>\"TransfereGOV\",\n              ROUND(OFFSET($P32,0,AK$13),15-13*ORÇAMENTO!$AF$7)/$H32*OFFSET(ORÇAMENTO!$X$15,ROW(AK32)-ROW(AK$15),0),\n              ROUND(ROUND(OFFSET($P32,0,AK$13),15-13*ORÇAMENTO!$AF$7)*OFFSET(ORÇAMENTO!$W$15,ROW(AK32)-ROW(AK$15),0),15-13*ORÇAMENTO!$AF$11)),\n         0)","v":0},{"$f":"IF(AND($D32=\"Serviço\",AL$12<>0,$H32>0,OR(AUTOEVENTO<>\"manual\",$M32<>$A$15)),\n        IF(Import.TipoArredondamento<>\"TransfereGOV\",\n              ROUND(OFFSET($P32,0,AL$13),15-13*ORÇAMENTO!$AF$7)/$H32*OFFSET(ORÇAMENTO!$X$15,ROW(AL32)-ROW(AL$15),0),\n              ROUND(ROUND(OFFSET($P32,0,AL$13),15-13*ORÇAMENTO!$AF$7)*OFFSET(ORÇAMENTO!$W$15,ROW(AL32)-ROW(AL$15),0),15-13*ORÇAMENTO!$AF$11)),\n         0)","v":0},{"$f":"IF(AND($D32=\"Serviço\",AM$12<>0,$H32>0,OR(AUTOEVENTO<>\"manual\",$M32<>$A$15)),\n        IF(Import.TipoArredondamento<>\"TransfereGOV\",\n              ROUND(OFFSET($P32,0,AM$13),15-13*ORÇAMENTO!$AF$7)/$H32*OFFSET(ORÇAMENTO!$X$15,ROW(AM32)-ROW(AM$15),0),\n              ROUND(ROUND(OFFSET($P32,0,AM$13),15-13*ORÇAMENTO!$AF$7)*OFFSET(ORÇAMENTO!$W$15,ROW(AM32)-ROW(AM$15),0),15-13*ORÇAMENTO!$AF$11)),\n         0)","v":0},{"$f":"IF(AND($D32=\"Serviço\",AN$12<>0,$H32>0,OR(AUTOEVENTO<>\"manual\",$M32<>$A$15)),\n        IF(Import.TipoArredondamento<>\"TransfereGOV\",\n              ROUND(OFFSET($P32,0,AN$13),15-13*ORÇAMENTO!$AF$7)/$H32*OFFSET(ORÇAMENTO!$X$15,ROW(AN32)-ROW(AN$15),0),\n              ROUND(ROUND(OFFSET($P32,0,AN$13),15-13*ORÇAMENTO!$AF$7)*OFFSET(ORÇAMENTO!$W$15,ROW(AN32)-ROW(AN$15),0),15-13*ORÇAMENTO!$AF$11)),\n         0)","v":0},{"$f":"IF(AND($D32=\"Serviço\",AO$12<>0,$H32>0,OR(AUTOEVENTO<>\"manual\",$M32<>$A$15)),\n        IF(Import.TipoArredondamento<>\"TransfereGOV\",\n              ROUND(OFFSET($P32,0,AO$13),15-13*ORÇAMENTO!$AF$7)/$H32*OFFSET(ORÇAMENTO!$X$15,ROW(AO32)-ROW(AO$15),0),\n              ROUND(ROUND(OFFSET($P32,0,AO$13),15-13*ORÇAMENTO!$AF$7)*OFFSET(ORÇAMENTO!$W$15,ROW(AO32)-ROW(AO$15),0),15-13*ORÇAMENTO!$AF$11)),\n         0)","v":0},{"$f":"IF(AND($D32=\"Serviço\",AP$12<>0,$H32>0,OR(AUTOEVENTO<>\"manual\",$M32<>$A$15)),\n        IF(Import.TipoArredondamento<>\"TransfereGOV\",\n              ROUND(OFFSET($P32,0,AP$13),15-13*ORÇAMENTO!$AF$7)/$H32*OFFSET(ORÇAMENTO!$X$15,ROW(AP32)-ROW(AP$15),0),\n              ROUND(ROUND(OFFSET($P32,0,AP$13),15-13*ORÇAMENTO!$AF$7)*OFFSET(ORÇAMENTO!$W$15,ROW(AP32)-ROW(AP$15),0),15-13*ORÇAMENTO!$AF$11)),\n         0)","v":0},{"$f":"IF(AND($D32=\"Serviço\",AQ$12<>0,$H32>0,OR(AUTOEVENTO<>\"manual\",$M32<>$A$15)),\n        IF(Import.TipoArredondamento<>\"TransfereGOV\",\n              ROUND(OFFSET($P32,0,AQ$13),15-13*ORÇAMENTO!$AF$7)/$H32*OFFSET(ORÇAMENTO!$X$15,ROW(AQ32)-ROW(AQ$15),0),\n              ROUND(ROUND(OFFSET($P32,0,AQ$13),15-13*ORÇAMENTO!$AF$7)*OFFSET(ORÇAMENTO!$W$15,ROW(AQ32)-ROW(AQ$15),0),15-13*ORÇAMENTO!$AF$11)),\n         0)","v":0},{"$f":"IF(AND($D32=\"Serviço\",AR$12<>0,$H32>0,OR(AUTOEVENTO<>\"manual\",$M32<>$A$15)),\n        IF(Import.TipoArredondamento<>\"TransfereGOV\",\n              ROUND(OFFSET($P32,0,AR$13),15-13*ORÇAMENTO!$AF$7)/$H32*OFFSET(ORÇAMENTO!$X$15,ROW(AR32)-ROW(AR$15),0),\n              ROUND(ROUND(OFFSET($P32,0,AR$13),15-13*ORÇAMENTO!$AF$7)*OFFSET(ORÇAMENTO!$W$15,ROW(AR32)-ROW(AR$15),0),15-13*ORÇAMENTO!$AF$11)),\n         0)","v":0},{"$f":"IF(AND($D32=\"Serviço\",AS$12<>0,$H32>0,OR(AUTOEVENTO<>\"manual\",$M32<>$A$15)),\n        IF(Import.TipoArredondamento<>\"TransfereGOV\",\n              ROUND(OFFSET($P32,0,AS$13),15-13*ORÇAMENTO!$AF$7)/$H32*OFFSET(ORÇAMENTO!$X$15,ROW(AS32)-ROW(AS$15),0),\n              ROUND(ROUND(OFFSET($P32,0,AS$13),15-13*ORÇAMENTO!$AF$7)*OFFSET(ORÇAMENTO!$W$15,ROW(AS32)-ROW(AS$15),0),15-13*ORÇAMENTO!$AF$11)),\n         0)","v":0},{"$f":"IF(AND($D32=\"Serviço\",AT$12<>0,$H32>0,OR(AUTOEVENTO<>\"manual\",$M32<>$A$15)),\n        IF(Import.TipoArredondamento<>\"TransfereGOV\",\n              ROUND(OFFSET($P32,0,AT$13),15-13*ORÇAMENTO!$AF$7)/$H32*OFFSET(ORÇAMENTO!$X$15,ROW(AT32)-ROW(AT$15),0),\n              ROUND(ROUND(OFFSET($P32,0,AT$13),15-13*ORÇAMENTO!$AF$7)*OFFSET(ORÇAMENTO!$W$15,ROW(AT32)-ROW(AT$15),0),15-13*ORÇAMENTO!$AF$11)),\n         0)","v":0},{"$f":"IF(AND($D32=\"Serviço\",AU$12<>0,$H32>0,OR(AUTOEVENTO<>\"manual\",$M32<>$A$15)),\n        IF(Import.TipoArredondamento<>\"TransfereGOV\",\n              ROUND(OFFSET($P32,0,AU$13),15-13*ORÇAMENTO!$AF$7)/$H32*OFFSET(ORÇAMENTO!$X$15,ROW(AU32)-ROW(AU$15),0),\n              ROUND(ROUND(OFFSET($P32,0,AU$13),15-13*ORÇAMENTO!$AF$7)*OFFSET(ORÇAMENTO!$W$15,ROW(AU32)-ROW(AU$15),0),15-13*ORÇAMENTO!$AF$11)),\n         0)","v":0},{"$f":"IF(AND($D32=\"Serviço\",AV$12<>0,$H32>0,OR(AUTOEVENTO<>\"manual\",$M32<>$A$15)),\n        IF(Import.TipoArredondamento<>\"TransfereGOV\",\n              ROUND(OFFSET($P32,0,AV$13),15-13*ORÇAMENTO!$AF$7)/$H32*OFFSET(ORÇAMENTO!$X$15,ROW(AV32)-ROW(AV$15),0),\n              ROUND(ROUND(OFFSET($P32,0,AV$13),15-13*ORÇAMENTO!$AF$7)*OFFSET(ORÇAMENTO!$W$15,ROW(AV32)-ROW(AV$15),0),15-13*ORÇAMENTO!$AF$11)),\n         0)","v":0},{"$f":"IF(AND($D32=\"Serviço\",AW$12<>0,$H32>0,OR(AUTOEVENTO<>\"manual\",$M32<>$A$15)),\n        IF(Import.TipoArredondamento<>\"TransfereGOV\",\n              ROUND(OFFSET($P32,0,AW$13),15-13*ORÇAMENTO!$AF$7)/$H32*OFFSET(ORÇAMENTO!$X$15,ROW(AW32)-ROW(AW$15),0),\n              ROUND(ROUND(OFFSET($P32,0,AW$13),15-13*ORÇAMENTO!$AF$7)*OFFSET(ORÇAMENTO!$W$15,ROW(AW32)-ROW(AW$15),0),15-13*ORÇAMENTO!$AF$11)),\n         0)","v":0},{"$f":"IF(AND($D32=\"Serviço\",AX$12<>0,$H32>0,OR(AUTOEVENTO<>\"manual\",$M32<>$A$15)),\n        IF(Import.TipoArredondamento<>\"TransfereGOV\",\n              ROUND(OFFSET($P32,0,AX$13),15-13*ORÇAMENTO!$AF$7)/$H32*OFFSET(ORÇAMENTO!$X$15,ROW(AX32)-ROW(AX$15),0),\n              ROUND(ROUND(OFFSET($P32,0,AX$13),15-13*ORÇAMENTO!$AF$7)*OFFSET(ORÇAMENTO!$W$15,ROW(AX32)-ROW(AX$15),0),15-13*ORÇAMENTO!$AF$11)),\n         0)","v":0},{"$f":"IF(AND($D32=\"Serviço\",AY$12<>0,$H32>0,OR(AUTOEVENTO<>\"manual\",$M32<>$A$15)),\n        IF(Import.TipoArredondamento<>\"TransfereGOV\",\n              ROUND(OFFSET($P32,0,AY$13),15-13*ORÇAMENTO!$AF$7)/$H32*OFFSET(ORÇAMENTO!$X$15,ROW(AY32)-ROW(AY$15),0),\n              ROUND(ROUND(OFFSET($P32,0,AY$13),15-13*ORÇAMENTO!$AF$7)*OFFSET(ORÇAMENTO!$W$15,ROW(AY32)-ROW(AY$15),0),15-13*ORÇAMENTO!$AF$11)),\n         0)","v":0},{"$f":"IF(AND($D32=\"Serviço\",AZ$12<>0,$H32>0,OR(AUTOEVENTO<>\"manual\",$M32<>$A$15)),\n        IF(Import.TipoArredondamento<>\"TransfereGOV\",\n              ROUND(OFFSET($P32,0,AZ$13),15-13*ORÇAMENTO!$AF$7)/$H32*OFFSET(ORÇAMENTO!$X$15,ROW(AZ32)-ROW(AZ$15),0),\n              ROUND(ROUND(OFFSET($P32,0,AZ$13),15-13*ORÇAMENTO!$AF$7)*OFFSET(ORÇAMENTO!$W$15,ROW(AZ32)-ROW(AZ$15),0),15-13*ORÇAMENTO!$AF$11)),\n         0)","v":0},{"$f":"IF(AND($D32=\"Serviço\",BA$12<>0,$H32>0,OR(AUTOEVENTO<>\"manual\",$M32<>$A$15)),\n        IF(Import.TipoArredondamento<>\"TransfereGOV\",\n              ROUND(OFFSET($P32,0,BA$13),15-13*ORÇAMENTO!$AF$7)/$H32*OFFSET(ORÇAMENTO!$X$15,ROW(BA32)-ROW(BA$15),0),\n              ROUND(ROUND(OFFSET($P32,0,BA$13),15-13*ORÇAMENTO!$AF$7)*OFFSET(ORÇAMENTO!$W$15,ROW(BA32)-ROW(BA$15),0),15-13*ORÇAMENTO!$AF$11)),\n         0)","v":0},null,{"$f":"IF(OR($D32<>\"Serviço\",AND(AUTOEVENTO=\"Manual\",$M32=$A$15)),0,\n         IF(OFFSET(CRONOPLE!$F$15,$M32-$A$15,BC$13)=\"\",10^12,OFFSET(CRONOPLE!$F$15,$M32-$A$15,BC$13)))","v":0},{"$f":"IF(OR($D32<>\"Serviço\",AND(AUTOEVENTO=\"Manual\",$M32=$A$15)),0,\n         IF(OFFSET(CRONOPLE!$F$15,$M32-$A$15,BD$13)=\"\",10^12,OFFSET(CRONOPLE!$F$15,$M32-$A$15,BD$13)))","v":0},{"$f":"IF(OR($D32<>\"Serviço\",AND(AUTOEVENTO=\"Manual\",$M32=$A$15)),0,\n         IF(OFFSET(CRONOPLE!$F$15,$M32-$A$15,BE$13)=\"\",10^12,OFFSET(CRONOPLE!$F$15,$M32-$A$15,BE$13)))","v":0},{"$f":"IF(OR($D32<>\"Serviço\",AND(AUTOEVENTO=\"Manual\",$M32=$A$15)),0,\n         IF(OFFSET(CRONOPLE!$F$15,$M32-$A$15,BF$13)=\"\",10^12,OFFSET(CRONOPLE!$F$15,$M32-$A$15,BF$13)))","v":0},{"$f":"IF(OR($D32<>\"Serviço\",AND(AUTOEVENTO=\"Manual\",$M32=$A$15)),0,\n         IF(OFFSET(CRONOPLE!$F$15,$M32-$A$15,BG$13)=\"\",10^12,OFFSET(CRONOPLE!$F$15,$M32-$A$15,BG$13)))","v":0},{"$f":"IF(OR($D32<>\"Serviço\",AND(AUTOEVENTO=\"Manual\",$M32=$A$15)),0,\n         IF(OFFSET(CRONOPLE!$F$15,$M32-$A$15,BH$13)=\"\",10^12,OFFSET(CRONOPLE!$F$15,$M32-$A$15,BH$13)))","v":0},{"$f":"IF(OR($D32<>\"Serviço\",AND(AUTOEVENTO=\"Manual\",$M32=$A$15)),0,\n         IF(OFFSET(CRONOPLE!$F$15,$M32-$A$15,BI$13)=\"\",10^12,OFFSET(CRONOPLE!$F$15,$M32-$A$15,BI$13)))","v":0},{"$f":"IF(OR($D32<>\"Serviço\",AND(AUTOEVENTO=\"Manual\",$M32=$A$15)),0,\n         IF(OFFSET(CRONOPLE!$F$15,$M32-$A$15,BJ$13)=\"\",10^12,OFFSET(CRONOPLE!$F$15,$M32-$A$15,BJ$13)))","v":0},{"$f":"IF(OR($D32<>\"Serviço\",AND(AUTOEVENTO=\"Manual\",$M32=$A$15)),0,\n         IF(OFFSET(CRONOPLE!$F$15,$M32-$A$15,BK$13)=\"\",10^12,OFFSET(CRONOPLE!$F$15,$M32-$A$15,BK$13)))","v":0},{"$f":"IF(OR($D32<>\"Serviço\",AND(AUTOEVENTO=\"Manual\",$M32=$A$15)),0,\n         IF(OFFSET(CRONOPLE!$F$15,$M32-$A$15,BL$13)=\"\",10^12,OFFSET(CRONOPLE!$F$15,$M32-$A$15,BL$13)))","v":0},{"$f":"IF(OR($D32<>\"Serviço\",AND(AUTOEVENTO=\"Manual\",$M32=$A$15)),0,\n         IF(OFFSET(CRONOPLE!$F$15,$M32-$A$15,BM$13)=\"\",10^12,OFFSET(CRONOPLE!$F$15,$M32-$A$15,BM$13)))","v":0},{"$f":"IF(OR($D32<>\"Serviço\",AND(AUTOEVENTO=\"Manual\",$M32=$A$15)),0,\n         IF(OFFSET(CRONOPLE!$F$15,$M32-$A$15,BN$13)=\"\",10^12,OFFSET(CRONOPLE!$F$15,$M32-$A$15,BN$13)))","v":0},{"$f":"IF(OR($D32<>\"Serviço\",AND(AUTOEVENTO=\"Manual\",$M32=$A$15)),0,\n         IF(OFFSET(CRONOPLE!$F$15,$M32-$A$15,BO$13)=\"\",10^12,OFFSET(CRONOPLE!$F$15,$M32-$A$15,BO$13)))","v":0},{"$f":"IF(OR($D32<>\"Serviço\",AND(AUTOEVENTO=\"Manual\",$M32=$A$15)),0,\n         IF(OFFSET(CRONOPLE!$F$15,$M32-$A$15,BP$13)=\"\",10^12,OFFSET(CRONOPLE!$F$15,$M32-$A$15,BP$13)))","v":0},{"$f":"IF(OR($D32<>\"Serviço\",AND(AUTOEVENTO=\"Manual\",$M32=$A$15)),0,\n         IF(OFFSET(CRONOPLE!$F$15,$M32-$A$15,BQ$13)=\"\",10^12,OFFSET(CRONOPLE!$F$15,$M32-$A$15,BQ$13)))","v":0},{"$f":"IF(OR($D32<>\"Serviço\",AND(AUTOEVENTO=\"Manual\",$M32=$A$15)),0,\n         IF(OFFSET(CRONOPLE!$F$15,$M32-$A$15,BR$13)=\"\",10^12,OFFSET(CRONOPLE!$F$15,$M32-$A$15,BR$13)))","v":0},{"$f":"IF(OR($D32<>\"Serviço\",AND(AUTOEVENTO=\"Manual\",$M32=$A$15)),0,\n         IF(OFFSET(CRONOPLE!$F$15,$M32-$A$15,BS$13)=\"\",10^12,OFFSET(CRONOPLE!$F$15,$M32-$A$15,BS$13)))","v":0},{"$f":"IF(OR($D32<>\"Serviço\",AND(AUTOEVENTO=\"Manual\",$M32=$A$15)),0,\n         IF(OFFSET(CRONOPLE!$F$15,$M32-$A$15,BT$13)=\"\",10^12,OFFSET(CRONOPLE!$F$15,$M32-$A$15,BT$13)))","v":0},null,{"$f":"IF(OR($D32<>\"Serviço\",AND(AUTOEVENTO=\"Manual\",$M32=$A$15),$M32>(ROW(PLE.lastrow)-ROW(PLE.firstrow))),0,\n           IF(OFFSET(PLE!$G$15,$M32-$A$15,BV$13)=\"\",10^12,OFFSET(PLE!$G$15,$M32-$A$15,BV$13)))","v":0},{"$f":"IF(OR($D32<>\"Serviço\",AND(AUTOEVENTO=\"Manual\",$M32=$A$15),$M32>(ROW(PLE.lastrow)-ROW(PLE.firstrow))),0,\n           IF(OFFSET(PLE!$G$15,$M32-$A$15,BW$13)=\"\",10^12,OFFSET(PLE!$G$15,$M32-$A$15,BW$13)))","v":0},{"$f":"IF(OR($D32<>\"Serviço\",AND(AUTOEVENTO=\"Manual\",$M32=$A$15),$M32>(ROW(PLE.lastrow)-ROW(PLE.firstrow))),0,\n           IF(OFFSET(PLE!$G$15,$M32-$A$15,BX$13)=\"\",10^12,OFFSET(PLE!$G$15,$M32-$A$15,BX$13)))","v":0},{"$f":"IF(OR($D32<>\"Serviço\",AND(AUTOEVENTO=\"Manual\",$M32=$A$15),$M32>(ROW(PLE.lastrow)-ROW(PLE.firstrow))),0,\n           IF(OFFSET(PLE!$G$15,$M32-$A$15,BY$13)=\"\",10^12,OFFSET(PLE!$G$15,$M32-$A$15,BY$13)))","v":0},{"$f":"IF(OR($D32<>\"Serviço\",AND(AUTOEVENTO=\"Manual\",$M32=$A$15),$M32>(ROW(PLE.lastrow)-ROW(PLE.firstrow))),0,\n           IF(OFFSET(PLE!$G$15,$M32-$A$15,BZ$13)=\"\",10^12,OFFSET(PLE!$G$15,$M32-$A$15,BZ$13)))","v":0},{"$f":"IF(OR($D32<>\"Serviço\",AND(AUTOEVENTO=\"Manual\",$M32=$A$15),$M32>(ROW(PLE.lastrow)-ROW(PLE.firstrow))),0,\n           IF(OFFSET(PLE!$G$15,$M32-$A$15,CA$13)=\"\",10^12,OFFSET(PLE!$G$15,$M32-$A$15,CA$13)))","v":0},{"$f":"IF(OR($D32<>\"Serviço\",AND(AUTOEVENTO=\"Manual\",$M32=$A$15),$M32>(ROW(PLE.lastrow)-ROW(PLE.firstrow))),0,\n           IF(OFFSET(PLE!$G$15,$M32-$A$15,CB$13)=\"\",10^12,OFFSET(PLE!$G$15,$M32-$A$15,CB$13)))","v":0},{"$f":"IF(OR($D32<>\"Serviço\",AND(AUTOEVENTO=\"Manual\",$M32=$A$15),$M32>(ROW(PLE.lastrow)-ROW(PLE.firstrow))),0,\n           IF(OFFSET(PLE!$G$15,$M32-$A$15,CC$13)=\"\",10^12,OFFSET(PLE!$G$15,$M32-$A$15,CC$13)))","v":0},{"$f":"IF(OR($D32<>\"Serviço\",AND(AUTOEVENTO=\"Manual\",$M32=$A$15),$M32>(ROW(PLE.lastrow)-ROW(PLE.firstrow))),0,\n           IF(OFFSET(PLE!$G$15,$M32-$A$15,CD$13)=\"\",10^12,OFFSET(PLE!$G$15,$M32-$A$15,CD$13)))","v":0},{"$f":"IF(OR($D32<>\"Serviço\",AND(AUTOEVENTO=\"Manual\",$M32=$A$15),$M32>(ROW(PLE.lastrow)-ROW(PLE.firstrow))),0,\n           IF(OFFSET(PLE!$G$15,$M32-$A$15,CE$13)=\"\",10^12,OFFSET(PLE!$G$15,$M32-$A$15,CE$13)))","v":0},{"$f":"IF(OR($D32<>\"Serviço\",AND(AUTOEVENTO=\"Manual\",$M32=$A$15),$M32>(ROW(PLE.lastrow)-ROW(PLE.firstrow))),0,\n           IF(OFFSET(PLE!$G$15,$M32-$A$15,CF$13)=\"\",10^12,OFFSET(PLE!$G$15,$M32-$A$15,CF$13)))","v":0},{"$f":"IF(OR($D32<>\"Serviço\",AND(AUTOEVENTO=\"Manual\",$M32=$A$15),$M32>(ROW(PLE.lastrow)-ROW(PLE.firstrow))),0,\n           IF(OFFSET(PLE!$G$15,$M32-$A$15,CG$13)=\"\",10^12,OFFSET(PLE!$G$15,$M32-$A$15,CG$13)))","v":0},{"$f":"IF(OR($D32<>\"Serviço\",AND(AUTOEVENTO=\"Manual\",$M32=$A$15),$M32>(ROW(PLE.lastrow)-ROW(PLE.firstrow))),0,\n           IF(OFFSET(PLE!$G$15,$M32-$A$15,CH$13)=\"\",10^12,OFFSET(PLE!$G$15,$M32-$A$15,CH$13)))","v":0},{"$f":"IF(OR($D32<>\"Serviço\",AND(AUTOEVENTO=\"Manual\",$M32=$A$15),$M32>(ROW(PLE.lastrow)-ROW(PLE.firstrow))),0,\n           IF(OFFSET(PLE!$G$15,$M32-$A$15,CI$13)=\"\",10^12,OFFSET(PLE!$G$15,$M32-$A$15,CI$13)))","v":0},{"$f":"IF(OR($D32<>\"Serviço\",AND(AUTOEVENTO=\"Manual\",$M32=$A$15),$M32>(ROW(PLE.lastrow)-ROW(PLE.firstrow))),0,\n           IF(OFFSET(PLE!$G$15,$M32-$A$15,CJ$13)=\"\",10^12,OFFSET(PLE!$G$15,$M32-$A$15,CJ$13)))","v":0},{"$f":"IF(OR($D32<>\"Serviço\",AND(AUTOEVENTO=\"Manual\",$M32=$A$15),$M32>(ROW(PLE.lastrow)-ROW(PLE.firstrow))),0,\n           IF(OFFSET(PLE!$G$15,$M32-$A$15,CK$13)=\"\",10^12,OFFSET(PLE!$G$15,$M32-$A$15,CK$13)))","v":0},{"$f":"IF(OR($D32<>\"Serviço\",AND(AUTOEVENTO=\"Manual\",$M32=$A$15),$M32>(ROW(PLE.lastrow)-ROW(PLE.firstrow))),0,\n           IF(OFFSET(PLE!$G$15,$M32-$A$15,CL$13)=\"\",10^12,OFFSET(PLE!$G$15,$M32-$A$15,CL$13)))","v":0},{"$f":"IF(OR($D32<>\"Serviço\",AND(AUTOEVENTO=\"Manual\",$M32=$A$15),$M32>(ROW(PLE.lastrow)-ROW(PLE.firstrow))),0,\n           IF(OFFSET(PLE!$G$15,$M32-$A$15,CM$13)=\"\",10^12,OFFSET(PLE!$G$15,$M32-$A$15,CM$13)))","v":0}]
[0,{"$f":"OFFSET(ORÇAMENTO!C$15,ROW(B33)-ROW(B$15),0)","v":"S"},{"$f":"OFFSET(ORÇAMENTO!L$15,ROW(C33)-ROW(C$15),0)","v":"F"},{"$f":"OFFSET(ORÇAMENTO!N$15,ROW(D33)-ROW(D$15),0)","v":"Serviço"},{"$f":"OFFSET(ORÇAMENTO!O$15,ROW(E33)-ROW(E$15),0)","v":"1.2.9."},{"$f":"OFFSET(ORÇAMENTO!R$15,ROW(F33)-ROW(F$15),0)","v":"REATERRO MECANIZADO DE VALA COM ESCAVADEIRA HIDRÁULICA (CAPACIDADE DA CAÇAMBA: 0,8 M³/POTÊNCIA: 111 HP), LARGURA 1,5 A 2,5 M, PROFUNDIDADE 3,0 A 6,0 M, COM SOLO (SEM SUBSTITUIÇÃO) DE 1ª CATEGORIA, COM COMPACTADOR DE SOLOS DE PERCUSSÃO. AF_08/2023"},{"$f":"IF($D33<>\"Serviço\",\"\",OFFSET(ORÇAMENTO!S$15,ROW(G33)-ROW(G$15),0))","v":"M3"},{"$f":"IF($D33<>\"Serviço\",0,IF(ACOMPANHAMENTO=\"BM\",ROUND(OFFSET(ORÇAMENTO!AJ$15,ROW(H33)-ROW(H$15),0),15-13*ORÇAMENTO!$AF$7),SUMPRODUCT(($Q$1:$AI$1=1)*ROUND($Q33:$AI33,15-13*ORÇAMENTO!$AF$7))))","v":1583.78},null,{"$f":"IF(B33<>\"S\",\"\",IF(AND(ACOMPANHAMENTO=\"PLE\",AUTOEVENTO=\"Manual\",OR(H33>0,ORÇAMENTO!AC33=\"QUANT.\"),OR(K33=\"\",M33=0,N33=\"\")),\"►\",IF(AND(ACOMPANHAMENTO=\"PLE\",ORÇAMENTO!AC33=\"QUANT.\"),\"►►\",IF(AND(COUNTIF($P$11:$AI$11,\"▼\")=0,H33>0,I33=\"\"),\"◄\",\"\"))))","v":"◄"},null,".",{"$f":"IF($D33<>\"Serviço\",\"\",\n          IF(AUTOEVENTO=\"manual\",$A33,\n                IF(ISERROR(MATCH($A33,$A$15:OFFSET($A33,-1,0),0)),MAX($M$15:OFFSET(M33,-1,0))+1,\n                      INDEX($M$15:OFFSET(M33,-1,0),MATCH($A33,$A$15:OFFSET($A33,-1,0),0)))))","v":0},{"$f":"IF($D33<>\"Serviço\",\"\",\n         IF(AUTOEVENTO=\"Manual\",\n                IF($A33=0,\"<-- defina o número do agrupador\",\n                       OFFSET(EVENTOS!$D$15,$A33-$A$15,0)),\n                OFFSET($F$15,$A33,0)))","v":"<-- defina o número do agrupador"},null,null,null,null,null,null,null,null,null,null,null,null,null,null,null,null,null,null,null,null,null,{"$f":"IF(AND($D33=\"Serviço\",AJ$12<>0,$H33>0,OR(AUTOEVENTO<>\"manual\",$M33<>$A$15)),\n        IF(Import.TipoArredondamento<>\"TransfereGOV\",\n              ROUND(OFFSET($P33,0,AJ$13),15-13*ORÇAMENTO!$AF$7)/$H33*OFFSET(ORÇAMENTO!$X$15,ROW(AJ33)-ROW(AJ$15),0),\n              ROUND(ROUND(OFFSET($P33,0,AJ$13),15-13*ORÇAMENTO!$AF$7)*OFFSET(ORÇAMENTO!$W$15,ROW(AJ33)-ROW(AJ$15),0),15-13*ORÇAMENTO!$AF$11)),\n         0)","v":0},{"$f":"IF(AND($D33=\"Serviço\",AK$12<>0,$H33>0,OR(AUTOEVENTO<>\"manual\",$M33<>$A$15)),\n        IF(Import.TipoArredondamento<>\"TransfereGOV\",\n              ROUND(OFFSET($P33,0,AK$13),15-13*ORÇAMENTO!$AF$7)/$H33*OFFSET(ORÇAMENTO!$X$15,ROW(AK33)-ROW(AK$15),0),\n              ROUND(ROUND(OFFSET($P33,0,AK$13),15-13*ORÇAMENTO!$AF$7)*OFFSET(ORÇAMENTO!$W$15,ROW(AK33)-ROW(AK$15),0),15-13*ORÇAMENTO!$AF$11)),\n         0)","v":0},{"$f":"IF(AND($D33=\"Serviço\",AL$12<>0,$H33>0,OR(AUTOEVENTO<>\"manual\",$M33<>$A$15)),\n        IF(Import.TipoArredondamento<>\"TransfereGOV\",\n              ROUND(OFFSET($P33,0,AL$13),15-13*ORÇAMENTO!$AF$7)/$H33*OFFSET(ORÇAMENTO!$X$15,ROW(AL33)-ROW(AL$15),0),\n              ROUND(ROUND(OFFSET($P33,0,AL$13),15-13*ORÇAMENTO!$AF$7)*OFFSET(ORÇAMENTO!$W$15,ROW(AL33)-ROW(AL$15),0),15-13*ORÇAMENTO!$AF$11)),\n         0)","v":0},{"$f":"IF(AND($D33=\"Serviço\",AM$12<>0,$H33>0,OR(AUTOEVENTO<>\"manual\",$M33<>$A$15)),\n        IF(Import.TipoArredondamento<>\"TransfereGOV\",\n              ROUND(OFFSET($P33,0,AM$13),15-13*ORÇAMENTO!$AF$7)/$H33*OFFSET(ORÇAMENTO!$X$15,ROW(AM33)-ROW(AM$15),0),\n              ROUND(ROUND(OFFSET($P33,0,AM$13),15-13*ORÇAMENTO!$AF$7)*OFFSET(ORÇAMENTO!$W$15,ROW(AM33)-ROW(AM$15),0),15-13*ORÇAMENTO!$AF$11)),\n         0)","v":0},{"$f":"IF(AND($D33=\"Serviço\",AN$12<>0,$H33>0,OR(AUTOEVENTO<>\"manual\",$M33<>$A$15)),\n        IF(Import.TipoArredondamento<>\"TransfereGOV\",\n              ROUND(OFFSET($P33,0,AN$13),15-13*ORÇAMENTO!$AF$7)/$H33*OFFSET(ORÇAMENTO!$X$15,ROW(AN33)-ROW(AN$15),0),\n              ROUND(ROUND(OFFSET($P33,0,AN$13),15-13*ORÇAMENTO!$AF$7)*OFFSET(ORÇAMENTO!$W$15,ROW(AN33)-ROW(AN$15),0),15-13*ORÇAMENTO!$AF$11)),\n         0)","v":0},{"$f":"IF(AND($D33=\"Serviço\",AO$12<>0,$H33>0,OR(AUTOEVENTO<>\"manual\",$M33<>$A$15)),\n        IF(Import.TipoArredondamento<>\"TransfereGOV\",\n              ROUND(OFFSET($P33,0,AO$13),15-13*ORÇAMENTO!$AF$7)/$H33*OFFSET(ORÇAMENTO!$X$15,ROW(AO33)-ROW(AO$15),0),\n              ROUND(ROUND(OFFSET($P33,0,AO$13),15-13*ORÇAMENTO!$AF$7)*OFFSET(ORÇAMENTO!$W$15,ROW(AO33)-ROW(AO$15),0),15-13*ORÇAMENTO!$AF$11)),\n         0)","v":0},{"$f":"IF(AND($D33=\"Serviço\",AP$12<>0,$H33>0,OR(AUTOEVENTO<>\"manual\",$M33<>$A$15)),\n        IF(Import.TipoArredondamento<>\"TransfereGOV\",\n              ROUND(OFFSET($P33,0,AP$13),15-13*ORÇAMENTO!$AF$7)/$H33*OFFSET(ORÇAMENTO!$X$15,ROW(AP33)-ROW(AP$15),0),\n              ROUND(ROUND(OFFSET($P33,0,AP$13),15-13*ORÇAMENTO!$AF$7)*OFFSET(ORÇAMENTO!$W$15,ROW(AP33)-ROW(AP$15),0),15-13*ORÇAMENTO!$AF$11)),\n         0)","v":0},{"$f":"IF(AND($D33=\"Serviço\",AQ$12<>0,$H33>0,OR(AUTOEVENTO<>\"manual\",$M33<>$A$15)),\n        IF(Import.TipoArredondamento<>\"TransfereGOV\",\n              ROUND(OFFSET($P33,0,AQ$13),15-13*ORÇAMENTO!$AF$7)/$H33*OFFSET(ORÇAMENTO!$X$15,ROW(AQ33)-ROW(AQ$15),0),\n              ROUND(ROUND(OFFSET($P33,0,AQ$13),15-13*ORÇAMENTO!$AF$7)*OFFSET(ORÇAMENTO!$W$15,ROW(AQ33)-ROW(AQ$15),0),15-13*ORÇAMENTO!$AF$11)),\n         0)","v":0},{"$f":"IF(AND($D33=\"Serviço\",AR$12<>0,$H33>0,OR(AUTOEVENTO<>\"manual\",$M33<>$A$15)),\n        IF(Import.TipoArredondamento<>\"TransfereGOV\",\n              ROUND(OFFSET($P33,0,AR$13),15-13*ORÇAMENTO!$AF$7)/$H33*OFFSET(ORÇAMENTO!$X$15,ROW(AR33)-ROW(AR$15),0),\n              ROUND(ROUND(OFFSET($P33,0,AR$13),15-13*ORÇAMENTO!$AF$7)*OFFSET(ORÇAMENTO!$W$15,ROW(AR33)-ROW(AR$15),0),15-13*ORÇAMENTO!$AF$11)),\n         0)","v":0},{"$f":"IF(AND($D33=\"Serviço\",AS$12<>0,$H33>0,OR(AUTOEVENTO<>\"manual\",$M33<>$A$15)),\n        IF(Import.TipoArredondamento<>\"TransfereGOV\",\n              ROUND(OFFSET($P33,0,AS$13),15-13*ORÇAMENTO!$AF$7)/$H33*OFFSET(ORÇAMENTO!$X$15,ROW(AS33)-ROW(AS$15),0),\n              ROUND(ROUND(OFFSET($P33,0,AS$13),15-13*ORÇAMENTO!$AF$7)*OFFSET(ORÇAMENTO!$W$15,ROW(AS33)-ROW(AS$15),0),15-13*ORÇAMENTO!$AF$11)),\n         0)","v":0},{"$f":"IF(AND($D33=\"Serviço\",AT$12<>0,$H33>0,OR(AUTOEVENTO<>\"manual\",$M33<>$A$15)),\n        IF(Import.TipoArredondamento<>\"TransfereGOV\",\n              ROUND(OFFSET($P33,0,AT$13),15-13*ORÇAMENTO!$AF$7)/$H33*OFFSET(ORÇAMENTO!$X$15,ROW(AT33)-ROW(AT$15),0),\n              ROUND(ROUND(OFFSET($P33,0,AT$13),15-13*ORÇAMENTO!$AF$7)*OFFSET(ORÇAMENTO!$W$15,ROW(AT33)-ROW(AT$15),0),15-13*ORÇAMENTO!$AF$11)),\n         0)","v":0},{"$f":"IF(AND($D33=\"Serviço\",AU$12<>0,$H33>0,OR(AUTOEVENTO<>\"manual\",$M33<>$A$15)),\n        IF(Import.TipoArredondamento<>\"TransfereGOV\",\n              ROUND(OFFSET($P33,0,AU$13),15-13*ORÇAMENTO!$AF$7)/$H33*OFFSET(ORÇAMENTO!$X$15,ROW(AU33)-ROW(AU$15),0),\n              ROUND(ROUND(OFFSET($P33,0,AU$13),15-13*ORÇAMENTO!$AF$7)*OFFSET(ORÇAMENTO!$W$15,ROW(AU33)-ROW(AU$15),0),15-13*ORÇAMENTO!$AF$11)),\n         0)","v":0},{"$f":"IF(AND($D33=\"Serviço\",AV$12<>0,$H33>0,OR(AUTOEVENTO<>\"manual\",$M33<>$A$15)),\n        IF(Import.TipoArredondamento<>\"TransfereGOV\",\n              ROUND(OFFSET($P33,0,AV$13),15-13*ORÇAMENTO!$AF$7)/$H33*OFFSET(ORÇAMENTO!$X$15,ROW(AV33)-ROW(AV$15),0),\n              ROUND(ROUND(OFFSET($P33,0,AV$13),15-13*ORÇAMENTO!$AF$7)*OFFSET(ORÇAMENTO!$W$15,ROW(AV33)-ROW(AV$15),0),15-13*ORÇAMENTO!$AF$11)),\n         0)","v":0},{"$f":"IF(AND($D33=\"Serviço\",AW$12<>0,$H33>0,OR(AUTOEVENTO<>\"manual\",$M33<>$A$15)),\n        IF(Import.TipoArredondamento<>\"TransfereGOV\",\n              ROUND(OFFSET($P33,0,AW$13),15-13*ORÇAMENTO!$AF$7)/$H33*OFFSET(ORÇAMENTO!$X$15,ROW(AW33)-ROW(AW$15),0),\n              ROUND(ROUND(OFFSET($P33,0,AW$13),15-13*ORÇAMENTO!$AF$7)*OFFSET(ORÇAMENTO!$W$15,ROW(AW33)-ROW(AW$15),0),15-13*ORÇAMENTO!$AF$11)),\n         0)","v":0},{"$f":"IF(AND($D33=\"Serviço\",AX$12<>0,$H33>0,OR(AUTOEVENTO<>\"manual\",$M33<>$A$15)),\n        IF(Import.TipoArredondamento<>\"TransfereGOV\",\n              ROUND(OFFSET($P33,0,AX$13),15-13*ORÇAMENTO!$AF$7)/$H33*OFFSET(ORÇAMENTO!$X$15,ROW(AX33)-ROW(AX$15),0),\n              ROUND(ROUND(OFFSET($P33,0,AX$13),15-13*ORÇAMENTO!$AF$7)*OFFSET(ORÇAMENTO!$W$15,ROW(AX33)-ROW(AX$15),0),15-13*ORÇAMENTO!$AF$11)),\n         0)","v":0},{"$f":"IF(AND($D33=\"Serviço\",AY$12<>0,$H33>0,OR(AUTOEVENTO<>\"manual\",$M33<>$A$15)),\n        IF(Import.TipoArredondamento<>\"TransfereGOV\",\n              ROUND(OFFSET($P33,0,AY$13),15-13*ORÇAMENTO!$AF$7)/$H33*OFFSET(ORÇAMENTO!$X$15,ROW(AY33)-ROW(AY$15),0),\n              ROUND(ROUND(OFFSET($P33,0,AY$13),15-13*ORÇAMENTO!$AF$7)*OFFSET(ORÇAMENTO!$W$15,ROW(AY33)-ROW(AY$15),0),15-13*ORÇAMENTO!$AF$11)),\n         0)","v":0},{"$f":"IF(AND($D33=\"Serviço\",AZ$12<>0,$H33>0,OR(AUTOEVENTO<>\"manual\",$M33<>$A$15)),\n        IF(Import.TipoArredondamento<>\"TransfereGOV\",\n              ROUND(OFFSET($P33,0,AZ$13),15-13*ORÇAMENTO!$AF$7)/$H33*OFFSET(ORÇAMENTO!$X$15,ROW(AZ33)-ROW(AZ$15),0),\n              ROUND(ROUND(OFFSET($P33,0,AZ$13),15-13*ORÇAMENTO!$AF$7)*OFFSET(ORÇAMENTO!$W$15,ROW(AZ33)-ROW(AZ$15),0),15-13*ORÇAMENTO!$AF$11)),\n         0)","v":0},{"$f":"IF(AND($D33=\"Serviço\",BA$12<>0,$H33>0,OR(AUTOEVENTO<>\"manual\",$M33<>$A$15)),\n        IF(Import.TipoArredondamento<>\"TransfereGOV\",\n              ROUND(OFFSET($P33,0,BA$13),15-13*ORÇAMENTO!$AF$7)/$H33*OFFSET(ORÇAMENTO!$X$15,ROW(BA33)-ROW(BA$15),0),\n              ROUND(ROUND(OFFSET($P33,0,BA$13),15-13*ORÇAMENTO!$AF$7)*OFFSET(ORÇAMENTO!$W$15,ROW(BA33)-ROW(BA$15),0),15-13*ORÇAMENTO!$AF$11)),\n         0)","v":0},null,{"$f":"IF(OR($D33<>\"Serviço\",AND(AUTOEVENTO=\"Manual\",$M33=$A$15)),0,\n         IF(OFFSET(CRONOPLE!$F$15,$M33-$A$15,BC$13)=\"\",10^12,OFFSET(CRONOPLE!$F$15,$M33-$A$15,BC$13)))","v":0},{"$f":"IF(OR($D33<>\"Serviço\",AND(AUTOEVENTO=\"Manual\",$M33=$A$15)),0,\n         IF(OFFSET(CRONOPLE!$F$15,$M33-$A$15,BD$13)=\"\",10^12,OFFSET(CRONOPLE!$F$15,$M33-$A$15,BD$13)))","v":0},{"$f":"IF(OR($D33<>\"Serviço\",AND(AUTOEVENTO=\"Manual\",$M33=$A$15)),0,\n         IF(OFFSET(CRONOPLE!$F$15,$M33-$A$15,BE$13)=\"\",10^12,OFFSET(CRONOPLE!$F$15,$M33-$A$15,BE$13)))","v":0},{"$f":"IF(OR($D33<>\"Serviço\",AND(AUTOEVENTO=\"Manual\",$M33=$A$15)),0,\n         IF(OFFSET(CRONOPLE!$F$15,$M33-$A$15,BF$13)=\"\",10^12,OFFSET(CRONOPLE!$F$15,$M33-$A$15,BF$13)))","v":0},{"$f":"IF(OR($D33<>\"Serviço\",AND(AUTOEVENTO=\"Manual\",$M33=$A$15)),0,\n         IF(OFFSET(CRONOPLE!$F$15,$M33-$A$15,BG$13)=\"\",10^12,OFFSET(CRONOPLE!$F$15,$M33-$A$15,BG$13)))","v":0},{"$f":"IF(OR($D33<>\"Serviço\",AND(AUTOEVENTO=\"Manual\",$M33=$A$15)),0,\n         IF(OFFSET(CRONOPLE!$F$15,$M33-$A$15,BH$13)=\"\",10^12,OFFSET(CRONOPLE!$F$15,$M33-$A$15,BH$13)))","v":0},{"$f":"IF(OR($D33<>\"Serviço\",AND(AUTOEVENTO=\"Manual\",$M33=$A$15)),0,\n         IF(OFFSET(CRONOPLE!$F$15,$M33-$A$15,BI$13)=\"\",10^12,OFFSET(CRONOPLE!$F$15,$M33-$A$15,BI$13)))","v":0},{"$f":"IF(OR($D33<>\"Serviço\",AND(AUTOEVENTO=\"Manual\",$M33=$A$15)),0,\n         IF(OFFSET(CRONOPLE!$F$15,$M33-$A$15,BJ$13)=\"\",10^12,OFFSET(CRONOPLE!$F$15,$M33-$A$15,BJ$13)))","v":0},{"$f":"IF(OR($D33<>\"Serviço\",AND(AUTOEVENTO=\"Manual\",$M33=$A$15)),0,\n         IF(OFFSET(CRONOPLE!$F$15,$M33-$A$15,BK$13)=\"\",10^12,OFFSET(CRONOPLE!$F$15,$M33-$A$15,BK$13)))","v":0},{"$f":"IF(OR($D33<>\"Serviço\",AND(AUTOEVENTO=\"Manual\",$M33=$A$15)),0,\n         IF(OFFSET(CRONOPLE!$F$15,$M33-$A$15,BL$13)=\"\",10^12,OFFSET(CRONOPLE!$F$15,$M33-$A$15,BL$13)))","v":0},{"$f":"IF(OR($D33<>\"Serviço\",AND(AUTOEVENTO=\"Manual\",$M33=$A$15)),0,\n         IF(OFFSET(CRONOPLE!$F$15,$M33-$A$15,BM$13)=\"\",10^12,OFFSET(CRONOPLE!$F$15,$M33-$A$15,BM$13)))","v":0},{"$f":"IF(OR($D33<>\"Serviço\",AND(AUTOEVENTO=\"Manual\",$M33=$A$15)),0,\n         IF(OFFSET(CRONOPLE!$F$15,$M33-$A$15,BN$13)=\"\",10^12,OFFSET(CRONOPLE!$F$15,$M33-$A$15,BN$13)))","v":0},{"$f":"IF(OR($D33<>\"Serviço\",AND(AUTOEVENTO=\"Manual\",$M33=$A$15)),0,\n         IF(OFFSET(CRONOPLE!$F$15,$M33-$A$15,BO$13)=\"\",10^12,OFFSET(CRONOPLE!$F$15,$M33-$A$15,BO$13)))","v":0},{"$f":"IF(OR($D33<>\"Serviço\",AND(AUTOEVENTO=\"Manual\",$M33=$A$15)),0,\n         IF(OFFSET(CRONOPLE!$F$15,$M33-$A$15,BP$13)=\"\",10^12,OFFSET(CRONOPLE!$F$15,$M33-$A$15,BP$13)))","v":0},{"$f":"IF(OR($D33<>\"Serviço\",AND(AUTOEVENTO=\"Manual\",$M33=$A$15)),0,\n         IF(OFFSET(CRONOPLE!$F$15,$M33-$A$15,BQ$13)=\"\",10^12,OFFSET(CRONOPLE!$F$15,$M33-$A$15,BQ$13)))","v":0},{"$f":"IF(OR($D33<>\"Serviço\",AND(AUTOEVENTO=\"Manual\",$M33=$A$15)),0,\n         IF(OFFSET(CRONOPLE!$F$15,$M33-$A$15,BR$13)=\"\",10^12,OFFSET(CRONOPLE!$F$15,$M33-$A$15,BR$13)))","v":0},{"$f":"IF(OR($D33<>\"Serviço\",AND(AUTOEVENTO=\"Manual\",$M33=$A$15)),0,\n         IF(OFFSET(CRONOPLE!$F$15,$M33-$A$15,BS$13)=\"\",10^12,OFFSET(CRONOPLE!$F$15,$M33-$A$15,BS$13)))","v":0},{"$f":"IF(OR($D33<>\"Serviço\",AND(AUTOEVENTO=\"Manual\",$M33=$A$15)),0,\n         IF(OFFSET(CRONOPLE!$F$15,$M33-$A$15,BT$13)=\"\",10^12,OFFSET(CRONOPLE!$F$15,$M33-$A$15,BT$13)))","v":0},null,{"$f":"IF(OR($D33<>\"Serviço\",AND(AUTOEVENTO=\"Manual\",$M33=$A$15),$M33>(ROW(PLE.lastrow)-ROW(PLE.firstrow))),0,\n           IF(OFFSET(PLE!$G$15,$M33-$A$15,BV$13)=\"\",10^12,OFFSET(PLE!$G$15,$M33-$A$15,BV$13)))","v":0},{"$f":"IF(OR($D33<>\"Serviço\",AND(AUTOEVENTO=\"Manual\",$M33=$A$15),$M33>(ROW(PLE.lastrow)-ROW(PLE.firstrow))),0,\n           IF(OFFSET(PLE!$G$15,$M33-$A$15,BW$13)=\"\",10^12,OFFSET(PLE!$G$15,$M33-$A$15,BW$13)))","v":0},{"$f":"IF(OR($D33<>\"Serviço\",AND(AUTOEVENTO=\"Manual\",$M33=$A$15),$M33>(ROW(PLE.lastrow)-ROW(PLE.firstrow))),0,\n           IF(OFFSET(PLE!$G$15,$M33-$A$15,BX$13)=\"\",10^12,OFFSET(PLE!$G$15,$M33-$A$15,BX$13)))","v":0},{"$f":"IF(OR($D33<>\"Serviço\",AND(AUTOEVENTO=\"Manual\",$M33=$A$15),$M33>(ROW(PLE.lastrow)-ROW(PLE.firstrow))),0,\n           IF(OFFSET(PLE!$G$15,$M33-$A$15,BY$13)=\"\",10^12,OFFSET(PLE!$G$15,$M33-$A$15,BY$13)))","v":0},{"$f":"IF(OR($D33<>\"Serviço\",AND(AUTOEVENTO=\"Manual\",$M33=$A$15),$M33>(ROW(PLE.lastrow)-ROW(PLE.firstrow))),0,\n           IF(OFFSET(PLE!$G$15,$M33-$A$15,BZ$13)=\"\",10^12,OFFSET(PLE!$G$15,$M33-$A$15,BZ$13)))","v":0},{"$f":"IF(OR($D33<>\"Serviço\",AND(AUTOEVENTO=\"Manual\",$M33=$A$15),$M33>(ROW(PLE.lastrow)-ROW(PLE.firstrow))),0,\n           IF(OFFSET(PLE!$G$15,$M33-$A$15,CA$13)=\"\",10^12,OFFSET(PLE!$G$15,$M33-$A$15,CA$13)))","v":0},{"$f":"IF(OR($D33<>\"Serviço\",AND(AUTOEVENTO=\"Manual\",$M33=$A$15),$M33>(ROW(PLE.lastrow)-ROW(PLE.firstrow))),0,\n           IF(OFFSET(PLE!$G$15,$M33-$A$15,CB$13)=\"\",10^12,OFFSET(PLE!$G$15,$M33-$A$15,CB$13)))","v":0},{"$f":"IF(OR($D33<>\"Serviço\",AND(AUTOEVENTO=\"Manual\",$M33=$A$15),$M33>(ROW(PLE.lastrow)-ROW(PLE.firstrow))),0,\n           IF(OFFSET(PLE!$G$15,$M33-$A$15,CC$13)=\"\",10^12,OFFSET(PLE!$G$15,$M33-$A$15,CC$13)))","v":0},{"$f":"IF(OR($D33<>\"Serviço\",AND(AUTOEVENTO=\"Manual\",$M33=$A$15),$M33>(ROW(PLE.lastrow)-ROW(PLE.firstrow))),0,\n           IF(OFFSET(PLE!$G$15,$M33-$A$15,CD$13)=\"\",10^12,OFFSET(PLE!$G$15,$M33-$A$15,CD$13)))","v":0},{"$f":"IF(OR($D33<>\"Serviço\",AND(AUTOEVENTO=\"Manual\",$M33=$A$15),$M33>(ROW(PLE.lastrow)-ROW(PLE.firstrow))),0,\n           IF(OFFSET(PLE!$G$15,$M33-$A$15,CE$13)=\"\",10^12,OFFSET(PLE!$G$15,$M33-$A$15,CE$13)))","v":0},{"$f":"IF(OR($D33<>\"Serviço\",AND(AUTOEVENTO=\"Manual\",$M33=$A$15),$M33>(ROW(PLE.lastrow)-ROW(PLE.firstrow))),0,\n           IF(OFFSET(PLE!$G$15,$M33-$A$15,CF$13)=\"\",10^12,OFFSET(PLE!$G$15,$M33-$A$15,CF$13)))","v":0},{"$f":"IF(OR($D33<>\"Serviço\",AND(AUTOEVENTO=\"Manual\",$M33=$A$15),$M33>(ROW(PLE.lastrow)-ROW(PLE.firstrow))),0,\n           IF(OFFSET(PLE!$G$15,$M33-$A$15,CG$13)=\"\",10^12,OFFSET(PLE!$G$15,$M33-$A$15,CG$13)))","v":0},{"$f":"IF(OR($D33<>\"Serviço\",AND(AUTOEVENTO=\"Manual\",$M33=$A$15),$M33>(ROW(PLE.lastrow)-ROW(PLE.firstrow))),0,\n           IF(OFFSET(PLE!$G$15,$M33-$A$15,CH$13)=\"\",10^12,OFFSET(PLE!$G$15,$M33-$A$15,CH$13)))","v":0},{"$f":"IF(OR($D33<>\"Serviço\",AND(AUTOEVENTO=\"Manual\",$M33=$A$15),$M33>(ROW(PLE.lastrow)-ROW(PLE.firstrow))),0,\n           IF(OFFSET(PLE!$G$15,$M33-$A$15,CI$13)=\"\",10^12,OFFSET(PLE!$G$15,$M33-$A$15,CI$13)))","v":0},{"$f":"IF(OR($D33<>\"Serviço\",AND(AUTOEVENTO=\"Manual\",$M33=$A$15),$M33>(ROW(PLE.lastrow)-ROW(PLE.firstrow))),0,\n           IF(OFFSET(PLE!$G$15,$M33-$A$15,CJ$13)=\"\",10^12,OFFSET(PLE!$G$15,$M33-$A$15,CJ$13)))","v":0},{"$f":"IF(OR($D33<>\"Serviço\",AND(AUTOEVENTO=\"Manual\",$M33=$A$15),$M33>(ROW(PLE.lastrow)-ROW(PLE.firstrow))),0,\n           IF(OFFSET(PLE!$G$15,$M33-$A$15,CK$13)=\"\",10^12,OFFSET(PLE!$G$15,$M33-$A$15,CK$13)))","v":0},{"$f":"IF(OR($D33<>\"Serviço\",AND(AUTOEVENTO=\"Manual\",$M33=$A$15),$M33>(ROW(PLE.lastrow)-ROW(PLE.firstrow))),0,\n           IF(OFFSET(PLE!$G$15,$M33-$A$15,CL$13)=\"\",10^12,OFFSET(PLE!$G$15,$M33-$A$15,CL$13)))","v":0},{"$f":"IF(OR($D33<>\"Serviço\",AND(AUTOEVENTO=\"Manual\",$M33=$A$15),$M33>(ROW(PLE.lastrow)-ROW(PLE.firstrow))),0,\n           IF(OFFSET(PLE!$G$15,$M33-$A$15,CM$13)=\"\",10^12,OFFSET(PLE!$G$15,$M33-$A$15,CM$13)))","v":0}]
[0,{"$f":"OFFSET(ORÇAMENTO!C$15,ROW(B34)-ROW(B$15),0)","v":"S"},{"$f":"OFFSET(ORÇAMENTO!L$15,ROW(C34)-ROW(C$15),0)","v":"F"},{"$f":"OFFSET(ORÇAMENTO!N$15,ROW(D34)-ROW(D$15),0)","v":"Serviço"},{"$f":"OFFSET(ORÇAMENTO!O$15,ROW(E34)-ROW(E$15),0)","v":"1.2.10."},{"$f":"OFFSET(ORÇAMENTO!R$15,ROW(F34)-ROW(F$15),0)","v":"CARGA, MANOBRA E DESCARGA DE SOLOS E MATERIAIS GRANULARES EM CAMINHÃO BASCULANTE 14 M³ - CARGA COM ESCAVADEIRA HIDRÁULICA (CAÇAMBA DE 1,20 M³ / 155 HP) E DESCARGA LIVRE (UNIDADE: M3). AF_07/2020"},{"$f":"IF($D34<>\"Serviço\",\"\",OFFSET(ORÇAMENTO!S$15,ROW(G34)-ROW(G$15),0))","v":"M3"},{"$f":"IF($D34<>\"Serviço\",0,IF(ACOMPANHAMENTO=\"BM\",ROUND(OFFSET(ORÇAMENTO!AJ$15,ROW(H34)-ROW(H$15),0),15-13*ORÇAMENTO!$AF$7),SUMPRODUCT(($Q$1:$AI$1=1)*ROUND($Q34:$AI34,15-13*ORÇAMENTO!$AF$7))))","v":658.19},null,{"$f":"IF(B34<>\"S\",\"\",IF(AND(ACOMPANHAMENTO=\"PLE\",AUTOEVENTO=\"Manual\",OR(H34>0,ORÇAMENTO!AC34=\"QUANT.\"),OR(K34=\"\",M34=0,N34=\"\")),\"►\",IF(AND(ACOMPANHAMENTO=\"PLE\",ORÇAMENTO!AC34=\"QUANT.\"),\"►►\",IF(AND(COUNTIF($P$11:$AI$11,\"▼\")=0,H34>0,I34=\"\"),\"◄\",\"\"))))","v":"◄"},null,".",{"$f":"IF($D34<>\"Serviço\",\"\",\n          IF(AUTOEVENTO=\"manual\",$A34,\n                IF(ISERROR(MATCH($A34,$A$15:OFFSET($A34,-1,0),0)),MAX($M$15:OFFSET(M34,-1,0))+1,\n                      INDEX($M$15:OFFSET(M34,-1,0),MATCH($A34,$A$15:OFFSET($A34,-1,0),0)))))","v":0},{"$f":"IF($D34<>\"Serviço\",\"\",\n         IF(AUTOEVENTO=\"Manual\",\n                IF($A34=0,\"<-- defina o número do agrupador\",\n                       OFFSET(EVENTOS!$D$15,$A34-$A$15,0)),\n                OFFSET($F$15,$A34,0)))","v":"<-- defina o número do agrupador"},null,null,null,null,null,null,null,null,null,null,null,null,null,null,null,null,null,null,null,null,null,{"$f":"IF(AND($D34=\"Serviço\",AJ$12<>0,$H34>0,OR(AUTOEVENTO<>\"manual\",$M34<>$A$15)),\n        IF(Import.TipoArredondamento<>\"TransfereGOV\",\n              ROUND(OFFSET($P34,0,AJ$13),15-13*ORÇAMENTO!$AF$7)/$H34*OFFSET(ORÇAMENTO!$X$15,ROW(AJ34)-ROW(AJ$15),0),\n              ROUND(ROUND(OFFSET($P34,0,AJ$13),15-13*ORÇAMENTO!$AF$7)*OFFSET(ORÇAMENTO!$W$15,ROW(AJ34)-ROW(AJ$15),0),15-13*ORÇAMENTO!$AF$11)),\n         0)","v":0},{"$f":"IF(AND($D34=\"Serviço\",AK$12<>0,$H34>0,OR(AUTOEVENTO<>\"manual\",$M34<>$A$15)),\n        IF(Import.TipoArredondamento<>\"TransfereGOV\",\n              ROUND(OFFSET($P34,0,AK$13),15-13*ORÇAMENTO!$AF$7)/$H34*OFFSET(ORÇAMENTO!$X$15,ROW(AK34)-ROW(AK$15),0),\n              ROUND(ROUND(OFFSET($P34,0,AK$13),15-13*ORÇAMENTO!$AF$7)*OFFSET(ORÇAMENTO!$W$15,ROW(AK34)-ROW(AK$15),0),15-13*ORÇAMENTO!$AF$11)),\n         0)","v":0},{"$f":"IF(AND($D34=\"Serviço\",AL$12<>0,$H34>0,OR(AUTOEVENTO<>\"manual\",$M34<>$A$15)),\n        IF(Import.TipoArredondamento<>\"TransfereGOV\",\n              ROUND(OFFSET($P34,0,AL$13),15-13*ORÇAMENTO!$AF$7)/$H34*OFFSET(ORÇAMENTO!$X$15,ROW(AL34)-ROW(AL$15),0),\n              ROUND(ROUND(OFFSET($P34,0,AL$13),15-13*ORÇAMENTO!$AF$7)*OFFSET(ORÇAMENTO!$W$15,ROW(AL34)-ROW(AL$15),0),15-13*ORÇAMENTO!$AF$11)),\n         0)","v":0},{"$f":"IF(AND($D34=\"Serviço\",AM$12<>0,$H34>0,OR(AUTOEVENTO<>\"manual\",$M34<>$A$15)),\n        IF(Import.TipoArredondamento<>\"TransfereGOV\",\n              ROUND(OFFSET($P34,0,AM$13),15-13*ORÇAMENTO!$AF$7)/$H34*OFFSET(ORÇAMENTO!$X$15,ROW(AM34)-ROW(AM$15),0),\n              ROUND(ROUND(OFFSET($P34,0,AM$13),15-13*ORÇAMENTO!$AF$7)*OFFSET(ORÇAMENTO!$W$15,ROW(AM34)-ROW(AM$15),0),15-13*ORÇAMENTO!$AF$11)),\n         0)","v":0},{"$f":"IF(AND($D34=\"Serviço\",AN$12<>0,$H34>0,OR(AUTOEVENTO<>\"manual\",$M34<>$A$15)),\n        IF(Import.TipoArredondamento<>\"TransfereGOV\",\n              ROUND(OFFSET($P34,0,AN$13),15-13*ORÇAMENTO!$AF$7)/$H34*OFFSET(ORÇAMENTO!$X$15,ROW(AN34)-ROW(AN$15),0),\n              ROUND(ROUND(OFFSET($P34,0,AN$13),15-13*ORÇAMENTO!$AF$7)*OFFSET(ORÇAMENTO!$W$15,ROW(AN34)-ROW(AN$15),0),15-13*ORÇAMENTO!$AF$11)),\n         0)","v":0},{"$f":"IF(AND($D34=\"Serviço\",AO$12<>0,$H34>0,OR(AUTOEVENTO<>\"manual\",$M34<>$A$15)),\n        IF(Import.TipoArredondamento<>\"TransfereGOV\",\n              ROUND(OFFSET($P34,0,AO$13),15-13*ORÇAMENTO!$AF$7)/$H34*OFFSET(ORÇAMENTO!$X$15,ROW(AO34)-ROW(AO$15),0),\n              ROUND(ROUND(OFFSET($P34,0,AO$13),15-13*ORÇAMENTO!$AF$7)*OFFSET(ORÇAMENTO!$W$15,ROW(AO34)-ROW(AO$15),0),15-13*ORÇAMENTO!$AF$11)),\n         0)","v":0},{"$f":"IF(AND($D34=\"Serviço\",AP$12<>0,$H34>0,OR(AUTOEVENTO<>\"manual\",$M34<>$A$15)),\n        IF(Import.TipoArredondamento<>\"TransfereGOV\",\n              ROUND(OFFSET($P34,0,AP$13),15-13*ORÇAMENTO!$AF$7)/$H34*OFFSET(ORÇAMENTO!$X$15,ROW(AP34)-ROW(AP$15),0),\n              ROUND(ROUND(OFFSET($P34,0,AP$13),15-13*ORÇAMENTO!$AF$7)*OFFSET(ORÇAMENTO!$W$15,ROW(AP34)-ROW(AP$15),0),15-13*ORÇAMENTO!$AF$11)),\n         0)","v":0},{"$f":"IF(AND($D34=\"Serviço\",AQ$12<>0,$H34>0,OR(AUTOEVENTO<>\"manual\",$M34<>$A$15)),\n        IF(Import.TipoArredondamento<>\"TransfereGOV\",\n              ROUND(OFFSET($P34,0,AQ$13),15-13*ORÇAMENTO!$AF$7)/$H34*OFFSET(ORÇAMENTO!$X$15,ROW(AQ34)-ROW(AQ$15),0),\n              ROUND(ROUND(OFFSET($P34,0,AQ$13),15-13*ORÇAMENTO!$AF$7)*OFFSET(ORÇAMENTO!$W$15,ROW(AQ34)-ROW(AQ$15),0),15-13*ORÇAMENTO!$AF$11)),\n         0)","v":0},{"$f":"IF(AND($D34=\"Serviço\",AR$12<>0,$H34>0,OR(AUTOEVENTO<>\"manual\",$M34<>$A$15)),\n        IF(Import.TipoArredondamento<>\"TransfereGOV\",\n              ROUND(OFFSET($P34,0,AR$13),15-13*ORÇAMENTO!$AF$7)/$H34*OFFSET(ORÇAMENTO!$X$15,ROW(AR34)-ROW(AR$15),0),\n              ROUND(ROUND(OFFSET($P34,0,AR$13),15-13*ORÇAMENTO!$AF$7)*OFFSET(ORÇAMENTO!$W$15,ROW(AR34)-ROW(AR$15),0),15-13*ORÇAMENTO!$AF$11)),\n         0)","v":0},{"$f":"IF(AND($D34=\"Serviço\",AS$12<>0,$H34>0,OR(AUTOEVENTO<>\"manual\",$M34<>$A$15)),\n        IF(Import.TipoArredondamento<>\"TransfereGOV\",\n              ROUND(OFFSET($P34,0,AS$13),15-13*ORÇAMENTO!$AF$7)/$H34*OFFSET(ORÇAMENTO!$X$15,ROW(AS34)-ROW(AS$15),0),\n              ROUND(ROUND(OFFSET($P34,0,AS$13),15-13*ORÇAMENTO!$AF$7)*OFFSET(ORÇAMENTO!$W$15,ROW(AS34)-ROW(AS$15),0),15-13*ORÇAMENTO!$AF$11)),\n         0)","v":0},{"$f":"IF(AND($D34=\"Serviço\",AT$12<>0,$H34>0,OR(AUTOEVENTO<>\"manual\",$M34<>$A$15)),\n        IF(Import.TipoArredondamento<>\"TransfereGOV\",\n              ROUND(OFFSET($P34,0,AT$13),15-13*ORÇAMENTO!$AF$7)/$H34*OFFSET(ORÇAMENTO!$X$15,ROW(AT34)-ROW(AT$15),0),\n              ROUND(ROUND(OFFSET($P34,0,AT$13),15-13*ORÇAMENTO!$AF$7)*OFFSET(ORÇAMENTO!$W$15,ROW(AT34)-ROW(AT$15),0),15-13*ORÇAMENTO!$AF$11)),\n         0)","v":0},{"$f":"IF(AND($D34=\"Serviço\",AU$12<>0,$H34>0,OR(AUTOEVENTO<>\"manual\",$M34<>$A$15)),\n        IF(Import.TipoArredondamento<>\"TransfereGOV\",\n              ROUND(OFFSET($P34,0,AU$13),15-13*ORÇAMENTO!$AF$7)/$H34*OFFSET(ORÇAMENTO!$X$15,ROW(AU34)-ROW(AU$15),0),\n              ROUND(ROUND(OFFSET($P34,0,AU$13),15-13*ORÇAMENTO!$AF$7)*OFFSET(ORÇAMENTO!$W$15,ROW(AU34)-ROW(AU$15),0),15-13*ORÇAMENTO!$AF$11)),\n         0)","v":0},{"$f":"IF(AND($D34=\"Serviço\",AV$12<>0,$H34>0,OR(AUTOEVENTO<>\"manual\",$M34<>$A$15)),\n        IF(Import.TipoArredondamento<>\"TransfereGOV\",\n              ROUND(OFFSET($P34,0,AV$13),15-13*ORÇAMENTO!$AF$7)/$H34*OFFSET(ORÇAMENTO!$X$15,ROW(AV34)-ROW(AV$15),0),\n              ROUND(ROUND(OFFSET($P34,0,AV$13),15-13*ORÇAMENTO!$AF$7)*OFFSET(ORÇAMENTO!$W$15,ROW(AV34)-ROW(AV$15),0),15-13*ORÇAMENTO!$AF$11)),\n         0)","v":0},{"$f":"IF(AND($D34=\"Serviço\",AW$12<>0,$H34>0,OR(AUTOEVENTO<>\"manual\",$M34<>$A$15)),\n        IF(Import.TipoArredondamento<>\"TransfereGOV\",\n              ROUND(OFFSET($P34,0,AW$13),15-13*ORÇAMENTO!$AF$7)/$H34*OFFSET(ORÇAMENTO!$X$15,ROW(AW34)-ROW(AW$15),0),\n              ROUND(ROUND(OFFSET($P34,0,AW$13),15-13*ORÇAMENTO!$AF$7)*OFFSET(ORÇAMENTO!$W$15,ROW(AW34)-ROW(AW$15),0),15-13*ORÇAMENTO!$AF$11)),\n         0)","v":0},{"$f":"IF(AND($D34=\"Serviço\",AX$12<>0,$H34>0,OR(AUTOEVENTO<>\"manual\",$M34<>$A$15)),\n        IF(Import.TipoArredondamento<>\"TransfereGOV\",\n              ROUND(OFFSET($P34,0,AX$13),15-13*ORÇAMENTO!$AF$7)/$H34*OFFSET(ORÇAMENTO!$X$15,ROW(AX34)-ROW(AX$15),0),\n              ROUND(ROUND(OFFSET($P34,0,AX$13),15-13*ORÇAMENTO!$AF$7)*OFFSET(ORÇAMENTO!$W$15,ROW(AX34)-ROW(AX$15),0),15-13*ORÇAMENTO!$AF$11)),\n         0)","v":0},{"$f":"IF(AND($D34=\"Serviço\",AY$12<>0,$H34>0,OR(AUTOEVENTO<>\"manual\",$M34<>$A$15)),\n        IF(Import.TipoArredondamento<>\"TransfereGOV\",\n              ROUND(OFFSET($P34,0,AY$13),15-13*ORÇAMENTO!$AF$7)/$H34*OFFSET(ORÇAMENTO!$X$15,ROW(AY34)-ROW(AY$15),0),\n              ROUND(ROUND(OFFSET($P34,0,AY$13),15-13*ORÇAMENTO!$AF$7)*OFFSET(ORÇAMENTO!$W$15,ROW(AY34)-ROW(AY$15),0),15-13*ORÇAMENTO!$AF$11)),\n         0)","v":0},{"$f":"IF(AND($D34=\"Serviço\",AZ$12<>0,$H34>0,OR(AUTOEVENTO<>\"manual\",$M34<>$A$15)),\n        IF(Import.TipoArredondamento<>\"TransfereGOV\",\n              ROUND(OFFSET($P34,0,AZ$13),15-13*ORÇAMENTO!$AF$7)/$H34*OFFSET(ORÇAMENTO!$X$15,ROW(AZ34)-ROW(AZ$15),0),\n              ROUND(ROUND(OFFSET($P34,0,AZ$13),15-13*ORÇAMENTO!$AF$7)*OFFSET(ORÇAMENTO!$W$15,ROW(AZ34)-ROW(AZ$15),0),15-13*ORÇAMENTO!$AF$11)),\n         0)","v":0},{"$f":"IF(AND($D34=\"Serviço\",BA$12<>0,$H34>0,OR(AUTOEVENTO<>\"manual\",$M34<>$A$15)),\n        IF(Import.TipoArredondamento<>\"TransfereGOV\",\n              ROUND(OFFSET($P34,0,BA$13),15-13*ORÇAMENTO!$AF$7)/$H34*OFFSET(ORÇAMENTO!$X$15,ROW(BA34)-ROW(BA$15),0),\n              ROUND(ROUND(OFFSET($P34,0,BA$13),15-13*ORÇAMENTO!$AF$7)*OFFSET(ORÇAMENTO!$W$15,ROW(BA34)-ROW(BA$15),0),15-13*ORÇAMENTO!$AF$11)),\n         0)","v":0},null,{"$f":"IF(OR($D34<>\"Serviço\",AND(AUTOEVENTO=\"Manual\",$M34=$A$15)),0,\n         IF(OFFSET(CRONOPLE!$F$15,$M34-$A$15,BC$13)=\"\",10^12,OFFSET(CRONOPLE!$F$15,$M34-$A$15,BC$13)))","v":0},{"$f":"IF(OR($D34<>\"Serviço\",AND(AUTOEVENTO=\"Manual\",$M34=$A$15)),0,\n         IF(OFFSET(CRONOPLE!$F$15,$M34-$A$15,BD$13)=\"\",10^12,OFFSET(CRONOPLE!$F$15,$M34-$A$15,BD$13)))","v":0},{"$f":"IF(OR($D34<>\"Serviço\",AND(AUTOEVENTO=\"Manual\",$M34=$A$15)),0,\n         IF(OFFSET(CRONOPLE!$F$15,$M34-$A$15,BE$13)=\"\",10^12,OFFSET(CRONOPLE!$F$15,$M34-$A$15,BE$13)))","v":0},{"$f":"IF(OR($D34<>\"Serviço\",AND(AUTOEVENTO=\"Manual\",$M34=$A$15)),0,\n         IF(OFFSET(CRONOPLE!$F$15,$M34-$A$15,BF$13)=\"\",10^12,OFFSET(CRONOPLE!$F$15,$M34-$A$15,BF$13)))","v":0},{"$f":"IF(OR($D34<>\"Serviço\",AND(AUTOEVENTO=\"Manual\",$M34=$A$15)),0,\n         IF(OFFSET(CRONOPLE!$F$15,$M34-$A$15,BG$13)=\"\",10^12,OFFSET(CRONOPLE!$F$15,$M34-$A$15,BG$13)))","v":0},{"$f":"IF(OR($D34<>\"Serviço\",AND(AUTOEVENTO=\"Manual\",$M34=$A$15)),0,\n         IF(OFFSET(CRONOPLE!$F$15,$M34-$A$15,BH$13)=\"\",10^12,OFFSET(CRONOPLE!$F$15,$M34-$A$15,BH$13)))","v":0},{"$f":"IF(OR($D34<>\"Serviço\",AND(AUTOEVENTO=\"Manual\",$M34=$A$15)),0,\n         IF(OFFSET(CRONOPLE!$F$15,$M34-$A$15,BI$13)=\"\",10^12,OFFSET(CRONOPLE!$F$15,$M34-$A$15,BI$13)))","v":0},{"$f":"IF(OR($D34<>\"Serviço\",AND(AUTOEVENTO=\"Manual\",$M34=$A$15)),0,\n         IF(OFFSET(CRONOPLE!$F$15,$M34-$A$15,BJ$13)=\"\",10^12,OFFSET(CRONOPLE!$F$15,$M34-$A$15,BJ$13)))","v":0},{"$f":"IF(OR($D34<>\"Serviço\",AND(AUTOEVENTO=\"Manual\",$M34=$A$15)),0,\n         IF(OFFSET(CRONOPLE!$F$15,$M34-$A$15,BK$13)=\"\",10^12,OFFSET(CRONOPLE!$F$15,$M34-$A$15,BK$13)))","v":0},{"$f":"IF(OR($D34<>\"Serviço\",AND(AUTOEVENTO=\"Manual\",$M34=$A$15)),0,\n         IF(OFFSET(CRONOPLE!$F$15,$M34-$A$15,BL$13)=\"\",10^12,OFFSET(CRONOPLE!$F$15,$M34-$A$15,BL$13)))","v":0},{"$f":"IF(OR($D34<>\"Serviço\",AND(AUTOEVENTO=\"Manual\",$M34=$A$15)),0,\n         IF(OFFSET(CRONOPLE!$F$15,$M34-$A$15,BM$13)=\"\",10^12,OFFSET(CRONOPLE!$F$15,$M34-$A$15,BM$13)))","v":0},{"$f":"IF(OR($D34<>\"Serviço\",AND(AUTOEVENTO=\"Manual\",$M34=$A$15)),0,\n         IF(OFFSET(CRONOPLE!$F$15,$M34-$A$15,BN$13)=\"\",10^12,OFFSET(CRONOPLE!$F$15,$M34-$A$15,BN$13)))","v":0},{"$f":"IF(OR($D34<>\"Serviço\",AND(AUTOEVENTO=\"Manual\",$M34=$A$15)),0,\n         IF(OFFSET(CRONOPLE!$F$15,$M34-$A$15,BO$13)=\"\",10^12,OFFSET(CRONOPLE!$F$15,$M34-$A$15,BO$13)))","v":0},{"$f":"IF(OR($D34<>\"Serviço\",AND(AUTOEVENTO=\"Manual\",$M34=$A$15)),0,\n         IF(OFFSET(CRONOPLE!$F$15,$M34-$A$15,BP$13)=\"\",10^12,OFFSET(CRONOPLE!$F$15,$M34-$A$15,BP$13)))","v":0},{"$f":"IF(OR($D34<>\"Serviço\",AND(AUTOEVENTO=\"Manual\",$M34=$A$15)),0,\n         IF(OFFSET(CRONOPLE!$F$15,$M34-$A$15,BQ$13)=\"\",10^12,OFFSET(CRONOPLE!$F$15,$M34-$A$15,BQ$13)))","v":0},{"$f":"IF(OR($D34<>\"Serviço\",AND(AUTOEVENTO=\"Manual\",$M34=$A$15)),0,\n         IF(OFFSET(CRONOPLE!$F$15,$M34-$A$15,BR$13)=\"\",10^12,OFFSET(CRONOPLE!$F$15,$M34-$A$15,BR$13)))","v":0},{"$f":"IF(OR($D34<>\"Serviço\",AND(AUTOEVENTO=\"Manual\",$M34=$A$15)),0,\n         IF(OFFSET(CRONOPLE!$F$15,$M34-$A$15,BS$13)=\"\",10^12,OFFSET(CRONOPLE!$F$15,$M34-$A$15,BS$13)))","v":0},{"$f":"IF(OR($D34<>\"Serviço\",AND(AUTOEVENTO=\"Manual\",$M34=$A$15)),0,\n         IF(OFFSET(CRONOPLE!$F$15,$M34-$A$15,BT$13)=\"\",10^12,OFFSET(CRONOPLE!$F$15,$M34-$A$15,BT$13)))","v":0},null,{"$f":"IF(OR($D34<>\"Serviço\",AND(AUTOEVENTO=\"Manual\",$M34=$A$15),$M34>(ROW(PLE.lastrow)-ROW(PLE.firstrow))),0,\n           IF(OFFSET(PLE!$G$15,$M34-$A$15,BV$13)=\"\",10^12,OFFSET(PLE!$G$15,$M34-$A$15,BV$13)))","v":0},{"$f":"IF(OR($D34<>\"Serviço\",AND(AUTOEVENTO=\"Manual\",$M34=$A$15),$M34>(ROW(PLE.lastrow)-ROW(PLE.firstrow))),0,\n           IF(OFFSET(PLE!$G$15,$M34-$A$15,BW$13)=\"\",10^12,OFFSET(PLE!$G$15,$M34-$A$15,BW$13)))","v":0},{"$f":"IF(OR($D34<>\"Serviço\",AND(AUTOEVENTO=\"Manual\",$M34=$A$15),$M34>(ROW(PLE.lastrow)-ROW(PLE.firstrow))),0,\n           IF(OFFSET(PLE!$G$15,$M34-$A$15,BX$13)=\"\",10^12,OFFSET(PLE!$G$15,$M34-$A$15,BX$13)))","v":0},{"$f":"IF(OR($D34<>\"Serviço\",AND(AUTOEVENTO=\"Manual\",$M34=$A$15),$M34>(ROW(PLE.lastrow)-ROW(PLE.firstrow))),0,\n           IF(OFFSET(PLE!$G$15,$M34-$A$15,BY$13)=\"\",10^12,OFFSET(PLE!$G$15,$M34-$A$15,BY$13)))","v":0},{"$f":"IF(OR($D34<>\"Serviço\",AND(AUTOEVENTO=\"Manual\",$M34=$A$15),$M34>(ROW(PLE.lastrow)-ROW(PLE.firstrow))),0,\n           IF(OFFSET(PLE!$G$15,$M34-$A$15,BZ$13)=\"\",10^12,OFFSET(PLE!$G$15,$M34-$A$15,BZ$13)))","v":0},{"$f":"IF(OR($D34<>\"Serviço\",AND(AUTOEVENTO=\"Manual\",$M34=$A$15),$M34>(ROW(PLE.lastrow)-ROW(PLE.firstrow))),0,\n           IF(OFFSET(PLE!$G$15,$M34-$A$15,CA$13)=\"\",10^12,OFFSET(PLE!$G$15,$M34-$A$15,CA$13)))","v":0},{"$f":"IF(OR($D34<>\"Serviço\",AND(AUTOEVENTO=\"Manual\",$M34=$A$15),$M34>(ROW(PLE.lastrow)-ROW(PLE.firstrow))),0,\n           IF(OFFSET(PLE!$G$15,$M34-$A$15,CB$13)=\"\",10^12,OFFSET(PLE!$G$15,$M34-$A$15,CB$13)))","v":0},{"$f":"IF(OR($D34<>\"Serviço\",AND(AUTOEVENTO=\"Manual\",$M34=$A$15),$M34>(ROW(PLE.lastrow)-ROW(PLE.firstrow))),0,\n           IF(OFFSET(PLE!$G$15,$M34-$A$15,CC$13)=\"\",10^12,OFFSET(PLE!$G$15,$M34-$A$15,CC$13)))","v":0},{"$f":"IF(OR($D34<>\"Serviço\",AND(AUTOEVENTO=\"Manual\",$M34=$A$15),$M34>(ROW(PLE.lastrow)-ROW(PLE.firstrow))),0,\n           IF(OFFSET(PLE!$G$15,$M34-$A$15,CD$13)=\"\",10^12,OFFSET(PLE!$G$15,$M34-$A$15,CD$13)))","v":0},{"$f":"IF(OR($D34<>\"Serviço\",AND(AUTOEVENTO=\"Manual\",$M34=$A$15),$M34>(ROW(PLE.lastrow)-ROW(PLE.firstrow))),0,\n           IF(OFFSET(PLE!$G$15,$M34-$A$15,CE$13)=\"\",10^12,OFFSET(PLE!$G$15,$M34-$A$15,CE$13)))","v":0},{"$f":"IF(OR($D34<>\"Serviço\",AND(AUTOEVENTO=\"Manual\",$M34=$A$15),$M34>(ROW(PLE.lastrow)-ROW(PLE.firstrow))),0,\n           IF(OFFSET(PLE!$G$15,$M34-$A$15,CF$13)=\"\",10^12,OFFSET(PLE!$G$15,$M34-$A$15,CF$13)))","v":0},{"$f":"IF(OR($D34<>\"Serviço\",AND(AUTOEVENTO=\"Manual\",$M34=$A$15),$M34>(ROW(PLE.lastrow)-ROW(PLE.firstrow))),0,\n           IF(OFFSET(PLE!$G$15,$M34-$A$15,CG$13)=\"\",10^12,OFFSET(PLE!$G$15,$M34-$A$15,CG$13)))","v":0},{"$f":"IF(OR($D34<>\"Serviço\",AND(AUTOEVENTO=\"Manual\",$M34=$A$15),$M34>(ROW(PLE.lastrow)-ROW(PLE.firstrow))),0,\n           IF(OFFSET(PLE!$G$15,$M34-$A$15,CH$13)=\"\",10^12,OFFSET(PLE!$G$15,$M34-$A$15,CH$13)))","v":0},{"$f":"IF(OR($D34<>\"Serviço\",AND(AUTOEVENTO=\"Manual\",$M34=$A$15),$M34>(ROW(PLE.lastrow)-ROW(PLE.firstrow))),0,\n           IF(OFFSET(PLE!$G$15,$M34-$A$15,CI$13)=\"\",10^12,OFFSET(PLE!$G$15,$M34-$A$15,CI$13)))","v":0},{"$f":"IF(OR($D34<>\"Serviço\",AND(AUTOEVENTO=\"Manual\",$M34=$A$15),$M34>(ROW(PLE.lastrow)-ROW(PLE.firstrow))),0,\n           IF(OFFSET(PLE!$G$15,$M34-$A$15,CJ$13)=\"\",10^12,OFFSET(PLE!$G$15,$M34-$A$15,CJ$13)))","v":0},{"$f":"IF(OR($D34<>\"Serviço\",AND(AUTOEVENTO=\"Manual\",$M34=$A$15),$M34>(ROW(PLE.lastrow)-ROW(PLE.firstrow))),0,\n           IF(OFFSET(PLE!$G$15,$M34-$A$15,CK$13)=\"\",10^12,OFFSET(PLE!$G$15,$M34-$A$15,CK$13)))","v":0},{"$f":"IF(OR($D34<>\"Serviço\",AND(AUTOEVENTO=\"Manual\",$M34=$A$15),$M34>(ROW(PLE.lastrow)-ROW(PLE.firstrow))),0,\n           IF(OFFSET(PLE!$G$15,$M34-$A$15,CL$13)=\"\",10^12,OFFSET(PLE!$G$15,$M34-$A$15,CL$13)))","v":0},{"$f":"IF(OR($D34<>\"Serviço\",AND(AUTOEVENTO=\"Manual\",$M34=$A$15),$M34>(ROW(PLE.lastrow)-ROW(PLE.firstrow))),0,\n           IF(OFFSET(PLE!$G$15,$M34-$A$15,CM$13)=\"\",10^12,OFFSET(PLE!$G$15,$M34-$A$15,CM$13)))","v":0}]
[0,{"$f":"OFFSET(ORÇAMENTO!C$15,ROW(B35)-ROW(B$15),0)","v":"S"},{"$f":"OFFSET(ORÇAMENTO!L$15,ROW(C35)-ROW(C$15),0)","v":"F"},{"$f":"OFFSET(ORÇAMENTO!N$15,ROW(D35)-ROW(D$15),0)","v":"Serviço"},{"$f":"OFFSET(ORÇAMENTO!O$15,ROW(E35)-ROW(E$15),0)","v":"1.2.11."},{"$f":"OFFSET(ORÇAMENTO!R$15,ROW(F35)-ROW(F$15),0)","v":"TRANSPORTE COM CAMINHÃO BASCULANTE DE 14 M³, EM VIA URBANA PAVIMENTADA, DMT ATÉ 30 KM (UNIDADE: M3XKM). AF_07/2020"},{"$f":"IF($D35<>\"Serviço\",\"\",OFFSET(ORÇAMENTO!S$15,ROW(G35)-ROW(G$15),0))","v":"M3XKM"},{"$f":"IF($D35<>\"Serviço\",0,IF(ACOMPANHAMENTO=\"BM\",ROUND(OFFSET(ORÇAMENTO!AJ$15,ROW(H35)-ROW(H$15),0),15-13*ORÇAMENTO!$AF$7),SUMPRODUCT(($Q$1:$AI$1=1)*ROUND($Q35:$AI35,15-13*ORÇAMENTO!$AF$7))))","v":3290.95},null,{"$f":"IF(B35<>\"S\",\"\",IF(AND(ACOMPANHAMENTO=\"PLE\",AUTOEVENTO=\"Manual\",OR(H35>0,ORÇAMENTO!AC35=\"QUANT.\"),OR(K35=\"\",M35=0,N35=\"\")),\"►\",IF(AND(ACOMPANHAMENTO=\"PLE\",ORÇAMENTO!AC35=\"QUANT.\"),\"►►\",IF(AND(COUNTIF($P$11:$AI$11,\"▼\")=0,H35>0,I35=\"\"),\"◄\",\"\"))))","v":"◄"},null,".",{"$f":"IF($D35<>\"Serviço\",\"\",\n          IF(AUTOEVENTO=\"manual\",$A35,\n                IF(ISERROR(MATCH($A35,$A$15:OFFSET($A35,-1,0),0)),MAX($M$15:OFFSET(M35,-1,0))+1,\n                      INDEX($M$15:OFFSET(M35,-1,0),MATCH($A35,$A$15:OFFSET($A35,-1,0),0)))))","v":0},{"$f":"IF($D35<>\"Serviço\",\"\",\n         IF(AUTOEVENTO=\"Manual\",\n                IF($A35=0,\"<-- defina o número do agrupador\",\n                       OFFSET(EVENTOS!$D$15,$A35-$A$15,0)),\n                OFFSET($F$15,$A35,0)))","v":"<-- defina o número do agrupador"},null,null,null,null,null,null,null,null,null,null,null,null,null,null,null,null,null,null,null,null,null,{"$f":"IF(AND($D35=\"Serviço\",AJ$12<>0,$H35>0,OR(AUTOEVENTO<>\"manual\",$M35<>$A$15)),\n        IF(Import.TipoArredondamento<>\"TransfereGOV\",\n              ROUND(OFFSET($P35,0,AJ$13),15-13*ORÇAMENTO!$AF$7)/$H35*OFFSET(ORÇAMENTO!$X$15,ROW(AJ35)-ROW(AJ$15),0),\n              ROUND(ROUND(OFFSET($P35,0,AJ$13),15-13*ORÇAMENTO!$AF$7)*OFFSET(ORÇAMENTO!$W$15,ROW(AJ35)-ROW(AJ$15),0),15-13*ORÇAMENTO!$AF$11)),\n         0)","v":0},{"$f":"IF(AND($D35=\"Serviço\",AK$12<>0,$H35>0,OR(AUTOEVENTO<>\"manual\",$M35<>$A$15)),\n        IF(Import.TipoArredondamento<>\"TransfereGOV\",\n              ROUND(OFFSET($P35,0,AK$13),15-13*ORÇAMENTO!$AF$7)/$H35*OFFSET(ORÇAMENTO!$X$15,ROW(AK35)-ROW(AK$15),0),\n              ROUND(ROUND(OFFSET($P35,0,AK$13),15-13*ORÇAMENTO!$AF$7)*OFFSET(ORÇAMENTO!$W$15,ROW(AK35)-ROW(AK$15),0),15-13*ORÇAMENTO!$AF$11)),\n         0)","v":0},{"$f":"IF(AND($D35=\"Serviço\",AL$12<>0,$H35>0,OR(AUTOEVENTO<>\"manual\",$M35<>$A$15)),\n        IF(Import.TipoArredondamento<>\"TransfereGOV\",\n              ROUND(OFFSET($P35,0,AL$13),15-13*ORÇAMENTO!$AF$7)/$H35*OFFSET(ORÇAMENTO!$X$15,ROW(AL35)-ROW(AL$15),0),\n              ROUND(ROUND(OFFSET($P35,0,AL$13),15-13*ORÇAMENTO!$AF$7)*OFFSET(ORÇAMENTO!$W$15,ROW(AL35)-ROW(AL$15),0),15-13*ORÇAMENTO!$AF$11)),\n         0)","v":0},{"$f":"IF(AND($D35=\"Serviço\",AM$12<>0,$H35>0,OR(AUTOEVENTO<>\"manual\",$M35<>$A$15)),\n        IF(Import.TipoArredondamento<>\"TransfereGOV\",\n              ROUND(OFFSET($P35,0,AM$13),15-13*ORÇAMENTO!$AF$7)/$H35*OFFSET(ORÇAMENTO!$X$15,ROW(AM35)-ROW(AM$15),0),\n              ROUND(ROUND(OFFSET($P35,0,AM$13),15-13*ORÇAMENTO!$AF$7)*OFFSET(ORÇAMENTO!$W$15,ROW(AM35)-ROW(AM$15),0),15-13*ORÇAMENTO!$AF$11)),\n         0)","v":0},{"$f":"IF(AND($D35=\"Serviço\",AN$12<>0,$H35>0,OR(AUTOEVENTO<>\"manual\",$M35<>$A$15)),\n        IF(Import.TipoArredondamento<>\"TransfereGOV\",\n              ROUND(OFFSET($P35,0,AN$13),15-13*ORÇAMENTO!$AF$7)/$H35*OFFSET(ORÇAMENTO!$X$15,ROW(AN35)-ROW(AN$15),0),\n              ROUND(ROUND(OFFSET($P35,0,AN$13),15-13*ORÇAMENTO!$AF$7)*OFFSET(ORÇAMENTO!$W$15,ROW(AN35)-ROW(AN$15),0),15-13*ORÇAMENTO!$AF$11)),\n         0)","v":0},{"$f":"IF(AND($D35=\"Serviço\",AO$12<>0,$H35>0,OR(AUTOEVENTO<>\"manual\",$M35<>$A$15)),\n        IF(Import.TipoArredondamento<>\"TransfereGOV\",\n              ROUND(OFFSET($P35,0,AO$13),15-13*ORÇAMENTO!$AF$7)/$H35*OFFSET(ORÇAMENTO!$X$15,ROW(AO35)-ROW(AO$15),0),\n              ROUND(ROUND(OFFSET($P35,0,AO$13),15-13*ORÇAMENTO!$AF$7)*OFFSET(ORÇAMENTO!$W$15,ROW(AO35)-ROW(AO$15),0),15-13*ORÇAMENTO!$AF$11)),\n         0)","v":0},{"$f":"IF(AND($D35=\"Serviço\",AP$12<>0,$H35>0,OR(AUTOEVENTO<>\"manual\",$M35<>$A$15)),\n        IF(Import.TipoArredondamento<>\"TransfereGOV\",\n              ROUND(OFFSET($P35,0,AP$13),15-13*ORÇAMENTO!$AF$7)/$H35*OFFSET(ORÇAMENTO!$X$15,ROW(AP35)-ROW(AP$15),0),\n              ROUND(ROUND(OFFSET($P35,0,AP$13),15-13*ORÇAMENTO!$AF$7)*OFFSET(ORÇAMENTO!$W$15,ROW(AP35)-ROW(AP$15),0),15-13*ORÇAMENTO!$AF$11)),\n         0)","v":0},{"$f":"IF(AND($D35=\"Serviço\",AQ$12<>0,$H35>0,OR(AUTOEVENTO<>\"manual\",$M35<>$A$15)),\n        IF(Import.TipoArredondamento<>\"TransfereGOV\",\n              ROUND(OFFSET($P35,0,AQ$13),15-13*ORÇAMENTO!$AF$7)/$H35*OFFSET(ORÇAMENTO!$X$15,ROW(AQ35)-ROW(AQ$15),0),\n              ROUND(ROUND(OFFSET($P35,0,AQ$13),15-13*ORÇAMENTO!$AF$7)*OFFSET(ORÇAMENTO!$W$15,ROW(AQ35)-ROW(AQ$15),0),15-13*ORÇAMENTO!$AF$11)),\n         0)","v":0},{"$f":"IF(AND($D35=\"Serviço\",AR$12<>0,$H35>0,OR(AUTOEVENTO<>\"manual\",$M35<>$A$15)),\n        IF(Import.TipoArredondamento<>\"TransfereGOV\",\n              ROUND(OFFSET($P35,0,AR$13),15-13*ORÇAMENTO!$AF$7)/$H35*OFFSET(ORÇAMENTO!$X$15,ROW(AR35)-ROW(AR$15),0),\n              ROUND(ROUND(OFFSET($P35,0,AR$13),15-13*ORÇAMENTO!$AF$7)*OFFSET(ORÇAMENTO!$W$15,ROW(AR35)-ROW(AR$15),0),15-13*ORÇAMENTO!$AF$11)),\n         0)","v":0},{"$f":"IF(AND($D35=\"Serviço\",AS$12<>0,$H35>0,OR(AUTOEVENTO<>\"manual\",$M35<>$A$15)),\n        IF(Import.TipoArredondamento<>\"TransfereGOV\",\n              ROUND(OFFSET($P35,0,AS$13),15-13*ORÇAMENTO!$AF$7)/$H35*OFFSET(ORÇAMENTO!$X$15,ROW(AS35)-ROW(AS$15),0),\n              ROUND(ROUND(OFFSET($P35,0,AS$13),15-13*ORÇAMENTO!$AF$7)*OFFSET(ORÇAMENTO!$W$15,ROW(AS35)-ROW(AS$15),0),15-13*ORÇAMENTO!$AF$11)),\n         0)","v":0},{"$f":"IF(AND($D35=\"Serviço\",AT$12<>0,$H35>0,OR(AUTOEVENTO<>\"manual\",$M35<>$A$15)),\n        IF(Import.TipoArredondamento<>\"TransfereGOV\",\n              ROUND(OFFSET($P35,0,AT$13),15-13*ORÇAMENTO!$AF$7)/$H35*OFFSET(ORÇAMENTO!$X$15,ROW(AT35)-ROW(AT$15),0),\n              ROUND(ROUND(OFFSET($P35,0,AT$13),15-13*ORÇAMENTO!$AF$7)*OFFSET(ORÇAMENTO!$W$15,ROW(AT35)-ROW(AT$15),0),15-13*ORÇAMENTO!$AF$11)),\n         0)","v":0},{"$f":"IF(AND($D35=\"Serviço\",AU$12<>0,$H35>0,OR(AUTOEVENTO<>\"manual\",$M35<>$A$15)),\n        IF(Import.TipoArredondamento<>\"TransfereGOV\",\n              ROUND(OFFSET($P35,0,AU$13),15-13*ORÇAMENTO!$AF$7)/$H35*OFFSET(ORÇAMENTO!$X$15,ROW(AU35)-ROW(AU$15),0),\n              ROUND(ROUND(OFFSET($P35,0,AU$13),15-13*ORÇAMENTO!$AF$7)*OFFSET(ORÇAMENTO!$W$15,ROW(AU35)-ROW(AU$15),0),15-13*ORÇAMENTO!$AF$11)),\n         0)","v":0},{"$f":"IF(AND($D35=\"Serviço\",AV$12<>0,$H35>0,OR(AUTOEVENTO<>\"manual\",$M35<>$A$15)),\n        IF(Import.TipoArredondamento<>\"TransfereGOV\",\n              ROUND(OFFSET($P35,0,AV$13),15-13*ORÇAMENTO!$AF$7)/$H35*OFFSET(ORÇAMENTO!$X$15,ROW(AV35)-ROW(AV$15),0),\n              ROUND(ROUND(OFFSET($P35,0,AV$13),15-13*ORÇAMENTO!$AF$7)*OFFSET(ORÇAMENTO!$W$15,ROW(AV35)-ROW(AV$15),0),15-13*ORÇAMENTO!$AF$11)),\n         0)","v":0},{"$f":"IF(AND($D35=\"Serviço\",AW$12<>0,$H35>0,OR(AUTOEVENTO<>\"manual\",$M35<>$A$15)),\n        IF(Import.TipoArredondamento<>\"TransfereGOV\",\n              ROUND(OFFSET($P35,0,AW$13),15-13*ORÇAMENTO!$AF$7)/$H35*OFFSET(ORÇAMENTO!$X$15,ROW(AW35)-ROW(AW$15),0),\n              ROUND(ROUND(OFFSET($P35,0,AW$13),15-13*ORÇAMENTO!$AF$7)*OFFSET(ORÇAMENTO!$W$15,ROW(AW35)-ROW(AW$15),0),15-13*ORÇAMENTO!$AF$11)),\n         0)","v":0},{"$f":"IF(AND($D35=\"Serviço\",AX$12<>0,$H35>0,OR(AUTOEVENTO<>\"manual\",$M35<>$A$15)),\n        IF(Import.TipoArredondamento<>\"TransfereGOV\",\n              ROUND(OFFSET($P35,0,AX$13),15-13*ORÇAMENTO!$AF$7)/$H35*OFFSET(ORÇAMENTO!$X$15,ROW(AX35)-ROW(AX$15),0),\n              ROUND(ROUND(OFFSET($P35,0,AX$13),15-13*ORÇAMENTO!$AF$7)*OFFSET(ORÇAMENTO!$W$15,ROW(AX35)-ROW(AX$15),0),15-13*ORÇAMENTO!$AF$11)),\n         0)","v":0},{"$f":"IF(AND($D35=\"Serviço\",AY$12<>0,$H35>0,OR(AUTOEVENTO<>\"manual\",$M35<>$A$15)),\n        IF(Import.TipoArredondamento<>\"TransfereGOV\",\n              ROUND(OFFSET($P35,0,AY$13),15-13*ORÇAMENTO!$AF$7)/$H35*OFFSET(ORÇAMENTO!$X$15,ROW(AY35)-ROW(AY$15),0),\n              ROUND(ROUND(OFFSET($P35,0,AY$13),15-13*ORÇAMENTO!$AF$7)*OFFSET(ORÇAMENTO!$W$15,ROW(AY35)-ROW(AY$15),0),15-13*ORÇAMENTO!$AF$11)),\n         0)","v":0},{"$f":"IF(AND($D35=\"Serviço\",AZ$12<>0,$H35>0,OR(AUTOEVENTO<>\"manual\",$M35<>$A$15)),\n        IF(Import.TipoArredondamento<>\"TransfereGOV\",\n              ROUND(OFFSET($P35,0,AZ$13),15-13*ORÇAMENTO!$AF$7)/$H35*OFFSET(ORÇAMENTO!$X$15,ROW(AZ35)-ROW(AZ$15),0),\n              ROUND(ROUND(OFFSET($P35,0,AZ$13),15-13*ORÇAMENTO!$AF$7)*OFFSET(ORÇAMENTO!$W$15,ROW(AZ35)-ROW(AZ$15),0),15-13*ORÇAMENTO!$AF$11)),\n         0)","v":0},{"$f":"IF(AND($D35=\"Serviço\",BA$12<>0,$H35>0,OR(AUTOEVENTO<>\"manual\",$M35<>$A$15)),\n        IF(Import.TipoArredondamento<>\"TransfereGOV\",\n              ROUND(OFFSET($P35,0,BA$13),15-13*ORÇAMENTO!$AF$7)/$H35*OFFSET(ORÇAMENTO!$X$15,ROW(BA35)-ROW(BA$15),0),\n              ROUND(ROUND(OFFSET($P35,0,BA$13),15-13*ORÇAMENTO!$AF$7)*OFFSET(ORÇAMENTO!$W$15,ROW(BA35)-ROW(BA$15),0),15-13*ORÇAMENTO!$AF$11)),\n         0)","v":0},null,{"$f":"IF(OR($D35<>\"Serviço\",AND(AUTOEVENTO=\"Manual\",$M35=$A$15)),0,\n         IF(OFFSET(CRONOPLE!$F$15,$M35-$A$15,BC$13)=\"\",10^12,OFFSET(CRONOPLE!$F$15,$M35-$A$15,BC$13)))","v":0},{"$f":"IF(OR($D35<>\"Serviço\",AND(AUTOEVENTO=\"Manual\",$M35=$A$15)),0,\n         IF(OFFSET(CRONOPLE!$F$15,$M35-$A$15,BD$13)=\"\",10^12,OFFSET(CRONOPLE!$F$15,$M35-$A$15,BD$13)))","v":0},{"$f":"IF(OR($D35<>\"Serviço\",AND(AUTOEVENTO=\"Manual\",$M35=$A$15)),0,\n         IF(OFFSET(CRONOPLE!$F$15,$M35-$A$15,BE$13)=\"\",10^12,OFFSET(CRONOPLE!$F$15,$M35-$A$15,BE$13)))","v":0},{"$f":"IF(OR($D35<>\"Serviço\",AND(AUTOEVENTO=\"Manual\",$M35=$A$15)),0,\n         IF(OFFSET(CRONOPLE!$F$15,$M35-$A$15,BF$13)=\"\",10^12,OFFSET(CRONOPLE!$F$15,$M35-$A$15,BF$13)))","v":0},{"$f":"IF(OR($D35<>\"Serviço\",AND(AUTOEVENTO=\"Manual\",$M35=$A$15)),0,\n         IF(OFFSET(CRONOPLE!$F$15,$M35-$A$15,BG$13)=\"\",10^12,OFFSET(CRONOPLE!$F$15,$M35-$A$15,BG$13)))","v":0},{"$f":"IF(OR($D35<>\"Serviço\",AND(AUTOEVENTO=\"Manual\",$M35=$A$15)),0,\n         IF(OFFSET(CRONOPLE!$F$15,$M35-$A$15,BH$13)=\"\",10^12,OFFSET(CRONOPLE!$F$15,$M35-$A$15,BH$13)))","v":0},{"$f":"IF(OR($D35<>\"Serviço\",AND(AUTOEVENTO=\"Manual\",$M35=$A$15)),0,\n         IF(OFFSET(CRONOPLE!$F$15,$M35-$A$15,BI$13)=\"\",10^12,OFFSET(CRONOPLE!$F$15,$M35-$A$15,BI$13)))","v":0},{"$f":"IF(OR($D35<>\"Serviço\",AND(AUTOEVENTO=\"Manual\",$M35=$A$15)),0,\n         IF(OFFSET(CRONOPLE!$F$15,$M35-$A$15,BJ$13)=\"\",10^12,OFFSET(CRONOPLE!$F$15,$M35-$A$15,BJ$13)))","v":0},{"$f":"IF(OR($D35<>\"Serviço\",AND(AUTOEVENTO=\"Manual\",$M35=$A$15)),0,\n         IF(OFFSET(CRONOPLE!$F$15,$M35-$A$15,BK$13)=\"\",10^12,OFFSET(CRONOPLE!$F$15,$M35-$A$15,BK$13)))","v":0},{"$f":"IF(OR($D35<>\"Serviço\",AND(AUTOEVENTO=\"Manual\",$M35=$A$15)),0,\n         IF(OFFSET(CRONOPLE!$F$15,$M35-$A$15,BL$13)=\"\",10^12,OFFSET(CRONOPLE!$F$15,$M35-$A$15,BL$13)))","v":0},{"$f":"IF(OR($D35<>\"Serviço\",AND(AUTOEVENTO=\"Manual\",$M35=$A$15)),0,\n         IF(OFFSET(CRONOPLE!$F$15,$M35-$A$15,BM$13)=\"\",10^12,OFFSET(CRONOPLE!$F$15,$M35-$A$15,BM$13)))","v":0},{"$f":"IF(OR($D35<>\"Serviço\",AND(AUTOEVENTO=\"Manual\",$M35=$A$15)),0,\n         IF(OFFSET(CRONOPLE!$F$15,$M35-$A$15,BN$13)=\"\",10^12,OFFSET(CRONOPLE!$F$15,$M35-$A$15,BN$13)))","v":0},{"$f":"IF(OR($D35<>\"Serviço\",AND(AUTOEVENTO=\"Manual\",$M35=$A$15)),0,\n         IF(OFFSET(CRONOPLE!$F$15,$M35-$A$15,BO$13)=\"\",10^12,OFFSET(CRONOPLE!$F$15,$M35-$A$15,BO$13)))","v":0},{"$f":"IF(OR($D35<>\"Serviço\",AND(AUTOEVENTO=\"Manual\",$M35=$A$15)),0,\n         IF(OFFSET(CRONOPLE!$F$15,$M35-$A$15,BP$13)=\"\",10^12,OFFSET(CRONOPLE!$F$15,$M35-$A$15,BP$13)))","v":0},{"$f":"IF(OR($D35<>\"Serviço\",AND(AUTOEVENTO=\"Manual\",$M35=$A$15)),0,\n         IF(OFFSET(CRONOPLE!$F$15,$M35-$A$15,BQ$13)=\"\",10^12,OFFSET(CRONOPLE!$F$15,$M35-$A$15,BQ$13)))","v":0},{"$f":"IF(OR($D35<>\"Serviço\",AND(AUTOEVENTO=\"Manual\",$M35=$A$15)),0,\n         IF(OFFSET(CRONOPLE!$F$15,$M35-$A$15,BR$13)=\"\",10^12,OFFSET(CRONOPLE!$F$15,$M35-$A$15,BR$13)))","v":0},{"$f":"IF(OR($D35<>\"Serviço\",AND(AUTOEVENTO=\"Manual\",$M35=$A$15)),0,\n         IF(OFFSET(CRONOPLE!$F$15,$M35-$A$15,BS$13)=\"\",10^12,OFFSET(CRONOPLE!$F$15,$M35-$A$15,BS$13)))","v":0},{"$f":"IF(OR($D35<>\"Serviço\",AND(AUTOEVENTO=\"Manual\",$M35=$A$15)),0,\n         IF(OFFSET(CRONOPLE!$F$15,$M35-$A$15,BT$13)=\"\",10^12,OFFSET(CRONOPLE!$F$15,$M35-$A$15,BT$13)))","v":0},null,{"$f":"IF(OR($D35<>\"Serviço\",AND(AUTOEVENTO=\"Manual\",$M35=$A$15),$M35>(ROW(PLE.lastrow)-ROW(PLE.firstrow))),0,\n           IF(OFFSET(PLE!$G$15,$M35-$A$15,BV$13)=\"\",10^12,OFFSET(PLE!$G$15,$M35-$A$15,BV$13)))","v":0},{"$f":"IF(OR($D35<>\"Serviço\",AND(AUTOEVENTO=\"Manual\",$M35=$A$15),$M35>(ROW(PLE.lastrow)-ROW(PLE.firstrow))),0,\n           IF(OFFSET(PLE!$G$15,$M35-$A$15,BW$13)=\"\",10^12,OFFSET(PLE!$G$15,$M35-$A$15,BW$13)))","v":0},{"$f":"IF(OR($D35<>\"Serviço\",AND(AUTOEVENTO=\"Manual\",$M35=$A$15),$M35>(ROW(PLE.lastrow)-ROW(PLE.firstrow))),0,\n           IF(OFFSET(PLE!$G$15,$M35-$A$15,BX$13)=\"\",10^12,OFFSET(PLE!$G$15,$M35-$A$15,BX$13)))","v":0},{"$f":"IF(OR($D35<>\"Serviço\",AND(AUTOEVENTO=\"Manual\",$M35=$A$15),$M35>(ROW(PLE.lastrow)-ROW(PLE.firstrow))),0,\n           IF(OFFSET(PLE!$G$15,$M35-$A$15,BY$13)=\"\",10^12,OFFSET(PLE!$G$15,$M35-$A$15,BY$13)))","v":0},{"$f":"IF(OR($D35<>\"Serviço\",AND(AUTOEVENTO=\"Manual\",$M35=$A$15),$M35>(ROW(PLE.lastrow)-ROW(PLE.firstrow))),0,\n           IF(OFFSET(PLE!$G$15,$M35-$A$15,BZ$13)=\"\",10^12,OFFSET(PLE!$G$15,$M35-$A$15,BZ$13)))","v":0},{"$f":"IF(OR($D35<>\"Serviço\",AND(AUTOEVENTO=\"Manual\",$M35=$A$15),$M35>(ROW(PLE.lastrow)-ROW(PLE.firstrow))),0,\n           IF(OFFSET(PLE!$G$15,$M35-$A$15,CA$13)=\"\",10^12,OFFSET(PLE!$G$15,$M35-$A$15,CA$13)))","v":0},{"$f":"IF(OR($D35<>\"Serviço\",AND(AUTOEVENTO=\"Manual\",$M35=$A$15),$M35>(ROW(PLE.lastrow)-ROW(PLE.firstrow))),0,\n           IF(OFFSET(PLE!$G$15,$M35-$A$15,CB$13)=\"\",10^12,OFFSET(PLE!$G$15,$M35-$A$15,CB$13)))","v":0},{"$f":"IF(OR($D35<>\"Serviço\",AND(AUTOEVENTO=\"Manual\",$M35=$A$15),$M35>(ROW(PLE.lastrow)-ROW(PLE.firstrow))),0,\n           IF(OFFSET(PLE!$G$15,$M35-$A$15,CC$13)=\"\",10^12,OFFSET(PLE!$G$15,$M35-$A$15,CC$13)))","v":0},{"$f":"IF(OR($D35<>\"Serviço\",AND(AUTOEVENTO=\"Manual\",$M35=$A$15),$M35>(ROW(PLE.lastrow)-ROW(PLE.firstrow))),0,\n           IF(OFFSET(PLE!$G$15,$M35-$A$15,CD$13)=\"\",10^12,OFFSET(PLE!$G$15,$M35-$A$15,CD$13)))","v":0},{"$f":"IF(OR($D35<>\"Serviço\",AND(AUTOEVENTO=\"Manual\",$M35=$A$15),$M35>(ROW(PLE.lastrow)-ROW(PLE.firstrow))),0,\n           IF(OFFSET(PLE!$G$15,$M35-$A$15,CE$13)=\"\",10^12,OFFSET(PLE!$G$15,$M35-$A$15,CE$13)))","v":0},{"$f":"IF(OR($D35<>\"Serviço\",AND(AUTOEVENTO=\"Manual\",$M35=$A$15),$M35>(ROW(PLE.lastrow)-ROW(PLE.firstrow))),0,\n           IF(OFFSET(PLE!$G$15,$M35-$A$15,CF$13)=\"\",10^12,OFFSET(PLE!$G$15,$M35-$A$15,CF$13)))","v":0},{"$f":"IF(OR($D35<>\"Serviço\",AND(AUTOEVENTO=\"Manual\",$M35=$A$15),$M35>(ROW(PLE.lastrow)-ROW(PLE.firstrow))),0,\n           IF(OFFSET(PLE!$G$15,$M35-$A$15,CG$13)=\"\",10^12,OFFSET(PLE!$G$15,$M35-$A$15,CG$13)))","v":0},{"$f":"IF(OR($D35<>\"Serviço\",AND(AUTOEVENTO=\"Manual\",$M35=$A$15),$M35>(ROW(PLE.lastrow)-ROW(PLE.firstrow))),0,\n           IF(OFFSET(PLE!$G$15,$M35-$A$15,CH$13)=\"\",10^12,OFFSET(PLE!$G$15,$M35-$A$15,CH$13)))","v":0},{"$f":"IF(OR($D35<>\"Serviço\",AND(AUTOEVENTO=\"Manual\",$M35=$A$15),$M35>(ROW(PLE.lastrow)-ROW(PLE.firstrow))),0,\n           IF(OFFSET(PLE!$G$15,$M35-$A$15,CI$13)=\"\",10^12,OFFSET(PLE!$G$15,$M35-$A$15,CI$13)))","v":0},{"$f":"IF(OR($D35<>\"Serviço\",AND(AUTOEVENTO=\"Manual\",$M35=$A$15),$M35>(ROW(PLE.lastrow)-ROW(PLE.firstrow))),0,\n           IF(OFFSET(PLE!$G$15,$M35-$A$15,CJ$13)=\"\",10^12,OFFSET(PLE!$G$15,$M35-$A$15,CJ$13)))","v":0},{"$f":"IF(OR($D35<>\"Serviço\",AND(AUTOEVENTO=\"Manual\",$M35=$A$15),$M35>(ROW(PLE.lastrow)-ROW(PLE.firstrow))),0,\n           IF(OFFSET(PLE!$G$15,$M35-$A$15,CK$13)=\"\",10^12,OFFSET(PLE!$G$15,$M35-$A$15,CK$13)))","v":0},{"$f":"IF(OR($D35<>\"Serviço\",AND(AUTOEVENTO=\"Manual\",$M35=$A$15),$M35>(ROW(PLE.lastrow)-ROW(PLE.firstrow))),0,\n           IF(OFFSET(PLE!$G$15,$M35-$A$15,CL$13)=\"\",10^12,OFFSET(PLE!$G$15,$M35-$A$15,CL$13)))","v":0},{"$f":"IF(OR($D35<>\"Serviço\",AND(AUTOEVENTO=\"Manual\",$M35=$A$15),$M35>(ROW(PLE.lastrow)-ROW(PLE.firstrow))),0,\n           IF(OFFSET(PLE!$G$15,$M35-$A$15,CM$13)=\"\",10^12,OFFSET(PLE!$G$15,$M35-$A$15,CM$13)))","v":0}]
[{"$f":"IF(AUTOEVENTO=\"Manual\",IF(K36<>\"\",MIN(VALUE(LEFT(K36,FIND(\".\",K36)-1)),COUNTA(EVENTOS.Lista)),0),IF(OR($B36>AUTOEVENTO,$B36=\"S\",$B36=0),SUBSTITUTE(OFFSET($A36,-1,0),IF($D36=\"Serviço\",\".\",\"\"),\"\"),ROW(A36)-ROW($A$15)&\".\"))","v":0},{"$f":"OFFSET(ORÇAMENTO!C$15,ROW(B36)-ROW(B$15),0)","v":2},{"$f":"OFFSET(ORÇAMENTO!L$15,ROW(C36)-ROW(C$15),0)","v":"F"},{"$f":"OFFSET(ORÇAMENTO!N$15,ROW(D36)-ROW(D$15),0)","v":"Nível 2"},{"$f":"OFFSET(ORÇAMENTO!O$15,ROW(E36)-ROW(E$15),0)","v":"1.3."},{"$f":"OFFSET(ORÇAMENTO!R$15,ROW(F36)-ROW(F$15),0)","v":"DRENAGEM - DISPOSITIVOS ESTRUTURAIS"},{"$f":"IF($D36<>\"Serviço\",\"\",OFFSET(ORÇAMENTO!S$15,ROW(G36)-ROW(G$15),0))","v":""},{"$f":"IF($D36<>\"Serviço\",0,IF(ACOMPANHAMENTO=\"BM\",ROUND(OFFSET(ORÇAMENTO!AJ$15,ROW(H36)-ROW(H$15),0),15-13*ORÇAMENTO!$AF$7),SUMPRODUCT(($Q$1:$AI$1=1)*ROUND($Q36:$AI36,15-13*ORÇAMENTO!$AF$7))))","v":0},null,{"$f":"IF(B36<>\"S\",\"\",IF(AND(ACOMPANHAMENTO=\"PLE\",AUTOEVENTO=\"Manual\",OR(H36>0,ORÇAMENTO!AC36=\"QUANT.\"),OR(K36=\"\",M36=0,N36=\"\")),\"►\",IF(AND(ACOMPANHAMENTO=\"PLE\",ORÇAMENTO!AC36=\"QUANT.\"),\"►►\",IF(AND(COUNTIF($P$11:$AI$11,\"▼\")=0,H36>0,I36=\"\"),\"◄\",\"\"))))","v":""},null,".",{"$f":"IF($D36<>\"Serviço\",\"\",\n          IF(AUTOEVENTO=\"manual\",$A36,\n                IF(ISERROR(MATCH($A36,$A$15:OFFSET($A36,-1,0),0)),MAX($M$15:OFFSET(M36,-1,0))+1,\n                      INDEX($M$15:OFFSET(M36,-1,0),MATCH($A36,$A$15:OFFSET($A36,-1,0),0)))))","v":""},{"$f":"IF($D36<>\"Serviço\",\"\",\n         IF(AUTOEVENTO=\"Manual\",\n                IF($A36=0,\"<-- defina o número do agrupador\",\n                       OFFSET(EVENTOS!$D$15,$A36-$A$15,0)),\n                OFFSET($F$15,$A36,0)))","v":""},null,null,null,1010.4000000000001,null,null,null,null,null,null,null,null,null,null,null,null,null,null,null,null,null,{"$f":"IF(AND($D36=\"Serviço\",AJ$12<>0,$H36>0,OR(AUTOEVENTO<>\"manual\",$M36<>$A$15)),\n        IF(Import.TipoArredondamento<>\"TransfereGOV\",\n              ROUND(OFFSET($P36,0,AJ$13),15-13*ORÇAMENTO!$AF$7)/$H36*OFFSET(ORÇAMENTO!$X$15,ROW(AJ36)-ROW(AJ$15),0),\n              ROUND(ROUND(OFFSET($P36,0,AJ$13),15-13*ORÇAMENTO!$AF$7)*OFFSET(ORÇAMENTO!$W$15,ROW(AJ36)-ROW(AJ$15),0),15-13*ORÇAMENTO!$AF$11)),\n         0)","v":0},{"$f":"IF(AND($D36=\"Serviço\",AK$12<>0,$H36>0,OR(AUTOEVENTO<>\"manual\",$M36<>$A$15)),\n        IF(Import.TipoArredondamento<>\"TransfereGOV\",\n              ROUND(OFFSET($P36,0,AK$13),15-13*ORÇAMENTO!$AF$7)/$H36*OFFSET(ORÇAMENTO!$X$15,ROW(AK36)-ROW(AK$15),0),\n              ROUND(ROUND(OFFSET($P36,0,AK$13),15-13*ORÇAMENTO!$AF$7)*OFFSET(ORÇAMENTO!$W$15,ROW(AK36)-ROW(AK$15),0),15-13*ORÇAMENTO!$AF$11)),\n         0)","v":0},{"$f":"IF(AND($D36=\"Serviço\",AL$12<>0,$H36>0,OR(AUTOEVENTO<>\"manual\",$M36<>$A$15)),\n        IF(Import.TipoArredondamento<>\"TransfereGOV\",\n              ROUND(OFFSET($P36,0,AL$13),15-13*ORÇAMENTO!$AF$7)/$H36*OFFSET(ORÇAMENTO!$X$15,ROW(AL36)-ROW(AL$15),0),\n              ROUND(ROUND(OFFSET($P36,0,AL$13),15-13*ORÇAMENTO!$AF$7)*OFFSET(ORÇAMENTO!$W$15,ROW(AL36)-ROW(AL$15),0),15-13*ORÇAMENTO!$AF$11)),\n         0)","v":0},{"$f":"IF(AND($D36=\"Serviço\",AM$12<>0,$H36>0,OR(AUTOEVENTO<>\"manual\",$M36<>$A$15)),\n        IF(Import.TipoArredondamento<>\"TransfereGOV\",\n              ROUND(OFFSET($P36,0,AM$13),15-13*ORÇAMENTO!$AF$7)/$H36*OFFSET(ORÇAMENTO!$X$15,ROW(AM36)-ROW(AM$15),0),\n              ROUND(ROUND(OFFSET($P36,0,AM$13),15-13*ORÇAMENTO!$AF$7)*OFFSET(ORÇAMENTO!$W$15,ROW(AM36)-ROW(AM$15),0),15-13*ORÇAMENTO!$AF$11)),\n         0)","v":0},{"$f":"IF(AND($D36=\"Serviço\",AN$12<>0,$H36>0,OR(AUTOEVENTO<>\"manual\",$M36<>$A$15)),\n        IF(Import.TipoArredondamento<>\"TransfereGOV\",\n              ROUND(OFFSET($P36,0,AN$13),15-13*ORÇAMENTO!$AF$7)/$H36*OFFSET(ORÇAMENTO!$X$15,ROW(AN36)-ROW(AN$15),0),\n              ROUND(ROUND(OFFSET($P36,0,AN$13),15-13*ORÇAMENTO!$AF$7)*OFFSET(ORÇAMENTO!$W$15,ROW(AN36)-ROW(AN$15),0),15-13*ORÇAMENTO!$AF$11)),\n         0)","v":0},{"$f":"IF(AND($D36=\"Serviço\",AO$12<>0,$H36>0,OR(AUTOEVENTO<>\"manual\",$M36<>$A$15)),\n        IF(Import.TipoArredondamento<>\"TransfereGOV\",\n              ROUND(OFFSET($P36,0,AO$13),15-13*ORÇAMENTO!$AF$7)/$H36*OFFSET(ORÇAMENTO!$X$15,ROW(AO36)-ROW(AO$15),0),\n              ROUND(ROUND(OFFSET($P36,0,AO$13),15-13*ORÇAMENTO!$AF$7)*OFFSET(ORÇAMENTO!$W$15,ROW(AO36)-ROW(AO$15),0),15-13*ORÇAMENTO!$AF$11)),\n         0)","v":0},{"$f":"IF(AND($D36=\"Serviço\",AP$12<>0,$H36>0,OR(AUTOEVENTO<>\"manual\",$M36<>$A$15)),\n        IF(Import.TipoArredondamento<>\"TransfereGOV\",\n              ROUND(OFFSET($P36,0,AP$13),15-13*ORÇAMENTO!$AF$7)/$H36*OFFSET(ORÇAMENTO!$X$15,ROW(AP36)-ROW(AP$15),0),\n              ROUND(ROUND(OFFSET($P36,0,AP$13),15-13*ORÇAMENTO!$AF$7)*OFFSET(ORÇAMENTO!$W$15,ROW(AP36)-ROW(AP$15),0),15-13*ORÇAMENTO!$AF$11)),\n         0)","v":0},{"$f":"IF(AND($D36=\"Serviço\",AQ$12<>0,$H36>0,OR(AUTOEVENTO<>\"manual\",$M36<>$A$15)),\n        IF(Import.TipoArredondamento<>\"TransfereGOV\",\n              ROUND(OFFSET($P36,0,AQ$13),15-13*ORÇAMENTO!$AF$7)/$H36*OFFSET(ORÇAMENTO!$X$15,ROW(AQ36)-ROW(AQ$15),0),\n              ROUND(ROUND(OFFSET($P36,0,AQ$13),15-13*ORÇAMENTO!$AF$7)*OFFSET(ORÇAMENTO!$W$15,ROW(AQ36)-ROW(AQ$15),0),15-13*ORÇAMENTO!$AF$11)),\n         0)","v":0},{"$f":"IF(AND($D36=\"Serviço\",AR$12<>0,$H36>0,OR(AUTOEVENTO<>\"manual\",$M36<>$A$15)),\n        IF(Import.TipoArredondamento<>\"TransfereGOV\",\n              ROUND(OFFSET($P36,0,AR$13),15-13*ORÇAMENTO!$AF$7)/$H36*OFFSET(ORÇAMENTO!$X$15,ROW(AR36)-ROW(AR$15),0),\n              ROUND(ROUND(OFFSET($P36,0,AR$13),15-13*ORÇAMENTO!$AF$7)*OFFSET(ORÇAMENTO!$W$15,ROW(AR36)-ROW(AR$15),0),15-13*ORÇAMENTO!$AF$11)),\n         0)","v":0},{"$f":"IF(AND($D36=\"Serviço\",AS$12<>0,$H36>0,OR(AUTOEVENTO<>\"manual\",$M36<>$A$15)),\n        IF(Import.TipoArredondamento<>\"TransfereGOV\",\n              ROUND(OFFSET($P36,0,AS$13),15-13*ORÇAMENTO!$AF$7)/$H36*OFFSET(ORÇAMENTO!$X$15,ROW(AS36)-ROW(AS$15),0),\n              ROUND(ROUND(OFFSET($P36,0,AS$13),15-13*ORÇAMENTO!$AF$7)*OFFSET(ORÇAMENTO!$W$15,ROW(AS36)-ROW(AS$15),0),15-13*ORÇAMENTO!$AF$11)),\n         0)","v":0},{"$f":"IF(AND($D36=\"Serviço\",AT$12<>0,$H36>0,OR(AUTOEVENTO<>\"manual\",$M36<>$A$15)),\n        IF(Import.TipoArredondamento<>\"TransfereGOV\",\n              ROUND(OFFSET($P36,0,AT$13),15-13*ORÇAMENTO!$AF$7)/$H36*OFFSET(ORÇAMENTO!$X$15,ROW(AT36)-ROW(AT$15),0),\n              ROUND(ROUND(OFFSET($P36,0,AT$13),15-13*ORÇAMENTO!$AF$7)*OFFSET(ORÇAMENTO!$W$15,ROW(AT36)-ROW(AT$15),0),15-13*ORÇAMENTO!$AF$11)),\n         0)","v":0},{"$f":"IF(AND($D36=\"Serviço\",AU$12<>0,$H36>0,OR(AUTOEVENTO<>\"manual\",$M36<>$A$15)),\n        IF(Import.TipoArredondamento<>\"TransfereGOV\",\n              ROUND(OFFSET($P36,0,AU$13),15-13*ORÇAMENTO!$AF$7)/$H36*OFFSET(ORÇAMENTO!$X$15,ROW(AU36)-ROW(AU$15),0),\n              ROUND(ROUND(OFFSET($P36,0,AU$13),15-13*ORÇAMENTO!$AF$7)*OFFSET(ORÇAMENTO!$W$15,ROW(AU36)-ROW(AU$15),0),15-13*ORÇAMENTO!$AF$11)),\n         0)","v":0},{"$f":"IF(AND($D36=\"Serviço\",AV$12<>0,$H36>0,OR(AUTOEVENTO<>\"manual\",$M36<>$A$15)),\n        IF(Import.TipoArredondamento<>\"TransfereGOV\",\n              ROUND(OFFSET($P36,0,AV$13),15-13*ORÇAMENTO!$AF$7)/$H36*OFFSET(ORÇAMENTO!$X$15,ROW(AV36)-ROW(AV$15),0),\n              ROUND(ROUND(OFFSET($P36,0,AV$13),15-13*ORÇAMENTO!$AF$7)*OFFSET(ORÇAMENTO!$W$15,ROW(AV36)-ROW(AV$15),0),15-13*ORÇAMENTO!$AF$11)),\n         0)","v":0},{"$f":"IF(AND($D36=\"Serviço\",AW$12<>0,$H36>0,OR(AUTOEVENTO<>\"manual\",$M36<>$A$15)),\n        IF(Import.TipoArredondamento<>\"TransfereGOV\",\n              ROUND(OFFSET($P36,0,AW$13),15-13*ORÇAMENTO!$AF$7)/$H36*OFFSET(ORÇAMENTO!$X$15,ROW(AW36)-ROW(AW$15),0),\n              ROUND(ROUND(OFFSET($P36,0,AW$13),15-13*ORÇAMENTO!$AF$7)*OFFSET(ORÇAMENTO!$W$15,ROW(AW36)-ROW(AW$15),0),15-13*ORÇAMENTO!$AF$11)),\n         0)","v":0},{"$f":"IF(AND($D36=\"Serviço\",AX$12<>0,$H36>0,OR(AUTOEVENTO<>\"manual\",$M36<>$A$15)),\n        IF(Import.TipoArredondamento<>\"TransfereGOV\",\n              ROUND(OFFSET($P36,0,AX$13),15-13*ORÇAMENTO!$AF$7)/$H36*OFFSET(ORÇAMENTO!$X$15,ROW(AX36)-ROW(AX$15),0),\n              ROUND(ROUND(OFFSET($P36,0,AX$13),15-13*ORÇAMENTO!$AF$7)*OFFSET(ORÇAMENTO!$W$15,ROW(AX36)-ROW(AX$15),0),15-13*ORÇAMENTO!$AF$11)),\n         0)","v":0},{"$f":"IF(AND($D36=\"Serviço\",AY$12<>0,$H36>0,OR(AUTOEVENTO<>\"manual\",$M36<>$A$15)),\n        IF(Import.TipoArredondamento<>\"TransfereGOV\",\n              ROUND(OFFSET($P36,0,AY$13),15-13*ORÇAMENTO!$AF$7)/$H36*OFFSET(ORÇAMENTO!$X$15,ROW(AY36)-ROW(AY$15),0),\n              ROUND(ROUND(OFFSET($P36,0,AY$13),15-13*ORÇAMENTO!$AF$7)*OFFSET(ORÇAMENTO!$W$15,ROW(AY36)-ROW(AY$15),0),15-13*ORÇAMENTO!$AF$11)),\n         0)","v":0},{"$f":"IF(AND($D36=\"Serviço\",AZ$12<>0,$H36>0,OR(AUTOEVENTO<>\"manual\",$M36<>$A$15)),\n        IF(Import.TipoArredondamento<>\"TransfereGOV\",\n              ROUND(OFFSET($P36,0,AZ$13),15-13*ORÇAMENTO!$AF$7)/$H36*OFFSET(ORÇAMENTO!$X$15,ROW(AZ36)-ROW(AZ$15),0),\n              ROUND(ROUND(OFFSET($P36,0,AZ$13),15-13*ORÇAMENTO!$AF$7)*OFFSET(ORÇAMENTO!$W$15,ROW(AZ36)-ROW(AZ$15),0),15-13*ORÇAMENTO!$AF$11)),\n         0)","v":0},{"$f":"IF(AND($D36=\"Serviço\",BA$12<>0,$H36>0,OR(AUTOEVENTO<>\"manual\",$M36<>$A$15)),\n        IF(Import.TipoArredondamento<>\"TransfereGOV\",\n              ROUND(OFFSET($P36,0,BA$13),15-13*ORÇAMENTO!$AF$7)/$H36*OFFSET(ORÇAMENTO!$X$15,ROW(BA36)-ROW(BA$15),0),\n              ROUND(ROUND(OFFSET($P36,0,BA$13),15-13*ORÇAMENTO!$AF$7)*OFFSET(ORÇAMENTO!$W$15,ROW(BA36)-ROW(BA$15),0),15-13*ORÇAMENTO!$AF$11)),\n         0)","v":0},null,{"$f":"IF(OR($D36<>\"Serviço\",AND(AUTOEVENTO=\"Manual\",$M36=$A$15)),0,\n         IF(OFFSET(CRONOPLE!$F$15,$M36-$A$15,BC$13)=\"\",10^12,OFFSET(CRONOPLE!$F$15,$M36-$A$15,BC$13)))","v":0},{"$f":"IF(OR($D36<>\"Serviço\",AND(AUTOEVENTO=\"Manual\",$M36=$A$15)),0,\n         IF(OFFSET(CRONOPLE!$F$15,$M36-$A$15,BD$13)=\"\",10^12,OFFSET(CRONOPLE!$F$15,$M36-$A$15,BD$13)))","v":0},{"$f":"IF(OR($D36<>\"Serviço\",AND(AUTOEVENTO=\"Manual\",$M36=$A$15)),0,\n         IF(OFFSET(CRONOPLE!$F$15,$M36-$A$15,BE$13)=\"\",10^12,OFFSET(CRONOPLE!$F$15,$M36-$A$15,BE$13)))","v":0},{"$f":"IF(OR($D36<>\"Serviço\",AND(AUTOEVENTO=\"Manual\",$M36=$A$15)),0,\n         IF(OFFSET(CRONOPLE!$F$15,$M36-$A$15,BF$13)=\"\",10^12,OFFSET(CRONOPLE!$F$15,$M36-$A$15,BF$13)))","v":0},{"$f":"IF(OR($D36<>\"Serviço\",AND(AUTOEVENTO=\"Manual\",$M36=$A$15)),0,\n         IF(OFFSET(CRONOPLE!$F$15,$M36-$A$15,BG$13)=\"\",10^12,OFFSET(CRONOPLE!$F$15,$M36-$A$15,BG$13)))","v":0},{"$f":"IF(OR($D36<>\"Serviço\",AND(AUTOEVENTO=\"Manual\",$M36=$A$15)),0,\n         IF(OFFSET(CRONOPLE!$F$15,$M36-$A$15,BH$13)=\"\",10^12,OFFSET(CRONOPLE!$F$15,$M36-$A$15,BH$13)))","v":0},{"$f":"IF(OR($D36<>\"Serviço\",AND(AUTOEVENTO=\"Manual\",$M36=$A$15)),0,\n         IF(OFFSET(CRONOPLE!$F$15,$M36-$A$15,BI$13)=\"\",10^12,OFFSET(CRONOPLE!$F$15,$M36-$A$15,BI$13)))","v":0},{"$f":"IF(OR($D36<>\"Serviço\",AND(AUTOEVENTO=\"Manual\",$M36=$A$15)),0,\n         IF(OFFSET(CRONOPLE!$F$15,$M36-$A$15,BJ$13)=\"\",10^12,OFFSET(CRONOPLE!$F$15,$M36-$A$15,BJ$13)))","v":0},{"$f":"IF(OR($D36<>\"Serviço\",AND(AUTOEVENTO=\"Manual\",$M36=$A$15)),0,\n         IF(OFFSET(CRONOPLE!$F$15,$M36-$A$15,BK$13)=\"\",10^12,OFFSET(CRONOPLE!$F$15,$M36-$A$15,BK$13)))","v":0},{"$f":"IF(OR($D36<>\"Serviço\",AND(AUTOEVENTO=\"Manual\",$M36=$A$15)),0,\n         IF(OFFSET(CRONOPLE!$F$15,$M36-$A$15,BL$13)=\"\",10^12,OFFSET(CRONOPLE!$F$15,$M36-$A$15,BL$13)))","v":0},{"$f":"IF(OR($D36<>\"Serviço\",AND(AUTOEVENTO=\"Manual\",$M36=$A$15)),0,\n         IF(OFFSET(CRONOPLE!$F$15,$M36-$A$15,BM$13)=\"\",10^12,OFFSET(CRONOPLE!$F$15,$M36-$A$15,BM$13)))","v":0},{"$f":"IF(OR($D36<>\"Serviço\",AND(AUTOEVENTO=\"Manual\",$M36=$A$15)),0,\n         IF(OFFSET(CRONOPLE!$F$15,$M36-$A$15,BN$13)=\"\",10^12,OFFSET(CRONOPLE!$F$15,$M36-$A$15,BN$13)))","v":0},{"$f":"IF(OR($D36<>\"Serviço\",AND(AUTOEVENTO=\"Manual\",$M36=$A$15)),0,\n         IF(OFFSET(CRONOPLE!$F$15,$M36-$A$15,BO$13)=\"\",10^12,OFFSET(CRONOPLE!$F$15,$M36-$A$15,BO$13)))","v":0},{"$f":"IF(OR($D36<>\"Serviço\",AND(AUTOEVENTO=\"Manual\",$M36=$A$15)),0,\n         IF(OFFSET(CRONOPLE!$F$15,$M36-$A$15,BP$13)=\"\",10^12,OFFSET(CRONOPLE!$F$15,$M36-$A$15,BP$13)))","v":0},{"$f":"IF(OR($D36<>\"Serviço\",AND(AUTOEVENTO=\"Manual\",$M36=$A$15)),0,\n         IF(OFFSET(CRONOPLE!$F$15,$M36-$A$15,BQ$13)=\"\",10^12,OFFSET(CRONOPLE!$F$15,$M36-$A$15,BQ$13)))","v":0},{"$f":"IF(OR($D36<>\"Serviço\",AND(AUTOEVENTO=\"Manual\",$M36=$A$15)),0,\n         IF(OFFSET(CRONOPLE!$F$15,$M36-$A$15,BR$13)=\"\",10^12,OFFSET(CRONOPLE!$F$15,$M36-$A$15,BR$13)))","v":0},{"$f":"IF(OR($D36<>\"Serviço\",AND(AUTOEVENTO=\"Manual\",$M36=$A$15)),0,\n         IF(OFFSET(CRONOPLE!$F$15,$M36-$A$15,BS$13)=\"\",10^12,OFFSET(CRONOPLE!$F$15,$M36-$A$15,BS$13)))","v":0},{"$f":"IF(OR($D36<>\"Serviço\",AND(AUTOEVENTO=\"Manual\",$M36=$A$15)),0,\n         IF(OFFSET(CRONOPLE!$F$15,$M36-$A$15,BT$13)=\"\",10^12,OFFSET(CRONOPLE!$F$15,$M36-$A$15,BT$13)))","v":0},null,{"$f":"IF(OR($D36<>\"Serviço\",AND(AUTOEVENTO=\"Manual\",$M36=$A$15),$M36>(ROW(PLE.lastrow)-ROW(PLE.firstrow))),0,\n           IF(OFFSET(PLE!$G$15,$M36-$A$15,BV$13)=\"\",10^12,OFFSET(PLE!$G$15,$M36-$A$15,BV$13)))","v":0},{"$f":"IF(OR($D36<>\"Serviço\",AND(AUTOEVENTO=\"Manual\",$M36=$A$15),$M36>(ROW(PLE.lastrow)-ROW(PLE.firstrow))),0,\n           IF(OFFSET(PLE!$G$15,$M36-$A$15,BW$13)=\"\",10^12,OFFSET(PLE!$G$15,$M36-$A$15,BW$13)))","v":0},{"$f":"IF(OR($D36<>\"Serviço\",AND(AUTOEVENTO=\"Manual\",$M36=$A$15),$M36>(ROW(PLE.lastrow)-ROW(PLE.firstrow))),0,\n           IF(OFFSET(PLE!$G$15,$M36-$A$15,BX$13)=\"\",10^12,OFFSET(PLE!$G$15,$M36-$A$15,BX$13)))","v":0},{"$f":"IF(OR($D36<>\"Serviço\",AND(AUTOEVENTO=\"Manual\",$M36=$A$15),$M36>(ROW(PLE.lastrow)-ROW(PLE.firstrow))),0,\n           IF(OFFSET(PLE!$G$15,$M36-$A$15,BY$13)=\"\",10^12,OFFSET(PLE!$G$15,$M36-$A$15,BY$13)))","v":0},{"$f":"IF(OR($D36<>\"Serviço\",AND(AUTOEVENTO=\"Manual\",$M36=$A$15),$M36>(ROW(PLE.lastrow)-ROW(PLE.firstrow))),0,\n           IF(OFFSET(PLE!$G$15,$M36-$A$15,BZ$13)=\"\",10^12,OFFSET(PLE!$G$15,$M36-$A$15,BZ$13)))","v":0},{"$f":"IF(OR($D36<>\"Serviço\",AND(AUTOEVENTO=\"Manual\",$M36=$A$15),$M36>(ROW(PLE.lastrow)-ROW(PLE.firstrow))),0,\n           IF(OFFSET(PLE!$G$15,$M36-$A$15,CA$13)=\"\",10^12,OFFSET(PLE!$G$15,$M36-$A$15,CA$13)))","v":0},{"$f":"IF(OR($D36<>\"Serviço\",AND(AUTOEVENTO=\"Manual\",$M36=$A$15),$M36>(ROW(PLE.lastrow)-ROW(PLE.firstrow))),0,\n           IF(OFFSET(PLE!$G$15,$M36-$A$15,CB$13)=\"\",10^12,OFFSET(PLE!$G$15,$M36-$A$15,CB$13)))","v":0},{"$f":"IF(OR($D36<>\"Serviço\",AND(AUTOEVENTO=\"Manual\",$M36=$A$15),$M36>(ROW(PLE.lastrow)-ROW(PLE.firstrow))),0,\n           IF(OFFSET(PLE!$G$15,$M36-$A$15,CC$13)=\"\",10^12,OFFSET(PLE!$G$15,$M36-$A$15,CC$13)))","v":0},{"$f":"IF(OR($D36<>\"Serviço\",AND(AUTOEVENTO=\"Manual\",$M36=$A$15),$M36>(ROW(PLE.lastrow)-ROW(PLE.firstrow))),0,\n           IF(OFFSET(PLE!$G$15,$M36-$A$15,CD$13)=\"\",10^12,OFFSET(PLE!$G$15,$M36-$A$15,CD$13)))","v":0},{"$f":"IF(OR($D36<>\"Serviço\",AND(AUTOEVENTO=\"Manual\",$M36=$A$15),$M36>(ROW(PLE.lastrow)-ROW(PLE.firstrow))),0,\n           IF(OFFSET(PLE!$G$15,$M36-$A$15,CE$13)=\"\",10^12,OFFSET(PLE!$G$15,$M36-$A$15,CE$13)))","v":0},{"$f":"IF(OR($D36<>\"Serviço\",AND(AUTOEVENTO=\"Manual\",$M36=$A$15),$M36>(ROW(PLE.lastrow)-ROW(PLE.firstrow))),0,\n           IF(OFFSET(PLE!$G$15,$M36-$A$15,CF$13)=\"\",10^12,OFFSET(PLE!$G$15,$M36-$A$15,CF$13)))","v":0},{"$f":"IF(OR($D36<>\"Serviço\",AND(AUTOEVENTO=\"Manual\",$M36=$A$15),$M36>(ROW(PLE.lastrow)-ROW(PLE.firstrow))),0,\n           IF(OFFSET(PLE!$G$15,$M36-$A$15,CG$13)=\"\",10^12,OFFSET(PLE!$G$15,$M36-$A$15,CG$13)))","v":0},{"$f":"IF(OR($D36<>\"Serviço\",AND(AUTOEVENTO=\"Manual\",$M36=$A$15),$M36>(ROW(PLE.lastrow)-ROW(PLE.firstrow))),0,\n           IF(OFFSET(PLE!$G$15,$M36-$A$15,CH$13)=\"\",10^12,OFFSET(PLE!$G$15,$M36-$A$15,CH$13)))","v":0},{"$f":"IF(OR($D36<>\"Serviço\",AND(AUTOEVENTO=\"Manual\",$M36=$A$15),$M36>(ROW(PLE.lastrow)-ROW(PLE.firstrow))),0,\n           IF(OFFSET(PLE!$G$15,$M36-$A$15,CI$13)=\"\",10^12,OFFSET(PLE!$G$15,$M36-$A$15,CI$13)))","v":0},{"$f":"IF(OR($D36<>\"Serviço\",AND(AUTOEVENTO=\"Manual\",$M36=$A$15),$M36>(ROW(PLE.lastrow)-ROW(PLE.firstrow))),0,\n           IF(OFFSET(PLE!$G$15,$M36-$A$15,CJ$13)=\"\",10^12,OFFSET(PLE!$G$15,$M36-$A$15,CJ$13)))","v":0},{"$f":"IF(OR($D36<>\"Serviço\",AND(AUTOEVENTO=\"Manual\",$M36=$A$15),$M36>(ROW(PLE.lastrow)-ROW(PLE.firstrow))),0,\n           IF(OFFSET(PLE!$G$15,$M36-$A$15,CK$13)=\"\",10^12,OFFSET(PLE!$G$15,$M36-$A$15,CK$13)))","v":0},{"$f":"IF(OR($D36<>\"Serviço\",AND(AUTOEVENTO=\"Manual\",$M36=$A$15),$M36>(ROW(PLE.lastrow)-ROW(PLE.firstrow))),0,\n           IF(OFFSET(PLE!$G$15,$M36-$A$15,CL$13)=\"\",10^12,OFFSET(PLE!$G$15,$M36-$A$15,CL$13)))","v":0},{"$f":"IF(OR($D36<>\"Serviço\",AND(AUTOEVENTO=\"Manual\",$M36=$A$15),$M36>(ROW(PLE.lastrow)-ROW(PLE.firstrow))),0,\n           IF(OFFSET(PLE!$G$15,$M36-$A$15,CM$13)=\"\",10^12,OFFSET(PLE!$G$15,$M36-$A$15,CM$13)))","v":0}]
[2,{"$f":"OFFSET(ORÇAMENTO!C$15,ROW(B37)-ROW(B$15),0)","v":"S"},{"$f":"OFFSET(ORÇAMENTO!L$15,ROW(C37)-ROW(C$15),0)","v":"F"},{"$f":"OFFSET(ORÇAMENTO!N$15,ROW(D37)-ROW(D$15),0)","v":"Serviço"},{"$f":"OFFSET(ORÇAMENTO!O$15,ROW(E37)-ROW(E$15),0)","v":"1.3.1."},{"$f":"OFFSET(ORÇAMENTO!R$15,ROW(F37)-ROW(F$15),0)","v":"TUBO DE CONCRETO PARA REDES COLETORAS DE ÁGUAS PLUVIAIS, DIÂMETRO DE 400 MM, JUNTA RÍGIDA, INSTALADO EM LOCAL COM BAIXO NÍVEL DE INTERFERÊNCIAS - FORNECIMENTO E ASSENTAMENTO. AF_03/2024"},{"$f":"IF($D37<>\"Serviço\",\"\",OFFSET(ORÇAMENTO!S$15,ROW(G37)-ROW(G$15),0))","v":"M"},{"$f":"IF($D37<>\"Serviço\",0,IF(ACOMPANHAMENTO=\"BM\",ROUND(OFFSET(ORÇAMENTO!AJ$15,ROW(H37)-ROW(H$15),0),15-13*ORÇAMENTO!$AF$7),SUMPRODUCT(($Q$1:$AI$1=1)*ROUND($Q37:$AI37,15-13*ORÇAMENTO!$AF$7))))","v":196},null,{"$f":"IF(B37<>\"S\",\"\",IF(AND(ACOMPANHAMENTO=\"PLE\",AUTOEVENTO=\"Manual\",OR(H37>0,ORÇAMENTO!AC37=\"QUANT.\"),OR(K37=\"\",M37=0,N37=\"\")),\"►\",IF(AND(ACOMPANHAMENTO=\"PLE\",ORÇAMENTO!AC37=\"QUANT.\"),\"►►\",IF(AND(COUNTIF($P$11:$AI$11,\"▼\")=0,H37>0,I37=\"\"),\"◄\",\"\"))))","v":"◄"},"2. DRENAGEM DE ÁGUAS PLUVIAIS",".",{"$f":"IF($D37<>\"Serviço\",\"\",\n          IF(AUTOEVENTO=\"manual\",$A37,\n                IF(ISERROR(MATCH($A37,$A$15:OFFSET($A37,-1,0),0)),MAX($M$15:OFFSET(M37,-1,0))+1,\n                      INDEX($M$15:OFFSET(M37,-1,0),MATCH($A37,$A$15:OFFSET($A37,-1,0),0)))))","v":2},{"$f":"IF($D37<>\"Serviço\",\"\",\n         IF(AUTOEVENTO=\"Manual\",\n                IF($A37=0,\"<-- defina o número do agrupador\",\n                       OFFSET(EVENTOS!$D$15,$A37-$A$15,0)),\n                OFFSET($F$15,$A37,0)))","v":"DRENAGEM DE ÁGUAS PLUVIAIS"},null,null,300,null,null,null,null,null,null,null,null,null,null,null,null,null,null,null,null,null,null,{"$f":"IF(AND($D37=\"Serviço\",AJ$12<>0,$H37>0,OR(AUTOEVENTO<>\"manual\",$M37<>$A$15)),\n        IF(Import.TipoArredondamento<>\"TransfereGOV\",\n              ROUND(OFFSET($P37,0,AJ$13),15-13*ORÇAMENTO!$AF$7)/$H37*OFFSET(ORÇAMENTO!$X$15,ROW(AJ37)-ROW(AJ$15),0),\n              ROUND(ROUND(OFFSET($P37,0,AJ$13),15-13*ORÇAMENTO!$AF$7)*OFFSET(ORÇAMENTO!$W$15,ROW(AJ37)-ROW(AJ$15),0),15-13*ORÇAMENTO!$AF$11)),\n         0)","v":0},{"$f":"IF(AND($D37=\"Serviço\",AK$12<>0,$H37>0,OR(AUTOEVENTO<>\"manual\",$M37<>$A$15)),\n        IF(Import.TipoArredondamento<>\"TransfereGOV\",\n              ROUND(OFFSET($P37,0,AK$13),15-13*ORÇAMENTO!$AF$7)/$H37*OFFSET(ORÇAMENTO!$X$15,ROW(AK37)-ROW(AK$15),0),\n              ROUND(ROUND(OFFSET($P37,0,AK$13),15-13*ORÇAMENTO!$AF$7)*OFFSET(ORÇAMENTO!$W$15,ROW(AK37)-ROW(AK$15),0),15-13*ORÇAMENTO!$AF$11)),\n         0)","v":0},{"$f":"IF(AND($D37=\"Serviço\",AL$12<>0,$H37>0,OR(AUTOEVENTO<>\"manual\",$M37<>$A$15)),\n        IF(Import.TipoArredondamento<>\"TransfereGOV\",\n              ROUND(OFFSET($P37,0,AL$13),15-13*ORÇAMENTO!$AF$7)/$H37*OFFSET(ORÇAMENTO!$X$15,ROW(AL37)-ROW(AL$15),0),\n              ROUND(ROUND(OFFSET($P37,0,AL$13),15-13*ORÇAMENTO!$AF$7)*OFFSET(ORÇAMENTO!$W$15,ROW(AL37)-ROW(AL$15),0),15-13*ORÇAMENTO!$AF$11)),\n         0)","v":0},{"$f":"IF(AND($D37=\"Serviço\",AM$12<>0,$H37>0,OR(AUTOEVENTO<>\"manual\",$M37<>$A$15)),\n        IF(Import.TipoArredondamento<>\"TransfereGOV\",\n              ROUND(OFFSET($P37,0,AM$13),15-13*ORÇAMENTO!$AF$7)/$H37*OFFSET(ORÇAMENTO!$X$15,ROW(AM37)-ROW(AM$15),0),\n              ROUND(ROUND(OFFSET($P37,0,AM$13),15-13*ORÇAMENTO!$AF$7)*OFFSET(ORÇAMENTO!$W$15,ROW(AM37)-ROW(AM$15),0),15-13*ORÇAMENTO!$AF$11)),\n         0)","v":0},{"$f":"IF(AND($D37=\"Serviço\",AN$12<>0,$H37>0,OR(AUTOEVENTO<>\"manual\",$M37<>$A$15)),\n        IF(Import.TipoArredondamento<>\"TransfereGOV\",\n              ROUND(OFFSET($P37,0,AN$13),15-13*ORÇAMENTO!$AF$7)/$H37*OFFSET(ORÇAMENTO!$X$15,ROW(AN37)-ROW(AN$15),0),\n              ROUND(ROUND(OFFSET($P37,0,AN$13),15-13*ORÇAMENTO!$AF$7)*OFFSET(ORÇAMENTO!$W$15,ROW(AN37)-ROW(AN$15),0),15-13*ORÇAMENTO!$AF$11)),\n         0)","v":0},{"$f":"IF(AND($D37=\"Serviço\",AO$12<>0,$H37>0,OR(AUTOEVENTO<>\"manual\",$M37<>$A$15)),\n        IF(Import.TipoArredondamento<>\"TransfereGOV\",\n              ROUND(OFFSET($P37,0,AO$13),15-13*ORÇAMENTO!$AF$7)/$H37*OFFSET(ORÇAMENTO!$X$15,ROW(AO37)-ROW(AO$15),0),\n              ROUND(ROUND(OFFSET($P37,0,AO$13),15-13*ORÇAMENTO!$AF$7)*OFFSET(ORÇAMENTO!$W$15,ROW(AO37)-ROW(AO$15),0),15-13*ORÇAMENTO!$AF$11)),\n         0)","v":0},{"$f":"IF(AND($D37=\"Serviço\",AP$12<>0,$H37>0,OR(AUTOEVENTO<>\"manual\",$M37<>$A$15)),\n        IF(Import.TipoArredondamento<>\"TransfereGOV\",\n              ROUND(OFFSET($P37,0,AP$13),15-13*ORÇAMENTO!$AF$7)/$H37*OFFSET(ORÇAMENTO!$X$15,ROW(AP37)-ROW(AP$15),0),\n              ROUND(ROUND(OFFSET($P37,0,AP$13),15-13*ORÇAMENTO!$AF$7)*OFFSET(ORÇAMENTO!$W$15,ROW(AP37)-ROW(AP$15),0),15-13*ORÇAMENTO!$AF$11)),\n         0)","v":0},{"$f":"IF(AND($D37=\"Serviço\",AQ$12<>0,$H37>0,OR(AUTOEVENTO<>\"manual\",$M37<>$A$15)),\n        IF(Import.TipoArredondamento<>\"TransfereGOV\",\n              ROUND(OFFSET($P37,0,AQ$13),15-13*ORÇAMENTO!$AF$7)/$H37*OFFSET(ORÇAMENTO!$X$15,ROW(AQ37)-ROW(AQ$15),0),\n              ROUND(ROUND(OFFSET($P37,0,AQ$13),15-13*ORÇAMENTO!$AF$7)*OFFSET(ORÇAMENTO!$W$15,ROW(AQ37)-ROW(AQ$15),0),15-13*ORÇAMENTO!$AF$11)),\n         0)","v":0},{"$f":"IF(AND($D37=\"Serviço\",AR$12<>0,$H37>0,OR(AUTOEVENTO<>\"manual\",$M37<>$A$15)),\n        IF(Import.TipoArredondamento<>\"TransfereGOV\",\n              ROUND(OFFSET($P37,0,AR$13),15-13*ORÇAMENTO!$AF$7)/$H37*OFFSET(ORÇAMENTO!$X$15,ROW(AR37)-ROW(AR$15),0),\n              ROUND(ROUND(OFFSET($P37,0,AR$13),15-13*ORÇAMENTO!$AF$7)*OFFSET(ORÇAMENTO!$W$15,ROW(AR37)-ROW(AR$15),0),15-13*ORÇAMENTO!$AF$11)),\n         0)","v":0},{"$f":"IF(AND($D37=\"Serviço\",AS$12<>0,$H37>0,OR(AUTOEVENTO<>\"manual\",$M37<>$A$15)),\n        IF(Import.TipoArredondamento<>\"TransfereGOV\",\n              ROUND(OFFSET($P37,0,AS$13),15-13*ORÇAMENTO!$AF$7)/$H37*OFFSET(ORÇAMENTO!$X$15,ROW(AS37)-ROW(AS$15),0),\n              ROUND(ROUND(OFFSET($P37,0,AS$13),15-13*ORÇAMENTO!$AF$7)*OFFSET(ORÇAMENTO!$W$15,ROW(AS37)-ROW(AS$15),0),15-13*ORÇAMENTO!$AF$11)),\n         0)","v":0},{"$f":"IF(AND($D37=\"Serviço\",AT$12<>0,$H37>0,OR(AUTOEVENTO<>\"manual\",$M37<>$A$15)),\n        IF(Import.TipoArredondamento<>\"TransfereGOV\",\n              ROUND(OFFSET($P37,0,AT$13),15-13*ORÇAMENTO!$AF$7)/$H37*OFFSET(ORÇAMENTO!$X$15,ROW(AT37)-ROW(AT$15),0),\n              ROUND(ROUND(OFFSET($P37,0,AT$13),15-13*ORÇAMENTO!$AF$7)*OFFSET(ORÇAMENTO!$W$15,ROW(AT37)-ROW(AT$15),0),15-13*ORÇAMENTO!$AF$11)),\n         0)","v":0},{"$f":"IF(AND($D37=\"Serviço\",AU$12<>0,$H37>0,OR(AUTOEVENTO<>\"manual\",$M37<>$A$15)),\n        IF(Import.TipoArredondamento<>\"TransfereGOV\",\n              ROUND(OFFSET($P37,0,AU$13),15-13*ORÇAMENTO!$AF$7)/$H37*OFFSET(ORÇAMENTO!$X$15,ROW(AU37)-ROW(AU$15),0),\n              ROUND(ROUND(OFFSET($P37,0,AU$13),15-13*ORÇAMENTO!$AF$7)*OFFSET(ORÇAMENTO!$W$15,ROW(AU37)-ROW(AU$15),0),15-13*ORÇAMENTO!$AF$11)),\n         0)","v":0},{"$f":"IF(AND($D37=\"Serviço\",AV$12<>0,$H37>0,OR(AUTOEVENTO<>\"manual\",$M37<>$A$15)),\n        IF(Import.TipoArredondamento<>\"TransfereGOV\",\n              ROUND(OFFSET($P37,0,AV$13),15-13*ORÇAMENTO!$AF$7)/$H37*OFFSET(ORÇAMENTO!$X$15,ROW(AV37)-ROW(AV$15),0),\n              ROUND(ROUND(OFFSET($P37,0,AV$13),15-13*ORÇAMENTO!$AF$7)*OFFSET(ORÇAMENTO!$W$15,ROW(AV37)-ROW(AV$15),0),15-13*ORÇAMENTO!$AF$11)),\n         0)","v":0},{"$f":"IF(AND($D37=\"Serviço\",AW$12<>0,$H37>0,OR(AUTOEVENTO<>\"manual\",$M37<>$A$15)),\n        IF(Import.TipoArredondamento<>\"TransfereGOV\",\n              ROUND(OFFSET($P37,0,AW$13),15-13*ORÇAMENTO!$AF$7)/$H37*OFFSET(ORÇAMENTO!$X$15,ROW(AW37)-ROW(AW$15),0),\n              ROUND(ROUND(OFFSET($P37,0,AW$13),15-13*ORÇAMENTO!$AF$7)*OFFSET(ORÇAMENTO!$W$15,ROW(AW37)-ROW(AW$15),0),15-13*ORÇAMENTO!$AF$11)),\n         0)","v":0},{"$f":"IF(AND($D37=\"Serviço\",AX$12<>0,$H37>0,OR(AUTOEVENTO<>\"manual\",$M37<>$A$15)),\n        IF(Import.TipoArredondamento<>\"TransfereGOV\",\n              ROUND(OFFSET($P37,0,AX$13),15-13*ORÇAMENTO!$AF$7)/$H37*OFFSET(ORÇAMENTO!$X$15,ROW(AX37)-ROW(AX$15),0),\n              ROUND(ROUND(OFFSET($P37,0,AX$13),15-13*ORÇAMENTO!$AF$7)*OFFSET(ORÇAMENTO!$W$15,ROW(AX37)-ROW(AX$15),0),15-13*ORÇAMENTO!$AF$11)),\n         0)","v":0},{"$f":"IF(AND($D37=\"Serviço\",AY$12<>0,$H37>0,OR(AUTOEVENTO<>\"manual\",$M37<>$A$15)),\n        IF(Import.TipoArredondamento<>\"TransfereGOV\",\n              ROUND(OFFSET($P37,0,AY$13),15-13*ORÇAMENTO!$AF$7)/$H37*OFFSET(ORÇAMENTO!$X$15,ROW(AY37)-ROW(AY$15),0),\n              ROUND(ROUND(OFFSET($P37,0,AY$13),15-13*ORÇAMENTO!$AF$7)*OFFSET(ORÇAMENTO!$W$15,ROW(AY37)-ROW(AY$15),0),15-13*ORÇAMENTO!$AF$11)),\n         0)","v":0},{"$f":"IF(AND($D37=\"Serviço\",AZ$12<>0,$H37>0,OR(AUTOEVENTO<>\"manual\",$M37<>$A$15)),\n        IF(Import.TipoArredondamento<>\"TransfereGOV\",\n              ROUND(OFFSET($P37,0,AZ$13),15-13*ORÇAMENTO!$AF$7)/$H37*OFFSET(ORÇAMENTO!$X$15,ROW(AZ37)-ROW(AZ$15),0),\n              ROUND(ROUND(OFFSET($P37,0,AZ$13),15-13*ORÇAMENTO!$AF$7)*OFFSET(ORÇAMENTO!$W$15,ROW(AZ37)-ROW(AZ$15),0),15-13*ORÇAMENTO!$AF$11)),\n         0)","v":0},{"$f":"IF(AND($D37=\"Serviço\",BA$12<>0,$H37>0,OR(AUTOEVENTO<>\"manual\",$M37<>$A$15)),\n        IF(Import.TipoArredondamento<>\"TransfereGOV\",\n              ROUND(OFFSET($P37,0,BA$13),15-13*ORÇAMENTO!$AF$7)/$H37*OFFSET(ORÇAMENTO!$X$15,ROW(BA37)-ROW(BA$15),0),\n              ROUND(ROUND(OFFSET($P37,0,BA$13),15-13*ORÇAMENTO!$AF$7)*OFFSET(ORÇAMENTO!$W$15,ROW(BA37)-ROW(BA$15),0),15-13*ORÇAMENTO!$AF$11)),\n         0)","v":0},null,{"$f":"IF(OR($D37<>\"Serviço\",AND(AUTOEVENTO=\"Manual\",$M37=$A$15)),0,\n         IF(OFFSET(CRONOPLE!$F$15,$M37-$A$15,BC$13)=\"\",10^12,OFFSET(CRONOPLE!$F$15,$M37-$A$15,BC$13)))","v":1},{"$f":"IF(OR($D37<>\"Serviço\",AND(AUTOEVENTO=\"Manual\",$M37=$A$15)),0,\n         IF(OFFSET(CRONOPLE!$F$15,$M37-$A$15,BD$13)=\"\",10^12,OFFSET(CRONOPLE!$F$15,$M37-$A$15,BD$13)))","v":1000000000000},{"$f":"IF(OR($D37<>\"Serviço\",AND(AUTOEVENTO=\"Manual\",$M37=$A$15)),0,\n         IF(OFFSET(CRONOPLE!$F$15,$M37-$A$15,BE$13)=\"\",10^12,OFFSET(CRONOPLE!$F$15,$M37-$A$15,BE$13)))","v":1000000000000},{"$f":"IF(OR($D37<>\"Serviço\",AND(AUTOEVENTO=\"Manual\",$M37=$A$15)),0,\n         IF(OFFSET(CRONOPLE!$F$15,$M37-$A$15,BF$13)=\"\",10^12,OFFSET(CRONOPLE!$F$15,$M37-$A$15,BF$13)))","v":1000000000000},{"$f":"IF(OR($D37<>\"Serviço\",AND(AUTOEVENTO=\"Manual\",$M37=$A$15)),0,\n         IF(OFFSET(CRONOPLE!$F$15,$M37-$A$15,BG$13)=\"\",10^12,OFFSET(CRONOPLE!$F$15,$M37-$A$15,BG$13)))","v":1000000000000},{"$f":"IF(OR($D37<>\"Serviço\",AND(AUTOEVENTO=\"Manual\",$M37=$A$15)),0,\n         IF(OFFSET(CRONOPLE!$F$15,$M37-$A$15,BH$13)=\"\",10^12,OFFSET(CRONOPLE!$F$15,$M37-$A$15,BH$13)))","v":1000000000000},{"$f":"IF(OR($D37<>\"Serviço\",AND(AUTOEVENTO=\"Manual\",$M37=$A$15)),0,\n         IF(OFFSET(CRONOPLE!$F$15,$M37-$A$15,BI$13)=\"\",10^12,OFFSET(CRONOPLE!$F$15,$M37-$A$15,BI$13)))","v":1000000000000},{"$f":"IF(OR($D37<>\"Serviço\",AND(AUTOEVENTO=\"Manual\",$M37=$A$15)),0,\n         IF(OFFSET(CRONOPLE!$F$15,$M37-$A$15,BJ$13)=\"\",10^12,OFFSET(CRONOPLE!$F$15,$M37-$A$15,BJ$13)))","v":1000000000000},{"$f":"IF(OR($D37<>\"Serviço\",AND(AUTOEVENTO=\"Manual\",$M37=$A$15)),0,\n         IF(OFFSET(CRONOPLE!$F$15,$M37-$A$15,BK$13)=\"\",10^12,OFFSET(CRONOPLE!$F$15,$M37-$A$15,BK$13)))","v":1000000000000},{"$f":"IF(OR($D37<>\"Serviço\",AND(AUTOEVENTO=\"Manual\",$M37=$A$15)),0,\n         IF(OFFSET(CRONOPLE!$F$15,$M37-$A$15,BL$13)=\"\",10^12,OFFSET(CRONOPLE!$F$15,$M37-$A$15,BL$13)))","v":1000000000000},{"$f":"IF(OR($D37<>\"Serviço\",AND(AUTOEVENTO=\"Manual\",$M37=$A$15)),0,\n         IF(OFFSET(CRONOPLE!$F$15,$M37-$A$15,BM$13)=\"\",10^12,OFFSET(CRONOPLE!$F$15,$M37-$A$15,BM$13)))","v":1000000000000},{"$f":"IF(OR($D37<>\"Serviço\",AND(AUTOEVENTO=\"Manual\",$M37=$A$15)),0,\n         IF(OFFSET(CRONOPLE!$F$15,$M37-$A$15,BN$13)=\"\",10^12,OFFSET(CRONOPLE!$F$15,$M37-$A$15,BN$13)))","v":1000000000000},{"$f":"IF(OR($D37<>\"Serviço\",AND(AUTOEVENTO=\"Manual\",$M37=$A$15)),0,\n         IF(OFFSET(CRONOPLE!$F$15,$M37-$A$15,BO$13)=\"\",10^12,OFFSET(CRONOPLE!$F$15,$M37-$A$15,BO$13)))","v":1000000000000},{"$f":"IF(OR($D37<>\"Serviço\",AND(AUTOEVENTO=\"Manual\",$M37=$A$15)),0,\n         IF(OFFSET(CRONOPLE!$F$15,$M37-$A$15,BP$13)=\"\",10^12,OFFSET(CRONOPLE!$F$15,$M37-$A$15,BP$13)))","v":1000000000000},{"$f":"IF(OR($D37<>\"Serviço\",AND(AUTOEVENTO=\"Manual\",$M37=$A$15)),0,\n         IF(OFFSET(CRONOPLE!$F$15,$M37-$A$15,BQ$13)=\"\",10^12,OFFSET(CRONOPLE!$F$15,$M37-$A$15,BQ$13)))","v":1000000000000},{"$f":"IF(OR($D37<>\"Serviço\",AND(AUTOEVENTO=\"Manual\",$M37=$A$15)),0,\n         IF(OFFSET(CRONOPLE!$F$15,$M37-$A$15,BR$13)=\"\",10^12,OFFSET(CRONOPLE!$F$15,$M37-$A$15,BR$13)))","v":1000000000000},{"$f":"IF(OR($D37<>\"Serviço\",AND(AUTOEVENTO=\"Manual\",$M37=$A$15)),0,\n         IF(OFFSET(CRONOPLE!$F$15,$M37-$A$15,BS$13)=\"\",10^12,OFFSET(CRONOPLE!$F$15,$M37-$A$15,BS$13)))","v":1000000000000},{"$f":"IF(OR($D37<>\"Serviço\",AND(AUTOEVENTO=\"Manual\",$M37=$A$15)),0,\n         IF(OFFSET(CRONOPLE!$F$15,$M37-$A$15,BT$13)=\"\",10^12,OFFSET(CRONOPLE!$F$15,$M37-$A$15,BT$13)))","v":1000000000000},null,{"$f":"IF(OR($D37<>\"Serviço\",AND(AUTOEVENTO=\"Manual\",$M37=$A$15),$M37>(ROW(PLE.lastrow)-ROW(PLE.firstrow))),0,\n           IF(OFFSET(PLE!$G$15,$M37-$A$15,BV$13)=\"\",10^12,OFFSET(PLE!$G$15,$M37-$A$15,BV$13)))","v":1000000000000},{"$f":"IF(OR($D37<>\"Serviço\",AND(AUTOEVENTO=\"Manual\",$M37=$A$15),$M37>(ROW(PLE.lastrow)-ROW(PLE.firstrow))),0,\n           IF(OFFSET(PLE!$G$15,$M37-$A$15,BW$13)=\"\",10^12,OFFSET(PLE!$G$15,$M37-$A$15,BW$13)))","v":1000000000000},{"$f":"IF(OR($D37<>\"Serviço\",AND(AUTOEVENTO=\"Manual\",$M37=$A$15),$M37>(ROW(PLE.lastrow)-ROW(PLE.firstrow))),0,\n           IF(OFFSET(PLE!$G$15,$M37-$A$15,BX$13)=\"\",10^12,OFFSET(PLE!$G$15,$M37-$A$15,BX$13)))","v":1000000000000},{"$f":"IF(OR($D37<>\"Serviço\",AND(AUTOEVENTO=\"Manual\",$M37=$A$15),$M37>(ROW(PLE.lastrow)-ROW(PLE.firstrow))),0,\n           IF(OFFSET(PLE!$G$15,$M37-$A$15,BY$13)=\"\",10^12,OFFSET(PLE!$G$15,$M37-$A$15,BY$13)))","v":1000000000000},{"$f":"IF(OR($D37<>\"Serviço\",AND(AUTOEVENTO=\"Manual\",$M37=$A$15),$M37>(ROW(PLE.lastrow)-ROW(PLE.firstrow))),0,\n           IF(OFFSET(PLE!$G$15,$M37-$A$15,BZ$13)=\"\",10^12,OFFSET(PLE!$G$15,$M37-$A$15,BZ$13)))","v":1000000000000},{"$f":"IF(OR($D37<>\"Serviço\",AND(AUTOEVENTO=\"Manual\",$M37=$A$15),$M37>(ROW(PLE.lastrow)-ROW(PLE.firstrow))),0,\n           IF(OFFSET(PLE!$G$15,$M37-$A$15,CA$13)=\"\",10^12,OFFSET(PLE!$G$15,$M37-$A$15,CA$13)))","v":1000000000000},{"$f":"IF(OR($D37<>\"Serviço\",AND(AUTOEVENTO=\"Manual\",$M37=$A$15),$M37>(ROW(PLE.lastrow)-ROW(PLE.firstrow))),0,\n           IF(OFFSET(PLE!$G$15,$M37-$A$15,CB$13)=\"\",10^12,OFFSET(PLE!$G$15,$M37-$A$15,CB$13)))","v":1000000000000},{"$f":"IF(OR($D37<>\"Serviço\",AND(AUTOEVENTO=\"Manual\",$M37=$A$15),$M37>(ROW(PLE.lastrow)-ROW(PLE.firstrow))),0,\n           IF(OFFSET(PLE!$G$15,$M37-$A$15,CC$13)=\"\",10^12,OFFSET(PLE!$G$15,$M37-$A$15,CC$13)))","v":1000000000000},{"$f":"IF(OR($D37<>\"Serviço\",AND(AUTOEVENTO=\"Manual\",$M37=$A$15),$M37>(ROW(PLE.lastrow)-ROW(PLE.firstrow))),0,\n           IF(OFFSET(PLE!$G$15,$M37-$A$15,CD$13)=\"\",10^12,OFFSET(PLE!$G$15,$M37-$A$15,CD$13)))","v":1000000000000},{"$f":"IF(OR($D37<>\"Serviço\",AND(AUTOEVENTO=\"Manual\",$M37=$A$15),$M37>(ROW(PLE.lastrow)-ROW(PLE.firstrow))),0,\n           IF(OFFSET(PLE!$G$15,$M37-$A$15,CE$13)=\"\",10^12,OFFSET(PLE!$G$15,$M37-$A$15,CE$13)))","v":1000000000000},{"$f":"IF(OR($D37<>\"Serviço\",AND(AUTOEVENTO=\"Manual\",$M37=$A$15),$M37>(ROW(PLE.lastrow)-ROW(PLE.firstrow))),0,\n           IF(OFFSET(PLE!$G$15,$M37-$A$15,CF$13)=\"\",10^12,OFFSET(PLE!$G$15,$M37-$A$15,CF$13)))","v":1000000000000},{"$f":"IF(OR($D37<>\"Serviço\",AND(AUTOEVENTO=\"Manual\",$M37=$A$15),$M37>(ROW(PLE.lastrow)-ROW(PLE.firstrow))),0,\n           IF(OFFSET(PLE!$G$15,$M37-$A$15,CG$13)=\"\",10^12,OFFSET(PLE!$G$15,$M37-$A$15,CG$13)))","v":1000000000000},{"$f":"IF(OR($D37<>\"Serviço\",AND(AUTOEVENTO=\"Manual\",$M37=$A$15),$M37>(ROW(PLE.lastrow)-ROW(PLE.firstrow))),0,\n           IF(OFFSET(PLE!$G$15,$M37-$A$15,CH$13)=\"\",10^12,OFFSET(PLE!$G$15,$M37-$A$15,CH$13)))","v":1000000000000},{"$f":"IF(OR($D37<>\"Serviço\",AND(AUTOEVENTO=\"Manual\",$M37=$A$15),$M37>(ROW(PLE.lastrow)-ROW(PLE.firstrow))),0,\n           IF(OFFSET(PLE!$G$15,$M37-$A$15,CI$13)=\"\",10^12,OFFSET(PLE!$G$15,$M37-$A$15,CI$13)))","v":1000000000000},{"$f":"IF(OR($D37<>\"Serviço\",AND(AUTOEVENTO=\"Manual\",$M37=$A$15),$M37>(ROW(PLE.lastrow)-ROW(PLE.firstrow))),0,\n           IF(OFFSET(PLE!$G$15,$M37-$A$15,CJ$13)=\"\",10^12,OFFSET(PLE!$G$15,$M37-$A$15,CJ$13)))","v":1000000000000},{"$f":"IF(OR($D37<>\"Serviço\",AND(AUTOEVENTO=\"Manual\",$M37=$A$15),$M37>(ROW(PLE.lastrow)-ROW(PLE.firstrow))),0,\n           IF(OFFSET(PLE!$G$15,$M37-$A$15,CK$13)=\"\",10^12,OFFSET(PLE!$G$15,$M37-$A$15,CK$13)))","v":1000000000000},{"$f":"IF(OR($D37<>\"Serviço\",AND(AUTOEVENTO=\"Manual\",$M37=$A$15),$M37>(ROW(PLE.lastrow)-ROW(PLE.firstrow))),0,\n           IF(OFFSET(PLE!$G$15,$M37-$A$15,CL$13)=\"\",10^12,OFFSET(PLE!$G$15,$M37-$A$15,CL$13)))","v":1000000000000},{"$f":"IF(OR($D37<>\"Serviço\",AND(AUTOEVENTO=\"Manual\",$M37=$A$15),$M37>(ROW(PLE.lastrow)-ROW(PLE.firstrow))),0,\n           IF(OFFSET(PLE!$G$15,$M37-$A$15,CM$13)=\"\",10^12,OFFSET(PLE!$G$15,$M37-$A$15,CM$13)))","v":1000000000000}]
[2,{"$f":"OFFSET(ORÇAMENTO!C$15,ROW(B38)-ROW(B$15),0)","v":"S"},{"$f":"OFFSET(ORÇAMENTO!L$15,ROW(C38)-ROW(C$15),0)","v":"F"},{"$f":"OFFSET(ORÇAMENTO!N$15,ROW(D38)-ROW(D$15),0)","v":"Serviço"},{"$f":"OFFSET(ORÇAMENTO!O$15,ROW(E38)-ROW(E$15),0)","v":"1.3.2."},{"$f":"OFFSET(ORÇAMENTO!R$15,ROW(F38)-ROW(F$15),0)","v":"TUBO DE CONCRETO PARA REDES COLETORAS DE ÁGUAS PLUVIAIS, DIÂMETRO DE 800 MM, JUNTA RÍGIDA, INSTALADO EM LOCAL COM BAIXO NÍVEL DE INTERFERÊNCIAS - FORNECIMENTO E ASSENTAMENTO. AF_03/2024"},{"$f":"IF($D38<>\"Serviço\",\"\",OFFSET(ORÇAMENTO!S$15,ROW(G38)-ROW(G$15),0))","v":"M"},{"$f":"IF($D38<>\"Serviço\",0,IF(ACOMPANHAMENTO=\"BM\",ROUND(OFFSET(ORÇAMENTO!AJ$15,ROW(H38)-ROW(H$15),0),15-13*ORÇAMENTO!$AF$7),SUMPRODUCT(($Q$1:$AI$1=1)*ROUND($Q38:$AI38,15-13*ORÇAMENTO!$AF$7))))","v":69.3},null,{"$f":"IF(B38<>\"S\",\"\",IF(AND(ACOMPANHAMENTO=\"PLE\",AUTOEVENTO=\"Manual\",OR(H38>0,ORÇAMENTO!AC38=\"QUANT.\"),OR(K38=\"\",M38=0,N38=\"\")),\"►\",IF(AND(ACOMPANHAMENTO=\"PLE\",ORÇAMENTO!AC38=\"QUANT.\"),\"►►\",IF(AND(COUNTIF($P$11:$AI$11,\"▼\")=0,H38>0,I38=\"\"),\"◄\",\"\"))))","v":"◄"},"2. DRENAGEM DE ÁGUAS PLUVIAIS",".",{"$f":"IF($D38<>\"Serviço\",\"\",\n          IF(AUTOEVENTO=\"manual\",$A38,\n                IF(ISERROR(MATCH($A38,$A$15:OFFSET($A38,-1,0),0)),MAX($M$15:OFFSET(M38,-1,0))+1,\n                      INDEX($M$15:OFFSET(M38,-1,0),MATCH($A38,$A$15:OFFSET($A38,-1,0),0)))))","v":2},{"$f":"IF($D38<>\"Serviço\",\"\",\n         IF(AUTOEVENTO=\"Manual\",\n                IF($A38=0,\"<-- defina o número do agrupador\",\n                       OFFSET(EVENTOS!$D$15,$A38-$A$15,0)),\n                OFFSET($F$15,$A38,0)))","v":"DRENAGEM DE ÁGUAS PLUVIAIS"},null,null,174,null,null,null,null,null,null,null,null,null,null,null,null,null,null,null,null,null,null,{"$f":"IF(AND($D38=\"Serviço\",AJ$12<>0,$H38>0,OR(AUTOEVENTO<>\"manual\",$M38<>$A$15)),\n        IF(Import.TipoArredondamento<>\"TransfereGOV\",\n              ROUND(OFFSET($P38,0,AJ$13),15-13*ORÇAMENTO!$AF$7)/$H38*OFFSET(ORÇAMENTO!$X$15,ROW(AJ38)-ROW(AJ$15),0),\n              ROUND(ROUND(OFFSET($P38,0,AJ$13),15-13*ORÇAMENTO!$AF$7)*OFFSET(ORÇAMENTO!$W$15,ROW(AJ38)-ROW(AJ$15),0),15-13*ORÇAMENTO!$AF$11)),\n         0)","v":0},{"$f":"IF(AND($D38=\"Serviço\",AK$12<>0,$H38>0,OR(AUTOEVENTO<>\"manual\",$M38<>$A$15)),\n        IF(Import.TipoArredondamento<>\"TransfereGOV\",\n              ROUND(OFFSET($P38,0,AK$13),15-13*ORÇAMENTO!$AF$7)/$H38*OFFSET(ORÇAMENTO!$X$15,ROW(AK38)-ROW(AK$15),0),\n              ROUND(ROUND(OFFSET($P38,0,AK$13),15-13*ORÇAMENTO!$AF$7)*OFFSET(ORÇAMENTO!$W$15,ROW(AK38)-ROW(AK$15),0),15-13*ORÇAMENTO!$AF$11)),\n         0)","v":0},{"$f":"IF(AND($D38=\"Serviço\",AL$12<>0,$H38>0,OR(AUTOEVENTO<>\"manual\",$M38<>$A$15)),\n        IF(Import.TipoArredondamento<>\"TransfereGOV\",\n              ROUND(OFFSET($P38,0,AL$13),15-13*ORÇAMENTO!$AF$7)/$H38*OFFSET(ORÇAMENTO!$X$15,ROW(AL38)-ROW(AL$15),0),\n              ROUND(ROUND(OFFSET($P38,0,AL$13),15-13*ORÇAMENTO!$AF$7)*OFFSET(ORÇAMENTO!$W$15,ROW(AL38)-ROW(AL$15),0),15-13*ORÇAMENTO!$AF$11)),\n         0)","v":0},{"$f":"IF(AND($D38=\"Serviço\",AM$12<>0,$H38>0,OR(AUTOEVENTO<>\"manual\",$M38<>$A$15)),\n        IF(Import.TipoArredondamento<>\"TransfereGOV\",\n              ROUND(OFFSET($P38,0,AM$13),15-13*ORÇAMENTO!$AF$7)/$H38*OFFSET(ORÇAMENTO!$X$15,ROW(AM38)-ROW(AM$15),0),\n              ROUND(ROUND(OFFSET($P38,0,AM$13),15-13*ORÇAMENTO!$AF$7)*OFFSET(ORÇAMENTO!$W$15,ROW(AM38)-ROW(AM$15),0),15-13*ORÇAMENTO!$AF$11)),\n         0)","v":0},{"$f":"IF(AND($D38=\"Serviço\",AN$12<>0,$H38>0,OR(AUTOEVENTO<>\"manual\",$M38<>$A$15)),\n        IF(Import.TipoArredondamento<>\"TransfereGOV\",\n              ROUND(OFFSET($P38,0,AN$13),15-13*ORÇAMENTO!$AF$7)/$H38*OFFSET(ORÇAMENTO!$X$15,ROW(AN38)-ROW(AN$15),0),\n              ROUND(ROUND(OFFSET($P38,0,AN$13),15-13*ORÇAMENTO!$AF$7)*OFFSET(ORÇAMENTO!$W$15,ROW(AN38)-ROW(AN$15),0),15-13*ORÇAMENTO!$AF$11)),\n         0)","v":0},{"$f":"IF(AND($D38=\"Serviço\",AO$12<>0,$H38>0,OR(AUTOEVENTO<>\"manual\",$M38<>$A$15)),\n        IF(Import.TipoArredondamento<>\"TransfereGOV\",\n              ROUND(OFFSET($P38,0,AO$13),15-13*ORÇAMENTO!$AF$7)/$H38*OFFSET(ORÇAMENTO!$X$15,ROW(AO38)-ROW(AO$15),0),\n              ROUND(ROUND(OFFSET($P38,0,AO$13),15-13*ORÇAMENTO!$AF$7)*OFFSET(ORÇAMENTO!$W$15,ROW(AO38)-ROW(AO$15),0),15-13*ORÇAMENTO!$AF$11)),\n         0)","v":0},{"$f":"IF(AND($D38=\"Serviço\",AP$12<>0,$H38>0,OR(AUTOEVENTO<>\"manual\",$M38<>$A$15)),\n        IF(Import.TipoArredondamento<>\"TransfereGOV\",\n              ROUND(OFFSET($P38,0,AP$13),15-13*ORÇAMENTO!$AF$7)/$H38*OFFSET(ORÇAMENTO!$X$15,ROW(AP38)-ROW(AP$15),0),\n              ROUND(ROUND(OFFSET($P38,0,AP$13),15-13*ORÇAMENTO!$AF$7)*OFFSET(ORÇAMENTO!$W$15,ROW(AP38)-ROW(AP$15),0),15-13*ORÇAMENTO!$AF$11)),\n         0)","v":0},{"$f":"IF(AND($D38=\"Serviço\",AQ$12<>0,$H38>0,OR(AUTOEVENTO<>\"manual\",$M38<>$A$15)),\n        IF(Import.TipoArredondamento<>\"TransfereGOV\",\n              ROUND(OFFSET($P38,0,AQ$13),15-13*ORÇAMENTO!$AF$7)/$H38*OFFSET(ORÇAMENTO!$X$15,ROW(AQ38)-ROW(AQ$15),0),\n              ROUND(ROUND(OFFSET($P38,0,AQ$13),15-13*ORÇAMENTO!$AF$7)*OFFSET(ORÇAMENTO!$W$15,ROW(AQ38)-ROW(AQ$15),0),15-13*ORÇAMENTO!$AF$11)),\n         0)","v":0},{"$f":"IF(AND($D38=\"Serviço\",AR$12<>0,$H38>0,OR(AUTOEVENTO<>\"manual\",$M38<>$A$15)),\n        IF(Import.TipoArredondamento<>\"TransfereGOV\",\n              ROUND(OFFSET($P38,0,AR$13),15-13*ORÇAMENTO!$AF$7)/$H38*OFFSET(ORÇAMENTO!$X$15,ROW(AR38)-ROW(AR$15),0),\n              ROUND(ROUND(OFFSET($P38,0,AR$13),15-13*ORÇAMENTO!$AF$7)*OFFSET(ORÇAMENTO!$W$15,ROW(AR38)-ROW(AR$15),0),15-13*ORÇAMENTO!$AF$11)),\n         0)","v":0},{"$f":"IF(AND($D38=\"Serviço\",AS$12<>0,$H38>0,OR(AUTOEVENTO<>\"manual\",$M38<>$A$15)),\n        IF(Import.TipoArredondamento<>\"TransfereGOV\",\n              ROUND(OFFSET($P38,0,AS$13),15-13*ORÇAMENTO!$AF$7)/$H38*OFFSET(ORÇAMENTO!$X$15,ROW(AS38)-ROW(AS$15),0),\n              ROUND(ROUND(OFFSET($P38,0,AS$13),15-13*ORÇAMENTO!$AF$7)*OFFSET(ORÇAMENTO!$W$15,ROW(AS38)-ROW(AS$15),0),15-13*ORÇAMENTO!$AF$11)),\n         0)","v":0},{"$f":"IF(AND($D38=\"Serviço\",AT$12<>0,$H38>0,OR(AUTOEVENTO<>\"manual\",$M38<>$A$15)),\n        IF(Import.TipoArredondamento<>\"TransfereGOV\",\n              ROUND(OFFSET($P38,0,AT$13),15-13*ORÇAMENTO!$AF$7)/$H38*OFFSET(ORÇAMENTO!$X$15,ROW(AT38)-ROW(AT$15),0),\n              ROUND(ROUND(OFFSET($P38,0,AT$13),15-13*ORÇAMENTO!$AF$7)*OFFSET(ORÇAMENTO!$W$15,ROW(AT38)-ROW(AT$15),0),15-13*ORÇAMENTO!$AF$11)),\n         0)","v":0},{"$f":"IF(AND($D38=\"Serviço\",AU$12<>0,$H38>0,OR(AUTOEVENTO<>\"manual\",$M38<>$A$15)),\n        IF(Import.TipoArredondamento<>\"TransfereGOV\",\n              ROUND(OFFSET($P38,0,AU$13),15-13*ORÇAMENTO!$AF$7)/$H38*OFFSET(ORÇAMENTO!$X$15,ROW(AU38)-ROW(AU$15),0),\n              ROUND(ROUND(OFFSET($P38,0,AU$13),15-13*ORÇAMENTO!$AF$7)*OFFSET(ORÇAMENTO!$W$15,ROW(AU38)-ROW(AU$15),0),15-13*ORÇAMENTO!$AF$11)),\n         0)","v":0},{"$f":"IF(AND($D38=\"Serviço\",AV$12<>0,$H38>0,OR(AUTOEVENTO<>\"manual\",$M38<>$A$15)),\n        IF(Import.TipoArredondamento<>\"TransfereGOV\",\n              ROUND(OFFSET($P38,0,AV$13),15-13*ORÇAMENTO!$AF$7)/$H38*OFFSET(ORÇAMENTO!$X$15,ROW(AV38)-ROW(AV$15),0),\n              ROUND(ROUND(OFFSET($P38,0,AV$13),15-13*ORÇAMENTO!$AF$7)*OFFSET(ORÇAMENTO!$W$15,ROW(AV38)-ROW(AV$15),0),15-13*ORÇAMENTO!$AF$11)),\n         0)","v":0},{"$f":"IF(AND($D38=\"Serviço\",AW$12<>0,$H38>0,OR(AUTOEVENTO<>\"manual\",$M38<>$A$15)),\n        IF(Import.TipoArredondamento<>\"TransfereGOV\",\n              ROUND(OFFSET($P38,0,AW$13),15-13*ORÇAMENTO!$AF$7)/$H38*OFFSET(ORÇAMENTO!$X$15,ROW(AW38)-ROW(AW$15),0),\n              ROUND(ROUND(OFFSET($P38,0,AW$13),15-13*ORÇAMENTO!$AF$7)*OFFSET(ORÇAMENTO!$W$15,ROW(AW38)-ROW(AW$15),0),15-13*ORÇAMENTO!$AF$11)),\n         0)","v":0},{"$f":"IF(AND($D38=\"Serviço\",AX$12<>0,$H38>0,OR(AUTOEVENTO<>\"manual\",$M38<>$A$15)),\n        IF(Import.TipoArredondamento<>\"TransfereGOV\",\n              ROUND(OFFSET($P38,0,AX$13),15-13*ORÇAMENTO!$AF$7)/$H38*OFFSET(ORÇAMENTO!$X$15,ROW(AX38)-ROW(AX$15),0),\n              ROUND(ROUND(OFFSET($P38,0,AX$13),15-13*ORÇAMENTO!$AF$7)*OFFSET(ORÇAMENTO!$W$15,ROW(AX38)-ROW(AX$15),0),15-13*ORÇAMENTO!$AF$11)),\n         0)","v":0},{"$f":"IF(AND($D38=\"Serviço\",AY$12<>0,$H38>0,OR(AUTOEVENTO<>\"manual\",$M38<>$A$15)),\n        IF(Import.TipoArredondamento<>\"TransfereGOV\",\n              ROUND(OFFSET($P38,0,AY$13),15-13*ORÇAMENTO!$AF$7)/$H38*OFFSET(ORÇAMENTO!$X$15,ROW(AY38)-ROW(AY$15),0),\n              ROUND(ROUND(OFFSET($P38,0,AY$13),15-13*ORÇAMENTO!$AF$7)*OFFSET(ORÇAMENTO!$W$15,ROW(AY38)-ROW(AY$15),0),15-13*ORÇAMENTO!$AF$11)),\n         0)","v":0},{"$f":"IF(AND($D38=\"Serviço\",AZ$12<>0,$H38>0,OR(AUTOEVENTO<>\"manual\",$M38<>$A$15)),\n        IF(Import.TipoArredondamento<>\"TransfereGOV\",\n              ROUND(OFFSET($P38,0,AZ$13),15-13*ORÇAMENTO!$AF$7)/$H38*OFFSET(ORÇAMENTO!$X$15,ROW(AZ38)-ROW(AZ$15),0),\n              ROUND(ROUND(OFFSET($P38,0,AZ$13),15-13*ORÇAMENTO!$AF$7)*OFFSET(ORÇAMENTO!$W$15,ROW(AZ38)-ROW(AZ$15),0),15-13*ORÇAMENTO!$AF$11)),\n         0)","v":0},{"$f":"IF(AND($D38=\"Serviço\",BA$12<>0,$H38>0,OR(AUTOEVENTO<>\"manual\",$M38<>$A$15)),\n        IF(Import.TipoArredondamento<>\"TransfereGOV\",\n              ROUND(OFFSET($P38,0,BA$13),15-13*ORÇAMENTO!$AF$7)/$H38*OFFSET(ORÇAMENTO!$X$15,ROW(BA38)-ROW(BA$15),0),\n              ROUND(ROUND(OFFSET($P38,0,BA$13),15-13*ORÇAMENTO!$AF$7)*OFFSET(ORÇAMENTO!$W$15,ROW(BA38)-ROW(BA$15),0),15-13*ORÇAMENTO!$AF$11)),\n         0)","v":0},null,{"$f":"IF(OR($D38<>\"Serviço\",AND(AUTOEVENTO=\"Manual\",$M38=$A$15)),0,\n         IF(OFFSET(CRONOPLE!$F$15,$M38-$A$15,BC$13)=\"\",10^12,OFFSET(CRONOPLE!$F$15,$M38-$A$15,BC$13)))","v":1},{"$f":"IF(OR($D38<>\"Serviço\",AND(AUTOEVENTO=\"Manual\",$M38=$A$15)),0,\n         IF(OFFSET(CRONOPLE!$F$15,$M38-$A$15,BD$13)=\"\",10^12,OFFSET(CRONOPLE!$F$15,$M38-$A$15,BD$13)))","v":1000000000000},{"$f":"IF(OR($D38<>\"Serviço\",AND(AUTOEVENTO=\"Manual\",$M38=$A$15)),0,\n         IF(OFFSET(CRONOPLE!$F$15,$M38-$A$15,BE$13)=\"\",10^12,OFFSET(CRONOPLE!$F$15,$M38-$A$15,BE$13)))","v":1000000000000},{"$f":"IF(OR($D38<>\"Serviço\",AND(AUTOEVENTO=\"Manual\",$M38=$A$15)),0,\n         IF(OFFSET(CRONOPLE!$F$15,$M38-$A$15,BF$13)=\"\",10^12,OFFSET(CRONOPLE!$F$15,$M38-$A$15,BF$13)))","v":1000000000000},{"$f":"IF(OR($D38<>\"Serviço\",AND(AUTOEVENTO=\"Manual\",$M38=$A$15)),0,\n         IF(OFFSET(CRONOPLE!$F$15,$M38-$A$15,BG$13)=\"\",10^12,OFFSET(CRONOPLE!$F$15,$M38-$A$15,BG$13)))","v":1000000000000},{"$f":"IF(OR($D38<>\"Serviço\",AND(AUTOEVENTO=\"Manual\",$M38=$A$15)),0,\n         IF(OFFSET(CRONOPLE!$F$15,$M38-$A$15,BH$13)=\"\",10^12,OFFSET(CRONOPLE!$F$15,$M38-$A$15,BH$13)))","v":1000000000000},{"$f":"IF(OR($D38<>\"Serviço\",AND(AUTOEVENTO=\"Manual\",$M38=$A$15)),0,\n         IF(OFFSET(CRONOPLE!$F$15,$M38-$A$15,BI$13)=\"\",10^12,OFFSET(CRONOPLE!$F$15,$M38-$A$15,BI$13)))","v":1000000000000},{"$f":"IF(OR($D38<>\"Serviço\",AND(AUTOEVENTO=\"Manual\",$M38=$A$15)),0,\n         IF(OFFSET(CRONOPLE!$F$15,$M38-$A$15,BJ$13)=\"\",10^12,OFFSET(CRONOPLE!$F$15,$M38-$A$15,BJ$13)))","v":1000000000000},{"$f":"IF(OR($D38<>\"Serviço\",AND(AUTOEVENTO=\"Manual\",$M38=$A$15)),0,\n         IF(OFFSET(CRONOPLE!$F$15,$M38-$A$15,BK$13)=\"\",10^12,OFFSET(CRONOPLE!$F$15,$M38-$A$15,BK$13)))","v":1000000000000},{"$f":"IF(OR($D38<>\"Serviço\",AND(AUTOEVENTO=\"Manual\",$M38=$A$15)),0,\n         IF(OFFSET(CRONOPLE!$F$15,$M38-$A$15,BL$13)=\"\",10^12,OFFSET(CRONOPLE!$F$15,$M38-$A$15,BL$13)))","v":1000000000000},{"$f":"IF(OR($D38<>\"Serviço\",AND(AUTOEVENTO=\"Manual\",$M38=$A$15)),0,\n         IF(OFFSET(CRONOPLE!$F$15,$M38-$A$15,BM$13)=\"\",10^12,OFFSET(CRONOPLE!$F$15,$M38-$A$15,BM$13)))","v":1000000000000},{"$f":"IF(OR($D38<>\"Serviço\",AND(AUTOEVENTO=\"Manual\",$M38=$A$15)),0,\n         IF(OFFSET(CRONOPLE!$F$15,$M38-$A$15,BN$13)=\"\",10^12,OFFSET(CRONOPLE!$F$15,$M38-$A$15,BN$13)))","v":1000000000000},{"$f":"IF(OR($D38<>\"Serviço\",AND(AUTOEVENTO=\"Manual\",$M38=$A$15)),0,\n         IF(OFFSET(CRONOPLE!$F$15,$M38-$A$15,BO$13)=\"\",10^12,OFFSET(CRONOPLE!$F$15,$M38-$A$15,BO$13)))","v":1000000000000},{"$f":"IF(OR($D38<>\"Serviço\",AND(AUTOEVENTO=\"Manual\",$M38=$A$15)),0,\n         IF(OFFSET(CRONOPLE!$F$15,$M38-$A$15,BP$13)=\"\",10^12,OFFSET(CRONOPLE!$F$15,$M38-$A$15,BP$13)))","v":1000000000000},{"$f":"IF(OR($D38<>\"Serviço\",AND(AUTOEVENTO=\"Manual\",$M38=$A$15)),0,\n         IF(OFFSET(CRONOPLE!$F$15,$M38-$A$15,BQ$13)=\"\",10^12,OFFSET(CRONOPLE!$F$15,$M38-$A$15,BQ$13)))","v":1000000000000},{"$f":"IF(OR($D38<>\"Serviço\",AND(AUTOEVENTO=\"Manual\",$M38=$A$15)),0,\n         IF(OFFSET(CRONOPLE!$F$15,$M38-$A$15,BR$13)=\"\",10^12,OFFSET(CRONOPLE!$F$15,$M38-$A$15,BR$13)))","v":1000000000000},{"$f":"IF(OR($D38<>\"Serviço\",AND(AUTOEVENTO=\"Manual\",$M38=$A$15)),0,\n         IF(OFFSET(CRONOPLE!$F$15,$M38-$A$15,BS$13)=\"\",10^12,OFFSET(CRONOPLE!$F$15,$M38-$A$15,BS$13)))","v":1000000000000},{"$f":"IF(OR($D38<>\"Serviço\",AND(AUTOEVENTO=\"Manual\",$M38=$A$15)),0,\n         IF(OFFSET(CRONOPLE!$F$15,$M38-$A$15,BT$13)=\"\",10^12,OFFSET(CRONOPLE!$F$15,$M38-$A$15,BT$13)))","v":1000000000000},null,{"$f":"IF(OR($D38<>\"Serviço\",AND(AUTOEVENTO=\"Manual\",$M38=$A$15),$M38>(ROW(PLE.lastrow)-ROW(PLE.firstrow))),0,\n           IF(OFFSET(PLE!$G$15,$M38-$A$15,BV$13)=\"\",10^12,OFFSET(PLE!$G$15,$M38-$A$15,BV$13)))","v":1000000000000},{"$f":"IF(OR($D38<>\"Serviço\",AND(AUTOEVENTO=\"Manual\",$M38=$A$15),$M38>(ROW(PLE.lastrow)-ROW(PLE.firstrow))),0,\n           IF(OFFSET(PLE!$G$15,$M38-$A$15,BW$13)=\"\",10^12,OFFSET(PLE!$G$15,$M38-$A$15,BW$13)))","v":1000000000000},{"$f":"IF(OR($D38<>\"Serviço\",AND(AUTOEVENTO=\"Manual\",$M38=$A$15),$M38>(ROW(PLE.lastrow)-ROW(PLE.firstrow))),0,\n           IF(OFFSET(PLE!$G$15,$M38-$A$15,BX$13)=\"\",10^12,OFFSET(PLE!$G$15,$M38-$A$15,BX$13)))","v":1000000000000},{"$f":"IF(OR($D38<>\"Serviço\",AND(AUTOEVENTO=\"Manual\",$M38=$A$15),$M38>(ROW(PLE.lastrow)-ROW(PLE.firstrow))),0,\n           IF(OFFSET(PLE!$G$15,$M38-$A$15,BY$13)=\"\",10^12,OFFSET(PLE!$G$15,$M38-$A$15,BY$13)))","v":1000000000000},{"$f":"IF(OR($D38<>\"Serviço\",AND(AUTOEVENTO=\"Manual\",$M38=$A$15),$M38>(ROW(PLE.lastrow)-ROW(PLE.firstrow))),0,\n           IF(OFFSET(PLE!$G$15,$M38-$A$15,BZ$13)=\"\",10^12,OFFSET(PLE!$G$15,$M38-$A$15,BZ$13)))","v":1000000000000},{"$f":"IF(OR($D38<>\"Serviço\",AND(AUTOEVENTO=\"Manual\",$M38=$A$15),$M38>(ROW(PLE.lastrow)-ROW(PLE.firstrow))),0,\n           IF(OFFSET(PLE!$G$15,$M38-$A$15,CA$13)=\"\",10^12,OFFSET(PLE!$G$15,$M38-$A$15,CA$13)))","v":1000000000000},{"$f":"IF(OR($D38<>\"Serviço\",AND(AUTOEVENTO=\"Manual\",$M38=$A$15),$M38>(ROW(PLE.lastrow)-ROW(PLE.firstrow))),0,\n           IF(OFFSET(PLE!$G$15,$M38-$A$15,CB$13)=\"\",10^12,OFFSET(PLE!$G$15,$M38-$A$15,CB$13)))","v":1000000000000},{"$f":"IF(OR($D38<>\"Serviço\",AND(AUTOEVENTO=\"Manual\",$M38=$A$15),$M38>(ROW(PLE.lastrow)-ROW(PLE.firstrow))),0,\n           IF(OFFSET(PLE!$G$15,$M38-$A$15,CC$13)=\"\",10^12,OFFSET(PLE!$G$15,$M38-$A$15,CC$13)))","v":1000000000000},{"$f":"IF(OR($D38<>\"Serviço\",AND(AUTOEVENTO=\"Manual\",$M38=$A$15),$M38>(ROW(PLE.lastrow)-ROW(PLE.firstrow))),0,\n           IF(OFFSET(PLE!$G$15,$M38-$A$15,CD$13)=\"\",10^12,OFFSET(PLE!$G$15,$M38-$A$15,CD$13)))","v":1000000000000},{"$f":"IF(OR($D38<>\"Serviço\",AND(AUTOEVENTO=\"Manual\",$M38=$A$15),$M38>(ROW(PLE.lastrow)-ROW(PLE.firstrow))),0,\n           IF(OFFSET(PLE!$G$15,$M38-$A$15,CE$13)=\"\",10^12,OFFSET(PLE!$G$15,$M38-$A$15,CE$13)))","v":1000000000000},{"$f":"IF(OR($D38<>\"Serviço\",AND(AUTOEVENTO=\"Manual\",$M38=$A$15),$M38>(ROW(PLE.lastrow)-ROW(PLE.firstrow))),0,\n           IF(OFFSET(PLE!$G$15,$M38-$A$15,CF$13)=\"\",10^12,OFFSET(PLE!$G$15,$M38-$A$15,CF$13)))","v":1000000000000},{"$f":"IF(OR($D38<>\"Serviço\",AND(AUTOEVENTO=\"Manual\",$M38=$A$15),$M38>(ROW(PLE.lastrow)-ROW(PLE.firstrow))),0,\n           IF(OFFSET(PLE!$G$15,$M38-$A$15,CG$13)=\"\",10^12,OFFSET(PLE!$G$15,$M38-$A$15,CG$13)))","v":1000000000000},{"$f":"IF(OR($D38<>\"Serviço\",AND(AUTOEVENTO=\"Manual\",$M38=$A$15),$M38>(ROW(PLE.lastrow)-ROW(PLE.firstrow))),0,\n           IF(OFFSET(PLE!$G$15,$M38-$A$15,CH$13)=\"\",10^12,OFFSET(PLE!$G$15,$M38-$A$15,CH$13)))","v":1000000000000},{"$f":"IF(OR($D38<>\"Serviço\",AND(AUTOEVENTO=\"Manual\",$M38=$A$15),$M38>(ROW(PLE.lastrow)-ROW(PLE.firstrow))),0,\n           IF(OFFSET(PLE!$G$15,$M38-$A$15,CI$13)=\"\",10^12,OFFSET(PLE!$G$15,$M38-$A$15,CI$13)))","v":1000000000000},{"$f":"IF(OR($D38<>\"Serviço\",AND(AUTOEVENTO=\"Manual\",$M38=$A$15),$M38>(ROW(PLE.lastrow)-ROW(PLE.firstrow))),0,\n           IF(OFFSET(PLE!$G$15,$M38-$A$15,CJ$13)=\"\",10^12,OFFSET(PLE!$G$15,$M38-$A$15,CJ$13)))","v":1000000000000},{"$f":"IF(OR($D38<>\"Serviço\",AND(AUTOEVENTO=\"Manual\",$M38=$A$15),$M38>(ROW(PLE.lastrow)-ROW(PLE.firstrow))),0,\n           IF(OFFSET(PLE!$G$15,$M38-$A$15,CK$13)=\"\",10^12,OFFSET(PLE!$G$15,$M38-$A$15,CK$13)))","v":1000000000000},{"$f":"IF(OR($D38<>\"Serviço\",AND(AUTOEVENTO=\"Manual\",$M38=$A$15),$M38>(ROW(PLE.lastrow)-ROW(PLE.firstrow))),0,\n           IF(OFFSET(PLE!$G$15,$M38-$A$15,CL$13)=\"\",10^12,OFFSET(PLE!$G$15,$M38-$A$15,CL$13)))","v":1000000000000},{"$f":"IF(OR($D38<>\"Serviço\",AND(AUTOEVENTO=\"Manual\",$M38=$A$15),$M38>(ROW(PLE.lastrow)-ROW(PLE.firstrow))),0,\n           IF(OFFSET(PLE!$G$15,$M38-$A$15,CM$13)=\"\",10^12,OFFSET(PLE!$G$15,$M38-$A$15,CM$13)))","v":1000000000000}]
[{"$f":"IF(AUTOEVENTO=\"Manual\",IF(K39<>\"\",MIN(VALUE(LEFT(K39,FIND(\".\",K39)-1)),COUNTA(EVENTOS.Lista)),0),IF(OR($B39>AUTOEVENTO,$B39=\"S\",$B39=0),SUBSTITUTE(OFFSET($A39,-1,0),IF($D39=\"Serviço\",\".\",\"\"),\"\"),ROW(A39)-ROW($A$15)&\".\"))","v":2},{"$f":"OFFSET(ORÇAMENTO!C$15,ROW(B39)-ROW(B$15),0)","v":"S"},{"$f":"OFFSET(ORÇAMENTO!L$15,ROW(C39)-ROW(C$15),0)","v":"F"},{"$f":"OFFSET(ORÇAMENTO!N$15,ROW(D39)-ROW(D$15),0)","v":"Serviço"},{"$f":"OFFSET(ORÇAMENTO!O$15,ROW(E39)-ROW(E$15),0)","v":"1.3.3."},{"$f":"OFFSET(ORÇAMENTO!R$15,ROW(F39)-ROW(F$15),0)","v":"TUBO DE CONCRETO PARA REDES COLETORAS DE ÁGUAS PLUVIAIS, DIÂMETRO DE 1000 MM, JUNTA RÍGIDA, INSTALADO EM LOCAL COM BAIXO NÍVEL DE INTERFERÊNCIAS - FORNECIMENTO E ASSENTAMENTO. AF_03/2024"},{"$f":"IF($D39<>\"Serviço\",\"\",OFFSET(ORÇAMENTO!S$15,ROW(G39)-ROW(G$15),0))","v":"M"},{"$f":"IF($D39<>\"Serviço\",0,IF(ACOMPANHAMENTO=\"BM\",ROUND(OFFSET(ORÇAMENTO!AJ$15,ROW(H39)-ROW(H$15),0),15-13*ORÇAMENTO!$AF$7),SUMPRODUCT(($Q$1:$AI$1=1)*ROUND($Q39:$AI39,15-13*ORÇAMENTO!$AF$7))))","v":496.68},null,{"$f":"IF(B39<>\"S\",\"\",IF(AND(ACOMPANHAMENTO=\"PLE\",AUTOEVENTO=\"Manual\",OR(H39>0,ORÇAMENTO!AC39=\"QUANT.\"),OR(K39=\"\",M39=0,N39=\"\")),\"►\",IF(AND(ACOMPANHAMENTO=\"PLE\",ORÇAMENTO!AC39=\"QUANT.\"),\"►►\",IF(AND(COUNTIF($P$11:$AI$11,\"▼\")=0,H39>0,I39=\"\"),\"◄\",\"\"))))","v":"◄"},"2. DRENAGEM DE ÁGUAS PLUVIAIS",".",{"$f":"IF($D39<>\"Serviço\",\"\",\n          IF(AUTOEVENTO=\"manual\",$A39,\n                IF(ISERROR(MATCH($A39,$A$15:OFFSET($A39,-1,0),0)),MAX($M$15:OFFSET(M39,-1,0))+1,\n                      INDEX($M$15:OFFSET(M39,-1,0),MATCH($A39,$A$15:OFFSET($A39,-1,0),0)))))","v":2},{"$f":"IF($D39<>\"Serviço\",\"\",\n         IF(AUTOEVENTO=\"Manual\",\n                IF($A39=0,\"<-- defina o número do agrupador\",\n                       OFFSET(EVENTOS!$D$15,$A39-$A$15,0)),\n                OFFSET($F$15,$A39,0)))","v":"DRENAGEM DE ÁGUAS PLUVIAIS"},null,null,33,null,null,null,null,null,null,null,null,null,null,null,null,null,null,null,null,null,null,{"$f":"IF(AND($D39=\"Serviço\",AJ$12<>0,$H39>0,OR(AUTOEVENTO<>\"manual\",$M39<>$A$15)),\n        IF(Import.TipoArredondamento<>\"TransfereGOV\",\n              ROUND(OFFSET($P39,0,AJ$13),15-13*ORÇAMENTO!$AF$7)/$H39*OFFSET(ORÇAMENTO!$X$15,ROW(AJ39)-ROW(AJ$15),0),\n              ROUND(ROUND(OFFSET($P39,0,AJ$13),15-13*ORÇAMENTO!$AF$7)*OFFSET(ORÇAMENTO!$W$15,ROW(AJ39)-ROW(AJ$15),0),15-13*ORÇAMENTO!$AF$11)),\n         0)","v":0},{"$f":"IF(AND($D39=\"Serviço\",AK$12<>0,$H39>0,OR(AUTOEVENTO<>\"manual\",$M39<>$A$15)),\n        IF(Import.TipoArredondamento<>\"TransfereGOV\",\n              ROUND(OFFSET($P39,0,AK$13),15-13*ORÇAMENTO!$AF$7)/$H39*OFFSET(ORÇAMENTO!$X$15,ROW(AK39)-ROW(AK$15),0),\n              ROUND(ROUND(OFFSET($P39,0,AK$13),15-13*ORÇAMENTO!$AF$7)*OFFSET(ORÇAMENTO!$W$15,ROW(AK39)-ROW(AK$15),0),15-13*ORÇAMENTO!$AF$11)),\n         0)","v":0},{"$f":"IF(AND($D39=\"Serviço\",AL$12<>0,$H39>0,OR(AUTOEVENTO<>\"manual\",$M39<>$A$15)),\n        IF(Import.TipoArredondamento<>\"TransfereGOV\",\n              ROUND(OFFSET($P39,0,AL$13),15-13*ORÇAMENTO!$AF$7)/$H39*OFFSET(ORÇAMENTO!$X$15,ROW(AL39)-ROW(AL$15),0),\n              ROUND(ROUND(OFFSET($P39,0,AL$13),15-13*ORÇAMENTO!$AF$7)*OFFSET(ORÇAMENTO!$W$15,ROW(AL39)-ROW(AL$15),0),15-13*ORÇAMENTO!$AF$11)),\n         0)","v":0},{"$f":"IF(AND($D39=\"Serviço\",AM$12<>0,$H39>0,OR(AUTOEVENTO<>\"manual\",$M39<>$A$15)),\n        IF(Import.TipoArredondamento<>\"TransfereGOV\",\n              ROUND(OFFSET($P39,0,AM$13),15-13*ORÇAMENTO!$AF$7)/$H39*OFFSET(ORÇAMENTO!$X$15,ROW(AM39)-ROW(AM$15),0),\n              ROUND(ROUND(OFFSET($P39,0,AM$13),15-13*ORÇAMENTO!$AF$7)*OFFSET(ORÇAMENTO!$W$15,ROW(AM39)-ROW(AM$15),0),15-13*ORÇAMENTO!$AF$11)),\n         0)","v":0},{"$f":"IF(AND($D39=\"Serviço\",AN$12<>0,$H39>0,OR(AUTOEVENTO<>\"manual\",$M39<>$A$15)),\n        IF(Import.TipoArredondamento<>\"TransfereGOV\",\n              ROUND(OFFSET($P39,0,AN$13),15-13*ORÇAMENTO!$AF$7)/$H39*OFFSET(ORÇAMENTO!$X$15,ROW(AN39)-ROW(AN$15),0),\n              ROUND(ROUND(OFFSET($P39,0,AN$13),15-13*ORÇAMENTO!$AF$7)*OFFSET(ORÇAMENTO!$W$15,ROW(AN39)-ROW(AN$15),0),15-13*ORÇAMENTO!$AF$11)),\n         0)","v":0},{"$f":"IF(AND($D39=\"Serviço\",AO$12<>0,$H39>0,OR(AUTOEVENTO<>\"manual\",$M39<>$A$15)),\n        IF(Import.TipoArredondamento<>\"TransfereGOV\",\n              ROUND(OFFSET($P39,0,AO$13),15-13*ORÇAMENTO!$AF$7)/$H39*OFFSET(ORÇAMENTO!$X$15,ROW(AO39)-ROW(AO$15),0),\n              ROUND(ROUND(OFFSET($P39,0,AO$13),15-13*ORÇAMENTO!$AF$7)*OFFSET(ORÇAMENTO!$W$15,ROW(AO39)-ROW(AO$15),0),15-13*ORÇAMENTO!$AF$11)),\n         0)","v":0},{"$f":"IF(AND($D39=\"Serviço\",AP$12<>0,$H39>0,OR(AUTOEVENTO<>\"manual\",$M39<>$A$15)),\n        IF(Import.TipoArredondamento<>\"TransfereGOV\",\n              ROUND(OFFSET($P39,0,AP$13),15-13*ORÇAMENTO!$AF$7)/$H39*OFFSET(ORÇAMENTO!$X$15,ROW(AP39)-ROW(AP$15),0),\n              ROUND(ROUND(OFFSET($P39,0,AP$13),15-13*ORÇAMENTO!$AF$7)*OFFSET(ORÇAMENTO!$W$15,ROW(AP39)-ROW(AP$15),0),15-13*ORÇAMENTO!$AF$11)),\n         0)","v":0},{"$f":"IF(AND($D39=\"Serviço\",AQ$12<>0,$H39>0,OR(AUTOEVENTO<>\"manual\",$M39<>$A$15)),\n        IF(Import.TipoArredondamento<>\"TransfereGOV\",\n              ROUND(OFFSET($P39,0,AQ$13),15-13*ORÇAMENTO!$AF$7)/$H39*OFFSET(ORÇAMENTO!$X$15,ROW(AQ39)-ROW(AQ$15),0),\n              ROUND(ROUND(OFFSET($P39,0,AQ$13),15-13*ORÇAMENTO!$AF$7)*OFFSET(ORÇAMENTO!$W$15,ROW(AQ39)-ROW(AQ$15),0),15-13*ORÇAMENTO!$AF$11)),\n         0)","v":0},{"$f":"IF(AND($D39=\"Serviço\",AR$12<>0,$H39>0,OR(AUTOEVENTO<>\"manual\",$M39<>$A$15)),\n        IF(Import.TipoArredondamento<>\"TransfereGOV\",\n              ROUND(OFFSET($P39,0,AR$13),15-13*ORÇAMENTO!$AF$7)/$H39*OFFSET(ORÇAMENTO!$X$15,ROW(AR39)-ROW(AR$15),0),\n              ROUND(ROUND(OFFSET($P39,0,AR$13),15-13*ORÇAMENTO!$AF$7)*OFFSET(ORÇAMENTO!$W$15,ROW(AR39)-ROW(AR$15),0),15-13*ORÇAMENTO!$AF$11)),\n         0)","v":0},{"$f":"IF(AND($D39=\"Serviço\",AS$12<>0,$H39>0,OR(AUTOEVENTO<>\"manual\",$M39<>$A$15)),\n        IF(Import.TipoArredondamento<>\"TransfereGOV\",\n              ROUND(OFFSET($P39,0,AS$13),15-13*ORÇAMENTO!$AF$7)/$H39*OFFSET(ORÇAMENTO!$X$15,ROW(AS39)-ROW(AS$15),0),\n              ROUND(ROUND(OFFSET($P39,0,AS$13),15-13*ORÇAMENTO!$AF$7)*OFFSET(ORÇAMENTO!$W$15,ROW(AS39)-ROW(AS$15),0),15-13*ORÇAMENTO!$AF$11)),\n         0)","v":0},{"$f":"IF(AND($D39=\"Serviço\",AT$12<>0,$H39>0,OR(AUTOEVENTO<>\"manual\",$M39<>$A$15)),\n        IF(Import.TipoArredondamento<>\"TransfereGOV\",\n              ROUND(OFFSET($P39,0,AT$13),15-13*ORÇAMENTO!$AF$7)/$H39*OFFSET(ORÇAMENTO!$X$15,ROW(AT39)-ROW(AT$15),0),\n              ROUND(ROUND(OFFSET($P39,0,AT$13),15-13*ORÇAMENTO!$AF$7)*OFFSET(ORÇAMENTO!$W$15,ROW(AT39)-ROW(AT$15),0),15-13*ORÇAMENTO!$AF$11)),\n         0)","v":0},{"$f":"IF(AND($D39=\"Serviço\",AU$12<>0,$H39>0,OR(AUTOEVENTO<>\"manual\",$M39<>$A$15)),\n        IF(Import.TipoArredondamento<>\"TransfereGOV\",\n              ROUND(OFFSET($P39,0,AU$13),15-13*ORÇAMENTO!$AF$7)/$H39*OFFSET(ORÇAMENTO!$X$15,ROW(AU39)-ROW(AU$15),0),\n              ROUND(ROUND(OFFSET($P39,0,AU$13),15-13*ORÇAMENTO!$AF$7)*OFFSET(ORÇAMENTO!$W$15,ROW(AU39)-ROW(AU$15),0),15-13*ORÇAMENTO!$AF$11)),\n         0)","v":0},{"$f":"IF(AND($D39=\"Serviço\",AV$12<>0,$H39>0,OR(AUTOEVENTO<>\"manual\",$M39<>$A$15)),\n        IF(Import.TipoArredondamento<>\"TransfereGOV\",\n              ROUND(OFFSET($P39,0,AV$13),15-13*ORÇAMENTO!$AF$7)/$H39*OFFSET(ORÇAMENTO!$X$15,ROW(AV39)-ROW(AV$15),0),\n              ROUND(ROUND(OFFSET($P39,0,AV$13),15-13*ORÇAMENTO!$AF$7)*OFFSET(ORÇAMENTO!$W$15,ROW(AV39)-ROW(AV$15),0),15-13*ORÇAMENTO!$AF$11)),\n         0)","v":0},{"$f":"IF(AND($D39=\"Serviço\",AW$12<>0,$H39>0,OR(AUTOEVENTO<>\"manual\",$M39<>$A$15)),\n        IF(Import.TipoArredondamento<>\"TransfereGOV\",\n              ROUND(OFFSET($P39,0,AW$13),15-13*ORÇAMENTO!$AF$7)/$H39*OFFSET(ORÇAMENTO!$X$15,ROW(AW39)-ROW(AW$15),0),\n              ROUND(ROUND(OFFSET($P39,0,AW$13),15-13*ORÇAMENTO!$AF$7)*OFFSET(ORÇAMENTO!$W$15,ROW(AW39)-ROW(AW$15),0),15-13*ORÇAMENTO!$AF$11)),\n         0)","v":0},{"$f":"IF(AND($D39=\"Serviço\",AX$12<>0,$H39>0,OR(AUTOEVENTO<>\"manual\",$M39<>$A$15)),\n        IF(Import.TipoArredondamento<>\"TransfereGOV\",\n              ROUND(OFFSET($P39,0,AX$13),15-13*ORÇAMENTO!$AF$7)/$H39*OFFSET(ORÇAMENTO!$X$15,ROW(AX39)-ROW(AX$15),0),\n              ROUND(ROUND(OFFSET($P39,0,AX$13),15-13*ORÇAMENTO!$AF$7)*OFFSET(ORÇAMENTO!$W$15,ROW(AX39)-ROW(AX$15),0),15-13*ORÇAMENTO!$AF$11)),\n         0)","v":0},{"$f":"IF(AND($D39=\"Serviço\",AY$12<>0,$H39>0,OR(AUTOEVENTO<>\"manual\",$M39<>$A$15)),\n        IF(Import.TipoArredondamento<>\"TransfereGOV\",\n              ROUND(OFFSET($P39,0,AY$13),15-13*ORÇAMENTO!$AF$7)/$H39*OFFSET(ORÇAMENTO!$X$15,ROW(AY39)-ROW(AY$15),0),\n              ROUND(ROUND(OFFSET($P39,0,AY$13),15-13*ORÇAMENTO!$AF$7)*OFFSET(ORÇAMENTO!$W$15,ROW(AY39)-ROW(AY$15),0),15-13*ORÇAMENTO!$AF$11)),\n         0)","v":0},{"$f":"IF(AND($D39=\"Serviço\",AZ$12<>0,$H39>0,OR(AUTOEVENTO<>\"manual\",$M39<>$A$15)),\n        IF(Import.TipoArredondamento<>\"TransfereGOV\",\n              ROUND(OFFSET($P39,0,AZ$13),15-13*ORÇAMENTO!$AF$7)/$H39*OFFSET(ORÇAMENTO!$X$15,ROW(AZ39)-ROW(AZ$15),0),\n              ROUND(ROUND(OFFSET($P39,0,AZ$13),15-13*ORÇAMENTO!$AF$7)*OFFSET(ORÇAMENTO!$W$15,ROW(AZ39)-ROW(AZ$15),0),15-13*ORÇAMENTO!$AF$11)),\n         0)","v":0},{"$f":"IF(AND($D39=\"Serviço\",BA$12<>0,$H39>0,OR(AUTOEVENTO<>\"manual\",$M39<>$A$15)),\n        IF(Import.TipoArredondamento<>\"TransfereGOV\",\n              ROUND(OFFSET($P39,0,BA$13),15-13*ORÇAMENTO!$AF$7)/$H39*OFFSET(ORÇAMENTO!$X$15,ROW(BA39)-ROW(BA$15),0),\n              ROUND(ROUND(OFFSET($P39,0,BA$13),15-13*ORÇAMENTO!$AF$7)*OFFSET(ORÇAMENTO!$W$15,ROW(BA39)-ROW(BA$15),0),15-13*ORÇAMENTO!$AF$11)),\n         0)","v":0},null,{"$f":"IF(OR($D39<>\"Serviço\",AND(AUTOEVENTO=\"Manual\",$M39=$A$15)),0,\n         IF(OFFSET(CRONOPLE!$F$15,$M39-$A$15,BC$13)=\"\",10^12,OFFSET(CRONOPLE!$F$15,$M39-$A$15,BC$13)))","v":1},{"$f":"IF(OR($D39<>\"Serviço\",AND(AUTOEVENTO=\"Manual\",$M39=$A$15)),0,\n         IF(OFFSET(CRONOPLE!$F$15,$M39-$A$15,BD$13)=\"\",10^12,OFFSET(CRONOPLE!$F$15,$M39-$A$15,BD$13)))","v":1000000000000},{"$f":"IF(OR($D39<>\"Serviço\",AND(AUTOEVENTO=\"Manual\",$M39=$A$15)),0,\n         IF(OFFSET(CRONOPLE!$F$15,$M39-$A$15,BE$13)=\"\",10^12,OFFSET(CRONOPLE!$F$15,$M39-$A$15,BE$13)))","v":1000000000000},{"$f":"IF(OR($D39<>\"Serviço\",AND(AUTOEVENTO=\"Manual\",$M39=$A$15)),0,\n         IF(OFFSET(CRONOPLE!$F$15,$M39-$A$15,BF$13)=\"\",10^12,OFFSET(CRONOPLE!$F$15,$M39-$A$15,BF$13)))","v":1000000000000},{"$f":"IF(OR($D39<>\"Serviço\",AND(AUTOEVENTO=\"Manual\",$M39=$A$15)),0,\n         IF(OFFSET(CRONOPLE!$F$15,$M39-$A$15,BG$13)=\"\",10^12,OFFSET(CRONOPLE!$F$15,$M39-$A$15,BG$13)))","v":1000000000000},{"$f":"IF(OR($D39<>\"Serviço\",AND(AUTOEVENTO=\"Manual\",$M39=$A$15)),0,\n         IF(OFFSET(CRONOPLE!$F$15,$M39-$A$15,BH$13)=\"\",10^12,OFFSET(CRONOPLE!$F$15,$M39-$A$15,BH$13)))","v":1000000000000},{"$f":"IF(OR($D39<>\"Serviço\",AND(AUTOEVENTO=\"Manual\",$M39=$A$15)),0,\n         IF(OFFSET(CRONOPLE!$F$15,$M39-$A$15,BI$13)=\"\",10^12,OFFSET(CRONOPLE!$F$15,$M39-$A$15,BI$13)))","v":1000000000000},{"$f":"IF(OR($D39<>\"Serviço\",AND(AUTOEVENTO=\"Manual\",$M39=$A$15)),0,\n         IF(OFFSET(CRONOPLE!$F$15,$M39-$A$15,BJ$13)=\"\",10^12,OFFSET(CRONOPLE!$F$15,$M39-$A$15,BJ$13)))","v":1000000000000},{"$f":"IF(OR($D39<>\"Serviço\",AND(AUTOEVENTO=\"Manual\",$M39=$A$15)),0,\n         IF(OFFSET(CRONOPLE!$F$15,$M39-$A$15,BK$13)=\"\",10^12,OFFSET(CRONOPLE!$F$15,$M39-$A$15,BK$13)))","v":1000000000000},{"$f":"IF(OR($D39<>\"Serviço\",AND(AUTOEVENTO=\"Manual\",$M39=$A$15)),0,\n         IF(OFFSET(CRONOPLE!$F$15,$M39-$A$15,BL$13)=\"\",10^12,OFFSET(CRONOPLE!$F$15,$M39-$A$15,BL$13)))","v":1000000000000},{"$f":"IF(OR($D39<>\"Serviço\",AND(AUTOEVENTO=\"Manual\",$M39=$A$15)),0,\n         IF(OFFSET(CRONOPLE!$F$15,$M39-$A$15,BM$13)=\"\",10^12,OFFSET(CRONOPLE!$F$15,$M39-$A$15,BM$13)))","v":1000000000000},{"$f":"IF(OR($D39<>\"Serviço\",AND(AUTOEVENTO=\"Manual\",$M39=$A$15)),0,\n         IF(OFFSET(CRONOPLE!$F$15,$M39-$A$15,BN$13)=\"\",10^12,OFFSET(CRONOPLE!$F$15,$M39-$A$15,BN$13)))","v":1000000000000},{"$f":"IF(OR($D39<>\"Serviço\",AND(AUTOEVENTO=\"Manual\",$M39=$A$15)),0,\n         IF(OFFSET(CRONOPLE!$F$15,$M39-$A$15,BO$13)=\"\",10^12,OFFSET(CRONOPLE!$F$15,$M39-$A$15,BO$13)))","v":1000000000000},{"$f":"IF(OR($D39<>\"Serviço\",AND(AUTOEVENTO=\"Manual\",$M39=$A$15)),0,\n         IF(OFFSET(CRONOPLE!$F$15,$M39-$A$15,BP$13)=\"\",10^12,OFFSET(CRONOPLE!$F$15,$M39-$A$15,BP$13)))","v":1000000000000},{"$f":"IF(OR($D39<>\"Serviço\",AND(AUTOEVENTO=\"Manual\",$M39=$A$15)),0,\n         IF(OFFSET(CRONOPLE!$F$15,$M39-$A$15,BQ$13)=\"\",10^12,OFFSET(CRONOPLE!$F$15,$M39-$A$15,BQ$13)))","v":1000000000000},{"$f":"IF(OR($D39<>\"Serviço\",AND(AUTOEVENTO=\"Manual\",$M39=$A$15)),0,\n         IF(OFFSET(CRONOPLE!$F$15,$M39-$A$15,BR$13)=\"\",10^12,OFFSET(CRONOPLE!$F$15,$M39-$A$15,BR$13)))","v":1000000000000},{"$f":"IF(OR($D39<>\"Serviço\",AND(AUTOEVENTO=\"Manual\",$M39=$A$15)),0,\n         IF(OFFSET(CRONOPLE!$F$15,$M39-$A$15,BS$13)=\"\",10^12,OFFSET(CRONOPLE!$F$15,$M39-$A$15,BS$13)))","v":1000000000000},{"$f":"IF(OR($D39<>\"Serviço\",AND(AUTOEVENTO=\"Manual\",$M39=$A$15)),0,\n         IF(OFFSET(CRONOPLE!$F$15,$M39-$A$15,BT$13)=\"\",10^12,OFFSET(CRONOPLE!$F$15,$M39-$A$15,BT$13)))","v":1000000000000},null,{"$f":"IF(OR($D39<>\"Serviço\",AND(AUTOEVENTO=\"Manual\",$M39=$A$15),$M39>(ROW(PLE.lastrow)-ROW(PLE.firstrow))),0,\n           IF(OFFSET(PLE!$G$15,$M39-$A$15,BV$13)=\"\",10^12,OFFSET(PLE!$G$15,$M39-$A$15,BV$13)))","v":1000000000000},{"$f":"IF(OR($D39<>\"Serviço\",AND(AUTOEVENTO=\"Manual\",$M39=$A$15),$M39>(ROW(PLE.lastrow)-ROW(PLE.firstrow))),0,\n           IF(OFFSET(PLE!$G$15,$M39-$A$15,BW$13)=\"\",10^12,OFFSET(PLE!$G$15,$M39-$A$15,BW$13)))","v":1000000000000},{"$f":"IF(OR($D39<>\"Serviço\",AND(AUTOEVENTO=\"Manual\",$M39=$A$15),$M39>(ROW(PLE.lastrow)-ROW(PLE.firstrow))),0,\n           IF(OFFSET(PLE!$G$15,$M39-$A$15,BX$13)=\"\",10^12,OFFSET(PLE!$G$15,$M39-$A$15,BX$13)))","v":1000000000000},{"$f":"IF(OR($D39<>\"Serviço\",AND(AUTOEVENTO=\"Manual\",$M39=$A$15),$M39>(ROW(PLE.lastrow)-ROW(PLE.firstrow))),0,\n           IF(OFFSET(PLE!$G$15,$M39-$A$15,BY$13)=\"\",10^12,OFFSET(PLE!$G$15,$M39-$A$15,BY$13)))","v":1000000000000},{"$f":"IF(OR($D39<>\"Serviço\",AND(AUTOEVENTO=\"Manual\",$M39=$A$15),$M39>(ROW(PLE.lastrow)-ROW(PLE.firstrow))),0,\n           IF(OFFSET(PLE!$G$15,$M39-$A$15,BZ$13)=\"\",10^12,OFFSET(PLE!$G$15,$M39-$A$15,BZ$13)))","v":1000000000000},{"$f":"IF(OR($D39<>\"Serviço\",AND(AUTOEVENTO=\"Manual\",$M39=$A$15),$M39>(ROW(PLE.lastrow)-ROW(PLE.firstrow))),0,\n           IF(OFFSET(PLE!$G$15,$M39-$A$15,CA$13)=\"\",10^12,OFFSET(PLE!$G$15,$M39-$A$15,CA$13)))","v":1000000000000},{"$f":"IF(OR($D39<>\"Serviço\",AND(AUTOEVENTO=\"Manual\",$M39=$A$15),$M39>(ROW(PLE.lastrow)-ROW(PLE.firstrow))),0,\n           IF(OFFSET(PLE!$G$15,$M39-$A$15,CB$13)=\"\",10^12,OFFSET(PLE!$G$15,$M39-$A$15,CB$13)))","v":1000000000000},{"$f":"IF(OR($D39<>\"Serviço\",AND(AUTOEVENTO=\"Manual\",$M39=$A$15),$M39>(ROW(PLE.lastrow)-ROW(PLE.firstrow))),0,\n           IF(OFFSET(PLE!$G$15,$M39-$A$15,CC$13)=\"\",10^12,OFFSET(PLE!$G$15,$M39-$A$15,CC$13)))","v":1000000000000},{"$f":"IF(OR($D39<>\"Serviço\",AND(AUTOEVENTO=\"Manual\",$M39=$A$15),$M39>(ROW(PLE.lastrow)-ROW(PLE.firstrow))),0,\n           IF(OFFSET(PLE!$G$15,$M39-$A$15,CD$13)=\"\",10^12,OFFSET(PLE!$G$15,$M39-$A$15,CD$13)))","v":1000000000000},{"$f":"IF(OR($D39<>\"Serviço\",AND(AUTOEVENTO=\"Manual\",$M39=$A$15),$M39>(ROW(PLE.lastrow)-ROW(PLE.firstrow))),0,\n           IF(OFFSET(PLE!$G$15,$M39-$A$15,CE$13)=\"\",10^12,OFFSET(PLE!$G$15,$M39-$A$15,CE$13)))","v":1000000000000},{"$f":"IF(OR($D39<>\"Serviço\",AND(AUTOEVENTO=\"Manual\",$M39=$A$15),$M39>(ROW(PLE.lastrow)-ROW(PLE.firstrow))),0,\n           IF(OFFSET(PLE!$G$15,$M39-$A$15,CF$13)=\"\",10^12,OFFSET(PLE!$G$15,$M39-$A$15,CF$13)))","v":1000000000000},{"$f":"IF(OR($D39<>\"Serviço\",AND(AUTOEVENTO=\"Manual\",$M39=$A$15),$M39>(ROW(PLE.lastrow)-ROW(PLE.firstrow))),0,\n           IF(OFFSET(PLE!$G$15,$M39-$A$15,CG$13)=\"\",10^12,OFFSET(PLE!$G$15,$M39-$A$15,CG$13)))","v":1000000000000},{"$f":"IF(OR($D39<>\"Serviço\",AND(AUTOEVENTO=\"Manual\",$M39=$A$15),$M39>(ROW(PLE.lastrow)-ROW(PLE.firstrow))),0,\n           IF(OFFSET(PLE!$G$15,$M39-$A$15,CH$13)=\"\",10^12,OFFSET(PLE!$G$15,$M39-$A$15,CH$13)))","v":1000000000000},{"$f":"IF(OR($D39<>\"Serviço\",AND(AUTOEVENTO=\"Manual\",$M39=$A$15),$M39>(ROW(PLE.lastrow)-ROW(PLE.firstrow))),0,\n           IF(OFFSET(PLE!$G$15,$M39-$A$15,CI$13)=\"\",10^12,OFFSET(PLE!$G$15,$M39-$A$15,CI$13)))","v":1000000000000},{"$f":"IF(OR($D39<>\"Serviço\",AND(AUTOEVENTO=\"Manual\",$M39=$A$15),$M39>(ROW(PLE.lastrow)-ROW(PLE.firstrow))),0,\n           IF(OFFSET(PLE!$G$15,$M39-$A$15,CJ$13)=\"\",10^12,OFFSET(PLE!$G$15,$M39-$A$15,CJ$13)))","v":1000000000000},{"$f":"IF(OR($D39<>\"Serviço\",AND(AUTOEVENTO=\"Manual\",$M39=$A$15),$M39>(ROW(PLE.lastrow)-ROW(PLE.firstrow))),0,\n           IF(OFFSET(PLE!$G$15,$M39-$A$15,CK$13)=\"\",10^12,OFFSET(PLE!$G$15,$M39-$A$15,CK$13)))","v":1000000000000},{"$f":"IF(OR($D39<>\"Serviço\",AND(AUTOEVENTO=\"Manual\",$M39=$A$15),$M39>(ROW(PLE.lastrow)-ROW(PLE.firstrow))),0,\n           IF(OFFSET(PLE!$G$15,$M39-$A$15,CL$13)=\"\",10^12,OFFSET(PLE!$G$15,$M39-$A$15,CL$13)))","v":1000000000000},{"$f":"IF(OR($D39<>\"Serviço\",AND(AUTOEVENTO=\"Manual\",$M39=$A$15),$M39>(ROW(PLE.lastrow)-ROW(PLE.firstrow))),0,\n           IF(OFFSET(PLE!$G$15,$M39-$A$15,CM$13)=\"\",10^12,OFFSET(PLE!$G$15,$M39-$A$15,CM$13)))","v":1000000000000}]
[2,{"$f":"OFFSET(ORÇAMENTO!C$15,ROW(B40)-ROW(B$15),0)","v":"S"},{"$f":"OFFSET(ORÇAMENTO!L$15,ROW(C40)-ROW(C$15),0)","v":"F"},{"$f":"OFFSET(ORÇAMENTO!N$15,ROW(D40)-ROW(D$15),0)","v":"Serviço"},{"$f":"OFFSET(ORÇAMENTO!O$15,ROW(E40)-ROW(E$15),0)","v":"1.3.4."},{"$f":"OFFSET(ORÇAMENTO!R$15,ROW(F40)-ROW(F$15),0)","v":"TRANSPORTE COM CAMINHÃO CARROCERIA COM GUINDAUTO (MUNCK), MOMENTO MÁXIMO DE CARGA 11,7 TM, EM VIA URBANA PAVIMENTADA, DMT ATÉ 30KM (UNIDADE: TXKM). AF_07/2020"},{"$f":"IF($D40<>\"Serviço\",\"\",OFFSET(ORÇAMENTO!S$15,ROW(G40)-ROW(G$15),0))","v":"TXKM"},{"$f":"IF($D40<>\"Serviço\",0,IF(ACOMPANHAMENTO=\"BM\",ROUND(OFFSET(ORÇAMENTO!AJ$15,ROW(H40)-ROW(H$15),0),15-13*ORÇAMENTO!$AF$7),SUMPRODUCT(($Q$1:$AI$1=1)*ROUND($Q40:$AI40,15-13*ORÇAMENTO!$AF$7))))","v":15391.5},null,{"$f":"IF(B40<>\"S\",\"\",IF(AND(ACOMPANHAMENTO=\"PLE\",AUTOEVENTO=\"Manual\",OR(H40>0,ORÇAMENTO!AC40=\"QUANT.\"),OR(K40=\"\",M40=0,N40=\"\")),\"►\",IF(AND(ACOMPANHAMENTO=\"PLE\",ORÇAMENTO!AC40=\"QUANT.\"),\"►►\",IF(AND(COUNTIF($P$11:$AI$11,\"▼\")=0,H40>0,I40=\"\"),\"◄\",\"\"))))","v":"◄"},"2. DRENAGEM DE ÁGUAS PLUVIAIS",".",{"$f":"IF($D40<>\"Serviço\",\"\",\n          IF(AUTOEVENTO=\"manual\",$A40,\n                IF(ISERROR(MATCH($A40,$A$15:OFFSET($A40,-1,0),0)),MAX($M$15:OFFSET(M40,-1,0))+1,\n                      INDEX($M$15:OFFSET(M40,-1,0),MATCH($A40,$A$15:OFFSET($A40,-1,0),0)))))","v":2},{"$f":"IF($D40<>\"Serviço\",\"\",\n         IF(AUTOEVENTO=\"Manual\",\n                IF($A40=0,\"<-- defina o número do agrupador\",\n                       OFFSET(EVENTOS!$D$15,$A40-$A$15,0)),\n                OFFSET($F$15,$A40,0)))","v":"DRENAGEM DE ÁGUAS PLUVIAIS"},null,null,7839.9,null,null,null,null,null,null,null,null,null,null,null,null,null,null,null,null,null,null,{"$f":"IF(AND($D40=\"Serviço\",AJ$12<>0,$H40>0,OR(AUTOEVENTO<>\"manual\",$M40<>$A$15)),\n        IF(Import.TipoArredondamento<>\"TransfereGOV\",\n              ROUND(OFFSET($P40,0,AJ$13),15-13*ORÇAMENTO!$AF$7)/$H40*OFFSET(ORÇAMENTO!$X$15,ROW(AJ40)-ROW(AJ$15),0),\n              ROUND(ROUND(OFFSET($P40,0,AJ$13),15-13*ORÇAMENTO!$AF$7)*OFFSET(ORÇAMENTO!$W$15,ROW(AJ40)-ROW(AJ$15),0),15-13*ORÇAMENTO!$AF$11)),\n         0)","v":0},{"$f":"IF(AND($D40=\"Serviço\",AK$12<>0,$H40>0,OR(AUTOEVENTO<>\"manual\",$M40<>$A$15)),\n        IF(Import.TipoArredondamento<>\"TransfereGOV\",\n              ROUND(OFFSET($P40,0,AK$13),15-13*ORÇAMENTO!$AF$7)/$H40*OFFSET(ORÇAMENTO!$X$15,ROW(AK40)-ROW(AK$15),0),\n              ROUND(ROUND(OFFSET($P40,0,AK$13),15-13*ORÇAMENTO!$AF$7)*OFFSET(ORÇAMENTO!$W$15,ROW(AK40)-ROW(AK$15),0),15-13*ORÇAMENTO!$AF$11)),\n         0)","v":0},{"$f":"IF(AND($D40=\"Serviço\",AL$12<>0,$H40>0,OR(AUTOEVENTO<>\"manual\",$M40<>$A$15)),\n        IF(Import.TipoArredondamento<>\"TransfereGOV\",\n              ROUND(OFFSET($P40,0,AL$13),15-13*ORÇAMENTO!$AF$7)/$H40*OFFSET(ORÇAMENTO!$X$15,ROW(AL40)-ROW(AL$15),0),\n              ROUND(ROUND(OFFSET($P40,0,AL$13),15-13*ORÇAMENTO!$AF$7)*OFFSET(ORÇAMENTO!$W$15,ROW(AL40)-ROW(AL$15),0),15-13*ORÇAMENTO!$AF$11)),\n         0)","v":0},{"$f":"IF(AND($D40=\"Serviço\",AM$12<>0,$H40>0,OR(AUTOEVENTO<>\"manual\",$M40<>$A$15)),\n        IF(Import.TipoArredondamento<>\"TransfereGOV\",\n              ROUND(OFFSET($P40,0,AM$13),15-13*ORÇAMENTO!$AF$7)/$H40*OFFSET(ORÇAMENTO!$X$15,ROW(AM40)-ROW(AM$15),0),\n              ROUND(ROUND(OFFSET($P40,0,AM$13),15-13*ORÇAMENTO!$AF$7)*OFFSET(ORÇAMENTO!$W$15,ROW(AM40)-ROW(AM$15),0),15-13*ORÇAMENTO!$AF$11)),\n         0)","v":0},{"$f":"IF(AND($D40=\"Serviço\",AN$12<>0,$H40>0,OR(AUTOEVENTO<>\"manual\",$M40<>$A$15)),\n        IF(Import.TipoArredondamento<>\"TransfereGOV\",\n              ROUND(OFFSET($P40,0,AN$13),15-13*ORÇAMENTO!$AF$7)/$H40*OFFSET(ORÇAMENTO!$X$15,ROW(AN40)-ROW(AN$15),0),\n              ROUND(ROUND(OFFSET($P40,0,AN$13),15-13*ORÇAMENTO!$AF$7)*OFFSET(ORÇAMENTO!$W$15,ROW(AN40)-ROW(AN$15),0),15-13*ORÇAMENTO!$AF$11)),\n         0)","v":0},{"$f":"IF(AND($D40=\"Serviço\",AO$12<>0,$H40>0,OR(AUTOEVENTO<>\"manual\",$M40<>$A$15)),\n        IF(Import.TipoArredondamento<>\"TransfereGOV\",\n              ROUND(OFFSET($P40,0,AO$13),15-13*ORÇAMENTO!$AF$7)/$H40*OFFSET(ORÇAMENTO!$X$15,ROW(AO40)-ROW(AO$15),0),\n              ROUND(ROUND(OFFSET($P40,0,AO$13),15-13*ORÇAMENTO!$AF$7)*OFFSET(ORÇAMENTO!$W$15,ROW(AO40)-ROW(AO$15),0),15-13*ORÇAMENTO!$AF$11)),\n         0)","v":0},{"$f":"IF(AND($D40=\"Serviço\",AP$12<>0,$H40>0,OR(AUTOEVENTO<>\"manual\",$M40<>$A$15)),\n        IF(Import.TipoArredondamento<>\"TransfereGOV\",\n              ROUND(OFFSET($P40,0,AP$13),15-13*ORÇAMENTO!$AF$7)/$H40*OFFSET(ORÇAMENTO!$X$15,ROW(AP40)-ROW(AP$15),0),\n              ROUND(ROUND(OFFSET($P40,0,AP$13),15-13*ORÇAMENTO!$AF$7)*OFFSET(ORÇAMENTO!$W$15,ROW(AP40)-ROW(AP$15),0),15-13*ORÇAMENTO!$AF$11)),\n         0)","v":0},{"$f":"IF(AND($D40=\"Serviço\",AQ$12<>0,$H40>0,OR(AUTOEVENTO<>\"manual\",$M40<>$A$15)),\n        IF(Import.TipoArredondamento<>\"TransfereGOV\",\n              ROUND(OFFSET($P40,0,AQ$13),15-13*ORÇAMENTO!$AF$7)/$H40*OFFSET(ORÇAMENTO!$X$15,ROW(AQ40)-ROW(AQ$15),0),\n              ROUND(ROUND(OFFSET($P40,0,AQ$13),15-13*ORÇAMENTO!$AF$7)*OFFSET(ORÇAMENTO!$W$15,ROW(AQ40)-ROW(AQ$15),0),15-13*ORÇAMENTO!$AF$11)),\n         0)","v":0},{"$f":"IF(AND($D40=\"Serviço\",AR$12<>0,$H40>0,OR(AUTOEVENTO<>\"manual\",$M40<>$A$15)),\n        IF(Import.TipoArredondamento<>\"TransfereGOV\",\n              ROUND(OFFSET($P40,0,AR$13),15-13*ORÇAMENTO!$AF$7)/$H40*OFFSET(ORÇAMENTO!$X$15,ROW(AR40)-ROW(AR$15),0),\n              ROUND(ROUND(OFFSET($P40,0,AR$13),15-13*ORÇAMENTO!$AF$7)*OFFSET(ORÇAMENTO!$W$15,ROW(AR40)-ROW(AR$15),0),15-13*ORÇAMENTO!$AF$11)),\n         0)","v":0},{"$f":"IF(AND($D40=\"Serviço\",AS$12<>0,$H40>0,OR(AUTOEVENTO<>\"manual\",$M40<>$A$15)),\n        IF(Import.TipoArredondamento<>\"TransfereGOV\",\n              ROUND(OFFSET($P40,0,AS$13),15-13*ORÇAMENTO!$AF$7)/$H40*OFFSET(ORÇAMENTO!$X$15,ROW(AS40)-ROW(AS$15),0),\n              ROUND(ROUND(OFFSET($P40,0,AS$13),15-13*ORÇAMENTO!$AF$7)*OFFSET(ORÇAMENTO!$W$15,ROW(AS40)-ROW(AS$15),0),15-13*ORÇAMENTO!$AF$11)),\n         0)","v":0},{"$f":"IF(AND($D40=\"Serviço\",AT$12<>0,$H40>0,OR(AUTOEVENTO<>\"manual\",$M40<>$A$15)),\n        IF(Import.TipoArredondamento<>\"TransfereGOV\",\n              ROUND(OFFSET($P40,0,AT$13),15-13*ORÇAMENTO!$AF$7)/$H40*OFFSET(ORÇAMENTO!$X$15,ROW(AT40)-ROW(AT$15),0),\n              ROUND(ROUND(OFFSET($P40,0,AT$13),15-13*ORÇAMENTO!$AF$7)*OFFSET(ORÇAMENTO!$W$15,ROW(AT40)-ROW(AT$15),0),15-13*ORÇAMENTO!$AF$11)),\n         0)","v":0},{"$f":"IF(AND($D40=\"Serviço\",AU$12<>0,$H40>0,OR(AUTOEVENTO<>\"manual\",$M40<>$A$15)),\n        IF(Import.TipoArredondamento<>\"TransfereGOV\",\n              ROUND(OFFSET($P40,0,AU$13),15-13*ORÇAMENTO!$AF$7)/$H40*OFFSET(ORÇAMENTO!$X$15,ROW(AU40)-ROW(AU$15),0),\n              ROUND(ROUND(OFFSET($P40,0,AU$13),15-13*ORÇAMENTO!$AF$7)*OFFSET(ORÇAMENTO!$W$15,ROW(AU40)-ROW(AU$15),0),15-13*ORÇAMENTO!$AF$11)),\n         0)","v":0},{"$f":"IF(AND($D40=\"Serviço\",AV$12<>0,$H40>0,OR(AUTOEVENTO<>\"manual\",$M40<>$A$15)),\n        IF(Import.TipoArredondamento<>\"TransfereGOV\",\n              ROUND(OFFSET($P40,0,AV$13),15-13*ORÇAMENTO!$AF$7)/$H40*OFFSET(ORÇAMENTO!$X$15,ROW(AV40)-ROW(AV$15),0),\n              ROUND(ROUND(OFFSET($P40,0,AV$13),15-13*ORÇAMENTO!$AF$7)*OFFSET(ORÇAMENTO!$W$15,ROW(AV40)-ROW(AV$15),0),15-13*ORÇAMENTO!$AF$11)),\n         0)","v":0},{"$f":"IF(AND($D40=\"Serviço\",AW$12<>0,$H40>0,OR(AUTOEVENTO<>\"manual\",$M40<>$A$15)),\n        IF(Import.TipoArredondamento<>\"TransfereGOV\",\n              ROUND(OFFSET($P40,0,AW$13),15-13*ORÇAMENTO!$AF$7)/$H40*OFFSET(ORÇAMENTO!$X$15,ROW(AW40)-ROW(AW$15),0),\n              ROUND(ROUND(OFFSET($P40,0,AW$13),15-13*ORÇAMENTO!$AF$7)*OFFSET(ORÇAMENTO!$W$15,ROW(AW40)-ROW(AW$15),0),15-13*ORÇAMENTO!$AF$11)),\n         0)","v":0},{"$f":"IF(AND($D40=\"Serviço\",AX$12<>0,$H40>0,OR(AUTOEVENTO<>\"manual\",$M40<>$A$15)),\n        IF(Import.TipoArredondamento<>\"TransfereGOV\",\n              ROUND(OFFSET($P40,0,AX$13),15-13*ORÇAMENTO!$AF$7)/$H40*OFFSET(ORÇAMENTO!$X$15,ROW(AX40)-ROW(AX$15),0),\n              ROUND(ROUND(OFFSET($P40,0,AX$13),15-13*ORÇAMENTO!$AF$7)*OFFSET(ORÇAMENTO!$W$15,ROW(AX40)-ROW(AX$15),0),15-13*ORÇAMENTO!$AF$11)),\n         0)","v":0},{"$f":"IF(AND($D40=\"Serviço\",AY$12<>0,$H40>0,OR(AUTOEVENTO<>\"manual\",$M40<>$A$15)),\n        IF(Import.TipoArredondamento<>\"TransfereGOV\",\n              ROUND(OFFSET($P40,0,AY$13),15-13*ORÇAMENTO!$AF$7)/$H40*OFFSET(ORÇAMENTO!$X$15,ROW(AY40)-ROW(AY$15),0),\n              ROUND(ROUND(OFFSET($P40,0,AY$13),15-13*ORÇAMENTO!$AF$7)*OFFSET(ORÇAMENTO!$W$15,ROW(AY40)-ROW(AY$15),0),15-13*ORÇAMENTO!$AF$11)),\n         0)","v":0},{"$f":"IF(AND($D40=\"Serviço\",AZ$12<>0,$H40>0,OR(AUTOEVENTO<>\"manual\",$M40<>$A$15)),\n        IF(Import.TipoArredondamento<>\"TransfereGOV\",\n              ROUND(OFFSET($P40,0,AZ$13),15-13*ORÇAMENTO!$AF$7)/$H40*OFFSET(ORÇAMENTO!$X$15,ROW(AZ40)-ROW(AZ$15),0),\n              ROUND(ROUND(OFFSET($P40,0,AZ$13),15-13*ORÇAMENTO!$AF$7)*OFFSET(ORÇAMENTO!$W$15,ROW(AZ40)-ROW(AZ$15),0),15-13*ORÇAMENTO!$AF$11)),\n         0)","v":0},{"$f":"IF(AND($D40=\"Serviço\",BA$12<>0,$H40>0,OR(AUTOEVENTO<>\"manual\",$M40<>$A$15)),\n        IF(Import.TipoArredondamento<>\"TransfereGOV\",\n              ROUND(OFFSET($P40,0,BA$13),15-13*ORÇAMENTO!$AF$7)/$H40*OFFSET(ORÇAMENTO!$X$15,ROW(BA40)-ROW(BA$15),0),\n              ROUND(ROUND(OFFSET($P40,0,BA$13),15-13*ORÇAMENTO!$AF$7)*OFFSET(ORÇAMENTO!$W$15,ROW(BA40)-ROW(BA$15),0),15-13*ORÇAMENTO!$AF$11)),\n         0)","v":0},null,{"$f":"IF(OR($D40<>\"Serviço\",AND(AUTOEVENTO=\"Manual\",$M40=$A$15)),0,\n         IF(OFFSET(CRONOPLE!$F$15,$M40-$A$15,BC$13)=\"\",10^12,OFFSET(CRONOPLE!$F$15,$M40-$A$15,BC$13)))","v":1},{"$f":"IF(OR($D40<>\"Serviço\",AND(AUTOEVENTO=\"Manual\",$M40=$A$15)),0,\n         IF(OFFSET(CRONOPLE!$F$15,$M40-$A$15,BD$13)=\"\",10^12,OFFSET(CRONOPLE!$F$15,$M40-$A$15,BD$13)))","v":1000000000000},{"$f":"IF(OR($D40<>\"Serviço\",AND(AUTOEVENTO=\"Manual\",$M40=$A$15)),0,\n         IF(OFFSET(CRONOPLE!$F$15,$M40-$A$15,BE$13)=\"\",10^12,OFFSET(CRONOPLE!$F$15,$M40-$A$15,BE$13)))","v":1000000000000},{"$f":"IF(OR($D40<>\"Serviço\",AND(AUTOEVENTO=\"Manual\",$M40=$A$15)),0,\n         IF(OFFSET(CRONOPLE!$F$15,$M40-$A$15,BF$13)=\"\",10^12,OFFSET(CRONOPLE!$F$15,$M40-$A$15,BF$13)))","v":1000000000000},{"$f":"IF(OR($D40<>\"Serviço\",AND(AUTOEVENTO=\"Manual\",$M40=$A$15)),0,\n         IF(OFFSET(CRONOPLE!$F$15,$M40-$A$15,BG$13)=\"\",10^12,OFFSET(CRONOPLE!$F$15,$M40-$A$15,BG$13)))","v":1000000000000},{"$f":"IF(OR($D40<>\"Serviço\",AND(AUTOEVENTO=\"Manual\",$M40=$A$15)),0,\n         IF(OFFSET(CRONOPLE!$F$15,$M40-$A$15,BH$13)=\"\",10^12,OFFSET(CRONOPLE!$F$15,$M40-$A$15,BH$13)))","v":1000000000000},{"$f":"IF(OR($D40<>\"Serviço\",AND(AUTOEVENTO=\"Manual\",$M40=$A$15)),0,\n         IF(OFFSET(CRONOPLE!$F$15,$M40-$A$15,BI$13)=\"\",10^12,OFFSET(CRONOPLE!$F$15,$M40-$A$15,BI$13)))","v":1000000000000},{"$f":"IF(OR($D40<>\"Serviço\",AND(AUTOEVENTO=\"Manual\",$M40=$A$15)),0,\n         IF(OFFSET(CRONOPLE!$F$15,$M40-$A$15,BJ$13)=\"\",10^12,OFFSET(CRONOPLE!$F$15,$M40-$A$15,BJ$13)))","v":1000000000000},{"$f":"IF(OR($D40<>\"Serviço\",AND(AUTOEVENTO=\"Manual\",$M40=$A$15)),0,\n         IF(OFFSET(CRONOPLE!$F$15,$M40-$A$15,BK$13)=\"\",10^12,OFFSET(CRONOPLE!$F$15,$M40-$A$15,BK$13)))","v":1000000000000},{"$f":"IF(OR($D40<>\"Serviço\",AND(AUTOEVENTO=\"Manual\",$M40=$A$15)),0,\n         IF(OFFSET(CRONOPLE!$F$15,$M40-$A$15,BL$13)=\"\",10^12,OFFSET(CRONOPLE!$F$15,$M40-$A$15,BL$13)))","v":1000000000000},{"$f":"IF(OR($D40<>\"Serviço\",AND(AUTOEVENTO=\"Manual\",$M40=$A$15)),0,\n         IF(OFFSET(CRONOPLE!$F$15,$M40-$A$15,BM$13)=\"\",10^12,OFFSET(CRONOPLE!$F$15,$M40-$A$15,BM$13)))","v":1000000000000},{"$f":"IF(OR($D40<>\"Serviço\",AND(AUTOEVENTO=\"Manual\",$M40=$A$15)),0,\n         IF(OFFSET(CRONOPLE!$F$15,$M40-$A$15,BN$13)=\"\",10^12,OFFSET(CRONOPLE!$F$15,$M40-$A$15,BN$13)))","v":1000000000000},{"$f":"IF(OR($D40<>\"Serviço\",AND(AUTOEVENTO=\"Manual\",$M40=$A$15)),0,\n         IF(OFFSET(CRONOPLE!$F$15,$M40-$A$15,BO$13)=\"\",10^12,OFFSET(CRONOPLE!$F$15,$M40-$A$15,BO$13)))","v":1000000000000},{"$f":"IF(OR($D40<>\"Serviço\",AND(AUTOEVENTO=\"Manual\",$M40=$A$15)),0,\n         IF(OFFSET(CRONOPLE!$F$15,$M40-$A$15,BP$13)=\"\",10^12,OFFSET(CRONOPLE!$F$15,$M40-$A$15,BP$13)))","v":1000000000000},{"$f":"IF(OR($D40<>\"Serviço\",AND(AUTOEVENTO=\"Manual\",$M40=$A$15)),0,\n         IF(OFFSET(CRONOPLE!$F$15,$M40-$A$15,BQ$13)=\"\",10^12,OFFSET(CRONOPLE!$F$15,$M40-$A$15,BQ$13)))","v":1000000000000},{"$f":"IF(OR($D40<>\"Serviço\",AND(AUTOEVENTO=\"Manual\",$M40=$A$15)),0,\n         IF(OFFSET(CRONOPLE!$F$15,$M40-$A$15,BR$13)=\"\",10^12,OFFSET(CRONOPLE!$F$15,$M40-$A$15,BR$13)))","v":1000000000000},{"$f":"IF(OR($D40<>\"Serviço\",AND(AUTOEVENTO=\"Manual\",$M40=$A$15)),0,\n         IF(OFFSET(CRONOPLE!$F$15,$M40-$A$15,BS$13)=\"\",10^12,OFFSET(CRONOPLE!$F$15,$M40-$A$15,BS$13)))","v":1000000000000},{"$f":"IF(OR($D40<>\"Serviço\",AND(AUTOEVENTO=\"Manual\",$M40=$A$15)),0,\n         IF(OFFSET(CRONOPLE!$F$15,$M40-$A$15,BT$13)=\"\",10^12,OFFSET(CRONOPLE!$F$15,$M40-$A$15,BT$13)))","v":1000000000000},null,{"$f":"IF(OR($D40<>\"Serviço\",AND(AUTOEVENTO=\"Manual\",$M40=$A$15),$M40>(ROW(PLE.lastrow)-ROW(PLE.firstrow))),0,\n           IF(OFFSET(PLE!$G$15,$M40-$A$15,BV$13)=\"\",10^12,OFFSET(PLE!$G$15,$M40-$A$15,BV$13)))","v":1000000000000},{"$f":"IF(OR($D40<>\"Serviço\",AND(AUTOEVENTO=\"Manual\",$M40=$A$15),$M40>(ROW(PLE.lastrow)-ROW(PLE.firstrow))),0,\n           IF(OFFSET(PLE!$G$15,$M40-$A$15,BW$13)=\"\",10^12,OFFSET(PLE!$G$15,$M40-$A$15,BW$13)))","v":1000000000000},{"$f":"IF(OR($D40<>\"Serviço\",AND(AUTOEVENTO=\"Manual\",$M40=$A$15),$M40>(ROW(PLE.lastrow)-ROW(PLE.firstrow))),0,\n           IF(OFFSET(PLE!$G$15,$M40-$A$15,BX$13)=\"\",10^12,OFFSET(PLE!$G$15,$M40-$A$15,BX$13)))","v":1000000000000},{"$f":"IF(OR($D40<>\"Serviço\",AND(AUTOEVENTO=\"Manual\",$M40=$A$15),$M40>(ROW(PLE.lastrow)-ROW(PLE.firstrow))),0,\n           IF(OFFSET(PLE!$G$15,$M40-$A$15,BY$13)=\"\",10^12,OFFSET(PLE!$G$15,$M40-$A$15,BY$13)))","v":1000000000000},{"$f":"IF(OR($D40<>\"Serviço\",AND(AUTOEVENTO=\"Manual\",$M40=$A$15),$M40>(ROW(PLE.lastrow)-ROW(PLE.firstrow))),0,\n           IF(OFFSET(PLE!$G$15,$M40-$A$15,BZ$13)=\"\",10^12,OFFSET(PLE!$G$15,$M40-$A$15,BZ$13)))","v":1000000000000},{"$f":"IF(OR($D40<>\"Serviço\",AND(AUTOEVENTO=\"Manual\",$M40=$A$15),$M40>(ROW(PLE.lastrow)-ROW(PLE.firstrow))),0,\n           IF(OFFSET(PLE!$G$15,$M40-$A$15,CA$13)=\"\",10^12,OFFSET(PLE!$G$15,$M40-$A$15,CA$13)))","v":1000000000000},{"$f":"IF(OR($D40<>\"Serviço\",AND(AUTOEVENTO=\"Manual\",$M40=$A$15),$M40>(ROW(PLE.lastrow)-ROW(PLE.firstrow))),0,\n           IF(OFFSET(PLE!$G$15,$M40-$A$15,CB$13)=\"\",10^12,OFFSET(PLE!$G$15,$M40-$A$15,CB$13)))","v":1000000000000},{"$f":"IF(OR($D40<>\"Serviço\",AND(AUTOEVENTO=\"Manual\",$M40=$A$15),$M40>(ROW(PLE.lastrow)-ROW(PLE.firstrow))),0,\n           IF(OFFSET(PLE!$G$15,$M40-$A$15,CC$13)=\"\",10^12,OFFSET(PLE!$G$15,$M40-$A$15,CC$13)))","v":1000000000000},{"$f":"IF(OR($D40<>\"Serviço\",AND(AUTOEVENTO=\"Manual\",$M40=$A$15),$M40>(ROW(PLE.lastrow)-ROW(PLE.firstrow))),0,\n           IF(OFFSET(PLE!$G$15,$M40-$A$15,CD$13)=\"\",10^12,OFFSET(PLE!$G$15,$M40-$A$15,CD$13)))","v":1000000000000},{"$f":"IF(OR($D40<>\"Serviço\",AND(AUTOEVENTO=\"Manual\",$M40=$A$15),$M40>(ROW(PLE.lastrow)-ROW(PLE.firstrow))),0,\n           IF(OFFSET(PLE!$G$15,$M40-$A$15,CE$13)=\"\",10^12,OFFSET(PLE!$G$15,$M40-$A$15,CE$13)))","v":1000000000000},{"$f":"IF(OR($D40<>\"Serviço\",AND(AUTOEVENTO=\"Manual\",$M40=$A$15),$M40>(ROW(PLE.lastrow)-ROW(PLE.firstrow))),0,\n           IF(OFFSET(PLE!$G$15,$M40-$A$15,CF$13)=\"\",10^12,OFFSET(PLE!$G$15,$M40-$A$15,CF$13)))","v":1000000000000},{"$f":"IF(OR($D40<>\"Serviço\",AND(AUTOEVENTO=\"Manual\",$M40=$A$15),$M40>(ROW(PLE.lastrow)-ROW(PLE.firstrow))),0,\n           IF(OFFSET(PLE!$G$15,$M40-$A$15,CG$13)=\"\",10^12,OFFSET(PLE!$G$15,$M40-$A$15,CG$13)))","v":1000000000000},{"$f":"IF(OR($D40<>\"Serviço\",AND(AUTOEVENTO=\"Manual\",$M40=$A$15),$M40>(ROW(PLE.lastrow)-ROW(PLE.firstrow))),0,\n           IF(OFFSET(PLE!$G$15,$M40-$A$15,CH$13)=\"\",10^12,OFFSET(PLE!$G$15,$M40-$A$15,CH$13)))","v":1000000000000},{"$f":"IF(OR($D40<>\"Serviço\",AND(AUTOEVENTO=\"Manual\",$M40=$A$15),$M40>(ROW(PLE.lastrow)-ROW(PLE.firstrow))),0,\n           IF(OFFSET(PLE!$G$15,$M40-$A$15,CI$13)=\"\",10^12,OFFSET(PLE!$G$15,$M40-$A$15,CI$13)))","v":1000000000000},{"$f":"IF(OR($D40<>\"Serviço\",AND(AUTOEVENTO=\"Manual\",$M40=$A$15),$M40>(ROW(PLE.lastrow)-ROW(PLE.firstrow))),0,\n           IF(OFFSET(PLE!$G$15,$M40-$A$15,CJ$13)=\"\",10^12,OFFSET(PLE!$G$15,$M40-$A$15,CJ$13)))","v":1000000000000},{"$f":"IF(OR($D40<>\"Serviço\",AND(AUTOEVENTO=\"Manual\",$M40=$A$15),$M40>(ROW(PLE.lastrow)-ROW(PLE.firstrow))),0,\n           IF(OFFSET(PLE!$G$15,$M40-$A$15,CK$13)=\"\",10^12,OFFSET(PLE!$G$15,$M40-$A$15,CK$13)))","v":1000000000000},{"$f":"IF(OR($D40<>\"Serviço\",AND(AUTOEVENTO=\"Manual\",$M40=$A$15),$M40>(ROW(PLE.lastrow)-ROW(PLE.firstrow))),0,\n           IF(OFFSET(PLE!$G$15,$M40-$A$15,CL$13)=\"\",10^12,OFFSET(PLE!$G$15,$M40-$A$15,CL$13)))","v":1000000000000},{"$f":"IF(OR($D40<>\"Serviço\",AND(AUTOEVENTO=\"Manual\",$M40=$A$15),$M40>(ROW(PLE.lastrow)-ROW(PLE.firstrow))),0,\n           IF(OFFSET(PLE!$G$15,$M40-$A$15,CM$13)=\"\",10^12,OFFSET(PLE!$G$15,$M40-$A$15,CM$13)))","v":1000000000000}]
[{"$f":"IF(AUTOEVENTO=\"Manual\",IF(K41<>\"\",MIN(VALUE(LEFT(K41,FIND(\".\",K41)-1)),COUNTA(EVENTOS.Lista)),0),IF(OR($B41>AUTOEVENTO,$B41=\"S\",$B41=0),SUBSTITUTE(OFFSET($A41,-1,0),IF($D41=\"Serviço\",\".\",\"\"),\"\"),ROW(A41)-ROW($A$15)&\".\"))","v":2},{"$f":"OFFSET(ORÇAMENTO!C$15,ROW(B41)-ROW(B$15),0)","v":"S"},{"$f":"OFFSET(ORÇAMENTO!L$15,ROW(C41)-ROW(C$15),0)","v":"F"},{"$f":"OFFSET(ORÇAMENTO!N$15,ROW(D41)-ROW(D$15),0)","v":"Serviço"},{"$f":"OFFSET(ORÇAMENTO!O$15,ROW(E41)-ROW(E$15),0)","v":"1.3.5."},{"$f":"OFFSET(ORÇAMENTO!R$15,ROW(F41)-ROW(F$15),0)","v":"TRANSPORTE COM CAMINHÃO CARROCERIA COM GUINDAUTO (MUNCK), MOMENTO MÁXIMO DE CARGA 11,7 TM, EM VIA URBANA PAVIMENTADA, ADICIONAL PARA DMT EXCEDENTE A 30 KM (UNIDADE: TXKM). AF_07/2020"},{"$f":"IF($D41<>\"Serviço\",\"\",OFFSET(ORÇAMENTO!S$15,ROW(G41)-ROW(G$15),0))","v":"TXKM"},{"$f":"IF($D41<>\"Serviço\",0,IF(ACOMPANHAMENTO=\"BM\",ROUND(OFFSET(ORÇAMENTO!AJ$15,ROW(H41)-ROW(H$15),0),15-13*ORÇAMENTO!$AF$7),SUMPRODUCT(($Q$1:$AI$1=1)*ROUND($Q41:$AI41,15-13*ORÇAMENTO!$AF$7))))","v":25139.45},null,{"$f":"IF(B41<>\"S\",\"\",IF(AND(ACOMPANHAMENTO=\"PLE\",AUTOEVENTO=\"Manual\",OR(H41>0,ORÇAMENTO!AC41=\"QUANT.\"),OR(K41=\"\",M41=0,N41=\"\")),\"►\",IF(AND(ACOMPANHAMENTO=\"PLE\",ORÇAMENTO!AC41=\"QUANT.\"),\"►►\",IF(AND(COUNTIF($P$11:$AI$11,\"▼\")=0,H41>0,I41=\"\"),\"◄\",\"\"))))","v":"◄"},"2. DRENAGEM DE ÁGUAS PLUVIAIS",".",{"$f":"IF($D41<>\"Serviço\",\"\",\n          IF(AUTOEVENTO=\"manual\",$A41,\n                IF(ISERROR(MATCH($A41,$A$15:OFFSET($A41,-1,0),0)),MAX($M$15:OFFSET(M41,-1,0))+1,\n                      INDEX($M$15:OFFSET(M41,-1,0),MATCH($A41,$A$15:OFFSET($A41,-1,0),0)))))","v":2},{"$f":"IF($D41<>\"Serviço\",\"\",\n         IF(AUTOEVENTO=\"Manual\",\n                IF($A41=0,\"<-- defina o número do agrupador\",\n                       OFFSET(EVENTOS!$D$15,$A41-$A$15,0)),\n                OFFSET($F$15,$A41,0)))","v":"DRENAGEM DE ÁGUAS PLUVIAIS"},null,null,9407.8799999999992,null,null,null,null,null,null,null,null,null,null,null,null,null,null,null,null,null,null,{"$f":"IF(AND($D41=\"Serviço\",AJ$12<>0,$H41>0,OR(AUTOEVENTO<>\"manual\",$M41<>$A$15)),\n        IF(Import.TipoArredondamento<>\"TransfereGOV\",\n              ROUND(OFFSET($P41,0,AJ$13),15-13*ORÇAMENTO!$AF$7)/$H41*OFFSET(ORÇAMENTO!$X$15,ROW(AJ41)-ROW(AJ$15),0),\n              ROUND(ROUND(OFFSET($P41,0,AJ$13),15-13*ORÇAMENTO!$AF$7)*OFFSET(ORÇAMENTO!$W$15,ROW(AJ41)-ROW(AJ$15),0),15-13*ORÇAMENTO!$AF$11)),\n         0)","v":0},{"$f":"IF(AND($D41=\"Serviço\",AK$12<>0,$H41>0,OR(AUTOEVENTO<>\"manual\",$M41<>$A$15)),\n        IF(Import.TipoArredondamento<>\"TransfereGOV\",\n              ROUND(OFFSET($P41,0,AK$13),15-13*ORÇAMENTO!$AF$7)/$H41*OFFSET(ORÇAMENTO!$X$15,ROW(AK41)-ROW(AK$15),0),\n              ROUND(ROUND(OFFSET($P41,0,AK$13),15-13*ORÇAMENTO!$AF$7)*OFFSET(ORÇAMENTO!$W$15,ROW(AK41)-ROW(AK$15),0),15-13*ORÇAMENTO!$AF$11)),\n         0)","v":0},{"$f":"IF(AND($D41=\"Serviço\",AL$12<>0,$H41>0,OR(AUTOEVENTO<>\"manual\",$M41<>$A$15)),\n        IF(Import.TipoArredondamento<>\"TransfereGOV\",\n              ROUND(OFFSET($P41,0,AL$13),15-13*ORÇAMENTO!$AF$7)/$H41*OFFSET(ORÇAMENTO!$X$15,ROW(AL41)-ROW(AL$15),0),\n              ROUND(ROUND(OFFSET($P41,0,AL$13),15-13*ORÇAMENTO!$AF$7)*OFFSET(ORÇAMENTO!$W$15,ROW(AL41)-ROW(AL$15),0),15-13*ORÇAMENTO!$AF$11)),\n         0)","v":0},{"$f":"IF(AND($D41=\"Serviço\",AM$12<>0,$H41>0,OR(AUTOEVENTO<>\"manual\",$M41<>$A$15)),\n        IF(Import.TipoArredondamento<>\"TransfereGOV\",\n              ROUND(OFFSET($P41,0,AM$13),15-13*ORÇAMENTO!$AF$7)/$H41*OFFSET(ORÇAMENTO!$X$15,ROW(AM41)-ROW(AM$15),0),\n              ROUND(ROUND(OFFSET($P41,0,AM$13),15-13*ORÇAMENTO!$AF$7)*OFFSET(ORÇAMENTO!$W$15,ROW(AM41)-ROW(AM$15),0),15-13*ORÇAMENTO!$AF$11)),\n         0)","v":0},{"$f":"IF(AND($D41=\"Serviço\",AN$12<>0,$H41>0,OR(AUTOEVENTO<>\"manual\",$M41<>$A$15)),\n        IF(Import.TipoArredondamento<>\"TransfereGOV\",\n              ROUND(OFFSET($P41,0,AN$13),15-13*ORÇAMENTO!$AF$7)/$H41*OFFSET(ORÇAMENTO!$X$15,ROW(AN41)-ROW(AN$15),0),\n              ROUND(ROUND(OFFSET($P41,0,AN$13),15-13*ORÇAMENTO!$AF$7)*OFFSET(ORÇAMENTO!$W$15,ROW(AN41)-ROW(AN$15),0),15-13*ORÇAMENTO!$AF$11)),\n         0)","v":0},{"$f":"IF(AND($D41=\"Serviço\",AO$12<>0,$H41>0,OR(AUTOEVENTO<>\"manual\",$M41<>$A$15)),\n        IF(Import.TipoArredondamento<>\"TransfereGOV\",\n              ROUND(OFFSET($P41,0,AO$13),15-13*ORÇAMENTO!$AF$7)/$H41*OFFSET(ORÇAMENTO!$X$15,ROW(AO41)-ROW(AO$15),0),\n              ROUND(ROUND(OFFSET($P41,0,AO$13),15-13*ORÇAMENTO!$AF$7)*OFFSET(ORÇAMENTO!$W$15,ROW(AO41)-ROW(AO$15),0),15-13*ORÇAMENTO!$AF$11)),\n         0)","v":0},{"$f":"IF(AND($D41=\"Serviço\",AP$12<>0,$H41>0,OR(AUTOEVENTO<>\"manual\",$M41<>$A$15)),\n        IF(Import.TipoArredondamento<>\"TransfereGOV\",\n              ROUND(OFFSET($P41,0,AP$13),15-13*ORÇAMENTO!$AF$7)/$H41*OFFSET(ORÇAMENTO!$X$15,ROW(AP41)-ROW(AP$15),0),\n              ROUND(ROUND(OFFSET($P41,0,AP$13),15-13*ORÇAMENTO!$AF$7)*OFFSET(ORÇAMENTO!$W$15,ROW(AP41)-ROW(AP$15),0),15-13*ORÇAMENTO!$AF$11)),\n         0)","v":0},{"$f":"IF(AND($D41=\"Serviço\",AQ$12<>0,$H41>0,OR(AUTOEVENTO<>\"manual\",$M41<>$A$15)),\n        IF(Import.TipoArredondamento<>\"TransfereGOV\",\n              ROUND(OFFSET($P41,0,AQ$13),15-13*ORÇAMENTO!$AF$7)/$H41*OFFSET(ORÇAMENTO!$X$15,ROW(AQ41)-ROW(AQ$15),0),\n              ROUND(ROUND(OFFSET($P41,0,AQ$13),15-13*ORÇAMENTO!$AF$7)*OFFSET(ORÇAMENTO!$W$15,ROW(AQ41)-ROW(AQ$15),0),15-13*ORÇAMENTO!$AF$11)),\n         0)","v":0},{"$f":"IF(AND($D41=\"Serviço\",AR$12<>0,$H41>0,OR(AUTOEVENTO<>\"manual\",$M41<>$A$15)),\n        IF(Import.TipoArredondamento<>\"TransfereGOV\",\n              ROUND(OFFSET($P41,0,AR$13),15-13*ORÇAMENTO!$AF$7)/$H41*OFFSET(ORÇAMENTO!$X$15,ROW(AR41)-ROW(AR$15),0),\n              ROUND(ROUND(OFFSET($P41,0,AR$13),15-13*ORÇAMENTO!$AF$7)*OFFSET(ORÇAMENTO!$W$15,ROW(AR41)-ROW(AR$15),0),15-13*ORÇAMENTO!$AF$11)),\n         0)","v":0},{"$f":"IF(AND($D41=\"Serviço\",AS$12<>0,$H41>0,OR(AUTOEVENTO<>\"manual\",$M41<>$A$15)),\n        IF(Import.TipoArredondamento<>\"TransfereGOV\",\n              ROUND(OFFSET($P41,0,AS$13),15-13*ORÇAMENTO!$AF$7)/$H41*OFFSET(ORÇAMENTO!$X$15,ROW(AS41)-ROW(AS$15),0),\n              ROUND(ROUND(OFFSET($P41,0,AS$13),15-13*ORÇAMENTO!$AF$7)*OFFSET(ORÇAMENTO!$W$15,ROW(AS41)-ROW(AS$15),0),15-13*ORÇAMENTO!$AF$11)),\n         0)","v":0},{"$f":"IF(AND($D41=\"Serviço\",AT$12<>0,$H41>0,OR(AUTOEVENTO<>\"manual\",$M41<>$A$15)),\n        IF(Import.TipoArredondamento<>\"TransfereGOV\",\n              ROUND(OFFSET($P41,0,AT$13),15-13*ORÇAMENTO!$AF$7)/$H41*OFFSET(ORÇAMENTO!$X$15,ROW(AT41)-ROW(AT$15),0),\n              ROUND(ROUND(OFFSET($P41,0,AT$13),15-13*ORÇAMENTO!$AF$7)*OFFSET(ORÇAMENTO!$W$15,ROW(AT41)-ROW(AT$15),0),15-13*ORÇAMENTO!$AF$11)),\n         0)","v":0},{"$f":"IF(AND($D41=\"Serviço\",AU$12<>0,$H41>0,OR(AUTOEVENTO<>\"manual\",$M41<>$A$15)),\n        IF(Import.TipoArredondamento<>\"TransfereGOV\",\n              ROUND(OFFSET($P41,0,AU$13),15-13*ORÇAMENTO!$AF$7)/$H41*OFFSET(ORÇAMENTO!$X$15,ROW(AU41)-ROW(AU$15),0),\n              ROUND(ROUND(OFFSET($P41,0,AU$13),15-13*ORÇAMENTO!$AF$7)*OFFSET(ORÇAMENTO!$W$15,ROW(AU41)-ROW(AU$15),0),15-13*ORÇAMENTO!$AF$11)),\n         0)","v":0},{"$f":"IF(AND($D41=\"Serviço\",AV$12<>0,$H41>0,OR(AUTOEVENTO<>\"manual\",$M41<>$A$15)),\n        IF(Import.TipoArredondamento<>\"TransfereGOV\",\n              ROUND(OFFSET($P41,0,AV$13),15-13*ORÇAMENTO!$AF$7)/$H41*OFFSET(ORÇAMENTO!$X$15,ROW(AV41)-ROW(AV$15),0),\n              ROUND(ROUND(OFFSET($P41,0,AV$13),15-13*ORÇAMENTO!$AF$7)*OFFSET(ORÇAMENTO!$W$15,ROW(AV41)-ROW(AV$15),0),15-13*ORÇAMENTO!$AF$11)),\n         0)","v":0},{"$f":"IF(AND($D41=\"Serviço\",AW$12<>0,$H41>0,OR(AUTOEVENTO<>\"manual\",$M41<>$A$15)),\n        IF(Import.TipoArredondamento<>\"TransfereGOV\",\n              ROUND(OFFSET($P41,0,AW$13),15-13*ORÇAMENTO!$AF$7)/$H41*OFFSET(ORÇAMENTO!$X$15,ROW(AW41)-ROW(AW$15),0),\n              ROUND(ROUND(OFFSET($P41,0,AW$13),15-13*ORÇAMENTO!$AF$7)*OFFSET(ORÇAMENTO!$W$15,ROW(AW41)-ROW(AW$15),0),15-13*ORÇAMENTO!$AF$11)),\n         0)","v":0},{"$f":"IF(AND($D41=\"Serviço\",AX$12<>0,$H41>0,OR(AUTOEVENTO<>\"manual\",$M41<>$A$15)),\n        IF(Import.TipoArredondamento<>\"TransfereGOV\",\n              ROUND(OFFSET($P41,0,AX$13),15-13*ORÇAMENTO!$AF$7)/$H41*OFFSET(ORÇAMENTO!$X$15,ROW(AX41)-ROW(AX$15),0),\n              ROUND(ROUND(OFFSET($P41,0,AX$13),15-13*ORÇAMENTO!$AF$7)*OFFSET(ORÇAMENTO!$W$15,ROW(AX41)-ROW(AX$15),0),15-13*ORÇAMENTO!$AF$11)),\n         0)","v":0},{"$f":"IF(AND($D41=\"Serviço\",AY$12<>0,$H41>0,OR(AUTOEVENTO<>\"manual\",$M41<>$A$15)),\n        IF(Import.TipoArredondamento<>\"TransfereGOV\",\n              ROUND(OFFSET($P41,0,AY$13),15-13*ORÇAMENTO!$AF$7)/$H41*OFFSET(ORÇAMENTO!$X$15,ROW(AY41)-ROW(AY$15),0),\n              ROUND(ROUND(OFFSET($P41,0,AY$13),15-13*ORÇAMENTO!$AF$7)*OFFSET(ORÇAMENTO!$W$15,ROW(AY41)-ROW(AY$15),0),15-13*ORÇAMENTO!$AF$11)),\n         0)","v":0},{"$f":"IF(AND($D41=\"Serviço\",AZ$12<>0,$H41>0,OR(AUTOEVENTO<>\"manual\",$M41<>$A$15)),\n        IF(Import.TipoArredondamento<>\"TransfereGOV\",\n              ROUND(OFFSET($P41,0,AZ$13),15-13*ORÇAMENTO!$AF$7)/$H41*OFFSET(ORÇAMENTO!$X$15,ROW(AZ41)-ROW(AZ$15),0),\n              ROUND(ROUND(OFFSET($P41,0,AZ$13),15-13*ORÇAMENTO!$AF$7)*OFFSET(ORÇAMENTO!$W$15,ROW(AZ41)-ROW(AZ$15),0),15-13*ORÇAMENTO!$AF$11)),\n         0)","v":0},{"$f":"IF(AND($D41=\"Serviço\",BA$12<>0,$H41>0,OR(AUTOEVENTO<>\"manual\",$M41<>$A$15)),\n        IF(Import.TipoArredondamento<>\"TransfereGOV\",\n              ROUND(OFFSET($P41,0,BA$13),15-13*ORÇAMENTO!$AF$7)/$H41*OFFSET(ORÇAMENTO!$X$15,ROW(BA41)-ROW(BA$15),0),\n              ROUND(ROUND(OFFSET($P41,0,BA$13),15-13*ORÇAMENTO!$AF$7)*OFFSET(ORÇAMENTO!$W$15,ROW(BA41)-ROW(BA$15),0),15-13*ORÇAMENTO!$AF$11)),\n         0)","v":0},null,{"$f":"IF(OR($D41<>\"Serviço\",AND(AUTOEVENTO=\"Manual\",$M41=$A$15)),0,\n         IF(OFFSET(CRONOPLE!$F$15,$M41-$A$15,BC$13)=\"\",10^12,OFFSET(CRONOPLE!$F$15,$M41-$A$15,BC$13)))","v":1},{"$f":"IF(OR($D41<>\"Serviço\",AND(AUTOEVENTO=\"Manual\",$M41=$A$15)),0,\n         IF(OFFSET(CRONOPLE!$F$15,$M41-$A$15,BD$13)=\"\",10^12,OFFSET(CRONOPLE!$F$15,$M41-$A$15,BD$13)))","v":1000000000000},{"$f":"IF(OR($D41<>\"Serviço\",AND(AUTOEVENTO=\"Manual\",$M41=$A$15)),0,\n         IF(OFFSET(CRONOPLE!$F$15,$M41-$A$15,BE$13)=\"\",10^12,OFFSET(CRONOPLE!$F$15,$M41-$A$15,BE$13)))","v":1000000000000},{"$f":"IF(OR($D41<>\"Serviço\",AND(AUTOEVENTO=\"Manual\",$M41=$A$15)),0,\n         IF(OFFSET(CRONOPLE!$F$15,$M41-$A$15,BF$13)=\"\",10^12,OFFSET(CRONOPLE!$F$15,$M41-$A$15,BF$13)))","v":1000000000000},{"$f":"IF(OR($D41<>\"Serviço\",AND(AUTOEVENTO=\"Manual\",$M41=$A$15)),0,\n         IF(OFFSET(CRONOPLE!$F$15,$M41-$A$15,BG$13)=\"\",10^12,OFFSET(CRONOPLE!$F$15,$M41-$A$15,BG$13)))","v":1000000000000},{"$f":"IF(OR($D41<>\"Serviço\",AND(AUTOEVENTO=\"Manual\",$M41=$A$15)),0,\n         IF(OFFSET(CRONOPLE!$F$15,$M41-$A$15,BH$13)=\"\",10^12,OFFSET(CRONOPLE!$F$15,$M41-$A$15,BH$13)))","v":1000000000000},{"$f":"IF(OR($D41<>\"Serviço\",AND(AUTOEVENTO=\"Manual\",$M41=$A$15)),0,\n         IF(OFFSET(CRONOPLE!$F$15,$M41-$A$15,BI$13)=\"\",10^12,OFFSET(CRONOPLE!$F$15,$M41-$A$15,BI$13)))","v":1000000000000},{"$f":"IF(OR($D41<>\"Serviço\",AND(AUTOEVENTO=\"Manual\",$M41=$A$15)),0,\n         IF(OFFSET(CRONOPLE!$F$15,$M41-$A$15,BJ$13)=\"\",10^12,OFFSET(CRONOPLE!$F$15,$M41-$A$15,BJ$13)))","v":1000000000000},{"$f":"IF(OR($D41<>\"Serviço\",AND(AUTOEVENTO=\"Manual\",$M41=$A$15)),0,\n         IF(OFFSET(CRONOPLE!$F$15,$M41-$A$15,BK$13)=\"\",10^12,OFFSET(CRONOPLE!$F$15,$M41-$A$15,BK$13)))","v":1000000000000},{"$f":"IF(OR($D41<>\"Serviço\",AND(AUTOEVENTO=\"Manual\",$M41=$A$15)),0,\n         IF(OFFSET(CRONOPLE!$F$15,$M41-$A$15,BL$13)=\"\",10^12,OFFSET(CRONOPLE!$F$15,$M41-$A$15,BL$13)))","v":1000000000000},{"$f":"IF(OR($D41<>\"Serviço\",AND(AUTOEVENTO=\"Manual\",$M41=$A$15)),0,\n         IF(OFFSET(CRONOPLE!$F$15,$M41-$A$15,BM$13)=\"\",10^12,OFFSET(CRONOPLE!$F$15,$M41-$A$15,BM$13)))","v":1000000000000},{"$f":"IF(OR($D41<>\"Serviço\",AND(AUTOEVENTO=\"Manual\",$M41=$A$15)),0,\n         IF(OFFSET(CRONOPLE!$F$15,$M41-$A$15,BN$13)=\"\",10^12,OFFSET(CRONOPLE!$F$15,$M41-$A$15,BN$13)))","v":1000000000000},{"$f":"IF(OR($D41<>\"Serviço\",AND(AUTOEVENTO=\"Manual\",$M41=$A$15)),0,\n         IF(OFFSET(CRONOPLE!$F$15,$M41-$A$15,BO$13)=\"\",10^12,OFFSET(CRONOPLE!$F$15,$M41-$A$15,BO$13)))","v":1000000000000},{"$f":"IF(OR($D41<>\"Serviço\",AND(AUTOEVENTO=\"Manual\",$M41=$A$15)),0,\n         IF(OFFSET(CRONOPLE!$F$15,$M41-$A$15,BP$13)=\"\",10^12,OFFSET(CRONOPLE!$F$15,$M41-$A$15,BP$13)))","v":1000000000000},{"$f":"IF(OR($D41<>\"Serviço\",AND(AUTOEVENTO=\"Manual\",$M41=$A$15)),0,\n         IF(OFFSET(CRONOPLE!$F$15,$M41-$A$15,BQ$13)=\"\",10^12,OFFSET(CRONOPLE!$F$15,$M41-$A$15,BQ$13)))","v":1000000000000},{"$f":"IF(OR($D41<>\"Serviço\",AND(AUTOEVENTO=\"Manual\",$M41=$A$15)),0,\n         IF(OFFSET(CRONOPLE!$F$15,$M41-$A$15,BR$13)=\"\",10^12,OFFSET(CRONOPLE!$F$15,$M41-$A$15,BR$13)))","v":1000000000000},{"$f":"IF(OR($D41<>\"Serviço\",AND(AUTOEVENTO=\"Manual\",$M41=$A$15)),0,\n         IF(OFFSET(CRONOPLE!$F$15,$M41-$A$15,BS$13)=\"\",10^12,OFFSET(CRONOPLE!$F$15,$M41-$A$15,BS$13)))","v":1000000000000},{"$f":"IF(OR($D41<>\"Serviço\",AND(AUTOEVENTO=\"Manual\",$M41=$A$15)),0,\n         IF(OFFSET(CRONOPLE!$F$15,$M41-$A$15,BT$13)=\"\",10^12,OFFSET(CRONOPLE!$F$15,$M41-$A$15,BT$13)))","v":1000000000000},null,{"$f":"IF(OR($D41<>\"Serviço\",AND(AUTOEVENTO=\"Manual\",$M41=$A$15),$M41>(ROW(PLE.lastrow)-ROW(PLE.firstrow))),0,\n           IF(OFFSET(PLE!$G$15,$M41-$A$15,BV$13)=\"\",10^12,OFFSET(PLE!$G$15,$M41-$A$15,BV$13)))","v":1000000000000},{"$f":"IF(OR($D41<>\"Serviço\",AND(AUTOEVENTO=\"Manual\",$M41=$A$15),$M41>(ROW(PLE.lastrow)-ROW(PLE.firstrow))),0,\n           IF(OFFSET(PLE!$G$15,$M41-$A$15,BW$13)=\"\",10^12,OFFSET(PLE!$G$15,$M41-$A$15,BW$13)))","v":1000000000000},{"$f":"IF(OR($D41<>\"Serviço\",AND(AUTOEVENTO=\"Manual\",$M41=$A$15),$M41>(ROW(PLE.lastrow)-ROW(PLE.firstrow))),0,\n           IF(OFFSET(PLE!$G$15,$M41-$A$15,BX$13)=\"\",10^12,OFFSET(PLE!$G$15,$M41-$A$15,BX$13)))","v":1000000000000},{"$f":"IF(OR($D41<>\"Serviço\",AND(AUTOEVENTO=\"Manual\",$M41=$A$15),$M41>(ROW(PLE.lastrow)-ROW(PLE.firstrow))),0,\n           IF(OFFSET(PLE!$G$15,$M41-$A$15,BY$13)=\"\",10^12,OFFSET(PLE!$G$15,$M41-$A$15,BY$13)))","v":1000000000000},{"$f":"IF(OR($D41<>\"Serviço\",AND(AUTOEVENTO=\"Manual\",$M41=$A$15),$M41>(ROW(PLE.lastrow)-ROW(PLE.firstrow))),0,\n           IF(OFFSET(PLE!$G$15,$M41-$A$15,BZ$13)=\"\",10^12,OFFSET(PLE!$G$15,$M41-$A$15,BZ$13)))","v":1000000000000},{"$f":"IF(OR($D41<>\"Serviço\",AND(AUTOEVENTO=\"Manual\",$M41=$A$15),$M41>(ROW(PLE.lastrow)-ROW(PLE.firstrow))),0,\n           IF(OFFSET(PLE!$G$15,$M41-$A$15,CA$13)=\"\",10^12,OFFSET(PLE!$G$15,$M41-$A$15,CA$13)))","v":1000000000000},{"$f":"IF(OR($D41<>\"Serviço\",AND(AUTOEVENTO=\"Manual\",$M41=$A$15),$M41>(ROW(PLE.lastrow)-ROW(PLE.firstrow))),0,\n           IF(OFFSET(PLE!$G$15,$M41-$A$15,CB$13)=\"\",10^12,OFFSET(PLE!$G$15,$M41-$A$15,CB$13)))","v":1000000000000},{"$f":"IF(OR($D41<>\"Serviço\",AND(AUTOEVENTO=\"Manual\",$M41=$A$15),$M41>(ROW(PLE.lastrow)-ROW(PLE.firstrow))),0,\n           IF(OFFSET(PLE!$G$15,$M41-$A$15,CC$13)=\"\",10^12,OFFSET(PLE!$G$15,$M41-$A$15,CC$13)))","v":1000000000000},{"$f":"IF(OR($D41<>\"Serviço\",AND(AUTOEVENTO=\"Manual\",$M41=$A$15),$M41>(ROW(PLE.lastrow)-ROW(PLE.firstrow))),0,\n           IF(OFFSET(PLE!$G$15,$M41-$A$15,CD$13)=\"\",10^12,OFFSET(PLE!$G$15,$M41-$A$15,CD$13)))","v":1000000000000},{"$f":"IF(OR($D41<>\"Serviço\",AND(AUTOEVENTO=\"Manual\",$M41=$A$15),$M41>(ROW(PLE.lastrow)-ROW(PLE.firstrow))),0,\n           IF(OFFSET(PLE!$G$15,$M41-$A$15,CE$13)=\"\",10^12,OFFSET(PLE!$G$15,$M41-$A$15,CE$13)))","v":1000000000000},{"$f":"IF(OR($D41<>\"Serviço\",AND(AUTOEVENTO=\"Manual\",$M41=$A$15),$M41>(ROW(PLE.lastrow)-ROW(PLE.firstrow))),0,\n           IF(OFFSET(PLE!$G$15,$M41-$A$15,CF$13)=\"\",10^12,OFFSET(PLE!$G$15,$M41-$A$15,CF$13)))","v":1000000000000},{"$f":"IF(OR($D41<>\"Serviço\",AND(AUTOEVENTO=\"Manual\",$M41=$A$15),$M41>(ROW(PLE.lastrow)-ROW(PLE.firstrow))),0,\n           IF(OFFSET(PLE!$G$15,$M41-$A$15,CG$13)=\"\",10^12,OFFSET(PLE!$G$15,$M41-$A$15,CG$13)))","v":1000000000000},{"$f":"IF(OR($D41<>\"Serviço\",AND(AUTOEVENTO=\"Manual\",$M41=$A$15),$M41>(ROW(PLE.lastrow)-ROW(PLE.firstrow))),0,\n           IF(OFFSET(PLE!$G$15,$M41-$A$15,CH$13)=\"\",10^12,OFFSET(PLE!$G$15,$M41-$A$15,CH$13)))","v":1000000000000},{"$f":"IF(OR($D41<>\"Serviço\",AND(AUTOEVENTO=\"Manual\",$M41=$A$15),$M41>(ROW(PLE.lastrow)-ROW(PLE.firstrow))),0,\n           IF(OFFSET(PLE!$G$15,$M41-$A$15,CI$13)=\"\",10^12,OFFSET(PLE!$G$15,$M41-$A$15,CI$13)))","v":1000000000000},{"$f":"IF(OR($D41<>\"Serviço\",AND(AUTOEVENTO=\"Manual\",$M41=$A$15),$M41>(ROW(PLE.lastrow)-ROW(PLE.firstrow))),0,\n           IF(OFFSET(PLE!$G$15,$M41-$A$15,CJ$13)=\"\",10^12,OFFSET(PLE!$G$15,$M41-$A$15,CJ$13)))","v":1000000000000},{"$f":"IF(OR($D41<>\"Serviço\",AND(AUTOEVENTO=\"Manual\",$M41=$A$15),$M41>(ROW(PLE.lastrow)-ROW(PLE.firstrow))),0,\n           IF(OFFSET(PLE!$G$15,$M41-$A$15,CK$13)=\"\",10^12,OFFSET(PLE!$G$15,$M41-$A$15,CK$13)))","v":1000000000000},{"$f":"IF(OR($D41<>\"Serviço\",AND(AUTOEVENTO=\"Manual\",$M41=$A$15),$M41>(ROW(PLE.lastrow)-ROW(PLE.firstrow))),0,\n           IF(OFFSET(PLE!$G$15,$M41-$A$15,CL$13)=\"\",10^12,OFFSET(PLE!$G$15,$M41-$A$15,CL$13)))","v":1000000000000},{"$f":"IF(OR($D41<>\"Serviço\",AND(AUTOEVENTO=\"Manual\",$M41=$A$15),$M41>(ROW(PLE.lastrow)-ROW(PLE.firstrow))),0,\n           IF(OFFSET(PLE!$G$15,$M41-$A$15,CM$13)=\"\",10^12,OFFSET(PLE!$G$15,$M41-$A$15,CM$13)))","v":1000000000000}]
[2,{"$f":"OFFSET(ORÇAMENTO!C$15,ROW(B42)-ROW(B$15),0)","v":"S"},{"$f":"OFFSET(ORÇAMENTO!L$15,ROW(C42)-ROW(C$15),0)","v":"F"},{"$f":"OFFSET(ORÇAMENTO!N$15,ROW(D42)-ROW(D$15),0)","v":"Serviço"},{"$f":"OFFSET(ORÇAMENTO!O$15,ROW(E42)-ROW(E$15),0)","v":"1.3.6."},{"$f":"OFFSET(ORÇAMENTO!R$15,ROW(F42)-ROW(F$15),0)","v":"BLSC - Boca-de-lobo simples, em concreto simples fck 20 MPa, incluindo forma, escavação, calçamento ao redor e grelha em FoFo tipo pesada, conforme projeto"},{"$f":"IF($D42<>\"Serviço\",\"\",OFFSET(ORÇAMENTO!S$15,ROW(G42)-ROW(G$15),0))","v":"UN"},{"$f":"IF($D42<>\"Serviço\",0,IF(ACOMPANHAMENTO=\"BM\",ROUND(OFFSET(ORÇAMENTO!AJ$15,ROW(H42)-ROW(H$15),0),15-13*ORÇAMENTO!$AF$7),SUMPRODUCT(($Q$1:$AI$1=1)*ROUND($Q42:$AI42,15-13*ORÇAMENTO!$AF$7))))","v":6},null,{"$f":"IF(B42<>\"S\",\"\",IF(AND(ACOMPANHAMENTO=\"PLE\",AUTOEVENTO=\"Manual\",OR(H42>0,ORÇAMENTO!AC42=\"QUANT.\"),OR(K42=\"\",M42=0,N42=\"\")),\"►\",IF(AND(ACOMPANHAMENTO=\"PLE\",ORÇAMENTO!AC42=\"QUANT.\"),\"►►\",IF(AND(COUNTIF($P$11:$AI$11,\"▼\")=0,H42>0,I42=\"\"),\"◄\",\"\"))))","v":"◄"},"2. DRENAGEM DE ÁGUAS PLUVIAIS",".",{"$f":"IF($D42<>\"Serviço\",\"\",\n          IF(AUTOEVENTO=\"manual\",$A42,\n                IF(ISERROR(MATCH($A42,$A$15:OFFSET($A42,-1,0),0)),MAX($M$15:OFFSET(M42,-1,0))+1,\n                      INDEX($M$15:OFFSET(M42,-1,0),MATCH($A42,$A$15:OFFSET($A42,-1,0),0)))))","v":2},{"$f":"IF($D42<>\"Serviço\",\"\",\n         IF(AUTOEVENTO=\"Manual\",\n                IF($A42=0,\"<-- defina o número do agrupador\",\n                       OFFSET(EVENTOS!$D$15,$A42-$A$15,0)),\n                OFFSET($F$15,$A42,0)))","v":"DRENAGEM DE ÁGUAS PLUVIAIS"},null,null,16,null,null,null,null,null,null,null,null,null,null,null,null,null,null,null,null,null,null,{"$f":"IF(AND($D42=\"Serviço\",AJ$12<>0,$H42>0,OR(AUTOEVENTO<>\"manual\",$M42<>$A$15)),\n        IF(Import.TipoArredondamento<>\"TransfereGOV\",\n              ROUND(OFFSET($P42,0,AJ$13),15-13*ORÇAMENTO!$AF$7)/$H42*OFFSET(ORÇAMENTO!$X$15,ROW(AJ42)-ROW(AJ$15),0),\n              ROUND(ROUND(OFFSET($P42,0,AJ$13),15-13*ORÇAMENTO!$AF$7)*OFFSET(ORÇAMENTO!$W$15,ROW(AJ42)-ROW(AJ$15),0),15-13*ORÇAMENTO!$AF$11)),\n         0)","v":0},{"$f":"IF(AND($D42=\"Serviço\",AK$12<>0,$H42>0,OR(AUTOEVENTO<>\"manual\",$M42<>$A$15)),\n        IF(Import.TipoArredondamento<>\"TransfereGOV\",\n              ROUND(OFFSET($P42,0,AK$13),15-13*ORÇAMENTO!$AF$7)/$H42*OFFSET(ORÇAMENTO!$X$15,ROW(AK42)-ROW(AK$15),0),\n              ROUND(ROUND(OFFSET($P42,0,AK$13),15-13*ORÇAMENTO!$AF$7)*OFFSET(ORÇAMENTO!$W$15,ROW(AK42)-ROW(AK$15),0),15-13*ORÇAMENTO!$AF$11)),\n         0)","v":0},{"$f":"IF(AND($D42=\"Serviço\",AL$12<>0,$H42>0,OR(AUTOEVENTO<>\"manual\",$M42<>$A$15)),\n        IF(Import.TipoArredondamento<>\"TransfereGOV\",\n              ROUND(OFFSET($P42,0,AL$13),15-13*ORÇAMENTO!$AF$7)/$H42*OFFSET(ORÇAMENTO!$X$15,ROW(AL42)-ROW(AL$15),0),\n              ROUND(ROUND(OFFSET($P42,0,AL$13),15-13*ORÇAMENTO!$AF$7)*OFFSET(ORÇAMENTO!$W$15,ROW(AL42)-ROW(AL$15),0),15-13*ORÇAMENTO!$AF$11)),\n         0)","v":0},{"$f":"IF(AND($D42=\"Serviço\",AM$12<>0,$H42>0,OR(AUTOEVENTO<>\"manual\",$M42<>$A$15)),\n        IF(Import.TipoArredondamento<>\"TransfereGOV\",\n              ROUND(OFFSET($P42,0,AM$13),15-13*ORÇAMENTO!$AF$7)/$H42*OFFSET(ORÇAMENTO!$X$15,ROW(AM42)-ROW(AM$15),0),\n              ROUND(ROUND(OFFSET($P42,0,AM$13),15-13*ORÇAMENTO!$AF$7)*OFFSET(ORÇAMENTO!$W$15,ROW(AM42)-ROW(AM$15),0),15-13*ORÇAMENTO!$AF$11)),\n         0)","v":0},{"$f":"IF(AND($D42=\"Serviço\",AN$12<>0,$H42>0,OR(AUTOEVENTO<>\"manual\",$M42<>$A$15)),\n        IF(Import.TipoArredondamento<>\"TransfereGOV\",\n              ROUND(OFFSET($P42,0,AN$13),15-13*ORÇAMENTO!$AF$7)/$H42*OFFSET(ORÇAMENTO!$X$15,ROW(AN42)-ROW(AN$15),0),\n              ROUND(ROUND(OFFSET($P42,0,AN$13),15-13*ORÇAMENTO!$AF$7)*OFFSET(ORÇAMENTO!$W$15,ROW(AN42)-ROW(AN$15),0),15-13*ORÇAMENTO!$AF$11)),\n         0)","v":0},{"$f":"IF(AND($D42=\"Serviço\",AO$12<>0,$H42>0,OR(AUTOEVENTO<>\"manual\",$M42<>$A$15)),\n        IF(Import.TipoArredondamento<>\"TransfereGOV\",\n              ROUND(OFFSET($P42,0,AO$13),15-13*ORÇAMENTO!$AF$7)/$H42*OFFSET(ORÇAMENTO!$X$15,ROW(AO42)-ROW(AO$15),0),\n              ROUND(ROUND(OFFSET($P42,0,AO$13),15-13*ORÇAMENTO!$AF$7)*OFFSET(ORÇAMENTO!$W$15,ROW(AO42)-ROW(AO$15),0),15-13*ORÇAMENTO!$AF$11)),\n         0)","v":0},{"$f":"IF(AND($D42=\"Serviço\",AP$12<>0,$H42>0,OR(AUTOEVENTO<>\"manual\",$M42<>$A$15)),\n        IF(Import.TipoArredondamento<>\"TransfereGOV\",\n              ROUND(OFFSET($P42,0,AP$13),15-13*ORÇAMENTO!$AF$7)/$H42*OFFSET(ORÇAMENTO!$X$15,ROW(AP42)-ROW(AP$15),0),\n              ROUND(ROUND(OFFSET($P42,0,AP$13),15-13*ORÇAMENTO!$AF$7)*OFFSET(ORÇAMENTO!$W$15,ROW(AP42)-ROW(AP$15),0),15-13*ORÇAMENTO!$AF$11)),\n         0)","v":0},{"$f":"IF(AND($D42=\"Serviço\",AQ$12<>0,$H42>0,OR(AUTOEVENTO<>\"manual\",$M42<>$A$15)),\n        IF(Import.TipoArredondamento<>\"TransfereGOV\",\n              ROUND(OFFSET($P42,0,AQ$13),15-13*ORÇAMENTO!$AF$7)/$H42*OFFSET(ORÇAMENTO!$X$15,ROW(AQ42)-ROW(AQ$15),0),\n              ROUND(ROUND(OFFSET($P42,0,AQ$13),15-13*ORÇAMENTO!$AF$7)*OFFSET(ORÇAMENTO!$W$15,ROW(AQ42)-ROW(AQ$15),0),15-13*ORÇAMENTO!$AF$11)),\n         0)","v":0},{"$f":"IF(AND($D42=\"Serviço\",AR$12<>0,$H42>0,OR(AUTOEVENTO<>\"manual\",$M42<>$A$15)),\n        IF(Import.TipoArredondamento<>\"TransfereGOV\",\n              ROUND(OFFSET($P42,0,AR$13),15-13*ORÇAMENTO!$AF$7)/$H42*OFFSET(ORÇAMENTO!$X$15,ROW(AR42)-ROW(AR$15),0),\n              ROUND(ROUND(OFFSET($P42,0,AR$13),15-13*ORÇAMENTO!$AF$7)*OFFSET(ORÇAMENTO!$W$15,ROW(AR42)-ROW(AR$15),0),15-13*ORÇAMENTO!$AF$11)),\n         0)","v":0},{"$f":"IF(AND($D42=\"Serviço\",AS$12<>0,$H42>0,OR(AUTOEVENTO<>\"manual\",$M42<>$A$15)),\n        IF(Import.TipoArredondamento<>\"TransfereGOV\",\n              ROUND(OFFSET($P42,0,AS$13),15-13*ORÇAMENTO!$AF$7)/$H42*OFFSET(ORÇAMENTO!$X$15,ROW(AS42)-ROW(AS$15),0),\n              ROUND(ROUND(OFFSET($P42,0,AS$13),15-13*ORÇAMENTO!$AF$7)*OFFSET(ORÇAMENTO!$W$15,ROW(AS42)-ROW(AS$15),0),15-13*ORÇAMENTO!$AF$11)),\n         0)","v":0},{"$f":"IF(AND($D42=\"Serviço\",AT$12<>0,$H42>0,OR(AUTOEVENTO<>\"manual\",$M42<>$A$15)),\n        IF(Import.TipoArredondamento<>\"TransfereGOV\",\n              ROUND(OFFSET($P42,0,AT$13),15-13*ORÇAMENTO!$AF$7)/$H42*OFFSET(ORÇAMENTO!$X$15,ROW(AT42)-ROW(AT$15),0),\n              ROUND(ROUND(OFFSET($P42,0,AT$13),15-13*ORÇAMENTO!$AF$7)*OFFSET(ORÇAMENTO!$W$15,ROW(AT42)-ROW(AT$15),0),15-13*ORÇAMENTO!$AF$11)),\n         0)","v":0},{"$f":"IF(AND($D42=\"Serviço\",AU$12<>0,$H42>0,OR(AUTOEVENTO<>\"manual\",$M42<>$A$15)),\n        IF(Import.TipoArredondamento<>\"TransfereGOV\",\n              ROUND(OFFSET($P42,0,AU$13),15-13*ORÇAMENTO!$AF$7)/$H42*OFFSET(ORÇAMENTO!$X$15,ROW(AU42)-ROW(AU$15),0),\n              ROUND(ROUND(OFFSET($P42,0,AU$13),15-13*ORÇAMENTO!$AF$7)*OFFSET(ORÇAMENTO!$W$15,ROW(AU42)-ROW(AU$15),0),15-13*ORÇAMENTO!$AF$11)),\n         0)","v":0},{"$f":"IF(AND($D42=\"Serviço\",AV$12<>0,$H42>0,OR(AUTOEVENTO<>\"manual\",$M42<>$A$15)),\n        IF(Import.TipoArredondamento<>\"TransfereGOV\",\n              ROUND(OFFSET($P42,0,AV$13),15-13*ORÇAMENTO!$AF$7)/$H42*OFFSET(ORÇAMENTO!$X$15,ROW(AV42)-ROW(AV$15),0),\n              ROUND(ROUND(OFFSET($P42,0,AV$13),15-13*ORÇAMENTO!$AF$7)*OFFSET(ORÇAMENTO!$W$15,ROW(AV42)-ROW(AV$15),0),15-13*ORÇAMENTO!$AF$11)),\n         0)","v":0},{"$f":"IF(AND($D42=\"Serviço\",AW$12<>0,$H42>0,OR(AUTOEVENTO<>\"manual\",$M42<>$A$15)),\n        IF(Import.TipoArredondamento<>\"TransfereGOV\",\n              ROUND(OFFSET($P42,0,AW$13),15-13*ORÇAMENTO!$AF$7)/$H42*OFFSET(ORÇAMENTO!$X$15,ROW(AW42)-ROW(AW$15),0),\n              ROUND(ROUND(OFFSET($P42,0,AW$13),15-13*ORÇAMENTO!$AF$7)*OFFSET(ORÇAMENTO!$W$15,ROW(AW42)-ROW(AW$15),0),15-13*ORÇAMENTO!$AF$11)),\n         0)","v":0},{"$f":"IF(AND($D42=\"Serviço\",AX$12<>0,$H42>0,OR(AUTOEVENTO<>\"manual\",$M42<>$A$15)),\n        IF(Import.TipoArredondamento<>\"TransfereGOV\",\n              ROUND(OFFSET($P42,0,AX$13),15-13*ORÇAMENTO!$AF$7)/$H42*OFFSET(ORÇAMENTO!$X$15,ROW(AX42)-ROW(AX$15),0),\n              ROUND(ROUND(OFFSET($P42,0,AX$13),15-13*ORÇAMENTO!$AF$7)*OFFSET(ORÇAMENTO!$W$15,ROW(AX42)-ROW(AX$15),0),15-13*ORÇAMENTO!$AF$11)),\n         0)","v":0},{"$f":"IF(AND($D42=\"Serviço\",AY$12<>0,$H42>0,OR(AUTOEVENTO<>\"manual\",$M42<>$A$15)),\n        IF(Import.TipoArredondamento<>\"TransfereGOV\",\n              ROUND(OFFSET($P42,0,AY$13),15-13*ORÇAMENTO!$AF$7)/$H42*OFFSET(ORÇAMENTO!$X$15,ROW(AY42)-ROW(AY$15),0),\n              ROUND(ROUND(OFFSET($P42,0,AY$13),15-13*ORÇAMENTO!$AF$7)*OFFSET(ORÇAMENTO!$W$15,ROW(AY42)-ROW(AY$15),0),15-13*ORÇAMENTO!$AF$11)),\n         0)","v":0},{"$f":"IF(AND($D42=\"Serviço\",AZ$12<>0,$H42>0,OR(AUTOEVENTO<>\"manual\",$M42<>$A$15)),\n        IF(Import.TipoArredondamento<>\"TransfereGOV\",\n              ROUND(OFFSET($P42,0,AZ$13),15-13*ORÇAMENTO!$AF$7)/$H42*OFFSET(ORÇAMENTO!$X$15,ROW(AZ42)-ROW(AZ$15),0),\n              ROUND(ROUND(OFFSET($P42,0,AZ$13),15-13*ORÇAMENTO!$AF$7)*OFFSET(ORÇAMENTO!$W$15,ROW(AZ42)-ROW(AZ$15),0),15-13*ORÇAMENTO!$AF$11)),\n         0)","v":0},{"$f":"IF(AND($D42=\"Serviço\",BA$12<>0,$H42>0,OR(AUTOEVENTO<>\"manual\",$M42<>$A$15)),\n        IF(Import.TipoArredondamento<>\"TransfereGOV\",\n              ROUND(OFFSET($P42,0,BA$13),15-13*ORÇAMENTO!$AF$7)/$H42*OFFSET(ORÇAMENTO!$X$15,ROW(BA42)-ROW(BA$15),0),\n              ROUND(ROUND(OFFSET($P42,0,BA$13),15-13*ORÇAMENTO!$AF$7)*OFFSET(ORÇAMENTO!$W$15,ROW(BA42)-ROW(BA$15),0),15-13*ORÇAMENTO!$AF$11)),\n         0)","v":0},null,{"$f":"IF(OR($D42<>\"Serviço\",AND(AUTOEVENTO=\"Manual\",$M42=$A$15)),0,\n         IF(OFFSET(CRONOPLE!$F$15,$M42-$A$15,BC$13)=\"\",10^12,OFFSET(CRONOPLE!$F$15,$M42-$A$15,BC$13)))","v":1},{"$f":"IF(OR($D42<>\"Serviço\",AND(AUTOEVENTO=\"Manual\",$M42=$A$15)),0,\n         IF(OFFSET(CRONOPLE!$F$15,$M42-$A$15,BD$13)=\"\",10^12,OFFSET(CRONOPLE!$F$15,$M42-$A$15,BD$13)))","v":1000000000000},{"$f":"IF(OR($D42<>\"Serviço\",AND(AUTOEVENTO=\"Manual\",$M42=$A$15)),0,\n         IF(OFFSET(CRONOPLE!$F$15,$M42-$A$15,BE$13)=\"\",10^12,OFFSET(CRONOPLE!$F$15,$M42-$A$15,BE$13)))","v":1000000000000},{"$f":"IF(OR($D42<>\"Serviço\",AND(AUTOEVENTO=\"Manual\",$M42=$A$15)),0,\n         IF(OFFSET(CRONOPLE!$F$15,$M42-$A$15,BF$13)=\"\",10^12,OFFSET(CRONOPLE!$F$15,$M42-$A$15,BF$13)))","v":1000000000000},{"$f":"IF(OR($D42<>\"Serviço\",AND(AUTOEVENTO=\"Manual\",$M42=$A$15)),0,\n         IF(OFFSET(CRONOPLE!$F$15,$M42-$A$15,BG$13)=\"\",10^12,OFFSET(CRONOPLE!$F$15,$M42-$A$15,BG$13)))","v":1000000000000},{"$f":"IF(OR($D42<>\"Serviço\",AND(AUTOEVENTO=\"Manual\",$M42=$A$15)),0,\n         IF(OFFSET(CRONOPLE!$F$15,$M42-$A$15,BH$13)=\"\",10^12,OFFSET(CRONOPLE!$F$15,$M42-$A$15,BH$13)))","v":1000000000000},{"$f":"IF(OR($D42<>\"Serviço\",AND(AUTOEVENTO=\"Manual\",$M42=$A$15)),0,\n         IF(OFFSET(CRONOPLE!$F$15,$M42-$A$15,BI$13)=\"\",10^12,OFFSET(CRONOPLE!$F$15,$M42-$A$15,BI$13)))","v":1000000000000},{"$f":"IF(OR($D42<>\"Serviço\",AND(AUTOEVENTO=\"Manual\",$M42=$A$15)),0,\n         IF(OFFSET(CRONOPLE!$F$15,$M42-$A$15,BJ$13)=\"\",10^12,OFFSET(CRONOPLE!$F$15,$M42-$A$15,BJ$13)))","v":1000000000000},{"$f":"IF(OR($D42<>\"Serviço\",AND(AUTOEVENTO=\"Manual\",$M42=$A$15)),0,\n         IF(OFFSET(CRONOPLE!$F$15,$M42-$A$15,BK$13)=\"\",10^12,OFFSET(CRONOPLE!$F$15,$M42-$A$15,BK$13)))","v":1000000000000},{"$f":"IF(OR($D42<>\"Serviço\",AND(AUTOEVENTO=\"Manual\",$M42=$A$15)),0,\n         IF(OFFSET(CRONOPLE!$F$15,$M42-$A$15,BL$13)=\"\",10^12,OFFSET(CRONOPLE!$F$15,$M42-$A$15,BL$13)))","v":1000000000000},{"$f":"IF(OR($D42<>\"Serviço\",AND(AUTOEVENTO=\"Manual\",$M42=$A$15)),0,\n         IF(OFFSET(CRONOPLE!$F$15,$M42-$A$15,BM$13)=\"\",10^12,OFFSET(CRONOPLE!$F$15,$M42-$A$15,BM$13)))","v":1000000000000},{"$f":"IF(OR($D42<>\"Serviço\",AND(AUTOEVENTO=\"Manual\",$M42=$A$15)),0,\n         IF(OFFSET(CRONOPLE!$F$15,$M42-$A$15,BN$13)=\"\",10^12,OFFSET(CRONOPLE!$F$15,$M42-$A$15,BN$13)))","v":1000000000000},{"$f":"IF(OR($D42<>\"Serviço\",AND(AUTOEVENTO=\"Manual\",$M42=$A$15)),0,\n         IF(OFFSET(CRONOPLE!$F$15,$M42-$A$15,BO$13)=\"\",10^12,OFFSET(CRONOPLE!$F$15,$M42-$A$15,BO$13)))","v":1000000000000},{"$f":"IF(OR($D42<>\"Serviço\",AND(AUTOEVENTO=\"Manual\",$M42=$A$15)),0,\n         IF(OFFSET(CRONOPLE!$F$15,$M42-$A$15,BP$13)=\"\",10^12,OFFSET(CRONOPLE!$F$15,$M42-$A$15,BP$13)))","v":1000000000000},{"$f":"IF(OR($D42<>\"Serviço\",AND(AUTOEVENTO=\"Manual\",$M42=$A$15)),0,\n         IF(OFFSET(CRONOPLE!$F$15,$M42-$A$15,BQ$13)=\"\",10^12,OFFSET(CRONOPLE!$F$15,$M42-$A$15,BQ$13)))","v":1000000000000},{"$f":"IF(OR($D42<>\"Serviço\",AND(AUTOEVENTO=\"Manual\",$M42=$A$15)),0,\n         IF(OFFSET(CRONOPLE!$F$15,$M42-$A$15,BR$13)=\"\",10^12,OFFSET(CRONOPLE!$F$15,$M42-$A$15,BR$13)))","v":1000000000000},{"$f":"IF(OR($D42<>\"Serviço\",AND(AUTOEVENTO=\"Manual\",$M42=$A$15)),0,\n         IF(OFFSET(CRONOPLE!$F$15,$M42-$A$15,BS$13)=\"\",10^12,OFFSET(CRONOPLE!$F$15,$M42-$A$15,BS$13)))","v":1000000000000},{"$f":"IF(OR($D42<>\"Serviço\",AND(AUTOEVENTO=\"Manual\",$M42=$A$15)),0,\n         IF(OFFSET(CRONOPLE!$F$15,$M42-$A$15,BT$13)=\"\",10^12,OFFSET(CRONOPLE!$F$15,$M42-$A$15,BT$13)))","v":1000000000000},null,{"$f":"IF(OR($D42<>\"Serviço\",AND(AUTOEVENTO=\"Manual\",$M42=$A$15),$M42>(ROW(PLE.lastrow)-ROW(PLE.firstrow))),0,\n           IF(OFFSET(PLE!$G$15,$M42-$A$15,BV$13)=\"\",10^12,OFFSET(PLE!$G$15,$M42-$A$15,BV$13)))","v":1000000000000},{"$f":"IF(OR($D42<>\"Serviço\",AND(AUTOEVENTO=\"Manual\",$M42=$A$15),$M42>(ROW(PLE.lastrow)-ROW(PLE.firstrow))),0,\n           IF(OFFSET(PLE!$G$15,$M42-$A$15,BW$13)=\"\",10^12,OFFSET(PLE!$G$15,$M42-$A$15,BW$13)))","v":1000000000000},{"$f":"IF(OR($D42<>\"Serviço\",AND(AUTOEVENTO=\"Manual\",$M42=$A$15),$M42>(ROW(PLE.lastrow)-ROW(PLE.firstrow))),0,\n           IF(OFFSET(PLE!$G$15,$M42-$A$15,BX$13)=\"\",10^12,OFFSET(PLE!$G$15,$M42-$A$15,BX$13)))","v":1000000000000},{"$f":"IF(OR($D42<>\"Serviço\",AND(AUTOEVENTO=\"Manual\",$M42=$A$15),$M42>(ROW(PLE.lastrow)-ROW(PLE.firstrow))),0,\n           IF(OFFSET(PLE!$G$15,$M42-$A$15,BY$13)=\"\",10^12,OFFSET(PLE!$G$15,$M42-$A$15,BY$13)))","v":1000000000000},{"$f":"IF(OR($D42<>\"Serviço\",AND(AUTOEVENTO=\"Manual\",$M42=$A$15),$M42>(ROW(PLE.lastrow)-ROW(PLE.firstrow))),0,\n           IF(OFFSET(PLE!$G$15,$M42-$A$15,BZ$13)=\"\",10^12,OFFSET(PLE!$G$15,$M42-$A$15,BZ$13)))","v":1000000000000},{"$f":"IF(OR($D42<>\"Serviço\",AND(AUTOEVENTO=\"Manual\",$M42=$A$15),$M42>(ROW(PLE.lastrow)-ROW(PLE.firstrow))),0,\n           IF(OFFSET(PLE!$G$15,$M42-$A$15,CA$13)=\"\",10^12,OFFSET(PLE!$G$15,$M42-$A$15,CA$13)))","v":1000000000000},{"$f":"IF(OR($D42<>\"Serviço\",AND(AUTOEVENTO=\"Manual\",$M42=$A$15),$M42>(ROW(PLE.lastrow)-ROW(PLE.firstrow))),0,\n           IF(OFFSET(PLE!$G$15,$M42-$A$15,CB$13)=\"\",10^12,OFFSET(PLE!$G$15,$M42-$A$15,CB$13)))","v":1000000000000},{"$f":"IF(OR($D42<>\"Serviço\",AND(AUTOEVENTO=\"Manual\",$M42=$A$15),$M42>(ROW(PLE.lastrow)-ROW(PLE.firstrow))),0,\n           IF(OFFSET(PLE!$G$15,$M42-$A$15,CC$13)=\"\",10^12,OFFSET(PLE!$G$15,$M42-$A$15,CC$13)))","v":1000000000000},{"$f":"IF(OR($D42<>\"Serviço\",AND(AUTOEVENTO=\"Manual\",$M42=$A$15),$M42>(ROW(PLE.lastrow)-ROW(PLE.firstrow))),0,\n           IF(OFFSET(PLE!$G$15,$M42-$A$15,CD$13)=\"\",10^12,OFFSET(PLE!$G$15,$M42-$A$15,CD$13)))","v":1000000000000},{"$f":"IF(OR($D42<>\"Serviço\",AND(AUTOEVENTO=\"Manual\",$M42=$A$15),$M42>(ROW(PLE.lastrow)-ROW(PLE.firstrow))),0,\n           IF(OFFSET(PLE!$G$15,$M42-$A$15,CE$13)=\"\",10^12,OFFSET(PLE!$G$15,$M42-$A$15,CE$13)))","v":1000000000000},{"$f":"IF(OR($D42<>\"Serviço\",AND(AUTOEVENTO=\"Manual\",$M42=$A$15),$M42>(ROW(PLE.lastrow)-ROW(PLE.firstrow))),0,\n           IF(OFFSET(PLE!$G$15,$M42-$A$15,CF$13)=\"\",10^12,OFFSET(PLE!$G$15,$M42-$A$15,CF$13)))","v":1000000000000},{"$f":"IF(OR($D42<>\"Serviço\",AND(AUTOEVENTO=\"Manual\",$M42=$A$15),$M42>(ROW(PLE.lastrow)-ROW(PLE.firstrow))),0,\n           IF(OFFSET(PLE!$G$15,$M42-$A$15,CG$13)=\"\",10^12,OFFSET(PLE!$G$15,$M42-$A$15,CG$13)))","v":1000000000000},{"$f":"IF(OR($D42<>\"Serviço\",AND(AUTOEVENTO=\"Manual\",$M42=$A$15),$M42>(ROW(PLE.lastrow)-ROW(PLE.firstrow))),0,\n           IF(OFFSET(PLE!$G$15,$M42-$A$15,CH$13)=\"\",10^12,OFFSET(PLE!$G$15,$M42-$A$15,CH$13)))","v":1000000000000},{"$f":"IF(OR($D42<>\"Serviço\",AND(AUTOEVENTO=\"Manual\",$M42=$A$15),$M42>(ROW(PLE.lastrow)-ROW(PLE.firstrow))),0,\n           IF(OFFSET(PLE!$G$15,$M42-$A$15,CI$13)=\"\",10^12,OFFSET(PLE!$G$15,$M42-$A$15,CI$13)))","v":1000000000000},{"$f":"IF(OR($D42<>\"Serviço\",AND(AUTOEVENTO=\"Manual\",$M42=$A$15),$M42>(ROW(PLE.lastrow)-ROW(PLE.firstrow))),0,\n           IF(OFFSET(PLE!$G$15,$M42-$A$15,CJ$13)=\"\",10^12,OFFSET(PLE!$G$15,$M42-$A$15,CJ$13)))","v":1000000000000},{"$f":"IF(OR($D42<>\"Serviço\",AND(AUTOEVENTO=\"Manual\",$M42=$A$15),$M42>(ROW(PLE.lastrow)-ROW(PLE.firstrow))),0,\n           IF(OFFSET(PLE!$G$15,$M42-$A$15,CK$13)=\"\",10^12,OFFSET(PLE!$G$15,$M42-$A$15,CK$13)))","v":1000000000000},{"$f":"IF(OR($D42<>\"Serviço\",AND(AUTOEVENTO=\"Manual\",$M42=$A$15),$M42>(ROW(PLE.lastrow)-ROW(PLE.firstrow))),0,\n           IF(OFFSET(PLE!$G$15,$M42-$A$15,CL$13)=\"\",10^12,OFFSET(PLE!$G$15,$M42-$A$15,CL$13)))","v":1000000000000},{"$f":"IF(OR($D42<>\"Serviço\",AND(AUTOEVENTO=\"Manual\",$M42=$A$15),$M42>(ROW(PLE.lastrow)-ROW(PLE.firstrow))),0,\n           IF(OFFSET(PLE!$G$15,$M42-$A$15,CM$13)=\"\",10^12,OFFSET(PLE!$G$15,$M42-$A$15,CM$13)))","v":1000000000000}]
[2,{"$f":"OFFSET(ORÇAMENTO!C$15,ROW(B43)-ROW(B$15),0)","v":"S"},{"$f":"OFFSET(ORÇAMENTO!L$15,ROW(C43)-ROW(C$15),0)","v":"F"},{"$f":"OFFSET(ORÇAMENTO!N$15,ROW(D43)-ROW(D$15),0)","v":"Serviço"},{"$f":"OFFSET(ORÇAMENTO!O$15,ROW(E43)-ROW(E$15),0)","v":"1.3.7."},{"$f":"OFFSET(ORÇAMENTO!R$15,ROW(F43)-ROW(F$15),0)","v":"BLDC - Boca-de-lobo dupla, em concreto simples fck 20 MPa, com guia chapeu, incluindo forma, escavação, calçamento ao redor e grelhas em FoFo tipo pesada, conforme projeto"},{"$f":"IF($D43<>\"Serviço\",\"\",OFFSET(ORÇAMENTO!S$15,ROW(G43)-ROW(G$15),0))","v":"UN"},{"$f":"IF($D43<>\"Serviço\",0,IF(ACOMPANHAMENTO=\"BM\",ROUND(OFFSET(ORÇAMENTO!AJ$15,ROW(H43)-ROW(H$15),0),15-13*ORÇAMENTO!$AF$7),SUMPRODUCT(($Q$1:$AI$1=1)*ROUND($Q43:$AI43,15-13*ORÇAMENTO!$AF$7))))","v":7},null,{"$f":"IF(B43<>\"S\",\"\",IF(AND(ACOMPANHAMENTO=\"PLE\",AUTOEVENTO=\"Manual\",OR(H43>0,ORÇAMENTO!AC43=\"QUANT.\"),OR(K43=\"\",M43=0,N43=\"\")),\"►\",IF(AND(ACOMPANHAMENTO=\"PLE\",ORÇAMENTO!AC43=\"QUANT.\"),\"►►\",IF(AND(COUNTIF($P$11:$AI$11,\"▼\")=0,H43>0,I43=\"\"),\"◄\",\"\"))))","v":"◄"},"2. DRENAGEM DE ÁGUAS PLUVIAIS",".",{"$f":"IF($D43<>\"Serviço\",\"\",\n          IF(AUTOEVENTO=\"manual\",$A43,\n                IF(ISERROR(MATCH($A43,$A$15:OFFSET($A43,-1,0),0)),MAX($M$15:OFFSET(M43,-1,0))+1,\n                      INDEX($M$15:OFFSET(M43,-1,0),MATCH($A43,$A$15:OFFSET($A43,-1,0),0)))))","v":2},{"$f":"IF($D43<>\"Serviço\",\"\",\n         IF(AUTOEVENTO=\"Manual\",\n                IF($A43=0,\"<-- defina o número do agrupador\",\n                       OFFSET(EVENTOS!$D$15,$A43-$A$15,0)),\n                OFFSET($F$15,$A43,0)))","v":"DRENAGEM DE ÁGUAS PLUVIAIS"},null,null,5,null,null,null,null,null,null,null,null,null,null,null,null,null,null,null,null,null,null,{"$f":"IF(AND($D43=\"Serviço\",AJ$12<>0,$H43>0,OR(AUTOEVENTO<>\"manual\",$M43<>$A$15)),\n        IF(Import.TipoArredondamento<>\"TransfereGOV\",\n              ROUND(OFFSET($P43,0,AJ$13),15-13*ORÇAMENTO!$AF$7)/$H43*OFFSET(ORÇAMENTO!$X$15,ROW(AJ43)-ROW(AJ$15),0),\n              ROUND(ROUND(OFFSET($P43,0,AJ$13),15-13*ORÇAMENTO!$AF$7)*OFFSET(ORÇAMENTO!$W$15,ROW(AJ43)-ROW(AJ$15),0),15-13*ORÇAMENTO!$AF$11)),\n         0)","v":0},{"$f":"IF(AND($D43=\"Serviço\",AK$12<>0,$H43>0,OR(AUTOEVENTO<>\"manual\",$M43<>$A$15)),\n        IF(Import.TipoArredondamento<>\"TransfereGOV\",\n              ROUND(OFFSET($P43,0,AK$13),15-13*ORÇAMENTO!$AF$7)/$H43*OFFSET(ORÇAMENTO!$X$15,ROW(AK43)-ROW(AK$15),0),\n              ROUND(ROUND(OFFSET($P43,0,AK$13),15-13*ORÇAMENTO!$AF$7)*OFFSET(ORÇAMENTO!$W$15,ROW(AK43)-ROW(AK$15),0),15-13*ORÇAMENTO!$AF$11)),\n         0)","v":0},{"$f":"IF(AND($D43=\"Serviço\",AL$12<>0,$H43>0,OR(AUTOEVENTO<>\"manual\",$M43<>$A$15)),\n        IF(Import.TipoArredondamento<>\"TransfereGOV\",\n              ROUND(OFFSET($P43,0,AL$13),15-13*ORÇAMENTO!$AF$7)/$H43*OFFSET(ORÇAMENTO!$X$15,ROW(AL43)-ROW(AL$15),0),\n              ROUND(ROUND(OFFSET($P43,0,AL$13),15-13*ORÇAMENTO!$AF$7)*OFFSET(ORÇAMENTO!$W$15,ROW(AL43)-ROW(AL$15),0),15-13*ORÇAMENTO!$AF$11)),\n         0)","v":0},{"$f":"IF(AND($D43=\"Serviço\",AM$12<>0,$H43>0,OR(AUTOEVENTO<>\"manual\",$M43<>$A$15)),\n        IF(Import.TipoArredondamento<>\"TransfereGOV\",\n              ROUND(OFFSET($P43,0,AM$13),15-13*ORÇAMENTO!$AF$7)/$H43*OFFSET(ORÇAMENTO!$X$15,ROW(AM43)-ROW(AM$15),0),\n              ROUND(ROUND(OFFSET($P43,0,AM$13),15-13*ORÇAMENTO!$AF$7)*OFFSET(ORÇAMENTO!$W$15,ROW(AM43)-ROW(AM$15),0),15-13*ORÇAMENTO!$AF$11)),\n         0)","v":0},{"$f":"IF(AND($D43=\"Serviço\",AN$12<>0,$H43>0,OR(AUTOEVENTO<>\"manual\",$M43<>$A$15)),\n        IF(Import.TipoArredondamento<>\"TransfereGOV\",\n              ROUND(OFFSET($P43,0,AN$13),15-13*ORÇAMENTO!$AF$7)/$H43*OFFSET(ORÇAMENTO!$X$15,ROW(AN43)-ROW(AN$15),0),\n              ROUND(ROUND(OFFSET($P43,0,AN$13),15-13*ORÇAMENTO!$AF$7)*OFFSET(ORÇAMENTO!$W$15,ROW(AN43)-ROW(AN$15),0),15-13*ORÇAMENTO!$AF$11)),\n         0)","v":0},{"$f":"IF(AND($D43=\"Serviço\",AO$12<>0,$H43>0,OR(AUTOEVENTO<>\"manual\",$M43<>$A$15)),\n        IF(Import.TipoArredondamento<>\"TransfereGOV\",\n              ROUND(OFFSET($P43,0,AO$13),15-13*ORÇAMENTO!$AF$7)/$H43*OFFSET(ORÇAMENTO!$X$15,ROW(AO43)-ROW(AO$15),0),\n              ROUND(ROUND(OFFSET($P43,0,AO$13),15-13*ORÇAMENTO!$AF$7)*OFFSET(ORÇAMENTO!$W$15,ROW(AO43)-ROW(AO$15),0),15-13*ORÇAMENTO!$AF$11)),\n         0)","v":0},{"$f":"IF(AND($D43=\"Serviço\",AP$12<>0,$H43>0,OR(AUTOEVENTO<>\"manual\",$M43<>$A$15)),\n        IF(Import.TipoArredondamento<>\"TransfereGOV\",\n              ROUND(OFFSET($P43,0,AP$13),15-13*ORÇAMENTO!$AF$7)/$H43*OFFSET(ORÇAMENTO!$X$15,ROW(AP43)-ROW(AP$15),0),\n              ROUND(ROUND(OFFSET($P43,0,AP$13),15-13*ORÇAMENTO!$AF$7)*OFFSET(ORÇAMENTO!$W$15,ROW(AP43)-ROW(AP$15),0),15-13*ORÇAMENTO!$AF$11)),\n         0)","v":0},{"$f":"IF(AND($D43=\"Serviço\",AQ$12<>0,$H43>0,OR(AUTOEVENTO<>\"manual\",$M43<>$A$15)),\n        IF(Import.TipoArredondamento<>\"TransfereGOV\",\n              ROUND(OFFSET($P43,0,AQ$13),15-13*ORÇAMENTO!$AF$7)/$H43*OFFSET(ORÇAMENTO!$X$15,ROW(AQ43)-ROW(AQ$15),0),\n              ROUND(ROUND(OFFSET($P43,0,AQ$13),15-13*ORÇAMENTO!$AF$7)*OFFSET(ORÇAMENTO!$W$15,ROW(AQ43)-ROW(AQ$15),0),15-13*ORÇAMENTO!$AF$11)),\n         0)","v":0},{"$f":"IF(AND($D43=\"Serviço\",AR$12<>0,$H43>0,OR(AUTOEVENTO<>\"manual\",$M43<>$A$15)),\n        IF(Import.TipoArredondamento<>\"TransfereGOV\",\n              ROUND(OFFSET($P43,0,AR$13),15-13*ORÇAMENTO!$AF$7)/$H43*OFFSET(ORÇAMENTO!$X$15,ROW(AR43)-ROW(AR$15),0),\n              ROUND(ROUND(OFFSET($P43,0,AR$13),15-13*ORÇAMENTO!$AF$7)*OFFSET(ORÇAMENTO!$W$15,ROW(AR43)-ROW(AR$15),0),15-13*ORÇAMENTO!$AF$11)),\n         0)","v":0},{"$f":"IF(AND($D43=\"Serviço\",AS$12<>0,$H43>0,OR(AUTOEVENTO<>\"manual\",$M43<>$A$15)),\n        IF(Import.TipoArredondamento<>\"TransfereGOV\",\n              ROUND(OFFSET($P43,0,AS$13),15-13*ORÇAMENTO!$AF$7)/$H43*OFFSET(ORÇAMENTO!$X$15,ROW(AS43)-ROW(AS$15),0),\n              ROUND(ROUND(OFFSET($P43,0,AS$13),15-13*ORÇAMENTO!$AF$7)*OFFSET(ORÇAMENTO!$W$15,ROW(AS43)-ROW(AS$15),0),15-13*ORÇAMENTO!$AF$11)),\n         0)","v":0},{"$f":"IF(AND($D43=\"Serviço\",AT$12<>0,$H43>0,OR(AUTOEVENTO<>\"manual\",$M43<>$A$15)),\n        IF(Import.TipoArredondamento<>\"TransfereGOV\",\n              ROUND(OFFSET($P43,0,AT$13),15-13*ORÇAMENTO!$AF$7)/$H43*OFFSET(ORÇAMENTO!$X$15,ROW(AT43)-ROW(AT$15),0),\n              ROUND(ROUND(OFFSET($P43,0,AT$13),15-13*ORÇAMENTO!$AF$7)*OFFSET(ORÇAMENTO!$W$15,ROW(AT43)-ROW(AT$15),0),15-13*ORÇAMENTO!$AF$11)),\n         0)","v":0},{"$f":"IF(AND($D43=\"Serviço\",AU$12<>0,$H43>0,OR(AUTOEVENTO<>\"manual\",$M43<>$A$15)),\n        IF(Import.TipoArredondamento<>\"TransfereGOV\",\n              ROUND(OFFSET($P43,0,AU$13),15-13*ORÇAMENTO!$AF$7)/$H43*OFFSET(ORÇAMENTO!$X$15,ROW(AU43)-ROW(AU$15),0),\n              ROUND(ROUND(OFFSET($P43,0,AU$13),15-13*ORÇAMENTO!$AF$7)*OFFSET(ORÇAMENTO!$W$15,ROW(AU43)-ROW(AU$15),0),15-13*ORÇAMENTO!$AF$11)),\n         0)","v":0},{"$f":"IF(AND($D43=\"Serviço\",AV$12<>0,$H43>0,OR(AUTOEVENTO<>\"manual\",$M43<>$A$15)),\n        IF(Import.TipoArredondamento<>\"TransfereGOV\",\n              ROUND(OFFSET($P43,0,AV$13),15-13*ORÇAMENTO!$AF$7)/$H43*OFFSET(ORÇAMENTO!$X$15,ROW(AV43)-ROW(AV$15),0),\n              ROUND(ROUND(OFFSET($P43,0,AV$13),15-13*ORÇAMENTO!$AF$7)*OFFSET(ORÇAMENTO!$W$15,ROW(AV43)-ROW(AV$15),0),15-13*ORÇAMENTO!$AF$11)),\n         0)","v":0},{"$f":"IF(AND($D43=\"Serviço\",AW$12<>0,$H43>0,OR(AUTOEVENTO<>\"manual\",$M43<>$A$15)),\n        IF(Import.TipoArredondamento<>\"TransfereGOV\",\n              ROUND(OFFSET($P43,0,AW$13),15-13*ORÇAMENTO!$AF$7)/$H43*OFFSET(ORÇAMENTO!$X$15,ROW(AW43)-ROW(AW$15),0),\n              ROUND(ROUND(OFFSET($P43,0,AW$13),15-13*ORÇAMENTO!$AF$7)*OFFSET(ORÇAMENTO!$W$15,ROW(AW43)-ROW(AW$15),0),15-13*ORÇAMENTO!$AF$11)),\n         0)","v":0},{"$f":"IF(AND($D43=\"Serviço\",AX$12<>0,$H43>0,OR(AUTOEVENTO<>\"manual\",$M43<>$A$15)),\n        IF(Import.TipoArredondamento<>\"TransfereGOV\",\n              ROUND(OFFSET($P43,0,AX$13),15-13*ORÇAMENTO!$AF$7)/$H43*OFFSET(ORÇAMENTO!$X$15,ROW(AX43)-ROW(AX$15),0),\n              ROUND(ROUND(OFFSET($P43,0,AX$13),15-13*ORÇAMENTO!$AF$7)*OFFSET(ORÇAMENTO!$W$15,ROW(AX43)-ROW(AX$15),0),15-13*ORÇAMENTO!$AF$11)),\n         0)","v":0},{"$f":"IF(AND($D43=\"Serviço\",AY$12<>0,$H43>0,OR(AUTOEVENTO<>\"manual\",$M43<>$A$15)),\n        IF(Import.TipoArredondamento<>\"TransfereGOV\",\n              ROUND(OFFSET($P43,0,AY$13),15-13*ORÇAMENTO!$AF$7)/$H43*OFFSET(ORÇAMENTO!$X$15,ROW(AY43)-ROW(AY$15),0),\n              ROUND(ROUND(OFFSET($P43,0,AY$13),15-13*ORÇAMENTO!$AF$7)*OFFSET(ORÇAMENTO!$W$15,ROW(AY43)-ROW(AY$15),0),15-13*ORÇAMENTO!$AF$11)),\n         0)","v":0},{"$f":"IF(AND($D43=\"Serviço\",AZ$12<>0,$H43>0,OR(AUTOEVENTO<>\"manual\",$M43<>$A$15)),\n        IF(Import.TipoArredondamento<>\"TransfereGOV\",\n              ROUND(OFFSET($P43,0,AZ$13),15-13*ORÇAMENTO!$AF$7)/$H43*OFFSET(ORÇAMENTO!$X$15,ROW(AZ43)-ROW(AZ$15),0),\n              ROUND(ROUND(OFFSET($P43,0,AZ$13),15-13*ORÇAMENTO!$AF$7)*OFFSET(ORÇAMENTO!$W$15,ROW(AZ43)-ROW(AZ$15),0),15-13*ORÇAMENTO!$AF$11)),\n         0)","v":0},{"$f":"IF(AND($D43=\"Serviço\",BA$12<>0,$H43>0,OR(AUTOEVENTO<>\"manual\",$M43<>$A$15)),\n        IF(Import.TipoArredondamento<>\"TransfereGOV\",\n              ROUND(OFFSET($P43,0,BA$13),15-13*ORÇAMENTO!$AF$7)/$H43*OFFSET(ORÇAMENTO!$X$15,ROW(BA43)-ROW(BA$15),0),\n              ROUND(ROUND(OFFSET($P43,0,BA$13),15-13*ORÇAMENTO!$AF$7)*OFFSET(ORÇAMENTO!$W$15,ROW(BA43)-ROW(BA$15),0),15-13*ORÇAMENTO!$AF$11)),\n         0)","v":0},null,{"$f":"IF(OR($D43<>\"Serviço\",AND(AUTOEVENTO=\"Manual\",$M43=$A$15)),0,\n         IF(OFFSET(CRONOPLE!$F$15,$M43-$A$15,BC$13)=\"\",10^12,OFFSET(CRONOPLE!$F$15,$M43-$A$15,BC$13)))","v":1},{"$f":"IF(OR($D43<>\"Serviço\",AND(AUTOEVENTO=\"Manual\",$M43=$A$15)),0,\n         IF(OFFSET(CRONOPLE!$F$15,$M43-$A$15,BD$13)=\"\",10^12,OFFSET(CRONOPLE!$F$15,$M43-$A$15,BD$13)))","v":1000000000000},{"$f":"IF(OR($D43<>\"Serviço\",AND(AUTOEVENTO=\"Manual\",$M43=$A$15)),0,\n         IF(OFFSET(CRONOPLE!$F$15,$M43-$A$15,BE$13)=\"\",10^12,OFFSET(CRONOPLE!$F$15,$M43-$A$15,BE$13)))","v":1000000000000},{"$f":"IF(OR($D43<>\"Serviço\",AND(AUTOEVENTO=\"Manual\",$M43=$A$15)),0,\n         IF(OFFSET(CRONOPLE!$F$15,$M43-$A$15,BF$13)=\"\",10^12,OFFSET(CRONOPLE!$F$15,$M43-$A$15,BF$13)))","v":1000000000000},{"$f":"IF(OR($D43<>\"Serviço\",AND(AUTOEVENTO=\"Manual\",$M43=$A$15)),0,\n         IF(OFFSET(CRONOPLE!$F$15,$M43-$A$15,BG$13)=\"\",10^12,OFFSET(CRONOPLE!$F$15,$M43-$A$15,BG$13)))","v":1000000000000},{"$f":"IF(OR($D43<>\"Serviço\",AND(AUTOEVENTO=\"Manual\",$M43=$A$15)),0,\n         IF(OFFSET(CRONOPLE!$F$15,$M43-$A$15,BH$13)=\"\",10^12,OFFSET(CRONOPLE!$F$15,$M43-$A$15,BH$13)))","v":1000000000000},{"$f":"IF(OR($D43<>\"Serviço\",AND(AUTOEVENTO=\"Manual\",$M43=$A$15)),0,\n         IF(OFFSET(CRONOPLE!$F$15,$M43-$A$15,BI$13)=\"\",10^12,OFFSET(CRONOPLE!$F$15,$M43-$A$15,BI$13)))","v":1000000000000},{"$f":"IF(OR($D43<>\"Serviço\",AND(AUTOEVENTO=\"Manual\",$M43=$A$15)),0,\n         IF(OFFSET(CRONOPLE!$F$15,$M43-$A$15,BJ$13)=\"\",10^12,OFFSET(CRONOPLE!$F$15,$M43-$A$15,BJ$13)))","v":1000000000000},{"$f":"IF(OR($D43<>\"Serviço\",AND(AUTOEVENTO=\"Manual\",$M43=$A$15)),0,\n         IF(OFFSET(CRONOPLE!$F$15,$M43-$A$15,BK$13)=\"\",10^12,OFFSET(CRONOPLE!$F$15,$M43-$A$15,BK$13)))","v":1000000000000},{"$f":"IF(OR($D43<>\"Serviço\",AND(AUTOEVENTO=\"Manual\",$M43=$A$15)),0,\n         IF(OFFSET(CRONOPLE!$F$15,$M43-$A$15,BL$13)=\"\",10^12,OFFSET(CRONOPLE!$F$15,$M43-$A$15,BL$13)))","v":1000000000000},{"$f":"IF(OR($D43<>\"Serviço\",AND(AUTOEVENTO=\"Manual\",$M43=$A$15)),0,\n         IF(OFFSET(CRONOPLE!$F$15,$M43-$A$15,BM$13)=\"\",10^12,OFFSET(CRONOPLE!$F$15,$M43-$A$15,BM$13)))","v":1000000000000},{"$f":"IF(OR($D43<>\"Serviço\",AND(AUTOEVENTO=\"Manual\",$M43=$A$15)),0,\n         IF(OFFSET(CRONOPLE!$F$15,$M43-$A$15,BN$13)=\"\",10^12,OFFSET(CRONOPLE!$F$15,$M43-$A$15,BN$13)))","v":1000000000000},{"$f":"IF(OR($D43<>\"Serviço\",AND(AUTOEVENTO=\"Manual\",$M43=$A$15)),0,\n         IF(OFFSET(CRONOPLE!$F$15,$M43-$A$15,BO$13)=\"\",10^12,OFFSET(CRONOPLE!$F$15,$M43-$A$15,BO$13)))","v":1000000000000},{"$f":"IF(OR($D43<>\"Serviço\",AND(AUTOEVENTO=\"Manual\",$M43=$A$15)),0,\n         IF(OFFSET(CRONOPLE!$F$15,$M43-$A$15,BP$13)=\"\",10^12,OFFSET(CRONOPLE!$F$15,$M43-$A$15,BP$13)))","v":1000000000000},{"$f":"IF(OR($D43<>\"Serviço\",AND(AUTOEVENTO=\"Manual\",$M43=$A$15)),0,\n         IF(OFFSET(CRONOPLE!$F$15,$M43-$A$15,BQ$13)=\"\",10^12,OFFSET(CRONOPLE!$F$15,$M43-$A$15,BQ$13)))","v":1000000000000},{"$f":"IF(OR($D43<>\"Serviço\",AND(AUTOEVENTO=\"Manual\",$M43=$A$15)),0,\n         IF(OFFSET(CRONOPLE!$F$15,$M43-$A$15,BR$13)=\"\",10^12,OFFSET(CRONOPLE!$F$15,$M43-$A$15,BR$13)))","v":1000000000000},{"$f":"IF(OR($D43<>\"Serviço\",AND(AUTOEVENTO=\"Manual\",$M43=$A$15)),0,\n         IF(OFFSET(CRONOPLE!$F$15,$M43-$A$15,BS$13)=\"\",10^12,OFFSET(CRONOPLE!$F$15,$M43-$A$15,BS$13)))","v":1000000000000},{"$f":"IF(OR($D43<>\"Serviço\",AND(AUTOEVENTO=\"Manual\",$M43=$A$15)),0,\n         IF(OFFSET(CRONOPLE!$F$15,$M43-$A$15,BT$13)=\"\",10^12,OFFSET(CRONOPLE!$F$15,$M43-$A$15,BT$13)))","v":1000000000000},null,{"$f":"IF(OR($D43<>\"Serviço\",AND(AUTOEVENTO=\"Manual\",$M43=$A$15),$M43>(ROW(PLE.lastrow)-ROW(PLE.firstrow))),0,\n           IF(OFFSET(PLE!$G$15,$M43-$A$15,BV$13)=\"\",10^12,OFFSET(PLE!$G$15,$M43-$A$15,BV$13)))","v":1000000000000},{"$f":"IF(OR($D43<>\"Serviço\",AND(AUTOEVENTO=\"Manual\",$M43=$A$15),$M43>(ROW(PLE.lastrow)-ROW(PLE.firstrow))),0,\n           IF(OFFSET(PLE!$G$15,$M43-$A$15,BW$13)=\"\",10^12,OFFSET(PLE!$G$15,$M43-$A$15,BW$13)))","v":1000000000000},{"$f":"IF(OR($D43<>\"Serviço\",AND(AUTOEVENTO=\"Manual\",$M43=$A$15),$M43>(ROW(PLE.lastrow)-ROW(PLE.firstrow))),0,\n           IF(OFFSET(PLE!$G$15,$M43-$A$15,BX$13)=\"\",10^12,OFFSET(PLE!$G$15,$M43-$A$15,BX$13)))","v":1000000000000},{"$f":"IF(OR($D43<>\"Serviço\",AND(AUTOEVENTO=\"Manual\",$M43=$A$15),$M43>(ROW(PLE.lastrow)-ROW(PLE.firstrow))),0,\n           IF(OFFSET(PLE!$G$15,$M43-$A$15,BY$13)=\"\",10^12,OFFSET(PLE!$G$15,$M43-$A$15,BY$13)))","v":1000000000000},{"$f":"IF(OR($D43<>\"Serviço\",AND(AUTOEVENTO=\"Manual\",$M43=$A$15),$M43>(ROW(PLE.lastrow)-ROW(PLE.firstrow))),0,\n           IF(OFFSET(PLE!$G$15,$M43-$A$15,BZ$13)=\"\",10^12,OFFSET(PLE!$G$15,$M43-$A$15,BZ$13)))","v":1000000000000},{"$f":"IF(OR($D43<>\"Serviço\",AND(AUTOEVENTO=\"Manual\",$M43=$A$15),$M43>(ROW(PLE.lastrow)-ROW(PLE.firstrow))),0,\n           IF(OFFSET(PLE!$G$15,$M43-$A$15,CA$13)=\"\",10^12,OFFSET(PLE!$G$15,$M43-$A$15,CA$13)))","v":1000000000000},{"$f":"IF(OR($D43<>\"Serviço\",AND(AUTOEVENTO=\"Manual\",$M43=$A$15),$M43>(ROW(PLE.lastrow)-ROW(PLE.firstrow))),0,\n           IF(OFFSET(PLE!$G$15,$M43-$A$15,CB$13)=\"\",10^12,OFFSET(PLE!$G$15,$M43-$A$15,CB$13)))","v":1000000000000},{"$f":"IF(OR($D43<>\"Serviço\",AND(AUTOEVENTO=\"Manual\",$M43=$A$15),$M43>(ROW(PLE.lastrow)-ROW(PLE.firstrow))),0,\n           IF(OFFSET(PLE!$G$15,$M43-$A$15,CC$13)=\"\",10^12,OFFSET(PLE!$G$15,$M43-$A$15,CC$13)))","v":1000000000000},{"$f":"IF(OR($D43<>\"Serviço\",AND(AUTOEVENTO=\"Manual\",$M43=$A$15),$M43>(ROW(PLE.lastrow)-ROW(PLE.firstrow))),0,\n           IF(OFFSET(PLE!$G$15,$M43-$A$15,CD$13)=\"\",10^12,OFFSET(PLE!$G$15,$M43-$A$15,CD$13)))","v":1000000000000},{"$f":"IF(OR($D43<>\"Serviço\",AND(AUTOEVENTO=\"Manual\",$M43=$A$15),$M43>(ROW(PLE.lastrow)-ROW(PLE.firstrow))),0,\n           IF(OFFSET(PLE!$G$15,$M43-$A$15,CE$13)=\"\",10^12,OFFSET(PLE!$G$15,$M43-$A$15,CE$13)))","v":1000000000000},{"$f":"IF(OR($D43<>\"Serviço\",AND(AUTOEVENTO=\"Manual\",$M43=$A$15),$M43>(ROW(PLE.lastrow)-ROW(PLE.firstrow))),0,\n           IF(OFFSET(PLE!$G$15,$M43-$A$15,CF$13)=\"\",10^12,OFFSET(PLE!$G$15,$M43-$A$15,CF$13)))","v":1000000000000},{"$f":"IF(OR($D43<>\"Serviço\",AND(AUTOEVENTO=\"Manual\",$M43=$A$15),$M43>(ROW(PLE.lastrow)-ROW(PLE.firstrow))),0,\n           IF(OFFSET(PLE!$G$15,$M43-$A$15,CG$13)=\"\",10^12,OFFSET(PLE!$G$15,$M43-$A$15,CG$13)))","v":1000000000000},{"$f":"IF(OR($D43<>\"Serviço\",AND(AUTOEVENTO=\"Manual\",$M43=$A$15),$M43>(ROW(PLE.lastrow)-ROW(PLE.firstrow))),0,\n           IF(OFFSET(PLE!$G$15,$M43-$A$15,CH$13)=\"\",10^12,OFFSET(PLE!$G$15,$M43-$A$15,CH$13)))","v":1000000000000},{"$f":"IF(OR($D43<>\"Serviço\",AND(AUTOEVENTO=\"Manual\",$M43=$A$15),$M43>(ROW(PLE.lastrow)-ROW(PLE.firstrow))),0,\n           IF(OFFSET(PLE!$G$15,$M43-$A$15,CI$13)=\"\",10^12,OFFSET(PLE!$G$15,$M43-$A$15,CI$13)))","v":1000000000000},{"$f":"IF(OR($D43<>\"Serviço\",AND(AUTOEVENTO=\"Manual\",$M43=$A$15),$M43>(ROW(PLE.lastrow)-ROW(PLE.firstrow))),0,\n           IF(OFFSET(PLE!$G$15,$M43-$A$15,CJ$13)=\"\",10^12,OFFSET(PLE!$G$15,$M43-$A$15,CJ$13)))","v":1000000000000},{"$f":"IF(OR($D43<>\"Serviço\",AND(AUTOEVENTO=\"Manual\",$M43=$A$15),$M43>(ROW(PLE.lastrow)-ROW(PLE.firstrow))),0,\n           IF(OFFSET(PLE!$G$15,$M43-$A$15,CK$13)=\"\",10^12,OFFSET(PLE!$G$15,$M43-$A$15,CK$13)))","v":1000000000000},{"$f":"IF(OR($D43<>\"Serviço\",AND(AUTOEVENTO=\"Manual\",$M43=$A$15),$M43>(ROW(PLE.lastrow)-ROW(PLE.firstrow))),0,\n           IF(OFFSET(PLE!$G$15,$M43-$A$15,CL$13)=\"\",10^12,OFFSET(PLE!$G$15,$M43-$A$15,CL$13)))","v":1000000000000},{"$f":"IF(OR($D43<>\"Serviço\",AND(AUTOEVENTO=\"Manual\",$M43=$A$15),$M43>(ROW(PLE.lastrow)-ROW(PLE.firstrow))),0,\n           IF(OFFSET(PLE!$G$15,$M43-$A$15,CM$13)=\"\",10^12,OFFSET(PLE!$G$15,$M43-$A$15,CM$13)))","v":1000000000000}]
[2,{"$f":"OFFSET(ORÇAMENTO!C$15,ROW(B44)-ROW(B$15),0)","v":"S"},{"$f":"OFFSET(ORÇAMENTO!L$15,ROW(C44)-ROW(C$15),0)","v":"F"},{"$f":"OFFSET(ORÇAMENTO!N$15,ROW(D44)-ROW(D$15),0)","v":"Serviço"},{"$f":"OFFSET(ORÇAMENTO!O$15,ROW(E44)-ROW(E$15),0)","v":"1.3.8."},{"$f":"OFFSET(ORÇAMENTO!R$15,ROW(F44)-ROW(F$15),0)","v":"BLTC - Boca-de-lobo tripla, em concreto simples fck 20 MPa,  com guia chapeu, incluindo forma, escavação, calçamento ao redor e grelhas em f°f° tipo pesada, conforme projeto"},{"$f":"IF($D44<>\"Serviço\",\"\",OFFSET(ORÇAMENTO!S$15,ROW(G44)-ROW(G$15),0))","v":"UN"},{"$f":"IF($D44<>\"Serviço\",0,IF(ACOMPANHAMENTO=\"BM\",ROUND(OFFSET(ORÇAMENTO!AJ$15,ROW(H44)-ROW(H$15),0),15-13*ORÇAMENTO!$AF$7),SUMPRODUCT(($Q$1:$AI$1=1)*ROUND($Q44:$AI44,15-13*ORÇAMENTO!$AF$7))))","v":3},null,{"$f":"IF(B44<>\"S\",\"\",IF(AND(ACOMPANHAMENTO=\"PLE\",AUTOEVENTO=\"Manual\",OR(H44>0,ORÇAMENTO!AC44=\"QUANT.\"),OR(K44=\"\",M44=0,N44=\"\")),\"►\",IF(AND(ACOMPANHAMENTO=\"PLE\",ORÇAMENTO!AC44=\"QUANT.\"),\"►►\",IF(AND(COUNTIF($P$11:$AI$11,\"▼\")=0,H44>0,I44=\"\"),\"◄\",\"\"))))","v":"◄"},"2. DRENAGEM DE ÁGUAS PLUVIAIS",".",{"$f":"IF($D44<>\"Serviço\",\"\",\n          IF(AUTOEVENTO=\"manual\",$A44,\n                IF(ISERROR(MATCH($A44,$A$15:OFFSET($A44,-1,0),0)),MAX($M$15:OFFSET(M44,-1,0))+1,\n                      INDEX($M$15:OFFSET(M44,-1,0),MATCH($A44,$A$15:OFFSET($A44,-1,0),0)))))","v":2},{"$f":"IF($D44<>\"Serviço\",\"\",\n         IF(AUTOEVENTO=\"Manual\",\n                IF($A44=0,\"<-- defina o número do agrupador\",\n                       OFFSET(EVENTOS!$D$15,$A44-$A$15,0)),\n                OFFSET($F$15,$A44,0)))","v":"DRENAGEM DE ÁGUAS PLUVIAIS"},null,null,3,null,null,null,null,null,null,null,null,null,null,null,null,null,null,null,null,null,null,{"$f":"IF(AND($D44=\"Serviço\",AJ$12<>0,$H44>0,OR(AUTOEVENTO<>\"manual\",$M44<>$A$15)),\n        IF(Import.TipoArredondamento<>\"TransfereGOV\",\n              ROUND(OFFSET($P44,0,AJ$13),15-13*ORÇAMENTO!$AF$7)/$H44*OFFSET(ORÇAMENTO!$X$15,ROW(AJ44)-ROW(AJ$15),0),\n              ROUND(ROUND(OFFSET($P44,0,AJ$13),15-13*ORÇAMENTO!$AF$7)*OFFSET(ORÇAMENTO!$W$15,ROW(AJ44)-ROW(AJ$15),0),15-13*ORÇAMENTO!$AF$11)),\n         0)","v":0},{"$f":"IF(AND($D44=\"Serviço\",AK$12<>0,$H44>0,OR(AUTOEVENTO<>\"manual\",$M44<>$A$15)),\n        IF(Import.TipoArredondamento<>\"TransfereGOV\",\n              ROUND(OFFSET($P44,0,AK$13),15-13*ORÇAMENTO!$AF$7)/$H44*OFFSET(ORÇAMENTO!$X$15,ROW(AK44)-ROW(AK$15),0),\n              ROUND(ROUND(OFFSET($P44,0,AK$13),15-13*ORÇAMENTO!$AF$7)*OFFSET(ORÇAMENTO!$W$15,ROW(AK44)-ROW(AK$15),0),15-13*ORÇAMENTO!$AF$11)),\n         0)","v":0},{"$f":"IF(AND($D44=\"Serviço\",AL$12<>0,$H44>0,OR(AUTOEVENTO<>\"manual\",$M44<>$A$15)),\n        IF(Import.TipoArredondamento<>\"TransfereGOV\",\n              ROUND(OFFSET($P44,0,AL$13),15-13*ORÇAMENTO!$AF$7)/$H44*OFFSET(ORÇAMENTO!$X$15,ROW(AL44)-ROW(AL$15),0),\n              ROUND(ROUND(OFFSET($P44,0,AL$13),15-13*ORÇAMENTO!$AF$7)*OFFSET(ORÇAMENTO!$W$15,ROW(AL44)-ROW(AL$15),0),15-13*ORÇAMENTO!$AF$11)),\n         0)","v":0},{"$f":"IF(AND($D44=\"Serviço\",AM$12<>0,$H44>0,OR(AUTOEVENTO<>\"manual\",$M44<>$A$15)),\n        IF(Import.TipoArredondamento<>\"TransfereGOV\",\n              ROUND(OFFSET($P44,0,AM$13),15-13*ORÇAMENTO!$AF$7)/$H44*OFFSET(ORÇAMENTO!$X$15,ROW(AM44)-ROW(AM$15),0),\n              ROUND(ROUND(OFFSET($P44,0,AM$13),15-13*ORÇAMENTO!$AF$7)*OFFSET(ORÇAMENTO!$W$15,ROW(AM44)-ROW(AM$15),0),15-13*ORÇAMENTO!$AF$11)),\n         0)","v":0},{"$f":"IF(AND($D44=\"Serviço\",AN$12<>0,$H44>0,OR(AUTOEVENTO<>\"manual\",$M44<>$A$15)),\n        IF(Import.TipoArredondamento<>\"TransfereGOV\",\n              ROUND(OFFSET($P44,0,AN$13),15-13*ORÇAMENTO!$AF$7)/$H44*OFFSET(ORÇAMENTO!$X$15,ROW(AN44)-ROW(AN$15),0),\n              ROUND(ROUND(OFFSET($P44,0,AN$13),15-13*ORÇAMENTO!$AF$7)*OFFSET(ORÇAMENTO!$W$15,ROW(AN44)-ROW(AN$15),0),15-13*ORÇAMENTO!$AF$11)),\n         0)","v":0},{"$f":"IF(AND($D44=\"Serviço\",AO$12<>0,$H44>0,OR(AUTOEVENTO<>\"manual\",$M44<>$A$15)),\n        IF(Import.TipoArredondamento<>\"TransfereGOV\",\n              ROUND(OFFSET($P44,0,AO$13),15-13*ORÇAMENTO!$AF$7)/$H44*OFFSET(ORÇAMENTO!$X$15,ROW(AO44)-ROW(AO$15),0),\n              ROUND(ROUND(OFFSET($P44,0,AO$13),15-13*ORÇAMENTO!$AF$7)*OFFSET(ORÇAMENTO!$W$15,ROW(AO44)-ROW(AO$15),0),15-13*ORÇAMENTO!$AF$11)),\n         0)","v":0},{"$f":"IF(AND($D44=\"Serviço\",AP$12<>0,$H44>0,OR(AUTOEVENTO<>\"manual\",$M44<>$A$15)),\n        IF(Import.TipoArredondamento<>\"TransfereGOV\",\n              ROUND(OFFSET($P44,0,AP$13),15-13*ORÇAMENTO!$AF$7)/$H44*OFFSET(ORÇAMENTO!$X$15,ROW(AP44)-ROW(AP$15),0),\n              ROUND(ROUND(OFFSET($P44,0,AP$13),15-13*ORÇAMENTO!$AF$7)*OFFSET(ORÇAMENTO!$W$15,ROW(AP44)-ROW(AP$15),0),15-13*ORÇAMENTO!$AF$11)),\n         0)","v":0},{"$f":"IF(AND($D44=\"Serviço\",AQ$12<>0,$H44>0,OR(AUTOEVENTO<>\"manual\",$M44<>$A$15)),\n        IF(Import.TipoArredondamento<>\"TransfereGOV\",\n              ROUND(OFFSET($P44,0,AQ$13),15-13*ORÇAMENTO!$AF$7)/$H44*OFFSET(ORÇAMENTO!$X$15,ROW(AQ44)-ROW(AQ$15),0),\n              ROUND(ROUND(OFFSET($P44,0,AQ$13),15-13*ORÇAMENTO!$AF$7)*OFFSET(ORÇAMENTO!$W$15,ROW(AQ44)-ROW(AQ$15),0),15-13*ORÇAMENTO!$AF$11)),\n         0)","v":0},{"$f":"IF(AND($D44=\"Serviço\",AR$12<>0,$H44>0,OR(AUTOEVENTO<>\"manual\",$M44<>$A$15)),\n        IF(Import.TipoArredondamento<>\"TransfereGOV\",\n              ROUND(OFFSET($P44,0,AR$13),15-13*ORÇAMENTO!$AF$7)/$H44*OFFSET(ORÇAMENTO!$X$15,ROW(AR44)-ROW(AR$15),0),\n              ROUND(ROUND(OFFSET($P44,0,AR$13),15-13*ORÇAMENTO!$AF$7)*OFFSET(ORÇAMENTO!$W$15,ROW(AR44)-ROW(AR$15),0),15-13*ORÇAMENTO!$AF$11)),\n         0)","v":0},{"$f":"IF(AND($D44=\"Serviço\",AS$12<>0,$H44>0,OR(AUTOEVENTO<>\"manual\",$M44<>$A$15)),\n        IF(Import.TipoArredondamento<>\"TransfereGOV\",\n              ROUND(OFFSET($P44,0,AS$13),15-13*ORÇAMENTO!$AF$7)/$H44*OFFSET(ORÇAMENTO!$X$15,ROW(AS44)-ROW(AS$15),0),\n              ROUND(ROUND(OFFSET($P44,0,AS$13),15-13*ORÇAMENTO!$AF$7)*OFFSET(ORÇAMENTO!$W$15,ROW(AS44)-ROW(AS$15),0),15-13*ORÇAMENTO!$AF$11)),\n         0)","v":0},{"$f":"IF(AND($D44=\"Serviço\",AT$12<>0,$H44>0,OR(AUTOEVENTO<>\"manual\",$M44<>$A$15)),\n        IF(Import.TipoArredondamento<>\"TransfereGOV\",\n              ROUND(OFFSET($P44,0,AT$13),15-13*ORÇAMENTO!$AF$7)/$H44*OFFSET(ORÇAMENTO!$X$15,ROW(AT44)-ROW(AT$15),0),\n              ROUND(ROUND(OFFSET($P44,0,AT$13),15-13*ORÇAMENTO!$AF$7)*OFFSET(ORÇAMENTO!$W$15,ROW(AT44)-ROW(AT$15),0),15-13*ORÇAMENTO!$AF$11)),\n         0)","v":0},{"$f":"IF(AND($D44=\"Serviço\",AU$12<>0,$H44>0,OR(AUTOEVENTO<>\"manual\",$M44<>$A$15)),\n        IF(Import.TipoArredondamento<>\"TransfereGOV\",\n              ROUND(OFFSET($P44,0,AU$13),15-13*ORÇAMENTO!$AF$7)/$H44*OFFSET(ORÇAMENTO!$X$15,ROW(AU44)-ROW(AU$15),0),\n              ROUND(ROUND(OFFSET($P44,0,AU$13),15-13*ORÇAMENTO!$AF$7)*OFFSET(ORÇAMENTO!$W$15,ROW(AU44)-ROW(AU$15),0),15-13*ORÇAMENTO!$AF$11)),\n         0)","v":0},{"$f":"IF(AND($D44=\"Serviço\",AV$12<>0,$H44>0,OR(AUTOEVENTO<>\"manual\",$M44<>$A$15)),\n        IF(Import.TipoArredondamento<>\"TransfereGOV\",\n              ROUND(OFFSET($P44,0,AV$13),15-13*ORÇAMENTO!$AF$7)/$H44*OFFSET(ORÇAMENTO!$X$15,ROW(AV44)-ROW(AV$15),0),\n              ROUND(ROUND(OFFSET($P44,0,AV$13),15-13*ORÇAMENTO!$AF$7)*OFFSET(ORÇAMENTO!$W$15,ROW(AV44)-ROW(AV$15),0),15-13*ORÇAMENTO!$AF$11)),\n         0)","v":0},{"$f":"IF(AND($D44=\"Serviço\",AW$12<>0,$H44>0,OR(AUTOEVENTO<>\"manual\",$M44<>$A$15)),\n        IF(Import.TipoArredondamento<>\"TransfereGOV\",\n              ROUND(OFFSET($P44,0,AW$13),15-13*ORÇAMENTO!$AF$7)/$H44*OFFSET(ORÇAMENTO!$X$15,ROW(AW44)-ROW(AW$15),0),\n              ROUND(ROUND(OFFSET($P44,0,AW$13),15-13*ORÇAMENTO!$AF$7)*OFFSET(ORÇAMENTO!$W$15,ROW(AW44)-ROW(AW$15),0),15-13*ORÇAMENTO!$AF$11)),\n         0)","v":0},{"$f":"IF(AND($D44=\"Serviço\",AX$12<>0,$H44>0,OR(AUTOEVENTO<>\"manual\",$M44<>$A$15)),\n        IF(Import.TipoArredondamento<>\"TransfereGOV\",\n              ROUND(OFFSET($P44,0,AX$13),15-13*ORÇAMENTO!$AF$7)/$H44*OFFSET(ORÇAMENTO!$X$15,ROW(AX44)-ROW(AX$15),0),\n              ROUND(ROUND(OFFSET($P44,0,AX$13),15-13*ORÇAMENTO!$AF$7)*OFFSET(ORÇAMENTO!$W$15,ROW(AX44)-ROW(AX$15),0),15-13*ORÇAMENTO!$AF$11)),\n         0)","v":0},{"$f":"IF(AND($D44=\"Serviço\",AY$12<>0,$H44>0,OR(AUTOEVENTO<>\"manual\",$M44<>$A$15)),\n        IF(Import.TipoArredondamento<>\"TransfereGOV\",\n              ROUND(OFFSET($P44,0,AY$13),15-13*ORÇAMENTO!$AF$7)/$H44*OFFSET(ORÇAMENTO!$X$15,ROW(AY44)-ROW(AY$15),0),\n              ROUND(ROUND(OFFSET($P44,0,AY$13),15-13*ORÇAMENTO!$AF$7)*OFFSET(ORÇAMENTO!$W$15,ROW(AY44)-ROW(AY$15),0),15-13*ORÇAMENTO!$AF$11)),\n         0)","v":0},{"$f":"IF(AND($D44=\"Serviço\",AZ$12<>0,$H44>0,OR(AUTOEVENTO<>\"manual\",$M44<>$A$15)),\n        IF(Import.TipoArredondamento<>\"TransfereGOV\",\n              ROUND(OFFSET($P44,0,AZ$13),15-13*ORÇAMENTO!$AF$7)/$H44*OFFSET(ORÇAMENTO!$X$15,ROW(AZ44)-ROW(AZ$15),0),\n              ROUND(ROUND(OFFSET($P44,0,AZ$13),15-13*ORÇAMENTO!$AF$7)*OFFSET(ORÇAMENTO!$W$15,ROW(AZ44)-ROW(AZ$15),0),15-13*ORÇAMENTO!$AF$11)),\n         0)","v":0},{"$f":"IF(AND($D44=\"Serviço\",BA$12<>0,$H44>0,OR(AUTOEVENTO<>\"manual\",$M44<>$A$15)),\n        IF(Import.TipoArredondamento<>\"TransfereGOV\",\n              ROUND(OFFSET($P44,0,BA$13),15-13*ORÇAMENTO!$AF$7)/$H44*OFFSET(ORÇAMENTO!$X$15,ROW(BA44)-ROW(BA$15),0),\n              ROUND(ROUND(OFFSET($P44,0,BA$13),15-13*ORÇAMENTO!$AF$7)*OFFSET(ORÇAMENTO!$W$15,ROW(BA44)-ROW(BA$15),0),15-13*ORÇAMENTO!$AF$11)),\n         0)","v":0},null,{"$f":"IF(OR($D44<>\"Serviço\",AND(AUTOEVENTO=\"Manual\",$M44=$A$15)),0,\n         IF(OFFSET(CRONOPLE!$F$15,$M44-$A$15,BC$13)=\"\",10^12,OFFSET(CRONOPLE!$F$15,$M44-$A$15,BC$13)))","v":1},{"$f":"IF(OR($D44<>\"Serviço\",AND(AUTOEVENTO=\"Manual\",$M44=$A$15)),0,\n         IF(OFFSET(CRONOPLE!$F$15,$M44-$A$15,BD$13)=\"\",10^12,OFFSET(CRONOPLE!$F$15,$M44-$A$15,BD$13)))","v":1000000000000},{"$f":"IF(OR($D44<>\"Serviço\",AND(AUTOEVENTO=\"Manual\",$M44=$A$15)),0,\n         IF(OFFSET(CRONOPLE!$F$15,$M44-$A$15,BE$13)=\"\",10^12,OFFSET(CRONOPLE!$F$15,$M44-$A$15,BE$13)))","v":1000000000000},{"$f":"IF(OR($D44<>\"Serviço\",AND(AUTOEVENTO=\"Manual\",$M44=$A$15)),0,\n         IF(OFFSET(CRONOPLE!$F$15,$M44-$A$15,BF$13)=\"\",10^12,OFFSET(CRONOPLE!$F$15,$M44-$A$15,BF$13)))","v":1000000000000},{"$f":"IF(OR($D44<>\"Serviço\",AND(AUTOEVENTO=\"Manual\",$M44=$A$15)),0,\n         IF(OFFSET(CRONOPLE!$F$15,$M44-$A$15,BG$13)=\"\",10^12,OFFSET(CRONOPLE!$F$15,$M44-$A$15,BG$13)))","v":1000000000000},{"$f":"IF(OR($D44<>\"Serviço\",AND(AUTOEVENTO=\"Manual\",$M44=$A$15)),0,\n         IF(OFFSET(CRONOPLE!$F$15,$M44-$A$15,BH$13)=\"\",10^12,OFFSET(CRONOPLE!$F$15,$M44-$A$15,BH$13)))","v":1000000000000},{"$f":"IF(OR($D44<>\"Serviço\",AND(AUTOEVENTO=\"Manual\",$M44=$A$15)),0,\n         IF(OFFSET(CRONOPLE!$F$15,$M44-$A$15,BI$13)=\"\",10^12,OFFSET(CRONOPLE!$F$15,$M44-$A$15,BI$13)))","v":1000000000000},{"$f":"IF(OR($D44<>\"Serviço\",AND(AUTOEVENTO=\"Manual\",$M44=$A$15)),0,\n         IF(OFFSET(CRONOPLE!$F$15,$M44-$A$15,BJ$13)=\"\",10^12,OFFSET(CRONOPLE!$F$15,$M44-$A$15,BJ$13)))","v":1000000000000},{"$f":"IF(OR($D44<>\"Serviço\",AND(AUTOEVENTO=\"Manual\",$M44=$A$15)),0,\n         IF(OFFSET(CRONOPLE!$F$15,$M44-$A$15,BK$13)=\"\",10^12,OFFSET(CRONOPLE!$F$15,$M44-$A$15,BK$13)))","v":1000000000000},{"$f":"IF(OR($D44<>\"Serviço\",AND(AUTOEVENTO=\"Manual\",$M44=$A$15)),0,\n         IF(OFFSET(CRONOPLE!$F$15,$M44-$A$15,BL$13)=\"\",10^12,OFFSET(CRONOPLE!$F$15,$M44-$A$15,BL$13)))","v":1000000000000},{"$f":"IF(OR($D44<>\"Serviço\",AND(AUTOEVENTO=\"Manual\",$M44=$A$15)),0,\n         IF(OFFSET(CRONOPLE!$F$15,$M44-$A$15,BM$13)=\"\",10^12,OFFSET(CRONOPLE!$F$15,$M44-$A$15,BM$13)))","v":1000000000000},{"$f":"IF(OR($D44<>\"Serviço\",AND(AUTOEVENTO=\"Manual\",$M44=$A$15)),0,\n         IF(OFFSET(CRONOPLE!$F$15,$M44-$A$15,BN$13)=\"\",10^12,OFFSET(CRONOPLE!$F$15,$M44-$A$15,BN$13)))","v":1000000000000},{"$f":"IF(OR($D44<>\"Serviço\",AND(AUTOEVENTO=\"Manual\",$M44=$A$15)),0,\n         IF(OFFSET(CRONOPLE!$F$15,$M44-$A$15,BO$13)=\"\",10^12,OFFSET(CRONOPLE!$F$15,$M44-$A$15,BO$13)))","v":1000000000000},{"$f":"IF(OR($D44<>\"Serviço\",AND(AUTOEVENTO=\"Manual\",$M44=$A$15)),0,\n         IF(OFFSET(CRONOPLE!$F$15,$M44-$A$15,BP$13)=\"\",10^12,OFFSET(CRONOPLE!$F$15,$M44-$A$15,BP$13)))","v":1000000000000},{"$f":"IF(OR($D44<>\"Serviço\",AND(AUTOEVENTO=\"Manual\",$M44=$A$15)),0,\n         IF(OFFSET(CRONOPLE!$F$15,$M44-$A$15,BQ$13)=\"\",10^12,OFFSET(CRONOPLE!$F$15,$M44-$A$15,BQ$13)))","v":1000000000000},{"$f":"IF(OR($D44<>\"Serviço\",AND(AUTOEVENTO=\"Manual\",$M44=$A$15)),0,\n         IF(OFFSET(CRONOPLE!$F$15,$M44-$A$15,BR$13)=\"\",10^12,OFFSET(CRONOPLE!$F$15,$M44-$A$15,BR$13)))","v":1000000000000},{"$f":"IF(OR($D44<>\"Serviço\",AND(AUTOEVENTO=\"Manual\",$M44=$A$15)),0,\n         IF(OFFSET(CRONOPLE!$F$15,$M44-$A$15,BS$13)=\"\",10^12,OFFSET(CRONOPLE!$F$15,$M44-$A$15,BS$13)))","v":1000000000000},{"$f":"IF(OR($D44<>\"Serviço\",AND(AUTOEVENTO=\"Manual\",$M44=$A$15)),0,\n         IF(OFFSET(CRONOPLE!$F$15,$M44-$A$15,BT$13)=\"\",10^12,OFFSET(CRONOPLE!$F$15,$M44-$A$15,BT$13)))","v":1000000000000},null,{"$f":"IF(OR($D44<>\"Serviço\",AND(AUTOEVENTO=\"Manual\",$M44=$A$15),$M44>(ROW(PLE.lastrow)-ROW(PLE.firstrow))),0,\n           IF(OFFSET(PLE!$G$15,$M44-$A$15,BV$13)=\"\",10^12,OFFSET(PLE!$G$15,$M44-$A$15,BV$13)))","v":1000000000000},{"$f":"IF(OR($D44<>\"Serviço\",AND(AUTOEVENTO=\"Manual\",$M44=$A$15),$M44>(ROW(PLE.lastrow)-ROW(PLE.firstrow))),0,\n           IF(OFFSET(PLE!$G$15,$M44-$A$15,BW$13)=\"\",10^12,OFFSET(PLE!$G$15,$M44-$A$15,BW$13)))","v":1000000000000},{"$f":"IF(OR($D44<>\"Serviço\",AND(AUTOEVENTO=\"Manual\",$M44=$A$15),$M44>(ROW(PLE.lastrow)-ROW(PLE.firstrow))),0,\n           IF(OFFSET(PLE!$G$15,$M44-$A$15,BX$13)=\"\",10^12,OFFSET(PLE!$G$15,$M44-$A$15,BX$13)))","v":1000000000000},{"$f":"IF(OR($D44<>\"Serviço\",AND(AUTOEVENTO=\"Manual\",$M44=$A$15),$M44>(ROW(PLE.lastrow)-ROW(PLE.firstrow))),0,\n           IF(OFFSET(PLE!$G$15,$M44-$A$15,BY$13)=\"\",10^12,OFFSET(PLE!$G$15,$M44-$A$15,BY$13)))","v":1000000000000},{"$f":"IF(OR($D44<>\"Serviço\",AND(AUTOEVENTO=\"Manual\",$M44=$A$15),$M44>(ROW(PLE.lastrow)-ROW(PLE.firstrow))),0,\n           IF(OFFSET(PLE!$G$15,$M44-$A$15,BZ$13)=\"\",10^12,OFFSET(PLE!$G$15,$M44-$A$15,BZ$13)))","v":1000000000000},{"$f":"IF(OR($D44<>\"Serviço\",AND(AUTOEVENTO=\"Manual\",$M44=$A$15),$M44>(ROW(PLE.lastrow)-ROW(PLE.firstrow))),0,\n           IF(OFFSET(PLE!$G$15,$M44-$A$15,CA$13)=\"\",10^12,OFFSET(PLE!$G$15,$M44-$A$15,CA$13)))","v":1000000000000},{"$f":"IF(OR($D44<>\"Serviço\",AND(AUTOEVENTO=\"Manual\",$M44=$A$15),$M44>(ROW(PLE.lastrow)-ROW(PLE.firstrow))),0,\n           IF(OFFSET(PLE!$G$15,$M44-$A$15,CB$13)=\"\",10^12,OFFSET(PLE!$G$15,$M44-$A$15,CB$13)))","v":1000000000000},{"$f":"IF(OR($D44<>\"Serviço\",AND(AUTOEVENTO=\"Manual\",$M44=$A$15),$M44>(ROW(PLE.lastrow)-ROW(PLE.firstrow))),0,\n           IF(OFFSET(PLE!$G$15,$M44-$A$15,CC$13)=\"\",10^12,OFFSET(PLE!$G$15,$M44-$A$15,CC$13)))","v":1000000000000},{"$f":"IF(OR($D44<>\"Serviço\",AND(AUTOEVENTO=\"Manual\",$M44=$A$15),$M44>(ROW(PLE.lastrow)-ROW(PLE.firstrow))),0,\n           IF(OFFSET(PLE!$G$15,$M44-$A$15,CD$13)=\"\",10^12,OFFSET(PLE!$G$15,$M44-$A$15,CD$13)))","v":1000000000000},{"$f":"IF(OR($D44<>\"Serviço\",AND(AUTOEVENTO=\"Manual\",$M44=$A$15),$M44>(ROW(PLE.lastrow)-ROW(PLE.firstrow))),0,\n           IF(OFFSET(PLE!$G$15,$M44-$A$15,CE$13)=\"\",10^12,OFFSET(PLE!$G$15,$M44-$A$15,CE$13)))","v":1000000000000},{"$f":"IF(OR($D44<>\"Serviço\",AND(AUTOEVENTO=\"Manual\",$M44=$A$15),$M44>(ROW(PLE.lastrow)-ROW(PLE.firstrow))),0,\n           IF(OFFSET(PLE!$G$15,$M44-$A$15,CF$13)=\"\",10^12,OFFSET(PLE!$G$15,$M44-$A$15,CF$13)))","v":1000000000000},{"$f":"IF(OR($D44<>\"Serviço\",AND(AUTOEVENTO=\"Manual\",$M44=$A$15),$M44>(ROW(PLE.lastrow)-ROW(PLE.firstrow))),0,\n           IF(OFFSET(PLE!$G$15,$M44-$A$15,CG$13)=\"\",10^12,OFFSET(PLE!$G$15,$M44-$A$15,CG$13)))","v":1000000000000},{"$f":"IF(OR($D44<>\"Serviço\",AND(AUTOEVENTO=\"Manual\",$M44=$A$15),$M44>(ROW(PLE.lastrow)-ROW(PLE.firstrow))),0,\n           IF(OFFSET(PLE!$G$15,$M44-$A$15,CH$13)=\"\",10^12,OFFSET(PLE!$G$15,$M44-$A$15,CH$13)))","v":1000000000000},{"$f":"IF(OR($D44<>\"Serviço\",AND(AUTOEVENTO=\"Manual\",$M44=$A$15),$M44>(ROW(PLE.lastrow)-ROW(PLE.firstrow))),0,\n           IF(OFFSET(PLE!$G$15,$M44-$A$15,CI$13)=\"\",10^12,OFFSET(PLE!$G$15,$M44-$A$15,CI$13)))","v":1000000000000},{"$f":"IF(OR($D44<>\"Serviço\",AND(AUTOEVENTO=\"Manual\",$M44=$A$15),$M44>(ROW(PLE.lastrow)-ROW(PLE.firstrow))),0,\n           IF(OFFSET(PLE!$G$15,$M44-$A$15,CJ$13)=\"\",10^12,OFFSET(PLE!$G$15,$M44-$A$15,CJ$13)))","v":1000000000000},{"$f":"IF(OR($D44<>\"Serviço\",AND(AUTOEVENTO=\"Manual\",$M44=$A$15),$M44>(ROW(PLE.lastrow)-ROW(PLE.firstrow))),0,\n           IF(OFFSET(PLE!$G$15,$M44-$A$15,CK$13)=\"\",10^12,OFFSET(PLE!$G$15,$M44-$A$15,CK$13)))","v":1000000000000},{"$f":"IF(OR($D44<>\"Serviço\",AND(AUTOEVENTO=\"Manual\",$M44=$A$15),$M44>(ROW(PLE.lastrow)-ROW(PLE.firstrow))),0,\n           IF(OFFSET(PLE!$G$15,$M44-$A$15,CL$13)=\"\",10^12,OFFSET(PLE!$G$15,$M44-$A$15,CL$13)))","v":1000000000000},{"$f":"IF(OR($D44<>\"Serviço\",AND(AUTOEVENTO=\"Manual\",$M44=$A$15),$M44>(ROW(PLE.lastrow)-ROW(PLE.firstrow))),0,\n           IF(OFFSET(PLE!$G$15,$M44-$A$15,CM$13)=\"\",10^12,OFFSET(PLE!$G$15,$M44-$A$15,CM$13)))","v":1000000000000}]
[2,{"$f":"OFFSET(ORÇAMENTO!C$15,ROW(B45)-ROW(B$15),0)","v":"S"},{"$f":"OFFSET(ORÇAMENTO!L$15,ROW(C45)-ROW(C$15),0)","v":"F"},{"$f":"OFFSET(ORÇAMENTO!N$15,ROW(D45)-ROW(D$15),0)","v":"Serviço"},{"$f":"OFFSET(ORÇAMENTO!O$15,ROW(E45)-ROW(E$15),0)","v":"1.3.9."},{"$f":"OFFSET(ORÇAMENTO!R$15,ROW(F45)-ROW(F$15),0)","v":"PV-1 - Poço-de-visita 2,32x2,32m, em alv. de bloco estrutural, rev. int. com argam.  1:3, lastro de brita 12cm, berço 18cm em conc. fck = 15 MPa, laje de 12cm em conc. armado fck = 20 MPa, incl. forma, escav. manual e reat. apiloado. Excl. pescoço e tampão"},{"$f":"IF($D45<>\"Serviço\",\"\",OFFSET(ORÇAMENTO!S$15,ROW(G45)-ROW(G$15),0))","v":"UN"},{"$f":"IF($D45<>\"Serviço\",0,IF(ACOMPANHAMENTO=\"BM\",ROUND(OFFSET(ORÇAMENTO!AJ$15,ROW(H45)-ROW(H$15),0),15-13*ORÇAMENTO!$AF$7),SUMPRODUCT(($Q$1:$AI$1=1)*ROUND($Q45:$AI45,15-13*ORÇAMENTO!$AF$7))))","v":7},null,{"$f":"IF(B45<>\"S\",\"\",IF(AND(ACOMPANHAMENTO=\"PLE\",AUTOEVENTO=\"Manual\",OR(H45>0,ORÇAMENTO!AC45=\"QUANT.\"),OR(K45=\"\",M45=0,N45=\"\")),\"►\",IF(AND(ACOMPANHAMENTO=\"PLE\",ORÇAMENTO!AC45=\"QUANT.\"),\"►►\",IF(AND(COUNTIF($P$11:$AI$11,\"▼\")=0,H45>0,I45=\"\"),\"◄\",\"\"))))","v":"◄"},"2. DRENAGEM DE ÁGUAS PLUVIAIS",".",{"$f":"IF($D45<>\"Serviço\",\"\",\n          IF(AUTOEVENTO=\"manual\",$A45,\n                IF(ISERROR(MATCH($A45,$A$15:OFFSET($A45,-1,0),0)),MAX($M$15:OFFSET(M45,-1,0))+1,\n                      INDEX($M$15:OFFSET(M45,-1,0),MATCH($A45,$A$15:OFFSET($A45,-1,0),0)))))","v":2},{"$f":"IF($D45<>\"Serviço\",\"\",\n         IF(AUTOEVENTO=\"Manual\",\n                IF($A45=0,\"<-- defina o número do agrupador\",\n                       OFFSET(EVENTOS!$D$15,$A45-$A$15,0)),\n                OFFSET($F$15,$A45,0)))","v":"DRENAGEM DE ÁGUAS PLUVIAIS"},null,null,11,null,null,null,null,null,null,null,null,null,null,null,null,null,null,null,null,null,null,{"$f":"IF(AND($D45=\"Serviço\",AJ$12<>0,$H45>0,OR(AUTOEVENTO<>\"manual\",$M45<>$A$15)),\n        IF(Import.TipoArredondamento<>\"TransfereGOV\",\n              ROUND(OFFSET($P45,0,AJ$13),15-13*ORÇAMENTO!$AF$7)/$H45*OFFSET(ORÇAMENTO!$X$15,ROW(AJ45)-ROW(AJ$15),0),\n              ROUND(ROUND(OFFSET($P45,0,AJ$13),15-13*ORÇAMENTO!$AF$7)*OFFSET(ORÇAMENTO!$W$15,ROW(AJ45)-ROW(AJ$15),0),15-13*ORÇAMENTO!$AF$11)),\n         0)","v":0},{"$f":"IF(AND($D45=\"Serviço\",AK$12<>0,$H45>0,OR(AUTOEVENTO<>\"manual\",$M45<>$A$15)),\n        IF(Import.TipoArredondamento<>\"TransfereGOV\",\n              ROUND(OFFSET($P45,0,AK$13),15-13*ORÇAMENTO!$AF$7)/$H45*OFFSET(ORÇAMENTO!$X$15,ROW(AK45)-ROW(AK$15),0),\n              ROUND(ROUND(OFFSET($P45,0,AK$13),15-13*ORÇAMENTO!$AF$7)*OFFSET(ORÇAMENTO!$W$15,ROW(AK45)-ROW(AK$15),0),15-13*ORÇAMENTO!$AF$11)),\n         0)","v":0},{"$f":"IF(AND($D45=\"Serviço\",AL$12<>0,$H45>0,OR(AUTOEVENTO<>\"manual\",$M45<>$A$15)),\n        IF(Import.TipoArredondamento<>\"TransfereGOV\",\n              ROUND(OFFSET($P45,0,AL$13),15-13*ORÇAMENTO!$AF$7)/$H45*OFFSET(ORÇAMENTO!$X$15,ROW(AL45)-ROW(AL$15),0),\n              ROUND(ROUND(OFFSET($P45,0,AL$13),15-13*ORÇAMENTO!$AF$7)*OFFSET(ORÇAMENTO!$W$15,ROW(AL45)-ROW(AL$15),0),15-13*ORÇAMENTO!$AF$11)),\n         0)","v":0},{"$f":"IF(AND($D45=\"Serviço\",AM$12<>0,$H45>0,OR(AUTOEVENTO<>\"manual\",$M45<>$A$15)),\n        IF(Import.TipoArredondamento<>\"TransfereGOV\",\n              ROUND(OFFSET($P45,0,AM$13),15-13*ORÇAMENTO!$AF$7)/$H45*OFFSET(ORÇAMENTO!$X$15,ROW(AM45)-ROW(AM$15),0),\n              ROUND(ROUND(OFFSET($P45,0,AM$13),15-13*ORÇAMENTO!$AF$7)*OFFSET(ORÇAMENTO!$W$15,ROW(AM45)-ROW(AM$15),0),15-13*ORÇAMENTO!$AF$11)),\n         0)","v":0},{"$f":"IF(AND($D45=\"Serviço\",AN$12<>0,$H45>0,OR(AUTOEVENTO<>\"manual\",$M45<>$A$15)),\n        IF(Import.TipoArredondamento<>\"TransfereGOV\",\n              ROUND(OFFSET($P45,0,AN$13),15-13*ORÇAMENTO!$AF$7)/$H45*OFFSET(ORÇAMENTO!$X$15,ROW(AN45)-ROW(AN$15),0),\n              ROUND(ROUND(OFFSET($P45,0,AN$13),15-13*ORÇAMENTO!$AF$7)*OFFSET(ORÇAMENTO!$W$15,ROW(AN45)-ROW(AN$15),0),15-13*ORÇAMENTO!$AF$11)),\n         0)","v":0},{"$f":"IF(AND($D45=\"Serviço\",AO$12<>0,$H45>0,OR(AUTOEVENTO<>\"manual\",$M45<>$A$15)),\n        IF(Import.TipoArredondamento<>\"TransfereGOV\",\n              ROUND(OFFSET($P45,0,AO$13),15-13*ORÇAMENTO!$AF$7)/$H45*OFFSET(ORÇAMENTO!$X$15,ROW(AO45)-ROW(AO$15),0),\n              ROUND(ROUND(OFFSET($P45,0,AO$13),15-13*ORÇAMENTO!$AF$7)*OFFSET(ORÇAMENTO!$W$15,ROW(AO45)-ROW(AO$15),0),15-13*ORÇAMENTO!$AF$11)),\n         0)","v":0},{"$f":"IF(AND($D45=\"Serviço\",AP$12<>0,$H45>0,OR(AUTOEVENTO<>\"manual\",$M45<>$A$15)),\n        IF(Import.TipoArredondamento<>\"TransfereGOV\",\n              ROUND(OFFSET($P45,0,AP$13),15-13*ORÇAMENTO!$AF$7)/$H45*OFFSET(ORÇAMENTO!$X$15,ROW(AP45)-ROW(AP$15),0),\n              ROUND(ROUND(OFFSET($P45,0,AP$13),15-13*ORÇAMENTO!$AF$7)*OFFSET(ORÇAMENTO!$W$15,ROW(AP45)-ROW(AP$15),0),15-13*ORÇAMENTO!$AF$11)),\n         0)","v":0},{"$f":"IF(AND($D45=\"Serviço\",AQ$12<>0,$H45>0,OR(AUTOEVENTO<>\"manual\",$M45<>$A$15)),\n        IF(Import.TipoArredondamento<>\"TransfereGOV\",\n              ROUND(OFFSET($P45,0,AQ$13),15-13*ORÇAMENTO!$AF$7)/$H45*OFFSET(ORÇAMENTO!$X$15,ROW(AQ45)-ROW(AQ$15),0),\n              ROUND(ROUND(OFFSET($P45,0,AQ$13),15-13*ORÇAMENTO!$AF$7)*OFFSET(ORÇAMENTO!$W$15,ROW(AQ45)-ROW(AQ$15),0),15-13*ORÇAMENTO!$AF$11)),\n         0)","v":0},{"$f":"IF(AND($D45=\"Serviço\",AR$12<>0,$H45>0,OR(AUTOEVENTO<>\"manual\",$M45<>$A$15)),\n        IF(Import.TipoArredondamento<>\"TransfereGOV\",\n              ROUND(OFFSET($P45,0,AR$13),15-13*ORÇAMENTO!$AF$7)/$H45*OFFSET(ORÇAMENTO!$X$15,ROW(AR45)-ROW(AR$15),0),\n              ROUND(ROUND(OFFSET($P45,0,AR$13),15-13*ORÇAMENTO!$AF$7)*OFFSET(ORÇAMENTO!$W$15,ROW(AR45)-ROW(AR$15),0),15-13*ORÇAMENTO!$AF$11)),\n         0)","v":0},{"$f":"IF(AND($D45=\"Serviço\",AS$12<>0,$H45>0,OR(AUTOEVENTO<>\"manual\",$M45<>$A$15)),\n        IF(Import.TipoArredondamento<>\"TransfereGOV\",\n              ROUND(OFFSET($P45,0,AS$13),15-13*ORÇAMENTO!$AF$7)/$H45*OFFSET(ORÇAMENTO!$X$15,ROW(AS45)-ROW(AS$15),0),\n              ROUND(ROUND(OFFSET($P45,0,AS$13),15-13*ORÇAMENTO!$AF$7)*OFFSET(ORÇAMENTO!$W$15,ROW(AS45)-ROW(AS$15),0),15-13*ORÇAMENTO!$AF$11)),\n         0)","v":0},{"$f":"IF(AND($D45=\"Serviço\",AT$12<>0,$H45>0,OR(AUTOEVENTO<>\"manual\",$M45<>$A$15)),\n        IF(Import.TipoArredondamento<>\"TransfereGOV\",\n              ROUND(OFFSET($P45,0,AT$13),15-13*ORÇAMENTO!$AF$7)/$H45*OFFSET(ORÇAMENTO!$X$15,ROW(AT45)-ROW(AT$15),0),\n              ROUND(ROUND(OFFSET($P45,0,AT$13),15-13*ORÇAMENTO!$AF$7)*OFFSET(ORÇAMENTO!$W$15,ROW(AT45)-ROW(AT$15),0),15-13*ORÇAMENTO!$AF$11)),\n         0)","v":0},{"$f":"IF(AND($D45=\"Serviço\",AU$12<>0,$H45>0,OR(AUTOEVENTO<>\"manual\",$M45<>$A$15)),\n        IF(Import.TipoArredondamento<>\"TransfereGOV\",\n              ROUND(OFFSET($P45,0,AU$13),15-13*ORÇAMENTO!$AF$7)/$H45*OFFSET(ORÇAMENTO!$X$15,ROW(AU45)-ROW(AU$15),0),\n              ROUND(ROUND(OFFSET($P45,0,AU$13),15-13*ORÇAMENTO!$AF$7)*OFFSET(ORÇAMENTO!$W$15,ROW(AU45)-ROW(AU$15),0),15-13*ORÇAMENTO!$AF$11)),\n         0)","v":0},{"$f":"IF(AND($D45=\"Serviço\",AV$12<>0,$H45>0,OR(AUTOEVENTO<>\"manual\",$M45<>$A$15)),\n        IF(Import.TipoArredondamento<>\"TransfereGOV\",\n              ROUND(OFFSET($P45,0,AV$13),15-13*ORÇAMENTO!$AF$7)/$H45*OFFSET(ORÇAMENTO!$X$15,ROW(AV45)-ROW(AV$15),0),\n              ROUND(ROUND(OFFSET($P45,0,AV$13),15-13*ORÇAMENTO!$AF$7)*OFFSET(ORÇAMENTO!$W$15,ROW(AV45)-ROW(AV$15),0),15-13*ORÇAMENTO!$AF$11)),\n         0)","v":0},{"$f":"IF(AND($D45=\"Serviço\",AW$12<>0,$H45>0,OR(AUTOEVENTO<>\"manual\",$M45<>$A$15)),\n        IF(Import.TipoArredondamento<>\"TransfereGOV\",\n              ROUND(OFFSET($P45,0,AW$13),15-13*ORÇAMENTO!$AF$7)/$H45*OFFSET(ORÇAMENTO!$X$15,ROW(AW45)-ROW(AW$15),0),\n              ROUND(ROUND(OFFSET($P45,0,AW$13),15-13*ORÇAMENTO!$AF$7)*OFFSET(ORÇAMENTO!$W$15,ROW(AW45)-ROW(AW$15),0),15-13*ORÇAMENTO!$AF$11)),\n         0)","v":0},{"$f":"IF(AND($D45=\"Serviço\",AX$12<>0,$H45>0,OR(AUTOEVENTO<>\"manual\",$M45<>$A$15)),\n        IF(Import.TipoArredondamento<>\"TransfereGOV\",\n              ROUND(OFFSET($P45,0,AX$13),15-13*ORÇAMENTO!$AF$7)/$H45*OFFSET(ORÇAMENTO!$X$15,ROW(AX45)-ROW(AX$15),0),\n              ROUND(ROUND(OFFSET($P45,0,AX$13),15-13*ORÇAMENTO!$AF$7)*OFFSET(ORÇAMENTO!$W$15,ROW(AX45)-ROW(AX$15),0),15-13*ORÇAMENTO!$AF$11)),\n         0)","v":0},{"$f":"IF(AND($D45=\"Serviço\",AY$12<>0,$H45>0,OR(AUTOEVENTO<>\"manual\",$M45<>$A$15)),\n        IF(Import.TipoArredondamento<>\"TransfereGOV\",\n              ROUND(OFFSET($P45,0,AY$13),15-13*ORÇAMENTO!$AF$7)/$H45*OFFSET(ORÇAMENTO!$X$15,ROW(AY45)-ROW(AY$15),0),\n              ROUND(ROUND(OFFSET($P45,0,AY$13),15-13*ORÇAMENTO!$AF$7)*OFFSET(ORÇAMENTO!$W$15,ROW(AY45)-ROW(AY$15),0),15-13*ORÇAMENTO!$AF$11)),\n         0)","v":0},{"$f":"IF(AND($D45=\"Serviço\",AZ$12<>0,$H45>0,OR(AUTOEVENTO<>\"manual\",$M45<>$A$15)),\n        IF(Import.TipoArredondamento<>\"TransfereGOV\",\n              ROUND(OFFSET($P45,0,AZ$13),15-13*ORÇAMENTO!$AF$7)/$H45*OFFSET(ORÇAMENTO!$X$15,ROW(AZ45)-ROW(AZ$15),0),\n              ROUND(ROUND(OFFSET($P45,0,AZ$13),15-13*ORÇAMENTO!$AF$7)*OFFSET(ORÇAMENTO!$W$15,ROW(AZ45)-ROW(AZ$15),0),15-13*ORÇAMENTO!$AF$11)),\n         0)","v":0},{"$f":"IF(AND($D45=\"Serviço\",BA$12<>0,$H45>0,OR(AUTOEVENTO<>\"manual\",$M45<>$A$15)),\n        IF(Import.TipoArredondamento<>\"TransfereGOV\",\n              ROUND(OFFSET($P45,0,BA$13),15-13*ORÇAMENTO!$AF$7)/$H45*OFFSET(ORÇAMENTO!$X$15,ROW(BA45)-ROW(BA$15),0),\n              ROUND(ROUND(OFFSET($P45,0,BA$13),15-13*ORÇAMENTO!$AF$7)*OFFSET(ORÇAMENTO!$W$15,ROW(BA45)-ROW(BA$15),0),15-13*ORÇAMENTO!$AF$11)),\n         0)","v":0},null,{"$f":"IF(OR($D45<>\"Serviço\",AND(AUTOEVENTO=\"Manual\",$M45=$A$15)),0,\n         IF(OFFSET(CRONOPLE!$F$15,$M45-$A$15,BC$13)=\"\",10^12,OFFSET(CRONOPLE!$F$15,$M45-$A$15,BC$13)))","v":1},{"$f":"IF(OR($D45<>\"Serviço\",AND(AUTOEVENTO=\"Manual\",$M45=$A$15)),0,\n         IF(OFFSET(CRONOPLE!$F$15,$M45-$A$15,BD$13)=\"\",10^12,OFFSET(CRONOPLE!$F$15,$M45-$A$15,BD$13)))","v":1000000000000},{"$f":"IF(OR($D45<>\"Serviço\",AND(AUTOEVENTO=\"Manual\",$M45=$A$15)),0,\n         IF(OFFSET(CRONOPLE!$F$15,$M45-$A$15,BE$13)=\"\",10^12,OFFSET(CRONOPLE!$F$15,$M45-$A$15,BE$13)))","v":1000000000000},{"$f":"IF(OR($D45<>\"Serviço\",AND(AUTOEVENTO=\"Manual\",$M45=$A$15)),0,\n         IF(OFFSET(CRONOPLE!$F$15,$M45-$A$15,BF$13)=\"\",10^12,OFFSET(CRONOPLE!$F$15,$M45-$A$15,BF$13)))","v":1000000000000},{"$f":"IF(OR($D45<>\"Serviço\",AND(AUTOEVENTO=\"Manual\",$M45=$A$15)),0,\n         IF(OFFSET(CRONOPLE!$F$15,$M45-$A$15,BG$13)=\"\",10^12,OFFSET(CRONOPLE!$F$15,$M45-$A$15,BG$13)))","v":1000000000000},{"$f":"IF(OR($D45<>\"Serviço\",AND(AUTOEVENTO=\"Manual\",$M45=$A$15)),0,\n         IF(OFFSET(CRONOPLE!$F$15,$M45-$A$15,BH$13)=\"\",10^12,OFFSET(CRONOPLE!$F$15,$M45-$A$15,BH$13)))","v":1000000000000},{"$f":"IF(OR($D45<>\"Serviço\",AND(AUTOEVENTO=\"Manual\",$M45=$A$15)),0,\n         IF(OFFSET(CRONOPLE!$F$15,$M45-$A$15,BI$13)=\"\",10^12,OFFSET(CRONOPLE!$F$15,$M45-$A$15,BI$13)))","v":1000000000000},{"$f":"IF(OR($D45<>\"Serviço\",AND(AUTOEVENTO=\"Manual\",$M45=$A$15)),0,\n         IF(OFFSET(CRONOPLE!$F$15,$M45-$A$15,BJ$13)=\"\",10^12,OFFSET(CRONOPLE!$F$15,$M45-$A$15,BJ$13)))","v":1000000000000},{"$f":"IF(OR($D45<>\"Serviço\",AND(AUTOEVENTO=\"Manual\",$M45=$A$15)),0,\n         IF(OFFSET(CRONOPLE!$F$15,$M45-$A$15,BK$13)=\"\",10^12,OFFSET(CRONOPLE!$F$15,$M45-$A$15,BK$13)))","v":1000000000000},{"$f":"IF(OR($D45<>\"Serviço\",AND(AUTOEVENTO=\"Manual\",$M45=$A$15)),0,\n         IF(OFFSET(CRONOPLE!$F$15,$M45-$A$15,BL$13)=\"\",10^12,OFFSET(CRONOPLE!$F$15,$M45-$A$15,BL$13)))","v":1000000000000},{"$f":"IF(OR($D45<>\"Serviço\",AND(AUTOEVENTO=\"Manual\",$M45=$A$15)),0,\n         IF(OFFSET(CRONOPLE!$F$15,$M45-$A$15,BM$13)=\"\",10^12,OFFSET(CRONOPLE!$F$15,$M45-$A$15,BM$13)))","v":1000000000000},{"$f":"IF(OR($D45<>\"Serviço\",AND(AUTOEVENTO=\"Manual\",$M45=$A$15)),0,\n         IF(OFFSET(CRONOPLE!$F$15,$M45-$A$15,BN$13)=\"\",10^12,OFFSET(CRONOPLE!$F$15,$M45-$A$15,BN$13)))","v":1000000000000},{"$f":"IF(OR($D45<>\"Serviço\",AND(AUTOEVENTO=\"Manual\",$M45=$A$15)),0,\n         IF(OFFSET(CRONOPLE!$F$15,$M45-$A$15,BO$13)=\"\",10^12,OFFSET(CRONOPLE!$F$15,$M45-$A$15,BO$13)))","v":1000000000000},{"$f":"IF(OR($D45<>\"Serviço\",AND(AUTOEVENTO=\"Manual\",$M45=$A$15)),0,\n         IF(OFFSET(CRONOPLE!$F$15,$M45-$A$15,BP$13)=\"\",10^12,OFFSET(CRONOPLE!$F$15,$M45-$A$15,BP$13)))","v":1000000000000},{"$f":"IF(OR($D45<>\"Serviço\",AND(AUTOEVENTO=\"Manual\",$M45=$A$15)),0,\n         IF(OFFSET(CRONOPLE!$F$15,$M45-$A$15,BQ$13)=\"\",10^12,OFFSET(CRONOPLE!$F$15,$M45-$A$15,BQ$13)))","v":1000000000000},{"$f":"IF(OR($D45<>\"Serviço\",AND(AUTOEVENTO=\"Manual\",$M45=$A$15)),0,\n         IF(OFFSET(CRONOPLE!$F$15,$M45-$A$15,BR$13)=\"\",10^12,OFFSET(CRONOPLE!$F$15,$M45-$A$15,BR$13)))","v":1000000000000},{"$f":"IF(OR($D45<>\"Serviço\",AND(AUTOEVENTO=\"Manual\",$M45=$A$15)),0,\n         IF(OFFSET(CRONOPLE!$F$15,$M45-$A$15,BS$13)=\"\",10^12,OFFSET(CRONOPLE!$F$15,$M45-$A$15,BS$13)))","v":1000000000000},{"$f":"IF(OR($D45<>\"Serviço\",AND(AUTOEVENTO=\"Manual\",$M45=$A$15)),0,\n         IF(OFFSET(CRONOPLE!$F$15,$M45-$A$15,BT$13)=\"\",10^12,OFFSET(CRONOPLE!$F$15,$M45-$A$15,BT$13)))","v":1000000000000},null,{"$f":"IF(OR($D45<>\"Serviço\",AND(AUTOEVENTO=\"Manual\",$M45=$A$15),$M45>(ROW(PLE.lastrow)-ROW(PLE.firstrow))),0,\n           IF(OFFSET(PLE!$G$15,$M45-$A$15,BV$13)=\"\",10^12,OFFSET(PLE!$G$15,$M45-$A$15,BV$13)))","v":1000000000000},{"$f":"IF(OR($D45<>\"Serviço\",AND(AUTOEVENTO=\"Manual\",$M45=$A$15),$M45>(ROW(PLE.lastrow)-ROW(PLE.firstrow))),0,\n           IF(OFFSET(PLE!$G$15,$M45-$A$15,BW$13)=\"\",10^12,OFFSET(PLE!$G$15,$M45-$A$15,BW$13)))","v":1000000000000},{"$f":"IF(OR($D45<>\"Serviço\",AND(AUTOEVENTO=\"Manual\",$M45=$A$15),$M45>(ROW(PLE.lastrow)-ROW(PLE.firstrow))),0,\n           IF(OFFSET(PLE!$G$15,$M45-$A$15,BX$13)=\"\",10^12,OFFSET(PLE!$G$15,$M45-$A$15,BX$13)))","v":1000000000000},{"$f":"IF(OR($D45<>\"Serviço\",AND(AUTOEVENTO=\"Manual\",$M45=$A$15),$M45>(ROW(PLE.lastrow)-ROW(PLE.firstrow))),0,\n           IF(OFFSET(PLE!$G$15,$M45-$A$15,BY$13)=\"\",10^12,OFFSET(PLE!$G$15,$M45-$A$15,BY$13)))","v":1000000000000},{"$f":"IF(OR($D45<>\"Serviço\",AND(AUTOEVENTO=\"Manual\",$M45=$A$15),$M45>(ROW(PLE.lastrow)-ROW(PLE.firstrow))),0,\n           IF(OFFSET(PLE!$G$15,$M45-$A$15,BZ$13)=\"\",10^12,OFFSET(PLE!$G$15,$M45-$A$15,BZ$13)))","v":1000000000000},{"$f":"IF(OR($D45<>\"Serviço\",AND(AUTOEVENTO=\"Manual\",$M45=$A$15),$M45>(ROW(PLE.lastrow)-ROW(PLE.firstrow))),0,\n           IF(OFFSET(PLE!$G$15,$M45-$A$15,CA$13)=\"\",10^12,OFFSET(PLE!$G$15,$M45-$A$15,CA$13)))","v":1000000000000},{"$f":"IF(OR($D45<>\"Serviço\",AND(AUTOEVENTO=\"Manual\",$M45=$A$15),$M45>(ROW(PLE.lastrow)-ROW(PLE.firstrow))),0,\n           IF(OFFSET(PLE!$G$15,$M45-$A$15,CB$13)=\"\",10^12,OFFSET(PLE!$G$15,$M45-$A$15,CB$13)))","v":1000000000000},{"$f":"IF(OR($D45<>\"Serviço\",AND(AUTOEVENTO=\"Manual\",$M45=$A$15),$M45>(ROW(PLE.lastrow)-ROW(PLE.firstrow))),0,\n           IF(OFFSET(PLE!$G$15,$M45-$A$15,CC$13)=\"\",10^12,OFFSET(PLE!$G$15,$M45-$A$15,CC$13)))","v":1000000000000},{"$f":"IF(OR($D45<>\"Serviço\",AND(AUTOEVENTO=\"Manual\",$M45=$A$15),$M45>(ROW(PLE.lastrow)-ROW(PLE.firstrow))),0,\n           IF(OFFSET(PLE!$G$15,$M45-$A$15,CD$13)=\"\",10^12,OFFSET(PLE!$G$15,$M45-$A$15,CD$13)))","v":1000000000000},{"$f":"IF(OR($D45<>\"Serviço\",AND(AUTOEVENTO=\"Manual\",$M45=$A$15),$M45>(ROW(PLE.lastrow)-ROW(PLE.firstrow))),0,\n           IF(OFFSET(PLE!$G$15,$M45-$A$15,CE$13)=\"\",10^12,OFFSET(PLE!$G$15,$M45-$A$15,CE$13)))","v":1000000000000},{"$f":"IF(OR($D45<>\"Serviço\",AND(AUTOEVENTO=\"Manual\",$M45=$A$15),$M45>(ROW(PLE.lastrow)-ROW(PLE.firstrow))),0,\n           IF(OFFSET(PLE!$G$15,$M45-$A$15,CF$13)=\"\",10^12,OFFSET(PLE!$G$15,$M45-$A$15,CF$13)))","v":1000000000000},{"$f":"IF(OR($D45<>\"Serviço\",AND(AUTOEVENTO=\"Manual\",$M45=$A$15),$M45>(ROW(PLE.lastrow)-ROW(PLE.firstrow))),0,\n           IF(OFFSET(PLE!$G$15,$M45-$A$15,CG$13)=\"\",10^12,OFFSET(PLE!$G$15,$M45-$A$15,CG$13)))","v":1000000000000},{"$f":"IF(OR($D45<>\"Serviço\",AND(AUTOEVENTO=\"Manual\",$M45=$A$15),$M45>(ROW(PLE.lastrow)-ROW(PLE.firstrow))),0,\n           IF(OFFSET(PLE!$G$15,$M45-$A$15,CH$13)=\"\",10^12,OFFSET(PLE!$G$15,$M45-$A$15,CH$13)))","v":1000000000000},{"$f":"IF(OR($D45<>\"Serviço\",AND(AUTOEVENTO=\"Manual\",$M45=$A$15),$M45>(ROW(PLE.lastrow)-ROW(PLE.firstrow))),0,\n           IF(OFFSET(PLE!$G$15,$M45-$A$15,CI$13)=\"\",10^12,OFFSET(PLE!$G$15,$M45-$A$15,CI$13)))","v":1000000000000},{"$f":"IF(OR($D45<>\"Serviço\",AND(AUTOEVENTO=\"Manual\",$M45=$A$15),$M45>(ROW(PLE.lastrow)-ROW(PLE.firstrow))),0,\n           IF(OFFSET(PLE!$G$15,$M45-$A$15,CJ$13)=\"\",10^12,OFFSET(PLE!$G$15,$M45-$A$15,CJ$13)))","v":1000000000000},{"$f":"IF(OR($D45<>\"Serviço\",AND(AUTOEVENTO=\"Manual\",$M45=$A$15),$M45>(ROW(PLE.lastrow)-ROW(PLE.firstrow))),0,\n           IF(OFFSET(PLE!$G$15,$M45-$A$15,CK$13)=\"\",10^12,OFFSET(PLE!$G$15,$M45-$A$15,CK$13)))","v":1000000000000},{"$f":"IF(OR($D45<>\"Serviço\",AND(AUTOEVENTO=\"Manual\",$M45=$A$15),$M45>(ROW(PLE.lastrow)-ROW(PLE.firstrow))),0,\n           IF(OFFSET(PLE!$G$15,$M45-$A$15,CL$13)=\"\",10^12,OFFSET(PLE!$G$15,$M45-$A$15,CL$13)))","v":1000000000000},{"$f":"IF(OR($D45<>\"Serviço\",AND(AUTOEVENTO=\"Manual\",$M45=$A$15),$M45>(ROW(PLE.lastrow)-ROW(PLE.firstrow))),0,\n           IF(OFFSET(PLE!$G$15,$M45-$A$15,CM$13)=\"\",10^12,OFFSET(PLE!$G$15,$M45-$A$15,CM$13)))","v":1000000000000}]
[2,{"$f":"OFFSET(ORÇAMENTO!C$15,ROW(B46)-ROW(B$15),0)","v":"S"},{"$f":"OFFSET(ORÇAMENTO!L$15,ROW(C46)-ROW(C$15),0)","v":"F"},{"$f":"OFFSET(ORÇAMENTO!N$15,ROW(D46)-ROW(D$15),0)","v":"Serviço"},{"$f":"OFFSET(ORÇAMENTO!O$15,ROW(E46)-ROW(E$15),0)","v":"1.3.10."},{"$f":"OFFSET(ORÇAMENTO!R$15,ROW(F46)-ROW(F$15),0)","v":"TAMPAO FOFO SIMPLES COM BASE / REQUADRO, CLASSE B125 CARGA MAX. 12,5 T, REDONDO, TAMPA 600 MM (COM INSCRICAO EM RELEVO DO TIPO DE REDE)"},{"$f":"IF($D46<>\"Serviço\",\"\",OFFSET(ORÇAMENTO!S$15,ROW(G46)-ROW(G$15),0))","v":"UN"},{"$f":"IF($D46<>\"Serviço\",0,IF(ACOMPANHAMENTO=\"BM\",ROUND(OFFSET(ORÇAMENTO!AJ$15,ROW(H46)-ROW(H$15),0),15-13*ORÇAMENTO!$AF$7),SUMPRODUCT(($Q$1:$AI$1=1)*ROUND($Q46:$AI46,15-13*ORÇAMENTO!$AF$7))))","v":7},null,{"$f":"IF(B46<>\"S\",\"\",IF(AND(ACOMPANHAMENTO=\"PLE\",AUTOEVENTO=\"Manual\",OR(H46>0,ORÇAMENTO!AC46=\"QUANT.\"),OR(K46=\"\",M46=0,N46=\"\")),\"►\",IF(AND(ACOMPANHAMENTO=\"PLE\",ORÇAMENTO!AC46=\"QUANT.\"),\"►►\",IF(AND(COUNTIF($P$11:$AI$11,\"▼\")=0,H46>0,I46=\"\"),\"◄\",\"\"))))","v":"◄"},"2. DRENAGEM DE ÁGUAS PLUVIAIS",".",{"$f":"IF($D46<>\"Serviço\",\"\",\n          IF(AUTOEVENTO=\"manual\",$A46,\n                IF(ISERROR(MATCH($A46,$A$15:OFFSET($A46,-1,0),0)),MAX($M$15:OFFSET(M46,-1,0))+1,\n                      INDEX($M$15:OFFSET(M46,-1,0),MATCH($A46,$A$15:OFFSET($A46,-1,0),0)))))","v":2},{"$f":"IF($D46<>\"Serviço\",\"\",\n         IF(AUTOEVENTO=\"Manual\",\n                IF($A46=0,\"<-- defina o número do agrupador\",\n                       OFFSET(EVENTOS!$D$15,$A46-$A$15,0)),\n                OFFSET($F$15,$A46,0)))","v":"DRENAGEM DE ÁGUAS PLUVIAIS"},null,null,11,null,null,null,null,null,null,null,null,null,null,null,null,null,null,null,null,null,null,{"$f":"IF(AND($D46=\"Serviço\",AJ$12<>0,$H46>0,OR(AUTOEVENTO<>\"manual\",$M46<>$A$15)),\n        IF(Import.TipoArredondamento<>\"TransfereGOV\",\n              ROUND(OFFSET($P46,0,AJ$13),15-13*ORÇAMENTO!$AF$7)/$H46*OFFSET(ORÇAMENTO!$X$15,ROW(AJ46)-ROW(AJ$15),0),\n              ROUND(ROUND(OFFSET($P46,0,AJ$13),15-13*ORÇAMENTO!$AF$7)*OFFSET(ORÇAMENTO!$W$15,ROW(AJ46)-ROW(AJ$15),0),15-13*ORÇAMENTO!$AF$11)),\n         0)","v":0},{"$f":"IF(AND($D46=\"Serviço\",AK$12<>0,$H46>0,OR(AUTOEVENTO<>\"manual\",$M46<>$A$15)),\n        IF(Import.TipoArredondamento<>\"TransfereGOV\",\n              ROUND(OFFSET($P46,0,AK$13),15-13*ORÇAMENTO!$AF$7)/$H46*OFFSET(ORÇAMENTO!$X$15,ROW(AK46)-ROW(AK$15),0),\n              ROUND(ROUND(OFFSET($P46,0,AK$13),15-13*ORÇAMENTO!$AF$7)*OFFSET(ORÇAMENTO!$W$15,ROW(AK46)-ROW(AK$15),0),15-13*ORÇAMENTO!$AF$11)),\n         0)","v":0},{"$f":"IF(AND($D46=\"Serviço\",AL$12<>0,$H46>0,OR(AUTOEVENTO<>\"manual\",$M46<>$A$15)),\n        IF(Import.TipoArredondamento<>\"TransfereGOV\",\n              ROUND(OFFSET($P46,0,AL$13),15-13*ORÇAMENTO!$AF$7)/$H46*OFFSET(ORÇAMENTO!$X$15,ROW(AL46)-ROW(AL$15),0),\n              ROUND(ROUND(OFFSET($P46,0,AL$13),15-13*ORÇAMENTO!$AF$7)*OFFSET(ORÇAMENTO!$W$15,ROW(AL46)-ROW(AL$15),0),15-13*ORÇAMENTO!$AF$11)),\n         0)","v":0},{"$f":"IF(AND($D46=\"Serviço\",AM$12<>0,$H46>0,OR(AUTOEVENTO<>\"manual\",$M46<>$A$15)),\n        IF(Import.TipoArredondamento<>\"TransfereGOV\",\n              ROUND(OFFSET($P46,0,AM$13),15-13*ORÇAMENTO!$AF$7)/$H46*OFFSET(ORÇAMENTO!$X$15,ROW(AM46)-ROW(AM$15),0),\n              ROUND(ROUND(OFFSET($P46,0,AM$13),15-13*ORÇAMENTO!$AF$7)*OFFSET(ORÇAMENTO!$W$15,ROW(AM46)-ROW(AM$15),0),15-13*ORÇAMENTO!$AF$11)),\n         0)","v":0},{"$f":"IF(AND($D46=\"Serviço\",AN$12<>0,$H46>0,OR(AUTOEVENTO<>\"manual\",$M46<>$A$15)),\n        IF(Import.TipoArredondamento<>\"TransfereGOV\",\n              ROUND(OFFSET($P46,0,AN$13),15-13*ORÇAMENTO!$AF$7)/$H46*OFFSET(ORÇAMENTO!$X$15,ROW(AN46)-ROW(AN$15),0),\n              ROUND(ROUND(OFFSET($P46,0,AN$13),15-13*ORÇAMENTO!$AF$7)*OFFSET(ORÇAMENTO!$W$15,ROW(AN46)-ROW(AN$15),0),15-13*ORÇAMENTO!$AF$11)),\n         0)","v":0},{"$f":"IF(AND($D46=\"Serviço\",AO$12<>0,$H46>0,OR(AUTOEVENTO<>\"manual\",$M46<>$A$15)),\n        IF(Import.TipoArredondamento<>\"TransfereGOV\",\n              ROUND(OFFSET($P46,0,AO$13),15-13*ORÇAMENTO!$AF$7)/$H46*OFFSET(ORÇAMENTO!$X$15,ROW(AO46)-ROW(AO$15),0),\n              ROUND(ROUND(OFFSET($P46,0,AO$13),15-13*ORÇAMENTO!$AF$7)*OFFSET(ORÇAMENTO!$W$15,ROW(AO46)-ROW(AO$15),0),15-13*ORÇAMENTO!$AF$11)),\n         0)","v":0},{"$f":"IF(AND($D46=\"Serviço\",AP$12<>0,$H46>0,OR(AUTOEVENTO<>\"manual\",$M46<>$A$15)),\n        IF(Import.TipoArredondamento<>\"TransfereGOV\",\n              ROUND(OFFSET($P46,0,AP$13),15-13*ORÇAMENTO!$AF$7)/$H46*OFFSET(ORÇAMENTO!$X$15,ROW(AP46)-ROW(AP$15),0),\n              ROUND(ROUND(OFFSET($P46,0,AP$13),15-13*ORÇAMENTO!$AF$7)*OFFSET(ORÇAMENTO!$W$15,ROW(AP46)-ROW(AP$15),0),15-13*ORÇAMENTO!$AF$11)),\n         0)","v":0},{"$f":"IF(AND($D46=\"Serviço\",AQ$12<>0,$H46>0,OR(AUTOEVENTO<>\"manual\",$M46<>$A$15)),\n        IF(Import.TipoArredondamento<>\"TransfereGOV\",\n              ROUND(OFFSET($P46,0,AQ$13),15-13*ORÇAMENTO!$AF$7)/$H46*OFFSET(ORÇAMENTO!$X$15,ROW(AQ46)-ROW(AQ$15),0),\n              ROUND(ROUND(OFFSET($P46,0,AQ$13),15-13*ORÇAMENTO!$AF$7)*OFFSET(ORÇAMENTO!$W$15,ROW(AQ46)-ROW(AQ$15),0),15-13*ORÇAMENTO!$AF$11)),\n         0)","v":0},{"$f":"IF(AND($D46=\"Serviço\",AR$12<>0,$H46>0,OR(AUTOEVENTO<>\"manual\",$M46<>$A$15)),\n        IF(Import.TipoArredondamento<>\"TransfereGOV\",\n              ROUND(OFFSET($P46,0,AR$13),15-13*ORÇAMENTO!$AF$7)/$H46*OFFSET(ORÇAMENTO!$X$15,ROW(AR46)-ROW(AR$15),0),\n              ROUND(ROUND(OFFSET($P46,0,AR$13),15-13*ORÇAMENTO!$AF$7)*OFFSET(ORÇAMENTO!$W$15,ROW(AR46)-ROW(AR$15),0),15-13*ORÇAMENTO!$AF$11)),\n         0)","v":0},{"$f":"IF(AND($D46=\"Serviço\",AS$12<>0,$H46>0,OR(AUTOEVENTO<>\"manual\",$M46<>$A$15)),\n        IF(Import.TipoArredondamento<>\"TransfereGOV\",\n              ROUND(OFFSET($P46,0,AS$13),15-13*ORÇAMENTO!$AF$7)/$H46*OFFSET(ORÇAMENTO!$X$15,ROW(AS46)-ROW(AS$15),0),\n              ROUND(ROUND(OFFSET($P46,0,AS$13),15-13*ORÇAMENTO!$AF$7)*OFFSET(ORÇAMENTO!$W$15,ROW(AS46)-ROW(AS$15),0),15-13*ORÇAMENTO!$AF$11)),\n         0)","v":0},{"$f":"IF(AND($D46=\"Serviço\",AT$12<>0,$H46>0,OR(AUTOEVENTO<>\"manual\",$M46<>$A$15)),\n        IF(Import.TipoArredondamento<>\"TransfereGOV\",\n              ROUND(OFFSET($P46,0,AT$13),15-13*ORÇAMENTO!$AF$7)/$H46*OFFSET(ORÇAMENTO!$X$15,ROW(AT46)-ROW(AT$15),0),\n              ROUND(ROUND(OFFSET($P46,0,AT$13),15-13*ORÇAMENTO!$AF$7)*OFFSET(ORÇAMENTO!$W$15,ROW(AT46)-ROW(AT$15),0),15-13*ORÇAMENTO!$AF$11)),\n         0)","v":0},{"$f":"IF(AND($D46=\"Serviço\",AU$12<>0,$H46>0,OR(AUTOEVENTO<>\"manual\",$M46<>$A$15)),\n        IF(Import.TipoArredondamento<>\"TransfereGOV\",\n              ROUND(OFFSET($P46,0,AU$13),15-13*ORÇAMENTO!$AF$7)/$H46*OFFSET(ORÇAMENTO!$X$15,ROW(AU46)-ROW(AU$15),0),\n              ROUND(ROUND(OFFSET($P46,0,AU$13),15-13*ORÇAMENTO!$AF$7)*OFFSET(ORÇAMENTO!$W$15,ROW(AU46)-ROW(AU$15),0),15-13*ORÇAMENTO!$AF$11)),\n         0)","v":0},{"$f":"IF(AND($D46=\"Serviço\",AV$12<>0,$H46>0,OR(AUTOEVENTO<>\"manual\",$M46<>$A$15)),\n        IF(Import.TipoArredondamento<>\"TransfereGOV\",\n              ROUND(OFFSET($P46,0,AV$13),15-13*ORÇAMENTO!$AF$7)/$H46*OFFSET(ORÇAMENTO!$X$15,ROW(AV46)-ROW(AV$15),0),\n              ROUND(ROUND(OFFSET($P46,0,AV$13),15-13*ORÇAMENTO!$AF$7)*OFFSET(ORÇAMENTO!$W$15,ROW(AV46)-ROW(AV$15),0),15-13*ORÇAMENTO!$AF$11)),\n         0)","v":0},{"$f":"IF(AND($D46=\"Serviço\",AW$12<>0,$H46>0,OR(AUTOEVENTO<>\"manual\",$M46<>$A$15)),\n        IF(Import.TipoArredondamento<>\"TransfereGOV\",\n              ROUND(OFFSET($P46,0,AW$13),15-13*ORÇAMENTO!$AF$7)/$H46*OFFSET(ORÇAMENTO!$X$15,ROW(AW46)-ROW(AW$15),0),\n              ROUND(ROUND(OFFSET($P46,0,AW$13),15-13*ORÇAMENTO!$AF$7)*OFFSET(ORÇAMENTO!$W$15,ROW(AW46)-ROW(AW$15),0),15-13*ORÇAMENTO!$AF$11)),\n         0)","v":0},{"$f":"IF(AND($D46=\"Serviço\",AX$12<>0,$H46>0,OR(AUTOEVENTO<>\"manual\",$M46<>$A$15)),\n        IF(Import.TipoArredondamento<>\"TransfereGOV\",\n              ROUND(OFFSET($P46,0,AX$13),15-13*ORÇAMENTO!$AF$7)/$H46*OFFSET(ORÇAMENTO!$X$15,ROW(AX46)-ROW(AX$15),0),\n              ROUND(ROUND(OFFSET($P46,0,AX$13),15-13*ORÇAMENTO!$AF$7)*OFFSET(ORÇAMENTO!$W$15,ROW(AX46)-ROW(AX$15),0),15-13*ORÇAMENTO!$AF$11)),\n         0)","v":0},{"$f":"IF(AND($D46=\"Serviço\",AY$12<>0,$H46>0,OR(AUTOEVENTO<>\"manual\",$M46<>$A$15)),\n        IF(Import.TipoArredondamento<>\"TransfereGOV\",\n              ROUND(OFFSET($P46,0,AY$13),15-13*ORÇAMENTO!$AF$7)/$H46*OFFSET(ORÇAMENTO!$X$15,ROW(AY46)-ROW(AY$15),0),\n              ROUND(ROUND(OFFSET($P46,0,AY$13),15-13*ORÇAMENTO!$AF$7)*OFFSET(ORÇAMENTO!$W$15,ROW(AY46)-ROW(AY$15),0),15-13*ORÇAMENTO!$AF$11)),\n         0)","v":0},{"$f":"IF(AND($D46=\"Serviço\",AZ$12<>0,$H46>0,OR(AUTOEVENTO<>\"manual\",$M46<>$A$15)),\n        IF(Import.TipoArredondamento<>\"TransfereGOV\",\n              ROUND(OFFSET($P46,0,AZ$13),15-13*ORÇAMENTO!$AF$7)/$H46*OFFSET(ORÇAMENTO!$X$15,ROW(AZ46)-ROW(AZ$15),0),\n              ROUND(ROUND(OFFSET($P46,0,AZ$13),15-13*ORÇAMENTO!$AF$7)*OFFSET(ORÇAMENTO!$W$15,ROW(AZ46)-ROW(AZ$15),0),15-13*ORÇAMENTO!$AF$11)),\n         0)","v":0},{"$f":"IF(AND($D46=\"Serviço\",BA$12<>0,$H46>0,OR(AUTOEVENTO<>\"manual\",$M46<>$A$15)),\n        IF(Import.TipoArredondamento<>\"TransfereGOV\",\n              ROUND(OFFSET($P46,0,BA$13),15-13*ORÇAMENTO!$AF$7)/$H46*OFFSET(ORÇAMENTO!$X$15,ROW(BA46)-ROW(BA$15),0),\n              ROUND(ROUND(OFFSET($P46,0,BA$13),15-13*ORÇAMENTO!$AF$7)*OFFSET(ORÇAMENTO!$W$15,ROW(BA46)-ROW(BA$15),0),15-13*ORÇAMENTO!$AF$11)),\n         0)","v":0},null,{"$f":"IF(OR($D46<>\"Serviço\",AND(AUTOEVENTO=\"Manual\",$M46=$A$15)),0,\n         IF(OFFSET(CRONOPLE!$F$15,$M46-$A$15,BC$13)=\"\",10^12,OFFSET(CRONOPLE!$F$15,$M46-$A$15,BC$13)))","v":1},{"$f":"IF(OR($D46<>\"Serviço\",AND(AUTOEVENTO=\"Manual\",$M46=$A$15)),0,\n         IF(OFFSET(CRONOPLE!$F$15,$M46-$A$15,BD$13)=\"\",10^12,OFFSET(CRONOPLE!$F$15,$M46-$A$15,BD$13)))","v":1000000000000},{"$f":"IF(OR($D46<>\"Serviço\",AND(AUTOEVENTO=\"Manual\",$M46=$A$15)),0,\n         IF(OFFSET(CRONOPLE!$F$15,$M46-$A$15,BE$13)=\"\",10^12,OFFSET(CRONOPLE!$F$15,$M46-$A$15,BE$13)))","v":1000000000000},{"$f":"IF(OR($D46<>\"Serviço\",AND(AUTOEVENTO=\"Manual\",$M46=$A$15)),0,\n         IF(OFFSET(CRONOPLE!$F$15,$M46-$A$15,BF$13)=\"\",10^12,OFFSET(CRONOPLE!$F$15,$M46-$A$15,BF$13)))","v":1000000000000},{"$f":"IF(OR($D46<>\"Serviço\",AND(AUTOEVENTO=\"Manual\",$M46=$A$15)),0,\n         IF(OFFSET(CRONOPLE!$F$15,$M46-$A$15,BG$13)=\"\",10^12,OFFSET(CRONOPLE!$F$15,$M46-$A$15,BG$13)))","v":1000000000000},{"$f":"IF(OR($D46<>\"Serviço\",AND(AUTOEVENTO=\"Manual\",$M46=$A$15)),0,\n         IF(OFFSET(CRONOPLE!$F$15,$M46-$A$15,BH$13)=\"\",10^12,OFFSET(CRONOPLE!$F$15,$M46-$A$15,BH$13)))","v":1000000000000},{"$f":"IF(OR($D46<>\"Serviço\",AND(AUTOEVENTO=\"Manual\",$M46=$A$15)),0,\n         IF(OFFSET(CRONOPLE!$F$15,$M46-$A$15,BI$13)=\"\",10^12,OFFSET(CRONOPLE!$F$15,$M46-$A$15,BI$13)))","v":1000000000000},{"$f":"IF(OR($D46<>\"Serviço\",AND(AUTOEVENTO=\"Manual\",$M46=$A$15)),0,\n         IF(OFFSET(CRONOPLE!$F$15,$M46-$A$15,BJ$13)=\"\",10^12,OFFSET(CRONOPLE!$F$15,$M46-$A$15,BJ$13)))","v":1000000000000},{"$f":"IF(OR($D46<>\"Serviço\",AND(AUTOEVENTO=\"Manual\",$M46=$A$15)),0,\n         IF(OFFSET(CRONOPLE!$F$15,$M46-$A$15,BK$13)=\"\",10^12,OFFSET(CRONOPLE!$F$15,$M46-$A$15,BK$13)))","v":1000000000000},{"$f":"IF(OR($D46<>\"Serviço\",AND(AUTOEVENTO=\"Manual\",$M46=$A$15)),0,\n         IF(OFFSET(CRONOPLE!$F$15,$M46-$A$15,BL$13)=\"\",10^12,OFFSET(CRONOPLE!$F$15,$M46-$A$15,BL$13)))","v":1000000000000},{"$f":"IF(OR($D46<>\"Serviço\",AND(AUTOEVENTO=\"Manual\",$M46=$A$15)),0,\n         IF(OFFSET(CRONOPLE!$F$15,$M46-$A$15,BM$13)=\"\",10^12,OFFSET(CRONOPLE!$F$15,$M46-$A$15,BM$13)))","v":1000000000000},{"$f":"IF(OR($D46<>\"Serviço\",AND(AUTOEVENTO=\"Manual\",$M46=$A$15)),0,\n         IF(OFFSET(CRONOPLE!$F$15,$M46-$A$15,BN$13)=\"\",10^12,OFFSET(CRONOPLE!$F$15,$M46-$A$15,BN$13)))","v":1000000000000},{"$f":"IF(OR($D46<>\"Serviço\",AND(AUTOEVENTO=\"Manual\",$M46=$A$15)),0,\n         IF(OFFSET(CRONOPLE!$F$15,$M46-$A$15,BO$13)=\"\",10^12,OFFSET(CRONOPLE!$F$15,$M46-$A$15,BO$13)))","v":1000000000000},{"$f":"IF(OR($D46<>\"Serviço\",AND(AUTOEVENTO=\"Manual\",$M46=$A$15)),0,\n         IF(OFFSET(CRONOPLE!$F$15,$M46-$A$15,BP$13)=\"\",10^12,OFFSET(CRONOPLE!$F$15,$M46-$A$15,BP$13)))","v":1000000000000},{"$f":"IF(OR($D46<>\"Serviço\",AND(AUTOEVENTO=\"Manual\",$M46=$A$15)),0,\n         IF(OFFSET(CRONOPLE!$F$15,$M46-$A$15,BQ$13)=\"\",10^12,OFFSET(CRONOPLE!$F$15,$M46-$A$15,BQ$13)))","v":1000000000000},{"$f":"IF(OR($D46<>\"Serviço\",AND(AUTOEVENTO=\"Manual\",$M46=$A$15)),0,\n         IF(OFFSET(CRONOPLE!$F$15,$M46-$A$15,BR$13)=\"\",10^12,OFFSET(CRONOPLE!$F$15,$M46-$A$15,BR$13)))","v":1000000000000},{"$f":"IF(OR($D46<>\"Serviço\",AND(AUTOEVENTO=\"Manual\",$M46=$A$15)),0,\n         IF(OFFSET(CRONOPLE!$F$15,$M46-$A$15,BS$13)=\"\",10^12,OFFSET(CRONOPLE!$F$15,$M46-$A$15,BS$13)))","v":1000000000000},{"$f":"IF(OR($D46<>\"Serviço\",AND(AUTOEVENTO=\"Manual\",$M46=$A$15)),0,\n         IF(OFFSET(CRONOPLE!$F$15,$M46-$A$15,BT$13)=\"\",10^12,OFFSET(CRONOPLE!$F$15,$M46-$A$15,BT$13)))","v":1000000000000},null,{"$f":"IF(OR($D46<>\"Serviço\",AND(AUTOEVENTO=\"Manual\",$M46=$A$15),$M46>(ROW(PLE.lastrow)-ROW(PLE.firstrow))),0,\n           IF(OFFSET(PLE!$G$15,$M46-$A$15,BV$13)=\"\",10^12,OFFSET(PLE!$G$15,$M46-$A$15,BV$13)))","v":1000000000000},{"$f":"IF(OR($D46<>\"Serviço\",AND(AUTOEVENTO=\"Manual\",$M46=$A$15),$M46>(ROW(PLE.lastrow)-ROW(PLE.firstrow))),0,\n           IF(OFFSET(PLE!$G$15,$M46-$A$15,BW$13)=\"\",10^12,OFFSET(PLE!$G$15,$M46-$A$15,BW$13)))","v":1000000000000},{"$f":"IF(OR($D46<>\"Serviço\",AND(AUTOEVENTO=\"Manual\",$M46=$A$15),$M46>(ROW(PLE.lastrow)-ROW(PLE.firstrow))),0,\n           IF(OFFSET(PLE!$G$15,$M46-$A$15,BX$13)=\"\",10^12,OFFSET(PLE!$G$15,$M46-$A$15,BX$13)))","v":1000000000000},{"$f":"IF(OR($D46<>\"Serviço\",AND(AUTOEVENTO=\"Manual\",$M46=$A$15),$M46>(ROW(PLE.lastrow)-ROW(PLE.firstrow))),0,\n           IF(OFFSET(PLE!$G$15,$M46-$A$15,BY$13)=\"\",10^12,OFFSET(PLE!$G$15,$M46-$A$15,BY$13)))","v":1000000000000},{"$f":"IF(OR($D46<>\"Serviço\",AND(AUTOEVENTO=\"Manual\",$M46=$A$15),$M46>(ROW(PLE.lastrow)-ROW(PLE.firstrow))),0,\n           IF(OFFSET(PLE!$G$15,$M46-$A$15,BZ$13)=\"\",10^12,OFFSET(PLE!$G$15,$M46-$A$15,BZ$13)))","v":1000000000000},{"$f":"IF(OR($D46<>\"Serviço\",AND(AUTOEVENTO=\"Manual\",$M46=$A$15),$M46>(ROW(PLE.lastrow)-ROW(PLE.firstrow))),0,\n           IF(OFFSET(PLE!$G$15,$M46-$A$15,CA$13)=\"\",10^12,OFFSET(PLE!$G$15,$M46-$A$15,CA$13)))","v":1000000000000},{"$f":"IF(OR($D46<>\"Serviço\",AND(AUTOEVENTO=\"Manual\",$M46=$A$15),$M46>(ROW(PLE.lastrow)-ROW(PLE.firstrow))),0,\n           IF(OFFSET(PLE!$G$15,$M46-$A$15,CB$13)=\"\",10^12,OFFSET(PLE!$G$15,$M46-$A$15,CB$13)))","v":1000000000000},{"$f":"IF(OR($D46<>\"Serviço\",AND(AUTOEVENTO=\"Manual\",$M46=$A$15),$M46>(ROW(PLE.lastrow)-ROW(PLE.firstrow))),0,\n           IF(OFFSET(PLE!$G$15,$M46-$A$15,CC$13)=\"\",10^12,OFFSET(PLE!$G$15,$M46-$A$15,CC$13)))","v":1000000000000},{"$f":"IF(OR($D46<>\"Serviço\",AND(AUTOEVENTO=\"Manual\",$M46=$A$15),$M46>(ROW(PLE.lastrow)-ROW(PLE.firstrow))),0,\n           IF(OFFSET(PLE!$G$15,$M46-$A$15,CD$13)=\"\",10^12,OFFSET(PLE!$G$15,$M46-$A$15,CD$13)))","v":1000000000000},{"$f":"IF(OR($D46<>\"Serviço\",AND(AUTOEVENTO=\"Manual\",$M46=$A$15),$M46>(ROW(PLE.lastrow)-ROW(PLE.firstrow))),0,\n           IF(OFFSET(PLE!$G$15,$M46-$A$15,CE$13)=\"\",10^12,OFFSET(PLE!$G$15,$M46-$A$15,CE$13)))","v":1000000000000},{"$f":"IF(OR($D46<>\"Serviço\",AND(AUTOEVENTO=\"Manual\",$M46=$A$15),$M46>(ROW(PLE.lastrow)-ROW(PLE.firstrow))),0,\n           IF(OFFSET(PLE!$G$15,$M46-$A$15,CF$13)=\"\",10^12,OFFSET(PLE!$G$15,$M46-$A$15,CF$13)))","v":1000000000000},{"$f":"IF(OR($D46<>\"Serviço\",AND(AUTOEVENTO=\"Manual\",$M46=$A$15),$M46>(ROW(PLE.lastrow)-ROW(PLE.firstrow))),0,\n           IF(OFFSET(PLE!$G$15,$M46-$A$15,CG$13)=\"\",10^12,OFFSET(PLE!$G$15,$M46-$A$15,CG$13)))","v":1000000000000},{"$f":"IF(OR($D46<>\"Serviço\",AND(AUTOEVENTO=\"Manual\",$M46=$A$15),$M46>(ROW(PLE.lastrow)-ROW(PLE.firstrow))),0,\n           IF(OFFSET(PLE!$G$15,$M46-$A$15,CH$13)=\"\",10^12,OFFSET(PLE!$G$15,$M46-$A$15,CH$13)))","v":1000000000000},{"$f":"IF(OR($D46<>\"Serviço\",AND(AUTOEVENTO=\"Manual\",$M46=$A$15),$M46>(ROW(PLE.lastrow)-ROW(PLE.firstrow))),0,\n           IF(OFFSET(PLE!$G$15,$M46-$A$15,CI$13)=\"\",10^12,OFFSET(PLE!$G$15,$M46-$A$15,CI$13)))","v":1000000000000},{"$f":"IF(OR($D46<>\"Serviço\",AND(AUTOEVENTO=\"Manual\",$M46=$A$15),$M46>(ROW(PLE.lastrow)-ROW(PLE.firstrow))),0,\n           IF(OFFSET(PLE!$G$15,$M46-$A$15,CJ$13)=\"\",10^12,OFFSET(PLE!$G$15,$M46-$A$15,CJ$13)))","v":1000000000000},{"$f":"IF(OR($D46<>\"Serviço\",AND(AUTOEVENTO=\"Manual\",$M46=$A$15),$M46>(ROW(PLE.lastrow)-ROW(PLE.firstrow))),0,\n           IF(OFFSET(PLE!$G$15,$M46-$A$15,CK$13)=\"\",10^12,OFFSET(PLE!$G$15,$M46-$A$15,CK$13)))","v":1000000000000},{"$f":"IF(OR($D46<>\"Serviço\",AND(AUTOEVENTO=\"Manual\",$M46=$A$15),$M46>(ROW(PLE.lastrow)-ROW(PLE.firstrow))),0,\n           IF(OFFSET(PLE!$G$15,$M46-$A$15,CL$13)=\"\",10^12,OFFSET(PLE!$G$15,$M46-$A$15,CL$13)))","v":1000000000000},{"$f":"IF(OR($D46<>\"Serviço\",AND(AUTOEVENTO=\"Manual\",$M46=$A$15),$M46>(ROW(PLE.lastrow)-ROW(PLE.firstrow))),0,\n           IF(OFFSET(PLE!$G$15,$M46-$A$15,CM$13)=\"\",10^12,OFFSET(PLE!$G$15,$M46-$A$15,CM$13)))","v":1000000000000}]
[2,{"$f":"OFFSET(ORÇAMENTO!C$15,ROW(B47)-ROW(B$15),0)","v":"S"},{"$f":"OFFSET(ORÇAMENTO!L$15,ROW(C47)-ROW(C$15),0)","v":"F"},{"$f":"OFFSET(ORÇAMENTO!N$15,ROW(D47)-ROW(D$15),0)","v":"Serviço"},{"$f":"OFFSET(ORÇAMENTO!O$15,ROW(E47)-ROW(E$15),0)","v":"1.3.11."},{"$f":"OFFSET(ORÇAMENTO!R$15,ROW(F47)-ROW(F$15),0)","v":"CHAMINÉ CIRCULAR PARA POÇO DE VISITA PARA DRENAGEM, EM ALVENARIA COM TIJOLOS CERÂMICOS MACIÇOS, DIÂMETRO INTERNO = 0,6 M. AF_12/2020"},{"$f":"IF($D47<>\"Serviço\",\"\",OFFSET(ORÇAMENTO!S$15,ROW(G47)-ROW(G$15),0))","v":"M"},{"$f":"IF($D47<>\"Serviço\",0,IF(ACOMPANHAMENTO=\"BM\",ROUND(OFFSET(ORÇAMENTO!AJ$15,ROW(H47)-ROW(H$15),0),15-13*ORÇAMENTO!$AF$7),SUMPRODUCT(($Q$1:$AI$1=1)*ROUND($Q47:$AI47,15-13*ORÇAMENTO!$AF$7))))","v":7},null,{"$f":"IF(B47<>\"S\",\"\",IF(AND(ACOMPANHAMENTO=\"PLE\",AUTOEVENTO=\"Manual\",OR(H47>0,ORÇAMENTO!AC47=\"QUANT.\"),OR(K47=\"\",M47=0,N47=\"\")),\"►\",IF(AND(ACOMPANHAMENTO=\"PLE\",ORÇAMENTO!AC47=\"QUANT.\"),\"►►\",IF(AND(COUNTIF($P$11:$AI$11,\"▼\")=0,H47>0,I47=\"\"),\"◄\",\"\"))))","v":"◄"},"2. DRENAGEM DE ÁGUAS PLUVIAIS",".",{"$f":"IF($D47<>\"Serviço\",\"\",\n          IF(AUTOEVENTO=\"manual\",$A47,\n                IF(ISERROR(MATCH($A47,$A$15:OFFSET($A47,-1,0),0)),MAX($M$15:OFFSET(M47,-1,0))+1,\n                      INDEX($M$15:OFFSET(M47,-1,0),MATCH($A47,$A$15:OFFSET($A47,-1,0),0)))))","v":2},{"$f":"IF($D47<>\"Serviço\",\"\",\n         IF(AUTOEVENTO=\"Manual\",\n                IF($A47=0,\"<-- defina o número do agrupador\",\n                       OFFSET(EVENTOS!$D$15,$A47-$A$15,0)),\n                OFFSET($F$15,$A47,0)))","v":"DRENAGEM DE ÁGUAS PLUVIAIS"},null,null,11,null,null,null,null,null,null,null,null,null,null,null,null,null,null,null,null,null,null,{"$f":"IF(AND($D47=\"Serviço\",AJ$12<>0,$H47>0,OR(AUTOEVENTO<>\"manual\",$M47<>$A$15)),\n        IF(Import.TipoArredondamento<>\"TransfereGOV\",\n              ROUND(OFFSET($P47,0,AJ$13),15-13*ORÇAMENTO!$AF$7)/$H47*OFFSET(ORÇAMENTO!$X$15,ROW(AJ47)-ROW(AJ$15),0),\n              ROUND(ROUND(OFFSET($P47,0,AJ$13),15-13*ORÇAMENTO!$AF$7)*OFFSET(ORÇAMENTO!$W$15,ROW(AJ47)-ROW(AJ$15),0),15-13*ORÇAMENTO!$AF$11)),\n         0)","v":0},{"$f":"IF(AND($D47=\"Serviço\",AK$12<>0,$H47>0,OR(AUTOEVENTO<>\"manual\",$M47<>$A$15)),\n        IF(Import.TipoArredondamento<>\"TransfereGOV\",\n              ROUND(OFFSET($P47,0,AK$13),15-13*ORÇAMENTO!$AF$7)/$H47*OFFSET(ORÇAMENTO!$X$15,ROW(AK47)-ROW(AK$15),0),\n              ROUND(ROUND(OFFSET($P47,0,AK$13),15-13*ORÇAMENTO!$AF$7)*OFFSET(ORÇAMENTO!$W$15,ROW(AK47)-ROW(AK$15),0),15-13*ORÇAMENTO!$AF$11)),\n         0)","v":0},{"$f":"IF(AND($D47=\"Serviço\",AL$12<>0,$H47>0,OR(AUTOEVENTO<>\"manual\",$M47<>$A$15)),\n        IF(Import.TipoArredondamento<>\"TransfereGOV\",\n              ROUND(OFFSET($P47,0,AL$13),15-13*ORÇAMENTO!$AF$7)/$H47*OFFSET(ORÇAMENTO!$X$15,ROW(AL47)-ROW(AL$15),0),\n              ROUND(ROUND(OFFSET($P47,0,AL$13),15-13*ORÇAMENTO!$AF$7)*OFFSET(ORÇAMENTO!$W$15,ROW(AL47)-ROW(AL$15),0),15-13*ORÇAMENTO!$AF$11)),\n         0)","v":0},{"$f":"IF(AND($D47=\"Serviço\",AM$12<>0,$H47>0,OR(AUTOEVENTO<>\"manual\",$M47<>$A$15)),\n        IF(Import.TipoArredondamento<>\"TransfereGOV\",\n              ROUND(OFFSET($P47,0,AM$13),15-13*ORÇAMENTO!$AF$7)/$H47*OFFSET(ORÇAMENTO!$X$15,ROW(AM47)-ROW(AM$15),0),\n              ROUND(ROUND(OFFSET($P47,0,AM$13),15-13*ORÇAMENTO!$AF$7)*OFFSET(ORÇAMENTO!$W$15,ROW(AM47)-ROW(AM$15),0),15-13*ORÇAMENTO!$AF$11)),\n         0)","v":0},{"$f":"IF(AND($D47=\"Serviço\",AN$12<>0,$H47>0,OR(AUTOEVENTO<>\"manual\",$M47<>$A$15)),\n        IF(Import.TipoArredondamento<>\"TransfereGOV\",\n              ROUND(OFFSET($P47,0,AN$13),15-13*ORÇAMENTO!$AF$7)/$H47*OFFSET(ORÇAMENTO!$X$15,ROW(AN47)-ROW(AN$15),0),\n              ROUND(ROUND(OFFSET($P47,0,AN$13),15-13*ORÇAMENTO!$AF$7)*OFFSET(ORÇAMENTO!$W$15,ROW(AN47)-ROW(AN$15),0),15-13*ORÇAMENTO!$AF$11)),\n         0)","v":0},{"$f":"IF(AND($D47=\"Serviço\",AO$12<>0,$H47>0,OR(AUTOEVENTO<>\"manual\",$M47<>$A$15)),\n        IF(Import.TipoArredondamento<>\"TransfereGOV\",\n              ROUND(OFFSET($P47,0,AO$13),15-13*ORÇAMENTO!$AF$7)/$H47*OFFSET(ORÇAMENTO!$X$15,ROW(AO47)-ROW(AO$15),0),\n              ROUND(ROUND(OFFSET($P47,0,AO$13),15-13*ORÇAMENTO!$AF$7)*OFFSET(ORÇAMENTO!$W$15,ROW(AO47)-ROW(AO$15),0),15-13*ORÇAMENTO!$AF$11)),\n         0)","v":0},{"$f":"IF(AND($D47=\"Serviço\",AP$12<>0,$H47>0,OR(AUTOEVENTO<>\"manual\",$M47<>$A$15)),\n        IF(Import.TipoArredondamento<>\"TransfereGOV\",\n              ROUND(OFFSET($P47,0,AP$13),15-13*ORÇAMENTO!$AF$7)/$H47*OFFSET(ORÇAMENTO!$X$15,ROW(AP47)-ROW(AP$15),0),\n              ROUND(ROUND(OFFSET($P47,0,AP$13),15-13*ORÇAMENTO!$AF$7)*OFFSET(ORÇAMENTO!$W$15,ROW(AP47)-ROW(AP$15),0),15-13*ORÇAMENTO!$AF$11)),\n         0)","v":0},{"$f":"IF(AND($D47=\"Serviço\",AQ$12<>0,$H47>0,OR(AUTOEVENTO<>\"manual\",$M47<>$A$15)),\n        IF(Import.TipoArredondamento<>\"TransfereGOV\",\n              ROUND(OFFSET($P47,0,AQ$13),15-13*ORÇAMENTO!$AF$7)/$H47*OFFSET(ORÇAMENTO!$X$15,ROW(AQ47)-ROW(AQ$15),0),\n              ROUND(ROUND(OFFSET($P47,0,AQ$13),15-13*ORÇAMENTO!$AF$7)*OFFSET(ORÇAMENTO!$W$15,ROW(AQ47)-ROW(AQ$15),0),15-13*ORÇAMENTO!$AF$11)),\n         0)","v":0},{"$f":"IF(AND($D47=\"Serviço\",AR$12<>0,$H47>0,OR(AUTOEVENTO<>\"manual\",$M47<>$A$15)),\n        IF(Import.TipoArredondamento<>\"TransfereGOV\",\n              ROUND(OFFSET($P47,0,AR$13),15-13*ORÇAMENTO!$AF$7)/$H47*OFFSET(ORÇAMENTO!$X$15,ROW(AR47)-ROW(AR$15),0),\n              ROUND(ROUND(OFFSET($P47,0,AR$13),15-13*ORÇAMENTO!$AF$7)*OFFSET(ORÇAMENTO!$W$15,ROW(AR47)-ROW(AR$15),0),15-13*ORÇAMENTO!$AF$11)),\n         0)","v":0},{"$f":"IF(AND($D47=\"Serviço\",AS$12<>0,$H47>0,OR(AUTOEVENTO<>\"manual\",$M47<>$A$15)),\n        IF(Import.TipoArredondamento<>\"TransfereGOV\",\n              ROUND(OFFSET($P47,0,AS$13),15-13*ORÇAMENTO!$AF$7)/$H47*OFFSET(ORÇAMENTO!$X$15,ROW(AS47)-ROW(AS$15),0),\n              ROUND(ROUND(OFFSET($P47,0,AS$13),15-13*ORÇAMENTO!$AF$7)*OFFSET(ORÇAMENTO!$W$15,ROW(AS47)-ROW(AS$15),0),15-13*ORÇAMENTO!$AF$11)),\n         0)","v":0},{"$f":"IF(AND($D47=\"Serviço\",AT$12<>0,$H47>0,OR(AUTOEVENTO<>\"manual\",$M47<>$A$15)),\n        IF(Import.TipoArredondamento<>\"TransfereGOV\",\n              ROUND(OFFSET($P47,0,AT$13),15-13*ORÇAMENTO!$AF$7)/$H47*OFFSET(ORÇAMENTO!$X$15,ROW(AT47)-ROW(AT$15),0),\n              ROUND(ROUND(OFFSET($P47,0,AT$13),15-13*ORÇAMENTO!$AF$7)*OFFSET(ORÇAMENTO!$W$15,ROW(AT47)-ROW(AT$15),0),15-13*ORÇAMENTO!$AF$11)),\n         0)","v":0},{"$f":"IF(AND($D47=\"Serviço\",AU$12<>0,$H47>0,OR(AUTOEVENTO<>\"manual\",$M47<>$A$15)),\n        IF(Import.TipoArredondamento<>\"TransfereGOV\",\n              ROUND(OFFSET($P47,0,AU$13),15-13*ORÇAMENTO!$AF$7)/$H47*OFFSET(ORÇAMENTO!$X$15,ROW(AU47)-ROW(AU$15),0),\n              ROUND(ROUND(OFFSET($P47,0,AU$13),15-13*ORÇAMENTO!$AF$7)*OFFSET(ORÇAMENTO!$W$15,ROW(AU47)-ROW(AU$15),0),15-13*ORÇAMENTO!$AF$11)),\n         0)","v":0},{"$f":"IF(AND($D47=\"Serviço\",AV$12<>0,$H47>0,OR(AUTOEVENTO<>\"manual\",$M47<>$A$15)),\n        IF(Import.TipoArredondamento<>\"TransfereGOV\",\n              ROUND(OFFSET($P47,0,AV$13),15-13*ORÇAMENTO!$AF$7)/$H47*OFFSET(ORÇAMENTO!$X$15,ROW(AV47)-ROW(AV$15),0),\n              ROUND(ROUND(OFFSET($P47,0,AV$13),15-13*ORÇAMENTO!$AF$7)*OFFSET(ORÇAMENTO!$W$15,ROW(AV47)-ROW(AV$15),0),15-13*ORÇAMENTO!$AF$11)),\n         0)","v":0},{"$f":"IF(AND($D47=\"Serviço\",AW$12<>0,$H47>0,OR(AUTOEVENTO<>\"manual\",$M47<>$A$15)),\n        IF(Import.TipoArredondamento<>\"TransfereGOV\",\n              ROUND(OFFSET($P47,0,AW$13),15-13*ORÇAMENTO!$AF$7)/$H47*OFFSET(ORÇAMENTO!$X$15,ROW(AW47)-ROW(AW$15),0),\n              ROUND(ROUND(OFFSET($P47,0,AW$13),15-13*ORÇAMENTO!$AF$7)*OFFSET(ORÇAMENTO!$W$15,ROW(AW47)-ROW(AW$15),0),15-13*ORÇAMENTO!$AF$11)),\n         0)","v":0},{"$f":"IF(AND($D47=\"Serviço\",AX$12<>0,$H47>0,OR(AUTOEVENTO<>\"manual\",$M47<>$A$15)),\n        IF(Import.TipoArredondamento<>\"TransfereGOV\",\n              ROUND(OFFSET($P47,0,AX$13),15-13*ORÇAMENTO!$AF$7)/$H47*OFFSET(ORÇAMENTO!$X$15,ROW(AX47)-ROW(AX$15),0),\n              ROUND(ROUND(OFFSET($P47,0,AX$13),15-13*ORÇAMENTO!$AF$7)*OFFSET(ORÇAMENTO!$W$15,ROW(AX47)-ROW(AX$15),0),15-13*ORÇAMENTO!$AF$11)),\n         0)","v":0},{"$f":"IF(AND($D47=\"Serviço\",AY$12<>0,$H47>0,OR(AUTOEVENTO<>\"manual\",$M47<>$A$15)),\n        IF(Import.TipoArredondamento<>\"TransfereGOV\",\n              ROUND(OFFSET($P47,0,AY$13),15-13*ORÇAMENTO!$AF$7)/$H47*OFFSET(ORÇAMENTO!$X$15,ROW(AY47)-ROW(AY$15),0),\n              ROUND(ROUND(OFFSET($P47,0,AY$13),15-13*ORÇAMENTO!$AF$7)*OFFSET(ORÇAMENTO!$W$15,ROW(AY47)-ROW(AY$15),0),15-13*ORÇAMENTO!$AF$11)),\n         0)","v":0},{"$f":"IF(AND($D47=\"Serviço\",AZ$12<>0,$H47>0,OR(AUTOEVENTO<>\"manual\",$M47<>$A$15)),\n        IF(Import.TipoArredondamento<>\"TransfereGOV\",\n              ROUND(OFFSET($P47,0,AZ$13),15-13*ORÇAMENTO!$AF$7)/$H47*OFFSET(ORÇAMENTO!$X$15,ROW(AZ47)-ROW(AZ$15),0),\n              ROUND(ROUND(OFFSET($P47,0,AZ$13),15-13*ORÇAMENTO!$AF$7)*OFFSET(ORÇAMENTO!$W$15,ROW(AZ47)-ROW(AZ$15),0),15-13*ORÇAMENTO!$AF$11)),\n         0)","v":0},{"$f":"IF(AND($D47=\"Serviço\",BA$12<>0,$H47>0,OR(AUTOEVENTO<>\"manual\",$M47<>$A$15)),\n        IF(Import.TipoArredondamento<>\"TransfereGOV\",\n              ROUND(OFFSET($P47,0,BA$13),15-13*ORÇAMENTO!$AF$7)/$H47*OFFSET(ORÇAMENTO!$X$15,ROW(BA47)-ROW(BA$15),0),\n              ROUND(ROUND(OFFSET($P47,0,BA$13),15-13*ORÇAMENTO!$AF$7)*OFFSET(ORÇAMENTO!$W$15,ROW(BA47)-ROW(BA$15),0),15-13*ORÇAMENTO!$AF$11)),\n         0)","v":0},null,{"$f":"IF(OR($D47<>\"Serviço\",AND(AUTOEVENTO=\"Manual\",$M47=$A$15)),0,\n         IF(OFFSET(CRONOPLE!$F$15,$M47-$A$15,BC$13)=\"\",10^12,OFFSET(CRONOPLE!$F$15,$M47-$A$15,BC$13)))","v":1},{"$f":"IF(OR($D47<>\"Serviço\",AND(AUTOEVENTO=\"Manual\",$M47=$A$15)),0,\n         IF(OFFSET(CRONOPLE!$F$15,$M47-$A$15,BD$13)=\"\",10^12,OFFSET(CRONOPLE!$F$15,$M47-$A$15,BD$13)))","v":1000000000000},{"$f":"IF(OR($D47<>\"Serviço\",AND(AUTOEVENTO=\"Manual\",$M47=$A$15)),0,\n         IF(OFFSET(CRONOPLE!$F$15,$M47-$A$15,BE$13)=\"\",10^12,OFFSET(CRONOPLE!$F$15,$M47-$A$15,BE$13)))","v":1000000000000},{"$f":"IF(OR($D47<>\"Serviço\",AND(AUTOEVENTO=\"Manual\",$M47=$A$15)),0,\n         IF(OFFSET(CRONOPLE!$F$15,$M47-$A$15,BF$13)=\"\",10^12,OFFSET(CRONOPLE!$F$15,$M47-$A$15,BF$13)))","v":1000000000000},{"$f":"IF(OR($D47<>\"Serviço\",AND(AUTOEVENTO=\"Manual\",$M47=$A$15)),0,\n         IF(OFFSET(CRONOPLE!$F$15,$M47-$A$15,BG$13)=\"\",10^12,OFFSET(CRONOPLE!$F$15,$M47-$A$15,BG$13)))","v":1000000000000},{"$f":"IF(OR($D47<>\"Serviço\",AND(AUTOEVENTO=\"Manual\",$M47=$A$15)),0,\n         IF(OFFSET(CRONOPLE!$F$15,$M47-$A$15,BH$13)=\"\",10^12,OFFSET(CRONOPLE!$F$15,$M47-$A$15,BH$13)))","v":1000000000000},{"$f":"IF(OR($D47<>\"Serviço\",AND(AUTOEVENTO=\"Manual\",$M47=$A$15)),0,\n         IF(OFFSET(CRONOPLE!$F$15,$M47-$A$15,BI$13)=\"\",10^12,OFFSET(CRONOPLE!$F$15,$M47-$A$15,BI$13)))","v":1000000000000},{"$f":"IF(OR($D47<>\"Serviço\",AND(AUTOEVENTO=\"Manual\",$M47=$A$15)),0,\n         IF(OFFSET(CRONOPLE!$F$15,$M47-$A$15,BJ$13)=\"\",10^12,OFFSET(CRONOPLE!$F$15,$M47-$A$15,BJ$13)))","v":1000000000000},{"$f":"IF(OR($D47<>\"Serviço\",AND(AUTOEVENTO=\"Manual\",$M47=$A$15)),0,\n         IF(OFFSET(CRONOPLE!$F$15,$M47-$A$15,BK$13)=\"\",10^12,OFFSET(CRONOPLE!$F$15,$M47-$A$15,BK$13)))","v":1000000000000},{"$f":"IF(OR($D47<>\"Serviço\",AND(AUTOEVENTO=\"Manual\",$M47=$A$15)),0,\n         IF(OFFSET(CRONOPLE!$F$15,$M47-$A$15,BL$13)=\"\",10^12,OFFSET(CRONOPLE!$F$15,$M47-$A$15,BL$13)))","v":1000000000000},{"$f":"IF(OR($D47<>\"Serviço\",AND(AUTOEVENTO=\"Manual\",$M47=$A$15)),0,\n         IF(OFFSET(CRONOPLE!$F$15,$M47-$A$15,BM$13)=\"\",10^12,OFFSET(CRONOPLE!$F$15,$M47-$A$15,BM$13)))","v":1000000000000},{"$f":"IF(OR($D47<>\"Serviço\",AND(AUTOEVENTO=\"Manual\",$M47=$A$15)),0,\n         IF(OFFSET(CRONOPLE!$F$15,$M47-$A$15,BN$13)=\"\",10^12,OFFSET(CRONOPLE!$F$15,$M47-$A$15,BN$13)))","v":1000000000000},{"$f":"IF(OR($D47<>\"Serviço\",AND(AUTOEVENTO=\"Manual\",$M47=$A$15)),0,\n         IF(OFFSET(CRONOPLE!$F$15,$M47-$A$15,BO$13)=\"\",10^12,OFFSET(CRONOPLE!$F$15,$M47-$A$15,BO$13)))","v":1000000000000},{"$f":"IF(OR($D47<>\"Serviço\",AND(AUTOEVENTO=\"Manual\",$M47=$A$15)),0,\n         IF(OFFSET(CRONOPLE!$F$15,$M47-$A$15,BP$13)=\"\",10^12,OFFSET(CRONOPLE!$F$15,$M47-$A$15,BP$13)))","v":1000000000000},{"$f":"IF(OR($D47<>\"Serviço\",AND(AUTOEVENTO=\"Manual\",$M47=$A$15)),0,\n         IF(OFFSET(CRONOPLE!$F$15,$M47-$A$15,BQ$13)=\"\",10^12,OFFSET(CRONOPLE!$F$15,$M47-$A$15,BQ$13)))","v":1000000000000},{"$f":"IF(OR($D47<>\"Serviço\",AND(AUTOEVENTO=\"Manual\",$M47=$A$15)),0,\n         IF(OFFSET(CRONOPLE!$F$15,$M47-$A$15,BR$13)=\"\",10^12,OFFSET(CRONOPLE!$F$15,$M47-$A$15,BR$13)))","v":1000000000000},{"$f":"IF(OR($D47<>\"Serviço\",AND(AUTOEVENTO=\"Manual\",$M47=$A$15)),0,\n         IF(OFFSET(CRONOPLE!$F$15,$M47-$A$15,BS$13)=\"\",10^12,OFFSET(CRONOPLE!$F$15,$M47-$A$15,BS$13)))","v":1000000000000},{"$f":"IF(OR($D47<>\"Serviço\",AND(AUTOEVENTO=\"Manual\",$M47=$A$15)),0,\n         IF(OFFSET(CRONOPLE!$F$15,$M47-$A$15,BT$13)=\"\",10^12,OFFSET(CRONOPLE!$F$15,$M47-$A$15,BT$13)))","v":1000000000000},null,{"$f":"IF(OR($D47<>\"Serviço\",AND(AUTOEVENTO=\"Manual\",$M47=$A$15),$M47>(ROW(PLE.lastrow)-ROW(PLE.firstrow))),0,\n           IF(OFFSET(PLE!$G$15,$M47-$A$15,BV$13)=\"\",10^12,OFFSET(PLE!$G$15,$M47-$A$15,BV$13)))","v":1000000000000},{"$f":"IF(OR($D47<>\"Serviço\",AND(AUTOEVENTO=\"Manual\",$M47=$A$15),$M47>(ROW(PLE.lastrow)-ROW(PLE.firstrow))),0,\n           IF(OFFSET(PLE!$G$15,$M47-$A$15,BW$13)=\"\",10^12,OFFSET(PLE!$G$15,$M47-$A$15,BW$13)))","v":1000000000000},{"$f":"IF(OR($D47<>\"Serviço\",AND(AUTOEVENTO=\"Manual\",$M47=$A$15),$M47>(ROW(PLE.lastrow)-ROW(PLE.firstrow))),0,\n           IF(OFFSET(PLE!$G$15,$M47-$A$15,BX$13)=\"\",10^12,OFFSET(PLE!$G$15,$M47-$A$15,BX$13)))","v":1000000000000},{"$f":"IF(OR($D47<>\"Serviço\",AND(AUTOEVENTO=\"Manual\",$M47=$A$15),$M47>(ROW(PLE.lastrow)-ROW(PLE.firstrow))),0,\n           IF(OFFSET(PLE!$G$15,$M47-$A$15,BY$13)=\"\",10^12,OFFSET(PLE!$G$15,$M47-$A$15,BY$13)))","v":1000000000000},{"$f":"IF(OR($D47<>\"Serviço\",AND(AUTOEVENTO=\"Manual\",$M47=$A$15),$M47>(ROW(PLE.lastrow)-ROW(PLE.firstrow))),0,\n           IF(OFFSET(PLE!$G$15,$M47-$A$15,BZ$13)=\"\",10^12,OFFSET(PLE!$G$15,$M47-$A$15,BZ$13)))","v":1000000000000},{"$f":"IF(OR($D47<>\"Serviço\",AND(AUTOEVENTO=\"Manual\",$M47=$A$15),$M47>(ROW(PLE.lastrow)-ROW(PLE.firstrow))),0,\n           IF(OFFSET(PLE!$G$15,$M47-$A$15,CA$13)=\"\",10^12,OFFSET(PLE!$G$15,$M47-$A$15,CA$13)))","v":1000000000000},{"$f":"IF(OR($D47<>\"Serviço\",AND(AUTOEVENTO=\"Manual\",$M47=$A$15),$M47>(ROW(PLE.lastrow)-ROW(PLE.firstrow))),0,\n           IF(OFFSET(PLE!$G$15,$M47-$A$15,CB$13)=\"\",10^12,OFFSET(PLE!$G$15,$M47-$A$15,CB$13)))","v":1000000000000},{"$f":"IF(OR($D47<>\"Serviço\",AND(AUTOEVENTO=\"Manual\",$M47=$A$15),$M47>(ROW(PLE.lastrow)-ROW(PLE.firstrow))),0,\n           IF(OFFSET(PLE!$G$15,$M47-$A$15,CC$13)=\"\",10^12,OFFSET(PLE!$G$15,$M47-$A$15,CC$13)))","v":1000000000000},{"$f":"IF(OR($D47<>\"Serviço\",AND(AUTOEVENTO=\"Manual\",$M47=$A$15),$M47>(ROW(PLE.lastrow)-ROW(PLE.firstrow))),0,\n           IF(OFFSET(PLE!$G$15,$M47-$A$15,CD$13)=\"\",10^12,OFFSET(PLE!$G$15,$M47-$A$15,CD$13)))","v":1000000000000},{"$f":"IF(OR($D47<>\"Serviço\",AND(AUTOEVENTO=\"Manual\",$M47=$A$15),$M47>(ROW(PLE.lastrow)-ROW(PLE.firstrow))),0,\n           IF(OFFSET(PLE!$G$15,$M47-$A$15,CE$13)=\"\",10^12,OFFSET(PLE!$G$15,$M47-$A$15,CE$13)))","v":1000000000000},{"$f":"IF(OR($D47<>\"Serviço\",AND(AUTOEVENTO=\"Manual\",$M47=$A$15),$M47>(ROW(PLE.lastrow)-ROW(PLE.firstrow))),0,\n           IF(OFFSET(PLE!$G$15,$M47-$A$15,CF$13)=\"\",10^12,OFFSET(PLE!$G$15,$M47-$A$15,CF$13)))","v":1000000000000},{"$f":"IF(OR($D47<>\"Serviço\",AND(AUTOEVENTO=\"Manual\",$M47=$A$15),$M47>(ROW(PLE.lastrow)-ROW(PLE.firstrow))),0,\n           IF(OFFSET(PLE!$G$15,$M47-$A$15,CG$13)=\"\",10^12,OFFSET(PLE!$G$15,$M47-$A$15,CG$13)))","v":1000000000000},{"$f":"IF(OR($D47<>\"Serviço\",AND(AUTOEVENTO=\"Manual\",$M47=$A$15),$M47>(ROW(PLE.lastrow)-ROW(PLE.firstrow))),0,\n           IF(OFFSET(PLE!$G$15,$M47-$A$15,CH$13)=\"\",10^12,OFFSET(PLE!$G$15,$M47-$A$15,CH$13)))","v":1000000000000},{"$f":"IF(OR($D47<>\"Serviço\",AND(AUTOEVENTO=\"Manual\",$M47=$A$15),$M47>(ROW(PLE.lastrow)-ROW(PLE.firstrow))),0,\n           IF(OFFSET(PLE!$G$15,$M47-$A$15,CI$13)=\"\",10^12,OFFSET(PLE!$G$15,$M47-$A$15,CI$13)))","v":1000000000000},{"$f":"IF(OR($D47<>\"Serviço\",AND(AUTOEVENTO=\"Manual\",$M47=$A$15),$M47>(ROW(PLE.lastrow)-ROW(PLE.firstrow))),0,\n           IF(OFFSET(PLE!$G$15,$M47-$A$15,CJ$13)=\"\",10^12,OFFSET(PLE!$G$15,$M47-$A$15,CJ$13)))","v":1000000000000},{"$f":"IF(OR($D47<>\"Serviço\",AND(AUTOEVENTO=\"Manual\",$M47=$A$15),$M47>(ROW(PLE.lastrow)-ROW(PLE.firstrow))),0,\n           IF(OFFSET(PLE!$G$15,$M47-$A$15,CK$13)=\"\",10^12,OFFSET(PLE!$G$15,$M47-$A$15,CK$13)))","v":1000000000000},{"$f":"IF(OR($D47<>\"Serviço\",AND(AUTOEVENTO=\"Manual\",$M47=$A$15),$M47>(ROW(PLE.lastrow)-ROW(PLE.firstrow))),0,\n           IF(OFFSET(PLE!$G$15,$M47-$A$15,CL$13)=\"\",10^12,OFFSET(PLE!$G$15,$M47-$A$15,CL$13)))","v":1000000000000},{"$f":"IF(OR($D47<>\"Serviço\",AND(AUTOEVENTO=\"Manual\",$M47=$A$15),$M47>(ROW(PLE.lastrow)-ROW(PLE.firstrow))),0,\n           IF(OFFSET(PLE!$G$15,$M47-$A$15,CM$13)=\"\",10^12,OFFSET(PLE!$G$15,$M47-$A$15,CM$13)))","v":1000000000000}]
[2,{"$f":"OFFSET(ORÇAMENTO!C$15,ROW(B48)-ROW(B$15),0)","v":"S"},{"$f":"OFFSET(ORÇAMENTO!L$15,ROW(C48)-ROW(C$15),0)","v":"F"},{"$f":"OFFSET(ORÇAMENTO!N$15,ROW(D48)-ROW(D$15),0)","v":"Serviço"},{"$f":"OFFSET(ORÇAMENTO!O$15,ROW(E48)-ROW(E$15),0)","v":"1.3.12."},{"$f":"OFFSET(ORÇAMENTO!R$15,ROW(F48)-ROW(F$15),0)","v":"TRANSPORTE COM CAMINHÃO BASCULANTE DE 14 M³, EM VIA URBANA PAVIMENTADA, DMT ATÉ 30 KM (UNIDADE: M3XKM). AF_07/2020"},{"$f":"IF($D48<>\"Serviço\",\"\",OFFSET(ORÇAMENTO!S$15,ROW(G48)-ROW(G$15),0))","v":"M3"},{"$f":"IF($D48<>\"Serviço\",0,IF(ACOMPANHAMENTO=\"BM\",ROUND(OFFSET(ORÇAMENTO!AJ$15,ROW(H48)-ROW(H$15),0),15-13*ORÇAMENTO!$AF$7),SUMPRODUCT(($Q$1:$AI$1=1)*ROUND($Q48:$AI48,15-13*ORÇAMENTO!$AF$7))))","v":828},null,{"$f":"IF(B48<>\"S\",\"\",IF(AND(ACOMPANHAMENTO=\"PLE\",AUTOEVENTO=\"Manual\",OR(H48>0,ORÇAMENTO!AC48=\"QUANT.\"),OR(K48=\"\",M48=0,N48=\"\")),\"►\",IF(AND(ACOMPANHAMENTO=\"PLE\",ORÇAMENTO!AC48=\"QUANT.\"),\"►►\",IF(AND(COUNTIF($P$11:$AI$11,\"▼\")=0,H48>0,I48=\"\"),\"◄\",\"\"))))","v":"◄"},"2. DRENAGEM DE ÁGUAS PLUVIAIS",".",{"$f":"IF($D48<>\"Serviço\",\"\",\n          IF(AUTOEVENTO=\"manual\",$A48,\n                IF(ISERROR(MATCH($A48,$A$15:OFFSET($A48,-1,0),0)),MAX($M$15:OFFSET(M48,-1,0))+1,\n                      INDEX($M$15:OFFSET(M48,-1,0),MATCH($A48,$A$15:OFFSET($A48,-1,0),0)))))","v":2},{"$f":"IF($D48<>\"Serviço\",\"\",\n         IF(AUTOEVENTO=\"Manual\",\n                IF($A48=0,\"<-- defina o número do agrupador\",\n                       OFFSET(EVENTOS!$D$15,$A48-$A$15,0)),\n                OFFSET($F$15,$A48,0)))","v":"DRENAGEM DE ÁGUAS PLUVIAIS"},null,null,276.20999999999998,null,null,null,null,null,null,null,null,null,null,null,null,null,null,null,null,null,null,{"$f":"IF(AND($D48=\"Serviço\",AJ$12<>0,$H48>0,OR(AUTOEVENTO<>\"manual\",$M48<>$A$15)),\n        IF(Import.TipoArredondamento<>\"TransfereGOV\",\n              ROUND(OFFSET($P48,0,AJ$13),15-13*ORÇAMENTO!$AF$7)/$H48*OFFSET(ORÇAMENTO!$X$15,ROW(AJ48)-ROW(AJ$15),0),\n              ROUND(ROUND(OFFSET($P48,0,AJ$13),15-13*ORÇAMENTO!$AF$7)*OFFSET(ORÇAMENTO!$W$15,ROW(AJ48)-ROW(AJ$15),0),15-13*ORÇAMENTO!$AF$11)),\n         0)","v":0},{"$f":"IF(AND($D48=\"Serviço\",AK$12<>0,$H48>0,OR(AUTOEVENTO<>\"manual\",$M48<>$A$15)),\n        IF(Import.TipoArredondamento<>\"TransfereGOV\",\n              ROUND(OFFSET($P48,0,AK$13),15-13*ORÇAMENTO!$AF$7)/$H48*OFFSET(ORÇAMENTO!$X$15,ROW(AK48)-ROW(AK$15),0),\n              ROUND(ROUND(OFFSET($P48,0,AK$13),15-13*ORÇAMENTO!$AF$7)*OFFSET(ORÇAMENTO!$W$15,ROW(AK48)-ROW(AK$15),0),15-13*ORÇAMENTO!$AF$11)),\n         0)","v":0},{"$f":"IF(AND($D48=\"Serviço\",AL$12<>0,$H48>0,OR(AUTOEVENTO<>\"manual\",$M48<>$A$15)),\n        IF(Import.TipoArredondamento<>\"TransfereGOV\",\n              ROUND(OFFSET($P48,0,AL$13),15-13*ORÇAMENTO!$AF$7)/$H48*OFFSET(ORÇAMENTO!$X$15,ROW(AL48)-ROW(AL$15),0),\n              ROUND(ROUND(OFFSET($P48,0,AL$13),15-13*ORÇAMENTO!$AF$7)*OFFSET(ORÇAMENTO!$W$15,ROW(AL48)-ROW(AL$15),0),15-13*ORÇAMENTO!$AF$11)),\n         0)","v":0},{"$f":"IF(AND($D48=\"Serviço\",AM$12<>0,$H48>0,OR(AUTOEVENTO<>\"manual\",$M48<>$A$15)),\n        IF(Import.TipoArredondamento<>\"TransfereGOV\",\n              ROUND(OFFSET($P48,0,AM$13),15-13*ORÇAMENTO!$AF$7)/$H48*OFFSET(ORÇAMENTO!$X$15,ROW(AM48)-ROW(AM$15),0),\n              ROUND(ROUND(OFFSET($P48,0,AM$13),15-13*ORÇAMENTO!$AF$7)*OFFSET(ORÇAMENTO!$W$15,ROW(AM48)-ROW(AM$15),0),15-13*ORÇAMENTO!$AF$11)),\n         0)","v":0},{"$f":"IF(AND($D48=\"Serviço\",AN$12<>0,$H48>0,OR(AUTOEVENTO<>\"manual\",$M48<>$A$15)),\n        IF(Import.TipoArredondamento<>\"TransfereGOV\",\n              ROUND(OFFSET($P48,0,AN$13),15-13*ORÇAMENTO!$AF$7)/$H48*OFFSET(ORÇAMENTO!$X$15,ROW(AN48)-ROW(AN$15),0),\n              ROUND(ROUND(OFFSET($P48,0,AN$13),15-13*ORÇAMENTO!$AF$7)*OFFSET(ORÇAMENTO!$W$15,ROW(AN48)-ROW(AN$15),0),15-13*ORÇAMENTO!$AF$11)),\n         0)","v":0},{"$f":"IF(AND($D48=\"Serviço\",AO$12<>0,$H48>0,OR(AUTOEVENTO<>\"manual\",$M48<>$A$15)),\n        IF(Import.TipoArredondamento<>\"TransfereGOV\",\n              ROUND(OFFSET($P48,0,AO$13),15-13*ORÇAMENTO!$AF$7)/$H48*OFFSET(ORÇAMENTO!$X$15,ROW(AO48)-ROW(AO$15),0),\n              ROUND(ROUND(OFFSET($P48,0,AO$13),15-13*ORÇAMENTO!$AF$7)*OFFSET(ORÇAMENTO!$W$15,ROW(AO48)-ROW(AO$15),0),15-13*ORÇAMENTO!$AF$11)),\n         0)","v":0},{"$f":"IF(AND($D48=\"Serviço\",AP$12<>0,$H48>0,OR(AUTOEVENTO<>\"manual\",$M48<>$A$15)),\n        IF(Import.TipoArredondamento<>\"TransfereGOV\",\n              ROUND(OFFSET($P48,0,AP$13),15-13*ORÇAMENTO!$AF$7)/$H48*OFFSET(ORÇAMENTO!$X$15,ROW(AP48)-ROW(AP$15),0),\n              ROUND(ROUND(OFFSET($P48,0,AP$13),15-13*ORÇAMENTO!$AF$7)*OFFSET(ORÇAMENTO!$W$15,ROW(AP48)-ROW(AP$15),0),15-13*ORÇAMENTO!$AF$11)),\n         0)","v":0},{"$f":"IF(AND($D48=\"Serviço\",AQ$12<>0,$H48>0,OR(AUTOEVENTO<>\"manual\",$M48<>$A$15)),\n        IF(Import.TipoArredondamento<>\"TransfereGOV\",\n              ROUND(OFFSET($P48,0,AQ$13),15-13*ORÇAMENTO!$AF$7)/$H48*OFFSET(ORÇAMENTO!$X$15,ROW(AQ48)-ROW(AQ$15),0),\n              ROUND(ROUND(OFFSET($P48,0,AQ$13),15-13*ORÇAMENTO!$AF$7)*OFFSET(ORÇAMENTO!$W$15,ROW(AQ48)-ROW(AQ$15),0),15-13*ORÇAMENTO!$AF$11)),\n         0)","v":0},{"$f":"IF(AND($D48=\"Serviço\",AR$12<>0,$H48>0,OR(AUTOEVENTO<>\"manual\",$M48<>$A$15)),\n        IF(Import.TipoArredondamento<>\"TransfereGOV\",\n              ROUND(OFFSET($P48,0,AR$13),15-13*ORÇAMENTO!$AF$7)/$H48*OFFSET(ORÇAMENTO!$X$15,ROW(AR48)-ROW(AR$15),0),\n              ROUND(ROUND(OFFSET($P48,0,AR$13),15-13*ORÇAMENTO!$AF$7)*OFFSET(ORÇAMENTO!$W$15,ROW(AR48)-ROW(AR$15),0),15-13*ORÇAMENTO!$AF$11)),\n         0)","v":0},{"$f":"IF(AND($D48=\"Serviço\",AS$12<>0,$H48>0,OR(AUTOEVENTO<>\"manual\",$M48<>$A$15)),\n        IF(Import.TipoArredondamento<>\"TransfereGOV\",\n              ROUND(OFFSET($P48,0,AS$13),15-13*ORÇAMENTO!$AF$7)/$H48*OFFSET(ORÇAMENTO!$X$15,ROW(AS48)-ROW(AS$15),0),\n              ROUND(ROUND(OFFSET($P48,0,AS$13),15-13*ORÇAMENTO!$AF$7)*OFFSET(ORÇAMENTO!$W$15,ROW(AS48)-ROW(AS$15),0),15-13*ORÇAMENTO!$AF$11)),\n         0)","v":0},{"$f":"IF(AND($D48=\"Serviço\",AT$12<>0,$H48>0,OR(AUTOEVENTO<>\"manual\",$M48<>$A$15)),\n        IF(Import.TipoArredondamento<>\"TransfereGOV\",\n              ROUND(OFFSET($P48,0,AT$13),15-13*ORÇAMENTO!$AF$7)/$H48*OFFSET(ORÇAMENTO!$X$15,ROW(AT48)-ROW(AT$15),0),\n              ROUND(ROUND(OFFSET($P48,0,AT$13),15-13*ORÇAMENTO!$AF$7)*OFFSET(ORÇAMENTO!$W$15,ROW(AT48)-ROW(AT$15),0),15-13*ORÇAMENTO!$AF$11)),\n         0)","v":0},{"$f":"IF(AND($D48=\"Serviço\",AU$12<>0,$H48>0,OR(AUTOEVENTO<>\"manual\",$M48<>$A$15)),\n        IF(Import.TipoArredondamento<>\"TransfereGOV\",\n              ROUND(OFFSET($P48,0,AU$13),15-13*ORÇAMENTO!$AF$7)/$H48*OFFSET(ORÇAMENTO!$X$15,ROW(AU48)-ROW(AU$15),0),\n              ROUND(ROUND(OFFSET($P48,0,AU$13),15-13*ORÇAMENTO!$AF$7)*OFFSET(ORÇAMENTO!$W$15,ROW(AU48)-ROW(AU$15),0),15-13*ORÇAMENTO!$AF$11)),\n         0)","v":0},{"$f":"IF(AND($D48=\"Serviço\",AV$12<>0,$H48>0,OR(AUTOEVENTO<>\"manual\",$M48<>$A$15)),\n        IF(Import.TipoArredondamento<>\"TransfereGOV\",\n              ROUND(OFFSET($P48,0,AV$13),15-13*ORÇAMENTO!$AF$7)/$H48*OFFSET(ORÇAMENTO!$X$15,ROW(AV48)-ROW(AV$15),0),\n              ROUND(ROUND(OFFSET($P48,0,AV$13),15-13*ORÇAMENTO!$AF$7)*OFFSET(ORÇAMENTO!$W$15,ROW(AV48)-ROW(AV$15),0),15-13*ORÇAMENTO!$AF$11)),\n         0)","v":0},{"$f":"IF(AND($D48=\"Serviço\",AW$12<>0,$H48>0,OR(AUTOEVENTO<>\"manual\",$M48<>$A$15)),\n        IF(Import.TipoArredondamento<>\"TransfereGOV\",\n              ROUND(OFFSET($P48,0,AW$13),15-13*ORÇAMENTO!$AF$7)/$H48*OFFSET(ORÇAMENTO!$X$15,ROW(AW48)-ROW(AW$15),0),\n              ROUND(ROUND(OFFSET($P48,0,AW$13),15-13*ORÇAMENTO!$AF$7)*OFFSET(ORÇAMENTO!$W$15,ROW(AW48)-ROW(AW$15),0),15-13*ORÇAMENTO!$AF$11)),\n         0)","v":0},{"$f":"IF(AND($D48=\"Serviço\",AX$12<>0,$H48>0,OR(AUTOEVENTO<>\"manual\",$M48<>$A$15)),\n        IF(Import.TipoArredondamento<>\"TransfereGOV\",\n              ROUND(OFFSET($P48,0,AX$13),15-13*ORÇAMENTO!$AF$7)/$H48*OFFSET(ORÇAMENTO!$X$15,ROW(AX48)-ROW(AX$15),0),\n              ROUND(ROUND(OFFSET($P48,0,AX$13),15-13*ORÇAMENTO!$AF$7)*OFFSET(ORÇAMENTO!$W$15,ROW(AX48)-ROW(AX$15),0),15-13*ORÇAMENTO!$AF$11)),\n         0)","v":0},{"$f":"IF(AND($D48=\"Serviço\",AY$12<>0,$H48>0,OR(AUTOEVENTO<>\"manual\",$M48<>$A$15)),\n        IF(Import.TipoArredondamento<>\"TransfereGOV\",\n              ROUND(OFFSET($P48,0,AY$13),15-13*ORÇAMENTO!$AF$7)/$H48*OFFSET(ORÇAMENTO!$X$15,ROW(AY48)-ROW(AY$15),0),\n              ROUND(ROUND(OFFSET($P48,0,AY$13),15-13*ORÇAMENTO!$AF$7)*OFFSET(ORÇAMENTO!$W$15,ROW(AY48)-ROW(AY$15),0),15-13*ORÇAMENTO!$AF$11)),\n         0)","v":0},{"$f":"IF(AND($D48=\"Serviço\",AZ$12<>0,$H48>0,OR(AUTOEVENTO<>\"manual\",$M48<>$A$15)),\n        IF(Import.TipoArredondamento<>\"TransfereGOV\",\n              ROUND(OFFSET($P48,0,AZ$13),15-13*ORÇAMENTO!$AF$7)/$H48*OFFSET(ORÇAMENTO!$X$15,ROW(AZ48)-ROW(AZ$15),0),\n              ROUND(ROUND(OFFSET($P48,0,AZ$13),15-13*ORÇAMENTO!$AF$7)*OFFSET(ORÇAMENTO!$W$15,ROW(AZ48)-ROW(AZ$15),0),15-13*ORÇAMENTO!$AF$11)),\n         0)","v":0},{"$f":"IF(AND($D48=\"Serviço\",BA$12<>0,$H48>0,OR(AUTOEVENTO<>\"manual\",$M48<>$A$15)),\n        IF(Import.TipoArredondamento<>\"TransfereGOV\",\n              ROUND(OFFSET($P48,0,BA$13),15-13*ORÇAMENTO!$AF$7)/$H48*OFFSET(ORÇAMENTO!$X$15,ROW(BA48)-ROW(BA$15),0),\n              ROUND(ROUND(OFFSET($P48,0,BA$13),15-13*ORÇAMENTO!$AF$7)*OFFSET(ORÇAMENTO!$W$15,ROW(BA48)-ROW(BA$15),0),15-13*ORÇAMENTO!$AF$11)),\n         0)","v":0},null,{"$f":"IF(OR($D48<>\"Serviço\",AND(AUTOEVENTO=\"Manual\",$M48=$A$15)),0,\n         IF(OFFSET(CRONOPLE!$F$15,$M48-$A$15,BC$13)=\"\",10^12,OFFSET(CRONOPLE!$F$15,$M48-$A$15,BC$13)))","v":1},{"$f":"IF(OR($D48<>\"Serviço\",AND(AUTOEVENTO=\"Manual\",$M48=$A$15)),0,\n         IF(OFFSET(CRONOPLE!$F$15,$M48-$A$15,BD$13)=\"\",10^12,OFFSET(CRONOPLE!$F$15,$M48-$A$15,BD$13)))","v":1000000000000},{"$f":"IF(OR($D48<>\"Serviço\",AND(AUTOEVENTO=\"Manual\",$M48=$A$15)),0,\n         IF(OFFSET(CRONOPLE!$F$15,$M48-$A$15,BE$13)=\"\",10^12,OFFSET(CRONOPLE!$F$15,$M48-$A$15,BE$13)))","v":1000000000000},{"$f":"IF(OR($D48<>\"Serviço\",AND(AUTOEVENTO=\"Manual\",$M48=$A$15)),0,\n         IF(OFFSET(CRONOPLE!$F$15,$M48-$A$15,BF$13)=\"\",10^12,OFFSET(CRONOPLE!$F$15,$M48-$A$15,BF$13)))","v":1000000000000},{"$f":"IF(OR($D48<>\"Serviço\",AND(AUTOEVENTO=\"Manual\",$M48=$A$15)),0,\n         IF(OFFSET(CRONOPLE!$F$15,$M48-$A$15,BG$13)=\"\",10^12,OFFSET(CRONOPLE!$F$15,$M48-$A$15,BG$13)))","v":1000000000000},{"$f":"IF(OR($D48<>\"Serviço\",AND(AUTOEVENTO=\"Manual\",$M48=$A$15)),0,\n         IF(OFFSET(CRONOPLE!$F$15,$M48-$A$15,BH$13)=\"\",10^12,OFFSET(CRONOPLE!$F$15,$M48-$A$15,BH$13)))","v":1000000000000},{"$f":"IF(OR($D48<>\"Serviço\",AND(AUTOEVENTO=\"Manual\",$M48=$A$15)),0,\n         IF(OFFSET(CRONOPLE!$F$15,$M48-$A$15,BI$13)=\"\",10^12,OFFSET(CRONOPLE!$F$15,$M48-$A$15,BI$13)))","v":1000000000000},{"$f":"IF(OR($D48<>\"Serviço\",AND(AUTOEVENTO=\"Manual\",$M48=$A$15)),0,\n         IF(OFFSET(CRONOPLE!$F$15,$M48-$A$15,BJ$13)=\"\",10^12,OFFSET(CRONOPLE!$F$15,$M48-$A$15,BJ$13)))","v":1000000000000},{"$f":"IF(OR($D48<>\"Serviço\",AND(AUTOEVENTO=\"Manual\",$M48=$A$15)),0,\n         IF(OFFSET(CRONOPLE!$F$15,$M48-$A$15,BK$13)=\"\",10^12,OFFSET(CRONOPLE!$F$15,$M48-$A$15,BK$13)))","v":1000000000000},{"$f":"IF(OR($D48<>\"Serviço\",AND(AUTOEVENTO=\"Manual\",$M48=$A$15)),0,\n         IF(OFFSET(CRONOPLE!$F$15,$M48-$A$15,BL$13)=\"\",10^12,OFFSET(CRONOPLE!$F$15,$M48-$A$15,BL$13)))","v":1000000000000},{"$f":"IF(OR($D48<>\"Serviço\",AND(AUTOEVENTO=\"Manual\",$M48=$A$15)),0,\n         IF(OFFSET(CRONOPLE!$F$15,$M48-$A$15,BM$13)=\"\",10^12,OFFSET(CRONOPLE!$F$15,$M48-$A$15,BM$13)))","v":1000000000000},{"$f":"IF(OR($D48<>\"Serviço\",AND(AUTOEVENTO=\"Manual\",$M48=$A$15)),0,\n         IF(OFFSET(CRONOPLE!$F$15,$M48-$A$15,BN$13)=\"\",10^12,OFFSET(CRONOPLE!$F$15,$M48-$A$15,BN$13)))","v":1000000000000},{"$f":"IF(OR($D48<>\"Serviço\",AND(AUTOEVENTO=\"Manual\",$M48=$A$15)),0,\n         IF(OFFSET(CRONOPLE!$F$15,$M48-$A$15,BO$13)=\"\",10^12,OFFSET(CRONOPLE!$F$15,$M48-$A$15,BO$13)))","v":1000000000000},{"$f":"IF(OR($D48<>\"Serviço\",AND(AUTOEVENTO=\"Manual\",$M48=$A$15)),0,\n         IF(OFFSET(CRONOPLE!$F$15,$M48-$A$15,BP$13)=\"\",10^12,OFFSET(CRONOPLE!$F$15,$M48-$A$15,BP$13)))","v":1000000000000},{"$f":"IF(OR($D48<>\"Serviço\",AND(AUTOEVENTO=\"Manual\",$M48=$A$15)),0,\n         IF(OFFSET(CRONOPLE!$F$15,$M48-$A$15,BQ$13)=\"\",10^12,OFFSET(CRONOPLE!$F$15,$M48-$A$15,BQ$13)))","v":1000000000000},{"$f":"IF(OR($D48<>\"Serviço\",AND(AUTOEVENTO=\"Manual\",$M48=$A$15)),0,\n         IF(OFFSET(CRONOPLE!$F$15,$M48-$A$15,BR$13)=\"\",10^12,OFFSET(CRONOPLE!$F$15,$M48-$A$15,BR$13)))","v":1000000000000},{"$f":"IF(OR($D48<>\"Serviço\",AND(AUTOEVENTO=\"Manual\",$M48=$A$15)),0,\n         IF(OFFSET(CRONOPLE!$F$15,$M48-$A$15,BS$13)=\"\",10^12,OFFSET(CRONOPLE!$F$15,$M48-$A$15,BS$13)))","v":1000000000000},{"$f":"IF(OR($D48<>\"Serviço\",AND(AUTOEVENTO=\"Manual\",$M48=$A$15)),0,\n         IF(OFFSET(CRONOPLE!$F$15,$M48-$A$15,BT$13)=\"\",10^12,OFFSET(CRONOPLE!$F$15,$M48-$A$15,BT$13)))","v":1000000000000},null,{"$f":"IF(OR($D48<>\"Serviço\",AND(AUTOEVENTO=\"Manual\",$M48=$A$15),$M48>(ROW(PLE.lastrow)-ROW(PLE.firstrow))),0,\n           IF(OFFSET(PLE!$G$15,$M48-$A$15,BV$13)=\"\",10^12,OFFSET(PLE!$G$15,$M48-$A$15,BV$13)))","v":1000000000000},{"$f":"IF(OR($D48<>\"Serviço\",AND(AUTOEVENTO=\"Manual\",$M48=$A$15),$M48>(ROW(PLE.lastrow)-ROW(PLE.firstrow))),0,\n           IF(OFFSET(PLE!$G$15,$M48-$A$15,BW$13)=\"\",10^12,OFFSET(PLE!$G$15,$M48-$A$15,BW$13)))","v":1000000000000},{"$f":"IF(OR($D48<>\"Serviço\",AND(AUTOEVENTO=\"Manual\",$M48=$A$15),$M48>(ROW(PLE.lastrow)-ROW(PLE.firstrow))),0,\n           IF(OFFSET(PLE!$G$15,$M48-$A$15,BX$13)=\"\",10^12,OFFSET(PLE!$G$15,$M48-$A$15,BX$13)))","v":1000000000000},{"$f":"IF(OR($D48<>\"Serviço\",AND(AUTOEVENTO=\"Manual\",$M48=$A$15),$M48>(ROW(PLE.lastrow)-ROW(PLE.firstrow))),0,\n           IF(OFFSET(PLE!$G$15,$M48-$A$15,BY$13)=\"\",10^12,OFFSET(PLE!$G$15,$M48-$A$15,BY$13)))","v":1000000000000},{"$f":"IF(OR($D48<>\"Serviço\",AND(AUTOEVENTO=\"Manual\",$M48=$A$15),$M48>(ROW(PLE.lastrow)-ROW(PLE.firstrow))),0,\n           IF(OFFSET(PLE!$G$15,$M48-$A$15,BZ$13)=\"\",10^12,OFFSET(PLE!$G$15,$M48-$A$15,BZ$13)))","v":1000000000000},{"$f":"IF(OR($D48<>\"Serviço\",AND(AUTOEVENTO=\"Manual\",$M48=$A$15),$M48>(ROW(PLE.lastrow)-ROW(PLE.firstrow))),0,\n           IF(OFFSET(PLE!$G$15,$M48-$A$15,CA$13)=\"\",10^12,OFFSET(PLE!$G$15,$M48-$A$15,CA$13)))","v":1000000000000},{"$f":"IF(OR($D48<>\"Serviço\",AND(AUTOEVENTO=\"Manual\",$M48=$A$15),$M48>(ROW(PLE.lastrow)-ROW(PLE.firstrow))),0,\n           IF(OFFSET(PLE!$G$15,$M48-$A$15,CB$13)=\"\",10^12,OFFSET(PLE!$G$15,$M48-$A$15,CB$13)))","v":1000000000000},{"$f":"IF(OR($D48<>\"Serviço\",AND(AUTOEVENTO=\"Manual\",$M48=$A$15),$M48>(ROW(PLE.lastrow)-ROW(PLE.firstrow))),0,\n           IF(OFFSET(PLE!$G$15,$M48-$A$15,CC$13)=\"\",10^12,OFFSET(PLE!$G$15,$M48-$A$15,CC$13)))","v":1000000000000},{"$f":"IF(OR($D48<>\"Serviço\",AND(AUTOEVENTO=\"Manual\",$M48=$A$15),$M48>(ROW(PLE.lastrow)-ROW(PLE.firstrow))),0,\n           IF(OFFSET(PLE!$G$15,$M48-$A$15,CD$13)=\"\",10^12,OFFSET(PLE!$G$15,$M48-$A$15,CD$13)))","v":1000000000000},{"$f":"IF(OR($D48<>\"Serviço\",AND(AUTOEVENTO=\"Manual\",$M48=$A$15),$M48>(ROW(PLE.lastrow)-ROW(PLE.firstrow))),0,\n           IF(OFFSET(PLE!$G$15,$M48-$A$15,CE$13)=\"\",10^12,OFFSET(PLE!$G$15,$M48-$A$15,CE$13)))","v":1000000000000},{"$f":"IF(OR($D48<>\"Serviço\",AND(AUTOEVENTO=\"Manual\",$M48=$A$15),$M48>(ROW(PLE.lastrow)-ROW(PLE.firstrow))),0,\n           IF(OFFSET(PLE!$G$15,$M48-$A$15,CF$13)=\"\",10^12,OFFSET(PLE!$G$15,$M48-$A$15,CF$13)))","v":1000000000000},{"$f":"IF(OR($D48<>\"Serviço\",AND(AUTOEVENTO=\"Manual\",$M48=$A$15),$M48>(ROW(PLE.lastrow)-ROW(PLE.firstrow))),0,\n           IF(OFFSET(PLE!$G$15,$M48-$A$15,CG$13)=\"\",10^12,OFFSET(PLE!$G$15,$M48-$A$15,CG$13)))","v":1000000000000},{"$f":"IF(OR($D48<>\"Serviço\",AND(AUTOEVENTO=\"Manual\",$M48=$A$15),$M48>(ROW(PLE.lastrow)-ROW(PLE.firstrow))),0,\n           IF(OFFSET(PLE!$G$15,$M48-$A$15,CH$13)=\"\",10^12,OFFSET(PLE!$G$15,$M48-$A$15,CH$13)))","v":1000000000000},{"$f":"IF(OR($D48<>\"Serviço\",AND(AUTOEVENTO=\"Manual\",$M48=$A$15),$M48>(ROW(PLE.lastrow)-ROW(PLE.firstrow))),0,\n           IF(OFFSET(PLE!$G$15,$M48-$A$15,CI$13)=\"\",10^12,OFFSET(PLE!$G$15,$M48-$A$15,CI$13)))","v":1000000000000},{"$f":"IF(OR($D48<>\"Serviço\",AND(AUTOEVENTO=\"Manual\",$M48=$A$15),$M48>(ROW(PLE.lastrow)-ROW(PLE.firstrow))),0,\n           IF(OFFSET(PLE!$G$15,$M48-$A$15,CJ$13)=\"\",10^12,OFFSET(PLE!$G$15,$M48-$A$15,CJ$13)))","v":1000000000000},{"$f":"IF(OR($D48<>\"Serviço\",AND(AUTOEVENTO=\"Manual\",$M48=$A$15),$M48>(ROW(PLE.lastrow)-ROW(PLE.firstrow))),0,\n           IF(OFFSET(PLE!$G$15,$M48-$A$15,CK$13)=\"\",10^12,OFFSET(PLE!$G$15,$M48-$A$15,CK$13)))","v":1000000000000},{"$f":"IF(OR($D48<>\"Serviço\",AND(AUTOEVENTO=\"Manual\",$M48=$A$15),$M48>(ROW(PLE.lastrow)-ROW(PLE.firstrow))),0,\n           IF(OFFSET(PLE!$G$15,$M48-$A$15,CL$13)=\"\",10^12,OFFSET(PLE!$G$15,$M48-$A$15,CL$13)))","v":1000000000000},{"$f":"IF(OR($D48<>\"Serviço\",AND(AUTOEVENTO=\"Manual\",$M48=$A$15),$M48>(ROW(PLE.lastrow)-ROW(PLE.firstrow))),0,\n           IF(OFFSET(PLE!$G$15,$M48-$A$15,CM$13)=\"\",10^12,OFFSET(PLE!$G$15,$M48-$A$15,CM$13)))","v":1000000000000}]
[2,{"$f":"OFFSET(ORÇAMENTO!C$15,ROW(B49)-ROW(B$15),0)","v":"S"},{"$f":"OFFSET(ORÇAMENTO!L$15,ROW(C49)-ROW(C$15),0)","v":"F"},{"$f":"OFFSET(ORÇAMENTO!N$15,ROW(D49)-ROW(D$15),0)","v":"Serviço"},{"$f":"OFFSET(ORÇAMENTO!O$15,ROW(E49)-ROW(E$15),0)","v":"1.3.13."},{"$f":"OFFSET(ORÇAMENTO!R$15,ROW(F49)-ROW(F$15),0)","v":"Dissipador de energia hidráulica em concreto armado Tipo-02 vazão entre 2 e 3 m3/s"},{"$f":"IF($D49<>\"Serviço\",\"\",OFFSET(ORÇAMENTO!S$15,ROW(G49)-ROW(G$15),0))","v":"UN"},{"$f":"IF($D49<>\"Serviço\",0,IF(ACOMPANHAMENTO=\"BM\",ROUND(OFFSET(ORÇAMENTO!AJ$15,ROW(H49)-ROW(H$15),0),15-13*ORÇAMENTO!$AF$7),SUMPRODUCT(($Q$1:$AI$1=1)*ROUND($Q49:$AI49,15-13*ORÇAMENTO!$AF$7))))","v":1},null,{"$f":"IF(B49<>\"S\",\"\",IF(AND(ACOMPANHAMENTO=\"PLE\",AUTOEVENTO=\"Manual\",OR(H49>0,ORÇAMENTO!AC49=\"QUANT.\"),OR(K49=\"\",M49=0,N49=\"\")),\"►\",IF(AND(ACOMPANHAMENTO=\"PLE\",ORÇAMENTO!AC49=\"QUANT.\"),\"►►\",IF(AND(COUNTIF($P$11:$AI$11,\"▼\")=0,H49>0,I49=\"\"),\"◄\",\"\"))))","v":"◄"},"2. DRENAGEM DE ÁGUAS PLUVIAIS",".",{"$f":"IF($D49<>\"Serviço\",\"\",\n          IF(AUTOEVENTO=\"manual\",$A49,\n                IF(ISERROR(MATCH($A49,$A$15:OFFSET($A49,-1,0),0)),MAX($M$15:OFFSET(M49,-1,0))+1,\n                      INDEX($M$15:OFFSET(M49,-1,0),MATCH($A49,$A$15:OFFSET($A49,-1,0),0)))))","v":2},{"$f":"IF($D49<>\"Serviço\",\"\",\n         IF(AUTOEVENTO=\"Manual\",\n                IF($A49=0,\"<-- defina o número do agrupador\",\n                       OFFSET(EVENTOS!$D$15,$A49-$A$15,0)),\n                OFFSET($F$15,$A49,0)))","v":"DRENAGEM DE ÁGUAS PLUVIAIS"},null,null,8286.2999999999993,null,null,null,null,null,null,null,null,null,null,null,null,null,null,null,null,null,null,{"$f":"IF(AND($D49=\"Serviço\",AJ$12<>0,$H49>0,OR(AUTOEVENTO<>\"manual\",$M49<>$A$15)),\n        IF(Import.TipoArredondamento<>\"TransfereGOV\",\n              ROUND(OFFSET($P49,0,AJ$13),15-13*ORÇAMENTO!$AF$7)/$H49*OFFSET(ORÇAMENTO!$X$15,ROW(AJ49)-ROW(AJ$15),0),\n              ROUND(ROUND(OFFSET($P49,0,AJ$13),15-13*ORÇAMENTO!$AF$7)*OFFSET(ORÇAMENTO!$W$15,ROW(AJ49)-ROW(AJ$15),0),15-13*ORÇAMENTO!$AF$11)),\n         0)","v":0},{"$f":"IF(AND($D49=\"Serviço\",AK$12<>0,$H49>0,OR(AUTOEVENTO<>\"manual\",$M49<>$A$15)),\n        IF(Import.TipoArredondamento<>\"TransfereGOV\",\n              ROUND(OFFSET($P49,0,AK$13),15-13*ORÇAMENTO!$AF$7)/$H49*OFFSET(ORÇAMENTO!$X$15,ROW(AK49)-ROW(AK$15),0),\n              ROUND(ROUND(OFFSET($P49,0,AK$13),15-13*ORÇAMENTO!$AF$7)*OFFSET(ORÇAMENTO!$W$15,ROW(AK49)-ROW(AK$15),0),15-13*ORÇAMENTO!$AF$11)),\n         0)","v":0},{"$f":"IF(AND($D49=\"Serviço\",AL$12<>0,$H49>0,OR(AUTOEVENTO<>\"manual\",$M49<>$A$15)),\n        IF(Import.TipoArredondamento<>\"TransfereGOV\",\n              ROUND(OFFSET($P49,0,AL$13),15-13*ORÇAMENTO!$AF$7)/$H49*OFFSET(ORÇAMENTO!$X$15,ROW(AL49)-ROW(AL$15),0),\n              ROUND(ROUND(OFFSET($P49,0,AL$13),15-13*ORÇAMENTO!$AF$7)*OFFSET(ORÇAMENTO!$W$15,ROW(AL49)-ROW(AL$15),0),15-13*ORÇAMENTO!$AF$11)),\n         0)","v":0},{"$f":"IF(AND($D49=\"Serviço\",AM$12<>0,$H49>0,OR(AUTOEVENTO<>\"manual\",$M49<>$A$15)),\n        IF(Import.TipoArredondamento<>\"TransfereGOV\",\n              ROUND(OFFSET($P49,0,AM$13),15-13*ORÇAMENTO!$AF$7)/$H49*OFFSET(ORÇAMENTO!$X$15,ROW(AM49)-ROW(AM$15),0),\n              ROUND(ROUND(OFFSET($P49,0,AM$13),15-13*ORÇAMENTO!$AF$7)*OFFSET(ORÇAMENTO!$W$15,ROW(AM49)-ROW(AM$15),0),15-13*ORÇAMENTO!$AF$11)),\n         0)","v":0},{"$f":"IF(AND($D49=\"Serviço\",AN$12<>0,$H49>0,OR(AUTOEVENTO<>\"manual\",$M49<>$A$15)),\n        IF(Import.TipoArredondamento<>\"TransfereGOV\",\n              ROUND(OFFSET($P49,0,AN$13),15-13*ORÇAMENTO!$AF$7)/$H49*OFFSET(ORÇAMENTO!$X$15,ROW(AN49)-ROW(AN$15),0),\n              ROUND(ROUND(OFFSET($P49,0,AN$13),15-13*ORÇAMENTO!$AF$7)*OFFSET(ORÇAMENTO!$W$15,ROW(AN49)-ROW(AN$15),0),15-13*ORÇAMENTO!$AF$11)),\n         0)","v":0},{"$f":"IF(AND($D49=\"Serviço\",AO$12<>0,$H49>0,OR(AUTOEVENTO<>\"manual\",$M49<>$A$15)),\n        IF(Import.TipoArredondamento<>\"TransfereGOV\",\n              ROUND(OFFSET($P49,0,AO$13),15-13*ORÇAMENTO!$AF$7)/$H49*OFFSET(ORÇAMENTO!$X$15,ROW(AO49)-ROW(AO$15),0),\n              ROUND(ROUND(OFFSET($P49,0,AO$13),15-13*ORÇAMENTO!$AF$7)*OFFSET(ORÇAMENTO!$W$15,ROW(AO49)-ROW(AO$15),0),15-13*ORÇAMENTO!$AF$11)),\n         0)","v":0},{"$f":"IF(AND($D49=\"Serviço\",AP$12<>0,$H49>0,OR(AUTOEVENTO<>\"manual\",$M49<>$A$15)),\n        IF(Import.TipoArredondamento<>\"TransfereGOV\",\n              ROUND(OFFSET($P49,0,AP$13),15-13*ORÇAMENTO!$AF$7)/$H49*OFFSET(ORÇAMENTO!$X$15,ROW(AP49)-ROW(AP$15),0),\n              ROUND(ROUND(OFFSET($P49,0,AP$13),15-13*ORÇAMENTO!$AF$7)*OFFSET(ORÇAMENTO!$W$15,ROW(AP49)-ROW(AP$15),0),15-13*ORÇAMENTO!$AF$11)),\n         0)","v":0},{"$f":"IF(AND($D49=\"Serviço\",AQ$12<>0,$H49>0,OR(AUTOEVENTO<>\"manual\",$M49<>$A$15)),\n        IF(Import.TipoArredondamento<>\"TransfereGOV\",\n              ROUND(OFFSET($P49,0,AQ$13),15-13*ORÇAMENTO!$AF$7)/$H49*OFFSET(ORÇAMENTO!$X$15,ROW(AQ49)-ROW(AQ$15),0),\n              ROUND(ROUND(OFFSET($P49,0,AQ$13),15-13*ORÇAMENTO!$AF$7)*OFFSET(ORÇAMENTO!$W$15,ROW(AQ49)-ROW(AQ$15),0),15-13*ORÇAMENTO!$AF$11)),\n         0)","v":0},{"$f":"IF(AND($D49=\"Serviço\",AR$12<>0,$H49>0,OR(AUTOEVENTO<>\"manual\",$M49<>$A$15)),\n        IF(Import.TipoArredondamento<>\"TransfereGOV\",\n              ROUND(OFFSET($P49,0,AR$13),15-13*ORÇAMENTO!$AF$7)/$H49*OFFSET(ORÇAMENTO!$X$15,ROW(AR49)-ROW(AR$15),0),\n              ROUND(ROUND(OFFSET($P49,0,AR$13),15-13*ORÇAMENTO!$AF$7)*OFFSET(ORÇAMENTO!$W$15,ROW(AR49)-ROW(AR$15),0),15-13*ORÇAMENTO!$AF$11)),\n         0)","v":0},{"$f":"IF(AND($D49=\"Serviço\",AS$12<>0,$H49>0,OR(AUTOEVENTO<>\"manual\",$M49<>$A$15)),\n        IF(Import.TipoArredondamento<>\"TransfereGOV\",\n              ROUND(OFFSET($P49,0,AS$13),15-13*ORÇAMENTO!$AF$7)/$H49*OFFSET(ORÇAMENTO!$X$15,ROW(AS49)-ROW(AS$15),0),\n              ROUND(ROUND(OFFSET($P49,0,AS$13),15-13*ORÇAMENTO!$AF$7)*OFFSET(ORÇAMENTO!$W$15,ROW(AS49)-ROW(AS$15),0),15-13*ORÇAMENTO!$AF$11)),\n         0)","v":0},{"$f":"IF(AND($D49=\"Serviço\",AT$12<>0,$H49>0,OR(AUTOEVENTO<>\"manual\",$M49<>$A$15)),\n        IF(Import.TipoArredondamento<>\"TransfereGOV\",\n              ROUND(OFFSET($P49,0,AT$13),15-13*ORÇAMENTO!$AF$7)/$H49*OFFSET(ORÇAMENTO!$X$15,ROW(AT49)-ROW(AT$15),0),\n              ROUND(ROUND(OFFSET($P49,0,AT$13),15-13*ORÇAMENTO!$AF$7)*OFFSET(ORÇAMENTO!$W$15,ROW(AT49)-ROW(AT$15),0),15-13*ORÇAMENTO!$AF$11)),\n         0)","v":0},{"$f":"IF(AND($D49=\"Serviço\",AU$12<>0,$H49>0,OR(AUTOEVENTO<>\"manual\",$M49<>$A$15)),\n        IF(Import.TipoArredondamento<>\"TransfereGOV\",\n              ROUND(OFFSET($P49,0,AU$13),15-13*ORÇAMENTO!$AF$7)/$H49*OFFSET(ORÇAMENTO!$X$15,ROW(AU49)-ROW(AU$15),0),\n              ROUND(ROUND(OFFSET($P49,0,AU$13),15-13*ORÇAMENTO!$AF$7)*OFFSET(ORÇAMENTO!$W$15,ROW(AU49)-ROW(AU$15),0),15-13*ORÇAMENTO!$AF$11)),\n         0)","v":0},{"$f":"IF(AND($D49=\"Serviço\",AV$12<>0,$H49>0,OR(AUTOEVENTO<>\"manual\",$M49<>$A$15)),\n        IF(Import.TipoArredondamento<>\"TransfereGOV\",\n              ROUND(OFFSET($P49,0,AV$13),15-13*ORÇAMENTO!$AF$7)/$H49*OFFSET(ORÇAMENTO!$X$15,ROW(AV49)-ROW(AV$15),0),\n              ROUND(ROUND(OFFSET($P49,0,AV$13),15-13*ORÇAMENTO!$AF$7)*OFFSET(ORÇAMENTO!$W$15,ROW(AV49)-ROW(AV$15),0),15-13*ORÇAMENTO!$AF$11)),\n         0)","v":0},{"$f":"IF(AND($D49=\"Serviço\",AW$12<>0,$H49>0,OR(AUTOEVENTO<>\"manual\",$M49<>$A$15)),\n        IF(Import.TipoArredondamento<>\"TransfereGOV\",\n              ROUND(OFFSET($P49,0,AW$13),15-13*ORÇAMENTO!$AF$7)/$H49*OFFSET(ORÇAMENTO!$X$15,ROW(AW49)-ROW(AW$15),0),\n              ROUND(ROUND(OFFSET($P49,0,AW$13),15-13*ORÇAMENTO!$AF$7)*OFFSET(ORÇAMENTO!$W$15,ROW(AW49)-ROW(AW$15),0),15-13*ORÇAMENTO!$AF$11)),\n         0)","v":0},{"$f":"IF(AND($D49=\"Serviço\",AX$12<>0,$H49>0,OR(AUTOEVENTO<>\"manual\",$M49<>$A$15)),\n        IF(Import.TipoArredondamento<>\"TransfereGOV\",\n              ROUND(OFFSET($P49,0,AX$13),15-13*ORÇAMENTO!$AF$7)/$H49*OFFSET(ORÇAMENTO!$X$15,ROW(AX49)-ROW(AX$15),0),\n              ROUND(ROUND(OFFSET($P49,0,AX$13),15-13*ORÇAMENTO!$AF$7)*OFFSET(ORÇAMENTO!$W$15,ROW(AX49)-ROW(AX$15),0),15-13*ORÇAMENTO!$AF$11)),\n         0)","v":0},{"$f":"IF(AND($D49=\"Serviço\",AY$12<>0,$H49>0,OR(AUTOEVENTO<>\"manual\",$M49<>$A$15)),\n        IF(Import.TipoArredondamento<>\"TransfereGOV\",\n              ROUND(OFFSET($P49,0,AY$13),15-13*ORÇAMENTO!$AF$7)/$H49*OFFSET(ORÇAMENTO!$X$15,ROW(AY49)-ROW(AY$15),0),\n              ROUND(ROUND(OFFSET($P49,0,AY$13),15-13*ORÇAMENTO!$AF$7)*OFFSET(ORÇAMENTO!$W$15,ROW(AY49)-ROW(AY$15),0),15-13*ORÇAMENTO!$AF$11)),\n         0)","v":0},{"$f":"IF(AND($D49=\"Serviço\",AZ$12<>0,$H49>0,OR(AUTOEVENTO<>\"manual\",$M49<>$A$15)),\n        IF(Import.TipoArredondamento<>\"TransfereGOV\",\n              ROUND(OFFSET($P49,0,AZ$13),15-13*ORÇAMENTO!$AF$7)/$H49*OFFSET(ORÇAMENTO!$X$15,ROW(AZ49)-ROW(AZ$15),0),\n              ROUND(ROUND(OFFSET($P49,0,AZ$13),15-13*ORÇAMENTO!$AF$7)*OFFSET(ORÇAMENTO!$W$15,ROW(AZ49)-ROW(AZ$15),0),15-13*ORÇAMENTO!$AF$11)),\n         0)","v":0},{"$f":"IF(AND($D49=\"Serviço\",BA$12<>0,$H49>0,OR(AUTOEVENTO<>\"manual\",$M49<>$A$15)),\n        IF(Import.TipoArredondamento<>\"TransfereGOV\",\n              ROUND(OFFSET($P49,0,BA$13),15-13*ORÇAMENTO!$AF$7)/$H49*OFFSET(ORÇAMENTO!$X$15,ROW(BA49)-ROW(BA$15),0),\n              ROUND(ROUND(OFFSET($P49,0,BA$13),15-13*ORÇAMENTO!$AF$7)*OFFSET(ORÇAMENTO!$W$15,ROW(BA49)-ROW(BA$15),0),15-13*ORÇAMENTO!$AF$11)),\n         0)","v":0},null,{"$f":"IF(OR($D49<>\"Serviço\",AND(AUTOEVENTO=\"Manual\",$M49=$A$15)),0,\n         IF(OFFSET(CRONOPLE!$F$15,$M49-$A$15,BC$13)=\"\",10^12,OFFSET(CRONOPLE!$F$15,$M49-$A$15,BC$13)))","v":1},{"$f":"IF(OR($D49<>\"Serviço\",AND(AUTOEVENTO=\"Manual\",$M49=$A$15)),0,\n         IF(OFFSET(CRONOPLE!$F$15,$M49-$A$15,BD$13)=\"\",10^12,OFFSET(CRONOPLE!$F$15,$M49-$A$15,BD$13)))","v":1000000000000},{"$f":"IF(OR($D49<>\"Serviço\",AND(AUTOEVENTO=\"Manual\",$M49=$A$15)),0,\n         IF(OFFSET(CRONOPLE!$F$15,$M49-$A$15,BE$13)=\"\",10^12,OFFSET(CRONOPLE!$F$15,$M49-$A$15,BE$13)))","v":1000000000000},{"$f":"IF(OR($D49<>\"Serviço\",AND(AUTOEVENTO=\"Manual\",$M49=$A$15)),0,\n         IF(OFFSET(CRONOPLE!$F$15,$M49-$A$15,BF$13)=\"\",10^12,OFFSET(CRONOPLE!$F$15,$M49-$A$15,BF$13)))","v":1000000000000},{"$f":"IF(OR($D49<>\"Serviço\",AND(AUTOEVENTO=\"Manual\",$M49=$A$15)),0,\n         IF(OFFSET(CRONOPLE!$F$15,$M49-$A$15,BG$13)=\"\",10^12,OFFSET(CRONOPLE!$F$15,$M49-$A$15,BG$13)))","v":1000000000000},{"$f":"IF(OR($D49<>\"Serviço\",AND(AUTOEVENTO=\"Manual\",$M49=$A$15)),0,\n         IF(OFFSET(CRONOPLE!$F$15,$M49-$A$15,BH$13)=\"\",10^12,OFFSET(CRONOPLE!$F$15,$M49-$A$15,BH$13)))","v":1000000000000},{"$f":"IF(OR($D49<>\"Serviço\",AND(AUTOEVENTO=\"Manual\",$M49=$A$15)),0,\n         IF(OFFSET(CRONOPLE!$F$15,$M49-$A$15,BI$13)=\"\",10^12,OFFSET(CRONOPLE!$F$15,$M49-$A$15,BI$13)))","v":1000000000000},{"$f":"IF(OR($D49<>\"Serviço\",AND(AUTOEVENTO=\"Manual\",$M49=$A$15)),0,\n         IF(OFFSET(CRONOPLE!$F$15,$M49-$A$15,BJ$13)=\"\",10^12,OFFSET(CRONOPLE!$F$15,$M49-$A$15,BJ$13)))","v":1000000000000},{"$f":"IF(OR($D49<>\"Serviço\",AND(AUTOEVENTO=\"Manual\",$M49=$A$15)),0,\n         IF(OFFSET(CRONOPLE!$F$15,$M49-$A$15,BK$13)=\"\",10^12,OFFSET(CRONOPLE!$F$15,$M49-$A$15,BK$13)))","v":1000000000000},{"$f":"IF(OR($D49<>\"Serviço\",AND(AUTOEVENTO=\"Manual\",$M49=$A$15)),0,\n         IF(OFFSET(CRONOPLE!$F$15,$M49-$A$15,BL$13)=\"\",10^12,OFFSET(CRONOPLE!$F$15,$M49-$A$15,BL$13)))","v":1000000000000},{"$f":"IF(OR($D49<>\"Serviço\",AND(AUTOEVENTO=\"Manual\",$M49=$A$15)),0,\n         IF(OFFSET(CRONOPLE!$F$15,$M49-$A$15,BM$13)=\"\",10^12,OFFSET(CRONOPLE!$F$15,$M49-$A$15,BM$13)))","v":1000000000000},{"$f":"IF(OR($D49<>\"Serviço\",AND(AUTOEVENTO=\"Manual\",$M49=$A$15)),0,\n         IF(OFFSET(CRONOPLE!$F$15,$M49-$A$15,BN$13)=\"\",10^12,OFFSET(CRONOPLE!$F$15,$M49-$A$15,BN$13)))","v":1000000000000},{"$f":"IF(OR($D49<>\"Serviço\",AND(AUTOEVENTO=\"Manual\",$M49=$A$15)),0,\n         IF(OFFSET(CRONOPLE!$F$15,$M49-$A$15,BO$13)=\"\",10^12,OFFSET(CRONOPLE!$F$15,$M49-$A$15,BO$13)))","v":1000000000000},{"$f":"IF(OR($D49<>\"Serviço\",AND(AUTOEVENTO=\"Manual\",$M49=$A$15)),0,\n         IF(OFFSET(CRONOPLE!$F$15,$M49-$A$15,BP$13)=\"\",10^12,OFFSET(CRONOPLE!$F$15,$M49-$A$15,BP$13)))","v":1000000000000},{"$f":"IF(OR($D49<>\"Serviço\",AND(AUTOEVENTO=\"Manual\",$M49=$A$15)),0,\n         IF(OFFSET(CRONOPLE!$F$15,$M49-$A$15,BQ$13)=\"\",10^12,OFFSET(CRONOPLE!$F$15,$M49-$A$15,BQ$13)))","v":1000000000000},{"$f":"IF(OR($D49<>\"Serviço\",AND(AUTOEVENTO=\"Manual\",$M49=$A$15)),0,\n         IF(OFFSET(CRONOPLE!$F$15,$M49-$A$15,BR$13)=\"\",10^12,OFFSET(CRONOPLE!$F$15,$M49-$A$15,BR$13)))","v":1000000000000},{"$f":"IF(OR($D49<>\"Serviço\",AND(AUTOEVENTO=\"Manual\",$M49=$A$15)),0,\n         IF(OFFSET(CRONOPLE!$F$15,$M49-$A$15,BS$13)=\"\",10^12,OFFSET(CRONOPLE!$F$15,$M49-$A$15,BS$13)))","v":1000000000000},{"$f":"IF(OR($D49<>\"Serviço\",AND(AUTOEVENTO=\"Manual\",$M49=$A$15)),0,\n         IF(OFFSET(CRONOPLE!$F$15,$M49-$A$15,BT$13)=\"\",10^12,OFFSET(CRONOPLE!$F$15,$M49-$A$15,BT$13)))","v":1000000000000},null,{"$f":"IF(OR($D49<>\"Serviço\",AND(AUTOEVENTO=\"Manual\",$M49=$A$15),$M49>(ROW(PLE.lastrow)-ROW(PLE.firstrow))),0,\n           IF(OFFSET(PLE!$G$15,$M49-$A$15,BV$13)=\"\",10^12,OFFSET(PLE!$G$15,$M49-$A$15,BV$13)))","v":1000000000000},{"$f":"IF(OR($D49<>\"Serviço\",AND(AUTOEVENTO=\"Manual\",$M49=$A$15),$M49>(ROW(PLE.lastrow)-ROW(PLE.firstrow))),0,\n           IF(OFFSET(PLE!$G$15,$M49-$A$15,BW$13)=\"\",10^12,OFFSET(PLE!$G$15,$M49-$A$15,BW$13)))","v":1000000000000},{"$f":"IF(OR($D49<>\"Serviço\",AND(AUTOEVENTO=\"Manual\",$M49=$A$15),$M49>(ROW(PLE.lastrow)-ROW(PLE.firstrow))),0,\n           IF(OFFSET(PLE!$G$15,$M49-$A$15,BX$13)=\"\",10^12,OFFSET(PLE!$G$15,$M49-$A$15,BX$13)))","v":1000000000000},{"$f":"IF(OR($D49<>\"Serviço\",AND(AUTOEVENTO=\"Manual\",$M49=$A$15),$M49>(ROW(PLE.lastrow)-ROW(PLE.firstrow))),0,\n           IF(OFFSET(PLE!$G$15,$M49-$A$15,BY$13)=\"\",10^12,OFFSET(PLE!$G$15,$M49-$A$15,BY$13)))","v":1000000000000},{"$f":"IF(OR($D49<>\"Serviço\",AND(AUTOEVENTO=\"Manual\",$M49=$A$15),$M49>(ROW(PLE.lastrow)-ROW(PLE.firstrow))),0,\n           IF(OFFSET(PLE!$G$15,$M49-$A$15,BZ$13)=\"\",10^12,OFFSET(PLE!$G$15,$M49-$A$15,BZ$13)))","v":1000000000000},{"$f":"IF(OR($D49<>\"Serviço\",AND(AUTOEVENTO=\"Manual\",$M49=$A$15),$M49>(ROW(PLE.lastrow)-ROW(PLE.firstrow))),0,\n           IF(OFFSET(PLE!$G$15,$M49-$A$15,CA$13)=\"\",10^12,OFFSET(PLE!$G$15,$M49-$A$15,CA$13)))","v":1000000000000},{"$f":"IF(OR($D49<>\"Serviço\",AND(AUTOEVENTO=\"Manual\",$M49=$A$15),$M49>(ROW(PLE.lastrow)-ROW(PLE.firstrow))),0,\n           IF(OFFSET(PLE!$G$15,$M49-$A$15,CB$13)=\"\",10^12,OFFSET(PLE!$G$15,$M49-$A$15,CB$13)))","v":1000000000000},{"$f":"IF(OR($D49<>\"Serviço\",AND(AUTOEVENTO=\"Manual\",$M49=$A$15),$M49>(ROW(PLE.lastrow)-ROW(PLE.firstrow))),0,\n           IF(OFFSET(PLE!$G$15,$M49-$A$15,CC$13)=\"\",10^12,OFFSET(PLE!$G$15,$M49-$A$15,CC$13)))","v":1000000000000},{"$f":"IF(OR($D49<>\"Serviço\",AND(AUTOEVENTO=\"Manual\",$M49=$A$15),$M49>(ROW(PLE.lastrow)-ROW(PLE.firstrow))),0,\n           IF(OFFSET(PLE!$G$15,$M49-$A$15,CD$13)=\"\",10^12,OFFSET(PLE!$G$15,$M49-$A$15,CD$13)))","v":1000000000000},{"$f":"IF(OR($D49<>\"Serviço\",AND(AUTOEVENTO=\"Manual\",$M49=$A$15),$M49>(ROW(PLE.lastrow)-ROW(PLE.firstrow))),0,\n           IF(OFFSET(PLE!$G$15,$M49-$A$15,CE$13)=\"\",10^12,OFFSET(PLE!$G$15,$M49-$A$15,CE$13)))","v":1000000000000},{"$f":"IF(OR($D49<>\"Serviço\",AND(AUTOEVENTO=\"Manual\",$M49=$A$15),$M49>(ROW(PLE.lastrow)-ROW(PLE.firstrow))),0,\n           IF(OFFSET(PLE!$G$15,$M49-$A$15,CF$13)=\"\",10^12,OFFSET(PLE!$G$15,$M49-$A$15,CF$13)))","v":1000000000000},{"$f":"IF(OR($D49<>\"Serviço\",AND(AUTOEVENTO=\"Manual\",$M49=$A$15),$M49>(ROW(PLE.lastrow)-ROW(PLE.firstrow))),0,\n           IF(OFFSET(PLE!$G$15,$M49-$A$15,CG$13)=\"\",10^12,OFFSET(PLE!$G$15,$M49-$A$15,CG$13)))","v":1000000000000},{"$f":"IF(OR($D49<>\"Serviço\",AND(AUTOEVENTO=\"Manual\",$M49=$A$15),$M49>(ROW(PLE.lastrow)-ROW(PLE.firstrow))),0,\n           IF(OFFSET(PLE!$G$15,$M49-$A$15,CH$13)=\"\",10^12,OFFSET(PLE!$G$15,$M49-$A$15,CH$13)))","v":1000000000000},{"$f":"IF(OR($D49<>\"Serviço\",AND(AUTOEVENTO=\"Manual\",$M49=$A$15),$M49>(ROW(PLE.lastrow)-ROW(PLE.firstrow))),0,\n           IF(OFFSET(PLE!$G$15,$M49-$A$15,CI$13)=\"\",10^12,OFFSET(PLE!$G$15,$M49-$A$15,CI$13)))","v":1000000000000},{"$f":"IF(OR($D49<>\"Serviço\",AND(AUTOEVENTO=\"Manual\",$M49=$A$15),$M49>(ROW(PLE.lastrow)-ROW(PLE.firstrow))),0,\n           IF(OFFSET(PLE!$G$15,$M49-$A$15,CJ$13)=\"\",10^12,OFFSET(PLE!$G$15,$M49-$A$15,CJ$13)))","v":1000000000000},{"$f":"IF(OR($D49<>\"Serviço\",AND(AUTOEVENTO=\"Manual\",$M49=$A$15),$M49>(ROW(PLE.lastrow)-ROW(PLE.firstrow))),0,\n           IF(OFFSET(PLE!$G$15,$M49-$A$15,CK$13)=\"\",10^12,OFFSET(PLE!$G$15,$M49-$A$15,CK$13)))","v":1000000000000},{"$f":"IF(OR($D49<>\"Serviço\",AND(AUTOEVENTO=\"Manual\",$M49=$A$15),$M49>(ROW(PLE.lastrow)-ROW(PLE.firstrow))),0,\n           IF(OFFSET(PLE!$G$15,$M49-$A$15,CL$13)=\"\",10^12,OFFSET(PLE!$G$15,$M49-$A$15,CL$13)))","v":1000000000000},{"$f":"IF(OR($D49<>\"Serviço\",AND(AUTOEVENTO=\"Manual\",$M49=$A$15),$M49>(ROW(PLE.lastrow)-ROW(PLE.firstrow))),0,\n           IF(OFFSET(PLE!$G$15,$M49-$A$15,CM$13)=\"\",10^12,OFFSET(PLE!$G$15,$M49-$A$15,CM$13)))","v":1000000000000}]
[0,{"$f":"OFFSET(ORÇAMENTO!C$15,ROW(B50)-ROW(B$15),0)","v":2},{"$f":"OFFSET(ORÇAMENTO!L$15,ROW(C50)-ROW(C$15),0)","v":"F"},{"$f":"OFFSET(ORÇAMENTO!N$15,ROW(D50)-ROW(D$15),0)","v":"Nível 2"},{"$f":"OFFSET(ORÇAMENTO!O$15,ROW(E50)-ROW(E$15),0)","v":"1.4."},{"$f":"OFFSET(ORÇAMENTO!R$15,ROW(F50)-ROW(F$15),0)","v":"RECOMPOSIÇÃO DO PAVIMENTO"},{"$f":"IF($D50<>\"Serviço\",\"\",OFFSET(ORÇAMENTO!S$15,ROW(G50)-ROW(G$15),0))","v":""},{"$f":"IF($D50<>\"Serviço\",0,IF(ACOMPANHAMENTO=\"BM\",ROUND(OFFSET(ORÇAMENTO!AJ$15,ROW(H50)-ROW(H$15),0),15-13*ORÇAMENTO!$AF$7),SUMPRODUCT(($Q$1:$AI$1=1)*ROUND($Q50:$AI50,15-13*ORÇAMENTO!$AF$7))))","v":0},null,{"$f":"IF(B50<>\"S\",\"\",IF(AND(ACOMPANHAMENTO=\"PLE\",AUTOEVENTO=\"Manual\",OR(H50>0,ORÇAMENTO!AC50=\"QUANT.\"),OR(K50=\"\",M50=0,N50=\"\")),\"►\",IF(AND(ACOMPANHAMENTO=\"PLE\",ORÇAMENTO!AC50=\"QUANT.\"),\"►►\",IF(AND(COUNTIF($P$11:$AI$11,\"▼\")=0,H50>0,I50=\"\"),\"◄\",\"\"))))","v":""},null,".",{"$f":"IF($D50<>\"Serviço\",\"\",\n          IF(AUTOEVENTO=\"manual\",$A50,\n                IF(ISERROR(MATCH($A50,$A$15:OFFSET($A50,-1,0),0)),MAX($M$15:OFFSET(M50,-1,0))+1,\n                      INDEX($M$15:OFFSET(M50,-1,0),MATCH($A50,$A$15:OFFSET($A50,-1,0),0)))))","v":""},{"$f":"IF($D50<>\"Serviço\",\"\",\n         IF(AUTOEVENTO=\"Manual\",\n                IF($A50=0,\"<-- defina o número do agrupador\",\n                       OFFSET(EVENTOS!$D$15,$A50-$A$15,0)),\n                OFFSET($F$15,$A50,0)))","v":""},null,null,null,null,null,null,null,null,null,null,null,null,null,null,null,null,null,null,null,null,null,{"$f":"IF(AND($D50=\"Serviço\",AJ$12<>0,$H50>0,OR(AUTOEVENTO<>\"manual\",$M50<>$A$15)),\n        IF(Import.TipoArredondamento<>\"TransfereGOV\",\n              ROUND(OFFSET($P50,0,AJ$13),15-13*ORÇAMENTO!$AF$7)/$H50*OFFSET(ORÇAMENTO!$X$15,ROW(AJ50)-ROW(AJ$15),0),\n              ROUND(ROUND(OFFSET($P50,0,AJ$13),15-13*ORÇAMENTO!$AF$7)*OFFSET(ORÇAMENTO!$W$15,ROW(AJ50)-ROW(AJ$15),0),15-13*ORÇAMENTO!$AF$11)),\n         0)","v":0},{"$f":"IF(AND($D50=\"Serviço\",AK$12<>0,$H50>0,OR(AUTOEVENTO<>\"manual\",$M50<>$A$15)),\n        IF(Import.TipoArredondamento<>\"TransfereGOV\",\n              ROUND(OFFSET($P50,0,AK$13),15-13*ORÇAMENTO!$AF$7)/$H50*OFFSET(ORÇAMENTO!$X$15,ROW(AK50)-ROW(AK$15),0),\n              ROUND(ROUND(OFFSET($P50,0,AK$13),15-13*ORÇAMENTO!$AF$7)*OFFSET(ORÇAMENTO!$W$15,ROW(AK50)-ROW(AK$15),0),15-13*ORÇAMENTO!$AF$11)),\n         0)","v":0},{"$f":"IF(AND($D50=\"Serviço\",AL$12<>0,$H50>0,OR(AUTOEVENTO<>\"manual\",$M50<>$A$15)),\n        IF(Import.TipoArredondamento<>\"TransfereGOV\",\n              ROUND(OFFSET($P50,0,AL$13),15-13*ORÇAMENTO!$AF$7)/$H50*OFFSET(ORÇAMENTO!$X$15,ROW(AL50)-ROW(AL$15),0),\n              ROUND(ROUND(OFFSET($P50,0,AL$13),15-13*ORÇAMENTO!$AF$7)*OFFSET(ORÇAMENTO!$W$15,ROW(AL50)-ROW(AL$15),0),15-13*ORÇAMENTO!$AF$11)),\n         0)","v":0},{"$f":"IF(AND($D50=\"Serviço\",AM$12<>0,$H50>0,OR(AUTOEVENTO<>\"manual\",$M50<>$A$15)),\n        IF(Import.TipoArredondamento<>\"TransfereGOV\",\n              ROUND(OFFSET($P50,0,AM$13),15-13*ORÇAMENTO!$AF$7)/$H50*OFFSET(ORÇAMENTO!$X$15,ROW(AM50)-ROW(AM$15),0),\n              ROUND(ROUND(OFFSET($P50,0,AM$13),15-13*ORÇAMENTO!$AF$7)*OFFSET(ORÇAMENTO!$W$15,ROW(AM50)-ROW(AM$15),0),15-13*ORÇAMENTO!$AF$11)),\n         0)","v":0},{"$f":"IF(AND($D50=\"Serviço\",AN$12<>0,$H50>0,OR(AUTOEVENTO<>\"manual\",$M50<>$A$15)),\n        IF(Import.TipoArredondamento<>\"TransfereGOV\",\n              ROUND(OFFSET($P50,0,AN$13),15-13*ORÇAMENTO!$AF$7)/$H50*OFFSET(ORÇAMENTO!$X$15,ROW(AN50)-ROW(AN$15),0),\n              ROUND(ROUND(OFFSET($P50,0,AN$13),15-13*ORÇAMENTO!$AF$7)*OFFSET(ORÇAMENTO!$W$15,ROW(AN50)-ROW(AN$15),0),15-13*ORÇAMENTO!$AF$11)),\n         0)","v":0},{"$f":"IF(AND($D50=\"Serviço\",AO$12<>0,$H50>0,OR(AUTOEVENTO<>\"manual\",$M50<>$A$15)),\n        IF(Import.TipoArredondamento<>\"TransfereGOV\",\n              ROUND(OFFSET($P50,0,AO$13),15-13*ORÇAMENTO!$AF$7)/$H50*OFFSET(ORÇAMENTO!$X$15,ROW(AO50)-ROW(AO$15),0),\n              ROUND(ROUND(OFFSET($P50,0,AO$13),15-13*ORÇAMENTO!$AF$7)*OFFSET(ORÇAMENTO!$W$15,ROW(AO50)-ROW(AO$15),0),15-13*ORÇAMENTO!$AF$11)),\n         0)","v":0},{"$f":"IF(AND($D50=\"Serviço\",AP$12<>0,$H50>0,OR(AUTOEVENTO<>\"manual\",$M50<>$A$15)),\n        IF(Import.TipoArredondamento<>\"TransfereGOV\",\n              ROUND(OFFSET($P50,0,AP$13),15-13*ORÇAMENTO!$AF$7)/$H50*OFFSET(ORÇAMENTO!$X$15,ROW(AP50)-ROW(AP$15),0),\n              ROUND(ROUND(OFFSET($P50,0,AP$13),15-13*ORÇAMENTO!$AF$7)*OFFSET(ORÇAMENTO!$W$15,ROW(AP50)-ROW(AP$15),0),15-13*ORÇAMENTO!$AF$11)),\n         0)","v":0},{"$f":"IF(AND($D50=\"Serviço\",AQ$12<>0,$H50>0,OR(AUTOEVENTO<>\"manual\",$M50<>$A$15)),\n        IF(Import.TipoArredondamento<>\"TransfereGOV\",\n              ROUND(OFFSET($P50,0,AQ$13),15-13*ORÇAMENTO!$AF$7)/$H50*OFFSET(ORÇAMENTO!$X$15,ROW(AQ50)-ROW(AQ$15),0),\n              ROUND(ROUND(OFFSET($P50,0,AQ$13),15-13*ORÇAMENTO!$AF$7)*OFFSET(ORÇAMENTO!$W$15,ROW(AQ50)-ROW(AQ$15),0),15-13*ORÇAMENTO!$AF$11)),\n         0)","v":0},{"$f":"IF(AND($D50=\"Serviço\",AR$12<>0,$H50>0,OR(AUTOEVENTO<>\"manual\",$M50<>$A$15)),\n        IF(Import.TipoArredondamento<>\"TransfereGOV\",\n              ROUND(OFFSET($P50,0,AR$13),15-13*ORÇAMENTO!$AF$7)/$H50*OFFSET(ORÇAMENTO!$X$15,ROW(AR50)-ROW(AR$15),0),\n              ROUND(ROUND(OFFSET($P50,0,AR$13),15-13*ORÇAMENTO!$AF$7)*OFFSET(ORÇAMENTO!$W$15,ROW(AR50)-ROW(AR$15),0),15-13*ORÇAMENTO!$AF$11)),\n         0)","v":0},{"$f":"IF(AND($D50=\"Serviço\",AS$12<>0,$H50>0,OR(AUTOEVENTO<>\"manual\",$M50<>$A$15)),\n        IF(Import.TipoArredondamento<>\"TransfereGOV\",\n              ROUND(OFFSET($P50,0,AS$13),15-13*ORÇAMENTO!$AF$7)/$H50*OFFSET(ORÇAMENTO!$X$15,ROW(AS50)-ROW(AS$15),0),\n              ROUND(ROUND(OFFSET($P50,0,AS$13),15-13*ORÇAMENTO!$AF$7)*OFFSET(ORÇAMENTO!$W$15,ROW(AS50)-ROW(AS$15),0),15-13*ORÇAMENTO!$AF$11)),\n         0)","v":0},{"$f":"IF(AND($D50=\"Serviço\",AT$12<>0,$H50>0,OR(AUTOEVENTO<>\"manual\",$M50<>$A$15)),\n        IF(Import.TipoArredondamento<>\"TransfereGOV\",\n              ROUND(OFFSET($P50,0,AT$13),15-13*ORÇAMENTO!$AF$7)/$H50*OFFSET(ORÇAMENTO!$X$15,ROW(AT50)-ROW(AT$15),0),\n              ROUND(ROUND(OFFSET($P50,0,AT$13),15-13*ORÇAMENTO!$AF$7)*OFFSET(ORÇAMENTO!$W$15,ROW(AT50)-ROW(AT$15),0),15-13*ORÇAMENTO!$AF$11)),\n         0)","v":0},{"$f":"IF(AND($D50=\"Serviço\",AU$12<>0,$H50>0,OR(AUTOEVENTO<>\"manual\",$M50<>$A$15)),\n        IF(Import.TipoArredondamento<>\"TransfereGOV\",\n              ROUND(OFFSET($P50,0,AU$13),15-13*ORÇAMENTO!$AF$7)/$H50*OFFSET(ORÇAMENTO!$X$15,ROW(AU50)-ROW(AU$15),0),\n              ROUND(ROUND(OFFSET($P50,0,AU$13),15-13*ORÇAMENTO!$AF$7)*OFFSET(ORÇAMENTO!$W$15,ROW(AU50)-ROW(AU$15),0),15-13*ORÇAMENTO!$AF$11)),\n         0)","v":0},{"$f":"IF(AND($D50=\"Serviço\",AV$12<>0,$H50>0,OR(AUTOEVENTO<>\"manual\",$M50<>$A$15)),\n        IF(Import.TipoArredondamento<>\"TransfereGOV\",\n              ROUND(OFFSET($P50,0,AV$13),15-13*ORÇAMENTO!$AF$7)/$H50*OFFSET(ORÇAMENTO!$X$15,ROW(AV50)-ROW(AV$15),0),\n              ROUND(ROUND(OFFSET($P50,0,AV$13),15-13*ORÇAMENTO!$AF$7)*OFFSET(ORÇAMENTO!$W$15,ROW(AV50)-ROW(AV$15),0),15-13*ORÇAMENTO!$AF$11)),\n         0)","v":0},{"$f":"IF(AND($D50=\"Serviço\",AW$12<>0,$H50>0,OR(AUTOEVENTO<>\"manual\",$M50<>$A$15)),\n        IF(Import.TipoArredondamento<>\"TransfereGOV\",\n              ROUND(OFFSET($P50,0,AW$13),15-13*ORÇAMENTO!$AF$7)/$H50*OFFSET(ORÇAMENTO!$X$15,ROW(AW50)-ROW(AW$15),0),\n              ROUND(ROUND(OFFSET($P50,0,AW$13),15-13*ORÇAMENTO!$AF$7)*OFFSET(ORÇAMENTO!$W$15,ROW(AW50)-ROW(AW$15),0),15-13*ORÇAMENTO!$AF$11)),\n         0)","v":0},{"$f":"IF(AND($D50=\"Serviço\",AX$12<>0,$H50>0,OR(AUTOEVENTO<>\"manual\",$M50<>$A$15)),\n        IF(Import.TipoArredondamento<>\"TransfereGOV\",\n              ROUND(OFFSET($P50,0,AX$13),15-13*ORÇAMENTO!$AF$7)/$H50*OFFSET(ORÇAMENTO!$X$15,ROW(AX50)-ROW(AX$15),0),\n              ROUND(ROUND(OFFSET($P50,0,AX$13),15-13*ORÇAMENTO!$AF$7)*OFFSET(ORÇAMENTO!$W$15,ROW(AX50)-ROW(AX$15),0),15-13*ORÇAMENTO!$AF$11)),\n         0)","v":0},{"$f":"IF(AND($D50=\"Serviço\",AY$12<>0,$H50>0,OR(AUTOEVENTO<>\"manual\",$M50<>$A$15)),\n        IF(Import.TipoArredondamento<>\"TransfereGOV\",\n              ROUND(OFFSET($P50,0,AY$13),15-13*ORÇAMENTO!$AF$7)/$H50*OFFSET(ORÇAMENTO!$X$15,ROW(AY50)-ROW(AY$15),0),\n              ROUND(ROUND(OFFSET($P50,0,AY$13),15-13*ORÇAMENTO!$AF$7)*OFFSET(ORÇAMENTO!$W$15,ROW(AY50)-ROW(AY$15),0),15-13*ORÇAMENTO!$AF$11)),\n         0)","v":0},{"$f":"IF(AND($D50=\"Serviço\",AZ$12<>0,$H50>0,OR(AUTOEVENTO<>\"manual\",$M50<>$A$15)),\n        IF(Import.TipoArredondamento<>\"TransfereGOV\",\n              ROUND(OFFSET($P50,0,AZ$13),15-13*ORÇAMENTO!$AF$7)/$H50*OFFSET(ORÇAMENTO!$X$15,ROW(AZ50)-ROW(AZ$15),0),\n              ROUND(ROUND(OFFSET($P50,0,AZ$13),15-13*ORÇAMENTO!$AF$7)*OFFSET(ORÇAMENTO!$W$15,ROW(AZ50)-ROW(AZ$15),0),15-13*ORÇAMENTO!$AF$11)),\n         0)","v":0},{"$f":"IF(AND($D50=\"Serviço\",BA$12<>0,$H50>0,OR(AUTOEVENTO<>\"manual\",$M50<>$A$15)),\n        IF(Import.TipoArredondamento<>\"TransfereGOV\",\n              ROUND(OFFSET($P50,0,BA$13),15-13*ORÇAMENTO!$AF$7)/$H50*OFFSET(ORÇAMENTO!$X$15,ROW(BA50)-ROW(BA$15),0),\n              ROUND(ROUND(OFFSET($P50,0,BA$13),15-13*ORÇAMENTO!$AF$7)*OFFSET(ORÇAMENTO!$W$15,ROW(BA50)-ROW(BA$15),0),15-13*ORÇAMENTO!$AF$11)),\n         0)","v":0},null,{"$f":"IF(OR($D50<>\"Serviço\",AND(AUTOEVENTO=\"Manual\",$M50=$A$15)),0,\n         IF(OFFSET(CRONOPLE!$F$15,$M50-$A$15,BC$13)=\"\",10^12,OFFSET(CRONOPLE!$F$15,$M50-$A$15,BC$13)))","v":0},{"$f":"IF(OR($D50<>\"Serviço\",AND(AUTOEVENTO=\"Manual\",$M50=$A$15)),0,\n         IF(OFFSET(CRONOPLE!$F$15,$M50-$A$15,BD$13)=\"\",10^12,OFFSET(CRONOPLE!$F$15,$M50-$A$15,BD$13)))","v":0},{"$f":"IF(OR($D50<>\"Serviço\",AND(AUTOEVENTO=\"Manual\",$M50=$A$15)),0,\n         IF(OFFSET(CRONOPLE!$F$15,$M50-$A$15,BE$13)=\"\",10^12,OFFSET(CRONOPLE!$F$15,$M50-$A$15,BE$13)))","v":0},{"$f":"IF(OR($D50<>\"Serviço\",AND(AUTOEVENTO=\"Manual\",$M50=$A$15)),0,\n         IF(OFFSET(CRONOPLE!$F$15,$M50-$A$15,BF$13)=\"\",10^12,OFFSET(CRONOPLE!$F$15,$M50-$A$15,BF$13)))","v":0},{"$f":"IF(OR($D50<>\"Serviço\",AND(AUTOEVENTO=\"Manual\",$M50=$A$15)),0,\n         IF(OFFSET(CRONOPLE!$F$15,$M50-$A$15,BG$13)=\"\",10^12,OFFSET(CRONOPLE!$F$15,$M50-$A$15,BG$13)))","v":0},{"$f":"IF(OR($D50<>\"Serviço\",AND(AUTOEVENTO=\"Manual\",$M50=$A$15)),0,\n         IF(OFFSET(CRONOPLE!$F$15,$M50-$A$15,BH$13)=\"\",10^12,OFFSET(CRONOPLE!$F$15,$M50-$A$15,BH$13)))","v":0},{"$f":"IF(OR($D50<>\"Serviço\",AND(AUTOEVENTO=\"Manual\",$M50=$A$15)),0,\n         IF(OFFSET(CRONOPLE!$F$15,$M50-$A$15,BI$13)=\"\",10^12,OFFSET(CRONOPLE!$F$15,$M50-$A$15,BI$13)))","v":0},{"$f":"IF(OR($D50<>\"Serviço\",AND(AUTOEVENTO=\"Manual\",$M50=$A$15)),0,\n         IF(OFFSET(CRONOPLE!$F$15,$M50-$A$15,BJ$13)=\"\",10^12,OFFSET(CRONOPLE!$F$15,$M50-$A$15,BJ$13)))","v":0},{"$f":"IF(OR($D50<>\"Serviço\",AND(AUTOEVENTO=\"Manual\",$M50=$A$15)),0,\n         IF(OFFSET(CRONOPLE!$F$15,$M50-$A$15,BK$13)=\"\",10^12,OFFSET(CRONOPLE!$F$15,$M50-$A$15,BK$13)))","v":0},{"$f":"IF(OR($D50<>\"Serviço\",AND(AUTOEVENTO=\"Manual\",$M50=$A$15)),0,\n         IF(OFFSET(CRONOPLE!$F$15,$M50-$A$15,BL$13)=\"\",10^12,OFFSET(CRONOPLE!$F$15,$M50-$A$15,BL$13)))","v":0},{"$f":"IF(OR($D50<>\"Serviço\",AND(AUTOEVENTO=\"Manual\",$M50=$A$15)),0,\n         IF(OFFSET(CRONOPLE!$F$15,$M50-$A$15,BM$13)=\"\",10^12,OFFSET(CRONOPLE!$F$15,$M50-$A$15,BM$13)))","v":0},{"$f":"IF(OR($D50<>\"Serviço\",AND(AUTOEVENTO=\"Manual\",$M50=$A$15)),0,\n         IF(OFFSET(CRONOPLE!$F$15,$M50-$A$15,BN$13)=\"\",10^12,OFFSET(CRONOPLE!$F$15,$M50-$A$15,BN$13)))","v":0},{"$f":"IF(OR($D50<>\"Serviço\",AND(AUTOEVENTO=\"Manual\",$M50=$A$15)),0,\n         IF(OFFSET(CRONOPLE!$F$15,$M50-$A$15,BO$13)=\"\",10^12,OFFSET(CRONOPLE!$F$15,$M50-$A$15,BO$13)))","v":0},{"$f":"IF(OR($D50<>\"Serviço\",AND(AUTOEVENTO=\"Manual\",$M50=$A$15)),0,\n         IF(OFFSET(CRONOPLE!$F$15,$M50-$A$15,BP$13)=\"\",10^12,OFFSET(CRONOPLE!$F$15,$M50-$A$15,BP$13)))","v":0},{"$f":"IF(OR($D50<>\"Serviço\",AND(AUTOEVENTO=\"Manual\",$M50=$A$15)),0,\n         IF(OFFSET(CRONOPLE!$F$15,$M50-$A$15,BQ$13)=\"\",10^12,OFFSET(CRONOPLE!$F$15,$M50-$A$15,BQ$13)))","v":0},{"$f":"IF(OR($D50<>\"Serviço\",AND(AUTOEVENTO=\"Manual\",$M50=$A$15)),0,\n         IF(OFFSET(CRONOPLE!$F$15,$M50-$A$15,BR$13)=\"\",10^12,OFFSET(CRONOPLE!$F$15,$M50-$A$15,BR$13)))","v":0},{"$f":"IF(OR($D50<>\"Serviço\",AND(AUTOEVENTO=\"Manual\",$M50=$A$15)),0,\n         IF(OFFSET(CRONOPLE!$F$15,$M50-$A$15,BS$13)=\"\",10^12,OFFSET(CRONOPLE!$F$15,$M50-$A$15,BS$13)))","v":0},{"$f":"IF(OR($D50<>\"Serviço\",AND(AUTOEVENTO=\"Manual\",$M50=$A$15)),0,\n         IF(OFFSET(CRONOPLE!$F$15,$M50-$A$15,BT$13)=\"\",10^12,OFFSET(CRONOPLE!$F$15,$M50-$A$15,BT$13)))","v":0},null,{"$f":"IF(OR($D50<>\"Serviço\",AND(AUTOEVENTO=\"Manual\",$M50=$A$15),$M50>(ROW(PLE.lastrow)-ROW(PLE.firstrow))),0,\n           IF(OFFSET(PLE!$G$15,$M50-$A$15,BV$13)=\"\",10^12,OFFSET(PLE!$G$15,$M50-$A$15,BV$13)))","v":0},{"$f":"IF(OR($D50<>\"Serviço\",AND(AUTOEVENTO=\"Manual\",$M50=$A$15),$M50>(ROW(PLE.lastrow)-ROW(PLE.firstrow))),0,\n           IF(OFFSET(PLE!$G$15,$M50-$A$15,BW$13)=\"\",10^12,OFFSET(PLE!$G$15,$M50-$A$15,BW$13)))","v":0},{"$f":"IF(OR($D50<>\"Serviço\",AND(AUTOEVENTO=\"Manual\",$M50=$A$15),$M50>(ROW(PLE.lastrow)-ROW(PLE.firstrow))),0,\n           IF(OFFSET(PLE!$G$15,$M50-$A$15,BX$13)=\"\",10^12,OFFSET(PLE!$G$15,$M50-$A$15,BX$13)))","v":0},{"$f":"IF(OR($D50<>\"Serviço\",AND(AUTOEVENTO=\"Manual\",$M50=$A$15),$M50>(ROW(PLE.lastrow)-ROW(PLE.firstrow))),0,\n           IF(OFFSET(PLE!$G$15,$M50-$A$15,BY$13)=\"\",10^12,OFFSET(PLE!$G$15,$M50-$A$15,BY$13)))","v":0},{"$f":"IF(OR($D50<>\"Serviço\",AND(AUTOEVENTO=\"Manual\",$M50=$A$15),$M50>(ROW(PLE.lastrow)-ROW(PLE.firstrow))),0,\n           IF(OFFSET(PLE!$G$15,$M50-$A$15,BZ$13)=\"\",10^12,OFFSET(PLE!$G$15,$M50-$A$15,BZ$13)))","v":0},{"$f":"IF(OR($D50<>\"Serviço\",AND(AUTOEVENTO=\"Manual\",$M50=$A$15),$M50>(ROW(PLE.lastrow)-ROW(PLE.firstrow))),0,\n           IF(OFFSET(PLE!$G$15,$M50-$A$15,CA$13)=\"\",10^12,OFFSET(PLE!$G$15,$M50-$A$15,CA$13)))","v":0},{"$f":"IF(OR($D50<>\"Serviço\",AND(AUTOEVENTO=\"Manual\",$M50=$A$15),$M50>(ROW(PLE.lastrow)-ROW(PLE.firstrow))),0,\n           IF(OFFSET(PLE!$G$15,$M50-$A$15,CB$13)=\"\",10^12,OFFSET(PLE!$G$15,$M50-$A$15,CB$13)))","v":0},{"$f":"IF(OR($D50<>\"Serviço\",AND(AUTOEVENTO=\"Manual\",$M50=$A$15),$M50>(ROW(PLE.lastrow)-ROW(PLE.firstrow))),0,\n           IF(OFFSET(PLE!$G$15,$M50-$A$15,CC$13)=\"\",10^12,OFFSET(PLE!$G$15,$M50-$A$15,CC$13)))","v":0},{"$f":"IF(OR($D50<>\"Serviço\",AND(AUTOEVENTO=\"Manual\",$M50=$A$15),$M50>(ROW(PLE.lastrow)-ROW(PLE.firstrow))),0,\n           IF(OFFSET(PLE!$G$15,$M50-$A$15,CD$13)=\"\",10^12,OFFSET(PLE!$G$15,$M50-$A$15,CD$13)))","v":0},{"$f":"IF(OR($D50<>\"Serviço\",AND(AUTOEVENTO=\"Manual\",$M50=$A$15),$M50>(ROW(PLE.lastrow)-ROW(PLE.firstrow))),0,\n           IF(OFFSET(PLE!$G$15,$M50-$A$15,CE$13)=\"\",10^12,OFFSET(PLE!$G$15,$M50-$A$15,CE$13)))","v":0},{"$f":"IF(OR($D50<>\"Serviço\",AND(AUTOEVENTO=\"Manual\",$M50=$A$15),$M50>(ROW(PLE.lastrow)-ROW(PLE.firstrow))),0,\n           IF(OFFSET(PLE!$G$15,$M50-$A$15,CF$13)=\"\",10^12,OFFSET(PLE!$G$15,$M50-$A$15,CF$13)))","v":0},{"$f":"IF(OR($D50<>\"Serviço\",AND(AUTOEVENTO=\"Manual\",$M50=$A$15),$M50>(ROW(PLE.lastrow)-ROW(PLE.firstrow))),0,\n           IF(OFFSET(PLE!$G$15,$M50-$A$15,CG$13)=\"\",10^12,OFFSET(PLE!$G$15,$M50-$A$15,CG$13)))","v":0},{"$f":"IF(OR($D50<>\"Serviço\",AND(AUTOEVENTO=\"Manual\",$M50=$A$15),$M50>(ROW(PLE.lastrow)-ROW(PLE.firstrow))),0,\n           IF(OFFSET(PLE!$G$15,$M50-$A$15,CH$13)=\"\",10^12,OFFSET(PLE!$G$15,$M50-$A$15,CH$13)))","v":0},{"$f":"IF(OR($D50<>\"Serviço\",AND(AUTOEVENTO=\"Manual\",$M50=$A$15),$M50>(ROW(PLE.lastrow)-ROW(PLE.firstrow))),0,\n           IF(OFFSET(PLE!$G$15,$M50-$A$15,CI$13)=\"\",10^12,OFFSET(PLE!$G$15,$M50-$A$15,CI$13)))","v":0},{"$f":"IF(OR($D50<>\"Serviço\",AND(AUTOEVENTO=\"Manual\",$M50=$A$15),$M50>(ROW(PLE.lastrow)-ROW(PLE.firstrow))),0,\n           IF(OFFSET(PLE!$G$15,$M50-$A$15,CJ$13)=\"\",10^12,OFFSET(PLE!$G$15,$M50-$A$15,CJ$13)))","v":0},{"$f":"IF(OR($D50<>\"Serviço\",AND(AUTOEVENTO=\"Manual\",$M50=$A$15),$M50>(ROW(PLE.lastrow)-ROW(PLE.firstrow))),0,\n           IF(OFFSET(PLE!$G$15,$M50-$A$15,CK$13)=\"\",10^12,OFFSET(PLE!$G$15,$M50-$A$15,CK$13)))","v":0},{"$f":"IF(OR($D50<>\"Serviço\",AND(AUTOEVENTO=\"Manual\",$M50=$A$15),$M50>(ROW(PLE.lastrow)-ROW(PLE.firstrow))),0,\n           IF(OFFSET(PLE!$G$15,$M50-$A$15,CL$13)=\"\",10^12,OFFSET(PLE!$G$15,$M50-$A$15,CL$13)))","v":0},{"$f":"IF(OR($D50<>\"Serviço\",AND(AUTOEVENTO=\"Manual\",$M50=$A$15),$M50>(ROW(PLE.lastrow)-ROW(PLE.firstrow))),0,\n           IF(OFFSET(PLE!$G$15,$M50-$A$15,CM$13)=\"\",10^12,OFFSET(PLE!$G$15,$M50-$A$15,CM$13)))","v":0}]
[2,{"$f":"OFFSET(ORÇAMENTO!C$15,ROW(B51)-ROW(B$15),0)","v":"S"},{"$f":"OFFSET(ORÇAMENTO!L$15,ROW(C51)-ROW(C$15),0)","v":"F"},{"$f":"OFFSET(ORÇAMENTO!N$15,ROW(D51)-ROW(D$15),0)","v":"Serviço"},{"$f":"OFFSET(ORÇAMENTO!O$15,ROW(E51)-ROW(E$15),0)","v":"1.4.1."},{"$f":"OFFSET(ORÇAMENTO!R$15,ROW(F51)-ROW(F$15),0)","v":"Demolição de pavimento asfáltico com emprego de retro-escavadeira e serra de disco, exclusive bota-fora do material"},{"$f":"IF($D51<>\"Serviço\",\"\",OFFSET(ORÇAMENTO!S$15,ROW(G51)-ROW(G$15),0))","v":"M3"},{"$f":"IF($D51<>\"Serviço\",0,IF(ACOMPANHAMENTO=\"BM\",ROUND(OFFSET(ORÇAMENTO!AJ$15,ROW(H51)-ROW(H$15),0),15-13*ORÇAMENTO!$AF$7),SUMPRODUCT(($Q$1:$AI$1=1)*ROUND($Q51:$AI51,15-13*ORÇAMENTO!$AF$7))))","v":10.66},"=967,43*0,03",{"$f":"IF(B51<>\"S\",\"\",IF(AND(ACOMPANHAMENTO=\"PLE\",AUTOEVENTO=\"Manual\",OR(H51>0,ORÇAMENTO!AC51=\"QUANT.\"),OR(K51=\"\",M51=0,N51=\"\")),\"►\",IF(AND(ACOMPANHAMENTO=\"PLE\",ORÇAMENTO!AC51=\"QUANT.\"),\"►►\",IF(AND(COUNTIF($P$11:$AI$11,\"▼\")=0,H51>0,I51=\"\"),\"◄\",\"\"))))","v":""},"2. DRENAGEM DE ÁGUAS PLUVIAIS",".",{"$f":"IF($D51<>\"Serviço\",\"\",\n          IF(AUTOEVENTO=\"manual\",$A51,\n                IF(ISERROR(MATCH($A51,$A$15:OFFSET($A51,-1,0),0)),MAX($M$15:OFFSET(M51,-1,0))+1,\n                      INDEX($M$15:OFFSET(M51,-1,0),MATCH($A51,$A$15:OFFSET($A51,-1,0),0)))))","v":2},{"$f":"IF($D51<>\"Serviço\",\"\",\n         IF(AUTOEVENTO=\"Manual\",\n                IF($A51=0,\"<-- defina o número do agrupador\",\n                       OFFSET(EVENTOS!$D$15,$A51-$A$15,0)),\n                OFFSET($F$15,$A51,0)))","v":"DRENAGEM DE ÁGUAS PLUVIAIS"},null,null,281.72000000000003,null,null,null,null,null,null,null,null,null,null,null,null,null,null,null,null,null,null,{"$f":"IF(AND($D51=\"Serviço\",AJ$12<>0,$H51>0,OR(AUTOEVENTO<>\"manual\",$M51<>$A$15)),\n        IF(Import.TipoArredondamento<>\"TransfereGOV\",\n              ROUND(OFFSET($P51,0,AJ$13),15-13*ORÇAMENTO!$AF$7)/$H51*OFFSET(ORÇAMENTO!$X$15,ROW(AJ51)-ROW(AJ$15),0),\n              ROUND(ROUND(OFFSET($P51,0,AJ$13),15-13*ORÇAMENTO!$AF$7)*OFFSET(ORÇAMENTO!$W$15,ROW(AJ51)-ROW(AJ$15),0),15-13*ORÇAMENTO!$AF$11)),\n         0)","v":0},{"$f":"IF(AND($D51=\"Serviço\",AK$12<>0,$H51>0,OR(AUTOEVENTO<>\"manual\",$M51<>$A$15)),\n        IF(Import.TipoArredondamento<>\"TransfereGOV\",\n              ROUND(OFFSET($P51,0,AK$13),15-13*ORÇAMENTO!$AF$7)/$H51*OFFSET(ORÇAMENTO!$X$15,ROW(AK51)-ROW(AK$15),0),\n              ROUND(ROUND(OFFSET($P51,0,AK$13),15-13*ORÇAMENTO!$AF$7)*OFFSET(ORÇAMENTO!$W$15,ROW(AK51)-ROW(AK$15),0),15-13*ORÇAMENTO!$AF$11)),\n         0)","v":0},{"$f":"IF(AND($D51=\"Serviço\",AL$12<>0,$H51>0,OR(AUTOEVENTO<>\"manual\",$M51<>$A$15)),\n        IF(Import.TipoArredondamento<>\"TransfereGOV\",\n              ROUND(OFFSET($P51,0,AL$13),15-13*ORÇAMENTO!$AF$7)/$H51*OFFSET(ORÇAMENTO!$X$15,ROW(AL51)-ROW(AL$15),0),\n              ROUND(ROUND(OFFSET($P51,0,AL$13),15-13*ORÇAMENTO!$AF$7)*OFFSET(ORÇAMENTO!$W$15,ROW(AL51)-ROW(AL$15),0),15-13*ORÇAMENTO!$AF$11)),\n         0)","v":0},{"$f":"IF(AND($D51=\"Serviço\",AM$12<>0,$H51>0,OR(AUTOEVENTO<>\"manual\",$M51<>$A$15)),\n        IF(Import.TipoArredondamento<>\"TransfereGOV\",\n              ROUND(OFFSET($P51,0,AM$13),15-13*ORÇAMENTO!$AF$7)/$H51*OFFSET(ORÇAMENTO!$X$15,ROW(AM51)-ROW(AM$15),0),\n              ROUND(ROUND(OFFSET($P51,0,AM$13),15-13*ORÇAMENTO!$AF$7)*OFFSET(ORÇAMENTO!$W$15,ROW(AM51)-ROW(AM$15),0),15-13*ORÇAMENTO!$AF$11)),\n         0)","v":0},{"$f":"IF(AND($D51=\"Serviço\",AN$12<>0,$H51>0,OR(AUTOEVENTO<>\"manual\",$M51<>$A$15)),\n        IF(Import.TipoArredondamento<>\"TransfereGOV\",\n              ROUND(OFFSET($P51,0,AN$13),15-13*ORÇAMENTO!$AF$7)/$H51*OFFSET(ORÇAMENTO!$X$15,ROW(AN51)-ROW(AN$15),0),\n              ROUND(ROUND(OFFSET($P51,0,AN$13),15-13*ORÇAMENTO!$AF$7)*OFFSET(ORÇAMENTO!$W$15,ROW(AN51)-ROW(AN$15),0),15-13*ORÇAMENTO!$AF$11)),\n         0)","v":0},{"$f":"IF(AND($D51=\"Serviço\",AO$12<>0,$H51>0,OR(AUTOEVENTO<>\"manual\",$M51<>$A$15)),\n        IF(Import.TipoArredondamento<>\"TransfereGOV\",\n              ROUND(OFFSET($P51,0,AO$13),15-13*ORÇAMENTO!$AF$7)/$H51*OFFSET(ORÇAMENTO!$X$15,ROW(AO51)-ROW(AO$15),0),\n              ROUND(ROUND(OFFSET($P51,0,AO$13),15-13*ORÇAMENTO!$AF$7)*OFFSET(ORÇAMENTO!$W$15,ROW(AO51)-ROW(AO$15),0),15-13*ORÇAMENTO!$AF$11)),\n         0)","v":0},{"$f":"IF(AND($D51=\"Serviço\",AP$12<>0,$H51>0,OR(AUTOEVENTO<>\"manual\",$M51<>$A$15)),\n        IF(Import.TipoArredondamento<>\"TransfereGOV\",\n              ROUND(OFFSET($P51,0,AP$13),15-13*ORÇAMENTO!$AF$7)/$H51*OFFSET(ORÇAMENTO!$X$15,ROW(AP51)-ROW(AP$15),0),\n              ROUND(ROUND(OFFSET($P51,0,AP$13),15-13*ORÇAMENTO!$AF$7)*OFFSET(ORÇAMENTO!$W$15,ROW(AP51)-ROW(AP$15),0),15-13*ORÇAMENTO!$AF$11)),\n         0)","v":0},{"$f":"IF(AND($D51=\"Serviço\",AQ$12<>0,$H51>0,OR(AUTOEVENTO<>\"manual\",$M51<>$A$15)),\n        IF(Import.TipoArredondamento<>\"TransfereGOV\",\n              ROUND(OFFSET($P51,0,AQ$13),15-13*ORÇAMENTO!$AF$7)/$H51*OFFSET(ORÇAMENTO!$X$15,ROW(AQ51)-ROW(AQ$15),0),\n              ROUND(ROUND(OFFSET($P51,0,AQ$13),15-13*ORÇAMENTO!$AF$7)*OFFSET(ORÇAMENTO!$W$15,ROW(AQ51)-ROW(AQ$15),0),15-13*ORÇAMENTO!$AF$11)),\n         0)","v":0},{"$f":"IF(AND($D51=\"Serviço\",AR$12<>0,$H51>0,OR(AUTOEVENTO<>\"manual\",$M51<>$A$15)),\n        IF(Import.TipoArredondamento<>\"TransfereGOV\",\n              ROUND(OFFSET($P51,0,AR$13),15-13*ORÇAMENTO!$AF$7)/$H51*OFFSET(ORÇAMENTO!$X$15,ROW(AR51)-ROW(AR$15),0),\n              ROUND(ROUND(OFFSET($P51,0,AR$13),15-13*ORÇAMENTO!$AF$7)*OFFSET(ORÇAMENTO!$W$15,ROW(AR51)-ROW(AR$15),0),15-13*ORÇAMENTO!$AF$11)),\n         0)","v":0},{"$f":"IF(AND($D51=\"Serviço\",AS$12<>0,$H51>0,OR(AUTOEVENTO<>\"manual\",$M51<>$A$15)),\n        IF(Import.TipoArredondamento<>\"TransfereGOV\",\n              ROUND(OFFSET($P51,0,AS$13),15-13*ORÇAMENTO!$AF$7)/$H51*OFFSET(ORÇAMENTO!$X$15,ROW(AS51)-ROW(AS$15),0),\n              ROUND(ROUND(OFFSET($P51,0,AS$13),15-13*ORÇAMENTO!$AF$7)*OFFSET(ORÇAMENTO!$W$15,ROW(AS51)-ROW(AS$15),0),15-13*ORÇAMENTO!$AF$11)),\n         0)","v":0},{"$f":"IF(AND($D51=\"Serviço\",AT$12<>0,$H51>0,OR(AUTOEVENTO<>\"manual\",$M51<>$A$15)),\n        IF(Import.TipoArredondamento<>\"TransfereGOV\",\n              ROUND(OFFSET($P51,0,AT$13),15-13*ORÇAMENTO!$AF$7)/$H51*OFFSET(ORÇAMENTO!$X$15,ROW(AT51)-ROW(AT$15),0),\n              ROUND(ROUND(OFFSET($P51,0,AT$13),15-13*ORÇAMENTO!$AF$7)*OFFSET(ORÇAMENTO!$W$15,ROW(AT51)-ROW(AT$15),0),15-13*ORÇAMENTO!$AF$11)),\n         0)","v":0},{"$f":"IF(AND($D51=\"Serviço\",AU$12<>0,$H51>0,OR(AUTOEVENTO<>\"manual\",$M51<>$A$15)),\n        IF(Import.TipoArredondamento<>\"TransfereGOV\",\n              ROUND(OFFSET($P51,0,AU$13),15-13*ORÇAMENTO!$AF$7)/$H51*OFFSET(ORÇAMENTO!$X$15,ROW(AU51)-ROW(AU$15),0),\n              ROUND(ROUND(OFFSET($P51,0,AU$13),15-13*ORÇAMENTO!$AF$7)*OFFSET(ORÇAMENTO!$W$15,ROW(AU51)-ROW(AU$15),0),15-13*ORÇAMENTO!$AF$11)),\n         0)","v":0},{"$f":"IF(AND($D51=\"Serviço\",AV$12<>0,$H51>0,OR(AUTOEVENTO<>\"manual\",$M51<>$A$15)),\n        IF(Import.TipoArredondamento<>\"TransfereGOV\",\n              ROUND(OFFSET($P51,0,AV$13),15-13*ORÇAMENTO!$AF$7)/$H51*OFFSET(ORÇAMENTO!$X$15,ROW(AV51)-ROW(AV$15),0),\n              ROUND(ROUND(OFFSET($P51,0,AV$13),15-13*ORÇAMENTO!$AF$7)*OFFSET(ORÇAMENTO!$W$15,ROW(AV51)-ROW(AV$15),0),15-13*ORÇAMENTO!$AF$11)),\n         0)","v":0},{"$f":"IF(AND($D51=\"Serviço\",AW$12<>0,$H51>0,OR(AUTOEVENTO<>\"manual\",$M51<>$A$15)),\n        IF(Import.TipoArredondamento<>\"TransfereGOV\",\n              ROUND(OFFSET($P51,0,AW$13),15-13*ORÇAMENTO!$AF$7)/$H51*OFFSET(ORÇAMENTO!$X$15,ROW(AW51)-ROW(AW$15),0),\n              ROUND(ROUND(OFFSET($P51,0,AW$13),15-13*ORÇAMENTO!$AF$7)*OFFSET(ORÇAMENTO!$W$15,ROW(AW51)-ROW(AW$15),0),15-13*ORÇAMENTO!$AF$11)),\n         0)","v":0},{"$f":"IF(AND($D51=\"Serviço\",AX$12<>0,$H51>0,OR(AUTOEVENTO<>\"manual\",$M51<>$A$15)),\n        IF(Import.TipoArredondamento<>\"TransfereGOV\",\n              ROUND(OFFSET($P51,0,AX$13),15-13*ORÇAMENTO!$AF$7)/$H51*OFFSET(ORÇAMENTO!$X$15,ROW(AX51)-ROW(AX$15),0),\n              ROUND(ROUND(OFFSET($P51,0,AX$13),15-13*ORÇAMENTO!$AF$7)*OFFSET(ORÇAMENTO!$W$15,ROW(AX51)-ROW(AX$15),0),15-13*ORÇAMENTO!$AF$11)),\n         0)","v":0},{"$f":"IF(AND($D51=\"Serviço\",AY$12<>0,$H51>0,OR(AUTOEVENTO<>\"manual\",$M51<>$A$15)),\n        IF(Import.TipoArredondamento<>\"TransfereGOV\",\n              ROUND(OFFSET($P51,0,AY$13),15-13*ORÇAMENTO!$AF$7)/$H51*OFFSET(ORÇAMENTO!$X$15,ROW(AY51)-ROW(AY$15),0),\n              ROUND(ROUND(OFFSET($P51,0,AY$13),15-13*ORÇAMENTO!$AF$7)*OFFSET(ORÇAMENTO!$W$15,ROW(AY51)-ROW(AY$15),0),15-13*ORÇAMENTO!$AF$11)),\n         0)","v":0},{"$f":"IF(AND($D51=\"Serviço\",AZ$12<>0,$H51>0,OR(AUTOEVENTO<>\"manual\",$M51<>$A$15)),\n        IF(Import.TipoArredondamento<>\"TransfereGOV\",\n              ROUND(OFFSET($P51,0,AZ$13),15-13*ORÇAMENTO!$AF$7)/$H51*OFFSET(ORÇAMENTO!$X$15,ROW(AZ51)-ROW(AZ$15),0),\n              ROUND(ROUND(OFFSET($P51,0,AZ$13),15-13*ORÇAMENTO!$AF$7)*OFFSET(ORÇAMENTO!$W$15,ROW(AZ51)-ROW(AZ$15),0),15-13*ORÇAMENTO!$AF$11)),\n         0)","v":0},{"$f":"IF(AND($D51=\"Serviço\",BA$12<>0,$H51>0,OR(AUTOEVENTO<>\"manual\",$M51<>$A$15)),\n        IF(Import.TipoArredondamento<>\"TransfereGOV\",\n              ROUND(OFFSET($P51,0,BA$13),15-13*ORÇAMENTO!$AF$7)/$H51*OFFSET(ORÇAMENTO!$X$15,ROW(BA51)-ROW(BA$15),0),\n              ROUND(ROUND(OFFSET($P51,0,BA$13),15-13*ORÇAMENTO!$AF$7)*OFFSET(ORÇAMENTO!$W$15,ROW(BA51)-ROW(BA$15),0),15-13*ORÇAMENTO!$AF$11)),\n         0)","v":0},null,{"$f":"IF(OR($D51<>\"Serviço\",AND(AUTOEVENTO=\"Manual\",$M51=$A$15)),0,\n         IF(OFFSET(CRONOPLE!$F$15,$M51-$A$15,BC$13)=\"\",10^12,OFFSET(CRONOPLE!$F$15,$M51-$A$15,BC$13)))","v":1},{"$f":"IF(OR($D51<>\"Serviço\",AND(AUTOEVENTO=\"Manual\",$M51=$A$15)),0,\n         IF(OFFSET(CRONOPLE!$F$15,$M51-$A$15,BD$13)=\"\",10^12,OFFSET(CRONOPLE!$F$15,$M51-$A$15,BD$13)))","v":1000000000000},{"$f":"IF(OR($D51<>\"Serviço\",AND(AUTOEVENTO=\"Manual\",$M51=$A$15)),0,\n         IF(OFFSET(CRONOPLE!$F$15,$M51-$A$15,BE$13)=\"\",10^12,OFFSET(CRONOPLE!$F$15,$M51-$A$15,BE$13)))","v":1000000000000},{"$f":"IF(OR($D51<>\"Serviço\",AND(AUTOEVENTO=\"Manual\",$M51=$A$15)),0,\n         IF(OFFSET(CRONOPLE!$F$15,$M51-$A$15,BF$13)=\"\",10^12,OFFSET(CRONOPLE!$F$15,$M51-$A$15,BF$13)))","v":1000000000000},{"$f":"IF(OR($D51<>\"Serviço\",AND(AUTOEVENTO=\"Manual\",$M51=$A$15)),0,\n         IF(OFFSET(CRONOPLE!$F$15,$M51-$A$15,BG$13)=\"\",10^12,OFFSET(CRONOPLE!$F$15,$M51-$A$15,BG$13)))","v":1000000000000},{"$f":"IF(OR($D51<>\"Serviço\",AND(AUTOEVENTO=\"Manual\",$M51=$A$15)),0,\n         IF(OFFSET(CRONOPLE!$F$15,$M51-$A$15,BH$13)=\"\",10^12,OFFSET(CRONOPLE!$F$15,$M51-$A$15,BH$13)))","v":1000000000000},{"$f":"IF(OR($D51<>\"Serviço\",AND(AUTOEVENTO=\"Manual\",$M51=$A$15)),0,\n         IF(OFFSET(CRONOPLE!$F$15,$M51-$A$15,BI$13)=\"\",10^12,OFFSET(CRONOPLE!$F$15,$M51-$A$15,BI$13)))","v":1000000000000},{"$f":"IF(OR($D51<>\"Serviço\",AND(AUTOEVENTO=\"Manual\",$M51=$A$15)),0,\n         IF(OFFSET(CRONOPLE!$F$15,$M51-$A$15,BJ$13)=\"\",10^12,OFFSET(CRONOPLE!$F$15,$M51-$A$15,BJ$13)))","v":1000000000000},{"$f":"IF(OR($D51<>\"Serviço\",AND(AUTOEVENTO=\"Manual\",$M51=$A$15)),0,\n         IF(OFFSET(CRONOPLE!$F$15,$M51-$A$15,BK$13)=\"\",10^12,OFFSET(CRONOPLE!$F$15,$M51-$A$15,BK$13)))","v":1000000000000},{"$f":"IF(OR($D51<>\"Serviço\",AND(AUTOEVENTO=\"Manual\",$M51=$A$15)),0,\n         IF(OFFSET(CRONOPLE!$F$15,$M51-$A$15,BL$13)=\"\",10^12,OFFSET(CRONOPLE!$F$15,$M51-$A$15,BL$13)))","v":1000000000000},{"$f":"IF(OR($D51<>\"Serviço\",AND(AUTOEVENTO=\"Manual\",$M51=$A$15)),0,\n         IF(OFFSET(CRONOPLE!$F$15,$M51-$A$15,BM$13)=\"\",10^12,OFFSET(CRONOPLE!$F$15,$M51-$A$15,BM$13)))","v":1000000000000},{"$f":"IF(OR($D51<>\"Serviço\",AND(AUTOEVENTO=\"Manual\",$M51=$A$15)),0,\n         IF(OFFSET(CRONOPLE!$F$15,$M51-$A$15,BN$13)=\"\",10^12,OFFSET(CRONOPLE!$F$15,$M51-$A$15,BN$13)))","v":1000000000000},{"$f":"IF(OR($D51<>\"Serviço\",AND(AUTOEVENTO=\"Manual\",$M51=$A$15)),0,\n         IF(OFFSET(CRONOPLE!$F$15,$M51-$A$15,BO$13)=\"\",10^12,OFFSET(CRONOPLE!$F$15,$M51-$A$15,BO$13)))","v":1000000000000},{"$f":"IF(OR($D51<>\"Serviço\",AND(AUTOEVENTO=\"Manual\",$M51=$A$15)),0,\n         IF(OFFSET(CRONOPLE!$F$15,$M51-$A$15,BP$13)=\"\",10^12,OFFSET(CRONOPLE!$F$15,$M51-$A$15,BP$13)))","v":1000000000000},{"$f":"IF(OR($D51<>\"Serviço\",AND(AUTOEVENTO=\"Manual\",$M51=$A$15)),0,\n         IF(OFFSET(CRONOPLE!$F$15,$M51-$A$15,BQ$13)=\"\",10^12,OFFSET(CRONOPLE!$F$15,$M51-$A$15,BQ$13)))","v":1000000000000},{"$f":"IF(OR($D51<>\"Serviço\",AND(AUTOEVENTO=\"Manual\",$M51=$A$15)),0,\n         IF(OFFSET(CRONOPLE!$F$15,$M51-$A$15,BR$13)=\"\",10^12,OFFSET(CRONOPLE!$F$15,$M51-$A$15,BR$13)))","v":1000000000000},{"$f":"IF(OR($D51<>\"Serviço\",AND(AUTOEVENTO=\"Manual\",$M51=$A$15)),0,\n         IF(OFFSET(CRONOPLE!$F$15,$M51-$A$15,BS$13)=\"\",10^12,OFFSET(CRONOPLE!$F$15,$M51-$A$15,BS$13)))","v":1000000000000},{"$f":"IF(OR($D51<>\"Serviço\",AND(AUTOEVENTO=\"Manual\",$M51=$A$15)),0,\n         IF(OFFSET(CRONOPLE!$F$15,$M51-$A$15,BT$13)=\"\",10^12,OFFSET(CRONOPLE!$F$15,$M51-$A$15,BT$13)))","v":1000000000000},null,{"$f":"IF(OR($D51<>\"Serviço\",AND(AUTOEVENTO=\"Manual\",$M51=$A$15),$M51>(ROW(PLE.lastrow)-ROW(PLE.firstrow))),0,\n           IF(OFFSET(PLE!$G$15,$M51-$A$15,BV$13)=\"\",10^12,OFFSET(PLE!$G$15,$M51-$A$15,BV$13)))","v":1000000000000},{"$f":"IF(OR($D51<>\"Serviço\",AND(AUTOEVENTO=\"Manual\",$M51=$A$15),$M51>(ROW(PLE.lastrow)-ROW(PLE.firstrow))),0,\n           IF(OFFSET(PLE!$G$15,$M51-$A$15,BW$13)=\"\",10^12,OFFSET(PLE!$G$15,$M51-$A$15,BW$13)))","v":1000000000000},{"$f":"IF(OR($D51<>\"Serviço\",AND(AUTOEVENTO=\"Manual\",$M51=$A$15),$M51>(ROW(PLE.lastrow)-ROW(PLE.firstrow))),0,\n           IF(OFFSET(PLE!$G$15,$M51-$A$15,BX$13)=\"\",10^12,OFFSET(PLE!$G$15,$M51-$A$15,BX$13)))","v":1000000000000},{"$f":"IF(OR($D51<>\"Serviço\",AND(AUTOEVENTO=\"Manual\",$M51=$A$15),$M51>(ROW(PLE.lastrow)-ROW(PLE.firstrow))),0,\n           IF(OFFSET(PLE!$G$15,$M51-$A$15,BY$13)=\"\",10^12,OFFSET(PLE!$G$15,$M51-$A$15,BY$13)))","v":1000000000000},{"$f":"IF(OR($D51<>\"Serviço\",AND(AUTOEVENTO=\"Manual\",$M51=$A$15),$M51>(ROW(PLE.lastrow)-ROW(PLE.firstrow))),0,\n           IF(OFFSET(PLE!$G$15,$M51-$A$15,BZ$13)=\"\",10^12,OFFSET(PLE!$G$15,$M51-$A$15,BZ$13)))","v":1000000000000},{"$f":"IF(OR($D51<>\"Serviço\",AND(AUTOEVENTO=\"Manual\",$M51=$A$15),$M51>(ROW(PLE.lastrow)-ROW(PLE.firstrow))),0,\n           IF(OFFSET(PLE!$G$15,$M51-$A$15,CA$13)=\"\",10^12,OFFSET(PLE!$G$15,$M51-$A$15,CA$13)))","v":1000000000000},{"$f":"IF(OR($D51<>\"Serviço\",AND(AUTOEVENTO=\"Manual\",$M51=$A$15),$M51>(ROW(PLE.lastrow)-ROW(PLE.firstrow))),0,\n           IF(OFFSET(PLE!$G$15,$M51-$A$15,CB$13)=\"\",10^12,OFFSET(PLE!$G$15,$M51-$A$15,CB$13)))","v":1000000000000},{"$f":"IF(OR($D51<>\"Serviço\",AND(AUTOEVENTO=\"Manual\",$M51=$A$15),$M51>(ROW(PLE.lastrow)-ROW(PLE.firstrow))),0,\n           IF(OFFSET(PLE!$G$15,$M51-$A$15,CC$13)=\"\",10^12,OFFSET(PLE!$G$15,$M51-$A$15,CC$13)))","v":1000000000000},{"$f":"IF(OR($D51<>\"Serviço\",AND(AUTOEVENTO=\"Manual\",$M51=$A$15),$M51>(ROW(PLE.lastrow)-ROW(PLE.firstrow))),0,\n           IF(OFFSET(PLE!$G$15,$M51-$A$15,CD$13)=\"\",10^12,OFFSET(PLE!$G$15,$M51-$A$15,CD$13)))","v":1000000000000},{"$f":"IF(OR($D51<>\"Serviço\",AND(AUTOEVENTO=\"Manual\",$M51=$A$15),$M51>(ROW(PLE.lastrow)-ROW(PLE.firstrow))),0,\n           IF(OFFSET(PLE!$G$15,$M51-$A$15,CE$13)=\"\",10^12,OFFSET(PLE!$G$15,$M51-$A$15,CE$13)))","v":1000000000000},{"$f":"IF(OR($D51<>\"Serviço\",AND(AUTOEVENTO=\"Manual\",$M51=$A$15),$M51>(ROW(PLE.lastrow)-ROW(PLE.firstrow))),0,\n           IF(OFFSET(PLE!$G$15,$M51-$A$15,CF$13)=\"\",10^12,OFFSET(PLE!$G$15,$M51-$A$15,CF$13)))","v":1000000000000},{"$f":"IF(OR($D51<>\"Serviço\",AND(AUTOEVENTO=\"Manual\",$M51=$A$15),$M51>(ROW(PLE.lastrow)-ROW(PLE.firstrow))),0,\n           IF(OFFSET(PLE!$G$15,$M51-$A$15,CG$13)=\"\",10^12,OFFSET(PLE!$G$15,$M51-$A$15,CG$13)))","v":1000000000000},{"$f":"IF(OR($D51<>\"Serviço\",AND(AUTOEVENTO=\"Manual\",$M51=$A$15),$M51>(ROW(PLE.lastrow)-ROW(PLE.firstrow))),0,\n           IF(OFFSET(PLE!$G$15,$M51-$A$15,CH$13)=\"\",10^12,OFFSET(PLE!$G$15,$M51-$A$15,CH$13)))","v":1000000000000},{"$f":"IF(OR($D51<>\"Serviço\",AND(AUTOEVENTO=\"Manual\",$M51=$A$15),$M51>(ROW(PLE.lastrow)-ROW(PLE.firstrow))),0,\n           IF(OFFSET(PLE!$G$15,$M51-$A$15,CI$13)=\"\",10^12,OFFSET(PLE!$G$15,$M51-$A$15,CI$13)))","v":1000000000000},{"$f":"IF(OR($D51<>\"Serviço\",AND(AUTOEVENTO=\"Manual\",$M51=$A$15),$M51>(ROW(PLE.lastrow)-ROW(PLE.firstrow))),0,\n           IF(OFFSET(PLE!$G$15,$M51-$A$15,CJ$13)=\"\",10^12,OFFSET(PLE!$G$15,$M51-$A$15,CJ$13)))","v":1000000000000},{"$f":"IF(OR($D51<>\"Serviço\",AND(AUTOEVENTO=\"Manual\",$M51=$A$15),$M51>(ROW(PLE.lastrow)-ROW(PLE.firstrow))),0,\n           IF(OFFSET(PLE!$G$15,$M51-$A$15,CK$13)=\"\",10^12,OFFSET(PLE!$G$15,$M51-$A$15,CK$13)))","v":1000000000000},{"$f":"IF(OR($D51<>\"Serviço\",AND(AUTOEVENTO=\"Manual\",$M51=$A$15),$M51>(ROW(PLE.lastrow)-ROW(PLE.firstrow))),0,\n           IF(OFFSET(PLE!$G$15,$M51-$A$15,CL$13)=\"\",10^12,OFFSET(PLE!$G$15,$M51-$A$15,CL$13)))","v":1000000000000},{"$f":"IF(OR($D51<>\"Serviço\",AND(AUTOEVENTO=\"Manual\",$M51=$A$15),$M51>(ROW(PLE.lastrow)-ROW(PLE.firstrow))),0,\n           IF(OFFSET(PLE!$G$15,$M51-$A$15,CM$13)=\"\",10^12,OFFSET(PLE!$G$15,$M51-$A$15,CM$13)))","v":1000000000000}]
[2,{"$f":"OFFSET(ORÇAMENTO!C$15,ROW(B52)-ROW(B$15),0)","v":"S"},{"$f":"OFFSET(ORÇAMENTO!L$15,ROW(C52)-ROW(C$15),0)","v":"F"},{"$f":"OFFSET(ORÇAMENTO!N$15,ROW(D52)-ROW(D$15),0)","v":"Serviço"},{"$f":"OFFSET(ORÇAMENTO!O$15,ROW(E52)-ROW(E$15),0)","v":"1.4.2."},{"$f":"OFFSET(ORÇAMENTO!R$15,ROW(F52)-ROW(F$15),0)","v":"CARGA, MANOBRA E DESCARGA DE SOLOS E MATERIAIS GRANULARES EM CAMINHÃO BASCULANTE 14 M³ - CARGA COM ESCAVADEIRA HIDRÁULICA (CAÇAMBA DE 1,20 M³ / 155 HP) E DESCARGA LIVRE (UNIDADE: M3). AF_07/2020"},{"$f":"IF($D52<>\"Serviço\",\"\",OFFSET(ORÇAMENTO!S$15,ROW(G52)-ROW(G$15),0))","v":"M3"},{"$f":"IF($D52<>\"Serviço\",0,IF(ACOMPANHAMENTO=\"BM\",ROUND(OFFSET(ORÇAMENTO!AJ$15,ROW(H52)-ROW(H$15),0),15-13*ORÇAMENTO!$AF$7),SUMPRODUCT(($Q$1:$AI$1=1)*ROUND($Q52:$AI52,15-13*ORÇAMENTO!$AF$7))))","v":13.86},null,{"$f":"IF(B52<>\"S\",\"\",IF(AND(ACOMPANHAMENTO=\"PLE\",AUTOEVENTO=\"Manual\",OR(H52>0,ORÇAMENTO!AC52=\"QUANT.\"),OR(K52=\"\",M52=0,N52=\"\")),\"►\",IF(AND(ACOMPANHAMENTO=\"PLE\",ORÇAMENTO!AC52=\"QUANT.\"),\"►►\",IF(AND(COUNTIF($P$11:$AI$11,\"▼\")=0,H52>0,I52=\"\"),\"◄\",\"\"))))","v":"◄"},"2. DRENAGEM DE ÁGUAS PLUVIAIS",".",{"$f":"IF($D52<>\"Serviço\",\"\",\n          IF(AUTOEVENTO=\"manual\",$A52,\n                IF(ISERROR(MATCH($A52,$A$15:OFFSET($A52,-1,0),0)),MAX($M$15:OFFSET(M52,-1,0))+1,\n                      INDEX($M$15:OFFSET(M52,-1,0),MATCH($A52,$A$15:OFFSET($A52,-1,0),0)))))","v":2},{"$f":"IF($D52<>\"Serviço\",\"\",\n         IF(AUTOEVENTO=\"Manual\",\n                IF($A52=0,\"<-- defina o número do agrupador\",\n                       OFFSET(EVENTOS!$D$15,$A52-$A$15,0)),\n                OFFSET($F$15,$A52,0)))","v":"DRENAGEM DE ÁGUAS PLUVIAIS"},null,null,319.19212519999996,null,null,null,null,null,null,null,null,null,null,null,null,null,null,null,null,null,null,{"$f":"IF(AND($D52=\"Serviço\",AJ$12<>0,$H52>0,OR(AUTOEVENTO<>\"manual\",$M52<>$A$15)),\n        IF(Import.TipoArredondamento<>\"TransfereGOV\",\n              ROUND(OFFSET($P52,0,AJ$13),15-13*ORÇAMENTO!$AF$7)/$H52*OFFSET(ORÇAMENTO!$X$15,ROW(AJ52)-ROW(AJ$15),0),\n              ROUND(ROUND(OFFSET($P52,0,AJ$13),15-13*ORÇAMENTO!$AF$7)*OFFSET(ORÇAMENTO!$W$15,ROW(AJ52)-ROW(AJ$15),0),15-13*ORÇAMENTO!$AF$11)),\n         0)","v":0},{"$f":"IF(AND($D52=\"Serviço\",AK$12<>0,$H52>0,OR(AUTOEVENTO<>\"manual\",$M52<>$A$15)),\n        IF(Import.TipoArredondamento<>\"TransfereGOV\",\n              ROUND(OFFSET($P52,0,AK$13),15-13*ORÇAMENTO!$AF$7)/$H52*OFFSET(ORÇAMENTO!$X$15,ROW(AK52)-ROW(AK$15),0),\n              ROUND(ROUND(OFFSET($P52,0,AK$13),15-13*ORÇAMENTO!$AF$7)*OFFSET(ORÇAMENTO!$W$15,ROW(AK52)-ROW(AK$15),0),15-13*ORÇAMENTO!$AF$11)),\n         0)","v":0},{"$f":"IF(AND($D52=\"Serviço\",AL$12<>0,$H52>0,OR(AUTOEVENTO<>\"manual\",$M52<>$A$15)),\n        IF(Import.TipoArredondamento<>\"TransfereGOV\",\n              ROUND(OFFSET($P52,0,AL$13),15-13*ORÇAMENTO!$AF$7)/$H52*OFFSET(ORÇAMENTO!$X$15,ROW(AL52)-ROW(AL$15),0),\n              ROUND(ROUND(OFFSET($P52,0,AL$13),15-13*ORÇAMENTO!$AF$7)*OFFSET(ORÇAMENTO!$W$15,ROW(AL52)-ROW(AL$15),0),15-13*ORÇAMENTO!$AF$11)),\n         0)","v":0},{"$f":"IF(AND($D52=\"Serviço\",AM$12<>0,$H52>0,OR(AUTOEVENTO<>\"manual\",$M52<>$A$15)),\n        IF(Import.TipoArredondamento<>\"TransfereGOV\",\n              ROUND(OFFSET($P52,0,AM$13),15-13*ORÇAMENTO!$AF$7)/$H52*OFFSET(ORÇAMENTO!$X$15,ROW(AM52)-ROW(AM$15),0),\n              ROUND(ROUND(OFFSET($P52,0,AM$13),15-13*ORÇAMENTO!$AF$7)*OFFSET(ORÇAMENTO!$W$15,ROW(AM52)-ROW(AM$15),0),15-13*ORÇAMENTO!$AF$11)),\n         0)","v":0},{"$f":"IF(AND($D52=\"Serviço\",AN$12<>0,$H52>0,OR(AUTOEVENTO<>\"manual\",$M52<>$A$15)),\n        IF(Import.TipoArredondamento<>\"TransfereGOV\",\n              ROUND(OFFSET($P52,0,AN$13),15-13*ORÇAMENTO!$AF$7)/$H52*OFFSET(ORÇAMENTO!$X$15,ROW(AN52)-ROW(AN$15),0),\n              ROUND(ROUND(OFFSET($P52,0,AN$13),15-13*ORÇAMENTO!$AF$7)*OFFSET(ORÇAMENTO!$W$15,ROW(AN52)-ROW(AN$15),0),15-13*ORÇAMENTO!$AF$11)),\n         0)","v":0},{"$f":"IF(AND($D52=\"Serviço\",AO$12<>0,$H52>0,OR(AUTOEVENTO<>\"manual\",$M52<>$A$15)),\n        IF(Import.TipoArredondamento<>\"TransfereGOV\",\n              ROUND(OFFSET($P52,0,AO$13),15-13*ORÇAMENTO!$AF$7)/$H52*OFFSET(ORÇAMENTO!$X$15,ROW(AO52)-ROW(AO$15),0),\n              ROUND(ROUND(OFFSET($P52,0,AO$13),15-13*ORÇAMENTO!$AF$7)*OFFSET(ORÇAMENTO!$W$15,ROW(AO52)-ROW(AO$15),0),15-13*ORÇAMENTO!$AF$11)),\n         0)","v":0},{"$f":"IF(AND($D52=\"Serviço\",AP$12<>0,$H52>0,OR(AUTOEVENTO<>\"manual\",$M52<>$A$15)),\n        IF(Import.TipoArredondamento<>\"TransfereGOV\",\n              ROUND(OFFSET($P52,0,AP$13),15-13*ORÇAMENTO!$AF$7)/$H52*OFFSET(ORÇAMENTO!$X$15,ROW(AP52)-ROW(AP$15),0),\n              ROUND(ROUND(OFFSET($P52,0,AP$13),15-13*ORÇAMENTO!$AF$7)*OFFSET(ORÇAMENTO!$W$15,ROW(AP52)-ROW(AP$15),0),15-13*ORÇAMENTO!$AF$11)),\n         0)","v":0},{"$f":"IF(AND($D52=\"Serviço\",AQ$12<>0,$H52>0,OR(AUTOEVENTO<>\"manual\",$M52<>$A$15)),\n        IF(Import.TipoArredondamento<>\"TransfereGOV\",\n              ROUND(OFFSET($P52,0,AQ$13),15-13*ORÇAMENTO!$AF$7)/$H52*OFFSET(ORÇAMENTO!$X$15,ROW(AQ52)-ROW(AQ$15),0),\n              ROUND(ROUND(OFFSET($P52,0,AQ$13),15-13*ORÇAMENTO!$AF$7)*OFFSET(ORÇAMENTO!$W$15,ROW(AQ52)-ROW(AQ$15),0),15-13*ORÇAMENTO!$AF$11)),\n         0)","v":0},{"$f":"IF(AND($D52=\"Serviço\",AR$12<>0,$H52>0,OR(AUTOEVENTO<>\"manual\",$M52<>$A$15)),\n        IF(Import.TipoArredondamento<>\"TransfereGOV\",\n              ROUND(OFFSET($P52,0,AR$13),15-13*ORÇAMENTO!$AF$7)/$H52*OFFSET(ORÇAMENTO!$X$15,ROW(AR52)-ROW(AR$15),0),\n              ROUND(ROUND(OFFSET($P52,0,AR$13),15-13*ORÇAMENTO!$AF$7)*OFFSET(ORÇAMENTO!$W$15,ROW(AR52)-ROW(AR$15),0),15-13*ORÇAMENTO!$AF$11)),\n         0)","v":0},{"$f":"IF(AND($D52=\"Serviço\",AS$12<>0,$H52>0,OR(AUTOEVENTO<>\"manual\",$M52<>$A$15)),\n        IF(Import.TipoArredondamento<>\"TransfereGOV\",\n              ROUND(OFFSET($P52,0,AS$13),15-13*ORÇAMENTO!$AF$7)/$H52*OFFSET(ORÇAMENTO!$X$15,ROW(AS52)-ROW(AS$15),0),\n              ROUND(ROUND(OFFSET($P52,0,AS$13),15-13*ORÇAMENTO!$AF$7)*OFFSET(ORÇAMENTO!$W$15,ROW(AS52)-ROW(AS$15),0),15-13*ORÇAMENTO!$AF$11)),\n         0)","v":0},{"$f":"IF(AND($D52=\"Serviço\",AT$12<>0,$H52>0,OR(AUTOEVENTO<>\"manual\",$M52<>$A$15)),\n        IF(Import.TipoArredondamento<>\"TransfereGOV\",\n              ROUND(OFFSET($P52,0,AT$13),15-13*ORÇAMENTO!$AF$7)/$H52*OFFSET(ORÇAMENTO!$X$15,ROW(AT52)-ROW(AT$15),0),\n              ROUND(ROUND(OFFSET($P52,0,AT$13),15-13*ORÇAMENTO!$AF$7)*OFFSET(ORÇAMENTO!$W$15,ROW(AT52)-ROW(AT$15),0),15-13*ORÇAMENTO!$AF$11)),\n         0)","v":0},{"$f":"IF(AND($D52=\"Serviço\",AU$12<>0,$H52>0,OR(AUTOEVENTO<>\"manual\",$M52<>$A$15)),\n        IF(Import.TipoArredondamento<>\"TransfereGOV\",\n              ROUND(OFFSET($P52,0,AU$13),15-13*ORÇAMENTO!$AF$7)/$H52*OFFSET(ORÇAMENTO!$X$15,ROW(AU52)-ROW(AU$15),0),\n              ROUND(ROUND(OFFSET($P52,0,AU$13),15-13*ORÇAMENTO!$AF$7)*OFFSET(ORÇAMENTO!$W$15,ROW(AU52)-ROW(AU$15),0),15-13*ORÇAMENTO!$AF$11)),\n         0)","v":0},{"$f":"IF(AND($D52=\"Serviço\",AV$12<>0,$H52>0,OR(AUTOEVENTO<>\"manual\",$M52<>$A$15)),\n        IF(Import.TipoArredondamento<>\"TransfereGOV\",\n              ROUND(OFFSET($P52,0,AV$13),15-13*ORÇAMENTO!$AF$7)/$H52*OFFSET(ORÇAMENTO!$X$15,ROW(AV52)-ROW(AV$15),0),\n              ROUND(ROUND(OFFSET($P52,0,AV$13),15-13*ORÇAMENTO!$AF$7)*OFFSET(ORÇAMENTO!$W$15,ROW(AV52)-ROW(AV$15),0),15-13*ORÇAMENTO!$AF$11)),\n         0)","v":0},{"$f":"IF(AND($D52=\"Serviço\",AW$12<>0,$H52>0,OR(AUTOEVENTO<>\"manual\",$M52<>$A$15)),\n        IF(Import.TipoArredondamento<>\"TransfereGOV\",\n              ROUND(OFFSET($P52,0,AW$13),15-13*ORÇAMENTO!$AF$7)/$H52*OFFSET(ORÇAMENTO!$X$15,ROW(AW52)-ROW(AW$15),0),\n              ROUND(ROUND(OFFSET($P52,0,AW$13),15-13*ORÇAMENTO!$AF$7)*OFFSET(ORÇAMENTO!$W$15,ROW(AW52)-ROW(AW$15),0),15-13*ORÇAMENTO!$AF$11)),\n         0)","v":0},{"$f":"IF(AND($D52=\"Serviço\",AX$12<>0,$H52>0,OR(AUTOEVENTO<>\"manual\",$M52<>$A$15)),\n        IF(Import.TipoArredondamento<>\"TransfereGOV\",\n              ROUND(OFFSET($P52,0,AX$13),15-13*ORÇAMENTO!$AF$7)/$H52*OFFSET(ORÇAMENTO!$X$15,ROW(AX52)-ROW(AX$15),0),\n              ROUND(ROUND(OFFSET($P52,0,AX$13),15-13*ORÇAMENTO!$AF$7)*OFFSET(ORÇAMENTO!$W$15,ROW(AX52)-ROW(AX$15),0),15-13*ORÇAMENTO!$AF$11)),\n         0)","v":0},{"$f":"IF(AND($D52=\"Serviço\",AY$12<>0,$H52>0,OR(AUTOEVENTO<>\"manual\",$M52<>$A$15)),\n        IF(Import.TipoArredondamento<>\"TransfereGOV\",\n              ROUND(OFFSET($P52,0,AY$13),15-13*ORÇAMENTO!$AF$7)/$H52*OFFSET(ORÇAMENTO!$X$15,ROW(AY52)-ROW(AY$15),0),\n              ROUND(ROUND(OFFSET($P52,0,AY$13),15-13*ORÇAMENTO!$AF$7)*OFFSET(ORÇAMENTO!$W$15,ROW(AY52)-ROW(AY$15),0),15-13*ORÇAMENTO!$AF$11)),\n         0)","v":0},{"$f":"IF(AND($D52=\"Serviço\",AZ$12<>0,$H52>0,OR(AUTOEVENTO<>\"manual\",$M52<>$A$15)),\n        IF(Import.TipoArredondamento<>\"TransfereGOV\",\n              ROUND(OFFSET($P52,0,AZ$13),15-13*ORÇAMENTO!$AF$7)/$H52*OFFSET(ORÇAMENTO!$X$15,ROW(AZ52)-ROW(AZ$15),0),\n              ROUND(ROUND(OFFSET($P52,0,AZ$13),15-13*ORÇAMENTO!$AF$7)*OFFSET(ORÇAMENTO!$W$15,ROW(AZ52)-ROW(AZ$15),0),15-13*ORÇAMENTO!$AF$11)),\n         0)","v":0},{"$f":"IF(AND($D52=\"Serviço\",BA$12<>0,$H52>0,OR(AUTOEVENTO<>\"manual\",$M52<>$A$15)),\n        IF(Import.TipoArredondamento<>\"TransfereGOV\",\n              ROUND(OFFSET($P52,0,BA$13),15-13*ORÇAMENTO!$AF$7)/$H52*OFFSET(ORÇAMENTO!$X$15,ROW(BA52)-ROW(BA$15),0),\n              ROUND(ROUND(OFFSET($P52,0,BA$13),15-13*ORÇAMENTO!$AF$7)*OFFSET(ORÇAMENTO!$W$15,ROW(BA52)-ROW(BA$15),0),15-13*ORÇAMENTO!$AF$11)),\n         0)","v":0},null,{"$f":"IF(OR($D52<>\"Serviço\",AND(AUTOEVENTO=\"Manual\",$M52=$A$15)),0,\n         IF(OFFSET(CRONOPLE!$F$15,$M52-$A$15,BC$13)=\"\",10^12,OFFSET(CRONOPLE!$F$15,$M52-$A$15,BC$13)))","v":1},{"$f":"IF(OR($D52<>\"Serviço\",AND(AUTOEVENTO=\"Manual\",$M52=$A$15)),0,\n         IF(OFFSET(CRONOPLE!$F$15,$M52-$A$15,BD$13)=\"\",10^12,OFFSET(CRONOPLE!$F$15,$M52-$A$15,BD$13)))","v":1000000000000},{"$f":"IF(OR($D52<>\"Serviço\",AND(AUTOEVENTO=\"Manual\",$M52=$A$15)),0,\n         IF(OFFSET(CRONOPLE!$F$15,$M52-$A$15,BE$13)=\"\",10^12,OFFSET(CRONOPLE!$F$15,$M52-$A$15,BE$13)))","v":1000000000000},{"$f":"IF(OR($D52<>\"Serviço\",AND(AUTOEVENTO=\"Manual\",$M52=$A$15)),0,\n         IF(OFFSET(CRONOPLE!$F$15,$M52-$A$15,BF$13)=\"\",10^12,OFFSET(CRONOPLE!$F$15,$M52-$A$15,BF$13)))","v":1000000000000},{"$f":"IF(OR($D52<>\"Serviço\",AND(AUTOEVENTO=\"Manual\",$M52=$A$15)),0,\n         IF(OFFSET(CRONOPLE!$F$15,$M52-$A$15,BG$13)=\"\",10^12,OFFSET(CRONOPLE!$F$15,$M52-$A$15,BG$13)))","v":1000000000000},{"$f":"IF(OR($D52<>\"Serviço\",AND(AUTOEVENTO=\"Manual\",$M52=$A$15)),0,\n         IF(OFFSET(CRONOPLE!$F$15,$M52-$A$15,BH$13)=\"\",10^12,OFFSET(CRONOPLE!$F$15,$M52-$A$15,BH$13)))","v":1000000000000},{"$f":"IF(OR($D52<>\"Serviço\",AND(AUTOEVENTO=\"Manual\",$M52=$A$15)),0,\n         IF(OFFSET(CRONOPLE!$F$15,$M52-$A$15,BI$13)=\"\",10^12,OFFSET(CRONOPLE!$F$15,$M52-$A$15,BI$13)))","v":1000000000000},{"$f":"IF(OR($D52<>\"Serviço\",AND(AUTOEVENTO=\"Manual\",$M52=$A$15)),0,\n         IF(OFFSET(CRONOPLE!$F$15,$M52-$A$15,BJ$13)=\"\",10^12,OFFSET(CRONOPLE!$F$15,$M52-$A$15,BJ$13)))","v":1000000000000},{"$f":"IF(OR($D52<>\"Serviço\",AND(AUTOEVENTO=\"Manual\",$M52=$A$15)),0,\n         IF(OFFSET(CRONOPLE!$F$15,$M52-$A$15,BK$13)=\"\",10^12,OFFSET(CRONOPLE!$F$15,$M52-$A$15,BK$13)))","v":1000000000000},{"$f":"IF(OR($D52<>\"Serviço\",AND(AUTOEVENTO=\"Manual\",$M52=$A$15)),0,\n         IF(OFFSET(CRONOPLE!$F$15,$M52-$A$15,BL$13)=\"\",10^12,OFFSET(CRONOPLE!$F$15,$M52-$A$15,BL$13)))","v":1000000000000},{"$f":"IF(OR($D52<>\"Serviço\",AND(AUTOEVENTO=\"Manual\",$M52=$A$15)),0,\n         IF(OFFSET(CRONOPLE!$F$15,$M52-$A$15,BM$13)=\"\",10^12,OFFSET(CRONOPLE!$F$15,$M52-$A$15,BM$13)))","v":1000000000000},{"$f":"IF(OR($D52<>\"Serviço\",AND(AUTOEVENTO=\"Manual\",$M52=$A$15)),0,\n         IF(OFFSET(CRONOPLE!$F$15,$M52-$A$15,BN$13)=\"\",10^12,OFFSET(CRONOPLE!$F$15,$M52-$A$15,BN$13)))","v":1000000000000},{"$f":"IF(OR($D52<>\"Serviço\",AND(AUTOEVENTO=\"Manual\",$M52=$A$15)),0,\n         IF(OFFSET(CRONOPLE!$F$15,$M52-$A$15,BO$13)=\"\",10^12,OFFSET(CRONOPLE!$F$15,$M52-$A$15,BO$13)))","v":1000000000000},{"$f":"IF(OR($D52<>\"Serviço\",AND(AUTOEVENTO=\"Manual\",$M52=$A$15)),0,\n         IF(OFFSET(CRONOPLE!$F$15,$M52-$A$15,BP$13)=\"\",10^12,OFFSET(CRONOPLE!$F$15,$M52-$A$15,BP$13)))","v":1000000000000},{"$f":"IF(OR($D52<>\"Serviço\",AND(AUTOEVENTO=\"Manual\",$M52=$A$15)),0,\n         IF(OFFSET(CRONOPLE!$F$15,$M52-$A$15,BQ$13)=\"\",10^12,OFFSET(CRONOPLE!$F$15,$M52-$A$15,BQ$13)))","v":1000000000000},{"$f":"IF(OR($D52<>\"Serviço\",AND(AUTOEVENTO=\"Manual\",$M52=$A$15)),0,\n         IF(OFFSET(CRONOPLE!$F$15,$M52-$A$15,BR$13)=\"\",10^12,OFFSET(CRONOPLE!$F$15,$M52-$A$15,BR$13)))","v":1000000000000},{"$f":"IF(OR($D52<>\"Serviço\",AND(AUTOEVENTO=\"Manual\",$M52=$A$15)),0,\n         IF(OFFSET(CRONOPLE!$F$15,$M52-$A$15,BS$13)=\"\",10^12,OFFSET(CRONOPLE!$F$15,$M52-$A$15,BS$13)))","v":1000000000000},{"$f":"IF(OR($D52<>\"Serviço\",AND(AUTOEVENTO=\"Manual\",$M52=$A$15)),0,\n         IF(OFFSET(CRONOPLE!$F$15,$M52-$A$15,BT$13)=\"\",10^12,OFFSET(CRONOPLE!$F$15,$M52-$A$15,BT$13)))","v":1000000000000},null,{"$f":"IF(OR($D52<>\"Serviço\",AND(AUTOEVENTO=\"Manual\",$M52=$A$15),$M52>(ROW(PLE.lastrow)-ROW(PLE.firstrow))),0,\n           IF(OFFSET(PLE!$G$15,$M52-$A$15,BV$13)=\"\",10^12,OFFSET(PLE!$G$15,$M52-$A$15,BV$13)))","v":1000000000000},{"$f":"IF(OR($D52<>\"Serviço\",AND(AUTOEVENTO=\"Manual\",$M52=$A$15),$M52>(ROW(PLE.lastrow)-ROW(PLE.firstrow))),0,\n           IF(OFFSET(PLE!$G$15,$M52-$A$15,BW$13)=\"\",10^12,OFFSET(PLE!$G$15,$M52-$A$15,BW$13)))","v":1000000000000},{"$f":"IF(OR($D52<>\"Serviço\",AND(AUTOEVENTO=\"Manual\",$M52=$A$15),$M52>(ROW(PLE.lastrow)-ROW(PLE.firstrow))),0,\n           IF(OFFSET(PLE!$G$15,$M52-$A$15,BX$13)=\"\",10^12,OFFSET(PLE!$G$15,$M52-$A$15,BX$13)))","v":1000000000000},{"$f":"IF(OR($D52<>\"Serviço\",AND(AUTOEVENTO=\"Manual\",$M52=$A$15),$M52>(ROW(PLE.lastrow)-ROW(PLE.firstrow))),0,\n           IF(OFFSET(PLE!$G$15,$M52-$A$15,BY$13)=\"\",10^12,OFFSET(PLE!$G$15,$M52-$A$15,BY$13)))","v":1000000000000},{"$f":"IF(OR($D52<>\"Serviço\",AND(AUTOEVENTO=\"Manual\",$M52=$A$15),$M52>(ROW(PLE.lastrow)-ROW(PLE.firstrow))),0,\n           IF(OFFSET(PLE!$G$15,$M52-$A$15,BZ$13)=\"\",10^12,OFFSET(PLE!$G$15,$M52-$A$15,BZ$13)))","v":1000000000000},{"$f":"IF(OR($D52<>\"Serviço\",AND(AUTOEVENTO=\"Manual\",$M52=$A$15),$M52>(ROW(PLE.lastrow)-ROW(PLE.firstrow))),0,\n           IF(OFFSET(PLE!$G$15,$M52-$A$15,CA$13)=\"\",10^12,OFFSET(PLE!$G$15,$M52-$A$15,CA$13)))","v":1000000000000},{"$f":"IF(OR($D52<>\"Serviço\",AND(AUTOEVENTO=\"Manual\",$M52=$A$15),$M52>(ROW(PLE.lastrow)-ROW(PLE.firstrow))),0,\n           IF(OFFSET(PLE!$G$15,$M52-$A$15,CB$13)=\"\",10^12,OFFSET(PLE!$G$15,$M52-$A$15,CB$13)))","v":1000000000000},{"$f":"IF(OR($D52<>\"Serviço\",AND(AUTOEVENTO=\"Manual\",$M52=$A$15),$M52>(ROW(PLE.lastrow)-ROW(PLE.firstrow))),0,\n           IF(OFFSET(PLE!$G$15,$M52-$A$15,CC$13)=\"\",10^12,OFFSET(PLE!$G$15,$M52-$A$15,CC$13)))","v":1000000000000},{"$f":"IF(OR($D52<>\"Serviço\",AND(AUTOEVENTO=\"Manual\",$M52=$A$15),$M52>(ROW(PLE.lastrow)-ROW(PLE.firstrow))),0,\n           IF(OFFSET(PLE!$G$15,$M52-$A$15,CD$13)=\"\",10^12,OFFSET(PLE!$G$15,$M52-$A$15,CD$13)))","v":1000000000000},{"$f":"IF(OR($D52<>\"Serviço\",AND(AUTOEVENTO=\"Manual\",$M52=$A$15),$M52>(ROW(PLE.lastrow)-ROW(PLE.firstrow))),0,\n           IF(OFFSET(PLE!$G$15,$M52-$A$15,CE$13)=\"\",10^12,OFFSET(PLE!$G$15,$M52-$A$15,CE$13)))","v":1000000000000},{"$f":"IF(OR($D52<>\"Serviço\",AND(AUTOEVENTO=\"Manual\",$M52=$A$15),$M52>(ROW(PLE.lastrow)-ROW(PLE.firstrow))),0,\n           IF(OFFSET(PLE!$G$15,$M52-$A$15,CF$13)=\"\",10^12,OFFSET(PLE!$G$15,$M52-$A$15,CF$13)))","v":1000000000000},{"$f":"IF(OR($D52<>\"Serviço\",AND(AUTOEVENTO=\"Manual\",$M52=$A$15),$M52>(ROW(PLE.lastrow)-ROW(PLE.firstrow))),0,\n           IF(OFFSET(PLE!$G$15,$M52-$A$15,CG$13)=\"\",10^12,OFFSET(PLE!$G$15,$M52-$A$15,CG$13)))","v":1000000000000},{"$f":"IF(OR($D52<>\"Serviço\",AND(AUTOEVENTO=\"Manual\",$M52=$A$15),$M52>(ROW(PLE.lastrow)-ROW(PLE.firstrow))),0,\n           IF(OFFSET(PLE!$G$15,$M52-$A$15,CH$13)=\"\",10^12,OFFSET(PLE!$G$15,$M52-$A$15,CH$13)))","v":1000000000000},{"$f":"IF(OR($D52<>\"Serviço\",AND(AUTOEVENTO=\"Manual\",$M52=$A$15),$M52>(ROW(PLE.lastrow)-ROW(PLE.firstrow))),0,\n           IF(OFFSET(PLE!$G$15,$M52-$A$15,CI$13)=\"\",10^12,OFFSET(PLE!$G$15,$M52-$A$15,CI$13)))","v":1000000000000},{"$f":"IF(OR($D52<>\"Serviço\",AND(AUTOEVENTO=\"Manual\",$M52=$A$15),$M52>(ROW(PLE.lastrow)-ROW(PLE.firstrow))),0,\n           IF(OFFSET(PLE!$G$15,$M52-$A$15,CJ$13)=\"\",10^12,OFFSET(PLE!$G$15,$M52-$A$15,CJ$13)))","v":1000000000000},{"$f":"IF(OR($D52<>\"Serviço\",AND(AUTOEVENTO=\"Manual\",$M52=$A$15),$M52>(ROW(PLE.lastrow)-ROW(PLE.firstrow))),0,\n           IF(OFFSET(PLE!$G$15,$M52-$A$15,CK$13)=\"\",10^12,OFFSET(PLE!$G$15,$M52-$A$15,CK$13)))","v":1000000000000},{"$f":"IF(OR($D52<>\"Serviço\",AND(AUTOEVENTO=\"Manual\",$M52=$A$15),$M52>(ROW(PLE.lastrow)-ROW(PLE.firstrow))),0,\n           IF(OFFSET(PLE!$G$15,$M52-$A$15,CL$13)=\"\",10^12,OFFSET(PLE!$G$15,$M52-$A$15,CL$13)))","v":1000000000000},{"$f":"IF(OR($D52<>\"Serviço\",AND(AUTOEVENTO=\"Manual\",$M52=$A$15),$M52>(ROW(PLE.lastrow)-ROW(PLE.firstrow))),0,\n           IF(OFFSET(PLE!$G$15,$M52-$A$15,CM$13)=\"\",10^12,OFFSET(PLE!$G$15,$M52-$A$15,CM$13)))","v":1000000000000}]
[2,{"$f":"OFFSET(ORÇAMENTO!C$15,ROW(B53)-ROW(B$15),0)","v":"S"},{"$f":"OFFSET(ORÇAMENTO!L$15,ROW(C53)-ROW(C$15),0)","v":"F"},{"$f":"OFFSET(ORÇAMENTO!N$15,ROW(D53)-ROW(D$15),0)","v":"Serviço"},{"$f":"OFFSET(ORÇAMENTO!O$15,ROW(E53)-ROW(E$15),0)","v":"1.4.3."},{"$f":"OFFSET(ORÇAMENTO!R$15,ROW(F53)-ROW(F$15),0)","v":"TRANSPORTE COM CAMINHÃO BASCULANTE DE 14 M³, EM VIA URBANA PAVIMENTADA, DMT ATÉ 30 KM (UNIDADE: M3XKM). AF_07/2020"},{"$f":"IF($D53<>\"Serviço\",\"\",OFFSET(ORÇAMENTO!S$15,ROW(G53)-ROW(G$15),0))","v":"M3XKM"},{"$f":"IF($D53<>\"Serviço\",0,IF(ACOMPANHAMENTO=\"BM\",ROUND(OFFSET(ORÇAMENTO!AJ$15,ROW(H53)-ROW(H$15),0),15-13*ORÇAMENTO!$AF$7),SUMPRODUCT(($Q$1:$AI$1=1)*ROUND($Q53:$AI53,15-13*ORÇAMENTO!$AF$7))))","v":69.290000000000006},null,{"$f":"IF(B53<>\"S\",\"\",IF(AND(ACOMPANHAMENTO=\"PLE\",AUTOEVENTO=\"Manual\",OR(H53>0,ORÇAMENTO!AC53=\"QUANT.\"),OR(K53=\"\",M53=0,N53=\"\")),\"►\",IF(AND(ACOMPANHAMENTO=\"PLE\",ORÇAMENTO!AC53=\"QUANT.\"),\"►►\",IF(AND(COUNTIF($P$11:$AI$11,\"▼\")=0,H53>0,I53=\"\"),\"◄\",\"\"))))","v":"◄"},"2. DRENAGEM DE ÁGUAS PLUVIAIS",".",{"$f":"IF($D53<>\"Serviço\",\"\",\n          IF(AUTOEVENTO=\"manual\",$A53,\n                IF(ISERROR(MATCH($A53,$A$15:OFFSET($A53,-1,0),0)),MAX($M$15:OFFSET(M53,-1,0))+1,\n                      INDEX($M$15:OFFSET(M53,-1,0),MATCH($A53,$A$15:OFFSET($A53,-1,0),0)))))","v":2},{"$f":"IF($D53<>\"Serviço\",\"\",\n         IF(AUTOEVENTO=\"Manual\",\n                IF($A53=0,\"<-- defina o número do agrupador\",\n                       OFFSET(EVENTOS!$D$15,$A53-$A$15,0)),\n                OFFSET($F$15,$A53,0)))","v":"DRENAGEM DE ÁGUAS PLUVIAIS"},null,null,1831.1800000000003,null,null,null,null,null,null,null,null,null,null,null,null,null,null,null,null,null,null,{"$f":"IF(AND($D53=\"Serviço\",AJ$12<>0,$H53>0,OR(AUTOEVENTO<>\"manual\",$M53<>$A$15)),\n        IF(Import.TipoArredondamento<>\"TransfereGOV\",\n              ROUND(OFFSET($P53,0,AJ$13),15-13*ORÇAMENTO!$AF$7)/$H53*OFFSET(ORÇAMENTO!$X$15,ROW(AJ53)-ROW(AJ$15),0),\n              ROUND(ROUND(OFFSET($P53,0,AJ$13),15-13*ORÇAMENTO!$AF$7)*OFFSET(ORÇAMENTO!$W$15,ROW(AJ53)-ROW(AJ$15),0),15-13*ORÇAMENTO!$AF$11)),\n         0)","v":0},{"$f":"IF(AND($D53=\"Serviço\",AK$12<>0,$H53>0,OR(AUTOEVENTO<>\"manual\",$M53<>$A$15)),\n        IF(Import.TipoArredondamento<>\"TransfereGOV\",\n              ROUND(OFFSET($P53,0,AK$13),15-13*ORÇAMENTO!$AF$7)/$H53*OFFSET(ORÇAMENTO!$X$15,ROW(AK53)-ROW(AK$15),0),\n              ROUND(ROUND(OFFSET($P53,0,AK$13),15-13*ORÇAMENTO!$AF$7)*OFFSET(ORÇAMENTO!$W$15,ROW(AK53)-ROW(AK$15),0),15-13*ORÇAMENTO!$AF$11)),\n         0)","v":0},{"$f":"IF(AND($D53=\"Serviço\",AL$12<>0,$H53>0,OR(AUTOEVENTO<>\"manual\",$M53<>$A$15)),\n        IF(Import.TipoArredondamento<>\"TransfereGOV\",\n              ROUND(OFFSET($P53,0,AL$13),15-13*ORÇAMENTO!$AF$7)/$H53*OFFSET(ORÇAMENTO!$X$15,ROW(AL53)-ROW(AL$15),0),\n              ROUND(ROUND(OFFSET($P53,0,AL$13),15-13*ORÇAMENTO!$AF$7)*OFFSET(ORÇAMENTO!$W$15,ROW(AL53)-ROW(AL$15),0),15-13*ORÇAMENTO!$AF$11)),\n         0)","v":0},{"$f":"IF(AND($D53=\"Serviço\",AM$12<>0,$H53>0,OR(AUTOEVENTO<>\"manual\",$M53<>$A$15)),\n        IF(Import.TipoArredondamento<>\"TransfereGOV\",\n              ROUND(OFFSET($P53,0,AM$13),15-13*ORÇAMENTO!$AF$7)/$H53*OFFSET(ORÇAMENTO!$X$15,ROW(AM53)-ROW(AM$15),0),\n              ROUND(ROUND(OFFSET($P53,0,AM$13),15-13*ORÇAMENTO!$AF$7)*OFFSET(ORÇAMENTO!$W$15,ROW(AM53)-ROW(AM$15),0),15-13*ORÇAMENTO!$AF$11)),\n         0)","v":0},{"$f":"IF(AND($D53=\"Serviço\",AN$12<>0,$H53>0,OR(AUTOEVENTO<>\"manual\",$M53<>$A$15)),\n        IF(Import.TipoArredondamento<>\"TransfereGOV\",\n              ROUND(OFFSET($P53,0,AN$13),15-13*ORÇAMENTO!$AF$7)/$H53*OFFSET(ORÇAMENTO!$X$15,ROW(AN53)-ROW(AN$15),0),\n              ROUND(ROUND(OFFSET($P53,0,AN$13),15-13*ORÇAMENTO!$AF$7)*OFFSET(ORÇAMENTO!$W$15,ROW(AN53)-ROW(AN$15),0),15-13*ORÇAMENTO!$AF$11)),\n         0)","v":0},{"$f":"IF(AND($D53=\"Serviço\",AO$12<>0,$H53>0,OR(AUTOEVENTO<>\"manual\",$M53<>$A$15)),\n        IF(Import.TipoArredondamento<>\"TransfereGOV\",\n              ROUND(OFFSET($P53,0,AO$13),15-13*ORÇAMENTO!$AF$7)/$H53*OFFSET(ORÇAMENTO!$X$15,ROW(AO53)-ROW(AO$15),0),\n              ROUND(ROUND(OFFSET($P53,0,AO$13),15-13*ORÇAMENTO!$AF$7)*OFFSET(ORÇAMENTO!$W$15,ROW(AO53)-ROW(AO$15),0),15-13*ORÇAMENTO!$AF$11)),\n         0)","v":0},{"$f":"IF(AND($D53=\"Serviço\",AP$12<>0,$H53>0,OR(AUTOEVENTO<>\"manual\",$M53<>$A$15)),\n        IF(Import.TipoArredondamento<>\"TransfereGOV\",\n              ROUND(OFFSET($P53,0,AP$13),15-13*ORÇAMENTO!$AF$7)/$H53*OFFSET(ORÇAMENTO!$X$15,ROW(AP53)-ROW(AP$15),0),\n              ROUND(ROUND(OFFSET($P53,0,AP$13),15-13*ORÇAMENTO!$AF$7)*OFFSET(ORÇAMENTO!$W$15,ROW(AP53)-ROW(AP$15),0),15-13*ORÇAMENTO!$AF$11)),\n         0)","v":0},{"$f":"IF(AND($D53=\"Serviço\",AQ$12<>0,$H53>0,OR(AUTOEVENTO<>\"manual\",$M53<>$A$15)),\n        IF(Import.TipoArredondamento<>\"TransfereGOV\",\n              ROUND(OFFSET($P53,0,AQ$13),15-13*ORÇAMENTO!$AF$7)/$H53*OFFSET(ORÇAMENTO!$X$15,ROW(AQ53)-ROW(AQ$15),0),\n              ROUND(ROUND(OFFSET($P53,0,AQ$13),15-13*ORÇAMENTO!$AF$7)*OFFSET(ORÇAMENTO!$W$15,ROW(AQ53)-ROW(AQ$15),0),15-13*ORÇAMENTO!$AF$11)),\n         0)","v":0},{"$f":"IF(AND($D53=\"Serviço\",AR$12<>0,$H53>0,OR(AUTOEVENTO<>\"manual\",$M53<>$A$15)),\n        IF(Import.TipoArredondamento<>\"TransfereGOV\",\n              ROUND(OFFSET($P53,0,AR$13),15-13*ORÇAMENTO!$AF$7)/$H53*OFFSET(ORÇAMENTO!$X$15,ROW(AR53)-ROW(AR$15),0),\n              ROUND(ROUND(OFFSET($P53,0,AR$13),15-13*ORÇAMENTO!$AF$7)*OFFSET(ORÇAMENTO!$W$15,ROW(AR53)-ROW(AR$15),0),15-13*ORÇAMENTO!$AF$11)),\n         0)","v":0},{"$f":"IF(AND($D53=\"Serviço\",AS$12<>0,$H53>0,OR(AUTOEVENTO<>\"manual\",$M53<>$A$15)),\n        IF(Import.TipoArredondamento<>\"TransfereGOV\",\n              ROUND(OFFSET($P53,0,AS$13),15-13*ORÇAMENTO!$AF$7)/$H53*OFFSET(ORÇAMENTO!$X$15,ROW(AS53)-ROW(AS$15),0),\n              ROUND(ROUND(OFFSET($P53,0,AS$13),15-13*ORÇAMENTO!$AF$7)*OFFSET(ORÇAMENTO!$W$15,ROW(AS53)-ROW(AS$15),0),15-13*ORÇAMENTO!$AF$11)),\n         0)","v":0},{"$f":"IF(AND($D53=\"Serviço\",AT$12<>0,$H53>0,OR(AUTOEVENTO<>\"manual\",$M53<>$A$15)),\n        IF(Import.TipoArredondamento<>\"TransfereGOV\",\n              ROUND(OFFSET($P53,0,AT$13),15-13*ORÇAMENTO!$AF$7)/$H53*OFFSET(ORÇAMENTO!$X$15,ROW(AT53)-ROW(AT$15),0),\n              ROUND(ROUND(OFFSET($P53,0,AT$13),15-13*ORÇAMENTO!$AF$7)*OFFSET(ORÇAMENTO!$W$15,ROW(AT53)-ROW(AT$15),0),15-13*ORÇAMENTO!$AF$11)),\n         0)","v":0},{"$f":"IF(AND($D53=\"Serviço\",AU$12<>0,$H53>0,OR(AUTOEVENTO<>\"manual\",$M53<>$A$15)),\n        IF(Import.TipoArredondamento<>\"TransfereGOV\",\n              ROUND(OFFSET($P53,0,AU$13),15-13*ORÇAMENTO!$AF$7)/$H53*OFFSET(ORÇAMENTO!$X$15,ROW(AU53)-ROW(AU$15),0),\n              ROUND(ROUND(OFFSET($P53,0,AU$13),15-13*ORÇAMENTO!$AF$7)*OFFSET(ORÇAMENTO!$W$15,ROW(AU53)-ROW(AU$15),0),15-13*ORÇAMENTO!$AF$11)),\n         0)","v":0},{"$f":"IF(AND($D53=\"Serviço\",AV$12<>0,$H53>0,OR(AUTOEVENTO<>\"manual\",$M53<>$A$15)),\n        IF(Import.TipoArredondamento<>\"TransfereGOV\",\n              ROUND(OFFSET($P53,0,AV$13),15-13*ORÇAMENTO!$AF$7)/$H53*OFFSET(ORÇAMENTO!$X$15,ROW(AV53)-ROW(AV$15),0),\n              ROUND(ROUND(OFFSET($P53,0,AV$13),15-13*ORÇAMENTO!$AF$7)*OFFSET(ORÇAMENTO!$W$15,ROW(AV53)-ROW(AV$15),0),15-13*ORÇAMENTO!$AF$11)),\n         0)","v":0},{"$f":"IF(AND($D53=\"Serviço\",AW$12<>0,$H53>0,OR(AUTOEVENTO<>\"manual\",$M53<>$A$15)),\n        IF(Import.TipoArredondamento<>\"TransfereGOV\",\n              ROUND(OFFSET($P53,0,AW$13),15-13*ORÇAMENTO!$AF$7)/$H53*OFFSET(ORÇAMENTO!$X$15,ROW(AW53)-ROW(AW$15),0),\n              ROUND(ROUND(OFFSET($P53,0,AW$13),15-13*ORÇAMENTO!$AF$7)*OFFSET(ORÇAMENTO!$W$15,ROW(AW53)-ROW(AW$15),0),15-13*ORÇAMENTO!$AF$11)),\n         0)","v":0},{"$f":"IF(AND($D53=\"Serviço\",AX$12<>0,$H53>0,OR(AUTOEVENTO<>\"manual\",$M53<>$A$15)),\n        IF(Import.TipoArredondamento<>\"TransfereGOV\",\n              ROUND(OFFSET($P53,0,AX$13),15-13*ORÇAMENTO!$AF$7)/$H53*OFFSET(ORÇAMENTO!$X$15,ROW(AX53)-ROW(AX$15),0),\n              ROUND(ROUND(OFFSET($P53,0,AX$13),15-13*ORÇAMENTO!$AF$7)*OFFSET(ORÇAMENTO!$W$15,ROW(AX53)-ROW(AX$15),0),15-13*ORÇAMENTO!$AF$11)),\n         0)","v":0},{"$f":"IF(AND($D53=\"Serviço\",AY$12<>0,$H53>0,OR(AUTOEVENTO<>\"manual\",$M53<>$A$15)),\n        IF(Import.TipoArredondamento<>\"TransfereGOV\",\n              ROUND(OFFSET($P53,0,AY$13),15-13*ORÇAMENTO!$AF$7)/$H53*OFFSET(ORÇAMENTO!$X$15,ROW(AY53)-ROW(AY$15),0),\n              ROUND(ROUND(OFFSET($P53,0,AY$13),15-13*ORÇAMENTO!$AF$7)*OFFSET(ORÇAMENTO!$W$15,ROW(AY53)-ROW(AY$15),0),15-13*ORÇAMENTO!$AF$11)),\n         0)","v":0},{"$f":"IF(AND($D53=\"Serviço\",AZ$12<>0,$H53>0,OR(AUTOEVENTO<>\"manual\",$M53<>$A$15)),\n        IF(Import.TipoArredondamento<>\"TransfereGOV\",\n              ROUND(OFFSET($P53,0,AZ$13),15-13*ORÇAMENTO!$AF$7)/$H53*OFFSET(ORÇAMENTO!$X$15,ROW(AZ53)-ROW(AZ$15),0),\n              ROUND(ROUND(OFFSET($P53,0,AZ$13),15-13*ORÇAMENTO!$AF$7)*OFFSET(ORÇAMENTO!$W$15,ROW(AZ53)-ROW(AZ$15),0),15-13*ORÇAMENTO!$AF$11)),\n         0)","v":0},{"$f":"IF(AND($D53=\"Serviço\",BA$12<>0,$H53>0,OR(AUTOEVENTO<>\"manual\",$M53<>$A$15)),\n        IF(Import.TipoArredondamento<>\"TransfereGOV\",\n              ROUND(OFFSET($P53,0,BA$13),15-13*ORÇAMENTO!$AF$7)/$H53*OFFSET(ORÇAMENTO!$X$15,ROW(BA53)-ROW(BA$15),0),\n              ROUND(ROUND(OFFSET($P53,0,BA$13),15-13*ORÇAMENTO!$AF$7)*OFFSET(ORÇAMENTO!$W$15,ROW(BA53)-ROW(BA$15),0),15-13*ORÇAMENTO!$AF$11)),\n         0)","v":0},null,{"$f":"IF(OR($D53<>\"Serviço\",AND(AUTOEVENTO=\"Manual\",$M53=$A$15)),0,\n         IF(OFFSET(CRONOPLE!$F$15,$M53-$A$15,BC$13)=\"\",10^12,OFFSET(CRONOPLE!$F$15,$M53-$A$15,BC$13)))","v":1},{"$f":"IF(OR($D53<>\"Serviço\",AND(AUTOEVENTO=\"Manual\",$M53=$A$15)),0,\n         IF(OFFSET(CRONOPLE!$F$15,$M53-$A$15,BD$13)=\"\",10^12,OFFSET(CRONOPLE!$F$15,$M53-$A$15,BD$13)))","v":1000000000000},{"$f":"IF(OR($D53<>\"Serviço\",AND(AUTOEVENTO=\"Manual\",$M53=$A$15)),0,\n         IF(OFFSET(CRONOPLE!$F$15,$M53-$A$15,BE$13)=\"\",10^12,OFFSET(CRONOPLE!$F$15,$M53-$A$15,BE$13)))","v":1000000000000},{"$f":"IF(OR($D53<>\"Serviço\",AND(AUTOEVENTO=\"Manual\",$M53=$A$15)),0,\n         IF(OFFSET(CRONOPLE!$F$15,$M53-$A$15,BF$13)=\"\",10^12,OFFSET(CRONOPLE!$F$15,$M53-$A$15,BF$13)))","v":1000000000000},{"$f":"IF(OR($D53<>\"Serviço\",AND(AUTOEVENTO=\"Manual\",$M53=$A$15)),0,\n         IF(OFFSET(CRONOPLE!$F$15,$M53-$A$15,BG$13)=\"\",10^12,OFFSET(CRONOPLE!$F$15,$M53-$A$15,BG$13)))","v":1000000000000},{"$f":"IF(OR($D53<>\"Serviço\",AND(AUTOEVENTO=\"Manual\",$M53=$A$15)),0,\n         IF(OFFSET(CRONOPLE!$F$15,$M53-$A$15,BH$13)=\"\",10^12,OFFSET(CRONOPLE!$F$15,$M53-$A$15,BH$13)))","v":1000000000000},{"$f":"IF(OR($D53<>\"Serviço\",AND(AUTOEVENTO=\"Manual\",$M53=$A$15)),0,\n         IF(OFFSET(CRONOPLE!$F$15,$M53-$A$15,BI$13)=\"\",10^12,OFFSET(CRONOPLE!$F$15,$M53-$A$15,BI$13)))","v":1000000000000},{"$f":"IF(OR($D53<>\"Serviço\",AND(AUTOEVENTO=\"Manual\",$M53=$A$15)),0,\n         IF(OFFSET(CRONOPLE!$F$15,$M53-$A$15,BJ$13)=\"\",10^12,OFFSET(CRONOPLE!$F$15,$M53-$A$15,BJ$13)))","v":1000000000000},{"$f":"IF(OR($D53<>\"Serviço\",AND(AUTOEVENTO=\"Manual\",$M53=$A$15)),0,\n         IF(OFFSET(CRONOPLE!$F$15,$M53-$A$15,BK$13)=\"\",10^12,OFFSET(CRONOPLE!$F$15,$M53-$A$15,BK$13)))","v":1000000000000},{"$f":"IF(OR($D53<>\"Serviço\",AND(AUTOEVENTO=\"Manual\",$M53=$A$15)),0,\n         IF(OFFSET(CRONOPLE!$F$15,$M53-$A$15,BL$13)=\"\",10^12,OFFSET(CRONOPLE!$F$15,$M53-$A$15,BL$13)))","v":1000000000000},{"$f":"IF(OR($D53<>\"Serviço\",AND(AUTOEVENTO=\"Manual\",$M53=$A$15)),0,\n         IF(OFFSET(CRONOPLE!$F$15,$M53-$A$15,BM$13)=\"\",10^12,OFFSET(CRONOPLE!$F$15,$M53-$A$15,BM$13)))","v":1000000000000},{"$f":"IF(OR($D53<>\"Serviço\",AND(AUTOEVENTO=\"Manual\",$M53=$A$15)),0,\n         IF(OFFSET(CRONOPLE!$F$15,$M53-$A$15,BN$13)=\"\",10^12,OFFSET(CRONOPLE!$F$15,$M53-$A$15,BN$13)))","v":1000000000000},{"$f":"IF(OR($D53<>\"Serviço\",AND(AUTOEVENTO=\"Manual\",$M53=$A$15)),0,\n         IF(OFFSET(CRONOPLE!$F$15,$M53-$A$15,BO$13)=\"\",10^12,OFFSET(CRONOPLE!$F$15,$M53-$A$15,BO$13)))","v":1000000000000},{"$f":"IF(OR($D53<>\"Serviço\",AND(AUTOEVENTO=\"Manual\",$M53=$A$15)),0,\n         IF(OFFSET(CRONOPLE!$F$15,$M53-$A$15,BP$13)=\"\",10^12,OFFSET(CRONOPLE!$F$15,$M53-$A$15,BP$13)))","v":1000000000000},{"$f":"IF(OR($D53<>\"Serviço\",AND(AUTOEVENTO=\"Manual\",$M53=$A$15)),0,\n         IF(OFFSET(CRONOPLE!$F$15,$M53-$A$15,BQ$13)=\"\",10^12,OFFSET(CRONOPLE!$F$15,$M53-$A$15,BQ$13)))","v":1000000000000},{"$f":"IF(OR($D53<>\"Serviço\",AND(AUTOEVENTO=\"Manual\",$M53=$A$15)),0,\n         IF(OFFSET(CRONOPLE!$F$15,$M53-$A$15,BR$13)=\"\",10^12,OFFSET(CRONOPLE!$F$15,$M53-$A$15,BR$13)))","v":1000000000000},{"$f":"IF(OR($D53<>\"Serviço\",AND(AUTOEVENTO=\"Manual\",$M53=$A$15)),0,\n         IF(OFFSET(CRONOPLE!$F$15,$M53-$A$15,BS$13)=\"\",10^12,OFFSET(CRONOPLE!$F$15,$M53-$A$15,BS$13)))","v":1000000000000},{"$f":"IF(OR($D53<>\"Serviço\",AND(AUTOEVENTO=\"Manual\",$M53=$A$15)),0,\n         IF(OFFSET(CRONOPLE!$F$15,$M53-$A$15,BT$13)=\"\",10^12,OFFSET(CRONOPLE!$F$15,$M53-$A$15,BT$13)))","v":1000000000000},null,{"$f":"IF(OR($D53<>\"Serviço\",AND(AUTOEVENTO=\"Manual\",$M53=$A$15),$M53>(ROW(PLE.lastrow)-ROW(PLE.firstrow))),0,\n           IF(OFFSET(PLE!$G$15,$M53-$A$15,BV$13)=\"\",10^12,OFFSET(PLE!$G$15,$M53-$A$15,BV$13)))","v":1000000000000},{"$f":"IF(OR($D53<>\"Serviço\",AND(AUTOEVENTO=\"Manual\",$M53=$A$15),$M53>(ROW(PLE.lastrow)-ROW(PLE.firstrow))),0,\n           IF(OFFSET(PLE!$G$15,$M53-$A$15,BW$13)=\"\",10^12,OFFSET(PLE!$G$15,$M53-$A$15,BW$13)))","v":1000000000000},{"$f":"IF(OR($D53<>\"Serviço\",AND(AUTOEVENTO=\"Manual\",$M53=$A$15),$M53>(ROW(PLE.lastrow)-ROW(PLE.firstrow))),0,\n           IF(OFFSET(PLE!$G$15,$M53-$A$15,BX$13)=\"\",10^12,OFFSET(PLE!$G$15,$M53-$A$15,BX$13)))","v":1000000000000},{"$f":"IF(OR($D53<>\"Serviço\",AND(AUTOEVENTO=\"Manual\",$M53=$A$15),$M53>(ROW(PLE.lastrow)-ROW(PLE.firstrow))),0,\n           IF(OFFSET(PLE!$G$15,$M53-$A$15,BY$13)=\"\",10^12,OFFSET(PLE!$G$15,$M53-$A$15,BY$13)))","v":1000000000000},{"$f":"IF(OR($D53<>\"Serviço\",AND(AUTOEVENTO=\"Manual\",$M53=$A$15),$M53>(ROW(PLE.lastrow)-ROW(PLE.firstrow))),0,\n           IF(OFFSET(PLE!$G$15,$M53-$A$15,BZ$13)=\"\",10^12,OFFSET(PLE!$G$15,$M53-$A$15,BZ$13)))","v":1000000000000},{"$f":"IF(OR($D53<>\"Serviço\",AND(AUTOEVENTO=\"Manual\",$M53=$A$15),$M53>(ROW(PLE.lastrow)-ROW(PLE.firstrow))),0,\n           IF(OFFSET(PLE!$G$15,$M53-$A$15,CA$13)=\"\",10^12,OFFSET(PLE!$G$15,$M53-$A$15,CA$13)))","v":1000000000000},{"$f":"IF(OR($D53<>\"Serviço\",AND(AUTOEVENTO=\"Manual\",$M53=$A$15),$M53>(ROW(PLE.lastrow)-ROW(PLE.firstrow))),0,\n           IF(OFFSET(PLE!$G$15,$M53-$A$15,CB$13)=\"\",10^12,OFFSET(PLE!$G$15,$M53-$A$15,CB$13)))","v":1000000000000},{"$f":"IF(OR($D53<>\"Serviço\",AND(AUTOEVENTO=\"Manual\",$M53=$A$15),$M53>(ROW(PLE.lastrow)-ROW(PLE.firstrow))),0,\n           IF(OFFSET(PLE!$G$15,$M53-$A$15,CC$13)=\"\",10^12,OFFSET(PLE!$G$15,$M53-$A$15,CC$13)))","v":1000000000000},{"$f":"IF(OR($D53<>\"Serviço\",AND(AUTOEVENTO=\"Manual\",$M53=$A$15),$M53>(ROW(PLE.lastrow)-ROW(PLE.firstrow))),0,\n           IF(OFFSET(PLE!$G$15,$M53-$A$15,CD$13)=\"\",10^12,OFFSET(PLE!$G$15,$M53-$A$15,CD$13)))","v":1000000000000},{"$f":"IF(OR($D53<>\"Serviço\",AND(AUTOEVENTO=\"Manual\",$M53=$A$15),$M53>(ROW(PLE.lastrow)-ROW(PLE.firstrow))),0,\n           IF(OFFSET(PLE!$G$15,$M53-$A$15,CE$13)=\"\",10^12,OFFSET(PLE!$G$15,$M53-$A$15,CE$13)))","v":1000000000000},{"$f":"IF(OR($D53<>\"Serviço\",AND(AUTOEVENTO=\"Manual\",$M53=$A$15),$M53>(ROW(PLE.lastrow)-ROW(PLE.firstrow))),0,\n           IF(OFFSET(PLE!$G$15,$M53-$A$15,CF$13)=\"\",10^12,OFFSET(PLE!$G$15,$M53-$A$15,CF$13)))","v":1000000000000},{"$f":"IF(OR($D53<>\"Serviço\",AND(AUTOEVENTO=\"Manual\",$M53=$A$15),$M53>(ROW(PLE.lastrow)-ROW(PLE.firstrow))),0,\n           IF(OFFSET(PLE!$G$15,$M53-$A$15,CG$13)=\"\",10^12,OFFSET(PLE!$G$15,$M53-$A$15,CG$13)))","v":1000000000000},{"$f":"IF(OR($D53<>\"Serviço\",AND(AUTOEVENTO=\"Manual\",$M53=$A$15),$M53>(ROW(PLE.lastrow)-ROW(PLE.firstrow))),0,\n           IF(OFFSET(PLE!$G$15,$M53-$A$15,CH$13)=\"\",10^12,OFFSET(PLE!$G$15,$M53-$A$15,CH$13)))","v":1000000000000},{"$f":"IF(OR($D53<>\"Serviço\",AND(AUTOEVENTO=\"Manual\",$M53=$A$15),$M53>(ROW(PLE.lastrow)-ROW(PLE.firstrow))),0,\n           IF(OFFSET(PLE!$G$15,$M53-$A$15,CI$13)=\"\",10^12,OFFSET(PLE!$G$15,$M53-$A$15,CI$13)))","v":1000000000000},{"$f":"IF(OR($D53<>\"Serviço\",AND(AUTOEVENTO=\"Manual\",$M53=$A$15),$M53>(ROW(PLE.lastrow)-ROW(PLE.firstrow))),0,\n           IF(OFFSET(PLE!$G$15,$M53-$A$15,CJ$13)=\"\",10^12,OFFSET(PLE!$G$15,$M53-$A$15,CJ$13)))","v":1000000000000},{"$f":"IF(OR($D53<>\"Serviço\",AND(AUTOEVENTO=\"Manual\",$M53=$A$15),$M53>(ROW(PLE.lastrow)-ROW(PLE.firstrow))),0,\n           IF(OFFSET(PLE!$G$15,$M53-$A$15,CK$13)=\"\",10^12,OFFSET(PLE!$G$15,$M53-$A$15,CK$13)))","v":1000000000000},{"$f":"IF(OR($D53<>\"Serviço\",AND(AUTOEVENTO=\"Manual\",$M53=$A$15),$M53>(ROW(PLE.lastrow)-ROW(PLE.firstrow))),0,\n           IF(OFFSET(PLE!$G$15,$M53-$A$15,CL$13)=\"\",10^12,OFFSET(PLE!$G$15,$M53-$A$15,CL$13)))","v":1000000000000},{"$f":"IF(OR($D53<>\"Serviço\",AND(AUTOEVENTO=\"Manual\",$M53=$A$15),$M53>(ROW(PLE.lastrow)-ROW(PLE.firstrow))),0,\n           IF(OFFSET(PLE!$G$15,$M53-$A$15,CM$13)=\"\",10^12,OFFSET(PLE!$G$15,$M53-$A$15,CM$13)))","v":1000000000000}]
[2,{"$f":"OFFSET(ORÇAMENTO!C$15,ROW(B54)-ROW(B$15),0)","v":"S"},{"$f":"OFFSET(ORÇAMENTO!L$15,ROW(C54)-ROW(C$15),0)","v":"F"},{"$f":"OFFSET(ORÇAMENTO!N$15,ROW(D54)-ROW(D$15),0)","v":"Serviço"},{"$f":"OFFSET(ORÇAMENTO!O$15,ROW(E54)-ROW(E$15),0)","v":"1.4.4."},{"$f":"OFFSET(ORÇAMENTO!R$15,ROW(F54)-ROW(F$15),0)","v":"REGULARIZAÇÃO E COMPACTAÇÃO DE SUBLEITO DE SOLO PREDOMINANTEMENTE ARENOSO, PARA OBRAS DE CONSTRUÇÃO DE PAVIMENTOS. AF_09/2024"},{"$f":"IF($D54<>\"Serviço\",\"\",OFFSET(ORÇAMENTO!S$15,ROW(G54)-ROW(G$15),0))","v":"M2"},{"$f":"IF($D54<>\"Serviço\",0,IF(ACOMPANHAMENTO=\"BM\",ROUND(OFFSET(ORÇAMENTO!AJ$15,ROW(H54)-ROW(H$15),0),15-13*ORÇAMENTO!$AF$7),SUMPRODUCT(($Q$1:$AI$1=1)*ROUND($Q54:$AI54,15-13*ORÇAMENTO!$AF$7))))","v":355.31},null,{"$f":"IF(B54<>\"S\",\"\",IF(AND(ACOMPANHAMENTO=\"PLE\",AUTOEVENTO=\"Manual\",OR(H54>0,ORÇAMENTO!AC54=\"QUANT.\"),OR(K54=\"\",M54=0,N54=\"\")),\"►\",IF(AND(ACOMPANHAMENTO=\"PLE\",ORÇAMENTO!AC54=\"QUANT.\"),\"►►\",IF(AND(COUNTIF($P$11:$AI$11,\"▼\")=0,H54>0,I54=\"\"),\"◄\",\"\"))))","v":"◄"},"2. DRENAGEM DE ÁGUAS PLUVIAIS",".",{"$f":"IF($D54<>\"Serviço\",\"\",\n          IF(AUTOEVENTO=\"manual\",$A54,\n                IF(ISERROR(MATCH($A54,$A$15:OFFSET($A54,-1,0),0)),MAX($M$15:OFFSET(M54,-1,0))+1,\n                      INDEX($M$15:OFFSET(M54,-1,0),MATCH($A54,$A$15:OFFSET($A54,-1,0),0)))))","v":2},{"$f":"IF($D54<>\"Serviço\",\"\",\n         IF(AUTOEVENTO=\"Manual\",\n                IF($A54=0,\"<-- defina o número do agrupador\",\n                       OFFSET(EVENTOS!$D$15,$A54-$A$15,0)),\n                OFFSET($F$15,$A54,0)))","v":"DRENAGEM DE ÁGUAS PLUVIAIS"},null,null,114.44680000000001,null,null,null,null,null,null,null,null,null,null,null,null,null,null,null,null,null,null,{"$f":"IF(AND($D54=\"Serviço\",AJ$12<>0,$H54>0,OR(AUTOEVENTO<>\"manual\",$M54<>$A$15)),\n        IF(Import.TipoArredondamento<>\"TransfereGOV\",\n              ROUND(OFFSET($P54,0,AJ$13),15-13*ORÇAMENTO!$AF$7)/$H54*OFFSET(ORÇAMENTO!$X$15,ROW(AJ54)-ROW(AJ$15),0),\n              ROUND(ROUND(OFFSET($P54,0,AJ$13),15-13*ORÇAMENTO!$AF$7)*OFFSET(ORÇAMENTO!$W$15,ROW(AJ54)-ROW(AJ$15),0),15-13*ORÇAMENTO!$AF$11)),\n         0)","v":0},{"$f":"IF(AND($D54=\"Serviço\",AK$12<>0,$H54>0,OR(AUTOEVENTO<>\"manual\",$M54<>$A$15)),\n        IF(Import.TipoArredondamento<>\"TransfereGOV\",\n              ROUND(OFFSET($P54,0,AK$13),15-13*ORÇAMENTO!$AF$7)/$H54*OFFSET(ORÇAMENTO!$X$15,ROW(AK54)-ROW(AK$15),0),\n              ROUND(ROUND(OFFSET($P54,0,AK$13),15-13*ORÇAMENTO!$AF$7)*OFFSET(ORÇAMENTO!$W$15,ROW(AK54)-ROW(AK$15),0),15-13*ORÇAMENTO!$AF$11)),\n         0)","v":0},{"$f":"IF(AND($D54=\"Serviço\",AL$12<>0,$H54>0,OR(AUTOEVENTO<>\"manual\",$M54<>$A$15)),\n        IF(Import.TipoArredondamento<>\"TransfereGOV\",\n              ROUND(OFFSET($P54,0,AL$13),15-13*ORÇAMENTO!$AF$7)/$H54*OFFSET(ORÇAMENTO!$X$15,ROW(AL54)-ROW(AL$15),0),\n              ROUND(ROUND(OFFSET($P54,0,AL$13),15-13*ORÇAMENTO!$AF$7)*OFFSET(ORÇAMENTO!$W$15,ROW(AL54)-ROW(AL$15),0),15-13*ORÇAMENTO!$AF$11)),\n         0)","v":0},{"$f":"IF(AND($D54=\"Serviço\",AM$12<>0,$H54>0,OR(AUTOEVENTO<>\"manual\",$M54<>$A$15)),\n        IF(Import.TipoArredondamento<>\"TransfereGOV\",\n              ROUND(OFFSET($P54,0,AM$13),15-13*ORÇAMENTO!$AF$7)/$H54*OFFSET(ORÇAMENTO!$X$15,ROW(AM54)-ROW(AM$15),0),\n              ROUND(ROUND(OFFSET($P54,0,AM$13),15-13*ORÇAMENTO!$AF$7)*OFFSET(ORÇAMENTO!$W$15,ROW(AM54)-ROW(AM$15),0),15-13*ORÇAMENTO!$AF$11)),\n         0)","v":0},{"$f":"IF(AND($D54=\"Serviço\",AN$12<>0,$H54>0,OR(AUTOEVENTO<>\"manual\",$M54<>$A$15)),\n        IF(Import.TipoArredondamento<>\"TransfereGOV\",\n              ROUND(OFFSET($P54,0,AN$13),15-13*ORÇAMENTO!$AF$7)/$H54*OFFSET(ORÇAMENTO!$X$15,ROW(AN54)-ROW(AN$15),0),\n              ROUND(ROUND(OFFSET($P54,0,AN$13),15-13*ORÇAMENTO!$AF$7)*OFFSET(ORÇAMENTO!$W$15,ROW(AN54)-ROW(AN$15),0),15-13*ORÇAMENTO!$AF$11)),\n         0)","v":0},{"$f":"IF(AND($D54=\"Serviço\",AO$12<>0,$H54>0,OR(AUTOEVENTO<>\"manual\",$M54<>$A$15)),\n        IF(Import.TipoArredondamento<>\"TransfereGOV\",\n              ROUND(OFFSET($P54,0,AO$13),15-13*ORÇAMENTO!$AF$7)/$H54*OFFSET(ORÇAMENTO!$X$15,ROW(AO54)-ROW(AO$15),0),\n              ROUND(ROUND(OFFSET($P54,0,AO$13),15-13*ORÇAMENTO!$AF$7)*OFFSET(ORÇAMENTO!$W$15,ROW(AO54)-ROW(AO$15),0),15-13*ORÇAMENTO!$AF$11)),\n         0)","v":0},{"$f":"IF(AND($D54=\"Serviço\",AP$12<>0,$H54>0,OR(AUTOEVENTO<>\"manual\",$M54<>$A$15)),\n        IF(Import.TipoArredondamento<>\"TransfereGOV\",\n              ROUND(OFFSET($P54,0,AP$13),15-13*ORÇAMENTO!$AF$7)/$H54*OFFSET(ORÇAMENTO!$X$15,ROW(AP54)-ROW(AP$15),0),\n              ROUND(ROUND(OFFSET($P54,0,AP$13),15-13*ORÇAMENTO!$AF$7)*OFFSET(ORÇAMENTO!$W$15,ROW(AP54)-ROW(AP$15),0),15-13*ORÇAMENTO!$AF$11)),\n         0)","v":0},{"$f":"IF(AND($D54=\"Serviço\",AQ$12<>0,$H54>0,OR(AUTOEVENTO<>\"manual\",$M54<>$A$15)),\n        IF(Import.TipoArredondamento<>\"TransfereGOV\",\n              ROUND(OFFSET($P54,0,AQ$13),15-13*ORÇAMENTO!$AF$7)/$H54*OFFSET(ORÇAMENTO!$X$15,ROW(AQ54)-ROW(AQ$15),0),\n              ROUND(ROUND(OFFSET($P54,0,AQ$13),15-13*ORÇAMENTO!$AF$7)*OFFSET(ORÇAMENTO!$W$15,ROW(AQ54)-ROW(AQ$15),0),15-13*ORÇAMENTO!$AF$11)),\n         0)","v":0},{"$f":"IF(AND($D54=\"Serviço\",AR$12<>0,$H54>0,OR(AUTOEVENTO<>\"manual\",$M54<>$A$15)),\n        IF(Import.TipoArredondamento<>\"TransfereGOV\",\n              ROUND(OFFSET($P54,0,AR$13),15-13*ORÇAMENTO!$AF$7)/$H54*OFFSET(ORÇAMENTO!$X$15,ROW(AR54)-ROW(AR$15),0),\n              ROUND(ROUND(OFFSET($P54,0,AR$13),15-13*ORÇAMENTO!$AF$7)*OFFSET(ORÇAMENTO!$W$15,ROW(AR54)-ROW(AR$15),0),15-13*ORÇAMENTO!$AF$11)),\n         0)","v":0},{"$f":"IF(AND($D54=\"Serviço\",AS$12<>0,$H54>0,OR(AUTOEVENTO<>\"manual\",$M54<>$A$15)),\n        IF(Import.TipoArredondamento<>\"TransfereGOV\",\n              ROUND(OFFSET($P54,0,AS$13),15-13*ORÇAMENTO!$AF$7)/$H54*OFFSET(ORÇAMENTO!$X$15,ROW(AS54)-ROW(AS$15),0),\n              ROUND(ROUND(OFFSET($P54,0,AS$13),15-13*ORÇAMENTO!$AF$7)*OFFSET(ORÇAMENTO!$W$15,ROW(AS54)-ROW(AS$15),0),15-13*ORÇAMENTO!$AF$11)),\n         0)","v":0},{"$f":"IF(AND($D54=\"Serviço\",AT$12<>0,$H54>0,OR(AUTOEVENTO<>\"manual\",$M54<>$A$15)),\n        IF(Import.TipoArredondamento<>\"TransfereGOV\",\n              ROUND(OFFSET($P54,0,AT$13),15-13*ORÇAMENTO!$AF$7)/$H54*OFFSET(ORÇAMENTO!$X$15,ROW(AT54)-ROW(AT$15),0),\n              ROUND(ROUND(OFFSET($P54,0,AT$13),15-13*ORÇAMENTO!$AF$7)*OFFSET(ORÇAMENTO!$W$15,ROW(AT54)-ROW(AT$15),0),15-13*ORÇAMENTO!$AF$11)),\n         0)","v":0},{"$f":"IF(AND($D54=\"Serviço\",AU$12<>0,$H54>0,OR(AUTOEVENTO<>\"manual\",$M54<>$A$15)),\n        IF(Import.TipoArredondamento<>\"TransfereGOV\",\n              ROUND(OFFSET($P54,0,AU$13),15-13*ORÇAMENTO!$AF$7)/$H54*OFFSET(ORÇAMENTO!$X$15,ROW(AU54)-ROW(AU$15),0),\n              ROUND(ROUND(OFFSET($P54,0,AU$13),15-13*ORÇAMENTO!$AF$7)*OFFSET(ORÇAMENTO!$W$15,ROW(AU54)-ROW(AU$15),0),15-13*ORÇAMENTO!$AF$11)),\n         0)","v":0},{"$f":"IF(AND($D54=\"Serviço\",AV$12<>0,$H54>0,OR(AUTOEVENTO<>\"manual\",$M54<>$A$15)),\n        IF(Import.TipoArredondamento<>\"TransfereGOV\",\n              ROUND(OFFSET($P54,0,AV$13),15-13*ORÇAMENTO!$AF$7)/$H54*OFFSET(ORÇAMENTO!$X$15,ROW(AV54)-ROW(AV$15),0),\n              ROUND(ROUND(OFFSET($P54,0,AV$13),15-13*ORÇAMENTO!$AF$7)*OFFSET(ORÇAMENTO!$W$15,ROW(AV54)-ROW(AV$15),0),15-13*ORÇAMENTO!$AF$11)),\n         0)","v":0},{"$f":"IF(AND($D54=\"Serviço\",AW$12<>0,$H54>0,OR(AUTOEVENTO<>\"manual\",$M54<>$A$15)),\n        IF(Import.TipoArredondamento<>\"TransfereGOV\",\n              ROUND(OFFSET($P54,0,AW$13),15-13*ORÇAMENTO!$AF$7)/$H54*OFFSET(ORÇAMENTO!$X$15,ROW(AW54)-ROW(AW$15),0),\n              ROUND(ROUND(OFFSET($P54,0,AW$13),15-13*ORÇAMENTO!$AF$7)*OFFSET(ORÇAMENTO!$W$15,ROW(AW54)-ROW(AW$15),0),15-13*ORÇAMENTO!$AF$11)),\n         0)","v":0},{"$f":"IF(AND($D54=\"Serviço\",AX$12<>0,$H54>0,OR(AUTOEVENTO<>\"manual\",$M54<>$A$15)),\n        IF(Import.TipoArredondamento<>\"TransfereGOV\",\n              ROUND(OFFSET($P54,0,AX$13),15-13*ORÇAMENTO!$AF$7)/$H54*OFFSET(ORÇAMENTO!$X$15,ROW(AX54)-ROW(AX$15),0),\n              ROUND(ROUND(OFFSET($P54,0,AX$13),15-13*ORÇAMENTO!$AF$7)*OFFSET(ORÇAMENTO!$W$15,ROW(AX54)-ROW(AX$15),0),15-13*ORÇAMENTO!$AF$11)),\n         0)","v":0},{"$f":"IF(AND($D54=\"Serviço\",AY$12<>0,$H54>0,OR(AUTOEVENTO<>\"manual\",$M54<>$A$15)),\n        IF(Import.TipoArredondamento<>\"TransfereGOV\",\n              ROUND(OFFSET($P54,0,AY$13),15-13*ORÇAMENTO!$AF$7)/$H54*OFFSET(ORÇAMENTO!$X$15,ROW(AY54)-ROW(AY$15),0),\n              ROUND(ROUND(OFFSET($P54,0,AY$13),15-13*ORÇAMENTO!$AF$7)*OFFSET(ORÇAMENTO!$W$15,ROW(AY54)-ROW(AY$15),0),15-13*ORÇAMENTO!$AF$11)),\n         0)","v":0},{"$f":"IF(AND($D54=\"Serviço\",AZ$12<>0,$H54>0,OR(AUTOEVENTO<>\"manual\",$M54<>$A$15)),\n        IF(Import.TipoArredondamento<>\"TransfereGOV\",\n              ROUND(OFFSET($P54,0,AZ$13),15-13*ORÇAMENTO!$AF$7)/$H54*OFFSET(ORÇAMENTO!$X$15,ROW(AZ54)-ROW(AZ$15),0),\n              ROUND(ROUND(OFFSET($P54,0,AZ$13),15-13*ORÇAMENTO!$AF$7)*OFFSET(ORÇAMENTO!$W$15,ROW(AZ54)-ROW(AZ$15),0),15-13*ORÇAMENTO!$AF$11)),\n         0)","v":0},{"$f":"IF(AND($D54=\"Serviço\",BA$12<>0,$H54>0,OR(AUTOEVENTO<>\"manual\",$M54<>$A$15)),\n        IF(Import.TipoArredondamento<>\"TransfereGOV\",\n              ROUND(OFFSET($P54,0,BA$13),15-13*ORÇAMENTO!$AF$7)/$H54*OFFSET(ORÇAMENTO!$X$15,ROW(BA54)-ROW(BA$15),0),\n              ROUND(ROUND(OFFSET($P54,0,BA$13),15-13*ORÇAMENTO!$AF$7)*OFFSET(ORÇAMENTO!$W$15,ROW(BA54)-ROW(BA$15),0),15-13*ORÇAMENTO!$AF$11)),\n         0)","v":0},null,{"$f":"IF(OR($D54<>\"Serviço\",AND(AUTOEVENTO=\"Manual\",$M54=$A$15)),0,\n         IF(OFFSET(CRONOPLE!$F$15,$M54-$A$15,BC$13)=\"\",10^12,OFFSET(CRONOPLE!$F$15,$M54-$A$15,BC$13)))","v":1},{"$f":"IF(OR($D54<>\"Serviço\",AND(AUTOEVENTO=\"Manual\",$M54=$A$15)),0,\n         IF(OFFSET(CRONOPLE!$F$15,$M54-$A$15,BD$13)=\"\",10^12,OFFSET(CRONOPLE!$F$15,$M54-$A$15,BD$13)))","v":1000000000000},{"$f":"IF(OR($D54<>\"Serviço\",AND(AUTOEVENTO=\"Manual\",$M54=$A$15)),0,\n         IF(OFFSET(CRONOPLE!$F$15,$M54-$A$15,BE$13)=\"\",10^12,OFFSET(CRONOPLE!$F$15,$M54-$A$15,BE$13)))","v":1000000000000},{"$f":"IF(OR($D54<>\"Serviço\",AND(AUTOEVENTO=\"Manual\",$M54=$A$15)),0,\n         IF(OFFSET(CRONOPLE!$F$15,$M54-$A$15,BF$13)=\"\",10^12,OFFSET(CRONOPLE!$F$15,$M54-$A$15,BF$13)))","v":1000000000000},{"$f":"IF(OR($D54<>\"Serviço\",AND(AUTOEVENTO=\"Manual\",$M54=$A$15)),0,\n         IF(OFFSET(CRONOPLE!$F$15,$M54-$A$15,BG$13)=\"\",10^12,OFFSET(CRONOPLE!$F$15,$M54-$A$15,BG$13)))","v":1000000000000},{"$f":"IF(OR($D54<>\"Serviço\",AND(AUTOEVENTO=\"Manual\",$M54=$A$15)),0,\n         IF(OFFSET(CRONOPLE!$F$15,$M54-$A$15,BH$13)=\"\",10^12,OFFSET(CRONOPLE!$F$15,$M54-$A$15,BH$13)))","v":1000000000000},{"$f":"IF(OR($D54<>\"Serviço\",AND(AUTOEVENTO=\"Manual\",$M54=$A$15)),0,\n         IF(OFFSET(CRONOPLE!$F$15,$M54-$A$15,BI$13)=\"\",10^12,OFFSET(CRONOPLE!$F$15,$M54-$A$15,BI$13)))","v":1000000000000},{"$f":"IF(OR($D54<>\"Serviço\",AND(AUTOEVENTO=\"Manual\",$M54=$A$15)),0,\n         IF(OFFSET(CRONOPLE!$F$15,$M54-$A$15,BJ$13)=\"\",10^12,OFFSET(CRONOPLE!$F$15,$M54-$A$15,BJ$13)))","v":1000000000000},{"$f":"IF(OR($D54<>\"Serviço\",AND(AUTOEVENTO=\"Manual\",$M54=$A$15)),0,\n         IF(OFFSET(CRONOPLE!$F$15,$M54-$A$15,BK$13)=\"\",10^12,OFFSET(CRONOPLE!$F$15,$M54-$A$15,BK$13)))","v":1000000000000},{"$f":"IF(OR($D54<>\"Serviço\",AND(AUTOEVENTO=\"Manual\",$M54=$A$15)),0,\n         IF(OFFSET(CRONOPLE!$F$15,$M54-$A$15,BL$13)=\"\",10^12,OFFSET(CRONOPLE!$F$15,$M54-$A$15,BL$13)))","v":1000000000000},{"$f":"IF(OR($D54<>\"Serviço\",AND(AUTOEVENTO=\"Manual\",$M54=$A$15)),0,\n         IF(OFFSET(CRONOPLE!$F$15,$M54-$A$15,BM$13)=\"\",10^12,OFFSET(CRONOPLE!$F$15,$M54-$A$15,BM$13)))","v":1000000000000},{"$f":"IF(OR($D54<>\"Serviço\",AND(AUTOEVENTO=\"Manual\",$M54=$A$15)),0,\n         IF(OFFSET(CRONOPLE!$F$15,$M54-$A$15,BN$13)=\"\",10^12,OFFSET(CRONOPLE!$F$15,$M54-$A$15,BN$13)))","v":1000000000000},{"$f":"IF(OR($D54<>\"Serviço\",AND(AUTOEVENTO=\"Manual\",$M54=$A$15)),0,\n         IF(OFFSET(CRONOPLE!$F$15,$M54-$A$15,BO$13)=\"\",10^12,OFFSET(CRONOPLE!$F$15,$M54-$A$15,BO$13)))","v":1000000000000},{"$f":"IF(OR($D54<>\"Serviço\",AND(AUTOEVENTO=\"Manual\",$M54=$A$15)),0,\n         IF(OFFSET(CRONOPLE!$F$15,$M54-$A$15,BP$13)=\"\",10^12,OFFSET(CRONOPLE!$F$15,$M54-$A$15,BP$13)))","v":1000000000000},{"$f":"IF(OR($D54<>\"Serviço\",AND(AUTOEVENTO=\"Manual\",$M54=$A$15)),0,\n         IF(OFFSET(CRONOPLE!$F$15,$M54-$A$15,BQ$13)=\"\",10^12,OFFSET(CRONOPLE!$F$15,$M54-$A$15,BQ$13)))","v":1000000000000},{"$f":"IF(OR($D54<>\"Serviço\",AND(AUTOEVENTO=\"Manual\",$M54=$A$15)),0,\n         IF(OFFSET(CRONOPLE!$F$15,$M54-$A$15,BR$13)=\"\",10^12,OFFSET(CRONOPLE!$F$15,$M54-$A$15,BR$13)))","v":1000000000000},{"$f":"IF(OR($D54<>\"Serviço\",AND(AUTOEVENTO=\"Manual\",$M54=$A$15)),0,\n         IF(OFFSET(CRONOPLE!$F$15,$M54-$A$15,BS$13)=\"\",10^12,OFFSET(CRONOPLE!$F$15,$M54-$A$15,BS$13)))","v":1000000000000},{"$f":"IF(OR($D54<>\"Serviço\",AND(AUTOEVENTO=\"Manual\",$M54=$A$15)),0,\n         IF(OFFSET(CRONOPLE!$F$15,$M54-$A$15,BT$13)=\"\",10^12,OFFSET(CRONOPLE!$F$15,$M54-$A$15,BT$13)))","v":1000000000000},null,{"$f":"IF(OR($D54<>\"Serviço\",AND(AUTOEVENTO=\"Manual\",$M54=$A$15),$M54>(ROW(PLE.lastrow)-ROW(PLE.firstrow))),0,\n           IF(OFFSET(PLE!$G$15,$M54-$A$15,BV$13)=\"\",10^12,OFFSET(PLE!$G$15,$M54-$A$15,BV$13)))","v":1000000000000},{"$f":"IF(OR($D54<>\"Serviço\",AND(AUTOEVENTO=\"Manual\",$M54=$A$15),$M54>(ROW(PLE.lastrow)-ROW(PLE.firstrow))),0,\n           IF(OFFSET(PLE!$G$15,$M54-$A$15,BW$13)=\"\",10^12,OFFSET(PLE!$G$15,$M54-$A$15,BW$13)))","v":1000000000000},{"$f":"IF(OR($D54<>\"Serviço\",AND(AUTOEVENTO=\"Manual\",$M54=$A$15),$M54>(ROW(PLE.lastrow)-ROW(PLE.firstrow))),0,\n           IF(OFFSET(PLE!$G$15,$M54-$A$15,BX$13)=\"\",10^12,OFFSET(PLE!$G$15,$M54-$A$15,BX$13)))","v":1000000000000},{"$f":"IF(OR($D54<>\"Serviço\",AND(AUTOEVENTO=\"Manual\",$M54=$A$15),$M54>(ROW(PLE.lastrow)-ROW(PLE.firstrow))),0,\n           IF(OFFSET(PLE!$G$15,$M54-$A$15,BY$13)=\"\",10^12,OFFSET(PLE!$G$15,$M54-$A$15,BY$13)))","v":1000000000000},{"$f":"IF(OR($D54<>\"Serviço\",AND(AUTOEVENTO=\"Manual\",$M54=$A$15),$M54>(ROW(PLE.lastrow)-ROW(PLE.firstrow))),0,\n           IF(OFFSET(PLE!$G$15,$M54-$A$15,BZ$13)=\"\",10^12,OFFSET(PLE!$G$15,$M54-$A$15,BZ$13)))","v":1000000000000},{"$f":"IF(OR($D54<>\"Serviço\",AND(AUTOEVENTO=\"Manual\",$M54=$A$15),$M54>(ROW(PLE.lastrow)-ROW(PLE.firstrow))),0,\n           IF(OFFSET(PLE!$G$15,$M54-$A$15,CA$13)=\"\",10^12,OFFSET(PLE!$G$15,$M54-$A$15,CA$13)))","v":1000000000000},{"$f":"IF(OR($D54<>\"Serviço\",AND(AUTOEVENTO=\"Manual\",$M54=$A$15),$M54>(ROW(PLE.lastrow)-ROW(PLE.firstrow))),0,\n           IF(OFFSET(PLE!$G$15,$M54-$A$15,CB$13)=\"\",10^12,OFFSET(PLE!$G$15,$M54-$A$15,CB$13)))","v":1000000000000},{"$f":"IF(OR($D54<>\"Serviço\",AND(AUTOEVENTO=\"Manual\",$M54=$A$15),$M54>(ROW(PLE.lastrow)-ROW(PLE.firstrow))),0,\n           IF(OFFSET(PLE!$G$15,$M54-$A$15,CC$13)=\"\",10^12,OFFSET(PLE!$G$15,$M54-$A$15,CC$13)))","v":1000000000000},{"$f":"IF(OR($D54<>\"Serviço\",AND(AUTOEVENTO=\"Manual\",$M54=$A$15),$M54>(ROW(PLE.lastrow)-ROW(PLE.firstrow))),0,\n           IF(OFFSET(PLE!$G$15,$M54-$A$15,CD$13)=\"\",10^12,OFFSET(PLE!$G$15,$M54-$A$15,CD$13)))","v":1000000000000},{"$f":"IF(OR($D54<>\"Serviço\",AND(AUTOEVENTO=\"Manual\",$M54=$A$15),$M54>(ROW(PLE.lastrow)-ROW(PLE.firstrow))),0,\n           IF(OFFSET(PLE!$G$15,$M54-$A$15,CE$13)=\"\",10^12,OFFSET(PLE!$G$15,$M54-$A$15,CE$13)))","v":1000000000000},{"$f":"IF(OR($D54<>\"Serviço\",AND(AUTOEVENTO=\"Manual\",$M54=$A$15),$M54>(ROW(PLE.lastrow)-ROW(PLE.firstrow))),0,\n           IF(OFFSET(PLE!$G$15,$M54-$A$15,CF$13)=\"\",10^12,OFFSET(PLE!$G$15,$M54-$A$15,CF$13)))","v":1000000000000},{"$f":"IF(OR($D54<>\"Serviço\",AND(AUTOEVENTO=\"Manual\",$M54=$A$15),$M54>(ROW(PLE.lastrow)-ROW(PLE.firstrow))),0,\n           IF(OFFSET(PLE!$G$15,$M54-$A$15,CG$13)=\"\",10^12,OFFSET(PLE!$G$15,$M54-$A$15,CG$13)))","v":1000000000000},{"$f":"IF(OR($D54<>\"Serviço\",AND(AUTOEVENTO=\"Manual\",$M54=$A$15),$M54>(ROW(PLE.lastrow)-ROW(PLE.firstrow))),0,\n           IF(OFFSET(PLE!$G$15,$M54-$A$15,CH$13)=\"\",10^12,OFFSET(PLE!$G$15,$M54-$A$15,CH$13)))","v":1000000000000},{"$f":"IF(OR($D54<>\"Serviço\",AND(AUTOEVENTO=\"Manual\",$M54=$A$15),$M54>(ROW(PLE.lastrow)-ROW(PLE.firstrow))),0,\n           IF(OFFSET(PLE!$G$15,$M54-$A$15,CI$13)=\"\",10^12,OFFSET(PLE!$G$15,$M54-$A$15,CI$13)))","v":1000000000000},{"$f":"IF(OR($D54<>\"Serviço\",AND(AUTOEVENTO=\"Manual\",$M54=$A$15),$M54>(ROW(PLE.lastrow)-ROW(PLE.firstrow))),0,\n           IF(OFFSET(PLE!$G$15,$M54-$A$15,CJ$13)=\"\",10^12,OFFSET(PLE!$G$15,$M54-$A$15,CJ$13)))","v":1000000000000},{"$f":"IF(OR($D54<>\"Serviço\",AND(AUTOEVENTO=\"Manual\",$M54=$A$15),$M54>(ROW(PLE.lastrow)-ROW(PLE.firstrow))),0,\n           IF(OFFSET(PLE!$G$15,$M54-$A$15,CK$13)=\"\",10^12,OFFSET(PLE!$G$15,$M54-$A$15,CK$13)))","v":1000000000000},{"$f":"IF(OR($D54<>\"Serviço\",AND(AUTOEVENTO=\"Manual\",$M54=$A$15),$M54>(ROW(PLE.lastrow)-ROW(PLE.firstrow))),0,\n           IF(OFFSET(PLE!$G$15,$M54-$A$15,CL$13)=\"\",10^12,OFFSET(PLE!$G$15,$M54-$A$15,CL$13)))","v":1000000000000},{"$f":"IF(OR($D54<>\"Serviço\",AND(AUTOEVENTO=\"Manual\",$M54=$A$15),$M54>(ROW(PLE.lastrow)-ROW(PLE.firstrow))),0,\n           IF(OFFSET(PLE!$G$15,$M54-$A$15,CM$13)=\"\",10^12,OFFSET(PLE!$G$15,$M54-$A$15,CM$13)))","v":1000000000000}]
[2,{"$f":"OFFSET(ORÇAMENTO!C$15,ROW(B55)-ROW(B$15),0)","v":"S"},{"$f":"OFFSET(ORÇAMENTO!L$15,ROW(C55)-ROW(C$15),0)","v":"F"},{"$f":"OFFSET(ORÇAMENTO!N$15,ROW(D55)-ROW(D$15),0)","v":"Serviço"},{"$f":"OFFSET(ORÇAMENTO!O$15,ROW(E55)-ROW(E$15),0)","v":"1.4.5."},{"$f":"OFFSET(ORÇAMENTO!R$15,ROW(F55)-ROW(F$15),0)","v":"Execução e compactação de base para pavimentação com pedra britada ou bica corrida"},{"$f":"IF($D55<>\"Serviço\",\"\",OFFSET(ORÇAMENTO!S$15,ROW(G55)-ROW(G$15),0))","v":"M3"},{"$f":"IF($D55<>\"Serviço\",0,IF(ACOMPANHAMENTO=\"BM\",ROUND(OFFSET(ORÇAMENTO!AJ$15,ROW(H55)-ROW(H$15),0),15-13*ORÇAMENTO!$AF$7),SUMPRODUCT(($Q$1:$AI$1=1)*ROUND($Q55:$AI55,15-13*ORÇAMENTO!$AF$7))))","v":53.3},null,{"$f":"IF(B55<>\"S\",\"\",IF(AND(ACOMPANHAMENTO=\"PLE\",AUTOEVENTO=\"Manual\",OR(H55>0,ORÇAMENTO!AC55=\"QUANT.\"),OR(K55=\"\",M55=0,N55=\"\")),\"►\",IF(AND(ACOMPANHAMENTO=\"PLE\",ORÇAMENTO!AC55=\"QUANT.\"),\"►►\",IF(AND(COUNTIF($P$11:$AI$11,\"▼\")=0,H55>0,I55=\"\"),\"◄\",\"\"))))","v":"◄"},"2. DRENAGEM DE ÁGUAS PLUVIAIS",".",{"$f":"IF($D55<>\"Serviço\",\"\",\n          IF(AUTOEVENTO=\"manual\",$A55,\n                IF(ISERROR(MATCH($A55,$A$15:OFFSET($A55,-1,0),0)),MAX($M$15:OFFSET(M55,-1,0))+1,\n                      INDEX($M$15:OFFSET(M55,-1,0),MATCH($A55,$A$15:OFFSET($A55,-1,0),0)))))","v":2},{"$f":"IF($D55<>\"Serviço\",\"\",\n         IF(AUTOEVENTO=\"Manual\",\n                IF($A55=0,\"<-- defina o número do agrupador\",\n                       OFFSET(EVENTOS!$D$15,$A55-$A$15,0)),\n                OFFSET($F$15,$A55,0)))","v":"DRENAGEM DE ÁGUAS PLUVIAIS"},null,null,880.36,null,null,null,null,null,null,null,null,null,null,null,null,null,null,null,null,null,null,{"$f":"IF(AND($D55=\"Serviço\",AJ$12<>0,$H55>0,OR(AUTOEVENTO<>\"manual\",$M55<>$A$15)),\n        IF(Import.TipoArredondamento<>\"TransfereGOV\",\n              ROUND(OFFSET($P55,0,AJ$13),15-13*ORÇAMENTO!$AF$7)/$H55*OFFSET(ORÇAMENTO!$X$15,ROW(AJ55)-ROW(AJ$15),0),\n              ROUND(ROUND(OFFSET($P55,0,AJ$13),15-13*ORÇAMENTO!$AF$7)*OFFSET(ORÇAMENTO!$W$15,ROW(AJ55)-ROW(AJ$15),0),15-13*ORÇAMENTO!$AF$11)),\n         0)","v":0},{"$f":"IF(AND($D55=\"Serviço\",AK$12<>0,$H55>0,OR(AUTOEVENTO<>\"manual\",$M55<>$A$15)),\n        IF(Import.TipoArredondamento<>\"TransfereGOV\",\n              ROUND(OFFSET($P55,0,AK$13),15-13*ORÇAMENTO!$AF$7)/$H55*OFFSET(ORÇAMENTO!$X$15,ROW(AK55)-ROW(AK$15),0),\n              ROUND(ROUND(OFFSET($P55,0,AK$13),15-13*ORÇAMENTO!$AF$7)*OFFSET(ORÇAMENTO!$W$15,ROW(AK55)-ROW(AK$15),0),15-13*ORÇAMENTO!$AF$11)),\n         0)","v":0},{"$f":"IF(AND($D55=\"Serviço\",AL$12<>0,$H55>0,OR(AUTOEVENTO<>\"manual\",$M55<>$A$15)),\n        IF(Import.TipoArredondamento<>\"TransfereGOV\",\n              ROUND(OFFSET($P55,0,AL$13),15-13*ORÇAMENTO!$AF$7)/$H55*OFFSET(ORÇAMENTO!$X$15,ROW(AL55)-ROW(AL$15),0),\n              ROUND(ROUND(OFFSET($P55,0,AL$13),15-13*ORÇAMENTO!$AF$7)*OFFSET(ORÇAMENTO!$W$15,ROW(AL55)-ROW(AL$15),0),15-13*ORÇAMENTO!$AF$11)),\n         0)","v":0},{"$f":"IF(AND($D55=\"Serviço\",AM$12<>0,$H55>0,OR(AUTOEVENTO<>\"manual\",$M55<>$A$15)),\n        IF(Import.TipoArredondamento<>\"TransfereGOV\",\n              ROUND(OFFSET($P55,0,AM$13),15-13*ORÇAMENTO!$AF$7)/$H55*OFFSET(ORÇAMENTO!$X$15,ROW(AM55)-ROW(AM$15),0),\n              ROUND(ROUND(OFFSET($P55,0,AM$13),15-13*ORÇAMENTO!$AF$7)*OFFSET(ORÇAMENTO!$W$15,ROW(AM55)-ROW(AM$15),0),15-13*ORÇAMENTO!$AF$11)),\n         0)","v":0},{"$f":"IF(AND($D55=\"Serviço\",AN$12<>0,$H55>0,OR(AUTOEVENTO<>\"manual\",$M55<>$A$15)),\n        IF(Import.TipoArredondamento<>\"TransfereGOV\",\n              ROUND(OFFSET($P55,0,AN$13),15-13*ORÇAMENTO!$AF$7)/$H55*OFFSET(ORÇAMENTO!$X$15,ROW(AN55)-ROW(AN$15),0),\n              ROUND(ROUND(OFFSET($P55,0,AN$13),15-13*ORÇAMENTO!$AF$7)*OFFSET(ORÇAMENTO!$W$15,ROW(AN55)-ROW(AN$15),0),15-13*ORÇAMENTO!$AF$11)),\n         0)","v":0},{"$f":"IF(AND($D55=\"Serviço\",AO$12<>0,$H55>0,OR(AUTOEVENTO<>\"manual\",$M55<>$A$15)),\n        IF(Import.TipoArredondamento<>\"TransfereGOV\",\n              ROUND(OFFSET($P55,0,AO$13),15-13*ORÇAMENTO!$AF$7)/$H55*OFFSET(ORÇAMENTO!$X$15,ROW(AO55)-ROW(AO$15),0),\n              ROUND(ROUND(OFFSET($P55,0,AO$13),15-13*ORÇAMENTO!$AF$7)*OFFSET(ORÇAMENTO!$W$15,ROW(AO55)-ROW(AO$15),0),15-13*ORÇAMENTO!$AF$11)),\n         0)","v":0},{"$f":"IF(AND($D55=\"Serviço\",AP$12<>0,$H55>0,OR(AUTOEVENTO<>\"manual\",$M55<>$A$15)),\n        IF(Import.TipoArredondamento<>\"TransfereGOV\",\n              ROUND(OFFSET($P55,0,AP$13),15-13*ORÇAMENTO!$AF$7)/$H55*OFFSET(ORÇAMENTO!$X$15,ROW(AP55)-ROW(AP$15),0),\n              ROUND(ROUND(OFFSET($P55,0,AP$13),15-13*ORÇAMENTO!$AF$7)*OFFSET(ORÇAMENTO!$W$15,ROW(AP55)-ROW(AP$15),0),15-13*ORÇAMENTO!$AF$11)),\n         0)","v":0},{"$f":"IF(AND($D55=\"Serviço\",AQ$12<>0,$H55>0,OR(AUTOEVENTO<>\"manual\",$M55<>$A$15)),\n        IF(Import.TipoArredondamento<>\"TransfereGOV\",\n              ROUND(OFFSET($P55,0,AQ$13),15-13*ORÇAMENTO!$AF$7)/$H55*OFFSET(ORÇAMENTO!$X$15,ROW(AQ55)-ROW(AQ$15),0),\n              ROUND(ROUND(OFFSET($P55,0,AQ$13),15-13*ORÇAMENTO!$AF$7)*OFFSET(ORÇAMENTO!$W$15,ROW(AQ55)-ROW(AQ$15),0),15-13*ORÇAMENTO!$AF$11)),\n         0)","v":0},{"$f":"IF(AND($D55=\"Serviço\",AR$12<>0,$H55>0,OR(AUTOEVENTO<>\"manual\",$M55<>$A$15)),\n        IF(Import.TipoArredondamento<>\"TransfereGOV\",\n              ROUND(OFFSET($P55,0,AR$13),15-13*ORÇAMENTO!$AF$7)/$H55*OFFSET(ORÇAMENTO!$X$15,ROW(AR55)-ROW(AR$15),0),\n              ROUND(ROUND(OFFSET($P55,0,AR$13),15-13*ORÇAMENTO!$AF$7)*OFFSET(ORÇAMENTO!$W$15,ROW(AR55)-ROW(AR$15),0),15-13*ORÇAMENTO!$AF$11)),\n         0)","v":0},{"$f":"IF(AND($D55=\"Serviço\",AS$12<>0,$H55>0,OR(AUTOEVENTO<>\"manual\",$M55<>$A$15)),\n        IF(Import.TipoArredondamento<>\"TransfereGOV\",\n              ROUND(OFFSET($P55,0,AS$13),15-13*ORÇAMENTO!$AF$7)/$H55*OFFSET(ORÇAMENTO!$X$15,ROW(AS55)-ROW(AS$15),0),\n              ROUND(ROUND(OFFSET($P55,0,AS$13),15-13*ORÇAMENTO!$AF$7)*OFFSET(ORÇAMENTO!$W$15,ROW(AS55)-ROW(AS$15),0),15-13*ORÇAMENTO!$AF$11)),\n         0)","v":0},{"$f":"IF(AND($D55=\"Serviço\",AT$12<>0,$H55>0,OR(AUTOEVENTO<>\"manual\",$M55<>$A$15)),\n        IF(Import.TipoArredondamento<>\"TransfereGOV\",\n              ROUND(OFFSET($P55,0,AT$13),15-13*ORÇAMENTO!$AF$7)/$H55*OFFSET(ORÇAMENTO!$X$15,ROW(AT55)-ROW(AT$15),0),\n              ROUND(ROUND(OFFSET($P55,0,AT$13),15-13*ORÇAMENTO!$AF$7)*OFFSET(ORÇAMENTO!$W$15,ROW(AT55)-ROW(AT$15),0),15-13*ORÇAMENTO!$AF$11)),\n         0)","v":0},{"$f":"IF(AND($D55=\"Serviço\",AU$12<>0,$H55>0,OR(AUTOEVENTO<>\"manual\",$M55<>$A$15)),\n        IF(Import.TipoArredondamento<>\"TransfereGOV\",\n              ROUND(OFFSET($P55,0,AU$13),15-13*ORÇAMENTO!$AF$7)/$H55*OFFSET(ORÇAMENTO!$X$15,ROW(AU55)-ROW(AU$15),0),\n              ROUND(ROUND(OFFSET($P55,0,AU$13),15-13*ORÇAMENTO!$AF$7)*OFFSET(ORÇAMENTO!$W$15,ROW(AU55)-ROW(AU$15),0),15-13*ORÇAMENTO!$AF$11)),\n         0)","v":0},{"$f":"IF(AND($D55=\"Serviço\",AV$12<>0,$H55>0,OR(AUTOEVENTO<>\"manual\",$M55<>$A$15)),\n        IF(Import.TipoArredondamento<>\"TransfereGOV\",\n              ROUND(OFFSET($P55,0,AV$13),15-13*ORÇAMENTO!$AF$7)/$H55*OFFSET(ORÇAMENTO!$X$15,ROW(AV55)-ROW(AV$15),0),\n              ROUND(ROUND(OFFSET($P55,0,AV$13),15-13*ORÇAMENTO!$AF$7)*OFFSET(ORÇAMENTO!$W$15,ROW(AV55)-ROW(AV$15),0),15-13*ORÇAMENTO!$AF$11)),\n         0)","v":0},{"$f":"IF(AND($D55=\"Serviço\",AW$12<>0,$H55>0,OR(AUTOEVENTO<>\"manual\",$M55<>$A$15)),\n        IF(Import.TipoArredondamento<>\"TransfereGOV\",\n              ROUND(OFFSET($P55,0,AW$13),15-13*ORÇAMENTO!$AF$7)/$H55*OFFSET(ORÇAMENTO!$X$15,ROW(AW55)-ROW(AW$15),0),\n              ROUND(ROUND(OFFSET($P55,0,AW$13),15-13*ORÇAMENTO!$AF$7)*OFFSET(ORÇAMENTO!$W$15,ROW(AW55)-ROW(AW$15),0),15-13*ORÇAMENTO!$AF$11)),\n         0)","v":0},{"$f":"IF(AND($D55=\"Serviço\",AX$12<>0,$H55>0,OR(AUTOEVENTO<>\"manual\",$M55<>$A$15)),\n        IF(Import.TipoArredondamento<>\"TransfereGOV\",\n              ROUND(OFFSET($P55,0,AX$13),15-13*ORÇAMENTO!$AF$7)/$H55*OFFSET(ORÇAMENTO!$X$15,ROW(AX55)-ROW(AX$15),0),\n              ROUND(ROUND(OFFSET($P55,0,AX$13),15-13*ORÇAMENTO!$AF$7)*OFFSET(ORÇAMENTO!$W$15,ROW(AX55)-ROW(AX$15),0),15-13*ORÇAMENTO!$AF$11)),\n         0)","v":0},{"$f":"IF(AND($D55=\"Serviço\",AY$12<>0,$H55>0,OR(AUTOEVENTO<>\"manual\",$M55<>$A$15)),\n        IF(Import.TipoArredondamento<>\"TransfereGOV\",\n              ROUND(OFFSET($P55,0,AY$13),15-13*ORÇAMENTO!$AF$7)/$H55*OFFSET(ORÇAMENTO!$X$15,ROW(AY55)-ROW(AY$15),0),\n              ROUND(ROUND(OFFSET($P55,0,AY$13),15-13*ORÇAMENTO!$AF$7)*OFFSET(ORÇAMENTO!$W$15,ROW(AY55)-ROW(AY$15),0),15-13*ORÇAMENTO!$AF$11)),\n         0)","v":0},{"$f":"IF(AND($D55=\"Serviço\",AZ$12<>0,$H55>0,OR(AUTOEVENTO<>\"manual\",$M55<>$A$15)),\n        IF(Import.TipoArredondamento<>\"TransfereGOV\",\n              ROUND(OFFSET($P55,0,AZ$13),15-13*ORÇAMENTO!$AF$7)/$H55*OFFSET(ORÇAMENTO!$X$15,ROW(AZ55)-ROW(AZ$15),0),\n              ROUND(ROUND(OFFSET($P55,0,AZ$13),15-13*ORÇAMENTO!$AF$7)*OFFSET(ORÇAMENTO!$W$15,ROW(AZ55)-ROW(AZ$15),0),15-13*ORÇAMENTO!$AF$11)),\n         0)","v":0},{"$f":"IF(AND($D55=\"Serviço\",BA$12<>0,$H55>0,OR(AUTOEVENTO<>\"manual\",$M55<>$A$15)),\n        IF(Import.TipoArredondamento<>\"TransfereGOV\",\n              ROUND(OFFSET($P55,0,BA$13),15-13*ORÇAMENTO!$AF$7)/$H55*OFFSET(ORÇAMENTO!$X$15,ROW(BA55)-ROW(BA$15),0),\n              ROUND(ROUND(OFFSET($P55,0,BA$13),15-13*ORÇAMENTO!$AF$7)*OFFSET(ORÇAMENTO!$W$15,ROW(BA55)-ROW(BA$15),0),15-13*ORÇAMENTO!$AF$11)),\n         0)","v":0},null,{"$f":"IF(OR($D55<>\"Serviço\",AND(AUTOEVENTO=\"Manual\",$M55=$A$15)),0,\n         IF(OFFSET(CRONOPLE!$F$15,$M55-$A$15,BC$13)=\"\",10^12,OFFSET(CRONOPLE!$F$15,$M55-$A$15,BC$13)))","v":1},{"$f":"IF(OR($D55<>\"Serviço\",AND(AUTOEVENTO=\"Manual\",$M55=$A$15)),0,\n         IF(OFFSET(CRONOPLE!$F$15,$M55-$A$15,BD$13)=\"\",10^12,OFFSET(CRONOPLE!$F$15,$M55-$A$15,BD$13)))","v":1000000000000},{"$f":"IF(OR($D55<>\"Serviço\",AND(AUTOEVENTO=\"Manual\",$M55=$A$15)),0,\n         IF(OFFSET(CRONOPLE!$F$15,$M55-$A$15,BE$13)=\"\",10^12,OFFSET(CRONOPLE!$F$15,$M55-$A$15,BE$13)))","v":1000000000000},{"$f":"IF(OR($D55<>\"Serviço\",AND(AUTOEVENTO=\"Manual\",$M55=$A$15)),0,\n         IF(OFFSET(CRONOPLE!$F$15,$M55-$A$15,BF$13)=\"\",10^12,OFFSET(CRONOPLE!$F$15,$M55-$A$15,BF$13)))","v":1000000000000},{"$f":"IF(OR($D55<>\"Serviço\",AND(AUTOEVENTO=\"Manual\",$M55=$A$15)),0,\n         IF(OFFSET(CRONOPLE!$F$15,$M55-$A$15,BG$13)=\"\",10^12,OFFSET(CRONOPLE!$F$15,$M55-$A$15,BG$13)))","v":1000000000000},{"$f":"IF(OR($D55<>\"Serviço\",AND(AUTOEVENTO=\"Manual\",$M55=$A$15)),0,\n         IF(OFFSET(CRONOPLE!$F$15,$M55-$A$15,BH$13)=\"\",10^12,OFFSET(CRONOPLE!$F$15,$M55-$A$15,BH$13)))","v":1000000000000},{"$f":"IF(OR($D55<>\"Serviço\",AND(AUTOEVENTO=\"Manual\",$M55=$A$15)),0,\n         IF(OFFSET(CRONOPLE!$F$15,$M55-$A$15,BI$13)=\"\",10^12,OFFSET(CRONOPLE!$F$15,$M55-$A$15,BI$13)))","v":1000000000000},{"$f":"IF(OR($D55<>\"Serviço\",AND(AUTOEVENTO=\"Manual\",$M55=$A$15)),0,\n         IF(OFFSET(CRONOPLE!$F$15,$M55-$A$15,BJ$13)=\"\",10^12,OFFSET(CRONOPLE!$F$15,$M55-$A$15,BJ$13)))","v":1000000000000},{"$f":"IF(OR($D55<>\"Serviço\",AND(AUTOEVENTO=\"Manual\",$M55=$A$15)),0,\n         IF(OFFSET(CRONOPLE!$F$15,$M55-$A$15,BK$13)=\"\",10^12,OFFSET(CRONOPLE!$F$15,$M55-$A$15,BK$13)))","v":1000000000000},{"$f":"IF(OR($D55<>\"Serviço\",AND(AUTOEVENTO=\"Manual\",$M55=$A$15)),0,\n         IF(OFFSET(CRONOPLE!$F$15,$M55-$A$15,BL$13)=\"\",10^12,OFFSET(CRONOPLE!$F$15,$M55-$A$15,BL$13)))","v":1000000000000},{"$f":"IF(OR($D55<>\"Serviço\",AND(AUTOEVENTO=\"Manual\",$M55=$A$15)),0,\n         IF(OFFSET(CRONOPLE!$F$15,$M55-$A$15,BM$13)=\"\",10^12,OFFSET(CRONOPLE!$F$15,$M55-$A$15,BM$13)))","v":1000000000000},{"$f":"IF(OR($D55<>\"Serviço\",AND(AUTOEVENTO=\"Manual\",$M55=$A$15)),0,\n         IF(OFFSET(CRONOPLE!$F$15,$M55-$A$15,BN$13)=\"\",10^12,OFFSET(CRONOPLE!$F$15,$M55-$A$15,BN$13)))","v":1000000000000},{"$f":"IF(OR($D55<>\"Serviço\",AND(AUTOEVENTO=\"Manual\",$M55=$A$15)),0,\n         IF(OFFSET(CRONOPLE!$F$15,$M55-$A$15,BO$13)=\"\",10^12,OFFSET(CRONOPLE!$F$15,$M55-$A$15,BO$13)))","v":1000000000000},{"$f":"IF(OR($D55<>\"Serviço\",AND(AUTOEVENTO=\"Manual\",$M55=$A$15)),0,\n         IF(OFFSET(CRONOPLE!$F$15,$M55-$A$15,BP$13)=\"\",10^12,OFFSET(CRONOPLE!$F$15,$M55-$A$15,BP$13)))","v":1000000000000},{"$f":"IF(OR($D55<>\"Serviço\",AND(AUTOEVENTO=\"Manual\",$M55=$A$15)),0,\n         IF(OFFSET(CRONOPLE!$F$15,$M55-$A$15,BQ$13)=\"\",10^12,OFFSET(CRONOPLE!$F$15,$M55-$A$15,BQ$13)))","v":1000000000000},{"$f":"IF(OR($D55<>\"Serviço\",AND(AUTOEVENTO=\"Manual\",$M55=$A$15)),0,\n         IF(OFFSET(CRONOPLE!$F$15,$M55-$A$15,BR$13)=\"\",10^12,OFFSET(CRONOPLE!$F$15,$M55-$A$15,BR$13)))","v":1000000000000},{"$f":"IF(OR($D55<>\"Serviço\",AND(AUTOEVENTO=\"Manual\",$M55=$A$15)),0,\n         IF(OFFSET(CRONOPLE!$F$15,$M55-$A$15,BS$13)=\"\",10^12,OFFSET(CRONOPLE!$F$15,$M55-$A$15,BS$13)))","v":1000000000000},{"$f":"IF(OR($D55<>\"Serviço\",AND(AUTOEVENTO=\"Manual\",$M55=$A$15)),0,\n         IF(OFFSET(CRONOPLE!$F$15,$M55-$A$15,BT$13)=\"\",10^12,OFFSET(CRONOPLE!$F$15,$M55-$A$15,BT$13)))","v":1000000000000},null,{"$f":"IF(OR($D55<>\"Serviço\",AND(AUTOEVENTO=\"Manual\",$M55=$A$15),$M55>(ROW(PLE.lastrow)-ROW(PLE.firstrow))),0,\n           IF(OFFSET(PLE!$G$15,$M55-$A$15,BV$13)=\"\",10^12,OFFSET(PLE!$G$15,$M55-$A$15,BV$13)))","v":1000000000000},{"$f":"IF(OR($D55<>\"Serviço\",AND(AUTOEVENTO=\"Manual\",$M55=$A$15),$M55>(ROW(PLE.lastrow)-ROW(PLE.firstrow))),0,\n           IF(OFFSET(PLE!$G$15,$M55-$A$15,BW$13)=\"\",10^12,OFFSET(PLE!$G$15,$M55-$A$15,BW$13)))","v":1000000000000},{"$f":"IF(OR($D55<>\"Serviço\",AND(AUTOEVENTO=\"Manual\",$M55=$A$15),$M55>(ROW(PLE.lastrow)-ROW(PLE.firstrow))),0,\n           IF(OFFSET(PLE!$G$15,$M55-$A$15,BX$13)=\"\",10^12,OFFSET(PLE!$G$15,$M55-$A$15,BX$13)))","v":1000000000000},{"$f":"IF(OR($D55<>\"Serviço\",AND(AUTOEVENTO=\"Manual\",$M55=$A$15),$M55>(ROW(PLE.lastrow)-ROW(PLE.firstrow))),0,\n           IF(OFFSET(PLE!$G$15,$M55-$A$15,BY$13)=\"\",10^12,OFFSET(PLE!$G$15,$M55-$A$15,BY$13)))","v":1000000000000},{"$f":"IF(OR($D55<>\"Serviço\",AND(AUTOEVENTO=\"Manual\",$M55=$A$15),$M55>(ROW(PLE.lastrow)-ROW(PLE.firstrow))),0,\n           IF(OFFSET(PLE!$G$15,$M55-$A$15,BZ$13)=\"\",10^12,OFFSET(PLE!$G$15,$M55-$A$15,BZ$13)))","v":1000000000000},{"$f":"IF(OR($D55<>\"Serviço\",AND(AUTOEVENTO=\"Manual\",$M55=$A$15),$M55>(ROW(PLE.lastrow)-ROW(PLE.firstrow))),0,\n           IF(OFFSET(PLE!$G$15,$M55-$A$15,CA$13)=\"\",10^12,OFFSET(PLE!$G$15,$M55-$A$15,CA$13)))","v":1000000000000},{"$f":"IF(OR($D55<>\"Serviço\",AND(AUTOEVENTO=\"Manual\",$M55=$A$15),$M55>(ROW(PLE.lastrow)-ROW(PLE.firstrow))),0,\n           IF(OFFSET(PLE!$G$15,$M55-$A$15,CB$13)=\"\",10^12,OFFSET(PLE!$G$15,$M55-$A$15,CB$13)))","v":1000000000000},{"$f":"IF(OR($D55<>\"Serviço\",AND(AUTOEVENTO=\"Manual\",$M55=$A$15),$M55>(ROW(PLE.lastrow)-ROW(PLE.firstrow))),0,\n           IF(OFFSET(PLE!$G$15,$M55-$A$15,CC$13)=\"\",10^12,OFFSET(PLE!$G$15,$M55-$A$15,CC$13)))","v":1000000000000},{"$f":"IF(OR($D55<>\"Serviço\",AND(AUTOEVENTO=\"Manual\",$M55=$A$15),$M55>(ROW(PLE.lastrow)-ROW(PLE.firstrow))),0,\n           IF(OFFSET(PLE!$G$15,$M55-$A$15,CD$13)=\"\",10^12,OFFSET(PLE!$G$15,$M55-$A$15,CD$13)))","v":1000000000000},{"$f":"IF(OR($D55<>\"Serviço\",AND(AUTOEVENTO=\"Manual\",$M55=$A$15),$M55>(ROW(PLE.lastrow)-ROW(PLE.firstrow))),0,\n           IF(OFFSET(PLE!$G$15,$M55-$A$15,CE$13)=\"\",10^12,OFFSET(PLE!$G$15,$M55-$A$15,CE$13)))","v":1000000000000},{"$f":"IF(OR($D55<>\"Serviço\",AND(AUTOEVENTO=\"Manual\",$M55=$A$15),$M55>(ROW(PLE.lastrow)-ROW(PLE.firstrow))),0,\n           IF(OFFSET(PLE!$G$15,$M55-$A$15,CF$13)=\"\",10^12,OFFSET(PLE!$G$15,$M55-$A$15,CF$13)))","v":1000000000000},{"$f":"IF(OR($D55<>\"Serviço\",AND(AUTOEVENTO=\"Manual\",$M55=$A$15),$M55>(ROW(PLE.lastrow)-ROW(PLE.firstrow))),0,\n           IF(OFFSET(PLE!$G$15,$M55-$A$15,CG$13)=\"\",10^12,OFFSET(PLE!$G$15,$M55-$A$15,CG$13)))","v":1000000000000},{"$f":"IF(OR($D55<>\"Serviço\",AND(AUTOEVENTO=\"Manual\",$M55=$A$15),$M55>(ROW(PLE.lastrow)-ROW(PLE.firstrow))),0,\n           IF(OFFSET(PLE!$G$15,$M55-$A$15,CH$13)=\"\",10^12,OFFSET(PLE!$G$15,$M55-$A$15,CH$13)))","v":1000000000000},{"$f":"IF(OR($D55<>\"Serviço\",AND(AUTOEVENTO=\"Manual\",$M55=$A$15),$M55>(ROW(PLE.lastrow)-ROW(PLE.firstrow))),0,\n           IF(OFFSET(PLE!$G$15,$M55-$A$15,CI$13)=\"\",10^12,OFFSET(PLE!$G$15,$M55-$A$15,CI$13)))","v":1000000000000},{"$f":"IF(OR($D55<>\"Serviço\",AND(AUTOEVENTO=\"Manual\",$M55=$A$15),$M55>(ROW(PLE.lastrow)-ROW(PLE.firstrow))),0,\n           IF(OFFSET(PLE!$G$15,$M55-$A$15,CJ$13)=\"\",10^12,OFFSET(PLE!$G$15,$M55-$A$15,CJ$13)))","v":1000000000000},{"$f":"IF(OR($D55<>\"Serviço\",AND(AUTOEVENTO=\"Manual\",$M55=$A$15),$M55>(ROW(PLE.lastrow)-ROW(PLE.firstrow))),0,\n           IF(OFFSET(PLE!$G$15,$M55-$A$15,CK$13)=\"\",10^12,OFFSET(PLE!$G$15,$M55-$A$15,CK$13)))","v":1000000000000},{"$f":"IF(OR($D55<>\"Serviço\",AND(AUTOEVENTO=\"Manual\",$M55=$A$15),$M55>(ROW(PLE.lastrow)-ROW(PLE.firstrow))),0,\n           IF(OFFSET(PLE!$G$15,$M55-$A$15,CL$13)=\"\",10^12,OFFSET(PLE!$G$15,$M55-$A$15,CL$13)))","v":1000000000000},{"$f":"IF(OR($D55<>\"Serviço\",AND(AUTOEVENTO=\"Manual\",$M55=$A$15),$M55>(ROW(PLE.lastrow)-ROW(PLE.firstrow))),0,\n           IF(OFFSET(PLE!$G$15,$M55-$A$15,CM$13)=\"\",10^12,OFFSET(PLE!$G$15,$M55-$A$15,CM$13)))","v":1000000000000}]
[{"$f":"IF(AUTOEVENTO=\"Manual\",IF(K56<>\"\",MIN(VALUE(LEFT(K56,FIND(\".\",K56)-1)),COUNTA(EVENTOS.Lista)),0),IF(OR($B56>AUTOEVENTO,$B56=\"S\",$B56=0),SUBSTITUTE(OFFSET($A56,-1,0),IF($D56=\"Serviço\",\".\",\"\"),\"\"),ROW(A56)-ROW($A$15)&\".\"))","v":2},{"$f":"OFFSET(ORÇAMENTO!C$15,ROW(B56)-ROW(B$15),0)","v":"S"},{"$f":"OFFSET(ORÇAMENTO!L$15,ROW(C56)-ROW(C$15),0)","v":"F"},{"$f":"OFFSET(ORÇAMENTO!N$15,ROW(D56)-ROW(D$15),0)","v":"Serviço"},{"$f":"OFFSET(ORÇAMENTO!O$15,ROW(E56)-ROW(E$15),0)","v":"1.4.6."},{"$f":"OFFSET(ORÇAMENTO!R$15,ROW(F56)-ROW(F$15),0)","v":"TRANSPORTE COM CAMINHÃO BASCULANTE DE 14 M³, EM VIA URBANA PAVIMENTADA, DMT ATÉ 30 KM (UNIDADE: M3XKM). AF_07/2020"},{"$f":"IF($D56<>\"Serviço\",\"\",OFFSET(ORÇAMENTO!S$15,ROW(G56)-ROW(G$15),0))","v":"M3XKM"},{"$f":"IF($D56<>\"Serviço\",0,IF(ACOMPANHAMENTO=\"BM\",ROUND(OFFSET(ORÇAMENTO!AJ$15,ROW(H56)-ROW(H$15),0),15-13*ORÇAMENTO!$AF$7),SUMPRODUCT(($Q$1:$AI$1=1)*ROUND($Q56:$AI56,15-13*ORÇAMENTO!$AF$7))))","v":1598.9},null,{"$f":"IF(B56<>\"S\",\"\",IF(AND(ACOMPANHAMENTO=\"PLE\",AUTOEVENTO=\"Manual\",OR(H56>0,ORÇAMENTO!AC56=\"QUANT.\"),OR(K56=\"\",M56=0,N56=\"\")),\"►\",IF(AND(ACOMPANHAMENTO=\"PLE\",ORÇAMENTO!AC56=\"QUANT.\"),\"►►\",IF(AND(COUNTIF($P$11:$AI$11,\"▼\")=0,H56>0,I56=\"\"),\"◄\",\"\"))))","v":"◄"},"2. DRENAGEM DE ÁGUAS PLUVIAIS",".",{"$f":"IF($D56<>\"Serviço\",\"\",\n          IF(AUTOEVENTO=\"manual\",$A56,\n                IF(ISERROR(MATCH($A56,$A$15:OFFSET($A56,-1,0),0)),MAX($M$15:OFFSET(M56,-1,0))+1,\n                      INDEX($M$15:OFFSET(M56,-1,0),MATCH($A56,$A$15:OFFSET($A56,-1,0),0)))))","v":2},{"$f":"IF($D56<>\"Serviço\",\"\",\n         IF(AUTOEVENTO=\"Manual\",\n                IF($A56=0,\"<-- defina o número do agrupador\",\n                       OFFSET(EVENTOS!$D$15,$A56-$A$15,0)),\n                OFFSET($F$15,$A56,0)))","v":"DRENAGEM DE ÁGUAS PLUVIAIS"},null,null,17748.0576,null,null,null,null,null,null,null,null,null,null,null,null,null,null,null,null,null,null,{"$f":"IF(AND($D56=\"Serviço\",AJ$12<>0,$H56>0,OR(AUTOEVENTO<>\"manual\",$M56<>$A$15)),\n        IF(Import.TipoArredondamento<>\"TransfereGOV\",\n              ROUND(OFFSET($P56,0,AJ$13),15-13*ORÇAMENTO!$AF$7)/$H56*OFFSET(ORÇAMENTO!$X$15,ROW(AJ56)-ROW(AJ$15),0),\n              ROUND(ROUND(OFFSET($P56,0,AJ$13),15-13*ORÇAMENTO!$AF$7)*OFFSET(ORÇAMENTO!$W$15,ROW(AJ56)-ROW(AJ$15),0),15-13*ORÇAMENTO!$AF$11)),\n         0)","v":0},{"$f":"IF(AND($D56=\"Serviço\",AK$12<>0,$H56>0,OR(AUTOEVENTO<>\"manual\",$M56<>$A$15)),\n        IF(Import.TipoArredondamento<>\"TransfereGOV\",\n              ROUND(OFFSET($P56,0,AK$13),15-13*ORÇAMENTO!$AF$7)/$H56*OFFSET(ORÇAMENTO!$X$15,ROW(AK56)-ROW(AK$15),0),\n              ROUND(ROUND(OFFSET($P56,0,AK$13),15-13*ORÇAMENTO!$AF$7)*OFFSET(ORÇAMENTO!$W$15,ROW(AK56)-ROW(AK$15),0),15-13*ORÇAMENTO!$AF$11)),\n         0)","v":0},{"$f":"IF(AND($D56=\"Serviço\",AL$12<>0,$H56>0,OR(AUTOEVENTO<>\"manual\",$M56<>$A$15)),\n        IF(Import.TipoArredondamento<>\"TransfereGOV\",\n              ROUND(OFFSET($P56,0,AL$13),15-13*ORÇAMENTO!$AF$7)/$H56*OFFSET(ORÇAMENTO!$X$15,ROW(AL56)-ROW(AL$15),0),\n              ROUND(ROUND(OFFSET($P56,0,AL$13),15-13*ORÇAMENTO!$AF$7)*OFFSET(ORÇAMENTO!$W$15,ROW(AL56)-ROW(AL$15),0),15-13*ORÇAMENTO!$AF$11)),\n         0)","v":0},{"$f":"IF(AND($D56=\"Serviço\",AM$12<>0,$H56>0,OR(AUTOEVENTO<>\"manual\",$M56<>$A$15)),\n        IF(Import.TipoArredondamento<>\"TransfereGOV\",\n              ROUND(OFFSET($P56,0,AM$13),15-13*ORÇAMENTO!$AF$7)/$H56*OFFSET(ORÇAMENTO!$X$15,ROW(AM56)-ROW(AM$15),0),\n              ROUND(ROUND(OFFSET($P56,0,AM$13),15-13*ORÇAMENTO!$AF$7)*OFFSET(ORÇAMENTO!$W$15,ROW(AM56)-ROW(AM$15),0),15-13*ORÇAMENTO!$AF$11)),\n         0)","v":0},{"$f":"IF(AND($D56=\"Serviço\",AN$12<>0,$H56>0,OR(AUTOEVENTO<>\"manual\",$M56<>$A$15)),\n        IF(Import.TipoArredondamento<>\"TransfereGOV\",\n              ROUND(OFFSET($P56,0,AN$13),15-13*ORÇAMENTO!$AF$7)/$H56*OFFSET(ORÇAMENTO!$X$15,ROW(AN56)-ROW(AN$15),0),\n              ROUND(ROUND(OFFSET($P56,0,AN$13),15-13*ORÇAMENTO!$AF$7)*OFFSET(ORÇAMENTO!$W$15,ROW(AN56)-ROW(AN$15),0),15-13*ORÇAMENTO!$AF$11)),\n         0)","v":0},{"$f":"IF(AND($D56=\"Serviço\",AO$12<>0,$H56>0,OR(AUTOEVENTO<>\"manual\",$M56<>$A$15)),\n        IF(Import.TipoArredondamento<>\"TransfereGOV\",\n              ROUND(OFFSET($P56,0,AO$13),15-13*ORÇAMENTO!$AF$7)/$H56*OFFSET(ORÇAMENTO!$X$15,ROW(AO56)-ROW(AO$15),0),\n              ROUND(ROUND(OFFSET($P56,0,AO$13),15-13*ORÇAMENTO!$AF$7)*OFFSET(ORÇAMENTO!$W$15,ROW(AO56)-ROW(AO$15),0),15-13*ORÇAMENTO!$AF$11)),\n         0)","v":0},{"$f":"IF(AND($D56=\"Serviço\",AP$12<>0,$H56>0,OR(AUTOEVENTO<>\"manual\",$M56<>$A$15)),\n        IF(Import.TipoArredondamento<>\"TransfereGOV\",\n              ROUND(OFFSET($P56,0,AP$13),15-13*ORÇAMENTO!$AF$7)/$H56*OFFSET(ORÇAMENTO!$X$15,ROW(AP56)-ROW(AP$15),0),\n              ROUND(ROUND(OFFSET($P56,0,AP$13),15-13*ORÇAMENTO!$AF$7)*OFFSET(ORÇAMENTO!$W$15,ROW(AP56)-ROW(AP$15),0),15-13*ORÇAMENTO!$AF$11)),\n         0)","v":0},{"$f":"IF(AND($D56=\"Serviço\",AQ$12<>0,$H56>0,OR(AUTOEVENTO<>\"manual\",$M56<>$A$15)),\n        IF(Import.TipoArredondamento<>\"TransfereGOV\",\n              ROUND(OFFSET($P56,0,AQ$13),15-13*ORÇAMENTO!$AF$7)/$H56*OFFSET(ORÇAMENTO!$X$15,ROW(AQ56)-ROW(AQ$15),0),\n              ROUND(ROUND(OFFSET($P56,0,AQ$13),15-13*ORÇAMENTO!$AF$7)*OFFSET(ORÇAMENTO!$W$15,ROW(AQ56)-ROW(AQ$15),0),15-13*ORÇAMENTO!$AF$11)),\n         0)","v":0},{"$f":"IF(AND($D56=\"Serviço\",AR$12<>0,$H56>0,OR(AUTOEVENTO<>\"manual\",$M56<>$A$15)),\n        IF(Import.TipoArredondamento<>\"TransfereGOV\",\n              ROUND(OFFSET($P56,0,AR$13),15-13*ORÇAMENTO!$AF$7)/$H56*OFFSET(ORÇAMENTO!$X$15,ROW(AR56)-ROW(AR$15),0),\n              ROUND(ROUND(OFFSET($P56,0,AR$13),15-13*ORÇAMENTO!$AF$7)*OFFSET(ORÇAMENTO!$W$15,ROW(AR56)-ROW(AR$15),0),15-13*ORÇAMENTO!$AF$11)),\n         0)","v":0},{"$f":"IF(AND($D56=\"Serviço\",AS$12<>0,$H56>0,OR(AUTOEVENTO<>\"manual\",$M56<>$A$15)),\n        IF(Import.TipoArredondamento<>\"TransfereGOV\",\n              ROUND(OFFSET($P56,0,AS$13),15-13*ORÇAMENTO!$AF$7)/$H56*OFFSET(ORÇAMENTO!$X$15,ROW(AS56)-ROW(AS$15),0),\n              ROUND(ROUND(OFFSET($P56,0,AS$13),15-13*ORÇAMENTO!$AF$7)*OFFSET(ORÇAMENTO!$W$15,ROW(AS56)-ROW(AS$15),0),15-13*ORÇAMENTO!$AF$11)),\n         0)","v":0},{"$f":"IF(AND($D56=\"Serviço\",AT$12<>0,$H56>0,OR(AUTOEVENTO<>\"manual\",$M56<>$A$15)),\n        IF(Import.TipoArredondamento<>\"TransfereGOV\",\n              ROUND(OFFSET($P56,0,AT$13),15-13*ORÇAMENTO!$AF$7)/$H56*OFFSET(ORÇAMENTO!$X$15,ROW(AT56)-ROW(AT$15),0),\n              ROUND(ROUND(OFFSET($P56,0,AT$13),15-13*ORÇAMENTO!$AF$7)*OFFSET(ORÇAMENTO!$W$15,ROW(AT56)-ROW(AT$15),0),15-13*ORÇAMENTO!$AF$11)),\n         0)","v":0},{"$f":"IF(AND($D56=\"Serviço\",AU$12<>0,$H56>0,OR(AUTOEVENTO<>\"manual\",$M56<>$A$15)),\n        IF(Import.TipoArredondamento<>\"TransfereGOV\",\n              ROUND(OFFSET($P56,0,AU$13),15-13*ORÇAMENTO!$AF$7)/$H56*OFFSET(ORÇAMENTO!$X$15,ROW(AU56)-ROW(AU$15),0),\n              ROUND(ROUND(OFFSET($P56,0,AU$13),15-13*ORÇAMENTO!$AF$7)*OFFSET(ORÇAMENTO!$W$15,ROW(AU56)-ROW(AU$15),0),15-13*ORÇAMENTO!$AF$11)),\n         0)","v":0},{"$f":"IF(AND($D56=\"Serviço\",AV$12<>0,$H56>0,OR(AUTOEVENTO<>\"manual\",$M56<>$A$15)),\n        IF(Import.TipoArredondamento<>\"TransfereGOV\",\n              ROUND(OFFSET($P56,0,AV$13),15-13*ORÇAMENTO!$AF$7)/$H56*OFFSET(ORÇAMENTO!$X$15,ROW(AV56)-ROW(AV$15),0),\n              ROUND(ROUND(OFFSET($P56,0,AV$13),15-13*ORÇAMENTO!$AF$7)*OFFSET(ORÇAMENTO!$W$15,ROW(AV56)-ROW(AV$15),0),15-13*ORÇAMENTO!$AF$11)),\n         0)","v":0},{"$f":"IF(AND($D56=\"Serviço\",AW$12<>0,$H56>0,OR(AUTOEVENTO<>\"manual\",$M56<>$A$15)),\n        IF(Import.TipoArredondamento<>\"TransfereGOV\",\n              ROUND(OFFSET($P56,0,AW$13),15-13*ORÇAMENTO!$AF$7)/$H56*OFFSET(ORÇAMENTO!$X$15,ROW(AW56)-ROW(AW$15),0),\n              ROUND(ROUND(OFFSET($P56,0,AW$13),15-13*ORÇAMENTO!$AF$7)*OFFSET(ORÇAMENTO!$W$15,ROW(AW56)-ROW(AW$15),0),15-13*ORÇAMENTO!$AF$11)),\n         0)","v":0},{"$f":"IF(AND($D56=\"Serviço\",AX$12<>0,$H56>0,OR(AUTOEVENTO<>\"manual\",$M56<>$A$15)),\n        IF(Import.TipoArredondamento<>\"TransfereGOV\",\n              ROUND(OFFSET($P56,0,AX$13),15-13*ORÇAMENTO!$AF$7)/$H56*OFFSET(ORÇAMENTO!$X$15,ROW(AX56)-ROW(AX$15),0),\n              ROUND(ROUND(OFFSET($P56,0,AX$13),15-13*ORÇAMENTO!$AF$7)*OFFSET(ORÇAMENTO!$W$15,ROW(AX56)-ROW(AX$15),0),15-13*ORÇAMENTO!$AF$11)),\n         0)","v":0},{"$f":"IF(AND($D56=\"Serviço\",AY$12<>0,$H56>0,OR(AUTOEVENTO<>\"manual\",$M56<>$A$15)),\n        IF(Import.TipoArredondamento<>\"TransfereGOV\",\n              ROUND(OFFSET($P56,0,AY$13),15-13*ORÇAMENTO!$AF$7)/$H56*OFFSET(ORÇAMENTO!$X$15,ROW(AY56)-ROW(AY$15),0),\n              ROUND(ROUND(OFFSET($P56,0,AY$13),15-13*ORÇAMENTO!$AF$7)*OFFSET(ORÇAMENTO!$W$15,ROW(AY56)-ROW(AY$15),0),15-13*ORÇAMENTO!$AF$11)),\n         0)","v":0},{"$f":"IF(AND($D56=\"Serviço\",AZ$12<>0,$H56>0,OR(AUTOEVENTO<>\"manual\",$M56<>$A$15)),\n        IF(Import.TipoArredondamento<>\"TransfereGOV\",\n              ROUND(OFFSET($P56,0,AZ$13),15-13*ORÇAMENTO!$AF$7)/$H56*OFFSET(ORÇAMENTO!$X$15,ROW(AZ56)-ROW(AZ$15),0),\n              ROUND(ROUND(OFFSET($P56,0,AZ$13),15-13*ORÇAMENTO!$AF$7)*OFFSET(ORÇAMENTO!$W$15,ROW(AZ56)-ROW(AZ$15),0),15-13*ORÇAMENTO!$AF$11)),\n         0)","v":0},{"$f":"IF(AND($D56=\"Serviço\",BA$12<>0,$H56>0,OR(AUTOEVENTO<>\"manual\",$M56<>$A$15)),\n        IF(Import.TipoArredondamento<>\"TransfereGOV\",\n              ROUND(OFFSET($P56,0,BA$13),15-13*ORÇAMENTO!$AF$7)/$H56*OFFSET(ORÇAMENTO!$X$15,ROW(BA56)-ROW(BA$15),0),\n              ROUND(ROUND(OFFSET($P56,0,BA$13),15-13*ORÇAMENTO!$AF$7)*OFFSET(ORÇAMENTO!$W$15,ROW(BA56)-ROW(BA$15),0),15-13*ORÇAMENTO!$AF$11)),\n         0)","v":0},null,{"$f":"IF(OR($D56<>\"Serviço\",AND(AUTOEVENTO=\"Manual\",$M56=$A$15)),0,\n         IF(OFFSET(CRONOPLE!$F$15,$M56-$A$15,BC$13)=\"\",10^12,OFFSET(CRONOPLE!$F$15,$M56-$A$15,BC$13)))","v":1},{"$f":"IF(OR($D56<>\"Serviço\",AND(AUTOEVENTO=\"Manual\",$M56=$A$15)),0,\n         IF(OFFSET(CRONOPLE!$F$15,$M56-$A$15,BD$13)=\"\",10^12,OFFSET(CRONOPLE!$F$15,$M56-$A$15,BD$13)))","v":1000000000000},{"$f":"IF(OR($D56<>\"Serviço\",AND(AUTOEVENTO=\"Manual\",$M56=$A$15)),0,\n         IF(OFFSET(CRONOPLE!$F$15,$M56-$A$15,BE$13)=\"\",10^12,OFFSET(CRONOPLE!$F$15,$M56-$A$15,BE$13)))","v":1000000000000},{"$f":"IF(OR($D56<>\"Serviço\",AND(AUTOEVENTO=\"Manual\",$M56=$A$15)),0,\n         IF(OFFSET(CRONOPLE!$F$15,$M56-$A$15,BF$13)=\"\",10^12,OFFSET(CRONOPLE!$F$15,$M56-$A$15,BF$13)))","v":1000000000000},{"$f":"IF(OR($D56<>\"Serviço\",AND(AUTOEVENTO=\"Manual\",$M56=$A$15)),0,\n         IF(OFFSET(CRONOPLE!$F$15,$M56-$A$15,BG$13)=\"\",10^12,OFFSET(CRONOPLE!$F$15,$M56-$A$15,BG$13)))","v":1000000000000},{"$f":"IF(OR($D56<>\"Serviço\",AND(AUTOEVENTO=\"Manual\",$M56=$A$15)),0,\n         IF(OFFSET(CRONOPLE!$F$15,$M56-$A$15,BH$13)=\"\",10^12,OFFSET(CRONOPLE!$F$15,$M56-$A$15,BH$13)))","v":1000000000000},{"$f":"IF(OR($D56<>\"Serviço\",AND(AUTOEVENTO=\"Manual\",$M56=$A$15)),0,\n         IF(OFFSET(CRONOPLE!$F$15,$M56-$A$15,BI$13)=\"\",10^12,OFFSET(CRONOPLE!$F$15,$M56-$A$15,BI$13)))","v":1000000000000},{"$f":"IF(OR($D56<>\"Serviço\",AND(AUTOEVENTO=\"Manual\",$M56=$A$15)),0,\n         IF(OFFSET(CRONOPLE!$F$15,$M56-$A$15,BJ$13)=\"\",10^12,OFFSET(CRONOPLE!$F$15,$M56-$A$15,BJ$13)))","v":1000000000000},{"$f":"IF(OR($D56<>\"Serviço\",AND(AUTOEVENTO=\"Manual\",$M56=$A$15)),0,\n         IF(OFFSET(CRONOPLE!$F$15,$M56-$A$15,BK$13)=\"\",10^12,OFFSET(CRONOPLE!$F$15,$M56-$A$15,BK$13)))","v":1000000000000},{"$f":"IF(OR($D56<>\"Serviço\",AND(AUTOEVENTO=\"Manual\",$M56=$A$15)),0,\n         IF(OFFSET(CRONOPLE!$F$15,$M56-$A$15,BL$13)=\"\",10^12,OFFSET(CRONOPLE!$F$15,$M56-$A$15,BL$13)))","v":1000000000000},{"$f":"IF(OR($D56<>\"Serviço\",AND(AUTOEVENTO=\"Manual\",$M56=$A$15)),0,\n         IF(OFFSET(CRONOPLE!$F$15,$M56-$A$15,BM$13)=\"\",10^12,OFFSET(CRONOPLE!$F$15,$M56-$A$15,BM$13)))","v":1000000000000},{"$f":"IF(OR($D56<>\"Serviço\",AND(AUTOEVENTO=\"Manual\",$M56=$A$15)),0,\n         IF(OFFSET(CRONOPLE!$F$15,$M56-$A$15,BN$13)=\"\",10^12,OFFSET(CRONOPLE!$F$15,$M56-$A$15,BN$13)))","v":1000000000000},{"$f":"IF(OR($D56<>\"Serviço\",AND(AUTOEVENTO=\"Manual\",$M56=$A$15)),0,\n         IF(OFFSET(CRONOPLE!$F$15,$M56-$A$15,BO$13)=\"\",10^12,OFFSET(CRONOPLE!$F$15,$M56-$A$15,BO$13)))","v":1000000000000},{"$f":"IF(OR($D56<>\"Serviço\",AND(AUTOEVENTO=\"Manual\",$M56=$A$15)),0,\n         IF(OFFSET(CRONOPLE!$F$15,$M56-$A$15,BP$13)=\"\",10^12,OFFSET(CRONOPLE!$F$15,$M56-$A$15,BP$13)))","v":1000000000000},{"$f":"IF(OR($D56<>\"Serviço\",AND(AUTOEVENTO=\"Manual\",$M56=$A$15)),0,\n         IF(OFFSET(CRONOPLE!$F$15,$M56-$A$15,BQ$13)=\"\",10^12,OFFSET(CRONOPLE!$F$15,$M56-$A$15,BQ$13)))","v":1000000000000},{"$f":"IF(OR($D56<>\"Serviço\",AND(AUTOEVENTO=\"Manual\",$M56=$A$15)),0,\n         IF(OFFSET(CRONOPLE!$F$15,$M56-$A$15,BR$13)=\"\",10^12,OFFSET(CRONOPLE!$F$15,$M56-$A$15,BR$13)))","v":1000000000000},{"$f":"IF(OR($D56<>\"Serviço\",AND(AUTOEVENTO=\"Manual\",$M56=$A$15)),0,\n         IF(OFFSET(CRONOPLE!$F$15,$M56-$A$15,BS$13)=\"\",10^12,OFFSET(CRONOPLE!$F$15,$M56-$A$15,BS$13)))","v":1000000000000},{"$f":"IF(OR($D56<>\"Serviço\",AND(AUTOEVENTO=\"Manual\",$M56=$A$15)),0,\n         IF(OFFSET(CRONOPLE!$F$15,$M56-$A$15,BT$13)=\"\",10^12,OFFSET(CRONOPLE!$F$15,$M56-$A$15,BT$13)))","v":1000000000000},null,{"$f":"IF(OR($D56<>\"Serviço\",AND(AUTOEVENTO=\"Manual\",$M56=$A$15),$M56>(ROW(PLE.lastrow)-ROW(PLE.firstrow))),0,\n           IF(OFFSET(PLE!$G$15,$M56-$A$15,BV$13)=\"\",10^12,OFFSET(PLE!$G$15,$M56-$A$15,BV$13)))","v":1000000000000},{"$f":"IF(OR($D56<>\"Serviço\",AND(AUTOEVENTO=\"Manual\",$M56=$A$15),$M56>(ROW(PLE.lastrow)-ROW(PLE.firstrow))),0,\n           IF(OFFSET(PLE!$G$15,$M56-$A$15,BW$13)=\"\",10^12,OFFSET(PLE!$G$15,$M56-$A$15,BW$13)))","v":1000000000000},{"$f":"IF(OR($D56<>\"Serviço\",AND(AUTOEVENTO=\"Manual\",$M56=$A$15),$M56>(ROW(PLE.lastrow)-ROW(PLE.firstrow))),0,\n           IF(OFFSET(PLE!$G$15,$M56-$A$15,BX$13)=\"\",10^12,OFFSET(PLE!$G$15,$M56-$A$15,BX$13)))","v":1000000000000},{"$f":"IF(OR($D56<>\"Serviço\",AND(AUTOEVENTO=\"Manual\",$M56=$A$15),$M56>(ROW(PLE.lastrow)-ROW(PLE.firstrow))),0,\n           IF(OFFSET(PLE!$G$15,$M56-$A$15,BY$13)=\"\",10^12,OFFSET(PLE!$G$15,$M56-$A$15,BY$13)))","v":1000000000000},{"$f":"IF(OR($D56<>\"Serviço\",AND(AUTOEVENTO=\"Manual\",$M56=$A$15),$M56>(ROW(PLE.lastrow)-ROW(PLE.firstrow))),0,\n           IF(OFFSET(PLE!$G$15,$M56-$A$15,BZ$13)=\"\",10^12,OFFSET(PLE!$G$15,$M56-$A$15,BZ$13)))","v":1000000000000},{"$f":"IF(OR($D56<>\"Serviço\",AND(AUTOEVENTO=\"Manual\",$M56=$A$15),$M56>(ROW(PLE.lastrow)-ROW(PLE.firstrow))),0,\n           IF(OFFSET(PLE!$G$15,$M56-$A$15,CA$13)=\"\",10^12,OFFSET(PLE!$G$15,$M56-$A$15,CA$13)))","v":1000000000000},{"$f":"IF(OR($D56<>\"Serviço\",AND(AUTOEVENTO=\"Manual\",$M56=$A$15),$M56>(ROW(PLE.lastrow)-ROW(PLE.firstrow))),0,\n           IF(OFFSET(PLE!$G$15,$M56-$A$15,CB$13)=\"\",10^12,OFFSET(PLE!$G$15,$M56-$A$15,CB$13)))","v":1000000000000},{"$f":"IF(OR($D56<>\"Serviço\",AND(AUTOEVENTO=\"Manual\",$M56=$A$15),$M56>(ROW(PLE.lastrow)-ROW(PLE.firstrow))),0,\n           IF(OFFSET(PLE!$G$15,$M56-$A$15,CC$13)=\"\",10^12,OFFSET(PLE!$G$15,$M56-$A$15,CC$13)))","v":1000000000000},{"$f":"IF(OR($D56<>\"Serviço\",AND(AUTOEVENTO=\"Manual\",$M56=$A$15),$M56>(ROW(PLE.lastrow)-ROW(PLE.firstrow))),0,\n           IF(OFFSET(PLE!$G$15,$M56-$A$15,CD$13)=\"\",10^12,OFFSET(PLE!$G$15,$M56-$A$15,CD$13)))","v":1000000000000},{"$f":"IF(OR($D56<>\"Serviço\",AND(AUTOEVENTO=\"Manual\",$M56=$A$15),$M56>(ROW(PLE.lastrow)-ROW(PLE.firstrow))),0,\n           IF(OFFSET(PLE!$G$15,$M56-$A$15,CE$13)=\"\",10^12,OFFSET(PLE!$G$15,$M56-$A$15,CE$13)))","v":1000000000000},{"$f":"IF(OR($D56<>\"Serviço\",AND(AUTOEVENTO=\"Manual\",$M56=$A$15),$M56>(ROW(PLE.lastrow)-ROW(PLE.firstrow))),0,\n           IF(OFFSET(PLE!$G$15,$M56-$A$15,CF$13)=\"\",10^12,OFFSET(PLE!$G$15,$M56-$A$15,CF$13)))","v":1000000000000},{"$f":"IF(OR($D56<>\"Serviço\",AND(AUTOEVENTO=\"Manual\",$M56=$A$15),$M56>(ROW(PLE.lastrow)-ROW(PLE.firstrow))),0,\n           IF(OFFSET(PLE!$G$15,$M56-$A$15,CG$13)=\"\",10^12,OFFSET(PLE!$G$15,$M56-$A$15,CG$13)))","v":1000000000000},{"$f":"IF(OR($D56<>\"Serviço\",AND(AUTOEVENTO=\"Manual\",$M56=$A$15),$M56>(ROW(PLE.lastrow)-ROW(PLE.firstrow))),0,\n           IF(OFFSET(PLE!$G$15,$M56-$A$15,CH$13)=\"\",10^12,OFFSET(PLE!$G$15,$M56-$A$15,CH$13)))","v":1000000000000},{"$f":"IF(OR($D56<>\"Serviço\",AND(AUTOEVENTO=\"Manual\",$M56=$A$15),$M56>(ROW(PLE.lastrow)-ROW(PLE.firstrow))),0,\n           IF(OFFSET(PLE!$G$15,$M56-$A$15,CI$13)=\"\",10^12,OFFSET(PLE!$G$15,$M56-$A$15,CI$13)))","v":1000000000000},{"$f":"IF(OR($D56<>\"Serviço\",AND(AUTOEVENTO=\"Manual\",$M56=$A$15),$M56>(ROW(PLE.lastrow)-ROW(PLE.firstrow))),0,\n           IF(OFFSET(PLE!$G$15,$M56-$A$15,CJ$13)=\"\",10^12,OFFSET(PLE!$G$15,$M56-$A$15,CJ$13)))","v":1000000000000},{"$f":"IF(OR($D56<>\"Serviço\",AND(AUTOEVENTO=\"Manual\",$M56=$A$15),$M56>(ROW(PLE.lastrow)-ROW(PLE.firstrow))),0,\n           IF(OFFSET(PLE!$G$15,$M56-$A$15,CK$13)=\"\",10^12,OFFSET(PLE!$G$15,$M56-$A$15,CK$13)))","v":1000000000000},{"$f":"IF(OR($D56<>\"Serviço\",AND(AUTOEVENTO=\"Manual\",$M56=$A$15),$M56>(ROW(PLE.lastrow)-ROW(PLE.firstrow))),0,\n           IF(OFFSET(PLE!$G$15,$M56-$A$15,CL$13)=\"\",10^12,OFFSET(PLE!$G$15,$M56-$A$15,CL$13)))","v":1000000000000},{"$f":"IF(OR($D56<>\"Serviço\",AND(AUTOEVENTO=\"Manual\",$M56=$A$15),$M56>(ROW(PLE.lastrow)-ROW(PLE.firstrow))),0,\n           IF(OFFSET(PLE!$G$15,$M56-$A$15,CM$13)=\"\",10^12,OFFSET(PLE!$G$15,$M56-$A$15,CM$13)))","v":1000000000000}]
[0,{"$f":"OFFSET(ORÇAMENTO!C$15,ROW(B57)-ROW(B$15),0)","v":"S"},{"$f":"OFFSET(ORÇAMENTO!L$15,ROW(C57)-ROW(C$15),0)","v":"F"},{"$f":"OFFSET(ORÇAMENTO!N$15,ROW(D57)-ROW(D$15),0)","v":"Serviço"},{"$f":"OFFSET(ORÇAMENTO!O$15,ROW(E57)-ROW(E$15),0)","v":"1.4.7."},{"$f":"OFFSET(ORÇAMENTO!R$15,ROW(F57)-ROW(F$15),0)","v":"EXECUÇÃO DE PINTURA DE LIGAÇÃO COM EMULSÃO ASFÁLTICA RR-1C"},{"$f":"IF($D57<>\"Serviço\",\"\",OFFSET(ORÇAMENTO!S$15,ROW(G57)-ROW(G$15),0))","v":"M2"},{"$f":"IF($D57<>\"Serviço\",0,IF(ACOMPANHAMENTO=\"BM\",ROUND(OFFSET(ORÇAMENTO!AJ$15,ROW(H57)-ROW(H$15),0),15-13*ORÇAMENTO!$AF$7),SUMPRODUCT(($Q$1:$AI$1=1)*ROUND($Q57:$AI57,15-13*ORÇAMENTO!$AF$7))))","v":1259.03},null,{"$f":"IF(B57<>\"S\",\"\",IF(AND(ACOMPANHAMENTO=\"PLE\",AUTOEVENTO=\"Manual\",OR(H57>0,ORÇAMENTO!AC57=\"QUANT.\"),OR(K57=\"\",M57=0,N57=\"\")),\"►\",IF(AND(ACOMPANHAMENTO=\"PLE\",ORÇAMENTO!AC57=\"QUANT.\"),\"►►\",IF(AND(COUNTIF($P$11:$AI$11,\"▼\")=0,H57>0,I57=\"\"),\"◄\",\"\"))))","v":"◄"},null,".",{"$f":"IF($D57<>\"Serviço\",\"\",\n          IF(AUTOEVENTO=\"manual\",$A57,\n                IF(ISERROR(MATCH($A57,$A$15:OFFSET($A57,-1,0),0)),MAX($M$15:OFFSET(M57,-1,0))+1,\n                      INDEX($M$15:OFFSET(M57,-1,0),MATCH($A57,$A$15:OFFSET($A57,-1,0),0)))))","v":0},{"$f":"IF($D57<>\"Serviço\",\"\",\n         IF(AUTOEVENTO=\"Manual\",\n                IF($A57=0,\"<-- defina o número do agrupador\",\n                       OFFSET(EVENTOS!$D$15,$A57-$A$15,0)),\n                OFFSET($F$15,$A57,0)))","v":"<-- defina o número do agrupador"},null,null,null,null,null,null,null,null,null,null,null,null,null,null,null,null,null,null,null,null,null,{"$f":"IF(AND($D57=\"Serviço\",AJ$12<>0,$H57>0,OR(AUTOEVENTO<>\"manual\",$M57<>$A$15)),\n        IF(Import.TipoArredondamento<>\"TransfereGOV\",\n              ROUND(OFFSET($P57,0,AJ$13),15-13*ORÇAMENTO!$AF$7)/$H57*OFFSET(ORÇAMENTO!$X$15,ROW(AJ57)-ROW(AJ$15),0),\n              ROUND(ROUND(OFFSET($P57,0,AJ$13),15-13*ORÇAMENTO!$AF$7)*OFFSET(ORÇAMENTO!$W$15,ROW(AJ57)-ROW(AJ$15),0),15-13*ORÇAMENTO!$AF$11)),\n         0)","v":0},{"$f":"IF(AND($D57=\"Serviço\",AK$12<>0,$H57>0,OR(AUTOEVENTO<>\"manual\",$M57<>$A$15)),\n        IF(Import.TipoArredondamento<>\"TransfereGOV\",\n              ROUND(OFFSET($P57,0,AK$13),15-13*ORÇAMENTO!$AF$7)/$H57*OFFSET(ORÇAMENTO!$X$15,ROW(AK57)-ROW(AK$15),0),\n              ROUND(ROUND(OFFSET($P57,0,AK$13),15-13*ORÇAMENTO!$AF$7)*OFFSET(ORÇAMENTO!$W$15,ROW(AK57)-ROW(AK$15),0),15-13*ORÇAMENTO!$AF$11)),\n         0)","v":0},{"$f":"IF(AND($D57=\"Serviço\",AL$12<>0,$H57>0,OR(AUTOEVENTO<>\"manual\",$M57<>$A$15)),\n        IF(Import.TipoArredondamento<>\"TransfereGOV\",\n              ROUND(OFFSET($P57,0,AL$13),15-13*ORÇAMENTO!$AF$7)/$H57*OFFSET(ORÇAMENTO!$X$15,ROW(AL57)-ROW(AL$15),0),\n              ROUND(ROUND(OFFSET($P57,0,AL$13),15-13*ORÇAMENTO!$AF$7)*OFFSET(ORÇAMENTO!$W$15,ROW(AL57)-ROW(AL$15),0),15-13*ORÇAMENTO!$AF$11)),\n         0)","v":0},{"$f":"IF(AND($D57=\"Serviço\",AM$12<>0,$H57>0,OR(AUTOEVENTO<>\"manual\",$M57<>$A$15)),\n        IF(Import.TipoArredondamento<>\"TransfereGOV\",\n              ROUND(OFFSET($P57,0,AM$13),15-13*ORÇAMENTO!$AF$7)/$H57*OFFSET(ORÇAMENTO!$X$15,ROW(AM57)-ROW(AM$15),0),\n              ROUND(ROUND(OFFSET($P57,0,AM$13),15-13*ORÇAMENTO!$AF$7)*OFFSET(ORÇAMENTO!$W$15,ROW(AM57)-ROW(AM$15),0),15-13*ORÇAMENTO!$AF$11)),\n         0)","v":0},{"$f":"IF(AND($D57=\"Serviço\",AN$12<>0,$H57>0,OR(AUTOEVENTO<>\"manual\",$M57<>$A$15)),\n        IF(Import.TipoArredondamento<>\"TransfereGOV\",\n              ROUND(OFFSET($P57,0,AN$13),15-13*ORÇAMENTO!$AF$7)/$H57*OFFSET(ORÇAMENTO!$X$15,ROW(AN57)-ROW(AN$15),0),\n              ROUND(ROUND(OFFSET($P57,0,AN$13),15-13*ORÇAMENTO!$AF$7)*OFFSET(ORÇAMENTO!$W$15,ROW(AN57)-ROW(AN$15),0),15-13*ORÇAMENTO!$AF$11)),\n         0)","v":0},{"$f":"IF(AND($D57=\"Serviço\",AO$12<>0,$H57>0,OR(AUTOEVENTO<>\"manual\",$M57<>$A$15)),\n        IF(Import.TipoArredondamento<>\"TransfereGOV\",\n              ROUND(OFFSET($P57,0,AO$13),15-13*ORÇAMENTO!$AF$7)/$H57*OFFSET(ORÇAMENTO!$X$15,ROW(AO57)-ROW(AO$15),0),\n              ROUND(ROUND(OFFSET($P57,0,AO$13),15-13*ORÇAMENTO!$AF$7)*OFFSET(ORÇAMENTO!$W$15,ROW(AO57)-ROW(AO$15),0),15-13*ORÇAMENTO!$AF$11)),\n         0)","v":0},{"$f":"IF(AND($D57=\"Serviço\",AP$12<>0,$H57>0,OR(AUTOEVENTO<>\"manual\",$M57<>$A$15)),\n        IF(Import.TipoArredondamento<>\"TransfereGOV\",\n              ROUND(OFFSET($P57,0,AP$13),15-13*ORÇAMENTO!$AF$7)/$H57*OFFSET(ORÇAMENTO!$X$15,ROW(AP57)-ROW(AP$15),0),\n              ROUND(ROUND(OFFSET($P57,0,AP$13),15-13*ORÇAMENTO!$AF$7)*OFFSET(ORÇAMENTO!$W$15,ROW(AP57)-ROW(AP$15),0),15-13*ORÇAMENTO!$AF$11)),\n         0)","v":0},{"$f":"IF(AND($D57=\"Serviço\",AQ$12<>0,$H57>0,OR(AUTOEVENTO<>\"manual\",$M57<>$A$15)),\n        IF(Import.TipoArredondamento<>\"TransfereGOV\",\n              ROUND(OFFSET($P57,0,AQ$13),15-13*ORÇAMENTO!$AF$7)/$H57*OFFSET(ORÇAMENTO!$X$15,ROW(AQ57)-ROW(AQ$15),0),\n              ROUND(ROUND(OFFSET($P57,0,AQ$13),15-13*ORÇAMENTO!$AF$7)*OFFSET(ORÇAMENTO!$W$15,ROW(AQ57)-ROW(AQ$15),0),15-13*ORÇAMENTO!$AF$11)),\n         0)","v":0},{"$f":"IF(AND($D57=\"Serviço\",AR$12<>0,$H57>0,OR(AUTOEVENTO<>\"manual\",$M57<>$A$15)),\n        IF(Import.TipoArredondamento<>\"TransfereGOV\",\n              ROUND(OFFSET($P57,0,AR$13),15-13*ORÇAMENTO!$AF$7)/$H57*OFFSET(ORÇAMENTO!$X$15,ROW(AR57)-ROW(AR$15),0),\n              ROUND(ROUND(OFFSET($P57,0,AR$13),15-13*ORÇAMENTO!$AF$7)*OFFSET(ORÇAMENTO!$W$15,ROW(AR57)-ROW(AR$15),0),15-13*ORÇAMENTO!$AF$11)),\n         0)","v":0},{"$f":"IF(AND($D57=\"Serviço\",AS$12<>0,$H57>0,OR(AUTOEVENTO<>\"manual\",$M57<>$A$15)),\n        IF(Import.TipoArredondamento<>\"TransfereGOV\",\n              ROUND(OFFSET($P57,0,AS$13),15-13*ORÇAMENTO!$AF$7)/$H57*OFFSET(ORÇAMENTO!$X$15,ROW(AS57)-ROW(AS$15),0),\n              ROUND(ROUND(OFFSET($P57,0,AS$13),15-13*ORÇAMENTO!$AF$7)*OFFSET(ORÇAMENTO!$W$15,ROW(AS57)-ROW(AS$15),0),15-13*ORÇAMENTO!$AF$11)),\n         0)","v":0},{"$f":"IF(AND($D57=\"Serviço\",AT$12<>0,$H57>0,OR(AUTOEVENTO<>\"manual\",$M57<>$A$15)),\n        IF(Import.TipoArredondamento<>\"TransfereGOV\",\n              ROUND(OFFSET($P57,0,AT$13),15-13*ORÇAMENTO!$AF$7)/$H57*OFFSET(ORÇAMENTO!$X$15,ROW(AT57)-ROW(AT$15),0),\n              ROUND(ROUND(OFFSET($P57,0,AT$13),15-13*ORÇAMENTO!$AF$7)*OFFSET(ORÇAMENTO!$W$15,ROW(AT57)-ROW(AT$15),0),15-13*ORÇAMENTO!$AF$11)),\n         0)","v":0},{"$f":"IF(AND($D57=\"Serviço\",AU$12<>0,$H57>0,OR(AUTOEVENTO<>\"manual\",$M57<>$A$15)),\n        IF(Import.TipoArredondamento<>\"TransfereGOV\",\n              ROUND(OFFSET($P57,0,AU$13),15-13*ORÇAMENTO!$AF$7)/$H57*OFFSET(ORÇAMENTO!$X$15,ROW(AU57)-ROW(AU$15),0),\n              ROUND(ROUND(OFFSET($P57,0,AU$13),15-13*ORÇAMENTO!$AF$7)*OFFSET(ORÇAMENTO!$W$15,ROW(AU57)-ROW(AU$15),0),15-13*ORÇAMENTO!$AF$11)),\n         0)","v":0},{"$f":"IF(AND($D57=\"Serviço\",AV$12<>0,$H57>0,OR(AUTOEVENTO<>\"manual\",$M57<>$A$15)),\n        IF(Import.TipoArredondamento<>\"TransfereGOV\",\n              ROUND(OFFSET($P57,0,AV$13),15-13*ORÇAMENTO!$AF$7)/$H57*OFFSET(ORÇAMENTO!$X$15,ROW(AV57)-ROW(AV$15),0),\n              ROUND(ROUND(OFFSET($P57,0,AV$13),15-13*ORÇAMENTO!$AF$7)*OFFSET(ORÇAMENTO!$W$15,ROW(AV57)-ROW(AV$15),0),15-13*ORÇAMENTO!$AF$11)),\n         0)","v":0},{"$f":"IF(AND($D57=\"Serviço\",AW$12<>0,$H57>0,OR(AUTOEVENTO<>\"manual\",$M57<>$A$15)),\n        IF(Import.TipoArredondamento<>\"TransfereGOV\",\n              ROUND(OFFSET($P57,0,AW$13),15-13*ORÇAMENTO!$AF$7)/$H57*OFFSET(ORÇAMENTO!$X$15,ROW(AW57)-ROW(AW$15),0),\n              ROUND(ROUND(OFFSET($P57,0,AW$13),15-13*ORÇAMENTO!$AF$7)*OFFSET(ORÇAMENTO!$W$15,ROW(AW57)-ROW(AW$15),0),15-13*ORÇAMENTO!$AF$11)),\n         0)","v":0},{"$f":"IF(AND($D57=\"Serviço\",AX$12<>0,$H57>0,OR(AUTOEVENTO<>\"manual\",$M57<>$A$15)),\n        IF(Import.TipoArredondamento<>\"TransfereGOV\",\n              ROUND(OFFSET($P57,0,AX$13),15-13*ORÇAMENTO!$AF$7)/$H57*OFFSET(ORÇAMENTO!$X$15,ROW(AX57)-ROW(AX$15),0),\n              ROUND(ROUND(OFFSET($P57,0,AX$13),15-13*ORÇAMENTO!$AF$7)*OFFSET(ORÇAMENTO!$W$15,ROW(AX57)-ROW(AX$15),0),15-13*ORÇAMENTO!$AF$11)),\n         0)","v":0},{"$f":"IF(AND($D57=\"Serviço\",AY$12<>0,$H57>0,OR(AUTOEVENTO<>\"manual\",$M57<>$A$15)),\n        IF(Import.TipoArredondamento<>\"TransfereGOV\",\n              ROUND(OFFSET($P57,0,AY$13),15-13*ORÇAMENTO!$AF$7)/$H57*OFFSET(ORÇAMENTO!$X$15,ROW(AY57)-ROW(AY$15),0),\n              ROUND(ROUND(OFFSET($P57,0,AY$13),15-13*ORÇAMENTO!$AF$7)*OFFSET(ORÇAMENTO!$W$15,ROW(AY57)-ROW(AY$15),0),15-13*ORÇAMENTO!$AF$11)),\n         0)","v":0},{"$f":"IF(AND($D57=\"Serviço\",AZ$12<>0,$H57>0,OR(AUTOEVENTO<>\"manual\",$M57<>$A$15)),\n        IF(Import.TipoArredondamento<>\"TransfereGOV\",\n              ROUND(OFFSET($P57,0,AZ$13),15-13*ORÇAMENTO!$AF$7)/$H57*OFFSET(ORÇAMENTO!$X$15,ROW(AZ57)-ROW(AZ$15),0),\n              ROUND(ROUND(OFFSET($P57,0,AZ$13),15-13*ORÇAMENTO!$AF$7)*OFFSET(ORÇAMENTO!$W$15,ROW(AZ57)-ROW(AZ$15),0),15-13*ORÇAMENTO!$AF$11)),\n         0)","v":0},{"$f":"IF(AND($D57=\"Serviço\",BA$12<>0,$H57>0,OR(AUTOEVENTO<>\"manual\",$M57<>$A$15)),\n        IF(Import.TipoArredondamento<>\"TransfereGOV\",\n              ROUND(OFFSET($P57,0,BA$13),15-13*ORÇAMENTO!$AF$7)/$H57*OFFSET(ORÇAMENTO!$X$15,ROW(BA57)-ROW(BA$15),0),\n              ROUND(ROUND(OFFSET($P57,0,BA$13),15-13*ORÇAMENTO!$AF$7)*OFFSET(ORÇAMENTO!$W$15,ROW(BA57)-ROW(BA$15),0),15-13*ORÇAMENTO!$AF$11)),\n         0)","v":0},null,{"$f":"IF(OR($D57<>\"Serviço\",AND(AUTOEVENTO=\"Manual\",$M57=$A$15)),0,\n         IF(OFFSET(CRONOPLE!$F$15,$M57-$A$15,BC$13)=\"\",10^12,OFFSET(CRONOPLE!$F$15,$M57-$A$15,BC$13)))","v":0},{"$f":"IF(OR($D57<>\"Serviço\",AND(AUTOEVENTO=\"Manual\",$M57=$A$15)),0,\n         IF(OFFSET(CRONOPLE!$F$15,$M57-$A$15,BD$13)=\"\",10^12,OFFSET(CRONOPLE!$F$15,$M57-$A$15,BD$13)))","v":0},{"$f":"IF(OR($D57<>\"Serviço\",AND(AUTOEVENTO=\"Manual\",$M57=$A$15)),0,\n         IF(OFFSET(CRONOPLE!$F$15,$M57-$A$15,BE$13)=\"\",10^12,OFFSET(CRONOPLE!$F$15,$M57-$A$15,BE$13)))","v":0},{"$f":"IF(OR($D57<>\"Serviço\",AND(AUTOEVENTO=\"Manual\",$M57=$A$15)),0,\n         IF(OFFSET(CRONOPLE!$F$15,$M57-$A$15,BF$13)=\"\",10^12,OFFSET(CRONOPLE!$F$15,$M57-$A$15,BF$13)))","v":0},{"$f":"IF(OR($D57<>\"Serviço\",AND(AUTOEVENTO=\"Manual\",$M57=$A$15)),0,\n         IF(OFFSET(CRONOPLE!$F$15,$M57-$A$15,BG$13)=\"\",10^12,OFFSET(CRONOPLE!$F$15,$M57-$A$15,BG$13)))","v":0},{"$f":"IF(OR($D57<>\"Serviço\",AND(AUTOEVENTO=\"Manual\",$M57=$A$15)),0,\n         IF(OFFSET(CRONOPLE!$F$15,$M57-$A$15,BH$13)=\"\",10^12,OFFSET(CRONOPLE!$F$15,$M57-$A$15,BH$13)))","v":0},{"$f":"IF(OR($D57<>\"Serviço\",AND(AUTOEVENTO=\"Manual\",$M57=$A$15)),0,\n         IF(OFFSET(CRONOPLE!$F$15,$M57-$A$15,BI$13)=\"\",10^12,OFFSET(CRONOPLE!$F$15,$M57-$A$15,BI$13)))","v":0},{"$f":"IF(OR($D57<>\"Serviço\",AND(AUTOEVENTO=\"Manual\",$M57=$A$15)),0,\n         IF(OFFSET(CRONOPLE!$F$15,$M57-$A$15,BJ$13)=\"\",10^12,OFFSET(CRONOPLE!$F$15,$M57-$A$15,BJ$13)))","v":0},{"$f":"IF(OR($D57<>\"Serviço\",AND(AUTOEVENTO=\"Manual\",$M57=$A$15)),0,\n         IF(OFFSET(CRONOPLE!$F$15,$M57-$A$15,BK$13)=\"\",10^12,OFFSET(CRONOPLE!$F$15,$M57-$A$15,BK$13)))","v":0},{"$f":"IF(OR($D57<>\"Serviço\",AND(AUTOEVENTO=\"Manual\",$M57=$A$15)),0,\n         IF(OFFSET(CRONOPLE!$F$15,$M57-$A$15,BL$13)=\"\",10^12,OFFSET(CRONOPLE!$F$15,$M57-$A$15,BL$13)))","v":0},{"$f":"IF(OR($D57<>\"Serviço\",AND(AUTOEVENTO=\"Manual\",$M57=$A$15)),0,\n         IF(OFFSET(CRONOPLE!$F$15,$M57-$A$15,BM$13)=\"\",10^12,OFFSET(CRONOPLE!$F$15,$M57-$A$15,BM$13)))","v":0},{"$f":"IF(OR($D57<>\"Serviço\",AND(AUTOEVENTO=\"Manual\",$M57=$A$15)),0,\n         IF(OFFSET(CRONOPLE!$F$15,$M57-$A$15,BN$13)=\"\",10^12,OFFSET(CRONOPLE!$F$15,$M57-$A$15,BN$13)))","v":0},{"$f":"IF(OR($D57<>\"Serviço\",AND(AUTOEVENTO=\"Manual\",$M57=$A$15)),0,\n         IF(OFFSET(CRONOPLE!$F$15,$M57-$A$15,BO$13)=\"\",10^12,OFFSET(CRONOPLE!$F$15,$M57-$A$15,BO$13)))","v":0},{"$f":"IF(OR($D57<>\"Serviço\",AND(AUTOEVENTO=\"Manual\",$M57=$A$15)),0,\n         IF(OFFSET(CRONOPLE!$F$15,$M57-$A$15,BP$13)=\"\",10^12,OFFSET(CRONOPLE!$F$15,$M57-$A$15,BP$13)))","v":0},{"$f":"IF(OR($D57<>\"Serviço\",AND(AUTOEVENTO=\"Manual\",$M57=$A$15)),0,\n         IF(OFFSET(CRONOPLE!$F$15,$M57-$A$15,BQ$13)=\"\",10^12,OFFSET(CRONOPLE!$F$15,$M57-$A$15,BQ$13)))","v":0},{"$f":"IF(OR($D57<>\"Serviço\",AND(AUTOEVENTO=\"Manual\",$M57=$A$15)),0,\n         IF(OFFSET(CRONOPLE!$F$15,$M57-$A$15,BR$13)=\"\",10^12,OFFSET(CRONOPLE!$F$15,$M57-$A$15,BR$13)))","v":0},{"$f":"IF(OR($D57<>\"Serviço\",AND(AUTOEVENTO=\"Manual\",$M57=$A$15)),0,\n         IF(OFFSET(CRONOPLE!$F$15,$M57-$A$15,BS$13)=\"\",10^12,OFFSET(CRONOPLE!$F$15,$M57-$A$15,BS$13)))","v":0},{"$f":"IF(OR($D57<>\"Serviço\",AND(AUTOEVENTO=\"Manual\",$M57=$A$15)),0,\n         IF(OFFSET(CRONOPLE!$F$15,$M57-$A$15,BT$13)=\"\",10^12,OFFSET(CRONOPLE!$F$15,$M57-$A$15,BT$13)))","v":0},null,{"$f":"IF(OR($D57<>\"Serviço\",AND(AUTOEVENTO=\"Manual\",$M57=$A$15),$M57>(ROW(PLE.lastrow)-ROW(PLE.firstrow))),0,\n           IF(OFFSET(PLE!$G$15,$M57-$A$15,BV$13)=\"\",10^12,OFFSET(PLE!$G$15,$M57-$A$15,BV$13)))","v":0},{"$f":"IF(OR($D57<>\"Serviço\",AND(AUTOEVENTO=\"Manual\",$M57=$A$15),$M57>(ROW(PLE.lastrow)-ROW(PLE.firstrow))),0,\n           IF(OFFSET(PLE!$G$15,$M57-$A$15,BW$13)=\"\",10^12,OFFSET(PLE!$G$15,$M57-$A$15,BW$13)))","v":0},{"$f":"IF(OR($D57<>\"Serviço\",AND(AUTOEVENTO=\"Manual\",$M57=$A$15),$M57>(ROW(PLE.lastrow)-ROW(PLE.firstrow))),0,\n           IF(OFFSET(PLE!$G$15,$M57-$A$15,BX$13)=\"\",10^12,OFFSET(PLE!$G$15,$M57-$A$15,BX$13)))","v":0},{"$f":"IF(OR($D57<>\"Serviço\",AND(AUTOEVENTO=\"Manual\",$M57=$A$15),$M57>(ROW(PLE.lastrow)-ROW(PLE.firstrow))),0,\n           IF(OFFSET(PLE!$G$15,$M57-$A$15,BY$13)=\"\",10^12,OFFSET(PLE!$G$15,$M57-$A$15,BY$13)))","v":0},{"$f":"IF(OR($D57<>\"Serviço\",AND(AUTOEVENTO=\"Manual\",$M57=$A$15),$M57>(ROW(PLE.lastrow)-ROW(PLE.firstrow))),0,\n           IF(OFFSET(PLE!$G$15,$M57-$A$15,BZ$13)=\"\",10^12,OFFSET(PLE!$G$15,$M57-$A$15,BZ$13)))","v":0},{"$f":"IF(OR($D57<>\"Serviço\",AND(AUTOEVENTO=\"Manual\",$M57=$A$15),$M57>(ROW(PLE.lastrow)-ROW(PLE.firstrow))),0,\n           IF(OFFSET(PLE!$G$15,$M57-$A$15,CA$13)=\"\",10^12,OFFSET(PLE!$G$15,$M57-$A$15,CA$13)))","v":0},{"$f":"IF(OR($D57<>\"Serviço\",AND(AUTOEVENTO=\"Manual\",$M57=$A$15),$M57>(ROW(PLE.lastrow)-ROW(PLE.firstrow))),0,\n           IF(OFFSET(PLE!$G$15,$M57-$A$15,CB$13)=\"\",10^12,OFFSET(PLE!$G$15,$M57-$A$15,CB$13)))","v":0},{"$f":"IF(OR($D57<>\"Serviço\",AND(AUTOEVENTO=\"Manual\",$M57=$A$15),$M57>(ROW(PLE.lastrow)-ROW(PLE.firstrow))),0,\n           IF(OFFSET(PLE!$G$15,$M57-$A$15,CC$13)=\"\",10^12,OFFSET(PLE!$G$15,$M57-$A$15,CC$13)))","v":0},{"$f":"IF(OR($D57<>\"Serviço\",AND(AUTOEVENTO=\"Manual\",$M57=$A$15),$M57>(ROW(PLE.lastrow)-ROW(PLE.firstrow))),0,\n           IF(OFFSET(PLE!$G$15,$M57-$A$15,CD$13)=\"\",10^12,OFFSET(PLE!$G$15,$M57-$A$15,CD$13)))","v":0},{"$f":"IF(OR($D57<>\"Serviço\",AND(AUTOEVENTO=\"Manual\",$M57=$A$15),$M57>(ROW(PLE.lastrow)-ROW(PLE.firstrow))),0,\n           IF(OFFSET(PLE!$G$15,$M57-$A$15,CE$13)=\"\",10^12,OFFSET(PLE!$G$15,$M57-$A$15,CE$13)))","v":0},{"$f":"IF(OR($D57<>\"Serviço\",AND(AUTOEVENTO=\"Manual\",$M57=$A$15),$M57>(ROW(PLE.lastrow)-ROW(PLE.firstrow))),0,\n           IF(OFFSET(PLE!$G$15,$M57-$A$15,CF$13)=\"\",10^12,OFFSET(PLE!$G$15,$M57-$A$15,CF$13)))","v":0},{"$f":"IF(OR($D57<>\"Serviço\",AND(AUTOEVENTO=\"Manual\",$M57=$A$15),$M57>(ROW(PLE.lastrow)-ROW(PLE.firstrow))),0,\n           IF(OFFSET(PLE!$G$15,$M57-$A$15,CG$13)=\"\",10^12,OFFSET(PLE!$G$15,$M57-$A$15,CG$13)))","v":0},{"$f":"IF(OR($D57<>\"Serviço\",AND(AUTOEVENTO=\"Manual\",$M57=$A$15),$M57>(ROW(PLE.lastrow)-ROW(PLE.firstrow))),0,\n           IF(OFFSET(PLE!$G$15,$M57-$A$15,CH$13)=\"\",10^12,OFFSET(PLE!$G$15,$M57-$A$15,CH$13)))","v":0},{"$f":"IF(OR($D57<>\"Serviço\",AND(AUTOEVENTO=\"Manual\",$M57=$A$15),$M57>(ROW(PLE.lastrow)-ROW(PLE.firstrow))),0,\n           IF(OFFSET(PLE!$G$15,$M57-$A$15,CI$13)=\"\",10^12,OFFSET(PLE!$G$15,$M57-$A$15,CI$13)))","v":0},{"$f":"IF(OR($D57<>\"Serviço\",AND(AUTOEVENTO=\"Manual\",$M57=$A$15),$M57>(ROW(PLE.lastrow)-ROW(PLE.firstrow))),0,\n           IF(OFFSET(PLE!$G$15,$M57-$A$15,CJ$13)=\"\",10^12,OFFSET(PLE!$G$15,$M57-$A$15,CJ$13)))","v":0},{"$f":"IF(OR($D57<>\"Serviço\",AND(AUTOEVENTO=\"Manual\",$M57=$A$15),$M57>(ROW(PLE.lastrow)-ROW(PLE.firstrow))),0,\n           IF(OFFSET(PLE!$G$15,$M57-$A$15,CK$13)=\"\",10^12,OFFSET(PLE!$G$15,$M57-$A$15,CK$13)))","v":0},{"$f":"IF(OR($D57<>\"Serviço\",AND(AUTOEVENTO=\"Manual\",$M57=$A$15),$M57>(ROW(PLE.lastrow)-ROW(PLE.firstrow))),0,\n           IF(OFFSET(PLE!$G$15,$M57-$A$15,CL$13)=\"\",10^12,OFFSET(PLE!$G$15,$M57-$A$15,CL$13)))","v":0},{"$f":"IF(OR($D57<>\"Serviço\",AND(AUTOEVENTO=\"Manual\",$M57=$A$15),$M57>(ROW(PLE.lastrow)-ROW(PLE.firstrow))),0,\n           IF(OFFSET(PLE!$G$15,$M57-$A$15,CM$13)=\"\",10^12,OFFSET(PLE!$G$15,$M57-$A$15,CM$13)))","v":0}]
[0,{"$f":"OFFSET(ORÇAMENTO!C$15,ROW(B58)-ROW(B$15),0)","v":"S"},{"$f":"OFFSET(ORÇAMENTO!L$15,ROW(C58)-ROW(C$15),0)","v":"F"},{"$f":"OFFSET(ORÇAMENTO!N$15,ROW(D58)-ROW(D$15),0)","v":"Serviço"},{"$f":"OFFSET(ORÇAMENTO!O$15,ROW(E58)-ROW(E$15),0)","v":"1.4.8."},{"$f":"OFFSET(ORÇAMENTO!R$15,ROW(F58)-ROW(F$15),0)","v":"TRANSPORTE COM CAMINHÃO TANQUE DE TRANSPORTE DE MATERIAL ASFÁLTICO DE 30000 L, EM VIA URBANA PAVIMENTADA, DMT ATÉ 30KM (UNIDADE: TXKM). AF_07/2020"},{"$f":"IF($D58<>\"Serviço\",\"\",OFFSET(ORÇAMENTO!S$15,ROW(G58)-ROW(G$15),0))","v":"TXKM"},{"$f":"IF($D58<>\"Serviço\",0,IF(ACOMPANHAMENTO=\"BM\",ROUND(OFFSET(ORÇAMENTO!AJ$15,ROW(H58)-ROW(H$15),0),15-13*ORÇAMENTO!$AF$7),SUMPRODUCT(($Q$1:$AI$1=1)*ROUND($Q58:$AI58,15-13*ORÇAMENTO!$AF$7))))","v":17},null,{"$f":"IF(B58<>\"S\",\"\",IF(AND(ACOMPANHAMENTO=\"PLE\",AUTOEVENTO=\"Manual\",OR(H58>0,ORÇAMENTO!AC58=\"QUANT.\"),OR(K58=\"\",M58=0,N58=\"\")),\"►\",IF(AND(ACOMPANHAMENTO=\"PLE\",ORÇAMENTO!AC58=\"QUANT.\"),\"►►\",IF(AND(COUNTIF($P$11:$AI$11,\"▼\")=0,H58>0,I58=\"\"),\"◄\",\"\"))))","v":"◄"},null,".",{"$f":"IF($D58<>\"Serviço\",\"\",\n          IF(AUTOEVENTO=\"manual\",$A58,\n                IF(ISERROR(MATCH($A58,$A$15:OFFSET($A58,-1,0),0)),MAX($M$15:OFFSET(M58,-1,0))+1,\n                      INDEX($M$15:OFFSET(M58,-1,0),MATCH($A58,$A$15:OFFSET($A58,-1,0),0)))))","v":0},{"$f":"IF($D58<>\"Serviço\",\"\",\n         IF(AUTOEVENTO=\"Manual\",\n                IF($A58=0,\"<-- defina o número do agrupador\",\n                       OFFSET(EVENTOS!$D$15,$A58-$A$15,0)),\n                OFFSET($F$15,$A58,0)))","v":"<-- defina o número do agrupador"},null,null,null,null,null,null,null,null,null,null,null,null,null,null,null,null,null,null,null,null,null,{"$f":"IF(AND($D58=\"Serviço\",AJ$12<>0,$H58>0,OR(AUTOEVENTO<>\"manual\",$M58<>$A$15)),\n        IF(Import.TipoArredondamento<>\"TransfereGOV\",\n              ROUND(OFFSET($P58,0,AJ$13),15-13*ORÇAMENTO!$AF$7)/$H58*OFFSET(ORÇAMENTO!$X$15,ROW(AJ58)-ROW(AJ$15),0),\n              ROUND(ROUND(OFFSET($P58,0,AJ$13),15-13*ORÇAMENTO!$AF$7)*OFFSET(ORÇAMENTO!$W$15,ROW(AJ58)-ROW(AJ$15),0),15-13*ORÇAMENTO!$AF$11)),\n         0)","v":0},{"$f":"IF(AND($D58=\"Serviço\",AK$12<>0,$H58>0,OR(AUTOEVENTO<>\"manual\",$M58<>$A$15)),\n        IF(Import.TipoArredondamento<>\"TransfereGOV\",\n              ROUND(OFFSET($P58,0,AK$13),15-13*ORÇAMENTO!$AF$7)/$H58*OFFSET(ORÇAMENTO!$X$15,ROW(AK58)-ROW(AK$15),0),\n              ROUND(ROUND(OFFSET($P58,0,AK$13),15-13*ORÇAMENTO!$AF$7)*OFFSET(ORÇAMENTO!$W$15,ROW(AK58)-ROW(AK$15),0),15-13*ORÇAMENTO!$AF$11)),\n         0)","v":0},{"$f":"IF(AND($D58=\"Serviço\",AL$12<>0,$H58>0,OR(AUTOEVENTO<>\"manual\",$M58<>$A$15)),\n        IF(Import.TipoArredondamento<>\"TransfereGOV\",\n              ROUND(OFFSET($P58,0,AL$13),15-13*ORÇAMENTO!$AF$7)/$H58*OFFSET(ORÇAMENTO!$X$15,ROW(AL58)-ROW(AL$15),0),\n              ROUND(ROUND(OFFSET($P58,0,AL$13),15-13*ORÇAMENTO!$AF$7)*OFFSET(ORÇAMENTO!$W$15,ROW(AL58)-ROW(AL$15),0),15-13*ORÇAMENTO!$AF$11)),\n         0)","v":0},{"$f":"IF(AND($D58=\"Serviço\",AM$12<>0,$H58>0,OR(AUTOEVENTO<>\"manual\",$M58<>$A$15)),\n        IF(Import.TipoArredondamento<>\"TransfereGOV\",\n              ROUND(OFFSET($P58,0,AM$13),15-13*ORÇAMENTO!$AF$7)/$H58*OFFSET(ORÇAMENTO!$X$15,ROW(AM58)-ROW(AM$15),0),\n              ROUND(ROUND(OFFSET($P58,0,AM$13),15-13*ORÇAMENTO!$AF$7)*OFFSET(ORÇAMENTO!$W$15,ROW(AM58)-ROW(AM$15),0),15-13*ORÇAMENTO!$AF$11)),\n         0)","v":0},{"$f":"IF(AND($D58=\"Serviço\",AN$12<>0,$H58>0,OR(AUTOEVENTO<>\"manual\",$M58<>$A$15)),\n        IF(Import.TipoArredondamento<>\"TransfereGOV\",\n              ROUND(OFFSET($P58,0,AN$13),15-13*ORÇAMENTO!$AF$7)/$H58*OFFSET(ORÇAMENTO!$X$15,ROW(AN58)-ROW(AN$15),0),\n              ROUND(ROUND(OFFSET($P58,0,AN$13),15-13*ORÇAMENTO!$AF$7)*OFFSET(ORÇAMENTO!$W$15,ROW(AN58)-ROW(AN$15),0),15-13*ORÇAMENTO!$AF$11)),\n         0)","v":0},{"$f":"IF(AND($D58=\"Serviço\",AO$12<>0,$H58>0,OR(AUTOEVENTO<>\"manual\",$M58<>$A$15)),\n        IF(Import.TipoArredondamento<>\"TransfereGOV\",\n              ROUND(OFFSET($P58,0,AO$13),15-13*ORÇAMENTO!$AF$7)/$H58*OFFSET(ORÇAMENTO!$X$15,ROW(AO58)-ROW(AO$15),0),\n              ROUND(ROUND(OFFSET($P58,0,AO$13),15-13*ORÇAMENTO!$AF$7)*OFFSET(ORÇAMENTO!$W$15,ROW(AO58)-ROW(AO$15),0),15-13*ORÇAMENTO!$AF$11)),\n         0)","v":0},{"$f":"IF(AND($D58=\"Serviço\",AP$12<>0,$H58>0,OR(AUTOEVENTO<>\"manual\",$M58<>$A$15)),\n        IF(Import.TipoArredondamento<>\"TransfereGOV\",\n              ROUND(OFFSET($P58,0,AP$13),15-13*ORÇAMENTO!$AF$7)/$H58*OFFSET(ORÇAMENTO!$X$15,ROW(AP58)-ROW(AP$15),0),\n              ROUND(ROUND(OFFSET($P58,0,AP$13),15-13*ORÇAMENTO!$AF$7)*OFFSET(ORÇAMENTO!$W$15,ROW(AP58)-ROW(AP$15),0),15-13*ORÇAMENTO!$AF$11)),\n         0)","v":0},{"$f":"IF(AND($D58=\"Serviço\",AQ$12<>0,$H58>0,OR(AUTOEVENTO<>\"manual\",$M58<>$A$15)),\n        IF(Import.TipoArredondamento<>\"TransfereGOV\",\n              ROUND(OFFSET($P58,0,AQ$13),15-13*ORÇAMENTO!$AF$7)/$H58*OFFSET(ORÇAMENTO!$X$15,ROW(AQ58)-ROW(AQ$15),0),\n              ROUND(ROUND(OFFSET($P58,0,AQ$13),15-13*ORÇAMENTO!$AF$7)*OFFSET(ORÇAMENTO!$W$15,ROW(AQ58)-ROW(AQ$15),0),15-13*ORÇAMENTO!$AF$11)),\n         0)","v":0},{"$f":"IF(AND($D58=\"Serviço\",AR$12<>0,$H58>0,OR(AUTOEVENTO<>\"manual\",$M58<>$A$15)),\n        IF(Import.TipoArredondamento<>\"TransfereGOV\",\n              ROUND(OFFSET($P58,0,AR$13),15-13*ORÇAMENTO!$AF$7)/$H58*OFFSET(ORÇAMENTO!$X$15,ROW(AR58)-ROW(AR$15),0),\n              ROUND(ROUND(OFFSET($P58,0,AR$13),15-13*ORÇAMENTO!$AF$7)*OFFSET(ORÇAMENTO!$W$15,ROW(AR58)-ROW(AR$15),0),15-13*ORÇAMENTO!$AF$11)),\n         0)","v":0},{"$f":"IF(AND($D58=\"Serviço\",AS$12<>0,$H58>0,OR(AUTOEVENTO<>\"manual\",$M58<>$A$15)),\n        IF(Import.TipoArredondamento<>\"TransfereGOV\",\n              ROUND(OFFSET($P58,0,AS$13),15-13*ORÇAMENTO!$AF$7)/$H58*OFFSET(ORÇAMENTO!$X$15,ROW(AS58)-ROW(AS$15),0),\n              ROUND(ROUND(OFFSET($P58,0,AS$13),15-13*ORÇAMENTO!$AF$7)*OFFSET(ORÇAMENTO!$W$15,ROW(AS58)-ROW(AS$15),0),15-13*ORÇAMENTO!$AF$11)),\n         0)","v":0},{"$f":"IF(AND($D58=\"Serviço\",AT$12<>0,$H58>0,OR(AUTOEVENTO<>\"manual\",$M58<>$A$15)),\n        IF(Import.TipoArredondamento<>\"TransfereGOV\",\n              ROUND(OFFSET($P58,0,AT$13),15-13*ORÇAMENTO!$AF$7)/$H58*OFFSET(ORÇAMENTO!$X$15,ROW(AT58)-ROW(AT$15),0),\n              ROUND(ROUND(OFFSET($P58,0,AT$13),15-13*ORÇAMENTO!$AF$7)*OFFSET(ORÇAMENTO!$W$15,ROW(AT58)-ROW(AT$15),0),15-13*ORÇAMENTO!$AF$11)),\n         0)","v":0},{"$f":"IF(AND($D58=\"Serviço\",AU$12<>0,$H58>0,OR(AUTOEVENTO<>\"manual\",$M58<>$A$15)),\n        IF(Import.TipoArredondamento<>\"TransfereGOV\",\n              ROUND(OFFSET($P58,0,AU$13),15-13*ORÇAMENTO!$AF$7)/$H58*OFFSET(ORÇAMENTO!$X$15,ROW(AU58)-ROW(AU$15),0),\n              ROUND(ROUND(OFFSET($P58,0,AU$13),15-13*ORÇAMENTO!$AF$7)*OFFSET(ORÇAMENTO!$W$15,ROW(AU58)-ROW(AU$15),0),15-13*ORÇAMENTO!$AF$11)),\n         0)","v":0},{"$f":"IF(AND($D58=\"Serviço\",AV$12<>0,$H58>0,OR(AUTOEVENTO<>\"manual\",$M58<>$A$15)),\n        IF(Import.TipoArredondamento<>\"TransfereGOV\",\n              ROUND(OFFSET($P58,0,AV$13),15-13*ORÇAMENTO!$AF$7)/$H58*OFFSET(ORÇAMENTO!$X$15,ROW(AV58)-ROW(AV$15),0),\n              ROUND(ROUND(OFFSET($P58,0,AV$13),15-13*ORÇAMENTO!$AF$7)*OFFSET(ORÇAMENTO!$W$15,ROW(AV58)-ROW(AV$15),0),15-13*ORÇAMENTO!$AF$11)),\n         0)","v":0},{"$f":"IF(AND($D58=\"Serviço\",AW$12<>0,$H58>0,OR(AUTOEVENTO<>\"manual\",$M58<>$A$15)),\n        IF(Import.TipoArredondamento<>\"TransfereGOV\",\n              ROUND(OFFSET($P58,0,AW$13),15-13*ORÇAMENTO!$AF$7)/$H58*OFFSET(ORÇAMENTO!$X$15,ROW(AW58)-ROW(AW$15),0),\n              ROUND(ROUND(OFFSET($P58,0,AW$13),15-13*ORÇAMENTO!$AF$7)*OFFSET(ORÇAMENTO!$W$15,ROW(AW58)-ROW(AW$15),0),15-13*ORÇAMENTO!$AF$11)),\n         0)","v":0},{"$f":"IF(AND($D58=\"Serviço\",AX$12<>0,$H58>0,OR(AUTOEVENTO<>\"manual\",$M58<>$A$15)),\n        IF(Import.TipoArredondamento<>\"TransfereGOV\",\n              ROUND(OFFSET($P58,0,AX$13),15-13*ORÇAMENTO!$AF$7)/$H58*OFFSET(ORÇAMENTO!$X$15,ROW(AX58)-ROW(AX$15),0),\n              ROUND(ROUND(OFFSET($P58,0,AX$13),15-13*ORÇAMENTO!$AF$7)*OFFSET(ORÇAMENTO!$W$15,ROW(AX58)-ROW(AX$15),0),15-13*ORÇAMENTO!$AF$11)),\n         0)","v":0},{"$f":"IF(AND($D58=\"Serviço\",AY$12<>0,$H58>0,OR(AUTOEVENTO<>\"manual\",$M58<>$A$15)),\n        IF(Import.TipoArredondamento<>\"TransfereGOV\",\n              ROUND(OFFSET($P58,0,AY$13),15-13*ORÇAMENTO!$AF$7)/$H58*OFFSET(ORÇAMENTO!$X$15,ROW(AY58)-ROW(AY$15),0),\n              ROUND(ROUND(OFFSET($P58,0,AY$13),15-13*ORÇAMENTO!$AF$7)*OFFSET(ORÇAMENTO!$W$15,ROW(AY58)-ROW(AY$15),0),15-13*ORÇAMENTO!$AF$11)),\n         0)","v":0},{"$f":"IF(AND($D58=\"Serviço\",AZ$12<>0,$H58>0,OR(AUTOEVENTO<>\"manual\",$M58<>$A$15)),\n        IF(Import.TipoArredondamento<>\"TransfereGOV\",\n              ROUND(OFFSET($P58,0,AZ$13),15-13*ORÇAMENTO!$AF$7)/$H58*OFFSET(ORÇAMENTO!$X$15,ROW(AZ58)-ROW(AZ$15),0),\n              ROUND(ROUND(OFFSET($P58,0,AZ$13),15-13*ORÇAMENTO!$AF$7)*OFFSET(ORÇAMENTO!$W$15,ROW(AZ58)-ROW(AZ$15),0),15-13*ORÇAMENTO!$AF$11)),\n         0)","v":0},{"$f":"IF(AND($D58=\"Serviço\",BA$12<>0,$H58>0,OR(AUTOEVENTO<>\"manual\",$M58<>$A$15)),\n        IF(Import.TipoArredondamento<>\"TransfereGOV\",\n              ROUND(OFFSET($P58,0,BA$13),15-13*ORÇAMENTO!$AF$7)/$H58*OFFSET(ORÇAMENTO!$X$15,ROW(BA58)-ROW(BA$15),0),\n              ROUND(ROUND(OFFSET($P58,0,BA$13),15-13*ORÇAMENTO!$AF$7)*OFFSET(ORÇAMENTO!$W$15,ROW(BA58)-ROW(BA$15),0),15-13*ORÇAMENTO!$AF$11)),\n         0)","v":0},null,{"$f":"IF(OR($D58<>\"Serviço\",AND(AUTOEVENTO=\"Manual\",$M58=$A$15)),0,\n         IF(OFFSET(CRONOPLE!$F$15,$M58-$A$15,BC$13)=\"\",10^12,OFFSET(CRONOPLE!$F$15,$M58-$A$15,BC$13)))","v":0},{"$f":"IF(OR($D58<>\"Serviço\",AND(AUTOEVENTO=\"Manual\",$M58=$A$15)),0,\n         IF(OFFSET(CRONOPLE!$F$15,$M58-$A$15,BD$13)=\"\",10^12,OFFSET(CRONOPLE!$F$15,$M58-$A$15,BD$13)))","v":0},{"$f":"IF(OR($D58<>\"Serviço\",AND(AUTOEVENTO=\"Manual\",$M58=$A$15)),0,\n         IF(OFFSET(CRONOPLE!$F$15,$M58-$A$15,BE$13)=\"\",10^12,OFFSET(CRONOPLE!$F$15,$M58-$A$15,BE$13)))","v":0},{"$f":"IF(OR($D58<>\"Serviço\",AND(AUTOEVENTO=\"Manual\",$M58=$A$15)),0,\n         IF(OFFSET(CRONOPLE!$F$15,$M58-$A$15,BF$13)=\"\",10^12,OFFSET(CRONOPLE!$F$15,$M58-$A$15,BF$13)))","v":0},{"$f":"IF(OR($D58<>\"Serviço\",AND(AUTOEVENTO=\"Manual\",$M58=$A$15)),0,\n         IF(OFFSET(CRONOPLE!$F$15,$M58-$A$15,BG$13)=\"\",10^12,OFFSET(CRONOPLE!$F$15,$M58-$A$15,BG$13)))","v":0},{"$f":"IF(OR($D58<>\"Serviço\",AND(AUTOEVENTO=\"Manual\",$M58=$A$15)),0,\n         IF(OFFSET(CRONOPLE!$F$15,$M58-$A$15,BH$13)=\"\",10^12,OFFSET(CRONOPLE!$F$15,$M58-$A$15,BH$13)))","v":0},{"$f":"IF(OR($D58<>\"Serviço\",AND(AUTOEVENTO=\"Manual\",$M58=$A$15)),0,\n         IF(OFFSET(CRONOPLE!$F$15,$M58-$A$15,BI$13)=\"\",10^12,OFFSET(CRONOPLE!$F$15,$M58-$A$15,BI$13)))","v":0},{"$f":"IF(OR($D58<>\"Serviço\",AND(AUTOEVENTO=\"Manual\",$M58=$A$15)),0,\n         IF(OFFSET(CRONOPLE!$F$15,$M58-$A$15,BJ$13)=\"\",10^12,OFFSET(CRONOPLE!$F$15,$M58-$A$15,BJ$13)))","v":0},{"$f":"IF(OR($D58<>\"Serviço\",AND(AUTOEVENTO=\"Manual\",$M58=$A$15)),0,\n         IF(OFFSET(CRONOPLE!$F$15,$M58-$A$15,BK$13)=\"\",10^12,OFFSET(CRONOPLE!$F$15,$M58-$A$15,BK$13)))","v":0},{"$f":"IF(OR($D58<>\"Serviço\",AND(AUTOEVENTO=\"Manual\",$M58=$A$15)),0,\n         IF(OFFSET(CRONOPLE!$F$15,$M58-$A$15,BL$13)=\"\",10^12,OFFSET(CRONOPLE!$F$15,$M58-$A$15,BL$13)))","v":0},{"$f":"IF(OR($D58<>\"Serviço\",AND(AUTOEVENTO=\"Manual\",$M58=$A$15)),0,\n         IF(OFFSET(CRONOPLE!$F$15,$M58-$A$15,BM$13)=\"\",10^12,OFFSET(CRONOPLE!$F$15,$M58-$A$15,BM$13)))","v":0},{"$f":"IF(OR($D58<>\"Serviço\",AND(AUTOEVENTO=\"Manual\",$M58=$A$15)),0,\n         IF(OFFSET(CRONOPLE!$F$15,$M58-$A$15,BN$13)=\"\",10^12,OFFSET(CRONOPLE!$F$15,$M58-$A$15,BN$13)))","v":0},{"$f":"IF(OR($D58<>\"Serviço\",AND(AUTOEVENTO=\"Manual\",$M58=$A$15)),0,\n         IF(OFFSET(CRONOPLE!$F$15,$M58-$A$15,BO$13)=\"\",10^12,OFFSET(CRONOPLE!$F$15,$M58-$A$15,BO$13)))","v":0},{"$f":"IF(OR($D58<>\"Serviço\",AND(AUTOEVENTO=\"Manual\",$M58=$A$15)),0,\n         IF(OFFSET(CRONOPLE!$F$15,$M58-$A$15,BP$13)=\"\",10^12,OFFSET(CRONOPLE!$F$15,$M58-$A$15,BP$13)))","v":0},{"$f":"IF(OR($D58<>\"Serviço\",AND(AUTOEVENTO=\"Manual\",$M58=$A$15)),0,\n         IF(OFFSET(CRONOPLE!$F$15,$M58-$A$15,BQ$13)=\"\",10^12,OFFSET(CRONOPLE!$F$15,$M58-$A$15,BQ$13)))","v":0},{"$f":"IF(OR($D58<>\"Serviço\",AND(AUTOEVENTO=\"Manual\",$M58=$A$15)),0,\n         IF(OFFSET(CRONOPLE!$F$15,$M58-$A$15,BR$13)=\"\",10^12,OFFSET(CRONOPLE!$F$15,$M58-$A$15,BR$13)))","v":0},{"$f":"IF(OR($D58<>\"Serviço\",AND(AUTOEVENTO=\"Manual\",$M58=$A$15)),0,\n         IF(OFFSET(CRONOPLE!$F$15,$M58-$A$15,BS$13)=\"\",10^12,OFFSET(CRONOPLE!$F$15,$M58-$A$15,BS$13)))","v":0},{"$f":"IF(OR($D58<>\"Serviço\",AND(AUTOEVENTO=\"Manual\",$M58=$A$15)),0,\n         IF(OFFSET(CRONOPLE!$F$15,$M58-$A$15,BT$13)=\"\",10^12,OFFSET(CRONOPLE!$F$15,$M58-$A$15,BT$13)))","v":0},null,{"$f":"IF(OR($D58<>\"Serviço\",AND(AUTOEVENTO=\"Manual\",$M58=$A$15),$M58>(ROW(PLE.lastrow)-ROW(PLE.firstrow))),0,\n           IF(OFFSET(PLE!$G$15,$M58-$A$15,BV$13)=\"\",10^12,OFFSET(PLE!$G$15,$M58-$A$15,BV$13)))","v":0},{"$f":"IF(OR($D58<>\"Serviço\",AND(AUTOEVENTO=\"Manual\",$M58=$A$15),$M58>(ROW(PLE.lastrow)-ROW(PLE.firstrow))),0,\n           IF(OFFSET(PLE!$G$15,$M58-$A$15,BW$13)=\"\",10^12,OFFSET(PLE!$G$15,$M58-$A$15,BW$13)))","v":0},{"$f":"IF(OR($D58<>\"Serviço\",AND(AUTOEVENTO=\"Manual\",$M58=$A$15),$M58>(ROW(PLE.lastrow)-ROW(PLE.firstrow))),0,\n           IF(OFFSET(PLE!$G$15,$M58-$A$15,BX$13)=\"\",10^12,OFFSET(PLE!$G$15,$M58-$A$15,BX$13)))","v":0},{"$f":"IF(OR($D58<>\"Serviço\",AND(AUTOEVENTO=\"Manual\",$M58=$A$15),$M58>(ROW(PLE.lastrow)-ROW(PLE.firstrow))),0,\n           IF(OFFSET(PLE!$G$15,$M58-$A$15,BY$13)=\"\",10^12,OFFSET(PLE!$G$15,$M58-$A$15,BY$13)))","v":0},{"$f":"IF(OR($D58<>\"Serviço\",AND(AUTOEVENTO=\"Manual\",$M58=$A$15),$M58>(ROW(PLE.lastrow)-ROW(PLE.firstrow))),0,\n           IF(OFFSET(PLE!$G$15,$M58-$A$15,BZ$13)=\"\",10^12,OFFSET(PLE!$G$15,$M58-$A$15,BZ$13)))","v":0},{"$f":"IF(OR($D58<>\"Serviço\",AND(AUTOEVENTO=\"Manual\",$M58=$A$15),$M58>(ROW(PLE.lastrow)-ROW(PLE.firstrow))),0,\n           IF(OFFSET(PLE!$G$15,$M58-$A$15,CA$13)=\"\",10^12,OFFSET(PLE!$G$15,$M58-$A$15,CA$13)))","v":0},{"$f":"IF(OR($D58<>\"Serviço\",AND(AUTOEVENTO=\"Manual\",$M58=$A$15),$M58>(ROW(PLE.lastrow)-ROW(PLE.firstrow))),0,\n           IF(OFFSET(PLE!$G$15,$M58-$A$15,CB$13)=\"\",10^12,OFFSET(PLE!$G$15,$M58-$A$15,CB$13)))","v":0},{"$f":"IF(OR($D58<>\"Serviço\",AND(AUTOEVENTO=\"Manual\",$M58=$A$15),$M58>(ROW(PLE.lastrow)-ROW(PLE.firstrow))),0,\n           IF(OFFSET(PLE!$G$15,$M58-$A$15,CC$13)=\"\",10^12,OFFSET(PLE!$G$15,$M58-$A$15,CC$13)))","v":0},{"$f":"IF(OR($D58<>\"Serviço\",AND(AUTOEVENTO=\"Manual\",$M58=$A$15),$M58>(ROW(PLE.lastrow)-ROW(PLE.firstrow))),0,\n           IF(OFFSET(PLE!$G$15,$M58-$A$15,CD$13)=\"\",10^12,OFFSET(PLE!$G$15,$M58-$A$15,CD$13)))","v":0},{"$f":"IF(OR($D58<>\"Serviço\",AND(AUTOEVENTO=\"Manual\",$M58=$A$15),$M58>(ROW(PLE.lastrow)-ROW(PLE.firstrow))),0,\n           IF(OFFSET(PLE!$G$15,$M58-$A$15,CE$13)=\"\",10^12,OFFSET(PLE!$G$15,$M58-$A$15,CE$13)))","v":0},{"$f":"IF(OR($D58<>\"Serviço\",AND(AUTOEVENTO=\"Manual\",$M58=$A$15),$M58>(ROW(PLE.lastrow)-ROW(PLE.firstrow))),0,\n           IF(OFFSET(PLE!$G$15,$M58-$A$15,CF$13)=\"\",10^12,OFFSET(PLE!$G$15,$M58-$A$15,CF$13)))","v":0},{"$f":"IF(OR($D58<>\"Serviço\",AND(AUTOEVENTO=\"Manual\",$M58=$A$15),$M58>(ROW(PLE.lastrow)-ROW(PLE.firstrow))),0,\n           IF(OFFSET(PLE!$G$15,$M58-$A$15,CG$13)=\"\",10^12,OFFSET(PLE!$G$15,$M58-$A$15,CG$13)))","v":0},{"$f":"IF(OR($D58<>\"Serviço\",AND(AUTOEVENTO=\"Manual\",$M58=$A$15),$M58>(ROW(PLE.lastrow)-ROW(PLE.firstrow))),0,\n           IF(OFFSET(PLE!$G$15,$M58-$A$15,CH$13)=\"\",10^12,OFFSET(PLE!$G$15,$M58-$A$15,CH$13)))","v":0},{"$f":"IF(OR($D58<>\"Serviço\",AND(AUTOEVENTO=\"Manual\",$M58=$A$15),$M58>(ROW(PLE.lastrow)-ROW(PLE.firstrow))),0,\n           IF(OFFSET(PLE!$G$15,$M58-$A$15,CI$13)=\"\",10^12,OFFSET(PLE!$G$15,$M58-$A$15,CI$13)))","v":0},{"$f":"IF(OR($D58<>\"Serviço\",AND(AUTOEVENTO=\"Manual\",$M58=$A$15),$M58>(ROW(PLE.lastrow)-ROW(PLE.firstrow))),0,\n           IF(OFFSET(PLE!$G$15,$M58-$A$15,CJ$13)=\"\",10^12,OFFSET(PLE!$G$15,$M58-$A$15,CJ$13)))","v":0},{"$f":"IF(OR($D58<>\"Serviço\",AND(AUTOEVENTO=\"Manual\",$M58=$A$15),$M58>(ROW(PLE.lastrow)-ROW(PLE.firstrow))),0,\n           IF(OFFSET(PLE!$G$15,$M58-$A$15,CK$13)=\"\",10^12,OFFSET(PLE!$G$15,$M58-$A$15,CK$13)))","v":0},{"$f":"IF(OR($D58<>\"Serviço\",AND(AUTOEVENTO=\"Manual\",$M58=$A$15),$M58>(ROW(PLE.lastrow)-ROW(PLE.firstrow))),0,\n           IF(OFFSET(PLE!$G$15,$M58-$A$15,CL$13)=\"\",10^12,OFFSET(PLE!$G$15,$M58-$A$15,CL$13)))","v":0},{"$f":"IF(OR($D58<>\"Serviço\",AND(AUTOEVENTO=\"Manual\",$M58=$A$15),$M58>(ROW(PLE.lastrow)-ROW(PLE.firstrow))),0,\n           IF(OFFSET(PLE!$G$15,$M58-$A$15,CM$13)=\"\",10^12,OFFSET(PLE!$G$15,$M58-$A$15,CM$13)))","v":0}]
[0,{"$f":"OFFSET(ORÇAMENTO!C$15,ROW(B59)-ROW(B$15),0)","v":"S"},{"$f":"OFFSET(ORÇAMENTO!L$15,ROW(C59)-ROW(C$15),0)","v":"F"},{"$f":"OFFSET(ORÇAMENTO!N$15,ROW(D59)-ROW(D$15),0)","v":"Serviço"},{"$f":"OFFSET(ORÇAMENTO!O$15,ROW(E59)-ROW(E$15),0)","v":"1.4.9."},{"$f":"OFFSET(ORÇAMENTO!R$15,ROW(F59)-ROW(F$15),0)","v":"TRANSPORTE COM CAMINHÃO TANQUE DE TRANSPORTE DE MATERIAL ASFÁLTICO DE 30000 L, EM VIA URBANA PAVIMENTADA, ADICIONAL PARA DMT EXCEDENTE A 30 KM (UNIDADE: TXKM). AF_07/2020"},{"$f":"IF($D59<>\"Serviço\",\"\",OFFSET(ORÇAMENTO!S$15,ROW(G59)-ROW(G$15),0))","v":"TXKM"},{"$f":"IF($D59<>\"Serviço\",0,IF(ACOMPANHAMENTO=\"BM\",ROUND(OFFSET(ORÇAMENTO!AJ$15,ROW(H59)-ROW(H$15),0),15-13*ORÇAMENTO!$AF$7),SUMPRODUCT(($Q$1:$AI$1=1)*ROUND($Q59:$AI59,15-13*ORÇAMENTO!$AF$7))))","v":22.1},null,{"$f":"IF(B59<>\"S\",\"\",IF(AND(ACOMPANHAMENTO=\"PLE\",AUTOEVENTO=\"Manual\",OR(H59>0,ORÇAMENTO!AC59=\"QUANT.\"),OR(K59=\"\",M59=0,N59=\"\")),\"►\",IF(AND(ACOMPANHAMENTO=\"PLE\",ORÇAMENTO!AC59=\"QUANT.\"),\"►►\",IF(AND(COUNTIF($P$11:$AI$11,\"▼\")=0,H59>0,I59=\"\"),\"◄\",\"\"))))","v":"◄"},null,".",{"$f":"IF($D59<>\"Serviço\",\"\",\n          IF(AUTOEVENTO=\"manual\",$A59,\n                IF(ISERROR(MATCH($A59,$A$15:OFFSET($A59,-1,0),0)),MAX($M$15:OFFSET(M59,-1,0))+1,\n                      INDEX($M$15:OFFSET(M59,-1,0),MATCH($A59,$A$15:OFFSET($A59,-1,0),0)))))","v":0},{"$f":"IF($D59<>\"Serviço\",\"\",\n         IF(AUTOEVENTO=\"Manual\",\n                IF($A59=0,\"<-- defina o número do agrupador\",\n                       OFFSET(EVENTOS!$D$15,$A59-$A$15,0)),\n                OFFSET($F$15,$A59,0)))","v":"<-- defina o número do agrupador"},null,null,null,null,null,null,null,null,null,null,null,null,null,null,null,null,null,null,null,null,null,{"$f":"IF(AND($D59=\"Serviço\",AJ$12<>0,$H59>0,OR(AUTOEVENTO<>\"manual\",$M59<>$A$15)),\n        IF(Import.TipoArredondamento<>\"TransfereGOV\",\n              ROUND(OFFSET($P59,0,AJ$13),15-13*ORÇAMENTO!$AF$7)/$H59*OFFSET(ORÇAMENTO!$X$15,ROW(AJ59)-ROW(AJ$15),0),\n              ROUND(ROUND(OFFSET($P59,0,AJ$13),15-13*ORÇAMENTO!$AF$7)*OFFSET(ORÇAMENTO!$W$15,ROW(AJ59)-ROW(AJ$15),0),15-13*ORÇAMENTO!$AF$11)),\n         0)","v":0},{"$f":"IF(AND($D59=\"Serviço\",AK$12<>0,$H59>0,OR(AUTOEVENTO<>\"manual\",$M59<>$A$15)),\n        IF(Import.TipoArredondamento<>\"TransfereGOV\",\n              ROUND(OFFSET($P59,0,AK$13),15-13*ORÇAMENTO!$AF$7)/$H59*OFFSET(ORÇAMENTO!$X$15,ROW(AK59)-ROW(AK$15),0),\n              ROUND(ROUND(OFFSET($P59,0,AK$13),15-13*ORÇAMENTO!$AF$7)*OFFSET(ORÇAMENTO!$W$15,ROW(AK59)-ROW(AK$15),0),15-13*ORÇAMENTO!$AF$11)),\n         0)","v":0},{"$f":"IF(AND($D59=\"Serviço\",AL$12<>0,$H59>0,OR(AUTOEVENTO<>\"manual\",$M59<>$A$15)),\n        IF(Import.TipoArredondamento<>\"TransfereGOV\",\n              ROUND(OFFSET($P59,0,AL$13),15-13*ORÇAMENTO!$AF$7)/$H59*OFFSET(ORÇAMENTO!$X$15,ROW(AL59)-ROW(AL$15),0),\n              ROUND(ROUND(OFFSET($P59,0,AL$13),15-13*ORÇAMENTO!$AF$7)*OFFSET(ORÇAMENTO!$W$15,ROW(AL59)-ROW(AL$15),0),15-13*ORÇAMENTO!$AF$11)),\n         0)","v":0},{"$f":"IF(AND($D59=\"Serviço\",AM$12<>0,$H59>0,OR(AUTOEVENTO<>\"manual\",$M59<>$A$15)),\n        IF(Import.TipoArredondamento<>\"TransfereGOV\",\n              ROUND(OFFSET($P59,0,AM$13),15-13*ORÇAMENTO!$AF$7)/$H59*OFFSET(ORÇAMENTO!$X$15,ROW(AM59)-ROW(AM$15),0),\n              ROUND(ROUND(OFFSET($P59,0,AM$13),15-13*ORÇAMENTO!$AF$7)*OFFSET(ORÇAMENTO!$W$15,ROW(AM59)-ROW(AM$15),0),15-13*ORÇAMENTO!$AF$11)),\n         0)","v":0},{"$f":"IF(AND($D59=\"Serviço\",AN$12<>0,$H59>0,OR(AUTOEVENTO<>\"manual\",$M59<>$A$15)),\n        IF(Import.TipoArredondamento<>\"TransfereGOV\",\n              ROUND(OFFSET($P59,0,AN$13),15-13*ORÇAMENTO!$AF$7)/$H59*OFFSET(ORÇAMENTO!$X$15,ROW(AN59)-ROW(AN$15),0),\n              ROUND(ROUND(OFFSET($P59,0,AN$13),15-13*ORÇAMENTO!$AF$7)*OFFSET(ORÇAMENTO!$W$15,ROW(AN59)-ROW(AN$15),0),15-13*ORÇAMENTO!$AF$11)),\n         0)","v":0},{"$f":"IF(AND($D59=\"Serviço\",AO$12<>0,$H59>0,OR(AUTOEVENTO<>\"manual\",$M59<>$A$15)),\n        IF(Import.TipoArredondamento<>\"TransfereGOV\",\n              ROUND(OFFSET($P59,0,AO$13),15-13*ORÇAMENTO!$AF$7)/$H59*OFFSET(ORÇAMENTO!$X$15,ROW(AO59)-ROW(AO$15),0),\n              ROUND(ROUND(OFFSET($P59,0,AO$13),15-13*ORÇAMENTO!$AF$7)*OFFSET(ORÇAMENTO!$W$15,ROW(AO59)-ROW(AO$15),0),15-13*ORÇAMENTO!$AF$11)),\n         0)","v":0},{"$f":"IF(AND($D59=\"Serviço\",AP$12<>0,$H59>0,OR(AUTOEVENTO<>\"manual\",$M59<>$A$15)),\n        IF(Import.TipoArredondamento<>\"TransfereGOV\",\n              ROUND(OFFSET($P59,0,AP$13),15-13*ORÇAMENTO!$AF$7)/$H59*OFFSET(ORÇAMENTO!$X$15,ROW(AP59)-ROW(AP$15),0),\n              ROUND(ROUND(OFFSET($P59,0,AP$13),15-13*ORÇAMENTO!$AF$7)*OFFSET(ORÇAMENTO!$W$15,ROW(AP59)-ROW(AP$15),0),15-13*ORÇAMENTO!$AF$11)),\n         0)","v":0},{"$f":"IF(AND($D59=\"Serviço\",AQ$12<>0,$H59>0,OR(AUTOEVENTO<>\"manual\",$M59<>$A$15)),\n        IF(Import.TipoArredondamento<>\"TransfereGOV\",\n              ROUND(OFFSET($P59,0,AQ$13),15-13*ORÇAMENTO!$AF$7)/$H59*OFFSET(ORÇAMENTO!$X$15,ROW(AQ59)-ROW(AQ$15),0),\n              ROUND(ROUND(OFFSET($P59,0,AQ$13),15-13*ORÇAMENTO!$AF$7)*OFFSET(ORÇAMENTO!$W$15,ROW(AQ59)-ROW(AQ$15),0),15-13*ORÇAMENTO!$AF$11)),\n         0)","v":0},{"$f":"IF(AND($D59=\"Serviço\",AR$12<>0,$H59>0,OR(AUTOEVENTO<>\"manual\",$M59<>$A$15)),\n        IF(Import.TipoArredondamento<>\"TransfereGOV\",\n              ROUND(OFFSET($P59,0,AR$13),15-13*ORÇAMENTO!$AF$7)/$H59*OFFSET(ORÇAMENTO!$X$15,ROW(AR59)-ROW(AR$15),0),\n              ROUND(ROUND(OFFSET($P59,0,AR$13),15-13*ORÇAMENTO!$AF$7)*OFFSET(ORÇAMENTO!$W$15,ROW(AR59)-ROW(AR$15),0),15-13*ORÇAMENTO!$AF$11)),\n         0)","v":0},{"$f":"IF(AND($D59=\"Serviço\",AS$12<>0,$H59>0,OR(AUTOEVENTO<>\"manual\",$M59<>$A$15)),\n        IF(Import.TipoArredondamento<>\"TransfereGOV\",\n              ROUND(OFFSET($P59,0,AS$13),15-13*ORÇAMENTO!$AF$7)/$H59*OFFSET(ORÇAMENTO!$X$15,ROW(AS59)-ROW(AS$15),0),\n              ROUND(ROUND(OFFSET($P59,0,AS$13),15-13*ORÇAMENTO!$AF$7)*OFFSET(ORÇAMENTO!$W$15,ROW(AS59)-ROW(AS$15),0),15-13*ORÇAMENTO!$AF$11)),\n         0)","v":0},{"$f":"IF(AND($D59=\"Serviço\",AT$12<>0,$H59>0,OR(AUTOEVENTO<>\"manual\",$M59<>$A$15)),\n        IF(Import.TipoArredondamento<>\"TransfereGOV\",\n              ROUND(OFFSET($P59,0,AT$13),15-13*ORÇAMENTO!$AF$7)/$H59*OFFSET(ORÇAMENTO!$X$15,ROW(AT59)-ROW(AT$15),0),\n              ROUND(ROUND(OFFSET($P59,0,AT$13),15-13*ORÇAMENTO!$AF$7)*OFFSET(ORÇAMENTO!$W$15,ROW(AT59)-ROW(AT$15),0),15-13*ORÇAMENTO!$AF$11)),\n         0)","v":0},{"$f":"IF(AND($D59=\"Serviço\",AU$12<>0,$H59>0,OR(AUTOEVENTO<>\"manual\",$M59<>$A$15)),\n        IF(Import.TipoArredondamento<>\"TransfereGOV\",\n              ROUND(OFFSET($P59,0,AU$13),15-13*ORÇAMENTO!$AF$7)/$H59*OFFSET(ORÇAMENTO!$X$15,ROW(AU59)-ROW(AU$15),0),\n              ROUND(ROUND(OFFSET($P59,0,AU$13),15-13*ORÇAMENTO!$AF$7)*OFFSET(ORÇAMENTO!$W$15,ROW(AU59)-ROW(AU$15),0),15-13*ORÇAMENTO!$AF$11)),\n         0)","v":0},{"$f":"IF(AND($D59=\"Serviço\",AV$12<>0,$H59>0,OR(AUTOEVENTO<>\"manual\",$M59<>$A$15)),\n        IF(Import.TipoArredondamento<>\"TransfereGOV\",\n              ROUND(OFFSET($P59,0,AV$13),15-13*ORÇAMENTO!$AF$7)/$H59*OFFSET(ORÇAMENTO!$X$15,ROW(AV59)-ROW(AV$15),0),\n              ROUND(ROUND(OFFSET($P59,0,AV$13),15-13*ORÇAMENTO!$AF$7)*OFFSET(ORÇAMENTO!$W$15,ROW(AV59)-ROW(AV$15),0),15-13*ORÇAMENTO!$AF$11)),\n         0)","v":0},{"$f":"IF(AND($D59=\"Serviço\",AW$12<>0,$H59>0,OR(AUTOEVENTO<>\"manual\",$M59<>$A$15)),\n        IF(Import.TipoArredondamento<>\"TransfereGOV\",\n              ROUND(OFFSET($P59,0,AW$13),15-13*ORÇAMENTO!$AF$7)/$H59*OFFSET(ORÇAMENTO!$X$15,ROW(AW59)-ROW(AW$15),0),\n              ROUND(ROUND(OFFSET($P59,0,AW$13),15-13*ORÇAMENTO!$AF$7)*OFFSET(ORÇAMENTO!$W$15,ROW(AW59)-ROW(AW$15),0),15-13*ORÇAMENTO!$AF$11)),\n         0)","v":0},{"$f":"IF(AND($D59=\"Serviço\",AX$12<>0,$H59>0,OR(AUTOEVENTO<>\"manual\",$M59<>$A$15)),\n        IF(Import.TipoArredondamento<>\"TransfereGOV\",\n              ROUND(OFFSET($P59,0,AX$13),15-13*ORÇAMENTO!$AF$7)/$H59*OFFSET(ORÇAMENTO!$X$15,ROW(AX59)-ROW(AX$15),0),\n              ROUND(ROUND(OFFSET($P59,0,AX$13),15-13*ORÇAMENTO!$AF$7)*OFFSET(ORÇAMENTO!$W$15,ROW(AX59)-ROW(AX$15),0),15-13*ORÇAMENTO!$AF$11)),\n         0)","v":0},{"$f":"IF(AND($D59=\"Serviço\",AY$12<>0,$H59>0,OR(AUTOEVENTO<>\"manual\",$M59<>$A$15)),\n        IF(Import.TipoArredondamento<>\"TransfereGOV\",\n              ROUND(OFFSET($P59,0,AY$13),15-13*ORÇAMENTO!$AF$7)/$H59*OFFSET(ORÇAMENTO!$X$15,ROW(AY59)-ROW(AY$15),0),\n              ROUND(ROUND(OFFSET($P59,0,AY$13),15-13*ORÇAMENTO!$AF$7)*OFFSET(ORÇAMENTO!$W$15,ROW(AY59)-ROW(AY$15),0),15-13*ORÇAMENTO!$AF$11)),\n         0)","v":0},{"$f":"IF(AND($D59=\"Serviço\",AZ$12<>0,$H59>0,OR(AUTOEVENTO<>\"manual\",$M59<>$A$15)),\n        IF(Import.TipoArredondamento<>\"TransfereGOV\",\n              ROUND(OFFSET($P59,0,AZ$13),15-13*ORÇAMENTO!$AF$7)/$H59*OFFSET(ORÇAMENTO!$X$15,ROW(AZ59)-ROW(AZ$15),0),\n              ROUND(ROUND(OFFSET($P59,0,AZ$13),15-13*ORÇAMENTO!$AF$7)*OFFSET(ORÇAMENTO!$W$15,ROW(AZ59)-ROW(AZ$15),0),15-13*ORÇAMENTO!$AF$11)),\n         0)","v":0},{"$f":"IF(AND($D59=\"Serviço\",BA$12<>0,$H59>0,OR(AUTOEVENTO<>\"manual\",$M59<>$A$15)),\n        IF(Import.TipoArredondamento<>\"TransfereGOV\",\n              ROUND(OFFSET($P59,0,BA$13),15-13*ORÇAMENTO!$AF$7)/$H59*OFFSET(ORÇAMENTO!$X$15,ROW(BA59)-ROW(BA$15),0),\n              ROUND(ROUND(OFFSET($P59,0,BA$13),15-13*ORÇAMENTO!$AF$7)*OFFSET(ORÇAMENTO!$W$15,ROW(BA59)-ROW(BA$15),0),15-13*ORÇAMENTO!$AF$11)),\n         0)","v":0},null,{"$f":"IF(OR($D59<>\"Serviço\",AND(AUTOEVENTO=\"Manual\",$M59=$A$15)),0,\n         IF(OFFSET(CRONOPLE!$F$15,$M59-$A$15,BC$13)=\"\",10^12,OFFSET(CRONOPLE!$F$15,$M59-$A$15,BC$13)))","v":0},{"$f":"IF(OR($D59<>\"Serviço\",AND(AUTOEVENTO=\"Manual\",$M59=$A$15)),0,\n         IF(OFFSET(CRONOPLE!$F$15,$M59-$A$15,BD$13)=\"\",10^12,OFFSET(CRONOPLE!$F$15,$M59-$A$15,BD$13)))","v":0},{"$f":"IF(OR($D59<>\"Serviço\",AND(AUTOEVENTO=\"Manual\",$M59=$A$15)),0,\n         IF(OFFSET(CRONOPLE!$F$15,$M59-$A$15,BE$13)=\"\",10^12,OFFSET(CRONOPLE!$F$15,$M59-$A$15,BE$13)))","v":0},{"$f":"IF(OR($D59<>\"Serviço\",AND(AUTOEVENTO=\"Manual\",$M59=$A$15)),0,\n         IF(OFFSET(CRONOPLE!$F$15,$M59-$A$15,BF$13)=\"\",10^12,OFFSET(CRONOPLE!$F$15,$M59-$A$15,BF$13)))","v":0},{"$f":"IF(OR($D59<>\"Serviço\",AND(AUTOEVENTO=\"Manual\",$M59=$A$15)),0,\n         IF(OFFSET(CRONOPLE!$F$15,$M59-$A$15,BG$13)=\"\",10^12,OFFSET(CRONOPLE!$F$15,$M59-$A$15,BG$13)))","v":0},{"$f":"IF(OR($D59<>\"Serviço\",AND(AUTOEVENTO=\"Manual\",$M59=$A$15)),0,\n         IF(OFFSET(CRONOPLE!$F$15,$M59-$A$15,BH$13)=\"\",10^12,OFFSET(CRONOPLE!$F$15,$M59-$A$15,BH$13)))","v":0},{"$f":"IF(OR($D59<>\"Serviço\",AND(AUTOEVENTO=\"Manual\",$M59=$A$15)),0,\n         IF(OFFSET(CRONOPLE!$F$15,$M59-$A$15,BI$13)=\"\",10^12,OFFSET(CRONOPLE!$F$15,$M59-$A$15,BI$13)))","v":0},{"$f":"IF(OR($D59<>\"Serviço\",AND(AUTOEVENTO=\"Manual\",$M59=$A$15)),0,\n         IF(OFFSET(CRONOPLE!$F$15,$M59-$A$15,BJ$13)=\"\",10^12,OFFSET(CRONOPLE!$F$15,$M59-$A$15,BJ$13)))","v":0},{"$f":"IF(OR($D59<>\"Serviço\",AND(AUTOEVENTO=\"Manual\",$M59=$A$15)),0,\n         IF(OFFSET(CRONOPLE!$F$15,$M59-$A$15,BK$13)=\"\",10^12,OFFSET(CRONOPLE!$F$15,$M59-$A$15,BK$13)))","v":0},{"$f":"IF(OR($D59<>\"Serviço\",AND(AUTOEVENTO=\"Manual\",$M59=$A$15)),0,\n         IF(OFFSET(CRONOPLE!$F$15,$M59-$A$15,BL$13)=\"\",10^12,OFFSET(CRONOPLE!$F$15,$M59-$A$15,BL$13)))","v":0},{"$f":"IF(OR($D59<>\"Serviço\",AND(AUTOEVENTO=\"Manual\",$M59=$A$15)),0,\n         IF(OFFSET(CRONOPLE!$F$15,$M59-$A$15,BM$13)=\"\",10^12,OFFSET(CRONOPLE!$F$15,$M59-$A$15,BM$13)))","v":0},{"$f":"IF(OR($D59<>\"Serviço\",AND(AUTOEVENTO=\"Manual\",$M59=$A$15)),0,\n         IF(OFFSET(CRONOPLE!$F$15,$M59-$A$15,BN$13)=\"\",10^12,OFFSET(CRONOPLE!$F$15,$M59-$A$15,BN$13)))","v":0},{"$f":"IF(OR($D59<>\"Serviço\",AND(AUTOEVENTO=\"Manual\",$M59=$A$15)),0,\n         IF(OFFSET(CRONOPLE!$F$15,$M59-$A$15,BO$13)=\"\",10^12,OFFSET(CRONOPLE!$F$15,$M59-$A$15,BO$13)))","v":0},{"$f":"IF(OR($D59<>\"Serviço\",AND(AUTOEVENTO=\"Manual\",$M59=$A$15)),0,\n         IF(OFFSET(CRONOPLE!$F$15,$M59-$A$15,BP$13)=\"\",10^12,OFFSET(CRONOPLE!$F$15,$M59-$A$15,BP$13)))","v":0},{"$f":"IF(OR($D59<>\"Serviço\",AND(AUTOEVENTO=\"Manual\",$M59=$A$15)),0,\n         IF(OFFSET(CRONOPLE!$F$15,$M59-$A$15,BQ$13)=\"\",10^12,OFFSET(CRONOPLE!$F$15,$M59-$A$15,BQ$13)))","v":0},{"$f":"IF(OR($D59<>\"Serviço\",AND(AUTOEVENTO=\"Manual\",$M59=$A$15)),0,\n         IF(OFFSET(CRONOPLE!$F$15,$M59-$A$15,BR$13)=\"\",10^12,OFFSET(CRONOPLE!$F$15,$M59-$A$15,BR$13)))","v":0},{"$f":"IF(OR($D59<>\"Serviço\",AND(AUTOEVENTO=\"Manual\",$M59=$A$15)),0,\n         IF(OFFSET(CRONOPLE!$F$15,$M59-$A$15,BS$13)=\"\",10^12,OFFSET(CRONOPLE!$F$15,$M59-$A$15,BS$13)))","v":0},{"$f":"IF(OR($D59<>\"Serviço\",AND(AUTOEVENTO=\"Manual\",$M59=$A$15)),0,\n         IF(OFFSET(CRONOPLE!$F$15,$M59-$A$15,BT$13)=\"\",10^12,OFFSET(CRONOPLE!$F$15,$M59-$A$15,BT$13)))","v":0},null,{"$f":"IF(OR($D59<>\"Serviço\",AND(AUTOEVENTO=\"Manual\",$M59=$A$15),$M59>(ROW(PLE.lastrow)-ROW(PLE.firstrow))),0,\n           IF(OFFSET(PLE!$G$15,$M59-$A$15,BV$13)=\"\",10^12,OFFSET(PLE!$G$15,$M59-$A$15,BV$13)))","v":0},{"$f":"IF(OR($D59<>\"Serviço\",AND(AUTOEVENTO=\"Manual\",$M59=$A$15),$M59>(ROW(PLE.lastrow)-ROW(PLE.firstrow))),0,\n           IF(OFFSET(PLE!$G$15,$M59-$A$15,BW$13)=\"\",10^12,OFFSET(PLE!$G$15,$M59-$A$15,BW$13)))","v":0},{"$f":"IF(OR($D59<>\"Serviço\",AND(AUTOEVENTO=\"Manual\",$M59=$A$15),$M59>(ROW(PLE.lastrow)-ROW(PLE.firstrow))),0,\n           IF(OFFSET(PLE!$G$15,$M59-$A$15,BX$13)=\"\",10^12,OFFSET(PLE!$G$15,$M59-$A$15,BX$13)))","v":0},{"$f":"IF(OR($D59<>\"Serviço\",AND(AUTOEVENTO=\"Manual\",$M59=$A$15),$M59>(ROW(PLE.lastrow)-ROW(PLE.firstrow))),0,\n           IF(OFFSET(PLE!$G$15,$M59-$A$15,BY$13)=\"\",10^12,OFFSET(PLE!$G$15,$M59-$A$15,BY$13)))","v":0},{"$f":"IF(OR($D59<>\"Serviço\",AND(AUTOEVENTO=\"Manual\",$M59=$A$15),$M59>(ROW(PLE.lastrow)-ROW(PLE.firstrow))),0,\n           IF(OFFSET(PLE!$G$15,$M59-$A$15,BZ$13)=\"\",10^12,OFFSET(PLE!$G$15,$M59-$A$15,BZ$13)))","v":0},{"$f":"IF(OR($D59<>\"Serviço\",AND(AUTOEVENTO=\"Manual\",$M59=$A$15),$M59>(ROW(PLE.lastrow)-ROW(PLE.firstrow))),0,\n           IF(OFFSET(PLE!$G$15,$M59-$A$15,CA$13)=\"\",10^12,OFFSET(PLE!$G$15,$M59-$A$15,CA$13)))","v":0},{"$f":"IF(OR($D59<>\"Serviço\",AND(AUTOEVENTO=\"Manual\",$M59=$A$15),$M59>(ROW(PLE.lastrow)-ROW(PLE.firstrow))),0,\n           IF(OFFSET(PLE!$G$15,$M59-$A$15,CB$13)=\"\",10^12,OFFSET(PLE!$G$15,$M59-$A$15,CB$13)))","v":0},{"$f":"IF(OR($D59<>\"Serviço\",AND(AUTOEVENTO=\"Manual\",$M59=$A$15),$M59>(ROW(PLE.lastrow)-ROW(PLE.firstrow))),0,\n           IF(OFFSET(PLE!$G$15,$M59-$A$15,CC$13)=\"\",10^12,OFFSET(PLE!$G$15,$M59-$A$15,CC$13)))","v":0},{"$f":"IF(OR($D59<>\"Serviço\",AND(AUTOEVENTO=\"Manual\",$M59=$A$15),$M59>(ROW(PLE.lastrow)-ROW(PLE.firstrow))),0,\n           IF(OFFSET(PLE!$G$15,$M59-$A$15,CD$13)=\"\",10^12,OFFSET(PLE!$G$15,$M59-$A$15,CD$13)))","v":0},{"$f":"IF(OR($D59<>\"Serviço\",AND(AUTOEVENTO=\"Manual\",$M59=$A$15),$M59>(ROW(PLE.lastrow)-ROW(PLE.firstrow))),0,\n           IF(OFFSET(PLE!$G$15,$M59-$A$15,CE$13)=\"\",10^12,OFFSET(PLE!$G$15,$M59-$A$15,CE$13)))","v":0},{"$f":"IF(OR($D59<>\"Serviço\",AND(AUTOEVENTO=\"Manual\",$M59=$A$15),$M59>(ROW(PLE.lastrow)-ROW(PLE.firstrow))),0,\n           IF(OFFSET(PLE!$G$15,$M59-$A$15,CF$13)=\"\",10^12,OFFSET(PLE!$G$15,$M59-$A$15,CF$13)))","v":0},{"$f":"IF(OR($D59<>\"Serviço\",AND(AUTOEVENTO=\"Manual\",$M59=$A$15),$M59>(ROW(PLE.lastrow)-ROW(PLE.firstrow))),0,\n           IF(OFFSET(PLE!$G$15,$M59-$A$15,CG$13)=\"\",10^12,OFFSET(PLE!$G$15,$M59-$A$15,CG$13)))","v":0},{"$f":"IF(OR($D59<>\"Serviço\",AND(AUTOEVENTO=\"Manual\",$M59=$A$15),$M59>(ROW(PLE.lastrow)-ROW(PLE.firstrow))),0,\n           IF(OFFSET(PLE!$G$15,$M59-$A$15,CH$13)=\"\",10^12,OFFSET(PLE!$G$15,$M59-$A$15,CH$13)))","v":0},{"$f":"IF(OR($D59<>\"Serviço\",AND(AUTOEVENTO=\"Manual\",$M59=$A$15),$M59>(ROW(PLE.lastrow)-ROW(PLE.firstrow))),0,\n           IF(OFFSET(PLE!$G$15,$M59-$A$15,CI$13)=\"\",10^12,OFFSET(PLE!$G$15,$M59-$A$15,CI$13)))","v":0},{"$f":"IF(OR($D59<>\"Serviço\",AND(AUTOEVENTO=\"Manual\",$M59=$A$15),$M59>(ROW(PLE.lastrow)-ROW(PLE.firstrow))),0,\n           IF(OFFSET(PLE!$G$15,$M59-$A$15,CJ$13)=\"\",10^12,OFFSET(PLE!$G$15,$M59-$A$15,CJ$13)))","v":0},{"$f":"IF(OR($D59<>\"Serviço\",AND(AUTOEVENTO=\"Manual\",$M59=$A$15),$M59>(ROW(PLE.lastrow)-ROW(PLE.firstrow))),0,\n           IF(OFFSET(PLE!$G$15,$M59-$A$15,CK$13)=\"\",10^12,OFFSET(PLE!$G$15,$M59-$A$15,CK$13)))","v":0},{"$f":"IF(OR($D59<>\"Serviço\",AND(AUTOEVENTO=\"Manual\",$M59=$A$15),$M59>(ROW(PLE.lastrow)-ROW(PLE.firstrow))),0,\n           IF(OFFSET(PLE!$G$15,$M59-$A$15,CL$13)=\"\",10^12,OFFSET(PLE!$G$15,$M59-$A$15,CL$13)))","v":0},{"$f":"IF(OR($D59<>\"Serviço\",AND(AUTOEVENTO=\"Manual\",$M59=$A$15),$M59>(ROW(PLE.lastrow)-ROW(PLE.firstrow))),0,\n           IF(OFFSET(PLE!$G$15,$M59-$A$15,CM$13)=\"\",10^12,OFFSET(PLE!$G$15,$M59-$A$15,CM$13)))","v":0}]
[0,{"$f":"OFFSET(ORÇAMENTO!C$15,ROW(B60)-ROW(B$15),0)","v":"S"},{"$f":"OFFSET(ORÇAMENTO!L$15,ROW(C60)-ROW(C$15),0)","v":"F"},{"$f":"OFFSET(ORÇAMENTO!N$15,ROW(D60)-ROW(D$15),0)","v":"Serviço"},{"$f":"OFFSET(ORÇAMENTO!O$15,ROW(E60)-ROW(E$15),0)","v":"1.4.10."},{"$f":"OFFSET(ORÇAMENTO!R$15,ROW(F60)-ROW(F$15),0)","v":"Execução de imprimação com emulsão asfáltica a base d'água."},{"$f":"IF($D60<>\"Serviço\",\"\",OFFSET(ORÇAMENTO!S$15,ROW(G60)-ROW(G$15),0))","v":"M2"},{"$f":"IF($D60<>\"Serviço\",0,IF(ACOMPANHAMENTO=\"BM\",ROUND(OFFSET(ORÇAMENTO!AJ$15,ROW(H60)-ROW(H$15),0),15-13*ORÇAMENTO!$AF$7),SUMPRODUCT(($Q$1:$AI$1=1)*ROUND($Q60:$AI60,15-13*ORÇAMENTO!$AF$7))))","v":355.31},null,{"$f":"IF(B60<>\"S\",\"\",IF(AND(ACOMPANHAMENTO=\"PLE\",AUTOEVENTO=\"Manual\",OR(H60>0,ORÇAMENTO!AC60=\"QUANT.\"),OR(K60=\"\",M60=0,N60=\"\")),\"►\",IF(AND(ACOMPANHAMENTO=\"PLE\",ORÇAMENTO!AC60=\"QUANT.\"),\"►►\",IF(AND(COUNTIF($P$11:$AI$11,\"▼\")=0,H60>0,I60=\"\"),\"◄\",\"\"))))","v":"◄"},null,".",{"$f":"IF($D60<>\"Serviço\",\"\",\n          IF(AUTOEVENTO=\"manual\",$A60,\n                IF(ISERROR(MATCH($A60,$A$15:OFFSET($A60,-1,0),0)),MAX($M$15:OFFSET(M60,-1,0))+1,\n                      INDEX($M$15:OFFSET(M60,-1,0),MATCH($A60,$A$15:OFFSET($A60,-1,0),0)))))","v":0},{"$f":"IF($D60<>\"Serviço\",\"\",\n         IF(AUTOEVENTO=\"Manual\",\n                IF($A60=0,\"<-- defina o número do agrupador\",\n                       OFFSET(EVENTOS!$D$15,$A60-$A$15,0)),\n                OFFSET($F$15,$A60,0)))","v":"<-- defina o número do agrupador"},null,null,null,null,null,null,null,null,null,null,null,null,null,null,null,null,null,null,null,null,null,{"$f":"IF(AND($D60=\"Serviço\",AJ$12<>0,$H60>0,OR(AUTOEVENTO<>\"manual\",$M60<>$A$15)),\n        IF(Import.TipoArredondamento<>\"TransfereGOV\",\n              ROUND(OFFSET($P60,0,AJ$13),15-13*ORÇAMENTO!$AF$7)/$H60*OFFSET(ORÇAMENTO!$X$15,ROW(AJ60)-ROW(AJ$15),0),\n              ROUND(ROUND(OFFSET($P60,0,AJ$13),15-13*ORÇAMENTO!$AF$7)*OFFSET(ORÇAMENTO!$W$15,ROW(AJ60)-ROW(AJ$15),0),15-13*ORÇAMENTO!$AF$11)),\n         0)","v":0},{"$f":"IF(AND($D60=\"Serviço\",AK$12<>0,$H60>0,OR(AUTOEVENTO<>\"manual\",$M60<>$A$15)),\n        IF(Import.TipoArredondamento<>\"TransfereGOV\",\n              ROUND(OFFSET($P60,0,AK$13),15-13*ORÇAMENTO!$AF$7)/$H60*OFFSET(ORÇAMENTO!$X$15,ROW(AK60)-ROW(AK$15),0),\n              ROUND(ROUND(OFFSET($P60,0,AK$13),15-13*ORÇAMENTO!$AF$7)*OFFSET(ORÇAMENTO!$W$15,ROW(AK60)-ROW(AK$15),0),15-13*ORÇAMENTO!$AF$11)),\n         0)","v":0},{"$f":"IF(AND($D60=\"Serviço\",AL$12<>0,$H60>0,OR(AUTOEVENTO<>\"manual\",$M60<>$A$15)),\n        IF(Import.TipoArredondamento<>\"TransfereGOV\",\n              ROUND(OFFSET($P60,0,AL$13),15-13*ORÇAMENTO!$AF$7)/$H60*OFFSET(ORÇAMENTO!$X$15,ROW(AL60)-ROW(AL$15),0),\n              ROUND(ROUND(OFFSET($P60,0,AL$13),15-13*ORÇAMENTO!$AF$7)*OFFSET(ORÇAMENTO!$W$15,ROW(AL60)-ROW(AL$15),0),15-13*ORÇAMENTO!$AF$11)),\n         0)","v":0},{"$f":"IF(AND($D60=\"Serviço\",AM$12<>0,$H60>0,OR(AUTOEVENTO<>\"manual\",$M60<>$A$15)),\n        IF(Import.TipoArredondamento<>\"TransfereGOV\",\n              ROUND(OFFSET($P60,0,AM$13),15-13*ORÇAMENTO!$AF$7)/$H60*OFFSET(ORÇAMENTO!$X$15,ROW(AM60)-ROW(AM$15),0),\n              ROUND(ROUND(OFFSET($P60,0,AM$13),15-13*ORÇAMENTO!$AF$7)*OFFSET(ORÇAMENTO!$W$15,ROW(AM60)-ROW(AM$15),0),15-13*ORÇAMENTO!$AF$11)),\n         0)","v":0},{"$f":"IF(AND($D60=\"Serviço\",AN$12<>0,$H60>0,OR(AUTOEVENTO<>\"manual\",$M60<>$A$15)),\n        IF(Import.TipoArredondamento<>\"TransfereGOV\",\n              ROUND(OFFSET($P60,0,AN$13),15-13*ORÇAMENTO!$AF$7)/$H60*OFFSET(ORÇAMENTO!$X$15,ROW(AN60)-ROW(AN$15),0),\n              ROUND(ROUND(OFFSET($P60,0,AN$13),15-13*ORÇAMENTO!$AF$7)*OFFSET(ORÇAMENTO!$W$15,ROW(AN60)-ROW(AN$15),0),15-13*ORÇAMENTO!$AF$11)),\n         0)","v":0},{"$f":"IF(AND($D60=\"Serviço\",AO$12<>0,$H60>0,OR(AUTOEVENTO<>\"manual\",$M60<>$A$15)),\n        IF(Import.TipoArredondamento<>\"TransfereGOV\",\n              ROUND(OFFSET($P60,0,AO$13),15-13*ORÇAMENTO!$AF$7)/$H60*OFFSET(ORÇAMENTO!$X$15,ROW(AO60)-ROW(AO$15),0),\n              ROUND(ROUND(OFFSET($P60,0,AO$13),15-13*ORÇAMENTO!$AF$7)*OFFSET(ORÇAMENTO!$W$15,ROW(AO60)-ROW(AO$15),0),15-13*ORÇAMENTO!$AF$11)),\n         0)","v":0},{"$f":"IF(AND($D60=\"Serviço\",AP$12<>0,$H60>0,OR(AUTOEVENTO<>\"manual\",$M60<>$A$15)),\n        IF(Import.TipoArredondamento<>\"TransfereGOV\",\n              ROUND(OFFSET($P60,0,AP$13),15-13*ORÇAMENTO!$AF$7)/$H60*OFFSET(ORÇAMENTO!$X$15,ROW(AP60)-ROW(AP$15),0),\n              ROUND(ROUND(OFFSET($P60,0,AP$13),15-13*ORÇAMENTO!$AF$7)*OFFSET(ORÇAMENTO!$W$15,ROW(AP60)-ROW(AP$15),0),15-13*ORÇAMENTO!$AF$11)),\n         0)","v":0},{"$f":"IF(AND($D60=\"Serviço\",AQ$12<>0,$H60>0,OR(AUTOEVENTO<>\"manual\",$M60<>$A$15)),\n        IF(Import.TipoArredondamento<>\"TransfereGOV\",\n              ROUND(OFFSET($P60,0,AQ$13),15-13*ORÇAMENTO!$AF$7)/$H60*OFFSET(ORÇAMENTO!$X$15,ROW(AQ60)-ROW(AQ$15),0),\n              ROUND(ROUND(OFFSET($P60,0,AQ$13),15-13*ORÇAMENTO!$AF$7)*OFFSET(ORÇAMENTO!$W$15,ROW(AQ60)-ROW(AQ$15),0),15-13*ORÇAMENTO!$AF$11)),\n         0)","v":0},{"$f":"IF(AND($D60=\"Serviço\",AR$12<>0,$H60>0,OR(AUTOEVENTO<>\"manual\",$M60<>$A$15)),\n        IF(Import.TipoArredondamento<>\"TransfereGOV\",\n              ROUND(OFFSET($P60,0,AR$13),15-13*ORÇAMENTO!$AF$7)/$H60*OFFSET(ORÇAMENTO!$X$15,ROW(AR60)-ROW(AR$15),0),\n              ROUND(ROUND(OFFSET($P60,0,AR$13),15-13*ORÇAMENTO!$AF$7)*OFFSET(ORÇAMENTO!$W$15,ROW(AR60)-ROW(AR$15),0),15-13*ORÇAMENTO!$AF$11)),\n         0)","v":0},{"$f":"IF(AND($D60=\"Serviço\",AS$12<>0,$H60>0,OR(AUTOEVENTO<>\"manual\",$M60<>$A$15)),\n        IF(Import.TipoArredondamento<>\"TransfereGOV\",\n              ROUND(OFFSET($P60,0,AS$13),15-13*ORÇAMENTO!$AF$7)/$H60*OFFSET(ORÇAMENTO!$X$15,ROW(AS60)-ROW(AS$15),0),\n              ROUND(ROUND(OFFSET($P60,0,AS$13),15-13*ORÇAMENTO!$AF$7)*OFFSET(ORÇAMENTO!$W$15,ROW(AS60)-ROW(AS$15),0),15-13*ORÇAMENTO!$AF$11)),\n         0)","v":0},{"$f":"IF(AND($D60=\"Serviço\",AT$12<>0,$H60>0,OR(AUTOEVENTO<>\"manual\",$M60<>$A$15)),\n        IF(Import.TipoArredondamento<>\"TransfereGOV\",\n              ROUND(OFFSET($P60,0,AT$13),15-13*ORÇAMENTO!$AF$7)/$H60*OFFSET(ORÇAMENTO!$X$15,ROW(AT60)-ROW(AT$15),0),\n              ROUND(ROUND(OFFSET($P60,0,AT$13),15-13*ORÇAMENTO!$AF$7)*OFFSET(ORÇAMENTO!$W$15,ROW(AT60)-ROW(AT$15),0),15-13*ORÇAMENTO!$AF$11)),\n         0)","v":0},{"$f":"IF(AND($D60=\"Serviço\",AU$12<>0,$H60>0,OR(AUTOEVENTO<>\"manual\",$M60<>$A$15)),\n        IF(Import.TipoArredondamento<>\"TransfereGOV\",\n              ROUND(OFFSET($P60,0,AU$13),15-13*ORÇAMENTO!$AF$7)/$H60*OFFSET(ORÇAMENTO!$X$15,ROW(AU60)-ROW(AU$15),0),\n              ROUND(ROUND(OFFSET($P60,0,AU$13),15-13*ORÇAMENTO!$AF$7)*OFFSET(ORÇAMENTO!$W$15,ROW(AU60)-ROW(AU$15),0),15-13*ORÇAMENTO!$AF$11)),\n         0)","v":0},{"$f":"IF(AND($D60=\"Serviço\",AV$12<>0,$H60>0,OR(AUTOEVENTO<>\"manual\",$M60<>$A$15)),\n        IF(Import.TipoArredondamento<>\"TransfereGOV\",\n              ROUND(OFFSET($P60,0,AV$13),15-13*ORÇAMENTO!$AF$7)/$H60*OFFSET(ORÇAMENTO!$X$15,ROW(AV60)-ROW(AV$15),0),\n              ROUND(ROUND(OFFSET($P60,0,AV$13),15-13*ORÇAMENTO!$AF$7)*OFFSET(ORÇAMENTO!$W$15,ROW(AV60)-ROW(AV$15),0),15-13*ORÇAMENTO!$AF$11)),\n         0)","v":0},{"$f":"IF(AND($D60=\"Serviço\",AW$12<>0,$H60>0,OR(AUTOEVENTO<>\"manual\",$M60<>$A$15)),\n        IF(Import.TipoArredondamento<>\"TransfereGOV\",\n              ROUND(OFFSET($P60,0,AW$13),15-13*ORÇAMENTO!$AF$7)/$H60*OFFSET(ORÇAMENTO!$X$15,ROW(AW60)-ROW(AW$15),0),\n              ROUND(ROUND(OFFSET($P60,0,AW$13),15-13*ORÇAMENTO!$AF$7)*OFFSET(ORÇAMENTO!$W$15,ROW(AW60)-ROW(AW$15),0),15-13*ORÇAMENTO!$AF$11)),\n         0)","v":0},{"$f":"IF(AND($D60=\"Serviço\",AX$12<>0,$H60>0,OR(AUTOEVENTO<>\"manual\",$M60<>$A$15)),\n        IF(Import.TipoArredondamento<>\"TransfereGOV\",\n              ROUND(OFFSET($P60,0,AX$13),15-13*ORÇAMENTO!$AF$7)/$H60*OFFSET(ORÇAMENTO!$X$15,ROW(AX60)-ROW(AX$15),0),\n              ROUND(ROUND(OFFSET($P60,0,AX$13),15-13*ORÇAMENTO!$AF$7)*OFFSET(ORÇAMENTO!$W$15,ROW(AX60)-ROW(AX$15),0),15-13*ORÇAMENTO!$AF$11)),\n         0)","v":0},{"$f":"IF(AND($D60=\"Serviço\",AY$12<>0,$H60>0,OR(AUTOEVENTO<>\"manual\",$M60<>$A$15)),\n        IF(Import.TipoArredondamento<>\"TransfereGOV\",\n              ROUND(OFFSET($P60,0,AY$13),15-13*ORÇAMENTO!$AF$7)/$H60*OFFSET(ORÇAMENTO!$X$15,ROW(AY60)-ROW(AY$15),0),\n              ROUND(ROUND(OFFSET($P60,0,AY$13),15-13*ORÇAMENTO!$AF$7)*OFFSET(ORÇAMENTO!$W$15,ROW(AY60)-ROW(AY$15),0),15-13*ORÇAMENTO!$AF$11)),\n         0)","v":0},{"$f":"IF(AND($D60=\"Serviço\",AZ$12<>0,$H60>0,OR(AUTOEVENTO<>\"manual\",$M60<>$A$15)),\n        IF(Import.TipoArredondamento<>\"TransfereGOV\",\n              ROUND(OFFSET($P60,0,AZ$13),15-13*ORÇAMENTO!$AF$7)/$H60*OFFSET(ORÇAMENTO!$X$15,ROW(AZ60)-ROW(AZ$15),0),\n              ROUND(ROUND(OFFSET($P60,0,AZ$13),15-13*ORÇAMENTO!$AF$7)*OFFSET(ORÇAMENTO!$W$15,ROW(AZ60)-ROW(AZ$15),0),15-13*ORÇAMENTO!$AF$11)),\n         0)","v":0},{"$f":"IF(AND($D60=\"Serviço\",BA$12<>0,$H60>0,OR(AUTOEVENTO<>\"manual\",$M60<>$A$15)),\n        IF(Import.TipoArredondamento<>\"TransfereGOV\",\n              ROUND(OFFSET($P60,0,BA$13),15-13*ORÇAMENTO!$AF$7)/$H60*OFFSET(ORÇAMENTO!$X$15,ROW(BA60)-ROW(BA$15),0),\n              ROUND(ROUND(OFFSET($P60,0,BA$13),15-13*ORÇAMENTO!$AF$7)*OFFSET(ORÇAMENTO!$W$15,ROW(BA60)-ROW(BA$15),0),15-13*ORÇAMENTO!$AF$11)),\n         0)","v":0},null,{"$f":"IF(OR($D60<>\"Serviço\",AND(AUTOEVENTO=\"Manual\",$M60=$A$15)),0,\n         IF(OFFSET(CRONOPLE!$F$15,$M60-$A$15,BC$13)=\"\",10^12,OFFSET(CRONOPLE!$F$15,$M60-$A$15,BC$13)))","v":0},{"$f":"IF(OR($D60<>\"Serviço\",AND(AUTOEVENTO=\"Manual\",$M60=$A$15)),0,\n         IF(OFFSET(CRONOPLE!$F$15,$M60-$A$15,BD$13)=\"\",10^12,OFFSET(CRONOPLE!$F$15,$M60-$A$15,BD$13)))","v":0},{"$f":"IF(OR($D60<>\"Serviço\",AND(AUTOEVENTO=\"Manual\",$M60=$A$15)),0,\n         IF(OFFSET(CRONOPLE!$F$15,$M60-$A$15,BE$13)=\"\",10^12,OFFSET(CRONOPLE!$F$15,$M60-$A$15,BE$13)))","v":0},{"$f":"IF(OR($D60<>\"Serviço\",AND(AUTOEVENTO=\"Manual\",$M60=$A$15)),0,\n         IF(OFFSET(CRONOPLE!$F$15,$M60-$A$15,BF$13)=\"\",10^12,OFFSET(CRONOPLE!$F$15,$M60-$A$15,BF$13)))","v":0},{"$f":"IF(OR($D60<>\"Serviço\",AND(AUTOEVENTO=\"Manual\",$M60=$A$15)),0,\n         IF(OFFSET(CRONOPLE!$F$15,$M60-$A$15,BG$13)=\"\",10^12,OFFSET(CRONOPLE!$F$15,$M60-$A$15,BG$13)))","v":0},{"$f":"IF(OR($D60<>\"Serviço\",AND(AUTOEVENTO=\"Manual\",$M60=$A$15)),0,\n         IF(OFFSET(CRONOPLE!$F$15,$M60-$A$15,BH$13)=\"\",10^12,OFFSET(CRONOPLE!$F$15,$M60-$A$15,BH$13)))","v":0},{"$f":"IF(OR($D60<>\"Serviço\",AND(AUTOEVENTO=\"Manual\",$M60=$A$15)),0,\n         IF(OFFSET(CRONOPLE!$F$15,$M60-$A$15,BI$13)=\"\",10^12,OFFSET(CRONOPLE!$F$15,$M60-$A$15,BI$13)))","v":0},{"$f":"IF(OR($D60<>\"Serviço\",AND(AUTOEVENTO=\"Manual\",$M60=$A$15)),0,\n         IF(OFFSET(CRONOPLE!$F$15,$M60-$A$15,BJ$13)=\"\",10^12,OFFSET(CRONOPLE!$F$15,$M60-$A$15,BJ$13)))","v":0},{"$f":"IF(OR($D60<>\"Serviço\",AND(AUTOEVENTO=\"Manual\",$M60=$A$15)),0,\n         IF(OFFSET(CRONOPLE!$F$15,$M60-$A$15,BK$13)=\"\",10^12,OFFSET(CRONOPLE!$F$15,$M60-$A$15,BK$13)))","v":0},{"$f":"IF(OR($D60<>\"Serviço\",AND(AUTOEVENTO=\"Manual\",$M60=$A$15)),0,\n         IF(OFFSET(CRONOPLE!$F$15,$M60-$A$15,BL$13)=\"\",10^12,OFFSET(CRONOPLE!$F$15,$M60-$A$15,BL$13)))","v":0},{"$f":"IF(OR($D60<>\"Serviço\",AND(AUTOEVENTO=\"Manual\",$M60=$A$15)),0,\n         IF(OFFSET(CRONOPLE!$F$15,$M60-$A$15,BM$13)=\"\",10^12,OFFSET(CRONOPLE!$F$15,$M60-$A$15,BM$13)))","v":0},{"$f":"IF(OR($D60<>\"Serviço\",AND(AUTOEVENTO=\"Manual\",$M60=$A$15)),0,\n         IF(OFFSET(CRONOPLE!$F$15,$M60-$A$15,BN$13)=\"\",10^12,OFFSET(CRONOPLE!$F$15,$M60-$A$15,BN$13)))","v":0},{"$f":"IF(OR($D60<>\"Serviço\",AND(AUTOEVENTO=\"Manual\",$M60=$A$15)),0,\n         IF(OFFSET(CRONOPLE!$F$15,$M60-$A$15,BO$13)=\"\",10^12,OFFSET(CRONOPLE!$F$15,$M60-$A$15,BO$13)))","v":0},{"$f":"IF(OR($D60<>\"Serviço\",AND(AUTOEVENTO=\"Manual\",$M60=$A$15)),0,\n         IF(OFFSET(CRONOPLE!$F$15,$M60-$A$15,BP$13)=\"\",10^12,OFFSET(CRONOPLE!$F$15,$M60-$A$15,BP$13)))","v":0},{"$f":"IF(OR($D60<>\"Serviço\",AND(AUTOEVENTO=\"Manual\",$M60=$A$15)),0,\n         IF(OFFSET(CRONOPLE!$F$15,$M60-$A$15,BQ$13)=\"\",10^12,OFFSET(CRONOPLE!$F$15,$M60-$A$15,BQ$13)))","v":0},{"$f":"IF(OR($D60<>\"Serviço\",AND(AUTOEVENTO=\"Manual\",$M60=$A$15)),0,\n         IF(OFFSET(CRONOPLE!$F$15,$M60-$A$15,BR$13)=\"\",10^12,OFFSET(CRONOPLE!$F$15,$M60-$A$15,BR$13)))","v":0},{"$f":"IF(OR($D60<>\"Serviço\",AND(AUTOEVENTO=\"Manual\",$M60=$A$15)),0,\n         IF(OFFSET(CRONOPLE!$F$15,$M60-$A$15,BS$13)=\"\",10^12,OFFSET(CRONOPLE!$F$15,$M60-$A$15,BS$13)))","v":0},{"$f":"IF(OR($D60<>\"Serviço\",AND(AUTOEVENTO=\"Manual\",$M60=$A$15)),0,\n         IF(OFFSET(CRONOPLE!$F$15,$M60-$A$15,BT$13)=\"\",10^12,OFFSET(CRONOPLE!$F$15,$M60-$A$15,BT$13)))","v":0},null,{"$f":"IF(OR($D60<>\"Serviço\",AND(AUTOEVENTO=\"Manual\",$M60=$A$15),$M60>(ROW(PLE.lastrow)-ROW(PLE.firstrow))),0,\n           IF(OFFSET(PLE!$G$15,$M60-$A$15,BV$13)=\"\",10^12,OFFSET(PLE!$G$15,$M60-$A$15,BV$13)))","v":0},{"$f":"IF(OR($D60<>\"Serviço\",AND(AUTOEVENTO=\"Manual\",$M60=$A$15),$M60>(ROW(PLE.lastrow)-ROW(PLE.firstrow))),0,\n           IF(OFFSET(PLE!$G$15,$M60-$A$15,BW$13)=\"\",10^12,OFFSET(PLE!$G$15,$M60-$A$15,BW$13)))","v":0},{"$f":"IF(OR($D60<>\"Serviço\",AND(AUTOEVENTO=\"Manual\",$M60=$A$15),$M60>(ROW(PLE.lastrow)-ROW(PLE.firstrow))),0,\n           IF(OFFSET(PLE!$G$15,$M60-$A$15,BX$13)=\"\",10^12,OFFSET(PLE!$G$15,$M60-$A$15,BX$13)))","v":0},{"$f":"IF(OR($D60<>\"Serviço\",AND(AUTOEVENTO=\"Manual\",$M60=$A$15),$M60>(ROW(PLE.lastrow)-ROW(PLE.firstrow))),0,\n           IF(OFFSET(PLE!$G$15,$M60-$A$15,BY$13)=\"\",10^12,OFFSET(PLE!$G$15,$M60-$A$15,BY$13)))","v":0},{"$f":"IF(OR($D60<>\"Serviço\",AND(AUTOEVENTO=\"Manual\",$M60=$A$15),$M60>(ROW(PLE.lastrow)-ROW(PLE.firstrow))),0,\n           IF(OFFSET(PLE!$G$15,$M60-$A$15,BZ$13)=\"\",10^12,OFFSET(PLE!$G$15,$M60-$A$15,BZ$13)))","v":0},{"$f":"IF(OR($D60<>\"Serviço\",AND(AUTOEVENTO=\"Manual\",$M60=$A$15),$M60>(ROW(PLE.lastrow)-ROW(PLE.firstrow))),0,\n           IF(OFFSET(PLE!$G$15,$M60-$A$15,CA$13)=\"\",10^12,OFFSET(PLE!$G$15,$M60-$A$15,CA$13)))","v":0},{"$f":"IF(OR($D60<>\"Serviço\",AND(AUTOEVENTO=\"Manual\",$M60=$A$15),$M60>(ROW(PLE.lastrow)-ROW(PLE.firstrow))),0,\n           IF(OFFSET(PLE!$G$15,$M60-$A$15,CB$13)=\"\",10^12,OFFSET(PLE!$G$15,$M60-$A$15,CB$13)))","v":0},{"$f":"IF(OR($D60<>\"Serviço\",AND(AUTOEVENTO=\"Manual\",$M60=$A$15),$M60>(ROW(PLE.lastrow)-ROW(PLE.firstrow))),0,\n           IF(OFFSET(PLE!$G$15,$M60-$A$15,CC$13)=\"\",10^12,OFFSET(PLE!$G$15,$M60-$A$15,CC$13)))","v":0},{"$f":"IF(OR($D60<>\"Serviço\",AND(AUTOEVENTO=\"Manual\",$M60=$A$15),$M60>(ROW(PLE.lastrow)-ROW(PLE.firstrow))),0,\n           IF(OFFSET(PLE!$G$15,$M60-$A$15,CD$13)=\"\",10^12,OFFSET(PLE!$G$15,$M60-$A$15,CD$13)))","v":0},{"$f":"IF(OR($D60<>\"Serviço\",AND(AUTOEVENTO=\"Manual\",$M60=$A$15),$M60>(ROW(PLE.lastrow)-ROW(PLE.firstrow))),0,\n           IF(OFFSET(PLE!$G$15,$M60-$A$15,CE$13)=\"\",10^12,OFFSET(PLE!$G$15,$M60-$A$15,CE$13)))","v":0},{"$f":"IF(OR($D60<>\"Serviço\",AND(AUTOEVENTO=\"Manual\",$M60=$A$15),$M60>(ROW(PLE.lastrow)-ROW(PLE.firstrow))),0,\n           IF(OFFSET(PLE!$G$15,$M60-$A$15,CF$13)=\"\",10^12,OFFSET(PLE!$G$15,$M60-$A$15,CF$13)))","v":0},{"$f":"IF(OR($D60<>\"Serviço\",AND(AUTOEVENTO=\"Manual\",$M60=$A$15),$M60>(ROW(PLE.lastrow)-ROW(PLE.firstrow))),0,\n           IF(OFFSET(PLE!$G$15,$M60-$A$15,CG$13)=\"\",10^12,OFFSET(PLE!$G$15,$M60-$A$15,CG$13)))","v":0},{"$f":"IF(OR($D60<>\"Serviço\",AND(AUTOEVENTO=\"Manual\",$M60=$A$15),$M60>(ROW(PLE.lastrow)-ROW(PLE.firstrow))),0,\n           IF(OFFSET(PLE!$G$15,$M60-$A$15,CH$13)=\"\",10^12,OFFSET(PLE!$G$15,$M60-$A$15,CH$13)))","v":0},{"$f":"IF(OR($D60<>\"Serviço\",AND(AUTOEVENTO=\"Manual\",$M60=$A$15),$M60>(ROW(PLE.lastrow)-ROW(PLE.firstrow))),0,\n           IF(OFFSET(PLE!$G$15,$M60-$A$15,CI$13)=\"\",10^12,OFFSET(PLE!$G$15,$M60-$A$15,CI$13)))","v":0},{"$f":"IF(OR($D60<>\"Serviço\",AND(AUTOEVENTO=\"Manual\",$M60=$A$15),$M60>(ROW(PLE.lastrow)-ROW(PLE.firstrow))),0,\n           IF(OFFSET(PLE!$G$15,$M60-$A$15,CJ$13)=\"\",10^12,OFFSET(PLE!$G$15,$M60-$A$15,CJ$13)))","v":0},{"$f":"IF(OR($D60<>\"Serviço\",AND(AUTOEVENTO=\"Manual\",$M60=$A$15),$M60>(ROW(PLE.lastrow)-ROW(PLE.firstrow))),0,\n           IF(OFFSET(PLE!$G$15,$M60-$A$15,CK$13)=\"\",10^12,OFFSET(PLE!$G$15,$M60-$A$15,CK$13)))","v":0},{"$f":"IF(OR($D60<>\"Serviço\",AND(AUTOEVENTO=\"Manual\",$M60=$A$15),$M60>(ROW(PLE.lastrow)-ROW(PLE.firstrow))),0,\n           IF(OFFSET(PLE!$G$15,$M60-$A$15,CL$13)=\"\",10^12,OFFSET(PLE!$G$15,$M60-$A$15,CL$13)))","v":0},{"$f":"IF(OR($D60<>\"Serviço\",AND(AUTOEVENTO=\"Manual\",$M60=$A$15),$M60>(ROW(PLE.lastrow)-ROW(PLE.firstrow))),0,\n           IF(OFFSET(PLE!$G$15,$M60-$A$15,CM$13)=\"\",10^12,OFFSET(PLE!$G$15,$M60-$A$15,CM$13)))","v":0}]
[0,{"$f":"OFFSET(ORÇAMENTO!C$15,ROW(B61)-ROW(B$15),0)","v":"S"},{"$f":"OFFSET(ORÇAMENTO!L$15,ROW(C61)-ROW(C$15),0)","v":"F"},{"$f":"OFFSET(ORÇAMENTO!N$15,ROW(D61)-ROW(D$15),0)","v":"Serviço"},{"$f":"OFFSET(ORÇAMENTO!O$15,ROW(E61)-ROW(E$15),0)","v":"1.4.11."},{"$f":"OFFSET(ORÇAMENTO!R$15,ROW(F61)-ROW(F$15),0)","v":"TRANSPORTE COM CAMINHÃO TANQUE DE TRANSPORTE DE MATERIAL ASFÁLTICO DE 30000 L, EM VIA URBANA PAVIMENTADA, DMT ATÉ 30KM (UNIDADE: TXKM). AF_07/2020"},{"$f":"IF($D61<>\"Serviço\",\"\",OFFSET(ORÇAMENTO!S$15,ROW(G61)-ROW(G$15),0))","v":"TXKM"},{"$f":"IF($D61<>\"Serviço\",0,IF(ACOMPANHAMENTO=\"BM\",ROUND(OFFSET(ORÇAMENTO!AJ$15,ROW(H61)-ROW(H$15),0),15-13*ORÇAMENTO!$AF$7),SUMPRODUCT(($Q$1:$AI$1=1)*ROUND($Q61:$AI61,15-13*ORÇAMENTO!$AF$7))))","v":12.79},null,{"$f":"IF(B61<>\"S\",\"\",IF(AND(ACOMPANHAMENTO=\"PLE\",AUTOEVENTO=\"Manual\",OR(H61>0,ORÇAMENTO!AC61=\"QUANT.\"),OR(K61=\"\",M61=0,N61=\"\")),\"►\",IF(AND(ACOMPANHAMENTO=\"PLE\",ORÇAMENTO!AC61=\"QUANT.\"),\"►►\",IF(AND(COUNTIF($P$11:$AI$11,\"▼\")=0,H61>0,I61=\"\"),\"◄\",\"\"))))","v":"◄"},null,".",{"$f":"IF($D61<>\"Serviço\",\"\",\n          IF(AUTOEVENTO=\"manual\",$A61,\n                IF(ISERROR(MATCH($A61,$A$15:OFFSET($A61,-1,0),0)),MAX($M$15:OFFSET(M61,-1,0))+1,\n                      INDEX($M$15:OFFSET(M61,-1,0),MATCH($A61,$A$15:OFFSET($A61,-1,0),0)))))","v":0},{"$f":"IF($D61<>\"Serviço\",\"\",\n         IF(AUTOEVENTO=\"Manual\",\n                IF($A61=0,\"<-- defina o número do agrupador\",\n                       OFFSET(EVENTOS!$D$15,$A61-$A$15,0)),\n                OFFSET($F$15,$A61,0)))","v":"<-- defina o número do agrupador"},null,null,null,null,null,null,null,null,null,null,null,null,null,null,null,null,null,null,null,null,null,{"$f":"IF(AND($D61=\"Serviço\",AJ$12<>0,$H61>0,OR(AUTOEVENTO<>\"manual\",$M61<>$A$15)),\n        IF(Import.TipoArredondamento<>\"TransfereGOV\",\n              ROUND(OFFSET($P61,0,AJ$13),15-13*ORÇAMENTO!$AF$7)/$H61*OFFSET(ORÇAMENTO!$X$15,ROW(AJ61)-ROW(AJ$15),0),\n              ROUND(ROUND(OFFSET($P61,0,AJ$13),15-13*ORÇAMENTO!$AF$7)*OFFSET(ORÇAMENTO!$W$15,ROW(AJ61)-ROW(AJ$15),0),15-13*ORÇAMENTO!$AF$11)),\n         0)","v":0},{"$f":"IF(AND($D61=\"Serviço\",AK$12<>0,$H61>0,OR(AUTOEVENTO<>\"manual\",$M61<>$A$15)),\n        IF(Import.TipoArredondamento<>\"TransfereGOV\",\n              ROUND(OFFSET($P61,0,AK$13),15-13*ORÇAMENTO!$AF$7)/$H61*OFFSET(ORÇAMENTO!$X$15,ROW(AK61)-ROW(AK$15),0),\n              ROUND(ROUND(OFFSET($P61,0,AK$13),15-13*ORÇAMENTO!$AF$7)*OFFSET(ORÇAMENTO!$W$15,ROW(AK61)-ROW(AK$15),0),15-13*ORÇAMENTO!$AF$11)),\n         0)","v":0},{"$f":"IF(AND($D61=\"Serviço\",AL$12<>0,$H61>0,OR(AUTOEVENTO<>\"manual\",$M61<>$A$15)),\n        IF(Import.TipoArredondamento<>\"TransfereGOV\",\n              ROUND(OFFSET($P61,0,AL$13),15-13*ORÇAMENTO!$AF$7)/$H61*OFFSET(ORÇAMENTO!$X$15,ROW(AL61)-ROW(AL$15),0),\n              ROUND(ROUND(OFFSET($P61,0,AL$13),15-13*ORÇAMENTO!$AF$7)*OFFSET(ORÇAMENTO!$W$15,ROW(AL61)-ROW(AL$15),0),15-13*ORÇAMENTO!$AF$11)),\n         0)","v":0},{"$f":"IF(AND($D61=\"Serviço\",AM$12<>0,$H61>0,OR(AUTOEVENTO<>\"manual\",$M61<>$A$15)),\n        IF(Import.TipoArredondamento<>\"TransfereGOV\",\n              ROUND(OFFSET($P61,0,AM$13),15-13*ORÇAMENTO!$AF$7)/$H61*OFFSET(ORÇAMENTO!$X$15,ROW(AM61)-ROW(AM$15),0),\n              ROUND(ROUND(OFFSET($P61,0,AM$13),15-13*ORÇAMENTO!$AF$7)*OFFSET(ORÇAMENTO!$W$15,ROW(AM61)-ROW(AM$15),0),15-13*ORÇAMENTO!$AF$11)),\n         0)","v":0},{"$f":"IF(AND($D61=\"Serviço\",AN$12<>0,$H61>0,OR(AUTOEVENTO<>\"manual\",$M61<>$A$15)),\n        IF(Import.TipoArredondamento<>\"TransfereGOV\",\n              ROUND(OFFSET($P61,0,AN$13),15-13*ORÇAMENTO!$AF$7)/$H61*OFFSET(ORÇAMENTO!$X$15,ROW(AN61)-ROW(AN$15),0),\n              ROUND(ROUND(OFFSET($P61,0,AN$13),15-13*ORÇAMENTO!$AF$7)*OFFSET(ORÇAMENTO!$W$15,ROW(AN61)-ROW(AN$15),0),15-13*ORÇAMENTO!$AF$11)),\n         0)","v":0},{"$f":"IF(AND($D61=\"Serviço\",AO$12<>0,$H61>0,OR(AUTOEVENTO<>\"manual\",$M61<>$A$15)),\n        IF(Import.TipoArredondamento<>\"TransfereGOV\",\n              ROUND(OFFSET($P61,0,AO$13),15-13*ORÇAMENTO!$AF$7)/$H61*OFFSET(ORÇAMENTO!$X$15,ROW(AO61)-ROW(AO$15),0),\n              ROUND(ROUND(OFFSET($P61,0,AO$13),15-13*ORÇAMENTO!$AF$7)*OFFSET(ORÇAMENTO!$W$15,ROW(AO61)-ROW(AO$15),0),15-13*ORÇAMENTO!$AF$11)),\n         0)","v":0},{"$f":"IF(AND($D61=\"Serviço\",AP$12<>0,$H61>0,OR(AUTOEVENTO<>\"manual\",$M61<>$A$15)),\n        IF(Import.TipoArredondamento<>\"TransfereGOV\",\n              ROUND(OFFSET($P61,0,AP$13),15-13*ORÇAMENTO!$AF$7)/$H61*OFFSET(ORÇAMENTO!$X$15,ROW(AP61)-ROW(AP$15),0),\n              ROUND(ROUND(OFFSET($P61,0,AP$13),15-13*ORÇAMENTO!$AF$7)*OFFSET(ORÇAMENTO!$W$15,ROW(AP61)-ROW(AP$15),0),15-13*ORÇAMENTO!$AF$11)),\n         0)","v":0},{"$f":"IF(AND($D61=\"Serviço\",AQ$12<>0,$H61>0,OR(AUTOEVENTO<>\"manual\",$M61<>$A$15)),\n        IF(Import.TipoArredondamento<>\"TransfereGOV\",\n              ROUND(OFFSET($P61,0,AQ$13),15-13*ORÇAMENTO!$AF$7)/$H61*OFFSET(ORÇAMENTO!$X$15,ROW(AQ61)-ROW(AQ$15),0),\n              ROUND(ROUND(OFFSET($P61,0,AQ$13),15-13*ORÇAMENTO!$AF$7)*OFFSET(ORÇAMENTO!$W$15,ROW(AQ61)-ROW(AQ$15),0),15-13*ORÇAMENTO!$AF$11)),\n         0)","v":0},{"$f":"IF(AND($D61=\"Serviço\",AR$12<>0,$H61>0,OR(AUTOEVENTO<>\"manual\",$M61<>$A$15)),\n        IF(Import.TipoArredondamento<>\"TransfereGOV\",\n              ROUND(OFFSET($P61,0,AR$13),15-13*ORÇAMENTO!$AF$7)/$H61*OFFSET(ORÇAMENTO!$X$15,ROW(AR61)-ROW(AR$15),0),\n              ROUND(ROUND(OFFSET($P61,0,AR$13),15-13*ORÇAMENTO!$AF$7)*OFFSET(ORÇAMENTO!$W$15,ROW(AR61)-ROW(AR$15),0),15-13*ORÇAMENTO!$AF$11)),\n         0)","v":0},{"$f":"IF(AND($D61=\"Serviço\",AS$12<>0,$H61>0,OR(AUTOEVENTO<>\"manual\",$M61<>$A$15)),\n        IF(Import.TipoArredondamento<>\"TransfereGOV\",\n              ROUND(OFFSET($P61,0,AS$13),15-13*ORÇAMENTO!$AF$7)/$H61*OFFSET(ORÇAMENTO!$X$15,ROW(AS61)-ROW(AS$15),0),\n              ROUND(ROUND(OFFSET($P61,0,AS$13),15-13*ORÇAMENTO!$AF$7)*OFFSET(ORÇAMENTO!$W$15,ROW(AS61)-ROW(AS$15),0),15-13*ORÇAMENTO!$AF$11)),\n         0)","v":0},{"$f":"IF(AND($D61=\"Serviço\",AT$12<>0,$H61>0,OR(AUTOEVENTO<>\"manual\",$M61<>$A$15)),\n        IF(Import.TipoArredondamento<>\"TransfereGOV\",\n              ROUND(OFFSET($P61,0,AT$13),15-13*ORÇAMENTO!$AF$7)/$H61*OFFSET(ORÇAMENTO!$X$15,ROW(AT61)-ROW(AT$15),0),\n              ROUND(ROUND(OFFSET($P61,0,AT$13),15-13*ORÇAMENTO!$AF$7)*OFFSET(ORÇAMENTO!$W$15,ROW(AT61)-ROW(AT$15),0),15-13*ORÇAMENTO!$AF$11)),\n         0)","v":0},{"$f":"IF(AND($D61=\"Serviço\",AU$12<>0,$H61>0,OR(AUTOEVENTO<>\"manual\",$M61<>$A$15)),\n        IF(Import.TipoArredondamento<>\"TransfereGOV\",\n              ROUND(OFFSET($P61,0,AU$13),15-13*ORÇAMENTO!$AF$7)/$H61*OFFSET(ORÇAMENTO!$X$15,ROW(AU61)-ROW(AU$15),0),\n              ROUND(ROUND(OFFSET($P61,0,AU$13),15-13*ORÇAMENTO!$AF$7)*OFFSET(ORÇAMENTO!$W$15,ROW(AU61)-ROW(AU$15),0),15-13*ORÇAMENTO!$AF$11)),\n         0)","v":0},{"$f":"IF(AND($D61=\"Serviço\",AV$12<>0,$H61>0,OR(AUTOEVENTO<>\"manual\",$M61<>$A$15)),\n        IF(Import.TipoArredondamento<>\"TransfereGOV\",\n              ROUND(OFFSET($P61,0,AV$13),15-13*ORÇAMENTO!$AF$7)/$H61*OFFSET(ORÇAMENTO!$X$15,ROW(AV61)-ROW(AV$15),0),\n              ROUND(ROUND(OFFSET($P61,0,AV$13),15-13*ORÇAMENTO!$AF$7)*OFFSET(ORÇAMENTO!$W$15,ROW(AV61)-ROW(AV$15),0),15-13*ORÇAMENTO!$AF$11)),\n         0)","v":0},{"$f":"IF(AND($D61=\"Serviço\",AW$12<>0,$H61>0,OR(AUTOEVENTO<>\"manual\",$M61<>$A$15)),\n        IF(Import.TipoArredondamento<>\"TransfereGOV\",\n              ROUND(OFFSET($P61,0,AW$13),15-13*ORÇAMENTO!$AF$7)/$H61*OFFSET(ORÇAMENTO!$X$15,ROW(AW61)-ROW(AW$15),0),\n              ROUND(ROUND(OFFSET($P61,0,AW$13),15-13*ORÇAMENTO!$AF$7)*OFFSET(ORÇAMENTO!$W$15,ROW(AW61)-ROW(AW$15),0),15-13*ORÇAMENTO!$AF$11)),\n         0)","v":0},{"$f":"IF(AND($D61=\"Serviço\",AX$12<>0,$H61>0,OR(AUTOEVENTO<>\"manual\",$M61<>$A$15)),\n        IF(Import.TipoArredondamento<>\"TransfereGOV\",\n              ROUND(OFFSET($P61,0,AX$13),15-13*ORÇAMENTO!$AF$7)/$H61*OFFSET(ORÇAMENTO!$X$15,ROW(AX61)-ROW(AX$15),0),\n              ROUND(ROUND(OFFSET($P61,0,AX$13),15-13*ORÇAMENTO!$AF$7)*OFFSET(ORÇAMENTO!$W$15,ROW(AX61)-ROW(AX$15),0),15-13*ORÇAMENTO!$AF$11)),\n         0)","v":0},{"$f":"IF(AND($D61=\"Serviço\",AY$12<>0,$H61>0,OR(AUTOEVENTO<>\"manual\",$M61<>$A$15)),\n        IF(Import.TipoArredondamento<>\"TransfereGOV\",\n              ROUND(OFFSET($P61,0,AY$13),15-13*ORÇAMENTO!$AF$7)/$H61*OFFSET(ORÇAMENTO!$X$15,ROW(AY61)-ROW(AY$15),0),\n              ROUND(ROUND(OFFSET($P61,0,AY$13),15-13*ORÇAMENTO!$AF$7)*OFFSET(ORÇAMENTO!$W$15,ROW(AY61)-ROW(AY$15),0),15-13*ORÇAMENTO!$AF$11)),\n         0)","v":0},{"$f":"IF(AND($D61=\"Serviço\",AZ$12<>0,$H61>0,OR(AUTOEVENTO<>\"manual\",$M61<>$A$15)),\n        IF(Import.TipoArredondamento<>\"TransfereGOV\",\n              ROUND(OFFSET($P61,0,AZ$13),15-13*ORÇAMENTO!$AF$7)/$H61*OFFSET(ORÇAMENTO!$X$15,ROW(AZ61)-ROW(AZ$15),0),\n              ROUND(ROUND(OFFSET($P61,0,AZ$13),15-13*ORÇAMENTO!$AF$7)*OFFSET(ORÇAMENTO!$W$15,ROW(AZ61)-ROW(AZ$15),0),15-13*ORÇAMENTO!$AF$11)),\n         0)","v":0},{"$f":"IF(AND($D61=\"Serviço\",BA$12<>0,$H61>0,OR(AUTOEVENTO<>\"manual\",$M61<>$A$15)),\n        IF(Import.TipoArredondamento<>\"TransfereGOV\",\n              ROUND(OFFSET($P61,0,BA$13),15-13*ORÇAMENTO!$AF$7)/$H61*OFFSET(ORÇAMENTO!$X$15,ROW(BA61)-ROW(BA$15),0),\n              ROUND(ROUND(OFFSET($P61,0,BA$13),15-13*ORÇAMENTO!$AF$7)*OFFSET(ORÇAMENTO!$W$15,ROW(BA61)-ROW(BA$15),0),15-13*ORÇAMENTO!$AF$11)),\n         0)","v":0},null,{"$f":"IF(OR($D61<>\"Serviço\",AND(AUTOEVENTO=\"Manual\",$M61=$A$15)),0,\n         IF(OFFSET(CRONOPLE!$F$15,$M61-$A$15,BC$13)=\"\",10^12,OFFSET(CRONOPLE!$F$15,$M61-$A$15,BC$13)))","v":0},{"$f":"IF(OR($D61<>\"Serviço\",AND(AUTOEVENTO=\"Manual\",$M61=$A$15)),0,\n         IF(OFFSET(CRONOPLE!$F$15,$M61-$A$15,BD$13)=\"\",10^12,OFFSET(CRONOPLE!$F$15,$M61-$A$15,BD$13)))","v":0},{"$f":"IF(OR($D61<>\"Serviço\",AND(AUTOEVENTO=\"Manual\",$M61=$A$15)),0,\n         IF(OFFSET(CRONOPLE!$F$15,$M61-$A$15,BE$13)=\"\",10^12,OFFSET(CRONOPLE!$F$15,$M61-$A$15,BE$13)))","v":0},{"$f":"IF(OR($D61<>\"Serviço\",AND(AUTOEVENTO=\"Manual\",$M61=$A$15)),0,\n         IF(OFFSET(CRONOPLE!$F$15,$M61-$A$15,BF$13)=\"\",10^12,OFFSET(CRONOPLE!$F$15,$M61-$A$15,BF$13)))","v":0},{"$f":"IF(OR($D61<>\"Serviço\",AND(AUTOEVENTO=\"Manual\",$M61=$A$15)),0,\n         IF(OFFSET(CRONOPLE!$F$15,$M61-$A$15,BG$13)=\"\",10^12,OFFSET(CRONOPLE!$F$15,$M61-$A$15,BG$13)))","v":0},{"$f":"IF(OR($D61<>\"Serviço\",AND(AUTOEVENTO=\"Manual\",$M61=$A$15)),0,\n         IF(OFFSET(CRONOPLE!$F$15,$M61-$A$15,BH$13)=\"\",10^12,OFFSET(CRONOPLE!$F$15,$M61-$A$15,BH$13)))","v":0},{"$f":"IF(OR($D61<>\"Serviço\",AND(AUTOEVENTO=\"Manual\",$M61=$A$15)),0,\n         IF(OFFSET(CRONOPLE!$F$15,$M61-$A$15,BI$13)=\"\",10^12,OFFSET(CRONOPLE!$F$15,$M61-$A$15,BI$13)))","v":0},{"$f":"IF(OR($D61<>\"Serviço\",AND(AUTOEVENTO=\"Manual\",$M61=$A$15)),0,\n         IF(OFFSET(CRONOPLE!$F$15,$M61-$A$15,BJ$13)=\"\",10^12,OFFSET(CRONOPLE!$F$15,$M61-$A$15,BJ$13)))","v":0},{"$f":"IF(OR($D61<>\"Serviço\",AND(AUTOEVENTO=\"Manual\",$M61=$A$15)),0,\n         IF(OFFSET(CRONOPLE!$F$15,$M61-$A$15,BK$13)=\"\",10^12,OFFSET(CRONOPLE!$F$15,$M61-$A$15,BK$13)))","v":0},{"$f":"IF(OR($D61<>\"Serviço\",AND(AUTOEVENTO=\"Manual\",$M61=$A$15)),0,\n         IF(OFFSET(CRONOPLE!$F$15,$M61-$A$15,BL$13)=\"\",10^12,OFFSET(CRONOPLE!$F$15,$M61-$A$15,BL$13)))","v":0},{"$f":"IF(OR($D61<>\"Serviço\",AND(AUTOEVENTO=\"Manual\",$M61=$A$15)),0,\n         IF(OFFSET(CRONOPLE!$F$15,$M61-$A$15,BM$13)=\"\",10^12,OFFSET(CRONOPLE!$F$15,$M61-$A$15,BM$13)))","v":0},{"$f":"IF(OR($D61<>\"Serviço\",AND(AUTOEVENTO=\"Manual\",$M61=$A$15)),0,\n         IF(OFFSET(CRONOPLE!$F$15,$M61-$A$15,BN$13)=\"\",10^12,OFFSET(CRONOPLE!$F$15,$M61-$A$15,BN$13)))","v":0},{"$f":"IF(OR($D61<>\"Serviço\",AND(AUTOEVENTO=\"Manual\",$M61=$A$15)),0,\n         IF(OFFSET(CRONOPLE!$F$15,$M61-$A$15,BO$13)=\"\",10^12,OFFSET(CRONOPLE!$F$15,$M61-$A$15,BO$13)))","v":0},{"$f":"IF(OR($D61<>\"Serviço\",AND(AUTOEVENTO=\"Manual\",$M61=$A$15)),0,\n         IF(OFFSET(CRONOPLE!$F$15,$M61-$A$15,BP$13)=\"\",10^12,OFFSET(CRONOPLE!$F$15,$M61-$A$15,BP$13)))","v":0},{"$f":"IF(OR($D61<>\"Serviço\",AND(AUTOEVENTO=\"Manual\",$M61=$A$15)),0,\n         IF(OFFSET(CRONOPLE!$F$15,$M61-$A$15,BQ$13)=\"\",10^12,OFFSET(CRONOPLE!$F$15,$M61-$A$15,BQ$13)))","v":0},{"$f":"IF(OR($D61<>\"Serviço\",AND(AUTOEVENTO=\"Manual\",$M61=$A$15)),0,\n         IF(OFFSET(CRONOPLE!$F$15,$M61-$A$15,BR$13)=\"\",10^12,OFFSET(CRONOPLE!$F$15,$M61-$A$15,BR$13)))","v":0},{"$f":"IF(OR($D61<>\"Serviço\",AND(AUTOEVENTO=\"Manual\",$M61=$A$15)),0,\n         IF(OFFSET(CRONOPLE!$F$15,$M61-$A$15,BS$13)=\"\",10^12,OFFSET(CRONOPLE!$F$15,$M61-$A$15,BS$13)))","v":0},{"$f":"IF(OR($D61<>\"Serviço\",AND(AUTOEVENTO=\"Manual\",$M61=$A$15)),0,\n         IF(OFFSET(CRONOPLE!$F$15,$M61-$A$15,BT$13)=\"\",10^12,OFFSET(CRONOPLE!$F$15,$M61-$A$15,BT$13)))","v":0},null,{"$f":"IF(OR($D61<>\"Serviço\",AND(AUTOEVENTO=\"Manual\",$M61=$A$15),$M61>(ROW(PLE.lastrow)-ROW(PLE.firstrow))),0,\n           IF(OFFSET(PLE!$G$15,$M61-$A$15,BV$13)=\"\",10^12,OFFSET(PLE!$G$15,$M61-$A$15,BV$13)))","v":0},{"$f":"IF(OR($D61<>\"Serviço\",AND(AUTOEVENTO=\"Manual\",$M61=$A$15),$M61>(ROW(PLE.lastrow)-ROW(PLE.firstrow))),0,\n           IF(OFFSET(PLE!$G$15,$M61-$A$15,BW$13)=\"\",10^12,OFFSET(PLE!$G$15,$M61-$A$15,BW$13)))","v":0},{"$f":"IF(OR($D61<>\"Serviço\",AND(AUTOEVENTO=\"Manual\",$M61=$A$15),$M61>(ROW(PLE.lastrow)-ROW(PLE.firstrow))),0,\n           IF(OFFSET(PLE!$G$15,$M61-$A$15,BX$13)=\"\",10^12,OFFSET(PLE!$G$15,$M61-$A$15,BX$13)))","v":0},{"$f":"IF(OR($D61<>\"Serviço\",AND(AUTOEVENTO=\"Manual\",$M61=$A$15),$M61>(ROW(PLE.lastrow)-ROW(PLE.firstrow))),0,\n           IF(OFFSET(PLE!$G$15,$M61-$A$15,BY$13)=\"\",10^12,OFFSET(PLE!$G$15,$M61-$A$15,BY$13)))","v":0},{"$f":"IF(OR($D61<>\"Serviço\",AND(AUTOEVENTO=\"Manual\",$M61=$A$15),$M61>(ROW(PLE.lastrow)-ROW(PLE.firstrow))),0,\n           IF(OFFSET(PLE!$G$15,$M61-$A$15,BZ$13)=\"\",10^12,OFFSET(PLE!$G$15,$M61-$A$15,BZ$13)))","v":0},{"$f":"IF(OR($D61<>\"Serviço\",AND(AUTOEVENTO=\"Manual\",$M61=$A$15),$M61>(ROW(PLE.lastrow)-ROW(PLE.firstrow))),0,\n           IF(OFFSET(PLE!$G$15,$M61-$A$15,CA$13)=\"\",10^12,OFFSET(PLE!$G$15,$M61-$A$15,CA$13)))","v":0},{"$f":"IF(OR($D61<>\"Serviço\",AND(AUTOEVENTO=\"Manual\",$M61=$A$15),$M61>(ROW(PLE.lastrow)-ROW(PLE.firstrow))),0,\n           IF(OFFSET(PLE!$G$15,$M61-$A$15,CB$13)=\"\",10^12,OFFSET(PLE!$G$15,$M61-$A$15,CB$13)))","v":0},{"$f":"IF(OR($D61<>\"Serviço\",AND(AUTOEVENTO=\"Manual\",$M61=$A$15),$M61>(ROW(PLE.lastrow)-ROW(PLE.firstrow))),0,\n           IF(OFFSET(PLE!$G$15,$M61-$A$15,CC$13)=\"\",10^12,OFFSET(PLE!$G$15,$M61-$A$15,CC$13)))","v":0},{"$f":"IF(OR($D61<>\"Serviço\",AND(AUTOEVENTO=\"Manual\",$M61=$A$15),$M61>(ROW(PLE.lastrow)-ROW(PLE.firstrow))),0,\n           IF(OFFSET(PLE!$G$15,$M61-$A$15,CD$13)=\"\",10^12,OFFSET(PLE!$G$15,$M61-$A$15,CD$13)))","v":0},{"$f":"IF(OR($D61<>\"Serviço\",AND(AUTOEVENTO=\"Manual\",$M61=$A$15),$M61>(ROW(PLE.lastrow)-ROW(PLE.firstrow))),0,\n           IF(OFFSET(PLE!$G$15,$M61-$A$15,CE$13)=\"\",10^12,OFFSET(PLE!$G$15,$M61-$A$15,CE$13)))","v":0},{"$f":"IF(OR($D61<>\"Serviço\",AND(AUTOEVENTO=\"Manual\",$M61=$A$15),$M61>(ROW(PLE.lastrow)-ROW(PLE.firstrow))),0,\n           IF(OFFSET(PLE!$G$15,$M61-$A$15,CF$13)=\"\",10^12,OFFSET(PLE!$G$15,$M61-$A$15,CF$13)))","v":0},{"$f":"IF(OR($D61<>\"Serviço\",AND(AUTOEVENTO=\"Manual\",$M61=$A$15),$M61>(ROW(PLE.lastrow)-ROW(PLE.firstrow))),0,\n           IF(OFFSET(PLE!$G$15,$M61-$A$15,CG$13)=\"\",10^12,OFFSET(PLE!$G$15,$M61-$A$15,CG$13)))","v":0},{"$f":"IF(OR($D61<>\"Serviço\",AND(AUTOEVENTO=\"Manual\",$M61=$A$15),$M61>(ROW(PLE.lastrow)-ROW(PLE.firstrow))),0,\n           IF(OFFSET(PLE!$G$15,$M61-$A$15,CH$13)=\"\",10^12,OFFSET(PLE!$G$15,$M61-$A$15,CH$13)))","v":0},{"$f":"IF(OR($D61<>\"Serviço\",AND(AUTOEVENTO=\"Manual\",$M61=$A$15),$M61>(ROW(PLE.lastrow)-ROW(PLE.firstrow))),0,\n           IF(OFFSET(PLE!$G$15,$M61-$A$15,CI$13)=\"\",10^12,OFFSET(PLE!$G$15,$M61-$A$15,CI$13)))","v":0},{"$f":"IF(OR($D61<>\"Serviço\",AND(AUTOEVENTO=\"Manual\",$M61=$A$15),$M61>(ROW(PLE.lastrow)-ROW(PLE.firstrow))),0,\n           IF(OFFSET(PLE!$G$15,$M61-$A$15,CJ$13)=\"\",10^12,OFFSET(PLE!$G$15,$M61-$A$15,CJ$13)))","v":0},{"$f":"IF(OR($D61<>\"Serviço\",AND(AUTOEVENTO=\"Manual\",$M61=$A$15),$M61>(ROW(PLE.lastrow)-ROW(PLE.firstrow))),0,\n           IF(OFFSET(PLE!$G$15,$M61-$A$15,CK$13)=\"\",10^12,OFFSET(PLE!$G$15,$M61-$A$15,CK$13)))","v":0},{"$f":"IF(OR($D61<>\"Serviço\",AND(AUTOEVENTO=\"Manual\",$M61=$A$15),$M61>(ROW(PLE.lastrow)-ROW(PLE.firstrow))),0,\n           IF(OFFSET(PLE!$G$15,$M61-$A$15,CL$13)=\"\",10^12,OFFSET(PLE!$G$15,$M61-$A$15,CL$13)))","v":0},{"$f":"IF(OR($D61<>\"Serviço\",AND(AUTOEVENTO=\"Manual\",$M61=$A$15),$M61>(ROW(PLE.lastrow)-ROW(PLE.firstrow))),0,\n           IF(OFFSET(PLE!$G$15,$M61-$A$15,CM$13)=\"\",10^12,OFFSET(PLE!$G$15,$M61-$A$15,CM$13)))","v":0}]
[0,{"$f":"OFFSET(ORÇAMENTO!C$15,ROW(B62)-ROW(B$15),0)","v":"S"},{"$f":"OFFSET(ORÇAMENTO!L$15,ROW(C62)-ROW(C$15),0)","v":"F"},{"$f":"OFFSET(ORÇAMENTO!N$15,ROW(D62)-ROW(D$15),0)","v":"Serviço"},{"$f":"OFFSET(ORÇAMENTO!O$15,ROW(E62)-ROW(E$15),0)","v":"1.4.12."},{"$f":"OFFSET(ORÇAMENTO!R$15,ROW(F62)-ROW(F$15),0)","v":"TRANSPORTE COM CAMINHÃO TANQUE DE TRANSPORTE DE MATERIAL ASFÁLTICO DE 30000 L, EM VIA URBANA PAVIMENTADA, ADICIONAL PARA DMT EXCEDENTE A 30 KM (UNIDADE: TXKM). AF_07/2020"},{"$f":"IF($D62<>\"Serviço\",\"\",OFFSET(ORÇAMENTO!S$15,ROW(G62)-ROW(G$15),0))","v":"TXKM"},{"$f":"IF($D62<>\"Serviço\",0,IF(ACOMPANHAMENTO=\"BM\",ROUND(OFFSET(ORÇAMENTO!AJ$15,ROW(H62)-ROW(H$15),0),15-13*ORÇAMENTO!$AF$7),SUMPRODUCT(($Q$1:$AI$1=1)*ROUND($Q62:$AI62,15-13*ORÇAMENTO!$AF$7))))","v":16.63},null,{"$f":"IF(B62<>\"S\",\"\",IF(AND(ACOMPANHAMENTO=\"PLE\",AUTOEVENTO=\"Manual\",OR(H62>0,ORÇAMENTO!AC62=\"QUANT.\"),OR(K62=\"\",M62=0,N62=\"\")),\"►\",IF(AND(ACOMPANHAMENTO=\"PLE\",ORÇAMENTO!AC62=\"QUANT.\"),\"►►\",IF(AND(COUNTIF($P$11:$AI$11,\"▼\")=0,H62>0,I62=\"\"),\"◄\",\"\"))))","v":"◄"},null,".",{"$f":"IF($D62<>\"Serviço\",\"\",\n          IF(AUTOEVENTO=\"manual\",$A62,\n                IF(ISERROR(MATCH($A62,$A$15:OFFSET($A62,-1,0),0)),MAX($M$15:OFFSET(M62,-1,0))+1,\n                      INDEX($M$15:OFFSET(M62,-1,0),MATCH($A62,$A$15:OFFSET($A62,-1,0),0)))))","v":0},{"$f":"IF($D62<>\"Serviço\",\"\",\n         IF(AUTOEVENTO=\"Manual\",\n                IF($A62=0,\"<-- defina o número do agrupador\",\n                       OFFSET(EVENTOS!$D$15,$A62-$A$15,0)),\n                OFFSET($F$15,$A62,0)))","v":"<-- defina o número do agrupador"},null,null,null,null,null,null,null,null,null,null,null,null,null,null,null,null,null,null,null,null,null,{"$f":"IF(AND($D62=\"Serviço\",AJ$12<>0,$H62>0,OR(AUTOEVENTO<>\"manual\",$M62<>$A$15)),\n        IF(Import.TipoArredondamento<>\"TransfereGOV\",\n              ROUND(OFFSET($P62,0,AJ$13),15-13*ORÇAMENTO!$AF$7)/$H62*OFFSET(ORÇAMENTO!$X$15,ROW(AJ62)-ROW(AJ$15),0),\n              ROUND(ROUND(OFFSET($P62,0,AJ$13),15-13*ORÇAMENTO!$AF$7)*OFFSET(ORÇAMENTO!$W$15,ROW(AJ62)-ROW(AJ$15),0),15-13*ORÇAMENTO!$AF$11)),\n         0)","v":0},{"$f":"IF(AND($D62=\"Serviço\",AK$12<>0,$H62>0,OR(AUTOEVENTO<>\"manual\",$M62<>$A$15)),\n        IF(Import.TipoArredondamento<>\"TransfereGOV\",\n              ROUND(OFFSET($P62,0,AK$13),15-13*ORÇAMENTO!$AF$7)/$H62*OFFSET(ORÇAMENTO!$X$15,ROW(AK62)-ROW(AK$15),0),\n              ROUND(ROUND(OFFSET($P62,0,AK$13),15-13*ORÇAMENTO!$AF$7)*OFFSET(ORÇAMENTO!$W$15,ROW(AK62)-ROW(AK$15),0),15-13*ORÇAMENTO!$AF$11)),\n         0)","v":0},{"$f":"IF(AND($D62=\"Serviço\",AL$12<>0,$H62>0,OR(AUTOEVENTO<>\"manual\",$M62<>$A$15)),\n        IF(Import.TipoArredondamento<>\"TransfereGOV\",\n              ROUND(OFFSET($P62,0,AL$13),15-13*ORÇAMENTO!$AF$7)/$H62*OFFSET(ORÇAMENTO!$X$15,ROW(AL62)-ROW(AL$15),0),\n              ROUND(ROUND(OFFSET($P62,0,AL$13),15-13*ORÇAMENTO!$AF$7)*OFFSET(ORÇAMENTO!$W$15,ROW(AL62)-ROW(AL$15),0),15-13*ORÇAMENTO!$AF$11)),\n         0)","v":0},{"$f":"IF(AND($D62=\"Serviço\",AM$12<>0,$H62>0,OR(AUTOEVENTO<>\"manual\",$M62<>$A$15)),\n        IF(Import.TipoArredondamento<>\"TransfereGOV\",\n              ROUND(OFFSET($P62,0,AM$13),15-13*ORÇAMENTO!$AF$7)/$H62*OFFSET(ORÇAMENTO!$X$15,ROW(AM62)-ROW(AM$15),0),\n              ROUND(ROUND(OFFSET($P62,0,AM$13),15-13*ORÇAMENTO!$AF$7)*OFFSET(ORÇAMENTO!$W$15,ROW(AM62)-ROW(AM$15),0),15-13*ORÇAMENTO!$AF$11)),\n         0)","v":0},{"$f":"IF(AND($D62=\"Serviço\",AN$12<>0,$H62>0,OR(AUTOEVENTO<>\"manual\",$M62<>$A$15)),\n        IF(Import.TipoArredondamento<>\"TransfereGOV\",\n              ROUND(OFFSET($P62,0,AN$13),15-13*ORÇAMENTO!$AF$7)/$H62*OFFSET(ORÇAMENTO!$X$15,ROW(AN62)-ROW(AN$15),0),\n              ROUND(ROUND(OFFSET($P62,0,AN$13),15-13*ORÇAMENTO!$AF$7)*OFFSET(ORÇAMENTO!$W$15,ROW(AN62)-ROW(AN$15),0),15-13*ORÇAMENTO!$AF$11)),\n         0)","v":0},{"$f":"IF(AND($D62=\"Serviço\",AO$12<>0,$H62>0,OR(AUTOEVENTO<>\"manual\",$M62<>$A$15)),\n        IF(Import.TipoArredondamento<>\"TransfereGOV\",\n              ROUND(OFFSET($P62,0,AO$13),15-13*ORÇAMENTO!$AF$7)/$H62*OFFSET(ORÇAMENTO!$X$15,ROW(AO62)-ROW(AO$15),0),\n              ROUND(ROUND(OFFSET($P62,0,AO$13),15-13*ORÇAMENTO!$AF$7)*OFFSET(ORÇAMENTO!$W$15,ROW(AO62)-ROW(AO$15),0),15-13*ORÇAMENTO!$AF$11)),\n         0)","v":0},{"$f":"IF(AND($D62=\"Serviço\",AP$12<>0,$H62>0,OR(AUTOEVENTO<>\"manual\",$M62<>$A$15)),\n        IF(Import.TipoArredondamento<>\"TransfereGOV\",\n              ROUND(OFFSET($P62,0,AP$13),15-13*ORÇAMENTO!$AF$7)/$H62*OFFSET(ORÇAMENTO!$X$15,ROW(AP62)-ROW(AP$15),0),\n              ROUND(ROUND(OFFSET($P62,0,AP$13),15-13*ORÇAMENTO!$AF$7)*OFFSET(ORÇAMENTO!$W$15,ROW(AP62)-ROW(AP$15),0),15-13*ORÇAMENTO!$AF$11)),\n         0)","v":0},{"$f":"IF(AND($D62=\"Serviço\",AQ$12<>0,$H62>0,OR(AUTOEVENTO<>\"manual\",$M62<>$A$15)),\n        IF(Import.TipoArredondamento<>\"TransfereGOV\",\n              ROUND(OFFSET($P62,0,AQ$13),15-13*ORÇAMENTO!$AF$7)/$H62*OFFSET(ORÇAMENTO!$X$15,ROW(AQ62)-ROW(AQ$15),0),\n              ROUND(ROUND(OFFSET($P62,0,AQ$13),15-13*ORÇAMENTO!$AF$7)*OFFSET(ORÇAMENTO!$W$15,ROW(AQ62)-ROW(AQ$15),0),15-13*ORÇAMENTO!$AF$11)),\n         0)","v":0},{"$f":"IF(AND($D62=\"Serviço\",AR$12<>0,$H62>0,OR(AUTOEVENTO<>\"manual\",$M62<>$A$15)),\n        IF(Import.TipoArredondamento<>\"TransfereGOV\",\n              ROUND(OFFSET($P62,0,AR$13),15-13*ORÇAMENTO!$AF$7)/$H62*OFFSET(ORÇAMENTO!$X$15,ROW(AR62)-ROW(AR$15),0),\n              ROUND(ROUND(OFFSET($P62,0,AR$13),15-13*ORÇAMENTO!$AF$7)*OFFSET(ORÇAMENTO!$W$15,ROW(AR62)-ROW(AR$15),0),15-13*ORÇAMENTO!$AF$11)),\n         0)","v":0},{"$f":"IF(AND($D62=\"Serviço\",AS$12<>0,$H62>0,OR(AUTOEVENTO<>\"manual\",$M62<>$A$15)),\n        IF(Import.TipoArredondamento<>\"TransfereGOV\",\n              ROUND(OFFSET($P62,0,AS$13),15-13*ORÇAMENTO!$AF$7)/$H62*OFFSET(ORÇAMENTO!$X$15,ROW(AS62)-ROW(AS$15),0),\n              ROUND(ROUND(OFFSET($P62,0,AS$13),15-13*ORÇAMENTO!$AF$7)*OFFSET(ORÇAMENTO!$W$15,ROW(AS62)-ROW(AS$15),0),15-13*ORÇAMENTO!$AF$11)),\n         0)","v":0},{"$f":"IF(AND($D62=\"Serviço\",AT$12<>0,$H62>0,OR(AUTOEVENTO<>\"manual\",$M62<>$A$15)),\n        IF(Import.TipoArredondamento<>\"TransfereGOV\",\n              ROUND(OFFSET($P62,0,AT$13),15-13*ORÇAMENTO!$AF$7)/$H62*OFFSET(ORÇAMENTO!$X$15,ROW(AT62)-ROW(AT$15),0),\n              ROUND(ROUND(OFFSET($P62,0,AT$13),15-13*ORÇAMENTO!$AF$7)*OFFSET(ORÇAMENTO!$W$15,ROW(AT62)-ROW(AT$15),0),15-13*ORÇAMENTO!$AF$11)),\n         0)","v":0},{"$f":"IF(AND($D62=\"Serviço\",AU$12<>0,$H62>0,OR(AUTOEVENTO<>\"manual\",$M62<>$A$15)),\n        IF(Import.TipoArredondamento<>\"TransfereGOV\",\n              ROUND(OFFSET($P62,0,AU$13),15-13*ORÇAMENTO!$AF$7)/$H62*OFFSET(ORÇAMENTO!$X$15,ROW(AU62)-ROW(AU$15),0),\n              ROUND(ROUND(OFFSET($P62,0,AU$13),15-13*ORÇAMENTO!$AF$7)*OFFSET(ORÇAMENTO!$W$15,ROW(AU62)-ROW(AU$15),0),15-13*ORÇAMENTO!$AF$11)),\n         0)","v":0},{"$f":"IF(AND($D62=\"Serviço\",AV$12<>0,$H62>0,OR(AUTOEVENTO<>\"manual\",$M62<>$A$15)),\n        IF(Import.TipoArredondamento<>\"TransfereGOV\",\n              ROUND(OFFSET($P62,0,AV$13),15-13*ORÇAMENTO!$AF$7)/$H62*OFFSET(ORÇAMENTO!$X$15,ROW(AV62)-ROW(AV$15),0),\n              ROUND(ROUND(OFFSET($P62,0,AV$13),15-13*ORÇAMENTO!$AF$7)*OFFSET(ORÇAMENTO!$W$15,ROW(AV62)-ROW(AV$15),0),15-13*ORÇAMENTO!$AF$11)),\n         0)","v":0},{"$f":"IF(AND($D62=\"Serviço\",AW$12<>0,$H62>0,OR(AUTOEVENTO<>\"manual\",$M62<>$A$15)),\n        IF(Import.TipoArredondamento<>\"TransfereGOV\",\n              ROUND(OFFSET($P62,0,AW$13),15-13*ORÇAMENTO!$AF$7)/$H62*OFFSET(ORÇAMENTO!$X$15,ROW(AW62)-ROW(AW$15),0),\n              ROUND(ROUND(OFFSET($P62,0,AW$13),15-13*ORÇAMENTO!$AF$7)*OFFSET(ORÇAMENTO!$W$15,ROW(AW62)-ROW(AW$15),0),15-13*ORÇAMENTO!$AF$11)),\n         0)","v":0},{"$f":"IF(AND($D62=\"Serviço\",AX$12<>0,$H62>0,OR(AUTOEVENTO<>\"manual\",$M62<>$A$15)),\n        IF(Import.TipoArredondamento<>\"TransfereGOV\",\n              ROUND(OFFSET($P62,0,AX$13),15-13*ORÇAMENTO!$AF$7)/$H62*OFFSET(ORÇAMENTO!$X$15,ROW(AX62)-ROW(AX$15),0),\n              ROUND(ROUND(OFFSET($P62,0,AX$13),15-13*ORÇAMENTO!$AF$7)*OFFSET(ORÇAMENTO!$W$15,ROW(AX62)-ROW(AX$15),0),15-13*ORÇAMENTO!$AF$11)),\n         0)","v":0},{"$f":"IF(AND($D62=\"Serviço\",AY$12<>0,$H62>0,OR(AUTOEVENTO<>\"manual\",$M62<>$A$15)),\n        IF(Import.TipoArredondamento<>\"TransfereGOV\",\n              ROUND(OFFSET($P62,0,AY$13),15-13*ORÇAMENTO!$AF$7)/$H62*OFFSET(ORÇAMENTO!$X$15,ROW(AY62)-ROW(AY$15),0),\n              ROUND(ROUND(OFFSET($P62,0,AY$13),15-13*ORÇAMENTO!$AF$7)*OFFSET(ORÇAMENTO!$W$15,ROW(AY62)-ROW(AY$15),0),15-13*ORÇAMENTO!$AF$11)),\n         0)","v":0},{"$f":"IF(AND($D62=\"Serviço\",AZ$12<>0,$H62>0,OR(AUTOEVENTO<>\"manual\",$M62<>$A$15)),\n        IF(Import.TipoArredondamento<>\"TransfereGOV\",\n              ROUND(OFFSET($P62,0,AZ$13),15-13*ORÇAMENTO!$AF$7)/$H62*OFFSET(ORÇAMENTO!$X$15,ROW(AZ62)-ROW(AZ$15),0),\n              ROUND(ROUND(OFFSET($P62,0,AZ$13),15-13*ORÇAMENTO!$AF$7)*OFFSET(ORÇAMENTO!$W$15,ROW(AZ62)-ROW(AZ$15),0),15-13*ORÇAMENTO!$AF$11)),\n         0)","v":0},{"$f":"IF(AND($D62=\"Serviço\",BA$12<>0,$H62>0,OR(AUTOEVENTO<>\"manual\",$M62<>$A$15)),\n        IF(Import.TipoArredondamento<>\"TransfereGOV\",\n              ROUND(OFFSET($P62,0,BA$13),15-13*ORÇAMENTO!$AF$7)/$H62*OFFSET(ORÇAMENTO!$X$15,ROW(BA62)-ROW(BA$15),0),\n              ROUND(ROUND(OFFSET($P62,0,BA$13),15-13*ORÇAMENTO!$AF$7)*OFFSET(ORÇAMENTO!$W$15,ROW(BA62)-ROW(BA$15),0),15-13*ORÇAMENTO!$AF$11)),\n         0)","v":0},null,{"$f":"IF(OR($D62<>\"Serviço\",AND(AUTOEVENTO=\"Manual\",$M62=$A$15)),0,\n         IF(OFFSET(CRONOPLE!$F$15,$M62-$A$15,BC$13)=\"\",10^12,OFFSET(CRONOPLE!$F$15,$M62-$A$15,BC$13)))","v":0},{"$f":"IF(OR($D62<>\"Serviço\",AND(AUTOEVENTO=\"Manual\",$M62=$A$15)),0,\n         IF(OFFSET(CRONOPLE!$F$15,$M62-$A$15,BD$13)=\"\",10^12,OFFSET(CRONOPLE!$F$15,$M62-$A$15,BD$13)))","v":0},{"$f":"IF(OR($D62<>\"Serviço\",AND(AUTOEVENTO=\"Manual\",$M62=$A$15)),0,\n         IF(OFFSET(CRONOPLE!$F$15,$M62-$A$15,BE$13)=\"\",10^12,OFFSET(CRONOPLE!$F$15,$M62-$A$15,BE$13)))","v":0},{"$f":"IF(OR($D62<>\"Serviço\",AND(AUTOEVENTO=\"Manual\",$M62=$A$15)),0,\n         IF(OFFSET(CRONOPLE!$F$15,$M62-$A$15,BF$13)=\"\",10^12,OFFSET(CRONOPLE!$F$15,$M62-$A$15,BF$13)))","v":0},{"$f":"IF(OR($D62<>\"Serviço\",AND(AUTOEVENTO=\"Manual\",$M62=$A$15)),0,\n         IF(OFFSET(CRONOPLE!$F$15,$M62-$A$15,BG$13)=\"\",10^12,OFFSET(CRONOPLE!$F$15,$M62-$A$15,BG$13)))","v":0},{"$f":"IF(OR($D62<>\"Serviço\",AND(AUTOEVENTO=\"Manual\",$M62=$A$15)),0,\n         IF(OFFSET(CRONOPLE!$F$15,$M62-$A$15,BH$13)=\"\",10^12,OFFSET(CRONOPLE!$F$15,$M62-$A$15,BH$13)))","v":0},{"$f":"IF(OR($D62<>\"Serviço\",AND(AUTOEVENTO=\"Manual\",$M62=$A$15)),0,\n         IF(OFFSET(CRONOPLE!$F$15,$M62-$A$15,BI$13)=\"\",10^12,OFFSET(CRONOPLE!$F$15,$M62-$A$15,BI$13)))","v":0},{"$f":"IF(OR($D62<>\"Serviço\",AND(AUTOEVENTO=\"Manual\",$M62=$A$15)),0,\n         IF(OFFSET(CRONOPLE!$F$15,$M62-$A$15,BJ$13)=\"\",10^12,OFFSET(CRONOPLE!$F$15,$M62-$A$15,BJ$13)))","v":0},{"$f":"IF(OR($D62<>\"Serviço\",AND(AUTOEVENTO=\"Manual\",$M62=$A$15)),0,\n         IF(OFFSET(CRONOPLE!$F$15,$M62-$A$15,BK$13)=\"\",10^12,OFFSET(CRONOPLE!$F$15,$M62-$A$15,BK$13)))","v":0},{"$f":"IF(OR($D62<>\"Serviço\",AND(AUTOEVENTO=\"Manual\",$M62=$A$15)),0,\n         IF(OFFSET(CRONOPLE!$F$15,$M62-$A$15,BL$13)=\"\",10^12,OFFSET(CRONOPLE!$F$15,$M62-$A$15,BL$13)))","v":0},{"$f":"IF(OR($D62<>\"Serviço\",AND(AUTOEVENTO=\"Manual\",$M62=$A$15)),0,\n         IF(OFFSET(CRONOPLE!$F$15,$M62-$A$15,BM$13)=\"\",10^12,OFFSET(CRONOPLE!$F$15,$M62-$A$15,BM$13)))","v":0},{"$f":"IF(OR($D62<>\"Serviço\",AND(AUTOEVENTO=\"Manual\",$M62=$A$15)),0,\n         IF(OFFSET(CRONOPLE!$F$15,$M62-$A$15,BN$13)=\"\",10^12,OFFSET(CRONOPLE!$F$15,$M62-$A$15,BN$13)))","v":0},{"$f":"IF(OR($D62<>\"Serviço\",AND(AUTOEVENTO=\"Manual\",$M62=$A$15)),0,\n         IF(OFFSET(CRONOPLE!$F$15,$M62-$A$15,BO$13)=\"\",10^12,OFFSET(CRONOPLE!$F$15,$M62-$A$15,BO$13)))","v":0},{"$f":"IF(OR($D62<>\"Serviço\",AND(AUTOEVENTO=\"Manual\",$M62=$A$15)),0,\n         IF(OFFSET(CRONOPLE!$F$15,$M62-$A$15,BP$13)=\"\",10^12,OFFSET(CRONOPLE!$F$15,$M62-$A$15,BP$13)))","v":0},{"$f":"IF(OR($D62<>\"Serviço\",AND(AUTOEVENTO=\"Manual\",$M62=$A$15)),0,\n         IF(OFFSET(CRONOPLE!$F$15,$M62-$A$15,BQ$13)=\"\",10^12,OFFSET(CRONOPLE!$F$15,$M62-$A$15,BQ$13)))","v":0},{"$f":"IF(OR($D62<>\"Serviço\",AND(AUTOEVENTO=\"Manual\",$M62=$A$15)),0,\n         IF(OFFSET(CRONOPLE!$F$15,$M62-$A$15,BR$13)=\"\",10^12,OFFSET(CRONOPLE!$F$15,$M62-$A$15,BR$13)))","v":0},{"$f":"IF(OR($D62<>\"Serviço\",AND(AUTOEVENTO=\"Manual\",$M62=$A$15)),0,\n         IF(OFFSET(CRONOPLE!$F$15,$M62-$A$15,BS$13)=\"\",10^12,OFFSET(CRONOPLE!$F$15,$M62-$A$15,BS$13)))","v":0},{"$f":"IF(OR($D62<>\"Serviço\",AND(AUTOEVENTO=\"Manual\",$M62=$A$15)),0,\n         IF(OFFSET(CRONOPLE!$F$15,$M62-$A$15,BT$13)=\"\",10^12,OFFSET(CRONOPLE!$F$15,$M62-$A$15,BT$13)))","v":0},null,{"$f":"IF(OR($D62<>\"Serviço\",AND(AUTOEVENTO=\"Manual\",$M62=$A$15),$M62>(ROW(PLE.lastrow)-ROW(PLE.firstrow))),0,\n           IF(OFFSET(PLE!$G$15,$M62-$A$15,BV$13)=\"\",10^12,OFFSET(PLE!$G$15,$M62-$A$15,BV$13)))","v":0},{"$f":"IF(OR($D62<>\"Serviço\",AND(AUTOEVENTO=\"Manual\",$M62=$A$15),$M62>(ROW(PLE.lastrow)-ROW(PLE.firstrow))),0,\n           IF(OFFSET(PLE!$G$15,$M62-$A$15,BW$13)=\"\",10^12,OFFSET(PLE!$G$15,$M62-$A$15,BW$13)))","v":0},{"$f":"IF(OR($D62<>\"Serviço\",AND(AUTOEVENTO=\"Manual\",$M62=$A$15),$M62>(ROW(PLE.lastrow)-ROW(PLE.firstrow))),0,\n           IF(OFFSET(PLE!$G$15,$M62-$A$15,BX$13)=\"\",10^12,OFFSET(PLE!$G$15,$M62-$A$15,BX$13)))","v":0},{"$f":"IF(OR($D62<>\"Serviço\",AND(AUTOEVENTO=\"Manual\",$M62=$A$15),$M62>(ROW(PLE.lastrow)-ROW(PLE.firstrow))),0,\n           IF(OFFSET(PLE!$G$15,$M62-$A$15,BY$13)=\"\",10^12,OFFSET(PLE!$G$15,$M62-$A$15,BY$13)))","v":0},{"$f":"IF(OR($D62<>\"Serviço\",AND(AUTOEVENTO=\"Manual\",$M62=$A$15),$M62>(ROW(PLE.lastrow)-ROW(PLE.firstrow))),0,\n           IF(OFFSET(PLE!$G$15,$M62-$A$15,BZ$13)=\"\",10^12,OFFSET(PLE!$G$15,$M62-$A$15,BZ$13)))","v":0},{"$f":"IF(OR($D62<>\"Serviço\",AND(AUTOEVENTO=\"Manual\",$M62=$A$15),$M62>(ROW(PLE.lastrow)-ROW(PLE.firstrow))),0,\n           IF(OFFSET(PLE!$G$15,$M62-$A$15,CA$13)=\"\",10^12,OFFSET(PLE!$G$15,$M62-$A$15,CA$13)))","v":0},{"$f":"IF(OR($D62<>\"Serviço\",AND(AUTOEVENTO=\"Manual\",$M62=$A$15),$M62>(ROW(PLE.lastrow)-ROW(PLE.firstrow))),0,\n           IF(OFFSET(PLE!$G$15,$M62-$A$15,CB$13)=\"\",10^12,OFFSET(PLE!$G$15,$M62-$A$15,CB$13)))","v":0},{"$f":"IF(OR($D62<>\"Serviço\",AND(AUTOEVENTO=\"Manual\",$M62=$A$15),$M62>(ROW(PLE.lastrow)-ROW(PLE.firstrow))),0,\n           IF(OFFSET(PLE!$G$15,$M62-$A$15,CC$13)=\"\",10^12,OFFSET(PLE!$G$15,$M62-$A$15,CC$13)))","v":0},{"$f":"IF(OR($D62<>\"Serviço\",AND(AUTOEVENTO=\"Manual\",$M62=$A$15),$M62>(ROW(PLE.lastrow)-ROW(PLE.firstrow))),0,\n           IF(OFFSET(PLE!$G$15,$M62-$A$15,CD$13)=\"\",10^12,OFFSET(PLE!$G$15,$M62-$A$15,CD$13)))","v":0},{"$f":"IF(OR($D62<>\"Serviço\",AND(AUTOEVENTO=\"Manual\",$M62=$A$15),$M62>(ROW(PLE.lastrow)-ROW(PLE.firstrow))),0,\n           IF(OFFSET(PLE!$G$15,$M62-$A$15,CE$13)=\"\",10^12,OFFSET(PLE!$G$15,$M62-$A$15,CE$13)))","v":0},{"$f":"IF(OR($D62<>\"Serviço\",AND(AUTOEVENTO=\"Manual\",$M62=$A$15),$M62>(ROW(PLE.lastrow)-ROW(PLE.firstrow))),0,\n           IF(OFFSET(PLE!$G$15,$M62-$A$15,CF$13)=\"\",10^12,OFFSET(PLE!$G$15,$M62-$A$15,CF$13)))","v":0},{"$f":"IF(OR($D62<>\"Serviço\",AND(AUTOEVENTO=\"Manual\",$M62=$A$15),$M62>(ROW(PLE.lastrow)-ROW(PLE.firstrow))),0,\n           IF(OFFSET(PLE!$G$15,$M62-$A$15,CG$13)=\"\",10^12,OFFSET(PLE!$G$15,$M62-$A$15,CG$13)))","v":0},{"$f":"IF(OR($D62<>\"Serviço\",AND(AUTOEVENTO=\"Manual\",$M62=$A$15),$M62>(ROW(PLE.lastrow)-ROW(PLE.firstrow))),0,\n           IF(OFFSET(PLE!$G$15,$M62-$A$15,CH$13)=\"\",10^12,OFFSET(PLE!$G$15,$M62-$A$15,CH$13)))","v":0},{"$f":"IF(OR($D62<>\"Serviço\",AND(AUTOEVENTO=\"Manual\",$M62=$A$15),$M62>(ROW(PLE.lastrow)-ROW(PLE.firstrow))),0,\n           IF(OFFSET(PLE!$G$15,$M62-$A$15,CI$13)=\"\",10^12,OFFSET(PLE!$G$15,$M62-$A$15,CI$13)))","v":0},{"$f":"IF(OR($D62<>\"Serviço\",AND(AUTOEVENTO=\"Manual\",$M62=$A$15),$M62>(ROW(PLE.lastrow)-ROW(PLE.firstrow))),0,\n           IF(OFFSET(PLE!$G$15,$M62-$A$15,CJ$13)=\"\",10^12,OFFSET(PLE!$G$15,$M62-$A$15,CJ$13)))","v":0},{"$f":"IF(OR($D62<>\"Serviço\",AND(AUTOEVENTO=\"Manual\",$M62=$A$15),$M62>(ROW(PLE.lastrow)-ROW(PLE.firstrow))),0,\n           IF(OFFSET(PLE!$G$15,$M62-$A$15,CK$13)=\"\",10^12,OFFSET(PLE!$G$15,$M62-$A$15,CK$13)))","v":0},{"$f":"IF(OR($D62<>\"Serviço\",AND(AUTOEVENTO=\"Manual\",$M62=$A$15),$M62>(ROW(PLE.lastrow)-ROW(PLE.firstrow))),0,\n           IF(OFFSET(PLE!$G$15,$M62-$A$15,CL$13)=\"\",10^12,OFFSET(PLE!$G$15,$M62-$A$15,CL$13)))","v":0},{"$f":"IF(OR($D62<>\"Serviço\",AND(AUTOEVENTO=\"Manual\",$M62=$A$15),$M62>(ROW(PLE.lastrow)-ROW(PLE.firstrow))),0,\n           IF(OFFSET(PLE!$G$15,$M62-$A$15,CM$13)=\"\",10^12,OFFSET(PLE!$G$15,$M62-$A$15,CM$13)))","v":0}]
[0,{"$f":"OFFSET(ORÇAMENTO!C$15,ROW(B63)-ROW(B$15),0)","v":"S"},{"$f":"OFFSET(ORÇAMENTO!L$15,ROW(C63)-ROW(C$15),0)","v":"F"},{"$f":"OFFSET(ORÇAMENTO!N$15,ROW(D63)-ROW(D$15),0)","v":"Serviço"},{"$f":"OFFSET(ORÇAMENTO!O$15,ROW(E63)-ROW(E$15),0)","v":"1.4.13."},{"$f":"OFFSET(ORÇAMENTO!R$15,ROW(F63)-ROW(F$15),0)","v":"EXECUÇÃO DE PAVIMENTO COM APLICAÇÃO DE CONCRETO ASFÁLTICO, CAMADA DE ROLAMENTO - EXCLUSIVE CARGA E TRANSPORTE. AF_11/2019"},{"$f":"IF($D63<>\"Serviço\",\"\",OFFSET(ORÇAMENTO!S$15,ROW(G63)-ROW(G$15),0))","v":"M3"},{"$f":"IF($D63<>\"Serviço\",0,IF(ACOMPANHAMENTO=\"BM\",ROUND(OFFSET(ORÇAMENTO!AJ$15,ROW(H63)-ROW(H$15),0),15-13*ORÇAMENTO!$AF$7),SUMPRODUCT(($Q$1:$AI$1=1)*ROUND($Q63:$AI63,15-13*ORÇAMENTO!$AF$7))))","v":37.770000000000003},null,{"$f":"IF(B63<>\"S\",\"\",IF(AND(ACOMPANHAMENTO=\"PLE\",AUTOEVENTO=\"Manual\",OR(H63>0,ORÇAMENTO!AC63=\"QUANT.\"),OR(K63=\"\",M63=0,N63=\"\")),\"►\",IF(AND(ACOMPANHAMENTO=\"PLE\",ORÇAMENTO!AC63=\"QUANT.\"),\"►►\",IF(AND(COUNTIF($P$11:$AI$11,\"▼\")=0,H63>0,I63=\"\"),\"◄\",\"\"))))","v":"◄"},null,".",{"$f":"IF($D63<>\"Serviço\",\"\",\n          IF(AUTOEVENTO=\"manual\",$A63,\n                IF(ISERROR(MATCH($A63,$A$15:OFFSET($A63,-1,0),0)),MAX($M$15:OFFSET(M63,-1,0))+1,\n                      INDEX($M$15:OFFSET(M63,-1,0),MATCH($A63,$A$15:OFFSET($A63,-1,0),0)))))","v":0},{"$f":"IF($D63<>\"Serviço\",\"\",\n         IF(AUTOEVENTO=\"Manual\",\n                IF($A63=0,\"<-- defina o número do agrupador\",\n                       OFFSET(EVENTOS!$D$15,$A63-$A$15,0)),\n                OFFSET($F$15,$A63,0)))","v":"<-- defina o número do agrupador"},null,null,null,null,null,null,null,null,null,null,null,null,null,null,null,null,null,null,null,null,null,{"$f":"IF(AND($D63=\"Serviço\",AJ$12<>0,$H63>0,OR(AUTOEVENTO<>\"manual\",$M63<>$A$15)),\n        IF(Import.TipoArredondamento<>\"TransfereGOV\",\n              ROUND(OFFSET($P63,0,AJ$13),15-13*ORÇAMENTO!$AF$7)/$H63*OFFSET(ORÇAMENTO!$X$15,ROW(AJ63)-ROW(AJ$15),0),\n              ROUND(ROUND(OFFSET($P63,0,AJ$13),15-13*ORÇAMENTO!$AF$7)*OFFSET(ORÇAMENTO!$W$15,ROW(AJ63)-ROW(AJ$15),0),15-13*ORÇAMENTO!$AF$11)),\n         0)","v":0},{"$f":"IF(AND($D63=\"Serviço\",AK$12<>0,$H63>0,OR(AUTOEVENTO<>\"manual\",$M63<>$A$15)),\n        IF(Import.TipoArredondamento<>\"TransfereGOV\",\n              ROUND(OFFSET($P63,0,AK$13),15-13*ORÇAMENTO!$AF$7)/$H63*OFFSET(ORÇAMENTO!$X$15,ROW(AK63)-ROW(AK$15),0),\n              ROUND(ROUND(OFFSET($P63,0,AK$13),15-13*ORÇAMENTO!$AF$7)*OFFSET(ORÇAMENTO!$W$15,ROW(AK63)-ROW(AK$15),0),15-13*ORÇAMENTO!$AF$11)),\n         0)","v":0},{"$f":"IF(AND($D63=\"Serviço\",AL$12<>0,$H63>0,OR(AUTOEVENTO<>\"manual\",$M63<>$A$15)),\n        IF(Import.TipoArredondamento<>\"TransfereGOV\",\n              ROUND(OFFSET($P63,0,AL$13),15-13*ORÇAMENTO!$AF$7)/$H63*OFFSET(ORÇAMENTO!$X$15,ROW(AL63)-ROW(AL$15),0),\n              ROUND(ROUND(OFFSET($P63,0,AL$13),15-13*ORÇAMENTO!$AF$7)*OFFSET(ORÇAMENTO!$W$15,ROW(AL63)-ROW(AL$15),0),15-13*ORÇAMENTO!$AF$11)),\n         0)","v":0},{"$f":"IF(AND($D63=\"Serviço\",AM$12<>0,$H63>0,OR(AUTOEVENTO<>\"manual\",$M63<>$A$15)),\n        IF(Import.TipoArredondamento<>\"TransfereGOV\",\n              ROUND(OFFSET($P63,0,AM$13),15-13*ORÇAMENTO!$AF$7)/$H63*OFFSET(ORÇAMENTO!$X$15,ROW(AM63)-ROW(AM$15),0),\n              ROUND(ROUND(OFFSET($P63,0,AM$13),15-13*ORÇAMENTO!$AF$7)*OFFSET(ORÇAMENTO!$W$15,ROW(AM63)-ROW(AM$15),0),15-13*ORÇAMENTO!$AF$11)),\n         0)","v":0},{"$f":"IF(AND($D63=\"Serviço\",AN$12<>0,$H63>0,OR(AUTOEVENTO<>\"manual\",$M63<>$A$15)),\n        IF(Import.TipoArredondamento<>\"TransfereGOV\",\n              ROUND(OFFSET($P63,0,AN$13),15-13*ORÇAMENTO!$AF$7)/$H63*OFFSET(ORÇAMENTO!$X$15,ROW(AN63)-ROW(AN$15),0),\n              ROUND(ROUND(OFFSET($P63,0,AN$13),15-13*ORÇAMENTO!$AF$7)*OFFSET(ORÇAMENTO!$W$15,ROW(AN63)-ROW(AN$15),0),15-13*ORÇAMENTO!$AF$11)),\n         0)","v":0},{"$f":"IF(AND($D63=\"Serviço\",AO$12<>0,$H63>0,OR(AUTOEVENTO<>\"manual\",$M63<>$A$15)),\n        IF(Import.TipoArredondamento<>\"TransfereGOV\",\n              ROUND(OFFSET($P63,0,AO$13),15-13*ORÇAMENTO!$AF$7)/$H63*OFFSET(ORÇAMENTO!$X$15,ROW(AO63)-ROW(AO$15),0),\n              ROUND(ROUND(OFFSET($P63,0,AO$13),15-13*ORÇAMENTO!$AF$7)*OFFSET(ORÇAMENTO!$W$15,ROW(AO63)-ROW(AO$15),0),15-13*ORÇAMENTO!$AF$11)),\n         0)","v":0},{"$f":"IF(AND($D63=\"Serviço\",AP$12<>0,$H63>0,OR(AUTOEVENTO<>\"manual\",$M63<>$A$15)),\n        IF(Import.TipoArredondamento<>\"TransfereGOV\",\n              ROUND(OFFSET($P63,0,AP$13),15-13*ORÇAMENTO!$AF$7)/$H63*OFFSET(ORÇAMENTO!$X$15,ROW(AP63)-ROW(AP$15),0),\n              ROUND(ROUND(OFFSET($P63,0,AP$13),15-13*ORÇAMENTO!$AF$7)*OFFSET(ORÇAMENTO!$W$15,ROW(AP63)-ROW(AP$15),0),15-13*ORÇAMENTO!$AF$11)),\n         0)","v":0},{"$f":"IF(AND($D63=\"Serviço\",AQ$12<>0,$H63>0,OR(AUTOEVENTO<>\"manual\",$M63<>$A$15)),\n        IF(Import.TipoArredondamento<>\"TransfereGOV\",\n              ROUND(OFFSET($P63,0,AQ$13),15-13*ORÇAMENTO!$AF$7)/$H63*OFFSET(ORÇAMENTO!$X$15,ROW(AQ63)-ROW(AQ$15),0),\n              ROUND(ROUND(OFFSET($P63,0,AQ$13),15-13*ORÇAMENTO!$AF$7)*OFFSET(ORÇAMENTO!$W$15,ROW(AQ63)-ROW(AQ$15),0),15-13*ORÇAMENTO!$AF$11)),\n         0)","v":0},{"$f":"IF(AND($D63=\"Serviço\",AR$12<>0,$H63>0,OR(AUTOEVENTO<>\"manual\",$M63<>$A$15)),\n        IF(Import.TipoArredondamento<>\"TransfereGOV\",\n              ROUND(OFFSET($P63,0,AR$13),15-13*ORÇAMENTO!$AF$7)/$H63*OFFSET(ORÇAMENTO!$X$15,ROW(AR63)-ROW(AR$15),0),\n              ROUND(ROUND(OFFSET($P63,0,AR$13),15-13*ORÇAMENTO!$AF$7)*OFFSET(ORÇAMENTO!$W$15,ROW(AR63)-ROW(AR$15),0),15-13*ORÇAMENTO!$AF$11)),\n         0)","v":0},{"$f":"IF(AND($D63=\"Serviço\",AS$12<>0,$H63>0,OR(AUTOEVENTO<>\"manual\",$M63<>$A$15)),\n        IF(Import.TipoArredondamento<>\"TransfereGOV\",\n              ROUND(OFFSET($P63,0,AS$13),15-13*ORÇAMENTO!$AF$7)/$H63*OFFSET(ORÇAMENTO!$X$15,ROW(AS63)-ROW(AS$15),0),\n              ROUND(ROUND(OFFSET($P63,0,AS$13),15-13*ORÇAMENTO!$AF$7)*OFFSET(ORÇAMENTO!$W$15,ROW(AS63)-ROW(AS$15),0),15-13*ORÇAMENTO!$AF$11)),\n         0)","v":0},{"$f":"IF(AND($D63=\"Serviço\",AT$12<>0,$H63>0,OR(AUTOEVENTO<>\"manual\",$M63<>$A$15)),\n        IF(Import.TipoArredondamento<>\"TransfereGOV\",\n              ROUND(OFFSET($P63,0,AT$13),15-13*ORÇAMENTO!$AF$7)/$H63*OFFSET(ORÇAMENTO!$X$15,ROW(AT63)-ROW(AT$15),0),\n              ROUND(ROUND(OFFSET($P63,0,AT$13),15-13*ORÇAMENTO!$AF$7)*OFFSET(ORÇAMENTO!$W$15,ROW(AT63)-ROW(AT$15),0),15-13*ORÇAMENTO!$AF$11)),\n         0)","v":0},{"$f":"IF(AND($D63=\"Serviço\",AU$12<>0,$H63>0,OR(AUTOEVENTO<>\"manual\",$M63<>$A$15)),\n        IF(Import.TipoArredondamento<>\"TransfereGOV\",\n              ROUND(OFFSET($P63,0,AU$13),15-13*ORÇAMENTO!$AF$7)/$H63*OFFSET(ORÇAMENTO!$X$15,ROW(AU63)-ROW(AU$15),0),\n              ROUND(ROUND(OFFSET($P63,0,AU$13),15-13*ORÇAMENTO!$AF$7)*OFFSET(ORÇAMENTO!$W$15,ROW(AU63)-ROW(AU$15),0),15-13*ORÇAMENTO!$AF$11)),\n         0)","v":0},{"$f":"IF(AND($D63=\"Serviço\",AV$12<>0,$H63>0,OR(AUTOEVENTO<>\"manual\",$M63<>$A$15)),\n        IF(Import.TipoArredondamento<>\"TransfereGOV\",\n              ROUND(OFFSET($P63,0,AV$13),15-13*ORÇAMENTO!$AF$7)/$H63*OFFSET(ORÇAMENTO!$X$15,ROW(AV63)-ROW(AV$15),0),\n              ROUND(ROUND(OFFSET($P63,0,AV$13),15-13*ORÇAMENTO!$AF$7)*OFFSET(ORÇAMENTO!$W$15,ROW(AV63)-ROW(AV$15),0),15-13*ORÇAMENTO!$AF$11)),\n         0)","v":0},{"$f":"IF(AND($D63=\"Serviço\",AW$12<>0,$H63>0,OR(AUTOEVENTO<>\"manual\",$M63<>$A$15)),\n        IF(Import.TipoArredondamento<>\"TransfereGOV\",\n              ROUND(OFFSET($P63,0,AW$13),15-13*ORÇAMENTO!$AF$7)/$H63*OFFSET(ORÇAMENTO!$X$15,ROW(AW63)-ROW(AW$15),0),\n              ROUND(ROUND(OFFSET($P63,0,AW$13),15-13*ORÇAMENTO!$AF$7)*OFFSET(ORÇAMENTO!$W$15,ROW(AW63)-ROW(AW$15),0),15-13*ORÇAMENTO!$AF$11)),\n         0)","v":0},{"$f":"IF(AND($D63=\"Serviço\",AX$12<>0,$H63>0,OR(AUTOEVENTO<>\"manual\",$M63<>$A$15)),\n        IF(Import.TipoArredondamento<>\"TransfereGOV\",\n              ROUND(OFFSET($P63,0,AX$13),15-13*ORÇAMENTO!$AF$7)/$H63*OFFSET(ORÇAMENTO!$X$15,ROW(AX63)-ROW(AX$15),0),\n              ROUND(ROUND(OFFSET($P63,0,AX$13),15-13*ORÇAMENTO!$AF$7)*OFFSET(ORÇAMENTO!$W$15,ROW(AX63)-ROW(AX$15),0),15-13*ORÇAMENTO!$AF$11)),\n         0)","v":0},{"$f":"IF(AND($D63=\"Serviço\",AY$12<>0,$H63>0,OR(AUTOEVENTO<>\"manual\",$M63<>$A$15)),\n        IF(Import.TipoArredondamento<>\"TransfereGOV\",\n              ROUND(OFFSET($P63,0,AY$13),15-13*ORÇAMENTO!$AF$7)/$H63*OFFSET(ORÇAMENTO!$X$15,ROW(AY63)-ROW(AY$15),0),\n              ROUND(ROUND(OFFSET($P63,0,AY$13),15-13*ORÇAMENTO!$AF$7)*OFFSET(ORÇAMENTO!$W$15,ROW(AY63)-ROW(AY$15),0),15-13*ORÇAMENTO!$AF$11)),\n         0)","v":0},{"$f":"IF(AND($D63=\"Serviço\",AZ$12<>0,$H63>0,OR(AUTOEVENTO<>\"manual\",$M63<>$A$15)),\n        IF(Import.TipoArredondamento<>\"TransfereGOV\",\n              ROUND(OFFSET($P63,0,AZ$13),15-13*ORÇAMENTO!$AF$7)/$H63*OFFSET(ORÇAMENTO!$X$15,ROW(AZ63)-ROW(AZ$15),0),\n              ROUND(ROUND(OFFSET($P63,0,AZ$13),15-13*ORÇAMENTO!$AF$7)*OFFSET(ORÇAMENTO!$W$15,ROW(AZ63)-ROW(AZ$15),0),15-13*ORÇAMENTO!$AF$11)),\n         0)","v":0},{"$f":"IF(AND($D63=\"Serviço\",BA$12<>0,$H63>0,OR(AUTOEVENTO<>\"manual\",$M63<>$A$15)),\n        IF(Import.TipoArredondamento<>\"TransfereGOV\",\n              ROUND(OFFSET($P63,0,BA$13),15-13*ORÇAMENTO!$AF$7)/$H63*OFFSET(ORÇAMENTO!$X$15,ROW(BA63)-ROW(BA$15),0),\n              ROUND(ROUND(OFFSET($P63,0,BA$13),15-13*ORÇAMENTO!$AF$7)*OFFSET(ORÇAMENTO!$W$15,ROW(BA63)-ROW(BA$15),0),15-13*ORÇAMENTO!$AF$11)),\n         0)","v":0},null,{"$f":"IF(OR($D63<>\"Serviço\",AND(AUTOEVENTO=\"Manual\",$M63=$A$15)),0,\n         IF(OFFSET(CRONOPLE!$F$15,$M63-$A$15,BC$13)=\"\",10^12,OFFSET(CRONOPLE!$F$15,$M63-$A$15,BC$13)))","v":0},{"$f":"IF(OR($D63<>\"Serviço\",AND(AUTOEVENTO=\"Manual\",$M63=$A$15)),0,\n         IF(OFFSET(CRONOPLE!$F$15,$M63-$A$15,BD$13)=\"\",10^12,OFFSET(CRONOPLE!$F$15,$M63-$A$15,BD$13)))","v":0},{"$f":"IF(OR($D63<>\"Serviço\",AND(AUTOEVENTO=\"Manual\",$M63=$A$15)),0,\n         IF(OFFSET(CRONOPLE!$F$15,$M63-$A$15,BE$13)=\"\",10^12,OFFSET(CRONOPLE!$F$15,$M63-$A$15,BE$13)))","v":0},{"$f":"IF(OR($D63<>\"Serviço\",AND(AUTOEVENTO=\"Manual\",$M63=$A$15)),0,\n         IF(OFFSET(CRONOPLE!$F$15,$M63-$A$15,BF$13)=\"\",10^12,OFFSET(CRONOPLE!$F$15,$M63-$A$15,BF$13)))","v":0},{"$f":"IF(OR($D63<>\"Serviço\",AND(AUTOEVENTO=\"Manual\",$M63=$A$15)),0,\n         IF(OFFSET(CRONOPLE!$F$15,$M63-$A$15,BG$13)=\"\",10^12,OFFSET(CRONOPLE!$F$15,$M63-$A$15,BG$13)))","v":0},{"$f":"IF(OR($D63<>\"Serviço\",AND(AUTOEVENTO=\"Manual\",$M63=$A$15)),0,\n         IF(OFFSET(CRONOPLE!$F$15,$M63-$A$15,BH$13)=\"\",10^12,OFFSET(CRONOPLE!$F$15,$M63-$A$15,BH$13)))","v":0},{"$f":"IF(OR($D63<>\"Serviço\",AND(AUTOEVENTO=\"Manual\",$M63=$A$15)),0,\n         IF(OFFSET(CRONOPLE!$F$15,$M63-$A$15,BI$13)=\"\",10^12,OFFSET(CRONOPLE!$F$15,$M63-$A$15,BI$13)))","v":0},{"$f":"IF(OR($D63<>\"Serviço\",AND(AUTOEVENTO=\"Manual\",$M63=$A$15)),0,\n         IF(OFFSET(CRONOPLE!$F$15,$M63-$A$15,BJ$13)=\"\",10^12,OFFSET(CRONOPLE!$F$15,$M63-$A$15,BJ$13)))","v":0},{"$f":"IF(OR($D63<>\"Serviço\",AND(AUTOEVENTO=\"Manual\",$M63=$A$15)),0,\n         IF(OFFSET(CRONOPLE!$F$15,$M63-$A$15,BK$13)=\"\",10^12,OFFSET(CRONOPLE!$F$15,$M63-$A$15,BK$13)))","v":0},{"$f":"IF(OR($D63<>\"Serviço\",AND(AUTOEVENTO=\"Manual\",$M63=$A$15)),0,\n         IF(OFFSET(CRONOPLE!$F$15,$M63-$A$15,BL$13)=\"\",10^12,OFFSET(CRONOPLE!$F$15,$M63-$A$15,BL$13)))","v":0},{"$f":"IF(OR($D63<>\"Serviço\",AND(AUTOEVENTO=\"Manual\",$M63=$A$15)),0,\n         IF(OFFSET(CRONOPLE!$F$15,$M63-$A$15,BM$13)=\"\",10^12,OFFSET(CRONOPLE!$F$15,$M63-$A$15,BM$13)))","v":0},{"$f":"IF(OR($D63<>\"Serviço\",AND(AUTOEVENTO=\"Manual\",$M63=$A$15)),0,\n         IF(OFFSET(CRONOPLE!$F$15,$M63-$A$15,BN$13)=\"\",10^12,OFFSET(CRONOPLE!$F$15,$M63-$A$15,BN$13)))","v":0},{"$f":"IF(OR($D63<>\"Serviço\",AND(AUTOEVENTO=\"Manual\",$M63=$A$15)),0,\n         IF(OFFSET(CRONOPLE!$F$15,$M63-$A$15,BO$13)=\"\",10^12,OFFSET(CRONOPLE!$F$15,$M63-$A$15,BO$13)))","v":0},{"$f":"IF(OR($D63<>\"Serviço\",AND(AUTOEVENTO=\"Manual\",$M63=$A$15)),0,\n         IF(OFFSET(CRONOPLE!$F$15,$M63-$A$15,BP$13)=\"\",10^12,OFFSET(CRONOPLE!$F$15,$M63-$A$15,BP$13)))","v":0},{"$f":"IF(OR($D63<>\"Serviço\",AND(AUTOEVENTO=\"Manual\",$M63=$A$15)),0,\n         IF(OFFSET(CRONOPLE!$F$15,$M63-$A$15,BQ$13)=\"\",10^12,OFFSET(CRONOPLE!$F$15,$M63-$A$15,BQ$13)))","v":0},{"$f":"IF(OR($D63<>\"Serviço\",AND(AUTOEVENTO=\"Manual\",$M63=$A$15)),0,\n         IF(OFFSET(CRONOPLE!$F$15,$M63-$A$15,BR$13)=\"\",10^12,OFFSET(CRONOPLE!$F$15,$M63-$A$15,BR$13)))","v":0},{"$f":"IF(OR($D63<>\"Serviço\",AND(AUTOEVENTO=\"Manual\",$M63=$A$15)),0,\n         IF(OFFSET(CRONOPLE!$F$15,$M63-$A$15,BS$13)=\"\",10^12,OFFSET(CRONOPLE!$F$15,$M63-$A$15,BS$13)))","v":0},{"$f":"IF(OR($D63<>\"Serviço\",AND(AUTOEVENTO=\"Manual\",$M63=$A$15)),0,\n         IF(OFFSET(CRONOPLE!$F$15,$M63-$A$15,BT$13)=\"\",10^12,OFFSET(CRONOPLE!$F$15,$M63-$A$15,BT$13)))","v":0},null,{"$f":"IF(OR($D63<>\"Serviço\",AND(AUTOEVENTO=\"Manual\",$M63=$A$15),$M63>(ROW(PLE.lastrow)-ROW(PLE.firstrow))),0,\n           IF(OFFSET(PLE!$G$15,$M63-$A$15,BV$13)=\"\",10^12,OFFSET(PLE!$G$15,$M63-$A$15,BV$13)))","v":0},{"$f":"IF(OR($D63<>\"Serviço\",AND(AUTOEVENTO=\"Manual\",$M63=$A$15),$M63>(ROW(PLE.lastrow)-ROW(PLE.firstrow))),0,\n           IF(OFFSET(PLE!$G$15,$M63-$A$15,BW$13)=\"\",10^12,OFFSET(PLE!$G$15,$M63-$A$15,BW$13)))","v":0},{"$f":"IF(OR($D63<>\"Serviço\",AND(AUTOEVENTO=\"Manual\",$M63=$A$15),$M63>(ROW(PLE.lastrow)-ROW(PLE.firstrow))),0,\n           IF(OFFSET(PLE!$G$15,$M63-$A$15,BX$13)=\"\",10^12,OFFSET(PLE!$G$15,$M63-$A$15,BX$13)))","v":0},{"$f":"IF(OR($D63<>\"Serviço\",AND(AUTOEVENTO=\"Manual\",$M63=$A$15),$M63>(ROW(PLE.lastrow)-ROW(PLE.firstrow))),0,\n           IF(OFFSET(PLE!$G$15,$M63-$A$15,BY$13)=\"\",10^12,OFFSET(PLE!$G$15,$M63-$A$15,BY$13)))","v":0},{"$f":"IF(OR($D63<>\"Serviço\",AND(AUTOEVENTO=\"Manual\",$M63=$A$15),$M63>(ROW(PLE.lastrow)-ROW(PLE.firstrow))),0,\n           IF(OFFSET(PLE!$G$15,$M63-$A$15,BZ$13)=\"\",10^12,OFFSET(PLE!$G$15,$M63-$A$15,BZ$13)))","v":0},{"$f":"IF(OR($D63<>\"Serviço\",AND(AUTOEVENTO=\"Manual\",$M63=$A$15),$M63>(ROW(PLE.lastrow)-ROW(PLE.firstrow))),0,\n           IF(OFFSET(PLE!$G$15,$M63-$A$15,CA$13)=\"\",10^12,OFFSET(PLE!$G$15,$M63-$A$15,CA$13)))","v":0},{"$f":"IF(OR($D63<>\"Serviço\",AND(AUTOEVENTO=\"Manual\",$M63=$A$15),$M63>(ROW(PLE.lastrow)-ROW(PLE.firstrow))),0,\n           IF(OFFSET(PLE!$G$15,$M63-$A$15,CB$13)=\"\",10^12,OFFSET(PLE!$G$15,$M63-$A$15,CB$13)))","v":0},{"$f":"IF(OR($D63<>\"Serviço\",AND(AUTOEVENTO=\"Manual\",$M63=$A$15),$M63>(ROW(PLE.lastrow)-ROW(PLE.firstrow))),0,\n           IF(OFFSET(PLE!$G$15,$M63-$A$15,CC$13)=\"\",10^12,OFFSET(PLE!$G$15,$M63-$A$15,CC$13)))","v":0},{"$f":"IF(OR($D63<>\"Serviço\",AND(AUTOEVENTO=\"Manual\",$M63=$A$15),$M63>(ROW(PLE.lastrow)-ROW(PLE.firstrow))),0,\n           IF(OFFSET(PLE!$G$15,$M63-$A$15,CD$13)=\"\",10^12,OFFSET(PLE!$G$15,$M63-$A$15,CD$13)))","v":0},{"$f":"IF(OR($D63<>\"Serviço\",AND(AUTOEVENTO=\"Manual\",$M63=$A$15),$M63>(ROW(PLE.lastrow)-ROW(PLE.firstrow))),0,\n           IF(OFFSET(PLE!$G$15,$M63-$A$15,CE$13)=\"\",10^12,OFFSET(PLE!$G$15,$M63-$A$15,CE$13)))","v":0},{"$f":"IF(OR($D63<>\"Serviço\",AND(AUTOEVENTO=\"Manual\",$M63=$A$15),$M63>(ROW(PLE.lastrow)-ROW(PLE.firstrow))),0,\n           IF(OFFSET(PLE!$G$15,$M63-$A$15,CF$13)=\"\",10^12,OFFSET(PLE!$G$15,$M63-$A$15,CF$13)))","v":0},{"$f":"IF(OR($D63<>\"Serviço\",AND(AUTOEVENTO=\"Manual\",$M63=$A$15),$M63>(ROW(PLE.lastrow)-ROW(PLE.firstrow))),0,\n           IF(OFFSET(PLE!$G$15,$M63-$A$15,CG$13)=\"\",10^12,OFFSET(PLE!$G$15,$M63-$A$15,CG$13)))","v":0},{"$f":"IF(OR($D63<>\"Serviço\",AND(AUTOEVENTO=\"Manual\",$M63=$A$15),$M63>(ROW(PLE.lastrow)-ROW(PLE.firstrow))),0,\n           IF(OFFSET(PLE!$G$15,$M63-$A$15,CH$13)=\"\",10^12,OFFSET(PLE!$G$15,$M63-$A$15,CH$13)))","v":0},{"$f":"IF(OR($D63<>\"Serviço\",AND(AUTOEVENTO=\"Manual\",$M63=$A$15),$M63>(ROW(PLE.lastrow)-ROW(PLE.firstrow))),0,\n           IF(OFFSET(PLE!$G$15,$M63-$A$15,CI$13)=\"\",10^12,OFFSET(PLE!$G$15,$M63-$A$15,CI$13)))","v":0},{"$f":"IF(OR($D63<>\"Serviço\",AND(AUTOEVENTO=\"Manual\",$M63=$A$15),$M63>(ROW(PLE.lastrow)-ROW(PLE.firstrow))),0,\n           IF(OFFSET(PLE!$G$15,$M63-$A$15,CJ$13)=\"\",10^12,OFFSET(PLE!$G$15,$M63-$A$15,CJ$13)))","v":0},{"$f":"IF(OR($D63<>\"Serviço\",AND(AUTOEVENTO=\"Manual\",$M63=$A$15),$M63>(ROW(PLE.lastrow)-ROW(PLE.firstrow))),0,\n           IF(OFFSET(PLE!$G$15,$M63-$A$15,CK$13)=\"\",10^12,OFFSET(PLE!$G$15,$M63-$A$15,CK$13)))","v":0},{"$f":"IF(OR($D63<>\"Serviço\",AND(AUTOEVENTO=\"Manual\",$M63=$A$15),$M63>(ROW(PLE.lastrow)-ROW(PLE.firstrow))),0,\n           IF(OFFSET(PLE!$G$15,$M63-$A$15,CL$13)=\"\",10^12,OFFSET(PLE!$G$15,$M63-$A$15,CL$13)))","v":0},{"$f":"IF(OR($D63<>\"Serviço\",AND(AUTOEVENTO=\"Manual\",$M63=$A$15),$M63>(ROW(PLE.lastrow)-ROW(PLE.firstrow))),0,\n           IF(OFFSET(PLE!$G$15,$M63-$A$15,CM$13)=\"\",10^12,OFFSET(PLE!$G$15,$M63-$A$15,CM$13)))","v":0}]
[0,{"$f":"OFFSET(ORÇAMENTO!C$15,ROW(B64)-ROW(B$15),0)","v":"S"},{"$f":"OFFSET(ORÇAMENTO!L$15,ROW(C64)-ROW(C$15),0)","v":"F"},{"$f":"OFFSET(ORÇAMENTO!N$15,ROW(D64)-ROW(D$15),0)","v":"Serviço"},{"$f":"OFFSET(ORÇAMENTO!O$15,ROW(E64)-ROW(E$15),0)","v":"1.4.14."},{"$f":"OFFSET(ORÇAMENTO!R$15,ROW(F64)-ROW(F$15),0)","v":"TRANSPORTE COM CAMINHÃO BASCULANTE DE 14 M³, EM VIA URBANA PAVIMENTADA, DMT ATÉ 30 KM (UNIDADE: M3XKM). AF_07/2020"},{"$f":"IF($D64<>\"Serviço\",\"\",OFFSET(ORÇAMENTO!S$15,ROW(G64)-ROW(G$15),0))","v":"M3XKM"},{"$f":"IF($D64<>\"Serviço\",0,IF(ACOMPANHAMENTO=\"BM\",ROUND(OFFSET(ORÇAMENTO!AJ$15,ROW(H64)-ROW(H$15),0),15-13*ORÇAMENTO!$AF$7),SUMPRODUCT(($Q$1:$AI$1=1)*ROUND($Q64:$AI64,15-13*ORÇAMENTO!$AF$7))))","v":1133.1300000000001},null,{"$f":"IF(B64<>\"S\",\"\",IF(AND(ACOMPANHAMENTO=\"PLE\",AUTOEVENTO=\"Manual\",OR(H64>0,ORÇAMENTO!AC64=\"QUANT.\"),OR(K64=\"\",M64=0,N64=\"\")),\"►\",IF(AND(ACOMPANHAMENTO=\"PLE\",ORÇAMENTO!AC64=\"QUANT.\"),\"►►\",IF(AND(COUNTIF($P$11:$AI$11,\"▼\")=0,H64>0,I64=\"\"),\"◄\",\"\"))))","v":"◄"},null,".",{"$f":"IF($D64<>\"Serviço\",\"\",\n          IF(AUTOEVENTO=\"manual\",$A64,\n                IF(ISERROR(MATCH($A64,$A$15:OFFSET($A64,-1,0),0)),MAX($M$15:OFFSET(M64,-1,0))+1,\n                      INDEX($M$15:OFFSET(M64,-1,0),MATCH($A64,$A$15:OFFSET($A64,-1,0),0)))))","v":0},{"$f":"IF($D64<>\"Serviço\",\"\",\n         IF(AUTOEVENTO=\"Manual\",\n                IF($A64=0,\"<-- defina o número do agrupador\",\n                       OFFSET(EVENTOS!$D$15,$A64-$A$15,0)),\n                OFFSET($F$15,$A64,0)))","v":"<-- defina o número do agrupador"},null,null,null,null,null,null,null,null,null,null,null,null,null,null,null,null,null,null,null,null,null,{"$f":"IF(AND($D64=\"Serviço\",AJ$12<>0,$H64>0,OR(AUTOEVENTO<>\"manual\",$M64<>$A$15)),\n        IF(Import.TipoArredondamento<>\"TransfereGOV\",\n              ROUND(OFFSET($P64,0,AJ$13),15-13*ORÇAMENTO!$AF$7)/$H64*OFFSET(ORÇAMENTO!$X$15,ROW(AJ64)-ROW(AJ$15),0),\n              ROUND(ROUND(OFFSET($P64,0,AJ$13),15-13*ORÇAMENTO!$AF$7)*OFFSET(ORÇAMENTO!$W$15,ROW(AJ64)-ROW(AJ$15),0),15-13*ORÇAMENTO!$AF$11)),\n         0)","v":0},{"$f":"IF(AND($D64=\"Serviço\",AK$12<>0,$H64>0,OR(AUTOEVENTO<>\"manual\",$M64<>$A$15)),\n        IF(Import.TipoArredondamento<>\"TransfereGOV\",\n              ROUND(OFFSET($P64,0,AK$13),15-13*ORÇAMENTO!$AF$7)/$H64*OFFSET(ORÇAMENTO!$X$15,ROW(AK64)-ROW(AK$15),0),\n              ROUND(ROUND(OFFSET($P64,0,AK$13),15-13*ORÇAMENTO!$AF$7)*OFFSET(ORÇAMENTO!$W$15,ROW(AK64)-ROW(AK$15),0),15-13*ORÇAMENTO!$AF$11)),\n         0)","v":0},{"$f":"IF(AND($D64=\"Serviço\",AL$12<>0,$H64>0,OR(AUTOEVENTO<>\"manual\",$M64<>$A$15)),\n        IF(Import.TipoArredondamento<>\"TransfereGOV\",\n              ROUND(OFFSET($P64,0,AL$13),15-13*ORÇAMENTO!$AF$7)/$H64*OFFSET(ORÇAMENTO!$X$15,ROW(AL64)-ROW(AL$15),0),\n              ROUND(ROUND(OFFSET($P64,0,AL$13),15-13*ORÇAMENTO!$AF$7)*OFFSET(ORÇAMENTO!$W$15,ROW(AL64)-ROW(AL$15),0),15-13*ORÇAMENTO!$AF$11)),\n         0)","v":0},{"$f":"IF(AND($D64=\"Serviço\",AM$12<>0,$H64>0,OR(AUTOEVENTO<>\"manual\",$M64<>$A$15)),\n        IF(Import.TipoArredondamento<>\"TransfereGOV\",\n              ROUND(OFFSET($P64,0,AM$13),15-13*ORÇAMENTO!$AF$7)/$H64*OFFSET(ORÇAMENTO!$X$15,ROW(AM64)-ROW(AM$15),0),\n              ROUND(ROUND(OFFSET($P64,0,AM$13),15-13*ORÇAMENTO!$AF$7)*OFFSET(ORÇAMENTO!$W$15,ROW(AM64)-ROW(AM$15),0),15-13*ORÇAMENTO!$AF$11)),\n         0)","v":0},{"$f":"IF(AND($D64=\"Serviço\",AN$12<>0,$H64>0,OR(AUTOEVENTO<>\"manual\",$M64<>$A$15)),\n        IF(Import.TipoArredondamento<>\"TransfereGOV\",\n              ROUND(OFFSET($P64,0,AN$13),15-13*ORÇAMENTO!$AF$7)/$H64*OFFSET(ORÇAMENTO!$X$15,ROW(AN64)-ROW(AN$15),0),\n              ROUND(ROUND(OFFSET($P64,0,AN$13),15-13*ORÇAMENTO!$AF$7)*OFFSET(ORÇAMENTO!$W$15,ROW(AN64)-ROW(AN$15),0),15-13*ORÇAMENTO!$AF$11)),\n         0)","v":0},{"$f":"IF(AND($D64=\"Serviço\",AO$12<>0,$H64>0,OR(AUTOEVENTO<>\"manual\",$M64<>$A$15)),\n        IF(Import.TipoArredondamento<>\"TransfereGOV\",\n              ROUND(OFFSET($P64,0,AO$13),15-13*ORÇAMENTO!$AF$7)/$H64*OFFSET(ORÇAMENTO!$X$15,ROW(AO64)-ROW(AO$15),0),\n              ROUND(ROUND(OFFSET($P64,0,AO$13),15-13*ORÇAMENTO!$AF$7)*OFFSET(ORÇAMENTO!$W$15,ROW(AO64)-ROW(AO$15),0),15-13*ORÇAMENTO!$AF$11)),\n         0)","v":0},{"$f":"IF(AND($D64=\"Serviço\",AP$12<>0,$H64>0,OR(AUTOEVENTO<>\"manual\",$M64<>$A$15)),\n        IF(Import.TipoArredondamento<>\"TransfereGOV\",\n              ROUND(OFFSET($P64,0,AP$13),15-13*ORÇAMENTO!$AF$7)/$H64*OFFSET(ORÇAMENTO!$X$15,ROW(AP64)-ROW(AP$15),0),\n              ROUND(ROUND(OFFSET($P64,0,AP$13),15-13*ORÇAMENTO!$AF$7)*OFFSET(ORÇAMENTO!$W$15,ROW(AP64)-ROW(AP$15),0),15-13*ORÇAMENTO!$AF$11)),\n         0)","v":0},{"$f":"IF(AND($D64=\"Serviço\",AQ$12<>0,$H64>0,OR(AUTOEVENTO<>\"manual\",$M64<>$A$15)),\n        IF(Import.TipoArredondamento<>\"TransfereGOV\",\n              ROUND(OFFSET($P64,0,AQ$13),15-13*ORÇAMENTO!$AF$7)/$H64*OFFSET(ORÇAMENTO!$X$15,ROW(AQ64)-ROW(AQ$15),0),\n              ROUND(ROUND(OFFSET($P64,0,AQ$13),15-13*ORÇAMENTO!$AF$7)*OFFSET(ORÇAMENTO!$W$15,ROW(AQ64)-ROW(AQ$15),0),15-13*ORÇAMENTO!$AF$11)),\n         0)","v":0},{"$f":"IF(AND($D64=\"Serviço\",AR$12<>0,$H64>0,OR(AUTOEVENTO<>\"manual\",$M64<>$A$15)),\n        IF(Import.TipoArredondamento<>\"TransfereGOV\",\n              ROUND(OFFSET($P64,0,AR$13),15-13*ORÇAMENTO!$AF$7)/$H64*OFFSET(ORÇAMENTO!$X$15,ROW(AR64)-ROW(AR$15),0),\n              ROUND(ROUND(OFFSET($P64,0,AR$13),15-13*ORÇAMENTO!$AF$7)*OFFSET(ORÇAMENTO!$W$15,ROW(AR64)-ROW(AR$15),0),15-13*ORÇAMENTO!$AF$11)),\n         0)","v":0},{"$f":"IF(AND($D64=\"Serviço\",AS$12<>0,$H64>0,OR(AUTOEVENTO<>\"manual\",$M64<>$A$15)),\n        IF(Import.TipoArredondamento<>\"TransfereGOV\",\n              ROUND(OFFSET($P64,0,AS$13),15-13*ORÇAMENTO!$AF$7)/$H64*OFFSET(ORÇAMENTO!$X$15,ROW(AS64)-ROW(AS$15),0),\n              ROUND(ROUND(OFFSET($P64,0,AS$13),15-13*ORÇAMENTO!$AF$7)*OFFSET(ORÇAMENTO!$W$15,ROW(AS64)-ROW(AS$15),0),15-13*ORÇAMENTO!$AF$11)),\n         0)","v":0},{"$f":"IF(AND($D64=\"Serviço\",AT$12<>0,$H64>0,OR(AUTOEVENTO<>\"manual\",$M64<>$A$15)),\n        IF(Import.TipoArredondamento<>\"TransfereGOV\",\n              ROUND(OFFSET($P64,0,AT$13),15-13*ORÇAMENTO!$AF$7)/$H64*OFFSET(ORÇAMENTO!$X$15,ROW(AT64)-ROW(AT$15),0),\n              ROUND(ROUND(OFFSET($P64,0,AT$13),15-13*ORÇAMENTO!$AF$7)*OFFSET(ORÇAMENTO!$W$15,ROW(AT64)-ROW(AT$15),0),15-13*ORÇAMENTO!$AF$11)),\n         0)","v":0},{"$f":"IF(AND($D64=\"Serviço\",AU$12<>0,$H64>0,OR(AUTOEVENTO<>\"manual\",$M64<>$A$15)),\n        IF(Import.TipoArredondamento<>\"TransfereGOV\",\n              ROUND(OFFSET($P64,0,AU$13),15-13*ORÇAMENTO!$AF$7)/$H64*OFFSET(ORÇAMENTO!$X$15,ROW(AU64)-ROW(AU$15),0),\n              ROUND(ROUND(OFFSET($P64,0,AU$13),15-13*ORÇAMENTO!$AF$7)*OFFSET(ORÇAMENTO!$W$15,ROW(AU64)-ROW(AU$15),0),15-13*ORÇAMENTO!$AF$11)),\n         0)","v":0},{"$f":"IF(AND($D64=\"Serviço\",AV$12<>0,$H64>0,OR(AUTOEVENTO<>\"manual\",$M64<>$A$15)),\n        IF(Import.TipoArredondamento<>\"TransfereGOV\",\n              ROUND(OFFSET($P64,0,AV$13),15-13*ORÇAMENTO!$AF$7)/$H64*OFFSET(ORÇAMENTO!$X$15,ROW(AV64)-ROW(AV$15),0),\n              ROUND(ROUND(OFFSET($P64,0,AV$13),15-13*ORÇAMENTO!$AF$7)*OFFSET(ORÇAMENTO!$W$15,ROW(AV64)-ROW(AV$15),0),15-13*ORÇAMENTO!$AF$11)),\n         0)","v":0},{"$f":"IF(AND($D64=\"Serviço\",AW$12<>0,$H64>0,OR(AUTOEVENTO<>\"manual\",$M64<>$A$15)),\n        IF(Import.TipoArredondamento<>\"TransfereGOV\",\n              ROUND(OFFSET($P64,0,AW$13),15-13*ORÇAMENTO!$AF$7)/$H64*OFFSET(ORÇAMENTO!$X$15,ROW(AW64)-ROW(AW$15),0),\n              ROUND(ROUND(OFFSET($P64,0,AW$13),15-13*ORÇAMENTO!$AF$7)*OFFSET(ORÇAMENTO!$W$15,ROW(AW64)-ROW(AW$15),0),15-13*ORÇAMENTO!$AF$11)),\n         0)","v":0},{"$f":"IF(AND($D64=\"Serviço\",AX$12<>0,$H64>0,OR(AUTOEVENTO<>\"manual\",$M64<>$A$15)),\n        IF(Import.TipoArredondamento<>\"TransfereGOV\",\n              ROUND(OFFSET($P64,0,AX$13),15-13*ORÇAMENTO!$AF$7)/$H64*OFFSET(ORÇAMENTO!$X$15,ROW(AX64)-ROW(AX$15),0),\n              ROUND(ROUND(OFFSET($P64,0,AX$13),15-13*ORÇAMENTO!$AF$7)*OFFSET(ORÇAMENTO!$W$15,ROW(AX64)-ROW(AX$15),0),15-13*ORÇAMENTO!$AF$11)),\n         0)","v":0},{"$f":"IF(AND($D64=\"Serviço\",AY$12<>0,$H64>0,OR(AUTOEVENTO<>\"manual\",$M64<>$A$15)),\n        IF(Import.TipoArredondamento<>\"TransfereGOV\",\n              ROUND(OFFSET($P64,0,AY$13),15-13*ORÇAMENTO!$AF$7)/$H64*OFFSET(ORÇAMENTO!$X$15,ROW(AY64)-ROW(AY$15),0),\n              ROUND(ROUND(OFFSET($P64,0,AY$13),15-13*ORÇAMENTO!$AF$7)*OFFSET(ORÇAMENTO!$W$15,ROW(AY64)-ROW(AY$15),0),15-13*ORÇAMENTO!$AF$11)),\n         0)","v":0},{"$f":"IF(AND($D64=\"Serviço\",AZ$12<>0,$H64>0,OR(AUTOEVENTO<>\"manual\",$M64<>$A$15)),\n        IF(Import.TipoArredondamento<>\"TransfereGOV\",\n              ROUND(OFFSET($P64,0,AZ$13),15-13*ORÇAMENTO!$AF$7)/$H64*OFFSET(ORÇAMENTO!$X$15,ROW(AZ64)-ROW(AZ$15),0),\n              ROUND(ROUND(OFFSET($P64,0,AZ$13),15-13*ORÇAMENTO!$AF$7)*OFFSET(ORÇAMENTO!$W$15,ROW(AZ64)-ROW(AZ$15),0),15-13*ORÇAMENTO!$AF$11)),\n         0)","v":0},{"$f":"IF(AND($D64=\"Serviço\",BA$12<>0,$H64>0,OR(AUTOEVENTO<>\"manual\",$M64<>$A$15)),\n        IF(Import.TipoArredondamento<>\"TransfereGOV\",\n              ROUND(OFFSET($P64,0,BA$13),15-13*ORÇAMENTO!$AF$7)/$H64*OFFSET(ORÇAMENTO!$X$15,ROW(BA64)-ROW(BA$15),0),\n              ROUND(ROUND(OFFSET($P64,0,BA$13),15-13*ORÇAMENTO!$AF$7)*OFFSET(ORÇAMENTO!$W$15,ROW(BA64)-ROW(BA$15),0),15-13*ORÇAMENTO!$AF$11)),\n         0)","v":0},null,{"$f":"IF(OR($D64<>\"Serviço\",AND(AUTOEVENTO=\"Manual\",$M64=$A$15)),0,\n         IF(OFFSET(CRONOPLE!$F$15,$M64-$A$15,BC$13)=\"\",10^12,OFFSET(CRONOPLE!$F$15,$M64-$A$15,BC$13)))","v":0},{"$f":"IF(OR($D64<>\"Serviço\",AND(AUTOEVENTO=\"Manual\",$M64=$A$15)),0,\n         IF(OFFSET(CRONOPLE!$F$15,$M64-$A$15,BD$13)=\"\",10^12,OFFSET(CRONOPLE!$F$15,$M64-$A$15,BD$13)))","v":0},{"$f":"IF(OR($D64<>\"Serviço\",AND(AUTOEVENTO=\"Manual\",$M64=$A$15)),0,\n         IF(OFFSET(CRONOPLE!$F$15,$M64-$A$15,BE$13)=\"\",10^12,OFFSET(CRONOPLE!$F$15,$M64-$A$15,BE$13)))","v":0},{"$f":"IF(OR($D64<>\"Serviço\",AND(AUTOEVENTO=\"Manual\",$M64=$A$15)),0,\n         IF(OFFSET(CRONOPLE!$F$15,$M64-$A$15,BF$13)=\"\",10^12,OFFSET(CRONOPLE!$F$15,$M64-$A$15,BF$13)))","v":0},{"$f":"IF(OR($D64<>\"Serviço\",AND(AUTOEVENTO=\"Manual\",$M64=$A$15)),0,\n         IF(OFFSET(CRONOPLE!$F$15,$M64-$A$15,BG$13)=\"\",10^12,OFFSET(CRONOPLE!$F$15,$M64-$A$15,BG$13)))","v":0},{"$f":"IF(OR($D64<>\"Serviço\",AND(AUTOEVENTO=\"Manual\",$M64=$A$15)),0,\n         IF(OFFSET(CRONOPLE!$F$15,$M64-$A$15,BH$13)=\"\",10^12,OFFSET(CRONOPLE!$F$15,$M64-$A$15,BH$13)))","v":0},{"$f":"IF(OR($D64<>\"Serviço\",AND(AUTOEVENTO=\"Manual\",$M64=$A$15)),0,\n         IF(OFFSET(CRONOPLE!$F$15,$M64-$A$15,BI$13)=\"\",10^12,OFFSET(CRONOPLE!$F$15,$M64-$A$15,BI$13)))","v":0},{"$f":"IF(OR($D64<>\"Serviço\",AND(AUTOEVENTO=\"Manual\",$M64=$A$15)),0,\n         IF(OFFSET(CRONOPLE!$F$15,$M64-$A$15,BJ$13)=\"\",10^12,OFFSET(CRONOPLE!$F$15,$M64-$A$15,BJ$13)))","v":0},{"$f":"IF(OR($D64<>\"Serviço\",AND(AUTOEVENTO=\"Manual\",$M64=$A$15)),0,\n         IF(OFFSET(CRONOPLE!$F$15,$M64-$A$15,BK$13)=\"\",10^12,OFFSET(CRONOPLE!$F$15,$M64-$A$15,BK$13)))","v":0},{"$f":"IF(OR($D64<>\"Serviço\",AND(AUTOEVENTO=\"Manual\",$M64=$A$15)),0,\n         IF(OFFSET(CRONOPLE!$F$15,$M64-$A$15,BL$13)=\"\",10^12,OFFSET(CRONOPLE!$F$15,$M64-$A$15,BL$13)))","v":0},{"$f":"IF(OR($D64<>\"Serviço\",AND(AUTOEVENTO=\"Manual\",$M64=$A$15)),0,\n         IF(OFFSET(CRONOPLE!$F$15,$M64-$A$15,BM$13)=\"\",10^12,OFFSET(CRONOPLE!$F$15,$M64-$A$15,BM$13)))","v":0},{"$f":"IF(OR($D64<>\"Serviço\",AND(AUTOEVENTO=\"Manual\",$M64=$A$15)),0,\n         IF(OFFSET(CRONOPLE!$F$15,$M64-$A$15,BN$13)=\"\",10^12,OFFSET(CRONOPLE!$F$15,$M64-$A$15,BN$13)))","v":0},{"$f":"IF(OR($D64<>\"Serviço\",AND(AUTOEVENTO=\"Manual\",$M64=$A$15)),0,\n         IF(OFFSET(CRONOPLE!$F$15,$M64-$A$15,BO$13)=\"\",10^12,OFFSET(CRONOPLE!$F$15,$M64-$A$15,BO$13)))","v":0},{"$f":"IF(OR($D64<>\"Serviço\",AND(AUTOEVENTO=\"Manual\",$M64=$A$15)),0,\n         IF(OFFSET(CRONOPLE!$F$15,$M64-$A$15,BP$13)=\"\",10^12,OFFSET(CRONOPLE!$F$15,$M64-$A$15,BP$13)))","v":0},{"$f":"IF(OR($D64<>\"Serviço\",AND(AUTOEVENTO=\"Manual\",$M64=$A$15)),0,\n         IF(OFFSET(CRONOPLE!$F$15,$M64-$A$15,BQ$13)=\"\",10^12,OFFSET(CRONOPLE!$F$15,$M64-$A$15,BQ$13)))","v":0},{"$f":"IF(OR($D64<>\"Serviço\",AND(AUTOEVENTO=\"Manual\",$M64=$A$15)),0,\n         IF(OFFSET(CRONOPLE!$F$15,$M64-$A$15,BR$13)=\"\",10^12,OFFSET(CRONOPLE!$F$15,$M64-$A$15,BR$13)))","v":0},{"$f":"IF(OR($D64<>\"Serviço\",AND(AUTOEVENTO=\"Manual\",$M64=$A$15)),0,\n         IF(OFFSET(CRONOPLE!$F$15,$M64-$A$15,BS$13)=\"\",10^12,OFFSET(CRONOPLE!$F$15,$M64-$A$15,BS$13)))","v":0},{"$f":"IF(OR($D64<>\"Serviço\",AND(AUTOEVENTO=\"Manual\",$M64=$A$15)),0,\n         IF(OFFSET(CRONOPLE!$F$15,$M64-$A$15,BT$13)=\"\",10^12,OFFSET(CRONOPLE!$F$15,$M64-$A$15,BT$13)))","v":0},null,{"$f":"IF(OR($D64<>\"Serviço\",AND(AUTOEVENTO=\"Manual\",$M64=$A$15),$M64>(ROW(PLE.lastrow)-ROW(PLE.firstrow))),0,\n           IF(OFFSET(PLE!$G$15,$M64-$A$15,BV$13)=\"\",10^12,OFFSET(PLE!$G$15,$M64-$A$15,BV$13)))","v":0},{"$f":"IF(OR($D64<>\"Serviço\",AND(AUTOEVENTO=\"Manual\",$M64=$A$15),$M64>(ROW(PLE.lastrow)-ROW(PLE.firstrow))),0,\n           IF(OFFSET(PLE!$G$15,$M64-$A$15,BW$13)=\"\",10^12,OFFSET(PLE!$G$15,$M64-$A$15,BW$13)))","v":0},{"$f":"IF(OR($D64<>\"Serviço\",AND(AUTOEVENTO=\"Manual\",$M64=$A$15),$M64>(ROW(PLE.lastrow)-ROW(PLE.firstrow))),0,\n           IF(OFFSET(PLE!$G$15,$M64-$A$15,BX$13)=\"\",10^12,OFFSET(PLE!$G$15,$M64-$A$15,BX$13)))","v":0},{"$f":"IF(OR($D64<>\"Serviço\",AND(AUTOEVENTO=\"Manual\",$M64=$A$15),$M64>(ROW(PLE.lastrow)-ROW(PLE.firstrow))),0,\n           IF(OFFSET(PLE!$G$15,$M64-$A$15,BY$13)=\"\",10^12,OFFSET(PLE!$G$15,$M64-$A$15,BY$13)))","v":0},{"$f":"IF(OR($D64<>\"Serviço\",AND(AUTOEVENTO=\"Manual\",$M64=$A$15),$M64>(ROW(PLE.lastrow)-ROW(PLE.firstrow))),0,\n           IF(OFFSET(PLE!$G$15,$M64-$A$15,BZ$13)=\"\",10^12,OFFSET(PLE!$G$15,$M64-$A$15,BZ$13)))","v":0},{"$f":"IF(OR($D64<>\"Serviço\",AND(AUTOEVENTO=\"Manual\",$M64=$A$15),$M64>(ROW(PLE.lastrow)-ROW(PLE.firstrow))),0,\n           IF(OFFSET(PLE!$G$15,$M64-$A$15,CA$13)=\"\",10^12,OFFSET(PLE!$G$15,$M64-$A$15,CA$13)))","v":0},{"$f":"IF(OR($D64<>\"Serviço\",AND(AUTOEVENTO=\"Manual\",$M64=$A$15),$M64>(ROW(PLE.lastrow)-ROW(PLE.firstrow))),0,\n           IF(OFFSET(PLE!$G$15,$M64-$A$15,CB$13)=\"\",10^12,OFFSET(PLE!$G$15,$M64-$A$15,CB$13)))","v":0},{"$f":"IF(OR($D64<>\"Serviço\",AND(AUTOEVENTO=\"Manual\",$M64=$A$15),$M64>(ROW(PLE.lastrow)-ROW(PLE.firstrow))),0,\n           IF(OFFSET(PLE!$G$15,$M64-$A$15,CC$13)=\"\",10^12,OFFSET(PLE!$G$15,$M64-$A$15,CC$13)))","v":0},{"$f":"IF(OR($D64<>\"Serviço\",AND(AUTOEVENTO=\"Manual\",$M64=$A$15),$M64>(ROW(PLE.lastrow)-ROW(PLE.firstrow))),0,\n           IF(OFFSET(PLE!$G$15,$M64-$A$15,CD$13)=\"\",10^12,OFFSET(PLE!$G$15,$M64-$A$15,CD$13)))","v":0},{"$f":"IF(OR($D64<>\"Serviço\",AND(AUTOEVENTO=\"Manual\",$M64=$A$15),$M64>(ROW(PLE.lastrow)-ROW(PLE.firstrow))),0,\n           IF(OFFSET(PLE!$G$15,$M64-$A$15,CE$13)=\"\",10^12,OFFSET(PLE!$G$15,$M64-$A$15,CE$13)))","v":0},{"$f":"IF(OR($D64<>\"Serviço\",AND(AUTOEVENTO=\"Manual\",$M64=$A$15),$M64>(ROW(PLE.lastrow)-ROW(PLE.firstrow))),0,\n           IF(OFFSET(PLE!$G$15,$M64-$A$15,CF$13)=\"\",10^12,OFFSET(PLE!$G$15,$M64-$A$15,CF$13)))","v":0},{"$f":"IF(OR($D64<>\"Serviço\",AND(AUTOEVENTO=\"Manual\",$M64=$A$15),$M64>(ROW(PLE.lastrow)-ROW(PLE.firstrow))),0,\n           IF(OFFSET(PLE!$G$15,$M64-$A$15,CG$13)=\"\",10^12,OFFSET(PLE!$G$15,$M64-$A$15,CG$13)))","v":0},{"$f":"IF(OR($D64<>\"Serviço\",AND(AUTOEVENTO=\"Manual\",$M64=$A$15),$M64>(ROW(PLE.lastrow)-ROW(PLE.firstrow))),0,\n           IF(OFFSET(PLE!$G$15,$M64-$A$15,CH$13)=\"\",10^12,OFFSET(PLE!$G$15,$M64-$A$15,CH$13)))","v":0},{"$f":"IF(OR($D64<>\"Serviço\",AND(AUTOEVENTO=\"Manual\",$M64=$A$15),$M64>(ROW(PLE.lastrow)-ROW(PLE.firstrow))),0,\n           IF(OFFSET(PLE!$G$15,$M64-$A$15,CI$13)=\"\",10^12,OFFSET(PLE!$G$15,$M64-$A$15,CI$13)))","v":0},{"$f":"IF(OR($D64<>\"Serviço\",AND(AUTOEVENTO=\"Manual\",$M64=$A$15),$M64>(ROW(PLE.lastrow)-ROW(PLE.firstrow))),0,\n           IF(OFFSET(PLE!$G$15,$M64-$A$15,CJ$13)=\"\",10^12,OFFSET(PLE!$G$15,$M64-$A$15,CJ$13)))","v":0},{"$f":"IF(OR($D64<>\"Serviço\",AND(AUTOEVENTO=\"Manual\",$M64=$A$15),$M64>(ROW(PLE.lastrow)-ROW(PLE.firstrow))),0,\n           IF(OFFSET(PLE!$G$15,$M64-$A$15,CK$13)=\"\",10^12,OFFSET(PLE!$G$15,$M64-$A$15,CK$13)))","v":0},{"$f":"IF(OR($D64<>\"Serviço\",AND(AUTOEVENTO=\"Manual\",$M64=$A$15),$M64>(ROW(PLE.lastrow)-ROW(PLE.firstrow))),0,\n           IF(OFFSET(PLE!$G$15,$M64-$A$15,CL$13)=\"\",10^12,OFFSET(PLE!$G$15,$M64-$A$15,CL$13)))","v":0},{"$f":"IF(OR($D64<>\"Serviço\",AND(AUTOEVENTO=\"Manual\",$M64=$A$15),$M64>(ROW(PLE.lastrow)-ROW(PLE.firstrow))),0,\n           IF(OFFSET(PLE!$G$15,$M64-$A$15,CM$13)=\"\",10^12,OFFSET(PLE!$G$15,$M64-$A$15,CM$13)))","v":0}]
[0,{"$f":"OFFSET(ORÇAMENTO!C$15,ROW(B65)-ROW(B$15),0)","v":"S"},{"$f":"OFFSET(ORÇAMENTO!L$15,ROW(C65)-ROW(C$15),0)","v":"F"},{"$f":"OFFSET(ORÇAMENTO!N$15,ROW(D65)-ROW(D$15),0)","v":"Serviço"},{"$f":"OFFSET(ORÇAMENTO!O$15,ROW(E65)-ROW(E$15),0)","v":"1.4.15."},{"$f":"OFFSET(ORÇAMENTO!R$15,ROW(F65)-ROW(F$15),0)","v":"TRANSPORTE COM CAMINHÃO BASCULANTE DE 14 M³, EM VIA URBANA PAVIMENTADA, ADICIONAL PARA DMT EXCEDENTE A 30 KM (UNIDADE: M3XKM). AF_07/2020"},{"$f":"IF($D65<>\"Serviço\",\"\",OFFSET(ORÇAMENTO!S$15,ROW(G65)-ROW(G$15),0))","v":"M3XKM"},{"$f":"IF($D65<>\"Serviço\",0,IF(ACOMPANHAMENTO=\"BM\",ROUND(OFFSET(ORÇAMENTO!AJ$15,ROW(H65)-ROW(H$15),0),15-13*ORÇAMENTO!$AF$7),SUMPRODUCT(($Q$1:$AI$1=1)*ROUND($Q65:$AI65,15-13*ORÇAMENTO!$AF$7))))","v":2304.02},null,{"$f":"IF(B65<>\"S\",\"\",IF(AND(ACOMPANHAMENTO=\"PLE\",AUTOEVENTO=\"Manual\",OR(H65>0,ORÇAMENTO!AC65=\"QUANT.\"),OR(K65=\"\",M65=0,N65=\"\")),\"►\",IF(AND(ACOMPANHAMENTO=\"PLE\",ORÇAMENTO!AC65=\"QUANT.\"),\"►►\",IF(AND(COUNTIF($P$11:$AI$11,\"▼\")=0,H65>0,I65=\"\"),\"◄\",\"\"))))","v":"◄"},null,".",{"$f":"IF($D65<>\"Serviço\",\"\",\n          IF(AUTOEVENTO=\"manual\",$A65,\n                IF(ISERROR(MATCH($A65,$A$15:OFFSET($A65,-1,0),0)),MAX($M$15:OFFSET(M65,-1,0))+1,\n                      INDEX($M$15:OFFSET(M65,-1,0),MATCH($A65,$A$15:OFFSET($A65,-1,0),0)))))","v":0},{"$f":"IF($D65<>\"Serviço\",\"\",\n         IF(AUTOEVENTO=\"Manual\",\n                IF($A65=0,\"<-- defina o número do agrupador\",\n                       OFFSET(EVENTOS!$D$15,$A65-$A$15,0)),\n                OFFSET($F$15,$A65,0)))","v":"<-- defina o número do agrupador"},null,null,null,null,null,null,null,null,null,null,null,null,null,null,null,null,null,null,null,null,null,{"$f":"IF(AND($D65=\"Serviço\",AJ$12<>0,$H65>0,OR(AUTOEVENTO<>\"manual\",$M65<>$A$15)),\n        IF(Import.TipoArredondamento<>\"TransfereGOV\",\n              ROUND(OFFSET($P65,0,AJ$13),15-13*ORÇAMENTO!$AF$7)/$H65*OFFSET(ORÇAMENTO!$X$15,ROW(AJ65)-ROW(AJ$15),0),\n              ROUND(ROUND(OFFSET($P65,0,AJ$13),15-13*ORÇAMENTO!$AF$7)*OFFSET(ORÇAMENTO!$W$15,ROW(AJ65)-ROW(AJ$15),0),15-13*ORÇAMENTO!$AF$11)),\n         0)","v":0},{"$f":"IF(AND($D65=\"Serviço\",AK$12<>0,$H65>0,OR(AUTOEVENTO<>\"manual\",$M65<>$A$15)),\n        IF(Import.TipoArredondamento<>\"TransfereGOV\",\n              ROUND(OFFSET($P65,0,AK$13),15-13*ORÇAMENTO!$AF$7)/$H65*OFFSET(ORÇAMENTO!$X$15,ROW(AK65)-ROW(AK$15),0),\n              ROUND(ROUND(OFFSET($P65,0,AK$13),15-13*ORÇAMENTO!$AF$7)*OFFSET(ORÇAMENTO!$W$15,ROW(AK65)-ROW(AK$15),0),15-13*ORÇAMENTO!$AF$11)),\n         0)","v":0},{"$f":"IF(AND($D65=\"Serviço\",AL$12<>0,$H65>0,OR(AUTOEVENTO<>\"manual\",$M65<>$A$15)),\n        IF(Import.TipoArredondamento<>\"TransfereGOV\",\n              ROUND(OFFSET($P65,0,AL$13),15-13*ORÇAMENTO!$AF$7)/$H65*OFFSET(ORÇAMENTO!$X$15,ROW(AL65)-ROW(AL$15),0),\n              ROUND(ROUND(OFFSET($P65,0,AL$13),15-13*ORÇAMENTO!$AF$7)*OFFSET(ORÇAMENTO!$W$15,ROW(AL65)-ROW(AL$15),0),15-13*ORÇAMENTO!$AF$11)),\n         0)","v":0},{"$f":"IF(AND($D65=\"Serviço\",AM$12<>0,$H65>0,OR(AUTOEVENTO<>\"manual\",$M65<>$A$15)),\n        IF(Import.TipoArredondamento<>\"TransfereGOV\",\n              ROUND(OFFSET($P65,0,AM$13),15-13*ORÇAMENTO!$AF$7)/$H65*OFFSET(ORÇAMENTO!$X$15,ROW(AM65)-ROW(AM$15),0),\n              ROUND(ROUND(OFFSET($P65,0,AM$13),15-13*ORÇAMENTO!$AF$7)*OFFSET(ORÇAMENTO!$W$15,ROW(AM65)-ROW(AM$15),0),15-13*ORÇAMENTO!$AF$11)),\n         0)","v":0},{"$f":"IF(AND($D65=\"Serviço\",AN$12<>0,$H65>0,OR(AUTOEVENTO<>\"manual\",$M65<>$A$15)),\n        IF(Import.TipoArredondamento<>\"TransfereGOV\",\n              ROUND(OFFSET($P65,0,AN$13),15-13*ORÇAMENTO!$AF$7)/$H65*OFFSET(ORÇAMENTO!$X$15,ROW(AN65)-ROW(AN$15),0),\n              ROUND(ROUND(OFFSET($P65,0,AN$13),15-13*ORÇAMENTO!$AF$7)*OFFSET(ORÇAMENTO!$W$15,ROW(AN65)-ROW(AN$15),0),15-13*ORÇAMENTO!$AF$11)),\n         0)","v":0},{"$f":"IF(AND($D65=\"Serviço\",AO$12<>0,$H65>0,OR(AUTOEVENTO<>\"manual\",$M65<>$A$15)),\n        IF(Import.TipoArredondamento<>\"TransfereGOV\",\n              ROUND(OFFSET($P65,0,AO$13),15-13*ORÇAMENTO!$AF$7)/$H65*OFFSET(ORÇAMENTO!$X$15,ROW(AO65)-ROW(AO$15),0),\n              ROUND(ROUND(OFFSET($P65,0,AO$13),15-13*ORÇAMENTO!$AF$7)*OFFSET(ORÇAMENTO!$W$15,ROW(AO65)-ROW(AO$15),0),15-13*ORÇAMENTO!$AF$11)),\n         0)","v":0},{"$f":"IF(AND($D65=\"Serviço\",AP$12<>0,$H65>0,OR(AUTOEVENTO<>\"manual\",$M65<>$A$15)),\n        IF(Import.TipoArredondamento<>\"TransfereGOV\",\n              ROUND(OFFSET($P65,0,AP$13),15-13*ORÇAMENTO!$AF$7)/$H65*OFFSET(ORÇAMENTO!$X$15,ROW(AP65)-ROW(AP$15),0),\n              ROUND(ROUND(OFFSET($P65,0,AP$13),15-13*ORÇAMENTO!$AF$7)*OFFSET(ORÇAMENTO!$W$15,ROW(AP65)-ROW(AP$15),0),15-13*ORÇAMENTO!$AF$11)),\n         0)","v":0},{"$f":"IF(AND($D65=\"Serviço\",AQ$12<>0,$H65>0,OR(AUTOEVENTO<>\"manual\",$M65<>$A$15)),\n        IF(Import.TipoArredondamento<>\"TransfereGOV\",\n              ROUND(OFFSET($P65,0,AQ$13),15-13*ORÇAMENTO!$AF$7)/$H65*OFFSET(ORÇAMENTO!$X$15,ROW(AQ65)-ROW(AQ$15),0),\n              ROUND(ROUND(OFFSET($P65,0,AQ$13),15-13*ORÇAMENTO!$AF$7)*OFFSET(ORÇAMENTO!$W$15,ROW(AQ65)-ROW(AQ$15),0),15-13*ORÇAMENTO!$AF$11)),\n         0)","v":0},{"$f":"IF(AND($D65=\"Serviço\",AR$12<>0,$H65>0,OR(AUTOEVENTO<>\"manual\",$M65<>$A$15)),\n        IF(Import.TipoArredondamento<>\"TransfereGOV\",\n              ROUND(OFFSET($P65,0,AR$13),15-13*ORÇAMENTO!$AF$7)/$H65*OFFSET(ORÇAMENTO!$X$15,ROW(AR65)-ROW(AR$15),0),\n              ROUND(ROUND(OFFSET($P65,0,AR$13),15-13*ORÇAMENTO!$AF$7)*OFFSET(ORÇAMENTO!$W$15,ROW(AR65)-ROW(AR$15),0),15-13*ORÇAMENTO!$AF$11)),\n         0)","v":0},{"$f":"IF(AND($D65=\"Serviço\",AS$12<>0,$H65>0,OR(AUTOEVENTO<>\"manual\",$M65<>$A$15)),\n        IF(Import.TipoArredondamento<>\"TransfereGOV\",\n              ROUND(OFFSET($P65,0,AS$13),15-13*ORÇAMENTO!$AF$7)/$H65*OFFSET(ORÇAMENTO!$X$15,ROW(AS65)-ROW(AS$15),0),\n              ROUND(ROUND(OFFSET($P65,0,AS$13),15-13*ORÇAMENTO!$AF$7)*OFFSET(ORÇAMENTO!$W$15,ROW(AS65)-ROW(AS$15),0),15-13*ORÇAMENTO!$AF$11)),\n         0)","v":0},{"$f":"IF(AND($D65=\"Serviço\",AT$12<>0,$H65>0,OR(AUTOEVENTO<>\"manual\",$M65<>$A$15)),\n        IF(Import.TipoArredondamento<>\"TransfereGOV\",\n              ROUND(OFFSET($P65,0,AT$13),15-13*ORÇAMENTO!$AF$7)/$H65*OFFSET(ORÇAMENTO!$X$15,ROW(AT65)-ROW(AT$15),0),\n              ROUND(ROUND(OFFSET($P65,0,AT$13),15-13*ORÇAMENTO!$AF$7)*OFFSET(ORÇAMENTO!$W$15,ROW(AT65)-ROW(AT$15),0),15-13*ORÇAMENTO!$AF$11)),\n         0)","v":0},{"$f":"IF(AND($D65=\"Serviço\",AU$12<>0,$H65>0,OR(AUTOEVENTO<>\"manual\",$M65<>$A$15)),\n        IF(Import.TipoArredondamento<>\"TransfereGOV\",\n              ROUND(OFFSET($P65,0,AU$13),15-13*ORÇAMENTO!$AF$7)/$H65*OFFSET(ORÇAMENTO!$X$15,ROW(AU65)-ROW(AU$15),0),\n              ROUND(ROUND(OFFSET($P65,0,AU$13),15-13*ORÇAMENTO!$AF$7)*OFFSET(ORÇAMENTO!$W$15,ROW(AU65)-ROW(AU$15),0),15-13*ORÇAMENTO!$AF$11)),\n         0)","v":0},{"$f":"IF(AND($D65=\"Serviço\",AV$12<>0,$H65>0,OR(AUTOEVENTO<>\"manual\",$M65<>$A$15)),\n        IF(Import.TipoArredondamento<>\"TransfereGOV\",\n              ROUND(OFFSET($P65,0,AV$13),15-13*ORÇAMENTO!$AF$7)/$H65*OFFSET(ORÇAMENTO!$X$15,ROW(AV65)-ROW(AV$15),0),\n              ROUND(ROUND(OFFSET($P65,0,AV$13),15-13*ORÇAMENTO!$AF$7)*OFFSET(ORÇAMENTO!$W$15,ROW(AV65)-ROW(AV$15),0),15-13*ORÇAMENTO!$AF$11)),\n         0)","v":0},{"$f":"IF(AND($D65=\"Serviço\",AW$12<>0,$H65>0,OR(AUTOEVENTO<>\"manual\",$M65<>$A$15)),\n        IF(Import.TipoArredondamento<>\"TransfereGOV\",\n              ROUND(OFFSET($P65,0,AW$13),15-13*ORÇAMENTO!$AF$7)/$H65*OFFSET(ORÇAMENTO!$X$15,ROW(AW65)-ROW(AW$15),0),\n              ROUND(ROUND(OFFSET($P65,0,AW$13),15-13*ORÇAMENTO!$AF$7)*OFFSET(ORÇAMENTO!$W$15,ROW(AW65)-ROW(AW$15),0),15-13*ORÇAMENTO!$AF$11)),\n         0)","v":0},{"$f":"IF(AND($D65=\"Serviço\",AX$12<>0,$H65>0,OR(AUTOEVENTO<>\"manual\",$M65<>$A$15)),\n        IF(Import.TipoArredondamento<>\"TransfereGOV\",\n              ROUND(OFFSET($P65,0,AX$13),15-13*ORÇAMENTO!$AF$7)/$H65*OFFSET(ORÇAMENTO!$X$15,ROW(AX65)-ROW(AX$15),0),\n              ROUND(ROUND(OFFSET($P65,0,AX$13),15-13*ORÇAMENTO!$AF$7)*OFFSET(ORÇAMENTO!$W$15,ROW(AX65)-ROW(AX$15),0),15-13*ORÇAMENTO!$AF$11)),\n         0)","v":0},{"$f":"IF(AND($D65=\"Serviço\",AY$12<>0,$H65>0,OR(AUTOEVENTO<>\"manual\",$M65<>$A$15)),\n        IF(Import.TipoArredondamento<>\"TransfereGOV\",\n              ROUND(OFFSET($P65,0,AY$13),15-13*ORÇAMENTO!$AF$7)/$H65*OFFSET(ORÇAMENTO!$X$15,ROW(AY65)-ROW(AY$15),0),\n              ROUND(ROUND(OFFSET($P65,0,AY$13),15-13*ORÇAMENTO!$AF$7)*OFFSET(ORÇAMENTO!$W$15,ROW(AY65)-ROW(AY$15),0),15-13*ORÇAMENTO!$AF$11)),\n         0)","v":0},{"$f":"IF(AND($D65=\"Serviço\",AZ$12<>0,$H65>0,OR(AUTOEVENTO<>\"manual\",$M65<>$A$15)),\n        IF(Import.TipoArredondamento<>\"TransfereGOV\",\n              ROUND(OFFSET($P65,0,AZ$13),15-13*ORÇAMENTO!$AF$7)/$H65*OFFSET(ORÇAMENTO!$X$15,ROW(AZ65)-ROW(AZ$15),0),\n              ROUND(ROUND(OFFSET($P65,0,AZ$13),15-13*ORÇAMENTO!$AF$7)*OFFSET(ORÇAMENTO!$W$15,ROW(AZ65)-ROW(AZ$15),0),15-13*ORÇAMENTO!$AF$11)),\n         0)","v":0},{"$f":"IF(AND($D65=\"Serviço\",BA$12<>0,$H65>0,OR(AUTOEVENTO<>\"manual\",$M65<>$A$15)),\n        IF(Import.TipoArredondamento<>\"TransfereGOV\",\n              ROUND(OFFSET($P65,0,BA$13),15-13*ORÇAMENTO!$AF$7)/$H65*OFFSET(ORÇAMENTO!$X$15,ROW(BA65)-ROW(BA$15),0),\n              ROUND(ROUND(OFFSET($P65,0,BA$13),15-13*ORÇAMENTO!$AF$7)*OFFSET(ORÇAMENTO!$W$15,ROW(BA65)-ROW(BA$15),0),15-13*ORÇAMENTO!$AF$11)),\n         0)","v":0},null,{"$f":"IF(OR($D65<>\"Serviço\",AND(AUTOEVENTO=\"Manual\",$M65=$A$15)),0,\n         IF(OFFSET(CRONOPLE!$F$15,$M65-$A$15,BC$13)=\"\",10^12,OFFSET(CRONOPLE!$F$15,$M65-$A$15,BC$13)))","v":0},{"$f":"IF(OR($D65<>\"Serviço\",AND(AUTOEVENTO=\"Manual\",$M65=$A$15)),0,\n         IF(OFFSET(CRONOPLE!$F$15,$M65-$A$15,BD$13)=\"\",10^12,OFFSET(CRONOPLE!$F$15,$M65-$A$15,BD$13)))","v":0},{"$f":"IF(OR($D65<>\"Serviço\",AND(AUTOEVENTO=\"Manual\",$M65=$A$15)),0,\n         IF(OFFSET(CRONOPLE!$F$15,$M65-$A$15,BE$13)=\"\",10^12,OFFSET(CRONOPLE!$F$15,$M65-$A$15,BE$13)))","v":0},{"$f":"IF(OR($D65<>\"Serviço\",AND(AUTOEVENTO=\"Manual\",$M65=$A$15)),0,\n         IF(OFFSET(CRONOPLE!$F$15,$M65-$A$15,BF$13)=\"\",10^12,OFFSET(CRONOPLE!$F$15,$M65-$A$15,BF$13)))","v":0},{"$f":"IF(OR($D65<>\"Serviço\",AND(AUTOEVENTO=\"Manual\",$M65=$A$15)),0,\n         IF(OFFSET(CRONOPLE!$F$15,$M65-$A$15,BG$13)=\"\",10^12,OFFSET(CRONOPLE!$F$15,$M65-$A$15,BG$13)))","v":0},{"$f":"IF(OR($D65<>\"Serviço\",AND(AUTOEVENTO=\"Manual\",$M65=$A$15)),0,\n         IF(OFFSET(CRONOPLE!$F$15,$M65-$A$15,BH$13)=\"\",10^12,OFFSET(CRONOPLE!$F$15,$M65-$A$15,BH$13)))","v":0},{"$f":"IF(OR($D65<>\"Serviço\",AND(AUTOEVENTO=\"Manual\",$M65=$A$15)),0,\n         IF(OFFSET(CRONOPLE!$F$15,$M65-$A$15,BI$13)=\"\",10^12,OFFSET(CRONOPLE!$F$15,$M65-$A$15,BI$13)))","v":0},{"$f":"IF(OR($D65<>\"Serviço\",AND(AUTOEVENTO=\"Manual\",$M65=$A$15)),0,\n         IF(OFFSET(CRONOPLE!$F$15,$M65-$A$15,BJ$13)=\"\",10^12,OFFSET(CRONOPLE!$F$15,$M65-$A$15,BJ$13)))","v":0},{"$f":"IF(OR($D65<>\"Serviço\",AND(AUTOEVENTO=\"Manual\",$M65=$A$15)),0,\n         IF(OFFSET(CRONOPLE!$F$15,$M65-$A$15,BK$13)=\"\",10^12,OFFSET(CRONOPLE!$F$15,$M65-$A$15,BK$13)))","v":0},{"$f":"IF(OR($D65<>\"Serviço\",AND(AUTOEVENTO=\"Manual\",$M65=$A$15)),0,\n         IF(OFFSET(CRONOPLE!$F$15,$M65-$A$15,BL$13)=\"\",10^12,OFFSET(CRONOPLE!$F$15,$M65-$A$15,BL$13)))","v":0},{"$f":"IF(OR($D65<>\"Serviço\",AND(AUTOEVENTO=\"Manual\",$M65=$A$15)),0,\n         IF(OFFSET(CRONOPLE!$F$15,$M65-$A$15,BM$13)=\"\",10^12,OFFSET(CRONOPLE!$F$15,$M65-$A$15,BM$13)))","v":0},{"$f":"IF(OR($D65<>\"Serviço\",AND(AUTOEVENTO=\"Manual\",$M65=$A$15)),0,\n         IF(OFFSET(CRONOPLE!$F$15,$M65-$A$15,BN$13)=\"\",10^12,OFFSET(CRONOPLE!$F$15,$M65-$A$15,BN$13)))","v":0},{"$f":"IF(OR($D65<>\"Serviço\",AND(AUTOEVENTO=\"Manual\",$M65=$A$15)),0,\n         IF(OFFSET(CRONOPLE!$F$15,$M65-$A$15,BO$13)=\"\",10^12,OFFSET(CRONOPLE!$F$15,$M65-$A$15,BO$13)))","v":0},{"$f":"IF(OR($D65<>\"Serviço\",AND(AUTOEVENTO=\"Manual\",$M65=$A$15)),0,\n         IF(OFFSET(CRONOPLE!$F$15,$M65-$A$15,BP$13)=\"\",10^12,OFFSET(CRONOPLE!$F$15,$M65-$A$15,BP$13)))","v":0},{"$f":"IF(OR($D65<>\"Serviço\",AND(AUTOEVENTO=\"Manual\",$M65=$A$15)),0,\n         IF(OFFSET(CRONOPLE!$F$15,$M65-$A$15,BQ$13)=\"\",10^12,OFFSET(CRONOPLE!$F$15,$M65-$A$15,BQ$13)))","v":0},{"$f":"IF(OR($D65<>\"Serviço\",AND(AUTOEVENTO=\"Manual\",$M65=$A$15)),0,\n         IF(OFFSET(CRONOPLE!$F$15,$M65-$A$15,BR$13)=\"\",10^12,OFFSET(CRONOPLE!$F$15,$M65-$A$15,BR$13)))","v":0},{"$f":"IF(OR($D65<>\"Serviço\",AND(AUTOEVENTO=\"Manual\",$M65=$A$15)),0,\n         IF(OFFSET(CRONOPLE!$F$15,$M65-$A$15,BS$13)=\"\",10^12,OFFSET(CRONOPLE!$F$15,$M65-$A$15,BS$13)))","v":0},{"$f":"IF(OR($D65<>\"Serviço\",AND(AUTOEVENTO=\"Manual\",$M65=$A$15)),0,\n         IF(OFFSET(CRONOPLE!$F$15,$M65-$A$15,BT$13)=\"\",10^12,OFFSET(CRONOPLE!$F$15,$M65-$A$15,BT$13)))","v":0},null,{"$f":"IF(OR($D65<>\"Serviço\",AND(AUTOEVENTO=\"Manual\",$M65=$A$15),$M65>(ROW(PLE.lastrow)-ROW(PLE.firstrow))),0,\n           IF(OFFSET(PLE!$G$15,$M65-$A$15,BV$13)=\"\",10^12,OFFSET(PLE!$G$15,$M65-$A$15,BV$13)))","v":0},{"$f":"IF(OR($D65<>\"Serviço\",AND(AUTOEVENTO=\"Manual\",$M65=$A$15),$M65>(ROW(PLE.lastrow)-ROW(PLE.firstrow))),0,\n           IF(OFFSET(PLE!$G$15,$M65-$A$15,BW$13)=\"\",10^12,OFFSET(PLE!$G$15,$M65-$A$15,BW$13)))","v":0},{"$f":"IF(OR($D65<>\"Serviço\",AND(AUTOEVENTO=\"Manual\",$M65=$A$15),$M65>(ROW(PLE.lastrow)-ROW(PLE.firstrow))),0,\n           IF(OFFSET(PLE!$G$15,$M65-$A$15,BX$13)=\"\",10^12,OFFSET(PLE!$G$15,$M65-$A$15,BX$13)))","v":0},{"$f":"IF(OR($D65<>\"Serviço\",AND(AUTOEVENTO=\"Manual\",$M65=$A$15),$M65>(ROW(PLE.lastrow)-ROW(PLE.firstrow))),0,\n           IF(OFFSET(PLE!$G$15,$M65-$A$15,BY$13)=\"\",10^12,OFFSET(PLE!$G$15,$M65-$A$15,BY$13)))","v":0},{"$f":"IF(OR($D65<>\"Serviço\",AND(AUTOEVENTO=\"Manual\",$M65=$A$15),$M65>(ROW(PLE.lastrow)-ROW(PLE.firstrow))),0,\n           IF(OFFSET(PLE!$G$15,$M65-$A$15,BZ$13)=\"\",10^12,OFFSET(PLE!$G$15,$M65-$A$15,BZ$13)))","v":0},{"$f":"IF(OR($D65<>\"Serviço\",AND(AUTOEVENTO=\"Manual\",$M65=$A$15),$M65>(ROW(PLE.lastrow)-ROW(PLE.firstrow))),0,\n           IF(OFFSET(PLE!$G$15,$M65-$A$15,CA$13)=\"\",10^12,OFFSET(PLE!$G$15,$M65-$A$15,CA$13)))","v":0},{"$f":"IF(OR($D65<>\"Serviço\",AND(AUTOEVENTO=\"Manual\",$M65=$A$15),$M65>(ROW(PLE.lastrow)-ROW(PLE.firstrow))),0,\n           IF(OFFSET(PLE!$G$15,$M65-$A$15,CB$13)=\"\",10^12,OFFSET(PLE!$G$15,$M65-$A$15,CB$13)))","v":0},{"$f":"IF(OR($D65<>\"Serviço\",AND(AUTOEVENTO=\"Manual\",$M65=$A$15),$M65>(ROW(PLE.lastrow)-ROW(PLE.firstrow))),0,\n           IF(OFFSET(PLE!$G$15,$M65-$A$15,CC$13)=\"\",10^12,OFFSET(PLE!$G$15,$M65-$A$15,CC$13)))","v":0},{"$f":"IF(OR($D65<>\"Serviço\",AND(AUTOEVENTO=\"Manual\",$M65=$A$15),$M65>(ROW(PLE.lastrow)-ROW(PLE.firstrow))),0,\n           IF(OFFSET(PLE!$G$15,$M65-$A$15,CD$13)=\"\",10^12,OFFSET(PLE!$G$15,$M65-$A$15,CD$13)))","v":0},{"$f":"IF(OR($D65<>\"Serviço\",AND(AUTOEVENTO=\"Manual\",$M65=$A$15),$M65>(ROW(PLE.lastrow)-ROW(PLE.firstrow))),0,\n           IF(OFFSET(PLE!$G$15,$M65-$A$15,CE$13)=\"\",10^12,OFFSET(PLE!$G$15,$M65-$A$15,CE$13)))","v":0},{"$f":"IF(OR($D65<>\"Serviço\",AND(AUTOEVENTO=\"Manual\",$M65=$A$15),$M65>(ROW(PLE.lastrow)-ROW(PLE.firstrow))),0,\n           IF(OFFSET(PLE!$G$15,$M65-$A$15,CF$13)=\"\",10^12,OFFSET(PLE!$G$15,$M65-$A$15,CF$13)))","v":0},{"$f":"IF(OR($D65<>\"Serviço\",AND(AUTOEVENTO=\"Manual\",$M65=$A$15),$M65>(ROW(PLE.lastrow)-ROW(PLE.firstrow))),0,\n           IF(OFFSET(PLE!$G$15,$M65-$A$15,CG$13)=\"\",10^12,OFFSET(PLE!$G$15,$M65-$A$15,CG$13)))","v":0},{"$f":"IF(OR($D65<>\"Serviço\",AND(AUTOEVENTO=\"Manual\",$M65=$A$15),$M65>(ROW(PLE.lastrow)-ROW(PLE.firstrow))),0,\n           IF(OFFSET(PLE!$G$15,$M65-$A$15,CH$13)=\"\",10^12,OFFSET(PLE!$G$15,$M65-$A$15,CH$13)))","v":0},{"$f":"IF(OR($D65<>\"Serviço\",AND(AUTOEVENTO=\"Manual\",$M65=$A$15),$M65>(ROW(PLE.lastrow)-ROW(PLE.firstrow))),0,\n           IF(OFFSET(PLE!$G$15,$M65-$A$15,CI$13)=\"\",10^12,OFFSET(PLE!$G$15,$M65-$A$15,CI$13)))","v":0},{"$f":"IF(OR($D65<>\"Serviço\",AND(AUTOEVENTO=\"Manual\",$M65=$A$15),$M65>(ROW(PLE.lastrow)-ROW(PLE.firstrow))),0,\n           IF(OFFSET(PLE!$G$15,$M65-$A$15,CJ$13)=\"\",10^12,OFFSET(PLE!$G$15,$M65-$A$15,CJ$13)))","v":0},{"$f":"IF(OR($D65<>\"Serviço\",AND(AUTOEVENTO=\"Manual\",$M65=$A$15),$M65>(ROW(PLE.lastrow)-ROW(PLE.firstrow))),0,\n           IF(OFFSET(PLE!$G$15,$M65-$A$15,CK$13)=\"\",10^12,OFFSET(PLE!$G$15,$M65-$A$15,CK$13)))","v":0},{"$f":"IF(OR($D65<>\"Serviço\",AND(AUTOEVENTO=\"Manual\",$M65=$A$15),$M65>(ROW(PLE.lastrow)-ROW(PLE.firstrow))),0,\n           IF(OFFSET(PLE!$G$15,$M65-$A$15,CL$13)=\"\",10^12,OFFSET(PLE!$G$15,$M65-$A$15,CL$13)))","v":0},{"$f":"IF(OR($D65<>\"Serviço\",AND(AUTOEVENTO=\"Manual\",$M65=$A$15),$M65>(ROW(PLE.lastrow)-ROW(PLE.firstrow))),0,\n           IF(OFFSET(PLE!$G$15,$M65-$A$15,CM$13)=\"\",10^12,OFFSET(PLE!$G$15,$M65-$A$15,CM$13)))","v":0}]
[3,{"$f":"OFFSET(ORÇAMENTO!C$15,ROW(B66)-ROW(B$15),0)","v":2},{"$f":"OFFSET(ORÇAMENTO!L$15,ROW(C66)-ROW(C$15),0)","v":"F"},{"$f":"OFFSET(ORÇAMENTO!N$15,ROW(D66)-ROW(D$15),0)","v":"Nível 2"},{"$f":"OFFSET(ORÇAMENTO!O$15,ROW(E66)-ROW(E$15),0)","v":"1.5."},{"$f":"OFFSET(ORÇAMENTO!R$15,ROW(F66)-ROW(F$15),0)","v":"IMPLANTAÇÃO ASFÁLTICA - TERRAPLENAGEM"},{"$f":"IF($D66<>\"Serviço\",\"\",OFFSET(ORÇAMENTO!S$15,ROW(G66)-ROW(G$15),0))","v":""},{"$f":"IF($D66<>\"Serviço\",0,IF(ACOMPANHAMENTO=\"BM\",ROUND(OFFSET(ORÇAMENTO!AJ$15,ROW(H66)-ROW(H$15),0),15-13*ORÇAMENTO!$AF$7),SUMPRODUCT(($Q$1:$AI$1=1)*ROUND($Q66:$AI66,15-13*ORÇAMENTO!$AF$7))))","v":0},null,{"$f":"IF(B66<>\"S\",\"\",IF(AND(ACOMPANHAMENTO=\"PLE\",AUTOEVENTO=\"Manual\",OR(H66>0,ORÇAMENTO!AC66=\"QUANT.\"),OR(K66=\"\",M66=0,N66=\"\")),\"►\",IF(AND(ACOMPANHAMENTO=\"PLE\",ORÇAMENTO!AC66=\"QUANT.\"),\"►►\",IF(AND(COUNTIF($P$11:$AI$11,\"▼\")=0,H66>0,I66=\"\"),\"◄\",\"\"))))","v":""},"3. PROJETO ESTRUTURAL",".",{"$f":"IF($D66<>\"Serviço\",\"\",\n          IF(AUTOEVENTO=\"manual\",$A66,\n                IF(ISERROR(MATCH($A66,$A$15:OFFSET($A66,-1,0),0)),MAX($M$15:OFFSET(M66,-1,0))+1,\n                      INDEX($M$15:OFFSET(M66,-1,0),MATCH($A66,$A$15:OFFSET($A66,-1,0),0)))))","v":""},{"$f":"IF($D66<>\"Serviço\",\"\",\n         IF(AUTOEVENTO=\"Manual\",\n                IF($A66=0,\"<-- defina o número do agrupador\",\n                       OFFSET(EVENTOS!$D$15,$A66-$A$15,0)),\n                OFFSET($F$15,$A66,0)))","v":""},null,null,null,150,null,null,null,null,null,null,null,null,null,null,null,null,null,null,null,null,null,{"$f":"IF(AND($D66=\"Serviço\",AJ$12<>0,$H66>0,OR(AUTOEVENTO<>\"manual\",$M66<>$A$15)),\n        IF(Import.TipoArredondamento<>\"TransfereGOV\",\n              ROUND(OFFSET($P66,0,AJ$13),15-13*ORÇAMENTO!$AF$7)/$H66*OFFSET(ORÇAMENTO!$X$15,ROW(AJ66)-ROW(AJ$15),0),\n              ROUND(ROUND(OFFSET($P66,0,AJ$13),15-13*ORÇAMENTO!$AF$7)*OFFSET(ORÇAMENTO!$W$15,ROW(AJ66)-ROW(AJ$15),0),15-13*ORÇAMENTO!$AF$11)),\n         0)","v":0},{"$f":"IF(AND($D66=\"Serviço\",AK$12<>0,$H66>0,OR(AUTOEVENTO<>\"manual\",$M66<>$A$15)),\n        IF(Import.TipoArredondamento<>\"TransfereGOV\",\n              ROUND(OFFSET($P66,0,AK$13),15-13*ORÇAMENTO!$AF$7)/$H66*OFFSET(ORÇAMENTO!$X$15,ROW(AK66)-ROW(AK$15),0),\n              ROUND(ROUND(OFFSET($P66,0,AK$13),15-13*ORÇAMENTO!$AF$7)*OFFSET(ORÇAMENTO!$W$15,ROW(AK66)-ROW(AK$15),0),15-13*ORÇAMENTO!$AF$11)),\n         0)","v":0},{"$f":"IF(AND($D66=\"Serviço\",AL$12<>0,$H66>0,OR(AUTOEVENTO<>\"manual\",$M66<>$A$15)),\n        IF(Import.TipoArredondamento<>\"TransfereGOV\",\n              ROUND(OFFSET($P66,0,AL$13),15-13*ORÇAMENTO!$AF$7)/$H66*OFFSET(ORÇAMENTO!$X$15,ROW(AL66)-ROW(AL$15),0),\n              ROUND(ROUND(OFFSET($P66,0,AL$13),15-13*ORÇAMENTO!$AF$7)*OFFSET(ORÇAMENTO!$W$15,ROW(AL66)-ROW(AL$15),0),15-13*ORÇAMENTO!$AF$11)),\n         0)","v":0},{"$f":"IF(AND($D66=\"Serviço\",AM$12<>0,$H66>0,OR(AUTOEVENTO<>\"manual\",$M66<>$A$15)),\n        IF(Import.TipoArredondamento<>\"TransfereGOV\",\n              ROUND(OFFSET($P66,0,AM$13),15-13*ORÇAMENTO!$AF$7)/$H66*OFFSET(ORÇAMENTO!$X$15,ROW(AM66)-ROW(AM$15),0),\n              ROUND(ROUND(OFFSET($P66,0,AM$13),15-13*ORÇAMENTO!$AF$7)*OFFSET(ORÇAMENTO!$W$15,ROW(AM66)-ROW(AM$15),0),15-13*ORÇAMENTO!$AF$11)),\n         0)","v":0},{"$f":"IF(AND($D66=\"Serviço\",AN$12<>0,$H66>0,OR(AUTOEVENTO<>\"manual\",$M66<>$A$15)),\n        IF(Import.TipoArredondamento<>\"TransfereGOV\",\n              ROUND(OFFSET($P66,0,AN$13),15-13*ORÇAMENTO!$AF$7)/$H66*OFFSET(ORÇAMENTO!$X$15,ROW(AN66)-ROW(AN$15),0),\n              ROUND(ROUND(OFFSET($P66,0,AN$13),15-13*ORÇAMENTO!$AF$7)*OFFSET(ORÇAMENTO!$W$15,ROW(AN66)-ROW(AN$15),0),15-13*ORÇAMENTO!$AF$11)),\n         0)","v":0},{"$f":"IF(AND($D66=\"Serviço\",AO$12<>0,$H66>0,OR(AUTOEVENTO<>\"manual\",$M66<>$A$15)),\n        IF(Import.TipoArredondamento<>\"TransfereGOV\",\n              ROUND(OFFSET($P66,0,AO$13),15-13*ORÇAMENTO!$AF$7)/$H66*OFFSET(ORÇAMENTO!$X$15,ROW(AO66)-ROW(AO$15),0),\n              ROUND(ROUND(OFFSET($P66,0,AO$13),15-13*ORÇAMENTO!$AF$7)*OFFSET(ORÇAMENTO!$W$15,ROW(AO66)-ROW(AO$15),0),15-13*ORÇAMENTO!$AF$11)),\n         0)","v":0},{"$f":"IF(AND($D66=\"Serviço\",AP$12<>0,$H66>0,OR(AUTOEVENTO<>\"manual\",$M66<>$A$15)),\n        IF(Import.TipoArredondamento<>\"TransfereGOV\",\n              ROUND(OFFSET($P66,0,AP$13),15-13*ORÇAMENTO!$AF$7)/$H66*OFFSET(ORÇAMENTO!$X$15,ROW(AP66)-ROW(AP$15),0),\n              ROUND(ROUND(OFFSET($P66,0,AP$13),15-13*ORÇAMENTO!$AF$7)*OFFSET(ORÇAMENTO!$W$15,ROW(AP66)-ROW(AP$15),0),15-13*ORÇAMENTO!$AF$11)),\n         0)","v":0},{"$f":"IF(AND($D66=\"Serviço\",AQ$12<>0,$H66>0,OR(AUTOEVENTO<>\"manual\",$M66<>$A$15)),\n        IF(Import.TipoArredondamento<>\"TransfereGOV\",\n              ROUND(OFFSET($P66,0,AQ$13),15-13*ORÇAMENTO!$AF$7)/$H66*OFFSET(ORÇAMENTO!$X$15,ROW(AQ66)-ROW(AQ$15),0),\n              ROUND(ROUND(OFFSET($P66,0,AQ$13),15-13*ORÇAMENTO!$AF$7)*OFFSET(ORÇAMENTO!$W$15,ROW(AQ66)-ROW(AQ$15),0),15-13*ORÇAMENTO!$AF$11)),\n         0)","v":0},{"$f":"IF(AND($D66=\"Serviço\",AR$12<>0,$H66>0,OR(AUTOEVENTO<>\"manual\",$M66<>$A$15)),\n        IF(Import.TipoArredondamento<>\"TransfereGOV\",\n              ROUND(OFFSET($P66,0,AR$13),15-13*ORÇAMENTO!$AF$7)/$H66*OFFSET(ORÇAMENTO!$X$15,ROW(AR66)-ROW(AR$15),0),\n              ROUND(ROUND(OFFSET($P66,0,AR$13),15-13*ORÇAMENTO!$AF$7)*OFFSET(ORÇAMENTO!$W$15,ROW(AR66)-ROW(AR$15),0),15-13*ORÇAMENTO!$AF$11)),\n         0)","v":0},{"$f":"IF(AND($D66=\"Serviço\",AS$12<>0,$H66>0,OR(AUTOEVENTO<>\"manual\",$M66<>$A$15)),\n        IF(Import.TipoArredondamento<>\"TransfereGOV\",\n              ROUND(OFFSET($P66,0,AS$13),15-13*ORÇAMENTO!$AF$7)/$H66*OFFSET(ORÇAMENTO!$X$15,ROW(AS66)-ROW(AS$15),0),\n              ROUND(ROUND(OFFSET($P66,0,AS$13),15-13*ORÇAMENTO!$AF$7)*OFFSET(ORÇAMENTO!$W$15,ROW(AS66)-ROW(AS$15),0),15-13*ORÇAMENTO!$AF$11)),\n         0)","v":0},{"$f":"IF(AND($D66=\"Serviço\",AT$12<>0,$H66>0,OR(AUTOEVENTO<>\"manual\",$M66<>$A$15)),\n        IF(Import.TipoArredondamento<>\"TransfereGOV\",\n              ROUND(OFFSET($P66,0,AT$13),15-13*ORÇAMENTO!$AF$7)/$H66*OFFSET(ORÇAMENTO!$X$15,ROW(AT66)-ROW(AT$15),0),\n              ROUND(ROUND(OFFSET($P66,0,AT$13),15-13*ORÇAMENTO!$AF$7)*OFFSET(ORÇAMENTO!$W$15,ROW(AT66)-ROW(AT$15),0),15-13*ORÇAMENTO!$AF$11)),\n         0)","v":0},{"$f":"IF(AND($D66=\"Serviço\",AU$12<>0,$H66>0,OR(AUTOEVENTO<>\"manual\",$M66<>$A$15)),\n        IF(Import.TipoArredondamento<>\"TransfereGOV\",\n              ROUND(OFFSET($P66,0,AU$13),15-13*ORÇAMENTO!$AF$7)/$H66*OFFSET(ORÇAMENTO!$X$15,ROW(AU66)-ROW(AU$15),0),\n              ROUND(ROUND(OFFSET($P66,0,AU$13),15-13*ORÇAMENTO!$AF$7)*OFFSET(ORÇAMENTO!$W$15,ROW(AU66)-ROW(AU$15),0),15-13*ORÇAMENTO!$AF$11)),\n         0)","v":0},{"$f":"IF(AND($D66=\"Serviço\",AV$12<>0,$H66>0,OR(AUTOEVENTO<>\"manual\",$M66<>$A$15)),\n        IF(Import.TipoArredondamento<>\"TransfereGOV\",\n              ROUND(OFFSET($P66,0,AV$13),15-13*ORÇAMENTO!$AF$7)/$H66*OFFSET(ORÇAMENTO!$X$15,ROW(AV66)-ROW(AV$15),0),\n              ROUND(ROUND(OFFSET($P66,0,AV$13),15-13*ORÇAMENTO!$AF$7)*OFFSET(ORÇAMENTO!$W$15,ROW(AV66)-ROW(AV$15),0),15-13*ORÇAMENTO!$AF$11)),\n         0)","v":0},{"$f":"IF(AND($D66=\"Serviço\",AW$12<>0,$H66>0,OR(AUTOEVENTO<>\"manual\",$M66<>$A$15)),\n        IF(Import.TipoArredondamento<>\"TransfereGOV\",\n              ROUND(OFFSET($P66,0,AW$13),15-13*ORÇAMENTO!$AF$7)/$H66*OFFSET(ORÇAMENTO!$X$15,ROW(AW66)-ROW(AW$15),0),\n              ROUND(ROUND(OFFSET($P66,0,AW$13),15-13*ORÇAMENTO!$AF$7)*OFFSET(ORÇAMENTO!$W$15,ROW(AW66)-ROW(AW$15),0),15-13*ORÇAMENTO!$AF$11)),\n         0)","v":0},{"$f":"IF(AND($D66=\"Serviço\",AX$12<>0,$H66>0,OR(AUTOEVENTO<>\"manual\",$M66<>$A$15)),\n        IF(Import.TipoArredondamento<>\"TransfereGOV\",\n              ROUND(OFFSET($P66,0,AX$13),15-13*ORÇAMENTO!$AF$7)/$H66*OFFSET(ORÇAMENTO!$X$15,ROW(AX66)-ROW(AX$15),0),\n              ROUND(ROUND(OFFSET($P66,0,AX$13),15-13*ORÇAMENTO!$AF$7)*OFFSET(ORÇAMENTO!$W$15,ROW(AX66)-ROW(AX$15),0),15-13*ORÇAMENTO!$AF$11)),\n         0)","v":0},{"$f":"IF(AND($D66=\"Serviço\",AY$12<>0,$H66>0,OR(AUTOEVENTO<>\"manual\",$M66<>$A$15)),\n        IF(Import.TipoArredondamento<>\"TransfereGOV\",\n              ROUND(OFFSET($P66,0,AY$13),15-13*ORÇAMENTO!$AF$7)/$H66*OFFSET(ORÇAMENTO!$X$15,ROW(AY66)-ROW(AY$15),0),\n              ROUND(ROUND(OFFSET($P66,0,AY$13),15-13*ORÇAMENTO!$AF$7)*OFFSET(ORÇAMENTO!$W$15,ROW(AY66)-ROW(AY$15),0),15-13*ORÇAMENTO!$AF$11)),\n         0)","v":0},{"$f":"IF(AND($D66=\"Serviço\",AZ$12<>0,$H66>0,OR(AUTOEVENTO<>\"manual\",$M66<>$A$15)),\n        IF(Import.TipoArredondamento<>\"TransfereGOV\",\n              ROUND(OFFSET($P66,0,AZ$13),15-13*ORÇAMENTO!$AF$7)/$H66*OFFSET(ORÇAMENTO!$X$15,ROW(AZ66)-ROW(AZ$15),0),\n              ROUND(ROUND(OFFSET($P66,0,AZ$13),15-13*ORÇAMENTO!$AF$7)*OFFSET(ORÇAMENTO!$W$15,ROW(AZ66)-ROW(AZ$15),0),15-13*ORÇAMENTO!$AF$11)),\n         0)","v":0},{"$f":"IF(AND($D66=\"Serviço\",BA$12<>0,$H66>0,OR(AUTOEVENTO<>\"manual\",$M66<>$A$15)),\n        IF(Import.TipoArredondamento<>\"TransfereGOV\",\n              ROUND(OFFSET($P66,0,BA$13),15-13*ORÇAMENTO!$AF$7)/$H66*OFFSET(ORÇAMENTO!$X$15,ROW(BA66)-ROW(BA$15),0),\n              ROUND(ROUND(OFFSET($P66,0,BA$13),15-13*ORÇAMENTO!$AF$7)*OFFSET(ORÇAMENTO!$W$15,ROW(BA66)-ROW(BA$15),0),15-13*ORÇAMENTO!$AF$11)),\n         0)","v":0},null,{"$f":"IF(OR($D66<>\"Serviço\",AND(AUTOEVENTO=\"Manual\",$M66=$A$15)),0,\n         IF(OFFSET(CRONOPLE!$F$15,$M66-$A$15,BC$13)=\"\",10^12,OFFSET(CRONOPLE!$F$15,$M66-$A$15,BC$13)))","v":0},{"$f":"IF(OR($D66<>\"Serviço\",AND(AUTOEVENTO=\"Manual\",$M66=$A$15)),0,\n         IF(OFFSET(CRONOPLE!$F$15,$M66-$A$15,BD$13)=\"\",10^12,OFFSET(CRONOPLE!$F$15,$M66-$A$15,BD$13)))","v":0},{"$f":"IF(OR($D66<>\"Serviço\",AND(AUTOEVENTO=\"Manual\",$M66=$A$15)),0,\n         IF(OFFSET(CRONOPLE!$F$15,$M66-$A$15,BE$13)=\"\",10^12,OFFSET(CRONOPLE!$F$15,$M66-$A$15,BE$13)))","v":0},{"$f":"IF(OR($D66<>\"Serviço\",AND(AUTOEVENTO=\"Manual\",$M66=$A$15)),0,\n         IF(OFFSET(CRONOPLE!$F$15,$M66-$A$15,BF$13)=\"\",10^12,OFFSET(CRONOPLE!$F$15,$M66-$A$15,BF$13)))","v":0},{"$f":"IF(OR($D66<>\"Serviço\",AND(AUTOEVENTO=\"Manual\",$M66=$A$15)),0,\n         IF(OFFSET(CRONOPLE!$F$15,$M66-$A$15,BG$13)=\"\",10^12,OFFSET(CRONOPLE!$F$15,$M66-$A$15,BG$13)))","v":0},{"$f":"IF(OR($D66<>\"Serviço\",AND(AUTOEVENTO=\"Manual\",$M66=$A$15)),0,\n         IF(OFFSET(CRONOPLE!$F$15,$M66-$A$15,BH$13)=\"\",10^12,OFFSET(CRONOPLE!$F$15,$M66-$A$15,BH$13)))","v":0},{"$f":"IF(OR($D66<>\"Serviço\",AND(AUTOEVENTO=\"Manual\",$M66=$A$15)),0,\n         IF(OFFSET(CRONOPLE!$F$15,$M66-$A$15,BI$13)=\"\",10^12,OFFSET(CRONOPLE!$F$15,$M66-$A$15,BI$13)))","v":0},{"$f":"IF(OR($D66<>\"Serviço\",AND(AUTOEVENTO=\"Manual\",$M66=$A$15)),0,\n         IF(OFFSET(CRONOPLE!$F$15,$M66-$A$15,BJ$13)=\"\",10^12,OFFSET(CRONOPLE!$F$15,$M66-$A$15,BJ$13)))","v":0},{"$f":"IF(OR($D66<>\"Serviço\",AND(AUTOEVENTO=\"Manual\",$M66=$A$15)),0,\n         IF(OFFSET(CRONOPLE!$F$15,$M66-$A$15,BK$13)=\"\",10^12,OFFSET(CRONOPLE!$F$15,$M66-$A$15,BK$13)))","v":0},{"$f":"IF(OR($D66<>\"Serviço\",AND(AUTOEVENTO=\"Manual\",$M66=$A$15)),0,\n         IF(OFFSET(CRONOPLE!$F$15,$M66-$A$15,BL$13)=\"\",10^12,OFFSET(CRONOPLE!$F$15,$M66-$A$15,BL$13)))","v":0},{"$f":"IF(OR($D66<>\"Serviço\",AND(AUTOEVENTO=\"Manual\",$M66=$A$15)),0,\n         IF(OFFSET(CRONOPLE!$F$15,$M66-$A$15,BM$13)=\"\",10^12,OFFSET(CRONOPLE!$F$15,$M66-$A$15,BM$13)))","v":0},{"$f":"IF(OR($D66<>\"Serviço\",AND(AUTOEVENTO=\"Manual\",$M66=$A$15)),0,\n         IF(OFFSET(CRONOPLE!$F$15,$M66-$A$15,BN$13)=\"\",10^12,OFFSET(CRONOPLE!$F$15,$M66-$A$15,BN$13)))","v":0},{"$f":"IF(OR($D66<>\"Serviço\",AND(AUTOEVENTO=\"Manual\",$M66=$A$15)),0,\n         IF(OFFSET(CRONOPLE!$F$15,$M66-$A$15,BO$13)=\"\",10^12,OFFSET(CRONOPLE!$F$15,$M66-$A$15,BO$13)))","v":0},{"$f":"IF(OR($D66<>\"Serviço\",AND(AUTOEVENTO=\"Manual\",$M66=$A$15)),0,\n         IF(OFFSET(CRONOPLE!$F$15,$M66-$A$15,BP$13)=\"\",10^12,OFFSET(CRONOPLE!$F$15,$M66-$A$15,BP$13)))","v":0},{"$f":"IF(OR($D66<>\"Serviço\",AND(AUTOEVENTO=\"Manual\",$M66=$A$15)),0,\n         IF(OFFSET(CRONOPLE!$F$15,$M66-$A$15,BQ$13)=\"\",10^12,OFFSET(CRONOPLE!$F$15,$M66-$A$15,BQ$13)))","v":0},{"$f":"IF(OR($D66<>\"Serviço\",AND(AUTOEVENTO=\"Manual\",$M66=$A$15)),0,\n         IF(OFFSET(CRONOPLE!$F$15,$M66-$A$15,BR$13)=\"\",10^12,OFFSET(CRONOPLE!$F$15,$M66-$A$15,BR$13)))","v":0},{"$f":"IF(OR($D66<>\"Serviço\",AND(AUTOEVENTO=\"Manual\",$M66=$A$15)),0,\n         IF(OFFSET(CRONOPLE!$F$15,$M66-$A$15,BS$13)=\"\",10^12,OFFSET(CRONOPLE!$F$15,$M66-$A$15,BS$13)))","v":0},{"$f":"IF(OR($D66<>\"Serviço\",AND(AUTOEVENTO=\"Manual\",$M66=$A$15)),0,\n         IF(OFFSET(CRONOPLE!$F$15,$M66-$A$15,BT$13)=\"\",10^12,OFFSET(CRONOPLE!$F$15,$M66-$A$15,BT$13)))","v":0},null,{"$f":"IF(OR($D66<>\"Serviço\",AND(AUTOEVENTO=\"Manual\",$M66=$A$15),$M66>(ROW(PLE.lastrow)-ROW(PLE.firstrow))),0,\n           IF(OFFSET(PLE!$G$15,$M66-$A$15,BV$13)=\"\",10^12,OFFSET(PLE!$G$15,$M66-$A$15,BV$13)))","v":0},{"$f":"IF(OR($D66<>\"Serviço\",AND(AUTOEVENTO=\"Manual\",$M66=$A$15),$M66>(ROW(PLE.lastrow)-ROW(PLE.firstrow))),0,\n           IF(OFFSET(PLE!$G$15,$M66-$A$15,BW$13)=\"\",10^12,OFFSET(PLE!$G$15,$M66-$A$15,BW$13)))","v":0},{"$f":"IF(OR($D66<>\"Serviço\",AND(AUTOEVENTO=\"Manual\",$M66=$A$15),$M66>(ROW(PLE.lastrow)-ROW(PLE.firstrow))),0,\n           IF(OFFSET(PLE!$G$15,$M66-$A$15,BX$13)=\"\",10^12,OFFSET(PLE!$G$15,$M66-$A$15,BX$13)))","v":0},{"$f":"IF(OR($D66<>\"Serviço\",AND(AUTOEVENTO=\"Manual\",$M66=$A$15),$M66>(ROW(PLE.lastrow)-ROW(PLE.firstrow))),0,\n           IF(OFFSET(PLE!$G$15,$M66-$A$15,BY$13)=\"\",10^12,OFFSET(PLE!$G$15,$M66-$A$15,BY$13)))","v":0},{"$f":"IF(OR($D66<>\"Serviço\",AND(AUTOEVENTO=\"Manual\",$M66=$A$15),$M66>(ROW(PLE.lastrow)-ROW(PLE.firstrow))),0,\n           IF(OFFSET(PLE!$G$15,$M66-$A$15,BZ$13)=\"\",10^12,OFFSET(PLE!$G$15,$M66-$A$15,BZ$13)))","v":0},{"$f":"IF(OR($D66<>\"Serviço\",AND(AUTOEVENTO=\"Manual\",$M66=$A$15),$M66>(ROW(PLE.lastrow)-ROW(PLE.firstrow))),0,\n           IF(OFFSET(PLE!$G$15,$M66-$A$15,CA$13)=\"\",10^12,OFFSET(PLE!$G$15,$M66-$A$15,CA$13)))","v":0},{"$f":"IF(OR($D66<>\"Serviço\",AND(AUTOEVENTO=\"Manual\",$M66=$A$15),$M66>(ROW(PLE.lastrow)-ROW(PLE.firstrow))),0,\n           IF(OFFSET(PLE!$G$15,$M66-$A$15,CB$13)=\"\",10^12,OFFSET(PLE!$G$15,$M66-$A$15,CB$13)))","v":0},{"$f":"IF(OR($D66<>\"Serviço\",AND(AUTOEVENTO=\"Manual\",$M66=$A$15),$M66>(ROW(PLE.lastrow)-ROW(PLE.firstrow))),0,\n           IF(OFFSET(PLE!$G$15,$M66-$A$15,CC$13)=\"\",10^12,OFFSET(PLE!$G$15,$M66-$A$15,CC$13)))","v":0},{"$f":"IF(OR($D66<>\"Serviço\",AND(AUTOEVENTO=\"Manual\",$M66=$A$15),$M66>(ROW(PLE.lastrow)-ROW(PLE.firstrow))),0,\n           IF(OFFSET(PLE!$G$15,$M66-$A$15,CD$13)=\"\",10^12,OFFSET(PLE!$G$15,$M66-$A$15,CD$13)))","v":0},{"$f":"IF(OR($D66<>\"Serviço\",AND(AUTOEVENTO=\"Manual\",$M66=$A$15),$M66>(ROW(PLE.lastrow)-ROW(PLE.firstrow))),0,\n           IF(OFFSET(PLE!$G$15,$M66-$A$15,CE$13)=\"\",10^12,OFFSET(PLE!$G$15,$M66-$A$15,CE$13)))","v":0},{"$f":"IF(OR($D66<>\"Serviço\",AND(AUTOEVENTO=\"Manual\",$M66=$A$15),$M66>(ROW(PLE.lastrow)-ROW(PLE.firstrow))),0,\n           IF(OFFSET(PLE!$G$15,$M66-$A$15,CF$13)=\"\",10^12,OFFSET(PLE!$G$15,$M66-$A$15,CF$13)))","v":0},{"$f":"IF(OR($D66<>\"Serviço\",AND(AUTOEVENTO=\"Manual\",$M66=$A$15),$M66>(ROW(PLE.lastrow)-ROW(PLE.firstrow))),0,\n           IF(OFFSET(PLE!$G$15,$M66-$A$15,CG$13)=\"\",10^12,OFFSET(PLE!$G$15,$M66-$A$15,CG$13)))","v":0},{"$f":"IF(OR($D66<>\"Serviço\",AND(AUTOEVENTO=\"Manual\",$M66=$A$15),$M66>(ROW(PLE.lastrow)-ROW(PLE.firstrow))),0,\n           IF(OFFSET(PLE!$G$15,$M66-$A$15,CH$13)=\"\",10^12,OFFSET(PLE!$G$15,$M66-$A$15,CH$13)))","v":0},{"$f":"IF(OR($D66<>\"Serviço\",AND(AUTOEVENTO=\"Manual\",$M66=$A$15),$M66>(ROW(PLE.lastrow)-ROW(PLE.firstrow))),0,\n           IF(OFFSET(PLE!$G$15,$M66-$A$15,CI$13)=\"\",10^12,OFFSET(PLE!$G$15,$M66-$A$15,CI$13)))","v":0},{"$f":"IF(OR($D66<>\"Serviço\",AND(AUTOEVENTO=\"Manual\",$M66=$A$15),$M66>(ROW(PLE.lastrow)-ROW(PLE.firstrow))),0,\n           IF(OFFSET(PLE!$G$15,$M66-$A$15,CJ$13)=\"\",10^12,OFFSET(PLE!$G$15,$M66-$A$15,CJ$13)))","v":0},{"$f":"IF(OR($D66<>\"Serviço\",AND(AUTOEVENTO=\"Manual\",$M66=$A$15),$M66>(ROW(PLE.lastrow)-ROW(PLE.firstrow))),0,\n           IF(OFFSET(PLE!$G$15,$M66-$A$15,CK$13)=\"\",10^12,OFFSET(PLE!$G$15,$M66-$A$15,CK$13)))","v":0},{"$f":"IF(OR($D66<>\"Serviço\",AND(AUTOEVENTO=\"Manual\",$M66=$A$15),$M66>(ROW(PLE.lastrow)-ROW(PLE.firstrow))),0,\n           IF(OFFSET(PLE!$G$15,$M66-$A$15,CL$13)=\"\",10^12,OFFSET(PLE!$G$15,$M66-$A$15,CL$13)))","v":0},{"$f":"IF(OR($D66<>\"Serviço\",AND(AUTOEVENTO=\"Manual\",$M66=$A$15),$M66>(ROW(PLE.lastrow)-ROW(PLE.firstrow))),0,\n           IF(OFFSET(PLE!$G$15,$M66-$A$15,CM$13)=\"\",10^12,OFFSET(PLE!$G$15,$M66-$A$15,CM$13)))","v":0}]
[3,{"$f":"OFFSET(ORÇAMENTO!C$15,ROW(B67)-ROW(B$15),0)","v":"S"},{"$f":"OFFSET(ORÇAMENTO!L$15,ROW(C67)-ROW(C$15),0)","v":"F"},{"$f":"OFFSET(ORÇAMENTO!N$15,ROW(D67)-ROW(D$15),0)","v":"Serviço"},{"$f":"OFFSET(ORÇAMENTO!O$15,ROW(E67)-ROW(E$15),0)","v":"1.5.1."},{"$f":"OFFSET(ORÇAMENTO!R$15,ROW(F67)-ROW(F$15),0)","v":"Escavação mecânica de material 1­ª categoria, proveniente de corte do subleito (com motoniveladora 125 HP)"},{"$f":"IF($D67<>\"Serviço\",\"\",OFFSET(ORÇAMENTO!S$15,ROW(G67)-ROW(G$15),0))","v":"M3"},{"$f":"IF($D67<>\"Serviço\",0,IF(ACOMPANHAMENTO=\"BM\",ROUND(OFFSET(ORÇAMENTO!AJ$15,ROW(H67)-ROW(H$15),0),15-13*ORÇAMENTO!$AF$7),SUMPRODUCT(($Q$1:$AI$1=1)*ROUND($Q67:$AI67,15-13*ORÇAMENTO!$AF$7))))","v":325.47000000000003},null,{"$f":"IF(B67<>\"S\",\"\",IF(AND(ACOMPANHAMENTO=\"PLE\",AUTOEVENTO=\"Manual\",OR(H67>0,ORÇAMENTO!AC67=\"QUANT.\"),OR(K67=\"\",M67=0,N67=\"\")),\"►\",IF(AND(ACOMPANHAMENTO=\"PLE\",ORÇAMENTO!AC67=\"QUANT.\"),\"►►\",IF(AND(COUNTIF($P$11:$AI$11,\"▼\")=0,H67>0,I67=\"\"),\"◄\",\"\"))))","v":"◄"},"3. IMPLANTAÇÃO ASFÁLTICA",".",{"$f":"IF($D67<>\"Serviço\",\"\",\n          IF(AUTOEVENTO=\"manual\",$A67,\n                IF(ISERROR(MATCH($A67,$A$15:OFFSET($A67,-1,0),0)),MAX($M$15:OFFSET(M67,-1,0))+1,\n                      INDEX($M$15:OFFSET(M67,-1,0),MATCH($A67,$A$15:OFFSET($A67,-1,0),0)))))","v":3},{"$f":"IF($D67<>\"Serviço\",\"\",\n         IF(AUTOEVENTO=\"Manual\",\n                IF($A67=0,\"<-- defina o número do agrupador\",\n                       OFFSET(EVENTOS!$D$15,$A67-$A$15,0)),\n                OFFSET($F$15,$A67,0)))","v":"IMPLANTAÇÃO ASFÁLTICA"},null,null,1266.96,null,null,null,null,null,null,null,null,null,null,null,null,null,null,null,null,null,null,{"$f":"IF(AND($D67=\"Serviço\",AJ$12<>0,$H67>0,OR(AUTOEVENTO<>\"manual\",$M67<>$A$15)),\n        IF(Import.TipoArredondamento<>\"TransfereGOV\",\n              ROUND(OFFSET($P67,0,AJ$13),15-13*ORÇAMENTO!$AF$7)/$H67*OFFSET(ORÇAMENTO!$X$15,ROW(AJ67)-ROW(AJ$15),0),\n              ROUND(ROUND(OFFSET($P67,0,AJ$13),15-13*ORÇAMENTO!$AF$7)*OFFSET(ORÇAMENTO!$W$15,ROW(AJ67)-ROW(AJ$15),0),15-13*ORÇAMENTO!$AF$11)),\n         0)","v":0},{"$f":"IF(AND($D67=\"Serviço\",AK$12<>0,$H67>0,OR(AUTOEVENTO<>\"manual\",$M67<>$A$15)),\n        IF(Import.TipoArredondamento<>\"TransfereGOV\",\n              ROUND(OFFSET($P67,0,AK$13),15-13*ORÇAMENTO!$AF$7)/$H67*OFFSET(ORÇAMENTO!$X$15,ROW(AK67)-ROW(AK$15),0),\n              ROUND(ROUND(OFFSET($P67,0,AK$13),15-13*ORÇAMENTO!$AF$7)*OFFSET(ORÇAMENTO!$W$15,ROW(AK67)-ROW(AK$15),0),15-13*ORÇAMENTO!$AF$11)),\n         0)","v":0},{"$f":"IF(AND($D67=\"Serviço\",AL$12<>0,$H67>0,OR(AUTOEVENTO<>\"manual\",$M67<>$A$15)),\n        IF(Import.TipoArredondamento<>\"TransfereGOV\",\n              ROUND(OFFSET($P67,0,AL$13),15-13*ORÇAMENTO!$AF$7)/$H67*OFFSET(ORÇAMENTO!$X$15,ROW(AL67)-ROW(AL$15),0),\n              ROUND(ROUND(OFFSET($P67,0,AL$13),15-13*ORÇAMENTO!$AF$7)*OFFSET(ORÇAMENTO!$W$15,ROW(AL67)-ROW(AL$15),0),15-13*ORÇAMENTO!$AF$11)),\n         0)","v":0},{"$f":"IF(AND($D67=\"Serviço\",AM$12<>0,$H67>0,OR(AUTOEVENTO<>\"manual\",$M67<>$A$15)),\n        IF(Import.TipoArredondamento<>\"TransfereGOV\",\n              ROUND(OFFSET($P67,0,AM$13),15-13*ORÇAMENTO!$AF$7)/$H67*OFFSET(ORÇAMENTO!$X$15,ROW(AM67)-ROW(AM$15),0),\n              ROUND(ROUND(OFFSET($P67,0,AM$13),15-13*ORÇAMENTO!$AF$7)*OFFSET(ORÇAMENTO!$W$15,ROW(AM67)-ROW(AM$15),0),15-13*ORÇAMENTO!$AF$11)),\n         0)","v":0},{"$f":"IF(AND($D67=\"Serviço\",AN$12<>0,$H67>0,OR(AUTOEVENTO<>\"manual\",$M67<>$A$15)),\n        IF(Import.TipoArredondamento<>\"TransfereGOV\",\n              ROUND(OFFSET($P67,0,AN$13),15-13*ORÇAMENTO!$AF$7)/$H67*OFFSET(ORÇAMENTO!$X$15,ROW(AN67)-ROW(AN$15),0),\n              ROUND(ROUND(OFFSET($P67,0,AN$13),15-13*ORÇAMENTO!$AF$7)*OFFSET(ORÇAMENTO!$W$15,ROW(AN67)-ROW(AN$15),0),15-13*ORÇAMENTO!$AF$11)),\n         0)","v":0},{"$f":"IF(AND($D67=\"Serviço\",AO$12<>0,$H67>0,OR(AUTOEVENTO<>\"manual\",$M67<>$A$15)),\n        IF(Import.TipoArredondamento<>\"TransfereGOV\",\n              ROUND(OFFSET($P67,0,AO$13),15-13*ORÇAMENTO!$AF$7)/$H67*OFFSET(ORÇAMENTO!$X$15,ROW(AO67)-ROW(AO$15),0),\n              ROUND(ROUND(OFFSET($P67,0,AO$13),15-13*ORÇAMENTO!$AF$7)*OFFSET(ORÇAMENTO!$W$15,ROW(AO67)-ROW(AO$15),0),15-13*ORÇAMENTO!$AF$11)),\n         0)","v":0},{"$f":"IF(AND($D67=\"Serviço\",AP$12<>0,$H67>0,OR(AUTOEVENTO<>\"manual\",$M67<>$A$15)),\n        IF(Import.TipoArredondamento<>\"TransfereGOV\",\n              ROUND(OFFSET($P67,0,AP$13),15-13*ORÇAMENTO!$AF$7)/$H67*OFFSET(ORÇAMENTO!$X$15,ROW(AP67)-ROW(AP$15),0),\n              ROUND(ROUND(OFFSET($P67,0,AP$13),15-13*ORÇAMENTO!$AF$7)*OFFSET(ORÇAMENTO!$W$15,ROW(AP67)-ROW(AP$15),0),15-13*ORÇAMENTO!$AF$11)),\n         0)","v":0},{"$f":"IF(AND($D67=\"Serviço\",AQ$12<>0,$H67>0,OR(AUTOEVENTO<>\"manual\",$M67<>$A$15)),\n        IF(Import.TipoArredondamento<>\"TransfereGOV\",\n              ROUND(OFFSET($P67,0,AQ$13),15-13*ORÇAMENTO!$AF$7)/$H67*OFFSET(ORÇAMENTO!$X$15,ROW(AQ67)-ROW(AQ$15),0),\n              ROUND(ROUND(OFFSET($P67,0,AQ$13),15-13*ORÇAMENTO!$AF$7)*OFFSET(ORÇAMENTO!$W$15,ROW(AQ67)-ROW(AQ$15),0),15-13*ORÇAMENTO!$AF$11)),\n         0)","v":0},{"$f":"IF(AND($D67=\"Serviço\",AR$12<>0,$H67>0,OR(AUTOEVENTO<>\"manual\",$M67<>$A$15)),\n        IF(Import.TipoArredondamento<>\"TransfereGOV\",\n              ROUND(OFFSET($P67,0,AR$13),15-13*ORÇAMENTO!$AF$7)/$H67*OFFSET(ORÇAMENTO!$X$15,ROW(AR67)-ROW(AR$15),0),\n              ROUND(ROUND(OFFSET($P67,0,AR$13),15-13*ORÇAMENTO!$AF$7)*OFFSET(ORÇAMENTO!$W$15,ROW(AR67)-ROW(AR$15),0),15-13*ORÇAMENTO!$AF$11)),\n         0)","v":0},{"$f":"IF(AND($D67=\"Serviço\",AS$12<>0,$H67>0,OR(AUTOEVENTO<>\"manual\",$M67<>$A$15)),\n        IF(Import.TipoArredondamento<>\"TransfereGOV\",\n              ROUND(OFFSET($P67,0,AS$13),15-13*ORÇAMENTO!$AF$7)/$H67*OFFSET(ORÇAMENTO!$X$15,ROW(AS67)-ROW(AS$15),0),\n              ROUND(ROUND(OFFSET($P67,0,AS$13),15-13*ORÇAMENTO!$AF$7)*OFFSET(ORÇAMENTO!$W$15,ROW(AS67)-ROW(AS$15),0),15-13*ORÇAMENTO!$AF$11)),\n         0)","v":0},{"$f":"IF(AND($D67=\"Serviço\",AT$12<>0,$H67>0,OR(AUTOEVENTO<>\"manual\",$M67<>$A$15)),\n        IF(Import.TipoArredondamento<>\"TransfereGOV\",\n              ROUND(OFFSET($P67,0,AT$13),15-13*ORÇAMENTO!$AF$7)/$H67*OFFSET(ORÇAMENTO!$X$15,ROW(AT67)-ROW(AT$15),0),\n              ROUND(ROUND(OFFSET($P67,0,AT$13),15-13*ORÇAMENTO!$AF$7)*OFFSET(ORÇAMENTO!$W$15,ROW(AT67)-ROW(AT$15),0),15-13*ORÇAMENTO!$AF$11)),\n         0)","v":0},{"$f":"IF(AND($D67=\"Serviço\",AU$12<>0,$H67>0,OR(AUTOEVENTO<>\"manual\",$M67<>$A$15)),\n        IF(Import.TipoArredondamento<>\"TransfereGOV\",\n              ROUND(OFFSET($P67,0,AU$13),15-13*ORÇAMENTO!$AF$7)/$H67*OFFSET(ORÇAMENTO!$X$15,ROW(AU67)-ROW(AU$15),0),\n              ROUND(ROUND(OFFSET($P67,0,AU$13),15-13*ORÇAMENTO!$AF$7)*OFFSET(ORÇAMENTO!$W$15,ROW(AU67)-ROW(AU$15),0),15-13*ORÇAMENTO!$AF$11)),\n         0)","v":0},{"$f":"IF(AND($D67=\"Serviço\",AV$12<>0,$H67>0,OR(AUTOEVENTO<>\"manual\",$M67<>$A$15)),\n        IF(Import.TipoArredondamento<>\"TransfereGOV\",\n              ROUND(OFFSET($P67,0,AV$13),15-13*ORÇAMENTO!$AF$7)/$H67*OFFSET(ORÇAMENTO!$X$15,ROW(AV67)-ROW(AV$15),0),\n              ROUND(ROUND(OFFSET($P67,0,AV$13),15-13*ORÇAMENTO!$AF$7)*OFFSET(ORÇAMENTO!$W$15,ROW(AV67)-ROW(AV$15),0),15-13*ORÇAMENTO!$AF$11)),\n         0)","v":0},{"$f":"IF(AND($D67=\"Serviço\",AW$12<>0,$H67>0,OR(AUTOEVENTO<>\"manual\",$M67<>$A$15)),\n        IF(Import.TipoArredondamento<>\"TransfereGOV\",\n              ROUND(OFFSET($P67,0,AW$13),15-13*ORÇAMENTO!$AF$7)/$H67*OFFSET(ORÇAMENTO!$X$15,ROW(AW67)-ROW(AW$15),0),\n              ROUND(ROUND(OFFSET($P67,0,AW$13),15-13*ORÇAMENTO!$AF$7)*OFFSET(ORÇAMENTO!$W$15,ROW(AW67)-ROW(AW$15),0),15-13*ORÇAMENTO!$AF$11)),\n         0)","v":0},{"$f":"IF(AND($D67=\"Serviço\",AX$12<>0,$H67>0,OR(AUTOEVENTO<>\"manual\",$M67<>$A$15)),\n        IF(Import.TipoArredondamento<>\"TransfereGOV\",\n              ROUND(OFFSET($P67,0,AX$13),15-13*ORÇAMENTO!$AF$7)/$H67*OFFSET(ORÇAMENTO!$X$15,ROW(AX67)-ROW(AX$15),0),\n              ROUND(ROUND(OFFSET($P67,0,AX$13),15-13*ORÇAMENTO!$AF$7)*OFFSET(ORÇAMENTO!$W$15,ROW(AX67)-ROW(AX$15),0),15-13*ORÇAMENTO!$AF$11)),\n         0)","v":0},{"$f":"IF(AND($D67=\"Serviço\",AY$12<>0,$H67>0,OR(AUTOEVENTO<>\"manual\",$M67<>$A$15)),\n        IF(Import.TipoArredondamento<>\"TransfereGOV\",\n              ROUND(OFFSET($P67,0,AY$13),15-13*ORÇAMENTO!$AF$7)/$H67*OFFSET(ORÇAMENTO!$X$15,ROW(AY67)-ROW(AY$15),0),\n              ROUND(ROUND(OFFSET($P67,0,AY$13),15-13*ORÇAMENTO!$AF$7)*OFFSET(ORÇAMENTO!$W$15,ROW(AY67)-ROW(AY$15),0),15-13*ORÇAMENTO!$AF$11)),\n         0)","v":0},{"$f":"IF(AND($D67=\"Serviço\",AZ$12<>0,$H67>0,OR(AUTOEVENTO<>\"manual\",$M67<>$A$15)),\n        IF(Import.TipoArredondamento<>\"TransfereGOV\",\n              ROUND(OFFSET($P67,0,AZ$13),15-13*ORÇAMENTO!$AF$7)/$H67*OFFSET(ORÇAMENTO!$X$15,ROW(AZ67)-ROW(AZ$15),0),\n              ROUND(ROUND(OFFSET($P67,0,AZ$13),15-13*ORÇAMENTO!$AF$7)*OFFSET(ORÇAMENTO!$W$15,ROW(AZ67)-ROW(AZ$15),0),15-13*ORÇAMENTO!$AF$11)),\n         0)","v":0},{"$f":"IF(AND($D67=\"Serviço\",BA$12<>0,$H67>0,OR(AUTOEVENTO<>\"manual\",$M67<>$A$15)),\n        IF(Import.TipoArredondamento<>\"TransfereGOV\",\n              ROUND(OFFSET($P67,0,BA$13),15-13*ORÇAMENTO!$AF$7)/$H67*OFFSET(ORÇAMENTO!$X$15,ROW(BA67)-ROW(BA$15),0),\n              ROUND(ROUND(OFFSET($P67,0,BA$13),15-13*ORÇAMENTO!$AF$7)*OFFSET(ORÇAMENTO!$W$15,ROW(BA67)-ROW(BA$15),0),15-13*ORÇAMENTO!$AF$11)),\n         0)","v":0},null,{"$f":"IF(OR($D67<>\"Serviço\",AND(AUTOEVENTO=\"Manual\",$M67=$A$15)),0,\n         IF(OFFSET(CRONOPLE!$F$15,$M67-$A$15,BC$13)=\"\",10^12,OFFSET(CRONOPLE!$F$15,$M67-$A$15,BC$13)))","v":3},{"$f":"IF(OR($D67<>\"Serviço\",AND(AUTOEVENTO=\"Manual\",$M67=$A$15)),0,\n         IF(OFFSET(CRONOPLE!$F$15,$M67-$A$15,BD$13)=\"\",10^12,OFFSET(CRONOPLE!$F$15,$M67-$A$15,BD$13)))","v":2},{"$f":"IF(OR($D67<>\"Serviço\",AND(AUTOEVENTO=\"Manual\",$M67=$A$15)),0,\n         IF(OFFSET(CRONOPLE!$F$15,$M67-$A$15,BE$13)=\"\",10^12,OFFSET(CRONOPLE!$F$15,$M67-$A$15,BE$13)))","v":3},{"$f":"IF(OR($D67<>\"Serviço\",AND(AUTOEVENTO=\"Manual\",$M67=$A$15)),0,\n         IF(OFFSET(CRONOPLE!$F$15,$M67-$A$15,BF$13)=\"\",10^12,OFFSET(CRONOPLE!$F$15,$M67-$A$15,BF$13)))","v":1000000000000},{"$f":"IF(OR($D67<>\"Serviço\",AND(AUTOEVENTO=\"Manual\",$M67=$A$15)),0,\n         IF(OFFSET(CRONOPLE!$F$15,$M67-$A$15,BG$13)=\"\",10^12,OFFSET(CRONOPLE!$F$15,$M67-$A$15,BG$13)))","v":1000000000000},{"$f":"IF(OR($D67<>\"Serviço\",AND(AUTOEVENTO=\"Manual\",$M67=$A$15)),0,\n         IF(OFFSET(CRONOPLE!$F$15,$M67-$A$15,BH$13)=\"\",10^12,OFFSET(CRONOPLE!$F$15,$M67-$A$15,BH$13)))","v":1000000000000},{"$f":"IF(OR($D67<>\"Serviço\",AND(AUTOEVENTO=\"Manual\",$M67=$A$15)),0,\n         IF(OFFSET(CRONOPLE!$F$15,$M67-$A$15,BI$13)=\"\",10^12,OFFSET(CRONOPLE!$F$15,$M67-$A$15,BI$13)))","v":1000000000000},{"$f":"IF(OR($D67<>\"Serviço\",AND(AUTOEVENTO=\"Manual\",$M67=$A$15)),0,\n         IF(OFFSET(CRONOPLE!$F$15,$M67-$A$15,BJ$13)=\"\",10^12,OFFSET(CRONOPLE!$F$15,$M67-$A$15,BJ$13)))","v":1000000000000},{"$f":"IF(OR($D67<>\"Serviço\",AND(AUTOEVENTO=\"Manual\",$M67=$A$15)),0,\n         IF(OFFSET(CRONOPLE!$F$15,$M67-$A$15,BK$13)=\"\",10^12,OFFSET(CRONOPLE!$F$15,$M67-$A$15,BK$13)))","v":1000000000000},{"$f":"IF(OR($D67<>\"Serviço\",AND(AUTOEVENTO=\"Manual\",$M67=$A$15)),0,\n         IF(OFFSET(CRONOPLE!$F$15,$M67-$A$15,BL$13)=\"\",10^12,OFFSET(CRONOPLE!$F$15,$M67-$A$15,BL$13)))","v":1000000000000},{"$f":"IF(OR($D67<>\"Serviço\",AND(AUTOEVENTO=\"Manual\",$M67=$A$15)),0,\n         IF(OFFSET(CRONOPLE!$F$15,$M67-$A$15,BM$13)=\"\",10^12,OFFSET(CRONOPLE!$F$15,$M67-$A$15,BM$13)))","v":1000000000000},{"$f":"IF(OR($D67<>\"Serviço\",AND(AUTOEVENTO=\"Manual\",$M67=$A$15)),0,\n         IF(OFFSET(CRONOPLE!$F$15,$M67-$A$15,BN$13)=\"\",10^12,OFFSET(CRONOPLE!$F$15,$M67-$A$15,BN$13)))","v":1000000000000},{"$f":"IF(OR($D67<>\"Serviço\",AND(AUTOEVENTO=\"Manual\",$M67=$A$15)),0,\n         IF(OFFSET(CRONOPLE!$F$15,$M67-$A$15,BO$13)=\"\",10^12,OFFSET(CRONOPLE!$F$15,$M67-$A$15,BO$13)))","v":1000000000000},{"$f":"IF(OR($D67<>\"Serviço\",AND(AUTOEVENTO=\"Manual\",$M67=$A$15)),0,\n         IF(OFFSET(CRONOPLE!$F$15,$M67-$A$15,BP$13)=\"\",10^12,OFFSET(CRONOPLE!$F$15,$M67-$A$15,BP$13)))","v":1000000000000},{"$f":"IF(OR($D67<>\"Serviço\",AND(AUTOEVENTO=\"Manual\",$M67=$A$15)),0,\n         IF(OFFSET(CRONOPLE!$F$15,$M67-$A$15,BQ$13)=\"\",10^12,OFFSET(CRONOPLE!$F$15,$M67-$A$15,BQ$13)))","v":1000000000000},{"$f":"IF(OR($D67<>\"Serviço\",AND(AUTOEVENTO=\"Manual\",$M67=$A$15)),0,\n         IF(OFFSET(CRONOPLE!$F$15,$M67-$A$15,BR$13)=\"\",10^12,OFFSET(CRONOPLE!$F$15,$M67-$A$15,BR$13)))","v":1000000000000},{"$f":"IF(OR($D67<>\"Serviço\",AND(AUTOEVENTO=\"Manual\",$M67=$A$15)),0,\n         IF(OFFSET(CRONOPLE!$F$15,$M67-$A$15,BS$13)=\"\",10^12,OFFSET(CRONOPLE!$F$15,$M67-$A$15,BS$13)))","v":1000000000000},{"$f":"IF(OR($D67<>\"Serviço\",AND(AUTOEVENTO=\"Manual\",$M67=$A$15)),0,\n         IF(OFFSET(CRONOPLE!$F$15,$M67-$A$15,BT$13)=\"\",10^12,OFFSET(CRONOPLE!$F$15,$M67-$A$15,BT$13)))","v":1000000000000},null,{"$f":"IF(OR($D67<>\"Serviço\",AND(AUTOEVENTO=\"Manual\",$M67=$A$15),$M67>(ROW(PLE.lastrow)-ROW(PLE.firstrow))),0,\n           IF(OFFSET(PLE!$G$15,$M67-$A$15,BV$13)=\"\",10^12,OFFSET(PLE!$G$15,$M67-$A$15,BV$13)))","v":1000000000000},{"$f":"IF(OR($D67<>\"Serviço\",AND(AUTOEVENTO=\"Manual\",$M67=$A$15),$M67>(ROW(PLE.lastrow)-ROW(PLE.firstrow))),0,\n           IF(OFFSET(PLE!$G$15,$M67-$A$15,BW$13)=\"\",10^12,OFFSET(PLE!$G$15,$M67-$A$15,BW$13)))","v":1000000000000},{"$f":"IF(OR($D67<>\"Serviço\",AND(AUTOEVENTO=\"Manual\",$M67=$A$15),$M67>(ROW(PLE.lastrow)-ROW(PLE.firstrow))),0,\n           IF(OFFSET(PLE!$G$15,$M67-$A$15,BX$13)=\"\",10^12,OFFSET(PLE!$G$15,$M67-$A$15,BX$13)))","v":1000000000000},{"$f":"IF(OR($D67<>\"Serviço\",AND(AUTOEVENTO=\"Manual\",$M67=$A$15),$M67>(ROW(PLE.lastrow)-ROW(PLE.firstrow))),0,\n           IF(OFFSET(PLE!$G$15,$M67-$A$15,BY$13)=\"\",10^12,OFFSET(PLE!$G$15,$M67-$A$15,BY$13)))","v":1000000000000},{"$f":"IF(OR($D67<>\"Serviço\",AND(AUTOEVENTO=\"Manual\",$M67=$A$15),$M67>(ROW(PLE.lastrow)-ROW(PLE.firstrow))),0,\n           IF(OFFSET(PLE!$G$15,$M67-$A$15,BZ$13)=\"\",10^12,OFFSET(PLE!$G$15,$M67-$A$15,BZ$13)))","v":1000000000000},{"$f":"IF(OR($D67<>\"Serviço\",AND(AUTOEVENTO=\"Manual\",$M67=$A$15),$M67>(ROW(PLE.lastrow)-ROW(PLE.firstrow))),0,\n           IF(OFFSET(PLE!$G$15,$M67-$A$15,CA$13)=\"\",10^12,OFFSET(PLE!$G$15,$M67-$A$15,CA$13)))","v":1000000000000},{"$f":"IF(OR($D67<>\"Serviço\",AND(AUTOEVENTO=\"Manual\",$M67=$A$15),$M67>(ROW(PLE.lastrow)-ROW(PLE.firstrow))),0,\n           IF(OFFSET(PLE!$G$15,$M67-$A$15,CB$13)=\"\",10^12,OFFSET(PLE!$G$15,$M67-$A$15,CB$13)))","v":1000000000000},{"$f":"IF(OR($D67<>\"Serviço\",AND(AUTOEVENTO=\"Manual\",$M67=$A$15),$M67>(ROW(PLE.lastrow)-ROW(PLE.firstrow))),0,\n           IF(OFFSET(PLE!$G$15,$M67-$A$15,CC$13)=\"\",10^12,OFFSET(PLE!$G$15,$M67-$A$15,CC$13)))","v":1000000000000},{"$f":"IF(OR($D67<>\"Serviço\",AND(AUTOEVENTO=\"Manual\",$M67=$A$15),$M67>(ROW(PLE.lastrow)-ROW(PLE.firstrow))),0,\n           IF(OFFSET(PLE!$G$15,$M67-$A$15,CD$13)=\"\",10^12,OFFSET(PLE!$G$15,$M67-$A$15,CD$13)))","v":1000000000000},{"$f":"IF(OR($D67<>\"Serviço\",AND(AUTOEVENTO=\"Manual\",$M67=$A$15),$M67>(ROW(PLE.lastrow)-ROW(PLE.firstrow))),0,\n           IF(OFFSET(PLE!$G$15,$M67-$A$15,CE$13)=\"\",10^12,OFFSET(PLE!$G$15,$M67-$A$15,CE$13)))","v":1000000000000},{"$f":"IF(OR($D67<>\"Serviço\",AND(AUTOEVENTO=\"Manual\",$M67=$A$15),$M67>(ROW(PLE.lastrow)-ROW(PLE.firstrow))),0,\n           IF(OFFSET(PLE!$G$15,$M67-$A$15,CF$13)=\"\",10^12,OFFSET(PLE!$G$15,$M67-$A$15,CF$13)))","v":1000000000000},{"$f":"IF(OR($D67<>\"Serviço\",AND(AUTOEVENTO=\"Manual\",$M67=$A$15),$M67>(ROW(PLE.lastrow)-ROW(PLE.firstrow))),0,\n           IF(OFFSET(PLE!$G$15,$M67-$A$15,CG$13)=\"\",10^12,OFFSET(PLE!$G$15,$M67-$A$15,CG$13)))","v":1000000000000},{"$f":"IF(OR($D67<>\"Serviço\",AND(AUTOEVENTO=\"Manual\",$M67=$A$15),$M67>(ROW(PLE.lastrow)-ROW(PLE.firstrow))),0,\n           IF(OFFSET(PLE!$G$15,$M67-$A$15,CH$13)=\"\",10^12,OFFSET(PLE!$G$15,$M67-$A$15,CH$13)))","v":1000000000000},{"$f":"IF(OR($D67<>\"Serviço\",AND(AUTOEVENTO=\"Manual\",$M67=$A$15),$M67>(ROW(PLE.lastrow)-ROW(PLE.firstrow))),0,\n           IF(OFFSET(PLE!$G$15,$M67-$A$15,CI$13)=\"\",10^12,OFFSET(PLE!$G$15,$M67-$A$15,CI$13)))","v":1000000000000},{"$f":"IF(OR($D67<>\"Serviço\",AND(AUTOEVENTO=\"Manual\",$M67=$A$15),$M67>(ROW(PLE.lastrow)-ROW(PLE.firstrow))),0,\n           IF(OFFSET(PLE!$G$15,$M67-$A$15,CJ$13)=\"\",10^12,OFFSET(PLE!$G$15,$M67-$A$15,CJ$13)))","v":1000000000000},{"$f":"IF(OR($D67<>\"Serviço\",AND(AUTOEVENTO=\"Manual\",$M67=$A$15),$M67>(ROW(PLE.lastrow)-ROW(PLE.firstrow))),0,\n           IF(OFFSET(PLE!$G$15,$M67-$A$15,CK$13)=\"\",10^12,OFFSET(PLE!$G$15,$M67-$A$15,CK$13)))","v":1000000000000},{"$f":"IF(OR($D67<>\"Serviço\",AND(AUTOEVENTO=\"Manual\",$M67=$A$15),$M67>(ROW(PLE.lastrow)-ROW(PLE.firstrow))),0,\n           IF(OFFSET(PLE!$G$15,$M67-$A$15,CL$13)=\"\",10^12,OFFSET(PLE!$G$15,$M67-$A$15,CL$13)))","v":1000000000000},{"$f":"IF(OR($D67<>\"Serviço\",AND(AUTOEVENTO=\"Manual\",$M67=$A$15),$M67>(ROW(PLE.lastrow)-ROW(PLE.firstrow))),0,\n           IF(OFFSET(PLE!$G$15,$M67-$A$15,CM$13)=\"\",10^12,OFFSET(PLE!$G$15,$M67-$A$15,CM$13)))","v":1000000000000}]
[3,{"$f":"OFFSET(ORÇAMENTO!C$15,ROW(B68)-ROW(B$15),0)","v":"S"},{"$f":"OFFSET(ORÇAMENTO!L$15,ROW(C68)-ROW(C$15),0)","v":"F"},{"$f":"OFFSET(ORÇAMENTO!N$15,ROW(D68)-ROW(D$15),0)","v":"Serviço"},{"$f":"OFFSET(ORÇAMENTO!O$15,ROW(E68)-ROW(E$15),0)","v":"1.5.2."},{"$f":"OFFSET(ORÇAMENTO!R$15,ROW(F68)-ROW(F$15),0)","v":"CARGA, MANOBRA E DESCARGA DE SOLOS E MATERIAIS GRANULARES EM CAMINHÃO BASCULANTE 14 M³ - CARGA COM ESCAVADEIRA HIDRÁULICA (CAÇAMBA DE 1,20 M³ / 155 HP) E DESCARGA LIVRE (UNIDADE: M3). AF_07/2020"},{"$f":"IF($D68<>\"Serviço\",\"\",OFFSET(ORÇAMENTO!S$15,ROW(G68)-ROW(G$15),0))","v":"M3"},{"$f":"IF($D68<>\"Serviço\",0,IF(ACOMPANHAMENTO=\"BM\",ROUND(OFFSET(ORÇAMENTO!AJ$15,ROW(H68)-ROW(H$15),0),15-13*ORÇAMENTO!$AF$7),SUMPRODUCT(($Q$1:$AI$1=1)*ROUND($Q68:$AI68,15-13*ORÇAMENTO!$AF$7))))","v":423.11},null,{"$f":"IF(B68<>\"S\",\"\",IF(AND(ACOMPANHAMENTO=\"PLE\",AUTOEVENTO=\"Manual\",OR(H68>0,ORÇAMENTO!AC68=\"QUANT.\"),OR(K68=\"\",M68=0,N68=\"\")),\"►\",IF(AND(ACOMPANHAMENTO=\"PLE\",ORÇAMENTO!AC68=\"QUANT.\"),\"►►\",IF(AND(COUNTIF($P$11:$AI$11,\"▼\")=0,H68>0,I68=\"\"),\"◄\",\"\"))))","v":"◄"},"3. IMPLANTAÇÃO ASFÁLTICA",".",{"$f":"IF($D68<>\"Serviço\",\"\",\n          IF(AUTOEVENTO=\"manual\",$A68,\n                IF(ISERROR(MATCH($A68,$A$15:OFFSET($A68,-1,0),0)),MAX($M$15:OFFSET(M68,-1,0))+1,\n                      INDEX($M$15:OFFSET(M68,-1,0),MATCH($A68,$A$15:OFFSET($A68,-1,0),0)))))","v":3},{"$f":"IF($D68<>\"Serviço\",\"\",\n         IF(AUTOEVENTO=\"Manual\",\n                IF($A68=0,\"<-- defina o número do agrupador\",\n                       OFFSET(EVENTOS!$D$15,$A68-$A$15,0)),\n                OFFSET($F$15,$A68,0)))","v":"IMPLANTAÇÃO ASFÁLTICA"},null,null,1647.05,null,null,null,null,null,null,null,null,null,null,null,null,null,null,null,null,null,null,{"$f":"IF(AND($D68=\"Serviço\",AJ$12<>0,$H68>0,OR(AUTOEVENTO<>\"manual\",$M68<>$A$15)),\n        IF(Import.TipoArredondamento<>\"TransfereGOV\",\n              ROUND(OFFSET($P68,0,AJ$13),15-13*ORÇAMENTO!$AF$7)/$H68*OFFSET(ORÇAMENTO!$X$15,ROW(AJ68)-ROW(AJ$15),0),\n              ROUND(ROUND(OFFSET($P68,0,AJ$13),15-13*ORÇAMENTO!$AF$7)*OFFSET(ORÇAMENTO!$W$15,ROW(AJ68)-ROW(AJ$15),0),15-13*ORÇAMENTO!$AF$11)),\n         0)","v":0},{"$f":"IF(AND($D68=\"Serviço\",AK$12<>0,$H68>0,OR(AUTOEVENTO<>\"manual\",$M68<>$A$15)),\n        IF(Import.TipoArredondamento<>\"TransfereGOV\",\n              ROUND(OFFSET($P68,0,AK$13),15-13*ORÇAMENTO!$AF$7)/$H68*OFFSET(ORÇAMENTO!$X$15,ROW(AK68)-ROW(AK$15),0),\n              ROUND(ROUND(OFFSET($P68,0,AK$13),15-13*ORÇAMENTO!$AF$7)*OFFSET(ORÇAMENTO!$W$15,ROW(AK68)-ROW(AK$15),0),15-13*ORÇAMENTO!$AF$11)),\n         0)","v":0},{"$f":"IF(AND($D68=\"Serviço\",AL$12<>0,$H68>0,OR(AUTOEVENTO<>\"manual\",$M68<>$A$15)),\n        IF(Import.TipoArredondamento<>\"TransfereGOV\",\n              ROUND(OFFSET($P68,0,AL$13),15-13*ORÇAMENTO!$AF$7)/$H68*OFFSET(ORÇAMENTO!$X$15,ROW(AL68)-ROW(AL$15),0),\n              ROUND(ROUND(OFFSET($P68,0,AL$13),15-13*ORÇAMENTO!$AF$7)*OFFSET(ORÇAMENTO!$W$15,ROW(AL68)-ROW(AL$15),0),15-13*ORÇAMENTO!$AF$11)),\n         0)","v":0},{"$f":"IF(AND($D68=\"Serviço\",AM$12<>0,$H68>0,OR(AUTOEVENTO<>\"manual\",$M68<>$A$15)),\n        IF(Import.TipoArredondamento<>\"TransfereGOV\",\n              ROUND(OFFSET($P68,0,AM$13),15-13*ORÇAMENTO!$AF$7)/$H68*OFFSET(ORÇAMENTO!$X$15,ROW(AM68)-ROW(AM$15),0),\n              ROUND(ROUND(OFFSET($P68,0,AM$13),15-13*ORÇAMENTO!$AF$7)*OFFSET(ORÇAMENTO!$W$15,ROW(AM68)-ROW(AM$15),0),15-13*ORÇAMENTO!$AF$11)),\n         0)","v":0},{"$f":"IF(AND($D68=\"Serviço\",AN$12<>0,$H68>0,OR(AUTOEVENTO<>\"manual\",$M68<>$A$15)),\n        IF(Import.TipoArredondamento<>\"TransfereGOV\",\n              ROUND(OFFSET($P68,0,AN$13),15-13*ORÇAMENTO!$AF$7)/$H68*OFFSET(ORÇAMENTO!$X$15,ROW(AN68)-ROW(AN$15),0),\n              ROUND(ROUND(OFFSET($P68,0,AN$13),15-13*ORÇAMENTO!$AF$7)*OFFSET(ORÇAMENTO!$W$15,ROW(AN68)-ROW(AN$15),0),15-13*ORÇAMENTO!$AF$11)),\n         0)","v":0},{"$f":"IF(AND($D68=\"Serviço\",AO$12<>0,$H68>0,OR(AUTOEVENTO<>\"manual\",$M68<>$A$15)),\n        IF(Import.TipoArredondamento<>\"TransfereGOV\",\n              ROUND(OFFSET($P68,0,AO$13),15-13*ORÇAMENTO!$AF$7)/$H68*OFFSET(ORÇAMENTO!$X$15,ROW(AO68)-ROW(AO$15),0),\n              ROUND(ROUND(OFFSET($P68,0,AO$13),15-13*ORÇAMENTO!$AF$7)*OFFSET(ORÇAMENTO!$W$15,ROW(AO68)-ROW(AO$15),0),15-13*ORÇAMENTO!$AF$11)),\n         0)","v":0},{"$f":"IF(AND($D68=\"Serviço\",AP$12<>0,$H68>0,OR(AUTOEVENTO<>\"manual\",$M68<>$A$15)),\n        IF(Import.TipoArredondamento<>\"TransfereGOV\",\n              ROUND(OFFSET($P68,0,AP$13),15-13*ORÇAMENTO!$AF$7)/$H68*OFFSET(ORÇAMENTO!$X$15,ROW(AP68)-ROW(AP$15),0),\n              ROUND(ROUND(OFFSET($P68,0,AP$13),15-13*ORÇAMENTO!$AF$7)*OFFSET(ORÇAMENTO!$W$15,ROW(AP68)-ROW(AP$15),0),15-13*ORÇAMENTO!$AF$11)),\n         0)","v":0},{"$f":"IF(AND($D68=\"Serviço\",AQ$12<>0,$H68>0,OR(AUTOEVENTO<>\"manual\",$M68<>$A$15)),\n        IF(Import.TipoArredondamento<>\"TransfereGOV\",\n              ROUND(OFFSET($P68,0,AQ$13),15-13*ORÇAMENTO!$AF$7)/$H68*OFFSET(ORÇAMENTO!$X$15,ROW(AQ68)-ROW(AQ$15),0),\n              ROUND(ROUND(OFFSET($P68,0,AQ$13),15-13*ORÇAMENTO!$AF$7)*OFFSET(ORÇAMENTO!$W$15,ROW(AQ68)-ROW(AQ$15),0),15-13*ORÇAMENTO!$AF$11)),\n         0)","v":0},{"$f":"IF(AND($D68=\"Serviço\",AR$12<>0,$H68>0,OR(AUTOEVENTO<>\"manual\",$M68<>$A$15)),\n        IF(Import.TipoArredondamento<>\"TransfereGOV\",\n              ROUND(OFFSET($P68,0,AR$13),15-13*ORÇAMENTO!$AF$7)/$H68*OFFSET(ORÇAMENTO!$X$15,ROW(AR68)-ROW(AR$15),0),\n              ROUND(ROUND(OFFSET($P68,0,AR$13),15-13*ORÇAMENTO!$AF$7)*OFFSET(ORÇAMENTO!$W$15,ROW(AR68)-ROW(AR$15),0),15-13*ORÇAMENTO!$AF$11)),\n         0)","v":0},{"$f":"IF(AND($D68=\"Serviço\",AS$12<>0,$H68>0,OR(AUTOEVENTO<>\"manual\",$M68<>$A$15)),\n        IF(Import.TipoArredondamento<>\"TransfereGOV\",\n              ROUND(OFFSET($P68,0,AS$13),15-13*ORÇAMENTO!$AF$7)/$H68*OFFSET(ORÇAMENTO!$X$15,ROW(AS68)-ROW(AS$15),0),\n              ROUND(ROUND(OFFSET($P68,0,AS$13),15-13*ORÇAMENTO!$AF$7)*OFFSET(ORÇAMENTO!$W$15,ROW(AS68)-ROW(AS$15),0),15-13*ORÇAMENTO!$AF$11)),\n         0)","v":0},{"$f":"IF(AND($D68=\"Serviço\",AT$12<>0,$H68>0,OR(AUTOEVENTO<>\"manual\",$M68<>$A$15)),\n        IF(Import.TipoArredondamento<>\"TransfereGOV\",\n              ROUND(OFFSET($P68,0,AT$13),15-13*ORÇAMENTO!$AF$7)/$H68*OFFSET(ORÇAMENTO!$X$15,ROW(AT68)-ROW(AT$15),0),\n              ROUND(ROUND(OFFSET($P68,0,AT$13),15-13*ORÇAMENTO!$AF$7)*OFFSET(ORÇAMENTO!$W$15,ROW(AT68)-ROW(AT$15),0),15-13*ORÇAMENTO!$AF$11)),\n         0)","v":0},{"$f":"IF(AND($D68=\"Serviço\",AU$12<>0,$H68>0,OR(AUTOEVENTO<>\"manual\",$M68<>$A$15)),\n        IF(Import.TipoArredondamento<>\"TransfereGOV\",\n              ROUND(OFFSET($P68,0,AU$13),15-13*ORÇAMENTO!$AF$7)/$H68*OFFSET(ORÇAMENTO!$X$15,ROW(AU68)-ROW(AU$15),0),\n              ROUND(ROUND(OFFSET($P68,0,AU$13),15-13*ORÇAMENTO!$AF$7)*OFFSET(ORÇAMENTO!$W$15,ROW(AU68)-ROW(AU$15),0),15-13*ORÇAMENTO!$AF$11)),\n         0)","v":0},{"$f":"IF(AND($D68=\"Serviço\",AV$12<>0,$H68>0,OR(AUTOEVENTO<>\"manual\",$M68<>$A$15)),\n        IF(Import.TipoArredondamento<>\"TransfereGOV\",\n              ROUND(OFFSET($P68,0,AV$13),15-13*ORÇAMENTO!$AF$7)/$H68*OFFSET(ORÇAMENTO!$X$15,ROW(AV68)-ROW(AV$15),0),\n              ROUND(ROUND(OFFSET($P68,0,AV$13),15-13*ORÇAMENTO!$AF$7)*OFFSET(ORÇAMENTO!$W$15,ROW(AV68)-ROW(AV$15),0),15-13*ORÇAMENTO!$AF$11)),\n         0)","v":0},{"$f":"IF(AND($D68=\"Serviço\",AW$12<>0,$H68>0,OR(AUTOEVENTO<>\"manual\",$M68<>$A$15)),\n        IF(Import.TipoArredondamento<>\"TransfereGOV\",\n              ROUND(OFFSET($P68,0,AW$13),15-13*ORÇAMENTO!$AF$7)/$H68*OFFSET(ORÇAMENTO!$X$15,ROW(AW68)-ROW(AW$15),0),\n              ROUND(ROUND(OFFSET($P68,0,AW$13),15-13*ORÇAMENTO!$AF$7)*OFFSET(ORÇAMENTO!$W$15,ROW(AW68)-ROW(AW$15),0),15-13*ORÇAMENTO!$AF$11)),\n         0)","v":0},{"$f":"IF(AND($D68=\"Serviço\",AX$12<>0,$H68>0,OR(AUTOEVENTO<>\"manual\",$M68<>$A$15)),\n        IF(Import.TipoArredondamento<>\"TransfereGOV\",\n              ROUND(OFFSET($P68,0,AX$13),15-13*ORÇAMENTO!$AF$7)/$H68*OFFSET(ORÇAMENTO!$X$15,ROW(AX68)-ROW(AX$15),0),\n              ROUND(ROUND(OFFSET($P68,0,AX$13),15-13*ORÇAMENTO!$AF$7)*OFFSET(ORÇAMENTO!$W$15,ROW(AX68)-ROW(AX$15),0),15-13*ORÇAMENTO!$AF$11)),\n         0)","v":0},{"$f":"IF(AND($D68=\"Serviço\",AY$12<>0,$H68>0,OR(AUTOEVENTO<>\"manual\",$M68<>$A$15)),\n        IF(Import.TipoArredondamento<>\"TransfereGOV\",\n              ROUND(OFFSET($P68,0,AY$13),15-13*ORÇAMENTO!$AF$7)/$H68*OFFSET(ORÇAMENTO!$X$15,ROW(AY68)-ROW(AY$15),0),\n              ROUND(ROUND(OFFSET($P68,0,AY$13),15-13*ORÇAMENTO!$AF$7)*OFFSET(ORÇAMENTO!$W$15,ROW(AY68)-ROW(AY$15),0),15-13*ORÇAMENTO!$AF$11)),\n         0)","v":0},{"$f":"IF(AND($D68=\"Serviço\",AZ$12<>0,$H68>0,OR(AUTOEVENTO<>\"manual\",$M68<>$A$15)),\n        IF(Import.TipoArredondamento<>\"TransfereGOV\",\n              ROUND(OFFSET($P68,0,AZ$13),15-13*ORÇAMENTO!$AF$7)/$H68*OFFSET(ORÇAMENTO!$X$15,ROW(AZ68)-ROW(AZ$15),0),\n              ROUND(ROUND(OFFSET($P68,0,AZ$13),15-13*ORÇAMENTO!$AF$7)*OFFSET(ORÇAMENTO!$W$15,ROW(AZ68)-ROW(AZ$15),0),15-13*ORÇAMENTO!$AF$11)),\n         0)","v":0},{"$f":"IF(AND($D68=\"Serviço\",BA$12<>0,$H68>0,OR(AUTOEVENTO<>\"manual\",$M68<>$A$15)),\n        IF(Import.TipoArredondamento<>\"TransfereGOV\",\n              ROUND(OFFSET($P68,0,BA$13),15-13*ORÇAMENTO!$AF$7)/$H68*OFFSET(ORÇAMENTO!$X$15,ROW(BA68)-ROW(BA$15),0),\n              ROUND(ROUND(OFFSET($P68,0,BA$13),15-13*ORÇAMENTO!$AF$7)*OFFSET(ORÇAMENTO!$W$15,ROW(BA68)-ROW(BA$15),0),15-13*ORÇAMENTO!$AF$11)),\n         0)","v":0},null,{"$f":"IF(OR($D68<>\"Serviço\",AND(AUTOEVENTO=\"Manual\",$M68=$A$15)),0,\n         IF(OFFSET(CRONOPLE!$F$15,$M68-$A$15,BC$13)=\"\",10^12,OFFSET(CRONOPLE!$F$15,$M68-$A$15,BC$13)))","v":3},{"$f":"IF(OR($D68<>\"Serviço\",AND(AUTOEVENTO=\"Manual\",$M68=$A$15)),0,\n         IF(OFFSET(CRONOPLE!$F$15,$M68-$A$15,BD$13)=\"\",10^12,OFFSET(CRONOPLE!$F$15,$M68-$A$15,BD$13)))","v":2},{"$f":"IF(OR($D68<>\"Serviço\",AND(AUTOEVENTO=\"Manual\",$M68=$A$15)),0,\n         IF(OFFSET(CRONOPLE!$F$15,$M68-$A$15,BE$13)=\"\",10^12,OFFSET(CRONOPLE!$F$15,$M68-$A$15,BE$13)))","v":3},{"$f":"IF(OR($D68<>\"Serviço\",AND(AUTOEVENTO=\"Manual\",$M68=$A$15)),0,\n         IF(OFFSET(CRONOPLE!$F$15,$M68-$A$15,BF$13)=\"\",10^12,OFFSET(CRONOPLE!$F$15,$M68-$A$15,BF$13)))","v":1000000000000},{"$f":"IF(OR($D68<>\"Serviço\",AND(AUTOEVENTO=\"Manual\",$M68=$A$15)),0,\n         IF(OFFSET(CRONOPLE!$F$15,$M68-$A$15,BG$13)=\"\",10^12,OFFSET(CRONOPLE!$F$15,$M68-$A$15,BG$13)))","v":1000000000000},{"$f":"IF(OR($D68<>\"Serviço\",AND(AUTOEVENTO=\"Manual\",$M68=$A$15)),0,\n         IF(OFFSET(CRONOPLE!$F$15,$M68-$A$15,BH$13)=\"\",10^12,OFFSET(CRONOPLE!$F$15,$M68-$A$15,BH$13)))","v":1000000000000},{"$f":"IF(OR($D68<>\"Serviço\",AND(AUTOEVENTO=\"Manual\",$M68=$A$15)),0,\n         IF(OFFSET(CRONOPLE!$F$15,$M68-$A$15,BI$13)=\"\",10^12,OFFSET(CRONOPLE!$F$15,$M68-$A$15,BI$13)))","v":1000000000000},{"$f":"IF(OR($D68<>\"Serviço\",AND(AUTOEVENTO=\"Manual\",$M68=$A$15)),0,\n         IF(OFFSET(CRONOPLE!$F$15,$M68-$A$15,BJ$13)=\"\",10^12,OFFSET(CRONOPLE!$F$15,$M68-$A$15,BJ$13)))","v":1000000000000},{"$f":"IF(OR($D68<>\"Serviço\",AND(AUTOEVENTO=\"Manual\",$M68=$A$15)),0,\n         IF(OFFSET(CRONOPLE!$F$15,$M68-$A$15,BK$13)=\"\",10^12,OFFSET(CRONOPLE!$F$15,$M68-$A$15,BK$13)))","v":1000000000000},{"$f":"IF(OR($D68<>\"Serviço\",AND(AUTOEVENTO=\"Manual\",$M68=$A$15)),0,\n         IF(OFFSET(CRONOPLE!$F$15,$M68-$A$15,BL$13)=\"\",10^12,OFFSET(CRONOPLE!$F$15,$M68-$A$15,BL$13)))","v":1000000000000},{"$f":"IF(OR($D68<>\"Serviço\",AND(AUTOEVENTO=\"Manual\",$M68=$A$15)),0,\n         IF(OFFSET(CRONOPLE!$F$15,$M68-$A$15,BM$13)=\"\",10^12,OFFSET(CRONOPLE!$F$15,$M68-$A$15,BM$13)))","v":1000000000000},{"$f":"IF(OR($D68<>\"Serviço\",AND(AUTOEVENTO=\"Manual\",$M68=$A$15)),0,\n         IF(OFFSET(CRONOPLE!$F$15,$M68-$A$15,BN$13)=\"\",10^12,OFFSET(CRONOPLE!$F$15,$M68-$A$15,BN$13)))","v":1000000000000},{"$f":"IF(OR($D68<>\"Serviço\",AND(AUTOEVENTO=\"Manual\",$M68=$A$15)),0,\n         IF(OFFSET(CRONOPLE!$F$15,$M68-$A$15,BO$13)=\"\",10^12,OFFSET(CRONOPLE!$F$15,$M68-$A$15,BO$13)))","v":1000000000000},{"$f":"IF(OR($D68<>\"Serviço\",AND(AUTOEVENTO=\"Manual\",$M68=$A$15)),0,\n         IF(OFFSET(CRONOPLE!$F$15,$M68-$A$15,BP$13)=\"\",10^12,OFFSET(CRONOPLE!$F$15,$M68-$A$15,BP$13)))","v":1000000000000},{"$f":"IF(OR($D68<>\"Serviço\",AND(AUTOEVENTO=\"Manual\",$M68=$A$15)),0,\n         IF(OFFSET(CRONOPLE!$F$15,$M68-$A$15,BQ$13)=\"\",10^12,OFFSET(CRONOPLE!$F$15,$M68-$A$15,BQ$13)))","v":1000000000000},{"$f":"IF(OR($D68<>\"Serviço\",AND(AUTOEVENTO=\"Manual\",$M68=$A$15)),0,\n         IF(OFFSET(CRONOPLE!$F$15,$M68-$A$15,BR$13)=\"\",10^12,OFFSET(CRONOPLE!$F$15,$M68-$A$15,BR$13)))","v":1000000000000},{"$f":"IF(OR($D68<>\"Serviço\",AND(AUTOEVENTO=\"Manual\",$M68=$A$15)),0,\n         IF(OFFSET(CRONOPLE!$F$15,$M68-$A$15,BS$13)=\"\",10^12,OFFSET(CRONOPLE!$F$15,$M68-$A$15,BS$13)))","v":1000000000000},{"$f":"IF(OR($D68<>\"Serviço\",AND(AUTOEVENTO=\"Manual\",$M68=$A$15)),0,\n         IF(OFFSET(CRONOPLE!$F$15,$M68-$A$15,BT$13)=\"\",10^12,OFFSET(CRONOPLE!$F$15,$M68-$A$15,BT$13)))","v":1000000000000},null,{"$f":"IF(OR($D68<>\"Serviço\",AND(AUTOEVENTO=\"Manual\",$M68=$A$15),$M68>(ROW(PLE.lastrow)-ROW(PLE.firstrow))),0,\n           IF(OFFSET(PLE!$G$15,$M68-$A$15,BV$13)=\"\",10^12,OFFSET(PLE!$G$15,$M68-$A$15,BV$13)))","v":1000000000000},{"$f":"IF(OR($D68<>\"Serviço\",AND(AUTOEVENTO=\"Manual\",$M68=$A$15),$M68>(ROW(PLE.lastrow)-ROW(PLE.firstrow))),0,\n           IF(OFFSET(PLE!$G$15,$M68-$A$15,BW$13)=\"\",10^12,OFFSET(PLE!$G$15,$M68-$A$15,BW$13)))","v":1000000000000},{"$f":"IF(OR($D68<>\"Serviço\",AND(AUTOEVENTO=\"Manual\",$M68=$A$15),$M68>(ROW(PLE.lastrow)-ROW(PLE.firstrow))),0,\n           IF(OFFSET(PLE!$G$15,$M68-$A$15,BX$13)=\"\",10^12,OFFSET(PLE!$G$15,$M68-$A$15,BX$13)))","v":1000000000000},{"$f":"IF(OR($D68<>\"Serviço\",AND(AUTOEVENTO=\"Manual\",$M68=$A$15),$M68>(ROW(PLE.lastrow)-ROW(PLE.firstrow))),0,\n           IF(OFFSET(PLE!$G$15,$M68-$A$15,BY$13)=\"\",10^12,OFFSET(PLE!$G$15,$M68-$A$15,BY$13)))","v":1000000000000},{"$f":"IF(OR($D68<>\"Serviço\",AND(AUTOEVENTO=\"Manual\",$M68=$A$15),$M68>(ROW(PLE.lastrow)-ROW(PLE.firstrow))),0,\n           IF(OFFSET(PLE!$G$15,$M68-$A$15,BZ$13)=\"\",10^12,OFFSET(PLE!$G$15,$M68-$A$15,BZ$13)))","v":1000000000000},{"$f":"IF(OR($D68<>\"Serviço\",AND(AUTOEVENTO=\"Manual\",$M68=$A$15),$M68>(ROW(PLE.lastrow)-ROW(PLE.firstrow))),0,\n           IF(OFFSET(PLE!$G$15,$M68-$A$15,CA$13)=\"\",10^12,OFFSET(PLE!$G$15,$M68-$A$15,CA$13)))","v":1000000000000},{"$f":"IF(OR($D68<>\"Serviço\",AND(AUTOEVENTO=\"Manual\",$M68=$A$15),$M68>(ROW(PLE.lastrow)-ROW(PLE.firstrow))),0,\n           IF(OFFSET(PLE!$G$15,$M68-$A$15,CB$13)=\"\",10^12,OFFSET(PLE!$G$15,$M68-$A$15,CB$13)))","v":1000000000000},{"$f":"IF(OR($D68<>\"Serviço\",AND(AUTOEVENTO=\"Manual\",$M68=$A$15),$M68>(ROW(PLE.lastrow)-ROW(PLE.firstrow))),0,\n           IF(OFFSET(PLE!$G$15,$M68-$A$15,CC$13)=\"\",10^12,OFFSET(PLE!$G$15,$M68-$A$15,CC$13)))","v":1000000000000},{"$f":"IF(OR($D68<>\"Serviço\",AND(AUTOEVENTO=\"Manual\",$M68=$A$15),$M68>(ROW(PLE.lastrow)-ROW(PLE.firstrow))),0,\n           IF(OFFSET(PLE!$G$15,$M68-$A$15,CD$13)=\"\",10^12,OFFSET(PLE!$G$15,$M68-$A$15,CD$13)))","v":1000000000000},{"$f":"IF(OR($D68<>\"Serviço\",AND(AUTOEVENTO=\"Manual\",$M68=$A$15),$M68>(ROW(PLE.lastrow)-ROW(PLE.firstrow))),0,\n           IF(OFFSET(PLE!$G$15,$M68-$A$15,CE$13)=\"\",10^12,OFFSET(PLE!$G$15,$M68-$A$15,CE$13)))","v":1000000000000},{"$f":"IF(OR($D68<>\"Serviço\",AND(AUTOEVENTO=\"Manual\",$M68=$A$15),$M68>(ROW(PLE.lastrow)-ROW(PLE.firstrow))),0,\n           IF(OFFSET(PLE!$G$15,$M68-$A$15,CF$13)=\"\",10^12,OFFSET(PLE!$G$15,$M68-$A$15,CF$13)))","v":1000000000000},{"$f":"IF(OR($D68<>\"Serviço\",AND(AUTOEVENTO=\"Manual\",$M68=$A$15),$M68>(ROW(PLE.lastrow)-ROW(PLE.firstrow))),0,\n           IF(OFFSET(PLE!$G$15,$M68-$A$15,CG$13)=\"\",10^12,OFFSET(PLE!$G$15,$M68-$A$15,CG$13)))","v":1000000000000},{"$f":"IF(OR($D68<>\"Serviço\",AND(AUTOEVENTO=\"Manual\",$M68=$A$15),$M68>(ROW(PLE.lastrow)-ROW(PLE.firstrow))),0,\n           IF(OFFSET(PLE!$G$15,$M68-$A$15,CH$13)=\"\",10^12,OFFSET(PLE!$G$15,$M68-$A$15,CH$13)))","v":1000000000000},{"$f":"IF(OR($D68<>\"Serviço\",AND(AUTOEVENTO=\"Manual\",$M68=$A$15),$M68>(ROW(PLE.lastrow)-ROW(PLE.firstrow))),0,\n           IF(OFFSET(PLE!$G$15,$M68-$A$15,CI$13)=\"\",10^12,OFFSET(PLE!$G$15,$M68-$A$15,CI$13)))","v":1000000000000},{"$f":"IF(OR($D68<>\"Serviço\",AND(AUTOEVENTO=\"Manual\",$M68=$A$15),$M68>(ROW(PLE.lastrow)-ROW(PLE.firstrow))),0,\n           IF(OFFSET(PLE!$G$15,$M68-$A$15,CJ$13)=\"\",10^12,OFFSET(PLE!$G$15,$M68-$A$15,CJ$13)))","v":1000000000000},{"$f":"IF(OR($D68<>\"Serviço\",AND(AUTOEVENTO=\"Manual\",$M68=$A$15),$M68>(ROW(PLE.lastrow)-ROW(PLE.firstrow))),0,\n           IF(OFFSET(PLE!$G$15,$M68-$A$15,CK$13)=\"\",10^12,OFFSET(PLE!$G$15,$M68-$A$15,CK$13)))","v":1000000000000},{"$f":"IF(OR($D68<>\"Serviço\",AND(AUTOEVENTO=\"Manual\",$M68=$A$15),$M68>(ROW(PLE.lastrow)-ROW(PLE.firstrow))),0,\n           IF(OFFSET(PLE!$G$15,$M68-$A$15,CL$13)=\"\",10^12,OFFSET(PLE!$G$15,$M68-$A$15,CL$13)))","v":1000000000000},{"$f":"IF(OR($D68<>\"Serviço\",AND(AUTOEVENTO=\"Manual\",$M68=$A$15),$M68>(ROW(PLE.lastrow)-ROW(PLE.firstrow))),0,\n           IF(OFFSET(PLE!$G$15,$M68-$A$15,CM$13)=\"\",10^12,OFFSET(PLE!$G$15,$M68-$A$15,CM$13)))","v":1000000000000}]
[{"$f":"IF(AUTOEVENTO=\"Manual\",IF(K69<>\"\",MIN(VALUE(LEFT(K69,FIND(\".\",K69)-1)),COUNTA(EVENTOS.Lista)),0),IF(OR($B69>AUTOEVENTO,$B69=\"S\",$B69=0),SUBSTITUTE(OFFSET($A69,-1,0),IF($D69=\"Serviço\",\".\",\"\"),\"\"),ROW(A69)-ROW($A$15)&\".\"))","v":3},{"$f":"OFFSET(ORÇAMENTO!C$15,ROW(B69)-ROW(B$15),0)","v":"S"},{"$f":"OFFSET(ORÇAMENTO!L$15,ROW(C69)-ROW(C$15),0)","v":"F"},{"$f":"OFFSET(ORÇAMENTO!N$15,ROW(D69)-ROW(D$15),0)","v":"Serviço"},{"$f":"OFFSET(ORÇAMENTO!O$15,ROW(E69)-ROW(E$15),0)","v":"1.5.3."},{"$f":"OFFSET(ORÇAMENTO!R$15,ROW(F69)-ROW(F$15),0)","v":"TRANSPORTE COM CAMINHÃO BASCULANTE DE 14 M³, EM VIA URBANA PAVIMENTADA, DMT ATÉ 30 KM (UNIDADE: M3XKM). AF_07/2020"},{"$f":"IF($D69<>\"Serviço\",\"\",OFFSET(ORÇAMENTO!S$15,ROW(G69)-ROW(G$15),0))","v":"M3XKM"},{"$f":"IF($D69<>\"Serviço\",0,IF(ACOMPANHAMENTO=\"BM\",ROUND(OFFSET(ORÇAMENTO!AJ$15,ROW(H69)-ROW(H$15),0),15-13*ORÇAMENTO!$AF$7),SUMPRODUCT(($Q$1:$AI$1=1)*ROUND($Q69:$AI69,15-13*ORÇAMENTO!$AF$7))))","v":2115.56},null,{"$f":"IF(B69<>\"S\",\"\",IF(AND(ACOMPANHAMENTO=\"PLE\",AUTOEVENTO=\"Manual\",OR(H69>0,ORÇAMENTO!AC69=\"QUANT.\"),OR(K69=\"\",M69=0,N69=\"\")),\"►\",IF(AND(ACOMPANHAMENTO=\"PLE\",ORÇAMENTO!AC69=\"QUANT.\"),\"►►\",IF(AND(COUNTIF($P$11:$AI$11,\"▼\")=0,H69>0,I69=\"\"),\"◄\",\"\"))))","v":"◄"},"3. IMPLANTAÇÃO ASFÁLTICA",".",{"$f":"IF($D69<>\"Serviço\",\"\",\n          IF(AUTOEVENTO=\"manual\",$A69,\n                IF(ISERROR(MATCH($A69,$A$15:OFFSET($A69,-1,0),0)),MAX($M$15:OFFSET(M69,-1,0))+1,\n                      INDEX($M$15:OFFSET(M69,-1,0),MATCH($A69,$A$15:OFFSET($A69,-1,0),0)))))","v":3},{"$f":"IF($D69<>\"Serviço\",\"\",\n         IF(AUTOEVENTO=\"Manual\",\n                IF($A69=0,\"<-- defina o número do agrupador\",\n                       OFFSET(EVENTOS!$D$15,$A69-$A$15,0)),\n                OFFSET($F$15,$A69,0)))","v":"IMPLANTAÇÃO ASFÁLTICA"},null,null,8235.24,null,null,null,null,null,null,null,null,null,null,null,null,null,null,null,null,null,null,{"$f":"IF(AND($D69=\"Serviço\",AJ$12<>0,$H69>0,OR(AUTOEVENTO<>\"manual\",$M69<>$A$15)),\n        IF(Import.TipoArredondamento<>\"TransfereGOV\",\n              ROUND(OFFSET($P69,0,AJ$13),15-13*ORÇAMENTO!$AF$7)/$H69*OFFSET(ORÇAMENTO!$X$15,ROW(AJ69)-ROW(AJ$15),0),\n              ROUND(ROUND(OFFSET($P69,0,AJ$13),15-13*ORÇAMENTO!$AF$7)*OFFSET(ORÇAMENTO!$W$15,ROW(AJ69)-ROW(AJ$15),0),15-13*ORÇAMENTO!$AF$11)),\n         0)","v":0},{"$f":"IF(AND($D69=\"Serviço\",AK$12<>0,$H69>0,OR(AUTOEVENTO<>\"manual\",$M69<>$A$15)),\n        IF(Import.TipoArredondamento<>\"TransfereGOV\",\n              ROUND(OFFSET($P69,0,AK$13),15-13*ORÇAMENTO!$AF$7)/$H69*OFFSET(ORÇAMENTO!$X$15,ROW(AK69)-ROW(AK$15),0),\n              ROUND(ROUND(OFFSET($P69,0,AK$13),15-13*ORÇAMENTO!$AF$7)*OFFSET(ORÇAMENTO!$W$15,ROW(AK69)-ROW(AK$15),0),15-13*ORÇAMENTO!$AF$11)),\n         0)","v":0},{"$f":"IF(AND($D69=\"Serviço\",AL$12<>0,$H69>0,OR(AUTOEVENTO<>\"manual\",$M69<>$A$15)),\n        IF(Import.TipoArredondamento<>\"TransfereGOV\",\n              ROUND(OFFSET($P69,0,AL$13),15-13*ORÇAMENTO!$AF$7)/$H69*OFFSET(ORÇAMENTO!$X$15,ROW(AL69)-ROW(AL$15),0),\n              ROUND(ROUND(OFFSET($P69,0,AL$13),15-13*ORÇAMENTO!$AF$7)*OFFSET(ORÇAMENTO!$W$15,ROW(AL69)-ROW(AL$15),0),15-13*ORÇAMENTO!$AF$11)),\n         0)","v":0},{"$f":"IF(AND($D69=\"Serviço\",AM$12<>0,$H69>0,OR(AUTOEVENTO<>\"manual\",$M69<>$A$15)),\n        IF(Import.TipoArredondamento<>\"TransfereGOV\",\n              ROUND(OFFSET($P69,0,AM$13),15-13*ORÇAMENTO!$AF$7)/$H69*OFFSET(ORÇAMENTO!$X$15,ROW(AM69)-ROW(AM$15),0),\n              ROUND(ROUND(OFFSET($P69,0,AM$13),15-13*ORÇAMENTO!$AF$7)*OFFSET(ORÇAMENTO!$W$15,ROW(AM69)-ROW(AM$15),0),15-13*ORÇAMENTO!$AF$11)),\n         0)","v":0},{"$f":"IF(AND($D69=\"Serviço\",AN$12<>0,$H69>0,OR(AUTOEVENTO<>\"manual\",$M69<>$A$15)),\n        IF(Import.TipoArredondamento<>\"TransfereGOV\",\n              ROUND(OFFSET($P69,0,AN$13),15-13*ORÇAMENTO!$AF$7)/$H69*OFFSET(ORÇAMENTO!$X$15,ROW(AN69)-ROW(AN$15),0),\n              ROUND(ROUND(OFFSET($P69,0,AN$13),15-13*ORÇAMENTO!$AF$7)*OFFSET(ORÇAMENTO!$W$15,ROW(AN69)-ROW(AN$15),0),15-13*ORÇAMENTO!$AF$11)),\n         0)","v":0},{"$f":"IF(AND($D69=\"Serviço\",AO$12<>0,$H69>0,OR(AUTOEVENTO<>\"manual\",$M69<>$A$15)),\n        IF(Import.TipoArredondamento<>\"TransfereGOV\",\n              ROUND(OFFSET($P69,0,AO$13),15-13*ORÇAMENTO!$AF$7)/$H69*OFFSET(ORÇAMENTO!$X$15,ROW(AO69)-ROW(AO$15),0),\n              ROUND(ROUND(OFFSET($P69,0,AO$13),15-13*ORÇAMENTO!$AF$7)*OFFSET(ORÇAMENTO!$W$15,ROW(AO69)-ROW(AO$15),0),15-13*ORÇAMENTO!$AF$11)),\n         0)","v":0},{"$f":"IF(AND($D69=\"Serviço\",AP$12<>0,$H69>0,OR(AUTOEVENTO<>\"manual\",$M69<>$A$15)),\n        IF(Import.TipoArredondamento<>\"TransfereGOV\",\n              ROUND(OFFSET($P69,0,AP$13),15-13*ORÇAMENTO!$AF$7)/$H69*OFFSET(ORÇAMENTO!$X$15,ROW(AP69)-ROW(AP$15),0),\n              ROUND(ROUND(OFFSET($P69,0,AP$13),15-13*ORÇAMENTO!$AF$7)*OFFSET(ORÇAMENTO!$W$15,ROW(AP69)-ROW(AP$15),0),15-13*ORÇAMENTO!$AF$11)),\n         0)","v":0},{"$f":"IF(AND($D69=\"Serviço\",AQ$12<>0,$H69>0,OR(AUTOEVENTO<>\"manual\",$M69<>$A$15)),\n        IF(Import.TipoArredondamento<>\"TransfereGOV\",\n              ROUND(OFFSET($P69,0,AQ$13),15-13*ORÇAMENTO!$AF$7)/$H69*OFFSET(ORÇAMENTO!$X$15,ROW(AQ69)-ROW(AQ$15),0),\n              ROUND(ROUND(OFFSET($P69,0,AQ$13),15-13*ORÇAMENTO!$AF$7)*OFFSET(ORÇAMENTO!$W$15,ROW(AQ69)-ROW(AQ$15),0),15-13*ORÇAMENTO!$AF$11)),\n         0)","v":0},{"$f":"IF(AND($D69=\"Serviço\",AR$12<>0,$H69>0,OR(AUTOEVENTO<>\"manual\",$M69<>$A$15)),\n        IF(Import.TipoArredondamento<>\"TransfereGOV\",\n              ROUND(OFFSET($P69,0,AR$13),15-13*ORÇAMENTO!$AF$7)/$H69*OFFSET(ORÇAMENTO!$X$15,ROW(AR69)-ROW(AR$15),0),\n              ROUND(ROUND(OFFSET($P69,0,AR$13),15-13*ORÇAMENTO!$AF$7)*OFFSET(ORÇAMENTO!$W$15,ROW(AR69)-ROW(AR$15),0),15-13*ORÇAMENTO!$AF$11)),\n         0)","v":0},{"$f":"IF(AND($D69=\"Serviço\",AS$12<>0,$H69>0,OR(AUTOEVENTO<>\"manual\",$M69<>$A$15)),\n        IF(Import.TipoArredondamento<>\"TransfereGOV\",\n              ROUND(OFFSET($P69,0,AS$13),15-13*ORÇAMENTO!$AF$7)/$H69*OFFSET(ORÇAMENTO!$X$15,ROW(AS69)-ROW(AS$15),0),\n              ROUND(ROUND(OFFSET($P69,0,AS$13),15-13*ORÇAMENTO!$AF$7)*OFFSET(ORÇAMENTO!$W$15,ROW(AS69)-ROW(AS$15),0),15-13*ORÇAMENTO!$AF$11)),\n         0)","v":0},{"$f":"IF(AND($D69=\"Serviço\",AT$12<>0,$H69>0,OR(AUTOEVENTO<>\"manual\",$M69<>$A$15)),\n        IF(Import.TipoArredondamento<>\"TransfereGOV\",\n              ROUND(OFFSET($P69,0,AT$13),15-13*ORÇAMENTO!$AF$7)/$H69*OFFSET(ORÇAMENTO!$X$15,ROW(AT69)-ROW(AT$15),0),\n              ROUND(ROUND(OFFSET($P69,0,AT$13),15-13*ORÇAMENTO!$AF$7)*OFFSET(ORÇAMENTO!$W$15,ROW(AT69)-ROW(AT$15),0),15-13*ORÇAMENTO!$AF$11)),\n         0)","v":0},{"$f":"IF(AND($D69=\"Serviço\",AU$12<>0,$H69>0,OR(AUTOEVENTO<>\"manual\",$M69<>$A$15)),\n        IF(Import.TipoArredondamento<>\"TransfereGOV\",\n              ROUND(OFFSET($P69,0,AU$13),15-13*ORÇAMENTO!$AF$7)/$H69*OFFSET(ORÇAMENTO!$X$15,ROW(AU69)-ROW(AU$15),0),\n              ROUND(ROUND(OFFSET($P69,0,AU$13),15-13*ORÇAMENTO!$AF$7)*OFFSET(ORÇAMENTO!$W$15,ROW(AU69)-ROW(AU$15),0),15-13*ORÇAMENTO!$AF$11)),\n         0)","v":0},{"$f":"IF(AND($D69=\"Serviço\",AV$12<>0,$H69>0,OR(AUTOEVENTO<>\"manual\",$M69<>$A$15)),\n        IF(Import.TipoArredondamento<>\"TransfereGOV\",\n              ROUND(OFFSET($P69,0,AV$13),15-13*ORÇAMENTO!$AF$7)/$H69*OFFSET(ORÇAMENTO!$X$15,ROW(AV69)-ROW(AV$15),0),\n              ROUND(ROUND(OFFSET($P69,0,AV$13),15-13*ORÇAMENTO!$AF$7)*OFFSET(ORÇAMENTO!$W$15,ROW(AV69)-ROW(AV$15),0),15-13*ORÇAMENTO!$AF$11)),\n         0)","v":0},{"$f":"IF(AND($D69=\"Serviço\",AW$12<>0,$H69>0,OR(AUTOEVENTO<>\"manual\",$M69<>$A$15)),\n        IF(Import.TipoArredondamento<>\"TransfereGOV\",\n              ROUND(OFFSET($P69,0,AW$13),15-13*ORÇAMENTO!$AF$7)/$H69*OFFSET(ORÇAMENTO!$X$15,ROW(AW69)-ROW(AW$15),0),\n              ROUND(ROUND(OFFSET($P69,0,AW$13),15-13*ORÇAMENTO!$AF$7)*OFFSET(ORÇAMENTO!$W$15,ROW(AW69)-ROW(AW$15),0),15-13*ORÇAMENTO!$AF$11)),\n         0)","v":0},{"$f":"IF(AND($D69=\"Serviço\",AX$12<>0,$H69>0,OR(AUTOEVENTO<>\"manual\",$M69<>$A$15)),\n        IF(Import.TipoArredondamento<>\"TransfereGOV\",\n              ROUND(OFFSET($P69,0,AX$13),15-13*ORÇAMENTO!$AF$7)/$H69*OFFSET(ORÇAMENTO!$X$15,ROW(AX69)-ROW(AX$15),0),\n              ROUND(ROUND(OFFSET($P69,0,AX$13),15-13*ORÇAMENTO!$AF$7)*OFFSET(ORÇAMENTO!$W$15,ROW(AX69)-ROW(AX$15),0),15-13*ORÇAMENTO!$AF$11)),\n         0)","v":0},{"$f":"IF(AND($D69=\"Serviço\",AY$12<>0,$H69>0,OR(AUTOEVENTO<>\"manual\",$M69<>$A$15)),\n        IF(Import.TipoArredondamento<>\"TransfereGOV\",\n              ROUND(OFFSET($P69,0,AY$13),15-13*ORÇAMENTO!$AF$7)/$H69*OFFSET(ORÇAMENTO!$X$15,ROW(AY69)-ROW(AY$15),0),\n              ROUND(ROUND(OFFSET($P69,0,AY$13),15-13*ORÇAMENTO!$AF$7)*OFFSET(ORÇAMENTO!$W$15,ROW(AY69)-ROW(AY$15),0),15-13*ORÇAMENTO!$AF$11)),\n         0)","v":0},{"$f":"IF(AND($D69=\"Serviço\",AZ$12<>0,$H69>0,OR(AUTOEVENTO<>\"manual\",$M69<>$A$15)),\n        IF(Import.TipoArredondamento<>\"TransfereGOV\",\n              ROUND(OFFSET($P69,0,AZ$13),15-13*ORÇAMENTO!$AF$7)/$H69*OFFSET(ORÇAMENTO!$X$15,ROW(AZ69)-ROW(AZ$15),0),\n              ROUND(ROUND(OFFSET($P69,0,AZ$13),15-13*ORÇAMENTO!$AF$7)*OFFSET(ORÇAMENTO!$W$15,ROW(AZ69)-ROW(AZ$15),0),15-13*ORÇAMENTO!$AF$11)),\n         0)","v":0},{"$f":"IF(AND($D69=\"Serviço\",BA$12<>0,$H69>0,OR(AUTOEVENTO<>\"manual\",$M69<>$A$15)),\n        IF(Import.TipoArredondamento<>\"TransfereGOV\",\n              ROUND(OFFSET($P69,0,BA$13),15-13*ORÇAMENTO!$AF$7)/$H69*OFFSET(ORÇAMENTO!$X$15,ROW(BA69)-ROW(BA$15),0),\n              ROUND(ROUND(OFFSET($P69,0,BA$13),15-13*ORÇAMENTO!$AF$7)*OFFSET(ORÇAMENTO!$W$15,ROW(BA69)-ROW(BA$15),0),15-13*ORÇAMENTO!$AF$11)),\n         0)","v":0},null,{"$f":"IF(OR($D69<>\"Serviço\",AND(AUTOEVENTO=\"Manual\",$M69=$A$15)),0,\n         IF(OFFSET(CRONOPLE!$F$15,$M69-$A$15,BC$13)=\"\",10^12,OFFSET(CRONOPLE!$F$15,$M69-$A$15,BC$13)))","v":3},{"$f":"IF(OR($D69<>\"Serviço\",AND(AUTOEVENTO=\"Manual\",$M69=$A$15)),0,\n         IF(OFFSET(CRONOPLE!$F$15,$M69-$A$15,BD$13)=\"\",10^12,OFFSET(CRONOPLE!$F$15,$M69-$A$15,BD$13)))","v":2},{"$f":"IF(OR($D69<>\"Serviço\",AND(AUTOEVENTO=\"Manual\",$M69=$A$15)),0,\n         IF(OFFSET(CRONOPLE!$F$15,$M69-$A$15,BE$13)=\"\",10^12,OFFSET(CRONOPLE!$F$15,$M69-$A$15,BE$13)))","v":3},{"$f":"IF(OR($D69<>\"Serviço\",AND(AUTOEVENTO=\"Manual\",$M69=$A$15)),0,\n         IF(OFFSET(CRONOPLE!$F$15,$M69-$A$15,BF$13)=\"\",10^12,OFFSET(CRONOPLE!$F$15,$M69-$A$15,BF$13)))","v":1000000000000},{"$f":"IF(OR($D69<>\"Serviço\",AND(AUTOEVENTO=\"Manual\",$M69=$A$15)),0,\n         IF(OFFSET(CRONOPLE!$F$15,$M69-$A$15,BG$13)=\"\",10^12,OFFSET(CRONOPLE!$F$15,$M69-$A$15,BG$13)))","v":1000000000000},{"$f":"IF(OR($D69<>\"Serviço\",AND(AUTOEVENTO=\"Manual\",$M69=$A$15)),0,\n         IF(OFFSET(CRONOPLE!$F$15,$M69-$A$15,BH$13)=\"\",10^12,OFFSET(CRONOPLE!$F$15,$M69-$A$15,BH$13)))","v":1000000000000},{"$f":"IF(OR($D69<>\"Serviço\",AND(AUTOEVENTO=\"Manual\",$M69=$A$15)),0,\n         IF(OFFSET(CRONOPLE!$F$15,$M69-$A$15,BI$13)=\"\",10^12,OFFSET(CRONOPLE!$F$15,$M69-$A$15,BI$13)))","v":1000000000000},{"$f":"IF(OR($D69<>\"Serviço\",AND(AUTOEVENTO=\"Manual\",$M69=$A$15)),0,\n         IF(OFFSET(CRONOPLE!$F$15,$M69-$A$15,BJ$13)=\"\",10^12,OFFSET(CRONOPLE!$F$15,$M69-$A$15,BJ$13)))","v":1000000000000},{"$f":"IF(OR($D69<>\"Serviço\",AND(AUTOEVENTO=\"Manual\",$M69=$A$15)),0,\n         IF(OFFSET(CRONOPLE!$F$15,$M69-$A$15,BK$13)=\"\",10^12,OFFSET(CRONOPLE!$F$15,$M69-$A$15,BK$13)))","v":1000000000000},{"$f":"IF(OR($D69<>\"Serviço\",AND(AUTOEVENTO=\"Manual\",$M69=$A$15)),0,\n         IF(OFFSET(CRONOPLE!$F$15,$M69-$A$15,BL$13)=\"\",10^12,OFFSET(CRONOPLE!$F$15,$M69-$A$15,BL$13)))","v":1000000000000},{"$f":"IF(OR($D69<>\"Serviço\",AND(AUTOEVENTO=\"Manual\",$M69=$A$15)),0,\n         IF(OFFSET(CRONOPLE!$F$15,$M69-$A$15,BM$13)=\"\",10^12,OFFSET(CRONOPLE!$F$15,$M69-$A$15,BM$13)))","v":1000000000000},{"$f":"IF(OR($D69<>\"Serviço\",AND(AUTOEVENTO=\"Manual\",$M69=$A$15)),0,\n         IF(OFFSET(CRONOPLE!$F$15,$M69-$A$15,BN$13)=\"\",10^12,OFFSET(CRONOPLE!$F$15,$M69-$A$15,BN$13)))","v":1000000000000},{"$f":"IF(OR($D69<>\"Serviço\",AND(AUTOEVENTO=\"Manual\",$M69=$A$15)),0,\n         IF(OFFSET(CRONOPLE!$F$15,$M69-$A$15,BO$13)=\"\",10^12,OFFSET(CRONOPLE!$F$15,$M69-$A$15,BO$13)))","v":1000000000000},{"$f":"IF(OR($D69<>\"Serviço\",AND(AUTOEVENTO=\"Manual\",$M69=$A$15)),0,\n         IF(OFFSET(CRONOPLE!$F$15,$M69-$A$15,BP$13)=\"\",10^12,OFFSET(CRONOPLE!$F$15,$M69-$A$15,BP$13)))","v":1000000000000},{"$f":"IF(OR($D69<>\"Serviço\",AND(AUTOEVENTO=\"Manual\",$M69=$A$15)),0,\n         IF(OFFSET(CRONOPLE!$F$15,$M69-$A$15,BQ$13)=\"\",10^12,OFFSET(CRONOPLE!$F$15,$M69-$A$15,BQ$13)))","v":1000000000000},{"$f":"IF(OR($D69<>\"Serviço\",AND(AUTOEVENTO=\"Manual\",$M69=$A$15)),0,\n         IF(OFFSET(CRONOPLE!$F$15,$M69-$A$15,BR$13)=\"\",10^12,OFFSET(CRONOPLE!$F$15,$M69-$A$15,BR$13)))","v":1000000000000},{"$f":"IF(OR($D69<>\"Serviço\",AND(AUTOEVENTO=\"Manual\",$M69=$A$15)),0,\n         IF(OFFSET(CRONOPLE!$F$15,$M69-$A$15,BS$13)=\"\",10^12,OFFSET(CRONOPLE!$F$15,$M69-$A$15,BS$13)))","v":1000000000000},{"$f":"IF(OR($D69<>\"Serviço\",AND(AUTOEVENTO=\"Manual\",$M69=$A$15)),0,\n         IF(OFFSET(CRONOPLE!$F$15,$M69-$A$15,BT$13)=\"\",10^12,OFFSET(CRONOPLE!$F$15,$M69-$A$15,BT$13)))","v":1000000000000},null,{"$f":"IF(OR($D69<>\"Serviço\",AND(AUTOEVENTO=\"Manual\",$M69=$A$15),$M69>(ROW(PLE.lastrow)-ROW(PLE.firstrow))),0,\n           IF(OFFSET(PLE!$G$15,$M69-$A$15,BV$13)=\"\",10^12,OFFSET(PLE!$G$15,$M69-$A$15,BV$13)))","v":1000000000000},{"$f":"IF(OR($D69<>\"Serviço\",AND(AUTOEVENTO=\"Manual\",$M69=$A$15),$M69>(ROW(PLE.lastrow)-ROW(PLE.firstrow))),0,\n           IF(OFFSET(PLE!$G$15,$M69-$A$15,BW$13)=\"\",10^12,OFFSET(PLE!$G$15,$M69-$A$15,BW$13)))","v":1000000000000},{"$f":"IF(OR($D69<>\"Serviço\",AND(AUTOEVENTO=\"Manual\",$M69=$A$15),$M69>(ROW(PLE.lastrow)-ROW(PLE.firstrow))),0,\n           IF(OFFSET(PLE!$G$15,$M69-$A$15,BX$13)=\"\",10^12,OFFSET(PLE!$G$15,$M69-$A$15,BX$13)))","v":1000000000000},{"$f":"IF(OR($D69<>\"Serviço\",AND(AUTOEVENTO=\"Manual\",$M69=$A$15),$M69>(ROW(PLE.lastrow)-ROW(PLE.firstrow))),0,\n           IF(OFFSET(PLE!$G$15,$M69-$A$15,BY$13)=\"\",10^12,OFFSET(PLE!$G$15,$M69-$A$15,BY$13)))","v":1000000000000},{"$f":"IF(OR($D69<>\"Serviço\",AND(AUTOEVENTO=\"Manual\",$M69=$A$15),$M69>(ROW(PLE.lastrow)-ROW(PLE.firstrow))),0,\n           IF(OFFSET(PLE!$G$15,$M69-$A$15,BZ$13)=\"\",10^12,OFFSET(PLE!$G$15,$M69-$A$15,BZ$13)))","v":1000000000000},{"$f":"IF(OR($D69<>\"Serviço\",AND(AUTOEVENTO=\"Manual\",$M69=$A$15),$M69>(ROW(PLE.lastrow)-ROW(PLE.firstrow))),0,\n           IF(OFFSET(PLE!$G$15,$M69-$A$15,CA$13)=\"\",10^12,OFFSET(PLE!$G$15,$M69-$A$15,CA$13)))","v":1000000000000},{"$f":"IF(OR($D69<>\"Serviço\",AND(AUTOEVENTO=\"Manual\",$M69=$A$15),$M69>(ROW(PLE.lastrow)-ROW(PLE.firstrow))),0,\n           IF(OFFSET(PLE!$G$15,$M69-$A$15,CB$13)=\"\",10^12,OFFSET(PLE!$G$15,$M69-$A$15,CB$13)))","v":1000000000000},{"$f":"IF(OR($D69<>\"Serviço\",AND(AUTOEVENTO=\"Manual\",$M69=$A$15),$M69>(ROW(PLE.lastrow)-ROW(PLE.firstrow))),0,\n           IF(OFFSET(PLE!$G$15,$M69-$A$15,CC$13)=\"\",10^12,OFFSET(PLE!$G$15,$M69-$A$15,CC$13)))","v":1000000000000},{"$f":"IF(OR($D69<>\"Serviço\",AND(AUTOEVENTO=\"Manual\",$M69=$A$15),$M69>(ROW(PLE.lastrow)-ROW(PLE.firstrow))),0,\n           IF(OFFSET(PLE!$G$15,$M69-$A$15,CD$13)=\"\",10^12,OFFSET(PLE!$G$15,$M69-$A$15,CD$13)))","v":1000000000000},{"$f":"IF(OR($D69<>\"Serviço\",AND(AUTOEVENTO=\"Manual\",$M69=$A$15),$M69>(ROW(PLE.lastrow)-ROW(PLE.firstrow))),0,\n           IF(OFFSET(PLE!$G$15,$M69-$A$15,CE$13)=\"\",10^12,OFFSET(PLE!$G$15,$M69-$A$15,CE$13)))","v":1000000000000},{"$f":"IF(OR($D69<>\"Serviço\",AND(AUTOEVENTO=\"Manual\",$M69=$A$15),$M69>(ROW(PLE.lastrow)-ROW(PLE.firstrow))),0,\n           IF(OFFSET(PLE!$G$15,$M69-$A$15,CF$13)=\"\",10^12,OFFSET(PLE!$G$15,$M69-$A$15,CF$13)))","v":1000000000000},{"$f":"IF(OR($D69<>\"Serviço\",AND(AUTOEVENTO=\"Manual\",$M69=$A$15),$M69>(ROW(PLE.lastrow)-ROW(PLE.firstrow))),0,\n           IF(OFFSET(PLE!$G$15,$M69-$A$15,CG$13)=\"\",10^12,OFFSET(PLE!$G$15,$M69-$A$15,CG$13)))","v":1000000000000},{"$f":"IF(OR($D69<>\"Serviço\",AND(AUTOEVENTO=\"Manual\",$M69=$A$15),$M69>(ROW(PLE.lastrow)-ROW(PLE.firstrow))),0,\n           IF(OFFSET(PLE!$G$15,$M69-$A$15,CH$13)=\"\",10^12,OFFSET(PLE!$G$15,$M69-$A$15,CH$13)))","v":1000000000000},{"$f":"IF(OR($D69<>\"Serviço\",AND(AUTOEVENTO=\"Manual\",$M69=$A$15),$M69>(ROW(PLE.lastrow)-ROW(PLE.firstrow))),0,\n           IF(OFFSET(PLE!$G$15,$M69-$A$15,CI$13)=\"\",10^12,OFFSET(PLE!$G$15,$M69-$A$15,CI$13)))","v":1000000000000},{"$f":"IF(OR($D69<>\"Serviço\",AND(AUTOEVENTO=\"Manual\",$M69=$A$15),$M69>(ROW(PLE.lastrow)-ROW(PLE.firstrow))),0,\n           IF(OFFSET(PLE!$G$15,$M69-$A$15,CJ$13)=\"\",10^12,OFFSET(PLE!$G$15,$M69-$A$15,CJ$13)))","v":1000000000000},{"$f":"IF(OR($D69<>\"Serviço\",AND(AUTOEVENTO=\"Manual\",$M69=$A$15),$M69>(ROW(PLE.lastrow)-ROW(PLE.firstrow))),0,\n           IF(OFFSET(PLE!$G$15,$M69-$A$15,CK$13)=\"\",10^12,OFFSET(PLE!$G$15,$M69-$A$15,CK$13)))","v":1000000000000},{"$f":"IF(OR($D69<>\"Serviço\",AND(AUTOEVENTO=\"Manual\",$M69=$A$15),$M69>(ROW(PLE.lastrow)-ROW(PLE.firstrow))),0,\n           IF(OFFSET(PLE!$G$15,$M69-$A$15,CL$13)=\"\",10^12,OFFSET(PLE!$G$15,$M69-$A$15,CL$13)))","v":1000000000000},{"$f":"IF(OR($D69<>\"Serviço\",AND(AUTOEVENTO=\"Manual\",$M69=$A$15),$M69>(ROW(PLE.lastrow)-ROW(PLE.firstrow))),0,\n           IF(OFFSET(PLE!$G$15,$M69-$A$15,CM$13)=\"\",10^12,OFFSET(PLE!$G$15,$M69-$A$15,CM$13)))","v":1000000000000}]
[{"$f":"IF(AUTOEVENTO=\"Manual\",IF(K70<>\"\",MIN(VALUE(LEFT(K70,FIND(\".\",K70)-1)),COUNTA(EVENTOS.Lista)),0),IF(OR($B70>AUTOEVENTO,$B70=\"S\",$B70=0),SUBSTITUTE(OFFSET($A70,-1,0),IF($D70=\"Serviço\",\".\",\"\"),\"\"),ROW(A70)-ROW($A$15)&\".\"))","v":3},{"$f":"OFFSET(ORÇAMENTO!C$15,ROW(B70)-ROW(B$15),0)","v":"S"},{"$f":"OFFSET(ORÇAMENTO!L$15,ROW(C70)-ROW(C$15),0)","v":"F"},{"$f":"OFFSET(ORÇAMENTO!N$15,ROW(D70)-ROW(D$15),0)","v":"Serviço"},{"$f":"OFFSET(ORÇAMENTO!O$15,ROW(E70)-ROW(E$15),0)","v":"1.5.4."},{"$f":"OFFSET(ORÇAMENTO!R$15,ROW(F70)-ROW(F$15),0)","v":"ESPALHAMENTO DE MATERIAL COM TRATOR DE ESTEIRAS. AF_09/2024"},{"$f":"IF($D70<>\"Serviço\",\"\",OFFSET(ORÇAMENTO!S$15,ROW(G70)-ROW(G$15),0))","v":"M3"},{"$f":"IF($D70<>\"Serviço\",0,IF(ACOMPANHAMENTO=\"BM\",ROUND(OFFSET(ORÇAMENTO!AJ$15,ROW(H70)-ROW(H$15),0),15-13*ORÇAMENTO!$AF$7),SUMPRODUCT(($Q$1:$AI$1=1)*ROUND($Q70:$AI70,15-13*ORÇAMENTO!$AF$7))))","v":423.11},null,{"$f":"IF(B70<>\"S\",\"\",IF(AND(ACOMPANHAMENTO=\"PLE\",AUTOEVENTO=\"Manual\",OR(H70>0,ORÇAMENTO!AC70=\"QUANT.\"),OR(K70=\"\",M70=0,N70=\"\")),\"►\",IF(AND(ACOMPANHAMENTO=\"PLE\",ORÇAMENTO!AC70=\"QUANT.\"),\"►►\",IF(AND(COUNTIF($P$11:$AI$11,\"▼\")=0,H70>0,I70=\"\"),\"◄\",\"\"))))","v":"◄"},"3. IMPLANTAÇÃO ASFÁLTICA",".",{"$f":"IF($D70<>\"Serviço\",\"\",\n          IF(AUTOEVENTO=\"manual\",$A70,\n                IF(ISERROR(MATCH($A70,$A$15:OFFSET($A70,-1,0),0)),MAX($M$15:OFFSET(M70,-1,0))+1,\n                      INDEX($M$15:OFFSET(M70,-1,0),MATCH($A70,$A$15:OFFSET($A70,-1,0),0)))))","v":3},{"$f":"IF($D70<>\"Serviço\",\"\",\n         IF(AUTOEVENTO=\"Manual\",\n                IF($A70=0,\"<-- defina o número do agrupador\",\n                       OFFSET(EVENTOS!$D$15,$A70-$A$15,0)),\n                OFFSET($F$15,$A70,0)))","v":"IMPLANTAÇÃO ASFÁLTICA"},null,null,1266.96,null,null,null,null,null,null,null,null,null,null,null,null,null,null,null,null,null,null,{"$f":"IF(AND($D70=\"Serviço\",AJ$12<>0,$H70>0,OR(AUTOEVENTO<>\"manual\",$M70<>$A$15)),\n        IF(Import.TipoArredondamento<>\"TransfereGOV\",\n              ROUND(OFFSET($P70,0,AJ$13),15-13*ORÇAMENTO!$AF$7)/$H70*OFFSET(ORÇAMENTO!$X$15,ROW(AJ70)-ROW(AJ$15),0),\n              ROUND(ROUND(OFFSET($P70,0,AJ$13),15-13*ORÇAMENTO!$AF$7)*OFFSET(ORÇAMENTO!$W$15,ROW(AJ70)-ROW(AJ$15),0),15-13*ORÇAMENTO!$AF$11)),\n         0)","v":0},{"$f":"IF(AND($D70=\"Serviço\",AK$12<>0,$H70>0,OR(AUTOEVENTO<>\"manual\",$M70<>$A$15)),\n        IF(Import.TipoArredondamento<>\"TransfereGOV\",\n              ROUND(OFFSET($P70,0,AK$13),15-13*ORÇAMENTO!$AF$7)/$H70*OFFSET(ORÇAMENTO!$X$15,ROW(AK70)-ROW(AK$15),0),\n              ROUND(ROUND(OFFSET($P70,0,AK$13),15-13*ORÇAMENTO!$AF$7)*OFFSET(ORÇAMENTO!$W$15,ROW(AK70)-ROW(AK$15),0),15-13*ORÇAMENTO!$AF$11)),\n         0)","v":0},{"$f":"IF(AND($D70=\"Serviço\",AL$12<>0,$H70>0,OR(AUTOEVENTO<>\"manual\",$M70<>$A$15)),\n        IF(Import.TipoArredondamento<>\"TransfereGOV\",\n              ROUND(OFFSET($P70,0,AL$13),15-13*ORÇAMENTO!$AF$7)/$H70*OFFSET(ORÇAMENTO!$X$15,ROW(AL70)-ROW(AL$15),0),\n              ROUND(ROUND(OFFSET($P70,0,AL$13),15-13*ORÇAMENTO!$AF$7)*OFFSET(ORÇAMENTO!$W$15,ROW(AL70)-ROW(AL$15),0),15-13*ORÇAMENTO!$AF$11)),\n         0)","v":0},{"$f":"IF(AND($D70=\"Serviço\",AM$12<>0,$H70>0,OR(AUTOEVENTO<>\"manual\",$M70<>$A$15)),\n        IF(Import.TipoArredondamento<>\"TransfereGOV\",\n              ROUND(OFFSET($P70,0,AM$13),15-13*ORÇAMENTO!$AF$7)/$H70*OFFSET(ORÇAMENTO!$X$15,ROW(AM70)-ROW(AM$15),0),\n              ROUND(ROUND(OFFSET($P70,0,AM$13),15-13*ORÇAMENTO!$AF$7)*OFFSET(ORÇAMENTO!$W$15,ROW(AM70)-ROW(AM$15),0),15-13*ORÇAMENTO!$AF$11)),\n         0)","v":0},{"$f":"IF(AND($D70=\"Serviço\",AN$12<>0,$H70>0,OR(AUTOEVENTO<>\"manual\",$M70<>$A$15)),\n        IF(Import.TipoArredondamento<>\"TransfereGOV\",\n              ROUND(OFFSET($P70,0,AN$13),15-13*ORÇAMENTO!$AF$7)/$H70*OFFSET(ORÇAMENTO!$X$15,ROW(AN70)-ROW(AN$15),0),\n              ROUND(ROUND(OFFSET($P70,0,AN$13),15-13*ORÇAMENTO!$AF$7)*OFFSET(ORÇAMENTO!$W$15,ROW(AN70)-ROW(AN$15),0),15-13*ORÇAMENTO!$AF$11)),\n         0)","v":0},{"$f":"IF(AND($D70=\"Serviço\",AO$12<>0,$H70>0,OR(AUTOEVENTO<>\"manual\",$M70<>$A$15)),\n        IF(Import.TipoArredondamento<>\"TransfereGOV\",\n              ROUND(OFFSET($P70,0,AO$13),15-13*ORÇAMENTO!$AF$7)/$H70*OFFSET(ORÇAMENTO!$X$15,ROW(AO70)-ROW(AO$15),0),\n              ROUND(ROUND(OFFSET($P70,0,AO$13),15-13*ORÇAMENTO!$AF$7)*OFFSET(ORÇAMENTO!$W$15,ROW(AO70)-ROW(AO$15),0),15-13*ORÇAMENTO!$AF$11)),\n         0)","v":0},{"$f":"IF(AND($D70=\"Serviço\",AP$12<>0,$H70>0,OR(AUTOEVENTO<>\"manual\",$M70<>$A$15)),\n        IF(Import.TipoArredondamento<>\"TransfereGOV\",\n              ROUND(OFFSET($P70,0,AP$13),15-13*ORÇAMENTO!$AF$7)/$H70*OFFSET(ORÇAMENTO!$X$15,ROW(AP70)-ROW(AP$15),0),\n              ROUND(ROUND(OFFSET($P70,0,AP$13),15-13*ORÇAMENTO!$AF$7)*OFFSET(ORÇAMENTO!$W$15,ROW(AP70)-ROW(AP$15),0),15-13*ORÇAMENTO!$AF$11)),\n         0)","v":0},{"$f":"IF(AND($D70=\"Serviço\",AQ$12<>0,$H70>0,OR(AUTOEVENTO<>\"manual\",$M70<>$A$15)),\n        IF(Import.TipoArredondamento<>\"TransfereGOV\",\n              ROUND(OFFSET($P70,0,AQ$13),15-13*ORÇAMENTO!$AF$7)/$H70*OFFSET(ORÇAMENTO!$X$15,ROW(AQ70)-ROW(AQ$15),0),\n              ROUND(ROUND(OFFSET($P70,0,AQ$13),15-13*ORÇAMENTO!$AF$7)*OFFSET(ORÇAMENTO!$W$15,ROW(AQ70)-ROW(AQ$15),0),15-13*ORÇAMENTO!$AF$11)),\n         0)","v":0},{"$f":"IF(AND($D70=\"Serviço\",AR$12<>0,$H70>0,OR(AUTOEVENTO<>\"manual\",$M70<>$A$15)),\n        IF(Import.TipoArredondamento<>\"TransfereGOV\",\n              ROUND(OFFSET($P70,0,AR$13),15-13*ORÇAMENTO!$AF$7)/$H70*OFFSET(ORÇAMENTO!$X$15,ROW(AR70)-ROW(AR$15),0),\n              ROUND(ROUND(OFFSET($P70,0,AR$13),15-13*ORÇAMENTO!$AF$7)*OFFSET(ORÇAMENTO!$W$15,ROW(AR70)-ROW(AR$15),0),15-13*ORÇAMENTO!$AF$11)),\n         0)","v":0},{"$f":"IF(AND($D70=\"Serviço\",AS$12<>0,$H70>0,OR(AUTOEVENTO<>\"manual\",$M70<>$A$15)),\n        IF(Import.TipoArredondamento<>\"TransfereGOV\",\n              ROUND(OFFSET($P70,0,AS$13),15-13*ORÇAMENTO!$AF$7)/$H70*OFFSET(ORÇAMENTO!$X$15,ROW(AS70)-ROW(AS$15),0),\n              ROUND(ROUND(OFFSET($P70,0,AS$13),15-13*ORÇAMENTO!$AF$7)*OFFSET(ORÇAMENTO!$W$15,ROW(AS70)-ROW(AS$15),0),15-13*ORÇAMENTO!$AF$11)),\n         0)","v":0},{"$f":"IF(AND($D70=\"Serviço\",AT$12<>0,$H70>0,OR(AUTOEVENTO<>\"manual\",$M70<>$A$15)),\n        IF(Import.TipoArredondamento<>\"TransfereGOV\",\n              ROUND(OFFSET($P70,0,AT$13),15-13*ORÇAMENTO!$AF$7)/$H70*OFFSET(ORÇAMENTO!$X$15,ROW(AT70)-ROW(AT$15),0),\n              ROUND(ROUND(OFFSET($P70,0,AT$13),15-13*ORÇAMENTO!$AF$7)*OFFSET(ORÇAMENTO!$W$15,ROW(AT70)-ROW(AT$15),0),15-13*ORÇAMENTO!$AF$11)),\n         0)","v":0},{"$f":"IF(AND($D70=\"Serviço\",AU$12<>0,$H70>0,OR(AUTOEVENTO<>\"manual\",$M70<>$A$15)),\n        IF(Import.TipoArredondamento<>\"TransfereGOV\",\n              ROUND(OFFSET($P70,0,AU$13),15-13*ORÇAMENTO!$AF$7)/$H70*OFFSET(ORÇAMENTO!$X$15,ROW(AU70)-ROW(AU$15),0),\n              ROUND(ROUND(OFFSET($P70,0,AU$13),15-13*ORÇAMENTO!$AF$7)*OFFSET(ORÇAMENTO!$W$15,ROW(AU70)-ROW(AU$15),0),15-13*ORÇAMENTO!$AF$11)),\n         0)","v":0},{"$f":"IF(AND($D70=\"Serviço\",AV$12<>0,$H70>0,OR(AUTOEVENTO<>\"manual\",$M70<>$A$15)),\n        IF(Import.TipoArredondamento<>\"TransfereGOV\",\n              ROUND(OFFSET($P70,0,AV$13),15-13*ORÇAMENTO!$AF$7)/$H70*OFFSET(ORÇAMENTO!$X$15,ROW(AV70)-ROW(AV$15),0),\n              ROUND(ROUND(OFFSET($P70,0,AV$13),15-13*ORÇAMENTO!$AF$7)*OFFSET(ORÇAMENTO!$W$15,ROW(AV70)-ROW(AV$15),0),15-13*ORÇAMENTO!$AF$11)),\n         0)","v":0},{"$f":"IF(AND($D70=\"Serviço\",AW$12<>0,$H70>0,OR(AUTOEVENTO<>\"manual\",$M70<>$A$15)),\n        IF(Import.TipoArredondamento<>\"TransfereGOV\",\n              ROUND(OFFSET($P70,0,AW$13),15-13*ORÇAMENTO!$AF$7)/$H70*OFFSET(ORÇAMENTO!$X$15,ROW(AW70)-ROW(AW$15),0),\n              ROUND(ROUND(OFFSET($P70,0,AW$13),15-13*ORÇAMENTO!$AF$7)*OFFSET(ORÇAMENTO!$W$15,ROW(AW70)-ROW(AW$15),0),15-13*ORÇAMENTO!$AF$11)),\n         0)","v":0},{"$f":"IF(AND($D70=\"Serviço\",AX$12<>0,$H70>0,OR(AUTOEVENTO<>\"manual\",$M70<>$A$15)),\n        IF(Import.TipoArredondamento<>\"TransfereGOV\",\n              ROUND(OFFSET($P70,0,AX$13),15-13*ORÇAMENTO!$AF$7)/$H70*OFFSET(ORÇAMENTO!$X$15,ROW(AX70)-ROW(AX$15),0),\n              ROUND(ROUND(OFFSET($P70,0,AX$13),15-13*ORÇAMENTO!$AF$7)*OFFSET(ORÇAMENTO!$W$15,ROW(AX70)-ROW(AX$15),0),15-13*ORÇAMENTO!$AF$11)),\n         0)","v":0},{"$f":"IF(AND($D70=\"Serviço\",AY$12<>0,$H70>0,OR(AUTOEVENTO<>\"manual\",$M70<>$A$15)),\n        IF(Import.TipoArredondamento<>\"TransfereGOV\",\n              ROUND(OFFSET($P70,0,AY$13),15-13*ORÇAMENTO!$AF$7)/$H70*OFFSET(ORÇAMENTO!$X$15,ROW(AY70)-ROW(AY$15),0),\n              ROUND(ROUND(OFFSET($P70,0,AY$13),15-13*ORÇAMENTO!$AF$7)*OFFSET(ORÇAMENTO!$W$15,ROW(AY70)-ROW(AY$15),0),15-13*ORÇAMENTO!$AF$11)),\n         0)","v":0},{"$f":"IF(AND($D70=\"Serviço\",AZ$12<>0,$H70>0,OR(AUTOEVENTO<>\"manual\",$M70<>$A$15)),\n        IF(Import.TipoArredondamento<>\"TransfereGOV\",\n              ROUND(OFFSET($P70,0,AZ$13),15-13*ORÇAMENTO!$AF$7)/$H70*OFFSET(ORÇAMENTO!$X$15,ROW(AZ70)-ROW(AZ$15),0),\n              ROUND(ROUND(OFFSET($P70,0,AZ$13),15-13*ORÇAMENTO!$AF$7)*OFFSET(ORÇAMENTO!$W$15,ROW(AZ70)-ROW(AZ$15),0),15-13*ORÇAMENTO!$AF$11)),\n         0)","v":0},{"$f":"IF(AND($D70=\"Serviço\",BA$12<>0,$H70>0,OR(AUTOEVENTO<>\"manual\",$M70<>$A$15)),\n        IF(Import.TipoArredondamento<>\"TransfereGOV\",\n              ROUND(OFFSET($P70,0,BA$13),15-13*ORÇAMENTO!$AF$7)/$H70*OFFSET(ORÇAMENTO!$X$15,ROW(BA70)-ROW(BA$15),0),\n              ROUND(ROUND(OFFSET($P70,0,BA$13),15-13*ORÇAMENTO!$AF$7)*OFFSET(ORÇAMENTO!$W$15,ROW(BA70)-ROW(BA$15),0),15-13*ORÇAMENTO!$AF$11)),\n         0)","v":0},null,{"$f":"IF(OR($D70<>\"Serviço\",AND(AUTOEVENTO=\"Manual\",$M70=$A$15)),0,\n         IF(OFFSET(CRONOPLE!$F$15,$M70-$A$15,BC$13)=\"\",10^12,OFFSET(CRONOPLE!$F$15,$M70-$A$15,BC$13)))","v":3},{"$f":"IF(OR($D70<>\"Serviço\",AND(AUTOEVENTO=\"Manual\",$M70=$A$15)),0,\n         IF(OFFSET(CRONOPLE!$F$15,$M70-$A$15,BD$13)=\"\",10^12,OFFSET(CRONOPLE!$F$15,$M70-$A$15,BD$13)))","v":2},{"$f":"IF(OR($D70<>\"Serviço\",AND(AUTOEVENTO=\"Manual\",$M70=$A$15)),0,\n         IF(OFFSET(CRONOPLE!$F$15,$M70-$A$15,BE$13)=\"\",10^12,OFFSET(CRONOPLE!$F$15,$M70-$A$15,BE$13)))","v":3},{"$f":"IF(OR($D70<>\"Serviço\",AND(AUTOEVENTO=\"Manual\",$M70=$A$15)),0,\n         IF(OFFSET(CRONOPLE!$F$15,$M70-$A$15,BF$13)=\"\",10^12,OFFSET(CRONOPLE!$F$15,$M70-$A$15,BF$13)))","v":1000000000000},{"$f":"IF(OR($D70<>\"Serviço\",AND(AUTOEVENTO=\"Manual\",$M70=$A$15)),0,\n         IF(OFFSET(CRONOPLE!$F$15,$M70-$A$15,BG$13)=\"\",10^12,OFFSET(CRONOPLE!$F$15,$M70-$A$15,BG$13)))","v":1000000000000},{"$f":"IF(OR($D70<>\"Serviço\",AND(AUTOEVENTO=\"Manual\",$M70=$A$15)),0,\n         IF(OFFSET(CRONOPLE!$F$15,$M70-$A$15,BH$13)=\"\",10^12,OFFSET(CRONOPLE!$F$15,$M70-$A$15,BH$13)))","v":1000000000000},{"$f":"IF(OR($D70<>\"Serviço\",AND(AUTOEVENTO=\"Manual\",$M70=$A$15)),0,\n         IF(OFFSET(CRONOPLE!$F$15,$M70-$A$15,BI$13)=\"\",10^12,OFFSET(CRONOPLE!$F$15,$M70-$A$15,BI$13)))","v":1000000000000},{"$f":"IF(OR($D70<>\"Serviço\",AND(AUTOEVENTO=\"Manual\",$M70=$A$15)),0,\n         IF(OFFSET(CRONOPLE!$F$15,$M70-$A$15,BJ$13)=\"\",10^12,OFFSET(CRONOPLE!$F$15,$M70-$A$15,BJ$13)))","v":1000000000000},{"$f":"IF(OR($D70<>\"Serviço\",AND(AUTOEVENTO=\"Manual\",$M70=$A$15)),0,\n         IF(OFFSET(CRONOPLE!$F$15,$M70-$A$15,BK$13)=\"\",10^12,OFFSET(CRONOPLE!$F$15,$M70-$A$15,BK$13)))","v":1000000000000},{"$f":"IF(OR($D70<>\"Serviço\",AND(AUTOEVENTO=\"Manual\",$M70=$A$15)),0,\n         IF(OFFSET(CRONOPLE!$F$15,$M70-$A$15,BL$13)=\"\",10^12,OFFSET(CRONOPLE!$F$15,$M70-$A$15,BL$13)))","v":1000000000000},{"$f":"IF(OR($D70<>\"Serviço\",AND(AUTOEVENTO=\"Manual\",$M70=$A$15)),0,\n         IF(OFFSET(CRONOPLE!$F$15,$M70-$A$15,BM$13)=\"\",10^12,OFFSET(CRONOPLE!$F$15,$M70-$A$15,BM$13)))","v":1000000000000},{"$f":"IF(OR($D70<>\"Serviço\",AND(AUTOEVENTO=\"Manual\",$M70=$A$15)),0,\n         IF(OFFSET(CRONOPLE!$F$15,$M70-$A$15,BN$13)=\"\",10^12,OFFSET(CRONOPLE!$F$15,$M70-$A$15,BN$13)))","v":1000000000000},{"$f":"IF(OR($D70<>\"Serviço\",AND(AUTOEVENTO=\"Manual\",$M70=$A$15)),0,\n         IF(OFFSET(CRONOPLE!$F$15,$M70-$A$15,BO$13)=\"\",10^12,OFFSET(CRONOPLE!$F$15,$M70-$A$15,BO$13)))","v":1000000000000},{"$f":"IF(OR($D70<>\"Serviço\",AND(AUTOEVENTO=\"Manual\",$M70=$A$15)),0,\n         IF(OFFSET(CRONOPLE!$F$15,$M70-$A$15,BP$13)=\"\",10^12,OFFSET(CRONOPLE!$F$15,$M70-$A$15,BP$13)))","v":1000000000000},{"$f":"IF(OR($D70<>\"Serviço\",AND(AUTOEVENTO=\"Manual\",$M70=$A$15)),0,\n         IF(OFFSET(CRONOPLE!$F$15,$M70-$A$15,BQ$13)=\"\",10^12,OFFSET(CRONOPLE!$F$15,$M70-$A$15,BQ$13)))","v":1000000000000},{"$f":"IF(OR($D70<>\"Serviço\",AND(AUTOEVENTO=\"Manual\",$M70=$A$15)),0,\n         IF(OFFSET(CRONOPLE!$F$15,$M70-$A$15,BR$13)=\"\",10^12,OFFSET(CRONOPLE!$F$15,$M70-$A$15,BR$13)))","v":1000000000000},{"$f":"IF(OR($D70<>\"Serviço\",AND(AUTOEVENTO=\"Manual\",$M70=$A$15)),0,\n         IF(OFFSET(CRONOPLE!$F$15,$M70-$A$15,BS$13)=\"\",10^12,OFFSET(CRONOPLE!$F$15,$M70-$A$15,BS$13)))","v":1000000000000},{"$f":"IF(OR($D70<>\"Serviço\",AND(AUTOEVENTO=\"Manual\",$M70=$A$15)),0,\n         IF(OFFSET(CRONOPLE!$F$15,$M70-$A$15,BT$13)=\"\",10^12,OFFSET(CRONOPLE!$F$15,$M70-$A$15,BT$13)))","v":1000000000000},null,{"$f":"IF(OR($D70<>\"Serviço\",AND(AUTOEVENTO=\"Manual\",$M70=$A$15),$M70>(ROW(PLE.lastrow)-ROW(PLE.firstrow))),0,\n           IF(OFFSET(PLE!$G$15,$M70-$A$15,BV$13)=\"\",10^12,OFFSET(PLE!$G$15,$M70-$A$15,BV$13)))","v":1000000000000},{"$f":"IF(OR($D70<>\"Serviço\",AND(AUTOEVENTO=\"Manual\",$M70=$A$15),$M70>(ROW(PLE.lastrow)-ROW(PLE.firstrow))),0,\n           IF(OFFSET(PLE!$G$15,$M70-$A$15,BW$13)=\"\",10^12,OFFSET(PLE!$G$15,$M70-$A$15,BW$13)))","v":1000000000000},{"$f":"IF(OR($D70<>\"Serviço\",AND(AUTOEVENTO=\"Manual\",$M70=$A$15),$M70>(ROW(PLE.lastrow)-ROW(PLE.firstrow))),0,\n           IF(OFFSET(PLE!$G$15,$M70-$A$15,BX$13)=\"\",10^12,OFFSET(PLE!$G$15,$M70-$A$15,BX$13)))","v":1000000000000},{"$f":"IF(OR($D70<>\"Serviço\",AND(AUTOEVENTO=\"Manual\",$M70=$A$15),$M70>(ROW(PLE.lastrow)-ROW(PLE.firstrow))),0,\n           IF(OFFSET(PLE!$G$15,$M70-$A$15,BY$13)=\"\",10^12,OFFSET(PLE!$G$15,$M70-$A$15,BY$13)))","v":1000000000000},{"$f":"IF(OR($D70<>\"Serviço\",AND(AUTOEVENTO=\"Manual\",$M70=$A$15),$M70>(ROW(PLE.lastrow)-ROW(PLE.firstrow))),0,\n           IF(OFFSET(PLE!$G$15,$M70-$A$15,BZ$13)=\"\",10^12,OFFSET(PLE!$G$15,$M70-$A$15,BZ$13)))","v":1000000000000},{"$f":"IF(OR($D70<>\"Serviço\",AND(AUTOEVENTO=\"Manual\",$M70=$A$15),$M70>(ROW(PLE.lastrow)-ROW(PLE.firstrow))),0,\n           IF(OFFSET(PLE!$G$15,$M70-$A$15,CA$13)=\"\",10^12,OFFSET(PLE!$G$15,$M70-$A$15,CA$13)))","v":1000000000000},{"$f":"IF(OR($D70<>\"Serviço\",AND(AUTOEVENTO=\"Manual\",$M70=$A$15),$M70>(ROW(PLE.lastrow)-ROW(PLE.firstrow))),0,\n           IF(OFFSET(PLE!$G$15,$M70-$A$15,CB$13)=\"\",10^12,OFFSET(PLE!$G$15,$M70-$A$15,CB$13)))","v":1000000000000},{"$f":"IF(OR($D70<>\"Serviço\",AND(AUTOEVENTO=\"Manual\",$M70=$A$15),$M70>(ROW(PLE.lastrow)-ROW(PLE.firstrow))),0,\n           IF(OFFSET(PLE!$G$15,$M70-$A$15,CC$13)=\"\",10^12,OFFSET(PLE!$G$15,$M70-$A$15,CC$13)))","v":1000000000000},{"$f":"IF(OR($D70<>\"Serviço\",AND(AUTOEVENTO=\"Manual\",$M70=$A$15),$M70>(ROW(PLE.lastrow)-ROW(PLE.firstrow))),0,\n           IF(OFFSET(PLE!$G$15,$M70-$A$15,CD$13)=\"\",10^12,OFFSET(PLE!$G$15,$M70-$A$15,CD$13)))","v":1000000000000},{"$f":"IF(OR($D70<>\"Serviço\",AND(AUTOEVENTO=\"Manual\",$M70=$A$15),$M70>(ROW(PLE.lastrow)-ROW(PLE.firstrow))),0,\n           IF(OFFSET(PLE!$G$15,$M70-$A$15,CE$13)=\"\",10^12,OFFSET(PLE!$G$15,$M70-$A$15,CE$13)))","v":1000000000000},{"$f":"IF(OR($D70<>\"Serviço\",AND(AUTOEVENTO=\"Manual\",$M70=$A$15),$M70>(ROW(PLE.lastrow)-ROW(PLE.firstrow))),0,\n           IF(OFFSET(PLE!$G$15,$M70-$A$15,CF$13)=\"\",10^12,OFFSET(PLE!$G$15,$M70-$A$15,CF$13)))","v":1000000000000},{"$f":"IF(OR($D70<>\"Serviço\",AND(AUTOEVENTO=\"Manual\",$M70=$A$15),$M70>(ROW(PLE.lastrow)-ROW(PLE.firstrow))),0,\n           IF(OFFSET(PLE!$G$15,$M70-$A$15,CG$13)=\"\",10^12,OFFSET(PLE!$G$15,$M70-$A$15,CG$13)))","v":1000000000000},{"$f":"IF(OR($D70<>\"Serviço\",AND(AUTOEVENTO=\"Manual\",$M70=$A$15),$M70>(ROW(PLE.lastrow)-ROW(PLE.firstrow))),0,\n           IF(OFFSET(PLE!$G$15,$M70-$A$15,CH$13)=\"\",10^12,OFFSET(PLE!$G$15,$M70-$A$15,CH$13)))","v":1000000000000},{"$f":"IF(OR($D70<>\"Serviço\",AND(AUTOEVENTO=\"Manual\",$M70=$A$15),$M70>(ROW(PLE.lastrow)-ROW(PLE.firstrow))),0,\n           IF(OFFSET(PLE!$G$15,$M70-$A$15,CI$13)=\"\",10^12,OFFSET(PLE!$G$15,$M70-$A$15,CI$13)))","v":1000000000000},{"$f":"IF(OR($D70<>\"Serviço\",AND(AUTOEVENTO=\"Manual\",$M70=$A$15),$M70>(ROW(PLE.lastrow)-ROW(PLE.firstrow))),0,\n           IF(OFFSET(PLE!$G$15,$M70-$A$15,CJ$13)=\"\",10^12,OFFSET(PLE!$G$15,$M70-$A$15,CJ$13)))","v":1000000000000},{"$f":"IF(OR($D70<>\"Serviço\",AND(AUTOEVENTO=\"Manual\",$M70=$A$15),$M70>(ROW(PLE.lastrow)-ROW(PLE.firstrow))),0,\n           IF(OFFSET(PLE!$G$15,$M70-$A$15,CK$13)=\"\",10^12,OFFSET(PLE!$G$15,$M70-$A$15,CK$13)))","v":1000000000000},{"$f":"IF(OR($D70<>\"Serviço\",AND(AUTOEVENTO=\"Manual\",$M70=$A$15),$M70>(ROW(PLE.lastrow)-ROW(PLE.firstrow))),0,\n           IF(OFFSET(PLE!$G$15,$M70-$A$15,CL$13)=\"\",10^12,OFFSET(PLE!$G$15,$M70-$A$15,CL$13)))","v":1000000000000},{"$f":"IF(OR($D70<>\"Serviço\",AND(AUTOEVENTO=\"Manual\",$M70=$A$15),$M70>(ROW(PLE.lastrow)-ROW(PLE.firstrow))),0,\n           IF(OFFSET(PLE!$G$15,$M70-$A$15,CM$13)=\"\",10^12,OFFSET(PLE!$G$15,$M70-$A$15,CM$13)))","v":1000000000000}]
[0,{"$f":"OFFSET(ORÇAMENTO!C$15,ROW(B71)-ROW(B$15),0)","v":2},{"$f":"OFFSET(ORÇAMENTO!L$15,ROW(C71)-ROW(C$15),0)","v":"F"},{"$f":"OFFSET(ORÇAMENTO!N$15,ROW(D71)-ROW(D$15),0)","v":"Nível 2"},{"$f":"OFFSET(ORÇAMENTO!O$15,ROW(E71)-ROW(E$15),0)","v":"1.6."},{"$f":"OFFSET(ORÇAMENTO!R$15,ROW(F71)-ROW(F$15),0)","v":"IMPLANTAÇÃO ASFÁLTICA - BASE"},{"$f":"IF($D71<>\"Serviço\",\"\",OFFSET(ORÇAMENTO!S$15,ROW(G71)-ROW(G$15),0))","v":""},{"$f":"IF($D71<>\"Serviço\",0,IF(ACOMPANHAMENTO=\"BM\",ROUND(OFFSET(ORÇAMENTO!AJ$15,ROW(H71)-ROW(H$15),0),15-13*ORÇAMENTO!$AF$7),SUMPRODUCT(($Q$1:$AI$1=1)*ROUND($Q71:$AI71,15-13*ORÇAMENTO!$AF$7))))","v":0},null,{"$f":"IF(B71<>\"S\",\"\",IF(AND(ACOMPANHAMENTO=\"PLE\",AUTOEVENTO=\"Manual\",OR(H71>0,ORÇAMENTO!AC71=\"QUANT.\"),OR(K71=\"\",M71=0,N71=\"\")),\"►\",IF(AND(ACOMPANHAMENTO=\"PLE\",ORÇAMENTO!AC71=\"QUANT.\"),\"►►\",IF(AND(COUNTIF($P$11:$AI$11,\"▼\")=0,H71>0,I71=\"\"),\"◄\",\"\"))))","v":""},null,".",{"$f":"IF($D71<>\"Serviço\",\"\",\n          IF(AUTOEVENTO=\"manual\",$A71,\n                IF(ISERROR(MATCH($A71,$A$15:OFFSET($A71,-1,0),0)),MAX($M$15:OFFSET(M71,-1,0))+1,\n                      INDEX($M$15:OFFSET(M71,-1,0),MATCH($A71,$A$15:OFFSET($A71,-1,0),0)))))","v":""},{"$f":"IF($D71<>\"Serviço\",\"\",\n         IF(AUTOEVENTO=\"Manual\",\n                IF($A71=0,\"<-- defina o número do agrupador\",\n                       OFFSET(EVENTOS!$D$15,$A71-$A$15,0)),\n                OFFSET($F$15,$A71,0)))","v":""},null,null,null,null,null,null,null,null,null,null,null,null,null,null,null,null,null,null,null,null,null,{"$f":"IF(AND($D71=\"Serviço\",AJ$12<>0,$H71>0,OR(AUTOEVENTO<>\"manual\",$M71<>$A$15)),\n        IF(Import.TipoArredondamento<>\"TransfereGOV\",\n              ROUND(OFFSET($P71,0,AJ$13),15-13*ORÇAMENTO!$AF$7)/$H71*OFFSET(ORÇAMENTO!$X$15,ROW(AJ71)-ROW(AJ$15),0),\n              ROUND(ROUND(OFFSET($P71,0,AJ$13),15-13*ORÇAMENTO!$AF$7)*OFFSET(ORÇAMENTO!$W$15,ROW(AJ71)-ROW(AJ$15),0),15-13*ORÇAMENTO!$AF$11)),\n         0)","v":0},{"$f":"IF(AND($D71=\"Serviço\",AK$12<>0,$H71>0,OR(AUTOEVENTO<>\"manual\",$M71<>$A$15)),\n        IF(Import.TipoArredondamento<>\"TransfereGOV\",\n              ROUND(OFFSET($P71,0,AK$13),15-13*ORÇAMENTO!$AF$7)/$H71*OFFSET(ORÇAMENTO!$X$15,ROW(AK71)-ROW(AK$15),0),\n              ROUND(ROUND(OFFSET($P71,0,AK$13),15-13*ORÇAMENTO!$AF$7)*OFFSET(ORÇAMENTO!$W$15,ROW(AK71)-ROW(AK$15),0),15-13*ORÇAMENTO!$AF$11)),\n         0)","v":0},{"$f":"IF(AND($D71=\"Serviço\",AL$12<>0,$H71>0,OR(AUTOEVENTO<>\"manual\",$M71<>$A$15)),\n        IF(Import.TipoArredondamento<>\"TransfereGOV\",\n              ROUND(OFFSET($P71,0,AL$13),15-13*ORÇAMENTO!$AF$7)/$H71*OFFSET(ORÇAMENTO!$X$15,ROW(AL71)-ROW(AL$15),0),\n              ROUND(ROUND(OFFSET($P71,0,AL$13),15-13*ORÇAMENTO!$AF$7)*OFFSET(ORÇAMENTO!$W$15,ROW(AL71)-ROW(AL$15),0),15-13*ORÇAMENTO!$AF$11)),\n         0)","v":0},{"$f":"IF(AND($D71=\"Serviço\",AM$12<>0,$H71>0,OR(AUTOEVENTO<>\"manual\",$M71<>$A$15)),\n        IF(Import.TipoArredondamento<>\"TransfereGOV\",\n              ROUND(OFFSET($P71,0,AM$13),15-13*ORÇAMENTO!$AF$7)/$H71*OFFSET(ORÇAMENTO!$X$15,ROW(AM71)-ROW(AM$15),0),\n              ROUND(ROUND(OFFSET($P71,0,AM$13),15-13*ORÇAMENTO!$AF$7)*OFFSET(ORÇAMENTO!$W$15,ROW(AM71)-ROW(AM$15),0),15-13*ORÇAMENTO!$AF$11)),\n         0)","v":0},{"$f":"IF(AND($D71=\"Serviço\",AN$12<>0,$H71>0,OR(AUTOEVENTO<>\"manual\",$M71<>$A$15)),\n        IF(Import.TipoArredondamento<>\"TransfereGOV\",\n              ROUND(OFFSET($P71,0,AN$13),15-13*ORÇAMENTO!$AF$7)/$H71*OFFSET(ORÇAMENTO!$X$15,ROW(AN71)-ROW(AN$15),0),\n              ROUND(ROUND(OFFSET($P71,0,AN$13),15-13*ORÇAMENTO!$AF$7)*OFFSET(ORÇAMENTO!$W$15,ROW(AN71)-ROW(AN$15),0),15-13*ORÇAMENTO!$AF$11)),\n         0)","v":0},{"$f":"IF(AND($D71=\"Serviço\",AO$12<>0,$H71>0,OR(AUTOEVENTO<>\"manual\",$M71<>$A$15)),\n        IF(Import.TipoArredondamento<>\"TransfereGOV\",\n              ROUND(OFFSET($P71,0,AO$13),15-13*ORÇAMENTO!$AF$7)/$H71*OFFSET(ORÇAMENTO!$X$15,ROW(AO71)-ROW(AO$15),0),\n              ROUND(ROUND(OFFSET($P71,0,AO$13),15-13*ORÇAMENTO!$AF$7)*OFFSET(ORÇAMENTO!$W$15,ROW(AO71)-ROW(AO$15),0),15-13*ORÇAMENTO!$AF$11)),\n         0)","v":0},{"$f":"IF(AND($D71=\"Serviço\",AP$12<>0,$H71>0,OR(AUTOEVENTO<>\"manual\",$M71<>$A$15)),\n        IF(Import.TipoArredondamento<>\"TransfereGOV\",\n              ROUND(OFFSET($P71,0,AP$13),15-13*ORÇAMENTO!$AF$7)/$H71*OFFSET(ORÇAMENTO!$X$15,ROW(AP71)-ROW(AP$15),0),\n              ROUND(ROUND(OFFSET($P71,0,AP$13),15-13*ORÇAMENTO!$AF$7)*OFFSET(ORÇAMENTO!$W$15,ROW(AP71)-ROW(AP$15),0),15-13*ORÇAMENTO!$AF$11)),\n         0)","v":0},{"$f":"IF(AND($D71=\"Serviço\",AQ$12<>0,$H71>0,OR(AUTOEVENTO<>\"manual\",$M71<>$A$15)),\n        IF(Import.TipoArredondamento<>\"TransfereGOV\",\n              ROUND(OFFSET($P71,0,AQ$13),15-13*ORÇAMENTO!$AF$7)/$H71*OFFSET(ORÇAMENTO!$X$15,ROW(AQ71)-ROW(AQ$15),0),\n              ROUND(ROUND(OFFSET($P71,0,AQ$13),15-13*ORÇAMENTO!$AF$7)*OFFSET(ORÇAMENTO!$W$15,ROW(AQ71)-ROW(AQ$15),0),15-13*ORÇAMENTO!$AF$11)),\n         0)","v":0},{"$f":"IF(AND($D71=\"Serviço\",AR$12<>0,$H71>0,OR(AUTOEVENTO<>\"manual\",$M71<>$A$15)),\n        IF(Import.TipoArredondamento<>\"TransfereGOV\",\n              ROUND(OFFSET($P71,0,AR$13),15-13*ORÇAMENTO!$AF$7)/$H71*OFFSET(ORÇAMENTO!$X$15,ROW(AR71)-ROW(AR$15),0),\n              ROUND(ROUND(OFFSET($P71,0,AR$13),15-13*ORÇAMENTO!$AF$7)*OFFSET(ORÇAMENTO!$W$15,ROW(AR71)-ROW(AR$15),0),15-13*ORÇAMENTO!$AF$11)),\n         0)","v":0},{"$f":"IF(AND($D71=\"Serviço\",AS$12<>0,$H71>0,OR(AUTOEVENTO<>\"manual\",$M71<>$A$15)),\n        IF(Import.TipoArredondamento<>\"TransfereGOV\",\n              ROUND(OFFSET($P71,0,AS$13),15-13*ORÇAMENTO!$AF$7)/$H71*OFFSET(ORÇAMENTO!$X$15,ROW(AS71)-ROW(AS$15),0),\n              ROUND(ROUND(OFFSET($P71,0,AS$13),15-13*ORÇAMENTO!$AF$7)*OFFSET(ORÇAMENTO!$W$15,ROW(AS71)-ROW(AS$15),0),15-13*ORÇAMENTO!$AF$11)),\n         0)","v":0},{"$f":"IF(AND($D71=\"Serviço\",AT$12<>0,$H71>0,OR(AUTOEVENTO<>\"manual\",$M71<>$A$15)),\n        IF(Import.TipoArredondamento<>\"TransfereGOV\",\n              ROUND(OFFSET($P71,0,AT$13),15-13*ORÇAMENTO!$AF$7)/$H71*OFFSET(ORÇAMENTO!$X$15,ROW(AT71)-ROW(AT$15),0),\n              ROUND(ROUND(OFFSET($P71,0,AT$13),15-13*ORÇAMENTO!$AF$7)*OFFSET(ORÇAMENTO!$W$15,ROW(AT71)-ROW(AT$15),0),15-13*ORÇAMENTO!$AF$11)),\n         0)","v":0},{"$f":"IF(AND($D71=\"Serviço\",AU$12<>0,$H71>0,OR(AUTOEVENTO<>\"manual\",$M71<>$A$15)),\n        IF(Import.TipoArredondamento<>\"TransfereGOV\",\n              ROUND(OFFSET($P71,0,AU$13),15-13*ORÇAMENTO!$AF$7)/$H71*OFFSET(ORÇAMENTO!$X$15,ROW(AU71)-ROW(AU$15),0),\n              ROUND(ROUND(OFFSET($P71,0,AU$13),15-13*ORÇAMENTO!$AF$7)*OFFSET(ORÇAMENTO!$W$15,ROW(AU71)-ROW(AU$15),0),15-13*ORÇAMENTO!$AF$11)),\n         0)","v":0},{"$f":"IF(AND($D71=\"Serviço\",AV$12<>0,$H71>0,OR(AUTOEVENTO<>\"manual\",$M71<>$A$15)),\n        IF(Import.TipoArredondamento<>\"TransfereGOV\",\n              ROUND(OFFSET($P71,0,AV$13),15-13*ORÇAMENTO!$AF$7)/$H71*OFFSET(ORÇAMENTO!$X$15,ROW(AV71)-ROW(AV$15),0),\n              ROUND(ROUND(OFFSET($P71,0,AV$13),15-13*ORÇAMENTO!$AF$7)*OFFSET(ORÇAMENTO!$W$15,ROW(AV71)-ROW(AV$15),0),15-13*ORÇAMENTO!$AF$11)),\n         0)","v":0},{"$f":"IF(AND($D71=\"Serviço\",AW$12<>0,$H71>0,OR(AUTOEVENTO<>\"manual\",$M71<>$A$15)),\n        IF(Import.TipoArredondamento<>\"TransfereGOV\",\n              ROUND(OFFSET($P71,0,AW$13),15-13*ORÇAMENTO!$AF$7)/$H71*OFFSET(ORÇAMENTO!$X$15,ROW(AW71)-ROW(AW$15),0),\n              ROUND(ROUND(OFFSET($P71,0,AW$13),15-13*ORÇAMENTO!$AF$7)*OFFSET(ORÇAMENTO!$W$15,ROW(AW71)-ROW(AW$15),0),15-13*ORÇAMENTO!$AF$11)),\n         0)","v":0},{"$f":"IF(AND($D71=\"Serviço\",AX$12<>0,$H71>0,OR(AUTOEVENTO<>\"manual\",$M71<>$A$15)),\n        IF(Import.TipoArredondamento<>\"TransfereGOV\",\n              ROUND(OFFSET($P71,0,AX$13),15-13*ORÇAMENTO!$AF$7)/$H71*OFFSET(ORÇAMENTO!$X$15,ROW(AX71)-ROW(AX$15),0),\n              ROUND(ROUND(OFFSET($P71,0,AX$13),15-13*ORÇAMENTO!$AF$7)*OFFSET(ORÇAMENTO!$W$15,ROW(AX71)-ROW(AX$15),0),15-13*ORÇAMENTO!$AF$11)),\n         0)","v":0},{"$f":"IF(AND($D71=\"Serviço\",AY$12<>0,$H71>0,OR(AUTOEVENTO<>\"manual\",$M71<>$A$15)),\n        IF(Import.TipoArredondamento<>\"TransfereGOV\",\n              ROUND(OFFSET($P71,0,AY$13),15-13*ORÇAMENTO!$AF$7)/$H71*OFFSET(ORÇAMENTO!$X$15,ROW(AY71)-ROW(AY$15),0),\n              ROUND(ROUND(OFFSET($P71,0,AY$13),15-13*ORÇAMENTO!$AF$7)*OFFSET(ORÇAMENTO!$W$15,ROW(AY71)-ROW(AY$15),0),15-13*ORÇAMENTO!$AF$11)),\n         0)","v":0},{"$f":"IF(AND($D71=\"Serviço\",AZ$12<>0,$H71>0,OR(AUTOEVENTO<>\"manual\",$M71<>$A$15)),\n        IF(Import.TipoArredondamento<>\"TransfereGOV\",\n              ROUND(OFFSET($P71,0,AZ$13),15-13*ORÇAMENTO!$AF$7)/$H71*OFFSET(ORÇAMENTO!$X$15,ROW(AZ71)-ROW(AZ$15),0),\n              ROUND(ROUND(OFFSET($P71,0,AZ$13),15-13*ORÇAMENTO!$AF$7)*OFFSET(ORÇAMENTO!$W$15,ROW(AZ71)-ROW(AZ$15),0),15-13*ORÇAMENTO!$AF$11)),\n         0)","v":0},{"$f":"IF(AND($D71=\"Serviço\",BA$12<>0,$H71>0,OR(AUTOEVENTO<>\"manual\",$M71<>$A$15)),\n        IF(Import.TipoArredondamento<>\"TransfereGOV\",\n              ROUND(OFFSET($P71,0,BA$13),15-13*ORÇAMENTO!$AF$7)/$H71*OFFSET(ORÇAMENTO!$X$15,ROW(BA71)-ROW(BA$15),0),\n              ROUND(ROUND(OFFSET($P71,0,BA$13),15-13*ORÇAMENTO!$AF$7)*OFFSET(ORÇAMENTO!$W$15,ROW(BA71)-ROW(BA$15),0),15-13*ORÇAMENTO!$AF$11)),\n         0)","v":0},null,{"$f":"IF(OR($D71<>\"Serviço\",AND(AUTOEVENTO=\"Manual\",$M71=$A$15)),0,\n         IF(OFFSET(CRONOPLE!$F$15,$M71-$A$15,BC$13)=\"\",10^12,OFFSET(CRONOPLE!$F$15,$M71-$A$15,BC$13)))","v":0},{"$f":"IF(OR($D71<>\"Serviço\",AND(AUTOEVENTO=\"Manual\",$M71=$A$15)),0,\n         IF(OFFSET(CRONOPLE!$F$15,$M71-$A$15,BD$13)=\"\",10^12,OFFSET(CRONOPLE!$F$15,$M71-$A$15,BD$13)))","v":0},{"$f":"IF(OR($D71<>\"Serviço\",AND(AUTOEVENTO=\"Manual\",$M71=$A$15)),0,\n         IF(OFFSET(CRONOPLE!$F$15,$M71-$A$15,BE$13)=\"\",10^12,OFFSET(CRONOPLE!$F$15,$M71-$A$15,BE$13)))","v":0},{"$f":"IF(OR($D71<>\"Serviço\",AND(AUTOEVENTO=\"Manual\",$M71=$A$15)),0,\n         IF(OFFSET(CRONOPLE!$F$15,$M71-$A$15,BF$13)=\"\",10^12,OFFSET(CRONOPLE!$F$15,$M71-$A$15,BF$13)))","v":0},{"$f":"IF(OR($D71<>\"Serviço\",AND(AUTOEVENTO=\"Manual\",$M71=$A$15)),0,\n         IF(OFFSET(CRONOPLE!$F$15,$M71-$A$15,BG$13)=\"\",10^12,OFFSET(CRONOPLE!$F$15,$M71-$A$15,BG$13)))","v":0},{"$f":"IF(OR($D71<>\"Serviço\",AND(AUTOEVENTO=\"Manual\",$M71=$A$15)),0,\n         IF(OFFSET(CRONOPLE!$F$15,$M71-$A$15,BH$13)=\"\",10^12,OFFSET(CRONOPLE!$F$15,$M71-$A$15,BH$13)))","v":0},{"$f":"IF(OR($D71<>\"Serviço\",AND(AUTOEVENTO=\"Manual\",$M71=$A$15)),0,\n         IF(OFFSET(CRONOPLE!$F$15,$M71-$A$15,BI$13)=\"\",10^12,OFFSET(CRONOPLE!$F$15,$M71-$A$15,BI$13)))","v":0},{"$f":"IF(OR($D71<>\"Serviço\",AND(AUTOEVENTO=\"Manual\",$M71=$A$15)),0,\n         IF(OFFSET(CRONOPLE!$F$15,$M71-$A$15,BJ$13)=\"\",10^12,OFFSET(CRONOPLE!$F$15,$M71-$A$15,BJ$13)))","v":0},{"$f":"IF(OR($D71<>\"Serviço\",AND(AUTOEVENTO=\"Manual\",$M71=$A$15)),0,\n         IF(OFFSET(CRONOPLE!$F$15,$M71-$A$15,BK$13)=\"\",10^12,OFFSET(CRONOPLE!$F$15,$M71-$A$15,BK$13)))","v":0},{"$f":"IF(OR($D71<>\"Serviço\",AND(AUTOEVENTO=\"Manual\",$M71=$A$15)),0,\n         IF(OFFSET(CRONOPLE!$F$15,$M71-$A$15,BL$13)=\"\",10^12,OFFSET(CRONOPLE!$F$15,$M71-$A$15,BL$13)))","v":0},{"$f":"IF(OR($D71<>\"Serviço\",AND(AUTOEVENTO=\"Manual\",$M71=$A$15)),0,\n         IF(OFFSET(CRONOPLE!$F$15,$M71-$A$15,BM$13)=\"\",10^12,OFFSET(CRONOPLE!$F$15,$M71-$A$15,BM$13)))","v":0},{"$f":"IF(OR($D71<>\"Serviço\",AND(AUTOEVENTO=\"Manual\",$M71=$A$15)),0,\n         IF(OFFSET(CRONOPLE!$F$15,$M71-$A$15,BN$13)=\"\",10^12,OFFSET(CRONOPLE!$F$15,$M71-$A$15,BN$13)))","v":0},{"$f":"IF(OR($D71<>\"Serviço\",AND(AUTOEVENTO=\"Manual\",$M71=$A$15)),0,\n         IF(OFFSET(CRONOPLE!$F$15,$M71-$A$15,BO$13)=\"\",10^12,OFFSET(CRONOPLE!$F$15,$M71-$A$15,BO$13)))","v":0},{"$f":"IF(OR($D71<>\"Serviço\",AND(AUTOEVENTO=\"Manual\",$M71=$A$15)),0,\n         IF(OFFSET(CRONOPLE!$F$15,$M71-$A$15,BP$13)=\"\",10^12,OFFSET(CRONOPLE!$F$15,$M71-$A$15,BP$13)))","v":0},{"$f":"IF(OR($D71<>\"Serviço\",AND(AUTOEVENTO=\"Manual\",$M71=$A$15)),0,\n         IF(OFFSET(CRONOPLE!$F$15,$M71-$A$15,BQ$13)=\"\",10^12,OFFSET(CRONOPLE!$F$15,$M71-$A$15,BQ$13)))","v":0},{"$f":"IF(OR($D71<>\"Serviço\",AND(AUTOEVENTO=\"Manual\",$M71=$A$15)),0,\n         IF(OFFSET(CRONOPLE!$F$15,$M71-$A$15,BR$13)=\"\",10^12,OFFSET(CRONOPLE!$F$15,$M71-$A$15,BR$13)))","v":0},{"$f":"IF(OR($D71<>\"Serviço\",AND(AUTOEVENTO=\"Manual\",$M71=$A$15)),0,\n         IF(OFFSET(CRONOPLE!$F$15,$M71-$A$15,BS$13)=\"\",10^12,OFFSET(CRONOPLE!$F$15,$M71-$A$15,BS$13)))","v":0},{"$f":"IF(OR($D71<>\"Serviço\",AND(AUTOEVENTO=\"Manual\",$M71=$A$15)),0,\n         IF(OFFSET(CRONOPLE!$F$15,$M71-$A$15,BT$13)=\"\",10^12,OFFSET(CRONOPLE!$F$15,$M71-$A$15,BT$13)))","v":0},null,{"$f":"IF(OR($D71<>\"Serviço\",AND(AUTOEVENTO=\"Manual\",$M71=$A$15),$M71>(ROW(PLE.lastrow)-ROW(PLE.firstrow))),0,\n           IF(OFFSET(PLE!$G$15,$M71-$A$15,BV$13)=\"\",10^12,OFFSET(PLE!$G$15,$M71-$A$15,BV$13)))","v":0},{"$f":"IF(OR($D71<>\"Serviço\",AND(AUTOEVENTO=\"Manual\",$M71=$A$15),$M71>(ROW(PLE.lastrow)-ROW(PLE.firstrow))),0,\n           IF(OFFSET(PLE!$G$15,$M71-$A$15,BW$13)=\"\",10^12,OFFSET(PLE!$G$15,$M71-$A$15,BW$13)))","v":0},{"$f":"IF(OR($D71<>\"Serviço\",AND(AUTOEVENTO=\"Manual\",$M71=$A$15),$M71>(ROW(PLE.lastrow)-ROW(PLE.firstrow))),0,\n           IF(OFFSET(PLE!$G$15,$M71-$A$15,BX$13)=\"\",10^12,OFFSET(PLE!$G$15,$M71-$A$15,BX$13)))","v":0},{"$f":"IF(OR($D71<>\"Serviço\",AND(AUTOEVENTO=\"Manual\",$M71=$A$15),$M71>(ROW(PLE.lastrow)-ROW(PLE.firstrow))),0,\n           IF(OFFSET(PLE!$G$15,$M71-$A$15,BY$13)=\"\",10^12,OFFSET(PLE!$G$15,$M71-$A$15,BY$13)))","v":0},{"$f":"IF(OR($D71<>\"Serviço\",AND(AUTOEVENTO=\"Manual\",$M71=$A$15),$M71>(ROW(PLE.lastrow)-ROW(PLE.firstrow))),0,\n           IF(OFFSET(PLE!$G$15,$M71-$A$15,BZ$13)=\"\",10^12,OFFSET(PLE!$G$15,$M71-$A$15,BZ$13)))","v":0},{"$f":"IF(OR($D71<>\"Serviço\",AND(AUTOEVENTO=\"Manual\",$M71=$A$15),$M71>(ROW(PLE.lastrow)-ROW(PLE.firstrow))),0,\n           IF(OFFSET(PLE!$G$15,$M71-$A$15,CA$13)=\"\",10^12,OFFSET(PLE!$G$15,$M71-$A$15,CA$13)))","v":0},{"$f":"IF(OR($D71<>\"Serviço\",AND(AUTOEVENTO=\"Manual\",$M71=$A$15),$M71>(ROW(PLE.lastrow)-ROW(PLE.firstrow))),0,\n           IF(OFFSET(PLE!$G$15,$M71-$A$15,CB$13)=\"\",10^12,OFFSET(PLE!$G$15,$M71-$A$15,CB$13)))","v":0},{"$f":"IF(OR($D71<>\"Serviço\",AND(AUTOEVENTO=\"Manual\",$M71=$A$15),$M71>(ROW(PLE.lastrow)-ROW(PLE.firstrow))),0,\n           IF(OFFSET(PLE!$G$15,$M71-$A$15,CC$13)=\"\",10^12,OFFSET(PLE!$G$15,$M71-$A$15,CC$13)))","v":0},{"$f":"IF(OR($D71<>\"Serviço\",AND(AUTOEVENTO=\"Manual\",$M71=$A$15),$M71>(ROW(PLE.lastrow)-ROW(PLE.firstrow))),0,\n           IF(OFFSET(PLE!$G$15,$M71-$A$15,CD$13)=\"\",10^12,OFFSET(PLE!$G$15,$M71-$A$15,CD$13)))","v":0},{"$f":"IF(OR($D71<>\"Serviço\",AND(AUTOEVENTO=\"Manual\",$M71=$A$15),$M71>(ROW(PLE.lastrow)-ROW(PLE.firstrow))),0,\n           IF(OFFSET(PLE!$G$15,$M71-$A$15,CE$13)=\"\",10^12,OFFSET(PLE!$G$15,$M71-$A$15,CE$13)))","v":0},{"$f":"IF(OR($D71<>\"Serviço\",AND(AUTOEVENTO=\"Manual\",$M71=$A$15),$M71>(ROW(PLE.lastrow)-ROW(PLE.firstrow))),0,\n           IF(OFFSET(PLE!$G$15,$M71-$A$15,CF$13)=\"\",10^12,OFFSET(PLE!$G$15,$M71-$A$15,CF$13)))","v":0},{"$f":"IF(OR($D71<>\"Serviço\",AND(AUTOEVENTO=\"Manual\",$M71=$A$15),$M71>(ROW(PLE.lastrow)-ROW(PLE.firstrow))),0,\n           IF(OFFSET(PLE!$G$15,$M71-$A$15,CG$13)=\"\",10^12,OFFSET(PLE!$G$15,$M71-$A$15,CG$13)))","v":0},{"$f":"IF(OR($D71<>\"Serviço\",AND(AUTOEVENTO=\"Manual\",$M71=$A$15),$M71>(ROW(PLE.lastrow)-ROW(PLE.firstrow))),0,\n           IF(OFFSET(PLE!$G$15,$M71-$A$15,CH$13)=\"\",10^12,OFFSET(PLE!$G$15,$M71-$A$15,CH$13)))","v":0},{"$f":"IF(OR($D71<>\"Serviço\",AND(AUTOEVENTO=\"Manual\",$M71=$A$15),$M71>(ROW(PLE.lastrow)-ROW(PLE.firstrow))),0,\n           IF(OFFSET(PLE!$G$15,$M71-$A$15,CI$13)=\"\",10^12,OFFSET(PLE!$G$15,$M71-$A$15,CI$13)))","v":0},{"$f":"IF(OR($D71<>\"Serviço\",AND(AUTOEVENTO=\"Manual\",$M71=$A$15),$M71>(ROW(PLE.lastrow)-ROW(PLE.firstrow))),0,\n           IF(OFFSET(PLE!$G$15,$M71-$A$15,CJ$13)=\"\",10^12,OFFSET(PLE!$G$15,$M71-$A$15,CJ$13)))","v":0},{"$f":"IF(OR($D71<>\"Serviço\",AND(AUTOEVENTO=\"Manual\",$M71=$A$15),$M71>(ROW(PLE.lastrow)-ROW(PLE.firstrow))),0,\n           IF(OFFSET(PLE!$G$15,$M71-$A$15,CK$13)=\"\",10^12,OFFSET(PLE!$G$15,$M71-$A$15,CK$13)))","v":0},{"$f":"IF(OR($D71<>\"Serviço\",AND(AUTOEVENTO=\"Manual\",$M71=$A$15),$M71>(ROW(PLE.lastrow)-ROW(PLE.firstrow))),0,\n           IF(OFFSET(PLE!$G$15,$M71-$A$15,CL$13)=\"\",10^12,OFFSET(PLE!$G$15,$M71-$A$15,CL$13)))","v":0},{"$f":"IF(OR($D71<>\"Serviço\",AND(AUTOEVENTO=\"Manual\",$M71=$A$15),$M71>(ROW(PLE.lastrow)-ROW(PLE.firstrow))),0,\n           IF(OFFSET(PLE!$G$15,$M71-$A$15,CM$13)=\"\",10^12,OFFSET(PLE!$G$15,$M71-$A$15,CM$13)))","v":0}]
[3,{"$f":"OFFSET(ORÇAMENTO!C$15,ROW(B72)-ROW(B$15),0)","v":"S"},{"$f":"OFFSET(ORÇAMENTO!L$15,ROW(C72)-ROW(C$15),0)","v":"F"},{"$f":"OFFSET(ORÇAMENTO!N$15,ROW(D72)-ROW(D$15),0)","v":"Serviço"},{"$f":"OFFSET(ORÇAMENTO!O$15,ROW(E72)-ROW(E$15),0)","v":"1.6.1."},{"$f":"OFFSET(ORÇAMENTO!R$15,ROW(F72)-ROW(F$15),0)","v":"REGULARIZAÇÃO E COMPACTAÇÃO DE SUBLEITO DE SOLO PREDOMINANTEMENTE ARENOSO, PARA OBRAS DE CONSTRUÇÃO DE PAVIMENTOS. AF_09/2024"},{"$f":"IF($D72<>\"Serviço\",\"\",OFFSET(ORÇAMENTO!S$15,ROW(G72)-ROW(G$15),0))","v":"M2"},{"$f":"IF($D72<>\"Serviço\",0,IF(ACOMPANHAMENTO=\"BM\",ROUND(OFFSET(ORÇAMENTO!AJ$15,ROW(H72)-ROW(H$15),0),15-13*ORÇAMENTO!$AF$7),SUMPRODUCT(($Q$1:$AI$1=1)*ROUND($Q72:$AI72,15-13*ORÇAMENTO!$AF$7))))","v":1829.86},null,{"$f":"IF(B72<>\"S\",\"\",IF(AND(ACOMPANHAMENTO=\"PLE\",AUTOEVENTO=\"Manual\",OR(H72>0,ORÇAMENTO!AC72=\"QUANT.\"),OR(K72=\"\",M72=0,N72=\"\")),\"►\",IF(AND(ACOMPANHAMENTO=\"PLE\",ORÇAMENTO!AC72=\"QUANT.\"),\"►►\",IF(AND(COUNTIF($P$11:$AI$11,\"▼\")=0,H72>0,I72=\"\"),\"◄\",\"\"))))","v":"◄"},"3. IMPLANTAÇÃO ASFÁLTICA",".",{"$f":"IF($D72<>\"Serviço\",\"\",\n          IF(AUTOEVENTO=\"manual\",$A72,\n                IF(ISERROR(MATCH($A72,$A$15:OFFSET($A72,-1,0),0)),MAX($M$15:OFFSET(M72,-1,0))+1,\n                      INDEX($M$15:OFFSET(M72,-1,0),MATCH($A72,$A$15:OFFSET($A72,-1,0),0)))))","v":3},{"$f":"IF($D72<>\"Serviço\",\"\",\n         IF(AUTOEVENTO=\"Manual\",\n                IF($A72=0,\"<-- defina o número do agrupador\",\n                       OFFSET(EVENTOS!$D$15,$A72-$A$15,0)),\n                OFFSET($F$15,$A72,0)))","v":"IMPLANTAÇÃO ASFÁLTICA"},null,null,849.00299999999993,null,null,null,null,null,null,null,null,null,null,null,null,null,null,null,null,null,null,{"$f":"IF(AND($D72=\"Serviço\",AJ$12<>0,$H72>0,OR(AUTOEVENTO<>\"manual\",$M72<>$A$15)),\n        IF(Import.TipoArredondamento<>\"TransfereGOV\",\n              ROUND(OFFSET($P72,0,AJ$13),15-13*ORÇAMENTO!$AF$7)/$H72*OFFSET(ORÇAMENTO!$X$15,ROW(AJ72)-ROW(AJ$15),0),\n              ROUND(ROUND(OFFSET($P72,0,AJ$13),15-13*ORÇAMENTO!$AF$7)*OFFSET(ORÇAMENTO!$W$15,ROW(AJ72)-ROW(AJ$15),0),15-13*ORÇAMENTO!$AF$11)),\n         0)","v":0},{"$f":"IF(AND($D72=\"Serviço\",AK$12<>0,$H72>0,OR(AUTOEVENTO<>\"manual\",$M72<>$A$15)),\n        IF(Import.TipoArredondamento<>\"TransfereGOV\",\n              ROUND(OFFSET($P72,0,AK$13),15-13*ORÇAMENTO!$AF$7)/$H72*OFFSET(ORÇAMENTO!$X$15,ROW(AK72)-ROW(AK$15),0),\n              ROUND(ROUND(OFFSET($P72,0,AK$13),15-13*ORÇAMENTO!$AF$7)*OFFSET(ORÇAMENTO!$W$15,ROW(AK72)-ROW(AK$15),0),15-13*ORÇAMENTO!$AF$11)),\n         0)","v":0},{"$f":"IF(AND($D72=\"Serviço\",AL$12<>0,$H72>0,OR(AUTOEVENTO<>\"manual\",$M72<>$A$15)),\n        IF(Import.TipoArredondamento<>\"TransfereGOV\",\n              ROUND(OFFSET($P72,0,AL$13),15-13*ORÇAMENTO!$AF$7)/$H72*OFFSET(ORÇAMENTO!$X$15,ROW(AL72)-ROW(AL$15),0),\n              ROUND(ROUND(OFFSET($P72,0,AL$13),15-13*ORÇAMENTO!$AF$7)*OFFSET(ORÇAMENTO!$W$15,ROW(AL72)-ROW(AL$15),0),15-13*ORÇAMENTO!$AF$11)),\n         0)","v":0},{"$f":"IF(AND($D72=\"Serviço\",AM$12<>0,$H72>0,OR(AUTOEVENTO<>\"manual\",$M72<>$A$15)),\n        IF(Import.TipoArredondamento<>\"TransfereGOV\",\n              ROUND(OFFSET($P72,0,AM$13),15-13*ORÇAMENTO!$AF$7)/$H72*OFFSET(ORÇAMENTO!$X$15,ROW(AM72)-ROW(AM$15),0),\n              ROUND(ROUND(OFFSET($P72,0,AM$13),15-13*ORÇAMENTO!$AF$7)*OFFSET(ORÇAMENTO!$W$15,ROW(AM72)-ROW(AM$15),0),15-13*ORÇAMENTO!$AF$11)),\n         0)","v":0},{"$f":"IF(AND($D72=\"Serviço\",AN$12<>0,$H72>0,OR(AUTOEVENTO<>\"manual\",$M72<>$A$15)),\n        IF(Import.TipoArredondamento<>\"TransfereGOV\",\n              ROUND(OFFSET($P72,0,AN$13),15-13*ORÇAMENTO!$AF$7)/$H72*OFFSET(ORÇAMENTO!$X$15,ROW(AN72)-ROW(AN$15),0),\n              ROUND(ROUND(OFFSET($P72,0,AN$13),15-13*ORÇAMENTO!$AF$7)*OFFSET(ORÇAMENTO!$W$15,ROW(AN72)-ROW(AN$15),0),15-13*ORÇAMENTO!$AF$11)),\n         0)","v":0},{"$f":"IF(AND($D72=\"Serviço\",AO$12<>0,$H72>0,OR(AUTOEVENTO<>\"manual\",$M72<>$A$15)),\n        IF(Import.TipoArredondamento<>\"TransfereGOV\",\n              ROUND(OFFSET($P72,0,AO$13),15-13*ORÇAMENTO!$AF$7)/$H72*OFFSET(ORÇAMENTO!$X$15,ROW(AO72)-ROW(AO$15),0),\n              ROUND(ROUND(OFFSET($P72,0,AO$13),15-13*ORÇAMENTO!$AF$7)*OFFSET(ORÇAMENTO!$W$15,ROW(AO72)-ROW(AO$15),0),15-13*ORÇAMENTO!$AF$11)),\n         0)","v":0},{"$f":"IF(AND($D72=\"Serviço\",AP$12<>0,$H72>0,OR(AUTOEVENTO<>\"manual\",$M72<>$A$15)),\n        IF(Import.TipoArredondamento<>\"TransfereGOV\",\n              ROUND(OFFSET($P72,0,AP$13),15-13*ORÇAMENTO!$AF$7)/$H72*OFFSET(ORÇAMENTO!$X$15,ROW(AP72)-ROW(AP$15),0),\n              ROUND(ROUND(OFFSET($P72,0,AP$13),15-13*ORÇAMENTO!$AF$7)*OFFSET(ORÇAMENTO!$W$15,ROW(AP72)-ROW(AP$15),0),15-13*ORÇAMENTO!$AF$11)),\n         0)","v":0},{"$f":"IF(AND($D72=\"Serviço\",AQ$12<>0,$H72>0,OR(AUTOEVENTO<>\"manual\",$M72<>$A$15)),\n        IF(Import.TipoArredondamento<>\"TransfereGOV\",\n              ROUND(OFFSET($P72,0,AQ$13),15-13*ORÇAMENTO!$AF$7)/$H72*OFFSET(ORÇAMENTO!$X$15,ROW(AQ72)-ROW(AQ$15),0),\n              ROUND(ROUND(OFFSET($P72,0,AQ$13),15-13*ORÇAMENTO!$AF$7)*OFFSET(ORÇAMENTO!$W$15,ROW(AQ72)-ROW(AQ$15),0),15-13*ORÇAMENTO!$AF$11)),\n         0)","v":0},{"$f":"IF(AND($D72=\"Serviço\",AR$12<>0,$H72>0,OR(AUTOEVENTO<>\"manual\",$M72<>$A$15)),\n        IF(Import.TipoArredondamento<>\"TransfereGOV\",\n              ROUND(OFFSET($P72,0,AR$13),15-13*ORÇAMENTO!$AF$7)/$H72*OFFSET(ORÇAMENTO!$X$15,ROW(AR72)-ROW(AR$15),0),\n              ROUND(ROUND(OFFSET($P72,0,AR$13),15-13*ORÇAMENTO!$AF$7)*OFFSET(ORÇAMENTO!$W$15,ROW(AR72)-ROW(AR$15),0),15-13*ORÇAMENTO!$AF$11)),\n         0)","v":0},{"$f":"IF(AND($D72=\"Serviço\",AS$12<>0,$H72>0,OR(AUTOEVENTO<>\"manual\",$M72<>$A$15)),\n        IF(Import.TipoArredondamento<>\"TransfereGOV\",\n              ROUND(OFFSET($P72,0,AS$13),15-13*ORÇAMENTO!$AF$7)/$H72*OFFSET(ORÇAMENTO!$X$15,ROW(AS72)-ROW(AS$15),0),\n              ROUND(ROUND(OFFSET($P72,0,AS$13),15-13*ORÇAMENTO!$AF$7)*OFFSET(ORÇAMENTO!$W$15,ROW(AS72)-ROW(AS$15),0),15-13*ORÇAMENTO!$AF$11)),\n         0)","v":0},{"$f":"IF(AND($D72=\"Serviço\",AT$12<>0,$H72>0,OR(AUTOEVENTO<>\"manual\",$M72<>$A$15)),\n        IF(Import.TipoArredondamento<>\"TransfereGOV\",\n              ROUND(OFFSET($P72,0,AT$13),15-13*ORÇAMENTO!$AF$7)/$H72*OFFSET(ORÇAMENTO!$X$15,ROW(AT72)-ROW(AT$15),0),\n              ROUND(ROUND(OFFSET($P72,0,AT$13),15-13*ORÇAMENTO!$AF$7)*OFFSET(ORÇAMENTO!$W$15,ROW(AT72)-ROW(AT$15),0),15-13*ORÇAMENTO!$AF$11)),\n         0)","v":0},{"$f":"IF(AND($D72=\"Serviço\",AU$12<>0,$H72>0,OR(AUTOEVENTO<>\"manual\",$M72<>$A$15)),\n        IF(Import.TipoArredondamento<>\"TransfereGOV\",\n              ROUND(OFFSET($P72,0,AU$13),15-13*ORÇAMENTO!$AF$7)/$H72*OFFSET(ORÇAMENTO!$X$15,ROW(AU72)-ROW(AU$15),0),\n              ROUND(ROUND(OFFSET($P72,0,AU$13),15-13*ORÇAMENTO!$AF$7)*OFFSET(ORÇAMENTO!$W$15,ROW(AU72)-ROW(AU$15),0),15-13*ORÇAMENTO!$AF$11)),\n         0)","v":0},{"$f":"IF(AND($D72=\"Serviço\",AV$12<>0,$H72>0,OR(AUTOEVENTO<>\"manual\",$M72<>$A$15)),\n        IF(Import.TipoArredondamento<>\"TransfereGOV\",\n              ROUND(OFFSET($P72,0,AV$13),15-13*ORÇAMENTO!$AF$7)/$H72*OFFSET(ORÇAMENTO!$X$15,ROW(AV72)-ROW(AV$15),0),\n              ROUND(ROUND(OFFSET($P72,0,AV$13),15-13*ORÇAMENTO!$AF$7)*OFFSET(ORÇAMENTO!$W$15,ROW(AV72)-ROW(AV$15),0),15-13*ORÇAMENTO!$AF$11)),\n         0)","v":0},{"$f":"IF(AND($D72=\"Serviço\",AW$12<>0,$H72>0,OR(AUTOEVENTO<>\"manual\",$M72<>$A$15)),\n        IF(Import.TipoArredondamento<>\"TransfereGOV\",\n              ROUND(OFFSET($P72,0,AW$13),15-13*ORÇAMENTO!$AF$7)/$H72*OFFSET(ORÇAMENTO!$X$15,ROW(AW72)-ROW(AW$15),0),\n              ROUND(ROUND(OFFSET($P72,0,AW$13),15-13*ORÇAMENTO!$AF$7)*OFFSET(ORÇAMENTO!$W$15,ROW(AW72)-ROW(AW$15),0),15-13*ORÇAMENTO!$AF$11)),\n         0)","v":0},{"$f":"IF(AND($D72=\"Serviço\",AX$12<>0,$H72>0,OR(AUTOEVENTO<>\"manual\",$M72<>$A$15)),\n        IF(Import.TipoArredondamento<>\"TransfereGOV\",\n              ROUND(OFFSET($P72,0,AX$13),15-13*ORÇAMENTO!$AF$7)/$H72*OFFSET(ORÇAMENTO!$X$15,ROW(AX72)-ROW(AX$15),0),\n              ROUND(ROUND(OFFSET($P72,0,AX$13),15-13*ORÇAMENTO!$AF$7)*OFFSET(ORÇAMENTO!$W$15,ROW(AX72)-ROW(AX$15),0),15-13*ORÇAMENTO!$AF$11)),\n         0)","v":0},{"$f":"IF(AND($D72=\"Serviço\",AY$12<>0,$H72>0,OR(AUTOEVENTO<>\"manual\",$M72<>$A$15)),\n        IF(Import.TipoArredondamento<>\"TransfereGOV\",\n              ROUND(OFFSET($P72,0,AY$13),15-13*ORÇAMENTO!$AF$7)/$H72*OFFSET(ORÇAMENTO!$X$15,ROW(AY72)-ROW(AY$15),0),\n              ROUND(ROUND(OFFSET($P72,0,AY$13),15-13*ORÇAMENTO!$AF$7)*OFFSET(ORÇAMENTO!$W$15,ROW(AY72)-ROW(AY$15),0),15-13*ORÇAMENTO!$AF$11)),\n         0)","v":0},{"$f":"IF(AND($D72=\"Serviço\",AZ$12<>0,$H72>0,OR(AUTOEVENTO<>\"manual\",$M72<>$A$15)),\n        IF(Import.TipoArredondamento<>\"TransfereGOV\",\n              ROUND(OFFSET($P72,0,AZ$13),15-13*ORÇAMENTO!$AF$7)/$H72*OFFSET(ORÇAMENTO!$X$15,ROW(AZ72)-ROW(AZ$15),0),\n              ROUND(ROUND(OFFSET($P72,0,AZ$13),15-13*ORÇAMENTO!$AF$7)*OFFSET(ORÇAMENTO!$W$15,ROW(AZ72)-ROW(AZ$15),0),15-13*ORÇAMENTO!$AF$11)),\n         0)","v":0},{"$f":"IF(AND($D72=\"Serviço\",BA$12<>0,$H72>0,OR(AUTOEVENTO<>\"manual\",$M72<>$A$15)),\n        IF(Import.TipoArredondamento<>\"TransfereGOV\",\n              ROUND(OFFSET($P72,0,BA$13),15-13*ORÇAMENTO!$AF$7)/$H72*OFFSET(ORÇAMENTO!$X$15,ROW(BA72)-ROW(BA$15),0),\n              ROUND(ROUND(OFFSET($P72,0,BA$13),15-13*ORÇAMENTO!$AF$7)*OFFSET(ORÇAMENTO!$W$15,ROW(BA72)-ROW(BA$15),0),15-13*ORÇAMENTO!$AF$11)),\n         0)","v":0},null,{"$f":"IF(OR($D72<>\"Serviço\",AND(AUTOEVENTO=\"Manual\",$M72=$A$15)),0,\n         IF(OFFSET(CRONOPLE!$F$15,$M72-$A$15,BC$13)=\"\",10^12,OFFSET(CRONOPLE!$F$15,$M72-$A$15,BC$13)))","v":3},{"$f":"IF(OR($D72<>\"Serviço\",AND(AUTOEVENTO=\"Manual\",$M72=$A$15)),0,\n         IF(OFFSET(CRONOPLE!$F$15,$M72-$A$15,BD$13)=\"\",10^12,OFFSET(CRONOPLE!$F$15,$M72-$A$15,BD$13)))","v":2},{"$f":"IF(OR($D72<>\"Serviço\",AND(AUTOEVENTO=\"Manual\",$M72=$A$15)),0,\n         IF(OFFSET(CRONOPLE!$F$15,$M72-$A$15,BE$13)=\"\",10^12,OFFSET(CRONOPLE!$F$15,$M72-$A$15,BE$13)))","v":3},{"$f":"IF(OR($D72<>\"Serviço\",AND(AUTOEVENTO=\"Manual\",$M72=$A$15)),0,\n         IF(OFFSET(CRONOPLE!$F$15,$M72-$A$15,BF$13)=\"\",10^12,OFFSET(CRONOPLE!$F$15,$M72-$A$15,BF$13)))","v":1000000000000},{"$f":"IF(OR($D72<>\"Serviço\",AND(AUTOEVENTO=\"Manual\",$M72=$A$15)),0,\n         IF(OFFSET(CRONOPLE!$F$15,$M72-$A$15,BG$13)=\"\",10^12,OFFSET(CRONOPLE!$F$15,$M72-$A$15,BG$13)))","v":1000000000000},{"$f":"IF(OR($D72<>\"Serviço\",AND(AUTOEVENTO=\"Manual\",$M72=$A$15)),0,\n         IF(OFFSET(CRONOPLE!$F$15,$M72-$A$15,BH$13)=\"\",10^12,OFFSET(CRONOPLE!$F$15,$M72-$A$15,BH$13)))","v":1000000000000},{"$f":"IF(OR($D72<>\"Serviço\",AND(AUTOEVENTO=\"Manual\",$M72=$A$15)),0,\n         IF(OFFSET(CRONOPLE!$F$15,$M72-$A$15,BI$13)=\"\",10^12,OFFSET(CRONOPLE!$F$15,$M72-$A$15,BI$13)))","v":1000000000000},{"$f":"IF(OR($D72<>\"Serviço\",AND(AUTOEVENTO=\"Manual\",$M72=$A$15)),0,\n         IF(OFFSET(CRONOPLE!$F$15,$M72-$A$15,BJ$13)=\"\",10^12,OFFSET(CRONOPLE!$F$15,$M72-$A$15,BJ$13)))","v":1000000000000},{"$f":"IF(OR($D72<>\"Serviço\",AND(AUTOEVENTO=\"Manual\",$M72=$A$15)),0,\n         IF(OFFSET(CRONOPLE!$F$15,$M72-$A$15,BK$13)=\"\",10^12,OFFSET(CRONOPLE!$F$15,$M72-$A$15,BK$13)))","v":1000000000000},{"$f":"IF(OR($D72<>\"Serviço\",AND(AUTOEVENTO=\"Manual\",$M72=$A$15)),0,\n         IF(OFFSET(CRONOPLE!$F$15,$M72-$A$15,BL$13)=\"\",10^12,OFFSET(CRONOPLE!$F$15,$M72-$A$15,BL$13)))","v":1000000000000},{"$f":"IF(OR($D72<>\"Serviço\",AND(AUTOEVENTO=\"Manual\",$M72=$A$15)),0,\n         IF(OFFSET(CRONOPLE!$F$15,$M72-$A$15,BM$13)=\"\",10^12,OFFSET(CRONOPLE!$F$15,$M72-$A$15,BM$13)))","v":1000000000000},{"$f":"IF(OR($D72<>\"Serviço\",AND(AUTOEVENTO=\"Manual\",$M72=$A$15)),0,\n         IF(OFFSET(CRONOPLE!$F$15,$M72-$A$15,BN$13)=\"\",10^12,OFFSET(CRONOPLE!$F$15,$M72-$A$15,BN$13)))","v":1000000000000},{"$f":"IF(OR($D72<>\"Serviço\",AND(AUTOEVENTO=\"Manual\",$M72=$A$15)),0,\n         IF(OFFSET(CRONOPLE!$F$15,$M72-$A$15,BO$13)=\"\",10^12,OFFSET(CRONOPLE!$F$15,$M72-$A$15,BO$13)))","v":1000000000000},{"$f":"IF(OR($D72<>\"Serviço\",AND(AUTOEVENTO=\"Manual\",$M72=$A$15)),0,\n         IF(OFFSET(CRONOPLE!$F$15,$M72-$A$15,BP$13)=\"\",10^12,OFFSET(CRONOPLE!$F$15,$M72-$A$15,BP$13)))","v":1000000000000},{"$f":"IF(OR($D72<>\"Serviço\",AND(AUTOEVENTO=\"Manual\",$M72=$A$15)),0,\n         IF(OFFSET(CRONOPLE!$F$15,$M72-$A$15,BQ$13)=\"\",10^12,OFFSET(CRONOPLE!$F$15,$M72-$A$15,BQ$13)))","v":1000000000000},{"$f":"IF(OR($D72<>\"Serviço\",AND(AUTOEVENTO=\"Manual\",$M72=$A$15)),0,\n         IF(OFFSET(CRONOPLE!$F$15,$M72-$A$15,BR$13)=\"\",10^12,OFFSET(CRONOPLE!$F$15,$M72-$A$15,BR$13)))","v":1000000000000},{"$f":"IF(OR($D72<>\"Serviço\",AND(AUTOEVENTO=\"Manual\",$M72=$A$15)),0,\n         IF(OFFSET(CRONOPLE!$F$15,$M72-$A$15,BS$13)=\"\",10^12,OFFSET(CRONOPLE!$F$15,$M72-$A$15,BS$13)))","v":1000000000000},{"$f":"IF(OR($D72<>\"Serviço\",AND(AUTOEVENTO=\"Manual\",$M72=$A$15)),0,\n         IF(OFFSET(CRONOPLE!$F$15,$M72-$A$15,BT$13)=\"\",10^12,OFFSET(CRONOPLE!$F$15,$M72-$A$15,BT$13)))","v":1000000000000},null,{"$f":"IF(OR($D72<>\"Serviço\",AND(AUTOEVENTO=\"Manual\",$M72=$A$15),$M72>(ROW(PLE.lastrow)-ROW(PLE.firstrow))),0,\n           IF(OFFSET(PLE!$G$15,$M72-$A$15,BV$13)=\"\",10^12,OFFSET(PLE!$G$15,$M72-$A$15,BV$13)))","v":1000000000000},{"$f":"IF(OR($D72<>\"Serviço\",AND(AUTOEVENTO=\"Manual\",$M72=$A$15),$M72>(ROW(PLE.lastrow)-ROW(PLE.firstrow))),0,\n           IF(OFFSET(PLE!$G$15,$M72-$A$15,BW$13)=\"\",10^12,OFFSET(PLE!$G$15,$M72-$A$15,BW$13)))","v":1000000000000},{"$f":"IF(OR($D72<>\"Serviço\",AND(AUTOEVENTO=\"Manual\",$M72=$A$15),$M72>(ROW(PLE.lastrow)-ROW(PLE.firstrow))),0,\n           IF(OFFSET(PLE!$G$15,$M72-$A$15,BX$13)=\"\",10^12,OFFSET(PLE!$G$15,$M72-$A$15,BX$13)))","v":1000000000000},{"$f":"IF(OR($D72<>\"Serviço\",AND(AUTOEVENTO=\"Manual\",$M72=$A$15),$M72>(ROW(PLE.lastrow)-ROW(PLE.firstrow))),0,\n           IF(OFFSET(PLE!$G$15,$M72-$A$15,BY$13)=\"\",10^12,OFFSET(PLE!$G$15,$M72-$A$15,BY$13)))","v":1000000000000},{"$f":"IF(OR($D72<>\"Serviço\",AND(AUTOEVENTO=\"Manual\",$M72=$A$15),$M72>(ROW(PLE.lastrow)-ROW(PLE.firstrow))),0,\n           IF(OFFSET(PLE!$G$15,$M72-$A$15,BZ$13)=\"\",10^12,OFFSET(PLE!$G$15,$M72-$A$15,BZ$13)))","v":1000000000000},{"$f":"IF(OR($D72<>\"Serviço\",AND(AUTOEVENTO=\"Manual\",$M72=$A$15),$M72>(ROW(PLE.lastrow)-ROW(PLE.firstrow))),0,\n           IF(OFFSET(PLE!$G$15,$M72-$A$15,CA$13)=\"\",10^12,OFFSET(PLE!$G$15,$M72-$A$15,CA$13)))","v":1000000000000},{"$f":"IF(OR($D72<>\"Serviço\",AND(AUTOEVENTO=\"Manual\",$M72=$A$15),$M72>(ROW(PLE.lastrow)-ROW(PLE.firstrow))),0,\n           IF(OFFSET(PLE!$G$15,$M72-$A$15,CB$13)=\"\",10^12,OFFSET(PLE!$G$15,$M72-$A$15,CB$13)))","v":1000000000000},{"$f":"IF(OR($D72<>\"Serviço\",AND(AUTOEVENTO=\"Manual\",$M72=$A$15),$M72>(ROW(PLE.lastrow)-ROW(PLE.firstrow))),0,\n           IF(OFFSET(PLE!$G$15,$M72-$A$15,CC$13)=\"\",10^12,OFFSET(PLE!$G$15,$M72-$A$15,CC$13)))","v":1000000000000},{"$f":"IF(OR($D72<>\"Serviço\",AND(AUTOEVENTO=\"Manual\",$M72=$A$15),$M72>(ROW(PLE.lastrow)-ROW(PLE.firstrow))),0,\n           IF(OFFSET(PLE!$G$15,$M72-$A$15,CD$13)=\"\",10^12,OFFSET(PLE!$G$15,$M72-$A$15,CD$13)))","v":1000000000000},{"$f":"IF(OR($D72<>\"Serviço\",AND(AUTOEVENTO=\"Manual\",$M72=$A$15),$M72>(ROW(PLE.lastrow)-ROW(PLE.firstrow))),0,\n           IF(OFFSET(PLE!$G$15,$M72-$A$15,CE$13)=\"\",10^12,OFFSET(PLE!$G$15,$M72-$A$15,CE$13)))","v":1000000000000},{"$f":"IF(OR($D72<>\"Serviço\",AND(AUTOEVENTO=\"Manual\",$M72=$A$15),$M72>(ROW(PLE.lastrow)-ROW(PLE.firstrow))),0,\n           IF(OFFSET(PLE!$G$15,$M72-$A$15,CF$13)=\"\",10^12,OFFSET(PLE!$G$15,$M72-$A$15,CF$13)))","v":1000000000000},{"$f":"IF(OR($D72<>\"Serviço\",AND(AUTOEVENTO=\"Manual\",$M72=$A$15),$M72>(ROW(PLE.lastrow)-ROW(PLE.firstrow))),0,\n           IF(OFFSET(PLE!$G$15,$M72-$A$15,CG$13)=\"\",10^12,OFFSET(PLE!$G$15,$M72-$A$15,CG$13)))","v":1000000000000},{"$f":"IF(OR($D72<>\"Serviço\",AND(AUTOEVENTO=\"Manual\",$M72=$A$15),$M72>(ROW(PLE.lastrow)-ROW(PLE.firstrow))),0,\n           IF(OFFSET(PLE!$G$15,$M72-$A$15,CH$13)=\"\",10^12,OFFSET(PLE!$G$15,$M72-$A$15,CH$13)))","v":1000000000000},{"$f":"IF(OR($D72<>\"Serviço\",AND(AUTOEVENTO=\"Manual\",$M72=$A$15),$M72>(ROW(PLE.lastrow)-ROW(PLE.firstrow))),0,\n           IF(OFFSET(PLE!$G$15,$M72-$A$15,CI$13)=\"\",10^12,OFFSET(PLE!$G$15,$M72-$A$15,CI$13)))","v":1000000000000},{"$f":"IF(OR($D72<>\"Serviço\",AND(AUTOEVENTO=\"Manual\",$M72=$A$15),$M72>(ROW(PLE.lastrow)-ROW(PLE.firstrow))),0,\n           IF(OFFSET(PLE!$G$15,$M72-$A$15,CJ$13)=\"\",10^12,OFFSET(PLE!$G$15,$M72-$A$15,CJ$13)))","v":1000000000000},{"$f":"IF(OR($D72<>\"Serviço\",AND(AUTOEVENTO=\"Manual\",$M72=$A$15),$M72>(ROW(PLE.lastrow)-ROW(PLE.firstrow))),0,\n           IF(OFFSET(PLE!$G$15,$M72-$A$15,CK$13)=\"\",10^12,OFFSET(PLE!$G$15,$M72-$A$15,CK$13)))","v":1000000000000},{"$f":"IF(OR($D72<>\"Serviço\",AND(AUTOEVENTO=\"Manual\",$M72=$A$15),$M72>(ROW(PLE.lastrow)-ROW(PLE.firstrow))),0,\n           IF(OFFSET(PLE!$G$15,$M72-$A$15,CL$13)=\"\",10^12,OFFSET(PLE!$G$15,$M72-$A$15,CL$13)))","v":1000000000000},{"$f":"IF(OR($D72<>\"Serviço\",AND(AUTOEVENTO=\"Manual\",$M72=$A$15),$M72>(ROW(PLE.lastrow)-ROW(PLE.firstrow))),0,\n           IF(OFFSET(PLE!$G$15,$M72-$A$15,CM$13)=\"\",10^12,OFFSET(PLE!$G$15,$M72-$A$15,CM$13)))","v":1000000000000}]
[{"$f":"IF(AUTOEVENTO=\"Manual\",IF(K73<>\"\",MIN(VALUE(LEFT(K73,FIND(\".\",K73)-1)),COUNTA(EVENTOS.Lista)),0),IF(OR($B73>AUTOEVENTO,$B73=\"S\",$B73=0),SUBSTITUTE(OFFSET($A73,-1,0),IF($D73=\"Serviço\",\".\",\"\"),\"\"),ROW(A73)-ROW($A$15)&\".\"))","v":0},{"$f":"OFFSET(ORÇAMENTO!C$15,ROW(B73)-ROW(B$15),0)","v":"S"},{"$f":"OFFSET(ORÇAMENTO!L$15,ROW(C73)-ROW(C$15),0)","v":"F"},{"$f":"OFFSET(ORÇAMENTO!N$15,ROW(D73)-ROW(D$15),0)","v":"Serviço"},{"$f":"OFFSET(ORÇAMENTO!O$15,ROW(E73)-ROW(E$15),0)","v":"1.6.2."},{"$f":"OFFSET(ORÇAMENTO!R$15,ROW(F73)-ROW(F$15),0)","v":"Execução e compactação de base para pavimentação com pedra britada ou bica corrida"},{"$f":"IF($D73<>\"Serviço\",\"\",OFFSET(ORÇAMENTO!S$15,ROW(G73)-ROW(G$15),0))","v":"M3"},{"$f":"IF($D73<>\"Serviço\",0,IF(ACOMPANHAMENTO=\"BM\",ROUND(OFFSET(ORÇAMENTO!AJ$15,ROW(H73)-ROW(H$15),0),15-13*ORÇAMENTO!$AF$7),SUMPRODUCT(($Q$1:$AI$1=1)*ROUND($Q73:$AI73,15-13*ORÇAMENTO!$AF$7))))","v":233.39},null,{"$f":"IF(B73<>\"S\",\"\",IF(AND(ACOMPANHAMENTO=\"PLE\",AUTOEVENTO=\"Manual\",OR(H73>0,ORÇAMENTO!AC73=\"QUANT.\"),OR(K73=\"\",M73=0,N73=\"\")),\"►\",IF(AND(ACOMPANHAMENTO=\"PLE\",ORÇAMENTO!AC73=\"QUANT.\"),\"►►\",IF(AND(COUNTIF($P$11:$AI$11,\"▼\")=0,H73>0,I73=\"\"),\"◄\",\"\"))))","v":"◄"},null,".",{"$f":"IF($D73<>\"Serviço\",\"\",\n          IF(AUTOEVENTO=\"manual\",$A73,\n                IF(ISERROR(MATCH($A73,$A$15:OFFSET($A73,-1,0),0)),MAX($M$15:OFFSET(M73,-1,0))+1,\n                      INDEX($M$15:OFFSET(M73,-1,0),MATCH($A73,$A$15:OFFSET($A73,-1,0),0)))))","v":0},{"$f":"IF($D73<>\"Serviço\",\"\",\n         IF(AUTOEVENTO=\"Manual\",\n                IF($A73=0,\"<-- defina o número do agrupador\",\n                       OFFSET(EVENTOS!$D$15,$A73-$A$15,0)),\n                OFFSET($F$15,$A73,0)))","v":"<-- defina o número do agrupador"},null,null,null,null,null,null,null,null,null,null,null,null,null,null,null,null,null,null,null,null,null,{"$f":"IF(AND($D73=\"Serviço\",AJ$12<>0,$H73>0,OR(AUTOEVENTO<>\"manual\",$M73<>$A$15)),\n        IF(Import.TipoArredondamento<>\"TransfereGOV\",\n              ROUND(OFFSET($P73,0,AJ$13),15-13*ORÇAMENTO!$AF$7)/$H73*OFFSET(ORÇAMENTO!$X$15,ROW(AJ73)-ROW(AJ$15),0),\n              ROUND(ROUND(OFFSET($P73,0,AJ$13),15-13*ORÇAMENTO!$AF$7)*OFFSET(ORÇAMENTO!$W$15,ROW(AJ73)-ROW(AJ$15),0),15-13*ORÇAMENTO!$AF$11)),\n         0)","v":0},{"$f":"IF(AND($D73=\"Serviço\",AK$12<>0,$H73>0,OR(AUTOEVENTO<>\"manual\",$M73<>$A$15)),\n        IF(Import.TipoArredondamento<>\"TransfereGOV\",\n              ROUND(OFFSET($P73,0,AK$13),15-13*ORÇAMENTO!$AF$7)/$H73*OFFSET(ORÇAMENTO!$X$15,ROW(AK73)-ROW(AK$15),0),\n              ROUND(ROUND(OFFSET($P73,0,AK$13),15-13*ORÇAMENTO!$AF$7)*OFFSET(ORÇAMENTO!$W$15,ROW(AK73)-ROW(AK$15),0),15-13*ORÇAMENTO!$AF$11)),\n         0)","v":0},{"$f":"IF(AND($D73=\"Serviço\",AL$12<>0,$H73>0,OR(AUTOEVENTO<>\"manual\",$M73<>$A$15)),\n        IF(Import.TipoArredondamento<>\"TransfereGOV\",\n              ROUND(OFFSET($P73,0,AL$13),15-13*ORÇAMENTO!$AF$7)/$H73*OFFSET(ORÇAMENTO!$X$15,ROW(AL73)-ROW(AL$15),0),\n              ROUND(ROUND(OFFSET($P73,0,AL$13),15-13*ORÇAMENTO!$AF$7)*OFFSET(ORÇAMENTO!$W$15,ROW(AL73)-ROW(AL$15),0),15-13*ORÇAMENTO!$AF$11)),\n         0)","v":0},{"$f":"IF(AND($D73=\"Serviço\",AM$12<>0,$H73>0,OR(AUTOEVENTO<>\"manual\",$M73<>$A$15)),\n        IF(Import.TipoArredondamento<>\"TransfereGOV\",\n              ROUND(OFFSET($P73,0,AM$13),15-13*ORÇAMENTO!$AF$7)/$H73*OFFSET(ORÇAMENTO!$X$15,ROW(AM73)-ROW(AM$15),0),\n              ROUND(ROUND(OFFSET($P73,0,AM$13),15-13*ORÇAMENTO!$AF$7)*OFFSET(ORÇAMENTO!$W$15,ROW(AM73)-ROW(AM$15),0),15-13*ORÇAMENTO!$AF$11)),\n         0)","v":0},{"$f":"IF(AND($D73=\"Serviço\",AN$12<>0,$H73>0,OR(AUTOEVENTO<>\"manual\",$M73<>$A$15)),\n        IF(Import.TipoArredondamento<>\"TransfereGOV\",\n              ROUND(OFFSET($P73,0,AN$13),15-13*ORÇAMENTO!$AF$7)/$H73*OFFSET(ORÇAMENTO!$X$15,ROW(AN73)-ROW(AN$15),0),\n              ROUND(ROUND(OFFSET($P73,0,AN$13),15-13*ORÇAMENTO!$AF$7)*OFFSET(ORÇAMENTO!$W$15,ROW(AN73)-ROW(AN$15),0),15-13*ORÇAMENTO!$AF$11)),\n         0)","v":0},{"$f":"IF(AND($D73=\"Serviço\",AO$12<>0,$H73>0,OR(AUTOEVENTO<>\"manual\",$M73<>$A$15)),\n        IF(Import.TipoArredondamento<>\"TransfereGOV\",\n              ROUND(OFFSET($P73,0,AO$13),15-13*ORÇAMENTO!$AF$7)/$H73*OFFSET(ORÇAMENTO!$X$15,ROW(AO73)-ROW(AO$15),0),\n              ROUND(ROUND(OFFSET($P73,0,AO$13),15-13*ORÇAMENTO!$AF$7)*OFFSET(ORÇAMENTO!$W$15,ROW(AO73)-ROW(AO$15),0),15-13*ORÇAMENTO!$AF$11)),\n         0)","v":0},{"$f":"IF(AND($D73=\"Serviço\",AP$12<>0,$H73>0,OR(AUTOEVENTO<>\"manual\",$M73<>$A$15)),\n        IF(Import.TipoArredondamento<>\"TransfereGOV\",\n              ROUND(OFFSET($P73,0,AP$13),15-13*ORÇAMENTO!$AF$7)/$H73*OFFSET(ORÇAMENTO!$X$15,ROW(AP73)-ROW(AP$15),0),\n              ROUND(ROUND(OFFSET($P73,0,AP$13),15-13*ORÇAMENTO!$AF$7)*OFFSET(ORÇAMENTO!$W$15,ROW(AP73)-ROW(AP$15),0),15-13*ORÇAMENTO!$AF$11)),\n         0)","v":0},{"$f":"IF(AND($D73=\"Serviço\",AQ$12<>0,$H73>0,OR(AUTOEVENTO<>\"manual\",$M73<>$A$15)),\n        IF(Import.TipoArredondamento<>\"TransfereGOV\",\n              ROUND(OFFSET($P73,0,AQ$13),15-13*ORÇAMENTO!$AF$7)/$H73*OFFSET(ORÇAMENTO!$X$15,ROW(AQ73)-ROW(AQ$15),0),\n              ROUND(ROUND(OFFSET($P73,0,AQ$13),15-13*ORÇAMENTO!$AF$7)*OFFSET(ORÇAMENTO!$W$15,ROW(AQ73)-ROW(AQ$15),0),15-13*ORÇAMENTO!$AF$11)),\n         0)","v":0},{"$f":"IF(AND($D73=\"Serviço\",AR$12<>0,$H73>0,OR(AUTOEVENTO<>\"manual\",$M73<>$A$15)),\n        IF(Import.TipoArredondamento<>\"TransfereGOV\",\n              ROUND(OFFSET($P73,0,AR$13),15-13*ORÇAMENTO!$AF$7)/$H73*OFFSET(ORÇAMENTO!$X$15,ROW(AR73)-ROW(AR$15),0),\n              ROUND(ROUND(OFFSET($P73,0,AR$13),15-13*ORÇAMENTO!$AF$7)*OFFSET(ORÇAMENTO!$W$15,ROW(AR73)-ROW(AR$15),0),15-13*ORÇAMENTO!$AF$11)),\n         0)","v":0},{"$f":"IF(AND($D73=\"Serviço\",AS$12<>0,$H73>0,OR(AUTOEVENTO<>\"manual\",$M73<>$A$15)),\n        IF(Import.TipoArredondamento<>\"TransfereGOV\",\n              ROUND(OFFSET($P73,0,AS$13),15-13*ORÇAMENTO!$AF$7)/$H73*OFFSET(ORÇAMENTO!$X$15,ROW(AS73)-ROW(AS$15),0),\n              ROUND(ROUND(OFFSET($P73,0,AS$13),15-13*ORÇAMENTO!$AF$7)*OFFSET(ORÇAMENTO!$W$15,ROW(AS73)-ROW(AS$15),0),15-13*ORÇAMENTO!$AF$11)),\n         0)","v":0},{"$f":"IF(AND($D73=\"Serviço\",AT$12<>0,$H73>0,OR(AUTOEVENTO<>\"manual\",$M73<>$A$15)),\n        IF(Import.TipoArredondamento<>\"TransfereGOV\",\n              ROUND(OFFSET($P73,0,AT$13),15-13*ORÇAMENTO!$AF$7)/$H73*OFFSET(ORÇAMENTO!$X$15,ROW(AT73)-ROW(AT$15),0),\n              ROUND(ROUND(OFFSET($P73,0,AT$13),15-13*ORÇAMENTO!$AF$7)*OFFSET(ORÇAMENTO!$W$15,ROW(AT73)-ROW(AT$15),0),15-13*ORÇAMENTO!$AF$11)),\n         0)","v":0},{"$f":"IF(AND($D73=\"Serviço\",AU$12<>0,$H73>0,OR(AUTOEVENTO<>\"manual\",$M73<>$A$15)),\n        IF(Import.TipoArredondamento<>\"TransfereGOV\",\n              ROUND(OFFSET($P73,0,AU$13),15-13*ORÇAMENTO!$AF$7)/$H73*OFFSET(ORÇAMENTO!$X$15,ROW(AU73)-ROW(AU$15),0),\n              ROUND(ROUND(OFFSET($P73,0,AU$13),15-13*ORÇAMENTO!$AF$7)*OFFSET(ORÇAMENTO!$W$15,ROW(AU73)-ROW(AU$15),0),15-13*ORÇAMENTO!$AF$11)),\n         0)","v":0},{"$f":"IF(AND($D73=\"Serviço\",AV$12<>0,$H73>0,OR(AUTOEVENTO<>\"manual\",$M73<>$A$15)),\n        IF(Import.TipoArredondamento<>\"TransfereGOV\",\n              ROUND(OFFSET($P73,0,AV$13),15-13*ORÇAMENTO!$AF$7)/$H73*OFFSET(ORÇAMENTO!$X$15,ROW(AV73)-ROW(AV$15),0),\n              ROUND(ROUND(OFFSET($P73,0,AV$13),15-13*ORÇAMENTO!$AF$7)*OFFSET(ORÇAMENTO!$W$15,ROW(AV73)-ROW(AV$15),0),15-13*ORÇAMENTO!$AF$11)),\n         0)","v":0},{"$f":"IF(AND($D73=\"Serviço\",AW$12<>0,$H73>0,OR(AUTOEVENTO<>\"manual\",$M73<>$A$15)),\n        IF(Import.TipoArredondamento<>\"TransfereGOV\",\n              ROUND(OFFSET($P73,0,AW$13),15-13*ORÇAMENTO!$AF$7)/$H73*OFFSET(ORÇAMENTO!$X$15,ROW(AW73)-ROW(AW$15),0),\n              ROUND(ROUND(OFFSET($P73,0,AW$13),15-13*ORÇAMENTO!$AF$7)*OFFSET(ORÇAMENTO!$W$15,ROW(AW73)-ROW(AW$15),0),15-13*ORÇAMENTO!$AF$11)),\n         0)","v":0},{"$f":"IF(AND($D73=\"Serviço\",AX$12<>0,$H73>0,OR(AUTOEVENTO<>\"manual\",$M73<>$A$15)),\n        IF(Import.TipoArredondamento<>\"TransfereGOV\",\n              ROUND(OFFSET($P73,0,AX$13),15-13*ORÇAMENTO!$AF$7)/$H73*OFFSET(ORÇAMENTO!$X$15,ROW(AX73)-ROW(AX$15),0),\n              ROUND(ROUND(OFFSET($P73,0,AX$13),15-13*ORÇAMENTO!$AF$7)*OFFSET(ORÇAMENTO!$W$15,ROW(AX73)-ROW(AX$15),0),15-13*ORÇAMENTO!$AF$11)),\n         0)","v":0},{"$f":"IF(AND($D73=\"Serviço\",AY$12<>0,$H73>0,OR(AUTOEVENTO<>\"manual\",$M73<>$A$15)),\n        IF(Import.TipoArredondamento<>\"TransfereGOV\",\n              ROUND(OFFSET($P73,0,AY$13),15-13*ORÇAMENTO!$AF$7)/$H73*OFFSET(ORÇAMENTO!$X$15,ROW(AY73)-ROW(AY$15),0),\n              ROUND(ROUND(OFFSET($P73,0,AY$13),15-13*ORÇAMENTO!$AF$7)*OFFSET(ORÇAMENTO!$W$15,ROW(AY73)-ROW(AY$15),0),15-13*ORÇAMENTO!$AF$11)),\n         0)","v":0},{"$f":"IF(AND($D73=\"Serviço\",AZ$12<>0,$H73>0,OR(AUTOEVENTO<>\"manual\",$M73<>$A$15)),\n        IF(Import.TipoArredondamento<>\"TransfereGOV\",\n              ROUND(OFFSET($P73,0,AZ$13),15-13*ORÇAMENTO!$AF$7)/$H73*OFFSET(ORÇAMENTO!$X$15,ROW(AZ73)-ROW(AZ$15),0),\n              ROUND(ROUND(OFFSET($P73,0,AZ$13),15-13*ORÇAMENTO!$AF$7)*OFFSET(ORÇAMENTO!$W$15,ROW(AZ73)-ROW(AZ$15),0),15-13*ORÇAMENTO!$AF$11)),\n         0)","v":0},{"$f":"IF(AND($D73=\"Serviço\",BA$12<>0,$H73>0,OR(AUTOEVENTO<>\"manual\",$M73<>$A$15)),\n        IF(Import.TipoArredondamento<>\"TransfereGOV\",\n              ROUND(OFFSET($P73,0,BA$13),15-13*ORÇAMENTO!$AF$7)/$H73*OFFSET(ORÇAMENTO!$X$15,ROW(BA73)-ROW(BA$15),0),\n              ROUND(ROUND(OFFSET($P73,0,BA$13),15-13*ORÇAMENTO!$AF$7)*OFFSET(ORÇAMENTO!$W$15,ROW(BA73)-ROW(BA$15),0),15-13*ORÇAMENTO!$AF$11)),\n         0)","v":0},null,{"$f":"IF(OR($D73<>\"Serviço\",AND(AUTOEVENTO=\"Manual\",$M73=$A$15)),0,\n         IF(OFFSET(CRONOPLE!$F$15,$M73-$A$15,BC$13)=\"\",10^12,OFFSET(CRONOPLE!$F$15,$M73-$A$15,BC$13)))","v":0},{"$f":"IF(OR($D73<>\"Serviço\",AND(AUTOEVENTO=\"Manual\",$M73=$A$15)),0,\n         IF(OFFSET(CRONOPLE!$F$15,$M73-$A$15,BD$13)=\"\",10^12,OFFSET(CRONOPLE!$F$15,$M73-$A$15,BD$13)))","v":0},{"$f":"IF(OR($D73<>\"Serviço\",AND(AUTOEVENTO=\"Manual\",$M73=$A$15)),0,\n         IF(OFFSET(CRONOPLE!$F$15,$M73-$A$15,BE$13)=\"\",10^12,OFFSET(CRONOPLE!$F$15,$M73-$A$15,BE$13)))","v":0},{"$f":"IF(OR($D73<>\"Serviço\",AND(AUTOEVENTO=\"Manual\",$M73=$A$15)),0,\n         IF(OFFSET(CRONOPLE!$F$15,$M73-$A$15,BF$13)=\"\",10^12,OFFSET(CRONOPLE!$F$15,$M73-$A$15,BF$13)))","v":0},{"$f":"IF(OR($D73<>\"Serviço\",AND(AUTOEVENTO=\"Manual\",$M73=$A$15)),0,\n         IF(OFFSET(CRONOPLE!$F$15,$M73-$A$15,BG$13)=\"\",10^12,OFFSET(CRONOPLE!$F$15,$M73-$A$15,BG$13)))","v":0},{"$f":"IF(OR($D73<>\"Serviço\",AND(AUTOEVENTO=\"Manual\",$M73=$A$15)),0,\n         IF(OFFSET(CRONOPLE!$F$15,$M73-$A$15,BH$13)=\"\",10^12,OFFSET(CRONOPLE!$F$15,$M73-$A$15,BH$13)))","v":0},{"$f":"IF(OR($D73<>\"Serviço\",AND(AUTOEVENTO=\"Manual\",$M73=$A$15)),0,\n         IF(OFFSET(CRONOPLE!$F$15,$M73-$A$15,BI$13)=\"\",10^12,OFFSET(CRONOPLE!$F$15,$M73-$A$15,BI$13)))","v":0},{"$f":"IF(OR($D73<>\"Serviço\",AND(AUTOEVENTO=\"Manual\",$M73=$A$15)),0,\n         IF(OFFSET(CRONOPLE!$F$15,$M73-$A$15,BJ$13)=\"\",10^12,OFFSET(CRONOPLE!$F$15,$M73-$A$15,BJ$13)))","v":0},{"$f":"IF(OR($D73<>\"Serviço\",AND(AUTOEVENTO=\"Manual\",$M73=$A$15)),0,\n         IF(OFFSET(CRONOPLE!$F$15,$M73-$A$15,BK$13)=\"\",10^12,OFFSET(CRONOPLE!$F$15,$M73-$A$15,BK$13)))","v":0},{"$f":"IF(OR($D73<>\"Serviço\",AND(AUTOEVENTO=\"Manual\",$M73=$A$15)),0,\n         IF(OFFSET(CRONOPLE!$F$15,$M73-$A$15,BL$13)=\"\",10^12,OFFSET(CRONOPLE!$F$15,$M73-$A$15,BL$13)))","v":0},{"$f":"IF(OR($D73<>\"Serviço\",AND(AUTOEVENTO=\"Manual\",$M73=$A$15)),0,\n         IF(OFFSET(CRONOPLE!$F$15,$M73-$A$15,BM$13)=\"\",10^12,OFFSET(CRONOPLE!$F$15,$M73-$A$15,BM$13)))","v":0},{"$f":"IF(OR($D73<>\"Serviço\",AND(AUTOEVENTO=\"Manual\",$M73=$A$15)),0,\n         IF(OFFSET(CRONOPLE!$F$15,$M73-$A$15,BN$13)=\"\",10^12,OFFSET(CRONOPLE!$F$15,$M73-$A$15,BN$13)))","v":0},{"$f":"IF(OR($D73<>\"Serviço\",AND(AUTOEVENTO=\"Manual\",$M73=$A$15)),0,\n         IF(OFFSET(CRONOPLE!$F$15,$M73-$A$15,BO$13)=\"\",10^12,OFFSET(CRONOPLE!$F$15,$M73-$A$15,BO$13)))","v":0},{"$f":"IF(OR($D73<>\"Serviço\",AND(AUTOEVENTO=\"Manual\",$M73=$A$15)),0,\n         IF(OFFSET(CRONOPLE!$F$15,$M73-$A$15,BP$13)=\"\",10^12,OFFSET(CRONOPLE!$F$15,$M73-$A$15,BP$13)))","v":0},{"$f":"IF(OR($D73<>\"Serviço\",AND(AUTOEVENTO=\"Manual\",$M73=$A$15)),0,\n         IF(OFFSET(CRONOPLE!$F$15,$M73-$A$15,BQ$13)=\"\",10^12,OFFSET(CRONOPLE!$F$15,$M73-$A$15,BQ$13)))","v":0},{"$f":"IF(OR($D73<>\"Serviço\",AND(AUTOEVENTO=\"Manual\",$M73=$A$15)),0,\n         IF(OFFSET(CRONOPLE!$F$15,$M73-$A$15,BR$13)=\"\",10^12,OFFSET(CRONOPLE!$F$15,$M73-$A$15,BR$13)))","v":0},{"$f":"IF(OR($D73<>\"Serviço\",AND(AUTOEVENTO=\"Manual\",$M73=$A$15)),0,\n         IF(OFFSET(CRONOPLE!$F$15,$M73-$A$15,BS$13)=\"\",10^12,OFFSET(CRONOPLE!$F$15,$M73-$A$15,BS$13)))","v":0},{"$f":"IF(OR($D73<>\"Serviço\",AND(AUTOEVENTO=\"Manual\",$M73=$A$15)),0,\n         IF(OFFSET(CRONOPLE!$F$15,$M73-$A$15,BT$13)=\"\",10^12,OFFSET(CRONOPLE!$F$15,$M73-$A$15,BT$13)))","v":0},null,{"$f":"IF(OR($D73<>\"Serviço\",AND(AUTOEVENTO=\"Manual\",$M73=$A$15),$M73>(ROW(PLE.lastrow)-ROW(PLE.firstrow))),0,\n           IF(OFFSET(PLE!$G$15,$M73-$A$15,BV$13)=\"\",10^12,OFFSET(PLE!$G$15,$M73-$A$15,BV$13)))","v":0},{"$f":"IF(OR($D73<>\"Serviço\",AND(AUTOEVENTO=\"Manual\",$M73=$A$15),$M73>(ROW(PLE.lastrow)-ROW(PLE.firstrow))),0,\n           IF(OFFSET(PLE!$G$15,$M73-$A$15,BW$13)=\"\",10^12,OFFSET(PLE!$G$15,$M73-$A$15,BW$13)))","v":0},{"$f":"IF(OR($D73<>\"Serviço\",AND(AUTOEVENTO=\"Manual\",$M73=$A$15),$M73>(ROW(PLE.lastrow)-ROW(PLE.firstrow))),0,\n           IF(OFFSET(PLE!$G$15,$M73-$A$15,BX$13)=\"\",10^12,OFFSET(PLE!$G$15,$M73-$A$15,BX$13)))","v":0},{"$f":"IF(OR($D73<>\"Serviço\",AND(AUTOEVENTO=\"Manual\",$M73=$A$15),$M73>(ROW(PLE.lastrow)-ROW(PLE.firstrow))),0,\n           IF(OFFSET(PLE!$G$15,$M73-$A$15,BY$13)=\"\",10^12,OFFSET(PLE!$G$15,$M73-$A$15,BY$13)))","v":0},{"$f":"IF(OR($D73<>\"Serviço\",AND(AUTOEVENTO=\"Manual\",$M73=$A$15),$M73>(ROW(PLE.lastrow)-ROW(PLE.firstrow))),0,\n           IF(OFFSET(PLE!$G$15,$M73-$A$15,BZ$13)=\"\",10^12,OFFSET(PLE!$G$15,$M73-$A$15,BZ$13)))","v":0},{"$f":"IF(OR($D73<>\"Serviço\",AND(AUTOEVENTO=\"Manual\",$M73=$A$15),$M73>(ROW(PLE.lastrow)-ROW(PLE.firstrow))),0,\n           IF(OFFSET(PLE!$G$15,$M73-$A$15,CA$13)=\"\",10^12,OFFSET(PLE!$G$15,$M73-$A$15,CA$13)))","v":0},{"$f":"IF(OR($D73<>\"Serviço\",AND(AUTOEVENTO=\"Manual\",$M73=$A$15),$M73>(ROW(PLE.lastrow)-ROW(PLE.firstrow))),0,\n           IF(OFFSET(PLE!$G$15,$M73-$A$15,CB$13)=\"\",10^12,OFFSET(PLE!$G$15,$M73-$A$15,CB$13)))","v":0},{"$f":"IF(OR($D73<>\"Serviço\",AND(AUTOEVENTO=\"Manual\",$M73=$A$15),$M73>(ROW(PLE.lastrow)-ROW(PLE.firstrow))),0,\n           IF(OFFSET(PLE!$G$15,$M73-$A$15,CC$13)=\"\",10^12,OFFSET(PLE!$G$15,$M73-$A$15,CC$13)))","v":0},{"$f":"IF(OR($D73<>\"Serviço\",AND(AUTOEVENTO=\"Manual\",$M73=$A$15),$M73>(ROW(PLE.lastrow)-ROW(PLE.firstrow))),0,\n           IF(OFFSET(PLE!$G$15,$M73-$A$15,CD$13)=\"\",10^12,OFFSET(PLE!$G$15,$M73-$A$15,CD$13)))","v":0},{"$f":"IF(OR($D73<>\"Serviço\",AND(AUTOEVENTO=\"Manual\",$M73=$A$15),$M73>(ROW(PLE.lastrow)-ROW(PLE.firstrow))),0,\n           IF(OFFSET(PLE!$G$15,$M73-$A$15,CE$13)=\"\",10^12,OFFSET(PLE!$G$15,$M73-$A$15,CE$13)))","v":0},{"$f":"IF(OR($D73<>\"Serviço\",AND(AUTOEVENTO=\"Manual\",$M73=$A$15),$M73>(ROW(PLE.lastrow)-ROW(PLE.firstrow))),0,\n           IF(OFFSET(PLE!$G$15,$M73-$A$15,CF$13)=\"\",10^12,OFFSET(PLE!$G$15,$M73-$A$15,CF$13)))","v":0},{"$f":"IF(OR($D73<>\"Serviço\",AND(AUTOEVENTO=\"Manual\",$M73=$A$15),$M73>(ROW(PLE.lastrow)-ROW(PLE.firstrow))),0,\n           IF(OFFSET(PLE!$G$15,$M73-$A$15,CG$13)=\"\",10^12,OFFSET(PLE!$G$15,$M73-$A$15,CG$13)))","v":0},{"$f":"IF(OR($D73<>\"Serviço\",AND(AUTOEVENTO=\"Manual\",$M73=$A$15),$M73>(ROW(PLE.lastrow)-ROW(PLE.firstrow))),0,\n           IF(OFFSET(PLE!$G$15,$M73-$A$15,CH$13)=\"\",10^12,OFFSET(PLE!$G$15,$M73-$A$15,CH$13)))","v":0},{"$f":"IF(OR($D73<>\"Serviço\",AND(AUTOEVENTO=\"Manual\",$M73=$A$15),$M73>(ROW(PLE.lastrow)-ROW(PLE.firstrow))),0,\n           IF(OFFSET(PLE!$G$15,$M73-$A$15,CI$13)=\"\",10^12,OFFSET(PLE!$G$15,$M73-$A$15,CI$13)))","v":0},{"$f":"IF(OR($D73<>\"Serviço\",AND(AUTOEVENTO=\"Manual\",$M73=$A$15),$M73>(ROW(PLE.lastrow)-ROW(PLE.firstrow))),0,\n           IF(OFFSET(PLE!$G$15,$M73-$A$15,CJ$13)=\"\",10^12,OFFSET(PLE!$G$15,$M73-$A$15,CJ$13)))","v":0},{"$f":"IF(OR($D73<>\"Serviço\",AND(AUTOEVENTO=\"Manual\",$M73=$A$15),$M73>(ROW(PLE.lastrow)-ROW(PLE.firstrow))),0,\n           IF(OFFSET(PLE!$G$15,$M73-$A$15,CK$13)=\"\",10^12,OFFSET(PLE!$G$15,$M73-$A$15,CK$13)))","v":0},{"$f":"IF(OR($D73<>\"Serviço\",AND(AUTOEVENTO=\"Manual\",$M73=$A$15),$M73>(ROW(PLE.lastrow)-ROW(PLE.firstrow))),0,\n           IF(OFFSET(PLE!$G$15,$M73-$A$15,CL$13)=\"\",10^12,OFFSET(PLE!$G$15,$M73-$A$15,CL$13)))","v":0},{"$f":"IF(OR($D73<>\"Serviço\",AND(AUTOEVENTO=\"Manual\",$M73=$A$15),$M73>(ROW(PLE.lastrow)-ROW(PLE.firstrow))),0,\n           IF(OFFSET(PLE!$G$15,$M73-$A$15,CM$13)=\"\",10^12,OFFSET(PLE!$G$15,$M73-$A$15,CM$13)))","v":0}]
[3,{"$f":"OFFSET(ORÇAMENTO!C$15,ROW(B74)-ROW(B$15),0)","v":"S"},{"$f":"OFFSET(ORÇAMENTO!L$15,ROW(C74)-ROW(C$15),0)","v":"F"},{"$f":"OFFSET(ORÇAMENTO!N$15,ROW(D74)-ROW(D$15),0)","v":"Serviço"},{"$f":"OFFSET(ORÇAMENTO!O$15,ROW(E74)-ROW(E$15),0)","v":"1.6.3."},{"$f":"OFFSET(ORÇAMENTO!R$15,ROW(F74)-ROW(F$15),0)","v":"CARGA, MANOBRA E DESCARGA DE SOLOS E MATERIAIS GRANULARES EM CAMINHÃO BASCULANTE 14 M³ - CARGA COM ESCAVADEIRA HIDRÁULICA (CAÇAMBA DE 1,20 M³ / 155 HP) E DESCARGA LIVRE (UNIDADE: M3). AF_07/2020"},{"$f":"IF($D74<>\"Serviço\",\"\",OFFSET(ORÇAMENTO!S$15,ROW(G74)-ROW(G$15),0))","v":"M3"},{"$f":"IF($D74<>\"Serviço\",0,IF(ACOMPANHAMENTO=\"BM\",ROUND(OFFSET(ORÇAMENTO!AJ$15,ROW(H74)-ROW(H$15),0),15-13*ORÇAMENTO!$AF$7),SUMPRODUCT(($Q$1:$AI$1=1)*ROUND($Q74:$AI74,15-13*ORÇAMENTO!$AF$7))))","v":303.41000000000003},null,{"$f":"IF(B74<>\"S\",\"\",IF(AND(ACOMPANHAMENTO=\"PLE\",AUTOEVENTO=\"Manual\",OR(H74>0,ORÇAMENTO!AC74=\"QUANT.\"),OR(K74=\"\",M74=0,N74=\"\")),\"►\",IF(AND(ACOMPANHAMENTO=\"PLE\",ORÇAMENTO!AC74=\"QUANT.\"),\"►►\",IF(AND(COUNTIF($P$11:$AI$11,\"▼\")=0,H74>0,I74=\"\"),\"◄\",\"\"))))","v":"◄"},"3. IMPLANTAÇÃO ASFÁLTICA",".",{"$f":"IF($D74<>\"Serviço\",\"\",\n          IF(AUTOEVENTO=\"manual\",$A74,\n                IF(ISERROR(MATCH($A74,$A$15:OFFSET($A74,-1,0),0)),MAX($M$15:OFFSET(M74,-1,0))+1,\n                      INDEX($M$15:OFFSET(M74,-1,0),MATCH($A74,$A$15:OFFSET($A74,-1,0),0)))))","v":3},{"$f":"IF($D74<>\"Serviço\",\"\",\n         IF(AUTOEVENTO=\"Manual\",\n                IF($A74=0,\"<-- defina o número do agrupador\",\n                       OFFSET(EVENTOS!$D$15,$A74-$A$15,0)),\n                OFFSET($F$15,$A74,0)))","v":"IMPLANTAÇÃO ASFÁLTICA"},null,null,1103.7039,null,null,null,null,null,null,null,null,null,null,null,null,null,null,null,null,null,null,{"$f":"IF(AND($D74=\"Serviço\",AJ$12<>0,$H74>0,OR(AUTOEVENTO<>\"manual\",$M74<>$A$15)),\n        IF(Import.TipoArredondamento<>\"TransfereGOV\",\n              ROUND(OFFSET($P74,0,AJ$13),15-13*ORÇAMENTO!$AF$7)/$H74*OFFSET(ORÇAMENTO!$X$15,ROW(AJ74)-ROW(AJ$15),0),\n              ROUND(ROUND(OFFSET($P74,0,AJ$13),15-13*ORÇAMENTO!$AF$7)*OFFSET(ORÇAMENTO!$W$15,ROW(AJ74)-ROW(AJ$15),0),15-13*ORÇAMENTO!$AF$11)),\n         0)","v":0},{"$f":"IF(AND($D74=\"Serviço\",AK$12<>0,$H74>0,OR(AUTOEVENTO<>\"manual\",$M74<>$A$15)),\n        IF(Import.TipoArredondamento<>\"TransfereGOV\",\n              ROUND(OFFSET($P74,0,AK$13),15-13*ORÇAMENTO!$AF$7)/$H74*OFFSET(ORÇAMENTO!$X$15,ROW(AK74)-ROW(AK$15),0),\n              ROUND(ROUND(OFFSET($P74,0,AK$13),15-13*ORÇAMENTO!$AF$7)*OFFSET(ORÇAMENTO!$W$15,ROW(AK74)-ROW(AK$15),0),15-13*ORÇAMENTO!$AF$11)),\n         0)","v":0},{"$f":"IF(AND($D74=\"Serviço\",AL$12<>0,$H74>0,OR(AUTOEVENTO<>\"manual\",$M74<>$A$15)),\n        IF(Import.TipoArredondamento<>\"TransfereGOV\",\n              ROUND(OFFSET($P74,0,AL$13),15-13*ORÇAMENTO!$AF$7)/$H74*OFFSET(ORÇAMENTO!$X$15,ROW(AL74)-ROW(AL$15),0),\n              ROUND(ROUND(OFFSET($P74,0,AL$13),15-13*ORÇAMENTO!$AF$7)*OFFSET(ORÇAMENTO!$W$15,ROW(AL74)-ROW(AL$15),0),15-13*ORÇAMENTO!$AF$11)),\n         0)","v":0},{"$f":"IF(AND($D74=\"Serviço\",AM$12<>0,$H74>0,OR(AUTOEVENTO<>\"manual\",$M74<>$A$15)),\n        IF(Import.TipoArredondamento<>\"TransfereGOV\",\n              ROUND(OFFSET($P74,0,AM$13),15-13*ORÇAMENTO!$AF$7)/$H74*OFFSET(ORÇAMENTO!$X$15,ROW(AM74)-ROW(AM$15),0),\n              ROUND(ROUND(OFFSET($P74,0,AM$13),15-13*ORÇAMENTO!$AF$7)*OFFSET(ORÇAMENTO!$W$15,ROW(AM74)-ROW(AM$15),0),15-13*ORÇAMENTO!$AF$11)),\n         0)","v":0},{"$f":"IF(AND($D74=\"Serviço\",AN$12<>0,$H74>0,OR(AUTOEVENTO<>\"manual\",$M74<>$A$15)),\n        IF(Import.TipoArredondamento<>\"TransfereGOV\",\n              ROUND(OFFSET($P74,0,AN$13),15-13*ORÇAMENTO!$AF$7)/$H74*OFFSET(ORÇAMENTO!$X$15,ROW(AN74)-ROW(AN$15),0),\n              ROUND(ROUND(OFFSET($P74,0,AN$13),15-13*ORÇAMENTO!$AF$7)*OFFSET(ORÇAMENTO!$W$15,ROW(AN74)-ROW(AN$15),0),15-13*ORÇAMENTO!$AF$11)),\n         0)","v":0},{"$f":"IF(AND($D74=\"Serviço\",AO$12<>0,$H74>0,OR(AUTOEVENTO<>\"manual\",$M74<>$A$15)),\n        IF(Import.TipoArredondamento<>\"TransfereGOV\",\n              ROUND(OFFSET($P74,0,AO$13),15-13*ORÇAMENTO!$AF$7)/$H74*OFFSET(ORÇAMENTO!$X$15,ROW(AO74)-ROW(AO$15),0),\n              ROUND(ROUND(OFFSET($P74,0,AO$13),15-13*ORÇAMENTO!$AF$7)*OFFSET(ORÇAMENTO!$W$15,ROW(AO74)-ROW(AO$15),0),15-13*ORÇAMENTO!$AF$11)),\n         0)","v":0},{"$f":"IF(AND($D74=\"Serviço\",AP$12<>0,$H74>0,OR(AUTOEVENTO<>\"manual\",$M74<>$A$15)),\n        IF(Import.TipoArredondamento<>\"TransfereGOV\",\n              ROUND(OFFSET($P74,0,AP$13),15-13*ORÇAMENTO!$AF$7)/$H74*OFFSET(ORÇAMENTO!$X$15,ROW(AP74)-ROW(AP$15),0),\n              ROUND(ROUND(OFFSET($P74,0,AP$13),15-13*ORÇAMENTO!$AF$7)*OFFSET(ORÇAMENTO!$W$15,ROW(AP74)-ROW(AP$15),0),15-13*ORÇAMENTO!$AF$11)),\n         0)","v":0},{"$f":"IF(AND($D74=\"Serviço\",AQ$12<>0,$H74>0,OR(AUTOEVENTO<>\"manual\",$M74<>$A$15)),\n        IF(Import.TipoArredondamento<>\"TransfereGOV\",\n              ROUND(OFFSET($P74,0,AQ$13),15-13*ORÇAMENTO!$AF$7)/$H74*OFFSET(ORÇAMENTO!$X$15,ROW(AQ74)-ROW(AQ$15),0),\n              ROUND(ROUND(OFFSET($P74,0,AQ$13),15-13*ORÇAMENTO!$AF$7)*OFFSET(ORÇAMENTO!$W$15,ROW(AQ74)-ROW(AQ$15),0),15-13*ORÇAMENTO!$AF$11)),\n         0)","v":0},{"$f":"IF(AND($D74=\"Serviço\",AR$12<>0,$H74>0,OR(AUTOEVENTO<>\"manual\",$M74<>$A$15)),\n        IF(Import.TipoArredondamento<>\"TransfereGOV\",\n              ROUND(OFFSET($P74,0,AR$13),15-13*ORÇAMENTO!$AF$7)/$H74*OFFSET(ORÇAMENTO!$X$15,ROW(AR74)-ROW(AR$15),0),\n              ROUND(ROUND(OFFSET($P74,0,AR$13),15-13*ORÇAMENTO!$AF$7)*OFFSET(ORÇAMENTO!$W$15,ROW(AR74)-ROW(AR$15),0),15-13*ORÇAMENTO!$AF$11)),\n         0)","v":0},{"$f":"IF(AND($D74=\"Serviço\",AS$12<>0,$H74>0,OR(AUTOEVENTO<>\"manual\",$M74<>$A$15)),\n        IF(Import.TipoArredondamento<>\"TransfereGOV\",\n              ROUND(OFFSET($P74,0,AS$13),15-13*ORÇAMENTO!$AF$7)/$H74*OFFSET(ORÇAMENTO!$X$15,ROW(AS74)-ROW(AS$15),0),\n              ROUND(ROUND(OFFSET($P74,0,AS$13),15-13*ORÇAMENTO!$AF$7)*OFFSET(ORÇAMENTO!$W$15,ROW(AS74)-ROW(AS$15),0),15-13*ORÇAMENTO!$AF$11)),\n         0)","v":0},{"$f":"IF(AND($D74=\"Serviço\",AT$12<>0,$H74>0,OR(AUTOEVENTO<>\"manual\",$M74<>$A$15)),\n        IF(Import.TipoArredondamento<>\"TransfereGOV\",\n              ROUND(OFFSET($P74,0,AT$13),15-13*ORÇAMENTO!$AF$7)/$H74*OFFSET(ORÇAMENTO!$X$15,ROW(AT74)-ROW(AT$15),0),\n              ROUND(ROUND(OFFSET($P74,0,AT$13),15-13*ORÇAMENTO!$AF$7)*OFFSET(ORÇAMENTO!$W$15,ROW(AT74)-ROW(AT$15),0),15-13*ORÇAMENTO!$AF$11)),\n         0)","v":0},{"$f":"IF(AND($D74=\"Serviço\",AU$12<>0,$H74>0,OR(AUTOEVENTO<>\"manual\",$M74<>$A$15)),\n        IF(Import.TipoArredondamento<>\"TransfereGOV\",\n              ROUND(OFFSET($P74,0,AU$13),15-13*ORÇAMENTO!$AF$7)/$H74*OFFSET(ORÇAMENTO!$X$15,ROW(AU74)-ROW(AU$15),0),\n              ROUND(ROUND(OFFSET($P74,0,AU$13),15-13*ORÇAMENTO!$AF$7)*OFFSET(ORÇAMENTO!$W$15,ROW(AU74)-ROW(AU$15),0),15-13*ORÇAMENTO!$AF$11)),\n         0)","v":0},{"$f":"IF(AND($D74=\"Serviço\",AV$12<>0,$H74>0,OR(AUTOEVENTO<>\"manual\",$M74<>$A$15)),\n        IF(Import.TipoArredondamento<>\"TransfereGOV\",\n              ROUND(OFFSET($P74,0,AV$13),15-13*ORÇAMENTO!$AF$7)/$H74*OFFSET(ORÇAMENTO!$X$15,ROW(AV74)-ROW(AV$15),0),\n              ROUND(ROUND(OFFSET($P74,0,AV$13),15-13*ORÇAMENTO!$AF$7)*OFFSET(ORÇAMENTO!$W$15,ROW(AV74)-ROW(AV$15),0),15-13*ORÇAMENTO!$AF$11)),\n         0)","v":0},{"$f":"IF(AND($D74=\"Serviço\",AW$12<>0,$H74>0,OR(AUTOEVENTO<>\"manual\",$M74<>$A$15)),\n        IF(Import.TipoArredondamento<>\"TransfereGOV\",\n              ROUND(OFFSET($P74,0,AW$13),15-13*ORÇAMENTO!$AF$7)/$H74*OFFSET(ORÇAMENTO!$X$15,ROW(AW74)-ROW(AW$15),0),\n              ROUND(ROUND(OFFSET($P74,0,AW$13),15-13*ORÇAMENTO!$AF$7)*OFFSET(ORÇAMENTO!$W$15,ROW(AW74)-ROW(AW$15),0),15-13*ORÇAMENTO!$AF$11)),\n         0)","v":0},{"$f":"IF(AND($D74=\"Serviço\",AX$12<>0,$H74>0,OR(AUTOEVENTO<>\"manual\",$M74<>$A$15)),\n        IF(Import.TipoArredondamento<>\"TransfereGOV\",\n              ROUND(OFFSET($P74,0,AX$13),15-13*ORÇAMENTO!$AF$7)/$H74*OFFSET(ORÇAMENTO!$X$15,ROW(AX74)-ROW(AX$15),0),\n              ROUND(ROUND(OFFSET($P74,0,AX$13),15-13*ORÇAMENTO!$AF$7)*OFFSET(ORÇAMENTO!$W$15,ROW(AX74)-ROW(AX$15),0),15-13*ORÇAMENTO!$AF$11)),\n         0)","v":0},{"$f":"IF(AND($D74=\"Serviço\",AY$12<>0,$H74>0,OR(AUTOEVENTO<>\"manual\",$M74<>$A$15)),\n        IF(Import.TipoArredondamento<>\"TransfereGOV\",\n              ROUND(OFFSET($P74,0,AY$13),15-13*ORÇAMENTO!$AF$7)/$H74*OFFSET(ORÇAMENTO!$X$15,ROW(AY74)-ROW(AY$15),0),\n              ROUND(ROUND(OFFSET($P74,0,AY$13),15-13*ORÇAMENTO!$AF$7)*OFFSET(ORÇAMENTO!$W$15,ROW(AY74)-ROW(AY$15),0),15-13*ORÇAMENTO!$AF$11)),\n         0)","v":0},{"$f":"IF(AND($D74=\"Serviço\",AZ$12<>0,$H74>0,OR(AUTOEVENTO<>\"manual\",$M74<>$A$15)),\n        IF(Import.TipoArredondamento<>\"TransfereGOV\",\n              ROUND(OFFSET($P74,0,AZ$13),15-13*ORÇAMENTO!$AF$7)/$H74*OFFSET(ORÇAMENTO!$X$15,ROW(AZ74)-ROW(AZ$15),0),\n              ROUND(ROUND(OFFSET($P74,0,AZ$13),15-13*ORÇAMENTO!$AF$7)*OFFSET(ORÇAMENTO!$W$15,ROW(AZ74)-ROW(AZ$15),0),15-13*ORÇAMENTO!$AF$11)),\n         0)","v":0},{"$f":"IF(AND($D74=\"Serviço\",BA$12<>0,$H74>0,OR(AUTOEVENTO<>\"manual\",$M74<>$A$15)),\n        IF(Import.TipoArredondamento<>\"TransfereGOV\",\n              ROUND(OFFSET($P74,0,BA$13),15-13*ORÇAMENTO!$AF$7)/$H74*OFFSET(ORÇAMENTO!$X$15,ROW(BA74)-ROW(BA$15),0),\n              ROUND(ROUND(OFFSET($P74,0,BA$13),15-13*ORÇAMENTO!$AF$7)*OFFSET(ORÇAMENTO!$W$15,ROW(BA74)-ROW(BA$15),0),15-13*ORÇAMENTO!$AF$11)),\n         0)","v":0},null,{"$f":"IF(OR($D74<>\"Serviço\",AND(AUTOEVENTO=\"Manual\",$M74=$A$15)),0,\n         IF(OFFSET(CRONOPLE!$F$15,$M74-$A$15,BC$13)=\"\",10^12,OFFSET(CRONOPLE!$F$15,$M74-$A$15,BC$13)))","v":3},{"$f":"IF(OR($D74<>\"Serviço\",AND(AUTOEVENTO=\"Manual\",$M74=$A$15)),0,\n         IF(OFFSET(CRONOPLE!$F$15,$M74-$A$15,BD$13)=\"\",10^12,OFFSET(CRONOPLE!$F$15,$M74-$A$15,BD$13)))","v":2},{"$f":"IF(OR($D74<>\"Serviço\",AND(AUTOEVENTO=\"Manual\",$M74=$A$15)),0,\n         IF(OFFSET(CRONOPLE!$F$15,$M74-$A$15,BE$13)=\"\",10^12,OFFSET(CRONOPLE!$F$15,$M74-$A$15,BE$13)))","v":3},{"$f":"IF(OR($D74<>\"Serviço\",AND(AUTOEVENTO=\"Manual\",$M74=$A$15)),0,\n         IF(OFFSET(CRONOPLE!$F$15,$M74-$A$15,BF$13)=\"\",10^12,OFFSET(CRONOPLE!$F$15,$M74-$A$15,BF$13)))","v":1000000000000},{"$f":"IF(OR($D74<>\"Serviço\",AND(AUTOEVENTO=\"Manual\",$M74=$A$15)),0,\n         IF(OFFSET(CRONOPLE!$F$15,$M74-$A$15,BG$13)=\"\",10^12,OFFSET(CRONOPLE!$F$15,$M74-$A$15,BG$13)))","v":1000000000000},{"$f":"IF(OR($D74<>\"Serviço\",AND(AUTOEVENTO=\"Manual\",$M74=$A$15)),0,\n         IF(OFFSET(CRONOPLE!$F$15,$M74-$A$15,BH$13)=\"\",10^12,OFFSET(CRONOPLE!$F$15,$M74-$A$15,BH$13)))","v":1000000000000},{"$f":"IF(OR($D74<>\"Serviço\",AND(AUTOEVENTO=\"Manual\",$M74=$A$15)),0,\n         IF(OFFSET(CRONOPLE!$F$15,$M74-$A$15,BI$13)=\"\",10^12,OFFSET(CRONOPLE!$F$15,$M74-$A$15,BI$13)))","v":1000000000000},{"$f":"IF(OR($D74<>\"Serviço\",AND(AUTOEVENTO=\"Manual\",$M74=$A$15)),0,\n         IF(OFFSET(CRONOPLE!$F$15,$M74-$A$15,BJ$13)=\"\",10^12,OFFSET(CRONOPLE!$F$15,$M74-$A$15,BJ$13)))","v":1000000000000},{"$f":"IF(OR($D74<>\"Serviço\",AND(AUTOEVENTO=\"Manual\",$M74=$A$15)),0,\n         IF(OFFSET(CRONOPLE!$F$15,$M74-$A$15,BK$13)=\"\",10^12,OFFSET(CRONOPLE!$F$15,$M74-$A$15,BK$13)))","v":1000000000000},{"$f":"IF(OR($D74<>\"Serviço\",AND(AUTOEVENTO=\"Manual\",$M74=$A$15)),0,\n         IF(OFFSET(CRONOPLE!$F$15,$M74-$A$15,BL$13)=\"\",10^12,OFFSET(CRONOPLE!$F$15,$M74-$A$15,BL$13)))","v":1000000000000},{"$f":"IF(OR($D74<>\"Serviço\",AND(AUTOEVENTO=\"Manual\",$M74=$A$15)),0,\n         IF(OFFSET(CRONOPLE!$F$15,$M74-$A$15,BM$13)=\"\",10^12,OFFSET(CRONOPLE!$F$15,$M74-$A$15,BM$13)))","v":1000000000000},{"$f":"IF(OR($D74<>\"Serviço\",AND(AUTOEVENTO=\"Manual\",$M74=$A$15)),0,\n         IF(OFFSET(CRONOPLE!$F$15,$M74-$A$15,BN$13)=\"\",10^12,OFFSET(CRONOPLE!$F$15,$M74-$A$15,BN$13)))","v":1000000000000},{"$f":"IF(OR($D74<>\"Serviço\",AND(AUTOEVENTO=\"Manual\",$M74=$A$15)),0,\n         IF(OFFSET(CRONOPLE!$F$15,$M74-$A$15,BO$13)=\"\",10^12,OFFSET(CRONOPLE!$F$15,$M74-$A$15,BO$13)))","v":1000000000000},{"$f":"IF(OR($D74<>\"Serviço\",AND(AUTOEVENTO=\"Manual\",$M74=$A$15)),0,\n         IF(OFFSET(CRONOPLE!$F$15,$M74-$A$15,BP$13)=\"\",10^12,OFFSET(CRONOPLE!$F$15,$M74-$A$15,BP$13)))","v":1000000000000},{"$f":"IF(OR($D74<>\"Serviço\",AND(AUTOEVENTO=\"Manual\",$M74=$A$15)),0,\n         IF(OFFSET(CRONOPLE!$F$15,$M74-$A$15,BQ$13)=\"\",10^12,OFFSET(CRONOPLE!$F$15,$M74-$A$15,BQ$13)))","v":1000000000000},{"$f":"IF(OR($D74<>\"Serviço\",AND(AUTOEVENTO=\"Manual\",$M74=$A$15)),0,\n         IF(OFFSET(CRONOPLE!$F$15,$M74-$A$15,BR$13)=\"\",10^12,OFFSET(CRONOPLE!$F$15,$M74-$A$15,BR$13)))","v":1000000000000},{"$f":"IF(OR($D74<>\"Serviço\",AND(AUTOEVENTO=\"Manual\",$M74=$A$15)),0,\n         IF(OFFSET(CRONOPLE!$F$15,$M74-$A$15,BS$13)=\"\",10^12,OFFSET(CRONOPLE!$F$15,$M74-$A$15,BS$13)))","v":1000000000000},{"$f":"IF(OR($D74<>\"Serviço\",AND(AUTOEVENTO=\"Manual\",$M74=$A$15)),0,\n         IF(OFFSET(CRONOPLE!$F$15,$M74-$A$15,BT$13)=\"\",10^12,OFFSET(CRONOPLE!$F$15,$M74-$A$15,BT$13)))","v":1000000000000},null,{"$f":"IF(OR($D74<>\"Serviço\",AND(AUTOEVENTO=\"Manual\",$M74=$A$15),$M74>(ROW(PLE.lastrow)-ROW(PLE.firstrow))),0,\n           IF(OFFSET(PLE!$G$15,$M74-$A$15,BV$13)=\"\",10^12,OFFSET(PLE!$G$15,$M74-$A$15,BV$13)))","v":1000000000000},{"$f":"IF(OR($D74<>\"Serviço\",AND(AUTOEVENTO=\"Manual\",$M74=$A$15),$M74>(ROW(PLE.lastrow)-ROW(PLE.firstrow))),0,\n           IF(OFFSET(PLE!$G$15,$M74-$A$15,BW$13)=\"\",10^12,OFFSET(PLE!$G$15,$M74-$A$15,BW$13)))","v":1000000000000},{"$f":"IF(OR($D74<>\"Serviço\",AND(AUTOEVENTO=\"Manual\",$M74=$A$15),$M74>(ROW(PLE.lastrow)-ROW(PLE.firstrow))),0,\n           IF(OFFSET(PLE!$G$15,$M74-$A$15,BX$13)=\"\",10^12,OFFSET(PLE!$G$15,$M74-$A$15,BX$13)))","v":1000000000000},{"$f":"IF(OR($D74<>\"Serviço\",AND(AUTOEVENTO=\"Manual\",$M74=$A$15),$M74>(ROW(PLE.lastrow)-ROW(PLE.firstrow))),0,\n           IF(OFFSET(PLE!$G$15,$M74-$A$15,BY$13)=\"\",10^12,OFFSET(PLE!$G$15,$M74-$A$15,BY$13)))","v":1000000000000},{"$f":"IF(OR($D74<>\"Serviço\",AND(AUTOEVENTO=\"Manual\",$M74=$A$15),$M74>(ROW(PLE.lastrow)-ROW(PLE.firstrow))),0,\n           IF(OFFSET(PLE!$G$15,$M74-$A$15,BZ$13)=\"\",10^12,OFFSET(PLE!$G$15,$M74-$A$15,BZ$13)))","v":1000000000000},{"$f":"IF(OR($D74<>\"Serviço\",AND(AUTOEVENTO=\"Manual\",$M74=$A$15),$M74>(ROW(PLE.lastrow)-ROW(PLE.firstrow))),0,\n           IF(OFFSET(PLE!$G$15,$M74-$A$15,CA$13)=\"\",10^12,OFFSET(PLE!$G$15,$M74-$A$15,CA$13)))","v":1000000000000},{"$f":"IF(OR($D74<>\"Serviço\",AND(AUTOEVENTO=\"Manual\",$M74=$A$15),$M74>(ROW(PLE.lastrow)-ROW(PLE.firstrow))),0,\n           IF(OFFSET(PLE!$G$15,$M74-$A$15,CB$13)=\"\",10^12,OFFSET(PLE!$G$15,$M74-$A$15,CB$13)))","v":1000000000000},{"$f":"IF(OR($D74<>\"Serviço\",AND(AUTOEVENTO=\"Manual\",$M74=$A$15),$M74>(ROW(PLE.lastrow)-ROW(PLE.firstrow))),0,\n           IF(OFFSET(PLE!$G$15,$M74-$A$15,CC$13)=\"\",10^12,OFFSET(PLE!$G$15,$M74-$A$15,CC$13)))","v":1000000000000},{"$f":"IF(OR($D74<>\"Serviço\",AND(AUTOEVENTO=\"Manual\",$M74=$A$15),$M74>(ROW(PLE.lastrow)-ROW(PLE.firstrow))),0,\n           IF(OFFSET(PLE!$G$15,$M74-$A$15,CD$13)=\"\",10^12,OFFSET(PLE!$G$15,$M74-$A$15,CD$13)))","v":1000000000000},{"$f":"IF(OR($D74<>\"Serviço\",AND(AUTOEVENTO=\"Manual\",$M74=$A$15),$M74>(ROW(PLE.lastrow)-ROW(PLE.firstrow))),0,\n           IF(OFFSET(PLE!$G$15,$M74-$A$15,CE$13)=\"\",10^12,OFFSET(PLE!$G$15,$M74-$A$15,CE$13)))","v":1000000000000},{"$f":"IF(OR($D74<>\"Serviço\",AND(AUTOEVENTO=\"Manual\",$M74=$A$15),$M74>(ROW(PLE.lastrow)-ROW(PLE.firstrow))),0,\n           IF(OFFSET(PLE!$G$15,$M74-$A$15,CF$13)=\"\",10^12,OFFSET(PLE!$G$15,$M74-$A$15,CF$13)))","v":1000000000000},{"$f":"IF(OR($D74<>\"Serviço\",AND(AUTOEVENTO=\"Manual\",$M74=$A$15),$M74>(ROW(PLE.lastrow)-ROW(PLE.firstrow))),0,\n           IF(OFFSET(PLE!$G$15,$M74-$A$15,CG$13)=\"\",10^12,OFFSET(PLE!$G$15,$M74-$A$15,CG$13)))","v":1000000000000},{"$f":"IF(OR($D74<>\"Serviço\",AND(AUTOEVENTO=\"Manual\",$M74=$A$15),$M74>(ROW(PLE.lastrow)-ROW(PLE.firstrow))),0,\n           IF(OFFSET(PLE!$G$15,$M74-$A$15,CH$13)=\"\",10^12,OFFSET(PLE!$G$15,$M74-$A$15,CH$13)))","v":1000000000000},{"$f":"IF(OR($D74<>\"Serviço\",AND(AUTOEVENTO=\"Manual\",$M74=$A$15),$M74>(ROW(PLE.lastrow)-ROW(PLE.firstrow))),0,\n           IF(OFFSET(PLE!$G$15,$M74-$A$15,CI$13)=\"\",10^12,OFFSET(PLE!$G$15,$M74-$A$15,CI$13)))","v":1000000000000},{"$f":"IF(OR($D74<>\"Serviço\",AND(AUTOEVENTO=\"Manual\",$M74=$A$15),$M74>(ROW(PLE.lastrow)-ROW(PLE.firstrow))),0,\n           IF(OFFSET(PLE!$G$15,$M74-$A$15,CJ$13)=\"\",10^12,OFFSET(PLE!$G$15,$M74-$A$15,CJ$13)))","v":1000000000000},{"$f":"IF(OR($D74<>\"Serviço\",AND(AUTOEVENTO=\"Manual\",$M74=$A$15),$M74>(ROW(PLE.lastrow)-ROW(PLE.firstrow))),0,\n           IF(OFFSET(PLE!$G$15,$M74-$A$15,CK$13)=\"\",10^12,OFFSET(PLE!$G$15,$M74-$A$15,CK$13)))","v":1000000000000},{"$f":"IF(OR($D74<>\"Serviço\",AND(AUTOEVENTO=\"Manual\",$M74=$A$15),$M74>(ROW(PLE.lastrow)-ROW(PLE.firstrow))),0,\n           IF(OFFSET(PLE!$G$15,$M74-$A$15,CL$13)=\"\",10^12,OFFSET(PLE!$G$15,$M74-$A$15,CL$13)))","v":1000000000000},{"$f":"IF(OR($D74<>\"Serviço\",AND(AUTOEVENTO=\"Manual\",$M74=$A$15),$M74>(ROW(PLE.lastrow)-ROW(PLE.firstrow))),0,\n           IF(OFFSET(PLE!$G$15,$M74-$A$15,CM$13)=\"\",10^12,OFFSET(PLE!$G$15,$M74-$A$15,CM$13)))","v":1000000000000}]
[3,{"$f":"OFFSET(ORÇAMENTO!C$15,ROW(B75)-ROW(B$15),0)","v":"S"},{"$f":"OFFSET(ORÇAMENTO!L$15,ROW(C75)-ROW(C$15),0)","v":"F"},{"$f":"OFFSET(ORÇAMENTO!N$15,ROW(D75)-ROW(D$15),0)","v":"Serviço"},{"$f":"OFFSET(ORÇAMENTO!O$15,ROW(E75)-ROW(E$15),0)","v":"1.6.4."},{"$f":"OFFSET(ORÇAMENTO!R$15,ROW(F75)-ROW(F$15),0)","v":"TRANSPORTE COM CAMINHÃO BASCULANTE DE 14 M³, EM VIA URBANA PAVIMENTADA, DMT ATÉ 30 KM (UNIDADE: M3XKM). AF_07/2020"},{"$f":"IF($D75<>\"Serviço\",\"\",OFFSET(ORÇAMENTO!S$15,ROW(G75)-ROW(G$15),0))","v":"M3XKM"},{"$f":"IF($D75<>\"Serviço\",0,IF(ACOMPANHAMENTO=\"BM\",ROUND(OFFSET(ORÇAMENTO!AJ$15,ROW(H75)-ROW(H$15),0),15-13*ORÇAMENTO!$AF$7),SUMPRODUCT(($Q$1:$AI$1=1)*ROUND($Q75:$AI75,15-13*ORÇAMENTO!$AF$7))))","v":9102.2999999999993},null,{"$f":"IF(B75<>\"S\",\"\",IF(AND(ACOMPANHAMENTO=\"PLE\",AUTOEVENTO=\"Manual\",OR(H75>0,ORÇAMENTO!AC75=\"QUANT.\"),OR(K75=\"\",M75=0,N75=\"\")),\"►\",IF(AND(ACOMPANHAMENTO=\"PLE\",ORÇAMENTO!AC75=\"QUANT.\"),\"►►\",IF(AND(COUNTIF($P$11:$AI$11,\"▼\")=0,H75>0,I75=\"\"),\"◄\",\"\"))))","v":"◄"},"3. IMPLANTAÇÃO ASFÁLTICA",".",{"$f":"IF($D75<>\"Serviço\",\"\",\n          IF(AUTOEVENTO=\"manual\",$A75,\n                IF(ISERROR(MATCH($A75,$A$15:OFFSET($A75,-1,0),0)),MAX($M$15:OFFSET(M75,-1,0))+1,\n                      INDEX($M$15:OFFSET(M75,-1,0),MATCH($A75,$A$15:OFFSET($A75,-1,0),0)))))","v":3},{"$f":"IF($D75<>\"Serviço\",\"\",\n         IF(AUTOEVENTO=\"Manual\",\n                IF($A75=0,\"<-- defina o número do agrupador\",\n                       OFFSET(EVENTOS!$D$15,$A75-$A$15,0)),\n                OFFSET($F$15,$A75,0)))","v":"IMPLANTAÇÃO ASFÁLTICA"},null,null,8829.6311999999998,null,null,null,null,null,null,null,null,null,null,null,null,null,null,null,null,null,null,{"$f":"IF(AND($D75=\"Serviço\",AJ$12<>0,$H75>0,OR(AUTOEVENTO<>\"manual\",$M75<>$A$15)),\n        IF(Import.TipoArredondamento<>\"TransfereGOV\",\n              ROUND(OFFSET($P75,0,AJ$13),15-13*ORÇAMENTO!$AF$7)/$H75*OFFSET(ORÇAMENTO!$X$15,ROW(AJ75)-ROW(AJ$15),0),\n              ROUND(ROUND(OFFSET($P75,0,AJ$13),15-13*ORÇAMENTO!$AF$7)*OFFSET(ORÇAMENTO!$W$15,ROW(AJ75)-ROW(AJ$15),0),15-13*ORÇAMENTO!$AF$11)),\n         0)","v":0},{"$f":"IF(AND($D75=\"Serviço\",AK$12<>0,$H75>0,OR(AUTOEVENTO<>\"manual\",$M75<>$A$15)),\n        IF(Import.TipoArredondamento<>\"TransfereGOV\",\n              ROUND(OFFSET($P75,0,AK$13),15-13*ORÇAMENTO!$AF$7)/$H75*OFFSET(ORÇAMENTO!$X$15,ROW(AK75)-ROW(AK$15),0),\n              ROUND(ROUND(OFFSET($P75,0,AK$13),15-13*ORÇAMENTO!$AF$7)*OFFSET(ORÇAMENTO!$W$15,ROW(AK75)-ROW(AK$15),0),15-13*ORÇAMENTO!$AF$11)),\n         0)","v":0},{"$f":"IF(AND($D75=\"Serviço\",AL$12<>0,$H75>0,OR(AUTOEVENTO<>\"manual\",$M75<>$A$15)),\n        IF(Import.TipoArredondamento<>\"TransfereGOV\",\n              ROUND(OFFSET($P75,0,AL$13),15-13*ORÇAMENTO!$AF$7)/$H75*OFFSET(ORÇAMENTO!$X$15,ROW(AL75)-ROW(AL$15),0),\n              ROUND(ROUND(OFFSET($P75,0,AL$13),15-13*ORÇAMENTO!$AF$7)*OFFSET(ORÇAMENTO!$W$15,ROW(AL75)-ROW(AL$15),0),15-13*ORÇAMENTO!$AF$11)),\n         0)","v":0},{"$f":"IF(AND($D75=\"Serviço\",AM$12<>0,$H75>0,OR(AUTOEVENTO<>\"manual\",$M75<>$A$15)),\n        IF(Import.TipoArredondamento<>\"TransfereGOV\",\n              ROUND(OFFSET($P75,0,AM$13),15-13*ORÇAMENTO!$AF$7)/$H75*OFFSET(ORÇAMENTO!$X$15,ROW(AM75)-ROW(AM$15),0),\n              ROUND(ROUND(OFFSET($P75,0,AM$13),15-13*ORÇAMENTO!$AF$7)*OFFSET(ORÇAMENTO!$W$15,ROW(AM75)-ROW(AM$15),0),15-13*ORÇAMENTO!$AF$11)),\n         0)","v":0},{"$f":"IF(AND($D75=\"Serviço\",AN$12<>0,$H75>0,OR(AUTOEVENTO<>\"manual\",$M75<>$A$15)),\n        IF(Import.TipoArredondamento<>\"TransfereGOV\",\n              ROUND(OFFSET($P75,0,AN$13),15-13*ORÇAMENTO!$AF$7)/$H75*OFFSET(ORÇAMENTO!$X$15,ROW(AN75)-ROW(AN$15),0),\n              ROUND(ROUND(OFFSET($P75,0,AN$13),15-13*ORÇAMENTO!$AF$7)*OFFSET(ORÇAMENTO!$W$15,ROW(AN75)-ROW(AN$15),0),15-13*ORÇAMENTO!$AF$11)),\n         0)","v":0},{"$f":"IF(AND($D75=\"Serviço\",AO$12<>0,$H75>0,OR(AUTOEVENTO<>\"manual\",$M75<>$A$15)),\n        IF(Import.TipoArredondamento<>\"TransfereGOV\",\n              ROUND(OFFSET($P75,0,AO$13),15-13*ORÇAMENTO!$AF$7)/$H75*OFFSET(ORÇAMENTO!$X$15,ROW(AO75)-ROW(AO$15),0),\n              ROUND(ROUND(OFFSET($P75,0,AO$13),15-13*ORÇAMENTO!$AF$7)*OFFSET(ORÇAMENTO!$W$15,ROW(AO75)-ROW(AO$15),0),15-13*ORÇAMENTO!$AF$11)),\n         0)","v":0},{"$f":"IF(AND($D75=\"Serviço\",AP$12<>0,$H75>0,OR(AUTOEVENTO<>\"manual\",$M75<>$A$15)),\n        IF(Import.TipoArredondamento<>\"TransfereGOV\",\n              ROUND(OFFSET($P75,0,AP$13),15-13*ORÇAMENTO!$AF$7)/$H75*OFFSET(ORÇAMENTO!$X$15,ROW(AP75)-ROW(AP$15),0),\n              ROUND(ROUND(OFFSET($P75,0,AP$13),15-13*ORÇAMENTO!$AF$7)*OFFSET(ORÇAMENTO!$W$15,ROW(AP75)-ROW(AP$15),0),15-13*ORÇAMENTO!$AF$11)),\n         0)","v":0},{"$f":"IF(AND($D75=\"Serviço\",AQ$12<>0,$H75>0,OR(AUTOEVENTO<>\"manual\",$M75<>$A$15)),\n        IF(Import.TipoArredondamento<>\"TransfereGOV\",\n              ROUND(OFFSET($P75,0,AQ$13),15-13*ORÇAMENTO!$AF$7)/$H75*OFFSET(ORÇAMENTO!$X$15,ROW(AQ75)-ROW(AQ$15),0),\n              ROUND(ROUND(OFFSET($P75,0,AQ$13),15-13*ORÇAMENTO!$AF$7)*OFFSET(ORÇAMENTO!$W$15,ROW(AQ75)-ROW(AQ$15),0),15-13*ORÇAMENTO!$AF$11)),\n         0)","v":0},{"$f":"IF(AND($D75=\"Serviço\",AR$12<>0,$H75>0,OR(AUTOEVENTO<>\"manual\",$M75<>$A$15)),\n        IF(Import.TipoArredondamento<>\"TransfereGOV\",\n              ROUND(OFFSET($P75,0,AR$13),15-13*ORÇAMENTO!$AF$7)/$H75*OFFSET(ORÇAMENTO!$X$15,ROW(AR75)-ROW(AR$15),0),\n              ROUND(ROUND(OFFSET($P75,0,AR$13),15-13*ORÇAMENTO!$AF$7)*OFFSET(ORÇAMENTO!$W$15,ROW(AR75)-ROW(AR$15),0),15-13*ORÇAMENTO!$AF$11)),\n         0)","v":0},{"$f":"IF(AND($D75=\"Serviço\",AS$12<>0,$H75>0,OR(AUTOEVENTO<>\"manual\",$M75<>$A$15)),\n        IF(Import.TipoArredondamento<>\"TransfereGOV\",\n              ROUND(OFFSET($P75,0,AS$13),15-13*ORÇAMENTO!$AF$7)/$H75*OFFSET(ORÇAMENTO!$X$15,ROW(AS75)-ROW(AS$15),0),\n              ROUND(ROUND(OFFSET($P75,0,AS$13),15-13*ORÇAMENTO!$AF$7)*OFFSET(ORÇAMENTO!$W$15,ROW(AS75)-ROW(AS$15),0),15-13*ORÇAMENTO!$AF$11)),\n         0)","v":0},{"$f":"IF(AND($D75=\"Serviço\",AT$12<>0,$H75>0,OR(AUTOEVENTO<>\"manual\",$M75<>$A$15)),\n        IF(Import.TipoArredondamento<>\"TransfereGOV\",\n              ROUND(OFFSET($P75,0,AT$13),15-13*ORÇAMENTO!$AF$7)/$H75*OFFSET(ORÇAMENTO!$X$15,ROW(AT75)-ROW(AT$15),0),\n              ROUND(ROUND(OFFSET($P75,0,AT$13),15-13*ORÇAMENTO!$AF$7)*OFFSET(ORÇAMENTO!$W$15,ROW(AT75)-ROW(AT$15),0),15-13*ORÇAMENTO!$AF$11)),\n         0)","v":0},{"$f":"IF(AND($D75=\"Serviço\",AU$12<>0,$H75>0,OR(AUTOEVENTO<>\"manual\",$M75<>$A$15)),\n        IF(Import.TipoArredondamento<>\"TransfereGOV\",\n              ROUND(OFFSET($P75,0,AU$13),15-13*ORÇAMENTO!$AF$7)/$H75*OFFSET(ORÇAMENTO!$X$15,ROW(AU75)-ROW(AU$15),0),\n              ROUND(ROUND(OFFSET($P75,0,AU$13),15-13*ORÇAMENTO!$AF$7)*OFFSET(ORÇAMENTO!$W$15,ROW(AU75)-ROW(AU$15),0),15-13*ORÇAMENTO!$AF$11)),\n         0)","v":0},{"$f":"IF(AND($D75=\"Serviço\",AV$12<>0,$H75>0,OR(AUTOEVENTO<>\"manual\",$M75<>$A$15)),\n        IF(Import.TipoArredondamento<>\"TransfereGOV\",\n              ROUND(OFFSET($P75,0,AV$13),15-13*ORÇAMENTO!$AF$7)/$H75*OFFSET(ORÇAMENTO!$X$15,ROW(AV75)-ROW(AV$15),0),\n              ROUND(ROUND(OFFSET($P75,0,AV$13),15-13*ORÇAMENTO!$AF$7)*OFFSET(ORÇAMENTO!$W$15,ROW(AV75)-ROW(AV$15),0),15-13*ORÇAMENTO!$AF$11)),\n         0)","v":0},{"$f":"IF(AND($D75=\"Serviço\",AW$12<>0,$H75>0,OR(AUTOEVENTO<>\"manual\",$M75<>$A$15)),\n        IF(Import.TipoArredondamento<>\"TransfereGOV\",\n              ROUND(OFFSET($P75,0,AW$13),15-13*ORÇAMENTO!$AF$7)/$H75*OFFSET(ORÇAMENTO!$X$15,ROW(AW75)-ROW(AW$15),0),\n              ROUND(ROUND(OFFSET($P75,0,AW$13),15-13*ORÇAMENTO!$AF$7)*OFFSET(ORÇAMENTO!$W$15,ROW(AW75)-ROW(AW$15),0),15-13*ORÇAMENTO!$AF$11)),\n         0)","v":0},{"$f":"IF(AND($D75=\"Serviço\",AX$12<>0,$H75>0,OR(AUTOEVENTO<>\"manual\",$M75<>$A$15)),\n        IF(Import.TipoArredondamento<>\"TransfereGOV\",\n              ROUND(OFFSET($P75,0,AX$13),15-13*ORÇAMENTO!$AF$7)/$H75*OFFSET(ORÇAMENTO!$X$15,ROW(AX75)-ROW(AX$15),0),\n              ROUND(ROUND(OFFSET($P75,0,AX$13),15-13*ORÇAMENTO!$AF$7)*OFFSET(ORÇAMENTO!$W$15,ROW(AX75)-ROW(AX$15),0),15-13*ORÇAMENTO!$AF$11)),\n         0)","v":0},{"$f":"IF(AND($D75=\"Serviço\",AY$12<>0,$H75>0,OR(AUTOEVENTO<>\"manual\",$M75<>$A$15)),\n        IF(Import.TipoArredondamento<>\"TransfereGOV\",\n              ROUND(OFFSET($P75,0,AY$13),15-13*ORÇAMENTO!$AF$7)/$H75*OFFSET(ORÇAMENTO!$X$15,ROW(AY75)-ROW(AY$15),0),\n              ROUND(ROUND(OFFSET($P75,0,AY$13),15-13*ORÇAMENTO!$AF$7)*OFFSET(ORÇAMENTO!$W$15,ROW(AY75)-ROW(AY$15),0),15-13*ORÇAMENTO!$AF$11)),\n         0)","v":0},{"$f":"IF(AND($D75=\"Serviço\",AZ$12<>0,$H75>0,OR(AUTOEVENTO<>\"manual\",$M75<>$A$15)),\n        IF(Import.TipoArredondamento<>\"TransfereGOV\",\n              ROUND(OFFSET($P75,0,AZ$13),15-13*ORÇAMENTO!$AF$7)/$H75*OFFSET(ORÇAMENTO!$X$15,ROW(AZ75)-ROW(AZ$15),0),\n              ROUND(ROUND(OFFSET($P75,0,AZ$13),15-13*ORÇAMENTO!$AF$7)*OFFSET(ORÇAMENTO!$W$15,ROW(AZ75)-ROW(AZ$15),0),15-13*ORÇAMENTO!$AF$11)),\n         0)","v":0},{"$f":"IF(AND($D75=\"Serviço\",BA$12<>0,$H75>0,OR(AUTOEVENTO<>\"manual\",$M75<>$A$15)),\n        IF(Import.TipoArredondamento<>\"TransfereGOV\",\n              ROUND(OFFSET($P75,0,BA$13),15-13*ORÇAMENTO!$AF$7)/$H75*OFFSET(ORÇAMENTO!$X$15,ROW(BA75)-ROW(BA$15),0),\n              ROUND(ROUND(OFFSET($P75,0,BA$13),15-13*ORÇAMENTO!$AF$7)*OFFSET(ORÇAMENTO!$W$15,ROW(BA75)-ROW(BA$15),0),15-13*ORÇAMENTO!$AF$11)),\n         0)","v":0},null,{"$f":"IF(OR($D75<>\"Serviço\",AND(AUTOEVENTO=\"Manual\",$M75=$A$15)),0,\n         IF(OFFSET(CRONOPLE!$F$15,$M75-$A$15,BC$13)=\"\",10^12,OFFSET(CRONOPLE!$F$15,$M75-$A$15,BC$13)))","v":3},{"$f":"IF(OR($D75<>\"Serviço\",AND(AUTOEVENTO=\"Manual\",$M75=$A$15)),0,\n         IF(OFFSET(CRONOPLE!$F$15,$M75-$A$15,BD$13)=\"\",10^12,OFFSET(CRONOPLE!$F$15,$M75-$A$15,BD$13)))","v":2},{"$f":"IF(OR($D75<>\"Serviço\",AND(AUTOEVENTO=\"Manual\",$M75=$A$15)),0,\n         IF(OFFSET(CRONOPLE!$F$15,$M75-$A$15,BE$13)=\"\",10^12,OFFSET(CRONOPLE!$F$15,$M75-$A$15,BE$13)))","v":3},{"$f":"IF(OR($D75<>\"Serviço\",AND(AUTOEVENTO=\"Manual\",$M75=$A$15)),0,\n         IF(OFFSET(CRONOPLE!$F$15,$M75-$A$15,BF$13)=\"\",10^12,OFFSET(CRONOPLE!$F$15,$M75-$A$15,BF$13)))","v":1000000000000},{"$f":"IF(OR($D75<>\"Serviço\",AND(AUTOEVENTO=\"Manual\",$M75=$A$15)),0,\n         IF(OFFSET(CRONOPLE!$F$15,$M75-$A$15,BG$13)=\"\",10^12,OFFSET(CRONOPLE!$F$15,$M75-$A$15,BG$13)))","v":1000000000000},{"$f":"IF(OR($D75<>\"Serviço\",AND(AUTOEVENTO=\"Manual\",$M75=$A$15)),0,\n         IF(OFFSET(CRONOPLE!$F$15,$M75-$A$15,BH$13)=\"\",10^12,OFFSET(CRONOPLE!$F$15,$M75-$A$15,BH$13)))","v":1000000000000},{"$f":"IF(OR($D75<>\"Serviço\",AND(AUTOEVENTO=\"Manual\",$M75=$A$15)),0,\n         IF(OFFSET(CRONOPLE!$F$15,$M75-$A$15,BI$13)=\"\",10^12,OFFSET(CRONOPLE!$F$15,$M75-$A$15,BI$13)))","v":1000000000000},{"$f":"IF(OR($D75<>\"Serviço\",AND(AUTOEVENTO=\"Manual\",$M75=$A$15)),0,\n         IF(OFFSET(CRONOPLE!$F$15,$M75-$A$15,BJ$13)=\"\",10^12,OFFSET(CRONOPLE!$F$15,$M75-$A$15,BJ$13)))","v":1000000000000},{"$f":"IF(OR($D75<>\"Serviço\",AND(AUTOEVENTO=\"Manual\",$M75=$A$15)),0,\n         IF(OFFSET(CRONOPLE!$F$15,$M75-$A$15,BK$13)=\"\",10^12,OFFSET(CRONOPLE!$F$15,$M75-$A$15,BK$13)))","v":1000000000000},{"$f":"IF(OR($D75<>\"Serviço\",AND(AUTOEVENTO=\"Manual\",$M75=$A$15)),0,\n         IF(OFFSET(CRONOPLE!$F$15,$M75-$A$15,BL$13)=\"\",10^12,OFFSET(CRONOPLE!$F$15,$M75-$A$15,BL$13)))","v":1000000000000},{"$f":"IF(OR($D75<>\"Serviço\",AND(AUTOEVENTO=\"Manual\",$M75=$A$15)),0,\n         IF(OFFSET(CRONOPLE!$F$15,$M75-$A$15,BM$13)=\"\",10^12,OFFSET(CRONOPLE!$F$15,$M75-$A$15,BM$13)))","v":1000000000000},{"$f":"IF(OR($D75<>\"Serviço\",AND(AUTOEVENTO=\"Manual\",$M75=$A$15)),0,\n         IF(OFFSET(CRONOPLE!$F$15,$M75-$A$15,BN$13)=\"\",10^12,OFFSET(CRONOPLE!$F$15,$M75-$A$15,BN$13)))","v":1000000000000},{"$f":"IF(OR($D75<>\"Serviço\",AND(AUTOEVENTO=\"Manual\",$M75=$A$15)),0,\n         IF(OFFSET(CRONOPLE!$F$15,$M75-$A$15,BO$13)=\"\",10^12,OFFSET(CRONOPLE!$F$15,$M75-$A$15,BO$13)))","v":1000000000000},{"$f":"IF(OR($D75<>\"Serviço\",AND(AUTOEVENTO=\"Manual\",$M75=$A$15)),0,\n         IF(OFFSET(CRONOPLE!$F$15,$M75-$A$15,BP$13)=\"\",10^12,OFFSET(CRONOPLE!$F$15,$M75-$A$15,BP$13)))","v":1000000000000},{"$f":"IF(OR($D75<>\"Serviço\",AND(AUTOEVENTO=\"Manual\",$M75=$A$15)),0,\n         IF(OFFSET(CRONOPLE!$F$15,$M75-$A$15,BQ$13)=\"\",10^12,OFFSET(CRONOPLE!$F$15,$M75-$A$15,BQ$13)))","v":1000000000000},{"$f":"IF(OR($D75<>\"Serviço\",AND(AUTOEVENTO=\"Manual\",$M75=$A$15)),0,\n         IF(OFFSET(CRONOPLE!$F$15,$M75-$A$15,BR$13)=\"\",10^12,OFFSET(CRONOPLE!$F$15,$M75-$A$15,BR$13)))","v":1000000000000},{"$f":"IF(OR($D75<>\"Serviço\",AND(AUTOEVENTO=\"Manual\",$M75=$A$15)),0,\n         IF(OFFSET(CRONOPLE!$F$15,$M75-$A$15,BS$13)=\"\",10^12,OFFSET(CRONOPLE!$F$15,$M75-$A$15,BS$13)))","v":1000000000000},{"$f":"IF(OR($D75<>\"Serviço\",AND(AUTOEVENTO=\"Manual\",$M75=$A$15)),0,\n         IF(OFFSET(CRONOPLE!$F$15,$M75-$A$15,BT$13)=\"\",10^12,OFFSET(CRONOPLE!$F$15,$M75-$A$15,BT$13)))","v":1000000000000},null,{"$f":"IF(OR($D75<>\"Serviço\",AND(AUTOEVENTO=\"Manual\",$M75=$A$15),$M75>(ROW(PLE.lastrow)-ROW(PLE.firstrow))),0,\n           IF(OFFSET(PLE!$G$15,$M75-$A$15,BV$13)=\"\",10^12,OFFSET(PLE!$G$15,$M75-$A$15,BV$13)))","v":1000000000000},{"$f":"IF(OR($D75<>\"Serviço\",AND(AUTOEVENTO=\"Manual\",$M75=$A$15),$M75>(ROW(PLE.lastrow)-ROW(PLE.firstrow))),0,\n           IF(OFFSET(PLE!$G$15,$M75-$A$15,BW$13)=\"\",10^12,OFFSET(PLE!$G$15,$M75-$A$15,BW$13)))","v":1000000000000},{"$f":"IF(OR($D75<>\"Serviço\",AND(AUTOEVENTO=\"Manual\",$M75=$A$15),$M75>(ROW(PLE.lastrow)-ROW(PLE.firstrow))),0,\n           IF(OFFSET(PLE!$G$15,$M75-$A$15,BX$13)=\"\",10^12,OFFSET(PLE!$G$15,$M75-$A$15,BX$13)))","v":1000000000000},{"$f":"IF(OR($D75<>\"Serviço\",AND(AUTOEVENTO=\"Manual\",$M75=$A$15),$M75>(ROW(PLE.lastrow)-ROW(PLE.firstrow))),0,\n           IF(OFFSET(PLE!$G$15,$M75-$A$15,BY$13)=\"\",10^12,OFFSET(PLE!$G$15,$M75-$A$15,BY$13)))","v":1000000000000},{"$f":"IF(OR($D75<>\"Serviço\",AND(AUTOEVENTO=\"Manual\",$M75=$A$15),$M75>(ROW(PLE.lastrow)-ROW(PLE.firstrow))),0,\n           IF(OFFSET(PLE!$G$15,$M75-$A$15,BZ$13)=\"\",10^12,OFFSET(PLE!$G$15,$M75-$A$15,BZ$13)))","v":1000000000000},{"$f":"IF(OR($D75<>\"Serviço\",AND(AUTOEVENTO=\"Manual\",$M75=$A$15),$M75>(ROW(PLE.lastrow)-ROW(PLE.firstrow))),0,\n           IF(OFFSET(PLE!$G$15,$M75-$A$15,CA$13)=\"\",10^12,OFFSET(PLE!$G$15,$M75-$A$15,CA$13)))","v":1000000000000},{"$f":"IF(OR($D75<>\"Serviço\",AND(AUTOEVENTO=\"Manual\",$M75=$A$15),$M75>(ROW(PLE.lastrow)-ROW(PLE.firstrow))),0,\n           IF(OFFSET(PLE!$G$15,$M75-$A$15,CB$13)=\"\",10^12,OFFSET(PLE!$G$15,$M75-$A$15,CB$13)))","v":1000000000000},{"$f":"IF(OR($D75<>\"Serviço\",AND(AUTOEVENTO=\"Manual\",$M75=$A$15),$M75>(ROW(PLE.lastrow)-ROW(PLE.firstrow))),0,\n           IF(OFFSET(PLE!$G$15,$M75-$A$15,CC$13)=\"\",10^12,OFFSET(PLE!$G$15,$M75-$A$15,CC$13)))","v":1000000000000},{"$f":"IF(OR($D75<>\"Serviço\",AND(AUTOEVENTO=\"Manual\",$M75=$A$15),$M75>(ROW(PLE.lastrow)-ROW(PLE.firstrow))),0,\n           IF(OFFSET(PLE!$G$15,$M75-$A$15,CD$13)=\"\",10^12,OFFSET(PLE!$G$15,$M75-$A$15,CD$13)))","v":1000000000000},{"$f":"IF(OR($D75<>\"Serviço\",AND(AUTOEVENTO=\"Manual\",$M75=$A$15),$M75>(ROW(PLE.lastrow)-ROW(PLE.firstrow))),0,\n           IF(OFFSET(PLE!$G$15,$M75-$A$15,CE$13)=\"\",10^12,OFFSET(PLE!$G$15,$M75-$A$15,CE$13)))","v":1000000000000},{"$f":"IF(OR($D75<>\"Serviço\",AND(AUTOEVENTO=\"Manual\",$M75=$A$15),$M75>(ROW(PLE.lastrow)-ROW(PLE.firstrow))),0,\n           IF(OFFSET(PLE!$G$15,$M75-$A$15,CF$13)=\"\",10^12,OFFSET(PLE!$G$15,$M75-$A$15,CF$13)))","v":1000000000000},{"$f":"IF(OR($D75<>\"Serviço\",AND(AUTOEVENTO=\"Manual\",$M75=$A$15),$M75>(ROW(PLE.lastrow)-ROW(PLE.firstrow))),0,\n           IF(OFFSET(PLE!$G$15,$M75-$A$15,CG$13)=\"\",10^12,OFFSET(PLE!$G$15,$M75-$A$15,CG$13)))","v":1000000000000},{"$f":"IF(OR($D75<>\"Serviço\",AND(AUTOEVENTO=\"Manual\",$M75=$A$15),$M75>(ROW(PLE.lastrow)-ROW(PLE.firstrow))),0,\n           IF(OFFSET(PLE!$G$15,$M75-$A$15,CH$13)=\"\",10^12,OFFSET(PLE!$G$15,$M75-$A$15,CH$13)))","v":1000000000000},{"$f":"IF(OR($D75<>\"Serviço\",AND(AUTOEVENTO=\"Manual\",$M75=$A$15),$M75>(ROW(PLE.lastrow)-ROW(PLE.firstrow))),0,\n           IF(OFFSET(PLE!$G$15,$M75-$A$15,CI$13)=\"\",10^12,OFFSET(PLE!$G$15,$M75-$A$15,CI$13)))","v":1000000000000},{"$f":"IF(OR($D75<>\"Serviço\",AND(AUTOEVENTO=\"Manual\",$M75=$A$15),$M75>(ROW(PLE.lastrow)-ROW(PLE.firstrow))),0,\n           IF(OFFSET(PLE!$G$15,$M75-$A$15,CJ$13)=\"\",10^12,OFFSET(PLE!$G$15,$M75-$A$15,CJ$13)))","v":1000000000000},{"$f":"IF(OR($D75<>\"Serviço\",AND(AUTOEVENTO=\"Manual\",$M75=$A$15),$M75>(ROW(PLE.lastrow)-ROW(PLE.firstrow))),0,\n           IF(OFFSET(PLE!$G$15,$M75-$A$15,CK$13)=\"\",10^12,OFFSET(PLE!$G$15,$M75-$A$15,CK$13)))","v":1000000000000},{"$f":"IF(OR($D75<>\"Serviço\",AND(AUTOEVENTO=\"Manual\",$M75=$A$15),$M75>(ROW(PLE.lastrow)-ROW(PLE.firstrow))),0,\n           IF(OFFSET(PLE!$G$15,$M75-$A$15,CL$13)=\"\",10^12,OFFSET(PLE!$G$15,$M75-$A$15,CL$13)))","v":1000000000000},{"$f":"IF(OR($D75<>\"Serviço\",AND(AUTOEVENTO=\"Manual\",$M75=$A$15),$M75>(ROW(PLE.lastrow)-ROW(PLE.firstrow))),0,\n           IF(OFFSET(PLE!$G$15,$M75-$A$15,CM$13)=\"\",10^12,OFFSET(PLE!$G$15,$M75-$A$15,CM$13)))","v":1000000000000}]
[0,{"$f":"OFFSET(ORÇAMENTO!C$15,ROW(B76)-ROW(B$15),0)","v":2},{"$f":"OFFSET(ORÇAMENTO!L$15,ROW(C76)-ROW(C$15),0)","v":"F"},{"$f":"OFFSET(ORÇAMENTO!N$15,ROW(D76)-ROW(D$15),0)","v":"Nível 2"},{"$f":"OFFSET(ORÇAMENTO!O$15,ROW(E76)-ROW(E$15),0)","v":"1.7."},{"$f":"OFFSET(ORÇAMENTO!R$15,ROW(F76)-ROW(F$15),0)","v":"IMPLANTAÇÃO ASFÁLTICA -  PINTURA DE LIGAÇÃO"},{"$f":"IF($D76<>\"Serviço\",\"\",OFFSET(ORÇAMENTO!S$15,ROW(G76)-ROW(G$15),0))","v":""},{"$f":"IF($D76<>\"Serviço\",0,IF(ACOMPANHAMENTO=\"BM\",ROUND(OFFSET(ORÇAMENTO!AJ$15,ROW(H76)-ROW(H$15),0),15-13*ORÇAMENTO!$AF$7),SUMPRODUCT(($Q$1:$AI$1=1)*ROUND($Q76:$AI76,15-13*ORÇAMENTO!$AF$7))))","v":0},null,{"$f":"IF(B76<>\"S\",\"\",IF(AND(ACOMPANHAMENTO=\"PLE\",AUTOEVENTO=\"Manual\",OR(H76>0,ORÇAMENTO!AC76=\"QUANT.\"),OR(K76=\"\",M76=0,N76=\"\")),\"►\",IF(AND(ACOMPANHAMENTO=\"PLE\",ORÇAMENTO!AC76=\"QUANT.\"),\"►►\",IF(AND(COUNTIF($P$11:$AI$11,\"▼\")=0,H76>0,I76=\"\"),\"◄\",\"\"))))","v":""},null,".",{"$f":"IF($D76<>\"Serviço\",\"\",\n          IF(AUTOEVENTO=\"manual\",$A76,\n                IF(ISERROR(MATCH($A76,$A$15:OFFSET($A76,-1,0),0)),MAX($M$15:OFFSET(M76,-1,0))+1,\n                      INDEX($M$15:OFFSET(M76,-1,0),MATCH($A76,$A$15:OFFSET($A76,-1,0),0)))))","v":""},{"$f":"IF($D76<>\"Serviço\",\"\",\n         IF(AUTOEVENTO=\"Manual\",\n                IF($A76=0,\"<-- defina o número do agrupador\",\n                       OFFSET(EVENTOS!$D$15,$A76-$A$15,0)),\n                OFFSET($F$15,$A76,0)))","v":""},null,null,null,null,null,null,null,null,null,null,null,null,null,null,null,null,null,null,null,null,null,{"$f":"IF(AND($D76=\"Serviço\",AJ$12<>0,$H76>0,OR(AUTOEVENTO<>\"manual\",$M76<>$A$15)),\n        IF(Import.TipoArredondamento<>\"TransfereGOV\",\n              ROUND(OFFSET($P76,0,AJ$13),15-13*ORÇAMENTO!$AF$7)/$H76*OFFSET(ORÇAMENTO!$X$15,ROW(AJ76)-ROW(AJ$15),0),\n              ROUND(ROUND(OFFSET($P76,0,AJ$13),15-13*ORÇAMENTO!$AF$7)*OFFSET(ORÇAMENTO!$W$15,ROW(AJ76)-ROW(AJ$15),0),15-13*ORÇAMENTO!$AF$11)),\n         0)","v":0},{"$f":"IF(AND($D76=\"Serviço\",AK$12<>0,$H76>0,OR(AUTOEVENTO<>\"manual\",$M76<>$A$15)),\n        IF(Import.TipoArredondamento<>\"TransfereGOV\",\n              ROUND(OFFSET($P76,0,AK$13),15-13*ORÇAMENTO!$AF$7)/$H76*OFFSET(ORÇAMENTO!$X$15,ROW(AK76)-ROW(AK$15),0),\n              ROUND(ROUND(OFFSET($P76,0,AK$13),15-13*ORÇAMENTO!$AF$7)*OFFSET(ORÇAMENTO!$W$15,ROW(AK76)-ROW(AK$15),0),15-13*ORÇAMENTO!$AF$11)),\n         0)","v":0},{"$f":"IF(AND($D76=\"Serviço\",AL$12<>0,$H76>0,OR(AUTOEVENTO<>\"manual\",$M76<>$A$15)),\n        IF(Import.TipoArredondamento<>\"TransfereGOV\",\n              ROUND(OFFSET($P76,0,AL$13),15-13*ORÇAMENTO!$AF$7)/$H76*OFFSET(ORÇAMENTO!$X$15,ROW(AL76)-ROW(AL$15),0),\n              ROUND(ROUND(OFFSET($P76,0,AL$13),15-13*ORÇAMENTO!$AF$7)*OFFSET(ORÇAMENTO!$W$15,ROW(AL76)-ROW(AL$15),0),15-13*ORÇAMENTO!$AF$11)),\n         0)","v":0},{"$f":"IF(AND($D76=\"Serviço\",AM$12<>0,$H76>0,OR(AUTOEVENTO<>\"manual\",$M76<>$A$15)),\n        IF(Import.TipoArredondamento<>\"TransfereGOV\",\n              ROUND(OFFSET($P76,0,AM$13),15-13*ORÇAMENTO!$AF$7)/$H76*OFFSET(ORÇAMENTO!$X$15,ROW(AM76)-ROW(AM$15),0),\n              ROUND(ROUND(OFFSET($P76,0,AM$13),15-13*ORÇAMENTO!$AF$7)*OFFSET(ORÇAMENTO!$W$15,ROW(AM76)-ROW(AM$15),0),15-13*ORÇAMENTO!$AF$11)),\n         0)","v":0},{"$f":"IF(AND($D76=\"Serviço\",AN$12<>0,$H76>0,OR(AUTOEVENTO<>\"manual\",$M76<>$A$15)),\n        IF(Import.TipoArredondamento<>\"TransfereGOV\",\n              ROUND(OFFSET($P76,0,AN$13),15-13*ORÇAMENTO!$AF$7)/$H76*OFFSET(ORÇAMENTO!$X$15,ROW(AN76)-ROW(AN$15),0),\n              ROUND(ROUND(OFFSET($P76,0,AN$13),15-13*ORÇAMENTO!$AF$7)*OFFSET(ORÇAMENTO!$W$15,ROW(AN76)-ROW(AN$15),0),15-13*ORÇAMENTO!$AF$11)),\n         0)","v":0},{"$f":"IF(AND($D76=\"Serviço\",AO$12<>0,$H76>0,OR(AUTOEVENTO<>\"manual\",$M76<>$A$15)),\n        IF(Import.TipoArredondamento<>\"TransfereGOV\",\n              ROUND(OFFSET($P76,0,AO$13),15-13*ORÇAMENTO!$AF$7)/$H76*OFFSET(ORÇAMENTO!$X$15,ROW(AO76)-ROW(AO$15),0),\n              ROUND(ROUND(OFFSET($P76,0,AO$13),15-13*ORÇAMENTO!$AF$7)*OFFSET(ORÇAMENTO!$W$15,ROW(AO76)-ROW(AO$15),0),15-13*ORÇAMENTO!$AF$11)),\n         0)","v":0},{"$f":"IF(AND($D76=\"Serviço\",AP$12<>0,$H76>0,OR(AUTOEVENTO<>\"manual\",$M76<>$A$15)),\n        IF(Import.TipoArredondamento<>\"TransfereGOV\",\n              ROUND(OFFSET($P76,0,AP$13),15-13*ORÇAMENTO!$AF$7)/$H76*OFFSET(ORÇAMENTO!$X$15,ROW(AP76)-ROW(AP$15),0),\n              ROUND(ROUND(OFFSET($P76,0,AP$13),15-13*ORÇAMENTO!$AF$7)*OFFSET(ORÇAMENTO!$W$15,ROW(AP76)-ROW(AP$15),0),15-13*ORÇAMENTO!$AF$11)),\n         0)","v":0},{"$f":"IF(AND($D76=\"Serviço\",AQ$12<>0,$H76>0,OR(AUTOEVENTO<>\"manual\",$M76<>$A$15)),\n        IF(Import.TipoArredondamento<>\"TransfereGOV\",\n              ROUND(OFFSET($P76,0,AQ$13),15-13*ORÇAMENTO!$AF$7)/$H76*OFFSET(ORÇAMENTO!$X$15,ROW(AQ76)-ROW(AQ$15),0),\n              ROUND(ROUND(OFFSET($P76,0,AQ$13),15-13*ORÇAMENTO!$AF$7)*OFFSET(ORÇAMENTO!$W$15,ROW(AQ76)-ROW(AQ$15),0),15-13*ORÇAMENTO!$AF$11)),\n         0)","v":0},{"$f":"IF(AND($D76=\"Serviço\",AR$12<>0,$H76>0,OR(AUTOEVENTO<>\"manual\",$M76<>$A$15)),\n        IF(Import.TipoArredondamento<>\"TransfereGOV\",\n              ROUND(OFFSET($P76,0,AR$13),15-13*ORÇAMENTO!$AF$7)/$H76*OFFSET(ORÇAMENTO!$X$15,ROW(AR76)-ROW(AR$15),0),\n              ROUND(ROUND(OFFSET($P76,0,AR$13),15-13*ORÇAMENTO!$AF$7)*OFFSET(ORÇAMENTO!$W$15,ROW(AR76)-ROW(AR$15),0),15-13*ORÇAMENTO!$AF$11)),\n         0)","v":0},{"$f":"IF(AND($D76=\"Serviço\",AS$12<>0,$H76>0,OR(AUTOEVENTO<>\"manual\",$M76<>$A$15)),\n        IF(Import.TipoArredondamento<>\"TransfereGOV\",\n              ROUND(OFFSET($P76,0,AS$13),15-13*ORÇAMENTO!$AF$7)/$H76*OFFSET(ORÇAMENTO!$X$15,ROW(AS76)-ROW(AS$15),0),\n              ROUND(ROUND(OFFSET($P76,0,AS$13),15-13*ORÇAMENTO!$AF$7)*OFFSET(ORÇAMENTO!$W$15,ROW(AS76)-ROW(AS$15),0),15-13*ORÇAMENTO!$AF$11)),\n         0)","v":0},{"$f":"IF(AND($D76=\"Serviço\",AT$12<>0,$H76>0,OR(AUTOEVENTO<>\"manual\",$M76<>$A$15)),\n        IF(Import.TipoArredondamento<>\"TransfereGOV\",\n              ROUND(OFFSET($P76,0,AT$13),15-13*ORÇAMENTO!$AF$7)/$H76*OFFSET(ORÇAMENTO!$X$15,ROW(AT76)-ROW(AT$15),0),\n              ROUND(ROUND(OFFSET($P76,0,AT$13),15-13*ORÇAMENTO!$AF$7)*OFFSET(ORÇAMENTO!$W$15,ROW(AT76)-ROW(AT$15),0),15-13*ORÇAMENTO!$AF$11)),\n         0)","v":0},{"$f":"IF(AND($D76=\"Serviço\",AU$12<>0,$H76>0,OR(AUTOEVENTO<>\"manual\",$M76<>$A$15)),\n        IF(Import.TipoArredondamento<>\"TransfereGOV\",\n              ROUND(OFFSET($P76,0,AU$13),15-13*ORÇAMENTO!$AF$7)/$H76*OFFSET(ORÇAMENTO!$X$15,ROW(AU76)-ROW(AU$15),0),\n              ROUND(ROUND(OFFSET($P76,0,AU$13),15-13*ORÇAMENTO!$AF$7)*OFFSET(ORÇAMENTO!$W$15,ROW(AU76)-ROW(AU$15),0),15-13*ORÇAMENTO!$AF$11)),\n         0)","v":0},{"$f":"IF(AND($D76=\"Serviço\",AV$12<>0,$H76>0,OR(AUTOEVENTO<>\"manual\",$M76<>$A$15)),\n        IF(Import.TipoArredondamento<>\"TransfereGOV\",\n              ROUND(OFFSET($P76,0,AV$13),15-13*ORÇAMENTO!$AF$7)/$H76*OFFSET(ORÇAMENTO!$X$15,ROW(AV76)-ROW(AV$15),0),\n              ROUND(ROUND(OFFSET($P76,0,AV$13),15-13*ORÇAMENTO!$AF$7)*OFFSET(ORÇAMENTO!$W$15,ROW(AV76)-ROW(AV$15),0),15-13*ORÇAMENTO!$AF$11)),\n         0)","v":0},{"$f":"IF(AND($D76=\"Serviço\",AW$12<>0,$H76>0,OR(AUTOEVENTO<>\"manual\",$M76<>$A$15)),\n        IF(Import.TipoArredondamento<>\"TransfereGOV\",\n              ROUND(OFFSET($P76,0,AW$13),15-13*ORÇAMENTO!$AF$7)/$H76*OFFSET(ORÇAMENTO!$X$15,ROW(AW76)-ROW(AW$15),0),\n              ROUND(ROUND(OFFSET($P76,0,AW$13),15-13*ORÇAMENTO!$AF$7)*OFFSET(ORÇAMENTO!$W$15,ROW(AW76)-ROW(AW$15),0),15-13*ORÇAMENTO!$AF$11)),\n         0)","v":0},{"$f":"IF(AND($D76=\"Serviço\",AX$12<>0,$H76>0,OR(AUTOEVENTO<>\"manual\",$M76<>$A$15)),\n        IF(Import.TipoArredondamento<>\"TransfereGOV\",\n              ROUND(OFFSET($P76,0,AX$13),15-13*ORÇAMENTO!$AF$7)/$H76*OFFSET(ORÇAMENTO!$X$15,ROW(AX76)-ROW(AX$15),0),\n              ROUND(ROUND(OFFSET($P76,0,AX$13),15-13*ORÇAMENTO!$AF$7)*OFFSET(ORÇAMENTO!$W$15,ROW(AX76)-ROW(AX$15),0),15-13*ORÇAMENTO!$AF$11)),\n         0)","v":0},{"$f":"IF(AND($D76=\"Serviço\",AY$12<>0,$H76>0,OR(AUTOEVENTO<>\"manual\",$M76<>$A$15)),\n        IF(Import.TipoArredondamento<>\"TransfereGOV\",\n              ROUND(OFFSET($P76,0,AY$13),15-13*ORÇAMENTO!$AF$7)/$H76*OFFSET(ORÇAMENTO!$X$15,ROW(AY76)-ROW(AY$15),0),\n              ROUND(ROUND(OFFSET($P76,0,AY$13),15-13*ORÇAMENTO!$AF$7)*OFFSET(ORÇAMENTO!$W$15,ROW(AY76)-ROW(AY$15),0),15-13*ORÇAMENTO!$AF$11)),\n         0)","v":0},{"$f":"IF(AND($D76=\"Serviço\",AZ$12<>0,$H76>0,OR(AUTOEVENTO<>\"manual\",$M76<>$A$15)),\n        IF(Import.TipoArredondamento<>\"TransfereGOV\",\n              ROUND(OFFSET($P76,0,AZ$13),15-13*ORÇAMENTO!$AF$7)/$H76*OFFSET(ORÇAMENTO!$X$15,ROW(AZ76)-ROW(AZ$15),0),\n              ROUND(ROUND(OFFSET($P76,0,AZ$13),15-13*ORÇAMENTO!$AF$7)*OFFSET(ORÇAMENTO!$W$15,ROW(AZ76)-ROW(AZ$15),0),15-13*ORÇAMENTO!$AF$11)),\n         0)","v":0},{"$f":"IF(AND($D76=\"Serviço\",BA$12<>0,$H76>0,OR(AUTOEVENTO<>\"manual\",$M76<>$A$15)),\n        IF(Import.TipoArredondamento<>\"TransfereGOV\",\n              ROUND(OFFSET($P76,0,BA$13),15-13*ORÇAMENTO!$AF$7)/$H76*OFFSET(ORÇAMENTO!$X$15,ROW(BA76)-ROW(BA$15),0),\n              ROUND(ROUND(OFFSET($P76,0,BA$13),15-13*ORÇAMENTO!$AF$7)*OFFSET(ORÇAMENTO!$W$15,ROW(BA76)-ROW(BA$15),0),15-13*ORÇAMENTO!$AF$11)),\n         0)","v":0},null,{"$f":"IF(OR($D76<>\"Serviço\",AND(AUTOEVENTO=\"Manual\",$M76=$A$15)),0,\n         IF(OFFSET(CRONOPLE!$F$15,$M76-$A$15,BC$13)=\"\",10^12,OFFSET(CRONOPLE!$F$15,$M76-$A$15,BC$13)))","v":0},{"$f":"IF(OR($D76<>\"Serviço\",AND(AUTOEVENTO=\"Manual\",$M76=$A$15)),0,\n         IF(OFFSET(CRONOPLE!$F$15,$M76-$A$15,BD$13)=\"\",10^12,OFFSET(CRONOPLE!$F$15,$M76-$A$15,BD$13)))","v":0},{"$f":"IF(OR($D76<>\"Serviço\",AND(AUTOEVENTO=\"Manual\",$M76=$A$15)),0,\n         IF(OFFSET(CRONOPLE!$F$15,$M76-$A$15,BE$13)=\"\",10^12,OFFSET(CRONOPLE!$F$15,$M76-$A$15,BE$13)))","v":0},{"$f":"IF(OR($D76<>\"Serviço\",AND(AUTOEVENTO=\"Manual\",$M76=$A$15)),0,\n         IF(OFFSET(CRONOPLE!$F$15,$M76-$A$15,BF$13)=\"\",10^12,OFFSET(CRONOPLE!$F$15,$M76-$A$15,BF$13)))","v":0},{"$f":"IF(OR($D76<>\"Serviço\",AND(AUTOEVENTO=\"Manual\",$M76=$A$15)),0,\n         IF(OFFSET(CRONOPLE!$F$15,$M76-$A$15,BG$13)=\"\",10^12,OFFSET(CRONOPLE!$F$15,$M76-$A$15,BG$13)))","v":0},{"$f":"IF(OR($D76<>\"Serviço\",AND(AUTOEVENTO=\"Manual\",$M76=$A$15)),0,\n         IF(OFFSET(CRONOPLE!$F$15,$M76-$A$15,BH$13)=\"\",10^12,OFFSET(CRONOPLE!$F$15,$M76-$A$15,BH$13)))","v":0},{"$f":"IF(OR($D76<>\"Serviço\",AND(AUTOEVENTO=\"Manual\",$M76=$A$15)),0,\n         IF(OFFSET(CRONOPLE!$F$15,$M76-$A$15,BI$13)=\"\",10^12,OFFSET(CRONOPLE!$F$15,$M76-$A$15,BI$13)))","v":0},{"$f":"IF(OR($D76<>\"Serviço\",AND(AUTOEVENTO=\"Manual\",$M76=$A$15)),0,\n         IF(OFFSET(CRONOPLE!$F$15,$M76-$A$15,BJ$13)=\"\",10^12,OFFSET(CRONOPLE!$F$15,$M76-$A$15,BJ$13)))","v":0},{"$f":"IF(OR($D76<>\"Serviço\",AND(AUTOEVENTO=\"Manual\",$M76=$A$15)),0,\n         IF(OFFSET(CRONOPLE!$F$15,$M76-$A$15,BK$13)=\"\",10^12,OFFSET(CRONOPLE!$F$15,$M76-$A$15,BK$13)))","v":0},{"$f":"IF(OR($D76<>\"Serviço\",AND(AUTOEVENTO=\"Manual\",$M76=$A$15)),0,\n         IF(OFFSET(CRONOPLE!$F$15,$M76-$A$15,BL$13)=\"\",10^12,OFFSET(CRONOPLE!$F$15,$M76-$A$15,BL$13)))","v":0},{"$f":"IF(OR($D76<>\"Serviço\",AND(AUTOEVENTO=\"Manual\",$M76=$A$15)),0,\n         IF(OFFSET(CRONOPLE!$F$15,$M76-$A$15,BM$13)=\"\",10^12,OFFSET(CRONOPLE!$F$15,$M76-$A$15,BM$13)))","v":0},{"$f":"IF(OR($D76<>\"Serviço\",AND(AUTOEVENTO=\"Manual\",$M76=$A$15)),0,\n         IF(OFFSET(CRONOPLE!$F$15,$M76-$A$15,BN$13)=\"\",10^12,OFFSET(CRONOPLE!$F$15,$M76-$A$15,BN$13)))","v":0},{"$f":"IF(OR($D76<>\"Serviço\",AND(AUTOEVENTO=\"Manual\",$M76=$A$15)),0,\n         IF(OFFSET(CRONOPLE!$F$15,$M76-$A$15,BO$13)=\"\",10^12,OFFSET(CRONOPLE!$F$15,$M76-$A$15,BO$13)))","v":0},{"$f":"IF(OR($D76<>\"Serviço\",AND(AUTOEVENTO=\"Manual\",$M76=$A$15)),0,\n         IF(OFFSET(CRONOPLE!$F$15,$M76-$A$15,BP$13)=\"\",10^12,OFFSET(CRONOPLE!$F$15,$M76-$A$15,BP$13)))","v":0},{"$f":"IF(OR($D76<>\"Serviço\",AND(AUTOEVENTO=\"Manual\",$M76=$A$15)),0,\n         IF(OFFSET(CRONOPLE!$F$15,$M76-$A$15,BQ$13)=\"\",10^12,OFFSET(CRONOPLE!$F$15,$M76-$A$15,BQ$13)))","v":0},{"$f":"IF(OR($D76<>\"Serviço\",AND(AUTOEVENTO=\"Manual\",$M76=$A$15)),0,\n         IF(OFFSET(CRONOPLE!$F$15,$M76-$A$15,BR$13)=\"\",10^12,OFFSET(CRONOPLE!$F$15,$M76-$A$15,BR$13)))","v":0},{"$f":"IF(OR($D76<>\"Serviço\",AND(AUTOEVENTO=\"Manual\",$M76=$A$15)),0,\n         IF(OFFSET(CRONOPLE!$F$15,$M76-$A$15,BS$13)=\"\",10^12,OFFSET(CRONOPLE!$F$15,$M76-$A$15,BS$13)))","v":0},{"$f":"IF(OR($D76<>\"Serviço\",AND(AUTOEVENTO=\"Manual\",$M76=$A$15)),0,\n         IF(OFFSET(CRONOPLE!$F$15,$M76-$A$15,BT$13)=\"\",10^12,OFFSET(CRONOPLE!$F$15,$M76-$A$15,BT$13)))","v":0},null,{"$f":"IF(OR($D76<>\"Serviço\",AND(AUTOEVENTO=\"Manual\",$M76=$A$15),$M76>(ROW(PLE.lastrow)-ROW(PLE.firstrow))),0,\n           IF(OFFSET(PLE!$G$15,$M76-$A$15,BV$13)=\"\",10^12,OFFSET(PLE!$G$15,$M76-$A$15,BV$13)))","v":0},{"$f":"IF(OR($D76<>\"Serviço\",AND(AUTOEVENTO=\"Manual\",$M76=$A$15),$M76>(ROW(PLE.lastrow)-ROW(PLE.firstrow))),0,\n           IF(OFFSET(PLE!$G$15,$M76-$A$15,BW$13)=\"\",10^12,OFFSET(PLE!$G$15,$M76-$A$15,BW$13)))","v":0},{"$f":"IF(OR($D76<>\"Serviço\",AND(AUTOEVENTO=\"Manual\",$M76=$A$15),$M76>(ROW(PLE.lastrow)-ROW(PLE.firstrow))),0,\n           IF(OFFSET(PLE!$G$15,$M76-$A$15,BX$13)=\"\",10^12,OFFSET(PLE!$G$15,$M76-$A$15,BX$13)))","v":0},{"$f":"IF(OR($D76<>\"Serviço\",AND(AUTOEVENTO=\"Manual\",$M76=$A$15),$M76>(ROW(PLE.lastrow)-ROW(PLE.firstrow))),0,\n           IF(OFFSET(PLE!$G$15,$M76-$A$15,BY$13)=\"\",10^12,OFFSET(PLE!$G$15,$M76-$A$15,BY$13)))","v":0},{"$f":"IF(OR($D76<>\"Serviço\",AND(AUTOEVENTO=\"Manual\",$M76=$A$15),$M76>(ROW(PLE.lastrow)-ROW(PLE.firstrow))),0,\n           IF(OFFSET(PLE!$G$15,$M76-$A$15,BZ$13)=\"\",10^12,OFFSET(PLE!$G$15,$M76-$A$15,BZ$13)))","v":0},{"$f":"IF(OR($D76<>\"Serviço\",AND(AUTOEVENTO=\"Manual\",$M76=$A$15),$M76>(ROW(PLE.lastrow)-ROW(PLE.firstrow))),0,\n           IF(OFFSET(PLE!$G$15,$M76-$A$15,CA$13)=\"\",10^12,OFFSET(PLE!$G$15,$M76-$A$15,CA$13)))","v":0},{"$f":"IF(OR($D76<>\"Serviço\",AND(AUTOEVENTO=\"Manual\",$M76=$A$15),$M76>(ROW(PLE.lastrow)-ROW(PLE.firstrow))),0,\n           IF(OFFSET(PLE!$G$15,$M76-$A$15,CB$13)=\"\",10^12,OFFSET(PLE!$G$15,$M76-$A$15,CB$13)))","v":0},{"$f":"IF(OR($D76<>\"Serviço\",AND(AUTOEVENTO=\"Manual\",$M76=$A$15),$M76>(ROW(PLE.lastrow)-ROW(PLE.firstrow))),0,\n           IF(OFFSET(PLE!$G$15,$M76-$A$15,CC$13)=\"\",10^12,OFFSET(PLE!$G$15,$M76-$A$15,CC$13)))","v":0},{"$f":"IF(OR($D76<>\"Serviço\",AND(AUTOEVENTO=\"Manual\",$M76=$A$15),$M76>(ROW(PLE.lastrow)-ROW(PLE.firstrow))),0,\n           IF(OFFSET(PLE!$G$15,$M76-$A$15,CD$13)=\"\",10^12,OFFSET(PLE!$G$15,$M76-$A$15,CD$13)))","v":0},{"$f":"IF(OR($D76<>\"Serviço\",AND(AUTOEVENTO=\"Manual\",$M76=$A$15),$M76>(ROW(PLE.lastrow)-ROW(PLE.firstrow))),0,\n           IF(OFFSET(PLE!$G$15,$M76-$A$15,CE$13)=\"\",10^12,OFFSET(PLE!$G$15,$M76-$A$15,CE$13)))","v":0},{"$f":"IF(OR($D76<>\"Serviço\",AND(AUTOEVENTO=\"Manual\",$M76=$A$15),$M76>(ROW(PLE.lastrow)-ROW(PLE.firstrow))),0,\n           IF(OFFSET(PLE!$G$15,$M76-$A$15,CF$13)=\"\",10^12,OFFSET(PLE!$G$15,$M76-$A$15,CF$13)))","v":0},{"$f":"IF(OR($D76<>\"Serviço\",AND(AUTOEVENTO=\"Manual\",$M76=$A$15),$M76>(ROW(PLE.lastrow)-ROW(PLE.firstrow))),0,\n           IF(OFFSET(PLE!$G$15,$M76-$A$15,CG$13)=\"\",10^12,OFFSET(PLE!$G$15,$M76-$A$15,CG$13)))","v":0},{"$f":"IF(OR($D76<>\"Serviço\",AND(AUTOEVENTO=\"Manual\",$M76=$A$15),$M76>(ROW(PLE.lastrow)-ROW(PLE.firstrow))),0,\n           IF(OFFSET(PLE!$G$15,$M76-$A$15,CH$13)=\"\",10^12,OFFSET(PLE!$G$15,$M76-$A$15,CH$13)))","v":0},{"$f":"IF(OR($D76<>\"Serviço\",AND(AUTOEVENTO=\"Manual\",$M76=$A$15),$M76>(ROW(PLE.lastrow)-ROW(PLE.firstrow))),0,\n           IF(OFFSET(PLE!$G$15,$M76-$A$15,CI$13)=\"\",10^12,OFFSET(PLE!$G$15,$M76-$A$15,CI$13)))","v":0},{"$f":"IF(OR($D76<>\"Serviço\",AND(AUTOEVENTO=\"Manual\",$M76=$A$15),$M76>(ROW(PLE.lastrow)-ROW(PLE.firstrow))),0,\n           IF(OFFSET(PLE!$G$15,$M76-$A$15,CJ$13)=\"\",10^12,OFFSET(PLE!$G$15,$M76-$A$15,CJ$13)))","v":0},{"$f":"IF(OR($D76<>\"Serviço\",AND(AUTOEVENTO=\"Manual\",$M76=$A$15),$M76>(ROW(PLE.lastrow)-ROW(PLE.firstrow))),0,\n           IF(OFFSET(PLE!$G$15,$M76-$A$15,CK$13)=\"\",10^12,OFFSET(PLE!$G$15,$M76-$A$15,CK$13)))","v":0},{"$f":"IF(OR($D76<>\"Serviço\",AND(AUTOEVENTO=\"Manual\",$M76=$A$15),$M76>(ROW(PLE.lastrow)-ROW(PLE.firstrow))),0,\n           IF(OFFSET(PLE!$G$15,$M76-$A$15,CL$13)=\"\",10^12,OFFSET(PLE!$G$15,$M76-$A$15,CL$13)))","v":0},{"$f":"IF(OR($D76<>\"Serviço\",AND(AUTOEVENTO=\"Manual\",$M76=$A$15),$M76>(ROW(PLE.lastrow)-ROW(PLE.firstrow))),0,\n           IF(OFFSET(PLE!$G$15,$M76-$A$15,CM$13)=\"\",10^12,OFFSET(PLE!$G$15,$M76-$A$15,CM$13)))","v":0}]
[0,{"$f":"OFFSET(ORÇAMENTO!C$15,ROW(B77)-ROW(B$15),0)","v":"S"},{"$f":"OFFSET(ORÇAMENTO!L$15,ROW(C77)-ROW(C$15),0)","v":"F"},{"$f":"OFFSET(ORÇAMENTO!N$15,ROW(D77)-ROW(D$15),0)","v":"Serviço"},{"$f":"OFFSET(ORÇAMENTO!O$15,ROW(E77)-ROW(E$15),0)","v":"1.7.1."},{"$f":"OFFSET(ORÇAMENTO!R$15,ROW(F77)-ROW(F$15),0)","v":"EXECUÇÃO DE PINTURA DE LIGAÇÃO COM EMULSÃO ASFÁLTICA RR-1C"},{"$f":"IF($D77<>\"Serviço\",\"\",OFFSET(ORÇAMENTO!S$15,ROW(G77)-ROW(G$15),0))","v":"M2"},{"$f":"IF($D77<>\"Serviço\",0,IF(ACOMPANHAMENTO=\"BM\",ROUND(OFFSET(ORÇAMENTO!AJ$15,ROW(H77)-ROW(H$15),0),15-13*ORÇAMENTO!$AF$7),SUMPRODUCT(($Q$1:$AI$1=1)*ROUND($Q77:$AI77,15-13*ORÇAMENTO!$AF$7))))","v":1555.93},null,{"$f":"IF(B77<>\"S\",\"\",IF(AND(ACOMPANHAMENTO=\"PLE\",AUTOEVENTO=\"Manual\",OR(H77>0,ORÇAMENTO!AC77=\"QUANT.\"),OR(K77=\"\",M77=0,N77=\"\")),\"►\",IF(AND(ACOMPANHAMENTO=\"PLE\",ORÇAMENTO!AC77=\"QUANT.\"),\"►►\",IF(AND(COUNTIF($P$11:$AI$11,\"▼\")=0,H77>0,I77=\"\"),\"◄\",\"\"))))","v":"◄"},null,".",{"$f":"IF($D77<>\"Serviço\",\"\",\n          IF(AUTOEVENTO=\"manual\",$A77,\n                IF(ISERROR(MATCH($A77,$A$15:OFFSET($A77,-1,0),0)),MAX($M$15:OFFSET(M77,-1,0))+1,\n                      INDEX($M$15:OFFSET(M77,-1,0),MATCH($A77,$A$15:OFFSET($A77,-1,0),0)))))","v":0},{"$f":"IF($D77<>\"Serviço\",\"\",\n         IF(AUTOEVENTO=\"Manual\",\n                IF($A77=0,\"<-- defina o número do agrupador\",\n                       OFFSET(EVENTOS!$D$15,$A77-$A$15,0)),\n                OFFSET($F$15,$A77,0)))","v":"<-- defina o número do agrupador"},null,null,null,null,null,null,null,null,null,null,null,null,null,null,null,null,null,null,null,null,null,{"$f":"IF(AND($D77=\"Serviço\",AJ$12<>0,$H77>0,OR(AUTOEVENTO<>\"manual\",$M77<>$A$15)),\n        IF(Import.TipoArredondamento<>\"TransfereGOV\",\n              ROUND(OFFSET($P77,0,AJ$13),15-13*ORÇAMENTO!$AF$7)/$H77*OFFSET(ORÇAMENTO!$X$15,ROW(AJ77)-ROW(AJ$15),0),\n              ROUND(ROUND(OFFSET($P77,0,AJ$13),15-13*ORÇAMENTO!$AF$7)*OFFSET(ORÇAMENTO!$W$15,ROW(AJ77)-ROW(AJ$15),0),15-13*ORÇAMENTO!$AF$11)),\n         0)","v":0},{"$f":"IF(AND($D77=\"Serviço\",AK$12<>0,$H77>0,OR(AUTOEVENTO<>\"manual\",$M77<>$A$15)),\n        IF(Import.TipoArredondamento<>\"TransfereGOV\",\n              ROUND(OFFSET($P77,0,AK$13),15-13*ORÇAMENTO!$AF$7)/$H77*OFFSET(ORÇAMENTO!$X$15,ROW(AK77)-ROW(AK$15),0),\n              ROUND(ROUND(OFFSET($P77,0,AK$13),15-13*ORÇAMENTO!$AF$7)*OFFSET(ORÇAMENTO!$W$15,ROW(AK77)-ROW(AK$15),0),15-13*ORÇAMENTO!$AF$11)),\n         0)","v":0},{"$f":"IF(AND($D77=\"Serviço\",AL$12<>0,$H77>0,OR(AUTOEVENTO<>\"manual\",$M77<>$A$15)),\n        IF(Import.TipoArredondamento<>\"TransfereGOV\",\n              ROUND(OFFSET($P77,0,AL$13),15-13*ORÇAMENTO!$AF$7)/$H77*OFFSET(ORÇAMENTO!$X$15,ROW(AL77)-ROW(AL$15),0),\n              ROUND(ROUND(OFFSET($P77,0,AL$13),15-13*ORÇAMENTO!$AF$7)*OFFSET(ORÇAMENTO!$W$15,ROW(AL77)-ROW(AL$15),0),15-13*ORÇAMENTO!$AF$11)),\n         0)","v":0},{"$f":"IF(AND($D77=\"Serviço\",AM$12<>0,$H77>0,OR(AUTOEVENTO<>\"manual\",$M77<>$A$15)),\n        IF(Import.TipoArredondamento<>\"TransfereGOV\",\n              ROUND(OFFSET($P77,0,AM$13),15-13*ORÇAMENTO!$AF$7)/$H77*OFFSET(ORÇAMENTO!$X$15,ROW(AM77)-ROW(AM$15),0),\n              ROUND(ROUND(OFFSET($P77,0,AM$13),15-13*ORÇAMENTO!$AF$7)*OFFSET(ORÇAMENTO!$W$15,ROW(AM77)-ROW(AM$15),0),15-13*ORÇAMENTO!$AF$11)),\n         0)","v":0},{"$f":"IF(AND($D77=\"Serviço\",AN$12<>0,$H77>0,OR(AUTOEVENTO<>\"manual\",$M77<>$A$15)),\n        IF(Import.TipoArredondamento<>\"TransfereGOV\",\n              ROUND(OFFSET($P77,0,AN$13),15-13*ORÇAMENTO!$AF$7)/$H77*OFFSET(ORÇAMENTO!$X$15,ROW(AN77)-ROW(AN$15),0),\n              ROUND(ROUND(OFFSET($P77,0,AN$13),15-13*ORÇAMENTO!$AF$7)*OFFSET(ORÇAMENTO!$W$15,ROW(AN77)-ROW(AN$15),0),15-13*ORÇAMENTO!$AF$11)),\n         0)","v":0},{"$f":"IF(AND($D77=\"Serviço\",AO$12<>0,$H77>0,OR(AUTOEVENTO<>\"manual\",$M77<>$A$15)),\n        IF(Import.TipoArredondamento<>\"TransfereGOV\",\n              ROUND(OFFSET($P77,0,AO$13),15-13*ORÇAMENTO!$AF$7)/$H77*OFFSET(ORÇAMENTO!$X$15,ROW(AO77)-ROW(AO$15),0),\n              ROUND(ROUND(OFFSET($P77,0,AO$13),15-13*ORÇAMENTO!$AF$7)*OFFSET(ORÇAMENTO!$W$15,ROW(AO77)-ROW(AO$15),0),15-13*ORÇAMENTO!$AF$11)),\n         0)","v":0},{"$f":"IF(AND($D77=\"Serviço\",AP$12<>0,$H77>0,OR(AUTOEVENTO<>\"manual\",$M77<>$A$15)),\n        IF(Import.TipoArredondamento<>\"TransfereGOV\",\n              ROUND(OFFSET($P77,0,AP$13),15-13*ORÇAMENTO!$AF$7)/$H77*OFFSET(ORÇAMENTO!$X$15,ROW(AP77)-ROW(AP$15),0),\n              ROUND(ROUND(OFFSET($P77,0,AP$13),15-13*ORÇAMENTO!$AF$7)*OFFSET(ORÇAMENTO!$W$15,ROW(AP77)-ROW(AP$15),0),15-13*ORÇAMENTO!$AF$11)),\n         0)","v":0},{"$f":"IF(AND($D77=\"Serviço\",AQ$12<>0,$H77>0,OR(AUTOEVENTO<>\"manual\",$M77<>$A$15)),\n        IF(Import.TipoArredondamento<>\"TransfereGOV\",\n              ROUND(OFFSET($P77,0,AQ$13),15-13*ORÇAMENTO!$AF$7)/$H77*OFFSET(ORÇAMENTO!$X$15,ROW(AQ77)-ROW(AQ$15),0),\n              ROUND(ROUND(OFFSET($P77,0,AQ$13),15-13*ORÇAMENTO!$AF$7)*OFFSET(ORÇAMENTO!$W$15,ROW(AQ77)-ROW(AQ$15),0),15-13*ORÇAMENTO!$AF$11)),\n         0)","v":0},{"$f":"IF(AND($D77=\"Serviço\",AR$12<>0,$H77>0,OR(AUTOEVENTO<>\"manual\",$M77<>$A$15)),\n        IF(Import.TipoArredondamento<>\"TransfereGOV\",\n              ROUND(OFFSET($P77,0,AR$13),15-13*ORÇAMENTO!$AF$7)/$H77*OFFSET(ORÇAMENTO!$X$15,ROW(AR77)-ROW(AR$15),0),\n              ROUND(ROUND(OFFSET($P77,0,AR$13),15-13*ORÇAMENTO!$AF$7)*OFFSET(ORÇAMENTO!$W$15,ROW(AR77)-ROW(AR$15),0),15-13*ORÇAMENTO!$AF$11)),\n         0)","v":0},{"$f":"IF(AND($D77=\"Serviço\",AS$12<>0,$H77>0,OR(AUTOEVENTO<>\"manual\",$M77<>$A$15)),\n        IF(Import.TipoArredondamento<>\"TransfereGOV\",\n              ROUND(OFFSET($P77,0,AS$13),15-13*ORÇAMENTO!$AF$7)/$H77*OFFSET(ORÇAMENTO!$X$15,ROW(AS77)-ROW(AS$15),0),\n              ROUND(ROUND(OFFSET($P77,0,AS$13),15-13*ORÇAMENTO!$AF$7)*OFFSET(ORÇAMENTO!$W$15,ROW(AS77)-ROW(AS$15),0),15-13*ORÇAMENTO!$AF$11)),\n         0)","v":0},{"$f":"IF(AND($D77=\"Serviço\",AT$12<>0,$H77>0,OR(AUTOEVENTO<>\"manual\",$M77<>$A$15)),\n        IF(Import.TipoArredondamento<>\"TransfereGOV\",\n              ROUND(OFFSET($P77,0,AT$13),15-13*ORÇAMENTO!$AF$7)/$H77*OFFSET(ORÇAMENTO!$X$15,ROW(AT77)-ROW(AT$15),0),\n              ROUND(ROUND(OFFSET($P77,0,AT$13),15-13*ORÇAMENTO!$AF$7)*OFFSET(ORÇAMENTO!$W$15,ROW(AT77)-ROW(AT$15),0),15-13*ORÇAMENTO!$AF$11)),\n         0)","v":0},{"$f":"IF(AND($D77=\"Serviço\",AU$12<>0,$H77>0,OR(AUTOEVENTO<>\"manual\",$M77<>$A$15)),\n        IF(Import.TipoArredondamento<>\"TransfereGOV\",\n              ROUND(OFFSET($P77,0,AU$13),15-13*ORÇAMENTO!$AF$7)/$H77*OFFSET(ORÇAMENTO!$X$15,ROW(AU77)-ROW(AU$15),0),\n              ROUND(ROUND(OFFSET($P77,0,AU$13),15-13*ORÇAMENTO!$AF$7)*OFFSET(ORÇAMENTO!$W$15,ROW(AU77)-ROW(AU$15),0),15-13*ORÇAMENTO!$AF$11)),\n         0)","v":0},{"$f":"IF(AND($D77=\"Serviço\",AV$12<>0,$H77>0,OR(AUTOEVENTO<>\"manual\",$M77<>$A$15)),\n        IF(Import.TipoArredondamento<>\"TransfereGOV\",\n              ROUND(OFFSET($P77,0,AV$13),15-13*ORÇAMENTO!$AF$7)/$H77*OFFSET(ORÇAMENTO!$X$15,ROW(AV77)-ROW(AV$15),0),\n              ROUND(ROUND(OFFSET($P77,0,AV$13),15-13*ORÇAMENTO!$AF$7)*OFFSET(ORÇAMENTO!$W$15,ROW(AV77)-ROW(AV$15),0),15-13*ORÇAMENTO!$AF$11)),\n         0)","v":0},{"$f":"IF(AND($D77=\"Serviço\",AW$12<>0,$H77>0,OR(AUTOEVENTO<>\"manual\",$M77<>$A$15)),\n        IF(Import.TipoArredondamento<>\"TransfereGOV\",\n              ROUND(OFFSET($P77,0,AW$13),15-13*ORÇAMENTO!$AF$7)/$H77*OFFSET(ORÇAMENTO!$X$15,ROW(AW77)-ROW(AW$15),0),\n              ROUND(ROUND(OFFSET($P77,0,AW$13),15-13*ORÇAMENTO!$AF$7)*OFFSET(ORÇAMENTO!$W$15,ROW(AW77)-ROW(AW$15),0),15-13*ORÇAMENTO!$AF$11)),\n         0)","v":0},{"$f":"IF(AND($D77=\"Serviço\",AX$12<>0,$H77>0,OR(AUTOEVENTO<>\"manual\",$M77<>$A$15)),\n        IF(Import.TipoArredondamento<>\"TransfereGOV\",\n              ROUND(OFFSET($P77,0,AX$13),15-13*ORÇAMENTO!$AF$7)/$H77*OFFSET(ORÇAMENTO!$X$15,ROW(AX77)-ROW(AX$15),0),\n              ROUND(ROUND(OFFSET($P77,0,AX$13),15-13*ORÇAMENTO!$AF$7)*OFFSET(ORÇAMENTO!$W$15,ROW(AX77)-ROW(AX$15),0),15-13*ORÇAMENTO!$AF$11)),\n         0)","v":0},{"$f":"IF(AND($D77=\"Serviço\",AY$12<>0,$H77>0,OR(AUTOEVENTO<>\"manual\",$M77<>$A$15)),\n        IF(Import.TipoArredondamento<>\"TransfereGOV\",\n              ROUND(OFFSET($P77,0,AY$13),15-13*ORÇAMENTO!$AF$7)/$H77*OFFSET(ORÇAMENTO!$X$15,ROW(AY77)-ROW(AY$15),0),\n              ROUND(ROUND(OFFSET($P77,0,AY$13),15-13*ORÇAMENTO!$AF$7)*OFFSET(ORÇAMENTO!$W$15,ROW(AY77)-ROW(AY$15),0),15-13*ORÇAMENTO!$AF$11)),\n         0)","v":0},{"$f":"IF(AND($D77=\"Serviço\",AZ$12<>0,$H77>0,OR(AUTOEVENTO<>\"manual\",$M77<>$A$15)),\n        IF(Import.TipoArredondamento<>\"TransfereGOV\",\n              ROUND(OFFSET($P77,0,AZ$13),15-13*ORÇAMENTO!$AF$7)/$H77*OFFSET(ORÇAMENTO!$X$15,ROW(AZ77)-ROW(AZ$15),0),\n              ROUND(ROUND(OFFSET($P77,0,AZ$13),15-13*ORÇAMENTO!$AF$7)*OFFSET(ORÇAMENTO!$W$15,ROW(AZ77)-ROW(AZ$15),0),15-13*ORÇAMENTO!$AF$11)),\n         0)","v":0},{"$f":"IF(AND($D77=\"Serviço\",BA$12<>0,$H77>0,OR(AUTOEVENTO<>\"manual\",$M77<>$A$15)),\n        IF(Import.TipoArredondamento<>\"TransfereGOV\",\n              ROUND(OFFSET($P77,0,BA$13),15-13*ORÇAMENTO!$AF$7)/$H77*OFFSET(ORÇAMENTO!$X$15,ROW(BA77)-ROW(BA$15),0),\n              ROUND(ROUND(OFFSET($P77,0,BA$13),15-13*ORÇAMENTO!$AF$7)*OFFSET(ORÇAMENTO!$W$15,ROW(BA77)-ROW(BA$15),0),15-13*ORÇAMENTO!$AF$11)),\n         0)","v":0},null,{"$f":"IF(OR($D77<>\"Serviço\",AND(AUTOEVENTO=\"Manual\",$M77=$A$15)),0,\n         IF(OFFSET(CRONOPLE!$F$15,$M77-$A$15,BC$13)=\"\",10^12,OFFSET(CRONOPLE!$F$15,$M77-$A$15,BC$13)))","v":0},{"$f":"IF(OR($D77<>\"Serviço\",AND(AUTOEVENTO=\"Manual\",$M77=$A$15)),0,\n         IF(OFFSET(CRONOPLE!$F$15,$M77-$A$15,BD$13)=\"\",10^12,OFFSET(CRONOPLE!$F$15,$M77-$A$15,BD$13)))","v":0},{"$f":"IF(OR($D77<>\"Serviço\",AND(AUTOEVENTO=\"Manual\",$M77=$A$15)),0,\n         IF(OFFSET(CRONOPLE!$F$15,$M77-$A$15,BE$13)=\"\",10^12,OFFSET(CRONOPLE!$F$15,$M77-$A$15,BE$13)))","v":0},{"$f":"IF(OR($D77<>\"Serviço\",AND(AUTOEVENTO=\"Manual\",$M77=$A$15)),0,\n         IF(OFFSET(CRONOPLE!$F$15,$M77-$A$15,BF$13)=\"\",10^12,OFFSET(CRONOPLE!$F$15,$M77-$A$15,BF$13)))","v":0},{"$f":"IF(OR($D77<>\"Serviço\",AND(AUTOEVENTO=\"Manual\",$M77=$A$15)),0,\n         IF(OFFSET(CRONOPLE!$F$15,$M77-$A$15,BG$13)=\"\",10^12,OFFSET(CRONOPLE!$F$15,$M77-$A$15,BG$13)))","v":0},{"$f":"IF(OR($D77<>\"Serviço\",AND(AUTOEVENTO=\"Manual\",$M77=$A$15)),0,\n         IF(OFFSET(CRONOPLE!$F$15,$M77-$A$15,BH$13)=\"\",10^12,OFFSET(CRONOPLE!$F$15,$M77-$A$15,BH$13)))","v":0},{"$f":"IF(OR($D77<>\"Serviço\",AND(AUTOEVENTO=\"Manual\",$M77=$A$15)),0,\n         IF(OFFSET(CRONOPLE!$F$15,$M77-$A$15,BI$13)=\"\",10^12,OFFSET(CRONOPLE!$F$15,$M77-$A$15,BI$13)))","v":0},{"$f":"IF(OR($D77<>\"Serviço\",AND(AUTOEVENTO=\"Manual\",$M77=$A$15)),0,\n         IF(OFFSET(CRONOPLE!$F$15,$M77-$A$15,BJ$13)=\"\",10^12,OFFSET(CRONOPLE!$F$15,$M77-$A$15,BJ$13)))","v":0},{"$f":"IF(OR($D77<>\"Serviço\",AND(AUTOEVENTO=\"Manual\",$M77=$A$15)),0,\n         IF(OFFSET(CRONOPLE!$F$15,$M77-$A$15,BK$13)=\"\",10^12,OFFSET(CRONOPLE!$F$15,$M77-$A$15,BK$13)))","v":0},{"$f":"IF(OR($D77<>\"Serviço\",AND(AUTOEVENTO=\"Manual\",$M77=$A$15)),0,\n         IF(OFFSET(CRONOPLE!$F$15,$M77-$A$15,BL$13)=\"\",10^12,OFFSET(CRONOPLE!$F$15,$M77-$A$15,BL$13)))","v":0},{"$f":"IF(OR($D77<>\"Serviço\",AND(AUTOEVENTO=\"Manual\",$M77=$A$15)),0,\n         IF(OFFSET(CRONOPLE!$F$15,$M77-$A$15,BM$13)=\"\",10^12,OFFSET(CRONOPLE!$F$15,$M77-$A$15,BM$13)))","v":0},{"$f":"IF(OR($D77<>\"Serviço\",AND(AUTOEVENTO=\"Manual\",$M77=$A$15)),0,\n         IF(OFFSET(CRONOPLE!$F$15,$M77-$A$15,BN$13)=\"\",10^12,OFFSET(CRONOPLE!$F$15,$M77-$A$15,BN$13)))","v":0},{"$f":"IF(OR($D77<>\"Serviço\",AND(AUTOEVENTO=\"Manual\",$M77=$A$15)),0,\n         IF(OFFSET(CRONOPLE!$F$15,$M77-$A$15,BO$13)=\"\",10^12,OFFSET(CRONOPLE!$F$15,$M77-$A$15,BO$13)))","v":0},{"$f":"IF(OR($D77<>\"Serviço\",AND(AUTOEVENTO=\"Manual\",$M77=$A$15)),0,\n         IF(OFFSET(CRONOPLE!$F$15,$M77-$A$15,BP$13)=\"\",10^12,OFFSET(CRONOPLE!$F$15,$M77-$A$15,BP$13)))","v":0},{"$f":"IF(OR($D77<>\"Serviço\",AND(AUTOEVENTO=\"Manual\",$M77=$A$15)),0,\n         IF(OFFSET(CRONOPLE!$F$15,$M77-$A$15,BQ$13)=\"\",10^12,OFFSET(CRONOPLE!$F$15,$M77-$A$15,BQ$13)))","v":0},{"$f":"IF(OR($D77<>\"Serviço\",AND(AUTOEVENTO=\"Manual\",$M77=$A$15)),0,\n         IF(OFFSET(CRONOPLE!$F$15,$M77-$A$15,BR$13)=\"\",10^12,OFFSET(CRONOPLE!$F$15,$M77-$A$15,BR$13)))","v":0},{"$f":"IF(OR($D77<>\"Serviço\",AND(AUTOEVENTO=\"Manual\",$M77=$A$15)),0,\n         IF(OFFSET(CRONOPLE!$F$15,$M77-$A$15,BS$13)=\"\",10^12,OFFSET(CRONOPLE!$F$15,$M77-$A$15,BS$13)))","v":0},{"$f":"IF(OR($D77<>\"Serviço\",AND(AUTOEVENTO=\"Manual\",$M77=$A$15)),0,\n         IF(OFFSET(CRONOPLE!$F$15,$M77-$A$15,BT$13)=\"\",10^12,OFFSET(CRONOPLE!$F$15,$M77-$A$15,BT$13)))","v":0},null,{"$f":"IF(OR($D77<>\"Serviço\",AND(AUTOEVENTO=\"Manual\",$M77=$A$15),$M77>(ROW(PLE.lastrow)-ROW(PLE.firstrow))),0,\n           IF(OFFSET(PLE!$G$15,$M77-$A$15,BV$13)=\"\",10^12,OFFSET(PLE!$G$15,$M77-$A$15,BV$13)))","v":0},{"$f":"IF(OR($D77<>\"Serviço\",AND(AUTOEVENTO=\"Manual\",$M77=$A$15),$M77>(ROW(PLE.lastrow)-ROW(PLE.firstrow))),0,\n           IF(OFFSET(PLE!$G$15,$M77-$A$15,BW$13)=\"\",10^12,OFFSET(PLE!$G$15,$M77-$A$15,BW$13)))","v":0},{"$f":"IF(OR($D77<>\"Serviço\",AND(AUTOEVENTO=\"Manual\",$M77=$A$15),$M77>(ROW(PLE.lastrow)-ROW(PLE.firstrow))),0,\n           IF(OFFSET(PLE!$G$15,$M77-$A$15,BX$13)=\"\",10^12,OFFSET(PLE!$G$15,$M77-$A$15,BX$13)))","v":0},{"$f":"IF(OR($D77<>\"Serviço\",AND(AUTOEVENTO=\"Manual\",$M77=$A$15),$M77>(ROW(PLE.lastrow)-ROW(PLE.firstrow))),0,\n           IF(OFFSET(PLE!$G$15,$M77-$A$15,BY$13)=\"\",10^12,OFFSET(PLE!$G$15,$M77-$A$15,BY$13)))","v":0},{"$f":"IF(OR($D77<>\"Serviço\",AND(AUTOEVENTO=\"Manual\",$M77=$A$15),$M77>(ROW(PLE.lastrow)-ROW(PLE.firstrow))),0,\n           IF(OFFSET(PLE!$G$15,$M77-$A$15,BZ$13)=\"\",10^12,OFFSET(PLE!$G$15,$M77-$A$15,BZ$13)))","v":0},{"$f":"IF(OR($D77<>\"Serviço\",AND(AUTOEVENTO=\"Manual\",$M77=$A$15),$M77>(ROW(PLE.lastrow)-ROW(PLE.firstrow))),0,\n           IF(OFFSET(PLE!$G$15,$M77-$A$15,CA$13)=\"\",10^12,OFFSET(PLE!$G$15,$M77-$A$15,CA$13)))","v":0},{"$f":"IF(OR($D77<>\"Serviço\",AND(AUTOEVENTO=\"Manual\",$M77=$A$15),$M77>(ROW(PLE.lastrow)-ROW(PLE.firstrow))),0,\n           IF(OFFSET(PLE!$G$15,$M77-$A$15,CB$13)=\"\",10^12,OFFSET(PLE!$G$15,$M77-$A$15,CB$13)))","v":0},{"$f":"IF(OR($D77<>\"Serviço\",AND(AUTOEVENTO=\"Manual\",$M77=$A$15),$M77>(ROW(PLE.lastrow)-ROW(PLE.firstrow))),0,\n           IF(OFFSET(PLE!$G$15,$M77-$A$15,CC$13)=\"\",10^12,OFFSET(PLE!$G$15,$M77-$A$15,CC$13)))","v":0},{"$f":"IF(OR($D77<>\"Serviço\",AND(AUTOEVENTO=\"Manual\",$M77=$A$15),$M77>(ROW(PLE.lastrow)-ROW(PLE.firstrow))),0,\n           IF(OFFSET(PLE!$G$15,$M77-$A$15,CD$13)=\"\",10^12,OFFSET(PLE!$G$15,$M77-$A$15,CD$13)))","v":0},{"$f":"IF(OR($D77<>\"Serviço\",AND(AUTOEVENTO=\"Manual\",$M77=$A$15),$M77>(ROW(PLE.lastrow)-ROW(PLE.firstrow))),0,\n           IF(OFFSET(PLE!$G$15,$M77-$A$15,CE$13)=\"\",10^12,OFFSET(PLE!$G$15,$M77-$A$15,CE$13)))","v":0},{"$f":"IF(OR($D77<>\"Serviço\",AND(AUTOEVENTO=\"Manual\",$M77=$A$15),$M77>(ROW(PLE.lastrow)-ROW(PLE.firstrow))),0,\n           IF(OFFSET(PLE!$G$15,$M77-$A$15,CF$13)=\"\",10^12,OFFSET(PLE!$G$15,$M77-$A$15,CF$13)))","v":0},{"$f":"IF(OR($D77<>\"Serviço\",AND(AUTOEVENTO=\"Manual\",$M77=$A$15),$M77>(ROW(PLE.lastrow)-ROW(PLE.firstrow))),0,\n           IF(OFFSET(PLE!$G$15,$M77-$A$15,CG$13)=\"\",10^12,OFFSET(PLE!$G$15,$M77-$A$15,CG$13)))","v":0},{"$f":"IF(OR($D77<>\"Serviço\",AND(AUTOEVENTO=\"Manual\",$M77=$A$15),$M77>(ROW(PLE.lastrow)-ROW(PLE.firstrow))),0,\n           IF(OFFSET(PLE!$G$15,$M77-$A$15,CH$13)=\"\",10^12,OFFSET(PLE!$G$15,$M77-$A$15,CH$13)))","v":0},{"$f":"IF(OR($D77<>\"Serviço\",AND(AUTOEVENTO=\"Manual\",$M77=$A$15),$M77>(ROW(PLE.lastrow)-ROW(PLE.firstrow))),0,\n           IF(OFFSET(PLE!$G$15,$M77-$A$15,CI$13)=\"\",10^12,OFFSET(PLE!$G$15,$M77-$A$15,CI$13)))","v":0},{"$f":"IF(OR($D77<>\"Serviço\",AND(AUTOEVENTO=\"Manual\",$M77=$A$15),$M77>(ROW(PLE.lastrow)-ROW(PLE.firstrow))),0,\n           IF(OFFSET(PLE!$G$15,$M77-$A$15,CJ$13)=\"\",10^12,OFFSET(PLE!$G$15,$M77-$A$15,CJ$13)))","v":0},{"$f":"IF(OR($D77<>\"Serviço\",AND(AUTOEVENTO=\"Manual\",$M77=$A$15),$M77>(ROW(PLE.lastrow)-ROW(PLE.firstrow))),0,\n           IF(OFFSET(PLE!$G$15,$M77-$A$15,CK$13)=\"\",10^12,OFFSET(PLE!$G$15,$M77-$A$15,CK$13)))","v":0},{"$f":"IF(OR($D77<>\"Serviço\",AND(AUTOEVENTO=\"Manual\",$M77=$A$15),$M77>(ROW(PLE.lastrow)-ROW(PLE.firstrow))),0,\n           IF(OFFSET(PLE!$G$15,$M77-$A$15,CL$13)=\"\",10^12,OFFSET(PLE!$G$15,$M77-$A$15,CL$13)))","v":0},{"$f":"IF(OR($D77<>\"Serviço\",AND(AUTOEVENTO=\"Manual\",$M77=$A$15),$M77>(ROW(PLE.lastrow)-ROW(PLE.firstrow))),0,\n           IF(OFFSET(PLE!$G$15,$M77-$A$15,CM$13)=\"\",10^12,OFFSET(PLE!$G$15,$M77-$A$15,CM$13)))","v":0}]
[0,{"$f":"OFFSET(ORÇAMENTO!C$15,ROW(B78)-ROW(B$15),0)","v":"S"},{"$f":"OFFSET(ORÇAMENTO!L$15,ROW(C78)-ROW(C$15),0)","v":"F"},{"$f":"OFFSET(ORÇAMENTO!N$15,ROW(D78)-ROW(D$15),0)","v":"Serviço"},{"$f":"OFFSET(ORÇAMENTO!O$15,ROW(E78)-ROW(E$15),0)","v":"1.7.2."},{"$f":"OFFSET(ORÇAMENTO!R$15,ROW(F78)-ROW(F$15),0)","v":"TRANSPORTE COM CAMINHÃO TANQUE DE TRANSPORTE DE MATERIAL ASFÁLTICO DE 30000 L, EM VIA URBANA PAVIMENTADA, DMT ATÉ 30KM (UNIDADE: TXKM). AF_07/2020"},{"$f":"IF($D78<>\"Serviço\",\"\",OFFSET(ORÇAMENTO!S$15,ROW(G78)-ROW(G$15),0))","v":"TXKM"},{"$f":"IF($D78<>\"Serviço\",0,IF(ACOMPANHAMENTO=\"BM\",ROUND(OFFSET(ORÇAMENTO!AJ$15,ROW(H78)-ROW(H$15),0),15-13*ORÇAMENTO!$AF$7),SUMPRODUCT(($Q$1:$AI$1=1)*ROUND($Q78:$AI78,15-13*ORÇAMENTO!$AF$7))))","v":21},null,{"$f":"IF(B78<>\"S\",\"\",IF(AND(ACOMPANHAMENTO=\"PLE\",AUTOEVENTO=\"Manual\",OR(H78>0,ORÇAMENTO!AC78=\"QUANT.\"),OR(K78=\"\",M78=0,N78=\"\")),\"►\",IF(AND(ACOMPANHAMENTO=\"PLE\",ORÇAMENTO!AC78=\"QUANT.\"),\"►►\",IF(AND(COUNTIF($P$11:$AI$11,\"▼\")=0,H78>0,I78=\"\"),\"◄\",\"\"))))","v":"◄"},null,".",{"$f":"IF($D78<>\"Serviço\",\"\",\n          IF(AUTOEVENTO=\"manual\",$A78,\n                IF(ISERROR(MATCH($A78,$A$15:OFFSET($A78,-1,0),0)),MAX($M$15:OFFSET(M78,-1,0))+1,\n                      INDEX($M$15:OFFSET(M78,-1,0),MATCH($A78,$A$15:OFFSET($A78,-1,0),0)))))","v":0},{"$f":"IF($D78<>\"Serviço\",\"\",\n         IF(AUTOEVENTO=\"Manual\",\n                IF($A78=0,\"<-- defina o número do agrupador\",\n                       OFFSET(EVENTOS!$D$15,$A78-$A$15,0)),\n                OFFSET($F$15,$A78,0)))","v":"<-- defina o número do agrupador"},null,null,null,null,null,null,null,null,null,null,null,null,null,null,null,null,null,null,null,null,null,{"$f":"IF(AND($D78=\"Serviço\",AJ$12<>0,$H78>0,OR(AUTOEVENTO<>\"manual\",$M78<>$A$15)),\n        IF(Import.TipoArredondamento<>\"TransfereGOV\",\n              ROUND(OFFSET($P78,0,AJ$13),15-13*ORÇAMENTO!$AF$7)/$H78*OFFSET(ORÇAMENTO!$X$15,ROW(AJ78)-ROW(AJ$15),0),\n              ROUND(ROUND(OFFSET($P78,0,AJ$13),15-13*ORÇAMENTO!$AF$7)*OFFSET(ORÇAMENTO!$W$15,ROW(AJ78)-ROW(AJ$15),0),15-13*ORÇAMENTO!$AF$11)),\n         0)","v":0},{"$f":"IF(AND($D78=\"Serviço\",AK$12<>0,$H78>0,OR(AUTOEVENTO<>\"manual\",$M78<>$A$15)),\n        IF(Import.TipoArredondamento<>\"TransfereGOV\",\n              ROUND(OFFSET($P78,0,AK$13),15-13*ORÇAMENTO!$AF$7)/$H78*OFFSET(ORÇAMENTO!$X$15,ROW(AK78)-ROW(AK$15),0),\n              ROUND(ROUND(OFFSET($P78,0,AK$13),15-13*ORÇAMENTO!$AF$7)*OFFSET(ORÇAMENTO!$W$15,ROW(AK78)-ROW(AK$15),0),15-13*ORÇAMENTO!$AF$11)),\n         0)","v":0},{"$f":"IF(AND($D78=\"Serviço\",AL$12<>0,$H78>0,OR(AUTOEVENTO<>\"manual\",$M78<>$A$15)),\n        IF(Import.TipoArredondamento<>\"TransfereGOV\",\n              ROUND(OFFSET($P78,0,AL$13),15-13*ORÇAMENTO!$AF$7)/$H78*OFFSET(ORÇAMENTO!$X$15,ROW(AL78)-ROW(AL$15),0),\n              ROUND(ROUND(OFFSET($P78,0,AL$13),15-13*ORÇAMENTO!$AF$7)*OFFSET(ORÇAMENTO!$W$15,ROW(AL78)-ROW(AL$15),0),15-13*ORÇAMENTO!$AF$11)),\n         0)","v":0},{"$f":"IF(AND($D78=\"Serviço\",AM$12<>0,$H78>0,OR(AUTOEVENTO<>\"manual\",$M78<>$A$15)),\n        IF(Import.TipoArredondamento<>\"TransfereGOV\",\n              ROUND(OFFSET($P78,0,AM$13),15-13*ORÇAMENTO!$AF$7)/$H78*OFFSET(ORÇAMENTO!$X$15,ROW(AM78)-ROW(AM$15),0),\n              ROUND(ROUND(OFFSET($P78,0,AM$13),15-13*ORÇAMENTO!$AF$7)*OFFSET(ORÇAMENTO!$W$15,ROW(AM78)-ROW(AM$15),0),15-13*ORÇAMENTO!$AF$11)),\n         0)","v":0},{"$f":"IF(AND($D78=\"Serviço\",AN$12<>0,$H78>0,OR(AUTOEVENTO<>\"manual\",$M78<>$A$15)),\n        IF(Import.TipoArredondamento<>\"TransfereGOV\",\n              ROUND(OFFSET($P78,0,AN$13),15-13*ORÇAMENTO!$AF$7)/$H78*OFFSET(ORÇAMENTO!$X$15,ROW(AN78)-ROW(AN$15),0),\n              ROUND(ROUND(OFFSET($P78,0,AN$13),15-13*ORÇAMENTO!$AF$7)*OFFSET(ORÇAMENTO!$W$15,ROW(AN78)-ROW(AN$15),0),15-13*ORÇAMENTO!$AF$11)),\n         0)","v":0},{"$f":"IF(AND($D78=\"Serviço\",AO$12<>0,$H78>0,OR(AUTOEVENTO<>\"manual\",$M78<>$A$15)),\n        IF(Import.TipoArredondamento<>\"TransfereGOV\",\n              ROUND(OFFSET($P78,0,AO$13),15-13*ORÇAMENTO!$AF$7)/$H78*OFFSET(ORÇAMENTO!$X$15,ROW(AO78)-ROW(AO$15),0),\n              ROUND(ROUND(OFFSET($P78,0,AO$13),15-13*ORÇAMENTO!$AF$7)*OFFSET(ORÇAMENTO!$W$15,ROW(AO78)-ROW(AO$15),0),15-13*ORÇAMENTO!$AF$11)),\n         0)","v":0},{"$f":"IF(AND($D78=\"Serviço\",AP$12<>0,$H78>0,OR(AUTOEVENTO<>\"manual\",$M78<>$A$15)),\n        IF(Import.TipoArredondamento<>\"TransfereGOV\",\n              ROUND(OFFSET($P78,0,AP$13),15-13*ORÇAMENTO!$AF$7)/$H78*OFFSET(ORÇAMENTO!$X$15,ROW(AP78)-ROW(AP$15),0),\n              ROUND(ROUND(OFFSET($P78,0,AP$13),15-13*ORÇAMENTO!$AF$7)*OFFSET(ORÇAMENTO!$W$15,ROW(AP78)-ROW(AP$15),0),15-13*ORÇAMENTO!$AF$11)),\n         0)","v":0},{"$f":"IF(AND($D78=\"Serviço\",AQ$12<>0,$H78>0,OR(AUTOEVENTO<>\"manual\",$M78<>$A$15)),\n        IF(Import.TipoArredondamento<>\"TransfereGOV\",\n              ROUND(OFFSET($P78,0,AQ$13),15-13*ORÇAMENTO!$AF$7)/$H78*OFFSET(ORÇAMENTO!$X$15,ROW(AQ78)-ROW(AQ$15),0),\n              ROUND(ROUND(OFFSET($P78,0,AQ$13),15-13*ORÇAMENTO!$AF$7)*OFFSET(ORÇAMENTO!$W$15,ROW(AQ78)-ROW(AQ$15),0),15-13*ORÇAMENTO!$AF$11)),\n         0)","v":0},{"$f":"IF(AND($D78=\"Serviço\",AR$12<>0,$H78>0,OR(AUTOEVENTO<>\"manual\",$M78<>$A$15)),\n        IF(Import.TipoArredondamento<>\"TransfereGOV\",\n              ROUND(OFFSET($P78,0,AR$13),15-13*ORÇAMENTO!$AF$7)/$H78*OFFSET(ORÇAMENTO!$X$15,ROW(AR78)-ROW(AR$15),0),\n              ROUND(ROUND(OFFSET($P78,0,AR$13),15-13*ORÇAMENTO!$AF$7)*OFFSET(ORÇAMENTO!$W$15,ROW(AR78)-ROW(AR$15),0),15-13*ORÇAMENTO!$AF$11)),\n         0)","v":0},{"$f":"IF(AND($D78=\"Serviço\",AS$12<>0,$H78>0,OR(AUTOEVENTO<>\"manual\",$M78<>$A$15)),\n        IF(Import.TipoArredondamento<>\"TransfereGOV\",\n              ROUND(OFFSET($P78,0,AS$13),15-13*ORÇAMENTO!$AF$7)/$H78*OFFSET(ORÇAMENTO!$X$15,ROW(AS78)-ROW(AS$15),0),\n              ROUND(ROUND(OFFSET($P78,0,AS$13),15-13*ORÇAMENTO!$AF$7)*OFFSET(ORÇAMENTO!$W$15,ROW(AS78)-ROW(AS$15),0),15-13*ORÇAMENTO!$AF$11)),\n         0)","v":0},{"$f":"IF(AND($D78=\"Serviço\",AT$12<>0,$H78>0,OR(AUTOEVENTO<>\"manual\",$M78<>$A$15)),\n        IF(Import.TipoArredondamento<>\"TransfereGOV\",\n              ROUND(OFFSET($P78,0,AT$13),15-13*ORÇAMENTO!$AF$7)/$H78*OFFSET(ORÇAMENTO!$X$15,ROW(AT78)-ROW(AT$15),0),\n              ROUND(ROUND(OFFSET($P78,0,AT$13),15-13*ORÇAMENTO!$AF$7)*OFFSET(ORÇAMENTO!$W$15,ROW(AT78)-ROW(AT$15),0),15-13*ORÇAMENTO!$AF$11)),\n         0)","v":0},{"$f":"IF(AND($D78=\"Serviço\",AU$12<>0,$H78>0,OR(AUTOEVENTO<>\"manual\",$M78<>$A$15)),\n        IF(Import.TipoArredondamento<>\"TransfereGOV\",\n              ROUND(OFFSET($P78,0,AU$13),15-13*ORÇAMENTO!$AF$7)/$H78*OFFSET(ORÇAMENTO!$X$15,ROW(AU78)-ROW(AU$15),0),\n              ROUND(ROUND(OFFSET($P78,0,AU$13),15-13*ORÇAMENTO!$AF$7)*OFFSET(ORÇAMENTO!$W$15,ROW(AU78)-ROW(AU$15),0),15-13*ORÇAMENTO!$AF$11)),\n         0)","v":0},{"$f":"IF(AND($D78=\"Serviço\",AV$12<>0,$H78>0,OR(AUTOEVENTO<>\"manual\",$M78<>$A$15)),\n        IF(Import.TipoArredondamento<>\"TransfereGOV\",\n              ROUND(OFFSET($P78,0,AV$13),15-13*ORÇAMENTO!$AF$7)/$H78*OFFSET(ORÇAMENTO!$X$15,ROW(AV78)-ROW(AV$15),0),\n              ROUND(ROUND(OFFSET($P78,0,AV$13),15-13*ORÇAMENTO!$AF$7)*OFFSET(ORÇAMENTO!$W$15,ROW(AV78)-ROW(AV$15),0),15-13*ORÇAMENTO!$AF$11)),\n         0)","v":0},{"$f":"IF(AND($D78=\"Serviço\",AW$12<>0,$H78>0,OR(AUTOEVENTO<>\"manual\",$M78<>$A$15)),\n        IF(Import.TipoArredondamento<>\"TransfereGOV\",\n              ROUND(OFFSET($P78,0,AW$13),15-13*ORÇAMENTO!$AF$7)/$H78*OFFSET(ORÇAMENTO!$X$15,ROW(AW78)-ROW(AW$15),0),\n              ROUND(ROUND(OFFSET($P78,0,AW$13),15-13*ORÇAMENTO!$AF$7)*OFFSET(ORÇAMENTO!$W$15,ROW(AW78)-ROW(AW$15),0),15-13*ORÇAMENTO!$AF$11)),\n         0)","v":0},{"$f":"IF(AND($D78=\"Serviço\",AX$12<>0,$H78>0,OR(AUTOEVENTO<>\"manual\",$M78<>$A$15)),\n        IF(Import.TipoArredondamento<>\"TransfereGOV\",\n              ROUND(OFFSET($P78,0,AX$13),15-13*ORÇAMENTO!$AF$7)/$H78*OFFSET(ORÇAMENTO!$X$15,ROW(AX78)-ROW(AX$15),0),\n              ROUND(ROUND(OFFSET($P78,0,AX$13),15-13*ORÇAMENTO!$AF$7)*OFFSET(ORÇAMENTO!$W$15,ROW(AX78)-ROW(AX$15),0),15-13*ORÇAMENTO!$AF$11)),\n         0)","v":0},{"$f":"IF(AND($D78=\"Serviço\",AY$12<>0,$H78>0,OR(AUTOEVENTO<>\"manual\",$M78<>$A$15)),\n        IF(Import.TipoArredondamento<>\"TransfereGOV\",\n              ROUND(OFFSET($P78,0,AY$13),15-13*ORÇAMENTO!$AF$7)/$H78*OFFSET(ORÇAMENTO!$X$15,ROW(AY78)-ROW(AY$15),0),\n              ROUND(ROUND(OFFSET($P78,0,AY$13),15-13*ORÇAMENTO!$AF$7)*OFFSET(ORÇAMENTO!$W$15,ROW(AY78)-ROW(AY$15),0),15-13*ORÇAMENTO!$AF$11)),\n         0)","v":0},{"$f":"IF(AND($D78=\"Serviço\",AZ$12<>0,$H78>0,OR(AUTOEVENTO<>\"manual\",$M78<>$A$15)),\n        IF(Import.TipoArredondamento<>\"TransfereGOV\",\n              ROUND(OFFSET($P78,0,AZ$13),15-13*ORÇAMENTO!$AF$7)/$H78*OFFSET(ORÇAMENTO!$X$15,ROW(AZ78)-ROW(AZ$15),0),\n              ROUND(ROUND(OFFSET($P78,0,AZ$13),15-13*ORÇAMENTO!$AF$7)*OFFSET(ORÇAMENTO!$W$15,ROW(AZ78)-ROW(AZ$15),0),15-13*ORÇAMENTO!$AF$11)),\n         0)","v":0},{"$f":"IF(AND($D78=\"Serviço\",BA$12<>0,$H78>0,OR(AUTOEVENTO<>\"manual\",$M78<>$A$15)),\n        IF(Import.TipoArredondamento<>\"TransfereGOV\",\n              ROUND(OFFSET($P78,0,BA$13),15-13*ORÇAMENTO!$AF$7)/$H78*OFFSET(ORÇAMENTO!$X$15,ROW(BA78)-ROW(BA$15),0),\n              ROUND(ROUND(OFFSET($P78,0,BA$13),15-13*ORÇAMENTO!$AF$7)*OFFSET(ORÇAMENTO!$W$15,ROW(BA78)-ROW(BA$15),0),15-13*ORÇAMENTO!$AF$11)),\n         0)","v":0},null,{"$f":"IF(OR($D78<>\"Serviço\",AND(AUTOEVENTO=\"Manual\",$M78=$A$15)),0,\n         IF(OFFSET(CRONOPLE!$F$15,$M78-$A$15,BC$13)=\"\",10^12,OFFSET(CRONOPLE!$F$15,$M78-$A$15,BC$13)))","v":0},{"$f":"IF(OR($D78<>\"Serviço\",AND(AUTOEVENTO=\"Manual\",$M78=$A$15)),0,\n         IF(OFFSET(CRONOPLE!$F$15,$M78-$A$15,BD$13)=\"\",10^12,OFFSET(CRONOPLE!$F$15,$M78-$A$15,BD$13)))","v":0},{"$f":"IF(OR($D78<>\"Serviço\",AND(AUTOEVENTO=\"Manual\",$M78=$A$15)),0,\n         IF(OFFSET(CRONOPLE!$F$15,$M78-$A$15,BE$13)=\"\",10^12,OFFSET(CRONOPLE!$F$15,$M78-$A$15,BE$13)))","v":0},{"$f":"IF(OR($D78<>\"Serviço\",AND(AUTOEVENTO=\"Manual\",$M78=$A$15)),0,\n         IF(OFFSET(CRONOPLE!$F$15,$M78-$A$15,BF$13)=\"\",10^12,OFFSET(CRONOPLE!$F$15,$M78-$A$15,BF$13)))","v":0},{"$f":"IF(OR($D78<>\"Serviço\",AND(AUTOEVENTO=\"Manual\",$M78=$A$15)),0,\n         IF(OFFSET(CRONOPLE!$F$15,$M78-$A$15,BG$13)=\"\",10^12,OFFSET(CRONOPLE!$F$15,$M78-$A$15,BG$13)))","v":0},{"$f":"IF(OR($D78<>\"Serviço\",AND(AUTOEVENTO=\"Manual\",$M78=$A$15)),0,\n         IF(OFFSET(CRONOPLE!$F$15,$M78-$A$15,BH$13)=\"\",10^12,OFFSET(CRONOPLE!$F$15,$M78-$A$15,BH$13)))","v":0},{"$f":"IF(OR($D78<>\"Serviço\",AND(AUTOEVENTO=\"Manual\",$M78=$A$15)),0,\n         IF(OFFSET(CRONOPLE!$F$15,$M78-$A$15,BI$13)=\"\",10^12,OFFSET(CRONOPLE!$F$15,$M78-$A$15,BI$13)))","v":0},{"$f":"IF(OR($D78<>\"Serviço\",AND(AUTOEVENTO=\"Manual\",$M78=$A$15)),0,\n         IF(OFFSET(CRONOPLE!$F$15,$M78-$A$15,BJ$13)=\"\",10^12,OFFSET(CRONOPLE!$F$15,$M78-$A$15,BJ$13)))","v":0},{"$f":"IF(OR($D78<>\"Serviço\",AND(AUTOEVENTO=\"Manual\",$M78=$A$15)),0,\n         IF(OFFSET(CRONOPLE!$F$15,$M78-$A$15,BK$13)=\"\",10^12,OFFSET(CRONOPLE!$F$15,$M78-$A$15,BK$13)))","v":0},{"$f":"IF(OR($D78<>\"Serviço\",AND(AUTOEVENTO=\"Manual\",$M78=$A$15)),0,\n         IF(OFFSET(CRONOPLE!$F$15,$M78-$A$15,BL$13)=\"\",10^12,OFFSET(CRONOPLE!$F$15,$M78-$A$15,BL$13)))","v":0},{"$f":"IF(OR($D78<>\"Serviço\",AND(AUTOEVENTO=\"Manual\",$M78=$A$15)),0,\n         IF(OFFSET(CRONOPLE!$F$15,$M78-$A$15,BM$13)=\"\",10^12,OFFSET(CRONOPLE!$F$15,$M78-$A$15,BM$13)))","v":0},{"$f":"IF(OR($D78<>\"Serviço\",AND(AUTOEVENTO=\"Manual\",$M78=$A$15)),0,\n         IF(OFFSET(CRONOPLE!$F$15,$M78-$A$15,BN$13)=\"\",10^12,OFFSET(CRONOPLE!$F$15,$M78-$A$15,BN$13)))","v":0},{"$f":"IF(OR($D78<>\"Serviço\",AND(AUTOEVENTO=\"Manual\",$M78=$A$15)),0,\n         IF(OFFSET(CRONOPLE!$F$15,$M78-$A$15,BO$13)=\"\",10^12,OFFSET(CRONOPLE!$F$15,$M78-$A$15,BO$13)))","v":0},{"$f":"IF(OR($D78<>\"Serviço\",AND(AUTOEVENTO=\"Manual\",$M78=$A$15)),0,\n         IF(OFFSET(CRONOPLE!$F$15,$M78-$A$15,BP$13)=\"\",10^12,OFFSET(CRONOPLE!$F$15,$M78-$A$15,BP$13)))","v":0},{"$f":"IF(OR($D78<>\"Serviço\",AND(AUTOEVENTO=\"Manual\",$M78=$A$15)),0,\n         IF(OFFSET(CRONOPLE!$F$15,$M78-$A$15,BQ$13)=\"\",10^12,OFFSET(CRONOPLE!$F$15,$M78-$A$15,BQ$13)))","v":0},{"$f":"IF(OR($D78<>\"Serviço\",AND(AUTOEVENTO=\"Manual\",$M78=$A$15)),0,\n         IF(OFFSET(CRONOPLE!$F$15,$M78-$A$15,BR$13)=\"\",10^12,OFFSET(CRONOPLE!$F$15,$M78-$A$15,BR$13)))","v":0},{"$f":"IF(OR($D78<>\"Serviço\",AND(AUTOEVENTO=\"Manual\",$M78=$A$15)),0,\n         IF(OFFSET(CRONOPLE!$F$15,$M78-$A$15,BS$13)=\"\",10^12,OFFSET(CRONOPLE!$F$15,$M78-$A$15,BS$13)))","v":0},{"$f":"IF(OR($D78<>\"Serviço\",AND(AUTOEVENTO=\"Manual\",$M78=$A$15)),0,\n         IF(OFFSET(CRONOPLE!$F$15,$M78-$A$15,BT$13)=\"\",10^12,OFFSET(CRONOPLE!$F$15,$M78-$A$15,BT$13)))","v":0},null,{"$f":"IF(OR($D78<>\"Serviço\",AND(AUTOEVENTO=\"Manual\",$M78=$A$15),$M78>(ROW(PLE.lastrow)-ROW(PLE.firstrow))),0,\n           IF(OFFSET(PLE!$G$15,$M78-$A$15,BV$13)=\"\",10^12,OFFSET(PLE!$G$15,$M78-$A$15,BV$13)))","v":0},{"$f":"IF(OR($D78<>\"Serviço\",AND(AUTOEVENTO=\"Manual\",$M78=$A$15),$M78>(ROW(PLE.lastrow)-ROW(PLE.firstrow))),0,\n           IF(OFFSET(PLE!$G$15,$M78-$A$15,BW$13)=\"\",10^12,OFFSET(PLE!$G$15,$M78-$A$15,BW$13)))","v":0},{"$f":"IF(OR($D78<>\"Serviço\",AND(AUTOEVENTO=\"Manual\",$M78=$A$15),$M78>(ROW(PLE.lastrow)-ROW(PLE.firstrow))),0,\n           IF(OFFSET(PLE!$G$15,$M78-$A$15,BX$13)=\"\",10^12,OFFSET(PLE!$G$15,$M78-$A$15,BX$13)))","v":0},{"$f":"IF(OR($D78<>\"Serviço\",AND(AUTOEVENTO=\"Manual\",$M78=$A$15),$M78>(ROW(PLE.lastrow)-ROW(PLE.firstrow))),0,\n           IF(OFFSET(PLE!$G$15,$M78-$A$15,BY$13)=\"\",10^12,OFFSET(PLE!$G$15,$M78-$A$15,BY$13)))","v":0},{"$f":"IF(OR($D78<>\"Serviço\",AND(AUTOEVENTO=\"Manual\",$M78=$A$15),$M78>(ROW(PLE.lastrow)-ROW(PLE.firstrow))),0,\n           IF(OFFSET(PLE!$G$15,$M78-$A$15,BZ$13)=\"\",10^12,OFFSET(PLE!$G$15,$M78-$A$15,BZ$13)))","v":0},{"$f":"IF(OR($D78<>\"Serviço\",AND(AUTOEVENTO=\"Manual\",$M78=$A$15),$M78>(ROW(PLE.lastrow)-ROW(PLE.firstrow))),0,\n           IF(OFFSET(PLE!$G$15,$M78-$A$15,CA$13)=\"\",10^12,OFFSET(PLE!$G$15,$M78-$A$15,CA$13)))","v":0},{"$f":"IF(OR($D78<>\"Serviço\",AND(AUTOEVENTO=\"Manual\",$M78=$A$15),$M78>(ROW(PLE.lastrow)-ROW(PLE.firstrow))),0,\n           IF(OFFSET(PLE!$G$15,$M78-$A$15,CB$13)=\"\",10^12,OFFSET(PLE!$G$15,$M78-$A$15,CB$13)))","v":0},{"$f":"IF(OR($D78<>\"Serviço\",AND(AUTOEVENTO=\"Manual\",$M78=$A$15),$M78>(ROW(PLE.lastrow)-ROW(PLE.firstrow))),0,\n           IF(OFFSET(PLE!$G$15,$M78-$A$15,CC$13)=\"\",10^12,OFFSET(PLE!$G$15,$M78-$A$15,CC$13)))","v":0},{"$f":"IF(OR($D78<>\"Serviço\",AND(AUTOEVENTO=\"Manual\",$M78=$A$15),$M78>(ROW(PLE.lastrow)-ROW(PLE.firstrow))),0,\n           IF(OFFSET(PLE!$G$15,$M78-$A$15,CD$13)=\"\",10^12,OFFSET(PLE!$G$15,$M78-$A$15,CD$13)))","v":0},{"$f":"IF(OR($D78<>\"Serviço\",AND(AUTOEVENTO=\"Manual\",$M78=$A$15),$M78>(ROW(PLE.lastrow)-ROW(PLE.firstrow))),0,\n           IF(OFFSET(PLE!$G$15,$M78-$A$15,CE$13)=\"\",10^12,OFFSET(PLE!$G$15,$M78-$A$15,CE$13)))","v":0},{"$f":"IF(OR($D78<>\"Serviço\",AND(AUTOEVENTO=\"Manual\",$M78=$A$15),$M78>(ROW(PLE.lastrow)-ROW(PLE.firstrow))),0,\n           IF(OFFSET(PLE!$G$15,$M78-$A$15,CF$13)=\"\",10^12,OFFSET(PLE!$G$15,$M78-$A$15,CF$13)))","v":0},{"$f":"IF(OR($D78<>\"Serviço\",AND(AUTOEVENTO=\"Manual\",$M78=$A$15),$M78>(ROW(PLE.lastrow)-ROW(PLE.firstrow))),0,\n           IF(OFFSET(PLE!$G$15,$M78-$A$15,CG$13)=\"\",10^12,OFFSET(PLE!$G$15,$M78-$A$15,CG$13)))","v":0},{"$f":"IF(OR($D78<>\"Serviço\",AND(AUTOEVENTO=\"Manual\",$M78=$A$15),$M78>(ROW(PLE.lastrow)-ROW(PLE.firstrow))),0,\n           IF(OFFSET(PLE!$G$15,$M78-$A$15,CH$13)=\"\",10^12,OFFSET(PLE!$G$15,$M78-$A$15,CH$13)))","v":0},{"$f":"IF(OR($D78<>\"Serviço\",AND(AUTOEVENTO=\"Manual\",$M78=$A$15),$M78>(ROW(PLE.lastrow)-ROW(PLE.firstrow))),0,\n           IF(OFFSET(PLE!$G$15,$M78-$A$15,CI$13)=\"\",10^12,OFFSET(PLE!$G$15,$M78-$A$15,CI$13)))","v":0},{"$f":"IF(OR($D78<>\"Serviço\",AND(AUTOEVENTO=\"Manual\",$M78=$A$15),$M78>(ROW(PLE.lastrow)-ROW(PLE.firstrow))),0,\n           IF(OFFSET(PLE!$G$15,$M78-$A$15,CJ$13)=\"\",10^12,OFFSET(PLE!$G$15,$M78-$A$15,CJ$13)))","v":0},{"$f":"IF(OR($D78<>\"Serviço\",AND(AUTOEVENTO=\"Manual\",$M78=$A$15),$M78>(ROW(PLE.lastrow)-ROW(PLE.firstrow))),0,\n           IF(OFFSET(PLE!$G$15,$M78-$A$15,CK$13)=\"\",10^12,OFFSET(PLE!$G$15,$M78-$A$15,CK$13)))","v":0},{"$f":"IF(OR($D78<>\"Serviço\",AND(AUTOEVENTO=\"Manual\",$M78=$A$15),$M78>(ROW(PLE.lastrow)-ROW(PLE.firstrow))),0,\n           IF(OFFSET(PLE!$G$15,$M78-$A$15,CL$13)=\"\",10^12,OFFSET(PLE!$G$15,$M78-$A$15,CL$13)))","v":0},{"$f":"IF(OR($D78<>\"Serviço\",AND(AUTOEVENTO=\"Manual\",$M78=$A$15),$M78>(ROW(PLE.lastrow)-ROW(PLE.firstrow))),0,\n           IF(OFFSET(PLE!$G$15,$M78-$A$15,CM$13)=\"\",10^12,OFFSET(PLE!$G$15,$M78-$A$15,CM$13)))","v":0}]
[0,{"$f":"OFFSET(ORÇAMENTO!C$15,ROW(B79)-ROW(B$15),0)","v":"S"},{"$f":"OFFSET(ORÇAMENTO!L$15,ROW(C79)-ROW(C$15),0)","v":"F"},{"$f":"OFFSET(ORÇAMENTO!N$15,ROW(D79)-ROW(D$15),0)","v":"Serviço"},{"$f":"OFFSET(ORÇAMENTO!O$15,ROW(E79)-ROW(E$15),0)","v":"1.7.3."},{"$f":"OFFSET(ORÇAMENTO!R$15,ROW(F79)-ROW(F$15),0)","v":"TRANSPORTE COM CAMINHÃO TANQUE DE TRANSPORTE DE MATERIAL ASFÁLTICO DE 30000 L, EM VIA URBANA PAVIMENTADA, ADICIONAL PARA DMT EXCEDENTE A 30 KM (UNIDADE: TXKM). AF_07/2020"},{"$f":"IF($D79<>\"Serviço\",\"\",OFFSET(ORÇAMENTO!S$15,ROW(G79)-ROW(G$15),0))","v":"TXKM"},{"$f":"IF($D79<>\"Serviço\",0,IF(ACOMPANHAMENTO=\"BM\",ROUND(OFFSET(ORÇAMENTO!AJ$15,ROW(H79)-ROW(H$15),0),15-13*ORÇAMENTO!$AF$7),SUMPRODUCT(($Q$1:$AI$1=1)*ROUND($Q79:$AI79,15-13*ORÇAMENTO!$AF$7))))","v":27.3},null,{"$f":"IF(B79<>\"S\",\"\",IF(AND(ACOMPANHAMENTO=\"PLE\",AUTOEVENTO=\"Manual\",OR(H79>0,ORÇAMENTO!AC79=\"QUANT.\"),OR(K79=\"\",M79=0,N79=\"\")),\"►\",IF(AND(ACOMPANHAMENTO=\"PLE\",ORÇAMENTO!AC79=\"QUANT.\"),\"►►\",IF(AND(COUNTIF($P$11:$AI$11,\"▼\")=0,H79>0,I79=\"\"),\"◄\",\"\"))))","v":"◄"},null,".",{"$f":"IF($D79<>\"Serviço\",\"\",\n          IF(AUTOEVENTO=\"manual\",$A79,\n                IF(ISERROR(MATCH($A79,$A$15:OFFSET($A79,-1,0),0)),MAX($M$15:OFFSET(M79,-1,0))+1,\n                      INDEX($M$15:OFFSET(M79,-1,0),MATCH($A79,$A$15:OFFSET($A79,-1,0),0)))))","v":0},{"$f":"IF($D79<>\"Serviço\",\"\",\n         IF(AUTOEVENTO=\"Manual\",\n                IF($A79=0,\"<-- defina o número do agrupador\",\n                       OFFSET(EVENTOS!$D$15,$A79-$A$15,0)),\n                OFFSET($F$15,$A79,0)))","v":"<-- defina o número do agrupador"},null,null,null,null,null,null,null,null,null,null,null,null,null,null,null,null,null,null,null,null,null,{"$f":"IF(AND($D79=\"Serviço\",AJ$12<>0,$H79>0,OR(AUTOEVENTO<>\"manual\",$M79<>$A$15)),\n        IF(Import.TipoArredondamento<>\"TransfereGOV\",\n              ROUND(OFFSET($P79,0,AJ$13),15-13*ORÇAMENTO!$AF$7)/$H79*OFFSET(ORÇAMENTO!$X$15,ROW(AJ79)-ROW(AJ$15),0),\n              ROUND(ROUND(OFFSET($P79,0,AJ$13),15-13*ORÇAMENTO!$AF$7)*OFFSET(ORÇAMENTO!$W$15,ROW(AJ79)-ROW(AJ$15),0),15-13*ORÇAMENTO!$AF$11)),\n         0)","v":0},{"$f":"IF(AND($D79=\"Serviço\",AK$12<>0,$H79>0,OR(AUTOEVENTO<>\"manual\",$M79<>$A$15)),\n        IF(Import.TipoArredondamento<>\"TransfereGOV\",\n              ROUND(OFFSET($P79,0,AK$13),15-13*ORÇAMENTO!$AF$7)/$H79*OFFSET(ORÇAMENTO!$X$15,ROW(AK79)-ROW(AK$15),0),\n              ROUND(ROUND(OFFSET($P79,0,AK$13),15-13*ORÇAMENTO!$AF$7)*OFFSET(ORÇAMENTO!$W$15,ROW(AK79)-ROW(AK$15),0),15-13*ORÇAMENTO!$AF$11)),\n         0)","v":0},{"$f":"IF(AND($D79=\"Serviço\",AL$12<>0,$H79>0,OR(AUTOEVENTO<>\"manual\",$M79<>$A$15)),\n        IF(Import.TipoArredondamento<>\"TransfereGOV\",\n              ROUND(OFFSET($P79,0,AL$13),15-13*ORÇAMENTO!$AF$7)/$H79*OFFSET(ORÇAMENTO!$X$15,ROW(AL79)-ROW(AL$15),0),\n              ROUND(ROUND(OFFSET($P79,0,AL$13),15-13*ORÇAMENTO!$AF$7)*OFFSET(ORÇAMENTO!$W$15,ROW(AL79)-ROW(AL$15),0),15-13*ORÇAMENTO!$AF$11)),\n         0)","v":0},{"$f":"IF(AND($D79=\"Serviço\",AM$12<>0,$H79>0,OR(AUTOEVENTO<>\"manual\",$M79<>$A$15)),\n        IF(Import.TipoArredondamento<>\"TransfereGOV\",\n              ROUND(OFFSET($P79,0,AM$13),15-13*ORÇAMENTO!$AF$7)/$H79*OFFSET(ORÇAMENTO!$X$15,ROW(AM79)-ROW(AM$15),0),\n              ROUND(ROUND(OFFSET($P79,0,AM$13),15-13*ORÇAMENTO!$AF$7)*OFFSET(ORÇAMENTO!$W$15,ROW(AM79)-ROW(AM$15),0),15-13*ORÇAMENTO!$AF$11)),\n         0)","v":0},{"$f":"IF(AND($D79=\"Serviço\",AN$12<>0,$H79>0,OR(AUTOEVENTO<>\"manual\",$M79<>$A$15)),\n        IF(Import.TipoArredondamento<>\"TransfereGOV\",\n              ROUND(OFFSET($P79,0,AN$13),15-13*ORÇAMENTO!$AF$7)/$H79*OFFSET(ORÇAMENTO!$X$15,ROW(AN79)-ROW(AN$15),0),\n              ROUND(ROUND(OFFSET($P79,0,AN$13),15-13*ORÇAMENTO!$AF$7)*OFFSET(ORÇAMENTO!$W$15,ROW(AN79)-ROW(AN$15),0),15-13*ORÇAMENTO!$AF$11)),\n         0)","v":0},{"$f":"IF(AND($D79=\"Serviço\",AO$12<>0,$H79>0,OR(AUTOEVENTO<>\"manual\",$M79<>$A$15)),\n        IF(Import.TipoArredondamento<>\"TransfereGOV\",\n              ROUND(OFFSET($P79,0,AO$13),15-13*ORÇAMENTO!$AF$7)/$H79*OFFSET(ORÇAMENTO!$X$15,ROW(AO79)-ROW(AO$15),0),\n              ROUND(ROUND(OFFSET($P79,0,AO$13),15-13*ORÇAMENTO!$AF$7)*OFFSET(ORÇAMENTO!$W$15,ROW(AO79)-ROW(AO$15),0),15-13*ORÇAMENTO!$AF$11)),\n         0)","v":0},{"$f":"IF(AND($D79=\"Serviço\",AP$12<>0,$H79>0,OR(AUTOEVENTO<>\"manual\",$M79<>$A$15)),\n        IF(Import.TipoArredondamento<>\"TransfereGOV\",\n              ROUND(OFFSET($P79,0,AP$13),15-13*ORÇAMENTO!$AF$7)/$H79*OFFSET(ORÇAMENTO!$X$15,ROW(AP79)-ROW(AP$15),0),\n              ROUND(ROUND(OFFSET($P79,0,AP$13),15-13*ORÇAMENTO!$AF$7)*OFFSET(ORÇAMENTO!$W$15,ROW(AP79)-ROW(AP$15),0),15-13*ORÇAMENTO!$AF$11)),\n         0)","v":0},{"$f":"IF(AND($D79=\"Serviço\",AQ$12<>0,$H79>0,OR(AUTOEVENTO<>\"manual\",$M79<>$A$15)),\n        IF(Import.TipoArredondamento<>\"TransfereGOV\",\n              ROUND(OFFSET($P79,0,AQ$13),15-13*ORÇAMENTO!$AF$7)/$H79*OFFSET(ORÇAMENTO!$X$15,ROW(AQ79)-ROW(AQ$15),0),\n              ROUND(ROUND(OFFSET($P79,0,AQ$13),15-13*ORÇAMENTO!$AF$7)*OFFSET(ORÇAMENTO!$W$15,ROW(AQ79)-ROW(AQ$15),0),15-13*ORÇAMENTO!$AF$11)),\n         0)","v":0},{"$f":"IF(AND($D79=\"Serviço\",AR$12<>0,$H79>0,OR(AUTOEVENTO<>\"manual\",$M79<>$A$15)),\n        IF(Import.TipoArredondamento<>\"TransfereGOV\",\n              ROUND(OFFSET($P79,0,AR$13),15-13*ORÇAMENTO!$AF$7)/$H79*OFFSET(ORÇAMENTO!$X$15,ROW(AR79)-ROW(AR$15),0),\n              ROUND(ROUND(OFFSET($P79,0,AR$13),15-13*ORÇAMENTO!$AF$7)*OFFSET(ORÇAMENTO!$W$15,ROW(AR79)-ROW(AR$15),0),15-13*ORÇAMENTO!$AF$11)),\n         0)","v":0},{"$f":"IF(AND($D79=\"Serviço\",AS$12<>0,$H79>0,OR(AUTOEVENTO<>\"manual\",$M79<>$A$15)),\n        IF(Import.TipoArredondamento<>\"TransfereGOV\",\n              ROUND(OFFSET($P79,0,AS$13),15-13*ORÇAMENTO!$AF$7)/$H79*OFFSET(ORÇAMENTO!$X$15,ROW(AS79)-ROW(AS$15),0),\n              ROUND(ROUND(OFFSET($P79,0,AS$13),15-13*ORÇAMENTO!$AF$7)*OFFSET(ORÇAMENTO!$W$15,ROW(AS79)-ROW(AS$15),0),15-13*ORÇAMENTO!$AF$11)),\n         0)","v":0},{"$f":"IF(AND($D79=\"Serviço\",AT$12<>0,$H79>0,OR(AUTOEVENTO<>\"manual\",$M79<>$A$15)),\n        IF(Import.TipoArredondamento<>\"TransfereGOV\",\n              ROUND(OFFSET($P79,0,AT$13),15-13*ORÇAMENTO!$AF$7)/$H79*OFFSET(ORÇAMENTO!$X$15,ROW(AT79)-ROW(AT$15),0),\n              ROUND(ROUND(OFFSET($P79,0,AT$13),15-13*ORÇAMENTO!$AF$7)*OFFSET(ORÇAMENTO!$W$15,ROW(AT79)-ROW(AT$15),0),15-13*ORÇAMENTO!$AF$11)),\n         0)","v":0},{"$f":"IF(AND($D79=\"Serviço\",AU$12<>0,$H79>0,OR(AUTOEVENTO<>\"manual\",$M79<>$A$15)),\n        IF(Import.TipoArredondamento<>\"TransfereGOV\",\n              ROUND(OFFSET($P79,0,AU$13),15-13*ORÇAMENTO!$AF$7)/$H79*OFFSET(ORÇAMENTO!$X$15,ROW(AU79)-ROW(AU$15),0),\n              ROUND(ROUND(OFFSET($P79,0,AU$13),15-13*ORÇAMENTO!$AF$7)*OFFSET(ORÇAMENTO!$W$15,ROW(AU79)-ROW(AU$15),0),15-13*ORÇAMENTO!$AF$11)),\n         0)","v":0},{"$f":"IF(AND($D79=\"Serviço\",AV$12<>0,$H79>0,OR(AUTOEVENTO<>\"manual\",$M79<>$A$15)),\n        IF(Import.TipoArredondamento<>\"TransfereGOV\",\n              ROUND(OFFSET($P79,0,AV$13),15-13*ORÇAMENTO!$AF$7)/$H79*OFFSET(ORÇAMENTO!$X$15,ROW(AV79)-ROW(AV$15),0),\n              ROUND(ROUND(OFFSET($P79,0,AV$13),15-13*ORÇAMENTO!$AF$7)*OFFSET(ORÇAMENTO!$W$15,ROW(AV79)-ROW(AV$15),0),15-13*ORÇAMENTO!$AF$11)),\n         0)","v":0},{"$f":"IF(AND($D79=\"Serviço\",AW$12<>0,$H79>0,OR(AUTOEVENTO<>\"manual\",$M79<>$A$15)),\n        IF(Import.TipoArredondamento<>\"TransfereGOV\",\n              ROUND(OFFSET($P79,0,AW$13),15-13*ORÇAMENTO!$AF$7)/$H79*OFFSET(ORÇAMENTO!$X$15,ROW(AW79)-ROW(AW$15),0),\n              ROUND(ROUND(OFFSET($P79,0,AW$13),15-13*ORÇAMENTO!$AF$7)*OFFSET(ORÇAMENTO!$W$15,ROW(AW79)-ROW(AW$15),0),15-13*ORÇAMENTO!$AF$11)),\n         0)","v":0},{"$f":"IF(AND($D79=\"Serviço\",AX$12<>0,$H79>0,OR(AUTOEVENTO<>\"manual\",$M79<>$A$15)),\n        IF(Import.TipoArredondamento<>\"TransfereGOV\",\n              ROUND(OFFSET($P79,0,AX$13),15-13*ORÇAMENTO!$AF$7)/$H79*OFFSET(ORÇAMENTO!$X$15,ROW(AX79)-ROW(AX$15),0),\n              ROUND(ROUND(OFFSET($P79,0,AX$13),15-13*ORÇAMENTO!$AF$7)*OFFSET(ORÇAMENTO!$W$15,ROW(AX79)-ROW(AX$15),0),15-13*ORÇAMENTO!$AF$11)),\n         0)","v":0},{"$f":"IF(AND($D79=\"Serviço\",AY$12<>0,$H79>0,OR(AUTOEVENTO<>\"manual\",$M79<>$A$15)),\n        IF(Import.TipoArredondamento<>\"TransfereGOV\",\n              ROUND(OFFSET($P79,0,AY$13),15-13*ORÇAMENTO!$AF$7)/$H79*OFFSET(ORÇAMENTO!$X$15,ROW(AY79)-ROW(AY$15),0),\n              ROUND(ROUND(OFFSET($P79,0,AY$13),15-13*ORÇAMENTO!$AF$7)*OFFSET(ORÇAMENTO!$W$15,ROW(AY79)-ROW(AY$15),0),15-13*ORÇAMENTO!$AF$11)),\n         0)","v":0},{"$f":"IF(AND($D79=\"Serviço\",AZ$12<>0,$H79>0,OR(AUTOEVENTO<>\"manual\",$M79<>$A$15)),\n        IF(Import.TipoArredondamento<>\"TransfereGOV\",\n              ROUND(OFFSET($P79,0,AZ$13),15-13*ORÇAMENTO!$AF$7)/$H79*OFFSET(ORÇAMENTO!$X$15,ROW(AZ79)-ROW(AZ$15),0),\n              ROUND(ROUND(OFFSET($P79,0,AZ$13),15-13*ORÇAMENTO!$AF$7)*OFFSET(ORÇAMENTO!$W$15,ROW(AZ79)-ROW(AZ$15),0),15-13*ORÇAMENTO!$AF$11)),\n         0)","v":0},{"$f":"IF(AND($D79=\"Serviço\",BA$12<>0,$H79>0,OR(AUTOEVENTO<>\"manual\",$M79<>$A$15)),\n        IF(Import.TipoArredondamento<>\"TransfereGOV\",\n              ROUND(OFFSET($P79,0,BA$13),15-13*ORÇAMENTO!$AF$7)/$H79*OFFSET(ORÇAMENTO!$X$15,ROW(BA79)-ROW(BA$15),0),\n              ROUND(ROUND(OFFSET($P79,0,BA$13),15-13*ORÇAMENTO!$AF$7)*OFFSET(ORÇAMENTO!$W$15,ROW(BA79)-ROW(BA$15),0),15-13*ORÇAMENTO!$AF$11)),\n         0)","v":0},null,{"$f":"IF(OR($D79<>\"Serviço\",AND(AUTOEVENTO=\"Manual\",$M79=$A$15)),0,\n         IF(OFFSET(CRONOPLE!$F$15,$M79-$A$15,BC$13)=\"\",10^12,OFFSET(CRONOPLE!$F$15,$M79-$A$15,BC$13)))","v":0},{"$f":"IF(OR($D79<>\"Serviço\",AND(AUTOEVENTO=\"Manual\",$M79=$A$15)),0,\n         IF(OFFSET(CRONOPLE!$F$15,$M79-$A$15,BD$13)=\"\",10^12,OFFSET(CRONOPLE!$F$15,$M79-$A$15,BD$13)))","v":0},{"$f":"IF(OR($D79<>\"Serviço\",AND(AUTOEVENTO=\"Manual\",$M79=$A$15)),0,\n         IF(OFFSET(CRONOPLE!$F$15,$M79-$A$15,BE$13)=\"\",10^12,OFFSET(CRONOPLE!$F$15,$M79-$A$15,BE$13)))","v":0},{"$f":"IF(OR($D79<>\"Serviço\",AND(AUTOEVENTO=\"Manual\",$M79=$A$15)),0,\n         IF(OFFSET(CRONOPLE!$F$15,$M79-$A$15,BF$13)=\"\",10^12,OFFSET(CRONOPLE!$F$15,$M79-$A$15,BF$13)))","v":0},{"$f":"IF(OR($D79<>\"Serviço\",AND(AUTOEVENTO=\"Manual\",$M79=$A$15)),0,\n         IF(OFFSET(CRONOPLE!$F$15,$M79-$A$15,BG$13)=\"\",10^12,OFFSET(CRONOPLE!$F$15,$M79-$A$15,BG$13)))","v":0},{"$f":"IF(OR($D79<>\"Serviço\",AND(AUTOEVENTO=\"Manual\",$M79=$A$15)),0,\n         IF(OFFSET(CRONOPLE!$F$15,$M79-$A$15,BH$13)=\"\",10^12,OFFSET(CRONOPLE!$F$15,$M79-$A$15,BH$13)))","v":0},{"$f":"IF(OR($D79<>\"Serviço\",AND(AUTOEVENTO=\"Manual\",$M79=$A$15)),0,\n         IF(OFFSET(CRONOPLE!$F$15,$M79-$A$15,BI$13)=\"\",10^12,OFFSET(CRONOPLE!$F$15,$M79-$A$15,BI$13)))","v":0},{"$f":"IF(OR($D79<>\"Serviço\",AND(AUTOEVENTO=\"Manual\",$M79=$A$15)),0,\n         IF(OFFSET(CRONOPLE!$F$15,$M79-$A$15,BJ$13)=\"\",10^12,OFFSET(CRONOPLE!$F$15,$M79-$A$15,BJ$13)))","v":0},{"$f":"IF(OR($D79<>\"Serviço\",AND(AUTOEVENTO=\"Manual\",$M79=$A$15)),0,\n         IF(OFFSET(CRONOPLE!$F$15,$M79-$A$15,BK$13)=\"\",10^12,OFFSET(CRONOPLE!$F$15,$M79-$A$15,BK$13)))","v":0},{"$f":"IF(OR($D79<>\"Serviço\",AND(AUTOEVENTO=\"Manual\",$M79=$A$15)),0,\n         IF(OFFSET(CRONOPLE!$F$15,$M79-$A$15,BL$13)=\"\",10^12,OFFSET(CRONOPLE!$F$15,$M79-$A$15,BL$13)))","v":0},{"$f":"IF(OR($D79<>\"Serviço\",AND(AUTOEVENTO=\"Manual\",$M79=$A$15)),0,\n         IF(OFFSET(CRONOPLE!$F$15,$M79-$A$15,BM$13)=\"\",10^12,OFFSET(CRONOPLE!$F$15,$M79-$A$15,BM$13)))","v":0},{"$f":"IF(OR($D79<>\"Serviço\",AND(AUTOEVENTO=\"Manual\",$M79=$A$15)),0,\n         IF(OFFSET(CRONOPLE!$F$15,$M79-$A$15,BN$13)=\"\",10^12,OFFSET(CRONOPLE!$F$15,$M79-$A$15,BN$13)))","v":0},{"$f":"IF(OR($D79<>\"Serviço\",AND(AUTOEVENTO=\"Manual\",$M79=$A$15)),0,\n         IF(OFFSET(CRONOPLE!$F$15,$M79-$A$15,BO$13)=\"\",10^12,OFFSET(CRONOPLE!$F$15,$M79-$A$15,BO$13)))","v":0},{"$f":"IF(OR($D79<>\"Serviço\",AND(AUTOEVENTO=\"Manual\",$M79=$A$15)),0,\n         IF(OFFSET(CRONOPLE!$F$15,$M79-$A$15,BP$13)=\"\",10^12,OFFSET(CRONOPLE!$F$15,$M79-$A$15,BP$13)))","v":0},{"$f":"IF(OR($D79<>\"Serviço\",AND(AUTOEVENTO=\"Manual\",$M79=$A$15)),0,\n         IF(OFFSET(CRONOPLE!$F$15,$M79-$A$15,BQ$13)=\"\",10^12,OFFSET(CRONOPLE!$F$15,$M79-$A$15,BQ$13)))","v":0},{"$f":"IF(OR($D79<>\"Serviço\",AND(AUTOEVENTO=\"Manual\",$M79=$A$15)),0,\n         IF(OFFSET(CRONOPLE!$F$15,$M79-$A$15,BR$13)=\"\",10^12,OFFSET(CRONOPLE!$F$15,$M79-$A$15,BR$13)))","v":0},{"$f":"IF(OR($D79<>\"Serviço\",AND(AUTOEVENTO=\"Manual\",$M79=$A$15)),0,\n         IF(OFFSET(CRONOPLE!$F$15,$M79-$A$15,BS$13)=\"\",10^12,OFFSET(CRONOPLE!$F$15,$M79-$A$15,BS$13)))","v":0},{"$f":"IF(OR($D79<>\"Serviço\",AND(AUTOEVENTO=\"Manual\",$M79=$A$15)),0,\n         IF(OFFSET(CRONOPLE!$F$15,$M79-$A$15,BT$13)=\"\",10^12,OFFSET(CRONOPLE!$F$15,$M79-$A$15,BT$13)))","v":0},null,{"$f":"IF(OR($D79<>\"Serviço\",AND(AUTOEVENTO=\"Manual\",$M79=$A$15),$M79>(ROW(PLE.lastrow)-ROW(PLE.firstrow))),0,\n           IF(OFFSET(PLE!$G$15,$M79-$A$15,BV$13)=\"\",10^12,OFFSET(PLE!$G$15,$M79-$A$15,BV$13)))","v":0},{"$f":"IF(OR($D79<>\"Serviço\",AND(AUTOEVENTO=\"Manual\",$M79=$A$15),$M79>(ROW(PLE.lastrow)-ROW(PLE.firstrow))),0,\n           IF(OFFSET(PLE!$G$15,$M79-$A$15,BW$13)=\"\",10^12,OFFSET(PLE!$G$15,$M79-$A$15,BW$13)))","v":0},{"$f":"IF(OR($D79<>\"Serviço\",AND(AUTOEVENTO=\"Manual\",$M79=$A$15),$M79>(ROW(PLE.lastrow)-ROW(PLE.firstrow))),0,\n           IF(OFFSET(PLE!$G$15,$M79-$A$15,BX$13)=\"\",10^12,OFFSET(PLE!$G$15,$M79-$A$15,BX$13)))","v":0},{"$f":"IF(OR($D79<>\"Serviço\",AND(AUTOEVENTO=\"Manual\",$M79=$A$15),$M79>(ROW(PLE.lastrow)-ROW(PLE.firstrow))),0,\n           IF(OFFSET(PLE!$G$15,$M79-$A$15,BY$13)=\"\",10^12,OFFSET(PLE!$G$15,$M79-$A$15,BY$13)))","v":0},{"$f":"IF(OR($D79<>\"Serviço\",AND(AUTOEVENTO=\"Manual\",$M79=$A$15),$M79>(ROW(PLE.lastrow)-ROW(PLE.firstrow))),0,\n           IF(OFFSET(PLE!$G$15,$M79-$A$15,BZ$13)=\"\",10^12,OFFSET(PLE!$G$15,$M79-$A$15,BZ$13)))","v":0},{"$f":"IF(OR($D79<>\"Serviço\",AND(AUTOEVENTO=\"Manual\",$M79=$A$15),$M79>(ROW(PLE.lastrow)-ROW(PLE.firstrow))),0,\n           IF(OFFSET(PLE!$G$15,$M79-$A$15,CA$13)=\"\",10^12,OFFSET(PLE!$G$15,$M79-$A$15,CA$13)))","v":0},{"$f":"IF(OR($D79<>\"Serviço\",AND(AUTOEVENTO=\"Manual\",$M79=$A$15),$M79>(ROW(PLE.lastrow)-ROW(PLE.firstrow))),0,\n           IF(OFFSET(PLE!$G$15,$M79-$A$15,CB$13)=\"\",10^12,OFFSET(PLE!$G$15,$M79-$A$15,CB$13)))","v":0},{"$f":"IF(OR($D79<>\"Serviço\",AND(AUTOEVENTO=\"Manual\",$M79=$A$15),$M79>(ROW(PLE.lastrow)-ROW(PLE.firstrow))),0,\n           IF(OFFSET(PLE!$G$15,$M79-$A$15,CC$13)=\"\",10^12,OFFSET(PLE!$G$15,$M79-$A$15,CC$13)))","v":0},{"$f":"IF(OR($D79<>\"Serviço\",AND(AUTOEVENTO=\"Manual\",$M79=$A$15),$M79>(ROW(PLE.lastrow)-ROW(PLE.firstrow))),0,\n           IF(OFFSET(PLE!$G$15,$M79-$A$15,CD$13)=\"\",10^12,OFFSET(PLE!$G$15,$M79-$A$15,CD$13)))","v":0},{"$f":"IF(OR($D79<>\"Serviço\",AND(AUTOEVENTO=\"Manual\",$M79=$A$15),$M79>(ROW(PLE.lastrow)-ROW(PLE.firstrow))),0,\n           IF(OFFSET(PLE!$G$15,$M79-$A$15,CE$13)=\"\",10^12,OFFSET(PLE!$G$15,$M79-$A$15,CE$13)))","v":0},{"$f":"IF(OR($D79<>\"Serviço\",AND(AUTOEVENTO=\"Manual\",$M79=$A$15),$M79>(ROW(PLE.lastrow)-ROW(PLE.firstrow))),0,\n           IF(OFFSET(PLE!$G$15,$M79-$A$15,CF$13)=\"\",10^12,OFFSET(PLE!$G$15,$M79-$A$15,CF$13)))","v":0},{"$f":"IF(OR($D79<>\"Serviço\",AND(AUTOEVENTO=\"Manual\",$M79=$A$15),$M79>(ROW(PLE.lastrow)-ROW(PLE.firstrow))),0,\n           IF(OFFSET(PLE!$G$15,$M79-$A$15,CG$13)=\"\",10^12,OFFSET(PLE!$G$15,$M79-$A$15,CG$13)))","v":0},{"$f":"IF(OR($D79<>\"Serviço\",AND(AUTOEVENTO=\"Manual\",$M79=$A$15),$M79>(ROW(PLE.lastrow)-ROW(PLE.firstrow))),0,\n           IF(OFFSET(PLE!$G$15,$M79-$A$15,CH$13)=\"\",10^12,OFFSET(PLE!$G$15,$M79-$A$15,CH$13)))","v":0},{"$f":"IF(OR($D79<>\"Serviço\",AND(AUTOEVENTO=\"Manual\",$M79=$A$15),$M79>(ROW(PLE.lastrow)-ROW(PLE.firstrow))),0,\n           IF(OFFSET(PLE!$G$15,$M79-$A$15,CI$13)=\"\",10^12,OFFSET(PLE!$G$15,$M79-$A$15,CI$13)))","v":0},{"$f":"IF(OR($D79<>\"Serviço\",AND(AUTOEVENTO=\"Manual\",$M79=$A$15),$M79>(ROW(PLE.lastrow)-ROW(PLE.firstrow))),0,\n           IF(OFFSET(PLE!$G$15,$M79-$A$15,CJ$13)=\"\",10^12,OFFSET(PLE!$G$15,$M79-$A$15,CJ$13)))","v":0},{"$f":"IF(OR($D79<>\"Serviço\",AND(AUTOEVENTO=\"Manual\",$M79=$A$15),$M79>(ROW(PLE.lastrow)-ROW(PLE.firstrow))),0,\n           IF(OFFSET(PLE!$G$15,$M79-$A$15,CK$13)=\"\",10^12,OFFSET(PLE!$G$15,$M79-$A$15,CK$13)))","v":0},{"$f":"IF(OR($D79<>\"Serviço\",AND(AUTOEVENTO=\"Manual\",$M79=$A$15),$M79>(ROW(PLE.lastrow)-ROW(PLE.firstrow))),0,\n           IF(OFFSET(PLE!$G$15,$M79-$A$15,CL$13)=\"\",10^12,OFFSET(PLE!$G$15,$M79-$A$15,CL$13)))","v":0},{"$f":"IF(OR($D79<>\"Serviço\",AND(AUTOEVENTO=\"Manual\",$M79=$A$15),$M79>(ROW(PLE.lastrow)-ROW(PLE.firstrow))),0,\n           IF(OFFSET(PLE!$G$15,$M79-$A$15,CM$13)=\"\",10^12,OFFSET(PLE!$G$15,$M79-$A$15,CM$13)))","v":0}]
[0,{"$f":"OFFSET(ORÇAMENTO!C$15,ROW(B80)-ROW(B$15),0)","v":2},{"$f":"OFFSET(ORÇAMENTO!L$15,ROW(C80)-ROW(C$15),0)","v":"F"},{"$f":"OFFSET(ORÇAMENTO!N$15,ROW(D80)-ROW(D$15),0)","v":"Nível 2"},{"$f":"OFFSET(ORÇAMENTO!O$15,ROW(E80)-ROW(E$15),0)","v":"1.8."},{"$f":"OFFSET(ORÇAMENTO!R$15,ROW(F80)-ROW(F$15),0)","v":"IMPLANTAÇÃO ASFÁLTICA -  IMPRIMAÇÃO"},{"$f":"IF($D80<>\"Serviço\",\"\",OFFSET(ORÇAMENTO!S$15,ROW(G80)-ROW(G$15),0))","v":""},{"$f":"IF($D80<>\"Serviço\",0,IF(ACOMPANHAMENTO=\"BM\",ROUND(OFFSET(ORÇAMENTO!AJ$15,ROW(H80)-ROW(H$15),0),15-13*ORÇAMENTO!$AF$7),SUMPRODUCT(($Q$1:$AI$1=1)*ROUND($Q80:$AI80,15-13*ORÇAMENTO!$AF$7))))","v":0},null,{"$f":"IF(B80<>\"S\",\"\",IF(AND(ACOMPANHAMENTO=\"PLE\",AUTOEVENTO=\"Manual\",OR(H80>0,ORÇAMENTO!AC80=\"QUANT.\"),OR(K80=\"\",M80=0,N80=\"\")),\"►\",IF(AND(ACOMPANHAMENTO=\"PLE\",ORÇAMENTO!AC80=\"QUANT.\"),\"►►\",IF(AND(COUNTIF($P$11:$AI$11,\"▼\")=0,H80>0,I80=\"\"),\"◄\",\"\"))))","v":""},null,".",{"$f":"IF($D80<>\"Serviço\",\"\",\n          IF(AUTOEVENTO=\"manual\",$A80,\n                IF(ISERROR(MATCH($A80,$A$15:OFFSET($A80,-1,0),0)),MAX($M$15:OFFSET(M80,-1,0))+1,\n                      INDEX($M$15:OFFSET(M80,-1,0),MATCH($A80,$A$15:OFFSET($A80,-1,0),0)))))","v":""},{"$f":"IF($D80<>\"Serviço\",\"\",\n         IF(AUTOEVENTO=\"Manual\",\n                IF($A80=0,\"<-- defina o número do agrupador\",\n                       OFFSET(EVENTOS!$D$15,$A80-$A$15,0)),\n                OFFSET($F$15,$A80,0)))","v":""},null,null,null,null,null,null,null,null,null,null,null,null,null,null,null,null,null,null,null,null,null,{"$f":"IF(AND($D80=\"Serviço\",AJ$12<>0,$H80>0,OR(AUTOEVENTO<>\"manual\",$M80<>$A$15)),\n        IF(Import.TipoArredondamento<>\"TransfereGOV\",\n              ROUND(OFFSET($P80,0,AJ$13),15-13*ORÇAMENTO!$AF$7)/$H80*OFFSET(ORÇAMENTO!$X$15,ROW(AJ80)-ROW(AJ$15),0),\n              ROUND(ROUND(OFFSET($P80,0,AJ$13),15-13*ORÇAMENTO!$AF$7)*OFFSET(ORÇAMENTO!$W$15,ROW(AJ80)-ROW(AJ$15),0),15-13*ORÇAMENTO!$AF$11)),\n         0)","v":0},{"$f":"IF(AND($D80=\"Serviço\",AK$12<>0,$H80>0,OR(AUTOEVENTO<>\"manual\",$M80<>$A$15)),\n        IF(Import.TipoArredondamento<>\"TransfereGOV\",\n              ROUND(OFFSET($P80,0,AK$13),15-13*ORÇAMENTO!$AF$7)/$H80*OFFSET(ORÇAMENTO!$X$15,ROW(AK80)-ROW(AK$15),0),\n              ROUND(ROUND(OFFSET($P80,0,AK$13),15-13*ORÇAMENTO!$AF$7)*OFFSET(ORÇAMENTO!$W$15,ROW(AK80)-ROW(AK$15),0),15-13*ORÇAMENTO!$AF$11)),\n         0)","v":0},{"$f":"IF(AND($D80=\"Serviço\",AL$12<>0,$H80>0,OR(AUTOEVENTO<>\"manual\",$M80<>$A$15)),\n        IF(Import.TipoArredondamento<>\"TransfereGOV\",\n              ROUND(OFFSET($P80,0,AL$13),15-13*ORÇAMENTO!$AF$7)/$H80*OFFSET(ORÇAMENTO!$X$15,ROW(AL80)-ROW(AL$15),0),\n              ROUND(ROUND(OFFSET($P80,0,AL$13),15-13*ORÇAMENTO!$AF$7)*OFFSET(ORÇAMENTO!$W$15,ROW(AL80)-ROW(AL$15),0),15-13*ORÇAMENTO!$AF$11)),\n         0)","v":0},{"$f":"IF(AND($D80=\"Serviço\",AM$12<>0,$H80>0,OR(AUTOEVENTO<>\"manual\",$M80<>$A$15)),\n        IF(Import.TipoArredondamento<>\"TransfereGOV\",\n              ROUND(OFFSET($P80,0,AM$13),15-13*ORÇAMENTO!$AF$7)/$H80*OFFSET(ORÇAMENTO!$X$15,ROW(AM80)-ROW(AM$15),0),\n              ROUND(ROUND(OFFSET($P80,0,AM$13),15-13*ORÇAMENTO!$AF$7)*OFFSET(ORÇAMENTO!$W$15,ROW(AM80)-ROW(AM$15),0),15-13*ORÇAMENTO!$AF$11)),\n         0)","v":0},{"$f":"IF(AND($D80=\"Serviço\",AN$12<>0,$H80>0,OR(AUTOEVENTO<>\"manual\",$M80<>$A$15)),\n        IF(Import.TipoArredondamento<>\"TransfereGOV\",\n              ROUND(OFFSET($P80,0,AN$13),15-13*ORÇAMENTO!$AF$7)/$H80*OFFSET(ORÇAMENTO!$X$15,ROW(AN80)-ROW(AN$15),0),\n              ROUND(ROUND(OFFSET($P80,0,AN$13),15-13*ORÇAMENTO!$AF$7)*OFFSET(ORÇAMENTO!$W$15,ROW(AN80)-ROW(AN$15),0),15-13*ORÇAMENTO!$AF$11)),\n         0)","v":0},{"$f":"IF(AND($D80=\"Serviço\",AO$12<>0,$H80>0,OR(AUTOEVENTO<>\"manual\",$M80<>$A$15)),\n        IF(Import.TipoArredondamento<>\"TransfereGOV\",\n              ROUND(OFFSET($P80,0,AO$13),15-13*ORÇAMENTO!$AF$7)/$H80*OFFSET(ORÇAMENTO!$X$15,ROW(AO80)-ROW(AO$15),0),\n              ROUND(ROUND(OFFSET($P80,0,AO$13),15-13*ORÇAMENTO!$AF$7)*OFFSET(ORÇAMENTO!$W$15,ROW(AO80)-ROW(AO$15),0),15-13*ORÇAMENTO!$AF$11)),\n         0)","v":0},{"$f":"IF(AND($D80=\"Serviço\",AP$12<>0,$H80>0,OR(AUTOEVENTO<>\"manual\",$M80<>$A$15)),\n        IF(Import.TipoArredondamento<>\"TransfereGOV\",\n              ROUND(OFFSET($P80,0,AP$13),15-13*ORÇAMENTO!$AF$7)/$H80*OFFSET(ORÇAMENTO!$X$15,ROW(AP80)-ROW(AP$15),0),\n              ROUND(ROUND(OFFSET($P80,0,AP$13),15-13*ORÇAMENTO!$AF$7)*OFFSET(ORÇAMENTO!$W$15,ROW(AP80)-ROW(AP$15),0),15-13*ORÇAMENTO!$AF$11)),\n         0)","v":0},{"$f":"IF(AND($D80=\"Serviço\",AQ$12<>0,$H80>0,OR(AUTOEVENTO<>\"manual\",$M80<>$A$15)),\n        IF(Import.TipoArredondamento<>\"TransfereGOV\",\n              ROUND(OFFSET($P80,0,AQ$13),15-13*ORÇAMENTO!$AF$7)/$H80*OFFSET(ORÇAMENTO!$X$15,ROW(AQ80)-ROW(AQ$15),0),\n              ROUND(ROUND(OFFSET($P80,0,AQ$13),15-13*ORÇAMENTO!$AF$7)*OFFSET(ORÇAMENTO!$W$15,ROW(AQ80)-ROW(AQ$15),0),15-13*ORÇAMENTO!$AF$11)),\n         0)","v":0},{"$f":"IF(AND($D80=\"Serviço\",AR$12<>0,$H80>0,OR(AUTOEVENTO<>\"manual\",$M80<>$A$15)),\n        IF(Import.TipoArredondamento<>\"TransfereGOV\",\n              ROUND(OFFSET($P80,0,AR$13),15-13*ORÇAMENTO!$AF$7)/$H80*OFFSET(ORÇAMENTO!$X$15,ROW(AR80)-ROW(AR$15),0),\n              ROUND(ROUND(OFFSET($P80,0,AR$13),15-13*ORÇAMENTO!$AF$7)*OFFSET(ORÇAMENTO!$W$15,ROW(AR80)-ROW(AR$15),0),15-13*ORÇAMENTO!$AF$11)),\n         0)","v":0},{"$f":"IF(AND($D80=\"Serviço\",AS$12<>0,$H80>0,OR(AUTOEVENTO<>\"manual\",$M80<>$A$15)),\n        IF(Import.TipoArredondamento<>\"TransfereGOV\",\n              ROUND(OFFSET($P80,0,AS$13),15-13*ORÇAMENTO!$AF$7)/$H80*OFFSET(ORÇAMENTO!$X$15,ROW(AS80)-ROW(AS$15),0),\n              ROUND(ROUND(OFFSET($P80,0,AS$13),15-13*ORÇAMENTO!$AF$7)*OFFSET(ORÇAMENTO!$W$15,ROW(AS80)-ROW(AS$15),0),15-13*ORÇAMENTO!$AF$11)),\n         0)","v":0},{"$f":"IF(AND($D80=\"Serviço\",AT$12<>0,$H80>0,OR(AUTOEVENTO<>\"manual\",$M80<>$A$15)),\n        IF(Import.TipoArredondamento<>\"TransfereGOV\",\n              ROUND(OFFSET($P80,0,AT$13),15-13*ORÇAMENTO!$AF$7)/$H80*OFFSET(ORÇAMENTO!$X$15,ROW(AT80)-ROW(AT$15),0),\n              ROUND(ROUND(OFFSET($P80,0,AT$13),15-13*ORÇAMENTO!$AF$7)*OFFSET(ORÇAMENTO!$W$15,ROW(AT80)-ROW(AT$15),0),15-13*ORÇAMENTO!$AF$11)),\n         0)","v":0},{"$f":"IF(AND($D80=\"Serviço\",AU$12<>0,$H80>0,OR(AUTOEVENTO<>\"manual\",$M80<>$A$15)),\n        IF(Import.TipoArredondamento<>\"TransfereGOV\",\n              ROUND(OFFSET($P80,0,AU$13),15-13*ORÇAMENTO!$AF$7)/$H80*OFFSET(ORÇAMENTO!$X$15,ROW(AU80)-ROW(AU$15),0),\n              ROUND(ROUND(OFFSET($P80,0,AU$13),15-13*ORÇAMENTO!$AF$7)*OFFSET(ORÇAMENTO!$W$15,ROW(AU80)-ROW(AU$15),0),15-13*ORÇAMENTO!$AF$11)),\n         0)","v":0},{"$f":"IF(AND($D80=\"Serviço\",AV$12<>0,$H80>0,OR(AUTOEVENTO<>\"manual\",$M80<>$A$15)),\n        IF(Import.TipoArredondamento<>\"TransfereGOV\",\n              ROUND(OFFSET($P80,0,AV$13),15-13*ORÇAMENTO!$AF$7)/$H80*OFFSET(ORÇAMENTO!$X$15,ROW(AV80)-ROW(AV$15),0),\n              ROUND(ROUND(OFFSET($P80,0,AV$13),15-13*ORÇAMENTO!$AF$7)*OFFSET(ORÇAMENTO!$W$15,ROW(AV80)-ROW(AV$15),0),15-13*ORÇAMENTO!$AF$11)),\n         0)","v":0},{"$f":"IF(AND($D80=\"Serviço\",AW$12<>0,$H80>0,OR(AUTOEVENTO<>\"manual\",$M80<>$A$15)),\n        IF(Import.TipoArredondamento<>\"TransfereGOV\",\n              ROUND(OFFSET($P80,0,AW$13),15-13*ORÇAMENTO!$AF$7)/$H80*OFFSET(ORÇAMENTO!$X$15,ROW(AW80)-ROW(AW$15),0),\n              ROUND(ROUND(OFFSET($P80,0,AW$13),15-13*ORÇAMENTO!$AF$7)*OFFSET(ORÇAMENTO!$W$15,ROW(AW80)-ROW(AW$15),0),15-13*ORÇAMENTO!$AF$11)),\n         0)","v":0},{"$f":"IF(AND($D80=\"Serviço\",AX$12<>0,$H80>0,OR(AUTOEVENTO<>\"manual\",$M80<>$A$15)),\n        IF(Import.TipoArredondamento<>\"TransfereGOV\",\n              ROUND(OFFSET($P80,0,AX$13),15-13*ORÇAMENTO!$AF$7)/$H80*OFFSET(ORÇAMENTO!$X$15,ROW(AX80)-ROW(AX$15),0),\n              ROUND(ROUND(OFFSET($P80,0,AX$13),15-13*ORÇAMENTO!$AF$7)*OFFSET(ORÇAMENTO!$W$15,ROW(AX80)-ROW(AX$15),0),15-13*ORÇAMENTO!$AF$11)),\n         0)","v":0},{"$f":"IF(AND($D80=\"Serviço\",AY$12<>0,$H80>0,OR(AUTOEVENTO<>\"manual\",$M80<>$A$15)),\n        IF(Import.TipoArredondamento<>\"TransfereGOV\",\n              ROUND(OFFSET($P80,0,AY$13),15-13*ORÇAMENTO!$AF$7)/$H80*OFFSET(ORÇAMENTO!$X$15,ROW(AY80)-ROW(AY$15),0),\n              ROUND(ROUND(OFFSET($P80,0,AY$13),15-13*ORÇAMENTO!$AF$7)*OFFSET(ORÇAMENTO!$W$15,ROW(AY80)-ROW(AY$15),0),15-13*ORÇAMENTO!$AF$11)),\n         0)","v":0},{"$f":"IF(AND($D80=\"Serviço\",AZ$12<>0,$H80>0,OR(AUTOEVENTO<>\"manual\",$M80<>$A$15)),\n        IF(Import.TipoArredondamento<>\"TransfereGOV\",\n              ROUND(OFFSET($P80,0,AZ$13),15-13*ORÇAMENTO!$AF$7)/$H80*OFFSET(ORÇAMENTO!$X$15,ROW(AZ80)-ROW(AZ$15),0),\n              ROUND(ROUND(OFFSET($P80,0,AZ$13),15-13*ORÇAMENTO!$AF$7)*OFFSET(ORÇAMENTO!$W$15,ROW(AZ80)-ROW(AZ$15),0),15-13*ORÇAMENTO!$AF$11)),\n         0)","v":0},{"$f":"IF(AND($D80=\"Serviço\",BA$12<>0,$H80>0,OR(AUTOEVENTO<>\"manual\",$M80<>$A$15)),\n        IF(Import.TipoArredondamento<>\"TransfereGOV\",\n              ROUND(OFFSET($P80,0,BA$13),15-13*ORÇAMENTO!$AF$7)/$H80*OFFSET(ORÇAMENTO!$X$15,ROW(BA80)-ROW(BA$15),0),\n              ROUND(ROUND(OFFSET($P80,0,BA$13),15-13*ORÇAMENTO!$AF$7)*OFFSET(ORÇAMENTO!$W$15,ROW(BA80)-ROW(BA$15),0),15-13*ORÇAMENTO!$AF$11)),\n         0)","v":0},null,{"$f":"IF(OR($D80<>\"Serviço\",AND(AUTOEVENTO=\"Manual\",$M80=$A$15)),0,\n         IF(OFFSET(CRONOPLE!$F$15,$M80-$A$15,BC$13)=\"\",10^12,OFFSET(CRONOPLE!$F$15,$M80-$A$15,BC$13)))","v":0},{"$f":"IF(OR($D80<>\"Serviço\",AND(AUTOEVENTO=\"Manual\",$M80=$A$15)),0,\n         IF(OFFSET(CRONOPLE!$F$15,$M80-$A$15,BD$13)=\"\",10^12,OFFSET(CRONOPLE!$F$15,$M80-$A$15,BD$13)))","v":0},{"$f":"IF(OR($D80<>\"Serviço\",AND(AUTOEVENTO=\"Manual\",$M80=$A$15)),0,\n         IF(OFFSET(CRONOPLE!$F$15,$M80-$A$15,BE$13)=\"\",10^12,OFFSET(CRONOPLE!$F$15,$M80-$A$15,BE$13)))","v":0},{"$f":"IF(OR($D80<>\"Serviço\",AND(AUTOEVENTO=\"Manual\",$M80=$A$15)),0,\n         IF(OFFSET(CRONOPLE!$F$15,$M80-$A$15,BF$13)=\"\",10^12,OFFSET(CRONOPLE!$F$15,$M80-$A$15,BF$13)))","v":0},{"$f":"IF(OR($D80<>\"Serviço\",AND(AUTOEVENTO=\"Manual\",$M80=$A$15)),0,\n         IF(OFFSET(CRONOPLE!$F$15,$M80-$A$15,BG$13)=\"\",10^12,OFFSET(CRONOPLE!$F$15,$M80-$A$15,BG$13)))","v":0},{"$f":"IF(OR($D80<>\"Serviço\",AND(AUTOEVENTO=\"Manual\",$M80=$A$15)),0,\n         IF(OFFSET(CRONOPLE!$F$15,$M80-$A$15,BH$13)=\"\",10^12,OFFSET(CRONOPLE!$F$15,$M80-$A$15,BH$13)))","v":0},{"$f":"IF(OR($D80<>\"Serviço\",AND(AUTOEVENTO=\"Manual\",$M80=$A$15)),0,\n         IF(OFFSET(CRONOPLE!$F$15,$M80-$A$15,BI$13)=\"\",10^12,OFFSET(CRONOPLE!$F$15,$M80-$A$15,BI$13)))","v":0},{"$f":"IF(OR($D80<>\"Serviço\",AND(AUTOEVENTO=\"Manual\",$M80=$A$15)),0,\n         IF(OFFSET(CRONOPLE!$F$15,$M80-$A$15,BJ$13)=\"\",10^12,OFFSET(CRONOPLE!$F$15,$M80-$A$15,BJ$13)))","v":0},{"$f":"IF(OR($D80<>\"Serviço\",AND(AUTOEVENTO=\"Manual\",$M80=$A$15)),0,\n         IF(OFFSET(CRONOPLE!$F$15,$M80-$A$15,BK$13)=\"\",10^12,OFFSET(CRONOPLE!$F$15,$M80-$A$15,BK$13)))","v":0},{"$f":"IF(OR($D80<>\"Serviço\",AND(AUTOEVENTO=\"Manual\",$M80=$A$15)),0,\n         IF(OFFSET(CRONOPLE!$F$15,$M80-$A$15,BL$13)=\"\",10^12,OFFSET(CRONOPLE!$F$15,$M80-$A$15,BL$13)))","v":0},{"$f":"IF(OR($D80<>\"Serviço\",AND(AUTOEVENTO=\"Manual\",$M80=$A$15)),0,\n         IF(OFFSET(CRONOPLE!$F$15,$M80-$A$15,BM$13)=\"\",10^12,OFFSET(CRONOPLE!$F$15,$M80-$A$15,BM$13)))","v":0},{"$f":"IF(OR($D80<>\"Serviço\",AND(AUTOEVENTO=\"Manual\",$M80=$A$15)),0,\n         IF(OFFSET(CRONOPLE!$F$15,$M80-$A$15,BN$13)=\"\",10^12,OFFSET(CRONOPLE!$F$15,$M80-$A$15,BN$13)))","v":0},{"$f":"IF(OR($D80<>\"Serviço\",AND(AUTOEVENTO=\"Manual\",$M80=$A$15)),0,\n         IF(OFFSET(CRONOPLE!$F$15,$M80-$A$15,BO$13)=\"\",10^12,OFFSET(CRONOPLE!$F$15,$M80-$A$15,BO$13)))","v":0},{"$f":"IF(OR($D80<>\"Serviço\",AND(AUTOEVENTO=\"Manual\",$M80=$A$15)),0,\n         IF(OFFSET(CRONOPLE!$F$15,$M80-$A$15,BP$13)=\"\",10^12,OFFSET(CRONOPLE!$F$15,$M80-$A$15,BP$13)))","v":0},{"$f":"IF(OR($D80<>\"Serviço\",AND(AUTOEVENTO=\"Manual\",$M80=$A$15)),0,\n         IF(OFFSET(CRONOPLE!$F$15,$M80-$A$15,BQ$13)=\"\",10^12,OFFSET(CRONOPLE!$F$15,$M80-$A$15,BQ$13)))","v":0},{"$f":"IF(OR($D80<>\"Serviço\",AND(AUTOEVENTO=\"Manual\",$M80=$A$15)),0,\n         IF(OFFSET(CRONOPLE!$F$15,$M80-$A$15,BR$13)=\"\",10^12,OFFSET(CRONOPLE!$F$15,$M80-$A$15,BR$13)))","v":0},{"$f":"IF(OR($D80<>\"Serviço\",AND(AUTOEVENTO=\"Manual\",$M80=$A$15)),0,\n         IF(OFFSET(CRONOPLE!$F$15,$M80-$A$15,BS$13)=\"\",10^12,OFFSET(CRONOPLE!$F$15,$M80-$A$15,BS$13)))","v":0},{"$f":"IF(OR($D80<>\"Serviço\",AND(AUTOEVENTO=\"Manual\",$M80=$A$15)),0,\n         IF(OFFSET(CRONOPLE!$F$15,$M80-$A$15,BT$13)=\"\",10^12,OFFSET(CRONOPLE!$F$15,$M80-$A$15,BT$13)))","v":0},null,{"$f":"IF(OR($D80<>\"Serviço\",AND(AUTOEVENTO=\"Manual\",$M80=$A$15),$M80>(ROW(PLE.lastrow)-ROW(PLE.firstrow))),0,\n           IF(OFFSET(PLE!$G$15,$M80-$A$15,BV$13)=\"\",10^12,OFFSET(PLE!$G$15,$M80-$A$15,BV$13)))","v":0},{"$f":"IF(OR($D80<>\"Serviço\",AND(AUTOEVENTO=\"Manual\",$M80=$A$15),$M80>(ROW(PLE.lastrow)-ROW(PLE.firstrow))),0,\n           IF(OFFSET(PLE!$G$15,$M80-$A$15,BW$13)=\"\",10^12,OFFSET(PLE!$G$15,$M80-$A$15,BW$13)))","v":0},{"$f":"IF(OR($D80<>\"Serviço\",AND(AUTOEVENTO=\"Manual\",$M80=$A$15),$M80>(ROW(PLE.lastrow)-ROW(PLE.firstrow))),0,\n           IF(OFFSET(PLE!$G$15,$M80-$A$15,BX$13)=\"\",10^12,OFFSET(PLE!$G$15,$M80-$A$15,BX$13)))","v":0},{"$f":"IF(OR($D80<>\"Serviço\",AND(AUTOEVENTO=\"Manual\",$M80=$A$15),$M80>(ROW(PLE.lastrow)-ROW(PLE.firstrow))),0,\n           IF(OFFSET(PLE!$G$15,$M80-$A$15,BY$13)=\"\",10^12,OFFSET(PLE!$G$15,$M80-$A$15,BY$13)))","v":0},{"$f":"IF(OR($D80<>\"Serviço\",AND(AUTOEVENTO=\"Manual\",$M80=$A$15),$M80>(ROW(PLE.lastrow)-ROW(PLE.firstrow))),0,\n           IF(OFFSET(PLE!$G$15,$M80-$A$15,BZ$13)=\"\",10^12,OFFSET(PLE!$G$15,$M80-$A$15,BZ$13)))","v":0},{"$f":"IF(OR($D80<>\"Serviço\",AND(AUTOEVENTO=\"Manual\",$M80=$A$15),$M80>(ROW(PLE.lastrow)-ROW(PLE.firstrow))),0,\n           IF(OFFSET(PLE!$G$15,$M80-$A$15,CA$13)=\"\",10^12,OFFSET(PLE!$G$15,$M80-$A$15,CA$13)))","v":0},{"$f":"IF(OR($D80<>\"Serviço\",AND(AUTOEVENTO=\"Manual\",$M80=$A$15),$M80>(ROW(PLE.lastrow)-ROW(PLE.firstrow))),0,\n           IF(OFFSET(PLE!$G$15,$M80-$A$15,CB$13)=\"\",10^12,OFFSET(PLE!$G$15,$M80-$A$15,CB$13)))","v":0},{"$f":"IF(OR($D80<>\"Serviço\",AND(AUTOEVENTO=\"Manual\",$M80=$A$15),$M80>(ROW(PLE.lastrow)-ROW(PLE.firstrow))),0,\n           IF(OFFSET(PLE!$G$15,$M80-$A$15,CC$13)=\"\",10^12,OFFSET(PLE!$G$15,$M80-$A$15,CC$13)))","v":0},{"$f":"IF(OR($D80<>\"Serviço\",AND(AUTOEVENTO=\"Manual\",$M80=$A$15),$M80>(ROW(PLE.lastrow)-ROW(PLE.firstrow))),0,\n           IF(OFFSET(PLE!$G$15,$M80-$A$15,CD$13)=\"\",10^12,OFFSET(PLE!$G$15,$M80-$A$15,CD$13)))","v":0},{"$f":"IF(OR($D80<>\"Serviço\",AND(AUTOEVENTO=\"Manual\",$M80=$A$15),$M80>(ROW(PLE.lastrow)-ROW(PLE.firstrow))),0,\n           IF(OFFSET(PLE!$G$15,$M80-$A$15,CE$13)=\"\",10^12,OFFSET(PLE!$G$15,$M80-$A$15,CE$13)))","v":0},{"$f":"IF(OR($D80<>\"Serviço\",AND(AUTOEVENTO=\"Manual\",$M80=$A$15),$M80>(ROW(PLE.lastrow)-ROW(PLE.firstrow))),0,\n           IF(OFFSET(PLE!$G$15,$M80-$A$15,CF$13)=\"\",10^12,OFFSET(PLE!$G$15,$M80-$A$15,CF$13)))","v":0},{"$f":"IF(OR($D80<>\"Serviço\",AND(AUTOEVENTO=\"Manual\",$M80=$A$15),$M80>(ROW(PLE.lastrow)-ROW(PLE.firstrow))),0,\n           IF(OFFSET(PLE!$G$15,$M80-$A$15,CG$13)=\"\",10^12,OFFSET(PLE!$G$15,$M80-$A$15,CG$13)))","v":0},{"$f":"IF(OR($D80<>\"Serviço\",AND(AUTOEVENTO=\"Manual\",$M80=$A$15),$M80>(ROW(PLE.lastrow)-ROW(PLE.firstrow))),0,\n           IF(OFFSET(PLE!$G$15,$M80-$A$15,CH$13)=\"\",10^12,OFFSET(PLE!$G$15,$M80-$A$15,CH$13)))","v":0},{"$f":"IF(OR($D80<>\"Serviço\",AND(AUTOEVENTO=\"Manual\",$M80=$A$15),$M80>(ROW(PLE.lastrow)-ROW(PLE.firstrow))),0,\n           IF(OFFSET(PLE!$G$15,$M80-$A$15,CI$13)=\"\",10^12,OFFSET(PLE!$G$15,$M80-$A$15,CI$13)))","v":0},{"$f":"IF(OR($D80<>\"Serviço\",AND(AUTOEVENTO=\"Manual\",$M80=$A$15),$M80>(ROW(PLE.lastrow)-ROW(PLE.firstrow))),0,\n           IF(OFFSET(PLE!$G$15,$M80-$A$15,CJ$13)=\"\",10^12,OFFSET(PLE!$G$15,$M80-$A$15,CJ$13)))","v":0},{"$f":"IF(OR($D80<>\"Serviço\",AND(AUTOEVENTO=\"Manual\",$M80=$A$15),$M80>(ROW(PLE.lastrow)-ROW(PLE.firstrow))),0,\n           IF(OFFSET(PLE!$G$15,$M80-$A$15,CK$13)=\"\",10^12,OFFSET(PLE!$G$15,$M80-$A$15,CK$13)))","v":0},{"$f":"IF(OR($D80<>\"Serviço\",AND(AUTOEVENTO=\"Manual\",$M80=$A$15),$M80>(ROW(PLE.lastrow)-ROW(PLE.firstrow))),0,\n           IF(OFFSET(PLE!$G$15,$M80-$A$15,CL$13)=\"\",10^12,OFFSET(PLE!$G$15,$M80-$A$15,CL$13)))","v":0},{"$f":"IF(OR($D80<>\"Serviço\",AND(AUTOEVENTO=\"Manual\",$M80=$A$15),$M80>(ROW(PLE.lastrow)-ROW(PLE.firstrow))),0,\n           IF(OFFSET(PLE!$G$15,$M80-$A$15,CM$13)=\"\",10^12,OFFSET(PLE!$G$15,$M80-$A$15,CM$13)))","v":0}]
[3,{"$f":"OFFSET(ORÇAMENTO!C$15,ROW(B81)-ROW(B$15),0)","v":"S"},{"$f":"OFFSET(ORÇAMENTO!L$15,ROW(C81)-ROW(C$15),0)","v":"F"},{"$f":"OFFSET(ORÇAMENTO!N$15,ROW(D81)-ROW(D$15),0)","v":"Serviço"},{"$f":"OFFSET(ORÇAMENTO!O$15,ROW(E81)-ROW(E$15),0)","v":"1.8.1."},{"$f":"OFFSET(ORÇAMENTO!R$15,ROW(F81)-ROW(F$15),0)","v":"Execução de imprimação com emulsão asfáltica a base d'água."},{"$f":"IF($D81<>\"Serviço\",\"\",OFFSET(ORÇAMENTO!S$15,ROW(G81)-ROW(G$15),0))","v":"M2"},{"$f":"IF($D81<>\"Serviço\",0,IF(ACOMPANHAMENTO=\"BM\",ROUND(OFFSET(ORÇAMENTO!AJ$15,ROW(H81)-ROW(H$15),0),15-13*ORÇAMENTO!$AF$7),SUMPRODUCT(($Q$1:$AI$1=1)*ROUND($Q81:$AI81,15-13*ORÇAMENTO!$AF$7))))","v":1555.93},null,{"$f":"IF(B81<>\"S\",\"\",IF(AND(ACOMPANHAMENTO=\"PLE\",AUTOEVENTO=\"Manual\",OR(H81>0,ORÇAMENTO!AC81=\"QUANT.\"),OR(K81=\"\",M81=0,N81=\"\")),\"►\",IF(AND(ACOMPANHAMENTO=\"PLE\",ORÇAMENTO!AC81=\"QUANT.\"),\"►►\",IF(AND(COUNTIF($P$11:$AI$11,\"▼\")=0,H81>0,I81=\"\"),\"◄\",\"\"))))","v":"◄"},"3. IMPLANTAÇÃO ASFÁLTICA",".",{"$f":"IF($D81<>\"Serviço\",\"\",\n          IF(AUTOEVENTO=\"manual\",$A81,\n                IF(ISERROR(MATCH($A81,$A$15:OFFSET($A81,-1,0),0)),MAX($M$15:OFFSET(M81,-1,0))+1,\n                      INDEX($M$15:OFFSET(M81,-1,0),MATCH($A81,$A$15:OFFSET($A81,-1,0),0)))))","v":3},{"$f":"IF($D81<>\"Serviço\",\"\",\n         IF(AUTOEVENTO=\"Manual\",\n                IF($A81=0,\"<-- defina o número do agrupador\",\n                       OFFSET(EVENTOS!$D$15,$A81-$A$15,0)),\n                OFFSET($F$15,$A81,0)))","v":"IMPLANTAÇÃO ASFÁLTICA"},null,null,5660.02,null,null,null,null,null,null,null,null,null,null,null,null,null,null,null,null,null,null,{"$f":"IF(AND($D81=\"Serviço\",AJ$12<>0,$H81>0,OR(AUTOEVENTO<>\"manual\",$M81<>$A$15)),\n        IF(Import.TipoArredondamento<>\"TransfereGOV\",\n              ROUND(OFFSET($P81,0,AJ$13),15-13*ORÇAMENTO!$AF$7)/$H81*OFFSET(ORÇAMENTO!$X$15,ROW(AJ81)-ROW(AJ$15),0),\n              ROUND(ROUND(OFFSET($P81,0,AJ$13),15-13*ORÇAMENTO!$AF$7)*OFFSET(ORÇAMENTO!$W$15,ROW(AJ81)-ROW(AJ$15),0),15-13*ORÇAMENTO!$AF$11)),\n         0)","v":0},{"$f":"IF(AND($D81=\"Serviço\",AK$12<>0,$H81>0,OR(AUTOEVENTO<>\"manual\",$M81<>$A$15)),\n        IF(Import.TipoArredondamento<>\"TransfereGOV\",\n              ROUND(OFFSET($P81,0,AK$13),15-13*ORÇAMENTO!$AF$7)/$H81*OFFSET(ORÇAMENTO!$X$15,ROW(AK81)-ROW(AK$15),0),\n              ROUND(ROUND(OFFSET($P81,0,AK$13),15-13*ORÇAMENTO!$AF$7)*OFFSET(ORÇAMENTO!$W$15,ROW(AK81)-ROW(AK$15),0),15-13*ORÇAMENTO!$AF$11)),\n         0)","v":0},{"$f":"IF(AND($D81=\"Serviço\",AL$12<>0,$H81>0,OR(AUTOEVENTO<>\"manual\",$M81<>$A$15)),\n        IF(Import.TipoArredondamento<>\"TransfereGOV\",\n              ROUND(OFFSET($P81,0,AL$13),15-13*ORÇAMENTO!$AF$7)/$H81*OFFSET(ORÇAMENTO!$X$15,ROW(AL81)-ROW(AL$15),0),\n              ROUND(ROUND(OFFSET($P81,0,AL$13),15-13*ORÇAMENTO!$AF$7)*OFFSET(ORÇAMENTO!$W$15,ROW(AL81)-ROW(AL$15),0),15-13*ORÇAMENTO!$AF$11)),\n         0)","v":0},{"$f":"IF(AND($D81=\"Serviço\",AM$12<>0,$H81>0,OR(AUTOEVENTO<>\"manual\",$M81<>$A$15)),\n        IF(Import.TipoArredondamento<>\"TransfereGOV\",\n              ROUND(OFFSET($P81,0,AM$13),15-13*ORÇAMENTO!$AF$7)/$H81*OFFSET(ORÇAMENTO!$X$15,ROW(AM81)-ROW(AM$15),0),\n              ROUND(ROUND(OFFSET($P81,0,AM$13),15-13*ORÇAMENTO!$AF$7)*OFFSET(ORÇAMENTO!$W$15,ROW(AM81)-ROW(AM$15),0),15-13*ORÇAMENTO!$AF$11)),\n         0)","v":0},{"$f":"IF(AND($D81=\"Serviço\",AN$12<>0,$H81>0,OR(AUTOEVENTO<>\"manual\",$M81<>$A$15)),\n        IF(Import.TipoArredondamento<>\"TransfereGOV\",\n              ROUND(OFFSET($P81,0,AN$13),15-13*ORÇAMENTO!$AF$7)/$H81*OFFSET(ORÇAMENTO!$X$15,ROW(AN81)-ROW(AN$15),0),\n              ROUND(ROUND(OFFSET($P81,0,AN$13),15-13*ORÇAMENTO!$AF$7)*OFFSET(ORÇAMENTO!$W$15,ROW(AN81)-ROW(AN$15),0),15-13*ORÇAMENTO!$AF$11)),\n         0)","v":0},{"$f":"IF(AND($D81=\"Serviço\",AO$12<>0,$H81>0,OR(AUTOEVENTO<>\"manual\",$M81<>$A$15)),\n        IF(Import.TipoArredondamento<>\"TransfereGOV\",\n              ROUND(OFFSET($P81,0,AO$13),15-13*ORÇAMENTO!$AF$7)/$H81*OFFSET(ORÇAMENTO!$X$15,ROW(AO81)-ROW(AO$15),0),\n              ROUND(ROUND(OFFSET($P81,0,AO$13),15-13*ORÇAMENTO!$AF$7)*OFFSET(ORÇAMENTO!$W$15,ROW(AO81)-ROW(AO$15),0),15-13*ORÇAMENTO!$AF$11)),\n         0)","v":0},{"$f":"IF(AND($D81=\"Serviço\",AP$12<>0,$H81>0,OR(AUTOEVENTO<>\"manual\",$M81<>$A$15)),\n        IF(Import.TipoArredondamento<>\"TransfereGOV\",\n              ROUND(OFFSET($P81,0,AP$13),15-13*ORÇAMENTO!$AF$7)/$H81*OFFSET(ORÇAMENTO!$X$15,ROW(AP81)-ROW(AP$15),0),\n              ROUND(ROUND(OFFSET($P81,0,AP$13),15-13*ORÇAMENTO!$AF$7)*OFFSET(ORÇAMENTO!$W$15,ROW(AP81)-ROW(AP$15),0),15-13*ORÇAMENTO!$AF$11)),\n         0)","v":0},{"$f":"IF(AND($D81=\"Serviço\",AQ$12<>0,$H81>0,OR(AUTOEVENTO<>\"manual\",$M81<>$A$15)),\n        IF(Import.TipoArredondamento<>\"TransfereGOV\",\n              ROUND(OFFSET($P81,0,AQ$13),15-13*ORÇAMENTO!$AF$7)/$H81*OFFSET(ORÇAMENTO!$X$15,ROW(AQ81)-ROW(AQ$15),0),\n              ROUND(ROUND(OFFSET($P81,0,AQ$13),15-13*ORÇAMENTO!$AF$7)*OFFSET(ORÇAMENTO!$W$15,ROW(AQ81)-ROW(AQ$15),0),15-13*ORÇAMENTO!$AF$11)),\n         0)","v":0},{"$f":"IF(AND($D81=\"Serviço\",AR$12<>0,$H81>0,OR(AUTOEVENTO<>\"manual\",$M81<>$A$15)),\n        IF(Import.TipoArredondamento<>\"TransfereGOV\",\n              ROUND(OFFSET($P81,0,AR$13),15-13*ORÇAMENTO!$AF$7)/$H81*OFFSET(ORÇAMENTO!$X$15,ROW(AR81)-ROW(AR$15),0),\n              ROUND(ROUND(OFFSET($P81,0,AR$13),15-13*ORÇAMENTO!$AF$7)*OFFSET(ORÇAMENTO!$W$15,ROW(AR81)-ROW(AR$15),0),15-13*ORÇAMENTO!$AF$11)),\n         0)","v":0},{"$f":"IF(AND($D81=\"Serviço\",AS$12<>0,$H81>0,OR(AUTOEVENTO<>\"manual\",$M81<>$A$15)),\n        IF(Import.TipoArredondamento<>\"TransfereGOV\",\n              ROUND(OFFSET($P81,0,AS$13),15-13*ORÇAMENTO!$AF$7)/$H81*OFFSET(ORÇAMENTO!$X$15,ROW(AS81)-ROW(AS$15),0),\n              ROUND(ROUND(OFFSET($P81,0,AS$13),15-13*ORÇAMENTO!$AF$7)*OFFSET(ORÇAMENTO!$W$15,ROW(AS81)-ROW(AS$15),0),15-13*ORÇAMENTO!$AF$11)),\n         0)","v":0},{"$f":"IF(AND($D81=\"Serviço\",AT$12<>0,$H81>0,OR(AUTOEVENTO<>\"manual\",$M81<>$A$15)),\n        IF(Import.TipoArredondamento<>\"TransfereGOV\",\n              ROUND(OFFSET($P81,0,AT$13),15-13*ORÇAMENTO!$AF$7)/$H81*OFFSET(ORÇAMENTO!$X$15,ROW(AT81)-ROW(AT$15),0),\n              ROUND(ROUND(OFFSET($P81,0,AT$13),15-13*ORÇAMENTO!$AF$7)*OFFSET(ORÇAMENTO!$W$15,ROW(AT81)-ROW(AT$15),0),15-13*ORÇAMENTO!$AF$11)),\n         0)","v":0},{"$f":"IF(AND($D81=\"Serviço\",AU$12<>0,$H81>0,OR(AUTOEVENTO<>\"manual\",$M81<>$A$15)),\n        IF(Import.TipoArredondamento<>\"TransfereGOV\",\n              ROUND(OFFSET($P81,0,AU$13),15-13*ORÇAMENTO!$AF$7)/$H81*OFFSET(ORÇAMENTO!$X$15,ROW(AU81)-ROW(AU$15),0),\n              ROUND(ROUND(OFFSET($P81,0,AU$13),15-13*ORÇAMENTO!$AF$7)*OFFSET(ORÇAMENTO!$W$15,ROW(AU81)-ROW(AU$15),0),15-13*ORÇAMENTO!$AF$11)),\n         0)","v":0},{"$f":"IF(AND($D81=\"Serviço\",AV$12<>0,$H81>0,OR(AUTOEVENTO<>\"manual\",$M81<>$A$15)),\n        IF(Import.TipoArredondamento<>\"TransfereGOV\",\n              ROUND(OFFSET($P81,0,AV$13),15-13*ORÇAMENTO!$AF$7)/$H81*OFFSET(ORÇAMENTO!$X$15,ROW(AV81)-ROW(AV$15),0),\n              ROUND(ROUND(OFFSET($P81,0,AV$13),15-13*ORÇAMENTO!$AF$7)*OFFSET(ORÇAMENTO!$W$15,ROW(AV81)-ROW(AV$15),0),15-13*ORÇAMENTO!$AF$11)),\n         0)","v":0},{"$f":"IF(AND($D81=\"Serviço\",AW$12<>0,$H81>0,OR(AUTOEVENTO<>\"manual\",$M81<>$A$15)),\n        IF(Import.TipoArredondamento<>\"TransfereGOV\",\n              ROUND(OFFSET($P81,0,AW$13),15-13*ORÇAMENTO!$AF$7)/$H81*OFFSET(ORÇAMENTO!$X$15,ROW(AW81)-ROW(AW$15),0),\n              ROUND(ROUND(OFFSET($P81,0,AW$13),15-13*ORÇAMENTO!$AF$7)*OFFSET(ORÇAMENTO!$W$15,ROW(AW81)-ROW(AW$15),0),15-13*ORÇAMENTO!$AF$11)),\n         0)","v":0},{"$f":"IF(AND($D81=\"Serviço\",AX$12<>0,$H81>0,OR(AUTOEVENTO<>\"manual\",$M81<>$A$15)),\n        IF(Import.TipoArredondamento<>\"TransfereGOV\",\n              ROUND(OFFSET($P81,0,AX$13),15-13*ORÇAMENTO!$AF$7)/$H81*OFFSET(ORÇAMENTO!$X$15,ROW(AX81)-ROW(AX$15),0),\n              ROUND(ROUND(OFFSET($P81,0,AX$13),15-13*ORÇAMENTO!$AF$7)*OFFSET(ORÇAMENTO!$W$15,ROW(AX81)-ROW(AX$15),0),15-13*ORÇAMENTO!$AF$11)),\n         0)","v":0},{"$f":"IF(AND($D81=\"Serviço\",AY$12<>0,$H81>0,OR(AUTOEVENTO<>\"manual\",$M81<>$A$15)),\n        IF(Import.TipoArredondamento<>\"TransfereGOV\",\n              ROUND(OFFSET($P81,0,AY$13),15-13*ORÇAMENTO!$AF$7)/$H81*OFFSET(ORÇAMENTO!$X$15,ROW(AY81)-ROW(AY$15),0),\n              ROUND(ROUND(OFFSET($P81,0,AY$13),15-13*ORÇAMENTO!$AF$7)*OFFSET(ORÇAMENTO!$W$15,ROW(AY81)-ROW(AY$15),0),15-13*ORÇAMENTO!$AF$11)),\n         0)","v":0},{"$f":"IF(AND($D81=\"Serviço\",AZ$12<>0,$H81>0,OR(AUTOEVENTO<>\"manual\",$M81<>$A$15)),\n        IF(Import.TipoArredondamento<>\"TransfereGOV\",\n              ROUND(OFFSET($P81,0,AZ$13),15-13*ORÇAMENTO!$AF$7)/$H81*OFFSET(ORÇAMENTO!$X$15,ROW(AZ81)-ROW(AZ$15),0),\n              ROUND(ROUND(OFFSET($P81,0,AZ$13),15-13*ORÇAMENTO!$AF$7)*OFFSET(ORÇAMENTO!$W$15,ROW(AZ81)-ROW(AZ$15),0),15-13*ORÇAMENTO!$AF$11)),\n         0)","v":0},{"$f":"IF(AND($D81=\"Serviço\",BA$12<>0,$H81>0,OR(AUTOEVENTO<>\"manual\",$M81<>$A$15)),\n        IF(Import.TipoArredondamento<>\"TransfereGOV\",\n              ROUND(OFFSET($P81,0,BA$13),15-13*ORÇAMENTO!$AF$7)/$H81*OFFSET(ORÇAMENTO!$X$15,ROW(BA81)-ROW(BA$15),0),\n              ROUND(ROUND(OFFSET($P81,0,BA$13),15-13*ORÇAMENTO!$AF$7)*OFFSET(ORÇAMENTO!$W$15,ROW(BA81)-ROW(BA$15),0),15-13*ORÇAMENTO!$AF$11)),\n         0)","v":0},null,{"$f":"IF(OR($D81<>\"Serviço\",AND(AUTOEVENTO=\"Manual\",$M81=$A$15)),0,\n         IF(OFFSET(CRONOPLE!$F$15,$M81-$A$15,BC$13)=\"\",10^12,OFFSET(CRONOPLE!$F$15,$M81-$A$15,BC$13)))","v":3},{"$f":"IF(OR($D81<>\"Serviço\",AND(AUTOEVENTO=\"Manual\",$M81=$A$15)),0,\n         IF(OFFSET(CRONOPLE!$F$15,$M81-$A$15,BD$13)=\"\",10^12,OFFSET(CRONOPLE!$F$15,$M81-$A$15,BD$13)))","v":2},{"$f":"IF(OR($D81<>\"Serviço\",AND(AUTOEVENTO=\"Manual\",$M81=$A$15)),0,\n         IF(OFFSET(CRONOPLE!$F$15,$M81-$A$15,BE$13)=\"\",10^12,OFFSET(CRONOPLE!$F$15,$M81-$A$15,BE$13)))","v":3},{"$f":"IF(OR($D81<>\"Serviço\",AND(AUTOEVENTO=\"Manual\",$M81=$A$15)),0,\n         IF(OFFSET(CRONOPLE!$F$15,$M81-$A$15,BF$13)=\"\",10^12,OFFSET(CRONOPLE!$F$15,$M81-$A$15,BF$13)))","v":1000000000000},{"$f":"IF(OR($D81<>\"Serviço\",AND(AUTOEVENTO=\"Manual\",$M81=$A$15)),0,\n         IF(OFFSET(CRONOPLE!$F$15,$M81-$A$15,BG$13)=\"\",10^12,OFFSET(CRONOPLE!$F$15,$M81-$A$15,BG$13)))","v":1000000000000},{"$f":"IF(OR($D81<>\"Serviço\",AND(AUTOEVENTO=\"Manual\",$M81=$A$15)),0,\n         IF(OFFSET(CRONOPLE!$F$15,$M81-$A$15,BH$13)=\"\",10^12,OFFSET(CRONOPLE!$F$15,$M81-$A$15,BH$13)))","v":1000000000000},{"$f":"IF(OR($D81<>\"Serviço\",AND(AUTOEVENTO=\"Manual\",$M81=$A$15)),0,\n         IF(OFFSET(CRONOPLE!$F$15,$M81-$A$15,BI$13)=\"\",10^12,OFFSET(CRONOPLE!$F$15,$M81-$A$15,BI$13)))","v":1000000000000},{"$f":"IF(OR($D81<>\"Serviço\",AND(AUTOEVENTO=\"Manual\",$M81=$A$15)),0,\n         IF(OFFSET(CRONOPLE!$F$15,$M81-$A$15,BJ$13)=\"\",10^12,OFFSET(CRONOPLE!$F$15,$M81-$A$15,BJ$13)))","v":1000000000000},{"$f":"IF(OR($D81<>\"Serviço\",AND(AUTOEVENTO=\"Manual\",$M81=$A$15)),0,\n         IF(OFFSET(CRONOPLE!$F$15,$M81-$A$15,BK$13)=\"\",10^12,OFFSET(CRONOPLE!$F$15,$M81-$A$15,BK$13)))","v":1000000000000},{"$f":"IF(OR($D81<>\"Serviço\",AND(AUTOEVENTO=\"Manual\",$M81=$A$15)),0,\n         IF(OFFSET(CRONOPLE!$F$15,$M81-$A$15,BL$13)=\"\",10^12,OFFSET(CRONOPLE!$F$15,$M81-$A$15,BL$13)))","v":1000000000000},{"$f":"IF(OR($D81<>\"Serviço\",AND(AUTOEVENTO=\"Manual\",$M81=$A$15)),0,\n         IF(OFFSET(CRONOPLE!$F$15,$M81-$A$15,BM$13)=\"\",10^12,OFFSET(CRONOPLE!$F$15,$M81-$A$15,BM$13)))","v":1000000000000},{"$f":"IF(OR($D81<>\"Serviço\",AND(AUTOEVENTO=\"Manual\",$M81=$A$15)),0,\n         IF(OFFSET(CRONOPLE!$F$15,$M81-$A$15,BN$13)=\"\",10^12,OFFSET(CRONOPLE!$F$15,$M81-$A$15,BN$13)))","v":1000000000000},{"$f":"IF(OR($D81<>\"Serviço\",AND(AUTOEVENTO=\"Manual\",$M81=$A$15)),0,\n         IF(OFFSET(CRONOPLE!$F$15,$M81-$A$15,BO$13)=\"\",10^12,OFFSET(CRONOPLE!$F$15,$M81-$A$15,BO$13)))","v":1000000000000},{"$f":"IF(OR($D81<>\"Serviço\",AND(AUTOEVENTO=\"Manual\",$M81=$A$15)),0,\n         IF(OFFSET(CRONOPLE!$F$15,$M81-$A$15,BP$13)=\"\",10^12,OFFSET(CRONOPLE!$F$15,$M81-$A$15,BP$13)))","v":1000000000000},{"$f":"IF(OR($D81<>\"Serviço\",AND(AUTOEVENTO=\"Manual\",$M81=$A$15)),0,\n         IF(OFFSET(CRONOPLE!$F$15,$M81-$A$15,BQ$13)=\"\",10^12,OFFSET(CRONOPLE!$F$15,$M81-$A$15,BQ$13)))","v":1000000000000},{"$f":"IF(OR($D81<>\"Serviço\",AND(AUTOEVENTO=\"Manual\",$M81=$A$15)),0,\n         IF(OFFSET(CRONOPLE!$F$15,$M81-$A$15,BR$13)=\"\",10^12,OFFSET(CRONOPLE!$F$15,$M81-$A$15,BR$13)))","v":1000000000000},{"$f":"IF(OR($D81<>\"Serviço\",AND(AUTOEVENTO=\"Manual\",$M81=$A$15)),0,\n         IF(OFFSET(CRONOPLE!$F$15,$M81-$A$15,BS$13)=\"\",10^12,OFFSET(CRONOPLE!$F$15,$M81-$A$15,BS$13)))","v":1000000000000},{"$f":"IF(OR($D81<>\"Serviço\",AND(AUTOEVENTO=\"Manual\",$M81=$A$15)),0,\n         IF(OFFSET(CRONOPLE!$F$15,$M81-$A$15,BT$13)=\"\",10^12,OFFSET(CRONOPLE!$F$15,$M81-$A$15,BT$13)))","v":1000000000000},null,{"$f":"IF(OR($D81<>\"Serviço\",AND(AUTOEVENTO=\"Manual\",$M81=$A$15),$M81>(ROW(PLE.lastrow)-ROW(PLE.firstrow))),0,\n           IF(OFFSET(PLE!$G$15,$M81-$A$15,BV$13)=\"\",10^12,OFFSET(PLE!$G$15,$M81-$A$15,BV$13)))","v":1000000000000},{"$f":"IF(OR($D81<>\"Serviço\",AND(AUTOEVENTO=\"Manual\",$M81=$A$15),$M81>(ROW(PLE.lastrow)-ROW(PLE.firstrow))),0,\n           IF(OFFSET(PLE!$G$15,$M81-$A$15,BW$13)=\"\",10^12,OFFSET(PLE!$G$15,$M81-$A$15,BW$13)))","v":1000000000000},{"$f":"IF(OR($D81<>\"Serviço\",AND(AUTOEVENTO=\"Manual\",$M81=$A$15),$M81>(ROW(PLE.lastrow)-ROW(PLE.firstrow))),0,\n           IF(OFFSET(PLE!$G$15,$M81-$A$15,BX$13)=\"\",10^12,OFFSET(PLE!$G$15,$M81-$A$15,BX$13)))","v":1000000000000},{"$f":"IF(OR($D81<>\"Serviço\",AND(AUTOEVENTO=\"Manual\",$M81=$A$15),$M81>(ROW(PLE.lastrow)-ROW(PLE.firstrow))),0,\n           IF(OFFSET(PLE!$G$15,$M81-$A$15,BY$13)=\"\",10^12,OFFSET(PLE!$G$15,$M81-$A$15,BY$13)))","v":1000000000000},{"$f":"IF(OR($D81<>\"Serviço\",AND(AUTOEVENTO=\"Manual\",$M81=$A$15),$M81>(ROW(PLE.lastrow)-ROW(PLE.firstrow))),0,\n           IF(OFFSET(PLE!$G$15,$M81-$A$15,BZ$13)=\"\",10^12,OFFSET(PLE!$G$15,$M81-$A$15,BZ$13)))","v":1000000000000},{"$f":"IF(OR($D81<>\"Serviço\",AND(AUTOEVENTO=\"Manual\",$M81=$A$15),$M81>(ROW(PLE.lastrow)-ROW(PLE.firstrow))),0,\n           IF(OFFSET(PLE!$G$15,$M81-$A$15,CA$13)=\"\",10^12,OFFSET(PLE!$G$15,$M81-$A$15,CA$13)))","v":1000000000000},{"$f":"IF(OR($D81<>\"Serviço\",AND(AUTOEVENTO=\"Manual\",$M81=$A$15),$M81>(ROW(PLE.lastrow)-ROW(PLE.firstrow))),0,\n           IF(OFFSET(PLE!$G$15,$M81-$A$15,CB$13)=\"\",10^12,OFFSET(PLE!$G$15,$M81-$A$15,CB$13)))","v":1000000000000},{"$f":"IF(OR($D81<>\"Serviço\",AND(AUTOEVENTO=\"Manual\",$M81=$A$15),$M81>(ROW(PLE.lastrow)-ROW(PLE.firstrow))),0,\n           IF(OFFSET(PLE!$G$15,$M81-$A$15,CC$13)=\"\",10^12,OFFSET(PLE!$G$15,$M81-$A$15,CC$13)))","v":1000000000000},{"$f":"IF(OR($D81<>\"Serviço\",AND(AUTOEVENTO=\"Manual\",$M81=$A$15),$M81>(ROW(PLE.lastrow)-ROW(PLE.firstrow))),0,\n           IF(OFFSET(PLE!$G$15,$M81-$A$15,CD$13)=\"\",10^12,OFFSET(PLE!$G$15,$M81-$A$15,CD$13)))","v":1000000000000},{"$f":"IF(OR($D81<>\"Serviço\",AND(AUTOEVENTO=\"Manual\",$M81=$A$15),$M81>(ROW(PLE.lastrow)-ROW(PLE.firstrow))),0,\n           IF(OFFSET(PLE!$G$15,$M81-$A$15,CE$13)=\"\",10^12,OFFSET(PLE!$G$15,$M81-$A$15,CE$13)))","v":1000000000000},{"$f":"IF(OR($D81<>\"Serviço\",AND(AUTOEVENTO=\"Manual\",$M81=$A$15),$M81>(ROW(PLE.lastrow)-ROW(PLE.firstrow))),0,\n           IF(OFFSET(PLE!$G$15,$M81-$A$15,CF$13)=\"\",10^12,OFFSET(PLE!$G$15,$M81-$A$15,CF$13)))","v":1000000000000},{"$f":"IF(OR($D81<>\"Serviço\",AND(AUTOEVENTO=\"Manual\",$M81=$A$15),$M81>(ROW(PLE.lastrow)-ROW(PLE.firstrow))),0,\n           IF(OFFSET(PLE!$G$15,$M81-$A$15,CG$13)=\"\",10^12,OFFSET(PLE!$G$15,$M81-$A$15,CG$13)))","v":1000000000000},{"$f":"IF(OR($D81<>\"Serviço\",AND(AUTOEVENTO=\"Manual\",$M81=$A$15),$M81>(ROW(PLE.lastrow)-ROW(PLE.firstrow))),0,\n           IF(OFFSET(PLE!$G$15,$M81-$A$15,CH$13)=\"\",10^12,OFFSET(PLE!$G$15,$M81-$A$15,CH$13)))","v":1000000000000},{"$f":"IF(OR($D81<>\"Serviço\",AND(AUTOEVENTO=\"Manual\",$M81=$A$15),$M81>(ROW(PLE.lastrow)-ROW(PLE.firstrow))),0,\n           IF(OFFSET(PLE!$G$15,$M81-$A$15,CI$13)=\"\",10^12,OFFSET(PLE!$G$15,$M81-$A$15,CI$13)))","v":1000000000000},{"$f":"IF(OR($D81<>\"Serviço\",AND(AUTOEVENTO=\"Manual\",$M81=$A$15),$M81>(ROW(PLE.lastrow)-ROW(PLE.firstrow))),0,\n           IF(OFFSET(PLE!$G$15,$M81-$A$15,CJ$13)=\"\",10^12,OFFSET(PLE!$G$15,$M81-$A$15,CJ$13)))","v":1000000000000},{"$f":"IF(OR($D81<>\"Serviço\",AND(AUTOEVENTO=\"Manual\",$M81=$A$15),$M81>(ROW(PLE.lastrow)-ROW(PLE.firstrow))),0,\n           IF(OFFSET(PLE!$G$15,$M81-$A$15,CK$13)=\"\",10^12,OFFSET(PLE!$G$15,$M81-$A$15,CK$13)))","v":1000000000000},{"$f":"IF(OR($D81<>\"Serviço\",AND(AUTOEVENTO=\"Manual\",$M81=$A$15),$M81>(ROW(PLE.lastrow)-ROW(PLE.firstrow))),0,\n           IF(OFFSET(PLE!$G$15,$M81-$A$15,CL$13)=\"\",10^12,OFFSET(PLE!$G$15,$M81-$A$15,CL$13)))","v":1000000000000},{"$f":"IF(OR($D81<>\"Serviço\",AND(AUTOEVENTO=\"Manual\",$M81=$A$15),$M81>(ROW(PLE.lastrow)-ROW(PLE.firstrow))),0,\n           IF(OFFSET(PLE!$G$15,$M81-$A$15,CM$13)=\"\",10^12,OFFSET(PLE!$G$15,$M81-$A$15,CM$13)))","v":1000000000000}]
[3,{"$f":"OFFSET(ORÇAMENTO!C$15,ROW(B82)-ROW(B$15),0)","v":"S"},{"$f":"OFFSET(ORÇAMENTO!L$15,ROW(C82)-ROW(C$15),0)","v":"F"},{"$f":"OFFSET(ORÇAMENTO!N$15,ROW(D82)-ROW(D$15),0)","v":"Serviço"},{"$f":"OFFSET(ORÇAMENTO!O$15,ROW(E82)-ROW(E$15),0)","v":"1.8.2."},{"$f":"OFFSET(ORÇAMENTO!R$15,ROW(F82)-ROW(F$15),0)","v":"TRANSPORTE COM CAMINHÃO TANQUE DE TRANSPORTE DE MATERIAL ASFÁLTICO DE 30000 L, EM VIA URBANA PAVIMENTADA, DMT ATÉ 30KM (UNIDADE: TXKM). AF_07/2020"},{"$f":"IF($D82<>\"Serviço\",\"\",OFFSET(ORÇAMENTO!S$15,ROW(G82)-ROW(G$15),0))","v":"TXKM"},{"$f":"IF($D82<>\"Serviço\",0,IF(ACOMPANHAMENTO=\"BM\",ROUND(OFFSET(ORÇAMENTO!AJ$15,ROW(H82)-ROW(H$15),0),15-13*ORÇAMENTO!$AF$7),SUMPRODUCT(($Q$1:$AI$1=1)*ROUND($Q82:$AI82,15-13*ORÇAMENTO!$AF$7))))","v":56.1},null,{"$f":"IF(B82<>\"S\",\"\",IF(AND(ACOMPANHAMENTO=\"PLE\",AUTOEVENTO=\"Manual\",OR(H82>0,ORÇAMENTO!AC82=\"QUANT.\"),OR(K82=\"\",M82=0,N82=\"\")),\"►\",IF(AND(ACOMPANHAMENTO=\"PLE\",ORÇAMENTO!AC82=\"QUANT.\"),\"►►\",IF(AND(COUNTIF($P$11:$AI$11,\"▼\")=0,H82>0,I82=\"\"),\"◄\",\"\"))))","v":"◄"},"3. IMPLANTAÇÃO ASFÁLTICA",".",{"$f":"IF($D82<>\"Serviço\",\"\",\n          IF(AUTOEVENTO=\"manual\",$A82,\n                IF(ISERROR(MATCH($A82,$A$15:OFFSET($A82,-1,0),0)),MAX($M$15:OFFSET(M82,-1,0))+1,\n                      INDEX($M$15:OFFSET(M82,-1,0),MATCH($A82,$A$15:OFFSET($A82,-1,0),0)))))","v":3},{"$f":"IF($D82<>\"Serviço\",\"\",\n         IF(AUTOEVENTO=\"Manual\",\n                IF($A82=0,\"<-- defina o número do agrupador\",\n                       OFFSET(EVENTOS!$D$15,$A82-$A$15,0)),\n                OFFSET($F$15,$A82,0)))","v":"IMPLANTAÇÃO ASFÁLTICA"},null,null,203.76071999999999,null,null,null,null,null,null,null,null,null,null,null,null,null,null,null,null,null,null,{"$f":"IF(AND($D82=\"Serviço\",AJ$12<>0,$H82>0,OR(AUTOEVENTO<>\"manual\",$M82<>$A$15)),\n        IF(Import.TipoArredondamento<>\"TransfereGOV\",\n              ROUND(OFFSET($P82,0,AJ$13),15-13*ORÇAMENTO!$AF$7)/$H82*OFFSET(ORÇAMENTO!$X$15,ROW(AJ82)-ROW(AJ$15),0),\n              ROUND(ROUND(OFFSET($P82,0,AJ$13),15-13*ORÇAMENTO!$AF$7)*OFFSET(ORÇAMENTO!$W$15,ROW(AJ82)-ROW(AJ$15),0),15-13*ORÇAMENTO!$AF$11)),\n         0)","v":0},{"$f":"IF(AND($D82=\"Serviço\",AK$12<>0,$H82>0,OR(AUTOEVENTO<>\"manual\",$M82<>$A$15)),\n        IF(Import.TipoArredondamento<>\"TransfereGOV\",\n              ROUND(OFFSET($P82,0,AK$13),15-13*ORÇAMENTO!$AF$7)/$H82*OFFSET(ORÇAMENTO!$X$15,ROW(AK82)-ROW(AK$15),0),\n              ROUND(ROUND(OFFSET($P82,0,AK$13),15-13*ORÇAMENTO!$AF$7)*OFFSET(ORÇAMENTO!$W$15,ROW(AK82)-ROW(AK$15),0),15-13*ORÇAMENTO!$AF$11)),\n         0)","v":0},{"$f":"IF(AND($D82=\"Serviço\",AL$12<>0,$H82>0,OR(AUTOEVENTO<>\"manual\",$M82<>$A$15)),\n        IF(Import.TipoArredondamento<>\"TransfereGOV\",\n              ROUND(OFFSET($P82,0,AL$13),15-13*ORÇAMENTO!$AF$7)/$H82*OFFSET(ORÇAMENTO!$X$15,ROW(AL82)-ROW(AL$15),0),\n              ROUND(ROUND(OFFSET($P82,0,AL$13),15-13*ORÇAMENTO!$AF$7)*OFFSET(ORÇAMENTO!$W$15,ROW(AL82)-ROW(AL$15),0),15-13*ORÇAMENTO!$AF$11)),\n         0)","v":0},{"$f":"IF(AND($D82=\"Serviço\",AM$12<>0,$H82>0,OR(AUTOEVENTO<>\"manual\",$M82<>$A$15)),\n        IF(Import.TipoArredondamento<>\"TransfereGOV\",\n              ROUND(OFFSET($P82,0,AM$13),15-13*ORÇAMENTO!$AF$7)/$H82*OFFSET(ORÇAMENTO!$X$15,ROW(AM82)-ROW(AM$15),0),\n              ROUND(ROUND(OFFSET($P82,0,AM$13),15-13*ORÇAMENTO!$AF$7)*OFFSET(ORÇAMENTO!$W$15,ROW(AM82)-ROW(AM$15),0),15-13*ORÇAMENTO!$AF$11)),\n         0)","v":0},{"$f":"IF(AND($D82=\"Serviço\",AN$12<>0,$H82>0,OR(AUTOEVENTO<>\"manual\",$M82<>$A$15)),\n        IF(Import.TipoArredondamento<>\"TransfereGOV\",\n              ROUND(OFFSET($P82,0,AN$13),15-13*ORÇAMENTO!$AF$7)/$H82*OFFSET(ORÇAMENTO!$X$15,ROW(AN82)-ROW(AN$15),0),\n              ROUND(ROUND(OFFSET($P82,0,AN$13),15-13*ORÇAMENTO!$AF$7)*OFFSET(ORÇAMENTO!$W$15,ROW(AN82)-ROW(AN$15),0),15-13*ORÇAMENTO!$AF$11)),\n         0)","v":0},{"$f":"IF(AND($D82=\"Serviço\",AO$12<>0,$H82>0,OR(AUTOEVENTO<>\"manual\",$M82<>$A$15)),\n        IF(Import.TipoArredondamento<>\"TransfereGOV\",\n              ROUND(OFFSET($P82,0,AO$13),15-13*ORÇAMENTO!$AF$7)/$H82*OFFSET(ORÇAMENTO!$X$15,ROW(AO82)-ROW(AO$15),0),\n              ROUND(ROUND(OFFSET($P82,0,AO$13),15-13*ORÇAMENTO!$AF$7)*OFFSET(ORÇAMENTO!$W$15,ROW(AO82)-ROW(AO$15),0),15-13*ORÇAMENTO!$AF$11)),\n         0)","v":0},{"$f":"IF(AND($D82=\"Serviço\",AP$12<>0,$H82>0,OR(AUTOEVENTO<>\"manual\",$M82<>$A$15)),\n        IF(Import.TipoArredondamento<>\"TransfereGOV\",\n              ROUND(OFFSET($P82,0,AP$13),15-13*ORÇAMENTO!$AF$7)/$H82*OFFSET(ORÇAMENTO!$X$15,ROW(AP82)-ROW(AP$15),0),\n              ROUND(ROUND(OFFSET($P82,0,AP$13),15-13*ORÇAMENTO!$AF$7)*OFFSET(ORÇAMENTO!$W$15,ROW(AP82)-ROW(AP$15),0),15-13*ORÇAMENTO!$AF$11)),\n         0)","v":0},{"$f":"IF(AND($D82=\"Serviço\",AQ$12<>0,$H82>0,OR(AUTOEVENTO<>\"manual\",$M82<>$A$15)),\n        IF(Import.TipoArredondamento<>\"TransfereGOV\",\n              ROUND(OFFSET($P82,0,AQ$13),15-13*ORÇAMENTO!$AF$7)/$H82*OFFSET(ORÇAMENTO!$X$15,ROW(AQ82)-ROW(AQ$15),0),\n              ROUND(ROUND(OFFSET($P82,0,AQ$13),15-13*ORÇAMENTO!$AF$7)*OFFSET(ORÇAMENTO!$W$15,ROW(AQ82)-ROW(AQ$15),0),15-13*ORÇAMENTO!$AF$11)),\n         0)","v":0},{"$f":"IF(AND($D82=\"Serviço\",AR$12<>0,$H82>0,OR(AUTOEVENTO<>\"manual\",$M82<>$A$15)),\n        IF(Import.TipoArredondamento<>\"TransfereGOV\",\n              ROUND(OFFSET($P82,0,AR$13),15-13*ORÇAMENTO!$AF$7)/$H82*OFFSET(ORÇAMENTO!$X$15,ROW(AR82)-ROW(AR$15),0),\n              ROUND(ROUND(OFFSET($P82,0,AR$13),15-13*ORÇAMENTO!$AF$7)*OFFSET(ORÇAMENTO!$W$15,ROW(AR82)-ROW(AR$15),0),15-13*ORÇAMENTO!$AF$11)),\n         0)","v":0},{"$f":"IF(AND($D82=\"Serviço\",AS$12<>0,$H82>0,OR(AUTOEVENTO<>\"manual\",$M82<>$A$15)),\n        IF(Import.TipoArredondamento<>\"TransfereGOV\",\n              ROUND(OFFSET($P82,0,AS$13),15-13*ORÇAMENTO!$AF$7)/$H82*OFFSET(ORÇAMENTO!$X$15,ROW(AS82)-ROW(AS$15),0),\n              ROUND(ROUND(OFFSET($P82,0,AS$13),15-13*ORÇAMENTO!$AF$7)*OFFSET(ORÇAMENTO!$W$15,ROW(AS82)-ROW(AS$15),0),15-13*ORÇAMENTO!$AF$11)),\n         0)","v":0},{"$f":"IF(AND($D82=\"Serviço\",AT$12<>0,$H82>0,OR(AUTOEVENTO<>\"manual\",$M82<>$A$15)),\n        IF(Import.TipoArredondamento<>\"TransfereGOV\",\n              ROUND(OFFSET($P82,0,AT$13),15-13*ORÇAMENTO!$AF$7)/$H82*OFFSET(ORÇAMENTO!$X$15,ROW(AT82)-ROW(AT$15),0),\n              ROUND(ROUND(OFFSET($P82,0,AT$13),15-13*ORÇAMENTO!$AF$7)*OFFSET(ORÇAMENTO!$W$15,ROW(AT82)-ROW(AT$15),0),15-13*ORÇAMENTO!$AF$11)),\n         0)","v":0},{"$f":"IF(AND($D82=\"Serviço\",AU$12<>0,$H82>0,OR(AUTOEVENTO<>\"manual\",$M82<>$A$15)),\n        IF(Import.TipoArredondamento<>\"TransfereGOV\",\n              ROUND(OFFSET($P82,0,AU$13),15-13*ORÇAMENTO!$AF$7)/$H82*OFFSET(ORÇAMENTO!$X$15,ROW(AU82)-ROW(AU$15),0),\n              ROUND(ROUND(OFFSET($P82,0,AU$13),15-13*ORÇAMENTO!$AF$7)*OFFSET(ORÇAMENTO!$W$15,ROW(AU82)-ROW(AU$15),0),15-13*ORÇAMENTO!$AF$11)),\n         0)","v":0},{"$f":"IF(AND($D82=\"Serviço\",AV$12<>0,$H82>0,OR(AUTOEVENTO<>\"manual\",$M82<>$A$15)),\n        IF(Import.TipoArredondamento<>\"TransfereGOV\",\n              ROUND(OFFSET($P82,0,AV$13),15-13*ORÇAMENTO!$AF$7)/$H82*OFFSET(ORÇAMENTO!$X$15,ROW(AV82)-ROW(AV$15),0),\n              ROUND(ROUND(OFFSET($P82,0,AV$13),15-13*ORÇAMENTO!$AF$7)*OFFSET(ORÇAMENTO!$W$15,ROW(AV82)-ROW(AV$15),0),15-13*ORÇAMENTO!$AF$11)),\n         0)","v":0},{"$f":"IF(AND($D82=\"Serviço\",AW$12<>0,$H82>0,OR(AUTOEVENTO<>\"manual\",$M82<>$A$15)),\n        IF(Import.TipoArredondamento<>\"TransfereGOV\",\n              ROUND(OFFSET($P82,0,AW$13),15-13*ORÇAMENTO!$AF$7)/$H82*OFFSET(ORÇAMENTO!$X$15,ROW(AW82)-ROW(AW$15),0),\n              ROUND(ROUND(OFFSET($P82,0,AW$13),15-13*ORÇAMENTO!$AF$7)*OFFSET(ORÇAMENTO!$W$15,ROW(AW82)-ROW(AW$15),0),15-13*ORÇAMENTO!$AF$11)),\n         0)","v":0},{"$f":"IF(AND($D82=\"Serviço\",AX$12<>0,$H82>0,OR(AUTOEVENTO<>\"manual\",$M82<>$A$15)),\n        IF(Import.TipoArredondamento<>\"TransfereGOV\",\n              ROUND(OFFSET($P82,0,AX$13),15-13*ORÇAMENTO!$AF$7)/$H82*OFFSET(ORÇAMENTO!$X$15,ROW(AX82)-ROW(AX$15),0),\n              ROUND(ROUND(OFFSET($P82,0,AX$13),15-13*ORÇAMENTO!$AF$7)*OFFSET(ORÇAMENTO!$W$15,ROW(AX82)-ROW(AX$15),0),15-13*ORÇAMENTO!$AF$11)),\n         0)","v":0},{"$f":"IF(AND($D82=\"Serviço\",AY$12<>0,$H82>0,OR(AUTOEVENTO<>\"manual\",$M82<>$A$15)),\n        IF(Import.TipoArredondamento<>\"TransfereGOV\",\n              ROUND(OFFSET($P82,0,AY$13),15-13*ORÇAMENTO!$AF$7)/$H82*OFFSET(ORÇAMENTO!$X$15,ROW(AY82)-ROW(AY$15),0),\n              ROUND(ROUND(OFFSET($P82,0,AY$13),15-13*ORÇAMENTO!$AF$7)*OFFSET(ORÇAMENTO!$W$15,ROW(AY82)-ROW(AY$15),0),15-13*ORÇAMENTO!$AF$11)),\n         0)","v":0},{"$f":"IF(AND($D82=\"Serviço\",AZ$12<>0,$H82>0,OR(AUTOEVENTO<>\"manual\",$M82<>$A$15)),\n        IF(Import.TipoArredondamento<>\"TransfereGOV\",\n              ROUND(OFFSET($P82,0,AZ$13),15-13*ORÇAMENTO!$AF$7)/$H82*OFFSET(ORÇAMENTO!$X$15,ROW(AZ82)-ROW(AZ$15),0),\n              ROUND(ROUND(OFFSET($P82,0,AZ$13),15-13*ORÇAMENTO!$AF$7)*OFFSET(ORÇAMENTO!$W$15,ROW(AZ82)-ROW(AZ$15),0),15-13*ORÇAMENTO!$AF$11)),\n         0)","v":0},{"$f":"IF(AND($D82=\"Serviço\",BA$12<>0,$H82>0,OR(AUTOEVENTO<>\"manual\",$M82<>$A$15)),\n        IF(Import.TipoArredondamento<>\"TransfereGOV\",\n              ROUND(OFFSET($P82,0,BA$13),15-13*ORÇAMENTO!$AF$7)/$H82*OFFSET(ORÇAMENTO!$X$15,ROW(BA82)-ROW(BA$15),0),\n              ROUND(ROUND(OFFSET($P82,0,BA$13),15-13*ORÇAMENTO!$AF$7)*OFFSET(ORÇAMENTO!$W$15,ROW(BA82)-ROW(BA$15),0),15-13*ORÇAMENTO!$AF$11)),\n         0)","v":0},null,{"$f":"IF(OR($D82<>\"Serviço\",AND(AUTOEVENTO=\"Manual\",$M82=$A$15)),0,\n         IF(OFFSET(CRONOPLE!$F$15,$M82-$A$15,BC$13)=\"\",10^12,OFFSET(CRONOPLE!$F$15,$M82-$A$15,BC$13)))","v":3},{"$f":"IF(OR($D82<>\"Serviço\",AND(AUTOEVENTO=\"Manual\",$M82=$A$15)),0,\n         IF(OFFSET(CRONOPLE!$F$15,$M82-$A$15,BD$13)=\"\",10^12,OFFSET(CRONOPLE!$F$15,$M82-$A$15,BD$13)))","v":2},{"$f":"IF(OR($D82<>\"Serviço\",AND(AUTOEVENTO=\"Manual\",$M82=$A$15)),0,\n         IF(OFFSET(CRONOPLE!$F$15,$M82-$A$15,BE$13)=\"\",10^12,OFFSET(CRONOPLE!$F$15,$M82-$A$15,BE$13)))","v":3},{"$f":"IF(OR($D82<>\"Serviço\",AND(AUTOEVENTO=\"Manual\",$M82=$A$15)),0,\n         IF(OFFSET(CRONOPLE!$F$15,$M82-$A$15,BF$13)=\"\",10^12,OFFSET(CRONOPLE!$F$15,$M82-$A$15,BF$13)))","v":1000000000000},{"$f":"IF(OR($D82<>\"Serviço\",AND(AUTOEVENTO=\"Manual\",$M82=$A$15)),0,\n         IF(OFFSET(CRONOPLE!$F$15,$M82-$A$15,BG$13)=\"\",10^12,OFFSET(CRONOPLE!$F$15,$M82-$A$15,BG$13)))","v":1000000000000},{"$f":"IF(OR($D82<>\"Serviço\",AND(AUTOEVENTO=\"Manual\",$M82=$A$15)),0,\n         IF(OFFSET(CRONOPLE!$F$15,$M82-$A$15,BH$13)=\"\",10^12,OFFSET(CRONOPLE!$F$15,$M82-$A$15,BH$13)))","v":1000000000000},{"$f":"IF(OR($D82<>\"Serviço\",AND(AUTOEVENTO=\"Manual\",$M82=$A$15)),0,\n         IF(OFFSET(CRONOPLE!$F$15,$M82-$A$15,BI$13)=\"\",10^12,OFFSET(CRONOPLE!$F$15,$M82-$A$15,BI$13)))","v":1000000000000},{"$f":"IF(OR($D82<>\"Serviço\",AND(AUTOEVENTO=\"Manual\",$M82=$A$15)),0,\n         IF(OFFSET(CRONOPLE!$F$15,$M82-$A$15,BJ$13)=\"\",10^12,OFFSET(CRONOPLE!$F$15,$M82-$A$15,BJ$13)))","v":1000000000000},{"$f":"IF(OR($D82<>\"Serviço\",AND(AUTOEVENTO=\"Manual\",$M82=$A$15)),0,\n         IF(OFFSET(CRONOPLE!$F$15,$M82-$A$15,BK$13)=\"\",10^12,OFFSET(CRONOPLE!$F$15,$M82-$A$15,BK$13)))","v":1000000000000},{"$f":"IF(OR($D82<>\"Serviço\",AND(AUTOEVENTO=\"Manual\",$M82=$A$15)),0,\n         IF(OFFSET(CRONOPLE!$F$15,$M82-$A$15,BL$13)=\"\",10^12,OFFSET(CRONOPLE!$F$15,$M82-$A$15,BL$13)))","v":1000000000000},{"$f":"IF(OR($D82<>\"Serviço\",AND(AUTOEVENTO=\"Manual\",$M82=$A$15)),0,\n         IF(OFFSET(CRONOPLE!$F$15,$M82-$A$15,BM$13)=\"\",10^12,OFFSET(CRONOPLE!$F$15,$M82-$A$15,BM$13)))","v":1000000000000},{"$f":"IF(OR($D82<>\"Serviço\",AND(AUTOEVENTO=\"Manual\",$M82=$A$15)),0,\n         IF(OFFSET(CRONOPLE!$F$15,$M82-$A$15,BN$13)=\"\",10^12,OFFSET(CRONOPLE!$F$15,$M82-$A$15,BN$13)))","v":1000000000000},{"$f":"IF(OR($D82<>\"Serviço\",AND(AUTOEVENTO=\"Manual\",$M82=$A$15)),0,\n         IF(OFFSET(CRONOPLE!$F$15,$M82-$A$15,BO$13)=\"\",10^12,OFFSET(CRONOPLE!$F$15,$M82-$A$15,BO$13)))","v":1000000000000},{"$f":"IF(OR($D82<>\"Serviço\",AND(AUTOEVENTO=\"Manual\",$M82=$A$15)),0,\n         IF(OFFSET(CRONOPLE!$F$15,$M82-$A$15,BP$13)=\"\",10^12,OFFSET(CRONOPLE!$F$15,$M82-$A$15,BP$13)))","v":1000000000000},{"$f":"IF(OR($D82<>\"Serviço\",AND(AUTOEVENTO=\"Manual\",$M82=$A$15)),0,\n         IF(OFFSET(CRONOPLE!$F$15,$M82-$A$15,BQ$13)=\"\",10^12,OFFSET(CRONOPLE!$F$15,$M82-$A$15,BQ$13)))","v":1000000000000},{"$f":"IF(OR($D82<>\"Serviço\",AND(AUTOEVENTO=\"Manual\",$M82=$A$15)),0,\n         IF(OFFSET(CRONOPLE!$F$15,$M82-$A$15,BR$13)=\"\",10^12,OFFSET(CRONOPLE!$F$15,$M82-$A$15,BR$13)))","v":1000000000000},{"$f":"IF(OR($D82<>\"Serviço\",AND(AUTOEVENTO=\"Manual\",$M82=$A$15)),0,\n         IF(OFFSET(CRONOPLE!$F$15,$M82-$A$15,BS$13)=\"\",10^12,OFFSET(CRONOPLE!$F$15,$M82-$A$15,BS$13)))","v":1000000000000},{"$f":"IF(OR($D82<>\"Serviço\",AND(AUTOEVENTO=\"Manual\",$M82=$A$15)),0,\n         IF(OFFSET(CRONOPLE!$F$15,$M82-$A$15,BT$13)=\"\",10^12,OFFSET(CRONOPLE!$F$15,$M82-$A$15,BT$13)))","v":1000000000000},null,{"$f":"IF(OR($D82<>\"Serviço\",AND(AUTOEVENTO=\"Manual\",$M82=$A$15),$M82>(ROW(PLE.lastrow)-ROW(PLE.firstrow))),0,\n           IF(OFFSET(PLE!$G$15,$M82-$A$15,BV$13)=\"\",10^12,OFFSET(PLE!$G$15,$M82-$A$15,BV$13)))","v":1000000000000},{"$f":"IF(OR($D82<>\"Serviço\",AND(AUTOEVENTO=\"Manual\",$M82=$A$15),$M82>(ROW(PLE.lastrow)-ROW(PLE.firstrow))),0,\n           IF(OFFSET(PLE!$G$15,$M82-$A$15,BW$13)=\"\",10^12,OFFSET(PLE!$G$15,$M82-$A$15,BW$13)))","v":1000000000000},{"$f":"IF(OR($D82<>\"Serviço\",AND(AUTOEVENTO=\"Manual\",$M82=$A$15),$M82>(ROW(PLE.lastrow)-ROW(PLE.firstrow))),0,\n           IF(OFFSET(PLE!$G$15,$M82-$A$15,BX$13)=\"\",10^12,OFFSET(PLE!$G$15,$M82-$A$15,BX$13)))","v":1000000000000},{"$f":"IF(OR($D82<>\"Serviço\",AND(AUTOEVENTO=\"Manual\",$M82=$A$15),$M82>(ROW(PLE.lastrow)-ROW(PLE.firstrow))),0,\n           IF(OFFSET(PLE!$G$15,$M82-$A$15,BY$13)=\"\",10^12,OFFSET(PLE!$G$15,$M82-$A$15,BY$13)))","v":1000000000000},{"$f":"IF(OR($D82<>\"Serviço\",AND(AUTOEVENTO=\"Manual\",$M82=$A$15),$M82>(ROW(PLE.lastrow)-ROW(PLE.firstrow))),0,\n           IF(OFFSET(PLE!$G$15,$M82-$A$15,BZ$13)=\"\",10^12,OFFSET(PLE!$G$15,$M82-$A$15,BZ$13)))","v":1000000000000},{"$f":"IF(OR($D82<>\"Serviço\",AND(AUTOEVENTO=\"Manual\",$M82=$A$15),$M82>(ROW(PLE.lastrow)-ROW(PLE.firstrow))),0,\n           IF(OFFSET(PLE!$G$15,$M82-$A$15,CA$13)=\"\",10^12,OFFSET(PLE!$G$15,$M82-$A$15,CA$13)))","v":1000000000000},{"$f":"IF(OR($D82<>\"Serviço\",AND(AUTOEVENTO=\"Manual\",$M82=$A$15),$M82>(ROW(PLE.lastrow)-ROW(PLE.firstrow))),0,\n           IF(OFFSET(PLE!$G$15,$M82-$A$15,CB$13)=\"\",10^12,OFFSET(PLE!$G$15,$M82-$A$15,CB$13)))","v":1000000000000},{"$f":"IF(OR($D82<>\"Serviço\",AND(AUTOEVENTO=\"Manual\",$M82=$A$15),$M82>(ROW(PLE.lastrow)-ROW(PLE.firstrow))),0,\n           IF(OFFSET(PLE!$G$15,$M82-$A$15,CC$13)=\"\",10^12,OFFSET(PLE!$G$15,$M82-$A$15,CC$13)))","v":1000000000000},{"$f":"IF(OR($D82<>\"Serviço\",AND(AUTOEVENTO=\"Manual\",$M82=$A$15),$M82>(ROW(PLE.lastrow)-ROW(PLE.firstrow))),0,\n           IF(OFFSET(PLE!$G$15,$M82-$A$15,CD$13)=\"\",10^12,OFFSET(PLE!$G$15,$M82-$A$15,CD$13)))","v":1000000000000},{"$f":"IF(OR($D82<>\"Serviço\",AND(AUTOEVENTO=\"Manual\",$M82=$A$15),$M82>(ROW(PLE.lastrow)-ROW(PLE.firstrow))),0,\n           IF(OFFSET(PLE!$G$15,$M82-$A$15,CE$13)=\"\",10^12,OFFSET(PLE!$G$15,$M82-$A$15,CE$13)))","v":1000000000000},{"$f":"IF(OR($D82<>\"Serviço\",AND(AUTOEVENTO=\"Manual\",$M82=$A$15),$M82>(ROW(PLE.lastrow)-ROW(PLE.firstrow))),0,\n           IF(OFFSET(PLE!$G$15,$M82-$A$15,CF$13)=\"\",10^12,OFFSET(PLE!$G$15,$M82-$A$15,CF$13)))","v":1000000000000},{"$f":"IF(OR($D82<>\"Serviço\",AND(AUTOEVENTO=\"Manual\",$M82=$A$15),$M82>(ROW(PLE.lastrow)-ROW(PLE.firstrow))),0,\n           IF(OFFSET(PLE!$G$15,$M82-$A$15,CG$13)=\"\",10^12,OFFSET(PLE!$G$15,$M82-$A$15,CG$13)))","v":1000000000000},{"$f":"IF(OR($D82<>\"Serviço\",AND(AUTOEVENTO=\"Manual\",$M82=$A$15),$M82>(ROW(PLE.lastrow)-ROW(PLE.firstrow))),0,\n           IF(OFFSET(PLE!$G$15,$M82-$A$15,CH$13)=\"\",10^12,OFFSET(PLE!$G$15,$M82-$A$15,CH$13)))","v":1000000000000},{"$f":"IF(OR($D82<>\"Serviço\",AND(AUTOEVENTO=\"Manual\",$M82=$A$15),$M82>(ROW(PLE.lastrow)-ROW(PLE.firstrow))),0,\n           IF(OFFSET(PLE!$G$15,$M82-$A$15,CI$13)=\"\",10^12,OFFSET(PLE!$G$15,$M82-$A$15,CI$13)))","v":1000000000000},{"$f":"IF(OR($D82<>\"Serviço\",AND(AUTOEVENTO=\"Manual\",$M82=$A$15),$M82>(ROW(PLE.lastrow)-ROW(PLE.firstrow))),0,\n           IF(OFFSET(PLE!$G$15,$M82-$A$15,CJ$13)=\"\",10^12,OFFSET(PLE!$G$15,$M82-$A$15,CJ$13)))","v":1000000000000},{"$f":"IF(OR($D82<>\"Serviço\",AND(AUTOEVENTO=\"Manual\",$M82=$A$15),$M82>(ROW(PLE.lastrow)-ROW(PLE.firstrow))),0,\n           IF(OFFSET(PLE!$G$15,$M82-$A$15,CK$13)=\"\",10^12,OFFSET(PLE!$G$15,$M82-$A$15,CK$13)))","v":1000000000000},{"$f":"IF(OR($D82<>\"Serviço\",AND(AUTOEVENTO=\"Manual\",$M82=$A$15),$M82>(ROW(PLE.lastrow)-ROW(PLE.firstrow))),0,\n           IF(OFFSET(PLE!$G$15,$M82-$A$15,CL$13)=\"\",10^12,OFFSET(PLE!$G$15,$M82-$A$15,CL$13)))","v":1000000000000},{"$f":"IF(OR($D82<>\"Serviço\",AND(AUTOEVENTO=\"Manual\",$M82=$A$15),$M82>(ROW(PLE.lastrow)-ROW(PLE.firstrow))),0,\n           IF(OFFSET(PLE!$G$15,$M82-$A$15,CM$13)=\"\",10^12,OFFSET(PLE!$G$15,$M82-$A$15,CM$13)))","v":1000000000000}]
[{"$f":"IF(AUTOEVENTO=\"Manual\",IF(K83<>\"\",MIN(VALUE(LEFT(K83,FIND(\".\",K83)-1)),COUNTA(EVENTOS.Lista)),0),IF(OR($B83>AUTOEVENTO,$B83=\"S\",$B83=0),SUBSTITUTE(OFFSET($A83,-1,0),IF($D83=\"Serviço\",\".\",\"\"),\"\"),ROW(A83)-ROW($A$15)&\".\"))","v":3},{"$f":"OFFSET(ORÇAMENTO!C$15,ROW(B83)-ROW(B$15),0)","v":"S"},{"$f":"OFFSET(ORÇAMENTO!L$15,ROW(C83)-ROW(C$15),0)","v":"F"},{"$f":"OFFSET(ORÇAMENTO!N$15,ROW(D83)-ROW(D$15),0)","v":"Serviço"},{"$f":"OFFSET(ORÇAMENTO!O$15,ROW(E83)-ROW(E$15),0)","v":"1.8.3."},{"$f":"OFFSET(ORÇAMENTO!R$15,ROW(F83)-ROW(F$15),0)","v":"TRANSPORTE COM CAMINHÃO TANQUE DE TRANSPORTE DE MATERIAL ASFÁLTICO DE 30000 L, EM VIA URBANA PAVIMENTADA, ADICIONAL PARA DMT EXCEDENTE A 30 KM (UNIDADE: TXKM). AF_07/2020"},{"$f":"IF($D83<>\"Serviço\",\"\",OFFSET(ORÇAMENTO!S$15,ROW(G83)-ROW(G$15),0))","v":"TXKM"},{"$f":"IF($D83<>\"Serviço\",0,IF(ACOMPANHAMENTO=\"BM\",ROUND(OFFSET(ORÇAMENTO!AJ$15,ROW(H83)-ROW(H$15),0),15-13*ORÇAMENTO!$AF$7),SUMPRODUCT(($Q$1:$AI$1=1)*ROUND($Q83:$AI83,15-13*ORÇAMENTO!$AF$7))))","v":72.930000000000007},null,{"$f":"IF(B83<>\"S\",\"\",IF(AND(ACOMPANHAMENTO=\"PLE\",AUTOEVENTO=\"Manual\",OR(H83>0,ORÇAMENTO!AC83=\"QUANT.\"),OR(K83=\"\",M83=0,N83=\"\")),\"►\",IF(AND(ACOMPANHAMENTO=\"PLE\",ORÇAMENTO!AC83=\"QUANT.\"),\"►►\",IF(AND(COUNTIF($P$11:$AI$11,\"▼\")=0,H83>0,I83=\"\"),\"◄\",\"\"))))","v":"◄"},"3. IMPLANTAÇÃO ASFÁLTICA",".",{"$f":"IF($D83<>\"Serviço\",\"\",\n          IF(AUTOEVENTO=\"manual\",$A83,\n                IF(ISERROR(MATCH($A83,$A$15:OFFSET($A83,-1,0),0)),MAX($M$15:OFFSET(M83,-1,0))+1,\n                      INDEX($M$15:OFFSET(M83,-1,0),MATCH($A83,$A$15:OFFSET($A83,-1,0),0)))))","v":3},{"$f":"IF($D83<>\"Serviço\",\"\",\n         IF(AUTOEVENTO=\"Manual\",\n                IF($A83=0,\"<-- defina o número do agrupador\",\n                       OFFSET(EVENTOS!$D$15,$A83-$A$15,0)),\n                OFFSET($F$15,$A83,0)))","v":"IMPLANTAÇÃO ASFÁLTICA"},null,null,1813.4704079999999,null,null,null,null,null,null,null,null,null,null,null,null,null,null,null,null,null,null,{"$f":"IF(AND($D83=\"Serviço\",AJ$12<>0,$H83>0,OR(AUTOEVENTO<>\"manual\",$M83<>$A$15)),\n        IF(Import.TipoArredondamento<>\"TransfereGOV\",\n              ROUND(OFFSET($P83,0,AJ$13),15-13*ORÇAMENTO!$AF$7)/$H83*OFFSET(ORÇAMENTO!$X$15,ROW(AJ83)-ROW(AJ$15),0),\n              ROUND(ROUND(OFFSET($P83,0,AJ$13),15-13*ORÇAMENTO!$AF$7)*OFFSET(ORÇAMENTO!$W$15,ROW(AJ83)-ROW(AJ$15),0),15-13*ORÇAMENTO!$AF$11)),\n         0)","v":0},{"$f":"IF(AND($D83=\"Serviço\",AK$12<>0,$H83>0,OR(AUTOEVENTO<>\"manual\",$M83<>$A$15)),\n        IF(Import.TipoArredondamento<>\"TransfereGOV\",\n              ROUND(OFFSET($P83,0,AK$13),15-13*ORÇAMENTO!$AF$7)/$H83*OFFSET(ORÇAMENTO!$X$15,ROW(AK83)-ROW(AK$15),0),\n              ROUND(ROUND(OFFSET($P83,0,AK$13),15-13*ORÇAMENTO!$AF$7)*OFFSET(ORÇAMENTO!$W$15,ROW(AK83)-ROW(AK$15),0),15-13*ORÇAMENTO!$AF$11)),\n         0)","v":0},{"$f":"IF(AND($D83=\"Serviço\",AL$12<>0,$H83>0,OR(AUTOEVENTO<>\"manual\",$M83<>$A$15)),\n        IF(Import.TipoArredondamento<>\"TransfereGOV\",\n              ROUND(OFFSET($P83,0,AL$13),15-13*ORÇAMENTO!$AF$7)/$H83*OFFSET(ORÇAMENTO!$X$15,ROW(AL83)-ROW(AL$15),0),\n              ROUND(ROUND(OFFSET($P83,0,AL$13),15-13*ORÇAMENTO!$AF$7)*OFFSET(ORÇAMENTO!$W$15,ROW(AL83)-ROW(AL$15),0),15-13*ORÇAMENTO!$AF$11)),\n         0)","v":0},{"$f":"IF(AND($D83=\"Serviço\",AM$12<>0,$H83>0,OR(AUTOEVENTO<>\"manual\",$M83<>$A$15)),\n        IF(Import.TipoArredondamento<>\"TransfereGOV\",\n              ROUND(OFFSET($P83,0,AM$13),15-13*ORÇAMENTO!$AF$7)/$H83*OFFSET(ORÇAMENTO!$X$15,ROW(AM83)-ROW(AM$15),0),\n              ROUND(ROUND(OFFSET($P83,0,AM$13),15-13*ORÇAMENTO!$AF$7)*OFFSET(ORÇAMENTO!$W$15,ROW(AM83)-ROW(AM$15),0),15-13*ORÇAMENTO!$AF$11)),\n         0)","v":0},{"$f":"IF(AND($D83=\"Serviço\",AN$12<>0,$H83>0,OR(AUTOEVENTO<>\"manual\",$M83<>$A$15)),\n        IF(Import.TipoArredondamento<>\"TransfereGOV\",\n              ROUND(OFFSET($P83,0,AN$13),15-13*ORÇAMENTO!$AF$7)/$H83*OFFSET(ORÇAMENTO!$X$15,ROW(AN83)-ROW(AN$15),0),\n              ROUND(ROUND(OFFSET($P83,0,AN$13),15-13*ORÇAMENTO!$AF$7)*OFFSET(ORÇAMENTO!$W$15,ROW(AN83)-ROW(AN$15),0),15-13*ORÇAMENTO!$AF$11)),\n         0)","v":0},{"$f":"IF(AND($D83=\"Serviço\",AO$12<>0,$H83>0,OR(AUTOEVENTO<>\"manual\",$M83<>$A$15)),\n        IF(Import.TipoArredondamento<>\"TransfereGOV\",\n              ROUND(OFFSET($P83,0,AO$13),15-13*ORÇAMENTO!$AF$7)/$H83*OFFSET(ORÇAMENTO!$X$15,ROW(AO83)-ROW(AO$15),0),\n              ROUND(ROUND(OFFSET($P83,0,AO$13),15-13*ORÇAMENTO!$AF$7)*OFFSET(ORÇAMENTO!$W$15,ROW(AO83)-ROW(AO$15),0),15-13*ORÇAMENTO!$AF$11)),\n         0)","v":0},{"$f":"IF(AND($D83=\"Serviço\",AP$12<>0,$H83>0,OR(AUTOEVENTO<>\"manual\",$M83<>$A$15)),\n        IF(Import.TipoArredondamento<>\"TransfereGOV\",\n              ROUND(OFFSET($P83,0,AP$13),15-13*ORÇAMENTO!$AF$7)/$H83*OFFSET(ORÇAMENTO!$X$15,ROW(AP83)-ROW(AP$15),0),\n              ROUND(ROUND(OFFSET($P83,0,AP$13),15-13*ORÇAMENTO!$AF$7)*OFFSET(ORÇAMENTO!$W$15,ROW(AP83)-ROW(AP$15),0),15-13*ORÇAMENTO!$AF$11)),\n         0)","v":0},{"$f":"IF(AND($D83=\"Serviço\",AQ$12<>0,$H83>0,OR(AUTOEVENTO<>\"manual\",$M83<>$A$15)),\n        IF(Import.TipoArredondamento<>\"TransfereGOV\",\n              ROUND(OFFSET($P83,0,AQ$13),15-13*ORÇAMENTO!$AF$7)/$H83*OFFSET(ORÇAMENTO!$X$15,ROW(AQ83)-ROW(AQ$15),0),\n              ROUND(ROUND(OFFSET($P83,0,AQ$13),15-13*ORÇAMENTO!$AF$7)*OFFSET(ORÇAMENTO!$W$15,ROW(AQ83)-ROW(AQ$15),0),15-13*ORÇAMENTO!$AF$11)),\n         0)","v":0},{"$f":"IF(AND($D83=\"Serviço\",AR$12<>0,$H83>0,OR(AUTOEVENTO<>\"manual\",$M83<>$A$15)),\n        IF(Import.TipoArredondamento<>\"TransfereGOV\",\n              ROUND(OFFSET($P83,0,AR$13),15-13*ORÇAMENTO!$AF$7)/$H83*OFFSET(ORÇAMENTO!$X$15,ROW(AR83)-ROW(AR$15),0),\n              ROUND(ROUND(OFFSET($P83,0,AR$13),15-13*ORÇAMENTO!$AF$7)*OFFSET(ORÇAMENTO!$W$15,ROW(AR83)-ROW(AR$15),0),15-13*ORÇAMENTO!$AF$11)),\n         0)","v":0},{"$f":"IF(AND($D83=\"Serviço\",AS$12<>0,$H83>0,OR(AUTOEVENTO<>\"manual\",$M83<>$A$15)),\n        IF(Import.TipoArredondamento<>\"TransfereGOV\",\n              ROUND(OFFSET($P83,0,AS$13),15-13*ORÇAMENTO!$AF$7)/$H83*OFFSET(ORÇAMENTO!$X$15,ROW(AS83)-ROW(AS$15),0),\n              ROUND(ROUND(OFFSET($P83,0,AS$13),15-13*ORÇAMENTO!$AF$7)*OFFSET(ORÇAMENTO!$W$15,ROW(AS83)-ROW(AS$15),0),15-13*ORÇAMENTO!$AF$11)),\n         0)","v":0},{"$f":"IF(AND($D83=\"Serviço\",AT$12<>0,$H83>0,OR(AUTOEVENTO<>\"manual\",$M83<>$A$15)),\n        IF(Import.TipoArredondamento<>\"TransfereGOV\",\n              ROUND(OFFSET($P83,0,AT$13),15-13*ORÇAMENTO!$AF$7)/$H83*OFFSET(ORÇAMENTO!$X$15,ROW(AT83)-ROW(AT$15),0),\n              ROUND(ROUND(OFFSET($P83,0,AT$13),15-13*ORÇAMENTO!$AF$7)*OFFSET(ORÇAMENTO!$W$15,ROW(AT83)-ROW(AT$15),0),15-13*ORÇAMENTO!$AF$11)),\n         0)","v":0},{"$f":"IF(AND($D83=\"Serviço\",AU$12<>0,$H83>0,OR(AUTOEVENTO<>\"manual\",$M83<>$A$15)),\n        IF(Import.TipoArredondamento<>\"TransfereGOV\",\n              ROUND(OFFSET($P83,0,AU$13),15-13*ORÇAMENTO!$AF$7)/$H83*OFFSET(ORÇAMENTO!$X$15,ROW(AU83)-ROW(AU$15),0),\n              ROUND(ROUND(OFFSET($P83,0,AU$13),15-13*ORÇAMENTO!$AF$7)*OFFSET(ORÇAMENTO!$W$15,ROW(AU83)-ROW(AU$15),0),15-13*ORÇAMENTO!$AF$11)),\n         0)","v":0},{"$f":"IF(AND($D83=\"Serviço\",AV$12<>0,$H83>0,OR(AUTOEVENTO<>\"manual\",$M83<>$A$15)),\n        IF(Import.TipoArredondamento<>\"TransfereGOV\",\n              ROUND(OFFSET($P83,0,AV$13),15-13*ORÇAMENTO!$AF$7)/$H83*OFFSET(ORÇAMENTO!$X$15,ROW(AV83)-ROW(AV$15),0),\n              ROUND(ROUND(OFFSET($P83,0,AV$13),15-13*ORÇAMENTO!$AF$7)*OFFSET(ORÇAMENTO!$W$15,ROW(AV83)-ROW(AV$15),0),15-13*ORÇAMENTO!$AF$11)),\n         0)","v":0},{"$f":"IF(AND($D83=\"Serviço\",AW$12<>0,$H83>0,OR(AUTOEVENTO<>\"manual\",$M83<>$A$15)),\n        IF(Import.TipoArredondamento<>\"TransfereGOV\",\n              ROUND(OFFSET($P83,0,AW$13),15-13*ORÇAMENTO!$AF$7)/$H83*OFFSET(ORÇAMENTO!$X$15,ROW(AW83)-ROW(AW$15),0),\n              ROUND(ROUND(OFFSET($P83,0,AW$13),15-13*ORÇAMENTO!$AF$7)*OFFSET(ORÇAMENTO!$W$15,ROW(AW83)-ROW(AW$15),0),15-13*ORÇAMENTO!$AF$11)),\n         0)","v":0},{"$f":"IF(AND($D83=\"Serviço\",AX$12<>0,$H83>0,OR(AUTOEVENTO<>\"manual\",$M83<>$A$15)),\n        IF(Import.TipoArredondamento<>\"TransfereGOV\",\n              ROUND(OFFSET($P83,0,AX$13),15-13*ORÇAMENTO!$AF$7)/$H83*OFFSET(ORÇAMENTO!$X$15,ROW(AX83)-ROW(AX$15),0),\n              ROUND(ROUND(OFFSET($P83,0,AX$13),15-13*ORÇAMENTO!$AF$7)*OFFSET(ORÇAMENTO!$W$15,ROW(AX83)-ROW(AX$15),0),15-13*ORÇAMENTO!$AF$11)),\n         0)","v":0},{"$f":"IF(AND($D83=\"Serviço\",AY$12<>0,$H83>0,OR(AUTOEVENTO<>\"manual\",$M83<>$A$15)),\n        IF(Import.TipoArredondamento<>\"TransfereGOV\",\n              ROUND(OFFSET($P83,0,AY$13),15-13*ORÇAMENTO!$AF$7)/$H83*OFFSET(ORÇAMENTO!$X$15,ROW(AY83)-ROW(AY$15),0),\n              ROUND(ROUND(OFFSET($P83,0,AY$13),15-13*ORÇAMENTO!$AF$7)*OFFSET(ORÇAMENTO!$W$15,ROW(AY83)-ROW(AY$15),0),15-13*ORÇAMENTO!$AF$11)),\n         0)","v":0},{"$f":"IF(AND($D83=\"Serviço\",AZ$12<>0,$H83>0,OR(AUTOEVENTO<>\"manual\",$M83<>$A$15)),\n        IF(Import.TipoArredondamento<>\"TransfereGOV\",\n              ROUND(OFFSET($P83,0,AZ$13),15-13*ORÇAMENTO!$AF$7)/$H83*OFFSET(ORÇAMENTO!$X$15,ROW(AZ83)-ROW(AZ$15),0),\n              ROUND(ROUND(OFFSET($P83,0,AZ$13),15-13*ORÇAMENTO!$AF$7)*OFFSET(ORÇAMENTO!$W$15,ROW(AZ83)-ROW(AZ$15),0),15-13*ORÇAMENTO!$AF$11)),\n         0)","v":0},{"$f":"IF(AND($D83=\"Serviço\",BA$12<>0,$H83>0,OR(AUTOEVENTO<>\"manual\",$M83<>$A$15)),\n        IF(Import.TipoArredondamento<>\"TransfereGOV\",\n              ROUND(OFFSET($P83,0,BA$13),15-13*ORÇAMENTO!$AF$7)/$H83*OFFSET(ORÇAMENTO!$X$15,ROW(BA83)-ROW(BA$15),0),\n              ROUND(ROUND(OFFSET($P83,0,BA$13),15-13*ORÇAMENTO!$AF$7)*OFFSET(ORÇAMENTO!$W$15,ROW(BA83)-ROW(BA$15),0),15-13*ORÇAMENTO!$AF$11)),\n         0)","v":0},null,{"$f":"IF(OR($D83<>\"Serviço\",AND(AUTOEVENTO=\"Manual\",$M83=$A$15)),0,\n         IF(OFFSET(CRONOPLE!$F$15,$M83-$A$15,BC$13)=\"\",10^12,OFFSET(CRONOPLE!$F$15,$M83-$A$15,BC$13)))","v":3},{"$f":"IF(OR($D83<>\"Serviço\",AND(AUTOEVENTO=\"Manual\",$M83=$A$15)),0,\n         IF(OFFSET(CRONOPLE!$F$15,$M83-$A$15,BD$13)=\"\",10^12,OFFSET(CRONOPLE!$F$15,$M83-$A$15,BD$13)))","v":2},{"$f":"IF(OR($D83<>\"Serviço\",AND(AUTOEVENTO=\"Manual\",$M83=$A$15)),0,\n         IF(OFFSET(CRONOPLE!$F$15,$M83-$A$15,BE$13)=\"\",10^12,OFFSET(CRONOPLE!$F$15,$M83-$A$15,BE$13)))","v":3},{"$f":"IF(OR($D83<>\"Serviço\",AND(AUTOEVENTO=\"Manual\",$M83=$A$15)),0,\n         IF(OFFSET(CRONOPLE!$F$15,$M83-$A$15,BF$13)=\"\",10^12,OFFSET(CRONOPLE!$F$15,$M83-$A$15,BF$13)))","v":1000000000000},{"$f":"IF(OR($D83<>\"Serviço\",AND(AUTOEVENTO=\"Manual\",$M83=$A$15)),0,\n         IF(OFFSET(CRONOPLE!$F$15,$M83-$A$15,BG$13)=\"\",10^12,OFFSET(CRONOPLE!$F$15,$M83-$A$15,BG$13)))","v":1000000000000},{"$f":"IF(OR($D83<>\"Serviço\",AND(AUTOEVENTO=\"Manual\",$M83=$A$15)),0,\n         IF(OFFSET(CRONOPLE!$F$15,$M83-$A$15,BH$13)=\"\",10^12,OFFSET(CRONOPLE!$F$15,$M83-$A$15,BH$13)))","v":1000000000000},{"$f":"IF(OR($D83<>\"Serviço\",AND(AUTOEVENTO=\"Manual\",$M83=$A$15)),0,\n         IF(OFFSET(CRONOPLE!$F$15,$M83-$A$15,BI$13)=\"\",10^12,OFFSET(CRONOPLE!$F$15,$M83-$A$15,BI$13)))","v":1000000000000},{"$f":"IF(OR($D83<>\"Serviço\",AND(AUTOEVENTO=\"Manual\",$M83=$A$15)),0,\n         IF(OFFSET(CRONOPLE!$F$15,$M83-$A$15,BJ$13)=\"\",10^12,OFFSET(CRONOPLE!$F$15,$M83-$A$15,BJ$13)))","v":1000000000000},{"$f":"IF(OR($D83<>\"Serviço\",AND(AUTOEVENTO=\"Manual\",$M83=$A$15)),0,\n         IF(OFFSET(CRONOPLE!$F$15,$M83-$A$15,BK$13)=\"\",10^12,OFFSET(CRONOPLE!$F$15,$M83-$A$15,BK$13)))","v":1000000000000},{"$f":"IF(OR($D83<>\"Serviço\",AND(AUTOEVENTO=\"Manual\",$M83=$A$15)),0,\n         IF(OFFSET(CRONOPLE!$F$15,$M83-$A$15,BL$13)=\"\",10^12,OFFSET(CRONOPLE!$F$15,$M83-$A$15,BL$13)))","v":1000000000000},{"$f":"IF(OR($D83<>\"Serviço\",AND(AUTOEVENTO=\"Manual\",$M83=$A$15)),0,\n         IF(OFFSET(CRONOPLE!$F$15,$M83-$A$15,BM$13)=\"\",10^12,OFFSET(CRONOPLE!$F$15,$M83-$A$15,BM$13)))","v":1000000000000},{"$f":"IF(OR($D83<>\"Serviço\",AND(AUTOEVENTO=\"Manual\",$M83=$A$15)),0,\n         IF(OFFSET(CRONOPLE!$F$15,$M83-$A$15,BN$13)=\"\",10^12,OFFSET(CRONOPLE!$F$15,$M83-$A$15,BN$13)))","v":1000000000000},{"$f":"IF(OR($D83<>\"Serviço\",AND(AUTOEVENTO=\"Manual\",$M83=$A$15)),0,\n         IF(OFFSET(CRONOPLE!$F$15,$M83-$A$15,BO$13)=\"\",10^12,OFFSET(CRONOPLE!$F$15,$M83-$A$15,BO$13)))","v":1000000000000},{"$f":"IF(OR($D83<>\"Serviço\",AND(AUTOEVENTO=\"Manual\",$M83=$A$15)),0,\n         IF(OFFSET(CRONOPLE!$F$15,$M83-$A$15,BP$13)=\"\",10^12,OFFSET(CRONOPLE!$F$15,$M83-$A$15,BP$13)))","v":1000000000000},{"$f":"IF(OR($D83<>\"Serviço\",AND(AUTOEVENTO=\"Manual\",$M83=$A$15)),0,\n         IF(OFFSET(CRONOPLE!$F$15,$M83-$A$15,BQ$13)=\"\",10^12,OFFSET(CRONOPLE!$F$15,$M83-$A$15,BQ$13)))","v":1000000000000},{"$f":"IF(OR($D83<>\"Serviço\",AND(AUTOEVENTO=\"Manual\",$M83=$A$15)),0,\n         IF(OFFSET(CRONOPLE!$F$15,$M83-$A$15,BR$13)=\"\",10^12,OFFSET(CRONOPLE!$F$15,$M83-$A$15,BR$13)))","v":1000000000000},{"$f":"IF(OR($D83<>\"Serviço\",AND(AUTOEVENTO=\"Manual\",$M83=$A$15)),0,\n         IF(OFFSET(CRONOPLE!$F$15,$M83-$A$15,BS$13)=\"\",10^12,OFFSET(CRONOPLE!$F$15,$M83-$A$15,BS$13)))","v":1000000000000},{"$f":"IF(OR($D83<>\"Serviço\",AND(AUTOEVENTO=\"Manual\",$M83=$A$15)),0,\n         IF(OFFSET(CRONOPLE!$F$15,$M83-$A$15,BT$13)=\"\",10^12,OFFSET(CRONOPLE!$F$15,$M83-$A$15,BT$13)))","v":1000000000000},null,{"$f":"IF(OR($D83<>\"Serviço\",AND(AUTOEVENTO=\"Manual\",$M83=$A$15),$M83>(ROW(PLE.lastrow)-ROW(PLE.firstrow))),0,\n           IF(OFFSET(PLE!$G$15,$M83-$A$15,BV$13)=\"\",10^12,OFFSET(PLE!$G$15,$M83-$A$15,BV$13)))","v":1000000000000},{"$f":"IF(OR($D83<>\"Serviço\",AND(AUTOEVENTO=\"Manual\",$M83=$A$15),$M83>(ROW(PLE.lastrow)-ROW(PLE.firstrow))),0,\n           IF(OFFSET(PLE!$G$15,$M83-$A$15,BW$13)=\"\",10^12,OFFSET(PLE!$G$15,$M83-$A$15,BW$13)))","v":1000000000000},{"$f":"IF(OR($D83<>\"Serviço\",AND(AUTOEVENTO=\"Manual\",$M83=$A$15),$M83>(ROW(PLE.lastrow)-ROW(PLE.firstrow))),0,\n           IF(OFFSET(PLE!$G$15,$M83-$A$15,BX$13)=\"\",10^12,OFFSET(PLE!$G$15,$M83-$A$15,BX$13)))","v":1000000000000},{"$f":"IF(OR($D83<>\"Serviço\",AND(AUTOEVENTO=\"Manual\",$M83=$A$15),$M83>(ROW(PLE.lastrow)-ROW(PLE.firstrow))),0,\n           IF(OFFSET(PLE!$G$15,$M83-$A$15,BY$13)=\"\",10^12,OFFSET(PLE!$G$15,$M83-$A$15,BY$13)))","v":1000000000000},{"$f":"IF(OR($D83<>\"Serviço\",AND(AUTOEVENTO=\"Manual\",$M83=$A$15),$M83>(ROW(PLE.lastrow)-ROW(PLE.firstrow))),0,\n           IF(OFFSET(PLE!$G$15,$M83-$A$15,BZ$13)=\"\",10^12,OFFSET(PLE!$G$15,$M83-$A$15,BZ$13)))","v":1000000000000},{"$f":"IF(OR($D83<>\"Serviço\",AND(AUTOEVENTO=\"Manual\",$M83=$A$15),$M83>(ROW(PLE.lastrow)-ROW(PLE.firstrow))),0,\n           IF(OFFSET(PLE!$G$15,$M83-$A$15,CA$13)=\"\",10^12,OFFSET(PLE!$G$15,$M83-$A$15,CA$13)))","v":1000000000000},{"$f":"IF(OR($D83<>\"Serviço\",AND(AUTOEVENTO=\"Manual\",$M83=$A$15),$M83>(ROW(PLE.lastrow)-ROW(PLE.firstrow))),0,\n           IF(OFFSET(PLE!$G$15,$M83-$A$15,CB$13)=\"\",10^12,OFFSET(PLE!$G$15,$M83-$A$15,CB$13)))","v":1000000000000},{"$f":"IF(OR($D83<>\"Serviço\",AND(AUTOEVENTO=\"Manual\",$M83=$A$15),$M83>(ROW(PLE.lastrow)-ROW(PLE.firstrow))),0,\n           IF(OFFSET(PLE!$G$15,$M83-$A$15,CC$13)=\"\",10^12,OFFSET(PLE!$G$15,$M83-$A$15,CC$13)))","v":1000000000000},{"$f":"IF(OR($D83<>\"Serviço\",AND(AUTOEVENTO=\"Manual\",$M83=$A$15),$M83>(ROW(PLE.lastrow)-ROW(PLE.firstrow))),0,\n           IF(OFFSET(PLE!$G$15,$M83-$A$15,CD$13)=\"\",10^12,OFFSET(PLE!$G$15,$M83-$A$15,CD$13)))","v":1000000000000},{"$f":"IF(OR($D83<>\"Serviço\",AND(AUTOEVENTO=\"Manual\",$M83=$A$15),$M83>(ROW(PLE.lastrow)-ROW(PLE.firstrow))),0,\n           IF(OFFSET(PLE!$G$15,$M83-$A$15,CE$13)=\"\",10^12,OFFSET(PLE!$G$15,$M83-$A$15,CE$13)))","v":1000000000000},{"$f":"IF(OR($D83<>\"Serviço\",AND(AUTOEVENTO=\"Manual\",$M83=$A$15),$M83>(ROW(PLE.lastrow)-ROW(PLE.firstrow))),0,\n           IF(OFFSET(PLE!$G$15,$M83-$A$15,CF$13)=\"\",10^12,OFFSET(PLE!$G$15,$M83-$A$15,CF$13)))","v":1000000000000},{"$f":"IF(OR($D83<>\"Serviço\",AND(AUTOEVENTO=\"Manual\",$M83=$A$15),$M83>(ROW(PLE.lastrow)-ROW(PLE.firstrow))),0,\n           IF(OFFSET(PLE!$G$15,$M83-$A$15,CG$13)=\"\",10^12,OFFSET(PLE!$G$15,$M83-$A$15,CG$13)))","v":1000000000000},{"$f":"IF(OR($D83<>\"Serviço\",AND(AUTOEVENTO=\"Manual\",$M83=$A$15),$M83>(ROW(PLE.lastrow)-ROW(PLE.firstrow))),0,\n           IF(OFFSET(PLE!$G$15,$M83-$A$15,CH$13)=\"\",10^12,OFFSET(PLE!$G$15,$M83-$A$15,CH$13)))","v":1000000000000},{"$f":"IF(OR($D83<>\"Serviço\",AND(AUTOEVENTO=\"Manual\",$M83=$A$15),$M83>(ROW(PLE.lastrow)-ROW(PLE.firstrow))),0,\n           IF(OFFSET(PLE!$G$15,$M83-$A$15,CI$13)=\"\",10^12,OFFSET(PLE!$G$15,$M83-$A$15,CI$13)))","v":1000000000000},{"$f":"IF(OR($D83<>\"Serviço\",AND(AUTOEVENTO=\"Manual\",$M83=$A$15),$M83>(ROW(PLE.lastrow)-ROW(PLE.firstrow))),0,\n           IF(OFFSET(PLE!$G$15,$M83-$A$15,CJ$13)=\"\",10^12,OFFSET(PLE!$G$15,$M83-$A$15,CJ$13)))","v":1000000000000},{"$f":"IF(OR($D83<>\"Serviço\",AND(AUTOEVENTO=\"Manual\",$M83=$A$15),$M83>(ROW(PLE.lastrow)-ROW(PLE.firstrow))),0,\n           IF(OFFSET(PLE!$G$15,$M83-$A$15,CK$13)=\"\",10^12,OFFSET(PLE!$G$15,$M83-$A$15,CK$13)))","v":1000000000000},{"$f":"IF(OR($D83<>\"Serviço\",AND(AUTOEVENTO=\"Manual\",$M83=$A$15),$M83>(ROW(PLE.lastrow)-ROW(PLE.firstrow))),0,\n           IF(OFFSET(PLE!$G$15,$M83-$A$15,CL$13)=\"\",10^12,OFFSET(PLE!$G$15,$M83-$A$15,CL$13)))","v":1000000000000},{"$f":"IF(OR($D83<>\"Serviço\",AND(AUTOEVENTO=\"Manual\",$M83=$A$15),$M83>(ROW(PLE.lastrow)-ROW(PLE.firstrow))),0,\n           IF(OFFSET(PLE!$G$15,$M83-$A$15,CM$13)=\"\",10^12,OFFSET(PLE!$G$15,$M83-$A$15,CM$13)))","v":1000000000000}]
[0,{"$f":"OFFSET(ORÇAMENTO!C$15,ROW(B84)-ROW(B$15),0)","v":2},{"$f":"OFFSET(ORÇAMENTO!L$15,ROW(C84)-ROW(C$15),0)","v":"F"},{"$f":"OFFSET(ORÇAMENTO!N$15,ROW(D84)-ROW(D$15),0)","v":"Nível 2"},{"$f":"OFFSET(ORÇAMENTO!O$15,ROW(E84)-ROW(E$15),0)","v":"1.9."},{"$f":"OFFSET(ORÇAMENTO!R$15,ROW(F84)-ROW(F$15),0)","v":"IMPLANTAÇÃO ASFÁLTICA -  CBUQ"},{"$f":"IF($D84<>\"Serviço\",\"\",OFFSET(ORÇAMENTO!S$15,ROW(G84)-ROW(G$15),0))","v":""},{"$f":"IF($D84<>\"Serviço\",0,IF(ACOMPANHAMENTO=\"BM\",ROUND(OFFSET(ORÇAMENTO!AJ$15,ROW(H84)-ROW(H$15),0),15-13*ORÇAMENTO!$AF$7),SUMPRODUCT(($Q$1:$AI$1=1)*ROUND($Q84:$AI84,15-13*ORÇAMENTO!$AF$7))))","v":0},null,{"$f":"IF(B84<>\"S\",\"\",IF(AND(ACOMPANHAMENTO=\"PLE\",AUTOEVENTO=\"Manual\",OR(H84>0,ORÇAMENTO!AC84=\"QUANT.\"),OR(K84=\"\",M84=0,N84=\"\")),\"►\",IF(AND(ACOMPANHAMENTO=\"PLE\",ORÇAMENTO!AC84=\"QUANT.\"),\"►►\",IF(AND(COUNTIF($P$11:$AI$11,\"▼\")=0,H84>0,I84=\"\"),\"◄\",\"\"))))","v":""},null,".",{"$f":"IF($D84<>\"Serviço\",\"\",\n          IF(AUTOEVENTO=\"manual\",$A84,\n                IF(ISERROR(MATCH($A84,$A$15:OFFSET($A84,-1,0),0)),MAX($M$15:OFFSET(M84,-1,0))+1,\n                      INDEX($M$15:OFFSET(M84,-1,0),MATCH($A84,$A$15:OFFSET($A84,-1,0),0)))))","v":""},{"$f":"IF($D84<>\"Serviço\",\"\",\n         IF(AUTOEVENTO=\"Manual\",\n                IF($A84=0,\"<-- defina o número do agrupador\",\n                       OFFSET(EVENTOS!$D$15,$A84-$A$15,0)),\n                OFFSET($F$15,$A84,0)))","v":""},null,null,null,null,null,null,null,null,null,null,null,null,null,null,null,null,null,null,null,null,null,{"$f":"IF(AND($D84=\"Serviço\",AJ$12<>0,$H84>0,OR(AUTOEVENTO<>\"manual\",$M84<>$A$15)),\n        IF(Import.TipoArredondamento<>\"TransfereGOV\",\n              ROUND(OFFSET($P84,0,AJ$13),15-13*ORÇAMENTO!$AF$7)/$H84*OFFSET(ORÇAMENTO!$X$15,ROW(AJ84)-ROW(AJ$15),0),\n              ROUND(ROUND(OFFSET($P84,0,AJ$13),15-13*ORÇAMENTO!$AF$7)*OFFSET(ORÇAMENTO!$W$15,ROW(AJ84)-ROW(AJ$15),0),15-13*ORÇAMENTO!$AF$11)),\n         0)","v":0},{"$f":"IF(AND($D84=\"Serviço\",AK$12<>0,$H84>0,OR(AUTOEVENTO<>\"manual\",$M84<>$A$15)),\n        IF(Import.TipoArredondamento<>\"TransfereGOV\",\n              ROUND(OFFSET($P84,0,AK$13),15-13*ORÇAMENTO!$AF$7)/$H84*OFFSET(ORÇAMENTO!$X$15,ROW(AK84)-ROW(AK$15),0),\n              ROUND(ROUND(OFFSET($P84,0,AK$13),15-13*ORÇAMENTO!$AF$7)*OFFSET(ORÇAMENTO!$W$15,ROW(AK84)-ROW(AK$15),0),15-13*ORÇAMENTO!$AF$11)),\n         0)","v":0},{"$f":"IF(AND($D84=\"Serviço\",AL$12<>0,$H84>0,OR(AUTOEVENTO<>\"manual\",$M84<>$A$15)),\n        IF(Import.TipoArredondamento<>\"TransfereGOV\",\n              ROUND(OFFSET($P84,0,AL$13),15-13*ORÇAMENTO!$AF$7)/$H84*OFFSET(ORÇAMENTO!$X$15,ROW(AL84)-ROW(AL$15),0),\n              ROUND(ROUND(OFFSET($P84,0,AL$13),15-13*ORÇAMENTO!$AF$7)*OFFSET(ORÇAMENTO!$W$15,ROW(AL84)-ROW(AL$15),0),15-13*ORÇAMENTO!$AF$11)),\n         0)","v":0},{"$f":"IF(AND($D84=\"Serviço\",AM$12<>0,$H84>0,OR(AUTOEVENTO<>\"manual\",$M84<>$A$15)),\n        IF(Import.TipoArredondamento<>\"TransfereGOV\",\n              ROUND(OFFSET($P84,0,AM$13),15-13*ORÇAMENTO!$AF$7)/$H84*OFFSET(ORÇAMENTO!$X$15,ROW(AM84)-ROW(AM$15),0),\n              ROUND(ROUND(OFFSET($P84,0,AM$13),15-13*ORÇAMENTO!$AF$7)*OFFSET(ORÇAMENTO!$W$15,ROW(AM84)-ROW(AM$15),0),15-13*ORÇAMENTO!$AF$11)),\n         0)","v":0},{"$f":"IF(AND($D84=\"Serviço\",AN$12<>0,$H84>0,OR(AUTOEVENTO<>\"manual\",$M84<>$A$15)),\n        IF(Import.TipoArredondamento<>\"TransfereGOV\",\n              ROUND(OFFSET($P84,0,AN$13),15-13*ORÇAMENTO!$AF$7)/$H84*OFFSET(ORÇAMENTO!$X$15,ROW(AN84)-ROW(AN$15),0),\n              ROUND(ROUND(OFFSET($P84,0,AN$13),15-13*ORÇAMENTO!$AF$7)*OFFSET(ORÇAMENTO!$W$15,ROW(AN84)-ROW(AN$15),0),15-13*ORÇAMENTO!$AF$11)),\n         0)","v":0},{"$f":"IF(AND($D84=\"Serviço\",AO$12<>0,$H84>0,OR(AUTOEVENTO<>\"manual\",$M84<>$A$15)),\n        IF(Import.TipoArredondamento<>\"TransfereGOV\",\n              ROUND(OFFSET($P84,0,AO$13),15-13*ORÇAMENTO!$AF$7)/$H84*OFFSET(ORÇAMENTO!$X$15,ROW(AO84)-ROW(AO$15),0),\n              ROUND(ROUND(OFFSET($P84,0,AO$13),15-13*ORÇAMENTO!$AF$7)*OFFSET(ORÇAMENTO!$W$15,ROW(AO84)-ROW(AO$15),0),15-13*ORÇAMENTO!$AF$11)),\n         0)","v":0},{"$f":"IF(AND($D84=\"Serviço\",AP$12<>0,$H84>0,OR(AUTOEVENTO<>\"manual\",$M84<>$A$15)),\n        IF(Import.TipoArredondamento<>\"TransfereGOV\",\n              ROUND(OFFSET($P84,0,AP$13),15-13*ORÇAMENTO!$AF$7)/$H84*OFFSET(ORÇAMENTO!$X$15,ROW(AP84)-ROW(AP$15),0),\n              ROUND(ROUND(OFFSET($P84,0,AP$13),15-13*ORÇAMENTO!$AF$7)*OFFSET(ORÇAMENTO!$W$15,ROW(AP84)-ROW(AP$15),0),15-13*ORÇAMENTO!$AF$11)),\n         0)","v":0},{"$f":"IF(AND($D84=\"Serviço\",AQ$12<>0,$H84>0,OR(AUTOEVENTO<>\"manual\",$M84<>$A$15)),\n        IF(Import.TipoArredondamento<>\"TransfereGOV\",\n              ROUND(OFFSET($P84,0,AQ$13),15-13*ORÇAMENTO!$AF$7)/$H84*OFFSET(ORÇAMENTO!$X$15,ROW(AQ84)-ROW(AQ$15),0),\n              ROUND(ROUND(OFFSET($P84,0,AQ$13),15-13*ORÇAMENTO!$AF$7)*OFFSET(ORÇAMENTO!$W$15,ROW(AQ84)-ROW(AQ$15),0),15-13*ORÇAMENTO!$AF$11)),\n         0)","v":0},{"$f":"IF(AND($D84=\"Serviço\",AR$12<>0,$H84>0,OR(AUTOEVENTO<>\"manual\",$M84<>$A$15)),\n        IF(Import.TipoArredondamento<>\"TransfereGOV\",\n              ROUND(OFFSET($P84,0,AR$13),15-13*ORÇAMENTO!$AF$7)/$H84*OFFSET(ORÇAMENTO!$X$15,ROW(AR84)-ROW(AR$15),0),\n              ROUND(ROUND(OFFSET($P84,0,AR$13),15-13*ORÇAMENTO!$AF$7)*OFFSET(ORÇAMENTO!$W$15,ROW(AR84)-ROW(AR$15),0),15-13*ORÇAMENTO!$AF$11)),\n         0)","v":0},{"$f":"IF(AND($D84=\"Serviço\",AS$12<>0,$H84>0,OR(AUTOEVENTO<>\"manual\",$M84<>$A$15)),\n        IF(Import.TipoArredondamento<>\"TransfereGOV\",\n              ROUND(OFFSET($P84,0,AS$13),15-13*ORÇAMENTO!$AF$7)/$H84*OFFSET(ORÇAMENTO!$X$15,ROW(AS84)-ROW(AS$15),0),\n              ROUND(ROUND(OFFSET($P84,0,AS$13),15-13*ORÇAMENTO!$AF$7)*OFFSET(ORÇAMENTO!$W$15,ROW(AS84)-ROW(AS$15),0),15-13*ORÇAMENTO!$AF$11)),\n         0)","v":0},{"$f":"IF(AND($D84=\"Serviço\",AT$12<>0,$H84>0,OR(AUTOEVENTO<>\"manual\",$M84<>$A$15)),\n        IF(Import.TipoArredondamento<>\"TransfereGOV\",\n              ROUND(OFFSET($P84,0,AT$13),15-13*ORÇAMENTO!$AF$7)/$H84*OFFSET(ORÇAMENTO!$X$15,ROW(AT84)-ROW(AT$15),0),\n              ROUND(ROUND(OFFSET($P84,0,AT$13),15-13*ORÇAMENTO!$AF$7)*OFFSET(ORÇAMENTO!$W$15,ROW(AT84)-ROW(AT$15),0),15-13*ORÇAMENTO!$AF$11)),\n         0)","v":0},{"$f":"IF(AND($D84=\"Serviço\",AU$12<>0,$H84>0,OR(AUTOEVENTO<>\"manual\",$M84<>$A$15)),\n        IF(Import.TipoArredondamento<>\"TransfereGOV\",\n              ROUND(OFFSET($P84,0,AU$13),15-13*ORÇAMENTO!$AF$7)/$H84*OFFSET(ORÇAMENTO!$X$15,ROW(AU84)-ROW(AU$15),0),\n              ROUND(ROUND(OFFSET($P84,0,AU$13),15-13*ORÇAMENTO!$AF$7)*OFFSET(ORÇAMENTO!$W$15,ROW(AU84)-ROW(AU$15),0),15-13*ORÇAMENTO!$AF$11)),\n         0)","v":0},{"$f":"IF(AND($D84=\"Serviço\",AV$12<>0,$H84>0,OR(AUTOEVENTO<>\"manual\",$M84<>$A$15)),\n        IF(Import.TipoArredondamento<>\"TransfereGOV\",\n              ROUND(OFFSET($P84,0,AV$13),15-13*ORÇAMENTO!$AF$7)/$H84*OFFSET(ORÇAMENTO!$X$15,ROW(AV84)-ROW(AV$15),0),\n              ROUND(ROUND(OFFSET($P84,0,AV$13),15-13*ORÇAMENTO!$AF$7)*OFFSET(ORÇAMENTO!$W$15,ROW(AV84)-ROW(AV$15),0),15-13*ORÇAMENTO!$AF$11)),\n         0)","v":0},{"$f":"IF(AND($D84=\"Serviço\",AW$12<>0,$H84>0,OR(AUTOEVENTO<>\"manual\",$M84<>$A$15)),\n        IF(Import.TipoArredondamento<>\"TransfereGOV\",\n              ROUND(OFFSET($P84,0,AW$13),15-13*ORÇAMENTO!$AF$7)/$H84*OFFSET(ORÇAMENTO!$X$15,ROW(AW84)-ROW(AW$15),0),\n              ROUND(ROUND(OFFSET($P84,0,AW$13),15-13*ORÇAMENTO!$AF$7)*OFFSET(ORÇAMENTO!$W$15,ROW(AW84)-ROW(AW$15),0),15-13*ORÇAMENTO!$AF$11)),\n         0)","v":0},{"$f":"IF(AND($D84=\"Serviço\",AX$12<>0,$H84>0,OR(AUTOEVENTO<>\"manual\",$M84<>$A$15)),\n        IF(Import.TipoArredondamento<>\"TransfereGOV\",\n              ROUND(OFFSET($P84,0,AX$13),15-13*ORÇAMENTO!$AF$7)/$H84*OFFSET(ORÇAMENTO!$X$15,ROW(AX84)-ROW(AX$15),0),\n              ROUND(ROUND(OFFSET($P84,0,AX$13),15-13*ORÇAMENTO!$AF$7)*OFFSET(ORÇAMENTO!$W$15,ROW(AX84)-ROW(AX$15),0),15-13*ORÇAMENTO!$AF$11)),\n         0)","v":0},{"$f":"IF(AND($D84=\"Serviço\",AY$12<>0,$H84>0,OR(AUTOEVENTO<>\"manual\",$M84<>$A$15)),\n        IF(Import.TipoArredondamento<>\"TransfereGOV\",\n              ROUND(OFFSET($P84,0,AY$13),15-13*ORÇAMENTO!$AF$7)/$H84*OFFSET(ORÇAMENTO!$X$15,ROW(AY84)-ROW(AY$15),0),\n              ROUND(ROUND(OFFSET($P84,0,AY$13),15-13*ORÇAMENTO!$AF$7)*OFFSET(ORÇAMENTO!$W$15,ROW(AY84)-ROW(AY$15),0),15-13*ORÇAMENTO!$AF$11)),\n         0)","v":0},{"$f":"IF(AND($D84=\"Serviço\",AZ$12<>0,$H84>0,OR(AUTOEVENTO<>\"manual\",$M84<>$A$15)),\n        IF(Import.TipoArredondamento<>\"TransfereGOV\",\n              ROUND(OFFSET($P84,0,AZ$13),15-13*ORÇAMENTO!$AF$7)/$H84*OFFSET(ORÇAMENTO!$X$15,ROW(AZ84)-ROW(AZ$15),0),\n              ROUND(ROUND(OFFSET($P84,0,AZ$13),15-13*ORÇAMENTO!$AF$7)*OFFSET(ORÇAMENTO!$W$15,ROW(AZ84)-ROW(AZ$15),0),15-13*ORÇAMENTO!$AF$11)),\n         0)","v":0},{"$f":"IF(AND($D84=\"Serviço\",BA$12<>0,$H84>0,OR(AUTOEVENTO<>\"manual\",$M84<>$A$15)),\n        IF(Import.TipoArredondamento<>\"TransfereGOV\",\n              ROUND(OFFSET($P84,0,BA$13),15-13*ORÇAMENTO!$AF$7)/$H84*OFFSET(ORÇAMENTO!$X$15,ROW(BA84)-ROW(BA$15),0),\n              ROUND(ROUND(OFFSET($P84,0,BA$13),15-13*ORÇAMENTO!$AF$7)*OFFSET(ORÇAMENTO!$W$15,ROW(BA84)-ROW(BA$15),0),15-13*ORÇAMENTO!$AF$11)),\n         0)","v":0},null,{"$f":"IF(OR($D84<>\"Serviço\",AND(AUTOEVENTO=\"Manual\",$M84=$A$15)),0,\n         IF(OFFSET(CRONOPLE!$F$15,$M84-$A$15,BC$13)=\"\",10^12,OFFSET(CRONOPLE!$F$15,$M84-$A$15,BC$13)))","v":0},{"$f":"IF(OR($D84<>\"Serviço\",AND(AUTOEVENTO=\"Manual\",$M84=$A$15)),0,\n         IF(OFFSET(CRONOPLE!$F$15,$M84-$A$15,BD$13)=\"\",10^12,OFFSET(CRONOPLE!$F$15,$M84-$A$15,BD$13)))","v":0},{"$f":"IF(OR($D84<>\"Serviço\",AND(AUTOEVENTO=\"Manual\",$M84=$A$15)),0,\n         IF(OFFSET(CRONOPLE!$F$15,$M84-$A$15,BE$13)=\"\",10^12,OFFSET(CRONOPLE!$F$15,$M84-$A$15,BE$13)))","v":0},{"$f":"IF(OR($D84<>\"Serviço\",AND(AUTOEVENTO=\"Manual\",$M84=$A$15)),0,\n         IF(OFFSET(CRONOPLE!$F$15,$M84-$A$15,BF$13)=\"\",10^12,OFFSET(CRONOPLE!$F$15,$M84-$A$15,BF$13)))","v":0},{"$f":"IF(OR($D84<>\"Serviço\",AND(AUTOEVENTO=\"Manual\",$M84=$A$15)),0,\n         IF(OFFSET(CRONOPLE!$F$15,$M84-$A$15,BG$13)=\"\",10^12,OFFSET(CRONOPLE!$F$15,$M84-$A$15,BG$13)))","v":0},{"$f":"IF(OR($D84<>\"Serviço\",AND(AUTOEVENTO=\"Manual\",$M84=$A$15)),0,\n         IF(OFFSET(CRONOPLE!$F$15,$M84-$A$15,BH$13)=\"\",10^12,OFFSET(CRONOPLE!$F$15,$M84-$A$15,BH$13)))","v":0},{"$f":"IF(OR($D84<>\"Serviço\",AND(AUTOEVENTO=\"Manual\",$M84=$A$15)),0,\n         IF(OFFSET(CRONOPLE!$F$15,$M84-$A$15,BI$13)=\"\",10^12,OFFSET(CRONOPLE!$F$15,$M84-$A$15,BI$13)))","v":0},{"$f":"IF(OR($D84<>\"Serviço\",AND(AUTOEVENTO=\"Manual\",$M84=$A$15)),0,\n         IF(OFFSET(CRONOPLE!$F$15,$M84-$A$15,BJ$13)=\"\",10^12,OFFSET(CRONOPLE!$F$15,$M84-$A$15,BJ$13)))","v":0},{"$f":"IF(OR($D84<>\"Serviço\",AND(AUTOEVENTO=\"Manual\",$M84=$A$15)),0,\n         IF(OFFSET(CRONOPLE!$F$15,$M84-$A$15,BK$13)=\"\",10^12,OFFSET(CRONOPLE!$F$15,$M84-$A$15,BK$13)))","v":0},{"$f":"IF(OR($D84<>\"Serviço\",AND(AUTOEVENTO=\"Manual\",$M84=$A$15)),0,\n         IF(OFFSET(CRONOPLE!$F$15,$M84-$A$15,BL$13)=\"\",10^12,OFFSET(CRONOPLE!$F$15,$M84-$A$15,BL$13)))","v":0},{"$f":"IF(OR($D84<>\"Serviço\",AND(AUTOEVENTO=\"Manual\",$M84=$A$15)),0,\n         IF(OFFSET(CRONOPLE!$F$15,$M84-$A$15,BM$13)=\"\",10^12,OFFSET(CRONOPLE!$F$15,$M84-$A$15,BM$13)))","v":0},{"$f":"IF(OR($D84<>\"Serviço\",AND(AUTOEVENTO=\"Manual\",$M84=$A$15)),0,\n         IF(OFFSET(CRONOPLE!$F$15,$M84-$A$15,BN$13)=\"\",10^12,OFFSET(CRONOPLE!$F$15,$M84-$A$15,BN$13)))","v":0},{"$f":"IF(OR($D84<>\"Serviço\",AND(AUTOEVENTO=\"Manual\",$M84=$A$15)),0,\n         IF(OFFSET(CRONOPLE!$F$15,$M84-$A$15,BO$13)=\"\",10^12,OFFSET(CRONOPLE!$F$15,$M84-$A$15,BO$13)))","v":0},{"$f":"IF(OR($D84<>\"Serviço\",AND(AUTOEVENTO=\"Manual\",$M84=$A$15)),0,\n         IF(OFFSET(CRONOPLE!$F$15,$M84-$A$15,BP$13)=\"\",10^12,OFFSET(CRONOPLE!$F$15,$M84-$A$15,BP$13)))","v":0},{"$f":"IF(OR($D84<>\"Serviço\",AND(AUTOEVENTO=\"Manual\",$M84=$A$15)),0,\n         IF(OFFSET(CRONOPLE!$F$15,$M84-$A$15,BQ$13)=\"\",10^12,OFFSET(CRONOPLE!$F$15,$M84-$A$15,BQ$13)))","v":0},{"$f":"IF(OR($D84<>\"Serviço\",AND(AUTOEVENTO=\"Manual\",$M84=$A$15)),0,\n         IF(OFFSET(CRONOPLE!$F$15,$M84-$A$15,BR$13)=\"\",10^12,OFFSET(CRONOPLE!$F$15,$M84-$A$15,BR$13)))","v":0},{"$f":"IF(OR($D84<>\"Serviço\",AND(AUTOEVENTO=\"Manual\",$M84=$A$15)),0,\n         IF(OFFSET(CRONOPLE!$F$15,$M84-$A$15,BS$13)=\"\",10^12,OFFSET(CRONOPLE!$F$15,$M84-$A$15,BS$13)))","v":0},{"$f":"IF(OR($D84<>\"Serviço\",AND(AUTOEVENTO=\"Manual\",$M84=$A$15)),0,\n         IF(OFFSET(CRONOPLE!$F$15,$M84-$A$15,BT$13)=\"\",10^12,OFFSET(CRONOPLE!$F$15,$M84-$A$15,BT$13)))","v":0},null,{"$f":"IF(OR($D84<>\"Serviço\",AND(AUTOEVENTO=\"Manual\",$M84=$A$15),$M84>(ROW(PLE.lastrow)-ROW(PLE.firstrow))),0,\n           IF(OFFSET(PLE!$G$15,$M84-$A$15,BV$13)=\"\",10^12,OFFSET(PLE!$G$15,$M84-$A$15,BV$13)))","v":0},{"$f":"IF(OR($D84<>\"Serviço\",AND(AUTOEVENTO=\"Manual\",$M84=$A$15),$M84>(ROW(PLE.lastrow)-ROW(PLE.firstrow))),0,\n           IF(OFFSET(PLE!$G$15,$M84-$A$15,BW$13)=\"\",10^12,OFFSET(PLE!$G$15,$M84-$A$15,BW$13)))","v":0},{"$f":"IF(OR($D84<>\"Serviço\",AND(AUTOEVENTO=\"Manual\",$M84=$A$15),$M84>(ROW(PLE.lastrow)-ROW(PLE.firstrow))),0,\n           IF(OFFSET(PLE!$G$15,$M84-$A$15,BX$13)=\"\",10^12,OFFSET(PLE!$G$15,$M84-$A$15,BX$13)))","v":0},{"$f":"IF(OR($D84<>\"Serviço\",AND(AUTOEVENTO=\"Manual\",$M84=$A$15),$M84>(ROW(PLE.lastrow)-ROW(PLE.firstrow))),0,\n           IF(OFFSET(PLE!$G$15,$M84-$A$15,BY$13)=\"\",10^12,OFFSET(PLE!$G$15,$M84-$A$15,BY$13)))","v":0},{"$f":"IF(OR($D84<>\"Serviço\",AND(AUTOEVENTO=\"Manual\",$M84=$A$15),$M84>(ROW(PLE.lastrow)-ROW(PLE.firstrow))),0,\n           IF(OFFSET(PLE!$G$15,$M84-$A$15,BZ$13)=\"\",10^12,OFFSET(PLE!$G$15,$M84-$A$15,BZ$13)))","v":0},{"$f":"IF(OR($D84<>\"Serviço\",AND(AUTOEVENTO=\"Manual\",$M84=$A$15),$M84>(ROW(PLE.lastrow)-ROW(PLE.firstrow))),0,\n           IF(OFFSET(PLE!$G$15,$M84-$A$15,CA$13)=\"\",10^12,OFFSET(PLE!$G$15,$M84-$A$15,CA$13)))","v":0},{"$f":"IF(OR($D84<>\"Serviço\",AND(AUTOEVENTO=\"Manual\",$M84=$A$15),$M84>(ROW(PLE.lastrow)-ROW(PLE.firstrow))),0,\n           IF(OFFSET(PLE!$G$15,$M84-$A$15,CB$13)=\"\",10^12,OFFSET(PLE!$G$15,$M84-$A$15,CB$13)))","v":0},{"$f":"IF(OR($D84<>\"Serviço\",AND(AUTOEVENTO=\"Manual\",$M84=$A$15),$M84>(ROW(PLE.lastrow)-ROW(PLE.firstrow))),0,\n           IF(OFFSET(PLE!$G$15,$M84-$A$15,CC$13)=\"\",10^12,OFFSET(PLE!$G$15,$M84-$A$15,CC$13)))","v":0},{"$f":"IF(OR($D84<>\"Serviço\",AND(AUTOEVENTO=\"Manual\",$M84=$A$15),$M84>(ROW(PLE.lastrow)-ROW(PLE.firstrow))),0,\n           IF(OFFSET(PLE!$G$15,$M84-$A$15,CD$13)=\"\",10^12,OFFSET(PLE!$G$15,$M84-$A$15,CD$13)))","v":0},{"$f":"IF(OR($D84<>\"Serviço\",AND(AUTOEVENTO=\"Manual\",$M84=$A$15),$M84>(ROW(PLE.lastrow)-ROW(PLE.firstrow))),0,\n           IF(OFFSET(PLE!$G$15,$M84-$A$15,CE$13)=\"\",10^12,OFFSET(PLE!$G$15,$M84-$A$15,CE$13)))","v":0},{"$f":"IF(OR($D84<>\"Serviço\",AND(AUTOEVENTO=\"Manual\",$M84=$A$15),$M84>(ROW(PLE.lastrow)-ROW(PLE.firstrow))),0,\n           IF(OFFSET(PLE!$G$15,$M84-$A$15,CF$13)=\"\",10^12,OFFSET(PLE!$G$15,$M84-$A$15,CF$13)))","v":0},{"$f":"IF(OR($D84<>\"Serviço\",AND(AUTOEVENTO=\"Manual\",$M84=$A$15),$M84>(ROW(PLE.lastrow)-ROW(PLE.firstrow))),0,\n           IF(OFFSET(PLE!$G$15,$M84-$A$15,CG$13)=\"\",10^12,OFFSET(PLE!$G$15,$M84-$A$15,CG$13)))","v":0},{"$f":"IF(OR($D84<>\"Serviço\",AND(AUTOEVENTO=\"Manual\",$M84=$A$15),$M84>(ROW(PLE.lastrow)-ROW(PLE.firstrow))),0,\n           IF(OFFSET(PLE!$G$15,$M84-$A$15,CH$13)=\"\",10^12,OFFSET(PLE!$G$15,$M84-$A$15,CH$13)))","v":0},{"$f":"IF(OR($D84<>\"Serviço\",AND(AUTOEVENTO=\"Manual\",$M84=$A$15),$M84>(ROW(PLE.lastrow)-ROW(PLE.firstrow))),0,\n           IF(OFFSET(PLE!$G$15,$M84-$A$15,CI$13)=\"\",10^12,OFFSET(PLE!$G$15,$M84-$A$15,CI$13)))","v":0},{"$f":"IF(OR($D84<>\"Serviço\",AND(AUTOEVENTO=\"Manual\",$M84=$A$15),$M84>(ROW(PLE.lastrow)-ROW(PLE.firstrow))),0,\n           IF(OFFSET(PLE!$G$15,$M84-$A$15,CJ$13)=\"\",10^12,OFFSET(PLE!$G$15,$M84-$A$15,CJ$13)))","v":0},{"$f":"IF(OR($D84<>\"Serviço\",AND(AUTOEVENTO=\"Manual\",$M84=$A$15),$M84>(ROW(PLE.lastrow)-ROW(PLE.firstrow))),0,\n           IF(OFFSET(PLE!$G$15,$M84-$A$15,CK$13)=\"\",10^12,OFFSET(PLE!$G$15,$M84-$A$15,CK$13)))","v":0},{"$f":"IF(OR($D84<>\"Serviço\",AND(AUTOEVENTO=\"Manual\",$M84=$A$15),$M84>(ROW(PLE.lastrow)-ROW(PLE.firstrow))),0,\n           IF(OFFSET(PLE!$G$15,$M84-$A$15,CL$13)=\"\",10^12,OFFSET(PLE!$G$15,$M84-$A$15,CL$13)))","v":0},{"$f":"IF(OR($D84<>\"Serviço\",AND(AUTOEVENTO=\"Manual\",$M84=$A$15),$M84>(ROW(PLE.lastrow)-ROW(PLE.firstrow))),0,\n           IF(OFFSET(PLE!$G$15,$M84-$A$15,CM$13)=\"\",10^12,OFFSET(PLE!$G$15,$M84-$A$15,CM$13)))","v":0}]
[3,{"$f":"OFFSET(ORÇAMENTO!C$15,ROW(B85)-ROW(B$15),0)","v":"S"},{"$f":"OFFSET(ORÇAMENTO!L$15,ROW(C85)-ROW(C$15),0)","v":"F"},{"$f":"OFFSET(ORÇAMENTO!N$15,ROW(D85)-ROW(D$15),0)","v":"Serviço"},{"$f":"OFFSET(ORÇAMENTO!O$15,ROW(E85)-ROW(E$15),0)","v":"1.9.1."},{"$f":"OFFSET(ORÇAMENTO!R$15,ROW(F85)-ROW(F$15),0)","v":"EXECUÇÃO DE PAVIMENTO COM APLICAÇÃO DE CONCRETO ASFÁLTICO, CAMADA DE ROLAMENTO - EXCLUSIVE CARGA E TRANSPORTE. AF_11/2019"},{"$f":"IF($D85<>\"Serviço\",\"\",OFFSET(ORÇAMENTO!S$15,ROW(G85)-ROW(G$15),0))","v":"M3"},{"$f":"IF($D85<>\"Serviço\",0,IF(ACOMPANHAMENTO=\"BM\",ROUND(OFFSET(ORÇAMENTO!AJ$15,ROW(H85)-ROW(H$15),0),15-13*ORÇAMENTO!$AF$7),SUMPRODUCT(($Q$1:$AI$1=1)*ROUND($Q85:$AI85,15-13*ORÇAMENTO!$AF$7))))","v":91.8},null,{"$f":"IF(B85<>\"S\",\"\",IF(AND(ACOMPANHAMENTO=\"PLE\",AUTOEVENTO=\"Manual\",OR(H85>0,ORÇAMENTO!AC85=\"QUANT.\"),OR(K85=\"\",M85=0,N85=\"\")),\"►\",IF(AND(ACOMPANHAMENTO=\"PLE\",ORÇAMENTO!AC85=\"QUANT.\"),\"►►\",IF(AND(COUNTIF($P$11:$AI$11,\"▼\")=0,H85>0,I85=\"\"),\"◄\",\"\"))))","v":"◄"},"3. IMPLANTAÇÃO ASFÁLTICA",".",{"$f":"IF($D85<>\"Serviço\",\"\",\n          IF(AUTOEVENTO=\"manual\",$A85,\n                IF(ISERROR(MATCH($A85,$A$15:OFFSET($A85,-1,0),0)),MAX($M$15:OFFSET(M85,-1,0))+1,\n                      INDEX($M$15:OFFSET(M85,-1,0),MATCH($A85,$A$15:OFFSET($A85,-1,0),0)))))","v":3},{"$f":"IF($D85<>\"Serviço\",\"\",\n         IF(AUTOEVENTO=\"Manual\",\n                IF($A85=0,\"<-- defina o número do agrupador\",\n                       OFFSET(EVENTOS!$D$15,$A85-$A$15,0)),\n                OFFSET($F$15,$A85,0)))","v":"IMPLANTAÇÃO ASFÁLTICA"},null,null,432.99152999999995,null,null,null,null,null,null,null,null,null,null,null,null,null,null,null,null,null,null,{"$f":"IF(AND($D85=\"Serviço\",AJ$12<>0,$H85>0,OR(AUTOEVENTO<>\"manual\",$M85<>$A$15)),\n        IF(Import.TipoArredondamento<>\"TransfereGOV\",\n              ROUND(OFFSET($P85,0,AJ$13),15-13*ORÇAMENTO!$AF$7)/$H85*OFFSET(ORÇAMENTO!$X$15,ROW(AJ85)-ROW(AJ$15),0),\n              ROUND(ROUND(OFFSET($P85,0,AJ$13),15-13*ORÇAMENTO!$AF$7)*OFFSET(ORÇAMENTO!$W$15,ROW(AJ85)-ROW(AJ$15),0),15-13*ORÇAMENTO!$AF$11)),\n         0)","v":0},{"$f":"IF(AND($D85=\"Serviço\",AK$12<>0,$H85>0,OR(AUTOEVENTO<>\"manual\",$M85<>$A$15)),\n        IF(Import.TipoArredondamento<>\"TransfereGOV\",\n              ROUND(OFFSET($P85,0,AK$13),15-13*ORÇAMENTO!$AF$7)/$H85*OFFSET(ORÇAMENTO!$X$15,ROW(AK85)-ROW(AK$15),0),\n              ROUND(ROUND(OFFSET($P85,0,AK$13),15-13*ORÇAMENTO!$AF$7)*OFFSET(ORÇAMENTO!$W$15,ROW(AK85)-ROW(AK$15),0),15-13*ORÇAMENTO!$AF$11)),\n         0)","v":0},{"$f":"IF(AND($D85=\"Serviço\",AL$12<>0,$H85>0,OR(AUTOEVENTO<>\"manual\",$M85<>$A$15)),\n        IF(Import.TipoArredondamento<>\"TransfereGOV\",\n              ROUND(OFFSET($P85,0,AL$13),15-13*ORÇAMENTO!$AF$7)/$H85*OFFSET(ORÇAMENTO!$X$15,ROW(AL85)-ROW(AL$15),0),\n              ROUND(ROUND(OFFSET($P85,0,AL$13),15-13*ORÇAMENTO!$AF$7)*OFFSET(ORÇAMENTO!$W$15,ROW(AL85)-ROW(AL$15),0),15-13*ORÇAMENTO!$AF$11)),\n         0)","v":0},{"$f":"IF(AND($D85=\"Serviço\",AM$12<>0,$H85>0,OR(AUTOEVENTO<>\"manual\",$M85<>$A$15)),\n        IF(Import.TipoArredondamento<>\"TransfereGOV\",\n              ROUND(OFFSET($P85,0,AM$13),15-13*ORÇAMENTO!$AF$7)/$H85*OFFSET(ORÇAMENTO!$X$15,ROW(AM85)-ROW(AM$15),0),\n              ROUND(ROUND(OFFSET($P85,0,AM$13),15-13*ORÇAMENTO!$AF$7)*OFFSET(ORÇAMENTO!$W$15,ROW(AM85)-ROW(AM$15),0),15-13*ORÇAMENTO!$AF$11)),\n         0)","v":0},{"$f":"IF(AND($D85=\"Serviço\",AN$12<>0,$H85>0,OR(AUTOEVENTO<>\"manual\",$M85<>$A$15)),\n        IF(Import.TipoArredondamento<>\"TransfereGOV\",\n              ROUND(OFFSET($P85,0,AN$13),15-13*ORÇAMENTO!$AF$7)/$H85*OFFSET(ORÇAMENTO!$X$15,ROW(AN85)-ROW(AN$15),0),\n              ROUND(ROUND(OFFSET($P85,0,AN$13),15-13*ORÇAMENTO!$AF$7)*OFFSET(ORÇAMENTO!$W$15,ROW(AN85)-ROW(AN$15),0),15-13*ORÇAMENTO!$AF$11)),\n         0)","v":0},{"$f":"IF(AND($D85=\"Serviço\",AO$12<>0,$H85>0,OR(AUTOEVENTO<>\"manual\",$M85<>$A$15)),\n        IF(Import.TipoArredondamento<>\"TransfereGOV\",\n              ROUND(OFFSET($P85,0,AO$13),15-13*ORÇAMENTO!$AF$7)/$H85*OFFSET(ORÇAMENTO!$X$15,ROW(AO85)-ROW(AO$15),0),\n              ROUND(ROUND(OFFSET($P85,0,AO$13),15-13*ORÇAMENTO!$AF$7)*OFFSET(ORÇAMENTO!$W$15,ROW(AO85)-ROW(AO$15),0),15-13*ORÇAMENTO!$AF$11)),\n         0)","v":0},{"$f":"IF(AND($D85=\"Serviço\",AP$12<>0,$H85>0,OR(AUTOEVENTO<>\"manual\",$M85<>$A$15)),\n        IF(Import.TipoArredondamento<>\"TransfereGOV\",\n              ROUND(OFFSET($P85,0,AP$13),15-13*ORÇAMENTO!$AF$7)/$H85*OFFSET(ORÇAMENTO!$X$15,ROW(AP85)-ROW(AP$15),0),\n              ROUND(ROUND(OFFSET($P85,0,AP$13),15-13*ORÇAMENTO!$AF$7)*OFFSET(ORÇAMENTO!$W$15,ROW(AP85)-ROW(AP$15),0),15-13*ORÇAMENTO!$AF$11)),\n         0)","v":0},{"$f":"IF(AND($D85=\"Serviço\",AQ$12<>0,$H85>0,OR(AUTOEVENTO<>\"manual\",$M85<>$A$15)),\n        IF(Import.TipoArredondamento<>\"TransfereGOV\",\n              ROUND(OFFSET($P85,0,AQ$13),15-13*ORÇAMENTO!$AF$7)/$H85*OFFSET(ORÇAMENTO!$X$15,ROW(AQ85)-ROW(AQ$15),0),\n              ROUND(ROUND(OFFSET($P85,0,AQ$13),15-13*ORÇAMENTO!$AF$7)*OFFSET(ORÇAMENTO!$W$15,ROW(AQ85)-ROW(AQ$15),0),15-13*ORÇAMENTO!$AF$11)),\n         0)","v":0},{"$f":"IF(AND($D85=\"Serviço\",AR$12<>0,$H85>0,OR(AUTOEVENTO<>\"manual\",$M85<>$A$15)),\n        IF(Import.TipoArredondamento<>\"TransfereGOV\",\n              ROUND(OFFSET($P85,0,AR$13),15-13*ORÇAMENTO!$AF$7)/$H85*OFFSET(ORÇAMENTO!$X$15,ROW(AR85)-ROW(AR$15),0),\n              ROUND(ROUND(OFFSET($P85,0,AR$13),15-13*ORÇAMENTO!$AF$7)*OFFSET(ORÇAMENTO!$W$15,ROW(AR85)-ROW(AR$15),0),15-13*ORÇAMENTO!$AF$11)),\n         0)","v":0},{"$f":"IF(AND($D85=\"Serviço\",AS$12<>0,$H85>0,OR(AUTOEVENTO<>\"manual\",$M85<>$A$15)),\n        IF(Import.TipoArredondamento<>\"TransfereGOV\",\n              ROUND(OFFSET($P85,0,AS$13),15-13*ORÇAMENTO!$AF$7)/$H85*OFFSET(ORÇAMENTO!$X$15,ROW(AS85)-ROW(AS$15),0),\n              ROUND(ROUND(OFFSET($P85,0,AS$13),15-13*ORÇAMENTO!$AF$7)*OFFSET(ORÇAMENTO!$W$15,ROW(AS85)-ROW(AS$15),0),15-13*ORÇAMENTO!$AF$11)),\n         0)","v":0},{"$f":"IF(AND($D85=\"Serviço\",AT$12<>0,$H85>0,OR(AUTOEVENTO<>\"manual\",$M85<>$A$15)),\n        IF(Import.TipoArredondamento<>\"TransfereGOV\",\n              ROUND(OFFSET($P85,0,AT$13),15-13*ORÇAMENTO!$AF$7)/$H85*OFFSET(ORÇAMENTO!$X$15,ROW(AT85)-ROW(AT$15),0),\n              ROUND(ROUND(OFFSET($P85,0,AT$13),15-13*ORÇAMENTO!$AF$7)*OFFSET(ORÇAMENTO!$W$15,ROW(AT85)-ROW(AT$15),0),15-13*ORÇAMENTO!$AF$11)),\n         0)","v":0},{"$f":"IF(AND($D85=\"Serviço\",AU$12<>0,$H85>0,OR(AUTOEVENTO<>\"manual\",$M85<>$A$15)),\n        IF(Import.TipoArredondamento<>\"TransfereGOV\",\n              ROUND(OFFSET($P85,0,AU$13),15-13*ORÇAMENTO!$AF$7)/$H85*OFFSET(ORÇAMENTO!$X$15,ROW(AU85)-ROW(AU$15),0),\n              ROUND(ROUND(OFFSET($P85,0,AU$13),15-13*ORÇAMENTO!$AF$7)*OFFSET(ORÇAMENTO!$W$15,ROW(AU85)-ROW(AU$15),0),15-13*ORÇAMENTO!$AF$11)),\n         0)","v":0},{"$f":"IF(AND($D85=\"Serviço\",AV$12<>0,$H85>0,OR(AUTOEVENTO<>\"manual\",$M85<>$A$15)),\n        IF(Import.TipoArredondamento<>\"TransfereGOV\",\n              ROUND(OFFSET($P85,0,AV$13),15-13*ORÇAMENTO!$AF$7)/$H85*OFFSET(ORÇAMENTO!$X$15,ROW(AV85)-ROW(AV$15),0),\n              ROUND(ROUND(OFFSET($P85,0,AV$13),15-13*ORÇAMENTO!$AF$7)*OFFSET(ORÇAMENTO!$W$15,ROW(AV85)-ROW(AV$15),0),15-13*ORÇAMENTO!$AF$11)),\n         0)","v":0},{"$f":"IF(AND($D85=\"Serviço\",AW$12<>0,$H85>0,OR(AUTOEVENTO<>\"manual\",$M85<>$A$15)),\n        IF(Import.TipoArredondamento<>\"TransfereGOV\",\n              ROUND(OFFSET($P85,0,AW$13),15-13*ORÇAMENTO!$AF$7)/$H85*OFFSET(ORÇAMENTO!$X$15,ROW(AW85)-ROW(AW$15),0),\n              ROUND(ROUND(OFFSET($P85,0,AW$13),15-13*ORÇAMENTO!$AF$7)*OFFSET(ORÇAMENTO!$W$15,ROW(AW85)-ROW(AW$15),0),15-13*ORÇAMENTO!$AF$11)),\n         0)","v":0},{"$f":"IF(AND($D85=\"Serviço\",AX$12<>0,$H85>0,OR(AUTOEVENTO<>\"manual\",$M85<>$A$15)),\n        IF(Import.TipoArredondamento<>\"TransfereGOV\",\n              ROUND(OFFSET($P85,0,AX$13),15-13*ORÇAMENTO!$AF$7)/$H85*OFFSET(ORÇAMENTO!$X$15,ROW(AX85)-ROW(AX$15),0),\n              ROUND(ROUND(OFFSET($P85,0,AX$13),15-13*ORÇAMENTO!$AF$7)*OFFSET(ORÇAMENTO!$W$15,ROW(AX85)-ROW(AX$15),0),15-13*ORÇAMENTO!$AF$11)),\n         0)","v":0},{"$f":"IF(AND($D85=\"Serviço\",AY$12<>0,$H85>0,OR(AUTOEVENTO<>\"manual\",$M85<>$A$15)),\n        IF(Import.TipoArredondamento<>\"TransfereGOV\",\n              ROUND(OFFSET($P85,0,AY$13),15-13*ORÇAMENTO!$AF$7)/$H85*OFFSET(ORÇAMENTO!$X$15,ROW(AY85)-ROW(AY$15),0),\n              ROUND(ROUND(OFFSET($P85,0,AY$13),15-13*ORÇAMENTO!$AF$7)*OFFSET(ORÇAMENTO!$W$15,ROW(AY85)-ROW(AY$15),0),15-13*ORÇAMENTO!$AF$11)),\n         0)","v":0},{"$f":"IF(AND($D85=\"Serviço\",AZ$12<>0,$H85>0,OR(AUTOEVENTO<>\"manual\",$M85<>$A$15)),\n        IF(Import.TipoArredondamento<>\"TransfereGOV\",\n              ROUND(OFFSET($P85,0,AZ$13),15-13*ORÇAMENTO!$AF$7)/$H85*OFFSET(ORÇAMENTO!$X$15,ROW(AZ85)-ROW(AZ$15),0),\n              ROUND(ROUND(OFFSET($P85,0,AZ$13),15-13*ORÇAMENTO!$AF$7)*OFFSET(ORÇAMENTO!$W$15,ROW(AZ85)-ROW(AZ$15),0),15-13*ORÇAMENTO!$AF$11)),\n         0)","v":0},{"$f":"IF(AND($D85=\"Serviço\",BA$12<>0,$H85>0,OR(AUTOEVENTO<>\"manual\",$M85<>$A$15)),\n        IF(Import.TipoArredondamento<>\"TransfereGOV\",\n              ROUND(OFFSET($P85,0,BA$13),15-13*ORÇAMENTO!$AF$7)/$H85*OFFSET(ORÇAMENTO!$X$15,ROW(BA85)-ROW(BA$15),0),\n              ROUND(ROUND(OFFSET($P85,0,BA$13),15-13*ORÇAMENTO!$AF$7)*OFFSET(ORÇAMENTO!$W$15,ROW(BA85)-ROW(BA$15),0),15-13*ORÇAMENTO!$AF$11)),\n         0)","v":0},null,{"$f":"IF(OR($D85<>\"Serviço\",AND(AUTOEVENTO=\"Manual\",$M85=$A$15)),0,\n         IF(OFFSET(CRONOPLE!$F$15,$M85-$A$15,BC$13)=\"\",10^12,OFFSET(CRONOPLE!$F$15,$M85-$A$15,BC$13)))","v":3},{"$f":"IF(OR($D85<>\"Serviço\",AND(AUTOEVENTO=\"Manual\",$M85=$A$15)),0,\n         IF(OFFSET(CRONOPLE!$F$15,$M85-$A$15,BD$13)=\"\",10^12,OFFSET(CRONOPLE!$F$15,$M85-$A$15,BD$13)))","v":2},{"$f":"IF(OR($D85<>\"Serviço\",AND(AUTOEVENTO=\"Manual\",$M85=$A$15)),0,\n         IF(OFFSET(CRONOPLE!$F$15,$M85-$A$15,BE$13)=\"\",10^12,OFFSET(CRONOPLE!$F$15,$M85-$A$15,BE$13)))","v":3},{"$f":"IF(OR($D85<>\"Serviço\",AND(AUTOEVENTO=\"Manual\",$M85=$A$15)),0,\n         IF(OFFSET(CRONOPLE!$F$15,$M85-$A$15,BF$13)=\"\",10^12,OFFSET(CRONOPLE!$F$15,$M85-$A$15,BF$13)))","v":1000000000000},{"$f":"IF(OR($D85<>\"Serviço\",AND(AUTOEVENTO=\"Manual\",$M85=$A$15)),0,\n         IF(OFFSET(CRONOPLE!$F$15,$M85-$A$15,BG$13)=\"\",10^12,OFFSET(CRONOPLE!$F$15,$M85-$A$15,BG$13)))","v":1000000000000},{"$f":"IF(OR($D85<>\"Serviço\",AND(AUTOEVENTO=\"Manual\",$M85=$A$15)),0,\n         IF(OFFSET(CRONOPLE!$F$15,$M85-$A$15,BH$13)=\"\",10^12,OFFSET(CRONOPLE!$F$15,$M85-$A$15,BH$13)))","v":1000000000000},{"$f":"IF(OR($D85<>\"Serviço\",AND(AUTOEVENTO=\"Manual\",$M85=$A$15)),0,\n         IF(OFFSET(CRONOPLE!$F$15,$M85-$A$15,BI$13)=\"\",10^12,OFFSET(CRONOPLE!$F$15,$M85-$A$15,BI$13)))","v":1000000000000},{"$f":"IF(OR($D85<>\"Serviço\",AND(AUTOEVENTO=\"Manual\",$M85=$A$15)),0,\n         IF(OFFSET(CRONOPLE!$F$15,$M85-$A$15,BJ$13)=\"\",10^12,OFFSET(CRONOPLE!$F$15,$M85-$A$15,BJ$13)))","v":1000000000000},{"$f":"IF(OR($D85<>\"Serviço\",AND(AUTOEVENTO=\"Manual\",$M85=$A$15)),0,\n         IF(OFFSET(CRONOPLE!$F$15,$M85-$A$15,BK$13)=\"\",10^12,OFFSET(CRONOPLE!$F$15,$M85-$A$15,BK$13)))","v":1000000000000},{"$f":"IF(OR($D85<>\"Serviço\",AND(AUTOEVENTO=\"Manual\",$M85=$A$15)),0,\n         IF(OFFSET(CRONOPLE!$F$15,$M85-$A$15,BL$13)=\"\",10^12,OFFSET(CRONOPLE!$F$15,$M85-$A$15,BL$13)))","v":1000000000000},{"$f":"IF(OR($D85<>\"Serviço\",AND(AUTOEVENTO=\"Manual\",$M85=$A$15)),0,\n         IF(OFFSET(CRONOPLE!$F$15,$M85-$A$15,BM$13)=\"\",10^12,OFFSET(CRONOPLE!$F$15,$M85-$A$15,BM$13)))","v":1000000000000},{"$f":"IF(OR($D85<>\"Serviço\",AND(AUTOEVENTO=\"Manual\",$M85=$A$15)),0,\n         IF(OFFSET(CRONOPLE!$F$15,$M85-$A$15,BN$13)=\"\",10^12,OFFSET(CRONOPLE!$F$15,$M85-$A$15,BN$13)))","v":1000000000000},{"$f":"IF(OR($D85<>\"Serviço\",AND(AUTOEVENTO=\"Manual\",$M85=$A$15)),0,\n         IF(OFFSET(CRONOPLE!$F$15,$M85-$A$15,BO$13)=\"\",10^12,OFFSET(CRONOPLE!$F$15,$M85-$A$15,BO$13)))","v":1000000000000},{"$f":"IF(OR($D85<>\"Serviço\",AND(AUTOEVENTO=\"Manual\",$M85=$A$15)),0,\n         IF(OFFSET(CRONOPLE!$F$15,$M85-$A$15,BP$13)=\"\",10^12,OFFSET(CRONOPLE!$F$15,$M85-$A$15,BP$13)))","v":1000000000000},{"$f":"IF(OR($D85<>\"Serviço\",AND(AUTOEVENTO=\"Manual\",$M85=$A$15)),0,\n         IF(OFFSET(CRONOPLE!$F$15,$M85-$A$15,BQ$13)=\"\",10^12,OFFSET(CRONOPLE!$F$15,$M85-$A$15,BQ$13)))","v":1000000000000},{"$f":"IF(OR($D85<>\"Serviço\",AND(AUTOEVENTO=\"Manual\",$M85=$A$15)),0,\n         IF(OFFSET(CRONOPLE!$F$15,$M85-$A$15,BR$13)=\"\",10^12,OFFSET(CRONOPLE!$F$15,$M85-$A$15,BR$13)))","v":1000000000000},{"$f":"IF(OR($D85<>\"Serviço\",AND(AUTOEVENTO=\"Manual\",$M85=$A$15)),0,\n         IF(OFFSET(CRONOPLE!$F$15,$M85-$A$15,BS$13)=\"\",10^12,OFFSET(CRONOPLE!$F$15,$M85-$A$15,BS$13)))","v":1000000000000},{"$f":"IF(OR($D85<>\"Serviço\",AND(AUTOEVENTO=\"Manual\",$M85=$A$15)),0,\n         IF(OFFSET(CRONOPLE!$F$15,$M85-$A$15,BT$13)=\"\",10^12,OFFSET(CRONOPLE!$F$15,$M85-$A$15,BT$13)))","v":1000000000000},null,{"$f":"IF(OR($D85<>\"Serviço\",AND(AUTOEVENTO=\"Manual\",$M85=$A$15),$M85>(ROW(PLE.lastrow)-ROW(PLE.firstrow))),0,\n           IF(OFFSET(PLE!$G$15,$M85-$A$15,BV$13)=\"\",10^12,OFFSET(PLE!$G$15,$M85-$A$15,BV$13)))","v":1000000000000},{"$f":"IF(OR($D85<>\"Serviço\",AND(AUTOEVENTO=\"Manual\",$M85=$A$15),$M85>(ROW(PLE.lastrow)-ROW(PLE.firstrow))),0,\n           IF(OFFSET(PLE!$G$15,$M85-$A$15,BW$13)=\"\",10^12,OFFSET(PLE!$G$15,$M85-$A$15,BW$13)))","v":1000000000000},{"$f":"IF(OR($D85<>\"Serviço\",AND(AUTOEVENTO=\"Manual\",$M85=$A$15),$M85>(ROW(PLE.lastrow)-ROW(PLE.firstrow))),0,\n           IF(OFFSET(PLE!$G$15,$M85-$A$15,BX$13)=\"\",10^12,OFFSET(PLE!$G$15,$M85-$A$15,BX$13)))","v":1000000000000},{"$f":"IF(OR($D85<>\"Serviço\",AND(AUTOEVENTO=\"Manual\",$M85=$A$15),$M85>(ROW(PLE.lastrow)-ROW(PLE.firstrow))),0,\n           IF(OFFSET(PLE!$G$15,$M85-$A$15,BY$13)=\"\",10^12,OFFSET(PLE!$G$15,$M85-$A$15,BY$13)))","v":1000000000000},{"$f":"IF(OR($D85<>\"Serviço\",AND(AUTOEVENTO=\"Manual\",$M85=$A$15),$M85>(ROW(PLE.lastrow)-ROW(PLE.firstrow))),0,\n           IF(OFFSET(PLE!$G$15,$M85-$A$15,BZ$13)=\"\",10^12,OFFSET(PLE!$G$15,$M85-$A$15,BZ$13)))","v":1000000000000},{"$f":"IF(OR($D85<>\"Serviço\",AND(AUTOEVENTO=\"Manual\",$M85=$A$15),$M85>(ROW(PLE.lastrow)-ROW(PLE.firstrow))),0,\n           IF(OFFSET(PLE!$G$15,$M85-$A$15,CA$13)=\"\",10^12,OFFSET(PLE!$G$15,$M85-$A$15,CA$13)))","v":1000000000000},{"$f":"IF(OR($D85<>\"Serviço\",AND(AUTOEVENTO=\"Manual\",$M85=$A$15),$M85>(ROW(PLE.lastrow)-ROW(PLE.firstrow))),0,\n           IF(OFFSET(PLE!$G$15,$M85-$A$15,CB$13)=\"\",10^12,OFFSET(PLE!$G$15,$M85-$A$15,CB$13)))","v":1000000000000},{"$f":"IF(OR($D85<>\"Serviço\",AND(AUTOEVENTO=\"Manual\",$M85=$A$15),$M85>(ROW(PLE.lastrow)-ROW(PLE.firstrow))),0,\n           IF(OFFSET(PLE!$G$15,$M85-$A$15,CC$13)=\"\",10^12,OFFSET(PLE!$G$15,$M85-$A$15,CC$13)))","v":1000000000000},{"$f":"IF(OR($D85<>\"Serviço\",AND(AUTOEVENTO=\"Manual\",$M85=$A$15),$M85>(ROW(PLE.lastrow)-ROW(PLE.firstrow))),0,\n           IF(OFFSET(PLE!$G$15,$M85-$A$15,CD$13)=\"\",10^12,OFFSET(PLE!$G$15,$M85-$A$15,CD$13)))","v":1000000000000},{"$f":"IF(OR($D85<>\"Serviço\",AND(AUTOEVENTO=\"Manual\",$M85=$A$15),$M85>(ROW(PLE.lastrow)-ROW(PLE.firstrow))),0,\n           IF(OFFSET(PLE!$G$15,$M85-$A$15,CE$13)=\"\",10^12,OFFSET(PLE!$G$15,$M85-$A$15,CE$13)))","v":1000000000000},{"$f":"IF(OR($D85<>\"Serviço\",AND(AUTOEVENTO=\"Manual\",$M85=$A$15),$M85>(ROW(PLE.lastrow)-ROW(PLE.firstrow))),0,\n           IF(OFFSET(PLE!$G$15,$M85-$A$15,CF$13)=\"\",10^12,OFFSET(PLE!$G$15,$M85-$A$15,CF$13)))","v":1000000000000},{"$f":"IF(OR($D85<>\"Serviço\",AND(AUTOEVENTO=\"Manual\",$M85=$A$15),$M85>(ROW(PLE.lastrow)-ROW(PLE.firstrow))),0,\n           IF(OFFSET(PLE!$G$15,$M85-$A$15,CG$13)=\"\",10^12,OFFSET(PLE!$G$15,$M85-$A$15,CG$13)))","v":1000000000000},{"$f":"IF(OR($D85<>\"Serviço\",AND(AUTOEVENTO=\"Manual\",$M85=$A$15),$M85>(ROW(PLE.lastrow)-ROW(PLE.firstrow))),0,\n           IF(OFFSET(PLE!$G$15,$M85-$A$15,CH$13)=\"\",10^12,OFFSET(PLE!$G$15,$M85-$A$15,CH$13)))","v":1000000000000},{"$f":"IF(OR($D85<>\"Serviço\",AND(AUTOEVENTO=\"Manual\",$M85=$A$15),$M85>(ROW(PLE.lastrow)-ROW(PLE.firstrow))),0,\n           IF(OFFSET(PLE!$G$15,$M85-$A$15,CI$13)=\"\",10^12,OFFSET(PLE!$G$15,$M85-$A$15,CI$13)))","v":1000000000000},{"$f":"IF(OR($D85<>\"Serviço\",AND(AUTOEVENTO=\"Manual\",$M85=$A$15),$M85>(ROW(PLE.lastrow)-ROW(PLE.firstrow))),0,\n           IF(OFFSET(PLE!$G$15,$M85-$A$15,CJ$13)=\"\",10^12,OFFSET(PLE!$G$15,$M85-$A$15,CJ$13)))","v":1000000000000},{"$f":"IF(OR($D85<>\"Serviço\",AND(AUTOEVENTO=\"Manual\",$M85=$A$15),$M85>(ROW(PLE.lastrow)-ROW(PLE.firstrow))),0,\n           IF(OFFSET(PLE!$G$15,$M85-$A$15,CK$13)=\"\",10^12,OFFSET(PLE!$G$15,$M85-$A$15,CK$13)))","v":1000000000000},{"$f":"IF(OR($D85<>\"Serviço\",AND(AUTOEVENTO=\"Manual\",$M85=$A$15),$M85>(ROW(PLE.lastrow)-ROW(PLE.firstrow))),0,\n           IF(OFFSET(PLE!$G$15,$M85-$A$15,CL$13)=\"\",10^12,OFFSET(PLE!$G$15,$M85-$A$15,CL$13)))","v":1000000000000},{"$f":"IF(OR($D85<>\"Serviço\",AND(AUTOEVENTO=\"Manual\",$M85=$A$15),$M85>(ROW(PLE.lastrow)-ROW(PLE.firstrow))),0,\n           IF(OFFSET(PLE!$G$15,$M85-$A$15,CM$13)=\"\",10^12,OFFSET(PLE!$G$15,$M85-$A$15,CM$13)))","v":1000000000000}]
[3,{"$f":"OFFSET(ORÇAMENTO!C$15,ROW(B86)-ROW(B$15),0)","v":"S"},{"$f":"OFFSET(ORÇAMENTO!L$15,ROW(C86)-ROW(C$15),0)","v":"F"},{"$f":"OFFSET(ORÇAMENTO!N$15,ROW(D86)-ROW(D$15),0)","v":"Serviço"},{"$f":"OFFSET(ORÇAMENTO!O$15,ROW(E86)-ROW(E$15),0)","v":"1.9.2."},{"$f":"OFFSET(ORÇAMENTO!R$15,ROW(F86)-ROW(F$15),0)","v":"TRANSPORTE COM CAMINHÃO BASCULANTE DE 14 M³, EM VIA URBANA PAVIMENTADA, DMT ATÉ 30 KM (UNIDADE: M3XKM). AF_07/2020"},{"$f":"IF($D86<>\"Serviço\",\"\",OFFSET(ORÇAMENTO!S$15,ROW(G86)-ROW(G$15),0))","v":"M3XKM"},{"$f":"IF($D86<>\"Serviço\",0,IF(ACOMPANHAMENTO=\"BM\",ROUND(OFFSET(ORÇAMENTO!AJ$15,ROW(H86)-ROW(H$15),0),15-13*ORÇAMENTO!$AF$7),SUMPRODUCT(($Q$1:$AI$1=1)*ROUND($Q86:$AI86,15-13*ORÇAMENTO!$AF$7))))","v":2754},null,{"$f":"IF(B86<>\"S\",\"\",IF(AND(ACOMPANHAMENTO=\"PLE\",AUTOEVENTO=\"Manual\",OR(H86>0,ORÇAMENTO!AC86=\"QUANT.\"),OR(K86=\"\",M86=0,N86=\"\")),\"►\",IF(AND(ACOMPANHAMENTO=\"PLE\",ORÇAMENTO!AC86=\"QUANT.\"),\"►►\",IF(AND(COUNTIF($P$11:$AI$11,\"▼\")=0,H86>0,I86=\"\"),\"◄\",\"\"))))","v":"◄"},"3. IMPLANTAÇÃO ASFÁLTICA",".",{"$f":"IF($D86<>\"Serviço\",\"\",\n          IF(AUTOEVENTO=\"manual\",$A86,\n                IF(ISERROR(MATCH($A86,$A$15:OFFSET($A86,-1,0),0)),MAX($M$15:OFFSET(M86,-1,0))+1,\n                      INDEX($M$15:OFFSET(M86,-1,0),MATCH($A86,$A$15:OFFSET($A86,-1,0),0)))))","v":3},{"$f":"IF($D86<>\"Serviço\",\"\",\n         IF(AUTOEVENTO=\"Manual\",\n                IF($A86=0,\"<-- defina o número do agrupador\",\n                       OFFSET(EVENTOS!$D$15,$A86-$A$15,0)),\n                OFFSET($F$15,$A86,0)))","v":"IMPLANTAÇÃO ASFÁLTICA"},null,null,1358.4048,null,null,null,null,null,null,null,null,null,null,null,null,null,null,null,null,null,null,{"$f":"IF(AND($D86=\"Serviço\",AJ$12<>0,$H86>0,OR(AUTOEVENTO<>\"manual\",$M86<>$A$15)),\n        IF(Import.TipoArredondamento<>\"TransfereGOV\",\n              ROUND(OFFSET($P86,0,AJ$13),15-13*ORÇAMENTO!$AF$7)/$H86*OFFSET(ORÇAMENTO!$X$15,ROW(AJ86)-ROW(AJ$15),0),\n              ROUND(ROUND(OFFSET($P86,0,AJ$13),15-13*ORÇAMENTO!$AF$7)*OFFSET(ORÇAMENTO!$W$15,ROW(AJ86)-ROW(AJ$15),0),15-13*ORÇAMENTO!$AF$11)),\n         0)","v":0},{"$f":"IF(AND($D86=\"Serviço\",AK$12<>0,$H86>0,OR(AUTOEVENTO<>\"manual\",$M86<>$A$15)),\n        IF(Import.TipoArredondamento<>\"TransfereGOV\",\n              ROUND(OFFSET($P86,0,AK$13),15-13*ORÇAMENTO!$AF$7)/$H86*OFFSET(ORÇAMENTO!$X$15,ROW(AK86)-ROW(AK$15),0),\n              ROUND(ROUND(OFFSET($P86,0,AK$13),15-13*ORÇAMENTO!$AF$7)*OFFSET(ORÇAMENTO!$W$15,ROW(AK86)-ROW(AK$15),0),15-13*ORÇAMENTO!$AF$11)),\n         0)","v":0},{"$f":"IF(AND($D86=\"Serviço\",AL$12<>0,$H86>0,OR(AUTOEVENTO<>\"manual\",$M86<>$A$15)),\n        IF(Import.TipoArredondamento<>\"TransfereGOV\",\n              ROUND(OFFSET($P86,0,AL$13),15-13*ORÇAMENTO!$AF$7)/$H86*OFFSET(ORÇAMENTO!$X$15,ROW(AL86)-ROW(AL$15),0),\n              ROUND(ROUND(OFFSET($P86,0,AL$13),15-13*ORÇAMENTO!$AF$7)*OFFSET(ORÇAMENTO!$W$15,ROW(AL86)-ROW(AL$15),0),15-13*ORÇAMENTO!$AF$11)),\n         0)","v":0},{"$f":"IF(AND($D86=\"Serviço\",AM$12<>0,$H86>0,OR(AUTOEVENTO<>\"manual\",$M86<>$A$15)),\n        IF(Import.TipoArredondamento<>\"TransfereGOV\",\n              ROUND(OFFSET($P86,0,AM$13),15-13*ORÇAMENTO!$AF$7)/$H86*OFFSET(ORÇAMENTO!$X$15,ROW(AM86)-ROW(AM$15),0),\n              ROUND(ROUND(OFFSET($P86,0,AM$13),15-13*ORÇAMENTO!$AF$7)*OFFSET(ORÇAMENTO!$W$15,ROW(AM86)-ROW(AM$15),0),15-13*ORÇAMENTO!$AF$11)),\n         0)","v":0},{"$f":"IF(AND($D86=\"Serviço\",AN$12<>0,$H86>0,OR(AUTOEVENTO<>\"manual\",$M86<>$A$15)),\n        IF(Import.TipoArredondamento<>\"TransfereGOV\",\n              ROUND(OFFSET($P86,0,AN$13),15-13*ORÇAMENTO!$AF$7)/$H86*OFFSET(ORÇAMENTO!$X$15,ROW(AN86)-ROW(AN$15),0),\n              ROUND(ROUND(OFFSET($P86,0,AN$13),15-13*ORÇAMENTO!$AF$7)*OFFSET(ORÇAMENTO!$W$15,ROW(AN86)-ROW(AN$15),0),15-13*ORÇAMENTO!$AF$11)),\n         0)","v":0},{"$f":"IF(AND($D86=\"Serviço\",AO$12<>0,$H86>0,OR(AUTOEVENTO<>\"manual\",$M86<>$A$15)),\n        IF(Import.TipoArredondamento<>\"TransfereGOV\",\n              ROUND(OFFSET($P86,0,AO$13),15-13*ORÇAMENTO!$AF$7)/$H86*OFFSET(ORÇAMENTO!$X$15,ROW(AO86)-ROW(AO$15),0),\n              ROUND(ROUND(OFFSET($P86,0,AO$13),15-13*ORÇAMENTO!$AF$7)*OFFSET(ORÇAMENTO!$W$15,ROW(AO86)-ROW(AO$15),0),15-13*ORÇAMENTO!$AF$11)),\n         0)","v":0},{"$f":"IF(AND($D86=\"Serviço\",AP$12<>0,$H86>0,OR(AUTOEVENTO<>\"manual\",$M86<>$A$15)),\n        IF(Import.TipoArredondamento<>\"TransfereGOV\",\n              ROUND(OFFSET($P86,0,AP$13),15-13*ORÇAMENTO!$AF$7)/$H86*OFFSET(ORÇAMENTO!$X$15,ROW(AP86)-ROW(AP$15),0),\n              ROUND(ROUND(OFFSET($P86,0,AP$13),15-13*ORÇAMENTO!$AF$7)*OFFSET(ORÇAMENTO!$W$15,ROW(AP86)-ROW(AP$15),0),15-13*ORÇAMENTO!$AF$11)),\n         0)","v":0},{"$f":"IF(AND($D86=\"Serviço\",AQ$12<>0,$H86>0,OR(AUTOEVENTO<>\"manual\",$M86<>$A$15)),\n        IF(Import.TipoArredondamento<>\"TransfereGOV\",\n              ROUND(OFFSET($P86,0,AQ$13),15-13*ORÇAMENTO!$AF$7)/$H86*OFFSET(ORÇAMENTO!$X$15,ROW(AQ86)-ROW(AQ$15),0),\n              ROUND(ROUND(OFFSET($P86,0,AQ$13),15-13*ORÇAMENTO!$AF$7)*OFFSET(ORÇAMENTO!$W$15,ROW(AQ86)-ROW(AQ$15),0),15-13*ORÇAMENTO!$AF$11)),\n         0)","v":0},{"$f":"IF(AND($D86=\"Serviço\",AR$12<>0,$H86>0,OR(AUTOEVENTO<>\"manual\",$M86<>$A$15)),\n        IF(Import.TipoArredondamento<>\"TransfereGOV\",\n              ROUND(OFFSET($P86,0,AR$13),15-13*ORÇAMENTO!$AF$7)/$H86*OFFSET(ORÇAMENTO!$X$15,ROW(AR86)-ROW(AR$15),0),\n              ROUND(ROUND(OFFSET($P86,0,AR$13),15-13*ORÇAMENTO!$AF$7)*OFFSET(ORÇAMENTO!$W$15,ROW(AR86)-ROW(AR$15),0),15-13*ORÇAMENTO!$AF$11)),\n         0)","v":0},{"$f":"IF(AND($D86=\"Serviço\",AS$12<>0,$H86>0,OR(AUTOEVENTO<>\"manual\",$M86<>$A$15)),\n        IF(Import.TipoArredondamento<>\"TransfereGOV\",\n              ROUND(OFFSET($P86,0,AS$13),15-13*ORÇAMENTO!$AF$7)/$H86*OFFSET(ORÇAMENTO!$X$15,ROW(AS86)-ROW(AS$15),0),\n              ROUND(ROUND(OFFSET($P86,0,AS$13),15-13*ORÇAMENTO!$AF$7)*OFFSET(ORÇAMENTO!$W$15,ROW(AS86)-ROW(AS$15),0),15-13*ORÇAMENTO!$AF$11)),\n         0)","v":0},{"$f":"IF(AND($D86=\"Serviço\",AT$12<>0,$H86>0,OR(AUTOEVENTO<>\"manual\",$M86<>$A$15)),\n        IF(Import.TipoArredondamento<>\"TransfereGOV\",\n              ROUND(OFFSET($P86,0,AT$13),15-13*ORÇAMENTO!$AF$7)/$H86*OFFSET(ORÇAMENTO!$X$15,ROW(AT86)-ROW(AT$15),0),\n              ROUND(ROUND(OFFSET($P86,0,AT$13),15-13*ORÇAMENTO!$AF$7)*OFFSET(ORÇAMENTO!$W$15,ROW(AT86)-ROW(AT$15),0),15-13*ORÇAMENTO!$AF$11)),\n         0)","v":0},{"$f":"IF(AND($D86=\"Serviço\",AU$12<>0,$H86>0,OR(AUTOEVENTO<>\"manual\",$M86<>$A$15)),\n        IF(Import.TipoArredondamento<>\"TransfereGOV\",\n              ROUND(OFFSET($P86,0,AU$13),15-13*ORÇAMENTO!$AF$7)/$H86*OFFSET(ORÇAMENTO!$X$15,ROW(AU86)-ROW(AU$15),0),\n              ROUND(ROUND(OFFSET($P86,0,AU$13),15-13*ORÇAMENTO!$AF$7)*OFFSET(ORÇAMENTO!$W$15,ROW(AU86)-ROW(AU$15),0),15-13*ORÇAMENTO!$AF$11)),\n         0)","v":0},{"$f":"IF(AND($D86=\"Serviço\",AV$12<>0,$H86>0,OR(AUTOEVENTO<>\"manual\",$M86<>$A$15)),\n        IF(Import.TipoArredondamento<>\"TransfereGOV\",\n              ROUND(OFFSET($P86,0,AV$13),15-13*ORÇAMENTO!$AF$7)/$H86*OFFSET(ORÇAMENTO!$X$15,ROW(AV86)-ROW(AV$15),0),\n              ROUND(ROUND(OFFSET($P86,0,AV$13),15-13*ORÇAMENTO!$AF$7)*OFFSET(ORÇAMENTO!$W$15,ROW(AV86)-ROW(AV$15),0),15-13*ORÇAMENTO!$AF$11)),\n         0)","v":0},{"$f":"IF(AND($D86=\"Serviço\",AW$12<>0,$H86>0,OR(AUTOEVENTO<>\"manual\",$M86<>$A$15)),\n        IF(Import.TipoArredondamento<>\"TransfereGOV\",\n              ROUND(OFFSET($P86,0,AW$13),15-13*ORÇAMENTO!$AF$7)/$H86*OFFSET(ORÇAMENTO!$X$15,ROW(AW86)-ROW(AW$15),0),\n              ROUND(ROUND(OFFSET($P86,0,AW$13),15-13*ORÇAMENTO!$AF$7)*OFFSET(ORÇAMENTO!$W$15,ROW(AW86)-ROW(AW$15),0),15-13*ORÇAMENTO!$AF$11)),\n         0)","v":0},{"$f":"IF(AND($D86=\"Serviço\",AX$12<>0,$H86>0,OR(AUTOEVENTO<>\"manual\",$M86<>$A$15)),\n        IF(Import.TipoArredondamento<>\"TransfereGOV\",\n              ROUND(OFFSET($P86,0,AX$13),15-13*ORÇAMENTO!$AF$7)/$H86*OFFSET(ORÇAMENTO!$X$15,ROW(AX86)-ROW(AX$15),0),\n              ROUND(ROUND(OFFSET($P86,0,AX$13),15-13*ORÇAMENTO!$AF$7)*OFFSET(ORÇAMENTO!$W$15,ROW(AX86)-ROW(AX$15),0),15-13*ORÇAMENTO!$AF$11)),\n         0)","v":0},{"$f":"IF(AND($D86=\"Serviço\",AY$12<>0,$H86>0,OR(AUTOEVENTO<>\"manual\",$M86<>$A$15)),\n        IF(Import.TipoArredondamento<>\"TransfereGOV\",\n              ROUND(OFFSET($P86,0,AY$13),15-13*ORÇAMENTO!$AF$7)/$H86*OFFSET(ORÇAMENTO!$X$15,ROW(AY86)-ROW(AY$15),0),\n              ROUND(ROUND(OFFSET($P86,0,AY$13),15-13*ORÇAMENTO!$AF$7)*OFFSET(ORÇAMENTO!$W$15,ROW(AY86)-ROW(AY$15),0),15-13*ORÇAMENTO!$AF$11)),\n         0)","v":0},{"$f":"IF(AND($D86=\"Serviço\",AZ$12<>0,$H86>0,OR(AUTOEVENTO<>\"manual\",$M86<>$A$15)),\n        IF(Import.TipoArredondamento<>\"TransfereGOV\",\n              ROUND(OFFSET($P86,0,AZ$13),15-13*ORÇAMENTO!$AF$7)/$H86*OFFSET(ORÇAMENTO!$X$15,ROW(AZ86)-ROW(AZ$15),0),\n              ROUND(ROUND(OFFSET($P86,0,AZ$13),15-13*ORÇAMENTO!$AF$7)*OFFSET(ORÇAMENTO!$W$15,ROW(AZ86)-ROW(AZ$15),0),15-13*ORÇAMENTO!$AF$11)),\n         0)","v":0},{"$f":"IF(AND($D86=\"Serviço\",BA$12<>0,$H86>0,OR(AUTOEVENTO<>\"manual\",$M86<>$A$15)),\n        IF(Import.TipoArredondamento<>\"TransfereGOV\",\n              ROUND(OFFSET($P86,0,BA$13),15-13*ORÇAMENTO!$AF$7)/$H86*OFFSET(ORÇAMENTO!$X$15,ROW(BA86)-ROW(BA$15),0),\n              ROUND(ROUND(OFFSET($P86,0,BA$13),15-13*ORÇAMENTO!$AF$7)*OFFSET(ORÇAMENTO!$W$15,ROW(BA86)-ROW(BA$15),0),15-13*ORÇAMENTO!$AF$11)),\n         0)","v":0},null,{"$f":"IF(OR($D86<>\"Serviço\",AND(AUTOEVENTO=\"Manual\",$M86=$A$15)),0,\n         IF(OFFSET(CRONOPLE!$F$15,$M86-$A$15,BC$13)=\"\",10^12,OFFSET(CRONOPLE!$F$15,$M86-$A$15,BC$13)))","v":3},{"$f":"IF(OR($D86<>\"Serviço\",AND(AUTOEVENTO=\"Manual\",$M86=$A$15)),0,\n         IF(OFFSET(CRONOPLE!$F$15,$M86-$A$15,BD$13)=\"\",10^12,OFFSET(CRONOPLE!$F$15,$M86-$A$15,BD$13)))","v":2},{"$f":"IF(OR($D86<>\"Serviço\",AND(AUTOEVENTO=\"Manual\",$M86=$A$15)),0,\n         IF(OFFSET(CRONOPLE!$F$15,$M86-$A$15,BE$13)=\"\",10^12,OFFSET(CRONOPLE!$F$15,$M86-$A$15,BE$13)))","v":3},{"$f":"IF(OR($D86<>\"Serviço\",AND(AUTOEVENTO=\"Manual\",$M86=$A$15)),0,\n         IF(OFFSET(CRONOPLE!$F$15,$M86-$A$15,BF$13)=\"\",10^12,OFFSET(CRONOPLE!$F$15,$M86-$A$15,BF$13)))","v":1000000000000},{"$f":"IF(OR($D86<>\"Serviço\",AND(AUTOEVENTO=\"Manual\",$M86=$A$15)),0,\n         IF(OFFSET(CRONOPLE!$F$15,$M86-$A$15,BG$13)=\"\",10^12,OFFSET(CRONOPLE!$F$15,$M86-$A$15,BG$13)))","v":1000000000000},{"$f":"IF(OR($D86<>\"Serviço\",AND(AUTOEVENTO=\"Manual\",$M86=$A$15)),0,\n         IF(OFFSET(CRONOPLE!$F$15,$M86-$A$15,BH$13)=\"\",10^12,OFFSET(CRONOPLE!$F$15,$M86-$A$15,BH$13)))","v":1000000000000},{"$f":"IF(OR($D86<>\"Serviço\",AND(AUTOEVENTO=\"Manual\",$M86=$A$15)),0,\n         IF(OFFSET(CRONOPLE!$F$15,$M86-$A$15,BI$13)=\"\",10^12,OFFSET(CRONOPLE!$F$15,$M86-$A$15,BI$13)))","v":1000000000000},{"$f":"IF(OR($D86<>\"Serviço\",AND(AUTOEVENTO=\"Manual\",$M86=$A$15)),0,\n         IF(OFFSET(CRONOPLE!$F$15,$M86-$A$15,BJ$13)=\"\",10^12,OFFSET(CRONOPLE!$F$15,$M86-$A$15,BJ$13)))","v":1000000000000},{"$f":"IF(OR($D86<>\"Serviço\",AND(AUTOEVENTO=\"Manual\",$M86=$A$15)),0,\n         IF(OFFSET(CRONOPLE!$F$15,$M86-$A$15,BK$13)=\"\",10^12,OFFSET(CRONOPLE!$F$15,$M86-$A$15,BK$13)))","v":1000000000000},{"$f":"IF(OR($D86<>\"Serviço\",AND(AUTOEVENTO=\"Manual\",$M86=$A$15)),0,\n         IF(OFFSET(CRONOPLE!$F$15,$M86-$A$15,BL$13)=\"\",10^12,OFFSET(CRONOPLE!$F$15,$M86-$A$15,BL$13)))","v":1000000000000},{"$f":"IF(OR($D86<>\"Serviço\",AND(AUTOEVENTO=\"Manual\",$M86=$A$15)),0,\n         IF(OFFSET(CRONOPLE!$F$15,$M86-$A$15,BM$13)=\"\",10^12,OFFSET(CRONOPLE!$F$15,$M86-$A$15,BM$13)))","v":1000000000000},{"$f":"IF(OR($D86<>\"Serviço\",AND(AUTOEVENTO=\"Manual\",$M86=$A$15)),0,\n         IF(OFFSET(CRONOPLE!$F$15,$M86-$A$15,BN$13)=\"\",10^12,OFFSET(CRONOPLE!$F$15,$M86-$A$15,BN$13)))","v":1000000000000},{"$f":"IF(OR($D86<>\"Serviço\",AND(AUTOEVENTO=\"Manual\",$M86=$A$15)),0,\n         IF(OFFSET(CRONOPLE!$F$15,$M86-$A$15,BO$13)=\"\",10^12,OFFSET(CRONOPLE!$F$15,$M86-$A$15,BO$13)))","v":1000000000000},{"$f":"IF(OR($D86<>\"Serviço\",AND(AUTOEVENTO=\"Manual\",$M86=$A$15)),0,\n         IF(OFFSET(CRONOPLE!$F$15,$M86-$A$15,BP$13)=\"\",10^12,OFFSET(CRONOPLE!$F$15,$M86-$A$15,BP$13)))","v":1000000000000},{"$f":"IF(OR($D86<>\"Serviço\",AND(AUTOEVENTO=\"Manual\",$M86=$A$15)),0,\n         IF(OFFSET(CRONOPLE!$F$15,$M86-$A$15,BQ$13)=\"\",10^12,OFFSET(CRONOPLE!$F$15,$M86-$A$15,BQ$13)))","v":1000000000000},{"$f":"IF(OR($D86<>\"Serviço\",AND(AUTOEVENTO=\"Manual\",$M86=$A$15)),0,\n         IF(OFFSET(CRONOPLE!$F$15,$M86-$A$15,BR$13)=\"\",10^12,OFFSET(CRONOPLE!$F$15,$M86-$A$15,BR$13)))","v":1000000000000},{"$f":"IF(OR($D86<>\"Serviço\",AND(AUTOEVENTO=\"Manual\",$M86=$A$15)),0,\n         IF(OFFSET(CRONOPLE!$F$15,$M86-$A$15,BS$13)=\"\",10^12,OFFSET(CRONOPLE!$F$15,$M86-$A$15,BS$13)))","v":1000000000000},{"$f":"IF(OR($D86<>\"Serviço\",AND(AUTOEVENTO=\"Manual\",$M86=$A$15)),0,\n         IF(OFFSET(CRONOPLE!$F$15,$M86-$A$15,BT$13)=\"\",10^12,OFFSET(CRONOPLE!$F$15,$M86-$A$15,BT$13)))","v":1000000000000},null,{"$f":"IF(OR($D86<>\"Serviço\",AND(AUTOEVENTO=\"Manual\",$M86=$A$15),$M86>(ROW(PLE.lastrow)-ROW(PLE.firstrow))),0,\n           IF(OFFSET(PLE!$G$15,$M86-$A$15,BV$13)=\"\",10^12,OFFSET(PLE!$G$15,$M86-$A$15,BV$13)))","v":1000000000000},{"$f":"IF(OR($D86<>\"Serviço\",AND(AUTOEVENTO=\"Manual\",$M86=$A$15),$M86>(ROW(PLE.lastrow)-ROW(PLE.firstrow))),0,\n           IF(OFFSET(PLE!$G$15,$M86-$A$15,BW$13)=\"\",10^12,OFFSET(PLE!$G$15,$M86-$A$15,BW$13)))","v":1000000000000},{"$f":"IF(OR($D86<>\"Serviço\",AND(AUTOEVENTO=\"Manual\",$M86=$A$15),$M86>(ROW(PLE.lastrow)-ROW(PLE.firstrow))),0,\n           IF(OFFSET(PLE!$G$15,$M86-$A$15,BX$13)=\"\",10^12,OFFSET(PLE!$G$15,$M86-$A$15,BX$13)))","v":1000000000000},{"$f":"IF(OR($D86<>\"Serviço\",AND(AUTOEVENTO=\"Manual\",$M86=$A$15),$M86>(ROW(PLE.lastrow)-ROW(PLE.firstrow))),0,\n           IF(OFFSET(PLE!$G$15,$M86-$A$15,BY$13)=\"\",10^12,OFFSET(PLE!$G$15,$M86-$A$15,BY$13)))","v":1000000000000},{"$f":"IF(OR($D86<>\"Serviço\",AND(AUTOEVENTO=\"Manual\",$M86=$A$15),$M86>(ROW(PLE.lastrow)-ROW(PLE.firstrow))),0,\n           IF(OFFSET(PLE!$G$15,$M86-$A$15,BZ$13)=\"\",10^12,OFFSET(PLE!$G$15,$M86-$A$15,BZ$13)))","v":1000000000000},{"$f":"IF(OR($D86<>\"Serviço\",AND(AUTOEVENTO=\"Manual\",$M86=$A$15),$M86>(ROW(PLE.lastrow)-ROW(PLE.firstrow))),0,\n           IF(OFFSET(PLE!$G$15,$M86-$A$15,CA$13)=\"\",10^12,OFFSET(PLE!$G$15,$M86-$A$15,CA$13)))","v":1000000000000},{"$f":"IF(OR($D86<>\"Serviço\",AND(AUTOEVENTO=\"Manual\",$M86=$A$15),$M86>(ROW(PLE.lastrow)-ROW(PLE.firstrow))),0,\n           IF(OFFSET(PLE!$G$15,$M86-$A$15,CB$13)=\"\",10^12,OFFSET(PLE!$G$15,$M86-$A$15,CB$13)))","v":1000000000000},{"$f":"IF(OR($D86<>\"Serviço\",AND(AUTOEVENTO=\"Manual\",$M86=$A$15),$M86>(ROW(PLE.lastrow)-ROW(PLE.firstrow))),0,\n           IF(OFFSET(PLE!$G$15,$M86-$A$15,CC$13)=\"\",10^12,OFFSET(PLE!$G$15,$M86-$A$15,CC$13)))","v":1000000000000},{"$f":"IF(OR($D86<>\"Serviço\",AND(AUTOEVENTO=\"Manual\",$M86=$A$15),$M86>(ROW(PLE.lastrow)-ROW(PLE.firstrow))),0,\n           IF(OFFSET(PLE!$G$15,$M86-$A$15,CD$13)=\"\",10^12,OFFSET(PLE!$G$15,$M86-$A$15,CD$13)))","v":1000000000000},{"$f":"IF(OR($D86<>\"Serviço\",AND(AUTOEVENTO=\"Manual\",$M86=$A$15),$M86>(ROW(PLE.lastrow)-ROW(PLE.firstrow))),0,\n           IF(OFFSET(PLE!$G$15,$M86-$A$15,CE$13)=\"\",10^12,OFFSET(PLE!$G$15,$M86-$A$15,CE$13)))","v":1000000000000},{"$f":"IF(OR($D86<>\"Serviço\",AND(AUTOEVENTO=\"Manual\",$M86=$A$15),$M86>(ROW(PLE.lastrow)-ROW(PLE.firstrow))),0,\n           IF(OFFSET(PLE!$G$15,$M86-$A$15,CF$13)=\"\",10^12,OFFSET(PLE!$G$15,$M86-$A$15,CF$13)))","v":1000000000000},{"$f":"IF(OR($D86<>\"Serviço\",AND(AUTOEVENTO=\"Manual\",$M86=$A$15),$M86>(ROW(PLE.lastrow)-ROW(PLE.firstrow))),0,\n           IF(OFFSET(PLE!$G$15,$M86-$A$15,CG$13)=\"\",10^12,OFFSET(PLE!$G$15,$M86-$A$15,CG$13)))","v":1000000000000},{"$f":"IF(OR($D86<>\"Serviço\",AND(AUTOEVENTO=\"Manual\",$M86=$A$15),$M86>(ROW(PLE.lastrow)-ROW(PLE.firstrow))),0,\n           IF(OFFSET(PLE!$G$15,$M86-$A$15,CH$13)=\"\",10^12,OFFSET(PLE!$G$15,$M86-$A$15,CH$13)))","v":1000000000000},{"$f":"IF(OR($D86<>\"Serviço\",AND(AUTOEVENTO=\"Manual\",$M86=$A$15),$M86>(ROW(PLE.lastrow)-ROW(PLE.firstrow))),0,\n           IF(OFFSET(PLE!$G$15,$M86-$A$15,CI$13)=\"\",10^12,OFFSET(PLE!$G$15,$M86-$A$15,CI$13)))","v":1000000000000},{"$f":"IF(OR($D86<>\"Serviço\",AND(AUTOEVENTO=\"Manual\",$M86=$A$15),$M86>(ROW(PLE.lastrow)-ROW(PLE.firstrow))),0,\n           IF(OFFSET(PLE!$G$15,$M86-$A$15,CJ$13)=\"\",10^12,OFFSET(PLE!$G$15,$M86-$A$15,CJ$13)))","v":1000000000000},{"$f":"IF(OR($D86<>\"Serviço\",AND(AUTOEVENTO=\"Manual\",$M86=$A$15),$M86>(ROW(PLE.lastrow)-ROW(PLE.firstrow))),0,\n           IF(OFFSET(PLE!$G$15,$M86-$A$15,CK$13)=\"\",10^12,OFFSET(PLE!$G$15,$M86-$A$15,CK$13)))","v":1000000000000},{"$f":"IF(OR($D86<>\"Serviço\",AND(AUTOEVENTO=\"Manual\",$M86=$A$15),$M86>(ROW(PLE.lastrow)-ROW(PLE.firstrow))),0,\n           IF(OFFSET(PLE!$G$15,$M86-$A$15,CL$13)=\"\",10^12,OFFSET(PLE!$G$15,$M86-$A$15,CL$13)))","v":1000000000000},{"$f":"IF(OR($D86<>\"Serviço\",AND(AUTOEVENTO=\"Manual\",$M86=$A$15),$M86>(ROW(PLE.lastrow)-ROW(PLE.firstrow))),0,\n           IF(OFFSET(PLE!$G$15,$M86-$A$15,CM$13)=\"\",10^12,OFFSET(PLE!$G$15,$M86-$A$15,CM$13)))","v":1000000000000}]
[{"$f":"IF(AUTOEVENTO=\"Manual\",IF(K87<>\"\",MIN(VALUE(LEFT(K87,FIND(\".\",K87)-1)),COUNTA(EVENTOS.Lista)),0),IF(OR($B87>AUTOEVENTO,$B87=\"S\",$B87=0),SUBSTITUTE(OFFSET($A87,-1,0),IF($D87=\"Serviço\",\".\",\"\"),\"\"),ROW(A87)-ROW($A$15)&\".\"))","v":0},{"$f":"OFFSET(ORÇAMENTO!C$15,ROW(B87)-ROW(B$15),0)","v":"S"},{"$f":"OFFSET(ORÇAMENTO!L$15,ROW(C87)-ROW(C$15),0)","v":"F"},{"$f":"OFFSET(ORÇAMENTO!N$15,ROW(D87)-ROW(D$15),0)","v":"Serviço"},{"$f":"OFFSET(ORÇAMENTO!O$15,ROW(E87)-ROW(E$15),0)","v":"1.9.3."},{"$f":"OFFSET(ORÇAMENTO!R$15,ROW(F87)-ROW(F$15),0)","v":"TRANSPORTE COM CAMINHÃO BASCULANTE DE 14 M³, EM VIA URBANA PAVIMENTADA, ADICIONAL PARA DMT EXCEDENTE A 30 KM (UNIDADE: M3XKM). AF_07/2020"},{"$f":"IF($D87<>\"Serviço\",\"\",OFFSET(ORÇAMENTO!S$15,ROW(G87)-ROW(G$15),0))","v":"M3XKM"},{"$f":"IF($D87<>\"Serviço\",0,IF(ACOMPANHAMENTO=\"BM\",ROUND(OFFSET(ORÇAMENTO!AJ$15,ROW(H87)-ROW(H$15),0),15-13*ORÇAMENTO!$AF$7),SUMPRODUCT(($Q$1:$AI$1=1)*ROUND($Q87:$AI87,15-13*ORÇAMENTO!$AF$7))))","v":5599.8},null,{"$f":"IF(B87<>\"S\",\"\",IF(AND(ACOMPANHAMENTO=\"PLE\",AUTOEVENTO=\"Manual\",OR(H87>0,ORÇAMENTO!AC87=\"QUANT.\"),OR(K87=\"\",M87=0,N87=\"\")),\"►\",IF(AND(ACOMPANHAMENTO=\"PLE\",ORÇAMENTO!AC87=\"QUANT.\"),\"►►\",IF(AND(COUNTIF($P$11:$AI$11,\"▼\")=0,H87>0,I87=\"\"),\"◄\",\"\"))))","v":"◄"},null,".",{"$f":"IF($D87<>\"Serviço\",\"\",\n          IF(AUTOEVENTO=\"manual\",$A87,\n                IF(ISERROR(MATCH($A87,$A$15:OFFSET($A87,-1,0),0)),MAX($M$15:OFFSET(M87,-1,0))+1,\n                      INDEX($M$15:OFFSET(M87,-1,0),MATCH($A87,$A$15:OFFSET($A87,-1,0),0)))))","v":0},{"$f":"IF($D87<>\"Serviço\",\"\",\n         IF(AUTOEVENTO=\"Manual\",\n                IF($A87=0,\"<-- defina o número do agrupador\",\n                       OFFSET(EVENTOS!$D$15,$A87-$A$15,0)),\n                OFFSET($F$15,$A87,0)))","v":"<-- defina o número do agrupador"},null,null,null,null,null,null,null,null,null,null,null,null,null,null,null,null,null,null,null,null,null,{"$f":"IF(AND($D87=\"Serviço\",AJ$12<>0,$H87>0,OR(AUTOEVENTO<>\"manual\",$M87<>$A$15)),\n        IF(Import.TipoArredondamento<>\"TransfereGOV\",\n              ROUND(OFFSET($P87,0,AJ$13),15-13*ORÇAMENTO!$AF$7)/$H87*OFFSET(ORÇAMENTO!$X$15,ROW(AJ87)-ROW(AJ$15),0),\n              ROUND(ROUND(OFFSET($P87,0,AJ$13),15-13*ORÇAMENTO!$AF$7)*OFFSET(ORÇAMENTO!$W$15,ROW(AJ87)-ROW(AJ$15),0),15-13*ORÇAMENTO!$AF$11)),\n         0)","v":0},{"$f":"IF(AND($D87=\"Serviço\",AK$12<>0,$H87>0,OR(AUTOEVENTO<>\"manual\",$M87<>$A$15)),\n        IF(Import.TipoArredondamento<>\"TransfereGOV\",\n              ROUND(OFFSET($P87,0,AK$13),15-13*ORÇAMENTO!$AF$7)/$H87*OFFSET(ORÇAMENTO!$X$15,ROW(AK87)-ROW(AK$15),0),\n              ROUND(ROUND(OFFSET($P87,0,AK$13),15-13*ORÇAMENTO!$AF$7)*OFFSET(ORÇAMENTO!$W$15,ROW(AK87)-ROW(AK$15),0),15-13*ORÇAMENTO!$AF$11)),\n         0)","v":0},{"$f":"IF(AND($D87=\"Serviço\",AL$12<>0,$H87>0,OR(AUTOEVENTO<>\"manual\",$M87<>$A$15)),\n        IF(Import.TipoArredondamento<>\"TransfereGOV\",\n              ROUND(OFFSET($P87,0,AL$13),15-13*ORÇAMENTO!$AF$7)/$H87*OFFSET(ORÇAMENTO!$X$15,ROW(AL87)-ROW(AL$15),0),\n              ROUND(ROUND(OFFSET($P87,0,AL$13),15-13*ORÇAMENTO!$AF$7)*OFFSET(ORÇAMENTO!$W$15,ROW(AL87)-ROW(AL$15),0),15-13*ORÇAMENTO!$AF$11)),\n         0)","v":0},{"$f":"IF(AND($D87=\"Serviço\",AM$12<>0,$H87>0,OR(AUTOEVENTO<>\"manual\",$M87<>$A$15)),\n        IF(Import.TipoArredondamento<>\"TransfereGOV\",\n              ROUND(OFFSET($P87,0,AM$13),15-13*ORÇAMENTO!$AF$7)/$H87*OFFSET(ORÇAMENTO!$X$15,ROW(AM87)-ROW(AM$15),0),\n              ROUND(ROUND(OFFSET($P87,0,AM$13),15-13*ORÇAMENTO!$AF$7)*OFFSET(ORÇAMENTO!$W$15,ROW(AM87)-ROW(AM$15),0),15-13*ORÇAMENTO!$AF$11)),\n         0)","v":0},{"$f":"IF(AND($D87=\"Serviço\",AN$12<>0,$H87>0,OR(AUTOEVENTO<>\"manual\",$M87<>$A$15)),\n        IF(Import.TipoArredondamento<>\"TransfereGOV\",\n              ROUND(OFFSET($P87,0,AN$13),15-13*ORÇAMENTO!$AF$7)/$H87*OFFSET(ORÇAMENTO!$X$15,ROW(AN87)-ROW(AN$15),0),\n              ROUND(ROUND(OFFSET($P87,0,AN$13),15-13*ORÇAMENTO!$AF$7)*OFFSET(ORÇAMENTO!$W$15,ROW(AN87)-ROW(AN$15),0),15-13*ORÇAMENTO!$AF$11)),\n         0)","v":0},{"$f":"IF(AND($D87=\"Serviço\",AO$12<>0,$H87>0,OR(AUTOEVENTO<>\"manual\",$M87<>$A$15)),\n        IF(Import.TipoArredondamento<>\"TransfereGOV\",\n              ROUND(OFFSET($P87,0,AO$13),15-13*ORÇAMENTO!$AF$7)/$H87*OFFSET(ORÇAMENTO!$X$15,ROW(AO87)-ROW(AO$15),0),\n              ROUND(ROUND(OFFSET($P87,0,AO$13),15-13*ORÇAMENTO!$AF$7)*OFFSET(ORÇAMENTO!$W$15,ROW(AO87)-ROW(AO$15),0),15-13*ORÇAMENTO!$AF$11)),\n         0)","v":0},{"$f":"IF(AND($D87=\"Serviço\",AP$12<>0,$H87>0,OR(AUTOEVENTO<>\"manual\",$M87<>$A$15)),\n        IF(Import.TipoArredondamento<>\"TransfereGOV\",\n              ROUND(OFFSET($P87,0,AP$13),15-13*ORÇAMENTO!$AF$7)/$H87*OFFSET(ORÇAMENTO!$X$15,ROW(AP87)-ROW(AP$15),0),\n              ROUND(ROUND(OFFSET($P87,0,AP$13),15-13*ORÇAMENTO!$AF$7)*OFFSET(ORÇAMENTO!$W$15,ROW(AP87)-ROW(AP$15),0),15-13*ORÇAMENTO!$AF$11)),\n         0)","v":0},{"$f":"IF(AND($D87=\"Serviço\",AQ$12<>0,$H87>0,OR(AUTOEVENTO<>\"manual\",$M87<>$A$15)),\n        IF(Import.TipoArredondamento<>\"TransfereGOV\",\n              ROUND(OFFSET($P87,0,AQ$13),15-13*ORÇAMENTO!$AF$7)/$H87*OFFSET(ORÇAMENTO!$X$15,ROW(AQ87)-ROW(AQ$15),0),\n              ROUND(ROUND(OFFSET($P87,0,AQ$13),15-13*ORÇAMENTO!$AF$7)*OFFSET(ORÇAMENTO!$W$15,ROW(AQ87)-ROW(AQ$15),0),15-13*ORÇAMENTO!$AF$11)),\n         0)","v":0},{"$f":"IF(AND($D87=\"Serviço\",AR$12<>0,$H87>0,OR(AUTOEVENTO<>\"manual\",$M87<>$A$15)),\n        IF(Import.TipoArredondamento<>\"TransfereGOV\",\n              ROUND(OFFSET($P87,0,AR$13),15-13*ORÇAMENTO!$AF$7)/$H87*OFFSET(ORÇAMENTO!$X$15,ROW(AR87)-ROW(AR$15),0),\n              ROUND(ROUND(OFFSET($P87,0,AR$13),15-13*ORÇAMENTO!$AF$7)*OFFSET(ORÇAMENTO!$W$15,ROW(AR87)-ROW(AR$15),0),15-13*ORÇAMENTO!$AF$11)),\n         0)","v":0},{"$f":"IF(AND($D87=\"Serviço\",AS$12<>0,$H87>0,OR(AUTOEVENTO<>\"manual\",$M87<>$A$15)),\n        IF(Import.TipoArredondamento<>\"TransfereGOV\",\n              ROUND(OFFSET($P87,0,AS$13),15-13*ORÇAMENTO!$AF$7)/$H87*OFFSET(ORÇAMENTO!$X$15,ROW(AS87)-ROW(AS$15),0),\n              ROUND(ROUND(OFFSET($P87,0,AS$13),15-13*ORÇAMENTO!$AF$7)*OFFSET(ORÇAMENTO!$W$15,ROW(AS87)-ROW(AS$15),0),15-13*ORÇAMENTO!$AF$11)),\n         0)","v":0},{"$f":"IF(AND($D87=\"Serviço\",AT$12<>0,$H87>0,OR(AUTOEVENTO<>\"manual\",$M87<>$A$15)),\n        IF(Import.TipoArredondamento<>\"TransfereGOV\",\n              ROUND(OFFSET($P87,0,AT$13),15-13*ORÇAMENTO!$AF$7)/$H87*OFFSET(ORÇAMENTO!$X$15,ROW(AT87)-ROW(AT$15),0),\n              ROUND(ROUND(OFFSET($P87,0,AT$13),15-13*ORÇAMENTO!$AF$7)*OFFSET(ORÇAMENTO!$W$15,ROW(AT87)-ROW(AT$15),0),15-13*ORÇAMENTO!$AF$11)),\n         0)","v":0},{"$f":"IF(AND($D87=\"Serviço\",AU$12<>0,$H87>0,OR(AUTOEVENTO<>\"manual\",$M87<>$A$15)),\n        IF(Import.TipoArredondamento<>\"TransfereGOV\",\n              ROUND(OFFSET($P87,0,AU$13),15-13*ORÇAMENTO!$AF$7)/$H87*OFFSET(ORÇAMENTO!$X$15,ROW(AU87)-ROW(AU$15),0),\n              ROUND(ROUND(OFFSET($P87,0,AU$13),15-13*ORÇAMENTO!$AF$7)*OFFSET(ORÇAMENTO!$W$15,ROW(AU87)-ROW(AU$15),0),15-13*ORÇAMENTO!$AF$11)),\n         0)","v":0},{"$f":"IF(AND($D87=\"Serviço\",AV$12<>0,$H87>0,OR(AUTOEVENTO<>\"manual\",$M87<>$A$15)),\n        IF(Import.TipoArredondamento<>\"TransfereGOV\",\n              ROUND(OFFSET($P87,0,AV$13),15-13*ORÇAMENTO!$AF$7)/$H87*OFFSET(ORÇAMENTO!$X$15,ROW(AV87)-ROW(AV$15),0),\n              ROUND(ROUND(OFFSET($P87,0,AV$13),15-13*ORÇAMENTO!$AF$7)*OFFSET(ORÇAMENTO!$W$15,ROW(AV87)-ROW(AV$15),0),15-13*ORÇAMENTO!$AF$11)),\n         0)","v":0},{"$f":"IF(AND($D87=\"Serviço\",AW$12<>0,$H87>0,OR(AUTOEVENTO<>\"manual\",$M87<>$A$15)),\n        IF(Import.TipoArredondamento<>\"TransfereGOV\",\n              ROUND(OFFSET($P87,0,AW$13),15-13*ORÇAMENTO!$AF$7)/$H87*OFFSET(ORÇAMENTO!$X$15,ROW(AW87)-ROW(AW$15),0),\n              ROUND(ROUND(OFFSET($P87,0,AW$13),15-13*ORÇAMENTO!$AF$7)*OFFSET(ORÇAMENTO!$W$15,ROW(AW87)-ROW(AW$15),0),15-13*ORÇAMENTO!$AF$11)),\n         0)","v":0},{"$f":"IF(AND($D87=\"Serviço\",AX$12<>0,$H87>0,OR(AUTOEVENTO<>\"manual\",$M87<>$A$15)),\n        IF(Import.TipoArredondamento<>\"TransfereGOV\",\n              ROUND(OFFSET($P87,0,AX$13),15-13*ORÇAMENTO!$AF$7)/$H87*OFFSET(ORÇAMENTO!$X$15,ROW(AX87)-ROW(AX$15),0),\n              ROUND(ROUND(OFFSET($P87,0,AX$13),15-13*ORÇAMENTO!$AF$7)*OFFSET(ORÇAMENTO!$W$15,ROW(AX87)-ROW(AX$15),0),15-13*ORÇAMENTO!$AF$11)),\n         0)","v":0},{"$f":"IF(AND($D87=\"Serviço\",AY$12<>0,$H87>0,OR(AUTOEVENTO<>\"manual\",$M87<>$A$15)),\n        IF(Import.TipoArredondamento<>\"TransfereGOV\",\n              ROUND(OFFSET($P87,0,AY$13),15-13*ORÇAMENTO!$AF$7)/$H87*OFFSET(ORÇAMENTO!$X$15,ROW(AY87)-ROW(AY$15),0),\n              ROUND(ROUND(OFFSET($P87,0,AY$13),15-13*ORÇAMENTO!$AF$7)*OFFSET(ORÇAMENTO!$W$15,ROW(AY87)-ROW(AY$15),0),15-13*ORÇAMENTO!$AF$11)),\n         0)","v":0},{"$f":"IF(AND($D87=\"Serviço\",AZ$12<>0,$H87>0,OR(AUTOEVENTO<>\"manual\",$M87<>$A$15)),\n        IF(Import.TipoArredondamento<>\"TransfereGOV\",\n              ROUND(OFFSET($P87,0,AZ$13),15-13*ORÇAMENTO!$AF$7)/$H87*OFFSET(ORÇAMENTO!$X$15,ROW(AZ87)-ROW(AZ$15),0),\n              ROUND(ROUND(OFFSET($P87,0,AZ$13),15-13*ORÇAMENTO!$AF$7)*OFFSET(ORÇAMENTO!$W$15,ROW(AZ87)-ROW(AZ$15),0),15-13*ORÇAMENTO!$AF$11)),\n         0)","v":0},{"$f":"IF(AND($D87=\"Serviço\",BA$12<>0,$H87>0,OR(AUTOEVENTO<>\"manual\",$M87<>$A$15)),\n        IF(Import.TipoArredondamento<>\"TransfereGOV\",\n              ROUND(OFFSET($P87,0,BA$13),15-13*ORÇAMENTO!$AF$7)/$H87*OFFSET(ORÇAMENTO!$X$15,ROW(BA87)-ROW(BA$15),0),\n              ROUND(ROUND(OFFSET($P87,0,BA$13),15-13*ORÇAMENTO!$AF$7)*OFFSET(ORÇAMENTO!$W$15,ROW(BA87)-ROW(BA$15),0),15-13*ORÇAMENTO!$AF$11)),\n         0)","v":0},null,{"$f":"IF(OR($D87<>\"Serviço\",AND(AUTOEVENTO=\"Manual\",$M87=$A$15)),0,\n         IF(OFFSET(CRONOPLE!$F$15,$M87-$A$15,BC$13)=\"\",10^12,OFFSET(CRONOPLE!$F$15,$M87-$A$15,BC$13)))","v":0},{"$f":"IF(OR($D87<>\"Serviço\",AND(AUTOEVENTO=\"Manual\",$M87=$A$15)),0,\n         IF(OFFSET(CRONOPLE!$F$15,$M87-$A$15,BD$13)=\"\",10^12,OFFSET(CRONOPLE!$F$15,$M87-$A$15,BD$13)))","v":0},{"$f":"IF(OR($D87<>\"Serviço\",AND(AUTOEVENTO=\"Manual\",$M87=$A$15)),0,\n         IF(OFFSET(CRONOPLE!$F$15,$M87-$A$15,BE$13)=\"\",10^12,OFFSET(CRONOPLE!$F$15,$M87-$A$15,BE$13)))","v":0},{"$f":"IF(OR($D87<>\"Serviço\",AND(AUTOEVENTO=\"Manual\",$M87=$A$15)),0,\n         IF(OFFSET(CRONOPLE!$F$15,$M87-$A$15,BF$13)=\"\",10^12,OFFSET(CRONOPLE!$F$15,$M87-$A$15,BF$13)))","v":0},{"$f":"IF(OR($D87<>\"Serviço\",AND(AUTOEVENTO=\"Manual\",$M87=$A$15)),0,\n         IF(OFFSET(CRONOPLE!$F$15,$M87-$A$15,BG$13)=\"\",10^12,OFFSET(CRONOPLE!$F$15,$M87-$A$15,BG$13)))","v":0},{"$f":"IF(OR($D87<>\"Serviço\",AND(AUTOEVENTO=\"Manual\",$M87=$A$15)),0,\n         IF(OFFSET(CRONOPLE!$F$15,$M87-$A$15,BH$13)=\"\",10^12,OFFSET(CRONOPLE!$F$15,$M87-$A$15,BH$13)))","v":0},{"$f":"IF(OR($D87<>\"Serviço\",AND(AUTOEVENTO=\"Manual\",$M87=$A$15)),0,\n         IF(OFFSET(CRONOPLE!$F$15,$M87-$A$15,BI$13)=\"\",10^12,OFFSET(CRONOPLE!$F$15,$M87-$A$15,BI$13)))","v":0},{"$f":"IF(OR($D87<>\"Serviço\",AND(AUTOEVENTO=\"Manual\",$M87=$A$15)),0,\n         IF(OFFSET(CRONOPLE!$F$15,$M87-$A$15,BJ$13)=\"\",10^12,OFFSET(CRONOPLE!$F$15,$M87-$A$15,BJ$13)))","v":0},{"$f":"IF(OR($D87<>\"Serviço\",AND(AUTOEVENTO=\"Manual\",$M87=$A$15)),0,\n         IF(OFFSET(CRONOPLE!$F$15,$M87-$A$15,BK$13)=\"\",10^12,OFFSET(CRONOPLE!$F$15,$M87-$A$15,BK$13)))","v":0},{"$f":"IF(OR($D87<>\"Serviço\",AND(AUTOEVENTO=\"Manual\",$M87=$A$15)),0,\n         IF(OFFSET(CRONOPLE!$F$15,$M87-$A$15,BL$13)=\"\",10^12,OFFSET(CRONOPLE!$F$15,$M87-$A$15,BL$13)))","v":0},{"$f":"IF(OR($D87<>\"Serviço\",AND(AUTOEVENTO=\"Manual\",$M87=$A$15)),0,\n         IF(OFFSET(CRONOPLE!$F$15,$M87-$A$15,BM$13)=\"\",10^12,OFFSET(CRONOPLE!$F$15,$M87-$A$15,BM$13)))","v":0},{"$f":"IF(OR($D87<>\"Serviço\",AND(AUTOEVENTO=\"Manual\",$M87=$A$15)),0,\n         IF(OFFSET(CRONOPLE!$F$15,$M87-$A$15,BN$13)=\"\",10^12,OFFSET(CRONOPLE!$F$15,$M87-$A$15,BN$13)))","v":0},{"$f":"IF(OR($D87<>\"Serviço\",AND(AUTOEVENTO=\"Manual\",$M87=$A$15)),0,\n         IF(OFFSET(CRONOPLE!$F$15,$M87-$A$15,BO$13)=\"\",10^12,OFFSET(CRONOPLE!$F$15,$M87-$A$15,BO$13)))","v":0},{"$f":"IF(OR($D87<>\"Serviço\",AND(AUTOEVENTO=\"Manual\",$M87=$A$15)),0,\n         IF(OFFSET(CRONOPLE!$F$15,$M87-$A$15,BP$13)=\"\",10^12,OFFSET(CRONOPLE!$F$15,$M87-$A$15,BP$13)))","v":0},{"$f":"IF(OR($D87<>\"Serviço\",AND(AUTOEVENTO=\"Manual\",$M87=$A$15)),0,\n         IF(OFFSET(CRONOPLE!$F$15,$M87-$A$15,BQ$13)=\"\",10^12,OFFSET(CRONOPLE!$F$15,$M87-$A$15,BQ$13)))","v":0},{"$f":"IF(OR($D87<>\"Serviço\",AND(AUTOEVENTO=\"Manual\",$M87=$A$15)),0,\n         IF(OFFSET(CRONOPLE!$F$15,$M87-$A$15,BR$13)=\"\",10^12,OFFSET(CRONOPLE!$F$15,$M87-$A$15,BR$13)))","v":0},{"$f":"IF(OR($D87<>\"Serviço\",AND(AUTOEVENTO=\"Manual\",$M87=$A$15)),0,\n         IF(OFFSET(CRONOPLE!$F$15,$M87-$A$15,BS$13)=\"\",10^12,OFFSET(CRONOPLE!$F$15,$M87-$A$15,BS$13)))","v":0},{"$f":"IF(OR($D87<>\"Serviço\",AND(AUTOEVENTO=\"Manual\",$M87=$A$15)),0,\n         IF(OFFSET(CRONOPLE!$F$15,$M87-$A$15,BT$13)=\"\",10^12,OFFSET(CRONOPLE!$F$15,$M87-$A$15,BT$13)))","v":0},null,{"$f":"IF(OR($D87<>\"Serviço\",AND(AUTOEVENTO=\"Manual\",$M87=$A$15),$M87>(ROW(PLE.lastrow)-ROW(PLE.firstrow))),0,\n           IF(OFFSET(PLE!$G$15,$M87-$A$15,BV$13)=\"\",10^12,OFFSET(PLE!$G$15,$M87-$A$15,BV$13)))","v":0},{"$f":"IF(OR($D87<>\"Serviço\",AND(AUTOEVENTO=\"Manual\",$M87=$A$15),$M87>(ROW(PLE.lastrow)-ROW(PLE.firstrow))),0,\n           IF(OFFSET(PLE!$G$15,$M87-$A$15,BW$13)=\"\",10^12,OFFSET(PLE!$G$15,$M87-$A$15,BW$13)))","v":0},{"$f":"IF(OR($D87<>\"Serviço\",AND(AUTOEVENTO=\"Manual\",$M87=$A$15),$M87>(ROW(PLE.lastrow)-ROW(PLE.firstrow))),0,\n           IF(OFFSET(PLE!$G$15,$M87-$A$15,BX$13)=\"\",10^12,OFFSET(PLE!$G$15,$M87-$A$15,BX$13)))","v":0},{"$f":"IF(OR($D87<>\"Serviço\",AND(AUTOEVENTO=\"Manual\",$M87=$A$15),$M87>(ROW(PLE.lastrow)-ROW(PLE.firstrow))),0,\n           IF(OFFSET(PLE!$G$15,$M87-$A$15,BY$13)=\"\",10^12,OFFSET(PLE!$G$15,$M87-$A$15,BY$13)))","v":0},{"$f":"IF(OR($D87<>\"Serviço\",AND(AUTOEVENTO=\"Manual\",$M87=$A$15),$M87>(ROW(PLE.lastrow)-ROW(PLE.firstrow))),0,\n           IF(OFFSET(PLE!$G$15,$M87-$A$15,BZ$13)=\"\",10^12,OFFSET(PLE!$G$15,$M87-$A$15,BZ$13)))","v":0},{"$f":"IF(OR($D87<>\"Serviço\",AND(AUTOEVENTO=\"Manual\",$M87=$A$15),$M87>(ROW(PLE.lastrow)-ROW(PLE.firstrow))),0,\n           IF(OFFSET(PLE!$G$15,$M87-$A$15,CA$13)=\"\",10^12,OFFSET(PLE!$G$15,$M87-$A$15,CA$13)))","v":0},{"$f":"IF(OR($D87<>\"Serviço\",AND(AUTOEVENTO=\"Manual\",$M87=$A$15),$M87>(ROW(PLE.lastrow)-ROW(PLE.firstrow))),0,\n           IF(OFFSET(PLE!$G$15,$M87-$A$15,CB$13)=\"\",10^12,OFFSET(PLE!$G$15,$M87-$A$15,CB$13)))","v":0},{"$f":"IF(OR($D87<>\"Serviço\",AND(AUTOEVENTO=\"Manual\",$M87=$A$15),$M87>(ROW(PLE.lastrow)-ROW(PLE.firstrow))),0,\n           IF(OFFSET(PLE!$G$15,$M87-$A$15,CC$13)=\"\",10^12,OFFSET(PLE!$G$15,$M87-$A$15,CC$13)))","v":0},{"$f":"IF(OR($D87<>\"Serviço\",AND(AUTOEVENTO=\"Manual\",$M87=$A$15),$M87>(ROW(PLE.lastrow)-ROW(PLE.firstrow))),0,\n           IF(OFFSET(PLE!$G$15,$M87-$A$15,CD$13)=\"\",10^12,OFFSET(PLE!$G$15,$M87-$A$15,CD$13)))","v":0},{"$f":"IF(OR($D87<>\"Serviço\",AND(AUTOEVENTO=\"Manual\",$M87=$A$15),$M87>(ROW(PLE.lastrow)-ROW(PLE.firstrow))),0,\n           IF(OFFSET(PLE!$G$15,$M87-$A$15,CE$13)=\"\",10^12,OFFSET(PLE!$G$15,$M87-$A$15,CE$13)))","v":0},{"$f":"IF(OR($D87<>\"Serviço\",AND(AUTOEVENTO=\"Manual\",$M87=$A$15),$M87>(ROW(PLE.lastrow)-ROW(PLE.firstrow))),0,\n           IF(OFFSET(PLE!$G$15,$M87-$A$15,CF$13)=\"\",10^12,OFFSET(PLE!$G$15,$M87-$A$15,CF$13)))","v":0},{"$f":"IF(OR($D87<>\"Serviço\",AND(AUTOEVENTO=\"Manual\",$M87=$A$15),$M87>(ROW(PLE.lastrow)-ROW(PLE.firstrow))),0,\n           IF(OFFSET(PLE!$G$15,$M87-$A$15,CG$13)=\"\",10^12,OFFSET(PLE!$G$15,$M87-$A$15,CG$13)))","v":0},{"$f":"IF(OR($D87<>\"Serviço\",AND(AUTOEVENTO=\"Manual\",$M87=$A$15),$M87>(ROW(PLE.lastrow)-ROW(PLE.firstrow))),0,\n           IF(OFFSET(PLE!$G$15,$M87-$A$15,CH$13)=\"\",10^12,OFFSET(PLE!$G$15,$M87-$A$15,CH$13)))","v":0},{"$f":"IF(OR($D87<>\"Serviço\",AND(AUTOEVENTO=\"Manual\",$M87=$A$15),$M87>(ROW(PLE.lastrow)-ROW(PLE.firstrow))),0,\n           IF(OFFSET(PLE!$G$15,$M87-$A$15,CI$13)=\"\",10^12,OFFSET(PLE!$G$15,$M87-$A$15,CI$13)))","v":0},{"$f":"IF(OR($D87<>\"Serviço\",AND(AUTOEVENTO=\"Manual\",$M87=$A$15),$M87>(ROW(PLE.lastrow)-ROW(PLE.firstrow))),0,\n           IF(OFFSET(PLE!$G$15,$M87-$A$15,CJ$13)=\"\",10^12,OFFSET(PLE!$G$15,$M87-$A$15,CJ$13)))","v":0},{"$f":"IF(OR($D87<>\"Serviço\",AND(AUTOEVENTO=\"Manual\",$M87=$A$15),$M87>(ROW(PLE.lastrow)-ROW(PLE.firstrow))),0,\n           IF(OFFSET(PLE!$G$15,$M87-$A$15,CK$13)=\"\",10^12,OFFSET(PLE!$G$15,$M87-$A$15,CK$13)))","v":0},{"$f":"IF(OR($D87<>\"Serviço\",AND(AUTOEVENTO=\"Manual\",$M87=$A$15),$M87>(ROW(PLE.lastrow)-ROW(PLE.firstrow))),0,\n           IF(OFFSET(PLE!$G$15,$M87-$A$15,CL$13)=\"\",10^12,OFFSET(PLE!$G$15,$M87-$A$15,CL$13)))","v":0},{"$f":"IF(OR($D87<>\"Serviço\",AND(AUTOEVENTO=\"Manual\",$M87=$A$15),$M87>(ROW(PLE.lastrow)-ROW(PLE.firstrow))),0,\n           IF(OFFSET(PLE!$G$15,$M87-$A$15,CM$13)=\"\",10^12,OFFSET(PLE!$G$15,$M87-$A$15,CM$13)))","v":0}]
[0,{"$f":"OFFSET(ORÇAMENTO!C$15,ROW(B88)-ROW(B$15),0)","v":2},{"$f":"OFFSET(ORÇAMENTO!L$15,ROW(C88)-ROW(C$15),0)","v":"F"},{"$f":"OFFSET(ORÇAMENTO!N$15,ROW(D88)-ROW(D$15),0)","v":"Nível 2"},{"$f":"OFFSET(ORÇAMENTO!O$15,ROW(E88)-ROW(E$15),0)","v":"1.10."},{"$f":"OFFSET(ORÇAMENTO!R$15,ROW(F88)-ROW(F$15),0)","v":"IMPLANTAÇÃO ASFÁLTICA -  SERVIÇOS COMPLEMENTARES"},{"$f":"IF($D88<>\"Serviço\",\"\",OFFSET(ORÇAMENTO!S$15,ROW(G88)-ROW(G$15),0))","v":""},{"$f":"IF($D88<>\"Serviço\",0,IF(ACOMPANHAMENTO=\"BM\",ROUND(OFFSET(ORÇAMENTO!AJ$15,ROW(H88)-ROW(H$15),0),15-13*ORÇAMENTO!$AF$7),SUMPRODUCT(($Q$1:$AI$1=1)*ROUND($Q88:$AI88,15-13*ORÇAMENTO!$AF$7))))","v":0},null,{"$f":"IF(B88<>\"S\",\"\",IF(AND(ACOMPANHAMENTO=\"PLE\",AUTOEVENTO=\"Manual\",OR(H88>0,ORÇAMENTO!AC88=\"QUANT.\"),OR(K88=\"\",M88=0,N88=\"\")),\"►\",IF(AND(ACOMPANHAMENTO=\"PLE\",ORÇAMENTO!AC88=\"QUANT.\"),\"►►\",IF(AND(COUNTIF($P$11:$AI$11,\"▼\")=0,H88>0,I88=\"\"),\"◄\",\"\"))))","v":""},null,".",{"$f":"IF($D88<>\"Serviço\",\"\",\n          IF(AUTOEVENTO=\"manual\",$A88,\n                IF(ISERROR(MATCH($A88,$A$15:OFFSET($A88,-1,0),0)),MAX($M$15:OFFSET(M88,-1,0))+1,\n                      INDEX($M$15:OFFSET(M88,-1,0),MATCH($A88,$A$15:OFFSET($A88,-1,0),0)))))","v":""},{"$f":"IF($D88<>\"Serviço\",\"\",\n         IF(AUTOEVENTO=\"Manual\",\n                IF($A88=0,\"<-- defina o número do agrupador\",\n                       OFFSET(EVENTOS!$D$15,$A88-$A$15,0)),\n                OFFSET($F$15,$A88,0)))","v":""},null,null,null,null,null,null,null,null,null,null,null,null,null,null,null,null,null,null,null,null,null,{"$f":"IF(AND($D88=\"Serviço\",AJ$12<>0,$H88>0,OR(AUTOEVENTO<>\"manual\",$M88<>$A$15)),\n        IF(Import.TipoArredondamento<>\"TransfereGOV\",\n              ROUND(OFFSET($P88,0,AJ$13),15-13*ORÇAMENTO!$AF$7)/$H88*OFFSET(ORÇAMENTO!$X$15,ROW(AJ88)-ROW(AJ$15),0),\n              ROUND(ROUND(OFFSET($P88,0,AJ$13),15-13*ORÇAMENTO!$AF$7)*OFFSET(ORÇAMENTO!$W$15,ROW(AJ88)-ROW(AJ$15),0),15-13*ORÇAMENTO!$AF$11)),\n         0)","v":0},{"$f":"IF(AND($D88=\"Serviço\",AK$12<>0,$H88>0,OR(AUTOEVENTO<>\"manual\",$M88<>$A$15)),\n        IF(Import.TipoArredondamento<>\"TransfereGOV\",\n              ROUND(OFFSET($P88,0,AK$13),15-13*ORÇAMENTO!$AF$7)/$H88*OFFSET(ORÇAMENTO!$X$15,ROW(AK88)-ROW(AK$15),0),\n              ROUND(ROUND(OFFSET($P88,0,AK$13),15-13*ORÇAMENTO!$AF$7)*OFFSET(ORÇAMENTO!$W$15,ROW(AK88)-ROW(AK$15),0),15-13*ORÇAMENTO!$AF$11)),\n         0)","v":0},{"$f":"IF(AND($D88=\"Serviço\",AL$12<>0,$H88>0,OR(AUTOEVENTO<>\"manual\",$M88<>$A$15)),\n        IF(Import.TipoArredondamento<>\"TransfereGOV\",\n              ROUND(OFFSET($P88,0,AL$13),15-13*ORÇAMENTO!$AF$7)/$H88*OFFSET(ORÇAMENTO!$X$15,ROW(AL88)-ROW(AL$15),0),\n              ROUND(ROUND(OFFSET($P88,0,AL$13),15-13*ORÇAMENTO!$AF$7)*OFFSET(ORÇAMENTO!$W$15,ROW(AL88)-ROW(AL$15),0),15-13*ORÇAMENTO!$AF$11)),\n         0)","v":0},{"$f":"IF(AND($D88=\"Serviço\",AM$12<>0,$H88>0,OR(AUTOEVENTO<>\"manual\",$M88<>$A$15)),\n        IF(Import.TipoArredondamento<>\"TransfereGOV\",\n              ROUND(OFFSET($P88,0,AM$13),15-13*ORÇAMENTO!$AF$7)/$H88*OFFSET(ORÇAMENTO!$X$15,ROW(AM88)-ROW(AM$15),0),\n              ROUND(ROUND(OFFSET($P88,0,AM$13),15-13*ORÇAMENTO!$AF$7)*OFFSET(ORÇAMENTO!$W$15,ROW(AM88)-ROW(AM$15),0),15-13*ORÇAMENTO!$AF$11)),\n         0)","v":0},{"$f":"IF(AND($D88=\"Serviço\",AN$12<>0,$H88>0,OR(AUTOEVENTO<>\"manual\",$M88<>$A$15)),\n        IF(Import.TipoArredondamento<>\"TransfereGOV\",\n              ROUND(OFFSET($P88,0,AN$13),15-13*ORÇAMENTO!$AF$7)/$H88*OFFSET(ORÇAMENTO!$X$15,ROW(AN88)-ROW(AN$15),0),\n              ROUND(ROUND(OFFSET($P88,0,AN$13),15-13*ORÇAMENTO!$AF$7)*OFFSET(ORÇAMENTO!$W$15,ROW(AN88)-ROW(AN$15),0),15-13*ORÇAMENTO!$AF$11)),\n         0)","v":0},{"$f":"IF(AND($D88=\"Serviço\",AO$12<>0,$H88>0,OR(AUTOEVENTO<>\"manual\",$M88<>$A$15)),\n        IF(Import.TipoArredondamento<>\"TransfereGOV\",\n              ROUND(OFFSET($P88,0,AO$13),15-13*ORÇAMENTO!$AF$7)/$H88*OFFSET(ORÇAMENTO!$X$15,ROW(AO88)-ROW(AO$15),0),\n              ROUND(ROUND(OFFSET($P88,0,AO$13),15-13*ORÇAMENTO!$AF$7)*OFFSET(ORÇAMENTO!$W$15,ROW(AO88)-ROW(AO$15),0),15-13*ORÇAMENTO!$AF$11)),\n         0)","v":0},{"$f":"IF(AND($D88=\"Serviço\",AP$12<>0,$H88>0,OR(AUTOEVENTO<>\"manual\",$M88<>$A$15)),\n        IF(Import.TipoArredondamento<>\"TransfereGOV\",\n              ROUND(OFFSET($P88,0,AP$13),15-13*ORÇAMENTO!$AF$7)/$H88*OFFSET(ORÇAMENTO!$X$15,ROW(AP88)-ROW(AP$15),0),\n              ROUND(ROUND(OFFSET($P88,0,AP$13),15-13*ORÇAMENTO!$AF$7)*OFFSET(ORÇAMENTO!$W$15,ROW(AP88)-ROW(AP$15),0),15-13*ORÇAMENTO!$AF$11)),\n         0)","v":0},{"$f":"IF(AND($D88=\"Serviço\",AQ$12<>0,$H88>0,OR(AUTOEVENTO<>\"manual\",$M88<>$A$15)),\n        IF(Import.TipoArredondamento<>\"TransfereGOV\",\n              ROUND(OFFSET($P88,0,AQ$13),15-13*ORÇAMENTO!$AF$7)/$H88*OFFSET(ORÇAMENTO!$X$15,ROW(AQ88)-ROW(AQ$15),0),\n              ROUND(ROUND(OFFSET($P88,0,AQ$13),15-13*ORÇAMENTO!$AF$7)*OFFSET(ORÇAMENTO!$W$15,ROW(AQ88)-ROW(AQ$15),0),15-13*ORÇAMENTO!$AF$11)),\n         0)","v":0},{"$f":"IF(AND($D88=\"Serviço\",AR$12<>0,$H88>0,OR(AUTOEVENTO<>\"manual\",$M88<>$A$15)),\n        IF(Import.TipoArredondamento<>\"TransfereGOV\",\n              ROUND(OFFSET($P88,0,AR$13),15-13*ORÇAMENTO!$AF$7)/$H88*OFFSET(ORÇAMENTO!$X$15,ROW(AR88)-ROW(AR$15),0),\n              ROUND(ROUND(OFFSET($P88,0,AR$13),15-13*ORÇAMENTO!$AF$7)*OFFSET(ORÇAMENTO!$W$15,ROW(AR88)-ROW(AR$15),0),15-13*ORÇAMENTO!$AF$11)),\n         0)","v":0},{"$f":"IF(AND($D88=\"Serviço\",AS$12<>0,$H88>0,OR(AUTOEVENTO<>\"manual\",$M88<>$A$15)),\n        IF(Import.TipoArredondamento<>\"TransfereGOV\",\n              ROUND(OFFSET($P88,0,AS$13),15-13*ORÇAMENTO!$AF$7)/$H88*OFFSET(ORÇAMENTO!$X$15,ROW(AS88)-ROW(AS$15),0),\n              ROUND(ROUND(OFFSET($P88,0,AS$13),15-13*ORÇAMENTO!$AF$7)*OFFSET(ORÇAMENTO!$W$15,ROW(AS88)-ROW(AS$15),0),15-13*ORÇAMENTO!$AF$11)),\n         0)","v":0},{"$f":"IF(AND($D88=\"Serviço\",AT$12<>0,$H88>0,OR(AUTOEVENTO<>\"manual\",$M88<>$A$15)),\n        IF(Import.TipoArredondamento<>\"TransfereGOV\",\n              ROUND(OFFSET($P88,0,AT$13),15-13*ORÇAMENTO!$AF$7)/$H88*OFFSET(ORÇAMENTO!$X$15,ROW(AT88)-ROW(AT$15),0),\n              ROUND(ROUND(OFFSET($P88,0,AT$13),15-13*ORÇAMENTO!$AF$7)*OFFSET(ORÇAMENTO!$W$15,ROW(AT88)-ROW(AT$15),0),15-13*ORÇAMENTO!$AF$11)),\n         0)","v":0},{"$f":"IF(AND($D88=\"Serviço\",AU$12<>0,$H88>0,OR(AUTOEVENTO<>\"manual\",$M88<>$A$15)),\n        IF(Import.TipoArredondamento<>\"TransfereGOV\",\n              ROUND(OFFSET($P88,0,AU$13),15-13*ORÇAMENTO!$AF$7)/$H88*OFFSET(ORÇAMENTO!$X$15,ROW(AU88)-ROW(AU$15),0),\n              ROUND(ROUND(OFFSET($P88,0,AU$13),15-13*ORÇAMENTO!$AF$7)*OFFSET(ORÇAMENTO!$W$15,ROW(AU88)-ROW(AU$15),0),15-13*ORÇAMENTO!$AF$11)),\n         0)","v":0},{"$f":"IF(AND($D88=\"Serviço\",AV$12<>0,$H88>0,OR(AUTOEVENTO<>\"manual\",$M88<>$A$15)),\n        IF(Import.TipoArredondamento<>\"TransfereGOV\",\n              ROUND(OFFSET($P88,0,AV$13),15-13*ORÇAMENTO!$AF$7)/$H88*OFFSET(ORÇAMENTO!$X$15,ROW(AV88)-ROW(AV$15),0),\n              ROUND(ROUND(OFFSET($P88,0,AV$13),15-13*ORÇAMENTO!$AF$7)*OFFSET(ORÇAMENTO!$W$15,ROW(AV88)-ROW(AV$15),0),15-13*ORÇAMENTO!$AF$11)),\n         0)","v":0},{"$f":"IF(AND($D88=\"Serviço\",AW$12<>0,$H88>0,OR(AUTOEVENTO<>\"manual\",$M88<>$A$15)),\n        IF(Import.TipoArredondamento<>\"TransfereGOV\",\n              ROUND(OFFSET($P88,0,AW$13),15-13*ORÇAMENTO!$AF$7)/$H88*OFFSET(ORÇAMENTO!$X$15,ROW(AW88)-ROW(AW$15),0),\n              ROUND(ROUND(OFFSET($P88,0,AW$13),15-13*ORÇAMENTO!$AF$7)*OFFSET(ORÇAMENTO!$W$15,ROW(AW88)-ROW(AW$15),0),15-13*ORÇAMENTO!$AF$11)),\n         0)","v":0},{"$f":"IF(AND($D88=\"Serviço\",AX$12<>0,$H88>0,OR(AUTOEVENTO<>\"manual\",$M88<>$A$15)),\n        IF(Import.TipoArredondamento<>\"TransfereGOV\",\n              ROUND(OFFSET($P88,0,AX$13),15-13*ORÇAMENTO!$AF$7)/$H88*OFFSET(ORÇAMENTO!$X$15,ROW(AX88)-ROW(AX$15),0),\n              ROUND(ROUND(OFFSET($P88,0,AX$13),15-13*ORÇAMENTO!$AF$7)*OFFSET(ORÇAMENTO!$W$15,ROW(AX88)-ROW(AX$15),0),15-13*ORÇAMENTO!$AF$11)),\n         0)","v":0},{"$f":"IF(AND($D88=\"Serviço\",AY$12<>0,$H88>0,OR(AUTOEVENTO<>\"manual\",$M88<>$A$15)),\n        IF(Import.TipoArredondamento<>\"TransfereGOV\",\n              ROUND(OFFSET($P88,0,AY$13),15-13*ORÇAMENTO!$AF$7)/$H88*OFFSET(ORÇAMENTO!$X$15,ROW(AY88)-ROW(AY$15),0),\n              ROUND(ROUND(OFFSET($P88,0,AY$13),15-13*ORÇAMENTO!$AF$7)*OFFSET(ORÇAMENTO!$W$15,ROW(AY88)-ROW(AY$15),0),15-13*ORÇAMENTO!$AF$11)),\n         0)","v":0},{"$f":"IF(AND($D88=\"Serviço\",AZ$12<>0,$H88>0,OR(AUTOEVENTO<>\"manual\",$M88<>$A$15)),\n        IF(Import.TipoArredondamento<>\"TransfereGOV\",\n              ROUND(OFFSET($P88,0,AZ$13),15-13*ORÇAMENTO!$AF$7)/$H88*OFFSET(ORÇAMENTO!$X$15,ROW(AZ88)-ROW(AZ$15),0),\n              ROUND(ROUND(OFFSET($P88,0,AZ$13),15-13*ORÇAMENTO!$AF$7)*OFFSET(ORÇAMENTO!$W$15,ROW(AZ88)-ROW(AZ$15),0),15-13*ORÇAMENTO!$AF$11)),\n         0)","v":0},{"$f":"IF(AND($D88=\"Serviço\",BA$12<>0,$H88>0,OR(AUTOEVENTO<>\"manual\",$M88<>$A$15)),\n        IF(Import.TipoArredondamento<>\"TransfereGOV\",\n              ROUND(OFFSET($P88,0,BA$13),15-13*ORÇAMENTO!$AF$7)/$H88*OFFSET(ORÇAMENTO!$X$15,ROW(BA88)-ROW(BA$15),0),\n              ROUND(ROUND(OFFSET($P88,0,BA$13),15-13*ORÇAMENTO!$AF$7)*OFFSET(ORÇAMENTO!$W$15,ROW(BA88)-ROW(BA$15),0),15-13*ORÇAMENTO!$AF$11)),\n         0)","v":0},null,{"$f":"IF(OR($D88<>\"Serviço\",AND(AUTOEVENTO=\"Manual\",$M88=$A$15)),0,\n         IF(OFFSET(CRONOPLE!$F$15,$M88-$A$15,BC$13)=\"\",10^12,OFFSET(CRONOPLE!$F$15,$M88-$A$15,BC$13)))","v":0},{"$f":"IF(OR($D88<>\"Serviço\",AND(AUTOEVENTO=\"Manual\",$M88=$A$15)),0,\n         IF(OFFSET(CRONOPLE!$F$15,$M88-$A$15,BD$13)=\"\",10^12,OFFSET(CRONOPLE!$F$15,$M88-$A$15,BD$13)))","v":0},{"$f":"IF(OR($D88<>\"Serviço\",AND(AUTOEVENTO=\"Manual\",$M88=$A$15)),0,\n         IF(OFFSET(CRONOPLE!$F$15,$M88-$A$15,BE$13)=\"\",10^12,OFFSET(CRONOPLE!$F$15,$M88-$A$15,BE$13)))","v":0},{"$f":"IF(OR($D88<>\"Serviço\",AND(AUTOEVENTO=\"Manual\",$M88=$A$15)),0,\n         IF(OFFSET(CRONOPLE!$F$15,$M88-$A$15,BF$13)=\"\",10^12,OFFSET(CRONOPLE!$F$15,$M88-$A$15,BF$13)))","v":0},{"$f":"IF(OR($D88<>\"Serviço\",AND(AUTOEVENTO=\"Manual\",$M88=$A$15)),0,\n         IF(OFFSET(CRONOPLE!$F$15,$M88-$A$15,BG$13)=\"\",10^12,OFFSET(CRONOPLE!$F$15,$M88-$A$15,BG$13)))","v":0},{"$f":"IF(OR($D88<>\"Serviço\",AND(AUTOEVENTO=\"Manual\",$M88=$A$15)),0,\n         IF(OFFSET(CRONOPLE!$F$15,$M88-$A$15,BH$13)=\"\",10^12,OFFSET(CRONOPLE!$F$15,$M88-$A$15,BH$13)))","v":0},{"$f":"IF(OR($D88<>\"Serviço\",AND(AUTOEVENTO=\"Manual\",$M88=$A$15)),0,\n         IF(OFFSET(CRONOPLE!$F$15,$M88-$A$15,BI$13)=\"\",10^12,OFFSET(CRONOPLE!$F$15,$M88-$A$15,BI$13)))","v":0},{"$f":"IF(OR($D88<>\"Serviço\",AND(AUTOEVENTO=\"Manual\",$M88=$A$15)),0,\n         IF(OFFSET(CRONOPLE!$F$15,$M88-$A$15,BJ$13)=\"\",10^12,OFFSET(CRONOPLE!$F$15,$M88-$A$15,BJ$13)))","v":0},{"$f":"IF(OR($D88<>\"Serviço\",AND(AUTOEVENTO=\"Manual\",$M88=$A$15)),0,\n         IF(OFFSET(CRONOPLE!$F$15,$M88-$A$15,BK$13)=\"\",10^12,OFFSET(CRONOPLE!$F$15,$M88-$A$15,BK$13)))","v":0},{"$f":"IF(OR($D88<>\"Serviço\",AND(AUTOEVENTO=\"Manual\",$M88=$A$15)),0,\n         IF(OFFSET(CRONOPLE!$F$15,$M88-$A$15,BL$13)=\"\",10^12,OFFSET(CRONOPLE!$F$15,$M88-$A$15,BL$13)))","v":0},{"$f":"IF(OR($D88<>\"Serviço\",AND(AUTOEVENTO=\"Manual\",$M88=$A$15)),0,\n         IF(OFFSET(CRONOPLE!$F$15,$M88-$A$15,BM$13)=\"\",10^12,OFFSET(CRONOPLE!$F$15,$M88-$A$15,BM$13)))","v":0},{"$f":"IF(OR($D88<>\"Serviço\",AND(AUTOEVENTO=\"Manual\",$M88=$A$15)),0,\n         IF(OFFSET(CRONOPLE!$F$15,$M88-$A$15,BN$13)=\"\",10^12,OFFSET(CRONOPLE!$F$15,$M88-$A$15,BN$13)))","v":0},{"$f":"IF(OR($D88<>\"Serviço\",AND(AUTOEVENTO=\"Manual\",$M88=$A$15)),0,\n         IF(OFFSET(CRONOPLE!$F$15,$M88-$A$15,BO$13)=\"\",10^12,OFFSET(CRONOPLE!$F$15,$M88-$A$15,BO$13)))","v":0},{"$f":"IF(OR($D88<>\"Serviço\",AND(AUTOEVENTO=\"Manual\",$M88=$A$15)),0,\n         IF(OFFSET(CRONOPLE!$F$15,$M88-$A$15,BP$13)=\"\",10^12,OFFSET(CRONOPLE!$F$15,$M88-$A$15,BP$13)))","v":0},{"$f":"IF(OR($D88<>\"Serviço\",AND(AUTOEVENTO=\"Manual\",$M88=$A$15)),0,\n         IF(OFFSET(CRONOPLE!$F$15,$M88-$A$15,BQ$13)=\"\",10^12,OFFSET(CRONOPLE!$F$15,$M88-$A$15,BQ$13)))","v":0},{"$f":"IF(OR($D88<>\"Serviço\",AND(AUTOEVENTO=\"Manual\",$M88=$A$15)),0,\n         IF(OFFSET(CRONOPLE!$F$15,$M88-$A$15,BR$13)=\"\",10^12,OFFSET(CRONOPLE!$F$15,$M88-$A$15,BR$13)))","v":0},{"$f":"IF(OR($D88<>\"Serviço\",AND(AUTOEVENTO=\"Manual\",$M88=$A$15)),0,\n         IF(OFFSET(CRONOPLE!$F$15,$M88-$A$15,BS$13)=\"\",10^12,OFFSET(CRONOPLE!$F$15,$M88-$A$15,BS$13)))","v":0},{"$f":"IF(OR($D88<>\"Serviço\",AND(AUTOEVENTO=\"Manual\",$M88=$A$15)),0,\n         IF(OFFSET(CRONOPLE!$F$15,$M88-$A$15,BT$13)=\"\",10^12,OFFSET(CRONOPLE!$F$15,$M88-$A$15,BT$13)))","v":0},null,{"$f":"IF(OR($D88<>\"Serviço\",AND(AUTOEVENTO=\"Manual\",$M88=$A$15),$M88>(ROW(PLE.lastrow)-ROW(PLE.firstrow))),0,\n           IF(OFFSET(PLE!$G$15,$M88-$A$15,BV$13)=\"\",10^12,OFFSET(PLE!$G$15,$M88-$A$15,BV$13)))","v":0},{"$f":"IF(OR($D88<>\"Serviço\",AND(AUTOEVENTO=\"Manual\",$M88=$A$15),$M88>(ROW(PLE.lastrow)-ROW(PLE.firstrow))),0,\n           IF(OFFSET(PLE!$G$15,$M88-$A$15,BW$13)=\"\",10^12,OFFSET(PLE!$G$15,$M88-$A$15,BW$13)))","v":0},{"$f":"IF(OR($D88<>\"Serviço\",AND(AUTOEVENTO=\"Manual\",$M88=$A$15),$M88>(ROW(PLE.lastrow)-ROW(PLE.firstrow))),0,\n           IF(OFFSET(PLE!$G$15,$M88-$A$15,BX$13)=\"\",10^12,OFFSET(PLE!$G$15,$M88-$A$15,BX$13)))","v":0},{"$f":"IF(OR($D88<>\"Serviço\",AND(AUTOEVENTO=\"Manual\",$M88=$A$15),$M88>(ROW(PLE.lastrow)-ROW(PLE.firstrow))),0,\n           IF(OFFSET(PLE!$G$15,$M88-$A$15,BY$13)=\"\",10^12,OFFSET(PLE!$G$15,$M88-$A$15,BY$13)))","v":0},{"$f":"IF(OR($D88<>\"Serviço\",AND(AUTOEVENTO=\"Manual\",$M88=$A$15),$M88>(ROW(PLE.lastrow)-ROW(PLE.firstrow))),0,\n           IF(OFFSET(PLE!$G$15,$M88-$A$15,BZ$13)=\"\",10^12,OFFSET(PLE!$G$15,$M88-$A$15,BZ$13)))","v":0},{"$f":"IF(OR($D88<>\"Serviço\",AND(AUTOEVENTO=\"Manual\",$M88=$A$15),$M88>(ROW(PLE.lastrow)-ROW(PLE.firstrow))),0,\n           IF(OFFSET(PLE!$G$15,$M88-$A$15,CA$13)=\"\",10^12,OFFSET(PLE!$G$15,$M88-$A$15,CA$13)))","v":0},{"$f":"IF(OR($D88<>\"Serviço\",AND(AUTOEVENTO=\"Manual\",$M88=$A$15),$M88>(ROW(PLE.lastrow)-ROW(PLE.firstrow))),0,\n           IF(OFFSET(PLE!$G$15,$M88-$A$15,CB$13)=\"\",10^12,OFFSET(PLE!$G$15,$M88-$A$15,CB$13)))","v":0},{"$f":"IF(OR($D88<>\"Serviço\",AND(AUTOEVENTO=\"Manual\",$M88=$A$15),$M88>(ROW(PLE.lastrow)-ROW(PLE.firstrow))),0,\n           IF(OFFSET(PLE!$G$15,$M88-$A$15,CC$13)=\"\",10^12,OFFSET(PLE!$G$15,$M88-$A$15,CC$13)))","v":0},{"$f":"IF(OR($D88<>\"Serviço\",AND(AUTOEVENTO=\"Manual\",$M88=$A$15),$M88>(ROW(PLE.lastrow)-ROW(PLE.firstrow))),0,\n           IF(OFFSET(PLE!$G$15,$M88-$A$15,CD$13)=\"\",10^12,OFFSET(PLE!$G$15,$M88-$A$15,CD$13)))","v":0},{"$f":"IF(OR($D88<>\"Serviço\",AND(AUTOEVENTO=\"Manual\",$M88=$A$15),$M88>(ROW(PLE.lastrow)-ROW(PLE.firstrow))),0,\n           IF(OFFSET(PLE!$G$15,$M88-$A$15,CE$13)=\"\",10^12,OFFSET(PLE!$G$15,$M88-$A$15,CE$13)))","v":0},{"$f":"IF(OR($D88<>\"Serviço\",AND(AUTOEVENTO=\"Manual\",$M88=$A$15),$M88>(ROW(PLE.lastrow)-ROW(PLE.firstrow))),0,\n           IF(OFFSET(PLE!$G$15,$M88-$A$15,CF$13)=\"\",10^12,OFFSET(PLE!$G$15,$M88-$A$15,CF$13)))","v":0},{"$f":"IF(OR($D88<>\"Serviço\",AND(AUTOEVENTO=\"Manual\",$M88=$A$15),$M88>(ROW(PLE.lastrow)-ROW(PLE.firstrow))),0,\n           IF(OFFSET(PLE!$G$15,$M88-$A$15,CG$13)=\"\",10^12,OFFSET(PLE!$G$15,$M88-$A$15,CG$13)))","v":0},{"$f":"IF(OR($D88<>\"Serviço\",AND(AUTOEVENTO=\"Manual\",$M88=$A$15),$M88>(ROW(PLE.lastrow)-ROW(PLE.firstrow))),0,\n           IF(OFFSET(PLE!$G$15,$M88-$A$15,CH$13)=\"\",10^12,OFFSET(PLE!$G$15,$M88-$A$15,CH$13)))","v":0},{"$f":"IF(OR($D88<>\"Serviço\",AND(AUTOEVENTO=\"Manual\",$M88=$A$15),$M88>(ROW(PLE.lastrow)-ROW(PLE.firstrow))),0,\n           IF(OFFSET(PLE!$G$15,$M88-$A$15,CI$13)=\"\",10^12,OFFSET(PLE!$G$15,$M88-$A$15,CI$13)))","v":0},{"$f":"IF(OR($D88<>\"Serviço\",AND(AUTOEVENTO=\"Manual\",$M88=$A$15),$M88>(ROW(PLE.lastrow)-ROW(PLE.firstrow))),0,\n           IF(OFFSET(PLE!$G$15,$M88-$A$15,CJ$13)=\"\",10^12,OFFSET(PLE!$G$15,$M88-$A$15,CJ$13)))","v":0},{"$f":"IF(OR($D88<>\"Serviço\",AND(AUTOEVENTO=\"Manual\",$M88=$A$15),$M88>(ROW(PLE.lastrow)-ROW(PLE.firstrow))),0,\n           IF(OFFSET(PLE!$G$15,$M88-$A$15,CK$13)=\"\",10^12,OFFSET(PLE!$G$15,$M88-$A$15,CK$13)))","v":0},{"$f":"IF(OR($D88<>\"Serviço\",AND(AUTOEVENTO=\"Manual\",$M88=$A$15),$M88>(ROW(PLE.lastrow)-ROW(PLE.firstrow))),0,\n           IF(OFFSET(PLE!$G$15,$M88-$A$15,CL$13)=\"\",10^12,OFFSET(PLE!$G$15,$M88-$A$15,CL$13)))","v":0},{"$f":"IF(OR($D88<>\"Serviço\",AND(AUTOEVENTO=\"Manual\",$M88=$A$15),$M88>(ROW(PLE.lastrow)-ROW(PLE.firstrow))),0,\n           IF(OFFSET(PLE!$G$15,$M88-$A$15,CM$13)=\"\",10^12,OFFSET(PLE!$G$15,$M88-$A$15,CM$13)))","v":0}]
[3,{"$f":"OFFSET(ORÇAMENTO!C$15,ROW(B89)-ROW(B$15),0)","v":"S"},{"$f":"OFFSET(ORÇAMENTO!L$15,ROW(C89)-ROW(C$15),0)","v":"F"},{"$f":"OFFSET(ORÇAMENTO!N$15,ROW(D89)-ROW(D$15),0)","v":"Serviço"},{"$f":"OFFSET(ORÇAMENTO!O$15,ROW(E89)-ROW(E$15),0)","v":"1.10.1."},{"$f":"OFFSET(ORÇAMENTO!R$15,ROW(F89)-ROW(F$15),0)","v":"Meio-fio com sarjeta, concreto fck=20 MPa, seção 615 cm², moldado no local, inclusive escavação e pintura a cal em uma demão"},{"$f":"IF($D89<>\"Serviço\",\"\",OFFSET(ORÇAMENTO!S$15,ROW(G89)-ROW(G$15),0))","v":"M"},{"$f":"IF($D89<>\"Serviço\",0,IF(ACOMPANHAMENTO=\"BM\",ROUND(OFFSET(ORÇAMENTO!AJ$15,ROW(H89)-ROW(H$15),0),15-13*ORÇAMENTO!$AF$7),SUMPRODUCT(($Q$1:$AI$1=1)*ROUND($Q89:$AI89,15-13*ORÇAMENTO!$AF$7))))","v":533.88},null,{"$f":"IF(B89<>\"S\",\"\",IF(AND(ACOMPANHAMENTO=\"PLE\",AUTOEVENTO=\"Manual\",OR(H89>0,ORÇAMENTO!AC89=\"QUANT.\"),OR(K89=\"\",M89=0,N89=\"\")),\"►\",IF(AND(ACOMPANHAMENTO=\"PLE\",ORÇAMENTO!AC89=\"QUANT.\"),\"►►\",IF(AND(COUNTIF($P$11:$AI$11,\"▼\")=0,H89>0,I89=\"\"),\"◄\",\"\"))))","v":"◄"},"3. IMPLANTAÇÃO ASFÁLTICA",".",{"$f":"IF($D89<>\"Serviço\",\"\",\n          IF(AUTOEVENTO=\"manual\",$A89,\n                IF(ISERROR(MATCH($A89,$A$15:OFFSET($A89,-1,0),0)),MAX($M$15:OFFSET(M89,-1,0))+1,\n                      INDEX($M$15:OFFSET(M89,-1,0),MATCH($A89,$A$15:OFFSET($A89,-1,0),0)))))","v":3},{"$f":"IF($D89<>\"Serviço\",\"\",\n         IF(AUTOEVENTO=\"Manual\",\n                IF($A89=0,\"<-- defina o número do agrupador\",\n                       OFFSET(EVENTOS!$D$15,$A89-$A$15,0)),\n                OFFSET($F$15,$A89,0)))","v":"IMPLANTAÇÃO ASFÁLTICA"},null,null,3581,null,null,null,null,null,null,null,null,null,null,null,null,null,null,null,null,null,null,{"$f":"IF(AND($D89=\"Serviço\",AJ$12<>0,$H89>0,OR(AUTOEVENTO<>\"manual\",$M89<>$A$15)),\n        IF(Import.TipoArredondamento<>\"TransfereGOV\",\n              ROUND(OFFSET($P89,0,AJ$13),15-13*ORÇAMENTO!$AF$7)/$H89*OFFSET(ORÇAMENTO!$X$15,ROW(AJ89)-ROW(AJ$15),0),\n              ROUND(ROUND(OFFSET($P89,0,AJ$13),15-13*ORÇAMENTO!$AF$7)*OFFSET(ORÇAMENTO!$W$15,ROW(AJ89)-ROW(AJ$15),0),15-13*ORÇAMENTO!$AF$11)),\n         0)","v":0},{"$f":"IF(AND($D89=\"Serviço\",AK$12<>0,$H89>0,OR(AUTOEVENTO<>\"manual\",$M89<>$A$15)),\n        IF(Import.TipoArredondamento<>\"TransfereGOV\",\n              ROUND(OFFSET($P89,0,AK$13),15-13*ORÇAMENTO!$AF$7)/$H89*OFFSET(ORÇAMENTO!$X$15,ROW(AK89)-ROW(AK$15),0),\n              ROUND(ROUND(OFFSET($P89,0,AK$13),15-13*ORÇAMENTO!$AF$7)*OFFSET(ORÇAMENTO!$W$15,ROW(AK89)-ROW(AK$15),0),15-13*ORÇAMENTO!$AF$11)),\n         0)","v":0},{"$f":"IF(AND($D89=\"Serviço\",AL$12<>0,$H89>0,OR(AUTOEVENTO<>\"manual\",$M89<>$A$15)),\n        IF(Import.TipoArredondamento<>\"TransfereGOV\",\n              ROUND(OFFSET($P89,0,AL$13),15-13*ORÇAMENTO!$AF$7)/$H89*OFFSET(ORÇAMENTO!$X$15,ROW(AL89)-ROW(AL$15),0),\n              ROUND(ROUND(OFFSET($P89,0,AL$13),15-13*ORÇAMENTO!$AF$7)*OFFSET(ORÇAMENTO!$W$15,ROW(AL89)-ROW(AL$15),0),15-13*ORÇAMENTO!$AF$11)),\n         0)","v":0},{"$f":"IF(AND($D89=\"Serviço\",AM$12<>0,$H89>0,OR(AUTOEVENTO<>\"manual\",$M89<>$A$15)),\n        IF(Import.TipoArredondamento<>\"TransfereGOV\",\n              ROUND(OFFSET($P89,0,AM$13),15-13*ORÇAMENTO!$AF$7)/$H89*OFFSET(ORÇAMENTO!$X$15,ROW(AM89)-ROW(AM$15),0),\n              ROUND(ROUND(OFFSET($P89,0,AM$13),15-13*ORÇAMENTO!$AF$7)*OFFSET(ORÇAMENTO!$W$15,ROW(AM89)-ROW(AM$15),0),15-13*ORÇAMENTO!$AF$11)),\n         0)","v":0},{"$f":"IF(AND($D89=\"Serviço\",AN$12<>0,$H89>0,OR(AUTOEVENTO<>\"manual\",$M89<>$A$15)),\n        IF(Import.TipoArredondamento<>\"TransfereGOV\",\n              ROUND(OFFSET($P89,0,AN$13),15-13*ORÇAMENTO!$AF$7)/$H89*OFFSET(ORÇAMENTO!$X$15,ROW(AN89)-ROW(AN$15),0),\n              ROUND(ROUND(OFFSET($P89,0,AN$13),15-13*ORÇAMENTO!$AF$7)*OFFSET(ORÇAMENTO!$W$15,ROW(AN89)-ROW(AN$15),0),15-13*ORÇAMENTO!$AF$11)),\n         0)","v":0},{"$f":"IF(AND($D89=\"Serviço\",AO$12<>0,$H89>0,OR(AUTOEVENTO<>\"manual\",$M89<>$A$15)),\n        IF(Import.TipoArredondamento<>\"TransfereGOV\",\n              ROUND(OFFSET($P89,0,AO$13),15-13*ORÇAMENTO!$AF$7)/$H89*OFFSET(ORÇAMENTO!$X$15,ROW(AO89)-ROW(AO$15),0),\n              ROUND(ROUND(OFFSET($P89,0,AO$13),15-13*ORÇAMENTO!$AF$7)*OFFSET(ORÇAMENTO!$W$15,ROW(AO89)-ROW(AO$15),0),15-13*ORÇAMENTO!$AF$11)),\n         0)","v":0},{"$f":"IF(AND($D89=\"Serviço\",AP$12<>0,$H89>0,OR(AUTOEVENTO<>\"manual\",$M89<>$A$15)),\n        IF(Import.TipoArredondamento<>\"TransfereGOV\",\n              ROUND(OFFSET($P89,0,AP$13),15-13*ORÇAMENTO!$AF$7)/$H89*OFFSET(ORÇAMENTO!$X$15,ROW(AP89)-ROW(AP$15),0),\n              ROUND(ROUND(OFFSET($P89,0,AP$13),15-13*ORÇAMENTO!$AF$7)*OFFSET(ORÇAMENTO!$W$15,ROW(AP89)-ROW(AP$15),0),15-13*ORÇAMENTO!$AF$11)),\n         0)","v":0},{"$f":"IF(AND($D89=\"Serviço\",AQ$12<>0,$H89>0,OR(AUTOEVENTO<>\"manual\",$M89<>$A$15)),\n        IF(Import.TipoArredondamento<>\"TransfereGOV\",\n              ROUND(OFFSET($P89,0,AQ$13),15-13*ORÇAMENTO!$AF$7)/$H89*OFFSET(ORÇAMENTO!$X$15,ROW(AQ89)-ROW(AQ$15),0),\n              ROUND(ROUND(OFFSET($P89,0,AQ$13),15-13*ORÇAMENTO!$AF$7)*OFFSET(ORÇAMENTO!$W$15,ROW(AQ89)-ROW(AQ$15),0),15-13*ORÇAMENTO!$AF$11)),\n         0)","v":0},{"$f":"IF(AND($D89=\"Serviço\",AR$12<>0,$H89>0,OR(AUTOEVENTO<>\"manual\",$M89<>$A$15)),\n        IF(Import.TipoArredondamento<>\"TransfereGOV\",\n              ROUND(OFFSET($P89,0,AR$13),15-13*ORÇAMENTO!$AF$7)/$H89*OFFSET(ORÇAMENTO!$X$15,ROW(AR89)-ROW(AR$15),0),\n              ROUND(ROUND(OFFSET($P89,0,AR$13),15-13*ORÇAMENTO!$AF$7)*OFFSET(ORÇAMENTO!$W$15,ROW(AR89)-ROW(AR$15),0),15-13*ORÇAMENTO!$AF$11)),\n         0)","v":0},{"$f":"IF(AND($D89=\"Serviço\",AS$12<>0,$H89>0,OR(AUTOEVENTO<>\"manual\",$M89<>$A$15)),\n        IF(Import.TipoArredondamento<>\"TransfereGOV\",\n              ROUND(OFFSET($P89,0,AS$13),15-13*ORÇAMENTO!$AF$7)/$H89*OFFSET(ORÇAMENTO!$X$15,ROW(AS89)-ROW(AS$15),0),\n              ROUND(ROUND(OFFSET($P89,0,AS$13),15-13*ORÇAMENTO!$AF$7)*OFFSET(ORÇAMENTO!$W$15,ROW(AS89)-ROW(AS$15),0),15-13*ORÇAMENTO!$AF$11)),\n         0)","v":0},{"$f":"IF(AND($D89=\"Serviço\",AT$12<>0,$H89>0,OR(AUTOEVENTO<>\"manual\",$M89<>$A$15)),\n        IF(Import.TipoArredondamento<>\"TransfereGOV\",\n              ROUND(OFFSET($P89,0,AT$13),15-13*ORÇAMENTO!$AF$7)/$H89*OFFSET(ORÇAMENTO!$X$15,ROW(AT89)-ROW(AT$15),0),\n              ROUND(ROUND(OFFSET($P89,0,AT$13),15-13*ORÇAMENTO!$AF$7)*OFFSET(ORÇAMENTO!$W$15,ROW(AT89)-ROW(AT$15),0),15-13*ORÇAMENTO!$AF$11)),\n         0)","v":0},{"$f":"IF(AND($D89=\"Serviço\",AU$12<>0,$H89>0,OR(AUTOEVENTO<>\"manual\",$M89<>$A$15)),\n        IF(Import.TipoArredondamento<>\"TransfereGOV\",\n              ROUND(OFFSET($P89,0,AU$13),15-13*ORÇAMENTO!$AF$7)/$H89*OFFSET(ORÇAMENTO!$X$15,ROW(AU89)-ROW(AU$15),0),\n              ROUND(ROUND(OFFSET($P89,0,AU$13),15-13*ORÇAMENTO!$AF$7)*OFFSET(ORÇAMENTO!$W$15,ROW(AU89)-ROW(AU$15),0),15-13*ORÇAMENTO!$AF$11)),\n         0)","v":0},{"$f":"IF(AND($D89=\"Serviço\",AV$12<>0,$H89>0,OR(AUTOEVENTO<>\"manual\",$M89<>$A$15)),\n        IF(Import.TipoArredondamento<>\"TransfereGOV\",\n              ROUND(OFFSET($P89,0,AV$13),15-13*ORÇAMENTO!$AF$7)/$H89*OFFSET(ORÇAMENTO!$X$15,ROW(AV89)-ROW(AV$15),0),\n              ROUND(ROUND(OFFSET($P89,0,AV$13),15-13*ORÇAMENTO!$AF$7)*OFFSET(ORÇAMENTO!$W$15,ROW(AV89)-ROW(AV$15),0),15-13*ORÇAMENTO!$AF$11)),\n         0)","v":0},{"$f":"IF(AND($D89=\"Serviço\",AW$12<>0,$H89>0,OR(AUTOEVENTO<>\"manual\",$M89<>$A$15)),\n        IF(Import.TipoArredondamento<>\"TransfereGOV\",\n              ROUND(OFFSET($P89,0,AW$13),15-13*ORÇAMENTO!$AF$7)/$H89*OFFSET(ORÇAMENTO!$X$15,ROW(AW89)-ROW(AW$15),0),\n              ROUND(ROUND(OFFSET($P89,0,AW$13),15-13*ORÇAMENTO!$AF$7)*OFFSET(ORÇAMENTO!$W$15,ROW(AW89)-ROW(AW$15),0),15-13*ORÇAMENTO!$AF$11)),\n         0)","v":0},{"$f":"IF(AND($D89=\"Serviço\",AX$12<>0,$H89>0,OR(AUTOEVENTO<>\"manual\",$M89<>$A$15)),\n        IF(Import.TipoArredondamento<>\"TransfereGOV\",\n              ROUND(OFFSET($P89,0,AX$13),15-13*ORÇAMENTO!$AF$7)/$H89*OFFSET(ORÇAMENTO!$X$15,ROW(AX89)-ROW(AX$15),0),\n              ROUND(ROUND(OFFSET($P89,0,AX$13),15-13*ORÇAMENTO!$AF$7)*OFFSET(ORÇAMENTO!$W$15,ROW(AX89)-ROW(AX$15),0),15-13*ORÇAMENTO!$AF$11)),\n         0)","v":0},{"$f":"IF(AND($D89=\"Serviço\",AY$12<>0,$H89>0,OR(AUTOEVENTO<>\"manual\",$M89<>$A$15)),\n        IF(Import.TipoArredondamento<>\"TransfereGOV\",\n              ROUND(OFFSET($P89,0,AY$13),15-13*ORÇAMENTO!$AF$7)/$H89*OFFSET(ORÇAMENTO!$X$15,ROW(AY89)-ROW(AY$15),0),\n              ROUND(ROUND(OFFSET($P89,0,AY$13),15-13*ORÇAMENTO!$AF$7)*OFFSET(ORÇAMENTO!$W$15,ROW(AY89)-ROW(AY$15),0),15-13*ORÇAMENTO!$AF$11)),\n         0)","v":0},{"$f":"IF(AND($D89=\"Serviço\",AZ$12<>0,$H89>0,OR(AUTOEVENTO<>\"manual\",$M89<>$A$15)),\n        IF(Import.TipoArredondamento<>\"TransfereGOV\",\n              ROUND(OFFSET($P89,0,AZ$13),15-13*ORÇAMENTO!$AF$7)/$H89*OFFSET(ORÇAMENTO!$X$15,ROW(AZ89)-ROW(AZ$15),0),\n              ROUND(ROUND(OFFSET($P89,0,AZ$13),15-13*ORÇAMENTO!$AF$7)*OFFSET(ORÇAMENTO!$W$15,ROW(AZ89)-ROW(AZ$15),0),15-13*ORÇAMENTO!$AF$11)),\n         0)","v":0},{"$f":"IF(AND($D89=\"Serviço\",BA$12<>0,$H89>0,OR(AUTOEVENTO<>\"manual\",$M89<>$A$15)),\n        IF(Import.TipoArredondamento<>\"TransfereGOV\",\n              ROUND(OFFSET($P89,0,BA$13),15-13*ORÇAMENTO!$AF$7)/$H89*OFFSET(ORÇAMENTO!$X$15,ROW(BA89)-ROW(BA$15),0),\n              ROUND(ROUND(OFFSET($P89,0,BA$13),15-13*ORÇAMENTO!$AF$7)*OFFSET(ORÇAMENTO!$W$15,ROW(BA89)-ROW(BA$15),0),15-13*ORÇAMENTO!$AF$11)),\n         0)","v":0},null,{"$f":"IF(OR($D89<>\"Serviço\",AND(AUTOEVENTO=\"Manual\",$M89=$A$15)),0,\n         IF(OFFSET(CRONOPLE!$F$15,$M89-$A$15,BC$13)=\"\",10^12,OFFSET(CRONOPLE!$F$15,$M89-$A$15,BC$13)))","v":3},{"$f":"IF(OR($D89<>\"Serviço\",AND(AUTOEVENTO=\"Manual\",$M89=$A$15)),0,\n         IF(OFFSET(CRONOPLE!$F$15,$M89-$A$15,BD$13)=\"\",10^12,OFFSET(CRONOPLE!$F$15,$M89-$A$15,BD$13)))","v":2},{"$f":"IF(OR($D89<>\"Serviço\",AND(AUTOEVENTO=\"Manual\",$M89=$A$15)),0,\n         IF(OFFSET(CRONOPLE!$F$15,$M89-$A$15,BE$13)=\"\",10^12,OFFSET(CRONOPLE!$F$15,$M89-$A$15,BE$13)))","v":3},{"$f":"IF(OR($D89<>\"Serviço\",AND(AUTOEVENTO=\"Manual\",$M89=$A$15)),0,\n         IF(OFFSET(CRONOPLE!$F$15,$M89-$A$15,BF$13)=\"\",10^12,OFFSET(CRONOPLE!$F$15,$M89-$A$15,BF$13)))","v":1000000000000},{"$f":"IF(OR($D89<>\"Serviço\",AND(AUTOEVENTO=\"Manual\",$M89=$A$15)),0,\n         IF(OFFSET(CRONOPLE!$F$15,$M89-$A$15,BG$13)=\"\",10^12,OFFSET(CRONOPLE!$F$15,$M89-$A$15,BG$13)))","v":1000000000000},{"$f":"IF(OR($D89<>\"Serviço\",AND(AUTOEVENTO=\"Manual\",$M89=$A$15)),0,\n         IF(OFFSET(CRONOPLE!$F$15,$M89-$A$15,BH$13)=\"\",10^12,OFFSET(CRONOPLE!$F$15,$M89-$A$15,BH$13)))","v":1000000000000},{"$f":"IF(OR($D89<>\"Serviço\",AND(AUTOEVENTO=\"Manual\",$M89=$A$15)),0,\n         IF(OFFSET(CRONOPLE!$F$15,$M89-$A$15,BI$13)=\"\",10^12,OFFSET(CRONOPLE!$F$15,$M89-$A$15,BI$13)))","v":1000000000000},{"$f":"IF(OR($D89<>\"Serviço\",AND(AUTOEVENTO=\"Manual\",$M89=$A$15)),0,\n         IF(OFFSET(CRONOPLE!$F$15,$M89-$A$15,BJ$13)=\"\",10^12,OFFSET(CRONOPLE!$F$15,$M89-$A$15,BJ$13)))","v":1000000000000},{"$f":"IF(OR($D89<>\"Serviço\",AND(AUTOEVENTO=\"Manual\",$M89=$A$15)),0,\n         IF(OFFSET(CRONOPLE!$F$15,$M89-$A$15,BK$13)=\"\",10^12,OFFSET(CRONOPLE!$F$15,$M89-$A$15,BK$13)))","v":1000000000000},{"$f":"IF(OR($D89<>\"Serviço\",AND(AUTOEVENTO=\"Manual\",$M89=$A$15)),0,\n         IF(OFFSET(CRONOPLE!$F$15,$M89-$A$15,BL$13)=\"\",10^12,OFFSET(CRONOPLE!$F$15,$M89-$A$15,BL$13)))","v":1000000000000},{"$f":"IF(OR($D89<>\"Serviço\",AND(AUTOEVENTO=\"Manual\",$M89=$A$15)),0,\n         IF(OFFSET(CRONOPLE!$F$15,$M89-$A$15,BM$13)=\"\",10^12,OFFSET(CRONOPLE!$F$15,$M89-$A$15,BM$13)))","v":1000000000000},{"$f":"IF(OR($D89<>\"Serviço\",AND(AUTOEVENTO=\"Manual\",$M89=$A$15)),0,\n         IF(OFFSET(CRONOPLE!$F$15,$M89-$A$15,BN$13)=\"\",10^12,OFFSET(CRONOPLE!$F$15,$M89-$A$15,BN$13)))","v":1000000000000},{"$f":"IF(OR($D89<>\"Serviço\",AND(AUTOEVENTO=\"Manual\",$M89=$A$15)),0,\n         IF(OFFSET(CRONOPLE!$F$15,$M89-$A$15,BO$13)=\"\",10^12,OFFSET(CRONOPLE!$F$15,$M89-$A$15,BO$13)))","v":1000000000000},{"$f":"IF(OR($D89<>\"Serviço\",AND(AUTOEVENTO=\"Manual\",$M89=$A$15)),0,\n         IF(OFFSET(CRONOPLE!$F$15,$M89-$A$15,BP$13)=\"\",10^12,OFFSET(CRONOPLE!$F$15,$M89-$A$15,BP$13)))","v":1000000000000},{"$f":"IF(OR($D89<>\"Serviço\",AND(AUTOEVENTO=\"Manual\",$M89=$A$15)),0,\n         IF(OFFSET(CRONOPLE!$F$15,$M89-$A$15,BQ$13)=\"\",10^12,OFFSET(CRONOPLE!$F$15,$M89-$A$15,BQ$13)))","v":1000000000000},{"$f":"IF(OR($D89<>\"Serviço\",AND(AUTOEVENTO=\"Manual\",$M89=$A$15)),0,\n         IF(OFFSET(CRONOPLE!$F$15,$M89-$A$15,BR$13)=\"\",10^12,OFFSET(CRONOPLE!$F$15,$M89-$A$15,BR$13)))","v":1000000000000},{"$f":"IF(OR($D89<>\"Serviço\",AND(AUTOEVENTO=\"Manual\",$M89=$A$15)),0,\n         IF(OFFSET(CRONOPLE!$F$15,$M89-$A$15,BS$13)=\"\",10^12,OFFSET(CRONOPLE!$F$15,$M89-$A$15,BS$13)))","v":1000000000000},{"$f":"IF(OR($D89<>\"Serviço\",AND(AUTOEVENTO=\"Manual\",$M89=$A$15)),0,\n         IF(OFFSET(CRONOPLE!$F$15,$M89-$A$15,BT$13)=\"\",10^12,OFFSET(CRONOPLE!$F$15,$M89-$A$15,BT$13)))","v":1000000000000},null,{"$f":"IF(OR($D89<>\"Serviço\",AND(AUTOEVENTO=\"Manual\",$M89=$A$15),$M89>(ROW(PLE.lastrow)-ROW(PLE.firstrow))),0,\n           IF(OFFSET(PLE!$G$15,$M89-$A$15,BV$13)=\"\",10^12,OFFSET(PLE!$G$15,$M89-$A$15,BV$13)))","v":1000000000000},{"$f":"IF(OR($D89<>\"Serviço\",AND(AUTOEVENTO=\"Manual\",$M89=$A$15),$M89>(ROW(PLE.lastrow)-ROW(PLE.firstrow))),0,\n           IF(OFFSET(PLE!$G$15,$M89-$A$15,BW$13)=\"\",10^12,OFFSET(PLE!$G$15,$M89-$A$15,BW$13)))","v":1000000000000},{"$f":"IF(OR($D89<>\"Serviço\",AND(AUTOEVENTO=\"Manual\",$M89=$A$15),$M89>(ROW(PLE.lastrow)-ROW(PLE.firstrow))),0,\n           IF(OFFSET(PLE!$G$15,$M89-$A$15,BX$13)=\"\",10^12,OFFSET(PLE!$G$15,$M89-$A$15,BX$13)))","v":1000000000000},{"$f":"IF(OR($D89<>\"Serviço\",AND(AUTOEVENTO=\"Manual\",$M89=$A$15),$M89>(ROW(PLE.lastrow)-ROW(PLE.firstrow))),0,\n           IF(OFFSET(PLE!$G$15,$M89-$A$15,BY$13)=\"\",10^12,OFFSET(PLE!$G$15,$M89-$A$15,BY$13)))","v":1000000000000},{"$f":"IF(OR($D89<>\"Serviço\",AND(AUTOEVENTO=\"Manual\",$M89=$A$15),$M89>(ROW(PLE.lastrow)-ROW(PLE.firstrow))),0,\n           IF(OFFSET(PLE!$G$15,$M89-$A$15,BZ$13)=\"\",10^12,OFFSET(PLE!$G$15,$M89-$A$15,BZ$13)))","v":1000000000000},{"$f":"IF(OR($D89<>\"Serviço\",AND(AUTOEVENTO=\"Manual\",$M89=$A$15),$M89>(ROW(PLE.lastrow)-ROW(PLE.firstrow))),0,\n           IF(OFFSET(PLE!$G$15,$M89-$A$15,CA$13)=\"\",10^12,OFFSET(PLE!$G$15,$M89-$A$15,CA$13)))","v":1000000000000},{"$f":"IF(OR($D89<>\"Serviço\",AND(AUTOEVENTO=\"Manual\",$M89=$A$15),$M89>(ROW(PLE.lastrow)-ROW(PLE.firstrow))),0,\n           IF(OFFSET(PLE!$G$15,$M89-$A$15,CB$13)=\"\",10^12,OFFSET(PLE!$G$15,$M89-$A$15,CB$13)))","v":1000000000000},{"$f":"IF(OR($D89<>\"Serviço\",AND(AUTOEVENTO=\"Manual\",$M89=$A$15),$M89>(ROW(PLE.lastrow)-ROW(PLE.firstrow))),0,\n           IF(OFFSET(PLE!$G$15,$M89-$A$15,CC$13)=\"\",10^12,OFFSET(PLE!$G$15,$M89-$A$15,CC$13)))","v":1000000000000},{"$f":"IF(OR($D89<>\"Serviço\",AND(AUTOEVENTO=\"Manual\",$M89=$A$15),$M89>(ROW(PLE.lastrow)-ROW(PLE.firstrow))),0,\n           IF(OFFSET(PLE!$G$15,$M89-$A$15,CD$13)=\"\",10^12,OFFSET(PLE!$G$15,$M89-$A$15,CD$13)))","v":1000000000000},{"$f":"IF(OR($D89<>\"Serviço\",AND(AUTOEVENTO=\"Manual\",$M89=$A$15),$M89>(ROW(PLE.lastrow)-ROW(PLE.firstrow))),0,\n           IF(OFFSET(PLE!$G$15,$M89-$A$15,CE$13)=\"\",10^12,OFFSET(PLE!$G$15,$M89-$A$15,CE$13)))","v":1000000000000},{"$f":"IF(OR($D89<>\"Serviço\",AND(AUTOEVENTO=\"Manual\",$M89=$A$15),$M89>(ROW(PLE.lastrow)-ROW(PLE.firstrow))),0,\n           IF(OFFSET(PLE!$G$15,$M89-$A$15,CF$13)=\"\",10^12,OFFSET(PLE!$G$15,$M89-$A$15,CF$13)))","v":1000000000000},{"$f":"IF(OR($D89<>\"Serviço\",AND(AUTOEVENTO=\"Manual\",$M89=$A$15),$M89>(ROW(PLE.lastrow)-ROW(PLE.firstrow))),0,\n           IF(OFFSET(PLE!$G$15,$M89-$A$15,CG$13)=\"\",10^12,OFFSET(PLE!$G$15,$M89-$A$15,CG$13)))","v":1000000000000},{"$f":"IF(OR($D89<>\"Serviço\",AND(AUTOEVENTO=\"Manual\",$M89=$A$15),$M89>(ROW(PLE.lastrow)-ROW(PLE.firstrow))),0,\n           IF(OFFSET(PLE!$G$15,$M89-$A$15,CH$13)=\"\",10^12,OFFSET(PLE!$G$15,$M89-$A$15,CH$13)))","v":1000000000000},{"$f":"IF(OR($D89<>\"Serviço\",AND(AUTOEVENTO=\"Manual\",$M89=$A$15),$M89>(ROW(PLE.lastrow)-ROW(PLE.firstrow))),0,\n           IF(OFFSET(PLE!$G$15,$M89-$A$15,CI$13)=\"\",10^12,OFFSET(PLE!$G$15,$M89-$A$15,CI$13)))","v":1000000000000},{"$f":"IF(OR($D89<>\"Serviço\",AND(AUTOEVENTO=\"Manual\",$M89=$A$15),$M89>(ROW(PLE.lastrow)-ROW(PLE.firstrow))),0,\n           IF(OFFSET(PLE!$G$15,$M89-$A$15,CJ$13)=\"\",10^12,OFFSET(PLE!$G$15,$M89-$A$15,CJ$13)))","v":1000000000000},{"$f":"IF(OR($D89<>\"Serviço\",AND(AUTOEVENTO=\"Manual\",$M89=$A$15),$M89>(ROW(PLE.lastrow)-ROW(PLE.firstrow))),0,\n           IF(OFFSET(PLE!$G$15,$M89-$A$15,CK$13)=\"\",10^12,OFFSET(PLE!$G$15,$M89-$A$15,CK$13)))","v":1000000000000},{"$f":"IF(OR($D89<>\"Serviço\",AND(AUTOEVENTO=\"Manual\",$M89=$A$15),$M89>(ROW(PLE.lastrow)-ROW(PLE.firstrow))),0,\n           IF(OFFSET(PLE!$G$15,$M89-$A$15,CL$13)=\"\",10^12,OFFSET(PLE!$G$15,$M89-$A$15,CL$13)))","v":1000000000000},{"$f":"IF(OR($D89<>\"Serviço\",AND(AUTOEVENTO=\"Manual\",$M89=$A$15),$M89>(ROW(PLE.lastrow)-ROW(PLE.firstrow))),0,\n           IF(OFFSET(PLE!$G$15,$M89-$A$15,CM$13)=\"\",10^12,OFFSET(PLE!$G$15,$M89-$A$15,CM$13)))","v":1000000000000}]
[3,{"$f":"OFFSET(ORÇAMENTO!C$15,ROW(B90)-ROW(B$15),0)","v":"S"},{"$f":"OFFSET(ORÇAMENTO!L$15,ROW(C90)-ROW(C$15),0)","v":"F"},{"$f":"OFFSET(ORÇAMENTO!N$15,ROW(D90)-ROW(D$15),0)","v":"Serviço"},{"$f":"OFFSET(ORÇAMENTO!O$15,ROW(E90)-ROW(E$15),0)","v":"1.10.2."},{"$f":"OFFSET(ORÇAMENTO!R$15,ROW(F90)-ROW(F$15),0)","v":"Tento  (acabamento de limpa-rodas), concreto fck = 15 MPa, seção 330 cm², moldado no local, inclusive escavação"},{"$f":"IF($D90<>\"Serviço\",\"\",OFFSET(ORÇAMENTO!S$15,ROW(G90)-ROW(G$15),0))","v":"M"},{"$f":"IF($D90<>\"Serviço\",0,IF(ACOMPANHAMENTO=\"BM\",ROUND(OFFSET(ORÇAMENTO!AJ$15,ROW(H90)-ROW(H$15),0),15-13*ORÇAMENTO!$AF$7),SUMPRODUCT(($Q$1:$AI$1=1)*ROUND($Q90:$AI90,15-13*ORÇAMENTO!$AF$7))))","v":5.9},null,{"$f":"IF(B90<>\"S\",\"\",IF(AND(ACOMPANHAMENTO=\"PLE\",AUTOEVENTO=\"Manual\",OR(H90>0,ORÇAMENTO!AC90=\"QUANT.\"),OR(K90=\"\",M90=0,N90=\"\")),\"►\",IF(AND(ACOMPANHAMENTO=\"PLE\",ORÇAMENTO!AC90=\"QUANT.\"),\"►►\",IF(AND(COUNTIF($P$11:$AI$11,\"▼\")=0,H90>0,I90=\"\"),\"◄\",\"\"))))","v":"◄"},"3. IMPLANTAÇÃO ASFÁLTICA",".",{"$f":"IF($D90<>\"Serviço\",\"\",\n          IF(AUTOEVENTO=\"manual\",$A90,\n                IF(ISERROR(MATCH($A90,$A$15:OFFSET($A90,-1,0),0)),MAX($M$15:OFFSET(M90,-1,0))+1,\n                      INDEX($M$15:OFFSET(M90,-1,0),MATCH($A90,$A$15:OFFSET($A90,-1,0),0)))))","v":3},{"$f":"IF($D90<>\"Serviço\",\"\",\n         IF(AUTOEVENTO=\"Manual\",\n                IF($A90=0,\"<-- defina o número do agrupador\",\n                       OFFSET(EVENTOS!$D$15,$A90-$A$15,0)),\n                OFFSET($F$15,$A90,0)))","v":"IMPLANTAÇÃO ASFÁLTICA"},null,null,13,null,null,null,null,null,null,null,null,null,null,null,null,null,null,null,null,null,null,{"$f":"IF(AND($D90=\"Serviço\",AJ$12<>0,$H90>0,OR(AUTOEVENTO<>\"manual\",$M90<>$A$15)),\n        IF(Import.TipoArredondamento<>\"TransfereGOV\",\n              ROUND(OFFSET($P90,0,AJ$13),15-13*ORÇAMENTO!$AF$7)/$H90*OFFSET(ORÇAMENTO!$X$15,ROW(AJ90)-ROW(AJ$15),0),\n              ROUND(ROUND(OFFSET($P90,0,AJ$13),15-13*ORÇAMENTO!$AF$7)*OFFSET(ORÇAMENTO!$W$15,ROW(AJ90)-ROW(AJ$15),0),15-13*ORÇAMENTO!$AF$11)),\n         0)","v":0},{"$f":"IF(AND($D90=\"Serviço\",AK$12<>0,$H90>0,OR(AUTOEVENTO<>\"manual\",$M90<>$A$15)),\n        IF(Import.TipoArredondamento<>\"TransfereGOV\",\n              ROUND(OFFSET($P90,0,AK$13),15-13*ORÇAMENTO!$AF$7)/$H90*OFFSET(ORÇAMENTO!$X$15,ROW(AK90)-ROW(AK$15),0),\n              ROUND(ROUND(OFFSET($P90,0,AK$13),15-13*ORÇAMENTO!$AF$7)*OFFSET(ORÇAMENTO!$W$15,ROW(AK90)-ROW(AK$15),0),15-13*ORÇAMENTO!$AF$11)),\n         0)","v":0},{"$f":"IF(AND($D90=\"Serviço\",AL$12<>0,$H90>0,OR(AUTOEVENTO<>\"manual\",$M90<>$A$15)),\n        IF(Import.TipoArredondamento<>\"TransfereGOV\",\n              ROUND(OFFSET($P90,0,AL$13),15-13*ORÇAMENTO!$AF$7)/$H90*OFFSET(ORÇAMENTO!$X$15,ROW(AL90)-ROW(AL$15),0),\n              ROUND(ROUND(OFFSET($P90,0,AL$13),15-13*ORÇAMENTO!$AF$7)*OFFSET(ORÇAMENTO!$W$15,ROW(AL90)-ROW(AL$15),0),15-13*ORÇAMENTO!$AF$11)),\n         0)","v":0},{"$f":"IF(AND($D90=\"Serviço\",AM$12<>0,$H90>0,OR(AUTOEVENTO<>\"manual\",$M90<>$A$15)),\n        IF(Import.TipoArredondamento<>\"TransfereGOV\",\n              ROUND(OFFSET($P90,0,AM$13),15-13*ORÇAMENTO!$AF$7)/$H90*OFFSET(ORÇAMENTO!$X$15,ROW(AM90)-ROW(AM$15),0),\n              ROUND(ROUND(OFFSET($P90,0,AM$13),15-13*ORÇAMENTO!$AF$7)*OFFSET(ORÇAMENTO!$W$15,ROW(AM90)-ROW(AM$15),0),15-13*ORÇAMENTO!$AF$11)),\n         0)","v":0},{"$f":"IF(AND($D90=\"Serviço\",AN$12<>0,$H90>0,OR(AUTOEVENTO<>\"manual\",$M90<>$A$15)),\n        IF(Import.TipoArredondamento<>\"TransfereGOV\",\n              ROUND(OFFSET($P90,0,AN$13),15-13*ORÇAMENTO!$AF$7)/$H90*OFFSET(ORÇAMENTO!$X$15,ROW(AN90)-ROW(AN$15),0),\n              ROUND(ROUND(OFFSET($P90,0,AN$13),15-13*ORÇAMENTO!$AF$7)*OFFSET(ORÇAMENTO!$W$15,ROW(AN90)-ROW(AN$15),0),15-13*ORÇAMENTO!$AF$11)),\n         0)","v":0},{"$f":"IF(AND($D90=\"Serviço\",AO$12<>0,$H90>0,OR(AUTOEVENTO<>\"manual\",$M90<>$A$15)),\n        IF(Import.TipoArredondamento<>\"TransfereGOV\",\n              ROUND(OFFSET($P90,0,AO$13),15-13*ORÇAMENTO!$AF$7)/$H90*OFFSET(ORÇAMENTO!$X$15,ROW(AO90)-ROW(AO$15),0),\n              ROUND(ROUND(OFFSET($P90,0,AO$13),15-13*ORÇAMENTO!$AF$7)*OFFSET(ORÇAMENTO!$W$15,ROW(AO90)-ROW(AO$15),0),15-13*ORÇAMENTO!$AF$11)),\n         0)","v":0},{"$f":"IF(AND($D90=\"Serviço\",AP$12<>0,$H90>0,OR(AUTOEVENTO<>\"manual\",$M90<>$A$15)),\n        IF(Import.TipoArredondamento<>\"TransfereGOV\",\n              ROUND(OFFSET($P90,0,AP$13),15-13*ORÇAMENTO!$AF$7)/$H90*OFFSET(ORÇAMENTO!$X$15,ROW(AP90)-ROW(AP$15),0),\n              ROUND(ROUND(OFFSET($P90,0,AP$13),15-13*ORÇAMENTO!$AF$7)*OFFSET(ORÇAMENTO!$W$15,ROW(AP90)-ROW(AP$15),0),15-13*ORÇAMENTO!$AF$11)),\n         0)","v":0},{"$f":"IF(AND($D90=\"Serviço\",AQ$12<>0,$H90>0,OR(AUTOEVENTO<>\"manual\",$M90<>$A$15)),\n        IF(Import.TipoArredondamento<>\"TransfereGOV\",\n              ROUND(OFFSET($P90,0,AQ$13),15-13*ORÇAMENTO!$AF$7)/$H90*OFFSET(ORÇAMENTO!$X$15,ROW(AQ90)-ROW(AQ$15),0),\n              ROUND(ROUND(OFFSET($P90,0,AQ$13),15-13*ORÇAMENTO!$AF$7)*OFFSET(ORÇAMENTO!$W$15,ROW(AQ90)-ROW(AQ$15),0),15-13*ORÇAMENTO!$AF$11)),\n         0)","v":0},{"$f":"IF(AND($D90=\"Serviço\",AR$12<>0,$H90>0,OR(AUTOEVENTO<>\"manual\",$M90<>$A$15)),\n        IF(Import.TipoArredondamento<>\"TransfereGOV\",\n              ROUND(OFFSET($P90,0,AR$13),15-13*ORÇAMENTO!$AF$7)/$H90*OFFSET(ORÇAMENTO!$X$15,ROW(AR90)-ROW(AR$15),0),\n              ROUND(ROUND(OFFSET($P90,0,AR$13),15-13*ORÇAMENTO!$AF$7)*OFFSET(ORÇAMENTO!$W$15,ROW(AR90)-ROW(AR$15),0),15-13*ORÇAMENTO!$AF$11)),\n         0)","v":0},{"$f":"IF(AND($D90=\"Serviço\",AS$12<>0,$H90>0,OR(AUTOEVENTO<>\"manual\",$M90<>$A$15)),\n        IF(Import.TipoArredondamento<>\"TransfereGOV\",\n              ROUND(OFFSET($P90,0,AS$13),15-13*ORÇAMENTO!$AF$7)/$H90*OFFSET(ORÇAMENTO!$X$15,ROW(AS90)-ROW(AS$15),0),\n              ROUND(ROUND(OFFSET($P90,0,AS$13),15-13*ORÇAMENTO!$AF$7)*OFFSET(ORÇAMENTO!$W$15,ROW(AS90)-ROW(AS$15),0),15-13*ORÇAMENTO!$AF$11)),\n         0)","v":0},{"$f":"IF(AND($D90=\"Serviço\",AT$12<>0,$H90>0,OR(AUTOEVENTO<>\"manual\",$M90<>$A$15)),\n        IF(Import.TipoArredondamento<>\"TransfereGOV\",\n              ROUND(OFFSET($P90,0,AT$13),15-13*ORÇAMENTO!$AF$7)/$H90*OFFSET(ORÇAMENTO!$X$15,ROW(AT90)-ROW(AT$15),0),\n              ROUND(ROUND(OFFSET($P90,0,AT$13),15-13*ORÇAMENTO!$AF$7)*OFFSET(ORÇAMENTO!$W$15,ROW(AT90)-ROW(AT$15),0),15-13*ORÇAMENTO!$AF$11)),\n         0)","v":0},{"$f":"IF(AND($D90=\"Serviço\",AU$12<>0,$H90>0,OR(AUTOEVENTO<>\"manual\",$M90<>$A$15)),\n        IF(Import.TipoArredondamento<>\"TransfereGOV\",\n              ROUND(OFFSET($P90,0,AU$13),15-13*ORÇAMENTO!$AF$7)/$H90*OFFSET(ORÇAMENTO!$X$15,ROW(AU90)-ROW(AU$15),0),\n              ROUND(ROUND(OFFSET($P90,0,AU$13),15-13*ORÇAMENTO!$AF$7)*OFFSET(ORÇAMENTO!$W$15,ROW(AU90)-ROW(AU$15),0),15-13*ORÇAMENTO!$AF$11)),\n         0)","v":0},{"$f":"IF(AND($D90=\"Serviço\",AV$12<>0,$H90>0,OR(AUTOEVENTO<>\"manual\",$M90<>$A$15)),\n        IF(Import.TipoArredondamento<>\"TransfereGOV\",\n              ROUND(OFFSET($P90,0,AV$13),15-13*ORÇAMENTO!$AF$7)/$H90*OFFSET(ORÇAMENTO!$X$15,ROW(AV90)-ROW(AV$15),0),\n              ROUND(ROUND(OFFSET($P90,0,AV$13),15-13*ORÇAMENTO!$AF$7)*OFFSET(ORÇAMENTO!$W$15,ROW(AV90)-ROW(AV$15),0),15-13*ORÇAMENTO!$AF$11)),\n         0)","v":0},{"$f":"IF(AND($D90=\"Serviço\",AW$12<>0,$H90>0,OR(AUTOEVENTO<>\"manual\",$M90<>$A$15)),\n        IF(Import.TipoArredondamento<>\"TransfereGOV\",\n              ROUND(OFFSET($P90,0,AW$13),15-13*ORÇAMENTO!$AF$7)/$H90*OFFSET(ORÇAMENTO!$X$15,ROW(AW90)-ROW(AW$15),0),\n              ROUND(ROUND(OFFSET($P90,0,AW$13),15-13*ORÇAMENTO!$AF$7)*OFFSET(ORÇAMENTO!$W$15,ROW(AW90)-ROW(AW$15),0),15-13*ORÇAMENTO!$AF$11)),\n         0)","v":0},{"$f":"IF(AND($D90=\"Serviço\",AX$12<>0,$H90>0,OR(AUTOEVENTO<>\"manual\",$M90<>$A$15)),\n        IF(Import.TipoArredondamento<>\"TransfereGOV\",\n              ROUND(OFFSET($P90,0,AX$13),15-13*ORÇAMENTO!$AF$7)/$H90*OFFSET(ORÇAMENTO!$X$15,ROW(AX90)-ROW(AX$15),0),\n              ROUND(ROUND(OFFSET($P90,0,AX$13),15-13*ORÇAMENTO!$AF$7)*OFFSET(ORÇAMENTO!$W$15,ROW(AX90)-ROW(AX$15),0),15-13*ORÇAMENTO!$AF$11)),\n         0)","v":0},{"$f":"IF(AND($D90=\"Serviço\",AY$12<>0,$H90>0,OR(AUTOEVENTO<>\"manual\",$M90<>$A$15)),\n        IF(Import.TipoArredondamento<>\"TransfereGOV\",\n              ROUND(OFFSET($P90,0,AY$13),15-13*ORÇAMENTO!$AF$7)/$H90*OFFSET(ORÇAMENTO!$X$15,ROW(AY90)-ROW(AY$15),0),\n              ROUND(ROUND(OFFSET($P90,0,AY$13),15-13*ORÇAMENTO!$AF$7)*OFFSET(ORÇAMENTO!$W$15,ROW(AY90)-ROW(AY$15),0),15-13*ORÇAMENTO!$AF$11)),\n         0)","v":0},{"$f":"IF(AND($D90=\"Serviço\",AZ$12<>0,$H90>0,OR(AUTOEVENTO<>\"manual\",$M90<>$A$15)),\n        IF(Import.TipoArredondamento<>\"TransfereGOV\",\n              ROUND(OFFSET($P90,0,AZ$13),15-13*ORÇAMENTO!$AF$7)/$H90*OFFSET(ORÇAMENTO!$X$15,ROW(AZ90)-ROW(AZ$15),0),\n              ROUND(ROUND(OFFSET($P90,0,AZ$13),15-13*ORÇAMENTO!$AF$7)*OFFSET(ORÇAMENTO!$W$15,ROW(AZ90)-ROW(AZ$15),0),15-13*ORÇAMENTO!$AF$11)),\n         0)","v":0},{"$f":"IF(AND($D90=\"Serviço\",BA$12<>0,$H90>0,OR(AUTOEVENTO<>\"manual\",$M90<>$A$15)),\n        IF(Import.TipoArredondamento<>\"TransfereGOV\",\n              ROUND(OFFSET($P90,0,BA$13),15-13*ORÇAMENTO!$AF$7)/$H90*OFFSET(ORÇAMENTO!$X$15,ROW(BA90)-ROW(BA$15),0),\n              ROUND(ROUND(OFFSET($P90,0,BA$13),15-13*ORÇAMENTO!$AF$7)*OFFSET(ORÇAMENTO!$W$15,ROW(BA90)-ROW(BA$15),0),15-13*ORÇAMENTO!$AF$11)),\n         0)","v":0},null,{"$f":"IF(OR($D90<>\"Serviço\",AND(AUTOEVENTO=\"Manual\",$M90=$A$15)),0,\n         IF(OFFSET(CRONOPLE!$F$15,$M90-$A$15,BC$13)=\"\",10^12,OFFSET(CRONOPLE!$F$15,$M90-$A$15,BC$13)))","v":3},{"$f":"IF(OR($D90<>\"Serviço\",AND(AUTOEVENTO=\"Manual\",$M90=$A$15)),0,\n         IF(OFFSET(CRONOPLE!$F$15,$M90-$A$15,BD$13)=\"\",10^12,OFFSET(CRONOPLE!$F$15,$M90-$A$15,BD$13)))","v":2},{"$f":"IF(OR($D90<>\"Serviço\",AND(AUTOEVENTO=\"Manual\",$M90=$A$15)),0,\n         IF(OFFSET(CRONOPLE!$F$15,$M90-$A$15,BE$13)=\"\",10^12,OFFSET(CRONOPLE!$F$15,$M90-$A$15,BE$13)))","v":3},{"$f":"IF(OR($D90<>\"Serviço\",AND(AUTOEVENTO=\"Manual\",$M90=$A$15)),0,\n         IF(OFFSET(CRONOPLE!$F$15,$M90-$A$15,BF$13)=\"\",10^12,OFFSET(CRONOPLE!$F$15,$M90-$A$15,BF$13)))","v":1000000000000},{"$f":"IF(OR($D90<>\"Serviço\",AND(AUTOEVENTO=\"Manual\",$M90=$A$15)),0,\n         IF(OFFSET(CRONOPLE!$F$15,$M90-$A$15,BG$13)=\"\",10^12,OFFSET(CRONOPLE!$F$15,$M90-$A$15,BG$13)))","v":1000000000000},{"$f":"IF(OR($D90<>\"Serviço\",AND(AUTOEVENTO=\"Manual\",$M90=$A$15)),0,\n         IF(OFFSET(CRONOPLE!$F$15,$M90-$A$15,BH$13)=\"\",10^12,OFFSET(CRONOPLE!$F$15,$M90-$A$15,BH$13)))","v":1000000000000},{"$f":"IF(OR($D90<>\"Serviço\",AND(AUTOEVENTO=\"Manual\",$M90=$A$15)),0,\n         IF(OFFSET(CRONOPLE!$F$15,$M90-$A$15,BI$13)=\"\",10^12,OFFSET(CRONOPLE!$F$15,$M90-$A$15,BI$13)))","v":1000000000000},{"$f":"IF(OR($D90<>\"Serviço\",AND(AUTOEVENTO=\"Manual\",$M90=$A$15)),0,\n         IF(OFFSET(CRONOPLE!$F$15,$M90-$A$15,BJ$13)=\"\",10^12,OFFSET(CRONOPLE!$F$15,$M90-$A$15,BJ$13)))","v":1000000000000},{"$f":"IF(OR($D90<>\"Serviço\",AND(AUTOEVENTO=\"Manual\",$M90=$A$15)),0,\n         IF(OFFSET(CRONOPLE!$F$15,$M90-$A$15,BK$13)=\"\",10^12,OFFSET(CRONOPLE!$F$15,$M90-$A$15,BK$13)))","v":1000000000000},{"$f":"IF(OR($D90<>\"Serviço\",AND(AUTOEVENTO=\"Manual\",$M90=$A$15)),0,\n         IF(OFFSET(CRONOPLE!$F$15,$M90-$A$15,BL$13)=\"\",10^12,OFFSET(CRONOPLE!$F$15,$M90-$A$15,BL$13)))","v":1000000000000},{"$f":"IF(OR($D90<>\"Serviço\",AND(AUTOEVENTO=\"Manual\",$M90=$A$15)),0,\n         IF(OFFSET(CRONOPLE!$F$15,$M90-$A$15,BM$13)=\"\",10^12,OFFSET(CRONOPLE!$F$15,$M90-$A$15,BM$13)))","v":1000000000000},{"$f":"IF(OR($D90<>\"Serviço\",AND(AUTOEVENTO=\"Manual\",$M90=$A$15)),0,\n         IF(OFFSET(CRONOPLE!$F$15,$M90-$A$15,BN$13)=\"\",10^12,OFFSET(CRONOPLE!$F$15,$M90-$A$15,BN$13)))","v":1000000000000},{"$f":"IF(OR($D90<>\"Serviço\",AND(AUTOEVENTO=\"Manual\",$M90=$A$15)),0,\n         IF(OFFSET(CRONOPLE!$F$15,$M90-$A$15,BO$13)=\"\",10^12,OFFSET(CRONOPLE!$F$15,$M90-$A$15,BO$13)))","v":1000000000000},{"$f":"IF(OR($D90<>\"Serviço\",AND(AUTOEVENTO=\"Manual\",$M90=$A$15)),0,\n         IF(OFFSET(CRONOPLE!$F$15,$M90-$A$15,BP$13)=\"\",10^12,OFFSET(CRONOPLE!$F$15,$M90-$A$15,BP$13)))","v":1000000000000},{"$f":"IF(OR($D90<>\"Serviço\",AND(AUTOEVENTO=\"Manual\",$M90=$A$15)),0,\n         IF(OFFSET(CRONOPLE!$F$15,$M90-$A$15,BQ$13)=\"\",10^12,OFFSET(CRONOPLE!$F$15,$M90-$A$15,BQ$13)))","v":1000000000000},{"$f":"IF(OR($D90<>\"Serviço\",AND(AUTOEVENTO=\"Manual\",$M90=$A$15)),0,\n         IF(OFFSET(CRONOPLE!$F$15,$M90-$A$15,BR$13)=\"\",10^12,OFFSET(CRONOPLE!$F$15,$M90-$A$15,BR$13)))","v":1000000000000},{"$f":"IF(OR($D90<>\"Serviço\",AND(AUTOEVENTO=\"Manual\",$M90=$A$15)),0,\n         IF(OFFSET(CRONOPLE!$F$15,$M90-$A$15,BS$13)=\"\",10^12,OFFSET(CRONOPLE!$F$15,$M90-$A$15,BS$13)))","v":1000000000000},{"$f":"IF(OR($D90<>\"Serviço\",AND(AUTOEVENTO=\"Manual\",$M90=$A$15)),0,\n         IF(OFFSET(CRONOPLE!$F$15,$M90-$A$15,BT$13)=\"\",10^12,OFFSET(CRONOPLE!$F$15,$M90-$A$15,BT$13)))","v":1000000000000},null,{"$f":"IF(OR($D90<>\"Serviço\",AND(AUTOEVENTO=\"Manual\",$M90=$A$15),$M90>(ROW(PLE.lastrow)-ROW(PLE.firstrow))),0,\n           IF(OFFSET(PLE!$G$15,$M90-$A$15,BV$13)=\"\",10^12,OFFSET(PLE!$G$15,$M90-$A$15,BV$13)))","v":1000000000000},{"$f":"IF(OR($D90<>\"Serviço\",AND(AUTOEVENTO=\"Manual\",$M90=$A$15),$M90>(ROW(PLE.lastrow)-ROW(PLE.firstrow))),0,\n           IF(OFFSET(PLE!$G$15,$M90-$A$15,BW$13)=\"\",10^12,OFFSET(PLE!$G$15,$M90-$A$15,BW$13)))","v":1000000000000},{"$f":"IF(OR($D90<>\"Serviço\",AND(AUTOEVENTO=\"Manual\",$M90=$A$15),$M90>(ROW(PLE.lastrow)-ROW(PLE.firstrow))),0,\n           IF(OFFSET(PLE!$G$15,$M90-$A$15,BX$13)=\"\",10^12,OFFSET(PLE!$G$15,$M90-$A$15,BX$13)))","v":1000000000000},{"$f":"IF(OR($D90<>\"Serviço\",AND(AUTOEVENTO=\"Manual\",$M90=$A$15),$M90>(ROW(PLE.lastrow)-ROW(PLE.firstrow))),0,\n           IF(OFFSET(PLE!$G$15,$M90-$A$15,BY$13)=\"\",10^12,OFFSET(PLE!$G$15,$M90-$A$15,BY$13)))","v":1000000000000},{"$f":"IF(OR($D90<>\"Serviço\",AND(AUTOEVENTO=\"Manual\",$M90=$A$15),$M90>(ROW(PLE.lastrow)-ROW(PLE.firstrow))),0,\n           IF(OFFSET(PLE!$G$15,$M90-$A$15,BZ$13)=\"\",10^12,OFFSET(PLE!$G$15,$M90-$A$15,BZ$13)))","v":1000000000000},{"$f":"IF(OR($D90<>\"Serviço\",AND(AUTOEVENTO=\"Manual\",$M90=$A$15),$M90>(ROW(PLE.lastrow)-ROW(PLE.firstrow))),0,\n           IF(OFFSET(PLE!$G$15,$M90-$A$15,CA$13)=\"\",10^12,OFFSET(PLE!$G$15,$M90-$A$15,CA$13)))","v":1000000000000},{"$f":"IF(OR($D90<>\"Serviço\",AND(AUTOEVENTO=\"Manual\",$M90=$A$15),$M90>(ROW(PLE.lastrow)-ROW(PLE.firstrow))),0,\n           IF(OFFSET(PLE!$G$15,$M90-$A$15,CB$13)=\"\",10^12,OFFSET(PLE!$G$15,$M90-$A$15,CB$13)))","v":1000000000000},{"$f":"IF(OR($D90<>\"Serviço\",AND(AUTOEVENTO=\"Manual\",$M90=$A$15),$M90>(ROW(PLE.lastrow)-ROW(PLE.firstrow))),0,\n           IF(OFFSET(PLE!$G$15,$M90-$A$15,CC$13)=\"\",10^12,OFFSET(PLE!$G$15,$M90-$A$15,CC$13)))","v":1000000000000},{"$f":"IF(OR($D90<>\"Serviço\",AND(AUTOEVENTO=\"Manual\",$M90=$A$15),$M90>(ROW(PLE.lastrow)-ROW(PLE.firstrow))),0,\n           IF(OFFSET(PLE!$G$15,$M90-$A$15,CD$13)=\"\",10^12,OFFSET(PLE!$G$15,$M90-$A$15,CD$13)))","v":1000000000000},{"$f":"IF(OR($D90<>\"Serviço\",AND(AUTOEVENTO=\"Manual\",$M90=$A$15),$M90>(ROW(PLE.lastrow)-ROW(PLE.firstrow))),0,\n           IF(OFFSET(PLE!$G$15,$M90-$A$15,CE$13)=\"\",10^12,OFFSET(PLE!$G$15,$M90-$A$15,CE$13)))","v":1000000000000},{"$f":"IF(OR($D90<>\"Serviço\",AND(AUTOEVENTO=\"Manual\",$M90=$A$15),$M90>(ROW(PLE.lastrow)-ROW(PLE.firstrow))),0,\n           IF(OFFSET(PLE!$G$15,$M90-$A$15,CF$13)=\"\",10^12,OFFSET(PLE!$G$15,$M90-$A$15,CF$13)))","v":1000000000000},{"$f":"IF(OR($D90<>\"Serviço\",AND(AUTOEVENTO=\"Manual\",$M90=$A$15),$M90>(ROW(PLE.lastrow)-ROW(PLE.firstrow))),0,\n           IF(OFFSET(PLE!$G$15,$M90-$A$15,CG$13)=\"\",10^12,OFFSET(PLE!$G$15,$M90-$A$15,CG$13)))","v":1000000000000},{"$f":"IF(OR($D90<>\"Serviço\",AND(AUTOEVENTO=\"Manual\",$M90=$A$15),$M90>(ROW(PLE.lastrow)-ROW(PLE.firstrow))),0,\n           IF(OFFSET(PLE!$G$15,$M90-$A$15,CH$13)=\"\",10^12,OFFSET(PLE!$G$15,$M90-$A$15,CH$13)))","v":1000000000000},{"$f":"IF(OR($D90<>\"Serviço\",AND(AUTOEVENTO=\"Manual\",$M90=$A$15),$M90>(ROW(PLE.lastrow)-ROW(PLE.firstrow))),0,\n           IF(OFFSET(PLE!$G$15,$M90-$A$15,CI$13)=\"\",10^12,OFFSET(PLE!$G$15,$M90-$A$15,CI$13)))","v":1000000000000},{"$f":"IF(OR($D90<>\"Serviço\",AND(AUTOEVENTO=\"Manual\",$M90=$A$15),$M90>(ROW(PLE.lastrow)-ROW(PLE.firstrow))),0,\n           IF(OFFSET(PLE!$G$15,$M90-$A$15,CJ$13)=\"\",10^12,OFFSET(PLE!$G$15,$M90-$A$15,CJ$13)))","v":1000000000000},{"$f":"IF(OR($D90<>\"Serviço\",AND(AUTOEVENTO=\"Manual\",$M90=$A$15),$M90>(ROW(PLE.lastrow)-ROW(PLE.firstrow))),0,\n           IF(OFFSET(PLE!$G$15,$M90-$A$15,CK$13)=\"\",10^12,OFFSET(PLE!$G$15,$M90-$A$15,CK$13)))","v":1000000000000},{"$f":"IF(OR($D90<>\"Serviço\",AND(AUTOEVENTO=\"Manual\",$M90=$A$15),$M90>(ROW(PLE.lastrow)-ROW(PLE.firstrow))),0,\n           IF(OFFSET(PLE!$G$15,$M90-$A$15,CL$13)=\"\",10^12,OFFSET(PLE!$G$15,$M90-$A$15,CL$13)))","v":1000000000000},{"$f":"IF(OR($D90<>\"Serviço\",AND(AUTOEVENTO=\"Manual\",$M90=$A$15),$M90>(ROW(PLE.lastrow)-ROW(PLE.firstrow))),0,\n           IF(OFFSET(PLE!$G$15,$M90-$A$15,CM$13)=\"\",10^12,OFFSET(PLE!$G$15,$M90-$A$15,CM$13)))","v":1000000000000}]
[3,{"$f":"OFFSET(ORÇAMENTO!C$15,ROW(B91)-ROW(B$15),0)","v":"S"},{"$f":"OFFSET(ORÇAMENTO!L$15,ROW(C91)-ROW(C$15),0)","v":"F"},{"$f":"OFFSET(ORÇAMENTO!N$15,ROW(D91)-ROW(D$15),0)","v":"Serviço"},{"$f":"OFFSET(ORÇAMENTO!O$15,ROW(E91)-ROW(E$15),0)","v":"1.10.3."},{"$f":"OFFSET(ORÇAMENTO!R$15,ROW(F91)-ROW(F$15),0)","v":"TRANSPORTE COM CAMINHÃO BASCULANTE DE 14 M³, EM VIA URBANA PAVIMENTADA, DMT ATÉ 30 KM (UNIDADE: M3XKM). AF_07/2020"},{"$f":"IF($D91<>\"Serviço\",\"\",OFFSET(ORÇAMENTO!S$15,ROW(G91)-ROW(G$15),0))","v":"M3XKM"},{"$f":"IF($D91<>\"Serviço\",0,IF(ACOMPANHAMENTO=\"BM\",ROUND(OFFSET(ORÇAMENTO!AJ$15,ROW(H91)-ROW(H$15),0),15-13*ORÇAMENTO!$AF$7),SUMPRODUCT(($Q$1:$AI$1=1)*ROUND($Q91:$AI91,15-13*ORÇAMENTO!$AF$7))))","v":560.1},null,{"$f":"IF(B91<>\"S\",\"\",IF(AND(ACOMPANHAMENTO=\"PLE\",AUTOEVENTO=\"Manual\",OR(H91>0,ORÇAMENTO!AC91=\"QUANT.\"),OR(K91=\"\",M91=0,N91=\"\")),\"►\",IF(AND(ACOMPANHAMENTO=\"PLE\",ORÇAMENTO!AC91=\"QUANT.\"),\"►►\",IF(AND(COUNTIF($P$11:$AI$11,\"▼\")=0,H91>0,I91=\"\"),\"◄\",\"\"))))","v":"◄"},"3. IMPLANTAÇÃO ASFÁLTICA",".",{"$f":"IF($D91<>\"Serviço\",\"\",\n          IF(AUTOEVENTO=\"manual\",$A91,\n                IF(ISERROR(MATCH($A91,$A$15:OFFSET($A91,-1,0),0)),MAX($M$15:OFFSET(M91,-1,0))+1,\n                      INDEX($M$15:OFFSET(M91,-1,0),MATCH($A91,$A$15:OFFSET($A91,-1,0),0)))))","v":3},{"$f":"IF($D91<>\"Serviço\",\"\",\n         IF(AUTOEVENTO=\"Manual\",\n                IF($A91=0,\"<-- defina o número do agrupador\",\n                       OFFSET(EVENTOS!$D$15,$A91-$A$15,0)),\n                OFFSET($F$15,$A91,0)))","v":"IMPLANTAÇÃO ASFÁLTICA"},null,null,1032.42,null,null,null,null,null,null,null,null,null,null,null,null,null,null,null,null,null,null,{"$f":"IF(AND($D91=\"Serviço\",AJ$12<>0,$H91>0,OR(AUTOEVENTO<>\"manual\",$M91<>$A$15)),\n        IF(Import.TipoArredondamento<>\"TransfereGOV\",\n              ROUND(OFFSET($P91,0,AJ$13),15-13*ORÇAMENTO!$AF$7)/$H91*OFFSET(ORÇAMENTO!$X$15,ROW(AJ91)-ROW(AJ$15),0),\n              ROUND(ROUND(OFFSET($P91,0,AJ$13),15-13*ORÇAMENTO!$AF$7)*OFFSET(ORÇAMENTO!$W$15,ROW(AJ91)-ROW(AJ$15),0),15-13*ORÇAMENTO!$AF$11)),\n         0)","v":0},{"$f":"IF(AND($D91=\"Serviço\",AK$12<>0,$H91>0,OR(AUTOEVENTO<>\"manual\",$M91<>$A$15)),\n        IF(Import.TipoArredondamento<>\"TransfereGOV\",\n              ROUND(OFFSET($P91,0,AK$13),15-13*ORÇAMENTO!$AF$7)/$H91*OFFSET(ORÇAMENTO!$X$15,ROW(AK91)-ROW(AK$15),0),\n              ROUND(ROUND(OFFSET($P91,0,AK$13),15-13*ORÇAMENTO!$AF$7)*OFFSET(ORÇAMENTO!$W$15,ROW(AK91)-ROW(AK$15),0),15-13*ORÇAMENTO!$AF$11)),\n         0)","v":0},{"$f":"IF(AND($D91=\"Serviço\",AL$12<>0,$H91>0,OR(AUTOEVENTO<>\"manual\",$M91<>$A$15)),\n        IF(Import.TipoArredondamento<>\"TransfereGOV\",\n              ROUND(OFFSET($P91,0,AL$13),15-13*ORÇAMENTO!$AF$7)/$H91*OFFSET(ORÇAMENTO!$X$15,ROW(AL91)-ROW(AL$15),0),\n              ROUND(ROUND(OFFSET($P91,0,AL$13),15-13*ORÇAMENTO!$AF$7)*OFFSET(ORÇAMENTO!$W$15,ROW(AL91)-ROW(AL$15),0),15-13*ORÇAMENTO!$AF$11)),\n         0)","v":0},{"$f":"IF(AND($D91=\"Serviço\",AM$12<>0,$H91>0,OR(AUTOEVENTO<>\"manual\",$M91<>$A$15)),\n        IF(Import.TipoArredondamento<>\"TransfereGOV\",\n              ROUND(OFFSET($P91,0,AM$13),15-13*ORÇAMENTO!$AF$7)/$H91*OFFSET(ORÇAMENTO!$X$15,ROW(AM91)-ROW(AM$15),0),\n              ROUND(ROUND(OFFSET($P91,0,AM$13),15-13*ORÇAMENTO!$AF$7)*OFFSET(ORÇAMENTO!$W$15,ROW(AM91)-ROW(AM$15),0),15-13*ORÇAMENTO!$AF$11)),\n         0)","v":0},{"$f":"IF(AND($D91=\"Serviço\",AN$12<>0,$H91>0,OR(AUTOEVENTO<>\"manual\",$M91<>$A$15)),\n        IF(Import.TipoArredondamento<>\"TransfereGOV\",\n              ROUND(OFFSET($P91,0,AN$13),15-13*ORÇAMENTO!$AF$7)/$H91*OFFSET(ORÇAMENTO!$X$15,ROW(AN91)-ROW(AN$15),0),\n              ROUND(ROUND(OFFSET($P91,0,AN$13),15-13*ORÇAMENTO!$AF$7)*OFFSET(ORÇAMENTO!$W$15,ROW(AN91)-ROW(AN$15),0),15-13*ORÇAMENTO!$AF$11)),\n         0)","v":0},{"$f":"IF(AND($D91=\"Serviço\",AO$12<>0,$H91>0,OR(AUTOEVENTO<>\"manual\",$M91<>$A$15)),\n        IF(Import.TipoArredondamento<>\"TransfereGOV\",\n              ROUND(OFFSET($P91,0,AO$13),15-13*ORÇAMENTO!$AF$7)/$H91*OFFSET(ORÇAMENTO!$X$15,ROW(AO91)-ROW(AO$15),0),\n              ROUND(ROUND(OFFSET($P91,0,AO$13),15-13*ORÇAMENTO!$AF$7)*OFFSET(ORÇAMENTO!$W$15,ROW(AO91)-ROW(AO$15),0),15-13*ORÇAMENTO!$AF$11)),\n         0)","v":0},{"$f":"IF(AND($D91=\"Serviço\",AP$12<>0,$H91>0,OR(AUTOEVENTO<>\"manual\",$M91<>$A$15)),\n        IF(Import.TipoArredondamento<>\"TransfereGOV\",\n              ROUND(OFFSET($P91,0,AP$13),15-13*ORÇAMENTO!$AF$7)/$H91*OFFSET(ORÇAMENTO!$X$15,ROW(AP91)-ROW(AP$15),0),\n              ROUND(ROUND(OFFSET($P91,0,AP$13),15-13*ORÇAMENTO!$AF$7)*OFFSET(ORÇAMENTO!$W$15,ROW(AP91)-ROW(AP$15),0),15-13*ORÇAMENTO!$AF$11)),\n         0)","v":0},{"$f":"IF(AND($D91=\"Serviço\",AQ$12<>0,$H91>0,OR(AUTOEVENTO<>\"manual\",$M91<>$A$15)),\n        IF(Import.TipoArredondamento<>\"TransfereGOV\",\n              ROUND(OFFSET($P91,0,AQ$13),15-13*ORÇAMENTO!$AF$7)/$H91*OFFSET(ORÇAMENTO!$X$15,ROW(AQ91)-ROW(AQ$15),0),\n              ROUND(ROUND(OFFSET($P91,0,AQ$13),15-13*ORÇAMENTO!$AF$7)*OFFSET(ORÇAMENTO!$W$15,ROW(AQ91)-ROW(AQ$15),0),15-13*ORÇAMENTO!$AF$11)),\n         0)","v":0},{"$f":"IF(AND($D91=\"Serviço\",AR$12<>0,$H91>0,OR(AUTOEVENTO<>\"manual\",$M91<>$A$15)),\n        IF(Import.TipoArredondamento<>\"TransfereGOV\",\n              ROUND(OFFSET($P91,0,AR$13),15-13*ORÇAMENTO!$AF$7)/$H91*OFFSET(ORÇAMENTO!$X$15,ROW(AR91)-ROW(AR$15),0),\n              ROUND(ROUND(OFFSET($P91,0,AR$13),15-13*ORÇAMENTO!$AF$7)*OFFSET(ORÇAMENTO!$W$15,ROW(AR91)-ROW(AR$15),0),15-13*ORÇAMENTO!$AF$11)),\n         0)","v":0},{"$f":"IF(AND($D91=\"Serviço\",AS$12<>0,$H91>0,OR(AUTOEVENTO<>\"manual\",$M91<>$A$15)),\n        IF(Import.TipoArredondamento<>\"TransfereGOV\",\n              ROUND(OFFSET($P91,0,AS$13),15-13*ORÇAMENTO!$AF$7)/$H91*OFFSET(ORÇAMENTO!$X$15,ROW(AS91)-ROW(AS$15),0),\n              ROUND(ROUND(OFFSET($P91,0,AS$13),15-13*ORÇAMENTO!$AF$7)*OFFSET(ORÇAMENTO!$W$15,ROW(AS91)-ROW(AS$15),0),15-13*ORÇAMENTO!$AF$11)),\n         0)","v":0},{"$f":"IF(AND($D91=\"Serviço\",AT$12<>0,$H91>0,OR(AUTOEVENTO<>\"manual\",$M91<>$A$15)),\n        IF(Import.TipoArredondamento<>\"TransfereGOV\",\n              ROUND(OFFSET($P91,0,AT$13),15-13*ORÇAMENTO!$AF$7)/$H91*OFFSET(ORÇAMENTO!$X$15,ROW(AT91)-ROW(AT$15),0),\n              ROUND(ROUND(OFFSET($P91,0,AT$13),15-13*ORÇAMENTO!$AF$7)*OFFSET(ORÇAMENTO!$W$15,ROW(AT91)-ROW(AT$15),0),15-13*ORÇAMENTO!$AF$11)),\n         0)","v":0},{"$f":"IF(AND($D91=\"Serviço\",AU$12<>0,$H91>0,OR(AUTOEVENTO<>\"manual\",$M91<>$A$15)),\n        IF(Import.TipoArredondamento<>\"TransfereGOV\",\n              ROUND(OFFSET($P91,0,AU$13),15-13*ORÇAMENTO!$AF$7)/$H91*OFFSET(ORÇAMENTO!$X$15,ROW(AU91)-ROW(AU$15),0),\n              ROUND(ROUND(OFFSET($P91,0,AU$13),15-13*ORÇAMENTO!$AF$7)*OFFSET(ORÇAMENTO!$W$15,ROW(AU91)-ROW(AU$15),0),15-13*ORÇAMENTO!$AF$11)),\n         0)","v":0},{"$f":"IF(AND($D91=\"Serviço\",AV$12<>0,$H91>0,OR(AUTOEVENTO<>\"manual\",$M91<>$A$15)),\n        IF(Import.TipoArredondamento<>\"TransfereGOV\",\n              ROUND(OFFSET($P91,0,AV$13),15-13*ORÇAMENTO!$AF$7)/$H91*OFFSET(ORÇAMENTO!$X$15,ROW(AV91)-ROW(AV$15),0),\n              ROUND(ROUND(OFFSET($P91,0,AV$13),15-13*ORÇAMENTO!$AF$7)*OFFSET(ORÇAMENTO!$W$15,ROW(AV91)-ROW(AV$15),0),15-13*ORÇAMENTO!$AF$11)),\n         0)","v":0},{"$f":"IF(AND($D91=\"Serviço\",AW$12<>0,$H91>0,OR(AUTOEVENTO<>\"manual\",$M91<>$A$15)),\n        IF(Import.TipoArredondamento<>\"TransfereGOV\",\n              ROUND(OFFSET($P91,0,AW$13),15-13*ORÇAMENTO!$AF$7)/$H91*OFFSET(ORÇAMENTO!$X$15,ROW(AW91)-ROW(AW$15),0),\n              ROUND(ROUND(OFFSET($P91,0,AW$13),15-13*ORÇAMENTO!$AF$7)*OFFSET(ORÇAMENTO!$W$15,ROW(AW91)-ROW(AW$15),0),15-13*ORÇAMENTO!$AF$11)),\n         0)","v":0},{"$f":"IF(AND($D91=\"Serviço\",AX$12<>0,$H91>0,OR(AUTOEVENTO<>\"manual\",$M91<>$A$15)),\n        IF(Import.TipoArredondamento<>\"TransfereGOV\",\n              ROUND(OFFSET($P91,0,AX$13),15-13*ORÇAMENTO!$AF$7)/$H91*OFFSET(ORÇAMENTO!$X$15,ROW(AX91)-ROW(AX$15),0),\n              ROUND(ROUND(OFFSET($P91,0,AX$13),15-13*ORÇAMENTO!$AF$7)*OFFSET(ORÇAMENTO!$W$15,ROW(AX91)-ROW(AX$15),0),15-13*ORÇAMENTO!$AF$11)),\n         0)","v":0},{"$f":"IF(AND($D91=\"Serviço\",AY$12<>0,$H91>0,OR(AUTOEVENTO<>\"manual\",$M91<>$A$15)),\n        IF(Import.TipoArredondamento<>\"TransfereGOV\",\n              ROUND(OFFSET($P91,0,AY$13),15-13*ORÇAMENTO!$AF$7)/$H91*OFFSET(ORÇAMENTO!$X$15,ROW(AY91)-ROW(AY$15),0),\n              ROUND(ROUND(OFFSET($P91,0,AY$13),15-13*ORÇAMENTO!$AF$7)*OFFSET(ORÇAMENTO!$W$15,ROW(AY91)-ROW(AY$15),0),15-13*ORÇAMENTO!$AF$11)),\n         0)","v":0},{"$f":"IF(AND($D91=\"Serviço\",AZ$12<>0,$H91>0,OR(AUTOEVENTO<>\"manual\",$M91<>$A$15)),\n        IF(Import.TipoArredondamento<>\"TransfereGOV\",\n              ROUND(OFFSET($P91,0,AZ$13),15-13*ORÇAMENTO!$AF$7)/$H91*OFFSET(ORÇAMENTO!$X$15,ROW(AZ91)-ROW(AZ$15),0),\n              ROUND(ROUND(OFFSET($P91,0,AZ$13),15-13*ORÇAMENTO!$AF$7)*OFFSET(ORÇAMENTO!$W$15,ROW(AZ91)-ROW(AZ$15),0),15-13*ORÇAMENTO!$AF$11)),\n         0)","v":0},{"$f":"IF(AND($D91=\"Serviço\",BA$12<>0,$H91>0,OR(AUTOEVENTO<>\"manual\",$M91<>$A$15)),\n        IF(Import.TipoArredondamento<>\"TransfereGOV\",\n              ROUND(OFFSET($P91,0,BA$13),15-13*ORÇAMENTO!$AF$7)/$H91*OFFSET(ORÇAMENTO!$X$15,ROW(BA91)-ROW(BA$15),0),\n              ROUND(ROUND(OFFSET($P91,0,BA$13),15-13*ORÇAMENTO!$AF$7)*OFFSET(ORÇAMENTO!$W$15,ROW(BA91)-ROW(BA$15),0),15-13*ORÇAMENTO!$AF$11)),\n         0)","v":0},null,{"$f":"IF(OR($D91<>\"Serviço\",AND(AUTOEVENTO=\"Manual\",$M91=$A$15)),0,\n         IF(OFFSET(CRONOPLE!$F$15,$M91-$A$15,BC$13)=\"\",10^12,OFFSET(CRONOPLE!$F$15,$M91-$A$15,BC$13)))","v":3},{"$f":"IF(OR($D91<>\"Serviço\",AND(AUTOEVENTO=\"Manual\",$M91=$A$15)),0,\n         IF(OFFSET(CRONOPLE!$F$15,$M91-$A$15,BD$13)=\"\",10^12,OFFSET(CRONOPLE!$F$15,$M91-$A$15,BD$13)))","v":2},{"$f":"IF(OR($D91<>\"Serviço\",AND(AUTOEVENTO=\"Manual\",$M91=$A$15)),0,\n         IF(OFFSET(CRONOPLE!$F$15,$M91-$A$15,BE$13)=\"\",10^12,OFFSET(CRONOPLE!$F$15,$M91-$A$15,BE$13)))","v":3},{"$f":"IF(OR($D91<>\"Serviço\",AND(AUTOEVENTO=\"Manual\",$M91=$A$15)),0,\n         IF(OFFSET(CRONOPLE!$F$15,$M91-$A$15,BF$13)=\"\",10^12,OFFSET(CRONOPLE!$F$15,$M91-$A$15,BF$13)))","v":1000000000000},{"$f":"IF(OR($D91<>\"Serviço\",AND(AUTOEVENTO=\"Manual\",$M91=$A$15)),0,\n         IF(OFFSET(CRONOPLE!$F$15,$M91-$A$15,BG$13)=\"\",10^12,OFFSET(CRONOPLE!$F$15,$M91-$A$15,BG$13)))","v":1000000000000},{"$f":"IF(OR($D91<>\"Serviço\",AND(AUTOEVENTO=\"Manual\",$M91=$A$15)),0,\n         IF(OFFSET(CRONOPLE!$F$15,$M91-$A$15,BH$13)=\"\",10^12,OFFSET(CRONOPLE!$F$15,$M91-$A$15,BH$13)))","v":1000000000000},{"$f":"IF(OR($D91<>\"Serviço\",AND(AUTOEVENTO=\"Manual\",$M91=$A$15)),0,\n         IF(OFFSET(CRONOPLE!$F$15,$M91-$A$15,BI$13)=\"\",10^12,OFFSET(CRONOPLE!$F$15,$M91-$A$15,BI$13)))","v":1000000000000},{"$f":"IF(OR($D91<>\"Serviço\",AND(AUTOEVENTO=\"Manual\",$M91=$A$15)),0,\n         IF(OFFSET(CRONOPLE!$F$15,$M91-$A$15,BJ$13)=\"\",10^12,OFFSET(CRONOPLE!$F$15,$M91-$A$15,BJ$13)))","v":1000000000000},{"$f":"IF(OR($D91<>\"Serviço\",AND(AUTOEVENTO=\"Manual\",$M91=$A$15)),0,\n         IF(OFFSET(CRONOPLE!$F$15,$M91-$A$15,BK$13)=\"\",10^12,OFFSET(CRONOPLE!$F$15,$M91-$A$15,BK$13)))","v":1000000000000},{"$f":"IF(OR($D91<>\"Serviço\",AND(AUTOEVENTO=\"Manual\",$M91=$A$15)),0,\n         IF(OFFSET(CRONOPLE!$F$15,$M91-$A$15,BL$13)=\"\",10^12,OFFSET(CRONOPLE!$F$15,$M91-$A$15,BL$13)))","v":1000000000000},{"$f":"IF(OR($D91<>\"Serviço\",AND(AUTOEVENTO=\"Manual\",$M91=$A$15)),0,\n         IF(OFFSET(CRONOPLE!$F$15,$M91-$A$15,BM$13)=\"\",10^12,OFFSET(CRONOPLE!$F$15,$M91-$A$15,BM$13)))","v":1000000000000},{"$f":"IF(OR($D91<>\"Serviço\",AND(AUTOEVENTO=\"Manual\",$M91=$A$15)),0,\n         IF(OFFSET(CRONOPLE!$F$15,$M91-$A$15,BN$13)=\"\",10^12,OFFSET(CRONOPLE!$F$15,$M91-$A$15,BN$13)))","v":1000000000000},{"$f":"IF(OR($D91<>\"Serviço\",AND(AUTOEVENTO=\"Manual\",$M91=$A$15)),0,\n         IF(OFFSET(CRONOPLE!$F$15,$M91-$A$15,BO$13)=\"\",10^12,OFFSET(CRONOPLE!$F$15,$M91-$A$15,BO$13)))","v":1000000000000},{"$f":"IF(OR($D91<>\"Serviço\",AND(AUTOEVENTO=\"Manual\",$M91=$A$15)),0,\n         IF(OFFSET(CRONOPLE!$F$15,$M91-$A$15,BP$13)=\"\",10^12,OFFSET(CRONOPLE!$F$15,$M91-$A$15,BP$13)))","v":1000000000000},{"$f":"IF(OR($D91<>\"Serviço\",AND(AUTOEVENTO=\"Manual\",$M91=$A$15)),0,\n         IF(OFFSET(CRONOPLE!$F$15,$M91-$A$15,BQ$13)=\"\",10^12,OFFSET(CRONOPLE!$F$15,$M91-$A$15,BQ$13)))","v":1000000000000},{"$f":"IF(OR($D91<>\"Serviço\",AND(AUTOEVENTO=\"Manual\",$M91=$A$15)),0,\n         IF(OFFSET(CRONOPLE!$F$15,$M91-$A$15,BR$13)=\"\",10^12,OFFSET(CRONOPLE!$F$15,$M91-$A$15,BR$13)))","v":1000000000000},{"$f":"IF(OR($D91<>\"Serviço\",AND(AUTOEVENTO=\"Manual\",$M91=$A$15)),0,\n         IF(OFFSET(CRONOPLE!$F$15,$M91-$A$15,BS$13)=\"\",10^12,OFFSET(CRONOPLE!$F$15,$M91-$A$15,BS$13)))","v":1000000000000},{"$f":"IF(OR($D91<>\"Serviço\",AND(AUTOEVENTO=\"Manual\",$M91=$A$15)),0,\n         IF(OFFSET(CRONOPLE!$F$15,$M91-$A$15,BT$13)=\"\",10^12,OFFSET(CRONOPLE!$F$15,$M91-$A$15,BT$13)))","v":1000000000000},null,{"$f":"IF(OR($D91<>\"Serviço\",AND(AUTOEVENTO=\"Manual\",$M91=$A$15),$M91>(ROW(PLE.lastrow)-ROW(PLE.firstrow))),0,\n           IF(OFFSET(PLE!$G$15,$M91-$A$15,BV$13)=\"\",10^12,OFFSET(PLE!$G$15,$M91-$A$15,BV$13)))","v":1000000000000},{"$f":"IF(OR($D91<>\"Serviço\",AND(AUTOEVENTO=\"Manual\",$M91=$A$15),$M91>(ROW(PLE.lastrow)-ROW(PLE.firstrow))),0,\n           IF(OFFSET(PLE!$G$15,$M91-$A$15,BW$13)=\"\",10^12,OFFSET(PLE!$G$15,$M91-$A$15,BW$13)))","v":1000000000000},{"$f":"IF(OR($D91<>\"Serviço\",AND(AUTOEVENTO=\"Manual\",$M91=$A$15),$M91>(ROW(PLE.lastrow)-ROW(PLE.firstrow))),0,\n           IF(OFFSET(PLE!$G$15,$M91-$A$15,BX$13)=\"\",10^12,OFFSET(PLE!$G$15,$M91-$A$15,BX$13)))","v":1000000000000},{"$f":"IF(OR($D91<>\"Serviço\",AND(AUTOEVENTO=\"Manual\",$M91=$A$15),$M91>(ROW(PLE.lastrow)-ROW(PLE.firstrow))),0,\n           IF(OFFSET(PLE!$G$15,$M91-$A$15,BY$13)=\"\",10^12,OFFSET(PLE!$G$15,$M91-$A$15,BY$13)))","v":1000000000000},{"$f":"IF(OR($D91<>\"Serviço\",AND(AUTOEVENTO=\"Manual\",$M91=$A$15),$M91>(ROW(PLE.lastrow)-ROW(PLE.firstrow))),0,\n           IF(OFFSET(PLE!$G$15,$M91-$A$15,BZ$13)=\"\",10^12,OFFSET(PLE!$G$15,$M91-$A$15,BZ$13)))","v":1000000000000},{"$f":"IF(OR($D91<>\"Serviço\",AND(AUTOEVENTO=\"Manual\",$M91=$A$15),$M91>(ROW(PLE.lastrow)-ROW(PLE.firstrow))),0,\n           IF(OFFSET(PLE!$G$15,$M91-$A$15,CA$13)=\"\",10^12,OFFSET(PLE!$G$15,$M91-$A$15,CA$13)))","v":1000000000000},{"$f":"IF(OR($D91<>\"Serviço\",AND(AUTOEVENTO=\"Manual\",$M91=$A$15),$M91>(ROW(PLE.lastrow)-ROW(PLE.firstrow))),0,\n           IF(OFFSET(PLE!$G$15,$M91-$A$15,CB$13)=\"\",10^12,OFFSET(PLE!$G$15,$M91-$A$15,CB$13)))","v":1000000000000},{"$f":"IF(OR($D91<>\"Serviço\",AND(AUTOEVENTO=\"Manual\",$M91=$A$15),$M91>(ROW(PLE.lastrow)-ROW(PLE.firstrow))),0,\n           IF(OFFSET(PLE!$G$15,$M91-$A$15,CC$13)=\"\",10^12,OFFSET(PLE!$G$15,$M91-$A$15,CC$13)))","v":1000000000000},{"$f":"IF(OR($D91<>\"Serviço\",AND(AUTOEVENTO=\"Manual\",$M91=$A$15),$M91>(ROW(PLE.lastrow)-ROW(PLE.firstrow))),0,\n           IF(OFFSET(PLE!$G$15,$M91-$A$15,CD$13)=\"\",10^12,OFFSET(PLE!$G$15,$M91-$A$15,CD$13)))","v":1000000000000},{"$f":"IF(OR($D91<>\"Serviço\",AND(AUTOEVENTO=\"Manual\",$M91=$A$15),$M91>(ROW(PLE.lastrow)-ROW(PLE.firstrow))),0,\n           IF(OFFSET(PLE!$G$15,$M91-$A$15,CE$13)=\"\",10^12,OFFSET(PLE!$G$15,$M91-$A$15,CE$13)))","v":1000000000000},{"$f":"IF(OR($D91<>\"Serviço\",AND(AUTOEVENTO=\"Manual\",$M91=$A$15),$M91>(ROW(PLE.lastrow)-ROW(PLE.firstrow))),0,\n           IF(OFFSET(PLE!$G$15,$M91-$A$15,CF$13)=\"\",10^12,OFFSET(PLE!$G$15,$M91-$A$15,CF$13)))","v":1000000000000},{"$f":"IF(OR($D91<>\"Serviço\",AND(AUTOEVENTO=\"Manual\",$M91=$A$15),$M91>(ROW(PLE.lastrow)-ROW(PLE.firstrow))),0,\n           IF(OFFSET(PLE!$G$15,$M91-$A$15,CG$13)=\"\",10^12,OFFSET(PLE!$G$15,$M91-$A$15,CG$13)))","v":1000000000000},{"$f":"IF(OR($D91<>\"Serviço\",AND(AUTOEVENTO=\"Manual\",$M91=$A$15),$M91>(ROW(PLE.lastrow)-ROW(PLE.firstrow))),0,\n           IF(OFFSET(PLE!$G$15,$M91-$A$15,CH$13)=\"\",10^12,OFFSET(PLE!$G$15,$M91-$A$15,CH$13)))","v":1000000000000},{"$f":"IF(OR($D91<>\"Serviço\",AND(AUTOEVENTO=\"Manual\",$M91=$A$15),$M91>(ROW(PLE.lastrow)-ROW(PLE.firstrow))),0,\n           IF(OFFSET(PLE!$G$15,$M91-$A$15,CI$13)=\"\",10^12,OFFSET(PLE!$G$15,$M91-$A$15,CI$13)))","v":1000000000000},{"$f":"IF(OR($D91<>\"Serviço\",AND(AUTOEVENTO=\"Manual\",$M91=$A$15),$M91>(ROW(PLE.lastrow)-ROW(PLE.firstrow))),0,\n           IF(OFFSET(PLE!$G$15,$M91-$A$15,CJ$13)=\"\",10^12,OFFSET(PLE!$G$15,$M91-$A$15,CJ$13)))","v":1000000000000},{"$f":"IF(OR($D91<>\"Serviço\",AND(AUTOEVENTO=\"Manual\",$M91=$A$15),$M91>(ROW(PLE.lastrow)-ROW(PLE.firstrow))),0,\n           IF(OFFSET(PLE!$G$15,$M91-$A$15,CK$13)=\"\",10^12,OFFSET(PLE!$G$15,$M91-$A$15,CK$13)))","v":1000000000000},{"$f":"IF(OR($D91<>\"Serviço\",AND(AUTOEVENTO=\"Manual\",$M91=$A$15),$M91>(ROW(PLE.lastrow)-ROW(PLE.firstrow))),0,\n           IF(OFFSET(PLE!$G$15,$M91-$A$15,CL$13)=\"\",10^12,OFFSET(PLE!$G$15,$M91-$A$15,CL$13)))","v":1000000000000},{"$f":"IF(OR($D91<>\"Serviço\",AND(AUTOEVENTO=\"Manual\",$M91=$A$15),$M91>(ROW(PLE.lastrow)-ROW(PLE.firstrow))),0,\n           IF(OFFSET(PLE!$G$15,$M91-$A$15,CM$13)=\"\",10^12,OFFSET(PLE!$G$15,$M91-$A$15,CM$13)))","v":1000000000000}]
[0,{"$f":"OFFSET(ORÇAMENTO!C$15,ROW(B92)-ROW(B$15),0)","v":2},{"$f":"OFFSET(ORÇAMENTO!L$15,ROW(C92)-ROW(C$15),0)","v":"F"},{"$f":"OFFSET(ORÇAMENTO!N$15,ROW(D92)-ROW(D$15),0)","v":"Nível 2"},{"$f":"OFFSET(ORÇAMENTO!O$15,ROW(E92)-ROW(E$15),0)","v":"1.11."},{"$f":"OFFSET(ORÇAMENTO!R$15,ROW(F92)-ROW(F$15),0)","v":"PASSEIO COM ACESSIBILIDADE"},{"$f":"IF($D92<>\"Serviço\",\"\",OFFSET(ORÇAMENTO!S$15,ROW(G92)-ROW(G$15),0))","v":""},{"$f":"IF($D92<>\"Serviço\",0,IF(ACOMPANHAMENTO=\"BM\",ROUND(OFFSET(ORÇAMENTO!AJ$15,ROW(H92)-ROW(H$15),0),15-13*ORÇAMENTO!$AF$7),SUMPRODUCT(($Q$1:$AI$1=1)*ROUND($Q92:$AI92,15-13*ORÇAMENTO!$AF$7))))","v":0},null,{"$f":"IF(B92<>\"S\",\"\",IF(AND(ACOMPANHAMENTO=\"PLE\",AUTOEVENTO=\"Manual\",OR(H92>0,ORÇAMENTO!AC92=\"QUANT.\"),OR(K92=\"\",M92=0,N92=\"\")),\"►\",IF(AND(ACOMPANHAMENTO=\"PLE\",ORÇAMENTO!AC92=\"QUANT.\"),\"►►\",IF(AND(COUNTIF($P$11:$AI$11,\"▼\")=0,H92>0,I92=\"\"),\"◄\",\"\"))))","v":""},null,".",{"$f":"IF($D92<>\"Serviço\",\"\",\n          IF(AUTOEVENTO=\"manual\",$A92,\n                IF(ISERROR(MATCH($A92,$A$15:OFFSET($A92,-1,0),0)),MAX($M$15:OFFSET(M92,-1,0))+1,\n                      INDEX($M$15:OFFSET(M92,-1,0),MATCH($A92,$A$15:OFFSET($A92,-1,0),0)))))","v":""},{"$f":"IF($D92<>\"Serviço\",\"\",\n         IF(AUTOEVENTO=\"Manual\",\n                IF($A92=0,\"<-- defina o número do agrupador\",\n                       OFFSET(EVENTOS!$D$15,$A92-$A$15,0)),\n                OFFSET($F$15,$A92,0)))","v":""},null,null,null,null,null,null,null,null,null,null,null,null,null,null,null,null,null,null,null,null,null,{"$f":"IF(AND($D92=\"Serviço\",AJ$12<>0,$H92>0,OR(AUTOEVENTO<>\"manual\",$M92<>$A$15)),\n        IF(Import.TipoArredondamento<>\"TransfereGOV\",\n              ROUND(OFFSET($P92,0,AJ$13),15-13*ORÇAMENTO!$AF$7)/$H92*OFFSET(ORÇAMENTO!$X$15,ROW(AJ92)-ROW(AJ$15),0),\n              ROUND(ROUND(OFFSET($P92,0,AJ$13),15-13*ORÇAMENTO!$AF$7)*OFFSET(ORÇAMENTO!$W$15,ROW(AJ92)-ROW(AJ$15),0),15-13*ORÇAMENTO!$AF$11)),\n         0)","v":0},{"$f":"IF(AND($D92=\"Serviço\",AK$12<>0,$H92>0,OR(AUTOEVENTO<>\"manual\",$M92<>$A$15)),\n        IF(Import.TipoArredondamento<>\"TransfereGOV\",\n              ROUND(OFFSET($P92,0,AK$13),15-13*ORÇAMENTO!$AF$7)/$H92*OFFSET(ORÇAMENTO!$X$15,ROW(AK92)-ROW(AK$15),0),\n              ROUND(ROUND(OFFSET($P92,0,AK$13),15-13*ORÇAMENTO!$AF$7)*OFFSET(ORÇAMENTO!$W$15,ROW(AK92)-ROW(AK$15),0),15-13*ORÇAMENTO!$AF$11)),\n         0)","v":0},{"$f":"IF(AND($D92=\"Serviço\",AL$12<>0,$H92>0,OR(AUTOEVENTO<>\"manual\",$M92<>$A$15)),\n        IF(Import.TipoArredondamento<>\"TransfereGOV\",\n              ROUND(OFFSET($P92,0,AL$13),15-13*ORÇAMENTO!$AF$7)/$H92*OFFSET(ORÇAMENTO!$X$15,ROW(AL92)-ROW(AL$15),0),\n              ROUND(ROUND(OFFSET($P92,0,AL$13),15-13*ORÇAMENTO!$AF$7)*OFFSET(ORÇAMENTO!$W$15,ROW(AL92)-ROW(AL$15),0),15-13*ORÇAMENTO!$AF$11)),\n         0)","v":0},{"$f":"IF(AND($D92=\"Serviço\",AM$12<>0,$H92>0,OR(AUTOEVENTO<>\"manual\",$M92<>$A$15)),\n        IF(Import.TipoArredondamento<>\"TransfereGOV\",\n              ROUND(OFFSET($P92,0,AM$13),15-13*ORÇAMENTO!$AF$7)/$H92*OFFSET(ORÇAMENTO!$X$15,ROW(AM92)-ROW(AM$15),0),\n              ROUND(ROUND(OFFSET($P92,0,AM$13),15-13*ORÇAMENTO!$AF$7)*OFFSET(ORÇAMENTO!$W$15,ROW(AM92)-ROW(AM$15),0),15-13*ORÇAMENTO!$AF$11)),\n         0)","v":0},{"$f":"IF(AND($D92=\"Serviço\",AN$12<>0,$H92>0,OR(AUTOEVENTO<>\"manual\",$M92<>$A$15)),\n        IF(Import.TipoArredondamento<>\"TransfereGOV\",\n              ROUND(OFFSET($P92,0,AN$13),15-13*ORÇAMENTO!$AF$7)/$H92*OFFSET(ORÇAMENTO!$X$15,ROW(AN92)-ROW(AN$15),0),\n              ROUND(ROUND(OFFSET($P92,0,AN$13),15-13*ORÇAMENTO!$AF$7)*OFFSET(ORÇAMENTO!$W$15,ROW(AN92)-ROW(AN$15),0),15-13*ORÇAMENTO!$AF$11)),\n         0)","v":0},{"$f":"IF(AND($D92=\"Serviço\",AO$12<>0,$H92>0,OR(AUTOEVENTO<>\"manual\",$M92<>$A$15)),\n        IF(Import.TipoArredondamento<>\"TransfereGOV\",\n              ROUND(OFFSET($P92,0,AO$13),15-13*ORÇAMENTO!$AF$7)/$H92*OFFSET(ORÇAMENTO!$X$15,ROW(AO92)-ROW(AO$15),0),\n              ROUND(ROUND(OFFSET($P92,0,AO$13),15-13*ORÇAMENTO!$AF$7)*OFFSET(ORÇAMENTO!$W$15,ROW(AO92)-ROW(AO$15),0),15-13*ORÇAMENTO!$AF$11)),\n         0)","v":0},{"$f":"IF(AND($D92=\"Serviço\",AP$12<>0,$H92>0,OR(AUTOEVENTO<>\"manual\",$M92<>$A$15)),\n        IF(Import.TipoArredondamento<>\"TransfereGOV\",\n              ROUND(OFFSET($P92,0,AP$13),15-13*ORÇAMENTO!$AF$7)/$H92*OFFSET(ORÇAMENTO!$X$15,ROW(AP92)-ROW(AP$15),0),\n              ROUND(ROUND(OFFSET($P92,0,AP$13),15-13*ORÇAMENTO!$AF$7)*OFFSET(ORÇAMENTO!$W$15,ROW(AP92)-ROW(AP$15),0),15-13*ORÇAMENTO!$AF$11)),\n         0)","v":0},{"$f":"IF(AND($D92=\"Serviço\",AQ$12<>0,$H92>0,OR(AUTOEVENTO<>\"manual\",$M92<>$A$15)),\n        IF(Import.TipoArredondamento<>\"TransfereGOV\",\n              ROUND(OFFSET($P92,0,AQ$13),15-13*ORÇAMENTO!$AF$7)/$H92*OFFSET(ORÇAMENTO!$X$15,ROW(AQ92)-ROW(AQ$15),0),\n              ROUND(ROUND(OFFSET($P92,0,AQ$13),15-13*ORÇAMENTO!$AF$7)*OFFSET(ORÇAMENTO!$W$15,ROW(AQ92)-ROW(AQ$15),0),15-13*ORÇAMENTO!$AF$11)),\n         0)","v":0},{"$f":"IF(AND($D92=\"Serviço\",AR$12<>0,$H92>0,OR(AUTOEVENTO<>\"manual\",$M92<>$A$15)),\n        IF(Import.TipoArredondamento<>\"TransfereGOV\",\n              ROUND(OFFSET($P92,0,AR$13),15-13*ORÇAMENTO!$AF$7)/$H92*OFFSET(ORÇAMENTO!$X$15,ROW(AR92)-ROW(AR$15),0),\n              ROUND(ROUND(OFFSET($P92,0,AR$13),15-13*ORÇAMENTO!$AF$7)*OFFSET(ORÇAMENTO!$W$15,ROW(AR92)-ROW(AR$15),0),15-13*ORÇAMENTO!$AF$11)),\n         0)","v":0},{"$f":"IF(AND($D92=\"Serviço\",AS$12<>0,$H92>0,OR(AUTOEVENTO<>\"manual\",$M92<>$A$15)),\n        IF(Import.TipoArredondamento<>\"TransfereGOV\",\n              ROUND(OFFSET($P92,0,AS$13),15-13*ORÇAMENTO!$AF$7)/$H92*OFFSET(ORÇAMENTO!$X$15,ROW(AS92)-ROW(AS$15),0),\n              ROUND(ROUND(OFFSET($P92,0,AS$13),15-13*ORÇAMENTO!$AF$7)*OFFSET(ORÇAMENTO!$W$15,ROW(AS92)-ROW(AS$15),0),15-13*ORÇAMENTO!$AF$11)),\n         0)","v":0},{"$f":"IF(AND($D92=\"Serviço\",AT$12<>0,$H92>0,OR(AUTOEVENTO<>\"manual\",$M92<>$A$15)),\n        IF(Import.TipoArredondamento<>\"TransfereGOV\",\n              ROUND(OFFSET($P92,0,AT$13),15-13*ORÇAMENTO!$AF$7)/$H92*OFFSET(ORÇAMENTO!$X$15,ROW(AT92)-ROW(AT$15),0),\n              ROUND(ROUND(OFFSET($P92,0,AT$13),15-13*ORÇAMENTO!$AF$7)*OFFSET(ORÇAMENTO!$W$15,ROW(AT92)-ROW(AT$15),0),15-13*ORÇAMENTO!$AF$11)),\n         0)","v":0},{"$f":"IF(AND($D92=\"Serviço\",AU$12<>0,$H92>0,OR(AUTOEVENTO<>\"manual\",$M92<>$A$15)),\n        IF(Import.TipoArredondamento<>\"TransfereGOV\",\n              ROUND(OFFSET($P92,0,AU$13),15-13*ORÇAMENTO!$AF$7)/$H92*OFFSET(ORÇAMENTO!$X$15,ROW(AU92)-ROW(AU$15),0),\n              ROUND(ROUND(OFFSET($P92,0,AU$13),15-13*ORÇAMENTO!$AF$7)*OFFSET(ORÇAMENTO!$W$15,ROW(AU92)-ROW(AU$15),0),15-13*ORÇAMENTO!$AF$11)),\n         0)","v":0},{"$f":"IF(AND($D92=\"Serviço\",AV$12<>0,$H92>0,OR(AUTOEVENTO<>\"manual\",$M92<>$A$15)),\n        IF(Import.TipoArredondamento<>\"TransfereGOV\",\n              ROUND(OFFSET($P92,0,AV$13),15-13*ORÇAMENTO!$AF$7)/$H92*OFFSET(ORÇAMENTO!$X$15,ROW(AV92)-ROW(AV$15),0),\n              ROUND(ROUND(OFFSET($P92,0,AV$13),15-13*ORÇAMENTO!$AF$7)*OFFSET(ORÇAMENTO!$W$15,ROW(AV92)-ROW(AV$15),0),15-13*ORÇAMENTO!$AF$11)),\n         0)","v":0},{"$f":"IF(AND($D92=\"Serviço\",AW$12<>0,$H92>0,OR(AUTOEVENTO<>\"manual\",$M92<>$A$15)),\n        IF(Import.TipoArredondamento<>\"TransfereGOV\",\n              ROUND(OFFSET($P92,0,AW$13),15-13*ORÇAMENTO!$AF$7)/$H92*OFFSET(ORÇAMENTO!$X$15,ROW(AW92)-ROW(AW$15),0),\n              ROUND(ROUND(OFFSET($P92,0,AW$13),15-13*ORÇAMENTO!$AF$7)*OFFSET(ORÇAMENTO!$W$15,ROW(AW92)-ROW(AW$15),0),15-13*ORÇAMENTO!$AF$11)),\n         0)","v":0},{"$f":"IF(AND($D92=\"Serviço\",AX$12<>0,$H92>0,OR(AUTOEVENTO<>\"manual\",$M92<>$A$15)),\n        IF(Import.TipoArredondamento<>\"TransfereGOV\",\n              ROUND(OFFSET($P92,0,AX$13),15-13*ORÇAMENTO!$AF$7)/$H92*OFFSET(ORÇAMENTO!$X$15,ROW(AX92)-ROW(AX$15),0),\n              ROUND(ROUND(OFFSET($P92,0,AX$13),15-13*ORÇAMENTO!$AF$7)*OFFSET(ORÇAMENTO!$W$15,ROW(AX92)-ROW(AX$15),0),15-13*ORÇAMENTO!$AF$11)),\n         0)","v":0},{"$f":"IF(AND($D92=\"Serviço\",AY$12<>0,$H92>0,OR(AUTOEVENTO<>\"manual\",$M92<>$A$15)),\n        IF(Import.TipoArredondamento<>\"TransfereGOV\",\n              ROUND(OFFSET($P92,0,AY$13),15-13*ORÇAMENTO!$AF$7)/$H92*OFFSET(ORÇAMENTO!$X$15,ROW(AY92)-ROW(AY$15),0),\n              ROUND(ROUND(OFFSET($P92,0,AY$13),15-13*ORÇAMENTO!$AF$7)*OFFSET(ORÇAMENTO!$W$15,ROW(AY92)-ROW(AY$15),0),15-13*ORÇAMENTO!$AF$11)),\n         0)","v":0},{"$f":"IF(AND($D92=\"Serviço\",AZ$12<>0,$H92>0,OR(AUTOEVENTO<>\"manual\",$M92<>$A$15)),\n        IF(Import.TipoArredondamento<>\"TransfereGOV\",\n              ROUND(OFFSET($P92,0,AZ$13),15-13*ORÇAMENTO!$AF$7)/$H92*OFFSET(ORÇAMENTO!$X$15,ROW(AZ92)-ROW(AZ$15),0),\n              ROUND(ROUND(OFFSET($P92,0,AZ$13),15-13*ORÇAMENTO!$AF$7)*OFFSET(ORÇAMENTO!$W$15,ROW(AZ92)-ROW(AZ$15),0),15-13*ORÇAMENTO!$AF$11)),\n         0)","v":0},{"$f":"IF(AND($D92=\"Serviço\",BA$12<>0,$H92>0,OR(AUTOEVENTO<>\"manual\",$M92<>$A$15)),\n        IF(Import.TipoArredondamento<>\"TransfereGOV\",\n              ROUND(OFFSET($P92,0,BA$13),15-13*ORÇAMENTO!$AF$7)/$H92*OFFSET(ORÇAMENTO!$X$15,ROW(BA92)-ROW(BA$15),0),\n              ROUND(ROUND(OFFSET($P92,0,BA$13),15-13*ORÇAMENTO!$AF$7)*OFFSET(ORÇAMENTO!$W$15,ROW(BA92)-ROW(BA$15),0),15-13*ORÇAMENTO!$AF$11)),\n         0)","v":0},null,{"$f":"IF(OR($D92<>\"Serviço\",AND(AUTOEVENTO=\"Manual\",$M92=$A$15)),0,\n         IF(OFFSET(CRONOPLE!$F$15,$M92-$A$15,BC$13)=\"\",10^12,OFFSET(CRONOPLE!$F$15,$M92-$A$15,BC$13)))","v":0},{"$f":"IF(OR($D92<>\"Serviço\",AND(AUTOEVENTO=\"Manual\",$M92=$A$15)),0,\n         IF(OFFSET(CRONOPLE!$F$15,$M92-$A$15,BD$13)=\"\",10^12,OFFSET(CRONOPLE!$F$15,$M92-$A$15,BD$13)))","v":0},{"$f":"IF(OR($D92<>\"Serviço\",AND(AUTOEVENTO=\"Manual\",$M92=$A$15)),0,\n         IF(OFFSET(CRONOPLE!$F$15,$M92-$A$15,BE$13)=\"\",10^12,OFFSET(CRONOPLE!$F$15,$M92-$A$15,BE$13)))","v":0},{"$f":"IF(OR($D92<>\"Serviço\",AND(AUTOEVENTO=\"Manual\",$M92=$A$15)),0,\n         IF(OFFSET(CRONOPLE!$F$15,$M92-$A$15,BF$13)=\"\",10^12,OFFSET(CRONOPLE!$F$15,$M92-$A$15,BF$13)))","v":0},{"$f":"IF(OR($D92<>\"Serviço\",AND(AUTOEVENTO=\"Manual\",$M92=$A$15)),0,\n         IF(OFFSET(CRONOPLE!$F$15,$M92-$A$15,BG$13)=\"\",10^12,OFFSET(CRONOPLE!$F$15,$M92-$A$15,BG$13)))","v":0},{"$f":"IF(OR($D92<>\"Serviço\",AND(AUTOEVENTO=\"Manual\",$M92=$A$15)),0,\n         IF(OFFSET(CRONOPLE!$F$15,$M92-$A$15,BH$13)=\"\",10^12,OFFSET(CRONOPLE!$F$15,$M92-$A$15,BH$13)))","v":0},{"$f":"IF(OR($D92<>\"Serviço\",AND(AUTOEVENTO=\"Manual\",$M92=$A$15)),0,\n         IF(OFFSET(CRONOPLE!$F$15,$M92-$A$15,BI$13)=\"\",10^12,OFFSET(CRONOPLE!$F$15,$M92-$A$15,BI$13)))","v":0},{"$f":"IF(OR($D92<>\"Serviço\",AND(AUTOEVENTO=\"Manual\",$M92=$A$15)),0,\n         IF(OFFSET(CRONOPLE!$F$15,$M92-$A$15,BJ$13)=\"\",10^12,OFFSET(CRONOPLE!$F$15,$M92-$A$15,BJ$13)))","v":0},{"$f":"IF(OR($D92<>\"Serviço\",AND(AUTOEVENTO=\"Manual\",$M92=$A$15)),0,\n         IF(OFFSET(CRONOPLE!$F$15,$M92-$A$15,BK$13)=\"\",10^12,OFFSET(CRONOPLE!$F$15,$M92-$A$15,BK$13)))","v":0},{"$f":"IF(OR($D92<>\"Serviço\",AND(AUTOEVENTO=\"Manual\",$M92=$A$15)),0,\n         IF(OFFSET(CRONOPLE!$F$15,$M92-$A$15,BL$13)=\"\",10^12,OFFSET(CRONOPLE!$F$15,$M92-$A$15,BL$13)))","v":0},{"$f":"IF(OR($D92<>\"Serviço\",AND(AUTOEVENTO=\"Manual\",$M92=$A$15)),0,\n         IF(OFFSET(CRONOPLE!$F$15,$M92-$A$15,BM$13)=\"\",10^12,OFFSET(CRONOPLE!$F$15,$M92-$A$15,BM$13)))","v":0},{"$f":"IF(OR($D92<>\"Serviço\",AND(AUTOEVENTO=\"Manual\",$M92=$A$15)),0,\n         IF(OFFSET(CRONOPLE!$F$15,$M92-$A$15,BN$13)=\"\",10^12,OFFSET(CRONOPLE!$F$15,$M92-$A$15,BN$13)))","v":0},{"$f":"IF(OR($D92<>\"Serviço\",AND(AUTOEVENTO=\"Manual\",$M92=$A$15)),0,\n         IF(OFFSET(CRONOPLE!$F$15,$M92-$A$15,BO$13)=\"\",10^12,OFFSET(CRONOPLE!$F$15,$M92-$A$15,BO$13)))","v":0},{"$f":"IF(OR($D92<>\"Serviço\",AND(AUTOEVENTO=\"Manual\",$M92=$A$15)),0,\n         IF(OFFSET(CRONOPLE!$F$15,$M92-$A$15,BP$13)=\"\",10^12,OFFSET(CRONOPLE!$F$15,$M92-$A$15,BP$13)))","v":0},{"$f":"IF(OR($D92<>\"Serviço\",AND(AUTOEVENTO=\"Manual\",$M92=$A$15)),0,\n         IF(OFFSET(CRONOPLE!$F$15,$M92-$A$15,BQ$13)=\"\",10^12,OFFSET(CRONOPLE!$F$15,$M92-$A$15,BQ$13)))","v":0},{"$f":"IF(OR($D92<>\"Serviço\",AND(AUTOEVENTO=\"Manual\",$M92=$A$15)),0,\n         IF(OFFSET(CRONOPLE!$F$15,$M92-$A$15,BR$13)=\"\",10^12,OFFSET(CRONOPLE!$F$15,$M92-$A$15,BR$13)))","v":0},{"$f":"IF(OR($D92<>\"Serviço\",AND(AUTOEVENTO=\"Manual\",$M92=$A$15)),0,\n         IF(OFFSET(CRONOPLE!$F$15,$M92-$A$15,BS$13)=\"\",10^12,OFFSET(CRONOPLE!$F$15,$M92-$A$15,BS$13)))","v":0},{"$f":"IF(OR($D92<>\"Serviço\",AND(AUTOEVENTO=\"Manual\",$M92=$A$15)),0,\n         IF(OFFSET(CRONOPLE!$F$15,$M92-$A$15,BT$13)=\"\",10^12,OFFSET(CRONOPLE!$F$15,$M92-$A$15,BT$13)))","v":0},null,{"$f":"IF(OR($D92<>\"Serviço\",AND(AUTOEVENTO=\"Manual\",$M92=$A$15),$M92>(ROW(PLE.lastrow)-ROW(PLE.firstrow))),0,\n           IF(OFFSET(PLE!$G$15,$M92-$A$15,BV$13)=\"\",10^12,OFFSET(PLE!$G$15,$M92-$A$15,BV$13)))","v":0},{"$f":"IF(OR($D92<>\"Serviço\",AND(AUTOEVENTO=\"Manual\",$M92=$A$15),$M92>(ROW(PLE.lastrow)-ROW(PLE.firstrow))),0,\n           IF(OFFSET(PLE!$G$15,$M92-$A$15,BW$13)=\"\",10^12,OFFSET(PLE!$G$15,$M92-$A$15,BW$13)))","v":0},{"$f":"IF(OR($D92<>\"Serviço\",AND(AUTOEVENTO=\"Manual\",$M92=$A$15),$M92>(ROW(PLE.lastrow)-ROW(PLE.firstrow))),0,\n           IF(OFFSET(PLE!$G$15,$M92-$A$15,BX$13)=\"\",10^12,OFFSET(PLE!$G$15,$M92-$A$15,BX$13)))","v":0},{"$f":"IF(OR($D92<>\"Serviço\",AND(AUTOEVENTO=\"Manual\",$M92=$A$15),$M92>(ROW(PLE.lastrow)-ROW(PLE.firstrow))),0,\n           IF(OFFSET(PLE!$G$15,$M92-$A$15,BY$13)=\"\",10^12,OFFSET(PLE!$G$15,$M92-$A$15,BY$13)))","v":0},{"$f":"IF(OR($D92<>\"Serviço\",AND(AUTOEVENTO=\"Manual\",$M92=$A$15),$M92>(ROW(PLE.lastrow)-ROW(PLE.firstrow))),0,\n           IF(OFFSET(PLE!$G$15,$M92-$A$15,BZ$13)=\"\",10^12,OFFSET(PLE!$G$15,$M92-$A$15,BZ$13)))","v":0},{"$f":"IF(OR($D92<>\"Serviço\",AND(AUTOEVENTO=\"Manual\",$M92=$A$15),$M92>(ROW(PLE.lastrow)-ROW(PLE.firstrow))),0,\n           IF(OFFSET(PLE!$G$15,$M92-$A$15,CA$13)=\"\",10^12,OFFSET(PLE!$G$15,$M92-$A$15,CA$13)))","v":0},{"$f":"IF(OR($D92<>\"Serviço\",AND(AUTOEVENTO=\"Manual\",$M92=$A$15),$M92>(ROW(PLE.lastrow)-ROW(PLE.firstrow))),0,\n           IF(OFFSET(PLE!$G$15,$M92-$A$15,CB$13)=\"\",10^12,OFFSET(PLE!$G$15,$M92-$A$15,CB$13)))","v":0},{"$f":"IF(OR($D92<>\"Serviço\",AND(AUTOEVENTO=\"Manual\",$M92=$A$15),$M92>(ROW(PLE.lastrow)-ROW(PLE.firstrow))),0,\n           IF(OFFSET(PLE!$G$15,$M92-$A$15,CC$13)=\"\",10^12,OFFSET(PLE!$G$15,$M92-$A$15,CC$13)))","v":0},{"$f":"IF(OR($D92<>\"Serviço\",AND(AUTOEVENTO=\"Manual\",$M92=$A$15),$M92>(ROW(PLE.lastrow)-ROW(PLE.firstrow))),0,\n           IF(OFFSET(PLE!$G$15,$M92-$A$15,CD$13)=\"\",10^12,OFFSET(PLE!$G$15,$M92-$A$15,CD$13)))","v":0},{"$f":"IF(OR($D92<>\"Serviço\",AND(AUTOEVENTO=\"Manual\",$M92=$A$15),$M92>(ROW(PLE.lastrow)-ROW(PLE.firstrow))),0,\n           IF(OFFSET(PLE!$G$15,$M92-$A$15,CE$13)=\"\",10^12,OFFSET(PLE!$G$15,$M92-$A$15,CE$13)))","v":0},{"$f":"IF(OR($D92<>\"Serviço\",AND(AUTOEVENTO=\"Manual\",$M92=$A$15),$M92>(ROW(PLE.lastrow)-ROW(PLE.firstrow))),0,\n           IF(OFFSET(PLE!$G$15,$M92-$A$15,CF$13)=\"\",10^12,OFFSET(PLE!$G$15,$M92-$A$15,CF$13)))","v":0},{"$f":"IF(OR($D92<>\"Serviço\",AND(AUTOEVENTO=\"Manual\",$M92=$A$15),$M92>(ROW(PLE.lastrow)-ROW(PLE.firstrow))),0,\n           IF(OFFSET(PLE!$G$15,$M92-$A$15,CG$13)=\"\",10^12,OFFSET(PLE!$G$15,$M92-$A$15,CG$13)))","v":0},{"$f":"IF(OR($D92<>\"Serviço\",AND(AUTOEVENTO=\"Manual\",$M92=$A$15),$M92>(ROW(PLE.lastrow)-ROW(PLE.firstrow))),0,\n           IF(OFFSET(PLE!$G$15,$M92-$A$15,CH$13)=\"\",10^12,OFFSET(PLE!$G$15,$M92-$A$15,CH$13)))","v":0},{"$f":"IF(OR($D92<>\"Serviço\",AND(AUTOEVENTO=\"Manual\",$M92=$A$15),$M92>(ROW(PLE.lastrow)-ROW(PLE.firstrow))),0,\n           IF(OFFSET(PLE!$G$15,$M92-$A$15,CI$13)=\"\",10^12,OFFSET(PLE!$G$15,$M92-$A$15,CI$13)))","v":0},{"$f":"IF(OR($D92<>\"Serviço\",AND(AUTOEVENTO=\"Manual\",$M92=$A$15),$M92>(ROW(PLE.lastrow)-ROW(PLE.firstrow))),0,\n           IF(OFFSET(PLE!$G$15,$M92-$A$15,CJ$13)=\"\",10^12,OFFSET(PLE!$G$15,$M92-$A$15,CJ$13)))","v":0},{"$f":"IF(OR($D92<>\"Serviço\",AND(AUTOEVENTO=\"Manual\",$M92=$A$15),$M92>(ROW(PLE.lastrow)-ROW(PLE.firstrow))),0,\n           IF(OFFSET(PLE!$G$15,$M92-$A$15,CK$13)=\"\",10^12,OFFSET(PLE!$G$15,$M92-$A$15,CK$13)))","v":0},{"$f":"IF(OR($D92<>\"Serviço\",AND(AUTOEVENTO=\"Manual\",$M92=$A$15),$M92>(ROW(PLE.lastrow)-ROW(PLE.firstrow))),0,\n           IF(OFFSET(PLE!$G$15,$M92-$A$15,CL$13)=\"\",10^12,OFFSET(PLE!$G$15,$M92-$A$15,CL$13)))","v":0},{"$f":"IF(OR($D92<>\"Serviço\",AND(AUTOEVENTO=\"Manual\",$M92=$A$15),$M92>(ROW(PLE.lastrow)-ROW(PLE.firstrow))),0,\n           IF(OFFSET(PLE!$G$15,$M92-$A$15,CM$13)=\"\",10^12,OFFSET(PLE!$G$15,$M92-$A$15,CM$13)))","v":0}]
[4,{"$f":"OFFSET(ORÇAMENTO!C$15,ROW(B93)-ROW(B$15),0)","v":"S"},{"$f":"OFFSET(ORÇAMENTO!L$15,ROW(C93)-ROW(C$15),0)","v":"F"},{"$f":"OFFSET(ORÇAMENTO!N$15,ROW(D93)-ROW(D$15),0)","v":"Serviço"},{"$f":"OFFSET(ORÇAMENTO!O$15,ROW(E93)-ROW(E$15),0)","v":"1.11.1."},{"$f":"OFFSET(ORÇAMENTO!R$15,ROW(F93)-ROW(F$15),0)","v":"EXECUÇÃO DE PASSEIO (CALÇADA) OU PISO DE CONCRETO COM CONCRETO MOLDADO IN LOCO, FEITO EM OBRA, ACABAMENTO CONVENCIONAL, NÃO ARMADO. AF_08/2022"},{"$f":"IF($D93<>\"Serviço\",\"\",OFFSET(ORÇAMENTO!S$15,ROW(G93)-ROW(G$15),0))","v":"M3"},{"$f":"IF($D93<>\"Serviço\",0,IF(ACOMPANHAMENTO=\"BM\",ROUND(OFFSET(ORÇAMENTO!AJ$15,ROW(H93)-ROW(H$15),0),15-13*ORÇAMENTO!$AF$7),SUMPRODUCT(($Q$1:$AI$1=1)*ROUND($Q93:$AI93,15-13*ORÇAMENTO!$AF$7))))","v":1.93},null,{"$f":"IF(B93<>\"S\",\"\",IF(AND(ACOMPANHAMENTO=\"PLE\",AUTOEVENTO=\"Manual\",OR(H93>0,ORÇAMENTO!AC93=\"QUANT.\"),OR(K93=\"\",M93=0,N93=\"\")),\"►\",IF(AND(ACOMPANHAMENTO=\"PLE\",ORÇAMENTO!AC93=\"QUANT.\"),\"►►\",IF(AND(COUNTIF($P$11:$AI$11,\"▼\")=0,H93>0,I93=\"\"),\"◄\",\"\"))))","v":"◄"},"4. PASSEIO COM ACESSIBILIDADE",".",{"$f":"IF($D93<>\"Serviço\",\"\",\n          IF(AUTOEVENTO=\"manual\",$A93,\n                IF(ISERROR(MATCH($A93,$A$15:OFFSET($A93,-1,0),0)),MAX($M$15:OFFSET(M93,-1,0))+1,\n                      INDEX($M$15:OFFSET(M93,-1,0),MATCH($A93,$A$15:OFFSET($A93,-1,0),0)))))","v":4},{"$f":"IF($D93<>\"Serviço\",\"\",\n         IF(AUTOEVENTO=\"Manual\",\n                IF($A93=0,\"<-- defina o número do agrupador\",\n                       OFFSET(EVENTOS!$D$15,$A93-$A$15,0)),\n                OFFSET($F$15,$A93,0)))","v":"PASSEIO COM ACESSIBILIDADE"},null,null,49.02,null,null,null,null,null,null,null,null,null,null,null,null,null,null,null,null,null,null,{"$f":"IF(AND($D93=\"Serviço\",AJ$12<>0,$H93>0,OR(AUTOEVENTO<>\"manual\",$M93<>$A$15)),\n        IF(Import.TipoArredondamento<>\"TransfereGOV\",\n              ROUND(OFFSET($P93,0,AJ$13),15-13*ORÇAMENTO!$AF$7)/$H93*OFFSET(ORÇAMENTO!$X$15,ROW(AJ93)-ROW(AJ$15),0),\n              ROUND(ROUND(OFFSET($P93,0,AJ$13),15-13*ORÇAMENTO!$AF$7)*OFFSET(ORÇAMENTO!$W$15,ROW(AJ93)-ROW(AJ$15),0),15-13*ORÇAMENTO!$AF$11)),\n         0)","v":0},{"$f":"IF(AND($D93=\"Serviço\",AK$12<>0,$H93>0,OR(AUTOEVENTO<>\"manual\",$M93<>$A$15)),\n        IF(Import.TipoArredondamento<>\"TransfereGOV\",\n              ROUND(OFFSET($P93,0,AK$13),15-13*ORÇAMENTO!$AF$7)/$H93*OFFSET(ORÇAMENTO!$X$15,ROW(AK93)-ROW(AK$15),0),\n              ROUND(ROUND(OFFSET($P93,0,AK$13),15-13*ORÇAMENTO!$AF$7)*OFFSET(ORÇAMENTO!$W$15,ROW(AK93)-ROW(AK$15),0),15-13*ORÇAMENTO!$AF$11)),\n         0)","v":0},{"$f":"IF(AND($D93=\"Serviço\",AL$12<>0,$H93>0,OR(AUTOEVENTO<>\"manual\",$M93<>$A$15)),\n        IF(Import.TipoArredondamento<>\"TransfereGOV\",\n              ROUND(OFFSET($P93,0,AL$13),15-13*ORÇAMENTO!$AF$7)/$H93*OFFSET(ORÇAMENTO!$X$15,ROW(AL93)-ROW(AL$15),0),\n              ROUND(ROUND(OFFSET($P93,0,AL$13),15-13*ORÇAMENTO!$AF$7)*OFFSET(ORÇAMENTO!$W$15,ROW(AL93)-ROW(AL$15),0),15-13*ORÇAMENTO!$AF$11)),\n         0)","v":0},{"$f":"IF(AND($D93=\"Serviço\",AM$12<>0,$H93>0,OR(AUTOEVENTO<>\"manual\",$M93<>$A$15)),\n        IF(Import.TipoArredondamento<>\"TransfereGOV\",\n              ROUND(OFFSET($P93,0,AM$13),15-13*ORÇAMENTO!$AF$7)/$H93*OFFSET(ORÇAMENTO!$X$15,ROW(AM93)-ROW(AM$15),0),\n              ROUND(ROUND(OFFSET($P93,0,AM$13),15-13*ORÇAMENTO!$AF$7)*OFFSET(ORÇAMENTO!$W$15,ROW(AM93)-ROW(AM$15),0),15-13*ORÇAMENTO!$AF$11)),\n         0)","v":0},{"$f":"IF(AND($D93=\"Serviço\",AN$12<>0,$H93>0,OR(AUTOEVENTO<>\"manual\",$M93<>$A$15)),\n        IF(Import.TipoArredondamento<>\"TransfereGOV\",\n              ROUND(OFFSET($P93,0,AN$13),15-13*ORÇAMENTO!$AF$7)/$H93*OFFSET(ORÇAMENTO!$X$15,ROW(AN93)-ROW(AN$15),0),\n              ROUND(ROUND(OFFSET($P93,0,AN$13),15-13*ORÇAMENTO!$AF$7)*OFFSET(ORÇAMENTO!$W$15,ROW(AN93)-ROW(AN$15),0),15-13*ORÇAMENTO!$AF$11)),\n         0)","v":0},{"$f":"IF(AND($D93=\"Serviço\",AO$12<>0,$H93>0,OR(AUTOEVENTO<>\"manual\",$M93<>$A$15)),\n        IF(Import.TipoArredondamento<>\"TransfereGOV\",\n              ROUND(OFFSET($P93,0,AO$13),15-13*ORÇAMENTO!$AF$7)/$H93*OFFSET(ORÇAMENTO!$X$15,ROW(AO93)-ROW(AO$15),0),\n              ROUND(ROUND(OFFSET($P93,0,AO$13),15-13*ORÇAMENTO!$AF$7)*OFFSET(ORÇAMENTO!$W$15,ROW(AO93)-ROW(AO$15),0),15-13*ORÇAMENTO!$AF$11)),\n         0)","v":0},{"$f":"IF(AND($D93=\"Serviço\",AP$12<>0,$H93>0,OR(AUTOEVENTO<>\"manual\",$M93<>$A$15)),\n        IF(Import.TipoArredondamento<>\"TransfereGOV\",\n              ROUND(OFFSET($P93,0,AP$13),15-13*ORÇAMENTO!$AF$7)/$H93*OFFSET(ORÇAMENTO!$X$15,ROW(AP93)-ROW(AP$15),0),\n              ROUND(ROUND(OFFSET($P93,0,AP$13),15-13*ORÇAMENTO!$AF$7)*OFFSET(ORÇAMENTO!$W$15,ROW(AP93)-ROW(AP$15),0),15-13*ORÇAMENTO!$AF$11)),\n         0)","v":0},{"$f":"IF(AND($D93=\"Serviço\",AQ$12<>0,$H93>0,OR(AUTOEVENTO<>\"manual\",$M93<>$A$15)),\n        IF(Import.TipoArredondamento<>\"TransfereGOV\",\n              ROUND(OFFSET($P93,0,AQ$13),15-13*ORÇAMENTO!$AF$7)/$H93*OFFSET(ORÇAMENTO!$X$15,ROW(AQ93)-ROW(AQ$15),0),\n              ROUND(ROUND(OFFSET($P93,0,AQ$13),15-13*ORÇAMENTO!$AF$7)*OFFSET(ORÇAMENTO!$W$15,ROW(AQ93)-ROW(AQ$15),0),15-13*ORÇAMENTO!$AF$11)),\n         0)","v":0},{"$f":"IF(AND($D93=\"Serviço\",AR$12<>0,$H93>0,OR(AUTOEVENTO<>\"manual\",$M93<>$A$15)),\n        IF(Import.TipoArredondamento<>\"TransfereGOV\",\n              ROUND(OFFSET($P93,0,AR$13),15-13*ORÇAMENTO!$AF$7)/$H93*OFFSET(ORÇAMENTO!$X$15,ROW(AR93)-ROW(AR$15),0),\n              ROUND(ROUND(OFFSET($P93,0,AR$13),15-13*ORÇAMENTO!$AF$7)*OFFSET(ORÇAMENTO!$W$15,ROW(AR93)-ROW(AR$15),0),15-13*ORÇAMENTO!$AF$11)),\n         0)","v":0},{"$f":"IF(AND($D93=\"Serviço\",AS$12<>0,$H93>0,OR(AUTOEVENTO<>\"manual\",$M93<>$A$15)),\n        IF(Import.TipoArredondamento<>\"TransfereGOV\",\n              ROUND(OFFSET($P93,0,AS$13),15-13*ORÇAMENTO!$AF$7)/$H93*OFFSET(ORÇAMENTO!$X$15,ROW(AS93)-ROW(AS$15),0),\n              ROUND(ROUND(OFFSET($P93,0,AS$13),15-13*ORÇAMENTO!$AF$7)*OFFSET(ORÇAMENTO!$W$15,ROW(AS93)-ROW(AS$15),0),15-13*ORÇAMENTO!$AF$11)),\n         0)","v":0},{"$f":"IF(AND($D93=\"Serviço\",AT$12<>0,$H93>0,OR(AUTOEVENTO<>\"manual\",$M93<>$A$15)),\n        IF(Import.TipoArredondamento<>\"TransfereGOV\",\n              ROUND(OFFSET($P93,0,AT$13),15-13*ORÇAMENTO!$AF$7)/$H93*OFFSET(ORÇAMENTO!$X$15,ROW(AT93)-ROW(AT$15),0),\n              ROUND(ROUND(OFFSET($P93,0,AT$13),15-13*ORÇAMENTO!$AF$7)*OFFSET(ORÇAMENTO!$W$15,ROW(AT93)-ROW(AT$15),0),15-13*ORÇAMENTO!$AF$11)),\n         0)","v":0},{"$f":"IF(AND($D93=\"Serviço\",AU$12<>0,$H93>0,OR(AUTOEVENTO<>\"manual\",$M93<>$A$15)),\n        IF(Import.TipoArredondamento<>\"TransfereGOV\",\n              ROUND(OFFSET($P93,0,AU$13),15-13*ORÇAMENTO!$AF$7)/$H93*OFFSET(ORÇAMENTO!$X$15,ROW(AU93)-ROW(AU$15),0),\n              ROUND(ROUND(OFFSET($P93,0,AU$13),15-13*ORÇAMENTO!$AF$7)*OFFSET(ORÇAMENTO!$W$15,ROW(AU93)-ROW(AU$15),0),15-13*ORÇAMENTO!$AF$11)),\n         0)","v":0},{"$f":"IF(AND($D93=\"Serviço\",AV$12<>0,$H93>0,OR(AUTOEVENTO<>\"manual\",$M93<>$A$15)),\n        IF(Import.TipoArredondamento<>\"TransfereGOV\",\n              ROUND(OFFSET($P93,0,AV$13),15-13*ORÇAMENTO!$AF$7)/$H93*OFFSET(ORÇAMENTO!$X$15,ROW(AV93)-ROW(AV$15),0),\n              ROUND(ROUND(OFFSET($P93,0,AV$13),15-13*ORÇAMENTO!$AF$7)*OFFSET(ORÇAMENTO!$W$15,ROW(AV93)-ROW(AV$15),0),15-13*ORÇAMENTO!$AF$11)),\n         0)","v":0},{"$f":"IF(AND($D93=\"Serviço\",AW$12<>0,$H93>0,OR(AUTOEVENTO<>\"manual\",$M93<>$A$15)),\n        IF(Import.TipoArredondamento<>\"TransfereGOV\",\n              ROUND(OFFSET($P93,0,AW$13),15-13*ORÇAMENTO!$AF$7)/$H93*OFFSET(ORÇAMENTO!$X$15,ROW(AW93)-ROW(AW$15),0),\n              ROUND(ROUND(OFFSET($P93,0,AW$13),15-13*ORÇAMENTO!$AF$7)*OFFSET(ORÇAMENTO!$W$15,ROW(AW93)-ROW(AW$15),0),15-13*ORÇAMENTO!$AF$11)),\n         0)","v":0},{"$f":"IF(AND($D93=\"Serviço\",AX$12<>0,$H93>0,OR(AUTOEVENTO<>\"manual\",$M93<>$A$15)),\n        IF(Import.TipoArredondamento<>\"TransfereGOV\",\n              ROUND(OFFSET($P93,0,AX$13),15-13*ORÇAMENTO!$AF$7)/$H93*OFFSET(ORÇAMENTO!$X$15,ROW(AX93)-ROW(AX$15),0),\n              ROUND(ROUND(OFFSET($P93,0,AX$13),15-13*ORÇAMENTO!$AF$7)*OFFSET(ORÇAMENTO!$W$15,ROW(AX93)-ROW(AX$15),0),15-13*ORÇAMENTO!$AF$11)),\n         0)","v":0},{"$f":"IF(AND($D93=\"Serviço\",AY$12<>0,$H93>0,OR(AUTOEVENTO<>\"manual\",$M93<>$A$15)),\n        IF(Import.TipoArredondamento<>\"TransfereGOV\",\n              ROUND(OFFSET($P93,0,AY$13),15-13*ORÇAMENTO!$AF$7)/$H93*OFFSET(ORÇAMENTO!$X$15,ROW(AY93)-ROW(AY$15),0),\n              ROUND(ROUND(OFFSET($P93,0,AY$13),15-13*ORÇAMENTO!$AF$7)*OFFSET(ORÇAMENTO!$W$15,ROW(AY93)-ROW(AY$15),0),15-13*ORÇAMENTO!$AF$11)),\n         0)","v":0},{"$f":"IF(AND($D93=\"Serviço\",AZ$12<>0,$H93>0,OR(AUTOEVENTO<>\"manual\",$M93<>$A$15)),\n        IF(Import.TipoArredondamento<>\"TransfereGOV\",\n              ROUND(OFFSET($P93,0,AZ$13),15-13*ORÇAMENTO!$AF$7)/$H93*OFFSET(ORÇAMENTO!$X$15,ROW(AZ93)-ROW(AZ$15),0),\n              ROUND(ROUND(OFFSET($P93,0,AZ$13),15-13*ORÇAMENTO!$AF$7)*OFFSET(ORÇAMENTO!$W$15,ROW(AZ93)-ROW(AZ$15),0),15-13*ORÇAMENTO!$AF$11)),\n         0)","v":0},{"$f":"IF(AND($D93=\"Serviço\",BA$12<>0,$H93>0,OR(AUTOEVENTO<>\"manual\",$M93<>$A$15)),\n        IF(Import.TipoArredondamento<>\"TransfereGOV\",\n              ROUND(OFFSET($P93,0,BA$13),15-13*ORÇAMENTO!$AF$7)/$H93*OFFSET(ORÇAMENTO!$X$15,ROW(BA93)-ROW(BA$15),0),\n              ROUND(ROUND(OFFSET($P93,0,BA$13),15-13*ORÇAMENTO!$AF$7)*OFFSET(ORÇAMENTO!$W$15,ROW(BA93)-ROW(BA$15),0),15-13*ORÇAMENTO!$AF$11)),\n         0)","v":0},null,{"$f":"IF(OR($D93<>\"Serviço\",AND(AUTOEVENTO=\"Manual\",$M93=$A$15)),0,\n         IF(OFFSET(CRONOPLE!$F$15,$M93-$A$15,BC$13)=\"\",10^12,OFFSET(CRONOPLE!$F$15,$M93-$A$15,BC$13)))","v":5},{"$f":"IF(OR($D93<>\"Serviço\",AND(AUTOEVENTO=\"Manual\",$M93=$A$15)),0,\n         IF(